{"text_format":"1","workbook":"xlsx","n_sheets":18,"sheets":["NOVO","MENU","DADOS","BDI","ORÇAMENTO","EVENTOS","CÁLCULO","CRONOPLE","CRONO","QCI","PLE","BM","RRE","OFÍCIO","PO-PLE","CFF-PLE","PO-BM","CFF-BM"],"not_rendered":{"charts":0,"images":2,"macros":1,"external_links":0,"defined_names":360,"comments":7,"pivot_tables":0},"unopened":[],"bounds":{"document_bytes":16777216,"sheet_cells":100000,"rows_first":2000,"rows_last":500,"rows_between":2000,"halvings":0,"cell_chars":16384,"cell_head_chars":4096},"cells_cut":0,"cells_raw":0,"read":"whole","date_system":"1900"}

{"sheet":"NOVO","index":0,"n_rows":192,"n_cols":4,"rows_kept":192,"cut":false,"hidden":false,"merged":[]}
[]
[]
[null,"Novidades da Versão"]
[]
[]
["V3.00"]
[null,"GERAL"]
[null,null,{"$f":"IF(D8<>\"\",\"▪\",\"\")","v":"▪"},"Lançamento: Adequação à Portaria 424/2016. Acompanhamento por Eventos."]
[null,null,{"$f":"IF(D9<>\"\",\"▪\",\"\")","v":""}]
["V3.01"]
[null,"GERAL"]
[null,null,{"$f":"IF(D12<>\"\",\"▪\",\"\")","v":"▪"},"Ajustes de formatações."]
[null,"PO"]
[null,null,{"$f":"IF(D14<>\"\",\"▪\",\"\")","v":"▪"},"Correção da aplicação do BDI não desonerado."]
[null,null,{"$f":"IF(D15<>\"\",\"▪\",\"\")","v":"▪"},"Inclusão de coluna exclusiva \"Preço Unitário Edital\", para o Modo 'Orçamento Licitado'."]
[]
["V3.02"]
[null,"GERAL"]
[null,null,{"$f":"IF(D19<>\"\",\"▪\",\"\")","v":"▪"},"Ajustes de formatações."]
[null,null,{"$f":"IF(D20<>\"\",\"▪\",\"\")","v":"▪"},"Correção do Problema de Guias ocultas no BROFFICE."]
[null,"ORÇAMENTO"]
[null,null,{"$f":"IF(D22<>\"\",\"▪\",\"\")","v":"▪"},"Ampliada obtenção de dados da Planilha Referência de 20.000 para 65.536 linhas."]
[null,"CRONOGRAMA"]
[null,null,{"$f":"IF(D24<>\"\",\"▪\",\"\")","v":"▪"},"Correção na formulação do total acumulado por Repasse, CP e Outros"]
[null,"QCI"]
[null,null,{"$f":"IF(D26<>\"\",\"▪\",\"\")","v":"▪"},"Correção na formulação do arredondamento no rateio dos valores do QCI."]
[null,"RRE"]
[null,null,{"$f":"IF(D28<>\"\",\"▪\",\"\")","v":"▪"},"Correção na formulação do total por Repasse, CP e Outros."]
[]
["V3.03"]
[null,"GERAL"]
[null,null,{"$f":"IF(D32<>\"\",\"▪\",\"\")","v":"▪"},"Correção do Problema de Guias ocultas no BROFFICE."]
[null,"CÁLCULO"]
[null,null,{"$f":"IF(D34<>\"\",\"▪\",\"\")","v":"▪"},"Corrigida lentidão e travamento ao incluir e excluir frentes."]
[]
[]
["V3.04"]
[null,"BDI"]
[null,null,{"$f":"IF(D39<>\"\",\"▪\",\"\")","v":"▪"},"Correção da CPRB que exibia 4,5% mesmo quando não desonerado."]
[null,"CRONOGRAMA"]
[null,null,{"$f":"IF(D41<>\"\",\"▪\",\"\")","v":"▪"},"Correção da distribuição de Repasse, CP e Outros para as metas manuais."]
[null,"QCI"]
[null,null,{"$f":"IF(D43<>\"\",\"▪\",\"\")","v":"▪"},"Adicionado botão para adotar a CP do QCI como CP do contrato (zera saldo a reprogramar de CP)."]
[]
["V3.05"]
[null,"GERAL"]
[null,null,{"$f":"IF(D47<>\"\",\"▪\",\"\")","v":"▪"},"Corrigido modo de Cálculo da Planilha para Automático."]
[]
["V3.06"]
[null,"GERAL"]
[null,null,{"$f":"IF(D51<>\"\",\"▪\",\"\")","v":"▪"},"Adicionado modo de arredondamento para compatibilidade com o TransfereGOV, altera na aba DADOS"]
[null,null,{"$f":"IF(D52<>\"\",\"▪\",\"\")","v":"▪"},"A planilha passará a ser disponibilizada com o formato .xlsm. Deve ser usado arquivo referência 1.9 ou superior, também no formato .xlsm"]
[]
["V3.07"]
[null,"GERAL"]
[null,null,{"$f":"IF(D56<>\"\",\"▪\",\"\")","v":"▪"},"Alterada a posição da aba NOVO para antes da aba MENU."]
[null,null,{"$f":"IF(D57<>\"\",\"▪\",\"\")","v":"▪"},"Alterada a posição da aba CÁLCULO para depois da aba EVENTOS. Pois, no caso de acompanhamento por PLE, a lista supensa na coluna \"Nº  Agrupador de Eventos\" na aba CÁLCULO depende do preenchimento prévio da aba EVENTOS."]
[null,null,"▪","Alterada a posição da aba CRONO para depois da aba CRONOPLE. Pois, no caso de acompanhamento por PLE, a aba CRONO tem o preenchimento automático a partir da aba CRONOPLE."]
[null,null,"▪","Alterada a posição da aba PLE para depois da aba QCI. Com a finalidade de deixar agrupadas todas as abas de acompanhamento (PLE, BM, RRE, OFÍCIO)."]
[null,null,"▪","Acrescentados botões de navegação (cor azul claro) em várias abas. Em relação a esses botões, também foram ajustados os links, nomes e formatação."]
[null,null,"▪","Criada macro para exibir apenas as abas pertinentes (exemplo: caso o acompanhamento seja por PLE, a aba BM fica oculta)."]
[null,null,"▪","Ajuste na macro para correção automática do Nº AGRUPADOR DE EVENTOS na aba CÁLCULO, quando se ADCIONAR ou EXCLUIR LINHAS na aba EVENTOS."]
[null,"MENU"]
[null,null,{"$f":"IF(D64<>\"\",\"▪\",\"\")","v":"▪"},"Acrescentado o botão \"IMPORTAR DE OUTROS MODELOS CAIXA\": PO (MO27476); PLE (MO27477); e QCI (MO41211)."]
[null,null,{"$f":"IF(D65<>\"\",\"▪\",\"\")","v":"▪"},"Acrescentado o botão de seleção \"Importar Fórmulas para o Custo Unitário (aba ORÇAMENTO)\". "]
[null,null,null,"Caso selecionada, será importada a fórmula (se houver) do custo unitário; Caso desmarcada, será importado somente o valor."]
[null,null,{"$f":"IF(D67<>\"\",\"▪\",\"\")","v":"▪"},"Acrescentado o botão de seleção \"Importar Fórmulas para as Quantidades da PLQ (aba CÁLCULO)\". "]
[null,null,null,"Caso selecionada, será importada a fórmula (se houver) do quantitativo; Caso desmarcada, será importado somente o valor."]
[null,null,{"$f":"IF(D69<>\"\",\"▪\",\"\")","v":"▪"},"Atualizada a macro de Importação para incluir a importar da coluna \"Nº Agrupador de Eventos\" da aba CÁLCULO."]
[null,null,{"$f":"IF(D70<>\"\",\"▪\",\"\")","v":"▪"},"Atualizada a macro de Imprimir Documentos (para englobar as abas EVENTOS e CRONOPLE)."]
[null,"BDI"]
[null,null,{"$f":"IF(D72<>\"\",\"▪\",\"\")","v":"▪"},"Ajuste automático do valor da CPRB em função da data base do orçamento (para atendimento do Art. 9-A da Lei 12.546 de 14/12/2011)."]
[null,"EVENTOS"]
[null,null,{"$f":"IF(D74<>\"\",\"▪\",\"\")","v":"▪"},"Acrescentados os dados de identificação do Contrato de Repasse."]
[null,null,{"$f":"IF(D75<>\"\",\"▪\",\"\")","v":"▪"},"Acrescentadas as colunas dos totais dos Eventos por Frentes de Obra."]
[null,null,{"$f":"IF(D76<>\"\",\"▪\",\"\")","v":"▪"},"Acrescentados os dados de Local, Data e Responsável Técnico."]
[null,null,{"$f":"IF(D77<>\"\",\"▪\",\"\")","v":"▪"},"Acrescentado FILTRO para exibir apenas as linhas preenchidas."]
[null,"CRONOPLE"]
[null,null,{"$f":"IF(D79<>\"\",\"▪\",\"\")","v":"▪"},"Acrescentados os dados de identificação do Contrato de Repasse."]
[null,null,{"$f":"IF(D80<>\"\",\"▪\",\"\")","v":"▪"},"Acrescentado o quadro \"Cronograma\" com percentual e valor da parcela e percentual e valor acumulado."]
[null,null,{"$f":"IF(D81<>\"\",\"▪\",\"\")","v":"▪"},"Acrescentados os dados de Local, Data e Responsável Técnico."]
[null,null,{"$f":"IF(D82<>\"\",\"▪\",\"\")","v":"▪"},"Acrescentado FILTRO para exibir apenas as linhas preenchidas."]
[null,"RRE"]
[null,null,{"$f":"IF(D84<>\"\",\"▪\",\"\")","v":"▪"},"Correção na fórmula da data, para replicar a “Data de fechamento do RRE” na aba DADOS."]
[null,"OFÍCIO"]
[null,null,{"$f":"IF(D86<>\"\",\"▪\",\"\")","v":"▪"},"Exclusão do quadro \"Resumo de Valores por CTEF\"."]
[]
["V3.08"]
[null,"GERAL"]
[null,null,{"$f":"IF(D90<>\"\",\"▪\",\"\")","v":"▪"},"Incluídos alertas de erro de preenchimento em todas as abas."]
[null,"MENU"]
[null,null,{"$f":"IF(D92<>\"\",\"▪\",\"\")","v":"▪"},"Incluído botão de macro para gerar arquivo (em xlsx) para upload da PO e CFF no TransfereGOV."]
[null,null,{"$f":"IF(D93<>\"\",\"▪\",\"\")","v":"▪"},"Ajustada a macro \"Importar de outra Planilha Múltipla\" para importar o Cronograma da aba CRONO. Também foram incluídas as importações dos campos: Data do preenchimento (DADOS), Data de fechamento do RRE (DADOS); nº da 1ª Parcela do Cronograma (CRONO), mês da 1ª Parcela do Cronograma (CRONO), nº da Medição (BM) e nº da Medição (PLE)."]
[null,null,{"$f":"IF(D94<>\"\",\"▪\",\"\")","v":"▪"},"Incluída a informação do progresso na macro \"Importar de outra Planilha Múltipla\", por meio de uma barra de progresso (janela que será exibida na tela) e da indicação das etapas de importação na barra de status do Excel (canto inferior esquerdo da janela do Excel)."]
[null,"BDI"]
[null,null,{"$f":"IF(D96<>\"\",\"▪\",\"\")","v":"▪"},"Incluídos botões de navegação para os formulários de BDI (BDI 1, BDI 2, BDI 3)."]
[null,"ORÇAMENTO"]
[null,null,{"$f":"IF(D98<>\"\",\"▪\",\"\")","v":"▪"},"Incluído botão de macro para padronizar as siglas de unidades, conforme lista de siglas válidas no TransfereGOV."]
[null,"EVENTOS"]
[null,null,{"$f":"IF(D100<>\"\",\"▪\",\"\")","v":"▪"},"O Título de Evento \"Administração Local\" com preenchimento automático proporcional agora é exibido apenas no modo Arredondamento de Frentes \"Tradicional\" e para a opção Agrupadores de Eventos \"Definir Manualmente\"."]
[null,null,{"$f":"IF(D101<>\"\",\"▪\",\"\")","v":"▪"},"Não é mais possível deixar Eventos em branco (sem nome ou sem valor)."]
[null,"CÁLCULO"]
[null,null,{"$f":"IF(D103<>\"\",\"▪\",\"\")","v":"▪"},"Não é mais possível deixar Frentes de Obra em branco (sem nome ou sem quantidades)."]
[null,"CRONOPLE"]
[null,null,{"$f":"IF(D105<>\"\",\"▪\",\"\")","v":"▪"},"Incluído campo para selecionar o Título do Evento referente à Administração Local (acompanhamento por PLE)."]
[null,null,{"$f":"IF(D106<>\"\",\"▪\",\"\")","v":"▪"},"Incluída linha com o percentual acumulado da Administração Local em cada período."]
[null,"CRONO"]
[null,null,{"$f":"IF(D108<>\"\",\"▪\",\"\")","v":"▪"},"Ajustada a fórmula do % acumulado a partir da parcela 13 (para manter o padrão da fórmula das parcelas 1 a 12)."]
[null,null,{"$f":"IF(D109<>\"\",\"▪\",\"\")","v":"▪"},"Incluído campo para selecionar o Macrosserviço referente à Administração Local (acompanhamento por BM)."]
[null,null,{"$f":"IF(D110<>\"\",\"▪\",\"\")","v":"▪"},"Incluída linha com o percentual acumulado da Administração Local em cada parcela."]
[null,"RRE"]
[null,null,{"$f":"IF(D112<>\"\",\"▪\",\"\")","v":"▪"},"Corrigida a fórmula do % no quadro \"Percentual previsto em:\". Que estava limitada a buscar o % previsto até a parcela 12."]
[null,"PLE"]
[null,null,{"$f":"IF(D114<>\"\",\"▪\",\"\")","v":"▪"},"Incluída linha com o percentual acumulado da Administração Local em cada medição."]
[null,"BM"]
[null,null,{"$f":"IF(D116<>\"\",\"▪\",\"\")","v":"▪"},"Incluído campo com o percentual medido acumulado da Administração Local."]
[]
["V3.09"]
[null,"MENU"]
[null,null,{"$f":"IF(D120<>\"\",\"▪\",\"\")","v":"▪"},"Atualizada a macro \"Gerar arquivo para upload no TransfereGOV\" para ajustar os códigos de composições SINAPI (acrescentar zeros a esquerda até completar dez dígitos) para Data base igual ou superior a JAN/2025."]
[null,"ORÇAMENTO"]
[null,null,{"$f":"IF(D122<>\"\",\"▪\",\"\")","v":"▪"},"Acrescentada formatação condicional na coluna \"Descrição\" para exibir os textos de alerta de erro, textos que começam com \"(\", na cor vermelha."]
[null,"BDI"]
[null,null,{"$f":"IF(D124<>\"\",\"▪\",\"\")","v":"▪"},"Corrigida a macro dos botões de navegação para os formulários do BDI."]
[]
["V3.10"]
[null,"GERAL"]
[null,null,{"$f":"IF(D128<>\"\",\"▪\",\"\")","v":"▪"},"Corrigidas as fórmulas da v3.08 / v3.09 que eram incompatíveis com as versões do Excel anteriores ao Office 365."]
[]
["V3.11"]
[null,"MENU"]
[null,null,{"$f":"IF(D132<>\"\",\"▪\",\"\")","v":"▪"},"Ajuste na macro \"Importar de outra Planilha Múltipla\" para tratar o erro \"tipos incompatíveis\"."]
[null,null,{"$f":"IF(D133<>\"\",\"▪\",\"\")","v":"▪"},"Ajuste na macro \"Gerar arquivo para upload no TransfereGOV\" para informar no status o número da linha que está sendo mesclada."]
[null,"CRONO"]
[null,null,{"$f":"IF(D135<>\"\",\"▪\",\"\")","v":"▪"},"Correção nas fórmulas dos valores no período da 13ª parcela do cronograma."]
[null,"RRE"]
[null,null,{"$f":"IF(D137<>\"\",\"▪\",\"\")","v":"▪"},"Correção nas fórmulas dos valores acumulados no caso de Administração Local de preenchimento manual."]
[]
["V3.12"]
[null,"MENU"]
[null,null,{"$f":"IF(D141<>\"\",\"▪\",\"\")","v":"▪"},"Atualização na macro \"Gerar arquivo para upload no TransfereGOV\" em virtude de alteração no upload no TransfereGOV (código sem zeros a esquerda)."]
[null,"BDI"]
[null,null,{"$f":"IF(D143<>\"\",\"▪\",\"\")","v":"▪"},"Revisão nos alertas de erro de preenchimento."]
[null,"ORÇAMENTO"]
[null,null,{"$f":"IF(D145<>\"\",\"▪\",\"\")","v":"▪"},"Revisão nos alertas de erro de preenchimento."]
[null,"EVENTOS"]
[null,null,{"$f":"IF(D147<>\"\",\"▪\",\"\")","v":"▪"},"Revisão na lista suspensa de opções da forma de definição dos agrupadores de eventos."]
[null,"CÁLCULO"]
[null,null,{"$f":"IF(D149<>\"\",\"▪\",\"\")","v":"▪"},"Revisão nos alertas de erro de preenchimento."]
[null,"CRONOPLE"]
[null,null,{"$f":"IF(D151<>\"\",\"▪\",\"\")","v":"▪"},"Correção na macro \"Atualizar Linhas\"."]
[null,"CRONO"]
[null,null,{"$f":"IF(D153<>\"\",\"▪\",\"\")","v":"▪"},"Correção na fórmula dos porcentuais de Administração Local, no caso de agrupadores de eventos automáticos."]
[]
["V3.13"]
[null,"GERAL"]
[null,null,{"$f":"IF(D157<>\"\",\"▪\",\"\")","v":"▪"},"Ajuste em todas as listas suspensas (substituindo valores ou textos por um intervalo com os dados)."]
[null,"MENU"]
[null,null,{"$f":"IF(D159<>\"\",\"▪\",\"\")","v":"▪"},"Correção do valor total na macro \"Gerar arquivo para upload no TransfereGOV\". No arquivo para upload o valor total era preenchido apenas com o valor da meta 1."]
[null,null,{"$f":"IF(D160<>\"\",\"▪\",\"\")","v":"▪"},"Correção nos arredondamentos na macro \"Gerar arquivo para upload no TransfereGOV\". No caso de preenchimento das quantidades com mais de duas casas decimais na PLQ, os valores calculados no Tgov ficavam diferentes dos valores calculados na Múltipla."]
[null,null,{"$f":"IF(D161<>\"\",\"▪\",\"\")","v":"▪"},"Atualização na macro \"Gerar arquivo para upload no TransfereGOV\". No caso de alertas de erro de preenchimento nas abas BDI e ORÇAMENTO a caixa de mensagem informa o erro encontrado e pergunta ao usuário se quer \"Corrigir o erro agora?\", caso o usuário responda \"Não\" a macro continua os procedimentos e gera o arquivo com o erro de preenchimento."]
[null,"ORÇAMENTO"]
[null,null,{"$f":"IF(D163<>\"\",\"▪\",\"\")","v":"▪"},"Atualização no preenchimento da coluna BDI. Possibilidade de preencher diretamente um percentual na célula."]
[null,null,{"$f":"IF(D164<>\"\",\"▪\",\"\")","v":"▪"},"Ajuste no alerta de erro \"Acima Ref.\", dispensado caso a Fonte de Recursos seja diferente de \"OGU\"."]
[null,null,{"$f":"IF(D165<>\"\",\"▪\",\"\")","v":"▪"},"Incluído alerta de erro caso a data base do arquivo referência seja diferente da indicada no nome do mesmo arquivo."]
[null,null,{"$f":"IF(D166<>\"\",\"▪\",\"\")","v":"▪"},"Incluído alerta de erro caso os arredondamentos de todos os valores não estejam selecionados (para contratos no transferegov)."]
[null,null,{"$f":"IF(D167<>\"\",\"▪\",\"\")","v":"▪"},"Incluído alerta de erro \"Justificar BDI\", caso não seja adotado um BDI da lista suspensa."]
[null,"CÁLCULO"]
[null,null,{"$f":"IF(D169<>\"\",\"▪\",\"\")","v":"▪"},"Incluído alerta de erro \"Verificar as quantidades preenchidas na linha...\", caso a soma das quantidades preenchidas seja diferente da soma das quantidades arredondadas com duas casas decimais."]
[null,null,{"$f":"IF(D170<>\"\",\"▪\",\"\")","v":"▪"},"Incluído alerta de erro \"Preencha as quantidades com no máximo duas casas decimais\", caso o alerta de erro acima aparece em alguma linha."]
[null,null,"▪","Incluída formatação condicional para indicar as quantidades na PLQ com mais de duas casas decimais (o texto ficará na cor vermelha)."]
[null,"CRONOPLE"]
[null,null,{"$f":"IF(D173<>\"\",\"▪\",\"\")","v":"▪"},"Correção na macro \"Atualizar Linhas\"."]
[null,"PLE"]
[null,null,{"$f":"IF(D175<>\"\",\"▪\",\"\")","v":"▪"},"Correção na fórmula na coluna Filtro."]
[null,"RRE"]
[null,null,{"$f":"IF(D177<>\"\",\"▪\",\"\")","v":"▪"},"Correção nas fórmulas dos valores acumulados (o valor da administração local era duplicado em alguns casos)."]
[]
["V3.14"]
[null,"GERAL"]
[null,null,{"$f":"IF(D181<>\"\",\"▪\",\"\")","v":"▪"},"Ajustes em algumas fórmulas que eram incompatíveis com as versões do Excel anteriores ao Office 365."]
[null,"MENU"]
[null,null,{"$f":"IF(D183<>\"\",\"▪\",\"\")","v":"▪"},"Ajuste na macro \"Gerar arquivo para upload no TransfereGOV\". Excluído o procedimento de mesclagem de células, visando a eficiência da macro."]
[null,null,{"$f":"IF(D184<>\"\",\"▪\",\"\")","v":"▪"},"Inclusão do botão [RESET]. Para resetar a Planilha Múltipla (apagar todos os dados preenchidos e restaurar o padrão inicial)."]
[]
["V3.15"]
[null,"ORÇAMENTO"]
[null,null,{"$f":"IF(D188<>\"\",\"▪\",\"\")","v":"▪"},"Ajuste na fórmula da coluna \"Descrição\" para corrigir incompatibilidade com as versões do Excel anteriores ao Office 365."]
[]
["V3.16"]
[null,"BDI"]
[null,null,{"$f":"IF(D192<>\"\",\"▪\",\"\")","v":"▪"},"Corrigidas as fórmulas da descrição dos itens dos BDIs 2 e 3."]

{"sheet":"MENU","index":1,"n_rows":24,"n_cols":15,"rows_kept":24,"cut":false,"hidden":false,"merged":[[19,1,19,7],[7,1,7,7],[1,4,2,6],[15,1,15,7]]}
[null,null,null,null,null,null,null,null,null,"PM",true]
[null,null,null,null,{"$f":"CHOOSE(MATCH(Objeto,{\"PM\",\"PO\"}),\"PLANILHA MÚLTIPLA \",\"PLANILHA ORÇAMENTÁRIA \")& Versao","v":"PLANILHA MÚLTIPLA v3.16"},null,null,null,null,"v3.16",true]
[null,null,null,null,null,null,null,null,null,null,null,null,null,null,1]
[null,null,null,null,null,null,null,null,null,{"$f":"IF(VALUE(MENU!$O$4)=2,\"BM\",\"PLE\")","v":"PLE"},null,null,null,null,1]
[null,null,null,null,null,null,null,null,null,"Proposto"]
[null,null,null,null,"DADOS DO CONTRATO",null,"NOVIDADES DA VERSÃO",null,null,"Licitado"]
[null,null,null,null,null,null,null,null,null,"PLE"]
[null,{"$f":"IF($O$3<>2,\"DOCUMENTAÇÃO DA PROPOSTA\",\"PROPOSTA: Para visualizar/preencher esta seção, altere o TIPO DE ORÇAMENTO para 'Proposto'\")","v":"DOCUMENTAÇÃO DA PROPOSTA"},null,null,null,null,null,null,null,"BM",null,"LEGENDA:"]
[null,null,null,null,null,null,null,null,null,null,null,"Cores das células:"]
[null,null,{"$f":"IF(TIPOORCAMENTO<>\"Proposto\",\"\",\"                    BDI                    \")","v":"                    BDI                    "},null,{"$f":"IF(TIPOORCAMENTO<>\"Proposto\",\"\",\"             ORÇAMENTO             \")","v":"             ORÇAMENTO             "},null,{"$f":"IF(TIPOORCAMENTO<>\"Proposto\",\"\",\"MEMÓRIA DE CÁLCULO / PLQ\")","v":"MEMÓRIA DE CÁLCULO / PLQ"},null,null,null,null,null,null,"Fundo amarelo: células para preencher"]
[]
[null,null,{"$f":"IF(TIPOORCAMENTO<>\"Proposto\",\"\",\"                    QCI                    \")","v":"                    QCI                    "},null,{"$f":"IF(TIPOORCAMENTO<>\"Proposto\",\"\",\"CRONOGRAMA FÍSICO-FINANCEIRO\")","v":"CRONOGRAMA FÍSICO-FINANCEIRO"},null,null,null,null,null,null,null,null,"Fundo azul: células para seleção de opções"]
[]
[null,null,{"$f":"IF(TIPOORCAMENTO<>\"Proposto\",\"\",\"Obs: Composições e Cotações devem ser preenchidas diretamente no arquivo Referência \"&IF(ISBLANK(Import.DataBase),\"mm-aaaa\",TEXT(Import.DataBase,\"mm-aaaa\"))&\".xlsm.\")","v":"Obs: Composições e Cotações devem ser preenchidas diretamente no arquivo Referência 09-2025.xlsm."}]
[null,null,null,null,null,null,null,null,null,null,null,"Cores dos botões:"]
[null,{"$f":"IF($O$3<>2,\"PÓS-LICITADO: Para visualizar/preencher esta seção, altere o TIPO DE ORÇAMENTO para 'Licitado'\",\"RESULTADO DO PROCESSO LICITATÓRIO\")","v":"PÓS-LICITADO: Para visualizar/preencher esta seção, altere o TIPO DE ORÇAMENTO para 'Licitado'"},null,null,null,null,null,null,null,null,null,null,null,"Fundo azul claro: navegação entre abas"]
[]
[null,null,{"$f":"IF(TIPOORCAMENTO<>\"Licitado\",\"\",\"             ORÇAMENTO             \")","v":""},null,{"$f":"IF(TIPOORCAMENTO<>\"Licitado\",\"\",\"                    QCI                    \")","v":""},null,{"$f":"IF(TIPOORCAMENTO<>\"Licitado\",\"\",\"CRONOGRAMA FÍSICO-FINANCEIRO\")","v":""},null,null,null,null,null,null,"Fundo laranja: execução de macro"]
[]
[null,{"$f":"IF($O$3<>2,\"ACOMPANHAMENTO: Para visualizar/preencher esta seção, altere o TIPO DE ORÇAMENTO para 'Licitado'\",\"ACOMPANHAMENTO DO EMPREENDIMENTO\")","v":"ACOMPANHAMENTO: Para visualizar/preencher esta seção, altere o TIPO DE ORÇAMENTO para 'Licitado'"}]
[]
[null,null,{"$f":"IF(OR(TIPOORCAMENTO<>\"Licitado\",ACOMPANHAMENTO<>\"PLE\"),\"\",\"PLAN. DE LEVANT. DE EVENTOS - PLE\")","v":""},null,{"$f":"IF(TIPOORCAMENTO<>\"Licitado\",\"\",\"                    RRE                    \")","v":""},null,{"$f":"IF(OR(TIPOORCAMENTO<>\"Licitado\",ACOMPANHAMENTO<>\"BM\"),\"\",\"  BOLETIM DE MEDIÇÃO - BM  \")","v":""}]
[]
[null,null,null,null,{"$f":"IF(TIPOORCAMENTO<>\"Licitado\",\"\",\"OF. DE SOLICITAÇÃO DE DESBLOQUEIO\")","v":""}]

{"sheet":"DADOS","index":2,"n_rows":220,"n_cols":49,"rows_kept":220,"cut":false,"hidden":false,"merged":[[49,1,49,2],[58,1,58,2],[0,13,0,45],[2,1,2,2],[14,1,14,2],[20,1,20,2],[26,1,26,2],[34,1,34,2],[45,1,45,2]]}
[null,"A. DOCUMENTAÇÃO DA PROPOSTA",null,{"$f":"IF(D3<>\"\",\"Falta preencher os Dados do Contrato\",IF(D15<>\"\",\"Falta preencher os Dados do Empreendimento\",IF(D21<>\"\",\"Falta preencher os Dados do Responsável pelo Orçamento\",IF(D27<>\"\",\"Falta preencher os Dados do Responsável pelo Tomador\",IF(D31<>\"\",\"Falta definir o método de arredondamento das frentes de obra\",IF(D35<>\"\",\"Falta preencher os Dados da Licitação\",IF(D46<>\"\",\"Falta preencher os Dados da Obra\",IF(D50<>\"\",\"Falta preencher os Dados do Responsável pela Fiscalização\",\"\"))))))))","v":""},null,null,"Fonte de recursos:","Regime previdenciário","Regime de Execução","Arredondamento",null,null,null,"Sub-Itens de Investimento",null,null,null,null,null,null,null,null,null,null,null,null,null,null,null,null,null,null,null,null,null,null,null,null,null,null,null,null,null,null,null,null,null,"Unidades válidas no Tgov"]
[null,null,null,null,null,null,"(SELECIONAR)","(SELECIONAR)","(SELECIONAR)","Tradicional",null,"Itens de Investimento","Unidades habitacionais",{"$f":"COUNTA(M:M)-1","v":3},"Equipamentos comunitários",{"$f":"COUNTA(O:O)-1","v":6},"Pavimentação",{"$f":"COUNTA(Q:Q)-1","v":6},"Drenagem ",{"$f":"COUNTA(S:S)-1","v":6},"Abastecimento de água",{"$f":"COUNTA(U:U)-1","v":11},"Esgotamento sanitário",{"$f":"COUNTA(W:W)-1","v":8},"Energia elétrica e iluminação pública",{"$f":"COUNTA(Y:Y)-1","v":4},"Coleta e tratamento de resíduos sólidos",{"$f":"COUNTA(AA:AA)-1","v":6},"Contenção e estabilização de encostas ",{"$f":"COUNTA(AC:AC)-1","v":2},"Regularização fundiária",{"$f":"COUNTA(AE:AE)-1","v":2},"Aquisição de terreno",{"$f":"COUNTA(AG:AG)-1","v":2},"Aquisição de equipamentos e insumos",{"$f":"COUNTA(AI:AI)-1","v":1},"Elaboração de estudos e projetos",{"$f":"COUNTA(AK:AK)-1","v":1},"Instrumentos e ações em planejamento e gestão pública",{"$f":"COUNTA(AM:AM)-1","v":1},"Ações complementares às obras",{"$f":"COUNTA(AO:AO)-1","v":3},"Gerenciamento",{"$f":"COUNTA(AQ:AQ)-1","v":1},"Trabalho social",{"$f":"COUNTA(AS:AS)-1","v":4},null,"Sigla","Descrição"]
[null,"Dados do Contrato (Inicial)",null,{"$f":"IF(COUNTIF(D4:D13,\"◄\")=0,\"\",\"Falta preencher a linha \"&MATCH(\"◄\",D4:D13,0)+ROW(D3))","v":""},null,null,"OGU","NÃO SE APLICA","INDEFINIDO / NÃO SE APLICA","TransfereGOV",null,"Unidades habitacionais","Aquisição","un","Convivência comunitária, assistência social e/ou comunitária","m²","Capeamento de vias","m²","Obras de microdrenagem ","m","Captação subterrânea","m³/s","Ligações domiciliares e/ou intradomiciliares","un","Iluminação pública - luminárias","un","Acondicionamento ","un","Estabilização de taludes","m²","Desapropriacões/Indenizações","m²","Aquisição de terreno","m²","Aquisição de equipamentos e insumos","un","Elaboração de estudos e projetos","un","Instrumentos e ações em planejamento e gestão pública","un","Avaliação pós intervenção","un","Gerenciamento","%CT","Projeto de Trabalho Social Preliminar","nº fam",null,"%CT","%CT"]
[null,"Fonte de recursos:","OGU",{"$f":"IF(OR(OFFSET(D4,0,-1)=\"\",OFFSET(D4,0,-1)=\"(SELECIONAR)\"),\"◄\",\"\")","v":""},null,null,"FGTS","DESONERADO","EMPREITADA POR PREÇO GLOBAL",null,null,"Equipamentos comunitários","Construção","un","Educação e cultura","m²","Recapeamento de vias","m²","Desassoreamento de cursos de água","m","Captação superficial","m³/s","Rede coletora e/ou condominial","m","Ligações domiciliares","un","Aterro sanitário e/ou disposição final","m³","Obras complementares a ações de redução de risco e/ou contenções","m²","Projeto de Regularização Fundiária","m²","Benfeitorias","m²",null,null,null,null,null,null,"Demolições","un",null,null,"Projeto de Trabalho Social","nº fam",null,"°C","GRAU CELSIUS"]
[null,"Proponente/Tomador:","PREFEITURA MUNICIPAL DE CARBONITA/MG",{"$f":"IF(OFFSET(D5,0,-1)=\"\",\"◄\",\"\")","v":""},null,null,null,"NÃO DESONERADO","EMPREITADA POR PREÇO UNITÁRIO",null,null,"Pavimentação","Reforma e/ou melhoria","un","Esportes","m²","Obras de artes especiais","m","Canalização de cursos de água","m","Estação de bombeamento de água bruta","m³/s","Coletor tronco e/ou interceptores","m","Linhas de distribuição - baixa tensão ","m","Erradicação de lixões","m³",null,null,null,null,null,null,null,null,null,null,null,null,"Plano de Reassentamento e medidas compensatórias","un",null,null,"Plano de Desenvolvimento Socioterritorial","nº fam",null,"°F","GRAU FAHRENHEIT"]
[null,"Município/UF:","CARBONITA/MG","",null,null,null,null,"EMPREITADA INTEGRAL",null,null,"Drenagem ",null,null,"Lazer e turismo","m²","Pavimentação de calçadas","m²","Recomposição de vegetação ciliar, renaturalização de cursos de água ou restauração de margens","m²","Adução","m","Emissário","m","Linhas de transmissão - alta tensão ","m","Sistema de coleta seletiva tradicional, transporte e/ou equipamentos","un",null,null,null,null,null,null,null,null,null,null,null,null,null,null,null,null,"Plano de Gestão Condominial","nº fam",null,"100M","100 METROS"]
[null,"Nº da Operação (0000000-00):","11855.2660001/25-001","",null,null,null,null,"TAREFA",null,null,"Abastecimento de água",null,null,"Saúde","m²","Pavimentação de vias","m²","Reservatório de amortecimento de cheias","m³","Estação de Tratamento de Água (ETA)","m³/s","Estação Elevatória","m³/s",null,null,"Tratamento local ","un",null,null,null,null,null,null,null,null,null,null,null,null,null,null,null,null,null,null,null,"18L","18 LITROS"]
[null,"Nº do TransfereGOV (000000):","36000010246/2025",{"$f":"IF(AND(Import.TipoArredondamento=\"TransfereGOV\",OFFSET(D8,0,-1)=\"\"),\"◄\",\"\")","v":""},null,null,null,null,"CONTRATAÇÃO INTEGRADA",null,null,"Esgotamento sanitário",null,null,"Segurança pública","m²","Sinalização","m²","Estação de Bombeamento","m³/s","Estação de bombeamento de água tratada","m³/s","Estação de Tratamento de Esgoto (ETE)","m³/s",null,null,"Usinas de reciclagem ","m²",null,null,null,null,null,null,null,null,null,null,null,null,null,null,null,null,null,null,null,"200KG","200 QUILOS"]
[null,{"$f":"IF(C4=\"FGTS\",\"Valor de Financiamento Contratado (R$):\",\"Valor do Repasse Contratado (R$):\")","v":"Valor do Repasse Contratado (R$):"},2000000,"",null,null,null,null,"ADM. DIRETA",null,null,"Energia elétrica e iluminação pública",null,null,null,null,null,null,null,null,"Linha de recalque","m","Sistema simplificado de tratamento","m³/s",null,null,null,null,null,null,null,null,null,null,null,null,null,null,null,null,null,null,null,null,null,null,null,"250G","250 GRAMAS"]
[null,"Valor de Contrapartida Contratada (R$):",189462.28,"",null,null,null,null,null,null,null,"Coleta e tratamento de resíduos sólidos",null,null,null,null,null,null,null,null,"Reservação","m³","Unidades sanitárias","un",null,null,null,null,null,null,null,null,null,null,null,null,null,null,null,null,null,null,null,null,null,null,null,"310ML","310 MILILITROS"]
[null,"% mínimo de Contrapartida:",7.0000000000000007E-2,"",null,null,null,null,null,null,null,"Contenção e estabilização de encostas ",null,null,null,null,null,null,null,null,"Rede de distribuição","m",null,null,null,null,null,null,null,null,null,null,null,null,null,null,null,null,null,null,null,null,null,null,null,null,null,"50KG","50 QUILOS"]
[null,"R$ mínimo de Contrapartida (se houver):",null,null,null,null,null,null,null,null,null,"Regularização fundiária",null,null,null,null,null,null,null,null,"Ligações domiciliares e/ou intradomiciliares","un",null,null,null,null,null,null,null,null,null,null,null,null,null,null,null,null,null,null,null,null,null,null,null,null,null,"A","AMPÈRE"]
[null,"% máximo de Contrapartida:",null,null,null,null,null,null,null,null,null,"Aquisição de terreno",null,null,null,null,null,null,null,null,"Sistema simplificado de abastecimento","m",null,null,null,null,null,null,null,null,null,null,null,null,null,null,null,null,null,null,null,null,null,null,null,null,null,"ACA/ACC","A.CORR.ALTERN/CONT."]
[null,null,null,null,null,null,null,null,null,null,null,"Aquisição de equipamentos e insumos",null,null,null,null,null,null,null,null,null,null,null,null,null,null,null,null,null,null,null,null,null,null,null,null,null,null,null,null,null,null,null,null,null,null,null,"AH","AMPÈRE HORA"]
[null,"Dados do Empreendimento e Orçamento",null,{"$f":"IF(COUNTIF(D16:D19,\"◄\")=0,\"\",\"Falta preencher a linha \"&MATCH(\"◄\",D16:D19,0)+ROW(D15))","v":""},null,null,null,null,null,null,null,"Elaboração de estudos e projetos",null,null,null,null,null,null,null,null,null,null,null,null,null,null,null,null,null,null,null,null,null,null,null,null,null,null,null,null,null,null,null,null,null,null,null,"AH/H/V","AMPÉRE-H/H/VOLT"]
[null,"Nome/apelido:","CONSTRUÇÃO DE UNIDADE BÁSICA DE SAÚDE",{"$f":"IF(OFFSET(D16,0,-1)=\"\",\"◄\",\"\")","v":""},null,null,null,null,null,null,null,"Instrumentos e ações em planejamento e gestão pública",null,null,null,null,null,null,null,null,null,null,null,null,null,null,null,null,null,null,null,null,null,null,null,null,null,null,null,null,null,null,null,null,null,null,null,"AM","AMPOLA"]
[null,"Descrição do Objeto do Lote / CTEF:","UNIDADE BÁSICA DE SAÚDE PORTE 1 - 389,78 m²","",null,null,null,null,null,null,null,"Ações complementares às obras",null,null,null,null,null,null,null,null,null,null,null,null,null,null,null,null,null,null,null,null,null,null,null,null,null,null,null,null,null,null,null,null,null,null,null,"AM0/4ML","AMPOLA COM 0,4 Ml"]
[null,"Regime previdenciário previsto para a obra:","DESONERADO",{"$f":"IF(OR(OFFSET(D18,0,-1)=\"\",OFFSET(D18,0,-1)=\"(SELECIONAR)\"),\"◄\",\"\")","v":""},null,null,null,null,null,null,null,"Gerenciamento",null,null,null,null,null,null,null,null,null,null,null,null,null,null,null,null,null,null,null,null,null,null,null,null,null,null,null,null,null,null,null,null,null,null,null,"AM0/5ML","AMPOLA COM 0,5 mL"]
[null,"Data base do Orçamento:","2025-09-01","",null,null,null,null,null,null,null,"Trabalho social",null,null,null,null,null,null,null,null,null,null,null,null,null,null,null,null,null,null,null,null,null,null,null,null,null,null,null,null,null,null,null,null,null,null,null,"AM1/5ML","AMPOLA COM 1,5 mL"]
[null,null,null,null,null,null,null,null,null,null,null,null,null,null,null,null,null,null,null,null,null,null,null,null,null,null,null,null,null,null,null,null,null,null,null,null,null,null,null,null,null,null,null,null,null,null,null,"AM10ML","AMPOLA COM 10 mL"]
[null,"Responsável pelo Orçamento",null,{"$f":"IF(COUNTIF(D22:D25,\"◄\")=0,\"\",\"Falta preencher a linha \"&MATCH(\"◄\",D22:D25,0)+ROW(D21))","v":""},null,null,null,null,null,null,null,null,null,null,null,null,null,null,null,null,null,null,null,null,null,null,null,null,null,null,null,null,null,null,null,null,null,null,null,null,null,null,null,null,null,null,null,"AM1ML","AMPOLA COM 1 mL"]
[null,"Nome:","JOSÉ EDUARDO RIBEIRO",{"$f":"IF(OFFSET(D22,0,-1)=\"\",\"◄\",\"\")","v":""},null,null,null,null,null,null,null,null,null,null,null,null,null,null,null,null,null,null,null,null,null,null,null,null,null,null,null,null,null,null,null,null,null,null,null,null,null,null,null,null,null,null,null,"AM2/5ML","AMPOLA COM 2,5 mL"]
[null,"CREA/CAU:","5070741588/SP","",null,null,null,null,null,null,null,null,null,null,null,null,null,null,null,null,null,null,null,null,null,null,null,null,null,null,null,null,null,null,null,null,null,null,null,null,null,null,null,null,null,null,null,"AM2ML","AMPOLA COM 2 mL"]
[null,"ART/RRT:","MG20254526204","",null,null,null,null,null,null,null,null,null,null,null,null,null,null,null,null,null,null,null,null,null,null,null,null,null,null,null,null,null,null,null,null,null,null,null,null,null,null,null,null,null,null,null,"AM3ML","AMPOLA COM 3 mL"]
[null,"Data do preenchimento:","2025-12-09","",null,null,null,null,null,null,null,null,null,null,null,null,null,null,null,null,null,null,null,null,null,null,null,null,null,null,null,null,null,null,null,null,null,null,null,null,null,null,null,null,null,null,null,"AM4ML","AMPOLA COM 4 mL"]
[null,null,null,null,null,null,null,null,null,null,null,null,null,null,null,null,null,null,null,null,null,null,null,null,null,null,null,null,null,null,null,null,null,null,null,null,null,null,null,null,null,null,null,null,null,null,null,"AM5ML","AMPOLA COM 5 mL"]
[null,"Responsável pelo Tomador (Prefeito, no caso de Municípios)",null,{"$f":"IF(COUNTIF(D28:D29,\"◄\")=0,\"\",\"Falta preencher a linha \"&MATCH(\"◄\",D28:D29,0)+ROW(D27))","v":""},null,null,null,null,null,null,null,null,null,null,null,null,null,null,null,null,null,null,null,null,null,null,null,null,null,null,null,null,null,null,null,null,null,null,null,null,null,null,null,null,null,null,null,"AM6ML","AMPOLA COM 6 mL"]
[null,"Nome:","JOSÉ MARCELINO SANTOS",{"$f":"IF(OFFSET(D28,0,-1)=\"\",\"◄\",\"\")","v":""},null,null,null,null,null,null,null,null,null,null,null,null,null,null,null,null,null,null,null,null,null,null,null,null,null,null,null,null,null,null,null,null,null,null,null,null,null,null,null,null,null,null,null,"AM7ML","AMPOLA COM 7 mL"]
[null,"Cargo:","PREFEITO MUNICIPAL DE CARBONITA/MG","",null,null,null,null,null,null,null,null,null,null,null,null,null,null,null,null,null,null,null,null,null,null,null,null,null,null,null,null,null,null,null,null,null,null,null,null,null,null,null,null,null,null,null,"ANO","ANO/ANOS"]
[null,null,null,null,null,null,null,null,null,null,null,null,null,null,null,null,null,null,null,null,null,null,null,null,null,null,null,null,null,null,null,null,null,null,null,null,null,null,null,null,null,null,null,null,null,null,null,"ANOS","ANO/ANOS"]
[null,"Arredondamento das frentes:","TransfereGOV",{"$f":"IF(OFFSET(D31,0,-1)=\"\",\"◄ Falta definir o método de arredondamento.\",\"\")","v":""},null,null,null,null,null,null,null,null,null,null,null,null,null,null,null,null,null,null,null,null,null,null,null,null,null,null,null,null,null,null,null,null,null,null,null,null,null,null,null,null,null,null,null,"ARR","ARROBA"]
[null,null,null,null,null,null,null,null,null,null,null,null,null,null,null,null,null,null,null,null,null,null,null,null,null,null,null,null,null,null,null,null,null,null,null,null,null,null,null,null,null,null,null,null,null,null,null,"AWG","AMERICAN WIRE GAUGE"]
[null,"B. RESULTADO DO PROCESSO LICITATÓRIO",null,null,null,null,null,null,null,null,null,null,null,null,null,null,null,null,null,null,null,null,null,null,null,null,null,null,null,null,null,null,null,null,null,null,null,null,null,null,null,null,null,null,null,null,null,"BAR","BARRIL"]
[null,null,null,null,null,null,null,null,null,null,null,null,null,null,null,null,null,null,null,null,null,null,null,null,null,null,null,null,null,null,null,null,null,null,null,null,null,null,null,null,null,null,null,null,null,null,null,"BAR.","BAR"]
[null,"Licitação",null,{"$f":"IF(COUNTIF(D36:D39,\"◄\")=0,\"\",\"Falta preencher a linha \"&MATCH(\"◄\",D36:D39,0)+ROW(D35))","v":""},null,null,null,null,null,null,null,null,null,null,null,null,null,null,null,null,null,null,null,null,null,null,null,null,null,null,null,null,null,null,null,null,null,null,null,null,null,null,null,null,null,null,null,"BD","BALDE"]
[null,"Data de emissão dos documentos de licitação:",null,{"$f":"IF(AND(TIPOORCAMENTO=\"Licitado\",OFFSET(D36,0,-1)=\"\"),\"◄\",\"\")","v":""},null,null,null,null,null,null,null,null,null,null,null,null,null,null,null,null,null,null,null,null,null,null,null,null,null,null,null,null,null,null,null,null,null,null,null,null,null,null,null,null,null,null,null,"BIS","BISNAGA"]
[null,"Nº do CTEF (contrato com empresa):",null,{"$f":"IF(AND(TIPOORCAMENTO=\"Licitado\",OFFSET(D37,0,-1)=\"\"),\"◄\",\"\")","v":""},null,null,null,null,null,null,null,null,null,null,null,null,null,null,null,null,null,null,null,null,null,null,null,null,null,null,null,null,null,null,null,null,null,null,null,null,null,null,null,null,null,null,null,"BIS/GL","BISNAGA POR GALÃO"]
[null,"Nome da empresa:",null,{"$f":"IF(AND(TIPOORCAMENTO=\"Licitado\",OFFSET(D38,0,-1)=\"\"),\"◄\",\"\")","v":""},null,null,null,null,null,null,null,null,null,null,null,null,null,null,null,null,null,null,null,null,null,null,null,null,null,null,null,null,null,null,null,null,null,null,null,null,null,null,null,null,null,null,null,"BIS1/65G","BISNAGA COM 1,65 g"]
[null,"CNPJ da empresa:",null,{"$f":"IF(AND(TIPOORCAMENTO=\"Licitado\",OFFSET(D39,0,-1)=\"\"),\"◄\",\"\")","v":""},null,null,null,null,null,null,null,null,null,null,null,null,null,null,null,null,null,null,null,null,null,null,null,null,null,null,null,null,null,null,null,null,null,null,null,null,null,null,null,null,null,null,null,"BIS1/8G","BISNAGA COM 1,8 g"]
[null,"Regime de execução do CTEF:","(SELECIONAR)",{"$f":"IF(AND(TIPOORCAMENTO=\"Licitado\",OR(OFFSET(D40,0,-1)=\"\",OFFSET(D40,0,-1)=\"(SELECIONAR)\")),\"◄\",\"\")","v":""},null,null,null,null,null,null,null,null,null,null,null,null,null,null,null,null,null,null,null,null,null,null,null,null,null,null,null,null,null,null,null,null,null,null,null,null,null,null,null,null,null,null,null,"BIS100G","BISNAGA COM 100 g"]
[null,"Data base do CTEF:",null,{"$f":"IF(AND(TIPOORCAMENTO=\"Licitado\",OFFSET(D41,0,-1)=\"\"),\"◄\",\"\")","v":""},null,null,null,null,null,null,null,null,null,null,null,null,null,null,null,null,null,null,null,null,null,null,null,null,null,null,null,null,null,null,null,null,null,null,null,null,null,null,null,null,null,null,null,"BIS10G","BISNAGA COM 10 g"]
[null,null,null,null,null,null,null,null,null,null,null,null,null,null,null,null,null,null,null,null,null,null,null,null,null,null,null,null,null,null,null,null,null,null,null,null,null,null,null,null,null,null,null,null,null,null,null,"BIS135G","BISNAGA COM 135 g"]
[null,null,null,null,null,null,null,null,null,null,null,null,null,null,null,null,null,null,null,null,null,null,null,null,null,null,null,null,null,null,null,null,null,null,null,null,null,null,null,null,null,null,null,null,null,null,null,"BIS13G","BISNAGA COM 13 g"]
[null,"C. ACOMPANHAMENTO DO EMPREENDIMENTO",null,null,null,null,null,null,null,null,null,null,null,null,null,null,null,null,null,null,null,null,null,null,null,null,null,null,null,null,null,null,null,null,null,null,null,null,null,null,null,null,null,null,null,null,null,"BIS14G","BISNAGA COM 14 g"]
[null,null,null,null,null,null,null,null,null,null,null,null,null,null,null,null,null,null,null,null,null,null,null,null,null,null,null,null,null,null,null,null,null,null,null,null,null,null,null,null,null,null,null,null,null,null,null,"BIS15G","BISNAGA COM 15 g"]
[null,"Dados da obra",null,{"$f":"IF(COUNTIF(D47:D48,\"◄\")=0,\"\",\"Falta preencher a linha \"&MATCH(\"◄\",D47:D48,0)+ROW(D46))","v":""},null,null,null,null,null,null,null,null,null,null,null,null,null,null,null,null,null,null,null,null,null,null,null,null,null,null,null,null,null,null,null,null,null,null,null,null,null,null,null,null,null,null,null,"BIS1G","BISNAGA COM 1 g"]
[null,"Data do Início da Obra:",null,{"$f":"IF(AND(TIPOORCAMENTO=\"Licitado\",OFFSET(D47,0,-1)=\"\",IFERROR(RRE!$O$40,0)>0),\"◄\",\"\")","v":""},null,null,null,null,null,null,null,null,null,null,null,null,null,null,null,null,null,null,null,null,null,null,null,null,null,null,null,null,null,null,null,null,null,null,null,null,null,null,null,null,null,null,null,"BIS20G","BISNAGA COM 20 g"]
[null,"Data de fechamento do RRE:",null,{"$f":"IF(AND(TIPOORCAMENTO=\"Licitado\",OFFSET(D48,0,-1)=\"\",IFERROR(RRE!$O$40,0)>0),\"◄\",\"\")","v":""},null,null,null,null,null,null,null,null,null,null,null,null,null,null,null,null,null,null,null,null,null,null,null,null,null,null,null,null,null,null,null,null,null,null,null,null,null,null,null,null,null,null,null,"BIS25G","BISNAGA COM 25 g"]
[null,null,null,null,null,null,null,null,null,null,null,null,null,null,null,null,null,null,null,null,null,null,null,null,null,null,null,null,null,null,null,null,null,null,null,null,null,null,null,null,null,null,null,null,null,null,null,"BIS28/8G","BISNAGA COM 28,8 g"]
[null,"Responsável pela Fiscalização",null,{"$f":"IF(COUNTIF(D51:D54,\"◄\")=0,\"\",\"Falta preencher a linha \"&MATCH(\"◄\",D51:D54,0)+ROW(D50))","v":""},null,null,null,null,null,null,null,null,null,null,null,null,null,null,null,null,null,null,null,null,null,null,null,null,null,null,null,null,null,null,null,null,null,null,null,null,null,null,null,null,null,null,null,"BIS28G","BISNAGA COM 28 g"]
[null,"Nome:",null,{"$f":"IF(AND(TIPOORCAMENTO=\"Licitado\",OFFSET(D51,0,-1)=\"\",IFERROR(RRE!$O$40,0)>0),\"◄\",\"\")","v":""},null,null,null,null,null,null,null,null,null,null,null,null,null,null,null,null,null,null,null,null,null,null,null,null,null,null,null,null,null,null,null,null,null,null,null,null,null,null,null,null,null,null,null,"BIS2G","BISNAGA COM 2 g"]
[null,"Profissão:",null,{"$f":"IF(AND(TIPOORCAMENTO=\"Licitado\",OFFSET(D52,0,-1)=\"\",IFERROR(RRE!$O$40,0)>0),\"◄\",\"\")","v":""},null,null,null,null,null,null,null,null,null,null,null,null,null,null,null,null,null,null,null,null,null,null,null,null,null,null,null,null,null,null,null,null,null,null,null,null,null,null,null,null,null,null,null,"BIS3/5G","BISNAGA COM 3,5 g"]
[null,"CREA/CAU (para obras/projetos):",null,{"$f":"IF(AND(TIPOORCAMENTO=\"Licitado\",OFFSET(D53,0,-1)=\"\",IFERROR(RRE!$O$40,0)>0),\"◄\",\"\")","v":""},null,null,null,null,null,null,null,null,null,null,null,null,null,null,null,null,null,null,null,null,null,null,null,null,null,null,null,null,null,null,null,null,null,null,null,null,null,null,null,null,null,null,null,"BIS30G","BISNAGA COM 30 g"]
[null,"ART/RRT (para obras/projetos):",null,{"$f":"IF(AND(TIPOORCAMENTO=\"Licitado\",OFFSET(D54,0,-1)=\"\",IFERROR(RRE!$O$40,0)>0),\"◄\",\"\")","v":""},null,null,null,null,null,null,null,null,null,null,null,null,null,null,null,null,null,null,null,null,null,null,null,null,null,null,null,null,null,null,null,null,null,null,null,null,null,null,null,null,null,null,null,"BIS30ML","BISNAGA COM 30 mL"]
[null,null,null,null,null,null,null,null,null,null,null,null,null,null,null,null,null,null,null,null,null,null,null,null,null,null,null,null,null,null,null,null,null,null,null,null,null,null,null,null,null,null,null,null,null,null,null,"BIS40G","BISNAGA COM 40 g"]
[null,null,null,null,null,null,null,null,null,null,null,null,null,null,null,null,null,null,null,null,null,null,null,null,null,null,null,null,null,null,null,null,null,null,null,null,null,null,null,null,null,null,null,null,null,null,null,"BIS43G","BISNAGA COM 43 g"]
[null,"D. ACOMPANHAMENTO CAIXA",null,null,null,null,null,null,null,null,null,null,null,null,null,null,null,null,null,null,null,null,null,null,null,null,null,null,null,null,null,null,null,null,null,null,null,null,null,null,null,null,null,null,null,null,null,"BIS45G","BISNAGA COM 45 g"]
[null,null,null,null,null,null,null,null,null,null,null,null,null,null,null,null,null,null,null,null,null,null,null,null,null,null,null,null,null,null,null,null,null,null,null,null,null,null,null,null,null,null,null,null,null,null,null,"BIS47G","BISNAGA COM 47 g"]
[null,"Responsável Gerencial",null,null,null,null,null,null,null,null,null,null,null,null,null,null,null,null,null,null,null,null,null,null,null,null,null,null,null,null,null,null,null,null,null,null,null,null,null,null,null,null,null,null,null,null,null,"BIS4G","BISNAGA COM 4 g"]
[null,"Nome:",null,null,null,null,null,null,null,null,null,null,null,null,null,null,null,null,null,null,null,null,null,null,null,null,null,null,null,null,null,null,null,null,null,null,null,null,null,null,null,null,null,null,null,null,null,"BIS50G","BISNAGA COM 50 g"]
[null,"Função:",null,null,null,null,null,null,null,null,null,null,null,null,null,null,null,null,null,null,null,null,null,null,null,null,null,null,null,null,null,null,null,null,null,null,null,null,null,null,null,null,null,null,null,null,null,"BIS55G","BISNAGA COM 55 g"]
[null,null,null,null,null,null,null,null,null,null,null,null,null,null,null,null,null,null,null,null,null,null,null,null,null,null,null,null,null,null,null,null,null,null,null,null,null,null,null,null,null,null,null,null,null,null,null,"BIS56G","BISNAGA COM 56 g"]
[null,null,null,null,null,null,null,null,null,null,null,null,null,null,null,null,null,null,null,null,null,null,null,null,null,null,null,null,null,null,null,null,null,null,null,null,null,null,null,null,null,null,null,null,null,null,null,"BIS5G","BISNAGA COM 5 g"]
[null,null,null,null,null,null,null,null,null,null,null,null,null,null,null,null,null,null,null,null,null,null,null,null,null,null,null,null,null,null,null,null,null,null,null,null,null,null,null,null,null,null,null,null,null,null,null,"BIS60G","BISNAGA COM 60 g"]
[null,null,null,null,null,null,null,null,null,null,null,null,null,null,null,null,null,null,null,null,null,null,null,null,null,null,null,null,null,null,null,null,null,null,null,null,null,null,null,null,null,null,null,null,null,null,null,"BIS6G","BISNAGA COM 6 g"]
[null,null,null,null,null,null,null,null,null,null,null,null,null,null,null,null,null,null,null,null,null,null,null,null,null,null,null,null,null,null,null,null,null,null,null,null,null,null,null,null,null,null,null,null,null,null,null,"BIS7/5G","BISNAGA COM 7,5 g"]
[null,null,null,null,null,null,null,null,null,null,null,null,null,null,null,null,null,null,null,null,null,null,null,null,null,null,null,null,null,null,null,null,null,null,null,null,null,null,null,null,null,null,null,null,null,null,null,"BIS70G","BISNAGA COM 70 g"]
[null,null,null,null,null,null,null,null,null,null,null,null,null,null,null,null,null,null,null,null,null,null,null,null,null,null,null,null,null,null,null,null,null,null,null,null,null,null,null,null,null,null,null,null,null,null,null,"BIS80G","BISNAGA COM 80 g"]
[null,null,null,null,null,null,null,null,null,null,null,null,null,null,null,null,null,null,null,null,null,null,null,null,null,null,null,null,null,null,null,null,null,null,null,null,null,null,null,null,null,null,null,null,null,null,null,"BIS90G","BISNAGA COM 90 g"]
[null,null,null,null,null,null,null,null,null,null,null,null,null,null,null,null,null,null,null,null,null,null,null,null,null,null,null,null,null,null,null,null,null,null,null,null,null,null,null,null,null,null,null,null,null,null,null,"BIT","BITS"]
[null,null,null,null,null,null,null,null,null,null,null,null,null,null,null,null,null,null,null,null,null,null,null,null,null,null,null,null,null,null,null,null,null,null,null,null,null,null,null,null,null,null,null,null,null,null,null,"BL","BLOCO"]
[null,null,null,null,null,null,null,null,null,null,null,null,null,null,null,null,null,null,null,null,null,null,null,null,null,null,null,null,null,null,null,null,null,null,null,null,null,null,null,null,null,null,null,null,null,null,null,"BLIS","BLISTER"]
[null,null,null,null,null,null,null,null,null,null,null,null,null,null,null,null,null,null,null,null,null,null,null,null,null,null,null,null,null,null,null,null,null,null,null,null,null,null,null,null,null,null,null,null,null,null,null,"BLIS21CP","BLISTER COM 21 COMPRIMIDOS"]
[null,null,null,null,null,null,null,null,null,null,null,null,null,null,null,null,null,null,null,null,null,null,null,null,null,null,null,null,null,null,null,null,null,null,null,null,null,null,null,null,null,null,null,null,null,null,null,"BLIS35CP","BLISTER COM 35 COMPRIMIDOS"]
[null,null,null,null,null,null,null,null,null,null,null,null,null,null,null,null,null,null,null,null,null,null,null,null,null,null,null,null,null,null,null,null,null,null,null,null,null,null,null,null,null,null,null,null,null,null,null,"BOB","BOBINA"]
[null,null,null,null,null,null,null,null,null,null,null,null,null,null,null,null,null,null,null,null,null,null,null,null,null,null,null,null,null,null,null,null,null,null,null,null,null,null,null,null,null,null,null,null,null,null,null,"BOL","BOLSA"]
[null,null,null,null,null,null,null,null,null,null,null,null,null,null,null,null,null,null,null,null,null,null,null,null,null,null,null,null,null,null,null,null,null,null,null,null,null,null,null,null,null,null,null,null,null,null,null,"BOM","BOMBONA"]
[null,null,null,null,null,null,null,null,null,null,null,null,null,null,null,null,null,null,null,null,null,null,null,null,null,null,null,null,null,null,null,null,null,null,null,null,null,null,null,null,null,null,null,null,null,null,null,"BPM","BATIDA POR MINUTO"]
[null,null,null,null,null,null,null,null,null,null,null,null,null,null,null,null,null,null,null,null,null,null,null,null,null,null,null,null,null,null,null,null,null,null,null,null,null,null,null,null,null,null,null,null,null,null,null,"BPS","BYTE POR SEGUNDO"]
[null,null,null,null,null,null,null,null,null,null,null,null,null,null,null,null,null,null,null,null,null,null,null,null,null,null,null,null,null,null,null,null,null,null,null,null,null,null,null,null,null,null,null,null,null,null,null,"BR","BARRA"]
[null,null,null,null,null,null,null,null,null,null,null,null,null,null,null,null,null,null,null,null,null,null,null,null,null,null,null,null,null,null,null,null,null,null,null,null,null,null,null,null,null,null,null,null,null,null,null,"BRI","BARRICA"]
[null,null,null,null,null,null,null,null,null,null,null,null,null,null,null,null,null,null,null,null,null,null,null,null,null,null,null,null,null,null,null,null,null,null,null,null,null,null,null,null,null,null,null,null,null,null,null,"BTJ","BOTIJÃO"]
[null,null,null,null,null,null,null,null,null,null,null,null,null,null,null,null,null,null,null,null,null,null,null,null,null,null,null,null,null,null,null,null,null,null,null,null,null,null,null,null,null,null,null,null,null,null,null,"BTU","BRITISH THERMAL UNIT"]
[null,null,null,null,null,null,null,null,null,null,null,null,null,null,null,null,null,null,null,null,null,null,null,null,null,null,null,null,null,null,null,null,null,null,null,null,null,null,null,null,null,null,null,null,null,null,null,"BTU/H","BTU POR HORA"]
[null,null,null,null,null,null,null,null,null,null,null,null,null,null,null,null,null,null,null,null,null,null,null,null,null,null,null,null,null,null,null,null,null,null,null,null,null,null,null,null,null,null,null,null,null,null,null,"BWG","FIEIRA DE BIRMINGHAN"]
[null,null,null,null,null,null,null,null,null,null,null,null,null,null,null,null,null,null,null,null,null,null,null,null,null,null,null,null,null,null,null,null,null,null,null,null,null,null,null,null,null,null,null,null,null,null,null,"C","CENTENA"]
[null,null,null,null,null,null,null,null,null,null,null,null,null,null,null,null,null,null,null,null,null,null,null,null,null,null,null,null,null,null,null,null,null,null,null,null,null,null,null,null,null,null,null,null,null,null,null,"CA","CARTUCHO"]
[null,null,null,null,null,null,null,null,null,null,null,null,null,null,null,null,null,null,null,null,null,null,null,null,null,null,null,null,null,null,null,null,null,null,null,null,null,null,null,null,null,null,null,null,null,null,null,"CAD","CADERNO"]
[null,null,null,null,null,null,null,null,null,null,null,null,null,null,null,null,null,null,null,null,null,null,null,null,null,null,null,null,null,null,null,null,null,null,null,null,null,null,null,null,null,null,null,null,null,null,null,"CAL/G","CALORIA/GRAMA"]
[null,null,null,null,null,null,null,null,null,null,null,null,null,null,null,null,null,null,null,null,null,null,null,null,null,null,null,null,null,null,null,null,null,null,null,null,null,null,null,null,null,null,null,null,null,null,null,"CAPS","CÁPSULA"]
[null,null,null,null,null,null,null,null,null,null,null,null,null,null,null,null,null,null,null,null,null,null,null,null,null,null,null,null,null,null,null,null,null,null,null,null,null,null,null,null,null,null,null,null,null,null,null,"CAR","CARACTER"]
[null,null,null,null,null,null,null,null,null,null,null,null,null,null,null,null,null,null,null,null,null,null,null,null,null,null,null,null,null,null,null,null,null,null,null,null,null,null,null,null,null,null,null,null,null,null,null,"CC","CILINDRADA"]
[null,null,null,null,null,null,null,null,null,null,null,null,null,null,null,null,null,null,null,null,null,null,null,null,null,null,null,null,null,null,null,null,null,null,null,null,null,null,null,null,null,null,null,null,null,null,null,"CD","CANDELA"]
[null,null,null,null,null,null,null,null,null,null,null,null,null,null,null,null,null,null,null,null,null,null,null,null,null,null,null,null,null,null,null,null,null,null,null,null,null,null,null,null,null,null,null,null,null,null,null,"CD/M2","CANDELA/METRO 2"]
[null,null,null,null,null,null,null,null,null,null,null,null,null,null,null,null,null,null,null,null,null,null,null,null,null,null,null,null,null,null,null,null,null,null,null,null,null,null,null,null,null,null,null,null,null,null,null,"CENTO","CENTO"]
[null,null,null,null,null,null,null,null,null,null,null,null,null,null,null,null,null,null,null,null,null,null,null,null,null,null,null,null,null,null,null,null,null,null,null,null,null,null,null,null,null,null,null,null,null,null,null,"CG","CENTIGRAMA"]
[null,null,null,null,null,null,null,null,null,null,null,null,null,null,null,null,null,null,null,null,null,null,null,null,null,null,null,null,null,null,null,null,null,null,null,null,null,null,null,null,null,null,null,null,null,null,null,"CH","CHAPA"]
[null,null,null,null,null,null,null,null,null,null,null,null,null,null,null,null,null,null,null,null,null,null,null,null,null,null,null,null,null,null,null,null,null,null,null,null,null,null,null,null,null,null,null,null,null,null,null,"CHI","CHI"]
[null,null,null,null,null,null,null,null,null,null,null,null,null,null,null,null,null,null,null,null,null,null,null,null,null,null,null,null,null,null,null,null,null,null,null,null,null,null,null,null,null,null,null,null,null,null,null,"CHP","CHP"]
[null,null,null,null,null,null,null,null,null,null,null,null,null,null,null,null,null,null,null,null,null,null,null,null,null,null,null,null,null,null,null,null,null,null,null,null,null,null,null,null,null,null,null,null,null,null,null,"CHP","CHP"]
[null,null,null,null,null,null,null,null,null,null,null,null,null,null,null,null,null,null,null,null,null,null,null,null,null,null,null,null,null,null,null,null,null,null,null,null,null,null,null,null,null,null,null,null,null,null,null,"CI","CURIE"]
[null,null,null,null,null,null,null,null,null,null,null,null,null,null,null,null,null,null,null,null,null,null,null,null,null,null,null,null,null,null,null,null,null,null,null,null,null,null,null,null,null,null,null,null,null,null,null,"CIL","CILINDRO"]
[null,null,null,null,null,null,null,null,null,null,null,null,null,null,null,null,null,null,null,null,null,null,null,null,null,null,null,null,null,null,null,null,null,null,null,null,null,null,null,null,null,null,null,null,null,null,null,"CIN","CINQUENTA"]
[null,null,null,null,null,null,null,null,null,null,null,null,null,null,null,null,null,null,null,null,null,null,null,null,null,null,null,null,null,null,null,null,null,null,null,null,null,null,null,null,null,null,null,null,null,null,null,"CJ","CONJUNTO"]
[null,null,null,null,null,null,null,null,null,null,null,null,null,null,null,null,null,null,null,null,null,null,null,null,null,null,null,null,null,null,null,null,null,null,null,null,null,null,null,null,null,null,null,null,null,null,null,"CL","CENTILITRO"]
[null,null,null,null,null,null,null,null,null,null,null,null,null,null,null,null,null,null,null,null,null,null,null,null,null,null,null,null,null,null,null,null,null,null,null,null,null,null,null,null,null,null,null,null,null,null,null,"CM","CENTÍMETRO"]
[null,null,null,null,null,null,null,null,null,null,null,null,null,null,null,null,null,null,null,null,null,null,null,null,null,null,null,null,null,null,null,null,null,null,null,null,null,null,null,null,null,null,null,null,null,null,null,"CM/POL","CENTÍMETRO/POLEGADA"]
[null,null,null,null,null,null,null,null,null,null,null,null,null,null,null,null,null,null,null,null,null,null,null,null,null,null,null,null,null,null,null,null,null,null,null,null,null,null,null,null,null,null,null,null,null,null,null,"CM2","CENTIMETRO QUADRADO"]
[null,null,null,null,null,null,null,null,null,null,null,null,null,null,null,null,null,null,null,null,null,null,null,null,null,null,null,null,null,null,null,null,null,null,null,null,null,null,null,null,null,null,null,null,null,null,null,"CM2/H","CENT.QUAD/HORA"]
[null,null,null,null,null,null,null,null,null,null,null,null,null,null,null,null,null,null,null,null,null,null,null,null,null,null,null,null,null,null,null,null,null,null,null,null,null,null,null,null,null,null,null,null,null,null,null,"CM2/M","CENT.QUADRADO/METRO"]
[null,null,null,null,null,null,null,null,null,null,null,null,null,null,null,null,null,null,null,null,null,null,null,null,null,null,null,null,null,null,null,null,null,null,null,null,null,null,null,null,null,null,null,null,null,null,null,"CM3","CENTÍMETRO CÚBICO"]
[null,null,null,null,null,null,null,null,null,null,null,null,null,null,null,null,null,null,null,null,null,null,null,null,null,null,null,null,null,null,null,null,null,null,null,null,null,null,null,null,null,null,null,null,null,null,null,"CM³/H","CENT.CÚBICO POR HORA"]
[null,null,null,null,null,null,null,null,null,null,null,null,null,null,null,null,null,null,null,null,null,null,null,null,null,null,null,null,null,null,null,null,null,null,null,null,null,null,null,null,null,null,null,null,null,null,null,"CM³/MIN","CM³/MINUTO"]
[null,null,null,null,null,null,null,null,null,null,null,null,null,null,null,null,null,null,null,null,null,null,null,null,null,null,null,null,null,null,null,null,null,null,null,null,null,null,null,null,null,null,null,null,null,null,null,"CNT","RECIPIENTE"]
[null,null,null,null,null,null,null,null,null,null,null,null,null,null,null,null,null,null,null,null,null,null,null,null,null,null,null,null,null,null,null,null,null,null,null,null,null,null,null,null,null,null,null,null,null,null,null,"CO","CONTEINER"]
[null,null,null,null,null,null,null,null,null,null,null,null,null,null,null,null,null,null,null,null,null,null,null,null,null,null,null,null,null,null,null,null,null,null,null,null,null,null,null,null,null,null,null,null,null,null,null,"COL","COLEÇÃO"]
[null,null,null,null,null,null,null,null,null,null,null,null,null,null,null,null,null,null,null,null,null,null,null,null,null,null,null,null,null,null,null,null,null,null,null,null,null,null,null,null,null,null,null,null,null,null,null,"COMP","COMPRIMENTO"]
[null,null,null,null,null,null,null,null,null,null,null,null,null,null,null,null,null,null,null,null,null,null,null,null,null,null,null,null,null,null,null,null,null,null,null,null,null,null,null,null,null,null,null,null,null,null,null,"COMPR","COMPRIMIDO"]
[null,null,null,null,null,null,null,null,null,null,null,null,null,null,null,null,null,null,null,null,null,null,null,null,null,null,null,null,null,null,null,null,null,null,null,null,null,null,null,null,null,null,null,null,null,null,null,"CÓPIA","CÓPIA"]
[null,null,null,null,null,null,null,null,null,null,null,null,null,null,null,null,null,null,null,null,null,null,null,null,null,null,null,null,null,null,null,null,null,null,null,null,null,null,null,null,null,null,null,null,null,null,null,"COPO","COPO"]
[null,null,null,null,null,null,null,null,null,null,null,null,null,null,null,null,null,null,null,null,null,null,null,null,null,null,null,null,null,null,null,null,null,null,null,null,null,null,null,null,null,null,null,null,null,null,null,"CP","CENTIPOISE"]
[null,null,null,null,null,null,null,null,null,null,null,null,null,null,null,null,null,null,null,null,null,null,null,null,null,null,null,null,null,null,null,null,null,null,null,null,null,null,null,null,null,null,null,null,null,null,null,"CPL","CARACTERES POR LINHA"]
[null,null,null,null,null,null,null,null,null,null,null,null,null,null,null,null,null,null,null,null,null,null,null,null,null,null,null,null,null,null,null,null,null,null,null,null,null,null,null,null,null,null,null,null,null,null,null,"CPM","CÓPIA POR MINUTO"]
[null,null,null,null,null,null,null,null,null,null,null,null,null,null,null,null,null,null,null,null,null,null,null,null,null,null,null,null,null,null,null,null,null,null,null,null,null,null,null,null,null,null,null,null,null,null,null,"CPS","CARACTER POR SEGUNDO"]
[null,null,null,null,null,null,null,null,null,null,null,null,null,null,null,null,null,null,null,null,null,null,null,null,null,null,null,null,null,null,null,null,null,null,null,null,null,null,null,null,null,null,null,null,null,null,null,"CRT","CARRETEL"]
[null,null,null,null,null,null,null,null,null,null,null,null,null,null,null,null,null,null,null,null,null,null,null,null,null,null,null,null,null,null,null,null,null,null,null,null,null,null,null,null,null,null,null,null,null,null,null,"CS","GRADEADO DE JAULA"]
[null,null,null,null,null,null,null,null,null,null,null,null,null,null,null,null,null,null,null,null,null,null,null,null,null,null,null,null,null,null,null,null,null,null,null,null,null,null,null,null,null,null,null,null,null,null,null,"CST","CENTISTOCKS"]
[null,null,null,null,null,null,null,null,null,null,null,null,null,null,null,null,null,null,null,null,null,null,null,null,null,null,null,null,null,null,null,null,null,null,null,null,null,null,null,null,null,null,null,null,null,null,null,"CT","CARTAO"]
[null,null,null,null,null,null,null,null,null,null,null,null,null,null,null,null,null,null,null,null,null,null,null,null,null,null,null,null,null,null,null,null,null,null,null,null,null,null,null,null,null,null,null,null,null,null,null,"CTE","CARTELA"]
[null,null,null,null,null,null,null,null,null,null,null,null,null,null,null,null,null,null,null,null,null,null,null,null,null,null,null,null,null,null,null,null,null,null,null,null,null,null,null,null,null,null,null,null,null,null,null,"CV","CAVALO VAPOR"]
[null,null,null,null,null,null,null,null,null,null,null,null,null,null,null,null,null,null,null,null,null,null,null,null,null,null,null,null,null,null,null,null,null,null,null,null,null,null,null,null,null,null,null,null,null,null,null,"CX","CAIXA"]
[null,null,null,null,null,null,null,null,null,null,null,null,null,null,null,null,null,null,null,null,null,null,null,null,null,null,null,null,null,null,null,null,null,null,null,null,null,null,null,null,null,null,null,null,null,null,null,"CX100UN","CAIXA COM 100 UNIDADES"]
[null,null,null,null,null,null,null,null,null,null,null,null,null,null,null,null,null,null,null,null,null,null,null,null,null,null,null,null,null,null,null,null,null,null,null,null,null,null,null,null,null,null,null,null,null,null,null,"CX40UN","CAIXA COM 40 UNIDADES"]
[null,null,null,null,null,null,null,null,null,null,null,null,null,null,null,null,null,null,null,null,null,null,null,null,null,null,null,null,null,null,null,null,null,null,null,null,null,null,null,null,null,null,null,null,null,null,null,"D","DIA"]
[null,null,null,null,null,null,null,null,null,null,null,null,null,null,null,null,null,null,null,null,null,null,null,null,null,null,null,null,null,null,null,null,null,null,null,null,null,null,null,null,null,null,null,null,null,null,null,"DAG","DECAGRAMA"]
[null,null,null,null,null,null,null,null,null,null,null,null,null,null,null,null,null,null,null,null,null,null,null,null,null,null,null,null,null,null,null,null,null,null,null,null,null,null,null,null,null,null,null,null,null,null,null,"DAL","DECALITRO"]
[null,null,null,null,null,null,null,null,null,null,null,null,null,null,null,null,null,null,null,null,null,null,null,null,null,null,null,null,null,null,null,null,null,null,null,null,null,null,null,null,null,null,null,null,null,null,null,"DAM","DECAMETRO"]
[null,null,null,null,null,null,null,null,null,null,null,null,null,null,null,null,null,null,null,null,null,null,null,null,null,null,null,null,null,null,null,null,null,null,null,null,null,null,null,null,null,null,null,null,null,null,null,"DAN","DECANEWTON"]
[null,null,null,null,null,null,null,null,null,null,null,null,null,null,null,null,null,null,null,null,null,null,null,null,null,null,null,null,null,null,null,null,null,null,null,null,null,null,null,null,null,null,null,null,null,null,null,"DB","DECIBEL"]
[null,null,null,null,null,null,null,null,null,null,null,null,null,null,null,null,null,null,null,null,null,null,null,null,null,null,null,null,null,null,null,null,null,null,null,null,null,null,null,null,null,null,null,null,null,null,null,"DBM","DECIBEL MILIWATT"]
[null,null,null,null,null,null,null,null,null,null,null,null,null,null,null,null,null,null,null,null,null,null,null,null,null,null,null,null,null,null,null,null,null,null,null,null,null,null,null,null,null,null,null,null,null,null,null,"DG","DECIGRAMA"]
[null,null,null,null,null,null,null,null,null,null,null,null,null,null,null,null,null,null,null,null,null,null,null,null,null,null,null,null,null,null,null,null,null,null,null,null,null,null,null,null,null,null,null,null,null,null,null,"DGT","DÍGITO"]
[null,null,null,null,null,null,null,null,null,null,null,null,null,null,null,null,null,null,null,null,null,null,null,null,null,null,null,null,null,null,null,null,null,null,null,null,null,null,null,null,null,null,null,null,null,null,null,"DIA","DIA"]
[null,null,null,null,null,null,null,null,null,null,null,null,null,null,null,null,null,null,null,null,null,null,null,null,null,null,null,null,null,null,null,null,null,null,null,null,null,null,null,null,null,null,null,null,null,null,null,"DIAS","DIAS"]
[null,null,null,null,null,null,null,null,null,null,null,null,null,null,null,null,null,null,null,null,null,null,null,null,null,null,null,null,null,null,null,null,null,null,null,null,null,null,null,null,null,null,null,null,null,null,null,"DISCO","DISCO"]
[null,null,null,null,null,null,null,null,null,null,null,null,null,null,null,null,null,null,null,null,null,null,null,null,null,null,null,null,null,null,null,null,null,null,null,null,null,null,null,null,null,null,null,null,null,null,null,"DL","DECALITRO"]
[null,null,null,null,null,null,null,null,null,null,null,null,null,null,null,null,null,null,null,null,null,null,null,null,null,null,null,null,null,null,null,null,null,null,null,null,null,null,null,null,null,null,null,null,null,null,null,"DM","DECIMETRO"]
[null,null,null,null,null,null,null,null,null,null,null,null,null,null,null,null,null,null,null,null,null,null,null,null,null,null,null,null,null,null,null,null,null,null,null,null,null,null,null,null,null,null,null,null,null,null,null,"DM2","DECIMETRO QUADRADO"]
[null,null,null,null,null,null,null,null,null,null,null,null,null,null,null,null,null,null,null,null,null,null,null,null,null,null,null,null,null,null,null,null,null,null,null,null,null,null,null,null,null,null,null,null,null,null,null,"DM3","DECIMETRO CUBICO"]
[null,null,null,null,null,null,null,null,null,null,null,null,null,null,null,null,null,null,null,null,null,null,null,null,null,null,null,null,null,null,null,null,null,null,null,null,null,null,null,null,null,null,null,null,null,null,null,"DM3","DECIMETRO CUBICO"]
[null,null,null,null,null,null,null,null,null,null,null,null,null,null,null,null,null,null,null,null,null,null,null,null,null,null,null,null,null,null,null,null,null,null,null,null,null,null,null,null,null,null,null,null,null,null,null,"DOSES","DOSES"]
[null,null,null,null,null,null,null,null,null,null,null,null,null,null,null,null,null,null,null,null,null,null,null,null,null,null,null,null,null,null,null,null,null,null,null,null,null,null,null,null,null,null,null,null,null,null,null,"DPI","PONTOS DE DEFINIÇÃO"]
[null,null,null,null,null,null,null,null,null,null,null,null,null,null,null,null,null,null,null,null,null,null,null,null,null,null,null,null,null,null,null,null,null,null,null,null,null,null,null,null,null,null,null,null,null,null,null,"DPT","DIOPTRIA"]
[null,null,null,null,null,null,null,null,null,null,null,null,null,null,null,null,null,null,null,null,null,null,null,null,null,null,null,null,null,null,null,null,null,null,null,null,null,null,null,null,null,null,null,null,null,null,null,"DRAG","DRÁGEA"]
[null,null,null,null,null,null,null,null,null,null,null,null,null,null,null,null,null,null,null,null,null,null,null,null,null,null,null,null,null,null,null,null,null,null,null,null,null,null,null,null,null,null,null,null,null,null,null,"DZ","DUZIA"]
[null,null,null,null,null,null,null,null,null,null,null,null,null,null,null,null,null,null,null,null,null,null,null,null,null,null,null,null,null,null,null,null,null,null,null,null,null,null,null,null,null,null,null,null,null,null,null,"EMB","EMBALAGEM"]
[null,null,null,null,null,null,null,null,null,null,null,null,null,null,null,null,null,null,null,null,null,null,null,null,null,null,null,null,null,null,null,null,null,null,null,null,null,null,null,null,null,null,null,null,null,null,null,"EMB/H","EMBALAGEM POR HORA"]
[null,null,null,null,null,null,null,null,null,null,null,null,null,null,null,null,null,null,null,null,null,null,null,null,null,null,null,null,null,null,null,null,null,null,null,null,null,null,null,null,null,null,null,null,null,null,null,"EMP","EMPLASTRO"]
[null,null,null,null,null,null,null,null,null,null,null,null,null,null,null,null,null,null,null,null,null,null,null,null,null,null,null,null,null,null,null,null,null,null,null,null,null,null,null,null,null,null,null,null,null,null,null,"ENV","ENVELOPE"]
[null,null,null,null,null,null,null,null,null,null,null,null,null,null,null,null,null,null,null,null,null,null,null,null,null,null,null,null,null,null,null,null,null,null,null,null,null,null,null,null,null,null,null,null,null,null,null,"ENV27/9G","ENVELOPE COM 27,9 g"]
[null,null,null,null,null,null,null,null,null,null,null,null,null,null,null,null,null,null,null,null,null,null,null,null,null,null,null,null,null,null,null,null,null,null,null,null,null,null,null,null,null,null,null,null,null,null,null,"ENV30G","ENVELOPE COM 30 g"]
[null,null,null,null,null,null,null,null,null,null,null,null,null,null,null,null,null,null,null,null,null,null,null,null,null,null,null,null,null,null,null,null,null,null,null,null,null,null,null,null,null,null,null,null,null,null,null,"EQP","EQUIPAMENTO"]
[null,null,null,null,null,null,null,null,null,null,null,null,null,null,null,null,null,null,null,null,null,null,null,null,null,null,null,null,null,null,null,null,null,null,null,null,null,null,null,null,null,null,null,null,null,null,null,"EST","ESTUDANTE"]
[null,null,null,null,null,null,null,null,null,null,null,null,null,null,null,null,null,null,null,null,null,null,null,null,null,null,null,null,null,null,null,null,null,null,null,null,null,null,null,null,null,null,null,null,null,null,null,"EV","ELÉTRON-VOLT"]
[null,null,null,null,null,null,null,null,null,null,null,null,null,null,null,null,null,null,null,null,null,null,null,null,null,null,null,null,null,null,null,null,null,null,null,null,null,null,null,null,null,null,null,null,null,null,null,"F","FARAD"]
[null,null,null,null,null,null,null,null,null,null,null,null,null,null,null,null,null,null,null,null,null,null,null,null,null,null,null,null,null,null,null,null,null,null,null,null,null,null,null,null,null,null,null,null,null,null,null,"FCK","FCK"]
[null,null,null,null,null,null,null,null,null,null,null,null,null,null,null,null,null,null,null,null,null,null,null,null,null,null,null,null,null,null,null,null,null,null,null,null,null,null,null,null,null,null,null,null,null,null,null,"FD","FARDO"]
[null,null,null,null,null,null,null,null,null,null,null,null,null,null,null,null,null,null,null,null,null,null,null,null,null,null,null,null,null,null,null,null,null,null,null,null,null,null,null,null,null,null,null,null,null,null,null,"FL","FOLHA"]
[null,null,null,null,null,null,null,null,null,null,null,null,null,null,null,null,null,null,null,null,null,null,null,null,null,null,null,null,null,null,null,null,null,null,null,null,null,null,null,null,null,null,null,null,null,null,null,"FLAC","FLACONETE"]
[null,null,null,null,null,null,null,null,null,null,null,null,null,null,null,null,null,null,null,null,null,null,null,null,null,null,null,null,null,null,null,null,null,null,null,null,null,null,null,null,null,null,null,null,null,null,null,"FLS/H","FOLHAS POR HORA"]
[null,null,null,null,null,null,null,null,null,null,null,null,null,null,null,null,null,null,null,null,null,null,null,null,null,null,null,null,null,null,null,null,null,null,null,null,null,null,null,null,null,null,null,null,null,null,null,"FPM","FLASH POR MINUTO"]
[null,null,null,null,null,null,null,null,null,null,null,null,null,null,null,null,null,null,null,null,null,null,null,null,null,null,null,null,null,null,null,null,null,null,null,null,null,null,null,null,null,null,null,null,null,null,null,"FPS","FOTOS P/SEGUNDO"]
[null,null,null,null,null,null,null,null,null,null,null,null,null,null,null,null,null,null,null,null,null,null,null,null,null,null,null,null,null,null,null,null,null,null,null,null,null,null,null,null,null,null,null,null,null,null,null,"FR","FRASCO"]
[null,null,null,null,null,null,null,null,null,null,null,null,null,null,null,null,null,null,null,null,null,null,null,null,null,null,null,null,null,null,null,null,null,null,null,null,null,null,null,null,null,null,null,null,null,null,null,"FR1000ML","FRASCO COM 1000 mL"]
[null,null,null,null,null,null,null,null,null,null,null,null,null,null,null,null,null,null,null,null,null,null,null,null,null,null,null,null,null,null,null,null,null,null,null,null,null,null,null,null,null,null,null,null,null,null,null,"FR100DS","FRASCO COM 100 DOSES"]
[null,null,null,null,null,null,null,null,null,null,null,null,null,null,null,null,null,null,null,null,null,null,null,null,null,null,null,null,null,null,null,null,null,null,null,null,null,null,null,null,null,null,null,null,null,null,null,"FR100ML","FRASCO COM 100 mL"]
[null,null,null,null,null,null,null,null,null,null,null,null,null,null,null,null,null,null,null,null,null,null,null,null,null,null,null,null,null,null,null,null,null,null,null,null,null,null,null,null,null,null,null,null,null,null,null,"FR105ML","FRASCO COM 105 mL"]
[null,null,null,null,null,null,null,null,null,null,null,null,null,null,null,null,null,null,null,null,null,null,null,null,null,null,null,null,null,null,null,null,null,null,null,null,null,null,null,null,null,null,null,null,null,null,null,"FR10ML","FRASCO COM 10 mL"]
[null,null,null,null,null,null,null,null,null,null,null,null,null,null,null,null,null,null,null,null,null,null,null,null,null,null,null,null,null,null,null,null,null,null,null,null,null,null,null,null,null,null,null,null,null,null,null,"FR110ML","FRASCO COM 110 mL"]
[null,null,null,null,null,null,null,null,null,null,null,null,null,null,null,null,null,null,null,null,null,null,null,null,null,null,null,null,null,null,null,null,null,null,null,null,null,null,null,null,null,null,null,null,null,null,null,"FR1200MG","FRASCO COM 1200 MG"]
[null,null,null,null,null,null,null,null,null,null,null,null,null,null,null,null,null,null,null,null,null,null,null,null,null,null,null,null,null,null,null,null,null,null,null,null,null,null,null,null,null,null,null,null,null,null,null,"FR120DS","FRASCO COM 120 DOSES"]
[null,null,null,null,null,null,null,null,null,null,null,null,null,null,null,null,null,null,null,null,null,null,null,null,null,null,null,null,null,null,null,null,null,null,null,null,null,null,null,null,null,null,null,null,null,null,null,"FR120ML","FRASCO COM 120 mL"]
[null,null,null,null,null,null,null,null,null,null,null,null,null,null,null,null,null,null,null,null,null,null,null,null,null,null,null,null,null,null,null,null,null,null,null,null,null,null,null,null,null,null,null,null,null,null,null,"FR125ML","FRASCO COM 125 mL"]
[null,null,null,null,null,null,null,null,null,null,null,null,null,null,null,null,null,null,null,null,null,null,null,null,null,null,null,null,null,null,null,null,null,null,null,null,null,null,null,null,null,null,null,null,null,null,null,"FR130DS","FRASCO COM 130 DOSES"]
[null,null,null,null,null,null,null,null,null,null,null,null,null,null,null,null,null,null,null,null,null,null,null,null,null,null,null,null,null,null,null,null,null,null,null,null,null,null,null,null,null,null,null,null,null,null,null,"FR1500MG","FRASCO COM 1500 MG"]
[null,null,null,null,null,null,null,null,null,null,null,null,null,null,null,null,null,null,null,null,null,null,null,null,null,null,null,null,null,null,null,null,null,null,null,null,null,null,null,null,null,null,null,null,null,null,null,"FR150DS","FRASCO COM 150 DOSES"]
[null,null,null,null,null,null,null,null,null,null,null,null,null,null,null,null,null,null,null,null,null,null,null,null,null,null,null,null,null,null,null,null,null,null,null,null,null,null,null,null,null,null,null,null,null,null,null,"FR150ML","FRASCO COM 150 mL"]
[null,null,null,null,null,null,null,null,null,null,null,null,null,null,null,null,null,null,null,null,null,null,null,null,null,null,null,null,null,null,null,null,null,null,null,null,null,null,null,null,null,null,null,null,null,null,null,"FR15ML","FRASCO COM 15 mL"]
[null,null,null,null,null,null,null,null,null,null,null,null,null,null,null,null,null,null,null,null,null,null,null,null,null,null,null,null,null,null,null,null,null,null,null,null,null,null,null,null,null,null,null,null,null,null,null,"FR160ML","FRASCO COM 160 mL"]
[null,null,null,null,null,null,null,null,null,null,null,null,null,null,null,null,null,null,null,null,null,null,null,null,null,null,null,null,null,null,null,null,null,null,null,null,null,null,null,null,null,null,null,null,null,null,null,"FR200DS","FRASCO COM 200 DOSES"]
[null,null,null,null,null,null,null,null,null,null,null,null,null,null,null,null,null,null,null,null,null,null,null,null,null,null,null,null,null,null,null,null,null,null,null,null,null,null,null,null,null,null,null,null,null,null,null,"FR200ML","FRASCO COM 200 mL"]
[null,null,null,null,null,null,null,null,null,null,null,null,null,null,null,null,null,null,null,null,null,null,null,null,null,null,null,null,null,null,null,null,null,null,null,null,null,null,null,null,null,null,null,null,null,null,null,"FR20ML","FRASCO COM 20 mL"]
[null,null,null,null,null,null,null,null,null,null,null,null,null,null,null,null,null,null,null,null,null,null,null,null,null,null,null,null,null,null,null,null,null,null,null,null,null,null,null,null,null,null,null,null,null,null,null,"FR240ML","FRASCO COM 240 mL"]
[null,null,null,null,null,null,null,null,null,null,null,null,null,null,null,null,null,null,null,null,null,null,null,null,null,null,null,null,null,null,null,null,null,null,null,null,null,null,null,null,null,null,null,null,null,null,null,"FR250ML","FRASCO COM 250 mL"]
[null,null,null,null,null,null,null,null,null,null,null,null,null,null,null,null,null,null,null,null,null,null,null,null,null,null,null,null,null,null,null,null,null,null,null,null,null,null,null,null,null,null,null,null,null,null,null,"FR300DS","FRASCO COM 300 DOSES"]
[null,null,null,null,null,null,null,null,null,null,null,null,null,null,null,null,null,null,null,null,null,null,null,null,null,null,null,null,null,null,null,null,null,null,null,null,null,null,null,null,null,null,null,null,null,null,null,"FR300ML","FRASCO COM 300 mL"]
[null,null,null,null,null,null,null,null,null,null,null,null,null,null,null,null,null,null,null,null,null,null,null,null,null,null,null,null,null,null,null,null,null,null,null,null,null,null,null,null,null,null,null,null,null,null,null,"FR30DS","FRASCO COM 30 DOSES"]
[null,null,null,null,null,null,null,null,null,null,null,null,null,null,null,null,null,null,null,null,null,null,null,null,null,null,null,null,null,null,null,null,null,null,null,null,null,null,null,null,null,null,null,null,null,null,null,"FR30G","FRASCO COM 30 g"]
[null,null,null,null,null,null,null,null,null,null,null,null,null,null,null,null,null,null,null,null,null,null,null,null,null,null,null,null,null,null,null,null,null,null,null,null,null,null,null,null,null,null,null,null,null,null,null,"FR30ML","FRASCO COM 30 mL"]
[null,null,null,null,null,null,null,null,null,null,null,null,null,null,null,null,null,null,null,null,null,null,null,null,null,null,null,null,null,null,null,null,null,null,null,null,null,null,null,null,null,null,null,null,null,null,null,"FR340ML","FRASCO COM 340 mL"]
[null,null,null,null,null,null,null,null,null,null,null,null,null,null,null,null,null,null,null,null,null,null,null,null,null,null,null,null,null,null,null,null,null,null,null,null,null,null,null,null,null,null,null,null,null,null,null,"FR350ML","FRASCO COM 350 mL"]
[null,null,null,null,null,null,null,null,null,null,null,null,null,null,null,null,null,null,null,null,null,null,null,null,null,null,null,null,null,null,null,null,null,null,null,null,null,null,null,null,null,null,null,null,null,null,null,"FR40ML","FRASCO COM 40 mL"]
[null,null,null,null,null,null,null,null,null,null,null,null,null,null,null,null,null,null,null,null,null,null,null,null,null,null,null,null,null,null,null,null,null,null,null,null,null,null,null,null,null,null,null,null,null,null,null,"FR45ML","FRASCO COM 45 mL"]
[null,null,null,null,null,null,null,null,null,null,null,null,null,null,null,null,null,null,null,null,null,null,null,null,null,null,null,null,null,null,null,null,null,null,null,null,null,null,null,null,null,null,null,null,null,null,null,"FR500ML","FRASCO COM 500 mL"]
[null,null,null,null,null,null,null,null,null,null,null,null,null,null,null,null,null,null,null,null,null,null,null,null,null,null,null,null,null,null,null,null,null,null,null,null,null,null,null,null,null,null,null,null,null,null,null,"H","HORA"]
[null,null,null,null,null,null,null,null,null,null,null,null,null,null,null,null,null,null,null,null,null,null,null,null,null,null,null,null,null,null,null,null,null,null,null,null,null,null,null,null,null,null,null,null,null,null,null,"KG","QUILOGRAMA"]
[null,null,null,null,null,null,null,null,null,null,null,null,null,null,null,null,null,null,null,null,null,null,null,null,null,null,null,null,null,null,null,null,null,null,null,null,null,null,null,null,null,null,null,null,null,null,null,"KM","QUILOMETRO"]
[null,null,null,null,null,null,null,null,null,null,null,null,null,null,null,null,null,null,null,null,null,null,null,null,null,null,null,null,null,null,null,null,null,null,null,null,null,null,null,null,null,null,null,null,null,null,null,"M","METRO"]
[null,null,null,null,null,null,null,null,null,null,null,null,null,null,null,null,null,null,null,null,null,null,null,null,null,null,null,null,null,null,null,null,null,null,null,null,null,null,null,null,null,null,null,null,null,null,null,"M2","METRO QUADRADO"]
[null,null,null,null,null,null,null,null,null,null,null,null,null,null,null,null,null,null,null,null,null,null,null,null,null,null,null,null,null,null,null,null,null,null,null,null,null,null,null,null,null,null,null,null,null,null,null,"M3","METRO CÚBICO"]
[null,null,null,null,null,null,null,null,null,null,null,null,null,null,null,null,null,null,null,null,null,null,null,null,null,null,null,null,null,null,null,null,null,null,null,null,null,null,null,null,null,null,null,null,null,null,null,"M3XKM","M3XKM"]
[null,null,null,null,null,null,null,null,null,null,null,null,null,null,null,null,null,null,null,null,null,null,null,null,null,null,null,null,null,null,null,null,null,null,null,null,null,null,null,null,null,null,null,null,null,null,null,"MES","MES"]
[null,null,null,null,null,null,null,null,null,null,null,null,null,null,null,null,null,null,null,null,null,null,null,null,null,null,null,null,null,null,null,null,null,null,null,null,null,null,null,null,null,null,null,null,null,null,null,"MÊS","MÊS/MESES"]
[null,null,null,null,null,null,null,null,null,null,null,null,null,null,null,null,null,null,null,null,null,null,null,null,null,null,null,null,null,null,null,null,null,null,null,null,null,null,null,null,null,null,null,null,null,null,null,"MESES","MÊS/MESES"]
[null,null,null,null,null,null,null,null,null,null,null,null,null,null,null,null,null,null,null,null,null,null,null,null,null,null,null,null,null,null,null,null,null,null,null,null,null,null,null,null,null,null,null,null,null,null,null,"OUTRAS","OUTRAS"]
[null,null,null,null,null,null,null,null,null,null,null,null,null,null,null,null,null,null,null,null,null,null,null,null,null,null,null,null,null,null,null,null,null,null,null,null,null,null,null,null,null,null,null,null,null,null,null,"PAR","PAR"]
[null,null,null,null,null,null,null,null,null,null,null,null,null,null,null,null,null,null,null,null,null,null,null,null,null,null,null,null,null,null,null,null,null,null,null,null,null,null,null,null,null,null,null,null,null,null,null,"PC","PEÇA"]
[null,null,null,null,null,null,null,null,null,null,null,null,null,null,null,null,null,null,null,null,null,null,null,null,null,null,null,null,null,null,null,null,null,null,null,null,null,null,null,null,null,null,null,null,null,null,null,"T","TONELADA"]
[null,null,null,null,null,null,null,null,null,null,null,null,null,null,null,null,null,null,null,null,null,null,null,null,null,null,null,null,null,null,null,null,null,null,null,null,null,null,null,null,null,null,null,null,null,null,null,"TXKM","TXKM"]
[null,null,null,null,null,null,null,null,null,null,null,null,null,null,null,null,null,null,null,null,null,null,null,null,null,null,null,null,null,null,null,null,null,null,null,null,null,null,null,null,null,null,null,null,null,null,null,"UN","UNIDADE"]

{"sheet":"BDI","index":3,"n_rows":146,"n_cols":26,"rows_kept":146,"cut":false,"hidden":false,"merged":[[4,9,4,10],[4,11,4,12],[4,13,4,18],[0,17,0,18],[1,17,1,18],[3,9,3,10],[3,11,3,12],[3,13,3,18],[10,9,10,16],[10,17,10,18],[6,9,6,18],[7,9,7,18],[9,9,9,16],[9,17,9,18],[18,23,19,23],[18,24,19,24],[16,9,16,18],[18,25,19,25],[18,20,19,22],[18,9,19,16],[18,17,19,17],[18,18,19,18],[13,9,13,18],[15,9,15,18],[22,9,22,16],[22,20,22,22],[20,9,20,16],[20,20,20,22],[21,9,21,16],[21,20,21,22],[24,9,24,16],[24,20,24,22],[25,9,25,16],[25,20,25,22],[26,9,26,16],[26,20,26,22],[27,9,27,16],[27,20,27,22],[23,9,23,16],[23,20,23,22],[35,13,35,15],[37,9,37,18],[29,9,29,16],[31,10,31,18],[28,9,28,16],[28,20,28,22],[33,9,33,18],[34,12,35,12],[48,9,48,12],[53,9,53,18],[44,9,44,12],[44,15,44,18],[45,9,45,12],[47,9,47,12],[34,13,34,15],[34,16,35,16],[39,9,39,18],[42,9,42,18],[58,24,59,24],[58,25,59,25],[58,9,59,16],[58,17,59,17],[58,18,59,18],[58,20,59,22],[58,23,59,23],[60,9,60,16],[60,20,60,22],[55,9,55,18],[56,9,56,18],[63,9,63,16],[63,20,63,22],[61,9,61,16],[61,20,61,22],[62,9,62,16],[62,20,62,22],[64,9,64,16],[64,20,64,22],[65,9,65,16],[65,20,65,22],[66,20,66,22],[67,9,67,16],[67,20,67,22],[93,9,93,18],[84,9,84,12],[84,15,84,18],[66,9,66,16],[77,9,77,18],[69,9,69,16],[71,10,71,18],[88,9,88,12],[68,20,68,22],[85,9,85,12],[87,9,87,12],[73,9,73,18],[74,12,75,12],[79,9,79,18],[82,9,82,18],[75,13,75,15],[74,13,74,15],[74,16,75,16],[98,24,99,24],[98,25,99,25],[98,9,99,16],[98,17,99,17],[98,18,99,18],[98,23,99,23],[100,9,100,16],[100,20,100,22],[95,9,95,18],[96,9,96,18],[98,20,99,22],[107,20,107,22],[108,9,108,16],[108,20,108,22],[109,9,109,16],[111,10,111,18],[117,9,117,18],[5,8,9,8],[113,9,113,18],[106,9,106,16],[114,12,115,12],[104,9,104,16],[102,9,102,16],[68,9,68,16],[114,13,114,15],[114,16,115,16],[101,9,101,16],[101,20,101,22],[104,20,104,22],[105,9,105,16],[105,20,105,22],[103,9,103,16],[103,20,103,22],[102,20,102,22],[106,20,106,22],[128,9,128,12],[119,9,119,18],[122,9,122,18],[124,9,124,12],[124,15,124,18],[125,9,125,12],[127,9,127,12],[115,13,115,15],[107,9,107,16]]}
[null,null,null,null,"MIN","MED","MAX",null,null,null,null,null,null,null,{"$f":"\"Quadro de Composição do BDI\"","v":"Quadro de Composição do BDI"},null,null,"Grau de Sigilo"]
["Construção e Reforma de Edifícios","AC",{"$f":"CONCATENATE(A2,\"-\",B2)","v":"Construção e Reforma de Edifícios-AC"},null,0.03,0.04,5.5E-2,null,null,null,null,null,null,null,null,null,null,"#PUBLICO"]
[{"$f":"A2","v":"Construção e Reforma de Edifícios"},"SG","Construção e Reforma de Edifícios-SG",null,8.0000000000000002E-3,8.0000000000000002E-3,0.01]
[{"$f":"A3","v":"Construção e Reforma de Edifícios"},"R","Construção e Reforma de Edifícios-R",null,9.7000000000000003E-3,1.2699999999999999E-2,1.2699999999999999E-2,null,null,"Nº OPERAÇÃO",null,"Nº TRANSFEREGOV",null,"PROPONENTE / TOMADOR"]
[{"$f":"A4","v":"Construção e Reforma de Edifícios"},"DF","Construção e Reforma de Edifícios-DF",null,5.8999999999999999E-3,1.23E-2,1.3899999999999999E-2,null,null,{"$f":"Import.CR","v":"11855.2660001/25-001"},null,{"$f":"Import.TransfereGOV","v":"36000010246/2025"},null,{"$f":"Import.Proponente","v":"PREFEITURA MUNICIPAL DE CARBONITA/MG"}]
[{"$f":"A5","v":"Construção e Reforma de Edifícios"},"L","Construção e Reforma de Edifícios-L",null,6.1600000000000002E-2,7.400000000000001E-2,8.9600000000000013E-2,null,"FILTRO"]
[{"$f":"A6","v":"Construção e Reforma de Edifícios"},"BDI PAD","Construção e Reforma de Edifícios-BDI PAD",null,0.2034,0.22120000000000001,0.25,null,null,"APELIDO DO EMPREENDIMENTO / DESCRIÇÃO DO LOTE",null,null,null,null,null,null,null,null,null,null,{"$f":"IF(OR(U10<>\"\",U11<>\"\"),\"Falta preencher os percentuais do ISS\",IF(U14<>\"\",\"Falta preencher o BDI 1\",IF(U54<>\"\",\"Falta preencher o BDI 2\",IF(U94<>\"\",\"Falta preencher o BDI 3\",\"\"))))","v":""}]
["Construção de Praças Urbanas, Rodovias, Ferrovias e recapeamento e pavimentação de vias urbanas","AC","Construção de Praças Urbanas, Rodovias, Ferrovias e recapeamento e pavimentação de vias urbanas-AC",null,3.7999999999999999E-2,4.0099999999999997E-2,4.6699999999999998E-2,null,null,{"$f":"Import.Apelido&\" / \"&Import.DescLote","v":"CONSTRUÇÃO DE UNIDADE BÁSICA DE SAÚDE / UNIDADE BÁSICA DE SAÚDE PORTE 1 - 389,78 m²"},null,null,null,null,null,null,null,null,null,null,{"$f":"IF(U29=\"FORA DO INTERVALO\",\"BDI 1 fora do intervalo\",IF(U69=\"FORA DO INTERVALO\",\"BDI 2 fora do intervalo\",IF(U109=\"FORA DO INTERVALO\",\"BDI 3 fora do intervalo\",\"\")))","v":""}]
["Construção de Praças Urbanas, Rodovias, Ferrovias e recapeamento e pavimentação de vias urbanas","SG","Construção de Praças Urbanas, Rodovias, Ferrovias e recapeamento e pavimentação de vias urbanas-SG",null,3.2000000000000002E-3,4.0000000000000001E-3,7.4000000000000003E-3]
["Construção de Praças Urbanas, Rodovias, Ferrovias e recapeamento e pavimentação de vias urbanas","R","Construção de Praças Urbanas, Rodovias, Ferrovias e recapeamento e pavimentação de vias urbanas-R",null,5.0000000000000001E-3,5.6000000000000008E-3,9.7000000000000003E-3,null,null,"Conforme legislação tributária municipal, definir estimativa de percentual da base de cálculo para o ISS:",null,null,null,null,null,null,null,1,null,null,{"$f":"IF(R10=\"\",\"Falta definir a base de cálculo para o ISS\",\"\")","v":""}]
["Construção de Praças Urbanas, Rodovias, Ferrovias e recapeamento e pavimentação de vias urbanas","DF","Construção de Praças Urbanas, Rodovias, Ferrovias e recapeamento e pavimentação de vias urbanas-DF",null,1.0200000000000001E-2,1.11E-2,1.21E-2,null,"↓","Sobre a base de cálculo, definir a respectiva alíquota do ISS (entre 2% e 5%):",null,null,null,null,null,null,null,0.03,null,null,{"$f":"IF(R11=\"\",\"Falta definir a alíquota do ISS\",\"\")","v":""}]
["Construção de Praças Urbanas, Rodovias, Ferrovias e recapeamento e pavimentação de vias urbanas","L","Construção de Praças Urbanas, Rodovias, Ferrovias e recapeamento e pavimentação de vias urbanas-L",null,6.6400000000000001E-2,7.2999999999999995E-2,8.6899999999999991E-2,null,"F"]
["Construção de Praças Urbanas, Rodovias, Ferrovias e recapeamento e pavimentação de vias urbanas","BDI PAD","Construção de Praças Urbanas, Rodovias, Ferrovias e recapeamento e pavimentação de vias urbanas-BDI PAD",null,0.19600000000000001,0.2097,0.24230000000000002,null,"F"]
["Construção de Redes de Abastecimento de Água, Coleta de Esgoto","AC","Construção de Redes de Abastecimento de Água, Coleta de Esgoto-AC",null,3.4300000000000004E-2,4.9299999999999997E-2,6.7099999999999993E-2,null,"F","BDI 1",null,null,null,null,null,null,null,null,null,null,{"$f":"IF(COUNTIF(ORÇAMENTO!$V$15:$V$472,BDI_1.Título)=0,\"\",IF(OR(Import.BDI.Tipo1=\"(SELECIONAR)\",Import.BDI.Tipo1=\"\",U17<>\"\",AND($J17<>$A$145,OR(S21=\"\",S22=\"\",AND($J17<>$A$146,OR(S23=\"\",S24=\"\")),S25=\"\",S26=\"\"))),\"Falta preencher o BDI 1\",\"\"))","v":""}]
[{"$f":"A14","v":"Construção de Redes de Abastecimento de Água, Coleta de Esgoto"},"SG","Construção de Redes de Abastecimento de Água, Coleta de Esgoto-SG",null,2.8000000000000004E-3,4.8999999999999998E-3,7.4999999999999997E-3,null,"F"]
[{"$f":"A15","v":"Construção de Redes de Abastecimento de Água, Coleta de Esgoto"},"R","Construção de Redes de Abastecimento de Água, Coleta de Esgoto-R",null,0.01,1.3899999999999999E-2,1.7399999999999999E-2,null,"F","TIPO DE OBRA"]
[{"$f":"A16","v":"Construção de Redes de Abastecimento de Água, Coleta de Esgoto"},"DF","Construção de Redes de Abastecimento de Água, Coleta de Esgoto-DF",null,9.3999999999999986E-3,9.8999999999999991E-3,1.1699999999999999E-2,null,"F","Construção e Reforma de Edifícios",null,null,null,null,null,null,null,null,null,{"$f":"IF(U17=\"\",\"\",\"◄\")","v":""},{"$f":"IF(AND(OR(S29>0,COUNTIF(ORÇAMENTO!$V$15:$V$472,BDI_1.Título)>0),OR(Import.BDI.Tipo1=\"(SELECIONAR)\",Import.BDI.Tipo1=\"\")),\"Selecione o Tipo de obra\",\"\")","v":""}]
[{"$f":"A17","v":"Construção de Redes de Abastecimento de Água, Coleta de Esgoto"},"L","Construção de Redes de Abastecimento de Água, Coleta de Esgoto-L",null,6.7400000000000002E-2,8.0399999999999985E-2,9.4E-2,null,"F"]
[{"$f":"A18","v":"Construção de Redes de Abastecimento de Água, Coleta de Esgoto"},"BDI PAD","Construção de Redes de Abastecimento de Água, Coleta de Esgoto-BDI PAD",null,0.20760000000000001,0.24179999999999999,0.26440000000000002,null,"F","Itens",null,null,null,null,null,null,null,"Siglas","% Adotado",null,"Situação",null,null,"1º Quartil","Médio","3º Quartil"]
["Construção e Manutenção de Estações e Redes de Distribuição de Energia Elétrica","AC","Construção e Manutenção de Estações e Redes de Distribuição de Energia Elétrica-AC",null,5.2900000000000003E-2,5.9200000000000003E-2,7.9299999999999995E-2,null,"F"]
[{"$f":"A20","v":"Construção e Manutenção de Estações e Redes de Distribuição de Energia Elétrica"},"SG","Construção e Manutenção de Estações e Redes de Distribuição de Energia Elétrica-SG",null,2.5000000000000001E-3,5.1000000000000004E-3,5.6000000000000008E-3,null,"F",{"$f":"IF($J$17=$A$146,\"Encargos Sociais incidentes sobre a mão de obra\",\"Administração Central\")","v":"Administração Central"},null,null,null,null,null,null,null,{"$f":"IF($J17=$A$146,\"K1\",\"AC\")","v":"AC"},0.03,{"$f":"IF(AND($U$14<>\"\",$U$17=\"\",R21<>\"\",S21=\"\"),\"◄\",\"\")","v":""},{"$f":"IFERROR(IF(T21=\"◄\",\"FALTA PREENCHER\",IF(AND(OR(S21>=X21,X21=\"-\"),OR(S21<=Z21,Z21=\"-\")),\"OK\",\"FORA DO INTERVALO\")),\"-\")","v":"OK"},null,null,{"$f":"VLOOKUP(CONCATENATE(J17,\"-\",R21),$C$2:$G$136,3,FALSE)","v":0.03},{"$f":"VLOOKUP(CONCATENATE(J17,\"-\",R21),$C$2:$G$136,4,FALSE)","v":0.04},{"$f":"VLOOKUP(CONCATENATE(J17,\"-\",R21),$C$2:$G$136,5,FALSE)","v":5.5E-2}]
[{"$f":"A21","v":"Construção e Manutenção de Estações e Redes de Distribuição de Energia Elétrica"},"R","Construção e Manutenção de Estações e Redes de Distribuição de Energia Elétrica-R",null,0.01,1.4800000000000001E-2,1.9699999999999999E-2,null,"F",{"$f":"IF($J$17=$A$146,\"Administração Central da empresa ou consultoria - overhead\",\"Seguro e Garantia\")","v":"Seguro e Garantia"},null,null,null,null,null,null,null,{"$f":"IF($J17=$A$146,\"K2\",\"SG\")","v":"SG"},8.0000000000000002E-3,{"$f":"IF(AND($U$14<>\"\",$U$17=\"\",R22<>\"\",S22=\"\"),\"◄\",\"\")","v":""},{"$f":"IFERROR(IF(T22=\"◄\",\"FALTA PREENCHER\",IF(AND(OR(S22>=X22,X22=\"-\"),OR(S22<=Z22,Z22=\"-\")),\"OK\",\"FORA DO INTERVALO\")),\"-\")","v":"OK"},null,null,{"$f":"VLOOKUP(CONCATENATE(J17,\"-\",R22),$C$2:$G$136,3,FALSE)","v":8.0000000000000002E-3},{"$f":"VLOOKUP(CONCATENATE(J17,\"-\",R22),$C$2:$G$136,4,FALSE)","v":8.0000000000000002E-3},{"$f":"VLOOKUP(CONCATENATE(J17,\"-\",R22),$C$2:$G$136,5,FALSE)","v":0.01}]
[{"$f":"A22","v":"Construção e Manutenção de Estações e Redes de Distribuição de Energia Elétrica"},"DF","Construção e Manutenção de Estações e Redes de Distribuição de Energia Elétrica-DF",null,1.01E-2,1.0700000000000001E-2,1.11E-2,null,"F","Risco",null,null,null,null,null,null,null,{"$f":"IF($J17=$A$146,\"\",\"R\")","v":"R"},9.7000000000000003E-3,"","OK",null,null,{"$f":"VLOOKUP(CONCATENATE(J17,\"-\",R23),$C$2:$G$136,3,FALSE)","v":9.7000000000000003E-3},{"$f":"VLOOKUP(CONCATENATE(J17,\"-\",R23),$C$2:$G$136,4,FALSE)","v":1.2699999999999999E-2},{"$f":"VLOOKUP(CONCATENATE(J17,\"-\",R23),$C$2:$G$136,5,FALSE)","v":1.2699999999999999E-2}]
[{"$f":"A23","v":"Construção e Manutenção de Estações e Redes de Distribuição de Energia Elétrica"},"L","Construção e Manutenção de Estações e Redes de Distribuição de Energia Elétrica-L",null,0.08,8.3100000000000007E-2,9.5100000000000004E-2,null,"F","Despesas Financeiras",null,null,null,null,null,null,null,{"$f":"IF($J17=$A$146,\"\",\"DF\")","v":"DF"},5.8999999999999999E-3,"","OK",null,null,{"$f":"VLOOKUP(CONCATENATE(J17,\"-\",R24),$C$2:$G$136,3,FALSE)","v":5.8999999999999999E-3},{"$f":"VLOOKUP(CONCATENATE(J17,\"-\",R24),$C$2:$G$136,4,FALSE)","v":1.23E-2},{"$f":"VLOOKUP(CONCATENATE(J17,\"-\",R24),$C$2:$G$136,5,FALSE)","v":1.3899999999999999E-2}]
[{"$f":"A24","v":"Construção e Manutenção de Estações e Redes de Distribuição de Energia Elétrica"},"BDI PAD","Construção e Manutenção de Estações e Redes de Distribuição de Energia Elétrica-BDI PAD",null,0.24,0.25840000000000002,0.27860000000000001,null,"F",{"$f":"IF($J$17=$A$146,\"Margem bruta da empresa de consultoria\",\"Lucro\")","v":"Lucro"},null,null,null,null,null,null,null,{"$f":"IF($J17=$A$146,\"K3\",\"L\")","v":"L"},6.7000000000000004E-2,"","OK",null,null,{"$f":"VLOOKUP(CONCATENATE(J17,\"-\",R25),$C$2:$G$136,3,FALSE)","v":6.1600000000000002E-2},{"$f":"VLOOKUP(CONCATENATE(J17,\"-\",R25),$C$2:$G$136,4,FALSE)","v":7.400000000000001E-2},{"$f":"VLOOKUP(CONCATENATE(J17,\"-\",R25),$C$2:$G$136,5,FALSE)","v":8.9600000000000013E-2}]
["Obras Portuárias, Marítimas e Fluviais","AC","Obras Portuárias, Marítimas e Fluviais-AC",null,0.04,5.5199999999999999E-2,7.85E-2,null,"F","Tributos (impostos COFINS 3%, e  PIS 0,65%)",null,null,null,null,null,null,null,"CP",3.6499999999999998E-2,"","OK",null,null,{"$f":"Y26","v":3.6499999999999998E-2},{"$f":"IF($J17=$A$145,\"-\",3.65%)","v":3.6499999999999998E-2},{"$f":"Y26","v":3.6499999999999998E-2}]
[{"$f":"A26","v":"Obras Portuárias, Marítimas e Fluviais"},"SG","Obras Portuárias, Marítimas e Fluviais-SG",null,8.1000000000000013E-3,1.2199999999999999E-2,1.9900000000000001E-2,null,"F","Tributos (ISS, variável de acordo com o município)",null,null,null,null,null,null,null,"ISS",{"$f":"IF(AND($J17<>$A$145,COUNTA(OFFSET(S20,1,0,6))>0),$R$11*$R$10,0)","v":0.03},null,"OK",null,null,0,2.5000000000000001E-2,0.05]
[{"$f":"A27","v":"Obras Portuárias, Marítimas e Fluviais"},"R","Obras Portuárias, Marítimas e Fluviais-R",null,1.46E-2,2.3199999999999998E-2,3.1600000000000003E-2,null,"F","Tributos (Contribuição Previdenciária sobre a Receita Bruta - Lei 12.546 de 14/12/2011 - Desoneração)",null,null,null,null,null,null,null,"CPRB",{"$f":"IF(BDI.Opcao<>\"Desonerado\",0,IF(AND($J17<>$A$145,COUNTA(OFFSET(S20,1,0,6))>0),IF(YEAR(Import.DataBase)<2025,4.5%,IF(YEAR(Import.DataBase)=2025,3.6%,IF(YEAR(Import.DataBase)=2026,2.7%,IF(YEAR(Import.DataBase)=2027,1.8%,0%)))),0%))","v":3.6000000000000004E-2},null,"OK",null,null,{"$f":"$S28","v":3.6000000000000004E-2},{"$f":"$S28","v":3.6000000000000004E-2},{"$f":"$S28","v":3.6000000000000004E-2}]
[{"$f":"A28","v":"Obras Portuárias, Marítimas e Fluviais"},"DF","Obras Portuárias, Marítimas e Fluviais-DF",null,9.3999999999999986E-3,1.0200000000000001E-2,1.3300000000000001E-2,null,"F","BDI SEM desoneração (Fórmula Acórdão TCU)",null,null,null,null,null,null,null,"BDI PAD",{"$f":"IF($J17=$A$145,0,ROUND((((1+S21+S22+S23)*(1+S24)*(1+S25)/(1-(S26+S27)))-1),4))","v":0.2046},null,{"$f":"IFERROR(IF(AND(OR(S29>=X29,X29=\"-\"),OR(S29<=Z29,Z29=\"-\")),\"OK\",\"FORA DO INTERVALO\"),IF(S29=0,\"OK\",\"Selecione o Tipo de obra\"))","v":"OK"},null,null,{"$f":"IF($J17=$A$145,0,VLOOKUP(CONCATENATE($J17,\"-\",$R29),$C$2:$G$136,3,FALSE))","v":0.2034},{"$f":"IF($J17=$A$145,0,VLOOKUP(CONCATENATE($J17,\"-\",$R29),$C$2:$G$136,4,FALSE))","v":0.22120000000000001},{"$f":"IF($J17=$A$145,0,VLOOKUP(CONCATENATE($J17,\"-\",$R29),$C$2:$G$136,5,FALSE))","v":0.25}]
[{"$f":"A29","v":"Obras Portuárias, Marítimas e Fluviais"},"L","Obras Portuárias, Marítimas e Fluviais-L",null,7.1399999999999991E-2,8.4000000000000005E-2,0.1043,null,"F","BDI COM desoneração",null,null,null,null,null,null,null,"BDI DES",{"$f":"IF($J17=$A$145,0,ROUND((((1+S21+S22+S23)*(1+S24)*(1+S25)/(1-(S26+S27+S28)))-1),4))","v":0.25290000000000001}]
[{"$f":"A30","v":"Obras Portuárias, Marítimas e Fluviais"},"BDI PAD","Obras Portuárias, Marítimas e Fluviais-BDI PAD",null,0.22800000000000001,0.27479999999999999,0.3095,null,"F"]
["Fornecimento de Materiais e Equipamentos (aquisição indireta - em conjunto com licitação de obras)","AC","Fornecimento de Materiais e Equipamentos (aquisição indireta - em conjunto com licitação de obras)-AC",null,1.4999999999999999E-2,3.4500000000000003E-2,4.4900000000000002E-2,null,"F",{"$f":"IF(U29<>\"ok\",\"X\",\"\")","v":""},{"$f":"IF(U29<>\"ok\",\"Anexo: Relatório Técnico Circunstanciado justificando a adoção do percentual de cada parcela do BDI.\",\"\")","v":""}]
[{"$f":"A32","v":"Fornecimento de Materiais e Equipamentos (aquisição indireta - em conjunto com licitação de obras)"},"SG","Fornecimento de Materiais e Equipamentos (aquisição indireta - em conjunto com licitação de obras)-SG",null,3.0000000000000001E-3,4.7999999999999996E-3,8.199999999999999E-3,null,"F"]
[{"$f":"A33","v":"Fornecimento de Materiais e Equipamentos (aquisição indireta - em conjunto com licitação de obras)"},"R","Fornecimento de Materiais e Equipamentos (aquisição indireta - em conjunto com licitação de obras)-R",null,5.6000000000000008E-3,8.5000000000000006E-3,8.8999999999999999E-3,null,"F","Os valores de BDI foram calculados com o emprego da fórmula:"]
[{"$f":"A34","v":"Fornecimento de Materiais e Equipamentos (aquisição indireta - em conjunto com licitação de obras)"},"DF","Fornecimento de Materiais e Equipamentos (aquisição indireta - em conjunto com licitação de obras)-DF",null,8.5000000000000006E-3,8.5000000000000006E-3,1.11E-2,null,"F",null,null,null,"BDI =",{"$f":"IF($J17=$A$146,\"(1+K1+K2)*(1+K3)\",\"(1+AC + S + R + G)*(1 + DF)*(1+L)\")","v":"(1+AC + S + R + G)*(1 + DF)*(1+L)"},null,null," - 1"]
[{"$f":"A35","v":"Fornecimento de Materiais e Equipamentos (aquisição indireta - em conjunto com licitação de obras)"},"L","Fornecimento de Materiais e Equipamentos (aquisição indireta - em conjunto com licitação de obras)-L",null,3.5000000000000003E-2,5.1100000000000007E-2,6.2199999999999998E-2,null,"F",null,null,null,null,"(1-CP-ISS-CRPB)"]
[{"$f":"A36","v":"Fornecimento de Materiais e Equipamentos (aquisição indireta - em conjunto com licitação de obras)"},"BDI PAD","Fornecimento de Materiais e Equipamentos (aquisição indireta - em conjunto com licitação de obras)-BDI PAD",null,0.111,0.14019999999999999,0.16800000000000001,null,"F"]
["Fornecimento de Materiais e Equipamentos (aquisição direta)","AC","Fornecimento de Materiais e Equipamentos (aquisição direta)-AC",null,"-","-","-",null,"F",{"$f":"CONCATENATE(\"Declaro para os devidos fins que, conforme legislação tributária municipal, a base de cálculo deste tipo de obra corresponde à \",$R$10*100,\"%, com a respectiva alíquota de \",$R$11*100,\"%.\")","v":"Declaro para os devidos fins que, conforme legislação tributária municipal, a base de cálculo deste tipo de obra corresponde à 100%, com a respectiva alíquota de 3%."}]
["Fornecimento de Materiais e Equipamentos (aquisição direta)","SG","Fornecimento de Materiais e Equipamentos (aquisição direta)-SG",null,"-","-","-",null,"F"]
["Fornecimento de Materiais e Equipamentos (aquisição direta)","R","Fornecimento de Materiais e Equipamentos (aquisição direta)-R",null,"-","-","-",null,"F",{"$f":"CONCATENATE(\"Declaro para os devidos fins que o regime de Contribuição Previdenciária sobre a Receita Bruta adotado para elaboração do orçamento foi \",IF(DESONERACAO=\"Sim\",\"COM\",\"SEM\"),\" Desoneração, e que esta é a alternativa mais adequada para a Administração Pública.\")","v":"Declaro para os devidos fins que o regime de Contribuição Previdenciária sobre a Receita Bruta adotado para elaboração do orçamento foi COM Desoneração, e que esta é a alternativa mais adequada para a Administração Pública."}]
["Fornecimento de Materiais e Equipamentos (aquisição direta)","DF","Fornecimento de Materiais e Equipamentos (aquisição direta)-DF",null,"-","-","-",null,"F"]
["Fornecimento de Materiais e Equipamentos (aquisição direta)","L","Fornecimento de Materiais e Equipamentos (aquisição direta)-L",null,"-","-","-",null,"F","Observações:"]
["Fornecimento de Materiais e Equipamentos (aquisição direta)","BDI PAD","Fornecimento de Materiais e Equipamentos (aquisição direta)-BDI PAD",null,"-","-","-",null,"F"]
["Estudos e Projetos, Planos e Gerenciamento e outros correlatos","K1","Estudos e Projetos, Planos e Gerenciamento e outros correlatos-K1",null,"-","-","-",null,"F"]
[{"$f":"A44","v":"Estudos e Projetos, Planos e Gerenciamento e outros correlatos"},"K2","Estudos e Projetos, Planos e Gerenciamento e outros correlatos-K2",null,"-",0.2,"-",null,"F",{"$f":"Import.Município","v":"CARBONITA/MG"},null,null,null,null,null,{"$f":"DADOS!$C$25","v":"2025-12-09"}]
[{"$f":"A45","v":"Estudos e Projetos, Planos e Gerenciamento e outros correlatos"},null,"Estudos e Projetos, Planos e Gerenciamento e outros correlatos-",null,"-","-","-",null,"F","Local",null,null,null,null,null,"Data"]
[{"$f":"A46","v":"Estudos e Projetos, Planos e Gerenciamento e outros correlatos"},null,"Estudos e Projetos, Planos e Gerenciamento e outros correlatos-",null,"-","-","-",null,"F"]
[{"$f":"A47","v":"Estudos e Projetos, Planos e Gerenciamento e outros correlatos"},"K3","Estudos e Projetos, Planos e Gerenciamento e outros correlatos-K3",null,"-",0.12,"-",null,"F"]
[{"$f":"A48","v":"Estudos e Projetos, Planos e Gerenciamento e outros correlatos"},"BDI PAD","Estudos e Projetos, Planos e Gerenciamento e outros correlatos-BDI PAD",null,"-","-","-",null,"F","Responsável Técnico"]
[null,null,null,null,null,null,null,null,"F","Nome:",{"$f":"Import.RespOrçamento","v":"JOSÉ EDUARDO RIBEIRO"}]
[null,null,null,null,null,null,null,null,"F","CREA/CAU:","5070741588/SP"]
[null,null,null,null,null,null,null,null,"F","ART/RRT:","MG20254526204"]
[null,null,null,null,null,null,null,null,"F"]
[null,null,null,null,null,null,null,null,{"$f":"IF($S$69=0,\"\",\"F\")","v":""},"BDI 2",null,null,null,null,null,null,null,null,null,null,{"$f":"IF(COUNTIF(ORÇAMENTO!$V$15:$V$472,BDI_2.Título)=0,\"\",IF(OR(Import.BDI.Tipo2=\"(SELECIONAR)\",Import.BDI.Tipo2=\"\",U57<>\"\",AND($J57<>$A$145,OR(S61=\"\",S62=\"\",AND($J57<>$A$146,OR(S63=\"\",S64=\"\")),S65=\"\",S66=\"\"))),\"Falta preencher o BDI 2\",\"\"))","v":""}]
[null,null,null,null,null,null,null,null,{"$f":"IF($S$69=0,\"\",\"F\")","v":""}]
[null,null,null,null,null,null,null,null,"","TIPO DE OBRA"]
[null,null,null,null,null,null,null,null,"","(SELECIONAR)",null,null,null,null,null,null,null,null,null,{"$f":"IF(U57=\"\",\"\",\"◄\")","v":""},{"$f":"IF(AND(OR(S69>0,COUNTIF(ORÇAMENTO!$V$15:$V$472,BDI_2.Título)>0),OR(Import.BDI.Tipo2=\"(SELECIONAR)\",Import.BDI.Tipo2=\"\")),\"Selecione o Tipo de obra\",\"\")","v":""}]
[null,null,null,null,null,null,null,null,""]
[null,null,null,null,null,null,null,null,"","Itens",null,null,null,null,null,null,null,"Siglas","% Adotado",null,"Situação",null,null,"1º Quartil","Médio","3º Quartil"]
[null,null,null,null,null,null,null,null,""]
[null,null,null,null,null,null,null,null,"",{"$f":"IF($J$57=$A$146,\"Encargos Sociais incidentes sobre a mão de obra\",\"Administração Central\")","v":"Administração Central"},null,null,null,null,null,null,null,{"$f":"IF($J57=$A$146,\"K1\",\"AC\")","v":"AC"},null,{"$f":"IF(AND($U$54<>\"\",$U$57=\"\",R61<>\"\",S61=\"\"),\"◄\",\"\")","v":""},{"$f":"IFERROR(IF(T61=\"◄\",\"FALTA PREENCHER\",IF(AND(OR(S61>=X61,X61=\"-\"),OR(S61<=Z61,Z61=\"-\")),\"OK\",\"FORA DO INTERVALO\")),\"-\")","v":"-"},null,null,{"$f":"VLOOKUP(CONCATENATE(J57,\"-\",R61),$C$2:$G$136,3,FALSE)","v":{"$error":"#N/A"}},{"$f":"VLOOKUP(CONCATENATE(J57,\"-\",R61),$C$2:$G$136,4,FALSE)","v":{"$error":"#N/A"}},{"$f":"VLOOKUP(CONCATENATE(J57,\"-\",R61),$C$2:$G$136,5,FALSE)","v":{"$error":"#N/A"}}]
[null,null,null,null,null,null,null,null,"",{"$f":"IF($J$57=$A$146,\"Administração Central da empresa ou consultoria - overhead\",\"Seguro e Garantia\")","v":"Seguro e Garantia"},null,null,null,null,null,null,null,{"$f":"IF($J57=$A$146,\"K2\",\"SG\")","v":"SG"},null,{"$f":"IF(AND($U$54<>\"\",$U$57=\"\",R62<>\"\",S62=\"\"),\"◄\",\"\")","v":""},{"$f":"IFERROR(IF(T62=\"◄\",\"FALTA PREENCHER\",IF(AND(OR(S62>=X62,X62=\"-\"),OR(S62<=Z62,Z62=\"-\")),\"OK\",\"FORA DO INTERVALO\")),\"-\")","v":"-"},null,null,{"$f":"VLOOKUP(CONCATENATE(J57,\"-\",R62),$C$2:$G$136,3,FALSE)","v":{"$error":"#N/A"}},{"$f":"VLOOKUP(CONCATENATE(J57,\"-\",R62),$C$2:$G$136,4,FALSE)","v":{"$error":"#N/A"}},{"$f":"VLOOKUP(CONCATENATE(J57,\"-\",R62),$C$2:$G$136,5,FALSE)","v":{"$error":"#N/A"}}]
[null,null,null,null,null,null,null,null,"","Risco",null,null,null,null,null,null,null,{"$f":"IF($J57=$A$146,\"\",\"R\")","v":"R"},null,"","-",null,null,{"$f":"VLOOKUP(CONCATENATE(J57,\"-\",R63),$C$2:$G$136,3,FALSE)","v":{"$error":"#N/A"}},{"$f":"VLOOKUP(CONCATENATE(J57,\"-\",R63),$C$2:$G$136,4,FALSE)","v":{"$error":"#N/A"}},{"$f":"VLOOKUP(CONCATENATE(J57,\"-\",R63),$C$2:$G$136,5,FALSE)","v":{"$error":"#N/A"}}]
[null,null,null,null,null,null,null,null,"","Despesas Financeiras",null,null,null,null,null,null,null,{"$f":"IF($J57=$A$146,\"\",\"DF\")","v":"DF"},null,"","-",null,null,{"$f":"VLOOKUP(CONCATENATE(J57,\"-\",R64),$C$2:$G$136,3,FALSE)","v":{"$error":"#N/A"}},{"$f":"VLOOKUP(CONCATENATE(J57,\"-\",R64),$C$2:$G$136,4,FALSE)","v":{"$error":"#N/A"}},{"$f":"VLOOKUP(CONCATENATE(J57,\"-\",R64),$C$2:$G$136,5,FALSE)","v":{"$error":"#N/A"}}]
[null,null,null,null,null,null,null,null,"",{"$f":"IF($J$57=$A$146,\"Margem bruta da empresa de consultoria\",\"Lucro\")","v":"Lucro"},null,null,null,null,null,null,null,{"$f":"IF($J57=$A$146,\"K3\",\"L\")","v":"L"},null,"","-",null,null,{"$f":"VLOOKUP(CONCATENATE(J57,\"-\",R65),$C$2:$G$136,3,FALSE)","v":{"$error":"#N/A"}},{"$f":"VLOOKUP(CONCATENATE(J57,\"-\",R65),$C$2:$G$136,4,FALSE)","v":{"$error":"#N/A"}},{"$f":"VLOOKUP(CONCATENATE(J57,\"-\",R65),$C$2:$G$136,5,FALSE)","v":{"$error":"#N/A"}}]
[null,null,null,null,null,null,null,null,"","Tributos (impostos COFINS 3%, e  PIS 0,65%)",null,null,null,null,null,null,null,"CP",null,"","FORA DO INTERVALO",null,null,{"$f":"Y66","v":3.6499999999999998E-2},{"$f":"IF($J57=$A$145,\"-\",3.65%)","v":3.6499999999999998E-2},{"$f":"Y66","v":3.6499999999999998E-2}]
[null,null,null,null,null,null,null,null,"","Tributos (ISS, variável de acordo com o município)",null,null,null,null,null,null,null,"ISS",{"$f":"IF(AND($J57<>$A$145,COUNTA(OFFSET(S60,1,0,6))>0),$R$11*$R$10,0)","v":0},null,"OK",null,null,0,2.5000000000000001E-2,0.05]
[null,null,null,null,null,null,null,null,"","Tributos (Contribuição Previdenciária sobre a Receita Bruta - Lei 12.546 de 14/12/2011 - Desoneração)",null,null,null,null,null,null,null,"CPRB",{"$f":"IF(BDI.Opcao<>\"Desonerado\",0,IF(AND($J57<>$A$145,COUNTA(OFFSET(S60,1,0,6))>0),IF(YEAR(Import.DataBase)<2025,4.5%,IF(YEAR(Import.DataBase)=2025,3.6%,IF(YEAR(Import.DataBase)=2026,2.7%,IF(YEAR(Import.DataBase)=2027,1.8%,0%)))),0%))","v":0},null,"OK",null,null,{"$f":"$S68","v":0},{"$f":"$S68","v":0},{"$f":"$S68","v":0}]
[null,null,null,null,null,null,null,null,"","BDI SEM desoneração (Fórmula Acórdão TCU)",null,null,null,null,null,null,null,"BDI PAD",{"$f":"IF($J57=$A$145,0,ROUND((((1+S61+S62+S63)*(1+S64)*(1+S65)/(1-(S66+S67)))-1),4))","v":0},null,{"$f":"IFERROR(IF(AND(OR(S69>=X69,X69=\"-\"),OR(S69<=Z69,Z69=\"-\")),\"OK\",\"FORA DO INTERVALO\"),IF(S69=0,\"OK\",\"Selecione o Tipo de obra\"))","v":"OK"},null,null,{"$f":"IF($J57=$A$145,0,VLOOKUP(CONCATENATE($J57,\"-\",$R69),$C$2:$G$136,3,FALSE))","v":{"$error":"#N/A"}},{"$f":"IF($J57=$A$145,0,VLOOKUP(CONCATENATE($J57,\"-\",$R69),$C$2:$G$136,4,FALSE))","v":{"$error":"#N/A"}},{"$f":"IF($J57=$A$145,0,VLOOKUP(CONCATENATE($J57,\"-\",$R69),$C$2:$G$136,5,FALSE))","v":{"$error":"#N/A"}}]
[null,null,null,null,null,null,null,null,"","BDI COM desoneração",null,null,null,null,null,null,null,"BDI DES",{"$f":"IF($J57=$A$145,0,ROUND((((1+S61+S62+S63)*(1+S64)*(1+S65)/(1-(S66+S67+S68)))-1),4))","v":0}]
[null,null,null,null,null,null,null,null,""]
[null,null,null,null,null,null,null,null,"",{"$f":"IF(U69<>\"ok\",\"X\",\"\")","v":""},{"$f":"IF(U69<>\"ok\",\"Anexo: Relatório Técnico Circunstanciado justificando a adoção do percentual de cada parcela do BDI.\",\"\")","v":""}]
[null,null,null,null,null,null,null,null,""]
[null,null,null,null,null,null,null,null,"","Os valores de BDI foram calculados com o emprego da fórmula:"]
[null,null,null,null,null,null,null,null,"",null,null,null,"BDI =",{"$f":"IF($J57=$A$146,\"(1+K1+K2)*(1+K3)\",\"(1+AC + S + R + G)*(1 + DF)*(1+L)\")","v":"(1+AC + S + R + G)*(1 + DF)*(1+L)"},null,null," - 1"]
[null,null,null,null,null,null,null,null,"",null,null,null,null,"(1-CP-ISS-CRPB)"]
[null,null,null,null,null,null,null,null,""]
[null,null,null,null,null,null,null,null,"",{"$f":"CONCATENATE(\"Declaro para os devidos fins que, conforme legislação tributária municipal, a base de cálculo deste tipo de obra corresponde à \",$R$10*100,\"%, com a respectiva alíquota de \",$R$11*100,\"%.\")","v":"Declaro para os devidos fins que, conforme legislação tributária municipal, a base de cálculo deste tipo de obra corresponde à 100%, com a respectiva alíquota de 3%."}]
[null,null,null,null,null,null,null,null,""]
[null,null,null,null,null,null,null,null,"",{"$f":"CONCATENATE(\"Declaro para os devidos fins que o regime de Contribuição Previdenciária sobre a Receita Bruta adotado para elaboração do orçamento foi \",IF(DESONERACAO=\"Sim\",\"COM\",\"SEM\"),\" Desoneração, e que esta é a alternativa mais adequada para a Administração Pública.\")","v":"Declaro para os devidos fins que o regime de Contribuição Previdenciária sobre a Receita Bruta adotado para elaboração do orçamento foi COM Desoneração, e que esta é a alternativa mais adequada para a Administração Pública."}]
[null,null,null,null,null,null,null,null,""]
[null,null,null,null,null,null,null,null,"","Observações:"]
[null,null,null,null,null,null,null,null,""]
[null,null,null,null,null,null,null,null,""]
[null,null,null,null,null,null,null,null,"",{"$f":"Import.Município","v":"CARBONITA/MG"},null,null,null,null,null,{"$f":"DADOS!$C$25","v":"2025-12-09"}]
[null,null,null,null,null,null,null,null,"","Local",null,null,null,null,null,"Data"]
[null,null,null,null,null,null,null,null,""]
[null,null,null,null,null,null,null,null,""]
[null,null,null,null,null,null,null,null,"","Responsável Técnico"]
[null,null,null,null,null,null,null,null,"","Nome:",{"$f":"Import.RespOrçamento","v":"JOSÉ EDUARDO RIBEIRO"}]
[null,null,null,null,null,null,null,null,"","CREA/CAU:","5070741588/SP"]
[null,null,null,null,null,null,null,null,"","ART/RRT:","MG20254526204"]
[null,null,null,null,null,null,null,null,""]
[null,null,null,null,null,null,null,null,{"$f":"IF($S$109=0,\"\",\"F\")","v":""},"BDI 3",null,null,null,null,null,null,null,null,null,null,{"$f":"IF(COUNTIF(ORÇAMENTO!$V$15:$V$472,BDI_3.Título)=0,\"\",IF(OR(Import.BDI.Tipo3=\"(SELECIONAR)\",Import.BDI.Tipo3=\"\",U97<>\"\",AND($J97<>$A$145,OR(S101=\"\",S102=\"\",AND($J97<>$A$146,OR(S103=\"\",S104=\"\")),S105=\"\",S106=\"\"))),\"Falta preencher o BDI 3\",\"\"))","v":""}]
[null,null,null,null,null,null,null,null,{"$f":"IF($S$109=0,\"\",\"F\")","v":""}]
[null,null,null,null,null,null,null,null,"","TIPO DE OBRA"]
[null,null,null,null,null,null,null,null,"","(SELECIONAR)",null,null,null,null,null,null,null,null,null,{"$f":"IF(U97=\"\",\"\",\"◄\")","v":""},{"$f":"IF(AND(OR(S109>0,COUNTIF(ORÇAMENTO!$V$15:$V$472,BDI_3.Título)>0),OR(Import.BDI.Tipo3=\"(SELECIONAR)\",Import.BDI.Tipo3=\"\")),\"Selecione o Tipo de obra\",\"\")","v":""}]
[null,null,null,null,null,null,null,null,""]
[null,null,null,null,null,null,null,null,"","Itens",null,null,null,null,null,null,null,"Siglas","% Adotado",null,"Situação",null,null,"1º Quartil","Médio","3º Quartil"]
[null,null,null,null,null,null,null,null,""]
[null,null,null,null,null,null,null,null,"",{"$f":"IF($J$97=$A$146,\"Encargos Sociais incidentes sobre a mão de obra\",\"Administração Central\")","v":"Administração Central"},null,null,null,null,null,null,null,{"$f":"IF($J97=$A$146,\"K1\",\"AC\")","v":"AC"},null,{"$f":"IF(AND($U$94<>\"\",$U$97=\"\",R101<>\"\",S101=\"\"),\"◄\",\"\")","v":""},{"$f":"IFERROR(IF(T101=\"◄\",\"FALTA PREENCHER\",IF(AND(OR(S101>=X101,X101=\"-\"),OR(S101<=Z101,Z101=\"-\")),\"OK\",\"FORA DO INTERVALO\")),\"-\")","v":"-"},null,null,{"$f":"VLOOKUP(CONCATENATE(J97,\"-\",R101),$C$2:$G$136,3,FALSE)","v":{"$error":"#N/A"}},{"$f":"VLOOKUP(CONCATENATE(J97,\"-\",R101),$C$2:$G$136,4,FALSE)","v":{"$error":"#N/A"}},{"$f":"VLOOKUP(CONCATENATE(J97,\"-\",R101),$C$2:$G$136,5,FALSE)","v":{"$error":"#N/A"}}]
[null,null,null,null,null,null,null,null,"",{"$f":"IF($J$97=$A$146,\"Administração Central da empresa ou consultoria - overhead\",\"Seguro e Garantia\")","v":"Seguro e Garantia"},null,null,null,null,null,null,null,{"$f":"IF($J97=$A$146,\"K2\",\"SG\")","v":"SG"},null,{"$f":"IF(AND($U$94<>\"\",$U$97=\"\",R102<>\"\",S102=\"\"),\"◄\",\"\")","v":""},{"$f":"IFERROR(IF(T102=\"◄\",\"FALTA PREENCHER\",IF(AND(OR(S102>=X102,X102=\"-\"),OR(S102<=Z102,Z102=\"-\")),\"OK\",\"FORA DO INTERVALO\")),\"-\")","v":"-"},null,null,{"$f":"VLOOKUP(CONCATENATE(J97,\"-\",R102),$C$2:$G$136,3,FALSE)","v":{"$error":"#N/A"}},{"$f":"VLOOKUP(CONCATENATE(J97,\"-\",R102),$C$2:$G$136,4,FALSE)","v":{"$error":"#N/A"}},{"$f":"VLOOKUP(CONCATENATE(J97,\"-\",R102),$C$2:$G$136,5,FALSE)","v":{"$error":"#N/A"}}]
[null,null,null,null,null,null,null,null,"","Risco",null,null,null,null,null,null,null,{"$f":"IF($J97=$A$146,\"\",\"R\")","v":"R"},null,"","-",null,null,{"$f":"VLOOKUP(CONCATENATE(J97,\"-\",R103),$C$2:$G$136,3,FALSE)","v":{"$error":"#N/A"}},{"$f":"VLOOKUP(CONCATENATE(J97,\"-\",R103),$C$2:$G$136,4,FALSE)","v":{"$error":"#N/A"}},{"$f":"VLOOKUP(CONCATENATE(J97,\"-\",R103),$C$2:$G$136,5,FALSE)","v":{"$error":"#N/A"}}]
[null,null,null,null,null,null,null,null,"","Despesas Financeiras",null,null,null,null,null,null,null,{"$f":"IF($J97=$A$146,\"\",\"DF\")","v":"DF"},null,"","-",null,null,{"$f":"VLOOKUP(CONCATENATE(J97,\"-\",R104),$C$2:$G$136,3,FALSE)","v":{"$error":"#N/A"}},{"$f":"VLOOKUP(CONCATENATE(J97,\"-\",R104),$C$2:$G$136,4,FALSE)","v":{"$error":"#N/A"}},{"$f":"VLOOKUP(CONCATENATE(J97,\"-\",R104),$C$2:$G$136,5,FALSE)","v":{"$error":"#N/A"}}]
[null,null,null,null,null,null,null,null,"",{"$f":"IF($J$57=$A$146,\"Margem bruta da empresa de consultoria\",\"Lucro\")","v":"Lucro"},null,null,null,null,null,null,null,{"$f":"IF($J97=$A$146,\"K3\",\"L\")","v":"L"},null,"","-",null,null,{"$f":"VLOOKUP(CONCATENATE(J97,\"-\",R105),$C$2:$G$136,3,FALSE)","v":{"$error":"#N/A"}},{"$f":"VLOOKUP(CONCATENATE(J97,\"-\",R105),$C$2:$G$136,4,FALSE)","v":{"$error":"#N/A"}},{"$f":"VLOOKUP(CONCATENATE(J97,\"-\",R105),$C$2:$G$136,5,FALSE)","v":{"$error":"#N/A"}}]
[null,null,null,null,null,null,null,null,"","Tributos (impostos COFINS 3%, e  PIS 0,65%)",null,null,null,null,null,null,null,"CP",null,"","FORA DO INTERVALO",null,null,{"$f":"Y106","v":3.6499999999999998E-2},{"$f":"IF($J97=$A$145,\"-\",3.65%)","v":3.6499999999999998E-2},{"$f":"Y106","v":3.6499999999999998E-2}]
[null,null,null,null,null,null,null,null,"","Tributos (ISS, variável de acordo com o município)",null,null,null,null,null,null,null,"ISS",{"$f":"IF(AND($J97<>$A$145,COUNTA(OFFSET(S100,1,0,6))>0),$R$11*$R$10,0)","v":0},null,"OK",null,null,0,2.5000000000000001E-2,0.05]
[null,null,null,null,null,null,null,null,"","Tributos (Contribuição Previdenciária sobre a Receita Bruta - Lei 12.546 de 14/12/2011 - Desoneração)",null,null,null,null,null,null,null,"CPRB",{"$f":"IF(BDI.Opcao<>\"Desonerado\",0,IF(AND($J97<>$A$145,COUNTA(OFFSET(S100,1,0,6))>0),IF(YEAR(Import.DataBase)<2025,4.5%,IF(YEAR(Import.DataBase)=2025,3.6%,IF(YEAR(Import.DataBase)=2026,2.7%,IF(YEAR(Import.DataBase)=2027,1.8%,0%)))),0%))","v":0},null,"OK",null,null,{"$f":"$S108","v":0},{"$f":"$S108","v":0},{"$f":"$S108","v":0}]
[null,null,null,null,null,null,null,null,"","BDI SEM desoneração (Fórmula Acórdão TCU)",null,null,null,null,null,null,null,"BDI PAD",{"$f":"IF($J97=$A$145,0,ROUND((((1+S101+S102+S103)*(1+S104)*(1+S105)/(1-(S106+S107)))-1),4))","v":0},null,{"$f":"IFERROR(IF(AND(OR(S109>=X109,X109=\"-\"),OR(S109<=Z109,Z109=\"-\")),\"OK\",\"FORA DO INTERVALO\"),IF(S109=0,\"OK\",\"Selecione o Tipo de obra\"))","v":"OK"},null,null,{"$f":"IF($J97=$A$145,0,VLOOKUP(CONCATENATE($J97,\"-\",$R109),$C$2:$G$136,3,FALSE))","v":{"$error":"#N/A"}},{"$f":"IF($J97=$A$145,0,VLOOKUP(CONCATENATE($J97,\"-\",$R109),$C$2:$G$136,4,FALSE))","v":{"$error":"#N/A"}},{"$f":"IF($J97=$A$145,0,VLOOKUP(CONCATENATE($J97,\"-\",$R109),$C$2:$G$136,5,FALSE))","v":{"$error":"#N/A"}}]
[null,null,null,null,null,null,null,null,"","BDI COM desoneração",null,null,null,null,null,null,null,"BDI DES",{"$f":"IF($J97=$A$145,0,ROUND((((1+S101+S102+S103)*(1+S104)*(1+S105)/(1-(S106+S107+S108)))-1),4))","v":0}]
[null,null,null,null,null,null,null,null,""]
[null,null,null,null,null,null,null,null,"",{"$f":"IF(U109<>\"ok\",\"X\",\"\")","v":""},{"$f":"IF(U109<>\"ok\",\"Anexo: Relatório Técnico Circunstanciado justificando a adoção do percentual de cada parcela do BDI.\",\"\")","v":""}]
[null,null,null,null,null,null,null,null,""]
[null,null,null,null,null,null,null,null,"","Os valores de BDI foram calculados com o emprego da fórmula:"]
[null,null,null,null,null,null,null,null,"",null,null,null,"BDI =",{"$f":"IF($J97=$A$146,\"(1+K1+K2)*(1+K3)\",\"(1+AC + S + R + G)*(1 + DF)*(1+L)\")","v":"(1+AC + S + R + G)*(1 + DF)*(1+L)"},null,null," - 1"]
[null,null,null,null,null,null,null,null,"",null,null,null,null,"(1-CP-ISS-CRPB)"]
[null,null,null,null,null,null,null,null,""]
[null,null,null,null,null,null,null,null,"",{"$f":"CONCATENATE(\"Declaro para os devidos fins que, conforme legislação tributária municipal, a base de cálculo deste tipo de obra corresponde à \",$R$10*100,\"%, com a respectiva alíquota de \",$R$11*100,\"%.\")","v":"Declaro para os devidos fins que, conforme legislação tributária municipal, a base de cálculo deste tipo de obra corresponde à 100%, com a respectiva alíquota de 3%."}]
[null,null,null,null,null,null,null,null,""]
[null,null,null,null,null,null,null,null,"",{"$f":"CONCATENATE(\"Declaro para os devidos fins que o regime de Contribuição Previdenciária sobre a Receita Bruta adotado para elaboração do orçamento foi \",IF(DESONERACAO=\"Sim\",\"COM\",\"SEM\"),\" Desoneração, e que esta é a alternativa mais adequada para a Administração Pública.\")","v":"Declaro para os devidos fins que o regime de Contribuição Previdenciária sobre a Receita Bruta adotado para elaboração do orçamento foi COM Desoneração, e que esta é a alternativa mais adequada para a Administração Pública."}]
[null,null,null,null,null,null,null,null,""]
[null,null,null,null,null,null,null,null,"","Observações:"]
[null,null,null,null,null,null,null,null,""]
[null,null,null,null,null,null,null,null,""]
[null,null,null,null,null,null,null,null,"",{"$f":"Import.Município","v":"CARBONITA/MG"},null,null,null,null,null,{"$f":"DADOS!$C$25","v":"2025-12-09"}]
[null,null,null,null,null,null,null,null,"","Local",null,null,null,null,null,"Data"]
[null,null,null,null,null,null,null,null,""]
[null,null,null,null,null,null,null,null,""]
[null,null,null,null,null,null,null,null,"","Responsável Técnico"]
[null,null,null,null,null,null,null,null,"","Nome:",{"$f":"Import.RespOrçamento","v":"JOSÉ EDUARDO RIBEIRO"}]
[null,null,null,null,null,null,null,null,"","CREA/CAU:","5070741588/SP"]
[null,null,null,null,null,null,null,null,"","ART/RRT:","MG20254526204"]
[]
[]
[]
[]
[]
["(SELECIONAR)"]
["Construção e Reforma de Edifícios"]
["Construção de Praças Urbanas, Rodovias, Ferrovias e recapeamento e pavimentação de vias urbanas"]
["Construção de Redes de Abastecimento de Água, Coleta de Esgoto"]
["Construção e Manutenção de Estações e Redes de Distribuição de Energia Elétrica"]
["Obras Portuárias, Marítimas e Fluviais"]
["Fornecimento de Materiais e Equipamentos (aquisição indireta - em conjunto com licitação de obras)"]
["Fornecimento de Materiais e Equipamentos (aquisição direta)"]
["Estudos e Projetos, Planos e Gerenciamento e outros correlatos"]

{"sheet":"ORÇAMENTO","index":4,"n_rows":489,"n_cols":40,"rows_kept":489,"cut":false,"hidden":false,"merged":[[487,14,487,16],[14,14,14,17],[474,16,474,23],[477,14,479,23],[481,14,481,23],[484,14,484,16],[482,14,482,23],[3,14,3,15],[3,18,3,23],[4,14,4,15],[4,18,4,23],[7,5,7,10],[7,11,11,11],[7,14,7,15],[7,18,7,20],[8,5,8,10],[9,5,9,10],[4,30,4,31],[6,14,6,15],[6,18,6,20],[6,37,10,37],[7,24,11,24],[7,25,11,25],[11,26,11,27],[6,35,10,35]]}
[null,null,null,null,null,null,null,null,null,null,null,null,null,null,null,null,null,"PO - PLANILHA ORÇAMENTÁRIA",null,null,null,null,null,"Grau de Sigilo"]
[null,null,null,"LOTE","Meta","Nível 2","Nível 3","Nível 4","Serviço",null,null,null,null,null,null,null,null,{"$f":"IF(TIPOORCAMENTO=\"licitado\",\"Orçamento Licitado\",\"Orçamento Base para Licitação\")&\" - \"&import.recurso","v":"Orçamento Base para Licitação - OGU"},null,null,null,null,null,"#PUBLICO"]
[null,null,null,null,"SINAPI","SINAPI-I","SICRO","Composição","Cotação"]
["Nmax",null,null,null,null,"BDI 1","BDI 2","BDI 3",0,null,null,null,null,null,"Nº OPERAÇÃO",null,"Nº TransfereGOV","PROPONENTE / TOMADOR","APELIDO DO EMPREENDIMENTO"]
[{"$f":"MAX($C$15:$C$472)","v":3},null,null,null,null,{"$f":"IF(BDI.Opcao=\"DESONERADO\",BDI!$S$30,BDI!$S$29)","v":0.25290000000000001},{"$f":"IF(BDI.Opcao=\"DESONERADO\",BDI!$S$70,BDI!$S$69)","v":0},{"$f":"IF(BDI.Opcao=\"DESONERADO\",BDI!$S$110,BDI!$S$109)","v":0},null,null,null,null,null,null,{"$f":"Import.CR","v":"11855.2660001/25-001"},null,{"$f":"Import.TransfereGOV","v":"36000010246/2025"},{"$f":"Import.Proponente","v":"PREFEITURA MUNICIPAL DE CARBONITA/MG"},{"$f":"Import.Apelido","v":"CONSTRUÇÃO DE UNIDADE BÁSICA DE SAÚDE"},null,null,null,null,null,null,null,null,null,null,null,"Arredondamento"]
[]
[null,null,null,null,null,"RA","RP","CP","OU",null,null,null,null,null,"LOCALIDADE SINAPI",null,"DATA BASE",{"$f":"IF(TIPOORCAMENTO=\"Licitado\",\"NOME DA EMPRESA\",\"DESCRIÇÃO DO LOTE\")","v":"DESCRIÇÃO DO LOTE"},{"$f":"IF(TIPOORCAMENTO=\"Licitado\",\"REGIME DE EXECUÇÃO\",\"MUNICÍPIO / UF\")","v":"MUNICÍPIO / UF"},null,null,{"$f":"IF(TIPOORCAMENTO=\"Licitado\",\"\",\"BDI 1\")","v":"BDI 1"},{"$f":"IF(TIPOORCAMENTO=\"Licitado\",\"\",\"BDI 2\")","v":"BDI 2"},{"$f":"IF(TIPOORCAMENTO=\"Licitado\",\"Nº CTEF\",\"BDI 3\")","v":"BDI 3"},null,null,null,null,{"$f":"IF(COUNTIFS($L$15:$L$472,\"F\",$AC$15:$AC$472,\"JUSTIFICAR BDI\")>0,\"JUSTIFICAR BDI\",\"\")","v":""},null,"Quantidade",true,null,null,null,"QUANTIDADES: ACOMP. POR BM",null,"PREÇO UNITÁRIO LICITADO"]
[null,null,null,null,"Intervalo de procura:",{"$f":"IF(LEN(INFO(\"release\"))>5,\"'Referência \"&Excel_BuiltIn_Database&\".xlsm'#Banco.$a5:$a$65536\",\"'[Referência \"&Excel_BuiltIn_Database&\".xlsm]Banco'!$a5:$a$65536\")","v":"'[Referência 09-2025.xlsm]Banco'!$a5:$a$65536"},null,null,null,null,null,"FILTRO",null,null,{"$f":"IF(ISERROR(INDIRECT($F$9)),\"(N/D: 'Referência \"&Excel_BuiltIn_Database&\".xlsm)\",INDIRECT($F$9))","v":"BELO HORIZONTE"},null,{"$f":"TEXT(Import.DataBase,\"mm-aa\")&IF(DESONERACAO=\"Sim\",\" (DES.)\",\" (N DES.)\")","v":"09-25 (DES.)"},{"$f":"IF(TIPOORCAMENTO=\"Licitado\",Import.empresa,Import.DescLote)","v":"UNIDADE BÁSICA DE SAÚDE PORTE 1 - 389,78 m²"},{"$f":"IF(TIPOORCAMENTO=\"Licitado\",Import.RegimeExecução,Import.Município)","v":"CARBONITA/MG"},null,null,{"$f":"IF(TIPOORCAMENTO=\"Licitado\",\"\",TEXT(F5,\"0,00%\"))","v":"25,29%"},{"$f":"IF(TIPOORCAMENTO=\"Licitado\",\"\",TEXT(G5,\"0,00%\"))","v":"0,00%"},{"$f":"IF(TIPOORCAMENTO=\"Licitado\",Import.CTEF,TEXT(H5,\"0,00%\"))","v":"0,00%"},"RECURSO","SGL RECURSO",null,null,null,null,"Custo Unitáro",true]
[null,null,null,null,"Localidade:",{"$f":"IF(LEN(INFO(\"release\"))>5,\"'Referência \"&Excel_BuiltIn_Database&\".xlsm'#Banco.$d$3\",\"'[Referência \"&Excel_BuiltIn_Database&\".xlsm]Banco'!$d$3\")","v":"'[Referência 09-2025.xlsm]Banco'!$d$3"},null,null,null,null,null,null,null,null,null,null,null,null,null,{"$f":"IF(AND(Import.TipoArredondamento=\"TransfereGOV\",$AF$7=FALSE),\"▼\",\"\")","v":""},{"$f":"IF(AND(Import.TipoArredondamento=\"TransfereGOV\",$AF$8=FALSE),\"▼\",\"\")","v":""},{"$f":"IF(AND(Import.TipoArredondamento=\"TransfereGOV\",$AF$9=FALSE),\"▼\",\"\")","v":""},{"$f":"IF(AND(Import.TipoArredondamento=\"TransfereGOV\",$AF$10=FALSE),\"▼\",\"\")","v":""},{"$f":"IF(AND(Import.TipoArredondamento=\"TransfereGOV\",$AF$11=FALSE),\"▼\",\"\")","v":""},null,null,null,null,null,null,"BDI",true]
[null,null,null,null,"Data base:",{"$f":"IF(LEN(INFO(\"release\"))>5,\"'Referência \"&Excel_BuiltIn_Database&\".xlsm'#Banco.$B$3\",\"'[Referência \"&Excel_BuiltIn_Database&\".xlsm]Banco'!$B$3\")","v":"'[Referência 09-2025.xlsm]Banco'!$B$3"},null,null,null,null,null,null,null,null,null,null,null,null,null,null,null,null,null,null,null,null,null,null,"ERRO GERAL",null,"Preço Unitário",true]
[null,null,null,null,null,{"$f":"IFERROR(INDIRECT(F10),\"\")","v":"09/2025"},{"$f":"IFERROR(TEXT(Import.DataBase,\"mm/aaaa\"),\"\")","v":"09/2025"},null,null,null,null,null,null,null,null,null,null,null,null,null,null,null,null,null,null,null,null,null,{"$f":"IF(COUNTIFS($L$15:$L$472,\"F\",$AC$15:$AC$472,\"<>\"&\" \",$AC$15:$AC$472,\"<>\"&\"JUSTIFICAR BDI\")>0,\"NÃO OK\",\"OK\")","v":"OK"},null,"Preço Total",true]
[null,null,null,null,null,null,null,null,null,null,null,null,null,null,{"$f":"IF(AND(Import.TipoArredondamento=\"TransfereGOV\",COUNTIF($AF$7:$AF$11,TRUE)<>5),\"Para contratos que tramitam no Transferegov todos os valores devem ser arredondados para duas casas decimais\",\n IF(AND($F$11<>\"\",$G$11<>\"\",$F$11<>$G$11),\"O arquivo \"&MID($F$10,2,SEARCH(\"]\",$F$10)-1)&\" está com a data base errada (\"&F11&\"). Corrija a data base antes de continuar.\",\nIF(COUNTIF($AC$15:$AC$472,\"FONTE\")>0,\"Falta preencher a Fonte (coluna P) na Linha \"&(14+MATCH(\"FONTE\",$AC$15:$AC$472,0)),\n IF(COUNTIF($AC$15:$AC$472,\"CÓDIGO\")>0,\"Falta preencher o Código (coluna Q) na Linha \"&(14+MATCH(\"CÓDIGO\",$AC$15:$AC$472,0)),\n IF(COUNTIF($AC$15:$AC$472,\"CÓDIGO N/ID\")>0,\"Código (coluna Q) não identificado na Linha \"&(14+MATCH(\"CÓDIGO N/ID\",$AC$15:$AC$472,0))&\". Verifique se o código está correto ou busque outro código\",\n IF(COUNTIF($AC$15:$AC$472,\"DESCRIÇÃO\")>0,\"Falta preencher a Descrição (coluna R) na Linha \"&(14+MATCH(\"DESCRIÇÃO\",$AC$15:$AC$472,0)),\n IF(COUNTIF($AC$15:$AC$472,\"UNIDADE\")>0,\"Falta preencher a Unidade (coluna S) na Linha \"&(14+MATCH(\"UNIDADE\",$AC$15:$AC$472,0)),\n IF(COUNTIF($AC$15:$AC$472,\"SEM CUSTO\")>0,\"Falta preencher o Custo Unitário (coluna U) na Linha \"&(14+MATCH(\"SEM CUSTO\",$AC$15:$AC$472,0)),\n IF(COUNTIF($AC$15:$AC$472,\"SEM PREÇO\")>0,\"Falta preencher o Preço Unitário licitado (coluna AL) na Linha \"&(14+MATCH(\"SEM CUSTO\",$AC$15:$AC$472,0)),\n IF(COUNTIF($AC$15:$AC$472,\"BDI\")>0,\"Falta definir o BDI (coluna V) na Linha \"&(14+MATCH(\"BDI\",$AC$15:$AC$472,0)),\n IF(COUNTIF($AC$15:$AC$472,\"ACIMA REF.\")>0,\n         IF(TIPOORCAMENTO=\"Proposto\",\"O custo unitário (coluna U) na Linha \"&(14+MATCH(\"ACIMA REF.\",$AC$15:$AC$472,0))&\" está acima do custo referencial (coluna AG)\",\n            \"O preço unitário licitado (coluna AL) na Linha \"&(14+MATCH(\"ACIMA REF.\",$AC$15:$AC$472,0))&\" está acima do preço referencial do edital (coluna AN)\"),\n IF(COUNTIF($AC$15:$AC$472,\"QUANT.\")>0,\"Falta a Quantidade do serviço na Linha \"&(14+MATCH(\"QUANT.\",$AC$15:$AC$472,0))&IF(ACOMPANHAMENTO=\"PLE\",\". Preencher na aba CÁLCULO\",\". Preencher na coluna AJ\"),\n IF(COUNTIF($AC$15:$AC$472,\"Código >13\")>0,\"O tamanho do código do serviço no TransfereGOV é limitado a 13 caracteres. Resuma o código (coluna Q) na Linha \"&(14+MATCH(\"Código >13\",$AC$15:$AC$472,0)),\n IF(COUNTIF($AC$15:$AC$472,\"Descrição >100\")>0,\"O tamanho da descrição de macrosserviço no TransfereGOV é limitado a 100 caracteres. Resuma a descrição (coluna R) na Linha \"&(14+MATCH(\"Descrição >100\",$AC$15:$AC$472,0)),\n IF(COUNTIF($AC$15:$AC$472,\"Descrição >500\")>0,\"O tamanho da descrição de serviço no TransfereGOV é limitado a 500 caracteres. Resuma a descrição (coluna R) na Linha \"&(14+MATCH(\"Descrição >500\",$AC$15:$AC$472,0)),\n IF(COUNTIF($AC$15:$AC$472,\"Unid. Não Disp\")>0,\"Unidade não disponível na lista do TransfereGOV. Reveja a unidade (coluna S) na Linha \"&(14+MATCH(\"Unid. Não Disp\",$AC$15:$AC$472,0)),\n IF(AND(TIPOORCAMENTO=\"Proposto\",LEFT($O$8,5)=\"(N/D:\"),\"Abra o arquivo Referência \"&Excel_BuiltIn_Database&\".xlsm\",\"\")))))))))))))))))","v":""},null,null,null,null,null,null,null,null,null,null,null,"Valores não Arredondados",null,null,null,null,null,null,null,null,"↓",null,"↓"]
["Nível E","Save Nivel","Nível C","Altura","n1","n2","n3","n4","n5","Czero","Cnível","↓","Nível","Nível Corrigido","Item","Fonte","Código","Descrição","Unidade","Quantidade",{"$f":"IF(TIPOORCAMENTO=\"Licitado\",\"\",\"Custo Unitário (sem BDI) (R$)\")","v":"Custo Unitário (sem BDI) (R$)"},{"$f":"IF(TIPOORCAMENTO=\"Licitado\",\"\",\"BDI\n(%)\")","v":"BDI\n(%)"},"Preço Unitário (com BDI) (R$)","Preço Total\n(R$)","↓","↓","Contrapartida (R$)","Outros (R$)","Erro de Dados","Lista Crono","Concatenação Fonte-Código","BancoDesloc","Custo Unitário Referência (R$)",{"$f":"IF(TIPOORCAMENTO=\"LICITADO\",\"Valor BDI Edital\",\"Valor BDI\")","v":"Valor BDI"},null,"Quantidade",null,"Preço Unitário (com BDI) (R$)","Preço Total\nLicit. (R$)","Preço Unitário Edital (R$)"]
[{"$f":"CHOOSE(1+LOG(1+2*(ORÇAMENTO.Nivel=\"Meta\")+4*(ORÇAMENTO.Nivel=\"Nível 2\")+8*(ORÇAMENTO.Nivel=\"Nível 3\")+16*(ORÇAMENTO.Nivel=\"Nível 4\")+32*(ORÇAMENTO.Nivel=\"Serviço\"),2),0,1,2,3,4,\"S\")","v":"S"},{"$f":"IF(OR(C14=\"s\",C14=0),OFFSET(B14,-1,0),C14)","v":"Save Nivel"},{"$f":"IF(OFFSET(C14,-1,0)=\"L\",1,IF(OFFSET(C14,-1,0)=1,2,IF(OR(A14=\"s\",A14=0),\"S\",IF(AND(OFFSET(C14,-1,0)=2,A14=4),3,IF(AND(OR(OFFSET(C14,-1,0)=\"s\",OFFSET(C14,-1,0)=0),A14<>\"s\",A14>OFFSET(B14,-1,0)),OFFSET(B14,-1,0),A14)))))","v":"S"},{"$f":"IF(OR(C14=\"S\",C14=0),0,IF(ISERROR(K14),J14,SMALL(J14:K14,1)))","v":0},{"$f":"IF($C14=1,OFFSET(E14,-1,0)+MAX(1,COUNTIF(QCI!$A$13:$A$36,OFFSET(ORÇAMENTO!E14,-1,0))),OFFSET(E14,-1,0))","v":"n1"},{"$f":"IF($C14=1,0,IF($C14=2,OFFSET(F14,-1,0)+1,OFFSET(F14,-1,0)))","v":"n2"},{"$f":"IF(AND($C14<=2,$C14<>0),0,IF($C14=3,OFFSET(G14,-1,0)+1,OFFSET(G14,-1,0)))","v":"n3"},{"$f":"IF(AND($C14<=3,$C14<>0),0,IF($C14=4,OFFSET(H14,-1,0)+1,OFFSET(H14,-1,0)))","v":"n4"},{"$f":"IF(AND($C14<=4,$C14<>0),0,IF(AND($C14=\"S\",$X14>0),OFFSET(I14,-1,0)+1,OFFSET(I14,-1,0)))","v":"n5"},{"$f":"IF(OR($C14=\"S\",$C14=0),0,MATCH(0,OFFSET($D14,1,$C14,ROW($C$472)-ROW($C14)),0))","v":0},{"$f":"IF(OR($C14=\"S\",$C14=0),0,MATCH(OFFSET($D14,0,$C14)+IF($C14<>1,1,COUNTIF(QCI!$A$13:$A$36,ORÇAMENTO!E14)),OFFSET($D14,1,$C14,ROW($C$472)-ROW($C14)),0))","v":0},{"$f":"IF(OR($X14>0,$C14=1,$C14=2,$C14=3,$C14=4),\"F\",\"\")","v":""},"Serviço",{"$f":"CHOOSE(1+LOG(1+2*(C14=1)+4*(C14=2)+8*(C14=3)+16*(C14=4)+32*(C14=\"S\"),2),\"\",\"Meta\",\"Nível 2\",\"Nível 3\",\"Nível 4\",\"Serviço\")","v":"Serviço"},{"$f":"IF(OR($C14=0,$L14=\"\"),\"-\",CONCATENATE(E14&\".\",IF(AND($A$5>=2,$C14>=2),F14&\".\",\"\"),IF(AND($A$5>=3,$C14>=3),G14&\".\",\"\"),IF(AND($A$5>=4,$C14>=4),H14&\".\",\"\"),IF($C14=\"S\",I14&\".\",\"\")))","v":"-"},"SINAPI",null,{"$f":"IF($C14=\"S\",REFERENCIA.Descricao,\"(digite a descrição aqui)\")","v":"(Sem Código)"},{"$f":"REFERENCIA.Unidade","v":"-"},{"$f":"OFFSET(CÁLCULO!H$15,ROW($T14)-ROW(T$15),0)","v":0},null,"BDI 1",{"$f":"IF($C14=\"S\",ROUND(IF(TIPOORCAMENTO=\"Proposto\",ORÇAMENTO.CustoUnitario*(1+$AH14),ORÇAMENTO.PrecoUnitarioLicitado),15-13*$AF$10),0)","v":0},{"$f":"IF($C14=\"S\",IF(OR(Import.TipoArredondamento<>\"TransfereGOV\",ACOMPANHAMENTO=\"BM\"),VTOTAL1,SUM(OFFSET(CÁLCULO!$AI$15,ROW($X14)-ROW($X$15),1):OFFSET(CÁLCULO!$BB$15,ROW($X14)-ROW($X$15),-1))),IF($C14=0,0,ROUND(SomaAgrup,15-13*$AF$11)))","v":0},"RA",{"$f":"IF(AND($C14=\"S\",$X14>0),IF(ISBLANK($Y14),\"RA\",LEFT($Y14,2)),\"\")","v":""},{"$f":"IF($C14=\"S\",IF($Z14=\"CP\",$X14,IF($Z14=\"RA\",(($X14)*QCI!$AA$3),0)),SomaAgrup)","v":0},{"$f":"IF($C14=\"S\",IF($Z14=\"OU\",ROUND($X14,2),0),SomaAgrup)","v":0},{"$f":"IF($N14=\"\",\" \",\nIF(AND($C14<>\"S\",OR($R14=\"\",$R14=\"(digite a descrição aqui)\")),\"DESCRIÇÃO\",\nIF(AND($C14=\"S\",OR($Q14<>\"\",$T14>0,$U14>0),$P14=\"\"),\"FONTE\",\nIF(AND($C14=\"S\",$P14<>\"\",OR($T14>0,$U14>0),$Q14=\"\"),\"CÓDIGO\",\nIF(AND($C14=\"S\",$P14<>\"\",$Q14<>\"\",$R14=\"(Código não identificado nas referências)\"),\"CÓDIGO N/ID\",\nIF(AND($C14=\"S\",OR($R14=\"\",$R14=\"(digite a descrição aqui)\"),OR($Q14<>\"\",$T14>0,$U14>0)),\"DESCRIÇÃO\",\nIF(AND($C14=\"S\",$P14<>\"\",$Q14<>\"\",$S14=\"\"),\"UNIDADE\",\nIF(AND($C14=\"S\",$P14<>\"\",$Q14<>\"\",$U14=0),\"SEM CUSTO\",\nIF(AND(TIPOORCAMENTO=\"Licitado\",$AL14=0,$AN14>0),\"SEM PREÇO\",\nIF(AND($C14=\"S\",$P14<>\"\",$Q14<>\"\",$U14>0,AND($V14<>\"BDI 1\",$V14<>\"BDI 2\",$V14<>\"BDI 3\")),IF(ISNUMBER($V14),\"JUSTIFICAR BDI\",\"BDI\"),\nIF(OR(AND(import.recurso=\"OGU\",TIPOORCAMENTO=\"Proposto\",LEFT($O$8,5)<>\"(N/D:\",$AG14<>\"\",ORÇAMENTO.CustoUnitario>$AG14),AND(TIPOORCAMENTO=\"LICITADO\",ORÇAMENTO.PrecoUnitarioLicitado>$AN14)),\"ACIMA REF.\",\nIF(AND($C14=\"S\",$P14<>\"\",$Q14<>\"\",$T14=0,$U14>0),\"QUANT.\",\nIF(AND(Import.TipoArredondamento=\"TransfereGOV\",$L14=\"F\",$C14=\"S\",LEN($Q14)>13),\"Código >13\",\nIF(AND(Import.TipoArredondamento=\"TransfereGOV\",$L14=\"F\",$C14<>\"S\",LEN($R14)>100),\"Descrição >100\",\nIF(AND(Import.TipoArredondamento=\"TransfereGOV\",$L14=\"F\",$C14=\"S\",LEN($R14)>500),\"Descrição >500\",\nIF(AND(Import.TipoArredondamento=\"TransfereGOV\",$L14=\"F\",$C14=\"S\",LEFT(TRIM(UPPER($P14)),6)<>\"SINAPI\",ISNA(VLOOKUP(TRIM(UPPER($S14)),ListaTgov.Unidades,1,FALSE))),\"Unid. Não Disp\",\n\" \"))))))))))))))))","v":" "},{"$f":"IF(C14<=CRONO.NivelExibicao,MAX($AD$15:OFFSET(AD14,-1,0))+IF($C14<>1,1,MAX(1,COUNTIF(QCI!$A$13:$A$36,OFFSET($E14,-1,0)))),\"\")","v":""},{"$f":"IF(AND($C14=\"S\",ORÇAMENTO.CodBarra<>\"\"),IF(ORÇAMENTO.Fonte=\"\",ORÇAMENTO.CodBarra,CONCATENATE(ORÇAMENTO.Fonte,\" \",ORÇAMENTO.CodBarra)))","v":false},{"$f":"IF(ISERROR(ORÇAMENTO.BancoRef),\"(abra o arquivo 'Referência \"&Excel_BuiltIn_Database&\".xlsm)\",IF(OR($C14<>\"S\",ORÇAMENTO.CodBarra=\"\"),\"(Sem Código)\",IF(ISERROR(MATCH($AE14,INDIRECT(ORÇAMENTO.BancoRef),0)),\"(Código não identificado nas referências)\",MATCH($AE14,INDIRECT(ORÇAMENTO.BancoRef),0))))","v":"(Sem Código)"},{"$f":"ROUND(IF(DESONERACAO=\"sim\",REFERENCIA.Desonerado,REFERENCIA.NaoDesonerado),2)","v":0},{"$f":"ROUND(IF(ISNUMBER(ORÇAMENTO.OpcaoBDI),ORÇAMENTO.OpcaoBDI,IF(LEFT(ORÇAMENTO.OpcaoBDI,3)=\"BDI\",HLOOKUP(ORÇAMENTO.OpcaoBDI,$F$4:$H$5,2,FALSE),0)),15-11*$AF$9)","v":0.25290000000000001},null,null,null,null,{"$f":"$X14","v":0},{"$f":"ROUND(ORÇAMENTO.CustoUnitario*(1+$AH14),2)","v":0}]
[0,null,"L",{"$f":"COUNTA(OFFSET(D15,1,0):D$472)","v":456},0,null,null,null,null,null,null,"F",{"$f":"IF(TIPOORCAMENTO=\"LICITADO\",\"CTEF\",\"LOTE\")","v":"LOTE"},{"$f":"IF(TIPOORCAMENTO=\"LICITADO\",\"CTEF\",\"LOTE\")","v":"LOTE"},{"$f":"Import.DescLote","v":"UNIDADE BÁSICA DE SAÚDE PORTE 1 - 389,78 m²"},null,null,null,null,null,null,null,null,{"$f":"SUMIF(OFFSET($C15,1,0,ROW(X472)-ROW(X15)-1),\"S\",OFFSET(X15,1,0,ROW(X472)-ROW(X15)-1))","v":2189462.2799999989},null,{"$f":"IF(AND($C15=\"S\",$X15>0),LEFT($Y15,2),\"\")","v":""},{"$f":"SUMIF(OFFSET($C15,1,0,ROW(AA472)-ROW(AA15)-1),\"S\",OFFSET(AA15,1,0,ROW(AA472)-ROW(AA15)-1))","v":189462.28000000003},{"$f":"SUMIF(OFFSET($C15,1,0,ROW(AB472)-ROW(AB15)-1),\"S\",OFFSET(AB15,1,0,ROW(AB472)-ROW(AB15)-1))","v":0}," ",null,null,null,null,null,null,null,null,null,2189462.2799999989]
[{"$f":"CHOOSE(1+LOG(1+2*(ORÇAMENTO.Nivel=\"Meta\")+4*(ORÇAMENTO.Nivel=\"Nível 2\")+8*(ORÇAMENTO.Nivel=\"Nível 3\")+16*(ORÇAMENTO.Nivel=\"Nível 4\")+32*(ORÇAMENTO.Nivel=\"Serviço\"),2),0,1,2,3,4,\"S\")","v":1},{"$f":"IF(OR(C16=\"s\",C16=0),OFFSET(B16,-1,0),C16)","v":1},{"$f":"IF(OFFSET(C16,-1,0)=\"L\",1,IF(OFFSET(C16,-1,0)=1,2,IF(OR(A16=\"s\",A16=0),\"S\",IF(AND(OFFSET(C16,-1,0)=2,A16=4),3,IF(AND(OR(OFFSET(C16,-1,0)=\"s\",OFFSET(C16,-1,0)=0),A16<>\"s\",A16>OFFSET(B16,-1,0)),OFFSET(B16,-1,0),A16)))))","v":1},{"$f":"IF(OR(C16=\"S\",C16=0),0,IF(ISERROR(K16),J16,SMALL(J16:K16,1)))","v":16},{"$f":"IF($C16=1,OFFSET(E16,-1,0)+MAX(1,COUNTIF(QCI!$A$13:$A$36,OFFSET(ORÇAMENTO!E16,-1,0))),OFFSET(E16,-1,0))","v":1},{"$f":"IF($C16=1,0,IF($C16=2,OFFSET(F16,-1,0)+1,OFFSET(F16,-1,0)))","v":0},{"$f":"IF(AND($C16<=2,$C16<>0),0,IF($C16=3,OFFSET(G16,-1,0)+1,OFFSET(G16,-1,0)))","v":0},{"$f":"IF(AND($C16<=3,$C16<>0),0,IF($C16=4,OFFSET(H16,-1,0)+1,OFFSET(H16,-1,0)))","v":0},{"$f":"IF(AND($C16<=4,$C16<>0),0,IF(AND($C16=\"S\",$X16>0),OFFSET(I16,-1,0)+1,OFFSET(I16,-1,0)))","v":0},{"$f":"IF(OR($C16=\"S\",$C16=0),0,MATCH(0,OFFSET($D16,1,$C16,ROW($C$472)-ROW($C16)),0))","v":456},{"$f":"IF(OR($C16=\"S\",$C16=0),0,MATCH(OFFSET($D16,0,$C16)+IF($C16<>1,1,COUNTIF(QCI!$A$13:$A$36,ORÇAMENTO!E16)),OFFSET($D16,1,$C16,ROW($C$472)-ROW($C16)),0))","v":16},{"$f":"IF(OR($X16>0,$C16=1,$C16=2,$C16=3,$C16=4),\"F\",\"\")","v":"F"},"Meta",{"$f":"CHOOSE(1+LOG(1+2*(C16=1)+4*(C16=2)+8*(C16=3)+16*(C16=4)+32*(C16=\"S\"),2),\"\",\"Meta\",\"Nível 2\",\"Nível 3\",\"Nível 4\",\"Serviço\")","v":"Meta"},{"$f":"IF(OR($C16=0,$L16=\"\"),\"-\",CONCATENATE(E16&\".\",IF(AND($A$5>=2,$C16>=2),F16&\".\",\"\"),IF(AND($A$5>=3,$C16>=3),G16&\".\",\"\"),IF(AND($A$5>=4,$C16>=4),H16&\".\",\"\"),IF($C16=\"S\",I16&\".\",\"\")))","v":"1."},"SINAPI",null,{"$f":"IF($C16=\"S\",REFERENCIA.Descricao,\"SERVIÇOS PRELIMINARES E INDIRETOS\")","v":"SERVIÇOS PRELIMINARES E INDIRETOS"},{"$f":"REFERENCIA.Unidade","v":"-"},{"$f":"OFFSET(CÁLCULO!H$15,ROW($T16)-ROW(T$15),0)","v":0},null,"BDI 1",{"$f":"IF($C16=\"S\",ROUND(IF(TIPOORCAMENTO=\"Proposto\",ORÇAMENTO.CustoUnitario*(1+$AH16),ORÇAMENTO.PrecoUnitarioLicitado),15-13*$AF$10),0)","v":0},{"$f":"IF($C16=\"S\",IF(OR(Import.TipoArredondamento<>\"TransfereGOV\",ACOMPANHAMENTO=\"BM\"),VTOTAL1,SUM(OFFSET(CÁLCULO!$AI$15,ROW($X16)-ROW($X$15),1):OFFSET(CÁLCULO!$BB$15,ROW($X16)-ROW($X$15),-1))),IF($C16=0,0,ROUND(SomaAgrup,15-13*$AF$11)))","v":106563.19},"RA",{"$f":"IF(AND($C16=\"S\",$X16>0),IF(ISBLANK($Y16),\"RA\",LEFT($Y16,2)),\"\")","v":""},{"$f":"IF($C16=\"S\",IF($Z16=\"CP\",$X16,IF($Z16=\"RA\",(($X16)*QCI!$AA$3),0)),SomaAgrup)","v":9221.3074990601017},{"$f":"IF($C16=\"S\",IF($Z16=\"OU\",ROUND($X16,2),0),SomaAgrup)","v":0},{"$f":"IF($N16=\"\",\" \",\nIF(AND($C16<>\"S\",OR($R16=\"\",$R16=\"(digite a descrição aqui)\")),\"DESCRIÇÃO\",\nIF(AND($C16=\"S\",OR($Q16<>\"\",$T16>0,$U16>0),$P16=\"\"),\"FONTE\",\nIF(AND($C16=\"S\",$P16<>\"\",OR($T16>0,$U16>0),$Q16=\"\"),\"CÓDIGO\",\nIF(AND($C16=\"S\",$P16<>\"\",$Q16<>\"\",$R16=\"(Código não identificado nas referências)\"),\"CÓDIGO N/ID\",\nIF(AND($C16=\"S\",OR($R16=\"\",$R16=\"(digite a descrição aqui)\"),OR($Q16<>\"\",$T16>0,$U16>0)),\"DESCRIÇÃO\",\nIF(AND($C16=\"S\",$P16<>\"\",$Q16<>\"\",$S16=\"\"),\"UNIDADE\",\nIF(AND($C16=\"S\",$P16<>\"\",$Q16<>\"\",$U16=0),\"SEM CUSTO\",\nIF(AND(TIPOORCAMENTO=\"Licitado\",$AL16=0,$AN16>0),\"SEM PREÇO\",\nIF(AND($C16=\"S\",$P16<>\"\",$Q16<>\"\",$U16>0,AND($V16<>\"BDI 1\",$V16<>\"BDI 2\",$V16<>\"BDI 3\")),IF(ISNUMBER($V16),\"JUSTIFICAR BDI\",\"BDI\"),\nIF(OR(AND(import.recurso=\"OGU\",TIPOORCAMENTO=\"Proposto\",LEFT($O$8,5)<>\"(N/D:\",$AG16<>\"\",ORÇAMENTO.CustoUnitario>$AG16),AND(TIPOORCAMENTO=\"LICITADO\",ORÇAMENTO.PrecoUnitarioLicitado>$AN16)),\"ACIMA REF.\",\nIF(AND($C16=\"S\",$P16<>\"\",$Q16<>\"\",$T16=0,$U16>0),\"QUANT.\",\nIF(AND(Import.TipoArredondamento=\"TransfereGOV\",$L16=\"F\",$C16=\"S\",LEN($Q16)>13),\"Código >13\",\nIF(AND(Import.TipoArredondamento=\"TransfereGOV\",$L16=\"F\",$C16<>\"S\",LEN($R16)>100),\"Descrição >100\",\nIF(AND(Import.TipoArredondamento=\"TransfereGOV\",$L16=\"F\",$C16=\"S\",LEN($R16)>500),\"Descrição >500\",\nIF(AND(Import.TipoArredondamento=\"TransfereGOV\",$L16=\"F\",$C16=\"S\",LEFT(TRIM(UPPER($P16)),6)<>\"SINAPI\",ISNA(VLOOKUP(TRIM(UPPER($S16)),ListaTgov.Unidades,1,FALSE))),\"Unid. Não Disp\",\n\" \"))))))))))))))))","v":" "},{"$f":"IF(C16<=CRONO.NivelExibicao,MAX($AD$15:OFFSET(AD16,-1,0))+IF($C16<>1,1,MAX(1,COUNTIF(QCI!$A$13:$A$36,OFFSET($E16,-1,0)))),\"\")","v":1},{"$f":"IF(AND($C16=\"S\",ORÇAMENTO.CodBarra<>\"\"),IF(ORÇAMENTO.Fonte=\"\",ORÇAMENTO.CodBarra,CONCATENATE(ORÇAMENTO.Fonte,\" \",ORÇAMENTO.CodBarra)))","v":false},{"$f":"IF(ISERROR(ORÇAMENTO.BancoRef),\"(abra o arquivo 'Referência \"&Excel_BuiltIn_Database&\".xlsm)\",IF(OR($C16<>\"S\",ORÇAMENTO.CodBarra=\"\"),\"(Sem Código)\",IF(ISERROR(MATCH($AE16,INDIRECT(ORÇAMENTO.BancoRef),0)),\"(Código não identificado nas referências)\",MATCH($AE16,INDIRECT(ORÇAMENTO.BancoRef),0))))","v":"(Sem Código)"},{"$f":"ROUND(IF(DESONERACAO=\"sim\",REFERENCIA.Desonerado,REFERENCIA.NaoDesonerado),2)","v":0},{"$f":"ROUND(IF(ISNUMBER(ORÇAMENTO.OpcaoBDI),ORÇAMENTO.OpcaoBDI,IF(LEFT(ORÇAMENTO.OpcaoBDI,3)=\"BDI\",HLOOKUP(ORÇAMENTO.OpcaoBDI,$F$4:$H$5,2,FALSE),0)),15-11*$AF$9)","v":0.25290000000000001},null,null,null,null,106563.19,{"$f":"ROUND(ORÇAMENTO.CustoUnitario*(1+$AH16),2)","v":0}]
[2,2,2,11,{"$f":"IF($C17=1,OFFSET(E17,-1,0)+MAX(1,COUNTIF(QCI!$A$13:$A$36,OFFSET(ORÇAMENTO!E17,-1,0))),OFFSET(E17,-1,0))","v":1},1,0,0,0,15,{"$f":"IF(OR($C17=\"S\",$C17=0),0,MATCH(OFFSET($D17,0,$C17)+IF($C17<>1,1,COUNTIF(QCI!$A$13:$A$36,ORÇAMENTO!E17)),OFFSET($D17,1,$C17,ROW($C$472)-ROW($C17)),0))","v":11},"F","Nível 2","Nível 2","1.1.","SINAPI",null,{"$f":"IF($C17=\"S\",REFERENCIA.Descricao,\"CANTEIRO DE OBRAS\")","v":"CANTEIRO DE OBRAS"},{"$f":"REFERENCIA.Unidade","v":"-"},{"$f":"OFFSET(CÁLCULO!H$15,ROW($T17)-ROW(T$15),0)","v":0},null,"BDI 1",{"$f":"IF($C17=\"S\",ROUND(IF(TIPOORCAMENTO=\"Proposto\",ORÇAMENTO.CustoUnitario*(1+$AH17),ORÇAMENTO.PrecoUnitarioLicitado),15-13*$AF$10),0)","v":0},{"$f":"IF($C17=\"S\",IF(OR(Import.TipoArredondamento<>\"TransfereGOV\",ACOMPANHAMENTO=\"BM\"),VTOTAL1,SUM(OFFSET(CÁLCULO!$AI$15,ROW($X17)-ROW($X$15),1):OFFSET(CÁLCULO!$BB$15,ROW($X17)-ROW($X$15),-1))),IF($C17=0,0,ROUND(SomaAgrup,15-13*$AF$11)))","v":89824.69},"RA","",{"$f":"IF($C17=\"S\",IF($Z17=\"CP\",$X17,IF($Z17=\"RA\",(($X17)*QCI!$AA$3),0)),SomaAgrup)","v":7772.8631012054811},{"$f":"IF($C17=\"S\",IF($Z17=\"OU\",ROUND($X17,2),0),SomaAgrup)","v":0},{"$f":"IF($N17=\"\",\" \",\nIF(AND($C17<>\"S\",OR($R17=\"\",$R17=\"(digite a descrição aqui)\")),\"DESCRIÇÃO\",\nIF(AND($C17=\"S\",OR($Q17<>\"\",$T17>0,$U17>0),$P17=\"\"),\"FONTE\",\nIF(AND($C17=\"S\",$P17<>\"\",OR($T17>0,$U17>0),$Q17=\"\"),\"CÓDIGO\",\nIF(AND($C17=\"S\",$P17<>\"\",$Q17<>\"\",$R17=\"(Código não identificado nas referências)\"),\"CÓDIGO N/ID\",\nIF(AND($C17=\"S\",OR($R17=\"\",$R17=\"(digite a descrição aqui)\"),OR($Q17<>\"\",$T17>0,$U17>0)),\"DESCRIÇÃO\",\nIF(AND($C17=\"S\",$P17<>\"\",$Q17<>\"\",$S17=\"\"),\"UNIDADE\",\nIF(AND($C17=\"S\",$P17<>\"\",$Q17<>\"\",$U17=0),\"SEM CUSTO\",\nIF(AND(TIPOORCAMENTO=\"Licitado\",$AL17=0,$AN17>0),\"SEM PREÇO\",\nIF(AND($C17=\"S\",$P17<>\"\",$Q17<>\"\",$U17>0,AND($V17<>\"BDI 1\",$V17<>\"BDI 2\",$V17<>\"BDI 3\")),IF(ISNUMBER($V17),\"JUSTIFICAR BDI\",\"BDI\"),\nIF(OR(AND(import.recurso=\"OGU\",TIPOORCAMENTO=\"Proposto\",LEFT($O$8,5)<>\"(N/D:\",$AG17<>\"\",ORÇAMENTO.CustoUnitario>$AG17),AND(TIPOORCAMENTO=\"LICITADO\",ORÇAMENTO.PrecoUnitarioLicitado>$AN17)),\"ACIMA REF.\",\nIF(AND($C17=\"S\",$P17<>\"\",$Q17<>\"\",$T17=0,$U17>0),\"QUANT.\",\nIF(AND(Import.TipoArredondamento=\"TransfereGOV\",$L17=\"F\",$C17=\"S\",LEN($Q17)>13),\"Código >13\",\nIF(AND(Import.TipoArredondamento=\"TransfereGOV\",$L17=\"F\",$C17<>\"S\",LEN($R17)>100),\"Descrição >100\",\nIF(AND(Import.TipoArredondamento=\"TransfereGOV\",$L17=\"F\",$C17=\"S\",LEN($R17)>500),\"Descrição >500\",\nIF(AND(Import.TipoArredondamento=\"TransfereGOV\",$L17=\"F\",$C17=\"S\",LEFT(TRIM(UPPER($P17)),6)<>\"SINAPI\",ISNA(VLOOKUP(TRIM(UPPER($S17)),ListaTgov.Unidades,1,FALSE))),\"Unid. Não Disp\",\n\" \"))))))))))))))))","v":" "},{"$f":"IF(C17<=CRONO.NivelExibicao,MAX($AD$15:OFFSET(AD17,-1,0))+IF($C17<>1,1,MAX(1,COUNTIF(QCI!$A$13:$A$36,OFFSET($E17,-1,0)))),\"\")","v":2},{"$f":"IF(AND($C17=\"S\",ORÇAMENTO.CodBarra<>\"\"),IF(ORÇAMENTO.Fonte=\"\",ORÇAMENTO.CodBarra,CONCATENATE(ORÇAMENTO.Fonte,\" \",ORÇAMENTO.CodBarra)))","v":false},{"$f":"IF(ISERROR(ORÇAMENTO.BancoRef),\"(abra o arquivo 'Referência \"&Excel_BuiltIn_Database&\".xlsm)\",IF(OR($C17<>\"S\",ORÇAMENTO.CodBarra=\"\"),\"(Sem Código)\",IF(ISERROR(MATCH($AE17,INDIRECT(ORÇAMENTO.BancoRef),0)),\"(Código não identificado nas referências)\",MATCH($AE17,INDIRECT(ORÇAMENTO.BancoRef),0))))","v":"(Sem Código)"},{"$f":"ROUND(IF(DESONERACAO=\"sim\",REFERENCIA.Desonerado,REFERENCIA.NaoDesonerado),2)","v":0},0.25290000000000001,null,null,null,null,89824.69,{"$f":"ROUND(ORÇAMENTO.CustoUnitario*(1+$AH17),2)","v":0}]
["S",2,"S",0,{"$f":"IF($C18=1,OFFSET(E18,-1,0)+MAX(1,COUNTIF(QCI!$A$13:$A$36,OFFSET(ORÇAMENTO!E18,-1,0))),OFFSET(E18,-1,0))","v":1},1,0,0,1,0,{"$f":"IF(OR($C18=\"S\",$C18=0),0,MATCH(OFFSET($D18,0,$C18)+IF($C18<>1,1,COUNTIF(QCI!$A$13:$A$36,ORÇAMENTO!E18)),OFFSET($D18,1,$C18,ROW($C$472)-ROW($C18)),0))","v":0},"F","Serviço","Serviço","1.1.0.1.","Composição","COMP01",{"$f":"IF($C18=\"S\",REFERENCIA.Descricao,\"(digite a descrição aqui)\")","v":"LOCAÇÃO DE CONTAINER TIPO DEPÓSITO - ÁREA MÍNIMA DE 13,80 M2"},"MÊS",{"$f":"OFFSET(CÁLCULO!H$15,ROW($T18)-ROW(T$15),0)","v":10.000000000000004},{"$f":"AG18","v":1087.33},"BDI 1",{"$f":"IF($C18=\"S\",ROUND(IF(TIPOORCAMENTO=\"Proposto\",ORÇAMENTO.CustoUnitario*(1+$AH18),ORÇAMENTO.PrecoUnitarioLicitado),15-13*$AF$10),0)","v":1362.32},{"$f":"IF($C18=\"S\",IF(OR(Import.TipoArredondamento<>\"TransfereGOV\",ACOMPANHAMENTO=\"BM\"),VTOTAL1,SUM(OFFSET(CÁLCULO!$AI$15,ROW($X18)-ROW($X$15),1):OFFSET(CÁLCULO!$BB$15,ROW($X18)-ROW($X$15),-1))),IF($C18=0,0,ROUND(SomaAgrup,15-13*$AF$11)))","v":13623.240000000003},"RA","RA",{"$f":"IF($C18=\"S\",IF($Z18=\"CP\",$X18,IF($Z18=\"RA\",(($X18)*QCI!$AA$3),0)),SomaAgrup)","v":1178.8694123505081},{"$f":"IF($C18=\"S\",IF($Z18=\"OU\",ROUND($X18,2),0),SomaAgrup)","v":0},{"$f":"IF($N18=\"\",\" \",\nIF(AND($C18<>\"S\",OR($R18=\"\",$R18=\"(digite a descrição aqui)\")),\"DESCRIÇÃO\",\nIF(AND($C18=\"S\",OR($Q18<>\"\",$T18>0,$U18>0),$P18=\"\"),\"FONTE\",\nIF(AND($C18=\"S\",$P18<>\"\",OR($T18>0,$U18>0),$Q18=\"\"),\"CÓDIGO\",\nIF(AND($C18=\"S\",$P18<>\"\",$Q18<>\"\",$R18=\"(Código não identificado nas referências)\"),\"CÓDIGO N/ID\",\nIF(AND($C18=\"S\",OR($R18=\"\",$R18=\"(digite a descrição aqui)\"),OR($Q18<>\"\",$T18>0,$U18>0)),\"DESCRIÇÃO\",\nIF(AND($C18=\"S\",$P18<>\"\",$Q18<>\"\",$S18=\"\"),\"UNIDADE\",\nIF(AND($C18=\"S\",$P18<>\"\",$Q18<>\"\",$U18=0),\"SEM CUSTO\",\nIF(AND(TIPOORCAMENTO=\"Licitado\",$AL18=0,$AN18>0),\"SEM PREÇO\",\nIF(AND($C18=\"S\",$P18<>\"\",$Q18<>\"\",$U18>0,AND($V18<>\"BDI 1\",$V18<>\"BDI 2\",$V18<>\"BDI 3\")),IF(ISNUMBER($V18),\"JUSTIFICAR BDI\",\"BDI\"),\nIF(OR(AND(import.recurso=\"OGU\",TIPOORCAMENTO=\"Proposto\",LEFT($O$8,5)<>\"(N/D:\",$AG18<>\"\",ORÇAMENTO.CustoUnitario>$AG18),AND(TIPOORCAMENTO=\"LICITADO\",ORÇAMENTO.PrecoUnitarioLicitado>$AN18)),\"ACIMA REF.\",\nIF(AND($C18=\"S\",$P18<>\"\",$Q18<>\"\",$T18=0,$U18>0),\"QUANT.\",\nIF(AND(Import.TipoArredondamento=\"TransfereGOV\",$L18=\"F\",$C18=\"S\",LEN($Q18)>13),\"Código >13\",\nIF(AND(Import.TipoArredondamento=\"TransfereGOV\",$L18=\"F\",$C18<>\"S\",LEN($R18)>100),\"Descrição >100\",\nIF(AND(Import.TipoArredondamento=\"TransfereGOV\",$L18=\"F\",$C18=\"S\",LEN($R18)>500),\"Descrição >500\",\nIF(AND(Import.TipoArredondamento=\"TransfereGOV\",$L18=\"F\",$C18=\"S\",LEFT(TRIM(UPPER($P18)),6)<>\"SINAPI\",ISNA(VLOOKUP(TRIM(UPPER($S18)),ListaTgov.Unidades,1,FALSE))),\"Unid. Não Disp\",\n\" \"))))))))))))))))","v":" "},{"$f":"IF(C18<=CRONO.NivelExibicao,MAX($AD$15:OFFSET(AD18,-1,0))+IF($C18<>1,1,MAX(1,COUNTIF(QCI!$A$13:$A$36,OFFSET($E18,-1,0)))),\"\")","v":""},{"$f":"IF(AND($C18=\"S\",ORÇAMENTO.CodBarra<>\"\"),IF(ORÇAMENTO.Fonte=\"\",ORÇAMENTO.CodBarra,CONCATENATE(ORÇAMENTO.Fonte,\" \",ORÇAMENTO.CodBarra)))","v":"Composição COMP01"},{"$f":"IF(ISERROR(ORÇAMENTO.BancoRef),\"(abra o arquivo 'Referência \"&Excel_BuiltIn_Database&\".xlsm)\",IF(OR($C18<>\"S\",ORÇAMENTO.CodBarra=\"\"),\"(Sem Código)\",IF(ISERROR(MATCH($AE18,INDIRECT(ORÇAMENTO.BancoRef),0)),\"(Código não identificado nas referências)\",MATCH($AE18,INDIRECT(ORÇAMENTO.BancoRef),0))))","v":3},{"$f":"ROUND(IF(DESONERACAO=\"sim\",REFERENCIA.Desonerado,REFERENCIA.NaoDesonerado),2)","v":1087.33},0.25290000000000001,null,null,null,null,13623.240000000003,{"$f":"ROUND(ORÇAMENTO.CustoUnitario*(1+$AH18),2)","v":1362.32}]
["S",2,"S",0,{"$f":"IF($C19=1,OFFSET(E19,-1,0)+MAX(1,COUNTIF(QCI!$A$13:$A$36,OFFSET(ORÇAMENTO!E19,-1,0))),OFFSET(E19,-1,0))","v":1},1,0,0,2,0,{"$f":"IF(OR($C19=\"S\",$C19=0),0,MATCH(OFFSET($D19,0,$C19)+IF($C19<>1,1,COUNTIF(QCI!$A$13:$A$36,ORÇAMENTO!E19)),OFFSET($D19,1,$C19,ROW($C$472)-ROW($C19)),0))","v":0},"F","Serviço","Serviço","1.1.0.2.","Composição","COMP02",{"$f":"IF($C19=\"S\",REFERENCIA.Descricao,\"(digite a descrição aqui)\")","v":"BARRACÃO ABERTO PARA APOIO À PRODUÇÃO (CARPINTARIA, CENTRAL DE ARMAÇÃO, OFICINA, ETC.) C/ TESOURAS, TELHA 4MM, PISO EM CONCRETO DESEMPOLADO"},{"$f":"REFERENCIA.Unidade","v":"M2"},{"$f":"OFFSET(CÁLCULO!H$15,ROW($T19)-ROW(T$15),0)","v":10.000000000000004},240.9,"BDI 1",{"$f":"IF($C19=\"S\",ROUND(IF(TIPOORCAMENTO=\"Proposto\",ORÇAMENTO.CustoUnitario*(1+$AH19),ORÇAMENTO.PrecoUnitarioLicitado),15-13*$AF$10),0)","v":301.82},{"$f":"IF($C19=\"S\",IF(OR(Import.TipoArredondamento<>\"TransfereGOV\",ACOMPANHAMENTO=\"BM\"),VTOTAL1,SUM(OFFSET(CÁLCULO!$AI$15,ROW($X19)-ROW($X$15),1):OFFSET(CÁLCULO!$BB$15,ROW($X19)-ROW($X$15),-1))),IF($C19=0,0,ROUND(SomaAgrup,15-13*$AF$11)))","v":3018.2},"RA","RA",{"$f":"IF($C19=\"S\",IF($Z19=\"CP\",$X19,IF($Z19=\"RA\",(($X19)*QCI!$AA$3),0)),SomaAgrup)","v":261.17602423184962},{"$f":"IF($C19=\"S\",IF($Z19=\"OU\",ROUND($X19,2),0),SomaAgrup)","v":0},{"$f":"IF($N19=\"\",\" \",\nIF(AND($C19<>\"S\",OR($R19=\"\",$R19=\"(digite a descrição aqui)\")),\"DESCRIÇÃO\",\nIF(AND($C19=\"S\",OR($Q19<>\"\",$T19>0,$U19>0),$P19=\"\"),\"FONTE\",\nIF(AND($C19=\"S\",$P19<>\"\",OR($T19>0,$U19>0),$Q19=\"\"),\"CÓDIGO\",\nIF(AND($C19=\"S\",$P19<>\"\",$Q19<>\"\",$R19=\"(Código não identificado nas referências)\"),\"CÓDIGO N/ID\",\nIF(AND($C19=\"S\",OR($R19=\"\",$R19=\"(digite a descrição aqui)\"),OR($Q19<>\"\",$T19>0,$U19>0)),\"DESCRIÇÃO\",\nIF(AND($C19=\"S\",$P19<>\"\",$Q19<>\"\",$S19=\"\"),\"UNIDADE\",\nIF(AND($C19=\"S\",$P19<>\"\",$Q19<>\"\",$U19=0),\"SEM CUSTO\",\nIF(AND(TIPOORCAMENTO=\"Licitado\",$AL19=0,$AN19>0),\"SEM PREÇO\",\nIF(AND($C19=\"S\",$P19<>\"\",$Q19<>\"\",$U19>0,AND($V19<>\"BDI 1\",$V19<>\"BDI 2\",$V19<>\"BDI 3\")),IF(ISNUMBER($V19),\"JUSTIFICAR BDI\",\"BDI\"),\nIF(OR(AND(import.recurso=\"OGU\",TIPOORCAMENTO=\"Proposto\",LEFT($O$8,5)<>\"(N/D:\",$AG19<>\"\",ORÇAMENTO.CustoUnitario>$AG19),AND(TIPOORCAMENTO=\"LICITADO\",ORÇAMENTO.PrecoUnitarioLicitado>$AN19)),\"ACIMA REF.\",\nIF(AND($C19=\"S\",$P19<>\"\",$Q19<>\"\",$T19=0,$U19>0),\"QUANT.\",\nIF(AND(Import.TipoArredondamento=\"TransfereGOV\",$L19=\"F\",$C19=\"S\",LEN($Q19)>13),\"Código >13\",\nIF(AND(Import.TipoArredondamento=\"TransfereGOV\",$L19=\"F\",$C19<>\"S\",LEN($R19)>100),\"Descrição >100\",\nIF(AND(Import.TipoArredondamento=\"TransfereGOV\",$L19=\"F\",$C19=\"S\",LEN($R19)>500),\"Descrição >500\",\nIF(AND(Import.TipoArredondamento=\"TransfereGOV\",$L19=\"F\",$C19=\"S\",LEFT(TRIM(UPPER($P19)),6)<>\"SINAPI\",ISNA(VLOOKUP(TRIM(UPPER($S19)),ListaTgov.Unidades,1,FALSE))),\"Unid. Não Disp\",\n\" \"))))))))))))))))","v":" "},{"$f":"IF(C19<=CRONO.NivelExibicao,MAX($AD$15:OFFSET(AD19,-1,0))+IF($C19<>1,1,MAX(1,COUNTIF(QCI!$A$13:$A$36,OFFSET($E19,-1,0)))),\"\")","v":""},{"$f":"IF(AND($C19=\"S\",ORÇAMENTO.CodBarra<>\"\"),IF(ORÇAMENTO.Fonte=\"\",ORÇAMENTO.CodBarra,CONCATENATE(ORÇAMENTO.Fonte,\" \",ORÇAMENTO.CodBarra)))","v":"Composição COMP02"},{"$f":"IF(ISERROR(ORÇAMENTO.BancoRef),\"(abra o arquivo 'Referência \"&Excel_BuiltIn_Database&\".xlsm)\",IF(OR($C19<>\"S\",ORÇAMENTO.CodBarra=\"\"),\"(Sem Código)\",IF(ISERROR(MATCH($AE19,INDIRECT(ORÇAMENTO.BancoRef),0)),\"(Código não identificado nas referências)\",MATCH($AE19,INDIRECT(ORÇAMENTO.BancoRef),0))))","v":4},{"$f":"ROUND(IF(DESONERACAO=\"sim\",REFERENCIA.Desonerado,REFERENCIA.NaoDesonerado),2)","v":240.9},0.25290000000000001,null,null,null,null,3018.2,{"$f":"ROUND(ORÇAMENTO.CustoUnitario*(1+$AH19),2)","v":301.82}]
["S",2,"S",0,{"$f":"IF($C20=1,OFFSET(E20,-1,0)+MAX(1,COUNTIF(QCI!$A$13:$A$36,OFFSET(ORÇAMENTO!E20,-1,0))),OFFSET(E20,-1,0))","v":1},1,0,0,3,0,{"$f":"IF(OR($C20=\"S\",$C20=0),0,MATCH(OFFSET($D20,0,$C20)+IF($C20<>1,1,COUNTIF(QCI!$A$13:$A$36,ORÇAMENTO!E20)),OFFSET($D20,1,$C20,ROW($C$472)-ROW($C20)),0))","v":0},"F","Serviço","Serviço","1.1.0.3.","SINAPI-I","10777",{"$f":"IF($C20=\"S\",REFERENCIA.Descricao,\"(digite a descrição aqui)\")","v":"LOCACAO DE CONTAINER 2,30 X 4,30 M, ALT. 2,50 M, PARA SANITARIO, COM 3 BACIAS, 4 CHUVEIROS, 1 LAVATORIO E 1 MICTORIO (NAO INCLUI MOBILIZACAO/DESMOBILIZACAO)"},{"$f":"REFERENCIA.Unidade","v":"MES"},{"$f":"OFFSET(CÁLCULO!H$15,ROW($T20)-ROW(T$15),0)","v":10.000000000000004},1146.77,"BDI 1",{"$f":"IF($C20=\"S\",ROUND(IF(TIPOORCAMENTO=\"Proposto\",ORÇAMENTO.CustoUnitario*(1+$AH20),ORÇAMENTO.PrecoUnitarioLicitado),15-13*$AF$10),0)","v":1436.79},{"$f":"IF($C20=\"S\",IF(OR(Import.TipoArredondamento<>\"TransfereGOV\",ACOMPANHAMENTO=\"BM\"),VTOTAL1,SUM(OFFSET(CÁLCULO!$AI$15,ROW($X20)-ROW($X$15),1):OFFSET(CÁLCULO!$BB$15,ROW($X20)-ROW($X$15),-1))),IF($C20=0,0,ROUND(SomaAgrup,15-13*$AF$11)))","v":14367.839999999998},"RA","RA",{"$f":"IF($C20=\"S\",IF($Z20=\"CP\",$X20,IF($Z20=\"RA\",(($X20)*QCI!$AA$3),0)),SomaAgrup)","v":1243.3024080575633},{"$f":"IF($C20=\"S\",IF($Z20=\"OU\",ROUND($X20,2),0),SomaAgrup)","v":0},{"$f":"IF($N20=\"\",\" \",\nIF(AND($C20<>\"S\",OR($R20=\"\",$R20=\"(digite a descrição aqui)\")),\"DESCRIÇÃO\",\nIF(AND($C20=\"S\",OR($Q20<>\"\",$T20>0,$U20>0),$P20=\"\"),\"FONTE\",\nIF(AND($C20=\"S\",$P20<>\"\",OR($T20>0,$U20>0),$Q20=\"\"),\"CÓDIGO\",\nIF(AND($C20=\"S\",$P20<>\"\",$Q20<>\"\",$R20=\"(Código não identificado nas referências)\"),\"CÓDIGO N/ID\",\nIF(AND($C20=\"S\",OR($R20=\"\",$R20=\"(digite a descrição aqui)\"),OR($Q20<>\"\",$T20>0,$U20>0)),\"DESCRIÇÃO\",\nIF(AND($C20=\"S\",$P20<>\"\",$Q20<>\"\",$S20=\"\"),\"UNIDADE\",\nIF(AND($C20=\"S\",$P20<>\"\",$Q20<>\"\",$U20=0),\"SEM CUSTO\",\nIF(AND(TIPOORCAMENTO=\"Licitado\",$AL20=0,$AN20>0),\"SEM PREÇO\",\nIF(AND($C20=\"S\",$P20<>\"\",$Q20<>\"\",$U20>0,AND($V20<>\"BDI 1\",$V20<>\"BDI 2\",$V20<>\"BDI 3\")),IF(ISNUMBER($V20),\"JUSTIFICAR BDI\",\"BDI\"),\nIF(OR(AND(import.recurso=\"OGU\",TIPOORCAMENTO=\"Proposto\",LEFT($O$8,5)<>\"(N/D:\",$AG20<>\"\",ORÇAMENTO.CustoUnitario>$AG20),AND(TIPOORCAMENTO=\"LICITADO\",ORÇAMENTO.PrecoUnitarioLicitado>$AN20)),\"ACIMA REF.\",\nIF(AND($C20=\"S\",$P20<>\"\",$Q20<>\"\",$T20=0,$U20>0),\"QUANT.\",\nIF(AND(Import.TipoArredondamento=\"TransfereGOV\",$L20=\"F\",$C20=\"S\",LEN($Q20)>13),\"Código >13\",\nIF(AND(Import.TipoArredondamento=\"TransfereGOV\",$L20=\"F\",$C20<>\"S\",LEN($R20)>100),\"Descrição >100\",\nIF(AND(Import.TipoArredondamento=\"TransfereGOV\",$L20=\"F\",$C20=\"S\",LEN($R20)>500),\"Descrição >500\",\nIF(AND(Import.TipoArredondamento=\"TransfereGOV\",$L20=\"F\",$C20=\"S\",LEFT(TRIM(UPPER($P20)),6)<>\"SINAPI\",ISNA(VLOOKUP(TRIM(UPPER($S20)),ListaTgov.Unidades,1,FALSE))),\"Unid. Não Disp\",\n\" \"))))))))))))))))","v":" "},{"$f":"IF(C20<=CRONO.NivelExibicao,MAX($AD$15:OFFSET(AD20,-1,0))+IF($C20<>1,1,MAX(1,COUNTIF(QCI!$A$13:$A$36,OFFSET($E20,-1,0)))),\"\")","v":""},{"$f":"IF(AND($C20=\"S\",ORÇAMENTO.CodBarra<>\"\"),IF(ORÇAMENTO.Fonte=\"\",ORÇAMENTO.CodBarra,CONCATENATE(ORÇAMENTO.Fonte,\" \",ORÇAMENTO.CodBarra)))","v":"SINAPI-I 10777"},{"$f":"IF(ISERROR(ORÇAMENTO.BancoRef),\"(abra o arquivo 'Referência \"&Excel_BuiltIn_Database&\".xlsm)\",IF(OR($C20<>\"S\",ORÇAMENTO.CodBarra=\"\"),\"(Sem Código)\",IF(ISERROR(MATCH($AE20,INDIRECT(ORÇAMENTO.BancoRef),0)),\"(Código não identificado nas referências)\",MATCH($AE20,INDIRECT(ORÇAMENTO.BancoRef),0))))","v":2945},{"$f":"ROUND(IF(DESONERACAO=\"sim\",REFERENCIA.Desonerado,REFERENCIA.NaoDesonerado),2)","v":1146.77},0.25290000000000001,null,null,null,null,14367.839999999998,{"$f":"ROUND(ORÇAMENTO.CustoUnitario*(1+$AH20),2)","v":1436.79}]
["S",2,"S",0,{"$f":"IF($C21=1,OFFSET(E21,-1,0)+MAX(1,COUNTIF(QCI!$A$13:$A$36,OFFSET(ORÇAMENTO!E21,-1,0))),OFFSET(E21,-1,0))","v":1},1,0,0,4,0,{"$f":"IF(OR($C21=\"S\",$C21=0),0,MATCH(OFFSET($D21,0,$C21)+IF($C21<>1,1,COUNTIF(QCI!$A$13:$A$36,ORÇAMENTO!E21)),OFFSET($D21,1,$C21,ROW($C$472)-ROW($C21)),0))","v":0},"F","Serviço","Serviço","1.1.0.4.","Composição","COMP03",{"$f":"IF($C21=\"S\",REFERENCIA.Descricao,\"(digite a descrição aqui)\")","v":"BARRACÃO PARA REFEITÓRIO EM OBRAS EM COMPENSADO"},{"$f":"REFERENCIA.Unidade","v":"M2"},{"$f":"OFFSET(CÁLCULO!H$15,ROW($T21)-ROW(T$15),0)","v":6.0000000000000009},1075.82,"BDI 1",{"$f":"IF($C21=\"S\",ROUND(IF(TIPOORCAMENTO=\"Proposto\",ORÇAMENTO.CustoUnitario*(1+$AH21),ORÇAMENTO.PrecoUnitarioLicitado),15-13*$AF$10),0)","v":1347.89},{"$f":"IF($C21=\"S\",IF(OR(Import.TipoArredondamento<>\"TransfereGOV\",ACOMPANHAMENTO=\"BM\"),VTOTAL1,SUM(OFFSET(CÁLCULO!$AI$15,ROW($X21)-ROW($X$15),1):OFFSET(CÁLCULO!$BB$15,ROW($X21)-ROW($X$15),-1))),IF($C21=0,0,ROUND(SomaAgrup,15-13*$AF$11)))","v":8087.2800000000016},"RA","RA",{"$f":"IF($C21=\"S\",IF($Z21=\"CP\",$X21,IF($Z21=\"RA\",(($X21)*QCI!$AA$3),0)),SomaAgrup)","v":699.82229052075843},{"$f":"IF($C21=\"S\",IF($Z21=\"OU\",ROUND($X21,2),0),SomaAgrup)","v":0},{"$f":"IF($N21=\"\",\" \",\nIF(AND($C21<>\"S\",OR($R21=\"\",$R21=\"(digite a descrição aqui)\")),\"DESCRIÇÃO\",\nIF(AND($C21=\"S\",OR($Q21<>\"\",$T21>0,$U21>0),$P21=\"\"),\"FONTE\",\nIF(AND($C21=\"S\",$P21<>\"\",OR($T21>0,$U21>0),$Q21=\"\"),\"CÓDIGO\",\nIF(AND($C21=\"S\",$P21<>\"\",$Q21<>\"\",$R21=\"(Código não identificado nas referências)\"),\"CÓDIGO N/ID\",\nIF(AND($C21=\"S\",OR($R21=\"\",$R21=\"(digite a descrição aqui)\"),OR($Q21<>\"\",$T21>0,$U21>0)),\"DESCRIÇÃO\",\nIF(AND($C21=\"S\",$P21<>\"\",$Q21<>\"\",$S21=\"\"),\"UNIDADE\",\nIF(AND($C21=\"S\",$P21<>\"\",$Q21<>\"\",$U21=0),\"SEM CUSTO\",\nIF(AND(TIPOORCAMENTO=\"Licitado\",$AL21=0,$AN21>0),\"SEM PREÇO\",\nIF(AND($C21=\"S\",$P21<>\"\",$Q21<>\"\",$U21>0,AND($V21<>\"BDI 1\",$V21<>\"BDI 2\",$V21<>\"BDI 3\")),IF(ISNUMBER($V21),\"JUSTIFICAR BDI\",\"BDI\"),\nIF(OR(AND(import.recurso=\"OGU\",TIPOORCAMENTO=\"Proposto\",LEFT($O$8,5)<>\"(N/D:\",$AG21<>\"\",ORÇAMENTO.CustoUnitario>$AG21),AND(TIPOORCAMENTO=\"LICITADO\",ORÇAMENTO.PrecoUnitarioLicitado>$AN21)),\"ACIMA REF.\",\nIF(AND($C21=\"S\",$P21<>\"\",$Q21<>\"\",$T21=0,$U21>0),\"QUANT.\",\nIF(AND(Import.TipoArredondamento=\"TransfereGOV\",$L21=\"F\",$C21=\"S\",LEN($Q21)>13),\"Código >13\",\nIF(AND(Import.TipoArredondamento=\"TransfereGOV\",$L21=\"F\",$C21<>\"S\",LEN($R21)>100),\"Descrição >100\",\nIF(AND(Import.TipoArredondamento=\"TransfereGOV\",$L21=\"F\",$C21=\"S\",LEN($R21)>500),\"Descrição >500\",\nIF(AND(Import.TipoArredondamento=\"TransfereGOV\",$L21=\"F\",$C21=\"S\",LEFT(TRIM(UPPER($P21)),6)<>\"SINAPI\",ISNA(VLOOKUP(TRIM(UPPER($S21)),ListaTgov.Unidades,1,FALSE))),\"Unid. Não Disp\",\n\" \"))))))))))))))))","v":" "},{"$f":"IF(C21<=CRONO.NivelExibicao,MAX($AD$15:OFFSET(AD21,-1,0))+IF($C21<>1,1,MAX(1,COUNTIF(QCI!$A$13:$A$36,OFFSET($E21,-1,0)))),\"\")","v":""},{"$f":"IF(AND($C21=\"S\",ORÇAMENTO.CodBarra<>\"\"),IF(ORÇAMENTO.Fonte=\"\",ORÇAMENTO.CodBarra,CONCATENATE(ORÇAMENTO.Fonte,\" \",ORÇAMENTO.CodBarra)))","v":"Composição COMP03"},{"$f":"IF(ISERROR(ORÇAMENTO.BancoRef),\"(abra o arquivo 'Referência \"&Excel_BuiltIn_Database&\".xlsm)\",IF(OR($C21<>\"S\",ORÇAMENTO.CodBarra=\"\"),\"(Sem Código)\",IF(ISERROR(MATCH($AE21,INDIRECT(ORÇAMENTO.BancoRef),0)),\"(Código não identificado nas referências)\",MATCH($AE21,INDIRECT(ORÇAMENTO.BancoRef),0))))","v":5},{"$f":"ROUND(IF(DESONERACAO=\"sim\",REFERENCIA.Desonerado,REFERENCIA.NaoDesonerado),2)","v":1075.82},0.25290000000000001,null,null,null,null,8087.2800000000016,{"$f":"ROUND(ORÇAMENTO.CustoUnitario*(1+$AH21),2)","v":1347.89}]
["S",2,"S",0,{"$f":"IF($C22=1,OFFSET(E22,-1,0)+MAX(1,COUNTIF(QCI!$A$13:$A$36,OFFSET(ORÇAMENTO!E22,-1,0))),OFFSET(E22,-1,0))","v":1},1,0,0,5,0,{"$f":"IF(OR($C22=\"S\",$C22=0),0,MATCH(OFFSET($D22,0,$C22)+IF($C22<>1,1,COUNTIF(QCI!$A$13:$A$36,ORÇAMENTO!E22)),OFFSET($D22,1,$C22,ROW($C$472)-ROW($C22)),0))","v":0},"F","Serviço","Serviço","1.1.0.5.","SINAPI","95648",{"$f":"IF($C22=\"S\",REFERENCIA.Descricao,\"(digite a descrição aqui)\")","v":"KIT CAVALETE PARA MEDIÇÃO DE ÁGUA - ENTRADA INDIVIDUALIZADA, EM CPVC DN 28 MM (1\"), PARA 1 MEDIDOR - FORNECIMENTO E INSTALAÇÃO (EXCLUSIVE HIDRÔMETRO). AF_03/2024"},{"$f":"REFERENCIA.Unidade","v":"UN"},{"$f":"OFFSET(CÁLCULO!H$15,ROW($T22)-ROW(T$15),0)","v":1},658.39,"BDI 1",{"$f":"IF($C22=\"S\",ROUND(IF(TIPOORCAMENTO=\"Proposto\",ORÇAMENTO.CustoUnitario*(1+$AH22),ORÇAMENTO.PrecoUnitarioLicitado),15-13*$AF$10),0)","v":824.9},{"$f":"IF($C22=\"S\",IF(OR(Import.TipoArredondamento<>\"TransfereGOV\",ACOMPANHAMENTO=\"BM\"),VTOTAL1,SUM(OFFSET(CÁLCULO!$AI$15,ROW($X22)-ROW($X$15),1):OFFSET(CÁLCULO!$BB$15,ROW($X22)-ROW($X$15),-1))),IF($C22=0,0,ROUND(SomaAgrup,15-13*$AF$11)))","v":824.9},"RA","RA",{"$f":"IF($C22=\"S\",IF($Z22=\"CP\",$X22,IF($Z22=\"RA\",(($X22)*QCI!$AA$3),0)),SomaAgrup)","v":71.381652106836114},{"$f":"IF($C22=\"S\",IF($Z22=\"OU\",ROUND($X22,2),0),SomaAgrup)","v":0},{"$f":"IF($N22=\"\",\" \",\nIF(AND($C22<>\"S\",OR($R22=\"\",$R22=\"(digite a descrição aqui)\")),\"DESCRIÇÃO\",\nIF(AND($C22=\"S\",OR($Q22<>\"\",$T22>0,$U22>0),$P22=\"\"),\"FONTE\",\nIF(AND($C22=\"S\",$P22<>\"\",OR($T22>0,$U22>0),$Q22=\"\"),\"CÓDIGO\",\nIF(AND($C22=\"S\",$P22<>\"\",$Q22<>\"\",$R22=\"(Código não identificado nas referências)\"),\"CÓDIGO N/ID\",\nIF(AND($C22=\"S\",OR($R22=\"\",$R22=\"(digite a descrição aqui)\"),OR($Q22<>\"\",$T22>0,$U22>0)),\"DESCRIÇÃO\",\nIF(AND($C22=\"S\",$P22<>\"\",$Q22<>\"\",$S22=\"\"),\"UNIDADE\",\nIF(AND($C22=\"S\",$P22<>\"\",$Q22<>\"\",$U22=0),\"SEM CUSTO\",\nIF(AND(TIPOORCAMENTO=\"Licitado\",$AL22=0,$AN22>0),\"SEM PREÇO\",\nIF(AND($C22=\"S\",$P22<>\"\",$Q22<>\"\",$U22>0,AND($V22<>\"BDI 1\",$V22<>\"BDI 2\",$V22<>\"BDI 3\")),IF(ISNUMBER($V22),\"JUSTIFICAR BDI\",\"BDI\"),\nIF(OR(AND(import.recurso=\"OGU\",TIPOORCAMENTO=\"Proposto\",LEFT($O$8,5)<>\"(N/D:\",$AG22<>\"\",ORÇAMENTO.CustoUnitario>$AG22),AND(TIPOORCAMENTO=\"LICITADO\",ORÇAMENTO.PrecoUnitarioLicitado>$AN22)),\"ACIMA REF.\",\nIF(AND($C22=\"S\",$P22<>\"\",$Q22<>\"\",$T22=0,$U22>0),\"QUANT.\",\nIF(AND(Import.TipoArredondamento=\"TransfereGOV\",$L22=\"F\",$C22=\"S\",LEN($Q22)>13),\"Código >13\",\nIF(AND(Import.TipoArredondamento=\"TransfereGOV\",$L22=\"F\",$C22<>\"S\",LEN($R22)>100),\"Descrição >100\",\nIF(AND(Import.TipoArredondamento=\"TransfereGOV\",$L22=\"F\",$C22=\"S\",LEN($R22)>500),\"Descrição >500\",\nIF(AND(Import.TipoArredondamento=\"TransfereGOV\",$L22=\"F\",$C22=\"S\",LEFT(TRIM(UPPER($P22)),6)<>\"SINAPI\",ISNA(VLOOKUP(TRIM(UPPER($S22)),ListaTgov.Unidades,1,FALSE))),\"Unid. Não Disp\",\n\" \"))))))))))))))))","v":" "},{"$f":"IF(C22<=CRONO.NivelExibicao,MAX($AD$15:OFFSET(AD22,-1,0))+IF($C22<>1,1,MAX(1,COUNTIF(QCI!$A$13:$A$36,OFFSET($E22,-1,0)))),\"\")","v":""},{"$f":"IF(AND($C22=\"S\",ORÇAMENTO.CodBarra<>\"\"),IF(ORÇAMENTO.Fonte=\"\",ORÇAMENTO.CodBarra,CONCATENATE(ORÇAMENTO.Fonte,\" \",ORÇAMENTO.CodBarra)))","v":"SINAPI 95648"},{"$f":"IF(ISERROR(ORÇAMENTO.BancoRef),\"(abra o arquivo 'Referência \"&Excel_BuiltIn_Database&\".xlsm)\",IF(OR($C22<>\"S\",ORÇAMENTO.CodBarra=\"\"),\"(Sem Código)\",IF(ISERROR(MATCH($AE22,INDIRECT(ORÇAMENTO.BancoRef),0)),\"(Código não identificado nas referências)\",MATCH($AE22,INDIRECT(ORÇAMENTO.BancoRef),0))))","v":15254},{"$f":"ROUND(IF(DESONERACAO=\"sim\",REFERENCIA.Desonerado,REFERENCIA.NaoDesonerado),2)","v":658.39},0.25290000000000001,null,null,null,null,824.9,{"$f":"ROUND(ORÇAMENTO.CustoUnitario*(1+$AH22),2)","v":824.9}]
["S",2,"S",0,{"$f":"IF($C23=1,OFFSET(E23,-1,0)+MAX(1,COUNTIF(QCI!$A$13:$A$36,OFFSET(ORÇAMENTO!E23,-1,0))),OFFSET(E23,-1,0))","v":1},1,0,0,6,0,{"$f":"IF(OR($C23=\"S\",$C23=0),0,MATCH(OFFSET($D23,0,$C23)+IF($C23<>1,1,COUNTIF(QCI!$A$13:$A$36,ORÇAMENTO!E23)),OFFSET($D23,1,$C23,ROW($C$472)-ROW($C23)),0))","v":0},"F","Serviço","Serviço","1.1.0.6.","SINAPI","95673",{"$f":"IF($C23=\"S\",REFERENCIA.Descricao,\"(digite a descrição aqui)\")","v":"HIDRÔMETRO DN 1/2\", 1,5 M3/H - FORNECIMENTO E INSTALAÇÃO. AF_03/2024"},{"$f":"REFERENCIA.Unidade","v":"UN"},{"$f":"OFFSET(CÁLCULO!H$15,ROW($T23)-ROW(T$15),0)","v":1},159.09,"BDI 1",{"$f":"IF($C23=\"S\",ROUND(IF(TIPOORCAMENTO=\"Proposto\",ORÇAMENTO.CustoUnitario*(1+$AH23),ORÇAMENTO.PrecoUnitarioLicitado),15-13*$AF$10),0)","v":199.32},{"$f":"IF($C23=\"S\",IF(OR(Import.TipoArredondamento<>\"TransfereGOV\",ACOMPANHAMENTO=\"BM\"),VTOTAL1,SUM(OFFSET(CÁLCULO!$AI$15,ROW($X23)-ROW($X$15),1):OFFSET(CÁLCULO!$BB$15,ROW($X23)-ROW($X$15),-1))),IF($C23=0,0,ROUND(SomaAgrup,15-13*$AF$11)))","v":199.32},"RA","RA",{"$f":"IF($C23=\"S\",IF($Z23=\"CP\",$X23,IF($Z23=\"RA\",(($X23)*QCI!$AA$3),0)),SomaAgrup)","v":17.24789780329079},{"$f":"IF($C23=\"S\",IF($Z23=\"OU\",ROUND($X23,2),0),SomaAgrup)","v":0},{"$f":"IF($N23=\"\",\" \",\nIF(AND($C23<>\"S\",OR($R23=\"\",$R23=\"(digite a descrição aqui)\")),\"DESCRIÇÃO\",\nIF(AND($C23=\"S\",OR($Q23<>\"\",$T23>0,$U23>0),$P23=\"\"),\"FONTE\",\nIF(AND($C23=\"S\",$P23<>\"\",OR($T23>0,$U23>0),$Q23=\"\"),\"CÓDIGO\",\nIF(AND($C23=\"S\",$P23<>\"\",$Q23<>\"\",$R23=\"(Código não identificado nas referências)\"),\"CÓDIGO N/ID\",\nIF(AND($C23=\"S\",OR($R23=\"\",$R23=\"(digite a descrição aqui)\"),OR($Q23<>\"\",$T23>0,$U23>0)),\"DESCRIÇÃO\",\nIF(AND($C23=\"S\",$P23<>\"\",$Q23<>\"\",$S23=\"\"),\"UNIDADE\",\nIF(AND($C23=\"S\",$P23<>\"\",$Q23<>\"\",$U23=0),\"SEM CUSTO\",\nIF(AND(TIPOORCAMENTO=\"Licitado\",$AL23=0,$AN23>0),\"SEM PREÇO\",\nIF(AND($C23=\"S\",$P23<>\"\",$Q23<>\"\",$U23>0,AND($V23<>\"BDI 1\",$V23<>\"BDI 2\",$V23<>\"BDI 3\")),IF(ISNUMBER($V23),\"JUSTIFICAR BDI\",\"BDI\"),\nIF(OR(AND(import.recurso=\"OGU\",TIPOORCAMENTO=\"Proposto\",LEFT($O$8,5)<>\"(N/D:\",$AG23<>\"\",ORÇAMENTO.CustoUnitario>$AG23),AND(TIPOORCAMENTO=\"LICITADO\",ORÇAMENTO.PrecoUnitarioLicitado>$AN23)),\"ACIMA REF.\",\nIF(AND($C23=\"S\",$P23<>\"\",$Q23<>\"\",$T23=0,$U23>0),\"QUANT.\",\nIF(AND(Import.TipoArredondamento=\"TransfereGOV\",$L23=\"F\",$C23=\"S\",LEN($Q23)>13),\"Código >13\",\nIF(AND(Import.TipoArredondamento=\"TransfereGOV\",$L23=\"F\",$C23<>\"S\",LEN($R23)>100),\"Descrição >100\",\nIF(AND(Import.TipoArredondamento=\"TransfereGOV\",$L23=\"F\",$C23=\"S\",LEN($R23)>500),\"Descrição >500\",\nIF(AND(Import.TipoArredondamento=\"TransfereGOV\",$L23=\"F\",$C23=\"S\",LEFT(TRIM(UPPER($P23)),6)<>\"SINAPI\",ISNA(VLOOKUP(TRIM(UPPER($S23)),ListaTgov.Unidades,1,FALSE))),\"Unid. Não Disp\",\n\" \"))))))))))))))))","v":" "},{"$f":"IF(C23<=CRONO.NivelExibicao,MAX($AD$15:OFFSET(AD23,-1,0))+IF($C23<>1,1,MAX(1,COUNTIF(QCI!$A$13:$A$36,OFFSET($E23,-1,0)))),\"\")","v":""},{"$f":"IF(AND($C23=\"S\",ORÇAMENTO.CodBarra<>\"\"),IF(ORÇAMENTO.Fonte=\"\",ORÇAMENTO.CodBarra,CONCATENATE(ORÇAMENTO.Fonte,\" \",ORÇAMENTO.CodBarra)))","v":"SINAPI 95673"},{"$f":"IF(ISERROR(ORÇAMENTO.BancoRef),\"(abra o arquivo 'Referência \"&Excel_BuiltIn_Database&\".xlsm)\",IF(OR($C23<>\"S\",ORÇAMENTO.CodBarra=\"\"),\"(Sem Código)\",IF(ISERROR(MATCH($AE23,INDIRECT(ORÇAMENTO.BancoRef),0)),\"(Código não identificado nas referências)\",MATCH($AE23,INDIRECT(ORÇAMENTO.BancoRef),0))))","v":15250},{"$f":"ROUND(IF(DESONERACAO=\"sim\",REFERENCIA.Desonerado,REFERENCIA.NaoDesonerado),2)","v":159.09},0.25290000000000001,null,null,null,null,199.32,{"$f":"ROUND(ORÇAMENTO.CustoUnitario*(1+$AH23),2)","v":199.32}]
["S",2,"S",0,{"$f":"IF($C24=1,OFFSET(E24,-1,0)+MAX(1,COUNTIF(QCI!$A$13:$A$36,OFFSET(ORÇAMENTO!E24,-1,0))),OFFSET(E24,-1,0))","v":1},1,0,0,7,0,{"$f":"IF(OR($C24=\"S\",$C24=0),0,MATCH(OFFSET($D24,0,$C24)+IF($C24<>1,1,COUNTIF(QCI!$A$13:$A$36,ORÇAMENTO!E24)),OFFSET($D24,1,$C24,ROW($C$472)-ROW($C24)),0))","v":0},"F","Serviço","Serviço","1.1.0.7.","SINAPI","101509",{"$f":"IF($C24=\"S\",REFERENCIA.Descricao,\"(digite a descrição aqui)\")","v":"ENTRADA DE ENERGIA ELÉTRICA, AÉREA, TRIFÁSICA, COM CAIXA DE EMBUTIR, CABO DE 10 MM2 E DISJUNTOR DIN 50A (NÃO INCLUSO O POSTE DE CONCRETO). AF_07/2020"},{"$f":"REFERENCIA.Unidade","v":"UN"},{"$f":"OFFSET(CÁLCULO!H$15,ROW($T24)-ROW(T$15),0)","v":1},2038.67,"BDI 1",{"$f":"IF($C24=\"S\",ROUND(IF(TIPOORCAMENTO=\"Proposto\",ORÇAMENTO.CustoUnitario*(1+$AH24),ORÇAMENTO.PrecoUnitarioLicitado),15-13*$AF$10),0)","v":2554.25},{"$f":"IF($C24=\"S\",IF(OR(Import.TipoArredondamento<>\"TransfereGOV\",ACOMPANHAMENTO=\"BM\"),VTOTAL1,SUM(OFFSET(CÁLCULO!$AI$15,ROW($X24)-ROW($X$15),1):OFFSET(CÁLCULO!$BB$15,ROW($X24)-ROW($X$15),-1))),IF($C24=0,0,ROUND(SomaAgrup,15-13*$AF$11)))","v":2554.25},"RA","RA",{"$f":"IF($C24=\"S\",IF($Z24=\"CP\",$X24,IF($Z24=\"RA\",(($X24)*QCI!$AA$3),0)),SomaAgrup)","v":221.0287124425823},{"$f":"IF($C24=\"S\",IF($Z24=\"OU\",ROUND($X24,2),0),SomaAgrup)","v":0},{"$f":"IF($N24=\"\",\" \",\nIF(AND($C24<>\"S\",OR($R24=\"\",$R24=\"(digite a descrição aqui)\")),\"DESCRIÇÃO\",\nIF(AND($C24=\"S\",OR($Q24<>\"\",$T24>0,$U24>0),$P24=\"\"),\"FONTE\",\nIF(AND($C24=\"S\",$P24<>\"\",OR($T24>0,$U24>0),$Q24=\"\"),\"CÓDIGO\",\nIF(AND($C24=\"S\",$P24<>\"\",$Q24<>\"\",$R24=\"(Código não identificado nas referências)\"),\"CÓDIGO N/ID\",\nIF(AND($C24=\"S\",OR($R24=\"\",$R24=\"(digite a descrição aqui)\"),OR($Q24<>\"\",$T24>0,$U24>0)),\"DESCRIÇÃO\",\nIF(AND($C24=\"S\",$P24<>\"\",$Q24<>\"\",$S24=\"\"),\"UNIDADE\",\nIF(AND($C24=\"S\",$P24<>\"\",$Q24<>\"\",$U24=0),\"SEM CUSTO\",\nIF(AND(TIPOORCAMENTO=\"Licitado\",$AL24=0,$AN24>0),\"SEM PREÇO\",\nIF(AND($C24=\"S\",$P24<>\"\",$Q24<>\"\",$U24>0,AND($V24<>\"BDI 1\",$V24<>\"BDI 2\",$V24<>\"BDI 3\")),IF(ISNUMBER($V24),\"JUSTIFICAR BDI\",\"BDI\"),\nIF(OR(AND(import.recurso=\"OGU\",TIPOORCAMENTO=\"Proposto\",LEFT($O$8,5)<>\"(N/D:\",$AG24<>\"\",ORÇAMENTO.CustoUnitario>$AG24),AND(TIPOORCAMENTO=\"LICITADO\",ORÇAMENTO.PrecoUnitarioLicitado>$AN24)),\"ACIMA REF.\",\nIF(AND($C24=\"S\",$P24<>\"\",$Q24<>\"\",$T24=0,$U24>0),\"QUANT.\",\nIF(AND(Import.TipoArredondamento=\"TransfereGOV\",$L24=\"F\",$C24=\"S\",LEN($Q24)>13),\"Código >13\",\nIF(AND(Import.TipoArredondamento=\"TransfereGOV\",$L24=\"F\",$C24<>\"S\",LEN($R24)>100),\"Descrição >100\",\nIF(AND(Import.TipoArredondamento=\"TransfereGOV\",$L24=\"F\",$C24=\"S\",LEN($R24)>500),\"Descrição >500\",\nIF(AND(Import.TipoArredondamento=\"TransfereGOV\",$L24=\"F\",$C24=\"S\",LEFT(TRIM(UPPER($P24)),6)<>\"SINAPI\",ISNA(VLOOKUP(TRIM(UPPER($S24)),ListaTgov.Unidades,1,FALSE))),\"Unid. Não Disp\",\n\" \"))))))))))))))))","v":" "},{"$f":"IF(C24<=CRONO.NivelExibicao,MAX($AD$15:OFFSET(AD24,-1,0))+IF($C24<>1,1,MAX(1,COUNTIF(QCI!$A$13:$A$36,OFFSET($E24,-1,0)))),\"\")","v":""},{"$f":"IF(AND($C24=\"S\",ORÇAMENTO.CodBarra<>\"\"),IF(ORÇAMENTO.Fonte=\"\",ORÇAMENTO.CodBarra,CONCATENATE(ORÇAMENTO.Fonte,\" \",ORÇAMENTO.CodBarra)))","v":"SINAPI 101509"},{"$f":"IF(ISERROR(ORÇAMENTO.BancoRef),\"(abra o arquivo 'Referência \"&Excel_BuiltIn_Database&\".xlsm)\",IF(OR($C24<>\"S\",ORÇAMENTO.CodBarra=\"\"),\"(Sem Código)\",IF(ISERROR(MATCH($AE24,INDIRECT(ORÇAMENTO.BancoRef),0)),\"(Código não identificado nas referências)\",MATCH($AE24,INDIRECT(ORÇAMENTO.BancoRef),0))))","v":11050},{"$f":"ROUND(IF(DESONERACAO=\"sim\",REFERENCIA.Desonerado,REFERENCIA.NaoDesonerado),2)","v":2038.67},0.25290000000000001,null,null,null,null,2554.25,{"$f":"ROUND(ORÇAMENTO.CustoUnitario*(1+$AH24),2)","v":2554.25}]
["S",2,"S",0,{"$f":"IF($C25=1,OFFSET(E25,-1,0)+MAX(1,COUNTIF(QCI!$A$13:$A$36,OFFSET(ORÇAMENTO!E25,-1,0))),OFFSET(E25,-1,0))","v":1},1,0,0,8,0,{"$f":"IF(OR($C25=\"S\",$C25=0),0,MATCH(OFFSET($D25,0,$C25)+IF($C25<>1,1,COUNTIF(QCI!$A$13:$A$36,ORÇAMENTO!E25)),OFFSET($D25,1,$C25,ROW($C$472)-ROW($C25)),0))","v":0},"F","Serviço","Serviço","1.1.0.8.","SINAPI","103689",{"$f":"IF($C25=\"S\",REFERENCIA.Descricao,\"(digite a descrição aqui)\")","v":"FORNECIMENTO E INSTALAÇÃO DE PLACA DE OBRA COM CHAPA GALVANIZADA E ESTRUTURA DE MADEIRA. AF_03/2022_PS"},{"$f":"REFERENCIA.Unidade","v":"M2"},{"$f":"OFFSET(CÁLCULO!H$15,ROW($T25)-ROW(T$15),0)","v":6},503.28,"BDI 1",{"$f":"IF($C25=\"S\",ROUND(IF(TIPOORCAMENTO=\"Proposto\",ORÇAMENTO.CustoUnitario*(1+$AH25),ORÇAMENTO.PrecoUnitarioLicitado),15-13*$AF$10),0)","v":630.55999999999995},{"$f":"IF($C25=\"S\",IF(OR(Import.TipoArredondamento<>\"TransfereGOV\",ACOMPANHAMENTO=\"BM\"),VTOTAL1,SUM(OFFSET(CÁLCULO!$AI$15,ROW($X25)-ROW($X$15),1):OFFSET(CÁLCULO!$BB$15,ROW($X25)-ROW($X$15),-1))),IF($C25=0,0,ROUND(SomaAgrup,15-13*$AF$11)))","v":3783.36},"RA","RA",{"$f":"IF($C25=\"S\",IF($Z25=\"CP\",$X25,IF($Z25=\"RA\",(($X25)*QCI!$AA$3),0)),SomaAgrup)","v":327.38815288510057},{"$f":"IF($C25=\"S\",IF($Z25=\"OU\",ROUND($X25,2),0),SomaAgrup)","v":0},{"$f":"IF($N25=\"\",\" \",\nIF(AND($C25<>\"S\",OR($R25=\"\",$R25=\"(digite a descrição aqui)\")),\"DESCRIÇÃO\",\nIF(AND($C25=\"S\",OR($Q25<>\"\",$T25>0,$U25>0),$P25=\"\"),\"FONTE\",\nIF(AND($C25=\"S\",$P25<>\"\",OR($T25>0,$U25>0),$Q25=\"\"),\"CÓDIGO\",\nIF(AND($C25=\"S\",$P25<>\"\",$Q25<>\"\",$R25=\"(Código não identificado nas referências)\"),\"CÓDIGO N/ID\",\nIF(AND($C25=\"S\",OR($R25=\"\",$R25=\"(digite a descrição aqui)\"),OR($Q25<>\"\",$T25>0,$U25>0)),\"DESCRIÇÃO\",\nIF(AND($C25=\"S\",$P25<>\"\",$Q25<>\"\",$S25=\"\"),\"UNIDADE\",\nIF(AND($C25=\"S\",$P25<>\"\",$Q25<>\"\",$U25=0),\"SEM CUSTO\",\nIF(AND(TIPOORCAMENTO=\"Licitado\",$AL25=0,$AN25>0),\"SEM PREÇO\",\nIF(AND($C25=\"S\",$P25<>\"\",$Q25<>\"\",$U25>0,AND($V25<>\"BDI 1\",$V25<>\"BDI 2\",$V25<>\"BDI 3\")),IF(ISNUMBER($V25),\"JUSTIFICAR BDI\",\"BDI\"),\nIF(OR(AND(import.recurso=\"OGU\",TIPOORCAMENTO=\"Proposto\",LEFT($O$8,5)<>\"(N/D:\",$AG25<>\"\",ORÇAMENTO.CustoUnitario>$AG25),AND(TIPOORCAMENTO=\"LICITADO\",ORÇAMENTO.PrecoUnitarioLicitado>$AN25)),\"ACIMA REF.\",\nIF(AND($C25=\"S\",$P25<>\"\",$Q25<>\"\",$T25=0,$U25>0),\"QUANT.\",\nIF(AND(Import.TipoArredondamento=\"TransfereGOV\",$L25=\"F\",$C25=\"S\",LEN($Q25)>13),\"Código >13\",\nIF(AND(Import.TipoArredondamento=\"TransfereGOV\",$L25=\"F\",$C25<>\"S\",LEN($R25)>100),\"Descrição >100\",\nIF(AND(Import.TipoArredondamento=\"TransfereGOV\",$L25=\"F\",$C25=\"S\",LEN($R25)>500),\"Descrição >500\",\nIF(AND(Import.TipoArredondamento=\"TransfereGOV\",$L25=\"F\",$C25=\"S\",LEFT(TRIM(UPPER($P25)),6)<>\"SINAPI\",ISNA(VLOOKUP(TRIM(UPPER($S25)),ListaTgov.Unidades,1,FALSE))),\"Unid. Não Disp\",\n\" \"))))))))))))))))","v":" "},{"$f":"IF(C25<=CRONO.NivelExibicao,MAX($AD$15:OFFSET(AD25,-1,0))+IF($C25<>1,1,MAX(1,COUNTIF(QCI!$A$13:$A$36,OFFSET($E25,-1,0)))),\"\")","v":""},{"$f":"IF(AND($C25=\"S\",ORÇAMENTO.CodBarra<>\"\"),IF(ORÇAMENTO.Fonte=\"\",ORÇAMENTO.CodBarra,CONCATENATE(ORÇAMENTO.Fonte,\" \",ORÇAMENTO.CodBarra)))","v":"SINAPI 103689"},{"$f":"IF(ISERROR(ORÇAMENTO.BancoRef),\"(abra o arquivo 'Referência \"&Excel_BuiltIn_Database&\".xlsm)\",IF(OR($C25<>\"S\",ORÇAMENTO.CodBarra=\"\"),\"(Sem Código)\",IF(ISERROR(MATCH($AE25,INDIRECT(ORÇAMENTO.BancoRef),0)),\"(Código não identificado nas referências)\",MATCH($AE25,INDIRECT(ORÇAMENTO.BancoRef),0))))","v":15156},{"$f":"ROUND(IF(DESONERACAO=\"sim\",REFERENCIA.Desonerado,REFERENCIA.NaoDesonerado),2)","v":503.28},0.25290000000000001,null,null,null,null,3783.36,{"$f":"ROUND(ORÇAMENTO.CustoUnitario*(1+$AH25),2)","v":630.55999999999995}]
["S",2,"S",0,{"$f":"IF($C26=1,OFFSET(E26,-1,0)+MAX(1,COUNTIF(QCI!$A$13:$A$36,OFFSET(ORÇAMENTO!E26,-1,0))),OFFSET(E26,-1,0))","v":1},1,0,0,9,0,{"$f":"IF(OR($C26=\"S\",$C26=0),0,MATCH(OFFSET($D26,0,$C26)+IF($C26<>1,1,COUNTIF(QCI!$A$13:$A$36,ORÇAMENTO!E26)),OFFSET($D26,1,$C26,ROW($C$472)-ROW($C26)),0))","v":0},"F","Serviço","Serviço","1.1.0.9.","Composição","COMP04",{"$f":"IF($C26=\"S\",REFERENCIA.Descricao,\"(digite a descrição aqui)\")","v":"REMOÇÃO DE ENTULHO SEPARADO DE OBRA COM CAÇAMBA METÁLICA - TERRA, ALVENARIA, CONCRETO, ARGAMASSA, MADEIRA, PAPEL, PLÁSTICO OU METAL"},{"$f":"REFERENCIA.Unidade","v":"M3"},{"$f":"OFFSET(CÁLCULO!H$15,ROW($T26)-ROW(T$15),0)","v":100},84.03,"BDI 1",{"$f":"IF($C26=\"S\",ROUND(IF(TIPOORCAMENTO=\"Proposto\",ORÇAMENTO.CustoUnitario*(1+$AH26),ORÇAMENTO.PrecoUnitarioLicitado),15-13*$AF$10),0)","v":105.28},{"$f":"IF($C26=\"S\",IF(OR(Import.TipoArredondamento<>\"TransfereGOV\",ACOMPANHAMENTO=\"BM\"),VTOTAL1,SUM(OFFSET(CÁLCULO!$AI$15,ROW($X26)-ROW($X$15),1):OFFSET(CÁLCULO!$BB$15,ROW($X26)-ROW($X$15),-1))),IF($C26=0,0,ROUND(SomaAgrup,15-13*$AF$11)))","v":10528},"RA","RA",{"$f":"IF($C26=\"S\",IF($Z26=\"CP\",$X26,IF($Z26=\"RA\",(($X26)*QCI!$AA$3),0)),SomaAgrup)","v":911.02683159264222},{"$f":"IF($C26=\"S\",IF($Z26=\"OU\",ROUND($X26,2),0),SomaAgrup)","v":0},{"$f":"IF($N26=\"\",\" \",\nIF(AND($C26<>\"S\",OR($R26=\"\",$R26=\"(digite a descrição aqui)\")),\"DESCRIÇÃO\",\nIF(AND($C26=\"S\",OR($Q26<>\"\",$T26>0,$U26>0),$P26=\"\"),\"FONTE\",\nIF(AND($C26=\"S\",$P26<>\"\",OR($T26>0,$U26>0),$Q26=\"\"),\"CÓDIGO\",\nIF(AND($C26=\"S\",$P26<>\"\",$Q26<>\"\",$R26=\"(Código não identificado nas referências)\"),\"CÓDIGO N/ID\",\nIF(AND($C26=\"S\",OR($R26=\"\",$R26=\"(digite a descrição aqui)\"),OR($Q26<>\"\",$T26>0,$U26>0)),\"DESCRIÇÃO\",\nIF(AND($C26=\"S\",$P26<>\"\",$Q26<>\"\",$S26=\"\"),\"UNIDADE\",\nIF(AND($C26=\"S\",$P26<>\"\",$Q26<>\"\",$U26=0),\"SEM CUSTO\",\nIF(AND(TIPOORCAMENTO=\"Licitado\",$AL26=0,$AN26>0),\"SEM PREÇO\",\nIF(AND($C26=\"S\",$P26<>\"\",$Q26<>\"\",$U26>0,AND($V26<>\"BDI 1\",$V26<>\"BDI 2\",$V26<>\"BDI 3\")),IF(ISNUMBER($V26),\"JUSTIFICAR BDI\",\"BDI\"),\nIF(OR(AND(import.recurso=\"OGU\",TIPOORCAMENTO=\"Proposto\",LEFT($O$8,5)<>\"(N/D:\",$AG26<>\"\",ORÇAMENTO.CustoUnitario>$AG26),AND(TIPOORCAMENTO=\"LICITADO\",ORÇAMENTO.PrecoUnitarioLicitado>$AN26)),\"ACIMA REF.\",\nIF(AND($C26=\"S\",$P26<>\"\",$Q26<>\"\",$T26=0,$U26>0),\"QUANT.\",\nIF(AND(Import.TipoArredondamento=\"TransfereGOV\",$L26=\"F\",$C26=\"S\",LEN($Q26)>13),\"Código >13\",\nIF(AND(Import.TipoArredondamento=\"TransfereGOV\",$L26=\"F\",$C26<>\"S\",LEN($R26)>100),\"Descrição >100\",\nIF(AND(Import.TipoArredondamento=\"TransfereGOV\",$L26=\"F\",$C26=\"S\",LEN($R26)>500),\"Descrição >500\",\nIF(AND(Import.TipoArredondamento=\"TransfereGOV\",$L26=\"F\",$C26=\"S\",LEFT(TRIM(UPPER($P26)),6)<>\"SINAPI\",ISNA(VLOOKUP(TRIM(UPPER($S26)),ListaTgov.Unidades,1,FALSE))),\"Unid. Não Disp\",\n\" \"))))))))))))))))","v":" "},{"$f":"IF(C26<=CRONO.NivelExibicao,MAX($AD$15:OFFSET(AD26,-1,0))+IF($C26<>1,1,MAX(1,COUNTIF(QCI!$A$13:$A$36,OFFSET($E26,-1,0)))),\"\")","v":""},{"$f":"IF(AND($C26=\"S\",ORÇAMENTO.CodBarra<>\"\"),IF(ORÇAMENTO.Fonte=\"\",ORÇAMENTO.CodBarra,CONCATENATE(ORÇAMENTO.Fonte,\" \",ORÇAMENTO.CodBarra)))","v":"Composição COMP04"},{"$f":"IF(ISERROR(ORÇAMENTO.BancoRef),\"(abra o arquivo 'Referência \"&Excel_BuiltIn_Database&\".xlsm)\",IF(OR($C26<>\"S\",ORÇAMENTO.CodBarra=\"\"),\"(Sem Código)\",IF(ISERROR(MATCH($AE26,INDIRECT(ORÇAMENTO.BancoRef),0)),\"(Código não identificado nas referências)\",MATCH($AE26,INDIRECT(ORÇAMENTO.BancoRef),0))))","v":6},{"$f":"ROUND(IF(DESONERACAO=\"sim\",REFERENCIA.Desonerado,REFERENCIA.NaoDesonerado),2)","v":84.03},0.25290000000000001,null,null,null,null,10528,{"$f":"ROUND(ORÇAMENTO.CustoUnitario*(1+$AH26),2)","v":105.28}]
["S",2,"S",0,{"$f":"IF($C27=1,OFFSET(E27,-1,0)+MAX(1,COUNTIF(QCI!$A$13:$A$36,OFFSET(ORÇAMENTO!E27,-1,0))),OFFSET(E27,-1,0))","v":1},1,0,0,10,0,{"$f":"IF(OR($C27=\"S\",$C27=0),0,MATCH(OFFSET($D27,0,$C27)+IF($C27<>1,1,COUNTIF(QCI!$A$13:$A$36,ORÇAMENTO!E27)),OFFSET($D27,1,$C27,ROW($C$472)-ROW($C27)),0))","v":0},"F","Serviço","Serviço","1.1.0.10.","SINAPI","98459",{"$f":"IF($C27=\"S\",REFERENCIA.Descricao,\"(digite a descrição aqui)\")","v":"TAPUME COM TELHA METÁLICA. AF_03/2024"},{"$f":"REFERENCIA.Unidade","v":"M2"},{"$f":"OFFSET(CÁLCULO!H$15,ROW($T27)-ROW(T$15),0)","v":329.99999999999983},79.42,"BDI 1",{"$f":"IF($C27=\"S\",ROUND(IF(TIPOORCAMENTO=\"Proposto\",ORÇAMENTO.CustoUnitario*(1+$AH27),ORÇAMENTO.PrecoUnitarioLicitado),15-13*$AF$10),0)","v":99.51},{"$f":"IF($C27=\"S\",IF(OR(Import.TipoArredondamento<>\"TransfereGOV\",ACOMPANHAMENTO=\"BM\"),VTOTAL1,SUM(OFFSET(CÁLCULO!$AI$15,ROW($X27)-ROW($X$15),1):OFFSET(CÁLCULO!$BB$15,ROW($X27)-ROW($X$15),-1))),IF($C27=0,0,ROUND(SomaAgrup,15-13*$AF$11)))","v":32838.300000000003},"RA","RA",{"$f":"IF($C27=\"S\",IF($Z27=\"CP\",$X27,IF($Z27=\"RA\",(($X27)*QCI!$AA$3),0)),SomaAgrup)","v":2841.6197192143491},{"$f":"IF($C27=\"S\",IF($Z27=\"OU\",ROUND($X27,2),0),SomaAgrup)","v":0},{"$f":"IF($N27=\"\",\" \",\nIF(AND($C27<>\"S\",OR($R27=\"\",$R27=\"(digite a descrição aqui)\")),\"DESCRIÇÃO\",\nIF(AND($C27=\"S\",OR($Q27<>\"\",$T27>0,$U27>0),$P27=\"\"),\"FONTE\",\nIF(AND($C27=\"S\",$P27<>\"\",OR($T27>0,$U27>0),$Q27=\"\"),\"CÓDIGO\",\nIF(AND($C27=\"S\",$P27<>\"\",$Q27<>\"\",$R27=\"(Código não identificado nas referências)\"),\"CÓDIGO N/ID\",\nIF(AND($C27=\"S\",OR($R27=\"\",$R27=\"(digite a descrição aqui)\"),OR($Q27<>\"\",$T27>0,$U27>0)),\"DESCRIÇÃO\",\nIF(AND($C27=\"S\",$P27<>\"\",$Q27<>\"\",$S27=\"\"),\"UNIDADE\",\nIF(AND($C27=\"S\",$P27<>\"\",$Q27<>\"\",$U27=0),\"SEM CUSTO\",\nIF(AND(TIPOORCAMENTO=\"Licitado\",$AL27=0,$AN27>0),\"SEM PREÇO\",\nIF(AND($C27=\"S\",$P27<>\"\",$Q27<>\"\",$U27>0,AND($V27<>\"BDI 1\",$V27<>\"BDI 2\",$V27<>\"BDI 3\")),IF(ISNUMBER($V27),\"JUSTIFICAR BDI\",\"BDI\"),\nIF(OR(AND(import.recurso=\"OGU\",TIPOORCAMENTO=\"Proposto\",LEFT($O$8,5)<>\"(N/D:\",$AG27<>\"\",ORÇAMENTO.CustoUnitario>$AG27),AND(TIPOORCAMENTO=\"LICITADO\",ORÇAMENTO.PrecoUnitarioLicitado>$AN27)),\"ACIMA REF.\",\nIF(AND($C27=\"S\",$P27<>\"\",$Q27<>\"\",$T27=0,$U27>0),\"QUANT.\",\nIF(AND(Import.TipoArredondamento=\"TransfereGOV\",$L27=\"F\",$C27=\"S\",LEN($Q27)>13),\"Código >13\",\nIF(AND(Import.TipoArredondamento=\"TransfereGOV\",$L27=\"F\",$C27<>\"S\",LEN($R27)>100),\"Descrição >100\",\nIF(AND(Import.TipoArredondamento=\"TransfereGOV\",$L27=\"F\",$C27=\"S\",LEN($R27)>500),\"Descrição >500\",\nIF(AND(Import.TipoArredondamento=\"TransfereGOV\",$L27=\"F\",$C27=\"S\",LEFT(TRIM(UPPER($P27)),6)<>\"SINAPI\",ISNA(VLOOKUP(TRIM(UPPER($S27)),ListaTgov.Unidades,1,FALSE))),\"Unid. Não Disp\",\n\" \"))))))))))))))))","v":" "},{"$f":"IF(C27<=CRONO.NivelExibicao,MAX($AD$15:OFFSET(AD27,-1,0))+IF($C27<>1,1,MAX(1,COUNTIF(QCI!$A$13:$A$36,OFFSET($E27,-1,0)))),\"\")","v":""},{"$f":"IF(AND($C27=\"S\",ORÇAMENTO.CodBarra<>\"\"),IF(ORÇAMENTO.Fonte=\"\",ORÇAMENTO.CodBarra,CONCATENATE(ORÇAMENTO.Fonte,\" \",ORÇAMENTO.CodBarra)))","v":"SINAPI 98459"},{"$f":"IF(ISERROR(ORÇAMENTO.BancoRef),\"(abra o arquivo 'Referência \"&Excel_BuiltIn_Database&\".xlsm)\",IF(OR($C27<>\"S\",ORÇAMENTO.CodBarra=\"\"),\"(Sem Código)\",IF(ISERROR(MATCH($AE27,INDIRECT(ORÇAMENTO.BancoRef),0)),\"(Código não identificado nas referências)\",MATCH($AE27,INDIRECT(ORÇAMENTO.BancoRef),0))))","v":12933},{"$f":"ROUND(IF(DESONERACAO=\"sim\",REFERENCIA.Desonerado,REFERENCIA.NaoDesonerado),2)","v":79.42},0.25290000000000001,null,null,null,null,32838.300000000003,{"$f":"ROUND(ORÇAMENTO.CustoUnitario*(1+$AH27),2)","v":99.51}]
[2,2,2,2,{"$f":"IF($C28=1,OFFSET(E28,-1,0)+MAX(1,COUNTIF(QCI!$A$13:$A$36,OFFSET(ORÇAMENTO!E28,-1,0))),OFFSET(E28,-1,0))","v":1},2,0,0,0,4,{"$f":"IF(OR($C28=\"S\",$C28=0),0,MATCH(OFFSET($D28,0,$C28)+IF($C28<>1,1,COUNTIF(QCI!$A$13:$A$36,ORÇAMENTO!E28)),OFFSET($D28,1,$C28,ROW($C$472)-ROW($C28)),0))","v":2},"F","Nível 2","Nível 2","1.2.","SINAPI",null,{"$f":"IF($C28=\"S\",REFERENCIA.Descricao,\"MOBILIZAÇÃO E DESMOBILIZAÇÃO\")","v":"MOBILIZAÇÃO E DESMOBILIZAÇÃO"},{"$f":"REFERENCIA.Unidade","v":"-"},{"$f":"OFFSET(CÁLCULO!H$15,ROW($T28)-ROW(T$15),0)","v":0},null,"BDI 1",{"$f":"IF($C28=\"S\",ROUND(IF(TIPOORCAMENTO=\"Proposto\",ORÇAMENTO.CustoUnitario*(1+$AH28),ORÇAMENTO.PrecoUnitarioLicitado),15-13*$AF$10),0)","v":0},{"$f":"IF($C28=\"S\",IF(OR(Import.TipoArredondamento<>\"TransfereGOV\",ACOMPANHAMENTO=\"BM\"),VTOTAL1,SUM(OFFSET(CÁLCULO!$AI$15,ROW($X28)-ROW($X$15),1):OFFSET(CÁLCULO!$BB$15,ROW($X28)-ROW($X$15),-1))),IF($C28=0,0,ROUND(SomaAgrup,15-13*$AF$11)))","v":8439},"RA","",{"$f":"IF($C28=\"S\",IF($Z28=\"CP\",$X28,IF($Z28=\"RA\",(($X28)*QCI!$AA$3),0)),SomaAgrup)","v":730.25792475401863},{"$f":"IF($C28=\"S\",IF($Z28=\"OU\",ROUND($X28,2),0),SomaAgrup)","v":0},{"$f":"IF($N28=\"\",\" \",\nIF(AND($C28<>\"S\",OR($R28=\"\",$R28=\"(digite a descrição aqui)\")),\"DESCRIÇÃO\",\nIF(AND($C28=\"S\",OR($Q28<>\"\",$T28>0,$U28>0),$P28=\"\"),\"FONTE\",\nIF(AND($C28=\"S\",$P28<>\"\",OR($T28>0,$U28>0),$Q28=\"\"),\"CÓDIGO\",\nIF(AND($C28=\"S\",$P28<>\"\",$Q28<>\"\",$R28=\"(Código não identificado nas referências)\"),\"CÓDIGO N/ID\",\nIF(AND($C28=\"S\",OR($R28=\"\",$R28=\"(digite a descrição aqui)\"),OR($Q28<>\"\",$T28>0,$U28>0)),\"DESCRIÇÃO\",\nIF(AND($C28=\"S\",$P28<>\"\",$Q28<>\"\",$S28=\"\"),\"UNIDADE\",\nIF(AND($C28=\"S\",$P28<>\"\",$Q28<>\"\",$U28=0),\"SEM CUSTO\",\nIF(AND(TIPOORCAMENTO=\"Licitado\",$AL28=0,$AN28>0),\"SEM PREÇO\",\nIF(AND($C28=\"S\",$P28<>\"\",$Q28<>\"\",$U28>0,AND($V28<>\"BDI 1\",$V28<>\"BDI 2\",$V28<>\"BDI 3\")),IF(ISNUMBER($V28),\"JUSTIFICAR BDI\",\"BDI\"),\nIF(OR(AND(import.recurso=\"OGU\",TIPOORCAMENTO=\"Proposto\",LEFT($O$8,5)<>\"(N/D:\",$AG28<>\"\",ORÇAMENTO.CustoUnitario>$AG28),AND(TIPOORCAMENTO=\"LICITADO\",ORÇAMENTO.PrecoUnitarioLicitado>$AN28)),\"ACIMA REF.\",\nIF(AND($C28=\"S\",$P28<>\"\",$Q28<>\"\",$T28=0,$U28>0),\"QUANT.\",\nIF(AND(Import.TipoArredondamento=\"TransfereGOV\",$L28=\"F\",$C28=\"S\",LEN($Q28)>13),\"Código >13\",\nIF(AND(Import.TipoArredondamento=\"TransfereGOV\",$L28=\"F\",$C28<>\"S\",LEN($R28)>100),\"Descrição >100\",\nIF(AND(Import.TipoArredondamento=\"TransfereGOV\",$L28=\"F\",$C28=\"S\",LEN($R28)>500),\"Descrição >500\",\nIF(AND(Import.TipoArredondamento=\"TransfereGOV\",$L28=\"F\",$C28=\"S\",LEFT(TRIM(UPPER($P28)),6)<>\"SINAPI\",ISNA(VLOOKUP(TRIM(UPPER($S28)),ListaTgov.Unidades,1,FALSE))),\"Unid. Não Disp\",\n\" \"))))))))))))))))","v":" "},{"$f":"IF(C28<=CRONO.NivelExibicao,MAX($AD$15:OFFSET(AD28,-1,0))+IF($C28<>1,1,MAX(1,COUNTIF(QCI!$A$13:$A$36,OFFSET($E28,-1,0)))),\"\")","v":3},{"$f":"IF(AND($C28=\"S\",ORÇAMENTO.CodBarra<>\"\"),IF(ORÇAMENTO.Fonte=\"\",ORÇAMENTO.CodBarra,CONCATENATE(ORÇAMENTO.Fonte,\" \",ORÇAMENTO.CodBarra)))","v":false},{"$f":"IF(ISERROR(ORÇAMENTO.BancoRef),\"(abra o arquivo 'Referência \"&Excel_BuiltIn_Database&\".xlsm)\",IF(OR($C28<>\"S\",ORÇAMENTO.CodBarra=\"\"),\"(Sem Código)\",IF(ISERROR(MATCH($AE28,INDIRECT(ORÇAMENTO.BancoRef),0)),\"(Código não identificado nas referências)\",MATCH($AE28,INDIRECT(ORÇAMENTO.BancoRef),0))))","v":"(Sem Código)"},{"$f":"ROUND(IF(DESONERACAO=\"sim\",REFERENCIA.Desonerado,REFERENCIA.NaoDesonerado),2)","v":0},0.25290000000000001,null,null,null,null,8439,{"$f":"ROUND(ORÇAMENTO.CustoUnitario*(1+$AH28),2)","v":0}]
["S",2,"S",0,{"$f":"IF($C29=1,OFFSET(E29,-1,0)+MAX(1,COUNTIF(QCI!$A$13:$A$36,OFFSET(ORÇAMENTO!E29,-1,0))),OFFSET(E29,-1,0))","v":1},2,0,0,1,0,{"$f":"IF(OR($C29=\"S\",$C29=0),0,MATCH(OFFSET($D29,0,$C29)+IF($C29<>1,1,COUNTIF(QCI!$A$13:$A$36,ORÇAMENTO!E29)),OFFSET($D29,1,$C29,ROW($C$472)-ROW($C29)),0))","v":0},"F","Serviço","Serviço","1.2.0.1.","Composição","COMP05",{"$f":"IF($C29=\"S\",REFERENCIA.Descricao,\"(digite a descrição aqui)\")","v":"MOBILIZAÇÃO E DESMOBILIZAÇÃO DE CANTEIRO"},{"$f":"REFERENCIA.Unidade","v":"UN"},{"$f":"OFFSET(CÁLCULO!H$15,ROW($T29)-ROW(T$15),0)","v":1.0000000000000004},{"$f":"AG29","v":6735.53},"BDI 1",{"$f":"IF($C29=\"S\",ROUND(IF(TIPOORCAMENTO=\"Proposto\",ORÇAMENTO.CustoUnitario*(1+$AH29),ORÇAMENTO.PrecoUnitarioLicitado),15-13*$AF$10),0)","v":8438.9500000000007},{"$f":"IF($C29=\"S\",IF(OR(Import.TipoArredondamento<>\"TransfereGOV\",ACOMPANHAMENTO=\"BM\"),VTOTAL1,SUM(OFFSET(CÁLCULO!$AI$15,ROW($X29)-ROW($X$15),1):OFFSET(CÁLCULO!$BB$15,ROW($X29)-ROW($X$15),-1))),IF($C29=0,0,ROUND(SomaAgrup,15-13*$AF$11)))","v":8439},"RA","RA",{"$f":"IF($C29=\"S\",IF($Z29=\"CP\",$X29,IF($Z29=\"RA\",(($X29)*QCI!$AA$3),0)),SomaAgrup)","v":730.25792475401863},{"$f":"IF($C29=\"S\",IF($Z29=\"OU\",ROUND($X29,2),0),SomaAgrup)","v":0},{"$f":"IF($N29=\"\",\" \",\nIF(AND($C29<>\"S\",OR($R29=\"\",$R29=\"(digite a descrição aqui)\")),\"DESCRIÇÃO\",\nIF(AND($C29=\"S\",OR($Q29<>\"\",$T29>0,$U29>0),$P29=\"\"),\"FONTE\",\nIF(AND($C29=\"S\",$P29<>\"\",OR($T29>0,$U29>0),$Q29=\"\"),\"CÓDIGO\",\nIF(AND($C29=\"S\",$P29<>\"\",$Q29<>\"\",$R29=\"(Código não identificado nas referências)\"),\"CÓDIGO N/ID\",\nIF(AND($C29=\"S\",OR($R29=\"\",$R29=\"(digite a descrição aqui)\"),OR($Q29<>\"\",$T29>0,$U29>0)),\"DESCRIÇÃO\",\nIF(AND($C29=\"S\",$P29<>\"\",$Q29<>\"\",$S29=\"\"),\"UNIDADE\",\nIF(AND($C29=\"S\",$P29<>\"\",$Q29<>\"\",$U29=0),\"SEM CUSTO\",\nIF(AND(TIPOORCAMENTO=\"Licitado\",$AL29=0,$AN29>0),\"SEM PREÇO\",\nIF(AND($C29=\"S\",$P29<>\"\",$Q29<>\"\",$U29>0,AND($V29<>\"BDI 1\",$V29<>\"BDI 2\",$V29<>\"BDI 3\")),IF(ISNUMBER($V29),\"JUSTIFICAR BDI\",\"BDI\"),\nIF(OR(AND(import.recurso=\"OGU\",TIPOORCAMENTO=\"Proposto\",LEFT($O$8,5)<>\"(N/D:\",$AG29<>\"\",ORÇAMENTO.CustoUnitario>$AG29),AND(TIPOORCAMENTO=\"LICITADO\",ORÇAMENTO.PrecoUnitarioLicitado>$AN29)),\"ACIMA REF.\",\nIF(AND($C29=\"S\",$P29<>\"\",$Q29<>\"\",$T29=0,$U29>0),\"QUANT.\",\nIF(AND(Import.TipoArredondamento=\"TransfereGOV\",$L29=\"F\",$C29=\"S\",LEN($Q29)>13),\"Código >13\",\nIF(AND(Import.TipoArredondamento=\"TransfereGOV\",$L29=\"F\",$C29<>\"S\",LEN($R29)>100),\"Descrição >100\",\nIF(AND(Import.TipoArredondamento=\"TransfereGOV\",$L29=\"F\",$C29=\"S\",LEN($R29)>500),\"Descrição >500\",\nIF(AND(Import.TipoArredondamento=\"TransfereGOV\",$L29=\"F\",$C29=\"S\",LEFT(TRIM(UPPER($P29)),6)<>\"SINAPI\",ISNA(VLOOKUP(TRIM(UPPER($S29)),ListaTgov.Unidades,1,FALSE))),\"Unid. Não Disp\",\n\" \"))))))))))))))))","v":" "},{"$f":"IF(C29<=CRONO.NivelExibicao,MAX($AD$15:OFFSET(AD29,-1,0))+IF($C29<>1,1,MAX(1,COUNTIF(QCI!$A$13:$A$36,OFFSET($E29,-1,0)))),\"\")","v":""},{"$f":"IF(AND($C29=\"S\",ORÇAMENTO.CodBarra<>\"\"),IF(ORÇAMENTO.Fonte=\"\",ORÇAMENTO.CodBarra,CONCATENATE(ORÇAMENTO.Fonte,\" \",ORÇAMENTO.CodBarra)))","v":"Composição COMP05"},{"$f":"IF(ISERROR(ORÇAMENTO.BancoRef),\"(abra o arquivo 'Referência \"&Excel_BuiltIn_Database&\".xlsm)\",IF(OR($C29<>\"S\",ORÇAMENTO.CodBarra=\"\"),\"(Sem Código)\",IF(ISERROR(MATCH($AE29,INDIRECT(ORÇAMENTO.BancoRef),0)),\"(Código não identificado nas referências)\",MATCH($AE29,INDIRECT(ORÇAMENTO.BancoRef),0))))","v":7},{"$f":"ROUND(IF(DESONERACAO=\"sim\",REFERENCIA.Desonerado,REFERENCIA.NaoDesonerado),2)","v":6735.53},0.25290000000000001,null,null,null,null,8439,{"$f":"ROUND(ORÇAMENTO.CustoUnitario*(1+$AH29),2)","v":8438.9500000000007}]
[2,2,2,2,{"$f":"IF($C30=1,OFFSET(E30,-1,0)+MAX(1,COUNTIF(QCI!$A$13:$A$36,OFFSET(ORÇAMENTO!E30,-1,0))),OFFSET(E30,-1,0))","v":1},3,0,0,0,2,{"$f":"IF(OR($C30=\"S\",$C30=0),0,MATCH(OFFSET($D30,0,$C30)+IF($C30<>1,1,COUNTIF(QCI!$A$13:$A$36,ORÇAMENTO!E30)),OFFSET($D30,1,$C30,ROW($C$472)-ROW($C30)),0))","v":109},"F","Nível 2","Nível 2","1.3.","SINAPI",null,{"$f":"IF($C30=\"S\",REFERENCIA.Descricao,\"EQUIPAMENTOS DE APOIO\")","v":"EQUIPAMENTOS DE APOIO"},{"$f":"REFERENCIA.Unidade","v":"-"},{"$f":"OFFSET(CÁLCULO!H$15,ROW($T30)-ROW(T$15),0)","v":0},null,"BDI 1",{"$f":"IF($C30=\"S\",ROUND(IF(TIPOORCAMENTO=\"Proposto\",ORÇAMENTO.CustoUnitario*(1+$AH30),ORÇAMENTO.PrecoUnitarioLicitado),15-13*$AF$10),0)","v":0},{"$f":"IF($C30=\"S\",IF(OR(Import.TipoArredondamento<>\"TransfereGOV\",ACOMPANHAMENTO=\"BM\"),VTOTAL1,SUM(OFFSET(CÁLCULO!$AI$15,ROW($X30)-ROW($X$15),1):OFFSET(CÁLCULO!$BB$15,ROW($X30)-ROW($X$15),-1))),IF($C30=0,0,ROUND(SomaAgrup,15-13*$AF$11)))","v":8299.5},"RA","",{"$f":"IF($C30=\"S\",IF($Z30=\"CP\",$X30,IF($Z30=\"RA\",(($X30)*QCI!$AA$3),0)),SomaAgrup)","v":718.18647310060169},{"$f":"IF($C30=\"S\",IF($Z30=\"OU\",ROUND($X30,2),0),SomaAgrup)","v":0},{"$f":"IF($N30=\"\",\" \",\nIF(AND($C30<>\"S\",OR($R30=\"\",$R30=\"(digite a descrição aqui)\")),\"DESCRIÇÃO\",\nIF(AND($C30=\"S\",OR($Q30<>\"\",$T30>0,$U30>0),$P30=\"\"),\"FONTE\",\nIF(AND($C30=\"S\",$P30<>\"\",OR($T30>0,$U30>0),$Q30=\"\"),\"CÓDIGO\",\nIF(AND($C30=\"S\",$P30<>\"\",$Q30<>\"\",$R30=\"(Código não identificado nas referências)\"),\"CÓDIGO N/ID\",\nIF(AND($C30=\"S\",OR($R30=\"\",$R30=\"(digite a descrição aqui)\"),OR($Q30<>\"\",$T30>0,$U30>0)),\"DESCRIÇÃO\",\nIF(AND($C30=\"S\",$P30<>\"\",$Q30<>\"\",$S30=\"\"),\"UNIDADE\",\nIF(AND($C30=\"S\",$P30<>\"\",$Q30<>\"\",$U30=0),\"SEM CUSTO\",\nIF(AND(TIPOORCAMENTO=\"Licitado\",$AL30=0,$AN30>0),\"SEM PREÇO\",\nIF(AND($C30=\"S\",$P30<>\"\",$Q30<>\"\",$U30>0,AND($V30<>\"BDI 1\",$V30<>\"BDI 2\",$V30<>\"BDI 3\")),IF(ISNUMBER($V30),\"JUSTIFICAR BDI\",\"BDI\"),\nIF(OR(AND(import.recurso=\"OGU\",TIPOORCAMENTO=\"Proposto\",LEFT($O$8,5)<>\"(N/D:\",$AG30<>\"\",ORÇAMENTO.CustoUnitario>$AG30),AND(TIPOORCAMENTO=\"LICITADO\",ORÇAMENTO.PrecoUnitarioLicitado>$AN30)),\"ACIMA REF.\",\nIF(AND($C30=\"S\",$P30<>\"\",$Q30<>\"\",$T30=0,$U30>0),\"QUANT.\",\nIF(AND(Import.TipoArredondamento=\"TransfereGOV\",$L30=\"F\",$C30=\"S\",LEN($Q30)>13),\"Código >13\",\nIF(AND(Import.TipoArredondamento=\"TransfereGOV\",$L30=\"F\",$C30<>\"S\",LEN($R30)>100),\"Descrição >100\",\nIF(AND(Import.TipoArredondamento=\"TransfereGOV\",$L30=\"F\",$C30=\"S\",LEN($R30)>500),\"Descrição >500\",\nIF(AND(Import.TipoArredondamento=\"TransfereGOV\",$L30=\"F\",$C30=\"S\",LEFT(TRIM(UPPER($P30)),6)<>\"SINAPI\",ISNA(VLOOKUP(TRIM(UPPER($S30)),ListaTgov.Unidades,1,FALSE))),\"Unid. Não Disp\",\n\" \"))))))))))))))))","v":" "},{"$f":"IF(C30<=CRONO.NivelExibicao,MAX($AD$15:OFFSET(AD30,-1,0))+IF($C30<>1,1,MAX(1,COUNTIF(QCI!$A$13:$A$36,OFFSET($E30,-1,0)))),\"\")","v":4},{"$f":"IF(AND($C30=\"S\",ORÇAMENTO.CodBarra<>\"\"),IF(ORÇAMENTO.Fonte=\"\",ORÇAMENTO.CodBarra,CONCATENATE(ORÇAMENTO.Fonte,\" \",ORÇAMENTO.CodBarra)))","v":false},{"$f":"IF(ISERROR(ORÇAMENTO.BancoRef),\"(abra o arquivo 'Referência \"&Excel_BuiltIn_Database&\".xlsm)\",IF(OR($C30<>\"S\",ORÇAMENTO.CodBarra=\"\"),\"(Sem Código)\",IF(ISERROR(MATCH($AE30,INDIRECT(ORÇAMENTO.BancoRef),0)),\"(Código não identificado nas referências)\",MATCH($AE30,INDIRECT(ORÇAMENTO.BancoRef),0))))","v":"(Sem Código)"},{"$f":"ROUND(IF(DESONERACAO=\"sim\",REFERENCIA.Desonerado,REFERENCIA.NaoDesonerado),2)","v":0},0.25290000000000001,null,null,null,null,8299.5,{"$f":"ROUND(ORÇAMENTO.CustoUnitario*(1+$AH30),2)","v":0}]
["S",2,"S",0,{"$f":"IF($C31=1,OFFSET(E31,-1,0)+MAX(1,COUNTIF(QCI!$A$13:$A$36,OFFSET(ORÇAMENTO!E31,-1,0))),OFFSET(E31,-1,0))","v":1},3,0,0,1,0,{"$f":"IF(OR($C31=\"S\",$C31=0),0,MATCH(OFFSET($D31,0,$C31)+IF($C31<>1,1,COUNTIF(QCI!$A$13:$A$36,ORÇAMENTO!E31)),OFFSET($D31,1,$C31,ROW($C$472)-ROW($C31)),0))","v":0},"F","Serviço","Serviço","1.3.0.1.","Composição","COMP06",{"$f":"IF($C31=\"S\",REFERENCIA.Descricao,\"(digite a descrição aqui)\")","v":"LOCAÇÃO DE ANDAIME METÁLICO TIPO FACHADEIRO, PEÇAS COM APROXIMADAMENTE 1,20 M DE LARGURA E 2,0 M DE ALTURA, INCLUINDO DIAGONAIS EM X, BARRAS DE LIGAÇÃO, SAPATAS E DEMAIS ITENS NECESSÁRIOS A MONTAGEM, INCLUSIVE MONTAGEM E DESMONTAGEM"},"MÊS",{"$f":"OFFSET(CÁLCULO!H$15,ROW($T31)-ROW(T$15),0)","v":275},{"$f":"AG31","v":24.09},"BDI 1",{"$f":"IF($C31=\"S\",ROUND(IF(TIPOORCAMENTO=\"Proposto\",ORÇAMENTO.CustoUnitario*(1+$AH31),ORÇAMENTO.PrecoUnitarioLicitado),15-13*$AF$10),0)","v":30.18},{"$f":"IF($C31=\"S\",IF(OR(Import.TipoArredondamento<>\"TransfereGOV\",ACOMPANHAMENTO=\"BM\"),VTOTAL1,SUM(OFFSET(CÁLCULO!$AI$15,ROW($X31)-ROW($X$15),1):OFFSET(CÁLCULO!$BB$15,ROW($X31)-ROW($X$15),-1))),IF($C31=0,0,ROUND(SomaAgrup,15-13*$AF$11)))","v":8299.5},"RA","RA",{"$f":"IF($C31=\"S\",IF($Z31=\"CP\",$X31,IF($Z31=\"RA\",(($X31)*QCI!$AA$3),0)),SomaAgrup)","v":718.18647310060169},{"$f":"IF($C31=\"S\",IF($Z31=\"OU\",ROUND($X31,2),0),SomaAgrup)","v":0},{"$f":"IF($N31=\"\",\" \",\nIF(AND($C31<>\"S\",OR($R31=\"\",$R31=\"(digite a descrição aqui)\")),\"DESCRIÇÃO\",\nIF(AND($C31=\"S\",OR($Q31<>\"\",$T31>0,$U31>0),$P31=\"\"),\"FONTE\",\nIF(AND($C31=\"S\",$P31<>\"\",OR($T31>0,$U31>0),$Q31=\"\"),\"CÓDIGO\",\nIF(AND($C31=\"S\",$P31<>\"\",$Q31<>\"\",$R31=\"(Código não identificado nas referências)\"),\"CÓDIGO N/ID\",\nIF(AND($C31=\"S\",OR($R31=\"\",$R31=\"(digite a descrição aqui)\"),OR($Q31<>\"\",$T31>0,$U31>0)),\"DESCRIÇÃO\",\nIF(AND($C31=\"S\",$P31<>\"\",$Q31<>\"\",$S31=\"\"),\"UNIDADE\",\nIF(AND($C31=\"S\",$P31<>\"\",$Q31<>\"\",$U31=0),\"SEM CUSTO\",\nIF(AND(TIPOORCAMENTO=\"Licitado\",$AL31=0,$AN31>0),\"SEM PREÇO\",\nIF(AND($C31=\"S\",$P31<>\"\",$Q31<>\"\",$U31>0,AND($V31<>\"BDI 1\",$V31<>\"BDI 2\",$V31<>\"BDI 3\")),IF(ISNUMBER($V31),\"JUSTIFICAR BDI\",\"BDI\"),\nIF(OR(AND(import.recurso=\"OGU\",TIPOORCAMENTO=\"Proposto\",LEFT($O$8,5)<>\"(N/D:\",$AG31<>\"\",ORÇAMENTO.CustoUnitario>$AG31),AND(TIPOORCAMENTO=\"LICITADO\",ORÇAMENTO.PrecoUnitarioLicitado>$AN31)),\"ACIMA REF.\",\nIF(AND($C31=\"S\",$P31<>\"\",$Q31<>\"\",$T31=0,$U31>0),\"QUANT.\",\nIF(AND(Import.TipoArredondamento=\"TransfereGOV\",$L31=\"F\",$C31=\"S\",LEN($Q31)>13),\"Código >13\",\nIF(AND(Import.TipoArredondamento=\"TransfereGOV\",$L31=\"F\",$C31<>\"S\",LEN($R31)>100),\"Descrição >100\",\nIF(AND(Import.TipoArredondamento=\"TransfereGOV\",$L31=\"F\",$C31=\"S\",LEN($R31)>500),\"Descrição >500\",\nIF(AND(Import.TipoArredondamento=\"TransfereGOV\",$L31=\"F\",$C31=\"S\",LEFT(TRIM(UPPER($P31)),6)<>\"SINAPI\",ISNA(VLOOKUP(TRIM(UPPER($S31)),ListaTgov.Unidades,1,FALSE))),\"Unid. Não Disp\",\n\" \"))))))))))))))))","v":" "},{"$f":"IF(C31<=CRONO.NivelExibicao,MAX($AD$15:OFFSET(AD31,-1,0))+IF($C31<>1,1,MAX(1,COUNTIF(QCI!$A$13:$A$36,OFFSET($E31,-1,0)))),\"\")","v":""},{"$f":"IF(AND($C31=\"S\",ORÇAMENTO.CodBarra<>\"\"),IF(ORÇAMENTO.Fonte=\"\",ORÇAMENTO.CodBarra,CONCATENATE(ORÇAMENTO.Fonte,\" \",ORÇAMENTO.CodBarra)))","v":"Composição COMP06"},{"$f":"IF(ISERROR(ORÇAMENTO.BancoRef),\"(abra o arquivo 'Referência \"&Excel_BuiltIn_Database&\".xlsm)\",IF(OR($C31<>\"S\",ORÇAMENTO.CodBarra=\"\"),\"(Sem Código)\",IF(ISERROR(MATCH($AE31,INDIRECT(ORÇAMENTO.BancoRef),0)),\"(Código não identificado nas referências)\",MATCH($AE31,INDIRECT(ORÇAMENTO.BancoRef),0))))","v":8},{"$f":"ROUND(IF(DESONERACAO=\"sim\",REFERENCIA.Desonerado,REFERENCIA.NaoDesonerado),2)","v":24.09},0.25290000000000001,null,null,null,null,8299.5,{"$f":"ROUND(ORÇAMENTO.CustoUnitario*(1+$AH31),2)","v":30.18}]
[1,1,1,3,{"$f":"IF($C32=1,OFFSET(E32,-1,0)+MAX(1,COUNTIF(QCI!$A$13:$A$36,OFFSET(ORÇAMENTO!E32,-1,0))),OFFSET(E32,-1,0))","v":2},0,0,0,0,440,{"$f":"IF(OR($C32=\"S\",$C32=0),0,MATCH(OFFSET($D32,0,$C32)+IF($C32<>1,1,COUNTIF(QCI!$A$13:$A$36,ORÇAMENTO!E32)),OFFSET($D32,1,$C32,ROW($C$472)-ROW($C32)),0))","v":3},"F","Meta","Meta","2.","SINAPI",null,{"$f":"IF($C32=\"S\",REFERENCIA.Descricao,\"ADMINISTRAÇÃO LOCAL DA OBRA\")","v":"ADMINISTRAÇÃO LOCAL DA OBRA"},{"$f":"REFERENCIA.Unidade","v":"-"},{"$f":"OFFSET(CÁLCULO!H$15,ROW($T32)-ROW(T$15),0)","v":0},null,"BDI 1",{"$f":"IF($C32=\"S\",ROUND(IF(TIPOORCAMENTO=\"Proposto\",ORÇAMENTO.CustoUnitario*(1+$AH32),ORÇAMENTO.PrecoUnitarioLicitado),15-13*$AF$10),0)","v":0},{"$f":"IF($C32=\"S\",IF(OR(Import.TipoArredondamento<>\"TransfereGOV\",ACOMPANHAMENTO=\"BM\"),VTOTAL1,SUM(OFFSET(CÁLCULO!$AI$15,ROW($X32)-ROW($X$15),1):OFFSET(CÁLCULO!$BB$15,ROW($X32)-ROW($X$15),-1))),IF($C32=0,0,ROUND(SomaAgrup,15-13*$AF$11)))","v":51920.9},"RA","",{"$f":"IF($C32=\"S\",IF($Z32=\"CP\",$X32,IF($Z32=\"RA\",(($X32)*QCI!$AA$3),0)),SomaAgrup)","v":4492.9077716981792},{"$f":"IF($C32=\"S\",IF($Z32=\"OU\",ROUND($X32,2),0),SomaAgrup)","v":0},{"$f":"IF($N32=\"\",\" \",\nIF(AND($C32<>\"S\",OR($R32=\"\",$R32=\"(digite a descrição aqui)\")),\"DESCRIÇÃO\",\nIF(AND($C32=\"S\",OR($Q32<>\"\",$T32>0,$U32>0),$P32=\"\"),\"FONTE\",\nIF(AND($C32=\"S\",$P32<>\"\",OR($T32>0,$U32>0),$Q32=\"\"),\"CÓDIGO\",\nIF(AND($C32=\"S\",$P32<>\"\",$Q32<>\"\",$R32=\"(Código não identificado nas referências)\"),\"CÓDIGO N/ID\",\nIF(AND($C32=\"S\",OR($R32=\"\",$R32=\"(digite a descrição aqui)\"),OR($Q32<>\"\",$T32>0,$U32>0)),\"DESCRIÇÃO\",\nIF(AND($C32=\"S\",$P32<>\"\",$Q32<>\"\",$S32=\"\"),\"UNIDADE\",\nIF(AND($C32=\"S\",$P32<>\"\",$Q32<>\"\",$U32=0),\"SEM CUSTO\",\nIF(AND(TIPOORCAMENTO=\"Licitado\",$AL32=0,$AN32>0),\"SEM PREÇO\",\nIF(AND($C32=\"S\",$P32<>\"\",$Q32<>\"\",$U32>0,AND($V32<>\"BDI 1\",$V32<>\"BDI 2\",$V32<>\"BDI 3\")),IF(ISNUMBER($V32),\"JUSTIFICAR BDI\",\"BDI\"),\nIF(OR(AND(import.recurso=\"OGU\",TIPOORCAMENTO=\"Proposto\",LEFT($O$8,5)<>\"(N/D:\",$AG32<>\"\",ORÇAMENTO.CustoUnitario>$AG32),AND(TIPOORCAMENTO=\"LICITADO\",ORÇAMENTO.PrecoUnitarioLicitado>$AN32)),\"ACIMA REF.\",\nIF(AND($C32=\"S\",$P32<>\"\",$Q32<>\"\",$T32=0,$U32>0),\"QUANT.\",\nIF(AND(Import.TipoArredondamento=\"TransfereGOV\",$L32=\"F\",$C32=\"S\",LEN($Q32)>13),\"Código >13\",\nIF(AND(Import.TipoArredondamento=\"TransfereGOV\",$L32=\"F\",$C32<>\"S\",LEN($R32)>100),\"Descrição >100\",\nIF(AND(Import.TipoArredondamento=\"TransfereGOV\",$L32=\"F\",$C32=\"S\",LEN($R32)>500),\"Descrição >500\",\nIF(AND(Import.TipoArredondamento=\"TransfereGOV\",$L32=\"F\",$C32=\"S\",LEFT(TRIM(UPPER($P32)),6)<>\"SINAPI\",ISNA(VLOOKUP(TRIM(UPPER($S32)),ListaTgov.Unidades,1,FALSE))),\"Unid. Não Disp\",\n\" \"))))))))))))))))","v":" "},{"$f":"IF(C32<=CRONO.NivelExibicao,MAX($AD$15:OFFSET(AD32,-1,0))+IF($C32<>1,1,MAX(1,COUNTIF(QCI!$A$13:$A$36,OFFSET($E32,-1,0)))),\"\")","v":5},{"$f":"IF(AND($C32=\"S\",ORÇAMENTO.CodBarra<>\"\"),IF(ORÇAMENTO.Fonte=\"\",ORÇAMENTO.CodBarra,CONCATENATE(ORÇAMENTO.Fonte,\" \",ORÇAMENTO.CodBarra)))","v":false},{"$f":"IF(ISERROR(ORÇAMENTO.BancoRef),\"(abra o arquivo 'Referência \"&Excel_BuiltIn_Database&\".xlsm)\",IF(OR($C32<>\"S\",ORÇAMENTO.CodBarra=\"\"),\"(Sem Código)\",IF(ISERROR(MATCH($AE32,INDIRECT(ORÇAMENTO.BancoRef),0)),\"(Código não identificado nas referências)\",MATCH($AE32,INDIRECT(ORÇAMENTO.BancoRef),0))))","v":"(Sem Código)"},{"$f":"ROUND(IF(DESONERACAO=\"sim\",REFERENCIA.Desonerado,REFERENCIA.NaoDesonerado),2)","v":0},0.25290000000000001,null,null,null,null,51920.9,{"$f":"ROUND(ORÇAMENTO.CustoUnitario*(1+$AH32),2)","v":0}]
[2,2,2,2,{"$f":"IF($C33=1,OFFSET(E33,-1,0)+MAX(1,COUNTIF(QCI!$A$13:$A$36,OFFSET(ORÇAMENTO!E33,-1,0))),OFFSET(E33,-1,0))","v":2},1,0,0,0,2,{"$f":"IF(OR($C33=\"S\",$C33=0),0,MATCH(OFFSET($D33,0,$C33)+IF($C33<>1,1,COUNTIF(QCI!$A$13:$A$36,ORÇAMENTO!E33)),OFFSET($D33,1,$C33,ROW($C$472)-ROW($C33)),0))","v":29},"F","Nível 2","Nível 2","2.1.","SINAPI",null,{"$f":"IF($C33=\"S\",REFERENCIA.Descricao,\"ADMINISTRAÇÃO\")","v":"ADMINISTRAÇÃO"},{"$f":"REFERENCIA.Unidade","v":"-"},{"$f":"OFFSET(CÁLCULO!H$15,ROW($T33)-ROW(T$15),0)","v":0},null,"BDI 1",{"$f":"IF($C33=\"S\",ROUND(IF(TIPOORCAMENTO=\"Proposto\",ORÇAMENTO.CustoUnitario*(1+$AH33),ORÇAMENTO.PrecoUnitarioLicitado),15-13*$AF$10),0)","v":0},{"$f":"IF($C33=\"S\",IF(OR(Import.TipoArredondamento<>\"TransfereGOV\",ACOMPANHAMENTO=\"BM\"),VTOTAL1,SUM(OFFSET(CÁLCULO!$AI$15,ROW($X33)-ROW($X$15),1):OFFSET(CÁLCULO!$BB$15,ROW($X33)-ROW($X$15),-1))),IF($C33=0,0,ROUND(SomaAgrup,15-13*$AF$11)))","v":51920.9},"RA","",{"$f":"IF($C33=\"S\",IF($Z33=\"CP\",$X33,IF($Z33=\"RA\",(($X33)*QCI!$AA$3),0)),SomaAgrup)","v":4492.9077716981792},{"$f":"IF($C33=\"S\",IF($Z33=\"OU\",ROUND($X33,2),0),SomaAgrup)","v":0},{"$f":"IF($N33=\"\",\" \",\nIF(AND($C33<>\"S\",OR($R33=\"\",$R33=\"(digite a descrição aqui)\")),\"DESCRIÇÃO\",\nIF(AND($C33=\"S\",OR($Q33<>\"\",$T33>0,$U33>0),$P33=\"\"),\"FONTE\",\nIF(AND($C33=\"S\",$P33<>\"\",OR($T33>0,$U33>0),$Q33=\"\"),\"CÓDIGO\",\nIF(AND($C33=\"S\",$P33<>\"\",$Q33<>\"\",$R33=\"(Código não identificado nas referências)\"),\"CÓDIGO N/ID\",\nIF(AND($C33=\"S\",OR($R33=\"\",$R33=\"(digite a descrição aqui)\"),OR($Q33<>\"\",$T33>0,$U33>0)),\"DESCRIÇÃO\",\nIF(AND($C33=\"S\",$P33<>\"\",$Q33<>\"\",$S33=\"\"),\"UNIDADE\",\nIF(AND($C33=\"S\",$P33<>\"\",$Q33<>\"\",$U33=0),\"SEM CUSTO\",\nIF(AND(TIPOORCAMENTO=\"Licitado\",$AL33=0,$AN33>0),\"SEM PREÇO\",\nIF(AND($C33=\"S\",$P33<>\"\",$Q33<>\"\",$U33>0,AND($V33<>\"BDI 1\",$V33<>\"BDI 2\",$V33<>\"BDI 3\")),IF(ISNUMBER($V33),\"JUSTIFICAR BDI\",\"BDI\"),\nIF(OR(AND(import.recurso=\"OGU\",TIPOORCAMENTO=\"Proposto\",LEFT($O$8,5)<>\"(N/D:\",$AG33<>\"\",ORÇAMENTO.CustoUnitario>$AG33),AND(TIPOORCAMENTO=\"LICITADO\",ORÇAMENTO.PrecoUnitarioLicitado>$AN33)),\"ACIMA REF.\",\nIF(AND($C33=\"S\",$P33<>\"\",$Q33<>\"\",$T33=0,$U33>0),\"QUANT.\",\nIF(AND(Import.TipoArredondamento=\"TransfereGOV\",$L33=\"F\",$C33=\"S\",LEN($Q33)>13),\"Código >13\",\nIF(AND(Import.TipoArredondamento=\"TransfereGOV\",$L33=\"F\",$C33<>\"S\",LEN($R33)>100),\"Descrição >100\",\nIF(AND(Import.TipoArredondamento=\"TransfereGOV\",$L33=\"F\",$C33=\"S\",LEN($R33)>500),\"Descrição >500\",\nIF(AND(Import.TipoArredondamento=\"TransfereGOV\",$L33=\"F\",$C33=\"S\",LEFT(TRIM(UPPER($P33)),6)<>\"SINAPI\",ISNA(VLOOKUP(TRIM(UPPER($S33)),ListaTgov.Unidades,1,FALSE))),\"Unid. Não Disp\",\n\" \"))))))))))))))))","v":" "},{"$f":"IF(C33<=CRONO.NivelExibicao,MAX($AD$15:OFFSET(AD33,-1,0))+IF($C33<>1,1,MAX(1,COUNTIF(QCI!$A$13:$A$36,OFFSET($E33,-1,0)))),\"\")","v":6},{"$f":"IF(AND($C33=\"S\",ORÇAMENTO.CodBarra<>\"\"),IF(ORÇAMENTO.Fonte=\"\",ORÇAMENTO.CodBarra,CONCATENATE(ORÇAMENTO.Fonte,\" \",ORÇAMENTO.CodBarra)))","v":false},{"$f":"IF(ISERROR(ORÇAMENTO.BancoRef),\"(abra o arquivo 'Referência \"&Excel_BuiltIn_Database&\".xlsm)\",IF(OR($C33<>\"S\",ORÇAMENTO.CodBarra=\"\"),\"(Sem Código)\",IF(ISERROR(MATCH($AE33,INDIRECT(ORÇAMENTO.BancoRef),0)),\"(Código não identificado nas referências)\",MATCH($AE33,INDIRECT(ORÇAMENTO.BancoRef),0))))","v":"(Sem Código)"},{"$f":"ROUND(IF(DESONERACAO=\"sim\",REFERENCIA.Desonerado,REFERENCIA.NaoDesonerado),2)","v":0},0.25290000000000001,null,null,null,null,51920.9,{"$f":"ROUND(ORÇAMENTO.CustoUnitario*(1+$AH33),2)","v":0}]
["S",2,"S",0,{"$f":"IF($C34=1,OFFSET(E34,-1,0)+MAX(1,COUNTIF(QCI!$A$13:$A$36,OFFSET(ORÇAMENTO!E34,-1,0))),OFFSET(E34,-1,0))","v":2},1,0,0,1,0,{"$f":"IF(OR($C34=\"S\",$C34=0),0,MATCH(OFFSET($D34,0,$C34)+IF($C34<>1,1,COUNTIF(QCI!$A$13:$A$36,ORÇAMENTO!E34)),OFFSET($D34,1,$C34,ROW($C$472)-ROW($C34)),0))","v":0},"F","Serviço","Serviço","2.1.0.1.","SINAPI","93565",{"$f":"IF($C34=\"S\",REFERENCIA.Descricao,\"(digite a descrição aqui)\")","v":"ENGENHEIRO CIVIL DE OBRA JUNIOR COM ENCARGOS COMPLEMENTARES"},{"$f":"REFERENCIA.Unidade","v":"MES"},{"$f":"OFFSET(CÁLCULO!H$15,ROW($T34)-ROW(T$15),0)","v":2.0000000000000009},{"$f":"AG34","v":20720.28},"BDI 1",{"$f":"IF($C34=\"S\",ROUND(IF(TIPOORCAMENTO=\"Proposto\",ORÇAMENTO.CustoUnitario*(1+$AH34),ORÇAMENTO.PrecoUnitarioLicitado),15-13*$AF$10),0)","v":25960.44},{"$f":"IF($C34=\"S\",IF(OR(Import.TipoArredondamento<>\"TransfereGOV\",ACOMPANHAMENTO=\"BM\"),VTOTAL1,SUM(OFFSET(CÁLCULO!$AI$15,ROW($X34)-ROW($X$15),1):OFFSET(CÁLCULO!$BB$15,ROW($X34)-ROW($X$15),-1))),IF($C34=0,0,ROUND(SomaAgrup,15-13*$AF$11)))","v":51920.900000000016},"RA","RA",{"$f":"IF($C34=\"S\",IF($Z34=\"CP\",$X34,IF($Z34=\"RA\",(($X34)*QCI!$AA$3),0)),SomaAgrup)","v":4492.9077716981792},{"$f":"IF($C34=\"S\",IF($Z34=\"OU\",ROUND($X34,2),0),SomaAgrup)","v":0},{"$f":"IF($N34=\"\",\" \",\nIF(AND($C34<>\"S\",OR($R34=\"\",$R34=\"(digite a descrição aqui)\")),\"DESCRIÇÃO\",\nIF(AND($C34=\"S\",OR($Q34<>\"\",$T34>0,$U34>0),$P34=\"\"),\"FONTE\",\nIF(AND($C34=\"S\",$P34<>\"\",OR($T34>0,$U34>0),$Q34=\"\"),\"CÓDIGO\",\nIF(AND($C34=\"S\",$P34<>\"\",$Q34<>\"\",$R34=\"(Código não identificado nas referências)\"),\"CÓDIGO N/ID\",\nIF(AND($C34=\"S\",OR($R34=\"\",$R34=\"(digite a descrição aqui)\"),OR($Q34<>\"\",$T34>0,$U34>0)),\"DESCRIÇÃO\",\nIF(AND($C34=\"S\",$P34<>\"\",$Q34<>\"\",$S34=\"\"),\"UNIDADE\",\nIF(AND($C34=\"S\",$P34<>\"\",$Q34<>\"\",$U34=0),\"SEM CUSTO\",\nIF(AND(TIPOORCAMENTO=\"Licitado\",$AL34=0,$AN34>0),\"SEM PREÇO\",\nIF(AND($C34=\"S\",$P34<>\"\",$Q34<>\"\",$U34>0,AND($V34<>\"BDI 1\",$V34<>\"BDI 2\",$V34<>\"BDI 3\")),IF(ISNUMBER($V34),\"JUSTIFICAR BDI\",\"BDI\"),\nIF(OR(AND(import.recurso=\"OGU\",TIPOORCAMENTO=\"Proposto\",LEFT($O$8,5)<>\"(N/D:\",$AG34<>\"\",ORÇAMENTO.CustoUnitario>$AG34),AND(TIPOORCAMENTO=\"LICITADO\",ORÇAMENTO.PrecoUnitarioLicitado>$AN34)),\"ACIMA REF.\",\nIF(AND($C34=\"S\",$P34<>\"\",$Q34<>\"\",$T34=0,$U34>0),\"QUANT.\",\nIF(AND(Import.TipoArredondamento=\"TransfereGOV\",$L34=\"F\",$C34=\"S\",LEN($Q34)>13),\"Código >13\",\nIF(AND(Import.TipoArredondamento=\"TransfereGOV\",$L34=\"F\",$C34<>\"S\",LEN($R34)>100),\"Descrição >100\",\nIF(AND(Import.TipoArredondamento=\"TransfereGOV\",$L34=\"F\",$C34=\"S\",LEN($R34)>500),\"Descrição >500\",\nIF(AND(Import.TipoArredondamento=\"TransfereGOV\",$L34=\"F\",$C34=\"S\",LEFT(TRIM(UPPER($P34)),6)<>\"SINAPI\",ISNA(VLOOKUP(TRIM(UPPER($S34)),ListaTgov.Unidades,1,FALSE))),\"Unid. Não Disp\",\n\" \"))))))))))))))))","v":" "},{"$f":"IF(C34<=CRONO.NivelExibicao,MAX($AD$15:OFFSET(AD34,-1,0))+IF($C34<>1,1,MAX(1,COUNTIF(QCI!$A$13:$A$36,OFFSET($E34,-1,0)))),\"\")","v":""},{"$f":"IF(AND($C34=\"S\",ORÇAMENTO.CodBarra<>\"\"),IF(ORÇAMENTO.Fonte=\"\",ORÇAMENTO.CodBarra,CONCATENATE(ORÇAMENTO.Fonte,\" \",ORÇAMENTO.CodBarra)))","v":"SINAPI 93565"},{"$f":"IF(ISERROR(ORÇAMENTO.BancoRef),\"(abra o arquivo 'Referência \"&Excel_BuiltIn_Database&\".xlsm)\",IF(OR($C34<>\"S\",ORÇAMENTO.CodBarra=\"\"),\"(Sem Código)\",IF(ISERROR(MATCH($AE34,INDIRECT(ORÇAMENTO.BancoRef),0)),\"(Código não identificado nas referências)\",MATCH($AE34,INDIRECT(ORÇAMENTO.BancoRef),0))))","v":13322},{"$f":"ROUND(IF(DESONERACAO=\"sim\",REFERENCIA.Desonerado,REFERENCIA.NaoDesonerado),2)","v":20720.28},0.25290000000000001,null,null,null,null,51920.900000000016,{"$f":"ROUND(ORÇAMENTO.CustoUnitario*(1+$AH34),2)","v":25960.44}]
[1,1,1,18,{"$f":"IF($C35=1,OFFSET(E35,-1,0)+MAX(1,COUNTIF(QCI!$A$13:$A$36,OFFSET(ORÇAMENTO!E35,-1,0))),OFFSET(E35,-1,0))","v":3},0,0,0,0,437,{"$f":"IF(OR($C35=\"S\",$C35=0),0,MATCH(OFFSET($D35,0,$C35)+IF($C35<>1,1,COUNTIF(QCI!$A$13:$A$36,ORÇAMENTO!E35)),OFFSET($D35,1,$C35,ROW($C$472)-ROW($C35)),0))","v":18},"F","Meta","Meta","3.","SINAPI",null,{"$f":"IF($C35=\"S\",REFERENCIA.Descricao,\"FUNDAÇÃO\")","v":"FUNDAÇÃO"},{"$f":"REFERENCIA.Unidade","v":"-"},{"$f":"OFFSET(CÁLCULO!H$15,ROW($T35)-ROW(T$15),0)","v":0},null,"BDI 1",{"$f":"IF($C35=\"S\",ROUND(IF(TIPOORCAMENTO=\"Proposto\",ORÇAMENTO.CustoUnitario*(1+$AH35),ORÇAMENTO.PrecoUnitarioLicitado),15-13*$AF$10),0)","v":0},{"$f":"IF($C35=\"S\",IF(OR(Import.TipoArredondamento<>\"TransfereGOV\",ACOMPANHAMENTO=\"BM\"),VTOTAL1,SUM(OFFSET(CÁLCULO!$AI$15,ROW($X35)-ROW($X$15),1):OFFSET(CÁLCULO!$BB$15,ROW($X35)-ROW($X$15),-1))),IF($C35=0,0,ROUND(SomaAgrup,15-13*$AF$11)))","v":214590.74},"RA","",{"$f":"IF($C35=\"S\",IF($Z35=\"CP\",$X35,IF($Z35=\"RA\",(($X35)*QCI!$AA$3),0)),SomaAgrup)","v":18569.331492336671},{"$f":"IF($C35=\"S\",IF($Z35=\"OU\",ROUND($X35,2),0),SomaAgrup)","v":0},{"$f":"IF($N35=\"\",\" \",\nIF(AND($C35<>\"S\",OR($R35=\"\",$R35=\"(digite a descrição aqui)\")),\"DESCRIÇÃO\",\nIF(AND($C35=\"S\",OR($Q35<>\"\",$T35>0,$U35>0),$P35=\"\"),\"FONTE\",\nIF(AND($C35=\"S\",$P35<>\"\",OR($T35>0,$U35>0),$Q35=\"\"),\"CÓDIGO\",\nIF(AND($C35=\"S\",$P35<>\"\",$Q35<>\"\",$R35=\"(Código não identificado nas referências)\"),\"CÓDIGO N/ID\",\nIF(AND($C35=\"S\",OR($R35=\"\",$R35=\"(digite a descrição aqui)\"),OR($Q35<>\"\",$T35>0,$U35>0)),\"DESCRIÇÃO\",\nIF(AND($C35=\"S\",$P35<>\"\",$Q35<>\"\",$S35=\"\"),\"UNIDADE\",\nIF(AND($C35=\"S\",$P35<>\"\",$Q35<>\"\",$U35=0),\"SEM CUSTO\",\nIF(AND(TIPOORCAMENTO=\"Licitado\",$AL35=0,$AN35>0),\"SEM PREÇO\",\nIF(AND($C35=\"S\",$P35<>\"\",$Q35<>\"\",$U35>0,AND($V35<>\"BDI 1\",$V35<>\"BDI 2\",$V35<>\"BDI 3\")),IF(ISNUMBER($V35),\"JUSTIFICAR BDI\",\"BDI\"),\nIF(OR(AND(import.recurso=\"OGU\",TIPOORCAMENTO=\"Proposto\",LEFT($O$8,5)<>\"(N/D:\",$AG35<>\"\",ORÇAMENTO.CustoUnitario>$AG35),AND(TIPOORCAMENTO=\"LICITADO\",ORÇAMENTO.PrecoUnitarioLicitado>$AN35)),\"ACIMA REF.\",\nIF(AND($C35=\"S\",$P35<>\"\",$Q35<>\"\",$T35=0,$U35>0),\"QUANT.\",\nIF(AND(Import.TipoArredondamento=\"TransfereGOV\",$L35=\"F\",$C35=\"S\",LEN($Q35)>13),\"Código >13\",\nIF(AND(Import.TipoArredondamento=\"TransfereGOV\",$L35=\"F\",$C35<>\"S\",LEN($R35)>100),\"Descrição >100\",\nIF(AND(Import.TipoArredondamento=\"TransfereGOV\",$L35=\"F\",$C35=\"S\",LEN($R35)>500),\"Descrição >500\",\nIF(AND(Import.TipoArredondamento=\"TransfereGOV\",$L35=\"F\",$C35=\"S\",LEFT(TRIM(UPPER($P35)),6)<>\"SINAPI\",ISNA(VLOOKUP(TRIM(UPPER($S35)),ListaTgov.Unidades,1,FALSE))),\"Unid. Não Disp\",\n\" \"))))))))))))))))","v":" "},{"$f":"IF(C35<=CRONO.NivelExibicao,MAX($AD$15:OFFSET(AD35,-1,0))+IF($C35<>1,1,MAX(1,COUNTIF(QCI!$A$13:$A$36,OFFSET($E35,-1,0)))),\"\")","v":7},{"$f":"IF(AND($C35=\"S\",ORÇAMENTO.CodBarra<>\"\"),IF(ORÇAMENTO.Fonte=\"\",ORÇAMENTO.CodBarra,CONCATENATE(ORÇAMENTO.Fonte,\" \",ORÇAMENTO.CodBarra)))","v":false},{"$f":"IF(ISERROR(ORÇAMENTO.BancoRef),\"(abra o arquivo 'Referência \"&Excel_BuiltIn_Database&\".xlsm)\",IF(OR($C35<>\"S\",ORÇAMENTO.CodBarra=\"\"),\"(Sem Código)\",IF(ISERROR(MATCH($AE35,INDIRECT(ORÇAMENTO.BancoRef),0)),\"(Código não identificado nas referências)\",MATCH($AE35,INDIRECT(ORÇAMENTO.BancoRef),0))))","v":"(Sem Código)"},{"$f":"ROUND(IF(DESONERACAO=\"sim\",REFERENCIA.Desonerado,REFERENCIA.NaoDesonerado),2)","v":0},0.25290000000000001,null,null,null,null,214590.74,{"$f":"ROUND(ORÇAMENTO.CustoUnitario*(1+$AH35),2)","v":0}]
[2,2,2,17,{"$f":"IF($C36=1,OFFSET(E36,-1,0)+MAX(1,COUNTIF(QCI!$A$13:$A$36,OFFSET(ORÇAMENTO!E36,-1,0))),OFFSET(E36,-1,0))","v":3},1,0,0,0,17,{"$f":"IF(OR($C36=\"S\",$C36=0),0,MATCH(OFFSET($D36,0,$C36)+IF($C36<>1,1,COUNTIF(QCI!$A$13:$A$36,ORÇAMENTO!E36)),OFFSET($D36,1,$C36,ROW($C$472)-ROW($C36)),0))","v":26},"F","Nível 2","Nível 2","3.1.","SINAPI",null,{"$f":"IF($C36=\"S\",REFERENCIA.Descricao,\"ESCAVAÇÕES DE FUNDAÇÕES\")","v":"ESCAVAÇÕES DE FUNDAÇÕES"},{"$f":"REFERENCIA.Unidade","v":"-"},{"$f":"OFFSET(CÁLCULO!H$15,ROW($T36)-ROW(T$15),0)","v":0},null,"BDI 1",{"$f":"IF($C36=\"S\",ROUND(IF(TIPOORCAMENTO=\"Proposto\",ORÇAMENTO.CustoUnitario*(1+$AH36),ORÇAMENTO.PrecoUnitarioLicitado),15-13*$AF$10),0)","v":0},{"$f":"IF($C36=\"S\",IF(OR(Import.TipoArredondamento<>\"TransfereGOV\",ACOMPANHAMENTO=\"BM\"),VTOTAL1,SUM(OFFSET(CÁLCULO!$AI$15,ROW($X36)-ROW($X$15),1):OFFSET(CÁLCULO!$BB$15,ROW($X36)-ROW($X$15),-1))),IF($C36=0,0,ROUND(SomaAgrup,15-13*$AF$11)))","v":214590.74},"RA","",{"$f":"IF($C36=\"S\",IF($Z36=\"CP\",$X36,IF($Z36=\"RA\",(($X36)*QCI!$AA$3),0)),SomaAgrup)","v":18569.331492336671},{"$f":"IF($C36=\"S\",IF($Z36=\"OU\",ROUND($X36,2),0),SomaAgrup)","v":0},{"$f":"IF($N36=\"\",\" \",\nIF(AND($C36<>\"S\",OR($R36=\"\",$R36=\"(digite a descrição aqui)\")),\"DESCRIÇÃO\",\nIF(AND($C36=\"S\",OR($Q36<>\"\",$T36>0,$U36>0),$P36=\"\"),\"FONTE\",\nIF(AND($C36=\"S\",$P36<>\"\",OR($T36>0,$U36>0),$Q36=\"\"),\"CÓDIGO\",\nIF(AND($C36=\"S\",$P36<>\"\",$Q36<>\"\",$R36=\"(Código não identificado nas referências)\"),\"CÓDIGO N/ID\",\nIF(AND($C36=\"S\",OR($R36=\"\",$R36=\"(digite a descrição aqui)\"),OR($Q36<>\"\",$T36>0,$U36>0)),\"DESCRIÇÃO\",\nIF(AND($C36=\"S\",$P36<>\"\",$Q36<>\"\",$S36=\"\"),\"UNIDADE\",\nIF(AND($C36=\"S\",$P36<>\"\",$Q36<>\"\",$U36=0),\"SEM CUSTO\",\nIF(AND(TIPOORCAMENTO=\"Licitado\",$AL36=0,$AN36>0),\"SEM PREÇO\",\nIF(AND($C36=\"S\",$P36<>\"\",$Q36<>\"\",$U36>0,AND($V36<>\"BDI 1\",$V36<>\"BDI 2\",$V36<>\"BDI 3\")),IF(ISNUMBER($V36),\"JUSTIFICAR BDI\",\"BDI\"),\nIF(OR(AND(import.recurso=\"OGU\",TIPOORCAMENTO=\"Proposto\",LEFT($O$8,5)<>\"(N/D:\",$AG36<>\"\",ORÇAMENTO.CustoUnitario>$AG36),AND(TIPOORCAMENTO=\"LICITADO\",ORÇAMENTO.PrecoUnitarioLicitado>$AN36)),\"ACIMA REF.\",\nIF(AND($C36=\"S\",$P36<>\"\",$Q36<>\"\",$T36=0,$U36>0),\"QUANT.\",\nIF(AND(Import.TipoArredondamento=\"TransfereGOV\",$L36=\"F\",$C36=\"S\",LEN($Q36)>13),\"Código >13\",\nIF(AND(Import.TipoArredondamento=\"TransfereGOV\",$L36=\"F\",$C36<>\"S\",LEN($R36)>100),\"Descrição >100\",\nIF(AND(Import.TipoArredondamento=\"TransfereGOV\",$L36=\"F\",$C36=\"S\",LEN($R36)>500),\"Descrição >500\",\nIF(AND(Import.TipoArredondamento=\"TransfereGOV\",$L36=\"F\",$C36=\"S\",LEFT(TRIM(UPPER($P36)),6)<>\"SINAPI\",ISNA(VLOOKUP(TRIM(UPPER($S36)),ListaTgov.Unidades,1,FALSE))),\"Unid. Não Disp\",\n\" \"))))))))))))))))","v":" "},{"$f":"IF(C36<=CRONO.NivelExibicao,MAX($AD$15:OFFSET(AD36,-1,0))+IF($C36<>1,1,MAX(1,COUNTIF(QCI!$A$13:$A$36,OFFSET($E36,-1,0)))),\"\")","v":8},{"$f":"IF(AND($C36=\"S\",ORÇAMENTO.CodBarra<>\"\"),IF(ORÇAMENTO.Fonte=\"\",ORÇAMENTO.CodBarra,CONCATENATE(ORÇAMENTO.Fonte,\" \",ORÇAMENTO.CodBarra)))","v":false},{"$f":"IF(ISERROR(ORÇAMENTO.BancoRef),\"(abra o arquivo 'Referência \"&Excel_BuiltIn_Database&\".xlsm)\",IF(OR($C36<>\"S\",ORÇAMENTO.CodBarra=\"\"),\"(Sem Código)\",IF(ISERROR(MATCH($AE36,INDIRECT(ORÇAMENTO.BancoRef),0)),\"(Código não identificado nas referências)\",MATCH($AE36,INDIRECT(ORÇAMENTO.BancoRef),0))))","v":"(Sem Código)"},{"$f":"ROUND(IF(DESONERACAO=\"sim\",REFERENCIA.Desonerado,REFERENCIA.NaoDesonerado),2)","v":0},0.25290000000000001,null,null,null,null,214590.74,{"$f":"ROUND(ORÇAMENTO.CustoUnitario*(1+$AH36),2)","v":0}]
["S",2,"S",0,{"$f":"IF($C37=1,OFFSET(E37,-1,0)+MAX(1,COUNTIF(QCI!$A$13:$A$36,OFFSET(ORÇAMENTO!E37,-1,0))),OFFSET(E37,-1,0))","v":3},1,0,0,1,0,{"$f":"IF(OR($C37=\"S\",$C37=0),0,MATCH(OFFSET($D37,0,$C37)+IF($C37<>1,1,COUNTIF(QCI!$A$13:$A$36,ORÇAMENTO!E37)),OFFSET($D37,1,$C37,ROW($C$472)-ROW($C37)),0))","v":0},"F","Serviço","Serviço","3.1.0.1.","SINAPI","99059",{"$f":"IF($C37=\"S\",REFERENCIA.Descricao,\"(digite a descrição aqui)\")","v":"LOCAÇÃO CONVENCIONAL DE OBRA, UTILIZANDO GABARITO DE TÁBUAS CORRIDAS PONTALETADAS A CADA 2,00M - 2 UTILIZAÇÕES. AF_03/2024"},{"$f":"REFERENCIA.Unidade","v":"M"},{"$f":"OFFSET(CÁLCULO!H$15,ROW($T37)-ROW(T$15),0)","v":125},{"$f":"AG37","v":69.709999999999994},"BDI 1",{"$f":"IF($C37=\"S\",ROUND(IF(TIPOORCAMENTO=\"Proposto\",ORÇAMENTO.CustoUnitario*(1+$AH37),ORÇAMENTO.PrecoUnitarioLicitado),15-13*$AF$10),0)","v":87.34},{"$f":"IF($C37=\"S\",IF(OR(Import.TipoArredondamento<>\"TransfereGOV\",ACOMPANHAMENTO=\"BM\"),VTOTAL1,SUM(OFFSET(CÁLCULO!$AI$15,ROW($X37)-ROW($X$15),1):OFFSET(CÁLCULO!$BB$15,ROW($X37)-ROW($X$15),-1))),IF($C37=0,0,ROUND(SomaAgrup,15-13*$AF$11)))","v":10917.49},"RA","RA",{"$f":"IF($C37=\"S\",IF($Z37=\"CP\",$X37,IF($Z37=\"RA\",(($X37)*QCI!$AA$3),0)),SomaAgrup)","v":944.73084381120395},{"$f":"IF($C37=\"S\",IF($Z37=\"OU\",ROUND($X37,2),0),SomaAgrup)","v":0},{"$f":"IF($N37=\"\",\" \",\nIF(AND($C37<>\"S\",OR($R37=\"\",$R37=\"(digite a descrição aqui)\")),\"DESCRIÇÃO\",\nIF(AND($C37=\"S\",OR($Q37<>\"\",$T37>0,$U37>0),$P37=\"\"),\"FONTE\",\nIF(AND($C37=\"S\",$P37<>\"\",OR($T37>0,$U37>0),$Q37=\"\"),\"CÓDIGO\",\nIF(AND($C37=\"S\",$P37<>\"\",$Q37<>\"\",$R37=\"(Código não identificado nas referências)\"),\"CÓDIGO N/ID\",\nIF(AND($C37=\"S\",OR($R37=\"\",$R37=\"(digite a descrição aqui)\"),OR($Q37<>\"\",$T37>0,$U37>0)),\"DESCRIÇÃO\",\nIF(AND($C37=\"S\",$P37<>\"\",$Q37<>\"\",$S37=\"\"),\"UNIDADE\",\nIF(AND($C37=\"S\",$P37<>\"\",$Q37<>\"\",$U37=0),\"SEM CUSTO\",\nIF(AND(TIPOORCAMENTO=\"Licitado\",$AL37=0,$AN37>0),\"SEM PREÇO\",\nIF(AND($C37=\"S\",$P37<>\"\",$Q37<>\"\",$U37>0,AND($V37<>\"BDI 1\",$V37<>\"BDI 2\",$V37<>\"BDI 3\")),IF(ISNUMBER($V37),\"JUSTIFICAR BDI\",\"BDI\"),\nIF(OR(AND(import.recurso=\"OGU\",TIPOORCAMENTO=\"Proposto\",LEFT($O$8,5)<>\"(N/D:\",$AG37<>\"\",ORÇAMENTO.CustoUnitario>$AG37),AND(TIPOORCAMENTO=\"LICITADO\",ORÇAMENTO.PrecoUnitarioLicitado>$AN37)),\"ACIMA REF.\",\nIF(AND($C37=\"S\",$P37<>\"\",$Q37<>\"\",$T37=0,$U37>0),\"QUANT.\",\nIF(AND(Import.TipoArredondamento=\"TransfereGOV\",$L37=\"F\",$C37=\"S\",LEN($Q37)>13),\"Código >13\",\nIF(AND(Import.TipoArredondamento=\"TransfereGOV\",$L37=\"F\",$C37<>\"S\",LEN($R37)>100),\"Descrição >100\",\nIF(AND(Import.TipoArredondamento=\"TransfereGOV\",$L37=\"F\",$C37=\"S\",LEN($R37)>500),\"Descrição >500\",\nIF(AND(Import.TipoArredondamento=\"TransfereGOV\",$L37=\"F\",$C37=\"S\",LEFT(TRIM(UPPER($P37)),6)<>\"SINAPI\",ISNA(VLOOKUP(TRIM(UPPER($S37)),ListaTgov.Unidades,1,FALSE))),\"Unid. Não Disp\",\n\" \"))))))))))))))))","v":" "},{"$f":"IF(C37<=CRONO.NivelExibicao,MAX($AD$15:OFFSET(AD37,-1,0))+IF($C37<>1,1,MAX(1,COUNTIF(QCI!$A$13:$A$36,OFFSET($E37,-1,0)))),\"\")","v":""},{"$f":"IF(AND($C37=\"S\",ORÇAMENTO.CodBarra<>\"\"),IF(ORÇAMENTO.Fonte=\"\",ORÇAMENTO.CodBarra,CONCATENATE(ORÇAMENTO.Fonte,\" \",ORÇAMENTO.CodBarra)))","v":"SINAPI 99059"},{"$f":"IF(ISERROR(ORÇAMENTO.BancoRef),\"(abra o arquivo 'Referência \"&Excel_BuiltIn_Database&\".xlsm)\",IF(OR($C37<>\"S\",ORÇAMENTO.CodBarra=\"\"),\"(Sem Código)\",IF(ISERROR(MATCH($AE37,INDIRECT(ORÇAMENTO.BancoRef),0)),\"(Código não identificado nas referências)\",MATCH($AE37,INDIRECT(ORÇAMENTO.BancoRef),0))))","v":13444},{"$f":"ROUND(IF(DESONERACAO=\"sim\",REFERENCIA.Desonerado,REFERENCIA.NaoDesonerado),2)","v":69.709999999999994},0.25290000000000001,null,null,null,null,10917.49,{"$f":"ROUND(ORÇAMENTO.CustoUnitario*(1+$AH37),2)","v":87.34}]
["S",2,"S",0,{"$f":"IF($C38=1,OFFSET(E38,-1,0)+MAX(1,COUNTIF(QCI!$A$13:$A$36,OFFSET(ORÇAMENTO!E38,-1,0))),OFFSET(E38,-1,0))","v":3},1,0,0,2,0,{"$f":"IF(OR($C38=\"S\",$C38=0),0,MATCH(OFFSET($D38,0,$C38)+IF($C38<>1,1,COUNTIF(QCI!$A$13:$A$36,ORÇAMENTO!E38)),OFFSET($D38,1,$C38,ROW($C$472)-ROW($C38)),0))","v":0},"F","Serviço","Serviço","3.1.0.2.","SINAPI","90100",{"$f":"IF($C38=\"S\",REFERENCIA.Descricao,\"(digite a descrição aqui)\")","v":"ESCAVAÇÃO MECANIZADA DE VALA COM PROF. ATÉ 1,5 M (MÉDIA MONTANTE E JUSANTE/UMA COMPOSIÇÃO POR TRECHO), RETROESCAV. (0,26 M3), LARG. DE 0,8 M A 1,5 M, EM SOLO DE 1A CATEGORIA, EM LOCAIS COM ALTO NÍVEL DE INTERFERÊNCIA. AF_09/2024"},{"$f":"REFERENCIA.Unidade","v":"M3"},{"$f":"OFFSET(CÁLCULO!H$15,ROW($T38)-ROW(T$15),0)","v":203.88},13.66,"BDI 1",{"$f":"IF($C38=\"S\",ROUND(IF(TIPOORCAMENTO=\"Proposto\",ORÇAMENTO.CustoUnitario*(1+$AH38),ORÇAMENTO.PrecoUnitarioLicitado),15-13*$AF$10),0)","v":17.11},{"$f":"IF($C38=\"S\",IF(OR(Import.TipoArredondamento<>\"TransfereGOV\",ACOMPANHAMENTO=\"BM\"),VTOTAL1,SUM(OFFSET(CÁLCULO!$AI$15,ROW($X38)-ROW($X$15),1):OFFSET(CÁLCULO!$BB$15,ROW($X38)-ROW($X$15),-1))),IF($C38=0,0,ROUND(SomaAgrup,15-13*$AF$11)))","v":3488.3999999999996},"RA","RA",{"$f":"IF($C38=\"S\",IF($Z38=\"CP\",$X38,IF($Z38=\"RA\",(($X38)*QCI!$AA$3),0)),SomaAgrup)","v":301.86417166867142},{"$f":"IF($C38=\"S\",IF($Z38=\"OU\",ROUND($X38,2),0),SomaAgrup)","v":0},{"$f":"IF($N38=\"\",\" \",\nIF(AND($C38<>\"S\",OR($R38=\"\",$R38=\"(digite a descrição aqui)\")),\"DESCRIÇÃO\",\nIF(AND($C38=\"S\",OR($Q38<>\"\",$T38>0,$U38>0),$P38=\"\"),\"FONTE\",\nIF(AND($C38=\"S\",$P38<>\"\",OR($T38>0,$U38>0),$Q38=\"\"),\"CÓDIGO\",\nIF(AND($C38=\"S\",$P38<>\"\",$Q38<>\"\",$R38=\"(Código não identificado nas referências)\"),\"CÓDIGO N/ID\",\nIF(AND($C38=\"S\",OR($R38=\"\",$R38=\"(digite a descrição aqui)\"),OR($Q38<>\"\",$T38>0,$U38>0)),\"DESCRIÇÃO\",\nIF(AND($C38=\"S\",$P38<>\"\",$Q38<>\"\",$S38=\"\"),\"UNIDADE\",\nIF(AND($C38=\"S\",$P38<>\"\",$Q38<>\"\",$U38=0),\"SEM CUSTO\",\nIF(AND(TIPOORCAMENTO=\"Licitado\",$AL38=0,$AN38>0),\"SEM PREÇO\",\nIF(AND($C38=\"S\",$P38<>\"\",$Q38<>\"\",$U38>0,AND($V38<>\"BDI 1\",$V38<>\"BDI 2\",$V38<>\"BDI 3\")),IF(ISNUMBER($V38),\"JUSTIFICAR BDI\",\"BDI\"),\nIF(OR(AND(import.recurso=\"OGU\",TIPOORCAMENTO=\"Proposto\",LEFT($O$8,5)<>\"(N/D:\",$AG38<>\"\",ORÇAMENTO.CustoUnitario>$AG38),AND(TIPOORCAMENTO=\"LICITADO\",ORÇAMENTO.PrecoUnitarioLicitado>$AN38)),\"ACIMA REF.\",\nIF(AND($C38=\"S\",$P38<>\"\",$Q38<>\"\",$T38=0,$U38>0),\"QUANT.\",\nIF(AND(Import.TipoArredondamento=\"TransfereGOV\",$L38=\"F\",$C38=\"S\",LEN($Q38)>13),\"Código >13\",\nIF(AND(Import.TipoArredondamento=\"TransfereGOV\",$L38=\"F\",$C38<>\"S\",LEN($R38)>100),\"Descrição >100\",\nIF(AND(Import.TipoArredondamento=\"TransfereGOV\",$L38=\"F\",$C38=\"S\",LEN($R38)>500),\"Descrição >500\",\nIF(AND(Import.TipoArredondamento=\"TransfereGOV\",$L38=\"F\",$C38=\"S\",LEFT(TRIM(UPPER($P38)),6)<>\"SINAPI\",ISNA(VLOOKUP(TRIM(UPPER($S38)),ListaTgov.Unidades,1,FALSE))),\"Unid. Não Disp\",\n\" \"))))))))))))))))","v":" "},{"$f":"IF(C38<=CRONO.NivelExibicao,MAX($AD$15:OFFSET(AD38,-1,0))+IF($C38<>1,1,MAX(1,COUNTIF(QCI!$A$13:$A$36,OFFSET($E38,-1,0)))),\"\")","v":""},{"$f":"IF(AND($C38=\"S\",ORÇAMENTO.CodBarra<>\"\"),IF(ORÇAMENTO.Fonte=\"\",ORÇAMENTO.CodBarra,CONCATENATE(ORÇAMENTO.Fonte,\" \",ORÇAMENTO.CodBarra)))","v":"SINAPI 90100"},{"$f":"IF(ISERROR(ORÇAMENTO.BancoRef),\"(abra o arquivo 'Referência \"&Excel_BuiltIn_Database&\".xlsm)\",IF(OR($C38<>\"S\",ORÇAMENTO.CodBarra=\"\"),\"(Sem Código)\",IF(ISERROR(MATCH($AE38,INDIRECT(ORÇAMENTO.BancoRef),0)),\"(Código não identificado nas referências)\",MATCH($AE38,INDIRECT(ORÇAMENTO.BancoRef),0))))","v":9555},{"$f":"ROUND(IF(DESONERACAO=\"sim\",REFERENCIA.Desonerado,REFERENCIA.NaoDesonerado),2)","v":13.66},0.25290000000000001,null,null,null,null,3488.3999999999996,{"$f":"ROUND(ORÇAMENTO.CustoUnitario*(1+$AH38),2)","v":17.11}]
["S",2,"S",0,{"$f":"IF($C39=1,OFFSET(E39,-1,0)+MAX(1,COUNTIF(QCI!$A$13:$A$36,OFFSET(ORÇAMENTO!E39,-1,0))),OFFSET(E39,-1,0))","v":3},1,0,0,3,0,{"$f":"IF(OR($C39=\"S\",$C39=0),0,MATCH(OFFSET($D39,0,$C39)+IF($C39<>1,1,COUNTIF(QCI!$A$13:$A$36,ORÇAMENTO!E39)),OFFSET($D39,1,$C39,ROW($C$472)-ROW($C39)),0))","v":0},"F","Serviço","Serviço","3.1.0.3.","SINAPI","93358",{"$f":"IF($C39=\"S\",REFERENCIA.Descricao,\"(digite a descrição aqui)\")","v":"ESCAVAÇÃO MANUAL DE VALA. AF_09/2024"},{"$f":"REFERENCIA.Unidade","v":"M3"},{"$f":"OFFSET(CÁLCULO!H$15,ROW($T39)-ROW(T$15),0)","v":23.34},82.75,"BDI 1",{"$f":"IF($C39=\"S\",ROUND(IF(TIPOORCAMENTO=\"Proposto\",ORÇAMENTO.CustoUnitario*(1+$AH39),ORÇAMENTO.PrecoUnitarioLicitado),15-13*$AF$10),0)","v":103.68},{"$f":"IF($C39=\"S\",IF(OR(Import.TipoArredondamento<>\"TransfereGOV\",ACOMPANHAMENTO=\"BM\"),VTOTAL1,SUM(OFFSET(CÁLCULO!$AI$15,ROW($X39)-ROW($X$15),1):OFFSET(CÁLCULO!$BB$15,ROW($X39)-ROW($X$15),-1))),IF($C39=0,0,ROUND(SomaAgrup,15-13*$AF$11)))","v":2419.89},"RA","RA",{"$f":"IF($C39=\"S\",IF($Z39=\"CP\",$X39,IF($Z39=\"RA\",(($X39)*QCI!$AA$3),0)),SomaAgrup)","v":209.40204402571419},{"$f":"IF($C39=\"S\",IF($Z39=\"OU\",ROUND($X39,2),0),SomaAgrup)","v":0},{"$f":"IF($N39=\"\",\" \",\nIF(AND($C39<>\"S\",OR($R39=\"\",$R39=\"(digite a descrição aqui)\")),\"DESCRIÇÃO\",\nIF(AND($C39=\"S\",OR($Q39<>\"\",$T39>0,$U39>0),$P39=\"\"),\"FONTE\",\nIF(AND($C39=\"S\",$P39<>\"\",OR($T39>0,$U39>0),$Q39=\"\"),\"CÓDIGO\",\nIF(AND($C39=\"S\",$P39<>\"\",$Q39<>\"\",$R39=\"(Código não identificado nas referências)\"),\"CÓDIGO N/ID\",\nIF(AND($C39=\"S\",OR($R39=\"\",$R39=\"(digite a descrição aqui)\"),OR($Q39<>\"\",$T39>0,$U39>0)),\"DESCRIÇÃO\",\nIF(AND($C39=\"S\",$P39<>\"\",$Q39<>\"\",$S39=\"\"),\"UNIDADE\",\nIF(AND($C39=\"S\",$P39<>\"\",$Q39<>\"\",$U39=0),\"SEM CUSTO\",\nIF(AND(TIPOORCAMENTO=\"Licitado\",$AL39=0,$AN39>0),\"SEM PREÇO\",\nIF(AND($C39=\"S\",$P39<>\"\",$Q39<>\"\",$U39>0,AND($V39<>\"BDI 1\",$V39<>\"BDI 2\",$V39<>\"BDI 3\")),IF(ISNUMBER($V39),\"JUSTIFICAR BDI\",\"BDI\"),\nIF(OR(AND(import.recurso=\"OGU\",TIPOORCAMENTO=\"Proposto\",LEFT($O$8,5)<>\"(N/D:\",$AG39<>\"\",ORÇAMENTO.CustoUnitario>$AG39),AND(TIPOORCAMENTO=\"LICITADO\",ORÇAMENTO.PrecoUnitarioLicitado>$AN39)),\"ACIMA REF.\",\nIF(AND($C39=\"S\",$P39<>\"\",$Q39<>\"\",$T39=0,$U39>0),\"QUANT.\",\nIF(AND(Import.TipoArredondamento=\"TransfereGOV\",$L39=\"F\",$C39=\"S\",LEN($Q39)>13),\"Código >13\",\nIF(AND(Import.TipoArredondamento=\"TransfereGOV\",$L39=\"F\",$C39<>\"S\",LEN($R39)>100),\"Descrição >100\",\nIF(AND(Import.TipoArredondamento=\"TransfereGOV\",$L39=\"F\",$C39=\"S\",LEN($R39)>500),\"Descrição >500\",\nIF(AND(Import.TipoArredondamento=\"TransfereGOV\",$L39=\"F\",$C39=\"S\",LEFT(TRIM(UPPER($P39)),6)<>\"SINAPI\",ISNA(VLOOKUP(TRIM(UPPER($S39)),ListaTgov.Unidades,1,FALSE))),\"Unid. Não Disp\",\n\" \"))))))))))))))))","v":" "},{"$f":"IF(C39<=CRONO.NivelExibicao,MAX($AD$15:OFFSET(AD39,-1,0))+IF($C39<>1,1,MAX(1,COUNTIF(QCI!$A$13:$A$36,OFFSET($E39,-1,0)))),\"\")","v":""},{"$f":"IF(AND($C39=\"S\",ORÇAMENTO.CodBarra<>\"\"),IF(ORÇAMENTO.Fonte=\"\",ORÇAMENTO.CodBarra,CONCATENATE(ORÇAMENTO.Fonte,\" \",ORÇAMENTO.CodBarra)))","v":"SINAPI 93358"},{"$f":"IF(ISERROR(ORÇAMENTO.BancoRef),\"(abra o arquivo 'Referência \"&Excel_BuiltIn_Database&\".xlsm)\",IF(OR($C39<>\"S\",ORÇAMENTO.CodBarra=\"\"),\"(Sem Código)\",IF(ISERROR(MATCH($AE39,INDIRECT(ORÇAMENTO.BancoRef),0)),\"(Código não identificado nas referências)\",MATCH($AE39,INDIRECT(ORÇAMENTO.BancoRef),0))))","v":9543},{"$f":"ROUND(IF(DESONERACAO=\"sim\",REFERENCIA.Desonerado,REFERENCIA.NaoDesonerado),2)","v":82.75},0.25290000000000001,null,null,null,null,2419.89,{"$f":"ROUND(ORÇAMENTO.CustoUnitario*(1+$AH39),2)","v":103.68}]
["S",2,"S",0,{"$f":"IF($C40=1,OFFSET(E40,-1,0)+MAX(1,COUNTIF(QCI!$A$13:$A$36,OFFSET(ORÇAMENTO!E40,-1,0))),OFFSET(E40,-1,0))","v":3},1,0,0,4,0,{"$f":"IF(OR($C40=\"S\",$C40=0),0,MATCH(OFFSET($D40,0,$C40)+IF($C40<>1,1,COUNTIF(QCI!$A$13:$A$36,ORÇAMENTO!E40)),OFFSET($D40,1,$C40,ROW($C$472)-ROW($C40)),0))","v":0},"F","Serviço","Serviço","3.1.0.4.","SINAPI","100324",{"$f":"IF($C40=\"S\",REFERENCIA.Descricao,\"(digite a descrição aqui)\")","v":"LASTRO COM MATERIAL GRANULAR (PEDRA BRITADA N.1 E PEDRA BRITADA N.2), APLICADO EM PISOS OU LAJES SOBRE SOLO, ESPESSURA DE *10 CM*. AF_01/2024"},{"$f":"REFERENCIA.Unidade","v":"M3"},{"$f":"OFFSET(CÁLCULO!H$15,ROW($T40)-ROW(T$15),0)","v":36.19},210.15,"BDI 1",{"$f":"IF($C40=\"S\",ROUND(IF(TIPOORCAMENTO=\"Proposto\",ORÇAMENTO.CustoUnitario*(1+$AH40),ORÇAMENTO.PrecoUnitarioLicitado),15-13*$AF$10),0)","v":263.3},{"$f":"IF($C40=\"S\",IF(OR(Import.TipoArredondamento<>\"TransfereGOV\",ACOMPANHAMENTO=\"BM\"),VTOTAL1,SUM(OFFSET(CÁLCULO!$AI$15,ROW($X40)-ROW($X$15),1):OFFSET(CÁLCULO!$BB$15,ROW($X40)-ROW($X$15),-1))),IF($C40=0,0,ROUND(SomaAgrup,15-13*$AF$11)))","v":9528.83},"RA","RA",{"$f":"IF($C40=\"S\",IF($Z40=\"CP\",$X40,IF($Z40=\"RA\",(($X40)*QCI!$AA$3),0)),SomaAgrup)","v":824.56495095791388},{"$f":"IF($C40=\"S\",IF($Z40=\"OU\",ROUND($X40,2),0),SomaAgrup)","v":0},{"$f":"IF($N40=\"\",\" \",\nIF(AND($C40<>\"S\",OR($R40=\"\",$R40=\"(digite a descrição aqui)\")),\"DESCRIÇÃO\",\nIF(AND($C40=\"S\",OR($Q40<>\"\",$T40>0,$U40>0),$P40=\"\"),\"FONTE\",\nIF(AND($C40=\"S\",$P40<>\"\",OR($T40>0,$U40>0),$Q40=\"\"),\"CÓDIGO\",\nIF(AND($C40=\"S\",$P40<>\"\",$Q40<>\"\",$R40=\"(Código não identificado nas referências)\"),\"CÓDIGO N/ID\",\nIF(AND($C40=\"S\",OR($R40=\"\",$R40=\"(digite a descrição aqui)\"),OR($Q40<>\"\",$T40>0,$U40>0)),\"DESCRIÇÃO\",\nIF(AND($C40=\"S\",$P40<>\"\",$Q40<>\"\",$S40=\"\"),\"UNIDADE\",\nIF(AND($C40=\"S\",$P40<>\"\",$Q40<>\"\",$U40=0),\"SEM CUSTO\",\nIF(AND(TIPOORCAMENTO=\"Licitado\",$AL40=0,$AN40>0),\"SEM PREÇO\",\nIF(AND($C40=\"S\",$P40<>\"\",$Q40<>\"\",$U40>0,AND($V40<>\"BDI 1\",$V40<>\"BDI 2\",$V40<>\"BDI 3\")),IF(ISNUMBER($V40),\"JUSTIFICAR BDI\",\"BDI\"),\nIF(OR(AND(import.recurso=\"OGU\",TIPOORCAMENTO=\"Proposto\",LEFT($O$8,5)<>\"(N/D:\",$AG40<>\"\",ORÇAMENTO.CustoUnitario>$AG40),AND(TIPOORCAMENTO=\"LICITADO\",ORÇAMENTO.PrecoUnitarioLicitado>$AN40)),\"ACIMA REF.\",\nIF(AND($C40=\"S\",$P40<>\"\",$Q40<>\"\",$T40=0,$U40>0),\"QUANT.\",\nIF(AND(Import.TipoArredondamento=\"TransfereGOV\",$L40=\"F\",$C40=\"S\",LEN($Q40)>13),\"Código >13\",\nIF(AND(Import.TipoArredondamento=\"TransfereGOV\",$L40=\"F\",$C40<>\"S\",LEN($R40)>100),\"Descrição >100\",\nIF(AND(Import.TipoArredondamento=\"TransfereGOV\",$L40=\"F\",$C40=\"S\",LEN($R40)>500),\"Descrição >500\",\nIF(AND(Import.TipoArredondamento=\"TransfereGOV\",$L40=\"F\",$C40=\"S\",LEFT(TRIM(UPPER($P40)),6)<>\"SINAPI\",ISNA(VLOOKUP(TRIM(UPPER($S40)),ListaTgov.Unidades,1,FALSE))),\"Unid. Não Disp\",\n\" \"))))))))))))))))","v":" "},{"$f":"IF(C40<=CRONO.NivelExibicao,MAX($AD$15:OFFSET(AD40,-1,0))+IF($C40<>1,1,MAX(1,COUNTIF(QCI!$A$13:$A$36,OFFSET($E40,-1,0)))),\"\")","v":""},{"$f":"IF(AND($C40=\"S\",ORÇAMENTO.CodBarra<>\"\"),IF(ORÇAMENTO.Fonte=\"\",ORÇAMENTO.CodBarra,CONCATENATE(ORÇAMENTO.Fonte,\" \",ORÇAMENTO.CodBarra)))","v":"SINAPI 100324"},{"$f":"IF(ISERROR(ORÇAMENTO.BancoRef),\"(abra o arquivo 'Referência \"&Excel_BuiltIn_Database&\".xlsm)\",IF(OR($C40<>\"S\",ORÇAMENTO.CodBarra=\"\"),\"(Sem Código)\",IF(ISERROR(MATCH($AE40,INDIRECT(ORÇAMENTO.BancoRef),0)),\"(Código não identificado nas referências)\",MATCH($AE40,INDIRECT(ORÇAMENTO.BancoRef),0))))","v":12980},{"$f":"ROUND(IF(DESONERACAO=\"sim\",REFERENCIA.Desonerado,REFERENCIA.NaoDesonerado),2)","v":210.15},0.25290000000000001,null,null,null,null,9528.83,{"$f":"ROUND(ORÇAMENTO.CustoUnitario*(1+$AH40),2)","v":263.3}]
["S",2,"S",0,{"$f":"IF($C41=1,OFFSET(E41,-1,0)+MAX(1,COUNTIF(QCI!$A$13:$A$36,OFFSET(ORÇAMENTO!E41,-1,0))),OFFSET(E41,-1,0))","v":3},1,0,0,5,0,{"$f":"IF(OR($C41=\"S\",$C41=0),0,MATCH(OFFSET($D41,0,$C41)+IF($C41<>1,1,COUNTIF(QCI!$A$13:$A$36,ORÇAMENTO!E41)),OFFSET($D41,1,$C41,ROW($C$472)-ROW($C41)),0))","v":0},"F","Serviço","Serviço","3.1.0.5.","SINAPI","96534",{"$f":"IF($C41=\"S\",REFERENCIA.Descricao,\"(digite a descrição aqui)\")","v":"FABRICAÇÃO, MONTAGEM E DESMONTAGEM DE FÔRMA PARA BLOCO DE COROAMENTO, EM MADEIRA SERRADA, E=25 MM, 4 UTILIZAÇÕES. AF_01/2024"},{"$f":"REFERENCIA.Unidade","v":"M2"},{"$f":"OFFSET(CÁLCULO!H$15,ROW($T41)-ROW(T$15),0)","v":392.09999999999997},76.83,"BDI 1",{"$f":"IF($C41=\"S\",ROUND(IF(TIPOORCAMENTO=\"Proposto\",ORÇAMENTO.CustoUnitario*(1+$AH41),ORÇAMENTO.PrecoUnitarioLicitado),15-13*$AF$10),0)","v":96.26},{"$f":"IF($C41=\"S\",IF(OR(Import.TipoArredondamento<>\"TransfereGOV\",ACOMPANHAMENTO=\"BM\"),VTOTAL1,SUM(OFFSET(CÁLCULO!$AI$15,ROW($X41)-ROW($X$15),1):OFFSET(CÁLCULO!$BB$15,ROW($X41)-ROW($X$15),-1))),IF($C41=0,0,ROUND(SomaAgrup,15-13*$AF$11)))","v":37743.54},"RA","RA",{"$f":"IF($C41=\"S\",IF($Z41=\"CP\",$X41,IF($Z41=\"RA\",(($X41)*QCI!$AA$3),0)),SomaAgrup)","v":3266.0883035040042},{"$f":"IF($C41=\"S\",IF($Z41=\"OU\",ROUND($X41,2),0),SomaAgrup)","v":0},{"$f":"IF($N41=\"\",\" \",\nIF(AND($C41<>\"S\",OR($R41=\"\",$R41=\"(digite a descrição aqui)\")),\"DESCRIÇÃO\",\nIF(AND($C41=\"S\",OR($Q41<>\"\",$T41>0,$U41>0),$P41=\"\"),\"FONTE\",\nIF(AND($C41=\"S\",$P41<>\"\",OR($T41>0,$U41>0),$Q41=\"\"),\"CÓDIGO\",\nIF(AND($C41=\"S\",$P41<>\"\",$Q41<>\"\",$R41=\"(Código não identificado nas referências)\"),\"CÓDIGO N/ID\",\nIF(AND($C41=\"S\",OR($R41=\"\",$R41=\"(digite a descrição aqui)\"),OR($Q41<>\"\",$T41>0,$U41>0)),\"DESCRIÇÃO\",\nIF(AND($C41=\"S\",$P41<>\"\",$Q41<>\"\",$S41=\"\"),\"UNIDADE\",\nIF(AND($C41=\"S\",$P41<>\"\",$Q41<>\"\",$U41=0),\"SEM CUSTO\",\nIF(AND(TIPOORCAMENTO=\"Licitado\",$AL41=0,$AN41>0),\"SEM PREÇO\",\nIF(AND($C41=\"S\",$P41<>\"\",$Q41<>\"\",$U41>0,AND($V41<>\"BDI 1\",$V41<>\"BDI 2\",$V41<>\"BDI 3\")),IF(ISNUMBER($V41),\"JUSTIFICAR BDI\",\"BDI\"),\nIF(OR(AND(import.recurso=\"OGU\",TIPOORCAMENTO=\"Proposto\",LEFT($O$8,5)<>\"(N/D:\",$AG41<>\"\",ORÇAMENTO.CustoUnitario>$AG41),AND(TIPOORCAMENTO=\"LICITADO\",ORÇAMENTO.PrecoUnitarioLicitado>$AN41)),\"ACIMA REF.\",\nIF(AND($C41=\"S\",$P41<>\"\",$Q41<>\"\",$T41=0,$U41>0),\"QUANT.\",\nIF(AND(Import.TipoArredondamento=\"TransfereGOV\",$L41=\"F\",$C41=\"S\",LEN($Q41)>13),\"Código >13\",\nIF(AND(Import.TipoArredondamento=\"TransfereGOV\",$L41=\"F\",$C41<>\"S\",LEN($R41)>100),\"Descrição >100\",\nIF(AND(Import.TipoArredondamento=\"TransfereGOV\",$L41=\"F\",$C41=\"S\",LEN($R41)>500),\"Descrição >500\",\nIF(AND(Import.TipoArredondamento=\"TransfereGOV\",$L41=\"F\",$C41=\"S\",LEFT(TRIM(UPPER($P41)),6)<>\"SINAPI\",ISNA(VLOOKUP(TRIM(UPPER($S41)),ListaTgov.Unidades,1,FALSE))),\"Unid. Não Disp\",\n\" \"))))))))))))))))","v":" "},{"$f":"IF(C41<=CRONO.NivelExibicao,MAX($AD$15:OFFSET(AD41,-1,0))+IF($C41<>1,1,MAX(1,COUNTIF(QCI!$A$13:$A$36,OFFSET($E41,-1,0)))),\"\")","v":""},{"$f":"IF(AND($C41=\"S\",ORÇAMENTO.CodBarra<>\"\"),IF(ORÇAMENTO.Fonte=\"\",ORÇAMENTO.CodBarra,CONCATENATE(ORÇAMENTO.Fonte,\" \",ORÇAMENTO.CodBarra)))","v":"SINAPI 96534"},{"$f":"IF(ISERROR(ORÇAMENTO.BancoRef),\"(abra o arquivo 'Referência \"&Excel_BuiltIn_Database&\".xlsm)\",IF(OR($C41<>\"S\",ORÇAMENTO.CodBarra=\"\"),\"(Sem Código)\",IF(ISERROR(MATCH($AE41,INDIRECT(ORÇAMENTO.BancoRef),0)),\"(Código não identificado nas referências)\",MATCH($AE41,INDIRECT(ORÇAMENTO.BancoRef),0))))","v":10279},{"$f":"ROUND(IF(DESONERACAO=\"sim\",REFERENCIA.Desonerado,REFERENCIA.NaoDesonerado),2)","v":76.83},0.25290000000000001,null,null,null,null,37743.54,{"$f":"ROUND(ORÇAMENTO.CustoUnitario*(1+$AH41),2)","v":96.26}]
["S",2,"S",0,{"$f":"IF($C42=1,OFFSET(E42,-1,0)+MAX(1,COUNTIF(QCI!$A$13:$A$36,OFFSET(ORÇAMENTO!E42,-1,0))),OFFSET(E42,-1,0))","v":3},1,0,0,6,0,{"$f":"IF(OR($C42=\"S\",$C42=0),0,MATCH(OFFSET($D42,0,$C42)+IF($C42<>1,1,COUNTIF(QCI!$A$13:$A$36,ORÇAMENTO!E42)),OFFSET($D42,1,$C42,ROW($C$472)-ROW($C42)),0))","v":0},"F","Serviço","Serviço","3.1.0.6.","SINAPI","96543",{"$f":"IF($C42=\"S\",REFERENCIA.Descricao,\"(digite a descrição aqui)\")","v":"ARMAÇÃO DE BLOCO UTILIZANDO AÇO CA-60 DE 5 MM - MONTAGEM. AF_01/2024"},{"$f":"REFERENCIA.Unidade","v":"KG"},{"$f":"OFFSET(CÁLCULO!H$15,ROW($T42)-ROW(T$15),0)","v":440.3},19.690000000000001,"BDI 1",{"$f":"IF($C42=\"S\",ROUND(IF(TIPOORCAMENTO=\"Proposto\",ORÇAMENTO.CustoUnitario*(1+$AH42),ORÇAMENTO.PrecoUnitarioLicitado),15-13*$AF$10),0)","v":24.67},{"$f":"IF($C42=\"S\",IF(OR(Import.TipoArredondamento<>\"TransfereGOV\",ACOMPANHAMENTO=\"BM\"),VTOTAL1,SUM(OFFSET(CÁLCULO!$AI$15,ROW($X42)-ROW($X$15),1):OFFSET(CÁLCULO!$BB$15,ROW($X42)-ROW($X$15),-1))),IF($C42=0,0,ROUND(SomaAgrup,15-13*$AF$11)))","v":10862.2},"RA","RA",{"$f":"IF($C42=\"S\",IF($Z42=\"CP\",$X42,IF($Z42=\"RA\",(($X42)*QCI!$AA$3),0)),SomaAgrup)","v":939.94639533867769},{"$f":"IF($C42=\"S\",IF($Z42=\"OU\",ROUND($X42,2),0),SomaAgrup)","v":0},{"$f":"IF($N42=\"\",\" \",\nIF(AND($C42<>\"S\",OR($R42=\"\",$R42=\"(digite a descrição aqui)\")),\"DESCRIÇÃO\",\nIF(AND($C42=\"S\",OR($Q42<>\"\",$T42>0,$U42>0),$P42=\"\"),\"FONTE\",\nIF(AND($C42=\"S\",$P42<>\"\",OR($T42>0,$U42>0),$Q42=\"\"),\"CÓDIGO\",\nIF(AND($C42=\"S\",$P42<>\"\",$Q42<>\"\",$R42=\"(Código não identificado nas referências)\"),\"CÓDIGO N/ID\",\nIF(AND($C42=\"S\",OR($R42=\"\",$R42=\"(digite a descrição aqui)\"),OR($Q42<>\"\",$T42>0,$U42>0)),\"DESCRIÇÃO\",\nIF(AND($C42=\"S\",$P42<>\"\",$Q42<>\"\",$S42=\"\"),\"UNIDADE\",\nIF(AND($C42=\"S\",$P42<>\"\",$Q42<>\"\",$U42=0),\"SEM CUSTO\",\nIF(AND(TIPOORCAMENTO=\"Licitado\",$AL42=0,$AN42>0),\"SEM PREÇO\",\nIF(AND($C42=\"S\",$P42<>\"\",$Q42<>\"\",$U42>0,AND($V42<>\"BDI 1\",$V42<>\"BDI 2\",$V42<>\"BDI 3\")),IF(ISNUMBER($V42),\"JUSTIFICAR BDI\",\"BDI\"),\nIF(OR(AND(import.recurso=\"OGU\",TIPOORCAMENTO=\"Proposto\",LEFT($O$8,5)<>\"(N/D:\",$AG42<>\"\",ORÇAMENTO.CustoUnitario>$AG42),AND(TIPOORCAMENTO=\"LICITADO\",ORÇAMENTO.PrecoUnitarioLicitado>$AN42)),\"ACIMA REF.\",\nIF(AND($C42=\"S\",$P42<>\"\",$Q42<>\"\",$T42=0,$U42>0),\"QUANT.\",\nIF(AND(Import.TipoArredondamento=\"TransfereGOV\",$L42=\"F\",$C42=\"S\",LEN($Q42)>13),\"Código >13\",\nIF(AND(Import.TipoArredondamento=\"TransfereGOV\",$L42=\"F\",$C42<>\"S\",LEN($R42)>100),\"Descrição >100\",\nIF(AND(Import.TipoArredondamento=\"TransfereGOV\",$L42=\"F\",$C42=\"S\",LEN($R42)>500),\"Descrição >500\",\nIF(AND(Import.TipoArredondamento=\"TransfereGOV\",$L42=\"F\",$C42=\"S\",LEFT(TRIM(UPPER($P42)),6)<>\"SINAPI\",ISNA(VLOOKUP(TRIM(UPPER($S42)),ListaTgov.Unidades,1,FALSE))),\"Unid. Não Disp\",\n\" \"))))))))))))))))","v":" "},{"$f":"IF(C42<=CRONO.NivelExibicao,MAX($AD$15:OFFSET(AD42,-1,0))+IF($C42<>1,1,MAX(1,COUNTIF(QCI!$A$13:$A$36,OFFSET($E42,-1,0)))),\"\")","v":""},{"$f":"IF(AND($C42=\"S\",ORÇAMENTO.CodBarra<>\"\"),IF(ORÇAMENTO.Fonte=\"\",ORÇAMENTO.CodBarra,CONCATENATE(ORÇAMENTO.Fonte,\" \",ORÇAMENTO.CodBarra)))","v":"SINAPI 96543"},{"$f":"IF(ISERROR(ORÇAMENTO.BancoRef),\"(abra o arquivo 'Referência \"&Excel_BuiltIn_Database&\".xlsm)\",IF(OR($C42<>\"S\",ORÇAMENTO.CodBarra=\"\"),\"(Sem Código)\",IF(ISERROR(MATCH($AE42,INDIRECT(ORÇAMENTO.BancoRef),0)),\"(Código não identificado nas referências)\",MATCH($AE42,INDIRECT(ORÇAMENTO.BancoRef),0))))","v":10253},{"$f":"ROUND(IF(DESONERACAO=\"sim\",REFERENCIA.Desonerado,REFERENCIA.NaoDesonerado),2)","v":19.690000000000001},0.25290000000000001,null,null,null,null,10862.2,{"$f":"ROUND(ORÇAMENTO.CustoUnitario*(1+$AH42),2)","v":24.67}]
["S",2,"S",0,{"$f":"IF($C43=1,OFFSET(E43,-1,0)+MAX(1,COUNTIF(QCI!$A$13:$A$36,OFFSET(ORÇAMENTO!E43,-1,0))),OFFSET(E43,-1,0))","v":3},1,0,0,7,0,{"$f":"IF(OR($C43=\"S\",$C43=0),0,MATCH(OFFSET($D43,0,$C43)+IF($C43<>1,1,COUNTIF(QCI!$A$13:$A$36,ORÇAMENTO!E43)),OFFSET($D43,1,$C43,ROW($C$472)-ROW($C43)),0))","v":0},"F","Serviço","Serviço","3.1.0.7.","SINAPI","96544",{"$f":"IF($C43=\"S\",REFERENCIA.Descricao,\"(digite a descrição aqui)\")","v":"ARMAÇÃO DE BLOCO UTILIZANDO AÇO CA-50 DE 6,3 MM - MONTAGEM. AF_01/2024"},{"$f":"REFERENCIA.Unidade","v":"KG"},{"$f":"OFFSET(CÁLCULO!H$15,ROW($T43)-ROW(T$15),0)","v":139.1},17.55,"BDI 1",{"$f":"IF($C43=\"S\",ROUND(IF(TIPOORCAMENTO=\"Proposto\",ORÇAMENTO.CustoUnitario*(1+$AH43),ORÇAMENTO.PrecoUnitarioLicitado),15-13*$AF$10),0)","v":21.99},{"$f":"IF($C43=\"S\",IF(OR(Import.TipoArredondamento<>\"TransfereGOV\",ACOMPANHAMENTO=\"BM\"),VTOTAL1,SUM(OFFSET(CÁLCULO!$AI$15,ROW($X43)-ROW($X$15),1):OFFSET(CÁLCULO!$BB$15,ROW($X43)-ROW($X$15),-1))),IF($C43=0,0,ROUND(SomaAgrup,15-13*$AF$11)))","v":3058.8},"RA","RA",{"$f":"IF($C43=\"S\",IF($Z43=\"CP\",$X43,IF($Z43=\"RA\",(($X43)*QCI!$AA$3),0)),SomaAgrup)","v":264.68929259836381},{"$f":"IF($C43=\"S\",IF($Z43=\"OU\",ROUND($X43,2),0),SomaAgrup)","v":0},{"$f":"IF($N43=\"\",\" \",\nIF(AND($C43<>\"S\",OR($R43=\"\",$R43=\"(digite a descrição aqui)\")),\"DESCRIÇÃO\",\nIF(AND($C43=\"S\",OR($Q43<>\"\",$T43>0,$U43>0),$P43=\"\"),\"FONTE\",\nIF(AND($C43=\"S\",$P43<>\"\",OR($T43>0,$U43>0),$Q43=\"\"),\"CÓDIGO\",\nIF(AND($C43=\"S\",$P43<>\"\",$Q43<>\"\",$R43=\"(Código não identificado nas referências)\"),\"CÓDIGO N/ID\",\nIF(AND($C43=\"S\",OR($R43=\"\",$R43=\"(digite a descrição aqui)\"),OR($Q43<>\"\",$T43>0,$U43>0)),\"DESCRIÇÃO\",\nIF(AND($C43=\"S\",$P43<>\"\",$Q43<>\"\",$S43=\"\"),\"UNIDADE\",\nIF(AND($C43=\"S\",$P43<>\"\",$Q43<>\"\",$U43=0),\"SEM CUSTO\",\nIF(AND(TIPOORCAMENTO=\"Licitado\",$AL43=0,$AN43>0),\"SEM PREÇO\",\nIF(AND($C43=\"S\",$P43<>\"\",$Q43<>\"\",$U43>0,AND($V43<>\"BDI 1\",$V43<>\"BDI 2\",$V43<>\"BDI 3\")),IF(ISNUMBER($V43),\"JUSTIFICAR BDI\",\"BDI\"),\nIF(OR(AND(import.recurso=\"OGU\",TIPOORCAMENTO=\"Proposto\",LEFT($O$8,5)<>\"(N/D:\",$AG43<>\"\",ORÇAMENTO.CustoUnitario>$AG43),AND(TIPOORCAMENTO=\"LICITADO\",ORÇAMENTO.PrecoUnitarioLicitado>$AN43)),\"ACIMA REF.\",\nIF(AND($C43=\"S\",$P43<>\"\",$Q43<>\"\",$T43=0,$U43>0),\"QUANT.\",\nIF(AND(Import.TipoArredondamento=\"TransfereGOV\",$L43=\"F\",$C43=\"S\",LEN($Q43)>13),\"Código >13\",\nIF(AND(Import.TipoArredondamento=\"TransfereGOV\",$L43=\"F\",$C43<>\"S\",LEN($R43)>100),\"Descrição >100\",\nIF(AND(Import.TipoArredondamento=\"TransfereGOV\",$L43=\"F\",$C43=\"S\",LEN($R43)>500),\"Descrição >500\",\nIF(AND(Import.TipoArredondamento=\"TransfereGOV\",$L43=\"F\",$C43=\"S\",LEFT(TRIM(UPPER($P43)),6)<>\"SINAPI\",ISNA(VLOOKUP(TRIM(UPPER($S43)),ListaTgov.Unidades,1,FALSE))),\"Unid. Não Disp\",\n\" \"))))))))))))))))","v":" "},{"$f":"IF(C43<=CRONO.NivelExibicao,MAX($AD$15:OFFSET(AD43,-1,0))+IF($C43<>1,1,MAX(1,COUNTIF(QCI!$A$13:$A$36,OFFSET($E43,-1,0)))),\"\")","v":""},{"$f":"IF(AND($C43=\"S\",ORÇAMENTO.CodBarra<>\"\"),IF(ORÇAMENTO.Fonte=\"\",ORÇAMENTO.CodBarra,CONCATENATE(ORÇAMENTO.Fonte,\" \",ORÇAMENTO.CodBarra)))","v":"SINAPI 96544"},{"$f":"IF(ISERROR(ORÇAMENTO.BancoRef),\"(abra o arquivo 'Referência \"&Excel_BuiltIn_Database&\".xlsm)\",IF(OR($C43<>\"S\",ORÇAMENTO.CodBarra=\"\"),\"(Sem Código)\",IF(ISERROR(MATCH($AE43,INDIRECT(ORÇAMENTO.BancoRef),0)),\"(Código não identificado nas referências)\",MATCH($AE43,INDIRECT(ORÇAMENTO.BancoRef),0))))","v":10251},{"$f":"ROUND(IF(DESONERACAO=\"sim\",REFERENCIA.Desonerado,REFERENCIA.NaoDesonerado),2)","v":17.55},0.25290000000000001,null,null,null,null,3058.8,{"$f":"ROUND(ORÇAMENTO.CustoUnitario*(1+$AH43),2)","v":21.99}]
["S",2,"S",0,{"$f":"IF($C44=1,OFFSET(E44,-1,0)+MAX(1,COUNTIF(QCI!$A$13:$A$36,OFFSET(ORÇAMENTO!E44,-1,0))),OFFSET(E44,-1,0))","v":3},1,0,0,8,0,{"$f":"IF(OR($C44=\"S\",$C44=0),0,MATCH(OFFSET($D44,0,$C44)+IF($C44<>1,1,COUNTIF(QCI!$A$13:$A$36,ORÇAMENTO!E44)),OFFSET($D44,1,$C44,ROW($C$472)-ROW($C44)),0))","v":0},"F","Serviço","Serviço","3.1.0.8.","SINAPI","96545",{"$f":"IF($C44=\"S\",REFERENCIA.Descricao,\"(digite a descrição aqui)\")","v":"ARMAÇÃO DE BLOCO UTILIZANDO AÇO CA-50 DE 8 MM - MONTAGEM. AF_01/2024"},{"$f":"REFERENCIA.Unidade","v":"KG"},{"$f":"OFFSET(CÁLCULO!H$15,ROW($T44)-ROW(T$15),0)","v":1010.5},15.68,"BDI 1",{"$f":"IF($C44=\"S\",ROUND(IF(TIPOORCAMENTO=\"Proposto\",ORÇAMENTO.CustoUnitario*(1+$AH44),ORÇAMENTO.PrecoUnitarioLicitado),15-13*$AF$10),0)","v":19.649999999999999},{"$f":"IF($C44=\"S\",IF(OR(Import.TipoArredondamento<>\"TransfereGOV\",ACOMPANHAMENTO=\"BM\"),VTOTAL1,SUM(OFFSET(CÁLCULO!$AI$15,ROW($X44)-ROW($X$15),1):OFFSET(CÁLCULO!$BB$15,ROW($X44)-ROW($X$15),-1))),IF($C44=0,0,ROUND(SomaAgrup,15-13*$AF$11)))","v":19856.32},"RA","RA",{"$f":"IF($C44=\"S\",IF($Z44=\"CP\",$X44,IF($Z44=\"RA\",(($X44)*QCI!$AA$3),0)),SomaAgrup)","v":1718.2409096399708},{"$f":"IF($C44=\"S\",IF($Z44=\"OU\",ROUND($X44,2),0),SomaAgrup)","v":0},{"$f":"IF($N44=\"\",\" \",\nIF(AND($C44<>\"S\",OR($R44=\"\",$R44=\"(digite a descrição aqui)\")),\"DESCRIÇÃO\",\nIF(AND($C44=\"S\",OR($Q44<>\"\",$T44>0,$U44>0),$P44=\"\"),\"FONTE\",\nIF(AND($C44=\"S\",$P44<>\"\",OR($T44>0,$U44>0),$Q44=\"\"),\"CÓDIGO\",\nIF(AND($C44=\"S\",$P44<>\"\",$Q44<>\"\",$R44=\"(Código não identificado nas referências)\"),\"CÓDIGO N/ID\",\nIF(AND($C44=\"S\",OR($R44=\"\",$R44=\"(digite a descrição aqui)\"),OR($Q44<>\"\",$T44>0,$U44>0)),\"DESCRIÇÃO\",\nIF(AND($C44=\"S\",$P44<>\"\",$Q44<>\"\",$S44=\"\"),\"UNIDADE\",\nIF(AND($C44=\"S\",$P44<>\"\",$Q44<>\"\",$U44=0),\"SEM CUSTO\",\nIF(AND(TIPOORCAMENTO=\"Licitado\",$AL44=0,$AN44>0),\"SEM PREÇO\",\nIF(AND($C44=\"S\",$P44<>\"\",$Q44<>\"\",$U44>0,AND($V44<>\"BDI 1\",$V44<>\"BDI 2\",$V44<>\"BDI 3\")),IF(ISNUMBER($V44),\"JUSTIFICAR BDI\",\"BDI\"),\nIF(OR(AND(import.recurso=\"OGU\",TIPOORCAMENTO=\"Proposto\",LEFT($O$8,5)<>\"(N/D:\",$AG44<>\"\",ORÇAMENTO.CustoUnitario>$AG44),AND(TIPOORCAMENTO=\"LICITADO\",ORÇAMENTO.PrecoUnitarioLicitado>$AN44)),\"ACIMA REF.\",\nIF(AND($C44=\"S\",$P44<>\"\",$Q44<>\"\",$T44=0,$U44>0),\"QUANT.\",\nIF(AND(Import.TipoArredondamento=\"TransfereGOV\",$L44=\"F\",$C44=\"S\",LEN($Q44)>13),\"Código >13\",\nIF(AND(Import.TipoArredondamento=\"TransfereGOV\",$L44=\"F\",$C44<>\"S\",LEN($R44)>100),\"Descrição >100\",\nIF(AND(Import.TipoArredondamento=\"TransfereGOV\",$L44=\"F\",$C44=\"S\",LEN($R44)>500),\"Descrição >500\",\nIF(AND(Import.TipoArredondamento=\"TransfereGOV\",$L44=\"F\",$C44=\"S\",LEFT(TRIM(UPPER($P44)),6)<>\"SINAPI\",ISNA(VLOOKUP(TRIM(UPPER($S44)),ListaTgov.Unidades,1,FALSE))),\"Unid. Não Disp\",\n\" \"))))))))))))))))","v":" "},{"$f":"IF(C44<=CRONO.NivelExibicao,MAX($AD$15:OFFSET(AD44,-1,0))+IF($C44<>1,1,MAX(1,COUNTIF(QCI!$A$13:$A$36,OFFSET($E44,-1,0)))),\"\")","v":""},{"$f":"IF(AND($C44=\"S\",ORÇAMENTO.CodBarra<>\"\"),IF(ORÇAMENTO.Fonte=\"\",ORÇAMENTO.CodBarra,CONCATENATE(ORÇAMENTO.Fonte,\" \",ORÇAMENTO.CodBarra)))","v":"SINAPI 96545"},{"$f":"IF(ISERROR(ORÇAMENTO.BancoRef),\"(abra o arquivo 'Referência \"&Excel_BuiltIn_Database&\".xlsm)\",IF(OR($C44<>\"S\",ORÇAMENTO.CodBarra=\"\"),\"(Sem Código)\",IF(ISERROR(MATCH($AE44,INDIRECT(ORÇAMENTO.BancoRef),0)),\"(Código não identificado nas referências)\",MATCH($AE44,INDIRECT(ORÇAMENTO.BancoRef),0))))","v":10252},{"$f":"ROUND(IF(DESONERACAO=\"sim\",REFERENCIA.Desonerado,REFERENCIA.NaoDesonerado),2)","v":15.68},0.25290000000000001,null,null,null,null,19856.32,{"$f":"ROUND(ORÇAMENTO.CustoUnitario*(1+$AH44),2)","v":19.649999999999999}]
["S",2,"S",0,{"$f":"IF($C45=1,OFFSET(E45,-1,0)+MAX(1,COUNTIF(QCI!$A$13:$A$36,OFFSET(ORÇAMENTO!E45,-1,0))),OFFSET(E45,-1,0))","v":3},1,0,0,9,0,{"$f":"IF(OR($C45=\"S\",$C45=0),0,MATCH(OFFSET($D45,0,$C45)+IF($C45<>1,1,COUNTIF(QCI!$A$13:$A$36,ORÇAMENTO!E45)),OFFSET($D45,1,$C45,ROW($C$472)-ROW($C45)),0))","v":0},"F","Serviço","Serviço","3.1.0.9.","SINAPI","96546",{"$f":"IF($C45=\"S\",REFERENCIA.Descricao,\"(digite a descrição aqui)\")","v":"ARMAÇÃO DE BLOCO UTILIZANDO AÇO CA-50 DE 10 MM - MONTAGEM. AF_01/2024"},{"$f":"REFERENCIA.Unidade","v":"KG"},{"$f":"OFFSET(CÁLCULO!H$15,ROW($T45)-ROW(T$15),0)","v":650},13.64,"BDI 1",{"$f":"IF($C45=\"S\",ROUND(IF(TIPOORCAMENTO=\"Proposto\",ORÇAMENTO.CustoUnitario*(1+$AH45),ORÇAMENTO.PrecoUnitarioLicitado),15-13*$AF$10),0)","v":17.09},{"$f":"IF($C45=\"S\",IF(OR(Import.TipoArredondamento<>\"TransfereGOV\",ACOMPANHAMENTO=\"BM\"),VTOTAL1,SUM(OFFSET(CÁLCULO!$AI$15,ROW($X45)-ROW($X$15),1):OFFSET(CÁLCULO!$BB$15,ROW($X45)-ROW($X$15),-1))),IF($C45=0,0,ROUND(SomaAgrup,15-13*$AF$11)))","v":11108.5},"RA","RA",{"$f":"IF($C45=\"S\",IF($Z45=\"CP\",$X45,IF($Z45=\"RA\",(($X45)*QCI!$AA$3),0)),SomaAgrup)","v":961.25964653750634},{"$f":"IF($C45=\"S\",IF($Z45=\"OU\",ROUND($X45,2),0),SomaAgrup)","v":0},{"$f":"IF($N45=\"\",\" \",\nIF(AND($C45<>\"S\",OR($R45=\"\",$R45=\"(digite a descrição aqui)\")),\"DESCRIÇÃO\",\nIF(AND($C45=\"S\",OR($Q45<>\"\",$T45>0,$U45>0),$P45=\"\"),\"FONTE\",\nIF(AND($C45=\"S\",$P45<>\"\",OR($T45>0,$U45>0),$Q45=\"\"),\"CÓDIGO\",\nIF(AND($C45=\"S\",$P45<>\"\",$Q45<>\"\",$R45=\"(Código não identificado nas referências)\"),\"CÓDIGO N/ID\",\nIF(AND($C45=\"S\",OR($R45=\"\",$R45=\"(digite a descrição aqui)\"),OR($Q45<>\"\",$T45>0,$U45>0)),\"DESCRIÇÃO\",\nIF(AND($C45=\"S\",$P45<>\"\",$Q45<>\"\",$S45=\"\"),\"UNIDADE\",\nIF(AND($C45=\"S\",$P45<>\"\",$Q45<>\"\",$U45=0),\"SEM CUSTO\",\nIF(AND(TIPOORCAMENTO=\"Licitado\",$AL45=0,$AN45>0),\"SEM PREÇO\",\nIF(AND($C45=\"S\",$P45<>\"\",$Q45<>\"\",$U45>0,AND($V45<>\"BDI 1\",$V45<>\"BDI 2\",$V45<>\"BDI 3\")),IF(ISNUMBER($V45),\"JUSTIFICAR BDI\",\"BDI\"),\nIF(OR(AND(import.recurso=\"OGU\",TIPOORCAMENTO=\"Proposto\",LEFT($O$8,5)<>\"(N/D:\",$AG45<>\"\",ORÇAMENTO.CustoUnitario>$AG45),AND(TIPOORCAMENTO=\"LICITADO\",ORÇAMENTO.PrecoUnitarioLicitado>$AN45)),\"ACIMA REF.\",\nIF(AND($C45=\"S\",$P45<>\"\",$Q45<>\"\",$T45=0,$U45>0),\"QUANT.\",\nIF(AND(Import.TipoArredondamento=\"TransfereGOV\",$L45=\"F\",$C45=\"S\",LEN($Q45)>13),\"Código >13\",\nIF(AND(Import.TipoArredondamento=\"TransfereGOV\",$L45=\"F\",$C45<>\"S\",LEN($R45)>100),\"Descrição >100\",\nIF(AND(Import.TipoArredondamento=\"TransfereGOV\",$L45=\"F\",$C45=\"S\",LEN($R45)>500),\"Descrição >500\",\nIF(AND(Import.TipoArredondamento=\"TransfereGOV\",$L45=\"F\",$C45=\"S\",LEFT(TRIM(UPPER($P45)),6)<>\"SINAPI\",ISNA(VLOOKUP(TRIM(UPPER($S45)),ListaTgov.Unidades,1,FALSE))),\"Unid. Não Disp\",\n\" \"))))))))))))))))","v":" "},{"$f":"IF(C45<=CRONO.NivelExibicao,MAX($AD$15:OFFSET(AD45,-1,0))+IF($C45<>1,1,MAX(1,COUNTIF(QCI!$A$13:$A$36,OFFSET($E45,-1,0)))),\"\")","v":""},{"$f":"IF(AND($C45=\"S\",ORÇAMENTO.CodBarra<>\"\"),IF(ORÇAMENTO.Fonte=\"\",ORÇAMENTO.CodBarra,CONCATENATE(ORÇAMENTO.Fonte,\" \",ORÇAMENTO.CodBarra)))","v":"SINAPI 96546"},{"$f":"IF(ISERROR(ORÇAMENTO.BancoRef),\"(abra o arquivo 'Referência \"&Excel_BuiltIn_Database&\".xlsm)\",IF(OR($C45<>\"S\",ORÇAMENTO.CodBarra=\"\"),\"(Sem Código)\",IF(ISERROR(MATCH($AE45,INDIRECT(ORÇAMENTO.BancoRef),0)),\"(Código não identificado nas referências)\",MATCH($AE45,INDIRECT(ORÇAMENTO.BancoRef),0))))","v":10250},{"$f":"ROUND(IF(DESONERACAO=\"sim\",REFERENCIA.Desonerado,REFERENCIA.NaoDesonerado),2)","v":13.64},0.25290000000000001,null,null,null,null,11108.5,{"$f":"ROUND(ORÇAMENTO.CustoUnitario*(1+$AH45),2)","v":17.09}]
["S",2,"S",0,{"$f":"IF($C46=1,OFFSET(E46,-1,0)+MAX(1,COUNTIF(QCI!$A$13:$A$36,OFFSET(ORÇAMENTO!E46,-1,0))),OFFSET(E46,-1,0))","v":3},1,0,0,10,0,{"$f":"IF(OR($C46=\"S\",$C46=0),0,MATCH(OFFSET($D46,0,$C46)+IF($C46<>1,1,COUNTIF(QCI!$A$13:$A$36,ORÇAMENTO!E46)),OFFSET($D46,1,$C46,ROW($C$472)-ROW($C46)),0))","v":0},"F","Serviço","Serviço","3.1.0.10.","SINAPI","104920",{"$f":"IF($C46=\"S\",REFERENCIA.Descricao,\"(digite a descrição aqui)\")","v":"ARMAÇÃO DE BLOCO, SAPATA ISOLADA, VIGA BALDRAME E SAPATA CORRIDA UTILIZANDO AÇO CA-50 DE 12,5 MM - MONTAGEM. AF_01/2024"},{"$f":"REFERENCIA.Unidade","v":"KG"},{"$f":"OFFSET(CÁLCULO!H$15,ROW($T46)-ROW(T$15),0)","v":724.4},10.41,"BDI 1",{"$f":"IF($C46=\"S\",ROUND(IF(TIPOORCAMENTO=\"Proposto\",ORÇAMENTO.CustoUnitario*(1+$AH46),ORÇAMENTO.PrecoUnitarioLicitado),15-13*$AF$10),0)","v":13.04},{"$f":"IF($C46=\"S\",IF(OR(Import.TipoArredondamento<>\"TransfereGOV\",ACOMPANHAMENTO=\"BM\"),VTOTAL1,SUM(OFFSET(CÁLCULO!$AI$15,ROW($X46)-ROW($X$15),1):OFFSET(CÁLCULO!$BB$15,ROW($X46)-ROW($X$15),-1))),IF($C46=0,0,ROUND(SomaAgrup,15-13*$AF$11)))","v":9446.18},"RA","RA",{"$f":"IF($C46=\"S\",IF($Z46=\"CP\",$X46,IF($Z46=\"RA\",(($X46)*QCI!$AA$3),0)),SomaAgrup)","v":817.41294035465285},{"$f":"IF($C46=\"S\",IF($Z46=\"OU\",ROUND($X46,2),0),SomaAgrup)","v":0},{"$f":"IF($N46=\"\",\" \",\nIF(AND($C46<>\"S\",OR($R46=\"\",$R46=\"(digite a descrição aqui)\")),\"DESCRIÇÃO\",\nIF(AND($C46=\"S\",OR($Q46<>\"\",$T46>0,$U46>0),$P46=\"\"),\"FONTE\",\nIF(AND($C46=\"S\",$P46<>\"\",OR($T46>0,$U46>0),$Q46=\"\"),\"CÓDIGO\",\nIF(AND($C46=\"S\",$P46<>\"\",$Q46<>\"\",$R46=\"(Código não identificado nas referências)\"),\"CÓDIGO N/ID\",\nIF(AND($C46=\"S\",OR($R46=\"\",$R46=\"(digite a descrição aqui)\"),OR($Q46<>\"\",$T46>0,$U46>0)),\"DESCRIÇÃO\",\nIF(AND($C46=\"S\",$P46<>\"\",$Q46<>\"\",$S46=\"\"),\"UNIDADE\",\nIF(AND($C46=\"S\",$P46<>\"\",$Q46<>\"\",$U46=0),\"SEM CUSTO\",\nIF(AND(TIPOORCAMENTO=\"Licitado\",$AL46=0,$AN46>0),\"SEM PREÇO\",\nIF(AND($C46=\"S\",$P46<>\"\",$Q46<>\"\",$U46>0,AND($V46<>\"BDI 1\",$V46<>\"BDI 2\",$V46<>\"BDI 3\")),IF(ISNUMBER($V46),\"JUSTIFICAR BDI\",\"BDI\"),\nIF(OR(AND(import.recurso=\"OGU\",TIPOORCAMENTO=\"Proposto\",LEFT($O$8,5)<>\"(N/D:\",$AG46<>\"\",ORÇAMENTO.CustoUnitario>$AG46),AND(TIPOORCAMENTO=\"LICITADO\",ORÇAMENTO.PrecoUnitarioLicitado>$AN46)),\"ACIMA REF.\",\nIF(AND($C46=\"S\",$P46<>\"\",$Q46<>\"\",$T46=0,$U46>0),\"QUANT.\",\nIF(AND(Import.TipoArredondamento=\"TransfereGOV\",$L46=\"F\",$C46=\"S\",LEN($Q46)>13),\"Código >13\",\nIF(AND(Import.TipoArredondamento=\"TransfereGOV\",$L46=\"F\",$C46<>\"S\",LEN($R46)>100),\"Descrição >100\",\nIF(AND(Import.TipoArredondamento=\"TransfereGOV\",$L46=\"F\",$C46=\"S\",LEN($R46)>500),\"Descrição >500\",\nIF(AND(Import.TipoArredondamento=\"TransfereGOV\",$L46=\"F\",$C46=\"S\",LEFT(TRIM(UPPER($P46)),6)<>\"SINAPI\",ISNA(VLOOKUP(TRIM(UPPER($S46)),ListaTgov.Unidades,1,FALSE))),\"Unid. Não Disp\",\n\" \"))))))))))))))))","v":" "},{"$f":"IF(C46<=CRONO.NivelExibicao,MAX($AD$15:OFFSET(AD46,-1,0))+IF($C46<>1,1,MAX(1,COUNTIF(QCI!$A$13:$A$36,OFFSET($E46,-1,0)))),\"\")","v":""},{"$f":"IF(AND($C46=\"S\",ORÇAMENTO.CodBarra<>\"\"),IF(ORÇAMENTO.Fonte=\"\",ORÇAMENTO.CodBarra,CONCATENATE(ORÇAMENTO.Fonte,\" \",ORÇAMENTO.CodBarra)))","v":"SINAPI 104920"},{"$f":"IF(ISERROR(ORÇAMENTO.BancoRef),\"(abra o arquivo 'Referência \"&Excel_BuiltIn_Database&\".xlsm)\",IF(OR($C46<>\"S\",ORÇAMENTO.CodBarra=\"\"),\"(Sem Código)\",IF(ISERROR(MATCH($AE46,INDIRECT(ORÇAMENTO.BancoRef),0)),\"(Código não identificado nas referências)\",MATCH($AE46,INDIRECT(ORÇAMENTO.BancoRef),0))))","v":10255},{"$f":"ROUND(IF(DESONERACAO=\"sim\",REFERENCIA.Desonerado,REFERENCIA.NaoDesonerado),2)","v":10.41},0.25290000000000001,null,null,null,null,9446.18,{"$f":"ROUND(ORÇAMENTO.CustoUnitario*(1+$AH46),2)","v":13.04}]
["S",2,"S",0,{"$f":"IF($C47=1,OFFSET(E47,-1,0)+MAX(1,COUNTIF(QCI!$A$13:$A$36,OFFSET(ORÇAMENTO!E47,-1,0))),OFFSET(E47,-1,0))","v":3},1,0,0,11,0,{"$f":"IF(OR($C47=\"S\",$C47=0),0,MATCH(OFFSET($D47,0,$C47)+IF($C47<>1,1,COUNTIF(QCI!$A$13:$A$36,ORÇAMENTO!E47)),OFFSET($D47,1,$C47,ROW($C$472)-ROW($C47)),0))","v":0},"F","Serviço","Serviço","3.1.0.11.","SINAPI","104921",{"$f":"IF($C47=\"S\",REFERENCIA.Descricao,\"(digite a descrição aqui)\")","v":"ARMAÇÃO DE BLOCO, SAPATA ISOLADA, VIGA BALDRAME E SAPATA CORRIDA UTILIZANDO AÇO CA-50 DE 16 MM - MONTAGEM. AF_01/2024"},{"$f":"REFERENCIA.Unidade","v":"KG"},{"$f":"OFFSET(CÁLCULO!H$15,ROW($T47)-ROW(T$15),0)","v":655.8},9.77,"BDI 1",{"$f":"IF($C47=\"S\",ROUND(IF(TIPOORCAMENTO=\"Proposto\",ORÇAMENTO.CustoUnitario*(1+$AH47),ORÇAMENTO.PrecoUnitarioLicitado),15-13*$AF$10),0)","v":12.24},{"$f":"IF($C47=\"S\",IF(OR(Import.TipoArredondamento<>\"TransfereGOV\",ACOMPANHAMENTO=\"BM\"),VTOTAL1,SUM(OFFSET(CÁLCULO!$AI$15,ROW($X47)-ROW($X$15),1):OFFSET(CÁLCULO!$BB$15,ROW($X47)-ROW($X$15),-1))),IF($C47=0,0,ROUND(SomaAgrup,15-13*$AF$11)))","v":8027},"RA","RA",{"$f":"IF($C47=\"S\",IF($Z47=\"CP\",$X47,IF($Z47=\"RA\",(($X47)*QCI!$AA$3),0)),SomaAgrup)","v":694.60603886722447},{"$f":"IF($C47=\"S\",IF($Z47=\"OU\",ROUND($X47,2),0),SomaAgrup)","v":0},{"$f":"IF($N47=\"\",\" \",\nIF(AND($C47<>\"S\",OR($R47=\"\",$R47=\"(digite a descrição aqui)\")),\"DESCRIÇÃO\",\nIF(AND($C47=\"S\",OR($Q47<>\"\",$T47>0,$U47>0),$P47=\"\"),\"FONTE\",\nIF(AND($C47=\"S\",$P47<>\"\",OR($T47>0,$U47>0),$Q47=\"\"),\"CÓDIGO\",\nIF(AND($C47=\"S\",$P47<>\"\",$Q47<>\"\",$R47=\"(Código não identificado nas referências)\"),\"CÓDIGO N/ID\",\nIF(AND($C47=\"S\",OR($R47=\"\",$R47=\"(digite a descrição aqui)\"),OR($Q47<>\"\",$T47>0,$U47>0)),\"DESCRIÇÃO\",\nIF(AND($C47=\"S\",$P47<>\"\",$Q47<>\"\",$S47=\"\"),\"UNIDADE\",\nIF(AND($C47=\"S\",$P47<>\"\",$Q47<>\"\",$U47=0),\"SEM CUSTO\",\nIF(AND(TIPOORCAMENTO=\"Licitado\",$AL47=0,$AN47>0),\"SEM PREÇO\",\nIF(AND($C47=\"S\",$P47<>\"\",$Q47<>\"\",$U47>0,AND($V47<>\"BDI 1\",$V47<>\"BDI 2\",$V47<>\"BDI 3\")),IF(ISNUMBER($V47),\"JUSTIFICAR BDI\",\"BDI\"),\nIF(OR(AND(import.recurso=\"OGU\",TIPOORCAMENTO=\"Proposto\",LEFT($O$8,5)<>\"(N/D:\",$AG47<>\"\",ORÇAMENTO.CustoUnitario>$AG47),AND(TIPOORCAMENTO=\"LICITADO\",ORÇAMENTO.PrecoUnitarioLicitado>$AN47)),\"ACIMA REF.\",\nIF(AND($C47=\"S\",$P47<>\"\",$Q47<>\"\",$T47=0,$U47>0),\"QUANT.\",\nIF(AND(Import.TipoArredondamento=\"TransfereGOV\",$L47=\"F\",$C47=\"S\",LEN($Q47)>13),\"Código >13\",\nIF(AND(Import.TipoArredondamento=\"TransfereGOV\",$L47=\"F\",$C47<>\"S\",LEN($R47)>100),\"Descrição >100\",\nIF(AND(Import.TipoArredondamento=\"TransfereGOV\",$L47=\"F\",$C47=\"S\",LEN($R47)>500),\"Descrição >500\",\nIF(AND(Import.TipoArredondamento=\"TransfereGOV\",$L47=\"F\",$C47=\"S\",LEFT(TRIM(UPPER($P47)),6)<>\"SINAPI\",ISNA(VLOOKUP(TRIM(UPPER($S47)),ListaTgov.Unidades,1,FALSE))),\"Unid. Não Disp\",\n\" \"))))))))))))))))","v":" "},{"$f":"IF(C47<=CRONO.NivelExibicao,MAX($AD$15:OFFSET(AD47,-1,0))+IF($C47<>1,1,MAX(1,COUNTIF(QCI!$A$13:$A$36,OFFSET($E47,-1,0)))),\"\")","v":""},{"$f":"IF(AND($C47=\"S\",ORÇAMENTO.CodBarra<>\"\"),IF(ORÇAMENTO.Fonte=\"\",ORÇAMENTO.CodBarra,CONCATENATE(ORÇAMENTO.Fonte,\" \",ORÇAMENTO.CodBarra)))","v":"SINAPI 104921"},{"$f":"IF(ISERROR(ORÇAMENTO.BancoRef),\"(abra o arquivo 'Referência \"&Excel_BuiltIn_Database&\".xlsm)\",IF(OR($C47<>\"S\",ORÇAMENTO.CodBarra=\"\"),\"(Sem Código)\",IF(ISERROR(MATCH($AE47,INDIRECT(ORÇAMENTO.BancoRef),0)),\"(Código não identificado nas referências)\",MATCH($AE47,INDIRECT(ORÇAMENTO.BancoRef),0))))","v":10256},{"$f":"ROUND(IF(DESONERACAO=\"sim\",REFERENCIA.Desonerado,REFERENCIA.NaoDesonerado),2)","v":9.77},0.25290000000000001,null,null,null,null,8027,{"$f":"ROUND(ORÇAMENTO.CustoUnitario*(1+$AH47),2)","v":12.24}]
["S",2,"S",0,{"$f":"IF($C48=1,OFFSET(E48,-1,0)+MAX(1,COUNTIF(QCI!$A$13:$A$36,OFFSET(ORÇAMENTO!E48,-1,0))),OFFSET(E48,-1,0))","v":3},1,0,0,12,0,{"$f":"IF(OR($C48=\"S\",$C48=0),0,MATCH(OFFSET($D48,0,$C48)+IF($C48<>1,1,COUNTIF(QCI!$A$13:$A$36,ORÇAMENTO!E48)),OFFSET($D48,1,$C48,ROW($C$472)-ROW($C48)),0))","v":0},"F","Serviço","Serviço","3.1.0.12.","SINAPI","96557",{"$f":"IF($C48=\"S\",REFERENCIA.Descricao,\"(digite a descrição aqui)\")","v":"CONCRETAGEM DE BLOCO DE COROAMENTO OU VIGA BALDRAME, FCK 30 MPA, COM USO DE BOMBA - LANÇAMENTO, ADENSAMENTO E ACABAMENTO. AF_01/2024"},{"$f":"REFERENCIA.Unidade","v":"M3"},{"$f":"OFFSET(CÁLCULO!H$15,ROW($T48)-ROW(T$15),0)","v":56.9},754.54,"BDI 1",{"$f":"IF($C48=\"S\",ROUND(IF(TIPOORCAMENTO=\"Proposto\",ORÇAMENTO.CustoUnitario*(1+$AH48),ORÇAMENTO.PrecoUnitarioLicitado),15-13*$AF$10),0)","v":945.36},{"$f":"IF($C48=\"S\",IF(OR(Import.TipoArredondamento<>\"TransfereGOV\",ACOMPANHAMENTO=\"BM\"),VTOTAL1,SUM(OFFSET(CÁLCULO!$AI$15,ROW($X48)-ROW($X$15),1):OFFSET(CÁLCULO!$BB$15,ROW($X48)-ROW($X$15),-1))),IF($C48=0,0,ROUND(SomaAgrup,15-13*$AF$11)))","v":53790.98},"RA","RA",{"$f":"IF($C48=\"S\",IF($Z48=\"CP\",$X48,IF($Z48=\"RA\",(($X48)*QCI!$AA$3),0)),SomaAgrup)","v":4654.7327201427797},{"$f":"IF($C48=\"S\",IF($Z48=\"OU\",ROUND($X48,2),0),SomaAgrup)","v":0},{"$f":"IF($N48=\"\",\" \",\nIF(AND($C48<>\"S\",OR($R48=\"\",$R48=\"(digite a descrição aqui)\")),\"DESCRIÇÃO\",\nIF(AND($C48=\"S\",OR($Q48<>\"\",$T48>0,$U48>0),$P48=\"\"),\"FONTE\",\nIF(AND($C48=\"S\",$P48<>\"\",OR($T48>0,$U48>0),$Q48=\"\"),\"CÓDIGO\",\nIF(AND($C48=\"S\",$P48<>\"\",$Q48<>\"\",$R48=\"(Código não identificado nas referências)\"),\"CÓDIGO N/ID\",\nIF(AND($C48=\"S\",OR($R48=\"\",$R48=\"(digite a descrição aqui)\"),OR($Q48<>\"\",$T48>0,$U48>0)),\"DESCRIÇÃO\",\nIF(AND($C48=\"S\",$P48<>\"\",$Q48<>\"\",$S48=\"\"),\"UNIDADE\",\nIF(AND($C48=\"S\",$P48<>\"\",$Q48<>\"\",$U48=0),\"SEM CUSTO\",\nIF(AND(TIPOORCAMENTO=\"Licitado\",$AL48=0,$AN48>0),\"SEM PREÇO\",\nIF(AND($C48=\"S\",$P48<>\"\",$Q48<>\"\",$U48>0,AND($V48<>\"BDI 1\",$V48<>\"BDI 2\",$V48<>\"BDI 3\")),IF(ISNUMBER($V48),\"JUSTIFICAR BDI\",\"BDI\"),\nIF(OR(AND(import.recurso=\"OGU\",TIPOORCAMENTO=\"Proposto\",LEFT($O$8,5)<>\"(N/D:\",$AG48<>\"\",ORÇAMENTO.CustoUnitario>$AG48),AND(TIPOORCAMENTO=\"LICITADO\",ORÇAMENTO.PrecoUnitarioLicitado>$AN48)),\"ACIMA REF.\",\nIF(AND($C48=\"S\",$P48<>\"\",$Q48<>\"\",$T48=0,$U48>0),\"QUANT.\",\nIF(AND(Import.TipoArredondamento=\"TransfereGOV\",$L48=\"F\",$C48=\"S\",LEN($Q48)>13),\"Código >13\",\nIF(AND(Import.TipoArredondamento=\"TransfereGOV\",$L48=\"F\",$C48<>\"S\",LEN($R48)>100),\"Descrição >100\",\nIF(AND(Import.TipoArredondamento=\"TransfereGOV\",$L48=\"F\",$C48=\"S\",LEN($R48)>500),\"Descrição >500\",\nIF(AND(Import.TipoArredondamento=\"TransfereGOV\",$L48=\"F\",$C48=\"S\",LEFT(TRIM(UPPER($P48)),6)<>\"SINAPI\",ISNA(VLOOKUP(TRIM(UPPER($S48)),ListaTgov.Unidades,1,FALSE))),\"Unid. Não Disp\",\n\" \"))))))))))))))))","v":" "},{"$f":"IF(C48<=CRONO.NivelExibicao,MAX($AD$15:OFFSET(AD48,-1,0))+IF($C48<>1,1,MAX(1,COUNTIF(QCI!$A$13:$A$36,OFFSET($E48,-1,0)))),\"\")","v":""},{"$f":"IF(AND($C48=\"S\",ORÇAMENTO.CodBarra<>\"\"),IF(ORÇAMENTO.Fonte=\"\",ORÇAMENTO.CodBarra,CONCATENATE(ORÇAMENTO.Fonte,\" \",ORÇAMENTO.CodBarra)))","v":"SINAPI 96557"},{"$f":"IF(ISERROR(ORÇAMENTO.BancoRef),\"(abra o arquivo 'Referência \"&Excel_BuiltIn_Database&\".xlsm)\",IF(OR($C48<>\"S\",ORÇAMENTO.CodBarra=\"\"),\"(Sem Código)\",IF(ISERROR(MATCH($AE48,INDIRECT(ORÇAMENTO.BancoRef),0)),\"(Código não identificado nas referências)\",MATCH($AE48,INDIRECT(ORÇAMENTO.BancoRef),0))))","v":10261},{"$f":"ROUND(IF(DESONERACAO=\"sim\",REFERENCIA.Desonerado,REFERENCIA.NaoDesonerado),2)","v":754.54},0.25290000000000001,null,null,null,null,53790.98,{"$f":"ROUND(ORÇAMENTO.CustoUnitario*(1+$AH48),2)","v":945.36}]
["S",2,"S",0,{"$f":"IF($C49=1,OFFSET(E49,-1,0)+MAX(1,COUNTIF(QCI!$A$13:$A$36,OFFSET(ORÇAMENTO!E49,-1,0))),OFFSET(E49,-1,0))","v":3},1,0,0,13,0,{"$f":"IF(OR($C49=\"S\",$C49=0),0,MATCH(OFFSET($D49,0,$C49)+IF($C49<>1,1,COUNTIF(QCI!$A$13:$A$36,ORÇAMENTO!E49)),OFFSET($D49,1,$C49,ROW($C$472)-ROW($C49)),0))","v":0},"F","Serviço","Serviço","3.1.0.13.","SINAPI","100574",{"$f":"IF($C49=\"S\",REFERENCIA.Descricao,\"(digite a descrição aqui)\")","v":"ESPALHAMENTO DE MATERIAL COM TRATOR DE ESTEIRAS. AF_09/2024"},{"$f":"REFERENCIA.Unidade","v":"M3"},{"$f":"OFFSET(CÁLCULO!H$15,ROW($T49)-ROW(T$15),0)","v":167.24},1.45,"BDI 1",{"$f":"IF($C49=\"S\",ROUND(IF(TIPOORCAMENTO=\"Proposto\",ORÇAMENTO.CustoUnitario*(1+$AH49),ORÇAMENTO.PrecoUnitarioLicitado),15-13*$AF$10),0)","v":1.82},{"$f":"IF($C49=\"S\",IF(OR(Import.TipoArredondamento<>\"TransfereGOV\",ACOMPANHAMENTO=\"BM\"),VTOTAL1,SUM(OFFSET(CÁLCULO!$AI$15,ROW($X49)-ROW($X$15),1):OFFSET(CÁLCULO!$BB$15,ROW($X49)-ROW($X$15),-1))),IF($C49=0,0,ROUND(SomaAgrup,15-13*$AF$11)))","v":304.36},"RA","RA",{"$f":"IF($C49=\"S\",IF($Z49=\"CP\",$X49,IF($Z49=\"RA\",(($X49)*QCI!$AA$3),0)),SomaAgrup)","v":26.337398030351121},{"$f":"IF($C49=\"S\",IF($Z49=\"OU\",ROUND($X49,2),0),SomaAgrup)","v":0},{"$f":"IF($N49=\"\",\" \",\nIF(AND($C49<>\"S\",OR($R49=\"\",$R49=\"(digite a descrição aqui)\")),\"DESCRIÇÃO\",\nIF(AND($C49=\"S\",OR($Q49<>\"\",$T49>0,$U49>0),$P49=\"\"),\"FONTE\",\nIF(AND($C49=\"S\",$P49<>\"\",OR($T49>0,$U49>0),$Q49=\"\"),\"CÓDIGO\",\nIF(AND($C49=\"S\",$P49<>\"\",$Q49<>\"\",$R49=\"(Código não identificado nas referências)\"),\"CÓDIGO N/ID\",\nIF(AND($C49=\"S\",OR($R49=\"\",$R49=\"(digite a descrição aqui)\"),OR($Q49<>\"\",$T49>0,$U49>0)),\"DESCRIÇÃO\",\nIF(AND($C49=\"S\",$P49<>\"\",$Q49<>\"\",$S49=\"\"),\"UNIDADE\",\nIF(AND($C49=\"S\",$P49<>\"\",$Q49<>\"\",$U49=0),\"SEM CUSTO\",\nIF(AND(TIPOORCAMENTO=\"Licitado\",$AL49=0,$AN49>0),\"SEM PREÇO\",\nIF(AND($C49=\"S\",$P49<>\"\",$Q49<>\"\",$U49>0,AND($V49<>\"BDI 1\",$V49<>\"BDI 2\",$V49<>\"BDI 3\")),IF(ISNUMBER($V49),\"JUSTIFICAR BDI\",\"BDI\"),\nIF(OR(AND(import.recurso=\"OGU\",TIPOORCAMENTO=\"Proposto\",LEFT($O$8,5)<>\"(N/D:\",$AG49<>\"\",ORÇAMENTO.CustoUnitario>$AG49),AND(TIPOORCAMENTO=\"LICITADO\",ORÇAMENTO.PrecoUnitarioLicitado>$AN49)),\"ACIMA REF.\",\nIF(AND($C49=\"S\",$P49<>\"\",$Q49<>\"\",$T49=0,$U49>0),\"QUANT.\",\nIF(AND(Import.TipoArredondamento=\"TransfereGOV\",$L49=\"F\",$C49=\"S\",LEN($Q49)>13),\"Código >13\",\nIF(AND(Import.TipoArredondamento=\"TransfereGOV\",$L49=\"F\",$C49<>\"S\",LEN($R49)>100),\"Descrição >100\",\nIF(AND(Import.TipoArredondamento=\"TransfereGOV\",$L49=\"F\",$C49=\"S\",LEN($R49)>500),\"Descrição >500\",\nIF(AND(Import.TipoArredondamento=\"TransfereGOV\",$L49=\"F\",$C49=\"S\",LEFT(TRIM(UPPER($P49)),6)<>\"SINAPI\",ISNA(VLOOKUP(TRIM(UPPER($S49)),ListaTgov.Unidades,1,FALSE))),\"Unid. Não Disp\",\n\" \"))))))))))))))))","v":" "},{"$f":"IF(C49<=CRONO.NivelExibicao,MAX($AD$15:OFFSET(AD49,-1,0))+IF($C49<>1,1,MAX(1,COUNTIF(QCI!$A$13:$A$36,OFFSET($E49,-1,0)))),\"\")","v":""},{"$f":"IF(AND($C49=\"S\",ORÇAMENTO.CodBarra<>\"\"),IF(ORÇAMENTO.Fonte=\"\",ORÇAMENTO.CodBarra,CONCATENATE(ORÇAMENTO.Fonte,\" \",ORÇAMENTO.CodBarra)))","v":"SINAPI 100574"},{"$f":"IF(ISERROR(ORÇAMENTO.BancoRef),\"(abra o arquivo 'Referência \"&Excel_BuiltIn_Database&\".xlsm)\",IF(OR($C49<>\"S\",ORÇAMENTO.CodBarra=\"\"),\"(Sem Código)\",IF(ISERROR(MATCH($AE49,INDIRECT(ORÇAMENTO.BancoRef),0)),\"(Código não identificado nas referências)\",MATCH($AE49,INDIRECT(ORÇAMENTO.BancoRef),0))))","v":7140},{"$f":"ROUND(IF(DESONERACAO=\"sim\",REFERENCIA.Desonerado,REFERENCIA.NaoDesonerado),2)","v":1.45},0.25290000000000001,null,null,null,null,304.36,{"$f":"ROUND(ORÇAMENTO.CustoUnitario*(1+$AH49),2)","v":1.82}]
["S",2,"S",0,{"$f":"IF($C50=1,OFFSET(E50,-1,0)+MAX(1,COUNTIF(QCI!$A$13:$A$36,OFFSET(ORÇAMENTO!E50,-1,0))),OFFSET(E50,-1,0))","v":3},1,0,0,14,0,{"$f":"IF(OR($C50=\"S\",$C50=0),0,MATCH(OFFSET($D50,0,$C50)+IF($C50<>1,1,COUNTIF(QCI!$A$13:$A$36,ORÇAMENTO!E50)),OFFSET($D50,1,$C50,ROW($C$472)-ROW($C50)),0))","v":0},"F","Serviço","Serviço","3.1.0.14.","SINAPI","93382",{"$f":"IF($C50=\"S\",REFERENCIA.Descricao,\"(digite a descrição aqui)\")","v":"REATERRO MANUAL DE VALAS, COM COMPACTADOR DE SOLOS DE PERCUSSÃO. AF_08/2023"},{"$f":"REFERENCIA.Unidade","v":"M3"},{"$f":"OFFSET(CÁLCULO!H$15,ROW($T50)-ROW(T$15),0)","v":221.85},26.52,"BDI 1",{"$f":"IF($C50=\"S\",ROUND(IF(TIPOORCAMENTO=\"Proposto\",ORÇAMENTO.CustoUnitario*(1+$AH50),ORÇAMENTO.PrecoUnitarioLicitado),15-13*$AF$10),0)","v":33.229999999999997},{"$f":"IF($C50=\"S\",IF(OR(Import.TipoArredondamento<>\"TransfereGOV\",ACOMPANHAMENTO=\"BM\"),VTOTAL1,SUM(OFFSET(CÁLCULO!$AI$15,ROW($X50)-ROW($X$15),1):OFFSET(CÁLCULO!$BB$15,ROW($X50)-ROW($X$15),-1))),IF($C50=0,0,ROUND(SomaAgrup,15-13*$AF$11)))","v":7372.09},"RA","RA",{"$f":"IF($C50=\"S\",IF($Z50=\"CP\",$X50,IF($Z50=\"RA\",(($X50)*QCI!$AA$3),0)),SomaAgrup)","v":637.93425103683535},{"$f":"IF($C50=\"S\",IF($Z50=\"OU\",ROUND($X50,2),0),SomaAgrup)","v":0},{"$f":"IF($N50=\"\",\" \",\nIF(AND($C50<>\"S\",OR($R50=\"\",$R50=\"(digite a descrição aqui)\")),\"DESCRIÇÃO\",\nIF(AND($C50=\"S\",OR($Q50<>\"\",$T50>0,$U50>0),$P50=\"\"),\"FONTE\",\nIF(AND($C50=\"S\",$P50<>\"\",OR($T50>0,$U50>0),$Q50=\"\"),\"CÓDIGO\",\nIF(AND($C50=\"S\",$P50<>\"\",$Q50<>\"\",$R50=\"(Código não identificado nas referências)\"),\"CÓDIGO N/ID\",\nIF(AND($C50=\"S\",OR($R50=\"\",$R50=\"(digite a descrição aqui)\"),OR($Q50<>\"\",$T50>0,$U50>0)),\"DESCRIÇÃO\",\nIF(AND($C50=\"S\",$P50<>\"\",$Q50<>\"\",$S50=\"\"),\"UNIDADE\",\nIF(AND($C50=\"S\",$P50<>\"\",$Q50<>\"\",$U50=0),\"SEM CUSTO\",\nIF(AND(TIPOORCAMENTO=\"Licitado\",$AL50=0,$AN50>0),\"SEM PREÇO\",\nIF(AND($C50=\"S\",$P50<>\"\",$Q50<>\"\",$U50>0,AND($V50<>\"BDI 1\",$V50<>\"BDI 2\",$V50<>\"BDI 3\")),IF(ISNUMBER($V50),\"JUSTIFICAR BDI\",\"BDI\"),\nIF(OR(AND(import.recurso=\"OGU\",TIPOORCAMENTO=\"Proposto\",LEFT($O$8,5)<>\"(N/D:\",$AG50<>\"\",ORÇAMENTO.CustoUnitario>$AG50),AND(TIPOORCAMENTO=\"LICITADO\",ORÇAMENTO.PrecoUnitarioLicitado>$AN50)),\"ACIMA REF.\",\nIF(AND($C50=\"S\",$P50<>\"\",$Q50<>\"\",$T50=0,$U50>0),\"QUANT.\",\nIF(AND(Import.TipoArredondamento=\"TransfereGOV\",$L50=\"F\",$C50=\"S\",LEN($Q50)>13),\"Código >13\",\nIF(AND(Import.TipoArredondamento=\"TransfereGOV\",$L50=\"F\",$C50<>\"S\",LEN($R50)>100),\"Descrição >100\",\nIF(AND(Import.TipoArredondamento=\"TransfereGOV\",$L50=\"F\",$C50=\"S\",LEN($R50)>500),\"Descrição >500\",\nIF(AND(Import.TipoArredondamento=\"TransfereGOV\",$L50=\"F\",$C50=\"S\",LEFT(TRIM(UPPER($P50)),6)<>\"SINAPI\",ISNA(VLOOKUP(TRIM(UPPER($S50)),ListaTgov.Unidades,1,FALSE))),\"Unid. Não Disp\",\n\" \"))))))))))))))))","v":" "},{"$f":"IF(C50<=CRONO.NivelExibicao,MAX($AD$15:OFFSET(AD50,-1,0))+IF($C50<>1,1,MAX(1,COUNTIF(QCI!$A$13:$A$36,OFFSET($E50,-1,0)))),\"\")","v":""},{"$f":"IF(AND($C50=\"S\",ORÇAMENTO.CodBarra<>\"\"),IF(ORÇAMENTO.Fonte=\"\",ORÇAMENTO.CodBarra,CONCATENATE(ORÇAMENTO.Fonte,\" \",ORÇAMENTO.CodBarra)))","v":"SINAPI 93382"},{"$f":"IF(ISERROR(ORÇAMENTO.BancoRef),\"(abra o arquivo 'Referência \"&Excel_BuiltIn_Database&\".xlsm)\",IF(OR($C50<>\"S\",ORÇAMENTO.CodBarra=\"\"),\"(Sem Código)\",IF(ISERROR(MATCH($AE50,INDIRECT(ORÇAMENTO.BancoRef),0)),\"(Código não identificado nas referências)\",MATCH($AE50,INDIRECT(ORÇAMENTO.BancoRef),0))))","v":7012},{"$f":"ROUND(IF(DESONERACAO=\"sim\",REFERENCIA.Desonerado,REFERENCIA.NaoDesonerado),2)","v":26.52},0.25290000000000001,null,null,null,null,7372.09,{"$f":"ROUND(ORÇAMENTO.CustoUnitario*(1+$AH50),2)","v":33.229999999999997}]
["S",2,"S",0,{"$f":"IF($C51=1,OFFSET(E51,-1,0)+MAX(1,COUNTIF(QCI!$A$13:$A$36,OFFSET(ORÇAMENTO!E51,-1,0))),OFFSET(E51,-1,0))","v":3},1,0,0,15,0,{"$f":"IF(OR($C51=\"S\",$C51=0),0,MATCH(OFFSET($D51,0,$C51)+IF($C51<>1,1,COUNTIF(QCI!$A$13:$A$36,ORÇAMENTO!E51)),OFFSET($D51,1,$C51,ROW($C$472)-ROW($C51)),0))","v":0},"F","Serviço","Serviço","3.1.0.15.","SINAPI","98557",{"$f":"IF($C51=\"S\",REFERENCIA.Descricao,\"(digite a descrição aqui)\")","v":"IMPERMEABILIZAÇÃO DE SUPERFÍCIE COM EMULSÃO ASFÁLTICA, 2 DEMÃOS. AF_09/2023"},{"$f":"REFERENCIA.Unidade","v":"M2"},{"$f":"OFFSET(CÁLCULO!H$15,ROW($T51)-ROW(T$15),0)","v":388.18},39.630000000000003,"BDI 1",{"$f":"IF($C51=\"S\",ROUND(IF(TIPOORCAMENTO=\"Proposto\",ORÇAMENTO.CustoUnitario*(1+$AH51),ORÇAMENTO.PrecoUnitarioLicitado),15-13*$AF$10),0)","v":49.65},{"$f":"IF($C51=\"S\",IF(OR(Import.TipoArredondamento<>\"TransfereGOV\",ACOMPANHAMENTO=\"BM\"),VTOTAL1,SUM(OFFSET(CÁLCULO!$AI$15,ROW($X51)-ROW($X$15),1):OFFSET(CÁLCULO!$BB$15,ROW($X51)-ROW($X$15),-1))),IF($C51=0,0,ROUND(SomaAgrup,15-13*$AF$11)))","v":19273.14},"RA","RA",{"$f":"IF($C51=\"S\",IF($Z51=\"CP\",$X51,IF($Z51=\"RA\",(($X51)*QCI!$AA$3),0)),SomaAgrup)","v":1667.7761843694354},{"$f":"IF($C51=\"S\",IF($Z51=\"OU\",ROUND($X51,2),0),SomaAgrup)","v":0},{"$f":"IF($N51=\"\",\" \",\nIF(AND($C51<>\"S\",OR($R51=\"\",$R51=\"(digite a descrição aqui)\")),\"DESCRIÇÃO\",\nIF(AND($C51=\"S\",OR($Q51<>\"\",$T51>0,$U51>0),$P51=\"\"),\"FONTE\",\nIF(AND($C51=\"S\",$P51<>\"\",OR($T51>0,$U51>0),$Q51=\"\"),\"CÓDIGO\",\nIF(AND($C51=\"S\",$P51<>\"\",$Q51<>\"\",$R51=\"(Código não identificado nas referências)\"),\"CÓDIGO N/ID\",\nIF(AND($C51=\"S\",OR($R51=\"\",$R51=\"(digite a descrição aqui)\"),OR($Q51<>\"\",$T51>0,$U51>0)),\"DESCRIÇÃO\",\nIF(AND($C51=\"S\",$P51<>\"\",$Q51<>\"\",$S51=\"\"),\"UNIDADE\",\nIF(AND($C51=\"S\",$P51<>\"\",$Q51<>\"\",$U51=0),\"SEM CUSTO\",\nIF(AND(TIPOORCAMENTO=\"Licitado\",$AL51=0,$AN51>0),\"SEM PREÇO\",\nIF(AND($C51=\"S\",$P51<>\"\",$Q51<>\"\",$U51>0,AND($V51<>\"BDI 1\",$V51<>\"BDI 2\",$V51<>\"BDI 3\")),IF(ISNUMBER($V51),\"JUSTIFICAR BDI\",\"BDI\"),\nIF(OR(AND(import.recurso=\"OGU\",TIPOORCAMENTO=\"Proposto\",LEFT($O$8,5)<>\"(N/D:\",$AG51<>\"\",ORÇAMENTO.CustoUnitario>$AG51),AND(TIPOORCAMENTO=\"LICITADO\",ORÇAMENTO.PrecoUnitarioLicitado>$AN51)),\"ACIMA REF.\",\nIF(AND($C51=\"S\",$P51<>\"\",$Q51<>\"\",$T51=0,$U51>0),\"QUANT.\",\nIF(AND(Import.TipoArredondamento=\"TransfereGOV\",$L51=\"F\",$C51=\"S\",LEN($Q51)>13),\"Código >13\",\nIF(AND(Import.TipoArredondamento=\"TransfereGOV\",$L51=\"F\",$C51<>\"S\",LEN($R51)>100),\"Descrição >100\",\nIF(AND(Import.TipoArredondamento=\"TransfereGOV\",$L51=\"F\",$C51=\"S\",LEN($R51)>500),\"Descrição >500\",\nIF(AND(Import.TipoArredondamento=\"TransfereGOV\",$L51=\"F\",$C51=\"S\",LEFT(TRIM(UPPER($P51)),6)<>\"SINAPI\",ISNA(VLOOKUP(TRIM(UPPER($S51)),ListaTgov.Unidades,1,FALSE))),\"Unid. Não Disp\",\n\" \"))))))))))))))))","v":" "},{"$f":"IF(C51<=CRONO.NivelExibicao,MAX($AD$15:OFFSET(AD51,-1,0))+IF($C51<>1,1,MAX(1,COUNTIF(QCI!$A$13:$A$36,OFFSET($E51,-1,0)))),\"\")","v":""},{"$f":"IF(AND($C51=\"S\",ORÇAMENTO.CodBarra<>\"\"),IF(ORÇAMENTO.Fonte=\"\",ORÇAMENTO.CodBarra,CONCATENATE(ORÇAMENTO.Fonte,\" \",ORÇAMENTO.CodBarra)))","v":"SINAPI 98557"},{"$f":"IF(ISERROR(ORÇAMENTO.BancoRef),\"(abra o arquivo 'Referência \"&Excel_BuiltIn_Database&\".xlsm)\",IF(OR($C51<>\"S\",ORÇAMENTO.CodBarra=\"\"),\"(Sem Código)\",IF(ISERROR(MATCH($AE51,INDIRECT(ORÇAMENTO.BancoRef),0)),\"(Código não identificado nas referências)\",MATCH($AE51,INDIRECT(ORÇAMENTO.BancoRef),0))))","v":10606},{"$f":"ROUND(IF(DESONERACAO=\"sim\",REFERENCIA.Desonerado,REFERENCIA.NaoDesonerado),2)","v":39.630000000000003},0.25290000000000001,null,null,null,null,19273.14,{"$f":"ROUND(ORÇAMENTO.CustoUnitario*(1+$AH51),2)","v":49.65}]
["S",2,"S",0,{"$f":"IF($C52=1,OFFSET(E52,-1,0)+MAX(1,COUNTIF(QCI!$A$13:$A$36,OFFSET(ORÇAMENTO!E52,-1,0))),OFFSET(E52,-1,0))","v":3},1,0,0,16,0,{"$f":"IF(OR($C52=\"S\",$C52=0),0,MATCH(OFFSET($D52,0,$C52)+IF($C52<>1,1,COUNTIF(QCI!$A$13:$A$36,ORÇAMENTO!E52)),OFFSET($D52,1,$C52,ROW($C$472)-ROW($C52)),0))","v":0},"F","Serviço","Serviço","3.1.0.16.","Composição","COMP07",{"$f":"IF($C52=\"S\",REFERENCIA.Descricao,\"(digite a descrição aqui)\")","v":"CONTROLE TECNOLÓGICO DE CONCRETOS"},{"$f":"REFERENCIA.Unidade","v":"M3"},{"$f":"OFFSET(CÁLCULO!H$15,ROW($T52)-ROW(T$15),0)","v":56.9},103.7,"BDI 1",{"$f":"IF($C52=\"S\",ROUND(IF(TIPOORCAMENTO=\"Proposto\",ORÇAMENTO.CustoUnitario*(1+$AH52),ORÇAMENTO.PrecoUnitarioLicitado),15-13*$AF$10),0)","v":129.93},{"$f":"IF($C52=\"S\",IF(OR(Import.TipoArredondamento<>\"TransfereGOV\",ACOMPANHAMENTO=\"BM\"),VTOTAL1,SUM(OFFSET(CÁLCULO!$AI$15,ROW($X52)-ROW($X$15),1):OFFSET(CÁLCULO!$BB$15,ROW($X52)-ROW($X$15),-1))),IF($C52=0,0,ROUND(SomaAgrup,15-13*$AF$11)))","v":7393.02},"RA","RA",{"$f":"IF($C52=\"S\",IF($Z52=\"CP\",$X52,IF($Z52=\"RA\",(($X52)*QCI!$AA$3),0)),SomaAgrup)","v":639.74540145336596},{"$f":"IF($C52=\"S\",IF($Z52=\"OU\",ROUND($X52,2),0),SomaAgrup)","v":0},{"$f":"IF($N52=\"\",\" \",\nIF(AND($C52<>\"S\",OR($R52=\"\",$R52=\"(digite a descrição aqui)\")),\"DESCRIÇÃO\",\nIF(AND($C52=\"S\",OR($Q52<>\"\",$T52>0,$U52>0),$P52=\"\"),\"FONTE\",\nIF(AND($C52=\"S\",$P52<>\"\",OR($T52>0,$U52>0),$Q52=\"\"),\"CÓDIGO\",\nIF(AND($C52=\"S\",$P52<>\"\",$Q52<>\"\",$R52=\"(Código não identificado nas referências)\"),\"CÓDIGO N/ID\",\nIF(AND($C52=\"S\",OR($R52=\"\",$R52=\"(digite a descrição aqui)\"),OR($Q52<>\"\",$T52>0,$U52>0)),\"DESCRIÇÃO\",\nIF(AND($C52=\"S\",$P52<>\"\",$Q52<>\"\",$S52=\"\"),\"UNIDADE\",\nIF(AND($C52=\"S\",$P52<>\"\",$Q52<>\"\",$U52=0),\"SEM CUSTO\",\nIF(AND(TIPOORCAMENTO=\"Licitado\",$AL52=0,$AN52>0),\"SEM PREÇO\",\nIF(AND($C52=\"S\",$P52<>\"\",$Q52<>\"\",$U52>0,AND($V52<>\"BDI 1\",$V52<>\"BDI 2\",$V52<>\"BDI 3\")),IF(ISNUMBER($V52),\"JUSTIFICAR BDI\",\"BDI\"),\nIF(OR(AND(import.recurso=\"OGU\",TIPOORCAMENTO=\"Proposto\",LEFT($O$8,5)<>\"(N/D:\",$AG52<>\"\",ORÇAMENTO.CustoUnitario>$AG52),AND(TIPOORCAMENTO=\"LICITADO\",ORÇAMENTO.PrecoUnitarioLicitado>$AN52)),\"ACIMA REF.\",\nIF(AND($C52=\"S\",$P52<>\"\",$Q52<>\"\",$T52=0,$U52>0),\"QUANT.\",\nIF(AND(Import.TipoArredondamento=\"TransfereGOV\",$L52=\"F\",$C52=\"S\",LEN($Q52)>13),\"Código >13\",\nIF(AND(Import.TipoArredondamento=\"TransfereGOV\",$L52=\"F\",$C52<>\"S\",LEN($R52)>100),\"Descrição >100\",\nIF(AND(Import.TipoArredondamento=\"TransfereGOV\",$L52=\"F\",$C52=\"S\",LEN($R52)>500),\"Descrição >500\",\nIF(AND(Import.TipoArredondamento=\"TransfereGOV\",$L52=\"F\",$C52=\"S\",LEFT(TRIM(UPPER($P52)),6)<>\"SINAPI\",ISNA(VLOOKUP(TRIM(UPPER($S52)),ListaTgov.Unidades,1,FALSE))),\"Unid. Não Disp\",\n\" \"))))))))))))))))","v":" "},{"$f":"IF(C52<=CRONO.NivelExibicao,MAX($AD$15:OFFSET(AD52,-1,0))+IF($C52<>1,1,MAX(1,COUNTIF(QCI!$A$13:$A$36,OFFSET($E52,-1,0)))),\"\")","v":""},{"$f":"IF(AND($C52=\"S\",ORÇAMENTO.CodBarra<>\"\"),IF(ORÇAMENTO.Fonte=\"\",ORÇAMENTO.CodBarra,CONCATENATE(ORÇAMENTO.Fonte,\" \",ORÇAMENTO.CodBarra)))","v":"Composição COMP07"},{"$f":"IF(ISERROR(ORÇAMENTO.BancoRef),\"(abra o arquivo 'Referência \"&Excel_BuiltIn_Database&\".xlsm)\",IF(OR($C52<>\"S\",ORÇAMENTO.CodBarra=\"\"),\"(Sem Código)\",IF(ISERROR(MATCH($AE52,INDIRECT(ORÇAMENTO.BancoRef),0)),\"(Código não identificado nas referências)\",MATCH($AE52,INDIRECT(ORÇAMENTO.BancoRef),0))))","v":9},{"$f":"ROUND(IF(DESONERACAO=\"sim\",REFERENCIA.Desonerado,REFERENCIA.NaoDesonerado),2)","v":103.7},0.25290000000000001,null,null,null,null,7393.02,{"$f":"ROUND(ORÇAMENTO.CustoUnitario*(1+$AH52),2)","v":129.93}]
[1,1,1,32,{"$f":"IF($C53=1,OFFSET(E53,-1,0)+MAX(1,COUNTIF(QCI!$A$13:$A$36,OFFSET(ORÇAMENTO!E53,-1,0))),OFFSET(E53,-1,0))","v":4},0,0,0,0,419,{"$f":"IF(OR($C53=\"S\",$C53=0),0,MATCH(OFFSET($D53,0,$C53)+IF($C53<>1,1,COUNTIF(QCI!$A$13:$A$36,ORÇAMENTO!E53)),OFFSET($D53,1,$C53,ROW($C$472)-ROW($C53)),0))","v":32},"F","Meta","Meta","4.","SINAPI",null,{"$f":"IF($C53=\"S\",REFERENCIA.Descricao,\"ESTRUTURA\")","v":"ESTRUTURA"},{"$f":"REFERENCIA.Unidade","v":"-"},{"$f":"OFFSET(CÁLCULO!H$15,ROW($T53)-ROW(T$15),0)","v":0},null,"BDI 1",{"$f":"IF($C53=\"S\",ROUND(IF(TIPOORCAMENTO=\"Proposto\",ORÇAMENTO.CustoUnitario*(1+$AH53),ORÇAMENTO.PrecoUnitarioLicitado),15-13*$AF$10),0)","v":0},{"$f":"IF($C53=\"S\",IF(OR(Import.TipoArredondamento<>\"TransfereGOV\",ACOMPANHAMENTO=\"BM\"),VTOTAL1,SUM(OFFSET(CÁLCULO!$AI$15,ROW($X53)-ROW($X$15),1):OFFSET(CÁLCULO!$BB$15,ROW($X53)-ROW($X$15),-1))),IF($C53=0,0,ROUND(SomaAgrup,15-13*$AF$11)))","v":380482.63},"RA","",{"$f":"IF($C53=\"S\",IF($Z53=\"CP\",$X53,IF($Z53=\"RA\",(($X53)*QCI!$AA$3),0)),SomaAgrup)","v":32924.571132687648},{"$f":"IF($C53=\"S\",IF($Z53=\"OU\",ROUND($X53,2),0),SomaAgrup)","v":0},{"$f":"IF($N53=\"\",\" \",\nIF(AND($C53<>\"S\",OR($R53=\"\",$R53=\"(digite a descrição aqui)\")),\"DESCRIÇÃO\",\nIF(AND($C53=\"S\",OR($Q53<>\"\",$T53>0,$U53>0),$P53=\"\"),\"FONTE\",\nIF(AND($C53=\"S\",$P53<>\"\",OR($T53>0,$U53>0),$Q53=\"\"),\"CÓDIGO\",\nIF(AND($C53=\"S\",$P53<>\"\",$Q53<>\"\",$R53=\"(Código não identificado nas referências)\"),\"CÓDIGO N/ID\",\nIF(AND($C53=\"S\",OR($R53=\"\",$R53=\"(digite a descrição aqui)\"),OR($Q53<>\"\",$T53>0,$U53>0)),\"DESCRIÇÃO\",\nIF(AND($C53=\"S\",$P53<>\"\",$Q53<>\"\",$S53=\"\"),\"UNIDADE\",\nIF(AND($C53=\"S\",$P53<>\"\",$Q53<>\"\",$U53=0),\"SEM CUSTO\",\nIF(AND(TIPOORCAMENTO=\"Licitado\",$AL53=0,$AN53>0),\"SEM PREÇO\",\nIF(AND($C53=\"S\",$P53<>\"\",$Q53<>\"\",$U53>0,AND($V53<>\"BDI 1\",$V53<>\"BDI 2\",$V53<>\"BDI 3\")),IF(ISNUMBER($V53),\"JUSTIFICAR BDI\",\"BDI\"),\nIF(OR(AND(import.recurso=\"OGU\",TIPOORCAMENTO=\"Proposto\",LEFT($O$8,5)<>\"(N/D:\",$AG53<>\"\",ORÇAMENTO.CustoUnitario>$AG53),AND(TIPOORCAMENTO=\"LICITADO\",ORÇAMENTO.PrecoUnitarioLicitado>$AN53)),\"ACIMA REF.\",\nIF(AND($C53=\"S\",$P53<>\"\",$Q53<>\"\",$T53=0,$U53>0),\"QUANT.\",\nIF(AND(Import.TipoArredondamento=\"TransfereGOV\",$L53=\"F\",$C53=\"S\",LEN($Q53)>13),\"Código >13\",\nIF(AND(Import.TipoArredondamento=\"TransfereGOV\",$L53=\"F\",$C53<>\"S\",LEN($R53)>100),\"Descrição >100\",\nIF(AND(Import.TipoArredondamento=\"TransfereGOV\",$L53=\"F\",$C53=\"S\",LEN($R53)>500),\"Descrição >500\",\nIF(AND(Import.TipoArredondamento=\"TransfereGOV\",$L53=\"F\",$C53=\"S\",LEFT(TRIM(UPPER($P53)),6)<>\"SINAPI\",ISNA(VLOOKUP(TRIM(UPPER($S53)),ListaTgov.Unidades,1,FALSE))),\"Unid. Não Disp\",\n\" \"))))))))))))))))","v":" "},{"$f":"IF(C53<=CRONO.NivelExibicao,MAX($AD$15:OFFSET(AD53,-1,0))+IF($C53<>1,1,MAX(1,COUNTIF(QCI!$A$13:$A$36,OFFSET($E53,-1,0)))),\"\")","v":9},{"$f":"IF(AND($C53=\"S\",ORÇAMENTO.CodBarra<>\"\"),IF(ORÇAMENTO.Fonte=\"\",ORÇAMENTO.CodBarra,CONCATENATE(ORÇAMENTO.Fonte,\" \",ORÇAMENTO.CodBarra)))","v":false},{"$f":"IF(ISERROR(ORÇAMENTO.BancoRef),\"(abra o arquivo 'Referência \"&Excel_BuiltIn_Database&\".xlsm)\",IF(OR($C53<>\"S\",ORÇAMENTO.CodBarra=\"\"),\"(Sem Código)\",IF(ISERROR(MATCH($AE53,INDIRECT(ORÇAMENTO.BancoRef),0)),\"(Código não identificado nas referências)\",MATCH($AE53,INDIRECT(ORÇAMENTO.BancoRef),0))))","v":"(Sem Código)"},{"$f":"ROUND(IF(DESONERACAO=\"sim\",REFERENCIA.Desonerado,REFERENCIA.NaoDesonerado),2)","v":0},0.25290000000000001,null,null,null,null,380482.63,{"$f":"ROUND(ORÇAMENTO.CustoUnitario*(1+$AH53),2)","v":0}]
[2,2,2,8,{"$f":"IF($C54=1,OFFSET(E54,-1,0)+MAX(1,COUNTIF(QCI!$A$13:$A$36,OFFSET(ORÇAMENTO!E54,-1,0))),OFFSET(E54,-1,0))","v":4},1,0,0,0,31,{"$f":"IF(OR($C54=\"S\",$C54=0),0,MATCH(OFFSET($D54,0,$C54)+IF($C54<>1,1,COUNTIF(QCI!$A$13:$A$36,ORÇAMENTO!E54)),OFFSET($D54,1,$C54,ROW($C$472)-ROW($C54)),0))","v":8},"F","Nível 2","Nível 2","4.1.","SINAPI",null,{"$f":"IF($C54=\"S\",REFERENCIA.Descricao,\"PILARES\")","v":"PILARES"},{"$f":"REFERENCIA.Unidade","v":"-"},{"$f":"OFFSET(CÁLCULO!H$15,ROW($T54)-ROW(T$15),0)","v":0},null,"BDI 1",{"$f":"IF($C54=\"S\",ROUND(IF(TIPOORCAMENTO=\"Proposto\",ORÇAMENTO.CustoUnitario*(1+$AH54),ORÇAMENTO.PrecoUnitarioLicitado),15-13*$AF$10),0)","v":0},{"$f":"IF($C54=\"S\",IF(OR(Import.TipoArredondamento<>\"TransfereGOV\",ACOMPANHAMENTO=\"BM\"),VTOTAL1,SUM(OFFSET(CÁLCULO!$AI$15,ROW($X54)-ROW($X$15),1):OFFSET(CÁLCULO!$BB$15,ROW($X54)-ROW($X$15),-1))),IF($C54=0,0,ROUND(SomaAgrup,15-13*$AF$11)))","v":63984.93},"RA","",{"$f":"IF($C54=\"S\",IF($Z54=\"CP\",$X54,IF($Z54=\"RA\",(($X54)*QCI!$AA$3),0)),SomaAgrup)","v":5536.8529680449283},{"$f":"IF($C54=\"S\",IF($Z54=\"OU\",ROUND($X54,2),0),SomaAgrup)","v":0},{"$f":"IF($N54=\"\",\" \",\nIF(AND($C54<>\"S\",OR($R54=\"\",$R54=\"(digite a descrição aqui)\")),\"DESCRIÇÃO\",\nIF(AND($C54=\"S\",OR($Q54<>\"\",$T54>0,$U54>0),$P54=\"\"),\"FONTE\",\nIF(AND($C54=\"S\",$P54<>\"\",OR($T54>0,$U54>0),$Q54=\"\"),\"CÓDIGO\",\nIF(AND($C54=\"S\",$P54<>\"\",$Q54<>\"\",$R54=\"(Código não identificado nas referências)\"),\"CÓDIGO N/ID\",\nIF(AND($C54=\"S\",OR($R54=\"\",$R54=\"(digite a descrição aqui)\"),OR($Q54<>\"\",$T54>0,$U54>0)),\"DESCRIÇÃO\",\nIF(AND($C54=\"S\",$P54<>\"\",$Q54<>\"\",$S54=\"\"),\"UNIDADE\",\nIF(AND($C54=\"S\",$P54<>\"\",$Q54<>\"\",$U54=0),\"SEM CUSTO\",\nIF(AND(TIPOORCAMENTO=\"Licitado\",$AL54=0,$AN54>0),\"SEM PREÇO\",\nIF(AND($C54=\"S\",$P54<>\"\",$Q54<>\"\",$U54>0,AND($V54<>\"BDI 1\",$V54<>\"BDI 2\",$V54<>\"BDI 3\")),IF(ISNUMBER($V54),\"JUSTIFICAR BDI\",\"BDI\"),\nIF(OR(AND(import.recurso=\"OGU\",TIPOORCAMENTO=\"Proposto\",LEFT($O$8,5)<>\"(N/D:\",$AG54<>\"\",ORÇAMENTO.CustoUnitario>$AG54),AND(TIPOORCAMENTO=\"LICITADO\",ORÇAMENTO.PrecoUnitarioLicitado>$AN54)),\"ACIMA REF.\",\nIF(AND($C54=\"S\",$P54<>\"\",$Q54<>\"\",$T54=0,$U54>0),\"QUANT.\",\nIF(AND(Import.TipoArredondamento=\"TransfereGOV\",$L54=\"F\",$C54=\"S\",LEN($Q54)>13),\"Código >13\",\nIF(AND(Import.TipoArredondamento=\"TransfereGOV\",$L54=\"F\",$C54<>\"S\",LEN($R54)>100),\"Descrição >100\",\nIF(AND(Import.TipoArredondamento=\"TransfereGOV\",$L54=\"F\",$C54=\"S\",LEN($R54)>500),\"Descrição >500\",\nIF(AND(Import.TipoArredondamento=\"TransfereGOV\",$L54=\"F\",$C54=\"S\",LEFT(TRIM(UPPER($P54)),6)<>\"SINAPI\",ISNA(VLOOKUP(TRIM(UPPER($S54)),ListaTgov.Unidades,1,FALSE))),\"Unid. Não Disp\",\n\" \"))))))))))))))))","v":" "},{"$f":"IF(C54<=CRONO.NivelExibicao,MAX($AD$15:OFFSET(AD54,-1,0))+IF($C54<>1,1,MAX(1,COUNTIF(QCI!$A$13:$A$36,OFFSET($E54,-1,0)))),\"\")","v":10},{"$f":"IF(AND($C54=\"S\",ORÇAMENTO.CodBarra<>\"\"),IF(ORÇAMENTO.Fonte=\"\",ORÇAMENTO.CodBarra,CONCATENATE(ORÇAMENTO.Fonte,\" \",ORÇAMENTO.CodBarra)))","v":false},{"$f":"IF(ISERROR(ORÇAMENTO.BancoRef),\"(abra o arquivo 'Referência \"&Excel_BuiltIn_Database&\".xlsm)\",IF(OR($C54<>\"S\",ORÇAMENTO.CodBarra=\"\"),\"(Sem Código)\",IF(ISERROR(MATCH($AE54,INDIRECT(ORÇAMENTO.BancoRef),0)),\"(Código não identificado nas referências)\",MATCH($AE54,INDIRECT(ORÇAMENTO.BancoRef),0))))","v":"(Sem Código)"},{"$f":"ROUND(IF(DESONERACAO=\"sim\",REFERENCIA.Desonerado,REFERENCIA.NaoDesonerado),2)","v":0},0.25290000000000001,null,null,null,null,63984.93,{"$f":"ROUND(ORÇAMENTO.CustoUnitario*(1+$AH54),2)","v":0}]
["S",2,"S",0,{"$f":"IF($C55=1,OFFSET(E55,-1,0)+MAX(1,COUNTIF(QCI!$A$13:$A$36,OFFSET(ORÇAMENTO!E55,-1,0))),OFFSET(E55,-1,0))","v":4},1,0,0,1,0,{"$f":"IF(OR($C55=\"S\",$C55=0),0,MATCH(OFFSET($D55,0,$C55)+IF($C55<>1,1,COUNTIF(QCI!$A$13:$A$36,ORÇAMENTO!E55)),OFFSET($D55,1,$C55,ROW($C$472)-ROW($C55)),0))","v":0},"F","Serviço","Serviço","4.1.0.1.","SINAPI","92423",{"$f":"IF($C55=\"S\",REFERENCIA.Descricao,\"(digite a descrição aqui)\")","v":"MONTAGEM E DESMONTAGEM DE FÔRMA DE PILARES RETANGULARES E ESTRUTURAS SIMILARES, PÉ-DIREITO SIMPLES, EM CHAPA DE MADEIRA COMPENSADA RESINADA, 6 UTILIZAÇÕES. AF_09/2020"},{"$f":"REFERENCIA.Unidade","v":"M2"},{"$f":"OFFSET(CÁLCULO!H$15,ROW($T55)-ROW(T$15),0)","v":283},{"$f":"AG55","v":71.48},"BDI 1",{"$f":"IF($C55=\"S\",ROUND(IF(TIPOORCAMENTO=\"Proposto\",ORÇAMENTO.CustoUnitario*(1+$AH55),ORÇAMENTO.PrecoUnitarioLicitado),15-13*$AF$10),0)","v":89.56},{"$f":"IF($C55=\"S\",IF(OR(Import.TipoArredondamento<>\"TransfereGOV\",ACOMPANHAMENTO=\"BM\"),VTOTAL1,SUM(OFFSET(CÁLCULO!$AI$15,ROW($X55)-ROW($X$15),1):OFFSET(CÁLCULO!$BB$15,ROW($X55)-ROW($X$15),-1))),IF($C55=0,0,ROUND(SomaAgrup,15-13*$AF$11)))","v":25345.48},"RA","RA",{"$f":"IF($C55=\"S\",IF($Z55=\"CP\",$X55,IF($Z55=\"RA\",(($X55)*QCI!$AA$3),0)),SomaAgrup)","v":2193.2382541408324},{"$f":"IF($C55=\"S\",IF($Z55=\"OU\",ROUND($X55,2),0),SomaAgrup)","v":0},{"$f":"IF($N55=\"\",\" \",\nIF(AND($C55<>\"S\",OR($R55=\"\",$R55=\"(digite a descrição aqui)\")),\"DESCRIÇÃO\",\nIF(AND($C55=\"S\",OR($Q55<>\"\",$T55>0,$U55>0),$P55=\"\"),\"FONTE\",\nIF(AND($C55=\"S\",$P55<>\"\",OR($T55>0,$U55>0),$Q55=\"\"),\"CÓDIGO\",\nIF(AND($C55=\"S\",$P55<>\"\",$Q55<>\"\",$R55=\"(Código não identificado nas referências)\"),\"CÓDIGO N/ID\",\nIF(AND($C55=\"S\",OR($R55=\"\",$R55=\"(digite a descrição aqui)\"),OR($Q55<>\"\",$T55>0,$U55>0)),\"DESCRIÇÃO\",\nIF(AND($C55=\"S\",$P55<>\"\",$Q55<>\"\",$S55=\"\"),\"UNIDADE\",\nIF(AND($C55=\"S\",$P55<>\"\",$Q55<>\"\",$U55=0),\"SEM CUSTO\",\nIF(AND(TIPOORCAMENTO=\"Licitado\",$AL55=0,$AN55>0),\"SEM PREÇO\",\nIF(AND($C55=\"S\",$P55<>\"\",$Q55<>\"\",$U55>0,AND($V55<>\"BDI 1\",$V55<>\"BDI 2\",$V55<>\"BDI 3\")),IF(ISNUMBER($V55),\"JUSTIFICAR BDI\",\"BDI\"),\nIF(OR(AND(import.recurso=\"OGU\",TIPOORCAMENTO=\"Proposto\",LEFT($O$8,5)<>\"(N/D:\",$AG55<>\"\",ORÇAMENTO.CustoUnitario>$AG55),AND(TIPOORCAMENTO=\"LICITADO\",ORÇAMENTO.PrecoUnitarioLicitado>$AN55)),\"ACIMA REF.\",\nIF(AND($C55=\"S\",$P55<>\"\",$Q55<>\"\",$T55=0,$U55>0),\"QUANT.\",\nIF(AND(Import.TipoArredondamento=\"TransfereGOV\",$L55=\"F\",$C55=\"S\",LEN($Q55)>13),\"Código >13\",\nIF(AND(Import.TipoArredondamento=\"TransfereGOV\",$L55=\"F\",$C55<>\"S\",LEN($R55)>100),\"Descrição >100\",\nIF(AND(Import.TipoArredondamento=\"TransfereGOV\",$L55=\"F\",$C55=\"S\",LEN($R55)>500),\"Descrição >500\",\nIF(AND(Import.TipoArredondamento=\"TransfereGOV\",$L55=\"F\",$C55=\"S\",LEFT(TRIM(UPPER($P55)),6)<>\"SINAPI\",ISNA(VLOOKUP(TRIM(UPPER($S55)),ListaTgov.Unidades,1,FALSE))),\"Unid. Não Disp\",\n\" \"))))))))))))))))","v":" "},{"$f":"IF(C55<=CRONO.NivelExibicao,MAX($AD$15:OFFSET(AD55,-1,0))+IF($C55<>1,1,MAX(1,COUNTIF(QCI!$A$13:$A$36,OFFSET($E55,-1,0)))),\"\")","v":""},{"$f":"IF(AND($C55=\"S\",ORÇAMENTO.CodBarra<>\"\"),IF(ORÇAMENTO.Fonte=\"\",ORÇAMENTO.CodBarra,CONCATENATE(ORÇAMENTO.Fonte,\" \",ORÇAMENTO.CodBarra)))","v":"SINAPI 92423"},{"$f":"IF(ISERROR(ORÇAMENTO.BancoRef),\"(abra o arquivo 'Referência \"&Excel_BuiltIn_Database&\".xlsm)\",IF(OR($C55<>\"S\",ORÇAMENTO.CodBarra=\"\"),\"(Sem Código)\",IF(ISERROR(MATCH($AE55,INDIRECT(ORÇAMENTO.BancoRef),0)),\"(Código não identificado nas referências)\",MATCH($AE55,INDIRECT(ORÇAMENTO.BancoRef),0))))","v":10360},{"$f":"ROUND(IF(DESONERACAO=\"sim\",REFERENCIA.Desonerado,REFERENCIA.NaoDesonerado),2)","v":71.48},0.25290000000000001,null,null,null,null,25345.48,{"$f":"ROUND(ORÇAMENTO.CustoUnitario*(1+$AH55),2)","v":89.56}]
["S",2,"S",0,{"$f":"IF($C56=1,OFFSET(E56,-1,0)+MAX(1,COUNTIF(QCI!$A$13:$A$36,OFFSET(ORÇAMENTO!E56,-1,0))),OFFSET(E56,-1,0))","v":4},1,0,0,2,0,{"$f":"IF(OR($C56=\"S\",$C56=0),0,MATCH(OFFSET($D56,0,$C56)+IF($C56<>1,1,COUNTIF(QCI!$A$13:$A$36,ORÇAMENTO!E56)),OFFSET($D56,1,$C56,ROW($C$472)-ROW($C56)),0))","v":0},"F","Serviço","Serviço","4.1.0.2.","SINAPI","92762",{"$f":"IF($C56=\"S\",REFERENCIA.Descricao,\"(digite a descrição aqui)\")","v":"ARMAÇÃO DE PILAR OU VIGA DE ESTRUTURA CONVENCIONAL DE CONCRETO ARMADO UTILIZANDO AÇO CA-50 DE 10,0 MM - MONTAGEM. AF_06/2022"},{"$f":"REFERENCIA.Unidade","v":"KG"},{"$f":"OFFSET(CÁLCULO!H$15,ROW($T56)-ROW(T$15),0)","v":680.7},10.6,"BDI 1",{"$f":"IF($C56=\"S\",ROUND(IF(TIPOORCAMENTO=\"Proposto\",ORÇAMENTO.CustoUnitario*(1+$AH56),ORÇAMENTO.PrecoUnitarioLicitado),15-13*$AF$10),0)","v":13.28},{"$f":"IF($C56=\"S\",IF(OR(Import.TipoArredondamento<>\"TransfereGOV\",ACOMPANHAMENTO=\"BM\"),VTOTAL1,SUM(OFFSET(CÁLCULO!$AI$15,ROW($X56)-ROW($X$15),1):OFFSET(CÁLCULO!$BB$15,ROW($X56)-ROW($X$15),-1))),IF($C56=0,0,ROUND(SomaAgrup,15-13*$AF$11)))","v":9039.7000000000007},"RA","RA",{"$f":"IF($C56=\"S\",IF($Z56=\"CP\",$X56,IF($Z56=\"RA\",(($X56)*QCI!$AA$3),0)),SomaAgrup)","v":782.23872051177898},{"$f":"IF($C56=\"S\",IF($Z56=\"OU\",ROUND($X56,2),0),SomaAgrup)","v":0},{"$f":"IF($N56=\"\",\" \",\nIF(AND($C56<>\"S\",OR($R56=\"\",$R56=\"(digite a descrição aqui)\")),\"DESCRIÇÃO\",\nIF(AND($C56=\"S\",OR($Q56<>\"\",$T56>0,$U56>0),$P56=\"\"),\"FONTE\",\nIF(AND($C56=\"S\",$P56<>\"\",OR($T56>0,$U56>0),$Q56=\"\"),\"CÓDIGO\",\nIF(AND($C56=\"S\",$P56<>\"\",$Q56<>\"\",$R56=\"(Código não identificado nas referências)\"),\"CÓDIGO N/ID\",\nIF(AND($C56=\"S\",OR($R56=\"\",$R56=\"(digite a descrição aqui)\"),OR($Q56<>\"\",$T56>0,$U56>0)),\"DESCRIÇÃO\",\nIF(AND($C56=\"S\",$P56<>\"\",$Q56<>\"\",$S56=\"\"),\"UNIDADE\",\nIF(AND($C56=\"S\",$P56<>\"\",$Q56<>\"\",$U56=0),\"SEM CUSTO\",\nIF(AND(TIPOORCAMENTO=\"Licitado\",$AL56=0,$AN56>0),\"SEM PREÇO\",\nIF(AND($C56=\"S\",$P56<>\"\",$Q56<>\"\",$U56>0,AND($V56<>\"BDI 1\",$V56<>\"BDI 2\",$V56<>\"BDI 3\")),IF(ISNUMBER($V56),\"JUSTIFICAR BDI\",\"BDI\"),\nIF(OR(AND(import.recurso=\"OGU\",TIPOORCAMENTO=\"Proposto\",LEFT($O$8,5)<>\"(N/D:\",$AG56<>\"\",ORÇAMENTO.CustoUnitario>$AG56),AND(TIPOORCAMENTO=\"LICITADO\",ORÇAMENTO.PrecoUnitarioLicitado>$AN56)),\"ACIMA REF.\",\nIF(AND($C56=\"S\",$P56<>\"\",$Q56<>\"\",$T56=0,$U56>0),\"QUANT.\",\nIF(AND(Import.TipoArredondamento=\"TransfereGOV\",$L56=\"F\",$C56=\"S\",LEN($Q56)>13),\"Código >13\",\nIF(AND(Import.TipoArredondamento=\"TransfereGOV\",$L56=\"F\",$C56<>\"S\",LEN($R56)>100),\"Descrição >100\",\nIF(AND(Import.TipoArredondamento=\"TransfereGOV\",$L56=\"F\",$C56=\"S\",LEN($R56)>500),\"Descrição >500\",\nIF(AND(Import.TipoArredondamento=\"TransfereGOV\",$L56=\"F\",$C56=\"S\",LEFT(TRIM(UPPER($P56)),6)<>\"SINAPI\",ISNA(VLOOKUP(TRIM(UPPER($S56)),ListaTgov.Unidades,1,FALSE))),\"Unid. Não Disp\",\n\" \"))))))))))))))))","v":" "},{"$f":"IF(C56<=CRONO.NivelExibicao,MAX($AD$15:OFFSET(AD56,-1,0))+IF($C56<>1,1,MAX(1,COUNTIF(QCI!$A$13:$A$36,OFFSET($E56,-1,0)))),\"\")","v":""},{"$f":"IF(AND($C56=\"S\",ORÇAMENTO.CodBarra<>\"\"),IF(ORÇAMENTO.Fonte=\"\",ORÇAMENTO.CodBarra,CONCATENATE(ORÇAMENTO.Fonte,\" \",ORÇAMENTO.CodBarra)))","v":"SINAPI 92762"},{"$f":"IF(ISERROR(ORÇAMENTO.BancoRef),\"(abra o arquivo 'Referência \"&Excel_BuiltIn_Database&\".xlsm)\",IF(OR($C56<>\"S\",ORÇAMENTO.CodBarra=\"\"),\"(Sem Código)\",IF(ISERROR(MATCH($AE56,INDIRECT(ORÇAMENTO.BancoRef),0)),\"(Código não identificado nas referências)\",MATCH($AE56,INDIRECT(ORÇAMENTO.BancoRef),0))))","v":6574},{"$f":"ROUND(IF(DESONERACAO=\"sim\",REFERENCIA.Desonerado,REFERENCIA.NaoDesonerado),2)","v":10.6},0.25290000000000001,null,null,null,null,9039.7000000000007,{"$f":"ROUND(ORÇAMENTO.CustoUnitario*(1+$AH56),2)","v":13.28}]
["S",2,"S",0,{"$f":"IF($C57=1,OFFSET(E57,-1,0)+MAX(1,COUNTIF(QCI!$A$13:$A$36,OFFSET(ORÇAMENTO!E57,-1,0))),OFFSET(E57,-1,0))","v":4},1,0,0,3,0,{"$f":"IF(OR($C57=\"S\",$C57=0),0,MATCH(OFFSET($D57,0,$C57)+IF($C57<>1,1,COUNTIF(QCI!$A$13:$A$36,ORÇAMENTO!E57)),OFFSET($D57,1,$C57,ROW($C$472)-ROW($C57)),0))","v":0},"F","Serviço","Serviço","4.1.0.3.","SINAPI","92763",{"$f":"IF($C57=\"S\",REFERENCIA.Descricao,\"(digite a descrição aqui)\")","v":"ARMAÇÃO DE PILAR OU VIGA DE ESTRUTURA CONVENCIONAL DE CONCRETO ARMADO UTILIZANDO AÇO CA-50 DE 12,5 MM - MONTAGEM. AF_06/2022"},{"$f":"REFERENCIA.Unidade","v":"KG"},{"$f":"OFFSET(CÁLCULO!H$15,ROW($T57)-ROW(T$15),0)","v":214.4},8.85,"BDI 1",{"$f":"IF($C57=\"S\",ROUND(IF(TIPOORCAMENTO=\"Proposto\",ORÇAMENTO.CustoUnitario*(1+$AH57),ORÇAMENTO.PrecoUnitarioLicitado),15-13*$AF$10),0)","v":11.09},{"$f":"IF($C57=\"S\",IF(OR(Import.TipoArredondamento<>\"TransfereGOV\",ACOMPANHAMENTO=\"BM\"),VTOTAL1,SUM(OFFSET(CÁLCULO!$AI$15,ROW($X57)-ROW($X$15),1):OFFSET(CÁLCULO!$BB$15,ROW($X57)-ROW($X$15),-1))),IF($C57=0,0,ROUND(SomaAgrup,15-13*$AF$11)))","v":2377.6999999999998},"RA","RA",{"$f":"IF($C57=\"S\",IF($Z57=\"CP\",$X57,IF($Z57=\"RA\",(($X57)*QCI!$AA$3),0)),SomaAgrup)","v":205.75118707046212},{"$f":"IF($C57=\"S\",IF($Z57=\"OU\",ROUND($X57,2),0),SomaAgrup)","v":0},{"$f":"IF($N57=\"\",\" \",\nIF(AND($C57<>\"S\",OR($R57=\"\",$R57=\"(digite a descrição aqui)\")),\"DESCRIÇÃO\",\nIF(AND($C57=\"S\",OR($Q57<>\"\",$T57>0,$U57>0),$P57=\"\"),\"FONTE\",\nIF(AND($C57=\"S\",$P57<>\"\",OR($T57>0,$U57>0),$Q57=\"\"),\"CÓDIGO\",\nIF(AND($C57=\"S\",$P57<>\"\",$Q57<>\"\",$R57=\"(Código não identificado nas referências)\"),\"CÓDIGO N/ID\",\nIF(AND($C57=\"S\",OR($R57=\"\",$R57=\"(digite a descrição aqui)\"),OR($Q57<>\"\",$T57>0,$U57>0)),\"DESCRIÇÃO\",\nIF(AND($C57=\"S\",$P57<>\"\",$Q57<>\"\",$S57=\"\"),\"UNIDADE\",\nIF(AND($C57=\"S\",$P57<>\"\",$Q57<>\"\",$U57=0),\"SEM CUSTO\",\nIF(AND(TIPOORCAMENTO=\"Licitado\",$AL57=0,$AN57>0),\"SEM PREÇO\",\nIF(AND($C57=\"S\",$P57<>\"\",$Q57<>\"\",$U57>0,AND($V57<>\"BDI 1\",$V57<>\"BDI 2\",$V57<>\"BDI 3\")),IF(ISNUMBER($V57),\"JUSTIFICAR BDI\",\"BDI\"),\nIF(OR(AND(import.recurso=\"OGU\",TIPOORCAMENTO=\"Proposto\",LEFT($O$8,5)<>\"(N/D:\",$AG57<>\"\",ORÇAMENTO.CustoUnitario>$AG57),AND(TIPOORCAMENTO=\"LICITADO\",ORÇAMENTO.PrecoUnitarioLicitado>$AN57)),\"ACIMA REF.\",\nIF(AND($C57=\"S\",$P57<>\"\",$Q57<>\"\",$T57=0,$U57>0),\"QUANT.\",\nIF(AND(Import.TipoArredondamento=\"TransfereGOV\",$L57=\"F\",$C57=\"S\",LEN($Q57)>13),\"Código >13\",\nIF(AND(Import.TipoArredondamento=\"TransfereGOV\",$L57=\"F\",$C57<>\"S\",LEN($R57)>100),\"Descrição >100\",\nIF(AND(Import.TipoArredondamento=\"TransfereGOV\",$L57=\"F\",$C57=\"S\",LEN($R57)>500),\"Descrição >500\",\nIF(AND(Import.TipoArredondamento=\"TransfereGOV\",$L57=\"F\",$C57=\"S\",LEFT(TRIM(UPPER($P57)),6)<>\"SINAPI\",ISNA(VLOOKUP(TRIM(UPPER($S57)),ListaTgov.Unidades,1,FALSE))),\"Unid. Não Disp\",\n\" \"))))))))))))))))","v":" "},{"$f":"IF(C57<=CRONO.NivelExibicao,MAX($AD$15:OFFSET(AD57,-1,0))+IF($C57<>1,1,MAX(1,COUNTIF(QCI!$A$13:$A$36,OFFSET($E57,-1,0)))),\"\")","v":""},{"$f":"IF(AND($C57=\"S\",ORÇAMENTO.CodBarra<>\"\"),IF(ORÇAMENTO.Fonte=\"\",ORÇAMENTO.CodBarra,CONCATENATE(ORÇAMENTO.Fonte,\" \",ORÇAMENTO.CodBarra)))","v":"SINAPI 92763"},{"$f":"IF(ISERROR(ORÇAMENTO.BancoRef),\"(abra o arquivo 'Referência \"&Excel_BuiltIn_Database&\".xlsm)\",IF(OR($C57<>\"S\",ORÇAMENTO.CodBarra=\"\"),\"(Sem Código)\",IF(ISERROR(MATCH($AE57,INDIRECT(ORÇAMENTO.BancoRef),0)),\"(Código não identificado nas referências)\",MATCH($AE57,INDIRECT(ORÇAMENTO.BancoRef),0))))","v":6575},{"$f":"ROUND(IF(DESONERACAO=\"sim\",REFERENCIA.Desonerado,REFERENCIA.NaoDesonerado),2)","v":8.85},0.25290000000000001,null,null,null,null,2377.6999999999998,{"$f":"ROUND(ORÇAMENTO.CustoUnitario*(1+$AH57),2)","v":11.09}]
[{"$f":"CHOOSE(1+LOG(1+2*(ORÇAMENTO.Nivel=\"Meta\")+4*(ORÇAMENTO.Nivel=\"Nível 2\")+8*(ORÇAMENTO.Nivel=\"Nível 3\")+16*(ORÇAMENTO.Nivel=\"Nível 4\")+32*(ORÇAMENTO.Nivel=\"Serviço\"),2),0,1,2,3,4,\"S\")","v":"S"},{"$f":"IF(OR(C58=\"s\",C58=0),OFFSET(B58,-1,0),C58)","v":2},{"$f":"IF(OFFSET(C58,-1,0)=\"L\",1,IF(OFFSET(C58,-1,0)=1,2,IF(OR(A58=\"s\",A58=0),\"S\",IF(AND(OFFSET(C58,-1,0)=2,A58=4),3,IF(AND(OR(OFFSET(C58,-1,0)=\"s\",OFFSET(C58,-1,0)=0),A58<>\"s\",A58>OFFSET(B58,-1,0)),OFFSET(B58,-1,0),A58)))))","v":"S"},{"$f":"IF(OR(C58=\"S\",C58=0),0,IF(ISERROR(K58),J58,SMALL(J58:K58,1)))","v":0},{"$f":"IF($C58=1,OFFSET(E58,-1,0)+MAX(1,COUNTIF(QCI!$A$13:$A$36,OFFSET(ORÇAMENTO!E58,-1,0))),OFFSET(E58,-1,0))","v":4},{"$f":"IF($C58=1,0,IF($C58=2,OFFSET(F58,-1,0)+1,OFFSET(F58,-1,0)))","v":1},{"$f":"IF(AND($C58<=2,$C58<>0),0,IF($C58=3,OFFSET(G58,-1,0)+1,OFFSET(G58,-1,0)))","v":0},{"$f":"IF(AND($C58<=3,$C58<>0),0,IF($C58=4,OFFSET(H58,-1,0)+1,OFFSET(H58,-1,0)))","v":0},{"$f":"IF(AND($C58<=4,$C58<>0),0,IF(AND($C58=\"S\",$X58>0),OFFSET(I58,-1,0)+1,OFFSET(I58,-1,0)))","v":4},0,{"$f":"IF(OR($C58=\"S\",$C58=0),0,MATCH(OFFSET($D58,0,$C58)+IF($C58<>1,1,COUNTIF(QCI!$A$13:$A$36,ORÇAMENTO!E58)),OFFSET($D58,1,$C58,ROW($C$472)-ROW($C58)),0))","v":0},{"$f":"IF(OR($X58>0,$C58=1,$C58=2,$C58=3,$C58=4),\"F\",\"\")","v":"F"},"Serviço",{"$f":"CHOOSE(1+LOG(1+2*(C58=1)+4*(C58=2)+8*(C58=3)+16*(C58=4)+32*(C58=\"S\"),2),\"\",\"Meta\",\"Nível 2\",\"Nível 3\",\"Nível 4\",\"Serviço\")","v":"Serviço"},{"$f":"IF(OR($C58=0,$L58=\"\"),\"-\",CONCATENATE(E58&\".\",IF(AND($A$5>=2,$C58>=2),F58&\".\",\"\"),IF(AND($A$5>=3,$C58>=3),G58&\".\",\"\"),IF(AND($A$5>=4,$C58>=4),H58&\".\",\"\"),IF($C58=\"S\",I58&\".\",\"\")))","v":"4.1.0.4."},"SINAPI","92764",{"$f":"IF($C58=\"S\",REFERENCIA.Descricao,\"(digite a descrição aqui)\")","v":"ARMAÇÃO DE PILAR OU VIGA DE ESTRUTURA CONVENCIONAL DE CONCRETO ARMADO UTILIZANDO AÇO CA-50 DE 16,0 MM - MONTAGEM. AF_06/2022"},{"$f":"REFERENCIA.Unidade","v":"KG"},{"$f":"OFFSET(CÁLCULO!H$15,ROW($T58)-ROW(T$15),0)","v":145},8.56,"BDI 1",{"$f":"IF($C58=\"S\",ROUND(IF(TIPOORCAMENTO=\"Proposto\",ORÇAMENTO.CustoUnitario*(1+$AH58),ORÇAMENTO.PrecoUnitarioLicitado),15-13*$AF$10),0)","v":10.72},{"$f":"IF($C58=\"S\",IF(OR(Import.TipoArredondamento<>\"TransfereGOV\",ACOMPANHAMENTO=\"BM\"),VTOTAL1,SUM(OFFSET(CÁLCULO!$AI$15,ROW($X58)-ROW($X$15),1):OFFSET(CÁLCULO!$BB$15,ROW($X58)-ROW($X$15),-1))),IF($C58=0,0,ROUND(SomaAgrup,15-13*$AF$11)))","v":1554.4},"RA",{"$f":"IF(AND($C58=\"S\",$X58>0),IF(ISBLANK($Y58),\"RA\",LEFT($Y58,2)),\"\")","v":"RA"},{"$f":"IF($C58=\"S\",IF($Z58=\"CP\",$X58,IF($Z58=\"RA\",(($X58)*QCI!$AA$3),0)),SomaAgrup)","v":134.5079888894},{"$f":"IF($C58=\"S\",IF($Z58=\"OU\",ROUND($X58,2),0),SomaAgrup)","v":0},{"$f":"IF($N58=\"\",\" \",\nIF(AND($C58<>\"S\",OR($R58=\"\",$R58=\"(digite a descrição aqui)\")),\"DESCRIÇÃO\",\nIF(AND($C58=\"S\",OR($Q58<>\"\",$T58>0,$U58>0),$P58=\"\"),\"FONTE\",\nIF(AND($C58=\"S\",$P58<>\"\",OR($T58>0,$U58>0),$Q58=\"\"),\"CÓDIGO\",\nIF(AND($C58=\"S\",$P58<>\"\",$Q58<>\"\",$R58=\"(Código não identificado nas referências)\"),\"CÓDIGO N/ID\",\nIF(AND($C58=\"S\",OR($R58=\"\",$R58=\"(digite a descrição aqui)\"),OR($Q58<>\"\",$T58>0,$U58>0)),\"DESCRIÇÃO\",\nIF(AND($C58=\"S\",$P58<>\"\",$Q58<>\"\",$S58=\"\"),\"UNIDADE\",\nIF(AND($C58=\"S\",$P58<>\"\",$Q58<>\"\",$U58=0),\"SEM CUSTO\",\nIF(AND(TIPOORCAMENTO=\"Licitado\",$AL58=0,$AN58>0),\"SEM PREÇO\",\nIF(AND($C58=\"S\",$P58<>\"\",$Q58<>\"\",$U58>0,AND($V58<>\"BDI 1\",$V58<>\"BDI 2\",$V58<>\"BDI 3\")),IF(ISNUMBER($V58),\"JUSTIFICAR BDI\",\"BDI\"),\nIF(OR(AND(import.recurso=\"OGU\",TIPOORCAMENTO=\"Proposto\",LEFT($O$8,5)<>\"(N/D:\",$AG58<>\"\",ORÇAMENTO.CustoUnitario>$AG58),AND(TIPOORCAMENTO=\"LICITADO\",ORÇAMENTO.PrecoUnitarioLicitado>$AN58)),\"ACIMA REF.\",\nIF(AND($C58=\"S\",$P58<>\"\",$Q58<>\"\",$T58=0,$U58>0),\"QUANT.\",\nIF(AND(Import.TipoArredondamento=\"TransfereGOV\",$L58=\"F\",$C58=\"S\",LEN($Q58)>13),\"Código >13\",\nIF(AND(Import.TipoArredondamento=\"TransfereGOV\",$L58=\"F\",$C58<>\"S\",LEN($R58)>100),\"Descrição >100\",\nIF(AND(Import.TipoArredondamento=\"TransfereGOV\",$L58=\"F\",$C58=\"S\",LEN($R58)>500),\"Descrição >500\",\nIF(AND(Import.TipoArredondamento=\"TransfereGOV\",$L58=\"F\",$C58=\"S\",LEFT(TRIM(UPPER($P58)),6)<>\"SINAPI\",ISNA(VLOOKUP(TRIM(UPPER($S58)),ListaTgov.Unidades,1,FALSE))),\"Unid. Não Disp\",\n\" \"))))))))))))))))","v":" "},{"$f":"IF(C58<=CRONO.NivelExibicao,MAX($AD$15:OFFSET(AD58,-1,0))+IF($C58<>1,1,MAX(1,COUNTIF(QCI!$A$13:$A$36,OFFSET($E58,-1,0)))),\"\")","v":""},{"$f":"IF(AND($C58=\"S\",ORÇAMENTO.CodBarra<>\"\"),IF(ORÇAMENTO.Fonte=\"\",ORÇAMENTO.CodBarra,CONCATENATE(ORÇAMENTO.Fonte,\" \",ORÇAMENTO.CodBarra)))","v":"SINAPI 92764"},{"$f":"IF(ISERROR(ORÇAMENTO.BancoRef),\"(abra o arquivo 'Referência \"&Excel_BuiltIn_Database&\".xlsm)\",IF(OR($C58<>\"S\",ORÇAMENTO.CodBarra=\"\"),\"(Sem Código)\",IF(ISERROR(MATCH($AE58,INDIRECT(ORÇAMENTO.BancoRef),0)),\"(Código não identificado nas referências)\",MATCH($AE58,INDIRECT(ORÇAMENTO.BancoRef),0))))","v":6576},{"$f":"ROUND(IF(DESONERACAO=\"sim\",REFERENCIA.Desonerado,REFERENCIA.NaoDesonerado),2)","v":8.56},{"$f":"ROUND(IF(ISNUMBER(ORÇAMENTO.OpcaoBDI),ORÇAMENTO.OpcaoBDI,IF(LEFT(ORÇAMENTO.OpcaoBDI,3)=\"BDI\",HLOOKUP(ORÇAMENTO.OpcaoBDI,$F$4:$H$5,2,FALSE),0)),15-11*$AF$9)","v":0.25290000000000001},null,null,null,null,1554.4,{"$f":"ROUND(ORÇAMENTO.CustoUnitario*(1+$AH58),2)","v":10.72}]
["S",{"$f":"IF(OR(C59=\"s\",C59=0),OFFSET(B59,-1,0),C59)","v":2},{"$f":"IF(OFFSET(C59,-1,0)=\"L\",1,IF(OFFSET(C59,-1,0)=1,2,IF(OR(A59=\"s\",A59=0),\"S\",IF(AND(OFFSET(C59,-1,0)=2,A59=4),3,IF(AND(OR(OFFSET(C59,-1,0)=\"s\",OFFSET(C59,-1,0)=0),A59<>\"s\",A59>OFFSET(B59,-1,0)),OFFSET(B59,-1,0),A59)))))","v":"S"},{"$f":"IF(OR(C59=\"S\",C59=0),0,IF(ISERROR(K59),J59,SMALL(J59:K59,1)))","v":0},{"$f":"IF($C59=1,OFFSET(E59,-1,0)+MAX(1,COUNTIF(QCI!$A$13:$A$36,OFFSET(ORÇAMENTO!E59,-1,0))),OFFSET(E59,-1,0))","v":4},{"$f":"IF($C59=1,0,IF($C59=2,OFFSET(F59,-1,0)+1,OFFSET(F59,-1,0)))","v":1},{"$f":"IF(AND($C59<=2,$C59<>0),0,IF($C59=3,OFFSET(G59,-1,0)+1,OFFSET(G59,-1,0)))","v":0},{"$f":"IF(AND($C59<=3,$C59<>0),0,IF($C59=4,OFFSET(H59,-1,0)+1,OFFSET(H59,-1,0)))","v":0},{"$f":"IF(AND($C59<=4,$C59<>0),0,IF(AND($C59=\"S\",$X59>0),OFFSET(I59,-1,0)+1,OFFSET(I59,-1,0)))","v":5},0,{"$f":"IF(OR($C59=\"S\",$C59=0),0,MATCH(OFFSET($D59,0,$C59)+IF($C59<>1,1,COUNTIF(QCI!$A$13:$A$36,ORÇAMENTO!E59)),OFFSET($D59,1,$C59,ROW($C$472)-ROW($C59)),0))","v":0},{"$f":"IF(OR($X59>0,$C59=1,$C59=2,$C59=3,$C59=4),\"F\",\"\")","v":"F"},"Serviço",{"$f":"CHOOSE(1+LOG(1+2*(C59=1)+4*(C59=2)+8*(C59=3)+16*(C59=4)+32*(C59=\"S\"),2),\"\",\"Meta\",\"Nível 2\",\"Nível 3\",\"Nível 4\",\"Serviço\")","v":"Serviço"},{"$f":"IF(OR($C59=0,$L59=\"\"),\"-\",CONCATENATE(E59&\".\",IF(AND($A$5>=2,$C59>=2),F59&\".\",\"\"),IF(AND($A$5>=3,$C59>=3),G59&\".\",\"\"),IF(AND($A$5>=4,$C59>=4),H59&\".\",\"\"),IF($C59=\"S\",I59&\".\",\"\")))","v":"4.1.0.5."},"SINAPI","92759",{"$f":"IF($C59=\"S\",REFERENCIA.Descricao,\"(digite a descrição aqui)\")","v":"ARMAÇÃO DE PILAR OU VIGA DE ESTRUTURA CONVENCIONAL DE CONCRETO ARMADO UTILIZANDO AÇO CA-60 DE 5,0 MM - MONTAGEM. AF_06/2022"},{"$f":"REFERENCIA.Unidade","v":"KG"},{"$f":"OFFSET(CÁLCULO!H$15,ROW($T59)-ROW(T$15),0)","v":403.7},13.74,"BDI 1",{"$f":"IF($C59=\"S\",ROUND(IF(TIPOORCAMENTO=\"Proposto\",ORÇAMENTO.CustoUnitario*(1+$AH59),ORÇAMENTO.PrecoUnitarioLicitado),15-13*$AF$10),0)","v":17.21},{"$f":"IF($C59=\"S\",IF(OR(Import.TipoArredondamento<>\"TransfereGOV\",ACOMPANHAMENTO=\"BM\"),VTOTAL1,SUM(OFFSET(CÁLCULO!$AI$15,ROW($X59)-ROW($X$15),1):OFFSET(CÁLCULO!$BB$15,ROW($X59)-ROW($X$15),-1))),IF($C59=0,0,ROUND(SomaAgrup,15-13*$AF$11)))","v":6947.68},"RA",{"$f":"IF(AND($C59=\"S\",$X59>0),IF(ISBLANK($Y59),\"RA\",LEFT($Y59,2)),\"\")","v":"RA"},{"$f":"IF($C59=\"S\",IF($Z59=\"CP\",$X59,IF($Z59=\"RA\",(($X59)*QCI!$AA$3),0)),SomaAgrup)","v":601.20848188825687},{"$f":"IF($C59=\"S\",IF($Z59=\"OU\",ROUND($X59,2),0),SomaAgrup)","v":0},{"$f":"IF($N59=\"\",\" \",\nIF(AND($C59<>\"S\",OR($R59=\"\",$R59=\"(digite a descrição aqui)\")),\"DESCRIÇÃO\",\nIF(AND($C59=\"S\",OR($Q59<>\"\",$T59>0,$U59>0),$P59=\"\"),\"FONTE\",\nIF(AND($C59=\"S\",$P59<>\"\",OR($T59>0,$U59>0),$Q59=\"\"),\"CÓDIGO\",\nIF(AND($C59=\"S\",$P59<>\"\",$Q59<>\"\",$R59=\"(Código não identificado nas referências)\"),\"CÓDIGO N/ID\",\nIF(AND($C59=\"S\",OR($R59=\"\",$R59=\"(digite a descrição aqui)\"),OR($Q59<>\"\",$T59>0,$U59>0)),\"DESCRIÇÃO\",\nIF(AND($C59=\"S\",$P59<>\"\",$Q59<>\"\",$S59=\"\"),\"UNIDADE\",\nIF(AND($C59=\"S\",$P59<>\"\",$Q59<>\"\",$U59=0),\"SEM CUSTO\",\nIF(AND(TIPOORCAMENTO=\"Licitado\",$AL59=0,$AN59>0),\"SEM PREÇO\",\nIF(AND($C59=\"S\",$P59<>\"\",$Q59<>\"\",$U59>0,AND($V59<>\"BDI 1\",$V59<>\"BDI 2\",$V59<>\"BDI 3\")),IF(ISNUMBER($V59),\"JUSTIFICAR BDI\",\"BDI\"),\nIF(OR(AND(import.recurso=\"OGU\",TIPOORCAMENTO=\"Proposto\",LEFT($O$8,5)<>\"(N/D:\",$AG59<>\"\",ORÇAMENTO.CustoUnitario>$AG59),AND(TIPOORCAMENTO=\"LICITADO\",ORÇAMENTO.PrecoUnitarioLicitado>$AN59)),\"ACIMA REF.\",\nIF(AND($C59=\"S\",$P59<>\"\",$Q59<>\"\",$T59=0,$U59>0),\"QUANT.\",\nIF(AND(Import.TipoArredondamento=\"TransfereGOV\",$L59=\"F\",$C59=\"S\",LEN($Q59)>13),\"Código >13\",\nIF(AND(Import.TipoArredondamento=\"TransfereGOV\",$L59=\"F\",$C59<>\"S\",LEN($R59)>100),\"Descrição >100\",\nIF(AND(Import.TipoArredondamento=\"TransfereGOV\",$L59=\"F\",$C59=\"S\",LEN($R59)>500),\"Descrição >500\",\nIF(AND(Import.TipoArredondamento=\"TransfereGOV\",$L59=\"F\",$C59=\"S\",LEFT(TRIM(UPPER($P59)),6)<>\"SINAPI\",ISNA(VLOOKUP(TRIM(UPPER($S59)),ListaTgov.Unidades,1,FALSE))),\"Unid. Não Disp\",\n\" \"))))))))))))))))","v":" "},{"$f":"IF(C59<=CRONO.NivelExibicao,MAX($AD$15:OFFSET(AD59,-1,0))+IF($C59<>1,1,MAX(1,COUNTIF(QCI!$A$13:$A$36,OFFSET($E59,-1,0)))),\"\")","v":""},{"$f":"IF(AND($C59=\"S\",ORÇAMENTO.CodBarra<>\"\"),IF(ORÇAMENTO.Fonte=\"\",ORÇAMENTO.CodBarra,CONCATENATE(ORÇAMENTO.Fonte,\" \",ORÇAMENTO.CodBarra)))","v":"SINAPI 92759"},{"$f":"IF(ISERROR(ORÇAMENTO.BancoRef),\"(abra o arquivo 'Referência \"&Excel_BuiltIn_Database&\".xlsm)\",IF(OR($C59<>\"S\",ORÇAMENTO.CodBarra=\"\"),\"(Sem Código)\",IF(ISERROR(MATCH($AE59,INDIRECT(ORÇAMENTO.BancoRef),0)),\"(Código não identificado nas referências)\",MATCH($AE59,INDIRECT(ORÇAMENTO.BancoRef),0))))","v":6582},{"$f":"ROUND(IF(DESONERACAO=\"sim\",REFERENCIA.Desonerado,REFERENCIA.NaoDesonerado),2)","v":13.74},0.25290000000000001,null,null,null,null,6947.68,{"$f":"ROUND(ORÇAMENTO.CustoUnitario*(1+$AH59),2)","v":17.21}]
["S",2,"S",0,{"$f":"IF($C60=1,OFFSET(E60,-1,0)+MAX(1,COUNTIF(QCI!$A$13:$A$36,OFFSET(ORÇAMENTO!E60,-1,0))),OFFSET(E60,-1,0))","v":4},1,0,0,6,0,{"$f":"IF(OR($C60=\"S\",$C60=0),0,MATCH(OFFSET($D60,0,$C60)+IF($C60<>1,1,COUNTIF(QCI!$A$13:$A$36,ORÇAMENTO!E60)),OFFSET($D60,1,$C60,ROW($C$472)-ROW($C60)),0))","v":0},"F","Serviço","Serviço","4.1.0.6.","Composição","COMP08",{"$f":"IF($C60=\"S\",REFERENCIA.Descricao,\"(digite a descrição aqui)\")","v":"CONCRETAGEM DE PILARES, FCK = 30 MPA, COM USO DE BOMBA - LANÇAMENTO, ADENSAMENTO E ACABAMENTO. AF_02/2022_PS"},{"$f":"REFERENCIA.Unidade","v":"M3"},{"$f":"OFFSET(CÁLCULO!H$15,ROW($T60)-ROW(T$15),0)","v":18.600000000000001},699.59,"BDI 1",{"$f":"IF($C60=\"S\",ROUND(IF(TIPOORCAMENTO=\"Proposto\",ORÇAMENTO.CustoUnitario*(1+$AH60),ORÇAMENTO.PrecoUnitarioLicitado),15-13*$AF$10),0)","v":876.52},{"$f":"IF($C60=\"S\",IF(OR(Import.TipoArredondamento<>\"TransfereGOV\",ACOMPANHAMENTO=\"BM\"),VTOTAL1,SUM(OFFSET(CÁLCULO!$AI$15,ROW($X60)-ROW($X$15),1):OFFSET(CÁLCULO!$BB$15,ROW($X60)-ROW($X$15),-1))),IF($C60=0,0,ROUND(SomaAgrup,15-13*$AF$11)))","v":16303.27},"RA","RA",{"$f":"IF($C60=\"S\",IF($Z60=\"CP\",$X60,IF($Z60=\"RA\",(($X60)*QCI!$AA$3),0)),SomaAgrup)","v":1410.7823340329955},{"$f":"IF($C60=\"S\",IF($Z60=\"OU\",ROUND($X60,2),0),SomaAgrup)","v":0},{"$f":"IF($N60=\"\",\" \",\nIF(AND($C60<>\"S\",OR($R60=\"\",$R60=\"(digite a descrição aqui)\")),\"DESCRIÇÃO\",\nIF(AND($C60=\"S\",OR($Q60<>\"\",$T60>0,$U60>0),$P60=\"\"),\"FONTE\",\nIF(AND($C60=\"S\",$P60<>\"\",OR($T60>0,$U60>0),$Q60=\"\"),\"CÓDIGO\",\nIF(AND($C60=\"S\",$P60<>\"\",$Q60<>\"\",$R60=\"(Código não identificado nas referências)\"),\"CÓDIGO N/ID\",\nIF(AND($C60=\"S\",OR($R60=\"\",$R60=\"(digite a descrição aqui)\"),OR($Q60<>\"\",$T60>0,$U60>0)),\"DESCRIÇÃO\",\nIF(AND($C60=\"S\",$P60<>\"\",$Q60<>\"\",$S60=\"\"),\"UNIDADE\",\nIF(AND($C60=\"S\",$P60<>\"\",$Q60<>\"\",$U60=0),\"SEM CUSTO\",\nIF(AND(TIPOORCAMENTO=\"Licitado\",$AL60=0,$AN60>0),\"SEM PREÇO\",\nIF(AND($C60=\"S\",$P60<>\"\",$Q60<>\"\",$U60>0,AND($V60<>\"BDI 1\",$V60<>\"BDI 2\",$V60<>\"BDI 3\")),IF(ISNUMBER($V60),\"JUSTIFICAR BDI\",\"BDI\"),\nIF(OR(AND(import.recurso=\"OGU\",TIPOORCAMENTO=\"Proposto\",LEFT($O$8,5)<>\"(N/D:\",$AG60<>\"\",ORÇAMENTO.CustoUnitario>$AG60),AND(TIPOORCAMENTO=\"LICITADO\",ORÇAMENTO.PrecoUnitarioLicitado>$AN60)),\"ACIMA REF.\",\nIF(AND($C60=\"S\",$P60<>\"\",$Q60<>\"\",$T60=0,$U60>0),\"QUANT.\",\nIF(AND(Import.TipoArredondamento=\"TransfereGOV\",$L60=\"F\",$C60=\"S\",LEN($Q60)>13),\"Código >13\",\nIF(AND(Import.TipoArredondamento=\"TransfereGOV\",$L60=\"F\",$C60<>\"S\",LEN($R60)>100),\"Descrição >100\",\nIF(AND(Import.TipoArredondamento=\"TransfereGOV\",$L60=\"F\",$C60=\"S\",LEN($R60)>500),\"Descrição >500\",\nIF(AND(Import.TipoArredondamento=\"TransfereGOV\",$L60=\"F\",$C60=\"S\",LEFT(TRIM(UPPER($P60)),6)<>\"SINAPI\",ISNA(VLOOKUP(TRIM(UPPER($S60)),ListaTgov.Unidades,1,FALSE))),\"Unid. Não Disp\",\n\" \"))))))))))))))))","v":" "},{"$f":"IF(C60<=CRONO.NivelExibicao,MAX($AD$15:OFFSET(AD60,-1,0))+IF($C60<>1,1,MAX(1,COUNTIF(QCI!$A$13:$A$36,OFFSET($E60,-1,0)))),\"\")","v":""},{"$f":"IF(AND($C60=\"S\",ORÇAMENTO.CodBarra<>\"\"),IF(ORÇAMENTO.Fonte=\"\",ORÇAMENTO.CodBarra,CONCATENATE(ORÇAMENTO.Fonte,\" \",ORÇAMENTO.CodBarra)))","v":"Composição COMP08"},{"$f":"IF(ISERROR(ORÇAMENTO.BancoRef),\"(abra o arquivo 'Referência \"&Excel_BuiltIn_Database&\".xlsm)\",IF(OR($C60<>\"S\",ORÇAMENTO.CodBarra=\"\"),\"(Sem Código)\",IF(ISERROR(MATCH($AE60,INDIRECT(ORÇAMENTO.BancoRef),0)),\"(Código não identificado nas referências)\",MATCH($AE60,INDIRECT(ORÇAMENTO.BancoRef),0))))","v":10},{"$f":"ROUND(IF(DESONERACAO=\"sim\",REFERENCIA.Desonerado,REFERENCIA.NaoDesonerado),2)","v":699.59},0.25290000000000001,null,null,null,null,16303.27,{"$f":"ROUND(ORÇAMENTO.CustoUnitario*(1+$AH60),2)","v":876.52}]
["S",2,"S",0,{"$f":"IF($C61=1,OFFSET(E61,-1,0)+MAX(1,COUNTIF(QCI!$A$13:$A$36,OFFSET(ORÇAMENTO!E61,-1,0))),OFFSET(E61,-1,0))","v":4},1,0,0,7,0,{"$f":"IF(OR($C61=\"S\",$C61=0),0,MATCH(OFFSET($D61,0,$C61)+IF($C61<>1,1,COUNTIF(QCI!$A$13:$A$36,ORÇAMENTO!E61)),OFFSET($D61,1,$C61,ROW($C$472)-ROW($C61)),0))","v":0},"F","Serviço","Serviço","4.1.0.7.","Composição","COMP07",{"$f":"IF($C61=\"S\",REFERENCIA.Descricao,\"(digite a descrição aqui)\")","v":"CONTROLE TECNOLÓGICO DE CONCRETOS"},{"$f":"REFERENCIA.Unidade","v":"M3"},{"$f":"OFFSET(CÁLCULO!H$15,ROW($T61)-ROW(T$15),0)","v":18.600000000000001},103.7,"BDI 1",{"$f":"IF($C61=\"S\",ROUND(IF(TIPOORCAMENTO=\"Proposto\",ORÇAMENTO.CustoUnitario*(1+$AH61),ORÇAMENTO.PrecoUnitarioLicitado),15-13*$AF$10),0)","v":129.93},{"$f":"IF($C61=\"S\",IF(OR(Import.TipoArredondamento<>\"TransfereGOV\",ACOMPANHAMENTO=\"BM\"),VTOTAL1,SUM(OFFSET(CÁLCULO!$AI$15,ROW($X61)-ROW($X$15),1):OFFSET(CÁLCULO!$BB$15,ROW($X61)-ROW($X$15),-1))),IF($C61=0,0,ROUND(SomaAgrup,15-13*$AF$11)))","v":2416.6999999999998},"RA","RA",{"$f":"IF($C61=\"S\",IF($Z61=\"CP\",$X61,IF($Z61=\"RA\",(($X61)*QCI!$AA$3),0)),SomaAgrup)","v":209.12600151120236},{"$f":"IF($C61=\"S\",IF($Z61=\"OU\",ROUND($X61,2),0),SomaAgrup)","v":0},{"$f":"IF($N61=\"\",\" \",\nIF(AND($C61<>\"S\",OR($R61=\"\",$R61=\"(digite a descrição aqui)\")),\"DESCRIÇÃO\",\nIF(AND($C61=\"S\",OR($Q61<>\"\",$T61>0,$U61>0),$P61=\"\"),\"FONTE\",\nIF(AND($C61=\"S\",$P61<>\"\",OR($T61>0,$U61>0),$Q61=\"\"),\"CÓDIGO\",\nIF(AND($C61=\"S\",$P61<>\"\",$Q61<>\"\",$R61=\"(Código não identificado nas referências)\"),\"CÓDIGO N/ID\",\nIF(AND($C61=\"S\",OR($R61=\"\",$R61=\"(digite a descrição aqui)\"),OR($Q61<>\"\",$T61>0,$U61>0)),\"DESCRIÇÃO\",\nIF(AND($C61=\"S\",$P61<>\"\",$Q61<>\"\",$S61=\"\"),\"UNIDADE\",\nIF(AND($C61=\"S\",$P61<>\"\",$Q61<>\"\",$U61=0),\"SEM CUSTO\",\nIF(AND(TIPOORCAMENTO=\"Licitado\",$AL61=0,$AN61>0),\"SEM PREÇO\",\nIF(AND($C61=\"S\",$P61<>\"\",$Q61<>\"\",$U61>0,AND($V61<>\"BDI 1\",$V61<>\"BDI 2\",$V61<>\"BDI 3\")),IF(ISNUMBER($V61),\"JUSTIFICAR BDI\",\"BDI\"),\nIF(OR(AND(import.recurso=\"OGU\",TIPOORCAMENTO=\"Proposto\",LEFT($O$8,5)<>\"(N/D:\",$AG61<>\"\",ORÇAMENTO.CustoUnitario>$AG61),AND(TIPOORCAMENTO=\"LICITADO\",ORÇAMENTO.PrecoUnitarioLicitado>$AN61)),\"ACIMA REF.\",\nIF(AND($C61=\"S\",$P61<>\"\",$Q61<>\"\",$T61=0,$U61>0),\"QUANT.\",\nIF(AND(Import.TipoArredondamento=\"TransfereGOV\",$L61=\"F\",$C61=\"S\",LEN($Q61)>13),\"Código >13\",\nIF(AND(Import.TipoArredondamento=\"TransfereGOV\",$L61=\"F\",$C61<>\"S\",LEN($R61)>100),\"Descrição >100\",\nIF(AND(Import.TipoArredondamento=\"TransfereGOV\",$L61=\"F\",$C61=\"S\",LEN($R61)>500),\"Descrição >500\",\nIF(AND(Import.TipoArredondamento=\"TransfereGOV\",$L61=\"F\",$C61=\"S\",LEFT(TRIM(UPPER($P61)),6)<>\"SINAPI\",ISNA(VLOOKUP(TRIM(UPPER($S61)),ListaTgov.Unidades,1,FALSE))),\"Unid. Não Disp\",\n\" \"))))))))))))))))","v":" "},{"$f":"IF(C61<=CRONO.NivelExibicao,MAX($AD$15:OFFSET(AD61,-1,0))+IF($C61<>1,1,MAX(1,COUNTIF(QCI!$A$13:$A$36,OFFSET($E61,-1,0)))),\"\")","v":""},{"$f":"IF(AND($C61=\"S\",ORÇAMENTO.CodBarra<>\"\"),IF(ORÇAMENTO.Fonte=\"\",ORÇAMENTO.CodBarra,CONCATENATE(ORÇAMENTO.Fonte,\" \",ORÇAMENTO.CodBarra)))","v":"Composição COMP07"},{"$f":"IF(ISERROR(ORÇAMENTO.BancoRef),\"(abra o arquivo 'Referência \"&Excel_BuiltIn_Database&\".xlsm)\",IF(OR($C61<>\"S\",ORÇAMENTO.CodBarra=\"\"),\"(Sem Código)\",IF(ISERROR(MATCH($AE61,INDIRECT(ORÇAMENTO.BancoRef),0)),\"(Código não identificado nas referências)\",MATCH($AE61,INDIRECT(ORÇAMENTO.BancoRef),0))))","v":9},{"$f":"ROUND(IF(DESONERACAO=\"sim\",REFERENCIA.Desonerado,REFERENCIA.NaoDesonerado),2)","v":103.7},0.25290000000000001,null,null,null,null,2416.6999999999998,{"$f":"ROUND(ORÇAMENTO.CustoUnitario*(1+$AH61),2)","v":129.93}]
[2,2,2,10,{"$f":"IF($C62=1,OFFSET(E62,-1,0)+MAX(1,COUNTIF(QCI!$A$13:$A$36,OFFSET(ORÇAMENTO!E62,-1,0))),OFFSET(E62,-1,0))","v":4},2,0,0,0,23,{"$f":"IF(OR($C62=\"S\",$C62=0),0,MATCH(OFFSET($D62,0,$C62)+IF($C62<>1,1,COUNTIF(QCI!$A$13:$A$36,ORÇAMENTO!E62)),OFFSET($D62,1,$C62,ROW($C$472)-ROW($C62)),0))","v":10},"F","Nível 2","Nível 2","4.2.","SINAPI",null,{"$f":"IF($C62=\"S\",REFERENCIA.Descricao,\"VIGAS\")","v":"VIGAS"},{"$f":"REFERENCIA.Unidade","v":"-"},{"$f":"OFFSET(CÁLCULO!H$15,ROW($T62)-ROW(T$15),0)","v":0},null,"BDI 1",{"$f":"IF($C62=\"S\",ROUND(IF(TIPOORCAMENTO=\"Proposto\",ORÇAMENTO.CustoUnitario*(1+$AH62),ORÇAMENTO.PrecoUnitarioLicitado),15-13*$AF$10),0)","v":0},{"$f":"IF($C62=\"S\",IF(OR(Import.TipoArredondamento<>\"TransfereGOV\",ACOMPANHAMENTO=\"BM\"),VTOTAL1,SUM(OFFSET(CÁLCULO!$AI$15,ROW($X62)-ROW($X$15),1):OFFSET(CÁLCULO!$BB$15,ROW($X62)-ROW($X$15),-1))),IF($C62=0,0,ROUND(SomaAgrup,15-13*$AF$11)))","v":134720.47},"RA","",{"$f":"IF($C62=\"S\",IF($Z62=\"CP\",$X62,IF($Z62=\"RA\",(($X62)*QCI!$AA$3),0)),SomaAgrup)","v":11657.861221007943},{"$f":"IF($C62=\"S\",IF($Z62=\"OU\",ROUND($X62,2),0),SomaAgrup)","v":0},{"$f":"IF($N62=\"\",\" \",\nIF(AND($C62<>\"S\",OR($R62=\"\",$R62=\"(digite a descrição aqui)\")),\"DESCRIÇÃO\",\nIF(AND($C62=\"S\",OR($Q62<>\"\",$T62>0,$U62>0),$P62=\"\"),\"FONTE\",\nIF(AND($C62=\"S\",$P62<>\"\",OR($T62>0,$U62>0),$Q62=\"\"),\"CÓDIGO\",\nIF(AND($C62=\"S\",$P62<>\"\",$Q62<>\"\",$R62=\"(Código não identificado nas referências)\"),\"CÓDIGO N/ID\",\nIF(AND($C62=\"S\",OR($R62=\"\",$R62=\"(digite a descrição aqui)\"),OR($Q62<>\"\",$T62>0,$U62>0)),\"DESCRIÇÃO\",\nIF(AND($C62=\"S\",$P62<>\"\",$Q62<>\"\",$S62=\"\"),\"UNIDADE\",\nIF(AND($C62=\"S\",$P62<>\"\",$Q62<>\"\",$U62=0),\"SEM CUSTO\",\nIF(AND(TIPOORCAMENTO=\"Licitado\",$AL62=0,$AN62>0),\"SEM PREÇO\",\nIF(AND($C62=\"S\",$P62<>\"\",$Q62<>\"\",$U62>0,AND($V62<>\"BDI 1\",$V62<>\"BDI 2\",$V62<>\"BDI 3\")),IF(ISNUMBER($V62),\"JUSTIFICAR BDI\",\"BDI\"),\nIF(OR(AND(import.recurso=\"OGU\",TIPOORCAMENTO=\"Proposto\",LEFT($O$8,5)<>\"(N/D:\",$AG62<>\"\",ORÇAMENTO.CustoUnitario>$AG62),AND(TIPOORCAMENTO=\"LICITADO\",ORÇAMENTO.PrecoUnitarioLicitado>$AN62)),\"ACIMA REF.\",\nIF(AND($C62=\"S\",$P62<>\"\",$Q62<>\"\",$T62=0,$U62>0),\"QUANT.\",\nIF(AND(Import.TipoArredondamento=\"TransfereGOV\",$L62=\"F\",$C62=\"S\",LEN($Q62)>13),\"Código >13\",\nIF(AND(Import.TipoArredondamento=\"TransfereGOV\",$L62=\"F\",$C62<>\"S\",LEN($R62)>100),\"Descrição >100\",\nIF(AND(Import.TipoArredondamento=\"TransfereGOV\",$L62=\"F\",$C62=\"S\",LEN($R62)>500),\"Descrição >500\",\nIF(AND(Import.TipoArredondamento=\"TransfereGOV\",$L62=\"F\",$C62=\"S\",LEFT(TRIM(UPPER($P62)),6)<>\"SINAPI\",ISNA(VLOOKUP(TRIM(UPPER($S62)),ListaTgov.Unidades,1,FALSE))),\"Unid. Não Disp\",\n\" \"))))))))))))))))","v":" "},{"$f":"IF(C62<=CRONO.NivelExibicao,MAX($AD$15:OFFSET(AD62,-1,0))+IF($C62<>1,1,MAX(1,COUNTIF(QCI!$A$13:$A$36,OFFSET($E62,-1,0)))),\"\")","v":11},{"$f":"IF(AND($C62=\"S\",ORÇAMENTO.CodBarra<>\"\"),IF(ORÇAMENTO.Fonte=\"\",ORÇAMENTO.CodBarra,CONCATENATE(ORÇAMENTO.Fonte,\" \",ORÇAMENTO.CodBarra)))","v":false},{"$f":"IF(ISERROR(ORÇAMENTO.BancoRef),\"(abra o arquivo 'Referência \"&Excel_BuiltIn_Database&\".xlsm)\",IF(OR($C62<>\"S\",ORÇAMENTO.CodBarra=\"\"),\"(Sem Código)\",IF(ISERROR(MATCH($AE62,INDIRECT(ORÇAMENTO.BancoRef),0)),\"(Código não identificado nas referências)\",MATCH($AE62,INDIRECT(ORÇAMENTO.BancoRef),0))))","v":"(Sem Código)"},{"$f":"ROUND(IF(DESONERACAO=\"sim\",REFERENCIA.Desonerado,REFERENCIA.NaoDesonerado),2)","v":0},0.25290000000000001,null,null,null,null,134720.47,{"$f":"ROUND(ORÇAMENTO.CustoUnitario*(1+$AH62),2)","v":0}]
["S",2,"S",0,{"$f":"IF($C63=1,OFFSET(E63,-1,0)+MAX(1,COUNTIF(QCI!$A$13:$A$36,OFFSET(ORÇAMENTO!E63,-1,0))),OFFSET(E63,-1,0))","v":4},2,0,0,1,0,{"$f":"IF(OR($C63=\"S\",$C63=0),0,MATCH(OFFSET($D63,0,$C63)+IF($C63<>1,1,COUNTIF(QCI!$A$13:$A$36,ORÇAMENTO!E63)),OFFSET($D63,1,$C63,ROW($C$472)-ROW($C63)),0))","v":0},"F","Serviço","Serviço","4.2.0.1.","SINAPI","92461",{"$f":"IF($C63=\"S\",REFERENCIA.Descricao,\"(digite a descrição aqui)\")","v":"MONTAGEM E DESMONTAGEM DE FÔRMA DE VIGA, ESCORAMENTO COM GARFO DE MADEIRA, PÉ-DIREITO DUPLO, EM CHAPA DE MADEIRA RESINADA, 8 UTILIZAÇÕES. AF_09/2020"},{"$f":"REFERENCIA.Unidade","v":"M2"},{"$f":"OFFSET(CÁLCULO!H$15,ROW($T63)-ROW(T$15),0)","v":290.8},{"$f":"AG63","v":196.21},"BDI 1",{"$f":"IF($C63=\"S\",ROUND(IF(TIPOORCAMENTO=\"Proposto\",ORÇAMENTO.CustoUnitario*(1+$AH63),ORÇAMENTO.PrecoUnitarioLicitado),15-13*$AF$10),0)","v":245.83},{"$f":"IF($C63=\"S\",IF(OR(Import.TipoArredondamento<>\"TransfereGOV\",ACOMPANHAMENTO=\"BM\"),VTOTAL1,SUM(OFFSET(CÁLCULO!$AI$15,ROW($X63)-ROW($X$15),1):OFFSET(CÁLCULO!$BB$15,ROW($X63)-ROW($X$15),-1))),IF($C63=0,0,ROUND(SomaAgrup,15-13*$AF$11)))","v":71487.360000000001},"RA","RA",{"$f":"IF($C63=\"S\",IF($Z63=\"CP\",$X63,IF($Z63=\"RA\",(($X63)*QCI!$AA$3),0)),SomaAgrup)","v":6186.0660220101245},{"$f":"IF($C63=\"S\",IF($Z63=\"OU\",ROUND($X63,2),0),SomaAgrup)","v":0},{"$f":"IF($N63=\"\",\" \",\nIF(AND($C63<>\"S\",OR($R63=\"\",$R63=\"(digite a descrição aqui)\")),\"DESCRIÇÃO\",\nIF(AND($C63=\"S\",OR($Q63<>\"\",$T63>0,$U63>0),$P63=\"\"),\"FONTE\",\nIF(AND($C63=\"S\",$P63<>\"\",OR($T63>0,$U63>0),$Q63=\"\"),\"CÓDIGO\",\nIF(AND($C63=\"S\",$P63<>\"\",$Q63<>\"\",$R63=\"(Código não identificado nas referências)\"),\"CÓDIGO N/ID\",\nIF(AND($C63=\"S\",OR($R63=\"\",$R63=\"(digite a descrição aqui)\"),OR($Q63<>\"\",$T63>0,$U63>0)),\"DESCRIÇÃO\",\nIF(AND($C63=\"S\",$P63<>\"\",$Q63<>\"\",$S63=\"\"),\"UNIDADE\",\nIF(AND($C63=\"S\",$P63<>\"\",$Q63<>\"\",$U63=0),\"SEM CUSTO\",\nIF(AND(TIPOORCAMENTO=\"Licitado\",$AL63=0,$AN63>0),\"SEM PREÇO\",\nIF(AND($C63=\"S\",$P63<>\"\",$Q63<>\"\",$U63>0,AND($V63<>\"BDI 1\",$V63<>\"BDI 2\",$V63<>\"BDI 3\")),IF(ISNUMBER($V63),\"JUSTIFICAR BDI\",\"BDI\"),\nIF(OR(AND(import.recurso=\"OGU\",TIPOORCAMENTO=\"Proposto\",LEFT($O$8,5)<>\"(N/D:\",$AG63<>\"\",ORÇAMENTO.CustoUnitario>$AG63),AND(TIPOORCAMENTO=\"LICITADO\",ORÇAMENTO.PrecoUnitarioLicitado>$AN63)),\"ACIMA REF.\",\nIF(AND($C63=\"S\",$P63<>\"\",$Q63<>\"\",$T63=0,$U63>0),\"QUANT.\",\nIF(AND(Import.TipoArredondamento=\"TransfereGOV\",$L63=\"F\",$C63=\"S\",LEN($Q63)>13),\"Código >13\",\nIF(AND(Import.TipoArredondamento=\"TransfereGOV\",$L63=\"F\",$C63<>\"S\",LEN($R63)>100),\"Descrição >100\",\nIF(AND(Import.TipoArredondamento=\"TransfereGOV\",$L63=\"F\",$C63=\"S\",LEN($R63)>500),\"Descrição >500\",\nIF(AND(Import.TipoArredondamento=\"TransfereGOV\",$L63=\"F\",$C63=\"S\",LEFT(TRIM(UPPER($P63)),6)<>\"SINAPI\",ISNA(VLOOKUP(TRIM(UPPER($S63)),ListaTgov.Unidades,1,FALSE))),\"Unid. Não Disp\",\n\" \"))))))))))))))))","v":" "},{"$f":"IF(C63<=CRONO.NivelExibicao,MAX($AD$15:OFFSET(AD63,-1,0))+IF($C63<>1,1,MAX(1,COUNTIF(QCI!$A$13:$A$36,OFFSET($E63,-1,0)))),\"\")","v":""},{"$f":"IF(AND($C63=\"S\",ORÇAMENTO.CodBarra<>\"\"),IF(ORÇAMENTO.Fonte=\"\",ORÇAMENTO.CodBarra,CONCATENATE(ORÇAMENTO.Fonte,\" \",ORÇAMENTO.CodBarra)))","v":"SINAPI 92461"},{"$f":"IF(ISERROR(ORÇAMENTO.BancoRef),\"(abra o arquivo 'Referência \"&Excel_BuiltIn_Database&\".xlsm)\",IF(OR($C63<>\"S\",ORÇAMENTO.CodBarra=\"\"),\"(Sem Código)\",IF(ISERROR(MATCH($AE63,INDIRECT(ORÇAMENTO.BancoRef),0)),\"(Código não identificado nas referências)\",MATCH($AE63,INDIRECT(ORÇAMENTO.BancoRef),0))))","v":10372},{"$f":"ROUND(IF(DESONERACAO=\"sim\",REFERENCIA.Desonerado,REFERENCIA.NaoDesonerado),2)","v":196.21},0.25290000000000001,null,null,null,null,71487.360000000001,{"$f":"ROUND(ORÇAMENTO.CustoUnitario*(1+$AH63),2)","v":245.83}]
["S",2,"S",0,{"$f":"IF($C64=1,OFFSET(E64,-1,0)+MAX(1,COUNTIF(QCI!$A$13:$A$36,OFFSET(ORÇAMENTO!E64,-1,0))),OFFSET(E64,-1,0))","v":4},2,0,0,2,0,{"$f":"IF(OR($C64=\"S\",$C64=0),0,MATCH(OFFSET($D64,0,$C64)+IF($C64<>1,1,COUNTIF(QCI!$A$13:$A$36,ORÇAMENTO!E64)),OFFSET($D64,1,$C64,ROW($C$472)-ROW($C64)),0))","v":0},"F","Serviço","Serviço","4.2.0.2.","SINAPI","92760",{"$f":"IF($C64=\"S\",REFERENCIA.Descricao,\"(digite a descrição aqui)\")","v":"ARMAÇÃO DE PILAR OU VIGA DE ESTRUTURA CONVENCIONAL DE CONCRETO ARMADO UTILIZANDO AÇO CA-50 DE 6,3 MM - MONTAGEM. AF_06/2022"},{"$f":"REFERENCIA.Unidade","v":"KG"},{"$f":"OFFSET(CÁLCULO!H$15,ROW($T64)-ROW(T$15),0)","v":403.8},12.83,"BDI 1",{"$f":"IF($C64=\"S\",ROUND(IF(TIPOORCAMENTO=\"Proposto\",ORÇAMENTO.CustoUnitario*(1+$AH64),ORÇAMENTO.PrecoUnitarioLicitado),15-13*$AF$10),0)","v":16.07},{"$f":"IF($C64=\"S\",IF(OR(Import.TipoArredondamento<>\"TransfereGOV\",ACOMPANHAMENTO=\"BM\"),VTOTAL1,SUM(OFFSET(CÁLCULO!$AI$15,ROW($X64)-ROW($X$15),1):OFFSET(CÁLCULO!$BB$15,ROW($X64)-ROW($X$15),-1))),IF($C64=0,0,ROUND(SomaAgrup,15-13*$AF$11)))","v":6489.06},"RA","RA",{"$f":"IF($C64=\"S\",IF($Z64=\"CP\",$X64,IF($Z64=\"RA\",(($X64)*QCI!$AA$3),0)),SomaAgrup)","v":561.52239473922407},{"$f":"IF($C64=\"S\",IF($Z64=\"OU\",ROUND($X64,2),0),SomaAgrup)","v":0},{"$f":"IF($N64=\"\",\" \",\nIF(AND($C64<>\"S\",OR($R64=\"\",$R64=\"(digite a descrição aqui)\")),\"DESCRIÇÃO\",\nIF(AND($C64=\"S\",OR($Q64<>\"\",$T64>0,$U64>0),$P64=\"\"),\"FONTE\",\nIF(AND($C64=\"S\",$P64<>\"\",OR($T64>0,$U64>0),$Q64=\"\"),\"CÓDIGO\",\nIF(AND($C64=\"S\",$P64<>\"\",$Q64<>\"\",$R64=\"(Código não identificado nas referências)\"),\"CÓDIGO N/ID\",\nIF(AND($C64=\"S\",OR($R64=\"\",$R64=\"(digite a descrição aqui)\"),OR($Q64<>\"\",$T64>0,$U64>0)),\"DESCRIÇÃO\",\nIF(AND($C64=\"S\",$P64<>\"\",$Q64<>\"\",$S64=\"\"),\"UNIDADE\",\nIF(AND($C64=\"S\",$P64<>\"\",$Q64<>\"\",$U64=0),\"SEM CUSTO\",\nIF(AND(TIPOORCAMENTO=\"Licitado\",$AL64=0,$AN64>0),\"SEM PREÇO\",\nIF(AND($C64=\"S\",$P64<>\"\",$Q64<>\"\",$U64>0,AND($V64<>\"BDI 1\",$V64<>\"BDI 2\",$V64<>\"BDI 3\")),IF(ISNUMBER($V64),\"JUSTIFICAR BDI\",\"BDI\"),\nIF(OR(AND(import.recurso=\"OGU\",TIPOORCAMENTO=\"Proposto\",LEFT($O$8,5)<>\"(N/D:\",$AG64<>\"\",ORÇAMENTO.CustoUnitario>$AG64),AND(TIPOORCAMENTO=\"LICITADO\",ORÇAMENTO.PrecoUnitarioLicitado>$AN64)),\"ACIMA REF.\",\nIF(AND($C64=\"S\",$P64<>\"\",$Q64<>\"\",$T64=0,$U64>0),\"QUANT.\",\nIF(AND(Import.TipoArredondamento=\"TransfereGOV\",$L64=\"F\",$C64=\"S\",LEN($Q64)>13),\"Código >13\",\nIF(AND(Import.TipoArredondamento=\"TransfereGOV\",$L64=\"F\",$C64<>\"S\",LEN($R64)>100),\"Descrição >100\",\nIF(AND(Import.TipoArredondamento=\"TransfereGOV\",$L64=\"F\",$C64=\"S\",LEN($R64)>500),\"Descrição >500\",\nIF(AND(Import.TipoArredondamento=\"TransfereGOV\",$L64=\"F\",$C64=\"S\",LEFT(TRIM(UPPER($P64)),6)<>\"SINAPI\",ISNA(VLOOKUP(TRIM(UPPER($S64)),ListaTgov.Unidades,1,FALSE))),\"Unid. Não Disp\",\n\" \"))))))))))))))))","v":" "},{"$f":"IF(C64<=CRONO.NivelExibicao,MAX($AD$15:OFFSET(AD64,-1,0))+IF($C64<>1,1,MAX(1,COUNTIF(QCI!$A$13:$A$36,OFFSET($E64,-1,0)))),\"\")","v":""},{"$f":"IF(AND($C64=\"S\",ORÇAMENTO.CodBarra<>\"\"),IF(ORÇAMENTO.Fonte=\"\",ORÇAMENTO.CodBarra,CONCATENATE(ORÇAMENTO.Fonte,\" \",ORÇAMENTO.CodBarra)))","v":"SINAPI 92760"},{"$f":"IF(ISERROR(ORÇAMENTO.BancoRef),\"(abra o arquivo 'Referência \"&Excel_BuiltIn_Database&\".xlsm)\",IF(OR($C64<>\"S\",ORÇAMENTO.CodBarra=\"\"),\"(Sem Código)\",IF(ISERROR(MATCH($AE64,INDIRECT(ORÇAMENTO.BancoRef),0)),\"(Código não identificado nas referências)\",MATCH($AE64,INDIRECT(ORÇAMENTO.BancoRef),0))))","v":6580},{"$f":"ROUND(IF(DESONERACAO=\"sim\",REFERENCIA.Desonerado,REFERENCIA.NaoDesonerado),2)","v":12.83},0.25290000000000001,null,null,null,null,6489.06,{"$f":"ROUND(ORÇAMENTO.CustoUnitario*(1+$AH64),2)","v":16.07}]
["S",2,"S",0,{"$f":"IF($C65=1,OFFSET(E65,-1,0)+MAX(1,COUNTIF(QCI!$A$13:$A$36,OFFSET(ORÇAMENTO!E65,-1,0))),OFFSET(E65,-1,0))","v":4},2,0,0,3,0,{"$f":"IF(OR($C65=\"S\",$C65=0),0,MATCH(OFFSET($D65,0,$C65)+IF($C65<>1,1,COUNTIF(QCI!$A$13:$A$36,ORÇAMENTO!E65)),OFFSET($D65,1,$C65,ROW($C$472)-ROW($C65)),0))","v":0},"F","Serviço","Serviço","4.2.0.3.","SINAPI","92761",{"$f":"IF($C65=\"S\",REFERENCIA.Descricao,\"(digite a descrição aqui)\")","v":"ARMAÇÃO DE PILAR OU VIGA DE ESTRUTURA CONVENCIONAL DE CONCRETO ARMADO UTILIZANDO AÇO CA-50 DE 8,0 MM - MONTAGEM. AF_06/2022"},{"$f":"REFERENCIA.Unidade","v":"KG"},{"$f":"OFFSET(CÁLCULO!H$15,ROW($T65)-ROW(T$15),0)","v":140.30000000000001},11.94,"BDI 1",{"$f":"IF($C65=\"S\",ROUND(IF(TIPOORCAMENTO=\"Proposto\",ORÇAMENTO.CustoUnitario*(1+$AH65),ORÇAMENTO.PrecoUnitarioLicitado),15-13*$AF$10),0)","v":14.96},{"$f":"IF($C65=\"S\",IF(OR(Import.TipoArredondamento<>\"TransfereGOV\",ACOMPANHAMENTO=\"BM\"),VTOTAL1,SUM(OFFSET(CÁLCULO!$AI$15,ROW($X65)-ROW($X$15),1):OFFSET(CÁLCULO!$BB$15,ROW($X65)-ROW($X$15),-1))),IF($C65=0,0,ROUND(SomaAgrup,15-13*$AF$11)))","v":2098.88},"RA","RA",{"$f":"IF($C65=\"S\",IF($Z65=\"CP\",$X65,IF($Z65=\"RA\",(($X65)*QCI!$AA$3),0)),SomaAgrup)","v":181.62385983027784},{"$f":"IF($C65=\"S\",IF($Z65=\"OU\",ROUND($X65,2),0),SomaAgrup)","v":0},{"$f":"IF($N65=\"\",\" \",\nIF(AND($C65<>\"S\",OR($R65=\"\",$R65=\"(digite a descrição aqui)\")),\"DESCRIÇÃO\",\nIF(AND($C65=\"S\",OR($Q65<>\"\",$T65>0,$U65>0),$P65=\"\"),\"FONTE\",\nIF(AND($C65=\"S\",$P65<>\"\",OR($T65>0,$U65>0),$Q65=\"\"),\"CÓDIGO\",\nIF(AND($C65=\"S\",$P65<>\"\",$Q65<>\"\",$R65=\"(Código não identificado nas referências)\"),\"CÓDIGO N/ID\",\nIF(AND($C65=\"S\",OR($R65=\"\",$R65=\"(digite a descrição aqui)\"),OR($Q65<>\"\",$T65>0,$U65>0)),\"DESCRIÇÃO\",\nIF(AND($C65=\"S\",$P65<>\"\",$Q65<>\"\",$S65=\"\"),\"UNIDADE\",\nIF(AND($C65=\"S\",$P65<>\"\",$Q65<>\"\",$U65=0),\"SEM CUSTO\",\nIF(AND(TIPOORCAMENTO=\"Licitado\",$AL65=0,$AN65>0),\"SEM PREÇO\",\nIF(AND($C65=\"S\",$P65<>\"\",$Q65<>\"\",$U65>0,AND($V65<>\"BDI 1\",$V65<>\"BDI 2\",$V65<>\"BDI 3\")),IF(ISNUMBER($V65),\"JUSTIFICAR BDI\",\"BDI\"),\nIF(OR(AND(import.recurso=\"OGU\",TIPOORCAMENTO=\"Proposto\",LEFT($O$8,5)<>\"(N/D:\",$AG65<>\"\",ORÇAMENTO.CustoUnitario>$AG65),AND(TIPOORCAMENTO=\"LICITADO\",ORÇAMENTO.PrecoUnitarioLicitado>$AN65)),\"ACIMA REF.\",\nIF(AND($C65=\"S\",$P65<>\"\",$Q65<>\"\",$T65=0,$U65>0),\"QUANT.\",\nIF(AND(Import.TipoArredondamento=\"TransfereGOV\",$L65=\"F\",$C65=\"S\",LEN($Q65)>13),\"Código >13\",\nIF(AND(Import.TipoArredondamento=\"TransfereGOV\",$L65=\"F\",$C65<>\"S\",LEN($R65)>100),\"Descrição >100\",\nIF(AND(Import.TipoArredondamento=\"TransfereGOV\",$L65=\"F\",$C65=\"S\",LEN($R65)>500),\"Descrição >500\",\nIF(AND(Import.TipoArredondamento=\"TransfereGOV\",$L65=\"F\",$C65=\"S\",LEFT(TRIM(UPPER($P65)),6)<>\"SINAPI\",ISNA(VLOOKUP(TRIM(UPPER($S65)),ListaTgov.Unidades,1,FALSE))),\"Unid. Não Disp\",\n\" \"))))))))))))))))","v":" "},{"$f":"IF(C65<=CRONO.NivelExibicao,MAX($AD$15:OFFSET(AD65,-1,0))+IF($C65<>1,1,MAX(1,COUNTIF(QCI!$A$13:$A$36,OFFSET($E65,-1,0)))),\"\")","v":""},{"$f":"IF(AND($C65=\"S\",ORÇAMENTO.CodBarra<>\"\"),IF(ORÇAMENTO.Fonte=\"\",ORÇAMENTO.CodBarra,CONCATENATE(ORÇAMENTO.Fonte,\" \",ORÇAMENTO.CodBarra)))","v":"SINAPI 92761"},{"$f":"IF(ISERROR(ORÇAMENTO.BancoRef),\"(abra o arquivo 'Referência \"&Excel_BuiltIn_Database&\".xlsm)\",IF(OR($C65<>\"S\",ORÇAMENTO.CodBarra=\"\"),\"(Sem Código)\",IF(ISERROR(MATCH($AE65,INDIRECT(ORÇAMENTO.BancoRef),0)),\"(Código não identificado nas referências)\",MATCH($AE65,INDIRECT(ORÇAMENTO.BancoRef),0))))","v":6581},{"$f":"ROUND(IF(DESONERACAO=\"sim\",REFERENCIA.Desonerado,REFERENCIA.NaoDesonerado),2)","v":11.94},0.25290000000000001,null,null,null,null,2098.88,{"$f":"ROUND(ORÇAMENTO.CustoUnitario*(1+$AH65),2)","v":14.96}]
["S",2,"S",0,{"$f":"IF($C66=1,OFFSET(E66,-1,0)+MAX(1,COUNTIF(QCI!$A$13:$A$36,OFFSET(ORÇAMENTO!E66,-1,0))),OFFSET(E66,-1,0))","v":4},2,0,0,4,0,{"$f":"IF(OR($C66=\"S\",$C66=0),0,MATCH(OFFSET($D66,0,$C66)+IF($C66<>1,1,COUNTIF(QCI!$A$13:$A$36,ORÇAMENTO!E66)),OFFSET($D66,1,$C66,ROW($C$472)-ROW($C66)),0))","v":0},"F","Serviço","Serviço","4.2.0.4.","SINAPI","92762",{"$f":"IF($C66=\"S\",REFERENCIA.Descricao,\"(digite a descrição aqui)\")","v":"ARMAÇÃO DE PILAR OU VIGA DE ESTRUTURA CONVENCIONAL DE CONCRETO ARMADO UTILIZANDO AÇO CA-50 DE 10,0 MM - MONTAGEM. AF_06/2022"},{"$f":"REFERENCIA.Unidade","v":"KG"},{"$f":"OFFSET(CÁLCULO!H$15,ROW($T66)-ROW(T$15),0)","v":541.9},10.6,"BDI 1",{"$f":"IF($C66=\"S\",ROUND(IF(TIPOORCAMENTO=\"Proposto\",ORÇAMENTO.CustoUnitario*(1+$AH66),ORÇAMENTO.PrecoUnitarioLicitado),15-13*$AF$10),0)","v":13.28},{"$f":"IF($C66=\"S\",IF(OR(Import.TipoArredondamento<>\"TransfereGOV\",ACOMPANHAMENTO=\"BM\"),VTOTAL1,SUM(OFFSET(CÁLCULO!$AI$15,ROW($X66)-ROW($X$15),1):OFFSET(CÁLCULO!$BB$15,ROW($X66)-ROW($X$15),-1))),IF($C66=0,0,ROUND(SomaAgrup,15-13*$AF$11)))","v":7196.44},"RA","RA",{"$f":"IF($C66=\"S\",IF($Z66=\"CP\",$X66,IF($Z66=\"RA\",(($X66)*QCI!$AA$3),0)),SomaAgrup)","v":622.73460599796294},{"$f":"IF($C66=\"S\",IF($Z66=\"OU\",ROUND($X66,2),0),SomaAgrup)","v":0},{"$f":"IF($N66=\"\",\" \",\nIF(AND($C66<>\"S\",OR($R66=\"\",$R66=\"(digite a descrição aqui)\")),\"DESCRIÇÃO\",\nIF(AND($C66=\"S\",OR($Q66<>\"\",$T66>0,$U66>0),$P66=\"\"),\"FONTE\",\nIF(AND($C66=\"S\",$P66<>\"\",OR($T66>0,$U66>0),$Q66=\"\"),\"CÓDIGO\",\nIF(AND($C66=\"S\",$P66<>\"\",$Q66<>\"\",$R66=\"(Código não identificado nas referências)\"),\"CÓDIGO N/ID\",\nIF(AND($C66=\"S\",OR($R66=\"\",$R66=\"(digite a descrição aqui)\"),OR($Q66<>\"\",$T66>0,$U66>0)),\"DESCRIÇÃO\",\nIF(AND($C66=\"S\",$P66<>\"\",$Q66<>\"\",$S66=\"\"),\"UNIDADE\",\nIF(AND($C66=\"S\",$P66<>\"\",$Q66<>\"\",$U66=0),\"SEM CUSTO\",\nIF(AND(TIPOORCAMENTO=\"Licitado\",$AL66=0,$AN66>0),\"SEM PREÇO\",\nIF(AND($C66=\"S\",$P66<>\"\",$Q66<>\"\",$U66>0,AND($V66<>\"BDI 1\",$V66<>\"BDI 2\",$V66<>\"BDI 3\")),IF(ISNUMBER($V66),\"JUSTIFICAR BDI\",\"BDI\"),\nIF(OR(AND(import.recurso=\"OGU\",TIPOORCAMENTO=\"Proposto\",LEFT($O$8,5)<>\"(N/D:\",$AG66<>\"\",ORÇAMENTO.CustoUnitario>$AG66),AND(TIPOORCAMENTO=\"LICITADO\",ORÇAMENTO.PrecoUnitarioLicitado>$AN66)),\"ACIMA REF.\",\nIF(AND($C66=\"S\",$P66<>\"\",$Q66<>\"\",$T66=0,$U66>0),\"QUANT.\",\nIF(AND(Import.TipoArredondamento=\"TransfereGOV\",$L66=\"F\",$C66=\"S\",LEN($Q66)>13),\"Código >13\",\nIF(AND(Import.TipoArredondamento=\"TransfereGOV\",$L66=\"F\",$C66<>\"S\",LEN($R66)>100),\"Descrição >100\",\nIF(AND(Import.TipoArredondamento=\"TransfereGOV\",$L66=\"F\",$C66=\"S\",LEN($R66)>500),\"Descrição >500\",\nIF(AND(Import.TipoArredondamento=\"TransfereGOV\",$L66=\"F\",$C66=\"S\",LEFT(TRIM(UPPER($P66)),6)<>\"SINAPI\",ISNA(VLOOKUP(TRIM(UPPER($S66)),ListaTgov.Unidades,1,FALSE))),\"Unid. Não Disp\",\n\" \"))))))))))))))))","v":" "},{"$f":"IF(C66<=CRONO.NivelExibicao,MAX($AD$15:OFFSET(AD66,-1,0))+IF($C66<>1,1,MAX(1,COUNTIF(QCI!$A$13:$A$36,OFFSET($E66,-1,0)))),\"\")","v":""},{"$f":"IF(AND($C66=\"S\",ORÇAMENTO.CodBarra<>\"\"),IF(ORÇAMENTO.Fonte=\"\",ORÇAMENTO.CodBarra,CONCATENATE(ORÇAMENTO.Fonte,\" \",ORÇAMENTO.CodBarra)))","v":"SINAPI 92762"},{"$f":"IF(ISERROR(ORÇAMENTO.BancoRef),\"(abra o arquivo 'Referência \"&Excel_BuiltIn_Database&\".xlsm)\",IF(OR($C66<>\"S\",ORÇAMENTO.CodBarra=\"\"),\"(Sem Código)\",IF(ISERROR(MATCH($AE66,INDIRECT(ORÇAMENTO.BancoRef),0)),\"(Código não identificado nas referências)\",MATCH($AE66,INDIRECT(ORÇAMENTO.BancoRef),0))))","v":6574},{"$f":"ROUND(IF(DESONERACAO=\"sim\",REFERENCIA.Desonerado,REFERENCIA.NaoDesonerado),2)","v":10.6},0.25290000000000001,null,null,null,null,7196.44,{"$f":"ROUND(ORÇAMENTO.CustoUnitario*(1+$AH66),2)","v":13.28}]
["S",2,"S",0,{"$f":"IF($C67=1,OFFSET(E67,-1,0)+MAX(1,COUNTIF(QCI!$A$13:$A$36,OFFSET(ORÇAMENTO!E67,-1,0))),OFFSET(E67,-1,0))","v":4},2,0,0,5,0,{"$f":"IF(OR($C67=\"S\",$C67=0),0,MATCH(OFFSET($D67,0,$C67)+IF($C67<>1,1,COUNTIF(QCI!$A$13:$A$36,ORÇAMENTO!E67)),OFFSET($D67,1,$C67,ROW($C$472)-ROW($C67)),0))","v":0},"F","Serviço","Serviço","4.2.0.5.","SINAPI","92763",{"$f":"IF($C67=\"S\",REFERENCIA.Descricao,\"(digite a descrição aqui)\")","v":"ARMAÇÃO DE PILAR OU VIGA DE ESTRUTURA CONVENCIONAL DE CONCRETO ARMADO UTILIZANDO AÇO CA-50 DE 12,5 MM - MONTAGEM. AF_06/2022"},{"$f":"REFERENCIA.Unidade","v":"KG"},{"$f":"OFFSET(CÁLCULO!H$15,ROW($T67)-ROW(T$15),0)","v":525.5},8.85,"BDI 1",{"$f":"IF($C67=\"S\",ROUND(IF(TIPOORCAMENTO=\"Proposto\",ORÇAMENTO.CustoUnitario*(1+$AH67),ORÇAMENTO.PrecoUnitarioLicitado),15-13*$AF$10),0)","v":11.09},{"$f":"IF($C67=\"S\",IF(OR(Import.TipoArredondamento<>\"TransfereGOV\",ACOMPANHAMENTO=\"BM\"),VTOTAL1,SUM(OFFSET(CÁLCULO!$AI$15,ROW($X67)-ROW($X$15),1):OFFSET(CÁLCULO!$BB$15,ROW($X67)-ROW($X$15),-1))),IF($C67=0,0,ROUND(SomaAgrup,15-13*$AF$11)))","v":5827.8},"RA","RA",{"$f":"IF($C67=\"S\",IF($Z67=\"CP\",$X67,IF($Z67=\"RA\",(($X67)*QCI!$AA$3),0)),SomaAgrup)","v":504.3011178909195},{"$f":"IF($C67=\"S\",IF($Z67=\"OU\",ROUND($X67,2),0),SomaAgrup)","v":0},{"$f":"IF($N67=\"\",\" \",\nIF(AND($C67<>\"S\",OR($R67=\"\",$R67=\"(digite a descrição aqui)\")),\"DESCRIÇÃO\",\nIF(AND($C67=\"S\",OR($Q67<>\"\",$T67>0,$U67>0),$P67=\"\"),\"FONTE\",\nIF(AND($C67=\"S\",$P67<>\"\",OR($T67>0,$U67>0),$Q67=\"\"),\"CÓDIGO\",\nIF(AND($C67=\"S\",$P67<>\"\",$Q67<>\"\",$R67=\"(Código não identificado nas referências)\"),\"CÓDIGO N/ID\",\nIF(AND($C67=\"S\",OR($R67=\"\",$R67=\"(digite a descrição aqui)\"),OR($Q67<>\"\",$T67>0,$U67>0)),\"DESCRIÇÃO\",\nIF(AND($C67=\"S\",$P67<>\"\",$Q67<>\"\",$S67=\"\"),\"UNIDADE\",\nIF(AND($C67=\"S\",$P67<>\"\",$Q67<>\"\",$U67=0),\"SEM CUSTO\",\nIF(AND(TIPOORCAMENTO=\"Licitado\",$AL67=0,$AN67>0),\"SEM PREÇO\",\nIF(AND($C67=\"S\",$P67<>\"\",$Q67<>\"\",$U67>0,AND($V67<>\"BDI 1\",$V67<>\"BDI 2\",$V67<>\"BDI 3\")),IF(ISNUMBER($V67),\"JUSTIFICAR BDI\",\"BDI\"),\nIF(OR(AND(import.recurso=\"OGU\",TIPOORCAMENTO=\"Proposto\",LEFT($O$8,5)<>\"(N/D:\",$AG67<>\"\",ORÇAMENTO.CustoUnitario>$AG67),AND(TIPOORCAMENTO=\"LICITADO\",ORÇAMENTO.PrecoUnitarioLicitado>$AN67)),\"ACIMA REF.\",\nIF(AND($C67=\"S\",$P67<>\"\",$Q67<>\"\",$T67=0,$U67>0),\"QUANT.\",\nIF(AND(Import.TipoArredondamento=\"TransfereGOV\",$L67=\"F\",$C67=\"S\",LEN($Q67)>13),\"Código >13\",\nIF(AND(Import.TipoArredondamento=\"TransfereGOV\",$L67=\"F\",$C67<>\"S\",LEN($R67)>100),\"Descrição >100\",\nIF(AND(Import.TipoArredondamento=\"TransfereGOV\",$L67=\"F\",$C67=\"S\",LEN($R67)>500),\"Descrição >500\",\nIF(AND(Import.TipoArredondamento=\"TransfereGOV\",$L67=\"F\",$C67=\"S\",LEFT(TRIM(UPPER($P67)),6)<>\"SINAPI\",ISNA(VLOOKUP(TRIM(UPPER($S67)),ListaTgov.Unidades,1,FALSE))),\"Unid. Não Disp\",\n\" \"))))))))))))))))","v":" "},{"$f":"IF(C67<=CRONO.NivelExibicao,MAX($AD$15:OFFSET(AD67,-1,0))+IF($C67<>1,1,MAX(1,COUNTIF(QCI!$A$13:$A$36,OFFSET($E67,-1,0)))),\"\")","v":""},{"$f":"IF(AND($C67=\"S\",ORÇAMENTO.CodBarra<>\"\"),IF(ORÇAMENTO.Fonte=\"\",ORÇAMENTO.CodBarra,CONCATENATE(ORÇAMENTO.Fonte,\" \",ORÇAMENTO.CodBarra)))","v":"SINAPI 92763"},{"$f":"IF(ISERROR(ORÇAMENTO.BancoRef),\"(abra o arquivo 'Referência \"&Excel_BuiltIn_Database&\".xlsm)\",IF(OR($C67<>\"S\",ORÇAMENTO.CodBarra=\"\"),\"(Sem Código)\",IF(ISERROR(MATCH($AE67,INDIRECT(ORÇAMENTO.BancoRef),0)),\"(Código não identificado nas referências)\",MATCH($AE67,INDIRECT(ORÇAMENTO.BancoRef),0))))","v":6575},{"$f":"ROUND(IF(DESONERACAO=\"sim\",REFERENCIA.Desonerado,REFERENCIA.NaoDesonerado),2)","v":8.85},0.25290000000000001,null,null,null,null,5827.8,{"$f":"ROUND(ORÇAMENTO.CustoUnitario*(1+$AH67),2)","v":11.09}]
["S",2,"S",0,{"$f":"IF($C68=1,OFFSET(E68,-1,0)+MAX(1,COUNTIF(QCI!$A$13:$A$36,OFFSET(ORÇAMENTO!E68,-1,0))),OFFSET(E68,-1,0))","v":4},2,0,0,6,0,{"$f":"IF(OR($C68=\"S\",$C68=0),0,MATCH(OFFSET($D68,0,$C68)+IF($C68<>1,1,COUNTIF(QCI!$A$13:$A$36,ORÇAMENTO!E68)),OFFSET($D68,1,$C68,ROW($C$472)-ROW($C68)),0))","v":0},"F","Serviço","Serviço","4.2.0.6.","SINAPI","92764",{"$f":"IF($C68=\"S\",REFERENCIA.Descricao,\"(digite a descrição aqui)\")","v":"ARMAÇÃO DE PILAR OU VIGA DE ESTRUTURA CONVENCIONAL DE CONCRETO ARMADO UTILIZANDO AÇO CA-50 DE 16,0 MM - MONTAGEM. AF_06/2022"},{"$f":"REFERENCIA.Unidade","v":"KG"},{"$f":"OFFSET(CÁLCULO!H$15,ROW($T68)-ROW(T$15),0)","v":360.3},8.56,"BDI 1",{"$f":"IF($C68=\"S\",ROUND(IF(TIPOORCAMENTO=\"Proposto\",ORÇAMENTO.CustoUnitario*(1+$AH68),ORÇAMENTO.PrecoUnitarioLicitado),15-13*$AF$10),0)","v":10.72},{"$f":"IF($C68=\"S\",IF(OR(Import.TipoArredondamento<>\"TransfereGOV\",ACOMPANHAMENTO=\"BM\"),VTOTAL1,SUM(OFFSET(CÁLCULO!$AI$15,ROW($X68)-ROW($X$15),1):OFFSET(CÁLCULO!$BB$15,ROW($X68)-ROW($X$15),-1))),IF($C68=0,0,ROUND(SomaAgrup,15-13*$AF$11)))","v":3862.42},"RA","RA",{"$f":"IF($C68=\"S\",IF($Z68=\"CP\",$X68,IF($Z68=\"RA\",(($X68)*QCI!$AA$3),0)),SomaAgrup)","v":334.2295074924063},{"$f":"IF($C68=\"S\",IF($Z68=\"OU\",ROUND($X68,2),0),SomaAgrup)","v":0},{"$f":"IF($N68=\"\",\" \",\nIF(AND($C68<>\"S\",OR($R68=\"\",$R68=\"(digite a descrição aqui)\")),\"DESCRIÇÃO\",\nIF(AND($C68=\"S\",OR($Q68<>\"\",$T68>0,$U68>0),$P68=\"\"),\"FONTE\",\nIF(AND($C68=\"S\",$P68<>\"\",OR($T68>0,$U68>0),$Q68=\"\"),\"CÓDIGO\",\nIF(AND($C68=\"S\",$P68<>\"\",$Q68<>\"\",$R68=\"(Código não identificado nas referências)\"),\"CÓDIGO N/ID\",\nIF(AND($C68=\"S\",OR($R68=\"\",$R68=\"(digite a descrição aqui)\"),OR($Q68<>\"\",$T68>0,$U68>0)),\"DESCRIÇÃO\",\nIF(AND($C68=\"S\",$P68<>\"\",$Q68<>\"\",$S68=\"\"),\"UNIDADE\",\nIF(AND($C68=\"S\",$P68<>\"\",$Q68<>\"\",$U68=0),\"SEM CUSTO\",\nIF(AND(TIPOORCAMENTO=\"Licitado\",$AL68=0,$AN68>0),\"SEM PREÇO\",\nIF(AND($C68=\"S\",$P68<>\"\",$Q68<>\"\",$U68>0,AND($V68<>\"BDI 1\",$V68<>\"BDI 2\",$V68<>\"BDI 3\")),IF(ISNUMBER($V68),\"JUSTIFICAR BDI\",\"BDI\"),\nIF(OR(AND(import.recurso=\"OGU\",TIPOORCAMENTO=\"Proposto\",LEFT($O$8,5)<>\"(N/D:\",$AG68<>\"\",ORÇAMENTO.CustoUnitario>$AG68),AND(TIPOORCAMENTO=\"LICITADO\",ORÇAMENTO.PrecoUnitarioLicitado>$AN68)),\"ACIMA REF.\",\nIF(AND($C68=\"S\",$P68<>\"\",$Q68<>\"\",$T68=0,$U68>0),\"QUANT.\",\nIF(AND(Import.TipoArredondamento=\"TransfereGOV\",$L68=\"F\",$C68=\"S\",LEN($Q68)>13),\"Código >13\",\nIF(AND(Import.TipoArredondamento=\"TransfereGOV\",$L68=\"F\",$C68<>\"S\",LEN($R68)>100),\"Descrição >100\",\nIF(AND(Import.TipoArredondamento=\"TransfereGOV\",$L68=\"F\",$C68=\"S\",LEN($R68)>500),\"Descrição >500\",\nIF(AND(Import.TipoArredondamento=\"TransfereGOV\",$L68=\"F\",$C68=\"S\",LEFT(TRIM(UPPER($P68)),6)<>\"SINAPI\",ISNA(VLOOKUP(TRIM(UPPER($S68)),ListaTgov.Unidades,1,FALSE))),\"Unid. Não Disp\",\n\" \"))))))))))))))))","v":" "},{"$f":"IF(C68<=CRONO.NivelExibicao,MAX($AD$15:OFFSET(AD68,-1,0))+IF($C68<>1,1,MAX(1,COUNTIF(QCI!$A$13:$A$36,OFFSET($E68,-1,0)))),\"\")","v":""},{"$f":"IF(AND($C68=\"S\",ORÇAMENTO.CodBarra<>\"\"),IF(ORÇAMENTO.Fonte=\"\",ORÇAMENTO.CodBarra,CONCATENATE(ORÇAMENTO.Fonte,\" \",ORÇAMENTO.CodBarra)))","v":"SINAPI 92764"},{"$f":"IF(ISERROR(ORÇAMENTO.BancoRef),\"(abra o arquivo 'Referência \"&Excel_BuiltIn_Database&\".xlsm)\",IF(OR($C68<>\"S\",ORÇAMENTO.CodBarra=\"\"),\"(Sem Código)\",IF(ISERROR(MATCH($AE68,INDIRECT(ORÇAMENTO.BancoRef),0)),\"(Código não identificado nas referências)\",MATCH($AE68,INDIRECT(ORÇAMENTO.BancoRef),0))))","v":6576},{"$f":"ROUND(IF(DESONERACAO=\"sim\",REFERENCIA.Desonerado,REFERENCIA.NaoDesonerado),2)","v":8.56},0.25290000000000001,null,null,null,null,3862.42,{"$f":"ROUND(ORÇAMENTO.CustoUnitario*(1+$AH68),2)","v":10.72}]
["S",2,"S",0,{"$f":"IF($C69=1,OFFSET(E69,-1,0)+MAX(1,COUNTIF(QCI!$A$13:$A$36,OFFSET(ORÇAMENTO!E69,-1,0))),OFFSET(E69,-1,0))","v":4},2,0,0,7,0,{"$f":"IF(OR($C69=\"S\",$C69=0),0,MATCH(OFFSET($D69,0,$C69)+IF($C69<>1,1,COUNTIF(QCI!$A$13:$A$36,ORÇAMENTO!E69)),OFFSET($D69,1,$C69,ROW($C$472)-ROW($C69)),0))","v":0},"F","Serviço","Serviço","4.2.0.7.","SINAPI","92759",{"$f":"IF($C69=\"S\",REFERENCIA.Descricao,\"(digite a descrição aqui)\")","v":"ARMAÇÃO DE PILAR OU VIGA DE ESTRUTURA CONVENCIONAL DE CONCRETO ARMADO UTILIZANDO AÇO CA-60 DE 5,0 MM - MONTAGEM. AF_06/2022"},{"$f":"REFERENCIA.Unidade","v":"KG"},{"$f":"OFFSET(CÁLCULO!H$15,ROW($T69)-ROW(T$15),0)","v":430.4},13.74,"BDI 1",{"$f":"IF($C69=\"S\",ROUND(IF(TIPOORCAMENTO=\"Proposto\",ORÇAMENTO.CustoUnitario*(1+$AH69),ORÇAMENTO.PrecoUnitarioLicitado),15-13*$AF$10),0)","v":17.21},{"$f":"IF($C69=\"S\",IF(OR(Import.TipoArredondamento<>\"TransfereGOV\",ACOMPANHAMENTO=\"BM\"),VTOTAL1,SUM(OFFSET(CÁLCULO!$AI$15,ROW($X69)-ROW($X$15),1):OFFSET(CÁLCULO!$BB$15,ROW($X69)-ROW($X$15),-1))),IF($C69=0,0,ROUND(SomaAgrup,15-13*$AF$11)))","v":7407.18},"RA","RA",{"$f":"IF($C69=\"S\",IF($Z69=\"CP\",$X69,IF($Z69=\"RA\",(($X69)*QCI!$AA$3),0)),SomaAgrup)","v":640.97071869646538},{"$f":"IF($C69=\"S\",IF($Z69=\"OU\",ROUND($X69,2),0),SomaAgrup)","v":0},{"$f":"IF($N69=\"\",\" \",\nIF(AND($C69<>\"S\",OR($R69=\"\",$R69=\"(digite a descrição aqui)\")),\"DESCRIÇÃO\",\nIF(AND($C69=\"S\",OR($Q69<>\"\",$T69>0,$U69>0),$P69=\"\"),\"FONTE\",\nIF(AND($C69=\"S\",$P69<>\"\",OR($T69>0,$U69>0),$Q69=\"\"),\"CÓDIGO\",\nIF(AND($C69=\"S\",$P69<>\"\",$Q69<>\"\",$R69=\"(Código não identificado nas referências)\"),\"CÓDIGO N/ID\",\nIF(AND($C69=\"S\",OR($R69=\"\",$R69=\"(digite a descrição aqui)\"),OR($Q69<>\"\",$T69>0,$U69>0)),\"DESCRIÇÃO\",\nIF(AND($C69=\"S\",$P69<>\"\",$Q69<>\"\",$S69=\"\"),\"UNIDADE\",\nIF(AND($C69=\"S\",$P69<>\"\",$Q69<>\"\",$U69=0),\"SEM CUSTO\",\nIF(AND(TIPOORCAMENTO=\"Licitado\",$AL69=0,$AN69>0),\"SEM PREÇO\",\nIF(AND($C69=\"S\",$P69<>\"\",$Q69<>\"\",$U69>0,AND($V69<>\"BDI 1\",$V69<>\"BDI 2\",$V69<>\"BDI 3\")),IF(ISNUMBER($V69),\"JUSTIFICAR BDI\",\"BDI\"),\nIF(OR(AND(import.recurso=\"OGU\",TIPOORCAMENTO=\"Proposto\",LEFT($O$8,5)<>\"(N/D:\",$AG69<>\"\",ORÇAMENTO.CustoUnitario>$AG69),AND(TIPOORCAMENTO=\"LICITADO\",ORÇAMENTO.PrecoUnitarioLicitado>$AN69)),\"ACIMA REF.\",\nIF(AND($C69=\"S\",$P69<>\"\",$Q69<>\"\",$T69=0,$U69>0),\"QUANT.\",\nIF(AND(Import.TipoArredondamento=\"TransfereGOV\",$L69=\"F\",$C69=\"S\",LEN($Q69)>13),\"Código >13\",\nIF(AND(Import.TipoArredondamento=\"TransfereGOV\",$L69=\"F\",$C69<>\"S\",LEN($R69)>100),\"Descrição >100\",\nIF(AND(Import.TipoArredondamento=\"TransfereGOV\",$L69=\"F\",$C69=\"S\",LEN($R69)>500),\"Descrição >500\",\nIF(AND(Import.TipoArredondamento=\"TransfereGOV\",$L69=\"F\",$C69=\"S\",LEFT(TRIM(UPPER($P69)),6)<>\"SINAPI\",ISNA(VLOOKUP(TRIM(UPPER($S69)),ListaTgov.Unidades,1,FALSE))),\"Unid. Não Disp\",\n\" \"))))))))))))))))","v":" "},{"$f":"IF(C69<=CRONO.NivelExibicao,MAX($AD$15:OFFSET(AD69,-1,0))+IF($C69<>1,1,MAX(1,COUNTIF(QCI!$A$13:$A$36,OFFSET($E69,-1,0)))),\"\")","v":""},{"$f":"IF(AND($C69=\"S\",ORÇAMENTO.CodBarra<>\"\"),IF(ORÇAMENTO.Fonte=\"\",ORÇAMENTO.CodBarra,CONCATENATE(ORÇAMENTO.Fonte,\" \",ORÇAMENTO.CodBarra)))","v":"SINAPI 92759"},{"$f":"IF(ISERROR(ORÇAMENTO.BancoRef),\"(abra o arquivo 'Referência \"&Excel_BuiltIn_Database&\".xlsm)\",IF(OR($C69<>\"S\",ORÇAMENTO.CodBarra=\"\"),\"(Sem Código)\",IF(ISERROR(MATCH($AE69,INDIRECT(ORÇAMENTO.BancoRef),0)),\"(Código não identificado nas referências)\",MATCH($AE69,INDIRECT(ORÇAMENTO.BancoRef),0))))","v":6582},{"$f":"ROUND(IF(DESONERACAO=\"sim\",REFERENCIA.Desonerado,REFERENCIA.NaoDesonerado),2)","v":13.74},0.25290000000000001,null,null,null,null,7407.18,{"$f":"ROUND(ORÇAMENTO.CustoUnitario*(1+$AH69),2)","v":17.21}]
["S",2,"S",0,{"$f":"IF($C70=1,OFFSET(E70,-1,0)+MAX(1,COUNTIF(QCI!$A$13:$A$36,OFFSET(ORÇAMENTO!E70,-1,0))),OFFSET(E70,-1,0))","v":4},2,0,0,8,0,{"$f":"IF(OR($C70=\"S\",$C70=0),0,MATCH(OFFSET($D70,0,$C70)+IF($C70<>1,1,COUNTIF(QCI!$A$13:$A$36,ORÇAMENTO!E70)),OFFSET($D70,1,$C70,ROW($C$472)-ROW($C70)),0))","v":0},"F","Serviço","Serviço","4.2.0.8.","Composição","COMP09",{"$f":"IF($C70=\"S\",REFERENCIA.Descricao,\"(digite a descrição aqui)\")","v":"CONCRETAGEM DE VIGAS E LAJES, FCK=30 MPA, PARA LAJES MACIÇAS OU NERVURADAS COM USO DE BOMBA - LANÇAMENTO, ADENSAMENTO E ACABAMENTO."},{"$f":"REFERENCIA.Unidade","v":"M3"},{"$f":"OFFSET(CÁLCULO!H$15,ROW($T70)-ROW(T$15),0)","v":30.1},701.11,"BDI 1",{"$f":"IF($C70=\"S\",ROUND(IF(TIPOORCAMENTO=\"Proposto\",ORÇAMENTO.CustoUnitario*(1+$AH70),ORÇAMENTO.PrecoUnitarioLicitado),15-13*$AF$10),0)","v":878.42},{"$f":"IF($C70=\"S\",IF(OR(Import.TipoArredondamento<>\"TransfereGOV\",ACOMPANHAMENTO=\"BM\"),VTOTAL1,SUM(OFFSET(CÁLCULO!$AI$15,ROW($X70)-ROW($X$15),1):OFFSET(CÁLCULO!$BB$15,ROW($X70)-ROW($X$15),-1))),IF($C70=0,0,ROUND(SomaAgrup,15-13*$AF$11)))","v":26440.44},"RA","RA",{"$f":"IF($C70=\"S\",IF($Z70=\"CP\",$X70,IF($Z70=\"RA\",(($X70)*QCI!$AA$3),0)),SomaAgrup)","v":2287.98919824424},{"$f":"IF($C70=\"S\",IF($Z70=\"OU\",ROUND($X70,2),0),SomaAgrup)","v":0},{"$f":"IF($N70=\"\",\" \",\nIF(AND($C70<>\"S\",OR($R70=\"\",$R70=\"(digite a descrição aqui)\")),\"DESCRIÇÃO\",\nIF(AND($C70=\"S\",OR($Q70<>\"\",$T70>0,$U70>0),$P70=\"\"),\"FONTE\",\nIF(AND($C70=\"S\",$P70<>\"\",OR($T70>0,$U70>0),$Q70=\"\"),\"CÓDIGO\",\nIF(AND($C70=\"S\",$P70<>\"\",$Q70<>\"\",$R70=\"(Código não identificado nas referências)\"),\"CÓDIGO N/ID\",\nIF(AND($C70=\"S\",OR($R70=\"\",$R70=\"(digite a descrição aqui)\"),OR($Q70<>\"\",$T70>0,$U70>0)),\"DESCRIÇÃO\",\nIF(AND($C70=\"S\",$P70<>\"\",$Q70<>\"\",$S70=\"\"),\"UNIDADE\",\nIF(AND($C70=\"S\",$P70<>\"\",$Q70<>\"\",$U70=0),\"SEM CUSTO\",\nIF(AND(TIPOORCAMENTO=\"Licitado\",$AL70=0,$AN70>0),\"SEM PREÇO\",\nIF(AND($C70=\"S\",$P70<>\"\",$Q70<>\"\",$U70>0,AND($V70<>\"BDI 1\",$V70<>\"BDI 2\",$V70<>\"BDI 3\")),IF(ISNUMBER($V70),\"JUSTIFICAR BDI\",\"BDI\"),\nIF(OR(AND(import.recurso=\"OGU\",TIPOORCAMENTO=\"Proposto\",LEFT($O$8,5)<>\"(N/D:\",$AG70<>\"\",ORÇAMENTO.CustoUnitario>$AG70),AND(TIPOORCAMENTO=\"LICITADO\",ORÇAMENTO.PrecoUnitarioLicitado>$AN70)),\"ACIMA REF.\",\nIF(AND($C70=\"S\",$P70<>\"\",$Q70<>\"\",$T70=0,$U70>0),\"QUANT.\",\nIF(AND(Import.TipoArredondamento=\"TransfereGOV\",$L70=\"F\",$C70=\"S\",LEN($Q70)>13),\"Código >13\",\nIF(AND(Import.TipoArredondamento=\"TransfereGOV\",$L70=\"F\",$C70<>\"S\",LEN($R70)>100),\"Descrição >100\",\nIF(AND(Import.TipoArredondamento=\"TransfereGOV\",$L70=\"F\",$C70=\"S\",LEN($R70)>500),\"Descrição >500\",\nIF(AND(Import.TipoArredondamento=\"TransfereGOV\",$L70=\"F\",$C70=\"S\",LEFT(TRIM(UPPER($P70)),6)<>\"SINAPI\",ISNA(VLOOKUP(TRIM(UPPER($S70)),ListaTgov.Unidades,1,FALSE))),\"Unid. Não Disp\",\n\" \"))))))))))))))))","v":" "},{"$f":"IF(C70<=CRONO.NivelExibicao,MAX($AD$15:OFFSET(AD70,-1,0))+IF($C70<>1,1,MAX(1,COUNTIF(QCI!$A$13:$A$36,OFFSET($E70,-1,0)))),\"\")","v":""},{"$f":"IF(AND($C70=\"S\",ORÇAMENTO.CodBarra<>\"\"),IF(ORÇAMENTO.Fonte=\"\",ORÇAMENTO.CodBarra,CONCATENATE(ORÇAMENTO.Fonte,\" \",ORÇAMENTO.CodBarra)))","v":"Composição COMP09"},{"$f":"IF(ISERROR(ORÇAMENTO.BancoRef),\"(abra o arquivo 'Referência \"&Excel_BuiltIn_Database&\".xlsm)\",IF(OR($C70<>\"S\",ORÇAMENTO.CodBarra=\"\"),\"(Sem Código)\",IF(ISERROR(MATCH($AE70,INDIRECT(ORÇAMENTO.BancoRef),0)),\"(Código não identificado nas referências)\",MATCH($AE70,INDIRECT(ORÇAMENTO.BancoRef),0))))","v":11},{"$f":"ROUND(IF(DESONERACAO=\"sim\",REFERENCIA.Desonerado,REFERENCIA.NaoDesonerado),2)","v":701.11},0.25290000000000001,null,null,null,null,26440.44,{"$f":"ROUND(ORÇAMENTO.CustoUnitario*(1+$AH70),2)","v":878.42}]
["S",2,"S",0,{"$f":"IF($C71=1,OFFSET(E71,-1,0)+MAX(1,COUNTIF(QCI!$A$13:$A$36,OFFSET(ORÇAMENTO!E71,-1,0))),OFFSET(E71,-1,0))","v":4},2,0,0,9,0,{"$f":"IF(OR($C71=\"S\",$C71=0),0,MATCH(OFFSET($D71,0,$C71)+IF($C71<>1,1,COUNTIF(QCI!$A$13:$A$36,ORÇAMENTO!E71)),OFFSET($D71,1,$C71,ROW($C$472)-ROW($C71)),0))","v":0},"F","Serviço","Serviço","4.2.0.9.","Composição","COMP07",{"$f":"IF($C71=\"S\",REFERENCIA.Descricao,\"(digite a descrição aqui)\")","v":"CONTROLE TECNOLÓGICO DE CONCRETOS"},{"$f":"REFERENCIA.Unidade","v":"M3"},{"$f":"OFFSET(CÁLCULO!H$15,ROW($T71)-ROW(T$15),0)","v":30.1},103.7,"BDI 1",{"$f":"IF($C71=\"S\",ROUND(IF(TIPOORCAMENTO=\"Proposto\",ORÇAMENTO.CustoUnitario*(1+$AH71),ORÇAMENTO.PrecoUnitarioLicitado),15-13*$AF$10),0)","v":129.93},{"$f":"IF($C71=\"S\",IF(OR(Import.TipoArredondamento<>\"TransfereGOV\",ACOMPANHAMENTO=\"BM\"),VTOTAL1,SUM(OFFSET(CÁLCULO!$AI$15,ROW($X71)-ROW($X$15),1):OFFSET(CÁLCULO!$BB$15,ROW($X71)-ROW($X$15),-1))),IF($C71=0,0,ROUND(SomaAgrup,15-13*$AF$11)))","v":3910.89},"RA","RA",{"$f":"IF($C71=\"S\",IF($Z71=\"CP\",$X71,IF($Z71=\"RA\",(($X71)*QCI!$AA$3),0)),SomaAgrup)","v":338.42379610632111},{"$f":"IF($C71=\"S\",IF($Z71=\"OU\",ROUND($X71,2),0),SomaAgrup)","v":0},{"$f":"IF($N71=\"\",\" \",\nIF(AND($C71<>\"S\",OR($R71=\"\",$R71=\"(digite a descrição aqui)\")),\"DESCRIÇÃO\",\nIF(AND($C71=\"S\",OR($Q71<>\"\",$T71>0,$U71>0),$P71=\"\"),\"FONTE\",\nIF(AND($C71=\"S\",$P71<>\"\",OR($T71>0,$U71>0),$Q71=\"\"),\"CÓDIGO\",\nIF(AND($C71=\"S\",$P71<>\"\",$Q71<>\"\",$R71=\"(Código não identificado nas referências)\"),\"CÓDIGO N/ID\",\nIF(AND($C71=\"S\",OR($R71=\"\",$R71=\"(digite a descrição aqui)\"),OR($Q71<>\"\",$T71>0,$U71>0)),\"DESCRIÇÃO\",\nIF(AND($C71=\"S\",$P71<>\"\",$Q71<>\"\",$S71=\"\"),\"UNIDADE\",\nIF(AND($C71=\"S\",$P71<>\"\",$Q71<>\"\",$U71=0),\"SEM CUSTO\",\nIF(AND(TIPOORCAMENTO=\"Licitado\",$AL71=0,$AN71>0),\"SEM PREÇO\",\nIF(AND($C71=\"S\",$P71<>\"\",$Q71<>\"\",$U71>0,AND($V71<>\"BDI 1\",$V71<>\"BDI 2\",$V71<>\"BDI 3\")),IF(ISNUMBER($V71),\"JUSTIFICAR BDI\",\"BDI\"),\nIF(OR(AND(import.recurso=\"OGU\",TIPOORCAMENTO=\"Proposto\",LEFT($O$8,5)<>\"(N/D:\",$AG71<>\"\",ORÇAMENTO.CustoUnitario>$AG71),AND(TIPOORCAMENTO=\"LICITADO\",ORÇAMENTO.PrecoUnitarioLicitado>$AN71)),\"ACIMA REF.\",\nIF(AND($C71=\"S\",$P71<>\"\",$Q71<>\"\",$T71=0,$U71>0),\"QUANT.\",\nIF(AND(Import.TipoArredondamento=\"TransfereGOV\",$L71=\"F\",$C71=\"S\",LEN($Q71)>13),\"Código >13\",\nIF(AND(Import.TipoArredondamento=\"TransfereGOV\",$L71=\"F\",$C71<>\"S\",LEN($R71)>100),\"Descrição >100\",\nIF(AND(Import.TipoArredondamento=\"TransfereGOV\",$L71=\"F\",$C71=\"S\",LEN($R71)>500),\"Descrição >500\",\nIF(AND(Import.TipoArredondamento=\"TransfereGOV\",$L71=\"F\",$C71=\"S\",LEFT(TRIM(UPPER($P71)),6)<>\"SINAPI\",ISNA(VLOOKUP(TRIM(UPPER($S71)),ListaTgov.Unidades,1,FALSE))),\"Unid. Não Disp\",\n\" \"))))))))))))))))","v":" "},{"$f":"IF(C71<=CRONO.NivelExibicao,MAX($AD$15:OFFSET(AD71,-1,0))+IF($C71<>1,1,MAX(1,COUNTIF(QCI!$A$13:$A$36,OFFSET($E71,-1,0)))),\"\")","v":""},{"$f":"IF(AND($C71=\"S\",ORÇAMENTO.CodBarra<>\"\"),IF(ORÇAMENTO.Fonte=\"\",ORÇAMENTO.CodBarra,CONCATENATE(ORÇAMENTO.Fonte,\" \",ORÇAMENTO.CodBarra)))","v":"Composição COMP07"},{"$f":"IF(ISERROR(ORÇAMENTO.BancoRef),\"(abra o arquivo 'Referência \"&Excel_BuiltIn_Database&\".xlsm)\",IF(OR($C71<>\"S\",ORÇAMENTO.CodBarra=\"\"),\"(Sem Código)\",IF(ISERROR(MATCH($AE71,INDIRECT(ORÇAMENTO.BancoRef),0)),\"(Código não identificado nas referências)\",MATCH($AE71,INDIRECT(ORÇAMENTO.BancoRef),0))))","v":9},{"$f":"ROUND(IF(DESONERACAO=\"sim\",REFERENCIA.Desonerado,REFERENCIA.NaoDesonerado),2)","v":103.7},0.25290000000000001,null,null,null,null,3910.89,{"$f":"ROUND(ORÇAMENTO.CustoUnitario*(1+$AH71),2)","v":129.93}]
[2,2,2,13,{"$f":"IF($C72=1,OFFSET(E72,-1,0)+MAX(1,COUNTIF(QCI!$A$13:$A$36,OFFSET(ORÇAMENTO!E72,-1,0))),OFFSET(E72,-1,0))","v":4},3,0,0,0,13,{"$f":"IF(OR($C72=\"S\",$C72=0),0,MATCH(OFFSET($D72,0,$C72)+IF($C72<>1,1,COUNTIF(QCI!$A$13:$A$36,ORÇAMENTO!E72)),OFFSET($D72,1,$C72,ROW($C$472)-ROW($C72)),0))","v":67},"F","Nível 2","Nível 2","4.3.","SINAPI",null,{"$f":"IF($C72=\"S\",REFERENCIA.Descricao,\"LAJES\")","v":"LAJES"},{"$f":"REFERENCIA.Unidade","v":"-"},{"$f":"OFFSET(CÁLCULO!H$15,ROW($T72)-ROW(T$15),0)","v":0},null,"BDI 1",{"$f":"IF($C72=\"S\",ROUND(IF(TIPOORCAMENTO=\"Proposto\",ORÇAMENTO.CustoUnitario*(1+$AH72),ORÇAMENTO.PrecoUnitarioLicitado),15-13*$AF$10),0)","v":0},{"$f":"IF($C72=\"S\",IF(OR(Import.TipoArredondamento<>\"TransfereGOV\",ACOMPANHAMENTO=\"BM\"),VTOTAL1,SUM(OFFSET(CÁLCULO!$AI$15,ROW($X72)-ROW($X$15),1):OFFSET(CÁLCULO!$BB$15,ROW($X72)-ROW($X$15),-1))),IF($C72=0,0,ROUND(SomaAgrup,15-13*$AF$11)))","v":181777.23},"RA","",{"$f":"IF($C72=\"S\",IF($Z72=\"CP\",$X72,IF($Z72=\"RA\",(($X72)*QCI!$AA$3),0)),SomaAgrup)","v":15729.856943634783},{"$f":"IF($C72=\"S\",IF($Z72=\"OU\",ROUND($X72,2),0),SomaAgrup)","v":0},{"$f":"IF($N72=\"\",\" \",\nIF(AND($C72<>\"S\",OR($R72=\"\",$R72=\"(digite a descrição aqui)\")),\"DESCRIÇÃO\",\nIF(AND($C72=\"S\",OR($Q72<>\"\",$T72>0,$U72>0),$P72=\"\"),\"FONTE\",\nIF(AND($C72=\"S\",$P72<>\"\",OR($T72>0,$U72>0),$Q72=\"\"),\"CÓDIGO\",\nIF(AND($C72=\"S\",$P72<>\"\",$Q72<>\"\",$R72=\"(Código não identificado nas referências)\"),\"CÓDIGO N/ID\",\nIF(AND($C72=\"S\",OR($R72=\"\",$R72=\"(digite a descrição aqui)\"),OR($Q72<>\"\",$T72>0,$U72>0)),\"DESCRIÇÃO\",\nIF(AND($C72=\"S\",$P72<>\"\",$Q72<>\"\",$S72=\"\"),\"UNIDADE\",\nIF(AND($C72=\"S\",$P72<>\"\",$Q72<>\"\",$U72=0),\"SEM CUSTO\",\nIF(AND(TIPOORCAMENTO=\"Licitado\",$AL72=0,$AN72>0),\"SEM PREÇO\",\nIF(AND($C72=\"S\",$P72<>\"\",$Q72<>\"\",$U72>0,AND($V72<>\"BDI 1\",$V72<>\"BDI 2\",$V72<>\"BDI 3\")),IF(ISNUMBER($V72),\"JUSTIFICAR BDI\",\"BDI\"),\nIF(OR(AND(import.recurso=\"OGU\",TIPOORCAMENTO=\"Proposto\",LEFT($O$8,5)<>\"(N/D:\",$AG72<>\"\",ORÇAMENTO.CustoUnitario>$AG72),AND(TIPOORCAMENTO=\"LICITADO\",ORÇAMENTO.PrecoUnitarioLicitado>$AN72)),\"ACIMA REF.\",\nIF(AND($C72=\"S\",$P72<>\"\",$Q72<>\"\",$T72=0,$U72>0),\"QUANT.\",\nIF(AND(Import.TipoArredondamento=\"TransfereGOV\",$L72=\"F\",$C72=\"S\",LEN($Q72)>13),\"Código >13\",\nIF(AND(Import.TipoArredondamento=\"TransfereGOV\",$L72=\"F\",$C72<>\"S\",LEN($R72)>100),\"Descrição >100\",\nIF(AND(Import.TipoArredondamento=\"TransfereGOV\",$L72=\"F\",$C72=\"S\",LEN($R72)>500),\"Descrição >500\",\nIF(AND(Import.TipoArredondamento=\"TransfereGOV\",$L72=\"F\",$C72=\"S\",LEFT(TRIM(UPPER($P72)),6)<>\"SINAPI\",ISNA(VLOOKUP(TRIM(UPPER($S72)),ListaTgov.Unidades,1,FALSE))),\"Unid. Não Disp\",\n\" \"))))))))))))))))","v":" "},{"$f":"IF(C72<=CRONO.NivelExibicao,MAX($AD$15:OFFSET(AD72,-1,0))+IF($C72<>1,1,MAX(1,COUNTIF(QCI!$A$13:$A$36,OFFSET($E72,-1,0)))),\"\")","v":12},{"$f":"IF(AND($C72=\"S\",ORÇAMENTO.CodBarra<>\"\"),IF(ORÇAMENTO.Fonte=\"\",ORÇAMENTO.CodBarra,CONCATENATE(ORÇAMENTO.Fonte,\" \",ORÇAMENTO.CodBarra)))","v":false},{"$f":"IF(ISERROR(ORÇAMENTO.BancoRef),\"(abra o arquivo 'Referência \"&Excel_BuiltIn_Database&\".xlsm)\",IF(OR($C72<>\"S\",ORÇAMENTO.CodBarra=\"\"),\"(Sem Código)\",IF(ISERROR(MATCH($AE72,INDIRECT(ORÇAMENTO.BancoRef),0)),\"(Código não identificado nas referências)\",MATCH($AE72,INDIRECT(ORÇAMENTO.BancoRef),0))))","v":"(Sem Código)"},{"$f":"ROUND(IF(DESONERACAO=\"sim\",REFERENCIA.Desonerado,REFERENCIA.NaoDesonerado),2)","v":0},0.25290000000000001,null,null,null,null,181777.23,{"$f":"ROUND(ORÇAMENTO.CustoUnitario*(1+$AH72),2)","v":0}]
["S",2,"S",0,{"$f":"IF($C73=1,OFFSET(E73,-1,0)+MAX(1,COUNTIF(QCI!$A$13:$A$36,OFFSET(ORÇAMENTO!E73,-1,0))),OFFSET(E73,-1,0))","v":4},3,0,0,1,0,{"$f":"IF(OR($C73=\"S\",$C73=0),0,MATCH(OFFSET($D73,0,$C73)+IF($C73<>1,1,COUNTIF(QCI!$A$13:$A$36,ORÇAMENTO!E73)),OFFSET($D73,1,$C73,ROW($C$472)-ROW($C73)),0))","v":0},"F","Serviço","Serviço","4.3.0.1.","SINAPI","92515",{"$f":"IF($C73=\"S\",REFERENCIA.Descricao,\"(digite a descrição aqui)\")","v":"MONTAGEM E DESMONTAGEM DE FÔRMA DE LAJE MACIÇA, PÉ-DIREITO DUPLO, EM CHAPA DE MADEIRA COMPENSADA RESINADA, 6 UTILIZAÇÕES. AF_09/2020"},{"$f":"REFERENCIA.Unidade","v":"M2"},{"$f":"OFFSET(CÁLCULO!H$15,ROW($T73)-ROW(T$15),0)","v":56.6},{"$f":"AG73","v":79.180000000000007},"BDI 1",{"$f":"IF($C73=\"S\",ROUND(IF(TIPOORCAMENTO=\"Proposto\",ORÇAMENTO.CustoUnitario*(1+$AH73),ORÇAMENTO.PrecoUnitarioLicitado),15-13*$AF$10),0)","v":99.2},{"$f":"IF($C73=\"S\",IF(OR(Import.TipoArredondamento<>\"TransfereGOV\",ACOMPANHAMENTO=\"BM\"),VTOTAL1,SUM(OFFSET(CÁLCULO!$AI$15,ROW($X73)-ROW($X$15),1):OFFSET(CÁLCULO!$BB$15,ROW($X73)-ROW($X$15),-1))),IF($C73=0,0,ROUND(SomaAgrup,15-13*$AF$11)))","v":5614.72},"RA","RA",{"$f":"IF($C73=\"S\",IF($Z73=\"CP\",$X73,IF($Z73=\"RA\",(($X73)*QCI!$AA$3),0)),SomaAgrup)","v":485.86251632597271},{"$f":"IF($C73=\"S\",IF($Z73=\"OU\",ROUND($X73,2),0),SomaAgrup)","v":0},{"$f":"IF($N73=\"\",\" \",\nIF(AND($C73<>\"S\",OR($R73=\"\",$R73=\"(digite a descrição aqui)\")),\"DESCRIÇÃO\",\nIF(AND($C73=\"S\",OR($Q73<>\"\",$T73>0,$U73>0),$P73=\"\"),\"FONTE\",\nIF(AND($C73=\"S\",$P73<>\"\",OR($T73>0,$U73>0),$Q73=\"\"),\"CÓDIGO\",\nIF(AND($C73=\"S\",$P73<>\"\",$Q73<>\"\",$R73=\"(Código não identificado nas referências)\"),\"CÓDIGO N/ID\",\nIF(AND($C73=\"S\",OR($R73=\"\",$R73=\"(digite a descrição aqui)\"),OR($Q73<>\"\",$T73>0,$U73>0)),\"DESCRIÇÃO\",\nIF(AND($C73=\"S\",$P73<>\"\",$Q73<>\"\",$S73=\"\"),\"UNIDADE\",\nIF(AND($C73=\"S\",$P73<>\"\",$Q73<>\"\",$U73=0),\"SEM CUSTO\",\nIF(AND(TIPOORCAMENTO=\"Licitado\",$AL73=0,$AN73>0),\"SEM PREÇO\",\nIF(AND($C73=\"S\",$P73<>\"\",$Q73<>\"\",$U73>0,AND($V73<>\"BDI 1\",$V73<>\"BDI 2\",$V73<>\"BDI 3\")),IF(ISNUMBER($V73),\"JUSTIFICAR BDI\",\"BDI\"),\nIF(OR(AND(import.recurso=\"OGU\",TIPOORCAMENTO=\"Proposto\",LEFT($O$8,5)<>\"(N/D:\",$AG73<>\"\",ORÇAMENTO.CustoUnitario>$AG73),AND(TIPOORCAMENTO=\"LICITADO\",ORÇAMENTO.PrecoUnitarioLicitado>$AN73)),\"ACIMA REF.\",\nIF(AND($C73=\"S\",$P73<>\"\",$Q73<>\"\",$T73=0,$U73>0),\"QUANT.\",\nIF(AND(Import.TipoArredondamento=\"TransfereGOV\",$L73=\"F\",$C73=\"S\",LEN($Q73)>13),\"Código >13\",\nIF(AND(Import.TipoArredondamento=\"TransfereGOV\",$L73=\"F\",$C73<>\"S\",LEN($R73)>100),\"Descrição >100\",\nIF(AND(Import.TipoArredondamento=\"TransfereGOV\",$L73=\"F\",$C73=\"S\",LEN($R73)>500),\"Descrição >500\",\nIF(AND(Import.TipoArredondamento=\"TransfereGOV\",$L73=\"F\",$C73=\"S\",LEFT(TRIM(UPPER($P73)),6)<>\"SINAPI\",ISNA(VLOOKUP(TRIM(UPPER($S73)),ListaTgov.Unidades,1,FALSE))),\"Unid. Não Disp\",\n\" \"))))))))))))))))","v":" "},{"$f":"IF(C73<=CRONO.NivelExibicao,MAX($AD$15:OFFSET(AD73,-1,0))+IF($C73<>1,1,MAX(1,COUNTIF(QCI!$A$13:$A$36,OFFSET($E73,-1,0)))),\"\")","v":""},{"$f":"IF(AND($C73=\"S\",ORÇAMENTO.CodBarra<>\"\"),IF(ORÇAMENTO.Fonte=\"\",ORÇAMENTO.CodBarra,CONCATENATE(ORÇAMENTO.Fonte,\" \",ORÇAMENTO.CodBarra)))","v":"SINAPI 92515"},{"$f":"IF(ISERROR(ORÇAMENTO.BancoRef),\"(abra o arquivo 'Referência \"&Excel_BuiltIn_Database&\".xlsm)\",IF(OR($C73<>\"S\",ORÇAMENTO.CodBarra=\"\"),\"(Sem Código)\",IF(ISERROR(MATCH($AE73,INDIRECT(ORÇAMENTO.BancoRef),0)),\"(Código não identificado nas referências)\",MATCH($AE73,INDIRECT(ORÇAMENTO.BancoRef),0))))","v":10319},{"$f":"ROUND(IF(DESONERACAO=\"sim\",REFERENCIA.Desonerado,REFERENCIA.NaoDesonerado),2)","v":79.180000000000007},0.25290000000000001,null,null,null,null,5614.72,{"$f":"ROUND(ORÇAMENTO.CustoUnitario*(1+$AH73),2)","v":99.2}]
["S",2,"S",0,{"$f":"IF($C74=1,OFFSET(E74,-1,0)+MAX(1,COUNTIF(QCI!$A$13:$A$36,OFFSET(ORÇAMENTO!E74,-1,0))),OFFSET(E74,-1,0))","v":4},3,0,0,2,0,{"$f":"IF(OR($C74=\"S\",$C74=0),0,MATCH(OFFSET($D74,0,$C74)+IF($C74<>1,1,COUNTIF(QCI!$A$13:$A$36,ORÇAMENTO!E74)),OFFSET($D74,1,$C74,ROW($C$472)-ROW($C74)),0))","v":0},"F","Serviço","Serviço","4.3.0.2.","SINAPI","92768",{"$f":"IF($C74=\"S\",REFERENCIA.Descricao,\"(digite a descrição aqui)\")","v":"ARMAÇÃO DE LAJE DE ESTRUTURA CONVENCIONAL DE CONCRETO ARMADO UTILIZANDO AÇO CA-60 DE 5,0 MM - MONTAGEM. AF_06/2022"},{"$f":"REFERENCIA.Unidade","v":"KG"},{"$f":"OFFSET(CÁLCULO!H$15,ROW($T74)-ROW(T$15),0)","v":395.6},{"$f":"AG74","v":13.19},"BDI 1",{"$f":"IF($C74=\"S\",ROUND(IF(TIPOORCAMENTO=\"Proposto\",ORÇAMENTO.CustoUnitario*(1+$AH74),ORÇAMENTO.PrecoUnitarioLicitado),15-13*$AF$10),0)","v":16.53},{"$f":"IF($C74=\"S\",IF(OR(Import.TipoArredondamento<>\"TransfereGOV\",ACOMPANHAMENTO=\"BM\"),VTOTAL1,SUM(OFFSET(CÁLCULO!$AI$15,ROW($X74)-ROW($X$15),1):OFFSET(CÁLCULO!$BB$15,ROW($X74)-ROW($X$15),-1))),IF($C74=0,0,ROUND(SomaAgrup,15-13*$AF$11)))","v":6539.26},"RA","RA",{"$f":"IF($C74=\"S\",IF($Z74=\"CP\",$X74,IF($Z74=\"RA\",(($X74)*QCI!$AA$3),0)),SomaAgrup)","v":565.86638666038198},{"$f":"IF($C74=\"S\",IF($Z74=\"OU\",ROUND($X74,2),0),SomaAgrup)","v":0},{"$f":"IF($N74=\"\",\" \",\nIF(AND($C74<>\"S\",OR($R74=\"\",$R74=\"(digite a descrição aqui)\")),\"DESCRIÇÃO\",\nIF(AND($C74=\"S\",OR($Q74<>\"\",$T74>0,$U74>0),$P74=\"\"),\"FONTE\",\nIF(AND($C74=\"S\",$P74<>\"\",OR($T74>0,$U74>0),$Q74=\"\"),\"CÓDIGO\",\nIF(AND($C74=\"S\",$P74<>\"\",$Q74<>\"\",$R74=\"(Código não identificado nas referências)\"),\"CÓDIGO N/ID\",\nIF(AND($C74=\"S\",OR($R74=\"\",$R74=\"(digite a descrição aqui)\"),OR($Q74<>\"\",$T74>0,$U74>0)),\"DESCRIÇÃO\",\nIF(AND($C74=\"S\",$P74<>\"\",$Q74<>\"\",$S74=\"\"),\"UNIDADE\",\nIF(AND($C74=\"S\",$P74<>\"\",$Q74<>\"\",$U74=0),\"SEM CUSTO\",\nIF(AND(TIPOORCAMENTO=\"Licitado\",$AL74=0,$AN74>0),\"SEM PREÇO\",\nIF(AND($C74=\"S\",$P74<>\"\",$Q74<>\"\",$U74>0,AND($V74<>\"BDI 1\",$V74<>\"BDI 2\",$V74<>\"BDI 3\")),IF(ISNUMBER($V74),\"JUSTIFICAR BDI\",\"BDI\"),\nIF(OR(AND(import.recurso=\"OGU\",TIPOORCAMENTO=\"Proposto\",LEFT($O$8,5)<>\"(N/D:\",$AG74<>\"\",ORÇAMENTO.CustoUnitario>$AG74),AND(TIPOORCAMENTO=\"LICITADO\",ORÇAMENTO.PrecoUnitarioLicitado>$AN74)),\"ACIMA REF.\",\nIF(AND($C74=\"S\",$P74<>\"\",$Q74<>\"\",$T74=0,$U74>0),\"QUANT.\",\nIF(AND(Import.TipoArredondamento=\"TransfereGOV\",$L74=\"F\",$C74=\"S\",LEN($Q74)>13),\"Código >13\",\nIF(AND(Import.TipoArredondamento=\"TransfereGOV\",$L74=\"F\",$C74<>\"S\",LEN($R74)>100),\"Descrição >100\",\nIF(AND(Import.TipoArredondamento=\"TransfereGOV\",$L74=\"F\",$C74=\"S\",LEN($R74)>500),\"Descrição >500\",\nIF(AND(Import.TipoArredondamento=\"TransfereGOV\",$L74=\"F\",$C74=\"S\",LEFT(TRIM(UPPER($P74)),6)<>\"SINAPI\",ISNA(VLOOKUP(TRIM(UPPER($S74)),ListaTgov.Unidades,1,FALSE))),\"Unid. Não Disp\",\n\" \"))))))))))))))))","v":" "},{"$f":"IF(C74<=CRONO.NivelExibicao,MAX($AD$15:OFFSET(AD74,-1,0))+IF($C74<>1,1,MAX(1,COUNTIF(QCI!$A$13:$A$36,OFFSET($E74,-1,0)))),\"\")","v":""},{"$f":"IF(AND($C74=\"S\",ORÇAMENTO.CodBarra<>\"\"),IF(ORÇAMENTO.Fonte=\"\",ORÇAMENTO.CodBarra,CONCATENATE(ORÇAMENTO.Fonte,\" \",ORÇAMENTO.CodBarra)))","v":"SINAPI 92768"},{"$f":"IF(ISERROR(ORÇAMENTO.BancoRef),\"(abra o arquivo 'Referência \"&Excel_BuiltIn_Database&\".xlsm)\",IF(OR($C74<>\"S\",ORÇAMENTO.CodBarra=\"\"),\"(Sem Código)\",IF(ISERROR(MATCH($AE74,INDIRECT(ORÇAMENTO.BancoRef),0)),\"(Código não identificado nas referências)\",MATCH($AE74,INDIRECT(ORÇAMENTO.BancoRef),0))))","v":6573},{"$f":"ROUND(IF(DESONERACAO=\"sim\",REFERENCIA.Desonerado,REFERENCIA.NaoDesonerado),2)","v":13.19},0.25290000000000001,null,null,null,null,6539.26,{"$f":"ROUND(ORÇAMENTO.CustoUnitario*(1+$AH74),2)","v":16.53}]
["S",2,"S",0,{"$f":"IF($C75=1,OFFSET(E75,-1,0)+MAX(1,COUNTIF(QCI!$A$13:$A$36,OFFSET(ORÇAMENTO!E75,-1,0))),OFFSET(E75,-1,0))","v":4},3,0,0,3,0,{"$f":"IF(OR($C75=\"S\",$C75=0),0,MATCH(OFFSET($D75,0,$C75)+IF($C75<>1,1,COUNTIF(QCI!$A$13:$A$36,ORÇAMENTO!E75)),OFFSET($D75,1,$C75,ROW($C$472)-ROW($C75)),0))","v":0},"F","Serviço","Serviço","4.3.0.3.","SINAPI","92769",{"$f":"IF($C75=\"S\",REFERENCIA.Descricao,\"(digite a descrição aqui)\")","v":"ARMAÇÃO DE LAJE DE ESTRUTURA CONVENCIONAL DE CONCRETO ARMADO UTILIZANDO AÇO CA-50 DE 6,3 MM - MONTAGEM. AF_06/2022"},{"$f":"REFERENCIA.Unidade","v":"KG"},{"$f":"OFFSET(CÁLCULO!H$15,ROW($T75)-ROW(T$15),0)","v":213.2},12.28,"BDI 1",{"$f":"IF($C75=\"S\",ROUND(IF(TIPOORCAMENTO=\"Proposto\",ORÇAMENTO.CustoUnitario*(1+$AH75),ORÇAMENTO.PrecoUnitarioLicitado),15-13*$AF$10),0)","v":15.39},{"$f":"IF($C75=\"S\",IF(OR(Import.TipoArredondamento<>\"TransfereGOV\",ACOMPANHAMENTO=\"BM\"),VTOTAL1,SUM(OFFSET(CÁLCULO!$AI$15,ROW($X75)-ROW($X$15),1):OFFSET(CÁLCULO!$BB$15,ROW($X75)-ROW($X$15),-1))),IF($C75=0,0,ROUND(SomaAgrup,15-13*$AF$11)))","v":3281.14},"RA","RA",{"$f":"IF($C75=\"S\",IF($Z75=\"CP\",$X75,IF($Z75=\"RA\",(($X75)*QCI!$AA$3),0)),SomaAgrup)","v":283.92919625872742},{"$f":"IF($C75=\"S\",IF($Z75=\"OU\",ROUND($X75,2),0),SomaAgrup)","v":0},{"$f":"IF($N75=\"\",\" \",\nIF(AND($C75<>\"S\",OR($R75=\"\",$R75=\"(digite a descrição aqui)\")),\"DESCRIÇÃO\",\nIF(AND($C75=\"S\",OR($Q75<>\"\",$T75>0,$U75>0),$P75=\"\"),\"FONTE\",\nIF(AND($C75=\"S\",$P75<>\"\",OR($T75>0,$U75>0),$Q75=\"\"),\"CÓDIGO\",\nIF(AND($C75=\"S\",$P75<>\"\",$Q75<>\"\",$R75=\"(Código não identificado nas referências)\"),\"CÓDIGO N/ID\",\nIF(AND($C75=\"S\",OR($R75=\"\",$R75=\"(digite a descrição aqui)\"),OR($Q75<>\"\",$T75>0,$U75>0)),\"DESCRIÇÃO\",\nIF(AND($C75=\"S\",$P75<>\"\",$Q75<>\"\",$S75=\"\"),\"UNIDADE\",\nIF(AND($C75=\"S\",$P75<>\"\",$Q75<>\"\",$U75=0),\"SEM CUSTO\",\nIF(AND(TIPOORCAMENTO=\"Licitado\",$AL75=0,$AN75>0),\"SEM PREÇO\",\nIF(AND($C75=\"S\",$P75<>\"\",$Q75<>\"\",$U75>0,AND($V75<>\"BDI 1\",$V75<>\"BDI 2\",$V75<>\"BDI 3\")),IF(ISNUMBER($V75),\"JUSTIFICAR BDI\",\"BDI\"),\nIF(OR(AND(import.recurso=\"OGU\",TIPOORCAMENTO=\"Proposto\",LEFT($O$8,5)<>\"(N/D:\",$AG75<>\"\",ORÇAMENTO.CustoUnitario>$AG75),AND(TIPOORCAMENTO=\"LICITADO\",ORÇAMENTO.PrecoUnitarioLicitado>$AN75)),\"ACIMA REF.\",\nIF(AND($C75=\"S\",$P75<>\"\",$Q75<>\"\",$T75=0,$U75>0),\"QUANT.\",\nIF(AND(Import.TipoArredondamento=\"TransfereGOV\",$L75=\"F\",$C75=\"S\",LEN($Q75)>13),\"Código >13\",\nIF(AND(Import.TipoArredondamento=\"TransfereGOV\",$L75=\"F\",$C75<>\"S\",LEN($R75)>100),\"Descrição >100\",\nIF(AND(Import.TipoArredondamento=\"TransfereGOV\",$L75=\"F\",$C75=\"S\",LEN($R75)>500),\"Descrição >500\",\nIF(AND(Import.TipoArredondamento=\"TransfereGOV\",$L75=\"F\",$C75=\"S\",LEFT(TRIM(UPPER($P75)),6)<>\"SINAPI\",ISNA(VLOOKUP(TRIM(UPPER($S75)),ListaTgov.Unidades,1,FALSE))),\"Unid. Não Disp\",\n\" \"))))))))))))))))","v":" "},{"$f":"IF(C75<=CRONO.NivelExibicao,MAX($AD$15:OFFSET(AD75,-1,0))+IF($C75<>1,1,MAX(1,COUNTIF(QCI!$A$13:$A$36,OFFSET($E75,-1,0)))),\"\")","v":""},{"$f":"IF(AND($C75=\"S\",ORÇAMENTO.CodBarra<>\"\"),IF(ORÇAMENTO.Fonte=\"\",ORÇAMENTO.CodBarra,CONCATENATE(ORÇAMENTO.Fonte,\" \",ORÇAMENTO.CodBarra)))","v":"SINAPI 92769"},{"$f":"IF(ISERROR(ORÇAMENTO.BancoRef),\"(abra o arquivo 'Referência \"&Excel_BuiltIn_Database&\".xlsm)\",IF(OR($C75<>\"S\",ORÇAMENTO.CodBarra=\"\"),\"(Sem Código)\",IF(ISERROR(MATCH($AE75,INDIRECT(ORÇAMENTO.BancoRef),0)),\"(Código não identificado nas referências)\",MATCH($AE75,INDIRECT(ORÇAMENTO.BancoRef),0))))","v":6570},{"$f":"ROUND(IF(DESONERACAO=\"sim\",REFERENCIA.Desonerado,REFERENCIA.NaoDesonerado),2)","v":12.28},0.25290000000000001,null,null,null,null,3281.14,{"$f":"ROUND(ORÇAMENTO.CustoUnitario*(1+$AH75),2)","v":15.39}]
["S",2,"S",0,{"$f":"IF($C76=1,OFFSET(E76,-1,0)+MAX(1,COUNTIF(QCI!$A$13:$A$36,OFFSET(ORÇAMENTO!E76,-1,0))),OFFSET(E76,-1,0))","v":4},3,0,0,4,0,{"$f":"IF(OR($C76=\"S\",$C76=0),0,MATCH(OFFSET($D76,0,$C76)+IF($C76<>1,1,COUNTIF(QCI!$A$13:$A$36,ORÇAMENTO!E76)),OFFSET($D76,1,$C76,ROW($C$472)-ROW($C76)),0))","v":0},"F","Serviço","Serviço","4.3.0.4.","SINAPI","92770",{"$f":"IF($C76=\"S\",REFERENCIA.Descricao,\"(digite a descrição aqui)\")","v":"ARMAÇÃO DE LAJE DE ESTRUTURA CONVENCIONAL DE CONCRETO ARMADO UTILIZANDO AÇO CA-50 DE 8,0 MM - MONTAGEM. AF_06/2022"},{"$f":"REFERENCIA.Unidade","v":"KG"},{"$f":"OFFSET(CÁLCULO!H$15,ROW($T76)-ROW(T$15),0)","v":202.8},11.43,"BDI 1",{"$f":"IF($C76=\"S\",ROUND(IF(TIPOORCAMENTO=\"Proposto\",ORÇAMENTO.CustoUnitario*(1+$AH76),ORÇAMENTO.PrecoUnitarioLicitado),15-13*$AF$10),0)","v":14.32},{"$f":"IF($C76=\"S\",IF(OR(Import.TipoArredondamento<>\"TransfereGOV\",ACOMPANHAMENTO=\"BM\"),VTOTAL1,SUM(OFFSET(CÁLCULO!$AI$15,ROW($X76)-ROW($X$15),1):OFFSET(CÁLCULO!$BB$15,ROW($X76)-ROW($X$15),-1))),IF($C76=0,0,ROUND(SomaAgrup,15-13*$AF$11)))","v":2904.1},"RA","RA",{"$f":"IF($C76=\"S\",IF($Z76=\"CP\",$X76,IF($Z76=\"RA\",(($X76)*QCI!$AA$3),0)),SomaAgrup)","v":251.30252865009425},{"$f":"IF($C76=\"S\",IF($Z76=\"OU\",ROUND($X76,2),0),SomaAgrup)","v":0},{"$f":"IF($N76=\"\",\" \",\nIF(AND($C76<>\"S\",OR($R76=\"\",$R76=\"(digite a descrição aqui)\")),\"DESCRIÇÃO\",\nIF(AND($C76=\"S\",OR($Q76<>\"\",$T76>0,$U76>0),$P76=\"\"),\"FONTE\",\nIF(AND($C76=\"S\",$P76<>\"\",OR($T76>0,$U76>0),$Q76=\"\"),\"CÓDIGO\",\nIF(AND($C76=\"S\",$P76<>\"\",$Q76<>\"\",$R76=\"(Código não identificado nas referências)\"),\"CÓDIGO N/ID\",\nIF(AND($C76=\"S\",OR($R76=\"\",$R76=\"(digite a descrição aqui)\"),OR($Q76<>\"\",$T76>0,$U76>0)),\"DESCRIÇÃO\",\nIF(AND($C76=\"S\",$P76<>\"\",$Q76<>\"\",$S76=\"\"),\"UNIDADE\",\nIF(AND($C76=\"S\",$P76<>\"\",$Q76<>\"\",$U76=0),\"SEM CUSTO\",\nIF(AND(TIPOORCAMENTO=\"Licitado\",$AL76=0,$AN76>0),\"SEM PREÇO\",\nIF(AND($C76=\"S\",$P76<>\"\",$Q76<>\"\",$U76>0,AND($V76<>\"BDI 1\",$V76<>\"BDI 2\",$V76<>\"BDI 3\")),IF(ISNUMBER($V76),\"JUSTIFICAR BDI\",\"BDI\"),\nIF(OR(AND(import.recurso=\"OGU\",TIPOORCAMENTO=\"Proposto\",LEFT($O$8,5)<>\"(N/D:\",$AG76<>\"\",ORÇAMENTO.CustoUnitario>$AG76),AND(TIPOORCAMENTO=\"LICITADO\",ORÇAMENTO.PrecoUnitarioLicitado>$AN76)),\"ACIMA REF.\",\nIF(AND($C76=\"S\",$P76<>\"\",$Q76<>\"\",$T76=0,$U76>0),\"QUANT.\",\nIF(AND(Import.TipoArredondamento=\"TransfereGOV\",$L76=\"F\",$C76=\"S\",LEN($Q76)>13),\"Código >13\",\nIF(AND(Import.TipoArredondamento=\"TransfereGOV\",$L76=\"F\",$C76<>\"S\",LEN($R76)>100),\"Descrição >100\",\nIF(AND(Import.TipoArredondamento=\"TransfereGOV\",$L76=\"F\",$C76=\"S\",LEN($R76)>500),\"Descrição >500\",\nIF(AND(Import.TipoArredondamento=\"TransfereGOV\",$L76=\"F\",$C76=\"S\",LEFT(TRIM(UPPER($P76)),6)<>\"SINAPI\",ISNA(VLOOKUP(TRIM(UPPER($S76)),ListaTgov.Unidades,1,FALSE))),\"Unid. Não Disp\",\n\" \"))))))))))))))))","v":" "},{"$f":"IF(C76<=CRONO.NivelExibicao,MAX($AD$15:OFFSET(AD76,-1,0))+IF($C76<>1,1,MAX(1,COUNTIF(QCI!$A$13:$A$36,OFFSET($E76,-1,0)))),\"\")","v":""},{"$f":"IF(AND($C76=\"S\",ORÇAMENTO.CodBarra<>\"\"),IF(ORÇAMENTO.Fonte=\"\",ORÇAMENTO.CodBarra,CONCATENATE(ORÇAMENTO.Fonte,\" \",ORÇAMENTO.CodBarra)))","v":"SINAPI 92770"},{"$f":"IF(ISERROR(ORÇAMENTO.BancoRef),\"(abra o arquivo 'Referência \"&Excel_BuiltIn_Database&\".xlsm)\",IF(OR($C76<>\"S\",ORÇAMENTO.CodBarra=\"\"),\"(Sem Código)\",IF(ISERROR(MATCH($AE76,INDIRECT(ORÇAMENTO.BancoRef),0)),\"(Código não identificado nas referências)\",MATCH($AE76,INDIRECT(ORÇAMENTO.BancoRef),0))))","v":6571},{"$f":"ROUND(IF(DESONERACAO=\"sim\",REFERENCIA.Desonerado,REFERENCIA.NaoDesonerado),2)","v":11.43},0.25290000000000001,null,null,null,null,2904.1,{"$f":"ROUND(ORÇAMENTO.CustoUnitario*(1+$AH76),2)","v":14.32}]
["S",2,"S",0,{"$f":"IF($C77=1,OFFSET(E77,-1,0)+MAX(1,COUNTIF(QCI!$A$13:$A$36,OFFSET(ORÇAMENTO!E77,-1,0))),OFFSET(E77,-1,0))","v":4},3,0,0,5,0,{"$f":"IF(OR($C77=\"S\",$C77=0),0,MATCH(OFFSET($D77,0,$C77)+IF($C77<>1,1,COUNTIF(QCI!$A$13:$A$36,ORÇAMENTO!E77)),OFFSET($D77,1,$C77,ROW($C$472)-ROW($C77)),0))","v":0},"F","Serviço","Serviço","4.3.0.5.","SINAPI","92771",{"$f":"IF($C77=\"S\",REFERENCIA.Descricao,\"(digite a descrição aqui)\")","v":"ARMAÇÃO DE LAJE DE ESTRUTURA CONVENCIONAL DE CONCRETO ARMADO UTILIZANDO AÇO CA-50 DE 10,0 MM - MONTAGEM. AF_06/2022"},{"$f":"REFERENCIA.Unidade","v":"KG"},{"$f":"OFFSET(CÁLCULO!H$15,ROW($T77)-ROW(T$15),0)","v":12.3},10.130000000000001,"BDI 1",{"$f":"IF($C77=\"S\",ROUND(IF(TIPOORCAMENTO=\"Proposto\",ORÇAMENTO.CustoUnitario*(1+$AH77),ORÇAMENTO.PrecoUnitarioLicitado),15-13*$AF$10),0)","v":12.69},{"$f":"IF($C77=\"S\",IF(OR(Import.TipoArredondamento<>\"TransfereGOV\",ACOMPANHAMENTO=\"BM\"),VTOTAL1,SUM(OFFSET(CÁLCULO!$AI$15,ROW($X77)-ROW($X$15),1):OFFSET(CÁLCULO!$BB$15,ROW($X77)-ROW($X$15),-1))),IF($C77=0,0,ROUND(SomaAgrup,15-13*$AF$11)))","v":156.09},"RA","RA",{"$f":"IF($C77=\"S\",IF($Z77=\"CP\",$X77,IF($Z77=\"RA\",(($X77)*QCI!$AA$3),0)),SomaAgrup)","v":13.50704579628567},{"$f":"IF($C77=\"S\",IF($Z77=\"OU\",ROUND($X77,2),0),SomaAgrup)","v":0},{"$f":"IF($N77=\"\",\" \",\nIF(AND($C77<>\"S\",OR($R77=\"\",$R77=\"(digite a descrição aqui)\")),\"DESCRIÇÃO\",\nIF(AND($C77=\"S\",OR($Q77<>\"\",$T77>0,$U77>0),$P77=\"\"),\"FONTE\",\nIF(AND($C77=\"S\",$P77<>\"\",OR($T77>0,$U77>0),$Q77=\"\"),\"CÓDIGO\",\nIF(AND($C77=\"S\",$P77<>\"\",$Q77<>\"\",$R77=\"(Código não identificado nas referências)\"),\"CÓDIGO N/ID\",\nIF(AND($C77=\"S\",OR($R77=\"\",$R77=\"(digite a descrição aqui)\"),OR($Q77<>\"\",$T77>0,$U77>0)),\"DESCRIÇÃO\",\nIF(AND($C77=\"S\",$P77<>\"\",$Q77<>\"\",$S77=\"\"),\"UNIDADE\",\nIF(AND($C77=\"S\",$P77<>\"\",$Q77<>\"\",$U77=0),\"SEM CUSTO\",\nIF(AND(TIPOORCAMENTO=\"Licitado\",$AL77=0,$AN77>0),\"SEM PREÇO\",\nIF(AND($C77=\"S\",$P77<>\"\",$Q77<>\"\",$U77>0,AND($V77<>\"BDI 1\",$V77<>\"BDI 2\",$V77<>\"BDI 3\")),IF(ISNUMBER($V77),\"JUSTIFICAR BDI\",\"BDI\"),\nIF(OR(AND(import.recurso=\"OGU\",TIPOORCAMENTO=\"Proposto\",LEFT($O$8,5)<>\"(N/D:\",$AG77<>\"\",ORÇAMENTO.CustoUnitario>$AG77),AND(TIPOORCAMENTO=\"LICITADO\",ORÇAMENTO.PrecoUnitarioLicitado>$AN77)),\"ACIMA REF.\",\nIF(AND($C77=\"S\",$P77<>\"\",$Q77<>\"\",$T77=0,$U77>0),\"QUANT.\",\nIF(AND(Import.TipoArredondamento=\"TransfereGOV\",$L77=\"F\",$C77=\"S\",LEN($Q77)>13),\"Código >13\",\nIF(AND(Import.TipoArredondamento=\"TransfereGOV\",$L77=\"F\",$C77<>\"S\",LEN($R77)>100),\"Descrição >100\",\nIF(AND(Import.TipoArredondamento=\"TransfereGOV\",$L77=\"F\",$C77=\"S\",LEN($R77)>500),\"Descrição >500\",\nIF(AND(Import.TipoArredondamento=\"TransfereGOV\",$L77=\"F\",$C77=\"S\",LEFT(TRIM(UPPER($P77)),6)<>\"SINAPI\",ISNA(VLOOKUP(TRIM(UPPER($S77)),ListaTgov.Unidades,1,FALSE))),\"Unid. Não Disp\",\n\" \"))))))))))))))))","v":" "},{"$f":"IF(C77<=CRONO.NivelExibicao,MAX($AD$15:OFFSET(AD77,-1,0))+IF($C77<>1,1,MAX(1,COUNTIF(QCI!$A$13:$A$36,OFFSET($E77,-1,0)))),\"\")","v":""},{"$f":"IF(AND($C77=\"S\",ORÇAMENTO.CodBarra<>\"\"),IF(ORÇAMENTO.Fonte=\"\",ORÇAMENTO.CodBarra,CONCATENATE(ORÇAMENTO.Fonte,\" \",ORÇAMENTO.CodBarra)))","v":"SINAPI 92771"},{"$f":"IF(ISERROR(ORÇAMENTO.BancoRef),\"(abra o arquivo 'Referência \"&Excel_BuiltIn_Database&\".xlsm)\",IF(OR($C77<>\"S\",ORÇAMENTO.CodBarra=\"\"),\"(Sem Código)\",IF(ISERROR(MATCH($AE77,INDIRECT(ORÇAMENTO.BancoRef),0)),\"(Código não identificado nas referências)\",MATCH($AE77,INDIRECT(ORÇAMENTO.BancoRef),0))))","v":6566},{"$f":"ROUND(IF(DESONERACAO=\"sim\",REFERENCIA.Desonerado,REFERENCIA.NaoDesonerado),2)","v":10.130000000000001},0.25290000000000001,null,null,null,null,156.09,{"$f":"ROUND(ORÇAMENTO.CustoUnitario*(1+$AH77),2)","v":12.69}]
["S",2,"S",0,{"$f":"IF($C78=1,OFFSET(E78,-1,0)+MAX(1,COUNTIF(QCI!$A$13:$A$36,OFFSET(ORÇAMENTO!E78,-1,0))),OFFSET(E78,-1,0))","v":4},3,0,0,6,0,{"$f":"IF(OR($C78=\"S\",$C78=0),0,MATCH(OFFSET($D78,0,$C78)+IF($C78<>1,1,COUNTIF(QCI!$A$13:$A$36,ORÇAMENTO!E78)),OFFSET($D78,1,$C78,ROW($C$472)-ROW($C78)),0))","v":0},"F","Serviço","Serviço","4.3.0.6.","Composição","COMP09",{"$f":"IF($C78=\"S\",REFERENCIA.Descricao,\"(digite a descrição aqui)\")","v":"CONCRETAGEM DE VIGAS E LAJES, FCK=30 MPA, PARA LAJES MACIÇAS OU NERVURADAS COM USO DE BOMBA - LANÇAMENTO, ADENSAMENTO E ACABAMENTO."},{"$f":"REFERENCIA.Unidade","v":"M3"},{"$f":"OFFSET(CÁLCULO!H$15,ROW($T78)-ROW(T$15),0)","v":32.799999999999997},701.11,"BDI 1",{"$f":"IF($C78=\"S\",ROUND(IF(TIPOORCAMENTO=\"Proposto\",ORÇAMENTO.CustoUnitario*(1+$AH78),ORÇAMENTO.PrecoUnitarioLicitado),15-13*$AF$10),0)","v":878.42},{"$f":"IF($C78=\"S\",IF(OR(Import.TipoArredondamento<>\"TransfereGOV\",ACOMPANHAMENTO=\"BM\"),VTOTAL1,SUM(OFFSET(CÁLCULO!$AI$15,ROW($X78)-ROW($X$15),1):OFFSET(CÁLCULO!$BB$15,ROW($X78)-ROW($X$15),-1))),IF($C78=0,0,ROUND(SomaAgrup,15-13*$AF$11)))","v":28812.18},"RA","RA",{"$f":"IF($C78=\"S\",IF($Z78=\"CP\",$X78,IF($Z78=\"RA\",(($X78)*QCI!$AA$3),0)),SomaAgrup)","v":2493.2246444411944},{"$f":"IF($C78=\"S\",IF($Z78=\"OU\",ROUND($X78,2),0),SomaAgrup)","v":0},{"$f":"IF($N78=\"\",\" \",\nIF(AND($C78<>\"S\",OR($R78=\"\",$R78=\"(digite a descrição aqui)\")),\"DESCRIÇÃO\",\nIF(AND($C78=\"S\",OR($Q78<>\"\",$T78>0,$U78>0),$P78=\"\"),\"FONTE\",\nIF(AND($C78=\"S\",$P78<>\"\",OR($T78>0,$U78>0),$Q78=\"\"),\"CÓDIGO\",\nIF(AND($C78=\"S\",$P78<>\"\",$Q78<>\"\",$R78=\"(Código não identificado nas referências)\"),\"CÓDIGO N/ID\",\nIF(AND($C78=\"S\",OR($R78=\"\",$R78=\"(digite a descrição aqui)\"),OR($Q78<>\"\",$T78>0,$U78>0)),\"DESCRIÇÃO\",\nIF(AND($C78=\"S\",$P78<>\"\",$Q78<>\"\",$S78=\"\"),\"UNIDADE\",\nIF(AND($C78=\"S\",$P78<>\"\",$Q78<>\"\",$U78=0),\"SEM CUSTO\",\nIF(AND(TIPOORCAMENTO=\"Licitado\",$AL78=0,$AN78>0),\"SEM PREÇO\",\nIF(AND($C78=\"S\",$P78<>\"\",$Q78<>\"\",$U78>0,AND($V78<>\"BDI 1\",$V78<>\"BDI 2\",$V78<>\"BDI 3\")),IF(ISNUMBER($V78),\"JUSTIFICAR BDI\",\"BDI\"),\nIF(OR(AND(import.recurso=\"OGU\",TIPOORCAMENTO=\"Proposto\",LEFT($O$8,5)<>\"(N/D:\",$AG78<>\"\",ORÇAMENTO.CustoUnitario>$AG78),AND(TIPOORCAMENTO=\"LICITADO\",ORÇAMENTO.PrecoUnitarioLicitado>$AN78)),\"ACIMA REF.\",\nIF(AND($C78=\"S\",$P78<>\"\",$Q78<>\"\",$T78=0,$U78>0),\"QUANT.\",\nIF(AND(Import.TipoArredondamento=\"TransfereGOV\",$L78=\"F\",$C78=\"S\",LEN($Q78)>13),\"Código >13\",\nIF(AND(Import.TipoArredondamento=\"TransfereGOV\",$L78=\"F\",$C78<>\"S\",LEN($R78)>100),\"Descrição >100\",\nIF(AND(Import.TipoArredondamento=\"TransfereGOV\",$L78=\"F\",$C78=\"S\",LEN($R78)>500),\"Descrição >500\",\nIF(AND(Import.TipoArredondamento=\"TransfereGOV\",$L78=\"F\",$C78=\"S\",LEFT(TRIM(UPPER($P78)),6)<>\"SINAPI\",ISNA(VLOOKUP(TRIM(UPPER($S78)),ListaTgov.Unidades,1,FALSE))),\"Unid. Não Disp\",\n\" \"))))))))))))))))","v":" "},{"$f":"IF(C78<=CRONO.NivelExibicao,MAX($AD$15:OFFSET(AD78,-1,0))+IF($C78<>1,1,MAX(1,COUNTIF(QCI!$A$13:$A$36,OFFSET($E78,-1,0)))),\"\")","v":""},{"$f":"IF(AND($C78=\"S\",ORÇAMENTO.CodBarra<>\"\"),IF(ORÇAMENTO.Fonte=\"\",ORÇAMENTO.CodBarra,CONCATENATE(ORÇAMENTO.Fonte,\" \",ORÇAMENTO.CodBarra)))","v":"Composição COMP09"},{"$f":"IF(ISERROR(ORÇAMENTO.BancoRef),\"(abra o arquivo 'Referência \"&Excel_BuiltIn_Database&\".xlsm)\",IF(OR($C78<>\"S\",ORÇAMENTO.CodBarra=\"\"),\"(Sem Código)\",IF(ISERROR(MATCH($AE78,INDIRECT(ORÇAMENTO.BancoRef),0)),\"(Código não identificado nas referências)\",MATCH($AE78,INDIRECT(ORÇAMENTO.BancoRef),0))))","v":11},{"$f":"ROUND(IF(DESONERACAO=\"sim\",REFERENCIA.Desonerado,REFERENCIA.NaoDesonerado),2)","v":701.11},0.25290000000000001,null,null,null,null,28812.18,{"$f":"ROUND(ORÇAMENTO.CustoUnitario*(1+$AH78),2)","v":878.42}]
["S",{"$f":"IF(OR(C79=\"s\",C79=0),OFFSET(B79,-1,0),C79)","v":2},{"$f":"IF(OFFSET(C79,-1,0)=\"L\",1,IF(OFFSET(C79,-1,0)=1,2,IF(OR(A79=\"s\",A79=0),\"S\",IF(AND(OFFSET(C79,-1,0)=2,A79=4),3,IF(AND(OR(OFFSET(C79,-1,0)=\"s\",OFFSET(C79,-1,0)=0),A79<>\"s\",A79>OFFSET(B79,-1,0)),OFFSET(B79,-1,0),A79)))))","v":"S"},{"$f":"IF(OR(C79=\"S\",C79=0),0,IF(ISERROR(K79),J79,SMALL(J79:K79,1)))","v":0},{"$f":"IF($C79=1,OFFSET(E79,-1,0)+MAX(1,COUNTIF(QCI!$A$13:$A$36,OFFSET(ORÇAMENTO!E79,-1,0))),OFFSET(E79,-1,0))","v":4},{"$f":"IF($C79=1,0,IF($C79=2,OFFSET(F79,-1,0)+1,OFFSET(F79,-1,0)))","v":3},{"$f":"IF(AND($C79<=2,$C79<>0),0,IF($C79=3,OFFSET(G79,-1,0)+1,OFFSET(G79,-1,0)))","v":0},{"$f":"IF(AND($C79<=3,$C79<>0),0,IF($C79=4,OFFSET(H79,-1,0)+1,OFFSET(H79,-1,0)))","v":0},{"$f":"IF(AND($C79<=4,$C79<>0),0,IF(AND($C79=\"S\",$X79>0),OFFSET(I79,-1,0)+1,OFFSET(I79,-1,0)))","v":7},0,{"$f":"IF(OR($C79=\"S\",$C79=0),0,MATCH(OFFSET($D79,0,$C79)+IF($C79<>1,1,COUNTIF(QCI!$A$13:$A$36,ORÇAMENTO!E79)),OFFSET($D79,1,$C79,ROW($C$472)-ROW($C79)),0))","v":0},{"$f":"IF(OR($X79>0,$C79=1,$C79=2,$C79=3,$C79=4),\"F\",\"\")","v":"F"},"Serviço",{"$f":"CHOOSE(1+LOG(1+2*(C79=1)+4*(C79=2)+8*(C79=3)+16*(C79=4)+32*(C79=\"S\"),2),\"\",\"Meta\",\"Nível 2\",\"Nível 3\",\"Nível 4\",\"Serviço\")","v":"Serviço"},{"$f":"IF(OR($C79=0,$L79=\"\"),\"-\",CONCATENATE(E79&\".\",IF(AND($A$5>=2,$C79>=2),F79&\".\",\"\"),IF(AND($A$5>=3,$C79>=3),G79&\".\",\"\"),IF(AND($A$5>=4,$C79>=4),H79&\".\",\"\"),IF($C79=\"S\",I79&\".\",\"\")))","v":"4.3.0.7."},"Composição","COMP07",{"$f":"IF($C79=\"S\",REFERENCIA.Descricao,\"(digite a descrição aqui)\")","v":"CONTROLE TECNOLÓGICO DE CONCRETOS"},{"$f":"REFERENCIA.Unidade","v":"M3"},{"$f":"OFFSET(CÁLCULO!H$15,ROW($T79)-ROW(T$15),0)","v":32.799999999999997},103.7,"BDI 1",{"$f":"IF($C79=\"S\",ROUND(IF(TIPOORCAMENTO=\"Proposto\",ORÇAMENTO.CustoUnitario*(1+$AH79),ORÇAMENTO.PrecoUnitarioLicitado),15-13*$AF$10),0)","v":129.93},{"$f":"IF($C79=\"S\",IF(OR(Import.TipoArredondamento<>\"TransfereGOV\",ACOMPANHAMENTO=\"BM\"),VTOTAL1,SUM(OFFSET(CÁLCULO!$AI$15,ROW($X79)-ROW($X$15),1):OFFSET(CÁLCULO!$BB$15,ROW($X79)-ROW($X$15),-1))),IF($C79=0,0,ROUND(SomaAgrup,15-13*$AF$11)))","v":4261.7},"RA",{"$f":"IF(AND($C79=\"S\",$X79>0),IF(ISBLANK($Y79),\"RA\",LEFT($Y79,2)),\"\")","v":"RA"},{"$f":"IF($C79=\"S\",IF($Z79=\"CP\",$X79,IF($Z79=\"RA\",(($X79)*QCI!$AA$3),0)),SomaAgrup)","v":368.78068466929744},{"$f":"IF($C79=\"S\",IF($Z79=\"OU\",ROUND($X79,2),0),SomaAgrup)","v":0},{"$f":"IF($N79=\"\",\" \",\nIF(AND($C79<>\"S\",OR($R79=\"\",$R79=\"(digite a descrição aqui)\")),\"DESCRIÇÃO\",\nIF(AND($C79=\"S\",OR($Q79<>\"\",$T79>0,$U79>0),$P79=\"\"),\"FONTE\",\nIF(AND($C79=\"S\",$P79<>\"\",OR($T79>0,$U79>0),$Q79=\"\"),\"CÓDIGO\",\nIF(AND($C79=\"S\",$P79<>\"\",$Q79<>\"\",$R79=\"(Código não identificado nas referências)\"),\"CÓDIGO N/ID\",\nIF(AND($C79=\"S\",OR($R79=\"\",$R79=\"(digite a descrição aqui)\"),OR($Q79<>\"\",$T79>0,$U79>0)),\"DESCRIÇÃO\",\nIF(AND($C79=\"S\",$P79<>\"\",$Q79<>\"\",$S79=\"\"),\"UNIDADE\",\nIF(AND($C79=\"S\",$P79<>\"\",$Q79<>\"\",$U79=0),\"SEM CUSTO\",\nIF(AND(TIPOORCAMENTO=\"Licitado\",$AL79=0,$AN79>0),\"SEM PREÇO\",\nIF(AND($C79=\"S\",$P79<>\"\",$Q79<>\"\",$U79>0,AND($V79<>\"BDI 1\",$V79<>\"BDI 2\",$V79<>\"BDI 3\")),IF(ISNUMBER($V79),\"JUSTIFICAR BDI\",\"BDI\"),\nIF(OR(AND(import.recurso=\"OGU\",TIPOORCAMENTO=\"Proposto\",LEFT($O$8,5)<>\"(N/D:\",$AG79<>\"\",ORÇAMENTO.CustoUnitario>$AG79),AND(TIPOORCAMENTO=\"LICITADO\",ORÇAMENTO.PrecoUnitarioLicitado>$AN79)),\"ACIMA REF.\",\nIF(AND($C79=\"S\",$P79<>\"\",$Q79<>\"\",$T79=0,$U79>0),\"QUANT.\",\nIF(AND(Import.TipoArredondamento=\"TransfereGOV\",$L79=\"F\",$C79=\"S\",LEN($Q79)>13),\"Código >13\",\nIF(AND(Import.TipoArredondamento=\"TransfereGOV\",$L79=\"F\",$C79<>\"S\",LEN($R79)>100),\"Descrição >100\",\nIF(AND(Import.TipoArredondamento=\"TransfereGOV\",$L79=\"F\",$C79=\"S\",LEN($R79)>500),\"Descrição >500\",\nIF(AND(Import.TipoArredondamento=\"TransfereGOV\",$L79=\"F\",$C79=\"S\",LEFT(TRIM(UPPER($P79)),6)<>\"SINAPI\",ISNA(VLOOKUP(TRIM(UPPER($S79)),ListaTgov.Unidades,1,FALSE))),\"Unid. Não Disp\",\n\" \"))))))))))))))))","v":" "},{"$f":"IF(C79<=CRONO.NivelExibicao,MAX($AD$15:OFFSET(AD79,-1,0))+IF($C79<>1,1,MAX(1,COUNTIF(QCI!$A$13:$A$36,OFFSET($E79,-1,0)))),\"\")","v":""},{"$f":"IF(AND($C79=\"S\",ORÇAMENTO.CodBarra<>\"\"),IF(ORÇAMENTO.Fonte=\"\",ORÇAMENTO.CodBarra,CONCATENATE(ORÇAMENTO.Fonte,\" \",ORÇAMENTO.CodBarra)))","v":"Composição COMP07"},{"$f":"IF(ISERROR(ORÇAMENTO.BancoRef),\"(abra o arquivo 'Referência \"&Excel_BuiltIn_Database&\".xlsm)\",IF(OR($C79<>\"S\",ORÇAMENTO.CodBarra=\"\"),\"(Sem Código)\",IF(ISERROR(MATCH($AE79,INDIRECT(ORÇAMENTO.BancoRef),0)),\"(Código não identificado nas referências)\",MATCH($AE79,INDIRECT(ORÇAMENTO.BancoRef),0))))","v":9},{"$f":"ROUND(IF(DESONERACAO=\"sim\",REFERENCIA.Desonerado,REFERENCIA.NaoDesonerado),2)","v":103.7},0.25290000000000001,null,null,null,null,4261.7,{"$f":"ROUND(ORÇAMENTO.CustoUnitario*(1+$AH79),2)","v":129.93}]
["S",2,"S",0,{"$f":"IF($C80=1,OFFSET(E80,-1,0)+MAX(1,COUNTIF(QCI!$A$13:$A$36,OFFSET(ORÇAMENTO!E80,-1,0))),OFFSET(E80,-1,0))","v":4},3,0,0,8,{"$f":"IF(OR($C80=\"S\",$C80=0),0,MATCH(0,OFFSET($D80,1,$C80,ROW($C$472)-ROW($C80)),0))","v":0},{"$f":"IF(OR($C80=\"S\",$C80=0),0,MATCH(OFFSET($D80,0,$C80)+IF($C80<>1,1,COUNTIF(QCI!$A$13:$A$36,ORÇAMENTO!E80)),OFFSET($D80,1,$C80,ROW($C$472)-ROW($C80)),0))","v":0},"F","Serviço","Serviço","4.3.0.8.","Composição","COMP10",{"$f":"IF($C80=\"S\",REFERENCIA.Descricao,\"(digite a descrição aqui)\")","v":"LAJE PRÉ-FABRICADA UNIDIRECIONAL EM VIGA TRELIÇADA/LAJOTA EM EPS LT 12 (8+4), EXCETO CAPA DE CONCRETO "},{"$f":"REFERENCIA.Unidade","v":"M2"},{"$f":"OFFSET(CÁLCULO!H$15,ROW($T80)-ROW(T$15),0)","v":93.94},95.41,"BDI 1",{"$f":"IF($C80=\"S\",ROUND(IF(TIPOORCAMENTO=\"Proposto\",ORÇAMENTO.CustoUnitario*(1+$AH80),ORÇAMENTO.PrecoUnitarioLicitado),15-13*$AF$10),0)","v":119.54},{"$f":"IF($C80=\"S\",IF(OR(Import.TipoArredondamento<>\"TransfereGOV\",ACOMPANHAMENTO=\"BM\"),VTOTAL1,SUM(OFFSET(CÁLCULO!$AI$15,ROW($X80)-ROW($X$15),1):OFFSET(CÁLCULO!$BB$15,ROW($X80)-ROW($X$15),-1))),IF($C80=0,0,ROUND(SomaAgrup,15-13*$AF$11)))","v":11229.59},"RA","RA",{"$f":"IF($C80=\"S\",IF($Z80=\"CP\",$X80,IF($Z80=\"RA\",(($X80)*QCI!$AA$3),0)),SomaAgrup)","v":971.73801270748663},{"$f":"IF($C80=\"S\",IF($Z80=\"OU\",ROUND($X80,2),0),SomaAgrup)","v":0},{"$f":"IF($N80=\"\",\" \",\nIF(AND($C80<>\"S\",OR($R80=\"\",$R80=\"(digite a descrição aqui)\")),\"DESCRIÇÃO\",\nIF(AND($C80=\"S\",OR($Q80<>\"\",$T80>0,$U80>0),$P80=\"\"),\"FONTE\",\nIF(AND($C80=\"S\",$P80<>\"\",OR($T80>0,$U80>0),$Q80=\"\"),\"CÓDIGO\",\nIF(AND($C80=\"S\",$P80<>\"\",$Q80<>\"\",$R80=\"(Código não identificado nas referências)\"),\"CÓDIGO N/ID\",\nIF(AND($C80=\"S\",OR($R80=\"\",$R80=\"(digite a descrição aqui)\"),OR($Q80<>\"\",$T80>0,$U80>0)),\"DESCRIÇÃO\",\nIF(AND($C80=\"S\",$P80<>\"\",$Q80<>\"\",$S80=\"\"),\"UNIDADE\",\nIF(AND($C80=\"S\",$P80<>\"\",$Q80<>\"\",$U80=0),\"SEM CUSTO\",\nIF(AND(TIPOORCAMENTO=\"Licitado\",$AL80=0,$AN80>0),\"SEM PREÇO\",\nIF(AND($C80=\"S\",$P80<>\"\",$Q80<>\"\",$U80>0,AND($V80<>\"BDI 1\",$V80<>\"BDI 2\",$V80<>\"BDI 3\")),IF(ISNUMBER($V80),\"JUSTIFICAR BDI\",\"BDI\"),\nIF(OR(AND(import.recurso=\"OGU\",TIPOORCAMENTO=\"Proposto\",LEFT($O$8,5)<>\"(N/D:\",$AG80<>\"\",ORÇAMENTO.CustoUnitario>$AG80),AND(TIPOORCAMENTO=\"LICITADO\",ORÇAMENTO.PrecoUnitarioLicitado>$AN80)),\"ACIMA REF.\",\nIF(AND($C80=\"S\",$P80<>\"\",$Q80<>\"\",$T80=0,$U80>0),\"QUANT.\",\nIF(AND(Import.TipoArredondamento=\"TransfereGOV\",$L80=\"F\",$C80=\"S\",LEN($Q80)>13),\"Código >13\",\nIF(AND(Import.TipoArredondamento=\"TransfereGOV\",$L80=\"F\",$C80<>\"S\",LEN($R80)>100),\"Descrição >100\",\nIF(AND(Import.TipoArredondamento=\"TransfereGOV\",$L80=\"F\",$C80=\"S\",LEN($R80)>500),\"Descrição >500\",\nIF(AND(Import.TipoArredondamento=\"TransfereGOV\",$L80=\"F\",$C80=\"S\",LEFT(TRIM(UPPER($P80)),6)<>\"SINAPI\",ISNA(VLOOKUP(TRIM(UPPER($S80)),ListaTgov.Unidades,1,FALSE))),\"Unid. Não Disp\",\n\" \"))))))))))))))))","v":" "},{"$f":"IF(C80<=CRONO.NivelExibicao,MAX($AD$15:OFFSET(AD80,-1,0))+IF($C80<>1,1,MAX(1,COUNTIF(QCI!$A$13:$A$36,OFFSET($E80,-1,0)))),\"\")","v":""},{"$f":"IF(AND($C80=\"S\",ORÇAMENTO.CodBarra<>\"\"),IF(ORÇAMENTO.Fonte=\"\",ORÇAMENTO.CodBarra,CONCATENATE(ORÇAMENTO.Fonte,\" \",ORÇAMENTO.CodBarra)))","v":"Composição COMP10"},{"$f":"IF(ISERROR(ORÇAMENTO.BancoRef),\"(abra o arquivo 'Referência \"&Excel_BuiltIn_Database&\".xlsm)\",IF(OR($C80<>\"S\",ORÇAMENTO.CodBarra=\"\"),\"(Sem Código)\",IF(ISERROR(MATCH($AE80,INDIRECT(ORÇAMENTO.BancoRef),0)),\"(Código não identificado nas referências)\",MATCH($AE80,INDIRECT(ORÇAMENTO.BancoRef),0))))","v":12},{"$f":"ROUND(IF(DESONERACAO=\"sim\",REFERENCIA.Desonerado,REFERENCIA.NaoDesonerado),2)","v":95.41},0.25290000000000001,null,null,null,null,11229.59,{"$f":"ROUND(ORÇAMENTO.CustoUnitario*(1+$AH80),2)","v":119.54}]
["S",2,"S",0,{"$f":"IF($C81=1,OFFSET(E81,-1,0)+MAX(1,COUNTIF(QCI!$A$13:$A$36,OFFSET(ORÇAMENTO!E81,-1,0))),OFFSET(E81,-1,0))","v":4},3,0,0,9,0,{"$f":"IF(OR($C81=\"S\",$C81=0),0,MATCH(OFFSET($D81,0,$C81)+IF($C81<>1,1,COUNTIF(QCI!$A$13:$A$36,ORÇAMENTO!E81)),OFFSET($D81,1,$C81,ROW($C$472)-ROW($C81)),0))","v":0},"F","Serviço","Serviço","4.3.0.9.","Composição","COMP11",{"$f":"IF($C81=\"S\",REFERENCIA.Descricao,\"(digite a descrição aqui)\")","v":"LAJE PRÉ-FABRICADA UNIDIRECIONAL EM VIGA TRELIÇADA/LAJOTA EM EPS LT 16 (12+4), EXCETO CAPA DE CONCRETO "},{"$f":"REFERENCIA.Unidade","v":"M2"},{"$f":"OFFSET(CÁLCULO!H$15,ROW($T81)-ROW(T$15),0)","v":358.88},114.15,"BDI 1",{"$f":"IF($C81=\"S\",ROUND(IF(TIPOORCAMENTO=\"Proposto\",ORÇAMENTO.CustoUnitario*(1+$AH81),ORÇAMENTO.PrecoUnitarioLicitado),15-13*$AF$10),0)","v":143.02000000000001},{"$f":"IF($C81=\"S\",IF(OR(Import.TipoArredondamento<>\"TransfereGOV\",ACOMPANHAMENTO=\"BM\"),VTOTAL1,SUM(OFFSET(CÁLCULO!$AI$15,ROW($X81)-ROW($X$15),1):OFFSET(CÁLCULO!$BB$15,ROW($X81)-ROW($X$15),-1))),IF($C81=0,0,ROUND(SomaAgrup,15-13*$AF$11)))","v":51327.02},"RA","RA",{"$f":"IF($C81=\"S\",IF($Z81=\"CP\",$X81,IF($Z81=\"RA\",(($X81)*QCI!$AA$3),0)),SomaAgrup)","v":4441.5171357990293},{"$f":"IF($C81=\"S\",IF($Z81=\"OU\",ROUND($X81,2),0),SomaAgrup)","v":0},{"$f":"IF($N81=\"\",\" \",\nIF(AND($C81<>\"S\",OR($R81=\"\",$R81=\"(digite a descrição aqui)\")),\"DESCRIÇÃO\",\nIF(AND($C81=\"S\",OR($Q81<>\"\",$T81>0,$U81>0),$P81=\"\"),\"FONTE\",\nIF(AND($C81=\"S\",$P81<>\"\",OR($T81>0,$U81>0),$Q81=\"\"),\"CÓDIGO\",\nIF(AND($C81=\"S\",$P81<>\"\",$Q81<>\"\",$R81=\"(Código não identificado nas referências)\"),\"CÓDIGO N/ID\",\nIF(AND($C81=\"S\",OR($R81=\"\",$R81=\"(digite a descrição aqui)\"),OR($Q81<>\"\",$T81>0,$U81>0)),\"DESCRIÇÃO\",\nIF(AND($C81=\"S\",$P81<>\"\",$Q81<>\"\",$S81=\"\"),\"UNIDADE\",\nIF(AND($C81=\"S\",$P81<>\"\",$Q81<>\"\",$U81=0),\"SEM CUSTO\",\nIF(AND(TIPOORCAMENTO=\"Licitado\",$AL81=0,$AN81>0),\"SEM PREÇO\",\nIF(AND($C81=\"S\",$P81<>\"\",$Q81<>\"\",$U81>0,AND($V81<>\"BDI 1\",$V81<>\"BDI 2\",$V81<>\"BDI 3\")),IF(ISNUMBER($V81),\"JUSTIFICAR BDI\",\"BDI\"),\nIF(OR(AND(import.recurso=\"OGU\",TIPOORCAMENTO=\"Proposto\",LEFT($O$8,5)<>\"(N/D:\",$AG81<>\"\",ORÇAMENTO.CustoUnitario>$AG81),AND(TIPOORCAMENTO=\"LICITADO\",ORÇAMENTO.PrecoUnitarioLicitado>$AN81)),\"ACIMA REF.\",\nIF(AND($C81=\"S\",$P81<>\"\",$Q81<>\"\",$T81=0,$U81>0),\"QUANT.\",\nIF(AND(Import.TipoArredondamento=\"TransfereGOV\",$L81=\"F\",$C81=\"S\",LEN($Q81)>13),\"Código >13\",\nIF(AND(Import.TipoArredondamento=\"TransfereGOV\",$L81=\"F\",$C81<>\"S\",LEN($R81)>100),\"Descrição >100\",\nIF(AND(Import.TipoArredondamento=\"TransfereGOV\",$L81=\"F\",$C81=\"S\",LEN($R81)>500),\"Descrição >500\",\nIF(AND(Import.TipoArredondamento=\"TransfereGOV\",$L81=\"F\",$C81=\"S\",LEFT(TRIM(UPPER($P81)),6)<>\"SINAPI\",ISNA(VLOOKUP(TRIM(UPPER($S81)),ListaTgov.Unidades,1,FALSE))),\"Unid. Não Disp\",\n\" \"))))))))))))))))","v":" "},{"$f":"IF(C81<=CRONO.NivelExibicao,MAX($AD$15:OFFSET(AD81,-1,0))+IF($C81<>1,1,MAX(1,COUNTIF(QCI!$A$13:$A$36,OFFSET($E81,-1,0)))),\"\")","v":""},{"$f":"IF(AND($C81=\"S\",ORÇAMENTO.CodBarra<>\"\"),IF(ORÇAMENTO.Fonte=\"\",ORÇAMENTO.CodBarra,CONCATENATE(ORÇAMENTO.Fonte,\" \",ORÇAMENTO.CodBarra)))","v":"Composição COMP11"},{"$f":"IF(ISERROR(ORÇAMENTO.BancoRef),\"(abra o arquivo 'Referência \"&Excel_BuiltIn_Database&\".xlsm)\",IF(OR($C81<>\"S\",ORÇAMENTO.CodBarra=\"\"),\"(Sem Código)\",IF(ISERROR(MATCH($AE81,INDIRECT(ORÇAMENTO.BancoRef),0)),\"(Código não identificado nas referências)\",MATCH($AE81,INDIRECT(ORÇAMENTO.BancoRef),0))))","v":13},{"$f":"ROUND(IF(DESONERACAO=\"sim\",REFERENCIA.Desonerado,REFERENCIA.NaoDesonerado),2)","v":114.15},0.25290000000000001,null,null,null,null,51327.02,{"$f":"ROUND(ORÇAMENTO.CustoUnitario*(1+$AH81),2)","v":143.02000000000001}]
["S",2,"S",0,{"$f":"IF($C82=1,OFFSET(E82,-1,0)+MAX(1,COUNTIF(QCI!$A$13:$A$36,OFFSET(ORÇAMENTO!E82,-1,0))),OFFSET(E82,-1,0))","v":4},3,0,0,10,0,{"$f":"IF(OR($C82=\"S\",$C82=0),0,MATCH(OFFSET($D82,0,$C82)+IF($C82<>1,1,COUNTIF(QCI!$A$13:$A$36,ORÇAMENTO!E82)),OFFSET($D82,1,$C82,ROW($C$472)-ROW($C82)),0))","v":0},"F","Serviço","Serviço","4.3.0.10.","Composição","COMP12",{"$f":"IF($C82=\"S\",REFERENCIA.Descricao,\"(digite a descrição aqui)\")","v":"LAJE PRÉ-FABRICADA UNIDIRECIONAL EM VIGA TRELIÇADA/LAJOTA EM EPS LT 20 (16+4), EXCETO CAPA DE CONCRETO "},{"$f":"REFERENCIA.Unidade","v":"M2"},{"$f":"OFFSET(CÁLCULO!H$15,ROW($T82)-ROW(T$15),0)","v":28.18},154.49,"BDI 1",{"$f":"IF($C82=\"S\",ROUND(IF(TIPOORCAMENTO=\"Proposto\",ORÇAMENTO.CustoUnitario*(1+$AH82),ORÇAMENTO.PrecoUnitarioLicitado),15-13*$AF$10),0)","v":193.56},{"$f":"IF($C82=\"S\",IF(OR(Import.TipoArredondamento<>\"TransfereGOV\",ACOMPANHAMENTO=\"BM\"),VTOTAL1,SUM(OFFSET(CÁLCULO!$AI$15,ROW($X82)-ROW($X$15),1):OFFSET(CÁLCULO!$BB$15,ROW($X82)-ROW($X$15),-1))),IF($C82=0,0,ROUND(SomaAgrup,15-13*$AF$11)))","v":5454.52},"RA","RA",{"$f":"IF($C82=\"S\",IF($Z82=\"CP\",$X82,IF($Z82=\"RA\",(($X82)*QCI!$AA$3),0)),SomaAgrup)","v":471.9998170078552},{"$f":"IF($C82=\"S\",IF($Z82=\"OU\",ROUND($X82,2),0),SomaAgrup)","v":0},{"$f":"IF($N82=\"\",\" \",\nIF(AND($C82<>\"S\",OR($R82=\"\",$R82=\"(digite a descrição aqui)\")),\"DESCRIÇÃO\",\nIF(AND($C82=\"S\",OR($Q82<>\"\",$T82>0,$U82>0),$P82=\"\"),\"FONTE\",\nIF(AND($C82=\"S\",$P82<>\"\",OR($T82>0,$U82>0),$Q82=\"\"),\"CÓDIGO\",\nIF(AND($C82=\"S\",$P82<>\"\",$Q82<>\"\",$R82=\"(Código não identificado nas referências)\"),\"CÓDIGO N/ID\",\nIF(AND($C82=\"S\",OR($R82=\"\",$R82=\"(digite a descrição aqui)\"),OR($Q82<>\"\",$T82>0,$U82>0)),\"DESCRIÇÃO\",\nIF(AND($C82=\"S\",$P82<>\"\",$Q82<>\"\",$S82=\"\"),\"UNIDADE\",\nIF(AND($C82=\"S\",$P82<>\"\",$Q82<>\"\",$U82=0),\"SEM CUSTO\",\nIF(AND(TIPOORCAMENTO=\"Licitado\",$AL82=0,$AN82>0),\"SEM PREÇO\",\nIF(AND($C82=\"S\",$P82<>\"\",$Q82<>\"\",$U82>0,AND($V82<>\"BDI 1\",$V82<>\"BDI 2\",$V82<>\"BDI 3\")),IF(ISNUMBER($V82),\"JUSTIFICAR BDI\",\"BDI\"),\nIF(OR(AND(import.recurso=\"OGU\",TIPOORCAMENTO=\"Proposto\",LEFT($O$8,5)<>\"(N/D:\",$AG82<>\"\",ORÇAMENTO.CustoUnitario>$AG82),AND(TIPOORCAMENTO=\"LICITADO\",ORÇAMENTO.PrecoUnitarioLicitado>$AN82)),\"ACIMA REF.\",\nIF(AND($C82=\"S\",$P82<>\"\",$Q82<>\"\",$T82=0,$U82>0),\"QUANT.\",\nIF(AND(Import.TipoArredondamento=\"TransfereGOV\",$L82=\"F\",$C82=\"S\",LEN($Q82)>13),\"Código >13\",\nIF(AND(Import.TipoArredondamento=\"TransfereGOV\",$L82=\"F\",$C82<>\"S\",LEN($R82)>100),\"Descrição >100\",\nIF(AND(Import.TipoArredondamento=\"TransfereGOV\",$L82=\"F\",$C82=\"S\",LEN($R82)>500),\"Descrição >500\",\nIF(AND(Import.TipoArredondamento=\"TransfereGOV\",$L82=\"F\",$C82=\"S\",LEFT(TRIM(UPPER($P82)),6)<>\"SINAPI\",ISNA(VLOOKUP(TRIM(UPPER($S82)),ListaTgov.Unidades,1,FALSE))),\"Unid. Não Disp\",\n\" \"))))))))))))))))","v":" "},{"$f":"IF(C82<=CRONO.NivelExibicao,MAX($AD$15:OFFSET(AD82,-1,0))+IF($C82<>1,1,MAX(1,COUNTIF(QCI!$A$13:$A$36,OFFSET($E82,-1,0)))),\"\")","v":""},{"$f":"IF(AND($C82=\"S\",ORÇAMENTO.CodBarra<>\"\"),IF(ORÇAMENTO.Fonte=\"\",ORÇAMENTO.CodBarra,CONCATENATE(ORÇAMENTO.Fonte,\" \",ORÇAMENTO.CodBarra)))","v":"Composição COMP12"},{"$f":"IF(ISERROR(ORÇAMENTO.BancoRef),\"(abra o arquivo 'Referência \"&Excel_BuiltIn_Database&\".xlsm)\",IF(OR($C82<>\"S\",ORÇAMENTO.CodBarra=\"\"),\"(Sem Código)\",IF(ISERROR(MATCH($AE82,INDIRECT(ORÇAMENTO.BancoRef),0)),\"(Código não identificado nas referências)\",MATCH($AE82,INDIRECT(ORÇAMENTO.BancoRef),0))))","v":14},{"$f":"ROUND(IF(DESONERACAO=\"sim\",REFERENCIA.Desonerado,REFERENCIA.NaoDesonerado),2)","v":154.49},0.25290000000000001,null,null,null,null,5454.52,{"$f":"ROUND(ORÇAMENTO.CustoUnitario*(1+$AH82),2)","v":193.56}]
["S",2,"S",0,{"$f":"IF($C83=1,OFFSET(E83,-1,0)+MAX(1,COUNTIF(QCI!$A$13:$A$36,OFFSET(ORÇAMENTO!E83,-1,0))),OFFSET(E83,-1,0))","v":4},3,0,0,11,0,{"$f":"IF(OR($C83=\"S\",$C83=0),0,MATCH(OFFSET($D83,0,$C83)+IF($C83<>1,1,COUNTIF(QCI!$A$13:$A$36,ORÇAMENTO!E83)),OFFSET($D83,1,$C83,ROW($C$472)-ROW($C83)),0))","v":0},"F","Serviço","Serviço","4.3.0.11.","Composição","COMP13",{"$f":"IF($C83=\"S\",REFERENCIA.Descricao,\"(digite a descrição aqui)\")","v":"FORNECIMENTO E INSTALAÇÃO DE TELA AÇO SOLDADA NERVURADA CA-60, MALHA 20X20CM,FERRO 3.4MM, PAINEL 2X3M, (0,72KG/M²), MALHA POP LEVE GERDAU OU SIMILAR"},{"$f":"REFERENCIA.Unidade","v":"M2"},{"$f":"OFFSET(CÁLCULO!H$15,ROW($T83)-ROW(T$15),0)","v":481},15.91,"BDI 1",{"$f":"IF($C83=\"S\",ROUND(IF(TIPOORCAMENTO=\"Proposto\",ORÇAMENTO.CustoUnitario*(1+$AH83),ORÇAMENTO.PrecoUnitarioLicitado),15-13*$AF$10),0)","v":19.93},{"$f":"IF($C83=\"S\",IF(OR(Import.TipoArredondamento<>\"TransfereGOV\",ACOMPANHAMENTO=\"BM\"),VTOTAL1,SUM(OFFSET(CÁLCULO!$AI$15,ROW($X83)-ROW($X$15),1):OFFSET(CÁLCULO!$BB$15,ROW($X83)-ROW($X$15),-1))),IF($C83=0,0,ROUND(SomaAgrup,15-13*$AF$11)))","v":9586.33},"RA","RA",{"$f":"IF($C83=\"S\",IF($Z83=\"CP\",$X83,IF($Z83=\"RA\",(($X83)*QCI!$AA$3),0)),SomaAgrup)","v":829.54063891541546},{"$f":"IF($C83=\"S\",IF($Z83=\"OU\",ROUND($X83,2),0),SomaAgrup)","v":0},{"$f":"IF($N83=\"\",\" \",\nIF(AND($C83<>\"S\",OR($R83=\"\",$R83=\"(digite a descrição aqui)\")),\"DESCRIÇÃO\",\nIF(AND($C83=\"S\",OR($Q83<>\"\",$T83>0,$U83>0),$P83=\"\"),\"FONTE\",\nIF(AND($C83=\"S\",$P83<>\"\",OR($T83>0,$U83>0),$Q83=\"\"),\"CÓDIGO\",\nIF(AND($C83=\"S\",$P83<>\"\",$Q83<>\"\",$R83=\"(Código não identificado nas referências)\"),\"CÓDIGO N/ID\",\nIF(AND($C83=\"S\",OR($R83=\"\",$R83=\"(digite a descrição aqui)\"),OR($Q83<>\"\",$T83>0,$U83>0)),\"DESCRIÇÃO\",\nIF(AND($C83=\"S\",$P83<>\"\",$Q83<>\"\",$S83=\"\"),\"UNIDADE\",\nIF(AND($C83=\"S\",$P83<>\"\",$Q83<>\"\",$U83=0),\"SEM CUSTO\",\nIF(AND(TIPOORCAMENTO=\"Licitado\",$AL83=0,$AN83>0),\"SEM PREÇO\",\nIF(AND($C83=\"S\",$P83<>\"\",$Q83<>\"\",$U83>0,AND($V83<>\"BDI 1\",$V83<>\"BDI 2\",$V83<>\"BDI 3\")),IF(ISNUMBER($V83),\"JUSTIFICAR BDI\",\"BDI\"),\nIF(OR(AND(import.recurso=\"OGU\",TIPOORCAMENTO=\"Proposto\",LEFT($O$8,5)<>\"(N/D:\",$AG83<>\"\",ORÇAMENTO.CustoUnitario>$AG83),AND(TIPOORCAMENTO=\"LICITADO\",ORÇAMENTO.PrecoUnitarioLicitado>$AN83)),\"ACIMA REF.\",\nIF(AND($C83=\"S\",$P83<>\"\",$Q83<>\"\",$T83=0,$U83>0),\"QUANT.\",\nIF(AND(Import.TipoArredondamento=\"TransfereGOV\",$L83=\"F\",$C83=\"S\",LEN($Q83)>13),\"Código >13\",\nIF(AND(Import.TipoArredondamento=\"TransfereGOV\",$L83=\"F\",$C83<>\"S\",LEN($R83)>100),\"Descrição >100\",\nIF(AND(Import.TipoArredondamento=\"TransfereGOV\",$L83=\"F\",$C83=\"S\",LEN($R83)>500),\"Descrição >500\",\nIF(AND(Import.TipoArredondamento=\"TransfereGOV\",$L83=\"F\",$C83=\"S\",LEFT(TRIM(UPPER($P83)),6)<>\"SINAPI\",ISNA(VLOOKUP(TRIM(UPPER($S83)),ListaTgov.Unidades,1,FALSE))),\"Unid. Não Disp\",\n\" \"))))))))))))))))","v":" "},{"$f":"IF(C83<=CRONO.NivelExibicao,MAX($AD$15:OFFSET(AD83,-1,0))+IF($C83<>1,1,MAX(1,COUNTIF(QCI!$A$13:$A$36,OFFSET($E83,-1,0)))),\"\")","v":""},{"$f":"IF(AND($C83=\"S\",ORÇAMENTO.CodBarra<>\"\"),IF(ORÇAMENTO.Fonte=\"\",ORÇAMENTO.CodBarra,CONCATENATE(ORÇAMENTO.Fonte,\" \",ORÇAMENTO.CodBarra)))","v":"Composição COMP13"},{"$f":"IF(ISERROR(ORÇAMENTO.BancoRef),\"(abra o arquivo 'Referência \"&Excel_BuiltIn_Database&\".xlsm)\",IF(OR($C83<>\"S\",ORÇAMENTO.CodBarra=\"\"),\"(Sem Código)\",IF(ISERROR(MATCH($AE83,INDIRECT(ORÇAMENTO.BancoRef),0)),\"(Código não identificado nas referências)\",MATCH($AE83,INDIRECT(ORÇAMENTO.BancoRef),0))))","v":15},{"$f":"ROUND(IF(DESONERACAO=\"sim\",REFERENCIA.Desonerado,REFERENCIA.NaoDesonerado),2)","v":15.91},0.25290000000000001,null,null,null,null,9586.33,{"$f":"ROUND(ORÇAMENTO.CustoUnitario*(1+$AH83),2)","v":19.93}]
["S",2,"S",0,{"$f":"IF($C84=1,OFFSET(E84,-1,0)+MAX(1,COUNTIF(QCI!$A$13:$A$36,OFFSET(ORÇAMENTO!E84,-1,0))),OFFSET(E84,-1,0))","v":4},3,0,0,12,0,{"$f":"IF(OR($C84=\"S\",$C84=0),0,MATCH(OFFSET($D84,0,$C84)+IF($C84<>1,1,COUNTIF(QCI!$A$13:$A$36,ORÇAMENTO!E84)),OFFSET($D84,1,$C84,ROW($C$472)-ROW($C84)),0))","v":0},"F","Serviço","Serviço","4.3.0.12.","SINAPI","101793",{"$f":"IF($C84=\"S\",REFERENCIA.Descricao,\"(digite a descrição aqui)\")","v":"ESCORAMENTO DE FÔRMAS DE LAJE EM MADEIRA NÃO APARELHADA, PÉ-DIREITO DUPLO, INCLUSO TRAVAMENTO, 4 UTILIZAÇÕES. AF_09/2020"},{"$f":"REFERENCIA.Unidade","v":"M3"},{"$f":"OFFSET(CÁLCULO!H$15,ROW($T84)-ROW(T$15),0)","v":1611.35},26.06,"BDI 1",{"$f":"IF($C84=\"S\",ROUND(IF(TIPOORCAMENTO=\"Proposto\",ORÇAMENTO.CustoUnitario*(1+$AH84),ORÇAMENTO.PrecoUnitarioLicitado),15-13*$AF$10),0)","v":32.65},{"$f":"IF($C84=\"S\",IF(OR(Import.TipoArredondamento<>\"TransfereGOV\",ACOMPANHAMENTO=\"BM\"),VTOTAL1,SUM(OFFSET(CÁLCULO!$AI$15,ROW($X84)-ROW($X$15),1):OFFSET(CÁLCULO!$BB$15,ROW($X84)-ROW($X$15),-1))),IF($C84=0,0,ROUND(SomaAgrup,15-13*$AF$11)))","v":52610.58},"RA","RA",{"$f":"IF($C84=\"S\",IF($Z84=\"CP\",$X84,IF($Z84=\"RA\",(($X84)*QCI!$AA$3),0)),SomaAgrup)","v":4552.5883364030424},{"$f":"IF($C84=\"S\",IF($Z84=\"OU\",ROUND($X84,2),0),SomaAgrup)","v":0},{"$f":"IF($N84=\"\",\" \",\nIF(AND($C84<>\"S\",OR($R84=\"\",$R84=\"(digite a descrição aqui)\")),\"DESCRIÇÃO\",\nIF(AND($C84=\"S\",OR($Q84<>\"\",$T84>0,$U84>0),$P84=\"\"),\"FONTE\",\nIF(AND($C84=\"S\",$P84<>\"\",OR($T84>0,$U84>0),$Q84=\"\"),\"CÓDIGO\",\nIF(AND($C84=\"S\",$P84<>\"\",$Q84<>\"\",$R84=\"(Código não identificado nas referências)\"),\"CÓDIGO N/ID\",\nIF(AND($C84=\"S\",OR($R84=\"\",$R84=\"(digite a descrição aqui)\"),OR($Q84<>\"\",$T84>0,$U84>0)),\"DESCRIÇÃO\",\nIF(AND($C84=\"S\",$P84<>\"\",$Q84<>\"\",$S84=\"\"),\"UNIDADE\",\nIF(AND($C84=\"S\",$P84<>\"\",$Q84<>\"\",$U84=0),\"SEM CUSTO\",\nIF(AND(TIPOORCAMENTO=\"Licitado\",$AL84=0,$AN84>0),\"SEM PREÇO\",\nIF(AND($C84=\"S\",$P84<>\"\",$Q84<>\"\",$U84>0,AND($V84<>\"BDI 1\",$V84<>\"BDI 2\",$V84<>\"BDI 3\")),IF(ISNUMBER($V84),\"JUSTIFICAR BDI\",\"BDI\"),\nIF(OR(AND(import.recurso=\"OGU\",TIPOORCAMENTO=\"Proposto\",LEFT($O$8,5)<>\"(N/D:\",$AG84<>\"\",ORÇAMENTO.CustoUnitario>$AG84),AND(TIPOORCAMENTO=\"LICITADO\",ORÇAMENTO.PrecoUnitarioLicitado>$AN84)),\"ACIMA REF.\",\nIF(AND($C84=\"S\",$P84<>\"\",$Q84<>\"\",$T84=0,$U84>0),\"QUANT.\",\nIF(AND(Import.TipoArredondamento=\"TransfereGOV\",$L84=\"F\",$C84=\"S\",LEN($Q84)>13),\"Código >13\",\nIF(AND(Import.TipoArredondamento=\"TransfereGOV\",$L84=\"F\",$C84<>\"S\",LEN($R84)>100),\"Descrição >100\",\nIF(AND(Import.TipoArredondamento=\"TransfereGOV\",$L84=\"F\",$C84=\"S\",LEN($R84)>500),\"Descrição >500\",\nIF(AND(Import.TipoArredondamento=\"TransfereGOV\",$L84=\"F\",$C84=\"S\",LEFT(TRIM(UPPER($P84)),6)<>\"SINAPI\",ISNA(VLOOKUP(TRIM(UPPER($S84)),ListaTgov.Unidades,1,FALSE))),\"Unid. Não Disp\",\n\" \"))))))))))))))))","v":" "},{"$f":"IF(C84<=CRONO.NivelExibicao,MAX($AD$15:OFFSET(AD84,-1,0))+IF($C84<>1,1,MAX(1,COUNTIF(QCI!$A$13:$A$36,OFFSET($E84,-1,0)))),\"\")","v":""},{"$f":"IF(AND($C84=\"S\",ORÇAMENTO.CodBarra<>\"\"),IF(ORÇAMENTO.Fonte=\"\",ORÇAMENTO.CodBarra,CONCATENATE(ORÇAMENTO.Fonte,\" \",ORÇAMENTO.CodBarra)))","v":"SINAPI 101793"},{"$f":"IF(ISERROR(ORÇAMENTO.BancoRef),\"(abra o arquivo 'Referência \"&Excel_BuiltIn_Database&\".xlsm)\",IF(OR($C84<>\"S\",ORÇAMENTO.CodBarra=\"\"),\"(Sem Código)\",IF(ISERROR(MATCH($AE84,INDIRECT(ORÇAMENTO.BancoRef),0)),\"(Código não identificado nas referências)\",MATCH($AE84,INDIRECT(ORÇAMENTO.BancoRef),0))))","v":10299},{"$f":"ROUND(IF(DESONERACAO=\"sim\",REFERENCIA.Desonerado,REFERENCIA.NaoDesonerado),2)","v":26.06},0.25290000000000001,null,null,null,null,52610.58,{"$f":"ROUND(ORÇAMENTO.CustoUnitario*(1+$AH84),2)","v":32.65}]
[1,1,1,15,{"$f":"IF($C85=1,OFFSET(E85,-1,0)+MAX(1,COUNTIF(QCI!$A$13:$A$36,OFFSET(ORÇAMENTO!E85,-1,0))),OFFSET(E85,-1,0))","v":5},0,0,0,0,387,{"$f":"IF(OR($C85=\"S\",$C85=0),0,MATCH(OFFSET($D85,0,$C85)+IF($C85<>1,1,COUNTIF(QCI!$A$13:$A$36,ORÇAMENTO!E85)),OFFSET($D85,1,$C85,ROW($C$472)-ROW($C85)),0))","v":15},"F","Meta","Meta","5.","SINAPI",null,{"$f":"IF($C85=\"S\",REFERENCIA.Descricao,\"ALVENARIA, VEDAÇÕES E DIVISÓRIAS\")","v":"ALVENARIA, VEDAÇÕES E DIVISÓRIAS"},{"$f":"REFERENCIA.Unidade","v":"-"},{"$f":"OFFSET(CÁLCULO!H$15,ROW($T85)-ROW(T$15),0)","v":0},null,"BDI 1",{"$f":"IF($C85=\"S\",ROUND(IF(TIPOORCAMENTO=\"Proposto\",ORÇAMENTO.CustoUnitario*(1+$AH85),ORÇAMENTO.PrecoUnitarioLicitado),15-13*$AF$10),0)","v":0},{"$f":"IF($C85=\"S\",IF(OR(Import.TipoArredondamento<>\"TransfereGOV\",ACOMPANHAMENTO=\"BM\"),VTOTAL1,SUM(OFFSET(CÁLCULO!$AI$15,ROW($X85)-ROW($X$15),1):OFFSET(CÁLCULO!$BB$15,ROW($X85)-ROW($X$15),-1))),IF($C85=0,0,ROUND(SomaAgrup,15-13*$AF$11)))","v":190710.44},"RA","",{"$f":"IF($C85=\"S\",IF($Z85=\"CP\",$X85,IF($Z85=\"RA\",(($X85)*QCI!$AA$3),0)),SomaAgrup)","v":16502.880690049267},{"$f":"IF($C85=\"S\",IF($Z85=\"OU\",ROUND($X85,2),0),SomaAgrup)","v":0},{"$f":"IF($N85=\"\",\" \",\nIF(AND($C85<>\"S\",OR($R85=\"\",$R85=\"(digite a descrição aqui)\")),\"DESCRIÇÃO\",\nIF(AND($C85=\"S\",OR($Q85<>\"\",$T85>0,$U85>0),$P85=\"\"),\"FONTE\",\nIF(AND($C85=\"S\",$P85<>\"\",OR($T85>0,$U85>0),$Q85=\"\"),\"CÓDIGO\",\nIF(AND($C85=\"S\",$P85<>\"\",$Q85<>\"\",$R85=\"(Código não identificado nas referências)\"),\"CÓDIGO N/ID\",\nIF(AND($C85=\"S\",OR($R85=\"\",$R85=\"(digite a descrição aqui)\"),OR($Q85<>\"\",$T85>0,$U85>0)),\"DESCRIÇÃO\",\nIF(AND($C85=\"S\",$P85<>\"\",$Q85<>\"\",$S85=\"\"),\"UNIDADE\",\nIF(AND($C85=\"S\",$P85<>\"\",$Q85<>\"\",$U85=0),\"SEM CUSTO\",\nIF(AND(TIPOORCAMENTO=\"Licitado\",$AL85=0,$AN85>0),\"SEM PREÇO\",\nIF(AND($C85=\"S\",$P85<>\"\",$Q85<>\"\",$U85>0,AND($V85<>\"BDI 1\",$V85<>\"BDI 2\",$V85<>\"BDI 3\")),IF(ISNUMBER($V85),\"JUSTIFICAR BDI\",\"BDI\"),\nIF(OR(AND(import.recurso=\"OGU\",TIPOORCAMENTO=\"Proposto\",LEFT($O$8,5)<>\"(N/D:\",$AG85<>\"\",ORÇAMENTO.CustoUnitario>$AG85),AND(TIPOORCAMENTO=\"LICITADO\",ORÇAMENTO.PrecoUnitarioLicitado>$AN85)),\"ACIMA REF.\",\nIF(AND($C85=\"S\",$P85<>\"\",$Q85<>\"\",$T85=0,$U85>0),\"QUANT.\",\nIF(AND(Import.TipoArredondamento=\"TransfereGOV\",$L85=\"F\",$C85=\"S\",LEN($Q85)>13),\"Código >13\",\nIF(AND(Import.TipoArredondamento=\"TransfereGOV\",$L85=\"F\",$C85<>\"S\",LEN($R85)>100),\"Descrição >100\",\nIF(AND(Import.TipoArredondamento=\"TransfereGOV\",$L85=\"F\",$C85=\"S\",LEN($R85)>500),\"Descrição >500\",\nIF(AND(Import.TipoArredondamento=\"TransfereGOV\",$L85=\"F\",$C85=\"S\",LEFT(TRIM(UPPER($P85)),6)<>\"SINAPI\",ISNA(VLOOKUP(TRIM(UPPER($S85)),ListaTgov.Unidades,1,FALSE))),\"Unid. Não Disp\",\n\" \"))))))))))))))))","v":" "},{"$f":"IF(C85<=CRONO.NivelExibicao,MAX($AD$15:OFFSET(AD85,-1,0))+IF($C85<>1,1,MAX(1,COUNTIF(QCI!$A$13:$A$36,OFFSET($E85,-1,0)))),\"\")","v":13},{"$f":"IF(AND($C85=\"S\",ORÇAMENTO.CodBarra<>\"\"),IF(ORÇAMENTO.Fonte=\"\",ORÇAMENTO.CodBarra,CONCATENATE(ORÇAMENTO.Fonte,\" \",ORÇAMENTO.CodBarra)))","v":false},{"$f":"IF(ISERROR(ORÇAMENTO.BancoRef),\"(abra o arquivo 'Referência \"&Excel_BuiltIn_Database&\".xlsm)\",IF(OR($C85<>\"S\",ORÇAMENTO.CodBarra=\"\"),\"(Sem Código)\",IF(ISERROR(MATCH($AE85,INDIRECT(ORÇAMENTO.BancoRef),0)),\"(Código não identificado nas referências)\",MATCH($AE85,INDIRECT(ORÇAMENTO.BancoRef),0))))","v":"(Sem Código)"},{"$f":"ROUND(IF(DESONERACAO=\"sim\",REFERENCIA.Desonerado,REFERENCIA.NaoDesonerado),2)","v":0},0.25290000000000001,null,null,null,null,190710.44,{"$f":"ROUND(ORÇAMENTO.CustoUnitario*(1+$AH85),2)","v":0}]
[2,2,2,7,{"$f":"IF($C86=1,OFFSET(E86,-1,0)+MAX(1,COUNTIF(QCI!$A$13:$A$36,OFFSET(ORÇAMENTO!E86,-1,0))),OFFSET(E86,-1,0))","v":5},1,0,0,0,14,{"$f":"IF(OR($C86=\"S\",$C86=0),0,MATCH(OFFSET($D86,0,$C86)+IF($C86<>1,1,COUNTIF(QCI!$A$13:$A$36,ORÇAMENTO!E86)),OFFSET($D86,1,$C86,ROW($C$472)-ROW($C86)),0))","v":7},"F","Nível 2","Nível 2","5.1.","SINAPI",null,{"$f":"IF($C86=\"S\",REFERENCIA.Descricao,\"ALVENARIA DE VEDAÇÃO\")","v":"ALVENARIA DE VEDAÇÃO"},{"$f":"REFERENCIA.Unidade","v":"-"},{"$f":"OFFSET(CÁLCULO!H$15,ROW($T86)-ROW(T$15),0)","v":0},null,"BDI 1",{"$f":"IF($C86=\"S\",ROUND(IF(TIPOORCAMENTO=\"Proposto\",ORÇAMENTO.CustoUnitario*(1+$AH86),ORÇAMENTO.PrecoUnitarioLicitado),15-13*$AF$10),0)","v":0},{"$f":"IF($C86=\"S\",IF(OR(Import.TipoArredondamento<>\"TransfereGOV\",ACOMPANHAMENTO=\"BM\"),VTOTAL1,SUM(OFFSET(CÁLCULO!$AI$15,ROW($X86)-ROW($X$15),1):OFFSET(CÁLCULO!$BB$15,ROW($X86)-ROW($X$15),-1))),IF($C86=0,0,ROUND(SomaAgrup,15-13*$AF$11)))","v":126079.96},"RA","",{"$f":"IF($C86=\"S\",IF($Z86=\"CP\",$X86,IF($Z86=\"RA\",(($X86)*QCI!$AA$3),0)),SomaAgrup)","v":10910.165889639729},{"$f":"IF($C86=\"S\",IF($Z86=\"OU\",ROUND($X86,2),0),SomaAgrup)","v":0},{"$f":"IF($N86=\"\",\" \",\nIF(AND($C86<>\"S\",OR($R86=\"\",$R86=\"(digite a descrição aqui)\")),\"DESCRIÇÃO\",\nIF(AND($C86=\"S\",OR($Q86<>\"\",$T86>0,$U86>0),$P86=\"\"),\"FONTE\",\nIF(AND($C86=\"S\",$P86<>\"\",OR($T86>0,$U86>0),$Q86=\"\"),\"CÓDIGO\",\nIF(AND($C86=\"S\",$P86<>\"\",$Q86<>\"\",$R86=\"(Código não identificado nas referências)\"),\"CÓDIGO N/ID\",\nIF(AND($C86=\"S\",OR($R86=\"\",$R86=\"(digite a descrição aqui)\"),OR($Q86<>\"\",$T86>0,$U86>0)),\"DESCRIÇÃO\",\nIF(AND($C86=\"S\",$P86<>\"\",$Q86<>\"\",$S86=\"\"),\"UNIDADE\",\nIF(AND($C86=\"S\",$P86<>\"\",$Q86<>\"\",$U86=0),\"SEM CUSTO\",\nIF(AND(TIPOORCAMENTO=\"Licitado\",$AL86=0,$AN86>0),\"SEM PREÇO\",\nIF(AND($C86=\"S\",$P86<>\"\",$Q86<>\"\",$U86>0,AND($V86<>\"BDI 1\",$V86<>\"BDI 2\",$V86<>\"BDI 3\")),IF(ISNUMBER($V86),\"JUSTIFICAR BDI\",\"BDI\"),\nIF(OR(AND(import.recurso=\"OGU\",TIPOORCAMENTO=\"Proposto\",LEFT($O$8,5)<>\"(N/D:\",$AG86<>\"\",ORÇAMENTO.CustoUnitario>$AG86),AND(TIPOORCAMENTO=\"LICITADO\",ORÇAMENTO.PrecoUnitarioLicitado>$AN86)),\"ACIMA REF.\",\nIF(AND($C86=\"S\",$P86<>\"\",$Q86<>\"\",$T86=0,$U86>0),\"QUANT.\",\nIF(AND(Import.TipoArredondamento=\"TransfereGOV\",$L86=\"F\",$C86=\"S\",LEN($Q86)>13),\"Código >13\",\nIF(AND(Import.TipoArredondamento=\"TransfereGOV\",$L86=\"F\",$C86<>\"S\",LEN($R86)>100),\"Descrição >100\",\nIF(AND(Import.TipoArredondamento=\"TransfereGOV\",$L86=\"F\",$C86=\"S\",LEN($R86)>500),\"Descrição >500\",\nIF(AND(Import.TipoArredondamento=\"TransfereGOV\",$L86=\"F\",$C86=\"S\",LEFT(TRIM(UPPER($P86)),6)<>\"SINAPI\",ISNA(VLOOKUP(TRIM(UPPER($S86)),ListaTgov.Unidades,1,FALSE))),\"Unid. Não Disp\",\n\" \"))))))))))))))))","v":" "},{"$f":"IF(C86<=CRONO.NivelExibicao,MAX($AD$15:OFFSET(AD86,-1,0))+IF($C86<>1,1,MAX(1,COUNTIF(QCI!$A$13:$A$36,OFFSET($E86,-1,0)))),\"\")","v":14},{"$f":"IF(AND($C86=\"S\",ORÇAMENTO.CodBarra<>\"\"),IF(ORÇAMENTO.Fonte=\"\",ORÇAMENTO.CodBarra,CONCATENATE(ORÇAMENTO.Fonte,\" \",ORÇAMENTO.CodBarra)))","v":false},{"$f":"IF(ISERROR(ORÇAMENTO.BancoRef),\"(abra o arquivo 'Referência \"&Excel_BuiltIn_Database&\".xlsm)\",IF(OR($C86<>\"S\",ORÇAMENTO.CodBarra=\"\"),\"(Sem Código)\",IF(ISERROR(MATCH($AE86,INDIRECT(ORÇAMENTO.BancoRef),0)),\"(Código não identificado nas referências)\",MATCH($AE86,INDIRECT(ORÇAMENTO.BancoRef),0))))","v":"(Sem Código)"},{"$f":"ROUND(IF(DESONERACAO=\"sim\",REFERENCIA.Desonerado,REFERENCIA.NaoDesonerado),2)","v":0},0.25290000000000001,null,null,null,null,126079.96,{"$f":"ROUND(ORÇAMENTO.CustoUnitario*(1+$AH86),2)","v":0}]
["S",2,"S",0,{"$f":"IF($C87=1,OFFSET(E87,-1,0)+MAX(1,COUNTIF(QCI!$A$13:$A$36,OFFSET(ORÇAMENTO!E87,-1,0))),OFFSET(E87,-1,0))","v":5},1,0,0,1,0,{"$f":"IF(OR($C87=\"S\",$C87=0),0,MATCH(OFFSET($D87,0,$C87)+IF($C87<>1,1,COUNTIF(QCI!$A$13:$A$36,ORÇAMENTO!E87)),OFFSET($D87,1,$C87,ROW($C$472)-ROW($C87)),0))","v":0},"F","Serviço","Serviço","5.1.0.1.","SINAPI","103322",{"$f":"IF($C87=\"S\",REFERENCIA.Descricao,\"(digite a descrição aqui)\")","v":"ALVENARIA DE VEDAÇÃO DE BLOCOS CERÂMICOS FURADOS NA VERTICAL DE 9X19X39 CM (ESPESSURA 9 CM) E ARGAMASSA DE ASSENTAMENTO COM PREPARO EM BETONEIRA. AF_12/2021"},{"$f":"REFERENCIA.Unidade","v":"M2"},{"$f":"OFFSET(CÁLCULO!H$15,ROW($T87)-ROW(T$15),0)","v":12.85},{"$f":"AG87","v":59.99},"BDI 1",{"$f":"IF($C87=\"S\",ROUND(IF(TIPOORCAMENTO=\"Proposto\",ORÇAMENTO.CustoUnitario*(1+$AH87),ORÇAMENTO.PrecoUnitarioLicitado),15-13*$AF$10),0)","v":75.16},{"$f":"IF($C87=\"S\",IF(OR(Import.TipoArredondamento<>\"TransfereGOV\",ACOMPANHAMENTO=\"BM\"),VTOTAL1,SUM(OFFSET(CÁLCULO!$AI$15,ROW($X87)-ROW($X$15),1):OFFSET(CÁLCULO!$BB$15,ROW($X87)-ROW($X$15),-1))),IF($C87=0,0,ROUND(SomaAgrup,15-13*$AF$11)))","v":965.81},"RA","RA",{"$f":"IF($C87=\"S\",IF($Z87=\"CP\",$X87,IF($Z87=\"RA\",(($X87)*QCI!$AA$3),0)),SomaAgrup)","v":83.575116282341355},{"$f":"IF($C87=\"S\",IF($Z87=\"OU\",ROUND($X87,2),0),SomaAgrup)","v":0},{"$f":"IF($N87=\"\",\" \",\nIF(AND($C87<>\"S\",OR($R87=\"\",$R87=\"(digite a descrição aqui)\")),\"DESCRIÇÃO\",\nIF(AND($C87=\"S\",OR($Q87<>\"\",$T87>0,$U87>0),$P87=\"\"),\"FONTE\",\nIF(AND($C87=\"S\",$P87<>\"\",OR($T87>0,$U87>0),$Q87=\"\"),\"CÓDIGO\",\nIF(AND($C87=\"S\",$P87<>\"\",$Q87<>\"\",$R87=\"(Código não identificado nas referências)\"),\"CÓDIGO N/ID\",\nIF(AND($C87=\"S\",OR($R87=\"\",$R87=\"(digite a descrição aqui)\"),OR($Q87<>\"\",$T87>0,$U87>0)),\"DESCRIÇÃO\",\nIF(AND($C87=\"S\",$P87<>\"\",$Q87<>\"\",$S87=\"\"),\"UNIDADE\",\nIF(AND($C87=\"S\",$P87<>\"\",$Q87<>\"\",$U87=0),\"SEM CUSTO\",\nIF(AND(TIPOORCAMENTO=\"Licitado\",$AL87=0,$AN87>0),\"SEM PREÇO\",\nIF(AND($C87=\"S\",$P87<>\"\",$Q87<>\"\",$U87>0,AND($V87<>\"BDI 1\",$V87<>\"BDI 2\",$V87<>\"BDI 3\")),IF(ISNUMBER($V87),\"JUSTIFICAR BDI\",\"BDI\"),\nIF(OR(AND(import.recurso=\"OGU\",TIPOORCAMENTO=\"Proposto\",LEFT($O$8,5)<>\"(N/D:\",$AG87<>\"\",ORÇAMENTO.CustoUnitario>$AG87),AND(TIPOORCAMENTO=\"LICITADO\",ORÇAMENTO.PrecoUnitarioLicitado>$AN87)),\"ACIMA REF.\",\nIF(AND($C87=\"S\",$P87<>\"\",$Q87<>\"\",$T87=0,$U87>0),\"QUANT.\",\nIF(AND(Import.TipoArredondamento=\"TransfereGOV\",$L87=\"F\",$C87=\"S\",LEN($Q87)>13),\"Código >13\",\nIF(AND(Import.TipoArredondamento=\"TransfereGOV\",$L87=\"F\",$C87<>\"S\",LEN($R87)>100),\"Descrição >100\",\nIF(AND(Import.TipoArredondamento=\"TransfereGOV\",$L87=\"F\",$C87=\"S\",LEN($R87)>500),\"Descrição >500\",\nIF(AND(Import.TipoArredondamento=\"TransfereGOV\",$L87=\"F\",$C87=\"S\",LEFT(TRIM(UPPER($P87)),6)<>\"SINAPI\",ISNA(VLOOKUP(TRIM(UPPER($S87)),ListaTgov.Unidades,1,FALSE))),\"Unid. Não Disp\",\n\" \"))))))))))))))))","v":" "},{"$f":"IF(C87<=CRONO.NivelExibicao,MAX($AD$15:OFFSET(AD87,-1,0))+IF($C87<>1,1,MAX(1,COUNTIF(QCI!$A$13:$A$36,OFFSET($E87,-1,0)))),\"\")","v":""},{"$f":"IF(AND($C87=\"S\",ORÇAMENTO.CodBarra<>\"\"),IF(ORÇAMENTO.Fonte=\"\",ORÇAMENTO.CodBarra,CONCATENATE(ORÇAMENTO.Fonte,\" \",ORÇAMENTO.CodBarra)))","v":"SINAPI 103322"},{"$f":"IF(ISERROR(ORÇAMENTO.BancoRef),\"(abra o arquivo 'Referência \"&Excel_BuiltIn_Database&\".xlsm)\",IF(OR($C87<>\"S\",ORÇAMENTO.CodBarra=\"\"),\"(Sem Código)\",IF(ISERROR(MATCH($AE87,INDIRECT(ORÇAMENTO.BancoRef),0)),\"(Código não identificado nas referências)\",MATCH($AE87,INDIRECT(ORÇAMENTO.BancoRef),0))))","v":6352},{"$f":"ROUND(IF(DESONERACAO=\"sim\",REFERENCIA.Desonerado,REFERENCIA.NaoDesonerado),2)","v":59.99},0.25290000000000001,null,null,null,null,965.81,{"$f":"ROUND(ORÇAMENTO.CustoUnitario*(1+$AH87),2)","v":75.16}]
["S",2,"S",0,{"$f":"IF($C88=1,OFFSET(E88,-1,0)+MAX(1,COUNTIF(QCI!$A$13:$A$36,OFFSET(ORÇAMENTO!E88,-1,0))),OFFSET(E88,-1,0))","v":5},1,0,0,2,0,{"$f":"IF(OR($C88=\"S\",$C88=0),0,MATCH(OFFSET($D88,0,$C88)+IF($C88<>1,1,COUNTIF(QCI!$A$13:$A$36,ORÇAMENTO!E88)),OFFSET($D88,1,$C88,ROW($C$472)-ROW($C88)),0))","v":0},"F","Serviço","Serviço","5.1.0.2.","SINAPI","103324",{"$f":"IF($C88=\"S\",REFERENCIA.Descricao,\"(digite a descrição aqui)\")","v":"ALVENARIA DE VEDAÇÃO DE BLOCOS CERÂMICOS FURADOS NA VERTICAL DE 14X19X39 CM (ESPESSURA 14 CM) E ARGAMASSA DE ASSENTAMENTO COM PREPARO EM BETONEIRA. AF_12/2021"},{"$f":"REFERENCIA.Unidade","v":"M2"},{"$f":"OFFSET(CÁLCULO!H$15,ROW($T88)-ROW(T$15),0)","v":713.84},{"$f":"AG88","v":79.94},"BDI 1",{"$f":"IF($C88=\"S\",ROUND(IF(TIPOORCAMENTO=\"Proposto\",ORÇAMENTO.CustoUnitario*(1+$AH88),ORÇAMENTO.PrecoUnitarioLicitado),15-13*$AF$10),0)","v":100.16},{"$f":"IF($C88=\"S\",IF(OR(Import.TipoArredondamento<>\"TransfereGOV\",ACOMPANHAMENTO=\"BM\"),VTOTAL1,SUM(OFFSET(CÁLCULO!$AI$15,ROW($X88)-ROW($X$15),1):OFFSET(CÁLCULO!$BB$15,ROW($X88)-ROW($X$15),-1))),IF($C88=0,0,ROUND(SomaAgrup,15-13*$AF$11)))","v":71498.209999999992},"RA","RA",{"$f":"IF($C88=\"S\",IF($Z88=\"CP\",$X88,IF($Z88=\"RA\",(($X88)*QCI!$AA$3),0)),SomaAgrup)","v":6187.0049126942786},{"$f":"IF($C88=\"S\",IF($Z88=\"OU\",ROUND($X88,2),0),SomaAgrup)","v":0},{"$f":"IF($N88=\"\",\" \",\nIF(AND($C88<>\"S\",OR($R88=\"\",$R88=\"(digite a descrição aqui)\")),\"DESCRIÇÃO\",\nIF(AND($C88=\"S\",OR($Q88<>\"\",$T88>0,$U88>0),$P88=\"\"),\"FONTE\",\nIF(AND($C88=\"S\",$P88<>\"\",OR($T88>0,$U88>0),$Q88=\"\"),\"CÓDIGO\",\nIF(AND($C88=\"S\",$P88<>\"\",$Q88<>\"\",$R88=\"(Código não identificado nas referências)\"),\"CÓDIGO N/ID\",\nIF(AND($C88=\"S\",OR($R88=\"\",$R88=\"(digite a descrição aqui)\"),OR($Q88<>\"\",$T88>0,$U88>0)),\"DESCRIÇÃO\",\nIF(AND($C88=\"S\",$P88<>\"\",$Q88<>\"\",$S88=\"\"),\"UNIDADE\",\nIF(AND($C88=\"S\",$P88<>\"\",$Q88<>\"\",$U88=0),\"SEM CUSTO\",\nIF(AND(TIPOORCAMENTO=\"Licitado\",$AL88=0,$AN88>0),\"SEM PREÇO\",\nIF(AND($C88=\"S\",$P88<>\"\",$Q88<>\"\",$U88>0,AND($V88<>\"BDI 1\",$V88<>\"BDI 2\",$V88<>\"BDI 3\")),IF(ISNUMBER($V88),\"JUSTIFICAR BDI\",\"BDI\"),\nIF(OR(AND(import.recurso=\"OGU\",TIPOORCAMENTO=\"Proposto\",LEFT($O$8,5)<>\"(N/D:\",$AG88<>\"\",ORÇAMENTO.CustoUnitario>$AG88),AND(TIPOORCAMENTO=\"LICITADO\",ORÇAMENTO.PrecoUnitarioLicitado>$AN88)),\"ACIMA REF.\",\nIF(AND($C88=\"S\",$P88<>\"\",$Q88<>\"\",$T88=0,$U88>0),\"QUANT.\",\nIF(AND(Import.TipoArredondamento=\"TransfereGOV\",$L88=\"F\",$C88=\"S\",LEN($Q88)>13),\"Código >13\",\nIF(AND(Import.TipoArredondamento=\"TransfereGOV\",$L88=\"F\",$C88<>\"S\",LEN($R88)>100),\"Descrição >100\",\nIF(AND(Import.TipoArredondamento=\"TransfereGOV\",$L88=\"F\",$C88=\"S\",LEN($R88)>500),\"Descrição >500\",\nIF(AND(Import.TipoArredondamento=\"TransfereGOV\",$L88=\"F\",$C88=\"S\",LEFT(TRIM(UPPER($P88)),6)<>\"SINAPI\",ISNA(VLOOKUP(TRIM(UPPER($S88)),ListaTgov.Unidades,1,FALSE))),\"Unid. Não Disp\",\n\" \"))))))))))))))))","v":" "},{"$f":"IF(C88<=CRONO.NivelExibicao,MAX($AD$15:OFFSET(AD88,-1,0))+IF($C88<>1,1,MAX(1,COUNTIF(QCI!$A$13:$A$36,OFFSET($E88,-1,0)))),\"\")","v":""},{"$f":"IF(AND($C88=\"S\",ORÇAMENTO.CodBarra<>\"\"),IF(ORÇAMENTO.Fonte=\"\",ORÇAMENTO.CodBarra,CONCATENATE(ORÇAMENTO.Fonte,\" \",ORÇAMENTO.CodBarra)))","v":"SINAPI 103324"},{"$f":"IF(ISERROR(ORÇAMENTO.BancoRef),\"(abra o arquivo 'Referência \"&Excel_BuiltIn_Database&\".xlsm)\",IF(OR($C88<>\"S\",ORÇAMENTO.CodBarra=\"\"),\"(Sem Código)\",IF(ISERROR(MATCH($AE88,INDIRECT(ORÇAMENTO.BancoRef),0)),\"(Código não identificado nas referências)\",MATCH($AE88,INDIRECT(ORÇAMENTO.BancoRef),0))))","v":6348},{"$f":"ROUND(IF(DESONERACAO=\"sim\",REFERENCIA.Desonerado,REFERENCIA.NaoDesonerado),2)","v":79.94},0.25290000000000001,null,null,null,null,71498.209999999992,{"$f":"ROUND(ORÇAMENTO.CustoUnitario*(1+$AH88),2)","v":100.16}]
["S",2,"S",0,{"$f":"IF($C89=1,OFFSET(E89,-1,0)+MAX(1,COUNTIF(QCI!$A$13:$A$36,OFFSET(ORÇAMENTO!E89,-1,0))),OFFSET(E89,-1,0))","v":5},1,0,0,3,0,{"$f":"IF(OR($C89=\"S\",$C89=0),0,MATCH(OFFSET($D89,0,$C89)+IF($C89<>1,1,COUNTIF(QCI!$A$13:$A$36,ORÇAMENTO!E89)),OFFSET($D89,1,$C89,ROW($C$472)-ROW($C89)),0))","v":0},"F","Serviço","Serviço","5.1.0.3.","Composição","COMP14",{"$f":"IF($C89=\"S\",REFERENCIA.Descricao,\"(digite a descrição aqui)\")","v":"COBOGÓ DE CIMENTO (ELEMENTO VAZADO, CIRCULAR), 30 X 30 X 5CM, ASSENTADO COM ARGAMASSA DE CIMENTO E AREIA"},{"$f":"REFERENCIA.Unidade","v":"M2"},{"$f":"OFFSET(CÁLCULO!H$15,ROW($T89)-ROW(T$15),0)","v":120.96},{"$f":"AG89","v":221.88},"BDI 1",{"$f":"IF($C89=\"S\",ROUND(IF(TIPOORCAMENTO=\"Proposto\",ORÇAMENTO.CustoUnitario*(1+$AH89),ORÇAMENTO.PrecoUnitarioLicitado),15-13*$AF$10),0)","v":277.99},{"$f":"IF($C89=\"S\",IF(OR(Import.TipoArredondamento<>\"TransfereGOV\",ACOMPANHAMENTO=\"BM\"),VTOTAL1,SUM(OFFSET(CÁLCULO!$AI$15,ROW($X89)-ROW($X$15),1):OFFSET(CÁLCULO!$BB$15,ROW($X89)-ROW($X$15),-1))),IF($C89=0,0,ROUND(SomaAgrup,15-13*$AF$11)))","v":33625.67},"RA","RA",{"$f":"IF($C89=\"S\",IF($Z89=\"CP\",$X89,IF($Z89=\"RA\",(($X89)*QCI!$AA$3),0)),SomaAgrup)","v":2909.7537614247494},{"$f":"IF($C89=\"S\",IF($Z89=\"OU\",ROUND($X89,2),0),SomaAgrup)","v":0},{"$f":"IF($N89=\"\",\" \",\nIF(AND($C89<>\"S\",OR($R89=\"\",$R89=\"(digite a descrição aqui)\")),\"DESCRIÇÃO\",\nIF(AND($C89=\"S\",OR($Q89<>\"\",$T89>0,$U89>0),$P89=\"\"),\"FONTE\",\nIF(AND($C89=\"S\",$P89<>\"\",OR($T89>0,$U89>0),$Q89=\"\"),\"CÓDIGO\",\nIF(AND($C89=\"S\",$P89<>\"\",$Q89<>\"\",$R89=\"(Código não identificado nas referências)\"),\"CÓDIGO N/ID\",\nIF(AND($C89=\"S\",OR($R89=\"\",$R89=\"(digite a descrição aqui)\"),OR($Q89<>\"\",$T89>0,$U89>0)),\"DESCRIÇÃO\",\nIF(AND($C89=\"S\",$P89<>\"\",$Q89<>\"\",$S89=\"\"),\"UNIDADE\",\nIF(AND($C89=\"S\",$P89<>\"\",$Q89<>\"\",$U89=0),\"SEM CUSTO\",\nIF(AND(TIPOORCAMENTO=\"Licitado\",$AL89=0,$AN89>0),\"SEM PREÇO\",\nIF(AND($C89=\"S\",$P89<>\"\",$Q89<>\"\",$U89>0,AND($V89<>\"BDI 1\",$V89<>\"BDI 2\",$V89<>\"BDI 3\")),IF(ISNUMBER($V89),\"JUSTIFICAR BDI\",\"BDI\"),\nIF(OR(AND(import.recurso=\"OGU\",TIPOORCAMENTO=\"Proposto\",LEFT($O$8,5)<>\"(N/D:\",$AG89<>\"\",ORÇAMENTO.CustoUnitario>$AG89),AND(TIPOORCAMENTO=\"LICITADO\",ORÇAMENTO.PrecoUnitarioLicitado>$AN89)),\"ACIMA REF.\",\nIF(AND($C89=\"S\",$P89<>\"\",$Q89<>\"\",$T89=0,$U89>0),\"QUANT.\",\nIF(AND(Import.TipoArredondamento=\"TransfereGOV\",$L89=\"F\",$C89=\"S\",LEN($Q89)>13),\"Código >13\",\nIF(AND(Import.TipoArredondamento=\"TransfereGOV\",$L89=\"F\",$C89<>\"S\",LEN($R89)>100),\"Descrição >100\",\nIF(AND(Import.TipoArredondamento=\"TransfereGOV\",$L89=\"F\",$C89=\"S\",LEN($R89)>500),\"Descrição >500\",\nIF(AND(Import.TipoArredondamento=\"TransfereGOV\",$L89=\"F\",$C89=\"S\",LEFT(TRIM(UPPER($P89)),6)<>\"SINAPI\",ISNA(VLOOKUP(TRIM(UPPER($S89)),ListaTgov.Unidades,1,FALSE))),\"Unid. Não Disp\",\n\" \"))))))))))))))))","v":" "},{"$f":"IF(C89<=CRONO.NivelExibicao,MAX($AD$15:OFFSET(AD89,-1,0))+IF($C89<>1,1,MAX(1,COUNTIF(QCI!$A$13:$A$36,OFFSET($E89,-1,0)))),\"\")","v":""},{"$f":"IF(AND($C89=\"S\",ORÇAMENTO.CodBarra<>\"\"),IF(ORÇAMENTO.Fonte=\"\",ORÇAMENTO.CodBarra,CONCATENATE(ORÇAMENTO.Fonte,\" \",ORÇAMENTO.CodBarra)))","v":"Composição COMP14"},{"$f":"IF(ISERROR(ORÇAMENTO.BancoRef),\"(abra o arquivo 'Referência \"&Excel_BuiltIn_Database&\".xlsm)\",IF(OR($C89<>\"S\",ORÇAMENTO.CodBarra=\"\"),\"(Sem Código)\",IF(ISERROR(MATCH($AE89,INDIRECT(ORÇAMENTO.BancoRef),0)),\"(Código não identificado nas referências)\",MATCH($AE89,INDIRECT(ORÇAMENTO.BancoRef),0))))","v":16},{"$f":"ROUND(IF(DESONERACAO=\"sim\",REFERENCIA.Desonerado,REFERENCIA.NaoDesonerado),2)","v":221.88},0.25290000000000001,null,null,null,null,33625.67,{"$f":"ROUND(ORÇAMENTO.CustoUnitario*(1+$AH89),2)","v":277.99}]
[{"$f":"CHOOSE(1+LOG(1+2*(ORÇAMENTO.Nivel=\"Meta\")+4*(ORÇAMENTO.Nivel=\"Nível 2\")+8*(ORÇAMENTO.Nivel=\"Nível 3\")+16*(ORÇAMENTO.Nivel=\"Nível 4\")+32*(ORÇAMENTO.Nivel=\"Serviço\"),2),0,1,2,3,4,\"S\")","v":"S"},2,"S",0,{"$f":"IF($C90=1,OFFSET(E90,-1,0)+MAX(1,COUNTIF(QCI!$A$13:$A$36,OFFSET(ORÇAMENTO!E90,-1,0))),OFFSET(E90,-1,0))","v":5},1,0,0,4,0,{"$f":"IF(OR($C90=\"S\",$C90=0),0,MATCH(OFFSET($D90,0,$C90)+IF($C90<>1,1,COUNTIF(QCI!$A$13:$A$36,ORÇAMENTO!E90)),OFFSET($D90,1,$C90,ROW($C$472)-ROW($C90)),0))","v":0},"F","Serviço","Serviço","5.1.0.4.","SINAPI","93191",{"$f":"IF($C90=\"S\",REFERENCIA.Descricao,\"(digite a descrição aqui)\")","v":"VERGA MOLDADA IN LOCO COM UTILIZAÇÃO DE BLOCOS CANALETA, ESPESSURA DE *20* CM. AF_03/2024"},{"$f":"REFERENCIA.Unidade","v":"M"},{"$f":"OFFSET(CÁLCULO!H$15,ROW($T90)-ROW(T$15),0)","v":103.5},{"$f":"AG90","v":74.05},"BDI 1",{"$f":"IF($C90=\"S\",ROUND(IF(TIPOORCAMENTO=\"Proposto\",ORÇAMENTO.CustoUnitario*(1+$AH90),ORÇAMENTO.PrecoUnitarioLicitado),15-13*$AF$10),0)","v":92.78},{"$f":"IF($C90=\"S\",IF(OR(Import.TipoArredondamento<>\"TransfereGOV\",ACOMPANHAMENTO=\"BM\"),VTOTAL1,SUM(OFFSET(CÁLCULO!$AI$15,ROW($X90)-ROW($X$15),1):OFFSET(CÁLCULO!$BB$15,ROW($X90)-ROW($X$15),-1))),IF($C90=0,0,ROUND(SomaAgrup,15-13*$AF$11)))","v":9602.73},"RA","RA",{"$f":"IF($C90=\"S\",IF($Z90=\"CP\",$X90,IF($Z90=\"RA\",(($X90)*QCI!$AA$3),0)),SomaAgrup)","v":830.95979165459846},{"$f":"IF($C90=\"S\",IF($Z90=\"OU\",ROUND($X90,2),0),SomaAgrup)","v":0},{"$f":"IF($N90=\"\",\" \",\nIF(AND($C90<>\"S\",OR($R90=\"\",$R90=\"(digite a descrição aqui)\")),\"DESCRIÇÃO\",\nIF(AND($C90=\"S\",OR($Q90<>\"\",$T90>0,$U90>0),$P90=\"\"),\"FONTE\",\nIF(AND($C90=\"S\",$P90<>\"\",OR($T90>0,$U90>0),$Q90=\"\"),\"CÓDIGO\",\nIF(AND($C90=\"S\",$P90<>\"\",$Q90<>\"\",$R90=\"(Código não identificado nas referências)\"),\"CÓDIGO N/ID\",\nIF(AND($C90=\"S\",OR($R90=\"\",$R90=\"(digite a descrição aqui)\"),OR($Q90<>\"\",$T90>0,$U90>0)),\"DESCRIÇÃO\",\nIF(AND($C90=\"S\",$P90<>\"\",$Q90<>\"\",$S90=\"\"),\"UNIDADE\",\nIF(AND($C90=\"S\",$P90<>\"\",$Q90<>\"\",$U90=0),\"SEM CUSTO\",\nIF(AND(TIPOORCAMENTO=\"Licitado\",$AL90=0,$AN90>0),\"SEM PREÇO\",\nIF(AND($C90=\"S\",$P90<>\"\",$Q90<>\"\",$U90>0,AND($V90<>\"BDI 1\",$V90<>\"BDI 2\",$V90<>\"BDI 3\")),IF(ISNUMBER($V90),\"JUSTIFICAR BDI\",\"BDI\"),\nIF(OR(AND(import.recurso=\"OGU\",TIPOORCAMENTO=\"Proposto\",LEFT($O$8,5)<>\"(N/D:\",$AG90<>\"\",ORÇAMENTO.CustoUnitario>$AG90),AND(TIPOORCAMENTO=\"LICITADO\",ORÇAMENTO.PrecoUnitarioLicitado>$AN90)),\"ACIMA REF.\",\nIF(AND($C90=\"S\",$P90<>\"\",$Q90<>\"\",$T90=0,$U90>0),\"QUANT.\",\nIF(AND(Import.TipoArredondamento=\"TransfereGOV\",$L90=\"F\",$C90=\"S\",LEN($Q90)>13),\"Código >13\",\nIF(AND(Import.TipoArredondamento=\"TransfereGOV\",$L90=\"F\",$C90<>\"S\",LEN($R90)>100),\"Descrição >100\",\nIF(AND(Import.TipoArredondamento=\"TransfereGOV\",$L90=\"F\",$C90=\"S\",LEN($R90)>500),\"Descrição >500\",\nIF(AND(Import.TipoArredondamento=\"TransfereGOV\",$L90=\"F\",$C90=\"S\",LEFT(TRIM(UPPER($P90)),6)<>\"SINAPI\",ISNA(VLOOKUP(TRIM(UPPER($S90)),ListaTgov.Unidades,1,FALSE))),\"Unid. Não Disp\",\n\" \"))))))))))))))))","v":" "},{"$f":"IF(C90<=CRONO.NivelExibicao,MAX($AD$15:OFFSET(AD90,-1,0))+IF($C90<>1,1,MAX(1,COUNTIF(QCI!$A$13:$A$36,OFFSET($E90,-1,0)))),\"\")","v":""},{"$f":"IF(AND($C90=\"S\",ORÇAMENTO.CodBarra<>\"\"),IF(ORÇAMENTO.Fonte=\"\",ORÇAMENTO.CodBarra,CONCATENATE(ORÇAMENTO.Fonte,\" \",ORÇAMENTO.CodBarra)))","v":"SINAPI 93191"},{"$f":"IF(ISERROR(ORÇAMENTO.BancoRef),\"(abra o arquivo 'Referência \"&Excel_BuiltIn_Database&\".xlsm)\",IF(OR($C90<>\"S\",ORÇAMENTO.CodBarra=\"\"),\"(Sem Código)\",IF(ISERROR(MATCH($AE90,INDIRECT(ORÇAMENTO.BancoRef),0)),\"(Código não identificado nas referências)\",MATCH($AE90,INDIRECT(ORÇAMENTO.BancoRef),0))))","v":15846},{"$f":"ROUND(IF(DESONERACAO=\"sim\",REFERENCIA.Desonerado,REFERENCIA.NaoDesonerado),2)","v":74.05},{"$f":"ROUND(IF(ISNUMBER(ORÇAMENTO.OpcaoBDI),ORÇAMENTO.OpcaoBDI,IF(LEFT(ORÇAMENTO.OpcaoBDI,3)=\"BDI\",HLOOKUP(ORÇAMENTO.OpcaoBDI,$F$4:$H$5,2,FALSE),0)),15-11*$AF$9)","v":0.25290000000000001},null,null,null,null,9602.73,{"$f":"ROUND(ORÇAMENTO.CustoUnitario*(1+$AH90),2)","v":92.78}]
["S",2,"S",0,{"$f":"IF($C91=1,OFFSET(E91,-1,0)+MAX(1,COUNTIF(QCI!$A$13:$A$36,OFFSET(ORÇAMENTO!E91,-1,0))),OFFSET(E91,-1,0))","v":5},1,0,0,5,0,{"$f":"IF(OR($C91=\"S\",$C91=0),0,MATCH(OFFSET($D91,0,$C91)+IF($C91<>1,1,COUNTIF(QCI!$A$13:$A$36,ORÇAMENTO!E91)),OFFSET($D91,1,$C91,ROW($C$472)-ROW($C91)),0))","v":0},"F","Serviço","Serviço","5.1.0.5.","SINAPI","93199",{"$f":"IF($C91=\"S\",REFERENCIA.Descricao,\"(digite a descrição aqui)\")","v":"CONTRAVERGA MOLDADA IN LOCO COM UTILIZAÇÃO DE BLOCOS CANALETA, ESPESSURA DE *20* CM. AF_03/2024"},{"$f":"REFERENCIA.Unidade","v":"M"},{"$f":"OFFSET(CÁLCULO!H$15,ROW($T91)-ROW(T$15),0)","v":69.2},52.07,"BDI 1",{"$f":"IF($C91=\"S\",ROUND(IF(TIPOORCAMENTO=\"Proposto\",ORÇAMENTO.CustoUnitario*(1+$AH91),ORÇAMENTO.PrecoUnitarioLicitado),15-13*$AF$10),0)","v":65.239999999999995},{"$f":"IF($C91=\"S\",IF(OR(Import.TipoArredondamento<>\"TransfereGOV\",ACOMPANHAMENTO=\"BM\"),VTOTAL1,SUM(OFFSET(CÁLCULO!$AI$15,ROW($X91)-ROW($X$15),1):OFFSET(CÁLCULO!$BB$15,ROW($X91)-ROW($X$15),-1))),IF($C91=0,0,ROUND(SomaAgrup,15-13*$AF$11)))","v":4514.6099999999997},"RA","RA",{"$f":"IF($C91=\"S\",IF($Z91=\"CP\",$X91,IF($Z91=\"RA\",(($X91)*QCI!$AA$3),0)),SomaAgrup)","v":390.66592364897969},{"$f":"IF($C91=\"S\",IF($Z91=\"OU\",ROUND($X91,2),0),SomaAgrup)","v":0},{"$f":"IF($N91=\"\",\" \",\nIF(AND($C91<>\"S\",OR($R91=\"\",$R91=\"(digite a descrição aqui)\")),\"DESCRIÇÃO\",\nIF(AND($C91=\"S\",OR($Q91<>\"\",$T91>0,$U91>0),$P91=\"\"),\"FONTE\",\nIF(AND($C91=\"S\",$P91<>\"\",OR($T91>0,$U91>0),$Q91=\"\"),\"CÓDIGO\",\nIF(AND($C91=\"S\",$P91<>\"\",$Q91<>\"\",$R91=\"(Código não identificado nas referências)\"),\"CÓDIGO N/ID\",\nIF(AND($C91=\"S\",OR($R91=\"\",$R91=\"(digite a descrição aqui)\"),OR($Q91<>\"\",$T91>0,$U91>0)),\"DESCRIÇÃO\",\nIF(AND($C91=\"S\",$P91<>\"\",$Q91<>\"\",$S91=\"\"),\"UNIDADE\",\nIF(AND($C91=\"S\",$P91<>\"\",$Q91<>\"\",$U91=0),\"SEM CUSTO\",\nIF(AND(TIPOORCAMENTO=\"Licitado\",$AL91=0,$AN91>0),\"SEM PREÇO\",\nIF(AND($C91=\"S\",$P91<>\"\",$Q91<>\"\",$U91>0,AND($V91<>\"BDI 1\",$V91<>\"BDI 2\",$V91<>\"BDI 3\")),IF(ISNUMBER($V91),\"JUSTIFICAR BDI\",\"BDI\"),\nIF(OR(AND(import.recurso=\"OGU\",TIPOORCAMENTO=\"Proposto\",LEFT($O$8,5)<>\"(N/D:\",$AG91<>\"\",ORÇAMENTO.CustoUnitario>$AG91),AND(TIPOORCAMENTO=\"LICITADO\",ORÇAMENTO.PrecoUnitarioLicitado>$AN91)),\"ACIMA REF.\",\nIF(AND($C91=\"S\",$P91<>\"\",$Q91<>\"\",$T91=0,$U91>0),\"QUANT.\",\nIF(AND(Import.TipoArredondamento=\"TransfereGOV\",$L91=\"F\",$C91=\"S\",LEN($Q91)>13),\"Código >13\",\nIF(AND(Import.TipoArredondamento=\"TransfereGOV\",$L91=\"F\",$C91<>\"S\",LEN($R91)>100),\"Descrição >100\",\nIF(AND(Import.TipoArredondamento=\"TransfereGOV\",$L91=\"F\",$C91=\"S\",LEN($R91)>500),\"Descrição >500\",\nIF(AND(Import.TipoArredondamento=\"TransfereGOV\",$L91=\"F\",$C91=\"S\",LEFT(TRIM(UPPER($P91)),6)<>\"SINAPI\",ISNA(VLOOKUP(TRIM(UPPER($S91)),ListaTgov.Unidades,1,FALSE))),\"Unid. Não Disp\",\n\" \"))))))))))))))))","v":" "},{"$f":"IF(C91<=CRONO.NivelExibicao,MAX($AD$15:OFFSET(AD91,-1,0))+IF($C91<>1,1,MAX(1,COUNTIF(QCI!$A$13:$A$36,OFFSET($E91,-1,0)))),\"\")","v":""},{"$f":"IF(AND($C91=\"S\",ORÇAMENTO.CodBarra<>\"\"),IF(ORÇAMENTO.Fonte=\"\",ORÇAMENTO.CodBarra,CONCATENATE(ORÇAMENTO.Fonte,\" \",ORÇAMENTO.CodBarra)))","v":"SINAPI 93199"},{"$f":"IF(ISERROR(ORÇAMENTO.BancoRef),\"(abra o arquivo 'Referência \"&Excel_BuiltIn_Database&\".xlsm)\",IF(OR($C91<>\"S\",ORÇAMENTO.CodBarra=\"\"),\"(Sem Código)\",IF(ISERROR(MATCH($AE91,INDIRECT(ORÇAMENTO.BancoRef),0)),\"(Código não identificado nas referências)\",MATCH($AE91,INDIRECT(ORÇAMENTO.BancoRef),0))))","v":15831},{"$f":"ROUND(IF(DESONERACAO=\"sim\",REFERENCIA.Desonerado,REFERENCIA.NaoDesonerado),2)","v":52.07},0.25290000000000001,null,null,null,null,4514.6099999999997,{"$f":"ROUND(ORÇAMENTO.CustoUnitario*(1+$AH91),2)","v":65.239999999999995}]
["S",2,"S",0,{"$f":"IF($C92=1,OFFSET(E92,-1,0)+MAX(1,COUNTIF(QCI!$A$13:$A$36,OFFSET(ORÇAMENTO!E92,-1,0))),OFFSET(E92,-1,0))","v":5},1,0,0,6,0,{"$f":"IF(OR($C92=\"S\",$C92=0),0,MATCH(OFFSET($D92,0,$C92)+IF($C92<>1,1,COUNTIF(QCI!$A$13:$A$36,ORÇAMENTO!E92)),OFFSET($D92,1,$C92,ROW($C$472)-ROW($C92)),0))","v":0},"F","Serviço","Serviço","5.1.0.6.","SINAPI","93200",{"$f":"IF($C92=\"S\",REFERENCIA.Descricao,\"(digite a descrição aqui)\")","v":"FIXAÇÃO (ENCUNHAMENTO) DE ALVENARIA DE VEDAÇÃO COM ARGAMASSA APLICADA COM BISNAGA. AF_03/2024"},{"$f":"REFERENCIA.Unidade","v":"M"},{"$f":"OFFSET(CÁLCULO!H$15,ROW($T92)-ROW(T$15),0)","v":389.71},12.03,"BDI 1",{"$f":"IF($C92=\"S\",ROUND(IF(TIPOORCAMENTO=\"Proposto\",ORÇAMENTO.CustoUnitario*(1+$AH92),ORÇAMENTO.PrecoUnitarioLicitado),15-13*$AF$10),0)","v":15.07},{"$f":"IF($C92=\"S\",IF(OR(Import.TipoArredondamento<>\"TransfereGOV\",ACOMPANHAMENTO=\"BM\"),VTOTAL1,SUM(OFFSET(CÁLCULO!$AI$15,ROW($X92)-ROW($X$15),1):OFFSET(CÁLCULO!$BB$15,ROW($X92)-ROW($X$15),-1))),IF($C92=0,0,ROUND(SomaAgrup,15-13*$AF$11)))","v":5872.93},"RA","RA",{"$f":"IF($C92=\"S\",IF($Z92=\"CP\",$X92,IF($Z92=\"RA\",(($X92)*QCI!$AA$3),0)),SomaAgrup)","v":508.20638393478123},{"$f":"IF($C92=\"S\",IF($Z92=\"OU\",ROUND($X92,2),0),SomaAgrup)","v":0},{"$f":"IF($N92=\"\",\" \",\nIF(AND($C92<>\"S\",OR($R92=\"\",$R92=\"(digite a descrição aqui)\")),\"DESCRIÇÃO\",\nIF(AND($C92=\"S\",OR($Q92<>\"\",$T92>0,$U92>0),$P92=\"\"),\"FONTE\",\nIF(AND($C92=\"S\",$P92<>\"\",OR($T92>0,$U92>0),$Q92=\"\"),\"CÓDIGO\",\nIF(AND($C92=\"S\",$P92<>\"\",$Q92<>\"\",$R92=\"(Código não identificado nas referências)\"),\"CÓDIGO N/ID\",\nIF(AND($C92=\"S\",OR($R92=\"\",$R92=\"(digite a descrição aqui)\"),OR($Q92<>\"\",$T92>0,$U92>0)),\"DESCRIÇÃO\",\nIF(AND($C92=\"S\",$P92<>\"\",$Q92<>\"\",$S92=\"\"),\"UNIDADE\",\nIF(AND($C92=\"S\",$P92<>\"\",$Q92<>\"\",$U92=0),\"SEM CUSTO\",\nIF(AND(TIPOORCAMENTO=\"Licitado\",$AL92=0,$AN92>0),\"SEM PREÇO\",\nIF(AND($C92=\"S\",$P92<>\"\",$Q92<>\"\",$U92>0,AND($V92<>\"BDI 1\",$V92<>\"BDI 2\",$V92<>\"BDI 3\")),IF(ISNUMBER($V92),\"JUSTIFICAR BDI\",\"BDI\"),\nIF(OR(AND(import.recurso=\"OGU\",TIPOORCAMENTO=\"Proposto\",LEFT($O$8,5)<>\"(N/D:\",$AG92<>\"\",ORÇAMENTO.CustoUnitario>$AG92),AND(TIPOORCAMENTO=\"LICITADO\",ORÇAMENTO.PrecoUnitarioLicitado>$AN92)),\"ACIMA REF.\",\nIF(AND($C92=\"S\",$P92<>\"\",$Q92<>\"\",$T92=0,$U92>0),\"QUANT.\",\nIF(AND(Import.TipoArredondamento=\"TransfereGOV\",$L92=\"F\",$C92=\"S\",LEN($Q92)>13),\"Código >13\",\nIF(AND(Import.TipoArredondamento=\"TransfereGOV\",$L92=\"F\",$C92<>\"S\",LEN($R92)>100),\"Descrição >100\",\nIF(AND(Import.TipoArredondamento=\"TransfereGOV\",$L92=\"F\",$C92=\"S\",LEN($R92)>500),\"Descrição >500\",\nIF(AND(Import.TipoArredondamento=\"TransfereGOV\",$L92=\"F\",$C92=\"S\",LEFT(TRIM(UPPER($P92)),6)<>\"SINAPI\",ISNA(VLOOKUP(TRIM(UPPER($S92)),ListaTgov.Unidades,1,FALSE))),\"Unid. Não Disp\",\n\" \"))))))))))))))))","v":" "},{"$f":"IF(C92<=CRONO.NivelExibicao,MAX($AD$15:OFFSET(AD92,-1,0))+IF($C92<>1,1,MAX(1,COUNTIF(QCI!$A$13:$A$36,OFFSET($E92,-1,0)))),\"\")","v":""},{"$f":"IF(AND($C92=\"S\",ORÇAMENTO.CodBarra<>\"\"),IF(ORÇAMENTO.Fonte=\"\",ORÇAMENTO.CodBarra,CONCATENATE(ORÇAMENTO.Fonte,\" \",ORÇAMENTO.CodBarra)))","v":"SINAPI 93200"},{"$f":"IF(ISERROR(ORÇAMENTO.BancoRef),\"(abra o arquivo 'Referência \"&Excel_BuiltIn_Database&\".xlsm)\",IF(OR($C92<>\"S\",ORÇAMENTO.CodBarra=\"\"),\"(Sem Código)\",IF(ISERROR(MATCH($AE92,INDIRECT(ORÇAMENTO.BancoRef),0)),\"(Código não identificado nas referências)\",MATCH($AE92,INDIRECT(ORÇAMENTO.BancoRef),0))))","v":15841},{"$f":"ROUND(IF(DESONERACAO=\"sim\",REFERENCIA.Desonerado,REFERENCIA.NaoDesonerado),2)","v":12.03},0.25290000000000001,null,null,null,null,5872.93,{"$f":"ROUND(ORÇAMENTO.CustoUnitario*(1+$AH92),2)","v":15.07}]
[2,2,2,5,{"$f":"IF($C93=1,OFFSET(E93,-1,0)+MAX(1,COUNTIF(QCI!$A$13:$A$36,OFFSET(ORÇAMENTO!E93,-1,0))),OFFSET(E93,-1,0))","v":5},2,0,0,0,7,{"$f":"IF(OR($C93=\"S\",$C93=0),0,MATCH(OFFSET($D93,0,$C93)+IF($C93<>1,1,COUNTIF(QCI!$A$13:$A$36,ORÇAMENTO!E93)),OFFSET($D93,1,$C93,ROW($C$472)-ROW($C93)),0))","v":5},"F","Nível 2","Nível 2","5.2.","SINAPI",null,{"$f":"IF($C93=\"S\",REFERENCIA.Descricao,\"DRYWALL\")","v":"DRYWALL"},{"$f":"REFERENCIA.Unidade","v":"-"},{"$f":"OFFSET(CÁLCULO!H$15,ROW($T93)-ROW(T$15),0)","v":0},null,"BDI 1",{"$f":"IF($C93=\"S\",ROUND(IF(TIPOORCAMENTO=\"Proposto\",ORÇAMENTO.CustoUnitario*(1+$AH93),ORÇAMENTO.PrecoUnitarioLicitado),15-13*$AF$10),0)","v":0},{"$f":"IF($C93=\"S\",IF(OR(Import.TipoArredondamento<>\"TransfereGOV\",ACOMPANHAMENTO=\"BM\"),VTOTAL1,SUM(OFFSET(CÁLCULO!$AI$15,ROW($X93)-ROW($X$15),1):OFFSET(CÁLCULO!$BB$15,ROW($X93)-ROW($X$15),-1))),IF($C93=0,0,ROUND(SomaAgrup,15-13*$AF$11)))","v":64563.39},"RA","",{"$f":"IF($C93=\"S\",IF($Z93=\"CP\",$X93,IF($Z93=\"RA\",(($X93)*QCI!$AA$3),0)),SomaAgrup)","v":5586.9092542344306},{"$f":"IF($C93=\"S\",IF($Z93=\"OU\",ROUND($X93,2),0),SomaAgrup)","v":0},{"$f":"IF($N93=\"\",\" \",\nIF(AND($C93<>\"S\",OR($R93=\"\",$R93=\"(digite a descrição aqui)\")),\"DESCRIÇÃO\",\nIF(AND($C93=\"S\",OR($Q93<>\"\",$T93>0,$U93>0),$P93=\"\"),\"FONTE\",\nIF(AND($C93=\"S\",$P93<>\"\",OR($T93>0,$U93>0),$Q93=\"\"),\"CÓDIGO\",\nIF(AND($C93=\"S\",$P93<>\"\",$Q93<>\"\",$R93=\"(Código não identificado nas referências)\"),\"CÓDIGO N/ID\",\nIF(AND($C93=\"S\",OR($R93=\"\",$R93=\"(digite a descrição aqui)\"),OR($Q93<>\"\",$T93>0,$U93>0)),\"DESCRIÇÃO\",\nIF(AND($C93=\"S\",$P93<>\"\",$Q93<>\"\",$S93=\"\"),\"UNIDADE\",\nIF(AND($C93=\"S\",$P93<>\"\",$Q93<>\"\",$U93=0),\"SEM CUSTO\",\nIF(AND(TIPOORCAMENTO=\"Licitado\",$AL93=0,$AN93>0),\"SEM PREÇO\",\nIF(AND($C93=\"S\",$P93<>\"\",$Q93<>\"\",$U93>0,AND($V93<>\"BDI 1\",$V93<>\"BDI 2\",$V93<>\"BDI 3\")),IF(ISNUMBER($V93),\"JUSTIFICAR BDI\",\"BDI\"),\nIF(OR(AND(import.recurso=\"OGU\",TIPOORCAMENTO=\"Proposto\",LEFT($O$8,5)<>\"(N/D:\",$AG93<>\"\",ORÇAMENTO.CustoUnitario>$AG93),AND(TIPOORCAMENTO=\"LICITADO\",ORÇAMENTO.PrecoUnitarioLicitado>$AN93)),\"ACIMA REF.\",\nIF(AND($C93=\"S\",$P93<>\"\",$Q93<>\"\",$T93=0,$U93>0),\"QUANT.\",\nIF(AND(Import.TipoArredondamento=\"TransfereGOV\",$L93=\"F\",$C93=\"S\",LEN($Q93)>13),\"Código >13\",\nIF(AND(Import.TipoArredondamento=\"TransfereGOV\",$L93=\"F\",$C93<>\"S\",LEN($R93)>100),\"Descrição >100\",\nIF(AND(Import.TipoArredondamento=\"TransfereGOV\",$L93=\"F\",$C93=\"S\",LEN($R93)>500),\"Descrição >500\",\nIF(AND(Import.TipoArredondamento=\"TransfereGOV\",$L93=\"F\",$C93=\"S\",LEFT(TRIM(UPPER($P93)),6)<>\"SINAPI\",ISNA(VLOOKUP(TRIM(UPPER($S93)),ListaTgov.Unidades,1,FALSE))),\"Unid. Não Disp\",\n\" \"))))))))))))))))","v":" "},{"$f":"IF(C93<=CRONO.NivelExibicao,MAX($AD$15:OFFSET(AD93,-1,0))+IF($C93<>1,1,MAX(1,COUNTIF(QCI!$A$13:$A$36,OFFSET($E93,-1,0)))),\"\")","v":15},{"$f":"IF(AND($C93=\"S\",ORÇAMENTO.CodBarra<>\"\"),IF(ORÇAMENTO.Fonte=\"\",ORÇAMENTO.CodBarra,CONCATENATE(ORÇAMENTO.Fonte,\" \",ORÇAMENTO.CodBarra)))","v":false},{"$f":"IF(ISERROR(ORÇAMENTO.BancoRef),\"(abra o arquivo 'Referência \"&Excel_BuiltIn_Database&\".xlsm)\",IF(OR($C93<>\"S\",ORÇAMENTO.CodBarra=\"\"),\"(Sem Código)\",IF(ISERROR(MATCH($AE93,INDIRECT(ORÇAMENTO.BancoRef),0)),\"(Código não identificado nas referências)\",MATCH($AE93,INDIRECT(ORÇAMENTO.BancoRef),0))))","v":"(Sem Código)"},{"$f":"ROUND(IF(DESONERACAO=\"sim\",REFERENCIA.Desonerado,REFERENCIA.NaoDesonerado),2)","v":0},0.25290000000000001,null,null,null,null,64563.39,{"$f":"ROUND(ORÇAMENTO.CustoUnitario*(1+$AH93),2)","v":0}]
["S",2,"S",0,{"$f":"IF($C94=1,OFFSET(E94,-1,0)+MAX(1,COUNTIF(QCI!$A$13:$A$36,OFFSET(ORÇAMENTO!E94,-1,0))),OFFSET(E94,-1,0))","v":5},2,0,0,1,0,{"$f":"IF(OR($C94=\"S\",$C94=0),0,MATCH(OFFSET($D94,0,$C94)+IF($C94<>1,1,COUNTIF(QCI!$A$13:$A$36,ORÇAMENTO!E94)),OFFSET($D94,1,$C94,ROW($C$472)-ROW($C94)),0))","v":0},"F","Serviço","Serviço","5.2.0.1.","SINAPI","96359",{"$f":"IF($C94=\"S\",REFERENCIA.Descricao,\"(digite a descrição aqui)\")","v":"PAREDE COM SISTEMA EM CHAPAS DE GESSO PARA DRYWALL, USO INTERNO, COM DUAS FACES SIMPLES E ESTRUTURA METÁLICA COM GUIAS SIMPLES PARA PAREDES COM ÁREA LÍQUIDA MAIOR OU IGUAL A 6 M2, COM VÃOS. AF_07/2023_PS"},{"$f":"REFERENCIA.Unidade","v":"M2"},{"$f":"OFFSET(CÁLCULO!H$15,ROW($T94)-ROW(T$15),0)","v":36.94},{"$f":"AG94","v":102.78},"BDI 1",{"$f":"IF($C94=\"S\",ROUND(IF(TIPOORCAMENTO=\"Proposto\",ORÇAMENTO.CustoUnitario*(1+$AH94),ORÇAMENTO.PrecoUnitarioLicitado),15-13*$AF$10),0)","v":128.77000000000001},{"$f":"IF($C94=\"S\",IF(OR(Import.TipoArredondamento<>\"TransfereGOV\",ACOMPANHAMENTO=\"BM\"),VTOTAL1,SUM(OFFSET(CÁLCULO!$AI$15,ROW($X94)-ROW($X$15),1):OFFSET(CÁLCULO!$BB$15,ROW($X94)-ROW($X$15),-1))),IF($C94=0,0,ROUND(SomaAgrup,15-13*$AF$11)))","v":4756.76},"RA","RA",{"$f":"IF($C94=\"S\",IF($Z94=\"CP\",$X94,IF($Z94=\"RA\",(($X94)*QCI!$AA$3),0)),SomaAgrup)","v":411.62005997783217},{"$f":"IF($C94=\"S\",IF($Z94=\"OU\",ROUND($X94,2),0),SomaAgrup)","v":0},{"$f":"IF($N94=\"\",\" \",\nIF(AND($C94<>\"S\",OR($R94=\"\",$R94=\"(digite a descrição aqui)\")),\"DESCRIÇÃO\",\nIF(AND($C94=\"S\",OR($Q94<>\"\",$T94>0,$U94>0),$P94=\"\"),\"FONTE\",\nIF(AND($C94=\"S\",$P94<>\"\",OR($T94>0,$U94>0),$Q94=\"\"),\"CÓDIGO\",\nIF(AND($C94=\"S\",$P94<>\"\",$Q94<>\"\",$R94=\"(Código não identificado nas referências)\"),\"CÓDIGO N/ID\",\nIF(AND($C94=\"S\",OR($R94=\"\",$R94=\"(digite a descrição aqui)\"),OR($Q94<>\"\",$T94>0,$U94>0)),\"DESCRIÇÃO\",\nIF(AND($C94=\"S\",$P94<>\"\",$Q94<>\"\",$S94=\"\"),\"UNIDADE\",\nIF(AND($C94=\"S\",$P94<>\"\",$Q94<>\"\",$U94=0),\"SEM CUSTO\",\nIF(AND(TIPOORCAMENTO=\"Licitado\",$AL94=0,$AN94>0),\"SEM PREÇO\",\nIF(AND($C94=\"S\",$P94<>\"\",$Q94<>\"\",$U94>0,AND($V94<>\"BDI 1\",$V94<>\"BDI 2\",$V94<>\"BDI 3\")),IF(ISNUMBER($V94),\"JUSTIFICAR BDI\",\"BDI\"),\nIF(OR(AND(import.recurso=\"OGU\",TIPOORCAMENTO=\"Proposto\",LEFT($O$8,5)<>\"(N/D:\",$AG94<>\"\",ORÇAMENTO.CustoUnitario>$AG94),AND(TIPOORCAMENTO=\"LICITADO\",ORÇAMENTO.PrecoUnitarioLicitado>$AN94)),\"ACIMA REF.\",\nIF(AND($C94=\"S\",$P94<>\"\",$Q94<>\"\",$T94=0,$U94>0),\"QUANT.\",\nIF(AND(Import.TipoArredondamento=\"TransfereGOV\",$L94=\"F\",$C94=\"S\",LEN($Q94)>13),\"Código >13\",\nIF(AND(Import.TipoArredondamento=\"TransfereGOV\",$L94=\"F\",$C94<>\"S\",LEN($R94)>100),\"Descrição >100\",\nIF(AND(Import.TipoArredondamento=\"TransfereGOV\",$L94=\"F\",$C94=\"S\",LEN($R94)>500),\"Descrição >500\",\nIF(AND(Import.TipoArredondamento=\"TransfereGOV\",$L94=\"F\",$C94=\"S\",LEFT(TRIM(UPPER($P94)),6)<>\"SINAPI\",ISNA(VLOOKUP(TRIM(UPPER($S94)),ListaTgov.Unidades,1,FALSE))),\"Unid. Não Disp\",\n\" \"))))))))))))))))","v":" "},{"$f":"IF(C94<=CRONO.NivelExibicao,MAX($AD$15:OFFSET(AD94,-1,0))+IF($C94<>1,1,MAX(1,COUNTIF(QCI!$A$13:$A$36,OFFSET($E94,-1,0)))),\"\")","v":""},{"$f":"IF(AND($C94=\"S\",ORÇAMENTO.CodBarra<>\"\"),IF(ORÇAMENTO.Fonte=\"\",ORÇAMENTO.CodBarra,CONCATENATE(ORÇAMENTO.Fonte,\" \",ORÇAMENTO.CodBarra)))","v":"SINAPI 96359"},{"$f":"IF(ISERROR(ORÇAMENTO.BancoRef),\"(abra o arquivo 'Referência \"&Excel_BuiltIn_Database&\".xlsm)\",IF(OR($C94<>\"S\",ORÇAMENTO.CodBarra=\"\"),\"(Sem Código)\",IF(ISERROR(MATCH($AE94,INDIRECT(ORÇAMENTO.BancoRef),0)),\"(Código não identificado nas referências)\",MATCH($AE94,INDIRECT(ORÇAMENTO.BancoRef),0))))","v":13891},{"$f":"ROUND(IF(DESONERACAO=\"sim\",REFERENCIA.Desonerado,REFERENCIA.NaoDesonerado),2)","v":102.78},0.25290000000000001,null,null,null,null,4756.76,{"$f":"ROUND(ORÇAMENTO.CustoUnitario*(1+$AH94),2)","v":128.77000000000001}]
["S",2,"S",0,{"$f":"IF($C95=1,OFFSET(E95,-1,0)+MAX(1,COUNTIF(QCI!$A$13:$A$36,OFFSET(ORÇAMENTO!E95,-1,0))),OFFSET(E95,-1,0))","v":5},2,0,0,2,0,{"$f":"IF(OR($C95=\"S\",$C95=0),0,MATCH(OFFSET($D95,0,$C95)+IF($C95<>1,1,COUNTIF(QCI!$A$13:$A$36,ORÇAMENTO!E95)),OFFSET($D95,1,$C95,ROW($C$472)-ROW($C95)),0))","v":0},"F","Serviço","Serviço","5.2.0.2.","Composição","COMP15",{"$f":"IF($C95=\"S\",REFERENCIA.Descricao,\"(digite a descrição aqui)\")","v":"PAREDE COM SISTEMA EM CHAPAS DE GESSO RU PARA DRYWALL, USO INTERNO, COM DUAS FACES SIMPLES E ESTRUTURA METÁLICA COM GUIAS SIMPLES PARA PAREDES COM ÁREA LÍQUIDA MAIOR OU IGUAL A 6 M2, COM VÃOS. AF_07/2023_PS"},{"$f":"REFERENCIA.Unidade","v":"M2"},{"$f":"OFFSET(CÁLCULO!H$15,ROW($T95)-ROW(T$15),0)","v":180.09},{"$f":"AG95","v":116.99},"BDI 1",{"$f":"IF($C95=\"S\",ROUND(IF(TIPOORCAMENTO=\"Proposto\",ORÇAMENTO.CustoUnitario*(1+$AH95),ORÇAMENTO.PrecoUnitarioLicitado),15-13*$AF$10),0)","v":146.58000000000001},{"$f":"IF($C95=\"S\",IF(OR(Import.TipoArredondamento<>\"TransfereGOV\",ACOMPANHAMENTO=\"BM\"),VTOTAL1,SUM(OFFSET(CÁLCULO!$AI$15,ROW($X95)-ROW($X$15),1):OFFSET(CÁLCULO!$BB$15,ROW($X95)-ROW($X$15),-1))),IF($C95=0,0,ROUND(SomaAgrup,15-13*$AF$11)))","v":26397.59},"RA","RA",{"$f":"IF($C95=\"S\",IF($Z95=\"CP\",$X95,IF($Z95=\"RA\",(($X95)*QCI!$AA$3),0)),SomaAgrup)","v":2284.2812290446063},{"$f":"IF($C95=\"S\",IF($Z95=\"OU\",ROUND($X95,2),0),SomaAgrup)","v":0},{"$f":"IF($N95=\"\",\" \",\nIF(AND($C95<>\"S\",OR($R95=\"\",$R95=\"(digite a descrição aqui)\")),\"DESCRIÇÃO\",\nIF(AND($C95=\"S\",OR($Q95<>\"\",$T95>0,$U95>0),$P95=\"\"),\"FONTE\",\nIF(AND($C95=\"S\",$P95<>\"\",OR($T95>0,$U95>0),$Q95=\"\"),\"CÓDIGO\",\nIF(AND($C95=\"S\",$P95<>\"\",$Q95<>\"\",$R95=\"(Código não identificado nas referências)\"),\"CÓDIGO N/ID\",\nIF(AND($C95=\"S\",OR($R95=\"\",$R95=\"(digite a descrição aqui)\"),OR($Q95<>\"\",$T95>0,$U95>0)),\"DESCRIÇÃO\",\nIF(AND($C95=\"S\",$P95<>\"\",$Q95<>\"\",$S95=\"\"),\"UNIDADE\",\nIF(AND($C95=\"S\",$P95<>\"\",$Q95<>\"\",$U95=0),\"SEM CUSTO\",\nIF(AND(TIPOORCAMENTO=\"Licitado\",$AL95=0,$AN95>0),\"SEM PREÇO\",\nIF(AND($C95=\"S\",$P95<>\"\",$Q95<>\"\",$U95>0,AND($V95<>\"BDI 1\",$V95<>\"BDI 2\",$V95<>\"BDI 3\")),IF(ISNUMBER($V95),\"JUSTIFICAR BDI\",\"BDI\"),\nIF(OR(AND(import.recurso=\"OGU\",TIPOORCAMENTO=\"Proposto\",LEFT($O$8,5)<>\"(N/D:\",$AG95<>\"\",ORÇAMENTO.CustoUnitario>$AG95),AND(TIPOORCAMENTO=\"LICITADO\",ORÇAMENTO.PrecoUnitarioLicitado>$AN95)),\"ACIMA REF.\",\nIF(AND($C95=\"S\",$P95<>\"\",$Q95<>\"\",$T95=0,$U95>0),\"QUANT.\",\nIF(AND(Import.TipoArredondamento=\"TransfereGOV\",$L95=\"F\",$C95=\"S\",LEN($Q95)>13),\"Código >13\",\nIF(AND(Import.TipoArredondamento=\"TransfereGOV\",$L95=\"F\",$C95<>\"S\",LEN($R95)>100),\"Descrição >100\",\nIF(AND(Import.TipoArredondamento=\"TransfereGOV\",$L95=\"F\",$C95=\"S\",LEN($R95)>500),\"Descrição >500\",\nIF(AND(Import.TipoArredondamento=\"TransfereGOV\",$L95=\"F\",$C95=\"S\",LEFT(TRIM(UPPER($P95)),6)<>\"SINAPI\",ISNA(VLOOKUP(TRIM(UPPER($S95)),ListaTgov.Unidades,1,FALSE))),\"Unid. Não Disp\",\n\" \"))))))))))))))))","v":" "},{"$f":"IF(C95<=CRONO.NivelExibicao,MAX($AD$15:OFFSET(AD95,-1,0))+IF($C95<>1,1,MAX(1,COUNTIF(QCI!$A$13:$A$36,OFFSET($E95,-1,0)))),\"\")","v":""},{"$f":"IF(AND($C95=\"S\",ORÇAMENTO.CodBarra<>\"\"),IF(ORÇAMENTO.Fonte=\"\",ORÇAMENTO.CodBarra,CONCATENATE(ORÇAMENTO.Fonte,\" \",ORÇAMENTO.CodBarra)))","v":"Composição COMP15"},{"$f":"IF(ISERROR(ORÇAMENTO.BancoRef),\"(abra o arquivo 'Referência \"&Excel_BuiltIn_Database&\".xlsm)\",IF(OR($C95<>\"S\",ORÇAMENTO.CodBarra=\"\"),\"(Sem Código)\",IF(ISERROR(MATCH($AE95,INDIRECT(ORÇAMENTO.BancoRef),0)),\"(Código não identificado nas referências)\",MATCH($AE95,INDIRECT(ORÇAMENTO.BancoRef),0))))","v":17},{"$f":"ROUND(IF(DESONERACAO=\"sim\",REFERENCIA.Desonerado,REFERENCIA.NaoDesonerado),2)","v":116.99},0.25290000000000001,null,null,null,null,26397.59,{"$f":"ROUND(ORÇAMENTO.CustoUnitario*(1+$AH95),2)","v":146.58000000000001}]
["S",2,"S",0,{"$f":"IF($C96=1,OFFSET(E96,-1,0)+MAX(1,COUNTIF(QCI!$A$13:$A$36,OFFSET(ORÇAMENTO!E96,-1,0))),OFFSET(E96,-1,0))","v":5},2,0,0,3,0,{"$f":"IF(OR($C96=\"S\",$C96=0),0,MATCH(OFFSET($D96,0,$C96)+IF($C96<>1,1,COUNTIF(QCI!$A$13:$A$36,ORÇAMENTO!E96)),OFFSET($D96,1,$C96,ROW($C$472)-ROW($C96)),0))","v":0},"F","Serviço","Serviço","5.2.0.3.","Composição","COMP16",{"$f":"IF($C96=\"S\",REFERENCIA.Descricao,\"(digite a descrição aqui)\")","v":"PAREDE COM SISTEMA EM CHAPAS DE GESSO ST PARA DRYWALL COM ISOLAMENTO ACUSTICO, USO INTERNO, COM DUAS FACES SIMPLES E ESTRUTURA METÁLICA COM GUIAS SIMPLES PARA PAREDES COM ÁREA LÍQUIDA MAIOR OU IGUAL A 6 M2, COM VÃOS."},{"$f":"REFERENCIA.Unidade","v":"M2"},{"$f":"OFFSET(CÁLCULO!H$15,ROW($T96)-ROW(T$15),0)","v":84.45},{"$f":"AG96","v":170.99},"BDI 1",{"$f":"IF($C96=\"S\",ROUND(IF(TIPOORCAMENTO=\"Proposto\",ORÇAMENTO.CustoUnitario*(1+$AH96),ORÇAMENTO.PrecoUnitarioLicitado),15-13*$AF$10),0)","v":214.23},{"$f":"IF($C96=\"S\",IF(OR(Import.TipoArredondamento<>\"TransfereGOV\",ACOMPANHAMENTO=\"BM\"),VTOTAL1,SUM(OFFSET(CÁLCULO!$AI$15,ROW($X96)-ROW($X$15),1):OFFSET(CÁLCULO!$BB$15,ROW($X96)-ROW($X$15),-1))),IF($C96=0,0,ROUND(SomaAgrup,15-13*$AF$11)))","v":18091.72},"RA","RA",{"$f":"IF($C96=\"S\",IF($Z96=\"CP\",$X96,IF($Z96=\"RA\",(($X96)*QCI!$AA$3),0)),SomaAgrup)","v":1565.5435362520172},{"$f":"IF($C96=\"S\",IF($Z96=\"OU\",ROUND($X96,2),0),SomaAgrup)","v":0},{"$f":"IF($N96=\"\",\" \",\nIF(AND($C96<>\"S\",OR($R96=\"\",$R96=\"(digite a descrição aqui)\")),\"DESCRIÇÃO\",\nIF(AND($C96=\"S\",OR($Q96<>\"\",$T96>0,$U96>0),$P96=\"\"),\"FONTE\",\nIF(AND($C96=\"S\",$P96<>\"\",OR($T96>0,$U96>0),$Q96=\"\"),\"CÓDIGO\",\nIF(AND($C96=\"S\",$P96<>\"\",$Q96<>\"\",$R96=\"(Código não identificado nas referências)\"),\"CÓDIGO N/ID\",\nIF(AND($C96=\"S\",OR($R96=\"\",$R96=\"(digite a descrição aqui)\"),OR($Q96<>\"\",$T96>0,$U96>0)),\"DESCRIÇÃO\",\nIF(AND($C96=\"S\",$P96<>\"\",$Q96<>\"\",$S96=\"\"),\"UNIDADE\",\nIF(AND($C96=\"S\",$P96<>\"\",$Q96<>\"\",$U96=0),\"SEM CUSTO\",\nIF(AND(TIPOORCAMENTO=\"Licitado\",$AL96=0,$AN96>0),\"SEM PREÇO\",\nIF(AND($C96=\"S\",$P96<>\"\",$Q96<>\"\",$U96>0,AND($V96<>\"BDI 1\",$V96<>\"BDI 2\",$V96<>\"BDI 3\")),IF(ISNUMBER($V96),\"JUSTIFICAR BDI\",\"BDI\"),\nIF(OR(AND(import.recurso=\"OGU\",TIPOORCAMENTO=\"Proposto\",LEFT($O$8,5)<>\"(N/D:\",$AG96<>\"\",ORÇAMENTO.CustoUnitario>$AG96),AND(TIPOORCAMENTO=\"LICITADO\",ORÇAMENTO.PrecoUnitarioLicitado>$AN96)),\"ACIMA REF.\",\nIF(AND($C96=\"S\",$P96<>\"\",$Q96<>\"\",$T96=0,$U96>0),\"QUANT.\",\nIF(AND(Import.TipoArredondamento=\"TransfereGOV\",$L96=\"F\",$C96=\"S\",LEN($Q96)>13),\"Código >13\",\nIF(AND(Import.TipoArredondamento=\"TransfereGOV\",$L96=\"F\",$C96<>\"S\",LEN($R96)>100),\"Descrição >100\",\nIF(AND(Import.TipoArredondamento=\"TransfereGOV\",$L96=\"F\",$C96=\"S\",LEN($R96)>500),\"Descrição >500\",\nIF(AND(Import.TipoArredondamento=\"TransfereGOV\",$L96=\"F\",$C96=\"S\",LEFT(TRIM(UPPER($P96)),6)<>\"SINAPI\",ISNA(VLOOKUP(TRIM(UPPER($S96)),ListaTgov.Unidades,1,FALSE))),\"Unid. Não Disp\",\n\" \"))))))))))))))))","v":" "},{"$f":"IF(C96<=CRONO.NivelExibicao,MAX($AD$15:OFFSET(AD96,-1,0))+IF($C96<>1,1,MAX(1,COUNTIF(QCI!$A$13:$A$36,OFFSET($E96,-1,0)))),\"\")","v":""},{"$f":"IF(AND($C96=\"S\",ORÇAMENTO.CodBarra<>\"\"),IF(ORÇAMENTO.Fonte=\"\",ORÇAMENTO.CodBarra,CONCATENATE(ORÇAMENTO.Fonte,\" \",ORÇAMENTO.CodBarra)))","v":"Composição COMP16"},{"$f":"IF(ISERROR(ORÇAMENTO.BancoRef),\"(abra o arquivo 'Referência \"&Excel_BuiltIn_Database&\".xlsm)\",IF(OR($C96<>\"S\",ORÇAMENTO.CodBarra=\"\"),\"(Sem Código)\",IF(ISERROR(MATCH($AE96,INDIRECT(ORÇAMENTO.BancoRef),0)),\"(Código não identificado nas referências)\",MATCH($AE96,INDIRECT(ORÇAMENTO.BancoRef),0))))","v":18},{"$f":"ROUND(IF(DESONERACAO=\"sim\",REFERENCIA.Desonerado,REFERENCIA.NaoDesonerado),2)","v":170.99},0.25290000000000001,null,null,null,null,18091.72,{"$f":"ROUND(ORÇAMENTO.CustoUnitario*(1+$AH96),2)","v":214.23}]
["S",2,"S",0,{"$f":"IF($C97=1,OFFSET(E97,-1,0)+MAX(1,COUNTIF(QCI!$A$13:$A$36,OFFSET(ORÇAMENTO!E97,-1,0))),OFFSET(E97,-1,0))","v":5},2,0,0,4,0,{"$f":"IF(OR($C97=\"S\",$C97=0),0,MATCH(OFFSET($D97,0,$C97)+IF($C97<>1,1,COUNTIF(QCI!$A$13:$A$36,ORÇAMENTO!E97)),OFFSET($D97,1,$C97,ROW($C$472)-ROW($C97)),0))","v":0},"F","Serviço","Serviço","5.2.0.4.","Composição","COMP17",{"$f":"IF($C97=\"S\",REFERENCIA.Descricao,\"(digite a descrição aqui)\")","v":"PAREDE COM SISTEMA EM CHAPAS DE GESSO RU PARA DRYWALL COM ISOLAMENTO ACUSTICO, USO INTERNO, COM DUAS FACES SIMPLES E ESTRUTURA METÁLICA COM GUIAS SIMPLES PARA PAREDES COM ÁREA LÍQUIDA MAIOR OU IGUAL A 6 M2, COM VÃOS."},{"$f":"REFERENCIA.Unidade","v":"M2"},{"$f":"OFFSET(CÁLCULO!H$15,ROW($T97)-ROW(T$15),0)","v":66.040000000000006},{"$f":"AG97","v":185.12},"BDI 1",{"$f":"IF($C97=\"S\",ROUND(IF(TIPOORCAMENTO=\"Proposto\",ORÇAMENTO.CustoUnitario*(1+$AH97),ORÇAMENTO.PrecoUnitarioLicitado),15-13*$AF$10),0)","v":231.94},{"$f":"IF($C97=\"S\",IF(OR(Import.TipoArredondamento<>\"TransfereGOV\",ACOMPANHAMENTO=\"BM\"),VTOTAL1,SUM(OFFSET(CÁLCULO!$AI$15,ROW($X97)-ROW($X$15),1):OFFSET(CÁLCULO!$BB$15,ROW($X97)-ROW($X$15),-1))),IF($C97=0,0,ROUND(SomaAgrup,15-13*$AF$11)))","v":15317.32},"RA","RA",{"$f":"IF($C97=\"S\",IF($Z97=\"CP\",$X97,IF($Z97=\"RA\",(($X97)*QCI!$AA$3),0)),SomaAgrup)","v":1325.4644289599744},{"$f":"IF($C97=\"S\",IF($Z97=\"OU\",ROUND($X97,2),0),SomaAgrup)","v":0},{"$f":"IF($N97=\"\",\" \",\nIF(AND($C97<>\"S\",OR($R97=\"\",$R97=\"(digite a descrição aqui)\")),\"DESCRIÇÃO\",\nIF(AND($C97=\"S\",OR($Q97<>\"\",$T97>0,$U97>0),$P97=\"\"),\"FONTE\",\nIF(AND($C97=\"S\",$P97<>\"\",OR($T97>0,$U97>0),$Q97=\"\"),\"CÓDIGO\",\nIF(AND($C97=\"S\",$P97<>\"\",$Q97<>\"\",$R97=\"(Código não identificado nas referências)\"),\"CÓDIGO N/ID\",\nIF(AND($C97=\"S\",OR($R97=\"\",$R97=\"(digite a descrição aqui)\"),OR($Q97<>\"\",$T97>0,$U97>0)),\"DESCRIÇÃO\",\nIF(AND($C97=\"S\",$P97<>\"\",$Q97<>\"\",$S97=\"\"),\"UNIDADE\",\nIF(AND($C97=\"S\",$P97<>\"\",$Q97<>\"\",$U97=0),\"SEM CUSTO\",\nIF(AND(TIPOORCAMENTO=\"Licitado\",$AL97=0,$AN97>0),\"SEM PREÇO\",\nIF(AND($C97=\"S\",$P97<>\"\",$Q97<>\"\",$U97>0,AND($V97<>\"BDI 1\",$V97<>\"BDI 2\",$V97<>\"BDI 3\")),IF(ISNUMBER($V97),\"JUSTIFICAR BDI\",\"BDI\"),\nIF(OR(AND(import.recurso=\"OGU\",TIPOORCAMENTO=\"Proposto\",LEFT($O$8,5)<>\"(N/D:\",$AG97<>\"\",ORÇAMENTO.CustoUnitario>$AG97),AND(TIPOORCAMENTO=\"LICITADO\",ORÇAMENTO.PrecoUnitarioLicitado>$AN97)),\"ACIMA REF.\",\nIF(AND($C97=\"S\",$P97<>\"\",$Q97<>\"\",$T97=0,$U97>0),\"QUANT.\",\nIF(AND(Import.TipoArredondamento=\"TransfereGOV\",$L97=\"F\",$C97=\"S\",LEN($Q97)>13),\"Código >13\",\nIF(AND(Import.TipoArredondamento=\"TransfereGOV\",$L97=\"F\",$C97<>\"S\",LEN($R97)>100),\"Descrição >100\",\nIF(AND(Import.TipoArredondamento=\"TransfereGOV\",$L97=\"F\",$C97=\"S\",LEN($R97)>500),\"Descrição >500\",\nIF(AND(Import.TipoArredondamento=\"TransfereGOV\",$L97=\"F\",$C97=\"S\",LEFT(TRIM(UPPER($P97)),6)<>\"SINAPI\",ISNA(VLOOKUP(TRIM(UPPER($S97)),ListaTgov.Unidades,1,FALSE))),\"Unid. Não Disp\",\n\" \"))))))))))))))))","v":" "},{"$f":"IF(C97<=CRONO.NivelExibicao,MAX($AD$15:OFFSET(AD97,-1,0))+IF($C97<>1,1,MAX(1,COUNTIF(QCI!$A$13:$A$36,OFFSET($E97,-1,0)))),\"\")","v":""},{"$f":"IF(AND($C97=\"S\",ORÇAMENTO.CodBarra<>\"\"),IF(ORÇAMENTO.Fonte=\"\",ORÇAMENTO.CodBarra,CONCATENATE(ORÇAMENTO.Fonte,\" \",ORÇAMENTO.CodBarra)))","v":"Composição COMP17"},{"$f":"IF(ISERROR(ORÇAMENTO.BancoRef),\"(abra o arquivo 'Referência \"&Excel_BuiltIn_Database&\".xlsm)\",IF(OR($C97<>\"S\",ORÇAMENTO.CodBarra=\"\"),\"(Sem Código)\",IF(ISERROR(MATCH($AE97,INDIRECT(ORÇAMENTO.BancoRef),0)),\"(Código não identificado nas referências)\",MATCH($AE97,INDIRECT(ORÇAMENTO.BancoRef),0))))","v":19},{"$f":"ROUND(IF(DESONERACAO=\"sim\",REFERENCIA.Desonerado,REFERENCIA.NaoDesonerado),2)","v":185.12},0.25290000000000001,null,null,null,null,15317.32,{"$f":"ROUND(ORÇAMENTO.CustoUnitario*(1+$AH97),2)","v":231.94}]
[2,2,2,2,{"$f":"IF($C98=1,OFFSET(E98,-1,0)+MAX(1,COUNTIF(QCI!$A$13:$A$36,OFFSET(ORÇAMENTO!E98,-1,0))),OFFSET(E98,-1,0))","v":5},3,0,0,0,2,{"$f":"IF(OR($C98=\"S\",$C98=0),0,MATCH(OFFSET($D98,0,$C98)+IF($C98<>1,1,COUNTIF(QCI!$A$13:$A$36,ORÇAMENTO!E98)),OFFSET($D98,1,$C98,ROW($C$472)-ROW($C98)),0))","v":41},"F","Nível 2","Nível 2","5.3.","SINAPI",null,{"$f":"IF($C98=\"S\",REFERENCIA.Descricao,\"DIISÓRIAS\")","v":"DIISÓRIAS"},{"$f":"REFERENCIA.Unidade","v":"-"},{"$f":"OFFSET(CÁLCULO!H$15,ROW($T98)-ROW(T$15),0)","v":0},null,"BDI 1",{"$f":"IF($C98=\"S\",ROUND(IF(TIPOORCAMENTO=\"Proposto\",ORÇAMENTO.CustoUnitario*(1+$AH98),ORÇAMENTO.PrecoUnitarioLicitado),15-13*$AF$10),0)","v":0},{"$f":"IF($C98=\"S\",IF(OR(Import.TipoArredondamento<>\"TransfereGOV\",ACOMPANHAMENTO=\"BM\"),VTOTAL1,SUM(OFFSET(CÁLCULO!$AI$15,ROW($X98)-ROW($X$15),1):OFFSET(CÁLCULO!$BB$15,ROW($X98)-ROW($X$15),-1))),IF($C98=0,0,ROUND(SomaAgrup,15-13*$AF$11)))","v":67.09},"RA","",{"$f":"IF($C98=\"S\",IF($Z98=\"CP\",$X98,IF($Z98=\"RA\",(($X98)*QCI!$AA$3),0)),SomaAgrup)","v":5.8055461751092681},{"$f":"IF($C98=\"S\",IF($Z98=\"OU\",ROUND($X98,2),0),SomaAgrup)","v":0},{"$f":"IF($N98=\"\",\" \",\nIF(AND($C98<>\"S\",OR($R98=\"\",$R98=\"(digite a descrição aqui)\")),\"DESCRIÇÃO\",\nIF(AND($C98=\"S\",OR($Q98<>\"\",$T98>0,$U98>0),$P98=\"\"),\"FONTE\",\nIF(AND($C98=\"S\",$P98<>\"\",OR($T98>0,$U98>0),$Q98=\"\"),\"CÓDIGO\",\nIF(AND($C98=\"S\",$P98<>\"\",$Q98<>\"\",$R98=\"(Código não identificado nas referências)\"),\"CÓDIGO N/ID\",\nIF(AND($C98=\"S\",OR($R98=\"\",$R98=\"(digite a descrição aqui)\"),OR($Q98<>\"\",$T98>0,$U98>0)),\"DESCRIÇÃO\",\nIF(AND($C98=\"S\",$P98<>\"\",$Q98<>\"\",$S98=\"\"),\"UNIDADE\",\nIF(AND($C98=\"S\",$P98<>\"\",$Q98<>\"\",$U98=0),\"SEM CUSTO\",\nIF(AND(TIPOORCAMENTO=\"Licitado\",$AL98=0,$AN98>0),\"SEM PREÇO\",\nIF(AND($C98=\"S\",$P98<>\"\",$Q98<>\"\",$U98>0,AND($V98<>\"BDI 1\",$V98<>\"BDI 2\",$V98<>\"BDI 3\")),IF(ISNUMBER($V98),\"JUSTIFICAR BDI\",\"BDI\"),\nIF(OR(AND(import.recurso=\"OGU\",TIPOORCAMENTO=\"Proposto\",LEFT($O$8,5)<>\"(N/D:\",$AG98<>\"\",ORÇAMENTO.CustoUnitario>$AG98),AND(TIPOORCAMENTO=\"LICITADO\",ORÇAMENTO.PrecoUnitarioLicitado>$AN98)),\"ACIMA REF.\",\nIF(AND($C98=\"S\",$P98<>\"\",$Q98<>\"\",$T98=0,$U98>0),\"QUANT.\",\nIF(AND(Import.TipoArredondamento=\"TransfereGOV\",$L98=\"F\",$C98=\"S\",LEN($Q98)>13),\"Código >13\",\nIF(AND(Import.TipoArredondamento=\"TransfereGOV\",$L98=\"F\",$C98<>\"S\",LEN($R98)>100),\"Descrição >100\",\nIF(AND(Import.TipoArredondamento=\"TransfereGOV\",$L98=\"F\",$C98=\"S\",LEN($R98)>500),\"Descrição >500\",\nIF(AND(Import.TipoArredondamento=\"TransfereGOV\",$L98=\"F\",$C98=\"S\",LEFT(TRIM(UPPER($P98)),6)<>\"SINAPI\",ISNA(VLOOKUP(TRIM(UPPER($S98)),ListaTgov.Unidades,1,FALSE))),\"Unid. Não Disp\",\n\" \"))))))))))))))))","v":" "},{"$f":"IF(C98<=CRONO.NivelExibicao,MAX($AD$15:OFFSET(AD98,-1,0))+IF($C98<>1,1,MAX(1,COUNTIF(QCI!$A$13:$A$36,OFFSET($E98,-1,0)))),\"\")","v":16},{"$f":"IF(AND($C98=\"S\",ORÇAMENTO.CodBarra<>\"\"),IF(ORÇAMENTO.Fonte=\"\",ORÇAMENTO.CodBarra,CONCATENATE(ORÇAMENTO.Fonte,\" \",ORÇAMENTO.CodBarra)))","v":false},{"$f":"IF(ISERROR(ORÇAMENTO.BancoRef),\"(abra o arquivo 'Referência \"&Excel_BuiltIn_Database&\".xlsm)\",IF(OR($C98<>\"S\",ORÇAMENTO.CodBarra=\"\"),\"(Sem Código)\",IF(ISERROR(MATCH($AE98,INDIRECT(ORÇAMENTO.BancoRef),0)),\"(Código não identificado nas referências)\",MATCH($AE98,INDIRECT(ORÇAMENTO.BancoRef),0))))","v":"(Sem Código)"},{"$f":"ROUND(IF(DESONERACAO=\"sim\",REFERENCIA.Desonerado,REFERENCIA.NaoDesonerado),2)","v":0},0.25290000000000001,null,null,null,null,67.09,{"$f":"ROUND(ORÇAMENTO.CustoUnitario*(1+$AH98),2)","v":0}]
["S",2,"S",0,{"$f":"IF($C99=1,OFFSET(E99,-1,0)+MAX(1,COUNTIF(QCI!$A$13:$A$36,OFFSET(ORÇAMENTO!E99,-1,0))),OFFSET(E99,-1,0))","v":5},3,0,0,1,0,{"$f":"IF(OR($C99=\"S\",$C99=0),0,MATCH(OFFSET($D99,0,$C99)+IF($C99<>1,1,COUNTIF(QCI!$A$13:$A$36,ORÇAMENTO!E99)),OFFSET($D99,1,$C99,ROW($C$472)-ROW($C99)),0))","v":0},"F","Serviço","Serviço","5.3.0.1.","SINAPI","102257",{"$f":"IF($C99=\"S\",REFERENCIA.Descricao,\"(digite a descrição aqui)\")","v":"DIVISORIA SANITÁRIA, TIPO CABINE, EM PAINEL DE GRANILITE, ESP = 3CM, ASSENTADO COM ARGAMASSA COLANTE AC III-E, EXCLUSIVE FERRAGENS. AF_01/2021"},{"$f":"REFERENCIA.Unidade","v":"M2"},{"$f":"OFFSET(CÁLCULO!H$15,ROW($T99)-ROW(T$15),0)","v":0.15},{"$f":"AG99","v":356.96},"BDI 1",{"$f":"IF($C99=\"S\",ROUND(IF(TIPOORCAMENTO=\"Proposto\",ORÇAMENTO.CustoUnitario*(1+$AH99),ORÇAMENTO.PrecoUnitarioLicitado),15-13*$AF$10),0)","v":447.24},{"$f":"IF($C99=\"S\",IF(OR(Import.TipoArredondamento<>\"TransfereGOV\",ACOMPANHAMENTO=\"BM\"),VTOTAL1,SUM(OFFSET(CÁLCULO!$AI$15,ROW($X99)-ROW($X$15),1):OFFSET(CÁLCULO!$BB$15,ROW($X99)-ROW($X$15),-1))),IF($C99=0,0,ROUND(SomaAgrup,15-13*$AF$11)))","v":67.09},"RA","RA",{"$f":"IF($C99=\"S\",IF($Z99=\"CP\",$X99,IF($Z99=\"RA\",(($X99)*QCI!$AA$3),0)),SomaAgrup)","v":5.8055461751092681},{"$f":"IF($C99=\"S\",IF($Z99=\"OU\",ROUND($X99,2),0),SomaAgrup)","v":0},{"$f":"IF($N99=\"\",\" \",\nIF(AND($C99<>\"S\",OR($R99=\"\",$R99=\"(digite a descrição aqui)\")),\"DESCRIÇÃO\",\nIF(AND($C99=\"S\",OR($Q99<>\"\",$T99>0,$U99>0),$P99=\"\"),\"FONTE\",\nIF(AND($C99=\"S\",$P99<>\"\",OR($T99>0,$U99>0),$Q99=\"\"),\"CÓDIGO\",\nIF(AND($C99=\"S\",$P99<>\"\",$Q99<>\"\",$R99=\"(Código não identificado nas referências)\"),\"CÓDIGO N/ID\",\nIF(AND($C99=\"S\",OR($R99=\"\",$R99=\"(digite a descrição aqui)\"),OR($Q99<>\"\",$T99>0,$U99>0)),\"DESCRIÇÃO\",\nIF(AND($C99=\"S\",$P99<>\"\",$Q99<>\"\",$S99=\"\"),\"UNIDADE\",\nIF(AND($C99=\"S\",$P99<>\"\",$Q99<>\"\",$U99=0),\"SEM CUSTO\",\nIF(AND(TIPOORCAMENTO=\"Licitado\",$AL99=0,$AN99>0),\"SEM PREÇO\",\nIF(AND($C99=\"S\",$P99<>\"\",$Q99<>\"\",$U99>0,AND($V99<>\"BDI 1\",$V99<>\"BDI 2\",$V99<>\"BDI 3\")),IF(ISNUMBER($V99),\"JUSTIFICAR BDI\",\"BDI\"),\nIF(OR(AND(import.recurso=\"OGU\",TIPOORCAMENTO=\"Proposto\",LEFT($O$8,5)<>\"(N/D:\",$AG99<>\"\",ORÇAMENTO.CustoUnitario>$AG99),AND(TIPOORCAMENTO=\"LICITADO\",ORÇAMENTO.PrecoUnitarioLicitado>$AN99)),\"ACIMA REF.\",\nIF(AND($C99=\"S\",$P99<>\"\",$Q99<>\"\",$T99=0,$U99>0),\"QUANT.\",\nIF(AND(Import.TipoArredondamento=\"TransfereGOV\",$L99=\"F\",$C99=\"S\",LEN($Q99)>13),\"Código >13\",\nIF(AND(Import.TipoArredondamento=\"TransfereGOV\",$L99=\"F\",$C99<>\"S\",LEN($R99)>100),\"Descrição >100\",\nIF(AND(Import.TipoArredondamento=\"TransfereGOV\",$L99=\"F\",$C99=\"S\",LEN($R99)>500),\"Descrição >500\",\nIF(AND(Import.TipoArredondamento=\"TransfereGOV\",$L99=\"F\",$C99=\"S\",LEFT(TRIM(UPPER($P99)),6)<>\"SINAPI\",ISNA(VLOOKUP(TRIM(UPPER($S99)),ListaTgov.Unidades,1,FALSE))),\"Unid. Não Disp\",\n\" \"))))))))))))))))","v":" "},{"$f":"IF(C99<=CRONO.NivelExibicao,MAX($AD$15:OFFSET(AD99,-1,0))+IF($C99<>1,1,MAX(1,COUNTIF(QCI!$A$13:$A$36,OFFSET($E99,-1,0)))),\"\")","v":""},{"$f":"IF(AND($C99=\"S\",ORÇAMENTO.CodBarra<>\"\"),IF(ORÇAMENTO.Fonte=\"\",ORÇAMENTO.CodBarra,CONCATENATE(ORÇAMENTO.Fonte,\" \",ORÇAMENTO.CodBarra)))","v":"SINAPI 102257"},{"$f":"IF(ISERROR(ORÇAMENTO.BancoRef),\"(abra o arquivo 'Referência \"&Excel_BuiltIn_Database&\".xlsm)\",IF(OR($C99<>\"S\",ORÇAMENTO.CodBarra=\"\"),\"(Sem Código)\",IF(ISERROR(MATCH($AE99,INDIRECT(ORÇAMENTO.BancoRef),0)),\"(Código não identificado nas referências)\",MATCH($AE99,INDIRECT(ORÇAMENTO.BancoRef),0))))","v":12192},{"$f":"ROUND(IF(DESONERACAO=\"sim\",REFERENCIA.Desonerado,REFERENCIA.NaoDesonerado),2)","v":356.96},0.25290000000000001,null,null,null,null,67.09,{"$f":"ROUND(ORÇAMENTO.CustoUnitario*(1+$AH99),2)","v":447.24}]
[1,1,1,12,{"$f":"IF($C100=1,OFFSET(E100,-1,0)+MAX(1,COUNTIF(QCI!$A$13:$A$36,OFFSET(ORÇAMENTO!E100,-1,0))),OFFSET(E100,-1,0))","v":6},0,0,0,0,372,{"$f":"IF(OR($C100=\"S\",$C100=0),0,MATCH(OFFSET($D100,0,$C100)+IF($C100<>1,1,COUNTIF(QCI!$A$13:$A$36,ORÇAMENTO!E100)),OFFSET($D100,1,$C100,ROW($C$472)-ROW($C100)),0))","v":12},"F","Meta","Meta","6.","SINAPI",null,{"$f":"IF($C100=\"S\",REFERENCIA.Descricao,\"COBERTURA\")","v":"COBERTURA"},{"$f":"REFERENCIA.Unidade","v":"-"},{"$f":"OFFSET(CÁLCULO!H$15,ROW($T100)-ROW(T$15),0)","v":0},null,"BDI 1",{"$f":"IF($C100=\"S\",ROUND(IF(TIPOORCAMENTO=\"Proposto\",ORÇAMENTO.CustoUnitario*(1+$AH100),ORÇAMENTO.PrecoUnitarioLicitado),15-13*$AF$10),0)","v":0},{"$f":"IF($C100=\"S\",IF(OR(Import.TipoArredondamento<>\"TransfereGOV\",ACOMPANHAMENTO=\"BM\"),VTOTAL1,SUM(OFFSET(CÁLCULO!$AI$15,ROW($X100)-ROW($X$15),1):OFFSET(CÁLCULO!$BB$15,ROW($X100)-ROW($X$15),-1))),IF($C100=0,0,ROUND(SomaAgrup,15-13*$AF$11)))","v":78623.72},"RA","",{"$f":"IF($C100=\"S\",IF($Z100=\"CP\",$X100,IF($Z100=\"RA\",(($X100)*QCI!$AA$3),0)),SomaAgrup)","v":6803.6016830952749},{"$f":"IF($C100=\"S\",IF($Z100=\"OU\",ROUND($X100,2),0),SomaAgrup)","v":0},{"$f":"IF($N100=\"\",\" \",\nIF(AND($C100<>\"S\",OR($R100=\"\",$R100=\"(digite a descrição aqui)\")),\"DESCRIÇÃO\",\nIF(AND($C100=\"S\",OR($Q100<>\"\",$T100>0,$U100>0),$P100=\"\"),\"FONTE\",\nIF(AND($C100=\"S\",$P100<>\"\",OR($T100>0,$U100>0),$Q100=\"\"),\"CÓDIGO\",\nIF(AND($C100=\"S\",$P100<>\"\",$Q100<>\"\",$R100=\"(Código não identificado nas referências)\"),\"CÓDIGO N/ID\",\nIF(AND($C100=\"S\",OR($R100=\"\",$R100=\"(digite a descrição aqui)\"),OR($Q100<>\"\",$T100>0,$U100>0)),\"DESCRIÇÃO\",\nIF(AND($C100=\"S\",$P100<>\"\",$Q100<>\"\",$S100=\"\"),\"UNIDADE\",\nIF(AND($C100=\"S\",$P100<>\"\",$Q100<>\"\",$U100=0),\"SEM CUSTO\",\nIF(AND(TIPOORCAMENTO=\"Licitado\",$AL100=0,$AN100>0),\"SEM PREÇO\",\nIF(AND($C100=\"S\",$P100<>\"\",$Q100<>\"\",$U100>0,AND($V100<>\"BDI 1\",$V100<>\"BDI 2\",$V100<>\"BDI 3\")),IF(ISNUMBER($V100),\"JUSTIFICAR BDI\",\"BDI\"),\nIF(OR(AND(import.recurso=\"OGU\",TIPOORCAMENTO=\"Proposto\",LEFT($O$8,5)<>\"(N/D:\",$AG100<>\"\",ORÇAMENTO.CustoUnitario>$AG100),AND(TIPOORCAMENTO=\"LICITADO\",ORÇAMENTO.PrecoUnitarioLicitado>$AN100)),\"ACIMA REF.\",\nIF(AND($C100=\"S\",$P100<>\"\",$Q100<>\"\",$T100=0,$U100>0),\"QUANT.\",\nIF(AND(Import.TipoArredondamento=\"TransfereGOV\",$L100=\"F\",$C100=\"S\",LEN($Q100)>13),\"Código >13\",\nIF(AND(Import.TipoArredondamento=\"TransfereGOV\",$L100=\"F\",$C100<>\"S\",LEN($R100)>100),\"Descrição >100\",\nIF(AND(Import.TipoArredondamento=\"TransfereGOV\",$L100=\"F\",$C100=\"S\",LEN($R100)>500),\"Descrição >500\",\nIF(AND(Import.TipoArredondamento=\"TransfereGOV\",$L100=\"F\",$C100=\"S\",LEFT(TRIM(UPPER($P100)),6)<>\"SINAPI\",ISNA(VLOOKUP(TRIM(UPPER($S100)),ListaTgov.Unidades,1,FALSE))),\"Unid. Não Disp\",\n\" \"))))))))))))))))","v":" "},{"$f":"IF(C100<=CRONO.NivelExibicao,MAX($AD$15:OFFSET(AD100,-1,0))+IF($C100<>1,1,MAX(1,COUNTIF(QCI!$A$13:$A$36,OFFSET($E100,-1,0)))),\"\")","v":17},{"$f":"IF(AND($C100=\"S\",ORÇAMENTO.CodBarra<>\"\"),IF(ORÇAMENTO.Fonte=\"\",ORÇAMENTO.CodBarra,CONCATENATE(ORÇAMENTO.Fonte,\" \",ORÇAMENTO.CodBarra)))","v":false},{"$f":"IF(ISERROR(ORÇAMENTO.BancoRef),\"(abra o arquivo 'Referência \"&Excel_BuiltIn_Database&\".xlsm)\",IF(OR($C100<>\"S\",ORÇAMENTO.CodBarra=\"\"),\"(Sem Código)\",IF(ISERROR(MATCH($AE100,INDIRECT(ORÇAMENTO.BancoRef),0)),\"(Código não identificado nas referências)\",MATCH($AE100,INDIRECT(ORÇAMENTO.BancoRef),0))))","v":"(Sem Código)"},{"$f":"ROUND(IF(DESONERACAO=\"sim\",REFERENCIA.Desonerado,REFERENCIA.NaoDesonerado),2)","v":0},0.25290000000000001,null,null,null,null,78623.72,{"$f":"ROUND(ORÇAMENTO.CustoUnitario*(1+$AH100),2)","v":0}]
[2,2,2,4,{"$f":"IF($C101=1,OFFSET(E101,-1,0)+MAX(1,COUNTIF(QCI!$A$13:$A$36,OFFSET(ORÇAMENTO!E101,-1,0))),OFFSET(E101,-1,0))","v":6},1,0,0,0,11,{"$f":"IF(OR($C101=\"S\",$C101=0),0,MATCH(OFFSET($D101,0,$C101)+IF($C101<>1,1,COUNTIF(QCI!$A$13:$A$36,ORÇAMENTO!E101)),OFFSET($D101,1,$C101,ROW($C$472)-ROW($C101)),0))","v":4},"F","Nível 2","Nível 2","6.1.","SINAPI",null,{"$f":"IF($C101=\"S\",REFERENCIA.Descricao,\"ESTRUTURA\")","v":"ESTRUTURA"},{"$f":"REFERENCIA.Unidade","v":"-"},{"$f":"OFFSET(CÁLCULO!H$15,ROW($T101)-ROW(T$15),0)","v":0},null,"BDI 1",{"$f":"IF($C101=\"S\",ROUND(IF(TIPOORCAMENTO=\"Proposto\",ORÇAMENTO.CustoUnitario*(1+$AH101),ORÇAMENTO.PrecoUnitarioLicitado),15-13*$AF$10),0)","v":0},{"$f":"IF($C101=\"S\",IF(OR(Import.TipoArredondamento<>\"TransfereGOV\",ACOMPANHAMENTO=\"BM\"),VTOTAL1,SUM(OFFSET(CÁLCULO!$AI$15,ROW($X101)-ROW($X$15),1):OFFSET(CÁLCULO!$BB$15,ROW($X101)-ROW($X$15),-1))),IF($C101=0,0,ROUND(SomaAgrup,15-13*$AF$11)))","v":32810.83},"RA","",{"$f":"IF($C101=\"S\",IF($Z101=\"CP\",$X101,IF($Z101=\"RA\",(($X101)*QCI!$AA$3),0)),SomaAgrup)","v":2839.2426383762172},{"$f":"IF($C101=\"S\",IF($Z101=\"OU\",ROUND($X101,2),0),SomaAgrup)","v":0},{"$f":"IF($N101=\"\",\" \",\nIF(AND($C101<>\"S\",OR($R101=\"\",$R101=\"(digite a descrição aqui)\")),\"DESCRIÇÃO\",\nIF(AND($C101=\"S\",OR($Q101<>\"\",$T101>0,$U101>0),$P101=\"\"),\"FONTE\",\nIF(AND($C101=\"S\",$P101<>\"\",OR($T101>0,$U101>0),$Q101=\"\"),\"CÓDIGO\",\nIF(AND($C101=\"S\",$P101<>\"\",$Q101<>\"\",$R101=\"(Código não identificado nas referências)\"),\"CÓDIGO N/ID\",\nIF(AND($C101=\"S\",OR($R101=\"\",$R101=\"(digite a descrição aqui)\"),OR($Q101<>\"\",$T101>0,$U101>0)),\"DESCRIÇÃO\",\nIF(AND($C101=\"S\",$P101<>\"\",$Q101<>\"\",$S101=\"\"),\"UNIDADE\",\nIF(AND($C101=\"S\",$P101<>\"\",$Q101<>\"\",$U101=0),\"SEM CUSTO\",\nIF(AND(TIPOORCAMENTO=\"Licitado\",$AL101=0,$AN101>0),\"SEM PREÇO\",\nIF(AND($C101=\"S\",$P101<>\"\",$Q101<>\"\",$U101>0,AND($V101<>\"BDI 1\",$V101<>\"BDI 2\",$V101<>\"BDI 3\")),IF(ISNUMBER($V101),\"JUSTIFICAR BDI\",\"BDI\"),\nIF(OR(AND(import.recurso=\"OGU\",TIPOORCAMENTO=\"Proposto\",LEFT($O$8,5)<>\"(N/D:\",$AG101<>\"\",ORÇAMENTO.CustoUnitario>$AG101),AND(TIPOORCAMENTO=\"LICITADO\",ORÇAMENTO.PrecoUnitarioLicitado>$AN101)),\"ACIMA REF.\",\nIF(AND($C101=\"S\",$P101<>\"\",$Q101<>\"\",$T101=0,$U101>0),\"QUANT.\",\nIF(AND(Import.TipoArredondamento=\"TransfereGOV\",$L101=\"F\",$C101=\"S\",LEN($Q101)>13),\"Código >13\",\nIF(AND(Import.TipoArredondamento=\"TransfereGOV\",$L101=\"F\",$C101<>\"S\",LEN($R101)>100),\"Descrição >100\",\nIF(AND(Import.TipoArredondamento=\"TransfereGOV\",$L101=\"F\",$C101=\"S\",LEN($R101)>500),\"Descrição >500\",\nIF(AND(Import.TipoArredondamento=\"TransfereGOV\",$L101=\"F\",$C101=\"S\",LEFT(TRIM(UPPER($P101)),6)<>\"SINAPI\",ISNA(VLOOKUP(TRIM(UPPER($S101)),ListaTgov.Unidades,1,FALSE))),\"Unid. Não Disp\",\n\" \"))))))))))))))))","v":" "},{"$f":"IF(C101<=CRONO.NivelExibicao,MAX($AD$15:OFFSET(AD101,-1,0))+IF($C101<>1,1,MAX(1,COUNTIF(QCI!$A$13:$A$36,OFFSET($E101,-1,0)))),\"\")","v":18},{"$f":"IF(AND($C101=\"S\",ORÇAMENTO.CodBarra<>\"\"),IF(ORÇAMENTO.Fonte=\"\",ORÇAMENTO.CodBarra,CONCATENATE(ORÇAMENTO.Fonte,\" \",ORÇAMENTO.CodBarra)))","v":false},{"$f":"IF(ISERROR(ORÇAMENTO.BancoRef),\"(abra o arquivo 'Referência \"&Excel_BuiltIn_Database&\".xlsm)\",IF(OR($C101<>\"S\",ORÇAMENTO.CodBarra=\"\"),\"(Sem Código)\",IF(ISERROR(MATCH($AE101,INDIRECT(ORÇAMENTO.BancoRef),0)),\"(Código não identificado nas referências)\",MATCH($AE101,INDIRECT(ORÇAMENTO.BancoRef),0))))","v":"(Sem Código)"},{"$f":"ROUND(IF(DESONERACAO=\"sim\",REFERENCIA.Desonerado,REFERENCIA.NaoDesonerado),2)","v":0},0.25290000000000001,null,null,null,null,32810.83,{"$f":"ROUND(ORÇAMENTO.CustoUnitario*(1+$AH101),2)","v":0}]
["S",2,"S",0,{"$f":"IF($C102=1,OFFSET(E102,-1,0)+MAX(1,COUNTIF(QCI!$A$13:$A$36,OFFSET(ORÇAMENTO!E102,-1,0))),OFFSET(E102,-1,0))","v":6},1,0,0,1,0,{"$f":"IF(OR($C102=\"S\",$C102=0),0,MATCH(OFFSET($D102,0,$C102)+IF($C102<>1,1,COUNTIF(QCI!$A$13:$A$36,ORÇAMENTO!E102)),OFFSET($D102,1,$C102,ROW($C$472)-ROW($C102)),0))","v":0},"F","Serviço","Serviço","6.1.0.1.","Composição","COMP18",{"$f":"IF($C102=\"S\",REFERENCIA.Descricao,\"(digite a descrição aqui)\")","v":"ESTRUTURA METÁLICA COM LIGAÇÕES PARAFUSADAS, INCLUSOS PERFIS METÁLICOS, CHAPAS METÁLICAS, MÃO DE OBRA E TRANSPORTE COM GUINDASTE - FORNECIMENTO E INSTALAÇÃO."},{"$f":"REFERENCIA.Unidade","v":"KG"},{"$f":"OFFSET(CÁLCULO!H$15,ROW($T102)-ROW(T$15),0)","v":391.46000000000004},{"$f":"AG102","v":10.48},"BDI 1",{"$f":"IF($C102=\"S\",ROUND(IF(TIPOORCAMENTO=\"Proposto\",ORÇAMENTO.CustoUnitario*(1+$AH102),ORÇAMENTO.PrecoUnitarioLicitado),15-13*$AF$10),0)","v":13.13},{"$f":"IF($C102=\"S\",IF(OR(Import.TipoArredondamento<>\"TransfereGOV\",ACOMPANHAMENTO=\"BM\"),VTOTAL1,SUM(OFFSET(CÁLCULO!$AI$15,ROW($X102)-ROW($X$15),1):OFFSET(CÁLCULO!$BB$15,ROW($X102)-ROW($X$15),-1))),IF($C102=0,0,ROUND(SomaAgrup,15-13*$AF$11)))","v":5139.8599999999997},"RA","RA",{"$f":"IF($C102=\"S\",IF($Z102=\"CP\",$X102,IF($Z102=\"RA\",(($X102)*QCI!$AA$3),0)),SomaAgrup)","v":444.77112183033415},{"$f":"IF($C102=\"S\",IF($Z102=\"OU\",ROUND($X102,2),0),SomaAgrup)","v":0},{"$f":"IF($N102=\"\",\" \",\nIF(AND($C102<>\"S\",OR($R102=\"\",$R102=\"(digite a descrição aqui)\")),\"DESCRIÇÃO\",\nIF(AND($C102=\"S\",OR($Q102<>\"\",$T102>0,$U102>0),$P102=\"\"),\"FONTE\",\nIF(AND($C102=\"S\",$P102<>\"\",OR($T102>0,$U102>0),$Q102=\"\"),\"CÓDIGO\",\nIF(AND($C102=\"S\",$P102<>\"\",$Q102<>\"\",$R102=\"(Código não identificado nas referências)\"),\"CÓDIGO N/ID\",\nIF(AND($C102=\"S\",OR($R102=\"\",$R102=\"(digite a descrição aqui)\"),OR($Q102<>\"\",$T102>0,$U102>0)),\"DESCRIÇÃO\",\nIF(AND($C102=\"S\",$P102<>\"\",$Q102<>\"\",$S102=\"\"),\"UNIDADE\",\nIF(AND($C102=\"S\",$P102<>\"\",$Q102<>\"\",$U102=0),\"SEM CUSTO\",\nIF(AND(TIPOORCAMENTO=\"Licitado\",$AL102=0,$AN102>0),\"SEM PREÇO\",\nIF(AND($C102=\"S\",$P102<>\"\",$Q102<>\"\",$U102>0,AND($V102<>\"BDI 1\",$V102<>\"BDI 2\",$V102<>\"BDI 3\")),IF(ISNUMBER($V102),\"JUSTIFICAR BDI\",\"BDI\"),\nIF(OR(AND(import.recurso=\"OGU\",TIPOORCAMENTO=\"Proposto\",LEFT($O$8,5)<>\"(N/D:\",$AG102<>\"\",ORÇAMENTO.CustoUnitario>$AG102),AND(TIPOORCAMENTO=\"LICITADO\",ORÇAMENTO.PrecoUnitarioLicitado>$AN102)),\"ACIMA REF.\",\nIF(AND($C102=\"S\",$P102<>\"\",$Q102<>\"\",$T102=0,$U102>0),\"QUANT.\",\nIF(AND(Import.TipoArredondamento=\"TransfereGOV\",$L102=\"F\",$C102=\"S\",LEN($Q102)>13),\"Código >13\",\nIF(AND(Import.TipoArredondamento=\"TransfereGOV\",$L102=\"F\",$C102<>\"S\",LEN($R102)>100),\"Descrição >100\",\nIF(AND(Import.TipoArredondamento=\"TransfereGOV\",$L102=\"F\",$C102=\"S\",LEN($R102)>500),\"Descrição >500\",\nIF(AND(Import.TipoArredondamento=\"TransfereGOV\",$L102=\"F\",$C102=\"S\",LEFT(TRIM(UPPER($P102)),6)<>\"SINAPI\",ISNA(VLOOKUP(TRIM(UPPER($S102)),ListaTgov.Unidades,1,FALSE))),\"Unid. Não Disp\",\n\" \"))))))))))))))))","v":" "},{"$f":"IF(C102<=CRONO.NivelExibicao,MAX($AD$15:OFFSET(AD102,-1,0))+IF($C102<>1,1,MAX(1,COUNTIF(QCI!$A$13:$A$36,OFFSET($E102,-1,0)))),\"\")","v":""},{"$f":"IF(AND($C102=\"S\",ORÇAMENTO.CodBarra<>\"\"),IF(ORÇAMENTO.Fonte=\"\",ORÇAMENTO.CodBarra,CONCATENATE(ORÇAMENTO.Fonte,\" \",ORÇAMENTO.CodBarra)))","v":"Composição COMP18"},{"$f":"IF(ISERROR(ORÇAMENTO.BancoRef),\"(abra o arquivo 'Referência \"&Excel_BuiltIn_Database&\".xlsm)\",IF(OR($C102<>\"S\",ORÇAMENTO.CodBarra=\"\"),\"(Sem Código)\",IF(ISERROR(MATCH($AE102,INDIRECT(ORÇAMENTO.BancoRef),0)),\"(Código não identificado nas referências)\",MATCH($AE102,INDIRECT(ORÇAMENTO.BancoRef),0))))","v":20},{"$f":"ROUND(IF(DESONERACAO=\"sim\",REFERENCIA.Desonerado,REFERENCIA.NaoDesonerado),2)","v":10.48},0.25290000000000001,null,null,null,null,5139.8599999999997,{"$f":"ROUND(ORÇAMENTO.CustoUnitario*(1+$AH102),2)","v":13.13}]
["S",2,"S",0,{"$f":"IF($C103=1,OFFSET(E103,-1,0)+MAX(1,COUNTIF(QCI!$A$13:$A$36,OFFSET(ORÇAMENTO!E103,-1,0))),OFFSET(E103,-1,0))","v":6},1,0,0,2,0,{"$f":"IF(OR($C103=\"S\",$C103=0),0,MATCH(OFFSET($D103,0,$C103)+IF($C103<>1,1,COUNTIF(QCI!$A$13:$A$36,ORÇAMENTO!E103)),OFFSET($D103,1,$C103,ROW($C$472)-ROW($C103)),0))","v":0},"F","Serviço","Serviço","6.1.0.2.","SINAPI","100383",{"$f":"IF($C103=\"S\",REFERENCIA.Descricao,\"(digite a descrição aqui)\")","v":"FABRICAÇÃO E INSTALAÇÃO DE PONTALETES DE MADEIRA NÃO APARELHADA PARA TELHADOS COM ATÉ 2 ÁGUAS E COM TELHA ONDULADA DE FIBROCIMENTO, ALUMÍNIO OU PLÁSTICA EM EDIFÍCIO RESIDENCIAL DE MÚLTIPLOS PAVIMENTOS, INCLUSO TRANSPORTE VERTICAL. AF_07/2019"},{"$f":"REFERENCIA.Unidade","v":"M2"},{"$f":"OFFSET(CÁLCULO!H$15,ROW($T103)-ROW(T$15),0)","v":359.40999999999997},{"$f":"AG103","v":31.72},"BDI 1",{"$f":"IF($C103=\"S\",ROUND(IF(TIPOORCAMENTO=\"Proposto\",ORÇAMENTO.CustoUnitario*(1+$AH103),ORÇAMENTO.PrecoUnitarioLicitado),15-13*$AF$10),0)","v":39.74},{"$f":"IF($C103=\"S\",IF(OR(Import.TipoArredondamento<>\"TransfereGOV\",ACOMPANHAMENTO=\"BM\"),VTOTAL1,SUM(OFFSET(CÁLCULO!$AI$15,ROW($X103)-ROW($X$15),1):OFFSET(CÁLCULO!$BB$15,ROW($X103)-ROW($X$15),-1))),IF($C103=0,0,ROUND(SomaAgrup,15-13*$AF$11)))","v":14282.95},"RA","RA",{"$f":"IF($C103=\"S\",IF($Z103=\"CP\",$X103,IF($Z103=\"RA\",(($X103)*QCI!$AA$3),0)),SomaAgrup)","v":1235.956561958219},{"$f":"IF($C103=\"S\",IF($Z103=\"OU\",ROUND($X103,2),0),SomaAgrup)","v":0},{"$f":"IF($N103=\"\",\" \",\nIF(AND($C103<>\"S\",OR($R103=\"\",$R103=\"(digite a descrição aqui)\")),\"DESCRIÇÃO\",\nIF(AND($C103=\"S\",OR($Q103<>\"\",$T103>0,$U103>0),$P103=\"\"),\"FONTE\",\nIF(AND($C103=\"S\",$P103<>\"\",OR($T103>0,$U103>0),$Q103=\"\"),\"CÓDIGO\",\nIF(AND($C103=\"S\",$P103<>\"\",$Q103<>\"\",$R103=\"(Código não identificado nas referências)\"),\"CÓDIGO N/ID\",\nIF(AND($C103=\"S\",OR($R103=\"\",$R103=\"(digite a descrição aqui)\"),OR($Q103<>\"\",$T103>0,$U103>0)),\"DESCRIÇÃO\",\nIF(AND($C103=\"S\",$P103<>\"\",$Q103<>\"\",$S103=\"\"),\"UNIDADE\",\nIF(AND($C103=\"S\",$P103<>\"\",$Q103<>\"\",$U103=0),\"SEM CUSTO\",\nIF(AND(TIPOORCAMENTO=\"Licitado\",$AL103=0,$AN103>0),\"SEM PREÇO\",\nIF(AND($C103=\"S\",$P103<>\"\",$Q103<>\"\",$U103>0,AND($V103<>\"BDI 1\",$V103<>\"BDI 2\",$V103<>\"BDI 3\")),IF(ISNUMBER($V103),\"JUSTIFICAR BDI\",\"BDI\"),\nIF(OR(AND(import.recurso=\"OGU\",TIPOORCAMENTO=\"Proposto\",LEFT($O$8,5)<>\"(N/D:\",$AG103<>\"\",ORÇAMENTO.CustoUnitario>$AG103),AND(TIPOORCAMENTO=\"LICITADO\",ORÇAMENTO.PrecoUnitarioLicitado>$AN103)),\"ACIMA REF.\",\nIF(AND($C103=\"S\",$P103<>\"\",$Q103<>\"\",$T103=0,$U103>0),\"QUANT.\",\nIF(AND(Import.TipoArredondamento=\"TransfereGOV\",$L103=\"F\",$C103=\"S\",LEN($Q103)>13),\"Código >13\",\nIF(AND(Import.TipoArredondamento=\"TransfereGOV\",$L103=\"F\",$C103<>\"S\",LEN($R103)>100),\"Descrição >100\",\nIF(AND(Import.TipoArredondamento=\"TransfereGOV\",$L103=\"F\",$C103=\"S\",LEN($R103)>500),\"Descrição >500\",\nIF(AND(Import.TipoArredondamento=\"TransfereGOV\",$L103=\"F\",$C103=\"S\",LEFT(TRIM(UPPER($P103)),6)<>\"SINAPI\",ISNA(VLOOKUP(TRIM(UPPER($S103)),ListaTgov.Unidades,1,FALSE))),\"Unid. Não Disp\",\n\" \"))))))))))))))))","v":" "},{"$f":"IF(C103<=CRONO.NivelExibicao,MAX($AD$15:OFFSET(AD103,-1,0))+IF($C103<>1,1,MAX(1,COUNTIF(QCI!$A$13:$A$36,OFFSET($E103,-1,0)))),\"\")","v":""},{"$f":"IF(AND($C103=\"S\",ORÇAMENTO.CodBarra<>\"\"),IF(ORÇAMENTO.Fonte=\"\",ORÇAMENTO.CodBarra,CONCATENATE(ORÇAMENTO.Fonte,\" \",ORÇAMENTO.CodBarra)))","v":"SINAPI 100383"},{"$f":"IF(ISERROR(ORÇAMENTO.BancoRef),\"(abra o arquivo 'Referência \"&Excel_BuiltIn_Database&\".xlsm)\",IF(OR($C103<>\"S\",ORÇAMENTO.CodBarra=\"\"),\"(Sem Código)\",IF(ISERROR(MATCH($AE103,INDIRECT(ORÇAMENTO.BancoRef),0)),\"(Código não identificado nas referências)\",MATCH($AE103,INDIRECT(ORÇAMENTO.BancoRef),0))))","v":9922},{"$f":"ROUND(IF(DESONERACAO=\"sim\",REFERENCIA.Desonerado,REFERENCIA.NaoDesonerado),2)","v":31.72},0.25290000000000001,null,null,null,null,14282.95,{"$f":"ROUND(ORÇAMENTO.CustoUnitario*(1+$AH103),2)","v":39.74}]
["S",2,"S",0,{"$f":"IF($C104=1,OFFSET(E104,-1,0)+MAX(1,COUNTIF(QCI!$A$13:$A$36,OFFSET(ORÇAMENTO!E104,-1,0))),OFFSET(E104,-1,0))","v":6},1,0,0,3,0,{"$f":"IF(OR($C104=\"S\",$C104=0),0,MATCH(OFFSET($D104,0,$C104)+IF($C104<>1,1,COUNTIF(QCI!$A$13:$A$36,ORÇAMENTO!E104)),OFFSET($D104,1,$C104,ROW($C$472)-ROW($C104)),0))","v":0},"F","Serviço","Serviço","6.1.0.3.","SINAPI","92543",{"$f":"IF($C104=\"S\",REFERENCIA.Descricao,\"(digite a descrição aqui)\")","v":"TRAMA DE MADEIRA COMPOSTA POR TERÇAS PARA TELHADOS DE ATÉ 2 ÁGUAS PARA TELHA ONDULADA DE FIBROCIMENTO, METÁLICA, PLÁSTICA OU TERMOACÚSTICA, INCLUSO TRANSPORTE VERTICAL. AF_07/2019"},{"$f":"REFERENCIA.Unidade","v":"M2"},{"$f":"OFFSET(CÁLCULO!H$15,ROW($T104)-ROW(T$15),0)","v":359.40999999999997},{"$f":"AG104","v":29.73},"BDI 1",{"$f":"IF($C104=\"S\",ROUND(IF(TIPOORCAMENTO=\"Proposto\",ORÇAMENTO.CustoUnitario*(1+$AH104),ORÇAMENTO.PrecoUnitarioLicitado),15-13*$AF$10),0)","v":37.25},{"$f":"IF($C104=\"S\",IF(OR(Import.TipoArredondamento<>\"TransfereGOV\",ACOMPANHAMENTO=\"BM\"),VTOTAL1,SUM(OFFSET(CÁLCULO!$AI$15,ROW($X104)-ROW($X$15),1):OFFSET(CÁLCULO!$BB$15,ROW($X104)-ROW($X$15),-1))),IF($C104=0,0,ROUND(SomaAgrup,15-13*$AF$11)))","v":13388.02},"RA","RA",{"$f":"IF($C104=\"S\",IF($Z104=\"CP\",$X104,IF($Z104=\"RA\",(($X104)*QCI!$AA$3),0)),SomaAgrup)","v":1158.5149545876641},{"$f":"IF($C104=\"S\",IF($Z104=\"OU\",ROUND($X104,2),0),SomaAgrup)","v":0},{"$f":"IF($N104=\"\",\" \",\nIF(AND($C104<>\"S\",OR($R104=\"\",$R104=\"(digite a descrição aqui)\")),\"DESCRIÇÃO\",\nIF(AND($C104=\"S\",OR($Q104<>\"\",$T104>0,$U104>0),$P104=\"\"),\"FONTE\",\nIF(AND($C104=\"S\",$P104<>\"\",OR($T104>0,$U104>0),$Q104=\"\"),\"CÓDIGO\",\nIF(AND($C104=\"S\",$P104<>\"\",$Q104<>\"\",$R104=\"(Código não identificado nas referências)\"),\"CÓDIGO N/ID\",\nIF(AND($C104=\"S\",OR($R104=\"\",$R104=\"(digite a descrição aqui)\"),OR($Q104<>\"\",$T104>0,$U104>0)),\"DESCRIÇÃO\",\nIF(AND($C104=\"S\",$P104<>\"\",$Q104<>\"\",$S104=\"\"),\"UNIDADE\",\nIF(AND($C104=\"S\",$P104<>\"\",$Q104<>\"\",$U104=0),\"SEM CUSTO\",\nIF(AND(TIPOORCAMENTO=\"Licitado\",$AL104=0,$AN104>0),\"SEM PREÇO\",\nIF(AND($C104=\"S\",$P104<>\"\",$Q104<>\"\",$U104>0,AND($V104<>\"BDI 1\",$V104<>\"BDI 2\",$V104<>\"BDI 3\")),IF(ISNUMBER($V104),\"JUSTIFICAR BDI\",\"BDI\"),\nIF(OR(AND(import.recurso=\"OGU\",TIPOORCAMENTO=\"Proposto\",LEFT($O$8,5)<>\"(N/D:\",$AG104<>\"\",ORÇAMENTO.CustoUnitario>$AG104),AND(TIPOORCAMENTO=\"LICITADO\",ORÇAMENTO.PrecoUnitarioLicitado>$AN104)),\"ACIMA REF.\",\nIF(AND($C104=\"S\",$P104<>\"\",$Q104<>\"\",$T104=0,$U104>0),\"QUANT.\",\nIF(AND(Import.TipoArredondamento=\"TransfereGOV\",$L104=\"F\",$C104=\"S\",LEN($Q104)>13),\"Código >13\",\nIF(AND(Import.TipoArredondamento=\"TransfereGOV\",$L104=\"F\",$C104<>\"S\",LEN($R104)>100),\"Descrição >100\",\nIF(AND(Import.TipoArredondamento=\"TransfereGOV\",$L104=\"F\",$C104=\"S\",LEN($R104)>500),\"Descrição >500\",\nIF(AND(Import.TipoArredondamento=\"TransfereGOV\",$L104=\"F\",$C104=\"S\",LEFT(TRIM(UPPER($P104)),6)<>\"SINAPI\",ISNA(VLOOKUP(TRIM(UPPER($S104)),ListaTgov.Unidades,1,FALSE))),\"Unid. Não Disp\",\n\" \"))))))))))))))))","v":" "},{"$f":"IF(C104<=CRONO.NivelExibicao,MAX($AD$15:OFFSET(AD104,-1,0))+IF($C104<>1,1,MAX(1,COUNTIF(QCI!$A$13:$A$36,OFFSET($E104,-1,0)))),\"\")","v":""},{"$f":"IF(AND($C104=\"S\",ORÇAMENTO.CodBarra<>\"\"),IF(ORÇAMENTO.Fonte=\"\",ORÇAMENTO.CodBarra,CONCATENATE(ORÇAMENTO.Fonte,\" \",ORÇAMENTO.CodBarra)))","v":"SINAPI 92543"},{"$f":"IF(ISERROR(ORÇAMENTO.BancoRef),\"(abra o arquivo 'Referência \"&Excel_BuiltIn_Database&\".xlsm)\",IF(OR($C104<>\"S\",ORÇAMENTO.CodBarra=\"\"),\"(Sem Código)\",IF(ISERROR(MATCH($AE104,INDIRECT(ORÇAMENTO.BancoRef),0)),\"(Código não identificado nas referências)\",MATCH($AE104,INDIRECT(ORÇAMENTO.BancoRef),0))))","v":10005},{"$f":"ROUND(IF(DESONERACAO=\"sim\",REFERENCIA.Desonerado,REFERENCIA.NaoDesonerado),2)","v":29.73},0.25290000000000001,null,null,null,null,13388.02,{"$f":"ROUND(ORÇAMENTO.CustoUnitario*(1+$AH104),2)","v":37.25}]
[2,2,2,3,{"$f":"IF($C105=1,OFFSET(E105,-1,0)+MAX(1,COUNTIF(QCI!$A$13:$A$36,OFFSET(ORÇAMENTO!E105,-1,0))),OFFSET(E105,-1,0))","v":6},2,0,0,0,7,{"$f":"IF(OR($C105=\"S\",$C105=0),0,MATCH(OFFSET($D105,0,$C105)+IF($C105<>1,1,COUNTIF(QCI!$A$13:$A$36,ORÇAMENTO!E105)),OFFSET($D105,1,$C105,ROW($C$472)-ROW($C105)),0))","v":3},"F","Nível 2","Nível 2","6.2.","SINAPI",null,{"$f":"IF($C105=\"S\",REFERENCIA.Descricao,\"TELHAMENTO\")","v":"TELHAMENTO"},{"$f":"REFERENCIA.Unidade","v":"-"},{"$f":"OFFSET(CÁLCULO!H$15,ROW($T105)-ROW(T$15),0)","v":0},null,"BDI 1",{"$f":"IF($C105=\"S\",ROUND(IF(TIPOORCAMENTO=\"Proposto\",ORÇAMENTO.CustoUnitario*(1+$AH105),ORÇAMENTO.PrecoUnitarioLicitado),15-13*$AF$10),0)","v":0},{"$f":"IF($C105=\"S\",IF(OR(Import.TipoArredondamento<>\"TransfereGOV\",ACOMPANHAMENTO=\"BM\"),VTOTAL1,SUM(OFFSET(CÁLCULO!$AI$15,ROW($X105)-ROW($X$15),1):OFFSET(CÁLCULO!$BB$15,ROW($X105)-ROW($X$15),-1))),IF($C105=0,0,ROUND(SomaAgrup,15-13*$AF$11)))","v":22287.66},"RA","",{"$f":"IF($C105=\"S\",IF($Z105=\"CP\",$X105,IF($Z105=\"RA\",(($X105)*QCI!$AA$3),0)),SomaAgrup)","v":1928.633764572005},{"$f":"IF($C105=\"S\",IF($Z105=\"OU\",ROUND($X105,2),0),SomaAgrup)","v":0},{"$f":"IF($N105=\"\",\" \",\nIF(AND($C105<>\"S\",OR($R105=\"\",$R105=\"(digite a descrição aqui)\")),\"DESCRIÇÃO\",\nIF(AND($C105=\"S\",OR($Q105<>\"\",$T105>0,$U105>0),$P105=\"\"),\"FONTE\",\nIF(AND($C105=\"S\",$P105<>\"\",OR($T105>0,$U105>0),$Q105=\"\"),\"CÓDIGO\",\nIF(AND($C105=\"S\",$P105<>\"\",$Q105<>\"\",$R105=\"(Código não identificado nas referências)\"),\"CÓDIGO N/ID\",\nIF(AND($C105=\"S\",OR($R105=\"\",$R105=\"(digite a descrição aqui)\"),OR($Q105<>\"\",$T105>0,$U105>0)),\"DESCRIÇÃO\",\nIF(AND($C105=\"S\",$P105<>\"\",$Q105<>\"\",$S105=\"\"),\"UNIDADE\",\nIF(AND($C105=\"S\",$P105<>\"\",$Q105<>\"\",$U105=0),\"SEM CUSTO\",\nIF(AND(TIPOORCAMENTO=\"Licitado\",$AL105=0,$AN105>0),\"SEM PREÇO\",\nIF(AND($C105=\"S\",$P105<>\"\",$Q105<>\"\",$U105>0,AND($V105<>\"BDI 1\",$V105<>\"BDI 2\",$V105<>\"BDI 3\")),IF(ISNUMBER($V105),\"JUSTIFICAR BDI\",\"BDI\"),\nIF(OR(AND(import.recurso=\"OGU\",TIPOORCAMENTO=\"Proposto\",LEFT($O$8,5)<>\"(N/D:\",$AG105<>\"\",ORÇAMENTO.CustoUnitario>$AG105),AND(TIPOORCAMENTO=\"LICITADO\",ORÇAMENTO.PrecoUnitarioLicitado>$AN105)),\"ACIMA REF.\",\nIF(AND($C105=\"S\",$P105<>\"\",$Q105<>\"\",$T105=0,$U105>0),\"QUANT.\",\nIF(AND(Import.TipoArredondamento=\"TransfereGOV\",$L105=\"F\",$C105=\"S\",LEN($Q105)>13),\"Código >13\",\nIF(AND(Import.TipoArredondamento=\"TransfereGOV\",$L105=\"F\",$C105<>\"S\",LEN($R105)>100),\"Descrição >100\",\nIF(AND(Import.TipoArredondamento=\"TransfereGOV\",$L105=\"F\",$C105=\"S\",LEN($R105)>500),\"Descrição >500\",\nIF(AND(Import.TipoArredondamento=\"TransfereGOV\",$L105=\"F\",$C105=\"S\",LEFT(TRIM(UPPER($P105)),6)<>\"SINAPI\",ISNA(VLOOKUP(TRIM(UPPER($S105)),ListaTgov.Unidades,1,FALSE))),\"Unid. Não Disp\",\n\" \"))))))))))))))))","v":" "},{"$f":"IF(C105<=CRONO.NivelExibicao,MAX($AD$15:OFFSET(AD105,-1,0))+IF($C105<>1,1,MAX(1,COUNTIF(QCI!$A$13:$A$36,OFFSET($E105,-1,0)))),\"\")","v":19},{"$f":"IF(AND($C105=\"S\",ORÇAMENTO.CodBarra<>\"\"),IF(ORÇAMENTO.Fonte=\"\",ORÇAMENTO.CodBarra,CONCATENATE(ORÇAMENTO.Fonte,\" \",ORÇAMENTO.CodBarra)))","v":false},{"$f":"IF(ISERROR(ORÇAMENTO.BancoRef),\"(abra o arquivo 'Referência \"&Excel_BuiltIn_Database&\".xlsm)\",IF(OR($C105<>\"S\",ORÇAMENTO.CodBarra=\"\"),\"(Sem Código)\",IF(ISERROR(MATCH($AE105,INDIRECT(ORÇAMENTO.BancoRef),0)),\"(Código não identificado nas referências)\",MATCH($AE105,INDIRECT(ORÇAMENTO.BancoRef),0))))","v":"(Sem Código)"},{"$f":"ROUND(IF(DESONERACAO=\"sim\",REFERENCIA.Desonerado,REFERENCIA.NaoDesonerado),2)","v":0},0.25290000000000001,null,null,null,null,22287.66,{"$f":"ROUND(ORÇAMENTO.CustoUnitario*(1+$AH105),2)","v":0}]
["S",2,"S",0,{"$f":"IF($C106=1,OFFSET(E106,-1,0)+MAX(1,COUNTIF(QCI!$A$13:$A$36,OFFSET(ORÇAMENTO!E106,-1,0))),OFFSET(E106,-1,0))","v":6},2,0,0,1,0,{"$f":"IF(OR($C106=\"S\",$C106=0),0,MATCH(OFFSET($D106,0,$C106)+IF($C106<>1,1,COUNTIF(QCI!$A$13:$A$36,ORÇAMENTO!E106)),OFFSET($D106,1,$C106,ROW($C$472)-ROW($C106)),0))","v":0},"F","Serviço","Serviço","6.2.0.1.","SINAPI","94207",{"$f":"IF($C106=\"S\",REFERENCIA.Descricao,\"(digite a descrição aqui)\")","v":"TELHAMENTO COM TELHA ONDULADA DE FIBROCIMENTO E = 6 MM, COM RECOBRIMENTO LATERAL DE 1/4 DE ONDA PARA TELHADO COM INCLINAÇÃO MAIOR QUE 10°, COM ATÉ 2 ÁGUAS, INCLUSO IÇAMENTO. AF_07/2019"},{"$f":"REFERENCIA.Unidade","v":"M2"},{"$f":"OFFSET(CÁLCULO!H$15,ROW($T106)-ROW(T$15),0)","v":359.40999999999997},{"$f":"AG106","v":40.67},"BDI 1",{"$f":"IF($C106=\"S\",ROUND(IF(TIPOORCAMENTO=\"Proposto\",ORÇAMENTO.CustoUnitario*(1+$AH106),ORÇAMENTO.PrecoUnitarioLicitado),15-13*$AF$10),0)","v":50.96},{"$f":"IF($C106=\"S\",IF(OR(Import.TipoArredondamento<>\"TransfereGOV\",ACOMPANHAMENTO=\"BM\"),VTOTAL1,SUM(OFFSET(CÁLCULO!$AI$15,ROW($X106)-ROW($X$15),1):OFFSET(CÁLCULO!$BB$15,ROW($X106)-ROW($X$15),-1))),IF($C106=0,0,ROUND(SomaAgrup,15-13*$AF$11)))","v":18315.54},"RA","RA",{"$f":"IF($C106=\"S\",IF($Z106=\"CP\",$X106,IF($Z106=\"RA\",(($X106)*QCI!$AA$3),0)),SomaAgrup)","v":1584.9115097937217},{"$f":"IF($C106=\"S\",IF($Z106=\"OU\",ROUND($X106,2),0),SomaAgrup)","v":0},{"$f":"IF($N106=\"\",\" \",\nIF(AND($C106<>\"S\",OR($R106=\"\",$R106=\"(digite a descrição aqui)\")),\"DESCRIÇÃO\",\nIF(AND($C106=\"S\",OR($Q106<>\"\",$T106>0,$U106>0),$P106=\"\"),\"FONTE\",\nIF(AND($C106=\"S\",$P106<>\"\",OR($T106>0,$U106>0),$Q106=\"\"),\"CÓDIGO\",\nIF(AND($C106=\"S\",$P106<>\"\",$Q106<>\"\",$R106=\"(Código não identificado nas referências)\"),\"CÓDIGO N/ID\",\nIF(AND($C106=\"S\",OR($R106=\"\",$R106=\"(digite a descrição aqui)\"),OR($Q106<>\"\",$T106>0,$U106>0)),\"DESCRIÇÃO\",\nIF(AND($C106=\"S\",$P106<>\"\",$Q106<>\"\",$S106=\"\"),\"UNIDADE\",\nIF(AND($C106=\"S\",$P106<>\"\",$Q106<>\"\",$U106=0),\"SEM CUSTO\",\nIF(AND(TIPOORCAMENTO=\"Licitado\",$AL106=0,$AN106>0),\"SEM PREÇO\",\nIF(AND($C106=\"S\",$P106<>\"\",$Q106<>\"\",$U106>0,AND($V106<>\"BDI 1\",$V106<>\"BDI 2\",$V106<>\"BDI 3\")),IF(ISNUMBER($V106),\"JUSTIFICAR BDI\",\"BDI\"),\nIF(OR(AND(import.recurso=\"OGU\",TIPOORCAMENTO=\"Proposto\",LEFT($O$8,5)<>\"(N/D:\",$AG106<>\"\",ORÇAMENTO.CustoUnitario>$AG106),AND(TIPOORCAMENTO=\"LICITADO\",ORÇAMENTO.PrecoUnitarioLicitado>$AN106)),\"ACIMA REF.\",\nIF(AND($C106=\"S\",$P106<>\"\",$Q106<>\"\",$T106=0,$U106>0),\"QUANT.\",\nIF(AND(Import.TipoArredondamento=\"TransfereGOV\",$L106=\"F\",$C106=\"S\",LEN($Q106)>13),\"Código >13\",\nIF(AND(Import.TipoArredondamento=\"TransfereGOV\",$L106=\"F\",$C106<>\"S\",LEN($R106)>100),\"Descrição >100\",\nIF(AND(Import.TipoArredondamento=\"TransfereGOV\",$L106=\"F\",$C106=\"S\",LEN($R106)>500),\"Descrição >500\",\nIF(AND(Import.TipoArredondamento=\"TransfereGOV\",$L106=\"F\",$C106=\"S\",LEFT(TRIM(UPPER($P106)),6)<>\"SINAPI\",ISNA(VLOOKUP(TRIM(UPPER($S106)),ListaTgov.Unidades,1,FALSE))),\"Unid. Não Disp\",\n\" \"))))))))))))))))","v":" "},{"$f":"IF(C106<=CRONO.NivelExibicao,MAX($AD$15:OFFSET(AD106,-1,0))+IF($C106<>1,1,MAX(1,COUNTIF(QCI!$A$13:$A$36,OFFSET($E106,-1,0)))),\"\")","v":""},{"$f":"IF(AND($C106=\"S\",ORÇAMENTO.CodBarra<>\"\"),IF(ORÇAMENTO.Fonte=\"\",ORÇAMENTO.CodBarra,CONCATENATE(ORÇAMENTO.Fonte,\" \",ORÇAMENTO.CodBarra)))","v":"SINAPI 94207"},{"$f":"IF(ISERROR(ORÇAMENTO.BancoRef),\"(abra o arquivo 'Referência \"&Excel_BuiltIn_Database&\".xlsm)\",IF(OR($C106<>\"S\",ORÇAMENTO.CodBarra=\"\"),\"(Sem Código)\",IF(ISERROR(MATCH($AE106,INDIRECT(ORÇAMENTO.BancoRef),0)),\"(Código não identificado nas referências)\",MATCH($AE106,INDIRECT(ORÇAMENTO.BancoRef),0))))","v":15353},{"$f":"ROUND(IF(DESONERACAO=\"sim\",REFERENCIA.Desonerado,REFERENCIA.NaoDesonerado),2)","v":40.67},0.25290000000000001,null,null,null,null,18315.54,{"$f":"ROUND(ORÇAMENTO.CustoUnitario*(1+$AH106),2)","v":50.96}]
["S",2,"S",0,{"$f":"IF($C107=1,OFFSET(E107,-1,0)+MAX(1,COUNTIF(QCI!$A$13:$A$36,OFFSET(ORÇAMENTO!E107,-1,0))),OFFSET(E107,-1,0))","v":6},2,0,0,2,0,{"$f":"IF(OR($C107=\"S\",$C107=0),0,MATCH(OFFSET($D107,0,$C107)+IF($C107<>1,1,COUNTIF(QCI!$A$13:$A$36,ORÇAMENTO!E107)),OFFSET($D107,1,$C107,ROW($C$472)-ROW($C107)),0))","v":0},"F","Serviço","Serviço","6.2.0.2.","Composição","COMP19",{"$f":"IF($C107=\"S\",REFERENCIA.Descricao,\"(digite a descrição aqui)\")","v":"COBERTURA EM CHAPA POLICARBONATO ALVEOLAR 10MM"},{"$f":"REFERENCIA.Unidade","v":"M2"},{"$f":"OFFSET(CÁLCULO!H$15,ROW($T107)-ROW(T$15),0)","v":31.6},{"$f":"AG107","v":100.33},"BDI 1",{"$f":"IF($C107=\"S\",ROUND(IF(TIPOORCAMENTO=\"Proposto\",ORÇAMENTO.CustoUnitario*(1+$AH107),ORÇAMENTO.PrecoUnitarioLicitado),15-13*$AF$10),0)","v":125.7},{"$f":"IF($C107=\"S\",IF(OR(Import.TipoArredondamento<>\"TransfereGOV\",ACOMPANHAMENTO=\"BM\"),VTOTAL1,SUM(OFFSET(CÁLCULO!$AI$15,ROW($X107)-ROW($X$15),1):OFFSET(CÁLCULO!$BB$15,ROW($X107)-ROW($X$15),-1))),IF($C107=0,0,ROUND(SomaAgrup,15-13*$AF$11)))","v":3972.12},"RA","RA",{"$f":"IF($C107=\"S\",IF($Z107=\"CP\",$X107,IF($Z107=\"RA\",(($X107)*QCI!$AA$3),0)),SomaAgrup)","v":343.72225477828323},{"$f":"IF($C107=\"S\",IF($Z107=\"OU\",ROUND($X107,2),0),SomaAgrup)","v":0},{"$f":"IF($N107=\"\",\" \",\nIF(AND($C107<>\"S\",OR($R107=\"\",$R107=\"(digite a descrição aqui)\")),\"DESCRIÇÃO\",\nIF(AND($C107=\"S\",OR($Q107<>\"\",$T107>0,$U107>0),$P107=\"\"),\"FONTE\",\nIF(AND($C107=\"S\",$P107<>\"\",OR($T107>0,$U107>0),$Q107=\"\"),\"CÓDIGO\",\nIF(AND($C107=\"S\",$P107<>\"\",$Q107<>\"\",$R107=\"(Código não identificado nas referências)\"),\"CÓDIGO N/ID\",\nIF(AND($C107=\"S\",OR($R107=\"\",$R107=\"(digite a descrição aqui)\"),OR($Q107<>\"\",$T107>0,$U107>0)),\"DESCRIÇÃO\",\nIF(AND($C107=\"S\",$P107<>\"\",$Q107<>\"\",$S107=\"\"),\"UNIDADE\",\nIF(AND($C107=\"S\",$P107<>\"\",$Q107<>\"\",$U107=0),\"SEM CUSTO\",\nIF(AND(TIPOORCAMENTO=\"Licitado\",$AL107=0,$AN107>0),\"SEM PREÇO\",\nIF(AND($C107=\"S\",$P107<>\"\",$Q107<>\"\",$U107>0,AND($V107<>\"BDI 1\",$V107<>\"BDI 2\",$V107<>\"BDI 3\")),IF(ISNUMBER($V107),\"JUSTIFICAR BDI\",\"BDI\"),\nIF(OR(AND(import.recurso=\"OGU\",TIPOORCAMENTO=\"Proposto\",LEFT($O$8,5)<>\"(N/D:\",$AG107<>\"\",ORÇAMENTO.CustoUnitario>$AG107),AND(TIPOORCAMENTO=\"LICITADO\",ORÇAMENTO.PrecoUnitarioLicitado>$AN107)),\"ACIMA REF.\",\nIF(AND($C107=\"S\",$P107<>\"\",$Q107<>\"\",$T107=0,$U107>0),\"QUANT.\",\nIF(AND(Import.TipoArredondamento=\"TransfereGOV\",$L107=\"F\",$C107=\"S\",LEN($Q107)>13),\"Código >13\",\nIF(AND(Import.TipoArredondamento=\"TransfereGOV\",$L107=\"F\",$C107<>\"S\",LEN($R107)>100),\"Descrição >100\",\nIF(AND(Import.TipoArredondamento=\"TransfereGOV\",$L107=\"F\",$C107=\"S\",LEN($R107)>500),\"Descrição >500\",\nIF(AND(Import.TipoArredondamento=\"TransfereGOV\",$L107=\"F\",$C107=\"S\",LEFT(TRIM(UPPER($P107)),6)<>\"SINAPI\",ISNA(VLOOKUP(TRIM(UPPER($S107)),ListaTgov.Unidades,1,FALSE))),\"Unid. Não Disp\",\n\" \"))))))))))))))))","v":" "},{"$f":"IF(C107<=CRONO.NivelExibicao,MAX($AD$15:OFFSET(AD107,-1,0))+IF($C107<>1,1,MAX(1,COUNTIF(QCI!$A$13:$A$36,OFFSET($E107,-1,0)))),\"\")","v":""},{"$f":"IF(AND($C107=\"S\",ORÇAMENTO.CodBarra<>\"\"),IF(ORÇAMENTO.Fonte=\"\",ORÇAMENTO.CodBarra,CONCATENATE(ORÇAMENTO.Fonte,\" \",ORÇAMENTO.CodBarra)))","v":"Composição COMP19"},{"$f":"IF(ISERROR(ORÇAMENTO.BancoRef),\"(abra o arquivo 'Referência \"&Excel_BuiltIn_Database&\".xlsm)\",IF(OR($C107<>\"S\",ORÇAMENTO.CodBarra=\"\"),\"(Sem Código)\",IF(ISERROR(MATCH($AE107,INDIRECT(ORÇAMENTO.BancoRef),0)),\"(Código não identificado nas referências)\",MATCH($AE107,INDIRECT(ORÇAMENTO.BancoRef),0))))","v":21},{"$f":"ROUND(IF(DESONERACAO=\"sim\",REFERENCIA.Desonerado,REFERENCIA.NaoDesonerado),2)","v":100.33},0.25290000000000001,null,null,null,null,3972.12,{"$f":"ROUND(ORÇAMENTO.CustoUnitario*(1+$AH107),2)","v":125.7}]
[2,2,2,4,{"$f":"IF($C108=1,OFFSET(E108,-1,0)+MAX(1,COUNTIF(QCI!$A$13:$A$36,OFFSET(ORÇAMENTO!E108,-1,0))),OFFSET(E108,-1,0))","v":6},3,0,0,0,4,{"$f":"IF(OR($C108=\"S\",$C108=0),0,MATCH(OFFSET($D108,0,$C108)+IF($C108<>1,1,COUNTIF(QCI!$A$13:$A$36,ORÇAMENTO!E108)),OFFSET($D108,1,$C108,ROW($C$472)-ROW($C108)),0))","v":31},"F","Nível 2","Nível 2","6.3.","SINAPI",null,{"$f":"IF($C108=\"S\",REFERENCIA.Descricao,\"COMPLEMENTOS\")","v":"COMPLEMENTOS"},{"$f":"REFERENCIA.Unidade","v":"-"},{"$f":"OFFSET(CÁLCULO!H$15,ROW($T108)-ROW(T$15),0)","v":0},null,"BDI 1",{"$f":"IF($C108=\"S\",ROUND(IF(TIPOORCAMENTO=\"Proposto\",ORÇAMENTO.CustoUnitario*(1+$AH108),ORÇAMENTO.PrecoUnitarioLicitado),15-13*$AF$10),0)","v":0},{"$f":"IF($C108=\"S\",IF(OR(Import.TipoArredondamento<>\"TransfereGOV\",ACOMPANHAMENTO=\"BM\"),VTOTAL1,SUM(OFFSET(CÁLCULO!$AI$15,ROW($X108)-ROW($X$15),1):OFFSET(CÁLCULO!$BB$15,ROW($X108)-ROW($X$15),-1))),IF($C108=0,0,ROUND(SomaAgrup,15-13*$AF$11)))","v":23525.23},"RA","",{"$f":"IF($C108=\"S\",IF($Z108=\"CP\",$X108,IF($Z108=\"RA\",(($X108)*QCI!$AA$3),0)),SomaAgrup)","v":2035.7252801470531},{"$f":"IF($C108=\"S\",IF($Z108=\"OU\",ROUND($X108,2),0),SomaAgrup)","v":0},{"$f":"IF($N108=\"\",\" \",\nIF(AND($C108<>\"S\",OR($R108=\"\",$R108=\"(digite a descrição aqui)\")),\"DESCRIÇÃO\",\nIF(AND($C108=\"S\",OR($Q108<>\"\",$T108>0,$U108>0),$P108=\"\"),\"FONTE\",\nIF(AND($C108=\"S\",$P108<>\"\",OR($T108>0,$U108>0),$Q108=\"\"),\"CÓDIGO\",\nIF(AND($C108=\"S\",$P108<>\"\",$Q108<>\"\",$R108=\"(Código não identificado nas referências)\"),\"CÓDIGO N/ID\",\nIF(AND($C108=\"S\",OR($R108=\"\",$R108=\"(digite a descrição aqui)\"),OR($Q108<>\"\",$T108>0,$U108>0)),\"DESCRIÇÃO\",\nIF(AND($C108=\"S\",$P108<>\"\",$Q108<>\"\",$S108=\"\"),\"UNIDADE\",\nIF(AND($C108=\"S\",$P108<>\"\",$Q108<>\"\",$U108=0),\"SEM CUSTO\",\nIF(AND(TIPOORCAMENTO=\"Licitado\",$AL108=0,$AN108>0),\"SEM PREÇO\",\nIF(AND($C108=\"S\",$P108<>\"\",$Q108<>\"\",$U108>0,AND($V108<>\"BDI 1\",$V108<>\"BDI 2\",$V108<>\"BDI 3\")),IF(ISNUMBER($V108),\"JUSTIFICAR BDI\",\"BDI\"),\nIF(OR(AND(import.recurso=\"OGU\",TIPOORCAMENTO=\"Proposto\",LEFT($O$8,5)<>\"(N/D:\",$AG108<>\"\",ORÇAMENTO.CustoUnitario>$AG108),AND(TIPOORCAMENTO=\"LICITADO\",ORÇAMENTO.PrecoUnitarioLicitado>$AN108)),\"ACIMA REF.\",\nIF(AND($C108=\"S\",$P108<>\"\",$Q108<>\"\",$T108=0,$U108>0),\"QUANT.\",\nIF(AND(Import.TipoArredondamento=\"TransfereGOV\",$L108=\"F\",$C108=\"S\",LEN($Q108)>13),\"Código >13\",\nIF(AND(Import.TipoArredondamento=\"TransfereGOV\",$L108=\"F\",$C108<>\"S\",LEN($R108)>100),\"Descrição >100\",\nIF(AND(Import.TipoArredondamento=\"TransfereGOV\",$L108=\"F\",$C108=\"S\",LEN($R108)>500),\"Descrição >500\",\nIF(AND(Import.TipoArredondamento=\"TransfereGOV\",$L108=\"F\",$C108=\"S\",LEFT(TRIM(UPPER($P108)),6)<>\"SINAPI\",ISNA(VLOOKUP(TRIM(UPPER($S108)),ListaTgov.Unidades,1,FALSE))),\"Unid. Não Disp\",\n\" \"))))))))))))))))","v":" "},{"$f":"IF(C108<=CRONO.NivelExibicao,MAX($AD$15:OFFSET(AD108,-1,0))+IF($C108<>1,1,MAX(1,COUNTIF(QCI!$A$13:$A$36,OFFSET($E108,-1,0)))),\"\")","v":20},{"$f":"IF(AND($C108=\"S\",ORÇAMENTO.CodBarra<>\"\"),IF(ORÇAMENTO.Fonte=\"\",ORÇAMENTO.CodBarra,CONCATENATE(ORÇAMENTO.Fonte,\" \",ORÇAMENTO.CodBarra)))","v":false},{"$f":"IF(ISERROR(ORÇAMENTO.BancoRef),\"(abra o arquivo 'Referência \"&Excel_BuiltIn_Database&\".xlsm)\",IF(OR($C108<>\"S\",ORÇAMENTO.CodBarra=\"\"),\"(Sem Código)\",IF(ISERROR(MATCH($AE108,INDIRECT(ORÇAMENTO.BancoRef),0)),\"(Código não identificado nas referências)\",MATCH($AE108,INDIRECT(ORÇAMENTO.BancoRef),0))))","v":"(Sem Código)"},{"$f":"ROUND(IF(DESONERACAO=\"sim\",REFERENCIA.Desonerado,REFERENCIA.NaoDesonerado),2)","v":0},0.25290000000000001,null,null,null,null,23525.23,{"$f":"ROUND(ORÇAMENTO.CustoUnitario*(1+$AH108),2)","v":0}]
["S",2,"S",0,{"$f":"IF($C109=1,OFFSET(E109,-1,0)+MAX(1,COUNTIF(QCI!$A$13:$A$36,OFFSET(ORÇAMENTO!E109,-1,0))),OFFSET(E109,-1,0))","v":6},3,0,0,1,0,{"$f":"IF(OR($C109=\"S\",$C109=0),0,MATCH(OFFSET($D109,0,$C109)+IF($C109<>1,1,COUNTIF(QCI!$A$13:$A$36,ORÇAMENTO!E109)),OFFSET($D109,1,$C109,ROW($C$472)-ROW($C109)),0))","v":0},"F","Serviço","Serviço","6.3.0.1.","SINAPI","94229",{"$f":"IF($C109=\"S\",REFERENCIA.Descricao,\"(digite a descrição aqui)\")","v":"CALHA EM CHAPA DE AÇO GALVANIZADO NÚMERO 24, DESENVOLVIMENTO DE 100 CM, INCLUSO TRANSPORTE VERTICAL. AF_07/2019"},{"$f":"REFERENCIA.Unidade","v":"M"},{"$f":"OFFSET(CÁLCULO!H$15,ROW($T109)-ROW(T$15),0)","v":76},{"$f":"AG109","v":185.63},"BDI 1",{"$f":"IF($C109=\"S\",ROUND(IF(TIPOORCAMENTO=\"Proposto\",ORÇAMENTO.CustoUnitario*(1+$AH109),ORÇAMENTO.PrecoUnitarioLicitado),15-13*$AF$10),0)","v":232.58},{"$f":"IF($C109=\"S\",IF(OR(Import.TipoArredondamento<>\"TransfereGOV\",ACOMPANHAMENTO=\"BM\"),VTOTAL1,SUM(OFFSET(CÁLCULO!$AI$15,ROW($X109)-ROW($X$15),1):OFFSET(CÁLCULO!$BB$15,ROW($X109)-ROW($X$15),-1))),IF($C109=0,0,ROUND(SomaAgrup,15-13*$AF$11)))","v":17676.080000000002},"RA","RA",{"$f":"IF($C109=\"S\",IF($Z109=\"CP\",$X109,IF($Z109=\"RA\",(($X109)*QCI!$AA$3),0)),SomaAgrup)","v":1529.5766676840874},{"$f":"IF($C109=\"S\",IF($Z109=\"OU\",ROUND($X109,2),0),SomaAgrup)","v":0},{"$f":"IF($N109=\"\",\" \",\nIF(AND($C109<>\"S\",OR($R109=\"\",$R109=\"(digite a descrição aqui)\")),\"DESCRIÇÃO\",\nIF(AND($C109=\"S\",OR($Q109<>\"\",$T109>0,$U109>0),$P109=\"\"),\"FONTE\",\nIF(AND($C109=\"S\",$P109<>\"\",OR($T109>0,$U109>0),$Q109=\"\"),\"CÓDIGO\",\nIF(AND($C109=\"S\",$P109<>\"\",$Q109<>\"\",$R109=\"(Código não identificado nas referências)\"),\"CÓDIGO N/ID\",\nIF(AND($C109=\"S\",OR($R109=\"\",$R109=\"(digite a descrição aqui)\"),OR($Q109<>\"\",$T109>0,$U109>0)),\"DESCRIÇÃO\",\nIF(AND($C109=\"S\",$P109<>\"\",$Q109<>\"\",$S109=\"\"),\"UNIDADE\",\nIF(AND($C109=\"S\",$P109<>\"\",$Q109<>\"\",$U109=0),\"SEM CUSTO\",\nIF(AND(TIPOORCAMENTO=\"Licitado\",$AL109=0,$AN109>0),\"SEM PREÇO\",\nIF(AND($C109=\"S\",$P109<>\"\",$Q109<>\"\",$U109>0,AND($V109<>\"BDI 1\",$V109<>\"BDI 2\",$V109<>\"BDI 3\")),IF(ISNUMBER($V109),\"JUSTIFICAR BDI\",\"BDI\"),\nIF(OR(AND(import.recurso=\"OGU\",TIPOORCAMENTO=\"Proposto\",LEFT($O$8,5)<>\"(N/D:\",$AG109<>\"\",ORÇAMENTO.CustoUnitario>$AG109),AND(TIPOORCAMENTO=\"LICITADO\",ORÇAMENTO.PrecoUnitarioLicitado>$AN109)),\"ACIMA REF.\",\nIF(AND($C109=\"S\",$P109<>\"\",$Q109<>\"\",$T109=0,$U109>0),\"QUANT.\",\nIF(AND(Import.TipoArredondamento=\"TransfereGOV\",$L109=\"F\",$C109=\"S\",LEN($Q109)>13),\"Código >13\",\nIF(AND(Import.TipoArredondamento=\"TransfereGOV\",$L109=\"F\",$C109<>\"S\",LEN($R109)>100),\"Descrição >100\",\nIF(AND(Import.TipoArredondamento=\"TransfereGOV\",$L109=\"F\",$C109=\"S\",LEN($R109)>500),\"Descrição >500\",\nIF(AND(Import.TipoArredondamento=\"TransfereGOV\",$L109=\"F\",$C109=\"S\",LEFT(TRIM(UPPER($P109)),6)<>\"SINAPI\",ISNA(VLOOKUP(TRIM(UPPER($S109)),ListaTgov.Unidades,1,FALSE))),\"Unid. Não Disp\",\n\" \"))))))))))))))))","v":" "},{"$f":"IF(C109<=CRONO.NivelExibicao,MAX($AD$15:OFFSET(AD109,-1,0))+IF($C109<>1,1,MAX(1,COUNTIF(QCI!$A$13:$A$36,OFFSET($E109,-1,0)))),\"\")","v":""},{"$f":"IF(AND($C109=\"S\",ORÇAMENTO.CodBarra<>\"\"),IF(ORÇAMENTO.Fonte=\"\",ORÇAMENTO.CodBarra,CONCATENATE(ORÇAMENTO.Fonte,\" \",ORÇAMENTO.CodBarra)))","v":"SINAPI 94229"},{"$f":"IF(ISERROR(ORÇAMENTO.BancoRef),\"(abra o arquivo 'Referência \"&Excel_BuiltIn_Database&\".xlsm)\",IF(OR($C109<>\"S\",ORÇAMENTO.CodBarra=\"\"),\"(Sem Código)\",IF(ISERROR(MATCH($AE109,INDIRECT(ORÇAMENTO.BancoRef),0)),\"(Código não identificado nas referências)\",MATCH($AE109,INDIRECT(ORÇAMENTO.BancoRef),0))))","v":15312},{"$f":"ROUND(IF(DESONERACAO=\"sim\",REFERENCIA.Desonerado,REFERENCIA.NaoDesonerado),2)","v":185.63},0.25290000000000001,null,null,null,null,17676.080000000002,{"$f":"ROUND(ORÇAMENTO.CustoUnitario*(1+$AH109),2)","v":232.58}]
["S",2,"S",0,{"$f":"IF($C110=1,OFFSET(E110,-1,0)+MAX(1,COUNTIF(QCI!$A$13:$A$36,OFFSET(ORÇAMENTO!E110,-1,0))),OFFSET(E110,-1,0))","v":6},3,0,0,2,0,{"$f":"IF(OR($C110=\"S\",$C110=0),0,MATCH(OFFSET($D110,0,$C110)+IF($C110<>1,1,COUNTIF(QCI!$A$13:$A$36,ORÇAMENTO!E110)),OFFSET($D110,1,$C110,ROW($C$472)-ROW($C110)),0))","v":0},"F","Serviço","Serviço","6.3.0.2.","SINAPI","94231",{"$f":"IF($C110=\"S\",REFERENCIA.Descricao,\"(digite a descrição aqui)\")","v":"RUFO EM CHAPA DE AÇO GALVANIZADO NÚMERO 24, CORTE DE 25 CM, INCLUSO TRANSPORTE VERTICAL. AF_07/2019"},{"$f":"REFERENCIA.Unidade","v":"M"},{"$f":"OFFSET(CÁLCULO!H$15,ROW($T110)-ROW(T$15),0)","v":49.85},{"$f":"AG110","v":55.5},"BDI 1",{"$f":"IF($C110=\"S\",ROUND(IF(TIPOORCAMENTO=\"Proposto\",ORÇAMENTO.CustoUnitario*(1+$AH110),ORÇAMENTO.PrecoUnitarioLicitado),15-13*$AF$10),0)","v":69.540000000000006},{"$f":"IF($C110=\"S\",IF(OR(Import.TipoArredondamento<>\"TransfereGOV\",ACOMPANHAMENTO=\"BM\"),VTOTAL1,SUM(OFFSET(CÁLCULO!$AI$15,ROW($X110)-ROW($X$15),1):OFFSET(CÁLCULO!$BB$15,ROW($X110)-ROW($X$15),-1))),IF($C110=0,0,ROUND(SomaAgrup,15-13*$AF$11)))","v":3466.57},"RA","RA",{"$f":"IF($C110=\"S\",IF($Z110=\"CP\",$X110,IF($Z110=\"RA\",(($X110)*QCI!$AA$3),0)),SomaAgrup)","v":299.97514091889303},{"$f":"IF($C110=\"S\",IF($Z110=\"OU\",ROUND($X110,2),0),SomaAgrup)","v":0},{"$f":"IF($N110=\"\",\" \",\nIF(AND($C110<>\"S\",OR($R110=\"\",$R110=\"(digite a descrição aqui)\")),\"DESCRIÇÃO\",\nIF(AND($C110=\"S\",OR($Q110<>\"\",$T110>0,$U110>0),$P110=\"\"),\"FONTE\",\nIF(AND($C110=\"S\",$P110<>\"\",OR($T110>0,$U110>0),$Q110=\"\"),\"CÓDIGO\",\nIF(AND($C110=\"S\",$P110<>\"\",$Q110<>\"\",$R110=\"(Código não identificado nas referências)\"),\"CÓDIGO N/ID\",\nIF(AND($C110=\"S\",OR($R110=\"\",$R110=\"(digite a descrição aqui)\"),OR($Q110<>\"\",$T110>0,$U110>0)),\"DESCRIÇÃO\",\nIF(AND($C110=\"S\",$P110<>\"\",$Q110<>\"\",$S110=\"\"),\"UNIDADE\",\nIF(AND($C110=\"S\",$P110<>\"\",$Q110<>\"\",$U110=0),\"SEM CUSTO\",\nIF(AND(TIPOORCAMENTO=\"Licitado\",$AL110=0,$AN110>0),\"SEM PREÇO\",\nIF(AND($C110=\"S\",$P110<>\"\",$Q110<>\"\",$U110>0,AND($V110<>\"BDI 1\",$V110<>\"BDI 2\",$V110<>\"BDI 3\")),IF(ISNUMBER($V110),\"JUSTIFICAR BDI\",\"BDI\"),\nIF(OR(AND(import.recurso=\"OGU\",TIPOORCAMENTO=\"Proposto\",LEFT($O$8,5)<>\"(N/D:\",$AG110<>\"\",ORÇAMENTO.CustoUnitario>$AG110),AND(TIPOORCAMENTO=\"LICITADO\",ORÇAMENTO.PrecoUnitarioLicitado>$AN110)),\"ACIMA REF.\",\nIF(AND($C110=\"S\",$P110<>\"\",$Q110<>\"\",$T110=0,$U110>0),\"QUANT.\",\nIF(AND(Import.TipoArredondamento=\"TransfereGOV\",$L110=\"F\",$C110=\"S\",LEN($Q110)>13),\"Código >13\",\nIF(AND(Import.TipoArredondamento=\"TransfereGOV\",$L110=\"F\",$C110<>\"S\",LEN($R110)>100),\"Descrição >100\",\nIF(AND(Import.TipoArredondamento=\"TransfereGOV\",$L110=\"F\",$C110=\"S\",LEN($R110)>500),\"Descrição >500\",\nIF(AND(Import.TipoArredondamento=\"TransfereGOV\",$L110=\"F\",$C110=\"S\",LEFT(TRIM(UPPER($P110)),6)<>\"SINAPI\",ISNA(VLOOKUP(TRIM(UPPER($S110)),ListaTgov.Unidades,1,FALSE))),\"Unid. Não Disp\",\n\" \"))))))))))))))))","v":" "},{"$f":"IF(C110<=CRONO.NivelExibicao,MAX($AD$15:OFFSET(AD110,-1,0))+IF($C110<>1,1,MAX(1,COUNTIF(QCI!$A$13:$A$36,OFFSET($E110,-1,0)))),\"\")","v":""},{"$f":"IF(AND($C110=\"S\",ORÇAMENTO.CodBarra<>\"\"),IF(ORÇAMENTO.Fonte=\"\",ORÇAMENTO.CodBarra,CONCATENATE(ORÇAMENTO.Fonte,\" \",ORÇAMENTO.CodBarra)))","v":"SINAPI 94231"},{"$f":"IF(ISERROR(ORÇAMENTO.BancoRef),\"(abra o arquivo 'Referência \"&Excel_BuiltIn_Database&\".xlsm)\",IF(OR($C110<>\"S\",ORÇAMENTO.CodBarra=\"\"),\"(Sem Código)\",IF(ISERROR(MATCH($AE110,INDIRECT(ORÇAMENTO.BancoRef),0)),\"(Código não identificado nas referências)\",MATCH($AE110,INDIRECT(ORÇAMENTO.BancoRef),0))))","v":15329},{"$f":"ROUND(IF(DESONERACAO=\"sim\",REFERENCIA.Desonerado,REFERENCIA.NaoDesonerado),2)","v":55.5},0.25290000000000001,null,null,null,null,3466.57,{"$f":"ROUND(ORÇAMENTO.CustoUnitario*(1+$AH110),2)","v":69.540000000000006}]
["S",2,"S",0,{"$f":"IF($C111=1,OFFSET(E111,-1,0)+MAX(1,COUNTIF(QCI!$A$13:$A$36,OFFSET(ORÇAMENTO!E111,-1,0))),OFFSET(E111,-1,0))","v":6},3,0,0,3,0,{"$f":"IF(OR($C111=\"S\",$C111=0),0,MATCH(OFFSET($D111,0,$C111)+IF($C111<>1,1,COUNTIF(QCI!$A$13:$A$36,ORÇAMENTO!E111)),OFFSET($D111,1,$C111,ROW($C$472)-ROW($C111)),0))","v":0},"F","Serviço","Serviço","6.3.0.3.","SINAPI","94451",{"$f":"IF($C111=\"S\",REFERENCIA.Descricao,\"(digite a descrição aqui)\")","v":"CUMEEIRA PARA TELHA DE FIBROCIMENTO ESTRUTURAL E = 6 MM, INCLUSO ACESSÓRIOS DE FIXAÇÃO E IÇAMENTO. AF_07/2019"},{"$f":"REFERENCIA.Unidade","v":"M"},{"$f":"OFFSET(CÁLCULO!H$15,ROW($T111)-ROW(T$15),0)","v":24.55},77.459999999999994,"BDI 1",{"$f":"IF($C111=\"S\",ROUND(IF(TIPOORCAMENTO=\"Proposto\",ORÇAMENTO.CustoUnitario*(1+$AH111),ORÇAMENTO.PrecoUnitarioLicitado),15-13*$AF$10),0)","v":97.05},{"$f":"IF($C111=\"S\",IF(OR(Import.TipoArredondamento<>\"TransfereGOV\",ACOMPANHAMENTO=\"BM\"),VTOTAL1,SUM(OFFSET(CÁLCULO!$AI$15,ROW($X111)-ROW($X$15),1):OFFSET(CÁLCULO!$BB$15,ROW($X111)-ROW($X$15),-1))),IF($C111=0,0,ROUND(SomaAgrup,15-13*$AF$11)))","v":2382.58},"RA","RA",{"$f":"IF($C111=\"S\",IF($Z111=\"CP\",$X111,IF($Z111=\"RA\",(($X111)*QCI!$AA$3),0)),SomaAgrup)","v":206.1734715440727},{"$f":"IF($C111=\"S\",IF($Z111=\"OU\",ROUND($X111,2),0),SomaAgrup)","v":0},{"$f":"IF($N111=\"\",\" \",\nIF(AND($C111<>\"S\",OR($R111=\"\",$R111=\"(digite a descrição aqui)\")),\"DESCRIÇÃO\",\nIF(AND($C111=\"S\",OR($Q111<>\"\",$T111>0,$U111>0),$P111=\"\"),\"FONTE\",\nIF(AND($C111=\"S\",$P111<>\"\",OR($T111>0,$U111>0),$Q111=\"\"),\"CÓDIGO\",\nIF(AND($C111=\"S\",$P111<>\"\",$Q111<>\"\",$R111=\"(Código não identificado nas referências)\"),\"CÓDIGO N/ID\",\nIF(AND($C111=\"S\",OR($R111=\"\",$R111=\"(digite a descrição aqui)\"),OR($Q111<>\"\",$T111>0,$U111>0)),\"DESCRIÇÃO\",\nIF(AND($C111=\"S\",$P111<>\"\",$Q111<>\"\",$S111=\"\"),\"UNIDADE\",\nIF(AND($C111=\"S\",$P111<>\"\",$Q111<>\"\",$U111=0),\"SEM CUSTO\",\nIF(AND(TIPOORCAMENTO=\"Licitado\",$AL111=0,$AN111>0),\"SEM PREÇO\",\nIF(AND($C111=\"S\",$P111<>\"\",$Q111<>\"\",$U111>0,AND($V111<>\"BDI 1\",$V111<>\"BDI 2\",$V111<>\"BDI 3\")),IF(ISNUMBER($V111),\"JUSTIFICAR BDI\",\"BDI\"),\nIF(OR(AND(import.recurso=\"OGU\",TIPOORCAMENTO=\"Proposto\",LEFT($O$8,5)<>\"(N/D:\",$AG111<>\"\",ORÇAMENTO.CustoUnitario>$AG111),AND(TIPOORCAMENTO=\"LICITADO\",ORÇAMENTO.PrecoUnitarioLicitado>$AN111)),\"ACIMA REF.\",\nIF(AND($C111=\"S\",$P111<>\"\",$Q111<>\"\",$T111=0,$U111>0),\"QUANT.\",\nIF(AND(Import.TipoArredondamento=\"TransfereGOV\",$L111=\"F\",$C111=\"S\",LEN($Q111)>13),\"Código >13\",\nIF(AND(Import.TipoArredondamento=\"TransfereGOV\",$L111=\"F\",$C111<>\"S\",LEN($R111)>100),\"Descrição >100\",\nIF(AND(Import.TipoArredondamento=\"TransfereGOV\",$L111=\"F\",$C111=\"S\",LEN($R111)>500),\"Descrição >500\",\nIF(AND(Import.TipoArredondamento=\"TransfereGOV\",$L111=\"F\",$C111=\"S\",LEFT(TRIM(UPPER($P111)),6)<>\"SINAPI\",ISNA(VLOOKUP(TRIM(UPPER($S111)),ListaTgov.Unidades,1,FALSE))),\"Unid. Não Disp\",\n\" \"))))))))))))))))","v":" "},{"$f":"IF(C111<=CRONO.NivelExibicao,MAX($AD$15:OFFSET(AD111,-1,0))+IF($C111<>1,1,MAX(1,COUNTIF(QCI!$A$13:$A$36,OFFSET($E111,-1,0)))),\"\")","v":""},{"$f":"IF(AND($C111=\"S\",ORÇAMENTO.CodBarra<>\"\"),IF(ORÇAMENTO.Fonte=\"\",ORÇAMENTO.CodBarra,CONCATENATE(ORÇAMENTO.Fonte,\" \",ORÇAMENTO.CodBarra)))","v":"SINAPI 94451"},{"$f":"IF(ISERROR(ORÇAMENTO.BancoRef),\"(abra o arquivo 'Referência \"&Excel_BuiltIn_Database&\".xlsm)\",IF(OR($C111<>\"S\",ORÇAMENTO.CodBarra=\"\"),\"(Sem Código)\",IF(ISERROR(MATCH($AE111,INDIRECT(ORÇAMENTO.BancoRef),0)),\"(Código não identificado nas referências)\",MATCH($AE111,INDIRECT(ORÇAMENTO.BancoRef),0))))","v":15320},{"$f":"ROUND(IF(DESONERACAO=\"sim\",REFERENCIA.Desonerado,REFERENCIA.NaoDesonerado),2)","v":77.459999999999994},0.25290000000000001,null,null,null,null,2382.58,{"$f":"ROUND(ORÇAMENTO.CustoUnitario*(1+$AH111),2)","v":97.05}]
[1,1,1,4,{"$f":"IF($C112=1,OFFSET(E112,-1,0)+MAX(1,COUNTIF(QCI!$A$13:$A$36,OFFSET(ORÇAMENTO!E112,-1,0))),OFFSET(E112,-1,0))","v":7},0,0,0,0,360,{"$f":"IF(OR($C112=\"S\",$C112=0),0,MATCH(OFFSET($D112,0,$C112)+IF($C112<>1,1,COUNTIF(QCI!$A$13:$A$36,ORÇAMENTO!E112)),OFFSET($D112,1,$C112,ROW($C$472)-ROW($C112)),0))","v":4},"F","Meta","Meta","7.","SINAPI",null,{"$f":"IF($C112=\"S\",REFERENCIA.Descricao,\"IMPERMEABILIZAÇÃO\")","v":"IMPERMEABILIZAÇÃO"},{"$f":"REFERENCIA.Unidade","v":"-"},{"$f":"OFFSET(CÁLCULO!H$15,ROW($T112)-ROW(T$15),0)","v":0},null,"BDI 1",{"$f":"IF($C112=\"S\",ROUND(IF(TIPOORCAMENTO=\"Proposto\",ORÇAMENTO.CustoUnitario*(1+$AH112),ORÇAMENTO.PrecoUnitarioLicitado),15-13*$AF$10),0)","v":0},{"$f":"IF($C112=\"S\",IF(OR(Import.TipoArredondamento<>\"TransfereGOV\",ACOMPANHAMENTO=\"BM\"),VTOTAL1,SUM(OFFSET(CÁLCULO!$AI$15,ROW($X112)-ROW($X$15),1):OFFSET(CÁLCULO!$BB$15,ROW($X112)-ROW($X$15),-1))),IF($C112=0,0,ROUND(SomaAgrup,15-13*$AF$11)))","v":13835.38},"RA","",{"$f":"IF($C112=\"S\",IF($Z112=\"CP\",$X112,IF($Z112=\"RA\",(($X112)*QCI!$AA$3),0)),SomaAgrup)","v":1197.2266722340626},{"$f":"IF($C112=\"S\",IF($Z112=\"OU\",ROUND($X112,2),0),SomaAgrup)","v":0},{"$f":"IF($N112=\"\",\" \",\nIF(AND($C112<>\"S\",OR($R112=\"\",$R112=\"(digite a descrição aqui)\")),\"DESCRIÇÃO\",\nIF(AND($C112=\"S\",OR($Q112<>\"\",$T112>0,$U112>0),$P112=\"\"),\"FONTE\",\nIF(AND($C112=\"S\",$P112<>\"\",OR($T112>0,$U112>0),$Q112=\"\"),\"CÓDIGO\",\nIF(AND($C112=\"S\",$P112<>\"\",$Q112<>\"\",$R112=\"(Código não identificado nas referências)\"),\"CÓDIGO N/ID\",\nIF(AND($C112=\"S\",OR($R112=\"\",$R112=\"(digite a descrição aqui)\"),OR($Q112<>\"\",$T112>0,$U112>0)),\"DESCRIÇÃO\",\nIF(AND($C112=\"S\",$P112<>\"\",$Q112<>\"\",$S112=\"\"),\"UNIDADE\",\nIF(AND($C112=\"S\",$P112<>\"\",$Q112<>\"\",$U112=0),\"SEM CUSTO\",\nIF(AND(TIPOORCAMENTO=\"Licitado\",$AL112=0,$AN112>0),\"SEM PREÇO\",\nIF(AND($C112=\"S\",$P112<>\"\",$Q112<>\"\",$U112>0,AND($V112<>\"BDI 1\",$V112<>\"BDI 2\",$V112<>\"BDI 3\")),IF(ISNUMBER($V112),\"JUSTIFICAR BDI\",\"BDI\"),\nIF(OR(AND(import.recurso=\"OGU\",TIPOORCAMENTO=\"Proposto\",LEFT($O$8,5)<>\"(N/D:\",$AG112<>\"\",ORÇAMENTO.CustoUnitario>$AG112),AND(TIPOORCAMENTO=\"LICITADO\",ORÇAMENTO.PrecoUnitarioLicitado>$AN112)),\"ACIMA REF.\",\nIF(AND($C112=\"S\",$P112<>\"\",$Q112<>\"\",$T112=0,$U112>0),\"QUANT.\",\nIF(AND(Import.TipoArredondamento=\"TransfereGOV\",$L112=\"F\",$C112=\"S\",LEN($Q112)>13),\"Código >13\",\nIF(AND(Import.TipoArredondamento=\"TransfereGOV\",$L112=\"F\",$C112<>\"S\",LEN($R112)>100),\"Descrição >100\",\nIF(AND(Import.TipoArredondamento=\"TransfereGOV\",$L112=\"F\",$C112=\"S\",LEN($R112)>500),\"Descrição >500\",\nIF(AND(Import.TipoArredondamento=\"TransfereGOV\",$L112=\"F\",$C112=\"S\",LEFT(TRIM(UPPER($P112)),6)<>\"SINAPI\",ISNA(VLOOKUP(TRIM(UPPER($S112)),ListaTgov.Unidades,1,FALSE))),\"Unid. Não Disp\",\n\" \"))))))))))))))))","v":" "},{"$f":"IF(C112<=CRONO.NivelExibicao,MAX($AD$15:OFFSET(AD112,-1,0))+IF($C112<>1,1,MAX(1,COUNTIF(QCI!$A$13:$A$36,OFFSET($E112,-1,0)))),\"\")","v":21},{"$f":"IF(AND($C112=\"S\",ORÇAMENTO.CodBarra<>\"\"),IF(ORÇAMENTO.Fonte=\"\",ORÇAMENTO.CodBarra,CONCATENATE(ORÇAMENTO.Fonte,\" \",ORÇAMENTO.CodBarra)))","v":false},{"$f":"IF(ISERROR(ORÇAMENTO.BancoRef),\"(abra o arquivo 'Referência \"&Excel_BuiltIn_Database&\".xlsm)\",IF(OR($C112<>\"S\",ORÇAMENTO.CodBarra=\"\"),\"(Sem Código)\",IF(ISERROR(MATCH($AE112,INDIRECT(ORÇAMENTO.BancoRef),0)),\"(Código não identificado nas referências)\",MATCH($AE112,INDIRECT(ORÇAMENTO.BancoRef),0))))","v":"(Sem Código)"},{"$f":"ROUND(IF(DESONERACAO=\"sim\",REFERENCIA.Desonerado,REFERENCIA.NaoDesonerado),2)","v":0},0.25290000000000001,null,null,null,null,13835.38,{"$f":"ROUND(ORÇAMENTO.CustoUnitario*(1+$AH112),2)","v":0}]
[2,2,2,3,{"$f":"IF($C113=1,OFFSET(E113,-1,0)+MAX(1,COUNTIF(QCI!$A$13:$A$36,OFFSET(ORÇAMENTO!E113,-1,0))),OFFSET(E113,-1,0))","v":7},1,0,0,0,3,{"$f":"IF(OR($C113=\"S\",$C113=0),0,MATCH(OFFSET($D113,0,$C113)+IF($C113<>1,1,COUNTIF(QCI!$A$13:$A$36,ORÇAMENTO!E113)),OFFSET($D113,1,$C113,ROW($C$472)-ROW($C113)),0))","v":12},"F","Nível 2","Nível 2","7.1.","SINAPI",null,{"$f":"IF($C113=\"S\",REFERENCIA.Descricao,\"IMPERMEABILIZAÇÃO\")","v":"IMPERMEABILIZAÇÃO"},{"$f":"REFERENCIA.Unidade","v":"-"},{"$f":"OFFSET(CÁLCULO!H$15,ROW($T113)-ROW(T$15),0)","v":0},{"$f":"AG113","v":0},"BDI 1",{"$f":"IF($C113=\"S\",ROUND(IF(TIPOORCAMENTO=\"Proposto\",ORÇAMENTO.CustoUnitario*(1+$AH113),ORÇAMENTO.PrecoUnitarioLicitado),15-13*$AF$10),0)","v":0},{"$f":"IF($C113=\"S\",IF(OR(Import.TipoArredondamento<>\"TransfereGOV\",ACOMPANHAMENTO=\"BM\"),VTOTAL1,SUM(OFFSET(CÁLCULO!$AI$15,ROW($X113)-ROW($X$15),1):OFFSET(CÁLCULO!$BB$15,ROW($X113)-ROW($X$15),-1))),IF($C113=0,0,ROUND(SomaAgrup,15-13*$AF$11)))","v":13835.38},"RA","",{"$f":"IF($C113=\"S\",IF($Z113=\"CP\",$X113,IF($Z113=\"RA\",(($X113)*QCI!$AA$3),0)),SomaAgrup)","v":1197.2266722340626},{"$f":"IF($C113=\"S\",IF($Z113=\"OU\",ROUND($X113,2),0),SomaAgrup)","v":0},{"$f":"IF($N113=\"\",\" \",\nIF(AND($C113<>\"S\",OR($R113=\"\",$R113=\"(digite a descrição aqui)\")),\"DESCRIÇÃO\",\nIF(AND($C113=\"S\",OR($Q113<>\"\",$T113>0,$U113>0),$P113=\"\"),\"FONTE\",\nIF(AND($C113=\"S\",$P113<>\"\",OR($T113>0,$U113>0),$Q113=\"\"),\"CÓDIGO\",\nIF(AND($C113=\"S\",$P113<>\"\",$Q113<>\"\",$R113=\"(Código não identificado nas referências)\"),\"CÓDIGO N/ID\",\nIF(AND($C113=\"S\",OR($R113=\"\",$R113=\"(digite a descrição aqui)\"),OR($Q113<>\"\",$T113>0,$U113>0)),\"DESCRIÇÃO\",\nIF(AND($C113=\"S\",$P113<>\"\",$Q113<>\"\",$S113=\"\"),\"UNIDADE\",\nIF(AND($C113=\"S\",$P113<>\"\",$Q113<>\"\",$U113=0),\"SEM CUSTO\",\nIF(AND(TIPOORCAMENTO=\"Licitado\",$AL113=0,$AN113>0),\"SEM PREÇO\",\nIF(AND($C113=\"S\",$P113<>\"\",$Q113<>\"\",$U113>0,AND($V113<>\"BDI 1\",$V113<>\"BDI 2\",$V113<>\"BDI 3\")),IF(ISNUMBER($V113),\"JUSTIFICAR BDI\",\"BDI\"),\nIF(OR(AND(import.recurso=\"OGU\",TIPOORCAMENTO=\"Proposto\",LEFT($O$8,5)<>\"(N/D:\",$AG113<>\"\",ORÇAMENTO.CustoUnitario>$AG113),AND(TIPOORCAMENTO=\"LICITADO\",ORÇAMENTO.PrecoUnitarioLicitado>$AN113)),\"ACIMA REF.\",\nIF(AND($C113=\"S\",$P113<>\"\",$Q113<>\"\",$T113=0,$U113>0),\"QUANT.\",\nIF(AND(Import.TipoArredondamento=\"TransfereGOV\",$L113=\"F\",$C113=\"S\",LEN($Q113)>13),\"Código >13\",\nIF(AND(Import.TipoArredondamento=\"TransfereGOV\",$L113=\"F\",$C113<>\"S\",LEN($R113)>100),\"Descrição >100\",\nIF(AND(Import.TipoArredondamento=\"TransfereGOV\",$L113=\"F\",$C113=\"S\",LEN($R113)>500),\"Descrição >500\",\nIF(AND(Import.TipoArredondamento=\"TransfereGOV\",$L113=\"F\",$C113=\"S\",LEFT(TRIM(UPPER($P113)),6)<>\"SINAPI\",ISNA(VLOOKUP(TRIM(UPPER($S113)),ListaTgov.Unidades,1,FALSE))),\"Unid. Não Disp\",\n\" \"))))))))))))))))","v":" "},{"$f":"IF(C113<=CRONO.NivelExibicao,MAX($AD$15:OFFSET(AD113,-1,0))+IF($C113<>1,1,MAX(1,COUNTIF(QCI!$A$13:$A$36,OFFSET($E113,-1,0)))),\"\")","v":22},{"$f":"IF(AND($C113=\"S\",ORÇAMENTO.CodBarra<>\"\"),IF(ORÇAMENTO.Fonte=\"\",ORÇAMENTO.CodBarra,CONCATENATE(ORÇAMENTO.Fonte,\" \",ORÇAMENTO.CodBarra)))","v":false},{"$f":"IF(ISERROR(ORÇAMENTO.BancoRef),\"(abra o arquivo 'Referência \"&Excel_BuiltIn_Database&\".xlsm)\",IF(OR($C113<>\"S\",ORÇAMENTO.CodBarra=\"\"),\"(Sem Código)\",IF(ISERROR(MATCH($AE113,INDIRECT(ORÇAMENTO.BancoRef),0)),\"(Código não identificado nas referências)\",MATCH($AE113,INDIRECT(ORÇAMENTO.BancoRef),0))))","v":"(Sem Código)"},{"$f":"ROUND(IF(DESONERACAO=\"sim\",REFERENCIA.Desonerado,REFERENCIA.NaoDesonerado),2)","v":0},0.25290000000000001,null,null,null,null,13835.38,{"$f":"ROUND(ORÇAMENTO.CustoUnitario*(1+$AH113),2)","v":0}]
[{"$f":"CHOOSE(1+LOG(1+2*(ORÇAMENTO.Nivel=\"Meta\")+4*(ORÇAMENTO.Nivel=\"Nível 2\")+8*(ORÇAMENTO.Nivel=\"Nível 3\")+16*(ORÇAMENTO.Nivel=\"Nível 4\")+32*(ORÇAMENTO.Nivel=\"Serviço\"),2),0,1,2,3,4,\"S\")","v":"S"},{"$f":"IF(OR(C114=\"s\",C114=0),OFFSET(B114,-1,0),C114)","v":2},{"$f":"IF(OFFSET(C114,-1,0)=\"L\",1,IF(OFFSET(C114,-1,0)=1,2,IF(OR(A114=\"s\",A114=0),\"S\",IF(AND(OFFSET(C114,-1,0)=2,A114=4),3,IF(AND(OR(OFFSET(C114,-1,0)=\"s\",OFFSET(C114,-1,0)=0),A114<>\"s\",A114>OFFSET(B114,-1,0)),OFFSET(B114,-1,0),A114)))))","v":"S"},{"$f":"IF(OR(C114=\"S\",C114=0),0,IF(ISERROR(K114),J114,SMALL(J114:K114,1)))","v":0},{"$f":"IF($C114=1,OFFSET(E114,-1,0)+MAX(1,COUNTIF(QCI!$A$13:$A$36,OFFSET(ORÇAMENTO!E114,-1,0))),OFFSET(E114,-1,0))","v":7},{"$f":"IF($C114=1,0,IF($C114=2,OFFSET(F114,-1,0)+1,OFFSET(F114,-1,0)))","v":1},{"$f":"IF(AND($C114<=2,$C114<>0),0,IF($C114=3,OFFSET(G114,-1,0)+1,OFFSET(G114,-1,0)))","v":0},{"$f":"IF(AND($C114<=3,$C114<>0),0,IF($C114=4,OFFSET(H114,-1,0)+1,OFFSET(H114,-1,0)))","v":0},{"$f":"IF(AND($C114<=4,$C114<>0),0,IF(AND($C114=\"S\",$X114>0),OFFSET(I114,-1,0)+1,OFFSET(I114,-1,0)))","v":1},0,{"$f":"IF(OR($C114=\"S\",$C114=0),0,MATCH(OFFSET($D114,0,$C114)+IF($C114<>1,1,COUNTIF(QCI!$A$13:$A$36,ORÇAMENTO!E114)),OFFSET($D114,1,$C114,ROW($C$472)-ROW($C114)),0))","v":0},{"$f":"IF(OR($X114>0,$C114=1,$C114=2,$C114=3,$C114=4),\"F\",\"\")","v":"F"},"Serviço",{"$f":"CHOOSE(1+LOG(1+2*(C114=1)+4*(C114=2)+8*(C114=3)+16*(C114=4)+32*(C114=\"S\"),2),\"\",\"Meta\",\"Nível 2\",\"Nível 3\",\"Nível 4\",\"Serviço\")","v":"Serviço"},{"$f":"IF(OR($C114=0,$L114=\"\"),\"-\",CONCATENATE(E114&\".\",IF(AND($A$5>=2,$C114>=2),F114&\".\",\"\"),IF(AND($A$5>=3,$C114>=3),G114&\".\",\"\"),IF(AND($A$5>=4,$C114>=4),H114&\".\",\"\"),IF($C114=\"S\",I114&\".\",\"\")))","v":"7.1.0.1."},"SINAPI","98556",{"$f":"IF($C114=\"S\",REFERENCIA.Descricao,\"(digite a descrição aqui)\")","v":"IMPERMEABILIZAÇÃO DE SUPERFÍCIE COM ARGAMASSA POLIMÉRICA / MEMBRANA ACRÍLICA, 4 DEMÃOS, REFORÇADA COM VÉU DE POLIÉSTER (MAV). AF_09/2023"},{"$f":"REFERENCIA.Unidade","v":"M2"},{"$f":"OFFSET(CÁLCULO!H$15,ROW($T114)-ROW(T$15),0)","v":155.66999999999999},{"$f":"AG114","v":56.46},"BDI 1",{"$f":"IF($C114=\"S\",ROUND(IF(TIPOORCAMENTO=\"Proposto\",ORÇAMENTO.CustoUnitario*(1+$AH114),ORÇAMENTO.PrecoUnitarioLicitado),15-13*$AF$10),0)","v":70.739999999999995},{"$f":"IF($C114=\"S\",IF(OR(Import.TipoArredondamento<>\"TransfereGOV\",ACOMPANHAMENTO=\"BM\"),VTOTAL1,SUM(OFFSET(CÁLCULO!$AI$15,ROW($X114)-ROW($X$15),1):OFFSET(CÁLCULO!$BB$15,ROW($X114)-ROW($X$15),-1))),IF($C114=0,0,ROUND(SomaAgrup,15-13*$AF$11)))","v":11012.1},"RA",{"$f":"IF(AND($C114=\"S\",$X114>0),IF(ISBLANK($Y114),\"RA\",LEFT($Y114,2)),\"\")","v":"RA"},{"$f":"IF($C114=\"S\",IF($Z114=\"CP\",$X114,IF($Z114=\"RA\",(($X114)*QCI!$AA$3),0)),SomaAgrup)","v":952.91779750962542},{"$f":"IF($C114=\"S\",IF($Z114=\"OU\",ROUND($X114,2),0),SomaAgrup)","v":0},{"$f":"IF($N114=\"\",\" \",\nIF(AND($C114<>\"S\",OR($R114=\"\",$R114=\"(digite a descrição aqui)\")),\"DESCRIÇÃO\",\nIF(AND($C114=\"S\",OR($Q114<>\"\",$T114>0,$U114>0),$P114=\"\"),\"FONTE\",\nIF(AND($C114=\"S\",$P114<>\"\",OR($T114>0,$U114>0),$Q114=\"\"),\"CÓDIGO\",\nIF(AND($C114=\"S\",$P114<>\"\",$Q114<>\"\",$R114=\"(Código não identificado nas referências)\"),\"CÓDIGO N/ID\",\nIF(AND($C114=\"S\",OR($R114=\"\",$R114=\"(digite a descrição aqui)\"),OR($Q114<>\"\",$T114>0,$U114>0)),\"DESCRIÇÃO\",\nIF(AND($C114=\"S\",$P114<>\"\",$Q114<>\"\",$S114=\"\"),\"UNIDADE\",\nIF(AND($C114=\"S\",$P114<>\"\",$Q114<>\"\",$U114=0),\"SEM CUSTO\",\nIF(AND(TIPOORCAMENTO=\"Licitado\",$AL114=0,$AN114>0),\"SEM PREÇO\",\nIF(AND($C114=\"S\",$P114<>\"\",$Q114<>\"\",$U114>0,AND($V114<>\"BDI 1\",$V114<>\"BDI 2\",$V114<>\"BDI 3\")),IF(ISNUMBER($V114),\"JUSTIFICAR BDI\",\"BDI\"),\nIF(OR(AND(import.recurso=\"OGU\",TIPOORCAMENTO=\"Proposto\",LEFT($O$8,5)<>\"(N/D:\",$AG114<>\"\",ORÇAMENTO.CustoUnitario>$AG114),AND(TIPOORCAMENTO=\"LICITADO\",ORÇAMENTO.PrecoUnitarioLicitado>$AN114)),\"ACIMA REF.\",\nIF(AND($C114=\"S\",$P114<>\"\",$Q114<>\"\",$T114=0,$U114>0),\"QUANT.\",\nIF(AND(Import.TipoArredondamento=\"TransfereGOV\",$L114=\"F\",$C114=\"S\",LEN($Q114)>13),\"Código >13\",\nIF(AND(Import.TipoArredondamento=\"TransfereGOV\",$L114=\"F\",$C114<>\"S\",LEN($R114)>100),\"Descrição >100\",\nIF(AND(Import.TipoArredondamento=\"TransfereGOV\",$L114=\"F\",$C114=\"S\",LEN($R114)>500),\"Descrição >500\",\nIF(AND(Import.TipoArredondamento=\"TransfereGOV\",$L114=\"F\",$C114=\"S\",LEFT(TRIM(UPPER($P114)),6)<>\"SINAPI\",ISNA(VLOOKUP(TRIM(UPPER($S114)),ListaTgov.Unidades,1,FALSE))),\"Unid. Não Disp\",\n\" \"))))))))))))))))","v":" "},{"$f":"IF(C114<=CRONO.NivelExibicao,MAX($AD$15:OFFSET(AD114,-1,0))+IF($C114<>1,1,MAX(1,COUNTIF(QCI!$A$13:$A$36,OFFSET($E114,-1,0)))),\"\")","v":""},{"$f":"IF(AND($C114=\"S\",ORÇAMENTO.CodBarra<>\"\"),IF(ORÇAMENTO.Fonte=\"\",ORÇAMENTO.CodBarra,CONCATENATE(ORÇAMENTO.Fonte,\" \",ORÇAMENTO.CodBarra)))","v":"SINAPI 98556"},{"$f":"IF(ISERROR(ORÇAMENTO.BancoRef),\"(abra o arquivo 'Referência \"&Excel_BuiltIn_Database&\".xlsm)\",IF(OR($C114<>\"S\",ORÇAMENTO.CodBarra=\"\"),\"(Sem Código)\",IF(ISERROR(MATCH($AE114,INDIRECT(ORÇAMENTO.BancoRef),0)),\"(Código não identificado nas referências)\",MATCH($AE114,INDIRECT(ORÇAMENTO.BancoRef),0))))","v":10605},{"$f":"ROUND(IF(DESONERACAO=\"sim\",REFERENCIA.Desonerado,REFERENCIA.NaoDesonerado),2)","v":56.46},{"$f":"ROUND(IF(ISNUMBER(ORÇAMENTO.OpcaoBDI),ORÇAMENTO.OpcaoBDI,IF(LEFT(ORÇAMENTO.OpcaoBDI,3)=\"BDI\",HLOOKUP(ORÇAMENTO.OpcaoBDI,$F$4:$H$5,2,FALSE),0)),15-11*$AF$9)","v":0.25290000000000001},null,null,null,null,11012.1,{"$f":"ROUND(ORÇAMENTO.CustoUnitario*(1+$AH114),2)","v":70.739999999999995}]
["S",2,"S",0,{"$f":"IF($C115=1,OFFSET(E115,-1,0)+MAX(1,COUNTIF(QCI!$A$13:$A$36,OFFSET(ORÇAMENTO!E115,-1,0))),OFFSET(E115,-1,0))","v":7},1,0,0,2,0,{"$f":"IF(OR($C115=\"S\",$C115=0),0,MATCH(OFFSET($D115,0,$C115)+IF($C115<>1,1,COUNTIF(QCI!$A$13:$A$36,ORÇAMENTO!E115)),OFFSET($D115,1,$C115,ROW($C$472)-ROW($C115)),0))","v":0},"F","Serviço","Serviço","7.1.0.2.","SINAPI","98555",{"$f":"IF($C115=\"S\",REFERENCIA.Descricao,\"(digite a descrição aqui)\")","v":"IMPERMEABILIZAÇÃO DE SUPERFÍCIE COM ARGAMASSA POLIMÉRICA / MEMBRANA ACRÍLICA, 3 DEMÃOS. AF_09/2023"},{"$f":"REFERENCIA.Unidade","v":"M2"},{"$f":"OFFSET(CÁLCULO!H$15,ROW($T115)-ROW(T$15),0)","v":73.180000000000007},{"$f":"AG115","v":30.79},"BDI 1",{"$f":"IF($C115=\"S\",ROUND(IF(TIPOORCAMENTO=\"Proposto\",ORÇAMENTO.CustoUnitario*(1+$AH115),ORÇAMENTO.PrecoUnitarioLicitado),15-13*$AF$10),0)","v":38.58},{"$f":"IF($C115=\"S\",IF(OR(Import.TipoArredondamento<>\"TransfereGOV\",ACOMPANHAMENTO=\"BM\"),VTOTAL1,SUM(OFFSET(CÁLCULO!$AI$15,ROW($X115)-ROW($X$15),1):OFFSET(CÁLCULO!$BB$15,ROW($X115)-ROW($X$15),-1))),IF($C115=0,0,ROUND(SomaAgrup,15-13*$AF$11)))","v":2823.28},"RA","RA",{"$f":"IF($C115=\"S\",IF($Z115=\"CP\",$X115,IF($Z115=\"RA\",(($X115)*QCI!$AA$3),0)),SomaAgrup)","v":244.30887472443723},{"$f":"IF($C115=\"S\",IF($Z115=\"OU\",ROUND($X115,2),0),SomaAgrup)","v":0},{"$f":"IF($N115=\"\",\" \",\nIF(AND($C115<>\"S\",OR($R115=\"\",$R115=\"(digite a descrição aqui)\")),\"DESCRIÇÃO\",\nIF(AND($C115=\"S\",OR($Q115<>\"\",$T115>0,$U115>0),$P115=\"\"),\"FONTE\",\nIF(AND($C115=\"S\",$P115<>\"\",OR($T115>0,$U115>0),$Q115=\"\"),\"CÓDIGO\",\nIF(AND($C115=\"S\",$P115<>\"\",$Q115<>\"\",$R115=\"(Código não identificado nas referências)\"),\"CÓDIGO N/ID\",\nIF(AND($C115=\"S\",OR($R115=\"\",$R115=\"(digite a descrição aqui)\"),OR($Q115<>\"\",$T115>0,$U115>0)),\"DESCRIÇÃO\",\nIF(AND($C115=\"S\",$P115<>\"\",$Q115<>\"\",$S115=\"\"),\"UNIDADE\",\nIF(AND($C115=\"S\",$P115<>\"\",$Q115<>\"\",$U115=0),\"SEM CUSTO\",\nIF(AND(TIPOORCAMENTO=\"Licitado\",$AL115=0,$AN115>0),\"SEM PREÇO\",\nIF(AND($C115=\"S\",$P115<>\"\",$Q115<>\"\",$U115>0,AND($V115<>\"BDI 1\",$V115<>\"BDI 2\",$V115<>\"BDI 3\")),IF(ISNUMBER($V115),\"JUSTIFICAR BDI\",\"BDI\"),\nIF(OR(AND(import.recurso=\"OGU\",TIPOORCAMENTO=\"Proposto\",LEFT($O$8,5)<>\"(N/D:\",$AG115<>\"\",ORÇAMENTO.CustoUnitario>$AG115),AND(TIPOORCAMENTO=\"LICITADO\",ORÇAMENTO.PrecoUnitarioLicitado>$AN115)),\"ACIMA REF.\",\nIF(AND($C115=\"S\",$P115<>\"\",$Q115<>\"\",$T115=0,$U115>0),\"QUANT.\",\nIF(AND(Import.TipoArredondamento=\"TransfereGOV\",$L115=\"F\",$C115=\"S\",LEN($Q115)>13),\"Código >13\",\nIF(AND(Import.TipoArredondamento=\"TransfereGOV\",$L115=\"F\",$C115<>\"S\",LEN($R115)>100),\"Descrição >100\",\nIF(AND(Import.TipoArredondamento=\"TransfereGOV\",$L115=\"F\",$C115=\"S\",LEN($R115)>500),\"Descrição >500\",\nIF(AND(Import.TipoArredondamento=\"TransfereGOV\",$L115=\"F\",$C115=\"S\",LEFT(TRIM(UPPER($P115)),6)<>\"SINAPI\",ISNA(VLOOKUP(TRIM(UPPER($S115)),ListaTgov.Unidades,1,FALSE))),\"Unid. Não Disp\",\n\" \"))))))))))))))))","v":" "},{"$f":"IF(C115<=CRONO.NivelExibicao,MAX($AD$15:OFFSET(AD115,-1,0))+IF($C115<>1,1,MAX(1,COUNTIF(QCI!$A$13:$A$36,OFFSET($E115,-1,0)))),\"\")","v":""},{"$f":"IF(AND($C115=\"S\",ORÇAMENTO.CodBarra<>\"\"),IF(ORÇAMENTO.Fonte=\"\",ORÇAMENTO.CodBarra,CONCATENATE(ORÇAMENTO.Fonte,\" \",ORÇAMENTO.CodBarra)))","v":"SINAPI 98555"},{"$f":"IF(ISERROR(ORÇAMENTO.BancoRef),\"(abra o arquivo 'Referência \"&Excel_BuiltIn_Database&\".xlsm)\",IF(OR($C115<>\"S\",ORÇAMENTO.CodBarra=\"\"),\"(Sem Código)\",IF(ISERROR(MATCH($AE115,INDIRECT(ORÇAMENTO.BancoRef),0)),\"(Código não identificado nas referências)\",MATCH($AE115,INDIRECT(ORÇAMENTO.BancoRef),0))))","v":10604},{"$f":"ROUND(IF(DESONERACAO=\"sim\",REFERENCIA.Desonerado,REFERENCIA.NaoDesonerado),2)","v":30.79},0.25290000000000001,null,null,null,null,2823.28,{"$f":"ROUND(ORÇAMENTO.CustoUnitario*(1+$AH115),2)","v":38.58}]
[1,1,1,31,{"$f":"IF($C116=1,OFFSET(E116,-1,0)+MAX(1,COUNTIF(QCI!$A$13:$A$36,OFFSET(ORÇAMENTO!E116,-1,0))),OFFSET(E116,-1,0))","v":8},0,0,0,0,356,{"$f":"IF(OR($C116=\"S\",$C116=0),0,MATCH(OFFSET($D116,0,$C116)+IF($C116<>1,1,COUNTIF(QCI!$A$13:$A$36,ORÇAMENTO!E116)),OFFSET($D116,1,$C116,ROW($C$472)-ROW($C116)),0))","v":31},"F","Meta","Meta","8.","SINAPI",null,{"$f":"IF($C116=\"S\",REFERENCIA.Descricao,\"ESQUADRIAS\")","v":"ESQUADRIAS"},{"$f":"REFERENCIA.Unidade","v":"-"},{"$f":"OFFSET(CÁLCULO!H$15,ROW($T116)-ROW(T$15),0)","v":0},null,"BDI 1",{"$f":"IF($C116=\"S\",ROUND(IF(TIPOORCAMENTO=\"Proposto\",ORÇAMENTO.CustoUnitario*(1+$AH116),ORÇAMENTO.PrecoUnitarioLicitado),15-13*$AF$10),0)","v":0},{"$f":"IF($C116=\"S\",IF(OR(Import.TipoArredondamento<>\"TransfereGOV\",ACOMPANHAMENTO=\"BM\"),VTOTAL1,SUM(OFFSET(CÁLCULO!$AI$15,ROW($X116)-ROW($X$15),1):OFFSET(CÁLCULO!$BB$15,ROW($X116)-ROW($X$15),-1))),IF($C116=0,0,ROUND(SomaAgrup,15-13*$AF$11)))","v":207470.16},"RA","",{"$f":"IF($C116=\"S\",IF($Z116=\"CP\",$X116,IF($Z116=\"RA\",(($X116)*QCI!$AA$3),0)),SomaAgrup)","v":17953.161333094467},{"$f":"IF($C116=\"S\",IF($Z116=\"OU\",ROUND($X116,2),0),SomaAgrup)","v":0},{"$f":"IF($N116=\"\",\" \",\nIF(AND($C116<>\"S\",OR($R116=\"\",$R116=\"(digite a descrição aqui)\")),\"DESCRIÇÃO\",\nIF(AND($C116=\"S\",OR($Q116<>\"\",$T116>0,$U116>0),$P116=\"\"),\"FONTE\",\nIF(AND($C116=\"S\",$P116<>\"\",OR($T116>0,$U116>0),$Q116=\"\"),\"CÓDIGO\",\nIF(AND($C116=\"S\",$P116<>\"\",$Q116<>\"\",$R116=\"(Código não identificado nas referências)\"),\"CÓDIGO N/ID\",\nIF(AND($C116=\"S\",OR($R116=\"\",$R116=\"(digite a descrição aqui)\"),OR($Q116<>\"\",$T116>0,$U116>0)),\"DESCRIÇÃO\",\nIF(AND($C116=\"S\",$P116<>\"\",$Q116<>\"\",$S116=\"\"),\"UNIDADE\",\nIF(AND($C116=\"S\",$P116<>\"\",$Q116<>\"\",$U116=0),\"SEM CUSTO\",\nIF(AND(TIPOORCAMENTO=\"Licitado\",$AL116=0,$AN116>0),\"SEM PREÇO\",\nIF(AND($C116=\"S\",$P116<>\"\",$Q116<>\"\",$U116>0,AND($V116<>\"BDI 1\",$V116<>\"BDI 2\",$V116<>\"BDI 3\")),IF(ISNUMBER($V116),\"JUSTIFICAR BDI\",\"BDI\"),\nIF(OR(AND(import.recurso=\"OGU\",TIPOORCAMENTO=\"Proposto\",LEFT($O$8,5)<>\"(N/D:\",$AG116<>\"\",ORÇAMENTO.CustoUnitario>$AG116),AND(TIPOORCAMENTO=\"LICITADO\",ORÇAMENTO.PrecoUnitarioLicitado>$AN116)),\"ACIMA REF.\",\nIF(AND($C116=\"S\",$P116<>\"\",$Q116<>\"\",$T116=0,$U116>0),\"QUANT.\",\nIF(AND(Import.TipoArredondamento=\"TransfereGOV\",$L116=\"F\",$C116=\"S\",LEN($Q116)>13),\"Código >13\",\nIF(AND(Import.TipoArredondamento=\"TransfereGOV\",$L116=\"F\",$C116<>\"S\",LEN($R116)>100),\"Descrição >100\",\nIF(AND(Import.TipoArredondamento=\"TransfereGOV\",$L116=\"F\",$C116=\"S\",LEN($R116)>500),\"Descrição >500\",\nIF(AND(Import.TipoArredondamento=\"TransfereGOV\",$L116=\"F\",$C116=\"S\",LEFT(TRIM(UPPER($P116)),6)<>\"SINAPI\",ISNA(VLOOKUP(TRIM(UPPER($S116)),ListaTgov.Unidades,1,FALSE))),\"Unid. Não Disp\",\n\" \"))))))))))))))))","v":" "},{"$f":"IF(C116<=CRONO.NivelExibicao,MAX($AD$15:OFFSET(AD116,-1,0))+IF($C116<>1,1,MAX(1,COUNTIF(QCI!$A$13:$A$36,OFFSET($E116,-1,0)))),\"\")","v":23},{"$f":"IF(AND($C116=\"S\",ORÇAMENTO.CodBarra<>\"\"),IF(ORÇAMENTO.Fonte=\"\",ORÇAMENTO.CodBarra,CONCATENATE(ORÇAMENTO.Fonte,\" \",ORÇAMENTO.CodBarra)))","v":false},{"$f":"IF(ISERROR(ORÇAMENTO.BancoRef),\"(abra o arquivo 'Referência \"&Excel_BuiltIn_Database&\".xlsm)\",IF(OR($C116<>\"S\",ORÇAMENTO.CodBarra=\"\"),\"(Sem Código)\",IF(ISERROR(MATCH($AE116,INDIRECT(ORÇAMENTO.BancoRef),0)),\"(Código não identificado nas referências)\",MATCH($AE116,INDIRECT(ORÇAMENTO.BancoRef),0))))","v":"(Sem Código)"},{"$f":"ROUND(IF(DESONERACAO=\"sim\",REFERENCIA.Desonerado,REFERENCIA.NaoDesonerado),2)","v":0},0.25290000000000001,null,null,null,null,207470.16,{"$f":"ROUND(ORÇAMENTO.CustoUnitario*(1+$AH116),2)","v":0}]
[2,2,2,8,{"$f":"IF($C117=1,OFFSET(E117,-1,0)+MAX(1,COUNTIF(QCI!$A$13:$A$36,OFFSET(ORÇAMENTO!E117,-1,0))),OFFSET(E117,-1,0))","v":8},1,0,0,0,30,{"$f":"IF(OR($C117=\"S\",$C117=0),0,MATCH(OFFSET($D117,0,$C117)+IF($C117<>1,1,COUNTIF(QCI!$A$13:$A$36,ORÇAMENTO!E117)),OFFSET($D117,1,$C117,ROW($C$472)-ROW($C117)),0))","v":8},"F","Nível 2","Nível 2","8.1.","SINAPI",null,{"$f":"IF($C117=\"S\",REFERENCIA.Descricao,\"ESQUADRIAS DE MADEIRA\")","v":"ESQUADRIAS DE MADEIRA"},{"$f":"REFERENCIA.Unidade","v":"-"},{"$f":"OFFSET(CÁLCULO!H$15,ROW($T117)-ROW(T$15),0)","v":0},null,"BDI 1",{"$f":"IF($C117=\"S\",ROUND(IF(TIPOORCAMENTO=\"Proposto\",ORÇAMENTO.CustoUnitario*(1+$AH117),ORÇAMENTO.PrecoUnitarioLicitado),15-13*$AF$10),0)","v":0},{"$f":"IF($C117=\"S\",IF(OR(Import.TipoArredondamento<>\"TransfereGOV\",ACOMPANHAMENTO=\"BM\"),VTOTAL1,SUM(OFFSET(CÁLCULO!$AI$15,ROW($X117)-ROW($X$15),1):OFFSET(CÁLCULO!$BB$15,ROW($X117)-ROW($X$15),-1))),IF($C117=0,0,ROUND(SomaAgrup,15-13*$AF$11)))","v":52533.39},"RA","",{"$f":"IF($C117=\"S\",IF($Z117=\"CP\",$X117,IF($Z117=\"RA\",(($X117)*QCI!$AA$3),0)),SomaAgrup)","v":4545.9087998214854},{"$f":"IF($C117=\"S\",IF($Z117=\"OU\",ROUND($X117,2),0),SomaAgrup)","v":0},{"$f":"IF($N117=\"\",\" \",\nIF(AND($C117<>\"S\",OR($R117=\"\",$R117=\"(digite a descrição aqui)\")),\"DESCRIÇÃO\",\nIF(AND($C117=\"S\",OR($Q117<>\"\",$T117>0,$U117>0),$P117=\"\"),\"FONTE\",\nIF(AND($C117=\"S\",$P117<>\"\",OR($T117>0,$U117>0),$Q117=\"\"),\"CÓDIGO\",\nIF(AND($C117=\"S\",$P117<>\"\",$Q117<>\"\",$R117=\"(Código não identificado nas referências)\"),\"CÓDIGO N/ID\",\nIF(AND($C117=\"S\",OR($R117=\"\",$R117=\"(digite a descrição aqui)\"),OR($Q117<>\"\",$T117>0,$U117>0)),\"DESCRIÇÃO\",\nIF(AND($C117=\"S\",$P117<>\"\",$Q117<>\"\",$S117=\"\"),\"UNIDADE\",\nIF(AND($C117=\"S\",$P117<>\"\",$Q117<>\"\",$U117=0),\"SEM CUSTO\",\nIF(AND(TIPOORCAMENTO=\"Licitado\",$AL117=0,$AN117>0),\"SEM PREÇO\",\nIF(AND($C117=\"S\",$P117<>\"\",$Q117<>\"\",$U117>0,AND($V117<>\"BDI 1\",$V117<>\"BDI 2\",$V117<>\"BDI 3\")),IF(ISNUMBER($V117),\"JUSTIFICAR BDI\",\"BDI\"),\nIF(OR(AND(import.recurso=\"OGU\",TIPOORCAMENTO=\"Proposto\",LEFT($O$8,5)<>\"(N/D:\",$AG117<>\"\",ORÇAMENTO.CustoUnitario>$AG117),AND(TIPOORCAMENTO=\"LICITADO\",ORÇAMENTO.PrecoUnitarioLicitado>$AN117)),\"ACIMA REF.\",\nIF(AND($C117=\"S\",$P117<>\"\",$Q117<>\"\",$T117=0,$U117>0),\"QUANT.\",\nIF(AND(Import.TipoArredondamento=\"TransfereGOV\",$L117=\"F\",$C117=\"S\",LEN($Q117)>13),\"Código >13\",\nIF(AND(Import.TipoArredondamento=\"TransfereGOV\",$L117=\"F\",$C117<>\"S\",LEN($R117)>100),\"Descrição >100\",\nIF(AND(Import.TipoArredondamento=\"TransfereGOV\",$L117=\"F\",$C117=\"S\",LEN($R117)>500),\"Descrição >500\",\nIF(AND(Import.TipoArredondamento=\"TransfereGOV\",$L117=\"F\",$C117=\"S\",LEFT(TRIM(UPPER($P117)),6)<>\"SINAPI\",ISNA(VLOOKUP(TRIM(UPPER($S117)),ListaTgov.Unidades,1,FALSE))),\"Unid. Não Disp\",\n\" \"))))))))))))))))","v":" "},{"$f":"IF(C117<=CRONO.NivelExibicao,MAX($AD$15:OFFSET(AD117,-1,0))+IF($C117<>1,1,MAX(1,COUNTIF(QCI!$A$13:$A$36,OFFSET($E117,-1,0)))),\"\")","v":24},{"$f":"IF(AND($C117=\"S\",ORÇAMENTO.CodBarra<>\"\"),IF(ORÇAMENTO.Fonte=\"\",ORÇAMENTO.CodBarra,CONCATENATE(ORÇAMENTO.Fonte,\" \",ORÇAMENTO.CodBarra)))","v":false},{"$f":"IF(ISERROR(ORÇAMENTO.BancoRef),\"(abra o arquivo 'Referência \"&Excel_BuiltIn_Database&\".xlsm)\",IF(OR($C117<>\"S\",ORÇAMENTO.CodBarra=\"\"),\"(Sem Código)\",IF(ISERROR(MATCH($AE117,INDIRECT(ORÇAMENTO.BancoRef),0)),\"(Código não identificado nas referências)\",MATCH($AE117,INDIRECT(ORÇAMENTO.BancoRef),0))))","v":"(Sem Código)"},{"$f":"ROUND(IF(DESONERACAO=\"sim\",REFERENCIA.Desonerado,REFERENCIA.NaoDesonerado),2)","v":0},0.25290000000000001,null,null,null,null,52533.39,{"$f":"ROUND(ORÇAMENTO.CustoUnitario*(1+$AH117),2)","v":0}]
[3,3,3,7,{"$f":"IF($C118=1,OFFSET(E118,-1,0)+MAX(1,COUNTIF(QCI!$A$13:$A$36,OFFSET(ORÇAMENTO!E118,-1,0))),OFFSET(E118,-1,0))","v":8},1,1,0,0,7,{"$f":"IF(OR($C118=\"S\",$C118=0),0,MATCH(OFFSET($D118,0,$C118)+IF($C118<>1,1,COUNTIF(QCI!$A$13:$A$36,ORÇAMENTO!E118)),OFFSET($D118,1,$C118,ROW($C$472)-ROW($C118)),0))","v":14},"F","Nível 3","Nível 3","8.1.1.","SINAPI",null,{"$f":"IF($C118=\"S\",REFERENCIA.Descricao,\"PORTAS DE MADEIRA\")","v":"PORTAS DE MADEIRA"},{"$f":"REFERENCIA.Unidade","v":"-"},{"$f":"OFFSET(CÁLCULO!H$15,ROW($T118)-ROW(T$15),0)","v":0},null,"BDI 1",{"$f":"IF($C118=\"S\",ROUND(IF(TIPOORCAMENTO=\"Proposto\",ORÇAMENTO.CustoUnitario*(1+$AH118),ORÇAMENTO.PrecoUnitarioLicitado),15-13*$AF$10),0)","v":0},{"$f":"IF($C118=\"S\",IF(OR(Import.TipoArredondamento<>\"TransfereGOV\",ACOMPANHAMENTO=\"BM\"),VTOTAL1,SUM(OFFSET(CÁLCULO!$AI$15,ROW($X118)-ROW($X$15),1):OFFSET(CÁLCULO!$BB$15,ROW($X118)-ROW($X$15),-1))),IF($C118=0,0,ROUND(SomaAgrup,15-13*$AF$11)))","v":52533.39},"RA","",{"$f":"IF($C118=\"S\",IF($Z118=\"CP\",$X118,IF($Z118=\"RA\",(($X118)*QCI!$AA$3),0)),SomaAgrup)","v":4545.9087998214854},{"$f":"IF($C118=\"S\",IF($Z118=\"OU\",ROUND($X118,2),0),SomaAgrup)","v":0},{"$f":"IF($N118=\"\",\" \",\nIF(AND($C118<>\"S\",OR($R118=\"\",$R118=\"(digite a descrição aqui)\")),\"DESCRIÇÃO\",\nIF(AND($C118=\"S\",OR($Q118<>\"\",$T118>0,$U118>0),$P118=\"\"),\"FONTE\",\nIF(AND($C118=\"S\",$P118<>\"\",OR($T118>0,$U118>0),$Q118=\"\"),\"CÓDIGO\",\nIF(AND($C118=\"S\",$P118<>\"\",$Q118<>\"\",$R118=\"(Código não identificado nas referências)\"),\"CÓDIGO N/ID\",\nIF(AND($C118=\"S\",OR($R118=\"\",$R118=\"(digite a descrição aqui)\"),OR($Q118<>\"\",$T118>0,$U118>0)),\"DESCRIÇÃO\",\nIF(AND($C118=\"S\",$P118<>\"\",$Q118<>\"\",$S118=\"\"),\"UNIDADE\",\nIF(AND($C118=\"S\",$P118<>\"\",$Q118<>\"\",$U118=0),\"SEM CUSTO\",\nIF(AND(TIPOORCAMENTO=\"Licitado\",$AL118=0,$AN118>0),\"SEM PREÇO\",\nIF(AND($C118=\"S\",$P118<>\"\",$Q118<>\"\",$U118>0,AND($V118<>\"BDI 1\",$V118<>\"BDI 2\",$V118<>\"BDI 3\")),IF(ISNUMBER($V118),\"JUSTIFICAR BDI\",\"BDI\"),\nIF(OR(AND(import.recurso=\"OGU\",TIPOORCAMENTO=\"Proposto\",LEFT($O$8,5)<>\"(N/D:\",$AG118<>\"\",ORÇAMENTO.CustoUnitario>$AG118),AND(TIPOORCAMENTO=\"LICITADO\",ORÇAMENTO.PrecoUnitarioLicitado>$AN118)),\"ACIMA REF.\",\nIF(AND($C118=\"S\",$P118<>\"\",$Q118<>\"\",$T118=0,$U118>0),\"QUANT.\",\nIF(AND(Import.TipoArredondamento=\"TransfereGOV\",$L118=\"F\",$C118=\"S\",LEN($Q118)>13),\"Código >13\",\nIF(AND(Import.TipoArredondamento=\"TransfereGOV\",$L118=\"F\",$C118<>\"S\",LEN($R118)>100),\"Descrição >100\",\nIF(AND(Import.TipoArredondamento=\"TransfereGOV\",$L118=\"F\",$C118=\"S\",LEN($R118)>500),\"Descrição >500\",\nIF(AND(Import.TipoArredondamento=\"TransfereGOV\",$L118=\"F\",$C118=\"S\",LEFT(TRIM(UPPER($P118)),6)<>\"SINAPI\",ISNA(VLOOKUP(TRIM(UPPER($S118)),ListaTgov.Unidades,1,FALSE))),\"Unid. Não Disp\",\n\" \"))))))))))))))))","v":" "},{"$f":"IF(C118<=CRONO.NivelExibicao,MAX($AD$15:OFFSET(AD118,-1,0))+IF($C118<>1,1,MAX(1,COUNTIF(QCI!$A$13:$A$36,OFFSET($E118,-1,0)))),\"\")","v":""},{"$f":"IF(AND($C118=\"S\",ORÇAMENTO.CodBarra<>\"\"),IF(ORÇAMENTO.Fonte=\"\",ORÇAMENTO.CodBarra,CONCATENATE(ORÇAMENTO.Fonte,\" \",ORÇAMENTO.CodBarra)))","v":false},{"$f":"IF(ISERROR(ORÇAMENTO.BancoRef),\"(abra o arquivo 'Referência \"&Excel_BuiltIn_Database&\".xlsm)\",IF(OR($C118<>\"S\",ORÇAMENTO.CodBarra=\"\"),\"(Sem Código)\",IF(ISERROR(MATCH($AE118,INDIRECT(ORÇAMENTO.BancoRef),0)),\"(Código não identificado nas referências)\",MATCH($AE118,INDIRECT(ORÇAMENTO.BancoRef),0))))","v":"(Sem Código)"},{"$f":"ROUND(IF(DESONERACAO=\"sim\",REFERENCIA.Desonerado,REFERENCIA.NaoDesonerado),2)","v":0},0.25290000000000001,null,null,null,null,52533.39,{"$f":"ROUND(ORÇAMENTO.CustoUnitario*(1+$AH118),2)","v":0}]
["S",3,"S",0,{"$f":"IF($C119=1,OFFSET(E119,-1,0)+MAX(1,COUNTIF(QCI!$A$13:$A$36,OFFSET(ORÇAMENTO!E119,-1,0))),OFFSET(E119,-1,0))","v":8},1,1,0,1,0,{"$f":"IF(OR($C119=\"S\",$C119=0),0,MATCH(OFFSET($D119,0,$C119)+IF($C119<>1,1,COUNTIF(QCI!$A$13:$A$36,ORÇAMENTO!E119)),OFFSET($D119,1,$C119,ROW($C$472)-ROW($C119)),0))","v":0},"F","Serviço","Serviço","8.1.1.1.","SINAPI","90844",{"$f":"IF($C119=\"S\",REFERENCIA.Descricao,\"(digite a descrição aqui)\")","v":"KIT DE PORTA DE MADEIRA PARA PINTURA, SEMI-OCA (LEVE OU MÉDIA), PADRÃO MÉDIO, 90X210CM, ESPESSURA DE 3,5CM, ITENS INCLUSOS: DOBRADIÇAS, MONTAGEM E INSTALAÇÃO DO BATENTE, FECHADURA COM EXECUÇÃO DO FURO - FORNECIMENTO E INSTALAÇÃO. AF_12/2019"},{"$f":"REFERENCIA.Unidade","v":"UN"},{"$f":"OFFSET(CÁLCULO!H$15,ROW($T119)-ROW(T$15),0)","v":12},{"$f":"AG119","v":1159.58},"BDI 1",{"$f":"IF($C119=\"S\",ROUND(IF(TIPOORCAMENTO=\"Proposto\",ORÇAMENTO.CustoUnitario*(1+$AH119),ORÇAMENTO.PrecoUnitarioLicitado),15-13*$AF$10),0)","v":1452.84},{"$f":"IF($C119=\"S\",IF(OR(Import.TipoArredondamento<>\"TransfereGOV\",ACOMPANHAMENTO=\"BM\"),VTOTAL1,SUM(OFFSET(CÁLCULO!$AI$15,ROW($X119)-ROW($X$15),1):OFFSET(CÁLCULO!$BB$15,ROW($X119)-ROW($X$15),-1))),IF($C119=0,0,ROUND(SomaAgrup,15-13*$AF$11)))","v":17434.080000000002},"RA","RA",{"$f":"IF($C119=\"S\",IF($Z119=\"CP\",$X119,IF($Z119=\"RA\",(($X119)*QCI!$AA$3),0)),SomaAgrup)","v":1508.6355114107764},{"$f":"IF($C119=\"S\",IF($Z119=\"OU\",ROUND($X119,2),0),SomaAgrup)","v":0},{"$f":"IF($N119=\"\",\" \",\nIF(AND($C119<>\"S\",OR($R119=\"\",$R119=\"(digite a descrição aqui)\")),\"DESCRIÇÃO\",\nIF(AND($C119=\"S\",OR($Q119<>\"\",$T119>0,$U119>0),$P119=\"\"),\"FONTE\",\nIF(AND($C119=\"S\",$P119<>\"\",OR($T119>0,$U119>0),$Q119=\"\"),\"CÓDIGO\",\nIF(AND($C119=\"S\",$P119<>\"\",$Q119<>\"\",$R119=\"(Código não identificado nas referências)\"),\"CÓDIGO N/ID\",\nIF(AND($C119=\"S\",OR($R119=\"\",$R119=\"(digite a descrição aqui)\"),OR($Q119<>\"\",$T119>0,$U119>0)),\"DESCRIÇÃO\",\nIF(AND($C119=\"S\",$P119<>\"\",$Q119<>\"\",$S119=\"\"),\"UNIDADE\",\nIF(AND($C119=\"S\",$P119<>\"\",$Q119<>\"\",$U119=0),\"SEM CUSTO\",\nIF(AND(TIPOORCAMENTO=\"Licitado\",$AL119=0,$AN119>0),\"SEM PREÇO\",\nIF(AND($C119=\"S\",$P119<>\"\",$Q119<>\"\",$U119>0,AND($V119<>\"BDI 1\",$V119<>\"BDI 2\",$V119<>\"BDI 3\")),IF(ISNUMBER($V119),\"JUSTIFICAR BDI\",\"BDI\"),\nIF(OR(AND(import.recurso=\"OGU\",TIPOORCAMENTO=\"Proposto\",LEFT($O$8,5)<>\"(N/D:\",$AG119<>\"\",ORÇAMENTO.CustoUnitario>$AG119),AND(TIPOORCAMENTO=\"LICITADO\",ORÇAMENTO.PrecoUnitarioLicitado>$AN119)),\"ACIMA REF.\",\nIF(AND($C119=\"S\",$P119<>\"\",$Q119<>\"\",$T119=0,$U119>0),\"QUANT.\",\nIF(AND(Import.TipoArredondamento=\"TransfereGOV\",$L119=\"F\",$C119=\"S\",LEN($Q119)>13),\"Código >13\",\nIF(AND(Import.TipoArredondamento=\"TransfereGOV\",$L119=\"F\",$C119<>\"S\",LEN($R119)>100),\"Descrição >100\",\nIF(AND(Import.TipoArredondamento=\"TransfereGOV\",$L119=\"F\",$C119=\"S\",LEN($R119)>500),\"Descrição >500\",\nIF(AND(Import.TipoArredondamento=\"TransfereGOV\",$L119=\"F\",$C119=\"S\",LEFT(TRIM(UPPER($P119)),6)<>\"SINAPI\",ISNA(VLOOKUP(TRIM(UPPER($S119)),ListaTgov.Unidades,1,FALSE))),\"Unid. Não Disp\",\n\" \"))))))))))))))))","v":" "},{"$f":"IF(C119<=CRONO.NivelExibicao,MAX($AD$15:OFFSET(AD119,-1,0))+IF($C119<>1,1,MAX(1,COUNTIF(QCI!$A$13:$A$36,OFFSET($E119,-1,0)))),\"\")","v":""},{"$f":"IF(AND($C119=\"S\",ORÇAMENTO.CodBarra<>\"\"),IF(ORÇAMENTO.Fonte=\"\",ORÇAMENTO.CodBarra,CONCATENATE(ORÇAMENTO.Fonte,\" \",ORÇAMENTO.CodBarra)))","v":"SINAPI 90844"},{"$f":"IF(ISERROR(ORÇAMENTO.BancoRef),\"(abra o arquivo 'Referência \"&Excel_BuiltIn_Database&\".xlsm)\",IF(OR($C119<>\"S\",ORÇAMENTO.CodBarra=\"\"),\"(Sem Código)\",IF(ISERROR(MATCH($AE119,INDIRECT(ORÇAMENTO.BancoRef),0)),\"(Código não identificado nas referências)\",MATCH($AE119,INDIRECT(ORÇAMENTO.BancoRef),0))))","v":9770},{"$f":"ROUND(IF(DESONERACAO=\"sim\",REFERENCIA.Desonerado,REFERENCIA.NaoDesonerado),2)","v":1159.58},0.25290000000000001,null,null,null,null,17434.080000000002,{"$f":"ROUND(ORÇAMENTO.CustoUnitario*(1+$AH119),2)","v":1452.84}]
["S",3,"S",0,{"$f":"IF($C120=1,OFFSET(E120,-1,0)+MAX(1,COUNTIF(QCI!$A$13:$A$36,OFFSET(ORÇAMENTO!E120,-1,0))),OFFSET(E120,-1,0))","v":8},1,1,0,2,0,{"$f":"IF(OR($C120=\"S\",$C120=0),0,MATCH(OFFSET($D120,0,$C120)+IF($C120<>1,1,COUNTIF(QCI!$A$13:$A$36,ORÇAMENTO!E120)),OFFSET($D120,1,$C120,ROW($C$472)-ROW($C120)),0))","v":0},"F","Serviço","Serviço","8.1.1.2.","SINAPI","90843",{"$f":"IF($C120=\"S\",REFERENCIA.Descricao,\"(digite a descrição aqui)\")","v":"KIT DE PORTA DE MADEIRA PARA PINTURA, SEMI-OCA (LEVE OU MÉDIA), PADRÃO MÉDIO, 80X210CM, ESPESSURA DE 3,5CM, ITENS INCLUSOS: DOBRADIÇAS, MONTAGEM E INSTALAÇÃO DO BATENTE, FECHADURA COM EXECUÇÃO DO FURO - FORNECIMENTO E INSTALAÇÃO. AF_12/2019"},{"$f":"REFERENCIA.Unidade","v":"UN"},{"$f":"OFFSET(CÁLCULO!H$15,ROW($T120)-ROW(T$15),0)","v":10},{"$f":"AG120","v":1079.46},"BDI 1",{"$f":"IF($C120=\"S\",ROUND(IF(TIPOORCAMENTO=\"Proposto\",ORÇAMENTO.CustoUnitario*(1+$AH120),ORÇAMENTO.PrecoUnitarioLicitado),15-13*$AF$10),0)","v":1352.46},{"$f":"IF($C120=\"S\",IF(OR(Import.TipoArredondamento<>\"TransfereGOV\",ACOMPANHAMENTO=\"BM\"),VTOTAL1,SUM(OFFSET(CÁLCULO!$AI$15,ROW($X120)-ROW($X$15),1):OFFSET(CÁLCULO!$BB$15,ROW($X120)-ROW($X$15),-1))),IF($C120=0,0,ROUND(SomaAgrup,15-13*$AF$11)))","v":13524.6},"RA","RA",{"$f":"IF($C120=\"S\",IF($Z120=\"CP\",$X120,IF($Z120=\"RA\",(($X120)*QCI!$AA$3),0)),SomaAgrup)","v":1170.3337278265435},{"$f":"IF($C120=\"S\",IF($Z120=\"OU\",ROUND($X120,2),0),SomaAgrup)","v":0},{"$f":"IF($N120=\"\",\" \",\nIF(AND($C120<>\"S\",OR($R120=\"\",$R120=\"(digite a descrição aqui)\")),\"DESCRIÇÃO\",\nIF(AND($C120=\"S\",OR($Q120<>\"\",$T120>0,$U120>0),$P120=\"\"),\"FONTE\",\nIF(AND($C120=\"S\",$P120<>\"\",OR($T120>0,$U120>0),$Q120=\"\"),\"CÓDIGO\",\nIF(AND($C120=\"S\",$P120<>\"\",$Q120<>\"\",$R120=\"(Código não identificado nas referências)\"),\"CÓDIGO N/ID\",\nIF(AND($C120=\"S\",OR($R120=\"\",$R120=\"(digite a descrição aqui)\"),OR($Q120<>\"\",$T120>0,$U120>0)),\"DESCRIÇÃO\",\nIF(AND($C120=\"S\",$P120<>\"\",$Q120<>\"\",$S120=\"\"),\"UNIDADE\",\nIF(AND($C120=\"S\",$P120<>\"\",$Q120<>\"\",$U120=0),\"SEM CUSTO\",\nIF(AND(TIPOORCAMENTO=\"Licitado\",$AL120=0,$AN120>0),\"SEM PREÇO\",\nIF(AND($C120=\"S\",$P120<>\"\",$Q120<>\"\",$U120>0,AND($V120<>\"BDI 1\",$V120<>\"BDI 2\",$V120<>\"BDI 3\")),IF(ISNUMBER($V120),\"JUSTIFICAR BDI\",\"BDI\"),\nIF(OR(AND(import.recurso=\"OGU\",TIPOORCAMENTO=\"Proposto\",LEFT($O$8,5)<>\"(N/D:\",$AG120<>\"\",ORÇAMENTO.CustoUnitario>$AG120),AND(TIPOORCAMENTO=\"LICITADO\",ORÇAMENTO.PrecoUnitarioLicitado>$AN120)),\"ACIMA REF.\",\nIF(AND($C120=\"S\",$P120<>\"\",$Q120<>\"\",$T120=0,$U120>0),\"QUANT.\",\nIF(AND(Import.TipoArredondamento=\"TransfereGOV\",$L120=\"F\",$C120=\"S\",LEN($Q120)>13),\"Código >13\",\nIF(AND(Import.TipoArredondamento=\"TransfereGOV\",$L120=\"F\",$C120<>\"S\",LEN($R120)>100),\"Descrição >100\",\nIF(AND(Import.TipoArredondamento=\"TransfereGOV\",$L120=\"F\",$C120=\"S\",LEN($R120)>500),\"Descrição >500\",\nIF(AND(Import.TipoArredondamento=\"TransfereGOV\",$L120=\"F\",$C120=\"S\",LEFT(TRIM(UPPER($P120)),6)<>\"SINAPI\",ISNA(VLOOKUP(TRIM(UPPER($S120)),ListaTgov.Unidades,1,FALSE))),\"Unid. Não Disp\",\n\" \"))))))))))))))))","v":" "},{"$f":"IF(C120<=CRONO.NivelExibicao,MAX($AD$15:OFFSET(AD120,-1,0))+IF($C120<>1,1,MAX(1,COUNTIF(QCI!$A$13:$A$36,OFFSET($E120,-1,0)))),\"\")","v":""},{"$f":"IF(AND($C120=\"S\",ORÇAMENTO.CodBarra<>\"\"),IF(ORÇAMENTO.Fonte=\"\",ORÇAMENTO.CodBarra,CONCATENATE(ORÇAMENTO.Fonte,\" \",ORÇAMENTO.CodBarra)))","v":"SINAPI 90843"},{"$f":"IF(ISERROR(ORÇAMENTO.BancoRef),\"(abra o arquivo 'Referência \"&Excel_BuiltIn_Database&\".xlsm)\",IF(OR($C120<>\"S\",ORÇAMENTO.CodBarra=\"\"),\"(Sem Código)\",IF(ISERROR(MATCH($AE120,INDIRECT(ORÇAMENTO.BancoRef),0)),\"(Código não identificado nas referências)\",MATCH($AE120,INDIRECT(ORÇAMENTO.BancoRef),0))))","v":9768},{"$f":"ROUND(IF(DESONERACAO=\"sim\",REFERENCIA.Desonerado,REFERENCIA.NaoDesonerado),2)","v":1079.46},0.25290000000000001,null,null,null,null,13524.6,{"$f":"ROUND(ORÇAMENTO.CustoUnitario*(1+$AH120),2)","v":1352.46}]
["S",3,"S",0,{"$f":"IF($C121=1,OFFSET(E121,-1,0)+MAX(1,COUNTIF(QCI!$A$13:$A$36,OFFSET(ORÇAMENTO!E121,-1,0))),OFFSET(E121,-1,0))","v":8},1,1,0,3,0,{"$f":"IF(OR($C121=\"S\",$C121=0),0,MATCH(OFFSET($D121,0,$C121)+IF($C121<>1,1,COUNTIF(QCI!$A$13:$A$36,ORÇAMENTO!E121)),OFFSET($D121,1,$C121,ROW($C$472)-ROW($C121)),0))","v":0},"F","Serviço","Serviço","8.1.1.3.","Composição","COMP20",{"$f":"IF($C121=\"S\",REFERENCIA.Descricao,\"(digite a descrição aqui)\")","v":"PORTA COMPLETA MADEIRA 1 FL.1,20x2,10M"},{"$f":"REFERENCIA.Unidade","v":"UN"},{"$f":"OFFSET(CÁLCULO!H$15,ROW($T121)-ROW(T$15),0)","v":1},{"$f":"AG121","v":1618.8},"BDI 1",{"$f":"IF($C121=\"S\",ROUND(IF(TIPOORCAMENTO=\"Proposto\",ORÇAMENTO.CustoUnitario*(1+$AH121),ORÇAMENTO.PrecoUnitarioLicitado),15-13*$AF$10),0)","v":2028.19},{"$f":"IF($C121=\"S\",IF(OR(Import.TipoArredondamento<>\"TransfereGOV\",ACOMPANHAMENTO=\"BM\"),VTOTAL1,SUM(OFFSET(CÁLCULO!$AI$15,ROW($X121)-ROW($X$15),1):OFFSET(CÁLCULO!$BB$15,ROW($X121)-ROW($X$15),-1))),IF($C121=0,0,ROUND(SomaAgrup,15-13*$AF$11)))","v":2028.19},"RA","RA",{"$f":"IF($C121=\"S\",IF($Z121=\"CP\",$X121,IF($Z121=\"RA\",(($X121)*QCI!$AA$3),0)),SomaAgrup)","v":175.50679232217715},{"$f":"IF($C121=\"S\",IF($Z121=\"OU\",ROUND($X121,2),0),SomaAgrup)","v":0},{"$f":"IF($N121=\"\",\" \",\nIF(AND($C121<>\"S\",OR($R121=\"\",$R121=\"(digite a descrição aqui)\")),\"DESCRIÇÃO\",\nIF(AND($C121=\"S\",OR($Q121<>\"\",$T121>0,$U121>0),$P121=\"\"),\"FONTE\",\nIF(AND($C121=\"S\",$P121<>\"\",OR($T121>0,$U121>0),$Q121=\"\"),\"CÓDIGO\",\nIF(AND($C121=\"S\",$P121<>\"\",$Q121<>\"\",$R121=\"(Código não identificado nas referências)\"),\"CÓDIGO N/ID\",\nIF(AND($C121=\"S\",OR($R121=\"\",$R121=\"(digite a descrição aqui)\"),OR($Q121<>\"\",$T121>0,$U121>0)),\"DESCRIÇÃO\",\nIF(AND($C121=\"S\",$P121<>\"\",$Q121<>\"\",$S121=\"\"),\"UNIDADE\",\nIF(AND($C121=\"S\",$P121<>\"\",$Q121<>\"\",$U121=0),\"SEM CUSTO\",\nIF(AND(TIPOORCAMENTO=\"Licitado\",$AL121=0,$AN121>0),\"SEM PREÇO\",\nIF(AND($C121=\"S\",$P121<>\"\",$Q121<>\"\",$U121>0,AND($V121<>\"BDI 1\",$V121<>\"BDI 2\",$V121<>\"BDI 3\")),IF(ISNUMBER($V121),\"JUSTIFICAR BDI\",\"BDI\"),\nIF(OR(AND(import.recurso=\"OGU\",TIPOORCAMENTO=\"Proposto\",LEFT($O$8,5)<>\"(N/D:\",$AG121<>\"\",ORÇAMENTO.CustoUnitario>$AG121),AND(TIPOORCAMENTO=\"LICITADO\",ORÇAMENTO.PrecoUnitarioLicitado>$AN121)),\"ACIMA REF.\",\nIF(AND($C121=\"S\",$P121<>\"\",$Q121<>\"\",$T121=0,$U121>0),\"QUANT.\",\nIF(AND(Import.TipoArredondamento=\"TransfereGOV\",$L121=\"F\",$C121=\"S\",LEN($Q121)>13),\"Código >13\",\nIF(AND(Import.TipoArredondamento=\"TransfereGOV\",$L121=\"F\",$C121<>\"S\",LEN($R121)>100),\"Descrição >100\",\nIF(AND(Import.TipoArredondamento=\"TransfereGOV\",$L121=\"F\",$C121=\"S\",LEN($R121)>500),\"Descrição >500\",\nIF(AND(Import.TipoArredondamento=\"TransfereGOV\",$L121=\"F\",$C121=\"S\",LEFT(TRIM(UPPER($P121)),6)<>\"SINAPI\",ISNA(VLOOKUP(TRIM(UPPER($S121)),ListaTgov.Unidades,1,FALSE))),\"Unid. Não Disp\",\n\" \"))))))))))))))))","v":" "},{"$f":"IF(C121<=CRONO.NivelExibicao,MAX($AD$15:OFFSET(AD121,-1,0))+IF($C121<>1,1,MAX(1,COUNTIF(QCI!$A$13:$A$36,OFFSET($E121,-1,0)))),\"\")","v":""},{"$f":"IF(AND($C121=\"S\",ORÇAMENTO.CodBarra<>\"\"),IF(ORÇAMENTO.Fonte=\"\",ORÇAMENTO.CodBarra,CONCATENATE(ORÇAMENTO.Fonte,\" \",ORÇAMENTO.CodBarra)))","v":"Composição COMP20"},{"$f":"IF(ISERROR(ORÇAMENTO.BancoRef),\"(abra o arquivo 'Referência \"&Excel_BuiltIn_Database&\".xlsm)\",IF(OR($C121<>\"S\",ORÇAMENTO.CodBarra=\"\"),\"(Sem Código)\",IF(ISERROR(MATCH($AE121,INDIRECT(ORÇAMENTO.BancoRef),0)),\"(Código não identificado nas referências)\",MATCH($AE121,INDIRECT(ORÇAMENTO.BancoRef),0))))","v":22},{"$f":"ROUND(IF(DESONERACAO=\"sim\",REFERENCIA.Desonerado,REFERENCIA.NaoDesonerado),2)","v":1618.8},0.25290000000000001,null,null,null,null,2028.19,{"$f":"ROUND(ORÇAMENTO.CustoUnitario*(1+$AH121),2)","v":2028.19}]
["S",3,"S",0,{"$f":"IF($C122=1,OFFSET(E122,-1,0)+MAX(1,COUNTIF(QCI!$A$13:$A$36,OFFSET(ORÇAMENTO!E122,-1,0))),OFFSET(E122,-1,0))","v":8},1,1,0,4,0,{"$f":"IF(OR($C122=\"S\",$C122=0),0,MATCH(OFFSET($D122,0,$C122)+IF($C122<>1,1,COUNTIF(QCI!$A$13:$A$36,ORÇAMENTO!E122)),OFFSET($D122,1,$C122,ROW($C$472)-ROW($C122)),0))","v":0},"F","Serviço","Serviço","8.1.1.4.","Composição","COMP21",{"$f":"IF($C122=\"S\",REFERENCIA.Descricao,\"(digite a descrição aqui)\")","v":"PORTA LISA DE CORRER SUSPENSA EM MADEIRA COM BATENTE"},{"$f":"REFERENCIA.Unidade","v":"M2"},{"$f":"OFFSET(CÁLCULO!H$15,ROW($T122)-ROW(T$15),0)","v":14.39},{"$f":"AG122","v":560.55999999999995},"BDI 1",{"$f":"IF($C122=\"S\",ROUND(IF(TIPOORCAMENTO=\"Proposto\",ORÇAMENTO.CustoUnitario*(1+$AH122),ORÇAMENTO.PrecoUnitarioLicitado),15-13*$AF$10),0)","v":702.33},{"$f":"IF($C122=\"S\",IF(OR(Import.TipoArredondamento<>\"TransfereGOV\",ACOMPANHAMENTO=\"BM\"),VTOTAL1,SUM(OFFSET(CÁLCULO!$AI$15,ROW($X122)-ROW($X$15),1):OFFSET(CÁLCULO!$BB$15,ROW($X122)-ROW($X$15),-1))),IF($C122=0,0,ROUND(SomaAgrup,15-13*$AF$11)))","v":10106.530000000001},"RA","RA",{"$f":"IF($C122=\"S\",IF($Z122=\"CP\",$X122,IF($Z122=\"RA\",(($X122)*QCI!$AA$3),0)),SomaAgrup)","v":874.55547153267355},{"$f":"IF($C122=\"S\",IF($Z122=\"OU\",ROUND($X122,2),0),SomaAgrup)","v":0},{"$f":"IF($N122=\"\",\" \",\nIF(AND($C122<>\"S\",OR($R122=\"\",$R122=\"(digite a descrição aqui)\")),\"DESCRIÇÃO\",\nIF(AND($C122=\"S\",OR($Q122<>\"\",$T122>0,$U122>0),$P122=\"\"),\"FONTE\",\nIF(AND($C122=\"S\",$P122<>\"\",OR($T122>0,$U122>0),$Q122=\"\"),\"CÓDIGO\",\nIF(AND($C122=\"S\",$P122<>\"\",$Q122<>\"\",$R122=\"(Código não identificado nas referências)\"),\"CÓDIGO N/ID\",\nIF(AND($C122=\"S\",OR($R122=\"\",$R122=\"(digite a descrição aqui)\"),OR($Q122<>\"\",$T122>0,$U122>0)),\"DESCRIÇÃO\",\nIF(AND($C122=\"S\",$P122<>\"\",$Q122<>\"\",$S122=\"\"),\"UNIDADE\",\nIF(AND($C122=\"S\",$P122<>\"\",$Q122<>\"\",$U122=0),\"SEM CUSTO\",\nIF(AND(TIPOORCAMENTO=\"Licitado\",$AL122=0,$AN122>0),\"SEM PREÇO\",\nIF(AND($C122=\"S\",$P122<>\"\",$Q122<>\"\",$U122>0,AND($V122<>\"BDI 1\",$V122<>\"BDI 2\",$V122<>\"BDI 3\")),IF(ISNUMBER($V122),\"JUSTIFICAR BDI\",\"BDI\"),\nIF(OR(AND(import.recurso=\"OGU\",TIPOORCAMENTO=\"Proposto\",LEFT($O$8,5)<>\"(N/D:\",$AG122<>\"\",ORÇAMENTO.CustoUnitario>$AG122),AND(TIPOORCAMENTO=\"LICITADO\",ORÇAMENTO.PrecoUnitarioLicitado>$AN122)),\"ACIMA REF.\",\nIF(AND($C122=\"S\",$P122<>\"\",$Q122<>\"\",$T122=0,$U122>0),\"QUANT.\",\nIF(AND(Import.TipoArredondamento=\"TransfereGOV\",$L122=\"F\",$C122=\"S\",LEN($Q122)>13),\"Código >13\",\nIF(AND(Import.TipoArredondamento=\"TransfereGOV\",$L122=\"F\",$C122<>\"S\",LEN($R122)>100),\"Descrição >100\",\nIF(AND(Import.TipoArredondamento=\"TransfereGOV\",$L122=\"F\",$C122=\"S\",LEN($R122)>500),\"Descrição >500\",\nIF(AND(Import.TipoArredondamento=\"TransfereGOV\",$L122=\"F\",$C122=\"S\",LEFT(TRIM(UPPER($P122)),6)<>\"SINAPI\",ISNA(VLOOKUP(TRIM(UPPER($S122)),ListaTgov.Unidades,1,FALSE))),\"Unid. Não Disp\",\n\" \"))))))))))))))))","v":" "},{"$f":"IF(C122<=CRONO.NivelExibicao,MAX($AD$15:OFFSET(AD122,-1,0))+IF($C122<>1,1,MAX(1,COUNTIF(QCI!$A$13:$A$36,OFFSET($E122,-1,0)))),\"\")","v":""},{"$f":"IF(AND($C122=\"S\",ORÇAMENTO.CodBarra<>\"\"),IF(ORÇAMENTO.Fonte=\"\",ORÇAMENTO.CodBarra,CONCATENATE(ORÇAMENTO.Fonte,\" \",ORÇAMENTO.CodBarra)))","v":"Composição COMP21"},{"$f":"IF(ISERROR(ORÇAMENTO.BancoRef),\"(abra o arquivo 'Referência \"&Excel_BuiltIn_Database&\".xlsm)\",IF(OR($C122<>\"S\",ORÇAMENTO.CodBarra=\"\"),\"(Sem Código)\",IF(ISERROR(MATCH($AE122,INDIRECT(ORÇAMENTO.BancoRef),0)),\"(Código não identificado nas referências)\",MATCH($AE122,INDIRECT(ORÇAMENTO.BancoRef),0))))","v":23},{"$f":"ROUND(IF(DESONERACAO=\"sim\",REFERENCIA.Desonerado,REFERENCIA.NaoDesonerado),2)","v":560.55999999999995},0.25290000000000001,null,null,null,null,10106.530000000001,{"$f":"ROUND(ORÇAMENTO.CustoUnitario*(1+$AH122),2)","v":702.33}]
[{"$f":"CHOOSE(1+LOG(1+2*(ORÇAMENTO.Nivel=\"Meta\")+4*(ORÇAMENTO.Nivel=\"Nível 2\")+8*(ORÇAMENTO.Nivel=\"Nível 3\")+16*(ORÇAMENTO.Nivel=\"Nível 4\")+32*(ORÇAMENTO.Nivel=\"Serviço\"),2),0,1,2,3,4,\"S\")","v":"S"},3,"S",0,{"$f":"IF($C123=1,OFFSET(E123,-1,0)+MAX(1,COUNTIF(QCI!$A$13:$A$36,OFFSET(ORÇAMENTO!E123,-1,0))),OFFSET(E123,-1,0))","v":8},1,1,0,5,0,{"$f":"IF(OR($C123=\"S\",$C123=0),0,MATCH(OFFSET($D123,0,$C123)+IF($C123<>1,1,COUNTIF(QCI!$A$13:$A$36,ORÇAMENTO!E123)),OFFSET($D123,1,$C123,ROW($C$472)-ROW($C123)),0))","v":0},"F","Serviço","Serviço","8.1.1.5.","Composição","COMP22",{"$f":"IF($C123=\"S\",REFERENCIA.Descricao,\"(digite a descrição aqui)\")","v":"PORTA COMPLETA MADEIRA 2 FL.1,40x2,10M PARA VIDRO"},{"$f":"REFERENCIA.Unidade","v":"UN"},{"$f":"OFFSET(CÁLCULO!H$15,ROW($T123)-ROW(T$15),0)","v":1},4302.62,"BDI 1",{"$f":"IF($C123=\"S\",ROUND(IF(TIPOORCAMENTO=\"Proposto\",ORÇAMENTO.CustoUnitario*(1+$AH123),ORÇAMENTO.PrecoUnitarioLicitado),15-13*$AF$10),0)","v":5390.75},{"$f":"IF($C123=\"S\",IF(OR(Import.TipoArredondamento<>\"TransfereGOV\",ACOMPANHAMENTO=\"BM\"),VTOTAL1,SUM(OFFSET(CÁLCULO!$AI$15,ROW($X123)-ROW($X$15),1):OFFSET(CÁLCULO!$BB$15,ROW($X123)-ROW($X$15),-1))),IF($C123=0,0,ROUND(SomaAgrup,15-13*$AF$11)))","v":5390.75},"RA","RA",{"$f":"IF($C123=\"S\",IF($Z123=\"CP\",$X123,IF($Z123=\"RA\",(($X123)*QCI!$AA$3),0)),SomaAgrup)","v":466.48156272872683},{"$f":"IF($C123=\"S\",IF($Z123=\"OU\",ROUND($X123,2),0),SomaAgrup)","v":0},{"$f":"IF($N123=\"\",\" \",\nIF(AND($C123<>\"S\",OR($R123=\"\",$R123=\"(digite a descrição aqui)\")),\"DESCRIÇÃO\",\nIF(AND($C123=\"S\",OR($Q123<>\"\",$T123>0,$U123>0),$P123=\"\"),\"FONTE\",\nIF(AND($C123=\"S\",$P123<>\"\",OR($T123>0,$U123>0),$Q123=\"\"),\"CÓDIGO\",\nIF(AND($C123=\"S\",$P123<>\"\",$Q123<>\"\",$R123=\"(Código não identificado nas referências)\"),\"CÓDIGO N/ID\",\nIF(AND($C123=\"S\",OR($R123=\"\",$R123=\"(digite a descrição aqui)\"),OR($Q123<>\"\",$T123>0,$U123>0)),\"DESCRIÇÃO\",\nIF(AND($C123=\"S\",$P123<>\"\",$Q123<>\"\",$S123=\"\"),\"UNIDADE\",\nIF(AND($C123=\"S\",$P123<>\"\",$Q123<>\"\",$U123=0),\"SEM CUSTO\",\nIF(AND(TIPOORCAMENTO=\"Licitado\",$AL123=0,$AN123>0),\"SEM PREÇO\",\nIF(AND($C123=\"S\",$P123<>\"\",$Q123<>\"\",$U123>0,AND($V123<>\"BDI 1\",$V123<>\"BDI 2\",$V123<>\"BDI 3\")),IF(ISNUMBER($V123),\"JUSTIFICAR BDI\",\"BDI\"),\nIF(OR(AND(import.recurso=\"OGU\",TIPOORCAMENTO=\"Proposto\",LEFT($O$8,5)<>\"(N/D:\",$AG123<>\"\",ORÇAMENTO.CustoUnitario>$AG123),AND(TIPOORCAMENTO=\"LICITADO\",ORÇAMENTO.PrecoUnitarioLicitado>$AN123)),\"ACIMA REF.\",\nIF(AND($C123=\"S\",$P123<>\"\",$Q123<>\"\",$T123=0,$U123>0),\"QUANT.\",\nIF(AND(Import.TipoArredondamento=\"TransfereGOV\",$L123=\"F\",$C123=\"S\",LEN($Q123)>13),\"Código >13\",\nIF(AND(Import.TipoArredondamento=\"TransfereGOV\",$L123=\"F\",$C123<>\"S\",LEN($R123)>100),\"Descrição >100\",\nIF(AND(Import.TipoArredondamento=\"TransfereGOV\",$L123=\"F\",$C123=\"S\",LEN($R123)>500),\"Descrição >500\",\nIF(AND(Import.TipoArredondamento=\"TransfereGOV\",$L123=\"F\",$C123=\"S\",LEFT(TRIM(UPPER($P123)),6)<>\"SINAPI\",ISNA(VLOOKUP(TRIM(UPPER($S123)),ListaTgov.Unidades,1,FALSE))),\"Unid. Não Disp\",\n\" \"))))))))))))))))","v":" "},{"$f":"IF(C123<=CRONO.NivelExibicao,MAX($AD$15:OFFSET(AD123,-1,0))+IF($C123<>1,1,MAX(1,COUNTIF(QCI!$A$13:$A$36,OFFSET($E123,-1,0)))),\"\")","v":""},{"$f":"IF(AND($C123=\"S\",ORÇAMENTO.CodBarra<>\"\"),IF(ORÇAMENTO.Fonte=\"\",ORÇAMENTO.CodBarra,CONCATENATE(ORÇAMENTO.Fonte,\" \",ORÇAMENTO.CodBarra)))","v":"Composição COMP22"},{"$f":"IF(ISERROR(ORÇAMENTO.BancoRef),\"(abra o arquivo 'Referência \"&Excel_BuiltIn_Database&\".xlsm)\",IF(OR($C123<>\"S\",ORÇAMENTO.CodBarra=\"\"),\"(Sem Código)\",IF(ISERROR(MATCH($AE123,INDIRECT(ORÇAMENTO.BancoRef),0)),\"(Código não identificado nas referências)\",MATCH($AE123,INDIRECT(ORÇAMENTO.BancoRef),0))))","v":24},{"$f":"ROUND(IF(DESONERACAO=\"sim\",REFERENCIA.Desonerado,REFERENCIA.NaoDesonerado),2)","v":4302.62},{"$f":"ROUND(IF(ISNUMBER(ORÇAMENTO.OpcaoBDI),ORÇAMENTO.OpcaoBDI,IF(LEFT(ORÇAMENTO.OpcaoBDI,3)=\"BDI\",HLOOKUP(ORÇAMENTO.OpcaoBDI,$F$4:$H$5,2,FALSE),0)),15-11*$AF$9)","v":0.25290000000000001},null,null,null,null,5390.75,{"$f":"ROUND(ORÇAMENTO.CustoUnitario*(1+$AH123),2)","v":5390.75}]
["S",3,"S",0,{"$f":"IF($C124=1,OFFSET(E124,-1,0)+MAX(1,COUNTIF(QCI!$A$13:$A$36,OFFSET(ORÇAMENTO!E124,-1,0))),OFFSET(E124,-1,0))","v":8},1,1,0,6,0,{"$f":"IF(OR($C124=\"S\",$C124=0),0,MATCH(OFFSET($D124,0,$C124)+IF($C124<>1,1,COUNTIF(QCI!$A$13:$A$36,ORÇAMENTO!E124)),OFFSET($D124,1,$C124,ROW($C$472)-ROW($C124)),0))","v":0},"F","Serviço","Serviço","8.1.1.6.","Composição","COMP23",{"$f":"IF($C124=\"S\",REFERENCIA.Descricao,\"(digite a descrição aqui)\")","v":"PORTA COMPLETA MADEIRA 2 FL.1,60x2,10m LISA FER.VAI-E-VEM"},{"$f":"REFERENCIA.Unidade","v":"UN"},{"$f":"OFFSET(CÁLCULO!H$15,ROW($T124)-ROW(T$15),0)","v":2},1615.95,"BDI 1",{"$f":"IF($C124=\"S\",ROUND(IF(TIPOORCAMENTO=\"Proposto\",ORÇAMENTO.CustoUnitario*(1+$AH124),ORÇAMENTO.PrecoUnitarioLicitado),15-13*$AF$10),0)","v":2024.62},{"$f":"IF($C124=\"S\",IF(OR(Import.TipoArredondamento<>\"TransfereGOV\",ACOMPANHAMENTO=\"BM\"),VTOTAL1,SUM(OFFSET(CÁLCULO!$AI$15,ROW($X124)-ROW($X$15),1):OFFSET(CÁLCULO!$BB$15,ROW($X124)-ROW($X$15),-1))),IF($C124=0,0,ROUND(SomaAgrup,15-13*$AF$11)))","v":4049.24},"RA","RA",{"$f":"IF($C124=\"S\",IF($Z124=\"CP\",$X124,IF($Z124=\"RA\",(($X124)*QCI!$AA$3),0)),SomaAgrup)","v":350.39573400058799},{"$f":"IF($C124=\"S\",IF($Z124=\"OU\",ROUND($X124,2),0),SomaAgrup)","v":0},{"$f":"IF($N124=\"\",\" \",\nIF(AND($C124<>\"S\",OR($R124=\"\",$R124=\"(digite a descrição aqui)\")),\"DESCRIÇÃO\",\nIF(AND($C124=\"S\",OR($Q124<>\"\",$T124>0,$U124>0),$P124=\"\"),\"FONTE\",\nIF(AND($C124=\"S\",$P124<>\"\",OR($T124>0,$U124>0),$Q124=\"\"),\"CÓDIGO\",\nIF(AND($C124=\"S\",$P124<>\"\",$Q124<>\"\",$R124=\"(Código não identificado nas referências)\"),\"CÓDIGO N/ID\",\nIF(AND($C124=\"S\",OR($R124=\"\",$R124=\"(digite a descrição aqui)\"),OR($Q124<>\"\",$T124>0,$U124>0)),\"DESCRIÇÃO\",\nIF(AND($C124=\"S\",$P124<>\"\",$Q124<>\"\",$S124=\"\"),\"UNIDADE\",\nIF(AND($C124=\"S\",$P124<>\"\",$Q124<>\"\",$U124=0),\"SEM CUSTO\",\nIF(AND(TIPOORCAMENTO=\"Licitado\",$AL124=0,$AN124>0),\"SEM PREÇO\",\nIF(AND($C124=\"S\",$P124<>\"\",$Q124<>\"\",$U124>0,AND($V124<>\"BDI 1\",$V124<>\"BDI 2\",$V124<>\"BDI 3\")),IF(ISNUMBER($V124),\"JUSTIFICAR BDI\",\"BDI\"),\nIF(OR(AND(import.recurso=\"OGU\",TIPOORCAMENTO=\"Proposto\",LEFT($O$8,5)<>\"(N/D:\",$AG124<>\"\",ORÇAMENTO.CustoUnitario>$AG124),AND(TIPOORCAMENTO=\"LICITADO\",ORÇAMENTO.PrecoUnitarioLicitado>$AN124)),\"ACIMA REF.\",\nIF(AND($C124=\"S\",$P124<>\"\",$Q124<>\"\",$T124=0,$U124>0),\"QUANT.\",\nIF(AND(Import.TipoArredondamento=\"TransfereGOV\",$L124=\"F\",$C124=\"S\",LEN($Q124)>13),\"Código >13\",\nIF(AND(Import.TipoArredondamento=\"TransfereGOV\",$L124=\"F\",$C124<>\"S\",LEN($R124)>100),\"Descrição >100\",\nIF(AND(Import.TipoArredondamento=\"TransfereGOV\",$L124=\"F\",$C124=\"S\",LEN($R124)>500),\"Descrição >500\",\nIF(AND(Import.TipoArredondamento=\"TransfereGOV\",$L124=\"F\",$C124=\"S\",LEFT(TRIM(UPPER($P124)),6)<>\"SINAPI\",ISNA(VLOOKUP(TRIM(UPPER($S124)),ListaTgov.Unidades,1,FALSE))),\"Unid. Não Disp\",\n\" \"))))))))))))))))","v":" "},{"$f":"IF(C124<=CRONO.NivelExibicao,MAX($AD$15:OFFSET(AD124,-1,0))+IF($C124<>1,1,MAX(1,COUNTIF(QCI!$A$13:$A$36,OFFSET($E124,-1,0)))),\"\")","v":""},{"$f":"IF(AND($C124=\"S\",ORÇAMENTO.CodBarra<>\"\"),IF(ORÇAMENTO.Fonte=\"\",ORÇAMENTO.CodBarra,CONCATENATE(ORÇAMENTO.Fonte,\" \",ORÇAMENTO.CodBarra)))","v":"Composição COMP23"},{"$f":"IF(ISERROR(ORÇAMENTO.BancoRef),\"(abra o arquivo 'Referência \"&Excel_BuiltIn_Database&\".xlsm)\",IF(OR($C124<>\"S\",ORÇAMENTO.CodBarra=\"\"),\"(Sem Código)\",IF(ISERROR(MATCH($AE124,INDIRECT(ORÇAMENTO.BancoRef),0)),\"(Código não identificado nas referências)\",MATCH($AE124,INDIRECT(ORÇAMENTO.BancoRef),0))))","v":25},{"$f":"ROUND(IF(DESONERACAO=\"sim\",REFERENCIA.Desonerado,REFERENCIA.NaoDesonerado),2)","v":1615.95},0.25290000000000001,null,null,null,null,4049.24,{"$f":"ROUND(ORÇAMENTO.CustoUnitario*(1+$AH124),2)","v":2024.62}]
[2,2,2,11,{"$f":"IF($C125=1,OFFSET(E125,-1,0)+MAX(1,COUNTIF(QCI!$A$13:$A$36,OFFSET(ORÇAMENTO!E125,-1,0))),OFFSET(E125,-1,0))","v":8},2,0,0,0,22,{"$f":"IF(OR($C125=\"S\",$C125=0),0,MATCH(OFFSET($D125,0,$C125)+IF($C125<>1,1,COUNTIF(QCI!$A$13:$A$36,ORÇAMENTO!E125)),OFFSET($D125,1,$C125,ROW($C$472)-ROW($C125)),0))","v":11},"F","Nível 2","Nível 2","8.2.","SINAPI",null,{"$f":"IF($C125=\"S\",REFERENCIA.Descricao,\"ESQUADRIAS DE ALUMÍNIO\")","v":"ESQUADRIAS DE ALUMÍNIO"},{"$f":"REFERENCIA.Unidade","v":"-"},{"$f":"OFFSET(CÁLCULO!H$15,ROW($T125)-ROW(T$15),0)","v":0},null,"BDI 1",{"$f":"IF($C125=\"S\",ROUND(IF(TIPOORCAMENTO=\"Proposto\",ORÇAMENTO.CustoUnitario*(1+$AH125),ORÇAMENTO.PrecoUnitarioLicitado),15-13*$AF$10),0)","v":0},{"$f":"IF($C125=\"S\",IF(OR(Import.TipoArredondamento<>\"TransfereGOV\",ACOMPANHAMENTO=\"BM\"),VTOTAL1,SUM(OFFSET(CÁLCULO!$AI$15,ROW($X125)-ROW($X$15),1):OFFSET(CÁLCULO!$BB$15,ROW($X125)-ROW($X$15),-1))),IF($C125=0,0,ROUND(SomaAgrup,15-13*$AF$11)))","v":93432.74},"RA","",{"$f":"IF($C125=\"S\",IF($Z125=\"CP\",$X125,IF($Z125=\"RA\",(($X125)*QCI!$AA$3),0)),SomaAgrup)","v":8085.0810305109344},{"$f":"IF($C125=\"S\",IF($Z125=\"OU\",ROUND($X125,2),0),SomaAgrup)","v":0},{"$f":"IF($N125=\"\",\" \",\nIF(AND($C125<>\"S\",OR($R125=\"\",$R125=\"(digite a descrição aqui)\")),\"DESCRIÇÃO\",\nIF(AND($C125=\"S\",OR($Q125<>\"\",$T125>0,$U125>0),$P125=\"\"),\"FONTE\",\nIF(AND($C125=\"S\",$P125<>\"\",OR($T125>0,$U125>0),$Q125=\"\"),\"CÓDIGO\",\nIF(AND($C125=\"S\",$P125<>\"\",$Q125<>\"\",$R125=\"(Código não identificado nas referências)\"),\"CÓDIGO N/ID\",\nIF(AND($C125=\"S\",OR($R125=\"\",$R125=\"(digite a descrição aqui)\"),OR($Q125<>\"\",$T125>0,$U125>0)),\"DESCRIÇÃO\",\nIF(AND($C125=\"S\",$P125<>\"\",$Q125<>\"\",$S125=\"\"),\"UNIDADE\",\nIF(AND($C125=\"S\",$P125<>\"\",$Q125<>\"\",$U125=0),\"SEM CUSTO\",\nIF(AND(TIPOORCAMENTO=\"Licitado\",$AL125=0,$AN125>0),\"SEM PREÇO\",\nIF(AND($C125=\"S\",$P125<>\"\",$Q125<>\"\",$U125>0,AND($V125<>\"BDI 1\",$V125<>\"BDI 2\",$V125<>\"BDI 3\")),IF(ISNUMBER($V125),\"JUSTIFICAR BDI\",\"BDI\"),\nIF(OR(AND(import.recurso=\"OGU\",TIPOORCAMENTO=\"Proposto\",LEFT($O$8,5)<>\"(N/D:\",$AG125<>\"\",ORÇAMENTO.CustoUnitario>$AG125),AND(TIPOORCAMENTO=\"LICITADO\",ORÇAMENTO.PrecoUnitarioLicitado>$AN125)),\"ACIMA REF.\",\nIF(AND($C125=\"S\",$P125<>\"\",$Q125<>\"\",$T125=0,$U125>0),\"QUANT.\",\nIF(AND(Import.TipoArredondamento=\"TransfereGOV\",$L125=\"F\",$C125=\"S\",LEN($Q125)>13),\"Código >13\",\nIF(AND(Import.TipoArredondamento=\"TransfereGOV\",$L125=\"F\",$C125<>\"S\",LEN($R125)>100),\"Descrição >100\",\nIF(AND(Import.TipoArredondamento=\"TransfereGOV\",$L125=\"F\",$C125=\"S\",LEN($R125)>500),\"Descrição >500\",\nIF(AND(Import.TipoArredondamento=\"TransfereGOV\",$L125=\"F\",$C125=\"S\",LEFT(TRIM(UPPER($P125)),6)<>\"SINAPI\",ISNA(VLOOKUP(TRIM(UPPER($S125)),ListaTgov.Unidades,1,FALSE))),\"Unid. Não Disp\",\n\" \"))))))))))))))))","v":" "},{"$f":"IF(C125<=CRONO.NivelExibicao,MAX($AD$15:OFFSET(AD125,-1,0))+IF($C125<>1,1,MAX(1,COUNTIF(QCI!$A$13:$A$36,OFFSET($E125,-1,0)))),\"\")","v":25},{"$f":"IF(AND($C125=\"S\",ORÇAMENTO.CodBarra<>\"\"),IF(ORÇAMENTO.Fonte=\"\",ORÇAMENTO.CodBarra,CONCATENATE(ORÇAMENTO.Fonte,\" \",ORÇAMENTO.CodBarra)))","v":false},{"$f":"IF(ISERROR(ORÇAMENTO.BancoRef),\"(abra o arquivo 'Referência \"&Excel_BuiltIn_Database&\".xlsm)\",IF(OR($C125<>\"S\",ORÇAMENTO.CodBarra=\"\"),\"(Sem Código)\",IF(ISERROR(MATCH($AE125,INDIRECT(ORÇAMENTO.BancoRef),0)),\"(Código não identificado nas referências)\",MATCH($AE125,INDIRECT(ORÇAMENTO.BancoRef),0))))","v":"(Sem Código)"},{"$f":"ROUND(IF(DESONERACAO=\"sim\",REFERENCIA.Desonerado,REFERENCIA.NaoDesonerado),2)","v":0},0.25290000000000001,null,null,null,null,93432.74,{"$f":"ROUND(ORÇAMENTO.CustoUnitario*(1+$AH125),2)","v":0}]
[3,3,3,6,{"$f":"IF($C126=1,OFFSET(E126,-1,0)+MAX(1,COUNTIF(QCI!$A$13:$A$36,OFFSET(ORÇAMENTO!E126,-1,0))),OFFSET(E126,-1,0))","v":8},2,1,0,0,10,{"$f":"IF(OR($C126=\"S\",$C126=0),0,MATCH(OFFSET($D126,0,$C126)+IF($C126<>1,1,COUNTIF(QCI!$A$13:$A$36,ORÇAMENTO!E126)),OFFSET($D126,1,$C126,ROW($C$472)-ROW($C126)),0))","v":6},"F","Nível 3","Nível 3","8.2.1.","SINAPI",null,{"$f":"IF($C126=\"S\",REFERENCIA.Descricao,\"PORTAS DE ALUMÍNIO\")","v":"PORTAS DE ALUMÍNIO"},{"$f":"REFERENCIA.Unidade","v":"-"},{"$f":"OFFSET(CÁLCULO!H$15,ROW($T126)-ROW(T$15),0)","v":0},null,"BDI 1",{"$f":"IF($C126=\"S\",ROUND(IF(TIPOORCAMENTO=\"Proposto\",ORÇAMENTO.CustoUnitario*(1+$AH126),ORÇAMENTO.PrecoUnitarioLicitado),15-13*$AF$10),0)","v":0},{"$f":"IF($C126=\"S\",IF(OR(Import.TipoArredondamento<>\"TransfereGOV\",ACOMPANHAMENTO=\"BM\"),VTOTAL1,SUM(OFFSET(CÁLCULO!$AI$15,ROW($X126)-ROW($X$15),1):OFFSET(CÁLCULO!$BB$15,ROW($X126)-ROW($X$15),-1))),IF($C126=0,0,ROUND(SomaAgrup,15-13*$AF$11)))","v":57829.65},"RA","",{"$f":"IF($C126=\"S\",IF($Z126=\"CP\",$X126,IF($Z126=\"RA\",(($X126)*QCI!$AA$3),0)),SomaAgrup)","v":5004.2137928962229},{"$f":"IF($C126=\"S\",IF($Z126=\"OU\",ROUND($X126,2),0),SomaAgrup)","v":0},{"$f":"IF($N126=\"\",\" \",\nIF(AND($C126<>\"S\",OR($R126=\"\",$R126=\"(digite a descrição aqui)\")),\"DESCRIÇÃO\",\nIF(AND($C126=\"S\",OR($Q126<>\"\",$T126>0,$U126>0),$P126=\"\"),\"FONTE\",\nIF(AND($C126=\"S\",$P126<>\"\",OR($T126>0,$U126>0),$Q126=\"\"),\"CÓDIGO\",\nIF(AND($C126=\"S\",$P126<>\"\",$Q126<>\"\",$R126=\"(Código não identificado nas referências)\"),\"CÓDIGO N/ID\",\nIF(AND($C126=\"S\",OR($R126=\"\",$R126=\"(digite a descrição aqui)\"),OR($Q126<>\"\",$T126>0,$U126>0)),\"DESCRIÇÃO\",\nIF(AND($C126=\"S\",$P126<>\"\",$Q126<>\"\",$S126=\"\"),\"UNIDADE\",\nIF(AND($C126=\"S\",$P126<>\"\",$Q126<>\"\",$U126=0),\"SEM CUSTO\",\nIF(AND(TIPOORCAMENTO=\"Licitado\",$AL126=0,$AN126>0),\"SEM PREÇO\",\nIF(AND($C126=\"S\",$P126<>\"\",$Q126<>\"\",$U126>0,AND($V126<>\"BDI 1\",$V126<>\"BDI 2\",$V126<>\"BDI 3\")),IF(ISNUMBER($V126),\"JUSTIFICAR BDI\",\"BDI\"),\nIF(OR(AND(import.recurso=\"OGU\",TIPOORCAMENTO=\"Proposto\",LEFT($O$8,5)<>\"(N/D:\",$AG126<>\"\",ORÇAMENTO.CustoUnitario>$AG126),AND(TIPOORCAMENTO=\"LICITADO\",ORÇAMENTO.PrecoUnitarioLicitado>$AN126)),\"ACIMA REF.\",\nIF(AND($C126=\"S\",$P126<>\"\",$Q126<>\"\",$T126=0,$U126>0),\"QUANT.\",\nIF(AND(Import.TipoArredondamento=\"TransfereGOV\",$L126=\"F\",$C126=\"S\",LEN($Q126)>13),\"Código >13\",\nIF(AND(Import.TipoArredondamento=\"TransfereGOV\",$L126=\"F\",$C126<>\"S\",LEN($R126)>100),\"Descrição >100\",\nIF(AND(Import.TipoArredondamento=\"TransfereGOV\",$L126=\"F\",$C126=\"S\",LEN($R126)>500),\"Descrição >500\",\nIF(AND(Import.TipoArredondamento=\"TransfereGOV\",$L126=\"F\",$C126=\"S\",LEFT(TRIM(UPPER($P126)),6)<>\"SINAPI\",ISNA(VLOOKUP(TRIM(UPPER($S126)),ListaTgov.Unidades,1,FALSE))),\"Unid. Não Disp\",\n\" \"))))))))))))))))","v":" "},{"$f":"IF(C126<=CRONO.NivelExibicao,MAX($AD$15:OFFSET(AD126,-1,0))+IF($C126<>1,1,MAX(1,COUNTIF(QCI!$A$13:$A$36,OFFSET($E126,-1,0)))),\"\")","v":""},{"$f":"IF(AND($C126=\"S\",ORÇAMENTO.CodBarra<>\"\"),IF(ORÇAMENTO.Fonte=\"\",ORÇAMENTO.CodBarra,CONCATENATE(ORÇAMENTO.Fonte,\" \",ORÇAMENTO.CodBarra)))","v":false},{"$f":"IF(ISERROR(ORÇAMENTO.BancoRef),\"(abra o arquivo 'Referência \"&Excel_BuiltIn_Database&\".xlsm)\",IF(OR($C126<>\"S\",ORÇAMENTO.CodBarra=\"\"),\"(Sem Código)\",IF(ISERROR(MATCH($AE126,INDIRECT(ORÇAMENTO.BancoRef),0)),\"(Código não identificado nas referências)\",MATCH($AE126,INDIRECT(ORÇAMENTO.BancoRef),0))))","v":"(Sem Código)"},{"$f":"ROUND(IF(DESONERACAO=\"sim\",REFERENCIA.Desonerado,REFERENCIA.NaoDesonerado),2)","v":0},0.25290000000000001,null,null,null,null,57829.65,{"$f":"ROUND(ORÇAMENTO.CustoUnitario*(1+$AH126),2)","v":0}]
["S",3,"S",0,{"$f":"IF($C127=1,OFFSET(E127,-1,0)+MAX(1,COUNTIF(QCI!$A$13:$A$36,OFFSET(ORÇAMENTO!E127,-1,0))),OFFSET(E127,-1,0))","v":8},2,1,0,1,0,{"$f":"IF(OR($C127=\"S\",$C127=0),0,MATCH(OFFSET($D127,0,$C127)+IF($C127<>1,1,COUNTIF(QCI!$A$13:$A$36,ORÇAMENTO!E127)),OFFSET($D127,1,$C127,ROW($C$472)-ROW($C127)),0))","v":0},"F","Serviço","Serviço","8.2.1.1.","SINAPI","91338",{"$f":"IF($C127=\"S\",REFERENCIA.Descricao,\"(digite a descrição aqui)\")","v":"PORTA DE ALUMÍNIO DE ABRIR COM LAMBRI, COM GUARNIÇÃO, FIXAÇÃO COM PARAFUSOS - FORNECIMENTO E INSTALAÇÃO. AF_12/2019"},{"$f":"REFERENCIA.Unidade","v":"M2"},{"$f":"OFFSET(CÁLCULO!H$15,ROW($T127)-ROW(T$15),0)","v":9.8699999999999992},{"$f":"AG127","v":872.02},"BDI 1",{"$f":"IF($C127=\"S\",ROUND(IF(TIPOORCAMENTO=\"Proposto\",ORÇAMENTO.CustoUnitario*(1+$AH127),ORÇAMENTO.PrecoUnitarioLicitado),15-13*$AF$10),0)","v":1092.55},{"$f":"IF($C127=\"S\",IF(OR(Import.TipoArredondamento<>\"TransfereGOV\",ACOMPANHAMENTO=\"BM\"),VTOTAL1,SUM(OFFSET(CÁLCULO!$AI$15,ROW($X127)-ROW($X$15),1):OFFSET(CÁLCULO!$BB$15,ROW($X127)-ROW($X$15),-1))),IF($C127=0,0,ROUND(SomaAgrup,15-13*$AF$11)))","v":10783.47},"RA","RA",{"$f":"IF($C127=\"S\",IF($Z127=\"CP\",$X127,IF($Z127=\"RA\",(($X127)*QCI!$AA$3),0)),SomaAgrup)","v":933.13359685356284},{"$f":"IF($C127=\"S\",IF($Z127=\"OU\",ROUND($X127,2),0),SomaAgrup)","v":0},{"$f":"IF($N127=\"\",\" \",\nIF(AND($C127<>\"S\",OR($R127=\"\",$R127=\"(digite a descrição aqui)\")),\"DESCRIÇÃO\",\nIF(AND($C127=\"S\",OR($Q127<>\"\",$T127>0,$U127>0),$P127=\"\"),\"FONTE\",\nIF(AND($C127=\"S\",$P127<>\"\",OR($T127>0,$U127>0),$Q127=\"\"),\"CÓDIGO\",\nIF(AND($C127=\"S\",$P127<>\"\",$Q127<>\"\",$R127=\"(Código não identificado nas referências)\"),\"CÓDIGO N/ID\",\nIF(AND($C127=\"S\",OR($R127=\"\",$R127=\"(digite a descrição aqui)\"),OR($Q127<>\"\",$T127>0,$U127>0)),\"DESCRIÇÃO\",\nIF(AND($C127=\"S\",$P127<>\"\",$Q127<>\"\",$S127=\"\"),\"UNIDADE\",\nIF(AND($C127=\"S\",$P127<>\"\",$Q127<>\"\",$U127=0),\"SEM CUSTO\",\nIF(AND(TIPOORCAMENTO=\"Licitado\",$AL127=0,$AN127>0),\"SEM PREÇO\",\nIF(AND($C127=\"S\",$P127<>\"\",$Q127<>\"\",$U127>0,AND($V127<>\"BDI 1\",$V127<>\"BDI 2\",$V127<>\"BDI 3\")),IF(ISNUMBER($V127),\"JUSTIFICAR BDI\",\"BDI\"),\nIF(OR(AND(import.recurso=\"OGU\",TIPOORCAMENTO=\"Proposto\",LEFT($O$8,5)<>\"(N/D:\",$AG127<>\"\",ORÇAMENTO.CustoUnitario>$AG127),AND(TIPOORCAMENTO=\"LICITADO\",ORÇAMENTO.PrecoUnitarioLicitado>$AN127)),\"ACIMA REF.\",\nIF(AND($C127=\"S\",$P127<>\"\",$Q127<>\"\",$T127=0,$U127>0),\"QUANT.\",\nIF(AND(Import.TipoArredondamento=\"TransfereGOV\",$L127=\"F\",$C127=\"S\",LEN($Q127)>13),\"Código >13\",\nIF(AND(Import.TipoArredondamento=\"TransfereGOV\",$L127=\"F\",$C127<>\"S\",LEN($R127)>100),\"Descrição >100\",\nIF(AND(Import.TipoArredondamento=\"TransfereGOV\",$L127=\"F\",$C127=\"S\",LEN($R127)>500),\"Descrição >500\",\nIF(AND(Import.TipoArredondamento=\"TransfereGOV\",$L127=\"F\",$C127=\"S\",LEFT(TRIM(UPPER($P127)),6)<>\"SINAPI\",ISNA(VLOOKUP(TRIM(UPPER($S127)),ListaTgov.Unidades,1,FALSE))),\"Unid. Não Disp\",\n\" \"))))))))))))))))","v":" "},{"$f":"IF(C127<=CRONO.NivelExibicao,MAX($AD$15:OFFSET(AD127,-1,0))+IF($C127<>1,1,MAX(1,COUNTIF(QCI!$A$13:$A$36,OFFSET($E127,-1,0)))),\"\")","v":""},{"$f":"IF(AND($C127=\"S\",ORÇAMENTO.CodBarra<>\"\"),IF(ORÇAMENTO.Fonte=\"\",ORÇAMENTO.CodBarra,CONCATENATE(ORÇAMENTO.Fonte,\" \",ORÇAMENTO.CodBarra)))","v":"SINAPI 91338"},{"$f":"IF(ISERROR(ORÇAMENTO.BancoRef),\"(abra o arquivo 'Referência \"&Excel_BuiltIn_Database&\".xlsm)\",IF(OR($C127<>\"S\",ORÇAMENTO.CodBarra=\"\"),\"(Sem Código)\",IF(ISERROR(MATCH($AE127,INDIRECT(ORÇAMENTO.BancoRef),0)),\"(Código não identificado nas referências)\",MATCH($AE127,INDIRECT(ORÇAMENTO.BancoRef),0))))","v":9826},{"$f":"ROUND(IF(DESONERACAO=\"sim\",REFERENCIA.Desonerado,REFERENCIA.NaoDesonerado),2)","v":872.02},0.25290000000000001,null,null,null,null,10783.47,{"$f":"ROUND(ORÇAMENTO.CustoUnitario*(1+$AH127),2)","v":1092.55}]
["S",3,"S",0,{"$f":"IF($C128=1,OFFSET(E128,-1,0)+MAX(1,COUNTIF(QCI!$A$13:$A$36,OFFSET(ORÇAMENTO!E128,-1,0))),OFFSET(E128,-1,0))","v":8},2,1,0,2,0,{"$f":"IF(OR($C128=\"S\",$C128=0),0,MATCH(OFFSET($D128,0,$C128)+IF($C128<>1,1,COUNTIF(QCI!$A$13:$A$36,ORÇAMENTO!E128)),OFFSET($D128,1,$C128,ROW($C$472)-ROW($C128)),0))","v":0},"F","Serviço","Serviço","8.2.1.2.","Composição","COMP24",{"$f":"IF($C128=\"S\",REFERENCIA.Descricao,\"(digite a descrição aqui)\")","v":"PORTA VENEZIANA DE ABRIR EM ALUMÍNIO, SOB MEDIDA"},{"$f":"REFERENCIA.Unidade","v":"M2"},{"$f":"OFFSET(CÁLCULO!H$15,ROW($T128)-ROW(T$15),0)","v":6.93},{"$f":"AG128","v":1191.53},"BDI 1",{"$f":"IF($C128=\"S\",ROUND(IF(TIPOORCAMENTO=\"Proposto\",ORÇAMENTO.CustoUnitario*(1+$AH128),ORÇAMENTO.PrecoUnitarioLicitado),15-13*$AF$10),0)","v":1492.87},{"$f":"IF($C128=\"S\",IF(OR(Import.TipoArredondamento<>\"TransfereGOV\",ACOMPANHAMENTO=\"BM\"),VTOTAL1,SUM(OFFSET(CÁLCULO!$AI$15,ROW($X128)-ROW($X$15),1):OFFSET(CÁLCULO!$BB$15,ROW($X128)-ROW($X$15),-1))),IF($C128=0,0,ROUND(SomaAgrup,15-13*$AF$11)))","v":10345.59},"RA","RA",{"$f":"IF($C128=\"S\",IF($Z128=\"CP\",$X128,IF($Z128=\"RA\",(($X128)*QCI!$AA$3),0)),SomaAgrup)","v":895.24221871737495},{"$f":"IF($C128=\"S\",IF($Z128=\"OU\",ROUND($X128,2),0),SomaAgrup)","v":0},{"$f":"IF($N128=\"\",\" \",\nIF(AND($C128<>\"S\",OR($R128=\"\",$R128=\"(digite a descrição aqui)\")),\"DESCRIÇÃO\",\nIF(AND($C128=\"S\",OR($Q128<>\"\",$T128>0,$U128>0),$P128=\"\"),\"FONTE\",\nIF(AND($C128=\"S\",$P128<>\"\",OR($T128>0,$U128>0),$Q128=\"\"),\"CÓDIGO\",\nIF(AND($C128=\"S\",$P128<>\"\",$Q128<>\"\",$R128=\"(Código não identificado nas referências)\"),\"CÓDIGO N/ID\",\nIF(AND($C128=\"S\",OR($R128=\"\",$R128=\"(digite a descrição aqui)\"),OR($Q128<>\"\",$T128>0,$U128>0)),\"DESCRIÇÃO\",\nIF(AND($C128=\"S\",$P128<>\"\",$Q128<>\"\",$S128=\"\"),\"UNIDADE\",\nIF(AND($C128=\"S\",$P128<>\"\",$Q128<>\"\",$U128=0),\"SEM CUSTO\",\nIF(AND(TIPOORCAMENTO=\"Licitado\",$AL128=0,$AN128>0),\"SEM PREÇO\",\nIF(AND($C128=\"S\",$P128<>\"\",$Q128<>\"\",$U128>0,AND($V128<>\"BDI 1\",$V128<>\"BDI 2\",$V128<>\"BDI 3\")),IF(ISNUMBER($V128),\"JUSTIFICAR BDI\",\"BDI\"),\nIF(OR(AND(import.recurso=\"OGU\",TIPOORCAMENTO=\"Proposto\",LEFT($O$8,5)<>\"(N/D:\",$AG128<>\"\",ORÇAMENTO.CustoUnitario>$AG128),AND(TIPOORCAMENTO=\"LICITADO\",ORÇAMENTO.PrecoUnitarioLicitado>$AN128)),\"ACIMA REF.\",\nIF(AND($C128=\"S\",$P128<>\"\",$Q128<>\"\",$T128=0,$U128>0),\"QUANT.\",\nIF(AND(Import.TipoArredondamento=\"TransfereGOV\",$L128=\"F\",$C128=\"S\",LEN($Q128)>13),\"Código >13\",\nIF(AND(Import.TipoArredondamento=\"TransfereGOV\",$L128=\"F\",$C128<>\"S\",LEN($R128)>100),\"Descrição >100\",\nIF(AND(Import.TipoArredondamento=\"TransfereGOV\",$L128=\"F\",$C128=\"S\",LEN($R128)>500),\"Descrição >500\",\nIF(AND(Import.TipoArredondamento=\"TransfereGOV\",$L128=\"F\",$C128=\"S\",LEFT(TRIM(UPPER($P128)),6)<>\"SINAPI\",ISNA(VLOOKUP(TRIM(UPPER($S128)),ListaTgov.Unidades,1,FALSE))),\"Unid. Não Disp\",\n\" \"))))))))))))))))","v":" "},{"$f":"IF(C128<=CRONO.NivelExibicao,MAX($AD$15:OFFSET(AD128,-1,0))+IF($C128<>1,1,MAX(1,COUNTIF(QCI!$A$13:$A$36,OFFSET($E128,-1,0)))),\"\")","v":""},{"$f":"IF(AND($C128=\"S\",ORÇAMENTO.CodBarra<>\"\"),IF(ORÇAMENTO.Fonte=\"\",ORÇAMENTO.CodBarra,CONCATENATE(ORÇAMENTO.Fonte,\" \",ORÇAMENTO.CodBarra)))","v":"Composição COMP24"},{"$f":"IF(ISERROR(ORÇAMENTO.BancoRef),\"(abra o arquivo 'Referência \"&Excel_BuiltIn_Database&\".xlsm)\",IF(OR($C128<>\"S\",ORÇAMENTO.CodBarra=\"\"),\"(Sem Código)\",IF(ISERROR(MATCH($AE128,INDIRECT(ORÇAMENTO.BancoRef),0)),\"(Código não identificado nas referências)\",MATCH($AE128,INDIRECT(ORÇAMENTO.BancoRef),0))))","v":26},{"$f":"ROUND(IF(DESONERACAO=\"sim\",REFERENCIA.Desonerado,REFERENCIA.NaoDesonerado),2)","v":1191.53},0.25290000000000001,null,null,null,null,10345.59,{"$f":"ROUND(ORÇAMENTO.CustoUnitario*(1+$AH128),2)","v":1492.87}]
["S",3,"S",0,{"$f":"IF($C129=1,OFFSET(E129,-1,0)+MAX(1,COUNTIF(QCI!$A$13:$A$36,OFFSET(ORÇAMENTO!E129,-1,0))),OFFSET(E129,-1,0))","v":8},2,1,0,3,0,{"$f":"IF(OR($C129=\"S\",$C129=0),0,MATCH(OFFSET($D129,0,$C129)+IF($C129<>1,1,COUNTIF(QCI!$A$13:$A$36,ORÇAMENTO!E129)),OFFSET($D129,1,$C129,ROW($C$472)-ROW($C129)),0))","v":0},"F","Serviço","Serviço","8.2.1.3.","Composição","COMP25",{"$f":"IF($C129=\"S\",REFERENCIA.Descricao,\"(digite a descrição aqui)\")","v":"PORTA DE ALUMÍNIO ANODIZADO COM VIDRO, 3 FOLHAS, ABERTURA DE CORRER"},{"$f":"REFERENCIA.Unidade","v":"M2"},{"$f":"OFFSET(CÁLCULO!H$15,ROW($T129)-ROW(T$15),0)","v":20.28},951.09,"BDI 1",{"$f":"IF($C129=\"S\",ROUND(IF(TIPOORCAMENTO=\"Proposto\",ORÇAMENTO.CustoUnitario*(1+$AH129),ORÇAMENTO.PrecoUnitarioLicitado),15-13*$AF$10),0)","v":1191.6199999999999},{"$f":"IF($C129=\"S\",IF(OR(Import.TipoArredondamento<>\"TransfereGOV\",ACOMPANHAMENTO=\"BM\"),VTOTAL1,SUM(OFFSET(CÁLCULO!$AI$15,ROW($X129)-ROW($X$15),1):OFFSET(CÁLCULO!$BB$15,ROW($X129)-ROW($X$15),-1))),IF($C129=0,0,ROUND(SomaAgrup,15-13*$AF$11)))","v":24166.05},"RA","RA",{"$f":"IF($C129=\"S\",IF($Z129=\"CP\",$X129,IF($Z129=\"RA\",(($X129)*QCI!$AA$3),0)),SomaAgrup)","v":2091.1778080935951},{"$f":"IF($C129=\"S\",IF($Z129=\"OU\",ROUND($X129,2),0),SomaAgrup)","v":0},{"$f":"IF($N129=\"\",\" \",\nIF(AND($C129<>\"S\",OR($R129=\"\",$R129=\"(digite a descrição aqui)\")),\"DESCRIÇÃO\",\nIF(AND($C129=\"S\",OR($Q129<>\"\",$T129>0,$U129>0),$P129=\"\"),\"FONTE\",\nIF(AND($C129=\"S\",$P129<>\"\",OR($T129>0,$U129>0),$Q129=\"\"),\"CÓDIGO\",\nIF(AND($C129=\"S\",$P129<>\"\",$Q129<>\"\",$R129=\"(Código não identificado nas referências)\"),\"CÓDIGO N/ID\",\nIF(AND($C129=\"S\",OR($R129=\"\",$R129=\"(digite a descrição aqui)\"),OR($Q129<>\"\",$T129>0,$U129>0)),\"DESCRIÇÃO\",\nIF(AND($C129=\"S\",$P129<>\"\",$Q129<>\"\",$S129=\"\"),\"UNIDADE\",\nIF(AND($C129=\"S\",$P129<>\"\",$Q129<>\"\",$U129=0),\"SEM CUSTO\",\nIF(AND(TIPOORCAMENTO=\"Licitado\",$AL129=0,$AN129>0),\"SEM PREÇO\",\nIF(AND($C129=\"S\",$P129<>\"\",$Q129<>\"\",$U129>0,AND($V129<>\"BDI 1\",$V129<>\"BDI 2\",$V129<>\"BDI 3\")),IF(ISNUMBER($V129),\"JUSTIFICAR BDI\",\"BDI\"),\nIF(OR(AND(import.recurso=\"OGU\",TIPOORCAMENTO=\"Proposto\",LEFT($O$8,5)<>\"(N/D:\",$AG129<>\"\",ORÇAMENTO.CustoUnitario>$AG129),AND(TIPOORCAMENTO=\"LICITADO\",ORÇAMENTO.PrecoUnitarioLicitado>$AN129)),\"ACIMA REF.\",\nIF(AND($C129=\"S\",$P129<>\"\",$Q129<>\"\",$T129=0,$U129>0),\"QUANT.\",\nIF(AND(Import.TipoArredondamento=\"TransfereGOV\",$L129=\"F\",$C129=\"S\",LEN($Q129)>13),\"Código >13\",\nIF(AND(Import.TipoArredondamento=\"TransfereGOV\",$L129=\"F\",$C129<>\"S\",LEN($R129)>100),\"Descrição >100\",\nIF(AND(Import.TipoArredondamento=\"TransfereGOV\",$L129=\"F\",$C129=\"S\",LEN($R129)>500),\"Descrição >500\",\nIF(AND(Import.TipoArredondamento=\"TransfereGOV\",$L129=\"F\",$C129=\"S\",LEFT(TRIM(UPPER($P129)),6)<>\"SINAPI\",ISNA(VLOOKUP(TRIM(UPPER($S129)),ListaTgov.Unidades,1,FALSE))),\"Unid. Não Disp\",\n\" \"))))))))))))))))","v":" "},{"$f":"IF(C129<=CRONO.NivelExibicao,MAX($AD$15:OFFSET(AD129,-1,0))+IF($C129<>1,1,MAX(1,COUNTIF(QCI!$A$13:$A$36,OFFSET($E129,-1,0)))),\"\")","v":""},{"$f":"IF(AND($C129=\"S\",ORÇAMENTO.CodBarra<>\"\"),IF(ORÇAMENTO.Fonte=\"\",ORÇAMENTO.CodBarra,CONCATENATE(ORÇAMENTO.Fonte,\" \",ORÇAMENTO.CodBarra)))","v":"Composição COMP25"},{"$f":"IF(ISERROR(ORÇAMENTO.BancoRef),\"(abra o arquivo 'Referência \"&Excel_BuiltIn_Database&\".xlsm)\",IF(OR($C129<>\"S\",ORÇAMENTO.CodBarra=\"\"),\"(Sem Código)\",IF(ISERROR(MATCH($AE129,INDIRECT(ORÇAMENTO.BancoRef),0)),\"(Código não identificado nas referências)\",MATCH($AE129,INDIRECT(ORÇAMENTO.BancoRef),0))))","v":27},{"$f":"ROUND(IF(DESONERACAO=\"sim\",REFERENCIA.Desonerado,REFERENCIA.NaoDesonerado),2)","v":951.09},0.25290000000000001,null,null,null,null,24166.05,{"$f":"ROUND(ORÇAMENTO.CustoUnitario*(1+$AH129),2)","v":1191.6199999999999}]
["S",3,"S",0,{"$f":"IF($C130=1,OFFSET(E130,-1,0)+MAX(1,COUNTIF(QCI!$A$13:$A$36,OFFSET(ORÇAMENTO!E130,-1,0))),OFFSET(E130,-1,0))","v":8},2,1,0,4,0,{"$f":"IF(OR($C130=\"S\",$C130=0),0,MATCH(OFFSET($D130,0,$C130)+IF($C130<>1,1,COUNTIF(QCI!$A$13:$A$36,ORÇAMENTO!E130)),OFFSET($D130,1,$C130,ROW($C$472)-ROW($C130)),0))","v":0},"F","Serviço","Serviço","8.2.1.4.","Composição","COMP26",{"$f":"IF($C130=\"S\",REFERENCIA.Descricao,\"(digite a descrição aqui)\")","v":"PORTAO DE CORRER EM ALUMÍNIO PINTURA ELETROSTÁTICA BRANCA"},{"$f":"REFERENCIA.Unidade","v":"M2"},{"$f":"OFFSET(CÁLCULO!H$15,ROW($T130)-ROW(T$15),0)","v":4.7},1362.18,"BDI 1",{"$f":"IF($C130=\"S\",ROUND(IF(TIPOORCAMENTO=\"Proposto\",ORÇAMENTO.CustoUnitario*(1+$AH130),ORÇAMENTO.PrecoUnitarioLicitado),15-13*$AF$10),0)","v":1706.68},{"$f":"IF($C130=\"S\",IF(OR(Import.TipoArredondamento<>\"TransfereGOV\",ACOMPANHAMENTO=\"BM\"),VTOTAL1,SUM(OFFSET(CÁLCULO!$AI$15,ROW($X130)-ROW($X$15),1):OFFSET(CÁLCULO!$BB$15,ROW($X130)-ROW($X$15),-1))),IF($C130=0,0,ROUND(SomaAgrup,15-13*$AF$11)))","v":8021.4},"RA","RA",{"$f":"IF($C130=\"S\",IF($Z130=\"CP\",$X130,IF($Z130=\"RA\",(($X130)*QCI!$AA$3),0)),SomaAgrup)","v":694.12145012701558},{"$f":"IF($C130=\"S\",IF($Z130=\"OU\",ROUND($X130,2),0),SomaAgrup)","v":0},{"$f":"IF($N130=\"\",\" \",\nIF(AND($C130<>\"S\",OR($R130=\"\",$R130=\"(digite a descrição aqui)\")),\"DESCRIÇÃO\",\nIF(AND($C130=\"S\",OR($Q130<>\"\",$T130>0,$U130>0),$P130=\"\"),\"FONTE\",\nIF(AND($C130=\"S\",$P130<>\"\",OR($T130>0,$U130>0),$Q130=\"\"),\"CÓDIGO\",\nIF(AND($C130=\"S\",$P130<>\"\",$Q130<>\"\",$R130=\"(Código não identificado nas referências)\"),\"CÓDIGO N/ID\",\nIF(AND($C130=\"S\",OR($R130=\"\",$R130=\"(digite a descrição aqui)\"),OR($Q130<>\"\",$T130>0,$U130>0)),\"DESCRIÇÃO\",\nIF(AND($C130=\"S\",$P130<>\"\",$Q130<>\"\",$S130=\"\"),\"UNIDADE\",\nIF(AND($C130=\"S\",$P130<>\"\",$Q130<>\"\",$U130=0),\"SEM CUSTO\",\nIF(AND(TIPOORCAMENTO=\"Licitado\",$AL130=0,$AN130>0),\"SEM PREÇO\",\nIF(AND($C130=\"S\",$P130<>\"\",$Q130<>\"\",$U130>0,AND($V130<>\"BDI 1\",$V130<>\"BDI 2\",$V130<>\"BDI 3\")),IF(ISNUMBER($V130),\"JUSTIFICAR BDI\",\"BDI\"),\nIF(OR(AND(import.recurso=\"OGU\",TIPOORCAMENTO=\"Proposto\",LEFT($O$8,5)<>\"(N/D:\",$AG130<>\"\",ORÇAMENTO.CustoUnitario>$AG130),AND(TIPOORCAMENTO=\"LICITADO\",ORÇAMENTO.PrecoUnitarioLicitado>$AN130)),\"ACIMA REF.\",\nIF(AND($C130=\"S\",$P130<>\"\",$Q130<>\"\",$T130=0,$U130>0),\"QUANT.\",\nIF(AND(Import.TipoArredondamento=\"TransfereGOV\",$L130=\"F\",$C130=\"S\",LEN($Q130)>13),\"Código >13\",\nIF(AND(Import.TipoArredondamento=\"TransfereGOV\",$L130=\"F\",$C130<>\"S\",LEN($R130)>100),\"Descrição >100\",\nIF(AND(Import.TipoArredondamento=\"TransfereGOV\",$L130=\"F\",$C130=\"S\",LEN($R130)>500),\"Descrição >500\",\nIF(AND(Import.TipoArredondamento=\"TransfereGOV\",$L130=\"F\",$C130=\"S\",LEFT(TRIM(UPPER($P130)),6)<>\"SINAPI\",ISNA(VLOOKUP(TRIM(UPPER($S130)),ListaTgov.Unidades,1,FALSE))),\"Unid. Não Disp\",\n\" \"))))))))))))))))","v":" "},{"$f":"IF(C130<=CRONO.NivelExibicao,MAX($AD$15:OFFSET(AD130,-1,0))+IF($C130<>1,1,MAX(1,COUNTIF(QCI!$A$13:$A$36,OFFSET($E130,-1,0)))),\"\")","v":""},{"$f":"IF(AND($C130=\"S\",ORÇAMENTO.CodBarra<>\"\"),IF(ORÇAMENTO.Fonte=\"\",ORÇAMENTO.CodBarra,CONCATENATE(ORÇAMENTO.Fonte,\" \",ORÇAMENTO.CodBarra)))","v":"Composição COMP26"},{"$f":"IF(ISERROR(ORÇAMENTO.BancoRef),\"(abra o arquivo 'Referência \"&Excel_BuiltIn_Database&\".xlsm)\",IF(OR($C130<>\"S\",ORÇAMENTO.CodBarra=\"\"),\"(Sem Código)\",IF(ISERROR(MATCH($AE130,INDIRECT(ORÇAMENTO.BancoRef),0)),\"(Código não identificado nas referências)\",MATCH($AE130,INDIRECT(ORÇAMENTO.BancoRef),0))))","v":28},{"$f":"ROUND(IF(DESONERACAO=\"sim\",REFERENCIA.Desonerado,REFERENCIA.NaoDesonerado),2)","v":1362.18},0.25290000000000001,null,null,null,null,8021.4,{"$f":"ROUND(ORÇAMENTO.CustoUnitario*(1+$AH130),2)","v":1706.68}]
["S",3,"S",0,{"$f":"IF($C131=1,OFFSET(E131,-1,0)+MAX(1,COUNTIF(QCI!$A$13:$A$36,OFFSET(ORÇAMENTO!E131,-1,0))),OFFSET(E131,-1,0))","v":8},2,1,0,5,0,{"$f":"IF(OR($C131=\"S\",$C131=0),0,MATCH(OFFSET($D131,0,$C131)+IF($C131<>1,1,COUNTIF(QCI!$A$13:$A$36,ORÇAMENTO!E131)),OFFSET($D131,1,$C131,ROW($C$472)-ROW($C131)),0))","v":0},"F","Serviço","Serviço","8.2.1.5.","Composição","COMP27",{"$f":"IF($C131=\"S\",REFERENCIA.Descricao,\"(digite a descrição aqui)\")","v":"PORTA ALUMíNIO ANODIZADO NATURAL 1 FOLHA DE ABRIR"},{"$f":"REFERENCIA.Unidade","v":"M2"},{"$f":"OFFSET(CÁLCULO!H$15,ROW($T131)-ROW(T$15),0)","v":2.52},1429.43,"BDI 1",{"$f":"IF($C131=\"S\",ROUND(IF(TIPOORCAMENTO=\"Proposto\",ORÇAMENTO.CustoUnitario*(1+$AH131),ORÇAMENTO.PrecoUnitarioLicitado),15-13*$AF$10),0)","v":1790.93},{"$f":"IF($C131=\"S\",IF(OR(Import.TipoArredondamento<>\"TransfereGOV\",ACOMPANHAMENTO=\"BM\"),VTOTAL1,SUM(OFFSET(CÁLCULO!$AI$15,ROW($X131)-ROW($X$15),1):OFFSET(CÁLCULO!$BB$15,ROW($X131)-ROW($X$15),-1))),IF($C131=0,0,ROUND(SomaAgrup,15-13*$AF$11)))","v":4513.1400000000003},"RA","RA",{"$f":"IF($C131=\"S\",IF($Z131=\"CP\",$X131,IF($Z131=\"RA\",(($X131)*QCI!$AA$3),0)),SomaAgrup)","v":390.53871910467495},{"$f":"IF($C131=\"S\",IF($Z131=\"OU\",ROUND($X131,2),0),SomaAgrup)","v":0},{"$f":"IF($N131=\"\",\" \",\nIF(AND($C131<>\"S\",OR($R131=\"\",$R131=\"(digite a descrição aqui)\")),\"DESCRIÇÃO\",\nIF(AND($C131=\"S\",OR($Q131<>\"\",$T131>0,$U131>0),$P131=\"\"),\"FONTE\",\nIF(AND($C131=\"S\",$P131<>\"\",OR($T131>0,$U131>0),$Q131=\"\"),\"CÓDIGO\",\nIF(AND($C131=\"S\",$P131<>\"\",$Q131<>\"\",$R131=\"(Código não identificado nas referências)\"),\"CÓDIGO N/ID\",\nIF(AND($C131=\"S\",OR($R131=\"\",$R131=\"(digite a descrição aqui)\"),OR($Q131<>\"\",$T131>0,$U131>0)),\"DESCRIÇÃO\",\nIF(AND($C131=\"S\",$P131<>\"\",$Q131<>\"\",$S131=\"\"),\"UNIDADE\",\nIF(AND($C131=\"S\",$P131<>\"\",$Q131<>\"\",$U131=0),\"SEM CUSTO\",\nIF(AND(TIPOORCAMENTO=\"Licitado\",$AL131=0,$AN131>0),\"SEM PREÇO\",\nIF(AND($C131=\"S\",$P131<>\"\",$Q131<>\"\",$U131>0,AND($V131<>\"BDI 1\",$V131<>\"BDI 2\",$V131<>\"BDI 3\")),IF(ISNUMBER($V131),\"JUSTIFICAR BDI\",\"BDI\"),\nIF(OR(AND(import.recurso=\"OGU\",TIPOORCAMENTO=\"Proposto\",LEFT($O$8,5)<>\"(N/D:\",$AG131<>\"\",ORÇAMENTO.CustoUnitario>$AG131),AND(TIPOORCAMENTO=\"LICITADO\",ORÇAMENTO.PrecoUnitarioLicitado>$AN131)),\"ACIMA REF.\",\nIF(AND($C131=\"S\",$P131<>\"\",$Q131<>\"\",$T131=0,$U131>0),\"QUANT.\",\nIF(AND(Import.TipoArredondamento=\"TransfereGOV\",$L131=\"F\",$C131=\"S\",LEN($Q131)>13),\"Código >13\",\nIF(AND(Import.TipoArredondamento=\"TransfereGOV\",$L131=\"F\",$C131<>\"S\",LEN($R131)>100),\"Descrição >100\",\nIF(AND(Import.TipoArredondamento=\"TransfereGOV\",$L131=\"F\",$C131=\"S\",LEN($R131)>500),\"Descrição >500\",\nIF(AND(Import.TipoArredondamento=\"TransfereGOV\",$L131=\"F\",$C131=\"S\",LEFT(TRIM(UPPER($P131)),6)<>\"SINAPI\",ISNA(VLOOKUP(TRIM(UPPER($S131)),ListaTgov.Unidades,1,FALSE))),\"Unid. Não Disp\",\n\" \"))))))))))))))))","v":" "},{"$f":"IF(C131<=CRONO.NivelExibicao,MAX($AD$15:OFFSET(AD131,-1,0))+IF($C131<>1,1,MAX(1,COUNTIF(QCI!$A$13:$A$36,OFFSET($E131,-1,0)))),\"\")","v":""},{"$f":"IF(AND($C131=\"S\",ORÇAMENTO.CodBarra<>\"\"),IF(ORÇAMENTO.Fonte=\"\",ORÇAMENTO.CodBarra,CONCATENATE(ORÇAMENTO.Fonte,\" \",ORÇAMENTO.CodBarra)))","v":"Composição COMP27"},{"$f":"IF(ISERROR(ORÇAMENTO.BancoRef),\"(abra o arquivo 'Referência \"&Excel_BuiltIn_Database&\".xlsm)\",IF(OR($C131<>\"S\",ORÇAMENTO.CodBarra=\"\"),\"(Sem Código)\",IF(ISERROR(MATCH($AE131,INDIRECT(ORÇAMENTO.BancoRef),0)),\"(Código não identificado nas referências)\",MATCH($AE131,INDIRECT(ORÇAMENTO.BancoRef),0))))","v":29},{"$f":"ROUND(IF(DESONERACAO=\"sim\",REFERENCIA.Desonerado,REFERENCIA.NaoDesonerado),2)","v":1429.43},0.25290000000000001,null,null,null,null,4513.1400000000003,{"$f":"ROUND(ORÇAMENTO.CustoUnitario*(1+$AH131),2)","v":1790.93}]
[3,3,3,4,{"$f":"IF($C132=1,OFFSET(E132,-1,0)+MAX(1,COUNTIF(QCI!$A$13:$A$36,OFFSET(ORÇAMENTO!E132,-1,0))),OFFSET(E132,-1,0))","v":8},2,2,0,0,4,{"$f":"IF(OR($C132=\"S\",$C132=0),0,MATCH(OFFSET($D132,0,$C132)+IF($C132<>1,1,COUNTIF(QCI!$A$13:$A$36,ORÇAMENTO!E132)),OFFSET($D132,1,$C132,ROW($C$472)-ROW($C132)),0))","v":{"$error":"#N/A"}},"F","Nível 3","Nível 3","8.2.2.","SINAPI",null,{"$f":"IF($C132=\"S\",REFERENCIA.Descricao,\"JANELAS DE ALUMÍNIO\")","v":"JANELAS DE ALUMÍNIO"},{"$f":"REFERENCIA.Unidade","v":"-"},{"$f":"OFFSET(CÁLCULO!H$15,ROW($T132)-ROW(T$15),0)","v":0},null,"BDI 1",{"$f":"IF($C132=\"S\",ROUND(IF(TIPOORCAMENTO=\"Proposto\",ORÇAMENTO.CustoUnitario*(1+$AH132),ORÇAMENTO.PrecoUnitarioLicitado),15-13*$AF$10),0)","v":0},{"$f":"IF($C132=\"S\",IF(OR(Import.TipoArredondamento<>\"TransfereGOV\",ACOMPANHAMENTO=\"BM\"),VTOTAL1,SUM(OFFSET(CÁLCULO!$AI$15,ROW($X132)-ROW($X$15),1):OFFSET(CÁLCULO!$BB$15,ROW($X132)-ROW($X$15),-1))),IF($C132=0,0,ROUND(SomaAgrup,15-13*$AF$11)))","v":35603.089999999997},"RA","",{"$f":"IF($C132=\"S\",IF($Z132=\"CP\",$X132,IF($Z132=\"RA\",(($X132)*QCI!$AA$3),0)),SomaAgrup)","v":3080.8672376147115},{"$f":"IF($C132=\"S\",IF($Z132=\"OU\",ROUND($X132,2),0),SomaAgrup)","v":0},{"$f":"IF($N132=\"\",\" \",\nIF(AND($C132<>\"S\",OR($R132=\"\",$R132=\"(digite a descrição aqui)\")),\"DESCRIÇÃO\",\nIF(AND($C132=\"S\",OR($Q132<>\"\",$T132>0,$U132>0),$P132=\"\"),\"FONTE\",\nIF(AND($C132=\"S\",$P132<>\"\",OR($T132>0,$U132>0),$Q132=\"\"),\"CÓDIGO\",\nIF(AND($C132=\"S\",$P132<>\"\",$Q132<>\"\",$R132=\"(Código não identificado nas referências)\"),\"CÓDIGO N/ID\",\nIF(AND($C132=\"S\",OR($R132=\"\",$R132=\"(digite a descrição aqui)\"),OR($Q132<>\"\",$T132>0,$U132>0)),\"DESCRIÇÃO\",\nIF(AND($C132=\"S\",$P132<>\"\",$Q132<>\"\",$S132=\"\"),\"UNIDADE\",\nIF(AND($C132=\"S\",$P132<>\"\",$Q132<>\"\",$U132=0),\"SEM CUSTO\",\nIF(AND(TIPOORCAMENTO=\"Licitado\",$AL132=0,$AN132>0),\"SEM PREÇO\",\nIF(AND($C132=\"S\",$P132<>\"\",$Q132<>\"\",$U132>0,AND($V132<>\"BDI 1\",$V132<>\"BDI 2\",$V132<>\"BDI 3\")),IF(ISNUMBER($V132),\"JUSTIFICAR BDI\",\"BDI\"),\nIF(OR(AND(import.recurso=\"OGU\",TIPOORCAMENTO=\"Proposto\",LEFT($O$8,5)<>\"(N/D:\",$AG132<>\"\",ORÇAMENTO.CustoUnitario>$AG132),AND(TIPOORCAMENTO=\"LICITADO\",ORÇAMENTO.PrecoUnitarioLicitado>$AN132)),\"ACIMA REF.\",\nIF(AND($C132=\"S\",$P132<>\"\",$Q132<>\"\",$T132=0,$U132>0),\"QUANT.\",\nIF(AND(Import.TipoArredondamento=\"TransfereGOV\",$L132=\"F\",$C132=\"S\",LEN($Q132)>13),\"Código >13\",\nIF(AND(Import.TipoArredondamento=\"TransfereGOV\",$L132=\"F\",$C132<>\"S\",LEN($R132)>100),\"Descrição >100\",\nIF(AND(Import.TipoArredondamento=\"TransfereGOV\",$L132=\"F\",$C132=\"S\",LEN($R132)>500),\"Descrição >500\",\nIF(AND(Import.TipoArredondamento=\"TransfereGOV\",$L132=\"F\",$C132=\"S\",LEFT(TRIM(UPPER($P132)),6)<>\"SINAPI\",ISNA(VLOOKUP(TRIM(UPPER($S132)),ListaTgov.Unidades,1,FALSE))),\"Unid. Não Disp\",\n\" \"))))))))))))))))","v":" "},{"$f":"IF(C132<=CRONO.NivelExibicao,MAX($AD$15:OFFSET(AD132,-1,0))+IF($C132<>1,1,MAX(1,COUNTIF(QCI!$A$13:$A$36,OFFSET($E132,-1,0)))),\"\")","v":""},{"$f":"IF(AND($C132=\"S\",ORÇAMENTO.CodBarra<>\"\"),IF(ORÇAMENTO.Fonte=\"\",ORÇAMENTO.CodBarra,CONCATENATE(ORÇAMENTO.Fonte,\" \",ORÇAMENTO.CodBarra)))","v":false},{"$f":"IF(ISERROR(ORÇAMENTO.BancoRef),\"(abra o arquivo 'Referência \"&Excel_BuiltIn_Database&\".xlsm)\",IF(OR($C132<>\"S\",ORÇAMENTO.CodBarra=\"\"),\"(Sem Código)\",IF(ISERROR(MATCH($AE132,INDIRECT(ORÇAMENTO.BancoRef),0)),\"(Código não identificado nas referências)\",MATCH($AE132,INDIRECT(ORÇAMENTO.BancoRef),0))))","v":"(Sem Código)"},{"$f":"ROUND(IF(DESONERACAO=\"sim\",REFERENCIA.Desonerado,REFERENCIA.NaoDesonerado),2)","v":0},0.25290000000000001,null,null,null,null,35603.089999999997,{"$f":"ROUND(ORÇAMENTO.CustoUnitario*(1+$AH132),2)","v":0}]
["S",3,"S",0,{"$f":"IF($C133=1,OFFSET(E133,-1,0)+MAX(1,COUNTIF(QCI!$A$13:$A$36,OFFSET(ORÇAMENTO!E133,-1,0))),OFFSET(E133,-1,0))","v":8},2,2,0,1,0,{"$f":"IF(OR($C133=\"S\",$C133=0),0,MATCH(OFFSET($D133,0,$C133)+IF($C133<>1,1,COUNTIF(QCI!$A$13:$A$36,ORÇAMENTO!E133)),OFFSET($D133,1,$C133,ROW($C$472)-ROW($C133)),0))","v":0},"F","Serviço","Serviço","8.2.2.1.","SINAPI","94569",{"$f":"IF($C133=\"S\",REFERENCIA.Descricao,\"(digite a descrição aqui)\")","v":"JANELA DE ALUMÍNIO TIPO MAXIM-AR, BATENTE/ REQUADRO 3 A 14 CM, VIDRO INCLUSO, FIXAÇÃO COM PARAFUSO, SEM GUARNIÇÃO/ ALIZAR, DIMENSÕES 60X80 (A X L) CM, SEM ACABAMENTO, VEDAÇÃO COM SILICONE, EXCLUSIVE CONTRAMARCO - FORNECIMENTO E INSTALAÇÃO. AF_11/2024"},{"$f":"REFERENCIA.Unidade","v":"M2"},{"$f":"OFFSET(CÁLCULO!H$15,ROW($T133)-ROW(T$15),0)","v":25.64},{"$f":"AG133","v":590.72},"BDI 1",{"$f":"IF($C133=\"S\",ROUND(IF(TIPOORCAMENTO=\"Proposto\",ORÇAMENTO.CustoUnitario*(1+$AH133),ORÇAMENTO.PrecoUnitarioLicitado),15-13*$AF$10),0)","v":740.11},{"$f":"IF($C133=\"S\",IF(OR(Import.TipoArredondamento<>\"TransfereGOV\",ACOMPANHAMENTO=\"BM\"),VTOTAL1,SUM(OFFSET(CÁLCULO!$AI$15,ROW($X133)-ROW($X$15),1):OFFSET(CÁLCULO!$BB$15,ROW($X133)-ROW($X$15),-1))),IF($C133=0,0,ROUND(SomaAgrup,15-13*$AF$11)))","v":18976.419999999998},"RA","RA",{"$f":"IF($C133=\"S\",IF($Z133=\"CP\",$X133,IF($Z133=\"RA\",(($X133)*QCI!$AA$3),0)),SomaAgrup)","v":1642.0999038346549},{"$f":"IF($C133=\"S\",IF($Z133=\"OU\",ROUND($X133,2),0),SomaAgrup)","v":0},{"$f":"IF($N133=\"\",\" \",\nIF(AND($C133<>\"S\",OR($R133=\"\",$R133=\"(digite a descrição aqui)\")),\"DESCRIÇÃO\",\nIF(AND($C133=\"S\",OR($Q133<>\"\",$T133>0,$U133>0),$P133=\"\"),\"FONTE\",\nIF(AND($C133=\"S\",$P133<>\"\",OR($T133>0,$U133>0),$Q133=\"\"),\"CÓDIGO\",\nIF(AND($C133=\"S\",$P133<>\"\",$Q133<>\"\",$R133=\"(Código não identificado nas referências)\"),\"CÓDIGO N/ID\",\nIF(AND($C133=\"S\",OR($R133=\"\",$R133=\"(digite a descrição aqui)\"),OR($Q133<>\"\",$T133>0,$U133>0)),\"DESCRIÇÃO\",\nIF(AND($C133=\"S\",$P133<>\"\",$Q133<>\"\",$S133=\"\"),\"UNIDADE\",\nIF(AND($C133=\"S\",$P133<>\"\",$Q133<>\"\",$U133=0),\"SEM CUSTO\",\nIF(AND(TIPOORCAMENTO=\"Licitado\",$AL133=0,$AN133>0),\"SEM PREÇO\",\nIF(AND($C133=\"S\",$P133<>\"\",$Q133<>\"\",$U133>0,AND($V133<>\"BDI 1\",$V133<>\"BDI 2\",$V133<>\"BDI 3\")),IF(ISNUMBER($V133),\"JUSTIFICAR BDI\",\"BDI\"),\nIF(OR(AND(import.recurso=\"OGU\",TIPOORCAMENTO=\"Proposto\",LEFT($O$8,5)<>\"(N/D:\",$AG133<>\"\",ORÇAMENTO.CustoUnitario>$AG133),AND(TIPOORCAMENTO=\"LICITADO\",ORÇAMENTO.PrecoUnitarioLicitado>$AN133)),\"ACIMA REF.\",\nIF(AND($C133=\"S\",$P133<>\"\",$Q133<>\"\",$T133=0,$U133>0),\"QUANT.\",\nIF(AND(Import.TipoArredondamento=\"TransfereGOV\",$L133=\"F\",$C133=\"S\",LEN($Q133)>13),\"Código >13\",\nIF(AND(Import.TipoArredondamento=\"TransfereGOV\",$L133=\"F\",$C133<>\"S\",LEN($R133)>100),\"Descrição >100\",\nIF(AND(Import.TipoArredondamento=\"TransfereGOV\",$L133=\"F\",$C133=\"S\",LEN($R133)>500),\"Descrição >500\",\nIF(AND(Import.TipoArredondamento=\"TransfereGOV\",$L133=\"F\",$C133=\"S\",LEFT(TRIM(UPPER($P133)),6)<>\"SINAPI\",ISNA(VLOOKUP(TRIM(UPPER($S133)),ListaTgov.Unidades,1,FALSE))),\"Unid. Não Disp\",\n\" \"))))))))))))))))","v":" "},{"$f":"IF(C133<=CRONO.NivelExibicao,MAX($AD$15:OFFSET(AD133,-1,0))+IF($C133<>1,1,MAX(1,COUNTIF(QCI!$A$13:$A$36,OFFSET($E133,-1,0)))),\"\")","v":""},{"$f":"IF(AND($C133=\"S\",ORÇAMENTO.CodBarra<>\"\"),IF(ORÇAMENTO.Fonte=\"\",ORÇAMENTO.CodBarra,CONCATENATE(ORÇAMENTO.Fonte,\" \",ORÇAMENTO.CodBarra)))","v":"SINAPI 94569"},{"$f":"IF(ISERROR(ORÇAMENTO.BancoRef),\"(abra o arquivo 'Referência \"&Excel_BuiltIn_Database&\".xlsm)\",IF(OR($C133<>\"S\",ORÇAMENTO.CodBarra=\"\"),\"(Sem Código)\",IF(ISERROR(MATCH($AE133,INDIRECT(ORÇAMENTO.BancoRef),0)),\"(Código não identificado nas referências)\",MATCH($AE133,INDIRECT(ORÇAMENTO.BancoRef),0))))","v":9715},{"$f":"ROUND(IF(DESONERACAO=\"sim\",REFERENCIA.Desonerado,REFERENCIA.NaoDesonerado),2)","v":590.72},0.25290000000000001,null,null,null,null,18976.419999999998,{"$f":"ROUND(ORÇAMENTO.CustoUnitario*(1+$AH133),2)","v":740.11}]
["S",3,"S",0,{"$f":"IF($C134=1,OFFSET(E134,-1,0)+MAX(1,COUNTIF(QCI!$A$13:$A$36,OFFSET(ORÇAMENTO!E134,-1,0))),OFFSET(E134,-1,0))","v":8},2,2,0,2,0,{"$f":"IF(OR($C134=\"S\",$C134=0),0,MATCH(OFFSET($D134,0,$C134)+IF($C134<>1,1,COUNTIF(QCI!$A$13:$A$36,ORÇAMENTO!E134)),OFFSET($D134,1,$C134,ROW($C$472)-ROW($C134)),0))","v":0},"F","Serviço","Serviço","8.2.2.2.","SINAPI","100674",{"$f":"IF($C134=\"S\",REFERENCIA.Descricao,\"(digite a descrição aqui)\")","v":"CAIXILHO FIXO DE ALUMÍNIO PARA VIDRO (VIDRO INCLUSO), BATENTE/ REQUADRO DE 4 A 14 CM, SEM GUARNIÇÃO/ ALIZAR, FIXAÇÃO COM PARAFUSOS, VEDAÇÃO COM SILICONE, EXCLUSIVE CONTRAMARCO - FORNECIMENTO E INSTALAÇÃO. AF_11/2024"},{"$f":"REFERENCIA.Unidade","v":"M2"},{"$f":"OFFSET(CÁLCULO!H$15,ROW($T134)-ROW(T$15),0)","v":1.35},{"$f":"AG134","v":677.05},"BDI 1",{"$f":"IF($C134=\"S\",ROUND(IF(TIPOORCAMENTO=\"Proposto\",ORÇAMENTO.CustoUnitario*(1+$AH134),ORÇAMENTO.PrecoUnitarioLicitado),15-13*$AF$10),0)","v":848.28},{"$f":"IF($C134=\"S\",IF(OR(Import.TipoArredondamento<>\"TransfereGOV\",ACOMPANHAMENTO=\"BM\"),VTOTAL1,SUM(OFFSET(CÁLCULO!$AI$15,ROW($X134)-ROW($X$15),1):OFFSET(CÁLCULO!$BB$15,ROW($X134)-ROW($X$15),-1))),IF($C134=0,0,ROUND(SomaAgrup,15-13*$AF$11)))","v":1145.18},"RA","RA",{"$f":"IF($C134=\"S\",IF($Z134=\"CP\",$X134,IF($Z134=\"RA\",(($X134)*QCI!$AA$3),0)),SomaAgrup)","v":99.096666698638117},{"$f":"IF($C134=\"S\",IF($Z134=\"OU\",ROUND($X134,2),0),SomaAgrup)","v":0},{"$f":"IF($N134=\"\",\" \",\nIF(AND($C134<>\"S\",OR($R134=\"\",$R134=\"(digite a descrição aqui)\")),\"DESCRIÇÃO\",\nIF(AND($C134=\"S\",OR($Q134<>\"\",$T134>0,$U134>0),$P134=\"\"),\"FONTE\",\nIF(AND($C134=\"S\",$P134<>\"\",OR($T134>0,$U134>0),$Q134=\"\"),\"CÓDIGO\",\nIF(AND($C134=\"S\",$P134<>\"\",$Q134<>\"\",$R134=\"(Código não identificado nas referências)\"),\"CÓDIGO N/ID\",\nIF(AND($C134=\"S\",OR($R134=\"\",$R134=\"(digite a descrição aqui)\"),OR($Q134<>\"\",$T134>0,$U134>0)),\"DESCRIÇÃO\",\nIF(AND($C134=\"S\",$P134<>\"\",$Q134<>\"\",$S134=\"\"),\"UNIDADE\",\nIF(AND($C134=\"S\",$P134<>\"\",$Q134<>\"\",$U134=0),\"SEM CUSTO\",\nIF(AND(TIPOORCAMENTO=\"Licitado\",$AL134=0,$AN134>0),\"SEM PREÇO\",\nIF(AND($C134=\"S\",$P134<>\"\",$Q134<>\"\",$U134>0,AND($V134<>\"BDI 1\",$V134<>\"BDI 2\",$V134<>\"BDI 3\")),IF(ISNUMBER($V134),\"JUSTIFICAR BDI\",\"BDI\"),\nIF(OR(AND(import.recurso=\"OGU\",TIPOORCAMENTO=\"Proposto\",LEFT($O$8,5)<>\"(N/D:\",$AG134<>\"\",ORÇAMENTO.CustoUnitario>$AG134),AND(TIPOORCAMENTO=\"LICITADO\",ORÇAMENTO.PrecoUnitarioLicitado>$AN134)),\"ACIMA REF.\",\nIF(AND($C134=\"S\",$P134<>\"\",$Q134<>\"\",$T134=0,$U134>0),\"QUANT.\",\nIF(AND(Import.TipoArredondamento=\"TransfereGOV\",$L134=\"F\",$C134=\"S\",LEN($Q134)>13),\"Código >13\",\nIF(AND(Import.TipoArredondamento=\"TransfereGOV\",$L134=\"F\",$C134<>\"S\",LEN($R134)>100),\"Descrição >100\",\nIF(AND(Import.TipoArredondamento=\"TransfereGOV\",$L134=\"F\",$C134=\"S\",LEN($R134)>500),\"Descrição >500\",\nIF(AND(Import.TipoArredondamento=\"TransfereGOV\",$L134=\"F\",$C134=\"S\",LEFT(TRIM(UPPER($P134)),6)<>\"SINAPI\",ISNA(VLOOKUP(TRIM(UPPER($S134)),ListaTgov.Unidades,1,FALSE))),\"Unid. Não Disp\",\n\" \"))))))))))))))))","v":" "},{"$f":"IF(C134<=CRONO.NivelExibicao,MAX($AD$15:OFFSET(AD134,-1,0))+IF($C134<>1,1,MAX(1,COUNTIF(QCI!$A$13:$A$36,OFFSET($E134,-1,0)))),\"\")","v":""},{"$f":"IF(AND($C134=\"S\",ORÇAMENTO.CodBarra<>\"\"),IF(ORÇAMENTO.Fonte=\"\",ORÇAMENTO.CodBarra,CONCATENATE(ORÇAMENTO.Fonte,\" \",ORÇAMENTO.CodBarra)))","v":"SINAPI 100674"},{"$f":"IF(ISERROR(ORÇAMENTO.BancoRef),\"(abra o arquivo 'Referência \"&Excel_BuiltIn_Database&\".xlsm)\",IF(OR($C134<>\"S\",ORÇAMENTO.CodBarra=\"\"),\"(Sem Código)\",IF(ISERROR(MATCH($AE134,INDIRECT(ORÇAMENTO.BancoRef),0)),\"(Código não identificado nas referências)\",MATCH($AE134,INDIRECT(ORÇAMENTO.BancoRef),0))))","v":9702},{"$f":"ROUND(IF(DESONERACAO=\"sim\",REFERENCIA.Desonerado,REFERENCIA.NaoDesonerado),2)","v":677.05},0.25290000000000001,null,null,null,null,1145.18,{"$f":"ROUND(ORÇAMENTO.CustoUnitario*(1+$AH134),2)","v":848.28}]
["S",3,"S",0,{"$f":"IF($C135=1,OFFSET(E135,-1,0)+MAX(1,COUNTIF(QCI!$A$13:$A$36,OFFSET(ORÇAMENTO!E135,-1,0))),OFFSET(E135,-1,0))","v":8},2,2,0,3,0,{"$f":"IF(OR($C135=\"S\",$C135=0),0,MATCH(OFFSET($D135,0,$C135)+IF($C135<>1,1,COUNTIF(QCI!$A$13:$A$36,ORÇAMENTO!E135)),OFFSET($D135,1,$C135,ROW($C$472)-ROW($C135)),0))","v":0},"F","Serviço","Serviço","8.2.2.3.","SINAPI","94573",{"$f":"IF($C135=\"S\",REFERENCIA.Descricao,\"(digite a descrição aqui)\")","v":"JANELA DE ALUMÍNIO DE CORRER COM 4 FOLHAS PARA VIDROS (VIDROS INCLUSOS), COM BANDEIRA, BATENTE/ REQUADRO 6 A 14 CM, ACABAMENTO COM ACETATO OU BRILHANTE, FIXAÇÃO COM PARAFUSO, SEM GUARNIÇÃO/ ALIZAR, DIMENSÕES 150X120 CM, VEDAÇÃO COM SILICONE, EXCLUSIVE CONTRAMARCO - FORNECIMENTO E INSTALAÇÃO. AF_11/2024"},{"$f":"REFERENCIA.Unidade","v":"M2"},{"$f":"OFFSET(CÁLCULO!H$15,ROW($T135)-ROW(T$15),0)","v":35.67},{"$f":"AG135","v":346.41},"BDI 1",{"$f":"IF($C135=\"S\",ROUND(IF(TIPOORCAMENTO=\"Proposto\",ORÇAMENTO.CustoUnitario*(1+$AH135),ORÇAMENTO.PrecoUnitarioLicitado),15-13*$AF$10),0)","v":434.02},{"$f":"IF($C135=\"S\",IF(OR(Import.TipoArredondamento<>\"TransfereGOV\",ACOMPANHAMENTO=\"BM\"),VTOTAL1,SUM(OFFSET(CÁLCULO!$AI$15,ROW($X135)-ROW($X$15),1):OFFSET(CÁLCULO!$BB$15,ROW($X135)-ROW($X$15),-1))),IF($C135=0,0,ROUND(SomaAgrup,15-13*$AF$11)))","v":15481.49},"RA","RA",{"$f":"IF($C135=\"S\",IF($Z135=\"CP\",$X135,IF($Z135=\"RA\",(($X135)*QCI!$AA$3),0)),SomaAgrup)","v":1339.6706670814185},{"$f":"IF($C135=\"S\",IF($Z135=\"OU\",ROUND($X135,2),0),SomaAgrup)","v":0},{"$f":"IF($N135=\"\",\" \",\nIF(AND($C135<>\"S\",OR($R135=\"\",$R135=\"(digite a descrição aqui)\")),\"DESCRIÇÃO\",\nIF(AND($C135=\"S\",OR($Q135<>\"\",$T135>0,$U135>0),$P135=\"\"),\"FONTE\",\nIF(AND($C135=\"S\",$P135<>\"\",OR($T135>0,$U135>0),$Q135=\"\"),\"CÓDIGO\",\nIF(AND($C135=\"S\",$P135<>\"\",$Q135<>\"\",$R135=\"(Código não identificado nas referências)\"),\"CÓDIGO N/ID\",\nIF(AND($C135=\"S\",OR($R135=\"\",$R135=\"(digite a descrição aqui)\"),OR($Q135<>\"\",$T135>0,$U135>0)),\"DESCRIÇÃO\",\nIF(AND($C135=\"S\",$P135<>\"\",$Q135<>\"\",$S135=\"\"),\"UNIDADE\",\nIF(AND($C135=\"S\",$P135<>\"\",$Q135<>\"\",$U135=0),\"SEM CUSTO\",\nIF(AND(TIPOORCAMENTO=\"Licitado\",$AL135=0,$AN135>0),\"SEM PREÇO\",\nIF(AND($C135=\"S\",$P135<>\"\",$Q135<>\"\",$U135>0,AND($V135<>\"BDI 1\",$V135<>\"BDI 2\",$V135<>\"BDI 3\")),IF(ISNUMBER($V135),\"JUSTIFICAR BDI\",\"BDI\"),\nIF(OR(AND(import.recurso=\"OGU\",TIPOORCAMENTO=\"Proposto\",LEFT($O$8,5)<>\"(N/D:\",$AG135<>\"\",ORÇAMENTO.CustoUnitario>$AG135),AND(TIPOORCAMENTO=\"LICITADO\",ORÇAMENTO.PrecoUnitarioLicitado>$AN135)),\"ACIMA REF.\",\nIF(AND($C135=\"S\",$P135<>\"\",$Q135<>\"\",$T135=0,$U135>0),\"QUANT.\",\nIF(AND(Import.TipoArredondamento=\"TransfereGOV\",$L135=\"F\",$C135=\"S\",LEN($Q135)>13),\"Código >13\",\nIF(AND(Import.TipoArredondamento=\"TransfereGOV\",$L135=\"F\",$C135<>\"S\",LEN($R135)>100),\"Descrição >100\",\nIF(AND(Import.TipoArredondamento=\"TransfereGOV\",$L135=\"F\",$C135=\"S\",LEN($R135)>500),\"Descrição >500\",\nIF(AND(Import.TipoArredondamento=\"TransfereGOV\",$L135=\"F\",$C135=\"S\",LEFT(TRIM(UPPER($P135)),6)<>\"SINAPI\",ISNA(VLOOKUP(TRIM(UPPER($S135)),ListaTgov.Unidades,1,FALSE))),\"Unid. Não Disp\",\n\" \"))))))))))))))))","v":" "},{"$f":"IF(C135<=CRONO.NivelExibicao,MAX($AD$15:OFFSET(AD135,-1,0))+IF($C135<>1,1,MAX(1,COUNTIF(QCI!$A$13:$A$36,OFFSET($E135,-1,0)))),\"\")","v":""},{"$f":"IF(AND($C135=\"S\",ORÇAMENTO.CodBarra<>\"\"),IF(ORÇAMENTO.Fonte=\"\",ORÇAMENTO.CodBarra,CONCATENATE(ORÇAMENTO.Fonte,\" \",ORÇAMENTO.CodBarra)))","v":"SINAPI 94573"},{"$f":"IF(ISERROR(ORÇAMENTO.BancoRef),\"(abra o arquivo 'Referência \"&Excel_BuiltIn_Database&\".xlsm)\",IF(OR($C135<>\"S\",ORÇAMENTO.CodBarra=\"\"),\"(Sem Código)\",IF(ISERROR(MATCH($AE135,INDIRECT(ORÇAMENTO.BancoRef),0)),\"(Código não identificado nas referências)\",MATCH($AE135,INDIRECT(ORÇAMENTO.BancoRef),0))))","v":9713},{"$f":"ROUND(IF(DESONERACAO=\"sim\",REFERENCIA.Desonerado,REFERENCIA.NaoDesonerado),2)","v":346.41},0.25290000000000001,null,null,null,null,15481.49,{"$f":"ROUND(ORÇAMENTO.CustoUnitario*(1+$AH135),2)","v":434.02}]
[2,2,2,3,{"$f":"IF($C136=1,OFFSET(E136,-1,0)+MAX(1,COUNTIF(QCI!$A$13:$A$36,OFFSET(ORÇAMENTO!E136,-1,0))),OFFSET(E136,-1,0))","v":8},3,0,0,0,11,{"$f":"IF(OR($C136=\"S\",$C136=0),0,MATCH(OFFSET($D136,0,$C136)+IF($C136<>1,1,COUNTIF(QCI!$A$13:$A$36,ORÇAMENTO!E136)),OFFSET($D136,1,$C136,ROW($C$472)-ROW($C136)),0))","v":3},"F","Nível 2","Nível 2","8.3.","SINAPI",null,{"$f":"IF($C136=\"S\",REFERENCIA.Descricao,\"ESQUADRIAS METÁLICAS\")","v":"ESQUADRIAS METÁLICAS"},{"$f":"REFERENCIA.Unidade","v":"-"},{"$f":"OFFSET(CÁLCULO!H$15,ROW($T136)-ROW(T$15),0)","v":0},null,"BDI 1",{"$f":"IF($C136=\"S\",ROUND(IF(TIPOORCAMENTO=\"Proposto\",ORÇAMENTO.CustoUnitario*(1+$AH136),ORÇAMENTO.PrecoUnitarioLicitado),15-13*$AF$10),0)","v":0},{"$f":"IF($C136=\"S\",IF(OR(Import.TipoArredondamento<>\"TransfereGOV\",ACOMPANHAMENTO=\"BM\"),VTOTAL1,SUM(OFFSET(CÁLCULO!$AI$15,ROW($X136)-ROW($X$15),1):OFFSET(CÁLCULO!$BB$15,ROW($X136)-ROW($X$15),-1))),IF($C136=0,0,ROUND(SomaAgrup,15-13*$AF$11)))","v":2646.69},"RA","",{"$f":"IF($C136=\"S\",IF($Z136=\"CP\",$X136,IF($Z136=\"RA\",(($X136)*QCI!$AA$3),0)),SomaAgrup)","v":229.02788800417272},{"$f":"IF($C136=\"S\",IF($Z136=\"OU\",ROUND($X136,2),0),SomaAgrup)","v":0},{"$f":"IF($N136=\"\",\" \",\nIF(AND($C136<>\"S\",OR($R136=\"\",$R136=\"(digite a descrição aqui)\")),\"DESCRIÇÃO\",\nIF(AND($C136=\"S\",OR($Q136<>\"\",$T136>0,$U136>0),$P136=\"\"),\"FONTE\",\nIF(AND($C136=\"S\",$P136<>\"\",OR($T136>0,$U136>0),$Q136=\"\"),\"CÓDIGO\",\nIF(AND($C136=\"S\",$P136<>\"\",$Q136<>\"\",$R136=\"(Código não identificado nas referências)\"),\"CÓDIGO N/ID\",\nIF(AND($C136=\"S\",OR($R136=\"\",$R136=\"(digite a descrição aqui)\"),OR($Q136<>\"\",$T136>0,$U136>0)),\"DESCRIÇÃO\",\nIF(AND($C136=\"S\",$P136<>\"\",$Q136<>\"\",$S136=\"\"),\"UNIDADE\",\nIF(AND($C136=\"S\",$P136<>\"\",$Q136<>\"\",$U136=0),\"SEM CUSTO\",\nIF(AND(TIPOORCAMENTO=\"Licitado\",$AL136=0,$AN136>0),\"SEM PREÇO\",\nIF(AND($C136=\"S\",$P136<>\"\",$Q136<>\"\",$U136>0,AND($V136<>\"BDI 1\",$V136<>\"BDI 2\",$V136<>\"BDI 3\")),IF(ISNUMBER($V136),\"JUSTIFICAR BDI\",\"BDI\"),\nIF(OR(AND(import.recurso=\"OGU\",TIPOORCAMENTO=\"Proposto\",LEFT($O$8,5)<>\"(N/D:\",$AG136<>\"\",ORÇAMENTO.CustoUnitario>$AG136),AND(TIPOORCAMENTO=\"LICITADO\",ORÇAMENTO.PrecoUnitarioLicitado>$AN136)),\"ACIMA REF.\",\nIF(AND($C136=\"S\",$P136<>\"\",$Q136<>\"\",$T136=0,$U136>0),\"QUANT.\",\nIF(AND(Import.TipoArredondamento=\"TransfereGOV\",$L136=\"F\",$C136=\"S\",LEN($Q136)>13),\"Código >13\",\nIF(AND(Import.TipoArredondamento=\"TransfereGOV\",$L136=\"F\",$C136<>\"S\",LEN($R136)>100),\"Descrição >100\",\nIF(AND(Import.TipoArredondamento=\"TransfereGOV\",$L136=\"F\",$C136=\"S\",LEN($R136)>500),\"Descrição >500\",\nIF(AND(Import.TipoArredondamento=\"TransfereGOV\",$L136=\"F\",$C136=\"S\",LEFT(TRIM(UPPER($P136)),6)<>\"SINAPI\",ISNA(VLOOKUP(TRIM(UPPER($S136)),ListaTgov.Unidades,1,FALSE))),\"Unid. Não Disp\",\n\" \"))))))))))))))))","v":" "},{"$f":"IF(C136<=CRONO.NivelExibicao,MAX($AD$15:OFFSET(AD136,-1,0))+IF($C136<>1,1,MAX(1,COUNTIF(QCI!$A$13:$A$36,OFFSET($E136,-1,0)))),\"\")","v":26},{"$f":"IF(AND($C136=\"S\",ORÇAMENTO.CodBarra<>\"\"),IF(ORÇAMENTO.Fonte=\"\",ORÇAMENTO.CodBarra,CONCATENATE(ORÇAMENTO.Fonte,\" \",ORÇAMENTO.CodBarra)))","v":false},{"$f":"IF(ISERROR(ORÇAMENTO.BancoRef),\"(abra o arquivo 'Referência \"&Excel_BuiltIn_Database&\".xlsm)\",IF(OR($C136<>\"S\",ORÇAMENTO.CodBarra=\"\"),\"(Sem Código)\",IF(ISERROR(MATCH($AE136,INDIRECT(ORÇAMENTO.BancoRef),0)),\"(Código não identificado nas referências)\",MATCH($AE136,INDIRECT(ORÇAMENTO.BancoRef),0))))","v":"(Sem Código)"},{"$f":"ROUND(IF(DESONERACAO=\"sim\",REFERENCIA.Desonerado,REFERENCIA.NaoDesonerado),2)","v":0},0.25290000000000001,null,null,null,null,2646.69,{"$f":"ROUND(ORÇAMENTO.CustoUnitario*(1+$AH136),2)","v":0}]
[3,3,3,2,{"$f":"IF($C137=1,OFFSET(E137,-1,0)+MAX(1,COUNTIF(QCI!$A$13:$A$36,OFFSET(ORÇAMENTO!E137,-1,0))),OFFSET(E137,-1,0))","v":8},3,1,0,0,2,{"$f":"IF(OR($C137=\"S\",$C137=0),0,MATCH(OFFSET($D137,0,$C137)+IF($C137<>1,1,COUNTIF(QCI!$A$13:$A$36,ORÇAMENTO!E137)),OFFSET($D137,1,$C137,ROW($C$472)-ROW($C137)),0))","v":{"$error":"#N/A"}},"F","Nível 3","Nível 3","8.3.1.","SINAPI",null,{"$f":"IF($C137=\"S\",REFERENCIA.Descricao,\"PORTAS METÁLICAS\")","v":"PORTAS METÁLICAS"},{"$f":"REFERENCIA.Unidade","v":"-"},{"$f":"OFFSET(CÁLCULO!H$15,ROW($T137)-ROW(T$15),0)","v":0},null,"BDI 1",{"$f":"IF($C137=\"S\",ROUND(IF(TIPOORCAMENTO=\"Proposto\",ORÇAMENTO.CustoUnitario*(1+$AH137),ORÇAMENTO.PrecoUnitarioLicitado),15-13*$AF$10),0)","v":0},{"$f":"IF($C137=\"S\",IF(OR(Import.TipoArredondamento<>\"TransfereGOV\",ACOMPANHAMENTO=\"BM\"),VTOTAL1,SUM(OFFSET(CÁLCULO!$AI$15,ROW($X137)-ROW($X$15),1):OFFSET(CÁLCULO!$BB$15,ROW($X137)-ROW($X$15),-1))),IF($C137=0,0,ROUND(SomaAgrup,15-13*$AF$11)))","v":2646.69},"RA","",{"$f":"IF($C137=\"S\",IF($Z137=\"CP\",$X137,IF($Z137=\"RA\",(($X137)*QCI!$AA$3),0)),SomaAgrup)","v":229.02788800417272},{"$f":"IF($C137=\"S\",IF($Z137=\"OU\",ROUND($X137,2),0),SomaAgrup)","v":0},{"$f":"IF($N137=\"\",\" \",\nIF(AND($C137<>\"S\",OR($R137=\"\",$R137=\"(digite a descrição aqui)\")),\"DESCRIÇÃO\",\nIF(AND($C137=\"S\",OR($Q137<>\"\",$T137>0,$U137>0),$P137=\"\"),\"FONTE\",\nIF(AND($C137=\"S\",$P137<>\"\",OR($T137>0,$U137>0),$Q137=\"\"),\"CÓDIGO\",\nIF(AND($C137=\"S\",$P137<>\"\",$Q137<>\"\",$R137=\"(Código não identificado nas referências)\"),\"CÓDIGO N/ID\",\nIF(AND($C137=\"S\",OR($R137=\"\",$R137=\"(digite a descrição aqui)\"),OR($Q137<>\"\",$T137>0,$U137>0)),\"DESCRIÇÃO\",\nIF(AND($C137=\"S\",$P137<>\"\",$Q137<>\"\",$S137=\"\"),\"UNIDADE\",\nIF(AND($C137=\"S\",$P137<>\"\",$Q137<>\"\",$U137=0),\"SEM CUSTO\",\nIF(AND(TIPOORCAMENTO=\"Licitado\",$AL137=0,$AN137>0),\"SEM PREÇO\",\nIF(AND($C137=\"S\",$P137<>\"\",$Q137<>\"\",$U137>0,AND($V137<>\"BDI 1\",$V137<>\"BDI 2\",$V137<>\"BDI 3\")),IF(ISNUMBER($V137),\"JUSTIFICAR BDI\",\"BDI\"),\nIF(OR(AND(import.recurso=\"OGU\",TIPOORCAMENTO=\"Proposto\",LEFT($O$8,5)<>\"(N/D:\",$AG137<>\"\",ORÇAMENTO.CustoUnitario>$AG137),AND(TIPOORCAMENTO=\"LICITADO\",ORÇAMENTO.PrecoUnitarioLicitado>$AN137)),\"ACIMA REF.\",\nIF(AND($C137=\"S\",$P137<>\"\",$Q137<>\"\",$T137=0,$U137>0),\"QUANT.\",\nIF(AND(Import.TipoArredondamento=\"TransfereGOV\",$L137=\"F\",$C137=\"S\",LEN($Q137)>13),\"Código >13\",\nIF(AND(Import.TipoArredondamento=\"TransfereGOV\",$L137=\"F\",$C137<>\"S\",LEN($R137)>100),\"Descrição >100\",\nIF(AND(Import.TipoArredondamento=\"TransfereGOV\",$L137=\"F\",$C137=\"S\",LEN($R137)>500),\"Descrição >500\",\nIF(AND(Import.TipoArredondamento=\"TransfereGOV\",$L137=\"F\",$C137=\"S\",LEFT(TRIM(UPPER($P137)),6)<>\"SINAPI\",ISNA(VLOOKUP(TRIM(UPPER($S137)),ListaTgov.Unidades,1,FALSE))),\"Unid. Não Disp\",\n\" \"))))))))))))))))","v":" "},{"$f":"IF(C137<=CRONO.NivelExibicao,MAX($AD$15:OFFSET(AD137,-1,0))+IF($C137<>1,1,MAX(1,COUNTIF(QCI!$A$13:$A$36,OFFSET($E137,-1,0)))),\"\")","v":""},{"$f":"IF(AND($C137=\"S\",ORÇAMENTO.CodBarra<>\"\"),IF(ORÇAMENTO.Fonte=\"\",ORÇAMENTO.CodBarra,CONCATENATE(ORÇAMENTO.Fonte,\" \",ORÇAMENTO.CodBarra)))","v":false},{"$f":"IF(ISERROR(ORÇAMENTO.BancoRef),\"(abra o arquivo 'Referência \"&Excel_BuiltIn_Database&\".xlsm)\",IF(OR($C137<>\"S\",ORÇAMENTO.CodBarra=\"\"),\"(Sem Código)\",IF(ISERROR(MATCH($AE137,INDIRECT(ORÇAMENTO.BancoRef),0)),\"(Código não identificado nas referências)\",MATCH($AE137,INDIRECT(ORÇAMENTO.BancoRef),0))))","v":"(Sem Código)"},{"$f":"ROUND(IF(DESONERACAO=\"sim\",REFERENCIA.Desonerado,REFERENCIA.NaoDesonerado),2)","v":0},0.25290000000000001,null,null,null,null,2646.69,{"$f":"ROUND(ORÇAMENTO.CustoUnitario*(1+$AH137),2)","v":0}]
["S",3,"S",0,{"$f":"IF($C138=1,OFFSET(E138,-1,0)+MAX(1,COUNTIF(QCI!$A$13:$A$36,OFFSET(ORÇAMENTO!E138,-1,0))),OFFSET(E138,-1,0))","v":8},3,1,0,1,0,{"$f":"IF(OR($C138=\"S\",$C138=0),0,MATCH(OFFSET($D138,0,$C138)+IF($C138<>1,1,COUNTIF(QCI!$A$13:$A$36,ORÇAMENTO!E138)),OFFSET($D138,1,$C138,ROW($C$472)-ROW($C138)),0))","v":0},"F","Serviço","Serviço","8.3.1.1.","Composição","COMP28",{"$f":"IF($C138=\"S\",REFERENCIA.Descricao,\"(digite a descrição aqui)\")","v":"PORTA CORTA FOGO, DE ABRIR, 02 FOLHAS, EM CHAPA DE AÇO GALVANIZADO Nº24, BATENTE EM CHAPA Nº18, CLASSE 90, ISOLANTE EM MANTA CERÂMICA INCOMBUSTÍVEL E=5CM,DOBRADIÇAS TIPO HELICOIDAL EM AÇO 1010/1020, E FECHADURA REVERSÍVEL SEM CHAVE"},{"$f":"REFERENCIA.Unidade","v":"M2"},{"$f":"OFFSET(CÁLCULO!H$15,ROW($T138)-ROW(T$15),0)","v":3.15},{"$f":"AG138","v":670.62},"BDI 1",{"$f":"IF($C138=\"S\",ROUND(IF(TIPOORCAMENTO=\"Proposto\",ORÇAMENTO.CustoUnitario*(1+$AH138),ORÇAMENTO.PrecoUnitarioLicitado),15-13*$AF$10),0)","v":840.22},{"$f":"IF($C138=\"S\",IF(OR(Import.TipoArredondamento<>\"TransfereGOV\",ACOMPANHAMENTO=\"BM\"),VTOTAL1,SUM(OFFSET(CÁLCULO!$AI$15,ROW($X138)-ROW($X$15),1):OFFSET(CÁLCULO!$BB$15,ROW($X138)-ROW($X$15),-1))),IF($C138=0,0,ROUND(SomaAgrup,15-13*$AF$11)))","v":2646.69},"RA","RA",{"$f":"IF($C138=\"S\",IF($Z138=\"CP\",$X138,IF($Z138=\"RA\",(($X138)*QCI!$AA$3),0)),SomaAgrup)","v":229.02788800417272},{"$f":"IF($C138=\"S\",IF($Z138=\"OU\",ROUND($X138,2),0),SomaAgrup)","v":0},{"$f":"IF($N138=\"\",\" \",\nIF(AND($C138<>\"S\",OR($R138=\"\",$R138=\"(digite a descrição aqui)\")),\"DESCRIÇÃO\",\nIF(AND($C138=\"S\",OR($Q138<>\"\",$T138>0,$U138>0),$P138=\"\"),\"FONTE\",\nIF(AND($C138=\"S\",$P138<>\"\",OR($T138>0,$U138>0),$Q138=\"\"),\"CÓDIGO\",\nIF(AND($C138=\"S\",$P138<>\"\",$Q138<>\"\",$R138=\"(Código não identificado nas referências)\"),\"CÓDIGO N/ID\",\nIF(AND($C138=\"S\",OR($R138=\"\",$R138=\"(digite a descrição aqui)\"),OR($Q138<>\"\",$T138>0,$U138>0)),\"DESCRIÇÃO\",\nIF(AND($C138=\"S\",$P138<>\"\",$Q138<>\"\",$S138=\"\"),\"UNIDADE\",\nIF(AND($C138=\"S\",$P138<>\"\",$Q138<>\"\",$U138=0),\"SEM CUSTO\",\nIF(AND(TIPOORCAMENTO=\"Licitado\",$AL138=0,$AN138>0),\"SEM PREÇO\",\nIF(AND($C138=\"S\",$P138<>\"\",$Q138<>\"\",$U138>0,AND($V138<>\"BDI 1\",$V138<>\"BDI 2\",$V138<>\"BDI 3\")),IF(ISNUMBER($V138),\"JUSTIFICAR BDI\",\"BDI\"),\nIF(OR(AND(import.recurso=\"OGU\",TIPOORCAMENTO=\"Proposto\",LEFT($O$8,5)<>\"(N/D:\",$AG138<>\"\",ORÇAMENTO.CustoUnitario>$AG138),AND(TIPOORCAMENTO=\"LICITADO\",ORÇAMENTO.PrecoUnitarioLicitado>$AN138)),\"ACIMA REF.\",\nIF(AND($C138=\"S\",$P138<>\"\",$Q138<>\"\",$T138=0,$U138>0),\"QUANT.\",\nIF(AND(Import.TipoArredondamento=\"TransfereGOV\",$L138=\"F\",$C138=\"S\",LEN($Q138)>13),\"Código >13\",\nIF(AND(Import.TipoArredondamento=\"TransfereGOV\",$L138=\"F\",$C138<>\"S\",LEN($R138)>100),\"Descrição >100\",\nIF(AND(Import.TipoArredondamento=\"TransfereGOV\",$L138=\"F\",$C138=\"S\",LEN($R138)>500),\"Descrição >500\",\nIF(AND(Import.TipoArredondamento=\"TransfereGOV\",$L138=\"F\",$C138=\"S\",LEFT(TRIM(UPPER($P138)),6)<>\"SINAPI\",ISNA(VLOOKUP(TRIM(UPPER($S138)),ListaTgov.Unidades,1,FALSE))),\"Unid. Não Disp\",\n\" \"))))))))))))))))","v":" "},{"$f":"IF(C138<=CRONO.NivelExibicao,MAX($AD$15:OFFSET(AD138,-1,0))+IF($C138<>1,1,MAX(1,COUNTIF(QCI!$A$13:$A$36,OFFSET($E138,-1,0)))),\"\")","v":""},{"$f":"IF(AND($C138=\"S\",ORÇAMENTO.CodBarra<>\"\"),IF(ORÇAMENTO.Fonte=\"\",ORÇAMENTO.CodBarra,CONCATENATE(ORÇAMENTO.Fonte,\" \",ORÇAMENTO.CodBarra)))","v":"Composição COMP28"},{"$f":"IF(ISERROR(ORÇAMENTO.BancoRef),\"(abra o arquivo 'Referência \"&Excel_BuiltIn_Database&\".xlsm)\",IF(OR($C138<>\"S\",ORÇAMENTO.CodBarra=\"\"),\"(Sem Código)\",IF(ISERROR(MATCH($AE138,INDIRECT(ORÇAMENTO.BancoRef),0)),\"(Código não identificado nas referências)\",MATCH($AE138,INDIRECT(ORÇAMENTO.BancoRef),0))))","v":30},{"$f":"ROUND(IF(DESONERACAO=\"sim\",REFERENCIA.Desonerado,REFERENCIA.NaoDesonerado),2)","v":670.62},0.25290000000000001,null,null,null,null,2646.69,{"$f":"ROUND(ORÇAMENTO.CustoUnitario*(1+$AH138),2)","v":840.22}]
[2,2,2,8,{"$f":"IF($C139=1,OFFSET(E139,-1,0)+MAX(1,COUNTIF(QCI!$A$13:$A$36,OFFSET(ORÇAMENTO!E139,-1,0))),OFFSET(E139,-1,0))","v":8},4,0,0,0,8,{"$f":"IF(OR($C139=\"S\",$C139=0),0,MATCH(OFFSET($D139,0,$C139)+IF($C139<>1,1,COUNTIF(QCI!$A$13:$A$36,ORÇAMENTO!E139)),OFFSET($D139,1,$C139,ROW($C$472)-ROW($C139)),0))","v":{"$error":"#N/A"}},"F","Nível 2","Nível 2","8.4.","SINAPI",null,{"$f":"IF($C139=\"S\",REFERENCIA.Descricao,\"ACESSÓRIOS\")","v":"ACESSÓRIOS"},{"$f":"REFERENCIA.Unidade","v":"-"},{"$f":"OFFSET(CÁLCULO!H$15,ROW($T139)-ROW(T$15),0)","v":0},null,"BDI 1",{"$f":"IF($C139=\"S\",ROUND(IF(TIPOORCAMENTO=\"Proposto\",ORÇAMENTO.CustoUnitario*(1+$AH139),ORÇAMENTO.PrecoUnitarioLicitado),15-13*$AF$10),0)","v":0},{"$f":"IF($C139=\"S\",IF(OR(Import.TipoArredondamento<>\"TransfereGOV\",ACOMPANHAMENTO=\"BM\"),VTOTAL1,SUM(OFFSET(CÁLCULO!$AI$15,ROW($X139)-ROW($X$15),1):OFFSET(CÁLCULO!$BB$15,ROW($X139)-ROW($X$15),-1))),IF($C139=0,0,ROUND(SomaAgrup,15-13*$AF$11)))","v":58857.34},"RA","",{"$f":"IF($C139=\"S\",IF($Z139=\"CP\",$X139,IF($Z139=\"RA\",(($X139)*QCI!$AA$3),0)),SomaAgrup)","v":5093.1436147578725},{"$f":"IF($C139=\"S\",IF($Z139=\"OU\",ROUND($X139,2),0),SomaAgrup)","v":0},{"$f":"IF($N139=\"\",\" \",\nIF(AND($C139<>\"S\",OR($R139=\"\",$R139=\"(digite a descrição aqui)\")),\"DESCRIÇÃO\",\nIF(AND($C139=\"S\",OR($Q139<>\"\",$T139>0,$U139>0),$P139=\"\"),\"FONTE\",\nIF(AND($C139=\"S\",$P139<>\"\",OR($T139>0,$U139>0),$Q139=\"\"),\"CÓDIGO\",\nIF(AND($C139=\"S\",$P139<>\"\",$Q139<>\"\",$R139=\"(Código não identificado nas referências)\"),\"CÓDIGO N/ID\",\nIF(AND($C139=\"S\",OR($R139=\"\",$R139=\"(digite a descrição aqui)\"),OR($Q139<>\"\",$T139>0,$U139>0)),\"DESCRIÇÃO\",\nIF(AND($C139=\"S\",$P139<>\"\",$Q139<>\"\",$S139=\"\"),\"UNIDADE\",\nIF(AND($C139=\"S\",$P139<>\"\",$Q139<>\"\",$U139=0),\"SEM CUSTO\",\nIF(AND(TIPOORCAMENTO=\"Licitado\",$AL139=0,$AN139>0),\"SEM PREÇO\",\nIF(AND($C139=\"S\",$P139<>\"\",$Q139<>\"\",$U139>0,AND($V139<>\"BDI 1\",$V139<>\"BDI 2\",$V139<>\"BDI 3\")),IF(ISNUMBER($V139),\"JUSTIFICAR BDI\",\"BDI\"),\nIF(OR(AND(import.recurso=\"OGU\",TIPOORCAMENTO=\"Proposto\",LEFT($O$8,5)<>\"(N/D:\",$AG139<>\"\",ORÇAMENTO.CustoUnitario>$AG139),AND(TIPOORCAMENTO=\"LICITADO\",ORÇAMENTO.PrecoUnitarioLicitado>$AN139)),\"ACIMA REF.\",\nIF(AND($C139=\"S\",$P139<>\"\",$Q139<>\"\",$T139=0,$U139>0),\"QUANT.\",\nIF(AND(Import.TipoArredondamento=\"TransfereGOV\",$L139=\"F\",$C139=\"S\",LEN($Q139)>13),\"Código >13\",\nIF(AND(Import.TipoArredondamento=\"TransfereGOV\",$L139=\"F\",$C139<>\"S\",LEN($R139)>100),\"Descrição >100\",\nIF(AND(Import.TipoArredondamento=\"TransfereGOV\",$L139=\"F\",$C139=\"S\",LEN($R139)>500),\"Descrição >500\",\nIF(AND(Import.TipoArredondamento=\"TransfereGOV\",$L139=\"F\",$C139=\"S\",LEFT(TRIM(UPPER($P139)),6)<>\"SINAPI\",ISNA(VLOOKUP(TRIM(UPPER($S139)),ListaTgov.Unidades,1,FALSE))),\"Unid. Não Disp\",\n\" \"))))))))))))))))","v":" "},{"$f":"IF(C139<=CRONO.NivelExibicao,MAX($AD$15:OFFSET(AD139,-1,0))+IF($C139<>1,1,MAX(1,COUNTIF(QCI!$A$13:$A$36,OFFSET($E139,-1,0)))),\"\")","v":27},{"$f":"IF(AND($C139=\"S\",ORÇAMENTO.CodBarra<>\"\"),IF(ORÇAMENTO.Fonte=\"\",ORÇAMENTO.CodBarra,CONCATENATE(ORÇAMENTO.Fonte,\" \",ORÇAMENTO.CodBarra)))","v":false},{"$f":"IF(ISERROR(ORÇAMENTO.BancoRef),\"(abra o arquivo 'Referência \"&Excel_BuiltIn_Database&\".xlsm)\",IF(OR($C139<>\"S\",ORÇAMENTO.CodBarra=\"\"),\"(Sem Código)\",IF(ISERROR(MATCH($AE139,INDIRECT(ORÇAMENTO.BancoRef),0)),\"(Código não identificado nas referências)\",MATCH($AE139,INDIRECT(ORÇAMENTO.BancoRef),0))))","v":"(Sem Código)"},{"$f":"ROUND(IF(DESONERACAO=\"sim\",REFERENCIA.Desonerado,REFERENCIA.NaoDesonerado),2)","v":0},0.25290000000000001,null,null,null,null,58857.34,{"$f":"ROUND(ORÇAMENTO.CustoUnitario*(1+$AH139),2)","v":0}]
["S",2,"S",0,{"$f":"IF($C140=1,OFFSET(E140,-1,0)+MAX(1,COUNTIF(QCI!$A$13:$A$36,OFFSET(ORÇAMENTO!E140,-1,0))),OFFSET(E140,-1,0))","v":8},4,0,0,1,0,{"$f":"IF(OR($C140=\"S\",$C140=0),0,MATCH(OFFSET($D140,0,$C140)+IF($C140<>1,1,COUNTIF(QCI!$A$13:$A$36,ORÇAMENTO!E140)),OFFSET($D140,1,$C140,ROW($C$472)-ROW($C140)),0))","v":0},"F","Serviço","Serviço","8.4.0.1.","Composição","COMP29",{"$f":"IF($C140=\"S\",REFERENCIA.Descricao,\"(digite a descrição aqui)\")","v":"PUXADOR DUPLO EM AÇO INOXIDÁVEL, PARA PORTA DE MADEIRA, ALUMÍNIO OU VIDRO, DE 350 MM"},{"$f":"REFERENCIA.Unidade","v":"UN"},{"$f":"OFFSET(CÁLCULO!H$15,ROW($T140)-ROW(T$15),0)","v":7},{"$f":"AG140","v":481.09},"BDI 1",{"$f":"IF($C140=\"S\",ROUND(IF(TIPOORCAMENTO=\"Proposto\",ORÇAMENTO.CustoUnitario*(1+$AH140),ORÇAMENTO.PrecoUnitarioLicitado),15-13*$AF$10),0)","v":602.76},{"$f":"IF($C140=\"S\",IF(OR(Import.TipoArredondamento<>\"TransfereGOV\",ACOMPANHAMENTO=\"BM\"),VTOTAL1,SUM(OFFSET(CÁLCULO!$AI$15,ROW($X140)-ROW($X$15),1):OFFSET(CÁLCULO!$BB$15,ROW($X140)-ROW($X$15),-1))),IF($C140=0,0,ROUND(SomaAgrup,15-13*$AF$11)))","v":4219.32},"RA","RA",{"$f":"IF($C140=\"S\",IF($Z140=\"CP\",$X140,IF($Z140=\"RA\",(($X140)*QCI!$AA$3),0)),SomaAgrup)","v":365.11338631035972},{"$f":"IF($C140=\"S\",IF($Z140=\"OU\",ROUND($X140,2),0),SomaAgrup)","v":0},{"$f":"IF($N140=\"\",\" \",\nIF(AND($C140<>\"S\",OR($R140=\"\",$R140=\"(digite a descrição aqui)\")),\"DESCRIÇÃO\",\nIF(AND($C140=\"S\",OR($Q140<>\"\",$T140>0,$U140>0),$P140=\"\"),\"FONTE\",\nIF(AND($C140=\"S\",$P140<>\"\",OR($T140>0,$U140>0),$Q140=\"\"),\"CÓDIGO\",\nIF(AND($C140=\"S\",$P140<>\"\",$Q140<>\"\",$R140=\"(Código não identificado nas referências)\"),\"CÓDIGO N/ID\",\nIF(AND($C140=\"S\",OR($R140=\"\",$R140=\"(digite a descrição aqui)\"),OR($Q140<>\"\",$T140>0,$U140>0)),\"DESCRIÇÃO\",\nIF(AND($C140=\"S\",$P140<>\"\",$Q140<>\"\",$S140=\"\"),\"UNIDADE\",\nIF(AND($C140=\"S\",$P140<>\"\",$Q140<>\"\",$U140=0),\"SEM CUSTO\",\nIF(AND(TIPOORCAMENTO=\"Licitado\",$AL140=0,$AN140>0),\"SEM PREÇO\",\nIF(AND($C140=\"S\",$P140<>\"\",$Q140<>\"\",$U140>0,AND($V140<>\"BDI 1\",$V140<>\"BDI 2\",$V140<>\"BDI 3\")),IF(ISNUMBER($V140),\"JUSTIFICAR BDI\",\"BDI\"),\nIF(OR(AND(import.recurso=\"OGU\",TIPOORCAMENTO=\"Proposto\",LEFT($O$8,5)<>\"(N/D:\",$AG140<>\"\",ORÇAMENTO.CustoUnitario>$AG140),AND(TIPOORCAMENTO=\"LICITADO\",ORÇAMENTO.PrecoUnitarioLicitado>$AN140)),\"ACIMA REF.\",\nIF(AND($C140=\"S\",$P140<>\"\",$Q140<>\"\",$T140=0,$U140>0),\"QUANT.\",\nIF(AND(Import.TipoArredondamento=\"TransfereGOV\",$L140=\"F\",$C140=\"S\",LEN($Q140)>13),\"Código >13\",\nIF(AND(Import.TipoArredondamento=\"TransfereGOV\",$L140=\"F\",$C140<>\"S\",LEN($R140)>100),\"Descrição >100\",\nIF(AND(Import.TipoArredondamento=\"TransfereGOV\",$L140=\"F\",$C140=\"S\",LEN($R140)>500),\"Descrição >500\",\nIF(AND(Import.TipoArredondamento=\"TransfereGOV\",$L140=\"F\",$C140=\"S\",LEFT(TRIM(UPPER($P140)),6)<>\"SINAPI\",ISNA(VLOOKUP(TRIM(UPPER($S140)),ListaTgov.Unidades,1,FALSE))),\"Unid. Não Disp\",\n\" \"))))))))))))))))","v":" "},{"$f":"IF(C140<=CRONO.NivelExibicao,MAX($AD$15:OFFSET(AD140,-1,0))+IF($C140<>1,1,MAX(1,COUNTIF(QCI!$A$13:$A$36,OFFSET($E140,-1,0)))),\"\")","v":""},{"$f":"IF(AND($C140=\"S\",ORÇAMENTO.CodBarra<>\"\"),IF(ORÇAMENTO.Fonte=\"\",ORÇAMENTO.CodBarra,CONCATENATE(ORÇAMENTO.Fonte,\" \",ORÇAMENTO.CodBarra)))","v":"Composição COMP29"},{"$f":"IF(ISERROR(ORÇAMENTO.BancoRef),\"(abra o arquivo 'Referência \"&Excel_BuiltIn_Database&\".xlsm)\",IF(OR($C140<>\"S\",ORÇAMENTO.CodBarra=\"\"),\"(Sem Código)\",IF(ISERROR(MATCH($AE140,INDIRECT(ORÇAMENTO.BancoRef),0)),\"(Código não identificado nas referências)\",MATCH($AE140,INDIRECT(ORÇAMENTO.BancoRef),0))))","v":31},{"$f":"ROUND(IF(DESONERACAO=\"sim\",REFERENCIA.Desonerado,REFERENCIA.NaoDesonerado),2)","v":481.09},0.25290000000000001,null,null,null,null,4219.32,{"$f":"ROUND(ORÇAMENTO.CustoUnitario*(1+$AH140),2)","v":602.76}]
["S",2,"S",0,{"$f":"IF($C141=1,OFFSET(E141,-1,0)+MAX(1,COUNTIF(QCI!$A$13:$A$36,OFFSET(ORÇAMENTO!E141,-1,0))),OFFSET(E141,-1,0))","v":8},4,0,0,2,0,{"$f":"IF(OR($C141=\"S\",$C141=0),0,MATCH(OFFSET($D141,0,$C141)+IF($C141<>1,1,COUNTIF(QCI!$A$13:$A$36,ORÇAMENTO!E141)),OFFSET($D141,1,$C141,ROW($C$472)-ROW($C141)),0))","v":0},"F","Serviço","Serviço","8.4.0.2.","Composição","COMP30",{"$f":"IF($C141=\"S\",REFERENCIA.Descricao,\"(digite a descrição aqui)\")","v":"BARRA DE APOIO, RETA, FIXA, EM AÇO INOX, L=40CM, D=1 1/4\", JACKWAL OU SIMILAR"},{"$f":"REFERENCIA.Unidade","v":"UN"},{"$f":"OFFSET(CÁLCULO!H$15,ROW($T141)-ROW(T$15),0)","v":7},{"$f":"AG141","v":112.66},"BDI 1",{"$f":"IF($C141=\"S\",ROUND(IF(TIPOORCAMENTO=\"Proposto\",ORÇAMENTO.CustoUnitario*(1+$AH141),ORÇAMENTO.PrecoUnitarioLicitado),15-13*$AF$10),0)","v":141.15},{"$f":"IF($C141=\"S\",IF(OR(Import.TipoArredondamento<>\"TransfereGOV\",ACOMPANHAMENTO=\"BM\"),VTOTAL1,SUM(OFFSET(CÁLCULO!$AI$15,ROW($X141)-ROW($X$15),1):OFFSET(CÁLCULO!$BB$15,ROW($X141)-ROW($X$15),-1))),IF($C141=0,0,ROUND(SomaAgrup,15-13*$AF$11)))","v":988.05},"RA","RA",{"$f":"IF($C141=\"S\",IF($Z141=\"CP\",$X141,IF($Z141=\"RA\",(($X141)*QCI!$AA$3),0)),SomaAgrup)","v":85.499625850599372},{"$f":"IF($C141=\"S\",IF($Z141=\"OU\",ROUND($X141,2),0),SomaAgrup)","v":0},{"$f":"IF($N141=\"\",\" \",\nIF(AND($C141<>\"S\",OR($R141=\"\",$R141=\"(digite a descrição aqui)\")),\"DESCRIÇÃO\",\nIF(AND($C141=\"S\",OR($Q141<>\"\",$T141>0,$U141>0),$P141=\"\"),\"FONTE\",\nIF(AND($C141=\"S\",$P141<>\"\",OR($T141>0,$U141>0),$Q141=\"\"),\"CÓDIGO\",\nIF(AND($C141=\"S\",$P141<>\"\",$Q141<>\"\",$R141=\"(Código não identificado nas referências)\"),\"CÓDIGO N/ID\",\nIF(AND($C141=\"S\",OR($R141=\"\",$R141=\"(digite a descrição aqui)\"),OR($Q141<>\"\",$T141>0,$U141>0)),\"DESCRIÇÃO\",\nIF(AND($C141=\"S\",$P141<>\"\",$Q141<>\"\",$S141=\"\"),\"UNIDADE\",\nIF(AND($C141=\"S\",$P141<>\"\",$Q141<>\"\",$U141=0),\"SEM CUSTO\",\nIF(AND(TIPOORCAMENTO=\"Licitado\",$AL141=0,$AN141>0),\"SEM PREÇO\",\nIF(AND($C141=\"S\",$P141<>\"\",$Q141<>\"\",$U141>0,AND($V141<>\"BDI 1\",$V141<>\"BDI 2\",$V141<>\"BDI 3\")),IF(ISNUMBER($V141),\"JUSTIFICAR BDI\",\"BDI\"),\nIF(OR(AND(import.recurso=\"OGU\",TIPOORCAMENTO=\"Proposto\",LEFT($O$8,5)<>\"(N/D:\",$AG141<>\"\",ORÇAMENTO.CustoUnitario>$AG141),AND(TIPOORCAMENTO=\"LICITADO\",ORÇAMENTO.PrecoUnitarioLicitado>$AN141)),\"ACIMA REF.\",\nIF(AND($C141=\"S\",$P141<>\"\",$Q141<>\"\",$T141=0,$U141>0),\"QUANT.\",\nIF(AND(Import.TipoArredondamento=\"TransfereGOV\",$L141=\"F\",$C141=\"S\",LEN($Q141)>13),\"Código >13\",\nIF(AND(Import.TipoArredondamento=\"TransfereGOV\",$L141=\"F\",$C141<>\"S\",LEN($R141)>100),\"Descrição >100\",\nIF(AND(Import.TipoArredondamento=\"TransfereGOV\",$L141=\"F\",$C141=\"S\",LEN($R141)>500),\"Descrição >500\",\nIF(AND(Import.TipoArredondamento=\"TransfereGOV\",$L141=\"F\",$C141=\"S\",LEFT(TRIM(UPPER($P141)),6)<>\"SINAPI\",ISNA(VLOOKUP(TRIM(UPPER($S141)),ListaTgov.Unidades,1,FALSE))),\"Unid. Não Disp\",\n\" \"))))))))))))))))","v":" "},{"$f":"IF(C141<=CRONO.NivelExibicao,MAX($AD$15:OFFSET(AD141,-1,0))+IF($C141<>1,1,MAX(1,COUNTIF(QCI!$A$13:$A$36,OFFSET($E141,-1,0)))),\"\")","v":""},{"$f":"IF(AND($C141=\"S\",ORÇAMENTO.CodBarra<>\"\"),IF(ORÇAMENTO.Fonte=\"\",ORÇAMENTO.CodBarra,CONCATENATE(ORÇAMENTO.Fonte,\" \",ORÇAMENTO.CodBarra)))","v":"Composição COMP30"},{"$f":"IF(ISERROR(ORÇAMENTO.BancoRef),\"(abra o arquivo 'Referência \"&Excel_BuiltIn_Database&\".xlsm)\",IF(OR($C141<>\"S\",ORÇAMENTO.CodBarra=\"\"),\"(Sem Código)\",IF(ISERROR(MATCH($AE141,INDIRECT(ORÇAMENTO.BancoRef),0)),\"(Código não identificado nas referências)\",MATCH($AE141,INDIRECT(ORÇAMENTO.BancoRef),0))))","v":32},{"$f":"ROUND(IF(DESONERACAO=\"sim\",REFERENCIA.Desonerado,REFERENCIA.NaoDesonerado),2)","v":112.66},0.25290000000000001,null,null,null,null,988.05,{"$f":"ROUND(ORÇAMENTO.CustoUnitario*(1+$AH141),2)","v":141.15}]
["S",2,"S",0,{"$f":"IF($C142=1,OFFSET(E142,-1,0)+MAX(1,COUNTIF(QCI!$A$13:$A$36,OFFSET(ORÇAMENTO!E142,-1,0))),OFFSET(E142,-1,0))","v":8},4,0,0,3,0,{"$f":"IF(OR($C142=\"S\",$C142=0),0,MATCH(OFFSET($D142,0,$C142)+IF($C142<>1,1,COUNTIF(QCI!$A$13:$A$36,ORÇAMENTO!E142)),OFFSET($D142,1,$C142,ROW($C$472)-ROW($C142)),0))","v":0},"F","Serviço","Serviço","8.4.0.3.","Composição","COMP31",{"$f":"IF($C142=\"S\",REFERENCIA.Descricao,\"(digite a descrição aqui)\")","v":"ALIZAR ALUMINIO PINTURA ELETROSTATICA BRANCA"},{"$f":"REFERENCIA.Unidade","v":"M"},{"$f":"OFFSET(CÁLCULO!H$15,ROW($T142)-ROW(T$15),0)","v":233.34},110.18,"BDI 1",{"$f":"IF($C142=\"S\",ROUND(IF(TIPOORCAMENTO=\"Proposto\",ORÇAMENTO.CustoUnitario*(1+$AH142),ORÇAMENTO.PrecoUnitarioLicitado),15-13*$AF$10),0)","v":138.04},{"$f":"IF($C142=\"S\",IF(OR(Import.TipoArredondamento<>\"TransfereGOV\",ACOMPANHAMENTO=\"BM\"),VTOTAL1,SUM(OFFSET(CÁLCULO!$AI$15,ROW($X142)-ROW($X$15),1):OFFSET(CÁLCULO!$BB$15,ROW($X142)-ROW($X$15),-1))),IF($C142=0,0,ROUND(SomaAgrup,15-13*$AF$11)))","v":32210.25},"RA","RA",{"$f":"IF($C142=\"S\",IF($Z142=\"CP\",$X142,IF($Z142=\"RA\",(($X142)*QCI!$AA$3),0)),SomaAgrup)","v":2787.2722266628898},{"$f":"IF($C142=\"S\",IF($Z142=\"OU\",ROUND($X142,2),0),SomaAgrup)","v":0},{"$f":"IF($N142=\"\",\" \",\nIF(AND($C142<>\"S\",OR($R142=\"\",$R142=\"(digite a descrição aqui)\")),\"DESCRIÇÃO\",\nIF(AND($C142=\"S\",OR($Q142<>\"\",$T142>0,$U142>0),$P142=\"\"),\"FONTE\",\nIF(AND($C142=\"S\",$P142<>\"\",OR($T142>0,$U142>0),$Q142=\"\"),\"CÓDIGO\",\nIF(AND($C142=\"S\",$P142<>\"\",$Q142<>\"\",$R142=\"(Código não identificado nas referências)\"),\"CÓDIGO N/ID\",\nIF(AND($C142=\"S\",OR($R142=\"\",$R142=\"(digite a descrição aqui)\"),OR($Q142<>\"\",$T142>0,$U142>0)),\"DESCRIÇÃO\",\nIF(AND($C142=\"S\",$P142<>\"\",$Q142<>\"\",$S142=\"\"),\"UNIDADE\",\nIF(AND($C142=\"S\",$P142<>\"\",$Q142<>\"\",$U142=0),\"SEM CUSTO\",\nIF(AND(TIPOORCAMENTO=\"Licitado\",$AL142=0,$AN142>0),\"SEM PREÇO\",\nIF(AND($C142=\"S\",$P142<>\"\",$Q142<>\"\",$U142>0,AND($V142<>\"BDI 1\",$V142<>\"BDI 2\",$V142<>\"BDI 3\")),IF(ISNUMBER($V142),\"JUSTIFICAR BDI\",\"BDI\"),\nIF(OR(AND(import.recurso=\"OGU\",TIPOORCAMENTO=\"Proposto\",LEFT($O$8,5)<>\"(N/D:\",$AG142<>\"\",ORÇAMENTO.CustoUnitario>$AG142),AND(TIPOORCAMENTO=\"LICITADO\",ORÇAMENTO.PrecoUnitarioLicitado>$AN142)),\"ACIMA REF.\",\nIF(AND($C142=\"S\",$P142<>\"\",$Q142<>\"\",$T142=0,$U142>0),\"QUANT.\",\nIF(AND(Import.TipoArredondamento=\"TransfereGOV\",$L142=\"F\",$C142=\"S\",LEN($Q142)>13),\"Código >13\",\nIF(AND(Import.TipoArredondamento=\"TransfereGOV\",$L142=\"F\",$C142<>\"S\",LEN($R142)>100),\"Descrição >100\",\nIF(AND(Import.TipoArredondamento=\"TransfereGOV\",$L142=\"F\",$C142=\"S\",LEN($R142)>500),\"Descrição >500\",\nIF(AND(Import.TipoArredondamento=\"TransfereGOV\",$L142=\"F\",$C142=\"S\",LEFT(TRIM(UPPER($P142)),6)<>\"SINAPI\",ISNA(VLOOKUP(TRIM(UPPER($S142)),ListaTgov.Unidades,1,FALSE))),\"Unid. Não Disp\",\n\" \"))))))))))))))))","v":" "},{"$f":"IF(C142<=CRONO.NivelExibicao,MAX($AD$15:OFFSET(AD142,-1,0))+IF($C142<>1,1,MAX(1,COUNTIF(QCI!$A$13:$A$36,OFFSET($E142,-1,0)))),\"\")","v":""},{"$f":"IF(AND($C142=\"S\",ORÇAMENTO.CodBarra<>\"\"),IF(ORÇAMENTO.Fonte=\"\",ORÇAMENTO.CodBarra,CONCATENATE(ORÇAMENTO.Fonte,\" \",ORÇAMENTO.CodBarra)))","v":"Composição COMP31"},{"$f":"IF(ISERROR(ORÇAMENTO.BancoRef),\"(abra o arquivo 'Referência \"&Excel_BuiltIn_Database&\".xlsm)\",IF(OR($C142<>\"S\",ORÇAMENTO.CodBarra=\"\"),\"(Sem Código)\",IF(ISERROR(MATCH($AE142,INDIRECT(ORÇAMENTO.BancoRef),0)),\"(Código não identificado nas referências)\",MATCH($AE142,INDIRECT(ORÇAMENTO.BancoRef),0))))","v":33},{"$f":"ROUND(IF(DESONERACAO=\"sim\",REFERENCIA.Desonerado,REFERENCIA.NaoDesonerado),2)","v":110.18},0.25290000000000001,null,null,null,null,32210.25,{"$f":"ROUND(ORÇAMENTO.CustoUnitario*(1+$AH142),2)","v":138.04}]
["S",2,"S",0,{"$f":"IF($C143=1,OFFSET(E143,-1,0)+MAX(1,COUNTIF(QCI!$A$13:$A$36,OFFSET(ORÇAMENTO!E143,-1,0))),OFFSET(E143,-1,0))","v":8},4,0,0,4,0,{"$f":"IF(OR($C143=\"S\",$C143=0),0,MATCH(OFFSET($D143,0,$C143)+IF($C143<>1,1,COUNTIF(QCI!$A$13:$A$36,ORÇAMENTO!E143)),OFFSET($D143,1,$C143,ROW($C$472)-ROW($C143)),0))","v":0},"F","Serviço","Serviço","8.4.0.4.","Composição","COMP32",{"$f":"IF($C143=\"S\",REFERENCIA.Descricao,\"(digite a descrição aqui)\")","v":"MOLA AÉREA COM CALHA/BRACO DESLIZANTE"},{"$f":"REFERENCIA.Unidade","v":"UN"},{"$f":"OFFSET(CÁLCULO!H$15,ROW($T143)-ROW(T$15),0)","v":4},1828.06,"BDI 1",{"$f":"IF($C143=\"S\",ROUND(IF(TIPOORCAMENTO=\"Proposto\",ORÇAMENTO.CustoUnitario*(1+$AH143),ORÇAMENTO.PrecoUnitarioLicitado),15-13*$AF$10),0)","v":2290.38},{"$f":"IF($C143=\"S\",IF(OR(Import.TipoArredondamento<>\"TransfereGOV\",ACOMPANHAMENTO=\"BM\"),VTOTAL1,SUM(OFFSET(CÁLCULO!$AI$15,ROW($X143)-ROW($X$15),1):OFFSET(CÁLCULO!$BB$15,ROW($X143)-ROW($X$15),-1))),IF($C143=0,0,ROUND(SomaAgrup,15-13*$AF$11)))","v":9161.52},"RA","RA",{"$f":"IF($C143=\"S\",IF($Z143=\"CP\",$X143,IF($Z143=\"RA\",(($X143)*QCI!$AA$3),0)),SomaAgrup)","v":792.78025628539365},{"$f":"IF($C143=\"S\",IF($Z143=\"OU\",ROUND($X143,2),0),SomaAgrup)","v":0},{"$f":"IF($N143=\"\",\" \",\nIF(AND($C143<>\"S\",OR($R143=\"\",$R143=\"(digite a descrição aqui)\")),\"DESCRIÇÃO\",\nIF(AND($C143=\"S\",OR($Q143<>\"\",$T143>0,$U143>0),$P143=\"\"),\"FONTE\",\nIF(AND($C143=\"S\",$P143<>\"\",OR($T143>0,$U143>0),$Q143=\"\"),\"CÓDIGO\",\nIF(AND($C143=\"S\",$P143<>\"\",$Q143<>\"\",$R143=\"(Código não identificado nas referências)\"),\"CÓDIGO N/ID\",\nIF(AND($C143=\"S\",OR($R143=\"\",$R143=\"(digite a descrição aqui)\"),OR($Q143<>\"\",$T143>0,$U143>0)),\"DESCRIÇÃO\",\nIF(AND($C143=\"S\",$P143<>\"\",$Q143<>\"\",$S143=\"\"),\"UNIDADE\",\nIF(AND($C143=\"S\",$P143<>\"\",$Q143<>\"\",$U143=0),\"SEM CUSTO\",\nIF(AND(TIPOORCAMENTO=\"Licitado\",$AL143=0,$AN143>0),\"SEM PREÇO\",\nIF(AND($C143=\"S\",$P143<>\"\",$Q143<>\"\",$U143>0,AND($V143<>\"BDI 1\",$V143<>\"BDI 2\",$V143<>\"BDI 3\")),IF(ISNUMBER($V143),\"JUSTIFICAR BDI\",\"BDI\"),\nIF(OR(AND(import.recurso=\"OGU\",TIPOORCAMENTO=\"Proposto\",LEFT($O$8,5)<>\"(N/D:\",$AG143<>\"\",ORÇAMENTO.CustoUnitario>$AG143),AND(TIPOORCAMENTO=\"LICITADO\",ORÇAMENTO.PrecoUnitarioLicitado>$AN143)),\"ACIMA REF.\",\nIF(AND($C143=\"S\",$P143<>\"\",$Q143<>\"\",$T143=0,$U143>0),\"QUANT.\",\nIF(AND(Import.TipoArredondamento=\"TransfereGOV\",$L143=\"F\",$C143=\"S\",LEN($Q143)>13),\"Código >13\",\nIF(AND(Import.TipoArredondamento=\"TransfereGOV\",$L143=\"F\",$C143<>\"S\",LEN($R143)>100),\"Descrição >100\",\nIF(AND(Import.TipoArredondamento=\"TransfereGOV\",$L143=\"F\",$C143=\"S\",LEN($R143)>500),\"Descrição >500\",\nIF(AND(Import.TipoArredondamento=\"TransfereGOV\",$L143=\"F\",$C143=\"S\",LEFT(TRIM(UPPER($P143)),6)<>\"SINAPI\",ISNA(VLOOKUP(TRIM(UPPER($S143)),ListaTgov.Unidades,1,FALSE))),\"Unid. Não Disp\",\n\" \"))))))))))))))))","v":" "},{"$f":"IF(C143<=CRONO.NivelExibicao,MAX($AD$15:OFFSET(AD143,-1,0))+IF($C143<>1,1,MAX(1,COUNTIF(QCI!$A$13:$A$36,OFFSET($E143,-1,0)))),\"\")","v":""},{"$f":"IF(AND($C143=\"S\",ORÇAMENTO.CodBarra<>\"\"),IF(ORÇAMENTO.Fonte=\"\",ORÇAMENTO.CodBarra,CONCATENATE(ORÇAMENTO.Fonte,\" \",ORÇAMENTO.CodBarra)))","v":"Composição COMP32"},{"$f":"IF(ISERROR(ORÇAMENTO.BancoRef),\"(abra o arquivo 'Referência \"&Excel_BuiltIn_Database&\".xlsm)\",IF(OR($C143<>\"S\",ORÇAMENTO.CodBarra=\"\"),\"(Sem Código)\",IF(ISERROR(MATCH($AE143,INDIRECT(ORÇAMENTO.BancoRef),0)),\"(Código não identificado nas referências)\",MATCH($AE143,INDIRECT(ORÇAMENTO.BancoRef),0))))","v":34},{"$f":"ROUND(IF(DESONERACAO=\"sim\",REFERENCIA.Desonerado,REFERENCIA.NaoDesonerado),2)","v":1828.06},0.25290000000000001,null,null,null,null,9161.52,{"$f":"ROUND(ORÇAMENTO.CustoUnitario*(1+$AH143),2)","v":2290.38}]
["S",2,"S",0,{"$f":"IF($C144=1,OFFSET(E144,-1,0)+MAX(1,COUNTIF(QCI!$A$13:$A$36,OFFSET(ORÇAMENTO!E144,-1,0))),OFFSET(E144,-1,0))","v":8},4,0,0,5,{"$f":"IF(OR($C144=\"S\",$C144=0),0,MATCH(0,OFFSET($D144,1,$C144,ROW($C$472)-ROW($C144)),0))","v":0},{"$f":"IF(OR($C144=\"S\",$C144=0),0,MATCH(OFFSET($D144,0,$C144)+IF($C144<>1,1,COUNTIF(QCI!$A$13:$A$36,ORÇAMENTO!E144)),OFFSET($D144,1,$C144,ROW($C$472)-ROW($C144)),0))","v":0},"F","Serviço","Serviço","8.4.0.5.","Composição","COMP33",{"$f":"IF($C144=\"S\",REFERENCIA.Descricao,\"(digite a descrição aqui)\")","v":"FECHADURA COM MAÇANETA TIPO ALAVANCA EM AÇO INOXIDÁVEL, PARA PORTA EXTERNA"},{"$f":"REFERENCIA.Unidade","v":"UN"},{"$f":"OFFSET(CÁLCULO!H$15,ROW($T144)-ROW(T$15),0)","v":23},328.56,"BDI 1",{"$f":"IF($C144=\"S\",ROUND(IF(TIPOORCAMENTO=\"Proposto\",ORÇAMENTO.CustoUnitario*(1+$AH144),ORÇAMENTO.PrecoUnitarioLicitado),15-13*$AF$10),0)","v":411.65},{"$f":"IF($C144=\"S\",IF(OR(Import.TipoArredondamento<>\"TransfereGOV\",ACOMPANHAMENTO=\"BM\"),VTOTAL1,SUM(OFFSET(CÁLCULO!$AI$15,ROW($X144)-ROW($X$15),1):OFFSET(CÁLCULO!$BB$15,ROW($X144)-ROW($X$15),-1))),IF($C144=0,0,ROUND(SomaAgrup,15-13*$AF$11)))","v":9467.9500000000007},"RA","RA",{"$f":"IF($C144=\"S\",IF($Z144=\"CP\",$X144,IF($Z144=\"RA\",(($X144)*QCI!$AA$3),0)),SomaAgrup)","v":819.29677908221481},{"$f":"IF($C144=\"S\",IF($Z144=\"OU\",ROUND($X144,2),0),SomaAgrup)","v":0},{"$f":"IF($N144=\"\",\" \",\nIF(AND($C144<>\"S\",OR($R144=\"\",$R144=\"(digite a descrição aqui)\")),\"DESCRIÇÃO\",\nIF(AND($C144=\"S\",OR($Q144<>\"\",$T144>0,$U144>0),$P144=\"\"),\"FONTE\",\nIF(AND($C144=\"S\",$P144<>\"\",OR($T144>0,$U144>0),$Q144=\"\"),\"CÓDIGO\",\nIF(AND($C144=\"S\",$P144<>\"\",$Q144<>\"\",$R144=\"(Código não identificado nas referências)\"),\"CÓDIGO N/ID\",\nIF(AND($C144=\"S\",OR($R144=\"\",$R144=\"(digite a descrição aqui)\"),OR($Q144<>\"\",$T144>0,$U144>0)),\"DESCRIÇÃO\",\nIF(AND($C144=\"S\",$P144<>\"\",$Q144<>\"\",$S144=\"\"),\"UNIDADE\",\nIF(AND($C144=\"S\",$P144<>\"\",$Q144<>\"\",$U144=0),\"SEM CUSTO\",\nIF(AND(TIPOORCAMENTO=\"Licitado\",$AL144=0,$AN144>0),\"SEM PREÇO\",\nIF(AND($C144=\"S\",$P144<>\"\",$Q144<>\"\",$U144>0,AND($V144<>\"BDI 1\",$V144<>\"BDI 2\",$V144<>\"BDI 3\")),IF(ISNUMBER($V144),\"JUSTIFICAR BDI\",\"BDI\"),\nIF(OR(AND(import.recurso=\"OGU\",TIPOORCAMENTO=\"Proposto\",LEFT($O$8,5)<>\"(N/D:\",$AG144<>\"\",ORÇAMENTO.CustoUnitario>$AG144),AND(TIPOORCAMENTO=\"LICITADO\",ORÇAMENTO.PrecoUnitarioLicitado>$AN144)),\"ACIMA REF.\",\nIF(AND($C144=\"S\",$P144<>\"\",$Q144<>\"\",$T144=0,$U144>0),\"QUANT.\",\nIF(AND(Import.TipoArredondamento=\"TransfereGOV\",$L144=\"F\",$C144=\"S\",LEN($Q144)>13),\"Código >13\",\nIF(AND(Import.TipoArredondamento=\"TransfereGOV\",$L144=\"F\",$C144<>\"S\",LEN($R144)>100),\"Descrição >100\",\nIF(AND(Import.TipoArredondamento=\"TransfereGOV\",$L144=\"F\",$C144=\"S\",LEN($R144)>500),\"Descrição >500\",\nIF(AND(Import.TipoArredondamento=\"TransfereGOV\",$L144=\"F\",$C144=\"S\",LEFT(TRIM(UPPER($P144)),6)<>\"SINAPI\",ISNA(VLOOKUP(TRIM(UPPER($S144)),ListaTgov.Unidades,1,FALSE))),\"Unid. Não Disp\",\n\" \"))))))))))))))))","v":" "},{"$f":"IF(C144<=CRONO.NivelExibicao,MAX($AD$15:OFFSET(AD144,-1,0))+IF($C144<>1,1,MAX(1,COUNTIF(QCI!$A$13:$A$36,OFFSET($E144,-1,0)))),\"\")","v":""},{"$f":"IF(AND($C144=\"S\",ORÇAMENTO.CodBarra<>\"\"),IF(ORÇAMENTO.Fonte=\"\",ORÇAMENTO.CodBarra,CONCATENATE(ORÇAMENTO.Fonte,\" \",ORÇAMENTO.CodBarra)))","v":"Composição COMP33"},{"$f":"IF(ISERROR(ORÇAMENTO.BancoRef),\"(abra o arquivo 'Referência \"&Excel_BuiltIn_Database&\".xlsm)\",IF(OR($C144<>\"S\",ORÇAMENTO.CodBarra=\"\"),\"(Sem Código)\",IF(ISERROR(MATCH($AE144,INDIRECT(ORÇAMENTO.BancoRef),0)),\"(Código não identificado nas referências)\",MATCH($AE144,INDIRECT(ORÇAMENTO.BancoRef),0))))","v":35},{"$f":"ROUND(IF(DESONERACAO=\"sim\",REFERENCIA.Desonerado,REFERENCIA.NaoDesonerado),2)","v":328.56},0.25290000000000001,null,null,null,null,9467.9500000000007,{"$f":"ROUND(ORÇAMENTO.CustoUnitario*(1+$AH144),2)","v":411.65}]
["S",2,"S",0,{"$f":"IF($C145=1,OFFSET(E145,-1,0)+MAX(1,COUNTIF(QCI!$A$13:$A$36,OFFSET(ORÇAMENTO!E145,-1,0))),OFFSET(E145,-1,0))","v":8},4,0,0,6,0,{"$f":"IF(OR($C145=\"S\",$C145=0),0,MATCH(OFFSET($D145,0,$C145)+IF($C145<>1,1,COUNTIF(QCI!$A$13:$A$36,ORÇAMENTO!E145)),OFFSET($D145,1,$C145,ROW($C$472)-ROW($C145)),0))","v":0},"F","Serviço","Serviço","8.4.0.6.","SINAPI","100709",{"$f":"IF($C145=\"S\",REFERENCIA.Descricao,\"(digite a descrição aqui)\")","v":"DOBRADIÇA EM AÇO/FERRO, 3\" X 21/2\", E=1,9 A 2MM, SEN ANEL, CROMADO OU ZINCADO, TAMPA BOLA, COM PARAFUSOS. AF_12/2019"},{"$f":"REFERENCIA.Unidade","v":"UN"},{"$f":"OFFSET(CÁLCULO!H$15,ROW($T145)-ROW(T$15),0)","v":37},51.75,"BDI 1",{"$f":"IF($C145=\"S\",ROUND(IF(TIPOORCAMENTO=\"Proposto\",ORÇAMENTO.CustoUnitario*(1+$AH145),ORÇAMENTO.PrecoUnitarioLicitado),15-13*$AF$10),0)","v":64.84},{"$f":"IF($C145=\"S\",IF(OR(Import.TipoArredondamento<>\"TransfereGOV\",ACOMPANHAMENTO=\"BM\"),VTOTAL1,SUM(OFFSET(CÁLCULO!$AI$15,ROW($X145)-ROW($X$15),1):OFFSET(CÁLCULO!$BB$15,ROW($X145)-ROW($X$15),-1))),IF($C145=0,0,ROUND(SomaAgrup,15-13*$AF$11)))","v":2399.08},"RA","RA",{"$f":"IF($C145=\"S\",IF($Z145=\"CP\",$X145,IF($Z145=\"RA\",(($X145)*QCI!$AA$3),0)),SomaAgrup)","v":207.60127765361665},{"$f":"IF($C145=\"S\",IF($Z145=\"OU\",ROUND($X145,2),0),SomaAgrup)","v":0},{"$f":"IF($N145=\"\",\" \",\nIF(AND($C145<>\"S\",OR($R145=\"\",$R145=\"(digite a descrição aqui)\")),\"DESCRIÇÃO\",\nIF(AND($C145=\"S\",OR($Q145<>\"\",$T145>0,$U145>0),$P145=\"\"),\"FONTE\",\nIF(AND($C145=\"S\",$P145<>\"\",OR($T145>0,$U145>0),$Q145=\"\"),\"CÓDIGO\",\nIF(AND($C145=\"S\",$P145<>\"\",$Q145<>\"\",$R145=\"(Código não identificado nas referências)\"),\"CÓDIGO N/ID\",\nIF(AND($C145=\"S\",OR($R145=\"\",$R145=\"(digite a descrição aqui)\"),OR($Q145<>\"\",$T145>0,$U145>0)),\"DESCRIÇÃO\",\nIF(AND($C145=\"S\",$P145<>\"\",$Q145<>\"\",$S145=\"\"),\"UNIDADE\",\nIF(AND($C145=\"S\",$P145<>\"\",$Q145<>\"\",$U145=0),\"SEM CUSTO\",\nIF(AND(TIPOORCAMENTO=\"Licitado\",$AL145=0,$AN145>0),\"SEM PREÇO\",\nIF(AND($C145=\"S\",$P145<>\"\",$Q145<>\"\",$U145>0,AND($V145<>\"BDI 1\",$V145<>\"BDI 2\",$V145<>\"BDI 3\")),IF(ISNUMBER($V145),\"JUSTIFICAR BDI\",\"BDI\"),\nIF(OR(AND(import.recurso=\"OGU\",TIPOORCAMENTO=\"Proposto\",LEFT($O$8,5)<>\"(N/D:\",$AG145<>\"\",ORÇAMENTO.CustoUnitario>$AG145),AND(TIPOORCAMENTO=\"LICITADO\",ORÇAMENTO.PrecoUnitarioLicitado>$AN145)),\"ACIMA REF.\",\nIF(AND($C145=\"S\",$P145<>\"\",$Q145<>\"\",$T145=0,$U145>0),\"QUANT.\",\nIF(AND(Import.TipoArredondamento=\"TransfereGOV\",$L145=\"F\",$C145=\"S\",LEN($Q145)>13),\"Código >13\",\nIF(AND(Import.TipoArredondamento=\"TransfereGOV\",$L145=\"F\",$C145<>\"S\",LEN($R145)>100),\"Descrição >100\",\nIF(AND(Import.TipoArredondamento=\"TransfereGOV\",$L145=\"F\",$C145=\"S\",LEN($R145)>500),\"Descrição >500\",\nIF(AND(Import.TipoArredondamento=\"TransfereGOV\",$L145=\"F\",$C145=\"S\",LEFT(TRIM(UPPER($P145)),6)<>\"SINAPI\",ISNA(VLOOKUP(TRIM(UPPER($S145)),ListaTgov.Unidades,1,FALSE))),\"Unid. Não Disp\",\n\" \"))))))))))))))))","v":" "},{"$f":"IF(C145<=CRONO.NivelExibicao,MAX($AD$15:OFFSET(AD145,-1,0))+IF($C145<>1,1,MAX(1,COUNTIF(QCI!$A$13:$A$36,OFFSET($E145,-1,0)))),\"\")","v":""},{"$f":"IF(AND($C145=\"S\",ORÇAMENTO.CodBarra<>\"\"),IF(ORÇAMENTO.Fonte=\"\",ORÇAMENTO.CodBarra,CONCATENATE(ORÇAMENTO.Fonte,\" \",ORÇAMENTO.CodBarra)))","v":"SINAPI 100709"},{"$f":"IF(ISERROR(ORÇAMENTO.BancoRef),\"(abra o arquivo 'Referência \"&Excel_BuiltIn_Database&\".xlsm)\",IF(OR($C145<>\"S\",ORÇAMENTO.CodBarra=\"\"),\"(Sem Código)\",IF(ISERROR(MATCH($AE145,INDIRECT(ORÇAMENTO.BancoRef),0)),\"(Código não identificado nas referências)\",MATCH($AE145,INDIRECT(ORÇAMENTO.BancoRef),0))))","v":9742},{"$f":"ROUND(IF(DESONERACAO=\"sim\",REFERENCIA.Desonerado,REFERENCIA.NaoDesonerado),2)","v":51.75},0.25290000000000001,null,null,null,null,2399.08,{"$f":"ROUND(ORÇAMENTO.CustoUnitario*(1+$AH145),2)","v":64.84}]
["S",2,"S",0,{"$f":"IF($C146=1,OFFSET(E146,-1,0)+MAX(1,COUNTIF(QCI!$A$13:$A$36,OFFSET(ORÇAMENTO!E146,-1,0))),OFFSET(E146,-1,0))","v":8},4,0,0,7,0,{"$f":"IF(OR($C146=\"S\",$C146=0),0,MATCH(OFFSET($D146,0,$C146)+IF($C146<>1,1,COUNTIF(QCI!$A$13:$A$36,ORÇAMENTO!E146)),OFFSET($D146,1,$C146,ROW($C$472)-ROW($C146)),0))","v":0},"F","Serviço","Serviço","8.4.0.7.","Composição","COMP34",{"$f":"IF($C146=\"S\",REFERENCIA.Descricao,\"(digite a descrição aqui)\")","v":"GUICHÊ COM REQUADRO EM MADEIRA DE LEI - VAZADO"},{"$f":"REFERENCIA.Unidade","v":"M2"},{"$f":"OFFSET(CÁLCULO!H$15,ROW($T146)-ROW(T$15),0)","v":0.45},729.28,"BDI 1",{"$f":"IF($C146=\"S\",ROUND(IF(TIPOORCAMENTO=\"Proposto\",ORÇAMENTO.CustoUnitario*(1+$AH146),ORÇAMENTO.PrecoUnitarioLicitado),15-13*$AF$10),0)","v":913.71},{"$f":"IF($C146=\"S\",IF(OR(Import.TipoArredondamento<>\"TransfereGOV\",ACOMPANHAMENTO=\"BM\"),VTOTAL1,SUM(OFFSET(CÁLCULO!$AI$15,ROW($X146)-ROW($X$15),1):OFFSET(CÁLCULO!$BB$15,ROW($X146)-ROW($X$15),-1))),IF($C146=0,0,ROUND(SomaAgrup,15-13*$AF$11)))","v":411.17},"RA","RA",{"$f":"IF($C146=\"S\",IF($Z146=\"CP\",$X146,IF($Z146=\"RA\",(($X146)*QCI!$AA$3),0)),SomaAgrup)","v":35.580062912798894},{"$f":"IF($C146=\"S\",IF($Z146=\"OU\",ROUND($X146,2),0),SomaAgrup)","v":0},{"$f":"IF($N146=\"\",\" \",\nIF(AND($C146<>\"S\",OR($R146=\"\",$R146=\"(digite a descrição aqui)\")),\"DESCRIÇÃO\",\nIF(AND($C146=\"S\",OR($Q146<>\"\",$T146>0,$U146>0),$P146=\"\"),\"FONTE\",\nIF(AND($C146=\"S\",$P146<>\"\",OR($T146>0,$U146>0),$Q146=\"\"),\"CÓDIGO\",\nIF(AND($C146=\"S\",$P146<>\"\",$Q146<>\"\",$R146=\"(Código não identificado nas referências)\"),\"CÓDIGO N/ID\",\nIF(AND($C146=\"S\",OR($R146=\"\",$R146=\"(digite a descrição aqui)\"),OR($Q146<>\"\",$T146>0,$U146>0)),\"DESCRIÇÃO\",\nIF(AND($C146=\"S\",$P146<>\"\",$Q146<>\"\",$S146=\"\"),\"UNIDADE\",\nIF(AND($C146=\"S\",$P146<>\"\",$Q146<>\"\",$U146=0),\"SEM CUSTO\",\nIF(AND(TIPOORCAMENTO=\"Licitado\",$AL146=0,$AN146>0),\"SEM PREÇO\",\nIF(AND($C146=\"S\",$P146<>\"\",$Q146<>\"\",$U146>0,AND($V146<>\"BDI 1\",$V146<>\"BDI 2\",$V146<>\"BDI 3\")),IF(ISNUMBER($V146),\"JUSTIFICAR BDI\",\"BDI\"),\nIF(OR(AND(import.recurso=\"OGU\",TIPOORCAMENTO=\"Proposto\",LEFT($O$8,5)<>\"(N/D:\",$AG146<>\"\",ORÇAMENTO.CustoUnitario>$AG146),AND(TIPOORCAMENTO=\"LICITADO\",ORÇAMENTO.PrecoUnitarioLicitado>$AN146)),\"ACIMA REF.\",\nIF(AND($C146=\"S\",$P146<>\"\",$Q146<>\"\",$T146=0,$U146>0),\"QUANT.\",\nIF(AND(Import.TipoArredondamento=\"TransfereGOV\",$L146=\"F\",$C146=\"S\",LEN($Q146)>13),\"Código >13\",\nIF(AND(Import.TipoArredondamento=\"TransfereGOV\",$L146=\"F\",$C146<>\"S\",LEN($R146)>100),\"Descrição >100\",\nIF(AND(Import.TipoArredondamento=\"TransfereGOV\",$L146=\"F\",$C146=\"S\",LEN($R146)>500),\"Descrição >500\",\nIF(AND(Import.TipoArredondamento=\"TransfereGOV\",$L146=\"F\",$C146=\"S\",LEFT(TRIM(UPPER($P146)),6)<>\"SINAPI\",ISNA(VLOOKUP(TRIM(UPPER($S146)),ListaTgov.Unidades,1,FALSE))),\"Unid. Não Disp\",\n\" \"))))))))))))))))","v":" "},{"$f":"IF(C146<=CRONO.NivelExibicao,MAX($AD$15:OFFSET(AD146,-1,0))+IF($C146<>1,1,MAX(1,COUNTIF(QCI!$A$13:$A$36,OFFSET($E146,-1,0)))),\"\")","v":""},{"$f":"IF(AND($C146=\"S\",ORÇAMENTO.CodBarra<>\"\"),IF(ORÇAMENTO.Fonte=\"\",ORÇAMENTO.CodBarra,CONCATENATE(ORÇAMENTO.Fonte,\" \",ORÇAMENTO.CodBarra)))","v":"Composição COMP34"},{"$f":"IF(ISERROR(ORÇAMENTO.BancoRef),\"(abra o arquivo 'Referência \"&Excel_BuiltIn_Database&\".xlsm)\",IF(OR($C146<>\"S\",ORÇAMENTO.CodBarra=\"\"),\"(Sem Código)\",IF(ISERROR(MATCH($AE146,INDIRECT(ORÇAMENTO.BancoRef),0)),\"(Código não identificado nas referências)\",MATCH($AE146,INDIRECT(ORÇAMENTO.BancoRef),0))))","v":36},{"$f":"ROUND(IF(DESONERACAO=\"sim\",REFERENCIA.Desonerado,REFERENCIA.NaoDesonerado),2)","v":729.28},0.25290000000000001,null,null,null,null,411.17,{"$f":"ROUND(ORÇAMENTO.CustoUnitario*(1+$AH146),2)","v":913.71}]
[1,1,1,7,{"$f":"IF($C147=1,OFFSET(E147,-1,0)+MAX(1,COUNTIF(QCI!$A$13:$A$36,OFFSET(ORÇAMENTO!E147,-1,0))),OFFSET(E147,-1,0))","v":9},0,0,0,0,325,{"$f":"IF(OR($C147=\"S\",$C147=0),0,MATCH(OFFSET($D147,0,$C147)+IF($C147<>1,1,COUNTIF(QCI!$A$13:$A$36,ORÇAMENTO!E147)),OFFSET($D147,1,$C147,ROW($C$472)-ROW($C147)),0))","v":7},"F","Meta","Meta","9.","SINAPI",null,{"$f":"IF($C147=\"S\",REFERENCIA.Descricao,\"REVESTIMENTO DE PAREDE\")","v":"REVESTIMENTO DE PAREDE"},{"$f":"REFERENCIA.Unidade","v":"-"},{"$f":"OFFSET(CÁLCULO!H$15,ROW($T147)-ROW(T$15),0)","v":0},null,"BDI 1",{"$f":"IF($C147=\"S\",ROUND(IF(TIPOORCAMENTO=\"Proposto\",ORÇAMENTO.CustoUnitario*(1+$AH147),ORÇAMENTO.PrecoUnitarioLicitado),15-13*$AF$10),0)","v":0},{"$f":"IF($C147=\"S\",IF(OR(Import.TipoArredondamento<>\"TransfereGOV\",ACOMPANHAMENTO=\"BM\"),VTOTAL1,SUM(OFFSET(CÁLCULO!$AI$15,ROW($X147)-ROW($X$15),1):OFFSET(CÁLCULO!$BB$15,ROW($X147)-ROW($X$15),-1))),IF($C147=0,0,ROUND(SomaAgrup,15-13*$AF$11)))","v":72767.899999999994},"RA","",{"$f":"IF($C147=\"S\",IF($Z147=\"CP\",$X147,IF($Z147=\"RA\",(($X147)*QCI!$AA$3),0)),SomaAgrup)","v":6296.8758908292393},{"$f":"IF($C147=\"S\",IF($Z147=\"OU\",ROUND($X147,2),0),SomaAgrup)","v":0},{"$f":"IF($N147=\"\",\" \",\nIF(AND($C147<>\"S\",OR($R147=\"\",$R147=\"(digite a descrição aqui)\")),\"DESCRIÇÃO\",\nIF(AND($C147=\"S\",OR($Q147<>\"\",$T147>0,$U147>0),$P147=\"\"),\"FONTE\",\nIF(AND($C147=\"S\",$P147<>\"\",OR($T147>0,$U147>0),$Q147=\"\"),\"CÓDIGO\",\nIF(AND($C147=\"S\",$P147<>\"\",$Q147<>\"\",$R147=\"(Código não identificado nas referências)\"),\"CÓDIGO N/ID\",\nIF(AND($C147=\"S\",OR($R147=\"\",$R147=\"(digite a descrição aqui)\"),OR($Q147<>\"\",$T147>0,$U147>0)),\"DESCRIÇÃO\",\nIF(AND($C147=\"S\",$P147<>\"\",$Q147<>\"\",$S147=\"\"),\"UNIDADE\",\nIF(AND($C147=\"S\",$P147<>\"\",$Q147<>\"\",$U147=0),\"SEM CUSTO\",\nIF(AND(TIPOORCAMENTO=\"Licitado\",$AL147=0,$AN147>0),\"SEM PREÇO\",\nIF(AND($C147=\"S\",$P147<>\"\",$Q147<>\"\",$U147>0,AND($V147<>\"BDI 1\",$V147<>\"BDI 2\",$V147<>\"BDI 3\")),IF(ISNUMBER($V147),\"JUSTIFICAR BDI\",\"BDI\"),\nIF(OR(AND(import.recurso=\"OGU\",TIPOORCAMENTO=\"Proposto\",LEFT($O$8,5)<>\"(N/D:\",$AG147<>\"\",ORÇAMENTO.CustoUnitario>$AG147),AND(TIPOORCAMENTO=\"LICITADO\",ORÇAMENTO.PrecoUnitarioLicitado>$AN147)),\"ACIMA REF.\",\nIF(AND($C147=\"S\",$P147<>\"\",$Q147<>\"\",$T147=0,$U147>0),\"QUANT.\",\nIF(AND(Import.TipoArredondamento=\"TransfereGOV\",$L147=\"F\",$C147=\"S\",LEN($Q147)>13),\"Código >13\",\nIF(AND(Import.TipoArredondamento=\"TransfereGOV\",$L147=\"F\",$C147<>\"S\",LEN($R147)>100),\"Descrição >100\",\nIF(AND(Import.TipoArredondamento=\"TransfereGOV\",$L147=\"F\",$C147=\"S\",LEN($R147)>500),\"Descrição >500\",\nIF(AND(Import.TipoArredondamento=\"TransfereGOV\",$L147=\"F\",$C147=\"S\",LEFT(TRIM(UPPER($P147)),6)<>\"SINAPI\",ISNA(VLOOKUP(TRIM(UPPER($S147)),ListaTgov.Unidades,1,FALSE))),\"Unid. Não Disp\",\n\" \"))))))))))))))))","v":" "},{"$f":"IF(C147<=CRONO.NivelExibicao,MAX($AD$15:OFFSET(AD147,-1,0))+IF($C147<>1,1,MAX(1,COUNTIF(QCI!$A$13:$A$36,OFFSET($E147,-1,0)))),\"\")","v":28},{"$f":"IF(AND($C147=\"S\",ORÇAMENTO.CodBarra<>\"\"),IF(ORÇAMENTO.Fonte=\"\",ORÇAMENTO.CodBarra,CONCATENATE(ORÇAMENTO.Fonte,\" \",ORÇAMENTO.CodBarra)))","v":false},{"$f":"IF(ISERROR(ORÇAMENTO.BancoRef),\"(abra o arquivo 'Referência \"&Excel_BuiltIn_Database&\".xlsm)\",IF(OR($C147<>\"S\",ORÇAMENTO.CodBarra=\"\"),\"(Sem Código)\",IF(ISERROR(MATCH($AE147,INDIRECT(ORÇAMENTO.BancoRef),0)),\"(Código não identificado nas referências)\",MATCH($AE147,INDIRECT(ORÇAMENTO.BancoRef),0))))","v":"(Sem Código)"},{"$f":"ROUND(IF(DESONERACAO=\"sim\",REFERENCIA.Desonerado,REFERENCIA.NaoDesonerado),2)","v":0},0.25290000000000001,null,null,null,null,72767.899999999994,{"$f":"ROUND(ORÇAMENTO.CustoUnitario*(1+$AH147),2)","v":0}]
[2,2,2,4,{"$f":"IF($C148=1,OFFSET(E148,-1,0)+MAX(1,COUNTIF(QCI!$A$13:$A$36,OFFSET(ORÇAMENTO!E148,-1,0))),OFFSET(E148,-1,0))","v":9},1,0,0,0,6,{"$f":"IF(OR($C148=\"S\",$C148=0),0,MATCH(OFFSET($D148,0,$C148)+IF($C148<>1,1,COUNTIF(QCI!$A$13:$A$36,ORÇAMENTO!E148)),OFFSET($D148,1,$C148,ROW($C$472)-ROW($C148)),0))","v":4},"F","Nível 2","Nível 2","9.1.","SINAPI",null,{"$f":"IF($C148=\"S\",REFERENCIA.Descricao,\"REVESTIMENTO ARGAMASSADO\")","v":"REVESTIMENTO ARGAMASSADO"},{"$f":"REFERENCIA.Unidade","v":"-"},{"$f":"OFFSET(CÁLCULO!H$15,ROW($T148)-ROW(T$15),0)","v":0},null,"BDI 1",{"$f":"IF($C148=\"S\",ROUND(IF(TIPOORCAMENTO=\"Proposto\",ORÇAMENTO.CustoUnitario*(1+$AH148),ORÇAMENTO.PrecoUnitarioLicitado),15-13*$AF$10),0)","v":0},{"$f":"IF($C148=\"S\",IF(OR(Import.TipoArredondamento<>\"TransfereGOV\",ACOMPANHAMENTO=\"BM\"),VTOTAL1,SUM(OFFSET(CÁLCULO!$AI$15,ROW($X148)-ROW($X$15),1):OFFSET(CÁLCULO!$BB$15,ROW($X148)-ROW($X$15),-1))),IF($C148=0,0,ROUND(SomaAgrup,15-13*$AF$11)))","v":59959.5},"RA","",{"$f":"IF($C148=\"S\",IF($Z148=\"CP\",$X148,IF($Z148=\"RA\",(($X148)*QCI!$AA$3),0)),SomaAgrup)","v":5188.5176015272637},{"$f":"IF($C148=\"S\",IF($Z148=\"OU\",ROUND($X148,2),0),SomaAgrup)","v":0},{"$f":"IF($N148=\"\",\" \",\nIF(AND($C148<>\"S\",OR($R148=\"\",$R148=\"(digite a descrição aqui)\")),\"DESCRIÇÃO\",\nIF(AND($C148=\"S\",OR($Q148<>\"\",$T148>0,$U148>0),$P148=\"\"),\"FONTE\",\nIF(AND($C148=\"S\",$P148<>\"\",OR($T148>0,$U148>0),$Q148=\"\"),\"CÓDIGO\",\nIF(AND($C148=\"S\",$P148<>\"\",$Q148<>\"\",$R148=\"(Código não identificado nas referências)\"),\"CÓDIGO N/ID\",\nIF(AND($C148=\"S\",OR($R148=\"\",$R148=\"(digite a descrição aqui)\"),OR($Q148<>\"\",$T148>0,$U148>0)),\"DESCRIÇÃO\",\nIF(AND($C148=\"S\",$P148<>\"\",$Q148<>\"\",$S148=\"\"),\"UNIDADE\",\nIF(AND($C148=\"S\",$P148<>\"\",$Q148<>\"\",$U148=0),\"SEM CUSTO\",\nIF(AND(TIPOORCAMENTO=\"Licitado\",$AL148=0,$AN148>0),\"SEM PREÇO\",\nIF(AND($C148=\"S\",$P148<>\"\",$Q148<>\"\",$U148>0,AND($V148<>\"BDI 1\",$V148<>\"BDI 2\",$V148<>\"BDI 3\")),IF(ISNUMBER($V148),\"JUSTIFICAR BDI\",\"BDI\"),\nIF(OR(AND(import.recurso=\"OGU\",TIPOORCAMENTO=\"Proposto\",LEFT($O$8,5)<>\"(N/D:\",$AG148<>\"\",ORÇAMENTO.CustoUnitario>$AG148),AND(TIPOORCAMENTO=\"LICITADO\",ORÇAMENTO.PrecoUnitarioLicitado>$AN148)),\"ACIMA REF.\",\nIF(AND($C148=\"S\",$P148<>\"\",$Q148<>\"\",$T148=0,$U148>0),\"QUANT.\",\nIF(AND(Import.TipoArredondamento=\"TransfereGOV\",$L148=\"F\",$C148=\"S\",LEN($Q148)>13),\"Código >13\",\nIF(AND(Import.TipoArredondamento=\"TransfereGOV\",$L148=\"F\",$C148<>\"S\",LEN($R148)>100),\"Descrição >100\",\nIF(AND(Import.TipoArredondamento=\"TransfereGOV\",$L148=\"F\",$C148=\"S\",LEN($R148)>500),\"Descrição >500\",\nIF(AND(Import.TipoArredondamento=\"TransfereGOV\",$L148=\"F\",$C148=\"S\",LEFT(TRIM(UPPER($P148)),6)<>\"SINAPI\",ISNA(VLOOKUP(TRIM(UPPER($S148)),ListaTgov.Unidades,1,FALSE))),\"Unid. Não Disp\",\n\" \"))))))))))))))))","v":" "},{"$f":"IF(C148<=CRONO.NivelExibicao,MAX($AD$15:OFFSET(AD148,-1,0))+IF($C148<>1,1,MAX(1,COUNTIF(QCI!$A$13:$A$36,OFFSET($E148,-1,0)))),\"\")","v":29},{"$f":"IF(AND($C148=\"S\",ORÇAMENTO.CodBarra<>\"\"),IF(ORÇAMENTO.Fonte=\"\",ORÇAMENTO.CodBarra,CONCATENATE(ORÇAMENTO.Fonte,\" \",ORÇAMENTO.CodBarra)))","v":false},{"$f":"IF(ISERROR(ORÇAMENTO.BancoRef),\"(abra o arquivo 'Referência \"&Excel_BuiltIn_Database&\".xlsm)\",IF(OR($C148<>\"S\",ORÇAMENTO.CodBarra=\"\"),\"(Sem Código)\",IF(ISERROR(MATCH($AE148,INDIRECT(ORÇAMENTO.BancoRef),0)),\"(Código não identificado nas referências)\",MATCH($AE148,INDIRECT(ORÇAMENTO.BancoRef),0))))","v":"(Sem Código)"},{"$f":"ROUND(IF(DESONERACAO=\"sim\",REFERENCIA.Desonerado,REFERENCIA.NaoDesonerado),2)","v":0},0.25290000000000001,null,null,null,null,59959.5,{"$f":"ROUND(ORÇAMENTO.CustoUnitario*(1+$AH148),2)","v":0}]
["S",2,"S",0,{"$f":"IF($C149=1,OFFSET(E149,-1,0)+MAX(1,COUNTIF(QCI!$A$13:$A$36,OFFSET(ORÇAMENTO!E149,-1,0))),OFFSET(E149,-1,0))","v":9},1,0,0,1,0,{"$f":"IF(OR($C149=\"S\",$C149=0),0,MATCH(OFFSET($D149,0,$C149)+IF($C149<>1,1,COUNTIF(QCI!$A$13:$A$36,ORÇAMENTO!E149)),OFFSET($D149,1,$C149,ROW($C$472)-ROW($C149)),0))","v":0},"F","Serviço","Serviço","9.1.0.1.","SINAPI","87905",{"$f":"IF($C149=\"S\",REFERENCIA.Descricao,\"(digite a descrição aqui)\")","v":"CHAPISCO APLICADO EM ALVENARIA (COM PRESENÇA DE VÃOS) E ESTRUTURAS DE CONCRETO DE FACHADA, COM COLHER DE PEDREIRO. ARGAMASSA TRAÇO 1:3 COM PREPARO EM BETONEIRA 400L. AF_10/2022"},{"$f":"REFERENCIA.Unidade","v":"M2"},{"$f":"OFFSET(CÁLCULO!H$15,ROW($T149)-ROW(T$15),0)","v":1453.38},{"$f":"AG149","v":8.34},"BDI 1",{"$f":"IF($C149=\"S\",ROUND(IF(TIPOORCAMENTO=\"Proposto\",ORÇAMENTO.CustoUnitario*(1+$AH149),ORÇAMENTO.PrecoUnitarioLicitado),15-13*$AF$10),0)","v":10.45},{"$f":"IF($C149=\"S\",IF(OR(Import.TipoArredondamento<>\"TransfereGOV\",ACOMPANHAMENTO=\"BM\"),VTOTAL1,SUM(OFFSET(CÁLCULO!$AI$15,ROW($X149)-ROW($X$15),1):OFFSET(CÁLCULO!$BB$15,ROW($X149)-ROW($X$15),-1))),IF($C149=0,0,ROUND(SomaAgrup,15-13*$AF$11)))","v":15187.82},"RA","RA",{"$f":"IF($C149=\"S\",IF($Z149=\"CP\",$X149,IF($Z149=\"RA\",(($X149)*QCI!$AA$3),0)),SomaAgrup)","v":1314.2583143426448},{"$f":"IF($C149=\"S\",IF($Z149=\"OU\",ROUND($X149,2),0),SomaAgrup)","v":0},{"$f":"IF($N149=\"\",\" \",\nIF(AND($C149<>\"S\",OR($R149=\"\",$R149=\"(digite a descrição aqui)\")),\"DESCRIÇÃO\",\nIF(AND($C149=\"S\",OR($Q149<>\"\",$T149>0,$U149>0),$P149=\"\"),\"FONTE\",\nIF(AND($C149=\"S\",$P149<>\"\",OR($T149>0,$U149>0),$Q149=\"\"),\"CÓDIGO\",\nIF(AND($C149=\"S\",$P149<>\"\",$Q149<>\"\",$R149=\"(Código não identificado nas referências)\"),\"CÓDIGO N/ID\",\nIF(AND($C149=\"S\",OR($R149=\"\",$R149=\"(digite a descrição aqui)\"),OR($Q149<>\"\",$T149>0,$U149>0)),\"DESCRIÇÃO\",\nIF(AND($C149=\"S\",$P149<>\"\",$Q149<>\"\",$S149=\"\"),\"UNIDADE\",\nIF(AND($C149=\"S\",$P149<>\"\",$Q149<>\"\",$U149=0),\"SEM CUSTO\",\nIF(AND(TIPOORCAMENTO=\"Licitado\",$AL149=0,$AN149>0),\"SEM PREÇO\",\nIF(AND($C149=\"S\",$P149<>\"\",$Q149<>\"\",$U149>0,AND($V149<>\"BDI 1\",$V149<>\"BDI 2\",$V149<>\"BDI 3\")),IF(ISNUMBER($V149),\"JUSTIFICAR BDI\",\"BDI\"),\nIF(OR(AND(import.recurso=\"OGU\",TIPOORCAMENTO=\"Proposto\",LEFT($O$8,5)<>\"(N/D:\",$AG149<>\"\",ORÇAMENTO.CustoUnitario>$AG149),AND(TIPOORCAMENTO=\"LICITADO\",ORÇAMENTO.PrecoUnitarioLicitado>$AN149)),\"ACIMA REF.\",\nIF(AND($C149=\"S\",$P149<>\"\",$Q149<>\"\",$T149=0,$U149>0),\"QUANT.\",\nIF(AND(Import.TipoArredondamento=\"TransfereGOV\",$L149=\"F\",$C149=\"S\",LEN($Q149)>13),\"Código >13\",\nIF(AND(Import.TipoArredondamento=\"TransfereGOV\",$L149=\"F\",$C149<>\"S\",LEN($R149)>100),\"Descrição >100\",\nIF(AND(Import.TipoArredondamento=\"TransfereGOV\",$L149=\"F\",$C149=\"S\",LEN($R149)>500),\"Descrição >500\",\nIF(AND(Import.TipoArredondamento=\"TransfereGOV\",$L149=\"F\",$C149=\"S\",LEFT(TRIM(UPPER($P149)),6)<>\"SINAPI\",ISNA(VLOOKUP(TRIM(UPPER($S149)),ListaTgov.Unidades,1,FALSE))),\"Unid. Não Disp\",\n\" \"))))))))))))))))","v":" "},{"$f":"IF(C149<=CRONO.NivelExibicao,MAX($AD$15:OFFSET(AD149,-1,0))+IF($C149<>1,1,MAX(1,COUNTIF(QCI!$A$13:$A$36,OFFSET($E149,-1,0)))),\"\")","v":""},{"$f":"IF(AND($C149=\"S\",ORÇAMENTO.CodBarra<>\"\"),IF(ORÇAMENTO.Fonte=\"\",ORÇAMENTO.CodBarra,CONCATENATE(ORÇAMENTO.Fonte,\" \",ORÇAMENTO.CodBarra)))","v":"SINAPI 87905"},{"$f":"IF(ISERROR(ORÇAMENTO.BancoRef),\"(abra o arquivo 'Referência \"&Excel_BuiltIn_Database&\".xlsm)\",IF(OR($C149<>\"S\",ORÇAMENTO.CodBarra=\"\"),\"(Sem Código)\",IF(ISERROR(MATCH($AE149,INDIRECT(ORÇAMENTO.BancoRef),0)),\"(Código não identificado nas referências)\",MATCH($AE149,INDIRECT(ORÇAMENTO.BancoRef),0))))","v":7541},{"$f":"ROUND(IF(DESONERACAO=\"sim\",REFERENCIA.Desonerado,REFERENCIA.NaoDesonerado),2)","v":8.34},0.25290000000000001,null,null,null,null,15187.82,{"$f":"ROUND(ORÇAMENTO.CustoUnitario*(1+$AH149),2)","v":10.45}]
["S",2,"S",0,{"$f":"IF($C150=1,OFFSET(E150,-1,0)+MAX(1,COUNTIF(QCI!$A$13:$A$36,OFFSET(ORÇAMENTO!E150,-1,0))),OFFSET(E150,-1,0))","v":9},1,0,0,2,0,{"$f":"IF(OR($C150=\"S\",$C150=0),0,MATCH(OFFSET($D150,0,$C150)+IF($C150<>1,1,COUNTIF(QCI!$A$13:$A$36,ORÇAMENTO!E150)),OFFSET($D150,1,$C150,ROW($C$472)-ROW($C150)),0))","v":0},"F","Serviço","Serviço","9.1.0.2.","SINAPI","104958",{"$f":"IF($C150=\"S\",REFERENCIA.Descricao,\"(digite a descrição aqui)\")","v":"MASSA ÚNICA, EM ARGAMASSA TRAÇO 1:2:8 PREPARO MECÂNICO, APLICADA MANUALMENTE EM PAREDES INTERNAS DE AMBIENTES COM ÁREA MAIOR QUE 10M², E = 10MM, COM TALISCAS. AF_03/2024"},{"$f":"REFERENCIA.Unidade","v":"M2"},{"$f":"OFFSET(CÁLCULO!H$15,ROW($T150)-ROW(T$15),0)","v":1375.61},{"$f":"AG150","v":24.62},"BDI 1",{"$f":"IF($C150=\"S\",ROUND(IF(TIPOORCAMENTO=\"Proposto\",ORÇAMENTO.CustoUnitario*(1+$AH150),ORÇAMENTO.PrecoUnitarioLicitado),15-13*$AF$10),0)","v":30.85},{"$f":"IF($C150=\"S\",IF(OR(Import.TipoArredondamento<>\"TransfereGOV\",ACOMPANHAMENTO=\"BM\"),VTOTAL1,SUM(OFFSET(CÁLCULO!$AI$15,ROW($X150)-ROW($X$15),1):OFFSET(CÁLCULO!$BB$15,ROW($X150)-ROW($X$15),-1))),IF($C150=0,0,ROUND(SomaAgrup,15-13*$AF$11)))","v":42437.57},"RA","RA",{"$f":"IF($C150=\"S\",IF($Z150=\"CP\",$X150,IF($Z150=\"RA\",(($X150)*QCI!$AA$3),0)),SomaAgrup)","v":3672.2801042544611},{"$f":"IF($C150=\"S\",IF($Z150=\"OU\",ROUND($X150,2),0),SomaAgrup)","v":0},{"$f":"IF($N150=\"\",\" \",\nIF(AND($C150<>\"S\",OR($R150=\"\",$R150=\"(digite a descrição aqui)\")),\"DESCRIÇÃO\",\nIF(AND($C150=\"S\",OR($Q150<>\"\",$T150>0,$U150>0),$P150=\"\"),\"FONTE\",\nIF(AND($C150=\"S\",$P150<>\"\",OR($T150>0,$U150>0),$Q150=\"\"),\"CÓDIGO\",\nIF(AND($C150=\"S\",$P150<>\"\",$Q150<>\"\",$R150=\"(Código não identificado nas referências)\"),\"CÓDIGO N/ID\",\nIF(AND($C150=\"S\",OR($R150=\"\",$R150=\"(digite a descrição aqui)\"),OR($Q150<>\"\",$T150>0,$U150>0)),\"DESCRIÇÃO\",\nIF(AND($C150=\"S\",$P150<>\"\",$Q150<>\"\",$S150=\"\"),\"UNIDADE\",\nIF(AND($C150=\"S\",$P150<>\"\",$Q150<>\"\",$U150=0),\"SEM CUSTO\",\nIF(AND(TIPOORCAMENTO=\"Licitado\",$AL150=0,$AN150>0),\"SEM PREÇO\",\nIF(AND($C150=\"S\",$P150<>\"\",$Q150<>\"\",$U150>0,AND($V150<>\"BDI 1\",$V150<>\"BDI 2\",$V150<>\"BDI 3\")),IF(ISNUMBER($V150),\"JUSTIFICAR BDI\",\"BDI\"),\nIF(OR(AND(import.recurso=\"OGU\",TIPOORCAMENTO=\"Proposto\",LEFT($O$8,5)<>\"(N/D:\",$AG150<>\"\",ORÇAMENTO.CustoUnitario>$AG150),AND(TIPOORCAMENTO=\"LICITADO\",ORÇAMENTO.PrecoUnitarioLicitado>$AN150)),\"ACIMA REF.\",\nIF(AND($C150=\"S\",$P150<>\"\",$Q150<>\"\",$T150=0,$U150>0),\"QUANT.\",\nIF(AND(Import.TipoArredondamento=\"TransfereGOV\",$L150=\"F\",$C150=\"S\",LEN($Q150)>13),\"Código >13\",\nIF(AND(Import.TipoArredondamento=\"TransfereGOV\",$L150=\"F\",$C150<>\"S\",LEN($R150)>100),\"Descrição >100\",\nIF(AND(Import.TipoArredondamento=\"TransfereGOV\",$L150=\"F\",$C150=\"S\",LEN($R150)>500),\"Descrição >500\",\nIF(AND(Import.TipoArredondamento=\"TransfereGOV\",$L150=\"F\",$C150=\"S\",LEFT(TRIM(UPPER($P150)),6)<>\"SINAPI\",ISNA(VLOOKUP(TRIM(UPPER($S150)),ListaTgov.Unidades,1,FALSE))),\"Unid. Não Disp\",\n\" \"))))))))))))))))","v":" "},{"$f":"IF(C150<=CRONO.NivelExibicao,MAX($AD$15:OFFSET(AD150,-1,0))+IF($C150<>1,1,MAX(1,COUNTIF(QCI!$A$13:$A$36,OFFSET($E150,-1,0)))),\"\")","v":""},{"$f":"IF(AND($C150=\"S\",ORÇAMENTO.CodBarra<>\"\"),IF(ORÇAMENTO.Fonte=\"\",ORÇAMENTO.CodBarra,CONCATENATE(ORÇAMENTO.Fonte,\" \",ORÇAMENTO.CodBarra)))","v":"SINAPI 104958"},{"$f":"IF(ISERROR(ORÇAMENTO.BancoRef),\"(abra o arquivo 'Referência \"&Excel_BuiltIn_Database&\".xlsm)\",IF(OR($C150<>\"S\",ORÇAMENTO.CodBarra=\"\"),\"(Sem Código)\",IF(ISERROR(MATCH($AE150,INDIRECT(ORÇAMENTO.BancoRef),0)),\"(Código não identificado nas referências)\",MATCH($AE150,INDIRECT(ORÇAMENTO.BancoRef),0))))","v":13715},{"$f":"ROUND(IF(DESONERACAO=\"sim\",REFERENCIA.Desonerado,REFERENCIA.NaoDesonerado),2)","v":24.62},0.25290000000000001,null,null,null,null,42437.57,{"$f":"ROUND(ORÇAMENTO.CustoUnitario*(1+$AH150),2)","v":30.85}]
["S",2,"S",0,{"$f":"IF($C151=1,OFFSET(E151,-1,0)+MAX(1,COUNTIF(QCI!$A$13:$A$36,OFFSET(ORÇAMENTO!E151,-1,0))),OFFSET(E151,-1,0))","v":9},1,0,0,3,0,{"$f":"IF(OR($C151=\"S\",$C151=0),0,MATCH(OFFSET($D151,0,$C151)+IF($C151<>1,1,COUNTIF(QCI!$A$13:$A$36,ORÇAMENTO!E151)),OFFSET($D151,1,$C151,ROW($C$472)-ROW($C151)),0))","v":0},"F","Serviço","Serviço","9.1.0.3.","SINAPI","87553",{"$f":"IF($C151=\"S\",REFERENCIA.Descricao,\"(digite a descrição aqui)\")","v":"EMBOÇO, EM ARGAMASSA TRAÇO 1:2:8, PREPARO MECÂNICO, APLICADO MANUALMENTE EM PAREDES INTERNAS DE AMBIENTES COM ÁREA MAIOR QUE 10M², E = 10MM, COM TALISCAS. AF_03/2024"},{"$f":"REFERENCIA.Unidade","v":"M2"},{"$f":"OFFSET(CÁLCULO!H$15,ROW($T151)-ROW(T$15),0)","v":77.7},{"$f":"AG151","v":23.98},"BDI 1",{"$f":"IF($C151=\"S\",ROUND(IF(TIPOORCAMENTO=\"Proposto\",ORÇAMENTO.CustoUnitario*(1+$AH151),ORÇAMENTO.PrecoUnitarioLicitado),15-13*$AF$10),0)","v":30.04},{"$f":"IF($C151=\"S\",IF(OR(Import.TipoArredondamento<>\"TransfereGOV\",ACOMPANHAMENTO=\"BM\"),VTOTAL1,SUM(OFFSET(CÁLCULO!$AI$15,ROW($X151)-ROW($X$15),1):OFFSET(CÁLCULO!$BB$15,ROW($X151)-ROW($X$15),-1))),IF($C151=0,0,ROUND(SomaAgrup,15-13*$AF$11)))","v":2334.11},"RA","RA",{"$f":"IF($C151=\"S\",IF($Z151=\"CP\",$X151,IF($Z151=\"RA\",(($X151)*QCI!$AA$3),0)),SomaAgrup)","v":201.97918293015789},{"$f":"IF($C151=\"S\",IF($Z151=\"OU\",ROUND($X151,2),0),SomaAgrup)","v":0},{"$f":"IF($N151=\"\",\" \",\nIF(AND($C151<>\"S\",OR($R151=\"\",$R151=\"(digite a descrição aqui)\")),\"DESCRIÇÃO\",\nIF(AND($C151=\"S\",OR($Q151<>\"\",$T151>0,$U151>0),$P151=\"\"),\"FONTE\",\nIF(AND($C151=\"S\",$P151<>\"\",OR($T151>0,$U151>0),$Q151=\"\"),\"CÓDIGO\",\nIF(AND($C151=\"S\",$P151<>\"\",$Q151<>\"\",$R151=\"(Código não identificado nas referências)\"),\"CÓDIGO N/ID\",\nIF(AND($C151=\"S\",OR($R151=\"\",$R151=\"(digite a descrição aqui)\"),OR($Q151<>\"\",$T151>0,$U151>0)),\"DESCRIÇÃO\",\nIF(AND($C151=\"S\",$P151<>\"\",$Q151<>\"\",$S151=\"\"),\"UNIDADE\",\nIF(AND($C151=\"S\",$P151<>\"\",$Q151<>\"\",$U151=0),\"SEM CUSTO\",\nIF(AND(TIPOORCAMENTO=\"Licitado\",$AL151=0,$AN151>0),\"SEM PREÇO\",\nIF(AND($C151=\"S\",$P151<>\"\",$Q151<>\"\",$U151>0,AND($V151<>\"BDI 1\",$V151<>\"BDI 2\",$V151<>\"BDI 3\")),IF(ISNUMBER($V151),\"JUSTIFICAR BDI\",\"BDI\"),\nIF(OR(AND(import.recurso=\"OGU\",TIPOORCAMENTO=\"Proposto\",LEFT($O$8,5)<>\"(N/D:\",$AG151<>\"\",ORÇAMENTO.CustoUnitario>$AG151),AND(TIPOORCAMENTO=\"LICITADO\",ORÇAMENTO.PrecoUnitarioLicitado>$AN151)),\"ACIMA REF.\",\nIF(AND($C151=\"S\",$P151<>\"\",$Q151<>\"\",$T151=0,$U151>0),\"QUANT.\",\nIF(AND(Import.TipoArredondamento=\"TransfereGOV\",$L151=\"F\",$C151=\"S\",LEN($Q151)>13),\"Código >13\",\nIF(AND(Import.TipoArredondamento=\"TransfereGOV\",$L151=\"F\",$C151<>\"S\",LEN($R151)>100),\"Descrição >100\",\nIF(AND(Import.TipoArredondamento=\"TransfereGOV\",$L151=\"F\",$C151=\"S\",LEN($R151)>500),\"Descrição >500\",\nIF(AND(Import.TipoArredondamento=\"TransfereGOV\",$L151=\"F\",$C151=\"S\",LEFT(TRIM(UPPER($P151)),6)<>\"SINAPI\",ISNA(VLOOKUP(TRIM(UPPER($S151)),ListaTgov.Unidades,1,FALSE))),\"Unid. Não Disp\",\n\" \"))))))))))))))))","v":" "},{"$f":"IF(C151<=CRONO.NivelExibicao,MAX($AD$15:OFFSET(AD151,-1,0))+IF($C151<>1,1,MAX(1,COUNTIF(QCI!$A$13:$A$36,OFFSET($E151,-1,0)))),\"\")","v":""},{"$f":"IF(AND($C151=\"S\",ORÇAMENTO.CodBarra<>\"\"),IF(ORÇAMENTO.Fonte=\"\",ORÇAMENTO.CodBarra,CONCATENATE(ORÇAMENTO.Fonte,\" \",ORÇAMENTO.CodBarra)))","v":"SINAPI 87553"},{"$f":"IF(ISERROR(ORÇAMENTO.BancoRef),\"(abra o arquivo 'Referência \"&Excel_BuiltIn_Database&\".xlsm)\",IF(OR($C151<>\"S\",ORÇAMENTO.CodBarra=\"\"),\"(Sem Código)\",IF(ISERROR(MATCH($AE151,INDIRECT(ORÇAMENTO.BancoRef),0)),\"(Código não identificado nas referências)\",MATCH($AE151,INDIRECT(ORÇAMENTO.BancoRef),0))))","v":13706},{"$f":"ROUND(IF(DESONERACAO=\"sim\",REFERENCIA.Desonerado,REFERENCIA.NaoDesonerado),2)","v":23.98},0.25290000000000001,null,null,null,null,2334.11,{"$f":"ROUND(ORÇAMENTO.CustoUnitario*(1+$AH151),2)","v":30.04}]
[2,2,2,2,{"$f":"IF($C152=1,OFFSET(E152,-1,0)+MAX(1,COUNTIF(QCI!$A$13:$A$36,OFFSET(ORÇAMENTO!E152,-1,0))),OFFSET(E152,-1,0))","v":9},2,0,0,0,2,{"$f":"IF(OR($C152=\"S\",$C152=0),0,MATCH(OFFSET($D152,0,$C152)+IF($C152<>1,1,COUNTIF(QCI!$A$13:$A$36,ORÇAMENTO!E152)),OFFSET($D152,1,$C152,ROW($C$472)-ROW($C152)),0))","v":8},"F","Nível 2","Nível 2","9.2.","SINAPI",null,{"$f":"IF($C152=\"S\",REFERENCIA.Descricao,\"REVESTIMENTO CERÂMICO\")","v":"REVESTIMENTO CERÂMICO"},{"$f":"REFERENCIA.Unidade","v":"-"},{"$f":"OFFSET(CÁLCULO!H$15,ROW($T152)-ROW(T$15),0)","v":0},null,"BDI 1",{"$f":"IF($C152=\"S\",ROUND(IF(TIPOORCAMENTO=\"Proposto\",ORÇAMENTO.CustoUnitario*(1+$AH152),ORÇAMENTO.PrecoUnitarioLicitado),15-13*$AF$10),0)","v":0},{"$f":"IF($C152=\"S\",IF(OR(Import.TipoArredondamento<>\"TransfereGOV\",ACOMPANHAMENTO=\"BM\"),VTOTAL1,SUM(OFFSET(CÁLCULO!$AI$15,ROW($X152)-ROW($X$15),1):OFFSET(CÁLCULO!$BB$15,ROW($X152)-ROW($X$15),-1))),IF($C152=0,0,ROUND(SomaAgrup,15-13*$AF$11)))","v":12808.4},"RA","",{"$f":"IF($C152=\"S\",IF($Z152=\"CP\",$X152,IF($Z152=\"RA\",(($X152)*QCI!$AA$3),0)),SomaAgrup)","v":1108.3582893019754},{"$f":"IF($C152=\"S\",IF($Z152=\"OU\",ROUND($X152,2),0),SomaAgrup)","v":0},{"$f":"IF($N152=\"\",\" \",\nIF(AND($C152<>\"S\",OR($R152=\"\",$R152=\"(digite a descrição aqui)\")),\"DESCRIÇÃO\",\nIF(AND($C152=\"S\",OR($Q152<>\"\",$T152>0,$U152>0),$P152=\"\"),\"FONTE\",\nIF(AND($C152=\"S\",$P152<>\"\",OR($T152>0,$U152>0),$Q152=\"\"),\"CÓDIGO\",\nIF(AND($C152=\"S\",$P152<>\"\",$Q152<>\"\",$R152=\"(Código não identificado nas referências)\"),\"CÓDIGO N/ID\",\nIF(AND($C152=\"S\",OR($R152=\"\",$R152=\"(digite a descrição aqui)\"),OR($Q152<>\"\",$T152>0,$U152>0)),\"DESCRIÇÃO\",\nIF(AND($C152=\"S\",$P152<>\"\",$Q152<>\"\",$S152=\"\"),\"UNIDADE\",\nIF(AND($C152=\"S\",$P152<>\"\",$Q152<>\"\",$U152=0),\"SEM CUSTO\",\nIF(AND(TIPOORCAMENTO=\"Licitado\",$AL152=0,$AN152>0),\"SEM PREÇO\",\nIF(AND($C152=\"S\",$P152<>\"\",$Q152<>\"\",$U152>0,AND($V152<>\"BDI 1\",$V152<>\"BDI 2\",$V152<>\"BDI 3\")),IF(ISNUMBER($V152),\"JUSTIFICAR BDI\",\"BDI\"),\nIF(OR(AND(import.recurso=\"OGU\",TIPOORCAMENTO=\"Proposto\",LEFT($O$8,5)<>\"(N/D:\",$AG152<>\"\",ORÇAMENTO.CustoUnitario>$AG152),AND(TIPOORCAMENTO=\"LICITADO\",ORÇAMENTO.PrecoUnitarioLicitado>$AN152)),\"ACIMA REF.\",\nIF(AND($C152=\"S\",$P152<>\"\",$Q152<>\"\",$T152=0,$U152>0),\"QUANT.\",\nIF(AND(Import.TipoArredondamento=\"TransfereGOV\",$L152=\"F\",$C152=\"S\",LEN($Q152)>13),\"Código >13\",\nIF(AND(Import.TipoArredondamento=\"TransfereGOV\",$L152=\"F\",$C152<>\"S\",LEN($R152)>100),\"Descrição >100\",\nIF(AND(Import.TipoArredondamento=\"TransfereGOV\",$L152=\"F\",$C152=\"S\",LEN($R152)>500),\"Descrição >500\",\nIF(AND(Import.TipoArredondamento=\"TransfereGOV\",$L152=\"F\",$C152=\"S\",LEFT(TRIM(UPPER($P152)),6)<>\"SINAPI\",ISNA(VLOOKUP(TRIM(UPPER($S152)),ListaTgov.Unidades,1,FALSE))),\"Unid. Não Disp\",\n\" \"))))))))))))))))","v":" "},{"$f":"IF(C152<=CRONO.NivelExibicao,MAX($AD$15:OFFSET(AD152,-1,0))+IF($C152<>1,1,MAX(1,COUNTIF(QCI!$A$13:$A$36,OFFSET($E152,-1,0)))),\"\")","v":30},{"$f":"IF(AND($C152=\"S\",ORÇAMENTO.CodBarra<>\"\"),IF(ORÇAMENTO.Fonte=\"\",ORÇAMENTO.CodBarra,CONCATENATE(ORÇAMENTO.Fonte,\" \",ORÇAMENTO.CodBarra)))","v":false},{"$f":"IF(ISERROR(ORÇAMENTO.BancoRef),\"(abra o arquivo 'Referência \"&Excel_BuiltIn_Database&\".xlsm)\",IF(OR($C152<>\"S\",ORÇAMENTO.CodBarra=\"\"),\"(Sem Código)\",IF(ISERROR(MATCH($AE152,INDIRECT(ORÇAMENTO.BancoRef),0)),\"(Código não identificado nas referências)\",MATCH($AE152,INDIRECT(ORÇAMENTO.BancoRef),0))))","v":"(Sem Código)"},{"$f":"ROUND(IF(DESONERACAO=\"sim\",REFERENCIA.Desonerado,REFERENCIA.NaoDesonerado),2)","v":0},0.25290000000000001,null,null,null,null,12808.4,{"$f":"ROUND(ORÇAMENTO.CustoUnitario*(1+$AH152),2)","v":0}]
["S",2,"S",0,{"$f":"IF($C153=1,OFFSET(E153,-1,0)+MAX(1,COUNTIF(QCI!$A$13:$A$36,OFFSET(ORÇAMENTO!E153,-1,0))),OFFSET(E153,-1,0))","v":9},2,0,0,1,0,{"$f":"IF(OR($C153=\"S\",$C153=0),0,MATCH(OFFSET($D153,0,$C153)+IF($C153<>1,1,COUNTIF(QCI!$A$13:$A$36,ORÇAMENTO!E153)),OFFSET($D153,1,$C153,ROW($C$472)-ROW($C153)),0))","v":0},"F","Serviço","Serviço","9.2.0.1.","SINAPI","104611",{"$f":"IF($C153=\"S\",REFERENCIA.Descricao,\"(digite a descrição aqui)\")","v":"REVESTIMENTO CERÂMICO PARA PAREDES INTERNAS COM PLACAS TIPO ESMALTADA DE DIMENSÕES 60X60 CM APLICADAS NA ALTURA INTEIRA DAS PAREDES. AF_02/2023_PE"},{"$f":"REFERENCIA.Unidade","v":"M2"},{"$f":"OFFSET(CÁLCULO!H$15,ROW($T153)-ROW(T$15),0)","v":110},{"$f":"AG153","v":92.94},"BDI 1",{"$f":"IF($C153=\"S\",ROUND(IF(TIPOORCAMENTO=\"Proposto\",ORÇAMENTO.CustoUnitario*(1+$AH153),ORÇAMENTO.PrecoUnitarioLicitado),15-13*$AF$10),0)","v":116.44},{"$f":"IF($C153=\"S\",IF(OR(Import.TipoArredondamento<>\"TransfereGOV\",ACOMPANHAMENTO=\"BM\"),VTOTAL1,SUM(OFFSET(CÁLCULO!$AI$15,ROW($X153)-ROW($X$15),1):OFFSET(CÁLCULO!$BB$15,ROW($X153)-ROW($X$15),-1))),IF($C153=0,0,ROUND(SomaAgrup,15-13*$AF$11)))","v":12808.4},"RA","RA",{"$f":"IF($C153=\"S\",IF($Z153=\"CP\",$X153,IF($Z153=\"RA\",(($X153)*QCI!$AA$3),0)),SomaAgrup)","v":1108.3582893019754},{"$f":"IF($C153=\"S\",IF($Z153=\"OU\",ROUND($X153,2),0),SomaAgrup)","v":0},{"$f":"IF($N153=\"\",\" \",\nIF(AND($C153<>\"S\",OR($R153=\"\",$R153=\"(digite a descrição aqui)\")),\"DESCRIÇÃO\",\nIF(AND($C153=\"S\",OR($Q153<>\"\",$T153>0,$U153>0),$P153=\"\"),\"FONTE\",\nIF(AND($C153=\"S\",$P153<>\"\",OR($T153>0,$U153>0),$Q153=\"\"),\"CÓDIGO\",\nIF(AND($C153=\"S\",$P153<>\"\",$Q153<>\"\",$R153=\"(Código não identificado nas referências)\"),\"CÓDIGO N/ID\",\nIF(AND($C153=\"S\",OR($R153=\"\",$R153=\"(digite a descrição aqui)\"),OR($Q153<>\"\",$T153>0,$U153>0)),\"DESCRIÇÃO\",\nIF(AND($C153=\"S\",$P153<>\"\",$Q153<>\"\",$S153=\"\"),\"UNIDADE\",\nIF(AND($C153=\"S\",$P153<>\"\",$Q153<>\"\",$U153=0),\"SEM CUSTO\",\nIF(AND(TIPOORCAMENTO=\"Licitado\",$AL153=0,$AN153>0),\"SEM PREÇO\",\nIF(AND($C153=\"S\",$P153<>\"\",$Q153<>\"\",$U153>0,AND($V153<>\"BDI 1\",$V153<>\"BDI 2\",$V153<>\"BDI 3\")),IF(ISNUMBER($V153),\"JUSTIFICAR BDI\",\"BDI\"),\nIF(OR(AND(import.recurso=\"OGU\",TIPOORCAMENTO=\"Proposto\",LEFT($O$8,5)<>\"(N/D:\",$AG153<>\"\",ORÇAMENTO.CustoUnitario>$AG153),AND(TIPOORCAMENTO=\"LICITADO\",ORÇAMENTO.PrecoUnitarioLicitado>$AN153)),\"ACIMA REF.\",\nIF(AND($C153=\"S\",$P153<>\"\",$Q153<>\"\",$T153=0,$U153>0),\"QUANT.\",\nIF(AND(Import.TipoArredondamento=\"TransfereGOV\",$L153=\"F\",$C153=\"S\",LEN($Q153)>13),\"Código >13\",\nIF(AND(Import.TipoArredondamento=\"TransfereGOV\",$L153=\"F\",$C153<>\"S\",LEN($R153)>100),\"Descrição >100\",\nIF(AND(Import.TipoArredondamento=\"TransfereGOV\",$L153=\"F\",$C153=\"S\",LEN($R153)>500),\"Descrição >500\",\nIF(AND(Import.TipoArredondamento=\"TransfereGOV\",$L153=\"F\",$C153=\"S\",LEFT(TRIM(UPPER($P153)),6)<>\"SINAPI\",ISNA(VLOOKUP(TRIM(UPPER($S153)),ListaTgov.Unidades,1,FALSE))),\"Unid. Não Disp\",\n\" \"))))))))))))))))","v":" "},{"$f":"IF(C153<=CRONO.NivelExibicao,MAX($AD$15:OFFSET(AD153,-1,0))+IF($C153<>1,1,MAX(1,COUNTIF(QCI!$A$13:$A$36,OFFSET($E153,-1,0)))),\"\")","v":""},{"$f":"IF(AND($C153=\"S\",ORÇAMENTO.CodBarra<>\"\"),IF(ORÇAMENTO.Fonte=\"\",ORÇAMENTO.CodBarra,CONCATENATE(ORÇAMENTO.Fonte,\" \",ORÇAMENTO.CodBarra)))","v":"SINAPI 104611"},{"$f":"IF(ISERROR(ORÇAMENTO.BancoRef),\"(abra o arquivo 'Referência \"&Excel_BuiltIn_Database&\".xlsm)\",IF(OR($C153<>\"S\",ORÇAMENTO.CodBarra=\"\"),\"(Sem Código)\",IF(ISERROR(MATCH($AE153,INDIRECT(ORÇAMENTO.BancoRef),0)),\"(Código não identificado nas referências)\",MATCH($AE153,INDIRECT(ORÇAMENTO.BancoRef),0))))","v":15098},{"$f":"ROUND(IF(DESONERACAO=\"sim\",REFERENCIA.Desonerado,REFERENCIA.NaoDesonerado),2)","v":92.94},0.25290000000000001,null,null,null,null,12808.4,{"$f":"ROUND(ORÇAMENTO.CustoUnitario*(1+$AH153),2)","v":116.44}]
[1,1,1,8,{"$f":"IF($C154=1,OFFSET(E154,-1,0)+MAX(1,COUNTIF(QCI!$A$13:$A$36,OFFSET(ORÇAMENTO!E154,-1,0))),OFFSET(E154,-1,0))","v":10},0,0,0,0,318,{"$f":"IF(OR($C154=\"S\",$C154=0),0,MATCH(OFFSET($D154,0,$C154)+IF($C154<>1,1,COUNTIF(QCI!$A$13:$A$36,ORÇAMENTO!E154)),OFFSET($D154,1,$C154,ROW($C$472)-ROW($C154)),0))","v":8},"F","Meta","Meta","10.","SINAPI",null,{"$f":"IF($C154=\"S\",REFERENCIA.Descricao,\"REVESTIMENTO DE PISO INTERNO\")","v":"REVESTIMENTO DE PISO INTERNO"},{"$f":"REFERENCIA.Unidade","v":"-"},{"$f":"OFFSET(CÁLCULO!H$15,ROW($T154)-ROW(T$15),0)","v":0},null,"BDI 1",{"$f":"IF($C154=\"S\",ROUND(IF(TIPOORCAMENTO=\"Proposto\",ORÇAMENTO.CustoUnitario*(1+$AH154),ORÇAMENTO.PrecoUnitarioLicitado),15-13*$AF$10),0)","v":0},{"$f":"IF($C154=\"S\",IF(OR(Import.TipoArredondamento<>\"TransfereGOV\",ACOMPANHAMENTO=\"BM\"),VTOTAL1,SUM(OFFSET(CÁLCULO!$AI$15,ROW($X154)-ROW($X$15),1):OFFSET(CÁLCULO!$BB$15,ROW($X154)-ROW($X$15),-1))),IF($C154=0,0,ROUND(SomaAgrup,15-13*$AF$11)))","v":107066.62},"RA","",{"$f":"IF($C154=\"S\",IF($Z154=\"CP\",$X154,IF($Z154=\"RA\",(($X154)*QCI!$AA$3),0)),SomaAgrup)","v":9264.8711614678414},{"$f":"IF($C154=\"S\",IF($Z154=\"OU\",ROUND($X154,2),0),SomaAgrup)","v":0},{"$f":"IF($N154=\"\",\" \",\nIF(AND($C154<>\"S\",OR($R154=\"\",$R154=\"(digite a descrição aqui)\")),\"DESCRIÇÃO\",\nIF(AND($C154=\"S\",OR($Q154<>\"\",$T154>0,$U154>0),$P154=\"\"),\"FONTE\",\nIF(AND($C154=\"S\",$P154<>\"\",OR($T154>0,$U154>0),$Q154=\"\"),\"CÓDIGO\",\nIF(AND($C154=\"S\",$P154<>\"\",$Q154<>\"\",$R154=\"(Código não identificado nas referências)\"),\"CÓDIGO N/ID\",\nIF(AND($C154=\"S\",OR($R154=\"\",$R154=\"(digite a descrição aqui)\"),OR($Q154<>\"\",$T154>0,$U154>0)),\"DESCRIÇÃO\",\nIF(AND($C154=\"S\",$P154<>\"\",$Q154<>\"\",$S154=\"\"),\"UNIDADE\",\nIF(AND($C154=\"S\",$P154<>\"\",$Q154<>\"\",$U154=0),\"SEM CUSTO\",\nIF(AND(TIPOORCAMENTO=\"Licitado\",$AL154=0,$AN154>0),\"SEM PREÇO\",\nIF(AND($C154=\"S\",$P154<>\"\",$Q154<>\"\",$U154>0,AND($V154<>\"BDI 1\",$V154<>\"BDI 2\",$V154<>\"BDI 3\")),IF(ISNUMBER($V154),\"JUSTIFICAR BDI\",\"BDI\"),\nIF(OR(AND(import.recurso=\"OGU\",TIPOORCAMENTO=\"Proposto\",LEFT($O$8,5)<>\"(N/D:\",$AG154<>\"\",ORÇAMENTO.CustoUnitario>$AG154),AND(TIPOORCAMENTO=\"LICITADO\",ORÇAMENTO.PrecoUnitarioLicitado>$AN154)),\"ACIMA REF.\",\nIF(AND($C154=\"S\",$P154<>\"\",$Q154<>\"\",$T154=0,$U154>0),\"QUANT.\",\nIF(AND(Import.TipoArredondamento=\"TransfereGOV\",$L154=\"F\",$C154=\"S\",LEN($Q154)>13),\"Código >13\",\nIF(AND(Import.TipoArredondamento=\"TransfereGOV\",$L154=\"F\",$C154<>\"S\",LEN($R154)>100),\"Descrição >100\",\nIF(AND(Import.TipoArredondamento=\"TransfereGOV\",$L154=\"F\",$C154=\"S\",LEN($R154)>500),\"Descrição >500\",\nIF(AND(Import.TipoArredondamento=\"TransfereGOV\",$L154=\"F\",$C154=\"S\",LEFT(TRIM(UPPER($P154)),6)<>\"SINAPI\",ISNA(VLOOKUP(TRIM(UPPER($S154)),ListaTgov.Unidades,1,FALSE))),\"Unid. Não Disp\",\n\" \"))))))))))))))))","v":" "},{"$f":"IF(C154<=CRONO.NivelExibicao,MAX($AD$15:OFFSET(AD154,-1,0))+IF($C154<>1,1,MAX(1,COUNTIF(QCI!$A$13:$A$36,OFFSET($E154,-1,0)))),\"\")","v":31},{"$f":"IF(AND($C154=\"S\",ORÇAMENTO.CodBarra<>\"\"),IF(ORÇAMENTO.Fonte=\"\",ORÇAMENTO.CodBarra,CONCATENATE(ORÇAMENTO.Fonte,\" \",ORÇAMENTO.CodBarra)))","v":false},{"$f":"IF(ISERROR(ORÇAMENTO.BancoRef),\"(abra o arquivo 'Referência \"&Excel_BuiltIn_Database&\".xlsm)\",IF(OR($C154<>\"S\",ORÇAMENTO.CodBarra=\"\"),\"(Sem Código)\",IF(ISERROR(MATCH($AE154,INDIRECT(ORÇAMENTO.BancoRef),0)),\"(Código não identificado nas referências)\",MATCH($AE154,INDIRECT(ORÇAMENTO.BancoRef),0))))","v":"(Sem Código)"},{"$f":"ROUND(IF(DESONERACAO=\"sim\",REFERENCIA.Desonerado,REFERENCIA.NaoDesonerado),2)","v":0},0.25290000000000001,null,null,null,null,107066.62,{"$f":"ROUND(ORÇAMENTO.CustoUnitario*(1+$AH154),2)","v":0}]
[2,2,2,3,{"$f":"IF($C155=1,OFFSET(E155,-1,0)+MAX(1,COUNTIF(QCI!$A$13:$A$36,OFFSET(ORÇAMENTO!E155,-1,0))),OFFSET(E155,-1,0))","v":10},1,0,0,0,7,{"$f":"IF(OR($C155=\"S\",$C155=0),0,MATCH(OFFSET($D155,0,$C155)+IF($C155<>1,1,COUNTIF(QCI!$A$13:$A$36,ORÇAMENTO!E155)),OFFSET($D155,1,$C155,ROW($C$472)-ROW($C155)),0))","v":3},"F","Nível 2","Nível 2","10.1.","SINAPI",null,{"$f":"IF($C155=\"S\",REFERENCIA.Descricao,\"REVESTIMENTO ARGAMASSADO\")","v":"REVESTIMENTO ARGAMASSADO"},{"$f":"REFERENCIA.Unidade","v":"-"},{"$f":"OFFSET(CÁLCULO!H$15,ROW($T155)-ROW(T$15),0)","v":0},null,"BDI 1",{"$f":"IF($C155=\"S\",ROUND(IF(TIPOORCAMENTO=\"Proposto\",ORÇAMENTO.CustoUnitario*(1+$AH155),ORÇAMENTO.PrecoUnitarioLicitado),15-13*$AF$10),0)","v":0},{"$f":"IF($C155=\"S\",IF(OR(Import.TipoArredondamento<>\"TransfereGOV\",ACOMPANHAMENTO=\"BM\"),VTOTAL1,SUM(OFFSET(CÁLCULO!$AI$15,ROW($X155)-ROW($X$15),1):OFFSET(CÁLCULO!$BB$15,ROW($X155)-ROW($X$15),-1))),IF($C155=0,0,ROUND(SomaAgrup,15-13*$AF$11)))","v":62163.519999999997},"RA","",{"$f":"IF($C155=\"S\",IF($Z155=\"CP\",$X155,IF($Z155=\"RA\",(($X155)*QCI!$AA$3),0)),SomaAgrup)","v":5379.2396149549631},{"$f":"IF($C155=\"S\",IF($Z155=\"OU\",ROUND($X155,2),0),SomaAgrup)","v":0},{"$f":"IF($N155=\"\",\" \",\nIF(AND($C155<>\"S\",OR($R155=\"\",$R155=\"(digite a descrição aqui)\")),\"DESCRIÇÃO\",\nIF(AND($C155=\"S\",OR($Q155<>\"\",$T155>0,$U155>0),$P155=\"\"),\"FONTE\",\nIF(AND($C155=\"S\",$P155<>\"\",OR($T155>0,$U155>0),$Q155=\"\"),\"CÓDIGO\",\nIF(AND($C155=\"S\",$P155<>\"\",$Q155<>\"\",$R155=\"(Código não identificado nas referências)\"),\"CÓDIGO N/ID\",\nIF(AND($C155=\"S\",OR($R155=\"\",$R155=\"(digite a descrição aqui)\"),OR($Q155<>\"\",$T155>0,$U155>0)),\"DESCRIÇÃO\",\nIF(AND($C155=\"S\",$P155<>\"\",$Q155<>\"\",$S155=\"\"),\"UNIDADE\",\nIF(AND($C155=\"S\",$P155<>\"\",$Q155<>\"\",$U155=0),\"SEM CUSTO\",\nIF(AND(TIPOORCAMENTO=\"Licitado\",$AL155=0,$AN155>0),\"SEM PREÇO\",\nIF(AND($C155=\"S\",$P155<>\"\",$Q155<>\"\",$U155>0,AND($V155<>\"BDI 1\",$V155<>\"BDI 2\",$V155<>\"BDI 3\")),IF(ISNUMBER($V155),\"JUSTIFICAR BDI\",\"BDI\"),\nIF(OR(AND(import.recurso=\"OGU\",TIPOORCAMENTO=\"Proposto\",LEFT($O$8,5)<>\"(N/D:\",$AG155<>\"\",ORÇAMENTO.CustoUnitario>$AG155),AND(TIPOORCAMENTO=\"LICITADO\",ORÇAMENTO.PrecoUnitarioLicitado>$AN155)),\"ACIMA REF.\",\nIF(AND($C155=\"S\",$P155<>\"\",$Q155<>\"\",$T155=0,$U155>0),\"QUANT.\",\nIF(AND(Import.TipoArredondamento=\"TransfereGOV\",$L155=\"F\",$C155=\"S\",LEN($Q155)>13),\"Código >13\",\nIF(AND(Import.TipoArredondamento=\"TransfereGOV\",$L155=\"F\",$C155<>\"S\",LEN($R155)>100),\"Descrição >100\",\nIF(AND(Import.TipoArredondamento=\"TransfereGOV\",$L155=\"F\",$C155=\"S\",LEN($R155)>500),\"Descrição >500\",\nIF(AND(Import.TipoArredondamento=\"TransfereGOV\",$L155=\"F\",$C155=\"S\",LEFT(TRIM(UPPER($P155)),6)<>\"SINAPI\",ISNA(VLOOKUP(TRIM(UPPER($S155)),ListaTgov.Unidades,1,FALSE))),\"Unid. Não Disp\",\n\" \"))))))))))))))))","v":" "},{"$f":"IF(C155<=CRONO.NivelExibicao,MAX($AD$15:OFFSET(AD155,-1,0))+IF($C155<>1,1,MAX(1,COUNTIF(QCI!$A$13:$A$36,OFFSET($E155,-1,0)))),\"\")","v":32},{"$f":"IF(AND($C155=\"S\",ORÇAMENTO.CodBarra<>\"\"),IF(ORÇAMENTO.Fonte=\"\",ORÇAMENTO.CodBarra,CONCATENATE(ORÇAMENTO.Fonte,\" \",ORÇAMENTO.CodBarra)))","v":false},{"$f":"IF(ISERROR(ORÇAMENTO.BancoRef),\"(abra o arquivo 'Referência \"&Excel_BuiltIn_Database&\".xlsm)\",IF(OR($C155<>\"S\",ORÇAMENTO.CodBarra=\"\"),\"(Sem Código)\",IF(ISERROR(MATCH($AE155,INDIRECT(ORÇAMENTO.BancoRef),0)),\"(Código não identificado nas referências)\",MATCH($AE155,INDIRECT(ORÇAMENTO.BancoRef),0))))","v":"(Sem Código)"},{"$f":"ROUND(IF(DESONERACAO=\"sim\",REFERENCIA.Desonerado,REFERENCIA.NaoDesonerado),2)","v":0},0.25290000000000001,null,null,null,null,62163.519999999997,{"$f":"ROUND(ORÇAMENTO.CustoUnitario*(1+$AH155),2)","v":0}]
["S",2,"S",0,{"$f":"IF($C156=1,OFFSET(E156,-1,0)+MAX(1,COUNTIF(QCI!$A$13:$A$36,OFFSET(ORÇAMENTO!E156,-1,0))),OFFSET(E156,-1,0))","v":10},1,0,0,1,0,{"$f":"IF(OR($C156=\"S\",$C156=0),0,MATCH(OFFSET($D156,0,$C156)+IF($C156<>1,1,COUNTIF(QCI!$A$13:$A$36,ORÇAMENTO!E156)),OFFSET($D156,1,$C156,ROW($C$472)-ROW($C156)),0))","v":0},"F","Serviço","Serviço","10.1.0.1.","SINAPI","94995",{"$f":"IF($C156=\"S\",REFERENCIA.Descricao,\"(digite a descrição aqui)\")","v":"EXECUÇÃO DE PASSEIO (CALÇADA) OU PISO DE CONCRETO COM CONCRETO MOLDADO IN LOCO, USINADO, ACABAMENTO CONVENCIONAL, ESPESSURA 8 CM, ARMADO. AF_08/2022"},{"$f":"REFERENCIA.Unidade","v":"M2"},{"$f":"OFFSET(CÁLCULO!H$15,ROW($T156)-ROW(T$15),0)","v":393.44},{"$f":"AG156","v":92.06},"BDI 1",{"$f":"IF($C156=\"S\",ROUND(IF(TIPOORCAMENTO=\"Proposto\",ORÇAMENTO.CustoUnitario*(1+$AH156),ORÇAMENTO.PrecoUnitarioLicitado),15-13*$AF$10),0)","v":115.34},{"$f":"IF($C156=\"S\",IF(OR(Import.TipoArredondamento<>\"TransfereGOV\",ACOMPANHAMENTO=\"BM\"),VTOTAL1,SUM(OFFSET(CÁLCULO!$AI$15,ROW($X156)-ROW($X$15),1):OFFSET(CÁLCULO!$BB$15,ROW($X156)-ROW($X$15),-1))),IF($C156=0,0,ROUND(SomaAgrup,15-13*$AF$11)))","v":45379.37},"RA","RA",{"$f":"IF($C156=\"S\",IF($Z156=\"CP\",$X156,IF($Z156=\"RA\",(($X156)*QCI!$AA$3),0)),SomaAgrup)","v":3926.8449535306045},{"$f":"IF($C156=\"S\",IF($Z156=\"OU\",ROUND($X156,2),0),SomaAgrup)","v":0},{"$f":"IF($N156=\"\",\" \",\nIF(AND($C156<>\"S\",OR($R156=\"\",$R156=\"(digite a descrição aqui)\")),\"DESCRIÇÃO\",\nIF(AND($C156=\"S\",OR($Q156<>\"\",$T156>0,$U156>0),$P156=\"\"),\"FONTE\",\nIF(AND($C156=\"S\",$P156<>\"\",OR($T156>0,$U156>0),$Q156=\"\"),\"CÓDIGO\",\nIF(AND($C156=\"S\",$P156<>\"\",$Q156<>\"\",$R156=\"(Código não identificado nas referências)\"),\"CÓDIGO N/ID\",\nIF(AND($C156=\"S\",OR($R156=\"\",$R156=\"(digite a descrição aqui)\"),OR($Q156<>\"\",$T156>0,$U156>0)),\"DESCRIÇÃO\",\nIF(AND($C156=\"S\",$P156<>\"\",$Q156<>\"\",$S156=\"\"),\"UNIDADE\",\nIF(AND($C156=\"S\",$P156<>\"\",$Q156<>\"\",$U156=0),\"SEM CUSTO\",\nIF(AND(TIPOORCAMENTO=\"Licitado\",$AL156=0,$AN156>0),\"SEM PREÇO\",\nIF(AND($C156=\"S\",$P156<>\"\",$Q156<>\"\",$U156>0,AND($V156<>\"BDI 1\",$V156<>\"BDI 2\",$V156<>\"BDI 3\")),IF(ISNUMBER($V156),\"JUSTIFICAR BDI\",\"BDI\"),\nIF(OR(AND(import.recurso=\"OGU\",TIPOORCAMENTO=\"Proposto\",LEFT($O$8,5)<>\"(N/D:\",$AG156<>\"\",ORÇAMENTO.CustoUnitario>$AG156),AND(TIPOORCAMENTO=\"LICITADO\",ORÇAMENTO.PrecoUnitarioLicitado>$AN156)),\"ACIMA REF.\",\nIF(AND($C156=\"S\",$P156<>\"\",$Q156<>\"\",$T156=0,$U156>0),\"QUANT.\",\nIF(AND(Import.TipoArredondamento=\"TransfereGOV\",$L156=\"F\",$C156=\"S\",LEN($Q156)>13),\"Código >13\",\nIF(AND(Import.TipoArredondamento=\"TransfereGOV\",$L156=\"F\",$C156<>\"S\",LEN($R156)>100),\"Descrição >100\",\nIF(AND(Import.TipoArredondamento=\"TransfereGOV\",$L156=\"F\",$C156=\"S\",LEN($R156)>500),\"Descrição >500\",\nIF(AND(Import.TipoArredondamento=\"TransfereGOV\",$L156=\"F\",$C156=\"S\",LEFT(TRIM(UPPER($P156)),6)<>\"SINAPI\",ISNA(VLOOKUP(TRIM(UPPER($S156)),ListaTgov.Unidades,1,FALSE))),\"Unid. Não Disp\",\n\" \"))))))))))))))))","v":" "},{"$f":"IF(C156<=CRONO.NivelExibicao,MAX($AD$15:OFFSET(AD156,-1,0))+IF($C156<>1,1,MAX(1,COUNTIF(QCI!$A$13:$A$36,OFFSET($E156,-1,0)))),\"\")","v":""},{"$f":"IF(AND($C156=\"S\",ORÇAMENTO.CodBarra<>\"\"),IF(ORÇAMENTO.Fonte=\"\",ORÇAMENTO.CodBarra,CONCATENATE(ORÇAMENTO.Fonte,\" \",ORÇAMENTO.CodBarra)))","v":"SINAPI 94995"},{"$f":"IF(ISERROR(ORÇAMENTO.BancoRef),\"(abra o arquivo 'Referência \"&Excel_BuiltIn_Database&\".xlsm)\",IF(OR($C156<>\"S\",ORÇAMENTO.CodBarra=\"\"),\"(Sem Código)\",IF(ISERROR(MATCH($AE156,INDIRECT(ORÇAMENTO.BancoRef),0)),\"(Código não identificado nas referências)\",MATCH($AE156,INDIRECT(ORÇAMENTO.BancoRef),0))))","v":13953},{"$f":"ROUND(IF(DESONERACAO=\"sim\",REFERENCIA.Desonerado,REFERENCIA.NaoDesonerado),2)","v":92.06},0.25290000000000001,null,null,null,null,45379.37,{"$f":"ROUND(ORÇAMENTO.CustoUnitario*(1+$AH156),2)","v":115.34}]
["S",2,"S",0,{"$f":"IF($C157=1,OFFSET(E157,-1,0)+MAX(1,COUNTIF(QCI!$A$13:$A$36,OFFSET(ORÇAMENTO!E157,-1,0))),OFFSET(E157,-1,0))","v":10},1,0,0,2,0,{"$f":"IF(OR($C157=\"S\",$C157=0),0,MATCH(OFFSET($D157,0,$C157)+IF($C157<>1,1,COUNTIF(QCI!$A$13:$A$36,ORÇAMENTO!E157)),OFFSET($D157,1,$C157,ROW($C$472)-ROW($C157)),0))","v":0},"F","Serviço","Serviço","10.1.0.2.","Composição","COMP35",{"$f":"IF($C157=\"S\",REFERENCIA.Descricao,\"(digite a descrição aqui)\")","v":"REGULARIZAÇÃO DE BASE PARA REVEST. DE PISOS COM ARG. TRAÇO T4, ESP. MÉDIA = 2,5CM"},{"$f":"REFERENCIA.Unidade","v":"M2"},{"$f":"OFFSET(CÁLCULO!H$15,ROW($T157)-ROW(T$15),0)","v":393.44},{"$f":"AG157","v":34.049999999999997},"BDI 1",{"$f":"IF($C157=\"S\",ROUND(IF(TIPOORCAMENTO=\"Proposto\",ORÇAMENTO.CustoUnitario*(1+$AH157),ORÇAMENTO.PrecoUnitarioLicitado),15-13*$AF$10),0)","v":42.66},{"$f":"IF($C157=\"S\",IF(OR(Import.TipoArredondamento<>\"TransfereGOV\",ACOMPANHAMENTO=\"BM\"),VTOTAL1,SUM(OFFSET(CÁLCULO!$AI$15,ROW($X157)-ROW($X$15),1):OFFSET(CÁLCULO!$BB$15,ROW($X157)-ROW($X$15),-1))),IF($C157=0,0,ROUND(SomaAgrup,15-13*$AF$11)))","v":16784.150000000001},"RA","RA",{"$f":"IF($C157=\"S\",IF($Z157=\"CP\",$X157,IF($Z157=\"RA\",(($X157)*QCI!$AA$3),0)),SomaAgrup)","v":1452.3946614243587},{"$f":"IF($C157=\"S\",IF($Z157=\"OU\",ROUND($X157,2),0),SomaAgrup)","v":0},{"$f":"IF($N157=\"\",\" \",\nIF(AND($C157<>\"S\",OR($R157=\"\",$R157=\"(digite a descrição aqui)\")),\"DESCRIÇÃO\",\nIF(AND($C157=\"S\",OR($Q157<>\"\",$T157>0,$U157>0),$P157=\"\"),\"FONTE\",\nIF(AND($C157=\"S\",$P157<>\"\",OR($T157>0,$U157>0),$Q157=\"\"),\"CÓDIGO\",\nIF(AND($C157=\"S\",$P157<>\"\",$Q157<>\"\",$R157=\"(Código não identificado nas referências)\"),\"CÓDIGO N/ID\",\nIF(AND($C157=\"S\",OR($R157=\"\",$R157=\"(digite a descrição aqui)\"),OR($Q157<>\"\",$T157>0,$U157>0)),\"DESCRIÇÃO\",\nIF(AND($C157=\"S\",$P157<>\"\",$Q157<>\"\",$S157=\"\"),\"UNIDADE\",\nIF(AND($C157=\"S\",$P157<>\"\",$Q157<>\"\",$U157=0),\"SEM CUSTO\",\nIF(AND(TIPOORCAMENTO=\"Licitado\",$AL157=0,$AN157>0),\"SEM PREÇO\",\nIF(AND($C157=\"S\",$P157<>\"\",$Q157<>\"\",$U157>0,AND($V157<>\"BDI 1\",$V157<>\"BDI 2\",$V157<>\"BDI 3\")),IF(ISNUMBER($V157),\"JUSTIFICAR BDI\",\"BDI\"),\nIF(OR(AND(import.recurso=\"OGU\",TIPOORCAMENTO=\"Proposto\",LEFT($O$8,5)<>\"(N/D:\",$AG157<>\"\",ORÇAMENTO.CustoUnitario>$AG157),AND(TIPOORCAMENTO=\"LICITADO\",ORÇAMENTO.PrecoUnitarioLicitado>$AN157)),\"ACIMA REF.\",\nIF(AND($C157=\"S\",$P157<>\"\",$Q157<>\"\",$T157=0,$U157>0),\"QUANT.\",\nIF(AND(Import.TipoArredondamento=\"TransfereGOV\",$L157=\"F\",$C157=\"S\",LEN($Q157)>13),\"Código >13\",\nIF(AND(Import.TipoArredondamento=\"TransfereGOV\",$L157=\"F\",$C157<>\"S\",LEN($R157)>100),\"Descrição >100\",\nIF(AND(Import.TipoArredondamento=\"TransfereGOV\",$L157=\"F\",$C157=\"S\",LEN($R157)>500),\"Descrição >500\",\nIF(AND(Import.TipoArredondamento=\"TransfereGOV\",$L157=\"F\",$C157=\"S\",LEFT(TRIM(UPPER($P157)),6)<>\"SINAPI\",ISNA(VLOOKUP(TRIM(UPPER($S157)),ListaTgov.Unidades,1,FALSE))),\"Unid. Não Disp\",\n\" \"))))))))))))))))","v":" "},{"$f":"IF(C157<=CRONO.NivelExibicao,MAX($AD$15:OFFSET(AD157,-1,0))+IF($C157<>1,1,MAX(1,COUNTIF(QCI!$A$13:$A$36,OFFSET($E157,-1,0)))),\"\")","v":""},{"$f":"IF(AND($C157=\"S\",ORÇAMENTO.CodBarra<>\"\"),IF(ORÇAMENTO.Fonte=\"\",ORÇAMENTO.CodBarra,CONCATENATE(ORÇAMENTO.Fonte,\" \",ORÇAMENTO.CodBarra)))","v":"Composição COMP35"},{"$f":"IF(ISERROR(ORÇAMENTO.BancoRef),\"(abra o arquivo 'Referência \"&Excel_BuiltIn_Database&\".xlsm)\",IF(OR($C157<>\"S\",ORÇAMENTO.CodBarra=\"\"),\"(Sem Código)\",IF(ISERROR(MATCH($AE157,INDIRECT(ORÇAMENTO.BancoRef),0)),\"(Código não identificado nas referências)\",MATCH($AE157,INDIRECT(ORÇAMENTO.BancoRef),0))))","v":37},{"$f":"ROUND(IF(DESONERACAO=\"sim\",REFERENCIA.Desonerado,REFERENCIA.NaoDesonerado),2)","v":34.049999999999997},0.25290000000000001,null,null,null,null,16784.150000000001,{"$f":"ROUND(ORÇAMENTO.CustoUnitario*(1+$AH157),2)","v":42.66}]
[2,2,2,2,{"$f":"IF($C158=1,OFFSET(E158,-1,0)+MAX(1,COUNTIF(QCI!$A$13:$A$36,OFFSET(ORÇAMENTO!E158,-1,0))),OFFSET(E158,-1,0))","v":10},2,0,0,0,4,{"$f":"IF(OR($C158=\"S\",$C158=0),0,MATCH(OFFSET($D158,0,$C158)+IF($C158<>1,1,COUNTIF(QCI!$A$13:$A$36,ORÇAMENTO!E158)),OFFSET($D158,1,$C158,ROW($C$472)-ROW($C158)),0))","v":2},"F","Nível 2","Nível 2","10.2.","SINAPI",null,{"$f":"IF($C158=\"S\",REFERENCIA.Descricao,\"GRANILITE\")","v":"GRANILITE"},{"$f":"REFERENCIA.Unidade","v":"-"},{"$f":"OFFSET(CÁLCULO!H$15,ROW($T158)-ROW(T$15),0)","v":0},null,"BDI 1",{"$f":"IF($C158=\"S\",ROUND(IF(TIPOORCAMENTO=\"Proposto\",ORÇAMENTO.CustoUnitario*(1+$AH158),ORÇAMENTO.PrecoUnitarioLicitado),15-13*$AF$10),0)","v":0},{"$f":"IF($C158=\"S\",IF(OR(Import.TipoArredondamento<>\"TransfereGOV\",ACOMPANHAMENTO=\"BM\"),VTOTAL1,SUM(OFFSET(CÁLCULO!$AI$15,ROW($X158)-ROW($X$15),1):OFFSET(CÁLCULO!$BB$15,ROW($X158)-ROW($X$15),-1))),IF($C158=0,0,ROUND(SomaAgrup,15-13*$AF$11)))","v":38254.17},"RA","",{"$f":"IF($C158=\"S\",IF($Z158=\"CP\",$X158,IF($Z158=\"RA\",(($X158)*QCI!$AA$3),0)),SomaAgrup)","v":3310.2750085777266},{"$f":"IF($C158=\"S\",IF($Z158=\"OU\",ROUND($X158,2),0),SomaAgrup)","v":0},{"$f":"IF($N158=\"\",\" \",\nIF(AND($C158<>\"S\",OR($R158=\"\",$R158=\"(digite a descrição aqui)\")),\"DESCRIÇÃO\",\nIF(AND($C158=\"S\",OR($Q158<>\"\",$T158>0,$U158>0),$P158=\"\"),\"FONTE\",\nIF(AND($C158=\"S\",$P158<>\"\",OR($T158>0,$U158>0),$Q158=\"\"),\"CÓDIGO\",\nIF(AND($C158=\"S\",$P158<>\"\",$Q158<>\"\",$R158=\"(Código não identificado nas referências)\"),\"CÓDIGO N/ID\",\nIF(AND($C158=\"S\",OR($R158=\"\",$R158=\"(digite a descrição aqui)\"),OR($Q158<>\"\",$T158>0,$U158>0)),\"DESCRIÇÃO\",\nIF(AND($C158=\"S\",$P158<>\"\",$Q158<>\"\",$S158=\"\"),\"UNIDADE\",\nIF(AND($C158=\"S\",$P158<>\"\",$Q158<>\"\",$U158=0),\"SEM CUSTO\",\nIF(AND(TIPOORCAMENTO=\"Licitado\",$AL158=0,$AN158>0),\"SEM PREÇO\",\nIF(AND($C158=\"S\",$P158<>\"\",$Q158<>\"\",$U158>0,AND($V158<>\"BDI 1\",$V158<>\"BDI 2\",$V158<>\"BDI 3\")),IF(ISNUMBER($V158),\"JUSTIFICAR BDI\",\"BDI\"),\nIF(OR(AND(import.recurso=\"OGU\",TIPOORCAMENTO=\"Proposto\",LEFT($O$8,5)<>\"(N/D:\",$AG158<>\"\",ORÇAMENTO.CustoUnitario>$AG158),AND(TIPOORCAMENTO=\"LICITADO\",ORÇAMENTO.PrecoUnitarioLicitado>$AN158)),\"ACIMA REF.\",\nIF(AND($C158=\"S\",$P158<>\"\",$Q158<>\"\",$T158=0,$U158>0),\"QUANT.\",\nIF(AND(Import.TipoArredondamento=\"TransfereGOV\",$L158=\"F\",$C158=\"S\",LEN($Q158)>13),\"Código >13\",\nIF(AND(Import.TipoArredondamento=\"TransfereGOV\",$L158=\"F\",$C158<>\"S\",LEN($R158)>100),\"Descrição >100\",\nIF(AND(Import.TipoArredondamento=\"TransfereGOV\",$L158=\"F\",$C158=\"S\",LEN($R158)>500),\"Descrição >500\",\nIF(AND(Import.TipoArredondamento=\"TransfereGOV\",$L158=\"F\",$C158=\"S\",LEFT(TRIM(UPPER($P158)),6)<>\"SINAPI\",ISNA(VLOOKUP(TRIM(UPPER($S158)),ListaTgov.Unidades,1,FALSE))),\"Unid. Não Disp\",\n\" \"))))))))))))))))","v":" "},{"$f":"IF(C158<=CRONO.NivelExibicao,MAX($AD$15:OFFSET(AD158,-1,0))+IF($C158<>1,1,MAX(1,COUNTIF(QCI!$A$13:$A$36,OFFSET($E158,-1,0)))),\"\")","v":33},{"$f":"IF(AND($C158=\"S\",ORÇAMENTO.CodBarra<>\"\"),IF(ORÇAMENTO.Fonte=\"\",ORÇAMENTO.CodBarra,CONCATENATE(ORÇAMENTO.Fonte,\" \",ORÇAMENTO.CodBarra)))","v":false},{"$f":"IF(ISERROR(ORÇAMENTO.BancoRef),\"(abra o arquivo 'Referência \"&Excel_BuiltIn_Database&\".xlsm)\",IF(OR($C158<>\"S\",ORÇAMENTO.CodBarra=\"\"),\"(Sem Código)\",IF(ISERROR(MATCH($AE158,INDIRECT(ORÇAMENTO.BancoRef),0)),\"(Código não identificado nas referências)\",MATCH($AE158,INDIRECT(ORÇAMENTO.BancoRef),0))))","v":"(Sem Código)"},{"$f":"ROUND(IF(DESONERACAO=\"sim\",REFERENCIA.Desonerado,REFERENCIA.NaoDesonerado),2)","v":0},0.25290000000000001,null,null,null,null,38254.17,{"$f":"ROUND(ORÇAMENTO.CustoUnitario*(1+$AH158),2)","v":0}]
["S",2,"S",0,{"$f":"IF($C159=1,OFFSET(E159,-1,0)+MAX(1,COUNTIF(QCI!$A$13:$A$36,OFFSET(ORÇAMENTO!E159,-1,0))),OFFSET(E159,-1,0))","v":10},2,0,0,1,0,{"$f":"IF(OR($C159=\"S\",$C159=0),0,MATCH(OFFSET($D159,0,$C159)+IF($C159<>1,1,COUNTIF(QCI!$A$13:$A$36,ORÇAMENTO!E159)),OFFSET($D159,1,$C159,ROW($C$472)-ROW($C159)),0))","v":0},"F","Serviço","Serviço","10.2.0.1.","Composição","COMP36",{"$f":"IF($C159=\"S\",REFERENCIA.Descricao,\"(digite a descrição aqui)\")","v":"PISO ALTA RESISTENCIA, COLORIDO, E=10MM, APLICADO COM JUNTAS, POLIDO ATÉ O ESMERIL 400 E ENCERADO"},{"$f":"REFERENCIA.Unidade","v":"M2"},{"$f":"OFFSET(CÁLCULO!H$15,ROW($T159)-ROW(T$15),0)","v":393.44},{"$f":"AG159","v":77.599999999999994},"BDI 1",{"$f":"IF($C159=\"S\",ROUND(IF(TIPOORCAMENTO=\"Proposto\",ORÇAMENTO.CustoUnitario*(1+$AH159),ORÇAMENTO.PrecoUnitarioLicitado),15-13*$AF$10),0)","v":97.23},{"$f":"IF($C159=\"S\",IF(OR(Import.TipoArredondamento<>\"TransfereGOV\",ACOMPANHAMENTO=\"BM\"),VTOTAL1,SUM(OFFSET(CÁLCULO!$AI$15,ROW($X159)-ROW($X$15),1):OFFSET(CÁLCULO!$BB$15,ROW($X159)-ROW($X$15),-1))),IF($C159=0,0,ROUND(SomaAgrup,15-13*$AF$11)))","v":38254.17},"RA","RA",{"$f":"IF($C159=\"S\",IF($Z159=\"CP\",$X159,IF($Z159=\"RA\",(($X159)*QCI!$AA$3),0)),SomaAgrup)","v":3310.2750085777266},{"$f":"IF($C159=\"S\",IF($Z159=\"OU\",ROUND($X159,2),0),SomaAgrup)","v":0},{"$f":"IF($N159=\"\",\" \",\nIF(AND($C159<>\"S\",OR($R159=\"\",$R159=\"(digite a descrição aqui)\")),\"DESCRIÇÃO\",\nIF(AND($C159=\"S\",OR($Q159<>\"\",$T159>0,$U159>0),$P159=\"\"),\"FONTE\",\nIF(AND($C159=\"S\",$P159<>\"\",OR($T159>0,$U159>0),$Q159=\"\"),\"CÓDIGO\",\nIF(AND($C159=\"S\",$P159<>\"\",$Q159<>\"\",$R159=\"(Código não identificado nas referências)\"),\"CÓDIGO N/ID\",\nIF(AND($C159=\"S\",OR($R159=\"\",$R159=\"(digite a descrição aqui)\"),OR($Q159<>\"\",$T159>0,$U159>0)),\"DESCRIÇÃO\",\nIF(AND($C159=\"S\",$P159<>\"\",$Q159<>\"\",$S159=\"\"),\"UNIDADE\",\nIF(AND($C159=\"S\",$P159<>\"\",$Q159<>\"\",$U159=0),\"SEM CUSTO\",\nIF(AND(TIPOORCAMENTO=\"Licitado\",$AL159=0,$AN159>0),\"SEM PREÇO\",\nIF(AND($C159=\"S\",$P159<>\"\",$Q159<>\"\",$U159>0,AND($V159<>\"BDI 1\",$V159<>\"BDI 2\",$V159<>\"BDI 3\")),IF(ISNUMBER($V159),\"JUSTIFICAR BDI\",\"BDI\"),\nIF(OR(AND(import.recurso=\"OGU\",TIPOORCAMENTO=\"Proposto\",LEFT($O$8,5)<>\"(N/D:\",$AG159<>\"\",ORÇAMENTO.CustoUnitario>$AG159),AND(TIPOORCAMENTO=\"LICITADO\",ORÇAMENTO.PrecoUnitarioLicitado>$AN159)),\"ACIMA REF.\",\nIF(AND($C159=\"S\",$P159<>\"\",$Q159<>\"\",$T159=0,$U159>0),\"QUANT.\",\nIF(AND(Import.TipoArredondamento=\"TransfereGOV\",$L159=\"F\",$C159=\"S\",LEN($Q159)>13),\"Código >13\",\nIF(AND(Import.TipoArredondamento=\"TransfereGOV\",$L159=\"F\",$C159<>\"S\",LEN($R159)>100),\"Descrição >100\",\nIF(AND(Import.TipoArredondamento=\"TransfereGOV\",$L159=\"F\",$C159=\"S\",LEN($R159)>500),\"Descrição >500\",\nIF(AND(Import.TipoArredondamento=\"TransfereGOV\",$L159=\"F\",$C159=\"S\",LEFT(TRIM(UPPER($P159)),6)<>\"SINAPI\",ISNA(VLOOKUP(TRIM(UPPER($S159)),ListaTgov.Unidades,1,FALSE))),\"Unid. Não Disp\",\n\" \"))))))))))))))))","v":" "},{"$f":"IF(C159<=CRONO.NivelExibicao,MAX($AD$15:OFFSET(AD159,-1,0))+IF($C159<>1,1,MAX(1,COUNTIF(QCI!$A$13:$A$36,OFFSET($E159,-1,0)))),\"\")","v":""},{"$f":"IF(AND($C159=\"S\",ORÇAMENTO.CodBarra<>\"\"),IF(ORÇAMENTO.Fonte=\"\",ORÇAMENTO.CodBarra,CONCATENATE(ORÇAMENTO.Fonte,\" \",ORÇAMENTO.CodBarra)))","v":"Composição COMP36"},{"$f":"IF(ISERROR(ORÇAMENTO.BancoRef),\"(abra o arquivo 'Referência \"&Excel_BuiltIn_Database&\".xlsm)\",IF(OR($C159<>\"S\",ORÇAMENTO.CodBarra=\"\"),\"(Sem Código)\",IF(ISERROR(MATCH($AE159,INDIRECT(ORÇAMENTO.BancoRef),0)),\"(Código não identificado nas referências)\",MATCH($AE159,INDIRECT(ORÇAMENTO.BancoRef),0))))","v":38},{"$f":"ROUND(IF(DESONERACAO=\"sim\",REFERENCIA.Desonerado,REFERENCIA.NaoDesonerado),2)","v":77.599999999999994},0.25290000000000001,null,null,null,null,38254.17,{"$f":"ROUND(ORÇAMENTO.CustoUnitario*(1+$AH159),2)","v":97.23}]
[2,2,2,2,{"$f":"IF($C160=1,OFFSET(E160,-1,0)+MAX(1,COUNTIF(QCI!$A$13:$A$36,OFFSET(ORÇAMENTO!E160,-1,0))),OFFSET(E160,-1,0))","v":10},3,0,0,0,2,{"$f":"IF(OR($C160=\"S\",$C160=0),0,MATCH(OFFSET($D160,0,$C160)+IF($C160<>1,1,COUNTIF(QCI!$A$13:$A$36,ORÇAMENTO!E160)),OFFSET($D160,1,$C160,ROW($C$472)-ROW($C160)),0))","v":155},"F","Nível 2","Nível 2","10.3.","SINAPI",null,{"$f":"IF($C160=\"S\",REFERENCIA.Descricao,\"RODAPÉ\")","v":"RODAPÉ"},{"$f":"REFERENCIA.Unidade","v":"-"},{"$f":"OFFSET(CÁLCULO!H$15,ROW($T160)-ROW(T$15),0)","v":0},null,"BDI 1",{"$f":"IF($C160=\"S\",ROUND(IF(TIPOORCAMENTO=\"Proposto\",ORÇAMENTO.CustoUnitario*(1+$AH160),ORÇAMENTO.PrecoUnitarioLicitado),15-13*$AF$10),0)","v":0},{"$f":"IF($C160=\"S\",IF(OR(Import.TipoArredondamento<>\"TransfereGOV\",ACOMPANHAMENTO=\"BM\"),VTOTAL1,SUM(OFFSET(CÁLCULO!$AI$15,ROW($X160)-ROW($X$15),1):OFFSET(CÁLCULO!$BB$15,ROW($X160)-ROW($X$15),-1))),IF($C160=0,0,ROUND(SomaAgrup,15-13*$AF$11)))","v":6648.93},"RA","",{"$f":"IF($C160=\"S\",IF($Z160=\"CP\",$X160,IF($Z160=\"RA\",(($X160)*QCI!$AA$3),0)),SomaAgrup)","v":575.35653793515075},{"$f":"IF($C160=\"S\",IF($Z160=\"OU\",ROUND($X160,2),0),SomaAgrup)","v":0},{"$f":"IF($N160=\"\",\" \",\nIF(AND($C160<>\"S\",OR($R160=\"\",$R160=\"(digite a descrição aqui)\")),\"DESCRIÇÃO\",\nIF(AND($C160=\"S\",OR($Q160<>\"\",$T160>0,$U160>0),$P160=\"\"),\"FONTE\",\nIF(AND($C160=\"S\",$P160<>\"\",OR($T160>0,$U160>0),$Q160=\"\"),\"CÓDIGO\",\nIF(AND($C160=\"S\",$P160<>\"\",$Q160<>\"\",$R160=\"(Código não identificado nas referências)\"),\"CÓDIGO N/ID\",\nIF(AND($C160=\"S\",OR($R160=\"\",$R160=\"(digite a descrição aqui)\"),OR($Q160<>\"\",$T160>0,$U160>0)),\"DESCRIÇÃO\",\nIF(AND($C160=\"S\",$P160<>\"\",$Q160<>\"\",$S160=\"\"),\"UNIDADE\",\nIF(AND($C160=\"S\",$P160<>\"\",$Q160<>\"\",$U160=0),\"SEM CUSTO\",\nIF(AND(TIPOORCAMENTO=\"Licitado\",$AL160=0,$AN160>0),\"SEM PREÇO\",\nIF(AND($C160=\"S\",$P160<>\"\",$Q160<>\"\",$U160>0,AND($V160<>\"BDI 1\",$V160<>\"BDI 2\",$V160<>\"BDI 3\")),IF(ISNUMBER($V160),\"JUSTIFICAR BDI\",\"BDI\"),\nIF(OR(AND(import.recurso=\"OGU\",TIPOORCAMENTO=\"Proposto\",LEFT($O$8,5)<>\"(N/D:\",$AG160<>\"\",ORÇAMENTO.CustoUnitario>$AG160),AND(TIPOORCAMENTO=\"LICITADO\",ORÇAMENTO.PrecoUnitarioLicitado>$AN160)),\"ACIMA REF.\",\nIF(AND($C160=\"S\",$P160<>\"\",$Q160<>\"\",$T160=0,$U160>0),\"QUANT.\",\nIF(AND(Import.TipoArredondamento=\"TransfereGOV\",$L160=\"F\",$C160=\"S\",LEN($Q160)>13),\"Código >13\",\nIF(AND(Import.TipoArredondamento=\"TransfereGOV\",$L160=\"F\",$C160<>\"S\",LEN($R160)>100),\"Descrição >100\",\nIF(AND(Import.TipoArredondamento=\"TransfereGOV\",$L160=\"F\",$C160=\"S\",LEN($R160)>500),\"Descrição >500\",\nIF(AND(Import.TipoArredondamento=\"TransfereGOV\",$L160=\"F\",$C160=\"S\",LEFT(TRIM(UPPER($P160)),6)<>\"SINAPI\",ISNA(VLOOKUP(TRIM(UPPER($S160)),ListaTgov.Unidades,1,FALSE))),\"Unid. Não Disp\",\n\" \"))))))))))))))))","v":" "},{"$f":"IF(C160<=CRONO.NivelExibicao,MAX($AD$15:OFFSET(AD160,-1,0))+IF($C160<>1,1,MAX(1,COUNTIF(QCI!$A$13:$A$36,OFFSET($E160,-1,0)))),\"\")","v":34},{"$f":"IF(AND($C160=\"S\",ORÇAMENTO.CodBarra<>\"\"),IF(ORÇAMENTO.Fonte=\"\",ORÇAMENTO.CodBarra,CONCATENATE(ORÇAMENTO.Fonte,\" \",ORÇAMENTO.CodBarra)))","v":false},{"$f":"IF(ISERROR(ORÇAMENTO.BancoRef),\"(abra o arquivo 'Referência \"&Excel_BuiltIn_Database&\".xlsm)\",IF(OR($C160<>\"S\",ORÇAMENTO.CodBarra=\"\"),\"(Sem Código)\",IF(ISERROR(MATCH($AE160,INDIRECT(ORÇAMENTO.BancoRef),0)),\"(Código não identificado nas referências)\",MATCH($AE160,INDIRECT(ORÇAMENTO.BancoRef),0))))","v":"(Sem Código)"},{"$f":"ROUND(IF(DESONERACAO=\"sim\",REFERENCIA.Desonerado,REFERENCIA.NaoDesonerado),2)","v":0},0.25290000000000001,null,null,null,null,6648.93,{"$f":"ROUND(ORÇAMENTO.CustoUnitario*(1+$AH160),2)","v":0}]
["S",2,"S",0,{"$f":"IF($C161=1,OFFSET(E161,-1,0)+MAX(1,COUNTIF(QCI!$A$13:$A$36,OFFSET(ORÇAMENTO!E161,-1,0))),OFFSET(E161,-1,0))","v":10},3,0,0,1,0,{"$f":"IF(OR($C161=\"S\",$C161=0),0,MATCH(OFFSET($D161,0,$C161)+IF($C161<>1,1,COUNTIF(QCI!$A$13:$A$36,ORÇAMENTO!E161)),OFFSET($D161,1,$C161,ROW($C$472)-ROW($C161)),0))","v":0},"F","Serviço","Serviço","10.3.0.1.","Composição","COMP37",{"$f":"IF($C161=\"S\",REFERENCIA.Descricao,\"(digite a descrição aqui)\")","v":"RODAPÉ ALTA RESISTÊNCIA, H = 10 CM, MEIA-CANA"},{"$f":"REFERENCIA.Unidade","v":"M"},{"$f":"OFFSET(CÁLCULO!H$15,ROW($T161)-ROW(T$15),0)","v":260.64},{"$f":"AG161","v":20.36},"BDI 1",{"$f":"IF($C161=\"S\",ROUND(IF(TIPOORCAMENTO=\"Proposto\",ORÇAMENTO.CustoUnitario*(1+$AH161),ORÇAMENTO.PrecoUnitarioLicitado),15-13*$AF$10),0)","v":25.51},{"$f":"IF($C161=\"S\",IF(OR(Import.TipoArredondamento<>\"TransfereGOV\",ACOMPANHAMENTO=\"BM\"),VTOTAL1,SUM(OFFSET(CÁLCULO!$AI$15,ROW($X161)-ROW($X$15),1):OFFSET(CÁLCULO!$BB$15,ROW($X161)-ROW($X$15),-1))),IF($C161=0,0,ROUND(SomaAgrup,15-13*$AF$11)))","v":6648.93},"RA","RA",{"$f":"IF($C161=\"S\",IF($Z161=\"CP\",$X161,IF($Z161=\"RA\",(($X161)*QCI!$AA$3),0)),SomaAgrup)","v":575.35653793515075},{"$f":"IF($C161=\"S\",IF($Z161=\"OU\",ROUND($X161,2),0),SomaAgrup)","v":0},{"$f":"IF($N161=\"\",\" \",\nIF(AND($C161<>\"S\",OR($R161=\"\",$R161=\"(digite a descrição aqui)\")),\"DESCRIÇÃO\",\nIF(AND($C161=\"S\",OR($Q161<>\"\",$T161>0,$U161>0),$P161=\"\"),\"FONTE\",\nIF(AND($C161=\"S\",$P161<>\"\",OR($T161>0,$U161>0),$Q161=\"\"),\"CÓDIGO\",\nIF(AND($C161=\"S\",$P161<>\"\",$Q161<>\"\",$R161=\"(Código não identificado nas referências)\"),\"CÓDIGO N/ID\",\nIF(AND($C161=\"S\",OR($R161=\"\",$R161=\"(digite a descrição aqui)\"),OR($Q161<>\"\",$T161>0,$U161>0)),\"DESCRIÇÃO\",\nIF(AND($C161=\"S\",$P161<>\"\",$Q161<>\"\",$S161=\"\"),\"UNIDADE\",\nIF(AND($C161=\"S\",$P161<>\"\",$Q161<>\"\",$U161=0),\"SEM CUSTO\",\nIF(AND(TIPOORCAMENTO=\"Licitado\",$AL161=0,$AN161>0),\"SEM PREÇO\",\nIF(AND($C161=\"S\",$P161<>\"\",$Q161<>\"\",$U161>0,AND($V161<>\"BDI 1\",$V161<>\"BDI 2\",$V161<>\"BDI 3\")),IF(ISNUMBER($V161),\"JUSTIFICAR BDI\",\"BDI\"),\nIF(OR(AND(import.recurso=\"OGU\",TIPOORCAMENTO=\"Proposto\",LEFT($O$8,5)<>\"(N/D:\",$AG161<>\"\",ORÇAMENTO.CustoUnitario>$AG161),AND(TIPOORCAMENTO=\"LICITADO\",ORÇAMENTO.PrecoUnitarioLicitado>$AN161)),\"ACIMA REF.\",\nIF(AND($C161=\"S\",$P161<>\"\",$Q161<>\"\",$T161=0,$U161>0),\"QUANT.\",\nIF(AND(Import.TipoArredondamento=\"TransfereGOV\",$L161=\"F\",$C161=\"S\",LEN($Q161)>13),\"Código >13\",\nIF(AND(Import.TipoArredondamento=\"TransfereGOV\",$L161=\"F\",$C161<>\"S\",LEN($R161)>100),\"Descrição >100\",\nIF(AND(Import.TipoArredondamento=\"TransfereGOV\",$L161=\"F\",$C161=\"S\",LEN($R161)>500),\"Descrição >500\",\nIF(AND(Import.TipoArredondamento=\"TransfereGOV\",$L161=\"F\",$C161=\"S\",LEFT(TRIM(UPPER($P161)),6)<>\"SINAPI\",ISNA(VLOOKUP(TRIM(UPPER($S161)),ListaTgov.Unidades,1,FALSE))),\"Unid. Não Disp\",\n\" \"))))))))))))))))","v":" "},{"$f":"IF(C161<=CRONO.NivelExibicao,MAX($AD$15:OFFSET(AD161,-1,0))+IF($C161<>1,1,MAX(1,COUNTIF(QCI!$A$13:$A$36,OFFSET($E161,-1,0)))),\"\")","v":""},{"$f":"IF(AND($C161=\"S\",ORÇAMENTO.CodBarra<>\"\"),IF(ORÇAMENTO.Fonte=\"\",ORÇAMENTO.CodBarra,CONCATENATE(ORÇAMENTO.Fonte,\" \",ORÇAMENTO.CodBarra)))","v":"Composição COMP37"},{"$f":"IF(ISERROR(ORÇAMENTO.BancoRef),\"(abra o arquivo 'Referência \"&Excel_BuiltIn_Database&\".xlsm)\",IF(OR($C161<>\"S\",ORÇAMENTO.CodBarra=\"\"),\"(Sem Código)\",IF(ISERROR(MATCH($AE161,INDIRECT(ORÇAMENTO.BancoRef),0)),\"(Código não identificado nas referências)\",MATCH($AE161,INDIRECT(ORÇAMENTO.BancoRef),0))))","v":39},{"$f":"ROUND(IF(DESONERACAO=\"sim\",REFERENCIA.Desonerado,REFERENCIA.NaoDesonerado),2)","v":20.36},0.25290000000000001,null,null,null,null,6648.93,{"$f":"ROUND(ORÇAMENTO.CustoUnitario*(1+$AH161),2)","v":25.51}]
[1,1,1,3,{"$f":"IF($C162=1,OFFSET(E162,-1,0)+MAX(1,COUNTIF(QCI!$A$13:$A$36,OFFSET(ORÇAMENTO!E162,-1,0))),OFFSET(E162,-1,0))","v":11},0,0,0,0,310,{"$f":"IF(OR($C162=\"S\",$C162=0),0,MATCH(OFFSET($D162,0,$C162)+IF($C162<>1,1,COUNTIF(QCI!$A$13:$A$36,ORÇAMENTO!E162)),OFFSET($D162,1,$C162,ROW($C$472)-ROW($C162)),0))","v":3},"F","Meta","Meta","11.","SINAPI",null,{"$f":"IF($C162=\"S\",REFERENCIA.Descricao,\"REVESTIMENTO DE PISO EXTERNO\")","v":"REVESTIMENTO DE PISO EXTERNO"},{"$f":"REFERENCIA.Unidade","v":"-"},{"$f":"OFFSET(CÁLCULO!H$15,ROW($T162)-ROW(T$15),0)","v":0},null,"BDI 1",{"$f":"IF($C162=\"S\",ROUND(IF(TIPOORCAMENTO=\"Proposto\",ORÇAMENTO.CustoUnitario*(1+$AH162),ORÇAMENTO.PrecoUnitarioLicitado),15-13*$AF$10),0)","v":0},{"$f":"IF($C162=\"S\",IF(OR(Import.TipoArredondamento<>\"TransfereGOV\",ACOMPANHAMENTO=\"BM\"),VTOTAL1,SUM(OFFSET(CÁLCULO!$AI$15,ROW($X162)-ROW($X$15),1):OFFSET(CÁLCULO!$BB$15,ROW($X162)-ROW($X$15),-1))),IF($C162=0,0,ROUND(SomaAgrup,15-13*$AF$11)))","v":18912.3},"RA","",{"$f":"IF($C162=\"S\",IF($Z162=\"CP\",$X162,IF($Z162=\"RA\",(($X162)*QCI!$AA$3),0)),SomaAgrup)","v":1636.5513627592636},{"$f":"IF($C162=\"S\",IF($Z162=\"OU\",ROUND($X162,2),0),SomaAgrup)","v":0},{"$f":"IF($N162=\"\",\" \",\nIF(AND($C162<>\"S\",OR($R162=\"\",$R162=\"(digite a descrição aqui)\")),\"DESCRIÇÃO\",\nIF(AND($C162=\"S\",OR($Q162<>\"\",$T162>0,$U162>0),$P162=\"\"),\"FONTE\",\nIF(AND($C162=\"S\",$P162<>\"\",OR($T162>0,$U162>0),$Q162=\"\"),\"CÓDIGO\",\nIF(AND($C162=\"S\",$P162<>\"\",$Q162<>\"\",$R162=\"(Código não identificado nas referências)\"),\"CÓDIGO N/ID\",\nIF(AND($C162=\"S\",OR($R162=\"\",$R162=\"(digite a descrição aqui)\"),OR($Q162<>\"\",$T162>0,$U162>0)),\"DESCRIÇÃO\",\nIF(AND($C162=\"S\",$P162<>\"\",$Q162<>\"\",$S162=\"\"),\"UNIDADE\",\nIF(AND($C162=\"S\",$P162<>\"\",$Q162<>\"\",$U162=0),\"SEM CUSTO\",\nIF(AND(TIPOORCAMENTO=\"Licitado\",$AL162=0,$AN162>0),\"SEM PREÇO\",\nIF(AND($C162=\"S\",$P162<>\"\",$Q162<>\"\",$U162>0,AND($V162<>\"BDI 1\",$V162<>\"BDI 2\",$V162<>\"BDI 3\")),IF(ISNUMBER($V162),\"JUSTIFICAR BDI\",\"BDI\"),\nIF(OR(AND(import.recurso=\"OGU\",TIPOORCAMENTO=\"Proposto\",LEFT($O$8,5)<>\"(N/D:\",$AG162<>\"\",ORÇAMENTO.CustoUnitario>$AG162),AND(TIPOORCAMENTO=\"LICITADO\",ORÇAMENTO.PrecoUnitarioLicitado>$AN162)),\"ACIMA REF.\",\nIF(AND($C162=\"S\",$P162<>\"\",$Q162<>\"\",$T162=0,$U162>0),\"QUANT.\",\nIF(AND(Import.TipoArredondamento=\"TransfereGOV\",$L162=\"F\",$C162=\"S\",LEN($Q162)>13),\"Código >13\",\nIF(AND(Import.TipoArredondamento=\"TransfereGOV\",$L162=\"F\",$C162<>\"S\",LEN($R162)>100),\"Descrição >100\",\nIF(AND(Import.TipoArredondamento=\"TransfereGOV\",$L162=\"F\",$C162=\"S\",LEN($R162)>500),\"Descrição >500\",\nIF(AND(Import.TipoArredondamento=\"TransfereGOV\",$L162=\"F\",$C162=\"S\",LEFT(TRIM(UPPER($P162)),6)<>\"SINAPI\",ISNA(VLOOKUP(TRIM(UPPER($S162)),ListaTgov.Unidades,1,FALSE))),\"Unid. Não Disp\",\n\" \"))))))))))))))))","v":" "},{"$f":"IF(C162<=CRONO.NivelExibicao,MAX($AD$15:OFFSET(AD162,-1,0))+IF($C162<>1,1,MAX(1,COUNTIF(QCI!$A$13:$A$36,OFFSET($E162,-1,0)))),\"\")","v":35},{"$f":"IF(AND($C162=\"S\",ORÇAMENTO.CodBarra<>\"\"),IF(ORÇAMENTO.Fonte=\"\",ORÇAMENTO.CodBarra,CONCATENATE(ORÇAMENTO.Fonte,\" \",ORÇAMENTO.CodBarra)))","v":false},{"$f":"IF(ISERROR(ORÇAMENTO.BancoRef),\"(abra o arquivo 'Referência \"&Excel_BuiltIn_Database&\".xlsm)\",IF(OR($C162<>\"S\",ORÇAMENTO.CodBarra=\"\"),\"(Sem Código)\",IF(ISERROR(MATCH($AE162,INDIRECT(ORÇAMENTO.BancoRef),0)),\"(Código não identificado nas referências)\",MATCH($AE162,INDIRECT(ORÇAMENTO.BancoRef),0))))","v":"(Sem Código)"},{"$f":"ROUND(IF(DESONERACAO=\"sim\",REFERENCIA.Desonerado,REFERENCIA.NaoDesonerado),2)","v":0},0.25290000000000001,null,null,null,null,18912.3,{"$f":"ROUND(ORÇAMENTO.CustoUnitario*(1+$AH162),2)","v":0}]
[2,2,2,2,{"$f":"IF($C163=1,OFFSET(E163,-1,0)+MAX(1,COUNTIF(QCI!$A$13:$A$36,OFFSET(ORÇAMENTO!E163,-1,0))),OFFSET(E163,-1,0))","v":11},1,0,0,0,2,{"$f":"IF(OR($C163=\"S\",$C163=0),0,MATCH(OFFSET($D163,0,$C163)+IF($C163<>1,1,COUNTIF(QCI!$A$13:$A$36,ORÇAMENTO!E163)),OFFSET($D163,1,$C163,ROW($C$472)-ROW($C163)),0))","v":6},"F","Nível 2","Nível 2","11.1.","SINAPI",null,{"$f":"IF($C163=\"S\",REFERENCIA.Descricao,\"REVESTIMENTO ARGAMASSADO\")","v":"REVESTIMENTO ARGAMASSADO"},{"$f":"REFERENCIA.Unidade","v":"-"},{"$f":"OFFSET(CÁLCULO!H$15,ROW($T163)-ROW(T$15),0)","v":0},null,"BDI 1",{"$f":"IF($C163=\"S\",ROUND(IF(TIPOORCAMENTO=\"Proposto\",ORÇAMENTO.CustoUnitario*(1+$AH163),ORÇAMENTO.PrecoUnitarioLicitado),15-13*$AF$10),0)","v":0},{"$f":"IF($C163=\"S\",IF(OR(Import.TipoArredondamento<>\"TransfereGOV\",ACOMPANHAMENTO=\"BM\"),VTOTAL1,SUM(OFFSET(CÁLCULO!$AI$15,ROW($X163)-ROW($X$15),1):OFFSET(CÁLCULO!$BB$15,ROW($X163)-ROW($X$15),-1))),IF($C163=0,0,ROUND(SomaAgrup,15-13*$AF$11)))","v":18912.3},"RA","",{"$f":"IF($C163=\"S\",IF($Z163=\"CP\",$X163,IF($Z163=\"RA\",(($X163)*QCI!$AA$3),0)),SomaAgrup)","v":1636.5513627592636},{"$f":"IF($C163=\"S\",IF($Z163=\"OU\",ROUND($X163,2),0),SomaAgrup)","v":0},{"$f":"IF($N163=\"\",\" \",\nIF(AND($C163<>\"S\",OR($R163=\"\",$R163=\"(digite a descrição aqui)\")),\"DESCRIÇÃO\",\nIF(AND($C163=\"S\",OR($Q163<>\"\",$T163>0,$U163>0),$P163=\"\"),\"FONTE\",\nIF(AND($C163=\"S\",$P163<>\"\",OR($T163>0,$U163>0),$Q163=\"\"),\"CÓDIGO\",\nIF(AND($C163=\"S\",$P163<>\"\",$Q163<>\"\",$R163=\"(Código não identificado nas referências)\"),\"CÓDIGO N/ID\",\nIF(AND($C163=\"S\",OR($R163=\"\",$R163=\"(digite a descrição aqui)\"),OR($Q163<>\"\",$T163>0,$U163>0)),\"DESCRIÇÃO\",\nIF(AND($C163=\"S\",$P163<>\"\",$Q163<>\"\",$S163=\"\"),\"UNIDADE\",\nIF(AND($C163=\"S\",$P163<>\"\",$Q163<>\"\",$U163=0),\"SEM CUSTO\",\nIF(AND(TIPOORCAMENTO=\"Licitado\",$AL163=0,$AN163>0),\"SEM PREÇO\",\nIF(AND($C163=\"S\",$P163<>\"\",$Q163<>\"\",$U163>0,AND($V163<>\"BDI 1\",$V163<>\"BDI 2\",$V163<>\"BDI 3\")),IF(ISNUMBER($V163),\"JUSTIFICAR BDI\",\"BDI\"),\nIF(OR(AND(import.recurso=\"OGU\",TIPOORCAMENTO=\"Proposto\",LEFT($O$8,5)<>\"(N/D:\",$AG163<>\"\",ORÇAMENTO.CustoUnitario>$AG163),AND(TIPOORCAMENTO=\"LICITADO\",ORÇAMENTO.PrecoUnitarioLicitado>$AN163)),\"ACIMA REF.\",\nIF(AND($C163=\"S\",$P163<>\"\",$Q163<>\"\",$T163=0,$U163>0),\"QUANT.\",\nIF(AND(Import.TipoArredondamento=\"TransfereGOV\",$L163=\"F\",$C163=\"S\",LEN($Q163)>13),\"Código >13\",\nIF(AND(Import.TipoArredondamento=\"TransfereGOV\",$L163=\"F\",$C163<>\"S\",LEN($R163)>100),\"Descrição >100\",\nIF(AND(Import.TipoArredondamento=\"TransfereGOV\",$L163=\"F\",$C163=\"S\",LEN($R163)>500),\"Descrição >500\",\nIF(AND(Import.TipoArredondamento=\"TransfereGOV\",$L163=\"F\",$C163=\"S\",LEFT(TRIM(UPPER($P163)),6)<>\"SINAPI\",ISNA(VLOOKUP(TRIM(UPPER($S163)),ListaTgov.Unidades,1,FALSE))),\"Unid. Não Disp\",\n\" \"))))))))))))))))","v":" "},{"$f":"IF(C163<=CRONO.NivelExibicao,MAX($AD$15:OFFSET(AD163,-1,0))+IF($C163<>1,1,MAX(1,COUNTIF(QCI!$A$13:$A$36,OFFSET($E163,-1,0)))),\"\")","v":36},{"$f":"IF(AND($C163=\"S\",ORÇAMENTO.CodBarra<>\"\"),IF(ORÇAMENTO.Fonte=\"\",ORÇAMENTO.CodBarra,CONCATENATE(ORÇAMENTO.Fonte,\" \",ORÇAMENTO.CodBarra)))","v":false},{"$f":"IF(ISERROR(ORÇAMENTO.BancoRef),\"(abra o arquivo 'Referência \"&Excel_BuiltIn_Database&\".xlsm)\",IF(OR($C163<>\"S\",ORÇAMENTO.CodBarra=\"\"),\"(Sem Código)\",IF(ISERROR(MATCH($AE163,INDIRECT(ORÇAMENTO.BancoRef),0)),\"(Código não identificado nas referências)\",MATCH($AE163,INDIRECT(ORÇAMENTO.BancoRef),0))))","v":"(Sem Código)"},{"$f":"ROUND(IF(DESONERACAO=\"sim\",REFERENCIA.Desonerado,REFERENCIA.NaoDesonerado),2)","v":0},0.25290000000000001,null,null,null,null,18912.3,{"$f":"ROUND(ORÇAMENTO.CustoUnitario*(1+$AH163),2)","v":0}]
["S",2,"S",0,{"$f":"IF($C164=1,OFFSET(E164,-1,0)+MAX(1,COUNTIF(QCI!$A$13:$A$36,OFFSET(ORÇAMENTO!E164,-1,0))),OFFSET(E164,-1,0))","v":11},1,0,0,1,0,{"$f":"IF(OR($C164=\"S\",$C164=0),0,MATCH(OFFSET($D164,0,$C164)+IF($C164<>1,1,COUNTIF(QCI!$A$13:$A$36,ORÇAMENTO!E164)),OFFSET($D164,1,$C164,ROW($C$472)-ROW($C164)),0))","v":0},"F","Serviço","Serviço","11.1.0.1.","SINAPI","94995",{"$f":"IF($C164=\"S\",REFERENCIA.Descricao,\"(digite a descrição aqui)\")","v":"EXECUÇÃO DE PASSEIO (CALÇADA) OU PISO DE CONCRETO COM CONCRETO MOLDADO IN LOCO, USINADO, ACABAMENTO CONVENCIONAL, ESPESSURA 8 CM, ARMADO. AF_08/2022"},{"$f":"REFERENCIA.Unidade","v":"M2"},{"$f":"OFFSET(CÁLCULO!H$15,ROW($T164)-ROW(T$15),0)","v":163.97},{"$f":"AG164","v":92.06},"BDI 1",{"$f":"IF($C164=\"S\",ROUND(IF(TIPOORCAMENTO=\"Proposto\",ORÇAMENTO.CustoUnitario*(1+$AH164),ORÇAMENTO.PrecoUnitarioLicitado),15-13*$AF$10),0)","v":115.34},{"$f":"IF($C164=\"S\",IF(OR(Import.TipoArredondamento<>\"TransfereGOV\",ACOMPANHAMENTO=\"BM\"),VTOTAL1,SUM(OFFSET(CÁLCULO!$AI$15,ROW($X164)-ROW($X$15),1):OFFSET(CÁLCULO!$BB$15,ROW($X164)-ROW($X$15),-1))),IF($C164=0,0,ROUND(SomaAgrup,15-13*$AF$11)))","v":18912.3},"RA","RA",{"$f":"IF($C164=\"S\",IF($Z164=\"CP\",$X164,IF($Z164=\"RA\",(($X164)*QCI!$AA$3),0)),SomaAgrup)","v":1636.5513627592636},{"$f":"IF($C164=\"S\",IF($Z164=\"OU\",ROUND($X164,2),0),SomaAgrup)","v":0},{"$f":"IF($N164=\"\",\" \",\nIF(AND($C164<>\"S\",OR($R164=\"\",$R164=\"(digite a descrição aqui)\")),\"DESCRIÇÃO\",\nIF(AND($C164=\"S\",OR($Q164<>\"\",$T164>0,$U164>0),$P164=\"\"),\"FONTE\",\nIF(AND($C164=\"S\",$P164<>\"\",OR($T164>0,$U164>0),$Q164=\"\"),\"CÓDIGO\",\nIF(AND($C164=\"S\",$P164<>\"\",$Q164<>\"\",$R164=\"(Código não identificado nas referências)\"),\"CÓDIGO N/ID\",\nIF(AND($C164=\"S\",OR($R164=\"\",$R164=\"(digite a descrição aqui)\"),OR($Q164<>\"\",$T164>0,$U164>0)),\"DESCRIÇÃO\",\nIF(AND($C164=\"S\",$P164<>\"\",$Q164<>\"\",$S164=\"\"),\"UNIDADE\",\nIF(AND($C164=\"S\",$P164<>\"\",$Q164<>\"\",$U164=0),\"SEM CUSTO\",\nIF(AND(TIPOORCAMENTO=\"Licitado\",$AL164=0,$AN164>0),\"SEM PREÇO\",\nIF(AND($C164=\"S\",$P164<>\"\",$Q164<>\"\",$U164>0,AND($V164<>\"BDI 1\",$V164<>\"BDI 2\",$V164<>\"BDI 3\")),IF(ISNUMBER($V164),\"JUSTIFICAR BDI\",\"BDI\"),\nIF(OR(AND(import.recurso=\"OGU\",TIPOORCAMENTO=\"Proposto\",LEFT($O$8,5)<>\"(N/D:\",$AG164<>\"\",ORÇAMENTO.CustoUnitario>$AG164),AND(TIPOORCAMENTO=\"LICITADO\",ORÇAMENTO.PrecoUnitarioLicitado>$AN164)),\"ACIMA REF.\",\nIF(AND($C164=\"S\",$P164<>\"\",$Q164<>\"\",$T164=0,$U164>0),\"QUANT.\",\nIF(AND(Import.TipoArredondamento=\"TransfereGOV\",$L164=\"F\",$C164=\"S\",LEN($Q164)>13),\"Código >13\",\nIF(AND(Import.TipoArredondamento=\"TransfereGOV\",$L164=\"F\",$C164<>\"S\",LEN($R164)>100),\"Descrição >100\",\nIF(AND(Import.TipoArredondamento=\"TransfereGOV\",$L164=\"F\",$C164=\"S\",LEN($R164)>500),\"Descrição >500\",\nIF(AND(Import.TipoArredondamento=\"TransfereGOV\",$L164=\"F\",$C164=\"S\",LEFT(TRIM(UPPER($P164)),6)<>\"SINAPI\",ISNA(VLOOKUP(TRIM(UPPER($S164)),ListaTgov.Unidades,1,FALSE))),\"Unid. Não Disp\",\n\" \"))))))))))))))))","v":" "},{"$f":"IF(C164<=CRONO.NivelExibicao,MAX($AD$15:OFFSET(AD164,-1,0))+IF($C164<>1,1,MAX(1,COUNTIF(QCI!$A$13:$A$36,OFFSET($E164,-1,0)))),\"\")","v":""},{"$f":"IF(AND($C164=\"S\",ORÇAMENTO.CodBarra<>\"\"),IF(ORÇAMENTO.Fonte=\"\",ORÇAMENTO.CodBarra,CONCATENATE(ORÇAMENTO.Fonte,\" \",ORÇAMENTO.CodBarra)))","v":"SINAPI 94995"},{"$f":"IF(ISERROR(ORÇAMENTO.BancoRef),\"(abra o arquivo 'Referência \"&Excel_BuiltIn_Database&\".xlsm)\",IF(OR($C164<>\"S\",ORÇAMENTO.CodBarra=\"\"),\"(Sem Código)\",IF(ISERROR(MATCH($AE164,INDIRECT(ORÇAMENTO.BancoRef),0)),\"(Código não identificado nas referências)\",MATCH($AE164,INDIRECT(ORÇAMENTO.BancoRef),0))))","v":13953},{"$f":"ROUND(IF(DESONERACAO=\"sim\",REFERENCIA.Desonerado,REFERENCIA.NaoDesonerado),2)","v":92.06},0.25290000000000001,null,null,null,null,18912.3,{"$f":"ROUND(ORÇAMENTO.CustoUnitario*(1+$AH164),2)","v":115.34}]
[1,1,1,6,{"$f":"IF($C165=1,OFFSET(E165,-1,0)+MAX(1,COUNTIF(QCI!$A$13:$A$36,OFFSET(ORÇAMENTO!E165,-1,0))),OFFSET(E165,-1,0))","v":12},0,0,0,0,307,{"$f":"IF(OR($C165=\"S\",$C165=0),0,MATCH(OFFSET($D165,0,$C165)+IF($C165<>1,1,COUNTIF(QCI!$A$13:$A$36,ORÇAMENTO!E165)),OFFSET($D165,1,$C165,ROW($C$472)-ROW($C165)),0))","v":6},"F","Meta","Meta","12.","SINAPI",null,{"$f":"IF($C165=\"S\",REFERENCIA.Descricao,\"REVESTIMENTO DE TETO\")","v":"REVESTIMENTO DE TETO"},{"$f":"REFERENCIA.Unidade","v":"-"},{"$f":"OFFSET(CÁLCULO!H$15,ROW($T165)-ROW(T$15),0)","v":0},null,"BDI 1",{"$f":"IF($C165=\"S\",ROUND(IF(TIPOORCAMENTO=\"Proposto\",ORÇAMENTO.CustoUnitario*(1+$AH165),ORÇAMENTO.PrecoUnitarioLicitado),15-13*$AF$10),0)","v":0},{"$f":"IF($C165=\"S\",IF(OR(Import.TipoArredondamento<>\"TransfereGOV\",ACOMPANHAMENTO=\"BM\"),VTOTAL1,SUM(OFFSET(CÁLCULO!$AI$15,ROW($X165)-ROW($X$15),1):OFFSET(CÁLCULO!$BB$15,ROW($X165)-ROW($X$15),-1))),IF($C165=0,0,ROUND(SomaAgrup,15-13*$AF$11)))","v":31373.35},"RA","",{"$f":"IF($C165=\"S\",IF($Z165=\"CP\",$X165,IF($Z165=\"RA\",(($X165)*QCI!$AA$3),0)),SomaAgrup)","v":2714.8521701127493},{"$f":"IF($C165=\"S\",IF($Z165=\"OU\",ROUND($X165,2),0),SomaAgrup)","v":0},{"$f":"IF($N165=\"\",\" \",\nIF(AND($C165<>\"S\",OR($R165=\"\",$R165=\"(digite a descrição aqui)\")),\"DESCRIÇÃO\",\nIF(AND($C165=\"S\",OR($Q165<>\"\",$T165>0,$U165>0),$P165=\"\"),\"FONTE\",\nIF(AND($C165=\"S\",$P165<>\"\",OR($T165>0,$U165>0),$Q165=\"\"),\"CÓDIGO\",\nIF(AND($C165=\"S\",$P165<>\"\",$Q165<>\"\",$R165=\"(Código não identificado nas referências)\"),\"CÓDIGO N/ID\",\nIF(AND($C165=\"S\",OR($R165=\"\",$R165=\"(digite a descrição aqui)\"),OR($Q165<>\"\",$T165>0,$U165>0)),\"DESCRIÇÃO\",\nIF(AND($C165=\"S\",$P165<>\"\",$Q165<>\"\",$S165=\"\"),\"UNIDADE\",\nIF(AND($C165=\"S\",$P165<>\"\",$Q165<>\"\",$U165=0),\"SEM CUSTO\",\nIF(AND(TIPOORCAMENTO=\"Licitado\",$AL165=0,$AN165>0),\"SEM PREÇO\",\nIF(AND($C165=\"S\",$P165<>\"\",$Q165<>\"\",$U165>0,AND($V165<>\"BDI 1\",$V165<>\"BDI 2\",$V165<>\"BDI 3\")),IF(ISNUMBER($V165),\"JUSTIFICAR BDI\",\"BDI\"),\nIF(OR(AND(import.recurso=\"OGU\",TIPOORCAMENTO=\"Proposto\",LEFT($O$8,5)<>\"(N/D:\",$AG165<>\"\",ORÇAMENTO.CustoUnitario>$AG165),AND(TIPOORCAMENTO=\"LICITADO\",ORÇAMENTO.PrecoUnitarioLicitado>$AN165)),\"ACIMA REF.\",\nIF(AND($C165=\"S\",$P165<>\"\",$Q165<>\"\",$T165=0,$U165>0),\"QUANT.\",\nIF(AND(Import.TipoArredondamento=\"TransfereGOV\",$L165=\"F\",$C165=\"S\",LEN($Q165)>13),\"Código >13\",\nIF(AND(Import.TipoArredondamento=\"TransfereGOV\",$L165=\"F\",$C165<>\"S\",LEN($R165)>100),\"Descrição >100\",\nIF(AND(Import.TipoArredondamento=\"TransfereGOV\",$L165=\"F\",$C165=\"S\",LEN($R165)>500),\"Descrição >500\",\nIF(AND(Import.TipoArredondamento=\"TransfereGOV\",$L165=\"F\",$C165=\"S\",LEFT(TRIM(UPPER($P165)),6)<>\"SINAPI\",ISNA(VLOOKUP(TRIM(UPPER($S165)),ListaTgov.Unidades,1,FALSE))),\"Unid. Não Disp\",\n\" \"))))))))))))))))","v":" "},{"$f":"IF(C165<=CRONO.NivelExibicao,MAX($AD$15:OFFSET(AD165,-1,0))+IF($C165<>1,1,MAX(1,COUNTIF(QCI!$A$13:$A$36,OFFSET($E165,-1,0)))),\"\")","v":37},{"$f":"IF(AND($C165=\"S\",ORÇAMENTO.CodBarra<>\"\"),IF(ORÇAMENTO.Fonte=\"\",ORÇAMENTO.CodBarra,CONCATENATE(ORÇAMENTO.Fonte,\" \",ORÇAMENTO.CodBarra)))","v":false},{"$f":"IF(ISERROR(ORÇAMENTO.BancoRef),\"(abra o arquivo 'Referência \"&Excel_BuiltIn_Database&\".xlsm)\",IF(OR($C165<>\"S\",ORÇAMENTO.CodBarra=\"\"),\"(Sem Código)\",IF(ISERROR(MATCH($AE165,INDIRECT(ORÇAMENTO.BancoRef),0)),\"(Código não identificado nas referências)\",MATCH($AE165,INDIRECT(ORÇAMENTO.BancoRef),0))))","v":"(Sem Código)"},{"$f":"ROUND(IF(DESONERACAO=\"sim\",REFERENCIA.Desonerado,REFERENCIA.NaoDesonerado),2)","v":0},0.25290000000000001,null,null,null,null,31373.35,{"$f":"ROUND(ORÇAMENTO.CustoUnitario*(1+$AH165),2)","v":0}]
[2,2,2,3,{"$f":"IF($C166=1,OFFSET(E166,-1,0)+MAX(1,COUNTIF(QCI!$A$13:$A$36,OFFSET(ORÇAMENTO!E166,-1,0))),OFFSET(E166,-1,0))","v":12},1,0,0,0,5,{"$f":"IF(OR($C166=\"S\",$C166=0),0,MATCH(OFFSET($D166,0,$C166)+IF($C166<>1,1,COUNTIF(QCI!$A$13:$A$36,ORÇAMENTO!E166)),OFFSET($D166,1,$C166,ROW($C$472)-ROW($C166)),0))","v":3},"F","Nível 2","Nível 2","12.1.","SINAPI",null,{"$f":"IF($C166=\"S\",REFERENCIA.Descricao,\"REVESTIMENTO ARGAMASSADO\")","v":"REVESTIMENTO ARGAMASSADO"},{"$f":"REFERENCIA.Unidade","v":"-"},{"$f":"OFFSET(CÁLCULO!H$15,ROW($T166)-ROW(T$15),0)","v":0},null,"BDI 1",{"$f":"IF($C166=\"S\",ROUND(IF(TIPOORCAMENTO=\"Proposto\",ORÇAMENTO.CustoUnitario*(1+$AH166),ORÇAMENTO.PrecoUnitarioLicitado),15-13*$AF$10),0)","v":0},{"$f":"IF($C166=\"S\",IF(OR(Import.TipoArredondamento<>\"TransfereGOV\",ACOMPANHAMENTO=\"BM\"),VTOTAL1,SUM(OFFSET(CÁLCULO!$AI$15,ROW($X166)-ROW($X$15),1):OFFSET(CÁLCULO!$BB$15,ROW($X166)-ROW($X$15),-1))),IF($C166=0,0,ROUND(SomaAgrup,15-13*$AF$11)))","v":223.32},"RA","",{"$f":"IF($C166=\"S\",IF($Z166=\"CP\",$X166,IF($Z166=\"RA\",(($X166)*QCI!$AA$3),0)),SomaAgrup)","v":19.324706689900161},{"$f":"IF($C166=\"S\",IF($Z166=\"OU\",ROUND($X166,2),0),SomaAgrup)","v":0},{"$f":"IF($N166=\"\",\" \",\nIF(AND($C166<>\"S\",OR($R166=\"\",$R166=\"(digite a descrição aqui)\")),\"DESCRIÇÃO\",\nIF(AND($C166=\"S\",OR($Q166<>\"\",$T166>0,$U166>0),$P166=\"\"),\"FONTE\",\nIF(AND($C166=\"S\",$P166<>\"\",OR($T166>0,$U166>0),$Q166=\"\"),\"CÓDIGO\",\nIF(AND($C166=\"S\",$P166<>\"\",$Q166<>\"\",$R166=\"(Código não identificado nas referências)\"),\"CÓDIGO N/ID\",\nIF(AND($C166=\"S\",OR($R166=\"\",$R166=\"(digite a descrição aqui)\"),OR($Q166<>\"\",$T166>0,$U166>0)),\"DESCRIÇÃO\",\nIF(AND($C166=\"S\",$P166<>\"\",$Q166<>\"\",$S166=\"\"),\"UNIDADE\",\nIF(AND($C166=\"S\",$P166<>\"\",$Q166<>\"\",$U166=0),\"SEM CUSTO\",\nIF(AND(TIPOORCAMENTO=\"Licitado\",$AL166=0,$AN166>0),\"SEM PREÇO\",\nIF(AND($C166=\"S\",$P166<>\"\",$Q166<>\"\",$U166>0,AND($V166<>\"BDI 1\",$V166<>\"BDI 2\",$V166<>\"BDI 3\")),IF(ISNUMBER($V166),\"JUSTIFICAR BDI\",\"BDI\"),\nIF(OR(AND(import.recurso=\"OGU\",TIPOORCAMENTO=\"Proposto\",LEFT($O$8,5)<>\"(N/D:\",$AG166<>\"\",ORÇAMENTO.CustoUnitario>$AG166),AND(TIPOORCAMENTO=\"LICITADO\",ORÇAMENTO.PrecoUnitarioLicitado>$AN166)),\"ACIMA REF.\",\nIF(AND($C166=\"S\",$P166<>\"\",$Q166<>\"\",$T166=0,$U166>0),\"QUANT.\",\nIF(AND(Import.TipoArredondamento=\"TransfereGOV\",$L166=\"F\",$C166=\"S\",LEN($Q166)>13),\"Código >13\",\nIF(AND(Import.TipoArredondamento=\"TransfereGOV\",$L166=\"F\",$C166<>\"S\",LEN($R166)>100),\"Descrição >100\",\nIF(AND(Import.TipoArredondamento=\"TransfereGOV\",$L166=\"F\",$C166=\"S\",LEN($R166)>500),\"Descrição >500\",\nIF(AND(Import.TipoArredondamento=\"TransfereGOV\",$L166=\"F\",$C166=\"S\",LEFT(TRIM(UPPER($P166)),6)<>\"SINAPI\",ISNA(VLOOKUP(TRIM(UPPER($S166)),ListaTgov.Unidades,1,FALSE))),\"Unid. Não Disp\",\n\" \"))))))))))))))))","v":" "},{"$f":"IF(C166<=CRONO.NivelExibicao,MAX($AD$15:OFFSET(AD166,-1,0))+IF($C166<>1,1,MAX(1,COUNTIF(QCI!$A$13:$A$36,OFFSET($E166,-1,0)))),\"\")","v":38},{"$f":"IF(AND($C166=\"S\",ORÇAMENTO.CodBarra<>\"\"),IF(ORÇAMENTO.Fonte=\"\",ORÇAMENTO.CodBarra,CONCATENATE(ORÇAMENTO.Fonte,\" \",ORÇAMENTO.CodBarra)))","v":false},{"$f":"IF(ISERROR(ORÇAMENTO.BancoRef),\"(abra o arquivo 'Referência \"&Excel_BuiltIn_Database&\".xlsm)\",IF(OR($C166<>\"S\",ORÇAMENTO.CodBarra=\"\"),\"(Sem Código)\",IF(ISERROR(MATCH($AE166,INDIRECT(ORÇAMENTO.BancoRef),0)),\"(Código não identificado nas referências)\",MATCH($AE166,INDIRECT(ORÇAMENTO.BancoRef),0))))","v":"(Sem Código)"},{"$f":"ROUND(IF(DESONERACAO=\"sim\",REFERENCIA.Desonerado,REFERENCIA.NaoDesonerado),2)","v":0},0.25290000000000001,null,null,null,null,223.32,{"$f":"ROUND(ORÇAMENTO.CustoUnitario*(1+$AH166),2)","v":0}]
["S",2,"S",0,{"$f":"IF($C167=1,OFFSET(E167,-1,0)+MAX(1,COUNTIF(QCI!$A$13:$A$36,OFFSET(ORÇAMENTO!E167,-1,0))),OFFSET(E167,-1,0))","v":12},1,0,0,1,0,{"$f":"IF(OR($C167=\"S\",$C167=0),0,MATCH(OFFSET($D167,0,$C167)+IF($C167<>1,1,COUNTIF(QCI!$A$13:$A$36,ORÇAMENTO!E167)),OFFSET($D167,1,$C167,ROW($C$472)-ROW($C167)),0))","v":0},"F","Serviço","Serviço","12.1.0.1.","SINAPI","87885",{"$f":"IF($C167=\"S\",REFERENCIA.Descricao,\"(digite a descrição aqui)\")","v":"CHAPISCO APLICADO NO TETO OU EM ALVENARIA E ESTRUTURA, COM ROLO PARA TEXTURA ACRÍLICA. ARGAMASSA INDUSTRIALIZADA COM PREPARO EM MISTURADOR 300 KG. AF_10/2022"},{"$f":"REFERENCIA.Unidade","v":"M2"},{"$f":"OFFSET(CÁLCULO!H$15,ROW($T167)-ROW(T$15),0)","v":4.24},{"$f":"AG167","v":8.23},"BDI 1",{"$f":"IF($C167=\"S\",ROUND(IF(TIPOORCAMENTO=\"Proposto\",ORÇAMENTO.CustoUnitario*(1+$AH167),ORÇAMENTO.PrecoUnitarioLicitado),15-13*$AF$10),0)","v":10.31},{"$f":"IF($C167=\"S\",IF(OR(Import.TipoArredondamento<>\"TransfereGOV\",ACOMPANHAMENTO=\"BM\"),VTOTAL1,SUM(OFFSET(CÁLCULO!$AI$15,ROW($X167)-ROW($X$15),1):OFFSET(CÁLCULO!$BB$15,ROW($X167)-ROW($X$15),-1))),IF($C167=0,0,ROUND(SomaAgrup,15-13*$AF$11)))","v":43.71},"RA","RA",{"$f":"IF($C167=\"S\",IF($Z167=\"CP\",$X167,IF($Z167=\"RA\",(($X167)*QCI!$AA$3),0)),SomaAgrup)","v":3.7823881847373095},{"$f":"IF($C167=\"S\",IF($Z167=\"OU\",ROUND($X167,2),0),SomaAgrup)","v":0},{"$f":"IF($N167=\"\",\" \",\nIF(AND($C167<>\"S\",OR($R167=\"\",$R167=\"(digite a descrição aqui)\")),\"DESCRIÇÃO\",\nIF(AND($C167=\"S\",OR($Q167<>\"\",$T167>0,$U167>0),$P167=\"\"),\"FONTE\",\nIF(AND($C167=\"S\",$P167<>\"\",OR($T167>0,$U167>0),$Q167=\"\"),\"CÓDIGO\",\nIF(AND($C167=\"S\",$P167<>\"\",$Q167<>\"\",$R167=\"(Código não identificado nas referências)\"),\"CÓDIGO N/ID\",\nIF(AND($C167=\"S\",OR($R167=\"\",$R167=\"(digite a descrição aqui)\"),OR($Q167<>\"\",$T167>0,$U167>0)),\"DESCRIÇÃO\",\nIF(AND($C167=\"S\",$P167<>\"\",$Q167<>\"\",$S167=\"\"),\"UNIDADE\",\nIF(AND($C167=\"S\",$P167<>\"\",$Q167<>\"\",$U167=0),\"SEM CUSTO\",\nIF(AND(TIPOORCAMENTO=\"Licitado\",$AL167=0,$AN167>0),\"SEM PREÇO\",\nIF(AND($C167=\"S\",$P167<>\"\",$Q167<>\"\",$U167>0,AND($V167<>\"BDI 1\",$V167<>\"BDI 2\",$V167<>\"BDI 3\")),IF(ISNUMBER($V167),\"JUSTIFICAR BDI\",\"BDI\"),\nIF(OR(AND(import.recurso=\"OGU\",TIPOORCAMENTO=\"Proposto\",LEFT($O$8,5)<>\"(N/D:\",$AG167<>\"\",ORÇAMENTO.CustoUnitario>$AG167),AND(TIPOORCAMENTO=\"LICITADO\",ORÇAMENTO.PrecoUnitarioLicitado>$AN167)),\"ACIMA REF.\",\nIF(AND($C167=\"S\",$P167<>\"\",$Q167<>\"\",$T167=0,$U167>0),\"QUANT.\",\nIF(AND(Import.TipoArredondamento=\"TransfereGOV\",$L167=\"F\",$C167=\"S\",LEN($Q167)>13),\"Código >13\",\nIF(AND(Import.TipoArredondamento=\"TransfereGOV\",$L167=\"F\",$C167<>\"S\",LEN($R167)>100),\"Descrição >100\",\nIF(AND(Import.TipoArredondamento=\"TransfereGOV\",$L167=\"F\",$C167=\"S\",LEN($R167)>500),\"Descrição >500\",\nIF(AND(Import.TipoArredondamento=\"TransfereGOV\",$L167=\"F\",$C167=\"S\",LEFT(TRIM(UPPER($P167)),6)<>\"SINAPI\",ISNA(VLOOKUP(TRIM(UPPER($S167)),ListaTgov.Unidades,1,FALSE))),\"Unid. Não Disp\",\n\" \"))))))))))))))))","v":" "},{"$f":"IF(C167<=CRONO.NivelExibicao,MAX($AD$15:OFFSET(AD167,-1,0))+IF($C167<>1,1,MAX(1,COUNTIF(QCI!$A$13:$A$36,OFFSET($E167,-1,0)))),\"\")","v":""},{"$f":"IF(AND($C167=\"S\",ORÇAMENTO.CodBarra<>\"\"),IF(ORÇAMENTO.Fonte=\"\",ORÇAMENTO.CodBarra,CONCATENATE(ORÇAMENTO.Fonte,\" \",ORÇAMENTO.CodBarra)))","v":"SINAPI 87885"},{"$f":"IF(ISERROR(ORÇAMENTO.BancoRef),\"(abra o arquivo 'Referência \"&Excel_BuiltIn_Database&\".xlsm)\",IF(OR($C167<>\"S\",ORÇAMENTO.CodBarra=\"\"),\"(Sem Código)\",IF(ISERROR(MATCH($AE167,INDIRECT(ORÇAMENTO.BancoRef),0)),\"(Código não identificado nas referências)\",MATCH($AE167,INDIRECT(ORÇAMENTO.BancoRef),0))))","v":7561},{"$f":"ROUND(IF(DESONERACAO=\"sim\",REFERENCIA.Desonerado,REFERENCIA.NaoDesonerado),2)","v":8.23},0.25290000000000001,null,null,null,null,43.71,{"$f":"ROUND(ORÇAMENTO.CustoUnitario*(1+$AH167),2)","v":10.31}]
["S",2,"S",0,{"$f":"IF($C168=1,OFFSET(E168,-1,0)+MAX(1,COUNTIF(QCI!$A$13:$A$36,OFFSET(ORÇAMENTO!E168,-1,0))),OFFSET(E168,-1,0))","v":12},1,0,0,2,0,{"$f":"IF(OR($C168=\"S\",$C168=0),0,MATCH(OFFSET($D168,0,$C168)+IF($C168<>1,1,COUNTIF(QCI!$A$13:$A$36,ORÇAMENTO!E168)),OFFSET($D168,1,$C168,ROW($C$472)-ROW($C168)),0))","v":0},"F","Serviço","Serviço","12.1.0.2.","SINAPI","90408",{"$f":"IF($C168=\"S\",REFERENCIA.Descricao,\"(digite a descrição aqui)\")","v":"MASSA ÚNICA, EM ARGAMASSA TRAÇO 1:2:8, PREPARO MECÂNICO, APLICADA MANUALMENTE EM TETO, E = 10MM, COM TALISCAS. AF_03/2024"},{"$f":"REFERENCIA.Unidade","v":"M2"},{"$f":"OFFSET(CÁLCULO!H$15,ROW($T168)-ROW(T$15),0)","v":4.24},{"$f":"AG168","v":33.81},"BDI 1",{"$f":"IF($C168=\"S\",ROUND(IF(TIPOORCAMENTO=\"Proposto\",ORÇAMENTO.CustoUnitario*(1+$AH168),ORÇAMENTO.PrecoUnitarioLicitado),15-13*$AF$10),0)","v":42.36},{"$f":"IF($C168=\"S\",IF(OR(Import.TipoArredondamento<>\"TransfereGOV\",ACOMPANHAMENTO=\"BM\"),VTOTAL1,SUM(OFFSET(CÁLCULO!$AI$15,ROW($X168)-ROW($X$15),1):OFFSET(CÁLCULO!$BB$15,ROW($X168)-ROW($X$15),-1))),IF($C168=0,0,ROUND(SomaAgrup,15-13*$AF$11)))","v":179.61},"RA","RA",{"$f":"IF($C168=\"S\",IF($Z168=\"CP\",$X168,IF($Z168=\"RA\",(($X168)*QCI!$AA$3),0)),SomaAgrup)","v":15.54231850516285},{"$f":"IF($C168=\"S\",IF($Z168=\"OU\",ROUND($X168,2),0),SomaAgrup)","v":0},{"$f":"IF($N168=\"\",\" \",\nIF(AND($C168<>\"S\",OR($R168=\"\",$R168=\"(digite a descrição aqui)\")),\"DESCRIÇÃO\",\nIF(AND($C168=\"S\",OR($Q168<>\"\",$T168>0,$U168>0),$P168=\"\"),\"FONTE\",\nIF(AND($C168=\"S\",$P168<>\"\",OR($T168>0,$U168>0),$Q168=\"\"),\"CÓDIGO\",\nIF(AND($C168=\"S\",$P168<>\"\",$Q168<>\"\",$R168=\"(Código não identificado nas referências)\"),\"CÓDIGO N/ID\",\nIF(AND($C168=\"S\",OR($R168=\"\",$R168=\"(digite a descrição aqui)\"),OR($Q168<>\"\",$T168>0,$U168>0)),\"DESCRIÇÃO\",\nIF(AND($C168=\"S\",$P168<>\"\",$Q168<>\"\",$S168=\"\"),\"UNIDADE\",\nIF(AND($C168=\"S\",$P168<>\"\",$Q168<>\"\",$U168=0),\"SEM CUSTO\",\nIF(AND(TIPOORCAMENTO=\"Licitado\",$AL168=0,$AN168>0),\"SEM PREÇO\",\nIF(AND($C168=\"S\",$P168<>\"\",$Q168<>\"\",$U168>0,AND($V168<>\"BDI 1\",$V168<>\"BDI 2\",$V168<>\"BDI 3\")),IF(ISNUMBER($V168),\"JUSTIFICAR BDI\",\"BDI\"),\nIF(OR(AND(import.recurso=\"OGU\",TIPOORCAMENTO=\"Proposto\",LEFT($O$8,5)<>\"(N/D:\",$AG168<>\"\",ORÇAMENTO.CustoUnitario>$AG168),AND(TIPOORCAMENTO=\"LICITADO\",ORÇAMENTO.PrecoUnitarioLicitado>$AN168)),\"ACIMA REF.\",\nIF(AND($C168=\"S\",$P168<>\"\",$Q168<>\"\",$T168=0,$U168>0),\"QUANT.\",\nIF(AND(Import.TipoArredondamento=\"TransfereGOV\",$L168=\"F\",$C168=\"S\",LEN($Q168)>13),\"Código >13\",\nIF(AND(Import.TipoArredondamento=\"TransfereGOV\",$L168=\"F\",$C168<>\"S\",LEN($R168)>100),\"Descrição >100\",\nIF(AND(Import.TipoArredondamento=\"TransfereGOV\",$L168=\"F\",$C168=\"S\",LEN($R168)>500),\"Descrição >500\",\nIF(AND(Import.TipoArredondamento=\"TransfereGOV\",$L168=\"F\",$C168=\"S\",LEFT(TRIM(UPPER($P168)),6)<>\"SINAPI\",ISNA(VLOOKUP(TRIM(UPPER($S168)),ListaTgov.Unidades,1,FALSE))),\"Unid. Não Disp\",\n\" \"))))))))))))))))","v":" "},{"$f":"IF(C168<=CRONO.NivelExibicao,MAX($AD$15:OFFSET(AD168,-1,0))+IF($C168<>1,1,MAX(1,COUNTIF(QCI!$A$13:$A$36,OFFSET($E168,-1,0)))),\"\")","v":""},{"$f":"IF(AND($C168=\"S\",ORÇAMENTO.CodBarra<>\"\"),IF(ORÇAMENTO.Fonte=\"\",ORÇAMENTO.CodBarra,CONCATENATE(ORÇAMENTO.Fonte,\" \",ORÇAMENTO.CodBarra)))","v":"SINAPI 90408"},{"$f":"IF(ISERROR(ORÇAMENTO.BancoRef),\"(abra o arquivo 'Referência \"&Excel_BuiltIn_Database&\".xlsm)\",IF(OR($C168<>\"S\",ORÇAMENTO.CodBarra=\"\"),\"(Sem Código)\",IF(ISERROR(MATCH($AE168,INDIRECT(ORÇAMENTO.BancoRef),0)),\"(Código não identificado nas referências)\",MATCH($AE168,INDIRECT(ORÇAMENTO.BancoRef),0))))","v":13732},{"$f":"ROUND(IF(DESONERACAO=\"sim\",REFERENCIA.Desonerado,REFERENCIA.NaoDesonerado),2)","v":33.81},0.25290000000000001,null,null,null,null,179.61,{"$f":"ROUND(ORÇAMENTO.CustoUnitario*(1+$AH168),2)","v":42.36}]
[2,2,2,2,{"$f":"IF($C169=1,OFFSET(E169,-1,0)+MAX(1,COUNTIF(QCI!$A$13:$A$36,OFFSET(ORÇAMENTO!E169,-1,0))),OFFSET(E169,-1,0))","v":12},2,0,0,0,2,{"$f":"IF(OR($C169=\"S\",$C169=0),0,MATCH(OFFSET($D169,0,$C169)+IF($C169<>1,1,COUNTIF(QCI!$A$13:$A$36,ORÇAMENTO!E169)),OFFSET($D169,1,$C169,ROW($C$472)-ROW($C169)),0))","v":11},"F","Nível 2","Nível 2","12.2.","SINAPI",null,{"$f":"IF($C169=\"S\",REFERENCIA.Descricao,\"FORRO\")","v":"FORRO"},{"$f":"REFERENCIA.Unidade","v":"-"},{"$f":"OFFSET(CÁLCULO!H$15,ROW($T169)-ROW(T$15),0)","v":0},null,"BDI 1",{"$f":"IF($C169=\"S\",ROUND(IF(TIPOORCAMENTO=\"Proposto\",ORÇAMENTO.CustoUnitario*(1+$AH169),ORÇAMENTO.PrecoUnitarioLicitado),15-13*$AF$10),0)","v":0},{"$f":"IF($C169=\"S\",IF(OR(Import.TipoArredondamento<>\"TransfereGOV\",ACOMPANHAMENTO=\"BM\"),VTOTAL1,SUM(OFFSET(CÁLCULO!$AI$15,ROW($X169)-ROW($X$15),1):OFFSET(CÁLCULO!$BB$15,ROW($X169)-ROW($X$15),-1))),IF($C169=0,0,ROUND(SomaAgrup,15-13*$AF$11)))","v":31150.03},"RA","",{"$f":"IF($C169=\"S\",IF($Z169=\"CP\",$X169,IF($Z169=\"RA\",(($X169)*QCI!$AA$3),0)),SomaAgrup)","v":2695.527463422849},{"$f":"IF($C169=\"S\",IF($Z169=\"OU\",ROUND($X169,2),0),SomaAgrup)","v":0},{"$f":"IF($N169=\"\",\" \",\nIF(AND($C169<>\"S\",OR($R169=\"\",$R169=\"(digite a descrição aqui)\")),\"DESCRIÇÃO\",\nIF(AND($C169=\"S\",OR($Q169<>\"\",$T169>0,$U169>0),$P169=\"\"),\"FONTE\",\nIF(AND($C169=\"S\",$P169<>\"\",OR($T169>0,$U169>0),$Q169=\"\"),\"CÓDIGO\",\nIF(AND($C169=\"S\",$P169<>\"\",$Q169<>\"\",$R169=\"(Código não identificado nas referências)\"),\"CÓDIGO N/ID\",\nIF(AND($C169=\"S\",OR($R169=\"\",$R169=\"(digite a descrição aqui)\"),OR($Q169<>\"\",$T169>0,$U169>0)),\"DESCRIÇÃO\",\nIF(AND($C169=\"S\",$P169<>\"\",$Q169<>\"\",$S169=\"\"),\"UNIDADE\",\nIF(AND($C169=\"S\",$P169<>\"\",$Q169<>\"\",$U169=0),\"SEM CUSTO\",\nIF(AND(TIPOORCAMENTO=\"Licitado\",$AL169=0,$AN169>0),\"SEM PREÇO\",\nIF(AND($C169=\"S\",$P169<>\"\",$Q169<>\"\",$U169>0,AND($V169<>\"BDI 1\",$V169<>\"BDI 2\",$V169<>\"BDI 3\")),IF(ISNUMBER($V169),\"JUSTIFICAR BDI\",\"BDI\"),\nIF(OR(AND(import.recurso=\"OGU\",TIPOORCAMENTO=\"Proposto\",LEFT($O$8,5)<>\"(N/D:\",$AG169<>\"\",ORÇAMENTO.CustoUnitario>$AG169),AND(TIPOORCAMENTO=\"LICITADO\",ORÇAMENTO.PrecoUnitarioLicitado>$AN169)),\"ACIMA REF.\",\nIF(AND($C169=\"S\",$P169<>\"\",$Q169<>\"\",$T169=0,$U169>0),\"QUANT.\",\nIF(AND(Import.TipoArredondamento=\"TransfereGOV\",$L169=\"F\",$C169=\"S\",LEN($Q169)>13),\"Código >13\",\nIF(AND(Import.TipoArredondamento=\"TransfereGOV\",$L169=\"F\",$C169<>\"S\",LEN($R169)>100),\"Descrição >100\",\nIF(AND(Import.TipoArredondamento=\"TransfereGOV\",$L169=\"F\",$C169=\"S\",LEN($R169)>500),\"Descrição >500\",\nIF(AND(Import.TipoArredondamento=\"TransfereGOV\",$L169=\"F\",$C169=\"S\",LEFT(TRIM(UPPER($P169)),6)<>\"SINAPI\",ISNA(VLOOKUP(TRIM(UPPER($S169)),ListaTgov.Unidades,1,FALSE))),\"Unid. Não Disp\",\n\" \"))))))))))))))))","v":" "},{"$f":"IF(C169<=CRONO.NivelExibicao,MAX($AD$15:OFFSET(AD169,-1,0))+IF($C169<>1,1,MAX(1,COUNTIF(QCI!$A$13:$A$36,OFFSET($E169,-1,0)))),\"\")","v":39},{"$f":"IF(AND($C169=\"S\",ORÇAMENTO.CodBarra<>\"\"),IF(ORÇAMENTO.Fonte=\"\",ORÇAMENTO.CodBarra,CONCATENATE(ORÇAMENTO.Fonte,\" \",ORÇAMENTO.CodBarra)))","v":false},{"$f":"IF(ISERROR(ORÇAMENTO.BancoRef),\"(abra o arquivo 'Referência \"&Excel_BuiltIn_Database&\".xlsm)\",IF(OR($C169<>\"S\",ORÇAMENTO.CodBarra=\"\"),\"(Sem Código)\",IF(ISERROR(MATCH($AE169,INDIRECT(ORÇAMENTO.BancoRef),0)),\"(Código não identificado nas referências)\",MATCH($AE169,INDIRECT(ORÇAMENTO.BancoRef),0))))","v":"(Sem Código)"},{"$f":"ROUND(IF(DESONERACAO=\"sim\",REFERENCIA.Desonerado,REFERENCIA.NaoDesonerado),2)","v":0},0.25290000000000001,null,null,null,null,31150.03,{"$f":"ROUND(ORÇAMENTO.CustoUnitario*(1+$AH169),2)","v":0}]
["S",2,"S",0,{"$f":"IF($C170=1,OFFSET(E170,-1,0)+MAX(1,COUNTIF(QCI!$A$13:$A$36,OFFSET(ORÇAMENTO!E170,-1,0))),OFFSET(E170,-1,0))","v":12},2,0,0,1,0,{"$f":"IF(OR($C170=\"S\",$C170=0),0,MATCH(OFFSET($D170,0,$C170)+IF($C170<>1,1,COUNTIF(QCI!$A$13:$A$36,ORÇAMENTO!E170)),OFFSET($D170,1,$C170,ROW($C$472)-ROW($C170)),0))","v":0},"F","Serviço","Serviço","12.2.0.1.","SINAPI","96114",{"$f":"IF($C170=\"S\",REFERENCIA.Descricao,\"(digite a descrição aqui)\")","v":"FORRO EM DRYWALL, PARA AMBIENTES COMERCIAIS, INCLUSIVE ESTRUTURA BIRECIONAL DE FIXAÇÃO. AF_08/2023_PS"},{"$f":"REFERENCIA.Unidade","v":"M2"},{"$f":"OFFSET(CÁLCULO!H$15,ROW($T170)-ROW(T$15),0)","v":340.81},{"$f":"AG170","v":72.95},"BDI 1",{"$f":"IF($C170=\"S\",ROUND(IF(TIPOORCAMENTO=\"Proposto\",ORÇAMENTO.CustoUnitario*(1+$AH170),ORÇAMENTO.PrecoUnitarioLicitado),15-13*$AF$10),0)","v":91.4},{"$f":"IF($C170=\"S\",IF(OR(Import.TipoArredondamento<>\"TransfereGOV\",ACOMPANHAMENTO=\"BM\"),VTOTAL1,SUM(OFFSET(CÁLCULO!$AI$15,ROW($X170)-ROW($X$15),1):OFFSET(CÁLCULO!$BB$15,ROW($X170)-ROW($X$15),-1))),IF($C170=0,0,ROUND(SomaAgrup,15-13*$AF$11)))","v":31150.03},"RA","RA",{"$f":"IF($C170=\"S\",IF($Z170=\"CP\",$X170,IF($Z170=\"RA\",(($X170)*QCI!$AA$3),0)),SomaAgrup)","v":2695.527463422849},{"$f":"IF($C170=\"S\",IF($Z170=\"OU\",ROUND($X170,2),0),SomaAgrup)","v":0},{"$f":"IF($N170=\"\",\" \",\nIF(AND($C170<>\"S\",OR($R170=\"\",$R170=\"(digite a descrição aqui)\")),\"DESCRIÇÃO\",\nIF(AND($C170=\"S\",OR($Q170<>\"\",$T170>0,$U170>0),$P170=\"\"),\"FONTE\",\nIF(AND($C170=\"S\",$P170<>\"\",OR($T170>0,$U170>0),$Q170=\"\"),\"CÓDIGO\",\nIF(AND($C170=\"S\",$P170<>\"\",$Q170<>\"\",$R170=\"(Código não identificado nas referências)\"),\"CÓDIGO N/ID\",\nIF(AND($C170=\"S\",OR($R170=\"\",$R170=\"(digite a descrição aqui)\"),OR($Q170<>\"\",$T170>0,$U170>0)),\"DESCRIÇÃO\",\nIF(AND($C170=\"S\",$P170<>\"\",$Q170<>\"\",$S170=\"\"),\"UNIDADE\",\nIF(AND($C170=\"S\",$P170<>\"\",$Q170<>\"\",$U170=0),\"SEM CUSTO\",\nIF(AND(TIPOORCAMENTO=\"Licitado\",$AL170=0,$AN170>0),\"SEM PREÇO\",\nIF(AND($C170=\"S\",$P170<>\"\",$Q170<>\"\",$U170>0,AND($V170<>\"BDI 1\",$V170<>\"BDI 2\",$V170<>\"BDI 3\")),IF(ISNUMBER($V170),\"JUSTIFICAR BDI\",\"BDI\"),\nIF(OR(AND(import.recurso=\"OGU\",TIPOORCAMENTO=\"Proposto\",LEFT($O$8,5)<>\"(N/D:\",$AG170<>\"\",ORÇAMENTO.CustoUnitario>$AG170),AND(TIPOORCAMENTO=\"LICITADO\",ORÇAMENTO.PrecoUnitarioLicitado>$AN170)),\"ACIMA REF.\",\nIF(AND($C170=\"S\",$P170<>\"\",$Q170<>\"\",$T170=0,$U170>0),\"QUANT.\",\nIF(AND(Import.TipoArredondamento=\"TransfereGOV\",$L170=\"F\",$C170=\"S\",LEN($Q170)>13),\"Código >13\",\nIF(AND(Import.TipoArredondamento=\"TransfereGOV\",$L170=\"F\",$C170<>\"S\",LEN($R170)>100),\"Descrição >100\",\nIF(AND(Import.TipoArredondamento=\"TransfereGOV\",$L170=\"F\",$C170=\"S\",LEN($R170)>500),\"Descrição >500\",\nIF(AND(Import.TipoArredondamento=\"TransfereGOV\",$L170=\"F\",$C170=\"S\",LEFT(TRIM(UPPER($P170)),6)<>\"SINAPI\",ISNA(VLOOKUP(TRIM(UPPER($S170)),ListaTgov.Unidades,1,FALSE))),\"Unid. Não Disp\",\n\" \"))))))))))))))))","v":" "},{"$f":"IF(C170<=CRONO.NivelExibicao,MAX($AD$15:OFFSET(AD170,-1,0))+IF($C170<>1,1,MAX(1,COUNTIF(QCI!$A$13:$A$36,OFFSET($E170,-1,0)))),\"\")","v":""},{"$f":"IF(AND($C170=\"S\",ORÇAMENTO.CodBarra<>\"\"),IF(ORÇAMENTO.Fonte=\"\",ORÇAMENTO.CodBarra,CONCATENATE(ORÇAMENTO.Fonte,\" \",ORÇAMENTO.CodBarra)))","v":"SINAPI 96114"},{"$f":"IF(ISERROR(ORÇAMENTO.BancoRef),\"(abra o arquivo 'Referência \"&Excel_BuiltIn_Database&\".xlsm)\",IF(OR($C170<>\"S\",ORÇAMENTO.CodBarra=\"\"),\"(Sem Código)\",IF(ISERROR(MATCH($AE170,INDIRECT(ORÇAMENTO.BancoRef),0)),\"(Código não identificado nas referências)\",MATCH($AE170,INDIRECT(ORÇAMENTO.BancoRef),0))))","v":10189},{"$f":"ROUND(IF(DESONERACAO=\"sim\",REFERENCIA.Desonerado,REFERENCIA.NaoDesonerado),2)","v":72.95},0.25290000000000001,null,null,null,null,31150.03,{"$f":"ROUND(ORÇAMENTO.CustoUnitario*(1+$AH170),2)","v":91.4}]
[1,1,1,12,{"$f":"IF($C171=1,OFFSET(E171,-1,0)+MAX(1,COUNTIF(QCI!$A$13:$A$36,OFFSET(ORÇAMENTO!E171,-1,0))),OFFSET(E171,-1,0))","v":13},0,0,0,0,301,{"$f":"IF(OR($C171=\"S\",$C171=0),0,MATCH(OFFSET($D171,0,$C171)+IF($C171<>1,1,COUNTIF(QCI!$A$13:$A$36,ORÇAMENTO!E171)),OFFSET($D171,1,$C171,ROW($C$472)-ROW($C171)),0))","v":12},"F","Meta","Meta","13.","SINAPI",null,{"$f":"IF($C171=\"S\",REFERENCIA.Descricao,\"PINTURA\")","v":"PINTURA"},{"$f":"REFERENCIA.Unidade","v":"-"},{"$f":"OFFSET(CÁLCULO!H$15,ROW($T171)-ROW(T$15),0)","v":0},null,"BDI 1",{"$f":"IF($C171=\"S\",ROUND(IF(TIPOORCAMENTO=\"Proposto\",ORÇAMENTO.CustoUnitario*(1+$AH171),ORÇAMENTO.PrecoUnitarioLicitado),15-13*$AF$10),0)","v":0},{"$f":"IF($C171=\"S\",IF(OR(Import.TipoArredondamento<>\"TransfereGOV\",ACOMPANHAMENTO=\"BM\"),VTOTAL1,SUM(OFFSET(CÁLCULO!$AI$15,ROW($X171)-ROW($X$15),1):OFFSET(CÁLCULO!$BB$15,ROW($X171)-ROW($X$15),-1))),IF($C171=0,0,ROUND(SomaAgrup,15-13*$AF$11)))","v":78958.649999999994},"RA","",{"$f":"IF($C171=\"S\",IF($Z171=\"CP\",$X171,IF($Z171=\"RA\",(($X171)*QCI!$AA$3),0)),SomaAgrup)","v":6832.5844164449445},{"$f":"IF($C171=\"S\",IF($Z171=\"OU\",ROUND($X171,2),0),SomaAgrup)","v":0},{"$f":"IF($N171=\"\",\" \",\nIF(AND($C171<>\"S\",OR($R171=\"\",$R171=\"(digite a descrição aqui)\")),\"DESCRIÇÃO\",\nIF(AND($C171=\"S\",OR($Q171<>\"\",$T171>0,$U171>0),$P171=\"\"),\"FONTE\",\nIF(AND($C171=\"S\",$P171<>\"\",OR($T171>0,$U171>0),$Q171=\"\"),\"CÓDIGO\",\nIF(AND($C171=\"S\",$P171<>\"\",$Q171<>\"\",$R171=\"(Código não identificado nas referências)\"),\"CÓDIGO N/ID\",\nIF(AND($C171=\"S\",OR($R171=\"\",$R171=\"(digite a descrição aqui)\"),OR($Q171<>\"\",$T171>0,$U171>0)),\"DESCRIÇÃO\",\nIF(AND($C171=\"S\",$P171<>\"\",$Q171<>\"\",$S171=\"\"),\"UNIDADE\",\nIF(AND($C171=\"S\",$P171<>\"\",$Q171<>\"\",$U171=0),\"SEM CUSTO\",\nIF(AND(TIPOORCAMENTO=\"Licitado\",$AL171=0,$AN171>0),\"SEM PREÇO\",\nIF(AND($C171=\"S\",$P171<>\"\",$Q171<>\"\",$U171>0,AND($V171<>\"BDI 1\",$V171<>\"BDI 2\",$V171<>\"BDI 3\")),IF(ISNUMBER($V171),\"JUSTIFICAR BDI\",\"BDI\"),\nIF(OR(AND(import.recurso=\"OGU\",TIPOORCAMENTO=\"Proposto\",LEFT($O$8,5)<>\"(N/D:\",$AG171<>\"\",ORÇAMENTO.CustoUnitario>$AG171),AND(TIPOORCAMENTO=\"LICITADO\",ORÇAMENTO.PrecoUnitarioLicitado>$AN171)),\"ACIMA REF.\",\nIF(AND($C171=\"S\",$P171<>\"\",$Q171<>\"\",$T171=0,$U171>0),\"QUANT.\",\nIF(AND(Import.TipoArredondamento=\"TransfereGOV\",$L171=\"F\",$C171=\"S\",LEN($Q171)>13),\"Código >13\",\nIF(AND(Import.TipoArredondamento=\"TransfereGOV\",$L171=\"F\",$C171<>\"S\",LEN($R171)>100),\"Descrição >100\",\nIF(AND(Import.TipoArredondamento=\"TransfereGOV\",$L171=\"F\",$C171=\"S\",LEN($R171)>500),\"Descrição >500\",\nIF(AND(Import.TipoArredondamento=\"TransfereGOV\",$L171=\"F\",$C171=\"S\",LEFT(TRIM(UPPER($P171)),6)<>\"SINAPI\",ISNA(VLOOKUP(TRIM(UPPER($S171)),ListaTgov.Unidades,1,FALSE))),\"Unid. Não Disp\",\n\" \"))))))))))))))))","v":" "},{"$f":"IF(C171<=CRONO.NivelExibicao,MAX($AD$15:OFFSET(AD171,-1,0))+IF($C171<>1,1,MAX(1,COUNTIF(QCI!$A$13:$A$36,OFFSET($E171,-1,0)))),\"\")","v":40},{"$f":"IF(AND($C171=\"S\",ORÇAMENTO.CodBarra<>\"\"),IF(ORÇAMENTO.Fonte=\"\",ORÇAMENTO.CodBarra,CONCATENATE(ORÇAMENTO.Fonte,\" \",ORÇAMENTO.CodBarra)))","v":false},{"$f":"IF(ISERROR(ORÇAMENTO.BancoRef),\"(abra o arquivo 'Referência \"&Excel_BuiltIn_Database&\".xlsm)\",IF(OR($C171<>\"S\",ORÇAMENTO.CodBarra=\"\"),\"(Sem Código)\",IF(ISERROR(MATCH($AE171,INDIRECT(ORÇAMENTO.BancoRef),0)),\"(Código não identificado nas referências)\",MATCH($AE171,INDIRECT(ORÇAMENTO.BancoRef),0))))","v":"(Sem Código)"},{"$f":"ROUND(IF(DESONERACAO=\"sim\",REFERENCIA.Desonerado,REFERENCIA.NaoDesonerado),2)","v":0},0.25290000000000001,null,null,null,null,78958.649999999994,{"$f":"ROUND(ORÇAMENTO.CustoUnitario*(1+$AH171),2)","v":0}]
[2,2,2,5,{"$f":"IF($C172=1,OFFSET(E172,-1,0)+MAX(1,COUNTIF(QCI!$A$13:$A$36,OFFSET(ORÇAMENTO!E172,-1,0))),OFFSET(E172,-1,0))","v":13},1,0,0,0,11,{"$f":"IF(OR($C172=\"S\",$C172=0),0,MATCH(OFFSET($D172,0,$C172)+IF($C172<>1,1,COUNTIF(QCI!$A$13:$A$36,ORÇAMENTO!E172)),OFFSET($D172,1,$C172,ROW($C$472)-ROW($C172)),0))","v":5},"F","Nível 2","Nível 2","13.1.","SINAPI",null,{"$f":"IF($C172=\"S\",REFERENCIA.Descricao,\"PAREDES\")","v":"PAREDES"},{"$f":"REFERENCIA.Unidade","v":"-"},{"$f":"OFFSET(CÁLCULO!H$15,ROW($T172)-ROW(T$15),0)","v":0},null,"BDI 1",{"$f":"IF($C172=\"S\",ROUND(IF(TIPOORCAMENTO=\"Proposto\",ORÇAMENTO.CustoUnitario*(1+$AH172),ORÇAMENTO.PrecoUnitarioLicitado),15-13*$AF$10),0)","v":0},{"$f":"IF($C172=\"S\",IF(OR(Import.TipoArredondamento<>\"TransfereGOV\",ACOMPANHAMENTO=\"BM\"),VTOTAL1,SUM(OFFSET(CÁLCULO!$AI$15,ROW($X172)-ROW($X$15),1):OFFSET(CÁLCULO!$BB$15,ROW($X172)-ROW($X$15),-1))),IF($C172=0,0,ROUND(SomaAgrup,15-13*$AF$11)))","v":61111.79},"RA","",{"$f":"IF($C172=\"S\",IF($Z172=\"CP\",$X172,IF($Z172=\"RA\",(($X172)*QCI!$AA$3),0)),SomaAgrup)","v":5288.2295228585599},{"$f":"IF($C172=\"S\",IF($Z172=\"OU\",ROUND($X172,2),0),SomaAgrup)","v":0},{"$f":"IF($N172=\"\",\" \",\nIF(AND($C172<>\"S\",OR($R172=\"\",$R172=\"(digite a descrição aqui)\")),\"DESCRIÇÃO\",\nIF(AND($C172=\"S\",OR($Q172<>\"\",$T172>0,$U172>0),$P172=\"\"),\"FONTE\",\nIF(AND($C172=\"S\",$P172<>\"\",OR($T172>0,$U172>0),$Q172=\"\"),\"CÓDIGO\",\nIF(AND($C172=\"S\",$P172<>\"\",$Q172<>\"\",$R172=\"(Código não identificado nas referências)\"),\"CÓDIGO N/ID\",\nIF(AND($C172=\"S\",OR($R172=\"\",$R172=\"(digite a descrição aqui)\"),OR($Q172<>\"\",$T172>0,$U172>0)),\"DESCRIÇÃO\",\nIF(AND($C172=\"S\",$P172<>\"\",$Q172<>\"\",$S172=\"\"),\"UNIDADE\",\nIF(AND($C172=\"S\",$P172<>\"\",$Q172<>\"\",$U172=0),\"SEM CUSTO\",\nIF(AND(TIPOORCAMENTO=\"Licitado\",$AL172=0,$AN172>0),\"SEM PREÇO\",\nIF(AND($C172=\"S\",$P172<>\"\",$Q172<>\"\",$U172>0,AND($V172<>\"BDI 1\",$V172<>\"BDI 2\",$V172<>\"BDI 3\")),IF(ISNUMBER($V172),\"JUSTIFICAR BDI\",\"BDI\"),\nIF(OR(AND(import.recurso=\"OGU\",TIPOORCAMENTO=\"Proposto\",LEFT($O$8,5)<>\"(N/D:\",$AG172<>\"\",ORÇAMENTO.CustoUnitario>$AG172),AND(TIPOORCAMENTO=\"LICITADO\",ORÇAMENTO.PrecoUnitarioLicitado>$AN172)),\"ACIMA REF.\",\nIF(AND($C172=\"S\",$P172<>\"\",$Q172<>\"\",$T172=0,$U172>0),\"QUANT.\",\nIF(AND(Import.TipoArredondamento=\"TransfereGOV\",$L172=\"F\",$C172=\"S\",LEN($Q172)>13),\"Código >13\",\nIF(AND(Import.TipoArredondamento=\"TransfereGOV\",$L172=\"F\",$C172<>\"S\",LEN($R172)>100),\"Descrição >100\",\nIF(AND(Import.TipoArredondamento=\"TransfereGOV\",$L172=\"F\",$C172=\"S\",LEN($R172)>500),\"Descrição >500\",\nIF(AND(Import.TipoArredondamento=\"TransfereGOV\",$L172=\"F\",$C172=\"S\",LEFT(TRIM(UPPER($P172)),6)<>\"SINAPI\",ISNA(VLOOKUP(TRIM(UPPER($S172)),ListaTgov.Unidades,1,FALSE))),\"Unid. Não Disp\",\n\" \"))))))))))))))))","v":" "},{"$f":"IF(C172<=CRONO.NivelExibicao,MAX($AD$15:OFFSET(AD172,-1,0))+IF($C172<>1,1,MAX(1,COUNTIF(QCI!$A$13:$A$36,OFFSET($E172,-1,0)))),\"\")","v":41},{"$f":"IF(AND($C172=\"S\",ORÇAMENTO.CodBarra<>\"\"),IF(ORÇAMENTO.Fonte=\"\",ORÇAMENTO.CodBarra,CONCATENATE(ORÇAMENTO.Fonte,\" \",ORÇAMENTO.CodBarra)))","v":false},{"$f":"IF(ISERROR(ORÇAMENTO.BancoRef),\"(abra o arquivo 'Referência \"&Excel_BuiltIn_Database&\".xlsm)\",IF(OR($C172<>\"S\",ORÇAMENTO.CodBarra=\"\"),\"(Sem Código)\",IF(ISERROR(MATCH($AE172,INDIRECT(ORÇAMENTO.BancoRef),0)),\"(Código não identificado nas referências)\",MATCH($AE172,INDIRECT(ORÇAMENTO.BancoRef),0))))","v":"(Sem Código)"},{"$f":"ROUND(IF(DESONERACAO=\"sim\",REFERENCIA.Desonerado,REFERENCIA.NaoDesonerado),2)","v":0},0.25290000000000001,null,null,null,null,61111.79,{"$f":"ROUND(ORÇAMENTO.CustoUnitario*(1+$AH172),2)","v":0}]
["S",2,"S",0,{"$f":"IF($C173=1,OFFSET(E173,-1,0)+MAX(1,COUNTIF(QCI!$A$13:$A$36,OFFSET(ORÇAMENTO!E173,-1,0))),OFFSET(E173,-1,0))","v":13},1,0,0,1,0,{"$f":"IF(OR($C173=\"S\",$C173=0),0,MATCH(OFFSET($D173,0,$C173)+IF($C173<>1,1,COUNTIF(QCI!$A$13:$A$36,ORÇAMENTO!E173)),OFFSET($D173,1,$C173,ROW($C$472)-ROW($C173)),0))","v":0},"F","Serviço","Serviço","13.1.0.1.","SINAPI","88485",{"$f":"IF($C173=\"S\",REFERENCIA.Descricao,\"(digite a descrição aqui)\")","v":"FUNDO SELADOR ACRÍLICO, APLICAÇÃO MANUAL EM PAREDE, UMA DEMÃO. AF_04/2023"},{"$f":"REFERENCIA.Unidade","v":"M2"},{"$f":"OFFSET(CÁLCULO!H$15,ROW($T173)-ROW(T$15),0)","v":2078.46},{"$f":"AG173","v":4.47},"BDI 1",{"$f":"IF($C173=\"S\",ROUND(IF(TIPOORCAMENTO=\"Proposto\",ORÇAMENTO.CustoUnitario*(1+$AH173),ORÇAMENTO.PrecoUnitarioLicitado),15-13*$AF$10),0)","v":5.6},{"$f":"IF($C173=\"S\",IF(OR(Import.TipoArredondamento<>\"TransfereGOV\",ACOMPANHAMENTO=\"BM\"),VTOTAL1,SUM(OFFSET(CÁLCULO!$AI$15,ROW($X173)-ROW($X$15),1):OFFSET(CÁLCULO!$BB$15,ROW($X173)-ROW($X$15),-1))),IF($C173=0,0,ROUND(SomaAgrup,15-13*$AF$11)))","v":11639.380000000001},"RA","RA",{"$f":"IF($C173=\"S\",IF($Z173=\"CP\",$X173,IF($Z173=\"RA\",(($X173)*QCI!$AA$3),0)),SomaAgrup)","v":1007.1986591093056},{"$f":"IF($C173=\"S\",IF($Z173=\"OU\",ROUND($X173,2),0),SomaAgrup)","v":0},{"$f":"IF($N173=\"\",\" \",\nIF(AND($C173<>\"S\",OR($R173=\"\",$R173=\"(digite a descrição aqui)\")),\"DESCRIÇÃO\",\nIF(AND($C173=\"S\",OR($Q173<>\"\",$T173>0,$U173>0),$P173=\"\"),\"FONTE\",\nIF(AND($C173=\"S\",$P173<>\"\",OR($T173>0,$U173>0),$Q173=\"\"),\"CÓDIGO\",\nIF(AND($C173=\"S\",$P173<>\"\",$Q173<>\"\",$R173=\"(Código não identificado nas referências)\"),\"CÓDIGO N/ID\",\nIF(AND($C173=\"S\",OR($R173=\"\",$R173=\"(digite a descrição aqui)\"),OR($Q173<>\"\",$T173>0,$U173>0)),\"DESCRIÇÃO\",\nIF(AND($C173=\"S\",$P173<>\"\",$Q173<>\"\",$S173=\"\"),\"UNIDADE\",\nIF(AND($C173=\"S\",$P173<>\"\",$Q173<>\"\",$U173=0),\"SEM CUSTO\",\nIF(AND(TIPOORCAMENTO=\"Licitado\",$AL173=0,$AN173>0),\"SEM PREÇO\",\nIF(AND($C173=\"S\",$P173<>\"\",$Q173<>\"\",$U173>0,AND($V173<>\"BDI 1\",$V173<>\"BDI 2\",$V173<>\"BDI 3\")),IF(ISNUMBER($V173),\"JUSTIFICAR BDI\",\"BDI\"),\nIF(OR(AND(import.recurso=\"OGU\",TIPOORCAMENTO=\"Proposto\",LEFT($O$8,5)<>\"(N/D:\",$AG173<>\"\",ORÇAMENTO.CustoUnitario>$AG173),AND(TIPOORCAMENTO=\"LICITADO\",ORÇAMENTO.PrecoUnitarioLicitado>$AN173)),\"ACIMA REF.\",\nIF(AND($C173=\"S\",$P173<>\"\",$Q173<>\"\",$T173=0,$U173>0),\"QUANT.\",\nIF(AND(Import.TipoArredondamento=\"TransfereGOV\",$L173=\"F\",$C173=\"S\",LEN($Q173)>13),\"Código >13\",\nIF(AND(Import.TipoArredondamento=\"TransfereGOV\",$L173=\"F\",$C173<>\"S\",LEN($R173)>100),\"Descrição >100\",\nIF(AND(Import.TipoArredondamento=\"TransfereGOV\",$L173=\"F\",$C173=\"S\",LEN($R173)>500),\"Descrição >500\",\nIF(AND(Import.TipoArredondamento=\"TransfereGOV\",$L173=\"F\",$C173=\"S\",LEFT(TRIM(UPPER($P173)),6)<>\"SINAPI\",ISNA(VLOOKUP(TRIM(UPPER($S173)),ListaTgov.Unidades,1,FALSE))),\"Unid. Não Disp\",\n\" \"))))))))))))))))","v":" "},{"$f":"IF(C173<=CRONO.NivelExibicao,MAX($AD$15:OFFSET(AD173,-1,0))+IF($C173<>1,1,MAX(1,COUNTIF(QCI!$A$13:$A$36,OFFSET($E173,-1,0)))),\"\")","v":""},{"$f":"IF(AND($C173=\"S\",ORÇAMENTO.CodBarra<>\"\"),IF(ORÇAMENTO.Fonte=\"\",ORÇAMENTO.CodBarra,CONCATENATE(ORÇAMENTO.Fonte,\" \",ORÇAMENTO.CodBarra)))","v":"SINAPI 88485"},{"$f":"IF(ISERROR(ORÇAMENTO.BancoRef),\"(abra o arquivo 'Referência \"&Excel_BuiltIn_Database&\".xlsm)\",IF(OR($C173<>\"S\",ORÇAMENTO.CodBarra=\"\"),\"(Sem Código)\",IF(ISERROR(MATCH($AE173,INDIRECT(ORÇAMENTO.BancoRef),0)),\"(Código não identificado nas referências)\",MATCH($AE173,INDIRECT(ORÇAMENTO.BancoRef),0))))","v":14148},{"$f":"ROUND(IF(DESONERACAO=\"sim\",REFERENCIA.Desonerado,REFERENCIA.NaoDesonerado),2)","v":4.47},0.25290000000000001,null,null,null,null,11639.380000000001,{"$f":"ROUND(ORÇAMENTO.CustoUnitario*(1+$AH173),2)","v":5.6}]
["S",2,"S",0,{"$f":"IF($C174=1,OFFSET(E174,-1,0)+MAX(1,COUNTIF(QCI!$A$13:$A$36,OFFSET(ORÇAMENTO!E174,-1,0))),OFFSET(E174,-1,0))","v":13},1,0,0,2,0,{"$f":"IF(OR($C174=\"S\",$C174=0),0,MATCH(OFFSET($D174,0,$C174)+IF($C174<>1,1,COUNTIF(QCI!$A$13:$A$36,ORÇAMENTO!E174)),OFFSET($D174,1,$C174,ROW($C$472)-ROW($C174)),0))","v":0},"F","Serviço","Serviço","13.1.0.2.","SINAPI","88495",{"$f":"IF($C174=\"S\",REFERENCIA.Descricao,\"(digite a descrição aqui)\")","v":"EMASSAMENTO COM MASSA LÁTEX, APLICAÇÃO EM PAREDE, UMA DEMÃO, LIXAMENTO MANUAL. AF_04/2023"},{"$f":"REFERENCIA.Unidade","v":"M2"},{"$f":"OFFSET(CÁLCULO!H$15,ROW($T174)-ROW(T$15),0)","v":1351.77},{"$f":"AG174","v":11.95},"BDI 1",{"$f":"IF($C174=\"S\",ROUND(IF(TIPOORCAMENTO=\"Proposto\",ORÇAMENTO.CustoUnitario*(1+$AH174),ORÇAMENTO.PrecoUnitarioLicitado),15-13*$AF$10),0)","v":14.97},{"$f":"IF($C174=\"S\",IF(OR(Import.TipoArredondamento<>\"TransfereGOV\",ACOMPANHAMENTO=\"BM\"),VTOTAL1,SUM(OFFSET(CÁLCULO!$AI$15,ROW($X174)-ROW($X$15),1):OFFSET(CÁLCULO!$BB$15,ROW($X174)-ROW($X$15),-1))),IF($C174=0,0,ROUND(SomaAgrup,15-13*$AF$11)))","v":20235.990000000002},"RA","RA",{"$f":"IF($C174=\"S\",IF($Z174=\"CP\",$X174,IF($Z174=\"RA\",(($X174)*QCI!$AA$3),0)),SomaAgrup)","v":1751.0951608890953},{"$f":"IF($C174=\"S\",IF($Z174=\"OU\",ROUND($X174,2),0),SomaAgrup)","v":0},{"$f":"IF($N174=\"\",\" \",\nIF(AND($C174<>\"S\",OR($R174=\"\",$R174=\"(digite a descrição aqui)\")),\"DESCRIÇÃO\",\nIF(AND($C174=\"S\",OR($Q174<>\"\",$T174>0,$U174>0),$P174=\"\"),\"FONTE\",\nIF(AND($C174=\"S\",$P174<>\"\",OR($T174>0,$U174>0),$Q174=\"\"),\"CÓDIGO\",\nIF(AND($C174=\"S\",$P174<>\"\",$Q174<>\"\",$R174=\"(Código não identificado nas referências)\"),\"CÓDIGO N/ID\",\nIF(AND($C174=\"S\",OR($R174=\"\",$R174=\"(digite a descrição aqui)\"),OR($Q174<>\"\",$T174>0,$U174>0)),\"DESCRIÇÃO\",\nIF(AND($C174=\"S\",$P174<>\"\",$Q174<>\"\",$S174=\"\"),\"UNIDADE\",\nIF(AND($C174=\"S\",$P174<>\"\",$Q174<>\"\",$U174=0),\"SEM CUSTO\",\nIF(AND(TIPOORCAMENTO=\"Licitado\",$AL174=0,$AN174>0),\"SEM PREÇO\",\nIF(AND($C174=\"S\",$P174<>\"\",$Q174<>\"\",$U174>0,AND($V174<>\"BDI 1\",$V174<>\"BDI 2\",$V174<>\"BDI 3\")),IF(ISNUMBER($V174),\"JUSTIFICAR BDI\",\"BDI\"),\nIF(OR(AND(import.recurso=\"OGU\",TIPOORCAMENTO=\"Proposto\",LEFT($O$8,5)<>\"(N/D:\",$AG174<>\"\",ORÇAMENTO.CustoUnitario>$AG174),AND(TIPOORCAMENTO=\"LICITADO\",ORÇAMENTO.PrecoUnitarioLicitado>$AN174)),\"ACIMA REF.\",\nIF(AND($C174=\"S\",$P174<>\"\",$Q174<>\"\",$T174=0,$U174>0),\"QUANT.\",\nIF(AND(Import.TipoArredondamento=\"TransfereGOV\",$L174=\"F\",$C174=\"S\",LEN($Q174)>13),\"Código >13\",\nIF(AND(Import.TipoArredondamento=\"TransfereGOV\",$L174=\"F\",$C174<>\"S\",LEN($R174)>100),\"Descrição >100\",\nIF(AND(Import.TipoArredondamento=\"TransfereGOV\",$L174=\"F\",$C174=\"S\",LEN($R174)>500),\"Descrição >500\",\nIF(AND(Import.TipoArredondamento=\"TransfereGOV\",$L174=\"F\",$C174=\"S\",LEFT(TRIM(UPPER($P174)),6)<>\"SINAPI\",ISNA(VLOOKUP(TRIM(UPPER($S174)),ListaTgov.Unidades,1,FALSE))),\"Unid. Não Disp\",\n\" \"))))))))))))))))","v":" "},{"$f":"IF(C174<=CRONO.NivelExibicao,MAX($AD$15:OFFSET(AD174,-1,0))+IF($C174<>1,1,MAX(1,COUNTIF(QCI!$A$13:$A$36,OFFSET($E174,-1,0)))),\"\")","v":""},{"$f":"IF(AND($C174=\"S\",ORÇAMENTO.CodBarra<>\"\"),IF(ORÇAMENTO.Fonte=\"\",ORÇAMENTO.CodBarra,CONCATENATE(ORÇAMENTO.Fonte,\" \",ORÇAMENTO.CodBarra)))","v":"SINAPI 88495"},{"$f":"IF(ISERROR(ORÇAMENTO.BancoRef),\"(abra o arquivo 'Referência \"&Excel_BuiltIn_Database&\".xlsm)\",IF(OR($C174<>\"S\",ORÇAMENTO.CodBarra=\"\"),\"(Sem Código)\",IF(ISERROR(MATCH($AE174,INDIRECT(ORÇAMENTO.BancoRef),0)),\"(Código não identificado nas referências)\",MATCH($AE174,INDIRECT(ORÇAMENTO.BancoRef),0))))","v":14142},{"$f":"ROUND(IF(DESONERACAO=\"sim\",REFERENCIA.Desonerado,REFERENCIA.NaoDesonerado),2)","v":11.95},0.25290000000000001,null,null,null,null,20235.990000000002,{"$f":"ROUND(ORÇAMENTO.CustoUnitario*(1+$AH174),2)","v":14.97}]
["S",2,"S",0,{"$f":"IF($C175=1,OFFSET(E175,-1,0)+MAX(1,COUNTIF(QCI!$A$13:$A$36,OFFSET(ORÇAMENTO!E175,-1,0))),OFFSET(E175,-1,0))","v":13},1,0,0,3,0,{"$f":"IF(OR($C175=\"S\",$C175=0),0,MATCH(OFFSET($D175,0,$C175)+IF($C175<>1,1,COUNTIF(QCI!$A$13:$A$36,ORÇAMENTO!E175)),OFFSET($D175,1,$C175,ROW($C$472)-ROW($C175)),0))","v":0},"F","Serviço","Serviço","13.1.0.3.","SINAPI","104641",{"$f":"IF($C175=\"S\",REFERENCIA.Descricao,\"(digite a descrição aqui)\")","v":"PINTURA LÁTEX ACRÍLICA ECONÔMICA, APLICAÇÃO MANUAL EM PAREDES, DUAS DEMÃOS. AF_04/2023"},{"$f":"REFERENCIA.Unidade","v":"M2"},{"$f":"OFFSET(CÁLCULO!H$15,ROW($T175)-ROW(T$15),0)","v":1351.77},{"$f":"AG175","v":9.6300000000000008},"BDI 1",{"$f":"IF($C175=\"S\",ROUND(IF(TIPOORCAMENTO=\"Proposto\",ORÇAMENTO.CustoUnitario*(1+$AH175),ORÇAMENTO.PrecoUnitarioLicitado),15-13*$AF$10),0)","v":12.07},{"$f":"IF($C175=\"S\",IF(OR(Import.TipoArredondamento<>\"TransfereGOV\",ACOMPANHAMENTO=\"BM\"),VTOTAL1,SUM(OFFSET(CÁLCULO!$AI$15,ROW($X175)-ROW($X$15),1):OFFSET(CÁLCULO!$BB$15,ROW($X175)-ROW($X$15),-1))),IF($C175=0,0,ROUND(SomaAgrup,15-13*$AF$11)))","v":16315.88},"RA","RA",{"$f":"IF($C175=\"S\",IF($Z175=\"CP\",$X175,IF($Z175=\"RA\",(($X175)*QCI!$AA$3),0)),SomaAgrup)","v":1411.8735240355013},{"$f":"IF($C175=\"S\",IF($Z175=\"OU\",ROUND($X175,2),0),SomaAgrup)","v":0},{"$f":"IF($N175=\"\",\" \",\nIF(AND($C175<>\"S\",OR($R175=\"\",$R175=\"(digite a descrição aqui)\")),\"DESCRIÇÃO\",\nIF(AND($C175=\"S\",OR($Q175<>\"\",$T175>0,$U175>0),$P175=\"\"),\"FONTE\",\nIF(AND($C175=\"S\",$P175<>\"\",OR($T175>0,$U175>0),$Q175=\"\"),\"CÓDIGO\",\nIF(AND($C175=\"S\",$P175<>\"\",$Q175<>\"\",$R175=\"(Código não identificado nas referências)\"),\"CÓDIGO N/ID\",\nIF(AND($C175=\"S\",OR($R175=\"\",$R175=\"(digite a descrição aqui)\"),OR($Q175<>\"\",$T175>0,$U175>0)),\"DESCRIÇÃO\",\nIF(AND($C175=\"S\",$P175<>\"\",$Q175<>\"\",$S175=\"\"),\"UNIDADE\",\nIF(AND($C175=\"S\",$P175<>\"\",$Q175<>\"\",$U175=0),\"SEM CUSTO\",\nIF(AND(TIPOORCAMENTO=\"Licitado\",$AL175=0,$AN175>0),\"SEM PREÇO\",\nIF(AND($C175=\"S\",$P175<>\"\",$Q175<>\"\",$U175>0,AND($V175<>\"BDI 1\",$V175<>\"BDI 2\",$V175<>\"BDI 3\")),IF(ISNUMBER($V175),\"JUSTIFICAR BDI\",\"BDI\"),\nIF(OR(AND(import.recurso=\"OGU\",TIPOORCAMENTO=\"Proposto\",LEFT($O$8,5)<>\"(N/D:\",$AG175<>\"\",ORÇAMENTO.CustoUnitario>$AG175),AND(TIPOORCAMENTO=\"LICITADO\",ORÇAMENTO.PrecoUnitarioLicitado>$AN175)),\"ACIMA REF.\",\nIF(AND($C175=\"S\",$P175<>\"\",$Q175<>\"\",$T175=0,$U175>0),\"QUANT.\",\nIF(AND(Import.TipoArredondamento=\"TransfereGOV\",$L175=\"F\",$C175=\"S\",LEN($Q175)>13),\"Código >13\",\nIF(AND(Import.TipoArredondamento=\"TransfereGOV\",$L175=\"F\",$C175<>\"S\",LEN($R175)>100),\"Descrição >100\",\nIF(AND(Import.TipoArredondamento=\"TransfereGOV\",$L175=\"F\",$C175=\"S\",LEN($R175)>500),\"Descrição >500\",\nIF(AND(Import.TipoArredondamento=\"TransfereGOV\",$L175=\"F\",$C175=\"S\",LEFT(TRIM(UPPER($P175)),6)<>\"SINAPI\",ISNA(VLOOKUP(TRIM(UPPER($S175)),ListaTgov.Unidades,1,FALSE))),\"Unid. Não Disp\",\n\" \"))))))))))))))))","v":" "},{"$f":"IF(C175<=CRONO.NivelExibicao,MAX($AD$15:OFFSET(AD175,-1,0))+IF($C175<>1,1,MAX(1,COUNTIF(QCI!$A$13:$A$36,OFFSET($E175,-1,0)))),\"\")","v":""},{"$f":"IF(AND($C175=\"S\",ORÇAMENTO.CodBarra<>\"\"),IF(ORÇAMENTO.Fonte=\"\",ORÇAMENTO.CodBarra,CONCATENATE(ORÇAMENTO.Fonte,\" \",ORÇAMENTO.CodBarra)))","v":"SINAPI 104641"},{"$f":"IF(ISERROR(ORÇAMENTO.BancoRef),\"(abra o arquivo 'Referência \"&Excel_BuiltIn_Database&\".xlsm)\",IF(OR($C175<>\"S\",ORÇAMENTO.CodBarra=\"\"),\"(Sem Código)\",IF(ISERROR(MATCH($AE175,INDIRECT(ORÇAMENTO.BancoRef),0)),\"(Código não identificado nas referências)\",MATCH($AE175,INDIRECT(ORÇAMENTO.BancoRef),0))))","v":14152},{"$f":"ROUND(IF(DESONERACAO=\"sim\",REFERENCIA.Desonerado,REFERENCIA.NaoDesonerado),2)","v":9.6300000000000008},0.25290000000000001,null,null,null,null,16315.88,{"$f":"ROUND(ORÇAMENTO.CustoUnitario*(1+$AH175),2)","v":12.07}]
["S",2,"S",0,{"$f":"IF($C176=1,OFFSET(E176,-1,0)+MAX(1,COUNTIF(QCI!$A$13:$A$36,OFFSET(ORÇAMENTO!E176,-1,0))),OFFSET(E176,-1,0))","v":13},1,0,0,4,0,{"$f":"IF(OR($C176=\"S\",$C176=0),0,MATCH(OFFSET($D176,0,$C176)+IF($C176<>1,1,COUNTIF(QCI!$A$13:$A$36,ORÇAMENTO!E176)),OFFSET($D176,1,$C176,ROW($C$472)-ROW($C176)),0))","v":0},"F","Serviço","Serviço","13.1.0.4.","SINAPI","95305",{"$f":"IF($C176=\"S\",REFERENCIA.Descricao,\"(digite a descrição aqui)\")","v":"TEXTURA ACRÍLICA, APLICAÇÃO MANUAL EM PAREDE, UMA DEMÃO. AF_04/2023"},{"$f":"REFERENCIA.Unidade","v":"M2"},{"$f":"OFFSET(CÁLCULO!H$15,ROW($T176)-ROW(T$15),0)","v":726.69},{"$f":"AG176","v":14.19},"BDI 1",{"$f":"IF($C176=\"S\",ROUND(IF(TIPOORCAMENTO=\"Proposto\",ORÇAMENTO.CustoUnitario*(1+$AH176),ORÇAMENTO.PrecoUnitarioLicitado),15-13*$AF$10),0)","v":17.78},{"$f":"IF($C176=\"S\",IF(OR(Import.TipoArredondamento<>\"TransfereGOV\",ACOMPANHAMENTO=\"BM\"),VTOTAL1,SUM(OFFSET(CÁLCULO!$AI$15,ROW($X176)-ROW($X$15),1):OFFSET(CÁLCULO!$BB$15,ROW($X176)-ROW($X$15),-1))),IF($C176=0,0,ROUND(SomaAgrup,15-13*$AF$11)))","v":12920.54},"RA","RA",{"$f":"IF($C176=\"S\",IF($Z176=\"CP\",$X176,IF($Z176=\"RA\",(($X176)*QCI!$AA$3),0)),SomaAgrup)","v":1118.0621788246578},{"$f":"IF($C176=\"S\",IF($Z176=\"OU\",ROUND($X176,2),0),SomaAgrup)","v":0},{"$f":"IF($N176=\"\",\" \",\nIF(AND($C176<>\"S\",OR($R176=\"\",$R176=\"(digite a descrição aqui)\")),\"DESCRIÇÃO\",\nIF(AND($C176=\"S\",OR($Q176<>\"\",$T176>0,$U176>0),$P176=\"\"),\"FONTE\",\nIF(AND($C176=\"S\",$P176<>\"\",OR($T176>0,$U176>0),$Q176=\"\"),\"CÓDIGO\",\nIF(AND($C176=\"S\",$P176<>\"\",$Q176<>\"\",$R176=\"(Código não identificado nas referências)\"),\"CÓDIGO N/ID\",\nIF(AND($C176=\"S\",OR($R176=\"\",$R176=\"(digite a descrição aqui)\"),OR($Q176<>\"\",$T176>0,$U176>0)),\"DESCRIÇÃO\",\nIF(AND($C176=\"S\",$P176<>\"\",$Q176<>\"\",$S176=\"\"),\"UNIDADE\",\nIF(AND($C176=\"S\",$P176<>\"\",$Q176<>\"\",$U176=0),\"SEM CUSTO\",\nIF(AND(TIPOORCAMENTO=\"Licitado\",$AL176=0,$AN176>0),\"SEM PREÇO\",\nIF(AND($C176=\"S\",$P176<>\"\",$Q176<>\"\",$U176>0,AND($V176<>\"BDI 1\",$V176<>\"BDI 2\",$V176<>\"BDI 3\")),IF(ISNUMBER($V176),\"JUSTIFICAR BDI\",\"BDI\"),\nIF(OR(AND(import.recurso=\"OGU\",TIPOORCAMENTO=\"Proposto\",LEFT($O$8,5)<>\"(N/D:\",$AG176<>\"\",ORÇAMENTO.CustoUnitario>$AG176),AND(TIPOORCAMENTO=\"LICITADO\",ORÇAMENTO.PrecoUnitarioLicitado>$AN176)),\"ACIMA REF.\",\nIF(AND($C176=\"S\",$P176<>\"\",$Q176<>\"\",$T176=0,$U176>0),\"QUANT.\",\nIF(AND(Import.TipoArredondamento=\"TransfereGOV\",$L176=\"F\",$C176=\"S\",LEN($Q176)>13),\"Código >13\",\nIF(AND(Import.TipoArredondamento=\"TransfereGOV\",$L176=\"F\",$C176<>\"S\",LEN($R176)>100),\"Descrição >100\",\nIF(AND(Import.TipoArredondamento=\"TransfereGOV\",$L176=\"F\",$C176=\"S\",LEN($R176)>500),\"Descrição >500\",\nIF(AND(Import.TipoArredondamento=\"TransfereGOV\",$L176=\"F\",$C176=\"S\",LEFT(TRIM(UPPER($P176)),6)<>\"SINAPI\",ISNA(VLOOKUP(TRIM(UPPER($S176)),ListaTgov.Unidades,1,FALSE))),\"Unid. Não Disp\",\n\" \"))))))))))))))))","v":" "},{"$f":"IF(C176<=CRONO.NivelExibicao,MAX($AD$15:OFFSET(AD176,-1,0))+IF($C176<>1,1,MAX(1,COUNTIF(QCI!$A$13:$A$36,OFFSET($E176,-1,0)))),\"\")","v":""},{"$f":"IF(AND($C176=\"S\",ORÇAMENTO.CodBarra<>\"\"),IF(ORÇAMENTO.Fonte=\"\",ORÇAMENTO.CodBarra,CONCATENATE(ORÇAMENTO.Fonte,\" \",ORÇAMENTO.CodBarra)))","v":"SINAPI 95305"},{"$f":"IF(ISERROR(ORÇAMENTO.BancoRef),\"(abra o arquivo 'Referência \"&Excel_BuiltIn_Database&\".xlsm)\",IF(OR($C176<>\"S\",ORÇAMENTO.CodBarra=\"\"),\"(Sem Código)\",IF(ISERROR(MATCH($AE176,INDIRECT(ORÇAMENTO.BancoRef),0)),\"(Código não identificado nas referências)\",MATCH($AE176,INDIRECT(ORÇAMENTO.BancoRef),0))))","v":14160},{"$f":"ROUND(IF(DESONERACAO=\"sim\",REFERENCIA.Desonerado,REFERENCIA.NaoDesonerado),2)","v":14.19},0.25290000000000001,null,null,null,null,12920.54,{"$f":"ROUND(ORÇAMENTO.CustoUnitario*(1+$AH176),2)","v":17.78}]
[2,2,2,3,{"$f":"IF($C177=1,OFFSET(E177,-1,0)+MAX(1,COUNTIF(QCI!$A$13:$A$36,OFFSET(ORÇAMENTO!E177,-1,0))),OFFSET(E177,-1,0))","v":13},2,0,0,0,6,{"$f":"IF(OR($C177=\"S\",$C177=0),0,MATCH(OFFSET($D177,0,$C177)+IF($C177<>1,1,COUNTIF(QCI!$A$13:$A$36,ORÇAMENTO!E177)),OFFSET($D177,1,$C177,ROW($C$472)-ROW($C177)),0))","v":3},"F","Nível 2","Nível 2","13.2.","SINAPI",null,{"$f":"IF($C177=\"S\",REFERENCIA.Descricao,\"TETO\")","v":"TETO"},{"$f":"REFERENCIA.Unidade","v":"-"},{"$f":"OFFSET(CÁLCULO!H$15,ROW($T177)-ROW(T$15),0)","v":0},null,"BDI 1",{"$f":"IF($C177=\"S\",ROUND(IF(TIPOORCAMENTO=\"Proposto\",ORÇAMENTO.CustoUnitario*(1+$AH177),ORÇAMENTO.PrecoUnitarioLicitado),15-13*$AF$10),0)","v":0},{"$f":"IF($C177=\"S\",IF(OR(Import.TipoArredondamento<>\"TransfereGOV\",ACOMPANHAMENTO=\"BM\"),VTOTAL1,SUM(OFFSET(CÁLCULO!$AI$15,ROW($X177)-ROW($X$15),1):OFFSET(CÁLCULO!$BB$15,ROW($X177)-ROW($X$15),-1))),IF($C177=0,0,ROUND(SomaAgrup,15-13*$AF$11)))","v":14361.73},"RA","",{"$f":"IF($C177=\"S\",IF($Z177=\"CP\",$X177,IF($Z177=\"RA\",(($X177)*QCI!$AA$3),0)),SomaAgrup)","v":1242.7736871285142},{"$f":"IF($C177=\"S\",IF($Z177=\"OU\",ROUND($X177,2),0),SomaAgrup)","v":0},{"$f":"IF($N177=\"\",\" \",\nIF(AND($C177<>\"S\",OR($R177=\"\",$R177=\"(digite a descrição aqui)\")),\"DESCRIÇÃO\",\nIF(AND($C177=\"S\",OR($Q177<>\"\",$T177>0,$U177>0),$P177=\"\"),\"FONTE\",\nIF(AND($C177=\"S\",$P177<>\"\",OR($T177>0,$U177>0),$Q177=\"\"),\"CÓDIGO\",\nIF(AND($C177=\"S\",$P177<>\"\",$Q177<>\"\",$R177=\"(Código não identificado nas referências)\"),\"CÓDIGO N/ID\",\nIF(AND($C177=\"S\",OR($R177=\"\",$R177=\"(digite a descrição aqui)\"),OR($Q177<>\"\",$T177>0,$U177>0)),\"DESCRIÇÃO\",\nIF(AND($C177=\"S\",$P177<>\"\",$Q177<>\"\",$S177=\"\"),\"UNIDADE\",\nIF(AND($C177=\"S\",$P177<>\"\",$Q177<>\"\",$U177=0),\"SEM CUSTO\",\nIF(AND(TIPOORCAMENTO=\"Licitado\",$AL177=0,$AN177>0),\"SEM PREÇO\",\nIF(AND($C177=\"S\",$P177<>\"\",$Q177<>\"\",$U177>0,AND($V177<>\"BDI 1\",$V177<>\"BDI 2\",$V177<>\"BDI 3\")),IF(ISNUMBER($V177),\"JUSTIFICAR BDI\",\"BDI\"),\nIF(OR(AND(import.recurso=\"OGU\",TIPOORCAMENTO=\"Proposto\",LEFT($O$8,5)<>\"(N/D:\",$AG177<>\"\",ORÇAMENTO.CustoUnitario>$AG177),AND(TIPOORCAMENTO=\"LICITADO\",ORÇAMENTO.PrecoUnitarioLicitado>$AN177)),\"ACIMA REF.\",\nIF(AND($C177=\"S\",$P177<>\"\",$Q177<>\"\",$T177=0,$U177>0),\"QUANT.\",\nIF(AND(Import.TipoArredondamento=\"TransfereGOV\",$L177=\"F\",$C177=\"S\",LEN($Q177)>13),\"Código >13\",\nIF(AND(Import.TipoArredondamento=\"TransfereGOV\",$L177=\"F\",$C177<>\"S\",LEN($R177)>100),\"Descrição >100\",\nIF(AND(Import.TipoArredondamento=\"TransfereGOV\",$L177=\"F\",$C177=\"S\",LEN($R177)>500),\"Descrição >500\",\nIF(AND(Import.TipoArredondamento=\"TransfereGOV\",$L177=\"F\",$C177=\"S\",LEFT(TRIM(UPPER($P177)),6)<>\"SINAPI\",ISNA(VLOOKUP(TRIM(UPPER($S177)),ListaTgov.Unidades,1,FALSE))),\"Unid. Não Disp\",\n\" \"))))))))))))))))","v":" "},{"$f":"IF(C177<=CRONO.NivelExibicao,MAX($AD$15:OFFSET(AD177,-1,0))+IF($C177<>1,1,MAX(1,COUNTIF(QCI!$A$13:$A$36,OFFSET($E177,-1,0)))),\"\")","v":42},{"$f":"IF(AND($C177=\"S\",ORÇAMENTO.CodBarra<>\"\"),IF(ORÇAMENTO.Fonte=\"\",ORÇAMENTO.CodBarra,CONCATENATE(ORÇAMENTO.Fonte,\" \",ORÇAMENTO.CodBarra)))","v":false},{"$f":"IF(ISERROR(ORÇAMENTO.BancoRef),\"(abra o arquivo 'Referência \"&Excel_BuiltIn_Database&\".xlsm)\",IF(OR($C177<>\"S\",ORÇAMENTO.CodBarra=\"\"),\"(Sem Código)\",IF(ISERROR(MATCH($AE177,INDIRECT(ORÇAMENTO.BancoRef),0)),\"(Código não identificado nas referências)\",MATCH($AE177,INDIRECT(ORÇAMENTO.BancoRef),0))))","v":"(Sem Código)"},{"$f":"ROUND(IF(DESONERACAO=\"sim\",REFERENCIA.Desonerado,REFERENCIA.NaoDesonerado),2)","v":0},0.25290000000000001,null,null,null,null,14361.73,{"$f":"ROUND(ORÇAMENTO.CustoUnitario*(1+$AH177),2)","v":0}]
["S",2,"S",0,{"$f":"IF($C178=1,OFFSET(E178,-1,0)+MAX(1,COUNTIF(QCI!$A$13:$A$36,OFFSET(ORÇAMENTO!E178,-1,0))),OFFSET(E178,-1,0))","v":13},2,0,0,1,0,{"$f":"IF(OR($C178=\"S\",$C178=0),0,MATCH(OFFSET($D178,0,$C178)+IF($C178<>1,1,COUNTIF(QCI!$A$13:$A$36,ORÇAMENTO!E178)),OFFSET($D178,1,$C178,ROW($C$472)-ROW($C178)),0))","v":0},"F","Serviço","Serviço","13.2.0.1.","SINAPI","88494",{"$f":"IF($C178=\"S\",REFERENCIA.Descricao,\"(digite a descrição aqui)\")","v":"EMASSAMENTO COM MASSA LÁTEX, APLICAÇÃO EM TETO, UMA DEMÃO, LIXAMENTO MANUAL. AF_04/2023"},{"$f":"REFERENCIA.Unidade","v":"M2"},{"$f":"OFFSET(CÁLCULO!H$15,ROW($T178)-ROW(T$15),0)","v":340.81},{"$f":"AG178","v":21.61},"BDI 1",{"$f":"IF($C178=\"S\",ROUND(IF(TIPOORCAMENTO=\"Proposto\",ORÇAMENTO.CustoUnitario*(1+$AH178),ORÇAMENTO.PrecoUnitarioLicitado),15-13*$AF$10),0)","v":27.08},{"$f":"IF($C178=\"S\",IF(OR(Import.TipoArredondamento<>\"TransfereGOV\",ACOMPANHAMENTO=\"BM\"),VTOTAL1,SUM(OFFSET(CÁLCULO!$AI$15,ROW($X178)-ROW($X$15),1):OFFSET(CÁLCULO!$BB$15,ROW($X178)-ROW($X$15),-1))),IF($C178=0,0,ROUND(SomaAgrup,15-13*$AF$11)))","v":9229.1299999999992},"RA","RA",{"$f":"IF($C178=\"S\",IF($Z178=\"CP\",$X178,IF($Z178=\"RA\",(($X178)*QCI!$AA$3),0)),SomaAgrup)","v":798.63079998637932},{"$f":"IF($C178=\"S\",IF($Z178=\"OU\",ROUND($X178,2),0),SomaAgrup)","v":0},{"$f":"IF($N178=\"\",\" \",\nIF(AND($C178<>\"S\",OR($R178=\"\",$R178=\"(digite a descrição aqui)\")),\"DESCRIÇÃO\",\nIF(AND($C178=\"S\",OR($Q178<>\"\",$T178>0,$U178>0),$P178=\"\"),\"FONTE\",\nIF(AND($C178=\"S\",$P178<>\"\",OR($T178>0,$U178>0),$Q178=\"\"),\"CÓDIGO\",\nIF(AND($C178=\"S\",$P178<>\"\",$Q178<>\"\",$R178=\"(Código não identificado nas referências)\"),\"CÓDIGO N/ID\",\nIF(AND($C178=\"S\",OR($R178=\"\",$R178=\"(digite a descrição aqui)\"),OR($Q178<>\"\",$T178>0,$U178>0)),\"DESCRIÇÃO\",\nIF(AND($C178=\"S\",$P178<>\"\",$Q178<>\"\",$S178=\"\"),\"UNIDADE\",\nIF(AND($C178=\"S\",$P178<>\"\",$Q178<>\"\",$U178=0),\"SEM CUSTO\",\nIF(AND(TIPOORCAMENTO=\"Licitado\",$AL178=0,$AN178>0),\"SEM PREÇO\",\nIF(AND($C178=\"S\",$P178<>\"\",$Q178<>\"\",$U178>0,AND($V178<>\"BDI 1\",$V178<>\"BDI 2\",$V178<>\"BDI 3\")),IF(ISNUMBER($V178),\"JUSTIFICAR BDI\",\"BDI\"),\nIF(OR(AND(import.recurso=\"OGU\",TIPOORCAMENTO=\"Proposto\",LEFT($O$8,5)<>\"(N/D:\",$AG178<>\"\",ORÇAMENTO.CustoUnitario>$AG178),AND(TIPOORCAMENTO=\"LICITADO\",ORÇAMENTO.PrecoUnitarioLicitado>$AN178)),\"ACIMA REF.\",\nIF(AND($C178=\"S\",$P178<>\"\",$Q178<>\"\",$T178=0,$U178>0),\"QUANT.\",\nIF(AND(Import.TipoArredondamento=\"TransfereGOV\",$L178=\"F\",$C178=\"S\",LEN($Q178)>13),\"Código >13\",\nIF(AND(Import.TipoArredondamento=\"TransfereGOV\",$L178=\"F\",$C178<>\"S\",LEN($R178)>100),\"Descrição >100\",\nIF(AND(Import.TipoArredondamento=\"TransfereGOV\",$L178=\"F\",$C178=\"S\",LEN($R178)>500),\"Descrição >500\",\nIF(AND(Import.TipoArredondamento=\"TransfereGOV\",$L178=\"F\",$C178=\"S\",LEFT(TRIM(UPPER($P178)),6)<>\"SINAPI\",ISNA(VLOOKUP(TRIM(UPPER($S178)),ListaTgov.Unidades,1,FALSE))),\"Unid. Não Disp\",\n\" \"))))))))))))))))","v":" "},{"$f":"IF(C178<=CRONO.NivelExibicao,MAX($AD$15:OFFSET(AD178,-1,0))+IF($C178<>1,1,MAX(1,COUNTIF(QCI!$A$13:$A$36,OFFSET($E178,-1,0)))),\"\")","v":""},{"$f":"IF(AND($C178=\"S\",ORÇAMENTO.CodBarra<>\"\"),IF(ORÇAMENTO.Fonte=\"\",ORÇAMENTO.CodBarra,CONCATENATE(ORÇAMENTO.Fonte,\" \",ORÇAMENTO.CodBarra)))","v":"SINAPI 88494"},{"$f":"IF(ISERROR(ORÇAMENTO.BancoRef),\"(abra o arquivo 'Referência \"&Excel_BuiltIn_Database&\".xlsm)\",IF(OR($C178<>\"S\",ORÇAMENTO.CodBarra=\"\"),\"(Sem Código)\",IF(ISERROR(MATCH($AE178,INDIRECT(ORÇAMENTO.BancoRef),0)),\"(Código não identificado nas referências)\",MATCH($AE178,INDIRECT(ORÇAMENTO.BancoRef),0))))","v":14146},{"$f":"ROUND(IF(DESONERACAO=\"sim\",REFERENCIA.Desonerado,REFERENCIA.NaoDesonerado),2)","v":21.61},0.25290000000000001,null,null,null,null,9229.1299999999992,{"$f":"ROUND(ORÇAMENTO.CustoUnitario*(1+$AH178),2)","v":27.08}]
["S",2,"S",0,{"$f":"IF($C179=1,OFFSET(E179,-1,0)+MAX(1,COUNTIF(QCI!$A$13:$A$36,OFFSET(ORÇAMENTO!E179,-1,0))),OFFSET(E179,-1,0))","v":13},2,0,0,2,0,{"$f":"IF(OR($C179=\"S\",$C179=0),0,MATCH(OFFSET($D179,0,$C179)+IF($C179<>1,1,COUNTIF(QCI!$A$13:$A$36,ORÇAMENTO!E179)),OFFSET($D179,1,$C179,ROW($C$472)-ROW($C179)),0))","v":0},"F","Serviço","Serviço","13.2.0.2.","SINAPI","104639",{"$f":"IF($C179=\"S\",REFERENCIA.Descricao,\"(digite a descrição aqui)\")","v":"PINTURA LÁTEX ACRÍLICA ECONÔMICA, APLICAÇÃO MANUAL EM TETO, DUAS DEMÃOS. AF_04/2023"},{"$f":"REFERENCIA.Unidade","v":"M2"},{"$f":"OFFSET(CÁLCULO!H$15,ROW($T179)-ROW(T$15),0)","v":340.81},{"$f":"AG179","v":12.02},"BDI 1",{"$f":"IF($C179=\"S\",ROUND(IF(TIPOORCAMENTO=\"Proposto\",ORÇAMENTO.CustoUnitario*(1+$AH179),ORÇAMENTO.PrecoUnitarioLicitado),15-13*$AF$10),0)","v":15.06},{"$f":"IF($C179=\"S\",IF(OR(Import.TipoArredondamento<>\"TransfereGOV\",ACOMPANHAMENTO=\"BM\"),VTOTAL1,SUM(OFFSET(CÁLCULO!$AI$15,ROW($X179)-ROW($X$15),1):OFFSET(CÁLCULO!$BB$15,ROW($X179)-ROW($X$15),-1))),IF($C179=0,0,ROUND(SomaAgrup,15-13*$AF$11)))","v":5132.6000000000004},"RA","RA",{"$f":"IF($C179=\"S\",IF($Z179=\"CP\",$X179,IF($Z179=\"RA\",(($X179)*QCI!$AA$3),0)),SomaAgrup)","v":444.14288714213484},{"$f":"IF($C179=\"S\",IF($Z179=\"OU\",ROUND($X179,2),0),SomaAgrup)","v":0},{"$f":"IF($N179=\"\",\" \",\nIF(AND($C179<>\"S\",OR($R179=\"\",$R179=\"(digite a descrição aqui)\")),\"DESCRIÇÃO\",\nIF(AND($C179=\"S\",OR($Q179<>\"\",$T179>0,$U179>0),$P179=\"\"),\"FONTE\",\nIF(AND($C179=\"S\",$P179<>\"\",OR($T179>0,$U179>0),$Q179=\"\"),\"CÓDIGO\",\nIF(AND($C179=\"S\",$P179<>\"\",$Q179<>\"\",$R179=\"(Código não identificado nas referências)\"),\"CÓDIGO N/ID\",\nIF(AND($C179=\"S\",OR($R179=\"\",$R179=\"(digite a descrição aqui)\"),OR($Q179<>\"\",$T179>0,$U179>0)),\"DESCRIÇÃO\",\nIF(AND($C179=\"S\",$P179<>\"\",$Q179<>\"\",$S179=\"\"),\"UNIDADE\",\nIF(AND($C179=\"S\",$P179<>\"\",$Q179<>\"\",$U179=0),\"SEM CUSTO\",\nIF(AND(TIPOORCAMENTO=\"Licitado\",$AL179=0,$AN179>0),\"SEM PREÇO\",\nIF(AND($C179=\"S\",$P179<>\"\",$Q179<>\"\",$U179>0,AND($V179<>\"BDI 1\",$V179<>\"BDI 2\",$V179<>\"BDI 3\")),IF(ISNUMBER($V179),\"JUSTIFICAR BDI\",\"BDI\"),\nIF(OR(AND(import.recurso=\"OGU\",TIPOORCAMENTO=\"Proposto\",LEFT($O$8,5)<>\"(N/D:\",$AG179<>\"\",ORÇAMENTO.CustoUnitario>$AG179),AND(TIPOORCAMENTO=\"LICITADO\",ORÇAMENTO.PrecoUnitarioLicitado>$AN179)),\"ACIMA REF.\",\nIF(AND($C179=\"S\",$P179<>\"\",$Q179<>\"\",$T179=0,$U179>0),\"QUANT.\",\nIF(AND(Import.TipoArredondamento=\"TransfereGOV\",$L179=\"F\",$C179=\"S\",LEN($Q179)>13),\"Código >13\",\nIF(AND(Import.TipoArredondamento=\"TransfereGOV\",$L179=\"F\",$C179<>\"S\",LEN($R179)>100),\"Descrição >100\",\nIF(AND(Import.TipoArredondamento=\"TransfereGOV\",$L179=\"F\",$C179=\"S\",LEN($R179)>500),\"Descrição >500\",\nIF(AND(Import.TipoArredondamento=\"TransfereGOV\",$L179=\"F\",$C179=\"S\",LEFT(TRIM(UPPER($P179)),6)<>\"SINAPI\",ISNA(VLOOKUP(TRIM(UPPER($S179)),ListaTgov.Unidades,1,FALSE))),\"Unid. Não Disp\",\n\" \"))))))))))))))))","v":" "},{"$f":"IF(C179<=CRONO.NivelExibicao,MAX($AD$15:OFFSET(AD179,-1,0))+IF($C179<>1,1,MAX(1,COUNTIF(QCI!$A$13:$A$36,OFFSET($E179,-1,0)))),\"\")","v":""},{"$f":"IF(AND($C179=\"S\",ORÇAMENTO.CodBarra<>\"\"),IF(ORÇAMENTO.Fonte=\"\",ORÇAMENTO.CodBarra,CONCATENATE(ORÇAMENTO.Fonte,\" \",ORÇAMENTO.CodBarra)))","v":"SINAPI 104639"},{"$f":"IF(ISERROR(ORÇAMENTO.BancoRef),\"(abra o arquivo 'Referência \"&Excel_BuiltIn_Database&\".xlsm)\",IF(OR($C179<>\"S\",ORÇAMENTO.CodBarra=\"\"),\"(Sem Código)\",IF(ISERROR(MATCH($AE179,INDIRECT(ORÇAMENTO.BancoRef),0)),\"(Código não identificado nas referências)\",MATCH($AE179,INDIRECT(ORÇAMENTO.BancoRef),0))))","v":14153},{"$f":"ROUND(IF(DESONERACAO=\"sim\",REFERENCIA.Desonerado,REFERENCIA.NaoDesonerado),2)","v":12.02},0.25290000000000001,null,null,null,null,5132.6000000000004,{"$f":"ROUND(ORÇAMENTO.CustoUnitario*(1+$AH179),2)","v":15.06}]
[2,2,2,3,{"$f":"IF($C180=1,OFFSET(E180,-1,0)+MAX(1,COUNTIF(QCI!$A$13:$A$36,OFFSET(ORÇAMENTO!E180,-1,0))),OFFSET(E180,-1,0))","v":13},3,0,0,0,3,{"$f":"IF(OR($C180=\"S\",$C180=0),0,MATCH(OFFSET($D180,0,$C180)+IF($C180<>1,1,COUNTIF(QCI!$A$13:$A$36,ORÇAMENTO!E180)),OFFSET($D180,1,$C180,ROW($C$472)-ROW($C180)),0))","v":135},"F","Nível 2","Nível 2","13.3.","SINAPI",null,{"$f":"IF($C180=\"S\",REFERENCIA.Descricao,\"ESQUADRIAS\")","v":"ESQUADRIAS"},{"$f":"REFERENCIA.Unidade","v":"-"},{"$f":"OFFSET(CÁLCULO!H$15,ROW($T180)-ROW(T$15),0)","v":0},null,"BDI 1",{"$f":"IF($C180=\"S\",ROUND(IF(TIPOORCAMENTO=\"Proposto\",ORÇAMENTO.CustoUnitario*(1+$AH180),ORÇAMENTO.PrecoUnitarioLicitado),15-13*$AF$10),0)","v":0},{"$f":"IF($C180=\"S\",IF(OR(Import.TipoArredondamento<>\"TransfereGOV\",ACOMPANHAMENTO=\"BM\"),VTOTAL1,SUM(OFFSET(CÁLCULO!$AI$15,ROW($X180)-ROW($X$15),1):OFFSET(CÁLCULO!$BB$15,ROW($X180)-ROW($X$15),-1))),IF($C180=0,0,ROUND(SomaAgrup,15-13*$AF$11)))","v":3485.13},"RA","",{"$f":"IF($C180=\"S\",IF($Z180=\"CP\",$X180,IF($Z180=\"RA\",(($X180)*QCI!$AA$3),0)),SomaAgrup)","v":301.58120645787096},{"$f":"IF($C180=\"S\",IF($Z180=\"OU\",ROUND($X180,2),0),SomaAgrup)","v":0},{"$f":"IF($N180=\"\",\" \",\nIF(AND($C180<>\"S\",OR($R180=\"\",$R180=\"(digite a descrição aqui)\")),\"DESCRIÇÃO\",\nIF(AND($C180=\"S\",OR($Q180<>\"\",$T180>0,$U180>0),$P180=\"\"),\"FONTE\",\nIF(AND($C180=\"S\",$P180<>\"\",OR($T180>0,$U180>0),$Q180=\"\"),\"CÓDIGO\",\nIF(AND($C180=\"S\",$P180<>\"\",$Q180<>\"\",$R180=\"(Código não identificado nas referências)\"),\"CÓDIGO N/ID\",\nIF(AND($C180=\"S\",OR($R180=\"\",$R180=\"(digite a descrição aqui)\"),OR($Q180<>\"\",$T180>0,$U180>0)),\"DESCRIÇÃO\",\nIF(AND($C180=\"S\",$P180<>\"\",$Q180<>\"\",$S180=\"\"),\"UNIDADE\",\nIF(AND($C180=\"S\",$P180<>\"\",$Q180<>\"\",$U180=0),\"SEM CUSTO\",\nIF(AND(TIPOORCAMENTO=\"Licitado\",$AL180=0,$AN180>0),\"SEM PREÇO\",\nIF(AND($C180=\"S\",$P180<>\"\",$Q180<>\"\",$U180>0,AND($V180<>\"BDI 1\",$V180<>\"BDI 2\",$V180<>\"BDI 3\")),IF(ISNUMBER($V180),\"JUSTIFICAR BDI\",\"BDI\"),\nIF(OR(AND(import.recurso=\"OGU\",TIPOORCAMENTO=\"Proposto\",LEFT($O$8,5)<>\"(N/D:\",$AG180<>\"\",ORÇAMENTO.CustoUnitario>$AG180),AND(TIPOORCAMENTO=\"LICITADO\",ORÇAMENTO.PrecoUnitarioLicitado>$AN180)),\"ACIMA REF.\",\nIF(AND($C180=\"S\",$P180<>\"\",$Q180<>\"\",$T180=0,$U180>0),\"QUANT.\",\nIF(AND(Import.TipoArredondamento=\"TransfereGOV\",$L180=\"F\",$C180=\"S\",LEN($Q180)>13),\"Código >13\",\nIF(AND(Import.TipoArredondamento=\"TransfereGOV\",$L180=\"F\",$C180<>\"S\",LEN($R180)>100),\"Descrição >100\",\nIF(AND(Import.TipoArredondamento=\"TransfereGOV\",$L180=\"F\",$C180=\"S\",LEN($R180)>500),\"Descrição >500\",\nIF(AND(Import.TipoArredondamento=\"TransfereGOV\",$L180=\"F\",$C180=\"S\",LEFT(TRIM(UPPER($P180)),6)<>\"SINAPI\",ISNA(VLOOKUP(TRIM(UPPER($S180)),ListaTgov.Unidades,1,FALSE))),\"Unid. Não Disp\",\n\" \"))))))))))))))))","v":" "},{"$f":"IF(C180<=CRONO.NivelExibicao,MAX($AD$15:OFFSET(AD180,-1,0))+IF($C180<>1,1,MAX(1,COUNTIF(QCI!$A$13:$A$36,OFFSET($E180,-1,0)))),\"\")","v":43},{"$f":"IF(AND($C180=\"S\",ORÇAMENTO.CodBarra<>\"\"),IF(ORÇAMENTO.Fonte=\"\",ORÇAMENTO.CodBarra,CONCATENATE(ORÇAMENTO.Fonte,\" \",ORÇAMENTO.CodBarra)))","v":false},{"$f":"IF(ISERROR(ORÇAMENTO.BancoRef),\"(abra o arquivo 'Referência \"&Excel_BuiltIn_Database&\".xlsm)\",IF(OR($C180<>\"S\",ORÇAMENTO.CodBarra=\"\"),\"(Sem Código)\",IF(ISERROR(MATCH($AE180,INDIRECT(ORÇAMENTO.BancoRef),0)),\"(Código não identificado nas referências)\",MATCH($AE180,INDIRECT(ORÇAMENTO.BancoRef),0))))","v":"(Sem Código)"},{"$f":"ROUND(IF(DESONERACAO=\"sim\",REFERENCIA.Desonerado,REFERENCIA.NaoDesonerado),2)","v":0},0.25290000000000001,null,null,null,null,3485.13,{"$f":"ROUND(ORÇAMENTO.CustoUnitario*(1+$AH180),2)","v":0}]
["S",2,"S",0,{"$f":"IF($C181=1,OFFSET(E181,-1,0)+MAX(1,COUNTIF(QCI!$A$13:$A$36,OFFSET(ORÇAMENTO!E181,-1,0))),OFFSET(E181,-1,0))","v":13},3,0,0,1,0,{"$f":"IF(OR($C181=\"S\",$C181=0),0,MATCH(OFFSET($D181,0,$C181)+IF($C181<>1,1,COUNTIF(QCI!$A$13:$A$36,ORÇAMENTO!E181)),OFFSET($D181,1,$C181,ROW($C$472)-ROW($C181)),0))","v":0},"F","Serviço","Serviço","13.3.0.1.","SINAPI","102197",{"$f":"IF($C181=\"S\",REFERENCIA.Descricao,\"(digite a descrição aqui)\")","v":"PINTURA FUNDO NIVELADOR ALQUÍDICO BRANCO EM MADEIRA. AF_01/2021"},{"$f":"REFERENCIA.Unidade","v":"M2"},{"$f":"OFFSET(CÁLCULO!H$15,ROW($T181)-ROW(T$15),0)","v":59.06},{"$f":"AG181","v":28.19},"BDI 1",{"$f":"IF($C181=\"S\",ROUND(IF(TIPOORCAMENTO=\"Proposto\",ORÇAMENTO.CustoUnitario*(1+$AH181),ORÇAMENTO.PrecoUnitarioLicitado),15-13*$AF$10),0)","v":35.32},{"$f":"IF($C181=\"S\",IF(OR(Import.TipoArredondamento<>\"TransfereGOV\",ACOMPANHAMENTO=\"BM\"),VTOTAL1,SUM(OFFSET(CÁLCULO!$AI$15,ROW($X181)-ROW($X$15),1):OFFSET(CÁLCULO!$BB$15,ROW($X181)-ROW($X$15),-1))),IF($C181=0,0,ROUND(SomaAgrup,15-13*$AF$11)))","v":2086},"RA","RA",{"$f":"IF($C181=\"S\",IF($Z181=\"CP\",$X181,IF($Z181=\"RA\",(($X181)*QCI!$AA$3),0)),SomaAgrup)","v":180.50930572779745},{"$f":"IF($C181=\"S\",IF($Z181=\"OU\",ROUND($X181,2),0),SomaAgrup)","v":0},{"$f":"IF($N181=\"\",\" \",\nIF(AND($C181<>\"S\",OR($R181=\"\",$R181=\"(digite a descrição aqui)\")),\"DESCRIÇÃO\",\nIF(AND($C181=\"S\",OR($Q181<>\"\",$T181>0,$U181>0),$P181=\"\"),\"FONTE\",\nIF(AND($C181=\"S\",$P181<>\"\",OR($T181>0,$U181>0),$Q181=\"\"),\"CÓDIGO\",\nIF(AND($C181=\"S\",$P181<>\"\",$Q181<>\"\",$R181=\"(Código não identificado nas referências)\"),\"CÓDIGO N/ID\",\nIF(AND($C181=\"S\",OR($R181=\"\",$R181=\"(digite a descrição aqui)\"),OR($Q181<>\"\",$T181>0,$U181>0)),\"DESCRIÇÃO\",\nIF(AND($C181=\"S\",$P181<>\"\",$Q181<>\"\",$S181=\"\"),\"UNIDADE\",\nIF(AND($C181=\"S\",$P181<>\"\",$Q181<>\"\",$U181=0),\"SEM CUSTO\",\nIF(AND(TIPOORCAMENTO=\"Licitado\",$AL181=0,$AN181>0),\"SEM PREÇO\",\nIF(AND($C181=\"S\",$P181<>\"\",$Q181<>\"\",$U181>0,AND($V181<>\"BDI 1\",$V181<>\"BDI 2\",$V181<>\"BDI 3\")),IF(ISNUMBER($V181),\"JUSTIFICAR BDI\",\"BDI\"),\nIF(OR(AND(import.recurso=\"OGU\",TIPOORCAMENTO=\"Proposto\",LEFT($O$8,5)<>\"(N/D:\",$AG181<>\"\",ORÇAMENTO.CustoUnitario>$AG181),AND(TIPOORCAMENTO=\"LICITADO\",ORÇAMENTO.PrecoUnitarioLicitado>$AN181)),\"ACIMA REF.\",\nIF(AND($C181=\"S\",$P181<>\"\",$Q181<>\"\",$T181=0,$U181>0),\"QUANT.\",\nIF(AND(Import.TipoArredondamento=\"TransfereGOV\",$L181=\"F\",$C181=\"S\",LEN($Q181)>13),\"Código >13\",\nIF(AND(Import.TipoArredondamento=\"TransfereGOV\",$L181=\"F\",$C181<>\"S\",LEN($R181)>100),\"Descrição >100\",\nIF(AND(Import.TipoArredondamento=\"TransfereGOV\",$L181=\"F\",$C181=\"S\",LEN($R181)>500),\"Descrição >500\",\nIF(AND(Import.TipoArredondamento=\"TransfereGOV\",$L181=\"F\",$C181=\"S\",LEFT(TRIM(UPPER($P181)),6)<>\"SINAPI\",ISNA(VLOOKUP(TRIM(UPPER($S181)),ListaTgov.Unidades,1,FALSE))),\"Unid. Não Disp\",\n\" \"))))))))))))))))","v":" "},{"$f":"IF(C181<=CRONO.NivelExibicao,MAX($AD$15:OFFSET(AD181,-1,0))+IF($C181<>1,1,MAX(1,COUNTIF(QCI!$A$13:$A$36,OFFSET($E181,-1,0)))),\"\")","v":""},{"$f":"IF(AND($C181=\"S\",ORÇAMENTO.CodBarra<>\"\"),IF(ORÇAMENTO.Fonte=\"\",ORÇAMENTO.CodBarra,CONCATENATE(ORÇAMENTO.Fonte,\" \",ORÇAMENTO.CodBarra)))","v":"SINAPI 102197"},{"$f":"IF(ISERROR(ORÇAMENTO.BancoRef),\"(abra o arquivo 'Referência \"&Excel_BuiltIn_Database&\".xlsm)\",IF(OR($C181<>\"S\",ORÇAMENTO.CodBarra=\"\"),\"(Sem Código)\",IF(ISERROR(MATCH($AE181,INDIRECT(ORÇAMENTO.BancoRef),0)),\"(Código não identificado nas referências)\",MATCH($AE181,INDIRECT(ORÇAMENTO.BancoRef),0))))","v":14168},{"$f":"ROUND(IF(DESONERACAO=\"sim\",REFERENCIA.Desonerado,REFERENCIA.NaoDesonerado),2)","v":28.19},0.25290000000000001,null,null,null,null,2086,{"$f":"ROUND(ORÇAMENTO.CustoUnitario*(1+$AH181),2)","v":35.32}]
["S",2,"S",0,{"$f":"IF($C182=1,OFFSET(E182,-1,0)+MAX(1,COUNTIF(QCI!$A$13:$A$36,OFFSET(ORÇAMENTO!E182,-1,0))),OFFSET(E182,-1,0))","v":13},3,0,0,2,0,{"$f":"IF(OR($C182=\"S\",$C182=0),0,MATCH(OFFSET($D182,0,$C182)+IF($C182<>1,1,COUNTIF(QCI!$A$13:$A$36,ORÇAMENTO!E182)),OFFSET($D182,1,$C182,ROW($C$472)-ROW($C182)),0))","v":0},"F","Serviço","Serviço","13.3.0.2.","SINAPI","102219",{"$f":"IF($C182=\"S\",REFERENCIA.Descricao,\"(digite a descrição aqui)\")","v":"PINTURA TINTA DE ACABAMENTO (PIGMENTADA) ESMALTE SINTÉTICO ACETINADO EM MADEIRA, 2 DEMÃOS. AF_01/2021"},{"$f":"REFERENCIA.Unidade","v":"M2"},{"$f":"OFFSET(CÁLCULO!H$15,ROW($T182)-ROW(T$15),0)","v":59.06},{"$f":"AG182","v":18.91},"BDI 1",{"$f":"IF($C182=\"S\",ROUND(IF(TIPOORCAMENTO=\"Proposto\",ORÇAMENTO.CustoUnitario*(1+$AH182),ORÇAMENTO.PrecoUnitarioLicitado),15-13*$AF$10),0)","v":23.69},{"$f":"IF($C182=\"S\",IF(OR(Import.TipoArredondamento<>\"TransfereGOV\",ACOMPANHAMENTO=\"BM\"),VTOTAL1,SUM(OFFSET(CÁLCULO!$AI$15,ROW($X182)-ROW($X$15),1):OFFSET(CÁLCULO!$BB$15,ROW($X182)-ROW($X$15),-1))),IF($C182=0,0,ROUND(SomaAgrup,15-13*$AF$11)))","v":1399.13},"RA","RA",{"$f":"IF($C182=\"S\",IF($Z182=\"CP\",$X182,IF($Z182=\"RA\",(($X182)*QCI!$AA$3),0)),SomaAgrup)","v":121.07190073007348},{"$f":"IF($C182=\"S\",IF($Z182=\"OU\",ROUND($X182,2),0),SomaAgrup)","v":0},{"$f":"IF($N182=\"\",\" \",\nIF(AND($C182<>\"S\",OR($R182=\"\",$R182=\"(digite a descrição aqui)\")),\"DESCRIÇÃO\",\nIF(AND($C182=\"S\",OR($Q182<>\"\",$T182>0,$U182>0),$P182=\"\"),\"FONTE\",\nIF(AND($C182=\"S\",$P182<>\"\",OR($T182>0,$U182>0),$Q182=\"\"),\"CÓDIGO\",\nIF(AND($C182=\"S\",$P182<>\"\",$Q182<>\"\",$R182=\"(Código não identificado nas referências)\"),\"CÓDIGO N/ID\",\nIF(AND($C182=\"S\",OR($R182=\"\",$R182=\"(digite a descrição aqui)\"),OR($Q182<>\"\",$T182>0,$U182>0)),\"DESCRIÇÃO\",\nIF(AND($C182=\"S\",$P182<>\"\",$Q182<>\"\",$S182=\"\"),\"UNIDADE\",\nIF(AND($C182=\"S\",$P182<>\"\",$Q182<>\"\",$U182=0),\"SEM CUSTO\",\nIF(AND(TIPOORCAMENTO=\"Licitado\",$AL182=0,$AN182>0),\"SEM PREÇO\",\nIF(AND($C182=\"S\",$P182<>\"\",$Q182<>\"\",$U182>0,AND($V182<>\"BDI 1\",$V182<>\"BDI 2\",$V182<>\"BDI 3\")),IF(ISNUMBER($V182),\"JUSTIFICAR BDI\",\"BDI\"),\nIF(OR(AND(import.recurso=\"OGU\",TIPOORCAMENTO=\"Proposto\",LEFT($O$8,5)<>\"(N/D:\",$AG182<>\"\",ORÇAMENTO.CustoUnitario>$AG182),AND(TIPOORCAMENTO=\"LICITADO\",ORÇAMENTO.PrecoUnitarioLicitado>$AN182)),\"ACIMA REF.\",\nIF(AND($C182=\"S\",$P182<>\"\",$Q182<>\"\",$T182=0,$U182>0),\"QUANT.\",\nIF(AND(Import.TipoArredondamento=\"TransfereGOV\",$L182=\"F\",$C182=\"S\",LEN($Q182)>13),\"Código >13\",\nIF(AND(Import.TipoArredondamento=\"TransfereGOV\",$L182=\"F\",$C182<>\"S\",LEN($R182)>100),\"Descrição >100\",\nIF(AND(Import.TipoArredondamento=\"TransfereGOV\",$L182=\"F\",$C182=\"S\",LEN($R182)>500),\"Descrição >500\",\nIF(AND(Import.TipoArredondamento=\"TransfereGOV\",$L182=\"F\",$C182=\"S\",LEFT(TRIM(UPPER($P182)),6)<>\"SINAPI\",ISNA(VLOOKUP(TRIM(UPPER($S182)),ListaTgov.Unidades,1,FALSE))),\"Unid. Não Disp\",\n\" \"))))))))))))))))","v":" "},{"$f":"IF(C182<=CRONO.NivelExibicao,MAX($AD$15:OFFSET(AD182,-1,0))+IF($C182<>1,1,MAX(1,COUNTIF(QCI!$A$13:$A$36,OFFSET($E182,-1,0)))),\"\")","v":""},{"$f":"IF(AND($C182=\"S\",ORÇAMENTO.CodBarra<>\"\"),IF(ORÇAMENTO.Fonte=\"\",ORÇAMENTO.CodBarra,CONCATENATE(ORÇAMENTO.Fonte,\" \",ORÇAMENTO.CodBarra)))","v":"SINAPI 102219"},{"$f":"IF(ISERROR(ORÇAMENTO.BancoRef),\"(abra o arquivo 'Referência \"&Excel_BuiltIn_Database&\".xlsm)\",IF(OR($C182<>\"S\",ORÇAMENTO.CodBarra=\"\"),\"(Sem Código)\",IF(ISERROR(MATCH($AE182,INDIRECT(ORÇAMENTO.BancoRef),0)),\"(Código não identificado nas referências)\",MATCH($AE182,INDIRECT(ORÇAMENTO.BancoRef),0))))","v":14181},{"$f":"ROUND(IF(DESONERACAO=\"sim\",REFERENCIA.Desonerado,REFERENCIA.NaoDesonerado),2)","v":18.91},0.25290000000000001,null,null,null,null,1399.13,{"$f":"ROUND(ORÇAMENTO.CustoUnitario*(1+$AH182),2)","v":23.69}]
[1,1,1,3,{"$f":"IF($C183=1,OFFSET(E183,-1,0)+MAX(1,COUNTIF(QCI!$A$13:$A$36,OFFSET(ORÇAMENTO!E183,-1,0))),OFFSET(E183,-1,0))","v":14},0,0,0,0,289,{"$f":"IF(OR($C183=\"S\",$C183=0),0,MATCH(OFFSET($D183,0,$C183)+IF($C183<>1,1,COUNTIF(QCI!$A$13:$A$36,ORÇAMENTO!E183)),OFFSET($D183,1,$C183,ROW($C$472)-ROW($C183)),0))","v":3},"F","Meta","Meta","14.","SINAPI",null,{"$f":"IF($C183=\"S\",REFERENCIA.Descricao,\"MARMORARIA\")","v":"MARMORARIA"},{"$f":"REFERENCIA.Unidade","v":"-"},{"$f":"OFFSET(CÁLCULO!H$15,ROW($T183)-ROW(T$15),0)","v":0},null,"BDI 1",{"$f":"IF($C183=\"S\",ROUND(IF(TIPOORCAMENTO=\"Proposto\",ORÇAMENTO.CustoUnitario*(1+$AH183),ORÇAMENTO.PrecoUnitarioLicitado),15-13*$AF$10),0)","v":0},{"$f":"IF($C183=\"S\",IF(OR(Import.TipoArredondamento<>\"TransfereGOV\",ACOMPANHAMENTO=\"BM\"),VTOTAL1,SUM(OFFSET(CÁLCULO!$AI$15,ROW($X183)-ROW($X$15),1):OFFSET(CÁLCULO!$BB$15,ROW($X183)-ROW($X$15),-1))),IF($C183=0,0,ROUND(SomaAgrup,15-13*$AF$11)))","v":11292.26},"RA","",{"$f":"IF($C183=\"S\",IF($Z183=\"CP\",$X183,IF($Z183=\"RA\",(($X183)*QCI!$AA$3),0)),SomaAgrup)","v":977.16107991264539},{"$f":"IF($C183=\"S\",IF($Z183=\"OU\",ROUND($X183,2),0),SomaAgrup)","v":0},{"$f":"IF($N183=\"\",\" \",\nIF(AND($C183<>\"S\",OR($R183=\"\",$R183=\"(digite a descrição aqui)\")),\"DESCRIÇÃO\",\nIF(AND($C183=\"S\",OR($Q183<>\"\",$T183>0,$U183>0),$P183=\"\"),\"FONTE\",\nIF(AND($C183=\"S\",$P183<>\"\",OR($T183>0,$U183>0),$Q183=\"\"),\"CÓDIGO\",\nIF(AND($C183=\"S\",$P183<>\"\",$Q183<>\"\",$R183=\"(Código não identificado nas referências)\"),\"CÓDIGO N/ID\",\nIF(AND($C183=\"S\",OR($R183=\"\",$R183=\"(digite a descrição aqui)\"),OR($Q183<>\"\",$T183>0,$U183>0)),\"DESCRIÇÃO\",\nIF(AND($C183=\"S\",$P183<>\"\",$Q183<>\"\",$S183=\"\"),\"UNIDADE\",\nIF(AND($C183=\"S\",$P183<>\"\",$Q183<>\"\",$U183=0),\"SEM CUSTO\",\nIF(AND(TIPOORCAMENTO=\"Licitado\",$AL183=0,$AN183>0),\"SEM PREÇO\",\nIF(AND($C183=\"S\",$P183<>\"\",$Q183<>\"\",$U183>0,AND($V183<>\"BDI 1\",$V183<>\"BDI 2\",$V183<>\"BDI 3\")),IF(ISNUMBER($V183),\"JUSTIFICAR BDI\",\"BDI\"),\nIF(OR(AND(import.recurso=\"OGU\",TIPOORCAMENTO=\"Proposto\",LEFT($O$8,5)<>\"(N/D:\",$AG183<>\"\",ORÇAMENTO.CustoUnitario>$AG183),AND(TIPOORCAMENTO=\"LICITADO\",ORÇAMENTO.PrecoUnitarioLicitado>$AN183)),\"ACIMA REF.\",\nIF(AND($C183=\"S\",$P183<>\"\",$Q183<>\"\",$T183=0,$U183>0),\"QUANT.\",\nIF(AND(Import.TipoArredondamento=\"TransfereGOV\",$L183=\"F\",$C183=\"S\",LEN($Q183)>13),\"Código >13\",\nIF(AND(Import.TipoArredondamento=\"TransfereGOV\",$L183=\"F\",$C183<>\"S\",LEN($R183)>100),\"Descrição >100\",\nIF(AND(Import.TipoArredondamento=\"TransfereGOV\",$L183=\"F\",$C183=\"S\",LEN($R183)>500),\"Descrição >500\",\nIF(AND(Import.TipoArredondamento=\"TransfereGOV\",$L183=\"F\",$C183=\"S\",LEFT(TRIM(UPPER($P183)),6)<>\"SINAPI\",ISNA(VLOOKUP(TRIM(UPPER($S183)),ListaTgov.Unidades,1,FALSE))),\"Unid. Não Disp\",\n\" \"))))))))))))))))","v":" "},{"$f":"IF(C183<=CRONO.NivelExibicao,MAX($AD$15:OFFSET(AD183,-1,0))+IF($C183<>1,1,MAX(1,COUNTIF(QCI!$A$13:$A$36,OFFSET($E183,-1,0)))),\"\")","v":44},{"$f":"IF(AND($C183=\"S\",ORÇAMENTO.CodBarra<>\"\"),IF(ORÇAMENTO.Fonte=\"\",ORÇAMENTO.CodBarra,CONCATENATE(ORÇAMENTO.Fonte,\" \",ORÇAMENTO.CodBarra)))","v":false},{"$f":"IF(ISERROR(ORÇAMENTO.BancoRef),\"(abra o arquivo 'Referência \"&Excel_BuiltIn_Database&\".xlsm)\",IF(OR($C183<>\"S\",ORÇAMENTO.CodBarra=\"\"),\"(Sem Código)\",IF(ISERROR(MATCH($AE183,INDIRECT(ORÇAMENTO.BancoRef),0)),\"(Código não identificado nas referências)\",MATCH($AE183,INDIRECT(ORÇAMENTO.BancoRef),0))))","v":"(Sem Código)"},{"$f":"ROUND(IF(DESONERACAO=\"sim\",REFERENCIA.Desonerado,REFERENCIA.NaoDesonerado),2)","v":0},0.25290000000000001,null,null,null,null,11292.26,{"$f":"ROUND(ORÇAMENTO.CustoUnitario*(1+$AH183),2)","v":0}]
[2,2,2,2,{"$f":"IF($C184=1,OFFSET(E184,-1,0)+MAX(1,COUNTIF(QCI!$A$13:$A$36,OFFSET(ORÇAMENTO!E184,-1,0))),OFFSET(E184,-1,0))","v":14},1,0,0,0,2,{"$f":"IF(OR($C184=\"S\",$C184=0),0,MATCH(OFFSET($D184,0,$C184)+IF($C184<>1,1,COUNTIF(QCI!$A$13:$A$36,ORÇAMENTO!E184)),OFFSET($D184,1,$C184,ROW($C$472)-ROW($C184)),0))","v":5},"F","Nível 2","Nível 2","14.1.","SINAPI",null,{"$f":"IF($C184=\"S\",REFERENCIA.Descricao,\"MARMORARIA\")","v":"MARMORARIA"},{"$f":"REFERENCIA.Unidade","v":"-"},{"$f":"OFFSET(CÁLCULO!H$15,ROW($T184)-ROW(T$15),0)","v":0},null,"BDI 1",{"$f":"IF($C184=\"S\",ROUND(IF(TIPOORCAMENTO=\"Proposto\",ORÇAMENTO.CustoUnitario*(1+$AH184),ORÇAMENTO.PrecoUnitarioLicitado),15-13*$AF$10),0)","v":0},{"$f":"IF($C184=\"S\",IF(OR(Import.TipoArredondamento<>\"TransfereGOV\",ACOMPANHAMENTO=\"BM\"),VTOTAL1,SUM(OFFSET(CÁLCULO!$AI$15,ROW($X184)-ROW($X$15),1):OFFSET(CÁLCULO!$BB$15,ROW($X184)-ROW($X$15),-1))),IF($C184=0,0,ROUND(SomaAgrup,15-13*$AF$11)))","v":11292.26},"RA","",{"$f":"IF($C184=\"S\",IF($Z184=\"CP\",$X184,IF($Z184=\"RA\",(($X184)*QCI!$AA$3),0)),SomaAgrup)","v":977.16107991264539},{"$f":"IF($C184=\"S\",IF($Z184=\"OU\",ROUND($X184,2),0),SomaAgrup)","v":0},{"$f":"IF($N184=\"\",\" \",\nIF(AND($C184<>\"S\",OR($R184=\"\",$R184=\"(digite a descrição aqui)\")),\"DESCRIÇÃO\",\nIF(AND($C184=\"S\",OR($Q184<>\"\",$T184>0,$U184>0),$P184=\"\"),\"FONTE\",\nIF(AND($C184=\"S\",$P184<>\"\",OR($T184>0,$U184>0),$Q184=\"\"),\"CÓDIGO\",\nIF(AND($C184=\"S\",$P184<>\"\",$Q184<>\"\",$R184=\"(Código não identificado nas referências)\"),\"CÓDIGO N/ID\",\nIF(AND($C184=\"S\",OR($R184=\"\",$R184=\"(digite a descrição aqui)\"),OR($Q184<>\"\",$T184>0,$U184>0)),\"DESCRIÇÃO\",\nIF(AND($C184=\"S\",$P184<>\"\",$Q184<>\"\",$S184=\"\"),\"UNIDADE\",\nIF(AND($C184=\"S\",$P184<>\"\",$Q184<>\"\",$U184=0),\"SEM CUSTO\",\nIF(AND(TIPOORCAMENTO=\"Licitado\",$AL184=0,$AN184>0),\"SEM PREÇO\",\nIF(AND($C184=\"S\",$P184<>\"\",$Q184<>\"\",$U184>0,AND($V184<>\"BDI 1\",$V184<>\"BDI 2\",$V184<>\"BDI 3\")),IF(ISNUMBER($V184),\"JUSTIFICAR BDI\",\"BDI\"),\nIF(OR(AND(import.recurso=\"OGU\",TIPOORCAMENTO=\"Proposto\",LEFT($O$8,5)<>\"(N/D:\",$AG184<>\"\",ORÇAMENTO.CustoUnitario>$AG184),AND(TIPOORCAMENTO=\"LICITADO\",ORÇAMENTO.PrecoUnitarioLicitado>$AN184)),\"ACIMA REF.\",\nIF(AND($C184=\"S\",$P184<>\"\",$Q184<>\"\",$T184=0,$U184>0),\"QUANT.\",\nIF(AND(Import.TipoArredondamento=\"TransfereGOV\",$L184=\"F\",$C184=\"S\",LEN($Q184)>13),\"Código >13\",\nIF(AND(Import.TipoArredondamento=\"TransfereGOV\",$L184=\"F\",$C184<>\"S\",LEN($R184)>100),\"Descrição >100\",\nIF(AND(Import.TipoArredondamento=\"TransfereGOV\",$L184=\"F\",$C184=\"S\",LEN($R184)>500),\"Descrição >500\",\nIF(AND(Import.TipoArredondamento=\"TransfereGOV\",$L184=\"F\",$C184=\"S\",LEFT(TRIM(UPPER($P184)),6)<>\"SINAPI\",ISNA(VLOOKUP(TRIM(UPPER($S184)),ListaTgov.Unidades,1,FALSE))),\"Unid. Não Disp\",\n\" \"))))))))))))))))","v":" "},{"$f":"IF(C184<=CRONO.NivelExibicao,MAX($AD$15:OFFSET(AD184,-1,0))+IF($C184<>1,1,MAX(1,COUNTIF(QCI!$A$13:$A$36,OFFSET($E184,-1,0)))),\"\")","v":45},{"$f":"IF(AND($C184=\"S\",ORÇAMENTO.CodBarra<>\"\"),IF(ORÇAMENTO.Fonte=\"\",ORÇAMENTO.CodBarra,CONCATENATE(ORÇAMENTO.Fonte,\" \",ORÇAMENTO.CodBarra)))","v":false},{"$f":"IF(ISERROR(ORÇAMENTO.BancoRef),\"(abra o arquivo 'Referência \"&Excel_BuiltIn_Database&\".xlsm)\",IF(OR($C184<>\"S\",ORÇAMENTO.CodBarra=\"\"),\"(Sem Código)\",IF(ISERROR(MATCH($AE184,INDIRECT(ORÇAMENTO.BancoRef),0)),\"(Código não identificado nas referências)\",MATCH($AE184,INDIRECT(ORÇAMENTO.BancoRef),0))))","v":"(Sem Código)"},{"$f":"ROUND(IF(DESONERACAO=\"sim\",REFERENCIA.Desonerado,REFERENCIA.NaoDesonerado),2)","v":0},0.25290000000000001,null,null,null,null,11292.26,{"$f":"ROUND(ORÇAMENTO.CustoUnitario*(1+$AH184),2)","v":0}]
["S",2,"S",0,{"$f":"IF($C185=1,OFFSET(E185,-1,0)+MAX(1,COUNTIF(QCI!$A$13:$A$36,OFFSET(ORÇAMENTO!E185,-1,0))),OFFSET(E185,-1,0))","v":14},1,0,0,1,0,{"$f":"IF(OR($C185=\"S\",$C185=0),0,MATCH(OFFSET($D185,0,$C185)+IF($C185<>1,1,COUNTIF(QCI!$A$13:$A$36,ORÇAMENTO!E185)),OFFSET($D185,1,$C185,ROW($C$472)-ROW($C185)),0))","v":0},"F","Serviço","Serviço","14.1.0.1.","Composição","COMP38",{"$f":"IF($C185=\"S\",REFERENCIA.Descricao,\"(digite a descrição aqui)\")","v":"TAMPO/BANCADA EM GRANITO BRANCO SIENA, E=2CM"},{"$f":"REFERENCIA.Unidade","v":"M2"},{"$f":"OFFSET(CÁLCULO!H$15,ROW($T185)-ROW(T$15),0)","v":13.42},{"$f":"AG185","v":671.6},"BDI 1",{"$f":"IF($C185=\"S\",ROUND(IF(TIPOORCAMENTO=\"Proposto\",ORÇAMENTO.CustoUnitario*(1+$AH185),ORÇAMENTO.PrecoUnitarioLicitado),15-13*$AF$10),0)","v":841.45},{"$f":"IF($C185=\"S\",IF(OR(Import.TipoArredondamento<>\"TransfereGOV\",ACOMPANHAMENTO=\"BM\"),VTOTAL1,SUM(OFFSET(CÁLCULO!$AI$15,ROW($X185)-ROW($X$15),1):OFFSET(CÁLCULO!$BB$15,ROW($X185)-ROW($X$15),-1))),IF($C185=0,0,ROUND(SomaAgrup,15-13*$AF$11)))","v":11292.26},"RA","RA",{"$f":"IF($C185=\"S\",IF($Z185=\"CP\",$X185,IF($Z185=\"RA\",(($X185)*QCI!$AA$3),0)),SomaAgrup)","v":977.16107991264539},{"$f":"IF($C185=\"S\",IF($Z185=\"OU\",ROUND($X185,2),0),SomaAgrup)","v":0},{"$f":"IF($N185=\"\",\" \",\nIF(AND($C185<>\"S\",OR($R185=\"\",$R185=\"(digite a descrição aqui)\")),\"DESCRIÇÃO\",\nIF(AND($C185=\"S\",OR($Q185<>\"\",$T185>0,$U185>0),$P185=\"\"),\"FONTE\",\nIF(AND($C185=\"S\",$P185<>\"\",OR($T185>0,$U185>0),$Q185=\"\"),\"CÓDIGO\",\nIF(AND($C185=\"S\",$P185<>\"\",$Q185<>\"\",$R185=\"(Código não identificado nas referências)\"),\"CÓDIGO N/ID\",\nIF(AND($C185=\"S\",OR($R185=\"\",$R185=\"(digite a descrição aqui)\"),OR($Q185<>\"\",$T185>0,$U185>0)),\"DESCRIÇÃO\",\nIF(AND($C185=\"S\",$P185<>\"\",$Q185<>\"\",$S185=\"\"),\"UNIDADE\",\nIF(AND($C185=\"S\",$P185<>\"\",$Q185<>\"\",$U185=0),\"SEM CUSTO\",\nIF(AND(TIPOORCAMENTO=\"Licitado\",$AL185=0,$AN185>0),\"SEM PREÇO\",\nIF(AND($C185=\"S\",$P185<>\"\",$Q185<>\"\",$U185>0,AND($V185<>\"BDI 1\",$V185<>\"BDI 2\",$V185<>\"BDI 3\")),IF(ISNUMBER($V185),\"JUSTIFICAR BDI\",\"BDI\"),\nIF(OR(AND(import.recurso=\"OGU\",TIPOORCAMENTO=\"Proposto\",LEFT($O$8,5)<>\"(N/D:\",$AG185<>\"\",ORÇAMENTO.CustoUnitario>$AG185),AND(TIPOORCAMENTO=\"LICITADO\",ORÇAMENTO.PrecoUnitarioLicitado>$AN185)),\"ACIMA REF.\",\nIF(AND($C185=\"S\",$P185<>\"\",$Q185<>\"\",$T185=0,$U185>0),\"QUANT.\",\nIF(AND(Import.TipoArredondamento=\"TransfereGOV\",$L185=\"F\",$C185=\"S\",LEN($Q185)>13),\"Código >13\",\nIF(AND(Import.TipoArredondamento=\"TransfereGOV\",$L185=\"F\",$C185<>\"S\",LEN($R185)>100),\"Descrição >100\",\nIF(AND(Import.TipoArredondamento=\"TransfereGOV\",$L185=\"F\",$C185=\"S\",LEN($R185)>500),\"Descrição >500\",\nIF(AND(Import.TipoArredondamento=\"TransfereGOV\",$L185=\"F\",$C185=\"S\",LEFT(TRIM(UPPER($P185)),6)<>\"SINAPI\",ISNA(VLOOKUP(TRIM(UPPER($S185)),ListaTgov.Unidades,1,FALSE))),\"Unid. Não Disp\",\n\" \"))))))))))))))))","v":" "},{"$f":"IF(C185<=CRONO.NivelExibicao,MAX($AD$15:OFFSET(AD185,-1,0))+IF($C185<>1,1,MAX(1,COUNTIF(QCI!$A$13:$A$36,OFFSET($E185,-1,0)))),\"\")","v":""},{"$f":"IF(AND($C185=\"S\",ORÇAMENTO.CodBarra<>\"\"),IF(ORÇAMENTO.Fonte=\"\",ORÇAMENTO.CodBarra,CONCATENATE(ORÇAMENTO.Fonte,\" \",ORÇAMENTO.CodBarra)))","v":"Composição COMP38"},{"$f":"IF(ISERROR(ORÇAMENTO.BancoRef),\"(abra o arquivo 'Referência \"&Excel_BuiltIn_Database&\".xlsm)\",IF(OR($C185<>\"S\",ORÇAMENTO.CodBarra=\"\"),\"(Sem Código)\",IF(ISERROR(MATCH($AE185,INDIRECT(ORÇAMENTO.BancoRef),0)),\"(Código não identificado nas referências)\",MATCH($AE185,INDIRECT(ORÇAMENTO.BancoRef),0))))","v":40},{"$f":"ROUND(IF(DESONERACAO=\"sim\",REFERENCIA.Desonerado,REFERENCIA.NaoDesonerado),2)","v":671.6},0.25290000000000001,null,null,null,null,11292.26,{"$f":"ROUND(ORÇAMENTO.CustoUnitario*(1+$AH185),2)","v":841.45}]
[1,1,1,26,{"$f":"IF($C186=1,OFFSET(E186,-1,0)+MAX(1,COUNTIF(QCI!$A$13:$A$36,OFFSET(ORÇAMENTO!E186,-1,0))),OFFSET(E186,-1,0))","v":15},0,0,0,0,286,{"$f":"IF(OR($C186=\"S\",$C186=0),0,MATCH(OFFSET($D186,0,$C186)+IF($C186<>1,1,COUNTIF(QCI!$A$13:$A$36,ORÇAMENTO!E186)),OFFSET($D186,1,$C186,ROW($C$472)-ROW($C186)),0))","v":26},"F","Meta","Meta","15.","SINAPI",null,{"$f":"IF($C186=\"S\",REFERENCIA.Descricao,\"LOUÇAS, METAIS E ACESSÓRIOS\")","v":"LOUÇAS, METAIS E ACESSÓRIOS"},{"$f":"REFERENCIA.Unidade","v":"-"},{"$f":"OFFSET(CÁLCULO!H$15,ROW($T186)-ROW(T$15),0)","v":0},null,"BDI 1",{"$f":"IF($C186=\"S\",ROUND(IF(TIPOORCAMENTO=\"Proposto\",ORÇAMENTO.CustoUnitario*(1+$AH186),ORÇAMENTO.PrecoUnitarioLicitado),15-13*$AF$10),0)","v":0},{"$f":"IF($C186=\"S\",IF(OR(Import.TipoArredondamento<>\"TransfereGOV\",ACOMPANHAMENTO=\"BM\"),VTOTAL1,SUM(OFFSET(CÁLCULO!$AI$15,ROW($X186)-ROW($X$15),1):OFFSET(CÁLCULO!$BB$15,ROW($X186)-ROW($X$15),-1))),IF($C186=0,0,ROUND(SomaAgrup,15-13*$AF$11)))","v":65906.820000000007},"RA","",{"$f":"IF($C186=\"S\",IF($Z186=\"CP\",$X186,IF($Z186=\"RA\",(($X186)*QCI!$AA$3),0)),SomaAgrup)","v":5703.1612276734977},{"$f":"IF($C186=\"S\",IF($Z186=\"OU\",ROUND($X186,2),0),SomaAgrup)","v":0},{"$f":"IF($N186=\"\",\" \",\nIF(AND($C186<>\"S\",OR($R186=\"\",$R186=\"(digite a descrição aqui)\")),\"DESCRIÇÃO\",\nIF(AND($C186=\"S\",OR($Q186<>\"\",$T186>0,$U186>0),$P186=\"\"),\"FONTE\",\nIF(AND($C186=\"S\",$P186<>\"\",OR($T186>0,$U186>0),$Q186=\"\"),\"CÓDIGO\",\nIF(AND($C186=\"S\",$P186<>\"\",$Q186<>\"\",$R186=\"(Código não identificado nas referências)\"),\"CÓDIGO N/ID\",\nIF(AND($C186=\"S\",OR($R186=\"\",$R186=\"(digite a descrição aqui)\"),OR($Q186<>\"\",$T186>0,$U186>0)),\"DESCRIÇÃO\",\nIF(AND($C186=\"S\",$P186<>\"\",$Q186<>\"\",$S186=\"\"),\"UNIDADE\",\nIF(AND($C186=\"S\",$P186<>\"\",$Q186<>\"\",$U186=0),\"SEM CUSTO\",\nIF(AND(TIPOORCAMENTO=\"Licitado\",$AL186=0,$AN186>0),\"SEM PREÇO\",\nIF(AND($C186=\"S\",$P186<>\"\",$Q186<>\"\",$U186>0,AND($V186<>\"BDI 1\",$V186<>\"BDI 2\",$V186<>\"BDI 3\")),IF(ISNUMBER($V186),\"JUSTIFICAR BDI\",\"BDI\"),\nIF(OR(AND(import.recurso=\"OGU\",TIPOORCAMENTO=\"Proposto\",LEFT($O$8,5)<>\"(N/D:\",$AG186<>\"\",ORÇAMENTO.CustoUnitario>$AG186),AND(TIPOORCAMENTO=\"LICITADO\",ORÇAMENTO.PrecoUnitarioLicitado>$AN186)),\"ACIMA REF.\",\nIF(AND($C186=\"S\",$P186<>\"\",$Q186<>\"\",$T186=0,$U186>0),\"QUANT.\",\nIF(AND(Import.TipoArredondamento=\"TransfereGOV\",$L186=\"F\",$C186=\"S\",LEN($Q186)>13),\"Código >13\",\nIF(AND(Import.TipoArredondamento=\"TransfereGOV\",$L186=\"F\",$C186<>\"S\",LEN($R186)>100),\"Descrição >100\",\nIF(AND(Import.TipoArredondamento=\"TransfereGOV\",$L186=\"F\",$C186=\"S\",LEN($R186)>500),\"Descrição >500\",\nIF(AND(Import.TipoArredondamento=\"TransfereGOV\",$L186=\"F\",$C186=\"S\",LEFT(TRIM(UPPER($P186)),6)<>\"SINAPI\",ISNA(VLOOKUP(TRIM(UPPER($S186)),ListaTgov.Unidades,1,FALSE))),\"Unid. Não Disp\",\n\" \"))))))))))))))))","v":" "},{"$f":"IF(C186<=CRONO.NivelExibicao,MAX($AD$15:OFFSET(AD186,-1,0))+IF($C186<>1,1,MAX(1,COUNTIF(QCI!$A$13:$A$36,OFFSET($E186,-1,0)))),\"\")","v":46},{"$f":"IF(AND($C186=\"S\",ORÇAMENTO.CodBarra<>\"\"),IF(ORÇAMENTO.Fonte=\"\",ORÇAMENTO.CodBarra,CONCATENATE(ORÇAMENTO.Fonte,\" \",ORÇAMENTO.CodBarra)))","v":false},{"$f":"IF(ISERROR(ORÇAMENTO.BancoRef),\"(abra o arquivo 'Referência \"&Excel_BuiltIn_Database&\".xlsm)\",IF(OR($C186<>\"S\",ORÇAMENTO.CodBarra=\"\"),\"(Sem Código)\",IF(ISERROR(MATCH($AE186,INDIRECT(ORÇAMENTO.BancoRef),0)),\"(Código não identificado nas referências)\",MATCH($AE186,INDIRECT(ORÇAMENTO.BancoRef),0))))","v":"(Sem Código)"},{"$f":"ROUND(IF(DESONERACAO=\"sim\",REFERENCIA.Desonerado,REFERENCIA.NaoDesonerado),2)","v":0},0.25290000000000001,null,null,null,null,65906.820000000007,{"$f":"ROUND(ORÇAMENTO.CustoUnitario*(1+$AH186),2)","v":0}]
[2,2,2,2,{"$f":"IF($C187=1,OFFSET(E187,-1,0)+MAX(1,COUNTIF(QCI!$A$13:$A$36,OFFSET(ORÇAMENTO!E187,-1,0))),OFFSET(E187,-1,0))","v":15},1,0,0,0,25,{"$f":"IF(OR($C187=\"S\",$C187=0),0,MATCH(OFFSET($D187,0,$C187)+IF($C187<>1,1,COUNTIF(QCI!$A$13:$A$36,ORÇAMENTO!E187)),OFFSET($D187,1,$C187,ROW($C$472)-ROW($C187)),0))","v":2},"F","Nível 2","Nível 2","15.1.","SINAPI",null,{"$f":"IF($C187=\"S\",REFERENCIA.Descricao,\"EQUIPAMENTOS\")","v":"EQUIPAMENTOS"},{"$f":"REFERENCIA.Unidade","v":"-"},{"$f":"OFFSET(CÁLCULO!H$15,ROW($T187)-ROW(T$15),0)","v":0},null,"BDI 1",{"$f":"IF($C187=\"S\",ROUND(IF(TIPOORCAMENTO=\"Proposto\",ORÇAMENTO.CustoUnitario*(1+$AH187),ORÇAMENTO.PrecoUnitarioLicitado),15-13*$AF$10),0)","v":0},{"$f":"IF($C187=\"S\",IF(OR(Import.TipoArredondamento<>\"TransfereGOV\",ACOMPANHAMENTO=\"BM\"),VTOTAL1,SUM(OFFSET(CÁLCULO!$AI$15,ROW($X187)-ROW($X$15),1):OFFSET(CÁLCULO!$BB$15,ROW($X187)-ROW($X$15),-1))),IF($C187=0,0,ROUND(SomaAgrup,15-13*$AF$11)))","v":280.58},"RA","",{"$f":"IF($C187=\"S\",IF($Z187=\"CP\",$X187,IF($Z187=\"RA\",(($X187)*QCI!$AA$3),0)),SomaAgrup)","v":24.279626558535671},{"$f":"IF($C187=\"S\",IF($Z187=\"OU\",ROUND($X187,2),0),SomaAgrup)","v":0},{"$f":"IF($N187=\"\",\" \",\nIF(AND($C187<>\"S\",OR($R187=\"\",$R187=\"(digite a descrição aqui)\")),\"DESCRIÇÃO\",\nIF(AND($C187=\"S\",OR($Q187<>\"\",$T187>0,$U187>0),$P187=\"\"),\"FONTE\",\nIF(AND($C187=\"S\",$P187<>\"\",OR($T187>0,$U187>0),$Q187=\"\"),\"CÓDIGO\",\nIF(AND($C187=\"S\",$P187<>\"\",$Q187<>\"\",$R187=\"(Código não identificado nas referências)\"),\"CÓDIGO N/ID\",\nIF(AND($C187=\"S\",OR($R187=\"\",$R187=\"(digite a descrição aqui)\"),OR($Q187<>\"\",$T187>0,$U187>0)),\"DESCRIÇÃO\",\nIF(AND($C187=\"S\",$P187<>\"\",$Q187<>\"\",$S187=\"\"),\"UNIDADE\",\nIF(AND($C187=\"S\",$P187<>\"\",$Q187<>\"\",$U187=0),\"SEM CUSTO\",\nIF(AND(TIPOORCAMENTO=\"Licitado\",$AL187=0,$AN187>0),\"SEM PREÇO\",\nIF(AND($C187=\"S\",$P187<>\"\",$Q187<>\"\",$U187>0,AND($V187<>\"BDI 1\",$V187<>\"BDI 2\",$V187<>\"BDI 3\")),IF(ISNUMBER($V187),\"JUSTIFICAR BDI\",\"BDI\"),\nIF(OR(AND(import.recurso=\"OGU\",TIPOORCAMENTO=\"Proposto\",LEFT($O$8,5)<>\"(N/D:\",$AG187<>\"\",ORÇAMENTO.CustoUnitario>$AG187),AND(TIPOORCAMENTO=\"LICITADO\",ORÇAMENTO.PrecoUnitarioLicitado>$AN187)),\"ACIMA REF.\",\nIF(AND($C187=\"S\",$P187<>\"\",$Q187<>\"\",$T187=0,$U187>0),\"QUANT.\",\nIF(AND(Import.TipoArredondamento=\"TransfereGOV\",$L187=\"F\",$C187=\"S\",LEN($Q187)>13),\"Código >13\",\nIF(AND(Import.TipoArredondamento=\"TransfereGOV\",$L187=\"F\",$C187<>\"S\",LEN($R187)>100),\"Descrição >100\",\nIF(AND(Import.TipoArredondamento=\"TransfereGOV\",$L187=\"F\",$C187=\"S\",LEN($R187)>500),\"Descrição >500\",\nIF(AND(Import.TipoArredondamento=\"TransfereGOV\",$L187=\"F\",$C187=\"S\",LEFT(TRIM(UPPER($P187)),6)<>\"SINAPI\",ISNA(VLOOKUP(TRIM(UPPER($S187)),ListaTgov.Unidades,1,FALSE))),\"Unid. Não Disp\",\n\" \"))))))))))))))))","v":" "},{"$f":"IF(C187<=CRONO.NivelExibicao,MAX($AD$15:OFFSET(AD187,-1,0))+IF($C187<>1,1,MAX(1,COUNTIF(QCI!$A$13:$A$36,OFFSET($E187,-1,0)))),\"\")","v":47},{"$f":"IF(AND($C187=\"S\",ORÇAMENTO.CodBarra<>\"\"),IF(ORÇAMENTO.Fonte=\"\",ORÇAMENTO.CodBarra,CONCATENATE(ORÇAMENTO.Fonte,\" \",ORÇAMENTO.CodBarra)))","v":false},{"$f":"IF(ISERROR(ORÇAMENTO.BancoRef),\"(abra o arquivo 'Referência \"&Excel_BuiltIn_Database&\".xlsm)\",IF(OR($C187<>\"S\",ORÇAMENTO.CodBarra=\"\"),\"(Sem Código)\",IF(ISERROR(MATCH($AE187,INDIRECT(ORÇAMENTO.BancoRef),0)),\"(Código não identificado nas referências)\",MATCH($AE187,INDIRECT(ORÇAMENTO.BancoRef),0))))","v":"(Sem Código)"},{"$f":"ROUND(IF(DESONERACAO=\"sim\",REFERENCIA.Desonerado,REFERENCIA.NaoDesonerado),2)","v":0},0.25290000000000001,null,null,null,null,280.58,{"$f":"ROUND(ORÇAMENTO.CustoUnitario*(1+$AH187),2)","v":0}]
["S",2,"S",0,{"$f":"IF($C188=1,OFFSET(E188,-1,0)+MAX(1,COUNTIF(QCI!$A$13:$A$36,OFFSET(ORÇAMENTO!E188,-1,0))),OFFSET(E188,-1,0))","v":15},1,0,0,1,0,{"$f":"IF(OR($C188=\"S\",$C188=0),0,MATCH(OFFSET($D188,0,$C188)+IF($C188<>1,1,COUNTIF(QCI!$A$13:$A$36,ORÇAMENTO!E188)),OFFSET($D188,1,$C188,ROW($C$472)-ROW($C188)),0))","v":0},"F","Serviço","Serviço","15.1.0.1.","SINAPI","100860",{"$f":"IF($C188=\"S\",REFERENCIA.Descricao,\"(digite a descrição aqui)\")","v":"CHUVEIRO ELÉTRICO COMUM CORPO PLÁSTICO, TIPO DUCHA - FORNECIMENTO E INSTALAÇÃO. AF_01/2020"},{"$f":"REFERENCIA.Unidade","v":"UN"},{"$f":"OFFSET(CÁLCULO!H$15,ROW($T188)-ROW(T$15),0)","v":2},{"$f":"AG188","v":111.97},"BDI 1",{"$f":"IF($C188=\"S\",ROUND(IF(TIPOORCAMENTO=\"Proposto\",ORÇAMENTO.CustoUnitario*(1+$AH188),ORÇAMENTO.PrecoUnitarioLicitado),15-13*$AF$10),0)","v":140.29},{"$f":"IF($C188=\"S\",IF(OR(Import.TipoArredondamento<>\"TransfereGOV\",ACOMPANHAMENTO=\"BM\"),VTOTAL1,SUM(OFFSET(CÁLCULO!$AI$15,ROW($X188)-ROW($X$15),1):OFFSET(CÁLCULO!$BB$15,ROW($X188)-ROW($X$15),-1))),IF($C188=0,0,ROUND(SomaAgrup,15-13*$AF$11)))","v":280.58},"RA","RA",{"$f":"IF($C188=\"S\",IF($Z188=\"CP\",$X188,IF($Z188=\"RA\",(($X188)*QCI!$AA$3),0)),SomaAgrup)","v":24.279626558535671},{"$f":"IF($C188=\"S\",IF($Z188=\"OU\",ROUND($X188,2),0),SomaAgrup)","v":0},{"$f":"IF($N188=\"\",\" \",\nIF(AND($C188<>\"S\",OR($R188=\"\",$R188=\"(digite a descrição aqui)\")),\"DESCRIÇÃO\",\nIF(AND($C188=\"S\",OR($Q188<>\"\",$T188>0,$U188>0),$P188=\"\"),\"FONTE\",\nIF(AND($C188=\"S\",$P188<>\"\",OR($T188>0,$U188>0),$Q188=\"\"),\"CÓDIGO\",\nIF(AND($C188=\"S\",$P188<>\"\",$Q188<>\"\",$R188=\"(Código não identificado nas referências)\"),\"CÓDIGO N/ID\",\nIF(AND($C188=\"S\",OR($R188=\"\",$R188=\"(digite a descrição aqui)\"),OR($Q188<>\"\",$T188>0,$U188>0)),\"DESCRIÇÃO\",\nIF(AND($C188=\"S\",$P188<>\"\",$Q188<>\"\",$S188=\"\"),\"UNIDADE\",\nIF(AND($C188=\"S\",$P188<>\"\",$Q188<>\"\",$U188=0),\"SEM CUSTO\",\nIF(AND(TIPOORCAMENTO=\"Licitado\",$AL188=0,$AN188>0),\"SEM PREÇO\",\nIF(AND($C188=\"S\",$P188<>\"\",$Q188<>\"\",$U188>0,AND($V188<>\"BDI 1\",$V188<>\"BDI 2\",$V188<>\"BDI 3\")),IF(ISNUMBER($V188),\"JUSTIFICAR BDI\",\"BDI\"),\nIF(OR(AND(import.recurso=\"OGU\",TIPOORCAMENTO=\"Proposto\",LEFT($O$8,5)<>\"(N/D:\",$AG188<>\"\",ORÇAMENTO.CustoUnitario>$AG188),AND(TIPOORCAMENTO=\"LICITADO\",ORÇAMENTO.PrecoUnitarioLicitado>$AN188)),\"ACIMA REF.\",\nIF(AND($C188=\"S\",$P188<>\"\",$Q188<>\"\",$T188=0,$U188>0),\"QUANT.\",\nIF(AND(Import.TipoArredondamento=\"TransfereGOV\",$L188=\"F\",$C188=\"S\",LEN($Q188)>13),\"Código >13\",\nIF(AND(Import.TipoArredondamento=\"TransfereGOV\",$L188=\"F\",$C188<>\"S\",LEN($R188)>100),\"Descrição >100\",\nIF(AND(Import.TipoArredondamento=\"TransfereGOV\",$L188=\"F\",$C188=\"S\",LEN($R188)>500),\"Descrição >500\",\nIF(AND(Import.TipoArredondamento=\"TransfereGOV\",$L188=\"F\",$C188=\"S\",LEFT(TRIM(UPPER($P188)),6)<>\"SINAPI\",ISNA(VLOOKUP(TRIM(UPPER($S188)),ListaTgov.Unidades,1,FALSE))),\"Unid. Não Disp\",\n\" \"))))))))))))))))","v":" "},{"$f":"IF(C188<=CRONO.NivelExibicao,MAX($AD$15:OFFSET(AD188,-1,0))+IF($C188<>1,1,MAX(1,COUNTIF(QCI!$A$13:$A$36,OFFSET($E188,-1,0)))),\"\")","v":""},{"$f":"IF(AND($C188=\"S\",ORÇAMENTO.CodBarra<>\"\"),IF(ORÇAMENTO.Fonte=\"\",ORÇAMENTO.CodBarra,CONCATENATE(ORÇAMENTO.Fonte,\" \",ORÇAMENTO.CodBarra)))","v":"SINAPI 100860"},{"$f":"IF(ISERROR(ORÇAMENTO.BancoRef),\"(abra o arquivo 'Referência \"&Excel_BuiltIn_Database&\".xlsm)\",IF(OR($C188<>\"S\",ORÇAMENTO.CodBarra=\"\"),\"(Sem Código)\",IF(ISERROR(MATCH($AE188,INDIRECT(ORÇAMENTO.BancoRef),0)),\"(Código não identificado nas referências)\",MATCH($AE188,INDIRECT(ORÇAMENTO.BancoRef),0))))","v":13480},{"$f":"ROUND(IF(DESONERACAO=\"sim\",REFERENCIA.Desonerado,REFERENCIA.NaoDesonerado),2)","v":111.97},0.25290000000000001,null,null,null,null,280.58,{"$f":"ROUND(ORÇAMENTO.CustoUnitario*(1+$AH188),2)","v":140.29}]
[2,2,2,8,{"$f":"IF($C189=1,OFFSET(E189,-1,0)+MAX(1,COUNTIF(QCI!$A$13:$A$36,OFFSET(ORÇAMENTO!E189,-1,0))),OFFSET(E189,-1,0))","v":15},2,0,0,0,23,{"$f":"IF(OR($C189=\"S\",$C189=0),0,MATCH(OFFSET($D189,0,$C189)+IF($C189<>1,1,COUNTIF(QCI!$A$13:$A$36,ORÇAMENTO!E189)),OFFSET($D189,1,$C189,ROW($C$472)-ROW($C189)),0))","v":8},"F","Nível 2","Nível 2","15.2.","SINAPI",null,{"$f":"IF($C189=\"S\",REFERENCIA.Descricao,\"LOUÇAS\")","v":"LOUÇAS"},{"$f":"REFERENCIA.Unidade","v":"-"},{"$f":"OFFSET(CÁLCULO!H$15,ROW($T189)-ROW(T$15),0)","v":0},null,"BDI 1",{"$f":"IF($C189=\"S\",ROUND(IF(TIPOORCAMENTO=\"Proposto\",ORÇAMENTO.CustoUnitario*(1+$AH189),ORÇAMENTO.PrecoUnitarioLicitado),15-13*$AF$10),0)","v":0},{"$f":"IF($C189=\"S\",IF(OR(Import.TipoArredondamento<>\"TransfereGOV\",ACOMPANHAMENTO=\"BM\"),VTOTAL1,SUM(OFFSET(CÁLCULO!$AI$15,ROW($X189)-ROW($X$15),1):OFFSET(CÁLCULO!$BB$15,ROW($X189)-ROW($X$15),-1))),IF($C189=0,0,ROUND(SomaAgrup,15-13*$AF$11)))","v":17238.68},"RA","",{"$f":"IF($C189=\"S\",IF($Z189=\"CP\",$X189,IF($Z189=\"RA\",(($X189)*QCI!$AA$3),0)),SomaAgrup)","v":1491.7268257256317},{"$f":"IF($C189=\"S\",IF($Z189=\"OU\",ROUND($X189,2),0),SomaAgrup)","v":0},{"$f":"IF($N189=\"\",\" \",\nIF(AND($C189<>\"S\",OR($R189=\"\",$R189=\"(digite a descrição aqui)\")),\"DESCRIÇÃO\",\nIF(AND($C189=\"S\",OR($Q189<>\"\",$T189>0,$U189>0),$P189=\"\"),\"FONTE\",\nIF(AND($C189=\"S\",$P189<>\"\",OR($T189>0,$U189>0),$Q189=\"\"),\"CÓDIGO\",\nIF(AND($C189=\"S\",$P189<>\"\",$Q189<>\"\",$R189=\"(Código não identificado nas referências)\"),\"CÓDIGO N/ID\",\nIF(AND($C189=\"S\",OR($R189=\"\",$R189=\"(digite a descrição aqui)\"),OR($Q189<>\"\",$T189>0,$U189>0)),\"DESCRIÇÃO\",\nIF(AND($C189=\"S\",$P189<>\"\",$Q189<>\"\",$S189=\"\"),\"UNIDADE\",\nIF(AND($C189=\"S\",$P189<>\"\",$Q189<>\"\",$U189=0),\"SEM CUSTO\",\nIF(AND(TIPOORCAMENTO=\"Licitado\",$AL189=0,$AN189>0),\"SEM PREÇO\",\nIF(AND($C189=\"S\",$P189<>\"\",$Q189<>\"\",$U189>0,AND($V189<>\"BDI 1\",$V189<>\"BDI 2\",$V189<>\"BDI 3\")),IF(ISNUMBER($V189),\"JUSTIFICAR BDI\",\"BDI\"),\nIF(OR(AND(import.recurso=\"OGU\",TIPOORCAMENTO=\"Proposto\",LEFT($O$8,5)<>\"(N/D:\",$AG189<>\"\",ORÇAMENTO.CustoUnitario>$AG189),AND(TIPOORCAMENTO=\"LICITADO\",ORÇAMENTO.PrecoUnitarioLicitado>$AN189)),\"ACIMA REF.\",\nIF(AND($C189=\"S\",$P189<>\"\",$Q189<>\"\",$T189=0,$U189>0),\"QUANT.\",\nIF(AND(Import.TipoArredondamento=\"TransfereGOV\",$L189=\"F\",$C189=\"S\",LEN($Q189)>13),\"Código >13\",\nIF(AND(Import.TipoArredondamento=\"TransfereGOV\",$L189=\"F\",$C189<>\"S\",LEN($R189)>100),\"Descrição >100\",\nIF(AND(Import.TipoArredondamento=\"TransfereGOV\",$L189=\"F\",$C189=\"S\",LEN($R189)>500),\"Descrição >500\",\nIF(AND(Import.TipoArredondamento=\"TransfereGOV\",$L189=\"F\",$C189=\"S\",LEFT(TRIM(UPPER($P189)),6)<>\"SINAPI\",ISNA(VLOOKUP(TRIM(UPPER($S189)),ListaTgov.Unidades,1,FALSE))),\"Unid. Não Disp\",\n\" \"))))))))))))))))","v":" "},{"$f":"IF(C189<=CRONO.NivelExibicao,MAX($AD$15:OFFSET(AD189,-1,0))+IF($C189<>1,1,MAX(1,COUNTIF(QCI!$A$13:$A$36,OFFSET($E189,-1,0)))),\"\")","v":48},{"$f":"IF(AND($C189=\"S\",ORÇAMENTO.CodBarra<>\"\"),IF(ORÇAMENTO.Fonte=\"\",ORÇAMENTO.CodBarra,CONCATENATE(ORÇAMENTO.Fonte,\" \",ORÇAMENTO.CodBarra)))","v":false},{"$f":"IF(ISERROR(ORÇAMENTO.BancoRef),\"(abra o arquivo 'Referência \"&Excel_BuiltIn_Database&\".xlsm)\",IF(OR($C189<>\"S\",ORÇAMENTO.CodBarra=\"\"),\"(Sem Código)\",IF(ISERROR(MATCH($AE189,INDIRECT(ORÇAMENTO.BancoRef),0)),\"(Código não identificado nas referências)\",MATCH($AE189,INDIRECT(ORÇAMENTO.BancoRef),0))))","v":"(Sem Código)"},{"$f":"ROUND(IF(DESONERACAO=\"sim\",REFERENCIA.Desonerado,REFERENCIA.NaoDesonerado),2)","v":0},0.25290000000000001,null,null,null,null,17238.68,{"$f":"ROUND(ORÇAMENTO.CustoUnitario*(1+$AH189),2)","v":0}]
["S",2,"S",0,{"$f":"IF($C190=1,OFFSET(E190,-1,0)+MAX(1,COUNTIF(QCI!$A$13:$A$36,OFFSET(ORÇAMENTO!E190,-1,0))),OFFSET(E190,-1,0))","v":15},2,0,0,1,0,{"$f":"IF(OR($C190=\"S\",$C190=0),0,MATCH(OFFSET($D190,0,$C190)+IF($C190<>1,1,COUNTIF(QCI!$A$13:$A$36,ORÇAMENTO!E190)),OFFSET($D190,1,$C190,ROW($C$472)-ROW($C190)),0))","v":0},"F","Serviço","Serviço","15.2.0.1.","SINAPI","86932",{"$f":"IF($C190=\"S\",REFERENCIA.Descricao,\"(digite a descrição aqui)\")","v":"VASO SANITÁRIO SIFONADO COM CAIXA ACOPLADA LOUÇA BRANCA - PADRÃO MÉDIO, INCLUSO ENGATE FLEXÍVEL EM METAL CROMADO, 1/2 X 40CM - FORNECIMENTO E INSTALAÇÃO. AF_01/2020"},{"$f":"REFERENCIA.Unidade","v":"UN"},{"$f":"OFFSET(CÁLCULO!H$15,ROW($T190)-ROW(T$15),0)","v":6},{"$f":"AG190","v":615.64},"BDI 1",{"$f":"IF($C190=\"S\",ROUND(IF(TIPOORCAMENTO=\"Proposto\",ORÇAMENTO.CustoUnitario*(1+$AH190),ORÇAMENTO.PrecoUnitarioLicitado),15-13*$AF$10),0)","v":771.34},{"$f":"IF($C190=\"S\",IF(OR(Import.TipoArredondamento<>\"TransfereGOV\",ACOMPANHAMENTO=\"BM\"),VTOTAL1,SUM(OFFSET(CÁLCULO!$AI$15,ROW($X190)-ROW($X$15),1):OFFSET(CÁLCULO!$BB$15,ROW($X190)-ROW($X$15),-1))),IF($C190=0,0,ROUND(SomaAgrup,15-13*$AF$11)))","v":4628.04},"RA","RA",{"$f":"IF($C190=\"S\",IF($Z190=\"CP\",$X190,IF($Z190=\"RA\",(($X190)*QCI!$AA$3),0)),SomaAgrup)","v":400.48144164931722},{"$f":"IF($C190=\"S\",IF($Z190=\"OU\",ROUND($X190,2),0),SomaAgrup)","v":0},{"$f":"IF($N190=\"\",\" \",\nIF(AND($C190<>\"S\",OR($R190=\"\",$R190=\"(digite a descrição aqui)\")),\"DESCRIÇÃO\",\nIF(AND($C190=\"S\",OR($Q190<>\"\",$T190>0,$U190>0),$P190=\"\"),\"FONTE\",\nIF(AND($C190=\"S\",$P190<>\"\",OR($T190>0,$U190>0),$Q190=\"\"),\"CÓDIGO\",\nIF(AND($C190=\"S\",$P190<>\"\",$Q190<>\"\",$R190=\"(Código não identificado nas referências)\"),\"CÓDIGO N/ID\",\nIF(AND($C190=\"S\",OR($R190=\"\",$R190=\"(digite a descrição aqui)\"),OR($Q190<>\"\",$T190>0,$U190>0)),\"DESCRIÇÃO\",\nIF(AND($C190=\"S\",$P190<>\"\",$Q190<>\"\",$S190=\"\"),\"UNIDADE\",\nIF(AND($C190=\"S\",$P190<>\"\",$Q190<>\"\",$U190=0),\"SEM CUSTO\",\nIF(AND(TIPOORCAMENTO=\"Licitado\",$AL190=0,$AN190>0),\"SEM PREÇO\",\nIF(AND($C190=\"S\",$P190<>\"\",$Q190<>\"\",$U190>0,AND($V190<>\"BDI 1\",$V190<>\"BDI 2\",$V190<>\"BDI 3\")),IF(ISNUMBER($V190),\"JUSTIFICAR BDI\",\"BDI\"),\nIF(OR(AND(import.recurso=\"OGU\",TIPOORCAMENTO=\"Proposto\",LEFT($O$8,5)<>\"(N/D:\",$AG190<>\"\",ORÇAMENTO.CustoUnitario>$AG190),AND(TIPOORCAMENTO=\"LICITADO\",ORÇAMENTO.PrecoUnitarioLicitado>$AN190)),\"ACIMA REF.\",\nIF(AND($C190=\"S\",$P190<>\"\",$Q190<>\"\",$T190=0,$U190>0),\"QUANT.\",\nIF(AND(Import.TipoArredondamento=\"TransfereGOV\",$L190=\"F\",$C190=\"S\",LEN($Q190)>13),\"Código >13\",\nIF(AND(Import.TipoArredondamento=\"TransfereGOV\",$L190=\"F\",$C190<>\"S\",LEN($R190)>100),\"Descrição >100\",\nIF(AND(Import.TipoArredondamento=\"TransfereGOV\",$L190=\"F\",$C190=\"S\",LEN($R190)>500),\"Descrição >500\",\nIF(AND(Import.TipoArredondamento=\"TransfereGOV\",$L190=\"F\",$C190=\"S\",LEFT(TRIM(UPPER($P190)),6)<>\"SINAPI\",ISNA(VLOOKUP(TRIM(UPPER($S190)),ListaTgov.Unidades,1,FALSE))),\"Unid. Não Disp\",\n\" \"))))))))))))))))","v":" "},{"$f":"IF(C190<=CRONO.NivelExibicao,MAX($AD$15:OFFSET(AD190,-1,0))+IF($C190<>1,1,MAX(1,COUNTIF(QCI!$A$13:$A$36,OFFSET($E190,-1,0)))),\"\")","v":""},{"$f":"IF(AND($C190=\"S\",ORÇAMENTO.CodBarra<>\"\"),IF(ORÇAMENTO.Fonte=\"\",ORÇAMENTO.CodBarra,CONCATENATE(ORÇAMENTO.Fonte,\" \",ORÇAMENTO.CodBarra)))","v":"SINAPI 86932"},{"$f":"IF(ISERROR(ORÇAMENTO.BancoRef),\"(abra o arquivo 'Referência \"&Excel_BuiltIn_Database&\".xlsm)\",IF(OR($C190<>\"S\",ORÇAMENTO.CodBarra=\"\"),\"(Sem Código)\",IF(ISERROR(MATCH($AE190,INDIRECT(ORÇAMENTO.BancoRef),0)),\"(Código não identificado nas referências)\",MATCH($AE190,INDIRECT(ORÇAMENTO.BancoRef),0))))","v":13547},{"$f":"ROUND(IF(DESONERACAO=\"sim\",REFERENCIA.Desonerado,REFERENCIA.NaoDesonerado),2)","v":615.64},0.25290000000000001,null,null,null,null,4628.04,{"$f":"ROUND(ORÇAMENTO.CustoUnitario*(1+$AH190),2)","v":771.34}]
["S",2,"S",0,{"$f":"IF($C191=1,OFFSET(E191,-1,0)+MAX(1,COUNTIF(QCI!$A$13:$A$36,OFFSET(ORÇAMENTO!E191,-1,0))),OFFSET(E191,-1,0))","v":15},2,0,0,2,0,{"$f":"IF(OR($C191=\"S\",$C191=0),0,MATCH(OFFSET($D191,0,$C191)+IF($C191<>1,1,COUNTIF(QCI!$A$13:$A$36,ORÇAMENTO!E191)),OFFSET($D191,1,$C191,ROW($C$472)-ROW($C191)),0))","v":0},"F","Serviço","Serviço","15.2.0.2.","Composição","COMP39",{"$f":"IF($C191=\"S\",REFERENCIA.Descricao,\"(digite a descrição aqui)\")","v":"BACIA SIFONADA COM CAIXA DE DESCARGA ACOPLADA E TAMPA - INFANTIL"},{"$f":"REFERENCIA.Unidade","v":"UN"},{"$f":"OFFSET(CÁLCULO!H$15,ROW($T191)-ROW(T$15),0)","v":1},1148.5899999999999,"BDI 1",{"$f":"IF($C191=\"S\",ROUND(IF(TIPOORCAMENTO=\"Proposto\",ORÇAMENTO.CustoUnitario*(1+$AH191),ORÇAMENTO.PrecoUnitarioLicitado),15-13*$AF$10),0)","v":1439.07},{"$f":"IF($C191=\"S\",IF(OR(Import.TipoArredondamento<>\"TransfereGOV\",ACOMPANHAMENTO=\"BM\"),VTOTAL1,SUM(OFFSET(CÁLCULO!$AI$15,ROW($X191)-ROW($X$15),1):OFFSET(CÁLCULO!$BB$15,ROW($X191)-ROW($X$15),-1))),IF($C191=0,0,ROUND(SomaAgrup,15-13*$AF$11)))","v":1439.07},"RA","RA",{"$f":"IF($C191=\"S\",IF($Z191=\"CP\",$X191,IF($Z191=\"RA\",(($X191)*QCI!$AA$3),0)),SomaAgrup)","v":124.52805685220589},{"$f":"IF($C191=\"S\",IF($Z191=\"OU\",ROUND($X191,2),0),SomaAgrup)","v":0},{"$f":"IF($N191=\"\",\" \",\nIF(AND($C191<>\"S\",OR($R191=\"\",$R191=\"(digite a descrição aqui)\")),\"DESCRIÇÃO\",\nIF(AND($C191=\"S\",OR($Q191<>\"\",$T191>0,$U191>0),$P191=\"\"),\"FONTE\",\nIF(AND($C191=\"S\",$P191<>\"\",OR($T191>0,$U191>0),$Q191=\"\"),\"CÓDIGO\",\nIF(AND($C191=\"S\",$P191<>\"\",$Q191<>\"\",$R191=\"(Código não identificado nas referências)\"),\"CÓDIGO N/ID\",\nIF(AND($C191=\"S\",OR($R191=\"\",$R191=\"(digite a descrição aqui)\"),OR($Q191<>\"\",$T191>0,$U191>0)),\"DESCRIÇÃO\",\nIF(AND($C191=\"S\",$P191<>\"\",$Q191<>\"\",$S191=\"\"),\"UNIDADE\",\nIF(AND($C191=\"S\",$P191<>\"\",$Q191<>\"\",$U191=0),\"SEM CUSTO\",\nIF(AND(TIPOORCAMENTO=\"Licitado\",$AL191=0,$AN191>0),\"SEM PREÇO\",\nIF(AND($C191=\"S\",$P191<>\"\",$Q191<>\"\",$U191>0,AND($V191<>\"BDI 1\",$V191<>\"BDI 2\",$V191<>\"BDI 3\")),IF(ISNUMBER($V191),\"JUSTIFICAR BDI\",\"BDI\"),\nIF(OR(AND(import.recurso=\"OGU\",TIPOORCAMENTO=\"Proposto\",LEFT($O$8,5)<>\"(N/D:\",$AG191<>\"\",ORÇAMENTO.CustoUnitario>$AG191),AND(TIPOORCAMENTO=\"LICITADO\",ORÇAMENTO.PrecoUnitarioLicitado>$AN191)),\"ACIMA REF.\",\nIF(AND($C191=\"S\",$P191<>\"\",$Q191<>\"\",$T191=0,$U191>0),\"QUANT.\",\nIF(AND(Import.TipoArredondamento=\"TransfereGOV\",$L191=\"F\",$C191=\"S\",LEN($Q191)>13),\"Código >13\",\nIF(AND(Import.TipoArredondamento=\"TransfereGOV\",$L191=\"F\",$C191<>\"S\",LEN($R191)>100),\"Descrição >100\",\nIF(AND(Import.TipoArredondamento=\"TransfereGOV\",$L191=\"F\",$C191=\"S\",LEN($R191)>500),\"Descrição >500\",\nIF(AND(Import.TipoArredondamento=\"TransfereGOV\",$L191=\"F\",$C191=\"S\",LEFT(TRIM(UPPER($P191)),6)<>\"SINAPI\",ISNA(VLOOKUP(TRIM(UPPER($S191)),ListaTgov.Unidades,1,FALSE))),\"Unid. Não Disp\",\n\" \"))))))))))))))))","v":" "},{"$f":"IF(C191<=CRONO.NivelExibicao,MAX($AD$15:OFFSET(AD191,-1,0))+IF($C191<>1,1,MAX(1,COUNTIF(QCI!$A$13:$A$36,OFFSET($E191,-1,0)))),\"\")","v":""},{"$f":"IF(AND($C191=\"S\",ORÇAMENTO.CodBarra<>\"\"),IF(ORÇAMENTO.Fonte=\"\",ORÇAMENTO.CodBarra,CONCATENATE(ORÇAMENTO.Fonte,\" \",ORÇAMENTO.CodBarra)))","v":"Composição COMP39"},{"$f":"IF(ISERROR(ORÇAMENTO.BancoRef),\"(abra o arquivo 'Referência \"&Excel_BuiltIn_Database&\".xlsm)\",IF(OR($C191<>\"S\",ORÇAMENTO.CodBarra=\"\"),\"(Sem Código)\",IF(ISERROR(MATCH($AE191,INDIRECT(ORÇAMENTO.BancoRef),0)),\"(Código não identificado nas referências)\",MATCH($AE191,INDIRECT(ORÇAMENTO.BancoRef),0))))","v":41},{"$f":"ROUND(IF(DESONERACAO=\"sim\",REFERENCIA.Desonerado,REFERENCIA.NaoDesonerado),2)","v":1148.5899999999999},0.25290000000000001,null,null,null,null,1439.07,{"$f":"ROUND(ORÇAMENTO.CustoUnitario*(1+$AH191),2)","v":1439.07}]
["S",2,"S",0,{"$f":"IF($C192=1,OFFSET(E192,-1,0)+MAX(1,COUNTIF(QCI!$A$13:$A$36,OFFSET(ORÇAMENTO!E192,-1,0))),OFFSET(E192,-1,0))","v":15},2,0,0,3,0,{"$f":"IF(OR($C192=\"S\",$C192=0),0,MATCH(OFFSET($D192,0,$C192)+IF($C192<>1,1,COUNTIF(QCI!$A$13:$A$36,ORÇAMENTO!E192)),OFFSET($D192,1,$C192,ROW($C$472)-ROW($C192)),0))","v":0},"F","Serviço","Serviço","15.2.0.3.","SINAPI","86939",{"$f":"IF($C192=\"S\",REFERENCIA.Descricao,\"(digite a descrição aqui)\")","v":"LAVATÓRIO LOUÇA BRANCA COM COLUNA, *44 X 35,5* CM, PADRÃO POPULAR, INCLUSO SIFÃO FLEXÍVEL EM PVC, VÁLVULA E ENGATE FLEXÍVEL 30CM EM PLÁSTICO E COM TORNEIRA CROMADA PADRÃO POPULAR - FORNECIMENTO E INSTALAÇÃO. AF_01/2020"},{"$f":"REFERENCIA.Unidade","v":"UN"},{"$f":"OFFSET(CÁLCULO!H$15,ROW($T192)-ROW(T$15),0)","v":13},468.86,"BDI 1",{"$f":"IF($C192=\"S\",ROUND(IF(TIPOORCAMENTO=\"Proposto\",ORÇAMENTO.CustoUnitario*(1+$AH192),ORÇAMENTO.PrecoUnitarioLicitado),15-13*$AF$10),0)","v":587.42999999999995},{"$f":"IF($C192=\"S\",IF(OR(Import.TipoArredondamento<>\"TransfereGOV\",ACOMPANHAMENTO=\"BM\"),VTOTAL1,SUM(OFFSET(CÁLCULO!$AI$15,ROW($X192)-ROW($X$15),1):OFFSET(CÁLCULO!$BB$15,ROW($X192)-ROW($X$15),-1))),IF($C192=0,0,ROUND(SomaAgrup,15-13*$AF$11)))","v":7636.59},"RA","RA",{"$f":"IF($C192=\"S\",IF($Z192=\"CP\",$X192,IF($Z192=\"RA\",(($X192)*QCI!$AA$3),0)),SomaAgrup)","v":660.82241564134267},{"$f":"IF($C192=\"S\",IF($Z192=\"OU\",ROUND($X192,2),0),SomaAgrup)","v":0},{"$f":"IF($N192=\"\",\" \",\nIF(AND($C192<>\"S\",OR($R192=\"\",$R192=\"(digite a descrição aqui)\")),\"DESCRIÇÃO\",\nIF(AND($C192=\"S\",OR($Q192<>\"\",$T192>0,$U192>0),$P192=\"\"),\"FONTE\",\nIF(AND($C192=\"S\",$P192<>\"\",OR($T192>0,$U192>0),$Q192=\"\"),\"CÓDIGO\",\nIF(AND($C192=\"S\",$P192<>\"\",$Q192<>\"\",$R192=\"(Código não identificado nas referências)\"),\"CÓDIGO N/ID\",\nIF(AND($C192=\"S\",OR($R192=\"\",$R192=\"(digite a descrição aqui)\"),OR($Q192<>\"\",$T192>0,$U192>0)),\"DESCRIÇÃO\",\nIF(AND($C192=\"S\",$P192<>\"\",$Q192<>\"\",$S192=\"\"),\"UNIDADE\",\nIF(AND($C192=\"S\",$P192<>\"\",$Q192<>\"\",$U192=0),\"SEM CUSTO\",\nIF(AND(TIPOORCAMENTO=\"Licitado\",$AL192=0,$AN192>0),\"SEM PREÇO\",\nIF(AND($C192=\"S\",$P192<>\"\",$Q192<>\"\",$U192>0,AND($V192<>\"BDI 1\",$V192<>\"BDI 2\",$V192<>\"BDI 3\")),IF(ISNUMBER($V192),\"JUSTIFICAR BDI\",\"BDI\"),\nIF(OR(AND(import.recurso=\"OGU\",TIPOORCAMENTO=\"Proposto\",LEFT($O$8,5)<>\"(N/D:\",$AG192<>\"\",ORÇAMENTO.CustoUnitario>$AG192),AND(TIPOORCAMENTO=\"LICITADO\",ORÇAMENTO.PrecoUnitarioLicitado>$AN192)),\"ACIMA REF.\",\nIF(AND($C192=\"S\",$P192<>\"\",$Q192<>\"\",$T192=0,$U192>0),\"QUANT.\",\nIF(AND(Import.TipoArredondamento=\"TransfereGOV\",$L192=\"F\",$C192=\"S\",LEN($Q192)>13),\"Código >13\",\nIF(AND(Import.TipoArredondamento=\"TransfereGOV\",$L192=\"F\",$C192<>\"S\",LEN($R192)>100),\"Descrição >100\",\nIF(AND(Import.TipoArredondamento=\"TransfereGOV\",$L192=\"F\",$C192=\"S\",LEN($R192)>500),\"Descrição >500\",\nIF(AND(Import.TipoArredondamento=\"TransfereGOV\",$L192=\"F\",$C192=\"S\",LEFT(TRIM(UPPER($P192)),6)<>\"SINAPI\",ISNA(VLOOKUP(TRIM(UPPER($S192)),ListaTgov.Unidades,1,FALSE))),\"Unid. Não Disp\",\n\" \"))))))))))))))))","v":" "},{"$f":"IF(C192<=CRONO.NivelExibicao,MAX($AD$15:OFFSET(AD192,-1,0))+IF($C192<>1,1,MAX(1,COUNTIF(QCI!$A$13:$A$36,OFFSET($E192,-1,0)))),\"\")","v":""},{"$f":"IF(AND($C192=\"S\",ORÇAMENTO.CodBarra<>\"\"),IF(ORÇAMENTO.Fonte=\"\",ORÇAMENTO.CodBarra,CONCATENATE(ORÇAMENTO.Fonte,\" \",ORÇAMENTO.CodBarra)))","v":"SINAPI 86939"},{"$f":"IF(ISERROR(ORÇAMENTO.BancoRef),\"(abra o arquivo 'Referência \"&Excel_BuiltIn_Database&\".xlsm)\",IF(OR($C192<>\"S\",ORÇAMENTO.CodBarra=\"\"),\"(Sem Código)\",IF(ISERROR(MATCH($AE192,INDIRECT(ORÇAMENTO.BancoRef),0)),\"(Código não identificado nas referências)\",MATCH($AE192,INDIRECT(ORÇAMENTO.BancoRef),0))))","v":13494},{"$f":"ROUND(IF(DESONERACAO=\"sim\",REFERENCIA.Desonerado,REFERENCIA.NaoDesonerado),2)","v":468.86},0.25290000000000001,null,null,null,null,7636.59,{"$f":"ROUND(ORÇAMENTO.CustoUnitario*(1+$AH192),2)","v":587.42999999999995}]
["S",2,"S",0,{"$f":"IF($C193=1,OFFSET(E193,-1,0)+MAX(1,COUNTIF(QCI!$A$13:$A$36,OFFSET(ORÇAMENTO!E193,-1,0))),OFFSET(E193,-1,0))","v":15},2,0,0,4,0,{"$f":"IF(OR($C193=\"S\",$C193=0),0,MATCH(OFFSET($D193,0,$C193)+IF($C193<>1,1,COUNTIF(QCI!$A$13:$A$36,ORÇAMENTO!E193)),OFFSET($D193,1,$C193,ROW($C$472)-ROW($C193)),0))","v":0},"F","Serviço","Serviço","15.2.0.4.","SINAPI","86919",{"$f":"IF($C193=\"S\",REFERENCIA.Descricao,\"(digite a descrição aqui)\")","v":"TANQUE DE LOUÇA BRANCA COM COLUNA, 30L OU EQUIVALENTE, INCLUSO SIFÃO FLEXÍVEL EM PVC, VÁLVULA METÁLICA E TORNEIRA DE METAL CROMADO PADRÃO MÉDIO - FORNECIMENTO E INSTALAÇÃO. AF_01/2020"},{"$f":"REFERENCIA.Unidade","v":"UN"},{"$f":"OFFSET(CÁLCULO!H$15,ROW($T193)-ROW(T$15),0)","v":1},1007.24,"BDI 1",{"$f":"IF($C193=\"S\",ROUND(IF(TIPOORCAMENTO=\"Proposto\",ORÇAMENTO.CustoUnitario*(1+$AH193),ORÇAMENTO.PrecoUnitarioLicitado),15-13*$AF$10),0)","v":1261.97},{"$f":"IF($C193=\"S\",IF(OR(Import.TipoArredondamento<>\"TransfereGOV\",ACOMPANHAMENTO=\"BM\"),VTOTAL1,SUM(OFFSET(CÁLCULO!$AI$15,ROW($X193)-ROW($X$15),1):OFFSET(CÁLCULO!$BB$15,ROW($X193)-ROW($X$15),-1))),IF($C193=0,0,ROUND(SomaAgrup,15-13*$AF$11)))","v":1261.97},"RA","RA",{"$f":"IF($C193=\"S\",IF($Z193=\"CP\",$X193,IF($Z193=\"RA\",(($X193)*QCI!$AA$3),0)),SomaAgrup)","v":109.20293794310095},{"$f":"IF($C193=\"S\",IF($Z193=\"OU\",ROUND($X193,2),0),SomaAgrup)","v":0},{"$f":"IF($N193=\"\",\" \",\nIF(AND($C193<>\"S\",OR($R193=\"\",$R193=\"(digite a descrição aqui)\")),\"DESCRIÇÃO\",\nIF(AND($C193=\"S\",OR($Q193<>\"\",$T193>0,$U193>0),$P193=\"\"),\"FONTE\",\nIF(AND($C193=\"S\",$P193<>\"\",OR($T193>0,$U193>0),$Q193=\"\"),\"CÓDIGO\",\nIF(AND($C193=\"S\",$P193<>\"\",$Q193<>\"\",$R193=\"(Código não identificado nas referências)\"),\"CÓDIGO N/ID\",\nIF(AND($C193=\"S\",OR($R193=\"\",$R193=\"(digite a descrição aqui)\"),OR($Q193<>\"\",$T193>0,$U193>0)),\"DESCRIÇÃO\",\nIF(AND($C193=\"S\",$P193<>\"\",$Q193<>\"\",$S193=\"\"),\"UNIDADE\",\nIF(AND($C193=\"S\",$P193<>\"\",$Q193<>\"\",$U193=0),\"SEM CUSTO\",\nIF(AND(TIPOORCAMENTO=\"Licitado\",$AL193=0,$AN193>0),\"SEM PREÇO\",\nIF(AND($C193=\"S\",$P193<>\"\",$Q193<>\"\",$U193>0,AND($V193<>\"BDI 1\",$V193<>\"BDI 2\",$V193<>\"BDI 3\")),IF(ISNUMBER($V193),\"JUSTIFICAR BDI\",\"BDI\"),\nIF(OR(AND(import.recurso=\"OGU\",TIPOORCAMENTO=\"Proposto\",LEFT($O$8,5)<>\"(N/D:\",$AG193<>\"\",ORÇAMENTO.CustoUnitario>$AG193),AND(TIPOORCAMENTO=\"LICITADO\",ORÇAMENTO.PrecoUnitarioLicitado>$AN193)),\"ACIMA REF.\",\nIF(AND($C193=\"S\",$P193<>\"\",$Q193<>\"\",$T193=0,$U193>0),\"QUANT.\",\nIF(AND(Import.TipoArredondamento=\"TransfereGOV\",$L193=\"F\",$C193=\"S\",LEN($Q193)>13),\"Código >13\",\nIF(AND(Import.TipoArredondamento=\"TransfereGOV\",$L193=\"F\",$C193<>\"S\",LEN($R193)>100),\"Descrição >100\",\nIF(AND(Import.TipoArredondamento=\"TransfereGOV\",$L193=\"F\",$C193=\"S\",LEN($R193)>500),\"Descrição >500\",\nIF(AND(Import.TipoArredondamento=\"TransfereGOV\",$L193=\"F\",$C193=\"S\",LEFT(TRIM(UPPER($P193)),6)<>\"SINAPI\",ISNA(VLOOKUP(TRIM(UPPER($S193)),ListaTgov.Unidades,1,FALSE))),\"Unid. Não Disp\",\n\" \"))))))))))))))))","v":" "},{"$f":"IF(C193<=CRONO.NivelExibicao,MAX($AD$15:OFFSET(AD193,-1,0))+IF($C193<>1,1,MAX(1,COUNTIF(QCI!$A$13:$A$36,OFFSET($E193,-1,0)))),\"\")","v":""},{"$f":"IF(AND($C193=\"S\",ORÇAMENTO.CodBarra<>\"\"),IF(ORÇAMENTO.Fonte=\"\",ORÇAMENTO.CodBarra,CONCATENATE(ORÇAMENTO.Fonte,\" \",ORÇAMENTO.CodBarra)))","v":"SINAPI 86919"},{"$f":"IF(ISERROR(ORÇAMENTO.BancoRef),\"(abra o arquivo 'Referência \"&Excel_BuiltIn_Database&\".xlsm)\",IF(OR($C193<>\"S\",ORÇAMENTO.CodBarra=\"\"),\"(Sem Código)\",IF(ISERROR(MATCH($AE193,INDIRECT(ORÇAMENTO.BancoRef),0)),\"(Código não identificado nas referências)\",MATCH($AE193,INDIRECT(ORÇAMENTO.BancoRef),0))))","v":13516},{"$f":"ROUND(IF(DESONERACAO=\"sim\",REFERENCIA.Desonerado,REFERENCIA.NaoDesonerado),2)","v":1007.24},0.25290000000000001,null,null,null,null,1261.97,{"$f":"ROUND(ORÇAMENTO.CustoUnitario*(1+$AH193),2)","v":1261.97}]
["S",2,"S",0,{"$f":"IF($C194=1,OFFSET(E194,-1,0)+MAX(1,COUNTIF(QCI!$A$13:$A$36,OFFSET(ORÇAMENTO!E194,-1,0))),OFFSET(E194,-1,0))","v":15},2,0,0,5,0,{"$f":"IF(OR($C194=\"S\",$C194=0),0,MATCH(OFFSET($D194,0,$C194)+IF($C194<>1,1,COUNTIF(QCI!$A$13:$A$36,ORÇAMENTO!E194)),OFFSET($D194,1,$C194,ROW($C$472)-ROW($C194)),0))","v":0},"F","Serviço","Serviço","15.2.0.5.","Composição","COMP40",{"$f":"IF($C194=\"S\",REFERENCIA.Descricao,\"(digite a descrição aqui)\")","v":"LAVATÓRIO DE CANTO REF. L101 DECA OU EQUIVALENTE, INCLUSIVE VÁLVULA, SIFÃO E ENGATES CROMADOS, EXCLUSIVE TORNEIRA"},{"$f":"REFERENCIA.Unidade","v":"UN"},{"$f":"OFFSET(CÁLCULO!H$15,ROW($T194)-ROW(T$15),0)","v":1},621.86,"BDI 1",{"$f":"IF($C194=\"S\",ROUND(IF(TIPOORCAMENTO=\"Proposto\",ORÇAMENTO.CustoUnitario*(1+$AH194),ORÇAMENTO.PrecoUnitarioLicitado),15-13*$AF$10),0)","v":779.13},{"$f":"IF($C194=\"S\",IF(OR(Import.TipoArredondamento<>\"TransfereGOV\",ACOMPANHAMENTO=\"BM\"),VTOTAL1,SUM(OFFSET(CÁLCULO!$AI$15,ROW($X194)-ROW($X$15),1):OFFSET(CÁLCULO!$BB$15,ROW($X194)-ROW($X$15),-1))),IF($C194=0,0,ROUND(SomaAgrup,15-13*$AF$11)))","v":779.13},"RA","RA",{"$f":"IF($C194=\"S\",IF($Z194=\"CP\",$X194,IF($Z194=\"RA\",(($X194)*QCI!$AA$3),0)),SomaAgrup)","v":67.421004492664835},{"$f":"IF($C194=\"S\",IF($Z194=\"OU\",ROUND($X194,2),0),SomaAgrup)","v":0},{"$f":"IF($N194=\"\",\" \",\nIF(AND($C194<>\"S\",OR($R194=\"\",$R194=\"(digite a descrição aqui)\")),\"DESCRIÇÃO\",\nIF(AND($C194=\"S\",OR($Q194<>\"\",$T194>0,$U194>0),$P194=\"\"),\"FONTE\",\nIF(AND($C194=\"S\",$P194<>\"\",OR($T194>0,$U194>0),$Q194=\"\"),\"CÓDIGO\",\nIF(AND($C194=\"S\",$P194<>\"\",$Q194<>\"\",$R194=\"(Código não identificado nas referências)\"),\"CÓDIGO N/ID\",\nIF(AND($C194=\"S\",OR($R194=\"\",$R194=\"(digite a descrição aqui)\"),OR($Q194<>\"\",$T194>0,$U194>0)),\"DESCRIÇÃO\",\nIF(AND($C194=\"S\",$P194<>\"\",$Q194<>\"\",$S194=\"\"),\"UNIDADE\",\nIF(AND($C194=\"S\",$P194<>\"\",$Q194<>\"\",$U194=0),\"SEM CUSTO\",\nIF(AND(TIPOORCAMENTO=\"Licitado\",$AL194=0,$AN194>0),\"SEM PREÇO\",\nIF(AND($C194=\"S\",$P194<>\"\",$Q194<>\"\",$U194>0,AND($V194<>\"BDI 1\",$V194<>\"BDI 2\",$V194<>\"BDI 3\")),IF(ISNUMBER($V194),\"JUSTIFICAR BDI\",\"BDI\"),\nIF(OR(AND(import.recurso=\"OGU\",TIPOORCAMENTO=\"Proposto\",LEFT($O$8,5)<>\"(N/D:\",$AG194<>\"\",ORÇAMENTO.CustoUnitario>$AG194),AND(TIPOORCAMENTO=\"LICITADO\",ORÇAMENTO.PrecoUnitarioLicitado>$AN194)),\"ACIMA REF.\",\nIF(AND($C194=\"S\",$P194<>\"\",$Q194<>\"\",$T194=0,$U194>0),\"QUANT.\",\nIF(AND(Import.TipoArredondamento=\"TransfereGOV\",$L194=\"F\",$C194=\"S\",LEN($Q194)>13),\"Código >13\",\nIF(AND(Import.TipoArredondamento=\"TransfereGOV\",$L194=\"F\",$C194<>\"S\",LEN($R194)>100),\"Descrição >100\",\nIF(AND(Import.TipoArredondamento=\"TransfereGOV\",$L194=\"F\",$C194=\"S\",LEN($R194)>500),\"Descrição >500\",\nIF(AND(Import.TipoArredondamento=\"TransfereGOV\",$L194=\"F\",$C194=\"S\",LEFT(TRIM(UPPER($P194)),6)<>\"SINAPI\",ISNA(VLOOKUP(TRIM(UPPER($S194)),ListaTgov.Unidades,1,FALSE))),\"Unid. Não Disp\",\n\" \"))))))))))))))))","v":" "},{"$f":"IF(C194<=CRONO.NivelExibicao,MAX($AD$15:OFFSET(AD194,-1,0))+IF($C194<>1,1,MAX(1,COUNTIF(QCI!$A$13:$A$36,OFFSET($E194,-1,0)))),\"\")","v":""},{"$f":"IF(AND($C194=\"S\",ORÇAMENTO.CodBarra<>\"\"),IF(ORÇAMENTO.Fonte=\"\",ORÇAMENTO.CodBarra,CONCATENATE(ORÇAMENTO.Fonte,\" \",ORÇAMENTO.CodBarra)))","v":"Composição COMP40"},{"$f":"IF(ISERROR(ORÇAMENTO.BancoRef),\"(abra o arquivo 'Referência \"&Excel_BuiltIn_Database&\".xlsm)\",IF(OR($C194<>\"S\",ORÇAMENTO.CodBarra=\"\"),\"(Sem Código)\",IF(ISERROR(MATCH($AE194,INDIRECT(ORÇAMENTO.BancoRef),0)),\"(Código não identificado nas referências)\",MATCH($AE194,INDIRECT(ORÇAMENTO.BancoRef),0))))","v":42},{"$f":"ROUND(IF(DESONERACAO=\"sim\",REFERENCIA.Desonerado,REFERENCIA.NaoDesonerado),2)","v":621.86},0.25290000000000001,null,null,null,null,779.13,{"$f":"ROUND(ORÇAMENTO.CustoUnitario*(1+$AH194),2)","v":779.13}]
["S",2,"S",0,{"$f":"IF($C195=1,OFFSET(E195,-1,0)+MAX(1,COUNTIF(QCI!$A$13:$A$36,OFFSET(ORÇAMENTO!E195,-1,0))),OFFSET(E195,-1,0))","v":15},2,0,0,6,0,{"$f":"IF(OR($C195=\"S\",$C195=0),0,MATCH(OFFSET($D195,0,$C195)+IF($C195<>1,1,COUNTIF(QCI!$A$13:$A$36,ORÇAMENTO!E195)),OFFSET($D195,1,$C195,ROW($C$472)-ROW($C195)),0))","v":0},"F","Serviço","Serviço","15.2.0.6.","SINAPI","86901",{"$f":"IF($C195=\"S\",REFERENCIA.Descricao,\"(digite a descrição aqui)\")","v":"CUBA DE EMBUTIR OVAL EM LOUÇA BRANCA, 35 X 50CM OU EQUIVALENTE - FORNECIMENTO E INSTALAÇÃO. AF_01/2020"},{"$f":"REFERENCIA.Unidade","v":"UN"},{"$f":"OFFSET(CÁLCULO!H$15,ROW($T195)-ROW(T$15),0)","v":3},162.66,"BDI 1",{"$f":"IF($C195=\"S\",ROUND(IF(TIPOORCAMENTO=\"Proposto\",ORÇAMENTO.CustoUnitario*(1+$AH195),ORÇAMENTO.PrecoUnitarioLicitado),15-13*$AF$10),0)","v":203.8},{"$f":"IF($C195=\"S\",IF(OR(Import.TipoArredondamento<>\"TransfereGOV\",ACOMPANHAMENTO=\"BM\"),VTOTAL1,SUM(OFFSET(CÁLCULO!$AI$15,ROW($X195)-ROW($X$15),1):OFFSET(CÁLCULO!$BB$15,ROW($X195)-ROW($X$15),-1))),IF($C195=0,0,ROUND(SomaAgrup,15-13*$AF$11)))","v":611.4},"RA","RA",{"$f":"IF($C195=\"S\",IF($Z195=\"CP\",$X195,IF($Z195=\"RA\",(($X195)*QCI!$AA$3),0)),SomaAgrup)","v":52.906706386373614},{"$f":"IF($C195=\"S\",IF($Z195=\"OU\",ROUND($X195,2),0),SomaAgrup)","v":0},{"$f":"IF($N195=\"\",\" \",\nIF(AND($C195<>\"S\",OR($R195=\"\",$R195=\"(digite a descrição aqui)\")),\"DESCRIÇÃO\",\nIF(AND($C195=\"S\",OR($Q195<>\"\",$T195>0,$U195>0),$P195=\"\"),\"FONTE\",\nIF(AND($C195=\"S\",$P195<>\"\",OR($T195>0,$U195>0),$Q195=\"\"),\"CÓDIGO\",\nIF(AND($C195=\"S\",$P195<>\"\",$Q195<>\"\",$R195=\"(Código não identificado nas referências)\"),\"CÓDIGO N/ID\",\nIF(AND($C195=\"S\",OR($R195=\"\",$R195=\"(digite a descrição aqui)\"),OR($Q195<>\"\",$T195>0,$U195>0)),\"DESCRIÇÃO\",\nIF(AND($C195=\"S\",$P195<>\"\",$Q195<>\"\",$S195=\"\"),\"UNIDADE\",\nIF(AND($C195=\"S\",$P195<>\"\",$Q195<>\"\",$U195=0),\"SEM CUSTO\",\nIF(AND(TIPOORCAMENTO=\"Licitado\",$AL195=0,$AN195>0),\"SEM PREÇO\",\nIF(AND($C195=\"S\",$P195<>\"\",$Q195<>\"\",$U195>0,AND($V195<>\"BDI 1\",$V195<>\"BDI 2\",$V195<>\"BDI 3\")),IF(ISNUMBER($V195),\"JUSTIFICAR BDI\",\"BDI\"),\nIF(OR(AND(import.recurso=\"OGU\",TIPOORCAMENTO=\"Proposto\",LEFT($O$8,5)<>\"(N/D:\",$AG195<>\"\",ORÇAMENTO.CustoUnitario>$AG195),AND(TIPOORCAMENTO=\"LICITADO\",ORÇAMENTO.PrecoUnitarioLicitado>$AN195)),\"ACIMA REF.\",\nIF(AND($C195=\"S\",$P195<>\"\",$Q195<>\"\",$T195=0,$U195>0),\"QUANT.\",\nIF(AND(Import.TipoArredondamento=\"TransfereGOV\",$L195=\"F\",$C195=\"S\",LEN($Q195)>13),\"Código >13\",\nIF(AND(Import.TipoArredondamento=\"TransfereGOV\",$L195=\"F\",$C195<>\"S\",LEN($R195)>100),\"Descrição >100\",\nIF(AND(Import.TipoArredondamento=\"TransfereGOV\",$L195=\"F\",$C195=\"S\",LEN($R195)>500),\"Descrição >500\",\nIF(AND(Import.TipoArredondamento=\"TransfereGOV\",$L195=\"F\",$C195=\"S\",LEFT(TRIM(UPPER($P195)),6)<>\"SINAPI\",ISNA(VLOOKUP(TRIM(UPPER($S195)),ListaTgov.Unidades,1,FALSE))),\"Unid. Não Disp\",\n\" \"))))))))))))))))","v":" "},{"$f":"IF(C195<=CRONO.NivelExibicao,MAX($AD$15:OFFSET(AD195,-1,0))+IF($C195<>1,1,MAX(1,COUNTIF(QCI!$A$13:$A$36,OFFSET($E195,-1,0)))),\"\")","v":""},{"$f":"IF(AND($C195=\"S\",ORÇAMENTO.CodBarra<>\"\"),IF(ORÇAMENTO.Fonte=\"\",ORÇAMENTO.CodBarra,CONCATENATE(ORÇAMENTO.Fonte,\" \",ORÇAMENTO.CodBarra)))","v":"SINAPI 86901"},{"$f":"IF(ISERROR(ORÇAMENTO.BancoRef),\"(abra o arquivo 'Referência \"&Excel_BuiltIn_Database&\".xlsm)\",IF(OR($C195<>\"S\",ORÇAMENTO.CodBarra=\"\"),\"(Sem Código)\",IF(ISERROR(MATCH($AE195,INDIRECT(ORÇAMENTO.BancoRef),0)),\"(Código não identificado nas referências)\",MATCH($AE195,INDIRECT(ORÇAMENTO.BancoRef),0))))","v":13483},{"$f":"ROUND(IF(DESONERACAO=\"sim\",REFERENCIA.Desonerado,REFERENCIA.NaoDesonerado),2)","v":162.66},0.25290000000000001,null,null,null,null,611.4,{"$f":"ROUND(ORÇAMENTO.CustoUnitario*(1+$AH195),2)","v":203.8}]
["S",2,"S",0,{"$f":"IF($C196=1,OFFSET(E196,-1,0)+MAX(1,COUNTIF(QCI!$A$13:$A$36,OFFSET(ORÇAMENTO!E196,-1,0))),OFFSET(E196,-1,0))","v":15},2,0,0,7,0,{"$f":"IF(OR($C196=\"S\",$C196=0),0,MATCH(OFFSET($D196,0,$C196)+IF($C196<>1,1,COUNTIF(QCI!$A$13:$A$36,ORÇAMENTO!E196)),OFFSET($D196,1,$C196,ROW($C$472)-ROW($C196)),0))","v":0},"F","Serviço","Serviço","15.2.0.7.","Composição","COMP41",{"$f":"IF($C196=\"S\",REFERENCIA.Descricao,\"(digite a descrição aqui)\")","v":"CUBA DE LOUÇA DE EMBUTIR REDONDA"},{"$f":"REFERENCIA.Unidade","v":"UN"},{"$f":"OFFSET(CÁLCULO!H$15,ROW($T196)-ROW(T$15),0)","v":6},117.39,"BDI 1",{"$f":"IF($C196=\"S\",ROUND(IF(TIPOORCAMENTO=\"Proposto\",ORÇAMENTO.CustoUnitario*(1+$AH196),ORÇAMENTO.PrecoUnitarioLicitado),15-13*$AF$10),0)","v":147.08000000000001},{"$f":"IF($C196=\"S\",IF(OR(Import.TipoArredondamento<>\"TransfereGOV\",ACOMPANHAMENTO=\"BM\"),VTOTAL1,SUM(OFFSET(CÁLCULO!$AI$15,ROW($X196)-ROW($X$15),1):OFFSET(CÁLCULO!$BB$15,ROW($X196)-ROW($X$15),-1))),IF($C196=0,0,ROUND(SomaAgrup,15-13*$AF$11)))","v":882.48},"RA","RA",{"$f":"IF($C196=\"S\",IF($Z196=\"CP\",$X196,IF($Z196=\"RA\",(($X196)*QCI!$AA$3),0)),SomaAgrup)","v":76.364262760626417},{"$f":"IF($C196=\"S\",IF($Z196=\"OU\",ROUND($X196,2),0),SomaAgrup)","v":0},{"$f":"IF($N196=\"\",\" \",\nIF(AND($C196<>\"S\",OR($R196=\"\",$R196=\"(digite a descrição aqui)\")),\"DESCRIÇÃO\",\nIF(AND($C196=\"S\",OR($Q196<>\"\",$T196>0,$U196>0),$P196=\"\"),\"FONTE\",\nIF(AND($C196=\"S\",$P196<>\"\",OR($T196>0,$U196>0),$Q196=\"\"),\"CÓDIGO\",\nIF(AND($C196=\"S\",$P196<>\"\",$Q196<>\"\",$R196=\"(Código não identificado nas referências)\"),\"CÓDIGO N/ID\",\nIF(AND($C196=\"S\",OR($R196=\"\",$R196=\"(digite a descrição aqui)\"),OR($Q196<>\"\",$T196>0,$U196>0)),\"DESCRIÇÃO\",\nIF(AND($C196=\"S\",$P196<>\"\",$Q196<>\"\",$S196=\"\"),\"UNIDADE\",\nIF(AND($C196=\"S\",$P196<>\"\",$Q196<>\"\",$U196=0),\"SEM CUSTO\",\nIF(AND(TIPOORCAMENTO=\"Licitado\",$AL196=0,$AN196>0),\"SEM PREÇO\",\nIF(AND($C196=\"S\",$P196<>\"\",$Q196<>\"\",$U196>0,AND($V196<>\"BDI 1\",$V196<>\"BDI 2\",$V196<>\"BDI 3\")),IF(ISNUMBER($V196),\"JUSTIFICAR BDI\",\"BDI\"),\nIF(OR(AND(import.recurso=\"OGU\",TIPOORCAMENTO=\"Proposto\",LEFT($O$8,5)<>\"(N/D:\",$AG196<>\"\",ORÇAMENTO.CustoUnitario>$AG196),AND(TIPOORCAMENTO=\"LICITADO\",ORÇAMENTO.PrecoUnitarioLicitado>$AN196)),\"ACIMA REF.\",\nIF(AND($C196=\"S\",$P196<>\"\",$Q196<>\"\",$T196=0,$U196>0),\"QUANT.\",\nIF(AND(Import.TipoArredondamento=\"TransfereGOV\",$L196=\"F\",$C196=\"S\",LEN($Q196)>13),\"Código >13\",\nIF(AND(Import.TipoArredondamento=\"TransfereGOV\",$L196=\"F\",$C196<>\"S\",LEN($R196)>100),\"Descrição >100\",\nIF(AND(Import.TipoArredondamento=\"TransfereGOV\",$L196=\"F\",$C196=\"S\",LEN($R196)>500),\"Descrição >500\",\nIF(AND(Import.TipoArredondamento=\"TransfereGOV\",$L196=\"F\",$C196=\"S\",LEFT(TRIM(UPPER($P196)),6)<>\"SINAPI\",ISNA(VLOOKUP(TRIM(UPPER($S196)),ListaTgov.Unidades,1,FALSE))),\"Unid. Não Disp\",\n\" \"))))))))))))))))","v":" "},{"$f":"IF(C196<=CRONO.NivelExibicao,MAX($AD$15:OFFSET(AD196,-1,0))+IF($C196<>1,1,MAX(1,COUNTIF(QCI!$A$13:$A$36,OFFSET($E196,-1,0)))),\"\")","v":""},{"$f":"IF(AND($C196=\"S\",ORÇAMENTO.CodBarra<>\"\"),IF(ORÇAMENTO.Fonte=\"\",ORÇAMENTO.CodBarra,CONCATENATE(ORÇAMENTO.Fonte,\" \",ORÇAMENTO.CodBarra)))","v":"Composição COMP41"},{"$f":"IF(ISERROR(ORÇAMENTO.BancoRef),\"(abra o arquivo 'Referência \"&Excel_BuiltIn_Database&\".xlsm)\",IF(OR($C196<>\"S\",ORÇAMENTO.CodBarra=\"\"),\"(Sem Código)\",IF(ISERROR(MATCH($AE196,INDIRECT(ORÇAMENTO.BancoRef),0)),\"(Código não identificado nas referências)\",MATCH($AE196,INDIRECT(ORÇAMENTO.BancoRef),0))))","v":43},{"$f":"ROUND(IF(DESONERACAO=\"sim\",REFERENCIA.Desonerado,REFERENCIA.NaoDesonerado),2)","v":117.39},0.25290000000000001,null,null,null,null,882.48,{"$f":"ROUND(ORÇAMENTO.CustoUnitario*(1+$AH196),2)","v":147.08000000000001}]
[2,2,2,15,{"$f":"IF($C197=1,OFFSET(E197,-1,0)+MAX(1,COUNTIF(QCI!$A$13:$A$36,OFFSET(ORÇAMENTO!E197,-1,0))),OFFSET(E197,-1,0))","v":15},3,0,0,0,15,{"$f":"IF(OR($C197=\"S\",$C197=0),0,MATCH(OFFSET($D197,0,$C197)+IF($C197<>1,1,COUNTIF(QCI!$A$13:$A$36,ORÇAMENTO!E197)),OFFSET($D197,1,$C197,ROW($C$472)-ROW($C197)),0))","v":118},"F","Nível 2","Nível 2","15.3.","SINAPI",null,{"$f":"IF($C197=\"S\",REFERENCIA.Descricao,\"METAIS E ACESSÓRIOS\")","v":"METAIS E ACESSÓRIOS"},{"$f":"REFERENCIA.Unidade","v":"-"},{"$f":"OFFSET(CÁLCULO!H$15,ROW($T197)-ROW(T$15),0)","v":0},null,"BDI 1",{"$f":"IF($C197=\"S\",ROUND(IF(TIPOORCAMENTO=\"Proposto\",ORÇAMENTO.CustoUnitario*(1+$AH197),ORÇAMENTO.PrecoUnitarioLicitado),15-13*$AF$10),0)","v":0},{"$f":"IF($C197=\"S\",IF(OR(Import.TipoArredondamento<>\"TransfereGOV\",ACOMPANHAMENTO=\"BM\"),VTOTAL1,SUM(OFFSET(CÁLCULO!$AI$15,ROW($X197)-ROW($X$15),1):OFFSET(CÁLCULO!$BB$15,ROW($X197)-ROW($X$15),-1))),IF($C197=0,0,ROUND(SomaAgrup,15-13*$AF$11)))","v":48387.56},"RA","",{"$f":"IF($C197=\"S\",IF($Z197=\"CP\",$X197,IF($Z197=\"RA\",(($X197)*QCI!$AA$3),0)),SomaAgrup)","v":4187.154775389331},{"$f":"IF($C197=\"S\",IF($Z197=\"OU\",ROUND($X197,2),0),SomaAgrup)","v":0},{"$f":"IF($N197=\"\",\" \",\nIF(AND($C197<>\"S\",OR($R197=\"\",$R197=\"(digite a descrição aqui)\")),\"DESCRIÇÃO\",\nIF(AND($C197=\"S\",OR($Q197<>\"\",$T197>0,$U197>0),$P197=\"\"),\"FONTE\",\nIF(AND($C197=\"S\",$P197<>\"\",OR($T197>0,$U197>0),$Q197=\"\"),\"CÓDIGO\",\nIF(AND($C197=\"S\",$P197<>\"\",$Q197<>\"\",$R197=\"(Código não identificado nas referências)\"),\"CÓDIGO N/ID\",\nIF(AND($C197=\"S\",OR($R197=\"\",$R197=\"(digite a descrição aqui)\"),OR($Q197<>\"\",$T197>0,$U197>0)),\"DESCRIÇÃO\",\nIF(AND($C197=\"S\",$P197<>\"\",$Q197<>\"\",$S197=\"\"),\"UNIDADE\",\nIF(AND($C197=\"S\",$P197<>\"\",$Q197<>\"\",$U197=0),\"SEM CUSTO\",\nIF(AND(TIPOORCAMENTO=\"Licitado\",$AL197=0,$AN197>0),\"SEM PREÇO\",\nIF(AND($C197=\"S\",$P197<>\"\",$Q197<>\"\",$U197>0,AND($V197<>\"BDI 1\",$V197<>\"BDI 2\",$V197<>\"BDI 3\")),IF(ISNUMBER($V197),\"JUSTIFICAR BDI\",\"BDI\"),\nIF(OR(AND(import.recurso=\"OGU\",TIPOORCAMENTO=\"Proposto\",LEFT($O$8,5)<>\"(N/D:\",$AG197<>\"\",ORÇAMENTO.CustoUnitario>$AG197),AND(TIPOORCAMENTO=\"LICITADO\",ORÇAMENTO.PrecoUnitarioLicitado>$AN197)),\"ACIMA REF.\",\nIF(AND($C197=\"S\",$P197<>\"\",$Q197<>\"\",$T197=0,$U197>0),\"QUANT.\",\nIF(AND(Import.TipoArredondamento=\"TransfereGOV\",$L197=\"F\",$C197=\"S\",LEN($Q197)>13),\"Código >13\",\nIF(AND(Import.TipoArredondamento=\"TransfereGOV\",$L197=\"F\",$C197<>\"S\",LEN($R197)>100),\"Descrição >100\",\nIF(AND(Import.TipoArredondamento=\"TransfereGOV\",$L197=\"F\",$C197=\"S\",LEN($R197)>500),\"Descrição >500\",\nIF(AND(Import.TipoArredondamento=\"TransfereGOV\",$L197=\"F\",$C197=\"S\",LEFT(TRIM(UPPER($P197)),6)<>\"SINAPI\",ISNA(VLOOKUP(TRIM(UPPER($S197)),ListaTgov.Unidades,1,FALSE))),\"Unid. Não Disp\",\n\" \"))))))))))))))))","v":" "},{"$f":"IF(C197<=CRONO.NivelExibicao,MAX($AD$15:OFFSET(AD197,-1,0))+IF($C197<>1,1,MAX(1,COUNTIF(QCI!$A$13:$A$36,OFFSET($E197,-1,0)))),\"\")","v":49},{"$f":"IF(AND($C197=\"S\",ORÇAMENTO.CodBarra<>\"\"),IF(ORÇAMENTO.Fonte=\"\",ORÇAMENTO.CodBarra,CONCATENATE(ORÇAMENTO.Fonte,\" \",ORÇAMENTO.CodBarra)))","v":false},{"$f":"IF(ISERROR(ORÇAMENTO.BancoRef),\"(abra o arquivo 'Referência \"&Excel_BuiltIn_Database&\".xlsm)\",IF(OR($C197<>\"S\",ORÇAMENTO.CodBarra=\"\"),\"(Sem Código)\",IF(ISERROR(MATCH($AE197,INDIRECT(ORÇAMENTO.BancoRef),0)),\"(Código não identificado nas referências)\",MATCH($AE197,INDIRECT(ORÇAMENTO.BancoRef),0))))","v":"(Sem Código)"},{"$f":"ROUND(IF(DESONERACAO=\"sim\",REFERENCIA.Desonerado,REFERENCIA.NaoDesonerado),2)","v":0},0.25290000000000001,null,null,null,null,48387.56,{"$f":"ROUND(ORÇAMENTO.CustoUnitario*(1+$AH197),2)","v":0}]
["S",2,"S",0,{"$f":"IF($C198=1,OFFSET(E198,-1,0)+MAX(1,COUNTIF(QCI!$A$13:$A$36,OFFSET(ORÇAMENTO!E198,-1,0))),OFFSET(E198,-1,0))","v":15},3,0,0,1,0,{"$f":"IF(OR($C198=\"S\",$C198=0),0,MATCH(OFFSET($D198,0,$C198)+IF($C198<>1,1,COUNTIF(QCI!$A$13:$A$36,ORÇAMENTO!E198)),OFFSET($D198,1,$C198,ROW($C$472)-ROW($C198)),0))","v":0},"F","Serviço","Serviço","15.3.0.1.","Composição","COMP42",{"$f":"IF($C198=\"S\",REFERENCIA.Descricao,\"(digite a descrição aqui)\")","v":"TAMPO/BANCADA EM CONCRETO ARMADO, REVESTIDO EM AÇO INOXIDÁVEL FOSCO POLIDO"},{"$f":"REFERENCIA.Unidade","v":"M2"},{"$f":"OFFSET(CÁLCULO!H$15,ROW($T198)-ROW(T$15),0)","v":7.14},{"$f":"AG198","v":1680.2},"BDI 1",{"$f":"IF($C198=\"S\",ROUND(IF(TIPOORCAMENTO=\"Proposto\",ORÇAMENTO.CustoUnitario*(1+$AH198),ORÇAMENTO.PrecoUnitarioLicitado),15-13*$AF$10),0)","v":2105.12},{"$f":"IF($C198=\"S\",IF(OR(Import.TipoArredondamento<>\"TransfereGOV\",ACOMPANHAMENTO=\"BM\"),VTOTAL1,SUM(OFFSET(CÁLCULO!$AI$15,ROW($X198)-ROW($X$15),1):OFFSET(CÁLCULO!$BB$15,ROW($X198)-ROW($X$15),-1))),IF($C198=0,0,ROUND(SomaAgrup,15-13*$AF$11)))","v":15030.56},"RA","RA",{"$f":"IF($C198=\"S\",IF($Z198=\"CP\",$X198,IF($Z198=\"RA\",(($X198)*QCI!$AA$3),0)),SomaAgrup)","v":1300.6500241131369},{"$f":"IF($C198=\"S\",IF($Z198=\"OU\",ROUND($X198,2),0),SomaAgrup)","v":0},{"$f":"IF($N198=\"\",\" \",\nIF(AND($C198<>\"S\",OR($R198=\"\",$R198=\"(digite a descrição aqui)\")),\"DESCRIÇÃO\",\nIF(AND($C198=\"S\",OR($Q198<>\"\",$T198>0,$U198>0),$P198=\"\"),\"FONTE\",\nIF(AND($C198=\"S\",$P198<>\"\",OR($T198>0,$U198>0),$Q198=\"\"),\"CÓDIGO\",\nIF(AND($C198=\"S\",$P198<>\"\",$Q198<>\"\",$R198=\"(Código não identificado nas referências)\"),\"CÓDIGO N/ID\",\nIF(AND($C198=\"S\",OR($R198=\"\",$R198=\"(digite a descrição aqui)\"),OR($Q198<>\"\",$T198>0,$U198>0)),\"DESCRIÇÃO\",\nIF(AND($C198=\"S\",$P198<>\"\",$Q198<>\"\",$S198=\"\"),\"UNIDADE\",\nIF(AND($C198=\"S\",$P198<>\"\",$Q198<>\"\",$U198=0),\"SEM CUSTO\",\nIF(AND(TIPOORCAMENTO=\"Licitado\",$AL198=0,$AN198>0),\"SEM PREÇO\",\nIF(AND($C198=\"S\",$P198<>\"\",$Q198<>\"\",$U198>0,AND($V198<>\"BDI 1\",$V198<>\"BDI 2\",$V198<>\"BDI 3\")),IF(ISNUMBER($V198),\"JUSTIFICAR BDI\",\"BDI\"),\nIF(OR(AND(import.recurso=\"OGU\",TIPOORCAMENTO=\"Proposto\",LEFT($O$8,5)<>\"(N/D:\",$AG198<>\"\",ORÇAMENTO.CustoUnitario>$AG198),AND(TIPOORCAMENTO=\"LICITADO\",ORÇAMENTO.PrecoUnitarioLicitado>$AN198)),\"ACIMA REF.\",\nIF(AND($C198=\"S\",$P198<>\"\",$Q198<>\"\",$T198=0,$U198>0),\"QUANT.\",\nIF(AND(Import.TipoArredondamento=\"TransfereGOV\",$L198=\"F\",$C198=\"S\",LEN($Q198)>13),\"Código >13\",\nIF(AND(Import.TipoArredondamento=\"TransfereGOV\",$L198=\"F\",$C198<>\"S\",LEN($R198)>100),\"Descrição >100\",\nIF(AND(Import.TipoArredondamento=\"TransfereGOV\",$L198=\"F\",$C198=\"S\",LEN($R198)>500),\"Descrição >500\",\nIF(AND(Import.TipoArredondamento=\"TransfereGOV\",$L198=\"F\",$C198=\"S\",LEFT(TRIM(UPPER($P198)),6)<>\"SINAPI\",ISNA(VLOOKUP(TRIM(UPPER($S198)),ListaTgov.Unidades,1,FALSE))),\"Unid. Não Disp\",\n\" \"))))))))))))))))","v":" "},{"$f":"IF(C198<=CRONO.NivelExibicao,MAX($AD$15:OFFSET(AD198,-1,0))+IF($C198<>1,1,MAX(1,COUNTIF(QCI!$A$13:$A$36,OFFSET($E198,-1,0)))),\"\")","v":""},{"$f":"IF(AND($C198=\"S\",ORÇAMENTO.CodBarra<>\"\"),IF(ORÇAMENTO.Fonte=\"\",ORÇAMENTO.CodBarra,CONCATENATE(ORÇAMENTO.Fonte,\" \",ORÇAMENTO.CodBarra)))","v":"Composição COMP42"},{"$f":"IF(ISERROR(ORÇAMENTO.BancoRef),\"(abra o arquivo 'Referência \"&Excel_BuiltIn_Database&\".xlsm)\",IF(OR($C198<>\"S\",ORÇAMENTO.CodBarra=\"\"),\"(Sem Código)\",IF(ISERROR(MATCH($AE198,INDIRECT(ORÇAMENTO.BancoRef),0)),\"(Código não identificado nas referências)\",MATCH($AE198,INDIRECT(ORÇAMENTO.BancoRef),0))))","v":44},{"$f":"ROUND(IF(DESONERACAO=\"sim\",REFERENCIA.Desonerado,REFERENCIA.NaoDesonerado),2)","v":1680.2},0.25290000000000001,null,null,null,null,15030.56,{"$f":"ROUND(ORÇAMENTO.CustoUnitario*(1+$AH198),2)","v":2105.12}]
["S",2,"S",0,{"$f":"IF($C199=1,OFFSET(E199,-1,0)+MAX(1,COUNTIF(QCI!$A$13:$A$36,OFFSET(ORÇAMENTO!E199,-1,0))),OFFSET(E199,-1,0))","v":15},3,0,0,2,0,{"$f":"IF(OR($C199=\"S\",$C199=0),0,MATCH(OFFSET($D199,0,$C199)+IF($C199<>1,1,COUNTIF(QCI!$A$13:$A$36,ORÇAMENTO!E199)),OFFSET($D199,1,$C199,ROW($C$472)-ROW($C199)),0))","v":0},"F","Serviço","Serviço","15.3.0.2.","Composição","COMP43",{"$f":"IF($C199=\"S\",REFERENCIA.Descricao,\"(digite a descrição aqui)\")","v":"FUNIL EXPURGO HOSPITALAR DE AÇO INOX 304  290X300MM E= 0,8MM SEM MESA PARA EMBUTIR - MIRNOX OU SIMILAR"},{"$f":"REFERENCIA.Unidade","v":"UN"},{"$f":"OFFSET(CÁLCULO!H$15,ROW($T199)-ROW(T$15),0)","v":1},2427.71,"BDI 1",{"$f":"IF($C199=\"S\",ROUND(IF(TIPOORCAMENTO=\"Proposto\",ORÇAMENTO.CustoUnitario*(1+$AH199),ORÇAMENTO.PrecoUnitarioLicitado),15-13*$AF$10),0)","v":3041.68},{"$f":"IF($C199=\"S\",IF(OR(Import.TipoArredondamento<>\"TransfereGOV\",ACOMPANHAMENTO=\"BM\"),VTOTAL1,SUM(OFFSET(CÁLCULO!$AI$15,ROW($X199)-ROW($X$15),1):OFFSET(CÁLCULO!$BB$15,ROW($X199)-ROW($X$15),-1))),IF($C199=0,0,ROUND(SomaAgrup,15-13*$AF$11)))","v":3041.68},"RA","RA",{"$f":"IF($C199=\"S\",IF($Z199=\"CP\",$X199,IF($Z199=\"RA\",(($X199)*QCI!$AA$3),0)),SomaAgrup)","v":263.20783559258246},{"$f":"IF($C199=\"S\",IF($Z199=\"OU\",ROUND($X199,2),0),SomaAgrup)","v":0},{"$f":"IF($N199=\"\",\" \",\nIF(AND($C199<>\"S\",OR($R199=\"\",$R199=\"(digite a descrição aqui)\")),\"DESCRIÇÃO\",\nIF(AND($C199=\"S\",OR($Q199<>\"\",$T199>0,$U199>0),$P199=\"\"),\"FONTE\",\nIF(AND($C199=\"S\",$P199<>\"\",OR($T199>0,$U199>0),$Q199=\"\"),\"CÓDIGO\",\nIF(AND($C199=\"S\",$P199<>\"\",$Q199<>\"\",$R199=\"(Código não identificado nas referências)\"),\"CÓDIGO N/ID\",\nIF(AND($C199=\"S\",OR($R199=\"\",$R199=\"(digite a descrição aqui)\"),OR($Q199<>\"\",$T199>0,$U199>0)),\"DESCRIÇÃO\",\nIF(AND($C199=\"S\",$P199<>\"\",$Q199<>\"\",$S199=\"\"),\"UNIDADE\",\nIF(AND($C199=\"S\",$P199<>\"\",$Q199<>\"\",$U199=0),\"SEM CUSTO\",\nIF(AND(TIPOORCAMENTO=\"Licitado\",$AL199=0,$AN199>0),\"SEM PREÇO\",\nIF(AND($C199=\"S\",$P199<>\"\",$Q199<>\"\",$U199>0,AND($V199<>\"BDI 1\",$V199<>\"BDI 2\",$V199<>\"BDI 3\")),IF(ISNUMBER($V199),\"JUSTIFICAR BDI\",\"BDI\"),\nIF(OR(AND(import.recurso=\"OGU\",TIPOORCAMENTO=\"Proposto\",LEFT($O$8,5)<>\"(N/D:\",$AG199<>\"\",ORÇAMENTO.CustoUnitario>$AG199),AND(TIPOORCAMENTO=\"LICITADO\",ORÇAMENTO.PrecoUnitarioLicitado>$AN199)),\"ACIMA REF.\",\nIF(AND($C199=\"S\",$P199<>\"\",$Q199<>\"\",$T199=0,$U199>0),\"QUANT.\",\nIF(AND(Import.TipoArredondamento=\"TransfereGOV\",$L199=\"F\",$C199=\"S\",LEN($Q199)>13),\"Código >13\",\nIF(AND(Import.TipoArredondamento=\"TransfereGOV\",$L199=\"F\",$C199<>\"S\",LEN($R199)>100),\"Descrição >100\",\nIF(AND(Import.TipoArredondamento=\"TransfereGOV\",$L199=\"F\",$C199=\"S\",LEN($R199)>500),\"Descrição >500\",\nIF(AND(Import.TipoArredondamento=\"TransfereGOV\",$L199=\"F\",$C199=\"S\",LEFT(TRIM(UPPER($P199)),6)<>\"SINAPI\",ISNA(VLOOKUP(TRIM(UPPER($S199)),ListaTgov.Unidades,1,FALSE))),\"Unid. Não Disp\",\n\" \"))))))))))))))))","v":" "},{"$f":"IF(C199<=CRONO.NivelExibicao,MAX($AD$15:OFFSET(AD199,-1,0))+IF($C199<>1,1,MAX(1,COUNTIF(QCI!$A$13:$A$36,OFFSET($E199,-1,0)))),\"\")","v":""},{"$f":"IF(AND($C199=\"S\",ORÇAMENTO.CodBarra<>\"\"),IF(ORÇAMENTO.Fonte=\"\",ORÇAMENTO.CodBarra,CONCATENATE(ORÇAMENTO.Fonte,\" \",ORÇAMENTO.CodBarra)))","v":"Composição COMP43"},{"$f":"IF(ISERROR(ORÇAMENTO.BancoRef),\"(abra o arquivo 'Referência \"&Excel_BuiltIn_Database&\".xlsm)\",IF(OR($C199<>\"S\",ORÇAMENTO.CodBarra=\"\"),\"(Sem Código)\",IF(ISERROR(MATCH($AE199,INDIRECT(ORÇAMENTO.BancoRef),0)),\"(Código não identificado nas referências)\",MATCH($AE199,INDIRECT(ORÇAMENTO.BancoRef),0))))","v":45},{"$f":"ROUND(IF(DESONERACAO=\"sim\",REFERENCIA.Desonerado,REFERENCIA.NaoDesonerado),2)","v":2427.71},0.25290000000000001,null,null,null,null,3041.68,{"$f":"ROUND(ORÇAMENTO.CustoUnitario*(1+$AH199),2)","v":3041.68}]
["S",2,"S",0,{"$f":"IF($C200=1,OFFSET(E200,-1,0)+MAX(1,COUNTIF(QCI!$A$13:$A$36,OFFSET(ORÇAMENTO!E200,-1,0))),OFFSET(E200,-1,0))","v":15},3,0,0,3,0,{"$f":"IF(OR($C200=\"S\",$C200=0),0,MATCH(OFFSET($D200,0,$C200)+IF($C200<>1,1,COUNTIF(QCI!$A$13:$A$36,ORÇAMENTO!E200)),OFFSET($D200,1,$C200,ROW($C$472)-ROW($C200)),0))","v":0},"F","Serviço","Serviço","15.3.0.3.","SINAPI","86900",{"$f":"IF($C200=\"S\",REFERENCIA.Descricao,\"(digite a descrição aqui)\")","v":"CUBA DE EMBUTIR RETANGULAR DE AÇO INOXIDÁVEL, 46 X 30 X 12 CM - FORNECIMENTO E INSTALAÇÃO. AF_01/2020"},{"$f":"REFERENCIA.Unidade","v":"UN"},{"$f":"OFFSET(CÁLCULO!H$15,ROW($T200)-ROW(T$15),0)","v":6},236.05,"BDI 1",{"$f":"IF($C200=\"S\",ROUND(IF(TIPOORCAMENTO=\"Proposto\",ORÇAMENTO.CustoUnitario*(1+$AH200),ORÇAMENTO.PrecoUnitarioLicitado),15-13*$AF$10),0)","v":295.75},{"$f":"IF($C200=\"S\",IF(OR(Import.TipoArredondamento<>\"TransfereGOV\",ACOMPANHAMENTO=\"BM\"),VTOTAL1,SUM(OFFSET(CÁLCULO!$AI$15,ROW($X200)-ROW($X$15),1):OFFSET(CÁLCULO!$BB$15,ROW($X200)-ROW($X$15),-1))),IF($C200=0,0,ROUND(SomaAgrup,15-13*$AF$11)))","v":1774.5},"RA","RA",{"$f":"IF($C200=\"S\",IF($Z200=\"CP\",$X200,IF($Z200=\"RA\",(($X200)*QCI!$AA$3),0)),SomaAgrup)","v":153.55405705368005},{"$f":"IF($C200=\"S\",IF($Z200=\"OU\",ROUND($X200,2),0),SomaAgrup)","v":0},{"$f":"IF($N200=\"\",\" \",\nIF(AND($C200<>\"S\",OR($R200=\"\",$R200=\"(digite a descrição aqui)\")),\"DESCRIÇÃO\",\nIF(AND($C200=\"S\",OR($Q200<>\"\",$T200>0,$U200>0),$P200=\"\"),\"FONTE\",\nIF(AND($C200=\"S\",$P200<>\"\",OR($T200>0,$U200>0),$Q200=\"\"),\"CÓDIGO\",\nIF(AND($C200=\"S\",$P200<>\"\",$Q200<>\"\",$R200=\"(Código não identificado nas referências)\"),\"CÓDIGO N/ID\",\nIF(AND($C200=\"S\",OR($R200=\"\",$R200=\"(digite a descrição aqui)\"),OR($Q200<>\"\",$T200>0,$U200>0)),\"DESCRIÇÃO\",\nIF(AND($C200=\"S\",$P200<>\"\",$Q200<>\"\",$S200=\"\"),\"UNIDADE\",\nIF(AND($C200=\"S\",$P200<>\"\",$Q200<>\"\",$U200=0),\"SEM CUSTO\",\nIF(AND(TIPOORCAMENTO=\"Licitado\",$AL200=0,$AN200>0),\"SEM PREÇO\",\nIF(AND($C200=\"S\",$P200<>\"\",$Q200<>\"\",$U200>0,AND($V200<>\"BDI 1\",$V200<>\"BDI 2\",$V200<>\"BDI 3\")),IF(ISNUMBER($V200),\"JUSTIFICAR BDI\",\"BDI\"),\nIF(OR(AND(import.recurso=\"OGU\",TIPOORCAMENTO=\"Proposto\",LEFT($O$8,5)<>\"(N/D:\",$AG200<>\"\",ORÇAMENTO.CustoUnitario>$AG200),AND(TIPOORCAMENTO=\"LICITADO\",ORÇAMENTO.PrecoUnitarioLicitado>$AN200)),\"ACIMA REF.\",\nIF(AND($C200=\"S\",$P200<>\"\",$Q200<>\"\",$T200=0,$U200>0),\"QUANT.\",\nIF(AND(Import.TipoArredondamento=\"TransfereGOV\",$L200=\"F\",$C200=\"S\",LEN($Q200)>13),\"Código >13\",\nIF(AND(Import.TipoArredondamento=\"TransfereGOV\",$L200=\"F\",$C200<>\"S\",LEN($R200)>100),\"Descrição >100\",\nIF(AND(Import.TipoArredondamento=\"TransfereGOV\",$L200=\"F\",$C200=\"S\",LEN($R200)>500),\"Descrição >500\",\nIF(AND(Import.TipoArredondamento=\"TransfereGOV\",$L200=\"F\",$C200=\"S\",LEFT(TRIM(UPPER($P200)),6)<>\"SINAPI\",ISNA(VLOOKUP(TRIM(UPPER($S200)),ListaTgov.Unidades,1,FALSE))),\"Unid. Não Disp\",\n\" \"))))))))))))))))","v":" "},{"$f":"IF(C200<=CRONO.NivelExibicao,MAX($AD$15:OFFSET(AD200,-1,0))+IF($C200<>1,1,MAX(1,COUNTIF(QCI!$A$13:$A$36,OFFSET($E200,-1,0)))),\"\")","v":""},{"$f":"IF(AND($C200=\"S\",ORÇAMENTO.CodBarra<>\"\"),IF(ORÇAMENTO.Fonte=\"\",ORÇAMENTO.CodBarra,CONCATENATE(ORÇAMENTO.Fonte,\" \",ORÇAMENTO.CodBarra)))","v":"SINAPI 86900"},{"$f":"IF(ISERROR(ORÇAMENTO.BancoRef),\"(abra o arquivo 'Referência \"&Excel_BuiltIn_Database&\".xlsm)\",IF(OR($C200<>\"S\",ORÇAMENTO.CodBarra=\"\"),\"(Sem Código)\",IF(ISERROR(MATCH($AE200,INDIRECT(ORÇAMENTO.BancoRef),0)),\"(Código não identificado nas referências)\",MATCH($AE200,INDIRECT(ORÇAMENTO.BancoRef),0))))","v":13486},{"$f":"ROUND(IF(DESONERACAO=\"sim\",REFERENCIA.Desonerado,REFERENCIA.NaoDesonerado),2)","v":236.05},0.25290000000000001,null,null,null,null,1774.5,{"$f":"ROUND(ORÇAMENTO.CustoUnitario*(1+$AH200),2)","v":295.75}]
["S",2,"S",0,{"$f":"IF($C201=1,OFFSET(E201,-1,0)+MAX(1,COUNTIF(QCI!$A$13:$A$36,OFFSET(ORÇAMENTO!E201,-1,0))),OFFSET(E201,-1,0))","v":15},3,0,0,4,0,{"$f":"IF(OR($C201=\"S\",$C201=0),0,MATCH(OFFSET($D201,0,$C201)+IF($C201<>1,1,COUNTIF(QCI!$A$13:$A$36,ORÇAMENTO!E201)),OFFSET($D201,1,$C201,ROW($C$472)-ROW($C201)),0))","v":0},"F","Serviço","Serviço","15.3.0.4.","SINAPI","86913",{"$f":"IF($C201=\"S\",REFERENCIA.Descricao,\"(digite a descrição aqui)\")","v":"TORNEIRA CROMADA 1/2\" OU 3/4\" PARA TANQUE, PADRÃO POPULAR - FORNECIMENTO E INSTALAÇÃO. AF_01/2020"},{"$f":"REFERENCIA.Unidade","v":"UN"},{"$f":"OFFSET(CÁLCULO!H$15,ROW($T201)-ROW(T$15),0)","v":5},53.65,"BDI 1",{"$f":"IF($C201=\"S\",ROUND(IF(TIPOORCAMENTO=\"Proposto\",ORÇAMENTO.CustoUnitario*(1+$AH201),ORÇAMENTO.PrecoUnitarioLicitado),15-13*$AF$10),0)","v":67.22},{"$f":"IF($C201=\"S\",IF(OR(Import.TipoArredondamento<>\"TransfereGOV\",ACOMPANHAMENTO=\"BM\"),VTOTAL1,SUM(OFFSET(CÁLCULO!$AI$15,ROW($X201)-ROW($X$15),1):OFFSET(CÁLCULO!$BB$15,ROW($X201)-ROW($X$15),-1))),IF($C201=0,0,ROUND(SomaAgrup,15-13*$AF$11)))","v":336.1},"RA","RA",{"$f":"IF($C201=\"S\",IF($Z201=\"CP\",$X201,IF($Z201=\"RA\",(($X201)*QCI!$AA$3),0)),SomaAgrup)","v":29.08397778289201},{"$f":"IF($C201=\"S\",IF($Z201=\"OU\",ROUND($X201,2),0),SomaAgrup)","v":0},{"$f":"IF($N201=\"\",\" \",\nIF(AND($C201<>\"S\",OR($R201=\"\",$R201=\"(digite a descrição aqui)\")),\"DESCRIÇÃO\",\nIF(AND($C201=\"S\",OR($Q201<>\"\",$T201>0,$U201>0),$P201=\"\"),\"FONTE\",\nIF(AND($C201=\"S\",$P201<>\"\",OR($T201>0,$U201>0),$Q201=\"\"),\"CÓDIGO\",\nIF(AND($C201=\"S\",$P201<>\"\",$Q201<>\"\",$R201=\"(Código não identificado nas referências)\"),\"CÓDIGO N/ID\",\nIF(AND($C201=\"S\",OR($R201=\"\",$R201=\"(digite a descrição aqui)\"),OR($Q201<>\"\",$T201>0,$U201>0)),\"DESCRIÇÃO\",\nIF(AND($C201=\"S\",$P201<>\"\",$Q201<>\"\",$S201=\"\"),\"UNIDADE\",\nIF(AND($C201=\"S\",$P201<>\"\",$Q201<>\"\",$U201=0),\"SEM CUSTO\",\nIF(AND(TIPOORCAMENTO=\"Licitado\",$AL201=0,$AN201>0),\"SEM PREÇO\",\nIF(AND($C201=\"S\",$P201<>\"\",$Q201<>\"\",$U201>0,AND($V201<>\"BDI 1\",$V201<>\"BDI 2\",$V201<>\"BDI 3\")),IF(ISNUMBER($V201),\"JUSTIFICAR BDI\",\"BDI\"),\nIF(OR(AND(import.recurso=\"OGU\",TIPOORCAMENTO=\"Proposto\",LEFT($O$8,5)<>\"(N/D:\",$AG201<>\"\",ORÇAMENTO.CustoUnitario>$AG201),AND(TIPOORCAMENTO=\"LICITADO\",ORÇAMENTO.PrecoUnitarioLicitado>$AN201)),\"ACIMA REF.\",\nIF(AND($C201=\"S\",$P201<>\"\",$Q201<>\"\",$T201=0,$U201>0),\"QUANT.\",\nIF(AND(Import.TipoArredondamento=\"TransfereGOV\",$L201=\"F\",$C201=\"S\",LEN($Q201)>13),\"Código >13\",\nIF(AND(Import.TipoArredondamento=\"TransfereGOV\",$L201=\"F\",$C201<>\"S\",LEN($R201)>100),\"Descrição >100\",\nIF(AND(Import.TipoArredondamento=\"TransfereGOV\",$L201=\"F\",$C201=\"S\",LEN($R201)>500),\"Descrição >500\",\nIF(AND(Import.TipoArredondamento=\"TransfereGOV\",$L201=\"F\",$C201=\"S\",LEFT(TRIM(UPPER($P201)),6)<>\"SINAPI\",ISNA(VLOOKUP(TRIM(UPPER($S201)),ListaTgov.Unidades,1,FALSE))),\"Unid. Não Disp\",\n\" \"))))))))))))))))","v":" "},{"$f":"IF(C201<=CRONO.NivelExibicao,MAX($AD$15:OFFSET(AD201,-1,0))+IF($C201<>1,1,MAX(1,COUNTIF(QCI!$A$13:$A$36,OFFSET($E201,-1,0)))),\"\")","v":""},{"$f":"IF(AND($C201=\"S\",ORÇAMENTO.CodBarra<>\"\"),IF(ORÇAMENTO.Fonte=\"\",ORÇAMENTO.CodBarra,CONCATENATE(ORÇAMENTO.Fonte,\" \",ORÇAMENTO.CodBarra)))","v":"SINAPI 86913"},{"$f":"IF(ISERROR(ORÇAMENTO.BancoRef),\"(abra o arquivo 'Referência \"&Excel_BuiltIn_Database&\".xlsm)\",IF(OR($C201<>\"S\",ORÇAMENTO.CodBarra=\"\"),\"(Sem Código)\",IF(ISERROR(MATCH($AE201,INDIRECT(ORÇAMENTO.BancoRef),0)),\"(Código não identificado nas referências)\",MATCH($AE201,INDIRECT(ORÇAMENTO.BancoRef),0))))","v":13532},{"$f":"ROUND(IF(DESONERACAO=\"sim\",REFERENCIA.Desonerado,REFERENCIA.NaoDesonerado),2)","v":53.65},0.25290000000000001,null,null,null,null,336.1,{"$f":"ROUND(ORÇAMENTO.CustoUnitario*(1+$AH201),2)","v":67.22}]
["S",2,"S",0,{"$f":"IF($C202=1,OFFSET(E202,-1,0)+MAX(1,COUNTIF(QCI!$A$13:$A$36,OFFSET(ORÇAMENTO!E202,-1,0))),OFFSET(E202,-1,0))","v":15},3,0,0,5,0,{"$f":"IF(OR($C202=\"S\",$C202=0),0,MATCH(OFFSET($D202,0,$C202)+IF($C202<>1,1,COUNTIF(QCI!$A$13:$A$36,ORÇAMENTO!E202)),OFFSET($D202,1,$C202,ROW($C$472)-ROW($C202)),0))","v":0},"F","Serviço","Serviço","15.3.0.5.","Composição","COMP44",{"$f":"IF($C202=\"S\",REFERENCIA.Descricao,\"(digite a descrição aqui)\")","v":"TORNEIRA CLÍNICA COM VOLANTE TIPO ALAVANCA"},{"$f":"REFERENCIA.Unidade","v":"UN"},{"$f":"OFFSET(CÁLCULO!H$15,ROW($T202)-ROW(T$15),0)","v":2},357.17,"BDI 1",{"$f":"IF($C202=\"S\",ROUND(IF(TIPOORCAMENTO=\"Proposto\",ORÇAMENTO.CustoUnitario*(1+$AH202),ORÇAMENTO.PrecoUnitarioLicitado),15-13*$AF$10),0)","v":447.5},{"$f":"IF($C202=\"S\",IF(OR(Import.TipoArredondamento<>\"TransfereGOV\",ACOMPANHAMENTO=\"BM\"),VTOTAL1,SUM(OFFSET(CÁLCULO!$AI$15,ROW($X202)-ROW($X$15),1):OFFSET(CÁLCULO!$BB$15,ROW($X202)-ROW($X$15),-1))),IF($C202=0,0,ROUND(SomaAgrup,15-13*$AF$11)))","v":895},"RA","RA",{"$f":"IF($C202=\"S\",IF($Z202=\"CP\",$X202,IF($Z202=\"RA\",(($X202)*QCI!$AA$3),0)),SomaAgrup)","v":77.447664729807641},{"$f":"IF($C202=\"S\",IF($Z202=\"OU\",ROUND($X202,2),0),SomaAgrup)","v":0},{"$f":"IF($N202=\"\",\" \",\nIF(AND($C202<>\"S\",OR($R202=\"\",$R202=\"(digite a descrição aqui)\")),\"DESCRIÇÃO\",\nIF(AND($C202=\"S\",OR($Q202<>\"\",$T202>0,$U202>0),$P202=\"\"),\"FONTE\",\nIF(AND($C202=\"S\",$P202<>\"\",OR($T202>0,$U202>0),$Q202=\"\"),\"CÓDIGO\",\nIF(AND($C202=\"S\",$P202<>\"\",$Q202<>\"\",$R202=\"(Código não identificado nas referências)\"),\"CÓDIGO N/ID\",\nIF(AND($C202=\"S\",OR($R202=\"\",$R202=\"(digite a descrição aqui)\"),OR($Q202<>\"\",$T202>0,$U202>0)),\"DESCRIÇÃO\",\nIF(AND($C202=\"S\",$P202<>\"\",$Q202<>\"\",$S202=\"\"),\"UNIDADE\",\nIF(AND($C202=\"S\",$P202<>\"\",$Q202<>\"\",$U202=0),\"SEM CUSTO\",\nIF(AND(TIPOORCAMENTO=\"Licitado\",$AL202=0,$AN202>0),\"SEM PREÇO\",\nIF(AND($C202=\"S\",$P202<>\"\",$Q202<>\"\",$U202>0,AND($V202<>\"BDI 1\",$V202<>\"BDI 2\",$V202<>\"BDI 3\")),IF(ISNUMBER($V202),\"JUSTIFICAR BDI\",\"BDI\"),\nIF(OR(AND(import.recurso=\"OGU\",TIPOORCAMENTO=\"Proposto\",LEFT($O$8,5)<>\"(N/D:\",$AG202<>\"\",ORÇAMENTO.CustoUnitario>$AG202),AND(TIPOORCAMENTO=\"LICITADO\",ORÇAMENTO.PrecoUnitarioLicitado>$AN202)),\"ACIMA REF.\",\nIF(AND($C202=\"S\",$P202<>\"\",$Q202<>\"\",$T202=0,$U202>0),\"QUANT.\",\nIF(AND(Import.TipoArredondamento=\"TransfereGOV\",$L202=\"F\",$C202=\"S\",LEN($Q202)>13),\"Código >13\",\nIF(AND(Import.TipoArredondamento=\"TransfereGOV\",$L202=\"F\",$C202<>\"S\",LEN($R202)>100),\"Descrição >100\",\nIF(AND(Import.TipoArredondamento=\"TransfereGOV\",$L202=\"F\",$C202=\"S\",LEN($R202)>500),\"Descrição >500\",\nIF(AND(Import.TipoArredondamento=\"TransfereGOV\",$L202=\"F\",$C202=\"S\",LEFT(TRIM(UPPER($P202)),6)<>\"SINAPI\",ISNA(VLOOKUP(TRIM(UPPER($S202)),ListaTgov.Unidades,1,FALSE))),\"Unid. Não Disp\",\n\" \"))))))))))))))))","v":" "},{"$f":"IF(C202<=CRONO.NivelExibicao,MAX($AD$15:OFFSET(AD202,-1,0))+IF($C202<>1,1,MAX(1,COUNTIF(QCI!$A$13:$A$36,OFFSET($E202,-1,0)))),\"\")","v":""},{"$f":"IF(AND($C202=\"S\",ORÇAMENTO.CodBarra<>\"\"),IF(ORÇAMENTO.Fonte=\"\",ORÇAMENTO.CodBarra,CONCATENATE(ORÇAMENTO.Fonte,\" \",ORÇAMENTO.CodBarra)))","v":"Composição COMP44"},{"$f":"IF(ISERROR(ORÇAMENTO.BancoRef),\"(abra o arquivo 'Referência \"&Excel_BuiltIn_Database&\".xlsm)\",IF(OR($C202<>\"S\",ORÇAMENTO.CodBarra=\"\"),\"(Sem Código)\",IF(ISERROR(MATCH($AE202,INDIRECT(ORÇAMENTO.BancoRef),0)),\"(Código não identificado nas referências)\",MATCH($AE202,INDIRECT(ORÇAMENTO.BancoRef),0))))","v":46},{"$f":"ROUND(IF(DESONERACAO=\"sim\",REFERENCIA.Desonerado,REFERENCIA.NaoDesonerado),2)","v":357.17},0.25290000000000001,null,null,null,null,895,{"$f":"ROUND(ORÇAMENTO.CustoUnitario*(1+$AH202),2)","v":447.5}]
["S",2,"S",0,{"$f":"IF($C203=1,OFFSET(E203,-1,0)+MAX(1,COUNTIF(QCI!$A$13:$A$36,OFFSET(ORÇAMENTO!E203,-1,0))),OFFSET(E203,-1,0))","v":15},3,0,0,6,0,{"$f":"IF(OR($C203=\"S\",$C203=0),0,MATCH(OFFSET($D203,0,$C203)+IF($C203<>1,1,COUNTIF(QCI!$A$13:$A$36,ORÇAMENTO!E203)),OFFSET($D203,1,$C203,ROW($C$472)-ROW($C203)),0))","v":0},"F","Serviço","Serviço","15.3.0.6.","Composição","COMP45",{"$f":"IF($C203=\"S\",REFERENCIA.Descricao,\"(digite a descrição aqui)\")","v":"TORNEIRA MISTURADOR CLÍNICA DE MESA COM AREJADOR ARTICULADO, ACIONAMENTO COTOVELO"},{"$f":"REFERENCIA.Unidade","v":"UN"},{"$f":"OFFSET(CÁLCULO!H$15,ROW($T203)-ROW(T$15),0)","v":6},366.83,"BDI 1",{"$f":"IF($C203=\"S\",ROUND(IF(TIPOORCAMENTO=\"Proposto\",ORÇAMENTO.CustoUnitario*(1+$AH203),ORÇAMENTO.PrecoUnitarioLicitado),15-13*$AF$10),0)","v":459.6},{"$f":"IF($C203=\"S\",IF(OR(Import.TipoArredondamento<>\"TransfereGOV\",ACOMPANHAMENTO=\"BM\"),VTOTAL1,SUM(OFFSET(CÁLCULO!$AI$15,ROW($X203)-ROW($X$15),1):OFFSET(CÁLCULO!$BB$15,ROW($X203)-ROW($X$15),-1))),IF($C203=0,0,ROUND(SomaAgrup,15-13*$AF$11)))","v":2757.6},"RA","RA",{"$f":"IF($C203=\"S\",IF($Z203=\"CP\",$X203,IF($Z203=\"RA\",(($X203)*QCI!$AA$3),0)),SomaAgrup)","v":238.62534107141624},{"$f":"IF($C203=\"S\",IF($Z203=\"OU\",ROUND($X203,2),0),SomaAgrup)","v":0},{"$f":"IF($N203=\"\",\" \",\nIF(AND($C203<>\"S\",OR($R203=\"\",$R203=\"(digite a descrição aqui)\")),\"DESCRIÇÃO\",\nIF(AND($C203=\"S\",OR($Q203<>\"\",$T203>0,$U203>0),$P203=\"\"),\"FONTE\",\nIF(AND($C203=\"S\",$P203<>\"\",OR($T203>0,$U203>0),$Q203=\"\"),\"CÓDIGO\",\nIF(AND($C203=\"S\",$P203<>\"\",$Q203<>\"\",$R203=\"(Código não identificado nas referências)\"),\"CÓDIGO N/ID\",\nIF(AND($C203=\"S\",OR($R203=\"\",$R203=\"(digite a descrição aqui)\"),OR($Q203<>\"\",$T203>0,$U203>0)),\"DESCRIÇÃO\",\nIF(AND($C203=\"S\",$P203<>\"\",$Q203<>\"\",$S203=\"\"),\"UNIDADE\",\nIF(AND($C203=\"S\",$P203<>\"\",$Q203<>\"\",$U203=0),\"SEM CUSTO\",\nIF(AND(TIPOORCAMENTO=\"Licitado\",$AL203=0,$AN203>0),\"SEM PREÇO\",\nIF(AND($C203=\"S\",$P203<>\"\",$Q203<>\"\",$U203>0,AND($V203<>\"BDI 1\",$V203<>\"BDI 2\",$V203<>\"BDI 3\")),IF(ISNUMBER($V203),\"JUSTIFICAR BDI\",\"BDI\"),\nIF(OR(AND(import.recurso=\"OGU\",TIPOORCAMENTO=\"Proposto\",LEFT($O$8,5)<>\"(N/D:\",$AG203<>\"\",ORÇAMENTO.CustoUnitario>$AG203),AND(TIPOORCAMENTO=\"LICITADO\",ORÇAMENTO.PrecoUnitarioLicitado>$AN203)),\"ACIMA REF.\",\nIF(AND($C203=\"S\",$P203<>\"\",$Q203<>\"\",$T203=0,$U203>0),\"QUANT.\",\nIF(AND(Import.TipoArredondamento=\"TransfereGOV\",$L203=\"F\",$C203=\"S\",LEN($Q203)>13),\"Código >13\",\nIF(AND(Import.TipoArredondamento=\"TransfereGOV\",$L203=\"F\",$C203<>\"S\",LEN($R203)>100),\"Descrição >100\",\nIF(AND(Import.TipoArredondamento=\"TransfereGOV\",$L203=\"F\",$C203=\"S\",LEN($R203)>500),\"Descrição >500\",\nIF(AND(Import.TipoArredondamento=\"TransfereGOV\",$L203=\"F\",$C203=\"S\",LEFT(TRIM(UPPER($P203)),6)<>\"SINAPI\",ISNA(VLOOKUP(TRIM(UPPER($S203)),ListaTgov.Unidades,1,FALSE))),\"Unid. Não Disp\",\n\" \"))))))))))))))))","v":" "},{"$f":"IF(C203<=CRONO.NivelExibicao,MAX($AD$15:OFFSET(AD203,-1,0))+IF($C203<>1,1,MAX(1,COUNTIF(QCI!$A$13:$A$36,OFFSET($E203,-1,0)))),\"\")","v":""},{"$f":"IF(AND($C203=\"S\",ORÇAMENTO.CodBarra<>\"\"),IF(ORÇAMENTO.Fonte=\"\",ORÇAMENTO.CodBarra,CONCATENATE(ORÇAMENTO.Fonte,\" \",ORÇAMENTO.CodBarra)))","v":"Composição COMP45"},{"$f":"IF(ISERROR(ORÇAMENTO.BancoRef),\"(abra o arquivo 'Referência \"&Excel_BuiltIn_Database&\".xlsm)\",IF(OR($C203<>\"S\",ORÇAMENTO.CodBarra=\"\"),\"(Sem Código)\",IF(ISERROR(MATCH($AE203,INDIRECT(ORÇAMENTO.BancoRef),0)),\"(Código não identificado nas referências)\",MATCH($AE203,INDIRECT(ORÇAMENTO.BancoRef),0))))","v":47},{"$f":"ROUND(IF(DESONERACAO=\"sim\",REFERENCIA.Desonerado,REFERENCIA.NaoDesonerado),2)","v":366.83},0.25290000000000001,null,null,null,null,2757.6,{"$f":"ROUND(ORÇAMENTO.CustoUnitario*(1+$AH203),2)","v":459.6}]
["S",2,"S",0,{"$f":"IF($C204=1,OFFSET(E204,-1,0)+MAX(1,COUNTIF(QCI!$A$13:$A$36,OFFSET(ORÇAMENTO!E204,-1,0))),OFFSET(E204,-1,0))","v":15},3,0,0,7,0,{"$f":"IF(OR($C204=\"S\",$C204=0),0,MATCH(OFFSET($D204,0,$C204)+IF($C204<>1,1,COUNTIF(QCI!$A$13:$A$36,ORÇAMENTO!E204)),OFFSET($D204,1,$C204,ROW($C$472)-ROW($C204)),0))","v":0},"F","Serviço","Serviço","15.3.0.7.","Composição","COMP46",{"$f":"IF($C204=\"S\",REFERENCIA.Descricao,\"(digite a descrição aqui)\")","v":"TORNEIRA DE MESA COM FECHAMENTO AUTOMÁTICO, LINHA DECAMATIC ECO, REF.1173.C, DECA OU SIMILAR"},{"$f":"REFERENCIA.Unidade","v":"UN"},{"$f":"OFFSET(CÁLCULO!H$15,ROW($T204)-ROW(T$15),0)","v":22},277.43,"BDI 1",{"$f":"IF($C204=\"S\",ROUND(IF(TIPOORCAMENTO=\"Proposto\",ORÇAMENTO.CustoUnitario*(1+$AH204),ORÇAMENTO.PrecoUnitarioLicitado),15-13*$AF$10),0)","v":347.59},{"$f":"IF($C204=\"S\",IF(OR(Import.TipoArredondamento<>\"TransfereGOV\",ACOMPANHAMENTO=\"BM\"),VTOTAL1,SUM(OFFSET(CÁLCULO!$AI$15,ROW($X204)-ROW($X$15),1):OFFSET(CÁLCULO!$BB$15,ROW($X204)-ROW($X$15),-1))),IF($C204=0,0,ROUND(SomaAgrup,15-13*$AF$11)))","v":7646.98},"RA","RA",{"$f":"IF($C204=\"S\",IF($Z204=\"CP\",$X204,IF($Z204=\"RA\",(($X204)*QCI!$AA$3),0)),SomaAgrup)","v":661.72150082183725},{"$f":"IF($C204=\"S\",IF($Z204=\"OU\",ROUND($X204,2),0),SomaAgrup)","v":0},{"$f":"IF($N204=\"\",\" \",\nIF(AND($C204<>\"S\",OR($R204=\"\",$R204=\"(digite a descrição aqui)\")),\"DESCRIÇÃO\",\nIF(AND($C204=\"S\",OR($Q204<>\"\",$T204>0,$U204>0),$P204=\"\"),\"FONTE\",\nIF(AND($C204=\"S\",$P204<>\"\",OR($T204>0,$U204>0),$Q204=\"\"),\"CÓDIGO\",\nIF(AND($C204=\"S\",$P204<>\"\",$Q204<>\"\",$R204=\"(Código não identificado nas referências)\"),\"CÓDIGO N/ID\",\nIF(AND($C204=\"S\",OR($R204=\"\",$R204=\"(digite a descrição aqui)\"),OR($Q204<>\"\",$T204>0,$U204>0)),\"DESCRIÇÃO\",\nIF(AND($C204=\"S\",$P204<>\"\",$Q204<>\"\",$S204=\"\"),\"UNIDADE\",\nIF(AND($C204=\"S\",$P204<>\"\",$Q204<>\"\",$U204=0),\"SEM CUSTO\",\nIF(AND(TIPOORCAMENTO=\"Licitado\",$AL204=0,$AN204>0),\"SEM PREÇO\",\nIF(AND($C204=\"S\",$P204<>\"\",$Q204<>\"\",$U204>0,AND($V204<>\"BDI 1\",$V204<>\"BDI 2\",$V204<>\"BDI 3\")),IF(ISNUMBER($V204),\"JUSTIFICAR BDI\",\"BDI\"),\nIF(OR(AND(import.recurso=\"OGU\",TIPOORCAMENTO=\"Proposto\",LEFT($O$8,5)<>\"(N/D:\",$AG204<>\"\",ORÇAMENTO.CustoUnitario>$AG204),AND(TIPOORCAMENTO=\"LICITADO\",ORÇAMENTO.PrecoUnitarioLicitado>$AN204)),\"ACIMA REF.\",\nIF(AND($C204=\"S\",$P204<>\"\",$Q204<>\"\",$T204=0,$U204>0),\"QUANT.\",\nIF(AND(Import.TipoArredondamento=\"TransfereGOV\",$L204=\"F\",$C204=\"S\",LEN($Q204)>13),\"Código >13\",\nIF(AND(Import.TipoArredondamento=\"TransfereGOV\",$L204=\"F\",$C204<>\"S\",LEN($R204)>100),\"Descrição >100\",\nIF(AND(Import.TipoArredondamento=\"TransfereGOV\",$L204=\"F\",$C204=\"S\",LEN($R204)>500),\"Descrição >500\",\nIF(AND(Import.TipoArredondamento=\"TransfereGOV\",$L204=\"F\",$C204=\"S\",LEFT(TRIM(UPPER($P204)),6)<>\"SINAPI\",ISNA(VLOOKUP(TRIM(UPPER($S204)),ListaTgov.Unidades,1,FALSE))),\"Unid. Não Disp\",\n\" \"))))))))))))))))","v":" "},{"$f":"IF(C204<=CRONO.NivelExibicao,MAX($AD$15:OFFSET(AD204,-1,0))+IF($C204<>1,1,MAX(1,COUNTIF(QCI!$A$13:$A$36,OFFSET($E204,-1,0)))),\"\")","v":""},{"$f":"IF(AND($C204=\"S\",ORÇAMENTO.CodBarra<>\"\"),IF(ORÇAMENTO.Fonte=\"\",ORÇAMENTO.CodBarra,CONCATENATE(ORÇAMENTO.Fonte,\" \",ORÇAMENTO.CodBarra)))","v":"Composição COMP46"},{"$f":"IF(ISERROR(ORÇAMENTO.BancoRef),\"(abra o arquivo 'Referência \"&Excel_BuiltIn_Database&\".xlsm)\",IF(OR($C204<>\"S\",ORÇAMENTO.CodBarra=\"\"),\"(Sem Código)\",IF(ISERROR(MATCH($AE204,INDIRECT(ORÇAMENTO.BancoRef),0)),\"(Código não identificado nas referências)\",MATCH($AE204,INDIRECT(ORÇAMENTO.BancoRef),0))))","v":48},{"$f":"ROUND(IF(DESONERACAO=\"sim\",REFERENCIA.Desonerado,REFERENCIA.NaoDesonerado),2)","v":277.43},0.25290000000000001,null,null,null,null,7646.98,{"$f":"ROUND(ORÇAMENTO.CustoUnitario*(1+$AH204),2)","v":347.59}]
["S",2,"S",0,{"$f":"IF($C205=1,OFFSET(E205,-1,0)+MAX(1,COUNTIF(QCI!$A$13:$A$36,OFFSET(ORÇAMENTO!E205,-1,0))),OFFSET(E205,-1,0))","v":15},3,0,0,8,0,{"$f":"IF(OR($C205=\"S\",$C205=0),0,MATCH(OFFSET($D205,0,$C205)+IF($C205<>1,1,COUNTIF(QCI!$A$13:$A$36,ORÇAMENTO!E205)),OFFSET($D205,1,$C205,ROW($C$472)-ROW($C205)),0))","v":0},"F","Serviço","Serviço","15.3.0.8.","Composição","COMP47",{"$f":"IF($C205=\"S\",REFERENCIA.Descricao,\"(digite a descrição aqui)\")","v":"TORNEIRA PARA  LAVATÓRIO,  DE  MESA,  CROMADA,  BICA  ALTA,  REF.:  FLEX  PLUS,  1198  C21,  DA  DECA  OU  SIMILAR,  INCLUSIVE  FURO  PARA  INSTALAÇÃO  EM  BANCADA"},{"$f":"REFERENCIA.Unidade","v":"UN"},{"$f":"OFFSET(CÁLCULO!H$15,ROW($T205)-ROW(T$15),0)","v":1},399.88,"BDI 1",{"$f":"IF($C205=\"S\",ROUND(IF(TIPOORCAMENTO=\"Proposto\",ORÇAMENTO.CustoUnitario*(1+$AH205),ORÇAMENTO.PrecoUnitarioLicitado),15-13*$AF$10),0)","v":501.01},{"$f":"IF($C205=\"S\",IF(OR(Import.TipoArredondamento<>\"TransfereGOV\",ACOMPANHAMENTO=\"BM\"),VTOTAL1,SUM(OFFSET(CÁLCULO!$AI$15,ROW($X205)-ROW($X$15),1):OFFSET(CÁLCULO!$BB$15,ROW($X205)-ROW($X$15),-1))),IF($C205=0,0,ROUND(SomaAgrup,15-13*$AF$11)))","v":501.01},"RA","RA",{"$f":"IF($C205=\"S\",IF($Z205=\"CP\",$X205,IF($Z205=\"RA\",(($X205)*QCI!$AA$3),0)),SomaAgrup)","v":43.354250845006618},{"$f":"IF($C205=\"S\",IF($Z205=\"OU\",ROUND($X205,2),0),SomaAgrup)","v":0},{"$f":"IF($N205=\"\",\" \",\nIF(AND($C205<>\"S\",OR($R205=\"\",$R205=\"(digite a descrição aqui)\")),\"DESCRIÇÃO\",\nIF(AND($C205=\"S\",OR($Q205<>\"\",$T205>0,$U205>0),$P205=\"\"),\"FONTE\",\nIF(AND($C205=\"S\",$P205<>\"\",OR($T205>0,$U205>0),$Q205=\"\"),\"CÓDIGO\",\nIF(AND($C205=\"S\",$P205<>\"\",$Q205<>\"\",$R205=\"(Código não identificado nas referências)\"),\"CÓDIGO N/ID\",\nIF(AND($C205=\"S\",OR($R205=\"\",$R205=\"(digite a descrição aqui)\"),OR($Q205<>\"\",$T205>0,$U205>0)),\"DESCRIÇÃO\",\nIF(AND($C205=\"S\",$P205<>\"\",$Q205<>\"\",$S205=\"\"),\"UNIDADE\",\nIF(AND($C205=\"S\",$P205<>\"\",$Q205<>\"\",$U205=0),\"SEM CUSTO\",\nIF(AND(TIPOORCAMENTO=\"Licitado\",$AL205=0,$AN205>0),\"SEM PREÇO\",\nIF(AND($C205=\"S\",$P205<>\"\",$Q205<>\"\",$U205>0,AND($V205<>\"BDI 1\",$V205<>\"BDI 2\",$V205<>\"BDI 3\")),IF(ISNUMBER($V205),\"JUSTIFICAR BDI\",\"BDI\"),\nIF(OR(AND(import.recurso=\"OGU\",TIPOORCAMENTO=\"Proposto\",LEFT($O$8,5)<>\"(N/D:\",$AG205<>\"\",ORÇAMENTO.CustoUnitario>$AG205),AND(TIPOORCAMENTO=\"LICITADO\",ORÇAMENTO.PrecoUnitarioLicitado>$AN205)),\"ACIMA REF.\",\nIF(AND($C205=\"S\",$P205<>\"\",$Q205<>\"\",$T205=0,$U205>0),\"QUANT.\",\nIF(AND(Import.TipoArredondamento=\"TransfereGOV\",$L205=\"F\",$C205=\"S\",LEN($Q205)>13),\"Código >13\",\nIF(AND(Import.TipoArredondamento=\"TransfereGOV\",$L205=\"F\",$C205<>\"S\",LEN($R205)>100),\"Descrição >100\",\nIF(AND(Import.TipoArredondamento=\"TransfereGOV\",$L205=\"F\",$C205=\"S\",LEN($R205)>500),\"Descrição >500\",\nIF(AND(Import.TipoArredondamento=\"TransfereGOV\",$L205=\"F\",$C205=\"S\",LEFT(TRIM(UPPER($P205)),6)<>\"SINAPI\",ISNA(VLOOKUP(TRIM(UPPER($S205)),ListaTgov.Unidades,1,FALSE))),\"Unid. Não Disp\",\n\" \"))))))))))))))))","v":" "},{"$f":"IF(C205<=CRONO.NivelExibicao,MAX($AD$15:OFFSET(AD205,-1,0))+IF($C205<>1,1,MAX(1,COUNTIF(QCI!$A$13:$A$36,OFFSET($E205,-1,0)))),\"\")","v":""},{"$f":"IF(AND($C205=\"S\",ORÇAMENTO.CodBarra<>\"\"),IF(ORÇAMENTO.Fonte=\"\",ORÇAMENTO.CodBarra,CONCATENATE(ORÇAMENTO.Fonte,\" \",ORÇAMENTO.CodBarra)))","v":"Composição COMP47"},{"$f":"IF(ISERROR(ORÇAMENTO.BancoRef),\"(abra o arquivo 'Referência \"&Excel_BuiltIn_Database&\".xlsm)\",IF(OR($C205<>\"S\",ORÇAMENTO.CodBarra=\"\"),\"(Sem Código)\",IF(ISERROR(MATCH($AE205,INDIRECT(ORÇAMENTO.BancoRef),0)),\"(Código não identificado nas referências)\",MATCH($AE205,INDIRECT(ORÇAMENTO.BancoRef),0))))","v":49},{"$f":"ROUND(IF(DESONERACAO=\"sim\",REFERENCIA.Desonerado,REFERENCIA.NaoDesonerado),2)","v":399.88},0.25290000000000001,null,null,null,null,501.01,{"$f":"ROUND(ORÇAMENTO.CustoUnitario*(1+$AH205),2)","v":501.01}]
["S",2,"S",0,{"$f":"IF($C206=1,OFFSET(E206,-1,0)+MAX(1,COUNTIF(QCI!$A$13:$A$36,OFFSET(ORÇAMENTO!E206,-1,0))),OFFSET(E206,-1,0))","v":15},3,0,0,9,0,{"$f":"IF(OR($C206=\"S\",$C206=0),0,MATCH(OFFSET($D206,0,$C206)+IF($C206<>1,1,COUNTIF(QCI!$A$13:$A$36,ORÇAMENTO!E206)),OFFSET($D206,1,$C206,ROW($C$472)-ROW($C206)),0))","v":0},"F","Serviço","Serviço","15.3.0.9.","Composição","COMP48",{"$f":"IF($C206=\"S\",REFERENCIA.Descricao,\"(digite a descrição aqui)\")","v":"DUCHA HIGIÊNICA COM REGISTRO, LINHA DREAM, REF. 1984.C87.ACT.CR, DA DECA OU SIMILAR"},{"$f":"REFERENCIA.Unidade","v":"UN"},{"$f":"OFFSET(CÁLCULO!H$15,ROW($T206)-ROW(T$15),0)","v":6},815.48,"BDI 1",{"$f":"IF($C206=\"S\",ROUND(IF(TIPOORCAMENTO=\"Proposto\",ORÇAMENTO.CustoUnitario*(1+$AH206),ORÇAMENTO.PrecoUnitarioLicitado),15-13*$AF$10),0)","v":1021.71},{"$f":"IF($C206=\"S\",IF(OR(Import.TipoArredondamento<>\"TransfereGOV\",ACOMPANHAMENTO=\"BM\"),VTOTAL1,SUM(OFFSET(CÁLCULO!$AI$15,ROW($X206)-ROW($X$15),1):OFFSET(CÁLCULO!$BB$15,ROW($X206)-ROW($X$15),-1))),IF($C206=0,0,ROUND(SomaAgrup,15-13*$AF$11)))","v":6130.26},"RA","RA",{"$f":"IF($C206=\"S\",IF($Z206=\"CP\",$X206,IF($Z206=\"RA\",(($X206)*QCI!$AA$3),0)),SomaAgrup)","v":530.47410188441404},{"$f":"IF($C206=\"S\",IF($Z206=\"OU\",ROUND($X206,2),0),SomaAgrup)","v":0},{"$f":"IF($N206=\"\",\" \",\nIF(AND($C206<>\"S\",OR($R206=\"\",$R206=\"(digite a descrição aqui)\")),\"DESCRIÇÃO\",\nIF(AND($C206=\"S\",OR($Q206<>\"\",$T206>0,$U206>0),$P206=\"\"),\"FONTE\",\nIF(AND($C206=\"S\",$P206<>\"\",OR($T206>0,$U206>0),$Q206=\"\"),\"CÓDIGO\",\nIF(AND($C206=\"S\",$P206<>\"\",$Q206<>\"\",$R206=\"(Código não identificado nas referências)\"),\"CÓDIGO N/ID\",\nIF(AND($C206=\"S\",OR($R206=\"\",$R206=\"(digite a descrição aqui)\"),OR($Q206<>\"\",$T206>0,$U206>0)),\"DESCRIÇÃO\",\nIF(AND($C206=\"S\",$P206<>\"\",$Q206<>\"\",$S206=\"\"),\"UNIDADE\",\nIF(AND($C206=\"S\",$P206<>\"\",$Q206<>\"\",$U206=0),\"SEM CUSTO\",\nIF(AND(TIPOORCAMENTO=\"Licitado\",$AL206=0,$AN206>0),\"SEM PREÇO\",\nIF(AND($C206=\"S\",$P206<>\"\",$Q206<>\"\",$U206>0,AND($V206<>\"BDI 1\",$V206<>\"BDI 2\",$V206<>\"BDI 3\")),IF(ISNUMBER($V206),\"JUSTIFICAR BDI\",\"BDI\"),\nIF(OR(AND(import.recurso=\"OGU\",TIPOORCAMENTO=\"Proposto\",LEFT($O$8,5)<>\"(N/D:\",$AG206<>\"\",ORÇAMENTO.CustoUnitario>$AG206),AND(TIPOORCAMENTO=\"LICITADO\",ORÇAMENTO.PrecoUnitarioLicitado>$AN206)),\"ACIMA REF.\",\nIF(AND($C206=\"S\",$P206<>\"\",$Q206<>\"\",$T206=0,$U206>0),\"QUANT.\",\nIF(AND(Import.TipoArredondamento=\"TransfereGOV\",$L206=\"F\",$C206=\"S\",LEN($Q206)>13),\"Código >13\",\nIF(AND(Import.TipoArredondamento=\"TransfereGOV\",$L206=\"F\",$C206<>\"S\",LEN($R206)>100),\"Descrição >100\",\nIF(AND(Import.TipoArredondamento=\"TransfereGOV\",$L206=\"F\",$C206=\"S\",LEN($R206)>500),\"Descrição >500\",\nIF(AND(Import.TipoArredondamento=\"TransfereGOV\",$L206=\"F\",$C206=\"S\",LEFT(TRIM(UPPER($P206)),6)<>\"SINAPI\",ISNA(VLOOKUP(TRIM(UPPER($S206)),ListaTgov.Unidades,1,FALSE))),\"Unid. Não Disp\",\n\" \"))))))))))))))))","v":" "},{"$f":"IF(C206<=CRONO.NivelExibicao,MAX($AD$15:OFFSET(AD206,-1,0))+IF($C206<>1,1,MAX(1,COUNTIF(QCI!$A$13:$A$36,OFFSET($E206,-1,0)))),\"\")","v":""},{"$f":"IF(AND($C206=\"S\",ORÇAMENTO.CodBarra<>\"\"),IF(ORÇAMENTO.Fonte=\"\",ORÇAMENTO.CodBarra,CONCATENATE(ORÇAMENTO.Fonte,\" \",ORÇAMENTO.CodBarra)))","v":"Composição COMP48"},{"$f":"IF(ISERROR(ORÇAMENTO.BancoRef),\"(abra o arquivo 'Referência \"&Excel_BuiltIn_Database&\".xlsm)\",IF(OR($C206<>\"S\",ORÇAMENTO.CodBarra=\"\"),\"(Sem Código)\",IF(ISERROR(MATCH($AE206,INDIRECT(ORÇAMENTO.BancoRef),0)),\"(Código não identificado nas referências)\",MATCH($AE206,INDIRECT(ORÇAMENTO.BancoRef),0))))","v":50},{"$f":"ROUND(IF(DESONERACAO=\"sim\",REFERENCIA.Desonerado,REFERENCIA.NaoDesonerado),2)","v":815.48},0.25290000000000001,null,null,null,null,6130.26,{"$f":"ROUND(ORÇAMENTO.CustoUnitario*(1+$AH206),2)","v":1021.71}]
["S",2,"S",0,{"$f":"IF($C207=1,OFFSET(E207,-1,0)+MAX(1,COUNTIF(QCI!$A$13:$A$36,OFFSET(ORÇAMENTO!E207,-1,0))),OFFSET(E207,-1,0))","v":15},3,0,0,10,0,{"$f":"IF(OR($C207=\"S\",$C207=0),0,MATCH(OFFSET($D207,0,$C207)+IF($C207<>1,1,COUNTIF(QCI!$A$13:$A$36,ORÇAMENTO!E207)),OFFSET($D207,1,$C207,ROW($C$472)-ROW($C207)),0))","v":0},"F","Serviço","Serviço","15.3.0.10.","Composição","COMP49",{"$f":"IF($C207=\"S\",REFERENCIA.Descricao,\"(digite a descrição aqui)\")","v":"BARRA DE APOIO, RETA, FIXA, EM AÇO INOX, L=80CM, D=1 1/4\", JACKWAL OU SIMILAR"},{"$f":"REFERENCIA.Unidade","v":"UN"},{"$f":"OFFSET(CÁLCULO!H$15,ROW($T207)-ROW(T$15),0)","v":8},223.48,"BDI 1",{"$f":"IF($C207=\"S\",ROUND(IF(TIPOORCAMENTO=\"Proposto\",ORÇAMENTO.CustoUnitario*(1+$AH207),ORÇAMENTO.PrecoUnitarioLicitado),15-13*$AF$10),0)","v":280},{"$f":"IF($C207=\"S\",IF(OR(Import.TipoArredondamento<>\"TransfereGOV\",ACOMPANHAMENTO=\"BM\"),VTOTAL1,SUM(OFFSET(CÁLCULO!$AI$15,ROW($X207)-ROW($X$15),1):OFFSET(CÁLCULO!$BB$15,ROW($X207)-ROW($X$15),-1))),IF($C207=0,0,ROUND(SomaAgrup,15-13*$AF$11)))","v":2240},"RA","RA",{"$f":"IF($C207=\"S\",IF($Z207=\"CP\",$X207,IF($Z207=\"RA\",(($X207)*QCI!$AA$3),0)),SomaAgrup)","v":193.8354960835409},{"$f":"IF($C207=\"S\",IF($Z207=\"OU\",ROUND($X207,2),0),SomaAgrup)","v":0},{"$f":"IF($N207=\"\",\" \",\nIF(AND($C207<>\"S\",OR($R207=\"\",$R207=\"(digite a descrição aqui)\")),\"DESCRIÇÃO\",\nIF(AND($C207=\"S\",OR($Q207<>\"\",$T207>0,$U207>0),$P207=\"\"),\"FONTE\",\nIF(AND($C207=\"S\",$P207<>\"\",OR($T207>0,$U207>0),$Q207=\"\"),\"CÓDIGO\",\nIF(AND($C207=\"S\",$P207<>\"\",$Q207<>\"\",$R207=\"(Código não identificado nas referências)\"),\"CÓDIGO N/ID\",\nIF(AND($C207=\"S\",OR($R207=\"\",$R207=\"(digite a descrição aqui)\"),OR($Q207<>\"\",$T207>0,$U207>0)),\"DESCRIÇÃO\",\nIF(AND($C207=\"S\",$P207<>\"\",$Q207<>\"\",$S207=\"\"),\"UNIDADE\",\nIF(AND($C207=\"S\",$P207<>\"\",$Q207<>\"\",$U207=0),\"SEM CUSTO\",\nIF(AND(TIPOORCAMENTO=\"Licitado\",$AL207=0,$AN207>0),\"SEM PREÇO\",\nIF(AND($C207=\"S\",$P207<>\"\",$Q207<>\"\",$U207>0,AND($V207<>\"BDI 1\",$V207<>\"BDI 2\",$V207<>\"BDI 3\")),IF(ISNUMBER($V207),\"JUSTIFICAR BDI\",\"BDI\"),\nIF(OR(AND(import.recurso=\"OGU\",TIPOORCAMENTO=\"Proposto\",LEFT($O$8,5)<>\"(N/D:\",$AG207<>\"\",ORÇAMENTO.CustoUnitario>$AG207),AND(TIPOORCAMENTO=\"LICITADO\",ORÇAMENTO.PrecoUnitarioLicitado>$AN207)),\"ACIMA REF.\",\nIF(AND($C207=\"S\",$P207<>\"\",$Q207<>\"\",$T207=0,$U207>0),\"QUANT.\",\nIF(AND(Import.TipoArredondamento=\"TransfereGOV\",$L207=\"F\",$C207=\"S\",LEN($Q207)>13),\"Código >13\",\nIF(AND(Import.TipoArredondamento=\"TransfereGOV\",$L207=\"F\",$C207<>\"S\",LEN($R207)>100),\"Descrição >100\",\nIF(AND(Import.TipoArredondamento=\"TransfereGOV\",$L207=\"F\",$C207=\"S\",LEN($R207)>500),\"Descrição >500\",\nIF(AND(Import.TipoArredondamento=\"TransfereGOV\",$L207=\"F\",$C207=\"S\",LEFT(TRIM(UPPER($P207)),6)<>\"SINAPI\",ISNA(VLOOKUP(TRIM(UPPER($S207)),ListaTgov.Unidades,1,FALSE))),\"Unid. Não Disp\",\n\" \"))))))))))))))))","v":" "},{"$f":"IF(C207<=CRONO.NivelExibicao,MAX($AD$15:OFFSET(AD207,-1,0))+IF($C207<>1,1,MAX(1,COUNTIF(QCI!$A$13:$A$36,OFFSET($E207,-1,0)))),\"\")","v":""},{"$f":"IF(AND($C207=\"S\",ORÇAMENTO.CodBarra<>\"\"),IF(ORÇAMENTO.Fonte=\"\",ORÇAMENTO.CodBarra,CONCATENATE(ORÇAMENTO.Fonte,\" \",ORÇAMENTO.CodBarra)))","v":"Composição COMP49"},{"$f":"IF(ISERROR(ORÇAMENTO.BancoRef),\"(abra o arquivo 'Referência \"&Excel_BuiltIn_Database&\".xlsm)\",IF(OR($C207<>\"S\",ORÇAMENTO.CodBarra=\"\"),\"(Sem Código)\",IF(ISERROR(MATCH($AE207,INDIRECT(ORÇAMENTO.BancoRef),0)),\"(Código não identificado nas referências)\",MATCH($AE207,INDIRECT(ORÇAMENTO.BancoRef),0))))","v":51},{"$f":"ROUND(IF(DESONERACAO=\"sim\",REFERENCIA.Desonerado,REFERENCIA.NaoDesonerado),2)","v":223.48},0.25290000000000001,null,null,null,null,2240,{"$f":"ROUND(ORÇAMENTO.CustoUnitario*(1+$AH207),2)","v":280}]
["S",2,"S",0,{"$f":"IF($C208=1,OFFSET(E208,-1,0)+MAX(1,COUNTIF(QCI!$A$13:$A$36,OFFSET(ORÇAMENTO!E208,-1,0))),OFFSET(E208,-1,0))","v":15},3,0,0,11,{"$f":"IF(OR($C208=\"S\",$C208=0),0,MATCH(0,OFFSET($D208,1,$C208,ROW($C$472)-ROW($C208)),0))","v":0},{"$f":"IF(OR($C208=\"S\",$C208=0),0,MATCH(OFFSET($D208,0,$C208)+IF($C208<>1,1,COUNTIF(QCI!$A$13:$A$36,ORÇAMENTO!E208)),OFFSET($D208,1,$C208,ROW($C$472)-ROW($C208)),0))","v":0},"F","Serviço","Serviço","15.3.0.11.","Composição","COMP30",{"$f":"IF($C208=\"S\",REFERENCIA.Descricao,\"(digite a descrição aqui)\")","v":"BARRA DE APOIO, RETA, FIXA, EM AÇO INOX, L=40CM, D=1 1/4\", JACKWAL OU SIMILAR"},{"$f":"REFERENCIA.Unidade","v":"UN"},{"$f":"OFFSET(CÁLCULO!H$15,ROW($T208)-ROW(T$15),0)","v":8},112.66,"BDI 1",{"$f":"IF($C208=\"S\",ROUND(IF(TIPOORCAMENTO=\"Proposto\",ORÇAMENTO.CustoUnitario*(1+$AH208),ORÇAMENTO.PrecoUnitarioLicitado),15-13*$AF$10),0)","v":141.15},{"$f":"IF($C208=\"S\",IF(OR(Import.TipoArredondamento<>\"TransfereGOV\",ACOMPANHAMENTO=\"BM\"),VTOTAL1,SUM(OFFSET(CÁLCULO!$AI$15,ROW($X208)-ROW($X$15),1):OFFSET(CÁLCULO!$BB$15,ROW($X208)-ROW($X$15),-1))),IF($C208=0,0,ROUND(SomaAgrup,15-13*$AF$11)))","v":1129.2},"RA","RA",{"$f":"IF($C208=\"S\",IF($Z208=\"CP\",$X208,IF($Z208=\"RA\",(($X208)*QCI!$AA$3),0)),SomaAgrup)","v":97.713858114970705},{"$f":"IF($C208=\"S\",IF($Z208=\"OU\",ROUND($X208,2),0),SomaAgrup)","v":0},{"$f":"IF($N208=\"\",\" \",\nIF(AND($C208<>\"S\",OR($R208=\"\",$R208=\"(digite a descrição aqui)\")),\"DESCRIÇÃO\",\nIF(AND($C208=\"S\",OR($Q208<>\"\",$T208>0,$U208>0),$P208=\"\"),\"FONTE\",\nIF(AND($C208=\"S\",$P208<>\"\",OR($T208>0,$U208>0),$Q208=\"\"),\"CÓDIGO\",\nIF(AND($C208=\"S\",$P208<>\"\",$Q208<>\"\",$R208=\"(Código não identificado nas referências)\"),\"CÓDIGO N/ID\",\nIF(AND($C208=\"S\",OR($R208=\"\",$R208=\"(digite a descrição aqui)\"),OR($Q208<>\"\",$T208>0,$U208>0)),\"DESCRIÇÃO\",\nIF(AND($C208=\"S\",$P208<>\"\",$Q208<>\"\",$S208=\"\"),\"UNIDADE\",\nIF(AND($C208=\"S\",$P208<>\"\",$Q208<>\"\",$U208=0),\"SEM CUSTO\",\nIF(AND(TIPOORCAMENTO=\"Licitado\",$AL208=0,$AN208>0),\"SEM PREÇO\",\nIF(AND($C208=\"S\",$P208<>\"\",$Q208<>\"\",$U208>0,AND($V208<>\"BDI 1\",$V208<>\"BDI 2\",$V208<>\"BDI 3\")),IF(ISNUMBER($V208),\"JUSTIFICAR BDI\",\"BDI\"),\nIF(OR(AND(import.recurso=\"OGU\",TIPOORCAMENTO=\"Proposto\",LEFT($O$8,5)<>\"(N/D:\",$AG208<>\"\",ORÇAMENTO.CustoUnitario>$AG208),AND(TIPOORCAMENTO=\"LICITADO\",ORÇAMENTO.PrecoUnitarioLicitado>$AN208)),\"ACIMA REF.\",\nIF(AND($C208=\"S\",$P208<>\"\",$Q208<>\"\",$T208=0,$U208>0),\"QUANT.\",\nIF(AND(Import.TipoArredondamento=\"TransfereGOV\",$L208=\"F\",$C208=\"S\",LEN($Q208)>13),\"Código >13\",\nIF(AND(Import.TipoArredondamento=\"TransfereGOV\",$L208=\"F\",$C208<>\"S\",LEN($R208)>100),\"Descrição >100\",\nIF(AND(Import.TipoArredondamento=\"TransfereGOV\",$L208=\"F\",$C208=\"S\",LEN($R208)>500),\"Descrição >500\",\nIF(AND(Import.TipoArredondamento=\"TransfereGOV\",$L208=\"F\",$C208=\"S\",LEFT(TRIM(UPPER($P208)),6)<>\"SINAPI\",ISNA(VLOOKUP(TRIM(UPPER($S208)),ListaTgov.Unidades,1,FALSE))),\"Unid. Não Disp\",\n\" \"))))))))))))))))","v":" "},{"$f":"IF(C208<=CRONO.NivelExibicao,MAX($AD$15:OFFSET(AD208,-1,0))+IF($C208<>1,1,MAX(1,COUNTIF(QCI!$A$13:$A$36,OFFSET($E208,-1,0)))),\"\")","v":""},{"$f":"IF(AND($C208=\"S\",ORÇAMENTO.CodBarra<>\"\"),IF(ORÇAMENTO.Fonte=\"\",ORÇAMENTO.CodBarra,CONCATENATE(ORÇAMENTO.Fonte,\" \",ORÇAMENTO.CodBarra)))","v":"Composição COMP30"},{"$f":"IF(ISERROR(ORÇAMENTO.BancoRef),\"(abra o arquivo 'Referência \"&Excel_BuiltIn_Database&\".xlsm)\",IF(OR($C208<>\"S\",ORÇAMENTO.CodBarra=\"\"),\"(Sem Código)\",IF(ISERROR(MATCH($AE208,INDIRECT(ORÇAMENTO.BancoRef),0)),\"(Código não identificado nas referências)\",MATCH($AE208,INDIRECT(ORÇAMENTO.BancoRef),0))))","v":32},{"$f":"ROUND(IF(DESONERACAO=\"sim\",REFERENCIA.Desonerado,REFERENCIA.NaoDesonerado),2)","v":112.66},0.25290000000000001,null,null,null,null,1129.2,{"$f":"ROUND(ORÇAMENTO.CustoUnitario*(1+$AH208),2)","v":141.15}]
["S",2,"S",0,{"$f":"IF($C209=1,OFFSET(E209,-1,0)+MAX(1,COUNTIF(QCI!$A$13:$A$36,OFFSET(ORÇAMENTO!E209,-1,0))),OFFSET(E209,-1,0))","v":15},3,0,0,12,0,{"$f":"IF(OR($C209=\"S\",$C209=0),0,MATCH(OFFSET($D209,0,$C209)+IF($C209<>1,1,COUNTIF(QCI!$A$13:$A$36,ORÇAMENTO!E209)),OFFSET($D209,1,$C209,ROW($C$472)-ROW($C209)),0))","v":0},"F","Serviço","Serviço","15.3.0.12.","SINAPI","100867",{"$f":"IF($C209=\"S\",REFERENCIA.Descricao,\"(digite a descrição aqui)\")","v":"BARRA DE APOIO RETA, EM ACO INOX POLIDO, COMPRIMENTO 70 CM, FIXADA NA PAREDE - FORNECIMENTO E INSTALAÇÃO. AF_01/2020"},{"$f":"REFERENCIA.Unidade","v":"UN"},{"$f":"OFFSET(CÁLCULO!H$15,ROW($T209)-ROW(T$15),0)","v":4},351.96,"BDI 1",{"$f":"IF($C209=\"S\",ROUND(IF(TIPOORCAMENTO=\"Proposto\",ORÇAMENTO.CustoUnitario*(1+$AH209),ORÇAMENTO.PrecoUnitarioLicitado),15-13*$AF$10),0)","v":440.97},{"$f":"IF($C209=\"S\",IF(OR(Import.TipoArredondamento<>\"TransfereGOV\",ACOMPANHAMENTO=\"BM\"),VTOTAL1,SUM(OFFSET(CÁLCULO!$AI$15,ROW($X209)-ROW($X$15),1):OFFSET(CÁLCULO!$BB$15,ROW($X209)-ROW($X$15),-1))),IF($C209=0,0,ROUND(SomaAgrup,15-13*$AF$11)))","v":1763.88},"RA","RA",{"$f":"IF($C209=\"S\",IF($Z209=\"CP\",$X209,IF($Z209=\"RA\",(($X209)*QCI!$AA$3),0)),SomaAgrup)","v":152.63506912135543},{"$f":"IF($C209=\"S\",IF($Z209=\"OU\",ROUND($X209,2),0),SomaAgrup)","v":0},{"$f":"IF($N209=\"\",\" \",\nIF(AND($C209<>\"S\",OR($R209=\"\",$R209=\"(digite a descrição aqui)\")),\"DESCRIÇÃO\",\nIF(AND($C209=\"S\",OR($Q209<>\"\",$T209>0,$U209>0),$P209=\"\"),\"FONTE\",\nIF(AND($C209=\"S\",$P209<>\"\",OR($T209>0,$U209>0),$Q209=\"\"),\"CÓDIGO\",\nIF(AND($C209=\"S\",$P209<>\"\",$Q209<>\"\",$R209=\"(Código não identificado nas referências)\"),\"CÓDIGO N/ID\",\nIF(AND($C209=\"S\",OR($R209=\"\",$R209=\"(digite a descrição aqui)\"),OR($Q209<>\"\",$T209>0,$U209>0)),\"DESCRIÇÃO\",\nIF(AND($C209=\"S\",$P209<>\"\",$Q209<>\"\",$S209=\"\"),\"UNIDADE\",\nIF(AND($C209=\"S\",$P209<>\"\",$Q209<>\"\",$U209=0),\"SEM CUSTO\",\nIF(AND(TIPOORCAMENTO=\"Licitado\",$AL209=0,$AN209>0),\"SEM PREÇO\",\nIF(AND($C209=\"S\",$P209<>\"\",$Q209<>\"\",$U209>0,AND($V209<>\"BDI 1\",$V209<>\"BDI 2\",$V209<>\"BDI 3\")),IF(ISNUMBER($V209),\"JUSTIFICAR BDI\",\"BDI\"),\nIF(OR(AND(import.recurso=\"OGU\",TIPOORCAMENTO=\"Proposto\",LEFT($O$8,5)<>\"(N/D:\",$AG209<>\"\",ORÇAMENTO.CustoUnitario>$AG209),AND(TIPOORCAMENTO=\"LICITADO\",ORÇAMENTO.PrecoUnitarioLicitado>$AN209)),\"ACIMA REF.\",\nIF(AND($C209=\"S\",$P209<>\"\",$Q209<>\"\",$T209=0,$U209>0),\"QUANT.\",\nIF(AND(Import.TipoArredondamento=\"TransfereGOV\",$L209=\"F\",$C209=\"S\",LEN($Q209)>13),\"Código >13\",\nIF(AND(Import.TipoArredondamento=\"TransfereGOV\",$L209=\"F\",$C209<>\"S\",LEN($R209)>100),\"Descrição >100\",\nIF(AND(Import.TipoArredondamento=\"TransfereGOV\",$L209=\"F\",$C209=\"S\",LEN($R209)>500),\"Descrição >500\",\nIF(AND(Import.TipoArredondamento=\"TransfereGOV\",$L209=\"F\",$C209=\"S\",LEFT(TRIM(UPPER($P209)),6)<>\"SINAPI\",ISNA(VLOOKUP(TRIM(UPPER($S209)),ListaTgov.Unidades,1,FALSE))),\"Unid. Não Disp\",\n\" \"))))))))))))))))","v":" "},{"$f":"IF(C209<=CRONO.NivelExibicao,MAX($AD$15:OFFSET(AD209,-1,0))+IF($C209<>1,1,MAX(1,COUNTIF(QCI!$A$13:$A$36,OFFSET($E209,-1,0)))),\"\")","v":""},{"$f":"IF(AND($C209=\"S\",ORÇAMENTO.CodBarra<>\"\"),IF(ORÇAMENTO.Fonte=\"\",ORÇAMENTO.CodBarra,CONCATENATE(ORÇAMENTO.Fonte,\" \",ORÇAMENTO.CodBarra)))","v":"SINAPI 100867"},{"$f":"IF(ISERROR(ORÇAMENTO.BancoRef),\"(abra o arquivo 'Referência \"&Excel_BuiltIn_Database&\".xlsm)\",IF(OR($C209<>\"S\",ORÇAMENTO.CodBarra=\"\"),\"(Sem Código)\",IF(ISERROR(MATCH($AE209,INDIRECT(ORÇAMENTO.BancoRef),0)),\"(Código não identificado nas referências)\",MATCH($AE209,INDIRECT(ORÇAMENTO.BancoRef),0))))","v":13473},{"$f":"ROUND(IF(DESONERACAO=\"sim\",REFERENCIA.Desonerado,REFERENCIA.NaoDesonerado),2)","v":351.96},0.25290000000000001,null,null,null,null,1763.88,{"$f":"ROUND(ORÇAMENTO.CustoUnitario*(1+$AH209),2)","v":440.97}]
["S",2,"S",0,{"$f":"IF($C210=1,OFFSET(E210,-1,0)+MAX(1,COUNTIF(QCI!$A$13:$A$36,OFFSET(ORÇAMENTO!E210,-1,0))),OFFSET(E210,-1,0))","v":15},3,0,0,13,0,{"$f":"IF(OR($C210=\"S\",$C210=0),0,MATCH(OFFSET($D210,0,$C210)+IF($C210<>1,1,COUNTIF(QCI!$A$13:$A$36,ORÇAMENTO!E210)),OFFSET($D210,1,$C210,ROW($C$472)-ROW($C210)),0))","v":0},"F","Serviço","Serviço","15.3.0.13.","Composição","COMP50",{"$f":"IF($C210=\"S\",REFERENCIA.Descricao,\"(digite a descrição aqui)\")","v":"RALO SECO PVC QUADRADO 15x15 COM GRELHA"},{"$f":"REFERENCIA.Unidade","v":"UN"},{"$f":"OFFSET(CÁLCULO!H$15,ROW($T210)-ROW(T$15),0)","v":19},106.29,"BDI 1",{"$f":"IF($C210=\"S\",ROUND(IF(TIPOORCAMENTO=\"Proposto\",ORÇAMENTO.CustoUnitario*(1+$AH210),ORÇAMENTO.PrecoUnitarioLicitado),15-13*$AF$10),0)","v":133.16999999999999},{"$f":"IF($C210=\"S\",IF(OR(Import.TipoArredondamento<>\"TransfereGOV\",ACOMPANHAMENTO=\"BM\"),VTOTAL1,SUM(OFFSET(CÁLCULO!$AI$15,ROW($X210)-ROW($X$15),1):OFFSET(CÁLCULO!$BB$15,ROW($X210)-ROW($X$15),-1))),IF($C210=0,0,ROUND(SomaAgrup,15-13*$AF$11)))","v":2530.23},"RA","RA",{"$f":"IF($C210=\"S\",IF($Z210=\"CP\",$X210,IF($Z210=\"RA\",(($X210)*QCI!$AA$3),0)),SomaAgrup)","v":218.95017288190076},{"$f":"IF($C210=\"S\",IF($Z210=\"OU\",ROUND($X210,2),0),SomaAgrup)","v":0},{"$f":"IF($N210=\"\",\" \",\nIF(AND($C210<>\"S\",OR($R210=\"\",$R210=\"(digite a descrição aqui)\")),\"DESCRIÇÃO\",\nIF(AND($C210=\"S\",OR($Q210<>\"\",$T210>0,$U210>0),$P210=\"\"),\"FONTE\",\nIF(AND($C210=\"S\",$P210<>\"\",OR($T210>0,$U210>0),$Q210=\"\"),\"CÓDIGO\",\nIF(AND($C210=\"S\",$P210<>\"\",$Q210<>\"\",$R210=\"(Código não identificado nas referências)\"),\"CÓDIGO N/ID\",\nIF(AND($C210=\"S\",OR($R210=\"\",$R210=\"(digite a descrição aqui)\"),OR($Q210<>\"\",$T210>0,$U210>0)),\"DESCRIÇÃO\",\nIF(AND($C210=\"S\",$P210<>\"\",$Q210<>\"\",$S210=\"\"),\"UNIDADE\",\nIF(AND($C210=\"S\",$P210<>\"\",$Q210<>\"\",$U210=0),\"SEM CUSTO\",\nIF(AND(TIPOORCAMENTO=\"Licitado\",$AL210=0,$AN210>0),\"SEM PREÇO\",\nIF(AND($C210=\"S\",$P210<>\"\",$Q210<>\"\",$U210>0,AND($V210<>\"BDI 1\",$V210<>\"BDI 2\",$V210<>\"BDI 3\")),IF(ISNUMBER($V210),\"JUSTIFICAR BDI\",\"BDI\"),\nIF(OR(AND(import.recurso=\"OGU\",TIPOORCAMENTO=\"Proposto\",LEFT($O$8,5)<>\"(N/D:\",$AG210<>\"\",ORÇAMENTO.CustoUnitario>$AG210),AND(TIPOORCAMENTO=\"LICITADO\",ORÇAMENTO.PrecoUnitarioLicitado>$AN210)),\"ACIMA REF.\",\nIF(AND($C210=\"S\",$P210<>\"\",$Q210<>\"\",$T210=0,$U210>0),\"QUANT.\",\nIF(AND(Import.TipoArredondamento=\"TransfereGOV\",$L210=\"F\",$C210=\"S\",LEN($Q210)>13),\"Código >13\",\nIF(AND(Import.TipoArredondamento=\"TransfereGOV\",$L210=\"F\",$C210<>\"S\",LEN($R210)>100),\"Descrição >100\",\nIF(AND(Import.TipoArredondamento=\"TransfereGOV\",$L210=\"F\",$C210=\"S\",LEN($R210)>500),\"Descrição >500\",\nIF(AND(Import.TipoArredondamento=\"TransfereGOV\",$L210=\"F\",$C210=\"S\",LEFT(TRIM(UPPER($P210)),6)<>\"SINAPI\",ISNA(VLOOKUP(TRIM(UPPER($S210)),ListaTgov.Unidades,1,FALSE))),\"Unid. Não Disp\",\n\" \"))))))))))))))))","v":" "},{"$f":"IF(C210<=CRONO.NivelExibicao,MAX($AD$15:OFFSET(AD210,-1,0))+IF($C210<>1,1,MAX(1,COUNTIF(QCI!$A$13:$A$36,OFFSET($E210,-1,0)))),\"\")","v":""},{"$f":"IF(AND($C210=\"S\",ORÇAMENTO.CodBarra<>\"\"),IF(ORÇAMENTO.Fonte=\"\",ORÇAMENTO.CodBarra,CONCATENATE(ORÇAMENTO.Fonte,\" \",ORÇAMENTO.CodBarra)))","v":"Composição COMP50"},{"$f":"IF(ISERROR(ORÇAMENTO.BancoRef),\"(abra o arquivo 'Referência \"&Excel_BuiltIn_Database&\".xlsm)\",IF(OR($C210<>\"S\",ORÇAMENTO.CodBarra=\"\"),\"(Sem Código)\",IF(ISERROR(MATCH($AE210,INDIRECT(ORÇAMENTO.BancoRef),0)),\"(Código não identificado nas referências)\",MATCH($AE210,INDIRECT(ORÇAMENTO.BancoRef),0))))","v":52},{"$f":"ROUND(IF(DESONERACAO=\"sim\",REFERENCIA.Desonerado,REFERENCIA.NaoDesonerado),2)","v":106.29},0.25290000000000001,null,null,null,null,2530.23,{"$f":"ROUND(ORÇAMENTO.CustoUnitario*(1+$AH210),2)","v":133.16999999999999}]
["S",2,"S",0,{"$f":"IF($C211=1,OFFSET(E211,-1,0)+MAX(1,COUNTIF(QCI!$A$13:$A$36,OFFSET(ORÇAMENTO!E211,-1,0))),OFFSET(E211,-1,0))","v":15},3,0,0,14,0,{"$f":"IF(OR($C211=\"S\",$C211=0),0,MATCH(OFFSET($D211,0,$C211)+IF($C211<>1,1,COUNTIF(QCI!$A$13:$A$36,ORÇAMENTO!E211)),OFFSET($D211,1,$C211,ROW($C$472)-ROW($C211)),0))","v":0},"F","Serviço","Serviço","15.3.0.14.","Composição","COMP51",{"$f":"IF($C211=\"S\",REFERENCIA.Descricao,\"(digite a descrição aqui)\")","v":"ESTAÇÃO DE CHAMADA DE LEITO,COM INTERRUPTOR DE EMBUTIR COM COMANDOS DE CHAMADAS,EMERGENCIA E PRESENCA,FIXADA SOBRE CAIXA 4\"X4\" EMBUTIDA NA PAREDE.FORNECIMENTO E COLOCACAO"},{"$f":"REFERENCIA.Unidade","v":"UN"},{"$f":"OFFSET(CÁLCULO!H$15,ROW($T211)-ROW(T$15),0)","v":4},520.9,"BDI 1",{"$f":"IF($C211=\"S\",ROUND(IF(TIPOORCAMENTO=\"Proposto\",ORÇAMENTO.CustoUnitario*(1+$AH211),ORÇAMENTO.PrecoUnitarioLicitado),15-13*$AF$10),0)","v":652.64},{"$f":"IF($C211=\"S\",IF(OR(Import.TipoArredondamento<>\"TransfereGOV\",ACOMPANHAMENTO=\"BM\"),VTOTAL1,SUM(OFFSET(CÁLCULO!$AI$15,ROW($X211)-ROW($X$15),1):OFFSET(CÁLCULO!$BB$15,ROW($X211)-ROW($X$15),-1))),IF($C211=0,0,ROUND(SomaAgrup,15-13*$AF$11)))","v":2610.56},"RA","RA",{"$f":"IF($C211=\"S\",IF($Z211=\"CP\",$X211,IF($Z211=\"RA\",(($X211)*QCI!$AA$3),0)),SomaAgrup)","v":225.90142529278953},{"$f":"IF($C211=\"S\",IF($Z211=\"OU\",ROUND($X211,2),0),SomaAgrup)","v":0},{"$f":"IF($N211=\"\",\" \",\nIF(AND($C211<>\"S\",OR($R211=\"\",$R211=\"(digite a descrição aqui)\")),\"DESCRIÇÃO\",\nIF(AND($C211=\"S\",OR($Q211<>\"\",$T211>0,$U211>0),$P211=\"\"),\"FONTE\",\nIF(AND($C211=\"S\",$P211<>\"\",OR($T211>0,$U211>0),$Q211=\"\"),\"CÓDIGO\",\nIF(AND($C211=\"S\",$P211<>\"\",$Q211<>\"\",$R211=\"(Código não identificado nas referências)\"),\"CÓDIGO N/ID\",\nIF(AND($C211=\"S\",OR($R211=\"\",$R211=\"(digite a descrição aqui)\"),OR($Q211<>\"\",$T211>0,$U211>0)),\"DESCRIÇÃO\",\nIF(AND($C211=\"S\",$P211<>\"\",$Q211<>\"\",$S211=\"\"),\"UNIDADE\",\nIF(AND($C211=\"S\",$P211<>\"\",$Q211<>\"\",$U211=0),\"SEM CUSTO\",\nIF(AND(TIPOORCAMENTO=\"Licitado\",$AL211=0,$AN211>0),\"SEM PREÇO\",\nIF(AND($C211=\"S\",$P211<>\"\",$Q211<>\"\",$U211>0,AND($V211<>\"BDI 1\",$V211<>\"BDI 2\",$V211<>\"BDI 3\")),IF(ISNUMBER($V211),\"JUSTIFICAR BDI\",\"BDI\"),\nIF(OR(AND(import.recurso=\"OGU\",TIPOORCAMENTO=\"Proposto\",LEFT($O$8,5)<>\"(N/D:\",$AG211<>\"\",ORÇAMENTO.CustoUnitario>$AG211),AND(TIPOORCAMENTO=\"LICITADO\",ORÇAMENTO.PrecoUnitarioLicitado>$AN211)),\"ACIMA REF.\",\nIF(AND($C211=\"S\",$P211<>\"\",$Q211<>\"\",$T211=0,$U211>0),\"QUANT.\",\nIF(AND(Import.TipoArredondamento=\"TransfereGOV\",$L211=\"F\",$C211=\"S\",LEN($Q211)>13),\"Código >13\",\nIF(AND(Import.TipoArredondamento=\"TransfereGOV\",$L211=\"F\",$C211<>\"S\",LEN($R211)>100),\"Descrição >100\",\nIF(AND(Import.TipoArredondamento=\"TransfereGOV\",$L211=\"F\",$C211=\"S\",LEN($R211)>500),\"Descrição >500\",\nIF(AND(Import.TipoArredondamento=\"TransfereGOV\",$L211=\"F\",$C211=\"S\",LEFT(TRIM(UPPER($P211)),6)<>\"SINAPI\",ISNA(VLOOKUP(TRIM(UPPER($S211)),ListaTgov.Unidades,1,FALSE))),\"Unid. Não Disp\",\n\" \"))))))))))))))))","v":" "},{"$f":"IF(C211<=CRONO.NivelExibicao,MAX($AD$15:OFFSET(AD211,-1,0))+IF($C211<>1,1,MAX(1,COUNTIF(QCI!$A$13:$A$36,OFFSET($E211,-1,0)))),\"\")","v":""},{"$f":"IF(AND($C211=\"S\",ORÇAMENTO.CodBarra<>\"\"),IF(ORÇAMENTO.Fonte=\"\",ORÇAMENTO.CodBarra,CONCATENATE(ORÇAMENTO.Fonte,\" \",ORÇAMENTO.CodBarra)))","v":"Composição COMP51"},{"$f":"IF(ISERROR(ORÇAMENTO.BancoRef),\"(abra o arquivo 'Referência \"&Excel_BuiltIn_Database&\".xlsm)\",IF(OR($C211<>\"S\",ORÇAMENTO.CodBarra=\"\"),\"(Sem Código)\",IF(ISERROR(MATCH($AE211,INDIRECT(ORÇAMENTO.BancoRef),0)),\"(Código não identificado nas referências)\",MATCH($AE211,INDIRECT(ORÇAMENTO.BancoRef),0))))","v":53},{"$f":"ROUND(IF(DESONERACAO=\"sim\",REFERENCIA.Desonerado,REFERENCIA.NaoDesonerado),2)","v":520.9},0.25290000000000001,null,null,null,null,2610.56,{"$f":"ROUND(ORÇAMENTO.CustoUnitario*(1+$AH211),2)","v":652.64}]
[1,1,1,115,{"$f":"IF($C212=1,OFFSET(E212,-1,0)+MAX(1,COUNTIF(QCI!$A$13:$A$36,OFFSET(ORÇAMENTO!E212,-1,0))),OFFSET(E212,-1,0))","v":16},0,0,0,0,260,{"$f":"IF(OR($C212=\"S\",$C212=0),0,MATCH(OFFSET($D212,0,$C212)+IF($C212<>1,1,COUNTIF(QCI!$A$13:$A$36,ORÇAMENTO!E212)),OFFSET($D212,1,$C212,ROW($C$472)-ROW($C212)),0))","v":115},"F","Meta","Meta","16.","SINAPI",null,{"$f":"IF($C212=\"S\",REFERENCIA.Descricao,\"INSTALAÇÕES HIDROSSANITÁRIAS\")","v":"INSTALAÇÕES HIDROSSANITÁRIAS"},{"$f":"REFERENCIA.Unidade","v":"-"},{"$f":"OFFSET(CÁLCULO!H$15,ROW($T212)-ROW(T$15),0)","v":0},null,"BDI 1",{"$f":"IF($C212=\"S\",ROUND(IF(TIPOORCAMENTO=\"Proposto\",ORÇAMENTO.CustoUnitario*(1+$AH212),ORÇAMENTO.PrecoUnitarioLicitado),15-13*$AF$10),0)","v":0},{"$f":"IF($C212=\"S\",IF(OR(Import.TipoArredondamento<>\"TransfereGOV\",ACOMPANHAMENTO=\"BM\"),VTOTAL1,SUM(OFFSET(CÁLCULO!$AI$15,ROW($X212)-ROW($X$15),1):OFFSET(CÁLCULO!$BB$15,ROW($X212)-ROW($X$15),-1))),IF($C212=0,0,ROUND(SomaAgrup,15-13*$AF$11)))","v":169991.67},"RA","",{"$f":"IF($C212=\"S\",IF($Z212=\"CP\",$X212,IF($Z212=\"RA\",(($X212)*QCI!$AA$3),0)),SomaAgrup)","v":14710.008787731944},{"$f":"IF($C212=\"S\",IF($Z212=\"OU\",ROUND($X212,2),0),SomaAgrup)","v":0},{"$f":"IF($N212=\"\",\" \",\nIF(AND($C212<>\"S\",OR($R212=\"\",$R212=\"(digite a descrição aqui)\")),\"DESCRIÇÃO\",\nIF(AND($C212=\"S\",OR($Q212<>\"\",$T212>0,$U212>0),$P212=\"\"),\"FONTE\",\nIF(AND($C212=\"S\",$P212<>\"\",OR($T212>0,$U212>0),$Q212=\"\"),\"CÓDIGO\",\nIF(AND($C212=\"S\",$P212<>\"\",$Q212<>\"\",$R212=\"(Código não identificado nas referências)\"),\"CÓDIGO N/ID\",\nIF(AND($C212=\"S\",OR($R212=\"\",$R212=\"(digite a descrição aqui)\"),OR($Q212<>\"\",$T212>0,$U212>0)),\"DESCRIÇÃO\",\nIF(AND($C212=\"S\",$P212<>\"\",$Q212<>\"\",$S212=\"\"),\"UNIDADE\",\nIF(AND($C212=\"S\",$P212<>\"\",$Q212<>\"\",$U212=0),\"SEM CUSTO\",\nIF(AND(TIPOORCAMENTO=\"Licitado\",$AL212=0,$AN212>0),\"SEM PREÇO\",\nIF(AND($C212=\"S\",$P212<>\"\",$Q212<>\"\",$U212>0,AND($V212<>\"BDI 1\",$V212<>\"BDI 2\",$V212<>\"BDI 3\")),IF(ISNUMBER($V212),\"JUSTIFICAR BDI\",\"BDI\"),\nIF(OR(AND(import.recurso=\"OGU\",TIPOORCAMENTO=\"Proposto\",LEFT($O$8,5)<>\"(N/D:\",$AG212<>\"\",ORÇAMENTO.CustoUnitario>$AG212),AND(TIPOORCAMENTO=\"LICITADO\",ORÇAMENTO.PrecoUnitarioLicitado>$AN212)),\"ACIMA REF.\",\nIF(AND($C212=\"S\",$P212<>\"\",$Q212<>\"\",$T212=0,$U212>0),\"QUANT.\",\nIF(AND(Import.TipoArredondamento=\"TransfereGOV\",$L212=\"F\",$C212=\"S\",LEN($Q212)>13),\"Código >13\",\nIF(AND(Import.TipoArredondamento=\"TransfereGOV\",$L212=\"F\",$C212<>\"S\",LEN($R212)>100),\"Descrição >100\",\nIF(AND(Import.TipoArredondamento=\"TransfereGOV\",$L212=\"F\",$C212=\"S\",LEN($R212)>500),\"Descrição >500\",\nIF(AND(Import.TipoArredondamento=\"TransfereGOV\",$L212=\"F\",$C212=\"S\",LEFT(TRIM(UPPER($P212)),6)<>\"SINAPI\",ISNA(VLOOKUP(TRIM(UPPER($S212)),ListaTgov.Unidades,1,FALSE))),\"Unid. Não Disp\",\n\" \"))))))))))))))))","v":" "},{"$f":"IF(C212<=CRONO.NivelExibicao,MAX($AD$15:OFFSET(AD212,-1,0))+IF($C212<>1,1,MAX(1,COUNTIF(QCI!$A$13:$A$36,OFFSET($E212,-1,0)))),\"\")","v":50},{"$f":"IF(AND($C212=\"S\",ORÇAMENTO.CodBarra<>\"\"),IF(ORÇAMENTO.Fonte=\"\",ORÇAMENTO.CodBarra,CONCATENATE(ORÇAMENTO.Fonte,\" \",ORÇAMENTO.CodBarra)))","v":false},{"$f":"IF(ISERROR(ORÇAMENTO.BancoRef),\"(abra o arquivo 'Referência \"&Excel_BuiltIn_Database&\".xlsm)\",IF(OR($C212<>\"S\",ORÇAMENTO.CodBarra=\"\"),\"(Sem Código)\",IF(ISERROR(MATCH($AE212,INDIRECT(ORÇAMENTO.BancoRef),0)),\"(Código não identificado nas referências)\",MATCH($AE212,INDIRECT(ORÇAMENTO.BancoRef),0))))","v":"(Sem Código)"},{"$f":"ROUND(IF(DESONERACAO=\"sim\",REFERENCIA.Desonerado,REFERENCIA.NaoDesonerado),2)","v":0},0.25290000000000001,null,null,null,null,169991.67,{"$f":"ROUND(ORÇAMENTO.CustoUnitario*(1+$AH212),2)","v":0}]
[2,2,2,42,{"$f":"IF($C213=1,OFFSET(E213,-1,0)+MAX(1,COUNTIF(QCI!$A$13:$A$36,OFFSET(ORÇAMENTO!E213,-1,0))),OFFSET(E213,-1,0))","v":16},1,0,0,0,114,{"$f":"IF(OR($C213=\"S\",$C213=0),0,MATCH(OFFSET($D213,0,$C213)+IF($C213<>1,1,COUNTIF(QCI!$A$13:$A$36,ORÇAMENTO!E213)),OFFSET($D213,1,$C213,ROW($C$472)-ROW($C213)),0))","v":42},"F","Nível 2","Nível 2","16.1.","SINAPI",null,{"$f":"IF($C213=\"S\",REFERENCIA.Descricao,\"HIDRÁULICA\")","v":"HIDRÁULICA"},{"$f":"REFERENCIA.Unidade","v":"-"},{"$f":"OFFSET(CÁLCULO!H$15,ROW($T213)-ROW(T$15),0)","v":0},null,"BDI 1",{"$f":"IF($C213=\"S\",ROUND(IF(TIPOORCAMENTO=\"Proposto\",ORÇAMENTO.CustoUnitario*(1+$AH213),ORÇAMENTO.PrecoUnitarioLicitado),15-13*$AF$10),0)","v":0},{"$f":"IF($C213=\"S\",IF(OR(Import.TipoArredondamento<>\"TransfereGOV\",ACOMPANHAMENTO=\"BM\"),VTOTAL1,SUM(OFFSET(CÁLCULO!$AI$15,ROW($X213)-ROW($X$15),1):OFFSET(CÁLCULO!$BB$15,ROW($X213)-ROW($X$15),-1))),IF($C213=0,0,ROUND(SomaAgrup,15-13*$AF$11)))","v":89013.7},"RA","",{"$f":"IF($C213=\"S\",IF($Z213=\"CP\",$X213,IF($Z213=\"RA\",(($X213)*QCI!$AA$3),0)),SomaAgrup)","v":7702.6851329158408},{"$f":"IF($C213=\"S\",IF($Z213=\"OU\",ROUND($X213,2),0),SomaAgrup)","v":0},{"$f":"IF($N213=\"\",\" \",\nIF(AND($C213<>\"S\",OR($R213=\"\",$R213=\"(digite a descrição aqui)\")),\"DESCRIÇÃO\",\nIF(AND($C213=\"S\",OR($Q213<>\"\",$T213>0,$U213>0),$P213=\"\"),\"FONTE\",\nIF(AND($C213=\"S\",$P213<>\"\",OR($T213>0,$U213>0),$Q213=\"\"),\"CÓDIGO\",\nIF(AND($C213=\"S\",$P213<>\"\",$Q213<>\"\",$R213=\"(Código não identificado nas referências)\"),\"CÓDIGO N/ID\",\nIF(AND($C213=\"S\",OR($R213=\"\",$R213=\"(digite a descrição aqui)\"),OR($Q213<>\"\",$T213>0,$U213>0)),\"DESCRIÇÃO\",\nIF(AND($C213=\"S\",$P213<>\"\",$Q213<>\"\",$S213=\"\"),\"UNIDADE\",\nIF(AND($C213=\"S\",$P213<>\"\",$Q213<>\"\",$U213=0),\"SEM CUSTO\",\nIF(AND(TIPOORCAMENTO=\"Licitado\",$AL213=0,$AN213>0),\"SEM PREÇO\",\nIF(AND($C213=\"S\",$P213<>\"\",$Q213<>\"\",$U213>0,AND($V213<>\"BDI 1\",$V213<>\"BDI 2\",$V213<>\"BDI 3\")),IF(ISNUMBER($V213),\"JUSTIFICAR BDI\",\"BDI\"),\nIF(OR(AND(import.recurso=\"OGU\",TIPOORCAMENTO=\"Proposto\",LEFT($O$8,5)<>\"(N/D:\",$AG213<>\"\",ORÇAMENTO.CustoUnitario>$AG213),AND(TIPOORCAMENTO=\"LICITADO\",ORÇAMENTO.PrecoUnitarioLicitado>$AN213)),\"ACIMA REF.\",\nIF(AND($C213=\"S\",$P213<>\"\",$Q213<>\"\",$T213=0,$U213>0),\"QUANT.\",\nIF(AND(Import.TipoArredondamento=\"TransfereGOV\",$L213=\"F\",$C213=\"S\",LEN($Q213)>13),\"Código >13\",\nIF(AND(Import.TipoArredondamento=\"TransfereGOV\",$L213=\"F\",$C213<>\"S\",LEN($R213)>100),\"Descrição >100\",\nIF(AND(Import.TipoArredondamento=\"TransfereGOV\",$L213=\"F\",$C213=\"S\",LEN($R213)>500),\"Descrição >500\",\nIF(AND(Import.TipoArredondamento=\"TransfereGOV\",$L213=\"F\",$C213=\"S\",LEFT(TRIM(UPPER($P213)),6)<>\"SINAPI\",ISNA(VLOOKUP(TRIM(UPPER($S213)),ListaTgov.Unidades,1,FALSE))),\"Unid. Não Disp\",\n\" \"))))))))))))))))","v":" "},{"$f":"IF(C213<=CRONO.NivelExibicao,MAX($AD$15:OFFSET(AD213,-1,0))+IF($C213<>1,1,MAX(1,COUNTIF(QCI!$A$13:$A$36,OFFSET($E213,-1,0)))),\"\")","v":51},{"$f":"IF(AND($C213=\"S\",ORÇAMENTO.CodBarra<>\"\"),IF(ORÇAMENTO.Fonte=\"\",ORÇAMENTO.CodBarra,CONCATENATE(ORÇAMENTO.Fonte,\" \",ORÇAMENTO.CodBarra)))","v":false},{"$f":"IF(ISERROR(ORÇAMENTO.BancoRef),\"(abra o arquivo 'Referência \"&Excel_BuiltIn_Database&\".xlsm)\",IF(OR($C213<>\"S\",ORÇAMENTO.CodBarra=\"\"),\"(Sem Código)\",IF(ISERROR(MATCH($AE213,INDIRECT(ORÇAMENTO.BancoRef),0)),\"(Código não identificado nas referências)\",MATCH($AE213,INDIRECT(ORÇAMENTO.BancoRef),0))))","v":"(Sem Código)"},{"$f":"ROUND(IF(DESONERACAO=\"sim\",REFERENCIA.Desonerado,REFERENCIA.NaoDesonerado),2)","v":0},0.25290000000000001,null,null,null,null,89013.7,{"$f":"ROUND(ORÇAMENTO.CustoUnitario*(1+$AH213),2)","v":0}]
["S",2,"S",0,{"$f":"IF($C214=1,OFFSET(E214,-1,0)+MAX(1,COUNTIF(QCI!$A$13:$A$36,OFFSET(ORÇAMENTO!E214,-1,0))),OFFSET(E214,-1,0))","v":16},1,0,0,1,0,{"$f":"IF(OR($C214=\"S\",$C214=0),0,MATCH(OFFSET($D214,0,$C214)+IF($C214<>1,1,COUNTIF(QCI!$A$13:$A$36,ORÇAMENTO!E214)),OFFSET($D214,1,$C214,ROW($C$472)-ROW($C214)),0))","v":0},"F","Serviço","Serviço","16.1.0.1.","Composição","COMP52",{"$f":"IF($C214=\"S\",REFERENCIA.Descricao,\"(digite a descrição aqui)\")","v":"ACOPLAMENTO RANHURADO EM FERRO FUNDIDO DN 60,3mm 2\""},{"$f":"REFERENCIA.Unidade","v":"UN"},{"$f":"OFFSET(CÁLCULO!H$15,ROW($T214)-ROW(T$15),0)","v":1},{"$f":"AG214","v":74.540000000000006},"BDI 1",{"$f":"IF($C214=\"S\",ROUND(IF(TIPOORCAMENTO=\"Proposto\",ORÇAMENTO.CustoUnitario*(1+$AH214),ORÇAMENTO.PrecoUnitarioLicitado),15-13*$AF$10),0)","v":93.39},{"$f":"IF($C214=\"S\",IF(OR(Import.TipoArredondamento<>\"TransfereGOV\",ACOMPANHAMENTO=\"BM\"),VTOTAL1,SUM(OFFSET(CÁLCULO!$AI$15,ROW($X214)-ROW($X$15),1):OFFSET(CÁLCULO!$BB$15,ROW($X214)-ROW($X$15),-1))),IF($C214=0,0,ROUND(SomaAgrup,15-13*$AF$11)))","v":93.39},"RA","RA",{"$f":"IF($C214=\"S\",IF($Z214=\"CP\",$X214,IF($Z214=\"RA\",(($X214)*QCI!$AA$3),0)),SomaAgrup)","v":8.0813825800186994},{"$f":"IF($C214=\"S\",IF($Z214=\"OU\",ROUND($X214,2),0),SomaAgrup)","v":0},{"$f":"IF($N214=\"\",\" \",\nIF(AND($C214<>\"S\",OR($R214=\"\",$R214=\"(digite a descrição aqui)\")),\"DESCRIÇÃO\",\nIF(AND($C214=\"S\",OR($Q214<>\"\",$T214>0,$U214>0),$P214=\"\"),\"FONTE\",\nIF(AND($C214=\"S\",$P214<>\"\",OR($T214>0,$U214>0),$Q214=\"\"),\"CÓDIGO\",\nIF(AND($C214=\"S\",$P214<>\"\",$Q214<>\"\",$R214=\"(Código não identificado nas referências)\"),\"CÓDIGO N/ID\",\nIF(AND($C214=\"S\",OR($R214=\"\",$R214=\"(digite a descrição aqui)\"),OR($Q214<>\"\",$T214>0,$U214>0)),\"DESCRIÇÃO\",\nIF(AND($C214=\"S\",$P214<>\"\",$Q214<>\"\",$S214=\"\"),\"UNIDADE\",\nIF(AND($C214=\"S\",$P214<>\"\",$Q214<>\"\",$U214=0),\"SEM CUSTO\",\nIF(AND(TIPOORCAMENTO=\"Licitado\",$AL214=0,$AN214>0),\"SEM PREÇO\",\nIF(AND($C214=\"S\",$P214<>\"\",$Q214<>\"\",$U214>0,AND($V214<>\"BDI 1\",$V214<>\"BDI 2\",$V214<>\"BDI 3\")),IF(ISNUMBER($V214),\"JUSTIFICAR BDI\",\"BDI\"),\nIF(OR(AND(import.recurso=\"OGU\",TIPOORCAMENTO=\"Proposto\",LEFT($O$8,5)<>\"(N/D:\",$AG214<>\"\",ORÇAMENTO.CustoUnitario>$AG214),AND(TIPOORCAMENTO=\"LICITADO\",ORÇAMENTO.PrecoUnitarioLicitado>$AN214)),\"ACIMA REF.\",\nIF(AND($C214=\"S\",$P214<>\"\",$Q214<>\"\",$T214=0,$U214>0),\"QUANT.\",\nIF(AND(Import.TipoArredondamento=\"TransfereGOV\",$L214=\"F\",$C214=\"S\",LEN($Q214)>13),\"Código >13\",\nIF(AND(Import.TipoArredondamento=\"TransfereGOV\",$L214=\"F\",$C214<>\"S\",LEN($R214)>100),\"Descrição >100\",\nIF(AND(Import.TipoArredondamento=\"TransfereGOV\",$L214=\"F\",$C214=\"S\",LEN($R214)>500),\"Descrição >500\",\nIF(AND(Import.TipoArredondamento=\"TransfereGOV\",$L214=\"F\",$C214=\"S\",LEFT(TRIM(UPPER($P214)),6)<>\"SINAPI\",ISNA(VLOOKUP(TRIM(UPPER($S214)),ListaTgov.Unidades,1,FALSE))),\"Unid. Não Disp\",\n\" \"))))))))))))))))","v":" "},{"$f":"IF(C214<=CRONO.NivelExibicao,MAX($AD$15:OFFSET(AD214,-1,0))+IF($C214<>1,1,MAX(1,COUNTIF(QCI!$A$13:$A$36,OFFSET($E214,-1,0)))),\"\")","v":""},{"$f":"IF(AND($C214=\"S\",ORÇAMENTO.CodBarra<>\"\"),IF(ORÇAMENTO.Fonte=\"\",ORÇAMENTO.CodBarra,CONCATENATE(ORÇAMENTO.Fonte,\" \",ORÇAMENTO.CodBarra)))","v":"Composição COMP52"},{"$f":"IF(ISERROR(ORÇAMENTO.BancoRef),\"(abra o arquivo 'Referência \"&Excel_BuiltIn_Database&\".xlsm)\",IF(OR($C214<>\"S\",ORÇAMENTO.CodBarra=\"\"),\"(Sem Código)\",IF(ISERROR(MATCH($AE214,INDIRECT(ORÇAMENTO.BancoRef),0)),\"(Código não identificado nas referências)\",MATCH($AE214,INDIRECT(ORÇAMENTO.BancoRef),0))))","v":54},{"$f":"ROUND(IF(DESONERACAO=\"sim\",REFERENCIA.Desonerado,REFERENCIA.NaoDesonerado),2)","v":74.540000000000006},0.25290000000000001,null,null,null,null,93.39,{"$f":"ROUND(ORÇAMENTO.CustoUnitario*(1+$AH214),2)","v":93.39}]
["S",2,"S",0,{"$f":"IF($C215=1,OFFSET(E215,-1,0)+MAX(1,COUNTIF(QCI!$A$13:$A$36,OFFSET(ORÇAMENTO!E215,-1,0))),OFFSET(E215,-1,0))","v":16},1,0,0,2,0,{"$f":"IF(OR($C215=\"S\",$C215=0),0,MATCH(OFFSET($D215,0,$C215)+IF($C215<>1,1,COUNTIF(QCI!$A$13:$A$36,ORÇAMENTO!E215)),OFFSET($D215,1,$C215,ROW($C$472)-ROW($C215)),0))","v":0},"F","Serviço","Serviço","16.1.0.2.","SINAPI","103039",{"$f":"IF($C215=\"S\",REFERENCIA.Descricao,\"(digite a descrição aqui)\")","v":"REGISTRO DE ESFERA, PVC, ROSCÁVEL, COM VOLANTE, 1 1/2\" - FORNECIMENTO E INSTALAÇÃO. AF_08/2021"},{"$f":"REFERENCIA.Unidade","v":"UN"},{"$f":"OFFSET(CÁLCULO!H$15,ROW($T215)-ROW(T$15),0)","v":1},48.31,"BDI 1",{"$f":"IF($C215=\"S\",ROUND(IF(TIPOORCAMENTO=\"Proposto\",ORÇAMENTO.CustoUnitario*(1+$AH215),ORÇAMENTO.PrecoUnitarioLicitado),15-13*$AF$10),0)","v":60.53},{"$f":"IF($C215=\"S\",IF(OR(Import.TipoArredondamento<>\"TransfereGOV\",ACOMPANHAMENTO=\"BM\"),VTOTAL1,SUM(OFFSET(CÁLCULO!$AI$15,ROW($X215)-ROW($X$15),1):OFFSET(CÁLCULO!$BB$15,ROW($X215)-ROW($X$15),-1))),IF($C215=0,0,ROUND(SomaAgrup,15-13*$AF$11)))","v":60.53},"RA","RA",{"$f":"IF($C215=\"S\",IF($Z215=\"CP\",$X215,IF($Z215=\"RA\",(($X215)*QCI!$AA$3),0)),SomaAgrup)","v":5.2378850794360403},{"$f":"IF($C215=\"S\",IF($Z215=\"OU\",ROUND($X215,2),0),SomaAgrup)","v":0},{"$f":"IF($N215=\"\",\" \",\nIF(AND($C215<>\"S\",OR($R215=\"\",$R215=\"(digite a descrição aqui)\")),\"DESCRIÇÃO\",\nIF(AND($C215=\"S\",OR($Q215<>\"\",$T215>0,$U215>0),$P215=\"\"),\"FONTE\",\nIF(AND($C215=\"S\",$P215<>\"\",OR($T215>0,$U215>0),$Q215=\"\"),\"CÓDIGO\",\nIF(AND($C215=\"S\",$P215<>\"\",$Q215<>\"\",$R215=\"(Código não identificado nas referências)\"),\"CÓDIGO N/ID\",\nIF(AND($C215=\"S\",OR($R215=\"\",$R215=\"(digite a descrição aqui)\"),OR($Q215<>\"\",$T215>0,$U215>0)),\"DESCRIÇÃO\",\nIF(AND($C215=\"S\",$P215<>\"\",$Q215<>\"\",$S215=\"\"),\"UNIDADE\",\nIF(AND($C215=\"S\",$P215<>\"\",$Q215<>\"\",$U215=0),\"SEM CUSTO\",\nIF(AND(TIPOORCAMENTO=\"Licitado\",$AL215=0,$AN215>0),\"SEM PREÇO\",\nIF(AND($C215=\"S\",$P215<>\"\",$Q215<>\"\",$U215>0,AND($V215<>\"BDI 1\",$V215<>\"BDI 2\",$V215<>\"BDI 3\")),IF(ISNUMBER($V215),\"JUSTIFICAR BDI\",\"BDI\"),\nIF(OR(AND(import.recurso=\"OGU\",TIPOORCAMENTO=\"Proposto\",LEFT($O$8,5)<>\"(N/D:\",$AG215<>\"\",ORÇAMENTO.CustoUnitario>$AG215),AND(TIPOORCAMENTO=\"LICITADO\",ORÇAMENTO.PrecoUnitarioLicitado>$AN215)),\"ACIMA REF.\",\nIF(AND($C215=\"S\",$P215<>\"\",$Q215<>\"\",$T215=0,$U215>0),\"QUANT.\",\nIF(AND(Import.TipoArredondamento=\"TransfereGOV\",$L215=\"F\",$C215=\"S\",LEN($Q215)>13),\"Código >13\",\nIF(AND(Import.TipoArredondamento=\"TransfereGOV\",$L215=\"F\",$C215<>\"S\",LEN($R215)>100),\"Descrição >100\",\nIF(AND(Import.TipoArredondamento=\"TransfereGOV\",$L215=\"F\",$C215=\"S\",LEN($R215)>500),\"Descrição >500\",\nIF(AND(Import.TipoArredondamento=\"TransfereGOV\",$L215=\"F\",$C215=\"S\",LEFT(TRIM(UPPER($P215)),6)<>\"SINAPI\",ISNA(VLOOKUP(TRIM(UPPER($S215)),ListaTgov.Unidades,1,FALSE))),\"Unid. Não Disp\",\n\" \"))))))))))))))))","v":" "},{"$f":"IF(C215<=CRONO.NivelExibicao,MAX($AD$15:OFFSET(AD215,-1,0))+IF($C215<>1,1,MAX(1,COUNTIF(QCI!$A$13:$A$36,OFFSET($E215,-1,0)))),\"\")","v":""},{"$f":"IF(AND($C215=\"S\",ORÇAMENTO.CodBarra<>\"\"),IF(ORÇAMENTO.Fonte=\"\",ORÇAMENTO.CodBarra,CONCATENATE(ORÇAMENTO.Fonte,\" \",ORÇAMENTO.CodBarra)))","v":"SINAPI 103039"},{"$f":"IF(ISERROR(ORÇAMENTO.BancoRef),\"(abra o arquivo 'Referência \"&Excel_BuiltIn_Database&\".xlsm)\",IF(OR($C215<>\"S\",ORÇAMENTO.CodBarra=\"\"),\"(Sem Código)\",IF(ISERROR(MATCH($AE215,INDIRECT(ORÇAMENTO.BancoRef),0)),\"(Código não identificado nas referências)\",MATCH($AE215,INDIRECT(ORÇAMENTO.BancoRef),0))))","v":15912},{"$f":"ROUND(IF(DESONERACAO=\"sim\",REFERENCIA.Desonerado,REFERENCIA.NaoDesonerado),2)","v":48.31},0.25290000000000001,null,null,null,null,60.53,{"$f":"ROUND(ORÇAMENTO.CustoUnitario*(1+$AH215),2)","v":60.53}]
["S",2,"S",0,{"$f":"IF($C216=1,OFFSET(E216,-1,0)+MAX(1,COUNTIF(QCI!$A$13:$A$36,OFFSET(ORÇAMENTO!E216,-1,0))),OFFSET(E216,-1,0))","v":16},1,0,0,3,0,{"$f":"IF(OR($C216=\"S\",$C216=0),0,MATCH(OFFSET($D216,0,$C216)+IF($C216<>1,1,COUNTIF(QCI!$A$13:$A$36,ORÇAMENTO!E216)),OFFSET($D216,1,$C216,ROW($C$472)-ROW($C216)),0))","v":0},"F","Serviço","Serviço","16.1.0.3.","SINAPI","94492",{"$f":"IF($C216=\"S\",REFERENCIA.Descricao,\"(digite a descrição aqui)\")","v":"REGISTRO DE ESFERA, PVC, SOLDÁVEL, COM VOLANTE, DN 50 MM - FORNECIMENTO E INSTALAÇÃO. AF_08/2021"},{"$f":"REFERENCIA.Unidade","v":"UN"},{"$f":"OFFSET(CÁLCULO!H$15,ROW($T216)-ROW(T$15),0)","v":1},42.73,"BDI 1",{"$f":"IF($C216=\"S\",ROUND(IF(TIPOORCAMENTO=\"Proposto\",ORÇAMENTO.CustoUnitario*(1+$AH216),ORÇAMENTO.PrecoUnitarioLicitado),15-13*$AF$10),0)","v":53.54},{"$f":"IF($C216=\"S\",IF(OR(Import.TipoArredondamento<>\"TransfereGOV\",ACOMPANHAMENTO=\"BM\"),VTOTAL1,SUM(OFFSET(CÁLCULO!$AI$15,ROW($X216)-ROW($X$15),1):OFFSET(CÁLCULO!$BB$15,ROW($X216)-ROW($X$15),-1))),IF($C216=0,0,ROUND(SomaAgrup,15-13*$AF$11)))","v":53.54},"RA","RA",{"$f":"IF($C216=\"S\",IF($Z216=\"CP\",$X216,IF($Z216=\"RA\",(($X216)*QCI!$AA$3),0)),SomaAgrup)","v":4.6330144912110622},{"$f":"IF($C216=\"S\",IF($Z216=\"OU\",ROUND($X216,2),0),SomaAgrup)","v":0},{"$f":"IF($N216=\"\",\" \",\nIF(AND($C216<>\"S\",OR($R216=\"\",$R216=\"(digite a descrição aqui)\")),\"DESCRIÇÃO\",\nIF(AND($C216=\"S\",OR($Q216<>\"\",$T216>0,$U216>0),$P216=\"\"),\"FONTE\",\nIF(AND($C216=\"S\",$P216<>\"\",OR($T216>0,$U216>0),$Q216=\"\"),\"CÓDIGO\",\nIF(AND($C216=\"S\",$P216<>\"\",$Q216<>\"\",$R216=\"(Código não identificado nas referências)\"),\"CÓDIGO N/ID\",\nIF(AND($C216=\"S\",OR($R216=\"\",$R216=\"(digite a descrição aqui)\"),OR($Q216<>\"\",$T216>0,$U216>0)),\"DESCRIÇÃO\",\nIF(AND($C216=\"S\",$P216<>\"\",$Q216<>\"\",$S216=\"\"),\"UNIDADE\",\nIF(AND($C216=\"S\",$P216<>\"\",$Q216<>\"\",$U216=0),\"SEM CUSTO\",\nIF(AND(TIPOORCAMENTO=\"Licitado\",$AL216=0,$AN216>0),\"SEM PREÇO\",\nIF(AND($C216=\"S\",$P216<>\"\",$Q216<>\"\",$U216>0,AND($V216<>\"BDI 1\",$V216<>\"BDI 2\",$V216<>\"BDI 3\")),IF(ISNUMBER($V216),\"JUSTIFICAR BDI\",\"BDI\"),\nIF(OR(AND(import.recurso=\"OGU\",TIPOORCAMENTO=\"Proposto\",LEFT($O$8,5)<>\"(N/D:\",$AG216<>\"\",ORÇAMENTO.CustoUnitario>$AG216),AND(TIPOORCAMENTO=\"LICITADO\",ORÇAMENTO.PrecoUnitarioLicitado>$AN216)),\"ACIMA REF.\",\nIF(AND($C216=\"S\",$P216<>\"\",$Q216<>\"\",$T216=0,$U216>0),\"QUANT.\",\nIF(AND(Import.TipoArredondamento=\"TransfereGOV\",$L216=\"F\",$C216=\"S\",LEN($Q216)>13),\"Código >13\",\nIF(AND(Import.TipoArredondamento=\"TransfereGOV\",$L216=\"F\",$C216<>\"S\",LEN($R216)>100),\"Descrição >100\",\nIF(AND(Import.TipoArredondamento=\"TransfereGOV\",$L216=\"F\",$C216=\"S\",LEN($R216)>500),\"Descrição >500\",\nIF(AND(Import.TipoArredondamento=\"TransfereGOV\",$L216=\"F\",$C216=\"S\",LEFT(TRIM(UPPER($P216)),6)<>\"SINAPI\",ISNA(VLOOKUP(TRIM(UPPER($S216)),ListaTgov.Unidades,1,FALSE))),\"Unid. Não Disp\",\n\" \"))))))))))))))))","v":" "},{"$f":"IF(C216<=CRONO.NivelExibicao,MAX($AD$15:OFFSET(AD216,-1,0))+IF($C216<>1,1,MAX(1,COUNTIF(QCI!$A$13:$A$36,OFFSET($E216,-1,0)))),\"\")","v":""},{"$f":"IF(AND($C216=\"S\",ORÇAMENTO.CodBarra<>\"\"),IF(ORÇAMENTO.Fonte=\"\",ORÇAMENTO.CodBarra,CONCATENATE(ORÇAMENTO.Fonte,\" \",ORÇAMENTO.CodBarra)))","v":"SINAPI 94492"},{"$f":"IF(ISERROR(ORÇAMENTO.BancoRef),\"(abra o arquivo 'Referência \"&Excel_BuiltIn_Database&\".xlsm)\",IF(OR($C216<>\"S\",ORÇAMENTO.CodBarra=\"\"),\"(Sem Código)\",IF(ISERROR(MATCH($AE216,INDIRECT(ORÇAMENTO.BancoRef),0)),\"(Código não identificado nas referências)\",MATCH($AE216,INDIRECT(ORÇAMENTO.BancoRef),0))))","v":15922},{"$f":"ROUND(IF(DESONERACAO=\"sim\",REFERENCIA.Desonerado,REFERENCIA.NaoDesonerado),2)","v":42.73},0.25290000000000001,null,null,null,null,53.54,{"$f":"ROUND(ORÇAMENTO.CustoUnitario*(1+$AH216),2)","v":53.54}]
["S",2,"S",0,{"$f":"IF($C217=1,OFFSET(E217,-1,0)+MAX(1,COUNTIF(QCI!$A$13:$A$36,OFFSET(ORÇAMENTO!E217,-1,0))),OFFSET(E217,-1,0))","v":16},1,0,0,4,0,{"$f":"IF(OR($C217=\"S\",$C217=0),0,MATCH(OFFSET($D217,0,$C217)+IF($C217<>1,1,COUNTIF(QCI!$A$13:$A$36,ORÇAMENTO!E217)),OFFSET($D217,1,$C217,ROW($C$472)-ROW($C217)),0))","v":0},"F","Serviço","Serviço","16.1.0.4.","SINAPI","94681",{"$f":"IF($C217=\"S\",REFERENCIA.Descricao,\"(digite a descrição aqui)\")","v":"CURVA 90 GRAUS, PVC, SOLDÁVEL, DN 60 MM, INSTALADO EM RESERVAÇÃO PREDIAL DE ÁGUA - FORNECIMENTO E INSTALAÇÃO. AF_04/2024"},{"$f":"REFERENCIA.Unidade","v":"UN"},{"$f":"OFFSET(CÁLCULO!H$15,ROW($T217)-ROW(T$15),0)","v":1},48.73,"BDI 1",{"$f":"IF($C217=\"S\",ROUND(IF(TIPOORCAMENTO=\"Proposto\",ORÇAMENTO.CustoUnitario*(1+$AH217),ORÇAMENTO.PrecoUnitarioLicitado),15-13*$AF$10),0)","v":61.05},{"$f":"IF($C217=\"S\",IF(OR(Import.TipoArredondamento<>\"TransfereGOV\",ACOMPANHAMENTO=\"BM\"),VTOTAL1,SUM(OFFSET(CÁLCULO!$AI$15,ROW($X217)-ROW($X$15),1):OFFSET(CÁLCULO!$BB$15,ROW($X217)-ROW($X$15),-1))),IF($C217=0,0,ROUND(SomaAgrup,15-13*$AF$11)))","v":61.05},"RA","RA",{"$f":"IF($C217=\"S\",IF($Z217=\"CP\",$X217,IF($Z217=\"RA\",(($X217)*QCI!$AA$3),0)),SomaAgrup)","v":5.2828826053125768},{"$f":"IF($C217=\"S\",IF($Z217=\"OU\",ROUND($X217,2),0),SomaAgrup)","v":0},{"$f":"IF($N217=\"\",\" \",\nIF(AND($C217<>\"S\",OR($R217=\"\",$R217=\"(digite a descrição aqui)\")),\"DESCRIÇÃO\",\nIF(AND($C217=\"S\",OR($Q217<>\"\",$T217>0,$U217>0),$P217=\"\"),\"FONTE\",\nIF(AND($C217=\"S\",$P217<>\"\",OR($T217>0,$U217>0),$Q217=\"\"),\"CÓDIGO\",\nIF(AND($C217=\"S\",$P217<>\"\",$Q217<>\"\",$R217=\"(Código não identificado nas referências)\"),\"CÓDIGO N/ID\",\nIF(AND($C217=\"S\",OR($R217=\"\",$R217=\"(digite a descrição aqui)\"),OR($Q217<>\"\",$T217>0,$U217>0)),\"DESCRIÇÃO\",\nIF(AND($C217=\"S\",$P217<>\"\",$Q217<>\"\",$S217=\"\"),\"UNIDADE\",\nIF(AND($C217=\"S\",$P217<>\"\",$Q217<>\"\",$U217=0),\"SEM CUSTO\",\nIF(AND(TIPOORCAMENTO=\"Licitado\",$AL217=0,$AN217>0),\"SEM PREÇO\",\nIF(AND($C217=\"S\",$P217<>\"\",$Q217<>\"\",$U217>0,AND($V217<>\"BDI 1\",$V217<>\"BDI 2\",$V217<>\"BDI 3\")),IF(ISNUMBER($V217),\"JUSTIFICAR BDI\",\"BDI\"),\nIF(OR(AND(import.recurso=\"OGU\",TIPOORCAMENTO=\"Proposto\",LEFT($O$8,5)<>\"(N/D:\",$AG217<>\"\",ORÇAMENTO.CustoUnitario>$AG217),AND(TIPOORCAMENTO=\"LICITADO\",ORÇAMENTO.PrecoUnitarioLicitado>$AN217)),\"ACIMA REF.\",\nIF(AND($C217=\"S\",$P217<>\"\",$Q217<>\"\",$T217=0,$U217>0),\"QUANT.\",\nIF(AND(Import.TipoArredondamento=\"TransfereGOV\",$L217=\"F\",$C217=\"S\",LEN($Q217)>13),\"Código >13\",\nIF(AND(Import.TipoArredondamento=\"TransfereGOV\",$L217=\"F\",$C217<>\"S\",LEN($R217)>100),\"Descrição >100\",\nIF(AND(Import.TipoArredondamento=\"TransfereGOV\",$L217=\"F\",$C217=\"S\",LEN($R217)>500),\"Descrição >500\",\nIF(AND(Import.TipoArredondamento=\"TransfereGOV\",$L217=\"F\",$C217=\"S\",LEFT(TRIM(UPPER($P217)),6)<>\"SINAPI\",ISNA(VLOOKUP(TRIM(UPPER($S217)),ListaTgov.Unidades,1,FALSE))),\"Unid. Não Disp\",\n\" \"))))))))))))))))","v":" "},{"$f":"IF(C217<=CRONO.NivelExibicao,MAX($AD$15:OFFSET(AD217,-1,0))+IF($C217<>1,1,MAX(1,COUNTIF(QCI!$A$13:$A$36,OFFSET($E217,-1,0)))),\"\")","v":""},{"$f":"IF(AND($C217=\"S\",ORÇAMENTO.CodBarra<>\"\"),IF(ORÇAMENTO.Fonte=\"\",ORÇAMENTO.CodBarra,CONCATENATE(ORÇAMENTO.Fonte,\" \",ORÇAMENTO.CodBarra)))","v":"SINAPI 94681"},{"$f":"IF(ISERROR(ORÇAMENTO.BancoRef),\"(abra o arquivo 'Referência \"&Excel_BuiltIn_Database&\".xlsm)\",IF(OR($C217<>\"S\",ORÇAMENTO.CodBarra=\"\"),\"(Sem Código)\",IF(ISERROR(MATCH($AE217,INDIRECT(ORÇAMENTO.BancoRef),0)),\"(Código não identificado nas referências)\",MATCH($AE217,INDIRECT(ORÇAMENTO.BancoRef),0))))","v":11189},{"$f":"ROUND(IF(DESONERACAO=\"sim\",REFERENCIA.Desonerado,REFERENCIA.NaoDesonerado),2)","v":48.73},0.25290000000000001,null,null,null,null,61.05,{"$f":"ROUND(ORÇAMENTO.CustoUnitario*(1+$AH217),2)","v":61.05}]
["S",2,"S",0,{"$f":"IF($C218=1,OFFSET(E218,-1,0)+MAX(1,COUNTIF(QCI!$A$13:$A$36,OFFSET(ORÇAMENTO!E218,-1,0))),OFFSET(E218,-1,0))","v":16},1,0,0,5,0,{"$f":"IF(OR($C218=\"S\",$C218=0),0,MATCH(OFFSET($D218,0,$C218)+IF($C218<>1,1,COUNTIF(QCI!$A$13:$A$36,ORÇAMENTO!E218)),OFFSET($D218,1,$C218,ROW($C$472)-ROW($C218)),0))","v":0},"F","Serviço","Serviço","16.1.0.5.","SINAPI","94662",{"$f":"IF($C218=\"S\",REFERENCIA.Descricao,\"(digite a descrição aqui)\")","v":"ADAPTADOR CURTO COM BOLSA E ROSCA PARA REGISTRO, PVC, SOLDÁVEL, DN 50 MM X 1 1/2\", INSTALADO EM RESERVAÇÃO PREDIAL DE ÁGUA - FORNECIMENTO E INSTALAÇÃO. AF_04/2024"},{"$f":"REFERENCIA.Unidade","v":"UN"},{"$f":"OFFSET(CÁLCULO!H$15,ROW($T218)-ROW(T$15),0)","v":3},10.97,"BDI 1",{"$f":"IF($C218=\"S\",ROUND(IF(TIPOORCAMENTO=\"Proposto\",ORÇAMENTO.CustoUnitario*(1+$AH218),ORÇAMENTO.PrecoUnitarioLicitado),15-13*$AF$10),0)","v":13.74},{"$f":"IF($C218=\"S\",IF(OR(Import.TipoArredondamento<>\"TransfereGOV\",ACOMPANHAMENTO=\"BM\"),VTOTAL1,SUM(OFFSET(CÁLCULO!$AI$15,ROW($X218)-ROW($X$15),1):OFFSET(CÁLCULO!$BB$15,ROW($X218)-ROW($X$15),-1))),IF($C218=0,0,ROUND(SomaAgrup,15-13*$AF$11)))","v":41.22},"RA","RA",{"$f":"IF($C218=\"S\",IF($Z218=\"CP\",$X218,IF($Z218=\"RA\",(($X218)*QCI!$AA$3),0)),SomaAgrup)","v":3.5669192627515875},{"$f":"IF($C218=\"S\",IF($Z218=\"OU\",ROUND($X218,2),0),SomaAgrup)","v":0},{"$f":"IF($N218=\"\",\" \",\nIF(AND($C218<>\"S\",OR($R218=\"\",$R218=\"(digite a descrição aqui)\")),\"DESCRIÇÃO\",\nIF(AND($C218=\"S\",OR($Q218<>\"\",$T218>0,$U218>0),$P218=\"\"),\"FONTE\",\nIF(AND($C218=\"S\",$P218<>\"\",OR($T218>0,$U218>0),$Q218=\"\"),\"CÓDIGO\",\nIF(AND($C218=\"S\",$P218<>\"\",$Q218<>\"\",$R218=\"(Código não identificado nas referências)\"),\"CÓDIGO N/ID\",\nIF(AND($C218=\"S\",OR($R218=\"\",$R218=\"(digite a descrição aqui)\"),OR($Q218<>\"\",$T218>0,$U218>0)),\"DESCRIÇÃO\",\nIF(AND($C218=\"S\",$P218<>\"\",$Q218<>\"\",$S218=\"\"),\"UNIDADE\",\nIF(AND($C218=\"S\",$P218<>\"\",$Q218<>\"\",$U218=0),\"SEM CUSTO\",\nIF(AND(TIPOORCAMENTO=\"Licitado\",$AL218=0,$AN218>0),\"SEM PREÇO\",\nIF(AND($C218=\"S\",$P218<>\"\",$Q218<>\"\",$U218>0,AND($V218<>\"BDI 1\",$V218<>\"BDI 2\",$V218<>\"BDI 3\")),IF(ISNUMBER($V218),\"JUSTIFICAR BDI\",\"BDI\"),\nIF(OR(AND(import.recurso=\"OGU\",TIPOORCAMENTO=\"Proposto\",LEFT($O$8,5)<>\"(N/D:\",$AG218<>\"\",ORÇAMENTO.CustoUnitario>$AG218),AND(TIPOORCAMENTO=\"LICITADO\",ORÇAMENTO.PrecoUnitarioLicitado>$AN218)),\"ACIMA REF.\",\nIF(AND($C218=\"S\",$P218<>\"\",$Q218<>\"\",$T218=0,$U218>0),\"QUANT.\",\nIF(AND(Import.TipoArredondamento=\"TransfereGOV\",$L218=\"F\",$C218=\"S\",LEN($Q218)>13),\"Código >13\",\nIF(AND(Import.TipoArredondamento=\"TransfereGOV\",$L218=\"F\",$C218<>\"S\",LEN($R218)>100),\"Descrição >100\",\nIF(AND(Import.TipoArredondamento=\"TransfereGOV\",$L218=\"F\",$C218=\"S\",LEN($R218)>500),\"Descrição >500\",\nIF(AND(Import.TipoArredondamento=\"TransfereGOV\",$L218=\"F\",$C218=\"S\",LEFT(TRIM(UPPER($P218)),6)<>\"SINAPI\",ISNA(VLOOKUP(TRIM(UPPER($S218)),ListaTgov.Unidades,1,FALSE))),\"Unid. Não Disp\",\n\" \"))))))))))))))))","v":" "},{"$f":"IF(C218<=CRONO.NivelExibicao,MAX($AD$15:OFFSET(AD218,-1,0))+IF($C218<>1,1,MAX(1,COUNTIF(QCI!$A$13:$A$36,OFFSET($E218,-1,0)))),\"\")","v":""},{"$f":"IF(AND($C218=\"S\",ORÇAMENTO.CodBarra<>\"\"),IF(ORÇAMENTO.Fonte=\"\",ORÇAMENTO.CodBarra,CONCATENATE(ORÇAMENTO.Fonte,\" \",ORÇAMENTO.CodBarra)))","v":"SINAPI 94662"},{"$f":"IF(ISERROR(ORÇAMENTO.BancoRef),\"(abra o arquivo 'Referência \"&Excel_BuiltIn_Database&\".xlsm)\",IF(OR($C218<>\"S\",ORÇAMENTO.CodBarra=\"\"),\"(Sem Código)\",IF(ISERROR(MATCH($AE218,INDIRECT(ORÇAMENTO.BancoRef),0)),\"(Código não identificado nas referências)\",MATCH($AE218,INDIRECT(ORÇAMENTO.BancoRef),0))))","v":11105},{"$f":"ROUND(IF(DESONERACAO=\"sim\",REFERENCIA.Desonerado,REFERENCIA.NaoDesonerado),2)","v":10.97},0.25290000000000001,null,null,null,null,41.22,{"$f":"ROUND(ORÇAMENTO.CustoUnitario*(1+$AH218),2)","v":13.74}]
["S",2,"S",0,{"$f":"IF($C219=1,OFFSET(E219,-1,0)+MAX(1,COUNTIF(QCI!$A$13:$A$36,OFFSET(ORÇAMENTO!E219,-1,0))),OFFSET(E219,-1,0))","v":16},1,0,0,6,0,{"$f":"IF(OR($C219=\"S\",$C219=0),0,MATCH(OFFSET($D219,0,$C219)+IF($C219<>1,1,COUNTIF(QCI!$A$13:$A$36,ORÇAMENTO!E219)),OFFSET($D219,1,$C219,ROW($C$472)-ROW($C219)),0))","v":0},"F","Serviço","Serviço","16.1.0.6.","SINAPI","103986",{"$f":"IF($C219=\"S\",REFERENCIA.Descricao,\"(digite a descrição aqui)\")","v":"CURVA 90 GRAUS, PVC, SOLDÁVEL, DN 50MM, INSTALADO EM RAMAL DE DISTRIBUIÇÃO DE ÁGUA - FORNECIMENTO E INSTALAÇÃO. AF_06/2022"},{"$f":"REFERENCIA.Unidade","v":"UN"},{"$f":"OFFSET(CÁLCULO!H$15,ROW($T219)-ROW(T$15),0)","v":17},28.16,"BDI 1",{"$f":"IF($C219=\"S\",ROUND(IF(TIPOORCAMENTO=\"Proposto\",ORÇAMENTO.CustoUnitario*(1+$AH219),ORÇAMENTO.PrecoUnitarioLicitado),15-13*$AF$10),0)","v":35.28},{"$f":"IF($C219=\"S\",IF(OR(Import.TipoArredondamento<>\"TransfereGOV\",ACOMPANHAMENTO=\"BM\"),VTOTAL1,SUM(OFFSET(CÁLCULO!$AI$15,ROW($X219)-ROW($X$15),1):OFFSET(CÁLCULO!$BB$15,ROW($X219)-ROW($X$15),-1))),IF($C219=0,0,ROUND(SomaAgrup,15-13*$AF$11)))","v":599.76},"RA","RA",{"$f":"IF($C219=\"S\",IF($Z219=\"CP\",$X219,IF($Z219=\"RA\",(($X219)*QCI!$AA$3),0)),SomaAgrup)","v":51.899454076368073},{"$f":"IF($C219=\"S\",IF($Z219=\"OU\",ROUND($X219,2),0),SomaAgrup)","v":0},{"$f":"IF($N219=\"\",\" \",\nIF(AND($C219<>\"S\",OR($R219=\"\",$R219=\"(digite a descrição aqui)\")),\"DESCRIÇÃO\",\nIF(AND($C219=\"S\",OR($Q219<>\"\",$T219>0,$U219>0),$P219=\"\"),\"FONTE\",\nIF(AND($C219=\"S\",$P219<>\"\",OR($T219>0,$U219>0),$Q219=\"\"),\"CÓDIGO\",\nIF(AND($C219=\"S\",$P219<>\"\",$Q219<>\"\",$R219=\"(Código não identificado nas referências)\"),\"CÓDIGO N/ID\",\nIF(AND($C219=\"S\",OR($R219=\"\",$R219=\"(digite a descrição aqui)\"),OR($Q219<>\"\",$T219>0,$U219>0)),\"DESCRIÇÃO\",\nIF(AND($C219=\"S\",$P219<>\"\",$Q219<>\"\",$S219=\"\"),\"UNIDADE\",\nIF(AND($C219=\"S\",$P219<>\"\",$Q219<>\"\",$U219=0),\"SEM CUSTO\",\nIF(AND(TIPOORCAMENTO=\"Licitado\",$AL219=0,$AN219>0),\"SEM PREÇO\",\nIF(AND($C219=\"S\",$P219<>\"\",$Q219<>\"\",$U219>0,AND($V219<>\"BDI 1\",$V219<>\"BDI 2\",$V219<>\"BDI 3\")),IF(ISNUMBER($V219),\"JUSTIFICAR BDI\",\"BDI\"),\nIF(OR(AND(import.recurso=\"OGU\",TIPOORCAMENTO=\"Proposto\",LEFT($O$8,5)<>\"(N/D:\",$AG219<>\"\",ORÇAMENTO.CustoUnitario>$AG219),AND(TIPOORCAMENTO=\"LICITADO\",ORÇAMENTO.PrecoUnitarioLicitado>$AN219)),\"ACIMA REF.\",\nIF(AND($C219=\"S\",$P219<>\"\",$Q219<>\"\",$T219=0,$U219>0),\"QUANT.\",\nIF(AND(Import.TipoArredondamento=\"TransfereGOV\",$L219=\"F\",$C219=\"S\",LEN($Q219)>13),\"Código >13\",\nIF(AND(Import.TipoArredondamento=\"TransfereGOV\",$L219=\"F\",$C219<>\"S\",LEN($R219)>100),\"Descrição >100\",\nIF(AND(Import.TipoArredondamento=\"TransfereGOV\",$L219=\"F\",$C219=\"S\",LEN($R219)>500),\"Descrição >500\",\nIF(AND(Import.TipoArredondamento=\"TransfereGOV\",$L219=\"F\",$C219=\"S\",LEFT(TRIM(UPPER($P219)),6)<>\"SINAPI\",ISNA(VLOOKUP(TRIM(UPPER($S219)),ListaTgov.Unidades,1,FALSE))),\"Unid. Não Disp\",\n\" \"))))))))))))))))","v":" "},{"$f":"IF(C219<=CRONO.NivelExibicao,MAX($AD$15:OFFSET(AD219,-1,0))+IF($C219<>1,1,MAX(1,COUNTIF(QCI!$A$13:$A$36,OFFSET($E219,-1,0)))),\"\")","v":""},{"$f":"IF(AND($C219=\"S\",ORÇAMENTO.CodBarra<>\"\"),IF(ORÇAMENTO.Fonte=\"\",ORÇAMENTO.CodBarra,CONCATENATE(ORÇAMENTO.Fonte,\" \",ORÇAMENTO.CodBarra)))","v":"SINAPI 103986"},{"$f":"IF(ISERROR(ORÇAMENTO.BancoRef),\"(abra o arquivo 'Referência \"&Excel_BuiltIn_Database&\".xlsm)\",IF(OR($C219<>\"S\",ORÇAMENTO.CodBarra=\"\"),\"(Sem Código)\",IF(ISERROR(MATCH($AE219,INDIRECT(ORÇAMENTO.BancoRef),0)),\"(Código não identificado nas referências)\",MATCH($AE219,INDIRECT(ORÇAMENTO.BancoRef),0))))","v":11789},{"$f":"ROUND(IF(DESONERACAO=\"sim\",REFERENCIA.Desonerado,REFERENCIA.NaoDesonerado),2)","v":28.16},0.25290000000000001,null,null,null,null,599.76,{"$f":"ROUND(ORÇAMENTO.CustoUnitario*(1+$AH219),2)","v":35.28}]
["S",2,"S",0,{"$f":"IF($C220=1,OFFSET(E220,-1,0)+MAX(1,COUNTIF(QCI!$A$13:$A$36,OFFSET(ORÇAMENTO!E220,-1,0))),OFFSET(E220,-1,0))","v":16},1,0,0,7,0,{"$f":"IF(OR($C220=\"S\",$C220=0),0,MATCH(OFFSET($D220,0,$C220)+IF($C220<>1,1,COUNTIF(QCI!$A$13:$A$36,ORÇAMENTO!E220)),OFFSET($D220,1,$C220,ROW($C$472)-ROW($C220)),0))","v":0},"F","Serviço","Serviço","16.1.0.7.","SINAPI","103979",{"$f":"IF($C220=\"S\",REFERENCIA.Descricao,\"(digite a descrição aqui)\")","v":"TUBO, PVC, SOLDÁVEL, DE 50MM, INSTALADO EM RAMAL DE DISTRIBUIÇÃO DE ÁGUA - FORNECIMENTO E INSTALAÇÃO. AF_06/2022"},{"$f":"REFERENCIA.Unidade","v":"M"},{"$f":"OFFSET(CÁLCULO!H$15,ROW($T220)-ROW(T$15),0)","v":54.4},30.25,"BDI 1",{"$f":"IF($C220=\"S\",ROUND(IF(TIPOORCAMENTO=\"Proposto\",ORÇAMENTO.CustoUnitario*(1+$AH220),ORÇAMENTO.PrecoUnitarioLicitado),15-13*$AF$10),0)","v":37.9},{"$f":"IF($C220=\"S\",IF(OR(Import.TipoArredondamento<>\"TransfereGOV\",ACOMPANHAMENTO=\"BM\"),VTOTAL1,SUM(OFFSET(CÁLCULO!$AI$15,ROW($X220)-ROW($X$15),1):OFFSET(CÁLCULO!$BB$15,ROW($X220)-ROW($X$15),-1))),IF($C220=0,0,ROUND(SomaAgrup,15-13*$AF$11)))","v":2061.7600000000002},"RA","RA",{"$f":"IF($C220=\"S\",IF($Z220=\"CP\",$X220,IF($Z220=\"RA\",(($X220)*QCI!$AA$3),0)),SomaAgrup)","v":178.41172875232203},{"$f":"IF($C220=\"S\",IF($Z220=\"OU\",ROUND($X220,2),0),SomaAgrup)","v":0},{"$f":"IF($N220=\"\",\" \",\nIF(AND($C220<>\"S\",OR($R220=\"\",$R220=\"(digite a descrição aqui)\")),\"DESCRIÇÃO\",\nIF(AND($C220=\"S\",OR($Q220<>\"\",$T220>0,$U220>0),$P220=\"\"),\"FONTE\",\nIF(AND($C220=\"S\",$P220<>\"\",OR($T220>0,$U220>0),$Q220=\"\"),\"CÓDIGO\",\nIF(AND($C220=\"S\",$P220<>\"\",$Q220<>\"\",$R220=\"(Código não identificado nas referências)\"),\"CÓDIGO N/ID\",\nIF(AND($C220=\"S\",OR($R220=\"\",$R220=\"(digite a descrição aqui)\"),OR($Q220<>\"\",$T220>0,$U220>0)),\"DESCRIÇÃO\",\nIF(AND($C220=\"S\",$P220<>\"\",$Q220<>\"\",$S220=\"\"),\"UNIDADE\",\nIF(AND($C220=\"S\",$P220<>\"\",$Q220<>\"\",$U220=0),\"SEM CUSTO\",\nIF(AND(TIPOORCAMENTO=\"Licitado\",$AL220=0,$AN220>0),\"SEM PREÇO\",\nIF(AND($C220=\"S\",$P220<>\"\",$Q220<>\"\",$U220>0,AND($V220<>\"BDI 1\",$V220<>\"BDI 2\",$V220<>\"BDI 3\")),IF(ISNUMBER($V220),\"JUSTIFICAR BDI\",\"BDI\"),\nIF(OR(AND(import.recurso=\"OGU\",TIPOORCAMENTO=\"Proposto\",LEFT($O$8,5)<>\"(N/D:\",$AG220<>\"\",ORÇAMENTO.CustoUnitario>$AG220),AND(TIPOORCAMENTO=\"LICITADO\",ORÇAMENTO.PrecoUnitarioLicitado>$AN220)),\"ACIMA REF.\",\nIF(AND($C220=\"S\",$P220<>\"\",$Q220<>\"\",$T220=0,$U220>0),\"QUANT.\",\nIF(AND(Import.TipoArredondamento=\"TransfereGOV\",$L220=\"F\",$C220=\"S\",LEN($Q220)>13),\"Código >13\",\nIF(AND(Import.TipoArredondamento=\"TransfereGOV\",$L220=\"F\",$C220<>\"S\",LEN($R220)>100),\"Descrição >100\",\nIF(AND(Import.TipoArredondamento=\"TransfereGOV\",$L220=\"F\",$C220=\"S\",LEN($R220)>500),\"Descrição >500\",\nIF(AND(Import.TipoArredondamento=\"TransfereGOV\",$L220=\"F\",$C220=\"S\",LEFT(TRIM(UPPER($P220)),6)<>\"SINAPI\",ISNA(VLOOKUP(TRIM(UPPER($S220)),ListaTgov.Unidades,1,FALSE))),\"Unid. Não Disp\",\n\" \"))))))))))))))))","v":" "},{"$f":"IF(C220<=CRONO.NivelExibicao,MAX($AD$15:OFFSET(AD220,-1,0))+IF($C220<>1,1,MAX(1,COUNTIF(QCI!$A$13:$A$36,OFFSET($E220,-1,0)))),\"\")","v":""},{"$f":"IF(AND($C220=\"S\",ORÇAMENTO.CodBarra<>\"\"),IF(ORÇAMENTO.Fonte=\"\",ORÇAMENTO.CodBarra,CONCATENATE(ORÇAMENTO.Fonte,\" \",ORÇAMENTO.CodBarra)))","v":"SINAPI 103979"},{"$f":"IF(ISERROR(ORÇAMENTO.BancoRef),\"(abra o arquivo 'Referência \"&Excel_BuiltIn_Database&\".xlsm)\",IF(OR($C220<>\"S\",ORÇAMENTO.CodBarra=\"\"),\"(Sem Código)\",IF(ISERROR(MATCH($AE220,INDIRECT(ORÇAMENTO.BancoRef),0)),\"(Código não identificado nas referências)\",MATCH($AE220,INDIRECT(ORÇAMENTO.BancoRef),0))))","v":11923},{"$f":"ROUND(IF(DESONERACAO=\"sim\",REFERENCIA.Desonerado,REFERENCIA.NaoDesonerado),2)","v":30.25},0.25290000000000001,null,null,null,null,2061.7600000000002,{"$f":"ROUND(ORÇAMENTO.CustoUnitario*(1+$AH220),2)","v":37.9}]
["S",2,"S",0,{"$f":"IF($C221=1,OFFSET(E221,-1,0)+MAX(1,COUNTIF(QCI!$A$13:$A$36,OFFSET(ORÇAMENTO!E221,-1,0))),OFFSET(E221,-1,0))","v":16},1,0,0,8,0,{"$f":"IF(OR($C221=\"S\",$C221=0),0,MATCH(OFFSET($D221,0,$C221)+IF($C221<>1,1,COUNTIF(QCI!$A$13:$A$36,ORÇAMENTO!E221)),OFFSET($D221,1,$C221,ROW($C$472)-ROW($C221)),0))","v":0},"F","Serviço","Serviço","16.1.0.8.","Composição","COMP53",{"$f":"IF($C221=\"S\",REFERENCIA.Descricao,\"(digite a descrição aqui)\")","v":"HIDRÔMETRO EM BRONZE, DIÂMETRO DE 40 MM (1 1/2´)"},{"$f":"REFERENCIA.Unidade","v":"UN"},{"$f":"OFFSET(CÁLCULO!H$15,ROW($T221)-ROW(T$15),0)","v":1},1073.46,"BDI 1",{"$f":"IF($C221=\"S\",ROUND(IF(TIPOORCAMENTO=\"Proposto\",ORÇAMENTO.CustoUnitario*(1+$AH221),ORÇAMENTO.PrecoUnitarioLicitado),15-13*$AF$10),0)","v":1344.94},{"$f":"IF($C221=\"S\",IF(OR(Import.TipoArredondamento<>\"TransfereGOV\",ACOMPANHAMENTO=\"BM\"),VTOTAL1,SUM(OFFSET(CÁLCULO!$AI$15,ROW($X221)-ROW($X$15),1):OFFSET(CÁLCULO!$BB$15,ROW($X221)-ROW($X$15),-1))),IF($C221=0,0,ROUND(SomaAgrup,15-13*$AF$11)))","v":1344.94},"RA","RA",{"$f":"IF($C221=\"S\",IF($Z221=\"CP\",$X221,IF($Z221=\"RA\",(($X221)*QCI!$AA$3),0)),SomaAgrup)","v":116.38263933151674},{"$f":"IF($C221=\"S\",IF($Z221=\"OU\",ROUND($X221,2),0),SomaAgrup)","v":0},{"$f":"IF($N221=\"\",\" \",\nIF(AND($C221<>\"S\",OR($R221=\"\",$R221=\"(digite a descrição aqui)\")),\"DESCRIÇÃO\",\nIF(AND($C221=\"S\",OR($Q221<>\"\",$T221>0,$U221>0),$P221=\"\"),\"FONTE\",\nIF(AND($C221=\"S\",$P221<>\"\",OR($T221>0,$U221>0),$Q221=\"\"),\"CÓDIGO\",\nIF(AND($C221=\"S\",$P221<>\"\",$Q221<>\"\",$R221=\"(Código não identificado nas referências)\"),\"CÓDIGO N/ID\",\nIF(AND($C221=\"S\",OR($R221=\"\",$R221=\"(digite a descrição aqui)\"),OR($Q221<>\"\",$T221>0,$U221>0)),\"DESCRIÇÃO\",\nIF(AND($C221=\"S\",$P221<>\"\",$Q221<>\"\",$S221=\"\"),\"UNIDADE\",\nIF(AND($C221=\"S\",$P221<>\"\",$Q221<>\"\",$U221=0),\"SEM CUSTO\",\nIF(AND(TIPOORCAMENTO=\"Licitado\",$AL221=0,$AN221>0),\"SEM PREÇO\",\nIF(AND($C221=\"S\",$P221<>\"\",$Q221<>\"\",$U221>0,AND($V221<>\"BDI 1\",$V221<>\"BDI 2\",$V221<>\"BDI 3\")),IF(ISNUMBER($V221),\"JUSTIFICAR BDI\",\"BDI\"),\nIF(OR(AND(import.recurso=\"OGU\",TIPOORCAMENTO=\"Proposto\",LEFT($O$8,5)<>\"(N/D:\",$AG221<>\"\",ORÇAMENTO.CustoUnitario>$AG221),AND(TIPOORCAMENTO=\"LICITADO\",ORÇAMENTO.PrecoUnitarioLicitado>$AN221)),\"ACIMA REF.\",\nIF(AND($C221=\"S\",$P221<>\"\",$Q221<>\"\",$T221=0,$U221>0),\"QUANT.\",\nIF(AND(Import.TipoArredondamento=\"TransfereGOV\",$L221=\"F\",$C221=\"S\",LEN($Q221)>13),\"Código >13\",\nIF(AND(Import.TipoArredondamento=\"TransfereGOV\",$L221=\"F\",$C221<>\"S\",LEN($R221)>100),\"Descrição >100\",\nIF(AND(Import.TipoArredondamento=\"TransfereGOV\",$L221=\"F\",$C221=\"S\",LEN($R221)>500),\"Descrição >500\",\nIF(AND(Import.TipoArredondamento=\"TransfereGOV\",$L221=\"F\",$C221=\"S\",LEFT(TRIM(UPPER($P221)),6)<>\"SINAPI\",ISNA(VLOOKUP(TRIM(UPPER($S221)),ListaTgov.Unidades,1,FALSE))),\"Unid. Não Disp\",\n\" \"))))))))))))))))","v":" "},{"$f":"IF(C221<=CRONO.NivelExibicao,MAX($AD$15:OFFSET(AD221,-1,0))+IF($C221<>1,1,MAX(1,COUNTIF(QCI!$A$13:$A$36,OFFSET($E221,-1,0)))),\"\")","v":""},{"$f":"IF(AND($C221=\"S\",ORÇAMENTO.CodBarra<>\"\"),IF(ORÇAMENTO.Fonte=\"\",ORÇAMENTO.CodBarra,CONCATENATE(ORÇAMENTO.Fonte,\" \",ORÇAMENTO.CodBarra)))","v":"Composição COMP53"},{"$f":"IF(ISERROR(ORÇAMENTO.BancoRef),\"(abra o arquivo 'Referência \"&Excel_BuiltIn_Database&\".xlsm)\",IF(OR($C221<>\"S\",ORÇAMENTO.CodBarra=\"\"),\"(Sem Código)\",IF(ISERROR(MATCH($AE221,INDIRECT(ORÇAMENTO.BancoRef),0)),\"(Código não identificado nas referências)\",MATCH($AE221,INDIRECT(ORÇAMENTO.BancoRef),0))))","v":55},{"$f":"ROUND(IF(DESONERACAO=\"sim\",REFERENCIA.Desonerado,REFERENCIA.NaoDesonerado),2)","v":1073.46},0.25290000000000001,null,null,null,null,1344.94,{"$f":"ROUND(ORÇAMENTO.CustoUnitario*(1+$AH221),2)","v":1344.94}]
["S",2,"S",0,{"$f":"IF($C222=1,OFFSET(E222,-1,0)+MAX(1,COUNTIF(QCI!$A$13:$A$36,OFFSET(ORÇAMENTO!E222,-1,0))),OFFSET(E222,-1,0))","v":16},1,0,0,9,0,{"$f":"IF(OR($C222=\"S\",$C222=0),0,MATCH(OFFSET($D222,0,$C222)+IF($C222<>1,1,COUNTIF(QCI!$A$13:$A$36,ORÇAMENTO!E222)),OFFSET($D222,1,$C222,ROW($C$472)-ROW($C222)),0))","v":0},"F","Serviço","Serviço","16.1.0.9.","SINAPI","89353",{"$f":"IF($C222=\"S\",REFERENCIA.Descricao,\"(digite a descrição aqui)\")","v":"REGISTRO DE GAVETA BRUTO, LATÃO, ROSCÁVEL, 3/4\" - FORNECIMENTO E INSTALAÇÃO. AF_08/2021"},{"$f":"REFERENCIA.Unidade","v":"UN"},{"$f":"OFFSET(CÁLCULO!H$15,ROW($T222)-ROW(T$15),0)","v":1},62.06,"BDI 1",{"$f":"IF($C222=\"S\",ROUND(IF(TIPOORCAMENTO=\"Proposto\",ORÇAMENTO.CustoUnitario*(1+$AH222),ORÇAMENTO.PrecoUnitarioLicitado),15-13*$AF$10),0)","v":77.75},{"$f":"IF($C222=\"S\",IF(OR(Import.TipoArredondamento<>\"TransfereGOV\",ACOMPANHAMENTO=\"BM\"),VTOTAL1,SUM(OFFSET(CÁLCULO!$AI$15,ROW($X222)-ROW($X$15),1):OFFSET(CÁLCULO!$BB$15,ROW($X222)-ROW($X$15),-1))),IF($C222=0,0,ROUND(SomaAgrup,15-13*$AF$11)))","v":77.75},"RA","RA",{"$f":"IF($C222=\"S\",IF($Z222=\"CP\",$X222,IF($Z222=\"RA\",(($X222)*QCI!$AA$3),0)),SomaAgrup)","v":6.7279954555782613},{"$f":"IF($C222=\"S\",IF($Z222=\"OU\",ROUND($X222,2),0),SomaAgrup)","v":0},{"$f":"IF($N222=\"\",\" \",\nIF(AND($C222<>\"S\",OR($R222=\"\",$R222=\"(digite a descrição aqui)\")),\"DESCRIÇÃO\",\nIF(AND($C222=\"S\",OR($Q222<>\"\",$T222>0,$U222>0),$P222=\"\"),\"FONTE\",\nIF(AND($C222=\"S\",$P222<>\"\",OR($T222>0,$U222>0),$Q222=\"\"),\"CÓDIGO\",\nIF(AND($C222=\"S\",$P222<>\"\",$Q222<>\"\",$R222=\"(Código não identificado nas referências)\"),\"CÓDIGO N/ID\",\nIF(AND($C222=\"S\",OR($R222=\"\",$R222=\"(digite a descrição aqui)\"),OR($Q222<>\"\",$T222>0,$U222>0)),\"DESCRIÇÃO\",\nIF(AND($C222=\"S\",$P222<>\"\",$Q222<>\"\",$S222=\"\"),\"UNIDADE\",\nIF(AND($C222=\"S\",$P222<>\"\",$Q222<>\"\",$U222=0),\"SEM CUSTO\",\nIF(AND(TIPOORCAMENTO=\"Licitado\",$AL222=0,$AN222>0),\"SEM PREÇO\",\nIF(AND($C222=\"S\",$P222<>\"\",$Q222<>\"\",$U222>0,AND($V222<>\"BDI 1\",$V222<>\"BDI 2\",$V222<>\"BDI 3\")),IF(ISNUMBER($V222),\"JUSTIFICAR BDI\",\"BDI\"),\nIF(OR(AND(import.recurso=\"OGU\",TIPOORCAMENTO=\"Proposto\",LEFT($O$8,5)<>\"(N/D:\",$AG222<>\"\",ORÇAMENTO.CustoUnitario>$AG222),AND(TIPOORCAMENTO=\"LICITADO\",ORÇAMENTO.PrecoUnitarioLicitado>$AN222)),\"ACIMA REF.\",\nIF(AND($C222=\"S\",$P222<>\"\",$Q222<>\"\",$T222=0,$U222>0),\"QUANT.\",\nIF(AND(Import.TipoArredondamento=\"TransfereGOV\",$L222=\"F\",$C222=\"S\",LEN($Q222)>13),\"Código >13\",\nIF(AND(Import.TipoArredondamento=\"TransfereGOV\",$L222=\"F\",$C222<>\"S\",LEN($R222)>100),\"Descrição >100\",\nIF(AND(Import.TipoArredondamento=\"TransfereGOV\",$L222=\"F\",$C222=\"S\",LEN($R222)>500),\"Descrição >500\",\nIF(AND(Import.TipoArredondamento=\"TransfereGOV\",$L222=\"F\",$C222=\"S\",LEFT(TRIM(UPPER($P222)),6)<>\"SINAPI\",ISNA(VLOOKUP(TRIM(UPPER($S222)),ListaTgov.Unidades,1,FALSE))),\"Unid. Não Disp\",\n\" \"))))))))))))))))","v":" "},{"$f":"IF(C222<=CRONO.NivelExibicao,MAX($AD$15:OFFSET(AD222,-1,0))+IF($C222<>1,1,MAX(1,COUNTIF(QCI!$A$13:$A$36,OFFSET($E222,-1,0)))),\"\")","v":""},{"$f":"IF(AND($C222=\"S\",ORÇAMENTO.CodBarra<>\"\"),IF(ORÇAMENTO.Fonte=\"\",ORÇAMENTO.CodBarra,CONCATENATE(ORÇAMENTO.Fonte,\" \",ORÇAMENTO.CodBarra)))","v":"SINAPI 89353"},{"$f":"IF(ISERROR(ORÇAMENTO.BancoRef),\"(abra o arquivo 'Referência \"&Excel_BuiltIn_Database&\".xlsm)\",IF(OR($C222<>\"S\",ORÇAMENTO.CodBarra=\"\"),\"(Sem Código)\",IF(ISERROR(MATCH($AE222,INDIRECT(ORÇAMENTO.BancoRef),0)),\"(Código não identificado nas referências)\",MATCH($AE222,INDIRECT(ORÇAMENTO.BancoRef),0))))","v":15935},{"$f":"ROUND(IF(DESONERACAO=\"sim\",REFERENCIA.Desonerado,REFERENCIA.NaoDesonerado),2)","v":62.06},0.25290000000000001,null,null,null,null,77.75,{"$f":"ROUND(ORÇAMENTO.CustoUnitario*(1+$AH222),2)","v":77.75}]
["S",2,"S",0,{"$f":"IF($C223=1,OFFSET(E223,-1,0)+MAX(1,COUNTIF(QCI!$A$13:$A$36,OFFSET(ORÇAMENTO!E223,-1,0))),OFFSET(E223,-1,0))","v":16},1,0,0,10,0,{"$f":"IF(OR($C223=\"S\",$C223=0),0,MATCH(OFFSET($D223,0,$C223)+IF($C223<>1,1,COUNTIF(QCI!$A$13:$A$36,ORÇAMENTO!E223)),OFFSET($D223,1,$C223,ROW($C$472)-ROW($C223)),0))","v":0},"F","Serviço","Serviço","16.1.0.10.","SINAPI","94794",{"$f":"IF($C223=\"S\",REFERENCIA.Descricao,\"(digite a descrição aqui)\")","v":"REGISTRO DE GAVETA BRUTO, LATÃO, ROSCÁVEL, 1 1/2\", COM ACABAMENTO E CANOPLA CROMADOS - FORNECIMENTO E INSTALAÇÃO. AF_08/2021"},{"$f":"REFERENCIA.Unidade","v":"UN"},{"$f":"OFFSET(CÁLCULO!H$15,ROW($T223)-ROW(T$15),0)","v":1},263.89999999999998,"BDI 1",{"$f":"IF($C223=\"S\",ROUND(IF(TIPOORCAMENTO=\"Proposto\",ORÇAMENTO.CustoUnitario*(1+$AH223),ORÇAMENTO.PrecoUnitarioLicitado),15-13*$AF$10),0)","v":330.64},{"$f":"IF($C223=\"S\",IF(OR(Import.TipoArredondamento<>\"TransfereGOV\",ACOMPANHAMENTO=\"BM\"),VTOTAL1,SUM(OFFSET(CÁLCULO!$AI$15,ROW($X223)-ROW($X$15),1):OFFSET(CÁLCULO!$BB$15,ROW($X223)-ROW($X$15),-1))),IF($C223=0,0,ROUND(SomaAgrup,15-13*$AF$11)))","v":330.64},"RA","RA",{"$f":"IF($C223=\"S\",IF($Z223=\"CP\",$X223,IF($Z223=\"RA\",(($X223)*QCI!$AA$3),0)),SomaAgrup)","v":28.611503761188377},{"$f":"IF($C223=\"S\",IF($Z223=\"OU\",ROUND($X223,2),0),SomaAgrup)","v":0},{"$f":"IF($N223=\"\",\" \",\nIF(AND($C223<>\"S\",OR($R223=\"\",$R223=\"(digite a descrição aqui)\")),\"DESCRIÇÃO\",\nIF(AND($C223=\"S\",OR($Q223<>\"\",$T223>0,$U223>0),$P223=\"\"),\"FONTE\",\nIF(AND($C223=\"S\",$P223<>\"\",OR($T223>0,$U223>0),$Q223=\"\"),\"CÓDIGO\",\nIF(AND($C223=\"S\",$P223<>\"\",$Q223<>\"\",$R223=\"(Código não identificado nas referências)\"),\"CÓDIGO N/ID\",\nIF(AND($C223=\"S\",OR($R223=\"\",$R223=\"(digite a descrição aqui)\"),OR($Q223<>\"\",$T223>0,$U223>0)),\"DESCRIÇÃO\",\nIF(AND($C223=\"S\",$P223<>\"\",$Q223<>\"\",$S223=\"\"),\"UNIDADE\",\nIF(AND($C223=\"S\",$P223<>\"\",$Q223<>\"\",$U223=0),\"SEM CUSTO\",\nIF(AND(TIPOORCAMENTO=\"Licitado\",$AL223=0,$AN223>0),\"SEM PREÇO\",\nIF(AND($C223=\"S\",$P223<>\"\",$Q223<>\"\",$U223>0,AND($V223<>\"BDI 1\",$V223<>\"BDI 2\",$V223<>\"BDI 3\")),IF(ISNUMBER($V223),\"JUSTIFICAR BDI\",\"BDI\"),\nIF(OR(AND(import.recurso=\"OGU\",TIPOORCAMENTO=\"Proposto\",LEFT($O$8,5)<>\"(N/D:\",$AG223<>\"\",ORÇAMENTO.CustoUnitario>$AG223),AND(TIPOORCAMENTO=\"LICITADO\",ORÇAMENTO.PrecoUnitarioLicitado>$AN223)),\"ACIMA REF.\",\nIF(AND($C223=\"S\",$P223<>\"\",$Q223<>\"\",$T223=0,$U223>0),\"QUANT.\",\nIF(AND(Import.TipoArredondamento=\"TransfereGOV\",$L223=\"F\",$C223=\"S\",LEN($Q223)>13),\"Código >13\",\nIF(AND(Import.TipoArredondamento=\"TransfereGOV\",$L223=\"F\",$C223<>\"S\",LEN($R223)>100),\"Descrição >100\",\nIF(AND(Import.TipoArredondamento=\"TransfereGOV\",$L223=\"F\",$C223=\"S\",LEN($R223)>500),\"Descrição >500\",\nIF(AND(Import.TipoArredondamento=\"TransfereGOV\",$L223=\"F\",$C223=\"S\",LEFT(TRIM(UPPER($P223)),6)<>\"SINAPI\",ISNA(VLOOKUP(TRIM(UPPER($S223)),ListaTgov.Unidades,1,FALSE))),\"Unid. Não Disp\",\n\" \"))))))))))))))))","v":" "},{"$f":"IF(C223<=CRONO.NivelExibicao,MAX($AD$15:OFFSET(AD223,-1,0))+IF($C223<>1,1,MAX(1,COUNTIF(QCI!$A$13:$A$36,OFFSET($E223,-1,0)))),\"\")","v":""},{"$f":"IF(AND($C223=\"S\",ORÇAMENTO.CodBarra<>\"\"),IF(ORÇAMENTO.Fonte=\"\",ORÇAMENTO.CodBarra,CONCATENATE(ORÇAMENTO.Fonte,\" \",ORÇAMENTO.CodBarra)))","v":"SINAPI 94794"},{"$f":"IF(ISERROR(ORÇAMENTO.BancoRef),\"(abra o arquivo 'Referência \"&Excel_BuiltIn_Database&\".xlsm)\",IF(OR($C223<>\"S\",ORÇAMENTO.CodBarra=\"\"),\"(Sem Código)\",IF(ISERROR(MATCH($AE223,INDIRECT(ORÇAMENTO.BancoRef),0)),\"(Código não identificado nas referências)\",MATCH($AE223,INDIRECT(ORÇAMENTO.BancoRef),0))))","v":15925},{"$f":"ROUND(IF(DESONERACAO=\"sim\",REFERENCIA.Desonerado,REFERENCIA.NaoDesonerado),2)","v":263.89999999999998},0.25290000000000001,null,null,null,null,330.64,{"$f":"ROUND(ORÇAMENTO.CustoUnitario*(1+$AH223),2)","v":330.64}]
["S",2,"S",0,{"$f":"IF($C224=1,OFFSET(E224,-1,0)+MAX(1,COUNTIF(QCI!$A$13:$A$36,OFFSET(ORÇAMENTO!E224,-1,0))),OFFSET(E224,-1,0))","v":16},1,0,0,11,0,{"$f":"IF(OR($C224=\"S\",$C224=0),0,MATCH(OFFSET($D224,0,$C224)+IF($C224<>1,1,COUNTIF(QCI!$A$13:$A$36,ORÇAMENTO!E224)),OFFSET($D224,1,$C224,ROW($C$472)-ROW($C224)),0))","v":0},"F","Serviço","Serviço","16.1.0.11.","SINAPI","89987",{"$f":"IF($C224=\"S\",REFERENCIA.Descricao,\"(digite a descrição aqui)\")","v":"REGISTRO DE GAVETA BRUTO, LATÃO, ROSCÁVEL, 3/4\", COM ACABAMENTO E CANOPLA CROMADOS - FORNECIMENTO E INSTALAÇÃO. AF_08/2021"},{"$f":"REFERENCIA.Unidade","v":"UN"},{"$f":"OFFSET(CÁLCULO!H$15,ROW($T224)-ROW(T$15),0)","v":24},148.79,"BDI 1",{"$f":"IF($C224=\"S\",ROUND(IF(TIPOORCAMENTO=\"Proposto\",ORÇAMENTO.CustoUnitario*(1+$AH224),ORÇAMENTO.PrecoUnitarioLicitado),15-13*$AF$10),0)","v":186.42},{"$f":"IF($C224=\"S\",IF(OR(Import.TipoArredondamento<>\"TransfereGOV\",ACOMPANHAMENTO=\"BM\"),VTOTAL1,SUM(OFFSET(CÁLCULO!$AI$15,ROW($X224)-ROW($X$15),1):OFFSET(CÁLCULO!$BB$15,ROW($X224)-ROW($X$15),-1))),IF($C224=0,0,ROUND(SomaAgrup,15-13*$AF$11)))","v":4474.08},"RA","RA",{"$f":"IF($C224=\"S\",IF($Z224=\"CP\",$X224,IF($Z224=\"RA\",(($X224)*QCI!$AA$3),0)),SomaAgrup)","v":387.15871264171813},{"$f":"IF($C224=\"S\",IF($Z224=\"OU\",ROUND($X224,2),0),SomaAgrup)","v":0},{"$f":"IF($N224=\"\",\" \",\nIF(AND($C224<>\"S\",OR($R224=\"\",$R224=\"(digite a descrição aqui)\")),\"DESCRIÇÃO\",\nIF(AND($C224=\"S\",OR($Q224<>\"\",$T224>0,$U224>0),$P224=\"\"),\"FONTE\",\nIF(AND($C224=\"S\",$P224<>\"\",OR($T224>0,$U224>0),$Q224=\"\"),\"CÓDIGO\",\nIF(AND($C224=\"S\",$P224<>\"\",$Q224<>\"\",$R224=\"(Código não identificado nas referências)\"),\"CÓDIGO N/ID\",\nIF(AND($C224=\"S\",OR($R224=\"\",$R224=\"(digite a descrição aqui)\"),OR($Q224<>\"\",$T224>0,$U224>0)),\"DESCRIÇÃO\",\nIF(AND($C224=\"S\",$P224<>\"\",$Q224<>\"\",$S224=\"\"),\"UNIDADE\",\nIF(AND($C224=\"S\",$P224<>\"\",$Q224<>\"\",$U224=0),\"SEM CUSTO\",\nIF(AND(TIPOORCAMENTO=\"Licitado\",$AL224=0,$AN224>0),\"SEM PREÇO\",\nIF(AND($C224=\"S\",$P224<>\"\",$Q224<>\"\",$U224>0,AND($V224<>\"BDI 1\",$V224<>\"BDI 2\",$V224<>\"BDI 3\")),IF(ISNUMBER($V224),\"JUSTIFICAR BDI\",\"BDI\"),\nIF(OR(AND(import.recurso=\"OGU\",TIPOORCAMENTO=\"Proposto\",LEFT($O$8,5)<>\"(N/D:\",$AG224<>\"\",ORÇAMENTO.CustoUnitario>$AG224),AND(TIPOORCAMENTO=\"LICITADO\",ORÇAMENTO.PrecoUnitarioLicitado>$AN224)),\"ACIMA REF.\",\nIF(AND($C224=\"S\",$P224<>\"\",$Q224<>\"\",$T224=0,$U224>0),\"QUANT.\",\nIF(AND(Import.TipoArredondamento=\"TransfereGOV\",$L224=\"F\",$C224=\"S\",LEN($Q224)>13),\"Código >13\",\nIF(AND(Import.TipoArredondamento=\"TransfereGOV\",$L224=\"F\",$C224<>\"S\",LEN($R224)>100),\"Descrição >100\",\nIF(AND(Import.TipoArredondamento=\"TransfereGOV\",$L224=\"F\",$C224=\"S\",LEN($R224)>500),\"Descrição >500\",\nIF(AND(Import.TipoArredondamento=\"TransfereGOV\",$L224=\"F\",$C224=\"S\",LEFT(TRIM(UPPER($P224)),6)<>\"SINAPI\",ISNA(VLOOKUP(TRIM(UPPER($S224)),ListaTgov.Unidades,1,FALSE))),\"Unid. Não Disp\",\n\" \"))))))))))))))))","v":" "},{"$f":"IF(C224<=CRONO.NivelExibicao,MAX($AD$15:OFFSET(AD224,-1,0))+IF($C224<>1,1,MAX(1,COUNTIF(QCI!$A$13:$A$36,OFFSET($E224,-1,0)))),\"\")","v":""},{"$f":"IF(AND($C224=\"S\",ORÇAMENTO.CodBarra<>\"\"),IF(ORÇAMENTO.Fonte=\"\",ORÇAMENTO.CodBarra,CONCATENATE(ORÇAMENTO.Fonte,\" \",ORÇAMENTO.CodBarra)))","v":"SINAPI 89987"},{"$f":"IF(ISERROR(ORÇAMENTO.BancoRef),\"(abra o arquivo 'Referência \"&Excel_BuiltIn_Database&\".xlsm)\",IF(OR($C224<>\"S\",ORÇAMENTO.CodBarra=\"\"),\"(Sem Código)\",IF(ISERROR(MATCH($AE224,INDIRECT(ORÇAMENTO.BancoRef),0)),\"(Código não identificado nas referências)\",MATCH($AE224,INDIRECT(ORÇAMENTO.BancoRef),0))))","v":15936},{"$f":"ROUND(IF(DESONERACAO=\"sim\",REFERENCIA.Desonerado,REFERENCIA.NaoDesonerado),2)","v":148.79},0.25290000000000001,null,null,null,null,4474.08,{"$f":"ROUND(ORÇAMENTO.CustoUnitario*(1+$AH224),2)","v":186.42}]
["S",2,"S",0,{"$f":"IF($C225=1,OFFSET(E225,-1,0)+MAX(1,COUNTIF(QCI!$A$13:$A$36,OFFSET(ORÇAMENTO!E225,-1,0))),OFFSET(E225,-1,0))","v":16},1,0,0,12,0,{"$f":"IF(OR($C225=\"S\",$C225=0),0,MATCH(OFFSET($D225,0,$C225)+IF($C225<>1,1,COUNTIF(QCI!$A$13:$A$36,ORÇAMENTO!E225)),OFFSET($D225,1,$C225,ROW($C$472)-ROW($C225)),0))","v":0},"F","Serviço","Serviço","16.1.0.12.","SINAPI","89985",{"$f":"IF($C225=\"S\",REFERENCIA.Descricao,\"(digite a descrição aqui)\")","v":"REGISTRO DE PRESSÃO BRUTO, LATÃO, ROSCÁVEL, 3/4\", COM ACABAMENTO E CANOPLA CROMADOS - FORNECIMENTO E INSTALAÇÃO. AF_08/2021"},{"$f":"REFERENCIA.Unidade","v":"UN"},{"$f":"OFFSET(CÁLCULO!H$15,ROW($T225)-ROW(T$15),0)","v":2},140.97999999999999,"BDI 1",{"$f":"IF($C225=\"S\",ROUND(IF(TIPOORCAMENTO=\"Proposto\",ORÇAMENTO.CustoUnitario*(1+$AH225),ORÇAMENTO.PrecoUnitarioLicitado),15-13*$AF$10),0)","v":176.63},{"$f":"IF($C225=\"S\",IF(OR(Import.TipoArredondamento<>\"TransfereGOV\",ACOMPANHAMENTO=\"BM\"),VTOTAL1,SUM(OFFSET(CÁLCULO!$AI$15,ROW($X225)-ROW($X$15),1):OFFSET(CÁLCULO!$BB$15,ROW($X225)-ROW($X$15),-1))),IF($C225=0,0,ROUND(SomaAgrup,15-13*$AF$11)))","v":353.26},"RA","RA",{"$f":"IF($C225=\"S\",IF($Z225=\"CP\",$X225,IF($Z225=\"RA\",(($X225)*QCI!$AA$3),0)),SomaAgrup)","v":30.568896136817703},{"$f":"IF($C225=\"S\",IF($Z225=\"OU\",ROUND($X225,2),0),SomaAgrup)","v":0},{"$f":"IF($N225=\"\",\" \",\nIF(AND($C225<>\"S\",OR($R225=\"\",$R225=\"(digite a descrição aqui)\")),\"DESCRIÇÃO\",\nIF(AND($C225=\"S\",OR($Q225<>\"\",$T225>0,$U225>0),$P225=\"\"),\"FONTE\",\nIF(AND($C225=\"S\",$P225<>\"\",OR($T225>0,$U225>0),$Q225=\"\"),\"CÓDIGO\",\nIF(AND($C225=\"S\",$P225<>\"\",$Q225<>\"\",$R225=\"(Código não identificado nas referências)\"),\"CÓDIGO N/ID\",\nIF(AND($C225=\"S\",OR($R225=\"\",$R225=\"(digite a descrição aqui)\"),OR($Q225<>\"\",$T225>0,$U225>0)),\"DESCRIÇÃO\",\nIF(AND($C225=\"S\",$P225<>\"\",$Q225<>\"\",$S225=\"\"),\"UNIDADE\",\nIF(AND($C225=\"S\",$P225<>\"\",$Q225<>\"\",$U225=0),\"SEM CUSTO\",\nIF(AND(TIPOORCAMENTO=\"Licitado\",$AL225=0,$AN225>0),\"SEM PREÇO\",\nIF(AND($C225=\"S\",$P225<>\"\",$Q225<>\"\",$U225>0,AND($V225<>\"BDI 1\",$V225<>\"BDI 2\",$V225<>\"BDI 3\")),IF(ISNUMBER($V225),\"JUSTIFICAR BDI\",\"BDI\"),\nIF(OR(AND(import.recurso=\"OGU\",TIPOORCAMENTO=\"Proposto\",LEFT($O$8,5)<>\"(N/D:\",$AG225<>\"\",ORÇAMENTO.CustoUnitario>$AG225),AND(TIPOORCAMENTO=\"LICITADO\",ORÇAMENTO.PrecoUnitarioLicitado>$AN225)),\"ACIMA REF.\",\nIF(AND($C225=\"S\",$P225<>\"\",$Q225<>\"\",$T225=0,$U225>0),\"QUANT.\",\nIF(AND(Import.TipoArredondamento=\"TransfereGOV\",$L225=\"F\",$C225=\"S\",LEN($Q225)>13),\"Código >13\",\nIF(AND(Import.TipoArredondamento=\"TransfereGOV\",$L225=\"F\",$C225<>\"S\",LEN($R225)>100),\"Descrição >100\",\nIF(AND(Import.TipoArredondamento=\"TransfereGOV\",$L225=\"F\",$C225=\"S\",LEN($R225)>500),\"Descrição >500\",\nIF(AND(Import.TipoArredondamento=\"TransfereGOV\",$L225=\"F\",$C225=\"S\",LEFT(TRIM(UPPER($P225)),6)<>\"SINAPI\",ISNA(VLOOKUP(TRIM(UPPER($S225)),ListaTgov.Unidades,1,FALSE))),\"Unid. Não Disp\",\n\" \"))))))))))))))))","v":" "},{"$f":"IF(C225<=CRONO.NivelExibicao,MAX($AD$15:OFFSET(AD225,-1,0))+IF($C225<>1,1,MAX(1,COUNTIF(QCI!$A$13:$A$36,OFFSET($E225,-1,0)))),\"\")","v":""},{"$f":"IF(AND($C225=\"S\",ORÇAMENTO.CodBarra<>\"\"),IF(ORÇAMENTO.Fonte=\"\",ORÇAMENTO.CodBarra,CONCATENATE(ORÇAMENTO.Fonte,\" \",ORÇAMENTO.CodBarra)))","v":"SINAPI 89985"},{"$f":"IF(ISERROR(ORÇAMENTO.BancoRef),\"(abra o arquivo 'Referência \"&Excel_BuiltIn_Database&\".xlsm)\",IF(OR($C225<>\"S\",ORÇAMENTO.CodBarra=\"\"),\"(Sem Código)\",IF(ISERROR(MATCH($AE225,INDIRECT(ORÇAMENTO.BancoRef),0)),\"(Código não identificado nas referências)\",MATCH($AE225,INDIRECT(ORÇAMENTO.BancoRef),0))))","v":15940},{"$f":"ROUND(IF(DESONERACAO=\"sim\",REFERENCIA.Desonerado,REFERENCIA.NaoDesonerado),2)","v":140.97999999999999},0.25290000000000001,null,null,null,null,353.26,{"$f":"ROUND(ORÇAMENTO.CustoUnitario*(1+$AH225),2)","v":176.63}]
["S",2,"S",0,{"$f":"IF($C226=1,OFFSET(E226,-1,0)+MAX(1,COUNTIF(QCI!$A$13:$A$36,OFFSET(ORÇAMENTO!E226,-1,0))),OFFSET(E226,-1,0))","v":16},1,0,0,13,0,{"$f":"IF(OR($C226=\"S\",$C226=0),0,MATCH(OFFSET($D226,0,$C226)+IF($C226<>1,1,COUNTIF(QCI!$A$13:$A$36,ORÇAMENTO!E226)),OFFSET($D226,1,$C226,ROW($C$472)-ROW($C226)),0))","v":0},"F","Serviço","Serviço","16.1.0.13.","SINAPI","92365",{"$f":"IF($C226=\"S\",REFERENCIA.Descricao,\"(digite a descrição aqui)\")","v":"TUBO DE AÇO GALVANIZADO COM COSTURA, CLASSE MÉDIA, DN 40 (1 1/2\"), CONEXÃO ROSQUEADA, INSTALADO EM REDE DE ALIMENTAÇÃO PARA HIDRANTE - FORNECIMENTO E INSTALAÇÃO. AF_10/2020"},{"$f":"REFERENCIA.Unidade","v":"M"},{"$f":"OFFSET(CÁLCULO!H$15,ROW($T226)-ROW(T$15),0)","v":2},85.89,"BDI 1",{"$f":"IF($C226=\"S\",ROUND(IF(TIPOORCAMENTO=\"Proposto\",ORÇAMENTO.CustoUnitario*(1+$AH226),ORÇAMENTO.PrecoUnitarioLicitado),15-13*$AF$10),0)","v":107.61},{"$f":"IF($C226=\"S\",IF(OR(Import.TipoArredondamento<>\"TransfereGOV\",ACOMPANHAMENTO=\"BM\"),VTOTAL1,SUM(OFFSET(CÁLCULO!$AI$15,ROW($X226)-ROW($X$15),1):OFFSET(CÁLCULO!$BB$15,ROW($X226)-ROW($X$15),-1))),IF($C226=0,0,ROUND(SomaAgrup,15-13*$AF$11)))","v":215.22},"RA","RA",{"$f":"IF($C226=\"S\",IF($Z226=\"CP\",$X226,IF($Z226=\"RA\",(($X226)*QCI!$AA$3),0)),SomaAgrup)","v":18.623783690669498},{"$f":"IF($C226=\"S\",IF($Z226=\"OU\",ROUND($X226,2),0),SomaAgrup)","v":0},{"$f":"IF($N226=\"\",\" \",\nIF(AND($C226<>\"S\",OR($R226=\"\",$R226=\"(digite a descrição aqui)\")),\"DESCRIÇÃO\",\nIF(AND($C226=\"S\",OR($Q226<>\"\",$T226>0,$U226>0),$P226=\"\"),\"FONTE\",\nIF(AND($C226=\"S\",$P226<>\"\",OR($T226>0,$U226>0),$Q226=\"\"),\"CÓDIGO\",\nIF(AND($C226=\"S\",$P226<>\"\",$Q226<>\"\",$R226=\"(Código não identificado nas referências)\"),\"CÓDIGO N/ID\",\nIF(AND($C226=\"S\",OR($R226=\"\",$R226=\"(digite a descrição aqui)\"),OR($Q226<>\"\",$T226>0,$U226>0)),\"DESCRIÇÃO\",\nIF(AND($C226=\"S\",$P226<>\"\",$Q226<>\"\",$S226=\"\"),\"UNIDADE\",\nIF(AND($C226=\"S\",$P226<>\"\",$Q226<>\"\",$U226=0),\"SEM CUSTO\",\nIF(AND(TIPOORCAMENTO=\"Licitado\",$AL226=0,$AN226>0),\"SEM PREÇO\",\nIF(AND($C226=\"S\",$P226<>\"\",$Q226<>\"\",$U226>0,AND($V226<>\"BDI 1\",$V226<>\"BDI 2\",$V226<>\"BDI 3\")),IF(ISNUMBER($V226),\"JUSTIFICAR BDI\",\"BDI\"),\nIF(OR(AND(import.recurso=\"OGU\",TIPOORCAMENTO=\"Proposto\",LEFT($O$8,5)<>\"(N/D:\",$AG226<>\"\",ORÇAMENTO.CustoUnitario>$AG226),AND(TIPOORCAMENTO=\"LICITADO\",ORÇAMENTO.PrecoUnitarioLicitado>$AN226)),\"ACIMA REF.\",\nIF(AND($C226=\"S\",$P226<>\"\",$Q226<>\"\",$T226=0,$U226>0),\"QUANT.\",\nIF(AND(Import.TipoArredondamento=\"TransfereGOV\",$L226=\"F\",$C226=\"S\",LEN($Q226)>13),\"Código >13\",\nIF(AND(Import.TipoArredondamento=\"TransfereGOV\",$L226=\"F\",$C226<>\"S\",LEN($R226)>100),\"Descrição >100\",\nIF(AND(Import.TipoArredondamento=\"TransfereGOV\",$L226=\"F\",$C226=\"S\",LEN($R226)>500),\"Descrição >500\",\nIF(AND(Import.TipoArredondamento=\"TransfereGOV\",$L226=\"F\",$C226=\"S\",LEFT(TRIM(UPPER($P226)),6)<>\"SINAPI\",ISNA(VLOOKUP(TRIM(UPPER($S226)),ListaTgov.Unidades,1,FALSE))),\"Unid. Não Disp\",\n\" \"))))))))))))))))","v":" "},{"$f":"IF(C226<=CRONO.NivelExibicao,MAX($AD$15:OFFSET(AD226,-1,0))+IF($C226<>1,1,MAX(1,COUNTIF(QCI!$A$13:$A$36,OFFSET($E226,-1,0)))),\"\")","v":""},{"$f":"IF(AND($C226=\"S\",ORÇAMENTO.CodBarra<>\"\"),IF(ORÇAMENTO.Fonte=\"\",ORÇAMENTO.CodBarra,CONCATENATE(ORÇAMENTO.Fonte,\" \",ORÇAMENTO.CodBarra)))","v":"SINAPI 92365"},{"$f":"IF(ISERROR(ORÇAMENTO.BancoRef),\"(abra o arquivo 'Referência \"&Excel_BuiltIn_Database&\".xlsm)\",IF(OR($C226<>\"S\",ORÇAMENTO.CodBarra=\"\"),\"(Sem Código)\",IF(ISERROR(MATCH($AE226,INDIRECT(ORÇAMENTO.BancoRef),0)),\"(Código não identificado nas referências)\",MATCH($AE226,INDIRECT(ORÇAMENTO.BancoRef),0))))","v":12444},{"$f":"ROUND(IF(DESONERACAO=\"sim\",REFERENCIA.Desonerado,REFERENCIA.NaoDesonerado),2)","v":85.89},0.25290000000000001,null,null,null,null,215.22,{"$f":"ROUND(ORÇAMENTO.CustoUnitario*(1+$AH226),2)","v":107.61}]
["S",2,"S",0,{"$f":"IF($C227=1,OFFSET(E227,-1,0)+MAX(1,COUNTIF(QCI!$A$13:$A$36,OFFSET(ORÇAMENTO!E227,-1,0))),OFFSET(E227,-1,0))","v":16},1,0,0,14,0,{"$f":"IF(OR($C227=\"S\",$C227=0),0,MATCH(OFFSET($D227,0,$C227)+IF($C227<>1,1,COUNTIF(QCI!$A$13:$A$36,ORÇAMENTO!E227)),OFFSET($D227,1,$C227,ROW($C$472)-ROW($C227)),0))","v":0},"F","Serviço","Serviço","16.1.0.14.","SINAPI","92336",{"$f":"IF($C227=\"S\",REFERENCIA.Descricao,\"(digite a descrição aqui)\")","v":"TUBO DE AÇO GALVANIZADO COM COSTURA, CLASSE MÉDIA, CONEXÃO RANHURADA, DN 65 (2 1/2\"), INSTALADO EM PRUMADAS - FORNECIMENTO E INSTALAÇÃO. AF_10/2020"},{"$f":"REFERENCIA.Unidade","v":"M"},{"$f":"OFFSET(CÁLCULO!H$15,ROW($T227)-ROW(T$15),0)","v":1},151.66,"BDI 1",{"$f":"IF($C227=\"S\",ROUND(IF(TIPOORCAMENTO=\"Proposto\",ORÇAMENTO.CustoUnitario*(1+$AH227),ORÇAMENTO.PrecoUnitarioLicitado),15-13*$AF$10),0)","v":190.01},{"$f":"IF($C227=\"S\",IF(OR(Import.TipoArredondamento<>\"TransfereGOV\",ACOMPANHAMENTO=\"BM\"),VTOTAL1,SUM(OFFSET(CÁLCULO!$AI$15,ROW($X227)-ROW($X$15),1):OFFSET(CÁLCULO!$BB$15,ROW($X227)-ROW($X$15),-1))),IF($C227=0,0,ROUND(SomaAgrup,15-13*$AF$11)))","v":190.01},"RA","RA",{"$f":"IF($C227=\"S\",IF($Z227=\"CP\",$X227,IF($Z227=\"RA\",(($X227)*QCI!$AA$3),0)),SomaAgrup)","v":16.442269022693573},{"$f":"IF($C227=\"S\",IF($Z227=\"OU\",ROUND($X227,2),0),SomaAgrup)","v":0},{"$f":"IF($N227=\"\",\" \",\nIF(AND($C227<>\"S\",OR($R227=\"\",$R227=\"(digite a descrição aqui)\")),\"DESCRIÇÃO\",\nIF(AND($C227=\"S\",OR($Q227<>\"\",$T227>0,$U227>0),$P227=\"\"),\"FONTE\",\nIF(AND($C227=\"S\",$P227<>\"\",OR($T227>0,$U227>0),$Q227=\"\"),\"CÓDIGO\",\nIF(AND($C227=\"S\",$P227<>\"\",$Q227<>\"\",$R227=\"(Código não identificado nas referências)\"),\"CÓDIGO N/ID\",\nIF(AND($C227=\"S\",OR($R227=\"\",$R227=\"(digite a descrição aqui)\"),OR($Q227<>\"\",$T227>0,$U227>0)),\"DESCRIÇÃO\",\nIF(AND($C227=\"S\",$P227<>\"\",$Q227<>\"\",$S227=\"\"),\"UNIDADE\",\nIF(AND($C227=\"S\",$P227<>\"\",$Q227<>\"\",$U227=0),\"SEM CUSTO\",\nIF(AND(TIPOORCAMENTO=\"Licitado\",$AL227=0,$AN227>0),\"SEM PREÇO\",\nIF(AND($C227=\"S\",$P227<>\"\",$Q227<>\"\",$U227>0,AND($V227<>\"BDI 1\",$V227<>\"BDI 2\",$V227<>\"BDI 3\")),IF(ISNUMBER($V227),\"JUSTIFICAR BDI\",\"BDI\"),\nIF(OR(AND(import.recurso=\"OGU\",TIPOORCAMENTO=\"Proposto\",LEFT($O$8,5)<>\"(N/D:\",$AG227<>\"\",ORÇAMENTO.CustoUnitario>$AG227),AND(TIPOORCAMENTO=\"LICITADO\",ORÇAMENTO.PrecoUnitarioLicitado>$AN227)),\"ACIMA REF.\",\nIF(AND($C227=\"S\",$P227<>\"\",$Q227<>\"\",$T227=0,$U227>0),\"QUANT.\",\nIF(AND(Import.TipoArredondamento=\"TransfereGOV\",$L227=\"F\",$C227=\"S\",LEN($Q227)>13),\"Código >13\",\nIF(AND(Import.TipoArredondamento=\"TransfereGOV\",$L227=\"F\",$C227<>\"S\",LEN($R227)>100),\"Descrição >100\",\nIF(AND(Import.TipoArredondamento=\"TransfereGOV\",$L227=\"F\",$C227=\"S\",LEN($R227)>500),\"Descrição >500\",\nIF(AND(Import.TipoArredondamento=\"TransfereGOV\",$L227=\"F\",$C227=\"S\",LEFT(TRIM(UPPER($P227)),6)<>\"SINAPI\",ISNA(VLOOKUP(TRIM(UPPER($S227)),ListaTgov.Unidades,1,FALSE))),\"Unid. Não Disp\",\n\" \"))))))))))))))))","v":" "},{"$f":"IF(C227<=CRONO.NivelExibicao,MAX($AD$15:OFFSET(AD227,-1,0))+IF($C227<>1,1,MAX(1,COUNTIF(QCI!$A$13:$A$36,OFFSET($E227,-1,0)))),\"\")","v":""},{"$f":"IF(AND($C227=\"S\",ORÇAMENTO.CodBarra<>\"\"),IF(ORÇAMENTO.Fonte=\"\",ORÇAMENTO.CodBarra,CONCATENATE(ORÇAMENTO.Fonte,\" \",ORÇAMENTO.CodBarra)))","v":"SINAPI 92336"},{"$f":"IF(ISERROR(ORÇAMENTO.BancoRef),\"(abra o arquivo 'Referência \"&Excel_BuiltIn_Database&\".xlsm)\",IF(OR($C227<>\"S\",ORÇAMENTO.CodBarra=\"\"),\"(Sem Código)\",IF(ISERROR(MATCH($AE227,INDIRECT(ORÇAMENTO.BancoRef),0)),\"(Código não identificado nas referências)\",MATCH($AE227,INDIRECT(ORÇAMENTO.BancoRef),0))))","v":12429},{"$f":"ROUND(IF(DESONERACAO=\"sim\",REFERENCIA.Desonerado,REFERENCIA.NaoDesonerado),2)","v":151.66},0.25290000000000001,null,null,null,null,190.01,{"$f":"ROUND(ORÇAMENTO.CustoUnitario*(1+$AH227),2)","v":190.01}]
["S",2,"S",0,{"$f":"IF($C228=1,OFFSET(E228,-1,0)+MAX(1,COUNTIF(QCI!$A$13:$A$36,OFFSET(ORÇAMENTO!E228,-1,0))),OFFSET(E228,-1,0))","v":16},1,0,0,15,0,{"$f":"IF(OR($C228=\"S\",$C228=0),0,MATCH(OFFSET($D228,0,$C228)+IF($C228<>1,1,COUNTIF(QCI!$A$13:$A$36,ORÇAMENTO!E228)),OFFSET($D228,1,$C228,ROW($C$472)-ROW($C228)),0))","v":0},"F","Serviço","Serviço","16.1.0.15.","SINAPI","89373",{"$f":"IF($C228=\"S\",REFERENCIA.Descricao,\"(digite a descrição aqui)\")","v":"LUVA DE REDUÇÃO, PVC, SOLDÁVEL, DN 25MM X 20MM, INSTALADO EM RAMAL OU SUB-RAMAL DE ÁGUA - FORNECIMENTO E INSTALAÇÃO. AF_06/2022"},{"$f":"REFERENCIA.Unidade","v":"UN"},{"$f":"OFFSET(CÁLCULO!H$15,ROW($T228)-ROW(T$15),0)","v":2},7.28,"BDI 1",{"$f":"IF($C228=\"S\",ROUND(IF(TIPOORCAMENTO=\"Proposto\",ORÇAMENTO.CustoUnitario*(1+$AH228),ORÇAMENTO.PrecoUnitarioLicitado),15-13*$AF$10),0)","v":9.1199999999999992},{"$f":"IF($C228=\"S\",IF(OR(Import.TipoArredondamento<>\"TransfereGOV\",ACOMPANHAMENTO=\"BM\"),VTOTAL1,SUM(OFFSET(CÁLCULO!$AI$15,ROW($X228)-ROW($X$15),1):OFFSET(CÁLCULO!$BB$15,ROW($X228)-ROW($X$15),-1))),IF($C228=0,0,ROUND(SomaAgrup,15-13*$AF$11)))","v":18.239999999999998},"RA","RA",{"$f":"IF($C228=\"S\",IF($Z228=\"CP\",$X228,IF($Z228=\"RA\",(($X228)*QCI!$AA$3),0)),SomaAgrup)","v":1.5783747538231185},{"$f":"IF($C228=\"S\",IF($Z228=\"OU\",ROUND($X228,2),0),SomaAgrup)","v":0},{"$f":"IF($N228=\"\",\" \",\nIF(AND($C228<>\"S\",OR($R228=\"\",$R228=\"(digite a descrição aqui)\")),\"DESCRIÇÃO\",\nIF(AND($C228=\"S\",OR($Q228<>\"\",$T228>0,$U228>0),$P228=\"\"),\"FONTE\",\nIF(AND($C228=\"S\",$P228<>\"\",OR($T228>0,$U228>0),$Q228=\"\"),\"CÓDIGO\",\nIF(AND($C228=\"S\",$P228<>\"\",$Q228<>\"\",$R228=\"(Código não identificado nas referências)\"),\"CÓDIGO N/ID\",\nIF(AND($C228=\"S\",OR($R228=\"\",$R228=\"(digite a descrição aqui)\"),OR($Q228<>\"\",$T228>0,$U228>0)),\"DESCRIÇÃO\",\nIF(AND($C228=\"S\",$P228<>\"\",$Q228<>\"\",$S228=\"\"),\"UNIDADE\",\nIF(AND($C228=\"S\",$P228<>\"\",$Q228<>\"\",$U228=0),\"SEM CUSTO\",\nIF(AND(TIPOORCAMENTO=\"Licitado\",$AL228=0,$AN228>0),\"SEM PREÇO\",\nIF(AND($C228=\"S\",$P228<>\"\",$Q228<>\"\",$U228>0,AND($V228<>\"BDI 1\",$V228<>\"BDI 2\",$V228<>\"BDI 3\")),IF(ISNUMBER($V228),\"JUSTIFICAR BDI\",\"BDI\"),\nIF(OR(AND(import.recurso=\"OGU\",TIPOORCAMENTO=\"Proposto\",LEFT($O$8,5)<>\"(N/D:\",$AG228<>\"\",ORÇAMENTO.CustoUnitario>$AG228),AND(TIPOORCAMENTO=\"LICITADO\",ORÇAMENTO.PrecoUnitarioLicitado>$AN228)),\"ACIMA REF.\",\nIF(AND($C228=\"S\",$P228<>\"\",$Q228<>\"\",$T228=0,$U228>0),\"QUANT.\",\nIF(AND(Import.TipoArredondamento=\"TransfereGOV\",$L228=\"F\",$C228=\"S\",LEN($Q228)>13),\"Código >13\",\nIF(AND(Import.TipoArredondamento=\"TransfereGOV\",$L228=\"F\",$C228<>\"S\",LEN($R228)>100),\"Descrição >100\",\nIF(AND(Import.TipoArredondamento=\"TransfereGOV\",$L228=\"F\",$C228=\"S\",LEN($R228)>500),\"Descrição >500\",\nIF(AND(Import.TipoArredondamento=\"TransfereGOV\",$L228=\"F\",$C228=\"S\",LEFT(TRIM(UPPER($P228)),6)<>\"SINAPI\",ISNA(VLOOKUP(TRIM(UPPER($S228)),ListaTgov.Unidades,1,FALSE))),\"Unid. Não Disp\",\n\" \"))))))))))))))))","v":" "},{"$f":"IF(C228<=CRONO.NivelExibicao,MAX($AD$15:OFFSET(AD228,-1,0))+IF($C228<>1,1,MAX(1,COUNTIF(QCI!$A$13:$A$36,OFFSET($E228,-1,0)))),\"\")","v":""},{"$f":"IF(AND($C228=\"S\",ORÇAMENTO.CodBarra<>\"\"),IF(ORÇAMENTO.Fonte=\"\",ORÇAMENTO.CodBarra,CONCATENATE(ORÇAMENTO.Fonte,\" \",ORÇAMENTO.CodBarra)))","v":"SINAPI 89373"},{"$f":"IF(ISERROR(ORÇAMENTO.BancoRef),\"(abra o arquivo 'Referência \"&Excel_BuiltIn_Database&\".xlsm)\",IF(OR($C228<>\"S\",ORÇAMENTO.CodBarra=\"\"),\"(Sem Código)\",IF(ISERROR(MATCH($AE228,INDIRECT(ORÇAMENTO.BancoRef),0)),\"(Código não identificado nas referências)\",MATCH($AE228,INDIRECT(ORÇAMENTO.BancoRef),0))))","v":11862},{"$f":"ROUND(IF(DESONERACAO=\"sim\",REFERENCIA.Desonerado,REFERENCIA.NaoDesonerado),2)","v":7.28},0.25290000000000001,null,null,null,null,18.239999999999998,{"$f":"ROUND(ORÇAMENTO.CustoUnitario*(1+$AH228),2)","v":9.1199999999999992}]
["S",2,"S",0,{"$f":"IF($C229=1,OFFSET(E229,-1,0)+MAX(1,COUNTIF(QCI!$A$13:$A$36,OFFSET(ORÇAMENTO!E229,-1,0))),OFFSET(E229,-1,0))","v":16},1,0,0,16,0,{"$f":"IF(OR($C229=\"S\",$C229=0),0,MATCH(OFFSET($D229,0,$C229)+IF($C229<>1,1,COUNTIF(QCI!$A$13:$A$36,ORÇAMENTO!E229)),OFFSET($D229,1,$C229,ROW($C$472)-ROW($C229)),0))","v":0},"F","Serviço","Serviço","16.1.0.16.","SINAPI","89593",{"$f":"IF($C229=\"S\",REFERENCIA.Descricao,\"(digite a descrição aqui)\")","v":"LUVA COM ROSCA, PVC, SOLDÁVEL, DN 50MM X 1.1/2, INSTALADO EM PRUMADA DE ÁGUA - FORNECIMENTO E INSTALAÇÃO. AF_06/2022"},{"$f":"REFERENCIA.Unidade","v":"UN"},{"$f":"OFFSET(CÁLCULO!H$15,ROW($T229)-ROW(T$15),0)","v":2},24.87,"BDI 1",{"$f":"IF($C229=\"S\",ROUND(IF(TIPOORCAMENTO=\"Proposto\",ORÇAMENTO.CustoUnitario*(1+$AH229),ORÇAMENTO.PrecoUnitarioLicitado),15-13*$AF$10),0)","v":31.16},{"$f":"IF($C229=\"S\",IF(OR(Import.TipoArredondamento<>\"TransfereGOV\",ACOMPANHAMENTO=\"BM\"),VTOTAL1,SUM(OFFSET(CÁLCULO!$AI$15,ROW($X229)-ROW($X$15),1):OFFSET(CÁLCULO!$BB$15,ROW($X229)-ROW($X$15),-1))),IF($C229=0,0,ROUND(SomaAgrup,15-13*$AF$11)))","v":62.32},"RA","RA",{"$f":"IF($C229=\"S\",IF($Z229=\"CP\",$X229,IF($Z229=\"RA\",(($X229)*QCI!$AA$3),0)),SomaAgrup)","v":5.3927804088956561},{"$f":"IF($C229=\"S\",IF($Z229=\"OU\",ROUND($X229,2),0),SomaAgrup)","v":0},{"$f":"IF($N229=\"\",\" \",\nIF(AND($C229<>\"S\",OR($R229=\"\",$R229=\"(digite a descrição aqui)\")),\"DESCRIÇÃO\",\nIF(AND($C229=\"S\",OR($Q229<>\"\",$T229>0,$U229>0),$P229=\"\"),\"FONTE\",\nIF(AND($C229=\"S\",$P229<>\"\",OR($T229>0,$U229>0),$Q229=\"\"),\"CÓDIGO\",\nIF(AND($C229=\"S\",$P229<>\"\",$Q229<>\"\",$R229=\"(Código não identificado nas referências)\"),\"CÓDIGO N/ID\",\nIF(AND($C229=\"S\",OR($R229=\"\",$R229=\"(digite a descrição aqui)\"),OR($Q229<>\"\",$T229>0,$U229>0)),\"DESCRIÇÃO\",\nIF(AND($C229=\"S\",$P229<>\"\",$Q229<>\"\",$S229=\"\"),\"UNIDADE\",\nIF(AND($C229=\"S\",$P229<>\"\",$Q229<>\"\",$U229=0),\"SEM CUSTO\",\nIF(AND(TIPOORCAMENTO=\"Licitado\",$AL229=0,$AN229>0),\"SEM PREÇO\",\nIF(AND($C229=\"S\",$P229<>\"\",$Q229<>\"\",$U229>0,AND($V229<>\"BDI 1\",$V229<>\"BDI 2\",$V229<>\"BDI 3\")),IF(ISNUMBER($V229),\"JUSTIFICAR BDI\",\"BDI\"),\nIF(OR(AND(import.recurso=\"OGU\",TIPOORCAMENTO=\"Proposto\",LEFT($O$8,5)<>\"(N/D:\",$AG229<>\"\",ORÇAMENTO.CustoUnitario>$AG229),AND(TIPOORCAMENTO=\"LICITADO\",ORÇAMENTO.PrecoUnitarioLicitado>$AN229)),\"ACIMA REF.\",\nIF(AND($C229=\"S\",$P229<>\"\",$Q229<>\"\",$T229=0,$U229>0),\"QUANT.\",\nIF(AND(Import.TipoArredondamento=\"TransfereGOV\",$L229=\"F\",$C229=\"S\",LEN($Q229)>13),\"Código >13\",\nIF(AND(Import.TipoArredondamento=\"TransfereGOV\",$L229=\"F\",$C229<>\"S\",LEN($R229)>100),\"Descrição >100\",\nIF(AND(Import.TipoArredondamento=\"TransfereGOV\",$L229=\"F\",$C229=\"S\",LEN($R229)>500),\"Descrição >500\",\nIF(AND(Import.TipoArredondamento=\"TransfereGOV\",$L229=\"F\",$C229=\"S\",LEFT(TRIM(UPPER($P229)),6)<>\"SINAPI\",ISNA(VLOOKUP(TRIM(UPPER($S229)),ListaTgov.Unidades,1,FALSE))),\"Unid. Não Disp\",\n\" \"))))))))))))))))","v":" "},{"$f":"IF(C229<=CRONO.NivelExibicao,MAX($AD$15:OFFSET(AD229,-1,0))+IF($C229<>1,1,MAX(1,COUNTIF(QCI!$A$13:$A$36,OFFSET($E229,-1,0)))),\"\")","v":""},{"$f":"IF(AND($C229=\"S\",ORÇAMENTO.CodBarra<>\"\"),IF(ORÇAMENTO.Fonte=\"\",ORÇAMENTO.CodBarra,CONCATENATE(ORÇAMENTO.Fonte,\" \",ORÇAMENTO.CodBarra)))","v":"SINAPI 89593"},{"$f":"IF(ISERROR(ORÇAMENTO.BancoRef),\"(abra o arquivo 'Referência \"&Excel_BuiltIn_Database&\".xlsm)\",IF(OR($C229<>\"S\",ORÇAMENTO.CodBarra=\"\"),\"(Sem Código)\",IF(ISERROR(MATCH($AE229,INDIRECT(ORÇAMENTO.BancoRef),0)),\"(Código não identificado nas referências)\",MATCH($AE229,INDIRECT(ORÇAMENTO.BancoRef),0))))","v":11847},{"$f":"ROUND(IF(DESONERACAO=\"sim\",REFERENCIA.Desonerado,REFERENCIA.NaoDesonerado),2)","v":24.87},0.25290000000000001,null,null,null,null,62.32,{"$f":"ROUND(ORÇAMENTO.CustoUnitario*(1+$AH229),2)","v":31.16}]
["S",2,"S",0,{"$f":"IF($C230=1,OFFSET(E230,-1,0)+MAX(1,COUNTIF(QCI!$A$13:$A$36,OFFSET(ORÇAMENTO!E230,-1,0))),OFFSET(E230,-1,0))","v":16},1,0,0,17,0,{"$f":"IF(OR($C230=\"S\",$C230=0),0,MATCH(OFFSET($D230,0,$C230)+IF($C230<>1,1,COUNTIF(QCI!$A$13:$A$36,ORÇAMENTO!E230)),OFFSET($D230,1,$C230,ROW($C$472)-ROW($C230)),0))","v":0},"F","Serviço","Serviço","16.1.0.17.","SINAPI","94656",{"$f":"IF($C230=\"S\",REFERENCIA.Descricao,\"(digite a descrição aqui)\")","v":"ADAPTADOR CURTO COM BOLSA E ROSCA PARA REGISTRO, PVC, SOLDÁVEL, DN 25 MM X 3/4\", INSTALADO EM RESERVAÇÃO PREDIAL DE ÁGUA - FORNECIMENTO E INSTALAÇÃO. AF_04/2024"},{"$f":"REFERENCIA.Unidade","v":"UN"},{"$f":"OFFSET(CÁLCULO!H$15,ROW($T230)-ROW(T$15),0)","v":52},3.5,"BDI 1",{"$f":"IF($C230=\"S\",ROUND(IF(TIPOORCAMENTO=\"Proposto\",ORÇAMENTO.CustoUnitario*(1+$AH230),ORÇAMENTO.PrecoUnitarioLicitado),15-13*$AF$10),0)","v":4.3899999999999997},{"$f":"IF($C230=\"S\",IF(OR(Import.TipoArredondamento<>\"TransfereGOV\",ACOMPANHAMENTO=\"BM\"),VTOTAL1,SUM(OFFSET(CÁLCULO!$AI$15,ROW($X230)-ROW($X$15),1):OFFSET(CÁLCULO!$BB$15,ROW($X230)-ROW($X$15),-1))),IF($C230=0,0,ROUND(SomaAgrup,15-13*$AF$11)))","v":228.28},"RA","RA",{"$f":"IF($C230=\"S\",IF($Z230=\"CP\",$X230,IF($Z230=\"RA\",(($X230)*QCI!$AA$3),0)),SomaAgrup)","v":19.753913859799429},{"$f":"IF($C230=\"S\",IF($Z230=\"OU\",ROUND($X230,2),0),SomaAgrup)","v":0},{"$f":"IF($N230=\"\",\" \",\nIF(AND($C230<>\"S\",OR($R230=\"\",$R230=\"(digite a descrição aqui)\")),\"DESCRIÇÃO\",\nIF(AND($C230=\"S\",OR($Q230<>\"\",$T230>0,$U230>0),$P230=\"\"),\"FONTE\",\nIF(AND($C230=\"S\",$P230<>\"\",OR($T230>0,$U230>0),$Q230=\"\"),\"CÓDIGO\",\nIF(AND($C230=\"S\",$P230<>\"\",$Q230<>\"\",$R230=\"(Código não identificado nas referências)\"),\"CÓDIGO N/ID\",\nIF(AND($C230=\"S\",OR($R230=\"\",$R230=\"(digite a descrição aqui)\"),OR($Q230<>\"\",$T230>0,$U230>0)),\"DESCRIÇÃO\",\nIF(AND($C230=\"S\",$P230<>\"\",$Q230<>\"\",$S230=\"\"),\"UNIDADE\",\nIF(AND($C230=\"S\",$P230<>\"\",$Q230<>\"\",$U230=0),\"SEM CUSTO\",\nIF(AND(TIPOORCAMENTO=\"Licitado\",$AL230=0,$AN230>0),\"SEM PREÇO\",\nIF(AND($C230=\"S\",$P230<>\"\",$Q230<>\"\",$U230>0,AND($V230<>\"BDI 1\",$V230<>\"BDI 2\",$V230<>\"BDI 3\")),IF(ISNUMBER($V230),\"JUSTIFICAR BDI\",\"BDI\"),\nIF(OR(AND(import.recurso=\"OGU\",TIPOORCAMENTO=\"Proposto\",LEFT($O$8,5)<>\"(N/D:\",$AG230<>\"\",ORÇAMENTO.CustoUnitario>$AG230),AND(TIPOORCAMENTO=\"LICITADO\",ORÇAMENTO.PrecoUnitarioLicitado>$AN230)),\"ACIMA REF.\",\nIF(AND($C230=\"S\",$P230<>\"\",$Q230<>\"\",$T230=0,$U230>0),\"QUANT.\",\nIF(AND(Import.TipoArredondamento=\"TransfereGOV\",$L230=\"F\",$C230=\"S\",LEN($Q230)>13),\"Código >13\",\nIF(AND(Import.TipoArredondamento=\"TransfereGOV\",$L230=\"F\",$C230<>\"S\",LEN($R230)>100),\"Descrição >100\",\nIF(AND(Import.TipoArredondamento=\"TransfereGOV\",$L230=\"F\",$C230=\"S\",LEN($R230)>500),\"Descrição >500\",\nIF(AND(Import.TipoArredondamento=\"TransfereGOV\",$L230=\"F\",$C230=\"S\",LEFT(TRIM(UPPER($P230)),6)<>\"SINAPI\",ISNA(VLOOKUP(TRIM(UPPER($S230)),ListaTgov.Unidades,1,FALSE))),\"Unid. Não Disp\",\n\" \"))))))))))))))))","v":" "},{"$f":"IF(C230<=CRONO.NivelExibicao,MAX($AD$15:OFFSET(AD230,-1,0))+IF($C230<>1,1,MAX(1,COUNTIF(QCI!$A$13:$A$36,OFFSET($E230,-1,0)))),\"\")","v":""},{"$f":"IF(AND($C230=\"S\",ORÇAMENTO.CodBarra<>\"\"),IF(ORÇAMENTO.Fonte=\"\",ORÇAMENTO.CodBarra,CONCATENATE(ORÇAMENTO.Fonte,\" \",ORÇAMENTO.CodBarra)))","v":"SINAPI 94656"},{"$f":"IF(ISERROR(ORÇAMENTO.BancoRef),\"(abra o arquivo 'Referência \"&Excel_BuiltIn_Database&\".xlsm)\",IF(OR($C230<>\"S\",ORÇAMENTO.CodBarra=\"\"),\"(Sem Código)\",IF(ISERROR(MATCH($AE230,INDIRECT(ORÇAMENTO.BancoRef),0)),\"(Código não identificado nas referências)\",MATCH($AE230,INDIRECT(ORÇAMENTO.BancoRef),0))))","v":11102},{"$f":"ROUND(IF(DESONERACAO=\"sim\",REFERENCIA.Desonerado,REFERENCIA.NaoDesonerado),2)","v":3.5},0.25290000000000001,null,null,null,null,228.28,{"$f":"ROUND(ORÇAMENTO.CustoUnitario*(1+$AH230),2)","v":4.3899999999999997}]
["S",2,"S",0,{"$f":"IF($C231=1,OFFSET(E231,-1,0)+MAX(1,COUNTIF(QCI!$A$13:$A$36,OFFSET(ORÇAMENTO!E231,-1,0))),OFFSET(E231,-1,0))","v":16},1,0,0,18,0,{"$f":"IF(OR($C231=\"S\",$C231=0),0,MATCH(OFFSET($D231,0,$C231)+IF($C231<>1,1,COUNTIF(QCI!$A$13:$A$36,ORÇAMENTO!E231)),OFFSET($D231,1,$C231,ROW($C$472)-ROW($C231)),0))","v":0},"F","Serviço","Serviço","16.1.0.18.","SINAPI","104002",{"$f":"IF($C231=\"S\",REFERENCIA.Descricao,\"(digite a descrição aqui)\")","v":"ADAPTADOR CURTO COM BOLSA E ROSCA PARA REGISTRO, PVC, SOLDÁVEL, DN 50MM X 1.1/4\", INSTALADO EM RAMAL DE DISTRIBUIÇÃO DE ÁGUA - FORNECIMENTO E INSTALAÇÃO. AF_06/2022"},{"$f":"REFERENCIA.Unidade","v":"UN"},{"$f":"OFFSET(CÁLCULO!H$15,ROW($T231)-ROW(T$15),0)","v":1},17.68,"BDI 1",{"$f":"IF($C231=\"S\",ROUND(IF(TIPOORCAMENTO=\"Proposto\",ORÇAMENTO.CustoUnitario*(1+$AH231),ORÇAMENTO.PrecoUnitarioLicitado),15-13*$AF$10),0)","v":22.15},{"$f":"IF($C231=\"S\",IF(OR(Import.TipoArredondamento<>\"TransfereGOV\",ACOMPANHAMENTO=\"BM\"),VTOTAL1,SUM(OFFSET(CÁLCULO!$AI$15,ROW($X231)-ROW($X$15),1):OFFSET(CÁLCULO!$BB$15,ROW($X231)-ROW($X$15),-1))),IF($C231=0,0,ROUND(SomaAgrup,15-13*$AF$11)))","v":22.15},"RA","RA",{"$f":"IF($C231=\"S\",IF($Z231=\"CP\",$X231,IF($Z231=\"RA\",(($X231)*QCI!$AA$3),0)),SomaAgrup)","v":1.9167215349332281},{"$f":"IF($C231=\"S\",IF($Z231=\"OU\",ROUND($X231,2),0),SomaAgrup)","v":0},{"$f":"IF($N231=\"\",\" \",\nIF(AND($C231<>\"S\",OR($R231=\"\",$R231=\"(digite a descrição aqui)\")),\"DESCRIÇÃO\",\nIF(AND($C231=\"S\",OR($Q231<>\"\",$T231>0,$U231>0),$P231=\"\"),\"FONTE\",\nIF(AND($C231=\"S\",$P231<>\"\",OR($T231>0,$U231>0),$Q231=\"\"),\"CÓDIGO\",\nIF(AND($C231=\"S\",$P231<>\"\",$Q231<>\"\",$R231=\"(Código não identificado nas referências)\"),\"CÓDIGO N/ID\",\nIF(AND($C231=\"S\",OR($R231=\"\",$R231=\"(digite a descrição aqui)\"),OR($Q231<>\"\",$T231>0,$U231>0)),\"DESCRIÇÃO\",\nIF(AND($C231=\"S\",$P231<>\"\",$Q231<>\"\",$S231=\"\"),\"UNIDADE\",\nIF(AND($C231=\"S\",$P231<>\"\",$Q231<>\"\",$U231=0),\"SEM CUSTO\",\nIF(AND(TIPOORCAMENTO=\"Licitado\",$AL231=0,$AN231>0),\"SEM PREÇO\",\nIF(AND($C231=\"S\",$P231<>\"\",$Q231<>\"\",$U231>0,AND($V231<>\"BDI 1\",$V231<>\"BDI 2\",$V231<>\"BDI 3\")),IF(ISNUMBER($V231),\"JUSTIFICAR BDI\",\"BDI\"),\nIF(OR(AND(import.recurso=\"OGU\",TIPOORCAMENTO=\"Proposto\",LEFT($O$8,5)<>\"(N/D:\",$AG231<>\"\",ORÇAMENTO.CustoUnitario>$AG231),AND(TIPOORCAMENTO=\"LICITADO\",ORÇAMENTO.PrecoUnitarioLicitado>$AN231)),\"ACIMA REF.\",\nIF(AND($C231=\"S\",$P231<>\"\",$Q231<>\"\",$T231=0,$U231>0),\"QUANT.\",\nIF(AND(Import.TipoArredondamento=\"TransfereGOV\",$L231=\"F\",$C231=\"S\",LEN($Q231)>13),\"Código >13\",\nIF(AND(Import.TipoArredondamento=\"TransfereGOV\",$L231=\"F\",$C231<>\"S\",LEN($R231)>100),\"Descrição >100\",\nIF(AND(Import.TipoArredondamento=\"TransfereGOV\",$L231=\"F\",$C231=\"S\",LEN($R231)>500),\"Descrição >500\",\nIF(AND(Import.TipoArredondamento=\"TransfereGOV\",$L231=\"F\",$C231=\"S\",LEFT(TRIM(UPPER($P231)),6)<>\"SINAPI\",ISNA(VLOOKUP(TRIM(UPPER($S231)),ListaTgov.Unidades,1,FALSE))),\"Unid. Não Disp\",\n\" \"))))))))))))))))","v":" "},{"$f":"IF(C231<=CRONO.NivelExibicao,MAX($AD$15:OFFSET(AD231,-1,0))+IF($C231<>1,1,MAX(1,COUNTIF(QCI!$A$13:$A$36,OFFSET($E231,-1,0)))),\"\")","v":""},{"$f":"IF(AND($C231=\"S\",ORÇAMENTO.CodBarra<>\"\"),IF(ORÇAMENTO.Fonte=\"\",ORÇAMENTO.CodBarra,CONCATENATE(ORÇAMENTO.Fonte,\" \",ORÇAMENTO.CodBarra)))","v":"SINAPI 104002"},{"$f":"IF(ISERROR(ORÇAMENTO.BancoRef),\"(abra o arquivo 'Referência \"&Excel_BuiltIn_Database&\".xlsm)\",IF(OR($C231<>\"S\",ORÇAMENTO.CodBarra=\"\"),\"(Sem Código)\",IF(ISERROR(MATCH($AE231,INDIRECT(ORÇAMENTO.BancoRef),0)),\"(Código não identificado nas referências)\",MATCH($AE231,INDIRECT(ORÇAMENTO.BancoRef),0))))","v":11736},{"$f":"ROUND(IF(DESONERACAO=\"sim\",REFERENCIA.Desonerado,REFERENCIA.NaoDesonerado),2)","v":17.68},0.25290000000000001,null,null,null,null,22.15,{"$f":"ROUND(ORÇAMENTO.CustoUnitario*(1+$AH231),2)","v":22.15}]
["S",2,"S",0,{"$f":"IF($C232=1,OFFSET(E232,-1,0)+MAX(1,COUNTIF(QCI!$A$13:$A$36,OFFSET(ORÇAMENTO!E232,-1,0))),OFFSET(E232,-1,0))","v":16},1,0,0,19,0,{"$f":"IF(OR($C232=\"S\",$C232=0),0,MATCH(OFFSET($D232,0,$C232)+IF($C232<>1,1,COUNTIF(QCI!$A$13:$A$36,ORÇAMENTO!E232)),OFFSET($D232,1,$C232,ROW($C$472)-ROW($C232)),0))","v":0},"F","Serviço","Serviço","16.1.0.19.","SINAPI","103948",{"$f":"IF($C232=\"S\",REFERENCIA.Descricao,\"(digite a descrição aqui)\")","v":"BUCHA DE REDUÇÃO, CURTA, PVC, SOLDÁVEL, DN 32 X 25 MM, INSTALADO EM RAMAL OU SUB-RAMAL DE ÁGUA - FORNECIMENTO E INSTALAÇÃO. AF_06/2022"},{"$f":"REFERENCIA.Unidade","v":"UN"},{"$f":"OFFSET(CÁLCULO!H$15,ROW($T232)-ROW(T$15),0)","v":3},8.0500000000000007,"BDI 1",{"$f":"IF($C232=\"S\",ROUND(IF(TIPOORCAMENTO=\"Proposto\",ORÇAMENTO.CustoUnitario*(1+$AH232),ORÇAMENTO.PrecoUnitarioLicitado),15-13*$AF$10),0)","v":10.09},{"$f":"IF($C232=\"S\",IF(OR(Import.TipoArredondamento<>\"TransfereGOV\",ACOMPANHAMENTO=\"BM\"),VTOTAL1,SUM(OFFSET(CÁLCULO!$AI$15,ROW($X232)-ROW($X$15),1):OFFSET(CÁLCULO!$BB$15,ROW($X232)-ROW($X$15),-1))),IF($C232=0,0,ROUND(SomaAgrup,15-13*$AF$11)))","v":30.27},"RA","RA",{"$f":"IF($C232=\"S\",IF($Z232=\"CP\",$X232,IF($Z232=\"RA\",(($X232)*QCI!$AA$3),0)),SomaAgrup)","v":2.6193752082360637},{"$f":"IF($C232=\"S\",IF($Z232=\"OU\",ROUND($X232,2),0),SomaAgrup)","v":0},{"$f":"IF($N232=\"\",\" \",\nIF(AND($C232<>\"S\",OR($R232=\"\",$R232=\"(digite a descrição aqui)\")),\"DESCRIÇÃO\",\nIF(AND($C232=\"S\",OR($Q232<>\"\",$T232>0,$U232>0),$P232=\"\"),\"FONTE\",\nIF(AND($C232=\"S\",$P232<>\"\",OR($T232>0,$U232>0),$Q232=\"\"),\"CÓDIGO\",\nIF(AND($C232=\"S\",$P232<>\"\",$Q232<>\"\",$R232=\"(Código não identificado nas referências)\"),\"CÓDIGO N/ID\",\nIF(AND($C232=\"S\",OR($R232=\"\",$R232=\"(digite a descrição aqui)\"),OR($Q232<>\"\",$T232>0,$U232>0)),\"DESCRIÇÃO\",\nIF(AND($C232=\"S\",$P232<>\"\",$Q232<>\"\",$S232=\"\"),\"UNIDADE\",\nIF(AND($C232=\"S\",$P232<>\"\",$Q232<>\"\",$U232=0),\"SEM CUSTO\",\nIF(AND(TIPOORCAMENTO=\"Licitado\",$AL232=0,$AN232>0),\"SEM PREÇO\",\nIF(AND($C232=\"S\",$P232<>\"\",$Q232<>\"\",$U232>0,AND($V232<>\"BDI 1\",$V232<>\"BDI 2\",$V232<>\"BDI 3\")),IF(ISNUMBER($V232),\"JUSTIFICAR BDI\",\"BDI\"),\nIF(OR(AND(import.recurso=\"OGU\",TIPOORCAMENTO=\"Proposto\",LEFT($O$8,5)<>\"(N/D:\",$AG232<>\"\",ORÇAMENTO.CustoUnitario>$AG232),AND(TIPOORCAMENTO=\"LICITADO\",ORÇAMENTO.PrecoUnitarioLicitado>$AN232)),\"ACIMA REF.\",\nIF(AND($C232=\"S\",$P232<>\"\",$Q232<>\"\",$T232=0,$U232>0),\"QUANT.\",\nIF(AND(Import.TipoArredondamento=\"TransfereGOV\",$L232=\"F\",$C232=\"S\",LEN($Q232)>13),\"Código >13\",\nIF(AND(Import.TipoArredondamento=\"TransfereGOV\",$L232=\"F\",$C232<>\"S\",LEN($R232)>100),\"Descrição >100\",\nIF(AND(Import.TipoArredondamento=\"TransfereGOV\",$L232=\"F\",$C232=\"S\",LEN($R232)>500),\"Descrição >500\",\nIF(AND(Import.TipoArredondamento=\"TransfereGOV\",$L232=\"F\",$C232=\"S\",LEFT(TRIM(UPPER($P232)),6)<>\"SINAPI\",ISNA(VLOOKUP(TRIM(UPPER($S232)),ListaTgov.Unidades,1,FALSE))),\"Unid. Não Disp\",\n\" \"))))))))))))))))","v":" "},{"$f":"IF(C232<=CRONO.NivelExibicao,MAX($AD$15:OFFSET(AD232,-1,0))+IF($C232<>1,1,MAX(1,COUNTIF(QCI!$A$13:$A$36,OFFSET($E232,-1,0)))),\"\")","v":""},{"$f":"IF(AND($C232=\"S\",ORÇAMENTO.CodBarra<>\"\"),IF(ORÇAMENTO.Fonte=\"\",ORÇAMENTO.CodBarra,CONCATENATE(ORÇAMENTO.Fonte,\" \",ORÇAMENTO.CodBarra)))","v":"SINAPI 103948"},{"$f":"IF(ISERROR(ORÇAMENTO.BancoRef),\"(abra o arquivo 'Referência \"&Excel_BuiltIn_Database&\".xlsm)\",IF(OR($C232<>\"S\",ORÇAMENTO.CodBarra=\"\"),\"(Sem Código)\",IF(ISERROR(MATCH($AE232,INDIRECT(ORÇAMENTO.BancoRef),0)),\"(Código não identificado nas referências)\",MATCH($AE232,INDIRECT(ORÇAMENTO.BancoRef),0))))","v":11745},{"$f":"ROUND(IF(DESONERACAO=\"sim\",REFERENCIA.Desonerado,REFERENCIA.NaoDesonerado),2)","v":8.0500000000000007},0.25290000000000001,null,null,null,null,30.27,{"$f":"ROUND(ORÇAMENTO.CustoUnitario*(1+$AH232),2)","v":10.09}]
["S",2,"S",0,{"$f":"IF($C233=1,OFFSET(E233,-1,0)+MAX(1,COUNTIF(QCI!$A$13:$A$36,OFFSET(ORÇAMENTO!E233,-1,0))),OFFSET(E233,-1,0))","v":16},1,0,0,20,0,{"$f":"IF(OR($C233=\"S\",$C233=0),0,MATCH(OFFSET($D233,0,$C233)+IF($C233<>1,1,COUNTIF(QCI!$A$13:$A$36,ORÇAMENTO!E233)),OFFSET($D233,1,$C233,ROW($C$472)-ROW($C233)),0))","v":0},"F","Serviço","Serviço","16.1.0.20.","SINAPI","103966",{"$f":"IF($C233=\"S\",REFERENCIA.Descricao,\"(digite a descrição aqui)\")","v":"BUCHA DE REDUÇÃO, LONGA, PVC, SOLDÁVEL, DN 50 X 25 MM, INSTALADO EM PRUMADA DE ÁGUA - FORNECIMENTO E INSTALAÇÃO. AF_06/2022"},{"$f":"REFERENCIA.Unidade","v":"UN"},{"$f":"OFFSET(CÁLCULO!H$15,ROW($T233)-ROW(T$15),0)","v":1},9.82,"BDI 1",{"$f":"IF($C233=\"S\",ROUND(IF(TIPOORCAMENTO=\"Proposto\",ORÇAMENTO.CustoUnitario*(1+$AH233),ORÇAMENTO.PrecoUnitarioLicitado),15-13*$AF$10),0)","v":12.3},{"$f":"IF($C233=\"S\",IF(OR(Import.TipoArredondamento<>\"TransfereGOV\",ACOMPANHAMENTO=\"BM\"),VTOTAL1,SUM(OFFSET(CÁLCULO!$AI$15,ROW($X233)-ROW($X$15),1):OFFSET(CÁLCULO!$BB$15,ROW($X233)-ROW($X$15),-1))),IF($C233=0,0,ROUND(SomaAgrup,15-13*$AF$11)))","v":12.3},"RA","RA",{"$f":"IF($C233=\"S\",IF($Z233=\"CP\",$X233,IF($Z233=\"RA\",(($X233)*QCI!$AA$3),0)),SomaAgrup)","v":1.0643645543873006},{"$f":"IF($C233=\"S\",IF($Z233=\"OU\",ROUND($X233,2),0),SomaAgrup)","v":0},{"$f":"IF($N233=\"\",\" \",\nIF(AND($C233<>\"S\",OR($R233=\"\",$R233=\"(digite a descrição aqui)\")),\"DESCRIÇÃO\",\nIF(AND($C233=\"S\",OR($Q233<>\"\",$T233>0,$U233>0),$P233=\"\"),\"FONTE\",\nIF(AND($C233=\"S\",$P233<>\"\",OR($T233>0,$U233>0),$Q233=\"\"),\"CÓDIGO\",\nIF(AND($C233=\"S\",$P233<>\"\",$Q233<>\"\",$R233=\"(Código não identificado nas referências)\"),\"CÓDIGO N/ID\",\nIF(AND($C233=\"S\",OR($R233=\"\",$R233=\"(digite a descrição aqui)\"),OR($Q233<>\"\",$T233>0,$U233>0)),\"DESCRIÇÃO\",\nIF(AND($C233=\"S\",$P233<>\"\",$Q233<>\"\",$S233=\"\"),\"UNIDADE\",\nIF(AND($C233=\"S\",$P233<>\"\",$Q233<>\"\",$U233=0),\"SEM CUSTO\",\nIF(AND(TIPOORCAMENTO=\"Licitado\",$AL233=0,$AN233>0),\"SEM PREÇO\",\nIF(AND($C233=\"S\",$P233<>\"\",$Q233<>\"\",$U233>0,AND($V233<>\"BDI 1\",$V233<>\"BDI 2\",$V233<>\"BDI 3\")),IF(ISNUMBER($V233),\"JUSTIFICAR BDI\",\"BDI\"),\nIF(OR(AND(import.recurso=\"OGU\",TIPOORCAMENTO=\"Proposto\",LEFT($O$8,5)<>\"(N/D:\",$AG233<>\"\",ORÇAMENTO.CustoUnitario>$AG233),AND(TIPOORCAMENTO=\"LICITADO\",ORÇAMENTO.PrecoUnitarioLicitado>$AN233)),\"ACIMA REF.\",\nIF(AND($C233=\"S\",$P233<>\"\",$Q233<>\"\",$T233=0,$U233>0),\"QUANT.\",\nIF(AND(Import.TipoArredondamento=\"TransfereGOV\",$L233=\"F\",$C233=\"S\",LEN($Q233)>13),\"Código >13\",\nIF(AND(Import.TipoArredondamento=\"TransfereGOV\",$L233=\"F\",$C233<>\"S\",LEN($R233)>100),\"Descrição >100\",\nIF(AND(Import.TipoArredondamento=\"TransfereGOV\",$L233=\"F\",$C233=\"S\",LEN($R233)>500),\"Descrição >500\",\nIF(AND(Import.TipoArredondamento=\"TransfereGOV\",$L233=\"F\",$C233=\"S\",LEFT(TRIM(UPPER($P233)),6)<>\"SINAPI\",ISNA(VLOOKUP(TRIM(UPPER($S233)),ListaTgov.Unidades,1,FALSE))),\"Unid. Não Disp\",\n\" \"))))))))))))))))","v":" "},{"$f":"IF(C233<=CRONO.NivelExibicao,MAX($AD$15:OFFSET(AD233,-1,0))+IF($C233<>1,1,MAX(1,COUNTIF(QCI!$A$13:$A$36,OFFSET($E233,-1,0)))),\"\")","v":""},{"$f":"IF(AND($C233=\"S\",ORÇAMENTO.CodBarra<>\"\"),IF(ORÇAMENTO.Fonte=\"\",ORÇAMENTO.CodBarra,CONCATENATE(ORÇAMENTO.Fonte,\" \",ORÇAMENTO.CodBarra)))","v":"SINAPI 103966"},{"$f":"IF(ISERROR(ORÇAMENTO.BancoRef),\"(abra o arquivo 'Referência \"&Excel_BuiltIn_Database&\".xlsm)\",IF(OR($C233<>\"S\",ORÇAMENTO.CodBarra=\"\"),\"(Sem Código)\",IF(ISERROR(MATCH($AE233,INDIRECT(ORÇAMENTO.BancoRef),0)),\"(Código não identificado nas referências)\",MATCH($AE233,INDIRECT(ORÇAMENTO.BancoRef),0))))","v":11754},{"$f":"ROUND(IF(DESONERACAO=\"sim\",REFERENCIA.Desonerado,REFERENCIA.NaoDesonerado),2)","v":9.82},0.25290000000000001,null,null,null,null,12.3,{"$f":"ROUND(ORÇAMENTO.CustoUnitario*(1+$AH233),2)","v":12.3}]
["S",2,"S",0,{"$f":"IF($C234=1,OFFSET(E234,-1,0)+MAX(1,COUNTIF(QCI!$A$13:$A$36,OFFSET(ORÇAMENTO!E234,-1,0))),OFFSET(E234,-1,0))","v":16},1,0,0,21,0,{"$f":"IF(OR($C234=\"S\",$C234=0),0,MATCH(OFFSET($D234,0,$C234)+IF($C234<>1,1,COUNTIF(QCI!$A$13:$A$36,ORÇAMENTO!E234)),OFFSET($D234,1,$C234,ROW($C$472)-ROW($C234)),0))","v":0},"F","Serviço","Serviço","16.1.0.21.","SINAPI","104003",{"$f":"IF($C234=\"S\",REFERENCIA.Descricao,\"(digite a descrição aqui)\")","v":"BUCHA DE REDUÇÃO, LONGA, PVC, SOLDÁVEL, DN 50 X 32 MM, INSTALADO EM RAMAL DE DISTRIBUIÇÃO DE ÁGUA - FORNECIMENTO E INSTALAÇÃO. AF_06/2022"},{"$f":"REFERENCIA.Unidade","v":"UN"},{"$f":"OFFSET(CÁLCULO!H$15,ROW($T234)-ROW(T$15),0)","v":1},14.88,"BDI 1",{"$f":"IF($C234=\"S\",ROUND(IF(TIPOORCAMENTO=\"Proposto\",ORÇAMENTO.CustoUnitario*(1+$AH234),ORÇAMENTO.PrecoUnitarioLicitado),15-13*$AF$10),0)","v":18.64},{"$f":"IF($C234=\"S\",IF(OR(Import.TipoArredondamento<>\"TransfereGOV\",ACOMPANHAMENTO=\"BM\"),VTOTAL1,SUM(OFFSET(CÁLCULO!$AI$15,ROW($X234)-ROW($X$15),1):OFFSET(CÁLCULO!$BB$15,ROW($X234)-ROW($X$15),-1))),IF($C234=0,0,ROUND(SomaAgrup,15-13*$AF$11)))","v":18.64},"RA","RA",{"$f":"IF($C234=\"S\",IF($Z234=\"CP\",$X234,IF($Z234=\"RA\",(($X234)*QCI!$AA$3),0)),SomaAgrup)","v":1.6129882352666083},{"$f":"IF($C234=\"S\",IF($Z234=\"OU\",ROUND($X234,2),0),SomaAgrup)","v":0},{"$f":"IF($N234=\"\",\" \",\nIF(AND($C234<>\"S\",OR($R234=\"\",$R234=\"(digite a descrição aqui)\")),\"DESCRIÇÃO\",\nIF(AND($C234=\"S\",OR($Q234<>\"\",$T234>0,$U234>0),$P234=\"\"),\"FONTE\",\nIF(AND($C234=\"S\",$P234<>\"\",OR($T234>0,$U234>0),$Q234=\"\"),\"CÓDIGO\",\nIF(AND($C234=\"S\",$P234<>\"\",$Q234<>\"\",$R234=\"(Código não identificado nas referências)\"),\"CÓDIGO N/ID\",\nIF(AND($C234=\"S\",OR($R234=\"\",$R234=\"(digite a descrição aqui)\"),OR($Q234<>\"\",$T234>0,$U234>0)),\"DESCRIÇÃO\",\nIF(AND($C234=\"S\",$P234<>\"\",$Q234<>\"\",$S234=\"\"),\"UNIDADE\",\nIF(AND($C234=\"S\",$P234<>\"\",$Q234<>\"\",$U234=0),\"SEM CUSTO\",\nIF(AND(TIPOORCAMENTO=\"Licitado\",$AL234=0,$AN234>0),\"SEM PREÇO\",\nIF(AND($C234=\"S\",$P234<>\"\",$Q234<>\"\",$U234>0,AND($V234<>\"BDI 1\",$V234<>\"BDI 2\",$V234<>\"BDI 3\")),IF(ISNUMBER($V234),\"JUSTIFICAR BDI\",\"BDI\"),\nIF(OR(AND(import.recurso=\"OGU\",TIPOORCAMENTO=\"Proposto\",LEFT($O$8,5)<>\"(N/D:\",$AG234<>\"\",ORÇAMENTO.CustoUnitario>$AG234),AND(TIPOORCAMENTO=\"LICITADO\",ORÇAMENTO.PrecoUnitarioLicitado>$AN234)),\"ACIMA REF.\",\nIF(AND($C234=\"S\",$P234<>\"\",$Q234<>\"\",$T234=0,$U234>0),\"QUANT.\",\nIF(AND(Import.TipoArredondamento=\"TransfereGOV\",$L234=\"F\",$C234=\"S\",LEN($Q234)>13),\"Código >13\",\nIF(AND(Import.TipoArredondamento=\"TransfereGOV\",$L234=\"F\",$C234<>\"S\",LEN($R234)>100),\"Descrição >100\",\nIF(AND(Import.TipoArredondamento=\"TransfereGOV\",$L234=\"F\",$C234=\"S\",LEN($R234)>500),\"Descrição >500\",\nIF(AND(Import.TipoArredondamento=\"TransfereGOV\",$L234=\"F\",$C234=\"S\",LEFT(TRIM(UPPER($P234)),6)<>\"SINAPI\",ISNA(VLOOKUP(TRIM(UPPER($S234)),ListaTgov.Unidades,1,FALSE))),\"Unid. Não Disp\",\n\" \"))))))))))))))))","v":" "},{"$f":"IF(C234<=CRONO.NivelExibicao,MAX($AD$15:OFFSET(AD234,-1,0))+IF($C234<>1,1,MAX(1,COUNTIF(QCI!$A$13:$A$36,OFFSET($E234,-1,0)))),\"\")","v":""},{"$f":"IF(AND($C234=\"S\",ORÇAMENTO.CodBarra<>\"\"),IF(ORÇAMENTO.Fonte=\"\",ORÇAMENTO.CodBarra,CONCATENATE(ORÇAMENTO.Fonte,\" \",ORÇAMENTO.CodBarra)))","v":"SINAPI 104003"},{"$f":"IF(ISERROR(ORÇAMENTO.BancoRef),\"(abra o arquivo 'Referência \"&Excel_BuiltIn_Database&\".xlsm)\",IF(OR($C234<>\"S\",ORÇAMENTO.CodBarra=\"\"),\"(Sem Código)\",IF(ISERROR(MATCH($AE234,INDIRECT(ORÇAMENTO.BancoRef),0)),\"(Código não identificado nas referências)\",MATCH($AE234,INDIRECT(ORÇAMENTO.BancoRef),0))))","v":11757},{"$f":"ROUND(IF(DESONERACAO=\"sim\",REFERENCIA.Desonerado,REFERENCIA.NaoDesonerado),2)","v":14.88},0.25290000000000001,null,null,null,null,18.64,{"$f":"ROUND(ORÇAMENTO.CustoUnitario*(1+$AH234),2)","v":18.64}]
["S",2,"S",0,{"$f":"IF($C235=1,OFFSET(E235,-1,0)+MAX(1,COUNTIF(QCI!$A$13:$A$36,OFFSET(ORÇAMENTO!E235,-1,0))),OFFSET(E235,-1,0))","v":16},1,0,0,22,0,{"$f":"IF(OR($C235=\"S\",$C235=0),0,MATCH(OFFSET($D235,0,$C235)+IF($C235<>1,1,COUNTIF(QCI!$A$13:$A$36,ORÇAMENTO!E235)),OFFSET($D235,1,$C235,ROW($C$472)-ROW($C235)),0))","v":0},"F","Serviço","Serviço","16.1.0.22.","SINAPI","89490",{"$f":"IF($C235=\"S\",REFERENCIA.Descricao,\"(digite a descrição aqui)\")","v":"CURVA 45 GRAUS, PVC, SOLDÁVEL, DN 25MM, INSTALADO EM PRUMADA DE ÁGUA - FORNECIMENTO E INSTALAÇÃO. AF_06/2022"},{"$f":"REFERENCIA.Unidade","v":"UN"},{"$f":"OFFSET(CÁLCULO!H$15,ROW($T235)-ROW(T$15),0)","v":1},7.27,"BDI 1",{"$f":"IF($C235=\"S\",ROUND(IF(TIPOORCAMENTO=\"Proposto\",ORÇAMENTO.CustoUnitario*(1+$AH235),ORÇAMENTO.PrecoUnitarioLicitado),15-13*$AF$10),0)","v":9.11},{"$f":"IF($C235=\"S\",IF(OR(Import.TipoArredondamento<>\"TransfereGOV\",ACOMPANHAMENTO=\"BM\"),VTOTAL1,SUM(OFFSET(CÁLCULO!$AI$15,ROW($X235)-ROW($X$15),1):OFFSET(CÁLCULO!$BB$15,ROW($X235)-ROW($X$15),-1))),IF($C235=0,0,ROUND(SomaAgrup,15-13*$AF$11)))","v":9.11},"RA","RA",{"$f":"IF($C235=\"S\",IF($Z235=\"CP\",$X235,IF($Z235=\"RA\",(($X235)*QCI!$AA$3),0)),SomaAgrup)","v":0.78832203987547211},{"$f":"IF($C235=\"S\",IF($Z235=\"OU\",ROUND($X235,2),0),SomaAgrup)","v":0},{"$f":"IF($N235=\"\",\" \",\nIF(AND($C235<>\"S\",OR($R235=\"\",$R235=\"(digite a descrição aqui)\")),\"DESCRIÇÃO\",\nIF(AND($C235=\"S\",OR($Q235<>\"\",$T235>0,$U235>0),$P235=\"\"),\"FONTE\",\nIF(AND($C235=\"S\",$P235<>\"\",OR($T235>0,$U235>0),$Q235=\"\"),\"CÓDIGO\",\nIF(AND($C235=\"S\",$P235<>\"\",$Q235<>\"\",$R235=\"(Código não identificado nas referências)\"),\"CÓDIGO N/ID\",\nIF(AND($C235=\"S\",OR($R235=\"\",$R235=\"(digite a descrição aqui)\"),OR($Q235<>\"\",$T235>0,$U235>0)),\"DESCRIÇÃO\",\nIF(AND($C235=\"S\",$P235<>\"\",$Q235<>\"\",$S235=\"\"),\"UNIDADE\",\nIF(AND($C235=\"S\",$P235<>\"\",$Q235<>\"\",$U235=0),\"SEM CUSTO\",\nIF(AND(TIPOORCAMENTO=\"Licitado\",$AL235=0,$AN235>0),\"SEM PREÇO\",\nIF(AND($C235=\"S\",$P235<>\"\",$Q235<>\"\",$U235>0,AND($V235<>\"BDI 1\",$V235<>\"BDI 2\",$V235<>\"BDI 3\")),IF(ISNUMBER($V235),\"JUSTIFICAR BDI\",\"BDI\"),\nIF(OR(AND(import.recurso=\"OGU\",TIPOORCAMENTO=\"Proposto\",LEFT($O$8,5)<>\"(N/D:\",$AG235<>\"\",ORÇAMENTO.CustoUnitario>$AG235),AND(TIPOORCAMENTO=\"LICITADO\",ORÇAMENTO.PrecoUnitarioLicitado>$AN235)),\"ACIMA REF.\",\nIF(AND($C235=\"S\",$P235<>\"\",$Q235<>\"\",$T235=0,$U235>0),\"QUANT.\",\nIF(AND(Import.TipoArredondamento=\"TransfereGOV\",$L235=\"F\",$C235=\"S\",LEN($Q235)>13),\"Código >13\",\nIF(AND(Import.TipoArredondamento=\"TransfereGOV\",$L235=\"F\",$C235<>\"S\",LEN($R235)>100),\"Descrição >100\",\nIF(AND(Import.TipoArredondamento=\"TransfereGOV\",$L235=\"F\",$C235=\"S\",LEN($R235)>500),\"Descrição >500\",\nIF(AND(Import.TipoArredondamento=\"TransfereGOV\",$L235=\"F\",$C235=\"S\",LEFT(TRIM(UPPER($P235)),6)<>\"SINAPI\",ISNA(VLOOKUP(TRIM(UPPER($S235)),ListaTgov.Unidades,1,FALSE))),\"Unid. Não Disp\",\n\" \"))))))))))))))))","v":" "},{"$f":"IF(C235<=CRONO.NivelExibicao,MAX($AD$15:OFFSET(AD235,-1,0))+IF($C235<>1,1,MAX(1,COUNTIF(QCI!$A$13:$A$36,OFFSET($E235,-1,0)))),\"\")","v":""},{"$f":"IF(AND($C235=\"S\",ORÇAMENTO.CodBarra<>\"\"),IF(ORÇAMENTO.Fonte=\"\",ORÇAMENTO.CodBarra,CONCATENATE(ORÇAMENTO.Fonte,\" \",ORÇAMENTO.CodBarra)))","v":"SINAPI 89490"},{"$f":"IF(ISERROR(ORÇAMENTO.BancoRef),\"(abra o arquivo 'Referência \"&Excel_BuiltIn_Database&\".xlsm)\",IF(OR($C235<>\"S\",ORÇAMENTO.CodBarra=\"\"),\"(Sem Código)\",IF(ISERROR(MATCH($AE235,INDIRECT(ORÇAMENTO.BancoRef),0)),\"(Código não identificado nas referências)\",MATCH($AE235,INDIRECT(ORÇAMENTO.BancoRef),0))))","v":11765},{"$f":"ROUND(IF(DESONERACAO=\"sim\",REFERENCIA.Desonerado,REFERENCIA.NaoDesonerado),2)","v":7.27},0.25290000000000001,null,null,null,null,9.11,{"$f":"ROUND(ORÇAMENTO.CustoUnitario*(1+$AH235),2)","v":9.11}]
["S",2,"S",0,{"$f":"IF($C236=1,OFFSET(E236,-1,0)+MAX(1,COUNTIF(QCI!$A$13:$A$36,OFFSET(ORÇAMENTO!E236,-1,0))),OFFSET(E236,-1,0))","v":16},1,0,0,23,0,{"$f":"IF(OR($C236=\"S\",$C236=0),0,MATCH(OFFSET($D236,0,$C236)+IF($C236<>1,1,COUNTIF(QCI!$A$13:$A$36,ORÇAMENTO!E236)),OFFSET($D236,1,$C236,ROW($C$472)-ROW($C236)),0))","v":0},"F","Serviço","Serviço","16.1.0.23.","SINAPI","89489",{"$f":"IF($C236=\"S\",REFERENCIA.Descricao,\"(digite a descrição aqui)\")","v":"CURVA 90 GRAUS, PVC, SOLDÁVEL, DN 25MM, INSTALADO EM PRUMADA DE ÁGUA - FORNECIMENTO E INSTALAÇÃO. AF_06/2022"},{"$f":"REFERENCIA.Unidade","v":"UN"},{"$f":"OFFSET(CÁLCULO!H$15,ROW($T236)-ROW(T$15),0)","v":81},7.82,"BDI 1",{"$f":"IF($C236=\"S\",ROUND(IF(TIPOORCAMENTO=\"Proposto\",ORÇAMENTO.CustoUnitario*(1+$AH236),ORÇAMENTO.PrecoUnitarioLicitado),15-13*$AF$10),0)","v":9.8000000000000007},{"$f":"IF($C236=\"S\",IF(OR(Import.TipoArredondamento<>\"TransfereGOV\",ACOMPANHAMENTO=\"BM\"),VTOTAL1,SUM(OFFSET(CÁLCULO!$AI$15,ROW($X236)-ROW($X$15),1):OFFSET(CÁLCULO!$BB$15,ROW($X236)-ROW($X$15),-1))),IF($C236=0,0,ROUND(SomaAgrup,15-13*$AF$11)))","v":793.8},"RA","RA",{"$f":"IF($C236=\"S\",IF($Z236=\"CP\",$X236,IF($Z236=\"RA\",(($X236)*QCI!$AA$3),0)),SomaAgrup)","v":68.690453924604796},{"$f":"IF($C236=\"S\",IF($Z236=\"OU\",ROUND($X236,2),0),SomaAgrup)","v":0},{"$f":"IF($N236=\"\",\" \",\nIF(AND($C236<>\"S\",OR($R236=\"\",$R236=\"(digite a descrição aqui)\")),\"DESCRIÇÃO\",\nIF(AND($C236=\"S\",OR($Q236<>\"\",$T236>0,$U236>0),$P236=\"\"),\"FONTE\",\nIF(AND($C236=\"S\",$P236<>\"\",OR($T236>0,$U236>0),$Q236=\"\"),\"CÓDIGO\",\nIF(AND($C236=\"S\",$P236<>\"\",$Q236<>\"\",$R236=\"(Código não identificado nas referências)\"),\"CÓDIGO N/ID\",\nIF(AND($C236=\"S\",OR($R236=\"\",$R236=\"(digite a descrição aqui)\"),OR($Q236<>\"\",$T236>0,$U236>0)),\"DESCRIÇÃO\",\nIF(AND($C236=\"S\",$P236<>\"\",$Q236<>\"\",$S236=\"\"),\"UNIDADE\",\nIF(AND($C236=\"S\",$P236<>\"\",$Q236<>\"\",$U236=0),\"SEM CUSTO\",\nIF(AND(TIPOORCAMENTO=\"Licitado\",$AL236=0,$AN236>0),\"SEM PREÇO\",\nIF(AND($C236=\"S\",$P236<>\"\",$Q236<>\"\",$U236>0,AND($V236<>\"BDI 1\",$V236<>\"BDI 2\",$V236<>\"BDI 3\")),IF(ISNUMBER($V236),\"JUSTIFICAR BDI\",\"BDI\"),\nIF(OR(AND(import.recurso=\"OGU\",TIPOORCAMENTO=\"Proposto\",LEFT($O$8,5)<>\"(N/D:\",$AG236<>\"\",ORÇAMENTO.CustoUnitario>$AG236),AND(TIPOORCAMENTO=\"LICITADO\",ORÇAMENTO.PrecoUnitarioLicitado>$AN236)),\"ACIMA REF.\",\nIF(AND($C236=\"S\",$P236<>\"\",$Q236<>\"\",$T236=0,$U236>0),\"QUANT.\",\nIF(AND(Import.TipoArredondamento=\"TransfereGOV\",$L236=\"F\",$C236=\"S\",LEN($Q236)>13),\"Código >13\",\nIF(AND(Import.TipoArredondamento=\"TransfereGOV\",$L236=\"F\",$C236<>\"S\",LEN($R236)>100),\"Descrição >100\",\nIF(AND(Import.TipoArredondamento=\"TransfereGOV\",$L236=\"F\",$C236=\"S\",LEN($R236)>500),\"Descrição >500\",\nIF(AND(Import.TipoArredondamento=\"TransfereGOV\",$L236=\"F\",$C236=\"S\",LEFT(TRIM(UPPER($P236)),6)<>\"SINAPI\",ISNA(VLOOKUP(TRIM(UPPER($S236)),ListaTgov.Unidades,1,FALSE))),\"Unid. Não Disp\",\n\" \"))))))))))))))))","v":" "},{"$f":"IF(C236<=CRONO.NivelExibicao,MAX($AD$15:OFFSET(AD236,-1,0))+IF($C236<>1,1,MAX(1,COUNTIF(QCI!$A$13:$A$36,OFFSET($E236,-1,0)))),\"\")","v":""},{"$f":"IF(AND($C236=\"S\",ORÇAMENTO.CodBarra<>\"\"),IF(ORÇAMENTO.Fonte=\"\",ORÇAMENTO.CodBarra,CONCATENATE(ORÇAMENTO.Fonte,\" \",ORÇAMENTO.CodBarra)))","v":"SINAPI 89489"},{"$f":"IF(ISERROR(ORÇAMENTO.BancoRef),\"(abra o arquivo 'Referência \"&Excel_BuiltIn_Database&\".xlsm)\",IF(OR($C236<>\"S\",ORÇAMENTO.CodBarra=\"\"),\"(Sem Código)\",IF(ISERROR(MATCH($AE236,INDIRECT(ORÇAMENTO.BancoRef),0)),\"(Código não identificado nas referências)\",MATCH($AE236,INDIRECT(ORÇAMENTO.BancoRef),0))))","v":11780},{"$f":"ROUND(IF(DESONERACAO=\"sim\",REFERENCIA.Desonerado,REFERENCIA.NaoDesonerado),2)","v":7.82},0.25290000000000001,null,null,null,null,793.8,{"$f":"ROUND(ORÇAMENTO.CustoUnitario*(1+$AH236),2)","v":9.8000000000000007}]
["S",2,"S",0,{"$f":"IF($C237=1,OFFSET(E237,-1,0)+MAX(1,COUNTIF(QCI!$A$13:$A$36,OFFSET(ORÇAMENTO!E237,-1,0))),OFFSET(E237,-1,0))","v":16},1,0,0,24,0,{"$f":"IF(OR($C237=\"S\",$C237=0),0,MATCH(OFFSET($D237,0,$C237)+IF($C237<>1,1,COUNTIF(QCI!$A$13:$A$36,ORÇAMENTO!E237)),OFFSET($D237,1,$C237,ROW($C$472)-ROW($C237)),0))","v":0},"F","Serviço","Serviço","16.1.0.24.","SINAPI","89384",{"$f":"IF($C237=\"S\",REFERENCIA.Descricao,\"(digite a descrição aqui)\")","v":"CURVA DE TRANSPOSIÇÃO, PVC, SOLDÁVEL, DN 25MM, INSTALADO EM RAMAL OU SUB-RAMAL DE ÁGUA FORNECIMENTO E INSTALAÇÃO. AF_06/2022"},{"$f":"REFERENCIA.Unidade","v":"UN"},{"$f":"OFFSET(CÁLCULO!H$15,ROW($T237)-ROW(T$15),0)","v":1},13.25,"BDI 1",{"$f":"IF($C237=\"S\",ROUND(IF(TIPOORCAMENTO=\"Proposto\",ORÇAMENTO.CustoUnitario*(1+$AH237),ORÇAMENTO.PrecoUnitarioLicitado),15-13*$AF$10),0)","v":16.600000000000001},{"$f":"IF($C237=\"S\",IF(OR(Import.TipoArredondamento<>\"TransfereGOV\",ACOMPANHAMENTO=\"BM\"),VTOTAL1,SUM(OFFSET(CÁLCULO!$AI$15,ROW($X237)-ROW($X$15),1):OFFSET(CÁLCULO!$BB$15,ROW($X237)-ROW($X$15),-1))),IF($C237=0,0,ROUND(SomaAgrup,15-13*$AF$11)))","v":16.600000000000001},"RA","RA",{"$f":"IF($C237=\"S\",IF($Z237=\"CP\",$X237,IF($Z237=\"RA\",(($X237)*QCI!$AA$3),0)),SomaAgrup)","v":1.4364594799048123},{"$f":"IF($C237=\"S\",IF($Z237=\"OU\",ROUND($X237,2),0),SomaAgrup)","v":0},{"$f":"IF($N237=\"\",\" \",\nIF(AND($C237<>\"S\",OR($R237=\"\",$R237=\"(digite a descrição aqui)\")),\"DESCRIÇÃO\",\nIF(AND($C237=\"S\",OR($Q237<>\"\",$T237>0,$U237>0),$P237=\"\"),\"FONTE\",\nIF(AND($C237=\"S\",$P237<>\"\",OR($T237>0,$U237>0),$Q237=\"\"),\"CÓDIGO\",\nIF(AND($C237=\"S\",$P237<>\"\",$Q237<>\"\",$R237=\"(Código não identificado nas referências)\"),\"CÓDIGO N/ID\",\nIF(AND($C237=\"S\",OR($R237=\"\",$R237=\"(digite a descrição aqui)\"),OR($Q237<>\"\",$T237>0,$U237>0)),\"DESCRIÇÃO\",\nIF(AND($C237=\"S\",$P237<>\"\",$Q237<>\"\",$S237=\"\"),\"UNIDADE\",\nIF(AND($C237=\"S\",$P237<>\"\",$Q237<>\"\",$U237=0),\"SEM CUSTO\",\nIF(AND(TIPOORCAMENTO=\"Licitado\",$AL237=0,$AN237>0),\"SEM PREÇO\",\nIF(AND($C237=\"S\",$P237<>\"\",$Q237<>\"\",$U237>0,AND($V237<>\"BDI 1\",$V237<>\"BDI 2\",$V237<>\"BDI 3\")),IF(ISNUMBER($V237),\"JUSTIFICAR BDI\",\"BDI\"),\nIF(OR(AND(import.recurso=\"OGU\",TIPOORCAMENTO=\"Proposto\",LEFT($O$8,5)<>\"(N/D:\",$AG237<>\"\",ORÇAMENTO.CustoUnitario>$AG237),AND(TIPOORCAMENTO=\"LICITADO\",ORÇAMENTO.PrecoUnitarioLicitado>$AN237)),\"ACIMA REF.\",\nIF(AND($C237=\"S\",$P237<>\"\",$Q237<>\"\",$T237=0,$U237>0),\"QUANT.\",\nIF(AND(Import.TipoArredondamento=\"TransfereGOV\",$L237=\"F\",$C237=\"S\",LEN($Q237)>13),\"Código >13\",\nIF(AND(Import.TipoArredondamento=\"TransfereGOV\",$L237=\"F\",$C237<>\"S\",LEN($R237)>100),\"Descrição >100\",\nIF(AND(Import.TipoArredondamento=\"TransfereGOV\",$L237=\"F\",$C237=\"S\",LEN($R237)>500),\"Descrição >500\",\nIF(AND(Import.TipoArredondamento=\"TransfereGOV\",$L237=\"F\",$C237=\"S\",LEFT(TRIM(UPPER($P237)),6)<>\"SINAPI\",ISNA(VLOOKUP(TRIM(UPPER($S237)),ListaTgov.Unidades,1,FALSE))),\"Unid. Não Disp\",\n\" \"))))))))))))))))","v":" "},{"$f":"IF(C237<=CRONO.NivelExibicao,MAX($AD$15:OFFSET(AD237,-1,0))+IF($C237<>1,1,MAX(1,COUNTIF(QCI!$A$13:$A$36,OFFSET($E237,-1,0)))),\"\")","v":""},{"$f":"IF(AND($C237=\"S\",ORÇAMENTO.CodBarra<>\"\"),IF(ORÇAMENTO.Fonte=\"\",ORÇAMENTO.CodBarra,CONCATENATE(ORÇAMENTO.Fonte,\" \",ORÇAMENTO.CodBarra)))","v":"SINAPI 89384"},{"$f":"IF(ISERROR(ORÇAMENTO.BancoRef),\"(abra o arquivo 'Referência \"&Excel_BuiltIn_Database&\".xlsm)\",IF(OR($C237<>\"S\",ORÇAMENTO.CodBarra=\"\"),\"(Sem Código)\",IF(ISERROR(MATCH($AE237,INDIRECT(ORÇAMENTO.BancoRef),0)),\"(Código não identificado nas referências)\",MATCH($AE237,INDIRECT(ORÇAMENTO.BancoRef),0))))","v":11797},{"$f":"ROUND(IF(DESONERACAO=\"sim\",REFERENCIA.Desonerado,REFERENCIA.NaoDesonerado),2)","v":13.25},0.25290000000000001,null,null,null,null,16.600000000000001,{"$f":"ROUND(ORÇAMENTO.CustoUnitario*(1+$AH237),2)","v":16.600000000000001}]
["S",2,"S",0,{"$f":"IF($C238=1,OFFSET(E238,-1,0)+MAX(1,COUNTIF(QCI!$A$13:$A$36,OFFSET(ORÇAMENTO!E238,-1,0))),OFFSET(E238,-1,0))","v":16},1,0,0,25,0,{"$f":"IF(OR($C238=\"S\",$C238=0),0,MATCH(OFFSET($D238,0,$C238)+IF($C238<>1,1,COUNTIF(QCI!$A$13:$A$36,ORÇAMENTO!E238)),OFFSET($D238,1,$C238,ROW($C$472)-ROW($C238)),0))","v":0},"F","Serviço","Serviço","16.1.0.25.","SINAPI","89530",{"$f":"IF($C238=\"S\",REFERENCIA.Descricao,\"(digite a descrição aqui)\")","v":"LUVA DE CORRER, PVC, SOLDÁVEL, DN 25MM, INSTALADO EM PRUMADA DE ÁGUA - FORNECIMENTO E INSTALAÇÃO. AF_06/2022"},{"$f":"REFERENCIA.Unidade","v":"UN"},{"$f":"OFFSET(CÁLCULO!H$15,ROW($T238)-ROW(T$15),0)","v":25},16.29,"BDI 1",{"$f":"IF($C238=\"S\",ROUND(IF(TIPOORCAMENTO=\"Proposto\",ORÇAMENTO.CustoUnitario*(1+$AH238),ORÇAMENTO.PrecoUnitarioLicitado),15-13*$AF$10),0)","v":20.41},{"$f":"IF($C238=\"S\",IF(OR(Import.TipoArredondamento<>\"TransfereGOV\",ACOMPANHAMENTO=\"BM\"),VTOTAL1,SUM(OFFSET(CÁLCULO!$AI$15,ROW($X238)-ROW($X$15),1):OFFSET(CÁLCULO!$BB$15,ROW($X238)-ROW($X$15),-1))),IF($C238=0,0,ROUND(SomaAgrup,15-13*$AF$11)))","v":510.25},"RA","RA",{"$f":"IF($C238=\"S\",IF($Z238=\"CP\",$X238,IF($Z238=\"RA\",(($X238)*QCI!$AA$3),0)),SomaAgrup)","v":44.153822266351227},{"$f":"IF($C238=\"S\",IF($Z238=\"OU\",ROUND($X238,2),0),SomaAgrup)","v":0},{"$f":"IF($N238=\"\",\" \",\nIF(AND($C238<>\"S\",OR($R238=\"\",$R238=\"(digite a descrição aqui)\")),\"DESCRIÇÃO\",\nIF(AND($C238=\"S\",OR($Q238<>\"\",$T238>0,$U238>0),$P238=\"\"),\"FONTE\",\nIF(AND($C238=\"S\",$P238<>\"\",OR($T238>0,$U238>0),$Q238=\"\"),\"CÓDIGO\",\nIF(AND($C238=\"S\",$P238<>\"\",$Q238<>\"\",$R238=\"(Código não identificado nas referências)\"),\"CÓDIGO N/ID\",\nIF(AND($C238=\"S\",OR($R238=\"\",$R238=\"(digite a descrição aqui)\"),OR($Q238<>\"\",$T238>0,$U238>0)),\"DESCRIÇÃO\",\nIF(AND($C238=\"S\",$P238<>\"\",$Q238<>\"\",$S238=\"\"),\"UNIDADE\",\nIF(AND($C238=\"S\",$P238<>\"\",$Q238<>\"\",$U238=0),\"SEM CUSTO\",\nIF(AND(TIPOORCAMENTO=\"Licitado\",$AL238=0,$AN238>0),\"SEM PREÇO\",\nIF(AND($C238=\"S\",$P238<>\"\",$Q238<>\"\",$U238>0,AND($V238<>\"BDI 1\",$V238<>\"BDI 2\",$V238<>\"BDI 3\")),IF(ISNUMBER($V238),\"JUSTIFICAR BDI\",\"BDI\"),\nIF(OR(AND(import.recurso=\"OGU\",TIPOORCAMENTO=\"Proposto\",LEFT($O$8,5)<>\"(N/D:\",$AG238<>\"\",ORÇAMENTO.CustoUnitario>$AG238),AND(TIPOORCAMENTO=\"LICITADO\",ORÇAMENTO.PrecoUnitarioLicitado>$AN238)),\"ACIMA REF.\",\nIF(AND($C238=\"S\",$P238<>\"\",$Q238<>\"\",$T238=0,$U238>0),\"QUANT.\",\nIF(AND(Import.TipoArredondamento=\"TransfereGOV\",$L238=\"F\",$C238=\"S\",LEN($Q238)>13),\"Código >13\",\nIF(AND(Import.TipoArredondamento=\"TransfereGOV\",$L238=\"F\",$C238<>\"S\",LEN($R238)>100),\"Descrição >100\",\nIF(AND(Import.TipoArredondamento=\"TransfereGOV\",$L238=\"F\",$C238=\"S\",LEN($R238)>500),\"Descrição >500\",\nIF(AND(Import.TipoArredondamento=\"TransfereGOV\",$L238=\"F\",$C238=\"S\",LEFT(TRIM(UPPER($P238)),6)<>\"SINAPI\",ISNA(VLOOKUP(TRIM(UPPER($S238)),ListaTgov.Unidades,1,FALSE))),\"Unid. Não Disp\",\n\" \"))))))))))))))))","v":" "},{"$f":"IF(C238<=CRONO.NivelExibicao,MAX($AD$15:OFFSET(AD238,-1,0))+IF($C238<>1,1,MAX(1,COUNTIF(QCI!$A$13:$A$36,OFFSET($E238,-1,0)))),\"\")","v":""},{"$f":"IF(AND($C238=\"S\",ORÇAMENTO.CodBarra<>\"\"),IF(ORÇAMENTO.Fonte=\"\",ORÇAMENTO.CodBarra,CONCATENATE(ORÇAMENTO.Fonte,\" \",ORÇAMENTO.CodBarra)))","v":"SINAPI 89530"},{"$f":"IF(ISERROR(ORÇAMENTO.BancoRef),\"(abra o arquivo 'Referência \"&Excel_BuiltIn_Database&\".xlsm)\",IF(OR($C238<>\"S\",ORÇAMENTO.CodBarra=\"\"),\"(Sem Código)\",IF(ISERROR(MATCH($AE238,INDIRECT(ORÇAMENTO.BancoRef),0)),\"(Código não identificado nas referências)\",MATCH($AE238,INDIRECT(ORÇAMENTO.BancoRef),0))))","v":11850},{"$f":"ROUND(IF(DESONERACAO=\"sim\",REFERENCIA.Desonerado,REFERENCIA.NaoDesonerado),2)","v":16.29},0.25290000000000001,null,null,null,null,510.25,{"$f":"ROUND(ORÇAMENTO.CustoUnitario*(1+$AH238),2)","v":20.41}]
["S",2,"S",0,{"$f":"IF($C239=1,OFFSET(E239,-1,0)+MAX(1,COUNTIF(QCI!$A$13:$A$36,OFFSET(ORÇAMENTO!E239,-1,0))),OFFSET(E239,-1,0))","v":16},1,0,0,26,0,{"$f":"IF(OR($C239=\"S\",$C239=0),0,MATCH(OFFSET($D239,0,$C239)+IF($C239<>1,1,COUNTIF(QCI!$A$13:$A$36,ORÇAMENTO!E239)),OFFSET($D239,1,$C239,ROW($C$472)-ROW($C239)),0))","v":0},"F","Serviço","Serviço","16.1.0.26.","SINAPI","89577",{"$f":"IF($C239=\"S\",REFERENCIA.Descricao,\"(digite a descrição aqui)\")","v":"LUVA DE CORRER, PVC, SOLDÁVEL, DN 50MM, INSTALADO EM PRUMADA DE ÁGUA - FORNECIMENTO E INSTALAÇÃO. AF_06/2022"},{"$f":"REFERENCIA.Unidade","v":"UN"},{"$f":"OFFSET(CÁLCULO!H$15,ROW($T239)-ROW(T$15),0)","v":1},36.770000000000003,"BDI 1",{"$f":"IF($C239=\"S\",ROUND(IF(TIPOORCAMENTO=\"Proposto\",ORÇAMENTO.CustoUnitario*(1+$AH239),ORÇAMENTO.PrecoUnitarioLicitado),15-13*$AF$10),0)","v":46.07},{"$f":"IF($C239=\"S\",IF(OR(Import.TipoArredondamento<>\"TransfereGOV\",ACOMPANHAMENTO=\"BM\"),VTOTAL1,SUM(OFFSET(CÁLCULO!$AI$15,ROW($X239)-ROW($X$15),1):OFFSET(CÁLCULO!$BB$15,ROW($X239)-ROW($X$15),-1))),IF($C239=0,0,ROUND(SomaAgrup,15-13*$AF$11)))","v":46.07},"RA","RA",{"$f":"IF($C239=\"S\",IF($Z239=\"CP\",$X239,IF($Z239=\"RA\",(($X239)*QCI!$AA$3),0)),SomaAgrup)","v":3.9866077252538972},{"$f":"IF($C239=\"S\",IF($Z239=\"OU\",ROUND($X239,2),0),SomaAgrup)","v":0},{"$f":"IF($N239=\"\",\" \",\nIF(AND($C239<>\"S\",OR($R239=\"\",$R239=\"(digite a descrição aqui)\")),\"DESCRIÇÃO\",\nIF(AND($C239=\"S\",OR($Q239<>\"\",$T239>0,$U239>0),$P239=\"\"),\"FONTE\",\nIF(AND($C239=\"S\",$P239<>\"\",OR($T239>0,$U239>0),$Q239=\"\"),\"CÓDIGO\",\nIF(AND($C239=\"S\",$P239<>\"\",$Q239<>\"\",$R239=\"(Código não identificado nas referências)\"),\"CÓDIGO N/ID\",\nIF(AND($C239=\"S\",OR($R239=\"\",$R239=\"(digite a descrição aqui)\"),OR($Q239<>\"\",$T239>0,$U239>0)),\"DESCRIÇÃO\",\nIF(AND($C239=\"S\",$P239<>\"\",$Q239<>\"\",$S239=\"\"),\"UNIDADE\",\nIF(AND($C239=\"S\",$P239<>\"\",$Q239<>\"\",$U239=0),\"SEM CUSTO\",\nIF(AND(TIPOORCAMENTO=\"Licitado\",$AL239=0,$AN239>0),\"SEM PREÇO\",\nIF(AND($C239=\"S\",$P239<>\"\",$Q239<>\"\",$U239>0,AND($V239<>\"BDI 1\",$V239<>\"BDI 2\",$V239<>\"BDI 3\")),IF(ISNUMBER($V239),\"JUSTIFICAR BDI\",\"BDI\"),\nIF(OR(AND(import.recurso=\"OGU\",TIPOORCAMENTO=\"Proposto\",LEFT($O$8,5)<>\"(N/D:\",$AG239<>\"\",ORÇAMENTO.CustoUnitario>$AG239),AND(TIPOORCAMENTO=\"LICITADO\",ORÇAMENTO.PrecoUnitarioLicitado>$AN239)),\"ACIMA REF.\",\nIF(AND($C239=\"S\",$P239<>\"\",$Q239<>\"\",$T239=0,$U239>0),\"QUANT.\",\nIF(AND(Import.TipoArredondamento=\"TransfereGOV\",$L239=\"F\",$C239=\"S\",LEN($Q239)>13),\"Código >13\",\nIF(AND(Import.TipoArredondamento=\"TransfereGOV\",$L239=\"F\",$C239<>\"S\",LEN($R239)>100),\"Descrição >100\",\nIF(AND(Import.TipoArredondamento=\"TransfereGOV\",$L239=\"F\",$C239=\"S\",LEN($R239)>500),\"Descrição >500\",\nIF(AND(Import.TipoArredondamento=\"TransfereGOV\",$L239=\"F\",$C239=\"S\",LEFT(TRIM(UPPER($P239)),6)<>\"SINAPI\",ISNA(VLOOKUP(TRIM(UPPER($S239)),ListaTgov.Unidades,1,FALSE))),\"Unid. Não Disp\",\n\" \"))))))))))))))))","v":" "},{"$f":"IF(C239<=CRONO.NivelExibicao,MAX($AD$15:OFFSET(AD239,-1,0))+IF($C239<>1,1,MAX(1,COUNTIF(QCI!$A$13:$A$36,OFFSET($E239,-1,0)))),\"\")","v":""},{"$f":"IF(AND($C239=\"S\",ORÇAMENTO.CodBarra<>\"\"),IF(ORÇAMENTO.Fonte=\"\",ORÇAMENTO.CodBarra,CONCATENATE(ORÇAMENTO.Fonte,\" \",ORÇAMENTO.CodBarra)))","v":"SINAPI 89577"},{"$f":"IF(ISERROR(ORÇAMENTO.BancoRef),\"(abra o arquivo 'Referência \"&Excel_BuiltIn_Database&\".xlsm)\",IF(OR($C239<>\"S\",ORÇAMENTO.CodBarra=\"\"),\"(Sem Código)\",IF(ISERROR(MATCH($AE239,INDIRECT(ORÇAMENTO.BancoRef),0)),\"(Código não identificado nas referências)\",MATCH($AE239,INDIRECT(ORÇAMENTO.BancoRef),0))))","v":11858},{"$f":"ROUND(IF(DESONERACAO=\"sim\",REFERENCIA.Desonerado,REFERENCIA.NaoDesonerado),2)","v":36.770000000000003},0.25290000000000001,null,null,null,null,46.07,{"$f":"ROUND(ORÇAMENTO.CustoUnitario*(1+$AH239),2)","v":46.07}]
["S",2,"S",0,{"$f":"IF($C240=1,OFFSET(E240,-1,0)+MAX(1,COUNTIF(QCI!$A$13:$A$36,OFFSET(ORÇAMENTO!E240,-1,0))),OFFSET(E240,-1,0))","v":16},1,0,0,27,0,{"$f":"IF(OR($C240=\"S\",$C240=0),0,MATCH(OFFSET($D240,0,$C240)+IF($C240<>1,1,COUNTIF(QCI!$A$13:$A$36,ORÇAMENTO!E240)),OFFSET($D240,1,$C240,ROW($C$472)-ROW($C240)),0))","v":0},"F","Serviço","Serviço","16.1.0.27.","SINAPI","89356",{"$f":"IF($C240=\"S\",REFERENCIA.Descricao,\"(digite a descrição aqui)\")","v":"TUBO, PVC, SOLDÁVEL, DE 25MM, INSTALADO EM RAMAL OU SUB-RAMAL DE ÁGUA - FORNECIMENTO E INSTALAÇÃO. AF_06/2022"},{"$f":"REFERENCIA.Unidade","v":"M"},{"$f":"OFFSET(CÁLCULO!H$15,ROW($T240)-ROW(T$15),0)","v":298.60000000000002},23.85,"BDI 1",{"$f":"IF($C240=\"S\",ROUND(IF(TIPOORCAMENTO=\"Proposto\",ORÇAMENTO.CustoUnitario*(1+$AH240),ORÇAMENTO.PrecoUnitarioLicitado),15-13*$AF$10),0)","v":29.88},{"$f":"IF($C240=\"S\",IF(OR(Import.TipoArredondamento<>\"TransfereGOV\",ACOMPANHAMENTO=\"BM\"),VTOTAL1,SUM(OFFSET(CÁLCULO!$AI$15,ROW($X240)-ROW($X$15),1):OFFSET(CÁLCULO!$BB$15,ROW($X240)-ROW($X$15),-1))),IF($C240=0,0,ROUND(SomaAgrup,15-13*$AF$11)))","v":8922.17},"RA","RA",{"$f":"IF($C240=\"S\",IF($Z240=\"CP\",$X240,IF($Z240=\"RA\",(($X240)*QCI!$AA$3),0)),SomaAgrup)","v":772.06841432664555},{"$f":"IF($C240=\"S\",IF($Z240=\"OU\",ROUND($X240,2),0),SomaAgrup)","v":0},{"$f":"IF($N240=\"\",\" \",\nIF(AND($C240<>\"S\",OR($R240=\"\",$R240=\"(digite a descrição aqui)\")),\"DESCRIÇÃO\",\nIF(AND($C240=\"S\",OR($Q240<>\"\",$T240>0,$U240>0),$P240=\"\"),\"FONTE\",\nIF(AND($C240=\"S\",$P240<>\"\",OR($T240>0,$U240>0),$Q240=\"\"),\"CÓDIGO\",\nIF(AND($C240=\"S\",$P240<>\"\",$Q240<>\"\",$R240=\"(Código não identificado nas referências)\"),\"CÓDIGO N/ID\",\nIF(AND($C240=\"S\",OR($R240=\"\",$R240=\"(digite a descrição aqui)\"),OR($Q240<>\"\",$T240>0,$U240>0)),\"DESCRIÇÃO\",\nIF(AND($C240=\"S\",$P240<>\"\",$Q240<>\"\",$S240=\"\"),\"UNIDADE\",\nIF(AND($C240=\"S\",$P240<>\"\",$Q240<>\"\",$U240=0),\"SEM CUSTO\",\nIF(AND(TIPOORCAMENTO=\"Licitado\",$AL240=0,$AN240>0),\"SEM PREÇO\",\nIF(AND($C240=\"S\",$P240<>\"\",$Q240<>\"\",$U240>0,AND($V240<>\"BDI 1\",$V240<>\"BDI 2\",$V240<>\"BDI 3\")),IF(ISNUMBER($V240),\"JUSTIFICAR BDI\",\"BDI\"),\nIF(OR(AND(import.recurso=\"OGU\",TIPOORCAMENTO=\"Proposto\",LEFT($O$8,5)<>\"(N/D:\",$AG240<>\"\",ORÇAMENTO.CustoUnitario>$AG240),AND(TIPOORCAMENTO=\"LICITADO\",ORÇAMENTO.PrecoUnitarioLicitado>$AN240)),\"ACIMA REF.\",\nIF(AND($C240=\"S\",$P240<>\"\",$Q240<>\"\",$T240=0,$U240>0),\"QUANT.\",\nIF(AND(Import.TipoArredondamento=\"TransfereGOV\",$L240=\"F\",$C240=\"S\",LEN($Q240)>13),\"Código >13\",\nIF(AND(Import.TipoArredondamento=\"TransfereGOV\",$L240=\"F\",$C240<>\"S\",LEN($R240)>100),\"Descrição >100\",\nIF(AND(Import.TipoArredondamento=\"TransfereGOV\",$L240=\"F\",$C240=\"S\",LEN($R240)>500),\"Descrição >500\",\nIF(AND(Import.TipoArredondamento=\"TransfereGOV\",$L240=\"F\",$C240=\"S\",LEFT(TRIM(UPPER($P240)),6)<>\"SINAPI\",ISNA(VLOOKUP(TRIM(UPPER($S240)),ListaTgov.Unidades,1,FALSE))),\"Unid. Não Disp\",\n\" \"))))))))))))))))","v":" "},{"$f":"IF(C240<=CRONO.NivelExibicao,MAX($AD$15:OFFSET(AD240,-1,0))+IF($C240<>1,1,MAX(1,COUNTIF(QCI!$A$13:$A$36,OFFSET($E240,-1,0)))),\"\")","v":""},{"$f":"IF(AND($C240=\"S\",ORÇAMENTO.CodBarra<>\"\"),IF(ORÇAMENTO.Fonte=\"\",ORÇAMENTO.CodBarra,CONCATENATE(ORÇAMENTO.Fonte,\" \",ORÇAMENTO.CodBarra)))","v":"SINAPI 89356"},{"$f":"IF(ISERROR(ORÇAMENTO.BancoRef),\"(abra o arquivo 'Referência \"&Excel_BuiltIn_Database&\".xlsm)\",IF(OR($C240<>\"S\",ORÇAMENTO.CodBarra=\"\"),\"(Sem Código)\",IF(ISERROR(MATCH($AE240,INDIRECT(ORÇAMENTO.BancoRef),0)),\"(Código não identificado nas referências)\",MATCH($AE240,INDIRECT(ORÇAMENTO.BancoRef),0))))","v":11916},{"$f":"ROUND(IF(DESONERACAO=\"sim\",REFERENCIA.Desonerado,REFERENCIA.NaoDesonerado),2)","v":23.85},0.25290000000000001,null,null,null,null,8922.17,{"$f":"ROUND(ORÇAMENTO.CustoUnitario*(1+$AH240),2)","v":29.88}]
["S",2,"S",0,{"$f":"IF($C241=1,OFFSET(E241,-1,0)+MAX(1,COUNTIF(QCI!$A$13:$A$36,OFFSET(ORÇAMENTO!E241,-1,0))),OFFSET(E241,-1,0))","v":16},1,0,0,28,0,{"$f":"IF(OR($C241=\"S\",$C241=0),0,MATCH(OFFSET($D241,0,$C241)+IF($C241<>1,1,COUNTIF(QCI!$A$13:$A$36,ORÇAMENTO!E241)),OFFSET($D241,1,$C241,ROW($C$472)-ROW($C241)),0))","v":0},"F","Serviço","Serviço","16.1.0.28.","SINAPI","89357",{"$f":"IF($C241=\"S\",REFERENCIA.Descricao,\"(digite a descrição aqui)\")","v":"TUBO, PVC, SOLDÁVEL, DE 32MM, INSTALADO EM RAMAL OU SUB-RAMAL DE ÁGUA - FORNECIMENTO E INSTALAÇÃO. AF_06/2022"},{"$f":"REFERENCIA.Unidade","v":"M"},{"$f":"OFFSET(CÁLCULO!H$15,ROW($T241)-ROW(T$15),0)","v":31.4},32.78,"BDI 1",{"$f":"IF($C241=\"S\",ROUND(IF(TIPOORCAMENTO=\"Proposto\",ORÇAMENTO.CustoUnitario*(1+$AH241),ORÇAMENTO.PrecoUnitarioLicitado),15-13*$AF$10),0)","v":41.07},{"$f":"IF($C241=\"S\",IF(OR(Import.TipoArredondamento<>\"TransfereGOV\",ACOMPANHAMENTO=\"BM\"),VTOTAL1,SUM(OFFSET(CÁLCULO!$AI$15,ROW($X241)-ROW($X$15),1):OFFSET(CÁLCULO!$BB$15,ROW($X241)-ROW($X$15),-1))),IF($C241=0,0,ROUND(SomaAgrup,15-13*$AF$11)))","v":1289.5999999999999},"RA","RA",{"$f":"IF($C241=\"S\",IF($Z241=\"CP\",$X241,IF($Z241=\"RA\",(($X241)*QCI!$AA$3),0)),SomaAgrup)","v":111.59386417380996},{"$f":"IF($C241=\"S\",IF($Z241=\"OU\",ROUND($X241,2),0),SomaAgrup)","v":0},{"$f":"IF($N241=\"\",\" \",\nIF(AND($C241<>\"S\",OR($R241=\"\",$R241=\"(digite a descrição aqui)\")),\"DESCRIÇÃO\",\nIF(AND($C241=\"S\",OR($Q241<>\"\",$T241>0,$U241>0),$P241=\"\"),\"FONTE\",\nIF(AND($C241=\"S\",$P241<>\"\",OR($T241>0,$U241>0),$Q241=\"\"),\"CÓDIGO\",\nIF(AND($C241=\"S\",$P241<>\"\",$Q241<>\"\",$R241=\"(Código não identificado nas referências)\"),\"CÓDIGO N/ID\",\nIF(AND($C241=\"S\",OR($R241=\"\",$R241=\"(digite a descrição aqui)\"),OR($Q241<>\"\",$T241>0,$U241>0)),\"DESCRIÇÃO\",\nIF(AND($C241=\"S\",$P241<>\"\",$Q241<>\"\",$S241=\"\"),\"UNIDADE\",\nIF(AND($C241=\"S\",$P241<>\"\",$Q241<>\"\",$U241=0),\"SEM CUSTO\",\nIF(AND(TIPOORCAMENTO=\"Licitado\",$AL241=0,$AN241>0),\"SEM PREÇO\",\nIF(AND($C241=\"S\",$P241<>\"\",$Q241<>\"\",$U241>0,AND($V241<>\"BDI 1\",$V241<>\"BDI 2\",$V241<>\"BDI 3\")),IF(ISNUMBER($V241),\"JUSTIFICAR BDI\",\"BDI\"),\nIF(OR(AND(import.recurso=\"OGU\",TIPOORCAMENTO=\"Proposto\",LEFT($O$8,5)<>\"(N/D:\",$AG241<>\"\",ORÇAMENTO.CustoUnitario>$AG241),AND(TIPOORCAMENTO=\"LICITADO\",ORÇAMENTO.PrecoUnitarioLicitado>$AN241)),\"ACIMA REF.\",\nIF(AND($C241=\"S\",$P241<>\"\",$Q241<>\"\",$T241=0,$U241>0),\"QUANT.\",\nIF(AND(Import.TipoArredondamento=\"TransfereGOV\",$L241=\"F\",$C241=\"S\",LEN($Q241)>13),\"Código >13\",\nIF(AND(Import.TipoArredondamento=\"TransfereGOV\",$L241=\"F\",$C241<>\"S\",LEN($R241)>100),\"Descrição >100\",\nIF(AND(Import.TipoArredondamento=\"TransfereGOV\",$L241=\"F\",$C241=\"S\",LEN($R241)>500),\"Descrição >500\",\nIF(AND(Import.TipoArredondamento=\"TransfereGOV\",$L241=\"F\",$C241=\"S\",LEFT(TRIM(UPPER($P241)),6)<>\"SINAPI\",ISNA(VLOOKUP(TRIM(UPPER($S241)),ListaTgov.Unidades,1,FALSE))),\"Unid. Não Disp\",\n\" \"))))))))))))))))","v":" "},{"$f":"IF(C241<=CRONO.NivelExibicao,MAX($AD$15:OFFSET(AD241,-1,0))+IF($C241<>1,1,MAX(1,COUNTIF(QCI!$A$13:$A$36,OFFSET($E241,-1,0)))),\"\")","v":""},{"$f":"IF(AND($C241=\"S\",ORÇAMENTO.CodBarra<>\"\"),IF(ORÇAMENTO.Fonte=\"\",ORÇAMENTO.CodBarra,CONCATENATE(ORÇAMENTO.Fonte,\" \",ORÇAMENTO.CodBarra)))","v":"SINAPI 89357"},{"$f":"IF(ISERROR(ORÇAMENTO.BancoRef),\"(abra o arquivo 'Referência \"&Excel_BuiltIn_Database&\".xlsm)\",IF(OR($C241<>\"S\",ORÇAMENTO.CodBarra=\"\"),\"(Sem Código)\",IF(ISERROR(MATCH($AE241,INDIRECT(ORÇAMENTO.BancoRef),0)),\"(Código não identificado nas referências)\",MATCH($AE241,INDIRECT(ORÇAMENTO.BancoRef),0))))","v":11919},{"$f":"ROUND(IF(DESONERACAO=\"sim\",REFERENCIA.Desonerado,REFERENCIA.NaoDesonerado),2)","v":32.78},0.25290000000000001,null,null,null,null,1289.5999999999999,{"$f":"ROUND(ORÇAMENTO.CustoUnitario*(1+$AH241),2)","v":41.07}]
["S",2,"S",0,{"$f":"IF($C242=1,OFFSET(E242,-1,0)+MAX(1,COUNTIF(QCI!$A$13:$A$36,OFFSET(ORÇAMENTO!E242,-1,0))),OFFSET(E242,-1,0))","v":16},1,0,0,29,0,{"$f":"IF(OR($C242=\"S\",$C242=0),0,MATCH(OFFSET($D242,0,$C242)+IF($C242<>1,1,COUNTIF(QCI!$A$13:$A$36,ORÇAMENTO!E242)),OFFSET($D242,1,$C242,ROW($C$472)-ROW($C242)),0))","v":0},"F","Serviço","Serviço","16.1.0.29.","SINAPI","89448",{"$f":"IF($C242=\"S\",REFERENCIA.Descricao,\"(digite a descrição aqui)\")","v":"TUBO, PVC, SOLDÁVEL, DE 40MM, INSTALADO EM PRUMADA DE ÁGUA - FORNECIMENTO E INSTALAÇÃO. AF_06/2022"},{"$f":"REFERENCIA.Unidade","v":"M"},{"$f":"OFFSET(CÁLCULO!H$15,ROW($T242)-ROW(T$15),0)","v":0.1},16.63,"BDI 1",{"$f":"IF($C242=\"S\",ROUND(IF(TIPOORCAMENTO=\"Proposto\",ORÇAMENTO.CustoUnitario*(1+$AH242),ORÇAMENTO.PrecoUnitarioLicitado),15-13*$AF$10),0)","v":20.84},{"$f":"IF($C242=\"S\",IF(OR(Import.TipoArredondamento<>\"TransfereGOV\",ACOMPANHAMENTO=\"BM\"),VTOTAL1,SUM(OFFSET(CÁLCULO!$AI$15,ROW($X242)-ROW($X$15),1):OFFSET(CÁLCULO!$BB$15,ROW($X242)-ROW($X$15),-1))),IF($C242=0,0,ROUND(SomaAgrup,15-13*$AF$11)))","v":2.08},"RA","RA",{"$f":"IF($C242=\"S\",IF($Z242=\"CP\",$X242,IF($Z242=\"RA\",(($X242)*QCI!$AA$3),0)),SomaAgrup)","v":0.17999010350614514},{"$f":"IF($C242=\"S\",IF($Z242=\"OU\",ROUND($X242,2),0),SomaAgrup)","v":0},{"$f":"IF($N242=\"\",\" \",\nIF(AND($C242<>\"S\",OR($R242=\"\",$R242=\"(digite a descrição aqui)\")),\"DESCRIÇÃO\",\nIF(AND($C242=\"S\",OR($Q242<>\"\",$T242>0,$U242>0),$P242=\"\"),\"FONTE\",\nIF(AND($C242=\"S\",$P242<>\"\",OR($T242>0,$U242>0),$Q242=\"\"),\"CÓDIGO\",\nIF(AND($C242=\"S\",$P242<>\"\",$Q242<>\"\",$R242=\"(Código não identificado nas referências)\"),\"CÓDIGO N/ID\",\nIF(AND($C242=\"S\",OR($R242=\"\",$R242=\"(digite a descrição aqui)\"),OR($Q242<>\"\",$T242>0,$U242>0)),\"DESCRIÇÃO\",\nIF(AND($C242=\"S\",$P242<>\"\",$Q242<>\"\",$S242=\"\"),\"UNIDADE\",\nIF(AND($C242=\"S\",$P242<>\"\",$Q242<>\"\",$U242=0),\"SEM CUSTO\",\nIF(AND(TIPOORCAMENTO=\"Licitado\",$AL242=0,$AN242>0),\"SEM PREÇO\",\nIF(AND($C242=\"S\",$P242<>\"\",$Q242<>\"\",$U242>0,AND($V242<>\"BDI 1\",$V242<>\"BDI 2\",$V242<>\"BDI 3\")),IF(ISNUMBER($V242),\"JUSTIFICAR BDI\",\"BDI\"),\nIF(OR(AND(import.recurso=\"OGU\",TIPOORCAMENTO=\"Proposto\",LEFT($O$8,5)<>\"(N/D:\",$AG242<>\"\",ORÇAMENTO.CustoUnitario>$AG242),AND(TIPOORCAMENTO=\"LICITADO\",ORÇAMENTO.PrecoUnitarioLicitado>$AN242)),\"ACIMA REF.\",\nIF(AND($C242=\"S\",$P242<>\"\",$Q242<>\"\",$T242=0,$U242>0),\"QUANT.\",\nIF(AND(Import.TipoArredondamento=\"TransfereGOV\",$L242=\"F\",$C242=\"S\",LEN($Q242)>13),\"Código >13\",\nIF(AND(Import.TipoArredondamento=\"TransfereGOV\",$L242=\"F\",$C242<>\"S\",LEN($R242)>100),\"Descrição >100\",\nIF(AND(Import.TipoArredondamento=\"TransfereGOV\",$L242=\"F\",$C242=\"S\",LEN($R242)>500),\"Descrição >500\",\nIF(AND(Import.TipoArredondamento=\"TransfereGOV\",$L242=\"F\",$C242=\"S\",LEFT(TRIM(UPPER($P242)),6)<>\"SINAPI\",ISNA(VLOOKUP(TRIM(UPPER($S242)),ListaTgov.Unidades,1,FALSE))),\"Unid. Não Disp\",\n\" \"))))))))))))))))","v":" "},{"$f":"IF(C242<=CRONO.NivelExibicao,MAX($AD$15:OFFSET(AD242,-1,0))+IF($C242<>1,1,MAX(1,COUNTIF(QCI!$A$13:$A$36,OFFSET($E242,-1,0)))),\"\")","v":""},{"$f":"IF(AND($C242=\"S\",ORÇAMENTO.CodBarra<>\"\"),IF(ORÇAMENTO.Fonte=\"\",ORÇAMENTO.CodBarra,CONCATENATE(ORÇAMENTO.Fonte,\" \",ORÇAMENTO.CodBarra)))","v":"SINAPI 89448"},{"$f":"IF(ISERROR(ORÇAMENTO.BancoRef),\"(abra o arquivo 'Referência \"&Excel_BuiltIn_Database&\".xlsm)\",IF(OR($C242<>\"S\",ORÇAMENTO.CodBarra=\"\"),\"(Sem Código)\",IF(ISERROR(MATCH($AE242,INDIRECT(ORÇAMENTO.BancoRef),0)),\"(Código não identificado nas referências)\",MATCH($AE242,INDIRECT(ORÇAMENTO.BancoRef),0))))","v":11920},{"$f":"ROUND(IF(DESONERACAO=\"sim\",REFERENCIA.Desonerado,REFERENCIA.NaoDesonerado),2)","v":16.63},0.25290000000000001,null,null,null,null,2.08,{"$f":"ROUND(ORÇAMENTO.CustoUnitario*(1+$AH242),2)","v":20.84}]
["S",2,"S",0,{"$f":"IF($C243=1,OFFSET(E243,-1,0)+MAX(1,COUNTIF(QCI!$A$13:$A$36,OFFSET(ORÇAMENTO!E243,-1,0))),OFFSET(E243,-1,0))","v":16},1,0,0,30,0,{"$f":"IF(OR($C243=\"S\",$C243=0),0,MATCH(OFFSET($D243,0,$C243)+IF($C243<>1,1,COUNTIF(QCI!$A$13:$A$36,ORÇAMENTO!E243)),OFFSET($D243,1,$C243,ROW($C$472)-ROW($C243)),0))","v":0},"F","Serviço","Serviço","16.1.0.30.","SINAPI","89869",{"$f":"IF($C243=\"S\",REFERENCIA.Descricao,\"(digite a descrição aqui)\")","v":"TE, PVC, SOLDÁVEL, DN 25MM, INSTALADO EM DRENO DE AR-CONDICIONADO - FORNECIMENTO E INSTALAÇÃO. AF_08/2022"},{"$f":"REFERENCIA.Unidade","v":"UN"},{"$f":"OFFSET(CÁLCULO!H$15,ROW($T243)-ROW(T$15),0)","v":37},10.45,"BDI 1",{"$f":"IF($C243=\"S\",ROUND(IF(TIPOORCAMENTO=\"Proposto\",ORÇAMENTO.CustoUnitario*(1+$AH243),ORÇAMENTO.PrecoUnitarioLicitado),15-13*$AF$10),0)","v":13.09},{"$f":"IF($C243=\"S\",IF(OR(Import.TipoArredondamento<>\"TransfereGOV\",ACOMPANHAMENTO=\"BM\"),VTOTAL1,SUM(OFFSET(CÁLCULO!$AI$15,ROW($X243)-ROW($X$15),1):OFFSET(CÁLCULO!$BB$15,ROW($X243)-ROW($X$15),-1))),IF($C243=0,0,ROUND(SomaAgrup,15-13*$AF$11)))","v":484.33},"RA","RA",{"$f":"IF($C243=\"S\",IF($Z243=\"CP\",$X243,IF($Z243=\"RA\",(($X243)*QCI!$AA$3),0)),SomaAgrup)","v":41.910868668813109},{"$f":"IF($C243=\"S\",IF($Z243=\"OU\",ROUND($X243,2),0),SomaAgrup)","v":0},{"$f":"IF($N243=\"\",\" \",\nIF(AND($C243<>\"S\",OR($R243=\"\",$R243=\"(digite a descrição aqui)\")),\"DESCRIÇÃO\",\nIF(AND($C243=\"S\",OR($Q243<>\"\",$T243>0,$U243>0),$P243=\"\"),\"FONTE\",\nIF(AND($C243=\"S\",$P243<>\"\",OR($T243>0,$U243>0),$Q243=\"\"),\"CÓDIGO\",\nIF(AND($C243=\"S\",$P243<>\"\",$Q243<>\"\",$R243=\"(Código não identificado nas referências)\"),\"CÓDIGO N/ID\",\nIF(AND($C243=\"S\",OR($R243=\"\",$R243=\"(digite a descrição aqui)\"),OR($Q243<>\"\",$T243>0,$U243>0)),\"DESCRIÇÃO\",\nIF(AND($C243=\"S\",$P243<>\"\",$Q243<>\"\",$S243=\"\"),\"UNIDADE\",\nIF(AND($C243=\"S\",$P243<>\"\",$Q243<>\"\",$U243=0),\"SEM CUSTO\",\nIF(AND(TIPOORCAMENTO=\"Licitado\",$AL243=0,$AN243>0),\"SEM PREÇO\",\nIF(AND($C243=\"S\",$P243<>\"\",$Q243<>\"\",$U243>0,AND($V243<>\"BDI 1\",$V243<>\"BDI 2\",$V243<>\"BDI 3\")),IF(ISNUMBER($V243),\"JUSTIFICAR BDI\",\"BDI\"),\nIF(OR(AND(import.recurso=\"OGU\",TIPOORCAMENTO=\"Proposto\",LEFT($O$8,5)<>\"(N/D:\",$AG243<>\"\",ORÇAMENTO.CustoUnitario>$AG243),AND(TIPOORCAMENTO=\"LICITADO\",ORÇAMENTO.PrecoUnitarioLicitado>$AN243)),\"ACIMA REF.\",\nIF(AND($C243=\"S\",$P243<>\"\",$Q243<>\"\",$T243=0,$U243>0),\"QUANT.\",\nIF(AND(Import.TipoArredondamento=\"TransfereGOV\",$L243=\"F\",$C243=\"S\",LEN($Q243)>13),\"Código >13\",\nIF(AND(Import.TipoArredondamento=\"TransfereGOV\",$L243=\"F\",$C243<>\"S\",LEN($R243)>100),\"Descrição >100\",\nIF(AND(Import.TipoArredondamento=\"TransfereGOV\",$L243=\"F\",$C243=\"S\",LEN($R243)>500),\"Descrição >500\",\nIF(AND(Import.TipoArredondamento=\"TransfereGOV\",$L243=\"F\",$C243=\"S\",LEFT(TRIM(UPPER($P243)),6)<>\"SINAPI\",ISNA(VLOOKUP(TRIM(UPPER($S243)),ListaTgov.Unidades,1,FALSE))),\"Unid. Não Disp\",\n\" \"))))))))))))))))","v":" "},{"$f":"IF(C243<=CRONO.NivelExibicao,MAX($AD$15:OFFSET(AD243,-1,0))+IF($C243<>1,1,MAX(1,COUNTIF(QCI!$A$13:$A$36,OFFSET($E243,-1,0)))),\"\")","v":""},{"$f":"IF(AND($C243=\"S\",ORÇAMENTO.CodBarra<>\"\"),IF(ORÇAMENTO.Fonte=\"\",ORÇAMENTO.CodBarra,CONCATENATE(ORÇAMENTO.Fonte,\" \",ORÇAMENTO.CodBarra)))","v":"SINAPI 89869"},{"$f":"IF(ISERROR(ORÇAMENTO.BancoRef),\"(abra o arquivo 'Referência \"&Excel_BuiltIn_Database&\".xlsm)\",IF(OR($C243<>\"S\",ORÇAMENTO.CodBarra=\"\"),\"(Sem Código)\",IF(ISERROR(MATCH($AE243,INDIRECT(ORÇAMENTO.BancoRef),0)),\"(Código não identificado nas referências)\",MATCH($AE243,INDIRECT(ORÇAMENTO.BancoRef),0))))","v":9025},{"$f":"ROUND(IF(DESONERACAO=\"sim\",REFERENCIA.Desonerado,REFERENCIA.NaoDesonerado),2)","v":10.45},0.25290000000000001,null,null,null,null,484.33,{"$f":"ROUND(ORÇAMENTO.CustoUnitario*(1+$AH243),2)","v":13.09}]
["S",2,"S",0,{"$f":"IF($C244=1,OFFSET(E244,-1,0)+MAX(1,COUNTIF(QCI!$A$13:$A$36,OFFSET(ORÇAMENTO!E244,-1,0))),OFFSET(E244,-1,0))","v":16},1,0,0,31,0,{"$f":"IF(OR($C244=\"S\",$C244=0),0,MATCH(OFFSET($D244,0,$C244)+IF($C244<>1,1,COUNTIF(QCI!$A$13:$A$36,ORÇAMENTO!E244)),OFFSET($D244,1,$C244,ROW($C$472)-ROW($C244)),0))","v":0},"F","Serviço","Serviço","16.1.0.31.","SINAPI","94690",{"$f":"IF($C244=\"S\",REFERENCIA.Descricao,\"(digite a descrição aqui)\")","v":"TÊ, PVC, SOLDÁVEL, DN 32 MM INSTALADO EM RESERVAÇÃO PREDIAL DE ÁGUA - FORNECIMENTO E INSTALAÇÃO. AF_04/2024"},{"$f":"REFERENCIA.Unidade","v":"UN"},{"$f":"OFFSET(CÁLCULO!H$15,ROW($T244)-ROW(T$15),0)","v":1},11.36,"BDI 1",{"$f":"IF($C244=\"S\",ROUND(IF(TIPOORCAMENTO=\"Proposto\",ORÇAMENTO.CustoUnitario*(1+$AH244),ORÇAMENTO.PrecoUnitarioLicitado),15-13*$AF$10),0)","v":14.23},{"$f":"IF($C244=\"S\",IF(OR(Import.TipoArredondamento<>\"TransfereGOV\",ACOMPANHAMENTO=\"BM\"),VTOTAL1,SUM(OFFSET(CÁLCULO!$AI$15,ROW($X244)-ROW($X$15),1):OFFSET(CÁLCULO!$BB$15,ROW($X244)-ROW($X$15),-1))),IF($C244=0,0,ROUND(SomaAgrup,15-13*$AF$11)))","v":14.23},"RA","RA",{"$f":"IF($C244=\"S\",IF($Z244=\"CP\",$X244,IF($Z244=\"RA\",(($X244)*QCI!$AA$3),0)),SomaAgrup)","v":1.231374602352137},{"$f":"IF($C244=\"S\",IF($Z244=\"OU\",ROUND($X244,2),0),SomaAgrup)","v":0},{"$f":"IF($N244=\"\",\" \",\nIF(AND($C244<>\"S\",OR($R244=\"\",$R244=\"(digite a descrição aqui)\")),\"DESCRIÇÃO\",\nIF(AND($C244=\"S\",OR($Q244<>\"\",$T244>0,$U244>0),$P244=\"\"),\"FONTE\",\nIF(AND($C244=\"S\",$P244<>\"\",OR($T244>0,$U244>0),$Q244=\"\"),\"CÓDIGO\",\nIF(AND($C244=\"S\",$P244<>\"\",$Q244<>\"\",$R244=\"(Código não identificado nas referências)\"),\"CÓDIGO N/ID\",\nIF(AND($C244=\"S\",OR($R244=\"\",$R244=\"(digite a descrição aqui)\"),OR($Q244<>\"\",$T244>0,$U244>0)),\"DESCRIÇÃO\",\nIF(AND($C244=\"S\",$P244<>\"\",$Q244<>\"\",$S244=\"\"),\"UNIDADE\",\nIF(AND($C244=\"S\",$P244<>\"\",$Q244<>\"\",$U244=0),\"SEM CUSTO\",\nIF(AND(TIPOORCAMENTO=\"Licitado\",$AL244=0,$AN244>0),\"SEM PREÇO\",\nIF(AND($C244=\"S\",$P244<>\"\",$Q244<>\"\",$U244>0,AND($V244<>\"BDI 1\",$V244<>\"BDI 2\",$V244<>\"BDI 3\")),IF(ISNUMBER($V244),\"JUSTIFICAR BDI\",\"BDI\"),\nIF(OR(AND(import.recurso=\"OGU\",TIPOORCAMENTO=\"Proposto\",LEFT($O$8,5)<>\"(N/D:\",$AG244<>\"\",ORÇAMENTO.CustoUnitario>$AG244),AND(TIPOORCAMENTO=\"LICITADO\",ORÇAMENTO.PrecoUnitarioLicitado>$AN244)),\"ACIMA REF.\",\nIF(AND($C244=\"S\",$P244<>\"\",$Q244<>\"\",$T244=0,$U244>0),\"QUANT.\",\nIF(AND(Import.TipoArredondamento=\"TransfereGOV\",$L244=\"F\",$C244=\"S\",LEN($Q244)>13),\"Código >13\",\nIF(AND(Import.TipoArredondamento=\"TransfereGOV\",$L244=\"F\",$C244<>\"S\",LEN($R244)>100),\"Descrição >100\",\nIF(AND(Import.TipoArredondamento=\"TransfereGOV\",$L244=\"F\",$C244=\"S\",LEN($R244)>500),\"Descrição >500\",\nIF(AND(Import.TipoArredondamento=\"TransfereGOV\",$L244=\"F\",$C244=\"S\",LEFT(TRIM(UPPER($P244)),6)<>\"SINAPI\",ISNA(VLOOKUP(TRIM(UPPER($S244)),ListaTgov.Unidades,1,FALSE))),\"Unid. Não Disp\",\n\" \"))))))))))))))))","v":" "},{"$f":"IF(C244<=CRONO.NivelExibicao,MAX($AD$15:OFFSET(AD244,-1,0))+IF($C244<>1,1,MAX(1,COUNTIF(QCI!$A$13:$A$36,OFFSET($E244,-1,0)))),\"\")","v":""},{"$f":"IF(AND($C244=\"S\",ORÇAMENTO.CodBarra<>\"\"),IF(ORÇAMENTO.Fonte=\"\",ORÇAMENTO.CodBarra,CONCATENATE(ORÇAMENTO.Fonte,\" \",ORÇAMENTO.CodBarra)))","v":"SINAPI 94690"},{"$f":"IF(ISERROR(ORÇAMENTO.BancoRef),\"(abra o arquivo 'Referência \"&Excel_BuiltIn_Database&\".xlsm)\",IF(OR($C244<>\"S\",ORÇAMENTO.CodBarra=\"\"),\"(Sem Código)\",IF(ISERROR(MATCH($AE244,INDIRECT(ORÇAMENTO.BancoRef),0)),\"(Código não identificado nas referências)\",MATCH($AE244,INDIRECT(ORÇAMENTO.BancoRef),0))))","v":11381},{"$f":"ROUND(IF(DESONERACAO=\"sim\",REFERENCIA.Desonerado,REFERENCIA.NaoDesonerado),2)","v":11.36},0.25290000000000001,null,null,null,null,14.23,{"$f":"ROUND(ORÇAMENTO.CustoUnitario*(1+$AH244),2)","v":14.23}]
["S",2,"S",0,{"$f":"IF($C245=1,OFFSET(E245,-1,0)+MAX(1,COUNTIF(QCI!$A$13:$A$36,OFFSET(ORÇAMENTO!E245,-1,0))),OFFSET(E245,-1,0))","v":16},1,0,0,32,0,{"$f":"IF(OR($C245=\"S\",$C245=0),0,MATCH(OFFSET($D245,0,$C245)+IF($C245<>1,1,COUNTIF(QCI!$A$13:$A$36,ORÇAMENTO!E245)),OFFSET($D245,1,$C245,ROW($C$472)-ROW($C245)),0))","v":0},"F","Serviço","Serviço","16.1.0.32.","SINAPI","104008",{"$f":"IF($C245=\"S\",REFERENCIA.Descricao,\"(digite a descrição aqui)\")","v":"TE DE REDUÇÃO, 90 GRAUS, PVC, SOLDÁVEL, DN 50 MM X 32 MM, INSTALADO EM RAMAL DE DISTRIBUIÇÃO DE ÁGUA - FORNECIMENTO E INSTALAÇÃO. AF_06/2022"},{"$f":"REFERENCIA.Unidade","v":"UN"},{"$f":"OFFSET(CÁLCULO!H$15,ROW($T245)-ROW(T$15),0)","v":2},32.03,"BDI 1",{"$f":"IF($C245=\"S\",ROUND(IF(TIPOORCAMENTO=\"Proposto\",ORÇAMENTO.CustoUnitario*(1+$AH245),ORÇAMENTO.PrecoUnitarioLicitado),15-13*$AF$10),0)","v":40.130000000000003},{"$f":"IF($C245=\"S\",IF(OR(Import.TipoArredondamento<>\"TransfereGOV\",ACOMPANHAMENTO=\"BM\"),VTOTAL1,SUM(OFFSET(CÁLCULO!$AI$15,ROW($X245)-ROW($X$15),1):OFFSET(CÁLCULO!$BB$15,ROW($X245)-ROW($X$15),-1))),IF($C245=0,0,ROUND(SomaAgrup,15-13*$AF$11)))","v":80.260000000000005},"RA","RA",{"$f":"IF($C245=\"S\",IF($Z245=\"CP\",$X245,IF($Z245=\"RA\",(($X245)*QCI!$AA$3),0)),SomaAgrup)","v":6.9451950516361576},{"$f":"IF($C245=\"S\",IF($Z245=\"OU\",ROUND($X245,2),0),SomaAgrup)","v":0},{"$f":"IF($N245=\"\",\" \",\nIF(AND($C245<>\"S\",OR($R245=\"\",$R245=\"(digite a descrição aqui)\")),\"DESCRIÇÃO\",\nIF(AND($C245=\"S\",OR($Q245<>\"\",$T245>0,$U245>0),$P245=\"\"),\"FONTE\",\nIF(AND($C245=\"S\",$P245<>\"\",OR($T245>0,$U245>0),$Q245=\"\"),\"CÓDIGO\",\nIF(AND($C245=\"S\",$P245<>\"\",$Q245<>\"\",$R245=\"(Código não identificado nas referências)\"),\"CÓDIGO N/ID\",\nIF(AND($C245=\"S\",OR($R245=\"\",$R245=\"(digite a descrição aqui)\"),OR($Q245<>\"\",$T245>0,$U245>0)),\"DESCRIÇÃO\",\nIF(AND($C245=\"S\",$P245<>\"\",$Q245<>\"\",$S245=\"\"),\"UNIDADE\",\nIF(AND($C245=\"S\",$P245<>\"\",$Q245<>\"\",$U245=0),\"SEM CUSTO\",\nIF(AND(TIPOORCAMENTO=\"Licitado\",$AL245=0,$AN245>0),\"SEM PREÇO\",\nIF(AND($C245=\"S\",$P245<>\"\",$Q245<>\"\",$U245>0,AND($V245<>\"BDI 1\",$V245<>\"BDI 2\",$V245<>\"BDI 3\")),IF(ISNUMBER($V245),\"JUSTIFICAR BDI\",\"BDI\"),\nIF(OR(AND(import.recurso=\"OGU\",TIPOORCAMENTO=\"Proposto\",LEFT($O$8,5)<>\"(N/D:\",$AG245<>\"\",ORÇAMENTO.CustoUnitario>$AG245),AND(TIPOORCAMENTO=\"LICITADO\",ORÇAMENTO.PrecoUnitarioLicitado>$AN245)),\"ACIMA REF.\",\nIF(AND($C245=\"S\",$P245<>\"\",$Q245<>\"\",$T245=0,$U245>0),\"QUANT.\",\nIF(AND(Import.TipoArredondamento=\"TransfereGOV\",$L245=\"F\",$C245=\"S\",LEN($Q245)>13),\"Código >13\",\nIF(AND(Import.TipoArredondamento=\"TransfereGOV\",$L245=\"F\",$C245<>\"S\",LEN($R245)>100),\"Descrição >100\",\nIF(AND(Import.TipoArredondamento=\"TransfereGOV\",$L245=\"F\",$C245=\"S\",LEN($R245)>500),\"Descrição >500\",\nIF(AND(Import.TipoArredondamento=\"TransfereGOV\",$L245=\"F\",$C245=\"S\",LEFT(TRIM(UPPER($P245)),6)<>\"SINAPI\",ISNA(VLOOKUP(TRIM(UPPER($S245)),ListaTgov.Unidades,1,FALSE))),\"Unid. Não Disp\",\n\" \"))))))))))))))))","v":" "},{"$f":"IF(C245<=CRONO.NivelExibicao,MAX($AD$15:OFFSET(AD245,-1,0))+IF($C245<>1,1,MAX(1,COUNTIF(QCI!$A$13:$A$36,OFFSET($E245,-1,0)))),\"\")","v":""},{"$f":"IF(AND($C245=\"S\",ORÇAMENTO.CodBarra<>\"\"),IF(ORÇAMENTO.Fonte=\"\",ORÇAMENTO.CodBarra,CONCATENATE(ORÇAMENTO.Fonte,\" \",ORÇAMENTO.CodBarra)))","v":"SINAPI 104008"},{"$f":"IF(ISERROR(ORÇAMENTO.BancoRef),\"(abra o arquivo 'Referência \"&Excel_BuiltIn_Database&\".xlsm)\",IF(OR($C245<>\"S\",ORÇAMENTO.CodBarra=\"\"),\"(Sem Código)\",IF(ISERROR(MATCH($AE245,INDIRECT(ORÇAMENTO.BancoRef),0)),\"(Código não identificado nas referências)\",MATCH($AE245,INDIRECT(ORÇAMENTO.BancoRef),0))))","v":11894},{"$f":"ROUND(IF(DESONERACAO=\"sim\",REFERENCIA.Desonerado,REFERENCIA.NaoDesonerado),2)","v":32.03},0.25290000000000001,null,null,null,null,80.260000000000005,{"$f":"ROUND(ORÇAMENTO.CustoUnitario*(1+$AH245),2)","v":40.130000000000003}]
["S",2,"S",0,{"$f":"IF($C246=1,OFFSET(E246,-1,0)+MAX(1,COUNTIF(QCI!$A$13:$A$36,OFFSET(ORÇAMENTO!E246,-1,0))),OFFSET(E246,-1,0))","v":16},1,0,0,33,0,{"$f":"IF(OR($C246=\"S\",$C246=0),0,MATCH(OFFSET($D246,0,$C246)+IF($C246<>1,1,COUNTIF(QCI!$A$13:$A$36,ORÇAMENTO!E246)),OFFSET($D246,1,$C246,ROW($C$472)-ROW($C246)),0))","v":0},"F","Serviço","Serviço","16.1.0.33.","SINAPI","89400",{"$f":"IF($C246=\"S\",REFERENCIA.Descricao,\"(digite a descrição aqui)\")","v":"TÊ DE REDUÇÃO, PVC, SOLDÁVEL, DN 32MM X 25MM, INSTALADO EM RAMAL OU SUB-RAMAL DE ÁGUA - FORNECIMENTO E INSTALAÇÃO. AF_06/2022"},{"$f":"REFERENCIA.Unidade","v":"UN"},{"$f":"OFFSET(CÁLCULO!H$15,ROW($T246)-ROW(T$15),0)","v":15},20.32,"BDI 1",{"$f":"IF($C246=\"S\",ROUND(IF(TIPOORCAMENTO=\"Proposto\",ORÇAMENTO.CustoUnitario*(1+$AH246),ORÇAMENTO.PrecoUnitarioLicitado),15-13*$AF$10),0)","v":25.46},{"$f":"IF($C246=\"S\",IF(OR(Import.TipoArredondamento<>\"TransfereGOV\",ACOMPANHAMENTO=\"BM\"),VTOTAL1,SUM(OFFSET(CÁLCULO!$AI$15,ROW($X246)-ROW($X$15),1):OFFSET(CÁLCULO!$BB$15,ROW($X246)-ROW($X$15),-1))),IF($C246=0,0,ROUND(SomaAgrup,15-13*$AF$11)))","v":381.9},"RA","RA",{"$f":"IF($C246=\"S\",IF($Z246=\"CP\",$X246,IF($Z246=\"RA\",(($X246)*QCI!$AA$3),0)),SomaAgrup)","v":33.047221408171545},{"$f":"IF($C246=\"S\",IF($Z246=\"OU\",ROUND($X246,2),0),SomaAgrup)","v":0},{"$f":"IF($N246=\"\",\" \",\nIF(AND($C246<>\"S\",OR($R246=\"\",$R246=\"(digite a descrição aqui)\")),\"DESCRIÇÃO\",\nIF(AND($C246=\"S\",OR($Q246<>\"\",$T246>0,$U246>0),$P246=\"\"),\"FONTE\",\nIF(AND($C246=\"S\",$P246<>\"\",OR($T246>0,$U246>0),$Q246=\"\"),\"CÓDIGO\",\nIF(AND($C246=\"S\",$P246<>\"\",$Q246<>\"\",$R246=\"(Código não identificado nas referências)\"),\"CÓDIGO N/ID\",\nIF(AND($C246=\"S\",OR($R246=\"\",$R246=\"(digite a descrição aqui)\"),OR($Q246<>\"\",$T246>0,$U246>0)),\"DESCRIÇÃO\",\nIF(AND($C246=\"S\",$P246<>\"\",$Q246<>\"\",$S246=\"\"),\"UNIDADE\",\nIF(AND($C246=\"S\",$P246<>\"\",$Q246<>\"\",$U246=0),\"SEM CUSTO\",\nIF(AND(TIPOORCAMENTO=\"Licitado\",$AL246=0,$AN246>0),\"SEM PREÇO\",\nIF(AND($C246=\"S\",$P246<>\"\",$Q246<>\"\",$U246>0,AND($V246<>\"BDI 1\",$V246<>\"BDI 2\",$V246<>\"BDI 3\")),IF(ISNUMBER($V246),\"JUSTIFICAR BDI\",\"BDI\"),\nIF(OR(AND(import.recurso=\"OGU\",TIPOORCAMENTO=\"Proposto\",LEFT($O$8,5)<>\"(N/D:\",$AG246<>\"\",ORÇAMENTO.CustoUnitario>$AG246),AND(TIPOORCAMENTO=\"LICITADO\",ORÇAMENTO.PrecoUnitarioLicitado>$AN246)),\"ACIMA REF.\",\nIF(AND($C246=\"S\",$P246<>\"\",$Q246<>\"\",$T246=0,$U246>0),\"QUANT.\",\nIF(AND(Import.TipoArredondamento=\"TransfereGOV\",$L246=\"F\",$C246=\"S\",LEN($Q246)>13),\"Código >13\",\nIF(AND(Import.TipoArredondamento=\"TransfereGOV\",$L246=\"F\",$C246<>\"S\",LEN($R246)>100),\"Descrição >100\",\nIF(AND(Import.TipoArredondamento=\"TransfereGOV\",$L246=\"F\",$C246=\"S\",LEN($R246)>500),\"Descrição >500\",\nIF(AND(Import.TipoArredondamento=\"TransfereGOV\",$L246=\"F\",$C246=\"S\",LEFT(TRIM(UPPER($P246)),6)<>\"SINAPI\",ISNA(VLOOKUP(TRIM(UPPER($S246)),ListaTgov.Unidades,1,FALSE))),\"Unid. Não Disp\",\n\" \"))))))))))))))))","v":" "},{"$f":"IF(C246<=CRONO.NivelExibicao,MAX($AD$15:OFFSET(AD246,-1,0))+IF($C246<>1,1,MAX(1,COUNTIF(QCI!$A$13:$A$36,OFFSET($E246,-1,0)))),\"\")","v":""},{"$f":"IF(AND($C246=\"S\",ORÇAMENTO.CodBarra<>\"\"),IF(ORÇAMENTO.Fonte=\"\",ORÇAMENTO.CodBarra,CONCATENATE(ORÇAMENTO.Fonte,\" \",ORÇAMENTO.CodBarra)))","v":"SINAPI 89400"},{"$f":"IF(ISERROR(ORÇAMENTO.BancoRef),\"(abra o arquivo 'Referência \"&Excel_BuiltIn_Database&\".xlsm)\",IF(OR($C246<>\"S\",ORÇAMENTO.CodBarra=\"\"),\"(Sem Código)\",IF(ISERROR(MATCH($AE246,INDIRECT(ORÇAMENTO.BancoRef),0)),\"(Código não identificado nas referências)\",MATCH($AE246,INDIRECT(ORÇAMENTO.BancoRef),0))))","v":11936},{"$f":"ROUND(IF(DESONERACAO=\"sim\",REFERENCIA.Desonerado,REFERENCIA.NaoDesonerado),2)","v":20.32},0.25290000000000001,null,null,null,null,381.9,{"$f":"ROUND(ORÇAMENTO.CustoUnitario*(1+$AH246),2)","v":25.46}]
["S",2,"S",0,{"$f":"IF($C247=1,OFFSET(E247,-1,0)+MAX(1,COUNTIF(QCI!$A$13:$A$36,OFFSET(ORÇAMENTO!E247,-1,0))),OFFSET(E247,-1,0))","v":16},1,0,0,34,0,{"$f":"IF(OR($C247=\"S\",$C247=0),0,MATCH(OFFSET($D247,0,$C247)+IF($C247<>1,1,COUNTIF(QCI!$A$13:$A$36,ORÇAMENTO!E247)),OFFSET($D247,1,$C247,ROW($C$472)-ROW($C247)),0))","v":0},"F","Serviço","Serviço","16.1.0.34.","SINAPI","89627",{"$f":"IF($C247=\"S\",REFERENCIA.Descricao,\"(digite a descrição aqui)\")","v":"TÊ DE REDUÇÃO, PVC, SOLDÁVEL, DN 50MM X 25MM, INSTALADO EM PRUMADA DE ÁGUA - FORNECIMENTO E INSTALAÇÃO. AF_06/2022"},{"$f":"REFERENCIA.Unidade","v":"UN"},{"$f":"OFFSET(CÁLCULO!H$15,ROW($T247)-ROW(T$15),0)","v":1},20.34,"BDI 1",{"$f":"IF($C247=\"S\",ROUND(IF(TIPOORCAMENTO=\"Proposto\",ORÇAMENTO.CustoUnitario*(1+$AH247),ORÇAMENTO.PrecoUnitarioLicitado),15-13*$AF$10),0)","v":25.48},{"$f":"IF($C247=\"S\",IF(OR(Import.TipoArredondamento<>\"TransfereGOV\",ACOMPANHAMENTO=\"BM\"),VTOTAL1,SUM(OFFSET(CÁLCULO!$AI$15,ROW($X247)-ROW($X$15),1):OFFSET(CÁLCULO!$BB$15,ROW($X247)-ROW($X$15),-1))),IF($C247=0,0,ROUND(SomaAgrup,15-13*$AF$11)))","v":25.48},"RA","RA",{"$f":"IF($C247=\"S\",IF($Z247=\"CP\",$X247,IF($Z247=\"RA\",(($X247)*QCI!$AA$3),0)),SomaAgrup)","v":2.2048787679502779},{"$f":"IF($C247=\"S\",IF($Z247=\"OU\",ROUND($X247,2),0),SomaAgrup)","v":0},{"$f":"IF($N247=\"\",\" \",\nIF(AND($C247<>\"S\",OR($R247=\"\",$R247=\"(digite a descrição aqui)\")),\"DESCRIÇÃO\",\nIF(AND($C247=\"S\",OR($Q247<>\"\",$T247>0,$U247>0),$P247=\"\"),\"FONTE\",\nIF(AND($C247=\"S\",$P247<>\"\",OR($T247>0,$U247>0),$Q247=\"\"),\"CÓDIGO\",\nIF(AND($C247=\"S\",$P247<>\"\",$Q247<>\"\",$R247=\"(Código não identificado nas referências)\"),\"CÓDIGO N/ID\",\nIF(AND($C247=\"S\",OR($R247=\"\",$R247=\"(digite a descrição aqui)\"),OR($Q247<>\"\",$T247>0,$U247>0)),\"DESCRIÇÃO\",\nIF(AND($C247=\"S\",$P247<>\"\",$Q247<>\"\",$S247=\"\"),\"UNIDADE\",\nIF(AND($C247=\"S\",$P247<>\"\",$Q247<>\"\",$U247=0),\"SEM CUSTO\",\nIF(AND(TIPOORCAMENTO=\"Licitado\",$AL247=0,$AN247>0),\"SEM PREÇO\",\nIF(AND($C247=\"S\",$P247<>\"\",$Q247<>\"\",$U247>0,AND($V247<>\"BDI 1\",$V247<>\"BDI 2\",$V247<>\"BDI 3\")),IF(ISNUMBER($V247),\"JUSTIFICAR BDI\",\"BDI\"),\nIF(OR(AND(import.recurso=\"OGU\",TIPOORCAMENTO=\"Proposto\",LEFT($O$8,5)<>\"(N/D:\",$AG247<>\"\",ORÇAMENTO.CustoUnitario>$AG247),AND(TIPOORCAMENTO=\"LICITADO\",ORÇAMENTO.PrecoUnitarioLicitado>$AN247)),\"ACIMA REF.\",\nIF(AND($C247=\"S\",$P247<>\"\",$Q247<>\"\",$T247=0,$U247>0),\"QUANT.\",\nIF(AND(Import.TipoArredondamento=\"TransfereGOV\",$L247=\"F\",$C247=\"S\",LEN($Q247)>13),\"Código >13\",\nIF(AND(Import.TipoArredondamento=\"TransfereGOV\",$L247=\"F\",$C247<>\"S\",LEN($R247)>100),\"Descrição >100\",\nIF(AND(Import.TipoArredondamento=\"TransfereGOV\",$L247=\"F\",$C247=\"S\",LEN($R247)>500),\"Descrição >500\",\nIF(AND(Import.TipoArredondamento=\"TransfereGOV\",$L247=\"F\",$C247=\"S\",LEFT(TRIM(UPPER($P247)),6)<>\"SINAPI\",ISNA(VLOOKUP(TRIM(UPPER($S247)),ListaTgov.Unidades,1,FALSE))),\"Unid. Não Disp\",\n\" \"))))))))))))))))","v":" "},{"$f":"IF(C247<=CRONO.NivelExibicao,MAX($AD$15:OFFSET(AD247,-1,0))+IF($C247<>1,1,MAX(1,COUNTIF(QCI!$A$13:$A$36,OFFSET($E247,-1,0)))),\"\")","v":""},{"$f":"IF(AND($C247=\"S\",ORÇAMENTO.CodBarra<>\"\"),IF(ORÇAMENTO.Fonte=\"\",ORÇAMENTO.CodBarra,CONCATENATE(ORÇAMENTO.Fonte,\" \",ORÇAMENTO.CodBarra)))","v":"SINAPI 89627"},{"$f":"IF(ISERROR(ORÇAMENTO.BancoRef),\"(abra o arquivo 'Referência \"&Excel_BuiltIn_Database&\".xlsm)\",IF(OR($C247<>\"S\",ORÇAMENTO.CodBarra=\"\"),\"(Sem Código)\",IF(ISERROR(MATCH($AE247,INDIRECT(ORÇAMENTO.BancoRef),0)),\"(Código não identificado nas referências)\",MATCH($AE247,INDIRECT(ORÇAMENTO.BancoRef),0))))","v":11939},{"$f":"ROUND(IF(DESONERACAO=\"sim\",REFERENCIA.Desonerado,REFERENCIA.NaoDesonerado),2)","v":20.34},0.25290000000000001,null,null,null,null,25.48,{"$f":"ROUND(ORÇAMENTO.CustoUnitario*(1+$AH247),2)","v":25.48}]
["S",2,"S",0,{"$f":"IF($C248=1,OFFSET(E248,-1,0)+MAX(1,COUNTIF(QCI!$A$13:$A$36,OFFSET(ORÇAMENTO!E248,-1,0))),OFFSET(E248,-1,0))","v":16},1,0,0,35,0,{"$f":"IF(OR($C248=\"S\",$C248=0),0,MATCH(OFFSET($D248,0,$C248)+IF($C248<>1,1,COUNTIF(QCI!$A$13:$A$36,ORÇAMENTO!E248)),OFFSET($D248,1,$C248,ROW($C$472)-ROW($C248)),0))","v":0},"F","Serviço","Serviço","16.1.0.35.","SINAPI","89366",{"$f":"IF($C248=\"S\",REFERENCIA.Descricao,\"(digite a descrição aqui)\")","v":"JOELHO 90 GRAUS COM BUCHA DE LATÃO, PVC, SOLDÁVEL, DN 25MM, X 3/4 INSTALADO EM RAMAL OU SUB-RAMAL DE ÁGUA - FORNECIMENTO E INSTALAÇÃO. AF_06/2022"},{"$f":"REFERENCIA.Unidade","v":"UN"},{"$f":"OFFSET(CÁLCULO!H$15,ROW($T248)-ROW(T$15),0)","v":8},16.52,"BDI 1",{"$f":"IF($C248=\"S\",ROUND(IF(TIPOORCAMENTO=\"Proposto\",ORÇAMENTO.CustoUnitario*(1+$AH248),ORÇAMENTO.PrecoUnitarioLicitado),15-13*$AF$10),0)","v":20.7},{"$f":"IF($C248=\"S\",IF(OR(Import.TipoArredondamento<>\"TransfereGOV\",ACOMPANHAMENTO=\"BM\"),VTOTAL1,SUM(OFFSET(CÁLCULO!$AI$15,ROW($X248)-ROW($X$15),1):OFFSET(CÁLCULO!$BB$15,ROW($X248)-ROW($X$15),-1))),IF($C248=0,0,ROUND(SomaAgrup,15-13*$AF$11)))","v":165.6},"RA","RA",{"$f":"IF($C248=\"S\",IF($Z248=\"CP\",$X248,IF($Z248=\"RA\",(($X248)*QCI!$AA$3),0)),SomaAgrup)","v":14.329981317604631},{"$f":"IF($C248=\"S\",IF($Z248=\"OU\",ROUND($X248,2),0),SomaAgrup)","v":0},{"$f":"IF($N248=\"\",\" \",\nIF(AND($C248<>\"S\",OR($R248=\"\",$R248=\"(digite a descrição aqui)\")),\"DESCRIÇÃO\",\nIF(AND($C248=\"S\",OR($Q248<>\"\",$T248>0,$U248>0),$P248=\"\"),\"FONTE\",\nIF(AND($C248=\"S\",$P248<>\"\",OR($T248>0,$U248>0),$Q248=\"\"),\"CÓDIGO\",\nIF(AND($C248=\"S\",$P248<>\"\",$Q248<>\"\",$R248=\"(Código não identificado nas referências)\"),\"CÓDIGO N/ID\",\nIF(AND($C248=\"S\",OR($R248=\"\",$R248=\"(digite a descrição aqui)\"),OR($Q248<>\"\",$T248>0,$U248>0)),\"DESCRIÇÃO\",\nIF(AND($C248=\"S\",$P248<>\"\",$Q248<>\"\",$S248=\"\"),\"UNIDADE\",\nIF(AND($C248=\"S\",$P248<>\"\",$Q248<>\"\",$U248=0),\"SEM CUSTO\",\nIF(AND(TIPOORCAMENTO=\"Licitado\",$AL248=0,$AN248>0),\"SEM PREÇO\",\nIF(AND($C248=\"S\",$P248<>\"\",$Q248<>\"\",$U248>0,AND($V248<>\"BDI 1\",$V248<>\"BDI 2\",$V248<>\"BDI 3\")),IF(ISNUMBER($V248),\"JUSTIFICAR BDI\",\"BDI\"),\nIF(OR(AND(import.recurso=\"OGU\",TIPOORCAMENTO=\"Proposto\",LEFT($O$8,5)<>\"(N/D:\",$AG248<>\"\",ORÇAMENTO.CustoUnitario>$AG248),AND(TIPOORCAMENTO=\"LICITADO\",ORÇAMENTO.PrecoUnitarioLicitado>$AN248)),\"ACIMA REF.\",\nIF(AND($C248=\"S\",$P248<>\"\",$Q248<>\"\",$T248=0,$U248>0),\"QUANT.\",\nIF(AND(Import.TipoArredondamento=\"TransfereGOV\",$L248=\"F\",$C248=\"S\",LEN($Q248)>13),\"Código >13\",\nIF(AND(Import.TipoArredondamento=\"TransfereGOV\",$L248=\"F\",$C248<>\"S\",LEN($R248)>100),\"Descrição >100\",\nIF(AND(Import.TipoArredondamento=\"TransfereGOV\",$L248=\"F\",$C248=\"S\",LEN($R248)>500),\"Descrição >500\",\nIF(AND(Import.TipoArredondamento=\"TransfereGOV\",$L248=\"F\",$C248=\"S\",LEFT(TRIM(UPPER($P248)),6)<>\"SINAPI\",ISNA(VLOOKUP(TRIM(UPPER($S248)),ListaTgov.Unidades,1,FALSE))),\"Unid. Não Disp\",\n\" \"))))))))))))))))","v":" "},{"$f":"IF(C248<=CRONO.NivelExibicao,MAX($AD$15:OFFSET(AD248,-1,0))+IF($C248<>1,1,MAX(1,COUNTIF(QCI!$A$13:$A$36,OFFSET($E248,-1,0)))),\"\")","v":""},{"$f":"IF(AND($C248=\"S\",ORÇAMENTO.CodBarra<>\"\"),IF(ORÇAMENTO.Fonte=\"\",ORÇAMENTO.CodBarra,CONCATENATE(ORÇAMENTO.Fonte,\" \",ORÇAMENTO.CodBarra)))","v":"SINAPI 89366"},{"$f":"IF(ISERROR(ORÇAMENTO.BancoRef),\"(abra o arquivo 'Referência \"&Excel_BuiltIn_Database&\".xlsm)\",IF(OR($C248<>\"S\",ORÇAMENTO.CodBarra=\"\"),\"(Sem Código)\",IF(ISERROR(MATCH($AE248,INDIRECT(ORÇAMENTO.BancoRef),0)),\"(Código não identificado nas referências)\",MATCH($AE248,INDIRECT(ORÇAMENTO.BancoRef),0))))","v":11817},{"$f":"ROUND(IF(DESONERACAO=\"sim\",REFERENCIA.Desonerado,REFERENCIA.NaoDesonerado),2)","v":16.52},0.25290000000000001,null,null,null,null,165.6,{"$f":"ROUND(ORÇAMENTO.CustoUnitario*(1+$AH248),2)","v":20.7}]
["S",2,"S",0,{"$f":"IF($C249=1,OFFSET(E249,-1,0)+MAX(1,COUNTIF(QCI!$A$13:$A$36,OFFSET(ORÇAMENTO!E249,-1,0))),OFFSET(E249,-1,0))","v":16},1,0,0,36,0,{"$f":"IF(OR($C249=\"S\",$C249=0),0,MATCH(OFFSET($D249,0,$C249)+IF($C249<>1,1,COUNTIF(QCI!$A$13:$A$36,ORÇAMENTO!E249)),OFFSET($D249,1,$C249,ROW($C$472)-ROW($C249)),0))","v":0},"F","Serviço","Serviço","16.1.0.36.","SINAPI","90373",{"$f":"IF($C249=\"S\",REFERENCIA.Descricao,\"(digite a descrição aqui)\")","v":"JOELHO 90 GRAUS COM BUCHA DE LATÃO, PVC, SOLDÁVEL, DN 25MM, X 1/2 INSTALADO EM RAMAL OU SUB-RAMAL DE ÁGUA - FORNECIMENTO E INSTALAÇÃO. AF_06/2022"},{"$f":"REFERENCIA.Unidade","v":"UN"},{"$f":"OFFSET(CÁLCULO!H$15,ROW($T249)-ROW(T$15),0)","v":49},13.21,"BDI 1",{"$f":"IF($C249=\"S\",ROUND(IF(TIPOORCAMENTO=\"Proposto\",ORÇAMENTO.CustoUnitario*(1+$AH249),ORÇAMENTO.PrecoUnitarioLicitado),15-13*$AF$10),0)","v":16.55},{"$f":"IF($C249=\"S\",IF(OR(Import.TipoArredondamento<>\"TransfereGOV\",ACOMPANHAMENTO=\"BM\"),VTOTAL1,SUM(OFFSET(CÁLCULO!$AI$15,ROW($X249)-ROW($X$15),1):OFFSET(CÁLCULO!$BB$15,ROW($X249)-ROW($X$15),-1))),IF($C249=0,0,ROUND(SomaAgrup,15-13*$AF$11)))","v":810.95},"RA","RA",{"$f":"IF($C249=\"S\",IF($Z249=\"CP\",$X249,IF($Z249=\"RA\",(($X249)*QCI!$AA$3),0)),SomaAgrup)","v":70.174506941494414},{"$f":"IF($C249=\"S\",IF($Z249=\"OU\",ROUND($X249,2),0),SomaAgrup)","v":0},{"$f":"IF($N249=\"\",\" \",\nIF(AND($C249<>\"S\",OR($R249=\"\",$R249=\"(digite a descrição aqui)\")),\"DESCRIÇÃO\",\nIF(AND($C249=\"S\",OR($Q249<>\"\",$T249>0,$U249>0),$P249=\"\"),\"FONTE\",\nIF(AND($C249=\"S\",$P249<>\"\",OR($T249>0,$U249>0),$Q249=\"\"),\"CÓDIGO\",\nIF(AND($C249=\"S\",$P249<>\"\",$Q249<>\"\",$R249=\"(Código não identificado nas referências)\"),\"CÓDIGO N/ID\",\nIF(AND($C249=\"S\",OR($R249=\"\",$R249=\"(digite a descrição aqui)\"),OR($Q249<>\"\",$T249>0,$U249>0)),\"DESCRIÇÃO\",\nIF(AND($C249=\"S\",$P249<>\"\",$Q249<>\"\",$S249=\"\"),\"UNIDADE\",\nIF(AND($C249=\"S\",$P249<>\"\",$Q249<>\"\",$U249=0),\"SEM CUSTO\",\nIF(AND(TIPOORCAMENTO=\"Licitado\",$AL249=0,$AN249>0),\"SEM PREÇO\",\nIF(AND($C249=\"S\",$P249<>\"\",$Q249<>\"\",$U249>0,AND($V249<>\"BDI 1\",$V249<>\"BDI 2\",$V249<>\"BDI 3\")),IF(ISNUMBER($V249),\"JUSTIFICAR BDI\",\"BDI\"),\nIF(OR(AND(import.recurso=\"OGU\",TIPOORCAMENTO=\"Proposto\",LEFT($O$8,5)<>\"(N/D:\",$AG249<>\"\",ORÇAMENTO.CustoUnitario>$AG249),AND(TIPOORCAMENTO=\"LICITADO\",ORÇAMENTO.PrecoUnitarioLicitado>$AN249)),\"ACIMA REF.\",\nIF(AND($C249=\"S\",$P249<>\"\",$Q249<>\"\",$T249=0,$U249>0),\"QUANT.\",\nIF(AND(Import.TipoArredondamento=\"TransfereGOV\",$L249=\"F\",$C249=\"S\",LEN($Q249)>13),\"Código >13\",\nIF(AND(Import.TipoArredondamento=\"TransfereGOV\",$L249=\"F\",$C249<>\"S\",LEN($R249)>100),\"Descrição >100\",\nIF(AND(Import.TipoArredondamento=\"TransfereGOV\",$L249=\"F\",$C249=\"S\",LEN($R249)>500),\"Descrição >500\",\nIF(AND(Import.TipoArredondamento=\"TransfereGOV\",$L249=\"F\",$C249=\"S\",LEFT(TRIM(UPPER($P249)),6)<>\"SINAPI\",ISNA(VLOOKUP(TRIM(UPPER($S249)),ListaTgov.Unidades,1,FALSE))),\"Unid. Não Disp\",\n\" \"))))))))))))))))","v":" "},{"$f":"IF(C249<=CRONO.NivelExibicao,MAX($AD$15:OFFSET(AD249,-1,0))+IF($C249<>1,1,MAX(1,COUNTIF(QCI!$A$13:$A$36,OFFSET($E249,-1,0)))),\"\")","v":""},{"$f":"IF(AND($C249=\"S\",ORÇAMENTO.CodBarra<>\"\"),IF(ORÇAMENTO.Fonte=\"\",ORÇAMENTO.CodBarra,CONCATENATE(ORÇAMENTO.Fonte,\" \",ORÇAMENTO.CodBarra)))","v":"SINAPI 90373"},{"$f":"IF(ISERROR(ORÇAMENTO.BancoRef),\"(abra o arquivo 'Referência \"&Excel_BuiltIn_Database&\".xlsm)\",IF(OR($C249<>\"S\",ORÇAMENTO.CodBarra=\"\"),\"(Sem Código)\",IF(ISERROR(MATCH($AE249,INDIRECT(ORÇAMENTO.BancoRef),0)),\"(Código não identificado nas referências)\",MATCH($AE249,INDIRECT(ORÇAMENTO.BancoRef),0))))","v":11816},{"$f":"ROUND(IF(DESONERACAO=\"sim\",REFERENCIA.Desonerado,REFERENCIA.NaoDesonerado),2)","v":13.21},0.25290000000000001,null,null,null,null,810.95,{"$f":"ROUND(ORÇAMENTO.CustoUnitario*(1+$AH249),2)","v":16.55}]
["S",2,"S",0,{"$f":"IF($C250=1,OFFSET(E250,-1,0)+MAX(1,COUNTIF(QCI!$A$13:$A$36,OFFSET(ORÇAMENTO!E250,-1,0))),OFFSET(E250,-1,0))","v":16},1,0,0,37,0,{"$f":"IF(OR($C250=\"S\",$C250=0),0,MATCH(OFFSET($D250,0,$C250)+IF($C250<>1,1,COUNTIF(QCI!$A$13:$A$36,ORÇAMENTO!E250)),OFFSET($D250,1,$C250,ROW($C$472)-ROW($C250)),0))","v":0},"F","Serviço","Serviço","16.1.0.37.","Composição","COMP54",{"$f":"IF($C250=\"S\",REFERENCIA.Descricao,\"(digite a descrição aqui)\")","v":"PRESSURIZADOR DE ÁGUA MAX PRESS 270 VF MONOFASICO 220V"},{"$f":"REFERENCIA.Unidade","v":"UN"},{"$f":"OFFSET(CÁLCULO!H$15,ROW($T250)-ROW(T$15),0)","v":1},14368.78,"BDI 1",{"$f":"IF($C250=\"S\",ROUND(IF(TIPOORCAMENTO=\"Proposto\",ORÇAMENTO.CustoUnitario*(1+$AH250),ORÇAMENTO.PrecoUnitarioLicitado),15-13*$AF$10),0)","v":18002.64},{"$f":"IF($C250=\"S\",IF(OR(Import.TipoArredondamento<>\"TransfereGOV\",ACOMPANHAMENTO=\"BM\"),VTOTAL1,SUM(OFFSET(CÁLCULO!$AI$15,ROW($X250)-ROW($X$15),1):OFFSET(CÁLCULO!$BB$15,ROW($X250)-ROW($X$15),-1))),IF($C250=0,0,ROUND(SomaAgrup,15-13*$AF$11)))","v":18002.64},"RA","RA",{"$f":"IF($C250=\"S\",IF($Z250=\"CP\",$X250,IF($Z250=\"RA\",(($X250)*QCI!$AA$3),0)),SomaAgrup)","v":1557.8351139345521},{"$f":"IF($C250=\"S\",IF($Z250=\"OU\",ROUND($X250,2),0),SomaAgrup)","v":0},{"$f":"IF($N250=\"\",\" \",\nIF(AND($C250<>\"S\",OR($R250=\"\",$R250=\"(digite a descrição aqui)\")),\"DESCRIÇÃO\",\nIF(AND($C250=\"S\",OR($Q250<>\"\",$T250>0,$U250>0),$P250=\"\"),\"FONTE\",\nIF(AND($C250=\"S\",$P250<>\"\",OR($T250>0,$U250>0),$Q250=\"\"),\"CÓDIGO\",\nIF(AND($C250=\"S\",$P250<>\"\",$Q250<>\"\",$R250=\"(Código não identificado nas referências)\"),\"CÓDIGO N/ID\",\nIF(AND($C250=\"S\",OR($R250=\"\",$R250=\"(digite a descrição aqui)\"),OR($Q250<>\"\",$T250>0,$U250>0)),\"DESCRIÇÃO\",\nIF(AND($C250=\"S\",$P250<>\"\",$Q250<>\"\",$S250=\"\"),\"UNIDADE\",\nIF(AND($C250=\"S\",$P250<>\"\",$Q250<>\"\",$U250=0),\"SEM CUSTO\",\nIF(AND(TIPOORCAMENTO=\"Licitado\",$AL250=0,$AN250>0),\"SEM PREÇO\",\nIF(AND($C250=\"S\",$P250<>\"\",$Q250<>\"\",$U250>0,AND($V250<>\"BDI 1\",$V250<>\"BDI 2\",$V250<>\"BDI 3\")),IF(ISNUMBER($V250),\"JUSTIFICAR BDI\",\"BDI\"),\nIF(OR(AND(import.recurso=\"OGU\",TIPOORCAMENTO=\"Proposto\",LEFT($O$8,5)<>\"(N/D:\",$AG250<>\"\",ORÇAMENTO.CustoUnitario>$AG250),AND(TIPOORCAMENTO=\"LICITADO\",ORÇAMENTO.PrecoUnitarioLicitado>$AN250)),\"ACIMA REF.\",\nIF(AND($C250=\"S\",$P250<>\"\",$Q250<>\"\",$T250=0,$U250>0),\"QUANT.\",\nIF(AND(Import.TipoArredondamento=\"TransfereGOV\",$L250=\"F\",$C250=\"S\",LEN($Q250)>13),\"Código >13\",\nIF(AND(Import.TipoArredondamento=\"TransfereGOV\",$L250=\"F\",$C250<>\"S\",LEN($R250)>100),\"Descrição >100\",\nIF(AND(Import.TipoArredondamento=\"TransfereGOV\",$L250=\"F\",$C250=\"S\",LEN($R250)>500),\"Descrição >500\",\nIF(AND(Import.TipoArredondamento=\"TransfereGOV\",$L250=\"F\",$C250=\"S\",LEFT(TRIM(UPPER($P250)),6)<>\"SINAPI\",ISNA(VLOOKUP(TRIM(UPPER($S250)),ListaTgov.Unidades,1,FALSE))),\"Unid. Não Disp\",\n\" \"))))))))))))))))","v":" "},{"$f":"IF(C250<=CRONO.NivelExibicao,MAX($AD$15:OFFSET(AD250,-1,0))+IF($C250<>1,1,MAX(1,COUNTIF(QCI!$A$13:$A$36,OFFSET($E250,-1,0)))),\"\")","v":""},{"$f":"IF(AND($C250=\"S\",ORÇAMENTO.CodBarra<>\"\"),IF(ORÇAMENTO.Fonte=\"\",ORÇAMENTO.CodBarra,CONCATENATE(ORÇAMENTO.Fonte,\" \",ORÇAMENTO.CodBarra)))","v":"Composição COMP54"},{"$f":"IF(ISERROR(ORÇAMENTO.BancoRef),\"(abra o arquivo 'Referência \"&Excel_BuiltIn_Database&\".xlsm)\",IF(OR($C250<>\"S\",ORÇAMENTO.CodBarra=\"\"),\"(Sem Código)\",IF(ISERROR(MATCH($AE250,INDIRECT(ORÇAMENTO.BancoRef),0)),\"(Código não identificado nas referências)\",MATCH($AE250,INDIRECT(ORÇAMENTO.BancoRef),0))))","v":56},{"$f":"ROUND(IF(DESONERACAO=\"sim\",REFERENCIA.Desonerado,REFERENCIA.NaoDesonerado),2)","v":14368.78},0.25290000000000001,null,null,null,null,18002.64,{"$f":"ROUND(ORÇAMENTO.CustoUnitario*(1+$AH250),2)","v":18002.64}]
["S",2,"S",0,{"$f":"IF($C251=1,OFFSET(E251,-1,0)+MAX(1,COUNTIF(QCI!$A$13:$A$36,OFFSET(ORÇAMENTO!E251,-1,0))),OFFSET(E251,-1,0))","v":16},1,0,0,38,0,{"$f":"IF(OR($C251=\"S\",$C251=0),0,MATCH(OFFSET($D251,0,$C251)+IF($C251<>1,1,COUNTIF(QCI!$A$13:$A$36,ORÇAMENTO!E251)),OFFSET($D251,1,$C251,ROW($C$472)-ROW($C251)),0))","v":0},"F","Serviço","Serviço","16.1.0.38.","Composição","COMP55",{"$f":"IF($C251=\"S\",REFERENCIA.Descricao,\"(digite a descrição aqui)\")","v":"RESERVATÓRIO METALICO TIPO TAÇA EM AÇO PATINÁVEL - V=15M3-COLUNA SECA H=6M+FUNDAÇÃO+LOGOTIPO"},{"$f":"REFERENCIA.Unidade","v":"UN"},{"$f":"OFFSET(CÁLCULO!H$15,ROW($T251)-ROW(T$15),0)","v":1},29456.97,"BDI 1",{"$f":"IF($C251=\"S\",ROUND(IF(TIPOORCAMENTO=\"Proposto\",ORÇAMENTO.CustoUnitario*(1+$AH251),ORÇAMENTO.PrecoUnitarioLicitado),15-13*$AF$10),0)","v":36906.639999999999},{"$f":"IF($C251=\"S\",IF(OR(Import.TipoArredondamento<>\"TransfereGOV\",ACOMPANHAMENTO=\"BM\"),VTOTAL1,SUM(OFFSET(CÁLCULO!$AI$15,ROW($X251)-ROW($X$15),1):OFFSET(CÁLCULO!$BB$15,ROW($X251)-ROW($X$15),-1))),IF($C251=0,0,ROUND(SomaAgrup,15-13*$AF$11)))","v":36906.639999999999},"RA","RA",{"$f":"IF($C251=\"S\",IF($Z251=\"CP\",$X251,IF($Z251=\"RA\",(($X251)*QCI!$AA$3),0)),SomaAgrup)","v":3193.6682469538632},{"$f":"IF($C251=\"S\",IF($Z251=\"OU\",ROUND($X251,2),0),SomaAgrup)","v":0},{"$f":"IF($N251=\"\",\" \",\nIF(AND($C251<>\"S\",OR($R251=\"\",$R251=\"(digite a descrição aqui)\")),\"DESCRIÇÃO\",\nIF(AND($C251=\"S\",OR($Q251<>\"\",$T251>0,$U251>0),$P251=\"\"),\"FONTE\",\nIF(AND($C251=\"S\",$P251<>\"\",OR($T251>0,$U251>0),$Q251=\"\"),\"CÓDIGO\",\nIF(AND($C251=\"S\",$P251<>\"\",$Q251<>\"\",$R251=\"(Código não identificado nas referências)\"),\"CÓDIGO N/ID\",\nIF(AND($C251=\"S\",OR($R251=\"\",$R251=\"(digite a descrição aqui)\"),OR($Q251<>\"\",$T251>0,$U251>0)),\"DESCRIÇÃO\",\nIF(AND($C251=\"S\",$P251<>\"\",$Q251<>\"\",$S251=\"\"),\"UNIDADE\",\nIF(AND($C251=\"S\",$P251<>\"\",$Q251<>\"\",$U251=0),\"SEM CUSTO\",\nIF(AND(TIPOORCAMENTO=\"Licitado\",$AL251=0,$AN251>0),\"SEM PREÇO\",\nIF(AND($C251=\"S\",$P251<>\"\",$Q251<>\"\",$U251>0,AND($V251<>\"BDI 1\",$V251<>\"BDI 2\",$V251<>\"BDI 3\")),IF(ISNUMBER($V251),\"JUSTIFICAR BDI\",\"BDI\"),\nIF(OR(AND(import.recurso=\"OGU\",TIPOORCAMENTO=\"Proposto\",LEFT($O$8,5)<>\"(N/D:\",$AG251<>\"\",ORÇAMENTO.CustoUnitario>$AG251),AND(TIPOORCAMENTO=\"LICITADO\",ORÇAMENTO.PrecoUnitarioLicitado>$AN251)),\"ACIMA REF.\",\nIF(AND($C251=\"S\",$P251<>\"\",$Q251<>\"\",$T251=0,$U251>0),\"QUANT.\",\nIF(AND(Import.TipoArredondamento=\"TransfereGOV\",$L251=\"F\",$C251=\"S\",LEN($Q251)>13),\"Código >13\",\nIF(AND(Import.TipoArredondamento=\"TransfereGOV\",$L251=\"F\",$C251<>\"S\",LEN($R251)>100),\"Descrição >100\",\nIF(AND(Import.TipoArredondamento=\"TransfereGOV\",$L251=\"F\",$C251=\"S\",LEN($R251)>500),\"Descrição >500\",\nIF(AND(Import.TipoArredondamento=\"TransfereGOV\",$L251=\"F\",$C251=\"S\",LEFT(TRIM(UPPER($P251)),6)<>\"SINAPI\",ISNA(VLOOKUP(TRIM(UPPER($S251)),ListaTgov.Unidades,1,FALSE))),\"Unid. Não Disp\",\n\" \"))))))))))))))))","v":" "},{"$f":"IF(C251<=CRONO.NivelExibicao,MAX($AD$15:OFFSET(AD251,-1,0))+IF($C251<>1,1,MAX(1,COUNTIF(QCI!$A$13:$A$36,OFFSET($E251,-1,0)))),\"\")","v":""},{"$f":"IF(AND($C251=\"S\",ORÇAMENTO.CodBarra<>\"\"),IF(ORÇAMENTO.Fonte=\"\",ORÇAMENTO.CodBarra,CONCATENATE(ORÇAMENTO.Fonte,\" \",ORÇAMENTO.CodBarra)))","v":"Composição COMP55"},{"$f":"IF(ISERROR(ORÇAMENTO.BancoRef),\"(abra o arquivo 'Referência \"&Excel_BuiltIn_Database&\".xlsm)\",IF(OR($C251<>\"S\",ORÇAMENTO.CodBarra=\"\"),\"(Sem Código)\",IF(ISERROR(MATCH($AE251,INDIRECT(ORÇAMENTO.BancoRef),0)),\"(Código não identificado nas referências)\",MATCH($AE251,INDIRECT(ORÇAMENTO.BancoRef),0))))","v":57},{"$f":"ROUND(IF(DESONERACAO=\"sim\",REFERENCIA.Desonerado,REFERENCIA.NaoDesonerado),2)","v":29456.97},0.25290000000000001,null,null,null,null,36906.639999999999,{"$f":"ROUND(ORÇAMENTO.CustoUnitario*(1+$AH251),2)","v":36906.639999999999}]
["S",2,"S",0,{"$f":"IF($C252=1,OFFSET(E252,-1,0)+MAX(1,COUNTIF(QCI!$A$13:$A$36,OFFSET(ORÇAMENTO!E252,-1,0))),OFFSET(E252,-1,0))","v":16},1,0,0,39,0,{"$f":"IF(OR($C252=\"S\",$C252=0),0,MATCH(OFFSET($D252,0,$C252)+IF($C252<>1,1,COUNTIF(QCI!$A$13:$A$36,ORÇAMENTO!E252)),OFFSET($D252,1,$C252,ROW($C$472)-ROW($C252)),0))","v":0},"F","Serviço","Serviço","16.1.0.39.","SINAPI","89415",{"$f":"IF($C252=\"S\",REFERENCIA.Descricao,\"(digite a descrição aqui)\")","v":"CURVA 90 GRAUS, PVC, SOLDÁVEL, DN 32MM, INSTALADO EM RAMAL DE DISTRIBUIÇÃO DE ÁGUA - FORNECIMENTO E INSTALAÇÃO. AF_06/2022"},{"$f":"REFERENCIA.Unidade","v":"UN"},{"$f":"OFFSET(CÁLCULO!H$15,ROW($T252)-ROW(T$15),0)","v":8},16.5,"BDI 1",{"$f":"IF($C252=\"S\",ROUND(IF(TIPOORCAMENTO=\"Proposto\",ORÇAMENTO.CustoUnitario*(1+$AH252),ORÇAMENTO.PrecoUnitarioLicitado),15-13*$AF$10),0)","v":20.67},{"$f":"IF($C252=\"S\",IF(OR(Import.TipoArredondamento<>\"TransfereGOV\",ACOMPANHAMENTO=\"BM\"),VTOTAL1,SUM(OFFSET(CÁLCULO!$AI$15,ROW($X252)-ROW($X$15),1):OFFSET(CÁLCULO!$BB$15,ROW($X252)-ROW($X$15),-1))),IF($C252=0,0,ROUND(SomaAgrup,15-13*$AF$11)))","v":165.36},"RA","RA",{"$f":"IF($C252=\"S\",IF($Z252=\"CP\",$X252,IF($Z252=\"RA\",(($X252)*QCI!$AA$3),0)),SomaAgrup)","v":14.309213228738539},{"$f":"IF($C252=\"S\",IF($Z252=\"OU\",ROUND($X252,2),0),SomaAgrup)","v":0},{"$f":"IF($N252=\"\",\" \",\nIF(AND($C252<>\"S\",OR($R252=\"\",$R252=\"(digite a descrição aqui)\")),\"DESCRIÇÃO\",\nIF(AND($C252=\"S\",OR($Q252<>\"\",$T252>0,$U252>0),$P252=\"\"),\"FONTE\",\nIF(AND($C252=\"S\",$P252<>\"\",OR($T252>0,$U252>0),$Q252=\"\"),\"CÓDIGO\",\nIF(AND($C252=\"S\",$P252<>\"\",$Q252<>\"\",$R252=\"(Código não identificado nas referências)\"),\"CÓDIGO N/ID\",\nIF(AND($C252=\"S\",OR($R252=\"\",$R252=\"(digite a descrição aqui)\"),OR($Q252<>\"\",$T252>0,$U252>0)),\"DESCRIÇÃO\",\nIF(AND($C252=\"S\",$P252<>\"\",$Q252<>\"\",$S252=\"\"),\"UNIDADE\",\nIF(AND($C252=\"S\",$P252<>\"\",$Q252<>\"\",$U252=0),\"SEM CUSTO\",\nIF(AND(TIPOORCAMENTO=\"Licitado\",$AL252=0,$AN252>0),\"SEM PREÇO\",\nIF(AND($C252=\"S\",$P252<>\"\",$Q252<>\"\",$U252>0,AND($V252<>\"BDI 1\",$V252<>\"BDI 2\",$V252<>\"BDI 3\")),IF(ISNUMBER($V252),\"JUSTIFICAR BDI\",\"BDI\"),\nIF(OR(AND(import.recurso=\"OGU\",TIPOORCAMENTO=\"Proposto\",LEFT($O$8,5)<>\"(N/D:\",$AG252<>\"\",ORÇAMENTO.CustoUnitario>$AG252),AND(TIPOORCAMENTO=\"LICITADO\",ORÇAMENTO.PrecoUnitarioLicitado>$AN252)),\"ACIMA REF.\",\nIF(AND($C252=\"S\",$P252<>\"\",$Q252<>\"\",$T252=0,$U252>0),\"QUANT.\",\nIF(AND(Import.TipoArredondamento=\"TransfereGOV\",$L252=\"F\",$C252=\"S\",LEN($Q252)>13),\"Código >13\",\nIF(AND(Import.TipoArredondamento=\"TransfereGOV\",$L252=\"F\",$C252<>\"S\",LEN($R252)>100),\"Descrição >100\",\nIF(AND(Import.TipoArredondamento=\"TransfereGOV\",$L252=\"F\",$C252=\"S\",LEN($R252)>500),\"Descrição >500\",\nIF(AND(Import.TipoArredondamento=\"TransfereGOV\",$L252=\"F\",$C252=\"S\",LEFT(TRIM(UPPER($P252)),6)<>\"SINAPI\",ISNA(VLOOKUP(TRIM(UPPER($S252)),ListaTgov.Unidades,1,FALSE))),\"Unid. Não Disp\",\n\" \"))))))))))))))))","v":" "},{"$f":"IF(C252<=CRONO.NivelExibicao,MAX($AD$15:OFFSET(AD252,-1,0))+IF($C252<>1,1,MAX(1,COUNTIF(QCI!$A$13:$A$36,OFFSET($E252,-1,0)))),\"\")","v":""},{"$f":"IF(AND($C252=\"S\",ORÇAMENTO.CodBarra<>\"\"),IF(ORÇAMENTO.Fonte=\"\",ORÇAMENTO.CodBarra,CONCATENATE(ORÇAMENTO.Fonte,\" \",ORÇAMENTO.CodBarra)))","v":"SINAPI 89415"},{"$f":"IF(ISERROR(ORÇAMENTO.BancoRef),\"(abra o arquivo 'Referência \"&Excel_BuiltIn_Database&\".xlsm)\",IF(OR($C252<>\"S\",ORÇAMENTO.CodBarra=\"\"),\"(Sem Código)\",IF(ISERROR(MATCH($AE252,INDIRECT(ORÇAMENTO.BancoRef),0)),\"(Código não identificado nas referências)\",MATCH($AE252,INDIRECT(ORÇAMENTO.BancoRef),0))))","v":11784},{"$f":"ROUND(IF(DESONERACAO=\"sim\",REFERENCIA.Desonerado,REFERENCIA.NaoDesonerado),2)","v":16.5},0.25290000000000001,null,null,null,null,165.36,{"$f":"ROUND(ORÇAMENTO.CustoUnitario*(1+$AH252),2)","v":20.67}]
["S",2,"S",0,{"$f":"IF($C253=1,OFFSET(E253,-1,0)+MAX(1,COUNTIF(QCI!$A$13:$A$36,OFFSET(ORÇAMENTO!E253,-1,0))),OFFSET(E253,-1,0))","v":16},1,0,0,40,0,{"$f":"IF(OR($C253=\"S\",$C253=0),0,MATCH(OFFSET($D253,0,$C253)+IF($C253<>1,1,COUNTIF(QCI!$A$13:$A$36,ORÇAMENTO!E253)),OFFSET($D253,1,$C253,ROW($C$472)-ROW($C253)),0))","v":0},"F","Serviço","Serviço","16.1.0.40.","Composição","COMP56",{"$f":"IF($C253=\"S\",REFERENCIA.Descricao,\"(digite a descrição aqui)\")","v":"PRESSURIZADOR ATÉ 12MCA/160W/220V"},{"$f":"REFERENCIA.Unidade","v":"UN"},{"$f":"OFFSET(CÁLCULO!H$15,ROW($T253)-ROW(T$15),0)","v":1},913.7,"BDI 1",{"$f":"IF($C253=\"S\",ROUND(IF(TIPOORCAMENTO=\"Proposto\",ORÇAMENTO.CustoUnitario*(1+$AH253),ORÇAMENTO.PrecoUnitarioLicitado),15-13*$AF$10),0)","v":1144.77},{"$f":"IF($C253=\"S\",IF(OR(Import.TipoArredondamento<>\"TransfereGOV\",ACOMPANHAMENTO=\"BM\"),VTOTAL1,SUM(OFFSET(CÁLCULO!$AI$15,ROW($X253)-ROW($X$15),1):OFFSET(CÁLCULO!$BB$15,ROW($X253)-ROW($X$15),-1))),IF($C253=0,0,ROUND(SomaAgrup,15-13*$AF$11)))","v":1144.77},"RA","RA",{"$f":"IF($C253=\"S\",IF($Z253=\"CP\",$X253,IF($Z253=\"RA\",(($X253)*QCI!$AA$3),0)),SomaAgrup)","v":99.061187880158528},{"$f":"IF($C253=\"S\",IF($Z253=\"OU\",ROUND($X253,2),0),SomaAgrup)","v":0},{"$f":"IF($N253=\"\",\" \",\nIF(AND($C253<>\"S\",OR($R253=\"\",$R253=\"(digite a descrição aqui)\")),\"DESCRIÇÃO\",\nIF(AND($C253=\"S\",OR($Q253<>\"\",$T253>0,$U253>0),$P253=\"\"),\"FONTE\",\nIF(AND($C253=\"S\",$P253<>\"\",OR($T253>0,$U253>0),$Q253=\"\"),\"CÓDIGO\",\nIF(AND($C253=\"S\",$P253<>\"\",$Q253<>\"\",$R253=\"(Código não identificado nas referências)\"),\"CÓDIGO N/ID\",\nIF(AND($C253=\"S\",OR($R253=\"\",$R253=\"(digite a descrição aqui)\"),OR($Q253<>\"\",$T253>0,$U253>0)),\"DESCRIÇÃO\",\nIF(AND($C253=\"S\",$P253<>\"\",$Q253<>\"\",$S253=\"\"),\"UNIDADE\",\nIF(AND($C253=\"S\",$P253<>\"\",$Q253<>\"\",$U253=0),\"SEM CUSTO\",\nIF(AND(TIPOORCAMENTO=\"Licitado\",$AL253=0,$AN253>0),\"SEM PREÇO\",\nIF(AND($C253=\"S\",$P253<>\"\",$Q253<>\"\",$U253>0,AND($V253<>\"BDI 1\",$V253<>\"BDI 2\",$V253<>\"BDI 3\")),IF(ISNUMBER($V253),\"JUSTIFICAR BDI\",\"BDI\"),\nIF(OR(AND(import.recurso=\"OGU\",TIPOORCAMENTO=\"Proposto\",LEFT($O$8,5)<>\"(N/D:\",$AG253<>\"\",ORÇAMENTO.CustoUnitario>$AG253),AND(TIPOORCAMENTO=\"LICITADO\",ORÇAMENTO.PrecoUnitarioLicitado>$AN253)),\"ACIMA REF.\",\nIF(AND($C253=\"S\",$P253<>\"\",$Q253<>\"\",$T253=0,$U253>0),\"QUANT.\",\nIF(AND(Import.TipoArredondamento=\"TransfereGOV\",$L253=\"F\",$C253=\"S\",LEN($Q253)>13),\"Código >13\",\nIF(AND(Import.TipoArredondamento=\"TransfereGOV\",$L253=\"F\",$C253<>\"S\",LEN($R253)>100),\"Descrição >100\",\nIF(AND(Import.TipoArredondamento=\"TransfereGOV\",$L253=\"F\",$C253=\"S\",LEN($R253)>500),\"Descrição >500\",\nIF(AND(Import.TipoArredondamento=\"TransfereGOV\",$L253=\"F\",$C253=\"S\",LEFT(TRIM(UPPER($P253)),6)<>\"SINAPI\",ISNA(VLOOKUP(TRIM(UPPER($S253)),ListaTgov.Unidades,1,FALSE))),\"Unid. Não Disp\",\n\" \"))))))))))))))))","v":" "},{"$f":"IF(C253<=CRONO.NivelExibicao,MAX($AD$15:OFFSET(AD253,-1,0))+IF($C253<>1,1,MAX(1,COUNTIF(QCI!$A$13:$A$36,OFFSET($E253,-1,0)))),\"\")","v":""},{"$f":"IF(AND($C253=\"S\",ORÇAMENTO.CodBarra<>\"\"),IF(ORÇAMENTO.Fonte=\"\",ORÇAMENTO.CodBarra,CONCATENATE(ORÇAMENTO.Fonte,\" \",ORÇAMENTO.CodBarra)))","v":"Composição COMP56"},{"$f":"IF(ISERROR(ORÇAMENTO.BancoRef),\"(abra o arquivo 'Referência \"&Excel_BuiltIn_Database&\".xlsm)\",IF(OR($C253<>\"S\",ORÇAMENTO.CodBarra=\"\"),\"(Sem Código)\",IF(ISERROR(MATCH($AE253,INDIRECT(ORÇAMENTO.BancoRef),0)),\"(Código não identificado nas referências)\",MATCH($AE253,INDIRECT(ORÇAMENTO.BancoRef),0))))","v":58},{"$f":"ROUND(IF(DESONERACAO=\"sim\",REFERENCIA.Desonerado,REFERENCIA.NaoDesonerado),2)","v":913.7},0.25290000000000001,null,null,null,null,1144.77,{"$f":"ROUND(ORÇAMENTO.CustoUnitario*(1+$AH253),2)","v":1144.77}]
["S",2,"S",0,{"$f":"IF($C254=1,OFFSET(E254,-1,0)+MAX(1,COUNTIF(QCI!$A$13:$A$36,OFFSET(ORÇAMENTO!E254,-1,0))),OFFSET(E254,-1,0))","v":16},1,0,0,41,0,{"$f":"IF(OR($C254=\"S\",$C254=0),0,MATCH(OFFSET($D254,0,$C254)+IF($C254<>1,1,COUNTIF(QCI!$A$13:$A$36,ORÇAMENTO!E254)),OFFSET($D254,1,$C254,ROW($C$472)-ROW($C254)),0))","v":0},"F","Serviço","Serviço","16.1.0.41.","Composição","COMP57",{"$f":"IF($C254=\"S\",REFERENCIA.Descricao,\"(digite a descrição aqui)\")","v":"RESERVATÓRIO EM POLIETILENO DE ALTA DENSIDADE (CISTERNA) COM ANTIOXIDANTE E PROTEÇÃO CONTRA RAIOS ULTRAVIOLETA (UV) - CAPACIDADE DE 5.000 LITROS"},{"$f":"REFERENCIA.Unidade","v":"CJ"},{"$f":"OFFSET(CÁLCULO!H$15,ROW($T254)-ROW(T$15),0)","v":1},7097.54,"BDI 1",{"$f":"IF($C254=\"S\",ROUND(IF(TIPOORCAMENTO=\"Proposto\",ORÇAMENTO.CustoUnitario*(1+$AH254),ORÇAMENTO.PrecoUnitarioLicitado),15-13*$AF$10),0)","v":8892.51},{"$f":"IF($C254=\"S\",IF(OR(Import.TipoArredondamento<>\"TransfereGOV\",ACOMPANHAMENTO=\"BM\"),VTOTAL1,SUM(OFFSET(CÁLCULO!$AI$15,ROW($X254)-ROW($X$15),1):OFFSET(CÁLCULO!$BB$15,ROW($X254)-ROW($X$15),-1))),IF($C254=0,0,ROUND(SomaAgrup,15-13*$AF$11)))","v":8892.51},"RA","RA",{"$f":"IF($C254=\"S\",IF($Z254=\"CP\",$X254,IF($Z254=\"RA\",(($X254)*QCI!$AA$3),0)),SomaAgrup)","v":769.5018246776109},{"$f":"IF($C254=\"S\",IF($Z254=\"OU\",ROUND($X254,2),0),SomaAgrup)","v":0},{"$f":"IF($N254=\"\",\" \",\nIF(AND($C254<>\"S\",OR($R254=\"\",$R254=\"(digite a descrição aqui)\")),\"DESCRIÇÃO\",\nIF(AND($C254=\"S\",OR($Q254<>\"\",$T254>0,$U254>0),$P254=\"\"),\"FONTE\",\nIF(AND($C254=\"S\",$P254<>\"\",OR($T254>0,$U254>0),$Q254=\"\"),\"CÓDIGO\",\nIF(AND($C254=\"S\",$P254<>\"\",$Q254<>\"\",$R254=\"(Código não identificado nas referências)\"),\"CÓDIGO N/ID\",\nIF(AND($C254=\"S\",OR($R254=\"\",$R254=\"(digite a descrição aqui)\"),OR($Q254<>\"\",$T254>0,$U254>0)),\"DESCRIÇÃO\",\nIF(AND($C254=\"S\",$P254<>\"\",$Q254<>\"\",$S254=\"\"),\"UNIDADE\",\nIF(AND($C254=\"S\",$P254<>\"\",$Q254<>\"\",$U254=0),\"SEM CUSTO\",\nIF(AND(TIPOORCAMENTO=\"Licitado\",$AL254=0,$AN254>0),\"SEM PREÇO\",\nIF(AND($C254=\"S\",$P254<>\"\",$Q254<>\"\",$U254>0,AND($V254<>\"BDI 1\",$V254<>\"BDI 2\",$V254<>\"BDI 3\")),IF(ISNUMBER($V254),\"JUSTIFICAR BDI\",\"BDI\"),\nIF(OR(AND(import.recurso=\"OGU\",TIPOORCAMENTO=\"Proposto\",LEFT($O$8,5)<>\"(N/D:\",$AG254<>\"\",ORÇAMENTO.CustoUnitario>$AG254),AND(TIPOORCAMENTO=\"LICITADO\",ORÇAMENTO.PrecoUnitarioLicitado>$AN254)),\"ACIMA REF.\",\nIF(AND($C254=\"S\",$P254<>\"\",$Q254<>\"\",$T254=0,$U254>0),\"QUANT.\",\nIF(AND(Import.TipoArredondamento=\"TransfereGOV\",$L254=\"F\",$C254=\"S\",LEN($Q254)>13),\"Código >13\",\nIF(AND(Import.TipoArredondamento=\"TransfereGOV\",$L254=\"F\",$C254<>\"S\",LEN($R254)>100),\"Descrição >100\",\nIF(AND(Import.TipoArredondamento=\"TransfereGOV\",$L254=\"F\",$C254=\"S\",LEN($R254)>500),\"Descrição >500\",\nIF(AND(Import.TipoArredondamento=\"TransfereGOV\",$L254=\"F\",$C254=\"S\",LEFT(TRIM(UPPER($P254)),6)<>\"SINAPI\",ISNA(VLOOKUP(TRIM(UPPER($S254)),ListaTgov.Unidades,1,FALSE))),\"Unid. Não Disp\",\n\" \"))))))))))))))))","v":" "},{"$f":"IF(C254<=CRONO.NivelExibicao,MAX($AD$15:OFFSET(AD254,-1,0))+IF($C254<>1,1,MAX(1,COUNTIF(QCI!$A$13:$A$36,OFFSET($E254,-1,0)))),\"\")","v":""},{"$f":"IF(AND($C254=\"S\",ORÇAMENTO.CodBarra<>\"\"),IF(ORÇAMENTO.Fonte=\"\",ORÇAMENTO.CodBarra,CONCATENATE(ORÇAMENTO.Fonte,\" \",ORÇAMENTO.CodBarra)))","v":"Composição COMP57"},{"$f":"IF(ISERROR(ORÇAMENTO.BancoRef),\"(abra o arquivo 'Referência \"&Excel_BuiltIn_Database&\".xlsm)\",IF(OR($C254<>\"S\",ORÇAMENTO.CodBarra=\"\"),\"(Sem Código)\",IF(ISERROR(MATCH($AE254,INDIRECT(ORÇAMENTO.BancoRef),0)),\"(Código não identificado nas referências)\",MATCH($AE254,INDIRECT(ORÇAMENTO.BancoRef),0))))","v":59},{"$f":"ROUND(IF(DESONERACAO=\"sim\",REFERENCIA.Desonerado,REFERENCIA.NaoDesonerado),2)","v":7097.54},0.25290000000000001,null,null,null,null,8892.51,{"$f":"ROUND(ORÇAMENTO.CustoUnitario*(1+$AH254),2)","v":8892.51}]
[2,2,2,41,{"$f":"IF($C255=1,OFFSET(E255,-1,0)+MAX(1,COUNTIF(QCI!$A$13:$A$36,OFFSET(ORÇAMENTO!E255,-1,0))),OFFSET(E255,-1,0))","v":16},2,0,0,0,72,{"$f":"IF(OR($C255=\"S\",$C255=0),0,MATCH(OFFSET($D255,0,$C255)+IF($C255<>1,1,COUNTIF(QCI!$A$13:$A$36,ORÇAMENTO!E255)),OFFSET($D255,1,$C255,ROW($C$472)-ROW($C255)),0))","v":41},"F","Nível 2","Nível 2","16.2.","SINAPI",null,{"$f":"IF($C255=\"S\",REFERENCIA.Descricao,\"SANITÁRIA\")","v":"SANITÁRIA"},{"$f":"REFERENCIA.Unidade","v":"-"},{"$f":"OFFSET(CÁLCULO!H$15,ROW($T255)-ROW(T$15),0)","v":0},null,"BDI 1",{"$f":"IF($C255=\"S\",ROUND(IF(TIPOORCAMENTO=\"Proposto\",ORÇAMENTO.CustoUnitario*(1+$AH255),ORÇAMENTO.PrecoUnitarioLicitado),15-13*$AF$10),0)","v":0},{"$f":"IF($C255=\"S\",IF(OR(Import.TipoArredondamento<>\"TransfereGOV\",ACOMPANHAMENTO=\"BM\"),VTOTAL1,SUM(OFFSET(CÁLCULO!$AI$15,ROW($X255)-ROW($X$15),1):OFFSET(CÁLCULO!$BB$15,ROW($X255)-ROW($X$15),-1))),IF($C255=0,0,ROUND(SomaAgrup,15-13*$AF$11)))","v":51642.12},"RA","",{"$f":"IF($C255=\"S\",IF($Z255=\"CP\",$X255,IF($Z255=\"RA\",(($X255)*QCI!$AA$3),0)),SomaAgrup)","v":4468.7839058061381},{"$f":"IF($C255=\"S\",IF($Z255=\"OU\",ROUND($X255,2),0),SomaAgrup)","v":0},{"$f":"IF($N255=\"\",\" \",\nIF(AND($C255<>\"S\",OR($R255=\"\",$R255=\"(digite a descrição aqui)\")),\"DESCRIÇÃO\",\nIF(AND($C255=\"S\",OR($Q255<>\"\",$T255>0,$U255>0),$P255=\"\"),\"FONTE\",\nIF(AND($C255=\"S\",$P255<>\"\",OR($T255>0,$U255>0),$Q255=\"\"),\"CÓDIGO\",\nIF(AND($C255=\"S\",$P255<>\"\",$Q255<>\"\",$R255=\"(Código não identificado nas referências)\"),\"CÓDIGO N/ID\",\nIF(AND($C255=\"S\",OR($R255=\"\",$R255=\"(digite a descrição aqui)\"),OR($Q255<>\"\",$T255>0,$U255>0)),\"DESCRIÇÃO\",\nIF(AND($C255=\"S\",$P255<>\"\",$Q255<>\"\",$S255=\"\"),\"UNIDADE\",\nIF(AND($C255=\"S\",$P255<>\"\",$Q255<>\"\",$U255=0),\"SEM CUSTO\",\nIF(AND(TIPOORCAMENTO=\"Licitado\",$AL255=0,$AN255>0),\"SEM PREÇO\",\nIF(AND($C255=\"S\",$P255<>\"\",$Q255<>\"\",$U255>0,AND($V255<>\"BDI 1\",$V255<>\"BDI 2\",$V255<>\"BDI 3\")),IF(ISNUMBER($V255),\"JUSTIFICAR BDI\",\"BDI\"),\nIF(OR(AND(import.recurso=\"OGU\",TIPOORCAMENTO=\"Proposto\",LEFT($O$8,5)<>\"(N/D:\",$AG255<>\"\",ORÇAMENTO.CustoUnitario>$AG255),AND(TIPOORCAMENTO=\"LICITADO\",ORÇAMENTO.PrecoUnitarioLicitado>$AN255)),\"ACIMA REF.\",\nIF(AND($C255=\"S\",$P255<>\"\",$Q255<>\"\",$T255=0,$U255>0),\"QUANT.\",\nIF(AND(Import.TipoArredondamento=\"TransfereGOV\",$L255=\"F\",$C255=\"S\",LEN($Q255)>13),\"Código >13\",\nIF(AND(Import.TipoArredondamento=\"TransfereGOV\",$L255=\"F\",$C255<>\"S\",LEN($R255)>100),\"Descrição >100\",\nIF(AND(Import.TipoArredondamento=\"TransfereGOV\",$L255=\"F\",$C255=\"S\",LEN($R255)>500),\"Descrição >500\",\nIF(AND(Import.TipoArredondamento=\"TransfereGOV\",$L255=\"F\",$C255=\"S\",LEFT(TRIM(UPPER($P255)),6)<>\"SINAPI\",ISNA(VLOOKUP(TRIM(UPPER($S255)),ListaTgov.Unidades,1,FALSE))),\"Unid. Não Disp\",\n\" \"))))))))))))))))","v":" "},{"$f":"IF(C255<=CRONO.NivelExibicao,MAX($AD$15:OFFSET(AD255,-1,0))+IF($C255<>1,1,MAX(1,COUNTIF(QCI!$A$13:$A$36,OFFSET($E255,-1,0)))),\"\")","v":52},{"$f":"IF(AND($C255=\"S\",ORÇAMENTO.CodBarra<>\"\"),IF(ORÇAMENTO.Fonte=\"\",ORÇAMENTO.CodBarra,CONCATENATE(ORÇAMENTO.Fonte,\" \",ORÇAMENTO.CodBarra)))","v":false},{"$f":"IF(ISERROR(ORÇAMENTO.BancoRef),\"(abra o arquivo 'Referência \"&Excel_BuiltIn_Database&\".xlsm)\",IF(OR($C255<>\"S\",ORÇAMENTO.CodBarra=\"\"),\"(Sem Código)\",IF(ISERROR(MATCH($AE255,INDIRECT(ORÇAMENTO.BancoRef),0)),\"(Código não identificado nas referências)\",MATCH($AE255,INDIRECT(ORÇAMENTO.BancoRef),0))))","v":"(Sem Código)"},{"$f":"ROUND(IF(DESONERACAO=\"sim\",REFERENCIA.Desonerado,REFERENCIA.NaoDesonerado),2)","v":0},0.25290000000000001,null,null,null,null,{"$f":"$X255","v":51642.12},{"$f":"ROUND(ORÇAMENTO.CustoUnitario*(1+$AH255),2)","v":0}]
["S",2,"S",0,{"$f":"IF($C256=1,OFFSET(E256,-1,0)+MAX(1,COUNTIF(QCI!$A$13:$A$36,OFFSET(ORÇAMENTO!E256,-1,0))),OFFSET(E256,-1,0))","v":16},2,0,0,1,0,{"$f":"IF(OR($C256=\"S\",$C256=0),0,MATCH(OFFSET($D256,0,$C256)+IF($C256<>1,1,COUNTIF(QCI!$A$13:$A$36,ORÇAMENTO!E256)),OFFSET($D256,1,$C256,ROW($C$472)-ROW($C256)),0))","v":0},"F","Serviço","Serviço","16.2.0.1.","SINAPI","89707",{"$f":"IF($C256=\"S\",REFERENCIA.Descricao,\"(digite a descrição aqui)\")","v":"CAIXA SIFONADA, PVC, DN 100 X 100 X 50 MM, JUNTA ELÁSTICA, FORNECIDA E INSTALADA EM RAMAL DE DESCARGA OU EM RAMAL DE ESGOTO SANITÁRIO. AF_08/2022"},{"$f":"REFERENCIA.Unidade","v":"UN"},{"$f":"OFFSET(CÁLCULO!H$15,ROW($T256)-ROW(T$15),0)","v":1},{"$f":"AG256","v":51.47},"BDI 1",{"$f":"IF($C256=\"S\",ROUND(IF(TIPOORCAMENTO=\"Proposto\",ORÇAMENTO.CustoUnitario*(1+$AH256),ORÇAMENTO.PrecoUnitarioLicitado),15-13*$AF$10),0)","v":64.489999999999995},{"$f":"IF($C256=\"S\",IF(OR(Import.TipoArredondamento<>\"TransfereGOV\",ACOMPANHAMENTO=\"BM\"),VTOTAL1,SUM(OFFSET(CÁLCULO!$AI$15,ROW($X256)-ROW($X$15),1):OFFSET(CÁLCULO!$BB$15,ROW($X256)-ROW($X$15),-1))),IF($C256=0,0,ROUND(SomaAgrup,15-13*$AF$11)))","v":64.489999999999995},"RA","RA",{"$f":"IF($C256=\"S\",IF($Z256=\"CP\",$X256,IF($Z256=\"RA\",(($X256)*QCI!$AA$3),0)),SomaAgrup)","v":5.5805585457265856},{"$f":"IF($C256=\"S\",IF($Z256=\"OU\",ROUND($X256,2),0),SomaAgrup)","v":0},{"$f":"IF($N256=\"\",\" \",\nIF(AND($C256<>\"S\",OR($R256=\"\",$R256=\"(digite a descrição aqui)\")),\"DESCRIÇÃO\",\nIF(AND($C256=\"S\",OR($Q256<>\"\",$T256>0,$U256>0),$P256=\"\"),\"FONTE\",\nIF(AND($C256=\"S\",$P256<>\"\",OR($T256>0,$U256>0),$Q256=\"\"),\"CÓDIGO\",\nIF(AND($C256=\"S\",$P256<>\"\",$Q256<>\"\",$R256=\"(Código não identificado nas referências)\"),\"CÓDIGO N/ID\",\nIF(AND($C256=\"S\",OR($R256=\"\",$R256=\"(digite a descrição aqui)\"),OR($Q256<>\"\",$T256>0,$U256>0)),\"DESCRIÇÃO\",\nIF(AND($C256=\"S\",$P256<>\"\",$Q256<>\"\",$S256=\"\"),\"UNIDADE\",\nIF(AND($C256=\"S\",$P256<>\"\",$Q256<>\"\",$U256=0),\"SEM CUSTO\",\nIF(AND(TIPOORCAMENTO=\"Licitado\",$AL256=0,$AN256>0),\"SEM PREÇO\",\nIF(AND($C256=\"S\",$P256<>\"\",$Q256<>\"\",$U256>0,AND($V256<>\"BDI 1\",$V256<>\"BDI 2\",$V256<>\"BDI 3\")),IF(ISNUMBER($V256),\"JUSTIFICAR BDI\",\"BDI\"),\nIF(OR(AND(import.recurso=\"OGU\",TIPOORCAMENTO=\"Proposto\",LEFT($O$8,5)<>\"(N/D:\",$AG256<>\"\",ORÇAMENTO.CustoUnitario>$AG256),AND(TIPOORCAMENTO=\"LICITADO\",ORÇAMENTO.PrecoUnitarioLicitado>$AN256)),\"ACIMA REF.\",\nIF(AND($C256=\"S\",$P256<>\"\",$Q256<>\"\",$T256=0,$U256>0),\"QUANT.\",\nIF(AND(Import.TipoArredondamento=\"TransfereGOV\",$L256=\"F\",$C256=\"S\",LEN($Q256)>13),\"Código >13\",\nIF(AND(Import.TipoArredondamento=\"TransfereGOV\",$L256=\"F\",$C256<>\"S\",LEN($R256)>100),\"Descrição >100\",\nIF(AND(Import.TipoArredondamento=\"TransfereGOV\",$L256=\"F\",$C256=\"S\",LEN($R256)>500),\"Descrição >500\",\nIF(AND(Import.TipoArredondamento=\"TransfereGOV\",$L256=\"F\",$C256=\"S\",LEFT(TRIM(UPPER($P256)),6)<>\"SINAPI\",ISNA(VLOOKUP(TRIM(UPPER($S256)),ListaTgov.Unidades,1,FALSE))),\"Unid. Não Disp\",\n\" \"))))))))))))))))","v":" "},{"$f":"IF(C256<=CRONO.NivelExibicao,MAX($AD$15:OFFSET(AD256,-1,0))+IF($C256<>1,1,MAX(1,COUNTIF(QCI!$A$13:$A$36,OFFSET($E256,-1,0)))),\"\")","v":""},{"$f":"IF(AND($C256=\"S\",ORÇAMENTO.CodBarra<>\"\"),IF(ORÇAMENTO.Fonte=\"\",ORÇAMENTO.CodBarra,CONCATENATE(ORÇAMENTO.Fonte,\" \",ORÇAMENTO.CodBarra)))","v":"SINAPI 89707"},{"$f":"IF(ISERROR(ORÇAMENTO.BancoRef),\"(abra o arquivo 'Referência \"&Excel_BuiltIn_Database&\".xlsm)\",IF(OR($C256<>\"S\",ORÇAMENTO.CodBarra=\"\"),\"(Sem Código)\",IF(ISERROR(MATCH($AE256,INDIRECT(ORÇAMENTO.BancoRef),0)),\"(Código não identificado nas referências)\",MATCH($AE256,INDIRECT(ORÇAMENTO.BancoRef),0))))","v":11627},{"$f":"ROUND(IF(DESONERACAO=\"sim\",REFERENCIA.Desonerado,REFERENCIA.NaoDesonerado),2)","v":51.47},0.25290000000000001,null,null,null,null,64.489999999999995,{"$f":"ROUND(ORÇAMENTO.CustoUnitario*(1+$AH256),2)","v":64.489999999999995}]
["S",2,"S",0,{"$f":"IF($C257=1,OFFSET(E257,-1,0)+MAX(1,COUNTIF(QCI!$A$13:$A$36,OFFSET(ORÇAMENTO!E257,-1,0))),OFFSET(E257,-1,0))","v":16},2,0,0,2,0,{"$f":"IF(OR($C257=\"S\",$C257=0),0,MATCH(OFFSET($D257,0,$C257)+IF($C257<>1,1,COUNTIF(QCI!$A$13:$A$36,ORÇAMENTO!E257)),OFFSET($D257,1,$C257,ROW($C$472)-ROW($C257)),0))","v":0},"F","Serviço","Serviço","16.2.0.2.","SINAPI","99253",{"$f":"IF($C257=\"S\",REFERENCIA.Descricao,\"(digite a descrição aqui)\")","v":"CAIXA ENTERRADA HIDRÁULICA RETANGULAR EM ALVENARIA COM TIJOLOS CERÂMICOS MACIÇOS, DIMENSÕES INTERNAS: 0,6X0,6X0,6 M PARA REDE DE DRENAGEM. AF_12/2020"},{"$f":"REFERENCIA.Unidade","v":"UN"},{"$f":"OFFSET(CÁLCULO!H$15,ROW($T257)-ROW(T$15),0)","v":4},{"$f":"AG257","v":559.33000000000004},"BDI 1",{"$f":"IF($C257=\"S\",ROUND(IF(TIPOORCAMENTO=\"Proposto\",ORÇAMENTO.CustoUnitario*(1+$AH257),ORÇAMENTO.PrecoUnitarioLicitado),15-13*$AF$10),0)","v":700.78},{"$f":"IF($C257=\"S\",IF(OR(Import.TipoArredondamento<>\"TransfereGOV\",ACOMPANHAMENTO=\"BM\"),VTOTAL1,SUM(OFFSET(CÁLCULO!$AI$15,ROW($X257)-ROW($X$15),1):OFFSET(CÁLCULO!$BB$15,ROW($X257)-ROW($X$15),-1))),IF($C257=0,0,ROUND(SomaAgrup,15-13*$AF$11)))","v":2803.12},"RA","RA",{"$f":"IF($C257=\"S\",IF($Z257=\"CP\",$X257,IF($Z257=\"RA\",(($X257)*QCI!$AA$3),0)),SomaAgrup)","v":242.56435525968533},{"$f":"IF($C257=\"S\",IF($Z257=\"OU\",ROUND($X257,2),0),SomaAgrup)","v":0},{"$f":"IF($N257=\"\",\" \",\nIF(AND($C257<>\"S\",OR($R257=\"\",$R257=\"(digite a descrição aqui)\")),\"DESCRIÇÃO\",\nIF(AND($C257=\"S\",OR($Q257<>\"\",$T257>0,$U257>0),$P257=\"\"),\"FONTE\",\nIF(AND($C257=\"S\",$P257<>\"\",OR($T257>0,$U257>0),$Q257=\"\"),\"CÓDIGO\",\nIF(AND($C257=\"S\",$P257<>\"\",$Q257<>\"\",$R257=\"(Código não identificado nas referências)\"),\"CÓDIGO N/ID\",\nIF(AND($C257=\"S\",OR($R257=\"\",$R257=\"(digite a descrição aqui)\"),OR($Q257<>\"\",$T257>0,$U257>0)),\"DESCRIÇÃO\",\nIF(AND($C257=\"S\",$P257<>\"\",$Q257<>\"\",$S257=\"\"),\"UNIDADE\",\nIF(AND($C257=\"S\",$P257<>\"\",$Q257<>\"\",$U257=0),\"SEM CUSTO\",\nIF(AND(TIPOORCAMENTO=\"Licitado\",$AL257=0,$AN257>0),\"SEM PREÇO\",\nIF(AND($C257=\"S\",$P257<>\"\",$Q257<>\"\",$U257>0,AND($V257<>\"BDI 1\",$V257<>\"BDI 2\",$V257<>\"BDI 3\")),IF(ISNUMBER($V257),\"JUSTIFICAR BDI\",\"BDI\"),\nIF(OR(AND(import.recurso=\"OGU\",TIPOORCAMENTO=\"Proposto\",LEFT($O$8,5)<>\"(N/D:\",$AG257<>\"\",ORÇAMENTO.CustoUnitario>$AG257),AND(TIPOORCAMENTO=\"LICITADO\",ORÇAMENTO.PrecoUnitarioLicitado>$AN257)),\"ACIMA REF.\",\nIF(AND($C257=\"S\",$P257<>\"\",$Q257<>\"\",$T257=0,$U257>0),\"QUANT.\",\nIF(AND(Import.TipoArredondamento=\"TransfereGOV\",$L257=\"F\",$C257=\"S\",LEN($Q257)>13),\"Código >13\",\nIF(AND(Import.TipoArredondamento=\"TransfereGOV\",$L257=\"F\",$C257<>\"S\",LEN($R257)>100),\"Descrição >100\",\nIF(AND(Import.TipoArredondamento=\"TransfereGOV\",$L257=\"F\",$C257=\"S\",LEN($R257)>500),\"Descrição >500\",\nIF(AND(Import.TipoArredondamento=\"TransfereGOV\",$L257=\"F\",$C257=\"S\",LEFT(TRIM(UPPER($P257)),6)<>\"SINAPI\",ISNA(VLOOKUP(TRIM(UPPER($S257)),ListaTgov.Unidades,1,FALSE))),\"Unid. Não Disp\",\n\" \"))))))))))))))))","v":" "},{"$f":"IF(C257<=CRONO.NivelExibicao,MAX($AD$15:OFFSET(AD257,-1,0))+IF($C257<>1,1,MAX(1,COUNTIF(QCI!$A$13:$A$36,OFFSET($E257,-1,0)))),\"\")","v":""},{"$f":"IF(AND($C257=\"S\",ORÇAMENTO.CodBarra<>\"\"),IF(ORÇAMENTO.Fonte=\"\",ORÇAMENTO.CodBarra,CONCATENATE(ORÇAMENTO.Fonte,\" \",ORÇAMENTO.CodBarra)))","v":"SINAPI 99253"},{"$f":"IF(ISERROR(ORÇAMENTO.BancoRef),\"(abra o arquivo 'Referência \"&Excel_BuiltIn_Database&\".xlsm)\",IF(OR($C257<>\"S\",ORÇAMENTO.CodBarra=\"\"),\"(Sem Código)\",IF(ISERROR(MATCH($AE257,INDIRECT(ORÇAMENTO.BancoRef),0)),\"(Código não identificado nas referências)\",MATCH($AE257,INDIRECT(ORÇAMENTO.BancoRef),0))))","v":7402},{"$f":"ROUND(IF(DESONERACAO=\"sim\",REFERENCIA.Desonerado,REFERENCIA.NaoDesonerado),2)","v":559.33000000000004},0.25290000000000001,null,null,null,null,2803.12,{"$f":"ROUND(ORÇAMENTO.CustoUnitario*(1+$AH257),2)","v":700.78}]
["S",2,"S",0,{"$f":"IF($C258=1,OFFSET(E258,-1,0)+MAX(1,COUNTIF(QCI!$A$13:$A$36,OFFSET(ORÇAMENTO!E258,-1,0))),OFFSET(E258,-1,0))","v":16},2,0,0,3,0,{"$f":"IF(OR($C258=\"S\",$C258=0),0,MATCH(OFFSET($D258,0,$C258)+IF($C258<>1,1,COUNTIF(QCI!$A$13:$A$36,ORÇAMENTO!E258)),OFFSET($D258,1,$C258,ROW($C$472)-ROW($C258)),0))","v":0},"F","Serviço","Serviço","16.2.0.3.","SINAPI","104328",{"$f":"IF($C258=\"S\",REFERENCIA.Descricao,\"(digite a descrição aqui)\")","v":"CAIXA SIFONADA, COM GRELHA QUADRADA, PVC, DN 150 X 150 X 50 MM, JUNTA SOLDÁVEL, FORNECIDA E INSTALADA EM RAMAL DE DESCARGA OU EM RAMAL DE ESGOTO SANITÁRIO. AF_08/2022"},{"$f":"REFERENCIA.Unidade","v":"UN"},{"$f":"OFFSET(CÁLCULO!H$15,ROW($T258)-ROW(T$15),0)","v":17},74.959999999999994,"BDI 1",{"$f":"IF($C258=\"S\",ROUND(IF(TIPOORCAMENTO=\"Proposto\",ORÇAMENTO.CustoUnitario*(1+$AH258),ORÇAMENTO.PrecoUnitarioLicitado),15-13*$AF$10),0)","v":93.92},{"$f":"IF($C258=\"S\",IF(OR(Import.TipoArredondamento<>\"TransfereGOV\",ACOMPANHAMENTO=\"BM\"),VTOTAL1,SUM(OFFSET(CÁLCULO!$AI$15,ROW($X258)-ROW($X$15),1):OFFSET(CÁLCULO!$BB$15,ROW($X258)-ROW($X$15),-1))),IF($C258=0,0,ROUND(SomaAgrup,15-13*$AF$11)))","v":1596.64},"RA","RA",{"$f":"IF($C258=\"S\",IF($Z258=\"CP\",$X258,IF($Z258=\"RA\",(($X258)*QCI!$AA$3),0)),SomaAgrup)","v":138.16317252983248},{"$f":"IF($C258=\"S\",IF($Z258=\"OU\",ROUND($X258,2),0),SomaAgrup)","v":0},{"$f":"IF($N258=\"\",\" \",\nIF(AND($C258<>\"S\",OR($R258=\"\",$R258=\"(digite a descrição aqui)\")),\"DESCRIÇÃO\",\nIF(AND($C258=\"S\",OR($Q258<>\"\",$T258>0,$U258>0),$P258=\"\"),\"FONTE\",\nIF(AND($C258=\"S\",$P258<>\"\",OR($T258>0,$U258>0),$Q258=\"\"),\"CÓDIGO\",\nIF(AND($C258=\"S\",$P258<>\"\",$Q258<>\"\",$R258=\"(Código não identificado nas referências)\"),\"CÓDIGO N/ID\",\nIF(AND($C258=\"S\",OR($R258=\"\",$R258=\"(digite a descrição aqui)\"),OR($Q258<>\"\",$T258>0,$U258>0)),\"DESCRIÇÃO\",\nIF(AND($C258=\"S\",$P258<>\"\",$Q258<>\"\",$S258=\"\"),\"UNIDADE\",\nIF(AND($C258=\"S\",$P258<>\"\",$Q258<>\"\",$U258=0),\"SEM CUSTO\",\nIF(AND(TIPOORCAMENTO=\"Licitado\",$AL258=0,$AN258>0),\"SEM PREÇO\",\nIF(AND($C258=\"S\",$P258<>\"\",$Q258<>\"\",$U258>0,AND($V258<>\"BDI 1\",$V258<>\"BDI 2\",$V258<>\"BDI 3\")),IF(ISNUMBER($V258),\"JUSTIFICAR BDI\",\"BDI\"),\nIF(OR(AND(import.recurso=\"OGU\",TIPOORCAMENTO=\"Proposto\",LEFT($O$8,5)<>\"(N/D:\",$AG258<>\"\",ORÇAMENTO.CustoUnitario>$AG258),AND(TIPOORCAMENTO=\"LICITADO\",ORÇAMENTO.PrecoUnitarioLicitado>$AN258)),\"ACIMA REF.\",\nIF(AND($C258=\"S\",$P258<>\"\",$Q258<>\"\",$T258=0,$U258>0),\"QUANT.\",\nIF(AND(Import.TipoArredondamento=\"TransfereGOV\",$L258=\"F\",$C258=\"S\",LEN($Q258)>13),\"Código >13\",\nIF(AND(Import.TipoArredondamento=\"TransfereGOV\",$L258=\"F\",$C258<>\"S\",LEN($R258)>100),\"Descrição >100\",\nIF(AND(Import.TipoArredondamento=\"TransfereGOV\",$L258=\"F\",$C258=\"S\",LEN($R258)>500),\"Descrição >500\",\nIF(AND(Import.TipoArredondamento=\"TransfereGOV\",$L258=\"F\",$C258=\"S\",LEFT(TRIM(UPPER($P258)),6)<>\"SINAPI\",ISNA(VLOOKUP(TRIM(UPPER($S258)),ListaTgov.Unidades,1,FALSE))),\"Unid. Não Disp\",\n\" \"))))))))))))))))","v":" "},{"$f":"IF(C258<=CRONO.NivelExibicao,MAX($AD$15:OFFSET(AD258,-1,0))+IF($C258<>1,1,MAX(1,COUNTIF(QCI!$A$13:$A$36,OFFSET($E258,-1,0)))),\"\")","v":""},{"$f":"IF(AND($C258=\"S\",ORÇAMENTO.CodBarra<>\"\"),IF(ORÇAMENTO.Fonte=\"\",ORÇAMENTO.CodBarra,CONCATENATE(ORÇAMENTO.Fonte,\" \",ORÇAMENTO.CodBarra)))","v":"SINAPI 104328"},{"$f":"IF(ISERROR(ORÇAMENTO.BancoRef),\"(abra o arquivo 'Referência \"&Excel_BuiltIn_Database&\".xlsm)\",IF(OR($C258<>\"S\",ORÇAMENTO.CodBarra=\"\"),\"(Sem Código)\",IF(ISERROR(MATCH($AE258,INDIRECT(ORÇAMENTO.BancoRef),0)),\"(Código não identificado nas referências)\",MATCH($AE258,INDIRECT(ORÇAMENTO.BancoRef),0))))","v":11625},{"$f":"ROUND(IF(DESONERACAO=\"sim\",REFERENCIA.Desonerado,REFERENCIA.NaoDesonerado),2)","v":74.959999999999994},0.25290000000000001,null,null,null,null,1596.64,{"$f":"ROUND(ORÇAMENTO.CustoUnitario*(1+$AH258),2)","v":93.92}]
["S",2,"S",0,{"$f":"IF($C259=1,OFFSET(E259,-1,0)+MAX(1,COUNTIF(QCI!$A$13:$A$36,OFFSET(ORÇAMENTO!E259,-1,0))),OFFSET(E259,-1,0))","v":16},2,0,0,4,0,{"$f":"IF(OR($C259=\"S\",$C259=0),0,MATCH(OFFSET($D259,0,$C259)+IF($C259<>1,1,COUNTIF(QCI!$A$13:$A$36,ORÇAMENTO!E259)),OFFSET($D259,1,$C259,ROW($C$472)-ROW($C259)),0))","v":0},"F","Serviço","Serviço","16.2.0.4.","SINAPI","89708",{"$f":"IF($C259=\"S\",REFERENCIA.Descricao,\"(digite a descrição aqui)\")","v":"CAIXA SIFONADA, PVC, DN 150 X 185 X 75 MM, JUNTA ELÁSTICA, FORNECIDA E INSTALADA EM RAMAL DE DESCARGA OU EM RAMAL DE ESGOTO SANITÁRIO. AF_08/2022"},{"$f":"REFERENCIA.Unidade","v":"UN"},{"$f":"OFFSET(CÁLCULO!H$15,ROW($T259)-ROW(T$15),0)","v":1},110.9,"BDI 1",{"$f":"IF($C259=\"S\",ROUND(IF(TIPOORCAMENTO=\"Proposto\",ORÇAMENTO.CustoUnitario*(1+$AH259),ORÇAMENTO.PrecoUnitarioLicitado),15-13*$AF$10),0)","v":138.94999999999999},{"$f":"IF($C259=\"S\",IF(OR(Import.TipoArredondamento<>\"TransfereGOV\",ACOMPANHAMENTO=\"BM\"),VTOTAL1,SUM(OFFSET(CÁLCULO!$AI$15,ROW($X259)-ROW($X$15),1):OFFSET(CÁLCULO!$BB$15,ROW($X259)-ROW($X$15),-1))),IF($C259=0,0,ROUND(SomaAgrup,15-13*$AF$11)))","v":138.94999999999999},"RA","RA",{"$f":"IF($C259=\"S\",IF($Z259=\"CP\",$X259,IF($Z259=\"RA\",(($X259)*QCI!$AA$3),0)),SomaAgrup)","v":12.023858116432146},{"$f":"IF($C259=\"S\",IF($Z259=\"OU\",ROUND($X259,2),0),SomaAgrup)","v":0},{"$f":"IF($N259=\"\",\" \",\nIF(AND($C259<>\"S\",OR($R259=\"\",$R259=\"(digite a descrição aqui)\")),\"DESCRIÇÃO\",\nIF(AND($C259=\"S\",OR($Q259<>\"\",$T259>0,$U259>0),$P259=\"\"),\"FONTE\",\nIF(AND($C259=\"S\",$P259<>\"\",OR($T259>0,$U259>0),$Q259=\"\"),\"CÓDIGO\",\nIF(AND($C259=\"S\",$P259<>\"\",$Q259<>\"\",$R259=\"(Código não identificado nas referências)\"),\"CÓDIGO N/ID\",\nIF(AND($C259=\"S\",OR($R259=\"\",$R259=\"(digite a descrição aqui)\"),OR($Q259<>\"\",$T259>0,$U259>0)),\"DESCRIÇÃO\",\nIF(AND($C259=\"S\",$P259<>\"\",$Q259<>\"\",$S259=\"\"),\"UNIDADE\",\nIF(AND($C259=\"S\",$P259<>\"\",$Q259<>\"\",$U259=0),\"SEM CUSTO\",\nIF(AND(TIPOORCAMENTO=\"Licitado\",$AL259=0,$AN259>0),\"SEM PREÇO\",\nIF(AND($C259=\"S\",$P259<>\"\",$Q259<>\"\",$U259>0,AND($V259<>\"BDI 1\",$V259<>\"BDI 2\",$V259<>\"BDI 3\")),IF(ISNUMBER($V259),\"JUSTIFICAR BDI\",\"BDI\"),\nIF(OR(AND(import.recurso=\"OGU\",TIPOORCAMENTO=\"Proposto\",LEFT($O$8,5)<>\"(N/D:\",$AG259<>\"\",ORÇAMENTO.CustoUnitario>$AG259),AND(TIPOORCAMENTO=\"LICITADO\",ORÇAMENTO.PrecoUnitarioLicitado>$AN259)),\"ACIMA REF.\",\nIF(AND($C259=\"S\",$P259<>\"\",$Q259<>\"\",$T259=0,$U259>0),\"QUANT.\",\nIF(AND(Import.TipoArredondamento=\"TransfereGOV\",$L259=\"F\",$C259=\"S\",LEN($Q259)>13),\"Código >13\",\nIF(AND(Import.TipoArredondamento=\"TransfereGOV\",$L259=\"F\",$C259<>\"S\",LEN($R259)>100),\"Descrição >100\",\nIF(AND(Import.TipoArredondamento=\"TransfereGOV\",$L259=\"F\",$C259=\"S\",LEN($R259)>500),\"Descrição >500\",\nIF(AND(Import.TipoArredondamento=\"TransfereGOV\",$L259=\"F\",$C259=\"S\",LEFT(TRIM(UPPER($P259)),6)<>\"SINAPI\",ISNA(VLOOKUP(TRIM(UPPER($S259)),ListaTgov.Unidades,1,FALSE))),\"Unid. Não Disp\",\n\" \"))))))))))))))))","v":" "},{"$f":"IF(C259<=CRONO.NivelExibicao,MAX($AD$15:OFFSET(AD259,-1,0))+IF($C259<>1,1,MAX(1,COUNTIF(QCI!$A$13:$A$36,OFFSET($E259,-1,0)))),\"\")","v":""},{"$f":"IF(AND($C259=\"S\",ORÇAMENTO.CodBarra<>\"\"),IF(ORÇAMENTO.Fonte=\"\",ORÇAMENTO.CodBarra,CONCATENATE(ORÇAMENTO.Fonte,\" \",ORÇAMENTO.CodBarra)))","v":"SINAPI 89708"},{"$f":"IF(ISERROR(ORÇAMENTO.BancoRef),\"(abra o arquivo 'Referência \"&Excel_BuiltIn_Database&\".xlsm)\",IF(OR($C259<>\"S\",ORÇAMENTO.CodBarra=\"\"),\"(Sem Código)\",IF(ISERROR(MATCH($AE259,INDIRECT(ORÇAMENTO.BancoRef),0)),\"(Código não identificado nas referências)\",MATCH($AE259,INDIRECT(ORÇAMENTO.BancoRef),0))))","v":11628},{"$f":"ROUND(IF(DESONERACAO=\"sim\",REFERENCIA.Desonerado,REFERENCIA.NaoDesonerado),2)","v":110.9},0.25290000000000001,null,null,null,null,138.94999999999999,{"$f":"ROUND(ORÇAMENTO.CustoUnitario*(1+$AH259),2)","v":138.94999999999999}]
["S",2,"S",0,{"$f":"IF($C260=1,OFFSET(E260,-1,0)+MAX(1,COUNTIF(QCI!$A$13:$A$36,OFFSET(ORÇAMENTO!E260,-1,0))),OFFSET(E260,-1,0))","v":16},2,0,0,5,0,{"$f":"IF(OR($C260=\"S\",$C260=0),0,MATCH(OFFSET($D260,0,$C260)+IF($C260<>1,1,COUNTIF(QCI!$A$13:$A$36,ORÇAMENTO!E260)),OFFSET($D260,1,$C260,ROW($C$472)-ROW($C260)),0))","v":0},"F","Serviço","Serviço","16.2.0.5.","SINAPI","89709",{"$f":"IF($C260=\"S\",REFERENCIA.Descricao,\"(digite a descrição aqui)\")","v":"RALO SIFONADO, PVC, DN 100 X 40 MM, JUNTA SOLDÁVEL, FORNECIDO E INSTALADO EM RAMAL DE DESCARGA OU EM RAMAL DE ESGOTO SANITÁRIO. AF_08/2022"},{"$f":"REFERENCIA.Unidade","v":"UN"},{"$f":"OFFSET(CÁLCULO!H$15,ROW($T260)-ROW(T$15),0)","v":3},22.21,"BDI 1",{"$f":"IF($C260=\"S\",ROUND(IF(TIPOORCAMENTO=\"Proposto\",ORÇAMENTO.CustoUnitario*(1+$AH260),ORÇAMENTO.PrecoUnitarioLicitado),15-13*$AF$10),0)","v":27.83},{"$f":"IF($C260=\"S\",IF(OR(Import.TipoArredondamento<>\"TransfereGOV\",ACOMPANHAMENTO=\"BM\"),VTOTAL1,SUM(OFFSET(CÁLCULO!$AI$15,ROW($X260)-ROW($X$15),1):OFFSET(CÁLCULO!$BB$15,ROW($X260)-ROW($X$15),-1))),IF($C260=0,0,ROUND(SomaAgrup,15-13*$AF$11)))","v":83.49},"RA","RA",{"$f":"IF($C260=\"S\",IF($Z260=\"CP\",$X260,IF($Z260=\"RA\",(($X260)*QCI!$AA$3),0)),SomaAgrup)","v":7.2246989142923344},{"$f":"IF($C260=\"S\",IF($Z260=\"OU\",ROUND($X260,2),0),SomaAgrup)","v":0},{"$f":"IF($N260=\"\",\" \",\nIF(AND($C260<>\"S\",OR($R260=\"\",$R260=\"(digite a descrição aqui)\")),\"DESCRIÇÃO\",\nIF(AND($C260=\"S\",OR($Q260<>\"\",$T260>0,$U260>0),$P260=\"\"),\"FONTE\",\nIF(AND($C260=\"S\",$P260<>\"\",OR($T260>0,$U260>0),$Q260=\"\"),\"CÓDIGO\",\nIF(AND($C260=\"S\",$P260<>\"\",$Q260<>\"\",$R260=\"(Código não identificado nas referências)\"),\"CÓDIGO N/ID\",\nIF(AND($C260=\"S\",OR($R260=\"\",$R260=\"(digite a descrição aqui)\"),OR($Q260<>\"\",$T260>0,$U260>0)),\"DESCRIÇÃO\",\nIF(AND($C260=\"S\",$P260<>\"\",$Q260<>\"\",$S260=\"\"),\"UNIDADE\",\nIF(AND($C260=\"S\",$P260<>\"\",$Q260<>\"\",$U260=0),\"SEM CUSTO\",\nIF(AND(TIPOORCAMENTO=\"Licitado\",$AL260=0,$AN260>0),\"SEM PREÇO\",\nIF(AND($C260=\"S\",$P260<>\"\",$Q260<>\"\",$U260>0,AND($V260<>\"BDI 1\",$V260<>\"BDI 2\",$V260<>\"BDI 3\")),IF(ISNUMBER($V260),\"JUSTIFICAR BDI\",\"BDI\"),\nIF(OR(AND(import.recurso=\"OGU\",TIPOORCAMENTO=\"Proposto\",LEFT($O$8,5)<>\"(N/D:\",$AG260<>\"\",ORÇAMENTO.CustoUnitario>$AG260),AND(TIPOORCAMENTO=\"LICITADO\",ORÇAMENTO.PrecoUnitarioLicitado>$AN260)),\"ACIMA REF.\",\nIF(AND($C260=\"S\",$P260<>\"\",$Q260<>\"\",$T260=0,$U260>0),\"QUANT.\",\nIF(AND(Import.TipoArredondamento=\"TransfereGOV\",$L260=\"F\",$C260=\"S\",LEN($Q260)>13),\"Código >13\",\nIF(AND(Import.TipoArredondamento=\"TransfereGOV\",$L260=\"F\",$C260<>\"S\",LEN($R260)>100),\"Descrição >100\",\nIF(AND(Import.TipoArredondamento=\"TransfereGOV\",$L260=\"F\",$C260=\"S\",LEN($R260)>500),\"Descrição >500\",\nIF(AND(Import.TipoArredondamento=\"TransfereGOV\",$L260=\"F\",$C260=\"S\",LEFT(TRIM(UPPER($P260)),6)<>\"SINAPI\",ISNA(VLOOKUP(TRIM(UPPER($S260)),ListaTgov.Unidades,1,FALSE))),\"Unid. Não Disp\",\n\" \"))))))))))))))))","v":" "},{"$f":"IF(C260<=CRONO.NivelExibicao,MAX($AD$15:OFFSET(AD260,-1,0))+IF($C260<>1,1,MAX(1,COUNTIF(QCI!$A$13:$A$36,OFFSET($E260,-1,0)))),\"\")","v":""},{"$f":"IF(AND($C260=\"S\",ORÇAMENTO.CodBarra<>\"\"),IF(ORÇAMENTO.Fonte=\"\",ORÇAMENTO.CodBarra,CONCATENATE(ORÇAMENTO.Fonte,\" \",ORÇAMENTO.CodBarra)))","v":"SINAPI 89709"},{"$f":"IF(ISERROR(ORÇAMENTO.BancoRef),\"(abra o arquivo 'Referência \"&Excel_BuiltIn_Database&\".xlsm)\",IF(OR($C260<>\"S\",ORÇAMENTO.CodBarra=\"\"),\"(Sem Código)\",IF(ISERROR(MATCH($AE260,INDIRECT(ORÇAMENTO.BancoRef),0)),\"(Código não identificado nas referências)\",MATCH($AE260,INDIRECT(ORÇAMENTO.BancoRef),0))))","v":11633},{"$f":"ROUND(IF(DESONERACAO=\"sim\",REFERENCIA.Desonerado,REFERENCIA.NaoDesonerado),2)","v":22.21},0.25290000000000001,null,null,null,null,83.49,{"$f":"ROUND(ORÇAMENTO.CustoUnitario*(1+$AH260),2)","v":27.83}]
["S",2,"S",0,{"$f":"IF($C261=1,OFFSET(E261,-1,0)+MAX(1,COUNTIF(QCI!$A$13:$A$36,OFFSET(ORÇAMENTO!E261,-1,0))),OFFSET(E261,-1,0))","v":16},2,0,0,6,0,{"$f":"IF(OR($C261=\"S\",$C261=0),0,MATCH(OFFSET($D261,0,$C261)+IF($C261<>1,1,COUNTIF(QCI!$A$13:$A$36,ORÇAMENTO!E261)),OFFSET($D261,1,$C261,ROW($C$472)-ROW($C261)),0))","v":0},"F","Serviço","Serviço","16.2.0.6.","SINAPI","86883",{"$f":"IF($C261=\"S\",REFERENCIA.Descricao,\"(digite a descrição aqui)\")","v":"SIFÃO DO TIPO FLEXÍVEL EM PVC 1 X 1.1/2 - FORNECIMENTO E INSTALAÇÃO. AF_01/2020"},{"$f":"REFERENCIA.Unidade","v":"UN"},{"$f":"OFFSET(CÁLCULO!H$15,ROW($T261)-ROW(T$15),0)","v":29},14.03,"BDI 1",{"$f":"IF($C261=\"S\",ROUND(IF(TIPOORCAMENTO=\"Proposto\",ORÇAMENTO.CustoUnitario*(1+$AH261),ORÇAMENTO.PrecoUnitarioLicitado),15-13*$AF$10),0)","v":17.579999999999998},{"$f":"IF($C261=\"S\",IF(OR(Import.TipoArredondamento<>\"TransfereGOV\",ACOMPANHAMENTO=\"BM\"),VTOTAL1,SUM(OFFSET(CÁLCULO!$AI$15,ROW($X261)-ROW($X$15),1):OFFSET(CÁLCULO!$BB$15,ROW($X261)-ROW($X$15),-1))),IF($C261=0,0,ROUND(SomaAgrup,15-13*$AF$11)))","v":509.82},"RA","RA",{"$f":"IF($C261=\"S\",IF($Z261=\"CP\",$X261,IF($Z261=\"RA\",(($X261)*QCI!$AA$3),0)),SomaAgrup)","v":44.116612773799474},{"$f":"IF($C261=\"S\",IF($Z261=\"OU\",ROUND($X261,2),0),SomaAgrup)","v":0},{"$f":"IF($N261=\"\",\" \",\nIF(AND($C261<>\"S\",OR($R261=\"\",$R261=\"(digite a descrição aqui)\")),\"DESCRIÇÃO\",\nIF(AND($C261=\"S\",OR($Q261<>\"\",$T261>0,$U261>0),$P261=\"\"),\"FONTE\",\nIF(AND($C261=\"S\",$P261<>\"\",OR($T261>0,$U261>0),$Q261=\"\"),\"CÓDIGO\",\nIF(AND($C261=\"S\",$P261<>\"\",$Q261<>\"\",$R261=\"(Código não identificado nas referências)\"),\"CÓDIGO N/ID\",\nIF(AND($C261=\"S\",OR($R261=\"\",$R261=\"(digite a descrição aqui)\"),OR($Q261<>\"\",$T261>0,$U261>0)),\"DESCRIÇÃO\",\nIF(AND($C261=\"S\",$P261<>\"\",$Q261<>\"\",$S261=\"\"),\"UNIDADE\",\nIF(AND($C261=\"S\",$P261<>\"\",$Q261<>\"\",$U261=0),\"SEM CUSTO\",\nIF(AND(TIPOORCAMENTO=\"Licitado\",$AL261=0,$AN261>0),\"SEM PREÇO\",\nIF(AND($C261=\"S\",$P261<>\"\",$Q261<>\"\",$U261>0,AND($V261<>\"BDI 1\",$V261<>\"BDI 2\",$V261<>\"BDI 3\")),IF(ISNUMBER($V261),\"JUSTIFICAR BDI\",\"BDI\"),\nIF(OR(AND(import.recurso=\"OGU\",TIPOORCAMENTO=\"Proposto\",LEFT($O$8,5)<>\"(N/D:\",$AG261<>\"\",ORÇAMENTO.CustoUnitario>$AG261),AND(TIPOORCAMENTO=\"LICITADO\",ORÇAMENTO.PrecoUnitarioLicitado>$AN261)),\"ACIMA REF.\",\nIF(AND($C261=\"S\",$P261<>\"\",$Q261<>\"\",$T261=0,$U261>0),\"QUANT.\",\nIF(AND(Import.TipoArredondamento=\"TransfereGOV\",$L261=\"F\",$C261=\"S\",LEN($Q261)>13),\"Código >13\",\nIF(AND(Import.TipoArredondamento=\"TransfereGOV\",$L261=\"F\",$C261<>\"S\",LEN($R261)>100),\"Descrição >100\",\nIF(AND(Import.TipoArredondamento=\"TransfereGOV\",$L261=\"F\",$C261=\"S\",LEN($R261)>500),\"Descrição >500\",\nIF(AND(Import.TipoArredondamento=\"TransfereGOV\",$L261=\"F\",$C261=\"S\",LEFT(TRIM(UPPER($P261)),6)<>\"SINAPI\",ISNA(VLOOKUP(TRIM(UPPER($S261)),ListaTgov.Unidades,1,FALSE))),\"Unid. Não Disp\",\n\" \"))))))))))))))))","v":" "},{"$f":"IF(C261<=CRONO.NivelExibicao,MAX($AD$15:OFFSET(AD261,-1,0))+IF($C261<>1,1,MAX(1,COUNTIF(QCI!$A$13:$A$36,OFFSET($E261,-1,0)))),\"\")","v":""},{"$f":"IF(AND($C261=\"S\",ORÇAMENTO.CodBarra<>\"\"),IF(ORÇAMENTO.Fonte=\"\",ORÇAMENTO.CodBarra,CONCATENATE(ORÇAMENTO.Fonte,\" \",ORÇAMENTO.CodBarra)))","v":"SINAPI 86883"},{"$f":"IF(ISERROR(ORÇAMENTO.BancoRef),\"(abra o arquivo 'Referência \"&Excel_BuiltIn_Database&\".xlsm)\",IF(OR($C261<>\"S\",ORÇAMENTO.CodBarra=\"\"),\"(Sem Código)\",IF(ISERROR(MATCH($AE261,INDIRECT(ORÇAMENTO.BancoRef),0)),\"(Código não identificado nas referências)\",MATCH($AE261,INDIRECT(ORÇAMENTO.BancoRef),0))))","v":13510},{"$f":"ROUND(IF(DESONERACAO=\"sim\",REFERENCIA.Desonerado,REFERENCIA.NaoDesonerado),2)","v":14.03},0.25290000000000001,null,null,null,null,509.82,{"$f":"ROUND(ORÇAMENTO.CustoUnitario*(1+$AH261),2)","v":17.579999999999998}]
["S",2,"S",0,{"$f":"IF($C262=1,OFFSET(E262,-1,0)+MAX(1,COUNTIF(QCI!$A$13:$A$36,OFFSET(ORÇAMENTO!E262,-1,0))),OFFSET(E262,-1,0))","v":16},2,0,0,7,0,{"$f":"IF(OR($C262=\"S\",$C262=0),0,MATCH(OFFSET($D262,0,$C262)+IF($C262<>1,1,COUNTIF(QCI!$A$13:$A$36,ORÇAMENTO!E262)),OFFSET($D262,1,$C262,ROW($C$472)-ROW($C262)),0))","v":0},"F","Serviço","Serviço","16.2.0.7.","SINAPI","86879",{"$f":"IF($C262=\"S\",REFERENCIA.Descricao,\"(digite a descrição aqui)\")","v":"VÁLVULA EM PLÁSTICO 1\" PARA PIA, TANQUE OU LAVATÓRIO, COM OU SEM LADRÃO - FORNECIMENTO E INSTALAÇÃO. AF_01/2020"},{"$f":"REFERENCIA.Unidade","v":"UN"},{"$f":"OFFSET(CÁLCULO!H$15,ROW($T262)-ROW(T$15),0)","v":30},10.84,"BDI 1",{"$f":"IF($C262=\"S\",ROUND(IF(TIPOORCAMENTO=\"Proposto\",ORÇAMENTO.CustoUnitario*(1+$AH262),ORÇAMENTO.PrecoUnitarioLicitado),15-13*$AF$10),0)","v":13.58},{"$f":"IF($C262=\"S\",IF(OR(Import.TipoArredondamento<>\"TransfereGOV\",ACOMPANHAMENTO=\"BM\"),VTOTAL1,SUM(OFFSET(CÁLCULO!$AI$15,ROW($X262)-ROW($X$15),1):OFFSET(CÁLCULO!$BB$15,ROW($X262)-ROW($X$15),-1))),IF($C262=0,0,ROUND(SomaAgrup,15-13*$AF$11)))","v":407.4},"RA","RA",{"$f":"IF($C262=\"S\",IF($Z262=\"CP\",$X262,IF($Z262=\"RA\",(($X262)*QCI!$AA$3),0)),SomaAgrup)","v":35.253830850193999},{"$f":"IF($C262=\"S\",IF($Z262=\"OU\",ROUND($X262,2),0),SomaAgrup)","v":0},{"$f":"IF($N262=\"\",\" \",\nIF(AND($C262<>\"S\",OR($R262=\"\",$R262=\"(digite a descrição aqui)\")),\"DESCRIÇÃO\",\nIF(AND($C262=\"S\",OR($Q262<>\"\",$T262>0,$U262>0),$P262=\"\"),\"FONTE\",\nIF(AND($C262=\"S\",$P262<>\"\",OR($T262>0,$U262>0),$Q262=\"\"),\"CÓDIGO\",\nIF(AND($C262=\"S\",$P262<>\"\",$Q262<>\"\",$R262=\"(Código não identificado nas referências)\"),\"CÓDIGO N/ID\",\nIF(AND($C262=\"S\",OR($R262=\"\",$R262=\"(digite a descrição aqui)\"),OR($Q262<>\"\",$T262>0,$U262>0)),\"DESCRIÇÃO\",\nIF(AND($C262=\"S\",$P262<>\"\",$Q262<>\"\",$S262=\"\"),\"UNIDADE\",\nIF(AND($C262=\"S\",$P262<>\"\",$Q262<>\"\",$U262=0),\"SEM CUSTO\",\nIF(AND(TIPOORCAMENTO=\"Licitado\",$AL262=0,$AN262>0),\"SEM PREÇO\",\nIF(AND($C262=\"S\",$P262<>\"\",$Q262<>\"\",$U262>0,AND($V262<>\"BDI 1\",$V262<>\"BDI 2\",$V262<>\"BDI 3\")),IF(ISNUMBER($V262),\"JUSTIFICAR BDI\",\"BDI\"),\nIF(OR(AND(import.recurso=\"OGU\",TIPOORCAMENTO=\"Proposto\",LEFT($O$8,5)<>\"(N/D:\",$AG262<>\"\",ORÇAMENTO.CustoUnitario>$AG262),AND(TIPOORCAMENTO=\"LICITADO\",ORÇAMENTO.PrecoUnitarioLicitado>$AN262)),\"ACIMA REF.\",\nIF(AND($C262=\"S\",$P262<>\"\",$Q262<>\"\",$T262=0,$U262>0),\"QUANT.\",\nIF(AND(Import.TipoArredondamento=\"TransfereGOV\",$L262=\"F\",$C262=\"S\",LEN($Q262)>13),\"Código >13\",\nIF(AND(Import.TipoArredondamento=\"TransfereGOV\",$L262=\"F\",$C262<>\"S\",LEN($R262)>100),\"Descrição >100\",\nIF(AND(Import.TipoArredondamento=\"TransfereGOV\",$L262=\"F\",$C262=\"S\",LEN($R262)>500),\"Descrição >500\",\nIF(AND(Import.TipoArredondamento=\"TransfereGOV\",$L262=\"F\",$C262=\"S\",LEFT(TRIM(UPPER($P262)),6)<>\"SINAPI\",ISNA(VLOOKUP(TRIM(UPPER($S262)),ListaTgov.Unidades,1,FALSE))),\"Unid. Não Disp\",\n\" \"))))))))))))))))","v":" "},{"$f":"IF(C262<=CRONO.NivelExibicao,MAX($AD$15:OFFSET(AD262,-1,0))+IF($C262<>1,1,MAX(1,COUNTIF(QCI!$A$13:$A$36,OFFSET($E262,-1,0)))),\"\")","v":""},{"$f":"IF(AND($C262=\"S\",ORÇAMENTO.CodBarra<>\"\"),IF(ORÇAMENTO.Fonte=\"\",ORÇAMENTO.CodBarra,CONCATENATE(ORÇAMENTO.Fonte,\" \",ORÇAMENTO.CodBarra)))","v":"SINAPI 86879"},{"$f":"IF(ISERROR(ORÇAMENTO.BancoRef),\"(abra o arquivo 'Referência \"&Excel_BuiltIn_Database&\".xlsm)\",IF(OR($C262<>\"S\",ORÇAMENTO.CodBarra=\"\"),\"(Sem Código)\",IF(ISERROR(MATCH($AE262,INDIRECT(ORÇAMENTO.BancoRef),0)),\"(Código não identificado nas referências)\",MATCH($AE262,INDIRECT(ORÇAMENTO.BancoRef),0))))","v":13552},{"$f":"ROUND(IF(DESONERACAO=\"sim\",REFERENCIA.Desonerado,REFERENCIA.NaoDesonerado),2)","v":10.84},0.25290000000000001,null,null,null,null,407.4,{"$f":"ROUND(ORÇAMENTO.CustoUnitario*(1+$AH262),2)","v":13.58}]
["S",2,"S",0,{"$f":"IF($C263=1,OFFSET(E263,-1,0)+MAX(1,COUNTIF(QCI!$A$13:$A$36,OFFSET(ORÇAMENTO!E263,-1,0))),OFFSET(E263,-1,0))","v":16},2,0,0,8,0,{"$f":"IF(OR($C263=\"S\",$C263=0),0,MATCH(OFFSET($D263,0,$C263)+IF($C263<>1,1,COUNTIF(QCI!$A$13:$A$36,ORÇAMENTO!E263)),OFFSET($D263,1,$C263,ROW($C$472)-ROW($C263)),0))","v":0},"F","Serviço","Serviço","16.2.0.8.","SINAPI","104063",{"$f":"IF($C263=\"S\",REFERENCIA.Descricao,\"(digite a descrição aqui)\")","v":"CURVA LONGA, 45 GRAUS, PVC OCRE, JUNTA ELÁSTICA, DN 100 MM, PARA COLETOR PREDIAL DE ESGOTO. AF_06/2022"},{"$f":"REFERENCIA.Unidade","v":"UN"},{"$f":"OFFSET(CÁLCULO!H$15,ROW($T263)-ROW(T$15),0)","v":10},74,"BDI 1",{"$f":"IF($C263=\"S\",ROUND(IF(TIPOORCAMENTO=\"Proposto\",ORÇAMENTO.CustoUnitario*(1+$AH263),ORÇAMENTO.PrecoUnitarioLicitado),15-13*$AF$10),0)","v":92.71},{"$f":"IF($C263=\"S\",IF(OR(Import.TipoArredondamento<>\"TransfereGOV\",ACOMPANHAMENTO=\"BM\"),VTOTAL1,SUM(OFFSET(CÁLCULO!$AI$15,ROW($X263)-ROW($X$15),1):OFFSET(CÁLCULO!$BB$15,ROW($X263)-ROW($X$15),-1))),IF($C263=0,0,ROUND(SomaAgrup,15-13*$AF$11)))","v":927.1},"RA","RA",{"$f":"IF($C263=\"S\",IF($Z263=\"CP\",$X263,IF($Z263=\"RA\",(($X263)*QCI!$AA$3),0)),SomaAgrup)","v":80.225396615647668},{"$f":"IF($C263=\"S\",IF($Z263=\"OU\",ROUND($X263,2),0),SomaAgrup)","v":0},{"$f":"IF($N263=\"\",\" \",\nIF(AND($C263<>\"S\",OR($R263=\"\",$R263=\"(digite a descrição aqui)\")),\"DESCRIÇÃO\",\nIF(AND($C263=\"S\",OR($Q263<>\"\",$T263>0,$U263>0),$P263=\"\"),\"FONTE\",\nIF(AND($C263=\"S\",$P263<>\"\",OR($T263>0,$U263>0),$Q263=\"\"),\"CÓDIGO\",\nIF(AND($C263=\"S\",$P263<>\"\",$Q263<>\"\",$R263=\"(Código não identificado nas referências)\"),\"CÓDIGO N/ID\",\nIF(AND($C263=\"S\",OR($R263=\"\",$R263=\"(digite a descrição aqui)\"),OR($Q263<>\"\",$T263>0,$U263>0)),\"DESCRIÇÃO\",\nIF(AND($C263=\"S\",$P263<>\"\",$Q263<>\"\",$S263=\"\"),\"UNIDADE\",\nIF(AND($C263=\"S\",$P263<>\"\",$Q263<>\"\",$U263=0),\"SEM CUSTO\",\nIF(AND(TIPOORCAMENTO=\"Licitado\",$AL263=0,$AN263>0),\"SEM PREÇO\",\nIF(AND($C263=\"S\",$P263<>\"\",$Q263<>\"\",$U263>0,AND($V263<>\"BDI 1\",$V263<>\"BDI 2\",$V263<>\"BDI 3\")),IF(ISNUMBER($V263),\"JUSTIFICAR BDI\",\"BDI\"),\nIF(OR(AND(import.recurso=\"OGU\",TIPOORCAMENTO=\"Proposto\",LEFT($O$8,5)<>\"(N/D:\",$AG263<>\"\",ORÇAMENTO.CustoUnitario>$AG263),AND(TIPOORCAMENTO=\"LICITADO\",ORÇAMENTO.PrecoUnitarioLicitado>$AN263)),\"ACIMA REF.\",\nIF(AND($C263=\"S\",$P263<>\"\",$Q263<>\"\",$T263=0,$U263>0),\"QUANT.\",\nIF(AND(Import.TipoArredondamento=\"TransfereGOV\",$L263=\"F\",$C263=\"S\",LEN($Q263)>13),\"Código >13\",\nIF(AND(Import.TipoArredondamento=\"TransfereGOV\",$L263=\"F\",$C263<>\"S\",LEN($R263)>100),\"Descrição >100\",\nIF(AND(Import.TipoArredondamento=\"TransfereGOV\",$L263=\"F\",$C263=\"S\",LEN($R263)>500),\"Descrição >500\",\nIF(AND(Import.TipoArredondamento=\"TransfereGOV\",$L263=\"F\",$C263=\"S\",LEFT(TRIM(UPPER($P263)),6)<>\"SINAPI\",ISNA(VLOOKUP(TRIM(UPPER($S263)),ListaTgov.Unidades,1,FALSE))),\"Unid. Não Disp\",\n\" \"))))))))))))))))","v":" "},{"$f":"IF(C263<=CRONO.NivelExibicao,MAX($AD$15:OFFSET(AD263,-1,0))+IF($C263<>1,1,MAX(1,COUNTIF(QCI!$A$13:$A$36,OFFSET($E263,-1,0)))),\"\")","v":""},{"$f":"IF(AND($C263=\"S\",ORÇAMENTO.CodBarra<>\"\"),IF(ORÇAMENTO.Fonte=\"\",ORÇAMENTO.CodBarra,CONCATENATE(ORÇAMENTO.Fonte,\" \",ORÇAMENTO.CodBarra)))","v":"SINAPI 104063"},{"$f":"IF(ISERROR(ORÇAMENTO.BancoRef),\"(abra o arquivo 'Referência \"&Excel_BuiltIn_Database&\".xlsm)\",IF(OR($C263<>\"S\",ORÇAMENTO.CodBarra=\"\"),\"(Sem Código)\",IF(ISERROR(MATCH($AE263,INDIRECT(ORÇAMENTO.BancoRef),0)),\"(Código não identificado nas referências)\",MATCH($AE263,INDIRECT(ORÇAMENTO.BancoRef),0))))","v":13011},{"$f":"ROUND(IF(DESONERACAO=\"sim\",REFERENCIA.Desonerado,REFERENCIA.NaoDesonerado),2)","v":74},0.25290000000000001,null,null,null,null,927.1,{"$f":"ROUND(ORÇAMENTO.CustoUnitario*(1+$AH263),2)","v":92.71}]
["S",2,"S",0,{"$f":"IF($C264=1,OFFSET(E264,-1,0)+MAX(1,COUNTIF(QCI!$A$13:$A$36,OFFSET(ORÇAMENTO!E264,-1,0))),OFFSET(E264,-1,0))","v":16},2,0,0,9,0,{"$f":"IF(OR($C264=\"S\",$C264=0),0,MATCH(OFFSET($D264,0,$C264)+IF($C264<>1,1,COUNTIF(QCI!$A$13:$A$36,ORÇAMENTO!E264)),OFFSET($D264,1,$C264,ROW($C$472)-ROW($C264)),0))","v":0},"F","Serviço","Serviço","16.2.0.9.","SINAPI","89811",{"$f":"IF($C264=\"S\",REFERENCIA.Descricao,\"(digite a descrição aqui)\")","v":"CURVA CURTA 90 GRAUS, PVC, SERIE NORMAL, ESGOTO PREDIAL, DN 100 MM, JUNTA ELÁSTICA, FORNECIDO E INSTALADO EM PRUMADA DE ESGOTO SANITÁRIO OU VENTILAÇÃO. AF_08/2022"},{"$f":"REFERENCIA.Unidade","v":"UN"},{"$f":"OFFSET(CÁLCULO!H$15,ROW($T264)-ROW(T$15),0)","v":8},46.48,"BDI 1",{"$f":"IF($C264=\"S\",ROUND(IF(TIPOORCAMENTO=\"Proposto\",ORÇAMENTO.CustoUnitario*(1+$AH264),ORÇAMENTO.PrecoUnitarioLicitado),15-13*$AF$10),0)","v":58.23},{"$f":"IF($C264=\"S\",IF(OR(Import.TipoArredondamento<>\"TransfereGOV\",ACOMPANHAMENTO=\"BM\"),VTOTAL1,SUM(OFFSET(CÁLCULO!$AI$15,ROW($X264)-ROW($X$15),1):OFFSET(CÁLCULO!$BB$15,ROW($X264)-ROW($X$15),-1))),IF($C264=0,0,ROUND(SomaAgrup,15-13*$AF$11)))","v":465.84},"RA","RA",{"$f":"IF($C264=\"S\",IF($Z264=\"CP\",$X264,IF($Z264=\"RA\",(($X264)*QCI!$AA$3),0)),SomaAgrup)","v":40.310860489087808},{"$f":"IF($C264=\"S\",IF($Z264=\"OU\",ROUND($X264,2),0),SomaAgrup)","v":0},{"$f":"IF($N264=\"\",\" \",\nIF(AND($C264<>\"S\",OR($R264=\"\",$R264=\"(digite a descrição aqui)\")),\"DESCRIÇÃO\",\nIF(AND($C264=\"S\",OR($Q264<>\"\",$T264>0,$U264>0),$P264=\"\"),\"FONTE\",\nIF(AND($C264=\"S\",$P264<>\"\",OR($T264>0,$U264>0),$Q264=\"\"),\"CÓDIGO\",\nIF(AND($C264=\"S\",$P264<>\"\",$Q264<>\"\",$R264=\"(Código não identificado nas referências)\"),\"CÓDIGO N/ID\",\nIF(AND($C264=\"S\",OR($R264=\"\",$R264=\"(digite a descrição aqui)\"),OR($Q264<>\"\",$T264>0,$U264>0)),\"DESCRIÇÃO\",\nIF(AND($C264=\"S\",$P264<>\"\",$Q264<>\"\",$S264=\"\"),\"UNIDADE\",\nIF(AND($C264=\"S\",$P264<>\"\",$Q264<>\"\",$U264=0),\"SEM CUSTO\",\nIF(AND(TIPOORCAMENTO=\"Licitado\",$AL264=0,$AN264>0),\"SEM PREÇO\",\nIF(AND($C264=\"S\",$P264<>\"\",$Q264<>\"\",$U264>0,AND($V264<>\"BDI 1\",$V264<>\"BDI 2\",$V264<>\"BDI 3\")),IF(ISNUMBER($V264),\"JUSTIFICAR BDI\",\"BDI\"),\nIF(OR(AND(import.recurso=\"OGU\",TIPOORCAMENTO=\"Proposto\",LEFT($O$8,5)<>\"(N/D:\",$AG264<>\"\",ORÇAMENTO.CustoUnitario>$AG264),AND(TIPOORCAMENTO=\"LICITADO\",ORÇAMENTO.PrecoUnitarioLicitado>$AN264)),\"ACIMA REF.\",\nIF(AND($C264=\"S\",$P264<>\"\",$Q264<>\"\",$T264=0,$U264>0),\"QUANT.\",\nIF(AND(Import.TipoArredondamento=\"TransfereGOV\",$L264=\"F\",$C264=\"S\",LEN($Q264)>13),\"Código >13\",\nIF(AND(Import.TipoArredondamento=\"TransfereGOV\",$L264=\"F\",$C264<>\"S\",LEN($R264)>100),\"Descrição >100\",\nIF(AND(Import.TipoArredondamento=\"TransfereGOV\",$L264=\"F\",$C264=\"S\",LEN($R264)>500),\"Descrição >500\",\nIF(AND(Import.TipoArredondamento=\"TransfereGOV\",$L264=\"F\",$C264=\"S\",LEFT(TRIM(UPPER($P264)),6)<>\"SINAPI\",ISNA(VLOOKUP(TRIM(UPPER($S264)),ListaTgov.Unidades,1,FALSE))),\"Unid. Não Disp\",\n\" \"))))))))))))))))","v":" "},{"$f":"IF(C264<=CRONO.NivelExibicao,MAX($AD$15:OFFSET(AD264,-1,0))+IF($C264<>1,1,MAX(1,COUNTIF(QCI!$A$13:$A$36,OFFSET($E264,-1,0)))),\"\")","v":""},{"$f":"IF(AND($C264=\"S\",ORÇAMENTO.CodBarra<>\"\"),IF(ORÇAMENTO.Fonte=\"\",ORÇAMENTO.CodBarra,CONCATENATE(ORÇAMENTO.Fonte,\" \",ORÇAMENTO.CodBarra)))","v":"SINAPI 89811"},{"$f":"IF(ISERROR(ORÇAMENTO.BancoRef),\"(abra o arquivo 'Referência \"&Excel_BuiltIn_Database&\".xlsm)\",IF(OR($C264<>\"S\",ORÇAMENTO.CodBarra=\"\"),\"(Sem Código)\",IF(ISERROR(MATCH($AE264,INDIRECT(ORÇAMENTO.BancoRef),0)),\"(Código não identificado nas referências)\",MATCH($AE264,INDIRECT(ORÇAMENTO.BancoRef),0))))","v":11636},{"$f":"ROUND(IF(DESONERACAO=\"sim\",REFERENCIA.Desonerado,REFERENCIA.NaoDesonerado),2)","v":46.48},0.25290000000000001,null,null,null,null,465.84,{"$f":"ROUND(ORÇAMENTO.CustoUnitario*(1+$AH264),2)","v":58.23}]
["S",2,"S",0,{"$f":"IF($C265=1,OFFSET(E265,-1,0)+MAX(1,COUNTIF(QCI!$A$13:$A$36,OFFSET(ORÇAMENTO!E265,-1,0))),OFFSET(E265,-1,0))","v":16},2,0,0,10,0,{"$f":"IF(OR($C265=\"S\",$C265=0),0,MATCH(OFFSET($D265,0,$C265)+IF($C265<>1,1,COUNTIF(QCI!$A$13:$A$36,ORÇAMENTO!E265)),OFFSET($D265,1,$C265,ROW($C$472)-ROW($C265)),0))","v":0},"F","Serviço","Serviço","16.2.0.10.","SINAPI","89728",{"$f":"IF($C265=\"S\",REFERENCIA.Descricao,\"(digite a descrição aqui)\")","v":"CURVA CURTA 90 GRAUS, PVC, SERIE NORMAL, ESGOTO PREDIAL, DN 40 MM, JUNTA SOLDÁVEL, FORNECIDO E INSTALADO EM RAMAL DE DESCARGA OU RAMAL DE ESGOTO SANITÁRIO. AF_08/2022"},{"$f":"REFERENCIA.Unidade","v":"UN"},{"$f":"OFFSET(CÁLCULO!H$15,ROW($T265)-ROW(T$15),0)","v":19},13.99,"BDI 1",{"$f":"IF($C265=\"S\",ROUND(IF(TIPOORCAMENTO=\"Proposto\",ORÇAMENTO.CustoUnitario*(1+$AH265),ORÇAMENTO.PrecoUnitarioLicitado),15-13*$AF$10),0)","v":17.53},{"$f":"IF($C265=\"S\",IF(OR(Import.TipoArredondamento<>\"TransfereGOV\",ACOMPANHAMENTO=\"BM\"),VTOTAL1,SUM(OFFSET(CÁLCULO!$AI$15,ROW($X265)-ROW($X$15),1):OFFSET(CÁLCULO!$BB$15,ROW($X265)-ROW($X$15),-1))),IF($C265=0,0,ROUND(SomaAgrup,15-13*$AF$11)))","v":333.07},"RA","RA",{"$f":"IF($C265=\"S\",IF($Z265=\"CP\",$X265,IF($Z265=\"RA\",(($X265)*QCI!$AA$3),0)),SomaAgrup)","v":28.821780660957575},{"$f":"IF($C265=\"S\",IF($Z265=\"OU\",ROUND($X265,2),0),SomaAgrup)","v":0},{"$f":"IF($N265=\"\",\" \",\nIF(AND($C265<>\"S\",OR($R265=\"\",$R265=\"(digite a descrição aqui)\")),\"DESCRIÇÃO\",\nIF(AND($C265=\"S\",OR($Q265<>\"\",$T265>0,$U265>0),$P265=\"\"),\"FONTE\",\nIF(AND($C265=\"S\",$P265<>\"\",OR($T265>0,$U265>0),$Q265=\"\"),\"CÓDIGO\",\nIF(AND($C265=\"S\",$P265<>\"\",$Q265<>\"\",$R265=\"(Código não identificado nas referências)\"),\"CÓDIGO N/ID\",\nIF(AND($C265=\"S\",OR($R265=\"\",$R265=\"(digite a descrição aqui)\"),OR($Q265<>\"\",$T265>0,$U265>0)),\"DESCRIÇÃO\",\nIF(AND($C265=\"S\",$P265<>\"\",$Q265<>\"\",$S265=\"\"),\"UNIDADE\",\nIF(AND($C265=\"S\",$P265<>\"\",$Q265<>\"\",$U265=0),\"SEM CUSTO\",\nIF(AND(TIPOORCAMENTO=\"Licitado\",$AL265=0,$AN265>0),\"SEM PREÇO\",\nIF(AND($C265=\"S\",$P265<>\"\",$Q265<>\"\",$U265>0,AND($V265<>\"BDI 1\",$V265<>\"BDI 2\",$V265<>\"BDI 3\")),IF(ISNUMBER($V265),\"JUSTIFICAR BDI\",\"BDI\"),\nIF(OR(AND(import.recurso=\"OGU\",TIPOORCAMENTO=\"Proposto\",LEFT($O$8,5)<>\"(N/D:\",$AG265<>\"\",ORÇAMENTO.CustoUnitario>$AG265),AND(TIPOORCAMENTO=\"LICITADO\",ORÇAMENTO.PrecoUnitarioLicitado>$AN265)),\"ACIMA REF.\",\nIF(AND($C265=\"S\",$P265<>\"\",$Q265<>\"\",$T265=0,$U265>0),\"QUANT.\",\nIF(AND(Import.TipoArredondamento=\"TransfereGOV\",$L265=\"F\",$C265=\"S\",LEN($Q265)>13),\"Código >13\",\nIF(AND(Import.TipoArredondamento=\"TransfereGOV\",$L265=\"F\",$C265<>\"S\",LEN($R265)>100),\"Descrição >100\",\nIF(AND(Import.TipoArredondamento=\"TransfereGOV\",$L265=\"F\",$C265=\"S\",LEN($R265)>500),\"Descrição >500\",\nIF(AND(Import.TipoArredondamento=\"TransfereGOV\",$L265=\"F\",$C265=\"S\",LEFT(TRIM(UPPER($P265)),6)<>\"SINAPI\",ISNA(VLOOKUP(TRIM(UPPER($S265)),ListaTgov.Unidades,1,FALSE))),\"Unid. Não Disp\",\n\" \"))))))))))))))))","v":" "},{"$f":"IF(C265<=CRONO.NivelExibicao,MAX($AD$15:OFFSET(AD265,-1,0))+IF($C265<>1,1,MAX(1,COUNTIF(QCI!$A$13:$A$36,OFFSET($E265,-1,0)))),\"\")","v":""},{"$f":"IF(AND($C265=\"S\",ORÇAMENTO.CodBarra<>\"\"),IF(ORÇAMENTO.Fonte=\"\",ORÇAMENTO.CodBarra,CONCATENATE(ORÇAMENTO.Fonte,\" \",ORÇAMENTO.CodBarra)))","v":"SINAPI 89728"},{"$f":"IF(ISERROR(ORÇAMENTO.BancoRef),\"(abra o arquivo 'Referência \"&Excel_BuiltIn_Database&\".xlsm)\",IF(OR($C265<>\"S\",ORÇAMENTO.CodBarra=\"\"),\"(Sem Código)\",IF(ISERROR(MATCH($AE265,INDIRECT(ORÇAMENTO.BancoRef),0)),\"(Código não identificado nas referências)\",MATCH($AE265,INDIRECT(ORÇAMENTO.BancoRef),0))))","v":11639},{"$f":"ROUND(IF(DESONERACAO=\"sim\",REFERENCIA.Desonerado,REFERENCIA.NaoDesonerado),2)","v":13.99},0.25290000000000001,null,null,null,null,333.07,{"$f":"ROUND(ORÇAMENTO.CustoUnitario*(1+$AH265),2)","v":17.53}]
["S",2,"S",0,{"$f":"IF($C266=1,OFFSET(E266,-1,0)+MAX(1,COUNTIF(QCI!$A$13:$A$36,OFFSET(ORÇAMENTO!E266,-1,0))),OFFSET(E266,-1,0))","v":16},2,0,0,11,0,{"$f":"IF(OR($C266=\"S\",$C266=0),0,MATCH(OFFSET($D266,0,$C266)+IF($C266<>1,1,COUNTIF(QCI!$A$13:$A$36,ORÇAMENTO!E266)),OFFSET($D266,1,$C266,ROW($C$472)-ROW($C266)),0))","v":0},"F","Serviço","Serviço","16.2.0.11.","SINAPI","89726",{"$f":"IF($C266=\"S\",REFERENCIA.Descricao,\"(digite a descrição aqui)\")","v":"JOELHO 45 GRAUS, PVC, SERIE NORMAL, ESGOTO PREDIAL, DN 40 MM, JUNTA SOLDÁVEL, FORNECIDO E INSTALADO EM RAMAL DE DESCARGA OU RAMAL DE ESGOTO SANITÁRIO. AF_08/2022"},{"$f":"REFERENCIA.Unidade","v":"UN"},{"$f":"OFFSET(CÁLCULO!H$15,ROW($T266)-ROW(T$15),0)","v":25},10.99,"BDI 1",{"$f":"IF($C266=\"S\",ROUND(IF(TIPOORCAMENTO=\"Proposto\",ORÇAMENTO.CustoUnitario*(1+$AH266),ORÇAMENTO.PrecoUnitarioLicitado),15-13*$AF$10),0)","v":13.77},{"$f":"IF($C266=\"S\",IF(OR(Import.TipoArredondamento<>\"TransfereGOV\",ACOMPANHAMENTO=\"BM\"),VTOTAL1,SUM(OFFSET(CÁLCULO!$AI$15,ROW($X266)-ROW($X$15),1):OFFSET(CÁLCULO!$BB$15,ROW($X266)-ROW($X$15),-1))),IF($C266=0,0,ROUND(SomaAgrup,15-13*$AF$11)))","v":344.25},"RA","RA",{"$f":"IF($C266=\"S\",IF($Z266=\"CP\",$X266,IF($Z266=\"RA\",(($X266)*QCI!$AA$3),0)),SomaAgrup)","v":29.789227467303107},{"$f":"IF($C266=\"S\",IF($Z266=\"OU\",ROUND($X266,2),0),SomaAgrup)","v":0},{"$f":"IF($N266=\"\",\" \",\nIF(AND($C266<>\"S\",OR($R266=\"\",$R266=\"(digite a descrição aqui)\")),\"DESCRIÇÃO\",\nIF(AND($C266=\"S\",OR($Q266<>\"\",$T266>0,$U266>0),$P266=\"\"),\"FONTE\",\nIF(AND($C266=\"S\",$P266<>\"\",OR($T266>0,$U266>0),$Q266=\"\"),\"CÓDIGO\",\nIF(AND($C266=\"S\",$P266<>\"\",$Q266<>\"\",$R266=\"(Código não identificado nas referências)\"),\"CÓDIGO N/ID\",\nIF(AND($C266=\"S\",OR($R266=\"\",$R266=\"(digite a descrição aqui)\"),OR($Q266<>\"\",$T266>0,$U266>0)),\"DESCRIÇÃO\",\nIF(AND($C266=\"S\",$P266<>\"\",$Q266<>\"\",$S266=\"\"),\"UNIDADE\",\nIF(AND($C266=\"S\",$P266<>\"\",$Q266<>\"\",$U266=0),\"SEM CUSTO\",\nIF(AND(TIPOORCAMENTO=\"Licitado\",$AL266=0,$AN266>0),\"SEM PREÇO\",\nIF(AND($C266=\"S\",$P266<>\"\",$Q266<>\"\",$U266>0,AND($V266<>\"BDI 1\",$V266<>\"BDI 2\",$V266<>\"BDI 3\")),IF(ISNUMBER($V266),\"JUSTIFICAR BDI\",\"BDI\"),\nIF(OR(AND(import.recurso=\"OGU\",TIPOORCAMENTO=\"Proposto\",LEFT($O$8,5)<>\"(N/D:\",$AG266<>\"\",ORÇAMENTO.CustoUnitario>$AG266),AND(TIPOORCAMENTO=\"LICITADO\",ORÇAMENTO.PrecoUnitarioLicitado>$AN266)),\"ACIMA REF.\",\nIF(AND($C266=\"S\",$P266<>\"\",$Q266<>\"\",$T266=0,$U266>0),\"QUANT.\",\nIF(AND(Import.TipoArredondamento=\"TransfereGOV\",$L266=\"F\",$C266=\"S\",LEN($Q266)>13),\"Código >13\",\nIF(AND(Import.TipoArredondamento=\"TransfereGOV\",$L266=\"F\",$C266<>\"S\",LEN($R266)>100),\"Descrição >100\",\nIF(AND(Import.TipoArredondamento=\"TransfereGOV\",$L266=\"F\",$C266=\"S\",LEN($R266)>500),\"Descrição >500\",\nIF(AND(Import.TipoArredondamento=\"TransfereGOV\",$L266=\"F\",$C266=\"S\",LEFT(TRIM(UPPER($P266)),6)<>\"SINAPI\",ISNA(VLOOKUP(TRIM(UPPER($S266)),ListaTgov.Unidades,1,FALSE))),\"Unid. Não Disp\",\n\" \"))))))))))))))))","v":" "},{"$f":"IF(C266<=CRONO.NivelExibicao,MAX($AD$15:OFFSET(AD266,-1,0))+IF($C266<>1,1,MAX(1,COUNTIF(QCI!$A$13:$A$36,OFFSET($E266,-1,0)))),\"\")","v":""},{"$f":"IF(AND($C266=\"S\",ORÇAMENTO.CodBarra<>\"\"),IF(ORÇAMENTO.Fonte=\"\",ORÇAMENTO.CodBarra,CONCATENATE(ORÇAMENTO.Fonte,\" \",ORÇAMENTO.CodBarra)))","v":"SINAPI 89726"},{"$f":"IF(ISERROR(ORÇAMENTO.BancoRef),\"(abra o arquivo 'Referência \"&Excel_BuiltIn_Database&\".xlsm)\",IF(OR($C266<>\"S\",ORÇAMENTO.CodBarra=\"\"),\"(Sem Código)\",IF(ISERROR(MATCH($AE266,INDIRECT(ORÇAMENTO.BancoRef),0)),\"(Código não identificado nas referências)\",MATCH($AE266,INDIRECT(ORÇAMENTO.BancoRef),0))))","v":11656},{"$f":"ROUND(IF(DESONERACAO=\"sim\",REFERENCIA.Desonerado,REFERENCIA.NaoDesonerado),2)","v":10.99},0.25290000000000001,null,null,null,null,344.25,{"$f":"ROUND(ORÇAMENTO.CustoUnitario*(1+$AH266),2)","v":13.77}]
["S",2,"S",0,{"$f":"IF($C267=1,OFFSET(E267,-1,0)+MAX(1,COUNTIF(QCI!$A$13:$A$36,OFFSET(ORÇAMENTO!E267,-1,0))),OFFSET(E267,-1,0))","v":16},2,0,0,12,0,{"$f":"IF(OR($C267=\"S\",$C267=0),0,MATCH(OFFSET($D267,0,$C267)+IF($C267<>1,1,COUNTIF(QCI!$A$13:$A$36,ORÇAMENTO!E267)),OFFSET($D267,1,$C267,ROW($C$472)-ROW($C267)),0))","v":0},"F","Serviço","Serviço","16.2.0.12.","SINAPI","89732",{"$f":"IF($C267=\"S\",REFERENCIA.Descricao,\"(digite a descrição aqui)\")","v":"JOELHO 45 GRAUS, PVC, SERIE NORMAL, ESGOTO PREDIAL, DN 50 MM, JUNTA ELÁSTICA, FORNECIDO E INSTALADO EM RAMAL DE DESCARGA OU RAMAL DE ESGOTO SANITÁRIO. AF_08/2022"},{"$f":"REFERENCIA.Unidade","v":"UN"},{"$f":"OFFSET(CÁLCULO!H$15,ROW($T267)-ROW(T$15),0)","v":25},16.059999999999999,"BDI 1",{"$f":"IF($C267=\"S\",ROUND(IF(TIPOORCAMENTO=\"Proposto\",ORÇAMENTO.CustoUnitario*(1+$AH267),ORÇAMENTO.PrecoUnitarioLicitado),15-13*$AF$10),0)","v":20.12},{"$f":"IF($C267=\"S\",IF(OR(Import.TipoArredondamento<>\"TransfereGOV\",ACOMPANHAMENTO=\"BM\"),VTOTAL1,SUM(OFFSET(CÁLCULO!$AI$15,ROW($X267)-ROW($X$15),1):OFFSET(CÁLCULO!$BB$15,ROW($X267)-ROW($X$15),-1))),IF($C267=0,0,ROUND(SomaAgrup,15-13*$AF$11)))","v":503},"RA","RA",{"$f":"IF($C267=\"S\",IF($Z267=\"CP\",$X267,IF($Z267=\"RA\",(($X267)*QCI!$AA$3),0)),SomaAgrup)","v":43.526452915187981},{"$f":"IF($C267=\"S\",IF($Z267=\"OU\",ROUND($X267,2),0),SomaAgrup)","v":0},{"$f":"IF($N267=\"\",\" \",\nIF(AND($C267<>\"S\",OR($R267=\"\",$R267=\"(digite a descrição aqui)\")),\"DESCRIÇÃO\",\nIF(AND($C267=\"S\",OR($Q267<>\"\",$T267>0,$U267>0),$P267=\"\"),\"FONTE\",\nIF(AND($C267=\"S\",$P267<>\"\",OR($T267>0,$U267>0),$Q267=\"\"),\"CÓDIGO\",\nIF(AND($C267=\"S\",$P267<>\"\",$Q267<>\"\",$R267=\"(Código não identificado nas referências)\"),\"CÓDIGO N/ID\",\nIF(AND($C267=\"S\",OR($R267=\"\",$R267=\"(digite a descrição aqui)\"),OR($Q267<>\"\",$T267>0,$U267>0)),\"DESCRIÇÃO\",\nIF(AND($C267=\"S\",$P267<>\"\",$Q267<>\"\",$S267=\"\"),\"UNIDADE\",\nIF(AND($C267=\"S\",$P267<>\"\",$Q267<>\"\",$U267=0),\"SEM CUSTO\",\nIF(AND(TIPOORCAMENTO=\"Licitado\",$AL267=0,$AN267>0),\"SEM PREÇO\",\nIF(AND($C267=\"S\",$P267<>\"\",$Q267<>\"\",$U267>0,AND($V267<>\"BDI 1\",$V267<>\"BDI 2\",$V267<>\"BDI 3\")),IF(ISNUMBER($V267),\"JUSTIFICAR BDI\",\"BDI\"),\nIF(OR(AND(import.recurso=\"OGU\",TIPOORCAMENTO=\"Proposto\",LEFT($O$8,5)<>\"(N/D:\",$AG267<>\"\",ORÇAMENTO.CustoUnitario>$AG267),AND(TIPOORCAMENTO=\"LICITADO\",ORÇAMENTO.PrecoUnitarioLicitado>$AN267)),\"ACIMA REF.\",\nIF(AND($C267=\"S\",$P267<>\"\",$Q267<>\"\",$T267=0,$U267>0),\"QUANT.\",\nIF(AND(Import.TipoArredondamento=\"TransfereGOV\",$L267=\"F\",$C267=\"S\",LEN($Q267)>13),\"Código >13\",\nIF(AND(Import.TipoArredondamento=\"TransfereGOV\",$L267=\"F\",$C267<>\"S\",LEN($R267)>100),\"Descrição >100\",\nIF(AND(Import.TipoArredondamento=\"TransfereGOV\",$L267=\"F\",$C267=\"S\",LEN($R267)>500),\"Descrição >500\",\nIF(AND(Import.TipoArredondamento=\"TransfereGOV\",$L267=\"F\",$C267=\"S\",LEFT(TRIM(UPPER($P267)),6)<>\"SINAPI\",ISNA(VLOOKUP(TRIM(UPPER($S267)),ListaTgov.Unidades,1,FALSE))),\"Unid. Não Disp\",\n\" \"))))))))))))))))","v":" "},{"$f":"IF(C267<=CRONO.NivelExibicao,MAX($AD$15:OFFSET(AD267,-1,0))+IF($C267<>1,1,MAX(1,COUNTIF(QCI!$A$13:$A$36,OFFSET($E267,-1,0)))),\"\")","v":""},{"$f":"IF(AND($C267=\"S\",ORÇAMENTO.CodBarra<>\"\"),IF(ORÇAMENTO.Fonte=\"\",ORÇAMENTO.CodBarra,CONCATENATE(ORÇAMENTO.Fonte,\" \",ORÇAMENTO.CodBarra)))","v":"SINAPI 89732"},{"$f":"IF(ISERROR(ORÇAMENTO.BancoRef),\"(abra o arquivo 'Referência \"&Excel_BuiltIn_Database&\".xlsm)\",IF(OR($C267<>\"S\",ORÇAMENTO.CodBarra=\"\"),\"(Sem Código)\",IF(ISERROR(MATCH($AE267,INDIRECT(ORÇAMENTO.BancoRef),0)),\"(Código não identificado nas referências)\",MATCH($AE267,INDIRECT(ORÇAMENTO.BancoRef),0))))","v":11658},{"$f":"ROUND(IF(DESONERACAO=\"sim\",REFERENCIA.Desonerado,REFERENCIA.NaoDesonerado),2)","v":16.059999999999999},0.25290000000000001,null,null,null,null,503,{"$f":"ROUND(ORÇAMENTO.CustoUnitario*(1+$AH267),2)","v":20.12}]
["S",2,"S",0,{"$f":"IF($C268=1,OFFSET(E268,-1,0)+MAX(1,COUNTIF(QCI!$A$13:$A$36,OFFSET(ORÇAMENTO!E268,-1,0))),OFFSET(E268,-1,0))","v":16},2,0,0,13,0,{"$f":"IF(OR($C268=\"S\",$C268=0),0,MATCH(OFFSET($D268,0,$C268)+IF($C268<>1,1,COUNTIF(QCI!$A$13:$A$36,ORÇAMENTO!E268)),OFFSET($D268,1,$C268,ROW($C$472)-ROW($C268)),0))","v":0},"F","Serviço","Serviço","16.2.0.13.","SINAPI","89739",{"$f":"IF($C268=\"S\",REFERENCIA.Descricao,\"(digite a descrição aqui)\")","v":"JOELHO 45 GRAUS, PVC, SERIE NORMAL, ESGOTO PREDIAL, DN 75 MM, JUNTA ELÁSTICA, FORNECIDO E INSTALADO EM RAMAL DE DESCARGA OU RAMAL DE ESGOTO SANITÁRIO. AF_08/2022"},{"$f":"REFERENCIA.Unidade","v":"UN"},{"$f":"OFFSET(CÁLCULO!H$15,ROW($T268)-ROW(T$15),0)","v":3},24.43,"BDI 1",{"$f":"IF($C268=\"S\",ROUND(IF(TIPOORCAMENTO=\"Proposto\",ORÇAMENTO.CustoUnitario*(1+$AH268),ORÇAMENTO.PrecoUnitarioLicitado),15-13*$AF$10),0)","v":30.61},{"$f":"IF($C268=\"S\",IF(OR(Import.TipoArredondamento<>\"TransfereGOV\",ACOMPANHAMENTO=\"BM\"),VTOTAL1,SUM(OFFSET(CÁLCULO!$AI$15,ROW($X268)-ROW($X$15),1):OFFSET(CÁLCULO!$BB$15,ROW($X268)-ROW($X$15),-1))),IF($C268=0,0,ROUND(SomaAgrup,15-13*$AF$11)))","v":91.83},"RA","RA",{"$f":"IF($C268=\"S\",IF($Z268=\"CP\",$X268,IF($Z268=\"RA\",(($X268)*QCI!$AA$3),0)),SomaAgrup)","v":7.9463900023890899},{"$f":"IF($C268=\"S\",IF($Z268=\"OU\",ROUND($X268,2),0),SomaAgrup)","v":0},{"$f":"IF($N268=\"\",\" \",\nIF(AND($C268<>\"S\",OR($R268=\"\",$R268=\"(digite a descrição aqui)\")),\"DESCRIÇÃO\",\nIF(AND($C268=\"S\",OR($Q268<>\"\",$T268>0,$U268>0),$P268=\"\"),\"FONTE\",\nIF(AND($C268=\"S\",$P268<>\"\",OR($T268>0,$U268>0),$Q268=\"\"),\"CÓDIGO\",\nIF(AND($C268=\"S\",$P268<>\"\",$Q268<>\"\",$R268=\"(Código não identificado nas referências)\"),\"CÓDIGO N/ID\",\nIF(AND($C268=\"S\",OR($R268=\"\",$R268=\"(digite a descrição aqui)\"),OR($Q268<>\"\",$T268>0,$U268>0)),\"DESCRIÇÃO\",\nIF(AND($C268=\"S\",$P268<>\"\",$Q268<>\"\",$S268=\"\"),\"UNIDADE\",\nIF(AND($C268=\"S\",$P268<>\"\",$Q268<>\"\",$U268=0),\"SEM CUSTO\",\nIF(AND(TIPOORCAMENTO=\"Licitado\",$AL268=0,$AN268>0),\"SEM PREÇO\",\nIF(AND($C268=\"S\",$P268<>\"\",$Q268<>\"\",$U268>0,AND($V268<>\"BDI 1\",$V268<>\"BDI 2\",$V268<>\"BDI 3\")),IF(ISNUMBER($V268),\"JUSTIFICAR BDI\",\"BDI\"),\nIF(OR(AND(import.recurso=\"OGU\",TIPOORCAMENTO=\"Proposto\",LEFT($O$8,5)<>\"(N/D:\",$AG268<>\"\",ORÇAMENTO.CustoUnitario>$AG268),AND(TIPOORCAMENTO=\"LICITADO\",ORÇAMENTO.PrecoUnitarioLicitado>$AN268)),\"ACIMA REF.\",\nIF(AND($C268=\"S\",$P268<>\"\",$Q268<>\"\",$T268=0,$U268>0),\"QUANT.\",\nIF(AND(Import.TipoArredondamento=\"TransfereGOV\",$L268=\"F\",$C268=\"S\",LEN($Q268)>13),\"Código >13\",\nIF(AND(Import.TipoArredondamento=\"TransfereGOV\",$L268=\"F\",$C268<>\"S\",LEN($R268)>100),\"Descrição >100\",\nIF(AND(Import.TipoArredondamento=\"TransfereGOV\",$L268=\"F\",$C268=\"S\",LEN($R268)>500),\"Descrição >500\",\nIF(AND(Import.TipoArredondamento=\"TransfereGOV\",$L268=\"F\",$C268=\"S\",LEFT(TRIM(UPPER($P268)),6)<>\"SINAPI\",ISNA(VLOOKUP(TRIM(UPPER($S268)),ListaTgov.Unidades,1,FALSE))),\"Unid. Não Disp\",\n\" \"))))))))))))))))","v":" "},{"$f":"IF(C268<=CRONO.NivelExibicao,MAX($AD$15:OFFSET(AD268,-1,0))+IF($C268<>1,1,MAX(1,COUNTIF(QCI!$A$13:$A$36,OFFSET($E268,-1,0)))),\"\")","v":""},{"$f":"IF(AND($C268=\"S\",ORÇAMENTO.CodBarra<>\"\"),IF(ORÇAMENTO.Fonte=\"\",ORÇAMENTO.CodBarra,CONCATENATE(ORÇAMENTO.Fonte,\" \",ORÇAMENTO.CodBarra)))","v":"SINAPI 89739"},{"$f":"IF(ISERROR(ORÇAMENTO.BancoRef),\"(abra o arquivo 'Referência \"&Excel_BuiltIn_Database&\".xlsm)\",IF(OR($C268<>\"S\",ORÇAMENTO.CodBarra=\"\"),\"(Sem Código)\",IF(ISERROR(MATCH($AE268,INDIRECT(ORÇAMENTO.BancoRef),0)),\"(Código não identificado nas referências)\",MATCH($AE268,INDIRECT(ORÇAMENTO.BancoRef),0))))","v":11660},{"$f":"ROUND(IF(DESONERACAO=\"sim\",REFERENCIA.Desonerado,REFERENCIA.NaoDesonerado),2)","v":24.43},0.25290000000000001,null,null,null,null,91.83,{"$f":"ROUND(ORÇAMENTO.CustoUnitario*(1+$AH268),2)","v":30.61}]
["S",2,"S",0,{"$f":"IF($C269=1,OFFSET(E269,-1,0)+MAX(1,COUNTIF(QCI!$A$13:$A$36,OFFSET(ORÇAMENTO!E269,-1,0))),OFFSET(E269,-1,0))","v":16},2,0,0,14,0,{"$f":"IF(OR($C269=\"S\",$C269=0),0,MATCH(OFFSET($D269,0,$C269)+IF($C269<>1,1,COUNTIF(QCI!$A$13:$A$36,ORÇAMENTO!E269)),OFFSET($D269,1,$C269,ROW($C$472)-ROW($C269)),0))","v":0},"F","Serviço","Serviço","16.2.0.14.","SINAPI","89731",{"$f":"IF($C269=\"S\",REFERENCIA.Descricao,\"(digite a descrição aqui)\")","v":"JOELHO 90 GRAUS, PVC, SERIE NORMAL, ESGOTO PREDIAL, DN 50 MM, JUNTA ELÁSTICA, FORNECIDO E INSTALADO EM RAMAL DE DESCARGA OU RAMAL DE ESGOTO SANITÁRIO. AF_08/2022"},{"$f":"REFERENCIA.Unidade","v":"UN"},{"$f":"OFFSET(CÁLCULO!H$15,ROW($T269)-ROW(T$15),0)","v":44},15.25,"BDI 1",{"$f":"IF($C269=\"S\",ROUND(IF(TIPOORCAMENTO=\"Proposto\",ORÇAMENTO.CustoUnitario*(1+$AH269),ORÇAMENTO.PrecoUnitarioLicitado),15-13*$AF$10),0)","v":19.11},{"$f":"IF($C269=\"S\",IF(OR(Import.TipoArredondamento<>\"TransfereGOV\",ACOMPANHAMENTO=\"BM\"),VTOTAL1,SUM(OFFSET(CÁLCULO!$AI$15,ROW($X269)-ROW($X$15),1):OFFSET(CÁLCULO!$BB$15,ROW($X269)-ROW($X$15),-1))),IF($C269=0,0,ROUND(SomaAgrup,15-13*$AF$11)))","v":840.84},"RA","RA",{"$f":"IF($C269=\"S\",IF($Z269=\"CP\",$X269,IF($Z269=\"RA\",(($X269)*QCI!$AA$3),0)),SomaAgrup)","v":72.76099934235917},{"$f":"IF($C269=\"S\",IF($Z269=\"OU\",ROUND($X269,2),0),SomaAgrup)","v":0},{"$f":"IF($N269=\"\",\" \",\nIF(AND($C269<>\"S\",OR($R269=\"\",$R269=\"(digite a descrição aqui)\")),\"DESCRIÇÃO\",\nIF(AND($C269=\"S\",OR($Q269<>\"\",$T269>0,$U269>0),$P269=\"\"),\"FONTE\",\nIF(AND($C269=\"S\",$P269<>\"\",OR($T269>0,$U269>0),$Q269=\"\"),\"CÓDIGO\",\nIF(AND($C269=\"S\",$P269<>\"\",$Q269<>\"\",$R269=\"(Código não identificado nas referências)\"),\"CÓDIGO N/ID\",\nIF(AND($C269=\"S\",OR($R269=\"\",$R269=\"(digite a descrição aqui)\"),OR($Q269<>\"\",$T269>0,$U269>0)),\"DESCRIÇÃO\",\nIF(AND($C269=\"S\",$P269<>\"\",$Q269<>\"\",$S269=\"\"),\"UNIDADE\",\nIF(AND($C269=\"S\",$P269<>\"\",$Q269<>\"\",$U269=0),\"SEM CUSTO\",\nIF(AND(TIPOORCAMENTO=\"Licitado\",$AL269=0,$AN269>0),\"SEM PREÇO\",\nIF(AND($C269=\"S\",$P269<>\"\",$Q269<>\"\",$U269>0,AND($V269<>\"BDI 1\",$V269<>\"BDI 2\",$V269<>\"BDI 3\")),IF(ISNUMBER($V269),\"JUSTIFICAR BDI\",\"BDI\"),\nIF(OR(AND(import.recurso=\"OGU\",TIPOORCAMENTO=\"Proposto\",LEFT($O$8,5)<>\"(N/D:\",$AG269<>\"\",ORÇAMENTO.CustoUnitario>$AG269),AND(TIPOORCAMENTO=\"LICITADO\",ORÇAMENTO.PrecoUnitarioLicitado>$AN269)),\"ACIMA REF.\",\nIF(AND($C269=\"S\",$P269<>\"\",$Q269<>\"\",$T269=0,$U269>0),\"QUANT.\",\nIF(AND(Import.TipoArredondamento=\"TransfereGOV\",$L269=\"F\",$C269=\"S\",LEN($Q269)>13),\"Código >13\",\nIF(AND(Import.TipoArredondamento=\"TransfereGOV\",$L269=\"F\",$C269<>\"S\",LEN($R269)>100),\"Descrição >100\",\nIF(AND(Import.TipoArredondamento=\"TransfereGOV\",$L269=\"F\",$C269=\"S\",LEN($R269)>500),\"Descrição >500\",\nIF(AND(Import.TipoArredondamento=\"TransfereGOV\",$L269=\"F\",$C269=\"S\",LEFT(TRIM(UPPER($P269)),6)<>\"SINAPI\",ISNA(VLOOKUP(TRIM(UPPER($S269)),ListaTgov.Unidades,1,FALSE))),\"Unid. Não Disp\",\n\" \"))))))))))))))))","v":" "},{"$f":"IF(C269<=CRONO.NivelExibicao,MAX($AD$15:OFFSET(AD269,-1,0))+IF($C269<>1,1,MAX(1,COUNTIF(QCI!$A$13:$A$36,OFFSET($E269,-1,0)))),\"\")","v":""},{"$f":"IF(AND($C269=\"S\",ORÇAMENTO.CodBarra<>\"\"),IF(ORÇAMENTO.Fonte=\"\",ORÇAMENTO.CodBarra,CONCATENATE(ORÇAMENTO.Fonte,\" \",ORÇAMENTO.CodBarra)))","v":"SINAPI 89731"},{"$f":"IF(ISERROR(ORÇAMENTO.BancoRef),\"(abra o arquivo 'Referência \"&Excel_BuiltIn_Database&\".xlsm)\",IF(OR($C269<>\"S\",ORÇAMENTO.CodBarra=\"\"),\"(Sem Código)\",IF(ISERROR(MATCH($AE269,INDIRECT(ORÇAMENTO.BancoRef),0)),\"(Código não identificado nas referências)\",MATCH($AE269,INDIRECT(ORÇAMENTO.BancoRef),0))))","v":11667},{"$f":"ROUND(IF(DESONERACAO=\"sim\",REFERENCIA.Desonerado,REFERENCIA.NaoDesonerado),2)","v":15.25},0.25290000000000001,null,null,null,null,840.84,{"$f":"ROUND(ORÇAMENTO.CustoUnitario*(1+$AH269),2)","v":19.11}]
["S",{"$f":"IF(OR(C270=\"s\",C270=0),OFFSET(B270,-1,0),C270)","v":2},{"$f":"IF(OFFSET(C270,-1,0)=\"L\",1,IF(OFFSET(C270,-1,0)=1,2,IF(OR(A270=\"s\",A270=0),\"S\",IF(AND(OFFSET(C270,-1,0)=2,A270=4),3,IF(AND(OR(OFFSET(C270,-1,0)=\"s\",OFFSET(C270,-1,0)=0),A270<>\"s\",A270>OFFSET(B270,-1,0)),OFFSET(B270,-1,0),A270)))))","v":"S"},{"$f":"IF(OR(C270=\"S\",C270=0),0,IF(ISERROR(K270),J270,SMALL(J270:K270,1)))","v":0},{"$f":"IF($C270=1,OFFSET(E270,-1,0)+MAX(1,COUNTIF(QCI!$A$13:$A$36,OFFSET(ORÇAMENTO!E270,-1,0))),OFFSET(E270,-1,0))","v":16},{"$f":"IF($C270=1,0,IF($C270=2,OFFSET(F270,-1,0)+1,OFFSET(F270,-1,0)))","v":2},{"$f":"IF(AND($C270<=2,$C270<>0),0,IF($C270=3,OFFSET(G270,-1,0)+1,OFFSET(G270,-1,0)))","v":0},{"$f":"IF(AND($C270<=3,$C270<>0),0,IF($C270=4,OFFSET(H270,-1,0)+1,OFFSET(H270,-1,0)))","v":0},{"$f":"IF(AND($C270<=4,$C270<>0),0,IF(AND($C270=\"S\",$X270>0),OFFSET(I270,-1,0)+1,OFFSET(I270,-1,0)))","v":15},0,{"$f":"IF(OR($C270=\"S\",$C270=0),0,MATCH(OFFSET($D270,0,$C270)+IF($C270<>1,1,COUNTIF(QCI!$A$13:$A$36,ORÇAMENTO!E270)),OFFSET($D270,1,$C270,ROW($C$472)-ROW($C270)),0))","v":0},{"$f":"IF(OR($X270>0,$C270=1,$C270=2,$C270=3,$C270=4),\"F\",\"\")","v":"F"},"Serviço",{"$f":"CHOOSE(1+LOG(1+2*(C270=1)+4*(C270=2)+8*(C270=3)+16*(C270=4)+32*(C270=\"S\"),2),\"\",\"Meta\",\"Nível 2\",\"Nível 3\",\"Nível 4\",\"Serviço\")","v":"Serviço"},{"$f":"IF(OR($C270=0,$L270=\"\"),\"-\",CONCATENATE(E270&\".\",IF(AND($A$5>=2,$C270>=2),F270&\".\",\"\"),IF(AND($A$5>=3,$C270>=3),G270&\".\",\"\"),IF(AND($A$5>=4,$C270>=4),H270&\".\",\"\"),IF($C270=\"S\",I270&\".\",\"\")))","v":"16.2.0.15."},"SINAPI","89724",{"$f":"IF($C270=\"S\",REFERENCIA.Descricao,\"(digite a descrição aqui)\")","v":"JOELHO 90 GRAUS, PVC, SERIE NORMAL, ESGOTO PREDIAL, DN 40 MM, JUNTA SOLDÁVEL, FORNECIDO E INSTALADO EM RAMAL DE DESCARGA OU RAMAL DE ESGOTO SANITÁRIO. AF_08/2022"},{"$f":"REFERENCIA.Unidade","v":"UN"},{"$f":"OFFSET(CÁLCULO!H$15,ROW($T270)-ROW(T$15),0)","v":29},10.74,"BDI 1",{"$f":"IF($C270=\"S\",ROUND(IF(TIPOORCAMENTO=\"Proposto\",ORÇAMENTO.CustoUnitario*(1+$AH270),ORÇAMENTO.PrecoUnitarioLicitado),15-13*$AF$10),0)","v":13.46},{"$f":"IF($C270=\"S\",IF(OR(Import.TipoArredondamento<>\"TransfereGOV\",ACOMPANHAMENTO=\"BM\"),VTOTAL1,SUM(OFFSET(CÁLCULO!$AI$15,ROW($X270)-ROW($X$15),1):OFFSET(CÁLCULO!$BB$15,ROW($X270)-ROW($X$15),-1))),IF($C270=0,0,ROUND(SomaAgrup,15-13*$AF$11)))","v":390.34},"RA",{"$f":"IF(AND($C270=\"S\",$X270>0),IF(ISBLANK($Y270),\"RA\",LEFT($Y270,2)),\"\")","v":"RA"},{"$f":"IF($C270=\"S\",IF($Z270=\"CP\",$X270,IF($Z270=\"RA\",(($X270)*QCI!$AA$3),0)),SomaAgrup)","v":33.777565866629175},{"$f":"IF($C270=\"S\",IF($Z270=\"OU\",ROUND($X270,2),0),SomaAgrup)","v":0},{"$f":"IF($N270=\"\",\" \",\nIF(AND($C270<>\"S\",OR($R270=\"\",$R270=\"(digite a descrição aqui)\")),\"DESCRIÇÃO\",\nIF(AND($C270=\"S\",OR($Q270<>\"\",$T270>0,$U270>0),$P270=\"\"),\"FONTE\",\nIF(AND($C270=\"S\",$P270<>\"\",OR($T270>0,$U270>0),$Q270=\"\"),\"CÓDIGO\",\nIF(AND($C270=\"S\",$P270<>\"\",$Q270<>\"\",$R270=\"(Código não identificado nas referências)\"),\"CÓDIGO N/ID\",\nIF(AND($C270=\"S\",OR($R270=\"\",$R270=\"(digite a descrição aqui)\"),OR($Q270<>\"\",$T270>0,$U270>0)),\"DESCRIÇÃO\",\nIF(AND($C270=\"S\",$P270<>\"\",$Q270<>\"\",$S270=\"\"),\"UNIDADE\",\nIF(AND($C270=\"S\",$P270<>\"\",$Q270<>\"\",$U270=0),\"SEM CUSTO\",\nIF(AND(TIPOORCAMENTO=\"Licitado\",$AL270=0,$AN270>0),\"SEM PREÇO\",\nIF(AND($C270=\"S\",$P270<>\"\",$Q270<>\"\",$U270>0,AND($V270<>\"BDI 1\",$V270<>\"BDI 2\",$V270<>\"BDI 3\")),IF(ISNUMBER($V270),\"JUSTIFICAR BDI\",\"BDI\"),\nIF(OR(AND(import.recurso=\"OGU\",TIPOORCAMENTO=\"Proposto\",LEFT($O$8,5)<>\"(N/D:\",$AG270<>\"\",ORÇAMENTO.CustoUnitario>$AG270),AND(TIPOORCAMENTO=\"LICITADO\",ORÇAMENTO.PrecoUnitarioLicitado>$AN270)),\"ACIMA REF.\",\nIF(AND($C270=\"S\",$P270<>\"\",$Q270<>\"\",$T270=0,$U270>0),\"QUANT.\",\nIF(AND(Import.TipoArredondamento=\"TransfereGOV\",$L270=\"F\",$C270=\"S\",LEN($Q270)>13),\"Código >13\",\nIF(AND(Import.TipoArredondamento=\"TransfereGOV\",$L270=\"F\",$C270<>\"S\",LEN($R270)>100),\"Descrição >100\",\nIF(AND(Import.TipoArredondamento=\"TransfereGOV\",$L270=\"F\",$C270=\"S\",LEN($R270)>500),\"Descrição >500\",\nIF(AND(Import.TipoArredondamento=\"TransfereGOV\",$L270=\"F\",$C270=\"S\",LEFT(TRIM(UPPER($P270)),6)<>\"SINAPI\",ISNA(VLOOKUP(TRIM(UPPER($S270)),ListaTgov.Unidades,1,FALSE))),\"Unid. Não Disp\",\n\" \"))))))))))))))))","v":" "},{"$f":"IF(C270<=CRONO.NivelExibicao,MAX($AD$15:OFFSET(AD270,-1,0))+IF($C270<>1,1,MAX(1,COUNTIF(QCI!$A$13:$A$36,OFFSET($E270,-1,0)))),\"\")","v":""},{"$f":"IF(AND($C270=\"S\",ORÇAMENTO.CodBarra<>\"\"),IF(ORÇAMENTO.Fonte=\"\",ORÇAMENTO.CodBarra,CONCATENATE(ORÇAMENTO.Fonte,\" \",ORÇAMENTO.CodBarra)))","v":"SINAPI 89724"},{"$f":"IF(ISERROR(ORÇAMENTO.BancoRef),\"(abra o arquivo 'Referência \"&Excel_BuiltIn_Database&\".xlsm)\",IF(OR($C270<>\"S\",ORÇAMENTO.CodBarra=\"\"),\"(Sem Código)\",IF(ISERROR(MATCH($AE270,INDIRECT(ORÇAMENTO.BancoRef),0)),\"(Código não identificado nas referências)\",MATCH($AE270,INDIRECT(ORÇAMENTO.BancoRef),0))))","v":11665},{"$f":"ROUND(IF(DESONERACAO=\"sim\",REFERENCIA.Desonerado,REFERENCIA.NaoDesonerado),2)","v":10.74},0.25290000000000001,null,null,null,null,390.34,{"$f":"ROUND(ORÇAMENTO.CustoUnitario*(1+$AH270),2)","v":13.46}]
["S",2,"S",0,{"$f":"IF($C271=1,OFFSET(E271,-1,0)+MAX(1,COUNTIF(QCI!$A$13:$A$36,OFFSET(ORÇAMENTO!E271,-1,0))),OFFSET(E271,-1,0))","v":16},2,0,0,16,0,{"$f":"IF(OR($C271=\"S\",$C271=0),0,MATCH(OFFSET($D271,0,$C271)+IF($C271<>1,1,COUNTIF(QCI!$A$13:$A$36,ORÇAMENTO!E271)),OFFSET($D271,1,$C271,ROW($C$472)-ROW($C271)),0))","v":0},"F","Serviço","Serviço","16.2.0.16.","SINAPI","104345",{"$f":"IF($C271=\"S\",REFERENCIA.Descricao,\"(digite a descrição aqui)\")","v":"JUNÇÃO DE REDUÇÃO INVERTIDA, PVC, SÉRIE NORMAL, ESGOTO PREDIAL, DN 100 X 50 MM, JUNTA ELÁSTICA, FORNECIDO E INSTALADO EM RAMAL DE DESCARGA OU RAMAL DE ESGOTO SANITÁRIO. AF_08/2022"},{"$f":"REFERENCIA.Unidade","v":"UN"},{"$f":"OFFSET(CÁLCULO!H$15,ROW($T271)-ROW(T$15),0)","v":11},44.96,"BDI 1",{"$f":"IF($C271=\"S\",ROUND(IF(TIPOORCAMENTO=\"Proposto\",ORÇAMENTO.CustoUnitario*(1+$AH271),ORÇAMENTO.PrecoUnitarioLicitado),15-13*$AF$10),0)","v":56.33},{"$f":"IF($C271=\"S\",IF(OR(Import.TipoArredondamento<>\"TransfereGOV\",ACOMPANHAMENTO=\"BM\"),VTOTAL1,SUM(OFFSET(CÁLCULO!$AI$15,ROW($X271)-ROW($X$15),1):OFFSET(CÁLCULO!$BB$15,ROW($X271)-ROW($X$15),-1))),IF($C271=0,0,ROUND(SomaAgrup,15-13*$AF$11)))","v":619.63},"RA","RA",{"$f":"IF($C271=\"S\",IF($Z271=\"CP\",$X271,IF($Z271=\"RA\",(($X271)*QCI!$AA$3),0)),SomaAgrup)","v":53.618878767073411},{"$f":"IF($C271=\"S\",IF($Z271=\"OU\",ROUND($X271,2),0),SomaAgrup)","v":0},{"$f":"IF($N271=\"\",\" \",\nIF(AND($C271<>\"S\",OR($R271=\"\",$R271=\"(digite a descrição aqui)\")),\"DESCRIÇÃO\",\nIF(AND($C271=\"S\",OR($Q271<>\"\",$T271>0,$U271>0),$P271=\"\"),\"FONTE\",\nIF(AND($C271=\"S\",$P271<>\"\",OR($T271>0,$U271>0),$Q271=\"\"),\"CÓDIGO\",\nIF(AND($C271=\"S\",$P271<>\"\",$Q271<>\"\",$R271=\"(Código não identificado nas referências)\"),\"CÓDIGO N/ID\",\nIF(AND($C271=\"S\",OR($R271=\"\",$R271=\"(digite a descrição aqui)\"),OR($Q271<>\"\",$T271>0,$U271>0)),\"DESCRIÇÃO\",\nIF(AND($C271=\"S\",$P271<>\"\",$Q271<>\"\",$S271=\"\"),\"UNIDADE\",\nIF(AND($C271=\"S\",$P271<>\"\",$Q271<>\"\",$U271=0),\"SEM CUSTO\",\nIF(AND(TIPOORCAMENTO=\"Licitado\",$AL271=0,$AN271>0),\"SEM PREÇO\",\nIF(AND($C271=\"S\",$P271<>\"\",$Q271<>\"\",$U271>0,AND($V271<>\"BDI 1\",$V271<>\"BDI 2\",$V271<>\"BDI 3\")),IF(ISNUMBER($V271),\"JUSTIFICAR BDI\",\"BDI\"),\nIF(OR(AND(import.recurso=\"OGU\",TIPOORCAMENTO=\"Proposto\",LEFT($O$8,5)<>\"(N/D:\",$AG271<>\"\",ORÇAMENTO.CustoUnitario>$AG271),AND(TIPOORCAMENTO=\"LICITADO\",ORÇAMENTO.PrecoUnitarioLicitado>$AN271)),\"ACIMA REF.\",\nIF(AND($C271=\"S\",$P271<>\"\",$Q271<>\"\",$T271=0,$U271>0),\"QUANT.\",\nIF(AND(Import.TipoArredondamento=\"TransfereGOV\",$L271=\"F\",$C271=\"S\",LEN($Q271)>13),\"Código >13\",\nIF(AND(Import.TipoArredondamento=\"TransfereGOV\",$L271=\"F\",$C271<>\"S\",LEN($R271)>100),\"Descrição >100\",\nIF(AND(Import.TipoArredondamento=\"TransfereGOV\",$L271=\"F\",$C271=\"S\",LEN($R271)>500),\"Descrição >500\",\nIF(AND(Import.TipoArredondamento=\"TransfereGOV\",$L271=\"F\",$C271=\"S\",LEFT(TRIM(UPPER($P271)),6)<>\"SINAPI\",ISNA(VLOOKUP(TRIM(UPPER($S271)),ListaTgov.Unidades,1,FALSE))),\"Unid. Não Disp\",\n\" \"))))))))))))))))","v":" "},{"$f":"IF(C271<=CRONO.NivelExibicao,MAX($AD$15:OFFSET(AD271,-1,0))+IF($C271<>1,1,MAX(1,COUNTIF(QCI!$A$13:$A$36,OFFSET($E271,-1,0)))),\"\")","v":""},{"$f":"IF(AND($C271=\"S\",ORÇAMENTO.CodBarra<>\"\"),IF(ORÇAMENTO.Fonte=\"\",ORÇAMENTO.CodBarra,CONCATENATE(ORÇAMENTO.Fonte,\" \",ORÇAMENTO.CodBarra)))","v":"SINAPI 104345"},{"$f":"IF(ISERROR(ORÇAMENTO.BancoRef),\"(abra o arquivo 'Referência \"&Excel_BuiltIn_Database&\".xlsm)\",IF(OR($C271<>\"S\",ORÇAMENTO.CodBarra=\"\"),\"(Sem Código)\",IF(ISERROR(MATCH($AE271,INDIRECT(ORÇAMENTO.BancoRef),0)),\"(Código não identificado nas referências)\",MATCH($AE271,INDIRECT(ORÇAMENTO.BancoRef),0))))","v":11673},{"$f":"ROUND(IF(DESONERACAO=\"sim\",REFERENCIA.Desonerado,REFERENCIA.NaoDesonerado),2)","v":44.96},0.25290000000000001,null,null,null,null,619.63,{"$f":"ROUND(ORÇAMENTO.CustoUnitario*(1+$AH271),2)","v":56.33}]
["S",2,"S",0,{"$f":"IF($C272=1,OFFSET(E272,-1,0)+MAX(1,COUNTIF(QCI!$A$13:$A$36,OFFSET(ORÇAMENTO!E272,-1,0))),OFFSET(E272,-1,0))","v":16},2,0,0,17,{"$f":"IF(OR($C272=\"S\",$C272=0),0,MATCH(0,OFFSET($D272,1,$C272,ROW($C$472)-ROW($C272)),0))","v":0},{"$f":"IF(OR($C272=\"S\",$C272=0),0,MATCH(OFFSET($D272,0,$C272)+IF($C272<>1,1,COUNTIF(QCI!$A$13:$A$36,ORÇAMENTO!E272)),OFFSET($D272,1,$C272,ROW($C$472)-ROW($C272)),0))","v":0},"F","Serviço","Serviço","16.2.0.17.","SINAPI","89783",{"$f":"IF($C272=\"S\",REFERENCIA.Descricao,\"(digite a descrição aqui)\")","v":"JUNÇÃO SIMPLES, PVC, SERIE NORMAL, ESGOTO PREDIAL, DN 40 MM, JUNTA SOLDÁVEL, FORNECIDO E INSTALADO EM RAMAL DE DESCARGA OU RAMAL DE ESGOTO SANITÁRIO. AF_08/2022"},{"$f":"REFERENCIA.Unidade","v":"UN"},{"$f":"OFFSET(CÁLCULO!H$15,ROW($T272)-ROW(T$15),0)","v":6},15.72,"BDI 1",{"$f":"IF($C272=\"S\",ROUND(IF(TIPOORCAMENTO=\"Proposto\",ORÇAMENTO.CustoUnitario*(1+$AH272),ORÇAMENTO.PrecoUnitarioLicitado),15-13*$AF$10),0)","v":19.7},{"$f":"IF($C272=\"S\",IF(OR(Import.TipoArredondamento<>\"TransfereGOV\",ACOMPANHAMENTO=\"BM\"),VTOTAL1,SUM(OFFSET(CÁLCULO!$AI$15,ROW($X272)-ROW($X$15),1):OFFSET(CÁLCULO!$BB$15,ROW($X272)-ROW($X$15),-1))),IF($C272=0,0,ROUND(SomaAgrup,15-13*$AF$11)))","v":118.2},"RA","RA",{"$f":"IF($C272=\"S\",IF($Z272=\"CP\",$X272,IF($Z272=\"RA\",(($X272)*QCI!$AA$3),0)),SomaAgrup)","v":10.228283766551131},{"$f":"IF($C272=\"S\",IF($Z272=\"OU\",ROUND($X272,2),0),SomaAgrup)","v":0},{"$f":"IF($N272=\"\",\" \",\nIF(AND($C272<>\"S\",OR($R272=\"\",$R272=\"(digite a descrição aqui)\")),\"DESCRIÇÃO\",\nIF(AND($C272=\"S\",OR($Q272<>\"\",$T272>0,$U272>0),$P272=\"\"),\"FONTE\",\nIF(AND($C272=\"S\",$P272<>\"\",OR($T272>0,$U272>0),$Q272=\"\"),\"CÓDIGO\",\nIF(AND($C272=\"S\",$P272<>\"\",$Q272<>\"\",$R272=\"(Código não identificado nas referências)\"),\"CÓDIGO N/ID\",\nIF(AND($C272=\"S\",OR($R272=\"\",$R272=\"(digite a descrição aqui)\"),OR($Q272<>\"\",$T272>0,$U272>0)),\"DESCRIÇÃO\",\nIF(AND($C272=\"S\",$P272<>\"\",$Q272<>\"\",$S272=\"\"),\"UNIDADE\",\nIF(AND($C272=\"S\",$P272<>\"\",$Q272<>\"\",$U272=0),\"SEM CUSTO\",\nIF(AND(TIPOORCAMENTO=\"Licitado\",$AL272=0,$AN272>0),\"SEM PREÇO\",\nIF(AND($C272=\"S\",$P272<>\"\",$Q272<>\"\",$U272>0,AND($V272<>\"BDI 1\",$V272<>\"BDI 2\",$V272<>\"BDI 3\")),IF(ISNUMBER($V272),\"JUSTIFICAR BDI\",\"BDI\"),\nIF(OR(AND(import.recurso=\"OGU\",TIPOORCAMENTO=\"Proposto\",LEFT($O$8,5)<>\"(N/D:\",$AG272<>\"\",ORÇAMENTO.CustoUnitario>$AG272),AND(TIPOORCAMENTO=\"LICITADO\",ORÇAMENTO.PrecoUnitarioLicitado>$AN272)),\"ACIMA REF.\",\nIF(AND($C272=\"S\",$P272<>\"\",$Q272<>\"\",$T272=0,$U272>0),\"QUANT.\",\nIF(AND(Import.TipoArredondamento=\"TransfereGOV\",$L272=\"F\",$C272=\"S\",LEN($Q272)>13),\"Código >13\",\nIF(AND(Import.TipoArredondamento=\"TransfereGOV\",$L272=\"F\",$C272<>\"S\",LEN($R272)>100),\"Descrição >100\",\nIF(AND(Import.TipoArredondamento=\"TransfereGOV\",$L272=\"F\",$C272=\"S\",LEN($R272)>500),\"Descrição >500\",\nIF(AND(Import.TipoArredondamento=\"TransfereGOV\",$L272=\"F\",$C272=\"S\",LEFT(TRIM(UPPER($P272)),6)<>\"SINAPI\",ISNA(VLOOKUP(TRIM(UPPER($S272)),ListaTgov.Unidades,1,FALSE))),\"Unid. Não Disp\",\n\" \"))))))))))))))))","v":" "},{"$f":"IF(C272<=CRONO.NivelExibicao,MAX($AD$15:OFFSET(AD272,-1,0))+IF($C272<>1,1,MAX(1,COUNTIF(QCI!$A$13:$A$36,OFFSET($E272,-1,0)))),\"\")","v":""},{"$f":"IF(AND($C272=\"S\",ORÇAMENTO.CodBarra<>\"\"),IF(ORÇAMENTO.Fonte=\"\",ORÇAMENTO.CodBarra,CONCATENATE(ORÇAMENTO.Fonte,\" \",ORÇAMENTO.CodBarra)))","v":"SINAPI 89783"},{"$f":"IF(ISERROR(ORÇAMENTO.BancoRef),\"(abra o arquivo 'Referência \"&Excel_BuiltIn_Database&\".xlsm)\",IF(OR($C272<>\"S\",ORÇAMENTO.CodBarra=\"\"),\"(Sem Código)\",IF(ISERROR(MATCH($AE272,INDIRECT(ORÇAMENTO.BancoRef),0)),\"(Código não identificado nas referências)\",MATCH($AE272,INDIRECT(ORÇAMENTO.BancoRef),0))))","v":11679},{"$f":"ROUND(IF(DESONERACAO=\"sim\",REFERENCIA.Desonerado,REFERENCIA.NaoDesonerado),2)","v":15.72},0.25290000000000001,null,null,null,null,118.2,{"$f":"ROUND(ORÇAMENTO.CustoUnitario*(1+$AH272),2)","v":19.7}]
["S",2,"S",0,{"$f":"IF($C273=1,OFFSET(E273,-1,0)+MAX(1,COUNTIF(QCI!$A$13:$A$36,OFFSET(ORÇAMENTO!E273,-1,0))),OFFSET(E273,-1,0))","v":16},2,0,0,18,0,{"$f":"IF(OR($C273=\"S\",$C273=0),0,MATCH(OFFSET($D273,0,$C273)+IF($C273<>1,1,COUNTIF(QCI!$A$13:$A$36,ORÇAMENTO!E273)),OFFSET($D273,1,$C273,ROW($C$472)-ROW($C273)),0))","v":0},"F","Serviço","Serviço","16.2.0.18.","SINAPI","104350",{"$f":"IF($C273=\"S\",REFERENCIA.Descricao,\"(digite a descrição aqui)\")","v":"JUNÇÃO DE REDUÇÃO INVERTIDA, PVC, SÉRIE NORMAL, ESGOTO PREDIAL, DN 75 X 50 MM, JUNTA ELÁSTICA, FORNECIDO E INSTALADO EM PRUMADA DE ESGOTO SANITÁRIO OU VENTILAÇÃO. AF_08/2022"},{"$f":"REFERENCIA.Unidade","v":"UN"},{"$f":"OFFSET(CÁLCULO!H$15,ROW($T273)-ROW(T$15),0)","v":1},31.33,"BDI 1",{"$f":"IF($C273=\"S\",ROUND(IF(TIPOORCAMENTO=\"Proposto\",ORÇAMENTO.CustoUnitario*(1+$AH273),ORÇAMENTO.PrecoUnitarioLicitado),15-13*$AF$10),0)","v":39.25},{"$f":"IF($C273=\"S\",IF(OR(Import.TipoArredondamento<>\"TransfereGOV\",ACOMPANHAMENTO=\"BM\"),VTOTAL1,SUM(OFFSET(CÁLCULO!$AI$15,ROW($X273)-ROW($X$15),1):OFFSET(CÁLCULO!$BB$15,ROW($X273)-ROW($X$15),-1))),IF($C273=0,0,ROUND(SomaAgrup,15-13*$AF$11)))","v":39.25},"RA","RA",{"$f":"IF($C273=\"S\",IF($Z273=\"CP\",$X273,IF($Z273=\"RA\",(($X273)*QCI!$AA$3),0)),SomaAgrup)","v":3.3964478666424021},{"$f":"IF($C273=\"S\",IF($Z273=\"OU\",ROUND($X273,2),0),SomaAgrup)","v":0},{"$f":"IF($N273=\"\",\" \",\nIF(AND($C273<>\"S\",OR($R273=\"\",$R273=\"(digite a descrição aqui)\")),\"DESCRIÇÃO\",\nIF(AND($C273=\"S\",OR($Q273<>\"\",$T273>0,$U273>0),$P273=\"\"),\"FONTE\",\nIF(AND($C273=\"S\",$P273<>\"\",OR($T273>0,$U273>0),$Q273=\"\"),\"CÓDIGO\",\nIF(AND($C273=\"S\",$P273<>\"\",$Q273<>\"\",$R273=\"(Código não identificado nas referências)\"),\"CÓDIGO N/ID\",\nIF(AND($C273=\"S\",OR($R273=\"\",$R273=\"(digite a descrição aqui)\"),OR($Q273<>\"\",$T273>0,$U273>0)),\"DESCRIÇÃO\",\nIF(AND($C273=\"S\",$P273<>\"\",$Q273<>\"\",$S273=\"\"),\"UNIDADE\",\nIF(AND($C273=\"S\",$P273<>\"\",$Q273<>\"\",$U273=0),\"SEM CUSTO\",\nIF(AND(TIPOORCAMENTO=\"Licitado\",$AL273=0,$AN273>0),\"SEM PREÇO\",\nIF(AND($C273=\"S\",$P273<>\"\",$Q273<>\"\",$U273>0,AND($V273<>\"BDI 1\",$V273<>\"BDI 2\",$V273<>\"BDI 3\")),IF(ISNUMBER($V273),\"JUSTIFICAR BDI\",\"BDI\"),\nIF(OR(AND(import.recurso=\"OGU\",TIPOORCAMENTO=\"Proposto\",LEFT($O$8,5)<>\"(N/D:\",$AG273<>\"\",ORÇAMENTO.CustoUnitario>$AG273),AND(TIPOORCAMENTO=\"LICITADO\",ORÇAMENTO.PrecoUnitarioLicitado>$AN273)),\"ACIMA REF.\",\nIF(AND($C273=\"S\",$P273<>\"\",$Q273<>\"\",$T273=0,$U273>0),\"QUANT.\",\nIF(AND(Import.TipoArredondamento=\"TransfereGOV\",$L273=\"F\",$C273=\"S\",LEN($Q273)>13),\"Código >13\",\nIF(AND(Import.TipoArredondamento=\"TransfereGOV\",$L273=\"F\",$C273<>\"S\",LEN($R273)>100),\"Descrição >100\",\nIF(AND(Import.TipoArredondamento=\"TransfereGOV\",$L273=\"F\",$C273=\"S\",LEN($R273)>500),\"Descrição >500\",\nIF(AND(Import.TipoArredondamento=\"TransfereGOV\",$L273=\"F\",$C273=\"S\",LEFT(TRIM(UPPER($P273)),6)<>\"SINAPI\",ISNA(VLOOKUP(TRIM(UPPER($S273)),ListaTgov.Unidades,1,FALSE))),\"Unid. Não Disp\",\n\" \"))))))))))))))))","v":" "},{"$f":"IF(C273<=CRONO.NivelExibicao,MAX($AD$15:OFFSET(AD273,-1,0))+IF($C273<>1,1,MAX(1,COUNTIF(QCI!$A$13:$A$36,OFFSET($E273,-1,0)))),\"\")","v":""},{"$f":"IF(AND($C273=\"S\",ORÇAMENTO.CodBarra<>\"\"),IF(ORÇAMENTO.Fonte=\"\",ORÇAMENTO.CodBarra,CONCATENATE(ORÇAMENTO.Fonte,\" \",ORÇAMENTO.CodBarra)))","v":"SINAPI 104350"},{"$f":"IF(ISERROR(ORÇAMENTO.BancoRef),\"(abra o arquivo 'Referência \"&Excel_BuiltIn_Database&\".xlsm)\",IF(OR($C273<>\"S\",ORÇAMENTO.CodBarra=\"\"),\"(Sem Código)\",IF(ISERROR(MATCH($AE273,INDIRECT(ORÇAMENTO.BancoRef),0)),\"(Código não identificado nas referências)\",MATCH($AE273,INDIRECT(ORÇAMENTO.BancoRef),0))))","v":11674},{"$f":"ROUND(IF(DESONERACAO=\"sim\",REFERENCIA.Desonerado,REFERENCIA.NaoDesonerado),2)","v":31.33},0.25290000000000001,null,null,null,null,39.25,{"$f":"ROUND(ORÇAMENTO.CustoUnitario*(1+$AH273),2)","v":39.25}]
["S",2,"S",0,{"$f":"IF($C274=1,OFFSET(E274,-1,0)+MAX(1,COUNTIF(QCI!$A$13:$A$36,OFFSET(ORÇAMENTO!E274,-1,0))),OFFSET(E274,-1,0))","v":16},2,0,0,19,0,{"$f":"IF(OR($C274=\"S\",$C274=0),0,MATCH(OFFSET($D274,0,$C274)+IF($C274<>1,1,COUNTIF(QCI!$A$13:$A$36,ORÇAMENTO!E274)),OFFSET($D274,1,$C274,ROW($C$472)-ROW($C274)),0))","v":0},"F","Serviço","Serviço","16.2.0.19.","SINAPI","89795",{"$f":"IF($C274=\"S\",REFERENCIA.Descricao,\"(digite a descrição aqui)\")","v":"JUNÇÃO SIMPLES, PVC, SERIE NORMAL, ESGOTO PREDIAL, DN 75 X 75 MM, JUNTA ELÁSTICA, FORNECIDO E INSTALADO EM RAMAL DE DESCARGA OU RAMAL DE ESGOTO SANITÁRIO. AF_08/2022"},{"$f":"REFERENCIA.Unidade","v":"UN"},{"$f":"OFFSET(CÁLCULO!H$15,ROW($T274)-ROW(T$15),0)","v":1},42.84,"BDI 1",{"$f":"IF($C274=\"S\",ROUND(IF(TIPOORCAMENTO=\"Proposto\",ORÇAMENTO.CustoUnitario*(1+$AH274),ORÇAMENTO.PrecoUnitarioLicitado),15-13*$AF$10),0)","v":53.67},{"$f":"IF($C274=\"S\",IF(OR(Import.TipoArredondamento<>\"TransfereGOV\",ACOMPANHAMENTO=\"BM\"),VTOTAL1,SUM(OFFSET(CÁLCULO!$AI$15,ROW($X274)-ROW($X$15),1):OFFSET(CÁLCULO!$BB$15,ROW($X274)-ROW($X$15),-1))),IF($C274=0,0,ROUND(SomaAgrup,15-13*$AF$11)))","v":53.67},"RA","RA",{"$f":"IF($C274=\"S\",IF($Z274=\"CP\",$X274,IF($Z274=\"RA\",(($X274)*QCI!$AA$3),0)),SomaAgrup)","v":4.644263872680197},{"$f":"IF($C274=\"S\",IF($Z274=\"OU\",ROUND($X274,2),0),SomaAgrup)","v":0},{"$f":"IF($N274=\"\",\" \",\nIF(AND($C274<>\"S\",OR($R274=\"\",$R274=\"(digite a descrição aqui)\")),\"DESCRIÇÃO\",\nIF(AND($C274=\"S\",OR($Q274<>\"\",$T274>0,$U274>0),$P274=\"\"),\"FONTE\",\nIF(AND($C274=\"S\",$P274<>\"\",OR($T274>0,$U274>0),$Q274=\"\"),\"CÓDIGO\",\nIF(AND($C274=\"S\",$P274<>\"\",$Q274<>\"\",$R274=\"(Código não identificado nas referências)\"),\"CÓDIGO N/ID\",\nIF(AND($C274=\"S\",OR($R274=\"\",$R274=\"(digite a descrição aqui)\"),OR($Q274<>\"\",$T274>0,$U274>0)),\"DESCRIÇÃO\",\nIF(AND($C274=\"S\",$P274<>\"\",$Q274<>\"\",$S274=\"\"),\"UNIDADE\",\nIF(AND($C274=\"S\",$P274<>\"\",$Q274<>\"\",$U274=0),\"SEM CUSTO\",\nIF(AND(TIPOORCAMENTO=\"Licitado\",$AL274=0,$AN274>0),\"SEM PREÇO\",\nIF(AND($C274=\"S\",$P274<>\"\",$Q274<>\"\",$U274>0,AND($V274<>\"BDI 1\",$V274<>\"BDI 2\",$V274<>\"BDI 3\")),IF(ISNUMBER($V274),\"JUSTIFICAR BDI\",\"BDI\"),\nIF(OR(AND(import.recurso=\"OGU\",TIPOORCAMENTO=\"Proposto\",LEFT($O$8,5)<>\"(N/D:\",$AG274<>\"\",ORÇAMENTO.CustoUnitario>$AG274),AND(TIPOORCAMENTO=\"LICITADO\",ORÇAMENTO.PrecoUnitarioLicitado>$AN274)),\"ACIMA REF.\",\nIF(AND($C274=\"S\",$P274<>\"\",$Q274<>\"\",$T274=0,$U274>0),\"QUANT.\",\nIF(AND(Import.TipoArredondamento=\"TransfereGOV\",$L274=\"F\",$C274=\"S\",LEN($Q274)>13),\"Código >13\",\nIF(AND(Import.TipoArredondamento=\"TransfereGOV\",$L274=\"F\",$C274<>\"S\",LEN($R274)>100),\"Descrição >100\",\nIF(AND(Import.TipoArredondamento=\"TransfereGOV\",$L274=\"F\",$C274=\"S\",LEN($R274)>500),\"Descrição >500\",\nIF(AND(Import.TipoArredondamento=\"TransfereGOV\",$L274=\"F\",$C274=\"S\",LEFT(TRIM(UPPER($P274)),6)<>\"SINAPI\",ISNA(VLOOKUP(TRIM(UPPER($S274)),ListaTgov.Unidades,1,FALSE))),\"Unid. Não Disp\",\n\" \"))))))))))))))))","v":" "},{"$f":"IF(C274<=CRONO.NivelExibicao,MAX($AD$15:OFFSET(AD274,-1,0))+IF($C274<>1,1,MAX(1,COUNTIF(QCI!$A$13:$A$36,OFFSET($E274,-1,0)))),\"\")","v":""},{"$f":"IF(AND($C274=\"S\",ORÇAMENTO.CodBarra<>\"\"),IF(ORÇAMENTO.Fonte=\"\",ORÇAMENTO.CodBarra,CONCATENATE(ORÇAMENTO.Fonte,\" \",ORÇAMENTO.CodBarra)))","v":"SINAPI 89795"},{"$f":"IF(ISERROR(ORÇAMENTO.BancoRef),\"(abra o arquivo 'Referência \"&Excel_BuiltIn_Database&\".xlsm)\",IF(OR($C274<>\"S\",ORÇAMENTO.CodBarra=\"\"),\"(Sem Código)\",IF(ISERROR(MATCH($AE274,INDIRECT(ORÇAMENTO.BancoRef),0)),\"(Código não identificado nas referências)\",MATCH($AE274,INDIRECT(ORÇAMENTO.BancoRef),0))))","v":11683},{"$f":"ROUND(IF(DESONERACAO=\"sim\",REFERENCIA.Desonerado,REFERENCIA.NaoDesonerado),2)","v":42.84},0.25290000000000001,null,null,null,null,53.67,{"$f":"ROUND(ORÇAMENTO.CustoUnitario*(1+$AH274),2)","v":53.67}]
["S",2,"S",0,{"$f":"IF($C275=1,OFFSET(E275,-1,0)+MAX(1,COUNTIF(QCI!$A$13:$A$36,OFFSET(ORÇAMENTO!E275,-1,0))),OFFSET(E275,-1,0))","v":16},2,0,0,20,0,{"$f":"IF(OR($C275=\"S\",$C275=0),0,MATCH(OFFSET($D275,0,$C275)+IF($C275<>1,1,COUNTIF(QCI!$A$13:$A$36,ORÇAMENTO!E275)),OFFSET($D275,1,$C275,ROW($C$472)-ROW($C275)),0))","v":0},"F","Serviço","Serviço","16.2.0.20.","SINAPI","89549",{"$f":"IF($C275=\"S\",REFERENCIA.Descricao,\"(digite a descrição aqui)\")","v":"REDUÇÃO EXCÊNTRICA, PVC, SERIE R, ÁGUA PLUVIAL, DN 75 X 50 MM, JUNTA ELÁSTICA, FORNECIDO E INSTALADO EM RAMAL DE ENCAMINHAMENTO. AF_06/2022"},{"$f":"REFERENCIA.Unidade","v":"UN"},{"$f":"OFFSET(CÁLCULO!H$15,ROW($T275)-ROW(T$15),0)","v":1},19.809999999999999,"BDI 1",{"$f":"IF($C275=\"S\",ROUND(IF(TIPOORCAMENTO=\"Proposto\",ORÇAMENTO.CustoUnitario*(1+$AH275),ORÇAMENTO.PrecoUnitarioLicitado),15-13*$AF$10),0)","v":24.82},{"$f":"IF($C275=\"S\",IF(OR(Import.TipoArredondamento<>\"TransfereGOV\",ACOMPANHAMENTO=\"BM\"),VTOTAL1,SUM(OFFSET(CÁLCULO!$AI$15,ROW($X275)-ROW($X$15),1):OFFSET(CÁLCULO!$BB$15,ROW($X275)-ROW($X$15),-1))),IF($C275=0,0,ROUND(SomaAgrup,15-13*$AF$11)))","v":24.82},"RA","RA",{"$f":"IF($C275=\"S\",IF($Z275=\"CP\",$X275,IF($Z275=\"RA\",(($X275)*QCI!$AA$3),0)),SomaAgrup)","v":2.1477665235685204},{"$f":"IF($C275=\"S\",IF($Z275=\"OU\",ROUND($X275,2),0),SomaAgrup)","v":0},{"$f":"IF($N275=\"\",\" \",\nIF(AND($C275<>\"S\",OR($R275=\"\",$R275=\"(digite a descrição aqui)\")),\"DESCRIÇÃO\",\nIF(AND($C275=\"S\",OR($Q275<>\"\",$T275>0,$U275>0),$P275=\"\"),\"FONTE\",\nIF(AND($C275=\"S\",$P275<>\"\",OR($T275>0,$U275>0),$Q275=\"\"),\"CÓDIGO\",\nIF(AND($C275=\"S\",$P275<>\"\",$Q275<>\"\",$R275=\"(Código não identificado nas referências)\"),\"CÓDIGO N/ID\",\nIF(AND($C275=\"S\",OR($R275=\"\",$R275=\"(digite a descrição aqui)\"),OR($Q275<>\"\",$T275>0,$U275>0)),\"DESCRIÇÃO\",\nIF(AND($C275=\"S\",$P275<>\"\",$Q275<>\"\",$S275=\"\"),\"UNIDADE\",\nIF(AND($C275=\"S\",$P275<>\"\",$Q275<>\"\",$U275=0),\"SEM CUSTO\",\nIF(AND(TIPOORCAMENTO=\"Licitado\",$AL275=0,$AN275>0),\"SEM PREÇO\",\nIF(AND($C275=\"S\",$P275<>\"\",$Q275<>\"\",$U275>0,AND($V275<>\"BDI 1\",$V275<>\"BDI 2\",$V275<>\"BDI 3\")),IF(ISNUMBER($V275),\"JUSTIFICAR BDI\",\"BDI\"),\nIF(OR(AND(import.recurso=\"OGU\",TIPOORCAMENTO=\"Proposto\",LEFT($O$8,5)<>\"(N/D:\",$AG275<>\"\",ORÇAMENTO.CustoUnitario>$AG275),AND(TIPOORCAMENTO=\"LICITADO\",ORÇAMENTO.PrecoUnitarioLicitado>$AN275)),\"ACIMA REF.\",\nIF(AND($C275=\"S\",$P275<>\"\",$Q275<>\"\",$T275=0,$U275>0),\"QUANT.\",\nIF(AND(Import.TipoArredondamento=\"TransfereGOV\",$L275=\"F\",$C275=\"S\",LEN($Q275)>13),\"Código >13\",\nIF(AND(Import.TipoArredondamento=\"TransfereGOV\",$L275=\"F\",$C275<>\"S\",LEN($R275)>100),\"Descrição >100\",\nIF(AND(Import.TipoArredondamento=\"TransfereGOV\",$L275=\"F\",$C275=\"S\",LEN($R275)>500),\"Descrição >500\",\nIF(AND(Import.TipoArredondamento=\"TransfereGOV\",$L275=\"F\",$C275=\"S\",LEFT(TRIM(UPPER($P275)),6)<>\"SINAPI\",ISNA(VLOOKUP(TRIM(UPPER($S275)),ListaTgov.Unidades,1,FALSE))),\"Unid. Não Disp\",\n\" \"))))))))))))))))","v":" "},{"$f":"IF(C275<=CRONO.NivelExibicao,MAX($AD$15:OFFSET(AD275,-1,0))+IF($C275<>1,1,MAX(1,COUNTIF(QCI!$A$13:$A$36,OFFSET($E275,-1,0)))),\"\")","v":""},{"$f":"IF(AND($C275=\"S\",ORÇAMENTO.CodBarra<>\"\"),IF(ORÇAMENTO.Fonte=\"\",ORÇAMENTO.CodBarra,CONCATENATE(ORÇAMENTO.Fonte,\" \",ORÇAMENTO.CodBarra)))","v":"SINAPI 89549"},{"$f":"IF(ISERROR(ORÇAMENTO.BancoRef),\"(abra o arquivo 'Referência \"&Excel_BuiltIn_Database&\".xlsm)\",IF(OR($C275<>\"S\",ORÇAMENTO.CodBarra=\"\"),\"(Sem Código)\",IF(ISERROR(MATCH($AE275,INDIRECT(ORÇAMENTO.BancoRef),0)),\"(Código não identificado nas referências)\",MATCH($AE275,INDIRECT(ORÇAMENTO.BancoRef),0))))","v":12157},{"$f":"ROUND(IF(DESONERACAO=\"sim\",REFERENCIA.Desonerado,REFERENCIA.NaoDesonerado),2)","v":19.809999999999999},0.25290000000000001,null,null,null,null,24.82,{"$f":"ROUND(ORÇAMENTO.CustoUnitario*(1+$AH275),2)","v":24.82}]
["S",2,"S",0,{"$f":"IF($C276=1,OFFSET(E276,-1,0)+MAX(1,COUNTIF(QCI!$A$13:$A$36,OFFSET(ORÇAMENTO!E276,-1,0))),OFFSET(E276,-1,0))","v":16},2,0,0,21,0,{"$f":"IF(OR($C276=\"S\",$C276=0),0,MATCH(OFFSET($D276,0,$C276)+IF($C276<>1,1,COUNTIF(QCI!$A$13:$A$36,ORÇAMENTO!E276)),OFFSET($D276,1,$C276,ROW($C$472)-ROW($C276)),0))","v":0},"F","Serviço","Serviço","16.2.0.21.","Composição","COMP58",{"$f":"IF($C276=\"S\",REFERENCIA.Descricao,\"(digite a descrição aqui)\")","v":"TUBO DE PVC RÍGIDO PXB COM VIROLA E ANEL DE BORRACHA, LINHA ESGOTO SÉRIE REFORÇADA ´R´, DN= 100 MM, INCLUSIVE CONEXÕES"},{"$f":"REFERENCIA.Unidade","v":"M"},{"$f":"OFFSET(CÁLCULO!H$15,ROW($T276)-ROW(T$15),0)","v":107.9},112.22,"BDI 1",{"$f":"IF($C276=\"S\",ROUND(IF(TIPOORCAMENTO=\"Proposto\",ORÇAMENTO.CustoUnitario*(1+$AH276),ORÇAMENTO.PrecoUnitarioLicitado),15-13*$AF$10),0)","v":140.6},{"$f":"IF($C276=\"S\",IF(OR(Import.TipoArredondamento<>\"TransfereGOV\",ACOMPANHAMENTO=\"BM\"),VTOTAL1,SUM(OFFSET(CÁLCULO!$AI$15,ROW($X276)-ROW($X$15),1):OFFSET(CÁLCULO!$BB$15,ROW($X276)-ROW($X$15),-1))),IF($C276=0,0,ROUND(SomaAgrup,15-13*$AF$11)))","v":15170.74},"RA","RA",{"$f":"IF($C276=\"S\",IF($Z276=\"CP\",$X276,IF($Z276=\"RA\",(($X276)*QCI!$AA$3),0)),SomaAgrup)","v":1312.7803186850076},{"$f":"IF($C276=\"S\",IF($Z276=\"OU\",ROUND($X276,2),0),SomaAgrup)","v":0},{"$f":"IF($N276=\"\",\" \",\nIF(AND($C276<>\"S\",OR($R276=\"\",$R276=\"(digite a descrição aqui)\")),\"DESCRIÇÃO\",\nIF(AND($C276=\"S\",OR($Q276<>\"\",$T276>0,$U276>0),$P276=\"\"),\"FONTE\",\nIF(AND($C276=\"S\",$P276<>\"\",OR($T276>0,$U276>0),$Q276=\"\"),\"CÓDIGO\",\nIF(AND($C276=\"S\",$P276<>\"\",$Q276<>\"\",$R276=\"(Código não identificado nas referências)\"),\"CÓDIGO N/ID\",\nIF(AND($C276=\"S\",OR($R276=\"\",$R276=\"(digite a descrição aqui)\"),OR($Q276<>\"\",$T276>0,$U276>0)),\"DESCRIÇÃO\",\nIF(AND($C276=\"S\",$P276<>\"\",$Q276<>\"\",$S276=\"\"),\"UNIDADE\",\nIF(AND($C276=\"S\",$P276<>\"\",$Q276<>\"\",$U276=0),\"SEM CUSTO\",\nIF(AND(TIPOORCAMENTO=\"Licitado\",$AL276=0,$AN276>0),\"SEM PREÇO\",\nIF(AND($C276=\"S\",$P276<>\"\",$Q276<>\"\",$U276>0,AND($V276<>\"BDI 1\",$V276<>\"BDI 2\",$V276<>\"BDI 3\")),IF(ISNUMBER($V276),\"JUSTIFICAR BDI\",\"BDI\"),\nIF(OR(AND(import.recurso=\"OGU\",TIPOORCAMENTO=\"Proposto\",LEFT($O$8,5)<>\"(N/D:\",$AG276<>\"\",ORÇAMENTO.CustoUnitario>$AG276),AND(TIPOORCAMENTO=\"LICITADO\",ORÇAMENTO.PrecoUnitarioLicitado>$AN276)),\"ACIMA REF.\",\nIF(AND($C276=\"S\",$P276<>\"\",$Q276<>\"\",$T276=0,$U276>0),\"QUANT.\",\nIF(AND(Import.TipoArredondamento=\"TransfereGOV\",$L276=\"F\",$C276=\"S\",LEN($Q276)>13),\"Código >13\",\nIF(AND(Import.TipoArredondamento=\"TransfereGOV\",$L276=\"F\",$C276<>\"S\",LEN($R276)>100),\"Descrição >100\",\nIF(AND(Import.TipoArredondamento=\"TransfereGOV\",$L276=\"F\",$C276=\"S\",LEN($R276)>500),\"Descrição >500\",\nIF(AND(Import.TipoArredondamento=\"TransfereGOV\",$L276=\"F\",$C276=\"S\",LEFT(TRIM(UPPER($P276)),6)<>\"SINAPI\",ISNA(VLOOKUP(TRIM(UPPER($S276)),ListaTgov.Unidades,1,FALSE))),\"Unid. Não Disp\",\n\" \"))))))))))))))))","v":" "},{"$f":"IF(C276<=CRONO.NivelExibicao,MAX($AD$15:OFFSET(AD276,-1,0))+IF($C276<>1,1,MAX(1,COUNTIF(QCI!$A$13:$A$36,OFFSET($E276,-1,0)))),\"\")","v":""},{"$f":"IF(AND($C276=\"S\",ORÇAMENTO.CodBarra<>\"\"),IF(ORÇAMENTO.Fonte=\"\",ORÇAMENTO.CodBarra,CONCATENATE(ORÇAMENTO.Fonte,\" \",ORÇAMENTO.CodBarra)))","v":"Composição COMP58"},{"$f":"IF(ISERROR(ORÇAMENTO.BancoRef),\"(abra o arquivo 'Referência \"&Excel_BuiltIn_Database&\".xlsm)\",IF(OR($C276<>\"S\",ORÇAMENTO.CodBarra=\"\"),\"(Sem Código)\",IF(ISERROR(MATCH($AE276,INDIRECT(ORÇAMENTO.BancoRef),0)),\"(Código não identificado nas referências)\",MATCH($AE276,INDIRECT(ORÇAMENTO.BancoRef),0))))","v":60},{"$f":"ROUND(IF(DESONERACAO=\"sim\",REFERENCIA.Desonerado,REFERENCIA.NaoDesonerado),2)","v":112.22},0.25290000000000001,null,null,null,null,15170.74,{"$f":"ROUND(ORÇAMENTO.CustoUnitario*(1+$AH276),2)","v":140.6}]
["S",2,"S",0,{"$f":"IF($C277=1,OFFSET(E277,-1,0)+MAX(1,COUNTIF(QCI!$A$13:$A$36,OFFSET(ORÇAMENTO!E277,-1,0))),OFFSET(E277,-1,0))","v":16},2,0,0,22,0,{"$f":"IF(OR($C277=\"S\",$C277=0),0,MATCH(OFFSET($D277,0,$C277)+IF($C277<>1,1,COUNTIF(QCI!$A$13:$A$36,ORÇAMENTO!E277)),OFFSET($D277,1,$C277,ROW($C$472)-ROW($C277)),0))","v":0},"F","Serviço","Serviço","16.2.0.22.","Composição","COMP59",{"$f":"IF($C277=\"S\",REFERENCIA.Descricao,\"(digite a descrição aqui)\")","v":"TUBO DE PVC RÍGIDO PXB COM VIROLA E ANEL DE BORRACHA, LINHA ESGOTO SÉRIE REFORÇADA ´R´, DN= 50 MM, INCLUSIVE CONEXÕES"},{"$f":"REFERENCIA.Unidade","v":"M"},{"$f":"OFFSET(CÁLCULO!H$15,ROW($T277)-ROW(T$15),0)","v":40.6},54.42,"BDI 1",{"$f":"IF($C277=\"S\",ROUND(IF(TIPOORCAMENTO=\"Proposto\",ORÇAMENTO.CustoUnitario*(1+$AH277),ORÇAMENTO.PrecoUnitarioLicitado),15-13*$AF$10),0)","v":68.180000000000007},{"$f":"IF($C277=\"S\",IF(OR(Import.TipoArredondamento<>\"TransfereGOV\",ACOMPANHAMENTO=\"BM\"),VTOTAL1,SUM(OFFSET(CÁLCULO!$AI$15,ROW($X277)-ROW($X$15),1):OFFSET(CÁLCULO!$BB$15,ROW($X277)-ROW($X$15),-1))),IF($C277=0,0,ROUND(SomaAgrup,15-13*$AF$11)))","v":2768.11},"RA","RA",{"$f":"IF($C277=\"S\",IF($Z277=\"CP\",$X277,IF($Z277=\"RA\",(($X277)*QCI!$AA$3),0)),SomaAgrup)","v":239.53481029634395},{"$f":"IF($C277=\"S\",IF($Z277=\"OU\",ROUND($X277,2),0),SomaAgrup)","v":0},{"$f":"IF($N277=\"\",\" \",\nIF(AND($C277<>\"S\",OR($R277=\"\",$R277=\"(digite a descrição aqui)\")),\"DESCRIÇÃO\",\nIF(AND($C277=\"S\",OR($Q277<>\"\",$T277>0,$U277>0),$P277=\"\"),\"FONTE\",\nIF(AND($C277=\"S\",$P277<>\"\",OR($T277>0,$U277>0),$Q277=\"\"),\"CÓDIGO\",\nIF(AND($C277=\"S\",$P277<>\"\",$Q277<>\"\",$R277=\"(Código não identificado nas referências)\"),\"CÓDIGO N/ID\",\nIF(AND($C277=\"S\",OR($R277=\"\",$R277=\"(digite a descrição aqui)\"),OR($Q277<>\"\",$T277>0,$U277>0)),\"DESCRIÇÃO\",\nIF(AND($C277=\"S\",$P277<>\"\",$Q277<>\"\",$S277=\"\"),\"UNIDADE\",\nIF(AND($C277=\"S\",$P277<>\"\",$Q277<>\"\",$U277=0),\"SEM CUSTO\",\nIF(AND(TIPOORCAMENTO=\"Licitado\",$AL277=0,$AN277>0),\"SEM PREÇO\",\nIF(AND($C277=\"S\",$P277<>\"\",$Q277<>\"\",$U277>0,AND($V277<>\"BDI 1\",$V277<>\"BDI 2\",$V277<>\"BDI 3\")),IF(ISNUMBER($V277),\"JUSTIFICAR BDI\",\"BDI\"),\nIF(OR(AND(import.recurso=\"OGU\",TIPOORCAMENTO=\"Proposto\",LEFT($O$8,5)<>\"(N/D:\",$AG277<>\"\",ORÇAMENTO.CustoUnitario>$AG277),AND(TIPOORCAMENTO=\"LICITADO\",ORÇAMENTO.PrecoUnitarioLicitado>$AN277)),\"ACIMA REF.\",\nIF(AND($C277=\"S\",$P277<>\"\",$Q277<>\"\",$T277=0,$U277>0),\"QUANT.\",\nIF(AND(Import.TipoArredondamento=\"TransfereGOV\",$L277=\"F\",$C277=\"S\",LEN($Q277)>13),\"Código >13\",\nIF(AND(Import.TipoArredondamento=\"TransfereGOV\",$L277=\"F\",$C277<>\"S\",LEN($R277)>100),\"Descrição >100\",\nIF(AND(Import.TipoArredondamento=\"TransfereGOV\",$L277=\"F\",$C277=\"S\",LEN($R277)>500),\"Descrição >500\",\nIF(AND(Import.TipoArredondamento=\"TransfereGOV\",$L277=\"F\",$C277=\"S\",LEFT(TRIM(UPPER($P277)),6)<>\"SINAPI\",ISNA(VLOOKUP(TRIM(UPPER($S277)),ListaTgov.Unidades,1,FALSE))),\"Unid. Não Disp\",\n\" \"))))))))))))))))","v":" "},{"$f":"IF(C277<=CRONO.NivelExibicao,MAX($AD$15:OFFSET(AD277,-1,0))+IF($C277<>1,1,MAX(1,COUNTIF(QCI!$A$13:$A$36,OFFSET($E277,-1,0)))),\"\")","v":""},{"$f":"IF(AND($C277=\"S\",ORÇAMENTO.CodBarra<>\"\"),IF(ORÇAMENTO.Fonte=\"\",ORÇAMENTO.CodBarra,CONCATENATE(ORÇAMENTO.Fonte,\" \",ORÇAMENTO.CodBarra)))","v":"Composição COMP59"},{"$f":"IF(ISERROR(ORÇAMENTO.BancoRef),\"(abra o arquivo 'Referência \"&Excel_BuiltIn_Database&\".xlsm)\",IF(OR($C277<>\"S\",ORÇAMENTO.CodBarra=\"\"),\"(Sem Código)\",IF(ISERROR(MATCH($AE277,INDIRECT(ORÇAMENTO.BancoRef),0)),\"(Código não identificado nas referências)\",MATCH($AE277,INDIRECT(ORÇAMENTO.BancoRef),0))))","v":61},{"$f":"ROUND(IF(DESONERACAO=\"sim\",REFERENCIA.Desonerado,REFERENCIA.NaoDesonerado),2)","v":54.42},0.25290000000000001,null,null,null,null,2768.11,{"$f":"ROUND(ORÇAMENTO.CustoUnitario*(1+$AH277),2)","v":68.180000000000007}]
["S",2,"S",0,{"$f":"IF($C278=1,OFFSET(E278,-1,0)+MAX(1,COUNTIF(QCI!$A$13:$A$36,OFFSET(ORÇAMENTO!E278,-1,0))),OFFSET(E278,-1,0))","v":16},2,0,0,23,0,{"$f":"IF(OR($C278=\"S\",$C278=0),0,MATCH(OFFSET($D278,0,$C278)+IF($C278<>1,1,COUNTIF(QCI!$A$13:$A$36,ORÇAMENTO!E278)),OFFSET($D278,1,$C278,ROW($C$472)-ROW($C278)),0))","v":0},"F","Serviço","Serviço","16.2.0.23.","Composição","COMP60",{"$f":"IF($C278=\"S\",REFERENCIA.Descricao,\"(digite a descrição aqui)\")","v":"TUBO DE PVC RÍGIDO PXB COM VIROLA E ANEL DE BORRACHA, LINHA ESGOTO SÉRIE REFORÇADA ´R´, DN= 75 MM, INCLUSIVE CONEXÕES"},{"$f":"REFERENCIA.Unidade","v":"M"},{"$f":"OFFSET(CÁLCULO!H$15,ROW($T278)-ROW(T$15),0)","v":25.6},93.78,"BDI 1",{"$f":"IF($C278=\"S\",ROUND(IF(TIPOORCAMENTO=\"Proposto\",ORÇAMENTO.CustoUnitario*(1+$AH278),ORÇAMENTO.PrecoUnitarioLicitado),15-13*$AF$10),0)","v":117.5},{"$f":"IF($C278=\"S\",IF(OR(Import.TipoArredondamento<>\"TransfereGOV\",ACOMPANHAMENTO=\"BM\"),VTOTAL1,SUM(OFFSET(CÁLCULO!$AI$15,ROW($X278)-ROW($X$15),1):OFFSET(CÁLCULO!$BB$15,ROW($X278)-ROW($X$15),-1))),IF($C278=0,0,ROUND(SomaAgrup,15-13*$AF$11)))","v":3008},"RA","RA",{"$f":"IF($C278=\"S\",IF($Z278=\"CP\",$X278,IF($Z278=\"RA\",(($X278)*QCI!$AA$3),0)),SomaAgrup)","v":260.29338045504062},{"$f":"IF($C278=\"S\",IF($Z278=\"OU\",ROUND($X278,2),0),SomaAgrup)","v":0},{"$f":"IF($N278=\"\",\" \",\nIF(AND($C278<>\"S\",OR($R278=\"\",$R278=\"(digite a descrição aqui)\")),\"DESCRIÇÃO\",\nIF(AND($C278=\"S\",OR($Q278<>\"\",$T278>0,$U278>0),$P278=\"\"),\"FONTE\",\nIF(AND($C278=\"S\",$P278<>\"\",OR($T278>0,$U278>0),$Q278=\"\"),\"CÓDIGO\",\nIF(AND($C278=\"S\",$P278<>\"\",$Q278<>\"\",$R278=\"(Código não identificado nas referências)\"),\"CÓDIGO N/ID\",\nIF(AND($C278=\"S\",OR($R278=\"\",$R278=\"(digite a descrição aqui)\"),OR($Q278<>\"\",$T278>0,$U278>0)),\"DESCRIÇÃO\",\nIF(AND($C278=\"S\",$P278<>\"\",$Q278<>\"\",$S278=\"\"),\"UNIDADE\",\nIF(AND($C278=\"S\",$P278<>\"\",$Q278<>\"\",$U278=0),\"SEM CUSTO\",\nIF(AND(TIPOORCAMENTO=\"Licitado\",$AL278=0,$AN278>0),\"SEM PREÇO\",\nIF(AND($C278=\"S\",$P278<>\"\",$Q278<>\"\",$U278>0,AND($V278<>\"BDI 1\",$V278<>\"BDI 2\",$V278<>\"BDI 3\")),IF(ISNUMBER($V278),\"JUSTIFICAR BDI\",\"BDI\"),\nIF(OR(AND(import.recurso=\"OGU\",TIPOORCAMENTO=\"Proposto\",LEFT($O$8,5)<>\"(N/D:\",$AG278<>\"\",ORÇAMENTO.CustoUnitario>$AG278),AND(TIPOORCAMENTO=\"LICITADO\",ORÇAMENTO.PrecoUnitarioLicitado>$AN278)),\"ACIMA REF.\",\nIF(AND($C278=\"S\",$P278<>\"\",$Q278<>\"\",$T278=0,$U278>0),\"QUANT.\",\nIF(AND(Import.TipoArredondamento=\"TransfereGOV\",$L278=\"F\",$C278=\"S\",LEN($Q278)>13),\"Código >13\",\nIF(AND(Import.TipoArredondamento=\"TransfereGOV\",$L278=\"F\",$C278<>\"S\",LEN($R278)>100),\"Descrição >100\",\nIF(AND(Import.TipoArredondamento=\"TransfereGOV\",$L278=\"F\",$C278=\"S\",LEN($R278)>500),\"Descrição >500\",\nIF(AND(Import.TipoArredondamento=\"TransfereGOV\",$L278=\"F\",$C278=\"S\",LEFT(TRIM(UPPER($P278)),6)<>\"SINAPI\",ISNA(VLOOKUP(TRIM(UPPER($S278)),ListaTgov.Unidades,1,FALSE))),\"Unid. Não Disp\",\n\" \"))))))))))))))))","v":" "},{"$f":"IF(C278<=CRONO.NivelExibicao,MAX($AD$15:OFFSET(AD278,-1,0))+IF($C278<>1,1,MAX(1,COUNTIF(QCI!$A$13:$A$36,OFFSET($E278,-1,0)))),\"\")","v":""},{"$f":"IF(AND($C278=\"S\",ORÇAMENTO.CodBarra<>\"\"),IF(ORÇAMENTO.Fonte=\"\",ORÇAMENTO.CodBarra,CONCATENATE(ORÇAMENTO.Fonte,\" \",ORÇAMENTO.CodBarra)))","v":"Composição COMP60"},{"$f":"IF(ISERROR(ORÇAMENTO.BancoRef),\"(abra o arquivo 'Referência \"&Excel_BuiltIn_Database&\".xlsm)\",IF(OR($C278<>\"S\",ORÇAMENTO.CodBarra=\"\"),\"(Sem Código)\",IF(ISERROR(MATCH($AE278,INDIRECT(ORÇAMENTO.BancoRef),0)),\"(Código não identificado nas referências)\",MATCH($AE278,INDIRECT(ORÇAMENTO.BancoRef),0))))","v":62},{"$f":"ROUND(IF(DESONERACAO=\"sim\",REFERENCIA.Desonerado,REFERENCIA.NaoDesonerado),2)","v":93.78},0.25290000000000001,null,null,null,null,{"$f":"$X278","v":3008},{"$f":"ROUND(ORÇAMENTO.CustoUnitario*(1+$AH278),2)","v":117.5}]
["S",2,"S",0,{"$f":"IF($C279=1,OFFSET(E279,-1,0)+MAX(1,COUNTIF(QCI!$A$13:$A$36,OFFSET(ORÇAMENTO!E279,-1,0))),OFFSET(E279,-1,0))","v":16},2,0,0,24,0,{"$f":"IF(OR($C279=\"S\",$C279=0),0,MATCH(OFFSET($D279,0,$C279)+IF($C279<>1,1,COUNTIF(QCI!$A$13:$A$36,ORÇAMENTO!E279)),OFFSET($D279,1,$C279,ROW($C$472)-ROW($C279)),0))","v":0},"F","Serviço","Serviço","16.2.0.24.","Composição","COMP61",{"$f":"IF($C279=\"S\",REFERENCIA.Descricao,\"(digite a descrição aqui)\")","v":"TUBO DE PVC RÍGIDO SOLDÁVEL MARROM, DN= 40 MM, (1 1/4´), INCLUSIVE CONEXÕES"},{"$f":"REFERENCIA.Unidade","v":"M"},{"$f":"OFFSET(CÁLCULO!H$15,ROW($T279)-ROW(T$15),0)","v":60.2},47.94,"BDI 1",{"$f":"IF($C279=\"S\",ROUND(IF(TIPOORCAMENTO=\"Proposto\",ORÇAMENTO.CustoUnitario*(1+$AH279),ORÇAMENTO.PrecoUnitarioLicitado),15-13*$AF$10),0)","v":60.06},{"$f":"IF($C279=\"S\",IF(OR(Import.TipoArredondamento<>\"TransfereGOV\",ACOMPANHAMENTO=\"BM\"),VTOTAL1,SUM(OFFSET(CÁLCULO!$AI$15,ROW($X279)-ROW($X$15),1):OFFSET(CÁLCULO!$BB$15,ROW($X279)-ROW($X$15),-1))),IF($C279=0,0,ROUND(SomaAgrup,15-13*$AF$11)))","v":3615.61},"RA","RA",{"$f":"IF($C279=\"S\",IF($Z279=\"CP\",$X279,IF($Z279=\"RA\",(($X279)*QCI!$AA$3),0)),SomaAgrup)","v":312.87212410473722},{"$f":"IF($C279=\"S\",IF($Z279=\"OU\",ROUND($X279,2),0),SomaAgrup)","v":0},{"$f":"IF($N279=\"\",\" \",\nIF(AND($C279<>\"S\",OR($R279=\"\",$R279=\"(digite a descrição aqui)\")),\"DESCRIÇÃO\",\nIF(AND($C279=\"S\",OR($Q279<>\"\",$T279>0,$U279>0),$P279=\"\"),\"FONTE\",\nIF(AND($C279=\"S\",$P279<>\"\",OR($T279>0,$U279>0),$Q279=\"\"),\"CÓDIGO\",\nIF(AND($C279=\"S\",$P279<>\"\",$Q279<>\"\",$R279=\"(Código não identificado nas referências)\"),\"CÓDIGO N/ID\",\nIF(AND($C279=\"S\",OR($R279=\"\",$R279=\"(digite a descrição aqui)\"),OR($Q279<>\"\",$T279>0,$U279>0)),\"DESCRIÇÃO\",\nIF(AND($C279=\"S\",$P279<>\"\",$Q279<>\"\",$S279=\"\"),\"UNIDADE\",\nIF(AND($C279=\"S\",$P279<>\"\",$Q279<>\"\",$U279=0),\"SEM CUSTO\",\nIF(AND(TIPOORCAMENTO=\"Licitado\",$AL279=0,$AN279>0),\"SEM PREÇO\",\nIF(AND($C279=\"S\",$P279<>\"\",$Q279<>\"\",$U279>0,AND($V279<>\"BDI 1\",$V279<>\"BDI 2\",$V279<>\"BDI 3\")),IF(ISNUMBER($V279),\"JUSTIFICAR BDI\",\"BDI\"),\nIF(OR(AND(import.recurso=\"OGU\",TIPOORCAMENTO=\"Proposto\",LEFT($O$8,5)<>\"(N/D:\",$AG279<>\"\",ORÇAMENTO.CustoUnitario>$AG279),AND(TIPOORCAMENTO=\"LICITADO\",ORÇAMENTO.PrecoUnitarioLicitado>$AN279)),\"ACIMA REF.\",\nIF(AND($C279=\"S\",$P279<>\"\",$Q279<>\"\",$T279=0,$U279>0),\"QUANT.\",\nIF(AND(Import.TipoArredondamento=\"TransfereGOV\",$L279=\"F\",$C279=\"S\",LEN($Q279)>13),\"Código >13\",\nIF(AND(Import.TipoArredondamento=\"TransfereGOV\",$L279=\"F\",$C279<>\"S\",LEN($R279)>100),\"Descrição >100\",\nIF(AND(Import.TipoArredondamento=\"TransfereGOV\",$L279=\"F\",$C279=\"S\",LEN($R279)>500),\"Descrição >500\",\nIF(AND(Import.TipoArredondamento=\"TransfereGOV\",$L279=\"F\",$C279=\"S\",LEFT(TRIM(UPPER($P279)),6)<>\"SINAPI\",ISNA(VLOOKUP(TRIM(UPPER($S279)),ListaTgov.Unidades,1,FALSE))),\"Unid. Não Disp\",\n\" \"))))))))))))))))","v":" "},{"$f":"IF(C279<=CRONO.NivelExibicao,MAX($AD$15:OFFSET(AD279,-1,0))+IF($C279<>1,1,MAX(1,COUNTIF(QCI!$A$13:$A$36,OFFSET($E279,-1,0)))),\"\")","v":""},{"$f":"IF(AND($C279=\"S\",ORÇAMENTO.CodBarra<>\"\"),IF(ORÇAMENTO.Fonte=\"\",ORÇAMENTO.CodBarra,CONCATENATE(ORÇAMENTO.Fonte,\" \",ORÇAMENTO.CodBarra)))","v":"Composição COMP61"},{"$f":"IF(ISERROR(ORÇAMENTO.BancoRef),\"(abra o arquivo 'Referência \"&Excel_BuiltIn_Database&\".xlsm)\",IF(OR($C279<>\"S\",ORÇAMENTO.CodBarra=\"\"),\"(Sem Código)\",IF(ISERROR(MATCH($AE279,INDIRECT(ORÇAMENTO.BancoRef),0)),\"(Código não identificado nas referências)\",MATCH($AE279,INDIRECT(ORÇAMENTO.BancoRef),0))))","v":63},{"$f":"ROUND(IF(DESONERACAO=\"sim\",REFERENCIA.Desonerado,REFERENCIA.NaoDesonerado),2)","v":47.94},0.25290000000000001,null,null,null,null,3615.61,{"$f":"ROUND(ORÇAMENTO.CustoUnitario*(1+$AH279),2)","v":60.06}]
["S",2,"S",0,{"$f":"IF($C280=1,OFFSET(E280,-1,0)+MAX(1,COUNTIF(QCI!$A$13:$A$36,OFFSET(ORÇAMENTO!E280,-1,0))),OFFSET(E280,-1,0))","v":16},2,0,0,25,0,{"$f":"IF(OR($C280=\"S\",$C280=0),0,MATCH(OFFSET($D280,0,$C280)+IF($C280<>1,1,COUNTIF(QCI!$A$13:$A$36,ORÇAMENTO!E280)),OFFSET($D280,1,$C280,ROW($C$472)-ROW($C280)),0))","v":0},"F","Serviço","Serviço","16.2.0.25.","Composição","COMP62",{"$f":"IF($C280=\"S\",REFERENCIA.Descricao,\"(digite a descrição aqui)\")","v":"TUBO DE PVC RÍGIDO BRANCO, PONTAS LISAS, SOLDÁVEL, LINHA ESGOTO SÉRIE NORMAL, DN= 40 MM, INCLUSIVE CONEXÕES"},{"$f":"REFERENCIA.Unidade","v":"M"},{"$f":"OFFSET(CÁLCULO!H$15,ROW($T280)-ROW(T$15),0)","v":17.399999999999999},37.29,"BDI 1",{"$f":"IF($C280=\"S\",ROUND(IF(TIPOORCAMENTO=\"Proposto\",ORÇAMENTO.CustoUnitario*(1+$AH280),ORÇAMENTO.PrecoUnitarioLicitado),15-13*$AF$10),0)","v":46.72},{"$f":"IF($C280=\"S\",IF(OR(Import.TipoArredondamento<>\"TransfereGOV\",ACOMPANHAMENTO=\"BM\"),VTOTAL1,SUM(OFFSET(CÁLCULO!$AI$15,ROW($X280)-ROW($X$15),1):OFFSET(CÁLCULO!$BB$15,ROW($X280)-ROW($X$15),-1))),IF($C280=0,0,ROUND(SomaAgrup,15-13*$AF$11)))","v":812.93},"RA","RA",{"$f":"IF($C280=\"S\",IF($Z280=\"CP\",$X280,IF($Z280=\"RA\",(($X280)*QCI!$AA$3),0)),SomaAgrup)","v":70.345843674639681},{"$f":"IF($C280=\"S\",IF($Z280=\"OU\",ROUND($X280,2),0),SomaAgrup)","v":0},{"$f":"IF($N280=\"\",\" \",\nIF(AND($C280<>\"S\",OR($R280=\"\",$R280=\"(digite a descrição aqui)\")),\"DESCRIÇÃO\",\nIF(AND($C280=\"S\",OR($Q280<>\"\",$T280>0,$U280>0),$P280=\"\"),\"FONTE\",\nIF(AND($C280=\"S\",$P280<>\"\",OR($T280>0,$U280>0),$Q280=\"\"),\"CÓDIGO\",\nIF(AND($C280=\"S\",$P280<>\"\",$Q280<>\"\",$R280=\"(Código não identificado nas referências)\"),\"CÓDIGO N/ID\",\nIF(AND($C280=\"S\",OR($R280=\"\",$R280=\"(digite a descrição aqui)\"),OR($Q280<>\"\",$T280>0,$U280>0)),\"DESCRIÇÃO\",\nIF(AND($C280=\"S\",$P280<>\"\",$Q280<>\"\",$S280=\"\"),\"UNIDADE\",\nIF(AND($C280=\"S\",$P280<>\"\",$Q280<>\"\",$U280=0),\"SEM CUSTO\",\nIF(AND(TIPOORCAMENTO=\"Licitado\",$AL280=0,$AN280>0),\"SEM PREÇO\",\nIF(AND($C280=\"S\",$P280<>\"\",$Q280<>\"\",$U280>0,AND($V280<>\"BDI 1\",$V280<>\"BDI 2\",$V280<>\"BDI 3\")),IF(ISNUMBER($V280),\"JUSTIFICAR BDI\",\"BDI\"),\nIF(OR(AND(import.recurso=\"OGU\",TIPOORCAMENTO=\"Proposto\",LEFT($O$8,5)<>\"(N/D:\",$AG280<>\"\",ORÇAMENTO.CustoUnitario>$AG280),AND(TIPOORCAMENTO=\"LICITADO\",ORÇAMENTO.PrecoUnitarioLicitado>$AN280)),\"ACIMA REF.\",\nIF(AND($C280=\"S\",$P280<>\"\",$Q280<>\"\",$T280=0,$U280>0),\"QUANT.\",\nIF(AND(Import.TipoArredondamento=\"TransfereGOV\",$L280=\"F\",$C280=\"S\",LEN($Q280)>13),\"Código >13\",\nIF(AND(Import.TipoArredondamento=\"TransfereGOV\",$L280=\"F\",$C280<>\"S\",LEN($R280)>100),\"Descrição >100\",\nIF(AND(Import.TipoArredondamento=\"TransfereGOV\",$L280=\"F\",$C280=\"S\",LEN($R280)>500),\"Descrição >500\",\nIF(AND(Import.TipoArredondamento=\"TransfereGOV\",$L280=\"F\",$C280=\"S\",LEFT(TRIM(UPPER($P280)),6)<>\"SINAPI\",ISNA(VLOOKUP(TRIM(UPPER($S280)),ListaTgov.Unidades,1,FALSE))),\"Unid. Não Disp\",\n\" \"))))))))))))))))","v":" "},{"$f":"IF(C280<=CRONO.NivelExibicao,MAX($AD$15:OFFSET(AD280,-1,0))+IF($C280<>1,1,MAX(1,COUNTIF(QCI!$A$13:$A$36,OFFSET($E280,-1,0)))),\"\")","v":""},{"$f":"IF(AND($C280=\"S\",ORÇAMENTO.CodBarra<>\"\"),IF(ORÇAMENTO.Fonte=\"\",ORÇAMENTO.CodBarra,CONCATENATE(ORÇAMENTO.Fonte,\" \",ORÇAMENTO.CodBarra)))","v":"Composição COMP62"},{"$f":"IF(ISERROR(ORÇAMENTO.BancoRef),\"(abra o arquivo 'Referência \"&Excel_BuiltIn_Database&\".xlsm)\",IF(OR($C280<>\"S\",ORÇAMENTO.CodBarra=\"\"),\"(Sem Código)\",IF(ISERROR(MATCH($AE280,INDIRECT(ORÇAMENTO.BancoRef),0)),\"(Código não identificado nas referências)\",MATCH($AE280,INDIRECT(ORÇAMENTO.BancoRef),0))))","v":64},{"$f":"ROUND(IF(DESONERACAO=\"sim\",REFERENCIA.Desonerado,REFERENCIA.NaoDesonerado),2)","v":37.29},0.25290000000000001,null,null,null,null,812.93,{"$f":"ROUND(ORÇAMENTO.CustoUnitario*(1+$AH280),2)","v":46.72}]
["S",2,"S",0,{"$f":"IF($C281=1,OFFSET(E281,-1,0)+MAX(1,COUNTIF(QCI!$A$13:$A$36,OFFSET(ORÇAMENTO!E281,-1,0))),OFFSET(E281,-1,0))","v":16},2,0,0,26,0,{"$f":"IF(OR($C281=\"S\",$C281=0),0,MATCH(OFFSET($D281,0,$C281)+IF($C281<>1,1,COUNTIF(QCI!$A$13:$A$36,ORÇAMENTO!E281)),OFFSET($D281,1,$C281,ROW($C$472)-ROW($C281)),0))","v":0},"F","Serviço","Serviço","16.2.0.26.","Composição","COMP63",{"$f":"IF($C281=\"S\",REFERENCIA.Descricao,\"(digite a descrição aqui)\")","v":"TUBO DE PVC RÍGIDO, PONTAS LISAS, SOLDÁVEL, LINHA ESGOTO SÉRIE REFORÇADA ´R´, DN= 40 MM, INCLUSIVE CONEXÕES"},{"$f":"REFERENCIA.Unidade","v":"M"},{"$f":"OFFSET(CÁLCULO!H$15,ROW($T281)-ROW(T$15),0)","v":97.3},44.41,"BDI 1",{"$f":"IF($C281=\"S\",ROUND(IF(TIPOORCAMENTO=\"Proposto\",ORÇAMENTO.CustoUnitario*(1+$AH281),ORÇAMENTO.PrecoUnitarioLicitado),15-13*$AF$10),0)","v":55.64},{"$f":"IF($C281=\"S\",IF(OR(Import.TipoArredondamento<>\"TransfereGOV\",ACOMPANHAMENTO=\"BM\"),VTOTAL1,SUM(OFFSET(CÁLCULO!$AI$15,ROW($X281)-ROW($X$15),1):OFFSET(CÁLCULO!$BB$15,ROW($X281)-ROW($X$15),-1))),IF($C281=0,0,ROUND(SomaAgrup,15-13*$AF$11)))","v":5413.77},"RA","RA",{"$f":"IF($C281=\"S\",IF($Z281=\"CP\",$X281,IF($Z281=\"RA\",(($X281)*QCI!$AA$3),0)),SomaAgrup)","v":468.47356858579968},{"$f":"IF($C281=\"S\",IF($Z281=\"OU\",ROUND($X281,2),0),SomaAgrup)","v":0},{"$f":"IF($N281=\"\",\" \",\nIF(AND($C281<>\"S\",OR($R281=\"\",$R281=\"(digite a descrição aqui)\")),\"DESCRIÇÃO\",\nIF(AND($C281=\"S\",OR($Q281<>\"\",$T281>0,$U281>0),$P281=\"\"),\"FONTE\",\nIF(AND($C281=\"S\",$P281<>\"\",OR($T281>0,$U281>0),$Q281=\"\"),\"CÓDIGO\",\nIF(AND($C281=\"S\",$P281<>\"\",$Q281<>\"\",$R281=\"(Código não identificado nas referências)\"),\"CÓDIGO N/ID\",\nIF(AND($C281=\"S\",OR($R281=\"\",$R281=\"(digite a descrição aqui)\"),OR($Q281<>\"\",$T281>0,$U281>0)),\"DESCRIÇÃO\",\nIF(AND($C281=\"S\",$P281<>\"\",$Q281<>\"\",$S281=\"\"),\"UNIDADE\",\nIF(AND($C281=\"S\",$P281<>\"\",$Q281<>\"\",$U281=0),\"SEM CUSTO\",\nIF(AND(TIPOORCAMENTO=\"Licitado\",$AL281=0,$AN281>0),\"SEM PREÇO\",\nIF(AND($C281=\"S\",$P281<>\"\",$Q281<>\"\",$U281>0,AND($V281<>\"BDI 1\",$V281<>\"BDI 2\",$V281<>\"BDI 3\")),IF(ISNUMBER($V281),\"JUSTIFICAR BDI\",\"BDI\"),\nIF(OR(AND(import.recurso=\"OGU\",TIPOORCAMENTO=\"Proposto\",LEFT($O$8,5)<>\"(N/D:\",$AG281<>\"\",ORÇAMENTO.CustoUnitario>$AG281),AND(TIPOORCAMENTO=\"LICITADO\",ORÇAMENTO.PrecoUnitarioLicitado>$AN281)),\"ACIMA REF.\",\nIF(AND($C281=\"S\",$P281<>\"\",$Q281<>\"\",$T281=0,$U281>0),\"QUANT.\",\nIF(AND(Import.TipoArredondamento=\"TransfereGOV\",$L281=\"F\",$C281=\"S\",LEN($Q281)>13),\"Código >13\",\nIF(AND(Import.TipoArredondamento=\"TransfereGOV\",$L281=\"F\",$C281<>\"S\",LEN($R281)>100),\"Descrição >100\",\nIF(AND(Import.TipoArredondamento=\"TransfereGOV\",$L281=\"F\",$C281=\"S\",LEN($R281)>500),\"Descrição >500\",\nIF(AND(Import.TipoArredondamento=\"TransfereGOV\",$L281=\"F\",$C281=\"S\",LEFT(TRIM(UPPER($P281)),6)<>\"SINAPI\",ISNA(VLOOKUP(TRIM(UPPER($S281)),ListaTgov.Unidades,1,FALSE))),\"Unid. Não Disp\",\n\" \"))))))))))))))))","v":" "},{"$f":"IF(C281<=CRONO.NivelExibicao,MAX($AD$15:OFFSET(AD281,-1,0))+IF($C281<>1,1,MAX(1,COUNTIF(QCI!$A$13:$A$36,OFFSET($E281,-1,0)))),\"\")","v":""},{"$f":"IF(AND($C281=\"S\",ORÇAMENTO.CodBarra<>\"\"),IF(ORÇAMENTO.Fonte=\"\",ORÇAMENTO.CodBarra,CONCATENATE(ORÇAMENTO.Fonte,\" \",ORÇAMENTO.CodBarra)))","v":"Composição COMP63"},{"$f":"IF(ISERROR(ORÇAMENTO.BancoRef),\"(abra o arquivo 'Referência \"&Excel_BuiltIn_Database&\".xlsm)\",IF(OR($C281<>\"S\",ORÇAMENTO.CodBarra=\"\"),\"(Sem Código)\",IF(ISERROR(MATCH($AE281,INDIRECT(ORÇAMENTO.BancoRef),0)),\"(Código não identificado nas referências)\",MATCH($AE281,INDIRECT(ORÇAMENTO.BancoRef),0))))","v":65},{"$f":"ROUND(IF(DESONERACAO=\"sim\",REFERENCIA.Desonerado,REFERENCIA.NaoDesonerado),2)","v":44.41},0.25290000000000001,null,null,null,null,5413.77,{"$f":"ROUND(ORÇAMENTO.CustoUnitario*(1+$AH281),2)","v":55.64}]
["S",2,"S",0,{"$f":"IF($C282=1,OFFSET(E282,-1,0)+MAX(1,COUNTIF(QCI!$A$13:$A$36,OFFSET(ORÇAMENTO!E282,-1,0))),OFFSET(E282,-1,0))","v":16},2,0,0,27,0,{"$f":"IF(OR($C282=\"S\",$C282=0),0,MATCH(OFFSET($D282,0,$C282)+IF($C282<>1,1,COUNTIF(QCI!$A$13:$A$36,ORÇAMENTO!E282)),OFFSET($D282,1,$C282,ROW($C$472)-ROW($C282)),0))","v":0},"F","Serviço","Serviço","16.2.0.27.","SINAPI","89782",{"$f":"IF($C282=\"S\",REFERENCIA.Descricao,\"(digite a descrição aqui)\")","v":"TE, PVC, SERIE NORMAL, ESGOTO PREDIAL, DN 40 X 40 MM, JUNTA SOLDÁVEL, FORNECIDO E INSTALADO EM RAMAL DE DESCARGA OU RAMAL DE ESGOTO SANITÁRIO. AF_08/2022"},{"$f":"REFERENCIA.Unidade","v":"UN"},{"$f":"OFFSET(CÁLCULO!H$15,ROW($T282)-ROW(T$15),0)","v":1},15.61,"BDI 1",{"$f":"IF($C282=\"S\",ROUND(IF(TIPOORCAMENTO=\"Proposto\",ORÇAMENTO.CustoUnitario*(1+$AH282),ORÇAMENTO.PrecoUnitarioLicitado),15-13*$AF$10),0)","v":19.559999999999999},{"$f":"IF($C282=\"S\",IF(OR(Import.TipoArredondamento<>\"TransfereGOV\",ACOMPANHAMENTO=\"BM\"),VTOTAL1,SUM(OFFSET(CÁLCULO!$AI$15,ROW($X282)-ROW($X$15),1):OFFSET(CÁLCULO!$BB$15,ROW($X282)-ROW($X$15),-1))),IF($C282=0,0,ROUND(SomaAgrup,15-13*$AF$11)))","v":19.559999999999999},"RA","RA",{"$f":"IF($C282=\"S\",IF($Z282=\"CP\",$X282,IF($Z282=\"RA\",(($X282)*QCI!$AA$3),0)),SomaAgrup)","v":1.6925992425866339},{"$f":"IF($C282=\"S\",IF($Z282=\"OU\",ROUND($X282,2),0),SomaAgrup)","v":0},{"$f":"IF($N282=\"\",\" \",\nIF(AND($C282<>\"S\",OR($R282=\"\",$R282=\"(digite a descrição aqui)\")),\"DESCRIÇÃO\",\nIF(AND($C282=\"S\",OR($Q282<>\"\",$T282>0,$U282>0),$P282=\"\"),\"FONTE\",\nIF(AND($C282=\"S\",$P282<>\"\",OR($T282>0,$U282>0),$Q282=\"\"),\"CÓDIGO\",\nIF(AND($C282=\"S\",$P282<>\"\",$Q282<>\"\",$R282=\"(Código não identificado nas referências)\"),\"CÓDIGO N/ID\",\nIF(AND($C282=\"S\",OR($R282=\"\",$R282=\"(digite a descrição aqui)\"),OR($Q282<>\"\",$T282>0,$U282>0)),\"DESCRIÇÃO\",\nIF(AND($C282=\"S\",$P282<>\"\",$Q282<>\"\",$S282=\"\"),\"UNIDADE\",\nIF(AND($C282=\"S\",$P282<>\"\",$Q282<>\"\",$U282=0),\"SEM CUSTO\",\nIF(AND(TIPOORCAMENTO=\"Licitado\",$AL282=0,$AN282>0),\"SEM PREÇO\",\nIF(AND($C282=\"S\",$P282<>\"\",$Q282<>\"\",$U282>0,AND($V282<>\"BDI 1\",$V282<>\"BDI 2\",$V282<>\"BDI 3\")),IF(ISNUMBER($V282),\"JUSTIFICAR BDI\",\"BDI\"),\nIF(OR(AND(import.recurso=\"OGU\",TIPOORCAMENTO=\"Proposto\",LEFT($O$8,5)<>\"(N/D:\",$AG282<>\"\",ORÇAMENTO.CustoUnitario>$AG282),AND(TIPOORCAMENTO=\"LICITADO\",ORÇAMENTO.PrecoUnitarioLicitado>$AN282)),\"ACIMA REF.\",\nIF(AND($C282=\"S\",$P282<>\"\",$Q282<>\"\",$T282=0,$U282>0),\"QUANT.\",\nIF(AND(Import.TipoArredondamento=\"TransfereGOV\",$L282=\"F\",$C282=\"S\",LEN($Q282)>13),\"Código >13\",\nIF(AND(Import.TipoArredondamento=\"TransfereGOV\",$L282=\"F\",$C282<>\"S\",LEN($R282)>100),\"Descrição >100\",\nIF(AND(Import.TipoArredondamento=\"TransfereGOV\",$L282=\"F\",$C282=\"S\",LEN($R282)>500),\"Descrição >500\",\nIF(AND(Import.TipoArredondamento=\"TransfereGOV\",$L282=\"F\",$C282=\"S\",LEFT(TRIM(UPPER($P282)),6)<>\"SINAPI\",ISNA(VLOOKUP(TRIM(UPPER($S282)),ListaTgov.Unidades,1,FALSE))),\"Unid. Não Disp\",\n\" \"))))))))))))))))","v":" "},{"$f":"IF(C282<=CRONO.NivelExibicao,MAX($AD$15:OFFSET(AD282,-1,0))+IF($C282<>1,1,MAX(1,COUNTIF(QCI!$A$13:$A$36,OFFSET($E282,-1,0)))),\"\")","v":""},{"$f":"IF(AND($C282=\"S\",ORÇAMENTO.CodBarra<>\"\"),IF(ORÇAMENTO.Fonte=\"\",ORÇAMENTO.CodBarra,CONCATENATE(ORÇAMENTO.Fonte,\" \",ORÇAMENTO.CodBarra)))","v":"SINAPI 89782"},{"$f":"IF(ISERROR(ORÇAMENTO.BancoRef),\"(abra o arquivo 'Referência \"&Excel_BuiltIn_Database&\".xlsm)\",IF(OR($C282<>\"S\",ORÇAMENTO.CodBarra=\"\"),\"(Sem Código)\",IF(ISERROR(MATCH($AE282,INDIRECT(ORÇAMENTO.BancoRef),0)),\"(Código não identificado nas referências)\",MATCH($AE282,INDIRECT(ORÇAMENTO.BancoRef),0))))","v":11703},{"$f":"ROUND(IF(DESONERACAO=\"sim\",REFERENCIA.Desonerado,REFERENCIA.NaoDesonerado),2)","v":15.61},0.25290000000000001,null,null,null,null,19.559999999999999,{"$f":"ROUND(ORÇAMENTO.CustoUnitario*(1+$AH282),2)","v":19.559999999999999}]
["S",2,"S",0,{"$f":"IF($C283=1,OFFSET(E283,-1,0)+MAX(1,COUNTIF(QCI!$A$13:$A$36,OFFSET(ORÇAMENTO!E283,-1,0))),OFFSET(E283,-1,0))","v":16},2,0,0,28,0,{"$f":"IF(OR($C283=\"S\",$C283=0),0,MATCH(OFFSET($D283,0,$C283)+IF($C283<>1,1,COUNTIF(QCI!$A$13:$A$36,ORÇAMENTO!E283)),OFFSET($D283,1,$C283,ROW($C$472)-ROW($C283)),0))","v":0},"F","Serviço","Serviço","16.2.0.28.","Composição","COMP64",{"$f":"IF($C283=\"S\",REFERENCIA.Descricao,\"(digite a descrição aqui)\")","v":"VEDAÇÃO PARA SAÍDA DE VASO SANITÁRIO EM  PVC RÍGIDO SOLDÁVEL, PARA ESGOTO PRIMÁRIO, DIÂM = 100MM"},{"$f":"REFERENCIA.Unidade","v":"UN"},{"$f":"OFFSET(CÁLCULO!H$15,ROW($T283)-ROW(T$15),0)","v":8},28.12,"BDI 1",{"$f":"IF($C283=\"S\",ROUND(IF(TIPOORCAMENTO=\"Proposto\",ORÇAMENTO.CustoUnitario*(1+$AH283),ORÇAMENTO.PrecoUnitarioLicitado),15-13*$AF$10),0)","v":35.229999999999997},{"$f":"IF($C283=\"S\",IF(OR(Import.TipoArredondamento<>\"TransfereGOV\",ACOMPANHAMENTO=\"BM\"),VTOTAL1,SUM(OFFSET(CÁLCULO!$AI$15,ROW($X283)-ROW($X$15),1):OFFSET(CÁLCULO!$BB$15,ROW($X283)-ROW($X$15),-1))),IF($C283=0,0,ROUND(SomaAgrup,15-13*$AF$11)))","v":281.83999999999997},"RA","RA",{"$f":"IF($C283=\"S\",IF($Z283=\"CP\",$X283,IF($Z283=\"RA\",(($X283)*QCI!$AA$3),0)),SomaAgrup)","v":24.388659025082664},{"$f":"IF($C283=\"S\",IF($Z283=\"OU\",ROUND($X283,2),0),SomaAgrup)","v":0},{"$f":"IF($N283=\"\",\" \",\nIF(AND($C283<>\"S\",OR($R283=\"\",$R283=\"(digite a descrição aqui)\")),\"DESCRIÇÃO\",\nIF(AND($C283=\"S\",OR($Q283<>\"\",$T283>0,$U283>0),$P283=\"\"),\"FONTE\",\nIF(AND($C283=\"S\",$P283<>\"\",OR($T283>0,$U283>0),$Q283=\"\"),\"CÓDIGO\",\nIF(AND($C283=\"S\",$P283<>\"\",$Q283<>\"\",$R283=\"(Código não identificado nas referências)\"),\"CÓDIGO N/ID\",\nIF(AND($C283=\"S\",OR($R283=\"\",$R283=\"(digite a descrição aqui)\"),OR($Q283<>\"\",$T283>0,$U283>0)),\"DESCRIÇÃO\",\nIF(AND($C283=\"S\",$P283<>\"\",$Q283<>\"\",$S283=\"\"),\"UNIDADE\",\nIF(AND($C283=\"S\",$P283<>\"\",$Q283<>\"\",$U283=0),\"SEM CUSTO\",\nIF(AND(TIPOORCAMENTO=\"Licitado\",$AL283=0,$AN283>0),\"SEM PREÇO\",\nIF(AND($C283=\"S\",$P283<>\"\",$Q283<>\"\",$U283>0,AND($V283<>\"BDI 1\",$V283<>\"BDI 2\",$V283<>\"BDI 3\")),IF(ISNUMBER($V283),\"JUSTIFICAR BDI\",\"BDI\"),\nIF(OR(AND(import.recurso=\"OGU\",TIPOORCAMENTO=\"Proposto\",LEFT($O$8,5)<>\"(N/D:\",$AG283<>\"\",ORÇAMENTO.CustoUnitario>$AG283),AND(TIPOORCAMENTO=\"LICITADO\",ORÇAMENTO.PrecoUnitarioLicitado>$AN283)),\"ACIMA REF.\",\nIF(AND($C283=\"S\",$P283<>\"\",$Q283<>\"\",$T283=0,$U283>0),\"QUANT.\",\nIF(AND(Import.TipoArredondamento=\"TransfereGOV\",$L283=\"F\",$C283=\"S\",LEN($Q283)>13),\"Código >13\",\nIF(AND(Import.TipoArredondamento=\"TransfereGOV\",$L283=\"F\",$C283<>\"S\",LEN($R283)>100),\"Descrição >100\",\nIF(AND(Import.TipoArredondamento=\"TransfereGOV\",$L283=\"F\",$C283=\"S\",LEN($R283)>500),\"Descrição >500\",\nIF(AND(Import.TipoArredondamento=\"TransfereGOV\",$L283=\"F\",$C283=\"S\",LEFT(TRIM(UPPER($P283)),6)<>\"SINAPI\",ISNA(VLOOKUP(TRIM(UPPER($S283)),ListaTgov.Unidades,1,FALSE))),\"Unid. Não Disp\",\n\" \"))))))))))))))))","v":" "},{"$f":"IF(C283<=CRONO.NivelExibicao,MAX($AD$15:OFFSET(AD283,-1,0))+IF($C283<>1,1,MAX(1,COUNTIF(QCI!$A$13:$A$36,OFFSET($E283,-1,0)))),\"\")","v":""},{"$f":"IF(AND($C283=\"S\",ORÇAMENTO.CodBarra<>\"\"),IF(ORÇAMENTO.Fonte=\"\",ORÇAMENTO.CodBarra,CONCATENATE(ORÇAMENTO.Fonte,\" \",ORÇAMENTO.CodBarra)))","v":"Composição COMP64"},{"$f":"IF(ISERROR(ORÇAMENTO.BancoRef),\"(abra o arquivo 'Referência \"&Excel_BuiltIn_Database&\".xlsm)\",IF(OR($C283<>\"S\",ORÇAMENTO.CodBarra=\"\"),\"(Sem Código)\",IF(ISERROR(MATCH($AE283,INDIRECT(ORÇAMENTO.BancoRef),0)),\"(Código não identificado nas referências)\",MATCH($AE283,INDIRECT(ORÇAMENTO.BancoRef),0))))","v":66},{"$f":"ROUND(IF(DESONERACAO=\"sim\",REFERENCIA.Desonerado,REFERENCIA.NaoDesonerado),2)","v":28.12},0.25290000000000001,null,null,null,null,281.83999999999997,{"$f":"ROUND(ORÇAMENTO.CustoUnitario*(1+$AH283),2)","v":35.229999999999997}]
["S",2,"S",0,{"$f":"IF($C284=1,OFFSET(E284,-1,0)+MAX(1,COUNTIF(QCI!$A$13:$A$36,OFFSET(ORÇAMENTO!E284,-1,0))),OFFSET(E284,-1,0))","v":16},2,0,0,29,0,{"$f":"IF(OR($C284=\"S\",$C284=0),0,MATCH(OFFSET($D284,0,$C284)+IF($C284<>1,1,COUNTIF(QCI!$A$13:$A$36,ORÇAMENTO!E284)),OFFSET($D284,1,$C284,ROW($C$472)-ROW($C284)),0))","v":0},"F","Serviço","Serviço","16.2.0.29.","SINAPI","89373",{"$f":"IF($C284=\"S\",REFERENCIA.Descricao,\"(digite a descrição aqui)\")","v":"LUVA DE REDUÇÃO, PVC, SOLDÁVEL, DN 25MM X 20MM, INSTALADO EM RAMAL OU SUB-RAMAL DE ÁGUA - FORNECIMENTO E INSTALAÇÃO. AF_06/2022"},{"$f":"REFERENCIA.Unidade","v":"UN"},{"$f":"OFFSET(CÁLCULO!H$15,ROW($T284)-ROW(T$15),0)","v":17},7.28,"BDI 1",{"$f":"IF($C284=\"S\",ROUND(IF(TIPOORCAMENTO=\"Proposto\",ORÇAMENTO.CustoUnitario*(1+$AH284),ORÇAMENTO.PrecoUnitarioLicitado),15-13*$AF$10),0)","v":9.1199999999999992},{"$f":"IF($C284=\"S\",IF(OR(Import.TipoArredondamento<>\"TransfereGOV\",ACOMPANHAMENTO=\"BM\"),VTOTAL1,SUM(OFFSET(CÁLCULO!$AI$15,ROW($X284)-ROW($X$15),1):OFFSET(CÁLCULO!$BB$15,ROW($X284)-ROW($X$15),-1))),IF($C284=0,0,ROUND(SomaAgrup,15-13*$AF$11)))","v":155.04},"RA","RA",{"$f":"IF($C284=\"S\",IF($Z284=\"CP\",$X284,IF($Z284=\"RA\",(($X284)*QCI!$AA$3),0)),SomaAgrup)","v":13.416185407496508},{"$f":"IF($C284=\"S\",IF($Z284=\"OU\",ROUND($X284,2),0),SomaAgrup)","v":0},{"$f":"IF($N284=\"\",\" \",\nIF(AND($C284<>\"S\",OR($R284=\"\",$R284=\"(digite a descrição aqui)\")),\"DESCRIÇÃO\",\nIF(AND($C284=\"S\",OR($Q284<>\"\",$T284>0,$U284>0),$P284=\"\"),\"FONTE\",\nIF(AND($C284=\"S\",$P284<>\"\",OR($T284>0,$U284>0),$Q284=\"\"),\"CÓDIGO\",\nIF(AND($C284=\"S\",$P284<>\"\",$Q284<>\"\",$R284=\"(Código não identificado nas referências)\"),\"CÓDIGO N/ID\",\nIF(AND($C284=\"S\",OR($R284=\"\",$R284=\"(digite a descrição aqui)\"),OR($Q284<>\"\",$T284>0,$U284>0)),\"DESCRIÇÃO\",\nIF(AND($C284=\"S\",$P284<>\"\",$Q284<>\"\",$S284=\"\"),\"UNIDADE\",\nIF(AND($C284=\"S\",$P284<>\"\",$Q284<>\"\",$U284=0),\"SEM CUSTO\",\nIF(AND(TIPOORCAMENTO=\"Licitado\",$AL284=0,$AN284>0),\"SEM PREÇO\",\nIF(AND($C284=\"S\",$P284<>\"\",$Q284<>\"\",$U284>0,AND($V284<>\"BDI 1\",$V284<>\"BDI 2\",$V284<>\"BDI 3\")),IF(ISNUMBER($V284),\"JUSTIFICAR BDI\",\"BDI\"),\nIF(OR(AND(import.recurso=\"OGU\",TIPOORCAMENTO=\"Proposto\",LEFT($O$8,5)<>\"(N/D:\",$AG284<>\"\",ORÇAMENTO.CustoUnitario>$AG284),AND(TIPOORCAMENTO=\"LICITADO\",ORÇAMENTO.PrecoUnitarioLicitado>$AN284)),\"ACIMA REF.\",\nIF(AND($C284=\"S\",$P284<>\"\",$Q284<>\"\",$T284=0,$U284>0),\"QUANT.\",\nIF(AND(Import.TipoArredondamento=\"TransfereGOV\",$L284=\"F\",$C284=\"S\",LEN($Q284)>13),\"Código >13\",\nIF(AND(Import.TipoArredondamento=\"TransfereGOV\",$L284=\"F\",$C284<>\"S\",LEN($R284)>100),\"Descrição >100\",\nIF(AND(Import.TipoArredondamento=\"TransfereGOV\",$L284=\"F\",$C284=\"S\",LEN($R284)>500),\"Descrição >500\",\nIF(AND(Import.TipoArredondamento=\"TransfereGOV\",$L284=\"F\",$C284=\"S\",LEFT(TRIM(UPPER($P284)),6)<>\"SINAPI\",ISNA(VLOOKUP(TRIM(UPPER($S284)),ListaTgov.Unidades,1,FALSE))),\"Unid. Não Disp\",\n\" \"))))))))))))))))","v":" "},{"$f":"IF(C284<=CRONO.NivelExibicao,MAX($AD$15:OFFSET(AD284,-1,0))+IF($C284<>1,1,MAX(1,COUNTIF(QCI!$A$13:$A$36,OFFSET($E284,-1,0)))),\"\")","v":""},{"$f":"IF(AND($C284=\"S\",ORÇAMENTO.CodBarra<>\"\"),IF(ORÇAMENTO.Fonte=\"\",ORÇAMENTO.CodBarra,CONCATENATE(ORÇAMENTO.Fonte,\" \",ORÇAMENTO.CodBarra)))","v":"SINAPI 89373"},{"$f":"IF(ISERROR(ORÇAMENTO.BancoRef),\"(abra o arquivo 'Referência \"&Excel_BuiltIn_Database&\".xlsm)\",IF(OR($C284<>\"S\",ORÇAMENTO.CodBarra=\"\"),\"(Sem Código)\",IF(ISERROR(MATCH($AE284,INDIRECT(ORÇAMENTO.BancoRef),0)),\"(Código não identificado nas referências)\",MATCH($AE284,INDIRECT(ORÇAMENTO.BancoRef),0))))","v":11862},{"$f":"ROUND(IF(DESONERACAO=\"sim\",REFERENCIA.Desonerado,REFERENCIA.NaoDesonerado),2)","v":7.28},0.25290000000000001,null,null,null,null,155.04,{"$f":"ROUND(ORÇAMENTO.CustoUnitario*(1+$AH284),2)","v":9.1199999999999992}]
["S",2,"S",0,{"$f":"IF($C285=1,OFFSET(E285,-1,0)+MAX(1,COUNTIF(QCI!$A$13:$A$36,OFFSET(ORÇAMENTO!E285,-1,0))),OFFSET(E285,-1,0))","v":16},2,0,0,30,0,{"$f":"IF(OR($C285=\"S\",$C285=0),0,MATCH(OFFSET($D285,0,$C285)+IF($C285<>1,1,COUNTIF(QCI!$A$13:$A$36,ORÇAMENTO!E285)),OFFSET($D285,1,$C285,ROW($C$472)-ROW($C285)),0))","v":0},"F","Serviço","Serviço","16.2.0.30.","SINAPI","104014",{"$f":"IF($C285=\"S\",REFERENCIA.Descricao,\"(digite a descrição aqui)\")","v":"BUCHA DE REDUÇÃO, LONGA, PVC, SOLDÁVEL, DN 40 X 25 MM, INSTALADO EM RAMAL DE DISTRIBUIÇÃO DE ÁGUA - FORNECIMENTO E INSTALAÇÃO. AF_06/2022"},{"$f":"REFERENCIA.Unidade","v":"UN"},{"$f":"OFFSET(CÁLCULO!H$15,ROW($T285)-ROW(T$15),0)","v":17},10.95,"BDI 1",{"$f":"IF($C285=\"S\",ROUND(IF(TIPOORCAMENTO=\"Proposto\",ORÇAMENTO.CustoUnitario*(1+$AH285),ORÇAMENTO.PrecoUnitarioLicitado),15-13*$AF$10),0)","v":13.72},{"$f":"IF($C285=\"S\",IF(OR(Import.TipoArredondamento<>\"TransfereGOV\",ACOMPANHAMENTO=\"BM\"),VTOTAL1,SUM(OFFSET(CÁLCULO!$AI$15,ROW($X285)-ROW($X$15),1):OFFSET(CÁLCULO!$BB$15,ROW($X285)-ROW($X$15),-1))),IF($C285=0,0,ROUND(SomaAgrup,15-13*$AF$11)))","v":233.24},"RA","RA",{"$f":"IF($C285=\"S\",IF($Z285=\"CP\",$X285,IF($Z285=\"RA\",(($X285)*QCI!$AA$3),0)),SomaAgrup)","v":20.183121029698697},{"$f":"IF($C285=\"S\",IF($Z285=\"OU\",ROUND($X285,2),0),SomaAgrup)","v":0},{"$f":"IF($N285=\"\",\" \",\nIF(AND($C285<>\"S\",OR($R285=\"\",$R285=\"(digite a descrição aqui)\")),\"DESCRIÇÃO\",\nIF(AND($C285=\"S\",OR($Q285<>\"\",$T285>0,$U285>0),$P285=\"\"),\"FONTE\",\nIF(AND($C285=\"S\",$P285<>\"\",OR($T285>0,$U285>0),$Q285=\"\"),\"CÓDIGO\",\nIF(AND($C285=\"S\",$P285<>\"\",$Q285<>\"\",$R285=\"(Código não identificado nas referências)\"),\"CÓDIGO N/ID\",\nIF(AND($C285=\"S\",OR($R285=\"\",$R285=\"(digite a descrição aqui)\"),OR($Q285<>\"\",$T285>0,$U285>0)),\"DESCRIÇÃO\",\nIF(AND($C285=\"S\",$P285<>\"\",$Q285<>\"\",$S285=\"\"),\"UNIDADE\",\nIF(AND($C285=\"S\",$P285<>\"\",$Q285<>\"\",$U285=0),\"SEM CUSTO\",\nIF(AND(TIPOORCAMENTO=\"Licitado\",$AL285=0,$AN285>0),\"SEM PREÇO\",\nIF(AND($C285=\"S\",$P285<>\"\",$Q285<>\"\",$U285>0,AND($V285<>\"BDI 1\",$V285<>\"BDI 2\",$V285<>\"BDI 3\")),IF(ISNUMBER($V285),\"JUSTIFICAR BDI\",\"BDI\"),\nIF(OR(AND(import.recurso=\"OGU\",TIPOORCAMENTO=\"Proposto\",LEFT($O$8,5)<>\"(N/D:\",$AG285<>\"\",ORÇAMENTO.CustoUnitario>$AG285),AND(TIPOORCAMENTO=\"LICITADO\",ORÇAMENTO.PrecoUnitarioLicitado>$AN285)),\"ACIMA REF.\",\nIF(AND($C285=\"S\",$P285<>\"\",$Q285<>\"\",$T285=0,$U285>0),\"QUANT.\",\nIF(AND(Import.TipoArredondamento=\"TransfereGOV\",$L285=\"F\",$C285=\"S\",LEN($Q285)>13),\"Código >13\",\nIF(AND(Import.TipoArredondamento=\"TransfereGOV\",$L285=\"F\",$C285<>\"S\",LEN($R285)>100),\"Descrição >100\",\nIF(AND(Import.TipoArredondamento=\"TransfereGOV\",$L285=\"F\",$C285=\"S\",LEN($R285)>500),\"Descrição >500\",\nIF(AND(Import.TipoArredondamento=\"TransfereGOV\",$L285=\"F\",$C285=\"S\",LEFT(TRIM(UPPER($P285)),6)<>\"SINAPI\",ISNA(VLOOKUP(TRIM(UPPER($S285)),ListaTgov.Unidades,1,FALSE))),\"Unid. Não Disp\",\n\" \"))))))))))))))))","v":" "},{"$f":"IF(C285<=CRONO.NivelExibicao,MAX($AD$15:OFFSET(AD285,-1,0))+IF($C285<>1,1,MAX(1,COUNTIF(QCI!$A$13:$A$36,OFFSET($E285,-1,0)))),\"\")","v":""},{"$f":"IF(AND($C285=\"S\",ORÇAMENTO.CodBarra<>\"\"),IF(ORÇAMENTO.Fonte=\"\",ORÇAMENTO.CodBarra,CONCATENATE(ORÇAMENTO.Fonte,\" \",ORÇAMENTO.CodBarra)))","v":"SINAPI 104014"},{"$f":"IF(ISERROR(ORÇAMENTO.BancoRef),\"(abra o arquivo 'Referência \"&Excel_BuiltIn_Database&\".xlsm)\",IF(OR($C285<>\"S\",ORÇAMENTO.CodBarra=\"\"),\"(Sem Código)\",IF(ISERROR(MATCH($AE285,INDIRECT(ORÇAMENTO.BancoRef),0)),\"(Código não identificado nas referências)\",MATCH($AE285,INDIRECT(ORÇAMENTO.BancoRef),0))))","v":11753},{"$f":"ROUND(IF(DESONERACAO=\"sim\",REFERENCIA.Desonerado,REFERENCIA.NaoDesonerado),2)","v":10.95},0.25290000000000001,null,null,null,null,233.24,{"$f":"ROUND(ORÇAMENTO.CustoUnitario*(1+$AH285),2)","v":13.72}]
["S",2,"S",0,{"$f":"IF($C286=1,OFFSET(E286,-1,0)+MAX(1,COUNTIF(QCI!$A$13:$A$36,OFFSET(ORÇAMENTO!E286,-1,0))),OFFSET(E286,-1,0))","v":16},2,0,0,31,0,{"$f":"IF(OR($C286=\"S\",$C286=0),0,MATCH(OFFSET($D286,0,$C286)+IF($C286<>1,1,COUNTIF(QCI!$A$13:$A$36,ORÇAMENTO!E286)),OFFSET($D286,1,$C286,ROW($C$472)-ROW($C286)),0))","v":0},"F","Serviço","Serviço","16.2.0.31.","SINAPI","89384",{"$f":"IF($C286=\"S\",REFERENCIA.Descricao,\"(digite a descrição aqui)\")","v":"CURVA DE TRANSPOSIÇÃO, PVC, SOLDÁVEL, DN 25MM, INSTALADO EM RAMAL OU SUB-RAMAL DE ÁGUA FORNECIMENTO E INSTALAÇÃO. AF_06/2022"},{"$f":"REFERENCIA.Unidade","v":"UN"},{"$f":"OFFSET(CÁLCULO!H$15,ROW($T286)-ROW(T$15),0)","v":17},13.25,"BDI 1",{"$f":"IF($C286=\"S\",ROUND(IF(TIPOORCAMENTO=\"Proposto\",ORÇAMENTO.CustoUnitario*(1+$AH286),ORÇAMENTO.PrecoUnitarioLicitado),15-13*$AF$10),0)","v":16.600000000000001},{"$f":"IF($C286=\"S\",IF(OR(Import.TipoArredondamento<>\"TransfereGOV\",ACOMPANHAMENTO=\"BM\"),VTOTAL1,SUM(OFFSET(CÁLCULO!$AI$15,ROW($X286)-ROW($X$15),1):OFFSET(CÁLCULO!$BB$15,ROW($X286)-ROW($X$15),-1))),IF($C286=0,0,ROUND(SomaAgrup,15-13*$AF$11)))","v":282.2},"RA","RA",{"$f":"IF($C286=\"S\",IF($Z286=\"CP\",$X286,IF($Z286=\"RA\",(($X286)*QCI!$AA$3),0)),SomaAgrup)","v":24.419811158381805},{"$f":"IF($C286=\"S\",IF($Z286=\"OU\",ROUND($X286,2),0),SomaAgrup)","v":0},{"$f":"IF($N286=\"\",\" \",\nIF(AND($C286<>\"S\",OR($R286=\"\",$R286=\"(digite a descrição aqui)\")),\"DESCRIÇÃO\",\nIF(AND($C286=\"S\",OR($Q286<>\"\",$T286>0,$U286>0),$P286=\"\"),\"FONTE\",\nIF(AND($C286=\"S\",$P286<>\"\",OR($T286>0,$U286>0),$Q286=\"\"),\"CÓDIGO\",\nIF(AND($C286=\"S\",$P286<>\"\",$Q286<>\"\",$R286=\"(Código não identificado nas referências)\"),\"CÓDIGO N/ID\",\nIF(AND($C286=\"S\",OR($R286=\"\",$R286=\"(digite a descrição aqui)\"),OR($Q286<>\"\",$T286>0,$U286>0)),\"DESCRIÇÃO\",\nIF(AND($C286=\"S\",$P286<>\"\",$Q286<>\"\",$S286=\"\"),\"UNIDADE\",\nIF(AND($C286=\"S\",$P286<>\"\",$Q286<>\"\",$U286=0),\"SEM CUSTO\",\nIF(AND(TIPOORCAMENTO=\"Licitado\",$AL286=0,$AN286>0),\"SEM PREÇO\",\nIF(AND($C286=\"S\",$P286<>\"\",$Q286<>\"\",$U286>0,AND($V286<>\"BDI 1\",$V286<>\"BDI 2\",$V286<>\"BDI 3\")),IF(ISNUMBER($V286),\"JUSTIFICAR BDI\",\"BDI\"),\nIF(OR(AND(import.recurso=\"OGU\",TIPOORCAMENTO=\"Proposto\",LEFT($O$8,5)<>\"(N/D:\",$AG286<>\"\",ORÇAMENTO.CustoUnitario>$AG286),AND(TIPOORCAMENTO=\"LICITADO\",ORÇAMENTO.PrecoUnitarioLicitado>$AN286)),\"ACIMA REF.\",\nIF(AND($C286=\"S\",$P286<>\"\",$Q286<>\"\",$T286=0,$U286>0),\"QUANT.\",\nIF(AND(Import.TipoArredondamento=\"TransfereGOV\",$L286=\"F\",$C286=\"S\",LEN($Q286)>13),\"Código >13\",\nIF(AND(Import.TipoArredondamento=\"TransfereGOV\",$L286=\"F\",$C286<>\"S\",LEN($R286)>100),\"Descrição >100\",\nIF(AND(Import.TipoArredondamento=\"TransfereGOV\",$L286=\"F\",$C286=\"S\",LEN($R286)>500),\"Descrição >500\",\nIF(AND(Import.TipoArredondamento=\"TransfereGOV\",$L286=\"F\",$C286=\"S\",LEFT(TRIM(UPPER($P286)),6)<>\"SINAPI\",ISNA(VLOOKUP(TRIM(UPPER($S286)),ListaTgov.Unidades,1,FALSE))),\"Unid. Não Disp\",\n\" \"))))))))))))))))","v":" "},{"$f":"IF(C286<=CRONO.NivelExibicao,MAX($AD$15:OFFSET(AD286,-1,0))+IF($C286<>1,1,MAX(1,COUNTIF(QCI!$A$13:$A$36,OFFSET($E286,-1,0)))),\"\")","v":""},{"$f":"IF(AND($C286=\"S\",ORÇAMENTO.CodBarra<>\"\"),IF(ORÇAMENTO.Fonte=\"\",ORÇAMENTO.CodBarra,CONCATENATE(ORÇAMENTO.Fonte,\" \",ORÇAMENTO.CodBarra)))","v":"SINAPI 89384"},{"$f":"IF(ISERROR(ORÇAMENTO.BancoRef),\"(abra o arquivo 'Referência \"&Excel_BuiltIn_Database&\".xlsm)\",IF(OR($C286<>\"S\",ORÇAMENTO.CodBarra=\"\"),\"(Sem Código)\",IF(ISERROR(MATCH($AE286,INDIRECT(ORÇAMENTO.BancoRef),0)),\"(Código não identificado nas referências)\",MATCH($AE286,INDIRECT(ORÇAMENTO.BancoRef),0))))","v":11797},{"$f":"ROUND(IF(DESONERACAO=\"sim\",REFERENCIA.Desonerado,REFERENCIA.NaoDesonerado),2)","v":13.25},0.25290000000000001,null,null,null,null,282.2,{"$f":"ROUND(ORÇAMENTO.CustoUnitario*(1+$AH286),2)","v":16.600000000000001}]
["S",2,"S",0,{"$f":"IF($C287=1,OFFSET(E287,-1,0)+MAX(1,COUNTIF(QCI!$A$13:$A$36,OFFSET(ORÇAMENTO!E287,-1,0))),OFFSET(E287,-1,0))","v":16},2,0,0,32,0,{"$f":"IF(OR($C287=\"S\",$C287=0),0,MATCH(OFFSET($D287,0,$C287)+IF($C287<>1,1,COUNTIF(QCI!$A$13:$A$36,ORÇAMENTO!E287)),OFFSET($D287,1,$C287,ROW($C$472)-ROW($C287)),0))","v":0},"F","Serviço","Serviço","16.2.0.32.","SINAPI","89408",{"$f":"IF($C287=\"S\",REFERENCIA.Descricao,\"(digite a descrição aqui)\")","v":"JOELHO 90 GRAUS, PVC, SOLDÁVEL, DN 25MM, INSTALADO EM RAMAL DE DISTRIBUIÇÃO DE ÁGUA - FORNECIMENTO E INSTALAÇÃO. AF_06/2022"},{"$f":"REFERENCIA.Unidade","v":"UN"},{"$f":"OFFSET(CÁLCULO!H$15,ROW($T287)-ROW(T$15),0)","v":34},8.84,"BDI 1",{"$f":"IF($C287=\"S\",ROUND(IF(TIPOORCAMENTO=\"Proposto\",ORÇAMENTO.CustoUnitario*(1+$AH287),ORÇAMENTO.PrecoUnitarioLicitado),15-13*$AF$10),0)","v":11.08},{"$f":"IF($C287=\"S\",IF(OR(Import.TipoArredondamento<>\"TransfereGOV\",ACOMPANHAMENTO=\"BM\"),VTOTAL1,SUM(OFFSET(CÁLCULO!$AI$15,ROW($X287)-ROW($X$15),1):OFFSET(CÁLCULO!$BB$15,ROW($X287)-ROW($X$15),-1))),IF($C287=0,0,ROUND(SomaAgrup,15-13*$AF$11)))","v":376.72},"RA","RA",{"$f":"IF($C287=\"S\",IF($Z287=\"CP\",$X287,IF($Z287=\"RA\",(($X287)*QCI!$AA$3),0)),SomaAgrup)","v":32.598976823478367},{"$f":"IF($C287=\"S\",IF($Z287=\"OU\",ROUND($X287,2),0),SomaAgrup)","v":0},{"$f":"IF($N287=\"\",\" \",\nIF(AND($C287<>\"S\",OR($R287=\"\",$R287=\"(digite a descrição aqui)\")),\"DESCRIÇÃO\",\nIF(AND($C287=\"S\",OR($Q287<>\"\",$T287>0,$U287>0),$P287=\"\"),\"FONTE\",\nIF(AND($C287=\"S\",$P287<>\"\",OR($T287>0,$U287>0),$Q287=\"\"),\"CÓDIGO\",\nIF(AND($C287=\"S\",$P287<>\"\",$Q287<>\"\",$R287=\"(Código não identificado nas referências)\"),\"CÓDIGO N/ID\",\nIF(AND($C287=\"S\",OR($R287=\"\",$R287=\"(digite a descrição aqui)\"),OR($Q287<>\"\",$T287>0,$U287>0)),\"DESCRIÇÃO\",\nIF(AND($C287=\"S\",$P287<>\"\",$Q287<>\"\",$S287=\"\"),\"UNIDADE\",\nIF(AND($C287=\"S\",$P287<>\"\",$Q287<>\"\",$U287=0),\"SEM CUSTO\",\nIF(AND(TIPOORCAMENTO=\"Licitado\",$AL287=0,$AN287>0),\"SEM PREÇO\",\nIF(AND($C287=\"S\",$P287<>\"\",$Q287<>\"\",$U287>0,AND($V287<>\"BDI 1\",$V287<>\"BDI 2\",$V287<>\"BDI 3\")),IF(ISNUMBER($V287),\"JUSTIFICAR BDI\",\"BDI\"),\nIF(OR(AND(import.recurso=\"OGU\",TIPOORCAMENTO=\"Proposto\",LEFT($O$8,5)<>\"(N/D:\",$AG287<>\"\",ORÇAMENTO.CustoUnitario>$AG287),AND(TIPOORCAMENTO=\"LICITADO\",ORÇAMENTO.PrecoUnitarioLicitado>$AN287)),\"ACIMA REF.\",\nIF(AND($C287=\"S\",$P287<>\"\",$Q287<>\"\",$T287=0,$U287>0),\"QUANT.\",\nIF(AND(Import.TipoArredondamento=\"TransfereGOV\",$L287=\"F\",$C287=\"S\",LEN($Q287)>13),\"Código >13\",\nIF(AND(Import.TipoArredondamento=\"TransfereGOV\",$L287=\"F\",$C287<>\"S\",LEN($R287)>100),\"Descrição >100\",\nIF(AND(Import.TipoArredondamento=\"TransfereGOV\",$L287=\"F\",$C287=\"S\",LEN($R287)>500),\"Descrição >500\",\nIF(AND(Import.TipoArredondamento=\"TransfereGOV\",$L287=\"F\",$C287=\"S\",LEFT(TRIM(UPPER($P287)),6)<>\"SINAPI\",ISNA(VLOOKUP(TRIM(UPPER($S287)),ListaTgov.Unidades,1,FALSE))),\"Unid. Não Disp\",\n\" \"))))))))))))))))","v":" "},{"$f":"IF(C287<=CRONO.NivelExibicao,MAX($AD$15:OFFSET(AD287,-1,0))+IF($C287<>1,1,MAX(1,COUNTIF(QCI!$A$13:$A$36,OFFSET($E287,-1,0)))),\"\")","v":""},{"$f":"IF(AND($C287=\"S\",ORÇAMENTO.CodBarra<>\"\"),IF(ORÇAMENTO.Fonte=\"\",ORÇAMENTO.CodBarra,CONCATENATE(ORÇAMENTO.Fonte,\" \",ORÇAMENTO.CodBarra)))","v":"SINAPI 89408"},{"$f":"IF(ISERROR(ORÇAMENTO.BancoRef),\"(abra o arquivo 'Referência \"&Excel_BuiltIn_Database&\".xlsm)\",IF(OR($C287<>\"S\",ORÇAMENTO.CodBarra=\"\"),\"(Sem Código)\",IF(ISERROR(MATCH($AE287,INDIRECT(ORÇAMENTO.BancoRef),0)),\"(Código não identificado nas referências)\",MATCH($AE287,INDIRECT(ORÇAMENTO.BancoRef),0))))","v":11821},{"$f":"ROUND(IF(DESONERACAO=\"sim\",REFERENCIA.Desonerado,REFERENCIA.NaoDesonerado),2)","v":8.84},0.25290000000000001,null,null,null,null,376.72,{"$f":"ROUND(ORÇAMENTO.CustoUnitario*(1+$AH287),2)","v":11.08}]
["S",2,"S",0,{"$f":"IF($C288=1,OFFSET(E288,-1,0)+MAX(1,COUNTIF(QCI!$A$13:$A$36,OFFSET(ORÇAMENTO!E288,-1,0))),OFFSET(E288,-1,0))","v":16},2,0,0,33,0,{"$f":"IF(OR($C288=\"S\",$C288=0),0,MATCH(OFFSET($D288,0,$C288)+IF($C288<>1,1,COUNTIF(QCI!$A$13:$A$36,ORÇAMENTO!E288)),OFFSET($D288,1,$C288,ROW($C$472)-ROW($C288)),0))","v":0},"F","Serviço","Serviço","16.2.0.33.","SINAPI","89356",{"$f":"IF($C288=\"S\",REFERENCIA.Descricao,\"(digite a descrição aqui)\")","v":"TUBO, PVC, SOLDÁVEL, DE 25MM, INSTALADO EM RAMAL OU SUB-RAMAL DE ÁGUA - FORNECIMENTO E INSTALAÇÃO. AF_06/2022"},{"$f":"REFERENCIA.Unidade","v":"M"},{"$f":"OFFSET(CÁLCULO!H$15,ROW($T288)-ROW(T$15),0)","v":102},23.85,"BDI 1",{"$f":"IF($C288=\"S\",ROUND(IF(TIPOORCAMENTO=\"Proposto\",ORÇAMENTO.CustoUnitario*(1+$AH288),ORÇAMENTO.PrecoUnitarioLicitado),15-13*$AF$10),0)","v":29.88},{"$f":"IF($C288=\"S\",IF(OR(Import.TipoArredondamento<>\"TransfereGOV\",ACOMPANHAMENTO=\"BM\"),VTOTAL1,SUM(OFFSET(CÁLCULO!$AI$15,ROW($X288)-ROW($X$15),1):OFFSET(CÁLCULO!$BB$15,ROW($X288)-ROW($X$15),-1))),IF($C288=0,0,ROUND(SomaAgrup,15-13*$AF$11)))","v":3047.76},"RA","RA",{"$f":"IF($C288=\"S\",IF($Z288=\"CP\",$X288,IF($Z288=\"RA\",(($X288)*QCI!$AA$3),0)),SomaAgrup)","v":263.7339605105235},{"$f":"IF($C288=\"S\",IF($Z288=\"OU\",ROUND($X288,2),0),SomaAgrup)","v":0},{"$f":"IF($N288=\"\",\" \",\nIF(AND($C288<>\"S\",OR($R288=\"\",$R288=\"(digite a descrição aqui)\")),\"DESCRIÇÃO\",\nIF(AND($C288=\"S\",OR($Q288<>\"\",$T288>0,$U288>0),$P288=\"\"),\"FONTE\",\nIF(AND($C288=\"S\",$P288<>\"\",OR($T288>0,$U288>0),$Q288=\"\"),\"CÓDIGO\",\nIF(AND($C288=\"S\",$P288<>\"\",$Q288<>\"\",$R288=\"(Código não identificado nas referências)\"),\"CÓDIGO N/ID\",\nIF(AND($C288=\"S\",OR($R288=\"\",$R288=\"(digite a descrição aqui)\"),OR($Q288<>\"\",$T288>0,$U288>0)),\"DESCRIÇÃO\",\nIF(AND($C288=\"S\",$P288<>\"\",$Q288<>\"\",$S288=\"\"),\"UNIDADE\",\nIF(AND($C288=\"S\",$P288<>\"\",$Q288<>\"\",$U288=0),\"SEM CUSTO\",\nIF(AND(TIPOORCAMENTO=\"Licitado\",$AL288=0,$AN288>0),\"SEM PREÇO\",\nIF(AND($C288=\"S\",$P288<>\"\",$Q288<>\"\",$U288>0,AND($V288<>\"BDI 1\",$V288<>\"BDI 2\",$V288<>\"BDI 3\")),IF(ISNUMBER($V288),\"JUSTIFICAR BDI\",\"BDI\"),\nIF(OR(AND(import.recurso=\"OGU\",TIPOORCAMENTO=\"Proposto\",LEFT($O$8,5)<>\"(N/D:\",$AG288<>\"\",ORÇAMENTO.CustoUnitario>$AG288),AND(TIPOORCAMENTO=\"LICITADO\",ORÇAMENTO.PrecoUnitarioLicitado>$AN288)),\"ACIMA REF.\",\nIF(AND($C288=\"S\",$P288<>\"\",$Q288<>\"\",$T288=0,$U288>0),\"QUANT.\",\nIF(AND(Import.TipoArredondamento=\"TransfereGOV\",$L288=\"F\",$C288=\"S\",LEN($Q288)>13),\"Código >13\",\nIF(AND(Import.TipoArredondamento=\"TransfereGOV\",$L288=\"F\",$C288<>\"S\",LEN($R288)>100),\"Descrição >100\",\nIF(AND(Import.TipoArredondamento=\"TransfereGOV\",$L288=\"F\",$C288=\"S\",LEN($R288)>500),\"Descrição >500\",\nIF(AND(Import.TipoArredondamento=\"TransfereGOV\",$L288=\"F\",$C288=\"S\",LEFT(TRIM(UPPER($P288)),6)<>\"SINAPI\",ISNA(VLOOKUP(TRIM(UPPER($S288)),ListaTgov.Unidades,1,FALSE))),\"Unid. Não Disp\",\n\" \"))))))))))))))))","v":" "},{"$f":"IF(C288<=CRONO.NivelExibicao,MAX($AD$15:OFFSET(AD288,-1,0))+IF($C288<>1,1,MAX(1,COUNTIF(QCI!$A$13:$A$36,OFFSET($E288,-1,0)))),\"\")","v":""},{"$f":"IF(AND($C288=\"S\",ORÇAMENTO.CodBarra<>\"\"),IF(ORÇAMENTO.Fonte=\"\",ORÇAMENTO.CodBarra,CONCATENATE(ORÇAMENTO.Fonte,\" \",ORÇAMENTO.CodBarra)))","v":"SINAPI 89356"},{"$f":"IF(ISERROR(ORÇAMENTO.BancoRef),\"(abra o arquivo 'Referência \"&Excel_BuiltIn_Database&\".xlsm)\",IF(OR($C288<>\"S\",ORÇAMENTO.CodBarra=\"\"),\"(Sem Código)\",IF(ISERROR(MATCH($AE288,INDIRECT(ORÇAMENTO.BancoRef),0)),\"(Código não identificado nas referências)\",MATCH($AE288,INDIRECT(ORÇAMENTO.BancoRef),0))))","v":11916},{"$f":"ROUND(IF(DESONERACAO=\"sim\",REFERENCIA.Desonerado,REFERENCIA.NaoDesonerado),2)","v":23.85},0.25290000000000001,null,null,null,null,3047.76,{"$f":"ROUND(ORÇAMENTO.CustoUnitario*(1+$AH288),2)","v":29.88}]
["S",2,"S",0,{"$f":"IF($C289=1,OFFSET(E289,-1,0)+MAX(1,COUNTIF(QCI!$A$13:$A$36,OFFSET(ORÇAMENTO!E289,-1,0))),OFFSET(E289,-1,0))","v":16},2,0,0,34,0,{"$f":"IF(OR($C289=\"S\",$C289=0),0,MATCH(OFFSET($D289,0,$C289)+IF($C289<>1,1,COUNTIF(QCI!$A$13:$A$36,ORÇAMENTO!E289)),OFFSET($D289,1,$C289,ROW($C$472)-ROW($C289)),0))","v":0},"F","Serviço","Serviço","16.2.0.34.","SINAPI","86882",{"$f":"IF($C289=\"S\",REFERENCIA.Descricao,\"(digite a descrição aqui)\")","v":"SIFÃO DO TIPO GARRAFA/COPO EM PVC 1.1/4 X 1.1/2\" - FORNECIMENTO E INSTALAÇÃO. AF_01/2020"},{"$f":"REFERENCIA.Unidade","v":"UN"},{"$f":"OFFSET(CÁLCULO!H$15,ROW($T289)-ROW(T$15),0)","v":1},25.97,"BDI 1",{"$f":"IF($C289=\"S\",ROUND(IF(TIPOORCAMENTO=\"Proposto\",ORÇAMENTO.CustoUnitario*(1+$AH289),ORÇAMENTO.PrecoUnitarioLicitado),15-13*$AF$10),0)","v":32.54},{"$f":"IF($C289=\"S\",IF(OR(Import.TipoArredondamento<>\"TransfereGOV\",ACOMPANHAMENTO=\"BM\"),VTOTAL1,SUM(OFFSET(CÁLCULO!$AI$15,ROW($X289)-ROW($X$15),1):OFFSET(CÁLCULO!$BB$15,ROW($X289)-ROW($X$15),-1))),IF($C289=0,0,ROUND(SomaAgrup,15-13*$AF$11)))","v":32.54},"RA","RA",{"$f":"IF($C289=\"S\",IF($Z289=\"CP\",$X289,IF($Z289=\"RA\",(($X289)*QCI!$AA$3),0)),SomaAgrup)","v":2.8158067154278665},{"$f":"IF($C289=\"S\",IF($Z289=\"OU\",ROUND($X289,2),0),SomaAgrup)","v":0},{"$f":"IF($N289=\"\",\" \",\nIF(AND($C289<>\"S\",OR($R289=\"\",$R289=\"(digite a descrição aqui)\")),\"DESCRIÇÃO\",\nIF(AND($C289=\"S\",OR($Q289<>\"\",$T289>0,$U289>0),$P289=\"\"),\"FONTE\",\nIF(AND($C289=\"S\",$P289<>\"\",OR($T289>0,$U289>0),$Q289=\"\"),\"CÓDIGO\",\nIF(AND($C289=\"S\",$P289<>\"\",$Q289<>\"\",$R289=\"(Código não identificado nas referências)\"),\"CÓDIGO N/ID\",\nIF(AND($C289=\"S\",OR($R289=\"\",$R289=\"(digite a descrição aqui)\"),OR($Q289<>\"\",$T289>0,$U289>0)),\"DESCRIÇÃO\",\nIF(AND($C289=\"S\",$P289<>\"\",$Q289<>\"\",$S289=\"\"),\"UNIDADE\",\nIF(AND($C289=\"S\",$P289<>\"\",$Q289<>\"\",$U289=0),\"SEM CUSTO\",\nIF(AND(TIPOORCAMENTO=\"Licitado\",$AL289=0,$AN289>0),\"SEM PREÇO\",\nIF(AND($C289=\"S\",$P289<>\"\",$Q289<>\"\",$U289>0,AND($V289<>\"BDI 1\",$V289<>\"BDI 2\",$V289<>\"BDI 3\")),IF(ISNUMBER($V289),\"JUSTIFICAR BDI\",\"BDI\"),\nIF(OR(AND(import.recurso=\"OGU\",TIPOORCAMENTO=\"Proposto\",LEFT($O$8,5)<>\"(N/D:\",$AG289<>\"\",ORÇAMENTO.CustoUnitario>$AG289),AND(TIPOORCAMENTO=\"LICITADO\",ORÇAMENTO.PrecoUnitarioLicitado>$AN289)),\"ACIMA REF.\",\nIF(AND($C289=\"S\",$P289<>\"\",$Q289<>\"\",$T289=0,$U289>0),\"QUANT.\",\nIF(AND(Import.TipoArredondamento=\"TransfereGOV\",$L289=\"F\",$C289=\"S\",LEN($Q289)>13),\"Código >13\",\nIF(AND(Import.TipoArredondamento=\"TransfereGOV\",$L289=\"F\",$C289<>\"S\",LEN($R289)>100),\"Descrição >100\",\nIF(AND(Import.TipoArredondamento=\"TransfereGOV\",$L289=\"F\",$C289=\"S\",LEN($R289)>500),\"Descrição >500\",\nIF(AND(Import.TipoArredondamento=\"TransfereGOV\",$L289=\"F\",$C289=\"S\",LEFT(TRIM(UPPER($P289)),6)<>\"SINAPI\",ISNA(VLOOKUP(TRIM(UPPER($S289)),ListaTgov.Unidades,1,FALSE))),\"Unid. Não Disp\",\n\" \"))))))))))))))))","v":" "},{"$f":"IF(C289<=CRONO.NivelExibicao,MAX($AD$15:OFFSET(AD289,-1,0))+IF($C289<>1,1,MAX(1,COUNTIF(QCI!$A$13:$A$36,OFFSET($E289,-1,0)))),\"\")","v":""},{"$f":"IF(AND($C289=\"S\",ORÇAMENTO.CodBarra<>\"\"),IF(ORÇAMENTO.Fonte=\"\",ORÇAMENTO.CodBarra,CONCATENATE(ORÇAMENTO.Fonte,\" \",ORÇAMENTO.CodBarra)))","v":"SINAPI 86882"},{"$f":"IF(ISERROR(ORÇAMENTO.BancoRef),\"(abra o arquivo 'Referência \"&Excel_BuiltIn_Database&\".xlsm)\",IF(OR($C289<>\"S\",ORÇAMENTO.CodBarra=\"\"),\"(Sem Código)\",IF(ISERROR(MATCH($AE289,INDIRECT(ORÇAMENTO.BancoRef),0)),\"(Código não identificado nas referências)\",MATCH($AE289,INDIRECT(ORÇAMENTO.BancoRef),0))))","v":13512},{"$f":"ROUND(IF(DESONERACAO=\"sim\",REFERENCIA.Desonerado,REFERENCIA.NaoDesonerado),2)","v":25.97},0.25290000000000001,null,null,null,null,32.54,{"$f":"ROUND(ORÇAMENTO.CustoUnitario*(1+$AH289),2)","v":32.54}]
["S",2,"S",0,{"$f":"IF($C290=1,OFFSET(E290,-1,0)+MAX(1,COUNTIF(QCI!$A$13:$A$36,OFFSET(ORÇAMENTO!E290,-1,0))),OFFSET(E290,-1,0))","v":16},2,0,0,35,0,{"$f":"IF(OR($C290=\"S\",$C290=0),0,MATCH(OFFSET($D290,0,$C290)+IF($C290<>1,1,COUNTIF(QCI!$A$13:$A$36,ORÇAMENTO!E290)),OFFSET($D290,1,$C290,ROW($C$472)-ROW($C290)),0))","v":0},"F","Serviço","Serviço","16.2.0.35.","Composição","COMP65",{"$f":"IF($C290=\"S\",REFERENCIA.Descricao,\"(digite a descrição aqui)\")","v":"JOELHO 45º DE PVC RÍGIDO, SÉRIE R, DIÂM = 50MM"},{"$f":"REFERENCIA.Unidade","v":"UN"},{"$f":"OFFSET(CÁLCULO!H$15,ROW($T290)-ROW(T$15),0)","v":1},22.59,"BDI 1",{"$f":"IF($C290=\"S\",ROUND(IF(TIPOORCAMENTO=\"Proposto\",ORÇAMENTO.CustoUnitario*(1+$AH290),ORÇAMENTO.PrecoUnitarioLicitado),15-13*$AF$10),0)","v":28.3},{"$f":"IF($C290=\"S\",IF(OR(Import.TipoArredondamento<>\"TransfereGOV\",ACOMPANHAMENTO=\"BM\"),VTOTAL1,SUM(OFFSET(CÁLCULO!$AI$15,ROW($X290)-ROW($X$15),1):OFFSET(CÁLCULO!$BB$15,ROW($X290)-ROW($X$15),-1))),IF($C290=0,0,ROUND(SomaAgrup,15-13*$AF$11)))","v":28.3},"RA","RA",{"$f":"IF($C290=\"S\",IF($Z290=\"CP\",$X290,IF($Z290=\"RA\",(($X290)*QCI!$AA$3),0)),SomaAgrup)","v":2.4489038121268782},{"$f":"IF($C290=\"S\",IF($Z290=\"OU\",ROUND($X290,2),0),SomaAgrup)","v":0},{"$f":"IF($N290=\"\",\" \",\nIF(AND($C290<>\"S\",OR($R290=\"\",$R290=\"(digite a descrição aqui)\")),\"DESCRIÇÃO\",\nIF(AND($C290=\"S\",OR($Q290<>\"\",$T290>0,$U290>0),$P290=\"\"),\"FONTE\",\nIF(AND($C290=\"S\",$P290<>\"\",OR($T290>0,$U290>0),$Q290=\"\"),\"CÓDIGO\",\nIF(AND($C290=\"S\",$P290<>\"\",$Q290<>\"\",$R290=\"(Código não identificado nas referências)\"),\"CÓDIGO N/ID\",\nIF(AND($C290=\"S\",OR($R290=\"\",$R290=\"(digite a descrição aqui)\"),OR($Q290<>\"\",$T290>0,$U290>0)),\"DESCRIÇÃO\",\nIF(AND($C290=\"S\",$P290<>\"\",$Q290<>\"\",$S290=\"\"),\"UNIDADE\",\nIF(AND($C290=\"S\",$P290<>\"\",$Q290<>\"\",$U290=0),\"SEM CUSTO\",\nIF(AND(TIPOORCAMENTO=\"Licitado\",$AL290=0,$AN290>0),\"SEM PREÇO\",\nIF(AND($C290=\"S\",$P290<>\"\",$Q290<>\"\",$U290>0,AND($V290<>\"BDI 1\",$V290<>\"BDI 2\",$V290<>\"BDI 3\")),IF(ISNUMBER($V290),\"JUSTIFICAR BDI\",\"BDI\"),\nIF(OR(AND(import.recurso=\"OGU\",TIPOORCAMENTO=\"Proposto\",LEFT($O$8,5)<>\"(N/D:\",$AG290<>\"\",ORÇAMENTO.CustoUnitario>$AG290),AND(TIPOORCAMENTO=\"LICITADO\",ORÇAMENTO.PrecoUnitarioLicitado>$AN290)),\"ACIMA REF.\",\nIF(AND($C290=\"S\",$P290<>\"\",$Q290<>\"\",$T290=0,$U290>0),\"QUANT.\",\nIF(AND(Import.TipoArredondamento=\"TransfereGOV\",$L290=\"F\",$C290=\"S\",LEN($Q290)>13),\"Código >13\",\nIF(AND(Import.TipoArredondamento=\"TransfereGOV\",$L290=\"F\",$C290<>\"S\",LEN($R290)>100),\"Descrição >100\",\nIF(AND(Import.TipoArredondamento=\"TransfereGOV\",$L290=\"F\",$C290=\"S\",LEN($R290)>500),\"Descrição >500\",\nIF(AND(Import.TipoArredondamento=\"TransfereGOV\",$L290=\"F\",$C290=\"S\",LEFT(TRIM(UPPER($P290)),6)<>\"SINAPI\",ISNA(VLOOKUP(TRIM(UPPER($S290)),ListaTgov.Unidades,1,FALSE))),\"Unid. Não Disp\",\n\" \"))))))))))))))))","v":" "},{"$f":"IF(C290<=CRONO.NivelExibicao,MAX($AD$15:OFFSET(AD290,-1,0))+IF($C290<>1,1,MAX(1,COUNTIF(QCI!$A$13:$A$36,OFFSET($E290,-1,0)))),\"\")","v":""},{"$f":"IF(AND($C290=\"S\",ORÇAMENTO.CodBarra<>\"\"),IF(ORÇAMENTO.Fonte=\"\",ORÇAMENTO.CodBarra,CONCATENATE(ORÇAMENTO.Fonte,\" \",ORÇAMENTO.CodBarra)))","v":"Composição COMP65"},{"$f":"IF(ISERROR(ORÇAMENTO.BancoRef),\"(abra o arquivo 'Referência \"&Excel_BuiltIn_Database&\".xlsm)\",IF(OR($C290<>\"S\",ORÇAMENTO.CodBarra=\"\"),\"(Sem Código)\",IF(ISERROR(MATCH($AE290,INDIRECT(ORÇAMENTO.BancoRef),0)),\"(Código não identificado nas referências)\",MATCH($AE290,INDIRECT(ORÇAMENTO.BancoRef),0))))","v":67},{"$f":"ROUND(IF(DESONERACAO=\"sim\",REFERENCIA.Desonerado,REFERENCIA.NaoDesonerado),2)","v":22.59},0.25290000000000001,null,null,null,null,28.3,{"$f":"ROUND(ORÇAMENTO.CustoUnitario*(1+$AH290),2)","v":28.3}]
["S",2,"S",0,{"$f":"IF($C291=1,OFFSET(E291,-1,0)+MAX(1,COUNTIF(QCI!$A$13:$A$36,OFFSET(ORÇAMENTO!E291,-1,0))),OFFSET(E291,-1,0))","v":16},2,0,0,36,0,{"$f":"IF(OR($C291=\"S\",$C291=0),0,MATCH(OFFSET($D291,0,$C291)+IF($C291<>1,1,COUNTIF(QCI!$A$13:$A$36,ORÇAMENTO!E291)),OFFSET($D291,1,$C291,ROW($C$472)-ROW($C291)),0))","v":0},"F","Serviço","Serviço","16.2.0.36.","Composição","COMP66",{"$f":"IF($C291=\"S\",REFERENCIA.Descricao,\"(digite a descrição aqui)\")","v":"CAIXA DE COLETORA DE TALVEGUE - CCT 02 (PADRÃO DNIT)"},{"$f":"REFERENCIA.Unidade","v":"UN"},{"$f":"OFFSET(CÁLCULO!H$15,ROW($T291)-ROW(T$15),0)","v":1},4152.45,"BDI 1",{"$f":"IF($C291=\"S\",ROUND(IF(TIPOORCAMENTO=\"Proposto\",ORÇAMENTO.CustoUnitario*(1+$AH291),ORÇAMENTO.PrecoUnitarioLicitado),15-13*$AF$10),0)","v":5202.6000000000004},{"$f":"IF($C291=\"S\",IF(OR(Import.TipoArredondamento<>\"TransfereGOV\",ACOMPANHAMENTO=\"BM\"),VTOTAL1,SUM(OFFSET(CÁLCULO!$AI$15,ROW($X291)-ROW($X$15),1):OFFSET(CÁLCULO!$BB$15,ROW($X291)-ROW($X$15),-1))),IF($C291=0,0,ROUND(SomaAgrup,15-13*$AF$11)))","v":5202.6000000000004},"RA","RA",{"$f":"IF($C291=\"S\",IF($Z291=\"CP\",$X291,IF($Z291=\"RA\",(($X291)*QCI!$AA$3),0)),SomaAgrup)","v":450.20024639474553},{"$f":"IF($C291=\"S\",IF($Z291=\"OU\",ROUND($X291,2),0),SomaAgrup)","v":0},{"$f":"IF($N291=\"\",\" \",\nIF(AND($C291<>\"S\",OR($R291=\"\",$R291=\"(digite a descrição aqui)\")),\"DESCRIÇÃO\",\nIF(AND($C291=\"S\",OR($Q291<>\"\",$T291>0,$U291>0),$P291=\"\"),\"FONTE\",\nIF(AND($C291=\"S\",$P291<>\"\",OR($T291>0,$U291>0),$Q291=\"\"),\"CÓDIGO\",\nIF(AND($C291=\"S\",$P291<>\"\",$Q291<>\"\",$R291=\"(Código não identificado nas referências)\"),\"CÓDIGO N/ID\",\nIF(AND($C291=\"S\",OR($R291=\"\",$R291=\"(digite a descrição aqui)\"),OR($Q291<>\"\",$T291>0,$U291>0)),\"DESCRIÇÃO\",\nIF(AND($C291=\"S\",$P291<>\"\",$Q291<>\"\",$S291=\"\"),\"UNIDADE\",\nIF(AND($C291=\"S\",$P291<>\"\",$Q291<>\"\",$U291=0),\"SEM CUSTO\",\nIF(AND(TIPOORCAMENTO=\"Licitado\",$AL291=0,$AN291>0),\"SEM PREÇO\",\nIF(AND($C291=\"S\",$P291<>\"\",$Q291<>\"\",$U291>0,AND($V291<>\"BDI 1\",$V291<>\"BDI 2\",$V291<>\"BDI 3\")),IF(ISNUMBER($V291),\"JUSTIFICAR BDI\",\"BDI\"),\nIF(OR(AND(import.recurso=\"OGU\",TIPOORCAMENTO=\"Proposto\",LEFT($O$8,5)<>\"(N/D:\",$AG291<>\"\",ORÇAMENTO.CustoUnitario>$AG291),AND(TIPOORCAMENTO=\"LICITADO\",ORÇAMENTO.PrecoUnitarioLicitado>$AN291)),\"ACIMA REF.\",\nIF(AND($C291=\"S\",$P291<>\"\",$Q291<>\"\",$T291=0,$U291>0),\"QUANT.\",\nIF(AND(Import.TipoArredondamento=\"TransfereGOV\",$L291=\"F\",$C291=\"S\",LEN($Q291)>13),\"Código >13\",\nIF(AND(Import.TipoArredondamento=\"TransfereGOV\",$L291=\"F\",$C291<>\"S\",LEN($R291)>100),\"Descrição >100\",\nIF(AND(Import.TipoArredondamento=\"TransfereGOV\",$L291=\"F\",$C291=\"S\",LEN($R291)>500),\"Descrição >500\",\nIF(AND(Import.TipoArredondamento=\"TransfereGOV\",$L291=\"F\",$C291=\"S\",LEFT(TRIM(UPPER($P291)),6)<>\"SINAPI\",ISNA(VLOOKUP(TRIM(UPPER($S291)),ListaTgov.Unidades,1,FALSE))),\"Unid. Não Disp\",\n\" \"))))))))))))))))","v":" "},{"$f":"IF(C291<=CRONO.NivelExibicao,MAX($AD$15:OFFSET(AD291,-1,0))+IF($C291<>1,1,MAX(1,COUNTIF(QCI!$A$13:$A$36,OFFSET($E291,-1,0)))),\"\")","v":""},{"$f":"IF(AND($C291=\"S\",ORÇAMENTO.CodBarra<>\"\"),IF(ORÇAMENTO.Fonte=\"\",ORÇAMENTO.CodBarra,CONCATENATE(ORÇAMENTO.Fonte,\" \",ORÇAMENTO.CodBarra)))","v":"Composição COMP66"},{"$f":"IF(ISERROR(ORÇAMENTO.BancoRef),\"(abra o arquivo 'Referência \"&Excel_BuiltIn_Database&\".xlsm)\",IF(OR($C291<>\"S\",ORÇAMENTO.CodBarra=\"\"),\"(Sem Código)\",IF(ISERROR(MATCH($AE291,INDIRECT(ORÇAMENTO.BancoRef),0)),\"(Código não identificado nas referências)\",MATCH($AE291,INDIRECT(ORÇAMENTO.BancoRef),0))))","v":68},{"$f":"ROUND(IF(DESONERACAO=\"sim\",REFERENCIA.Desonerado,REFERENCIA.NaoDesonerado),2)","v":4152.45},0.25290000000000001,null,null,null,null,5202.6000000000004,{"$f":"ROUND(ORÇAMENTO.CustoUnitario*(1+$AH291),2)","v":5202.6000000000004}]
["S",2,"S",0,{"$f":"IF($C292=1,OFFSET(E292,-1,0)+MAX(1,COUNTIF(QCI!$A$13:$A$36,OFFSET(ORÇAMENTO!E292,-1,0))),OFFSET(E292,-1,0))","v":16},2,0,0,37,0,{"$f":"IF(OR($C292=\"S\",$C292=0),0,MATCH(OFFSET($D292,0,$C292)+IF($C292<>1,1,COUNTIF(QCI!$A$13:$A$36,ORÇAMENTO!E292)),OFFSET($D292,1,$C292,ROW($C$472)-ROW($C292)),0))","v":0},"F","Serviço","Serviço","16.2.0.37.","SINAPI","94962",{"$f":"IF($C292=\"S\",REFERENCIA.Descricao,\"(digite a descrição aqui)\")","v":"CONCRETO MAGRO PARA LASTRO, TRAÇO 1:4,5:4,5 (EM MASSA SECA DE CIMENTO/ AREIA MÉDIA/ BRITA 1) - PREPARO MECÂNICO COM BETONEIRA 400 L. AF_05/2021"},{"$f":"REFERENCIA.Unidade","v":"M3"},{"$f":"OFFSET(CÁLCULO!H$15,ROW($T292)-ROW(T$15),0)","v":0.2},460.54,"BDI 1",{"$f":"IF($C292=\"S\",ROUND(IF(TIPOORCAMENTO=\"Proposto\",ORÇAMENTO.CustoUnitario*(1+$AH292),ORÇAMENTO.PrecoUnitarioLicitado),15-13*$AF$10),0)","v":577.01},{"$f":"IF($C292=\"S\",IF(OR(Import.TipoArredondamento<>\"TransfereGOV\",ACOMPANHAMENTO=\"BM\"),VTOTAL1,SUM(OFFSET(CÁLCULO!$AI$15,ROW($X292)-ROW($X$15),1):OFFSET(CÁLCULO!$BB$15,ROW($X292)-ROW($X$15),-1))),IF($C292=0,0,ROUND(SomaAgrup,15-13*$AF$11)))","v":115.4},"RA","RA",{"$f":"IF($C292=\"S\",IF($Z292=\"CP\",$X292,IF($Z292=\"RA\",(($X292)*QCI!$AA$3),0)),SomaAgrup)","v":9.9859893964467066},{"$f":"IF($C292=\"S\",IF($Z292=\"OU\",ROUND($X292,2),0),SomaAgrup)","v":0},{"$f":"IF($N292=\"\",\" \",\nIF(AND($C292<>\"S\",OR($R292=\"\",$R292=\"(digite a descrição aqui)\")),\"DESCRIÇÃO\",\nIF(AND($C292=\"S\",OR($Q292<>\"\",$T292>0,$U292>0),$P292=\"\"),\"FONTE\",\nIF(AND($C292=\"S\",$P292<>\"\",OR($T292>0,$U292>0),$Q292=\"\"),\"CÓDIGO\",\nIF(AND($C292=\"S\",$P292<>\"\",$Q292<>\"\",$R292=\"(Código não identificado nas referências)\"),\"CÓDIGO N/ID\",\nIF(AND($C292=\"S\",OR($R292=\"\",$R292=\"(digite a descrição aqui)\"),OR($Q292<>\"\",$T292>0,$U292>0)),\"DESCRIÇÃO\",\nIF(AND($C292=\"S\",$P292<>\"\",$Q292<>\"\",$S292=\"\"),\"UNIDADE\",\nIF(AND($C292=\"S\",$P292<>\"\",$Q292<>\"\",$U292=0),\"SEM CUSTO\",\nIF(AND(TIPOORCAMENTO=\"Licitado\",$AL292=0,$AN292>0),\"SEM PREÇO\",\nIF(AND($C292=\"S\",$P292<>\"\",$Q292<>\"\",$U292>0,AND($V292<>\"BDI 1\",$V292<>\"BDI 2\",$V292<>\"BDI 3\")),IF(ISNUMBER($V292),\"JUSTIFICAR BDI\",\"BDI\"),\nIF(OR(AND(import.recurso=\"OGU\",TIPOORCAMENTO=\"Proposto\",LEFT($O$8,5)<>\"(N/D:\",$AG292<>\"\",ORÇAMENTO.CustoUnitario>$AG292),AND(TIPOORCAMENTO=\"LICITADO\",ORÇAMENTO.PrecoUnitarioLicitado>$AN292)),\"ACIMA REF.\",\nIF(AND($C292=\"S\",$P292<>\"\",$Q292<>\"\",$T292=0,$U292>0),\"QUANT.\",\nIF(AND(Import.TipoArredondamento=\"TransfereGOV\",$L292=\"F\",$C292=\"S\",LEN($Q292)>13),\"Código >13\",\nIF(AND(Import.TipoArredondamento=\"TransfereGOV\",$L292=\"F\",$C292<>\"S\",LEN($R292)>100),\"Descrição >100\",\nIF(AND(Import.TipoArredondamento=\"TransfereGOV\",$L292=\"F\",$C292=\"S\",LEN($R292)>500),\"Descrição >500\",\nIF(AND(Import.TipoArredondamento=\"TransfereGOV\",$L292=\"F\",$C292=\"S\",LEFT(TRIM(UPPER($P292)),6)<>\"SINAPI\",ISNA(VLOOKUP(TRIM(UPPER($S292)),ListaTgov.Unidades,1,FALSE))),\"Unid. Não Disp\",\n\" \"))))))))))))))))","v":" "},{"$f":"IF(C292<=CRONO.NivelExibicao,MAX($AD$15:OFFSET(AD292,-1,0))+IF($C292<>1,1,MAX(1,COUNTIF(QCI!$A$13:$A$36,OFFSET($E292,-1,0)))),\"\")","v":""},{"$f":"IF(AND($C292=\"S\",ORÇAMENTO.CodBarra<>\"\"),IF(ORÇAMENTO.Fonte=\"\",ORÇAMENTO.CodBarra,CONCATENATE(ORÇAMENTO.Fonte,\" \",ORÇAMENTO.CodBarra)))","v":"SINAPI 94962"},{"$f":"IF(ISERROR(ORÇAMENTO.BancoRef),\"(abra o arquivo 'Referência \"&Excel_BuiltIn_Database&\".xlsm)\",IF(OR($C292<>\"S\",ORÇAMENTO.CodBarra=\"\"),\"(Sem Código)\",IF(ISERROR(MATCH($AE292,INDIRECT(ORÇAMENTO.BancoRef),0)),\"(Código não identificado nas referências)\",MATCH($AE292,INDIRECT(ORÇAMENTO.BancoRef),0))))","v":14611},{"$f":"ROUND(IF(DESONERACAO=\"sim\",REFERENCIA.Desonerado,REFERENCIA.NaoDesonerado),2)","v":460.54},0.25290000000000001,null,null,null,null,115.4,{"$f":"ROUND(ORÇAMENTO.CustoUnitario*(1+$AH292),2)","v":577.01}]
["S",2,"S",0,{"$f":"IF($C293=1,OFFSET(E293,-1,0)+MAX(1,COUNTIF(QCI!$A$13:$A$36,OFFSET(ORÇAMENTO!E293,-1,0))),OFFSET(E293,-1,0))","v":16},2,0,0,38,0,{"$f":"IF(OR($C293=\"S\",$C293=0),0,MATCH(OFFSET($D293,0,$C293)+IF($C293<>1,1,COUNTIF(QCI!$A$13:$A$36,ORÇAMENTO!E293)),OFFSET($D293,1,$C293,ROW($C$472)-ROW($C293)),0))","v":0},"F","Serviço","Serviço","16.2.0.38.","SINAPI","104348",{"$f":"IF($C293=\"S\",REFERENCIA.Descricao,\"(digite a descrição aqui)\")","v":"TERMINAL DE VENTILAÇÃO, PVC, SÉRIE NORMAL, ESGOTO PREDIAL, DN 50 MM, JUNTA SOLDÁVEL, FORNECIDO E INSTALADO EM PRUMADA DE ESGOTO SANITÁRIO OU VENTILAÇÃO. AF_08/2022"},{"$f":"REFERENCIA.Unidade","v":"UN"},{"$f":"OFFSET(CÁLCULO!H$15,ROW($T293)-ROW(T$15),0)","v":19},12.21,"BDI 1",{"$f":"IF($C293=\"S\",ROUND(IF(TIPOORCAMENTO=\"Proposto\",ORÇAMENTO.CustoUnitario*(1+$AH293),ORÇAMENTO.PrecoUnitarioLicitado),15-13*$AF$10),0)","v":15.3},{"$f":"IF($C293=\"S\",IF(OR(Import.TipoArredondamento<>\"TransfereGOV\",ACOMPANHAMENTO=\"BM\"),VTOTAL1,SUM(OFFSET(CÁLCULO!$AI$15,ROW($X293)-ROW($X$15),1):OFFSET(CÁLCULO!$BB$15,ROW($X293)-ROW($X$15),-1))),IF($C293=0,0,ROUND(SomaAgrup,15-13*$AF$11)))","v":290.7},"RA","RA",{"$f":"IF($C293=\"S\",IF($Z293=\"CP\",$X293,IF($Z293=\"RA\",(($X293)*QCI!$AA$3),0)),SomaAgrup)","v":25.155347639055954},{"$f":"IF($C293=\"S\",IF($Z293=\"OU\",ROUND($X293,2),0),SomaAgrup)","v":0},{"$f":"IF($N293=\"\",\" \",\nIF(AND($C293<>\"S\",OR($R293=\"\",$R293=\"(digite a descrição aqui)\")),\"DESCRIÇÃO\",\nIF(AND($C293=\"S\",OR($Q293<>\"\",$T293>0,$U293>0),$P293=\"\"),\"FONTE\",\nIF(AND($C293=\"S\",$P293<>\"\",OR($T293>0,$U293>0),$Q293=\"\"),\"CÓDIGO\",\nIF(AND($C293=\"S\",$P293<>\"\",$Q293<>\"\",$R293=\"(Código não identificado nas referências)\"),\"CÓDIGO N/ID\",\nIF(AND($C293=\"S\",OR($R293=\"\",$R293=\"(digite a descrição aqui)\"),OR($Q293<>\"\",$T293>0,$U293>0)),\"DESCRIÇÃO\",\nIF(AND($C293=\"S\",$P293<>\"\",$Q293<>\"\",$S293=\"\"),\"UNIDADE\",\nIF(AND($C293=\"S\",$P293<>\"\",$Q293<>\"\",$U293=0),\"SEM CUSTO\",\nIF(AND(TIPOORCAMENTO=\"Licitado\",$AL293=0,$AN293>0),\"SEM PREÇO\",\nIF(AND($C293=\"S\",$P293<>\"\",$Q293<>\"\",$U293>0,AND($V293<>\"BDI 1\",$V293<>\"BDI 2\",$V293<>\"BDI 3\")),IF(ISNUMBER($V293),\"JUSTIFICAR BDI\",\"BDI\"),\nIF(OR(AND(import.recurso=\"OGU\",TIPOORCAMENTO=\"Proposto\",LEFT($O$8,5)<>\"(N/D:\",$AG293<>\"\",ORÇAMENTO.CustoUnitario>$AG293),AND(TIPOORCAMENTO=\"LICITADO\",ORÇAMENTO.PrecoUnitarioLicitado>$AN293)),\"ACIMA REF.\",\nIF(AND($C293=\"S\",$P293<>\"\",$Q293<>\"\",$T293=0,$U293>0),\"QUANT.\",\nIF(AND(Import.TipoArredondamento=\"TransfereGOV\",$L293=\"F\",$C293=\"S\",LEN($Q293)>13),\"Código >13\",\nIF(AND(Import.TipoArredondamento=\"TransfereGOV\",$L293=\"F\",$C293<>\"S\",LEN($R293)>100),\"Descrição >100\",\nIF(AND(Import.TipoArredondamento=\"TransfereGOV\",$L293=\"F\",$C293=\"S\",LEN($R293)>500),\"Descrição >500\",\nIF(AND(Import.TipoArredondamento=\"TransfereGOV\",$L293=\"F\",$C293=\"S\",LEFT(TRIM(UPPER($P293)),6)<>\"SINAPI\",ISNA(VLOOKUP(TRIM(UPPER($S293)),ListaTgov.Unidades,1,FALSE))),\"Unid. Não Disp\",\n\" \"))))))))))))))))","v":" "},{"$f":"IF(C293<=CRONO.NivelExibicao,MAX($AD$15:OFFSET(AD293,-1,0))+IF($C293<>1,1,MAX(1,COUNTIF(QCI!$A$13:$A$36,OFFSET($E293,-1,0)))),\"\")","v":""},{"$f":"IF(AND($C293=\"S\",ORÇAMENTO.CodBarra<>\"\"),IF(ORÇAMENTO.Fonte=\"\",ORÇAMENTO.CodBarra,CONCATENATE(ORÇAMENTO.Fonte,\" \",ORÇAMENTO.CodBarra)))","v":"SINAPI 104348"},{"$f":"IF(ISERROR(ORÇAMENTO.BancoRef),\"(abra o arquivo 'Referência \"&Excel_BuiltIn_Database&\".xlsm)\",IF(OR($C293<>\"S\",ORÇAMENTO.CodBarra=\"\"),\"(Sem Código)\",IF(ISERROR(MATCH($AE293,INDIRECT(ORÇAMENTO.BancoRef),0)),\"(Código não identificado nas referências)\",MATCH($AE293,INDIRECT(ORÇAMENTO.BancoRef),0))))","v":11713},{"$f":"ROUND(IF(DESONERACAO=\"sim\",REFERENCIA.Desonerado,REFERENCIA.NaoDesonerado),2)","v":12.21},0.25290000000000001,null,null,null,null,290.7,{"$f":"ROUND(ORÇAMENTO.CustoUnitario*(1+$AH293),2)","v":15.3}]
["S",2,"S",0,{"$f":"IF($C294=1,OFFSET(E294,-1,0)+MAX(1,COUNTIF(QCI!$A$13:$A$36,OFFSET(ORÇAMENTO!E294,-1,0))),OFFSET(E294,-1,0))","v":16},2,0,0,39,0,{"$f":"IF(OR($C294=\"S\",$C294=0),0,MATCH(OFFSET($D294,0,$C294)+IF($C294<>1,1,COUNTIF(QCI!$A$13:$A$36,ORÇAMENTO!E294)),OFFSET($D294,1,$C294,ROW($C$472)-ROW($C294)),0))","v":0},"F","Serviço","Serviço","16.2.0.39.","SINAPI","89825",{"$f":"IF($C294=\"S\",REFERENCIA.Descricao,\"(digite a descrição aqui)\")","v":"TE, PVC, SERIE NORMAL, ESGOTO PREDIAL, DN 50 X 50 MM, JUNTA ELÁSTICA, FORNECIDO E INSTALADO EM PRUMADA DE ESGOTO SANITÁRIO OU VENTILAÇÃO. AF_08/2022"},{"$f":"REFERENCIA.Unidade","v":"UN"},{"$f":"OFFSET(CÁLCULO!H$15,ROW($T294)-ROW(T$15),0)","v":17},18.02,"BDI 1",{"$f":"IF($C294=\"S\",ROUND(IF(TIPOORCAMENTO=\"Proposto\",ORÇAMENTO.CustoUnitario*(1+$AH294),ORÇAMENTO.PrecoUnitarioLicitado),15-13*$AF$10),0)","v":22.58},{"$f":"IF($C294=\"S\",IF(OR(Import.TipoArredondamento<>\"TransfereGOV\",ACOMPANHAMENTO=\"BM\"),VTOTAL1,SUM(OFFSET(CÁLCULO!$AI$15,ROW($X294)-ROW($X$15),1):OFFSET(CÁLCULO!$BB$15,ROW($X294)-ROW($X$15),-1))),IF($C294=0,0,ROUND(SomaAgrup,15-13*$AF$11)))","v":383.86},"RA","RA",{"$f":"IF($C294=\"S\",IF($Z294=\"CP\",$X294,IF($Z294=\"RA\",(($X294)*QCI!$AA$3),0)),SomaAgrup)","v":33.216827467244649},{"$f":"IF($C294=\"S\",IF($Z294=\"OU\",ROUND($X294,2),0),SomaAgrup)","v":0},{"$f":"IF($N294=\"\",\" \",\nIF(AND($C294<>\"S\",OR($R294=\"\",$R294=\"(digite a descrição aqui)\")),\"DESCRIÇÃO\",\nIF(AND($C294=\"S\",OR($Q294<>\"\",$T294>0,$U294>0),$P294=\"\"),\"FONTE\",\nIF(AND($C294=\"S\",$P294<>\"\",OR($T294>0,$U294>0),$Q294=\"\"),\"CÓDIGO\",\nIF(AND($C294=\"S\",$P294<>\"\",$Q294<>\"\",$R294=\"(Código não identificado nas referências)\"),\"CÓDIGO N/ID\",\nIF(AND($C294=\"S\",OR($R294=\"\",$R294=\"(digite a descrição aqui)\"),OR($Q294<>\"\",$T294>0,$U294>0)),\"DESCRIÇÃO\",\nIF(AND($C294=\"S\",$P294<>\"\",$Q294<>\"\",$S294=\"\"),\"UNIDADE\",\nIF(AND($C294=\"S\",$P294<>\"\",$Q294<>\"\",$U294=0),\"SEM CUSTO\",\nIF(AND(TIPOORCAMENTO=\"Licitado\",$AL294=0,$AN294>0),\"SEM PREÇO\",\nIF(AND($C294=\"S\",$P294<>\"\",$Q294<>\"\",$U294>0,AND($V294<>\"BDI 1\",$V294<>\"BDI 2\",$V294<>\"BDI 3\")),IF(ISNUMBER($V294),\"JUSTIFICAR BDI\",\"BDI\"),\nIF(OR(AND(import.recurso=\"OGU\",TIPOORCAMENTO=\"Proposto\",LEFT($O$8,5)<>\"(N/D:\",$AG294<>\"\",ORÇAMENTO.CustoUnitario>$AG294),AND(TIPOORCAMENTO=\"LICITADO\",ORÇAMENTO.PrecoUnitarioLicitado>$AN294)),\"ACIMA REF.\",\nIF(AND($C294=\"S\",$P294<>\"\",$Q294<>\"\",$T294=0,$U294>0),\"QUANT.\",\nIF(AND(Import.TipoArredondamento=\"TransfereGOV\",$L294=\"F\",$C294=\"S\",LEN($Q294)>13),\"Código >13\",\nIF(AND(Import.TipoArredondamento=\"TransfereGOV\",$L294=\"F\",$C294<>\"S\",LEN($R294)>100),\"Descrição >100\",\nIF(AND(Import.TipoArredondamento=\"TransfereGOV\",$L294=\"F\",$C294=\"S\",LEN($R294)>500),\"Descrição >500\",\nIF(AND(Import.TipoArredondamento=\"TransfereGOV\",$L294=\"F\",$C294=\"S\",LEFT(TRIM(UPPER($P294)),6)<>\"SINAPI\",ISNA(VLOOKUP(TRIM(UPPER($S294)),ListaTgov.Unidades,1,FALSE))),\"Unid. Não Disp\",\n\" \"))))))))))))))))","v":" "},{"$f":"IF(C294<=CRONO.NivelExibicao,MAX($AD$15:OFFSET(AD294,-1,0))+IF($C294<>1,1,MAX(1,COUNTIF(QCI!$A$13:$A$36,OFFSET($E294,-1,0)))),\"\")","v":""},{"$f":"IF(AND($C294=\"S\",ORÇAMENTO.CodBarra<>\"\"),IF(ORÇAMENTO.Fonte=\"\",ORÇAMENTO.CodBarra,CONCATENATE(ORÇAMENTO.Fonte,\" \",ORÇAMENTO.CodBarra)))","v":"SINAPI 89825"},{"$f":"IF(ISERROR(ORÇAMENTO.BancoRef),\"(abra o arquivo 'Referência \"&Excel_BuiltIn_Database&\".xlsm)\",IF(OR($C294<>\"S\",ORÇAMENTO.CodBarra=\"\"),\"(Sem Código)\",IF(ISERROR(MATCH($AE294,INDIRECT(ORÇAMENTO.BancoRef),0)),\"(Código não identificado nas referências)\",MATCH($AE294,INDIRECT(ORÇAMENTO.BancoRef),0))))","v":11704},{"$f":"ROUND(IF(DESONERACAO=\"sim\",REFERENCIA.Desonerado,REFERENCIA.NaoDesonerado),2)","v":18.02},0.25290000000000001,null,null,null,null,383.86,{"$f":"ROUND(ORÇAMENTO.CustoUnitario*(1+$AH294),2)","v":22.58}]
["S",2,"S",0,{"$f":"IF($C295=1,OFFSET(E295,-1,0)+MAX(1,COUNTIF(QCI!$A$13:$A$36,OFFSET(ORÇAMENTO!E295,-1,0))),OFFSET(E295,-1,0))","v":16},2,0,0,40,0,{"$f":"IF(OR($C295=\"S\",$C295=0),0,MATCH(OFFSET($D295,0,$C295)+IF($C295<>1,1,COUNTIF(QCI!$A$13:$A$36,ORÇAMENTO!E295)),OFFSET($D295,1,$C295,ROW($C$472)-ROW($C295)),0))","v":0},"F","Serviço","Serviço","16.2.0.40.","SINAPI","89829",{"$f":"IF($C295=\"S\",REFERENCIA.Descricao,\"(digite a descrição aqui)\")","v":"TE, PVC, SERIE NORMAL, ESGOTO PREDIAL, DN 75 X 75 MM, JUNTA ELÁSTICA, FORNECIDO E INSTALADO EM PRUMADA DE ESGOTO SANITÁRIO OU VENTILAÇÃO. AF_08/2022"},{"$f":"REFERENCIA.Unidade","v":"UN"},{"$f":"OFFSET(CÁLCULO!H$15,ROW($T295)-ROW(T$15),0)","v":1},37.869999999999997,"BDI 1",{"$f":"IF($C295=\"S\",ROUND(IF(TIPOORCAMENTO=\"Proposto\",ORÇAMENTO.CustoUnitario*(1+$AH295),ORÇAMENTO.PrecoUnitarioLicitado),15-13*$AF$10),0)","v":47.45},{"$f":"IF($C295=\"S\",IF(OR(Import.TipoArredondamento<>\"TransfereGOV\",ACOMPANHAMENTO=\"BM\"),VTOTAL1,SUM(OFFSET(CÁLCULO!$AI$15,ROW($X295)-ROW($X$15),1):OFFSET(CÁLCULO!$BB$15,ROW($X295)-ROW($X$15),-1))),IF($C295=0,0,ROUND(SomaAgrup,15-13*$AF$11)))","v":47.45},"RA","RA",{"$f":"IF($C295=\"S\",IF($Z295=\"CP\",$X295,IF($Z295=\"RA\",(($X295)*QCI!$AA$3),0)),SomaAgrup)","v":4.1060242362339361},{"$f":"IF($C295=\"S\",IF($Z295=\"OU\",ROUND($X295,2),0),SomaAgrup)","v":0},{"$f":"IF($N295=\"\",\" \",\nIF(AND($C295<>\"S\",OR($R295=\"\",$R295=\"(digite a descrição aqui)\")),\"DESCRIÇÃO\",\nIF(AND($C295=\"S\",OR($Q295<>\"\",$T295>0,$U295>0),$P295=\"\"),\"FONTE\",\nIF(AND($C295=\"S\",$P295<>\"\",OR($T295>0,$U295>0),$Q295=\"\"),\"CÓDIGO\",\nIF(AND($C295=\"S\",$P295<>\"\",$Q295<>\"\",$R295=\"(Código não identificado nas referências)\"),\"CÓDIGO N/ID\",\nIF(AND($C295=\"S\",OR($R295=\"\",$R295=\"(digite a descrição aqui)\"),OR($Q295<>\"\",$T295>0,$U295>0)),\"DESCRIÇÃO\",\nIF(AND($C295=\"S\",$P295<>\"\",$Q295<>\"\",$S295=\"\"),\"UNIDADE\",\nIF(AND($C295=\"S\",$P295<>\"\",$Q295<>\"\",$U295=0),\"SEM CUSTO\",\nIF(AND(TIPOORCAMENTO=\"Licitado\",$AL295=0,$AN295>0),\"SEM PREÇO\",\nIF(AND($C295=\"S\",$P295<>\"\",$Q295<>\"\",$U295>0,AND($V295<>\"BDI 1\",$V295<>\"BDI 2\",$V295<>\"BDI 3\")),IF(ISNUMBER($V295),\"JUSTIFICAR BDI\",\"BDI\"),\nIF(OR(AND(import.recurso=\"OGU\",TIPOORCAMENTO=\"Proposto\",LEFT($O$8,5)<>\"(N/D:\",$AG295<>\"\",ORÇAMENTO.CustoUnitario>$AG295),AND(TIPOORCAMENTO=\"LICITADO\",ORÇAMENTO.PrecoUnitarioLicitado>$AN295)),\"ACIMA REF.\",\nIF(AND($C295=\"S\",$P295<>\"\",$Q295<>\"\",$T295=0,$U295>0),\"QUANT.\",\nIF(AND(Import.TipoArredondamento=\"TransfereGOV\",$L295=\"F\",$C295=\"S\",LEN($Q295)>13),\"Código >13\",\nIF(AND(Import.TipoArredondamento=\"TransfereGOV\",$L295=\"F\",$C295<>\"S\",LEN($R295)>100),\"Descrição >100\",\nIF(AND(Import.TipoArredondamento=\"TransfereGOV\",$L295=\"F\",$C295=\"S\",LEN($R295)>500),\"Descrição >500\",\nIF(AND(Import.TipoArredondamento=\"TransfereGOV\",$L295=\"F\",$C295=\"S\",LEFT(TRIM(UPPER($P295)),6)<>\"SINAPI\",ISNA(VLOOKUP(TRIM(UPPER($S295)),ListaTgov.Unidades,1,FALSE))),\"Unid. Não Disp\",\n\" \"))))))))))))))))","v":" "},{"$f":"IF(C295<=CRONO.NivelExibicao,MAX($AD$15:OFFSET(AD295,-1,0))+IF($C295<>1,1,MAX(1,COUNTIF(QCI!$A$13:$A$36,OFFSET($E295,-1,0)))),\"\")","v":""},{"$f":"IF(AND($C295=\"S\",ORÇAMENTO.CodBarra<>\"\"),IF(ORÇAMENTO.Fonte=\"\",ORÇAMENTO.CodBarra,CONCATENATE(ORÇAMENTO.Fonte,\" \",ORÇAMENTO.CodBarra)))","v":"SINAPI 89829"},{"$f":"IF(ISERROR(ORÇAMENTO.BancoRef),\"(abra o arquivo 'Referência \"&Excel_BuiltIn_Database&\".xlsm)\",IF(OR($C295<>\"S\",ORÇAMENTO.CodBarra=\"\"),\"(Sem Código)\",IF(ISERROR(MATCH($AE295,INDIRECT(ORÇAMENTO.BancoRef),0)),\"(Código não identificado nas referências)\",MATCH($AE295,INDIRECT(ORÇAMENTO.BancoRef),0))))","v":11706},{"$f":"ROUND(IF(DESONERACAO=\"sim\",REFERENCIA.Desonerado,REFERENCIA.NaoDesonerado),2)","v":37.869999999999997},0.25290000000000001,null,null,null,null,47.45,{"$f":"ROUND(ORÇAMENTO.CustoUnitario*(1+$AH295),2)","v":47.45}]
[2,2,2,19,{"$f":"IF($C296=1,OFFSET(E296,-1,0)+MAX(1,COUNTIF(QCI!$A$13:$A$36,OFFSET(ORÇAMENTO!E296,-1,0))),OFFSET(E296,-1,0))","v":16},3,0,0,0,31,{"$f":"IF(OR($C296=\"S\",$C296=0),0,MATCH(OFFSET($D296,0,$C296)+IF($C296<>1,1,COUNTIF(QCI!$A$13:$A$36,ORÇAMENTO!E296)),OFFSET($D296,1,$C296,ROW($C$472)-ROW($C296)),0))","v":19},"F","Nível 2","Nível 2","16.3.","SINAPI",null,{"$f":"IF($C296=\"S\",REFERENCIA.Descricao,\"PLUVIAL\")","v":"PLUVIAL"},{"$f":"REFERENCIA.Unidade","v":"-"},{"$f":"OFFSET(CÁLCULO!H$15,ROW($T296)-ROW(T$15),0)","v":0},null,"BDI 1",{"$f":"IF($C296=\"S\",ROUND(IF(TIPOORCAMENTO=\"Proposto\",ORÇAMENTO.CustoUnitario*(1+$AH296),ORÇAMENTO.PrecoUnitarioLicitado),15-13*$AF$10),0)","v":0},{"$f":"IF($C296=\"S\",IF(OR(Import.TipoArredondamento<>\"TransfereGOV\",ACOMPANHAMENTO=\"BM\"),VTOTAL1,SUM(OFFSET(CÁLCULO!$AI$15,ROW($X296)-ROW($X$15),1):OFFSET(CÁLCULO!$BB$15,ROW($X296)-ROW($X$15),-1))),IF($C296=0,0,ROUND(SomaAgrup,15-13*$AF$11)))","v":22519.24},"RA","",{"$f":"IF($C296=\"S\",IF($Z296=\"CP\",$X296,IF($Z296=\"RA\",(($X296)*QCI!$AA$3),0)),SomaAgrup)","v":1948.6732396537134},{"$f":"IF($C296=\"S\",IF($Z296=\"OU\",ROUND($X296,2),0),SomaAgrup)","v":0},{"$f":"IF($N296=\"\",\" \",\nIF(AND($C296<>\"S\",OR($R296=\"\",$R296=\"(digite a descrição aqui)\")),\"DESCRIÇÃO\",\nIF(AND($C296=\"S\",OR($Q296<>\"\",$T296>0,$U296>0),$P296=\"\"),\"FONTE\",\nIF(AND($C296=\"S\",$P296<>\"\",OR($T296>0,$U296>0),$Q296=\"\"),\"CÓDIGO\",\nIF(AND($C296=\"S\",$P296<>\"\",$Q296<>\"\",$R296=\"(Código não identificado nas referências)\"),\"CÓDIGO N/ID\",\nIF(AND($C296=\"S\",OR($R296=\"\",$R296=\"(digite a descrição aqui)\"),OR($Q296<>\"\",$T296>0,$U296>0)),\"DESCRIÇÃO\",\nIF(AND($C296=\"S\",$P296<>\"\",$Q296<>\"\",$S296=\"\"),\"UNIDADE\",\nIF(AND($C296=\"S\",$P296<>\"\",$Q296<>\"\",$U296=0),\"SEM CUSTO\",\nIF(AND(TIPOORCAMENTO=\"Licitado\",$AL296=0,$AN296>0),\"SEM PREÇO\",\nIF(AND($C296=\"S\",$P296<>\"\",$Q296<>\"\",$U296>0,AND($V296<>\"BDI 1\",$V296<>\"BDI 2\",$V296<>\"BDI 3\")),IF(ISNUMBER($V296),\"JUSTIFICAR BDI\",\"BDI\"),\nIF(OR(AND(import.recurso=\"OGU\",TIPOORCAMENTO=\"Proposto\",LEFT($O$8,5)<>\"(N/D:\",$AG296<>\"\",ORÇAMENTO.CustoUnitario>$AG296),AND(TIPOORCAMENTO=\"LICITADO\",ORÇAMENTO.PrecoUnitarioLicitado>$AN296)),\"ACIMA REF.\",\nIF(AND($C296=\"S\",$P296<>\"\",$Q296<>\"\",$T296=0,$U296>0),\"QUANT.\",\nIF(AND(Import.TipoArredondamento=\"TransfereGOV\",$L296=\"F\",$C296=\"S\",LEN($Q296)>13),\"Código >13\",\nIF(AND(Import.TipoArredondamento=\"TransfereGOV\",$L296=\"F\",$C296<>\"S\",LEN($R296)>100),\"Descrição >100\",\nIF(AND(Import.TipoArredondamento=\"TransfereGOV\",$L296=\"F\",$C296=\"S\",LEN($R296)>500),\"Descrição >500\",\nIF(AND(Import.TipoArredondamento=\"TransfereGOV\",$L296=\"F\",$C296=\"S\",LEFT(TRIM(UPPER($P296)),6)<>\"SINAPI\",ISNA(VLOOKUP(TRIM(UPPER($S296)),ListaTgov.Unidades,1,FALSE))),\"Unid. Não Disp\",\n\" \"))))))))))))))))","v":" "},{"$f":"IF(C296<=CRONO.NivelExibicao,MAX($AD$15:OFFSET(AD296,-1,0))+IF($C296<>1,1,MAX(1,COUNTIF(QCI!$A$13:$A$36,OFFSET($E296,-1,0)))),\"\")","v":53},{"$f":"IF(AND($C296=\"S\",ORÇAMENTO.CodBarra<>\"\"),IF(ORÇAMENTO.Fonte=\"\",ORÇAMENTO.CodBarra,CONCATENATE(ORÇAMENTO.Fonte,\" \",ORÇAMENTO.CodBarra)))","v":false},{"$f":"IF(ISERROR(ORÇAMENTO.BancoRef),\"(abra o arquivo 'Referência \"&Excel_BuiltIn_Database&\".xlsm)\",IF(OR($C296<>\"S\",ORÇAMENTO.CodBarra=\"\"),\"(Sem Código)\",IF(ISERROR(MATCH($AE296,INDIRECT(ORÇAMENTO.BancoRef),0)),\"(Código não identificado nas referências)\",MATCH($AE296,INDIRECT(ORÇAMENTO.BancoRef),0))))","v":"(Sem Código)"},{"$f":"ROUND(IF(DESONERACAO=\"sim\",REFERENCIA.Desonerado,REFERENCIA.NaoDesonerado),2)","v":0},0.25290000000000001,null,null,null,null,22519.24,{"$f":"ROUND(ORÇAMENTO.CustoUnitario*(1+$AH296),2)","v":0}]
["S",2,"S",0,{"$f":"IF($C297=1,OFFSET(E297,-1,0)+MAX(1,COUNTIF(QCI!$A$13:$A$36,OFFSET(ORÇAMENTO!E297,-1,0))),OFFSET(E297,-1,0))","v":16},3,0,0,1,0,{"$f":"IF(OR($C297=\"S\",$C297=0),0,MATCH(OFFSET($D297,0,$C297)+IF($C297<>1,1,COUNTIF(QCI!$A$13:$A$36,ORÇAMENTO!E297)),OFFSET($D297,1,$C297,ROW($C$472)-ROW($C297)),0))","v":0},"F","Serviço","Serviço","16.3.0.1.","Composição","COMP67",{"$f":"IF($C297=\"S\",REFERENCIA.Descricao,\"(digite a descrição aqui)\")","v":"CAIXA DE PASSAGEM EM ALVENARIA DE TIJOLOS MACIÇOS ESP. = 0,12M,  DIM. INT. = 0.50 X 0.50 X 0.60M, COM GRELHA DE FERRO FUNDIDO"},{"$f":"REFERENCIA.Unidade","v":"UN"},{"$f":"OFFSET(CÁLCULO!H$15,ROW($T297)-ROW(T$15),0)","v":4},{"$f":"AG297","v":740.72},"BDI 1",{"$f":"IF($C297=\"S\",ROUND(IF(TIPOORCAMENTO=\"Proposto\",ORÇAMENTO.CustoUnitario*(1+$AH297),ORÇAMENTO.PrecoUnitarioLicitado),15-13*$AF$10),0)","v":928.05},{"$f":"IF($C297=\"S\",IF(OR(Import.TipoArredondamento<>\"TransfereGOV\",ACOMPANHAMENTO=\"BM\"),VTOTAL1,SUM(OFFSET(CÁLCULO!$AI$15,ROW($X297)-ROW($X$15),1):OFFSET(CÁLCULO!$BB$15,ROW($X297)-ROW($X$15),-1))),IF($C297=0,0,ROUND(SomaAgrup,15-13*$AF$11)))","v":3712.2},"RA","RA",{"$f":"IF($C297=\"S\",IF($Z297=\"CP\",$X297,IF($Z297=\"RA\",(($X297)*QCI!$AA$3),0)),SomaAgrup)","v":321.23041453630378},{"$f":"IF($C297=\"S\",IF($Z297=\"OU\",ROUND($X297,2),0),SomaAgrup)","v":0},{"$f":"IF($N297=\"\",\" \",\nIF(AND($C297<>\"S\",OR($R297=\"\",$R297=\"(digite a descrição aqui)\")),\"DESCRIÇÃO\",\nIF(AND($C297=\"S\",OR($Q297<>\"\",$T297>0,$U297>0),$P297=\"\"),\"FONTE\",\nIF(AND($C297=\"S\",$P297<>\"\",OR($T297>0,$U297>0),$Q297=\"\"),\"CÓDIGO\",\nIF(AND($C297=\"S\",$P297<>\"\",$Q297<>\"\",$R297=\"(Código não identificado nas referências)\"),\"CÓDIGO N/ID\",\nIF(AND($C297=\"S\",OR($R297=\"\",$R297=\"(digite a descrição aqui)\"),OR($Q297<>\"\",$T297>0,$U297>0)),\"DESCRIÇÃO\",\nIF(AND($C297=\"S\",$P297<>\"\",$Q297<>\"\",$S297=\"\"),\"UNIDADE\",\nIF(AND($C297=\"S\",$P297<>\"\",$Q297<>\"\",$U297=0),\"SEM CUSTO\",\nIF(AND(TIPOORCAMENTO=\"Licitado\",$AL297=0,$AN297>0),\"SEM PREÇO\",\nIF(AND($C297=\"S\",$P297<>\"\",$Q297<>\"\",$U297>0,AND($V297<>\"BDI 1\",$V297<>\"BDI 2\",$V297<>\"BDI 3\")),IF(ISNUMBER($V297),\"JUSTIFICAR BDI\",\"BDI\"),\nIF(OR(AND(import.recurso=\"OGU\",TIPOORCAMENTO=\"Proposto\",LEFT($O$8,5)<>\"(N/D:\",$AG297<>\"\",ORÇAMENTO.CustoUnitario>$AG297),AND(TIPOORCAMENTO=\"LICITADO\",ORÇAMENTO.PrecoUnitarioLicitado>$AN297)),\"ACIMA REF.\",\nIF(AND($C297=\"S\",$P297<>\"\",$Q297<>\"\",$T297=0,$U297>0),\"QUANT.\",\nIF(AND(Import.TipoArredondamento=\"TransfereGOV\",$L297=\"F\",$C297=\"S\",LEN($Q297)>13),\"Código >13\",\nIF(AND(Import.TipoArredondamento=\"TransfereGOV\",$L297=\"F\",$C297<>\"S\",LEN($R297)>100),\"Descrição >100\",\nIF(AND(Import.TipoArredondamento=\"TransfereGOV\",$L297=\"F\",$C297=\"S\",LEN($R297)>500),\"Descrição >500\",\nIF(AND(Import.TipoArredondamento=\"TransfereGOV\",$L297=\"F\",$C297=\"S\",LEFT(TRIM(UPPER($P297)),6)<>\"SINAPI\",ISNA(VLOOKUP(TRIM(UPPER($S297)),ListaTgov.Unidades,1,FALSE))),\"Unid. Não Disp\",\n\" \"))))))))))))))))","v":" "},{"$f":"IF(C297<=CRONO.NivelExibicao,MAX($AD$15:OFFSET(AD297,-1,0))+IF($C297<>1,1,MAX(1,COUNTIF(QCI!$A$13:$A$36,OFFSET($E297,-1,0)))),\"\")","v":""},{"$f":"IF(AND($C297=\"S\",ORÇAMENTO.CodBarra<>\"\"),IF(ORÇAMENTO.Fonte=\"\",ORÇAMENTO.CodBarra,CONCATENATE(ORÇAMENTO.Fonte,\" \",ORÇAMENTO.CodBarra)))","v":"Composição COMP67"},{"$f":"IF(ISERROR(ORÇAMENTO.BancoRef),\"(abra o arquivo 'Referência \"&Excel_BuiltIn_Database&\".xlsm)\",IF(OR($C297<>\"S\",ORÇAMENTO.CodBarra=\"\"),\"(Sem Código)\",IF(ISERROR(MATCH($AE297,INDIRECT(ORÇAMENTO.BancoRef),0)),\"(Código não identificado nas referências)\",MATCH($AE297,INDIRECT(ORÇAMENTO.BancoRef),0))))","v":69},{"$f":"ROUND(IF(DESONERACAO=\"sim\",REFERENCIA.Desonerado,REFERENCIA.NaoDesonerado),2)","v":740.72},0.25290000000000001,null,null,null,null,3712.2,{"$f":"ROUND(ORÇAMENTO.CustoUnitario*(1+$AH297),2)","v":928.05}]
["S",2,"S",0,{"$f":"IF($C298=1,OFFSET(E298,-1,0)+MAX(1,COUNTIF(QCI!$A$13:$A$36,OFFSET(ORÇAMENTO!E298,-1,0))),OFFSET(E298,-1,0))","v":16},3,0,0,2,0,{"$f":"IF(OR($C298=\"S\",$C298=0),0,MATCH(OFFSET($D298,0,$C298)+IF($C298<>1,1,COUNTIF(QCI!$A$13:$A$36,ORÇAMENTO!E298)),OFFSET($D298,1,$C298,ROW($C$472)-ROW($C298)),0))","v":0},"F","Serviço","Serviço","16.3.0.2.","Composição","COMP68",{"$f":"IF($C298=\"S\",REFERENCIA.Descricao,\"(digite a descrição aqui)\")","v":"CAIXA DE PASSAGEM EM ALVENARIA DE TIJOLOS MACIÇOS ESP=12CM, DIM. INT. 0,60X0,60X1,00M, SEM TAMPA"},{"$f":"REFERENCIA.Unidade","v":"UN"},{"$f":"OFFSET(CÁLCULO!H$15,ROW($T298)-ROW(T$15),0)","v":2},{"$f":"AG298","v":536.30999999999995},"BDI 1",{"$f":"IF($C298=\"S\",ROUND(IF(TIPOORCAMENTO=\"Proposto\",ORÇAMENTO.CustoUnitario*(1+$AH298),ORÇAMENTO.PrecoUnitarioLicitado),15-13*$AF$10),0)","v":671.94},{"$f":"IF($C298=\"S\",IF(OR(Import.TipoArredondamento<>\"TransfereGOV\",ACOMPANHAMENTO=\"BM\"),VTOTAL1,SUM(OFFSET(CÁLCULO!$AI$15,ROW($X298)-ROW($X$15),1):OFFSET(CÁLCULO!$BB$15,ROW($X298)-ROW($X$15),-1))),IF($C298=0,0,ROUND(SomaAgrup,15-13*$AF$11)))","v":1343.88},"RA","RA",{"$f":"IF($C298=\"S\",IF($Z298=\"CP\",$X298,IF($Z298=\"RA\",(($X298)*QCI!$AA$3),0)),SomaAgrup)","v":116.2909136056915},{"$f":"IF($C298=\"S\",IF($Z298=\"OU\",ROUND($X298,2),0),SomaAgrup)","v":0},{"$f":"IF($N298=\"\",\" \",\nIF(AND($C298<>\"S\",OR($R298=\"\",$R298=\"(digite a descrição aqui)\")),\"DESCRIÇÃO\",\nIF(AND($C298=\"S\",OR($Q298<>\"\",$T298>0,$U298>0),$P298=\"\"),\"FONTE\",\nIF(AND($C298=\"S\",$P298<>\"\",OR($T298>0,$U298>0),$Q298=\"\"),\"CÓDIGO\",\nIF(AND($C298=\"S\",$P298<>\"\",$Q298<>\"\",$R298=\"(Código não identificado nas referências)\"),\"CÓDIGO N/ID\",\nIF(AND($C298=\"S\",OR($R298=\"\",$R298=\"(digite a descrição aqui)\"),OR($Q298<>\"\",$T298>0,$U298>0)),\"DESCRIÇÃO\",\nIF(AND($C298=\"S\",$P298<>\"\",$Q298<>\"\",$S298=\"\"),\"UNIDADE\",\nIF(AND($C298=\"S\",$P298<>\"\",$Q298<>\"\",$U298=0),\"SEM CUSTO\",\nIF(AND(TIPOORCAMENTO=\"Licitado\",$AL298=0,$AN298>0),\"SEM PREÇO\",\nIF(AND($C298=\"S\",$P298<>\"\",$Q298<>\"\",$U298>0,AND($V298<>\"BDI 1\",$V298<>\"BDI 2\",$V298<>\"BDI 3\")),IF(ISNUMBER($V298),\"JUSTIFICAR BDI\",\"BDI\"),\nIF(OR(AND(import.recurso=\"OGU\",TIPOORCAMENTO=\"Proposto\",LEFT($O$8,5)<>\"(N/D:\",$AG298<>\"\",ORÇAMENTO.CustoUnitario>$AG298),AND(TIPOORCAMENTO=\"LICITADO\",ORÇAMENTO.PrecoUnitarioLicitado>$AN298)),\"ACIMA REF.\",\nIF(AND($C298=\"S\",$P298<>\"\",$Q298<>\"\",$T298=0,$U298>0),\"QUANT.\",\nIF(AND(Import.TipoArredondamento=\"TransfereGOV\",$L298=\"F\",$C298=\"S\",LEN($Q298)>13),\"Código >13\",\nIF(AND(Import.TipoArredondamento=\"TransfereGOV\",$L298=\"F\",$C298<>\"S\",LEN($R298)>100),\"Descrição >100\",\nIF(AND(Import.TipoArredondamento=\"TransfereGOV\",$L298=\"F\",$C298=\"S\",LEN($R298)>500),\"Descrição >500\",\nIF(AND(Import.TipoArredondamento=\"TransfereGOV\",$L298=\"F\",$C298=\"S\",LEFT(TRIM(UPPER($P298)),6)<>\"SINAPI\",ISNA(VLOOKUP(TRIM(UPPER($S298)),ListaTgov.Unidades,1,FALSE))),\"Unid. Não Disp\",\n\" \"))))))))))))))))","v":" "},{"$f":"IF(C298<=CRONO.NivelExibicao,MAX($AD$15:OFFSET(AD298,-1,0))+IF($C298<>1,1,MAX(1,COUNTIF(QCI!$A$13:$A$36,OFFSET($E298,-1,0)))),\"\")","v":""},{"$f":"IF(AND($C298=\"S\",ORÇAMENTO.CodBarra<>\"\"),IF(ORÇAMENTO.Fonte=\"\",ORÇAMENTO.CodBarra,CONCATENATE(ORÇAMENTO.Fonte,\" \",ORÇAMENTO.CodBarra)))","v":"Composição COMP68"},{"$f":"IF(ISERROR(ORÇAMENTO.BancoRef),\"(abra o arquivo 'Referência \"&Excel_BuiltIn_Database&\".xlsm)\",IF(OR($C298<>\"S\",ORÇAMENTO.CodBarra=\"\"),\"(Sem Código)\",IF(ISERROR(MATCH($AE298,INDIRECT(ORÇAMENTO.BancoRef),0)),\"(Código não identificado nas referências)\",MATCH($AE298,INDIRECT(ORÇAMENTO.BancoRef),0))))","v":70},{"$f":"ROUND(IF(DESONERACAO=\"sim\",REFERENCIA.Desonerado,REFERENCIA.NaoDesonerado),2)","v":536.30999999999995},0.25290000000000001,null,null,null,null,1343.88,{"$f":"ROUND(ORÇAMENTO.CustoUnitario*(1+$AH298),2)","v":671.94}]
["S",2,"S",0,{"$f":"IF($C299=1,OFFSET(E299,-1,0)+MAX(1,COUNTIF(QCI!$A$13:$A$36,OFFSET(ORÇAMENTO!E299,-1,0))),OFFSET(E299,-1,0))","v":16},3,0,0,3,0,{"$f":"IF(OR($C299=\"S\",$C299=0),0,MATCH(OFFSET($D299,0,$C299)+IF($C299<>1,1,COUNTIF(QCI!$A$13:$A$36,ORÇAMENTO!E299)),OFFSET($D299,1,$C299,ROW($C$472)-ROW($C299)),0))","v":0},"F","Serviço","Serviço","16.3.0.3.","Composição","COMP69",{"$f":"IF($C299=\"S\",REFERENCIA.Descricao,\"(digite a descrição aqui)\")","v":"RALO HEMISFERICO 100mm PVC (RALO ABACAXI)"},{"$f":"REFERENCIA.Unidade","v":"UN"},{"$f":"OFFSET(CÁLCULO!H$15,ROW($T299)-ROW(T$15),0)","v":2},{"$f":"AG299","v":66.92},"BDI 1",{"$f":"IF($C299=\"S\",ROUND(IF(TIPOORCAMENTO=\"Proposto\",ORÇAMENTO.CustoUnitario*(1+$AH299),ORÇAMENTO.PrecoUnitarioLicitado),15-13*$AF$10),0)","v":83.84},{"$f":"IF($C299=\"S\",IF(OR(Import.TipoArredondamento<>\"TransfereGOV\",ACOMPANHAMENTO=\"BM\"),VTOTAL1,SUM(OFFSET(CÁLCULO!$AI$15,ROW($X299)-ROW($X$15),1):OFFSET(CÁLCULO!$BB$15,ROW($X299)-ROW($X$15),-1))),IF($C299=0,0,ROUND(SomaAgrup,15-13*$AF$11)))","v":167.68},"RA","RA",{"$f":"IF($C299=\"S\",IF($Z299=\"CP\",$X299,IF($Z299=\"RA\",(($X299)*QCI!$AA$3),0)),SomaAgrup)","v":14.509971421110777},{"$f":"IF($C299=\"S\",IF($Z299=\"OU\",ROUND($X299,2),0),SomaAgrup)","v":0},{"$f":"IF($N299=\"\",\" \",\nIF(AND($C299<>\"S\",OR($R299=\"\",$R299=\"(digite a descrição aqui)\")),\"DESCRIÇÃO\",\nIF(AND($C299=\"S\",OR($Q299<>\"\",$T299>0,$U299>0),$P299=\"\"),\"FONTE\",\nIF(AND($C299=\"S\",$P299<>\"\",OR($T299>0,$U299>0),$Q299=\"\"),\"CÓDIGO\",\nIF(AND($C299=\"S\",$P299<>\"\",$Q299<>\"\",$R299=\"(Código não identificado nas referências)\"),\"CÓDIGO N/ID\",\nIF(AND($C299=\"S\",OR($R299=\"\",$R299=\"(digite a descrição aqui)\"),OR($Q299<>\"\",$T299>0,$U299>0)),\"DESCRIÇÃO\",\nIF(AND($C299=\"S\",$P299<>\"\",$Q299<>\"\",$S299=\"\"),\"UNIDADE\",\nIF(AND($C299=\"S\",$P299<>\"\",$Q299<>\"\",$U299=0),\"SEM CUSTO\",\nIF(AND(TIPOORCAMENTO=\"Licitado\",$AL299=0,$AN299>0),\"SEM PREÇO\",\nIF(AND($C299=\"S\",$P299<>\"\",$Q299<>\"\",$U299>0,AND($V299<>\"BDI 1\",$V299<>\"BDI 2\",$V299<>\"BDI 3\")),IF(ISNUMBER($V299),\"JUSTIFICAR BDI\",\"BDI\"),\nIF(OR(AND(import.recurso=\"OGU\",TIPOORCAMENTO=\"Proposto\",LEFT($O$8,5)<>\"(N/D:\",$AG299<>\"\",ORÇAMENTO.CustoUnitario>$AG299),AND(TIPOORCAMENTO=\"LICITADO\",ORÇAMENTO.PrecoUnitarioLicitado>$AN299)),\"ACIMA REF.\",\nIF(AND($C299=\"S\",$P299<>\"\",$Q299<>\"\",$T299=0,$U299>0),\"QUANT.\",\nIF(AND(Import.TipoArredondamento=\"TransfereGOV\",$L299=\"F\",$C299=\"S\",LEN($Q299)>13),\"Código >13\",\nIF(AND(Import.TipoArredondamento=\"TransfereGOV\",$L299=\"F\",$C299<>\"S\",LEN($R299)>100),\"Descrição >100\",\nIF(AND(Import.TipoArredondamento=\"TransfereGOV\",$L299=\"F\",$C299=\"S\",LEN($R299)>500),\"Descrição >500\",\nIF(AND(Import.TipoArredondamento=\"TransfereGOV\",$L299=\"F\",$C299=\"S\",LEFT(TRIM(UPPER($P299)),6)<>\"SINAPI\",ISNA(VLOOKUP(TRIM(UPPER($S299)),ListaTgov.Unidades,1,FALSE))),\"Unid. Não Disp\",\n\" \"))))))))))))))))","v":" "},{"$f":"IF(C299<=CRONO.NivelExibicao,MAX($AD$15:OFFSET(AD299,-1,0))+IF($C299<>1,1,MAX(1,COUNTIF(QCI!$A$13:$A$36,OFFSET($E299,-1,0)))),\"\")","v":""},{"$f":"IF(AND($C299=\"S\",ORÇAMENTO.CodBarra<>\"\"),IF(ORÇAMENTO.Fonte=\"\",ORÇAMENTO.CodBarra,CONCATENATE(ORÇAMENTO.Fonte,\" \",ORÇAMENTO.CodBarra)))","v":"Composição COMP69"},{"$f":"IF(ISERROR(ORÇAMENTO.BancoRef),\"(abra o arquivo 'Referência \"&Excel_BuiltIn_Database&\".xlsm)\",IF(OR($C299<>\"S\",ORÇAMENTO.CodBarra=\"\"),\"(Sem Código)\",IF(ISERROR(MATCH($AE299,INDIRECT(ORÇAMENTO.BancoRef),0)),\"(Código não identificado nas referências)\",MATCH($AE299,INDIRECT(ORÇAMENTO.BancoRef),0))))","v":71},{"$f":"ROUND(IF(DESONERACAO=\"sim\",REFERENCIA.Desonerado,REFERENCIA.NaoDesonerado),2)","v":66.92},0.25290000000000001,null,null,null,null,167.68,{"$f":"ROUND(ORÇAMENTO.CustoUnitario*(1+$AH299),2)","v":83.84}]
["S",2,"S",0,{"$f":"IF($C300=1,OFFSET(E300,-1,0)+MAX(1,COUNTIF(QCI!$A$13:$A$36,OFFSET(ORÇAMENTO!E300,-1,0))),OFFSET(E300,-1,0))","v":16},3,0,0,4,0,{"$f":"IF(OR($C300=\"S\",$C300=0),0,MATCH(OFFSET($D300,0,$C300)+IF($C300<>1,1,COUNTIF(QCI!$A$13:$A$36,ORÇAMENTO!E300)),OFFSET($D300,1,$C300,ROW($C$472)-ROW($C300)),0))","v":0},"F","Serviço","Serviço","16.3.0.4.","SINAPI","104063",{"$f":"IF($C300=\"S\",REFERENCIA.Descricao,\"(digite a descrição aqui)\")","v":"CURVA LONGA, 45 GRAUS, PVC OCRE, JUNTA ELÁSTICA, DN 100 MM, PARA COLETOR PREDIAL DE ESGOTO. AF_06/2022"},{"$f":"REFERENCIA.Unidade","v":"UN"},{"$f":"OFFSET(CÁLCULO!H$15,ROW($T300)-ROW(T$15),0)","v":3},{"$f":"AG300","v":74},"BDI 1",{"$f":"IF($C300=\"S\",ROUND(IF(TIPOORCAMENTO=\"Proposto\",ORÇAMENTO.CustoUnitario*(1+$AH300),ORÇAMENTO.PrecoUnitarioLicitado),15-13*$AF$10),0)","v":92.71},{"$f":"IF($C300=\"S\",IF(OR(Import.TipoArredondamento<>\"TransfereGOV\",ACOMPANHAMENTO=\"BM\"),VTOTAL1,SUM(OFFSET(CÁLCULO!$AI$15,ROW($X300)-ROW($X$15),1):OFFSET(CÁLCULO!$BB$15,ROW($X300)-ROW($X$15),-1))),IF($C300=0,0,ROUND(SomaAgrup,15-13*$AF$11)))","v":278.13},"RA","RA",{"$f":"IF($C300=\"S\",IF($Z300=\"CP\",$X300,IF($Z300=\"RA\",(($X300)*QCI!$AA$3),0)),SomaAgrup)","v":24.067618984694299},{"$f":"IF($C300=\"S\",IF($Z300=\"OU\",ROUND($X300,2),0),SomaAgrup)","v":0},{"$f":"IF($N300=\"\",\" \",\nIF(AND($C300<>\"S\",OR($R300=\"\",$R300=\"(digite a descrição aqui)\")),\"DESCRIÇÃO\",\nIF(AND($C300=\"S\",OR($Q300<>\"\",$T300>0,$U300>0),$P300=\"\"),\"FONTE\",\nIF(AND($C300=\"S\",$P300<>\"\",OR($T300>0,$U300>0),$Q300=\"\"),\"CÓDIGO\",\nIF(AND($C300=\"S\",$P300<>\"\",$Q300<>\"\",$R300=\"(Código não identificado nas referências)\"),\"CÓDIGO N/ID\",\nIF(AND($C300=\"S\",OR($R300=\"\",$R300=\"(digite a descrição aqui)\"),OR($Q300<>\"\",$T300>0,$U300>0)),\"DESCRIÇÃO\",\nIF(AND($C300=\"S\",$P300<>\"\",$Q300<>\"\",$S300=\"\"),\"UNIDADE\",\nIF(AND($C300=\"S\",$P300<>\"\",$Q300<>\"\",$U300=0),\"SEM CUSTO\",\nIF(AND(TIPOORCAMENTO=\"Licitado\",$AL300=0,$AN300>0),\"SEM PREÇO\",\nIF(AND($C300=\"S\",$P300<>\"\",$Q300<>\"\",$U300>0,AND($V300<>\"BDI 1\",$V300<>\"BDI 2\",$V300<>\"BDI 3\")),IF(ISNUMBER($V300),\"JUSTIFICAR BDI\",\"BDI\"),\nIF(OR(AND(import.recurso=\"OGU\",TIPOORCAMENTO=\"Proposto\",LEFT($O$8,5)<>\"(N/D:\",$AG300<>\"\",ORÇAMENTO.CustoUnitario>$AG300),AND(TIPOORCAMENTO=\"LICITADO\",ORÇAMENTO.PrecoUnitarioLicitado>$AN300)),\"ACIMA REF.\",\nIF(AND($C300=\"S\",$P300<>\"\",$Q300<>\"\",$T300=0,$U300>0),\"QUANT.\",\nIF(AND(Import.TipoArredondamento=\"TransfereGOV\",$L300=\"F\",$C300=\"S\",LEN($Q300)>13),\"Código >13\",\nIF(AND(Import.TipoArredondamento=\"TransfereGOV\",$L300=\"F\",$C300<>\"S\",LEN($R300)>100),\"Descrição >100\",\nIF(AND(Import.TipoArredondamento=\"TransfereGOV\",$L300=\"F\",$C300=\"S\",LEN($R300)>500),\"Descrição >500\",\nIF(AND(Import.TipoArredondamento=\"TransfereGOV\",$L300=\"F\",$C300=\"S\",LEFT(TRIM(UPPER($P300)),6)<>\"SINAPI\",ISNA(VLOOKUP(TRIM(UPPER($S300)),ListaTgov.Unidades,1,FALSE))),\"Unid. Não Disp\",\n\" \"))))))))))))))))","v":" "},{"$f":"IF(C300<=CRONO.NivelExibicao,MAX($AD$15:OFFSET(AD300,-1,0))+IF($C300<>1,1,MAX(1,COUNTIF(QCI!$A$13:$A$36,OFFSET($E300,-1,0)))),\"\")","v":""},{"$f":"IF(AND($C300=\"S\",ORÇAMENTO.CodBarra<>\"\"),IF(ORÇAMENTO.Fonte=\"\",ORÇAMENTO.CodBarra,CONCATENATE(ORÇAMENTO.Fonte,\" \",ORÇAMENTO.CodBarra)))","v":"SINAPI 104063"},{"$f":"IF(ISERROR(ORÇAMENTO.BancoRef),\"(abra o arquivo 'Referência \"&Excel_BuiltIn_Database&\".xlsm)\",IF(OR($C300<>\"S\",ORÇAMENTO.CodBarra=\"\"),\"(Sem Código)\",IF(ISERROR(MATCH($AE300,INDIRECT(ORÇAMENTO.BancoRef),0)),\"(Código não identificado nas referências)\",MATCH($AE300,INDIRECT(ORÇAMENTO.BancoRef),0))))","v":13011},{"$f":"ROUND(IF(DESONERACAO=\"sim\",REFERENCIA.Desonerado,REFERENCIA.NaoDesonerado),2)","v":74},0.25290000000000001,null,null,null,null,278.13,{"$f":"ROUND(ORÇAMENTO.CustoUnitario*(1+$AH300),2)","v":92.71}]
["S",2,"S",0,{"$f":"IF($C301=1,OFFSET(E301,-1,0)+MAX(1,COUNTIF(QCI!$A$13:$A$36,OFFSET(ORÇAMENTO!E301,-1,0))),OFFSET(E301,-1,0))","v":16},3,0,0,5,0,{"$f":"IF(OR($C301=\"S\",$C301=0),0,MATCH(OFFSET($D301,0,$C301)+IF($C301<>1,1,COUNTIF(QCI!$A$13:$A$36,ORÇAMENTO!E301)),OFFSET($D301,1,$C301,ROW($C$472)-ROW($C301)),0))","v":0},"F","Serviço","Serviço","16.3.0.5.","SINAPI","89811",{"$f":"IF($C301=\"S\",REFERENCIA.Descricao,\"(digite a descrição aqui)\")","v":"CURVA CURTA 90 GRAUS, PVC, SERIE NORMAL, ESGOTO PREDIAL, DN 100 MM, JUNTA ELÁSTICA, FORNECIDO E INSTALADO EM PRUMADA DE ESGOTO SANITÁRIO OU VENTILAÇÃO. AF_08/2022"},{"$f":"REFERENCIA.Unidade","v":"UN"},{"$f":"OFFSET(CÁLCULO!H$15,ROW($T301)-ROW(T$15),0)","v":15},46.48,"BDI 1",{"$f":"IF($C301=\"S\",ROUND(IF(TIPOORCAMENTO=\"Proposto\",ORÇAMENTO.CustoUnitario*(1+$AH301),ORÇAMENTO.PrecoUnitarioLicitado),15-13*$AF$10),0)","v":58.23},{"$f":"IF($C301=\"S\",IF(OR(Import.TipoArredondamento<>\"TransfereGOV\",ACOMPANHAMENTO=\"BM\"),VTOTAL1,SUM(OFFSET(CÁLCULO!$AI$15,ROW($X301)-ROW($X$15),1):OFFSET(CÁLCULO!$BB$15,ROW($X301)-ROW($X$15),-1))),IF($C301=0,0,ROUND(SomaAgrup,15-13*$AF$11)))","v":873.45},"RA","RA",{"$f":"IF($C301=\"S\",IF($Z301=\"CP\",$X301,IF($Z301=\"RA\",(($X301)*QCI!$AA$3),0)),SomaAgrup)","v":75.582863417039647},{"$f":"IF($C301=\"S\",IF($Z301=\"OU\",ROUND($X301,2),0),SomaAgrup)","v":0},{"$f":"IF($N301=\"\",\" \",\nIF(AND($C301<>\"S\",OR($R301=\"\",$R301=\"(digite a descrição aqui)\")),\"DESCRIÇÃO\",\nIF(AND($C301=\"S\",OR($Q301<>\"\",$T301>0,$U301>0),$P301=\"\"),\"FONTE\",\nIF(AND($C301=\"S\",$P301<>\"\",OR($T301>0,$U301>0),$Q301=\"\"),\"CÓDIGO\",\nIF(AND($C301=\"S\",$P301<>\"\",$Q301<>\"\",$R301=\"(Código não identificado nas referências)\"),\"CÓDIGO N/ID\",\nIF(AND($C301=\"S\",OR($R301=\"\",$R301=\"(digite a descrição aqui)\"),OR($Q301<>\"\",$T301>0,$U301>0)),\"DESCRIÇÃO\",\nIF(AND($C301=\"S\",$P301<>\"\",$Q301<>\"\",$S301=\"\"),\"UNIDADE\",\nIF(AND($C301=\"S\",$P301<>\"\",$Q301<>\"\",$U301=0),\"SEM CUSTO\",\nIF(AND(TIPOORCAMENTO=\"Licitado\",$AL301=0,$AN301>0),\"SEM PREÇO\",\nIF(AND($C301=\"S\",$P301<>\"\",$Q301<>\"\",$U301>0,AND($V301<>\"BDI 1\",$V301<>\"BDI 2\",$V301<>\"BDI 3\")),IF(ISNUMBER($V301),\"JUSTIFICAR BDI\",\"BDI\"),\nIF(OR(AND(import.recurso=\"OGU\",TIPOORCAMENTO=\"Proposto\",LEFT($O$8,5)<>\"(N/D:\",$AG301<>\"\",ORÇAMENTO.CustoUnitario>$AG301),AND(TIPOORCAMENTO=\"LICITADO\",ORÇAMENTO.PrecoUnitarioLicitado>$AN301)),\"ACIMA REF.\",\nIF(AND($C301=\"S\",$P301<>\"\",$Q301<>\"\",$T301=0,$U301>0),\"QUANT.\",\nIF(AND(Import.TipoArredondamento=\"TransfereGOV\",$L301=\"F\",$C301=\"S\",LEN($Q301)>13),\"Código >13\",\nIF(AND(Import.TipoArredondamento=\"TransfereGOV\",$L301=\"F\",$C301<>\"S\",LEN($R301)>100),\"Descrição >100\",\nIF(AND(Import.TipoArredondamento=\"TransfereGOV\",$L301=\"F\",$C301=\"S\",LEN($R301)>500),\"Descrição >500\",\nIF(AND(Import.TipoArredondamento=\"TransfereGOV\",$L301=\"F\",$C301=\"S\",LEFT(TRIM(UPPER($P301)),6)<>\"SINAPI\",ISNA(VLOOKUP(TRIM(UPPER($S301)),ListaTgov.Unidades,1,FALSE))),\"Unid. Não Disp\",\n\" \"))))))))))))))))","v":" "},{"$f":"IF(C301<=CRONO.NivelExibicao,MAX($AD$15:OFFSET(AD301,-1,0))+IF($C301<>1,1,MAX(1,COUNTIF(QCI!$A$13:$A$36,OFFSET($E301,-1,0)))),\"\")","v":""},{"$f":"IF(AND($C301=\"S\",ORÇAMENTO.CodBarra<>\"\"),IF(ORÇAMENTO.Fonte=\"\",ORÇAMENTO.CodBarra,CONCATENATE(ORÇAMENTO.Fonte,\" \",ORÇAMENTO.CodBarra)))","v":"SINAPI 89811"},{"$f":"IF(ISERROR(ORÇAMENTO.BancoRef),\"(abra o arquivo 'Referência \"&Excel_BuiltIn_Database&\".xlsm)\",IF(OR($C301<>\"S\",ORÇAMENTO.CodBarra=\"\"),\"(Sem Código)\",IF(ISERROR(MATCH($AE301,INDIRECT(ORÇAMENTO.BancoRef),0)),\"(Código não identificado nas referências)\",MATCH($AE301,INDIRECT(ORÇAMENTO.BancoRef),0))))","v":11636},{"$f":"ROUND(IF(DESONERACAO=\"sim\",REFERENCIA.Desonerado,REFERENCIA.NaoDesonerado),2)","v":46.48},0.25290000000000001,null,null,null,null,873.45,{"$f":"ROUND(ORÇAMENTO.CustoUnitario*(1+$AH301),2)","v":58.23}]
["S",2,"S",0,{"$f":"IF($C302=1,OFFSET(E302,-1,0)+MAX(1,COUNTIF(QCI!$A$13:$A$36,OFFSET(ORÇAMENTO!E302,-1,0))),OFFSET(E302,-1,0))","v":16},3,0,0,6,0,{"$f":"IF(OR($C302=\"S\",$C302=0),0,MATCH(OFFSET($D302,0,$C302)+IF($C302<>1,1,COUNTIF(QCI!$A$13:$A$36,ORÇAMENTO!E302)),OFFSET($D302,1,$C302,ROW($C$472)-ROW($C302)),0))","v":0},"F","Serviço","Serviço","16.3.0.6.","SINAPI","89742",{"$f":"IF($C302=\"S\",REFERENCIA.Descricao,\"(digite a descrição aqui)\")","v":"CURVA CURTA 90 GRAUS, PVC, SERIE NORMAL, ESGOTO PREDIAL, DN 75 MM, JUNTA ELÁSTICA, FORNECIDO E INSTALADO EM RAMAL DE DESCARGA OU RAMAL DE ESGOTO SANITÁRIO. AF_08/2022"},{"$f":"REFERENCIA.Unidade","v":"UN"},{"$f":"OFFSET(CÁLCULO!H$15,ROW($T302)-ROW(T$15),0)","v":1},42.37,"BDI 1",{"$f":"IF($C302=\"S\",ROUND(IF(TIPOORCAMENTO=\"Proposto\",ORÇAMENTO.CustoUnitario*(1+$AH302),ORÇAMENTO.PrecoUnitarioLicitado),15-13*$AF$10),0)","v":53.09},{"$f":"IF($C302=\"S\",IF(OR(Import.TipoArredondamento<>\"TransfereGOV\",ACOMPANHAMENTO=\"BM\"),VTOTAL1,SUM(OFFSET(CÁLCULO!$AI$15,ROW($X302)-ROW($X$15),1):OFFSET(CÁLCULO!$BB$15,ROW($X302)-ROW($X$15),-1))),IF($C302=0,0,ROUND(SomaAgrup,15-13*$AF$11)))","v":53.09},"RA","RA",{"$f":"IF($C302=\"S\",IF($Z302=\"CP\",$X302,IF($Z302=\"RA\",(($X302)*QCI!$AA$3),0)),SomaAgrup)","v":4.5940743245871367},{"$f":"IF($C302=\"S\",IF($Z302=\"OU\",ROUND($X302,2),0),SomaAgrup)","v":0},{"$f":"IF($N302=\"\",\" \",\nIF(AND($C302<>\"S\",OR($R302=\"\",$R302=\"(digite a descrição aqui)\")),\"DESCRIÇÃO\",\nIF(AND($C302=\"S\",OR($Q302<>\"\",$T302>0,$U302>0),$P302=\"\"),\"FONTE\",\nIF(AND($C302=\"S\",$P302<>\"\",OR($T302>0,$U302>0),$Q302=\"\"),\"CÓDIGO\",\nIF(AND($C302=\"S\",$P302<>\"\",$Q302<>\"\",$R302=\"(Código não identificado nas referências)\"),\"CÓDIGO N/ID\",\nIF(AND($C302=\"S\",OR($R302=\"\",$R302=\"(digite a descrição aqui)\"),OR($Q302<>\"\",$T302>0,$U302>0)),\"DESCRIÇÃO\",\nIF(AND($C302=\"S\",$P302<>\"\",$Q302<>\"\",$S302=\"\"),\"UNIDADE\",\nIF(AND($C302=\"S\",$P302<>\"\",$Q302<>\"\",$U302=0),\"SEM CUSTO\",\nIF(AND(TIPOORCAMENTO=\"Licitado\",$AL302=0,$AN302>0),\"SEM PREÇO\",\nIF(AND($C302=\"S\",$P302<>\"\",$Q302<>\"\",$U302>0,AND($V302<>\"BDI 1\",$V302<>\"BDI 2\",$V302<>\"BDI 3\")),IF(ISNUMBER($V302),\"JUSTIFICAR BDI\",\"BDI\"),\nIF(OR(AND(import.recurso=\"OGU\",TIPOORCAMENTO=\"Proposto\",LEFT($O$8,5)<>\"(N/D:\",$AG302<>\"\",ORÇAMENTO.CustoUnitario>$AG302),AND(TIPOORCAMENTO=\"LICITADO\",ORÇAMENTO.PrecoUnitarioLicitado>$AN302)),\"ACIMA REF.\",\nIF(AND($C302=\"S\",$P302<>\"\",$Q302<>\"\",$T302=0,$U302>0),\"QUANT.\",\nIF(AND(Import.TipoArredondamento=\"TransfereGOV\",$L302=\"F\",$C302=\"S\",LEN($Q302)>13),\"Código >13\",\nIF(AND(Import.TipoArredondamento=\"TransfereGOV\",$L302=\"F\",$C302<>\"S\",LEN($R302)>100),\"Descrição >100\",\nIF(AND(Import.TipoArredondamento=\"TransfereGOV\",$L302=\"F\",$C302=\"S\",LEN($R302)>500),\"Descrição >500\",\nIF(AND(Import.TipoArredondamento=\"TransfereGOV\",$L302=\"F\",$C302=\"S\",LEFT(TRIM(UPPER($P302)),6)<>\"SINAPI\",ISNA(VLOOKUP(TRIM(UPPER($S302)),ListaTgov.Unidades,1,FALSE))),\"Unid. Não Disp\",\n\" \"))))))))))))))))","v":" "},{"$f":"IF(C302<=CRONO.NivelExibicao,MAX($AD$15:OFFSET(AD302,-1,0))+IF($C302<>1,1,MAX(1,COUNTIF(QCI!$A$13:$A$36,OFFSET($E302,-1,0)))),\"\")","v":""},{"$f":"IF(AND($C302=\"S\",ORÇAMENTO.CodBarra<>\"\"),IF(ORÇAMENTO.Fonte=\"\",ORÇAMENTO.CodBarra,CONCATENATE(ORÇAMENTO.Fonte,\" \",ORÇAMENTO.CodBarra)))","v":"SINAPI 89742"},{"$f":"IF(ISERROR(ORÇAMENTO.BancoRef),\"(abra o arquivo 'Referência \"&Excel_BuiltIn_Database&\".xlsm)\",IF(OR($C302<>\"S\",ORÇAMENTO.CodBarra=\"\"),\"(Sem Código)\",IF(ISERROR(MATCH($AE302,INDIRECT(ORÇAMENTO.BancoRef),0)),\"(Código não identificado nas referências)\",MATCH($AE302,INDIRECT(ORÇAMENTO.BancoRef),0))))","v":11643},{"$f":"ROUND(IF(DESONERACAO=\"sim\",REFERENCIA.Desonerado,REFERENCIA.NaoDesonerado),2)","v":42.37},0.25290000000000001,null,null,null,null,53.09,{"$f":"ROUND(ORÇAMENTO.CustoUnitario*(1+$AH302),2)","v":53.09}]
["S",2,"S",0,{"$f":"IF($C303=1,OFFSET(E303,-1,0)+MAX(1,COUNTIF(QCI!$A$13:$A$36,OFFSET(ORÇAMENTO!E303,-1,0))),OFFSET(E303,-1,0))","v":16},3,0,0,7,0,{"$f":"IF(OR($C303=\"S\",$C303=0),0,MATCH(OFFSET($D303,0,$C303)+IF($C303<>1,1,COUNTIF(QCI!$A$13:$A$36,ORÇAMENTO!E303)),OFFSET($D303,1,$C303,ROW($C$472)-ROW($C303)),0))","v":0},"F","Serviço","Serviço","16.3.0.7.","SINAPI","89797",{"$f":"IF($C303=\"S\",REFERENCIA.Descricao,\"(digite a descrição aqui)\")","v":"JUNÇÃO SIMPLES, PVC, SERIE NORMAL, ESGOTO PREDIAL, DN 100 X 100 MM, JUNTA ELÁSTICA, FORNECIDO E INSTALADO EM RAMAL DE DESCARGA OU RAMAL DE ESGOTO SANITÁRIO. AF_08/2022"},{"$f":"REFERENCIA.Unidade","v":"UN"},{"$f":"OFFSET(CÁLCULO!H$15,ROW($T303)-ROW(T$15),0)","v":1},54.01,"BDI 1",{"$f":"IF($C303=\"S\",ROUND(IF(TIPOORCAMENTO=\"Proposto\",ORÇAMENTO.CustoUnitario*(1+$AH303),ORÇAMENTO.PrecoUnitarioLicitado),15-13*$AF$10),0)","v":67.67},{"$f":"IF($C303=\"S\",IF(OR(Import.TipoArredondamento<>\"TransfereGOV\",ACOMPANHAMENTO=\"BM\"),VTOTAL1,SUM(OFFSET(CÁLCULO!$AI$15,ROW($X303)-ROW($X$15),1):OFFSET(CÁLCULO!$BB$15,ROW($X303)-ROW($X$15),-1))),IF($C303=0,0,ROUND(SomaAgrup,15-13*$AF$11)))","v":67.67},"RA","RA",{"$f":"IF($C303=\"S\",IF($Z303=\"CP\",$X303,IF($Z303=\"RA\",(($X303)*QCI!$AA$3),0)),SomaAgrup)","v":5.8557357232023275},{"$f":"IF($C303=\"S\",IF($Z303=\"OU\",ROUND($X303,2),0),SomaAgrup)","v":0},{"$f":"IF($N303=\"\",\" \",\nIF(AND($C303<>\"S\",OR($R303=\"\",$R303=\"(digite a descrição aqui)\")),\"DESCRIÇÃO\",\nIF(AND($C303=\"S\",OR($Q303<>\"\",$T303>0,$U303>0),$P303=\"\"),\"FONTE\",\nIF(AND($C303=\"S\",$P303<>\"\",OR($T303>0,$U303>0),$Q303=\"\"),\"CÓDIGO\",\nIF(AND($C303=\"S\",$P303<>\"\",$Q303<>\"\",$R303=\"(Código não identificado nas referências)\"),\"CÓDIGO N/ID\",\nIF(AND($C303=\"S\",OR($R303=\"\",$R303=\"(digite a descrição aqui)\"),OR($Q303<>\"\",$T303>0,$U303>0)),\"DESCRIÇÃO\",\nIF(AND($C303=\"S\",$P303<>\"\",$Q303<>\"\",$S303=\"\"),\"UNIDADE\",\nIF(AND($C303=\"S\",$P303<>\"\",$Q303<>\"\",$U303=0),\"SEM CUSTO\",\nIF(AND(TIPOORCAMENTO=\"Licitado\",$AL303=0,$AN303>0),\"SEM PREÇO\",\nIF(AND($C303=\"S\",$P303<>\"\",$Q303<>\"\",$U303>0,AND($V303<>\"BDI 1\",$V303<>\"BDI 2\",$V303<>\"BDI 3\")),IF(ISNUMBER($V303),\"JUSTIFICAR BDI\",\"BDI\"),\nIF(OR(AND(import.recurso=\"OGU\",TIPOORCAMENTO=\"Proposto\",LEFT($O$8,5)<>\"(N/D:\",$AG303<>\"\",ORÇAMENTO.CustoUnitario>$AG303),AND(TIPOORCAMENTO=\"LICITADO\",ORÇAMENTO.PrecoUnitarioLicitado>$AN303)),\"ACIMA REF.\",\nIF(AND($C303=\"S\",$P303<>\"\",$Q303<>\"\",$T303=0,$U303>0),\"QUANT.\",\nIF(AND(Import.TipoArredondamento=\"TransfereGOV\",$L303=\"F\",$C303=\"S\",LEN($Q303)>13),\"Código >13\",\nIF(AND(Import.TipoArredondamento=\"TransfereGOV\",$L303=\"F\",$C303<>\"S\",LEN($R303)>100),\"Descrição >100\",\nIF(AND(Import.TipoArredondamento=\"TransfereGOV\",$L303=\"F\",$C303=\"S\",LEN($R303)>500),\"Descrição >500\",\nIF(AND(Import.TipoArredondamento=\"TransfereGOV\",$L303=\"F\",$C303=\"S\",LEFT(TRIM(UPPER($P303)),6)<>\"SINAPI\",ISNA(VLOOKUP(TRIM(UPPER($S303)),ListaTgov.Unidades,1,FALSE))),\"Unid. Não Disp\",\n\" \"))))))))))))))))","v":" "},{"$f":"IF(C303<=CRONO.NivelExibicao,MAX($AD$15:OFFSET(AD303,-1,0))+IF($C303<>1,1,MAX(1,COUNTIF(QCI!$A$13:$A$36,OFFSET($E303,-1,0)))),\"\")","v":""},{"$f":"IF(AND($C303=\"S\",ORÇAMENTO.CodBarra<>\"\"),IF(ORÇAMENTO.Fonte=\"\",ORÇAMENTO.CodBarra,CONCATENATE(ORÇAMENTO.Fonte,\" \",ORÇAMENTO.CodBarra)))","v":"SINAPI 89797"},{"$f":"IF(ISERROR(ORÇAMENTO.BancoRef),\"(abra o arquivo 'Referência \"&Excel_BuiltIn_Database&\".xlsm)\",IF(OR($C303<>\"S\",ORÇAMENTO.CodBarra=\"\"),\"(Sem Código)\",IF(ISERROR(MATCH($AE303,INDIRECT(ORÇAMENTO.BancoRef),0)),\"(Código não identificado nas referências)\",MATCH($AE303,INDIRECT(ORÇAMENTO.BancoRef),0))))","v":11677},{"$f":"ROUND(IF(DESONERACAO=\"sim\",REFERENCIA.Desonerado,REFERENCIA.NaoDesonerado),2)","v":54.01},0.25290000000000001,null,null,null,null,67.67,{"$f":"ROUND(ORÇAMENTO.CustoUnitario*(1+$AH303),2)","v":67.67}]
["S",2,"S",0,{"$f":"IF($C304=1,OFFSET(E304,-1,0)+MAX(1,COUNTIF(QCI!$A$13:$A$36,OFFSET(ORÇAMENTO!E304,-1,0))),OFFSET(E304,-1,0))","v":16},3,0,0,8,0,{"$f":"IF(OR($C304=\"S\",$C304=0),0,MATCH(OFFSET($D304,0,$C304)+IF($C304<>1,1,COUNTIF(QCI!$A$13:$A$36,ORÇAMENTO!E304)),OFFSET($D304,1,$C304,ROW($C$472)-ROW($C304)),0))","v":0},"F","Serviço","Serviço","16.3.0.8.","Composição","COMP70",{"$f":"IF($C304=\"S\",REFERENCIA.Descricao,\"(digite a descrição aqui)\")","v":"LUVA DUPLA PVC 100mm"},{"$f":"REFERENCIA.Unidade","v":"UN"},{"$f":"OFFSET(CÁLCULO!H$15,ROW($T304)-ROW(T$15),0)","v":1},93.39,"BDI 1",{"$f":"IF($C304=\"S\",ROUND(IF(TIPOORCAMENTO=\"Proposto\",ORÇAMENTO.CustoUnitario*(1+$AH304),ORÇAMENTO.PrecoUnitarioLicitado),15-13*$AF$10),0)","v":117.01},{"$f":"IF($C304=\"S\",IF(OR(Import.TipoArredondamento<>\"TransfereGOV\",ACOMPANHAMENTO=\"BM\"),VTOTAL1,SUM(OFFSET(CÁLCULO!$AI$15,ROW($X304)-ROW($X$15),1):OFFSET(CÁLCULO!$BB$15,ROW($X304)-ROW($X$15),-1))),IF($C304=0,0,ROUND(SomaAgrup,15-13*$AF$11)))","v":117.01},"RA","RA",{"$f":"IF($C304=\"S\",IF($Z304=\"CP\",$X304,IF($Z304=\"RA\",(($X304)*QCI!$AA$3),0)),SomaAgrup)","v":10.125308659256751},{"$f":"IF($C304=\"S\",IF($Z304=\"OU\",ROUND($X304,2),0),SomaAgrup)","v":0},{"$f":"IF($N304=\"\",\" \",\nIF(AND($C304<>\"S\",OR($R304=\"\",$R304=\"(digite a descrição aqui)\")),\"DESCRIÇÃO\",\nIF(AND($C304=\"S\",OR($Q304<>\"\",$T304>0,$U304>0),$P304=\"\"),\"FONTE\",\nIF(AND($C304=\"S\",$P304<>\"\",OR($T304>0,$U304>0),$Q304=\"\"),\"CÓDIGO\",\nIF(AND($C304=\"S\",$P304<>\"\",$Q304<>\"\",$R304=\"(Código não identificado nas referências)\"),\"CÓDIGO N/ID\",\nIF(AND($C304=\"S\",OR($R304=\"\",$R304=\"(digite a descrição aqui)\"),OR($Q304<>\"\",$T304>0,$U304>0)),\"DESCRIÇÃO\",\nIF(AND($C304=\"S\",$P304<>\"\",$Q304<>\"\",$S304=\"\"),\"UNIDADE\",\nIF(AND($C304=\"S\",$P304<>\"\",$Q304<>\"\",$U304=0),\"SEM CUSTO\",\nIF(AND(TIPOORCAMENTO=\"Licitado\",$AL304=0,$AN304>0),\"SEM PREÇO\",\nIF(AND($C304=\"S\",$P304<>\"\",$Q304<>\"\",$U304>0,AND($V304<>\"BDI 1\",$V304<>\"BDI 2\",$V304<>\"BDI 3\")),IF(ISNUMBER($V304),\"JUSTIFICAR BDI\",\"BDI\"),\nIF(OR(AND(import.recurso=\"OGU\",TIPOORCAMENTO=\"Proposto\",LEFT($O$8,5)<>\"(N/D:\",$AG304<>\"\",ORÇAMENTO.CustoUnitario>$AG304),AND(TIPOORCAMENTO=\"LICITADO\",ORÇAMENTO.PrecoUnitarioLicitado>$AN304)),\"ACIMA REF.\",\nIF(AND($C304=\"S\",$P304<>\"\",$Q304<>\"\",$T304=0,$U304>0),\"QUANT.\",\nIF(AND(Import.TipoArredondamento=\"TransfereGOV\",$L304=\"F\",$C304=\"S\",LEN($Q304)>13),\"Código >13\",\nIF(AND(Import.TipoArredondamento=\"TransfereGOV\",$L304=\"F\",$C304<>\"S\",LEN($R304)>100),\"Descrição >100\",\nIF(AND(Import.TipoArredondamento=\"TransfereGOV\",$L304=\"F\",$C304=\"S\",LEN($R304)>500),\"Descrição >500\",\nIF(AND(Import.TipoArredondamento=\"TransfereGOV\",$L304=\"F\",$C304=\"S\",LEFT(TRIM(UPPER($P304)),6)<>\"SINAPI\",ISNA(VLOOKUP(TRIM(UPPER($S304)),ListaTgov.Unidades,1,FALSE))),\"Unid. Não Disp\",\n\" \"))))))))))))))))","v":" "},{"$f":"IF(C304<=CRONO.NivelExibicao,MAX($AD$15:OFFSET(AD304,-1,0))+IF($C304<>1,1,MAX(1,COUNTIF(QCI!$A$13:$A$36,OFFSET($E304,-1,0)))),\"\")","v":""},{"$f":"IF(AND($C304=\"S\",ORÇAMENTO.CodBarra<>\"\"),IF(ORÇAMENTO.Fonte=\"\",ORÇAMENTO.CodBarra,CONCATENATE(ORÇAMENTO.Fonte,\" \",ORÇAMENTO.CodBarra)))","v":"Composição COMP70"},{"$f":"IF(ISERROR(ORÇAMENTO.BancoRef),\"(abra o arquivo 'Referência \"&Excel_BuiltIn_Database&\".xlsm)\",IF(OR($C304<>\"S\",ORÇAMENTO.CodBarra=\"\"),\"(Sem Código)\",IF(ISERROR(MATCH($AE304,INDIRECT(ORÇAMENTO.BancoRef),0)),\"(Código não identificado nas referências)\",MATCH($AE304,INDIRECT(ORÇAMENTO.BancoRef),0))))","v":72},{"$f":"ROUND(IF(DESONERACAO=\"sim\",REFERENCIA.Desonerado,REFERENCIA.NaoDesonerado),2)","v":93.39},0.25290000000000001,null,null,null,null,117.01,{"$f":"ROUND(ORÇAMENTO.CustoUnitario*(1+$AH304),2)","v":117.01}]
["S",2,"S",0,{"$f":"IF($C305=1,OFFSET(E305,-1,0)+MAX(1,COUNTIF(QCI!$A$13:$A$36,OFFSET(ORÇAMENTO!E305,-1,0))),OFFSET(E305,-1,0))","v":16},3,0,0,9,0,{"$f":"IF(OR($C305=\"S\",$C305=0),0,MATCH(OFFSET($D305,0,$C305)+IF($C305<>1,1,COUNTIF(QCI!$A$13:$A$36,ORÇAMENTO!E305)),OFFSET($D305,1,$C305,ROW($C$472)-ROW($C305)),0))","v":0},"F","Serviço","Serviço","16.3.0.9.","SINAPI","89599",{"$f":"IF($C305=\"S\",REFERENCIA.Descricao,\"(digite a descrição aqui)\")","v":"LUVA SIMPLES, PVC, SERIE R, ÁGUA PLUVIAL, DN 75 MM, JUNTA ELÁSTICA, FORNECIDO E INSTALADO EM CONDUTORES VERTICAIS DE ÁGUAS PLUVIAIS. AF_06/2022"},{"$f":"REFERENCIA.Unidade","v":"UN"},{"$f":"OFFSET(CÁLCULO!H$15,ROW($T305)-ROW(T$15),0)","v":1},26.32,"BDI 1",{"$f":"IF($C305=\"S\",ROUND(IF(TIPOORCAMENTO=\"Proposto\",ORÇAMENTO.CustoUnitario*(1+$AH305),ORÇAMENTO.PrecoUnitarioLicitado),15-13*$AF$10),0)","v":32.979999999999997},{"$f":"IF($C305=\"S\",IF(OR(Import.TipoArredondamento<>\"TransfereGOV\",ACOMPANHAMENTO=\"BM\"),VTOTAL1,SUM(OFFSET(CÁLCULO!$AI$15,ROW($X305)-ROW($X$15),1):OFFSET(CÁLCULO!$BB$15,ROW($X305)-ROW($X$15),-1))),IF($C305=0,0,ROUND(SomaAgrup,15-13*$AF$11)))","v":32.979999999999997},"RA","RA",{"$f":"IF($C305=\"S\",IF($Z305=\"CP\",$X305,IF($Z305=\"RA\",(($X305)*QCI!$AA$3),0)),SomaAgrup)","v":2.8538815450157045},{"$f":"IF($C305=\"S\",IF($Z305=\"OU\",ROUND($X305,2),0),SomaAgrup)","v":0},{"$f":"IF($N305=\"\",\" \",\nIF(AND($C305<>\"S\",OR($R305=\"\",$R305=\"(digite a descrição aqui)\")),\"DESCRIÇÃO\",\nIF(AND($C305=\"S\",OR($Q305<>\"\",$T305>0,$U305>0),$P305=\"\"),\"FONTE\",\nIF(AND($C305=\"S\",$P305<>\"\",OR($T305>0,$U305>0),$Q305=\"\"),\"CÓDIGO\",\nIF(AND($C305=\"S\",$P305<>\"\",$Q305<>\"\",$R305=\"(Código não identificado nas referências)\"),\"CÓDIGO N/ID\",\nIF(AND($C305=\"S\",OR($R305=\"\",$R305=\"(digite a descrição aqui)\"),OR($Q305<>\"\",$T305>0,$U305>0)),\"DESCRIÇÃO\",\nIF(AND($C305=\"S\",$P305<>\"\",$Q305<>\"\",$S305=\"\"),\"UNIDADE\",\nIF(AND($C305=\"S\",$P305<>\"\",$Q305<>\"\",$U305=0),\"SEM CUSTO\",\nIF(AND(TIPOORCAMENTO=\"Licitado\",$AL305=0,$AN305>0),\"SEM PREÇO\",\nIF(AND($C305=\"S\",$P305<>\"\",$Q305<>\"\",$U305>0,AND($V305<>\"BDI 1\",$V305<>\"BDI 2\",$V305<>\"BDI 3\")),IF(ISNUMBER($V305),\"JUSTIFICAR BDI\",\"BDI\"),\nIF(OR(AND(import.recurso=\"OGU\",TIPOORCAMENTO=\"Proposto\",LEFT($O$8,5)<>\"(N/D:\",$AG305<>\"\",ORÇAMENTO.CustoUnitario>$AG305),AND(TIPOORCAMENTO=\"LICITADO\",ORÇAMENTO.PrecoUnitarioLicitado>$AN305)),\"ACIMA REF.\",\nIF(AND($C305=\"S\",$P305<>\"\",$Q305<>\"\",$T305=0,$U305>0),\"QUANT.\",\nIF(AND(Import.TipoArredondamento=\"TransfereGOV\",$L305=\"F\",$C305=\"S\",LEN($Q305)>13),\"Código >13\",\nIF(AND(Import.TipoArredondamento=\"TransfereGOV\",$L305=\"F\",$C305<>\"S\",LEN($R305)>100),\"Descrição >100\",\nIF(AND(Import.TipoArredondamento=\"TransfereGOV\",$L305=\"F\",$C305=\"S\",LEN($R305)>500),\"Descrição >500\",\nIF(AND(Import.TipoArredondamento=\"TransfereGOV\",$L305=\"F\",$C305=\"S\",LEFT(TRIM(UPPER($P305)),6)<>\"SINAPI\",ISNA(VLOOKUP(TRIM(UPPER($S305)),ListaTgov.Unidades,1,FALSE))),\"Unid. Não Disp\",\n\" \"))))))))))))))))","v":" "},{"$f":"IF(C305<=CRONO.NivelExibicao,MAX($AD$15:OFFSET(AD305,-1,0))+IF($C305<>1,1,MAX(1,COUNTIF(QCI!$A$13:$A$36,OFFSET($E305,-1,0)))),\"\")","v":""},{"$f":"IF(AND($C305=\"S\",ORÇAMENTO.CodBarra<>\"\"),IF(ORÇAMENTO.Fonte=\"\",ORÇAMENTO.CodBarra,CONCATENATE(ORÇAMENTO.Fonte,\" \",ORÇAMENTO.CodBarra)))","v":"SINAPI 89599"},{"$f":"IF(ISERROR(ORÇAMENTO.BancoRef),\"(abra o arquivo 'Referência \"&Excel_BuiltIn_Database&\".xlsm)\",IF(OR($C305<>\"S\",ORÇAMENTO.CodBarra=\"\"),\"(Sem Código)\",IF(ISERROR(MATCH($AE305,INDIRECT(ORÇAMENTO.BancoRef),0)),\"(Código não identificado nas referências)\",MATCH($AE305,INDIRECT(ORÇAMENTO.BancoRef),0))))","v":12150},{"$f":"ROUND(IF(DESONERACAO=\"sim\",REFERENCIA.Desonerado,REFERENCIA.NaoDesonerado),2)","v":26.32},0.25290000000000001,null,null,null,null,32.979999999999997,{"$f":"ROUND(ORÇAMENTO.CustoUnitario*(1+$AH305),2)","v":32.979999999999997}]
["S",2,"S",0,{"$f":"IF($C306=1,OFFSET(E306,-1,0)+MAX(1,COUNTIF(QCI!$A$13:$A$36,OFFSET(ORÇAMENTO!E306,-1,0))),OFFSET(E306,-1,0))","v":16},3,0,0,10,0,{"$f":"IF(OR($C306=\"S\",$C306=0),0,MATCH(OFFSET($D306,0,$C306)+IF($C306<>1,1,COUNTIF(QCI!$A$13:$A$36,ORÇAMENTO!E306)),OFFSET($D306,1,$C306,ROW($C$472)-ROW($C306)),0))","v":0},"F","Serviço","Serviço","16.3.0.10.","SINAPI","89557",{"$f":"IF($C306=\"S\",REFERENCIA.Descricao,\"(digite a descrição aqui)\")","v":"REDUÇÃO EXCÊNTRICA, PVC, SERIE R, ÁGUA PLUVIAL, DN 100 X 75 MM, JUNTA ELÁSTICA, FORNECIDO E INSTALADO EM RAMAL DE ENCAMINHAMENTO. AF_06/2022"},{"$f":"REFERENCIA.Unidade","v":"UN"},{"$f":"OFFSET(CÁLCULO!H$15,ROW($T306)-ROW(T$15),0)","v":1},33.42,"BDI 1",{"$f":"IF($C306=\"S\",ROUND(IF(TIPOORCAMENTO=\"Proposto\",ORÇAMENTO.CustoUnitario*(1+$AH306),ORÇAMENTO.PrecoUnitarioLicitado),15-13*$AF$10),0)","v":41.87},{"$f":"IF($C306=\"S\",IF(OR(Import.TipoArredondamento<>\"TransfereGOV\",ACOMPANHAMENTO=\"BM\"),VTOTAL1,SUM(OFFSET(CÁLCULO!$AI$15,ROW($X306)-ROW($X$15),1):OFFSET(CÁLCULO!$BB$15,ROW($X306)-ROW($X$15),-1))),IF($C306=0,0,ROUND(SomaAgrup,15-13*$AF$11)))","v":41.87},"RA","RA",{"$f":"IF($C306=\"S\",IF($Z306=\"CP\",$X306,IF($Z306=\"RA\",(($X306)*QCI!$AA$3),0)),SomaAgrup)","v":3.6231661700972575},{"$f":"IF($C306=\"S\",IF($Z306=\"OU\",ROUND($X306,2),0),SomaAgrup)","v":0},{"$f":"IF($N306=\"\",\" \",\nIF(AND($C306<>\"S\",OR($R306=\"\",$R306=\"(digite a descrição aqui)\")),\"DESCRIÇÃO\",\nIF(AND($C306=\"S\",OR($Q306<>\"\",$T306>0,$U306>0),$P306=\"\"),\"FONTE\",\nIF(AND($C306=\"S\",$P306<>\"\",OR($T306>0,$U306>0),$Q306=\"\"),\"CÓDIGO\",\nIF(AND($C306=\"S\",$P306<>\"\",$Q306<>\"\",$R306=\"(Código não identificado nas referências)\"),\"CÓDIGO N/ID\",\nIF(AND($C306=\"S\",OR($R306=\"\",$R306=\"(digite a descrição aqui)\"),OR($Q306<>\"\",$T306>0,$U306>0)),\"DESCRIÇÃO\",\nIF(AND($C306=\"S\",$P306<>\"\",$Q306<>\"\",$S306=\"\"),\"UNIDADE\",\nIF(AND($C306=\"S\",$P306<>\"\",$Q306<>\"\",$U306=0),\"SEM CUSTO\",\nIF(AND(TIPOORCAMENTO=\"Licitado\",$AL306=0,$AN306>0),\"SEM PREÇO\",\nIF(AND($C306=\"S\",$P306<>\"\",$Q306<>\"\",$U306>0,AND($V306<>\"BDI 1\",$V306<>\"BDI 2\",$V306<>\"BDI 3\")),IF(ISNUMBER($V306),\"JUSTIFICAR BDI\",\"BDI\"),\nIF(OR(AND(import.recurso=\"OGU\",TIPOORCAMENTO=\"Proposto\",LEFT($O$8,5)<>\"(N/D:\",$AG306<>\"\",ORÇAMENTO.CustoUnitario>$AG306),AND(TIPOORCAMENTO=\"LICITADO\",ORÇAMENTO.PrecoUnitarioLicitado>$AN306)),\"ACIMA REF.\",\nIF(AND($C306=\"S\",$P306<>\"\",$Q306<>\"\",$T306=0,$U306>0),\"QUANT.\",\nIF(AND(Import.TipoArredondamento=\"TransfereGOV\",$L306=\"F\",$C306=\"S\",LEN($Q306)>13),\"Código >13\",\nIF(AND(Import.TipoArredondamento=\"TransfereGOV\",$L306=\"F\",$C306<>\"S\",LEN($R306)>100),\"Descrição >100\",\nIF(AND(Import.TipoArredondamento=\"TransfereGOV\",$L306=\"F\",$C306=\"S\",LEN($R306)>500),\"Descrição >500\",\nIF(AND(Import.TipoArredondamento=\"TransfereGOV\",$L306=\"F\",$C306=\"S\",LEFT(TRIM(UPPER($P306)),6)<>\"SINAPI\",ISNA(VLOOKUP(TRIM(UPPER($S306)),ListaTgov.Unidades,1,FALSE))),\"Unid. Não Disp\",\n\" \"))))))))))))))))","v":" "},{"$f":"IF(C306<=CRONO.NivelExibicao,MAX($AD$15:OFFSET(AD306,-1,0))+IF($C306<>1,1,MAX(1,COUNTIF(QCI!$A$13:$A$36,OFFSET($E306,-1,0)))),\"\")","v":""},{"$f":"IF(AND($C306=\"S\",ORÇAMENTO.CodBarra<>\"\"),IF(ORÇAMENTO.Fonte=\"\",ORÇAMENTO.CodBarra,CONCATENATE(ORÇAMENTO.Fonte,\" \",ORÇAMENTO.CodBarra)))","v":"SINAPI 89557"},{"$f":"IF(ISERROR(ORÇAMENTO.BancoRef),\"(abra o arquivo 'Referência \"&Excel_BuiltIn_Database&\".xlsm)\",IF(OR($C306<>\"S\",ORÇAMENTO.CodBarra=\"\"),\"(Sem Código)\",IF(ISERROR(MATCH($AE306,INDIRECT(ORÇAMENTO.BancoRef),0)),\"(Código não identificado nas referências)\",MATCH($AE306,INDIRECT(ORÇAMENTO.BancoRef),0))))","v":12154},{"$f":"ROUND(IF(DESONERACAO=\"sim\",REFERENCIA.Desonerado,REFERENCIA.NaoDesonerado),2)","v":33.42},0.25290000000000001,null,null,null,null,41.87,{"$f":"ROUND(ORÇAMENTO.CustoUnitario*(1+$AH306),2)","v":41.87}]
["S",2,"S",0,{"$f":"IF($C307=1,OFFSET(E307,-1,0)+MAX(1,COUNTIF(QCI!$A$13:$A$36,OFFSET(ORÇAMENTO!E307,-1,0))),OFFSET(E307,-1,0))","v":16},3,0,0,11,0,{"$f":"IF(OR($C307=\"S\",$C307=0),0,MATCH(OFFSET($D307,0,$C307)+IF($C307<>1,1,COUNTIF(QCI!$A$13:$A$36,ORÇAMENTO!E307)),OFFSET($D307,1,$C307,ROW($C$472)-ROW($C307)),0))","v":0},"F","Serviço","Serviço","16.3.0.11.","Composição","COMP71",{"$f":"IF($C307=\"S\",REFERENCIA.Descricao,\"(digite a descrição aqui)\")","v":"TUBO PVC RÍGIDO, TIPO COLETOR ESGOTO, JUNTA ELÁSTICA, DN= 100 MM, INCLUSIVE CONEXÕES"},{"$f":"REFERENCIA.Unidade","v":"m"},{"$f":"OFFSET(CÁLCULO!H$15,ROW($T307)-ROW(T$15),0)","v":84.2},50.69,"BDI 1",{"$f":"IF($C307=\"S\",ROUND(IF(TIPOORCAMENTO=\"Proposto\",ORÇAMENTO.CustoUnitario*(1+$AH307),ORÇAMENTO.PrecoUnitarioLicitado),15-13*$AF$10),0)","v":63.51},{"$f":"IF($C307=\"S\",IF(OR(Import.TipoArredondamento<>\"TransfereGOV\",ACOMPANHAMENTO=\"BM\"),VTOTAL1,SUM(OFFSET(CÁLCULO!$AI$15,ROW($X307)-ROW($X$15),1):OFFSET(CÁLCULO!$BB$15,ROW($X307)-ROW($X$15),-1))),IF($C307=0,0,ROUND(SomaAgrup,15-13*$AF$11)))","v":5347.54},"RA","RA",{"$f":"IF($C307=\"S\",IF($Z307=\"CP\",$X307,IF($Z307=\"RA\",(($X307)*QCI!$AA$3),0)),SomaAgrup)","v":462.74244139579389},{"$f":"IF($C307=\"S\",IF($Z307=\"OU\",ROUND($X307,2),0),SomaAgrup)","v":0},{"$f":"IF($N307=\"\",\" \",\nIF(AND($C307<>\"S\",OR($R307=\"\",$R307=\"(digite a descrição aqui)\")),\"DESCRIÇÃO\",\nIF(AND($C307=\"S\",OR($Q307<>\"\",$T307>0,$U307>0),$P307=\"\"),\"FONTE\",\nIF(AND($C307=\"S\",$P307<>\"\",OR($T307>0,$U307>0),$Q307=\"\"),\"CÓDIGO\",\nIF(AND($C307=\"S\",$P307<>\"\",$Q307<>\"\",$R307=\"(Código não identificado nas referências)\"),\"CÓDIGO N/ID\",\nIF(AND($C307=\"S\",OR($R307=\"\",$R307=\"(digite a descrição aqui)\"),OR($Q307<>\"\",$T307>0,$U307>0)),\"DESCRIÇÃO\",\nIF(AND($C307=\"S\",$P307<>\"\",$Q307<>\"\",$S307=\"\"),\"UNIDADE\",\nIF(AND($C307=\"S\",$P307<>\"\",$Q307<>\"\",$U307=0),\"SEM CUSTO\",\nIF(AND(TIPOORCAMENTO=\"Licitado\",$AL307=0,$AN307>0),\"SEM PREÇO\",\nIF(AND($C307=\"S\",$P307<>\"\",$Q307<>\"\",$U307>0,AND($V307<>\"BDI 1\",$V307<>\"BDI 2\",$V307<>\"BDI 3\")),IF(ISNUMBER($V307),\"JUSTIFICAR BDI\",\"BDI\"),\nIF(OR(AND(import.recurso=\"OGU\",TIPOORCAMENTO=\"Proposto\",LEFT($O$8,5)<>\"(N/D:\",$AG307<>\"\",ORÇAMENTO.CustoUnitario>$AG307),AND(TIPOORCAMENTO=\"LICITADO\",ORÇAMENTO.PrecoUnitarioLicitado>$AN307)),\"ACIMA REF.\",\nIF(AND($C307=\"S\",$P307<>\"\",$Q307<>\"\",$T307=0,$U307>0),\"QUANT.\",\nIF(AND(Import.TipoArredondamento=\"TransfereGOV\",$L307=\"F\",$C307=\"S\",LEN($Q307)>13),\"Código >13\",\nIF(AND(Import.TipoArredondamento=\"TransfereGOV\",$L307=\"F\",$C307<>\"S\",LEN($R307)>100),\"Descrição >100\",\nIF(AND(Import.TipoArredondamento=\"TransfereGOV\",$L307=\"F\",$C307=\"S\",LEN($R307)>500),\"Descrição >500\",\nIF(AND(Import.TipoArredondamento=\"TransfereGOV\",$L307=\"F\",$C307=\"S\",LEFT(TRIM(UPPER($P307)),6)<>\"SINAPI\",ISNA(VLOOKUP(TRIM(UPPER($S307)),ListaTgov.Unidades,1,FALSE))),\"Unid. Não Disp\",\n\" \"))))))))))))))))","v":" "},{"$f":"IF(C307<=CRONO.NivelExibicao,MAX($AD$15:OFFSET(AD307,-1,0))+IF($C307<>1,1,MAX(1,COUNTIF(QCI!$A$13:$A$36,OFFSET($E307,-1,0)))),\"\")","v":""},{"$f":"IF(AND($C307=\"S\",ORÇAMENTO.CodBarra<>\"\"),IF(ORÇAMENTO.Fonte=\"\",ORÇAMENTO.CodBarra,CONCATENATE(ORÇAMENTO.Fonte,\" \",ORÇAMENTO.CodBarra)))","v":"Composição COMP71"},{"$f":"IF(ISERROR(ORÇAMENTO.BancoRef),\"(abra o arquivo 'Referência \"&Excel_BuiltIn_Database&\".xlsm)\",IF(OR($C307<>\"S\",ORÇAMENTO.CodBarra=\"\"),\"(Sem Código)\",IF(ISERROR(MATCH($AE307,INDIRECT(ORÇAMENTO.BancoRef),0)),\"(Código não identificado nas referências)\",MATCH($AE307,INDIRECT(ORÇAMENTO.BancoRef),0))))","v":73},{"$f":"ROUND(IF(DESONERACAO=\"sim\",REFERENCIA.Desonerado,REFERENCIA.NaoDesonerado),2)","v":50.69},0.25290000000000001,null,null,null,null,5347.54,{"$f":"ROUND(ORÇAMENTO.CustoUnitario*(1+$AH307),2)","v":63.51}]
["S",2,"S",0,{"$f":"IF($C308=1,OFFSET(E308,-1,0)+MAX(1,COUNTIF(QCI!$A$13:$A$36,OFFSET(ORÇAMENTO!E308,-1,0))),OFFSET(E308,-1,0))","v":16},3,0,0,12,0,{"$f":"IF(OR($C308=\"S\",$C308=0),0,MATCH(OFFSET($D308,0,$C308)+IF($C308<>1,1,COUNTIF(QCI!$A$13:$A$36,ORÇAMENTO!E308)),OFFSET($D308,1,$C308,ROW($C$472)-ROW($C308)),0))","v":0},"F","Serviço","Serviço","16.3.0.12.","Composição","COMP72",{"$f":"IF($C308=\"S\",REFERENCIA.Descricao,\"(digite a descrição aqui)\")","v":"TUBO PVC RÍGIDO, TIPO COLETOR ESGOTO, JUNTA ELÁSTICA, DN= 150 MM, INCLUSIVE CONEXÕES"},{"$f":"REFERENCIA.Unidade","v":"M"},{"$f":"OFFSET(CÁLCULO!H$15,ROW($T308)-ROW(T$15),0)","v":41.7},67.08,"BDI 1",{"$f":"IF($C308=\"S\",ROUND(IF(TIPOORCAMENTO=\"Proposto\",ORÇAMENTO.CustoUnitario*(1+$AH308),ORÇAMENTO.PrecoUnitarioLicitado),15-13*$AF$10),0)","v":84.04},{"$f":"IF($C308=\"S\",IF(OR(Import.TipoArredondamento<>\"TransfereGOV\",ACOMPANHAMENTO=\"BM\"),VTOTAL1,SUM(OFFSET(CÁLCULO!$AI$15,ROW($X308)-ROW($X$15),1):OFFSET(CÁLCULO!$BB$15,ROW($X308)-ROW($X$15),-1))),IF($C308=0,0,ROUND(SomaAgrup,15-13*$AF$11)))","v":3504.47},"RA","RA",{"$f":"IF($C308=\"S\",IF($Z308=\"CP\",$X308,IF($Z308=\"RA\",(($X308)*QCI!$AA$3),0)),SomaAgrup)","v":303.25476828566366},{"$f":"IF($C308=\"S\",IF($Z308=\"OU\",ROUND($X308,2),0),SomaAgrup)","v":0},{"$f":"IF($N308=\"\",\" \",\nIF(AND($C308<>\"S\",OR($R308=\"\",$R308=\"(digite a descrição aqui)\")),\"DESCRIÇÃO\",\nIF(AND($C308=\"S\",OR($Q308<>\"\",$T308>0,$U308>0),$P308=\"\"),\"FONTE\",\nIF(AND($C308=\"S\",$P308<>\"\",OR($T308>0,$U308>0),$Q308=\"\"),\"CÓDIGO\",\nIF(AND($C308=\"S\",$P308<>\"\",$Q308<>\"\",$R308=\"(Código não identificado nas referências)\"),\"CÓDIGO N/ID\",\nIF(AND($C308=\"S\",OR($R308=\"\",$R308=\"(digite a descrição aqui)\"),OR($Q308<>\"\",$T308>0,$U308>0)),\"DESCRIÇÃO\",\nIF(AND($C308=\"S\",$P308<>\"\",$Q308<>\"\",$S308=\"\"),\"UNIDADE\",\nIF(AND($C308=\"S\",$P308<>\"\",$Q308<>\"\",$U308=0),\"SEM CUSTO\",\nIF(AND(TIPOORCAMENTO=\"Licitado\",$AL308=0,$AN308>0),\"SEM PREÇO\",\nIF(AND($C308=\"S\",$P308<>\"\",$Q308<>\"\",$U308>0,AND($V308<>\"BDI 1\",$V308<>\"BDI 2\",$V308<>\"BDI 3\")),IF(ISNUMBER($V308),\"JUSTIFICAR BDI\",\"BDI\"),\nIF(OR(AND(import.recurso=\"OGU\",TIPOORCAMENTO=\"Proposto\",LEFT($O$8,5)<>\"(N/D:\",$AG308<>\"\",ORÇAMENTO.CustoUnitario>$AG308),AND(TIPOORCAMENTO=\"LICITADO\",ORÇAMENTO.PrecoUnitarioLicitado>$AN308)),\"ACIMA REF.\",\nIF(AND($C308=\"S\",$P308<>\"\",$Q308<>\"\",$T308=0,$U308>0),\"QUANT.\",\nIF(AND(Import.TipoArredondamento=\"TransfereGOV\",$L308=\"F\",$C308=\"S\",LEN($Q308)>13),\"Código >13\",\nIF(AND(Import.TipoArredondamento=\"TransfereGOV\",$L308=\"F\",$C308<>\"S\",LEN($R308)>100),\"Descrição >100\",\nIF(AND(Import.TipoArredondamento=\"TransfereGOV\",$L308=\"F\",$C308=\"S\",LEN($R308)>500),\"Descrição >500\",\nIF(AND(Import.TipoArredondamento=\"TransfereGOV\",$L308=\"F\",$C308=\"S\",LEFT(TRIM(UPPER($P308)),6)<>\"SINAPI\",ISNA(VLOOKUP(TRIM(UPPER($S308)),ListaTgov.Unidades,1,FALSE))),\"Unid. Não Disp\",\n\" \"))))))))))))))))","v":" "},{"$f":"IF(C308<=CRONO.NivelExibicao,MAX($AD$15:OFFSET(AD308,-1,0))+IF($C308<>1,1,MAX(1,COUNTIF(QCI!$A$13:$A$36,OFFSET($E308,-1,0)))),\"\")","v":""},{"$f":"IF(AND($C308=\"S\",ORÇAMENTO.CodBarra<>\"\"),IF(ORÇAMENTO.Fonte=\"\",ORÇAMENTO.CodBarra,CONCATENATE(ORÇAMENTO.Fonte,\" \",ORÇAMENTO.CodBarra)))","v":"Composição COMP72"},{"$f":"IF(ISERROR(ORÇAMENTO.BancoRef),\"(abra o arquivo 'Referência \"&Excel_BuiltIn_Database&\".xlsm)\",IF(OR($C308<>\"S\",ORÇAMENTO.CodBarra=\"\"),\"(Sem Código)\",IF(ISERROR(MATCH($AE308,INDIRECT(ORÇAMENTO.BancoRef),0)),\"(Código não identificado nas referências)\",MATCH($AE308,INDIRECT(ORÇAMENTO.BancoRef),0))))","v":74},{"$f":"ROUND(IF(DESONERACAO=\"sim\",REFERENCIA.Desonerado,REFERENCIA.NaoDesonerado),2)","v":67.08},0.25290000000000001,null,null,null,null,3504.47,{"$f":"ROUND(ORÇAMENTO.CustoUnitario*(1+$AH308),2)","v":84.04}]
["S",2,"S",0,{"$f":"IF($C309=1,OFFSET(E309,-1,0)+MAX(1,COUNTIF(QCI!$A$13:$A$36,OFFSET(ORÇAMENTO!E309,-1,0))),OFFSET(E309,-1,0))","v":16},3,0,0,13,0,{"$f":"IF(OR($C309=\"S\",$C309=0),0,MATCH(OFFSET($D309,0,$C309)+IF($C309<>1,1,COUNTIF(QCI!$A$13:$A$36,ORÇAMENTO!E309)),OFFSET($D309,1,$C309,ROW($C$472)-ROW($C309)),0))","v":0},"F","Serviço","Serviço","16.3.0.13.","Composição","COMP73",{"$f":"IF($C309=\"S\",REFERENCIA.Descricao,\"(digite a descrição aqui)\")","v":"TUBO DE PVC RÍGIDO SOLDÁVEL MARROM, DN= 75 MM, (2 1/2´), INCLUSIVE CONEXÕES"},{"$f":"REFERENCIA.Unidade","v":"M"},{"$f":"OFFSET(CÁLCULO!H$15,ROW($T309)-ROW(T$15),0)","v":6},106.27,"BDI 1",{"$f":"IF($C309=\"S\",ROUND(IF(TIPOORCAMENTO=\"Proposto\",ORÇAMENTO.CustoUnitario*(1+$AH309),ORÇAMENTO.PrecoUnitarioLicitado),15-13*$AF$10),0)","v":133.15},{"$f":"IF($C309=\"S\",IF(OR(Import.TipoArredondamento<>\"TransfereGOV\",ACOMPANHAMENTO=\"BM\"),VTOTAL1,SUM(OFFSET(CÁLCULO!$AI$15,ROW($X309)-ROW($X$15),1):OFFSET(CÁLCULO!$BB$15,ROW($X309)-ROW($X$15),-1))),IF($C309=0,0,ROUND(SomaAgrup,15-13*$AF$11)))","v":798.9},"RA","RA",{"$f":"IF($C309=\"S\",IF($Z309=\"CP\",$X309,IF($Z309=\"RA\",(($X309)*QCI!$AA$3),0)),SomaAgrup)","v":69.131775813009298},{"$f":"IF($C309=\"S\",IF($Z309=\"OU\",ROUND($X309,2),0),SomaAgrup)","v":0},{"$f":"IF($N309=\"\",\" \",\nIF(AND($C309<>\"S\",OR($R309=\"\",$R309=\"(digite a descrição aqui)\")),\"DESCRIÇÃO\",\nIF(AND($C309=\"S\",OR($Q309<>\"\",$T309>0,$U309>0),$P309=\"\"),\"FONTE\",\nIF(AND($C309=\"S\",$P309<>\"\",OR($T309>0,$U309>0),$Q309=\"\"),\"CÓDIGO\",\nIF(AND($C309=\"S\",$P309<>\"\",$Q309<>\"\",$R309=\"(Código não identificado nas referências)\"),\"CÓDIGO N/ID\",\nIF(AND($C309=\"S\",OR($R309=\"\",$R309=\"(digite a descrição aqui)\"),OR($Q309<>\"\",$T309>0,$U309>0)),\"DESCRIÇÃO\",\nIF(AND($C309=\"S\",$P309<>\"\",$Q309<>\"\",$S309=\"\"),\"UNIDADE\",\nIF(AND($C309=\"S\",$P309<>\"\",$Q309<>\"\",$U309=0),\"SEM CUSTO\",\nIF(AND(TIPOORCAMENTO=\"Licitado\",$AL309=0,$AN309>0),\"SEM PREÇO\",\nIF(AND($C309=\"S\",$P309<>\"\",$Q309<>\"\",$U309>0,AND($V309<>\"BDI 1\",$V309<>\"BDI 2\",$V309<>\"BDI 3\")),IF(ISNUMBER($V309),\"JUSTIFICAR BDI\",\"BDI\"),\nIF(OR(AND(import.recurso=\"OGU\",TIPOORCAMENTO=\"Proposto\",LEFT($O$8,5)<>\"(N/D:\",$AG309<>\"\",ORÇAMENTO.CustoUnitario>$AG309),AND(TIPOORCAMENTO=\"LICITADO\",ORÇAMENTO.PrecoUnitarioLicitado>$AN309)),\"ACIMA REF.\",\nIF(AND($C309=\"S\",$P309<>\"\",$Q309<>\"\",$T309=0,$U309>0),\"QUANT.\",\nIF(AND(Import.TipoArredondamento=\"TransfereGOV\",$L309=\"F\",$C309=\"S\",LEN($Q309)>13),\"Código >13\",\nIF(AND(Import.TipoArredondamento=\"TransfereGOV\",$L309=\"F\",$C309<>\"S\",LEN($R309)>100),\"Descrição >100\",\nIF(AND(Import.TipoArredondamento=\"TransfereGOV\",$L309=\"F\",$C309=\"S\",LEN($R309)>500),\"Descrição >500\",\nIF(AND(Import.TipoArredondamento=\"TransfereGOV\",$L309=\"F\",$C309=\"S\",LEFT(TRIM(UPPER($P309)),6)<>\"SINAPI\",ISNA(VLOOKUP(TRIM(UPPER($S309)),ListaTgov.Unidades,1,FALSE))),\"Unid. Não Disp\",\n\" \"))))))))))))))))","v":" "},{"$f":"IF(C309<=CRONO.NivelExibicao,MAX($AD$15:OFFSET(AD309,-1,0))+IF($C309<>1,1,MAX(1,COUNTIF(QCI!$A$13:$A$36,OFFSET($E309,-1,0)))),\"\")","v":""},{"$f":"IF(AND($C309=\"S\",ORÇAMENTO.CodBarra<>\"\"),IF(ORÇAMENTO.Fonte=\"\",ORÇAMENTO.CodBarra,CONCATENATE(ORÇAMENTO.Fonte,\" \",ORÇAMENTO.CodBarra)))","v":"Composição COMP73"},{"$f":"IF(ISERROR(ORÇAMENTO.BancoRef),\"(abra o arquivo 'Referência \"&Excel_BuiltIn_Database&\".xlsm)\",IF(OR($C309<>\"S\",ORÇAMENTO.CodBarra=\"\"),\"(Sem Código)\",IF(ISERROR(MATCH($AE309,INDIRECT(ORÇAMENTO.BancoRef),0)),\"(Código não identificado nas referências)\",MATCH($AE309,INDIRECT(ORÇAMENTO.BancoRef),0))))","v":75},{"$f":"ROUND(IF(DESONERACAO=\"sim\",REFERENCIA.Desonerado,REFERENCIA.NaoDesonerado),2)","v":106.27},0.25290000000000001,null,null,null,null,798.9,{"$f":"ROUND(ORÇAMENTO.CustoUnitario*(1+$AH309),2)","v":133.15}]
["S",2,"S",0,{"$f":"IF($C310=1,OFFSET(E310,-1,0)+MAX(1,COUNTIF(QCI!$A$13:$A$36,OFFSET(ORÇAMENTO!E310,-1,0))),OFFSET(E310,-1,0))","v":16},3,0,0,14,0,{"$f":"IF(OR($C310=\"S\",$C310=0),0,MATCH(OFFSET($D310,0,$C310)+IF($C310<>1,1,COUNTIF(QCI!$A$13:$A$36,ORÇAMENTO!E310)),OFFSET($D310,1,$C310,ROW($C$472)-ROW($C310)),0))","v":0},"F","Serviço","Serviço","16.3.0.14.","Composição","COMP74",{"$f":"IF($C310=\"S\",REFERENCIA.Descricao,\"(digite a descrição aqui)\")","v":"CURVA PVC PARA REDE COLETOR ESGOTO, 45 GR, 200 MM, COM JUNTA ELASTICA."},{"$f":"REFERENCIA.Unidade","v":"UN"},{"$f":"OFFSET(CÁLCULO!H$15,ROW($T310)-ROW(T$15),0)","v":1},381.76,"BDI 1",{"$f":"IF($C310=\"S\",ROUND(IF(TIPOORCAMENTO=\"Proposto\",ORÇAMENTO.CustoUnitario*(1+$AH310),ORÇAMENTO.PrecoUnitarioLicitado),15-13*$AF$10),0)","v":478.31},{"$f":"IF($C310=\"S\",IF(OR(Import.TipoArredondamento<>\"TransfereGOV\",ACOMPANHAMENTO=\"BM\"),VTOTAL1,SUM(OFFSET(CÁLCULO!$AI$15,ROW($X310)-ROW($X$15),1):OFFSET(CÁLCULO!$BB$15,ROW($X310)-ROW($X$15),-1))),IF($C310=0,0,ROUND(SomaAgrup,15-13*$AF$11)))","v":478.31},"RA","RA",{"$f":"IF($C310=\"S\",IF($Z310=\"CP\",$X310,IF($Z310=\"RA\",(($X310)*QCI!$AA$3),0)),SomaAgrup)","v":41.389935773088595},{"$f":"IF($C310=\"S\",IF($Z310=\"OU\",ROUND($X310,2),0),SomaAgrup)","v":0},{"$f":"IF($N310=\"\",\" \",\nIF(AND($C310<>\"S\",OR($R310=\"\",$R310=\"(digite a descrição aqui)\")),\"DESCRIÇÃO\",\nIF(AND($C310=\"S\",OR($Q310<>\"\",$T310>0,$U310>0),$P310=\"\"),\"FONTE\",\nIF(AND($C310=\"S\",$P310<>\"\",OR($T310>0,$U310>0),$Q310=\"\"),\"CÓDIGO\",\nIF(AND($C310=\"S\",$P310<>\"\",$Q310<>\"\",$R310=\"(Código não identificado nas referências)\"),\"CÓDIGO N/ID\",\nIF(AND($C310=\"S\",OR($R310=\"\",$R310=\"(digite a descrição aqui)\"),OR($Q310<>\"\",$T310>0,$U310>0)),\"DESCRIÇÃO\",\nIF(AND($C310=\"S\",$P310<>\"\",$Q310<>\"\",$S310=\"\"),\"UNIDADE\",\nIF(AND($C310=\"S\",$P310<>\"\",$Q310<>\"\",$U310=0),\"SEM CUSTO\",\nIF(AND(TIPOORCAMENTO=\"Licitado\",$AL310=0,$AN310>0),\"SEM PREÇO\",\nIF(AND($C310=\"S\",$P310<>\"\",$Q310<>\"\",$U310>0,AND($V310<>\"BDI 1\",$V310<>\"BDI 2\",$V310<>\"BDI 3\")),IF(ISNUMBER($V310),\"JUSTIFICAR BDI\",\"BDI\"),\nIF(OR(AND(import.recurso=\"OGU\",TIPOORCAMENTO=\"Proposto\",LEFT($O$8,5)<>\"(N/D:\",$AG310<>\"\",ORÇAMENTO.CustoUnitario>$AG310),AND(TIPOORCAMENTO=\"LICITADO\",ORÇAMENTO.PrecoUnitarioLicitado>$AN310)),\"ACIMA REF.\",\nIF(AND($C310=\"S\",$P310<>\"\",$Q310<>\"\",$T310=0,$U310>0),\"QUANT.\",\nIF(AND(Import.TipoArredondamento=\"TransfereGOV\",$L310=\"F\",$C310=\"S\",LEN($Q310)>13),\"Código >13\",\nIF(AND(Import.TipoArredondamento=\"TransfereGOV\",$L310=\"F\",$C310<>\"S\",LEN($R310)>100),\"Descrição >100\",\nIF(AND(Import.TipoArredondamento=\"TransfereGOV\",$L310=\"F\",$C310=\"S\",LEN($R310)>500),\"Descrição >500\",\nIF(AND(Import.TipoArredondamento=\"TransfereGOV\",$L310=\"F\",$C310=\"S\",LEFT(TRIM(UPPER($P310)),6)<>\"SINAPI\",ISNA(VLOOKUP(TRIM(UPPER($S310)),ListaTgov.Unidades,1,FALSE))),\"Unid. Não Disp\",\n\" \"))))))))))))))))","v":" "},{"$f":"IF(C310<=CRONO.NivelExibicao,MAX($AD$15:OFFSET(AD310,-1,0))+IF($C310<>1,1,MAX(1,COUNTIF(QCI!$A$13:$A$36,OFFSET($E310,-1,0)))),\"\")","v":""},{"$f":"IF(AND($C310=\"S\",ORÇAMENTO.CodBarra<>\"\"),IF(ORÇAMENTO.Fonte=\"\",ORÇAMENTO.CodBarra,CONCATENATE(ORÇAMENTO.Fonte,\" \",ORÇAMENTO.CodBarra)))","v":"Composição COMP74"},{"$f":"IF(ISERROR(ORÇAMENTO.BancoRef),\"(abra o arquivo 'Referência \"&Excel_BuiltIn_Database&\".xlsm)\",IF(OR($C310<>\"S\",ORÇAMENTO.CodBarra=\"\"),\"(Sem Código)\",IF(ISERROR(MATCH($AE310,INDIRECT(ORÇAMENTO.BancoRef),0)),\"(Código não identificado nas referências)\",MATCH($AE310,INDIRECT(ORÇAMENTO.BancoRef),0))))","v":76},{"$f":"ROUND(IF(DESONERACAO=\"sim\",REFERENCIA.Desonerado,REFERENCIA.NaoDesonerado),2)","v":381.76},0.25290000000000001,null,null,null,null,478.31,{"$f":"ROUND(ORÇAMENTO.CustoUnitario*(1+$AH310),2)","v":478.31}]
["S",2,"S",0,{"$f":"IF($C311=1,OFFSET(E311,-1,0)+MAX(1,COUNTIF(QCI!$A$13:$A$36,OFFSET(ORÇAMENTO!E311,-1,0))),OFFSET(E311,-1,0))","v":16},3,0,0,15,0,{"$f":"IF(OR($C311=\"S\",$C311=0),0,MATCH(OFFSET($D311,0,$C311)+IF($C311<>1,1,COUNTIF(QCI!$A$13:$A$36,ORÇAMENTO!E311)),OFFSET($D311,1,$C311,ROW($C$472)-ROW($C311)),0))","v":0},"F","Serviço","Serviço","16.3.0.15.","SINAPI","90696",{"$f":"IF($C311=\"S\",REFERENCIA.Descricao,\"(digite a descrição aqui)\")","v":"TUBO DE PVC PARA REDE COLETORA DE ESGOTO DE PAREDE MACIÇA, DN 200 MM, JUNTA ELÁSTICA - FORNECIMENTO E ASSENTAMENTO. AF_01/2021"},{"$f":"REFERENCIA.Unidade","v":"M"},{"$f":"OFFSET(CÁLCULO!H$15,ROW($T311)-ROW(T$15),0)","v":10.3},161.79,"BDI 1",{"$f":"IF($C311=\"S\",ROUND(IF(TIPOORCAMENTO=\"Proposto\",ORÇAMENTO.CustoUnitario*(1+$AH311),ORÇAMENTO.PrecoUnitarioLicitado),15-13*$AF$10),0)","v":202.71},{"$f":"IF($C311=\"S\",IF(OR(Import.TipoArredondamento<>\"TransfereGOV\",ACOMPANHAMENTO=\"BM\"),VTOTAL1,SUM(OFFSET(CÁLCULO!$AI$15,ROW($X311)-ROW($X$15),1):OFFSET(CÁLCULO!$BB$15,ROW($X311)-ROW($X$15),-1))),IF($C311=0,0,ROUND(SomaAgrup,15-13*$AF$11)))","v":2087.91},"RA","RA",{"$f":"IF($C311=\"S\",IF($Z311=\"CP\",$X311,IF($Z311=\"RA\",(($X311)*QCI!$AA$3),0)),SomaAgrup)","v":180.67458510169013},{"$f":"IF($C311=\"S\",IF($Z311=\"OU\",ROUND($X311,2),0),SomaAgrup)","v":0},{"$f":"IF($N311=\"\",\" \",\nIF(AND($C311<>\"S\",OR($R311=\"\",$R311=\"(digite a descrição aqui)\")),\"DESCRIÇÃO\",\nIF(AND($C311=\"S\",OR($Q311<>\"\",$T311>0,$U311>0),$P311=\"\"),\"FONTE\",\nIF(AND($C311=\"S\",$P311<>\"\",OR($T311>0,$U311>0),$Q311=\"\"),\"CÓDIGO\",\nIF(AND($C311=\"S\",$P311<>\"\",$Q311<>\"\",$R311=\"(Código não identificado nas referências)\"),\"CÓDIGO N/ID\",\nIF(AND($C311=\"S\",OR($R311=\"\",$R311=\"(digite a descrição aqui)\"),OR($Q311<>\"\",$T311>0,$U311>0)),\"DESCRIÇÃO\",\nIF(AND($C311=\"S\",$P311<>\"\",$Q311<>\"\",$S311=\"\"),\"UNIDADE\",\nIF(AND($C311=\"S\",$P311<>\"\",$Q311<>\"\",$U311=0),\"SEM CUSTO\",\nIF(AND(TIPOORCAMENTO=\"Licitado\",$AL311=0,$AN311>0),\"SEM PREÇO\",\nIF(AND($C311=\"S\",$P311<>\"\",$Q311<>\"\",$U311>0,AND($V311<>\"BDI 1\",$V311<>\"BDI 2\",$V311<>\"BDI 3\")),IF(ISNUMBER($V311),\"JUSTIFICAR BDI\",\"BDI\"),\nIF(OR(AND(import.recurso=\"OGU\",TIPOORCAMENTO=\"Proposto\",LEFT($O$8,5)<>\"(N/D:\",$AG311<>\"\",ORÇAMENTO.CustoUnitario>$AG311),AND(TIPOORCAMENTO=\"LICITADO\",ORÇAMENTO.PrecoUnitarioLicitado>$AN311)),\"ACIMA REF.\",\nIF(AND($C311=\"S\",$P311<>\"\",$Q311<>\"\",$T311=0,$U311>0),\"QUANT.\",\nIF(AND(Import.TipoArredondamento=\"TransfereGOV\",$L311=\"F\",$C311=\"S\",LEN($Q311)>13),\"Código >13\",\nIF(AND(Import.TipoArredondamento=\"TransfereGOV\",$L311=\"F\",$C311<>\"S\",LEN($R311)>100),\"Descrição >100\",\nIF(AND(Import.TipoArredondamento=\"TransfereGOV\",$L311=\"F\",$C311=\"S\",LEN($R311)>500),\"Descrição >500\",\nIF(AND(Import.TipoArredondamento=\"TransfereGOV\",$L311=\"F\",$C311=\"S\",LEFT(TRIM(UPPER($P311)),6)<>\"SINAPI\",ISNA(VLOOKUP(TRIM(UPPER($S311)),ListaTgov.Unidades,1,FALSE))),\"Unid. Não Disp\",\n\" \"))))))))))))))))","v":" "},{"$f":"IF(C311<=CRONO.NivelExibicao,MAX($AD$15:OFFSET(AD311,-1,0))+IF($C311<>1,1,MAX(1,COUNTIF(QCI!$A$13:$A$36,OFFSET($E311,-1,0)))),\"\")","v":""},{"$f":"IF(AND($C311=\"S\",ORÇAMENTO.CodBarra<>\"\"),IF(ORÇAMENTO.Fonte=\"\",ORÇAMENTO.CodBarra,CONCATENATE(ORÇAMENTO.Fonte,\" \",ORÇAMENTO.CodBarra)))","v":"SINAPI 90696"},{"$f":"IF(ISERROR(ORÇAMENTO.BancoRef),\"(abra o arquivo 'Referência \"&Excel_BuiltIn_Database&\".xlsm)\",IF(OR($C311<>\"S\",ORÇAMENTO.CodBarra=\"\"),\"(Sem Código)\",IF(ISERROR(MATCH($AE311,INDIRECT(ORÇAMENTO.BancoRef),0)),\"(Código não identificado nas referências)\",MATCH($AE311,INDIRECT(ORÇAMENTO.BancoRef),0))))","v":6680},{"$f":"ROUND(IF(DESONERACAO=\"sim\",REFERENCIA.Desonerado,REFERENCIA.NaoDesonerado),2)","v":161.79},0.25290000000000001,null,null,null,null,2087.91,{"$f":"ROUND(ORÇAMENTO.CustoUnitario*(1+$AH311),2)","v":202.71}]
["S",2,"S",0,{"$f":"IF($C312=1,OFFSET(E312,-1,0)+MAX(1,COUNTIF(QCI!$A$13:$A$36,OFFSET(ORÇAMENTO!E312,-1,0))),OFFSET(E312,-1,0))","v":16},3,0,0,16,0,{"$f":"IF(OR($C312=\"S\",$C312=0),0,MATCH(OFFSET($D312,0,$C312)+IF($C312<>1,1,COUNTIF(QCI!$A$13:$A$36,ORÇAMENTO!E312)),OFFSET($D312,1,$C312,ROW($C$472)-ROW($C312)),0))","v":0},"F","Serviço","Serviço","16.3.0.16.","SINAPI","89408",{"$f":"IF($C312=\"S\",REFERENCIA.Descricao,\"(digite a descrição aqui)\")","v":"JOELHO 90 GRAUS, PVC, SOLDÁVEL, DN 25MM, INSTALADO EM RAMAL DE DISTRIBUIÇÃO DE ÁGUA - FORNECIMENTO E INSTALAÇÃO. AF_06/2022"},{"$f":"REFERENCIA.Unidade","v":"UN"},{"$f":"OFFSET(CÁLCULO!H$15,ROW($T312)-ROW(T$15),0)","v":18},8.84,"BDI 1",{"$f":"IF($C312=\"S\",ROUND(IF(TIPOORCAMENTO=\"Proposto\",ORÇAMENTO.CustoUnitario*(1+$AH312),ORÇAMENTO.PrecoUnitarioLicitado),15-13*$AF$10),0)","v":11.08},{"$f":"IF($C312=\"S\",IF(OR(Import.TipoArredondamento<>\"TransfereGOV\",ACOMPANHAMENTO=\"BM\"),VTOTAL1,SUM(OFFSET(CÁLCULO!$AI$15,ROW($X312)-ROW($X$15),1):OFFSET(CÁLCULO!$BB$15,ROW($X312)-ROW($X$15),-1))),IF($C312=0,0,ROUND(SomaAgrup,15-13*$AF$11)))","v":199.44},"RA","RA",{"$f":"IF($C312=\"S\",IF($Z312=\"CP\",$X312,IF($Z312=\"RA\",(($X312)*QCI!$AA$3),0)),SomaAgrup)","v":17.258281847723836},{"$f":"IF($C312=\"S\",IF($Z312=\"OU\",ROUND($X312,2),0),SomaAgrup)","v":0},{"$f":"IF($N312=\"\",\" \",\nIF(AND($C312<>\"S\",OR($R312=\"\",$R312=\"(digite a descrição aqui)\")),\"DESCRIÇÃO\",\nIF(AND($C312=\"S\",OR($Q312<>\"\",$T312>0,$U312>0),$P312=\"\"),\"FONTE\",\nIF(AND($C312=\"S\",$P312<>\"\",OR($T312>0,$U312>0),$Q312=\"\"),\"CÓDIGO\",\nIF(AND($C312=\"S\",$P312<>\"\",$Q312<>\"\",$R312=\"(Código não identificado nas referências)\"),\"CÓDIGO N/ID\",\nIF(AND($C312=\"S\",OR($R312=\"\",$R312=\"(digite a descrição aqui)\"),OR($Q312<>\"\",$T312>0,$U312>0)),\"DESCRIÇÃO\",\nIF(AND($C312=\"S\",$P312<>\"\",$Q312<>\"\",$S312=\"\"),\"UNIDADE\",\nIF(AND($C312=\"S\",$P312<>\"\",$Q312<>\"\",$U312=0),\"SEM CUSTO\",\nIF(AND(TIPOORCAMENTO=\"Licitado\",$AL312=0,$AN312>0),\"SEM PREÇO\",\nIF(AND($C312=\"S\",$P312<>\"\",$Q312<>\"\",$U312>0,AND($V312<>\"BDI 1\",$V312<>\"BDI 2\",$V312<>\"BDI 3\")),IF(ISNUMBER($V312),\"JUSTIFICAR BDI\",\"BDI\"),\nIF(OR(AND(import.recurso=\"OGU\",TIPOORCAMENTO=\"Proposto\",LEFT($O$8,5)<>\"(N/D:\",$AG312<>\"\",ORÇAMENTO.CustoUnitario>$AG312),AND(TIPOORCAMENTO=\"LICITADO\",ORÇAMENTO.PrecoUnitarioLicitado>$AN312)),\"ACIMA REF.\",\nIF(AND($C312=\"S\",$P312<>\"\",$Q312<>\"\",$T312=0,$U312>0),\"QUANT.\",\nIF(AND(Import.TipoArredondamento=\"TransfereGOV\",$L312=\"F\",$C312=\"S\",LEN($Q312)>13),\"Código >13\",\nIF(AND(Import.TipoArredondamento=\"TransfereGOV\",$L312=\"F\",$C312<>\"S\",LEN($R312)>100),\"Descrição >100\",\nIF(AND(Import.TipoArredondamento=\"TransfereGOV\",$L312=\"F\",$C312=\"S\",LEN($R312)>500),\"Descrição >500\",\nIF(AND(Import.TipoArredondamento=\"TransfereGOV\",$L312=\"F\",$C312=\"S\",LEFT(TRIM(UPPER($P312)),6)<>\"SINAPI\",ISNA(VLOOKUP(TRIM(UPPER($S312)),ListaTgov.Unidades,1,FALSE))),\"Unid. Não Disp\",\n\" \"))))))))))))))))","v":" "},{"$f":"IF(C312<=CRONO.NivelExibicao,MAX($AD$15:OFFSET(AD312,-1,0))+IF($C312<>1,1,MAX(1,COUNTIF(QCI!$A$13:$A$36,OFFSET($E312,-1,0)))),\"\")","v":""},{"$f":"IF(AND($C312=\"S\",ORÇAMENTO.CodBarra<>\"\"),IF(ORÇAMENTO.Fonte=\"\",ORÇAMENTO.CodBarra,CONCATENATE(ORÇAMENTO.Fonte,\" \",ORÇAMENTO.CodBarra)))","v":"SINAPI 89408"},{"$f":"IF(ISERROR(ORÇAMENTO.BancoRef),\"(abra o arquivo 'Referência \"&Excel_BuiltIn_Database&\".xlsm)\",IF(OR($C312<>\"S\",ORÇAMENTO.CodBarra=\"\"),\"(Sem Código)\",IF(ISERROR(MATCH($AE312,INDIRECT(ORÇAMENTO.BancoRef),0)),\"(Código não identificado nas referências)\",MATCH($AE312,INDIRECT(ORÇAMENTO.BancoRef),0))))","v":11821},{"$f":"ROUND(IF(DESONERACAO=\"sim\",REFERENCIA.Desonerado,REFERENCIA.NaoDesonerado),2)","v":8.84},0.25290000000000001,null,null,null,null,199.44,{"$f":"ROUND(ORÇAMENTO.CustoUnitario*(1+$AH312),2)","v":11.08}]
["S",2,"S",0,{"$f":"IF($C313=1,OFFSET(E313,-1,0)+MAX(1,COUNTIF(QCI!$A$13:$A$36,OFFSET(ORÇAMENTO!E313,-1,0))),OFFSET(E313,-1,0))","v":16},3,0,0,17,0,{"$f":"IF(OR($C313=\"S\",$C313=0),0,MATCH(OFFSET($D313,0,$C313)+IF($C313<>1,1,COUNTIF(QCI!$A$13:$A$36,ORÇAMENTO!E313)),OFFSET($D313,1,$C313,ROW($C$472)-ROW($C313)),0))","v":0},"F","Serviço","Serviço","16.3.0.17.","SINAPI","89356",{"$f":"IF($C313=\"S\",REFERENCIA.Descricao,\"(digite a descrição aqui)\")","v":"TUBO, PVC, SOLDÁVEL, DE 25MM, INSTALADO EM RAMAL OU SUB-RAMAL DE ÁGUA - FORNECIMENTO E INSTALAÇÃO. AF_06/2022"},{"$f":"REFERENCIA.Unidade","v":"M"},{"$f":"OFFSET(CÁLCULO!H$15,ROW($T313)-ROW(T$15),0)","v":109.9},23.85,"BDI 1",{"$f":"IF($C313=\"S\",ROUND(IF(TIPOORCAMENTO=\"Proposto\",ORÇAMENTO.CustoUnitario*(1+$AH313),ORÇAMENTO.PrecoUnitarioLicitado),15-13*$AF$10),0)","v":29.88},{"$f":"IF($C313=\"S\",IF(OR(Import.TipoArredondamento<>\"TransfereGOV\",ACOMPANHAMENTO=\"BM\"),VTOTAL1,SUM(OFFSET(CÁLCULO!$AI$15,ROW($X313)-ROW($X$15),1):OFFSET(CÁLCULO!$BB$15,ROW($X313)-ROW($X$15),-1))),IF($C313=0,0,ROUND(SomaAgrup,15-13*$AF$11)))","v":3283.81},"RA","RA",{"$f":"IF($C313=\"S\",IF($Z313=\"CP\",$X313,IF($Z313=\"RA\",(($X313)*QCI!$AA$3),0)),SomaAgrup)","v":284.16024124736271},{"$f":"IF($C313=\"S\",IF($Z313=\"OU\",ROUND($X313,2),0),SomaAgrup)","v":0},{"$f":"IF($N313=\"\",\" \",\nIF(AND($C313<>\"S\",OR($R313=\"\",$R313=\"(digite a descrição aqui)\")),\"DESCRIÇÃO\",\nIF(AND($C313=\"S\",OR($Q313<>\"\",$T313>0,$U313>0),$P313=\"\"),\"FONTE\",\nIF(AND($C313=\"S\",$P313<>\"\",OR($T313>0,$U313>0),$Q313=\"\"),\"CÓDIGO\",\nIF(AND($C313=\"S\",$P313<>\"\",$Q313<>\"\",$R313=\"(Código não identificado nas referências)\"),\"CÓDIGO N/ID\",\nIF(AND($C313=\"S\",OR($R313=\"\",$R313=\"(digite a descrição aqui)\"),OR($Q313<>\"\",$T313>0,$U313>0)),\"DESCRIÇÃO\",\nIF(AND($C313=\"S\",$P313<>\"\",$Q313<>\"\",$S313=\"\"),\"UNIDADE\",\nIF(AND($C313=\"S\",$P313<>\"\",$Q313<>\"\",$U313=0),\"SEM CUSTO\",\nIF(AND(TIPOORCAMENTO=\"Licitado\",$AL313=0,$AN313>0),\"SEM PREÇO\",\nIF(AND($C313=\"S\",$P313<>\"\",$Q313<>\"\",$U313>0,AND($V313<>\"BDI 1\",$V313<>\"BDI 2\",$V313<>\"BDI 3\")),IF(ISNUMBER($V313),\"JUSTIFICAR BDI\",\"BDI\"),\nIF(OR(AND(import.recurso=\"OGU\",TIPOORCAMENTO=\"Proposto\",LEFT($O$8,5)<>\"(N/D:\",$AG313<>\"\",ORÇAMENTO.CustoUnitario>$AG313),AND(TIPOORCAMENTO=\"LICITADO\",ORÇAMENTO.PrecoUnitarioLicitado>$AN313)),\"ACIMA REF.\",\nIF(AND($C313=\"S\",$P313<>\"\",$Q313<>\"\",$T313=0,$U313>0),\"QUANT.\",\nIF(AND(Import.TipoArredondamento=\"TransfereGOV\",$L313=\"F\",$C313=\"S\",LEN($Q313)>13),\"Código >13\",\nIF(AND(Import.TipoArredondamento=\"TransfereGOV\",$L313=\"F\",$C313<>\"S\",LEN($R313)>100),\"Descrição >100\",\nIF(AND(Import.TipoArredondamento=\"TransfereGOV\",$L313=\"F\",$C313=\"S\",LEN($R313)>500),\"Descrição >500\",\nIF(AND(Import.TipoArredondamento=\"TransfereGOV\",$L313=\"F\",$C313=\"S\",LEFT(TRIM(UPPER($P313)),6)<>\"SINAPI\",ISNA(VLOOKUP(TRIM(UPPER($S313)),ListaTgov.Unidades,1,FALSE))),\"Unid. Não Disp\",\n\" \"))))))))))))))))","v":" "},{"$f":"IF(C313<=CRONO.NivelExibicao,MAX($AD$15:OFFSET(AD313,-1,0))+IF($C313<>1,1,MAX(1,COUNTIF(QCI!$A$13:$A$36,OFFSET($E313,-1,0)))),\"\")","v":""},{"$f":"IF(AND($C313=\"S\",ORÇAMENTO.CodBarra<>\"\"),IF(ORÇAMENTO.Fonte=\"\",ORÇAMENTO.CodBarra,CONCATENATE(ORÇAMENTO.Fonte,\" \",ORÇAMENTO.CodBarra)))","v":"SINAPI 89356"},{"$f":"IF(ISERROR(ORÇAMENTO.BancoRef),\"(abra o arquivo 'Referência \"&Excel_BuiltIn_Database&\".xlsm)\",IF(OR($C313<>\"S\",ORÇAMENTO.CodBarra=\"\"),\"(Sem Código)\",IF(ISERROR(MATCH($AE313,INDIRECT(ORÇAMENTO.BancoRef),0)),\"(Código não identificado nas referências)\",MATCH($AE313,INDIRECT(ORÇAMENTO.BancoRef),0))))","v":11916},{"$f":"ROUND(IF(DESONERACAO=\"sim\",REFERENCIA.Desonerado,REFERENCIA.NaoDesonerado),2)","v":23.85},0.25290000000000001,null,null,null,null,3283.81,{"$f":"ROUND(ORÇAMENTO.CustoUnitario*(1+$AH313),2)","v":29.88}]
["S",2,"S",0,{"$f":"IF($C314=1,OFFSET(E314,-1,0)+MAX(1,COUNTIF(QCI!$A$13:$A$36,OFFSET(ORÇAMENTO!E314,-1,0))),OFFSET(E314,-1,0))","v":16},3,0,0,18,0,{"$f":"IF(OR($C314=\"S\",$C314=0),0,MATCH(OFFSET($D314,0,$C314)+IF($C314<>1,1,COUNTIF(QCI!$A$13:$A$36,ORÇAMENTO!E314)),OFFSET($D314,1,$C314,ROW($C$472)-ROW($C314)),0))","v":0},"F","Serviço","Serviço","16.3.0.18.","SINAPI","89869",{"$f":"IF($C314=\"S\",REFERENCIA.Descricao,\"(digite a descrição aqui)\")","v":"TE, PVC, SOLDÁVEL, DN 25MM, INSTALADO EM DRENO DE AR-CONDICIONADO - FORNECIMENTO E INSTALAÇÃO. AF_08/2022"},{"$f":"REFERENCIA.Unidade","v":"UN"},{"$f":"OFFSET(CÁLCULO!H$15,ROW($T314)-ROW(T$15),0)","v":10},10.45,"BDI 1",{"$f":"IF($C314=\"S\",ROUND(IF(TIPOORCAMENTO=\"Proposto\",ORÇAMENTO.CustoUnitario*(1+$AH314),ORÇAMENTO.PrecoUnitarioLicitado),15-13*$AF$10),0)","v":13.09},{"$f":"IF($C314=\"S\",IF(OR(Import.TipoArredondamento<>\"TransfereGOV\",ACOMPANHAMENTO=\"BM\"),VTOTAL1,SUM(OFFSET(CÁLCULO!$AI$15,ROW($X314)-ROW($X$15),1):OFFSET(CÁLCULO!$BB$15,ROW($X314)-ROW($X$15),-1))),IF($C314=0,0,ROUND(SomaAgrup,15-13*$AF$11)))","v":130.9},"RA","RA",{"$f":"IF($C314=\"S\",IF($Z314=\"CP\",$X314,IF($Z314=\"RA\",(($X314)*QCI!$AA$3),0)),SomaAgrup)","v":11.327261802381923},{"$f":"IF($C314=\"S\",IF($Z314=\"OU\",ROUND($X314,2),0),SomaAgrup)","v":0},{"$f":"IF($N314=\"\",\" \",\nIF(AND($C314<>\"S\",OR($R314=\"\",$R314=\"(digite a descrição aqui)\")),\"DESCRIÇÃO\",\nIF(AND($C314=\"S\",OR($Q314<>\"\",$T314>0,$U314>0),$P314=\"\"),\"FONTE\",\nIF(AND($C314=\"S\",$P314<>\"\",OR($T314>0,$U314>0),$Q314=\"\"),\"CÓDIGO\",\nIF(AND($C314=\"S\",$P314<>\"\",$Q314<>\"\",$R314=\"(Código não identificado nas referências)\"),\"CÓDIGO N/ID\",\nIF(AND($C314=\"S\",OR($R314=\"\",$R314=\"(digite a descrição aqui)\"),OR($Q314<>\"\",$T314>0,$U314>0)),\"DESCRIÇÃO\",\nIF(AND($C314=\"S\",$P314<>\"\",$Q314<>\"\",$S314=\"\"),\"UNIDADE\",\nIF(AND($C314=\"S\",$P314<>\"\",$Q314<>\"\",$U314=0),\"SEM CUSTO\",\nIF(AND(TIPOORCAMENTO=\"Licitado\",$AL314=0,$AN314>0),\"SEM PREÇO\",\nIF(AND($C314=\"S\",$P314<>\"\",$Q314<>\"\",$U314>0,AND($V314<>\"BDI 1\",$V314<>\"BDI 2\",$V314<>\"BDI 3\")),IF(ISNUMBER($V314),\"JUSTIFICAR BDI\",\"BDI\"),\nIF(OR(AND(import.recurso=\"OGU\",TIPOORCAMENTO=\"Proposto\",LEFT($O$8,5)<>\"(N/D:\",$AG314<>\"\",ORÇAMENTO.CustoUnitario>$AG314),AND(TIPOORCAMENTO=\"LICITADO\",ORÇAMENTO.PrecoUnitarioLicitado>$AN314)),\"ACIMA REF.\",\nIF(AND($C314=\"S\",$P314<>\"\",$Q314<>\"\",$T314=0,$U314>0),\"QUANT.\",\nIF(AND(Import.TipoArredondamento=\"TransfereGOV\",$L314=\"F\",$C314=\"S\",LEN($Q314)>13),\"Código >13\",\nIF(AND(Import.TipoArredondamento=\"TransfereGOV\",$L314=\"F\",$C314<>\"S\",LEN($R314)>100),\"Descrição >100\",\nIF(AND(Import.TipoArredondamento=\"TransfereGOV\",$L314=\"F\",$C314=\"S\",LEN($R314)>500),\"Descrição >500\",\nIF(AND(Import.TipoArredondamento=\"TransfereGOV\",$L314=\"F\",$C314=\"S\",LEFT(TRIM(UPPER($P314)),6)<>\"SINAPI\",ISNA(VLOOKUP(TRIM(UPPER($S314)),ListaTgov.Unidades,1,FALSE))),\"Unid. Não Disp\",\n\" \"))))))))))))))))","v":" "},{"$f":"IF(C314<=CRONO.NivelExibicao,MAX($AD$15:OFFSET(AD314,-1,0))+IF($C314<>1,1,MAX(1,COUNTIF(QCI!$A$13:$A$36,OFFSET($E314,-1,0)))),\"\")","v":""},{"$f":"IF(AND($C314=\"S\",ORÇAMENTO.CodBarra<>\"\"),IF(ORÇAMENTO.Fonte=\"\",ORÇAMENTO.CodBarra,CONCATENATE(ORÇAMENTO.Fonte,\" \",ORÇAMENTO.CodBarra)))","v":"SINAPI 89869"},{"$f":"IF(ISERROR(ORÇAMENTO.BancoRef),\"(abra o arquivo 'Referência \"&Excel_BuiltIn_Database&\".xlsm)\",IF(OR($C314<>\"S\",ORÇAMENTO.CodBarra=\"\"),\"(Sem Código)\",IF(ISERROR(MATCH($AE314,INDIRECT(ORÇAMENTO.BancoRef),0)),\"(Código não identificado nas referências)\",MATCH($AE314,INDIRECT(ORÇAMENTO.BancoRef),0))))","v":9025},{"$f":"ROUND(IF(DESONERACAO=\"sim\",REFERENCIA.Desonerado,REFERENCIA.NaoDesonerado),2)","v":10.45},0.25290000000000001,null,null,null,null,130.9,{"$f":"ROUND(ORÇAMENTO.CustoUnitario*(1+$AH314),2)","v":13.09}]
[2,2,2,12,{"$f":"IF($C315=1,OFFSET(E315,-1,0)+MAX(1,COUNTIF(QCI!$A$13:$A$36,OFFSET(ORÇAMENTO!E315,-1,0))),OFFSET(E315,-1,0))","v":16},4,0,0,0,12,{"$f":"IF(OR($C315=\"S\",$C315=0),0,MATCH(OFFSET($D315,0,$C315)+IF($C315<>1,1,COUNTIF(QCI!$A$13:$A$36,ORÇAMENTO!E315)),OFFSET($D315,1,$C315,ROW($C$472)-ROW($C315)),0))","v":{"$error":"#N/A"}},"F","Nível 2","Nível 2","16.4.","SINAPI",null,{"$f":"IF($C315=\"S\",REFERENCIA.Descricao,\"PREVENÇÃO E COMBATE A INCÊNDIO (PCI)\")","v":"PREVENÇÃO E COMBATE A INCÊNDIO (PCI)"},{"$f":"REFERENCIA.Unidade","v":"-"},{"$f":"OFFSET(CÁLCULO!H$15,ROW($T315)-ROW(T$15),0)","v":0},null,"BDI 1",{"$f":"IF($C315=\"S\",ROUND(IF(TIPOORCAMENTO=\"Proposto\",ORÇAMENTO.CustoUnitario*(1+$AH315),ORÇAMENTO.PrecoUnitarioLicitado),15-13*$AF$10),0)","v":0},{"$f":"IF($C315=\"S\",IF(OR(Import.TipoArredondamento<>\"TransfereGOV\",ACOMPANHAMENTO=\"BM\"),VTOTAL1,SUM(OFFSET(CÁLCULO!$AI$15,ROW($X315)-ROW($X$15),1):OFFSET(CÁLCULO!$BB$15,ROW($X315)-ROW($X$15),-1))),IF($C315=0,0,ROUND(SomaAgrup,15-13*$AF$11)))","v":6816.61},"RA","",{"$f":"IF($C315=\"S\",IF($Z315=\"CP\",$X315,IF($Z315=\"RA\",(($X315)*QCI!$AA$3),0)),SomaAgrup)","v":589.86650935626153},{"$f":"IF($C315=\"S\",IF($Z315=\"OU\",ROUND($X315,2),0),SomaAgrup)","v":0},{"$f":"IF($N315=\"\",\" \",\nIF(AND($C315<>\"S\",OR($R315=\"\",$R315=\"(digite a descrição aqui)\")),\"DESCRIÇÃO\",\nIF(AND($C315=\"S\",OR($Q315<>\"\",$T315>0,$U315>0),$P315=\"\"),\"FONTE\",\nIF(AND($C315=\"S\",$P315<>\"\",OR($T315>0,$U315>0),$Q315=\"\"),\"CÓDIGO\",\nIF(AND($C315=\"S\",$P315<>\"\",$Q315<>\"\",$R315=\"(Código não identificado nas referências)\"),\"CÓDIGO N/ID\",\nIF(AND($C315=\"S\",OR($R315=\"\",$R315=\"(digite a descrição aqui)\"),OR($Q315<>\"\",$T315>0,$U315>0)),\"DESCRIÇÃO\",\nIF(AND($C315=\"S\",$P315<>\"\",$Q315<>\"\",$S315=\"\"),\"UNIDADE\",\nIF(AND($C315=\"S\",$P315<>\"\",$Q315<>\"\",$U315=0),\"SEM CUSTO\",\nIF(AND(TIPOORCAMENTO=\"Licitado\",$AL315=0,$AN315>0),\"SEM PREÇO\",\nIF(AND($C315=\"S\",$P315<>\"\",$Q315<>\"\",$U315>0,AND($V315<>\"BDI 1\",$V315<>\"BDI 2\",$V315<>\"BDI 3\")),IF(ISNUMBER($V315),\"JUSTIFICAR BDI\",\"BDI\"),\nIF(OR(AND(import.recurso=\"OGU\",TIPOORCAMENTO=\"Proposto\",LEFT($O$8,5)<>\"(N/D:\",$AG315<>\"\",ORÇAMENTO.CustoUnitario>$AG315),AND(TIPOORCAMENTO=\"LICITADO\",ORÇAMENTO.PrecoUnitarioLicitado>$AN315)),\"ACIMA REF.\",\nIF(AND($C315=\"S\",$P315<>\"\",$Q315<>\"\",$T315=0,$U315>0),\"QUANT.\",\nIF(AND(Import.TipoArredondamento=\"TransfereGOV\",$L315=\"F\",$C315=\"S\",LEN($Q315)>13),\"Código >13\",\nIF(AND(Import.TipoArredondamento=\"TransfereGOV\",$L315=\"F\",$C315<>\"S\",LEN($R315)>100),\"Descrição >100\",\nIF(AND(Import.TipoArredondamento=\"TransfereGOV\",$L315=\"F\",$C315=\"S\",LEN($R315)>500),\"Descrição >500\",\nIF(AND(Import.TipoArredondamento=\"TransfereGOV\",$L315=\"F\",$C315=\"S\",LEFT(TRIM(UPPER($P315)),6)<>\"SINAPI\",ISNA(VLOOKUP(TRIM(UPPER($S315)),ListaTgov.Unidades,1,FALSE))),\"Unid. Não Disp\",\n\" \"))))))))))))))))","v":" "},{"$f":"IF(C315<=CRONO.NivelExibicao,MAX($AD$15:OFFSET(AD315,-1,0))+IF($C315<>1,1,MAX(1,COUNTIF(QCI!$A$13:$A$36,OFFSET($E315,-1,0)))),\"\")","v":54},{"$f":"IF(AND($C315=\"S\",ORÇAMENTO.CodBarra<>\"\"),IF(ORÇAMENTO.Fonte=\"\",ORÇAMENTO.CodBarra,CONCATENATE(ORÇAMENTO.Fonte,\" \",ORÇAMENTO.CodBarra)))","v":false},{"$f":"IF(ISERROR(ORÇAMENTO.BancoRef),\"(abra o arquivo 'Referência \"&Excel_BuiltIn_Database&\".xlsm)\",IF(OR($C315<>\"S\",ORÇAMENTO.CodBarra=\"\"),\"(Sem Código)\",IF(ISERROR(MATCH($AE315,INDIRECT(ORÇAMENTO.BancoRef),0)),\"(Código não identificado nas referências)\",MATCH($AE315,INDIRECT(ORÇAMENTO.BancoRef),0))))","v":"(Sem Código)"},{"$f":"ROUND(IF(DESONERACAO=\"sim\",REFERENCIA.Desonerado,REFERENCIA.NaoDesonerado),2)","v":0},0.25290000000000001,null,null,null,null,6816.61,{"$f":"ROUND(ORÇAMENTO.CustoUnitario*(1+$AH315),2)","v":0}]
["S",2,"S",0,{"$f":"IF($C316=1,OFFSET(E316,-1,0)+MAX(1,COUNTIF(QCI!$A$13:$A$36,OFFSET(ORÇAMENTO!E316,-1,0))),OFFSET(E316,-1,0))","v":16},4,0,0,1,0,{"$f":"IF(OR($C316=\"S\",$C316=0),0,MATCH(OFFSET($D316,0,$C316)+IF($C316<>1,1,COUNTIF(QCI!$A$13:$A$36,ORÇAMENTO!E316)),OFFSET($D316,1,$C316,ROW($C$472)-ROW($C316)),0))","v":0},"F","Serviço","Serviço","16.4.0.1.","Composição","COMP75",{"$f":"IF($C316=\"S\",REFERENCIA.Descricao,\"(digite a descrição aqui)\")","v":"PLACA DE SINALIZACAO, FOTOLUMINESCENTE, EM PVC , COM LOGOTIPO \"CUIDADO RISCO DE CHOQUE ELÉTRICO\"- PLACA E5"},{"$f":"REFERENCIA.Unidade","v":"UN"},{"$f":"OFFSET(CÁLCULO!H$15,ROW($T316)-ROW(T$15),0)","v":5},{"$f":"AG316","v":18.59},"BDI 1",{"$f":"IF($C316=\"S\",ROUND(IF(TIPOORCAMENTO=\"Proposto\",ORÇAMENTO.CustoUnitario*(1+$AH316),ORÇAMENTO.PrecoUnitarioLicitado),15-13*$AF$10),0)","v":23.29},{"$f":"IF($C316=\"S\",IF(OR(Import.TipoArredondamento<>\"TransfereGOV\",ACOMPANHAMENTO=\"BM\"),VTOTAL1,SUM(OFFSET(CÁLCULO!$AI$15,ROW($X316)-ROW($X$15),1):OFFSET(CÁLCULO!$BB$15,ROW($X316)-ROW($X$15),-1))),IF($C316=0,0,ROUND(SomaAgrup,15-13*$AF$11)))","v":116.45},"RA","RA",{"$f":"IF($C316=\"S\",IF($Z316=\"CP\",$X316,IF($Z316=\"RA\",(($X316)*QCI!$AA$3),0)),SomaAgrup)","v":10.076849785235865},{"$f":"IF($C316=\"S\",IF($Z316=\"OU\",ROUND($X316,2),0),SomaAgrup)","v":0},{"$f":"IF($N316=\"\",\" \",\nIF(AND($C316<>\"S\",OR($R316=\"\",$R316=\"(digite a descrição aqui)\")),\"DESCRIÇÃO\",\nIF(AND($C316=\"S\",OR($Q316<>\"\",$T316>0,$U316>0),$P316=\"\"),\"FONTE\",\nIF(AND($C316=\"S\",$P316<>\"\",OR($T316>0,$U316>0),$Q316=\"\"),\"CÓDIGO\",\nIF(AND($C316=\"S\",$P316<>\"\",$Q316<>\"\",$R316=\"(Código não identificado nas referências)\"),\"CÓDIGO N/ID\",\nIF(AND($C316=\"S\",OR($R316=\"\",$R316=\"(digite a descrição aqui)\"),OR($Q316<>\"\",$T316>0,$U316>0)),\"DESCRIÇÃO\",\nIF(AND($C316=\"S\",$P316<>\"\",$Q316<>\"\",$S316=\"\"),\"UNIDADE\",\nIF(AND($C316=\"S\",$P316<>\"\",$Q316<>\"\",$U316=0),\"SEM CUSTO\",\nIF(AND(TIPOORCAMENTO=\"Licitado\",$AL316=0,$AN316>0),\"SEM PREÇO\",\nIF(AND($C316=\"S\",$P316<>\"\",$Q316<>\"\",$U316>0,AND($V316<>\"BDI 1\",$V316<>\"BDI 2\",$V316<>\"BDI 3\")),IF(ISNUMBER($V316),\"JUSTIFICAR BDI\",\"BDI\"),\nIF(OR(AND(import.recurso=\"OGU\",TIPOORCAMENTO=\"Proposto\",LEFT($O$8,5)<>\"(N/D:\",$AG316<>\"\",ORÇAMENTO.CustoUnitario>$AG316),AND(TIPOORCAMENTO=\"LICITADO\",ORÇAMENTO.PrecoUnitarioLicitado>$AN316)),\"ACIMA REF.\",\nIF(AND($C316=\"S\",$P316<>\"\",$Q316<>\"\",$T316=0,$U316>0),\"QUANT.\",\nIF(AND(Import.TipoArredondamento=\"TransfereGOV\",$L316=\"F\",$C316=\"S\",LEN($Q316)>13),\"Código >13\",\nIF(AND(Import.TipoArredondamento=\"TransfereGOV\",$L316=\"F\",$C316<>\"S\",LEN($R316)>100),\"Descrição >100\",\nIF(AND(Import.TipoArredondamento=\"TransfereGOV\",$L316=\"F\",$C316=\"S\",LEN($R316)>500),\"Descrição >500\",\nIF(AND(Import.TipoArredondamento=\"TransfereGOV\",$L316=\"F\",$C316=\"S\",LEFT(TRIM(UPPER($P316)),6)<>\"SINAPI\",ISNA(VLOOKUP(TRIM(UPPER($S316)),ListaTgov.Unidades,1,FALSE))),\"Unid. Não Disp\",\n\" \"))))))))))))))))","v":" "},{"$f":"IF(C316<=CRONO.NivelExibicao,MAX($AD$15:OFFSET(AD316,-1,0))+IF($C316<>1,1,MAX(1,COUNTIF(QCI!$A$13:$A$36,OFFSET($E316,-1,0)))),\"\")","v":""},{"$f":"IF(AND($C316=\"S\",ORÇAMENTO.CodBarra<>\"\"),IF(ORÇAMENTO.Fonte=\"\",ORÇAMENTO.CodBarra,CONCATENATE(ORÇAMENTO.Fonte,\" \",ORÇAMENTO.CodBarra)))","v":"Composição COMP75"},{"$f":"IF(ISERROR(ORÇAMENTO.BancoRef),\"(abra o arquivo 'Referência \"&Excel_BuiltIn_Database&\".xlsm)\",IF(OR($C316<>\"S\",ORÇAMENTO.CodBarra=\"\"),\"(Sem Código)\",IF(ISERROR(MATCH($AE316,INDIRECT(ORÇAMENTO.BancoRef),0)),\"(Código não identificado nas referências)\",MATCH($AE316,INDIRECT(ORÇAMENTO.BancoRef),0))))","v":77},{"$f":"ROUND(IF(DESONERACAO=\"sim\",REFERENCIA.Desonerado,REFERENCIA.NaoDesonerado),2)","v":18.59},0.25290000000000001,null,null,null,null,116.45,{"$f":"ROUND(ORÇAMENTO.CustoUnitario*(1+$AH316),2)","v":23.29}]
["S",2,"S",0,{"$f":"IF($C317=1,OFFSET(E317,-1,0)+MAX(1,COUNTIF(QCI!$A$13:$A$36,OFFSET(ORÇAMENTO!E317,-1,0))),OFFSET(E317,-1,0))","v":16},4,0,0,2,0,{"$f":"IF(OR($C317=\"S\",$C317=0),0,MATCH(OFFSET($D317,0,$C317)+IF($C317<>1,1,COUNTIF(QCI!$A$13:$A$36,ORÇAMENTO!E317)),OFFSET($D317,1,$C317,ROW($C$472)-ROW($C317)),0))","v":0},"F","Serviço","Serviço","16.4.0.2.","SINAPI","101910",{"$f":"IF($C317=\"S\",REFERENCIA.Descricao,\"(digite a descrição aqui)\")","v":"EXTINTOR DE INCÊNDIO PORTÁTIL COM CARGA DE PQS DE 8 KG, CLASSE BC - FORNECIMENTO E INSTALAÇÃO. AF_10/2020_PE"},{"$f":"REFERENCIA.Unidade","v":"UN"},{"$f":"OFFSET(CÁLCULO!H$15,ROW($T317)-ROW(T$15),0)","v":8},{"$f":"AG317","v":227.38},"BDI 1",{"$f":"IF($C317=\"S\",ROUND(IF(TIPOORCAMENTO=\"Proposto\",ORÇAMENTO.CustoUnitario*(1+$AH317),ORÇAMENTO.PrecoUnitarioLicitado),15-13*$AF$10),0)","v":284.88},{"$f":"IF($C317=\"S\",IF(OR(Import.TipoArredondamento<>\"TransfereGOV\",ACOMPANHAMENTO=\"BM\"),VTOTAL1,SUM(OFFSET(CÁLCULO!$AI$15,ROW($X317)-ROW($X$15),1):OFFSET(CÁLCULO!$BB$15,ROW($X317)-ROW($X$15),-1))),IF($C317=0,0,ROUND(SomaAgrup,15-13*$AF$11)))","v":2279.04},"RA","RA",{"$f":"IF($C317=\"S\",IF($Z317=\"CP\",$X317,IF($Z317=\"RA\",(($X317)*QCI!$AA$3),0)),SomaAgrup)","v":197.21377187242547},{"$f":"IF($C317=\"S\",IF($Z317=\"OU\",ROUND($X317,2),0),SomaAgrup)","v":0},{"$f":"IF($N317=\"\",\" \",\nIF(AND($C317<>\"S\",OR($R317=\"\",$R317=\"(digite a descrição aqui)\")),\"DESCRIÇÃO\",\nIF(AND($C317=\"S\",OR($Q317<>\"\",$T317>0,$U317>0),$P317=\"\"),\"FONTE\",\nIF(AND($C317=\"S\",$P317<>\"\",OR($T317>0,$U317>0),$Q317=\"\"),\"CÓDIGO\",\nIF(AND($C317=\"S\",$P317<>\"\",$Q317<>\"\",$R317=\"(Código não identificado nas referências)\"),\"CÓDIGO N/ID\",\nIF(AND($C317=\"S\",OR($R317=\"\",$R317=\"(digite a descrição aqui)\"),OR($Q317<>\"\",$T317>0,$U317>0)),\"DESCRIÇÃO\",\nIF(AND($C317=\"S\",$P317<>\"\",$Q317<>\"\",$S317=\"\"),\"UNIDADE\",\nIF(AND($C317=\"S\",$P317<>\"\",$Q317<>\"\",$U317=0),\"SEM CUSTO\",\nIF(AND(TIPOORCAMENTO=\"Licitado\",$AL317=0,$AN317>0),\"SEM PREÇO\",\nIF(AND($C317=\"S\",$P317<>\"\",$Q317<>\"\",$U317>0,AND($V317<>\"BDI 1\",$V317<>\"BDI 2\",$V317<>\"BDI 3\")),IF(ISNUMBER($V317),\"JUSTIFICAR BDI\",\"BDI\"),\nIF(OR(AND(import.recurso=\"OGU\",TIPOORCAMENTO=\"Proposto\",LEFT($O$8,5)<>\"(N/D:\",$AG317<>\"\",ORÇAMENTO.CustoUnitario>$AG317),AND(TIPOORCAMENTO=\"LICITADO\",ORÇAMENTO.PrecoUnitarioLicitado>$AN317)),\"ACIMA REF.\",\nIF(AND($C317=\"S\",$P317<>\"\",$Q317<>\"\",$T317=0,$U317>0),\"QUANT.\",\nIF(AND(Import.TipoArredondamento=\"TransfereGOV\",$L317=\"F\",$C317=\"S\",LEN($Q317)>13),\"Código >13\",\nIF(AND(Import.TipoArredondamento=\"TransfereGOV\",$L317=\"F\",$C317<>\"S\",LEN($R317)>100),\"Descrição >100\",\nIF(AND(Import.TipoArredondamento=\"TransfereGOV\",$L317=\"F\",$C317=\"S\",LEN($R317)>500),\"Descrição >500\",\nIF(AND(Import.TipoArredondamento=\"TransfereGOV\",$L317=\"F\",$C317=\"S\",LEFT(TRIM(UPPER($P317)),6)<>\"SINAPI\",ISNA(VLOOKUP(TRIM(UPPER($S317)),ListaTgov.Unidades,1,FALSE))),\"Unid. Não Disp\",\n\" \"))))))))))))))))","v":" "},{"$f":"IF(C317<=CRONO.NivelExibicao,MAX($AD$15:OFFSET(AD317,-1,0))+IF($C317<>1,1,MAX(1,COUNTIF(QCI!$A$13:$A$36,OFFSET($E317,-1,0)))),\"\")","v":""},{"$f":"IF(AND($C317=\"S\",ORÇAMENTO.CodBarra<>\"\"),IF(ORÇAMENTO.Fonte=\"\",ORÇAMENTO.CodBarra,CONCATENATE(ORÇAMENTO.Fonte,\" \",ORÇAMENTO.CodBarra)))","v":"SINAPI 101910"},{"$f":"IF(ISERROR(ORÇAMENTO.BancoRef),\"(abra o arquivo 'Referência \"&Excel_BuiltIn_Database&\".xlsm)\",IF(OR($C317<>\"S\",ORÇAMENTO.CodBarra=\"\"),\"(Sem Código)\",IF(ISERROR(MATCH($AE317,INDIRECT(ORÇAMENTO.BancoRef),0)),\"(Código não identificado nas referências)\",MATCH($AE317,INDIRECT(ORÇAMENTO.BancoRef),0))))","v":12263},{"$f":"ROUND(IF(DESONERACAO=\"sim\",REFERENCIA.Desonerado,REFERENCIA.NaoDesonerado),2)","v":227.38},0.25290000000000001,null,null,null,null,2279.04,{"$f":"ROUND(ORÇAMENTO.CustoUnitario*(1+$AH317),2)","v":284.88}]
["S",2,"S",0,{"$f":"IF($C318=1,OFFSET(E318,-1,0)+MAX(1,COUNTIF(QCI!$A$13:$A$36,OFFSET(ORÇAMENTO!E318,-1,0))),OFFSET(E318,-1,0))","v":16},4,0,0,3,0,{"$f":"IF(OR($C318=\"S\",$C318=0),0,MATCH(OFFSET($D318,0,$C318)+IF($C318<>1,1,COUNTIF(QCI!$A$13:$A$36,ORÇAMENTO!E318)),OFFSET($D318,1,$C318,ROW($C$472)-ROW($C318)),0))","v":0},"F","Serviço","Serviço","16.4.0.3.","Composição","COMP76",{"$f":"IF($C318=\"S\",REFERENCIA.Descricao,\"(digite a descrição aqui)\")","v":"PLACA DE SINALIZACAO, FOTOLUMINESCENTE, EM PVC , COM LOGOTIPO \"EXTINTOR DE INCÊNDIO PORTÁTIL\"- PLACA E5"},{"$f":"REFERENCIA.Unidade","v":"UN"},{"$f":"OFFSET(CÁLCULO!H$15,ROW($T318)-ROW(T$15),0)","v":8},{"$f":"AG318","v":17.23},"BDI 1",{"$f":"IF($C318=\"S\",ROUND(IF(TIPOORCAMENTO=\"Proposto\",ORÇAMENTO.CustoUnitario*(1+$AH318),ORÇAMENTO.PrecoUnitarioLicitado),15-13*$AF$10),0)","v":21.59},{"$f":"IF($C318=\"S\",IF(OR(Import.TipoArredondamento<>\"TransfereGOV\",ACOMPANHAMENTO=\"BM\"),VTOTAL1,SUM(OFFSET(CÁLCULO!$AI$15,ROW($X318)-ROW($X$15),1):OFFSET(CÁLCULO!$BB$15,ROW($X318)-ROW($X$15),-1))),IF($C318=0,0,ROUND(SomaAgrup,15-13*$AF$11)))","v":172.72},"RA","RA",{"$f":"IF($C318=\"S\",IF($Z318=\"CP\",$X318,IF($Z318=\"RA\",(($X318)*QCI!$AA$3),0)),SomaAgrup)","v":14.946101287298744},{"$f":"IF($C318=\"S\",IF($Z318=\"OU\",ROUND($X318,2),0),SomaAgrup)","v":0},{"$f":"IF($N318=\"\",\" \",\nIF(AND($C318<>\"S\",OR($R318=\"\",$R318=\"(digite a descrição aqui)\")),\"DESCRIÇÃO\",\nIF(AND($C318=\"S\",OR($Q318<>\"\",$T318>0,$U318>0),$P318=\"\"),\"FONTE\",\nIF(AND($C318=\"S\",$P318<>\"\",OR($T318>0,$U318>0),$Q318=\"\"),\"CÓDIGO\",\nIF(AND($C318=\"S\",$P318<>\"\",$Q318<>\"\",$R318=\"(Código não identificado nas referências)\"),\"CÓDIGO N/ID\",\nIF(AND($C318=\"S\",OR($R318=\"\",$R318=\"(digite a descrição aqui)\"),OR($Q318<>\"\",$T318>0,$U318>0)),\"DESCRIÇÃO\",\nIF(AND($C318=\"S\",$P318<>\"\",$Q318<>\"\",$S318=\"\"),\"UNIDADE\",\nIF(AND($C318=\"S\",$P318<>\"\",$Q318<>\"\",$U318=0),\"SEM CUSTO\",\nIF(AND(TIPOORCAMENTO=\"Licitado\",$AL318=0,$AN318>0),\"SEM PREÇO\",\nIF(AND($C318=\"S\",$P318<>\"\",$Q318<>\"\",$U318>0,AND($V318<>\"BDI 1\",$V318<>\"BDI 2\",$V318<>\"BDI 3\")),IF(ISNUMBER($V318),\"JUSTIFICAR BDI\",\"BDI\"),\nIF(OR(AND(import.recurso=\"OGU\",TIPOORCAMENTO=\"Proposto\",LEFT($O$8,5)<>\"(N/D:\",$AG318<>\"\",ORÇAMENTO.CustoUnitario>$AG318),AND(TIPOORCAMENTO=\"LICITADO\",ORÇAMENTO.PrecoUnitarioLicitado>$AN318)),\"ACIMA REF.\",\nIF(AND($C318=\"S\",$P318<>\"\",$Q318<>\"\",$T318=0,$U318>0),\"QUANT.\",\nIF(AND(Import.TipoArredondamento=\"TransfereGOV\",$L318=\"F\",$C318=\"S\",LEN($Q318)>13),\"Código >13\",\nIF(AND(Import.TipoArredondamento=\"TransfereGOV\",$L318=\"F\",$C318<>\"S\",LEN($R318)>100),\"Descrição >100\",\nIF(AND(Import.TipoArredondamento=\"TransfereGOV\",$L318=\"F\",$C318=\"S\",LEN($R318)>500),\"Descrição >500\",\nIF(AND(Import.TipoArredondamento=\"TransfereGOV\",$L318=\"F\",$C318=\"S\",LEFT(TRIM(UPPER($P318)),6)<>\"SINAPI\",ISNA(VLOOKUP(TRIM(UPPER($S318)),ListaTgov.Unidades,1,FALSE))),\"Unid. Não Disp\",\n\" \"))))))))))))))))","v":" "},{"$f":"IF(C318<=CRONO.NivelExibicao,MAX($AD$15:OFFSET(AD318,-1,0))+IF($C318<>1,1,MAX(1,COUNTIF(QCI!$A$13:$A$36,OFFSET($E318,-1,0)))),\"\")","v":""},{"$f":"IF(AND($C318=\"S\",ORÇAMENTO.CodBarra<>\"\"),IF(ORÇAMENTO.Fonte=\"\",ORÇAMENTO.CodBarra,CONCATENATE(ORÇAMENTO.Fonte,\" \",ORÇAMENTO.CodBarra)))","v":"Composição COMP76"},{"$f":"IF(ISERROR(ORÇAMENTO.BancoRef),\"(abra o arquivo 'Referência \"&Excel_BuiltIn_Database&\".xlsm)\",IF(OR($C318<>\"S\",ORÇAMENTO.CodBarra=\"\"),\"(Sem Código)\",IF(ISERROR(MATCH($AE318,INDIRECT(ORÇAMENTO.BancoRef),0)),\"(Código não identificado nas referências)\",MATCH($AE318,INDIRECT(ORÇAMENTO.BancoRef),0))))","v":78},{"$f":"ROUND(IF(DESONERACAO=\"sim\",REFERENCIA.Desonerado,REFERENCIA.NaoDesonerado),2)","v":17.23},0.25290000000000001,null,null,null,null,172.72,{"$f":"ROUND(ORÇAMENTO.CustoUnitario*(1+$AH318),2)","v":21.59}]
["S",2,"S",0,{"$f":"IF($C319=1,OFFSET(E319,-1,0)+MAX(1,COUNTIF(QCI!$A$13:$A$36,OFFSET(ORÇAMENTO!E319,-1,0))),OFFSET(E319,-1,0))","v":16},4,0,0,4,0,{"$f":"IF(OR($C319=\"S\",$C319=0),0,MATCH(OFFSET($D319,0,$C319)+IF($C319<>1,1,COUNTIF(QCI!$A$13:$A$36,ORÇAMENTO!E319)),OFFSET($D319,1,$C319,ROW($C$472)-ROW($C319)),0))","v":0},"F","Serviço","Serviço","16.4.0.4.","Composição","COMP77",{"$f":"IF($C319=\"S\",REFERENCIA.Descricao,\"(digite a descrição aqui)\")","v":"PLACA DE SINALIZAÇÃO EM PVC PARA AMBIENTES"},{"$f":"REFERENCIA.Unidade","v":"UN"},{"$f":"OFFSET(CÁLCULO!H$15,ROW($T319)-ROW(T$15),0)","v":1},{"$f":"AG319","v":214.09},"BDI 1",{"$f":"IF($C319=\"S\",ROUND(IF(TIPOORCAMENTO=\"Proposto\",ORÇAMENTO.CustoUnitario*(1+$AH319),ORÇAMENTO.PrecoUnitarioLicitado),15-13*$AF$10),0)","v":268.23},{"$f":"IF($C319=\"S\",IF(OR(Import.TipoArredondamento<>\"TransfereGOV\",ACOMPANHAMENTO=\"BM\"),VTOTAL1,SUM(OFFSET(CÁLCULO!$AI$15,ROW($X319)-ROW($X$15),1):OFFSET(CÁLCULO!$BB$15,ROW($X319)-ROW($X$15),-1))),IF($C319=0,0,ROUND(SomaAgrup,15-13*$AF$11)))","v":268.23},"RA","RA",{"$f":"IF($C319=\"S\",IF($Z319=\"CP\",$X319,IF($Z319=\"RA\",(($X319)*QCI!$AA$3),0)),SomaAgrup)","v":23.210935318967937},{"$f":"IF($C319=\"S\",IF($Z319=\"OU\",ROUND($X319,2),0),SomaAgrup)","v":0},{"$f":"IF($N319=\"\",\" \",\nIF(AND($C319<>\"S\",OR($R319=\"\",$R319=\"(digite a descrição aqui)\")),\"DESCRIÇÃO\",\nIF(AND($C319=\"S\",OR($Q319<>\"\",$T319>0,$U319>0),$P319=\"\"),\"FONTE\",\nIF(AND($C319=\"S\",$P319<>\"\",OR($T319>0,$U319>0),$Q319=\"\"),\"CÓDIGO\",\nIF(AND($C319=\"S\",$P319<>\"\",$Q319<>\"\",$R319=\"(Código não identificado nas referências)\"),\"CÓDIGO N/ID\",\nIF(AND($C319=\"S\",OR($R319=\"\",$R319=\"(digite a descrição aqui)\"),OR($Q319<>\"\",$T319>0,$U319>0)),\"DESCRIÇÃO\",\nIF(AND($C319=\"S\",$P319<>\"\",$Q319<>\"\",$S319=\"\"),\"UNIDADE\",\nIF(AND($C319=\"S\",$P319<>\"\",$Q319<>\"\",$U319=0),\"SEM CUSTO\",\nIF(AND(TIPOORCAMENTO=\"Licitado\",$AL319=0,$AN319>0),\"SEM PREÇO\",\nIF(AND($C319=\"S\",$P319<>\"\",$Q319<>\"\",$U319>0,AND($V319<>\"BDI 1\",$V319<>\"BDI 2\",$V319<>\"BDI 3\")),IF(ISNUMBER($V319),\"JUSTIFICAR BDI\",\"BDI\"),\nIF(OR(AND(import.recurso=\"OGU\",TIPOORCAMENTO=\"Proposto\",LEFT($O$8,5)<>\"(N/D:\",$AG319<>\"\",ORÇAMENTO.CustoUnitario>$AG319),AND(TIPOORCAMENTO=\"LICITADO\",ORÇAMENTO.PrecoUnitarioLicitado>$AN319)),\"ACIMA REF.\",\nIF(AND($C319=\"S\",$P319<>\"\",$Q319<>\"\",$T319=0,$U319>0),\"QUANT.\",\nIF(AND(Import.TipoArredondamento=\"TransfereGOV\",$L319=\"F\",$C319=\"S\",LEN($Q319)>13),\"Código >13\",\nIF(AND(Import.TipoArredondamento=\"TransfereGOV\",$L319=\"F\",$C319<>\"S\",LEN($R319)>100),\"Descrição >100\",\nIF(AND(Import.TipoArredondamento=\"TransfereGOV\",$L319=\"F\",$C319=\"S\",LEN($R319)>500),\"Descrição >500\",\nIF(AND(Import.TipoArredondamento=\"TransfereGOV\",$L319=\"F\",$C319=\"S\",LEFT(TRIM(UPPER($P319)),6)<>\"SINAPI\",ISNA(VLOOKUP(TRIM(UPPER($S319)),ListaTgov.Unidades,1,FALSE))),\"Unid. Não Disp\",\n\" \"))))))))))))))))","v":" "},{"$f":"IF(C319<=CRONO.NivelExibicao,MAX($AD$15:OFFSET(AD319,-1,0))+IF($C319<>1,1,MAX(1,COUNTIF(QCI!$A$13:$A$36,OFFSET($E319,-1,0)))),\"\")","v":""},{"$f":"IF(AND($C319=\"S\",ORÇAMENTO.CodBarra<>\"\"),IF(ORÇAMENTO.Fonte=\"\",ORÇAMENTO.CodBarra,CONCATENATE(ORÇAMENTO.Fonte,\" \",ORÇAMENTO.CodBarra)))","v":"Composição COMP77"},{"$f":"IF(ISERROR(ORÇAMENTO.BancoRef),\"(abra o arquivo 'Referência \"&Excel_BuiltIn_Database&\".xlsm)\",IF(OR($C319<>\"S\",ORÇAMENTO.CodBarra=\"\"),\"(Sem Código)\",IF(ISERROR(MATCH($AE319,INDIRECT(ORÇAMENTO.BancoRef),0)),\"(Código não identificado nas referências)\",MATCH($AE319,INDIRECT(ORÇAMENTO.BancoRef),0))))","v":79},{"$f":"ROUND(IF(DESONERACAO=\"sim\",REFERENCIA.Desonerado,REFERENCIA.NaoDesonerado),2)","v":214.09},0.25290000000000001,null,null,null,null,268.23,{"$f":"ROUND(ORÇAMENTO.CustoUnitario*(1+$AH319),2)","v":268.23}]
["S",2,"S",0,{"$f":"IF($C320=1,OFFSET(E320,-1,0)+MAX(1,COUNTIF(QCI!$A$13:$A$36,OFFSET(ORÇAMENTO!E320,-1,0))),OFFSET(E320,-1,0))","v":16},4,0,0,5,0,{"$f":"IF(OR($C320=\"S\",$C320=0),0,MATCH(OFFSET($D320,0,$C320)+IF($C320<>1,1,COUNTIF(QCI!$A$13:$A$36,ORÇAMENTO!E320)),OFFSET($D320,1,$C320,ROW($C$472)-ROW($C320)),0))","v":0},"F","Serviço","Serviço","16.4.0.5.","SINAPI-I","37558",{"$f":"IF($C320=\"S\",REFERENCIA.Descricao,\"(digite a descrição aqui)\")","v":"PLACA DE SINALIZACAO DE SEGURANCA CONTRA INCENDIO, FOTOLUMINESCENTE, RETANGULAR, *20 X 40* CM, EM PVC *2* MM ANTI-CHAMAS (SIMBOLOS, CORES E PICTOGRAMAS CONFORME NBR 16820)"},{"$f":"REFERENCIA.Unidade","v":"UN"},{"$f":"OFFSET(CÁLCULO!H$15,ROW($T320)-ROW(T$15),0)","v":3},{"$f":"AG320","v":18.64},"BDI 1",{"$f":"IF($C320=\"S\",ROUND(IF(TIPOORCAMENTO=\"Proposto\",ORÇAMENTO.CustoUnitario*(1+$AH320),ORÇAMENTO.PrecoUnitarioLicitado),15-13*$AF$10),0)","v":23.35},{"$f":"IF($C320=\"S\",IF(OR(Import.TipoArredondamento<>\"TransfereGOV\",ACOMPANHAMENTO=\"BM\"),VTOTAL1,SUM(OFFSET(CÁLCULO!$AI$15,ROW($X320)-ROW($X$15),1):OFFSET(CÁLCULO!$BB$15,ROW($X320)-ROW($X$15),-1))),IF($C320=0,0,ROUND(SomaAgrup,15-13*$AF$11)))","v":70.05},"RA","RA",{"$f":"IF($C320=\"S\",IF($Z320=\"CP\",$X320,IF($Z320=\"RA\",(($X320)*QCI!$AA$3),0)),SomaAgrup)","v":6.061685937791089},{"$f":"IF($C320=\"S\",IF($Z320=\"OU\",ROUND($X320,2),0),SomaAgrup)","v":0},{"$f":"IF($N320=\"\",\" \",\nIF(AND($C320<>\"S\",OR($R320=\"\",$R320=\"(digite a descrição aqui)\")),\"DESCRIÇÃO\",\nIF(AND($C320=\"S\",OR($Q320<>\"\",$T320>0,$U320>0),$P320=\"\"),\"FONTE\",\nIF(AND($C320=\"S\",$P320<>\"\",OR($T320>0,$U320>0),$Q320=\"\"),\"CÓDIGO\",\nIF(AND($C320=\"S\",$P320<>\"\",$Q320<>\"\",$R320=\"(Código não identificado nas referências)\"),\"CÓDIGO N/ID\",\nIF(AND($C320=\"S\",OR($R320=\"\",$R320=\"(digite a descrição aqui)\"),OR($Q320<>\"\",$T320>0,$U320>0)),\"DESCRIÇÃO\",\nIF(AND($C320=\"S\",$P320<>\"\",$Q320<>\"\",$S320=\"\"),\"UNIDADE\",\nIF(AND($C320=\"S\",$P320<>\"\",$Q320<>\"\",$U320=0),\"SEM CUSTO\",\nIF(AND(TIPOORCAMENTO=\"Licitado\",$AL320=0,$AN320>0),\"SEM PREÇO\",\nIF(AND($C320=\"S\",$P320<>\"\",$Q320<>\"\",$U320>0,AND($V320<>\"BDI 1\",$V320<>\"BDI 2\",$V320<>\"BDI 3\")),IF(ISNUMBER($V320),\"JUSTIFICAR BDI\",\"BDI\"),\nIF(OR(AND(import.recurso=\"OGU\",TIPOORCAMENTO=\"Proposto\",LEFT($O$8,5)<>\"(N/D:\",$AG320<>\"\",ORÇAMENTO.CustoUnitario>$AG320),AND(TIPOORCAMENTO=\"LICITADO\",ORÇAMENTO.PrecoUnitarioLicitado>$AN320)),\"ACIMA REF.\",\nIF(AND($C320=\"S\",$P320<>\"\",$Q320<>\"\",$T320=0,$U320>0),\"QUANT.\",\nIF(AND(Import.TipoArredondamento=\"TransfereGOV\",$L320=\"F\",$C320=\"S\",LEN($Q320)>13),\"Código >13\",\nIF(AND(Import.TipoArredondamento=\"TransfereGOV\",$L320=\"F\",$C320<>\"S\",LEN($R320)>100),\"Descrição >100\",\nIF(AND(Import.TipoArredondamento=\"TransfereGOV\",$L320=\"F\",$C320=\"S\",LEN($R320)>500),\"Descrição >500\",\nIF(AND(Import.TipoArredondamento=\"TransfereGOV\",$L320=\"F\",$C320=\"S\",LEFT(TRIM(UPPER($P320)),6)<>\"SINAPI\",ISNA(VLOOKUP(TRIM(UPPER($S320)),ListaTgov.Unidades,1,FALSE))),\"Unid. Não Disp\",\n\" \"))))))))))))))))","v":" "},{"$f":"IF(C320<=CRONO.NivelExibicao,MAX($AD$15:OFFSET(AD320,-1,0))+IF($C320<>1,1,MAX(1,COUNTIF(QCI!$A$13:$A$36,OFFSET($E320,-1,0)))),\"\")","v":""},{"$f":"IF(AND($C320=\"S\",ORÇAMENTO.CodBarra<>\"\"),IF(ORÇAMENTO.Fonte=\"\",ORÇAMENTO.CodBarra,CONCATENATE(ORÇAMENTO.Fonte,\" \",ORÇAMENTO.CodBarra)))","v":"SINAPI-I 37558"},{"$f":"IF(ISERROR(ORÇAMENTO.BancoRef),\"(abra o arquivo 'Referência \"&Excel_BuiltIn_Database&\".xlsm)\",IF(OR($C320<>\"S\",ORÇAMENTO.CodBarra=\"\"),\"(Sem Código)\",IF(ISERROR(MATCH($AE320,INDIRECT(ORÇAMENTO.BancoRef),0)),\"(Código não identificado nas referências)\",MATCH($AE320,INDIRECT(ORÇAMENTO.BancoRef),0))))","v":3782},{"$f":"ROUND(IF(DESONERACAO=\"sim\",REFERENCIA.Desonerado,REFERENCIA.NaoDesonerado),2)","v":18.64},0.25290000000000001,null,null,null,null,70.05,{"$f":"ROUND(ORÇAMENTO.CustoUnitario*(1+$AH320),2)","v":23.35}]
["S",2,"S",0,{"$f":"IF($C321=1,OFFSET(E321,-1,0)+MAX(1,COUNTIF(QCI!$A$13:$A$36,OFFSET(ORÇAMENTO!E321,-1,0))),OFFSET(E321,-1,0))","v":16},4,0,0,6,0,{"$f":"IF(OR($C321=\"S\",$C321=0),0,MATCH(OFFSET($D321,0,$C321)+IF($C321<>1,1,COUNTIF(QCI!$A$13:$A$36,ORÇAMENTO!E321)),OFFSET($D321,1,$C321,ROW($C$472)-ROW($C321)),0))","v":0},"F","Serviço","Serviço","16.4.0.6.","Composição","COMP78",{"$f":"IF($C321=\"S\",REFERENCIA.Descricao,\"(digite a descrição aqui)\")","v":"PLACA DE SINALIZAÇÃO EM PVC, COM INDICAÇÃO DE PROIBIÇÃO NORMATIVA"},{"$f":"REFERENCIA.Unidade","v":"UN"},{"$f":"OFFSET(CÁLCULO!H$15,ROW($T321)-ROW(T$15),0)","v":2},15.9,"BDI 1",{"$f":"IF($C321=\"S\",ROUND(IF(TIPOORCAMENTO=\"Proposto\",ORÇAMENTO.CustoUnitario*(1+$AH321),ORÇAMENTO.PrecoUnitarioLicitado),15-13*$AF$10),0)","v":19.920000000000002},{"$f":"IF($C321=\"S\",IF(OR(Import.TipoArredondamento<>\"TransfereGOV\",ACOMPANHAMENTO=\"BM\"),VTOTAL1,SUM(OFFSET(CÁLCULO!$AI$15,ROW($X321)-ROW($X$15),1):OFFSET(CÁLCULO!$BB$15,ROW($X321)-ROW($X$15),-1))),IF($C321=0,0,ROUND(SomaAgrup,15-13*$AF$11)))","v":39.840000000000003},"RA","RA",{"$f":"IF($C321=\"S\",IF($Z321=\"CP\",$X321,IF($Z321=\"RA\",(($X321)*QCI!$AA$3),0)),SomaAgrup)","v":3.4475027517715491},{"$f":"IF($C321=\"S\",IF($Z321=\"OU\",ROUND($X321,2),0),SomaAgrup)","v":0},{"$f":"IF($N321=\"\",\" \",\nIF(AND($C321<>\"S\",OR($R321=\"\",$R321=\"(digite a descrição aqui)\")),\"DESCRIÇÃO\",\nIF(AND($C321=\"S\",OR($Q321<>\"\",$T321>0,$U321>0),$P321=\"\"),\"FONTE\",\nIF(AND($C321=\"S\",$P321<>\"\",OR($T321>0,$U321>0),$Q321=\"\"),\"CÓDIGO\",\nIF(AND($C321=\"S\",$P321<>\"\",$Q321<>\"\",$R321=\"(Código não identificado nas referências)\"),\"CÓDIGO N/ID\",\nIF(AND($C321=\"S\",OR($R321=\"\",$R321=\"(digite a descrição aqui)\"),OR($Q321<>\"\",$T321>0,$U321>0)),\"DESCRIÇÃO\",\nIF(AND($C321=\"S\",$P321<>\"\",$Q321<>\"\",$S321=\"\"),\"UNIDADE\",\nIF(AND($C321=\"S\",$P321<>\"\",$Q321<>\"\",$U321=0),\"SEM CUSTO\",\nIF(AND(TIPOORCAMENTO=\"Licitado\",$AL321=0,$AN321>0),\"SEM PREÇO\",\nIF(AND($C321=\"S\",$P321<>\"\",$Q321<>\"\",$U321>0,AND($V321<>\"BDI 1\",$V321<>\"BDI 2\",$V321<>\"BDI 3\")),IF(ISNUMBER($V321),\"JUSTIFICAR BDI\",\"BDI\"),\nIF(OR(AND(import.recurso=\"OGU\",TIPOORCAMENTO=\"Proposto\",LEFT($O$8,5)<>\"(N/D:\",$AG321<>\"\",ORÇAMENTO.CustoUnitario>$AG321),AND(TIPOORCAMENTO=\"LICITADO\",ORÇAMENTO.PrecoUnitarioLicitado>$AN321)),\"ACIMA REF.\",\nIF(AND($C321=\"S\",$P321<>\"\",$Q321<>\"\",$T321=0,$U321>0),\"QUANT.\",\nIF(AND(Import.TipoArredondamento=\"TransfereGOV\",$L321=\"F\",$C321=\"S\",LEN($Q321)>13),\"Código >13\",\nIF(AND(Import.TipoArredondamento=\"TransfereGOV\",$L321=\"F\",$C321<>\"S\",LEN($R321)>100),\"Descrição >100\",\nIF(AND(Import.TipoArredondamento=\"TransfereGOV\",$L321=\"F\",$C321=\"S\",LEN($R321)>500),\"Descrição >500\",\nIF(AND(Import.TipoArredondamento=\"TransfereGOV\",$L321=\"F\",$C321=\"S\",LEFT(TRIM(UPPER($P321)),6)<>\"SINAPI\",ISNA(VLOOKUP(TRIM(UPPER($S321)),ListaTgov.Unidades,1,FALSE))),\"Unid. Não Disp\",\n\" \"))))))))))))))))","v":" "},{"$f":"IF(C321<=CRONO.NivelExibicao,MAX($AD$15:OFFSET(AD321,-1,0))+IF($C321<>1,1,MAX(1,COUNTIF(QCI!$A$13:$A$36,OFFSET($E321,-1,0)))),\"\")","v":""},{"$f":"IF(AND($C321=\"S\",ORÇAMENTO.CodBarra<>\"\"),IF(ORÇAMENTO.Fonte=\"\",ORÇAMENTO.CodBarra,CONCATENATE(ORÇAMENTO.Fonte,\" \",ORÇAMENTO.CodBarra)))","v":"Composição COMP78"},{"$f":"IF(ISERROR(ORÇAMENTO.BancoRef),\"(abra o arquivo 'Referência \"&Excel_BuiltIn_Database&\".xlsm)\",IF(OR($C321<>\"S\",ORÇAMENTO.CodBarra=\"\"),\"(Sem Código)\",IF(ISERROR(MATCH($AE321,INDIRECT(ORÇAMENTO.BancoRef),0)),\"(Código não identificado nas referências)\",MATCH($AE321,INDIRECT(ORÇAMENTO.BancoRef),0))))","v":80},{"$f":"ROUND(IF(DESONERACAO=\"sim\",REFERENCIA.Desonerado,REFERENCIA.NaoDesonerado),2)","v":15.9},0.25290000000000001,null,null,null,null,39.840000000000003,{"$f":"ROUND(ORÇAMENTO.CustoUnitario*(1+$AH321),2)","v":19.920000000000002}]
["S",2,"S",0,{"$f":"IF($C322=1,OFFSET(E322,-1,0)+MAX(1,COUNTIF(QCI!$A$13:$A$36,OFFSET(ORÇAMENTO!E322,-1,0))),OFFSET(E322,-1,0))","v":16},4,0,0,7,0,{"$f":"IF(OR($C322=\"S\",$C322=0),0,MATCH(OFFSET($D322,0,$C322)+IF($C322<>1,1,COUNTIF(QCI!$A$13:$A$36,ORÇAMENTO!E322)),OFFSET($D322,1,$C322,ROW($C$472)-ROW($C322)),0))","v":0},"F","Serviço","Serviço","16.4.0.7.","Composição","COMP79",{"$f":"IF($C322=\"S\",REFERENCIA.Descricao,\"(digite a descrição aqui)\")","v":"PLACA DE SINALIZACAO, FOTOLUMINESCENTE, 38X19 CM, EM PVC , COM SETA INDICATIVA DE SENTIDO (ESQUERDA OU DIREITA) DE SAÍDA DE EMERGÊNCIA- PLACA S2"},{"$f":"REFERENCIA.Unidade","v":"UN"},{"$f":"OFFSET(CÁLCULO!H$15,ROW($T322)-ROW(T$15),0)","v":37},24.37,"BDI 1",{"$f":"IF($C322=\"S\",ROUND(IF(TIPOORCAMENTO=\"Proposto\",ORÇAMENTO.CustoUnitario*(1+$AH322),ORÇAMENTO.PrecoUnitarioLicitado),15-13*$AF$10),0)","v":30.53},{"$f":"IF($C322=\"S\",IF(OR(Import.TipoArredondamento<>\"TransfereGOV\",ACOMPANHAMENTO=\"BM\"),VTOTAL1,SUM(OFFSET(CÁLCULO!$AI$15,ROW($X322)-ROW($X$15),1):OFFSET(CÁLCULO!$BB$15,ROW($X322)-ROW($X$15),-1))),IF($C322=0,0,ROUND(SomaAgrup,15-13*$AF$11)))","v":1129.6099999999999},"RA","RA",{"$f":"IF($C322=\"S\",IF($Z322=\"CP\",$X322,IF($Z322=\"RA\",(($X322)*QCI!$AA$3),0)),SomaAgrup)","v":97.74933693345028},{"$f":"IF($C322=\"S\",IF($Z322=\"OU\",ROUND($X322,2),0),SomaAgrup)","v":0},{"$f":"IF($N322=\"\",\" \",\nIF(AND($C322<>\"S\",OR($R322=\"\",$R322=\"(digite a descrição aqui)\")),\"DESCRIÇÃO\",\nIF(AND($C322=\"S\",OR($Q322<>\"\",$T322>0,$U322>0),$P322=\"\"),\"FONTE\",\nIF(AND($C322=\"S\",$P322<>\"\",OR($T322>0,$U322>0),$Q322=\"\"),\"CÓDIGO\",\nIF(AND($C322=\"S\",$P322<>\"\",$Q322<>\"\",$R322=\"(Código não identificado nas referências)\"),\"CÓDIGO N/ID\",\nIF(AND($C322=\"S\",OR($R322=\"\",$R322=\"(digite a descrição aqui)\"),OR($Q322<>\"\",$T322>0,$U322>0)),\"DESCRIÇÃO\",\nIF(AND($C322=\"S\",$P322<>\"\",$Q322<>\"\",$S322=\"\"),\"UNIDADE\",\nIF(AND($C322=\"S\",$P322<>\"\",$Q322<>\"\",$U322=0),\"SEM CUSTO\",\nIF(AND(TIPOORCAMENTO=\"Licitado\",$AL322=0,$AN322>0),\"SEM PREÇO\",\nIF(AND($C322=\"S\",$P322<>\"\",$Q322<>\"\",$U322>0,AND($V322<>\"BDI 1\",$V322<>\"BDI 2\",$V322<>\"BDI 3\")),IF(ISNUMBER($V322),\"JUSTIFICAR BDI\",\"BDI\"),\nIF(OR(AND(import.recurso=\"OGU\",TIPOORCAMENTO=\"Proposto\",LEFT($O$8,5)<>\"(N/D:\",$AG322<>\"\",ORÇAMENTO.CustoUnitario>$AG322),AND(TIPOORCAMENTO=\"LICITADO\",ORÇAMENTO.PrecoUnitarioLicitado>$AN322)),\"ACIMA REF.\",\nIF(AND($C322=\"S\",$P322<>\"\",$Q322<>\"\",$T322=0,$U322>0),\"QUANT.\",\nIF(AND(Import.TipoArredondamento=\"TransfereGOV\",$L322=\"F\",$C322=\"S\",LEN($Q322)>13),\"Código >13\",\nIF(AND(Import.TipoArredondamento=\"TransfereGOV\",$L322=\"F\",$C322<>\"S\",LEN($R322)>100),\"Descrição >100\",\nIF(AND(Import.TipoArredondamento=\"TransfereGOV\",$L322=\"F\",$C322=\"S\",LEN($R322)>500),\"Descrição >500\",\nIF(AND(Import.TipoArredondamento=\"TransfereGOV\",$L322=\"F\",$C322=\"S\",LEFT(TRIM(UPPER($P322)),6)<>\"SINAPI\",ISNA(VLOOKUP(TRIM(UPPER($S322)),ListaTgov.Unidades,1,FALSE))),\"Unid. Não Disp\",\n\" \"))))))))))))))))","v":" "},{"$f":"IF(C322<=CRONO.NivelExibicao,MAX($AD$15:OFFSET(AD322,-1,0))+IF($C322<>1,1,MAX(1,COUNTIF(QCI!$A$13:$A$36,OFFSET($E322,-1,0)))),\"\")","v":""},{"$f":"IF(AND($C322=\"S\",ORÇAMENTO.CodBarra<>\"\"),IF(ORÇAMENTO.Fonte=\"\",ORÇAMENTO.CodBarra,CONCATENATE(ORÇAMENTO.Fonte,\" \",ORÇAMENTO.CodBarra)))","v":"Composição COMP79"},{"$f":"IF(ISERROR(ORÇAMENTO.BancoRef),\"(abra o arquivo 'Referência \"&Excel_BuiltIn_Database&\".xlsm)\",IF(OR($C322<>\"S\",ORÇAMENTO.CodBarra=\"\"),\"(Sem Código)\",IF(ISERROR(MATCH($AE322,INDIRECT(ORÇAMENTO.BancoRef),0)),\"(Código não identificado nas referências)\",MATCH($AE322,INDIRECT(ORÇAMENTO.BancoRef),0))))","v":81},{"$f":"ROUND(IF(DESONERACAO=\"sim\",REFERENCIA.Desonerado,REFERENCIA.NaoDesonerado),2)","v":24.37},0.25290000000000001,null,null,null,null,1129.6099999999999,{"$f":"ROUND(ORÇAMENTO.CustoUnitario*(1+$AH322),2)","v":30.53}]
["S",2,"S",0,{"$f":"IF($C323=1,OFFSET(E323,-1,0)+MAX(1,COUNTIF(QCI!$A$13:$A$36,OFFSET(ORÇAMENTO!E323,-1,0))),OFFSET(E323,-1,0))","v":16},4,0,0,8,0,{"$f":"IF(OR($C323=\"S\",$C323=0),0,MATCH(OFFSET($D323,0,$C323)+IF($C323<>1,1,COUNTIF(QCI!$A$13:$A$36,ORÇAMENTO!E323)),OFFSET($D323,1,$C323,ROW($C$472)-ROW($C323)),0))","v":0},"F","Serviço","Serviço","16.4.0.8.","Composição","COMP80",{"$f":"IF($C323=\"S\",REFERENCIA.Descricao,\"(digite a descrição aqui)\")","v":"BLOCO AUTÔNOMO DE ILUMINAÇÃO DE EMERGÊNCIA LED, COM AUTONOMIA MÍNIMA DE 3 HORAS, FLUXO LUMINOSO DE 2.000 ATÉ 3.000 LÚMENS, EQUIPADO COM 2 FARÓIS"},{"$f":"REFERENCIA.Unidade","v":"UN"},{"$f":"OFFSET(CÁLCULO!H$15,ROW($T323)-ROW(T$15),0)","v":1},228.4,"BDI 1",{"$f":"IF($C323=\"S\",ROUND(IF(TIPOORCAMENTO=\"Proposto\",ORÇAMENTO.CustoUnitario*(1+$AH323),ORÇAMENTO.PrecoUnitarioLicitado),15-13*$AF$10),0)","v":286.16000000000003},{"$f":"IF($C323=\"S\",IF(OR(Import.TipoArredondamento<>\"TransfereGOV\",ACOMPANHAMENTO=\"BM\"),VTOTAL1,SUM(OFFSET(CÁLCULO!$AI$15,ROW($X323)-ROW($X$15),1):OFFSET(CÁLCULO!$BB$15,ROW($X323)-ROW($X$15),-1))),IF($C323=0,0,ROUND(SomaAgrup,15-13*$AF$11)))","v":286.16000000000003},"RA","RA",{"$f":"IF($C323=\"S\",IF($Z323=\"CP\",$X323,IF($Z323=\"RA\",(($X323)*QCI!$AA$3),0)),SomaAgrup)","v":24.762484624672354},{"$f":"IF($C323=\"S\",IF($Z323=\"OU\",ROUND($X323,2),0),SomaAgrup)","v":0},{"$f":"IF($N323=\"\",\" \",\nIF(AND($C323<>\"S\",OR($R323=\"\",$R323=\"(digite a descrição aqui)\")),\"DESCRIÇÃO\",\nIF(AND($C323=\"S\",OR($Q323<>\"\",$T323>0,$U323>0),$P323=\"\"),\"FONTE\",\nIF(AND($C323=\"S\",$P323<>\"\",OR($T323>0,$U323>0),$Q323=\"\"),\"CÓDIGO\",\nIF(AND($C323=\"S\",$P323<>\"\",$Q323<>\"\",$R323=\"(Código não identificado nas referências)\"),\"CÓDIGO N/ID\",\nIF(AND($C323=\"S\",OR($R323=\"\",$R323=\"(digite a descrição aqui)\"),OR($Q323<>\"\",$T323>0,$U323>0)),\"DESCRIÇÃO\",\nIF(AND($C323=\"S\",$P323<>\"\",$Q323<>\"\",$S323=\"\"),\"UNIDADE\",\nIF(AND($C323=\"S\",$P323<>\"\",$Q323<>\"\",$U323=0),\"SEM CUSTO\",\nIF(AND(TIPOORCAMENTO=\"Licitado\",$AL323=0,$AN323>0),\"SEM PREÇO\",\nIF(AND($C323=\"S\",$P323<>\"\",$Q323<>\"\",$U323>0,AND($V323<>\"BDI 1\",$V323<>\"BDI 2\",$V323<>\"BDI 3\")),IF(ISNUMBER($V323),\"JUSTIFICAR BDI\",\"BDI\"),\nIF(OR(AND(import.recurso=\"OGU\",TIPOORCAMENTO=\"Proposto\",LEFT($O$8,5)<>\"(N/D:\",$AG323<>\"\",ORÇAMENTO.CustoUnitario>$AG323),AND(TIPOORCAMENTO=\"LICITADO\",ORÇAMENTO.PrecoUnitarioLicitado>$AN323)),\"ACIMA REF.\",\nIF(AND($C323=\"S\",$P323<>\"\",$Q323<>\"\",$T323=0,$U323>0),\"QUANT.\",\nIF(AND(Import.TipoArredondamento=\"TransfereGOV\",$L323=\"F\",$C323=\"S\",LEN($Q323)>13),\"Código >13\",\nIF(AND(Import.TipoArredondamento=\"TransfereGOV\",$L323=\"F\",$C323<>\"S\",LEN($R323)>100),\"Descrição >100\",\nIF(AND(Import.TipoArredondamento=\"TransfereGOV\",$L323=\"F\",$C323=\"S\",LEN($R323)>500),\"Descrição >500\",\nIF(AND(Import.TipoArredondamento=\"TransfereGOV\",$L323=\"F\",$C323=\"S\",LEFT(TRIM(UPPER($P323)),6)<>\"SINAPI\",ISNA(VLOOKUP(TRIM(UPPER($S323)),ListaTgov.Unidades,1,FALSE))),\"Unid. Não Disp\",\n\" \"))))))))))))))))","v":" "},{"$f":"IF(C323<=CRONO.NivelExibicao,MAX($AD$15:OFFSET(AD323,-1,0))+IF($C323<>1,1,MAX(1,COUNTIF(QCI!$A$13:$A$36,OFFSET($E323,-1,0)))),\"\")","v":""},{"$f":"IF(AND($C323=\"S\",ORÇAMENTO.CodBarra<>\"\"),IF(ORÇAMENTO.Fonte=\"\",ORÇAMENTO.CodBarra,CONCATENATE(ORÇAMENTO.Fonte,\" \",ORÇAMENTO.CodBarra)))","v":"Composição COMP80"},{"$f":"IF(ISERROR(ORÇAMENTO.BancoRef),\"(abra o arquivo 'Referência \"&Excel_BuiltIn_Database&\".xlsm)\",IF(OR($C323<>\"S\",ORÇAMENTO.CodBarra=\"\"),\"(Sem Código)\",IF(ISERROR(MATCH($AE323,INDIRECT(ORÇAMENTO.BancoRef),0)),\"(Código não identificado nas referências)\",MATCH($AE323,INDIRECT(ORÇAMENTO.BancoRef),0))))","v":82},{"$f":"ROUND(IF(DESONERACAO=\"sim\",REFERENCIA.Desonerado,REFERENCIA.NaoDesonerado),2)","v":228.4},0.25290000000000001,null,null,null,null,{"$f":"$X323","v":286.16000000000003},{"$f":"ROUND(ORÇAMENTO.CustoUnitario*(1+$AH323),2)","v":286.16000000000003}]
["S",2,"S",0,{"$f":"IF($C324=1,OFFSET(E324,-1,0)+MAX(1,COUNTIF(QCI!$A$13:$A$36,OFFSET(ORÇAMENTO!E324,-1,0))),OFFSET(E324,-1,0))","v":16},4,0,0,9,0,{"$f":"IF(OR($C324=\"S\",$C324=0),0,MATCH(OFFSET($D324,0,$C324)+IF($C324<>1,1,COUNTIF(QCI!$A$13:$A$36,ORÇAMENTO!E324)),OFFSET($D324,1,$C324,ROW($C$472)-ROW($C324)),0))","v":0},"F","Serviço","Serviço","16.4.0.9.","Composição","COMP81",{"$f":"IF($C324=\"S\",REFERENCIA.Descricao,\"(digite a descrição aqui)\")","v":"ABRIGO DE SOBREPOR EM CHAPA DE AÇO CARBONO PINTADO COM TINTA A BASE DE EPOXI VERMELHA, DIMENSÕES 75X35X25CM"},{"$f":"REFERENCIA.Unidade","v":"UN"},{"$f":"OFFSET(CÁLCULO!H$15,ROW($T324)-ROW(T$15),0)","v":4},471.98,"BDI 1",{"$f":"IF($C324=\"S\",ROUND(IF(TIPOORCAMENTO=\"Proposto\",ORÇAMENTO.CustoUnitario*(1+$AH324),ORÇAMENTO.PrecoUnitarioLicitado),15-13*$AF$10),0)","v":591.34},{"$f":"IF($C324=\"S\",IF(OR(Import.TipoArredondamento<>\"TransfereGOV\",ACOMPANHAMENTO=\"BM\"),VTOTAL1,SUM(OFFSET(CÁLCULO!$AI$15,ROW($X324)-ROW($X$15),1):OFFSET(CÁLCULO!$BB$15,ROW($X324)-ROW($X$15),-1))),IF($C324=0,0,ROUND(SomaAgrup,15-13*$AF$11)))","v":2365.36},"RA","RA",{"$f":"IF($C324=\"S\",IF($Z324=\"CP\",$X324,IF($Z324=\"RA\",(($X324)*QCI!$AA$3),0)),SomaAgrup)","v":204.68336116793051},{"$f":"IF($C324=\"S\",IF($Z324=\"OU\",ROUND($X324,2),0),SomaAgrup)","v":0},{"$f":"IF($N324=\"\",\" \",\nIF(AND($C324<>\"S\",OR($R324=\"\",$R324=\"(digite a descrição aqui)\")),\"DESCRIÇÃO\",\nIF(AND($C324=\"S\",OR($Q324<>\"\",$T324>0,$U324>0),$P324=\"\"),\"FONTE\",\nIF(AND($C324=\"S\",$P324<>\"\",OR($T324>0,$U324>0),$Q324=\"\"),\"CÓDIGO\",\nIF(AND($C324=\"S\",$P324<>\"\",$Q324<>\"\",$R324=\"(Código não identificado nas referências)\"),\"CÓDIGO N/ID\",\nIF(AND($C324=\"S\",OR($R324=\"\",$R324=\"(digite a descrição aqui)\"),OR($Q324<>\"\",$T324>0,$U324>0)),\"DESCRIÇÃO\",\nIF(AND($C324=\"S\",$P324<>\"\",$Q324<>\"\",$S324=\"\"),\"UNIDADE\",\nIF(AND($C324=\"S\",$P324<>\"\",$Q324<>\"\",$U324=0),\"SEM CUSTO\",\nIF(AND(TIPOORCAMENTO=\"Licitado\",$AL324=0,$AN324>0),\"SEM PREÇO\",\nIF(AND($C324=\"S\",$P324<>\"\",$Q324<>\"\",$U324>0,AND($V324<>\"BDI 1\",$V324<>\"BDI 2\",$V324<>\"BDI 3\")),IF(ISNUMBER($V324),\"JUSTIFICAR BDI\",\"BDI\"),\nIF(OR(AND(import.recurso=\"OGU\",TIPOORCAMENTO=\"Proposto\",LEFT($O$8,5)<>\"(N/D:\",$AG324<>\"\",ORÇAMENTO.CustoUnitario>$AG324),AND(TIPOORCAMENTO=\"LICITADO\",ORÇAMENTO.PrecoUnitarioLicitado>$AN324)),\"ACIMA REF.\",\nIF(AND($C324=\"S\",$P324<>\"\",$Q324<>\"\",$T324=0,$U324>0),\"QUANT.\",\nIF(AND(Import.TipoArredondamento=\"TransfereGOV\",$L324=\"F\",$C324=\"S\",LEN($Q324)>13),\"Código >13\",\nIF(AND(Import.TipoArredondamento=\"TransfereGOV\",$L324=\"F\",$C324<>\"S\",LEN($R324)>100),\"Descrição >100\",\nIF(AND(Import.TipoArredondamento=\"TransfereGOV\",$L324=\"F\",$C324=\"S\",LEN($R324)>500),\"Descrição >500\",\nIF(AND(Import.TipoArredondamento=\"TransfereGOV\",$L324=\"F\",$C324=\"S\",LEFT(TRIM(UPPER($P324)),6)<>\"SINAPI\",ISNA(VLOOKUP(TRIM(UPPER($S324)),ListaTgov.Unidades,1,FALSE))),\"Unid. Não Disp\",\n\" \"))))))))))))))))","v":" "},{"$f":"IF(C324<=CRONO.NivelExibicao,MAX($AD$15:OFFSET(AD324,-1,0))+IF($C324<>1,1,MAX(1,COUNTIF(QCI!$A$13:$A$36,OFFSET($E324,-1,0)))),\"\")","v":""},{"$f":"IF(AND($C324=\"S\",ORÇAMENTO.CodBarra<>\"\"),IF(ORÇAMENTO.Fonte=\"\",ORÇAMENTO.CodBarra,CONCATENATE(ORÇAMENTO.Fonte,\" \",ORÇAMENTO.CodBarra)))","v":"Composição COMP81"},{"$f":"IF(ISERROR(ORÇAMENTO.BancoRef),\"(abra o arquivo 'Referência \"&Excel_BuiltIn_Database&\".xlsm)\",IF(OR($C324<>\"S\",ORÇAMENTO.CodBarra=\"\"),\"(Sem Código)\",IF(ISERROR(MATCH($AE324,INDIRECT(ORÇAMENTO.BancoRef),0)),\"(Código não identificado nas referências)\",MATCH($AE324,INDIRECT(ORÇAMENTO.BancoRef),0))))","v":83},{"$f":"ROUND(IF(DESONERACAO=\"sim\",REFERENCIA.Desonerado,REFERENCIA.NaoDesonerado),2)","v":471.98},0.25290000000000001,null,null,null,null,2365.36,{"$f":"ROUND(ORÇAMENTO.CustoUnitario*(1+$AH324),2)","v":591.34}]
["S",2,"S",0,{"$f":"IF($C325=1,OFFSET(E325,-1,0)+MAX(1,COUNTIF(QCI!$A$13:$A$36,OFFSET(ORÇAMENTO!E325,-1,0))),OFFSET(E325,-1,0))","v":16},4,0,0,10,0,{"$f":"IF(OR($C325=\"S\",$C325=0),0,MATCH(OFFSET($D325,0,$C325)+IF($C325<>1,1,COUNTIF(QCI!$A$13:$A$36,ORÇAMENTO!E325)),OFFSET($D325,1,$C325,ROW($C$472)-ROW($C325)),0))","v":0},"F","Serviço","Serviço","16.4.0.10.","Composição","COMP82",{"$f":"IF($C325=\"S\",REFERENCIA.Descricao,\"(digite a descrição aqui)\")","v":"PLACA DE SINALIZAÇÃO DE SEGURANÇA CODIGO 14 - 315/158(NBR 13.434); CÓDIGO S3(NT 14/2010-ES) (\"SAIDA DE EMERGÊNCIA\" - SETA VERTICAL)"},{"$f":"REFERENCIA.Unidade","v":"UN"},{"$f":"OFFSET(CÁLCULO!H$15,ROW($T325)-ROW(T$15),0)","v":2},29.6,"BDI 1",{"$f":"IF($C325=\"S\",ROUND(IF(TIPOORCAMENTO=\"Proposto\",ORÇAMENTO.CustoUnitario*(1+$AH325),ORÇAMENTO.PrecoUnitarioLicitado),15-13*$AF$10),0)","v":37.090000000000003},{"$f":"IF($C325=\"S\",IF(OR(Import.TipoArredondamento<>\"TransfereGOV\",ACOMPANHAMENTO=\"BM\"),VTOTAL1,SUM(OFFSET(CÁLCULO!$AI$15,ROW($X325)-ROW($X$15),1):OFFSET(CÁLCULO!$BB$15,ROW($X325)-ROW($X$15),-1))),IF($C325=0,0,ROUND(SomaAgrup,15-13*$AF$11)))","v":74.180000000000007},"RA","RA",{"$f":"IF($C325=\"S\",IF($Z325=\"CP\",$X325,IF($Z325=\"RA\",(($X325)*QCI!$AA$3),0)),SomaAgrup)","v":6.4190701336951186},{"$f":"IF($C325=\"S\",IF($Z325=\"OU\",ROUND($X325,2),0),SomaAgrup)","v":0},{"$f":"IF($N325=\"\",\" \",\nIF(AND($C325<>\"S\",OR($R325=\"\",$R325=\"(digite a descrição aqui)\")),\"DESCRIÇÃO\",\nIF(AND($C325=\"S\",OR($Q325<>\"\",$T325>0,$U325>0),$P325=\"\"),\"FONTE\",\nIF(AND($C325=\"S\",$P325<>\"\",OR($T325>0,$U325>0),$Q325=\"\"),\"CÓDIGO\",\nIF(AND($C325=\"S\",$P325<>\"\",$Q325<>\"\",$R325=\"(Código não identificado nas referências)\"),\"CÓDIGO N/ID\",\nIF(AND($C325=\"S\",OR($R325=\"\",$R325=\"(digite a descrição aqui)\"),OR($Q325<>\"\",$T325>0,$U325>0)),\"DESCRIÇÃO\",\nIF(AND($C325=\"S\",$P325<>\"\",$Q325<>\"\",$S325=\"\"),\"UNIDADE\",\nIF(AND($C325=\"S\",$P325<>\"\",$Q325<>\"\",$U325=0),\"SEM CUSTO\",\nIF(AND(TIPOORCAMENTO=\"Licitado\",$AL325=0,$AN325>0),\"SEM PREÇO\",\nIF(AND($C325=\"S\",$P325<>\"\",$Q325<>\"\",$U325>0,AND($V325<>\"BDI 1\",$V325<>\"BDI 2\",$V325<>\"BDI 3\")),IF(ISNUMBER($V325),\"JUSTIFICAR BDI\",\"BDI\"),\nIF(OR(AND(import.recurso=\"OGU\",TIPOORCAMENTO=\"Proposto\",LEFT($O$8,5)<>\"(N/D:\",$AG325<>\"\",ORÇAMENTO.CustoUnitario>$AG325),AND(TIPOORCAMENTO=\"LICITADO\",ORÇAMENTO.PrecoUnitarioLicitado>$AN325)),\"ACIMA REF.\",\nIF(AND($C325=\"S\",$P325<>\"\",$Q325<>\"\",$T325=0,$U325>0),\"QUANT.\",\nIF(AND(Import.TipoArredondamento=\"TransfereGOV\",$L325=\"F\",$C325=\"S\",LEN($Q325)>13),\"Código >13\",\nIF(AND(Import.TipoArredondamento=\"TransfereGOV\",$L325=\"F\",$C325<>\"S\",LEN($R325)>100),\"Descrição >100\",\nIF(AND(Import.TipoArredondamento=\"TransfereGOV\",$L325=\"F\",$C325=\"S\",LEN($R325)>500),\"Descrição >500\",\nIF(AND(Import.TipoArredondamento=\"TransfereGOV\",$L325=\"F\",$C325=\"S\",LEFT(TRIM(UPPER($P325)),6)<>\"SINAPI\",ISNA(VLOOKUP(TRIM(UPPER($S325)),ListaTgov.Unidades,1,FALSE))),\"Unid. Não Disp\",\n\" \"))))))))))))))))","v":" "},{"$f":"IF(C325<=CRONO.NivelExibicao,MAX($AD$15:OFFSET(AD325,-1,0))+IF($C325<>1,1,MAX(1,COUNTIF(QCI!$A$13:$A$36,OFFSET($E325,-1,0)))),\"\")","v":""},{"$f":"IF(AND($C325=\"S\",ORÇAMENTO.CodBarra<>\"\"),IF(ORÇAMENTO.Fonte=\"\",ORÇAMENTO.CodBarra,CONCATENATE(ORÇAMENTO.Fonte,\" \",ORÇAMENTO.CodBarra)))","v":"Composição COMP82"},{"$f":"IF(ISERROR(ORÇAMENTO.BancoRef),\"(abra o arquivo 'Referência \"&Excel_BuiltIn_Database&\".xlsm)\",IF(OR($C325<>\"S\",ORÇAMENTO.CodBarra=\"\"),\"(Sem Código)\",IF(ISERROR(MATCH($AE325,INDIRECT(ORÇAMENTO.BancoRef),0)),\"(Código não identificado nas referências)\",MATCH($AE325,INDIRECT(ORÇAMENTO.BancoRef),0))))","v":84},{"$f":"ROUND(IF(DESONERACAO=\"sim\",REFERENCIA.Desonerado,REFERENCIA.NaoDesonerado),2)","v":29.6},0.25290000000000001,null,null,null,null,74.180000000000007,{"$f":"ROUND(ORÇAMENTO.CustoUnitario*(1+$AH325),2)","v":37.090000000000003}]
["S",2,"S",0,{"$f":"IF($C326=1,OFFSET(E326,-1,0)+MAX(1,COUNTIF(QCI!$A$13:$A$36,OFFSET(ORÇAMENTO!E326,-1,0))),OFFSET(E326,-1,0))","v":16},4,0,0,11,0,{"$f":"IF(OR($C326=\"S\",$C326=0),0,MATCH(OFFSET($D326,0,$C326)+IF($C326<>1,1,COUNTIF(QCI!$A$13:$A$36,ORÇAMENTO!E326)),OFFSET($D326,1,$C326,ROW($C$472)-ROW($C326)),0))","v":0},"F","Serviço","Serviço","16.4.0.11.","Composição","COMP83",{"$f":"IF($C326=\"S\",REFERENCIA.Descricao,\"(digite a descrição aqui)\")","v":"PLACA FOTOLUMINESCENTE DE SINALIZAÇÃO DE SEGURANCA CONTRA INCÊNDIO,PARA EQUIPAMENTOS DE COMBATE A INCÊNDIO E ALARME, EM PVC ANTICHAMA, DIMENSÕES APROXIMADAS DE (20X15)CM,CONFORME ABN T NBR 16820.FORNECIMENTO E COLOCAÇÃO"},{"$f":"REFERENCIA.Unidade","v":"UN"},{"$f":"OFFSET(CÁLCULO!H$15,ROW($T326)-ROW(T$15),0)","v":1},11.95,"BDI 1",{"$f":"IF($C326=\"S\",ROUND(IF(TIPOORCAMENTO=\"Proposto\",ORÇAMENTO.CustoUnitario*(1+$AH326),ORÇAMENTO.PrecoUnitarioLicitado),15-13*$AF$10),0)","v":14.97},{"$f":"IF($C326=\"S\",IF(OR(Import.TipoArredondamento<>\"TransfereGOV\",ACOMPANHAMENTO=\"BM\"),VTOTAL1,SUM(OFFSET(CÁLCULO!$AI$15,ROW($X326)-ROW($X$15),1):OFFSET(CÁLCULO!$BB$15,ROW($X326)-ROW($X$15),-1))),IF($C326=0,0,ROUND(SomaAgrup,15-13*$AF$11)))","v":14.97},"RA","RA",{"$f":"IF($C326=\"S\",IF($Z326=\"CP\",$X326,IF($Z326=\"RA\",(($X326)*QCI!$AA$3),0)),SomaAgrup)","v":1.2954095430225927},{"$f":"IF($C326=\"S\",IF($Z326=\"OU\",ROUND($X326,2),0),SomaAgrup)","v":0},{"$f":"IF($N326=\"\",\" \",\nIF(AND($C326<>\"S\",OR($R326=\"\",$R326=\"(digite a descrição aqui)\")),\"DESCRIÇÃO\",\nIF(AND($C326=\"S\",OR($Q326<>\"\",$T326>0,$U326>0),$P326=\"\"),\"FONTE\",\nIF(AND($C326=\"S\",$P326<>\"\",OR($T326>0,$U326>0),$Q326=\"\"),\"CÓDIGO\",\nIF(AND($C326=\"S\",$P326<>\"\",$Q326<>\"\",$R326=\"(Código não identificado nas referências)\"),\"CÓDIGO N/ID\",\nIF(AND($C326=\"S\",OR($R326=\"\",$R326=\"(digite a descrição aqui)\"),OR($Q326<>\"\",$T326>0,$U326>0)),\"DESCRIÇÃO\",\nIF(AND($C326=\"S\",$P326<>\"\",$Q326<>\"\",$S326=\"\"),\"UNIDADE\",\nIF(AND($C326=\"S\",$P326<>\"\",$Q326<>\"\",$U326=0),\"SEM CUSTO\",\nIF(AND(TIPOORCAMENTO=\"Licitado\",$AL326=0,$AN326>0),\"SEM PREÇO\",\nIF(AND($C326=\"S\",$P326<>\"\",$Q326<>\"\",$U326>0,AND($V326<>\"BDI 1\",$V326<>\"BDI 2\",$V326<>\"BDI 3\")),IF(ISNUMBER($V326),\"JUSTIFICAR BDI\",\"BDI\"),\nIF(OR(AND(import.recurso=\"OGU\",TIPOORCAMENTO=\"Proposto\",LEFT($O$8,5)<>\"(N/D:\",$AG326<>\"\",ORÇAMENTO.CustoUnitario>$AG326),AND(TIPOORCAMENTO=\"LICITADO\",ORÇAMENTO.PrecoUnitarioLicitado>$AN326)),\"ACIMA REF.\",\nIF(AND($C326=\"S\",$P326<>\"\",$Q326<>\"\",$T326=0,$U326>0),\"QUANT.\",\nIF(AND(Import.TipoArredondamento=\"TransfereGOV\",$L326=\"F\",$C326=\"S\",LEN($Q326)>13),\"Código >13\",\nIF(AND(Import.TipoArredondamento=\"TransfereGOV\",$L326=\"F\",$C326<>\"S\",LEN($R326)>100),\"Descrição >100\",\nIF(AND(Import.TipoArredondamento=\"TransfereGOV\",$L326=\"F\",$C326=\"S\",LEN($R326)>500),\"Descrição >500\",\nIF(AND(Import.TipoArredondamento=\"TransfereGOV\",$L326=\"F\",$C326=\"S\",LEFT(TRIM(UPPER($P326)),6)<>\"SINAPI\",ISNA(VLOOKUP(TRIM(UPPER($S326)),ListaTgov.Unidades,1,FALSE))),\"Unid. Não Disp\",\n\" \"))))))))))))))))","v":" "},{"$f":"IF(C326<=CRONO.NivelExibicao,MAX($AD$15:OFFSET(AD326,-1,0))+IF($C326<>1,1,MAX(1,COUNTIF(QCI!$A$13:$A$36,OFFSET($E326,-1,0)))),\"\")","v":""},{"$f":"IF(AND($C326=\"S\",ORÇAMENTO.CodBarra<>\"\"),IF(ORÇAMENTO.Fonte=\"\",ORÇAMENTO.CodBarra,CONCATENATE(ORÇAMENTO.Fonte,\" \",ORÇAMENTO.CodBarra)))","v":"Composição COMP83"},{"$f":"IF(ISERROR(ORÇAMENTO.BancoRef),\"(abra o arquivo 'Referência \"&Excel_BuiltIn_Database&\".xlsm)\",IF(OR($C326<>\"S\",ORÇAMENTO.CodBarra=\"\"),\"(Sem Código)\",IF(ISERROR(MATCH($AE326,INDIRECT(ORÇAMENTO.BancoRef),0)),\"(Código não identificado nas referências)\",MATCH($AE326,INDIRECT(ORÇAMENTO.BancoRef),0))))","v":85},{"$f":"ROUND(IF(DESONERACAO=\"sim\",REFERENCIA.Desonerado,REFERENCIA.NaoDesonerado),2)","v":11.95},0.25290000000000001,null,null,null,null,14.97,{"$f":"ROUND(ORÇAMENTO.CustoUnitario*(1+$AH326),2)","v":14.97}]
[1,1,1,93,{"$f":"IF($C327=1,OFFSET(E327,-1,0)+MAX(1,COUNTIF(QCI!$A$13:$A$36,OFFSET(ORÇAMENTO!E327,-1,0))),OFFSET(E327,-1,0))","v":17},0,0,0,0,145,{"$f":"IF(OR($C327=\"S\",$C327=0),0,MATCH(OFFSET($D327,0,$C327)+IF($C327<>1,1,COUNTIF(QCI!$A$13:$A$36,ORÇAMENTO!E327)),OFFSET($D327,1,$C327,ROW($C$472)-ROW($C327)),0))","v":93},"F","Meta","Meta","17.","SINAPI",null,{"$f":"IF($C327=\"S\",REFERENCIA.Descricao,\"INSTALAÇÕES ELÉTRICAS\")","v":"INSTALAÇÕES ELÉTRICAS"},{"$f":"REFERENCIA.Unidade","v":"-"},{"$f":"OFFSET(CÁLCULO!H$15,ROW($T327)-ROW(T$15),0)","v":0},null,"BDI 1",{"$f":"IF($C327=\"S\",ROUND(IF(TIPOORCAMENTO=\"Proposto\",ORÇAMENTO.CustoUnitario*(1+$AH327),ORÇAMENTO.PrecoUnitarioLicitado),15-13*$AF$10),0)","v":0},{"$f":"IF($C327=\"S\",IF(OR(Import.TipoArredondamento<>\"TransfereGOV\",ACOMPANHAMENTO=\"BM\"),VTOTAL1,SUM(OFFSET(CÁLCULO!$AI$15,ROW($X327)-ROW($X$15),1):OFFSET(CÁLCULO!$BB$15,ROW($X327)-ROW($X$15),-1))),IF($C327=0,0,ROUND(SomaAgrup,15-13*$AF$11)))","v":230665.66},"RA","",{"$f":"IF($C327=\"S\",IF($Z327=\"CP\",$X327,IF($Z327=\"RA\",(($X327)*QCI!$AA$3),0)),SomaAgrup)","v":19960.353855150614},{"$f":"IF($C327=\"S\",IF($Z327=\"OU\",ROUND($X327,2),0),SomaAgrup)","v":0},{"$f":"IF($N327=\"\",\" \",\nIF(AND($C327<>\"S\",OR($R327=\"\",$R327=\"(digite a descrição aqui)\")),\"DESCRIÇÃO\",\nIF(AND($C327=\"S\",OR($Q327<>\"\",$T327>0,$U327>0),$P327=\"\"),\"FONTE\",\nIF(AND($C327=\"S\",$P327<>\"\",OR($T327>0,$U327>0),$Q327=\"\"),\"CÓDIGO\",\nIF(AND($C327=\"S\",$P327<>\"\",$Q327<>\"\",$R327=\"(Código não identificado nas referências)\"),\"CÓDIGO N/ID\",\nIF(AND($C327=\"S\",OR($R327=\"\",$R327=\"(digite a descrição aqui)\"),OR($Q327<>\"\",$T327>0,$U327>0)),\"DESCRIÇÃO\",\nIF(AND($C327=\"S\",$P327<>\"\",$Q327<>\"\",$S327=\"\"),\"UNIDADE\",\nIF(AND($C327=\"S\",$P327<>\"\",$Q327<>\"\",$U327=0),\"SEM CUSTO\",\nIF(AND(TIPOORCAMENTO=\"Licitado\",$AL327=0,$AN327>0),\"SEM PREÇO\",\nIF(AND($C327=\"S\",$P327<>\"\",$Q327<>\"\",$U327>0,AND($V327<>\"BDI 1\",$V327<>\"BDI 2\",$V327<>\"BDI 3\")),IF(ISNUMBER($V327),\"JUSTIFICAR BDI\",\"BDI\"),\nIF(OR(AND(import.recurso=\"OGU\",TIPOORCAMENTO=\"Proposto\",LEFT($O$8,5)<>\"(N/D:\",$AG327<>\"\",ORÇAMENTO.CustoUnitario>$AG327),AND(TIPOORCAMENTO=\"LICITADO\",ORÇAMENTO.PrecoUnitarioLicitado>$AN327)),\"ACIMA REF.\",\nIF(AND($C327=\"S\",$P327<>\"\",$Q327<>\"\",$T327=0,$U327>0),\"QUANT.\",\nIF(AND(Import.TipoArredondamento=\"TransfereGOV\",$L327=\"F\",$C327=\"S\",LEN($Q327)>13),\"Código >13\",\nIF(AND(Import.TipoArredondamento=\"TransfereGOV\",$L327=\"F\",$C327<>\"S\",LEN($R327)>100),\"Descrição >100\",\nIF(AND(Import.TipoArredondamento=\"TransfereGOV\",$L327=\"F\",$C327=\"S\",LEN($R327)>500),\"Descrição >500\",\nIF(AND(Import.TipoArredondamento=\"TransfereGOV\",$L327=\"F\",$C327=\"S\",LEFT(TRIM(UPPER($P327)),6)<>\"SINAPI\",ISNA(VLOOKUP(TRIM(UPPER($S327)),ListaTgov.Unidades,1,FALSE))),\"Unid. Não Disp\",\n\" \"))))))))))))))))","v":" "},{"$f":"IF(C327<=CRONO.NivelExibicao,MAX($AD$15:OFFSET(AD327,-1,0))+IF($C327<>1,1,MAX(1,COUNTIF(QCI!$A$13:$A$36,OFFSET($E327,-1,0)))),\"\")","v":55},{"$f":"IF(AND($C327=\"S\",ORÇAMENTO.CodBarra<>\"\"),IF(ORÇAMENTO.Fonte=\"\",ORÇAMENTO.CodBarra,CONCATENATE(ORÇAMENTO.Fonte,\" \",ORÇAMENTO.CodBarra)))","v":false},{"$f":"IF(ISERROR(ORÇAMENTO.BancoRef),\"(abra o arquivo 'Referência \"&Excel_BuiltIn_Database&\".xlsm)\",IF(OR($C327<>\"S\",ORÇAMENTO.CodBarra=\"\"),\"(Sem Código)\",IF(ISERROR(MATCH($AE327,INDIRECT(ORÇAMENTO.BancoRef),0)),\"(Código não identificado nas referências)\",MATCH($AE327,INDIRECT(ORÇAMENTO.BancoRef),0))))","v":"(Sem Código)"},{"$f":"ROUND(IF(DESONERACAO=\"sim\",REFERENCIA.Desonerado,REFERENCIA.NaoDesonerado),2)","v":0},0.25290000000000001,null,null,null,null,230665.66,{"$f":"ROUND(ORÇAMENTO.CustoUnitario*(1+$AH327),2)","v":0}]
[2,2,2,72,{"$f":"IF($C328=1,OFFSET(E328,-1,0)+MAX(1,COUNTIF(QCI!$A$13:$A$36,OFFSET(ORÇAMENTO!E328,-1,0))),OFFSET(E328,-1,0))","v":17},1,0,0,0,92,{"$f":"IF(OR($C328=\"S\",$C328=0),0,MATCH(OFFSET($D328,0,$C328)+IF($C328<>1,1,COUNTIF(QCI!$A$13:$A$36,ORÇAMENTO!E328)),OFFSET($D328,1,$C328,ROW($C$472)-ROW($C328)),0))","v":72},"F","Nível 2","Nível 2","17.1.","SINAPI",null,{"$f":"IF($C328=\"S\",REFERENCIA.Descricao,\"INFRAESTRUTURA\")","v":"INFRAESTRUTURA"},{"$f":"REFERENCIA.Unidade","v":"-"},{"$f":"OFFSET(CÁLCULO!H$15,ROW($T328)-ROW(T$15),0)","v":0},null,"BDI 1",{"$f":"IF($C328=\"S\",ROUND(IF(TIPOORCAMENTO=\"Proposto\",ORÇAMENTO.CustoUnitario*(1+$AH328),ORÇAMENTO.PrecoUnitarioLicitado),15-13*$AF$10),0)","v":0},{"$f":"IF($C328=\"S\",IF(OR(Import.TipoArredondamento<>\"TransfereGOV\",ACOMPANHAMENTO=\"BM\"),VTOTAL1,SUM(OFFSET(CÁLCULO!$AI$15,ROW($X328)-ROW($X$15),1):OFFSET(CÁLCULO!$BB$15,ROW($X328)-ROW($X$15),-1))),IF($C328=0,0,ROUND(SomaAgrup,15-13*$AF$11)))","v":159674.64000000001},"RA","",{"$f":"IF($C328=\"S\",IF($Z328=\"CP\",$X328,IF($Z328=\"RA\",(($X328)*QCI!$AA$3),0)),SomaAgrup)","v":13817.237971589644},{"$f":"IF($C328=\"S\",IF($Z328=\"OU\",ROUND($X328,2),0),SomaAgrup)","v":0},{"$f":"IF($N328=\"\",\" \",\nIF(AND($C328<>\"S\",OR($R328=\"\",$R328=\"(digite a descrição aqui)\")),\"DESCRIÇÃO\",\nIF(AND($C328=\"S\",OR($Q328<>\"\",$T328>0,$U328>0),$P328=\"\"),\"FONTE\",\nIF(AND($C328=\"S\",$P328<>\"\",OR($T328>0,$U328>0),$Q328=\"\"),\"CÓDIGO\",\nIF(AND($C328=\"S\",$P328<>\"\",$Q328<>\"\",$R328=\"(Código não identificado nas referências)\"),\"CÓDIGO N/ID\",\nIF(AND($C328=\"S\",OR($R328=\"\",$R328=\"(digite a descrição aqui)\"),OR($Q328<>\"\",$T328>0,$U328>0)),\"DESCRIÇÃO\",\nIF(AND($C328=\"S\",$P328<>\"\",$Q328<>\"\",$S328=\"\"),\"UNIDADE\",\nIF(AND($C328=\"S\",$P328<>\"\",$Q328<>\"\",$U328=0),\"SEM CUSTO\",\nIF(AND(TIPOORCAMENTO=\"Licitado\",$AL328=0,$AN328>0),\"SEM PREÇO\",\nIF(AND($C328=\"S\",$P328<>\"\",$Q328<>\"\",$U328>0,AND($V328<>\"BDI 1\",$V328<>\"BDI 2\",$V328<>\"BDI 3\")),IF(ISNUMBER($V328),\"JUSTIFICAR BDI\",\"BDI\"),\nIF(OR(AND(import.recurso=\"OGU\",TIPOORCAMENTO=\"Proposto\",LEFT($O$8,5)<>\"(N/D:\",$AG328<>\"\",ORÇAMENTO.CustoUnitario>$AG328),AND(TIPOORCAMENTO=\"LICITADO\",ORÇAMENTO.PrecoUnitarioLicitado>$AN328)),\"ACIMA REF.\",\nIF(AND($C328=\"S\",$P328<>\"\",$Q328<>\"\",$T328=0,$U328>0),\"QUANT.\",\nIF(AND(Import.TipoArredondamento=\"TransfereGOV\",$L328=\"F\",$C328=\"S\",LEN($Q328)>13),\"Código >13\",\nIF(AND(Import.TipoArredondamento=\"TransfereGOV\",$L328=\"F\",$C328<>\"S\",LEN($R328)>100),\"Descrição >100\",\nIF(AND(Import.TipoArredondamento=\"TransfereGOV\",$L328=\"F\",$C328=\"S\",LEN($R328)>500),\"Descrição >500\",\nIF(AND(Import.TipoArredondamento=\"TransfereGOV\",$L328=\"F\",$C328=\"S\",LEFT(TRIM(UPPER($P328)),6)<>\"SINAPI\",ISNA(VLOOKUP(TRIM(UPPER($S328)),ListaTgov.Unidades,1,FALSE))),\"Unid. Não Disp\",\n\" \"))))))))))))))))","v":" "},{"$f":"IF(C328<=CRONO.NivelExibicao,MAX($AD$15:OFFSET(AD328,-1,0))+IF($C328<>1,1,MAX(1,COUNTIF(QCI!$A$13:$A$36,OFFSET($E328,-1,0)))),\"\")","v":56},{"$f":"IF(AND($C328=\"S\",ORÇAMENTO.CodBarra<>\"\"),IF(ORÇAMENTO.Fonte=\"\",ORÇAMENTO.CodBarra,CONCATENATE(ORÇAMENTO.Fonte,\" \",ORÇAMENTO.CodBarra)))","v":false},{"$f":"IF(ISERROR(ORÇAMENTO.BancoRef),\"(abra o arquivo 'Referência \"&Excel_BuiltIn_Database&\".xlsm)\",IF(OR($C328<>\"S\",ORÇAMENTO.CodBarra=\"\"),\"(Sem Código)\",IF(ISERROR(MATCH($AE328,INDIRECT(ORÇAMENTO.BancoRef),0)),\"(Código não identificado nas referências)\",MATCH($AE328,INDIRECT(ORÇAMENTO.BancoRef),0))))","v":"(Sem Código)"},{"$f":"ROUND(IF(DESONERACAO=\"sim\",REFERENCIA.Desonerado,REFERENCIA.NaoDesonerado),2)","v":0},0.25290000000000001,null,null,null,null,159674.64000000001,{"$f":"ROUND(ORÇAMENTO.CustoUnitario*(1+$AH328),2)","v":0}]
["S",2,"S",0,{"$f":"IF($C329=1,OFFSET(E329,-1,0)+MAX(1,COUNTIF(QCI!$A$13:$A$36,OFFSET(ORÇAMENTO!E329,-1,0))),OFFSET(E329,-1,0))","v":17},1,0,0,1,0,{"$f":"IF(OR($C329=\"S\",$C329=0),0,MATCH(OFFSET($D329,0,$C329)+IF($C329<>1,1,COUNTIF(QCI!$A$13:$A$36,ORÇAMENTO!E329)),OFFSET($D329,1,$C329,ROW($C$472)-ROW($C329)),0))","v":0},"F","Serviço","Serviço","17.1.0.1.","Composição","COMP84",{"$f":"IF($C329=\"S\",REFERENCIA.Descricao,\"(digite a descrição aqui)\")","v":"BUCHA COM ARRUELA EM LIGA ESPECIAL ZAMAK P/ELETRODUTO 32MM, D=1 1/4\""},{"$f":"REFERENCIA.Unidade","v":"UN"},{"$f":"OFFSET(CÁLCULO!H$15,ROW($T329)-ROW(T$15),0)","v":1},{"$f":"AG329","v":2.09},"BDI 1",{"$f":"IF($C329=\"S\",ROUND(IF(TIPOORCAMENTO=\"Proposto\",ORÇAMENTO.CustoUnitario*(1+$AH329),ORÇAMENTO.PrecoUnitarioLicitado),15-13*$AF$10),0)","v":2.62},{"$f":"IF($C329=\"S\",IF(OR(Import.TipoArredondamento<>\"TransfereGOV\",ACOMPANHAMENTO=\"BM\"),VTOTAL1,SUM(OFFSET(CÁLCULO!$AI$15,ROW($X329)-ROW($X$15),1):OFFSET(CÁLCULO!$BB$15,ROW($X329)-ROW($X$15),-1))),IF($C329=0,0,ROUND(SomaAgrup,15-13*$AF$11)))","v":2.62},"RA","RA",{"$f":"IF($C329=\"S\",IF($Z329=\"CP\",$X329,IF($Z329=\"RA\",(($X329)*QCI!$AA$3),0)),SomaAgrup)","v":0.22671830345485589},{"$f":"IF($C329=\"S\",IF($Z329=\"OU\",ROUND($X329,2),0),SomaAgrup)","v":0},{"$f":"IF($N329=\"\",\" \",\nIF(AND($C329<>\"S\",OR($R329=\"\",$R329=\"(digite a descrição aqui)\")),\"DESCRIÇÃO\",\nIF(AND($C329=\"S\",OR($Q329<>\"\",$T329>0,$U329>0),$P329=\"\"),\"FONTE\",\nIF(AND($C329=\"S\",$P329<>\"\",OR($T329>0,$U329>0),$Q329=\"\"),\"CÓDIGO\",\nIF(AND($C329=\"S\",$P329<>\"\",$Q329<>\"\",$R329=\"(Código não identificado nas referências)\"),\"CÓDIGO N/ID\",\nIF(AND($C329=\"S\",OR($R329=\"\",$R329=\"(digite a descrição aqui)\"),OR($Q329<>\"\",$T329>0,$U329>0)),\"DESCRIÇÃO\",\nIF(AND($C329=\"S\",$P329<>\"\",$Q329<>\"\",$S329=\"\"),\"UNIDADE\",\nIF(AND($C329=\"S\",$P329<>\"\",$Q329<>\"\",$U329=0),\"SEM CUSTO\",\nIF(AND(TIPOORCAMENTO=\"Licitado\",$AL329=0,$AN329>0),\"SEM PREÇO\",\nIF(AND($C329=\"S\",$P329<>\"\",$Q329<>\"\",$U329>0,AND($V329<>\"BDI 1\",$V329<>\"BDI 2\",$V329<>\"BDI 3\")),IF(ISNUMBER($V329),\"JUSTIFICAR BDI\",\"BDI\"),\nIF(OR(AND(import.recurso=\"OGU\",TIPOORCAMENTO=\"Proposto\",LEFT($O$8,5)<>\"(N/D:\",$AG329<>\"\",ORÇAMENTO.CustoUnitario>$AG329),AND(TIPOORCAMENTO=\"LICITADO\",ORÇAMENTO.PrecoUnitarioLicitado>$AN329)),\"ACIMA REF.\",\nIF(AND($C329=\"S\",$P329<>\"\",$Q329<>\"\",$T329=0,$U329>0),\"QUANT.\",\nIF(AND(Import.TipoArredondamento=\"TransfereGOV\",$L329=\"F\",$C329=\"S\",LEN($Q329)>13),\"Código >13\",\nIF(AND(Import.TipoArredondamento=\"TransfereGOV\",$L329=\"F\",$C329<>\"S\",LEN($R329)>100),\"Descrição >100\",\nIF(AND(Import.TipoArredondamento=\"TransfereGOV\",$L329=\"F\",$C329=\"S\",LEN($R329)>500),\"Descrição >500\",\nIF(AND(Import.TipoArredondamento=\"TransfereGOV\",$L329=\"F\",$C329=\"S\",LEFT(TRIM(UPPER($P329)),6)<>\"SINAPI\",ISNA(VLOOKUP(TRIM(UPPER($S329)),ListaTgov.Unidades,1,FALSE))),\"Unid. Não Disp\",\n\" \"))))))))))))))))","v":" "},{"$f":"IF(C329<=CRONO.NivelExibicao,MAX($AD$15:OFFSET(AD329,-1,0))+IF($C329<>1,1,MAX(1,COUNTIF(QCI!$A$13:$A$36,OFFSET($E329,-1,0)))),\"\")","v":""},{"$f":"IF(AND($C329=\"S\",ORÇAMENTO.CodBarra<>\"\"),IF(ORÇAMENTO.Fonte=\"\",ORÇAMENTO.CodBarra,CONCATENATE(ORÇAMENTO.Fonte,\" \",ORÇAMENTO.CodBarra)))","v":"Composição COMP84"},{"$f":"IF(ISERROR(ORÇAMENTO.BancoRef),\"(abra o arquivo 'Referência \"&Excel_BuiltIn_Database&\".xlsm)\",IF(OR($C329<>\"S\",ORÇAMENTO.CodBarra=\"\"),\"(Sem Código)\",IF(ISERROR(MATCH($AE329,INDIRECT(ORÇAMENTO.BancoRef),0)),\"(Código não identificado nas referências)\",MATCH($AE329,INDIRECT(ORÇAMENTO.BancoRef),0))))","v":86},{"$f":"ROUND(IF(DESONERACAO=\"sim\",REFERENCIA.Desonerado,REFERENCIA.NaoDesonerado),2)","v":2.09},0.25290000000000001,null,null,null,null,2.62,{"$f":"ROUND(ORÇAMENTO.CustoUnitario*(1+$AH329),2)","v":2.62}]
["S",2,"S",0,{"$f":"IF($C330=1,OFFSET(E330,-1,0)+MAX(1,COUNTIF(QCI!$A$13:$A$36,OFFSET(ORÇAMENTO!E330,-1,0))),OFFSET(E330,-1,0))","v":17},1,0,0,2,0,{"$f":"IF(OR($C330=\"S\",$C330=0),0,MATCH(OFFSET($D330,0,$C330)+IF($C330<>1,1,COUNTIF(QCI!$A$13:$A$36,ORÇAMENTO!E330)),OFFSET($D330,1,$C330,ROW($C$472)-ROW($C330)),0))","v":0},"F","Serviço","Serviço","17.1.0.2.","SINAPI","91940",{"$f":"IF($C330=\"S\",REFERENCIA.Descricao,\"(digite a descrição aqui)\")","v":"CAIXA RETANGULAR 4\" X 2\" MÉDIA (1,30 M DO PISO), PVC, INSTALADA EM PAREDE - FORNECIMENTO E INSTALAÇÃO. AF_03/2023"},{"$f":"REFERENCIA.Unidade","v":"UN"},{"$f":"OFFSET(CÁLCULO!H$15,ROW($T330)-ROW(T$15),0)","v":292},{"$f":"AG330","v":18.809999999999999},"BDI 1",{"$f":"IF($C330=\"S\",ROUND(IF(TIPOORCAMENTO=\"Proposto\",ORÇAMENTO.CustoUnitario*(1+$AH330),ORÇAMENTO.PrecoUnitarioLicitado),15-13*$AF$10),0)","v":23.57},{"$f":"IF($C330=\"S\",IF(OR(Import.TipoArredondamento<>\"TransfereGOV\",ACOMPANHAMENTO=\"BM\"),VTOTAL1,SUM(OFFSET(CÁLCULO!$AI$15,ROW($X330)-ROW($X$15),1):OFFSET(CÁLCULO!$BB$15,ROW($X330)-ROW($X$15),-1))),IF($C330=0,0,ROUND(SomaAgrup,15-13*$AF$11)))","v":6882.44},"RA","RA",{"$f":"IF($C330=\"S\",IF($Z330=\"CP\",$X330,IF($Z330=\"RA\",(($X330)*QCI!$AA$3),0)),SomaAgrup)","v":595.56302306482371},{"$f":"IF($C330=\"S\",IF($Z330=\"OU\",ROUND($X330,2),0),SomaAgrup)","v":0},{"$f":"IF($N330=\"\",\" \",\nIF(AND($C330<>\"S\",OR($R330=\"\",$R330=\"(digite a descrição aqui)\")),\"DESCRIÇÃO\",\nIF(AND($C330=\"S\",OR($Q330<>\"\",$T330>0,$U330>0),$P330=\"\"),\"FONTE\",\nIF(AND($C330=\"S\",$P330<>\"\",OR($T330>0,$U330>0),$Q330=\"\"),\"CÓDIGO\",\nIF(AND($C330=\"S\",$P330<>\"\",$Q330<>\"\",$R330=\"(Código não identificado nas referências)\"),\"CÓDIGO N/ID\",\nIF(AND($C330=\"S\",OR($R330=\"\",$R330=\"(digite a descrição aqui)\"),OR($Q330<>\"\",$T330>0,$U330>0)),\"DESCRIÇÃO\",\nIF(AND($C330=\"S\",$P330<>\"\",$Q330<>\"\",$S330=\"\"),\"UNIDADE\",\nIF(AND($C330=\"S\",$P330<>\"\",$Q330<>\"\",$U330=0),\"SEM CUSTO\",\nIF(AND(TIPOORCAMENTO=\"Licitado\",$AL330=0,$AN330>0),\"SEM PREÇO\",\nIF(AND($C330=\"S\",$P330<>\"\",$Q330<>\"\",$U330>0,AND($V330<>\"BDI 1\",$V330<>\"BDI 2\",$V330<>\"BDI 3\")),IF(ISNUMBER($V330),\"JUSTIFICAR BDI\",\"BDI\"),\nIF(OR(AND(import.recurso=\"OGU\",TIPOORCAMENTO=\"Proposto\",LEFT($O$8,5)<>\"(N/D:\",$AG330<>\"\",ORÇAMENTO.CustoUnitario>$AG330),AND(TIPOORCAMENTO=\"LICITADO\",ORÇAMENTO.PrecoUnitarioLicitado>$AN330)),\"ACIMA REF.\",\nIF(AND($C330=\"S\",$P330<>\"\",$Q330<>\"\",$T330=0,$U330>0),\"QUANT.\",\nIF(AND(Import.TipoArredondamento=\"TransfereGOV\",$L330=\"F\",$C330=\"S\",LEN($Q330)>13),\"Código >13\",\nIF(AND(Import.TipoArredondamento=\"TransfereGOV\",$L330=\"F\",$C330<>\"S\",LEN($R330)>100),\"Descrição >100\",\nIF(AND(Import.TipoArredondamento=\"TransfereGOV\",$L330=\"F\",$C330=\"S\",LEN($R330)>500),\"Descrição >500\",\nIF(AND(Import.TipoArredondamento=\"TransfereGOV\",$L330=\"F\",$C330=\"S\",LEFT(TRIM(UPPER($P330)),6)<>\"SINAPI\",ISNA(VLOOKUP(TRIM(UPPER($S330)),ListaTgov.Unidades,1,FALSE))),\"Unid. Não Disp\",\n\" \"))))))))))))))))","v":" "},{"$f":"IF(C330<=CRONO.NivelExibicao,MAX($AD$15:OFFSET(AD330,-1,0))+IF($C330<>1,1,MAX(1,COUNTIF(QCI!$A$13:$A$36,OFFSET($E330,-1,0)))),\"\")","v":""},{"$f":"IF(AND($C330=\"S\",ORÇAMENTO.CodBarra<>\"\"),IF(ORÇAMENTO.Fonte=\"\",ORÇAMENTO.CodBarra,CONCATENATE(ORÇAMENTO.Fonte,\" \",ORÇAMENTO.CodBarra)))","v":"SINAPI 91940"},{"$f":"IF(ISERROR(ORÇAMENTO.BancoRef),\"(abra o arquivo 'Referência \"&Excel_BuiltIn_Database&\".xlsm)\",IF(OR($C330<>\"S\",ORÇAMENTO.CodBarra=\"\"),\"(Sem Código)\",IF(ISERROR(MATCH($AE330,INDIRECT(ORÇAMENTO.BancoRef),0)),\"(Código não identificado nas referências)\",MATCH($AE330,INDIRECT(ORÇAMENTO.BancoRef),0))))","v":10657},{"$f":"ROUND(IF(DESONERACAO=\"sim\",REFERENCIA.Desonerado,REFERENCIA.NaoDesonerado),2)","v":18.809999999999999},0.25290000000000001,null,null,null,null,6882.44,{"$f":"ROUND(ORÇAMENTO.CustoUnitario*(1+$AH330),2)","v":23.57}]
["S",2,"S",0,{"$f":"IF($C331=1,OFFSET(E331,-1,0)+MAX(1,COUNTIF(QCI!$A$13:$A$36,OFFSET(ORÇAMENTO!E331,-1,0))),OFFSET(E331,-1,0))","v":17},1,0,0,3,0,{"$f":"IF(OR($C331=\"S\",$C331=0),0,MATCH(OFFSET($D331,0,$C331)+IF($C331<>1,1,COUNTIF(QCI!$A$13:$A$36,ORÇAMENTO!E331)),OFFSET($D331,1,$C331,ROW($C$472)-ROW($C331)),0))","v":0},"F","Serviço","Serviço","17.1.0.3.","SINAPI","91937",{"$f":"IF($C331=\"S\",REFERENCIA.Descricao,\"(digite a descrição aqui)\")","v":"CAIXA OCTOGONAL 3\" X 3\", PVC, INSTALADA EM LAJE - FORNECIMENTO E INSTALAÇÃO. AF_03/2023"},{"$f":"REFERENCIA.Unidade","v":"UN"},{"$f":"OFFSET(CÁLCULO!H$15,ROW($T331)-ROW(T$15),0)","v":86},16.82,"BDI 1",{"$f":"IF($C331=\"S\",ROUND(IF(TIPOORCAMENTO=\"Proposto\",ORÇAMENTO.CustoUnitario*(1+$AH331),ORÇAMENTO.PrecoUnitarioLicitado),15-13*$AF$10),0)","v":21.07},{"$f":"IF($C331=\"S\",IF(OR(Import.TipoArredondamento<>\"TransfereGOV\",ACOMPANHAMENTO=\"BM\"),VTOTAL1,SUM(OFFSET(CÁLCULO!$AI$15,ROW($X331)-ROW($X$15),1):OFFSET(CÁLCULO!$BB$15,ROW($X331)-ROW($X$15),-1))),IF($C331=0,0,ROUND(SomaAgrup,15-13*$AF$11)))","v":1812.02},"RA","RA",{"$f":"IF($C331=\"S\",IF($Z331=\"CP\",$X331,IF($Z331=\"RA\",(($X331)*QCI!$AA$3),0)),SomaAgrup)","v":156.80080161307936},{"$f":"IF($C331=\"S\",IF($Z331=\"OU\",ROUND($X331,2),0),SomaAgrup)","v":0},{"$f":"IF($N331=\"\",\" \",\nIF(AND($C331<>\"S\",OR($R331=\"\",$R331=\"(digite a descrição aqui)\")),\"DESCRIÇÃO\",\nIF(AND($C331=\"S\",OR($Q331<>\"\",$T331>0,$U331>0),$P331=\"\"),\"FONTE\",\nIF(AND($C331=\"S\",$P331<>\"\",OR($T331>0,$U331>0),$Q331=\"\"),\"CÓDIGO\",\nIF(AND($C331=\"S\",$P331<>\"\",$Q331<>\"\",$R331=\"(Código não identificado nas referências)\"),\"CÓDIGO N/ID\",\nIF(AND($C331=\"S\",OR($R331=\"\",$R331=\"(digite a descrição aqui)\"),OR($Q331<>\"\",$T331>0,$U331>0)),\"DESCRIÇÃO\",\nIF(AND($C331=\"S\",$P331<>\"\",$Q331<>\"\",$S331=\"\"),\"UNIDADE\",\nIF(AND($C331=\"S\",$P331<>\"\",$Q331<>\"\",$U331=0),\"SEM CUSTO\",\nIF(AND(TIPOORCAMENTO=\"Licitado\",$AL331=0,$AN331>0),\"SEM PREÇO\",\nIF(AND($C331=\"S\",$P331<>\"\",$Q331<>\"\",$U331>0,AND($V331<>\"BDI 1\",$V331<>\"BDI 2\",$V331<>\"BDI 3\")),IF(ISNUMBER($V331),\"JUSTIFICAR BDI\",\"BDI\"),\nIF(OR(AND(import.recurso=\"OGU\",TIPOORCAMENTO=\"Proposto\",LEFT($O$8,5)<>\"(N/D:\",$AG331<>\"\",ORÇAMENTO.CustoUnitario>$AG331),AND(TIPOORCAMENTO=\"LICITADO\",ORÇAMENTO.PrecoUnitarioLicitado>$AN331)),\"ACIMA REF.\",\nIF(AND($C331=\"S\",$P331<>\"\",$Q331<>\"\",$T331=0,$U331>0),\"QUANT.\",\nIF(AND(Import.TipoArredondamento=\"TransfereGOV\",$L331=\"F\",$C331=\"S\",LEN($Q331)>13),\"Código >13\",\nIF(AND(Import.TipoArredondamento=\"TransfereGOV\",$L331=\"F\",$C331<>\"S\",LEN($R331)>100),\"Descrição >100\",\nIF(AND(Import.TipoArredondamento=\"TransfereGOV\",$L331=\"F\",$C331=\"S\",LEN($R331)>500),\"Descrição >500\",\nIF(AND(Import.TipoArredondamento=\"TransfereGOV\",$L331=\"F\",$C331=\"S\",LEFT(TRIM(UPPER($P331)),6)<>\"SINAPI\",ISNA(VLOOKUP(TRIM(UPPER($S331)),ListaTgov.Unidades,1,FALSE))),\"Unid. Não Disp\",\n\" \"))))))))))))))))","v":" "},{"$f":"IF(C331<=CRONO.NivelExibicao,MAX($AD$15:OFFSET(AD331,-1,0))+IF($C331<>1,1,MAX(1,COUNTIF(QCI!$A$13:$A$36,OFFSET($E331,-1,0)))),\"\")","v":""},{"$f":"IF(AND($C331=\"S\",ORÇAMENTO.CodBarra<>\"\"),IF(ORÇAMENTO.Fonte=\"\",ORÇAMENTO.CodBarra,CONCATENATE(ORÇAMENTO.Fonte,\" \",ORÇAMENTO.CodBarra)))","v":"SINAPI 91937"},{"$f":"IF(ISERROR(ORÇAMENTO.BancoRef),\"(abra o arquivo 'Referência \"&Excel_BuiltIn_Database&\".xlsm)\",IF(OR($C331<>\"S\",ORÇAMENTO.CodBarra=\"\"),\"(Sem Código)\",IF(ISERROR(MATCH($AE331,INDIRECT(ORÇAMENTO.BancoRef),0)),\"(Código não identificado nas referências)\",MATCH($AE331,INDIRECT(ORÇAMENTO.BancoRef),0))))","v":10649},{"$f":"ROUND(IF(DESONERACAO=\"sim\",REFERENCIA.Desonerado,REFERENCIA.NaoDesonerado),2)","v":16.82},0.25290000000000001,null,null,null,null,1812.02,{"$f":"ROUND(ORÇAMENTO.CustoUnitario*(1+$AH331),2)","v":21.07}]
["S",2,"S",0,{"$f":"IF($C332=1,OFFSET(E332,-1,0)+MAX(1,COUNTIF(QCI!$A$13:$A$36,OFFSET(ORÇAMENTO!E332,-1,0))),OFFSET(E332,-1,0))","v":17},1,0,0,4,0,{"$f":"IF(OR($C332=\"S\",$C332=0),0,MATCH(OFFSET($D332,0,$C332)+IF($C332<>1,1,COUNTIF(QCI!$A$13:$A$36,ORÇAMENTO!E332)),OFFSET($D332,1,$C332,ROW($C$472)-ROW($C332)),0))","v":0},"F","Serviço","Serviço","17.1.0.4.","SINAPI","92868",{"$f":"IF($C332=\"S\",REFERENCIA.Descricao,\"(digite a descrição aqui)\")","v":"CAIXA RETANGULAR 4\" X 2\" MÉDIA (1,30 M DO PISO), METÁLICA, INSTALADA EM PAREDE - FORNECIMENTO E INSTALAÇÃO. AF_03/2023"},{"$f":"REFERENCIA.Unidade","v":"UN"},{"$f":"OFFSET(CÁLCULO!H$15,ROW($T332)-ROW(T$15),0)","v":5},17.440000000000001,"BDI 1",{"$f":"IF($C332=\"S\",ROUND(IF(TIPOORCAMENTO=\"Proposto\",ORÇAMENTO.CustoUnitario*(1+$AH332),ORÇAMENTO.PrecoUnitarioLicitado),15-13*$AF$10),0)","v":21.85},{"$f":"IF($C332=\"S\",IF(OR(Import.TipoArredondamento<>\"TransfereGOV\",ACOMPANHAMENTO=\"BM\"),VTOTAL1,SUM(OFFSET(CÁLCULO!$AI$15,ROW($X332)-ROW($X$15),1):OFFSET(CÁLCULO!$BB$15,ROW($X332)-ROW($X$15),-1))),IF($C332=0,0,ROUND(SomaAgrup,15-13*$AF$11)))","v":109.25},"RA","RA",{"$f":"IF($C332=\"S\",IF($Z332=\"CP\",$X332,IF($Z332=\"RA\",(($X332)*QCI!$AA$3),0)),SomaAgrup)","v":9.4538071192530548},{"$f":"IF($C332=\"S\",IF($Z332=\"OU\",ROUND($X332,2),0),SomaAgrup)","v":0},{"$f":"IF($N332=\"\",\" \",\nIF(AND($C332<>\"S\",OR($R332=\"\",$R332=\"(digite a descrição aqui)\")),\"DESCRIÇÃO\",\nIF(AND($C332=\"S\",OR($Q332<>\"\",$T332>0,$U332>0),$P332=\"\"),\"FONTE\",\nIF(AND($C332=\"S\",$P332<>\"\",OR($T332>0,$U332>0),$Q332=\"\"),\"CÓDIGO\",\nIF(AND($C332=\"S\",$P332<>\"\",$Q332<>\"\",$R332=\"(Código não identificado nas referências)\"),\"CÓDIGO N/ID\",\nIF(AND($C332=\"S\",OR($R332=\"\",$R332=\"(digite a descrição aqui)\"),OR($Q332<>\"\",$T332>0,$U332>0)),\"DESCRIÇÃO\",\nIF(AND($C332=\"S\",$P332<>\"\",$Q332<>\"\",$S332=\"\"),\"UNIDADE\",\nIF(AND($C332=\"S\",$P332<>\"\",$Q332<>\"\",$U332=0),\"SEM CUSTO\",\nIF(AND(TIPOORCAMENTO=\"Licitado\",$AL332=0,$AN332>0),\"SEM PREÇO\",\nIF(AND($C332=\"S\",$P332<>\"\",$Q332<>\"\",$U332>0,AND($V332<>\"BDI 1\",$V332<>\"BDI 2\",$V332<>\"BDI 3\")),IF(ISNUMBER($V332),\"JUSTIFICAR BDI\",\"BDI\"),\nIF(OR(AND(import.recurso=\"OGU\",TIPOORCAMENTO=\"Proposto\",LEFT($O$8,5)<>\"(N/D:\",$AG332<>\"\",ORÇAMENTO.CustoUnitario>$AG332),AND(TIPOORCAMENTO=\"LICITADO\",ORÇAMENTO.PrecoUnitarioLicitado>$AN332)),\"ACIMA REF.\",\nIF(AND($C332=\"S\",$P332<>\"\",$Q332<>\"\",$T332=0,$U332>0),\"QUANT.\",\nIF(AND(Import.TipoArredondamento=\"TransfereGOV\",$L332=\"F\",$C332=\"S\",LEN($Q332)>13),\"Código >13\",\nIF(AND(Import.TipoArredondamento=\"TransfereGOV\",$L332=\"F\",$C332<>\"S\",LEN($R332)>100),\"Descrição >100\",\nIF(AND(Import.TipoArredondamento=\"TransfereGOV\",$L332=\"F\",$C332=\"S\",LEN($R332)>500),\"Descrição >500\",\nIF(AND(Import.TipoArredondamento=\"TransfereGOV\",$L332=\"F\",$C332=\"S\",LEFT(TRIM(UPPER($P332)),6)<>\"SINAPI\",ISNA(VLOOKUP(TRIM(UPPER($S332)),ListaTgov.Unidades,1,FALSE))),\"Unid. Não Disp\",\n\" \"))))))))))))))))","v":" "},{"$f":"IF(C332<=CRONO.NivelExibicao,MAX($AD$15:OFFSET(AD332,-1,0))+IF($C332<>1,1,MAX(1,COUNTIF(QCI!$A$13:$A$36,OFFSET($E332,-1,0)))),\"\")","v":""},{"$f":"IF(AND($C332=\"S\",ORÇAMENTO.CodBarra<>\"\"),IF(ORÇAMENTO.Fonte=\"\",ORÇAMENTO.CodBarra,CONCATENATE(ORÇAMENTO.Fonte,\" \",ORÇAMENTO.CodBarra)))","v":"SINAPI 92868"},{"$f":"IF(ISERROR(ORÇAMENTO.BancoRef),\"(abra o arquivo 'Referência \"&Excel_BuiltIn_Database&\".xlsm)\",IF(OR($C332<>\"S\",ORÇAMENTO.CodBarra=\"\"),\"(Sem Código)\",IF(ISERROR(MATCH($AE332,INDIRECT(ORÇAMENTO.BancoRef),0)),\"(Código não identificado nas referências)\",MATCH($AE332,INDIRECT(ORÇAMENTO.BancoRef),0))))","v":10656},{"$f":"ROUND(IF(DESONERACAO=\"sim\",REFERENCIA.Desonerado,REFERENCIA.NaoDesonerado),2)","v":17.440000000000001},0.25290000000000001,null,null,null,null,109.25,{"$f":"ROUND(ORÇAMENTO.CustoUnitario*(1+$AH332),2)","v":21.85}]
["S",2,"S",0,{"$f":"IF($C333=1,OFFSET(E333,-1,0)+MAX(1,COUNTIF(QCI!$A$13:$A$36,OFFSET(ORÇAMENTO!E333,-1,0))),OFFSET(E333,-1,0))","v":17},1,0,0,5,0,{"$f":"IF(OR($C333=\"S\",$C333=0),0,MATCH(OFFSET($D333,0,$C333)+IF($C333<>1,1,COUNTIF(QCI!$A$13:$A$36,ORÇAMENTO!E333)),OFFSET($D333,1,$C333,ROW($C$472)-ROW($C333)),0))","v":0},"F","Serviço","Serviço","17.1.0.5.","SINAPI","91920",{"$f":"IF($C333=\"S\",REFERENCIA.Descricao,\"(digite a descrição aqui)\")","v":"CURVA 90 GRAUS PARA ELETRODUTO, PVC, ROSCÁVEL, DN 40 MM (1 1/4\"), PARA CIRCUITOS TERMINAIS, INSTALADA EM PAREDE - FORNECIMENTO E INSTALAÇÃO. AF_03/2023"},{"$f":"REFERENCIA.Unidade","v":"UN"},{"$f":"OFFSET(CÁLCULO!H$15,ROW($T333)-ROW(T$15),0)","v":1},24.88,"BDI 1",{"$f":"IF($C333=\"S\",ROUND(IF(TIPOORCAMENTO=\"Proposto\",ORÇAMENTO.CustoUnitario*(1+$AH333),ORÇAMENTO.PrecoUnitarioLicitado),15-13*$AF$10),0)","v":31.17},{"$f":"IF($C333=\"S\",IF(OR(Import.TipoArredondamento<>\"TransfereGOV\",ACOMPANHAMENTO=\"BM\"),VTOTAL1,SUM(OFFSET(CÁLCULO!$AI$15,ROW($X333)-ROW($X$15),1):OFFSET(CÁLCULO!$BB$15,ROW($X333)-ROW($X$15),-1))),IF($C333=0,0,ROUND(SomaAgrup,15-13*$AF$11)))","v":31.17},"RA","RA",{"$f":"IF($C333=\"S\",IF($Z333=\"CP\",$X333,IF($Z333=\"RA\",(($X333)*QCI!$AA$3),0)),SomaAgrup)","v":2.6972555414839152},{"$f":"IF($C333=\"S\",IF($Z333=\"OU\",ROUND($X333,2),0),SomaAgrup)","v":0},{"$f":"IF($N333=\"\",\" \",\nIF(AND($C333<>\"S\",OR($R333=\"\",$R333=\"(digite a descrição aqui)\")),\"DESCRIÇÃO\",\nIF(AND($C333=\"S\",OR($Q333<>\"\",$T333>0,$U333>0),$P333=\"\"),\"FONTE\",\nIF(AND($C333=\"S\",$P333<>\"\",OR($T333>0,$U333>0),$Q333=\"\"),\"CÓDIGO\",\nIF(AND($C333=\"S\",$P333<>\"\",$Q333<>\"\",$R333=\"(Código não identificado nas referências)\"),\"CÓDIGO N/ID\",\nIF(AND($C333=\"S\",OR($R333=\"\",$R333=\"(digite a descrição aqui)\"),OR($Q333<>\"\",$T333>0,$U333>0)),\"DESCRIÇÃO\",\nIF(AND($C333=\"S\",$P333<>\"\",$Q333<>\"\",$S333=\"\"),\"UNIDADE\",\nIF(AND($C333=\"S\",$P333<>\"\",$Q333<>\"\",$U333=0),\"SEM CUSTO\",\nIF(AND(TIPOORCAMENTO=\"Licitado\",$AL333=0,$AN333>0),\"SEM PREÇO\",\nIF(AND($C333=\"S\",$P333<>\"\",$Q333<>\"\",$U333>0,AND($V333<>\"BDI 1\",$V333<>\"BDI 2\",$V333<>\"BDI 3\")),IF(ISNUMBER($V333),\"JUSTIFICAR BDI\",\"BDI\"),\nIF(OR(AND(import.recurso=\"OGU\",TIPOORCAMENTO=\"Proposto\",LEFT($O$8,5)<>\"(N/D:\",$AG333<>\"\",ORÇAMENTO.CustoUnitario>$AG333),AND(TIPOORCAMENTO=\"LICITADO\",ORÇAMENTO.PrecoUnitarioLicitado>$AN333)),\"ACIMA REF.\",\nIF(AND($C333=\"S\",$P333<>\"\",$Q333<>\"\",$T333=0,$U333>0),\"QUANT.\",\nIF(AND(Import.TipoArredondamento=\"TransfereGOV\",$L333=\"F\",$C333=\"S\",LEN($Q333)>13),\"Código >13\",\nIF(AND(Import.TipoArredondamento=\"TransfereGOV\",$L333=\"F\",$C333<>\"S\",LEN($R333)>100),\"Descrição >100\",\nIF(AND(Import.TipoArredondamento=\"TransfereGOV\",$L333=\"F\",$C333=\"S\",LEN($R333)>500),\"Descrição >500\",\nIF(AND(Import.TipoArredondamento=\"TransfereGOV\",$L333=\"F\",$C333=\"S\",LEFT(TRIM(UPPER($P333)),6)<>\"SINAPI\",ISNA(VLOOKUP(TRIM(UPPER($S333)),ListaTgov.Unidades,1,FALSE))),\"Unid. Não Disp\",\n\" \"))))))))))))))))","v":" "},{"$f":"IF(C333<=CRONO.NivelExibicao,MAX($AD$15:OFFSET(AD333,-1,0))+IF($C333<>1,1,MAX(1,COUNTIF(QCI!$A$13:$A$36,OFFSET($E333,-1,0)))),\"\")","v":""},{"$f":"IF(AND($C333=\"S\",ORÇAMENTO.CodBarra<>\"\"),IF(ORÇAMENTO.Fonte=\"\",ORÇAMENTO.CodBarra,CONCATENATE(ORÇAMENTO.Fonte,\" \",ORÇAMENTO.CodBarra)))","v":"SINAPI 91920"},{"$f":"IF(ISERROR(ORÇAMENTO.BancoRef),\"(abra o arquivo 'Referência \"&Excel_BuiltIn_Database&\".xlsm)\",IF(OR($C333<>\"S\",ORÇAMENTO.CodBarra=\"\"),\"(Sem Código)\",IF(ISERROR(MATCH($AE333,INDIRECT(ORÇAMENTO.BancoRef),0)),\"(Código não identificado nas referências)\",MATCH($AE333,INDIRECT(ORÇAMENTO.BancoRef),0))))","v":10693},{"$f":"ROUND(IF(DESONERACAO=\"sim\",REFERENCIA.Desonerado,REFERENCIA.NaoDesonerado),2)","v":24.88},0.25290000000000001,null,null,null,null,31.17,{"$f":"ROUND(ORÇAMENTO.CustoUnitario*(1+$AH333),2)","v":31.17}]
["S",2,"S",0,{"$f":"IF($C334=1,OFFSET(E334,-1,0)+MAX(1,COUNTIF(QCI!$A$13:$A$36,OFFSET(ORÇAMENTO!E334,-1,0))),OFFSET(E334,-1,0))","v":17},1,0,0,6,0,{"$f":"IF(OR($C334=\"S\",$C334=0),0,MATCH(OFFSET($D334,0,$C334)+IF($C334<>1,1,COUNTIF(QCI!$A$13:$A$36,ORÇAMENTO!E334)),OFFSET($D334,1,$C334,ROW($C$472)-ROW($C334)),0))","v":0},"F","Serviço","Serviço","17.1.0.6.","Composição","COMP85",{"$f":"IF($C334=\"S\",REFERENCIA.Descricao,\"(digite a descrição aqui)\")","v":"ARRUELA LISA ZINCADA D=1/4\""},{"$f":"REFERENCIA.Unidade","v":"UN"},{"$f":"OFFSET(CÁLCULO!H$15,ROW($T334)-ROW(T$15),0)","v":185},0.55000000000000004,"BDI 1",{"$f":"IF($C334=\"S\",ROUND(IF(TIPOORCAMENTO=\"Proposto\",ORÇAMENTO.CustoUnitario*(1+$AH334),ORÇAMENTO.PrecoUnitarioLicitado),15-13*$AF$10),0)","v":0.69},{"$f":"IF($C334=\"S\",IF(OR(Import.TipoArredondamento<>\"TransfereGOV\",ACOMPANHAMENTO=\"BM\"),VTOTAL1,SUM(OFFSET(CÁLCULO!$AI$15,ROW($X334)-ROW($X$15),1):OFFSET(CÁLCULO!$BB$15,ROW($X334)-ROW($X$15),-1))),IF($C334=0,0,ROUND(SomaAgrup,15-13*$AF$11)))","v":127.65},"RA","RA",{"$f":"IF($C334=\"S\",IF($Z334=\"CP\",$X334,IF($Z334=\"RA\",(($X334)*QCI!$AA$3),0)),SomaAgrup)","v":11.046027265653571},{"$f":"IF($C334=\"S\",IF($Z334=\"OU\",ROUND($X334,2),0),SomaAgrup)","v":0},{"$f":"IF($N334=\"\",\" \",\nIF(AND($C334<>\"S\",OR($R334=\"\",$R334=\"(digite a descrição aqui)\")),\"DESCRIÇÃO\",\nIF(AND($C334=\"S\",OR($Q334<>\"\",$T334>0,$U334>0),$P334=\"\"),\"FONTE\",\nIF(AND($C334=\"S\",$P334<>\"\",OR($T334>0,$U334>0),$Q334=\"\"),\"CÓDIGO\",\nIF(AND($C334=\"S\",$P334<>\"\",$Q334<>\"\",$R334=\"(Código não identificado nas referências)\"),\"CÓDIGO N/ID\",\nIF(AND($C334=\"S\",OR($R334=\"\",$R334=\"(digite a descrição aqui)\"),OR($Q334<>\"\",$T334>0,$U334>0)),\"DESCRIÇÃO\",\nIF(AND($C334=\"S\",$P334<>\"\",$Q334<>\"\",$S334=\"\"),\"UNIDADE\",\nIF(AND($C334=\"S\",$P334<>\"\",$Q334<>\"\",$U334=0),\"SEM CUSTO\",\nIF(AND(TIPOORCAMENTO=\"Licitado\",$AL334=0,$AN334>0),\"SEM PREÇO\",\nIF(AND($C334=\"S\",$P334<>\"\",$Q334<>\"\",$U334>0,AND($V334<>\"BDI 1\",$V334<>\"BDI 2\",$V334<>\"BDI 3\")),IF(ISNUMBER($V334),\"JUSTIFICAR BDI\",\"BDI\"),\nIF(OR(AND(import.recurso=\"OGU\",TIPOORCAMENTO=\"Proposto\",LEFT($O$8,5)<>\"(N/D:\",$AG334<>\"\",ORÇAMENTO.CustoUnitario>$AG334),AND(TIPOORCAMENTO=\"LICITADO\",ORÇAMENTO.PrecoUnitarioLicitado>$AN334)),\"ACIMA REF.\",\nIF(AND($C334=\"S\",$P334<>\"\",$Q334<>\"\",$T334=0,$U334>0),\"QUANT.\",\nIF(AND(Import.TipoArredondamento=\"TransfereGOV\",$L334=\"F\",$C334=\"S\",LEN($Q334)>13),\"Código >13\",\nIF(AND(Import.TipoArredondamento=\"TransfereGOV\",$L334=\"F\",$C334<>\"S\",LEN($R334)>100),\"Descrição >100\",\nIF(AND(Import.TipoArredondamento=\"TransfereGOV\",$L334=\"F\",$C334=\"S\",LEN($R334)>500),\"Descrição >500\",\nIF(AND(Import.TipoArredondamento=\"TransfereGOV\",$L334=\"F\",$C334=\"S\",LEFT(TRIM(UPPER($P334)),6)<>\"SINAPI\",ISNA(VLOOKUP(TRIM(UPPER($S334)),ListaTgov.Unidades,1,FALSE))),\"Unid. Não Disp\",\n\" \"))))))))))))))))","v":" "},{"$f":"IF(C334<=CRONO.NivelExibicao,MAX($AD$15:OFFSET(AD334,-1,0))+IF($C334<>1,1,MAX(1,COUNTIF(QCI!$A$13:$A$36,OFFSET($E334,-1,0)))),\"\")","v":""},{"$f":"IF(AND($C334=\"S\",ORÇAMENTO.CodBarra<>\"\"),IF(ORÇAMENTO.Fonte=\"\",ORÇAMENTO.CodBarra,CONCATENATE(ORÇAMENTO.Fonte,\" \",ORÇAMENTO.CodBarra)))","v":"Composição COMP85"},{"$f":"IF(ISERROR(ORÇAMENTO.BancoRef),\"(abra o arquivo 'Referência \"&Excel_BuiltIn_Database&\".xlsm)\",IF(OR($C334<>\"S\",ORÇAMENTO.CodBarra=\"\"),\"(Sem Código)\",IF(ISERROR(MATCH($AE334,INDIRECT(ORÇAMENTO.BancoRef),0)),\"(Código não identificado nas referências)\",MATCH($AE334,INDIRECT(ORÇAMENTO.BancoRef),0))))","v":87},{"$f":"ROUND(IF(DESONERACAO=\"sim\",REFERENCIA.Desonerado,REFERENCIA.NaoDesonerado),2)","v":0.55000000000000004},0.25290000000000001,null,null,null,null,127.65,{"$f":"ROUND(ORÇAMENTO.CustoUnitario*(1+$AH334),2)","v":0.69}]
["S",2,"S",0,{"$f":"IF($C335=1,OFFSET(E335,-1,0)+MAX(1,COUNTIF(QCI!$A$13:$A$36,OFFSET(ORÇAMENTO!E335,-1,0))),OFFSET(E335,-1,0))","v":17},1,0,0,7,0,{"$f":"IF(OR($C335=\"S\",$C335=0),0,MATCH(OFFSET($D335,0,$C335)+IF($C335<>1,1,COUNTIF(QCI!$A$13:$A$36,ORÇAMENTO!E335)),OFFSET($D335,1,$C335,ROW($C$472)-ROW($C335)),0))","v":0},"F","Serviço","Serviço","17.1.0.7.","Composição","COMP86",{"$f":"IF($C335=\"S\",REFERENCIA.Descricao,\"(digite a descrição aqui)\")","v":"LEITOS - PORCA E ARRUELA 3/8\""},{"$f":"REFERENCIA.Unidade","v":"UN"},{"$f":"OFFSET(CÁLCULO!H$15,ROW($T335)-ROW(T$15),0)","v":22},6.17,"BDI 1",{"$f":"IF($C335=\"S\",ROUND(IF(TIPOORCAMENTO=\"Proposto\",ORÇAMENTO.CustoUnitario*(1+$AH335),ORÇAMENTO.PrecoUnitarioLicitado),15-13*$AF$10),0)","v":7.73},{"$f":"IF($C335=\"S\",IF(OR(Import.TipoArredondamento<>\"TransfereGOV\",ACOMPANHAMENTO=\"BM\"),VTOTAL1,SUM(OFFSET(CÁLCULO!$AI$15,ROW($X335)-ROW($X$15),1):OFFSET(CÁLCULO!$BB$15,ROW($X335)-ROW($X$15),-1))),IF($C335=0,0,ROUND(SomaAgrup,15-13*$AF$11)))","v":170.06},"RA","RA",{"$f":"IF($C335=\"S\",IF($Z335=\"CP\",$X335,IF($Z335=\"RA\",(($X335)*QCI!$AA$3),0)),SomaAgrup)","v":14.715921635699539},{"$f":"IF($C335=\"S\",IF($Z335=\"OU\",ROUND($X335,2),0),SomaAgrup)","v":0},{"$f":"IF($N335=\"\",\" \",\nIF(AND($C335<>\"S\",OR($R335=\"\",$R335=\"(digite a descrição aqui)\")),\"DESCRIÇÃO\",\nIF(AND($C335=\"S\",OR($Q335<>\"\",$T335>0,$U335>0),$P335=\"\"),\"FONTE\",\nIF(AND($C335=\"S\",$P335<>\"\",OR($T335>0,$U335>0),$Q335=\"\"),\"CÓDIGO\",\nIF(AND($C335=\"S\",$P335<>\"\",$Q335<>\"\",$R335=\"(Código não identificado nas referências)\"),\"CÓDIGO N/ID\",\nIF(AND($C335=\"S\",OR($R335=\"\",$R335=\"(digite a descrição aqui)\"),OR($Q335<>\"\",$T335>0,$U335>0)),\"DESCRIÇÃO\",\nIF(AND($C335=\"S\",$P335<>\"\",$Q335<>\"\",$S335=\"\"),\"UNIDADE\",\nIF(AND($C335=\"S\",$P335<>\"\",$Q335<>\"\",$U335=0),\"SEM CUSTO\",\nIF(AND(TIPOORCAMENTO=\"Licitado\",$AL335=0,$AN335>0),\"SEM PREÇO\",\nIF(AND($C335=\"S\",$P335<>\"\",$Q335<>\"\",$U335>0,AND($V335<>\"BDI 1\",$V335<>\"BDI 2\",$V335<>\"BDI 3\")),IF(ISNUMBER($V335),\"JUSTIFICAR BDI\",\"BDI\"),\nIF(OR(AND(import.recurso=\"OGU\",TIPOORCAMENTO=\"Proposto\",LEFT($O$8,5)<>\"(N/D:\",$AG335<>\"\",ORÇAMENTO.CustoUnitario>$AG335),AND(TIPOORCAMENTO=\"LICITADO\",ORÇAMENTO.PrecoUnitarioLicitado>$AN335)),\"ACIMA REF.\",\nIF(AND($C335=\"S\",$P335<>\"\",$Q335<>\"\",$T335=0,$U335>0),\"QUANT.\",\nIF(AND(Import.TipoArredondamento=\"TransfereGOV\",$L335=\"F\",$C335=\"S\",LEN($Q335)>13),\"Código >13\",\nIF(AND(Import.TipoArredondamento=\"TransfereGOV\",$L335=\"F\",$C335<>\"S\",LEN($R335)>100),\"Descrição >100\",\nIF(AND(Import.TipoArredondamento=\"TransfereGOV\",$L335=\"F\",$C335=\"S\",LEN($R335)>500),\"Descrição >500\",\nIF(AND(Import.TipoArredondamento=\"TransfereGOV\",$L335=\"F\",$C335=\"S\",LEFT(TRIM(UPPER($P335)),6)<>\"SINAPI\",ISNA(VLOOKUP(TRIM(UPPER($S335)),ListaTgov.Unidades,1,FALSE))),\"Unid. Não Disp\",\n\" \"))))))))))))))))","v":" "},{"$f":"IF(C335<=CRONO.NivelExibicao,MAX($AD$15:OFFSET(AD335,-1,0))+IF($C335<>1,1,MAX(1,COUNTIF(QCI!$A$13:$A$36,OFFSET($E335,-1,0)))),\"\")","v":""},{"$f":"IF(AND($C335=\"S\",ORÇAMENTO.CodBarra<>\"\"),IF(ORÇAMENTO.Fonte=\"\",ORÇAMENTO.CodBarra,CONCATENATE(ORÇAMENTO.Fonte,\" \",ORÇAMENTO.CodBarra)))","v":"Composição COMP86"},{"$f":"IF(ISERROR(ORÇAMENTO.BancoRef),\"(abra o arquivo 'Referência \"&Excel_BuiltIn_Database&\".xlsm)\",IF(OR($C335<>\"S\",ORÇAMENTO.CodBarra=\"\"),\"(Sem Código)\",IF(ISERROR(MATCH($AE335,INDIRECT(ORÇAMENTO.BancoRef),0)),\"(Código não identificado nas referências)\",MATCH($AE335,INDIRECT(ORÇAMENTO.BancoRef),0))))","v":88},{"$f":"ROUND(IF(DESONERACAO=\"sim\",REFERENCIA.Desonerado,REFERENCIA.NaoDesonerado),2)","v":6.17},0.25290000000000001,null,null,null,null,170.06,{"$f":"ROUND(ORÇAMENTO.CustoUnitario*(1+$AH335),2)","v":7.73}]
["S",2,"S",0,{"$f":"IF($C336=1,OFFSET(E336,-1,0)+MAX(1,COUNTIF(QCI!$A$13:$A$36,OFFSET(ORÇAMENTO!E336,-1,0))),OFFSET(E336,-1,0))","v":17},1,0,0,8,{"$f":"IF(OR($C336=\"S\",$C336=0),0,MATCH(0,OFFSET($D336,1,$C336,ROW($C$472)-ROW($C336)),0))","v":0},{"$f":"IF(OR($C336=\"S\",$C336=0),0,MATCH(OFFSET($D336,0,$C336)+IF($C336<>1,1,COUNTIF(QCI!$A$13:$A$36,ORÇAMENTO!E336)),OFFSET($D336,1,$C336,ROW($C$472)-ROW($C336)),0))","v":0},"F","Serviço","Serviço","17.1.0.8.","Composição","COMP87",{"$f":"IF($C336=\"S\",REFERENCIA.Descricao,\"(digite a descrição aqui)\")","v":"CHUMBADOR CB 3/8\"x2.1/2\"+ PARAFUSO"},{"$f":"REFERENCIA.Unidade","v":"UN"},{"$f":"OFFSET(CÁLCULO!H$15,ROW($T336)-ROW(T$15),0)","v":22},10.98,"BDI 1",{"$f":"IF($C336=\"S\",ROUND(IF(TIPOORCAMENTO=\"Proposto\",ORÇAMENTO.CustoUnitario*(1+$AH336),ORÇAMENTO.PrecoUnitarioLicitado),15-13*$AF$10),0)","v":13.76},{"$f":"IF($C336=\"S\",IF(OR(Import.TipoArredondamento<>\"TransfereGOV\",ACOMPANHAMENTO=\"BM\"),VTOTAL1,SUM(OFFSET(CÁLCULO!$AI$15,ROW($X336)-ROW($X$15),1):OFFSET(CÁLCULO!$BB$15,ROW($X336)-ROW($X$15),-1))),IF($C336=0,0,ROUND(SomaAgrup,15-13*$AF$11)))","v":302.72000000000003},"RA","RA",{"$f":"IF($C336=\"S\",IF($Z336=\"CP\",$X336,IF($Z336=\"RA\",(($X336)*QCI!$AA$3),0)),SomaAgrup)","v":26.195482756432817},{"$f":"IF($C336=\"S\",IF($Z336=\"OU\",ROUND($X336,2),0),SomaAgrup)","v":0},{"$f":"IF($N336=\"\",\" \",\nIF(AND($C336<>\"S\",OR($R336=\"\",$R336=\"(digite a descrição aqui)\")),\"DESCRIÇÃO\",\nIF(AND($C336=\"S\",OR($Q336<>\"\",$T336>0,$U336>0),$P336=\"\"),\"FONTE\",\nIF(AND($C336=\"S\",$P336<>\"\",OR($T336>0,$U336>0),$Q336=\"\"),\"CÓDIGO\",\nIF(AND($C336=\"S\",$P336<>\"\",$Q336<>\"\",$R336=\"(Código não identificado nas referências)\"),\"CÓDIGO N/ID\",\nIF(AND($C336=\"S\",OR($R336=\"\",$R336=\"(digite a descrição aqui)\"),OR($Q336<>\"\",$T336>0,$U336>0)),\"DESCRIÇÃO\",\nIF(AND($C336=\"S\",$P336<>\"\",$Q336<>\"\",$S336=\"\"),\"UNIDADE\",\nIF(AND($C336=\"S\",$P336<>\"\",$Q336<>\"\",$U336=0),\"SEM CUSTO\",\nIF(AND(TIPOORCAMENTO=\"Licitado\",$AL336=0,$AN336>0),\"SEM PREÇO\",\nIF(AND($C336=\"S\",$P336<>\"\",$Q336<>\"\",$U336>0,AND($V336<>\"BDI 1\",$V336<>\"BDI 2\",$V336<>\"BDI 3\")),IF(ISNUMBER($V336),\"JUSTIFICAR BDI\",\"BDI\"),\nIF(OR(AND(import.recurso=\"OGU\",TIPOORCAMENTO=\"Proposto\",LEFT($O$8,5)<>\"(N/D:\",$AG336<>\"\",ORÇAMENTO.CustoUnitario>$AG336),AND(TIPOORCAMENTO=\"LICITADO\",ORÇAMENTO.PrecoUnitarioLicitado>$AN336)),\"ACIMA REF.\",\nIF(AND($C336=\"S\",$P336<>\"\",$Q336<>\"\",$T336=0,$U336>0),\"QUANT.\",\nIF(AND(Import.TipoArredondamento=\"TransfereGOV\",$L336=\"F\",$C336=\"S\",LEN($Q336)>13),\"Código >13\",\nIF(AND(Import.TipoArredondamento=\"TransfereGOV\",$L336=\"F\",$C336<>\"S\",LEN($R336)>100),\"Descrição >100\",\nIF(AND(Import.TipoArredondamento=\"TransfereGOV\",$L336=\"F\",$C336=\"S\",LEN($R336)>500),\"Descrição >500\",\nIF(AND(Import.TipoArredondamento=\"TransfereGOV\",$L336=\"F\",$C336=\"S\",LEFT(TRIM(UPPER($P336)),6)<>\"SINAPI\",ISNA(VLOOKUP(TRIM(UPPER($S336)),ListaTgov.Unidades,1,FALSE))),\"Unid. Não Disp\",\n\" \"))))))))))))))))","v":" "},{"$f":"IF(C336<=CRONO.NivelExibicao,MAX($AD$15:OFFSET(AD336,-1,0))+IF($C336<>1,1,MAX(1,COUNTIF(QCI!$A$13:$A$36,OFFSET($E336,-1,0)))),\"\")","v":""},{"$f":"IF(AND($C336=\"S\",ORÇAMENTO.CodBarra<>\"\"),IF(ORÇAMENTO.Fonte=\"\",ORÇAMENTO.CodBarra,CONCATENATE(ORÇAMENTO.Fonte,\" \",ORÇAMENTO.CodBarra)))","v":"Composição COMP87"},{"$f":"IF(ISERROR(ORÇAMENTO.BancoRef),\"(abra o arquivo 'Referência \"&Excel_BuiltIn_Database&\".xlsm)\",IF(OR($C336<>\"S\",ORÇAMENTO.CodBarra=\"\"),\"(Sem Código)\",IF(ISERROR(MATCH($AE336,INDIRECT(ORÇAMENTO.BancoRef),0)),\"(Código não identificado nas referências)\",MATCH($AE336,INDIRECT(ORÇAMENTO.BancoRef),0))))","v":89},{"$f":"ROUND(IF(DESONERACAO=\"sim\",REFERENCIA.Desonerado,REFERENCIA.NaoDesonerado),2)","v":10.98},0.25290000000000001,null,null,null,null,302.72000000000003,{"$f":"ROUND(ORÇAMENTO.CustoUnitario*(1+$AH336),2)","v":13.76}]
["S",2,"S",0,{"$f":"IF($C337=1,OFFSET(E337,-1,0)+MAX(1,COUNTIF(QCI!$A$13:$A$36,OFFSET(ORÇAMENTO!E337,-1,0))),OFFSET(E337,-1,0))","v":17},1,0,0,9,0,{"$f":"IF(OR($C337=\"S\",$C337=0),0,MATCH(OFFSET($D337,0,$C337)+IF($C337<>1,1,COUNTIF(QCI!$A$13:$A$36,ORÇAMENTO!E337)),OFFSET($D337,1,$C337,ROW($C$472)-ROW($C337)),0))","v":0},"F","Serviço","Serviço","17.1.0.9.","Composição","COMP88",{"$f":"IF($C337=\"S\",REFERENCIA.Descricao,\"(digite a descrição aqui)\")","v":"PARAFUSO LENTILHA 42x13MM COM PORCA E ARRUELA"},{"$f":"REFERENCIA.Unidade","v":"UN"},{"$f":"OFFSET(CÁLCULO!H$15,ROW($T337)-ROW(T$15),0)","v":104},1.63,"BDI 1",{"$f":"IF($C337=\"S\",ROUND(IF(TIPOORCAMENTO=\"Proposto\",ORÇAMENTO.CustoUnitario*(1+$AH337),ORÇAMENTO.PrecoUnitarioLicitado),15-13*$AF$10),0)","v":2.04},{"$f":"IF($C337=\"S\",IF(OR(Import.TipoArredondamento<>\"TransfereGOV\",ACOMPANHAMENTO=\"BM\"),VTOTAL1,SUM(OFFSET(CÁLCULO!$AI$15,ROW($X337)-ROW($X$15),1):OFFSET(CÁLCULO!$BB$15,ROW($X337)-ROW($X$15),-1))),IF($C337=0,0,ROUND(SomaAgrup,15-13*$AF$11)))","v":212.16},"RA","RA",{"$f":"IF($C337=\"S\",IF($Z337=\"CP\",$X337,IF($Z337=\"RA\",(($X337)*QCI!$AA$3),0)),SomaAgrup)","v":18.358990557626804},{"$f":"IF($C337=\"S\",IF($Z337=\"OU\",ROUND($X337,2),0),SomaAgrup)","v":0},{"$f":"IF($N337=\"\",\" \",\nIF(AND($C337<>\"S\",OR($R337=\"\",$R337=\"(digite a descrição aqui)\")),\"DESCRIÇÃO\",\nIF(AND($C337=\"S\",OR($Q337<>\"\",$T337>0,$U337>0),$P337=\"\"),\"FONTE\",\nIF(AND($C337=\"S\",$P337<>\"\",OR($T337>0,$U337>0),$Q337=\"\"),\"CÓDIGO\",\nIF(AND($C337=\"S\",$P337<>\"\",$Q337<>\"\",$R337=\"(Código não identificado nas referências)\"),\"CÓDIGO N/ID\",\nIF(AND($C337=\"S\",OR($R337=\"\",$R337=\"(digite a descrição aqui)\"),OR($Q337<>\"\",$T337>0,$U337>0)),\"DESCRIÇÃO\",\nIF(AND($C337=\"S\",$P337<>\"\",$Q337<>\"\",$S337=\"\"),\"UNIDADE\",\nIF(AND($C337=\"S\",$P337<>\"\",$Q337<>\"\",$U337=0),\"SEM CUSTO\",\nIF(AND(TIPOORCAMENTO=\"Licitado\",$AL337=0,$AN337>0),\"SEM PREÇO\",\nIF(AND($C337=\"S\",$P337<>\"\",$Q337<>\"\",$U337>0,AND($V337<>\"BDI 1\",$V337<>\"BDI 2\",$V337<>\"BDI 3\")),IF(ISNUMBER($V337),\"JUSTIFICAR BDI\",\"BDI\"),\nIF(OR(AND(import.recurso=\"OGU\",TIPOORCAMENTO=\"Proposto\",LEFT($O$8,5)<>\"(N/D:\",$AG337<>\"\",ORÇAMENTO.CustoUnitario>$AG337),AND(TIPOORCAMENTO=\"LICITADO\",ORÇAMENTO.PrecoUnitarioLicitado>$AN337)),\"ACIMA REF.\",\nIF(AND($C337=\"S\",$P337<>\"\",$Q337<>\"\",$T337=0,$U337>0),\"QUANT.\",\nIF(AND(Import.TipoArredondamento=\"TransfereGOV\",$L337=\"F\",$C337=\"S\",LEN($Q337)>13),\"Código >13\",\nIF(AND(Import.TipoArredondamento=\"TransfereGOV\",$L337=\"F\",$C337<>\"S\",LEN($R337)>100),\"Descrição >100\",\nIF(AND(Import.TipoArredondamento=\"TransfereGOV\",$L337=\"F\",$C337=\"S\",LEN($R337)>500),\"Descrição >500\",\nIF(AND(Import.TipoArredondamento=\"TransfereGOV\",$L337=\"F\",$C337=\"S\",LEFT(TRIM(UPPER($P337)),6)<>\"SINAPI\",ISNA(VLOOKUP(TRIM(UPPER($S337)),ListaTgov.Unidades,1,FALSE))),\"Unid. Não Disp\",\n\" \"))))))))))))))))","v":" "},{"$f":"IF(C337<=CRONO.NivelExibicao,MAX($AD$15:OFFSET(AD337,-1,0))+IF($C337<>1,1,MAX(1,COUNTIF(QCI!$A$13:$A$36,OFFSET($E337,-1,0)))),\"\")","v":""},{"$f":"IF(AND($C337=\"S\",ORÇAMENTO.CodBarra<>\"\"),IF(ORÇAMENTO.Fonte=\"\",ORÇAMENTO.CodBarra,CONCATENATE(ORÇAMENTO.Fonte,\" \",ORÇAMENTO.CodBarra)))","v":"Composição COMP88"},{"$f":"IF(ISERROR(ORÇAMENTO.BancoRef),\"(abra o arquivo 'Referência \"&Excel_BuiltIn_Database&\".xlsm)\",IF(OR($C337<>\"S\",ORÇAMENTO.CodBarra=\"\"),\"(Sem Código)\",IF(ISERROR(MATCH($AE337,INDIRECT(ORÇAMENTO.BancoRef),0)),\"(Código não identificado nas referências)\",MATCH($AE337,INDIRECT(ORÇAMENTO.BancoRef),0))))","v":90},{"$f":"ROUND(IF(DESONERACAO=\"sim\",REFERENCIA.Desonerado,REFERENCIA.NaoDesonerado),2)","v":1.63},0.25290000000000001,null,null,null,null,212.16,{"$f":"ROUND(ORÇAMENTO.CustoUnitario*(1+$AH337),2)","v":2.04}]
["S",{"$f":"IF(OR(C338=\"s\",C338=0),OFFSET(B338,-1,0),C338)","v":2},{"$f":"IF(OFFSET(C338,-1,0)=\"L\",1,IF(OFFSET(C338,-1,0)=1,2,IF(OR(A338=\"s\",A338=0),\"S\",IF(AND(OFFSET(C338,-1,0)=2,A338=4),3,IF(AND(OR(OFFSET(C338,-1,0)=\"s\",OFFSET(C338,-1,0)=0),A338<>\"s\",A338>OFFSET(B338,-1,0)),OFFSET(B338,-1,0),A338)))))","v":"S"},{"$f":"IF(OR(C338=\"S\",C338=0),0,IF(ISERROR(K338),J338,SMALL(J338:K338,1)))","v":0},{"$f":"IF($C338=1,OFFSET(E338,-1,0)+MAX(1,COUNTIF(QCI!$A$13:$A$36,OFFSET(ORÇAMENTO!E338,-1,0))),OFFSET(E338,-1,0))","v":17},{"$f":"IF($C338=1,0,IF($C338=2,OFFSET(F338,-1,0)+1,OFFSET(F338,-1,0)))","v":1},{"$f":"IF(AND($C338<=2,$C338<>0),0,IF($C338=3,OFFSET(G338,-1,0)+1,OFFSET(G338,-1,0)))","v":0},{"$f":"IF(AND($C338<=3,$C338<>0),0,IF($C338=4,OFFSET(H338,-1,0)+1,OFFSET(H338,-1,0)))","v":0},{"$f":"IF(AND($C338<=4,$C338<>0),0,IF(AND($C338=\"S\",$X338>0),OFFSET(I338,-1,0)+1,OFFSET(I338,-1,0)))","v":10},0,{"$f":"IF(OR($C338=\"S\",$C338=0),0,MATCH(OFFSET($D338,0,$C338)+IF($C338<>1,1,COUNTIF(QCI!$A$13:$A$36,ORÇAMENTO!E338)),OFFSET($D338,1,$C338,ROW($C$472)-ROW($C338)),0))","v":0},{"$f":"IF(OR($X338>0,$C338=1,$C338=2,$C338=3,$C338=4),\"F\",\"\")","v":"F"},"Serviço",{"$f":"CHOOSE(1+LOG(1+2*(C338=1)+4*(C338=2)+8*(C338=3)+16*(C338=4)+32*(C338=\"S\"),2),\"\",\"Meta\",\"Nível 2\",\"Nível 3\",\"Nível 4\",\"Serviço\")","v":"Serviço"},{"$f":"IF(OR($C338=0,$L338=\"\"),\"-\",CONCATENATE(E338&\".\",IF(AND($A$5>=2,$C338>=2),F338&\".\",\"\"),IF(AND($A$5>=3,$C338>=3),G338&\".\",\"\"),IF(AND($A$5>=4,$C338>=4),H338&\".\",\"\"),IF($C338=\"S\",I338&\".\",\"\")))","v":"17.1.0.10."},"Composição","COMP89",{"$f":"IF($C338=\"S\",REFERENCIA.Descricao,\"(digite a descrição aqui)\")","v":"SUPORTE PARA FIXACAO FITA ALUMINIO OU CABO COBRE NU"},{"$f":"REFERENCIA.Unidade","v":"UN"},{"$f":"OFFSET(CÁLCULO!H$15,ROW($T338)-ROW(T$15),0)","v":22},5.41,"BDI 1",{"$f":"IF($C338=\"S\",ROUND(IF(TIPOORCAMENTO=\"Proposto\",ORÇAMENTO.CustoUnitario*(1+$AH338),ORÇAMENTO.PrecoUnitarioLicitado),15-13*$AF$10),0)","v":6.78},{"$f":"IF($C338=\"S\",IF(OR(Import.TipoArredondamento<>\"TransfereGOV\",ACOMPANHAMENTO=\"BM\"),VTOTAL1,SUM(OFFSET(CÁLCULO!$AI$15,ROW($X338)-ROW($X$15),1):OFFSET(CÁLCULO!$BB$15,ROW($X338)-ROW($X$15),-1))),IF($C338=0,0,ROUND(SomaAgrup,15-13*$AF$11)))","v":149.16},"RA",{"$f":"IF(AND($C338=\"S\",$X338>0),IF(ISBLANK($Y338),\"RA\",LEFT($Y338,2)),\"\")","v":"RA"},{"$f":"IF($C338=\"S\",IF($Z338=\"CP\",$X338,IF($Z338=\"RA\",(($X338)*QCI!$AA$3),0)),SomaAgrup)","v":12.907367230277215},{"$f":"IF($C338=\"S\",IF($Z338=\"OU\",ROUND($X338,2),0),SomaAgrup)","v":0},{"$f":"IF($N338=\"\",\" \",\nIF(AND($C338<>\"S\",OR($R338=\"\",$R338=\"(digite a descrição aqui)\")),\"DESCRIÇÃO\",\nIF(AND($C338=\"S\",OR($Q338<>\"\",$T338>0,$U338>0),$P338=\"\"),\"FONTE\",\nIF(AND($C338=\"S\",$P338<>\"\",OR($T338>0,$U338>0),$Q338=\"\"),\"CÓDIGO\",\nIF(AND($C338=\"S\",$P338<>\"\",$Q338<>\"\",$R338=\"(Código não identificado nas referências)\"),\"CÓDIGO N/ID\",\nIF(AND($C338=\"S\",OR($R338=\"\",$R338=\"(digite a descrição aqui)\"),OR($Q338<>\"\",$T338>0,$U338>0)),\"DESCRIÇÃO\",\nIF(AND($C338=\"S\",$P338<>\"\",$Q338<>\"\",$S338=\"\"),\"UNIDADE\",\nIF(AND($C338=\"S\",$P338<>\"\",$Q338<>\"\",$U338=0),\"SEM CUSTO\",\nIF(AND(TIPOORCAMENTO=\"Licitado\",$AL338=0,$AN338>0),\"SEM PREÇO\",\nIF(AND($C338=\"S\",$P338<>\"\",$Q338<>\"\",$U338>0,AND($V338<>\"BDI 1\",$V338<>\"BDI 2\",$V338<>\"BDI 3\")),IF(ISNUMBER($V338),\"JUSTIFICAR BDI\",\"BDI\"),\nIF(OR(AND(import.recurso=\"OGU\",TIPOORCAMENTO=\"Proposto\",LEFT($O$8,5)<>\"(N/D:\",$AG338<>\"\",ORÇAMENTO.CustoUnitario>$AG338),AND(TIPOORCAMENTO=\"LICITADO\",ORÇAMENTO.PrecoUnitarioLicitado>$AN338)),\"ACIMA REF.\",\nIF(AND($C338=\"S\",$P338<>\"\",$Q338<>\"\",$T338=0,$U338>0),\"QUANT.\",\nIF(AND(Import.TipoArredondamento=\"TransfereGOV\",$L338=\"F\",$C338=\"S\",LEN($Q338)>13),\"Código >13\",\nIF(AND(Import.TipoArredondamento=\"TransfereGOV\",$L338=\"F\",$C338<>\"S\",LEN($R338)>100),\"Descrição >100\",\nIF(AND(Import.TipoArredondamento=\"TransfereGOV\",$L338=\"F\",$C338=\"S\",LEN($R338)>500),\"Descrição >500\",\nIF(AND(Import.TipoArredondamento=\"TransfereGOV\",$L338=\"F\",$C338=\"S\",LEFT(TRIM(UPPER($P338)),6)<>\"SINAPI\",ISNA(VLOOKUP(TRIM(UPPER($S338)),ListaTgov.Unidades,1,FALSE))),\"Unid. Não Disp\",\n\" \"))))))))))))))))","v":" "},{"$f":"IF(C338<=CRONO.NivelExibicao,MAX($AD$15:OFFSET(AD338,-1,0))+IF($C338<>1,1,MAX(1,COUNTIF(QCI!$A$13:$A$36,OFFSET($E338,-1,0)))),\"\")","v":""},{"$f":"IF(AND($C338=\"S\",ORÇAMENTO.CodBarra<>\"\"),IF(ORÇAMENTO.Fonte=\"\",ORÇAMENTO.CodBarra,CONCATENATE(ORÇAMENTO.Fonte,\" \",ORÇAMENTO.CodBarra)))","v":"Composição COMP89"},{"$f":"IF(ISERROR(ORÇAMENTO.BancoRef),\"(abra o arquivo 'Referência \"&Excel_BuiltIn_Database&\".xlsm)\",IF(OR($C338<>\"S\",ORÇAMENTO.CodBarra=\"\"),\"(Sem Código)\",IF(ISERROR(MATCH($AE338,INDIRECT(ORÇAMENTO.BancoRef),0)),\"(Código não identificado nas referências)\",MATCH($AE338,INDIRECT(ORÇAMENTO.BancoRef),0))))","v":91},{"$f":"ROUND(IF(DESONERACAO=\"sim\",REFERENCIA.Desonerado,REFERENCIA.NaoDesonerado),2)","v":5.41},0.25290000000000001,null,null,null,null,{"$f":"$X338","v":149.16},{"$f":"ROUND(ORÇAMENTO.CustoUnitario*(1+$AH338),2)","v":6.78}]
["S",2,"S",0,{"$f":"IF($C339=1,OFFSET(E339,-1,0)+MAX(1,COUNTIF(QCI!$A$13:$A$36,OFFSET(ORÇAMENTO!E339,-1,0))),OFFSET(E339,-1,0))","v":17},1,0,0,11,0,{"$f":"IF(OR($C339=\"S\",$C339=0),0,MATCH(OFFSET($D339,0,$C339)+IF($C339<>1,1,COUNTIF(QCI!$A$13:$A$36,ORÇAMENTO!E339)),OFFSET($D339,1,$C339,ROW($C$472)-ROW($C339)),0))","v":0},"F","Serviço","Serviço","17.1.0.11.","Composição","COMP90",{"$f":"IF($C339=\"S\",REFERENCIA.Descricao,\"(digite a descrição aqui)\")","v":"VERGALHAO ACO GALV C/OM ROSCA TOTAL PARA PERFILADO 1/4\""},{"$f":"REFERENCIA.Unidade","v":"M"},{"$f":"OFFSET(CÁLCULO!H$15,ROW($T339)-ROW(T$15),0)","v":22},19.86,"BDI 1",{"$f":"IF($C339=\"S\",ROUND(IF(TIPOORCAMENTO=\"Proposto\",ORÇAMENTO.CustoUnitario*(1+$AH339),ORÇAMENTO.PrecoUnitarioLicitado),15-13*$AF$10),0)","v":24.88},{"$f":"IF($C339=\"S\",IF(OR(Import.TipoArredondamento<>\"TransfereGOV\",ACOMPANHAMENTO=\"BM\"),VTOTAL1,SUM(OFFSET(CÁLCULO!$AI$15,ROW($X339)-ROW($X$15),1):OFFSET(CÁLCULO!$BB$15,ROW($X339)-ROW($X$15),-1))),IF($C339=0,0,ROUND(SomaAgrup,15-13*$AF$11)))","v":547.36},"RA","RA",{"$f":"IF($C339=\"S\",IF($Z339=\"CP\",$X339,IF($Z339=\"RA\",(($X339)*QCI!$AA$3),0)),SomaAgrup)","v":47.365088007270963},{"$f":"IF($C339=\"S\",IF($Z339=\"OU\",ROUND($X339,2),0),SomaAgrup)","v":0},{"$f":"IF($N339=\"\",\" \",\nIF(AND($C339<>\"S\",OR($R339=\"\",$R339=\"(digite a descrição aqui)\")),\"DESCRIÇÃO\",\nIF(AND($C339=\"S\",OR($Q339<>\"\",$T339>0,$U339>0),$P339=\"\"),\"FONTE\",\nIF(AND($C339=\"S\",$P339<>\"\",OR($T339>0,$U339>0),$Q339=\"\"),\"CÓDIGO\",\nIF(AND($C339=\"S\",$P339<>\"\",$Q339<>\"\",$R339=\"(Código não identificado nas referências)\"),\"CÓDIGO N/ID\",\nIF(AND($C339=\"S\",OR($R339=\"\",$R339=\"(digite a descrição aqui)\"),OR($Q339<>\"\",$T339>0,$U339>0)),\"DESCRIÇÃO\",\nIF(AND($C339=\"S\",$P339<>\"\",$Q339<>\"\",$S339=\"\"),\"UNIDADE\",\nIF(AND($C339=\"S\",$P339<>\"\",$Q339<>\"\",$U339=0),\"SEM CUSTO\",\nIF(AND(TIPOORCAMENTO=\"Licitado\",$AL339=0,$AN339>0),\"SEM PREÇO\",\nIF(AND($C339=\"S\",$P339<>\"\",$Q339<>\"\",$U339>0,AND($V339<>\"BDI 1\",$V339<>\"BDI 2\",$V339<>\"BDI 3\")),IF(ISNUMBER($V339),\"JUSTIFICAR BDI\",\"BDI\"),\nIF(OR(AND(import.recurso=\"OGU\",TIPOORCAMENTO=\"Proposto\",LEFT($O$8,5)<>\"(N/D:\",$AG339<>\"\",ORÇAMENTO.CustoUnitario>$AG339),AND(TIPOORCAMENTO=\"LICITADO\",ORÇAMENTO.PrecoUnitarioLicitado>$AN339)),\"ACIMA REF.\",\nIF(AND($C339=\"S\",$P339<>\"\",$Q339<>\"\",$T339=0,$U339>0),\"QUANT.\",\nIF(AND(Import.TipoArredondamento=\"TransfereGOV\",$L339=\"F\",$C339=\"S\",LEN($Q339)>13),\"Código >13\",\nIF(AND(Import.TipoArredondamento=\"TransfereGOV\",$L339=\"F\",$C339<>\"S\",LEN($R339)>100),\"Descrição >100\",\nIF(AND(Import.TipoArredondamento=\"TransfereGOV\",$L339=\"F\",$C339=\"S\",LEN($R339)>500),\"Descrição >500\",\nIF(AND(Import.TipoArredondamento=\"TransfereGOV\",$L339=\"F\",$C339=\"S\",LEFT(TRIM(UPPER($P339)),6)<>\"SINAPI\",ISNA(VLOOKUP(TRIM(UPPER($S339)),ListaTgov.Unidades,1,FALSE))),\"Unid. Não Disp\",\n\" \"))))))))))))))))","v":" "},{"$f":"IF(C339<=CRONO.NivelExibicao,MAX($AD$15:OFFSET(AD339,-1,0))+IF($C339<>1,1,MAX(1,COUNTIF(QCI!$A$13:$A$36,OFFSET($E339,-1,0)))),\"\")","v":""},{"$f":"IF(AND($C339=\"S\",ORÇAMENTO.CodBarra<>\"\"),IF(ORÇAMENTO.Fonte=\"\",ORÇAMENTO.CodBarra,CONCATENATE(ORÇAMENTO.Fonte,\" \",ORÇAMENTO.CodBarra)))","v":"Composição COMP90"},{"$f":"IF(ISERROR(ORÇAMENTO.BancoRef),\"(abra o arquivo 'Referência \"&Excel_BuiltIn_Database&\".xlsm)\",IF(OR($C339<>\"S\",ORÇAMENTO.CodBarra=\"\"),\"(Sem Código)\",IF(ISERROR(MATCH($AE339,INDIRECT(ORÇAMENTO.BancoRef),0)),\"(Código não identificado nas referências)\",MATCH($AE339,INDIRECT(ORÇAMENTO.BancoRef),0))))","v":92},{"$f":"ROUND(IF(DESONERACAO=\"sim\",REFERENCIA.Desonerado,REFERENCIA.NaoDesonerado),2)","v":19.86},0.25290000000000001,null,null,null,null,547.36,{"$f":"ROUND(ORÇAMENTO.CustoUnitario*(1+$AH339),2)","v":24.88}]
["S",2,"S",0,{"$f":"IF($C340=1,OFFSET(E340,-1,0)+MAX(1,COUNTIF(QCI!$A$13:$A$36,OFFSET(ORÇAMENTO!E340,-1,0))),OFFSET(E340,-1,0))","v":17},1,0,0,12,0,{"$f":"IF(OR($C340=\"S\",$C340=0),0,MATCH(OFFSET($D340,0,$C340)+IF($C340<>1,1,COUNTIF(QCI!$A$13:$A$36,ORÇAMENTO!E340)),OFFSET($D340,1,$C340,ROW($C$472)-ROW($C340)),0))","v":0},"F","Serviço","Serviço","17.1.0.12.","SINAPI","91935",{"$f":"IF($C340=\"S\",REFERENCIA.Descricao,\"(digite a descrição aqui)\")","v":"CABO DE COBRE FLEXÍVEL ISOLADO, 16 MM², ANTI-CHAMA 0,6/1,0 KV, PARA CIRCUITOS TERMINAIS - FORNECIMENTO E INSTALAÇÃO. AF_03/2023"},{"$f":"REFERENCIA.Unidade","v":"M"},{"$f":"OFFSET(CÁLCULO!H$15,ROW($T340)-ROW(T$15),0)","v":258},26.55,"BDI 1",{"$f":"IF($C340=\"S\",ROUND(IF(TIPOORCAMENTO=\"Proposto\",ORÇAMENTO.CustoUnitario*(1+$AH340),ORÇAMENTO.PrecoUnitarioLicitado),15-13*$AF$10),0)","v":33.26},{"$f":"IF($C340=\"S\",IF(OR(Import.TipoArredondamento<>\"TransfereGOV\",ACOMPANHAMENTO=\"BM\"),VTOTAL1,SUM(OFFSET(CÁLCULO!$AI$15,ROW($X340)-ROW($X$15),1):OFFSET(CÁLCULO!$BB$15,ROW($X340)-ROW($X$15),-1))),IF($C340=0,0,ROUND(SomaAgrup,15-13*$AF$11)))","v":8581.08},"RA","RA",{"$f":"IF($C340=\"S\",IF($Z340=\"CP\",$X340,IF($Z340=\"RA\",(($X340)*QCI!$AA$3),0)),SomaAgrup)","v":742.55263336274606},{"$f":"IF($C340=\"S\",IF($Z340=\"OU\",ROUND($X340,2),0),SomaAgrup)","v":0},{"$f":"IF($N340=\"\",\" \",\nIF(AND($C340<>\"S\",OR($R340=\"\",$R340=\"(digite a descrição aqui)\")),\"DESCRIÇÃO\",\nIF(AND($C340=\"S\",OR($Q340<>\"\",$T340>0,$U340>0),$P340=\"\"),\"FONTE\",\nIF(AND($C340=\"S\",$P340<>\"\",OR($T340>0,$U340>0),$Q340=\"\"),\"CÓDIGO\",\nIF(AND($C340=\"S\",$P340<>\"\",$Q340<>\"\",$R340=\"(Código não identificado nas referências)\"),\"CÓDIGO N/ID\",\nIF(AND($C340=\"S\",OR($R340=\"\",$R340=\"(digite a descrição aqui)\"),OR($Q340<>\"\",$T340>0,$U340>0)),\"DESCRIÇÃO\",\nIF(AND($C340=\"S\",$P340<>\"\",$Q340<>\"\",$S340=\"\"),\"UNIDADE\",\nIF(AND($C340=\"S\",$P340<>\"\",$Q340<>\"\",$U340=0),\"SEM CUSTO\",\nIF(AND(TIPOORCAMENTO=\"Licitado\",$AL340=0,$AN340>0),\"SEM PREÇO\",\nIF(AND($C340=\"S\",$P340<>\"\",$Q340<>\"\",$U340>0,AND($V340<>\"BDI 1\",$V340<>\"BDI 2\",$V340<>\"BDI 3\")),IF(ISNUMBER($V340),\"JUSTIFICAR BDI\",\"BDI\"),\nIF(OR(AND(import.recurso=\"OGU\",TIPOORCAMENTO=\"Proposto\",LEFT($O$8,5)<>\"(N/D:\",$AG340<>\"\",ORÇAMENTO.CustoUnitario>$AG340),AND(TIPOORCAMENTO=\"LICITADO\",ORÇAMENTO.PrecoUnitarioLicitado>$AN340)),\"ACIMA REF.\",\nIF(AND($C340=\"S\",$P340<>\"\",$Q340<>\"\",$T340=0,$U340>0),\"QUANT.\",\nIF(AND(Import.TipoArredondamento=\"TransfereGOV\",$L340=\"F\",$C340=\"S\",LEN($Q340)>13),\"Código >13\",\nIF(AND(Import.TipoArredondamento=\"TransfereGOV\",$L340=\"F\",$C340<>\"S\",LEN($R340)>100),\"Descrição >100\",\nIF(AND(Import.TipoArredondamento=\"TransfereGOV\",$L340=\"F\",$C340=\"S\",LEN($R340)>500),\"Descrição >500\",\nIF(AND(Import.TipoArredondamento=\"TransfereGOV\",$L340=\"F\",$C340=\"S\",LEFT(TRIM(UPPER($P340)),6)<>\"SINAPI\",ISNA(VLOOKUP(TRIM(UPPER($S340)),ListaTgov.Unidades,1,FALSE))),\"Unid. Não Disp\",\n\" \"))))))))))))))))","v":" "},{"$f":"IF(C340<=CRONO.NivelExibicao,MAX($AD$15:OFFSET(AD340,-1,0))+IF($C340<>1,1,MAX(1,COUNTIF(QCI!$A$13:$A$36,OFFSET($E340,-1,0)))),\"\")","v":""},{"$f":"IF(AND($C340=\"S\",ORÇAMENTO.CodBarra<>\"\"),IF(ORÇAMENTO.Fonte=\"\",ORÇAMENTO.CodBarra,CONCATENATE(ORÇAMENTO.Fonte,\" \",ORÇAMENTO.CodBarra)))","v":"SINAPI 91935"},{"$f":"IF(ISERROR(ORÇAMENTO.BancoRef),\"(abra o arquivo 'Referência \"&Excel_BuiltIn_Database&\".xlsm)\",IF(OR($C340<>\"S\",ORÇAMENTO.CodBarra=\"\"),\"(Sem Código)\",IF(ISERROR(MATCH($AE340,INDIRECT(ORÇAMENTO.BancoRef),0)),\"(Código não identificado nas referências)\",MATCH($AE340,INDIRECT(ORÇAMENTO.BancoRef),0))))","v":10635},{"$f":"ROUND(IF(DESONERACAO=\"sim\",REFERENCIA.Desonerado,REFERENCIA.NaoDesonerado),2)","v":26.55},0.25290000000000001,null,null,null,null,8581.08,{"$f":"ROUND(ORÇAMENTO.CustoUnitario*(1+$AH340),2)","v":33.26}]
["S",2,"S",0,{"$f":"IF($C341=1,OFFSET(E341,-1,0)+MAX(1,COUNTIF(QCI!$A$13:$A$36,OFFSET(ORÇAMENTO!E341,-1,0))),OFFSET(E341,-1,0))","v":17},1,0,0,13,0,{"$f":"IF(OR($C341=\"S\",$C341=0),0,MATCH(OFFSET($D341,0,$C341)+IF($C341<>1,1,COUNTIF(QCI!$A$13:$A$36,ORÇAMENTO!E341)),OFFSET($D341,1,$C341,ROW($C$472)-ROW($C341)),0))","v":0},"F","Serviço","Serviço","17.1.0.13.","SINAPI","92984",{"$f":"IF($C341=\"S\",REFERENCIA.Descricao,\"(digite a descrição aqui)\")","v":"CABO DE COBRE FLEXÍVEL ISOLADO, 25 MM², ANTI-CHAMA 0,6/1,0 KV, PARA REDE ENTERRADA DE DISTRIBUIÇÃO DE ENERGIA ELÉTRICA - FORNECIMENTO E INSTALAÇÃO. AF_12/2021"},{"$f":"REFERENCIA.Unidade","v":"M"},{"$f":"OFFSET(CÁLCULO!H$15,ROW($T341)-ROW(T$15),0)","v":152.69999999999999},29.2,"BDI 1",{"$f":"IF($C341=\"S\",ROUND(IF(TIPOORCAMENTO=\"Proposto\",ORÇAMENTO.CustoUnitario*(1+$AH341),ORÇAMENTO.PrecoUnitarioLicitado),15-13*$AF$10),0)","v":36.58},{"$f":"IF($C341=\"S\",IF(OR(Import.TipoArredondamento<>\"TransfereGOV\",ACOMPANHAMENTO=\"BM\"),VTOTAL1,SUM(OFFSET(CÁLCULO!$AI$15,ROW($X341)-ROW($X$15),1):OFFSET(CÁLCULO!$BB$15,ROW($X341)-ROW($X$15),-1))),IF($C341=0,0,ROUND(SomaAgrup,15-13*$AF$11)))","v":5585.77},"RA","RA",{"$f":"IF($C341=\"S\",IF($Z341=\"CP\",$X341,IF($Z341=\"RA\",(($X341)*QCI!$AA$3),0)),SomaAgrup)","v":483.35736560650014},{"$f":"IF($C341=\"S\",IF($Z341=\"OU\",ROUND($X341,2),0),SomaAgrup)","v":0},{"$f":"IF($N341=\"\",\" \",\nIF(AND($C341<>\"S\",OR($R341=\"\",$R341=\"(digite a descrição aqui)\")),\"DESCRIÇÃO\",\nIF(AND($C341=\"S\",OR($Q341<>\"\",$T341>0,$U341>0),$P341=\"\"),\"FONTE\",\nIF(AND($C341=\"S\",$P341<>\"\",OR($T341>0,$U341>0),$Q341=\"\"),\"CÓDIGO\",\nIF(AND($C341=\"S\",$P341<>\"\",$Q341<>\"\",$R341=\"(Código não identificado nas referências)\"),\"CÓDIGO N/ID\",\nIF(AND($C341=\"S\",OR($R341=\"\",$R341=\"(digite a descrição aqui)\"),OR($Q341<>\"\",$T341>0,$U341>0)),\"DESCRIÇÃO\",\nIF(AND($C341=\"S\",$P341<>\"\",$Q341<>\"\",$S341=\"\"),\"UNIDADE\",\nIF(AND($C341=\"S\",$P341<>\"\",$Q341<>\"\",$U341=0),\"SEM CUSTO\",\nIF(AND(TIPOORCAMENTO=\"Licitado\",$AL341=0,$AN341>0),\"SEM PREÇO\",\nIF(AND($C341=\"S\",$P341<>\"\",$Q341<>\"\",$U341>0,AND($V341<>\"BDI 1\",$V341<>\"BDI 2\",$V341<>\"BDI 3\")),IF(ISNUMBER($V341),\"JUSTIFICAR BDI\",\"BDI\"),\nIF(OR(AND(import.recurso=\"OGU\",TIPOORCAMENTO=\"Proposto\",LEFT($O$8,5)<>\"(N/D:\",$AG341<>\"\",ORÇAMENTO.CustoUnitario>$AG341),AND(TIPOORCAMENTO=\"LICITADO\",ORÇAMENTO.PrecoUnitarioLicitado>$AN341)),\"ACIMA REF.\",\nIF(AND($C341=\"S\",$P341<>\"\",$Q341<>\"\",$T341=0,$U341>0),\"QUANT.\",\nIF(AND(Import.TipoArredondamento=\"TransfereGOV\",$L341=\"F\",$C341=\"S\",LEN($Q341)>13),\"Código >13\",\nIF(AND(Import.TipoArredondamento=\"TransfereGOV\",$L341=\"F\",$C341<>\"S\",LEN($R341)>100),\"Descrição >100\",\nIF(AND(Import.TipoArredondamento=\"TransfereGOV\",$L341=\"F\",$C341=\"S\",LEN($R341)>500),\"Descrição >500\",\nIF(AND(Import.TipoArredondamento=\"TransfereGOV\",$L341=\"F\",$C341=\"S\",LEFT(TRIM(UPPER($P341)),6)<>\"SINAPI\",ISNA(VLOOKUP(TRIM(UPPER($S341)),ListaTgov.Unidades,1,FALSE))),\"Unid. Não Disp\",\n\" \"))))))))))))))))","v":" "},{"$f":"IF(C341<=CRONO.NivelExibicao,MAX($AD$15:OFFSET(AD341,-1,0))+IF($C341<>1,1,MAX(1,COUNTIF(QCI!$A$13:$A$36,OFFSET($E341,-1,0)))),\"\")","v":""},{"$f":"IF(AND($C341=\"S\",ORÇAMENTO.CodBarra<>\"\"),IF(ORÇAMENTO.Fonte=\"\",ORÇAMENTO.CodBarra,CONCATENATE(ORÇAMENTO.Fonte,\" \",ORÇAMENTO.CodBarra)))","v":"SINAPI 92984"},{"$f":"IF(ISERROR(ORÇAMENTO.BancoRef),\"(abra o arquivo 'Referência \"&Excel_BuiltIn_Database&\".xlsm)\",IF(OR($C341<>\"S\",ORÇAMENTO.CodBarra=\"\"),\"(Sem Código)\",IF(ISERROR(MATCH($AE341,INDIRECT(ORÇAMENTO.BancoRef),0)),\"(Código não identificado nas referências)\",MATCH($AE341,INDIRECT(ORÇAMENTO.BancoRef),0))))","v":14853},{"$f":"ROUND(IF(DESONERACAO=\"sim\",REFERENCIA.Desonerado,REFERENCIA.NaoDesonerado),2)","v":29.2},0.25290000000000001,null,null,null,null,5585.77,{"$f":"ROUND(ORÇAMENTO.CustoUnitario*(1+$AH341),2)","v":36.58}]
["S",2,"S",0,{"$f":"IF($C342=1,OFFSET(E342,-1,0)+MAX(1,COUNTIF(QCI!$A$13:$A$36,OFFSET(ORÇAMENTO!E342,-1,0))),OFFSET(E342,-1,0))","v":17},1,0,0,14,0,{"$f":"IF(OR($C342=\"S\",$C342=0),0,MATCH(OFFSET($D342,0,$C342)+IF($C342<>1,1,COUNTIF(QCI!$A$13:$A$36,ORÇAMENTO!E342)),OFFSET($D342,1,$C342,ROW($C$472)-ROW($C342)),0))","v":0},"F","Serviço","Serviço","17.1.0.14.","SINAPI","92986",{"$f":"IF($C342=\"S\",REFERENCIA.Descricao,\"(digite a descrição aqui)\")","v":"CABO DE COBRE FLEXÍVEL ISOLADO, 35 MM², ANTI-CHAMA 0,6/1,0 KV, PARA REDE ENTERRADA DE DISTRIBUIÇÃO DE ENERGIA ELÉTRICA - FORNECIMENTO E INSTALAÇÃO. AF_12/2021"},{"$f":"REFERENCIA.Unidade","v":"M"},{"$f":"OFFSET(CÁLCULO!H$15,ROW($T342)-ROW(T$15),0)","v":206.4},40.4,"BDI 1",{"$f":"IF($C342=\"S\",ROUND(IF(TIPOORCAMENTO=\"Proposto\",ORÇAMENTO.CustoUnitario*(1+$AH342),ORÇAMENTO.PrecoUnitarioLicitado),15-13*$AF$10),0)","v":50.62},{"$f":"IF($C342=\"S\",IF(OR(Import.TipoArredondamento<>\"TransfereGOV\",ACOMPANHAMENTO=\"BM\"),VTOTAL1,SUM(OFFSET(CÁLCULO!$AI$15,ROW($X342)-ROW($X$15),1):OFFSET(CÁLCULO!$BB$15,ROW($X342)-ROW($X$15),-1))),IF($C342=0,0,ROUND(SomaAgrup,15-13*$AF$11)))","v":10447.969999999999},"RA","RA",{"$f":"IF($C342=\"S\",IF($Z342=\"CP\",$X342,IF($Z342=\"RA\",(($X342)*QCI!$AA$3),0)),SomaAgrup)","v":904.10153929283604},{"$f":"IF($C342=\"S\",IF($Z342=\"OU\",ROUND($X342,2),0),SomaAgrup)","v":0},{"$f":"IF($N342=\"\",\" \",\nIF(AND($C342<>\"S\",OR($R342=\"\",$R342=\"(digite a descrição aqui)\")),\"DESCRIÇÃO\",\nIF(AND($C342=\"S\",OR($Q342<>\"\",$T342>0,$U342>0),$P342=\"\"),\"FONTE\",\nIF(AND($C342=\"S\",$P342<>\"\",OR($T342>0,$U342>0),$Q342=\"\"),\"CÓDIGO\",\nIF(AND($C342=\"S\",$P342<>\"\",$Q342<>\"\",$R342=\"(Código não identificado nas referências)\"),\"CÓDIGO N/ID\",\nIF(AND($C342=\"S\",OR($R342=\"\",$R342=\"(digite a descrição aqui)\"),OR($Q342<>\"\",$T342>0,$U342>0)),\"DESCRIÇÃO\",\nIF(AND($C342=\"S\",$P342<>\"\",$Q342<>\"\",$S342=\"\"),\"UNIDADE\",\nIF(AND($C342=\"S\",$P342<>\"\",$Q342<>\"\",$U342=0),\"SEM CUSTO\",\nIF(AND(TIPOORCAMENTO=\"Licitado\",$AL342=0,$AN342>0),\"SEM PREÇO\",\nIF(AND($C342=\"S\",$P342<>\"\",$Q342<>\"\",$U342>0,AND($V342<>\"BDI 1\",$V342<>\"BDI 2\",$V342<>\"BDI 3\")),IF(ISNUMBER($V342),\"JUSTIFICAR BDI\",\"BDI\"),\nIF(OR(AND(import.recurso=\"OGU\",TIPOORCAMENTO=\"Proposto\",LEFT($O$8,5)<>\"(N/D:\",$AG342<>\"\",ORÇAMENTO.CustoUnitario>$AG342),AND(TIPOORCAMENTO=\"LICITADO\",ORÇAMENTO.PrecoUnitarioLicitado>$AN342)),\"ACIMA REF.\",\nIF(AND($C342=\"S\",$P342<>\"\",$Q342<>\"\",$T342=0,$U342>0),\"QUANT.\",\nIF(AND(Import.TipoArredondamento=\"TransfereGOV\",$L342=\"F\",$C342=\"S\",LEN($Q342)>13),\"Código >13\",\nIF(AND(Import.TipoArredondamento=\"TransfereGOV\",$L342=\"F\",$C342<>\"S\",LEN($R342)>100),\"Descrição >100\",\nIF(AND(Import.TipoArredondamento=\"TransfereGOV\",$L342=\"F\",$C342=\"S\",LEN($R342)>500),\"Descrição >500\",\nIF(AND(Import.TipoArredondamento=\"TransfereGOV\",$L342=\"F\",$C342=\"S\",LEFT(TRIM(UPPER($P342)),6)<>\"SINAPI\",ISNA(VLOOKUP(TRIM(UPPER($S342)),ListaTgov.Unidades,1,FALSE))),\"Unid. Não Disp\",\n\" \"))))))))))))))))","v":" "},{"$f":"IF(C342<=CRONO.NivelExibicao,MAX($AD$15:OFFSET(AD342,-1,0))+IF($C342<>1,1,MAX(1,COUNTIF(QCI!$A$13:$A$36,OFFSET($E342,-1,0)))),\"\")","v":""},{"$f":"IF(AND($C342=\"S\",ORÇAMENTO.CodBarra<>\"\"),IF(ORÇAMENTO.Fonte=\"\",ORÇAMENTO.CodBarra,CONCATENATE(ORÇAMENTO.Fonte,\" \",ORÇAMENTO.CodBarra)))","v":"SINAPI 92986"},{"$f":"IF(ISERROR(ORÇAMENTO.BancoRef),\"(abra o arquivo 'Referência \"&Excel_BuiltIn_Database&\".xlsm)\",IF(OR($C342<>\"S\",ORÇAMENTO.CodBarra=\"\"),\"(Sem Código)\",IF(ISERROR(MATCH($AE342,INDIRECT(ORÇAMENTO.BancoRef),0)),\"(Código não identificado nas referências)\",MATCH($AE342,INDIRECT(ORÇAMENTO.BancoRef),0))))","v":14855},{"$f":"ROUND(IF(DESONERACAO=\"sim\",REFERENCIA.Desonerado,REFERENCIA.NaoDesonerado),2)","v":40.4},0.25290000000000001,null,null,null,null,10447.969999999999,{"$f":"ROUND(ORÇAMENTO.CustoUnitario*(1+$AH342),2)","v":50.62}]
["S",2,"S",0,{"$f":"IF($C343=1,OFFSET(E343,-1,0)+MAX(1,COUNTIF(QCI!$A$13:$A$36,OFFSET(ORÇAMENTO!E343,-1,0))),OFFSET(E343,-1,0))","v":17},1,0,0,15,0,{"$f":"IF(OR($C343=\"S\",$C343=0),0,MATCH(OFFSET($D343,0,$C343)+IF($C343<>1,1,COUNTIF(QCI!$A$13:$A$36,ORÇAMENTO!E343)),OFFSET($D343,1,$C343,ROW($C$472)-ROW($C343)),0))","v":0},"F","Serviço","Serviço","17.1.0.15.","SINAPI","92988",{"$f":"IF($C343=\"S\",REFERENCIA.Descricao,\"(digite a descrição aqui)\")","v":"CABO DE COBRE FLEXÍVEL ISOLADO, 50 MM², ANTI-CHAMA 0,6/1,0 KV, PARA REDE ENTERRADA DE DISTRIBUIÇÃO DE ENERGIA ELÉTRICA - FORNECIMENTO E INSTALAÇÃO. AF_12/2021"},{"$f":"REFERENCIA.Unidade","v":"M"},{"$f":"OFFSET(CÁLCULO!H$15,ROW($T343)-ROW(T$15),0)","v":10.4},58.7,"BDI 1",{"$f":"IF($C343=\"S\",ROUND(IF(TIPOORCAMENTO=\"Proposto\",ORÇAMENTO.CustoUnitario*(1+$AH343),ORÇAMENTO.PrecoUnitarioLicitado),15-13*$AF$10),0)","v":73.55},{"$f":"IF($C343=\"S\",IF(OR(Import.TipoArredondamento<>\"TransfereGOV\",ACOMPANHAMENTO=\"BM\"),VTOTAL1,SUM(OFFSET(CÁLCULO!$AI$15,ROW($X343)-ROW($X$15),1):OFFSET(CÁLCULO!$BB$15,ROW($X343)-ROW($X$15),-1))),IF($C343=0,0,ROUND(SomaAgrup,15-13*$AF$11)))","v":764.92},"RA","RA",{"$f":"IF($C343=\"S\",IF($Z343=\"CP\",$X343,IF($Z343=\"RA\",(($X343)*QCI!$AA$3),0)),SomaAgrup)","v":66.191360564384865},{"$f":"IF($C343=\"S\",IF($Z343=\"OU\",ROUND($X343,2),0),SomaAgrup)","v":0},{"$f":"IF($N343=\"\",\" \",\nIF(AND($C343<>\"S\",OR($R343=\"\",$R343=\"(digite a descrição aqui)\")),\"DESCRIÇÃO\",\nIF(AND($C343=\"S\",OR($Q343<>\"\",$T343>0,$U343>0),$P343=\"\"),\"FONTE\",\nIF(AND($C343=\"S\",$P343<>\"\",OR($T343>0,$U343>0),$Q343=\"\"),\"CÓDIGO\",\nIF(AND($C343=\"S\",$P343<>\"\",$Q343<>\"\",$R343=\"(Código não identificado nas referências)\"),\"CÓDIGO N/ID\",\nIF(AND($C343=\"S\",OR($R343=\"\",$R343=\"(digite a descrição aqui)\"),OR($Q343<>\"\",$T343>0,$U343>0)),\"DESCRIÇÃO\",\nIF(AND($C343=\"S\",$P343<>\"\",$Q343<>\"\",$S343=\"\"),\"UNIDADE\",\nIF(AND($C343=\"S\",$P343<>\"\",$Q343<>\"\",$U343=0),\"SEM CUSTO\",\nIF(AND(TIPOORCAMENTO=\"Licitado\",$AL343=0,$AN343>0),\"SEM PREÇO\",\nIF(AND($C343=\"S\",$P343<>\"\",$Q343<>\"\",$U343>0,AND($V343<>\"BDI 1\",$V343<>\"BDI 2\",$V343<>\"BDI 3\")),IF(ISNUMBER($V343),\"JUSTIFICAR BDI\",\"BDI\"),\nIF(OR(AND(import.recurso=\"OGU\",TIPOORCAMENTO=\"Proposto\",LEFT($O$8,5)<>\"(N/D:\",$AG343<>\"\",ORÇAMENTO.CustoUnitario>$AG343),AND(TIPOORCAMENTO=\"LICITADO\",ORÇAMENTO.PrecoUnitarioLicitado>$AN343)),\"ACIMA REF.\",\nIF(AND($C343=\"S\",$P343<>\"\",$Q343<>\"\",$T343=0,$U343>0),\"QUANT.\",\nIF(AND(Import.TipoArredondamento=\"TransfereGOV\",$L343=\"F\",$C343=\"S\",LEN($Q343)>13),\"Código >13\",\nIF(AND(Import.TipoArredondamento=\"TransfereGOV\",$L343=\"F\",$C343<>\"S\",LEN($R343)>100),\"Descrição >100\",\nIF(AND(Import.TipoArredondamento=\"TransfereGOV\",$L343=\"F\",$C343=\"S\",LEN($R343)>500),\"Descrição >500\",\nIF(AND(Import.TipoArredondamento=\"TransfereGOV\",$L343=\"F\",$C343=\"S\",LEFT(TRIM(UPPER($P343)),6)<>\"SINAPI\",ISNA(VLOOKUP(TRIM(UPPER($S343)),ListaTgov.Unidades,1,FALSE))),\"Unid. Não Disp\",\n\" \"))))))))))))))))","v":" "},{"$f":"IF(C343<=CRONO.NivelExibicao,MAX($AD$15:OFFSET(AD343,-1,0))+IF($C343<>1,1,MAX(1,COUNTIF(QCI!$A$13:$A$36,OFFSET($E343,-1,0)))),\"\")","v":""},{"$f":"IF(AND($C343=\"S\",ORÇAMENTO.CodBarra<>\"\"),IF(ORÇAMENTO.Fonte=\"\",ORÇAMENTO.CodBarra,CONCATENATE(ORÇAMENTO.Fonte,\" \",ORÇAMENTO.CodBarra)))","v":"SINAPI 92988"},{"$f":"IF(ISERROR(ORÇAMENTO.BancoRef),\"(abra o arquivo 'Referência \"&Excel_BuiltIn_Database&\".xlsm)\",IF(OR($C343<>\"S\",ORÇAMENTO.CodBarra=\"\"),\"(Sem Código)\",IF(ISERROR(MATCH($AE343,INDIRECT(ORÇAMENTO.BancoRef),0)),\"(Código não identificado nas referências)\",MATCH($AE343,INDIRECT(ORÇAMENTO.BancoRef),0))))","v":14856},{"$f":"ROUND(IF(DESONERACAO=\"sim\",REFERENCIA.Desonerado,REFERENCIA.NaoDesonerado),2)","v":58.7},0.25290000000000001,null,null,null,null,764.92,{"$f":"ROUND(ORÇAMENTO.CustoUnitario*(1+$AH343),2)","v":73.55}]
["S",2,"S",0,{"$f":"IF($C344=1,OFFSET(E344,-1,0)+MAX(1,COUNTIF(QCI!$A$13:$A$36,OFFSET(ORÇAMENTO!E344,-1,0))),OFFSET(E344,-1,0))","v":17},1,0,0,16,0,{"$f":"IF(OR($C344=\"S\",$C344=0),0,MATCH(OFFSET($D344,0,$C344)+IF($C344<>1,1,COUNTIF(QCI!$A$13:$A$36,ORÇAMENTO!E344)),OFFSET($D344,1,$C344,ROW($C$472)-ROW($C344)),0))","v":0},"F","Serviço","Serviço","17.1.0.16.","SINAPI","91931",{"$f":"IF($C344=\"S\",REFERENCIA.Descricao,\"(digite a descrição aqui)\")","v":"CABO DE COBRE FLEXÍVEL ISOLADO, 6 MM², ANTI-CHAMA 0,6/1,0 KV, PARA CIRCUITOS TERMINAIS - FORNECIMENTO E INSTALAÇÃO. AF_03/2023"},{"$f":"REFERENCIA.Unidade","v":"M"},{"$f":"OFFSET(CÁLCULO!H$15,ROW($T344)-ROW(T$15),0)","v":83.6},10.56,"BDI 1",{"$f":"IF($C344=\"S\",ROUND(IF(TIPOORCAMENTO=\"Proposto\",ORÇAMENTO.CustoUnitario*(1+$AH344),ORÇAMENTO.PrecoUnitarioLicitado),15-13*$AF$10),0)","v":13.23},{"$f":"IF($C344=\"S\",IF(OR(Import.TipoArredondamento<>\"TransfereGOV\",ACOMPANHAMENTO=\"BM\"),VTOTAL1,SUM(OFFSET(CÁLCULO!$AI$15,ROW($X344)-ROW($X$15),1):OFFSET(CÁLCULO!$BB$15,ROW($X344)-ROW($X$15),-1))),IF($C344=0,0,ROUND(SomaAgrup,15-13*$AF$11)))","v":1106.03},"RA","RA",{"$f":"IF($C344=\"S\",IF($Z344=\"CP\",$X344,IF($Z344=\"RA\",(($X344)*QCI!$AA$3),0)),SomaAgrup)","v":95.708872202356574},{"$f":"IF($C344=\"S\",IF($Z344=\"OU\",ROUND($X344,2),0),SomaAgrup)","v":0},{"$f":"IF($N344=\"\",\" \",\nIF(AND($C344<>\"S\",OR($R344=\"\",$R344=\"(digite a descrição aqui)\")),\"DESCRIÇÃO\",\nIF(AND($C344=\"S\",OR($Q344<>\"\",$T344>0,$U344>0),$P344=\"\"),\"FONTE\",\nIF(AND($C344=\"S\",$P344<>\"\",OR($T344>0,$U344>0),$Q344=\"\"),\"CÓDIGO\",\nIF(AND($C344=\"S\",$P344<>\"\",$Q344<>\"\",$R344=\"(Código não identificado nas referências)\"),\"CÓDIGO N/ID\",\nIF(AND($C344=\"S\",OR($R344=\"\",$R344=\"(digite a descrição aqui)\"),OR($Q344<>\"\",$T344>0,$U344>0)),\"DESCRIÇÃO\",\nIF(AND($C344=\"S\",$P344<>\"\",$Q344<>\"\",$S344=\"\"),\"UNIDADE\",\nIF(AND($C344=\"S\",$P344<>\"\",$Q344<>\"\",$U344=0),\"SEM CUSTO\",\nIF(AND(TIPOORCAMENTO=\"Licitado\",$AL344=0,$AN344>0),\"SEM PREÇO\",\nIF(AND($C344=\"S\",$P344<>\"\",$Q344<>\"\",$U344>0,AND($V344<>\"BDI 1\",$V344<>\"BDI 2\",$V344<>\"BDI 3\")),IF(ISNUMBER($V344),\"JUSTIFICAR BDI\",\"BDI\"),\nIF(OR(AND(import.recurso=\"OGU\",TIPOORCAMENTO=\"Proposto\",LEFT($O$8,5)<>\"(N/D:\",$AG344<>\"\",ORÇAMENTO.CustoUnitario>$AG344),AND(TIPOORCAMENTO=\"LICITADO\",ORÇAMENTO.PrecoUnitarioLicitado>$AN344)),\"ACIMA REF.\",\nIF(AND($C344=\"S\",$P344<>\"\",$Q344<>\"\",$T344=0,$U344>0),\"QUANT.\",\nIF(AND(Import.TipoArredondamento=\"TransfereGOV\",$L344=\"F\",$C344=\"S\",LEN($Q344)>13),\"Código >13\",\nIF(AND(Import.TipoArredondamento=\"TransfereGOV\",$L344=\"F\",$C344<>\"S\",LEN($R344)>100),\"Descrição >100\",\nIF(AND(Import.TipoArredondamento=\"TransfereGOV\",$L344=\"F\",$C344=\"S\",LEN($R344)>500),\"Descrição >500\",\nIF(AND(Import.TipoArredondamento=\"TransfereGOV\",$L344=\"F\",$C344=\"S\",LEFT(TRIM(UPPER($P344)),6)<>\"SINAPI\",ISNA(VLOOKUP(TRIM(UPPER($S344)),ListaTgov.Unidades,1,FALSE))),\"Unid. Não Disp\",\n\" \"))))))))))))))))","v":" "},{"$f":"IF(C344<=CRONO.NivelExibicao,MAX($AD$15:OFFSET(AD344,-1,0))+IF($C344<>1,1,MAX(1,COUNTIF(QCI!$A$13:$A$36,OFFSET($E344,-1,0)))),\"\")","v":""},{"$f":"IF(AND($C344=\"S\",ORÇAMENTO.CodBarra<>\"\"),IF(ORÇAMENTO.Fonte=\"\",ORÇAMENTO.CodBarra,CONCATENATE(ORÇAMENTO.Fonte,\" \",ORÇAMENTO.CodBarra)))","v":"SINAPI 91931"},{"$f":"IF(ISERROR(ORÇAMENTO.BancoRef),\"(abra o arquivo 'Referência \"&Excel_BuiltIn_Database&\".xlsm)\",IF(OR($C344<>\"S\",ORÇAMENTO.CodBarra=\"\"),\"(Sem Código)\",IF(ISERROR(MATCH($AE344,INDIRECT(ORÇAMENTO.BancoRef),0)),\"(Código não identificado nas referências)\",MATCH($AE344,INDIRECT(ORÇAMENTO.BancoRef),0))))","v":10641},{"$f":"ROUND(IF(DESONERACAO=\"sim\",REFERENCIA.Desonerado,REFERENCIA.NaoDesonerado),2)","v":10.56},0.25290000000000001,null,null,null,null,1106.03,{"$f":"ROUND(ORÇAMENTO.CustoUnitario*(1+$AH344),2)","v":13.23}]
["S",2,"S",0,{"$f":"IF($C345=1,OFFSET(E345,-1,0)+MAX(1,COUNTIF(QCI!$A$13:$A$36,OFFSET(ORÇAMENTO!E345,-1,0))),OFFSET(E345,-1,0))","v":17},1,0,0,17,0,{"$f":"IF(OR($C345=\"S\",$C345=0),0,MATCH(OFFSET($D345,0,$C345)+IF($C345<>1,1,COUNTIF(QCI!$A$13:$A$36,ORÇAMENTO!E345)),OFFSET($D345,1,$C345,ROW($C$472)-ROW($C345)),0))","v":0},"F","Serviço","Serviço","17.1.0.17.","SINAPI","91924",{"$f":"IF($C345=\"S\",REFERENCIA.Descricao,\"(digite a descrição aqui)\")","v":"CABO DE COBRE FLEXÍVEL ISOLADO, 1,5 MM², ANTI-CHAMA 450/750 V, PARA CIRCUITOS TERMINAIS - FORNECIMENTO E INSTALAÇÃO. AF_03/2023"},{"$f":"REFERENCIA.Unidade","v":"M"},{"$f":"OFFSET(CÁLCULO!H$15,ROW($T345)-ROW(T$15),0)","v":1935.3},3.1,"BDI 1",{"$f":"IF($C345=\"S\",ROUND(IF(TIPOORCAMENTO=\"Proposto\",ORÇAMENTO.CustoUnitario*(1+$AH345),ORÇAMENTO.PrecoUnitarioLicitado),15-13*$AF$10),0)","v":3.88},{"$f":"IF($C345=\"S\",IF(OR(Import.TipoArredondamento<>\"TransfereGOV\",ACOMPANHAMENTO=\"BM\"),VTOTAL1,SUM(OFFSET(CÁLCULO!$AI$15,ROW($X345)-ROW($X$15),1):OFFSET(CÁLCULO!$BB$15,ROW($X345)-ROW($X$15),-1))),IF($C345=0,0,ROUND(SomaAgrup,15-13*$AF$11)))","v":7508.96},"RA","RA",{"$f":"IF($C345=\"S\",IF($Z345=\"CP\",$X345,IF($Z345=\"RA\",(($X345)*QCI!$AA$3),0)),SomaAgrup)","v":649.77811904976124},{"$f":"IF($C345=\"S\",IF($Z345=\"OU\",ROUND($X345,2),0),SomaAgrup)","v":0},{"$f":"IF($N345=\"\",\" \",\nIF(AND($C345<>\"S\",OR($R345=\"\",$R345=\"(digite a descrição aqui)\")),\"DESCRIÇÃO\",\nIF(AND($C345=\"S\",OR($Q345<>\"\",$T345>0,$U345>0),$P345=\"\"),\"FONTE\",\nIF(AND($C345=\"S\",$P345<>\"\",OR($T345>0,$U345>0),$Q345=\"\"),\"CÓDIGO\",\nIF(AND($C345=\"S\",$P345<>\"\",$Q345<>\"\",$R345=\"(Código não identificado nas referências)\"),\"CÓDIGO N/ID\",\nIF(AND($C345=\"S\",OR($R345=\"\",$R345=\"(digite a descrição aqui)\"),OR($Q345<>\"\",$T345>0,$U345>0)),\"DESCRIÇÃO\",\nIF(AND($C345=\"S\",$P345<>\"\",$Q345<>\"\",$S345=\"\"),\"UNIDADE\",\nIF(AND($C345=\"S\",$P345<>\"\",$Q345<>\"\",$U345=0),\"SEM CUSTO\",\nIF(AND(TIPOORCAMENTO=\"Licitado\",$AL345=0,$AN345>0),\"SEM PREÇO\",\nIF(AND($C345=\"S\",$P345<>\"\",$Q345<>\"\",$U345>0,AND($V345<>\"BDI 1\",$V345<>\"BDI 2\",$V345<>\"BDI 3\")),IF(ISNUMBER($V345),\"JUSTIFICAR BDI\",\"BDI\"),\nIF(OR(AND(import.recurso=\"OGU\",TIPOORCAMENTO=\"Proposto\",LEFT($O$8,5)<>\"(N/D:\",$AG345<>\"\",ORÇAMENTO.CustoUnitario>$AG345),AND(TIPOORCAMENTO=\"LICITADO\",ORÇAMENTO.PrecoUnitarioLicitado>$AN345)),\"ACIMA REF.\",\nIF(AND($C345=\"S\",$P345<>\"\",$Q345<>\"\",$T345=0,$U345>0),\"QUANT.\",\nIF(AND(Import.TipoArredondamento=\"TransfereGOV\",$L345=\"F\",$C345=\"S\",LEN($Q345)>13),\"Código >13\",\nIF(AND(Import.TipoArredondamento=\"TransfereGOV\",$L345=\"F\",$C345<>\"S\",LEN($R345)>100),\"Descrição >100\",\nIF(AND(Import.TipoArredondamento=\"TransfereGOV\",$L345=\"F\",$C345=\"S\",LEN($R345)>500),\"Descrição >500\",\nIF(AND(Import.TipoArredondamento=\"TransfereGOV\",$L345=\"F\",$C345=\"S\",LEFT(TRIM(UPPER($P345)),6)<>\"SINAPI\",ISNA(VLOOKUP(TRIM(UPPER($S345)),ListaTgov.Unidades,1,FALSE))),\"Unid. Não Disp\",\n\" \"))))))))))))))))","v":" "},{"$f":"IF(C345<=CRONO.NivelExibicao,MAX($AD$15:OFFSET(AD345,-1,0))+IF($C345<>1,1,MAX(1,COUNTIF(QCI!$A$13:$A$36,OFFSET($E345,-1,0)))),\"\")","v":""},{"$f":"IF(AND($C345=\"S\",ORÇAMENTO.CodBarra<>\"\"),IF(ORÇAMENTO.Fonte=\"\",ORÇAMENTO.CodBarra,CONCATENATE(ORÇAMENTO.Fonte,\" \",ORÇAMENTO.CodBarra)))","v":"SINAPI 91924"},{"$f":"IF(ISERROR(ORÇAMENTO.BancoRef),\"(abra o arquivo 'Referência \"&Excel_BuiltIn_Database&\".xlsm)\",IF(OR($C345<>\"S\",ORÇAMENTO.CodBarra=\"\"),\"(Sem Código)\",IF(ISERROR(MATCH($AE345,INDIRECT(ORÇAMENTO.BancoRef),0)),\"(Código não identificado nas referências)\",MATCH($AE345,INDIRECT(ORÇAMENTO.BancoRef),0))))","v":10632},{"$f":"ROUND(IF(DESONERACAO=\"sim\",REFERENCIA.Desonerado,REFERENCIA.NaoDesonerado),2)","v":3.1},0.25290000000000001,null,null,null,null,7508.96,{"$f":"ROUND(ORÇAMENTO.CustoUnitario*(1+$AH345),2)","v":3.88}]
["S",2,"S",0,{"$f":"IF($C346=1,OFFSET(E346,-1,0)+MAX(1,COUNTIF(QCI!$A$13:$A$36,OFFSET(ORÇAMENTO!E346,-1,0))),OFFSET(E346,-1,0))","v":17},1,0,0,18,0,{"$f":"IF(OR($C346=\"S\",$C346=0),0,MATCH(OFFSET($D346,0,$C346)+IF($C346<>1,1,COUNTIF(QCI!$A$13:$A$36,ORÇAMENTO!E346)),OFFSET($D346,1,$C346,ROW($C$472)-ROW($C346)),0))","v":0},"F","Serviço","Serviço","17.1.0.18.","SINAPI","91926",{"$f":"IF($C346=\"S\",REFERENCIA.Descricao,\"(digite a descrição aqui)\")","v":"CABO DE COBRE FLEXÍVEL ISOLADO, 2,5 MM², ANTI-CHAMA 450/750 V, PARA CIRCUITOS TERMINAIS - FORNECIMENTO E INSTALAÇÃO. AF_03/2023"},{"$f":"REFERENCIA.Unidade","v":"M"},{"$f":"OFFSET(CÁLCULO!H$15,ROW($T346)-ROW(T$15),0)","v":3658.8},4.5199999999999996,"BDI 1",{"$f":"IF($C346=\"S\",ROUND(IF(TIPOORCAMENTO=\"Proposto\",ORÇAMENTO.CustoUnitario*(1+$AH346),ORÇAMENTO.PrecoUnitarioLicitado),15-13*$AF$10),0)","v":5.66},{"$f":"IF($C346=\"S\",IF(OR(Import.TipoArredondamento<>\"TransfereGOV\",ACOMPANHAMENTO=\"BM\"),VTOTAL1,SUM(OFFSET(CÁLCULO!$AI$15,ROW($X346)-ROW($X$15),1):OFFSET(CÁLCULO!$BB$15,ROW($X346)-ROW($X$15),-1))),IF($C346=0,0,ROUND(SomaAgrup,15-13*$AF$11)))","v":20708.810000000001},"RA","RA",{"$f":"IF($C346=\"S\",IF($Z346=\"CP\",$X346,IF($Z346=\"RA\",(($X346)*QCI!$AA$3),0)),SomaAgrup)","v":1792.0100266293719},{"$f":"IF($C346=\"S\",IF($Z346=\"OU\",ROUND($X346,2),0),SomaAgrup)","v":0},{"$f":"IF($N346=\"\",\" \",\nIF(AND($C346<>\"S\",OR($R346=\"\",$R346=\"(digite a descrição aqui)\")),\"DESCRIÇÃO\",\nIF(AND($C346=\"S\",OR($Q346<>\"\",$T346>0,$U346>0),$P346=\"\"),\"FONTE\",\nIF(AND($C346=\"S\",$P346<>\"\",OR($T346>0,$U346>0),$Q346=\"\"),\"CÓDIGO\",\nIF(AND($C346=\"S\",$P346<>\"\",$Q346<>\"\",$R346=\"(Código não identificado nas referências)\"),\"CÓDIGO N/ID\",\nIF(AND($C346=\"S\",OR($R346=\"\",$R346=\"(digite a descrição aqui)\"),OR($Q346<>\"\",$T346>0,$U346>0)),\"DESCRIÇÃO\",\nIF(AND($C346=\"S\",$P346<>\"\",$Q346<>\"\",$S346=\"\"),\"UNIDADE\",\nIF(AND($C346=\"S\",$P346<>\"\",$Q346<>\"\",$U346=0),\"SEM CUSTO\",\nIF(AND(TIPOORCAMENTO=\"Licitado\",$AL346=0,$AN346>0),\"SEM PREÇO\",\nIF(AND($C346=\"S\",$P346<>\"\",$Q346<>\"\",$U346>0,AND($V346<>\"BDI 1\",$V346<>\"BDI 2\",$V346<>\"BDI 3\")),IF(ISNUMBER($V346),\"JUSTIFICAR BDI\",\"BDI\"),\nIF(OR(AND(import.recurso=\"OGU\",TIPOORCAMENTO=\"Proposto\",LEFT($O$8,5)<>\"(N/D:\",$AG346<>\"\",ORÇAMENTO.CustoUnitario>$AG346),AND(TIPOORCAMENTO=\"LICITADO\",ORÇAMENTO.PrecoUnitarioLicitado>$AN346)),\"ACIMA REF.\",\nIF(AND($C346=\"S\",$P346<>\"\",$Q346<>\"\",$T346=0,$U346>0),\"QUANT.\",\nIF(AND(Import.TipoArredondamento=\"TransfereGOV\",$L346=\"F\",$C346=\"S\",LEN($Q346)>13),\"Código >13\",\nIF(AND(Import.TipoArredondamento=\"TransfereGOV\",$L346=\"F\",$C346<>\"S\",LEN($R346)>100),\"Descrição >100\",\nIF(AND(Import.TipoArredondamento=\"TransfereGOV\",$L346=\"F\",$C346=\"S\",LEN($R346)>500),\"Descrição >500\",\nIF(AND(Import.TipoArredondamento=\"TransfereGOV\",$L346=\"F\",$C346=\"S\",LEFT(TRIM(UPPER($P346)),6)<>\"SINAPI\",ISNA(VLOOKUP(TRIM(UPPER($S346)),ListaTgov.Unidades,1,FALSE))),\"Unid. Não Disp\",\n\" \"))))))))))))))))","v":" "},{"$f":"IF(C346<=CRONO.NivelExibicao,MAX($AD$15:OFFSET(AD346,-1,0))+IF($C346<>1,1,MAX(1,COUNTIF(QCI!$A$13:$A$36,OFFSET($E346,-1,0)))),\"\")","v":""},{"$f":"IF(AND($C346=\"S\",ORÇAMENTO.CodBarra<>\"\"),IF(ORÇAMENTO.Fonte=\"\",ORÇAMENTO.CodBarra,CONCATENATE(ORÇAMENTO.Fonte,\" \",ORÇAMENTO.CodBarra)))","v":"SINAPI 91926"},{"$f":"IF(ISERROR(ORÇAMENTO.BancoRef),\"(abra o arquivo 'Referência \"&Excel_BuiltIn_Database&\".xlsm)\",IF(OR($C346<>\"S\",ORÇAMENTO.CodBarra=\"\"),\"(Sem Código)\",IF(ISERROR(MATCH($AE346,INDIRECT(ORÇAMENTO.BancoRef),0)),\"(Código não identificado nas referências)\",MATCH($AE346,INDIRECT(ORÇAMENTO.BancoRef),0))))","v":10638},{"$f":"ROUND(IF(DESONERACAO=\"sim\",REFERENCIA.Desonerado,REFERENCIA.NaoDesonerado),2)","v":4.5199999999999996},0.25290000000000001,null,null,null,null,20708.810000000001,{"$f":"ROUND(ORÇAMENTO.CustoUnitario*(1+$AH346),2)","v":5.66}]
["S",2,"S",0,{"$f":"IF($C347=1,OFFSET(E347,-1,0)+MAX(1,COUNTIF(QCI!$A$13:$A$36,OFFSET(ORÇAMENTO!E347,-1,0))),OFFSET(E347,-1,0))","v":17},1,0,0,19,0,{"$f":"IF(OR($C347=\"S\",$C347=0),0,MATCH(OFFSET($D347,0,$C347)+IF($C347<>1,1,COUNTIF(QCI!$A$13:$A$36,ORÇAMENTO!E347)),OFFSET($D347,1,$C347,ROW($C$472)-ROW($C347)),0))","v":0},"F","Serviço","Serviço","17.1.0.19.","SINAPI","91928",{"$f":"IF($C347=\"S\",REFERENCIA.Descricao,\"(digite a descrição aqui)\")","v":"CABO DE COBRE FLEXÍVEL ISOLADO, 4 MM², ANTI-CHAMA 450/750 V, PARA CIRCUITOS TERMINAIS - FORNECIMENTO E INSTALAÇÃO. AF_03/2023"},{"$f":"REFERENCIA.Unidade","v":"M"},{"$f":"OFFSET(CÁLCULO!H$15,ROW($T347)-ROW(T$15),0)","v":677},6.99,"BDI 1",{"$f":"IF($C347=\"S\",ROUND(IF(TIPOORCAMENTO=\"Proposto\",ORÇAMENTO.CustoUnitario*(1+$AH347),ORÇAMENTO.PrecoUnitarioLicitado),15-13*$AF$10),0)","v":8.76},{"$f":"IF($C347=\"S\",IF(OR(Import.TipoArredondamento<>\"TransfereGOV\",ACOMPANHAMENTO=\"BM\"),VTOTAL1,SUM(OFFSET(CÁLCULO!$AI$15,ROW($X347)-ROW($X$15),1):OFFSET(CÁLCULO!$BB$15,ROW($X347)-ROW($X$15),-1))),IF($C347=0,0,ROUND(SomaAgrup,15-13*$AF$11)))","v":5930.52},"RA","RA",{"$f":"IF($C347=\"S\",IF($Z347=\"CP\",$X347,IF($Z347=\"RA\",(($X347)*QCI!$AA$3),0)),SomaAgrup)","v":513.18985992560761},{"$f":"IF($C347=\"S\",IF($Z347=\"OU\",ROUND($X347,2),0),SomaAgrup)","v":0},{"$f":"IF($N347=\"\",\" \",\nIF(AND($C347<>\"S\",OR($R347=\"\",$R347=\"(digite a descrição aqui)\")),\"DESCRIÇÃO\",\nIF(AND($C347=\"S\",OR($Q347<>\"\",$T347>0,$U347>0),$P347=\"\"),\"FONTE\",\nIF(AND($C347=\"S\",$P347<>\"\",OR($T347>0,$U347>0),$Q347=\"\"),\"CÓDIGO\",\nIF(AND($C347=\"S\",$P347<>\"\",$Q347<>\"\",$R347=\"(Código não identificado nas referências)\"),\"CÓDIGO N/ID\",\nIF(AND($C347=\"S\",OR($R347=\"\",$R347=\"(digite a descrição aqui)\"),OR($Q347<>\"\",$T347>0,$U347>0)),\"DESCRIÇÃO\",\nIF(AND($C347=\"S\",$P347<>\"\",$Q347<>\"\",$S347=\"\"),\"UNIDADE\",\nIF(AND($C347=\"S\",$P347<>\"\",$Q347<>\"\",$U347=0),\"SEM CUSTO\",\nIF(AND(TIPOORCAMENTO=\"Licitado\",$AL347=0,$AN347>0),\"SEM PREÇO\",\nIF(AND($C347=\"S\",$P347<>\"\",$Q347<>\"\",$U347>0,AND($V347<>\"BDI 1\",$V347<>\"BDI 2\",$V347<>\"BDI 3\")),IF(ISNUMBER($V347),\"JUSTIFICAR BDI\",\"BDI\"),\nIF(OR(AND(import.recurso=\"OGU\",TIPOORCAMENTO=\"Proposto\",LEFT($O$8,5)<>\"(N/D:\",$AG347<>\"\",ORÇAMENTO.CustoUnitario>$AG347),AND(TIPOORCAMENTO=\"LICITADO\",ORÇAMENTO.PrecoUnitarioLicitado>$AN347)),\"ACIMA REF.\",\nIF(AND($C347=\"S\",$P347<>\"\",$Q347<>\"\",$T347=0,$U347>0),\"QUANT.\",\nIF(AND(Import.TipoArredondamento=\"TransfereGOV\",$L347=\"F\",$C347=\"S\",LEN($Q347)>13),\"Código >13\",\nIF(AND(Import.TipoArredondamento=\"TransfereGOV\",$L347=\"F\",$C347<>\"S\",LEN($R347)>100),\"Descrição >100\",\nIF(AND(Import.TipoArredondamento=\"TransfereGOV\",$L347=\"F\",$C347=\"S\",LEN($R347)>500),\"Descrição >500\",\nIF(AND(Import.TipoArredondamento=\"TransfereGOV\",$L347=\"F\",$C347=\"S\",LEFT(TRIM(UPPER($P347)),6)<>\"SINAPI\",ISNA(VLOOKUP(TRIM(UPPER($S347)),ListaTgov.Unidades,1,FALSE))),\"Unid. Não Disp\",\n\" \"))))))))))))))))","v":" "},{"$f":"IF(C347<=CRONO.NivelExibicao,MAX($AD$15:OFFSET(AD347,-1,0))+IF($C347<>1,1,MAX(1,COUNTIF(QCI!$A$13:$A$36,OFFSET($E347,-1,0)))),\"\")","v":""},{"$f":"IF(AND($C347=\"S\",ORÇAMENTO.CodBarra<>\"\"),IF(ORÇAMENTO.Fonte=\"\",ORÇAMENTO.CodBarra,CONCATENATE(ORÇAMENTO.Fonte,\" \",ORÇAMENTO.CodBarra)))","v":"SINAPI 91928"},{"$f":"IF(ISERROR(ORÇAMENTO.BancoRef),\"(abra o arquivo 'Referência \"&Excel_BuiltIn_Database&\".xlsm)\",IF(OR($C347<>\"S\",ORÇAMENTO.CodBarra=\"\"),\"(Sem Código)\",IF(ISERROR(MATCH($AE347,INDIRECT(ORÇAMENTO.BancoRef),0)),\"(Código não identificado nas referências)\",MATCH($AE347,INDIRECT(ORÇAMENTO.BancoRef),0))))","v":10640},{"$f":"ROUND(IF(DESONERACAO=\"sim\",REFERENCIA.Desonerado,REFERENCIA.NaoDesonerado),2)","v":6.99},0.25290000000000001,null,null,null,null,5930.52,{"$f":"ROUND(ORÇAMENTO.CustoUnitario*(1+$AH347),2)","v":8.76}]
["S",2,"S",0,{"$f":"IF($C348=1,OFFSET(E348,-1,0)+MAX(1,COUNTIF(QCI!$A$13:$A$36,OFFSET(ORÇAMENTO!E348,-1,0))),OFFSET(E348,-1,0))","v":17},1,0,0,20,0,{"$f":"IF(OR($C348=\"S\",$C348=0),0,MATCH(OFFSET($D348,0,$C348)+IF($C348<>1,1,COUNTIF(QCI!$A$13:$A$36,ORÇAMENTO!E348)),OFFSET($D348,1,$C348,ROW($C$472)-ROW($C348)),0))","v":0},"F","Serviço","Serviço","17.1.0.20.","SINAPI","91930",{"$f":"IF($C348=\"S\",REFERENCIA.Descricao,\"(digite a descrição aqui)\")","v":"CABO DE COBRE FLEXÍVEL ISOLADO, 6 MM², ANTI-CHAMA 450/750 V, PARA CIRCUITOS TERMINAIS - FORNECIMENTO E INSTALAÇÃO. AF_03/2023"},{"$f":"REFERENCIA.Unidade","v":"M"},{"$f":"OFFSET(CÁLCULO!H$15,ROW($T348)-ROW(T$15),0)","v":69.900000000000006},9.76,"BDI 1",{"$f":"IF($C348=\"S\",ROUND(IF(TIPOORCAMENTO=\"Proposto\",ORÇAMENTO.CustoUnitario*(1+$AH348),ORÇAMENTO.PrecoUnitarioLicitado),15-13*$AF$10),0)","v":12.23},{"$f":"IF($C348=\"S\",IF(OR(Import.TipoArredondamento<>\"TransfereGOV\",ACOMPANHAMENTO=\"BM\"),VTOTAL1,SUM(OFFSET(CÁLCULO!$AI$15,ROW($X348)-ROW($X$15),1):OFFSET(CÁLCULO!$BB$15,ROW($X348)-ROW($X$15),-1))),IF($C348=0,0,ROUND(SomaAgrup,15-13*$AF$11)))","v":854.88},"RA","RA",{"$f":"IF($C348=\"S\",IF($Z348=\"CP\",$X348,IF($Z348=\"RA\",(($X348)*QCI!$AA$3),0)),SomaAgrup)","v":73.975932541025642},{"$f":"IF($C348=\"S\",IF($Z348=\"OU\",ROUND($X348,2),0),SomaAgrup)","v":0},{"$f":"IF($N348=\"\",\" \",\nIF(AND($C348<>\"S\",OR($R348=\"\",$R348=\"(digite a descrição aqui)\")),\"DESCRIÇÃO\",\nIF(AND($C348=\"S\",OR($Q348<>\"\",$T348>0,$U348>0),$P348=\"\"),\"FONTE\",\nIF(AND($C348=\"S\",$P348<>\"\",OR($T348>0,$U348>0),$Q348=\"\"),\"CÓDIGO\",\nIF(AND($C348=\"S\",$P348<>\"\",$Q348<>\"\",$R348=\"(Código não identificado nas referências)\"),\"CÓDIGO N/ID\",\nIF(AND($C348=\"S\",OR($R348=\"\",$R348=\"(digite a descrição aqui)\"),OR($Q348<>\"\",$T348>0,$U348>0)),\"DESCRIÇÃO\",\nIF(AND($C348=\"S\",$P348<>\"\",$Q348<>\"\",$S348=\"\"),\"UNIDADE\",\nIF(AND($C348=\"S\",$P348<>\"\",$Q348<>\"\",$U348=0),\"SEM CUSTO\",\nIF(AND(TIPOORCAMENTO=\"Licitado\",$AL348=0,$AN348>0),\"SEM PREÇO\",\nIF(AND($C348=\"S\",$P348<>\"\",$Q348<>\"\",$U348>0,AND($V348<>\"BDI 1\",$V348<>\"BDI 2\",$V348<>\"BDI 3\")),IF(ISNUMBER($V348),\"JUSTIFICAR BDI\",\"BDI\"),\nIF(OR(AND(import.recurso=\"OGU\",TIPOORCAMENTO=\"Proposto\",LEFT($O$8,5)<>\"(N/D:\",$AG348<>\"\",ORÇAMENTO.CustoUnitario>$AG348),AND(TIPOORCAMENTO=\"LICITADO\",ORÇAMENTO.PrecoUnitarioLicitado>$AN348)),\"ACIMA REF.\",\nIF(AND($C348=\"S\",$P348<>\"\",$Q348<>\"\",$T348=0,$U348>0),\"QUANT.\",\nIF(AND(Import.TipoArredondamento=\"TransfereGOV\",$L348=\"F\",$C348=\"S\",LEN($Q348)>13),\"Código >13\",\nIF(AND(Import.TipoArredondamento=\"TransfereGOV\",$L348=\"F\",$C348<>\"S\",LEN($R348)>100),\"Descrição >100\",\nIF(AND(Import.TipoArredondamento=\"TransfereGOV\",$L348=\"F\",$C348=\"S\",LEN($R348)>500),\"Descrição >500\",\nIF(AND(Import.TipoArredondamento=\"TransfereGOV\",$L348=\"F\",$C348=\"S\",LEFT(TRIM(UPPER($P348)),6)<>\"SINAPI\",ISNA(VLOOKUP(TRIM(UPPER($S348)),ListaTgov.Unidades,1,FALSE))),\"Unid. Não Disp\",\n\" \"))))))))))))))))","v":" "},{"$f":"IF(C348<=CRONO.NivelExibicao,MAX($AD$15:OFFSET(AD348,-1,0))+IF($C348<>1,1,MAX(1,COUNTIF(QCI!$A$13:$A$36,OFFSET($E348,-1,0)))),\"\")","v":""},{"$f":"IF(AND($C348=\"S\",ORÇAMENTO.CodBarra<>\"\"),IF(ORÇAMENTO.Fonte=\"\",ORÇAMENTO.CodBarra,CONCATENATE(ORÇAMENTO.Fonte,\" \",ORÇAMENTO.CodBarra)))","v":"SINAPI 91930"},{"$f":"IF(ISERROR(ORÇAMENTO.BancoRef),\"(abra o arquivo 'Referência \"&Excel_BuiltIn_Database&\".xlsm)\",IF(OR($C348<>\"S\",ORÇAMENTO.CodBarra=\"\"),\"(Sem Código)\",IF(ISERROR(MATCH($AE348,INDIRECT(ORÇAMENTO.BancoRef),0)),\"(Código não identificado nas referências)\",MATCH($AE348,INDIRECT(ORÇAMENTO.BancoRef),0))))","v":10642},{"$f":"ROUND(IF(DESONERACAO=\"sim\",REFERENCIA.Desonerado,REFERENCIA.NaoDesonerado),2)","v":9.76},0.25290000000000001,null,null,null,null,854.88,{"$f":"ROUND(ORÇAMENTO.CustoUnitario*(1+$AH348),2)","v":12.23}]
["S",2,"S",0,{"$f":"IF($C349=1,OFFSET(E349,-1,0)+MAX(1,COUNTIF(QCI!$A$13:$A$36,OFFSET(ORÇAMENTO!E349,-1,0))),OFFSET(E349,-1,0))","v":17},1,0,0,21,0,{"$f":"IF(OR($C349=\"S\",$C349=0),0,MATCH(OFFSET($D349,0,$C349)+IF($C349<>1,1,COUNTIF(QCI!$A$13:$A$36,ORÇAMENTO!E349)),OFFSET($D349,1,$C349,ROW($C$472)-ROW($C349)),0))","v":0},"F","Serviço","Serviço","17.1.0.21.","SINAPI","97886",{"$f":"IF($C349=\"S\",REFERENCIA.Descricao,\"(digite a descrição aqui)\")","v":"CAIXA ENTERRADA ELÉTRICA RETANGULAR, EM ALVENARIA COM TIJOLOS CERÂMICOS MACIÇOS, FUNDO COM BRITA, DIMENSÕES INTERNAS: 0,3X0,3X0,3 M. AF_12/2020"},{"$f":"REFERENCIA.Unidade","v":"UN"},{"$f":"OFFSET(CÁLCULO!H$15,ROW($T349)-ROW(T$15),0)","v":2},167.86,"BDI 1",{"$f":"IF($C349=\"S\",ROUND(IF(TIPOORCAMENTO=\"Proposto\",ORÇAMENTO.CustoUnitario*(1+$AH349),ORÇAMENTO.PrecoUnitarioLicitado),15-13*$AF$10),0)","v":210.31},{"$f":"IF($C349=\"S\",IF(OR(Import.TipoArredondamento<>\"TransfereGOV\",ACOMPANHAMENTO=\"BM\"),VTOTAL1,SUM(OFFSET(CÁLCULO!$AI$15,ROW($X349)-ROW($X$15),1):OFFSET(CÁLCULO!$BB$15,ROW($X349)-ROW($X$15),-1))),IF($C349=0,0,ROUND(SomaAgrup,15-13*$AF$11)))","v":420.62},"RA","RA",{"$f":"IF($C349=\"S\",IF($Z349=\"CP\",$X349,IF($Z349=\"RA\",(($X349)*QCI!$AA$3),0)),SomaAgrup)","v":36.397806411901328},{"$f":"IF($C349=\"S\",IF($Z349=\"OU\",ROUND($X349,2),0),SomaAgrup)","v":0},{"$f":"IF($N349=\"\",\" \",\nIF(AND($C349<>\"S\",OR($R349=\"\",$R349=\"(digite a descrição aqui)\")),\"DESCRIÇÃO\",\nIF(AND($C349=\"S\",OR($Q349<>\"\",$T349>0,$U349>0),$P349=\"\"),\"FONTE\",\nIF(AND($C349=\"S\",$P349<>\"\",OR($T349>0,$U349>0),$Q349=\"\"),\"CÓDIGO\",\nIF(AND($C349=\"S\",$P349<>\"\",$Q349<>\"\",$R349=\"(Código não identificado nas referências)\"),\"CÓDIGO N/ID\",\nIF(AND($C349=\"S\",OR($R349=\"\",$R349=\"(digite a descrição aqui)\"),OR($Q349<>\"\",$T349>0,$U349>0)),\"DESCRIÇÃO\",\nIF(AND($C349=\"S\",$P349<>\"\",$Q349<>\"\",$S349=\"\"),\"UNIDADE\",\nIF(AND($C349=\"S\",$P349<>\"\",$Q349<>\"\",$U349=0),\"SEM CUSTO\",\nIF(AND(TIPOORCAMENTO=\"Licitado\",$AL349=0,$AN349>0),\"SEM PREÇO\",\nIF(AND($C349=\"S\",$P349<>\"\",$Q349<>\"\",$U349>0,AND($V349<>\"BDI 1\",$V349<>\"BDI 2\",$V349<>\"BDI 3\")),IF(ISNUMBER($V349),\"JUSTIFICAR BDI\",\"BDI\"),\nIF(OR(AND(import.recurso=\"OGU\",TIPOORCAMENTO=\"Proposto\",LEFT($O$8,5)<>\"(N/D:\",$AG349<>\"\",ORÇAMENTO.CustoUnitario>$AG349),AND(TIPOORCAMENTO=\"LICITADO\",ORÇAMENTO.PrecoUnitarioLicitado>$AN349)),\"ACIMA REF.\",\nIF(AND($C349=\"S\",$P349<>\"\",$Q349<>\"\",$T349=0,$U349>0),\"QUANT.\",\nIF(AND(Import.TipoArredondamento=\"TransfereGOV\",$L349=\"F\",$C349=\"S\",LEN($Q349)>13),\"Código >13\",\nIF(AND(Import.TipoArredondamento=\"TransfereGOV\",$L349=\"F\",$C349<>\"S\",LEN($R349)>100),\"Descrição >100\",\nIF(AND(Import.TipoArredondamento=\"TransfereGOV\",$L349=\"F\",$C349=\"S\",LEN($R349)>500),\"Descrição >500\",\nIF(AND(Import.TipoArredondamento=\"TransfereGOV\",$L349=\"F\",$C349=\"S\",LEFT(TRIM(UPPER($P349)),6)<>\"SINAPI\",ISNA(VLOOKUP(TRIM(UPPER($S349)),ListaTgov.Unidades,1,FALSE))),\"Unid. Não Disp\",\n\" \"))))))))))))))))","v":" "},{"$f":"IF(C349<=CRONO.NivelExibicao,MAX($AD$15:OFFSET(AD349,-1,0))+IF($C349<>1,1,MAX(1,COUNTIF(QCI!$A$13:$A$36,OFFSET($E349,-1,0)))),\"\")","v":""},{"$f":"IF(AND($C349=\"S\",ORÇAMENTO.CodBarra<>\"\"),IF(ORÇAMENTO.Fonte=\"\",ORÇAMENTO.CodBarra,CONCATENATE(ORÇAMENTO.Fonte,\" \",ORÇAMENTO.CodBarra)))","v":"SINAPI 97886"},{"$f":"IF(ISERROR(ORÇAMENTO.BancoRef),\"(abra o arquivo 'Referência \"&Excel_BuiltIn_Database&\".xlsm)\",IF(OR($C349<>\"S\",ORÇAMENTO.CodBarra=\"\"),\"(Sem Código)\",IF(ISERROR(MATCH($AE349,INDIRECT(ORÇAMENTO.BancoRef),0)),\"(Código não identificado nas referências)\",MATCH($AE349,INDIRECT(ORÇAMENTO.BancoRef),0))))","v":7388},{"$f":"ROUND(IF(DESONERACAO=\"sim\",REFERENCIA.Desonerado,REFERENCIA.NaoDesonerado),2)","v":167.86},0.25290000000000001,null,null,null,null,420.62,{"$f":"ROUND(ORÇAMENTO.CustoUnitario*(1+$AH349),2)","v":210.31}]
[{"$f":"CHOOSE(1+LOG(1+2*(ORÇAMENTO.Nivel=\"Meta\")+4*(ORÇAMENTO.Nivel=\"Nível 2\")+8*(ORÇAMENTO.Nivel=\"Nível 3\")+16*(ORÇAMENTO.Nivel=\"Nível 4\")+32*(ORÇAMENTO.Nivel=\"Serviço\"),2),0,1,2,3,4,\"S\")","v":"S"},2,"S",0,{"$f":"IF($C350=1,OFFSET(E350,-1,0)+MAX(1,COUNTIF(QCI!$A$13:$A$36,OFFSET(ORÇAMENTO!E350,-1,0))),OFFSET(E350,-1,0))","v":17},1,0,0,22,0,{"$f":"IF(OR($C350=\"S\",$C350=0),0,MATCH(OFFSET($D350,0,$C350)+IF($C350<>1,1,COUNTIF(QCI!$A$13:$A$36,ORÇAMENTO!E350)),OFFSET($D350,1,$C350,ROW($C$472)-ROW($C350)),0))","v":0},"F","Serviço","Serviço","17.1.0.22.","Composição","COMP91",{"$f":"IF($C350=\"S\",REFERENCIA.Descricao,\"(digite a descrição aqui)\")","v":"CAIXA DE PASSAGEM CH.DE ACO C/TAMPA APARAF. 200x200x100 PISO"},{"$f":"REFERENCIA.Unidade","v":"UN"},{"$f":"OFFSET(CÁLCULO!H$15,ROW($T350)-ROW(T$15),0)","v":3},126.25,"BDI 1",{"$f":"IF($C350=\"S\",ROUND(IF(TIPOORCAMENTO=\"Proposto\",ORÇAMENTO.CustoUnitario*(1+$AH350),ORÇAMENTO.PrecoUnitarioLicitado),15-13*$AF$10),0)","v":158.18},{"$f":"IF($C350=\"S\",IF(OR(Import.TipoArredondamento<>\"TransfereGOV\",ACOMPANHAMENTO=\"BM\"),VTOTAL1,SUM(OFFSET(CÁLCULO!$AI$15,ROW($X350)-ROW($X$15),1):OFFSET(CÁLCULO!$BB$15,ROW($X350)-ROW($X$15),-1))),IF($C350=0,0,ROUND(SomaAgrup,15-13*$AF$11)))","v":474.54},"RA","RA",{"$f":"IF($C350=\"S\",IF($Z350=\"CP\",$X350,IF($Z350=\"RA\",(($X350)*QCI!$AA$3),0)),SomaAgrup)","v":41.063703710483708},{"$f":"IF($C350=\"S\",IF($Z350=\"OU\",ROUND($X350,2),0),SomaAgrup)","v":0},{"$f":"IF($N350=\"\",\" \",\nIF(AND($C350<>\"S\",OR($R350=\"\",$R350=\"(digite a descrição aqui)\")),\"DESCRIÇÃO\",\nIF(AND($C350=\"S\",OR($Q350<>\"\",$T350>0,$U350>0),$P350=\"\"),\"FONTE\",\nIF(AND($C350=\"S\",$P350<>\"\",OR($T350>0,$U350>0),$Q350=\"\"),\"CÓDIGO\",\nIF(AND($C350=\"S\",$P350<>\"\",$Q350<>\"\",$R350=\"(Código não identificado nas referências)\"),\"CÓDIGO N/ID\",\nIF(AND($C350=\"S\",OR($R350=\"\",$R350=\"(digite a descrição aqui)\"),OR($Q350<>\"\",$T350>0,$U350>0)),\"DESCRIÇÃO\",\nIF(AND($C350=\"S\",$P350<>\"\",$Q350<>\"\",$S350=\"\"),\"UNIDADE\",\nIF(AND($C350=\"S\",$P350<>\"\",$Q350<>\"\",$U350=0),\"SEM CUSTO\",\nIF(AND(TIPOORCAMENTO=\"Licitado\",$AL350=0,$AN350>0),\"SEM PREÇO\",\nIF(AND($C350=\"S\",$P350<>\"\",$Q350<>\"\",$U350>0,AND($V350<>\"BDI 1\",$V350<>\"BDI 2\",$V350<>\"BDI 3\")),IF(ISNUMBER($V350),\"JUSTIFICAR BDI\",\"BDI\"),\nIF(OR(AND(import.recurso=\"OGU\",TIPOORCAMENTO=\"Proposto\",LEFT($O$8,5)<>\"(N/D:\",$AG350<>\"\",ORÇAMENTO.CustoUnitario>$AG350),AND(TIPOORCAMENTO=\"LICITADO\",ORÇAMENTO.PrecoUnitarioLicitado>$AN350)),\"ACIMA REF.\",\nIF(AND($C350=\"S\",$P350<>\"\",$Q350<>\"\",$T350=0,$U350>0),\"QUANT.\",\nIF(AND(Import.TipoArredondamento=\"TransfereGOV\",$L350=\"F\",$C350=\"S\",LEN($Q350)>13),\"Código >13\",\nIF(AND(Import.TipoArredondamento=\"TransfereGOV\",$L350=\"F\",$C350<>\"S\",LEN($R350)>100),\"Descrição >100\",\nIF(AND(Import.TipoArredondamento=\"TransfereGOV\",$L350=\"F\",$C350=\"S\",LEN($R350)>500),\"Descrição >500\",\nIF(AND(Import.TipoArredondamento=\"TransfereGOV\",$L350=\"F\",$C350=\"S\",LEFT(TRIM(UPPER($P350)),6)<>\"SINAPI\",ISNA(VLOOKUP(TRIM(UPPER($S350)),ListaTgov.Unidades,1,FALSE))),\"Unid. Não Disp\",\n\" \"))))))))))))))))","v":" "},{"$f":"IF(C350<=CRONO.NivelExibicao,MAX($AD$15:OFFSET(AD350,-1,0))+IF($C350<>1,1,MAX(1,COUNTIF(QCI!$A$13:$A$36,OFFSET($E350,-1,0)))),\"\")","v":""},{"$f":"IF(AND($C350=\"S\",ORÇAMENTO.CodBarra<>\"\"),IF(ORÇAMENTO.Fonte=\"\",ORÇAMENTO.CodBarra,CONCATENATE(ORÇAMENTO.Fonte,\" \",ORÇAMENTO.CodBarra)))","v":"Composição COMP91"},{"$f":"IF(ISERROR(ORÇAMENTO.BancoRef),\"(abra o arquivo 'Referência \"&Excel_BuiltIn_Database&\".xlsm)\",IF(OR($C350<>\"S\",ORÇAMENTO.CodBarra=\"\"),\"(Sem Código)\",IF(ISERROR(MATCH($AE350,INDIRECT(ORÇAMENTO.BancoRef),0)),\"(Código não identificado nas referências)\",MATCH($AE350,INDIRECT(ORÇAMENTO.BancoRef),0))))","v":93},{"$f":"ROUND(IF(DESONERACAO=\"sim\",REFERENCIA.Desonerado,REFERENCIA.NaoDesonerado),2)","v":126.25},{"$f":"ROUND(IF(ISNUMBER(ORÇAMENTO.OpcaoBDI),ORÇAMENTO.OpcaoBDI,IF(LEFT(ORÇAMENTO.OpcaoBDI,3)=\"BDI\",HLOOKUP(ORÇAMENTO.OpcaoBDI,$F$4:$H$5,2,FALSE),0)),15-11*$AF$9)","v":0.25290000000000001},null,null,null,null,474.54,{"$f":"ROUND(ORÇAMENTO.CustoUnitario*(1+$AH350),2)","v":158.18}]
["S",2,"S",0,{"$f":"IF($C351=1,OFFSET(E351,-1,0)+MAX(1,COUNTIF(QCI!$A$13:$A$36,OFFSET(ORÇAMENTO!E351,-1,0))),OFFSET(E351,-1,0))","v":17},1,0,0,23,0,{"$f":"IF(OR($C351=\"S\",$C351=0),0,MATCH(OFFSET($D351,0,$C351)+IF($C351<>1,1,COUNTIF(QCI!$A$13:$A$36,ORÇAMENTO!E351)),OFFSET($D351,1,$C351,ROW($C$472)-ROW($C351)),0))","v":0},"F","Serviço","Serviço","17.1.0.23.","Composição","COMP92",{"$f":"IF($C351=\"S\",REFERENCIA.Descricao,\"(digite a descrição aqui)\")","v":"CAIXA DE PASSAGEM DE ACO C/ TAMPA APARAFUSADA 302X302X120"},{"$f":"REFERENCIA.Unidade","v":"UN"},{"$f":"OFFSET(CÁLCULO!H$15,ROW($T351)-ROW(T$15),0)","v":1},249.18,"BDI 1",{"$f":"IF($C351=\"S\",ROUND(IF(TIPOORCAMENTO=\"Proposto\",ORÇAMENTO.CustoUnitario*(1+$AH351),ORÇAMENTO.PrecoUnitarioLicitado),15-13*$AF$10),0)","v":312.2},{"$f":"IF($C351=\"S\",IF(OR(Import.TipoArredondamento<>\"TransfereGOV\",ACOMPANHAMENTO=\"BM\"),VTOTAL1,SUM(OFFSET(CÁLCULO!$AI$15,ROW($X351)-ROW($X$15),1):OFFSET(CÁLCULO!$BB$15,ROW($X351)-ROW($X$15),-1))),IF($C351=0,0,ROUND(SomaAgrup,15-13*$AF$11)))","v":312.2},"RA","RA",{"$f":"IF($C351=\"S\",IF($Z351=\"CP\",$X351,IF($Z351=\"RA\",(($X351)*QCI!$AA$3),0)),SomaAgrup)","v":27.015822266643511},{"$f":"IF($C351=\"S\",IF($Z351=\"OU\",ROUND($X351,2),0),SomaAgrup)","v":0},{"$f":"IF($N351=\"\",\" \",\nIF(AND($C351<>\"S\",OR($R351=\"\",$R351=\"(digite a descrição aqui)\")),\"DESCRIÇÃO\",\nIF(AND($C351=\"S\",OR($Q351<>\"\",$T351>0,$U351>0),$P351=\"\"),\"FONTE\",\nIF(AND($C351=\"S\",$P351<>\"\",OR($T351>0,$U351>0),$Q351=\"\"),\"CÓDIGO\",\nIF(AND($C351=\"S\",$P351<>\"\",$Q351<>\"\",$R351=\"(Código não identificado nas referências)\"),\"CÓDIGO N/ID\",\nIF(AND($C351=\"S\",OR($R351=\"\",$R351=\"(digite a descrição aqui)\"),OR($Q351<>\"\",$T351>0,$U351>0)),\"DESCRIÇÃO\",\nIF(AND($C351=\"S\",$P351<>\"\",$Q351<>\"\",$S351=\"\"),\"UNIDADE\",\nIF(AND($C351=\"S\",$P351<>\"\",$Q351<>\"\",$U351=0),\"SEM CUSTO\",\nIF(AND(TIPOORCAMENTO=\"Licitado\",$AL351=0,$AN351>0),\"SEM PREÇO\",\nIF(AND($C351=\"S\",$P351<>\"\",$Q351<>\"\",$U351>0,AND($V351<>\"BDI 1\",$V351<>\"BDI 2\",$V351<>\"BDI 3\")),IF(ISNUMBER($V351),\"JUSTIFICAR BDI\",\"BDI\"),\nIF(OR(AND(import.recurso=\"OGU\",TIPOORCAMENTO=\"Proposto\",LEFT($O$8,5)<>\"(N/D:\",$AG351<>\"\",ORÇAMENTO.CustoUnitario>$AG351),AND(TIPOORCAMENTO=\"LICITADO\",ORÇAMENTO.PrecoUnitarioLicitado>$AN351)),\"ACIMA REF.\",\nIF(AND($C351=\"S\",$P351<>\"\",$Q351<>\"\",$T351=0,$U351>0),\"QUANT.\",\nIF(AND(Import.TipoArredondamento=\"TransfereGOV\",$L351=\"F\",$C351=\"S\",LEN($Q351)>13),\"Código >13\",\nIF(AND(Import.TipoArredondamento=\"TransfereGOV\",$L351=\"F\",$C351<>\"S\",LEN($R351)>100),\"Descrição >100\",\nIF(AND(Import.TipoArredondamento=\"TransfereGOV\",$L351=\"F\",$C351=\"S\",LEN($R351)>500),\"Descrição >500\",\nIF(AND(Import.TipoArredondamento=\"TransfereGOV\",$L351=\"F\",$C351=\"S\",LEFT(TRIM(UPPER($P351)),6)<>\"SINAPI\",ISNA(VLOOKUP(TRIM(UPPER($S351)),ListaTgov.Unidades,1,FALSE))),\"Unid. Não Disp\",\n\" \"))))))))))))))))","v":" "},{"$f":"IF(C351<=CRONO.NivelExibicao,MAX($AD$15:OFFSET(AD351,-1,0))+IF($C351<>1,1,MAX(1,COUNTIF(QCI!$A$13:$A$36,OFFSET($E351,-1,0)))),\"\")","v":""},{"$f":"IF(AND($C351=\"S\",ORÇAMENTO.CodBarra<>\"\"),IF(ORÇAMENTO.Fonte=\"\",ORÇAMENTO.CodBarra,CONCATENATE(ORÇAMENTO.Fonte,\" \",ORÇAMENTO.CodBarra)))","v":"Composição COMP92"},{"$f":"IF(ISERROR(ORÇAMENTO.BancoRef),\"(abra o arquivo 'Referência \"&Excel_BuiltIn_Database&\".xlsm)\",IF(OR($C351<>\"S\",ORÇAMENTO.CodBarra=\"\"),\"(Sem Código)\",IF(ISERROR(MATCH($AE351,INDIRECT(ORÇAMENTO.BancoRef),0)),\"(Código não identificado nas referências)\",MATCH($AE351,INDIRECT(ORÇAMENTO.BancoRef),0))))","v":94},{"$f":"ROUND(IF(DESONERACAO=\"sim\",REFERENCIA.Desonerado,REFERENCIA.NaoDesonerado),2)","v":249.18},0.25290000000000001,null,null,null,null,312.2,{"$f":"ROUND(ORÇAMENTO.CustoUnitario*(1+$AH351),2)","v":312.2}]
["S",2,"S",0,{"$f":"IF($C352=1,OFFSET(E352,-1,0)+MAX(1,COUNTIF(QCI!$A$13:$A$36,OFFSET(ORÇAMENTO!E352,-1,0))),OFFSET(E352,-1,0))","v":17},1,0,0,24,0,{"$f":"IF(OR($C352=\"S\",$C352=0),0,MATCH(OFFSET($D352,0,$C352)+IF($C352<>1,1,COUNTIF(QCI!$A$13:$A$36,ORÇAMENTO!E352)),OFFSET($D352,1,$C352,ROW($C$472)-ROW($C352)),0))","v":0},"F","Serviço","Serviço","17.1.0.24.","SINAPI","91955",{"$f":"IF($C352=\"S\",REFERENCIA.Descricao,\"(digite a descrição aqui)\")","v":"INTERRUPTOR PARALELO (1 MÓDULO), 10A/250V, INCLUINDO SUPORTE E PLACA - FORNECIMENTO E INSTALAÇÃO. AF_03/2023"},{"$f":"REFERENCIA.Unidade","v":"UN"},{"$f":"OFFSET(CÁLCULO!H$15,ROW($T352)-ROW(T$15),0)","v":8},35.700000000000003,"BDI 1",{"$f":"IF($C352=\"S\",ROUND(IF(TIPOORCAMENTO=\"Proposto\",ORÇAMENTO.CustoUnitario*(1+$AH352),ORÇAMENTO.PrecoUnitarioLicitado),15-13*$AF$10),0)","v":44.73},{"$f":"IF($C352=\"S\",IF(OR(Import.TipoArredondamento<>\"TransfereGOV\",ACOMPANHAMENTO=\"BM\"),VTOTAL1,SUM(OFFSET(CÁLCULO!$AI$15,ROW($X352)-ROW($X$15),1):OFFSET(CÁLCULO!$BB$15,ROW($X352)-ROW($X$15),-1))),IF($C352=0,0,ROUND(SomaAgrup,15-13*$AF$11)))","v":357.84},"RA","RA",{"$f":"IF($C352=\"S\",IF($Z352=\"CP\",$X352,IF($Z352=\"RA\",(($X352)*QCI!$AA$3),0)),SomaAgrup)","v":30.965220499345659},{"$f":"IF($C352=\"S\",IF($Z352=\"OU\",ROUND($X352,2),0),SomaAgrup)","v":0},{"$f":"IF($N352=\"\",\" \",\nIF(AND($C352<>\"S\",OR($R352=\"\",$R352=\"(digite a descrição aqui)\")),\"DESCRIÇÃO\",\nIF(AND($C352=\"S\",OR($Q352<>\"\",$T352>0,$U352>0),$P352=\"\"),\"FONTE\",\nIF(AND($C352=\"S\",$P352<>\"\",OR($T352>0,$U352>0),$Q352=\"\"),\"CÓDIGO\",\nIF(AND($C352=\"S\",$P352<>\"\",$Q352<>\"\",$R352=\"(Código não identificado nas referências)\"),\"CÓDIGO N/ID\",\nIF(AND($C352=\"S\",OR($R352=\"\",$R352=\"(digite a descrição aqui)\"),OR($Q352<>\"\",$T352>0,$U352>0)),\"DESCRIÇÃO\",\nIF(AND($C352=\"S\",$P352<>\"\",$Q352<>\"\",$S352=\"\"),\"UNIDADE\",\nIF(AND($C352=\"S\",$P352<>\"\",$Q352<>\"\",$U352=0),\"SEM CUSTO\",\nIF(AND(TIPOORCAMENTO=\"Licitado\",$AL352=0,$AN352>0),\"SEM PREÇO\",\nIF(AND($C352=\"S\",$P352<>\"\",$Q352<>\"\",$U352>0,AND($V352<>\"BDI 1\",$V352<>\"BDI 2\",$V352<>\"BDI 3\")),IF(ISNUMBER($V352),\"JUSTIFICAR BDI\",\"BDI\"),\nIF(OR(AND(import.recurso=\"OGU\",TIPOORCAMENTO=\"Proposto\",LEFT($O$8,5)<>\"(N/D:\",$AG352<>\"\",ORÇAMENTO.CustoUnitario>$AG352),AND(TIPOORCAMENTO=\"LICITADO\",ORÇAMENTO.PrecoUnitarioLicitado>$AN352)),\"ACIMA REF.\",\nIF(AND($C352=\"S\",$P352<>\"\",$Q352<>\"\",$T352=0,$U352>0),\"QUANT.\",\nIF(AND(Import.TipoArredondamento=\"TransfereGOV\",$L352=\"F\",$C352=\"S\",LEN($Q352)>13),\"Código >13\",\nIF(AND(Import.TipoArredondamento=\"TransfereGOV\",$L352=\"F\",$C352<>\"S\",LEN($R352)>100),\"Descrição >100\",\nIF(AND(Import.TipoArredondamento=\"TransfereGOV\",$L352=\"F\",$C352=\"S\",LEN($R352)>500),\"Descrição >500\",\nIF(AND(Import.TipoArredondamento=\"TransfereGOV\",$L352=\"F\",$C352=\"S\",LEFT(TRIM(UPPER($P352)),6)<>\"SINAPI\",ISNA(VLOOKUP(TRIM(UPPER($S352)),ListaTgov.Unidades,1,FALSE))),\"Unid. Não Disp\",\n\" \"))))))))))))))))","v":" "},{"$f":"IF(C352<=CRONO.NivelExibicao,MAX($AD$15:OFFSET(AD352,-1,0))+IF($C352<>1,1,MAX(1,COUNTIF(QCI!$A$13:$A$36,OFFSET($E352,-1,0)))),\"\")","v":""},{"$f":"IF(AND($C352=\"S\",ORÇAMENTO.CodBarra<>\"\"),IF(ORÇAMENTO.Fonte=\"\",ORÇAMENTO.CodBarra,CONCATENATE(ORÇAMENTO.Fonte,\" \",ORÇAMENTO.CodBarra)))","v":"SINAPI 91955"},{"$f":"IF(ISERROR(ORÇAMENTO.BancoRef),\"(abra o arquivo 'Referência \"&Excel_BuiltIn_Database&\".xlsm)\",IF(OR($C352<>\"S\",ORÇAMENTO.CodBarra=\"\"),\"(Sem Código)\",IF(ISERROR(MATCH($AE352,INDIRECT(ORÇAMENTO.BancoRef),0)),\"(Código não identificado nas referências)\",MATCH($AE352,INDIRECT(ORÇAMENTO.BancoRef),0))))","v":10743},{"$f":"ROUND(IF(DESONERACAO=\"sim\",REFERENCIA.Desonerado,REFERENCIA.NaoDesonerado),2)","v":35.700000000000003},0.25290000000000001,null,null,null,null,357.84,{"$f":"ROUND(ORÇAMENTO.CustoUnitario*(1+$AH352),2)","v":44.73}]
["S",2,"S",0,{"$f":"IF($C353=1,OFFSET(E353,-1,0)+MAX(1,COUNTIF(QCI!$A$13:$A$36,OFFSET(ORÇAMENTO!E353,-1,0))),OFFSET(E353,-1,0))","v":17},1,0,0,25,0,{"$f":"IF(OR($C353=\"S\",$C353=0),0,MATCH(OFFSET($D353,0,$C353)+IF($C353<>1,1,COUNTIF(QCI!$A$13:$A$36,ORÇAMENTO!E353)),OFFSET($D353,1,$C353,ROW($C$472)-ROW($C353)),0))","v":0},"F","Serviço","Serviço","17.1.0.25.","SINAPI","91961",{"$f":"IF($C353=\"S\",REFERENCIA.Descricao,\"(digite a descrição aqui)\")","v":"INTERRUPTOR PARALELO (2 MÓDULOS), 10A/250V, INCLUINDO SUPORTE E PLACA - FORNECIMENTO E INSTALAÇÃO. AF_03/2023"},{"$f":"REFERENCIA.Unidade","v":"UN"},{"$f":"OFFSET(CÁLCULO!H$15,ROW($T353)-ROW(T$15),0)","v":1},57.36,"BDI 1",{"$f":"IF($C353=\"S\",ROUND(IF(TIPOORCAMENTO=\"Proposto\",ORÇAMENTO.CustoUnitario*(1+$AH353),ORÇAMENTO.PrecoUnitarioLicitado),15-13*$AF$10),0)","v":71.87},{"$f":"IF($C353=\"S\",IF(OR(Import.TipoArredondamento<>\"TransfereGOV\",ACOMPANHAMENTO=\"BM\"),VTOTAL1,SUM(OFFSET(CÁLCULO!$AI$15,ROW($X353)-ROW($X$15),1):OFFSET(CÁLCULO!$BB$15,ROW($X353)-ROW($X$15),-1))),IF($C353=0,0,ROUND(SomaAgrup,15-13*$AF$11)))","v":71.87},"RA","RA",{"$f":"IF($C353=\"S\",IF($Z353=\"CP\",$X353,IF($Z353=\"RA\",(($X353)*QCI!$AA$3),0)),SomaAgrup)","v":6.2191772783589672},{"$f":"IF($C353=\"S\",IF($Z353=\"OU\",ROUND($X353,2),0),SomaAgrup)","v":0},{"$f":"IF($N353=\"\",\" \",\nIF(AND($C353<>\"S\",OR($R353=\"\",$R353=\"(digite a descrição aqui)\")),\"DESCRIÇÃO\",\nIF(AND($C353=\"S\",OR($Q353<>\"\",$T353>0,$U353>0),$P353=\"\"),\"FONTE\",\nIF(AND($C353=\"S\",$P353<>\"\",OR($T353>0,$U353>0),$Q353=\"\"),\"CÓDIGO\",\nIF(AND($C353=\"S\",$P353<>\"\",$Q353<>\"\",$R353=\"(Código não identificado nas referências)\"),\"CÓDIGO N/ID\",\nIF(AND($C353=\"S\",OR($R353=\"\",$R353=\"(digite a descrição aqui)\"),OR($Q353<>\"\",$T353>0,$U353>0)),\"DESCRIÇÃO\",\nIF(AND($C353=\"S\",$P353<>\"\",$Q353<>\"\",$S353=\"\"),\"UNIDADE\",\nIF(AND($C353=\"S\",$P353<>\"\",$Q353<>\"\",$U353=0),\"SEM CUSTO\",\nIF(AND(TIPOORCAMENTO=\"Licitado\",$AL353=0,$AN353>0),\"SEM PREÇO\",\nIF(AND($C353=\"S\",$P353<>\"\",$Q353<>\"\",$U353>0,AND($V353<>\"BDI 1\",$V353<>\"BDI 2\",$V353<>\"BDI 3\")),IF(ISNUMBER($V353),\"JUSTIFICAR BDI\",\"BDI\"),\nIF(OR(AND(import.recurso=\"OGU\",TIPOORCAMENTO=\"Proposto\",LEFT($O$8,5)<>\"(N/D:\",$AG353<>\"\",ORÇAMENTO.CustoUnitario>$AG353),AND(TIPOORCAMENTO=\"LICITADO\",ORÇAMENTO.PrecoUnitarioLicitado>$AN353)),\"ACIMA REF.\",\nIF(AND($C353=\"S\",$P353<>\"\",$Q353<>\"\",$T353=0,$U353>0),\"QUANT.\",\nIF(AND(Import.TipoArredondamento=\"TransfereGOV\",$L353=\"F\",$C353=\"S\",LEN($Q353)>13),\"Código >13\",\nIF(AND(Import.TipoArredondamento=\"TransfereGOV\",$L353=\"F\",$C353<>\"S\",LEN($R353)>100),\"Descrição >100\",\nIF(AND(Import.TipoArredondamento=\"TransfereGOV\",$L353=\"F\",$C353=\"S\",LEN($R353)>500),\"Descrição >500\",\nIF(AND(Import.TipoArredondamento=\"TransfereGOV\",$L353=\"F\",$C353=\"S\",LEFT(TRIM(UPPER($P353)),6)<>\"SINAPI\",ISNA(VLOOKUP(TRIM(UPPER($S353)),ListaTgov.Unidades,1,FALSE))),\"Unid. Não Disp\",\n\" \"))))))))))))))))","v":" "},{"$f":"IF(C353<=CRONO.NivelExibicao,MAX($AD$15:OFFSET(AD353,-1,0))+IF($C353<>1,1,MAX(1,COUNTIF(QCI!$A$13:$A$36,OFFSET($E353,-1,0)))),\"\")","v":""},{"$f":"IF(AND($C353=\"S\",ORÇAMENTO.CodBarra<>\"\"),IF(ORÇAMENTO.Fonte=\"\",ORÇAMENTO.CodBarra,CONCATENATE(ORÇAMENTO.Fonte,\" \",ORÇAMENTO.CodBarra)))","v":"SINAPI 91961"},{"$f":"IF(ISERROR(ORÇAMENTO.BancoRef),\"(abra o arquivo 'Referência \"&Excel_BuiltIn_Database&\".xlsm)\",IF(OR($C353<>\"S\",ORÇAMENTO.CodBarra=\"\"),\"(Sem Código)\",IF(ISERROR(MATCH($AE353,INDIRECT(ORÇAMENTO.BancoRef),0)),\"(Código não identificado nas referências)\",MATCH($AE353,INDIRECT(ORÇAMENTO.BancoRef),0))))","v":10747},{"$f":"ROUND(IF(DESONERACAO=\"sim\",REFERENCIA.Desonerado,REFERENCIA.NaoDesonerado),2)","v":57.36},0.25290000000000001,null,null,null,null,71.87,{"$f":"ROUND(ORÇAMENTO.CustoUnitario*(1+$AH353),2)","v":71.87}]
["S",2,"S",0,{"$f":"IF($C354=1,OFFSET(E354,-1,0)+MAX(1,COUNTIF(QCI!$A$13:$A$36,OFFSET(ORÇAMENTO!E354,-1,0))),OFFSET(E354,-1,0))","v":17},1,0,0,26,0,{"$f":"IF(OR($C354=\"S\",$C354=0),0,MATCH(OFFSET($D354,0,$C354)+IF($C354<>1,1,COUNTIF(QCI!$A$13:$A$36,ORÇAMENTO!E354)),OFFSET($D354,1,$C354,ROW($C$472)-ROW($C354)),0))","v":0},"F","Serviço","Serviço","17.1.0.26.","SINAPI","91957",{"$f":"IF($C354=\"S\",REFERENCIA.Descricao,\"(digite a descrição aqui)\")","v":"INTERRUPTOR SIMPLES (1 MÓDULO) COM INTERRUPTOR PARALELO (1 MÓDULO), 10A/250V, INCLUINDO SUPORTE E PLACA - FORNECIMENTO E INSTALAÇÃO. AF_03/2023"},{"$f":"REFERENCIA.Unidade","v":"UN"},{"$f":"OFFSET(CÁLCULO!H$15,ROW($T354)-ROW(T$15),0)","v":2},50.92,"BDI 1",{"$f":"IF($C354=\"S\",ROUND(IF(TIPOORCAMENTO=\"Proposto\",ORÇAMENTO.CustoUnitario*(1+$AH354),ORÇAMENTO.PrecoUnitarioLicitado),15-13*$AF$10),0)","v":63.8},{"$f":"IF($C354=\"S\",IF(OR(Import.TipoArredondamento<>\"TransfereGOV\",ACOMPANHAMENTO=\"BM\"),VTOTAL1,SUM(OFFSET(CÁLCULO!$AI$15,ROW($X354)-ROW($X$15),1):OFFSET(CÁLCULO!$BB$15,ROW($X354)-ROW($X$15),-1))),IF($C354=0,0,ROUND(SomaAgrup,15-13*$AF$11)))","v":127.6},"RA","RA",{"$f":"IF($C354=\"S\",IF($Z354=\"CP\",$X354,IF($Z354=\"RA\",(($X354)*QCI!$AA$3),0)),SomaAgrup)","v":11.041700580473133},{"$f":"IF($C354=\"S\",IF($Z354=\"OU\",ROUND($X354,2),0),SomaAgrup)","v":0},{"$f":"IF($N354=\"\",\" \",\nIF(AND($C354<>\"S\",OR($R354=\"\",$R354=\"(digite a descrição aqui)\")),\"DESCRIÇÃO\",\nIF(AND($C354=\"S\",OR($Q354<>\"\",$T354>0,$U354>0),$P354=\"\"),\"FONTE\",\nIF(AND($C354=\"S\",$P354<>\"\",OR($T354>0,$U354>0),$Q354=\"\"),\"CÓDIGO\",\nIF(AND($C354=\"S\",$P354<>\"\",$Q354<>\"\",$R354=\"(Código não identificado nas referências)\"),\"CÓDIGO N/ID\",\nIF(AND($C354=\"S\",OR($R354=\"\",$R354=\"(digite a descrição aqui)\"),OR($Q354<>\"\",$T354>0,$U354>0)),\"DESCRIÇÃO\",\nIF(AND($C354=\"S\",$P354<>\"\",$Q354<>\"\",$S354=\"\"),\"UNIDADE\",\nIF(AND($C354=\"S\",$P354<>\"\",$Q354<>\"\",$U354=0),\"SEM CUSTO\",\nIF(AND(TIPOORCAMENTO=\"Licitado\",$AL354=0,$AN354>0),\"SEM PREÇO\",\nIF(AND($C354=\"S\",$P354<>\"\",$Q354<>\"\",$U354>0,AND($V354<>\"BDI 1\",$V354<>\"BDI 2\",$V354<>\"BDI 3\")),IF(ISNUMBER($V354),\"JUSTIFICAR BDI\",\"BDI\"),\nIF(OR(AND(import.recurso=\"OGU\",TIPOORCAMENTO=\"Proposto\",LEFT($O$8,5)<>\"(N/D:\",$AG354<>\"\",ORÇAMENTO.CustoUnitario>$AG354),AND(TIPOORCAMENTO=\"LICITADO\",ORÇAMENTO.PrecoUnitarioLicitado>$AN354)),\"ACIMA REF.\",\nIF(AND($C354=\"S\",$P354<>\"\",$Q354<>\"\",$T354=0,$U354>0),\"QUANT.\",\nIF(AND(Import.TipoArredondamento=\"TransfereGOV\",$L354=\"F\",$C354=\"S\",LEN($Q354)>13),\"Código >13\",\nIF(AND(Import.TipoArredondamento=\"TransfereGOV\",$L354=\"F\",$C354<>\"S\",LEN($R354)>100),\"Descrição >100\",\nIF(AND(Import.TipoArredondamento=\"TransfereGOV\",$L354=\"F\",$C354=\"S\",LEN($R354)>500),\"Descrição >500\",\nIF(AND(Import.TipoArredondamento=\"TransfereGOV\",$L354=\"F\",$C354=\"S\",LEFT(TRIM(UPPER($P354)),6)<>\"SINAPI\",ISNA(VLOOKUP(TRIM(UPPER($S354)),ListaTgov.Unidades,1,FALSE))),\"Unid. Não Disp\",\n\" \"))))))))))))))))","v":" "},{"$f":"IF(C354<=CRONO.NivelExibicao,MAX($AD$15:OFFSET(AD354,-1,0))+IF($C354<>1,1,MAX(1,COUNTIF(QCI!$A$13:$A$36,OFFSET($E354,-1,0)))),\"\")","v":""},{"$f":"IF(AND($C354=\"S\",ORÇAMENTO.CodBarra<>\"\"),IF(ORÇAMENTO.Fonte=\"\",ORÇAMENTO.CodBarra,CONCATENATE(ORÇAMENTO.Fonte,\" \",ORÇAMENTO.CodBarra)))","v":"SINAPI 91957"},{"$f":"IF(ISERROR(ORÇAMENTO.BancoRef),\"(abra o arquivo 'Referência \"&Excel_BuiltIn_Database&\".xlsm)\",IF(OR($C354<>\"S\",ORÇAMENTO.CodBarra=\"\"),\"(Sem Código)\",IF(ISERROR(MATCH($AE354,INDIRECT(ORÇAMENTO.BancoRef),0)),\"(Código não identificado nas referências)\",MATCH($AE354,INDIRECT(ORÇAMENTO.BancoRef),0))))","v":10759},{"$f":"ROUND(IF(DESONERACAO=\"sim\",REFERENCIA.Desonerado,REFERENCIA.NaoDesonerado),2)","v":50.92},0.25290000000000001,null,null,null,null,127.6,{"$f":"ROUND(ORÇAMENTO.CustoUnitario*(1+$AH354),2)","v":63.8}]
["S",2,"S",0,{"$f":"IF($C355=1,OFFSET(E355,-1,0)+MAX(1,COUNTIF(QCI!$A$13:$A$36,OFFSET(ORÇAMENTO!E355,-1,0))),OFFSET(E355,-1,0))","v":17},1,0,0,27,0,{"$f":"IF(OR($C355=\"S\",$C355=0),0,MATCH(OFFSET($D355,0,$C355)+IF($C355<>1,1,COUNTIF(QCI!$A$13:$A$36,ORÇAMENTO!E355)),OFFSET($D355,1,$C355,ROW($C$472)-ROW($C355)),0))","v":0},"F","Serviço","Serviço","17.1.0.27.","SINAPI","91953",{"$f":"IF($C355=\"S\",REFERENCIA.Descricao,\"(digite a descrição aqui)\")","v":"INTERRUPTOR SIMPLES (1 MÓDULO), 10A/250V, INCLUINDO SUPORTE E PLACA - FORNECIMENTO E INSTALAÇÃO. AF_03/2023"},{"$f":"REFERENCIA.Unidade","v":"UN"},{"$f":"OFFSET(CÁLCULO!H$15,ROW($T355)-ROW(T$15),0)","v":23},29.31,"BDI 1",{"$f":"IF($C355=\"S\",ROUND(IF(TIPOORCAMENTO=\"Proposto\",ORÇAMENTO.CustoUnitario*(1+$AH355),ORÇAMENTO.PrecoUnitarioLicitado),15-13*$AF$10),0)","v":36.72},{"$f":"IF($C355=\"S\",IF(OR(Import.TipoArredondamento<>\"TransfereGOV\",ACOMPANHAMENTO=\"BM\"),VTOTAL1,SUM(OFFSET(CÁLCULO!$AI$15,ROW($X355)-ROW($X$15),1):OFFSET(CÁLCULO!$BB$15,ROW($X355)-ROW($X$15),-1))),IF($C355=0,0,ROUND(SomaAgrup,15-13*$AF$11)))","v":844.56},"RA","RA",{"$f":"IF($C355=\"S\",IF($Z355=\"CP\",$X355,IF($Z355=\"RA\",(($X355)*QCI!$AA$3),0)),SomaAgrup)","v":73.082904719783613},{"$f":"IF($C355=\"S\",IF($Z355=\"OU\",ROUND($X355,2),0),SomaAgrup)","v":0},{"$f":"IF($N355=\"\",\" \",\nIF(AND($C355<>\"S\",OR($R355=\"\",$R355=\"(digite a descrição aqui)\")),\"DESCRIÇÃO\",\nIF(AND($C355=\"S\",OR($Q355<>\"\",$T355>0,$U355>0),$P355=\"\"),\"FONTE\",\nIF(AND($C355=\"S\",$P355<>\"\",OR($T355>0,$U355>0),$Q355=\"\"),\"CÓDIGO\",\nIF(AND($C355=\"S\",$P355<>\"\",$Q355<>\"\",$R355=\"(Código não identificado nas referências)\"),\"CÓDIGO N/ID\",\nIF(AND($C355=\"S\",OR($R355=\"\",$R355=\"(digite a descrição aqui)\"),OR($Q355<>\"\",$T355>0,$U355>0)),\"DESCRIÇÃO\",\nIF(AND($C355=\"S\",$P355<>\"\",$Q355<>\"\",$S355=\"\"),\"UNIDADE\",\nIF(AND($C355=\"S\",$P355<>\"\",$Q355<>\"\",$U355=0),\"SEM CUSTO\",\nIF(AND(TIPOORCAMENTO=\"Licitado\",$AL355=0,$AN355>0),\"SEM PREÇO\",\nIF(AND($C355=\"S\",$P355<>\"\",$Q355<>\"\",$U355>0,AND($V355<>\"BDI 1\",$V355<>\"BDI 2\",$V355<>\"BDI 3\")),IF(ISNUMBER($V355),\"JUSTIFICAR BDI\",\"BDI\"),\nIF(OR(AND(import.recurso=\"OGU\",TIPOORCAMENTO=\"Proposto\",LEFT($O$8,5)<>\"(N/D:\",$AG355<>\"\",ORÇAMENTO.CustoUnitario>$AG355),AND(TIPOORCAMENTO=\"LICITADO\",ORÇAMENTO.PrecoUnitarioLicitado>$AN355)),\"ACIMA REF.\",\nIF(AND($C355=\"S\",$P355<>\"\",$Q355<>\"\",$T355=0,$U355>0),\"QUANT.\",\nIF(AND(Import.TipoArredondamento=\"TransfereGOV\",$L355=\"F\",$C355=\"S\",LEN($Q355)>13),\"Código >13\",\nIF(AND(Import.TipoArredondamento=\"TransfereGOV\",$L355=\"F\",$C355<>\"S\",LEN($R355)>100),\"Descrição >100\",\nIF(AND(Import.TipoArredondamento=\"TransfereGOV\",$L355=\"F\",$C355=\"S\",LEN($R355)>500),\"Descrição >500\",\nIF(AND(Import.TipoArredondamento=\"TransfereGOV\",$L355=\"F\",$C355=\"S\",LEFT(TRIM(UPPER($P355)),6)<>\"SINAPI\",ISNA(VLOOKUP(TRIM(UPPER($S355)),ListaTgov.Unidades,1,FALSE))),\"Unid. Não Disp\",\n\" \"))))))))))))))))","v":" "},{"$f":"IF(C355<=CRONO.NivelExibicao,MAX($AD$15:OFFSET(AD355,-1,0))+IF($C355<>1,1,MAX(1,COUNTIF(QCI!$A$13:$A$36,OFFSET($E355,-1,0)))),\"\")","v":""},{"$f":"IF(AND($C355=\"S\",ORÇAMENTO.CodBarra<>\"\"),IF(ORÇAMENTO.Fonte=\"\",ORÇAMENTO.CodBarra,CONCATENATE(ORÇAMENTO.Fonte,\" \",ORÇAMENTO.CodBarra)))","v":"SINAPI 91953"},{"$f":"IF(ISERROR(ORÇAMENTO.BancoRef),\"(abra o arquivo 'Referência \"&Excel_BuiltIn_Database&\".xlsm)\",IF(OR($C355<>\"S\",ORÇAMENTO.CodBarra=\"\"),\"(Sem Código)\",IF(ISERROR(MATCH($AE355,INDIRECT(ORÇAMENTO.BancoRef),0)),\"(Código não identificado nas referências)\",MATCH($AE355,INDIRECT(ORÇAMENTO.BancoRef),0))))","v":10763},{"$f":"ROUND(IF(DESONERACAO=\"sim\",REFERENCIA.Desonerado,REFERENCIA.NaoDesonerado),2)","v":29.31},0.25290000000000001,null,null,null,null,844.56,{"$f":"ROUND(ORÇAMENTO.CustoUnitario*(1+$AH355),2)","v":36.72}]
["S",2,"S",0,{"$f":"IF($C356=1,OFFSET(E356,-1,0)+MAX(1,COUNTIF(QCI!$A$13:$A$36,OFFSET(ORÇAMENTO!E356,-1,0))),OFFSET(E356,-1,0))","v":17},1,0,0,28,0,{"$f":"IF(OR($C356=\"S\",$C356=0),0,MATCH(OFFSET($D356,0,$C356)+IF($C356<>1,1,COUNTIF(QCI!$A$13:$A$36,ORÇAMENTO!E356)),OFFSET($D356,1,$C356,ROW($C$472)-ROW($C356)),0))","v":0},"F","Serviço","Serviço","17.1.0.28.","Composição","COMP93",{"$f":"IF($C356=\"S\",REFERENCIA.Descricao,\"(digite a descrição aqui)\")","v":"PLACA COM UM FURO IMPERIA BRANCO IRIEL P/ SAIDA CABO DE SOM"},{"$f":"REFERENCIA.Unidade","v":"UN"},{"$f":"OFFSET(CÁLCULO!H$15,ROW($T356)-ROW(T$15),0)","v":26},18.21,"BDI 1",{"$f":"IF($C356=\"S\",ROUND(IF(TIPOORCAMENTO=\"Proposto\",ORÇAMENTO.CustoUnitario*(1+$AH356),ORÇAMENTO.PrecoUnitarioLicitado),15-13*$AF$10),0)","v":22.82},{"$f":"IF($C356=\"S\",IF(OR(Import.TipoArredondamento<>\"TransfereGOV\",ACOMPANHAMENTO=\"BM\"),VTOTAL1,SUM(OFFSET(CÁLCULO!$AI$15,ROW($X356)-ROW($X$15),1):OFFSET(CÁLCULO!$BB$15,ROW($X356)-ROW($X$15),-1))),IF($C356=0,0,ROUND(SomaAgrup,15-13*$AF$11)))","v":593.32000000000005},"RA","RA",{"$f":"IF($C356=\"S\",IF($Z356=\"CP\",$X356,IF($Z356=\"RA\",(($X356)*QCI!$AA$3),0)),SomaAgrup)","v":51.342177025127903},{"$f":"IF($C356=\"S\",IF($Z356=\"OU\",ROUND($X356,2),0),SomaAgrup)","v":0},{"$f":"IF($N356=\"\",\" \",\nIF(AND($C356<>\"S\",OR($R356=\"\",$R356=\"(digite a descrição aqui)\")),\"DESCRIÇÃO\",\nIF(AND($C356=\"S\",OR($Q356<>\"\",$T356>0,$U356>0),$P356=\"\"),\"FONTE\",\nIF(AND($C356=\"S\",$P356<>\"\",OR($T356>0,$U356>0),$Q356=\"\"),\"CÓDIGO\",\nIF(AND($C356=\"S\",$P356<>\"\",$Q356<>\"\",$R356=\"(Código não identificado nas referências)\"),\"CÓDIGO N/ID\",\nIF(AND($C356=\"S\",OR($R356=\"\",$R356=\"(digite a descrição aqui)\"),OR($Q356<>\"\",$T356>0,$U356>0)),\"DESCRIÇÃO\",\nIF(AND($C356=\"S\",$P356<>\"\",$Q356<>\"\",$S356=\"\"),\"UNIDADE\",\nIF(AND($C356=\"S\",$P356<>\"\",$Q356<>\"\",$U356=0),\"SEM CUSTO\",\nIF(AND(TIPOORCAMENTO=\"Licitado\",$AL356=0,$AN356>0),\"SEM PREÇO\",\nIF(AND($C356=\"S\",$P356<>\"\",$Q356<>\"\",$U356>0,AND($V356<>\"BDI 1\",$V356<>\"BDI 2\",$V356<>\"BDI 3\")),IF(ISNUMBER($V356),\"JUSTIFICAR BDI\",\"BDI\"),\nIF(OR(AND(import.recurso=\"OGU\",TIPOORCAMENTO=\"Proposto\",LEFT($O$8,5)<>\"(N/D:\",$AG356<>\"\",ORÇAMENTO.CustoUnitario>$AG356),AND(TIPOORCAMENTO=\"LICITADO\",ORÇAMENTO.PrecoUnitarioLicitado>$AN356)),\"ACIMA REF.\",\nIF(AND($C356=\"S\",$P356<>\"\",$Q356<>\"\",$T356=0,$U356>0),\"QUANT.\",\nIF(AND(Import.TipoArredondamento=\"TransfereGOV\",$L356=\"F\",$C356=\"S\",LEN($Q356)>13),\"Código >13\",\nIF(AND(Import.TipoArredondamento=\"TransfereGOV\",$L356=\"F\",$C356<>\"S\",LEN($R356)>100),\"Descrição >100\",\nIF(AND(Import.TipoArredondamento=\"TransfereGOV\",$L356=\"F\",$C356=\"S\",LEN($R356)>500),\"Descrição >500\",\nIF(AND(Import.TipoArredondamento=\"TransfereGOV\",$L356=\"F\",$C356=\"S\",LEFT(TRIM(UPPER($P356)),6)<>\"SINAPI\",ISNA(VLOOKUP(TRIM(UPPER($S356)),ListaTgov.Unidades,1,FALSE))),\"Unid. Não Disp\",\n\" \"))))))))))))))))","v":" "},{"$f":"IF(C356<=CRONO.NivelExibicao,MAX($AD$15:OFFSET(AD356,-1,0))+IF($C356<>1,1,MAX(1,COUNTIF(QCI!$A$13:$A$36,OFFSET($E356,-1,0)))),\"\")","v":""},{"$f":"IF(AND($C356=\"S\",ORÇAMENTO.CodBarra<>\"\"),IF(ORÇAMENTO.Fonte=\"\",ORÇAMENTO.CodBarra,CONCATENATE(ORÇAMENTO.Fonte,\" \",ORÇAMENTO.CodBarra)))","v":"Composição COMP93"},{"$f":"IF(ISERROR(ORÇAMENTO.BancoRef),\"(abra o arquivo 'Referência \"&Excel_BuiltIn_Database&\".xlsm)\",IF(OR($C356<>\"S\",ORÇAMENTO.CodBarra=\"\"),\"(Sem Código)\",IF(ISERROR(MATCH($AE356,INDIRECT(ORÇAMENTO.BancoRef),0)),\"(Código não identificado nas referências)\",MATCH($AE356,INDIRECT(ORÇAMENTO.BancoRef),0))))","v":95},{"$f":"ROUND(IF(DESONERACAO=\"sim\",REFERENCIA.Desonerado,REFERENCIA.NaoDesonerado),2)","v":18.21},0.25290000000000001,null,null,null,null,593.32000000000005,{"$f":"ROUND(ORÇAMENTO.CustoUnitario*(1+$AH356),2)","v":22.82}]
["S",2,"S",0,{"$f":"IF($C357=1,OFFSET(E357,-1,0)+MAX(1,COUNTIF(QCI!$A$13:$A$36,OFFSET(ORÇAMENTO!E357,-1,0))),OFFSET(E357,-1,0))","v":17},1,0,0,29,0,{"$f":"IF(OR($C357=\"S\",$C357=0),0,MATCH(OFFSET($D357,0,$C357)+IF($C357<>1,1,COUNTIF(QCI!$A$13:$A$36,ORÇAMENTO!E357)),OFFSET($D357,1,$C357,ROW($C$472)-ROW($C357)),0))","v":0},"F","Serviço","Serviço","17.1.0.29.","Composição","COMP94",{"$f":"IF($C357=\"S\",REFERENCIA.Descricao,\"(digite a descrição aqui)\")","v":"PLACA CEGA SEM FURO"},{"$f":"REFERENCIA.Unidade","v":"UN"},{"$f":"OFFSET(CÁLCULO!H$15,ROW($T357)-ROW(T$15),0)","v":18},5.0599999999999996,"BDI 1",{"$f":"IF($C357=\"S\",ROUND(IF(TIPOORCAMENTO=\"Proposto\",ORÇAMENTO.CustoUnitario*(1+$AH357),ORÇAMENTO.PrecoUnitarioLicitado),15-13*$AF$10),0)","v":6.34},{"$f":"IF($C357=\"S\",IF(OR(Import.TipoArredondamento<>\"TransfereGOV\",ACOMPANHAMENTO=\"BM\"),VTOTAL1,SUM(OFFSET(CÁLCULO!$AI$15,ROW($X357)-ROW($X$15),1):OFFSET(CÁLCULO!$BB$15,ROW($X357)-ROW($X$15),-1))),IF($C357=0,0,ROUND(SomaAgrup,15-13*$AF$11)))","v":114.12},"RA","RA",{"$f":"IF($C357=\"S\",IF($Z357=\"CP\",$X357,IF($Z357=\"RA\",(($X357)*QCI!$AA$3),0)),SomaAgrup)","v":9.8752262558275401},{"$f":"IF($C357=\"S\",IF($Z357=\"OU\",ROUND($X357,2),0),SomaAgrup)","v":0},{"$f":"IF($N357=\"\",\" \",\nIF(AND($C357<>\"S\",OR($R357=\"\",$R357=\"(digite a descrição aqui)\")),\"DESCRIÇÃO\",\nIF(AND($C357=\"S\",OR($Q357<>\"\",$T357>0,$U357>0),$P357=\"\"),\"FONTE\",\nIF(AND($C357=\"S\",$P357<>\"\",OR($T357>0,$U357>0),$Q357=\"\"),\"CÓDIGO\",\nIF(AND($C357=\"S\",$P357<>\"\",$Q357<>\"\",$R357=\"(Código não identificado nas referências)\"),\"CÓDIGO N/ID\",\nIF(AND($C357=\"S\",OR($R357=\"\",$R357=\"(digite a descrição aqui)\"),OR($Q357<>\"\",$T357>0,$U357>0)),\"DESCRIÇÃO\",\nIF(AND($C357=\"S\",$P357<>\"\",$Q357<>\"\",$S357=\"\"),\"UNIDADE\",\nIF(AND($C357=\"S\",$P357<>\"\",$Q357<>\"\",$U357=0),\"SEM CUSTO\",\nIF(AND(TIPOORCAMENTO=\"Licitado\",$AL357=0,$AN357>0),\"SEM PREÇO\",\nIF(AND($C357=\"S\",$P357<>\"\",$Q357<>\"\",$U357>0,AND($V357<>\"BDI 1\",$V357<>\"BDI 2\",$V357<>\"BDI 3\")),IF(ISNUMBER($V357),\"JUSTIFICAR BDI\",\"BDI\"),\nIF(OR(AND(import.recurso=\"OGU\",TIPOORCAMENTO=\"Proposto\",LEFT($O$8,5)<>\"(N/D:\",$AG357<>\"\",ORÇAMENTO.CustoUnitario>$AG357),AND(TIPOORCAMENTO=\"LICITADO\",ORÇAMENTO.PrecoUnitarioLicitado>$AN357)),\"ACIMA REF.\",\nIF(AND($C357=\"S\",$P357<>\"\",$Q357<>\"\",$T357=0,$U357>0),\"QUANT.\",\nIF(AND(Import.TipoArredondamento=\"TransfereGOV\",$L357=\"F\",$C357=\"S\",LEN($Q357)>13),\"Código >13\",\nIF(AND(Import.TipoArredondamento=\"TransfereGOV\",$L357=\"F\",$C357<>\"S\",LEN($R357)>100),\"Descrição >100\",\nIF(AND(Import.TipoArredondamento=\"TransfereGOV\",$L357=\"F\",$C357=\"S\",LEN($R357)>500),\"Descrição >500\",\nIF(AND(Import.TipoArredondamento=\"TransfereGOV\",$L357=\"F\",$C357=\"S\",LEFT(TRIM(UPPER($P357)),6)<>\"SINAPI\",ISNA(VLOOKUP(TRIM(UPPER($S357)),ListaTgov.Unidades,1,FALSE))),\"Unid. Não Disp\",\n\" \"))))))))))))))))","v":" "},{"$f":"IF(C357<=CRONO.NivelExibicao,MAX($AD$15:OFFSET(AD357,-1,0))+IF($C357<>1,1,MAX(1,COUNTIF(QCI!$A$13:$A$36,OFFSET($E357,-1,0)))),\"\")","v":""},{"$f":"IF(AND($C357=\"S\",ORÇAMENTO.CodBarra<>\"\"),IF(ORÇAMENTO.Fonte=\"\",ORÇAMENTO.CodBarra,CONCATENATE(ORÇAMENTO.Fonte,\" \",ORÇAMENTO.CodBarra)))","v":"Composição COMP94"},{"$f":"IF(ISERROR(ORÇAMENTO.BancoRef),\"(abra o arquivo 'Referência \"&Excel_BuiltIn_Database&\".xlsm)\",IF(OR($C357<>\"S\",ORÇAMENTO.CodBarra=\"\"),\"(Sem Código)\",IF(ISERROR(MATCH($AE357,INDIRECT(ORÇAMENTO.BancoRef),0)),\"(Código não identificado nas referências)\",MATCH($AE357,INDIRECT(ORÇAMENTO.BancoRef),0))))","v":96},{"$f":"ROUND(IF(DESONERACAO=\"sim\",REFERENCIA.Desonerado,REFERENCIA.NaoDesonerado),2)","v":5.0599999999999996},0.25290000000000001,null,null,null,null,114.12,{"$f":"ROUND(ORÇAMENTO.CustoUnitario*(1+$AH357),2)","v":6.34}]
["S",2,"S",0,{"$f":"IF($C358=1,OFFSET(E358,-1,0)+MAX(1,COUNTIF(QCI!$A$13:$A$36,OFFSET(ORÇAMENTO!E358,-1,0))),OFFSET(E358,-1,0))","v":17},1,0,0,30,0,{"$f":"IF(OR($C358=\"S\",$C358=0),0,MATCH(OFFSET($D358,0,$C358)+IF($C358<>1,1,COUNTIF(QCI!$A$13:$A$36,ORÇAMENTO!E358)),OFFSET($D358,1,$C358,ROW($C$472)-ROW($C358)),0))","v":0},"F","Serviço","Serviço","17.1.0.30.","Composição","COMP95",{"$f":"IF($C358=\"S\",REFERENCIA.Descricao,\"(digite a descrição aqui)\")","v":"PLACA (ESPELHO) 1 POSTO HORIZONTAL 4x2 PIAL PLUS"},{"$f":"REFERENCIA.Unidade","v":"UN"},{"$f":"OFFSET(CÁLCULO!H$15,ROW($T358)-ROW(T$15),0)","v":212},8.7100000000000009,"BDI 1",{"$f":"IF($C358=\"S\",ROUND(IF(TIPOORCAMENTO=\"Proposto\",ORÇAMENTO.CustoUnitario*(1+$AH358),ORÇAMENTO.PrecoUnitarioLicitado),15-13*$AF$10),0)","v":10.91},{"$f":"IF($C358=\"S\",IF(OR(Import.TipoArredondamento<>\"TransfereGOV\",ACOMPANHAMENTO=\"BM\"),VTOTAL1,SUM(OFFSET(CÁLCULO!$AI$15,ROW($X358)-ROW($X$15),1):OFFSET(CÁLCULO!$BB$15,ROW($X358)-ROW($X$15),-1))),IF($C358=0,0,ROUND(SomaAgrup,15-13*$AF$11)))","v":2312.92},"RA","RA",{"$f":"IF($C358=\"S\",IF($Z358=\"CP\",$X358,IF($Z358=\"RA\",(($X358)*QCI!$AA$3),0)),SomaAgrup)","v":200.14553375068903},{"$f":"IF($C358=\"S\",IF($Z358=\"OU\",ROUND($X358,2),0),SomaAgrup)","v":0},{"$f":"IF($N358=\"\",\" \",\nIF(AND($C358<>\"S\",OR($R358=\"\",$R358=\"(digite a descrição aqui)\")),\"DESCRIÇÃO\",\nIF(AND($C358=\"S\",OR($Q358<>\"\",$T358>0,$U358>0),$P358=\"\"),\"FONTE\",\nIF(AND($C358=\"S\",$P358<>\"\",OR($T358>0,$U358>0),$Q358=\"\"),\"CÓDIGO\",\nIF(AND($C358=\"S\",$P358<>\"\",$Q358<>\"\",$R358=\"(Código não identificado nas referências)\"),\"CÓDIGO N/ID\",\nIF(AND($C358=\"S\",OR($R358=\"\",$R358=\"(digite a descrição aqui)\"),OR($Q358<>\"\",$T358>0,$U358>0)),\"DESCRIÇÃO\",\nIF(AND($C358=\"S\",$P358<>\"\",$Q358<>\"\",$S358=\"\"),\"UNIDADE\",\nIF(AND($C358=\"S\",$P358<>\"\",$Q358<>\"\",$U358=0),\"SEM CUSTO\",\nIF(AND(TIPOORCAMENTO=\"Licitado\",$AL358=0,$AN358>0),\"SEM PREÇO\",\nIF(AND($C358=\"S\",$P358<>\"\",$Q358<>\"\",$U358>0,AND($V358<>\"BDI 1\",$V358<>\"BDI 2\",$V358<>\"BDI 3\")),IF(ISNUMBER($V358),\"JUSTIFICAR BDI\",\"BDI\"),\nIF(OR(AND(import.recurso=\"OGU\",TIPOORCAMENTO=\"Proposto\",LEFT($O$8,5)<>\"(N/D:\",$AG358<>\"\",ORÇAMENTO.CustoUnitario>$AG358),AND(TIPOORCAMENTO=\"LICITADO\",ORÇAMENTO.PrecoUnitarioLicitado>$AN358)),\"ACIMA REF.\",\nIF(AND($C358=\"S\",$P358<>\"\",$Q358<>\"\",$T358=0,$U358>0),\"QUANT.\",\nIF(AND(Import.TipoArredondamento=\"TransfereGOV\",$L358=\"F\",$C358=\"S\",LEN($Q358)>13),\"Código >13\",\nIF(AND(Import.TipoArredondamento=\"TransfereGOV\",$L358=\"F\",$C358<>\"S\",LEN($R358)>100),\"Descrição >100\",\nIF(AND(Import.TipoArredondamento=\"TransfereGOV\",$L358=\"F\",$C358=\"S\",LEN($R358)>500),\"Descrição >500\",\nIF(AND(Import.TipoArredondamento=\"TransfereGOV\",$L358=\"F\",$C358=\"S\",LEFT(TRIM(UPPER($P358)),6)<>\"SINAPI\",ISNA(VLOOKUP(TRIM(UPPER($S358)),ListaTgov.Unidades,1,FALSE))),\"Unid. Não Disp\",\n\" \"))))))))))))))))","v":" "},{"$f":"IF(C358<=CRONO.NivelExibicao,MAX($AD$15:OFFSET(AD358,-1,0))+IF($C358<>1,1,MAX(1,COUNTIF(QCI!$A$13:$A$36,OFFSET($E358,-1,0)))),\"\")","v":""},{"$f":"IF(AND($C358=\"S\",ORÇAMENTO.CodBarra<>\"\"),IF(ORÇAMENTO.Fonte=\"\",ORÇAMENTO.CodBarra,CONCATENATE(ORÇAMENTO.Fonte,\" \",ORÇAMENTO.CodBarra)))","v":"Composição COMP95"},{"$f":"IF(ISERROR(ORÇAMENTO.BancoRef),\"(abra o arquivo 'Referência \"&Excel_BuiltIn_Database&\".xlsm)\",IF(OR($C358<>\"S\",ORÇAMENTO.CodBarra=\"\"),\"(Sem Código)\",IF(ISERROR(MATCH($AE358,INDIRECT(ORÇAMENTO.BancoRef),0)),\"(Código não identificado nas referências)\",MATCH($AE358,INDIRECT(ORÇAMENTO.BancoRef),0))))","v":97},{"$f":"ROUND(IF(DESONERACAO=\"sim\",REFERENCIA.Desonerado,REFERENCIA.NaoDesonerado),2)","v":8.7100000000000009},0.25290000000000001,null,null,null,null,2312.92,{"$f":"ROUND(ORÇAMENTO.CustoUnitario*(1+$AH358),2)","v":10.91}]
["S",2,"S",0,{"$f":"IF($C359=1,OFFSET(E359,-1,0)+MAX(1,COUNTIF(QCI!$A$13:$A$36,OFFSET(ORÇAMENTO!E359,-1,0))),OFFSET(E359,-1,0))","v":17},1,0,0,31,0,{"$f":"IF(OR($C359=\"S\",$C359=0),0,MATCH(OFFSET($D359,0,$C359)+IF($C359<>1,1,COUNTIF(QCI!$A$13:$A$36,ORÇAMENTO!E359)),OFFSET($D359,1,$C359,ROW($C$472)-ROW($C359)),0))","v":0},"F","Serviço","Serviço","17.1.0.31.","SINAPI","91996",{"$f":"IF($C359=\"S\",REFERENCIA.Descricao,\"(digite a descrição aqui)\")","v":"TOMADA MÉDIA DE EMBUTIR (1 MÓDULO), 2P+T 10 A, INCLUINDO SUPORTE E PLACA - FORNECIMENTO E INSTALAÇÃO. AF_03/2023"},{"$f":"REFERENCIA.Unidade","v":"UN"},{"$f":"OFFSET(CÁLCULO!H$15,ROW($T359)-ROW(T$15),0)","v":34},34.65,"BDI 1",{"$f":"IF($C359=\"S\",ROUND(IF(TIPOORCAMENTO=\"Proposto\",ORÇAMENTO.CustoUnitario*(1+$AH359),ORÇAMENTO.PrecoUnitarioLicitado),15-13*$AF$10),0)","v":43.41},{"$f":"IF($C359=\"S\",IF(OR(Import.TipoArredondamento<>\"TransfereGOV\",ACOMPANHAMENTO=\"BM\"),VTOTAL1,SUM(OFFSET(CÁLCULO!$AI$15,ROW($X359)-ROW($X$15),1):OFFSET(CÁLCULO!$BB$15,ROW($X359)-ROW($X$15),-1))),IF($C359=0,0,ROUND(SomaAgrup,15-13*$AF$11)))","v":1475.94},"RA","RA",{"$f":"IF($C359=\"S\",IF($Z359=\"CP\",$X359,IF($Z359=\"RA\",(($X359)*QCI!$AA$3),0)),SomaAgrup)","v":127.71855450425954},{"$f":"IF($C359=\"S\",IF($Z359=\"OU\",ROUND($X359,2),0),SomaAgrup)","v":0},{"$f":"IF($N359=\"\",\" \",\nIF(AND($C359<>\"S\",OR($R359=\"\",$R359=\"(digite a descrição aqui)\")),\"DESCRIÇÃO\",\nIF(AND($C359=\"S\",OR($Q359<>\"\",$T359>0,$U359>0),$P359=\"\"),\"FONTE\",\nIF(AND($C359=\"S\",$P359<>\"\",OR($T359>0,$U359>0),$Q359=\"\"),\"CÓDIGO\",\nIF(AND($C359=\"S\",$P359<>\"\",$Q359<>\"\",$R359=\"(Código não identificado nas referências)\"),\"CÓDIGO N/ID\",\nIF(AND($C359=\"S\",OR($R359=\"\",$R359=\"(digite a descrição aqui)\"),OR($Q359<>\"\",$T359>0,$U359>0)),\"DESCRIÇÃO\",\nIF(AND($C359=\"S\",$P359<>\"\",$Q359<>\"\",$S359=\"\"),\"UNIDADE\",\nIF(AND($C359=\"S\",$P359<>\"\",$Q359<>\"\",$U359=0),\"SEM CUSTO\",\nIF(AND(TIPOORCAMENTO=\"Licitado\",$AL359=0,$AN359>0),\"SEM PREÇO\",\nIF(AND($C359=\"S\",$P359<>\"\",$Q359<>\"\",$U359>0,AND($V359<>\"BDI 1\",$V359<>\"BDI 2\",$V359<>\"BDI 3\")),IF(ISNUMBER($V359),\"JUSTIFICAR BDI\",\"BDI\"),\nIF(OR(AND(import.recurso=\"OGU\",TIPOORCAMENTO=\"Proposto\",LEFT($O$8,5)<>\"(N/D:\",$AG359<>\"\",ORÇAMENTO.CustoUnitario>$AG359),AND(TIPOORCAMENTO=\"LICITADO\",ORÇAMENTO.PrecoUnitarioLicitado>$AN359)),\"ACIMA REF.\",\nIF(AND($C359=\"S\",$P359<>\"\",$Q359<>\"\",$T359=0,$U359>0),\"QUANT.\",\nIF(AND(Import.TipoArredondamento=\"TransfereGOV\",$L359=\"F\",$C359=\"S\",LEN($Q359)>13),\"Código >13\",\nIF(AND(Import.TipoArredondamento=\"TransfereGOV\",$L359=\"F\",$C359<>\"S\",LEN($R359)>100),\"Descrição >100\",\nIF(AND(Import.TipoArredondamento=\"TransfereGOV\",$L359=\"F\",$C359=\"S\",LEN($R359)>500),\"Descrição >500\",\nIF(AND(Import.TipoArredondamento=\"TransfereGOV\",$L359=\"F\",$C359=\"S\",LEFT(TRIM(UPPER($P359)),6)<>\"SINAPI\",ISNA(VLOOKUP(TRIM(UPPER($S359)),ListaTgov.Unidades,1,FALSE))),\"Unid. Não Disp\",\n\" \"))))))))))))))))","v":" "},{"$f":"IF(C359<=CRONO.NivelExibicao,MAX($AD$15:OFFSET(AD359,-1,0))+IF($C359<>1,1,MAX(1,COUNTIF(QCI!$A$13:$A$36,OFFSET($E359,-1,0)))),\"\")","v":""},{"$f":"IF(AND($C359=\"S\",ORÇAMENTO.CodBarra<>\"\"),IF(ORÇAMENTO.Fonte=\"\",ORÇAMENTO.CodBarra,CONCATENATE(ORÇAMENTO.Fonte,\" \",ORÇAMENTO.CodBarra)))","v":"SINAPI 91996"},{"$f":"IF(ISERROR(ORÇAMENTO.BancoRef),\"(abra o arquivo 'Referência \"&Excel_BuiltIn_Database&\".xlsm)\",IF(OR($C359<>\"S\",ORÇAMENTO.CodBarra=\"\"),\"(Sem Código)\",IF(ISERROR(MATCH($AE359,INDIRECT(ORÇAMENTO.BancoRef),0)),\"(Código não identificado nas referências)\",MATCH($AE359,INDIRECT(ORÇAMENTO.BancoRef),0))))","v":10821},{"$f":"ROUND(IF(DESONERACAO=\"sim\",REFERENCIA.Desonerado,REFERENCIA.NaoDesonerado),2)","v":34.65},0.25290000000000001,null,null,null,null,1475.94,{"$f":"ROUND(ORÇAMENTO.CustoUnitario*(1+$AH359),2)","v":43.41}]
["S",2,"S",0,{"$f":"IF($C360=1,OFFSET(E360,-1,0)+MAX(1,COUNTIF(QCI!$A$13:$A$36,OFFSET(ORÇAMENTO!E360,-1,0))),OFFSET(E360,-1,0))","v":17},1,0,0,32,0,{"$f":"IF(OR($C360=\"S\",$C360=0),0,MATCH(OFFSET($D360,0,$C360)+IF($C360<>1,1,COUNTIF(QCI!$A$13:$A$36,ORÇAMENTO!E360)),OFFSET($D360,1,$C360,ROW($C$472)-ROW($C360)),0))","v":0},"F","Serviço","Serviço","17.1.0.32.","SINAPI","92028",{"$f":"IF($C360=\"S\",REFERENCIA.Descricao,\"(digite a descrição aqui)\")","v":"INTERRUPTOR PARALELO (1 MÓDULO) COM 1 TOMADA DE EMBUTIR 2P+T 10 A, SEM SUPORTE E SEM PLACA - FORNECIMENTO E INSTALAÇÃO. AF_03/2023"},{"$f":"REFERENCIA.Unidade","v":"UN"},{"$f":"OFFSET(CÁLCULO!H$15,ROW($T360)-ROW(T$15),0)","v":1},45.52,"BDI 1",{"$f":"IF($C360=\"S\",ROUND(IF(TIPOORCAMENTO=\"Proposto\",ORÇAMENTO.CustoUnitario*(1+$AH360),ORÇAMENTO.PrecoUnitarioLicitado),15-13*$AF$10),0)","v":57.03},{"$f":"IF($C360=\"S\",IF(OR(Import.TipoArredondamento<>\"TransfereGOV\",ACOMPANHAMENTO=\"BM\"),VTOTAL1,SUM(OFFSET(CÁLCULO!$AI$15,ROW($X360)-ROW($X$15),1):OFFSET(CÁLCULO!$BB$15,ROW($X360)-ROW($X$15),-1))),IF($C360=0,0,ROUND(SomaAgrup,15-13*$AF$11)))","v":57.03},"RA","RA",{"$f":"IF($C360=\"S\",IF($Z360=\"CP\",$X360,IF($Z360=\"RA\",(($X360)*QCI!$AA$3),0)),SomaAgrup)","v":4.9350171168055077},{"$f":"IF($C360=\"S\",IF($Z360=\"OU\",ROUND($X360,2),0),SomaAgrup)","v":0},{"$f":"IF($N360=\"\",\" \",\nIF(AND($C360<>\"S\",OR($R360=\"\",$R360=\"(digite a descrição aqui)\")),\"DESCRIÇÃO\",\nIF(AND($C360=\"S\",OR($Q360<>\"\",$T360>0,$U360>0),$P360=\"\"),\"FONTE\",\nIF(AND($C360=\"S\",$P360<>\"\",OR($T360>0,$U360>0),$Q360=\"\"),\"CÓDIGO\",\nIF(AND($C360=\"S\",$P360<>\"\",$Q360<>\"\",$R360=\"(Código não identificado nas referências)\"),\"CÓDIGO N/ID\",\nIF(AND($C360=\"S\",OR($R360=\"\",$R360=\"(digite a descrição aqui)\"),OR($Q360<>\"\",$T360>0,$U360>0)),\"DESCRIÇÃO\",\nIF(AND($C360=\"S\",$P360<>\"\",$Q360<>\"\",$S360=\"\"),\"UNIDADE\",\nIF(AND($C360=\"S\",$P360<>\"\",$Q360<>\"\",$U360=0),\"SEM CUSTO\",\nIF(AND(TIPOORCAMENTO=\"Licitado\",$AL360=0,$AN360>0),\"SEM PREÇO\",\nIF(AND($C360=\"S\",$P360<>\"\",$Q360<>\"\",$U360>0,AND($V360<>\"BDI 1\",$V360<>\"BDI 2\",$V360<>\"BDI 3\")),IF(ISNUMBER($V360),\"JUSTIFICAR BDI\",\"BDI\"),\nIF(OR(AND(import.recurso=\"OGU\",TIPOORCAMENTO=\"Proposto\",LEFT($O$8,5)<>\"(N/D:\",$AG360<>\"\",ORÇAMENTO.CustoUnitario>$AG360),AND(TIPOORCAMENTO=\"LICITADO\",ORÇAMENTO.PrecoUnitarioLicitado>$AN360)),\"ACIMA REF.\",\nIF(AND($C360=\"S\",$P360<>\"\",$Q360<>\"\",$T360=0,$U360>0),\"QUANT.\",\nIF(AND(Import.TipoArredondamento=\"TransfereGOV\",$L360=\"F\",$C360=\"S\",LEN($Q360)>13),\"Código >13\",\nIF(AND(Import.TipoArredondamento=\"TransfereGOV\",$L360=\"F\",$C360<>\"S\",LEN($R360)>100),\"Descrição >100\",\nIF(AND(Import.TipoArredondamento=\"TransfereGOV\",$L360=\"F\",$C360=\"S\",LEN($R360)>500),\"Descrição >500\",\nIF(AND(Import.TipoArredondamento=\"TransfereGOV\",$L360=\"F\",$C360=\"S\",LEFT(TRIM(UPPER($P360)),6)<>\"SINAPI\",ISNA(VLOOKUP(TRIM(UPPER($S360)),ListaTgov.Unidades,1,FALSE))),\"Unid. Não Disp\",\n\" \"))))))))))))))))","v":" "},{"$f":"IF(C360<=CRONO.NivelExibicao,MAX($AD$15:OFFSET(AD360,-1,0))+IF($C360<>1,1,MAX(1,COUNTIF(QCI!$A$13:$A$36,OFFSET($E360,-1,0)))),\"\")","v":""},{"$f":"IF(AND($C360=\"S\",ORÇAMENTO.CodBarra<>\"\"),IF(ORÇAMENTO.Fonte=\"\",ORÇAMENTO.CodBarra,CONCATENATE(ORÇAMENTO.Fonte,\" \",ORÇAMENTO.CodBarra)))","v":"SINAPI 92028"},{"$f":"IF(ISERROR(ORÇAMENTO.BancoRef),\"(abra o arquivo 'Referência \"&Excel_BuiltIn_Database&\".xlsm)\",IF(OR($C360<>\"S\",ORÇAMENTO.CodBarra=\"\"),\"(Sem Código)\",IF(ISERROR(MATCH($AE360,INDIRECT(ORÇAMENTO.BancoRef),0)),\"(Código não identificado nas referências)\",MATCH($AE360,INDIRECT(ORÇAMENTO.BancoRef),0))))","v":10740},{"$f":"ROUND(IF(DESONERACAO=\"sim\",REFERENCIA.Desonerado,REFERENCIA.NaoDesonerado),2)","v":45.52},0.25290000000000001,null,null,null,null,57.03,{"$f":"ROUND(ORÇAMENTO.CustoUnitario*(1+$AH360),2)","v":57.03}]
["S",2,"S",0,{"$f":"IF($C361=1,OFFSET(E361,-1,0)+MAX(1,COUNTIF(QCI!$A$13:$A$36,OFFSET(ORÇAMENTO!E361,-1,0))),OFFSET(E361,-1,0))","v":17},1,0,0,33,0,{"$f":"IF(OR($C361=\"S\",$C361=0),0,MATCH(OFFSET($D361,0,$C361)+IF($C361<>1,1,COUNTIF(QCI!$A$13:$A$36,ORÇAMENTO!E361)),OFFSET($D361,1,$C361,ROW($C$472)-ROW($C361)),0))","v":0},"F","Serviço","Serviço","17.1.0.33.","SINAPI","92022",{"$f":"IF($C361=\"S\",REFERENCIA.Descricao,\"(digite a descrição aqui)\")","v":"INTERRUPTOR SIMPLES (1 MÓDULO) COM 1 TOMADA DE EMBUTIR 2P+T 10 A, SEM SUPORTE E SEM PLACA - FORNECIMENTO E INSTALAÇÃO. AF_03/2023"},{"$f":"REFERENCIA.Unidade","v":"UN"},{"$f":"OFFSET(CÁLCULO!H$15,ROW($T361)-ROW(T$15),0)","v":10},39.08,"BDI 1",{"$f":"IF($C361=\"S\",ROUND(IF(TIPOORCAMENTO=\"Proposto\",ORÇAMENTO.CustoUnitario*(1+$AH361),ORÇAMENTO.PrecoUnitarioLicitado),15-13*$AF$10),0)","v":48.96},{"$f":"IF($C361=\"S\",IF(OR(Import.TipoArredondamento<>\"TransfereGOV\",ACOMPANHAMENTO=\"BM\"),VTOTAL1,SUM(OFFSET(CÁLCULO!$AI$15,ROW($X361)-ROW($X$15),1):OFFSET(CÁLCULO!$BB$15,ROW($X361)-ROW($X$15),-1))),IF($C361=0,0,ROUND(SomaAgrup,15-13*$AF$11)))","v":489.6},"RA","RA",{"$f":"IF($C361=\"S\",IF($Z361=\"CP\",$X361,IF($Z361=\"RA\",(($X361)*QCI!$AA$3),0)),SomaAgrup)","v":42.366901286831087},{"$f":"IF($C361=\"S\",IF($Z361=\"OU\",ROUND($X361,2),0),SomaAgrup)","v":0},{"$f":"IF($N361=\"\",\" \",\nIF(AND($C361<>\"S\",OR($R361=\"\",$R361=\"(digite a descrição aqui)\")),\"DESCRIÇÃO\",\nIF(AND($C361=\"S\",OR($Q361<>\"\",$T361>0,$U361>0),$P361=\"\"),\"FONTE\",\nIF(AND($C361=\"S\",$P361<>\"\",OR($T361>0,$U361>0),$Q361=\"\"),\"CÓDIGO\",\nIF(AND($C361=\"S\",$P361<>\"\",$Q361<>\"\",$R361=\"(Código não identificado nas referências)\"),\"CÓDIGO N/ID\",\nIF(AND($C361=\"S\",OR($R361=\"\",$R361=\"(digite a descrição aqui)\"),OR($Q361<>\"\",$T361>0,$U361>0)),\"DESCRIÇÃO\",\nIF(AND($C361=\"S\",$P361<>\"\",$Q361<>\"\",$S361=\"\"),\"UNIDADE\",\nIF(AND($C361=\"S\",$P361<>\"\",$Q361<>\"\",$U361=0),\"SEM CUSTO\",\nIF(AND(TIPOORCAMENTO=\"Licitado\",$AL361=0,$AN361>0),\"SEM PREÇO\",\nIF(AND($C361=\"S\",$P361<>\"\",$Q361<>\"\",$U361>0,AND($V361<>\"BDI 1\",$V361<>\"BDI 2\",$V361<>\"BDI 3\")),IF(ISNUMBER($V361),\"JUSTIFICAR BDI\",\"BDI\"),\nIF(OR(AND(import.recurso=\"OGU\",TIPOORCAMENTO=\"Proposto\",LEFT($O$8,5)<>\"(N/D:\",$AG361<>\"\",ORÇAMENTO.CustoUnitario>$AG361),AND(TIPOORCAMENTO=\"LICITADO\",ORÇAMENTO.PrecoUnitarioLicitado>$AN361)),\"ACIMA REF.\",\nIF(AND($C361=\"S\",$P361<>\"\",$Q361<>\"\",$T361=0,$U361>0),\"QUANT.\",\nIF(AND(Import.TipoArredondamento=\"TransfereGOV\",$L361=\"F\",$C361=\"S\",LEN($Q361)>13),\"Código >13\",\nIF(AND(Import.TipoArredondamento=\"TransfereGOV\",$L361=\"F\",$C361<>\"S\",LEN($R361)>100),\"Descrição >100\",\nIF(AND(Import.TipoArredondamento=\"TransfereGOV\",$L361=\"F\",$C361=\"S\",LEN($R361)>500),\"Descrição >500\",\nIF(AND(Import.TipoArredondamento=\"TransfereGOV\",$L361=\"F\",$C361=\"S\",LEFT(TRIM(UPPER($P361)),6)<>\"SINAPI\",ISNA(VLOOKUP(TRIM(UPPER($S361)),ListaTgov.Unidades,1,FALSE))),\"Unid. Não Disp\",\n\" \"))))))))))))))))","v":" "},{"$f":"IF(C361<=CRONO.NivelExibicao,MAX($AD$15:OFFSET(AD361,-1,0))+IF($C361<>1,1,MAX(1,COUNTIF(QCI!$A$13:$A$36,OFFSET($E361,-1,0)))),\"\")","v":""},{"$f":"IF(AND($C361=\"S\",ORÇAMENTO.CodBarra<>\"\"),IF(ORÇAMENTO.Fonte=\"\",ORÇAMENTO.CodBarra,CONCATENATE(ORÇAMENTO.Fonte,\" \",ORÇAMENTO.CodBarra)))","v":"SINAPI 92022"},{"$f":"IF(ISERROR(ORÇAMENTO.BancoRef),\"(abra o arquivo 'Referência \"&Excel_BuiltIn_Database&\".xlsm)\",IF(OR($C361<>\"S\",ORÇAMENTO.CodBarra=\"\"),\"(Sem Código)\",IF(ISERROR(MATCH($AE361,INDIRECT(ORÇAMENTO.BancoRef),0)),\"(Código não identificado nas referências)\",MATCH($AE361,INDIRECT(ORÇAMENTO.BancoRef),0))))","v":10756},{"$f":"ROUND(IF(DESONERACAO=\"sim\",REFERENCIA.Desonerado,REFERENCIA.NaoDesonerado),2)","v":39.08},0.25290000000000001,null,null,null,null,489.6,{"$f":"ROUND(ORÇAMENTO.CustoUnitario*(1+$AH361),2)","v":48.96}]
["S",2,"S",0,{"$f":"IF($C362=1,OFFSET(E362,-1,0)+MAX(1,COUNTIF(QCI!$A$13:$A$36,OFFSET(ORÇAMENTO!E362,-1,0))),OFFSET(E362,-1,0))","v":17},1,0,0,34,0,{"$f":"IF(OR($C362=\"S\",$C362=0),0,MATCH(OFFSET($D362,0,$C362)+IF($C362<>1,1,COUNTIF(QCI!$A$13:$A$36,ORÇAMENTO!E362)),OFFSET($D362,1,$C362,ROW($C$472)-ROW($C362)),0))","v":0},"F","Serviço","Serviço","17.1.0.34.","SINAPI","92002",{"$f":"IF($C362=\"S\",REFERENCIA.Descricao,\"(digite a descrição aqui)\")","v":"TOMADA MÉDIA DE EMBUTIR (2 MÓDULOS), 2P+T 10 A, SEM SUPORTE E SEM PLACA - FORNECIMENTO E INSTALAÇÃO. AF_03/2023"},{"$f":"REFERENCIA.Unidade","v":"UN"},{"$f":"OFFSET(CÁLCULO!H$15,ROW($T362)-ROW(T$15),0)","v":72},44.47,"BDI 1",{"$f":"IF($C362=\"S\",ROUND(IF(TIPOORCAMENTO=\"Proposto\",ORÇAMENTO.CustoUnitario*(1+$AH362),ORÇAMENTO.PrecoUnitarioLicitado),15-13*$AF$10),0)","v":55.72},{"$f":"IF($C362=\"S\",IF(OR(Import.TipoArredondamento<>\"TransfereGOV\",ACOMPANHAMENTO=\"BM\"),VTOTAL1,SUM(OFFSET(CÁLCULO!$AI$15,ROW($X362)-ROW($X$15),1):OFFSET(CÁLCULO!$BB$15,ROW($X362)-ROW($X$15),-1))),IF($C362=0,0,ROUND(SomaAgrup,15-13*$AF$11)))","v":4011.84},"RA","RA",{"$f":"IF($C362=\"S\",IF($Z362=\"CP\",$X362,IF($Z362=\"RA\",(($X362)*QCI!$AA$3),0)),SomaAgrup)","v":347.15937348562176},{"$f":"IF($C362=\"S\",IF($Z362=\"OU\",ROUND($X362,2),0),SomaAgrup)","v":0},{"$f":"IF($N362=\"\",\" \",\nIF(AND($C362<>\"S\",OR($R362=\"\",$R362=\"(digite a descrição aqui)\")),\"DESCRIÇÃO\",\nIF(AND($C362=\"S\",OR($Q362<>\"\",$T362>0,$U362>0),$P362=\"\"),\"FONTE\",\nIF(AND($C362=\"S\",$P362<>\"\",OR($T362>0,$U362>0),$Q362=\"\"),\"CÓDIGO\",\nIF(AND($C362=\"S\",$P362<>\"\",$Q362<>\"\",$R362=\"(Código não identificado nas referências)\"),\"CÓDIGO N/ID\",\nIF(AND($C362=\"S\",OR($R362=\"\",$R362=\"(digite a descrição aqui)\"),OR($Q362<>\"\",$T362>0,$U362>0)),\"DESCRIÇÃO\",\nIF(AND($C362=\"S\",$P362<>\"\",$Q362<>\"\",$S362=\"\"),\"UNIDADE\",\nIF(AND($C362=\"S\",$P362<>\"\",$Q362<>\"\",$U362=0),\"SEM CUSTO\",\nIF(AND(TIPOORCAMENTO=\"Licitado\",$AL362=0,$AN362>0),\"SEM PREÇO\",\nIF(AND($C362=\"S\",$P362<>\"\",$Q362<>\"\",$U362>0,AND($V362<>\"BDI 1\",$V362<>\"BDI 2\",$V362<>\"BDI 3\")),IF(ISNUMBER($V362),\"JUSTIFICAR BDI\",\"BDI\"),\nIF(OR(AND(import.recurso=\"OGU\",TIPOORCAMENTO=\"Proposto\",LEFT($O$8,5)<>\"(N/D:\",$AG362<>\"\",ORÇAMENTO.CustoUnitario>$AG362),AND(TIPOORCAMENTO=\"LICITADO\",ORÇAMENTO.PrecoUnitarioLicitado>$AN362)),\"ACIMA REF.\",\nIF(AND($C362=\"S\",$P362<>\"\",$Q362<>\"\",$T362=0,$U362>0),\"QUANT.\",\nIF(AND(Import.TipoArredondamento=\"TransfereGOV\",$L362=\"F\",$C362=\"S\",LEN($Q362)>13),\"Código >13\",\nIF(AND(Import.TipoArredondamento=\"TransfereGOV\",$L362=\"F\",$C362<>\"S\",LEN($R362)>100),\"Descrição >100\",\nIF(AND(Import.TipoArredondamento=\"TransfereGOV\",$L362=\"F\",$C362=\"S\",LEN($R362)>500),\"Descrição >500\",\nIF(AND(Import.TipoArredondamento=\"TransfereGOV\",$L362=\"F\",$C362=\"S\",LEFT(TRIM(UPPER($P362)),6)<>\"SINAPI\",ISNA(VLOOKUP(TRIM(UPPER($S362)),ListaTgov.Unidades,1,FALSE))),\"Unid. Não Disp\",\n\" \"))))))))))))))))","v":" "},{"$f":"IF(C362<=CRONO.NivelExibicao,MAX($AD$15:OFFSET(AD362,-1,0))+IF($C362<>1,1,MAX(1,COUNTIF(QCI!$A$13:$A$36,OFFSET($E362,-1,0)))),\"\")","v":""},{"$f":"IF(AND($C362=\"S\",ORÇAMENTO.CodBarra<>\"\"),IF(ORÇAMENTO.Fonte=\"\",ORÇAMENTO.CodBarra,CONCATENATE(ORÇAMENTO.Fonte,\" \",ORÇAMENTO.CodBarra)))","v":"SINAPI 92002"},{"$f":"IF(ISERROR(ORÇAMENTO.BancoRef),\"(abra o arquivo 'Referência \"&Excel_BuiltIn_Database&\".xlsm)\",IF(OR($C362<>\"S\",ORÇAMENTO.CodBarra=\"\"),\"(Sem Código)\",IF(ISERROR(MATCH($AE362,INDIRECT(ORÇAMENTO.BancoRef),0)),\"(Código não identificado nas referências)\",MATCH($AE362,INDIRECT(ORÇAMENTO.BancoRef),0))))","v":10826},{"$f":"ROUND(IF(DESONERACAO=\"sim\",REFERENCIA.Desonerado,REFERENCIA.NaoDesonerado),2)","v":44.47},0.25290000000000001,null,null,null,null,4011.84,{"$f":"ROUND(ORÇAMENTO.CustoUnitario*(1+$AH362),2)","v":55.72}]
["S",2,"S",0,{"$f":"IF($C363=1,OFFSET(E363,-1,0)+MAX(1,COUNTIF(QCI!$A$13:$A$36,OFFSET(ORÇAMENTO!E363,-1,0))),OFFSET(E363,-1,0))","v":17},1,0,0,35,0,{"$f":"IF(OR($C363=\"S\",$C363=0),0,MATCH(OFFSET($D363,0,$C363)+IF($C363<>1,1,COUNTIF(QCI!$A$13:$A$36,ORÇAMENTO!E363)),OFFSET($D363,1,$C363,ROW($C$472)-ROW($C363)),0))","v":0},"F","Serviço","Serviço","17.1.0.35.","SINAPI","92003",{"$f":"IF($C363=\"S\",REFERENCIA.Descricao,\"(digite a descrição aqui)\")","v":"TOMADA MÉDIA DE EMBUTIR (2 MÓDULOS), 2P+T 20 A, SEM SUPORTE E SEM PLACA - FORNECIMENTO E INSTALAÇÃO. AF_03/2023"},{"$f":"REFERENCIA.Unidade","v":"UN"},{"$f":"OFFSET(CÁLCULO!H$15,ROW($T363)-ROW(T$15),0)","v":22},48.51,"BDI 1",{"$f":"IF($C363=\"S\",ROUND(IF(TIPOORCAMENTO=\"Proposto\",ORÇAMENTO.CustoUnitario*(1+$AH363),ORÇAMENTO.PrecoUnitarioLicitado),15-13*$AF$10),0)","v":60.78},{"$f":"IF($C363=\"S\",IF(OR(Import.TipoArredondamento<>\"TransfereGOV\",ACOMPANHAMENTO=\"BM\"),VTOTAL1,SUM(OFFSET(CÁLCULO!$AI$15,ROW($X363)-ROW($X$15),1):OFFSET(CÁLCULO!$BB$15,ROW($X363)-ROW($X$15),-1))),IF($C363=0,0,ROUND(SomaAgrup,15-13*$AF$11)))","v":1337.16},"RA","RA",{"$f":"IF($C363=\"S\",IF($Z363=\"CP\",$X363,IF($Z363=\"RA\",(($X363)*QCI!$AA$3),0)),SomaAgrup)","v":115.70940711744088},{"$f":"IF($C363=\"S\",IF($Z363=\"OU\",ROUND($X363,2),0),SomaAgrup)","v":0},{"$f":"IF($N363=\"\",\" \",\nIF(AND($C363<>\"S\",OR($R363=\"\",$R363=\"(digite a descrição aqui)\")),\"DESCRIÇÃO\",\nIF(AND($C363=\"S\",OR($Q363<>\"\",$T363>0,$U363>0),$P363=\"\"),\"FONTE\",\nIF(AND($C363=\"S\",$P363<>\"\",OR($T363>0,$U363>0),$Q363=\"\"),\"CÓDIGO\",\nIF(AND($C363=\"S\",$P363<>\"\",$Q363<>\"\",$R363=\"(Código não identificado nas referências)\"),\"CÓDIGO N/ID\",\nIF(AND($C363=\"S\",OR($R363=\"\",$R363=\"(digite a descrição aqui)\"),OR($Q363<>\"\",$T363>0,$U363>0)),\"DESCRIÇÃO\",\nIF(AND($C363=\"S\",$P363<>\"\",$Q363<>\"\",$S363=\"\"),\"UNIDADE\",\nIF(AND($C363=\"S\",$P363<>\"\",$Q363<>\"\",$U363=0),\"SEM CUSTO\",\nIF(AND(TIPOORCAMENTO=\"Licitado\",$AL363=0,$AN363>0),\"SEM PREÇO\",\nIF(AND($C363=\"S\",$P363<>\"\",$Q363<>\"\",$U363>0,AND($V363<>\"BDI 1\",$V363<>\"BDI 2\",$V363<>\"BDI 3\")),IF(ISNUMBER($V363),\"JUSTIFICAR BDI\",\"BDI\"),\nIF(OR(AND(import.recurso=\"OGU\",TIPOORCAMENTO=\"Proposto\",LEFT($O$8,5)<>\"(N/D:\",$AG363<>\"\",ORÇAMENTO.CustoUnitario>$AG363),AND(TIPOORCAMENTO=\"LICITADO\",ORÇAMENTO.PrecoUnitarioLicitado>$AN363)),\"ACIMA REF.\",\nIF(AND($C363=\"S\",$P363<>\"\",$Q363<>\"\",$T363=0,$U363>0),\"QUANT.\",\nIF(AND(Import.TipoArredondamento=\"TransfereGOV\",$L363=\"F\",$C363=\"S\",LEN($Q363)>13),\"Código >13\",\nIF(AND(Import.TipoArredondamento=\"TransfereGOV\",$L363=\"F\",$C363<>\"S\",LEN($R363)>100),\"Descrição >100\",\nIF(AND(Import.TipoArredondamento=\"TransfereGOV\",$L363=\"F\",$C363=\"S\",LEN($R363)>500),\"Descrição >500\",\nIF(AND(Import.TipoArredondamento=\"TransfereGOV\",$L363=\"F\",$C363=\"S\",LEFT(TRIM(UPPER($P363)),6)<>\"SINAPI\",ISNA(VLOOKUP(TRIM(UPPER($S363)),ListaTgov.Unidades,1,FALSE))),\"Unid. Não Disp\",\n\" \"))))))))))))))))","v":" "},{"$f":"IF(C363<=CRONO.NivelExibicao,MAX($AD$15:OFFSET(AD363,-1,0))+IF($C363<>1,1,MAX(1,COUNTIF(QCI!$A$13:$A$36,OFFSET($E363,-1,0)))),\"\")","v":""},{"$f":"IF(AND($C363=\"S\",ORÇAMENTO.CodBarra<>\"\"),IF(ORÇAMENTO.Fonte=\"\",ORÇAMENTO.CodBarra,CONCATENATE(ORÇAMENTO.Fonte,\" \",ORÇAMENTO.CodBarra)))","v":"SINAPI 92003"},{"$f":"IF(ISERROR(ORÇAMENTO.BancoRef),\"(abra o arquivo 'Referência \"&Excel_BuiltIn_Database&\".xlsm)\",IF(OR($C363<>\"S\",ORÇAMENTO.CodBarra=\"\"),\"(Sem Código)\",IF(ISERROR(MATCH($AE363,INDIRECT(ORÇAMENTO.BancoRef),0)),\"(Código não identificado nas referências)\",MATCH($AE363,INDIRECT(ORÇAMENTO.BancoRef),0))))","v":10828},{"$f":"ROUND(IF(DESONERACAO=\"sim\",REFERENCIA.Desonerado,REFERENCIA.NaoDesonerado),2)","v":48.51},0.25290000000000001,null,null,null,null,1337.16,{"$f":"ROUND(ORÇAMENTO.CustoUnitario*(1+$AH363),2)","v":60.78}]
["S",2,"S",0,{"$f":"IF($C364=1,OFFSET(E364,-1,0)+MAX(1,COUNTIF(QCI!$A$13:$A$36,OFFSET(ORÇAMENTO!E364,-1,0))),OFFSET(E364,-1,0))","v":17},1,0,0,36,0,{"$f":"IF(OR($C364=\"S\",$C364=0),0,MATCH(OFFSET($D364,0,$C364)+IF($C364<>1,1,COUNTIF(QCI!$A$13:$A$36,ORÇAMENTO!E364)),OFFSET($D364,1,$C364,ROW($C$472)-ROW($C364)),0))","v":0},"F","Serviço","Serviço","17.1.0.36.","SINAPI","92010",{"$f":"IF($C364=\"S\",REFERENCIA.Descricao,\"(digite a descrição aqui)\")","v":"TOMADA MÉDIA DE EMBUTIR (3 MÓDULOS), 2P+T 10 A, SEM SUPORTE E SEM PLACA - FORNECIMENTO E INSTALAÇÃO. AF_03/2023"},{"$f":"REFERENCIA.Unidade","v":"UN"},{"$f":"OFFSET(CÁLCULO!H$15,ROW($T364)-ROW(T$15),0)","v":2},65.03,"BDI 1",{"$f":"IF($C364=\"S\",ROUND(IF(TIPOORCAMENTO=\"Proposto\",ORÇAMENTO.CustoUnitario*(1+$AH364),ORÇAMENTO.PrecoUnitarioLicitado),15-13*$AF$10),0)","v":81.48},{"$f":"IF($C364=\"S\",IF(OR(Import.TipoArredondamento<>\"TransfereGOV\",ACOMPANHAMENTO=\"BM\"),VTOTAL1,SUM(OFFSET(CÁLCULO!$AI$15,ROW($X364)-ROW($X$15),1):OFFSET(CÁLCULO!$BB$15,ROW($X364)-ROW($X$15),-1))),IF($C364=0,0,ROUND(SomaAgrup,15-13*$AF$11)))","v":162.96},"RA","RA",{"$f":"IF($C364=\"S\",IF($Z364=\"CP\",$X364,IF($Z364=\"RA\",(($X364)*QCI!$AA$3),0)),SomaAgrup)","v":14.1015323400776},{"$f":"IF($C364=\"S\",IF($Z364=\"OU\",ROUND($X364,2),0),SomaAgrup)","v":0},{"$f":"IF($N364=\"\",\" \",\nIF(AND($C364<>\"S\",OR($R364=\"\",$R364=\"(digite a descrição aqui)\")),\"DESCRIÇÃO\",\nIF(AND($C364=\"S\",OR($Q364<>\"\",$T364>0,$U364>0),$P364=\"\"),\"FONTE\",\nIF(AND($C364=\"S\",$P364<>\"\",OR($T364>0,$U364>0),$Q364=\"\"),\"CÓDIGO\",\nIF(AND($C364=\"S\",$P364<>\"\",$Q364<>\"\",$R364=\"(Código não identificado nas referências)\"),\"CÓDIGO N/ID\",\nIF(AND($C364=\"S\",OR($R364=\"\",$R364=\"(digite a descrição aqui)\"),OR($Q364<>\"\",$T364>0,$U364>0)),\"DESCRIÇÃO\",\nIF(AND($C364=\"S\",$P364<>\"\",$Q364<>\"\",$S364=\"\"),\"UNIDADE\",\nIF(AND($C364=\"S\",$P364<>\"\",$Q364<>\"\",$U364=0),\"SEM CUSTO\",\nIF(AND(TIPOORCAMENTO=\"Licitado\",$AL364=0,$AN364>0),\"SEM PREÇO\",\nIF(AND($C364=\"S\",$P364<>\"\",$Q364<>\"\",$U364>0,AND($V364<>\"BDI 1\",$V364<>\"BDI 2\",$V364<>\"BDI 3\")),IF(ISNUMBER($V364),\"JUSTIFICAR BDI\",\"BDI\"),\nIF(OR(AND(import.recurso=\"OGU\",TIPOORCAMENTO=\"Proposto\",LEFT($O$8,5)<>\"(N/D:\",$AG364<>\"\",ORÇAMENTO.CustoUnitario>$AG364),AND(TIPOORCAMENTO=\"LICITADO\",ORÇAMENTO.PrecoUnitarioLicitado>$AN364)),\"ACIMA REF.\",\nIF(AND($C364=\"S\",$P364<>\"\",$Q364<>\"\",$T364=0,$U364>0),\"QUANT.\",\nIF(AND(Import.TipoArredondamento=\"TransfereGOV\",$L364=\"F\",$C364=\"S\",LEN($Q364)>13),\"Código >13\",\nIF(AND(Import.TipoArredondamento=\"TransfereGOV\",$L364=\"F\",$C364<>\"S\",LEN($R364)>100),\"Descrição >100\",\nIF(AND(Import.TipoArredondamento=\"TransfereGOV\",$L364=\"F\",$C364=\"S\",LEN($R364)>500),\"Descrição >500\",\nIF(AND(Import.TipoArredondamento=\"TransfereGOV\",$L364=\"F\",$C364=\"S\",LEFT(TRIM(UPPER($P364)),6)<>\"SINAPI\",ISNA(VLOOKUP(TRIM(UPPER($S364)),ListaTgov.Unidades,1,FALSE))),\"Unid. Não Disp\",\n\" \"))))))))))))))))","v":" "},{"$f":"IF(C364<=CRONO.NivelExibicao,MAX($AD$15:OFFSET(AD364,-1,0))+IF($C364<>1,1,MAX(1,COUNTIF(QCI!$A$13:$A$36,OFFSET($E364,-1,0)))),\"\")","v":""},{"$f":"IF(AND($C364=\"S\",ORÇAMENTO.CodBarra<>\"\"),IF(ORÇAMENTO.Fonte=\"\",ORÇAMENTO.CodBarra,CONCATENATE(ORÇAMENTO.Fonte,\" \",ORÇAMENTO.CodBarra)))","v":"SINAPI 92010"},{"$f":"IF(ISERROR(ORÇAMENTO.BancoRef),\"(abra o arquivo 'Referência \"&Excel_BuiltIn_Database&\".xlsm)\",IF(OR($C364<>\"S\",ORÇAMENTO.CodBarra=\"\"),\"(Sem Código)\",IF(ISERROR(MATCH($AE364,INDIRECT(ORÇAMENTO.BancoRef),0)),\"(Código não identificado nas referências)\",MATCH($AE364,INDIRECT(ORÇAMENTO.BancoRef),0))))","v":10830},{"$f":"ROUND(IF(DESONERACAO=\"sim\",REFERENCIA.Desonerado,REFERENCIA.NaoDesonerado),2)","v":65.03},0.25290000000000001,null,null,null,null,162.96,{"$f":"ROUND(ORÇAMENTO.CustoUnitario*(1+$AH364),2)","v":81.48}]
["S",2,"S",0,{"$f":"IF($C365=1,OFFSET(E365,-1,0)+MAX(1,COUNTIF(QCI!$A$13:$A$36,OFFSET(ORÇAMENTO!E365,-1,0))),OFFSET(E365,-1,0))","v":17},1,0,0,37,0,{"$f":"IF(OR($C365=\"S\",$C365=0),0,MATCH(OFFSET($D365,0,$C365)+IF($C365<>1,1,COUNTIF(QCI!$A$13:$A$36,ORÇAMENTO!E365)),OFFSET($D365,1,$C365,ROW($C$472)-ROW($C365)),0))","v":0},"F","Serviço","Serviço","17.1.0.37.","SINAPI","91994",{"$f":"IF($C365=\"S\",REFERENCIA.Descricao,\"(digite a descrição aqui)\")","v":"TOMADA MÉDIA DE EMBUTIR (1 MÓDULO), 2P+T 10 A, SEM SUPORTE E SEM PLACA - FORNECIMENTO E INSTALAÇÃO. AF_03/2023"},{"$f":"REFERENCIA.Unidade","v":"UN"},{"$f":"OFFSET(CÁLCULO!H$15,ROW($T365)-ROW(T$15),0)","v":85},23.86,"BDI 1",{"$f":"IF($C365=\"S\",ROUND(IF(TIPOORCAMENTO=\"Proposto\",ORÇAMENTO.CustoUnitario*(1+$AH365),ORÇAMENTO.PrecoUnitarioLicitado),15-13*$AF$10),0)","v":29.89},{"$f":"IF($C365=\"S\",IF(OR(Import.TipoArredondamento<>\"TransfereGOV\",ACOMPANHAMENTO=\"BM\"),VTOTAL1,SUM(OFFSET(CÁLCULO!$AI$15,ROW($X365)-ROW($X$15),1):OFFSET(CÁLCULO!$BB$15,ROW($X365)-ROW($X$15),-1))),IF($C365=0,0,ROUND(SomaAgrup,15-13*$AF$11)))","v":2540.65},"RA","RA",{"$f":"IF($C365=\"S\",IF($Z365=\"CP\",$X365,IF($Z365=\"RA\",(($X365)*QCI!$AA$3),0)),SomaAgrup)","v":219.85185407350366},{"$f":"IF($C365=\"S\",IF($Z365=\"OU\",ROUND($X365,2),0),SomaAgrup)","v":0},{"$f":"IF($N365=\"\",\" \",\nIF(AND($C365<>\"S\",OR($R365=\"\",$R365=\"(digite a descrição aqui)\")),\"DESCRIÇÃO\",\nIF(AND($C365=\"S\",OR($Q365<>\"\",$T365>0,$U365>0),$P365=\"\"),\"FONTE\",\nIF(AND($C365=\"S\",$P365<>\"\",OR($T365>0,$U365>0),$Q365=\"\"),\"CÓDIGO\",\nIF(AND($C365=\"S\",$P365<>\"\",$Q365<>\"\",$R365=\"(Código não identificado nas referências)\"),\"CÓDIGO N/ID\",\nIF(AND($C365=\"S\",OR($R365=\"\",$R365=\"(digite a descrição aqui)\"),OR($Q365<>\"\",$T365>0,$U365>0)),\"DESCRIÇÃO\",\nIF(AND($C365=\"S\",$P365<>\"\",$Q365<>\"\",$S365=\"\"),\"UNIDADE\",\nIF(AND($C365=\"S\",$P365<>\"\",$Q365<>\"\",$U365=0),\"SEM CUSTO\",\nIF(AND(TIPOORCAMENTO=\"Licitado\",$AL365=0,$AN365>0),\"SEM PREÇO\",\nIF(AND($C365=\"S\",$P365<>\"\",$Q365<>\"\",$U365>0,AND($V365<>\"BDI 1\",$V365<>\"BDI 2\",$V365<>\"BDI 3\")),IF(ISNUMBER($V365),\"JUSTIFICAR BDI\",\"BDI\"),\nIF(OR(AND(import.recurso=\"OGU\",TIPOORCAMENTO=\"Proposto\",LEFT($O$8,5)<>\"(N/D:\",$AG365<>\"\",ORÇAMENTO.CustoUnitario>$AG365),AND(TIPOORCAMENTO=\"LICITADO\",ORÇAMENTO.PrecoUnitarioLicitado>$AN365)),\"ACIMA REF.\",\nIF(AND($C365=\"S\",$P365<>\"\",$Q365<>\"\",$T365=0,$U365>0),\"QUANT.\",\nIF(AND(Import.TipoArredondamento=\"TransfereGOV\",$L365=\"F\",$C365=\"S\",LEN($Q365)>13),\"Código >13\",\nIF(AND(Import.TipoArredondamento=\"TransfereGOV\",$L365=\"F\",$C365<>\"S\",LEN($R365)>100),\"Descrição >100\",\nIF(AND(Import.TipoArredondamento=\"TransfereGOV\",$L365=\"F\",$C365=\"S\",LEN($R365)>500),\"Descrição >500\",\nIF(AND(Import.TipoArredondamento=\"TransfereGOV\",$L365=\"F\",$C365=\"S\",LEFT(TRIM(UPPER($P365)),6)<>\"SINAPI\",ISNA(VLOOKUP(TRIM(UPPER($S365)),ListaTgov.Unidades,1,FALSE))),\"Unid. Não Disp\",\n\" \"))))))))))))))))","v":" "},{"$f":"IF(C365<=CRONO.NivelExibicao,MAX($AD$15:OFFSET(AD365,-1,0))+IF($C365<>1,1,MAX(1,COUNTIF(QCI!$A$13:$A$36,OFFSET($E365,-1,0)))),\"\")","v":""},{"$f":"IF(AND($C365=\"S\",ORÇAMENTO.CodBarra<>\"\"),IF(ORÇAMENTO.Fonte=\"\",ORÇAMENTO.CodBarra,CONCATENATE(ORÇAMENTO.Fonte,\" \",ORÇAMENTO.CodBarra)))","v":"SINAPI 91994"},{"$f":"IF(ISERROR(ORÇAMENTO.BancoRef),\"(abra o arquivo 'Referência \"&Excel_BuiltIn_Database&\".xlsm)\",IF(OR($C365<>\"S\",ORÇAMENTO.CodBarra=\"\"),\"(Sem Código)\",IF(ISERROR(MATCH($AE365,INDIRECT(ORÇAMENTO.BancoRef),0)),\"(Código não identificado nas referências)\",MATCH($AE365,INDIRECT(ORÇAMENTO.BancoRef),0))))","v":10822},{"$f":"ROUND(IF(DESONERACAO=\"sim\",REFERENCIA.Desonerado,REFERENCIA.NaoDesonerado),2)","v":23.86},0.25290000000000001,null,null,null,null,2540.65,{"$f":"ROUND(ORÇAMENTO.CustoUnitario*(1+$AH365),2)","v":29.89}]
["S",2,"S",0,{"$f":"IF($C366=1,OFFSET(E366,-1,0)+MAX(1,COUNTIF(QCI!$A$13:$A$36,OFFSET(ORÇAMENTO!E366,-1,0))),OFFSET(E366,-1,0))","v":17},1,0,0,38,0,{"$f":"IF(OR($C366=\"S\",$C366=0),0,MATCH(OFFSET($D366,0,$C366)+IF($C366<>1,1,COUNTIF(QCI!$A$13:$A$36,ORÇAMENTO!E366)),OFFSET($D366,1,$C366,ROW($C$472)-ROW($C366)),0))","v":0},"F","Serviço","Serviço","17.1.0.38.","SINAPI","91995",{"$f":"IF($C366=\"S\",REFERENCIA.Descricao,\"(digite a descrição aqui)\")","v":"TOMADA MÉDIA DE EMBUTIR (1 MÓDULO), 2P+T 20 A, SEM SUPORTE E SEM PLACA - FORNECIMENTO E INSTALAÇÃO. AF_03/2023"},{"$f":"REFERENCIA.Unidade","v":"UN"},{"$f":"OFFSET(CÁLCULO!H$15,ROW($T366)-ROW(T$15),0)","v":11},25.88,"BDI 1",{"$f":"IF($C366=\"S\",ROUND(IF(TIPOORCAMENTO=\"Proposto\",ORÇAMENTO.CustoUnitario*(1+$AH366),ORÇAMENTO.PrecoUnitarioLicitado),15-13*$AF$10),0)","v":32.43},{"$f":"IF($C366=\"S\",IF(OR(Import.TipoArredondamento<>\"TransfereGOV\",ACOMPANHAMENTO=\"BM\"),VTOTAL1,SUM(OFFSET(CÁLCULO!$AI$15,ROW($X366)-ROW($X$15),1):OFFSET(CÁLCULO!$BB$15,ROW($X366)-ROW($X$15),-1))),IF($C366=0,0,ROUND(SomaAgrup,15-13*$AF$11)))","v":356.73},"RA","RA",{"$f":"IF($C366=\"S\",IF($Z366=\"CP\",$X366,IF($Z366=\"RA\",(($X366)*QCI!$AA$3),0)),SomaAgrup)","v":30.869168088339979},{"$f":"IF($C366=\"S\",IF($Z366=\"OU\",ROUND($X366,2),0),SomaAgrup)","v":0},{"$f":"IF($N366=\"\",\" \",\nIF(AND($C366<>\"S\",OR($R366=\"\",$R366=\"(digite a descrição aqui)\")),\"DESCRIÇÃO\",\nIF(AND($C366=\"S\",OR($Q366<>\"\",$T366>0,$U366>0),$P366=\"\"),\"FONTE\",\nIF(AND($C366=\"S\",$P366<>\"\",OR($T366>0,$U366>0),$Q366=\"\"),\"CÓDIGO\",\nIF(AND($C366=\"S\",$P366<>\"\",$Q366<>\"\",$R366=\"(Código não identificado nas referências)\"),\"CÓDIGO N/ID\",\nIF(AND($C366=\"S\",OR($R366=\"\",$R366=\"(digite a descrição aqui)\"),OR($Q366<>\"\",$T366>0,$U366>0)),\"DESCRIÇÃO\",\nIF(AND($C366=\"S\",$P366<>\"\",$Q366<>\"\",$S366=\"\"),\"UNIDADE\",\nIF(AND($C366=\"S\",$P366<>\"\",$Q366<>\"\",$U366=0),\"SEM CUSTO\",\nIF(AND(TIPOORCAMENTO=\"Licitado\",$AL366=0,$AN366>0),\"SEM PREÇO\",\nIF(AND($C366=\"S\",$P366<>\"\",$Q366<>\"\",$U366>0,AND($V366<>\"BDI 1\",$V366<>\"BDI 2\",$V366<>\"BDI 3\")),IF(ISNUMBER($V366),\"JUSTIFICAR BDI\",\"BDI\"),\nIF(OR(AND(import.recurso=\"OGU\",TIPOORCAMENTO=\"Proposto\",LEFT($O$8,5)<>\"(N/D:\",$AG366<>\"\",ORÇAMENTO.CustoUnitario>$AG366),AND(TIPOORCAMENTO=\"LICITADO\",ORÇAMENTO.PrecoUnitarioLicitado>$AN366)),\"ACIMA REF.\",\nIF(AND($C366=\"S\",$P366<>\"\",$Q366<>\"\",$T366=0,$U366>0),\"QUANT.\",\nIF(AND(Import.TipoArredondamento=\"TransfereGOV\",$L366=\"F\",$C366=\"S\",LEN($Q366)>13),\"Código >13\",\nIF(AND(Import.TipoArredondamento=\"TransfereGOV\",$L366=\"F\",$C366<>\"S\",LEN($R366)>100),\"Descrição >100\",\nIF(AND(Import.TipoArredondamento=\"TransfereGOV\",$L366=\"F\",$C366=\"S\",LEN($R366)>500),\"Descrição >500\",\nIF(AND(Import.TipoArredondamento=\"TransfereGOV\",$L366=\"F\",$C366=\"S\",LEFT(TRIM(UPPER($P366)),6)<>\"SINAPI\",ISNA(VLOOKUP(TRIM(UPPER($S366)),ListaTgov.Unidades,1,FALSE))),\"Unid. Não Disp\",\n\" \"))))))))))))))))","v":" "},{"$f":"IF(C366<=CRONO.NivelExibicao,MAX($AD$15:OFFSET(AD366,-1,0))+IF($C366<>1,1,MAX(1,COUNTIF(QCI!$A$13:$A$36,OFFSET($E366,-1,0)))),\"\")","v":""},{"$f":"IF(AND($C366=\"S\",ORÇAMENTO.CodBarra<>\"\"),IF(ORÇAMENTO.Fonte=\"\",ORÇAMENTO.CodBarra,CONCATENATE(ORÇAMENTO.Fonte,\" \",ORÇAMENTO.CodBarra)))","v":"SINAPI 91995"},{"$f":"IF(ISERROR(ORÇAMENTO.BancoRef),\"(abra o arquivo 'Referência \"&Excel_BuiltIn_Database&\".xlsm)\",IF(OR($C366<>\"S\",ORÇAMENTO.CodBarra=\"\"),\"(Sem Código)\",IF(ISERROR(MATCH($AE366,INDIRECT(ORÇAMENTO.BancoRef),0)),\"(Código não identificado nas referências)\",MATCH($AE366,INDIRECT(ORÇAMENTO.BancoRef),0))))","v":10824},{"$f":"ROUND(IF(DESONERACAO=\"sim\",REFERENCIA.Desonerado,REFERENCIA.NaoDesonerado),2)","v":25.88},0.25290000000000001,null,null,null,null,356.73,{"$f":"ROUND(ORÇAMENTO.CustoUnitario*(1+$AH366),2)","v":32.43}]
["S",2,"S",0,{"$f":"IF($C367=1,OFFSET(E367,-1,0)+MAX(1,COUNTIF(QCI!$A$13:$A$36,OFFSET(ORÇAMENTO!E367,-1,0))),OFFSET(E367,-1,0))","v":17},1,0,0,39,0,{"$f":"IF(OR($C367=\"S\",$C367=0),0,MATCH(OFFSET($D367,0,$C367)+IF($C367<>1,1,COUNTIF(QCI!$A$13:$A$36,ORÇAMENTO!E367)),OFFSET($D367,1,$C367,ROW($C$472)-ROW($C367)),0))","v":0},"F","Serviço","Serviço","17.1.0.39.","Composição","COMP96",{"$f":"IF($C367=\"S\",REFERENCIA.Descricao,\"(digite a descrição aqui)\")","v":"DISJUNTOR TERMOMAGNETICO TRIPOLAR  63 A, PADRÃO DIN (EUROPEU - LINHA BRANCA),CURVA C"},{"$f":"REFERENCIA.Unidade","v":"UN"},{"$f":"OFFSET(CÁLCULO!H$15,ROW($T367)-ROW(T$15),0)","v":2},116.28,"BDI 1",{"$f":"IF($C367=\"S\",ROUND(IF(TIPOORCAMENTO=\"Proposto\",ORÇAMENTO.CustoUnitario*(1+$AH367),ORÇAMENTO.PrecoUnitarioLicitado),15-13*$AF$10),0)","v":145.69},{"$f":"IF($C367=\"S\",IF(OR(Import.TipoArredondamento<>\"TransfereGOV\",ACOMPANHAMENTO=\"BM\"),VTOTAL1,SUM(OFFSET(CÁLCULO!$AI$15,ROW($X367)-ROW($X$15),1):OFFSET(CÁLCULO!$BB$15,ROW($X367)-ROW($X$15),-1))),IF($C367=0,0,ROUND(SomaAgrup,15-13*$AF$11)))","v":291.38},"RA","RA",{"$f":"IF($C367=\"S\",IF($Z367=\"CP\",$X367,IF($Z367=\"RA\",(($X367)*QCI!$AA$3),0)),SomaAgrup)","v":25.214190557509887},{"$f":"IF($C367=\"S\",IF($Z367=\"OU\",ROUND($X367,2),0),SomaAgrup)","v":0},{"$f":"IF($N367=\"\",\" \",\nIF(AND($C367<>\"S\",OR($R367=\"\",$R367=\"(digite a descrição aqui)\")),\"DESCRIÇÃO\",\nIF(AND($C367=\"S\",OR($Q367<>\"\",$T367>0,$U367>0),$P367=\"\"),\"FONTE\",\nIF(AND($C367=\"S\",$P367<>\"\",OR($T367>0,$U367>0),$Q367=\"\"),\"CÓDIGO\",\nIF(AND($C367=\"S\",$P367<>\"\",$Q367<>\"\",$R367=\"(Código não identificado nas referências)\"),\"CÓDIGO N/ID\",\nIF(AND($C367=\"S\",OR($R367=\"\",$R367=\"(digite a descrição aqui)\"),OR($Q367<>\"\",$T367>0,$U367>0)),\"DESCRIÇÃO\",\nIF(AND($C367=\"S\",$P367<>\"\",$Q367<>\"\",$S367=\"\"),\"UNIDADE\",\nIF(AND($C367=\"S\",$P367<>\"\",$Q367<>\"\",$U367=0),\"SEM CUSTO\",\nIF(AND(TIPOORCAMENTO=\"Licitado\",$AL367=0,$AN367>0),\"SEM PREÇO\",\nIF(AND($C367=\"S\",$P367<>\"\",$Q367<>\"\",$U367>0,AND($V367<>\"BDI 1\",$V367<>\"BDI 2\",$V367<>\"BDI 3\")),IF(ISNUMBER($V367),\"JUSTIFICAR BDI\",\"BDI\"),\nIF(OR(AND(import.recurso=\"OGU\",TIPOORCAMENTO=\"Proposto\",LEFT($O$8,5)<>\"(N/D:\",$AG367<>\"\",ORÇAMENTO.CustoUnitario>$AG367),AND(TIPOORCAMENTO=\"LICITADO\",ORÇAMENTO.PrecoUnitarioLicitado>$AN367)),\"ACIMA REF.\",\nIF(AND($C367=\"S\",$P367<>\"\",$Q367<>\"\",$T367=0,$U367>0),\"QUANT.\",\nIF(AND(Import.TipoArredondamento=\"TransfereGOV\",$L367=\"F\",$C367=\"S\",LEN($Q367)>13),\"Código >13\",\nIF(AND(Import.TipoArredondamento=\"TransfereGOV\",$L367=\"F\",$C367<>\"S\",LEN($R367)>100),\"Descrição >100\",\nIF(AND(Import.TipoArredondamento=\"TransfereGOV\",$L367=\"F\",$C367=\"S\",LEN($R367)>500),\"Descrição >500\",\nIF(AND(Import.TipoArredondamento=\"TransfereGOV\",$L367=\"F\",$C367=\"S\",LEFT(TRIM(UPPER($P367)),6)<>\"SINAPI\",ISNA(VLOOKUP(TRIM(UPPER($S367)),ListaTgov.Unidades,1,FALSE))),\"Unid. Não Disp\",\n\" \"))))))))))))))))","v":" "},{"$f":"IF(C367<=CRONO.NivelExibicao,MAX($AD$15:OFFSET(AD367,-1,0))+IF($C367<>1,1,MAX(1,COUNTIF(QCI!$A$13:$A$36,OFFSET($E367,-1,0)))),\"\")","v":""},{"$f":"IF(AND($C367=\"S\",ORÇAMENTO.CodBarra<>\"\"),IF(ORÇAMENTO.Fonte=\"\",ORÇAMENTO.CodBarra,CONCATENATE(ORÇAMENTO.Fonte,\" \",ORÇAMENTO.CodBarra)))","v":"Composição COMP96"},{"$f":"IF(ISERROR(ORÇAMENTO.BancoRef),\"(abra o arquivo 'Referência \"&Excel_BuiltIn_Database&\".xlsm)\",IF(OR($C367<>\"S\",ORÇAMENTO.CodBarra=\"\"),\"(Sem Código)\",IF(ISERROR(MATCH($AE367,INDIRECT(ORÇAMENTO.BancoRef),0)),\"(Código não identificado nas referências)\",MATCH($AE367,INDIRECT(ORÇAMENTO.BancoRef),0))))","v":98},{"$f":"ROUND(IF(DESONERACAO=\"sim\",REFERENCIA.Desonerado,REFERENCIA.NaoDesonerado),2)","v":116.28},0.25290000000000001,null,null,null,null,291.38,{"$f":"ROUND(ORÇAMENTO.CustoUnitario*(1+$AH367),2)","v":145.69}]
["S",2,"S",0,{"$f":"IF($C368=1,OFFSET(E368,-1,0)+MAX(1,COUNTIF(QCI!$A$13:$A$36,OFFSET(ORÇAMENTO!E368,-1,0))),OFFSET(E368,-1,0))","v":17},1,0,0,40,0,{"$f":"IF(OR($C368=\"S\",$C368=0),0,MATCH(OFFSET($D368,0,$C368)+IF($C368<>1,1,COUNTIF(QCI!$A$13:$A$36,ORÇAMENTO!E368)),OFFSET($D368,1,$C368,ROW($C$472)-ROW($C368)),0))","v":0},"F","Serviço","Serviço","17.1.0.40.","Composição","COMP97",{"$f":"IF($C368=\"S\",REFERENCIA.Descricao,\"(digite a descrição aqui)\")","v":"DISJUNTOR DIN TRIPOLAR 100A CURVA C STECK"},{"$f":"REFERENCIA.Unidade","v":"UN"},{"$f":"OFFSET(CÁLCULO!H$15,ROW($T368)-ROW(T$15),0)","v":2},184.57,"BDI 1",{"$f":"IF($C368=\"S\",ROUND(IF(TIPOORCAMENTO=\"Proposto\",ORÇAMENTO.CustoUnitario*(1+$AH368),ORÇAMENTO.PrecoUnitarioLicitado),15-13*$AF$10),0)","v":231.25},{"$f":"IF($C368=\"S\",IF(OR(Import.TipoArredondamento<>\"TransfereGOV\",ACOMPANHAMENTO=\"BM\"),VTOTAL1,SUM(OFFSET(CÁLCULO!$AI$15,ROW($X368)-ROW($X$15),1):OFFSET(CÁLCULO!$BB$15,ROW($X368)-ROW($X$15),-1))),IF($C368=0,0,ROUND(SomaAgrup,15-13*$AF$11)))","v":462.5},"RA","RA",{"$f":"IF($C368=\"S\",IF($Z368=\"CP\",$X368,IF($Z368=\"RA\",(($X368)*QCI!$AA$3),0)),SomaAgrup)","v":40.021837919034674},{"$f":"IF($C368=\"S\",IF($Z368=\"OU\",ROUND($X368,2),0),SomaAgrup)","v":0},{"$f":"IF($N368=\"\",\" \",\nIF(AND($C368<>\"S\",OR($R368=\"\",$R368=\"(digite a descrição aqui)\")),\"DESCRIÇÃO\",\nIF(AND($C368=\"S\",OR($Q368<>\"\",$T368>0,$U368>0),$P368=\"\"),\"FONTE\",\nIF(AND($C368=\"S\",$P368<>\"\",OR($T368>0,$U368>0),$Q368=\"\"),\"CÓDIGO\",\nIF(AND($C368=\"S\",$P368<>\"\",$Q368<>\"\",$R368=\"(Código não identificado nas referências)\"),\"CÓDIGO N/ID\",\nIF(AND($C368=\"S\",OR($R368=\"\",$R368=\"(digite a descrição aqui)\"),OR($Q368<>\"\",$T368>0,$U368>0)),\"DESCRIÇÃO\",\nIF(AND($C368=\"S\",$P368<>\"\",$Q368<>\"\",$S368=\"\"),\"UNIDADE\",\nIF(AND($C368=\"S\",$P368<>\"\",$Q368<>\"\",$U368=0),\"SEM CUSTO\",\nIF(AND(TIPOORCAMENTO=\"Licitado\",$AL368=0,$AN368>0),\"SEM PREÇO\",\nIF(AND($C368=\"S\",$P368<>\"\",$Q368<>\"\",$U368>0,AND($V368<>\"BDI 1\",$V368<>\"BDI 2\",$V368<>\"BDI 3\")),IF(ISNUMBER($V368),\"JUSTIFICAR BDI\",\"BDI\"),\nIF(OR(AND(import.recurso=\"OGU\",TIPOORCAMENTO=\"Proposto\",LEFT($O$8,5)<>\"(N/D:\",$AG368<>\"\",ORÇAMENTO.CustoUnitario>$AG368),AND(TIPOORCAMENTO=\"LICITADO\",ORÇAMENTO.PrecoUnitarioLicitado>$AN368)),\"ACIMA REF.\",\nIF(AND($C368=\"S\",$P368<>\"\",$Q368<>\"\",$T368=0,$U368>0),\"QUANT.\",\nIF(AND(Import.TipoArredondamento=\"TransfereGOV\",$L368=\"F\",$C368=\"S\",LEN($Q368)>13),\"Código >13\",\nIF(AND(Import.TipoArredondamento=\"TransfereGOV\",$L368=\"F\",$C368<>\"S\",LEN($R368)>100),\"Descrição >100\",\nIF(AND(Import.TipoArredondamento=\"TransfereGOV\",$L368=\"F\",$C368=\"S\",LEN($R368)>500),\"Descrição >500\",\nIF(AND(Import.TipoArredondamento=\"TransfereGOV\",$L368=\"F\",$C368=\"S\",LEFT(TRIM(UPPER($P368)),6)<>\"SINAPI\",ISNA(VLOOKUP(TRIM(UPPER($S368)),ListaTgov.Unidades,1,FALSE))),\"Unid. Não Disp\",\n\" \"))))))))))))))))","v":" "},{"$f":"IF(C368<=CRONO.NivelExibicao,MAX($AD$15:OFFSET(AD368,-1,0))+IF($C368<>1,1,MAX(1,COUNTIF(QCI!$A$13:$A$36,OFFSET($E368,-1,0)))),\"\")","v":""},{"$f":"IF(AND($C368=\"S\",ORÇAMENTO.CodBarra<>\"\"),IF(ORÇAMENTO.Fonte=\"\",ORÇAMENTO.CodBarra,CONCATENATE(ORÇAMENTO.Fonte,\" \",ORÇAMENTO.CodBarra)))","v":"Composição COMP97"},{"$f":"IF(ISERROR(ORÇAMENTO.BancoRef),\"(abra o arquivo 'Referência \"&Excel_BuiltIn_Database&\".xlsm)\",IF(OR($C368<>\"S\",ORÇAMENTO.CodBarra=\"\"),\"(Sem Código)\",IF(ISERROR(MATCH($AE368,INDIRECT(ORÇAMENTO.BancoRef),0)),\"(Código não identificado nas referências)\",MATCH($AE368,INDIRECT(ORÇAMENTO.BancoRef),0))))","v":99},{"$f":"ROUND(IF(DESONERACAO=\"sim\",REFERENCIA.Desonerado,REFERENCIA.NaoDesonerado),2)","v":184.57},0.25290000000000001,null,null,null,null,462.5,{"$f":"ROUND(ORÇAMENTO.CustoUnitario*(1+$AH368),2)","v":231.25}]
["S",2,"S",0,{"$f":"IF($C369=1,OFFSET(E369,-1,0)+MAX(1,COUNTIF(QCI!$A$13:$A$36,OFFSET(ORÇAMENTO!E369,-1,0))),OFFSET(E369,-1,0))","v":17},1,0,0,41,0,{"$f":"IF(OR($C369=\"S\",$C369=0),0,MATCH(OFFSET($D369,0,$C369)+IF($C369<>1,1,COUNTIF(QCI!$A$13:$A$36,ORÇAMENTO!E369)),OFFSET($D369,1,$C369,ROW($C$472)-ROW($C369)),0))","v":0},"F","Serviço","Serviço","17.1.0.41.","SINAPI","93653",{"$f":"IF($C369=\"S\",REFERENCIA.Descricao,\"(digite a descrição aqui)\")","v":"DISJUNTOR MONOPOLAR TIPO DIN, CORRENTE NOMINAL DE 10A - FORNECIMENTO E INSTALAÇÃO. AF_07/2025"},{"$f":"REFERENCIA.Unidade","v":"UN"},{"$f":"OFFSET(CÁLCULO!H$15,ROW($T369)-ROW(T$15),0)","v":1},14.44,"BDI 1",{"$f":"IF($C369=\"S\",ROUND(IF(TIPOORCAMENTO=\"Proposto\",ORÇAMENTO.CustoUnitario*(1+$AH369),ORÇAMENTO.PrecoUnitarioLicitado),15-13*$AF$10),0)","v":18.09},{"$f":"IF($C369=\"S\",IF(OR(Import.TipoArredondamento<>\"TransfereGOV\",ACOMPANHAMENTO=\"BM\"),VTOTAL1,SUM(OFFSET(CÁLCULO!$AI$15,ROW($X369)-ROW($X$15),1):OFFSET(CÁLCULO!$BB$15,ROW($X369)-ROW($X$15),-1))),IF($C369=0,0,ROUND(SomaAgrup,15-13*$AF$11)))","v":18.09},"RA","RA",{"$f":"IF($C369=\"S\",IF($Z369=\"CP\",$X369,IF($Z369=\"RA\",(($X369)*QCI!$AA$3),0)),SomaAgrup)","v":1.5653946982818101},{"$f":"IF($C369=\"S\",IF($Z369=\"OU\",ROUND($X369,2),0),SomaAgrup)","v":0},{"$f":"IF($N369=\"\",\" \",\nIF(AND($C369<>\"S\",OR($R369=\"\",$R369=\"(digite a descrição aqui)\")),\"DESCRIÇÃO\",\nIF(AND($C369=\"S\",OR($Q369<>\"\",$T369>0,$U369>0),$P369=\"\"),\"FONTE\",\nIF(AND($C369=\"S\",$P369<>\"\",OR($T369>0,$U369>0),$Q369=\"\"),\"CÓDIGO\",\nIF(AND($C369=\"S\",$P369<>\"\",$Q369<>\"\",$R369=\"(Código não identificado nas referências)\"),\"CÓDIGO N/ID\",\nIF(AND($C369=\"S\",OR($R369=\"\",$R369=\"(digite a descrição aqui)\"),OR($Q369<>\"\",$T369>0,$U369>0)),\"DESCRIÇÃO\",\nIF(AND($C369=\"S\",$P369<>\"\",$Q369<>\"\",$S369=\"\"),\"UNIDADE\",\nIF(AND($C369=\"S\",$P369<>\"\",$Q369<>\"\",$U369=0),\"SEM CUSTO\",\nIF(AND(TIPOORCAMENTO=\"Licitado\",$AL369=0,$AN369>0),\"SEM PREÇO\",\nIF(AND($C369=\"S\",$P369<>\"\",$Q369<>\"\",$U369>0,AND($V369<>\"BDI 1\",$V369<>\"BDI 2\",$V369<>\"BDI 3\")),IF(ISNUMBER($V369),\"JUSTIFICAR BDI\",\"BDI\"),\nIF(OR(AND(import.recurso=\"OGU\",TIPOORCAMENTO=\"Proposto\",LEFT($O$8,5)<>\"(N/D:\",$AG369<>\"\",ORÇAMENTO.CustoUnitario>$AG369),AND(TIPOORCAMENTO=\"LICITADO\",ORÇAMENTO.PrecoUnitarioLicitado>$AN369)),\"ACIMA REF.\",\nIF(AND($C369=\"S\",$P369<>\"\",$Q369<>\"\",$T369=0,$U369>0),\"QUANT.\",\nIF(AND(Import.TipoArredondamento=\"TransfereGOV\",$L369=\"F\",$C369=\"S\",LEN($Q369)>13),\"Código >13\",\nIF(AND(Import.TipoArredondamento=\"TransfereGOV\",$L369=\"F\",$C369<>\"S\",LEN($R369)>100),\"Descrição >100\",\nIF(AND(Import.TipoArredondamento=\"TransfereGOV\",$L369=\"F\",$C369=\"S\",LEN($R369)>500),\"Descrição >500\",\nIF(AND(Import.TipoArredondamento=\"TransfereGOV\",$L369=\"F\",$C369=\"S\",LEFT(TRIM(UPPER($P369)),6)<>\"SINAPI\",ISNA(VLOOKUP(TRIM(UPPER($S369)),ListaTgov.Unidades,1,FALSE))),\"Unid. Não Disp\",\n\" \"))))))))))))))))","v":" "},{"$f":"IF(C369<=CRONO.NivelExibicao,MAX($AD$15:OFFSET(AD369,-1,0))+IF($C369<>1,1,MAX(1,COUNTIF(QCI!$A$13:$A$36,OFFSET($E369,-1,0)))),\"\")","v":""},{"$f":"IF(AND($C369=\"S\",ORÇAMENTO.CodBarra<>\"\"),IF(ORÇAMENTO.Fonte=\"\",ORÇAMENTO.CodBarra,CONCATENATE(ORÇAMENTO.Fonte,\" \",ORÇAMENTO.CodBarra)))","v":"SINAPI 93653"},{"$f":"IF(ISERROR(ORÇAMENTO.BancoRef),\"(abra o arquivo 'Referência \"&Excel_BuiltIn_Database&\".xlsm)\",IF(OR($C369<>\"S\",ORÇAMENTO.CodBarra=\"\"),\"(Sem Código)\",IF(ISERROR(MATCH($AE369,INDIRECT(ORÇAMENTO.BancoRef),0)),\"(Código não identificado nas referências)\",MATCH($AE369,INDIRECT(ORÇAMENTO.BancoRef),0))))","v":10945},{"$f":"ROUND(IF(DESONERACAO=\"sim\",REFERENCIA.Desonerado,REFERENCIA.NaoDesonerado),2)","v":14.44},0.25290000000000001,null,null,null,null,18.09,{"$f":"ROUND(ORÇAMENTO.CustoUnitario*(1+$AH369),2)","v":18.09}]
["S",2,"S",0,{"$f":"IF($C370=1,OFFSET(E370,-1,0)+MAX(1,COUNTIF(QCI!$A$13:$A$36,OFFSET(ORÇAMENTO!E370,-1,0))),OFFSET(E370,-1,0))","v":17},1,0,0,42,0,{"$f":"IF(OR($C370=\"S\",$C370=0),0,MATCH(OFFSET($D370,0,$C370)+IF($C370<>1,1,COUNTIF(QCI!$A$13:$A$36,ORÇAMENTO!E370)),OFFSET($D370,1,$C370,ROW($C$472)-ROW($C370)),0))","v":0},"F","Serviço","Serviço","17.1.0.42.","SINAPI","93654",{"$f":"IF($C370=\"S\",REFERENCIA.Descricao,\"(digite a descrição aqui)\")","v":"DISJUNTOR MONOPOLAR TIPO DIN, CORRENTE NOMINAL DE 16A - FORNECIMENTO E INSTALAÇÃO. AF_07/2025"},{"$f":"REFERENCIA.Unidade","v":"UN"},{"$f":"OFFSET(CÁLCULO!H$15,ROW($T370)-ROW(T$15),0)","v":37},14.44,"BDI 1",{"$f":"IF($C370=\"S\",ROUND(IF(TIPOORCAMENTO=\"Proposto\",ORÇAMENTO.CustoUnitario*(1+$AH370),ORÇAMENTO.PrecoUnitarioLicitado),15-13*$AF$10),0)","v":18.09},{"$f":"IF($C370=\"S\",IF(OR(Import.TipoArredondamento<>\"TransfereGOV\",ACOMPANHAMENTO=\"BM\"),VTOTAL1,SUM(OFFSET(CÁLCULO!$AI$15,ROW($X370)-ROW($X$15),1):OFFSET(CÁLCULO!$BB$15,ROW($X370)-ROW($X$15),-1))),IF($C370=0,0,ROUND(SomaAgrup,15-13*$AF$11)))","v":669.33},"RA","RA",{"$f":"IF($C370=\"S\",IF($Z370=\"CP\",$X370,IF($Z370=\"RA\",(($X370)*QCI!$AA$3),0)),SomaAgrup)","v":57.91960383642698},{"$f":"IF($C370=\"S\",IF($Z370=\"OU\",ROUND($X370,2),0),SomaAgrup)","v":0},{"$f":"IF($N370=\"\",\" \",\nIF(AND($C370<>\"S\",OR($R370=\"\",$R370=\"(digite a descrição aqui)\")),\"DESCRIÇÃO\",\nIF(AND($C370=\"S\",OR($Q370<>\"\",$T370>0,$U370>0),$P370=\"\"),\"FONTE\",\nIF(AND($C370=\"S\",$P370<>\"\",OR($T370>0,$U370>0),$Q370=\"\"),\"CÓDIGO\",\nIF(AND($C370=\"S\",$P370<>\"\",$Q370<>\"\",$R370=\"(Código não identificado nas referências)\"),\"CÓDIGO N/ID\",\nIF(AND($C370=\"S\",OR($R370=\"\",$R370=\"(digite a descrição aqui)\"),OR($Q370<>\"\",$T370>0,$U370>0)),\"DESCRIÇÃO\",\nIF(AND($C370=\"S\",$P370<>\"\",$Q370<>\"\",$S370=\"\"),\"UNIDADE\",\nIF(AND($C370=\"S\",$P370<>\"\",$Q370<>\"\",$U370=0),\"SEM CUSTO\",\nIF(AND(TIPOORCAMENTO=\"Licitado\",$AL370=0,$AN370>0),\"SEM PREÇO\",\nIF(AND($C370=\"S\",$P370<>\"\",$Q370<>\"\",$U370>0,AND($V370<>\"BDI 1\",$V370<>\"BDI 2\",$V370<>\"BDI 3\")),IF(ISNUMBER($V370),\"JUSTIFICAR BDI\",\"BDI\"),\nIF(OR(AND(import.recurso=\"OGU\",TIPOORCAMENTO=\"Proposto\",LEFT($O$8,5)<>\"(N/D:\",$AG370<>\"\",ORÇAMENTO.CustoUnitario>$AG370),AND(TIPOORCAMENTO=\"LICITADO\",ORÇAMENTO.PrecoUnitarioLicitado>$AN370)),\"ACIMA REF.\",\nIF(AND($C370=\"S\",$P370<>\"\",$Q370<>\"\",$T370=0,$U370>0),\"QUANT.\",\nIF(AND(Import.TipoArredondamento=\"TransfereGOV\",$L370=\"F\",$C370=\"S\",LEN($Q370)>13),\"Código >13\",\nIF(AND(Import.TipoArredondamento=\"TransfereGOV\",$L370=\"F\",$C370<>\"S\",LEN($R370)>100),\"Descrição >100\",\nIF(AND(Import.TipoArredondamento=\"TransfereGOV\",$L370=\"F\",$C370=\"S\",LEN($R370)>500),\"Descrição >500\",\nIF(AND(Import.TipoArredondamento=\"TransfereGOV\",$L370=\"F\",$C370=\"S\",LEFT(TRIM(UPPER($P370)),6)<>\"SINAPI\",ISNA(VLOOKUP(TRIM(UPPER($S370)),ListaTgov.Unidades,1,FALSE))),\"Unid. Não Disp\",\n\" \"))))))))))))))))","v":" "},{"$f":"IF(C370<=CRONO.NivelExibicao,MAX($AD$15:OFFSET(AD370,-1,0))+IF($C370<>1,1,MAX(1,COUNTIF(QCI!$A$13:$A$36,OFFSET($E370,-1,0)))),\"\")","v":""},{"$f":"IF(AND($C370=\"S\",ORÇAMENTO.CodBarra<>\"\"),IF(ORÇAMENTO.Fonte=\"\",ORÇAMENTO.CodBarra,CONCATENATE(ORÇAMENTO.Fonte,\" \",ORÇAMENTO.CodBarra)))","v":"SINAPI 93654"},{"$f":"IF(ISERROR(ORÇAMENTO.BancoRef),\"(abra o arquivo 'Referência \"&Excel_BuiltIn_Database&\".xlsm)\",IF(OR($C370<>\"S\",ORÇAMENTO.CodBarra=\"\"),\"(Sem Código)\",IF(ISERROR(MATCH($AE370,INDIRECT(ORÇAMENTO.BancoRef),0)),\"(Código não identificado nas referências)\",MATCH($AE370,INDIRECT(ORÇAMENTO.BancoRef),0))))","v":10946},{"$f":"ROUND(IF(DESONERACAO=\"sim\",REFERENCIA.Desonerado,REFERENCIA.NaoDesonerado),2)","v":14.44},0.25290000000000001,null,null,null,null,669.33,{"$f":"ROUND(ORÇAMENTO.CustoUnitario*(1+$AH370),2)","v":18.09}]
["S",2,"S",0,{"$f":"IF($C371=1,OFFSET(E371,-1,0)+MAX(1,COUNTIF(QCI!$A$13:$A$36,OFFSET(ORÇAMENTO!E371,-1,0))),OFFSET(E371,-1,0))","v":17},1,0,0,43,0,{"$f":"IF(OR($C371=\"S\",$C371=0),0,MATCH(OFFSET($D371,0,$C371)+IF($C371<>1,1,COUNTIF(QCI!$A$13:$A$36,ORÇAMENTO!E371)),OFFSET($D371,1,$C371,ROW($C$472)-ROW($C371)),0))","v":0},"F","Serviço","Serviço","17.1.0.43.","SINAPI","93661",{"$f":"IF($C371=\"S\",REFERENCIA.Descricao,\"(digite a descrição aqui)\")","v":"DISJUNTOR BIPOLAR TIPO DIN, CORRENTE NOMINAL DE 16A - FORNECIMENTO E INSTALAÇÃO. AF_07/2025"},{"$f":"REFERENCIA.Unidade","v":"UN"},{"$f":"OFFSET(CÁLCULO!H$15,ROW($T371)-ROW(T$15),0)","v":5},70.709999999999994,"BDI 1",{"$f":"IF($C371=\"S\",ROUND(IF(TIPOORCAMENTO=\"Proposto\",ORÇAMENTO.CustoUnitario*(1+$AH371),ORÇAMENTO.PrecoUnitarioLicitado),15-13*$AF$10),0)","v":88.59},{"$f":"IF($C371=\"S\",IF(OR(Import.TipoArredondamento<>\"TransfereGOV\",ACOMPANHAMENTO=\"BM\"),VTOTAL1,SUM(OFFSET(CÁLCULO!$AI$15,ROW($X371)-ROW($X$15),1):OFFSET(CÁLCULO!$BB$15,ROW($X371)-ROW($X$15),-1))),IF($C371=0,0,ROUND(SomaAgrup,15-13*$AF$11)))","v":442.95},"RA","RA",{"$f":"IF($C371=\"S\",IF($Z371=\"CP\",$X371,IF($Z371=\"RA\",(($X371)*QCI!$AA$3),0)),SomaAgrup)","v":38.330104013484124},{"$f":"IF($C371=\"S\",IF($Z371=\"OU\",ROUND($X371,2),0),SomaAgrup)","v":0},{"$f":"IF($N371=\"\",\" \",\nIF(AND($C371<>\"S\",OR($R371=\"\",$R371=\"(digite a descrição aqui)\")),\"DESCRIÇÃO\",\nIF(AND($C371=\"S\",OR($Q371<>\"\",$T371>0,$U371>0),$P371=\"\"),\"FONTE\",\nIF(AND($C371=\"S\",$P371<>\"\",OR($T371>0,$U371>0),$Q371=\"\"),\"CÓDIGO\",\nIF(AND($C371=\"S\",$P371<>\"\",$Q371<>\"\",$R371=\"(Código não identificado nas referências)\"),\"CÓDIGO N/ID\",\nIF(AND($C371=\"S\",OR($R371=\"\",$R371=\"(digite a descrição aqui)\"),OR($Q371<>\"\",$T371>0,$U371>0)),\"DESCRIÇÃO\",\nIF(AND($C371=\"S\",$P371<>\"\",$Q371<>\"\",$S371=\"\"),\"UNIDADE\",\nIF(AND($C371=\"S\",$P371<>\"\",$Q371<>\"\",$U371=0),\"SEM CUSTO\",\nIF(AND(TIPOORCAMENTO=\"Licitado\",$AL371=0,$AN371>0),\"SEM PREÇO\",\nIF(AND($C371=\"S\",$P371<>\"\",$Q371<>\"\",$U371>0,AND($V371<>\"BDI 1\",$V371<>\"BDI 2\",$V371<>\"BDI 3\")),IF(ISNUMBER($V371),\"JUSTIFICAR BDI\",\"BDI\"),\nIF(OR(AND(import.recurso=\"OGU\",TIPOORCAMENTO=\"Proposto\",LEFT($O$8,5)<>\"(N/D:\",$AG371<>\"\",ORÇAMENTO.CustoUnitario>$AG371),AND(TIPOORCAMENTO=\"LICITADO\",ORÇAMENTO.PrecoUnitarioLicitado>$AN371)),\"ACIMA REF.\",\nIF(AND($C371=\"S\",$P371<>\"\",$Q371<>\"\",$T371=0,$U371>0),\"QUANT.\",\nIF(AND(Import.TipoArredondamento=\"TransfereGOV\",$L371=\"F\",$C371=\"S\",LEN($Q371)>13),\"Código >13\",\nIF(AND(Import.TipoArredondamento=\"TransfereGOV\",$L371=\"F\",$C371<>\"S\",LEN($R371)>100),\"Descrição >100\",\nIF(AND(Import.TipoArredondamento=\"TransfereGOV\",$L371=\"F\",$C371=\"S\",LEN($R371)>500),\"Descrição >500\",\nIF(AND(Import.TipoArredondamento=\"TransfereGOV\",$L371=\"F\",$C371=\"S\",LEFT(TRIM(UPPER($P371)),6)<>\"SINAPI\",ISNA(VLOOKUP(TRIM(UPPER($S371)),ListaTgov.Unidades,1,FALSE))),\"Unid. Não Disp\",\n\" \"))))))))))))))))","v":" "},{"$f":"IF(C371<=CRONO.NivelExibicao,MAX($AD$15:OFFSET(AD371,-1,0))+IF($C371<>1,1,MAX(1,COUNTIF(QCI!$A$13:$A$36,OFFSET($E371,-1,0)))),\"\")","v":""},{"$f":"IF(AND($C371=\"S\",ORÇAMENTO.CodBarra<>\"\"),IF(ORÇAMENTO.Fonte=\"\",ORÇAMENTO.CodBarra,CONCATENATE(ORÇAMENTO.Fonte,\" \",ORÇAMENTO.CodBarra)))","v":"SINAPI 93661"},{"$f":"IF(ISERROR(ORÇAMENTO.BancoRef),\"(abra o arquivo 'Referência \"&Excel_BuiltIn_Database&\".xlsm)\",IF(OR($C371<>\"S\",ORÇAMENTO.CodBarra=\"\"),\"(Sem Código)\",IF(ISERROR(MATCH($AE371,INDIRECT(ORÇAMENTO.BancoRef),0)),\"(Código não identificado nas referências)\",MATCH($AE371,INDIRECT(ORÇAMENTO.BancoRef),0))))","v":10936},{"$f":"ROUND(IF(DESONERACAO=\"sim\",REFERENCIA.Desonerado,REFERENCIA.NaoDesonerado),2)","v":70.709999999999994},0.25290000000000001,null,null,null,null,442.95,{"$f":"ROUND(ORÇAMENTO.CustoUnitario*(1+$AH371),2)","v":88.59}]
["S",2,"S",0,{"$f":"IF($C372=1,OFFSET(E372,-1,0)+MAX(1,COUNTIF(QCI!$A$13:$A$36,OFFSET(ORÇAMENTO!E372,-1,0))),OFFSET(E372,-1,0))","v":17},1,0,0,44,0,{"$f":"IF(OR($C372=\"S\",$C372=0),0,MATCH(OFFSET($D372,0,$C372)+IF($C372<>1,1,COUNTIF(QCI!$A$13:$A$36,ORÇAMENTO!E372)),OFFSET($D372,1,$C372,ROW($C$472)-ROW($C372)),0))","v":0},"F","Serviço","Serviço","17.1.0.44.","SINAPI","93662",{"$f":"IF($C372=\"S\",REFERENCIA.Descricao,\"(digite a descrição aqui)\")","v":"DISJUNTOR BIPOLAR TIPO DIN, CORRENTE NOMINAL DE 20A - FORNECIMENTO E INSTALAÇÃO. AF_07/2025"},{"$f":"REFERENCIA.Unidade","v":"UN"},{"$f":"OFFSET(CÁLCULO!H$15,ROW($T372)-ROW(T$15),0)","v":32},72.75,"BDI 1",{"$f":"IF($C372=\"S\",ROUND(IF(TIPOORCAMENTO=\"Proposto\",ORÇAMENTO.CustoUnitario*(1+$AH372),ORÇAMENTO.PrecoUnitarioLicitado),15-13*$AF$10),0)","v":91.15},{"$f":"IF($C372=\"S\",IF(OR(Import.TipoArredondamento<>\"TransfereGOV\",ACOMPANHAMENTO=\"BM\"),VTOTAL1,SUM(OFFSET(CÁLCULO!$AI$15,ROW($X372)-ROW($X$15),1):OFFSET(CÁLCULO!$BB$15,ROW($X372)-ROW($X$15),-1))),IF($C372=0,0,ROUND(SomaAgrup,15-13*$AF$11)))","v":2916.8},"RA","RA",{"$f":"IF($C372=\"S\",IF($Z372=\"CP\",$X372,IF($Z372=\"RA\",(($X372)*QCI!$AA$3),0)),SomaAgrup)","v":252.40150668592506},{"$f":"IF($C372=\"S\",IF($Z372=\"OU\",ROUND($X372,2),0),SomaAgrup)","v":0},{"$f":"IF($N372=\"\",\" \",\nIF(AND($C372<>\"S\",OR($R372=\"\",$R372=\"(digite a descrição aqui)\")),\"DESCRIÇÃO\",\nIF(AND($C372=\"S\",OR($Q372<>\"\",$T372>0,$U372>0),$P372=\"\"),\"FONTE\",\nIF(AND($C372=\"S\",$P372<>\"\",OR($T372>0,$U372>0),$Q372=\"\"),\"CÓDIGO\",\nIF(AND($C372=\"S\",$P372<>\"\",$Q372<>\"\",$R372=\"(Código não identificado nas referências)\"),\"CÓDIGO N/ID\",\nIF(AND($C372=\"S\",OR($R372=\"\",$R372=\"(digite a descrição aqui)\"),OR($Q372<>\"\",$T372>0,$U372>0)),\"DESCRIÇÃO\",\nIF(AND($C372=\"S\",$P372<>\"\",$Q372<>\"\",$S372=\"\"),\"UNIDADE\",\nIF(AND($C372=\"S\",$P372<>\"\",$Q372<>\"\",$U372=0),\"SEM CUSTO\",\nIF(AND(TIPOORCAMENTO=\"Licitado\",$AL372=0,$AN372>0),\"SEM PREÇO\",\nIF(AND($C372=\"S\",$P372<>\"\",$Q372<>\"\",$U372>0,AND($V372<>\"BDI 1\",$V372<>\"BDI 2\",$V372<>\"BDI 3\")),IF(ISNUMBER($V372),\"JUSTIFICAR BDI\",\"BDI\"),\nIF(OR(AND(import.recurso=\"OGU\",TIPOORCAMENTO=\"Proposto\",LEFT($O$8,5)<>\"(N/D:\",$AG372<>\"\",ORÇAMENTO.CustoUnitario>$AG372),AND(TIPOORCAMENTO=\"LICITADO\",ORÇAMENTO.PrecoUnitarioLicitado>$AN372)),\"ACIMA REF.\",\nIF(AND($C372=\"S\",$P372<>\"\",$Q372<>\"\",$T372=0,$U372>0),\"QUANT.\",\nIF(AND(Import.TipoArredondamento=\"TransfereGOV\",$L372=\"F\",$C372=\"S\",LEN($Q372)>13),\"Código >13\",\nIF(AND(Import.TipoArredondamento=\"TransfereGOV\",$L372=\"F\",$C372<>\"S\",LEN($R372)>100),\"Descrição >100\",\nIF(AND(Import.TipoArredondamento=\"TransfereGOV\",$L372=\"F\",$C372=\"S\",LEN($R372)>500),\"Descrição >500\",\nIF(AND(Import.TipoArredondamento=\"TransfereGOV\",$L372=\"F\",$C372=\"S\",LEFT(TRIM(UPPER($P372)),6)<>\"SINAPI\",ISNA(VLOOKUP(TRIM(UPPER($S372)),ListaTgov.Unidades,1,FALSE))),\"Unid. Não Disp\",\n\" \"))))))))))))))))","v":" "},{"$f":"IF(C372<=CRONO.NivelExibicao,MAX($AD$15:OFFSET(AD372,-1,0))+IF($C372<>1,1,MAX(1,COUNTIF(QCI!$A$13:$A$36,OFFSET($E372,-1,0)))),\"\")","v":""},{"$f":"IF(AND($C372=\"S\",ORÇAMENTO.CodBarra<>\"\"),IF(ORÇAMENTO.Fonte=\"\",ORÇAMENTO.CodBarra,CONCATENATE(ORÇAMENTO.Fonte,\" \",ORÇAMENTO.CodBarra)))","v":"SINAPI 93662"},{"$f":"IF(ISERROR(ORÇAMENTO.BancoRef),\"(abra o arquivo 'Referência \"&Excel_BuiltIn_Database&\".xlsm)\",IF(OR($C372<>\"S\",ORÇAMENTO.CodBarra=\"\"),\"(Sem Código)\",IF(ISERROR(MATCH($AE372,INDIRECT(ORÇAMENTO.BancoRef),0)),\"(Código não identificado nas referências)\",MATCH($AE372,INDIRECT(ORÇAMENTO.BancoRef),0))))","v":10937},{"$f":"ROUND(IF(DESONERACAO=\"sim\",REFERENCIA.Desonerado,REFERENCIA.NaoDesonerado),2)","v":72.75},0.25290000000000001,null,null,null,null,2916.8,{"$f":"ROUND(ORÇAMENTO.CustoUnitario*(1+$AH372),2)","v":91.15}]
["S",2,"S",0,{"$f":"IF($C373=1,OFFSET(E373,-1,0)+MAX(1,COUNTIF(QCI!$A$13:$A$36,OFFSET(ORÇAMENTO!E373,-1,0))),OFFSET(E373,-1,0))","v":17},1,0,0,45,0,{"$f":"IF(OR($C373=\"S\",$C373=0),0,MATCH(OFFSET($D373,0,$C373)+IF($C373<>1,1,COUNTIF(QCI!$A$13:$A$36,ORÇAMENTO!E373)),OFFSET($D373,1,$C373,ROW($C$472)-ROW($C373)),0))","v":0},"F","Serviço","Serviço","17.1.0.45.","SINAPI","93664",{"$f":"IF($C373=\"S\",REFERENCIA.Descricao,\"(digite a descrição aqui)\")","v":"DISJUNTOR BIPOLAR TIPO DIN, CORRENTE NOMINAL DE 32A - FORNECIMENTO E INSTALAÇÃO. AF_07/2025"},{"$f":"REFERENCIA.Unidade","v":"UN"},{"$f":"OFFSET(CÁLCULO!H$15,ROW($T373)-ROW(T$15),0)","v":2},77.650000000000006,"BDI 1",{"$f":"IF($C373=\"S\",ROUND(IF(TIPOORCAMENTO=\"Proposto\",ORÇAMENTO.CustoUnitario*(1+$AH373),ORÇAMENTO.PrecoUnitarioLicitado),15-13*$AF$10),0)","v":97.29},{"$f":"IF($C373=\"S\",IF(OR(Import.TipoArredondamento<>\"TransfereGOV\",ACOMPANHAMENTO=\"BM\"),VTOTAL1,SUM(OFFSET(CÁLCULO!$AI$15,ROW($X373)-ROW($X$15),1):OFFSET(CÁLCULO!$BB$15,ROW($X373)-ROW($X$15),-1))),IF($C373=0,0,ROUND(SomaAgrup,15-13*$AF$11)))","v":194.58},"RA","RA",{"$f":"IF($C373=\"S\",IF($Z373=\"CP\",$X373,IF($Z373=\"RA\",(($X373)*QCI!$AA$3),0)),SomaAgrup)","v":16.837728048185443},{"$f":"IF($C373=\"S\",IF($Z373=\"OU\",ROUND($X373,2),0),SomaAgrup)","v":0},{"$f":"IF($N373=\"\",\" \",\nIF(AND($C373<>\"S\",OR($R373=\"\",$R373=\"(digite a descrição aqui)\")),\"DESCRIÇÃO\",\nIF(AND($C373=\"S\",OR($Q373<>\"\",$T373>0,$U373>0),$P373=\"\"),\"FONTE\",\nIF(AND($C373=\"S\",$P373<>\"\",OR($T373>0,$U373>0),$Q373=\"\"),\"CÓDIGO\",\nIF(AND($C373=\"S\",$P373<>\"\",$Q373<>\"\",$R373=\"(Código não identificado nas referências)\"),\"CÓDIGO N/ID\",\nIF(AND($C373=\"S\",OR($R373=\"\",$R373=\"(digite a descrição aqui)\"),OR($Q373<>\"\",$T373>0,$U373>0)),\"DESCRIÇÃO\",\nIF(AND($C373=\"S\",$P373<>\"\",$Q373<>\"\",$S373=\"\"),\"UNIDADE\",\nIF(AND($C373=\"S\",$P373<>\"\",$Q373<>\"\",$U373=0),\"SEM CUSTO\",\nIF(AND(TIPOORCAMENTO=\"Licitado\",$AL373=0,$AN373>0),\"SEM PREÇO\",\nIF(AND($C373=\"S\",$P373<>\"\",$Q373<>\"\",$U373>0,AND($V373<>\"BDI 1\",$V373<>\"BDI 2\",$V373<>\"BDI 3\")),IF(ISNUMBER($V373),\"JUSTIFICAR BDI\",\"BDI\"),\nIF(OR(AND(import.recurso=\"OGU\",TIPOORCAMENTO=\"Proposto\",LEFT($O$8,5)<>\"(N/D:\",$AG373<>\"\",ORÇAMENTO.CustoUnitario>$AG373),AND(TIPOORCAMENTO=\"LICITADO\",ORÇAMENTO.PrecoUnitarioLicitado>$AN373)),\"ACIMA REF.\",\nIF(AND($C373=\"S\",$P373<>\"\",$Q373<>\"\",$T373=0,$U373>0),\"QUANT.\",\nIF(AND(Import.TipoArredondamento=\"TransfereGOV\",$L373=\"F\",$C373=\"S\",LEN($Q373)>13),\"Código >13\",\nIF(AND(Import.TipoArredondamento=\"TransfereGOV\",$L373=\"F\",$C373<>\"S\",LEN($R373)>100),\"Descrição >100\",\nIF(AND(Import.TipoArredondamento=\"TransfereGOV\",$L373=\"F\",$C373=\"S\",LEN($R373)>500),\"Descrição >500\",\nIF(AND(Import.TipoArredondamento=\"TransfereGOV\",$L373=\"F\",$C373=\"S\",LEFT(TRIM(UPPER($P373)),6)<>\"SINAPI\",ISNA(VLOOKUP(TRIM(UPPER($S373)),ListaTgov.Unidades,1,FALSE))),\"Unid. Não Disp\",\n\" \"))))))))))))))))","v":" "},{"$f":"IF(C373<=CRONO.NivelExibicao,MAX($AD$15:OFFSET(AD373,-1,0))+IF($C373<>1,1,MAX(1,COUNTIF(QCI!$A$13:$A$36,OFFSET($E373,-1,0)))),\"\")","v":""},{"$f":"IF(AND($C373=\"S\",ORÇAMENTO.CodBarra<>\"\"),IF(ORÇAMENTO.Fonte=\"\",ORÇAMENTO.CodBarra,CONCATENATE(ORÇAMENTO.Fonte,\" \",ORÇAMENTO.CodBarra)))","v":"SINAPI 93664"},{"$f":"IF(ISERROR(ORÇAMENTO.BancoRef),\"(abra o arquivo 'Referência \"&Excel_BuiltIn_Database&\".xlsm)\",IF(OR($C373<>\"S\",ORÇAMENTO.CodBarra=\"\"),\"(Sem Código)\",IF(ISERROR(MATCH($AE373,INDIRECT(ORÇAMENTO.BancoRef),0)),\"(Código não identificado nas referências)\",MATCH($AE373,INDIRECT(ORÇAMENTO.BancoRef),0))))","v":10939},{"$f":"ROUND(IF(DESONERACAO=\"sim\",REFERENCIA.Desonerado,REFERENCIA.NaoDesonerado),2)","v":77.650000000000006},0.25290000000000001,null,null,null,null,194.58,{"$f":"ROUND(ORÇAMENTO.CustoUnitario*(1+$AH373),2)","v":97.29}]
["S",2,"S",0,{"$f":"IF($C374=1,OFFSET(E374,-1,0)+MAX(1,COUNTIF(QCI!$A$13:$A$36,OFFSET(ORÇAMENTO!E374,-1,0))),OFFSET(E374,-1,0))","v":17},1,0,0,46,0,{"$f":"IF(OR($C374=\"S\",$C374=0),0,MATCH(OFFSET($D374,0,$C374)+IF($C374<>1,1,COUNTIF(QCI!$A$13:$A$36,ORÇAMENTO!E374)),OFFSET($D374,1,$C374,ROW($C$472)-ROW($C374)),0))","v":0},"F","Serviço","Serviço","17.1.0.46.","SINAPI","93665",{"$f":"IF($C374=\"S\",REFERENCIA.Descricao,\"(digite a descrição aqui)\")","v":"DISJUNTOR BIPOLAR TIPO DIN, CORRENTE NOMINAL DE 40A - FORNECIMENTO E INSTALAÇÃO. AF_07/2025"},{"$f":"REFERENCIA.Unidade","v":"UN"},{"$f":"OFFSET(CÁLCULO!H$15,ROW($T374)-ROW(T$15),0)","v":2},81.22,"BDI 1",{"$f":"IF($C374=\"S\",ROUND(IF(TIPOORCAMENTO=\"Proposto\",ORÇAMENTO.CustoUnitario*(1+$AH374),ORÇAMENTO.PrecoUnitarioLicitado),15-13*$AF$10),0)","v":101.76},{"$f":"IF($C374=\"S\",IF(OR(Import.TipoArredondamento<>\"TransfereGOV\",ACOMPANHAMENTO=\"BM\"),VTOTAL1,SUM(OFFSET(CÁLCULO!$AI$15,ROW($X374)-ROW($X$15),1):OFFSET(CÁLCULO!$BB$15,ROW($X374)-ROW($X$15),-1))),IF($C374=0,0,ROUND(SomaAgrup,15-13*$AF$11)))","v":203.52},"RA","RA",{"$f":"IF($C374=\"S\",IF($Z374=\"CP\",$X374,IF($Z374=\"RA\",(($X374)*QCI!$AA$3),0)),SomaAgrup)","v":17.611339358447431},{"$f":"IF($C374=\"S\",IF($Z374=\"OU\",ROUND($X374,2),0),SomaAgrup)","v":0},{"$f":"IF($N374=\"\",\" \",\nIF(AND($C374<>\"S\",OR($R374=\"\",$R374=\"(digite a descrição aqui)\")),\"DESCRIÇÃO\",\nIF(AND($C374=\"S\",OR($Q374<>\"\",$T374>0,$U374>0),$P374=\"\"),\"FONTE\",\nIF(AND($C374=\"S\",$P374<>\"\",OR($T374>0,$U374>0),$Q374=\"\"),\"CÓDIGO\",\nIF(AND($C374=\"S\",$P374<>\"\",$Q374<>\"\",$R374=\"(Código não identificado nas referências)\"),\"CÓDIGO N/ID\",\nIF(AND($C374=\"S\",OR($R374=\"\",$R374=\"(digite a descrição aqui)\"),OR($Q374<>\"\",$T374>0,$U374>0)),\"DESCRIÇÃO\",\nIF(AND($C374=\"S\",$P374<>\"\",$Q374<>\"\",$S374=\"\"),\"UNIDADE\",\nIF(AND($C374=\"S\",$P374<>\"\",$Q374<>\"\",$U374=0),\"SEM CUSTO\",\nIF(AND(TIPOORCAMENTO=\"Licitado\",$AL374=0,$AN374>0),\"SEM PREÇO\",\nIF(AND($C374=\"S\",$P374<>\"\",$Q374<>\"\",$U374>0,AND($V374<>\"BDI 1\",$V374<>\"BDI 2\",$V374<>\"BDI 3\")),IF(ISNUMBER($V374),\"JUSTIFICAR BDI\",\"BDI\"),\nIF(OR(AND(import.recurso=\"OGU\",TIPOORCAMENTO=\"Proposto\",LEFT($O$8,5)<>\"(N/D:\",$AG374<>\"\",ORÇAMENTO.CustoUnitario>$AG374),AND(TIPOORCAMENTO=\"LICITADO\",ORÇAMENTO.PrecoUnitarioLicitado>$AN374)),\"ACIMA REF.\",\nIF(AND($C374=\"S\",$P374<>\"\",$Q374<>\"\",$T374=0,$U374>0),\"QUANT.\",\nIF(AND(Import.TipoArredondamento=\"TransfereGOV\",$L374=\"F\",$C374=\"S\",LEN($Q374)>13),\"Código >13\",\nIF(AND(Import.TipoArredondamento=\"TransfereGOV\",$L374=\"F\",$C374<>\"S\",LEN($R374)>100),\"Descrição >100\",\nIF(AND(Import.TipoArredondamento=\"TransfereGOV\",$L374=\"F\",$C374=\"S\",LEN($R374)>500),\"Descrição >500\",\nIF(AND(Import.TipoArredondamento=\"TransfereGOV\",$L374=\"F\",$C374=\"S\",LEFT(TRIM(UPPER($P374)),6)<>\"SINAPI\",ISNA(VLOOKUP(TRIM(UPPER($S374)),ListaTgov.Unidades,1,FALSE))),\"Unid. Não Disp\",\n\" \"))))))))))))))))","v":" "},{"$f":"IF(C374<=CRONO.NivelExibicao,MAX($AD$15:OFFSET(AD374,-1,0))+IF($C374<>1,1,MAX(1,COUNTIF(QCI!$A$13:$A$36,OFFSET($E374,-1,0)))),\"\")","v":""},{"$f":"IF(AND($C374=\"S\",ORÇAMENTO.CodBarra<>\"\"),IF(ORÇAMENTO.Fonte=\"\",ORÇAMENTO.CodBarra,CONCATENATE(ORÇAMENTO.Fonte,\" \",ORÇAMENTO.CodBarra)))","v":"SINAPI 93665"},{"$f":"IF(ISERROR(ORÇAMENTO.BancoRef),\"(abra o arquivo 'Referência \"&Excel_BuiltIn_Database&\".xlsm)\",IF(OR($C374<>\"S\",ORÇAMENTO.CodBarra=\"\"),\"(Sem Código)\",IF(ISERROR(MATCH($AE374,INDIRECT(ORÇAMENTO.BancoRef),0)),\"(Código não identificado nas referências)\",MATCH($AE374,INDIRECT(ORÇAMENTO.BancoRef),0))))","v":10940},{"$f":"ROUND(IF(DESONERACAO=\"sim\",REFERENCIA.Desonerado,REFERENCIA.NaoDesonerado),2)","v":81.22},0.25290000000000001,null,null,null,null,203.52,{"$f":"ROUND(ORÇAMENTO.CustoUnitario*(1+$AH374),2)","v":101.76}]
["S",2,"S",0,{"$f":"IF($C375=1,OFFSET(E375,-1,0)+MAX(1,COUNTIF(QCI!$A$13:$A$36,OFFSET(ORÇAMENTO!E375,-1,0))),OFFSET(E375,-1,0))","v":17},1,0,0,47,0,{"$f":"IF(OR($C375=\"S\",$C375=0),0,MATCH(OFFSET($D375,0,$C375)+IF($C375<>1,1,COUNTIF(QCI!$A$13:$A$36,ORÇAMENTO!E375)),OFFSET($D375,1,$C375,ROW($C$472)-ROW($C375)),0))","v":0},"F","Serviço","Serviço","17.1.0.47.","Composição","COMP98",{"$f":"IF($C375=\"S\",REFERENCIA.Descricao,\"(digite a descrição aqui)\")","v":"DISJUNTOR TERMOMAGNETICO BIPOLAR 70 A, PADRÃO DIN (EUROPEU - LINHA BRANCA), CURVA C, CORRENTE 5KA"},{"$f":"REFERENCIA.Unidade","v":"UN"},{"$f":"OFFSET(CÁLCULO!H$15,ROW($T375)-ROW(T$15),0)","v":2},105.64,"BDI 1",{"$f":"IF($C375=\"S\",ROUND(IF(TIPOORCAMENTO=\"Proposto\",ORÇAMENTO.CustoUnitario*(1+$AH375),ORÇAMENTO.PrecoUnitarioLicitado),15-13*$AF$10),0)","v":132.36000000000001},{"$f":"IF($C375=\"S\",IF(OR(Import.TipoArredondamento<>\"TransfereGOV\",ACOMPANHAMENTO=\"BM\"),VTOTAL1,SUM(OFFSET(CÁLCULO!$AI$15,ROW($X375)-ROW($X$15),1):OFFSET(CÁLCULO!$BB$15,ROW($X375)-ROW($X$15),-1))),IF($C375=0,0,ROUND(SomaAgrup,15-13*$AF$11)))","v":264.72000000000003},"RA","RA",{"$f":"IF($C375=\"S\",IF($Z375=\"CP\",$X375,IF($Z375=\"RA\",(($X375)*QCI!$AA$3),0)),SomaAgrup)","v":22.907202019301319},{"$f":"IF($C375=\"S\",IF($Z375=\"OU\",ROUND($X375,2),0),SomaAgrup)","v":0},{"$f":"IF($N375=\"\",\" \",\nIF(AND($C375<>\"S\",OR($R375=\"\",$R375=\"(digite a descrição aqui)\")),\"DESCRIÇÃO\",\nIF(AND($C375=\"S\",OR($Q375<>\"\",$T375>0,$U375>0),$P375=\"\"),\"FONTE\",\nIF(AND($C375=\"S\",$P375<>\"\",OR($T375>0,$U375>0),$Q375=\"\"),\"CÓDIGO\",\nIF(AND($C375=\"S\",$P375<>\"\",$Q375<>\"\",$R375=\"(Código não identificado nas referências)\"),\"CÓDIGO N/ID\",\nIF(AND($C375=\"S\",OR($R375=\"\",$R375=\"(digite a descrição aqui)\"),OR($Q375<>\"\",$T375>0,$U375>0)),\"DESCRIÇÃO\",\nIF(AND($C375=\"S\",$P375<>\"\",$Q375<>\"\",$S375=\"\"),\"UNIDADE\",\nIF(AND($C375=\"S\",$P375<>\"\",$Q375<>\"\",$U375=0),\"SEM CUSTO\",\nIF(AND(TIPOORCAMENTO=\"Licitado\",$AL375=0,$AN375>0),\"SEM PREÇO\",\nIF(AND($C375=\"S\",$P375<>\"\",$Q375<>\"\",$U375>0,AND($V375<>\"BDI 1\",$V375<>\"BDI 2\",$V375<>\"BDI 3\")),IF(ISNUMBER($V375),\"JUSTIFICAR BDI\",\"BDI\"),\nIF(OR(AND(import.recurso=\"OGU\",TIPOORCAMENTO=\"Proposto\",LEFT($O$8,5)<>\"(N/D:\",$AG375<>\"\",ORÇAMENTO.CustoUnitario>$AG375),AND(TIPOORCAMENTO=\"LICITADO\",ORÇAMENTO.PrecoUnitarioLicitado>$AN375)),\"ACIMA REF.\",\nIF(AND($C375=\"S\",$P375<>\"\",$Q375<>\"\",$T375=0,$U375>0),\"QUANT.\",\nIF(AND(Import.TipoArredondamento=\"TransfereGOV\",$L375=\"F\",$C375=\"S\",LEN($Q375)>13),\"Código >13\",\nIF(AND(Import.TipoArredondamento=\"TransfereGOV\",$L375=\"F\",$C375<>\"S\",LEN($R375)>100),\"Descrição >100\",\nIF(AND(Import.TipoArredondamento=\"TransfereGOV\",$L375=\"F\",$C375=\"S\",LEN($R375)>500),\"Descrição >500\",\nIF(AND(Import.TipoArredondamento=\"TransfereGOV\",$L375=\"F\",$C375=\"S\",LEFT(TRIM(UPPER($P375)),6)<>\"SINAPI\",ISNA(VLOOKUP(TRIM(UPPER($S375)),ListaTgov.Unidades,1,FALSE))),\"Unid. Não Disp\",\n\" \"))))))))))))))))","v":" "},{"$f":"IF(C375<=CRONO.NivelExibicao,MAX($AD$15:OFFSET(AD375,-1,0))+IF($C375<>1,1,MAX(1,COUNTIF(QCI!$A$13:$A$36,OFFSET($E375,-1,0)))),\"\")","v":""},{"$f":"IF(AND($C375=\"S\",ORÇAMENTO.CodBarra<>\"\"),IF(ORÇAMENTO.Fonte=\"\",ORÇAMENTO.CodBarra,CONCATENATE(ORÇAMENTO.Fonte,\" \",ORÇAMENTO.CodBarra)))","v":"Composição COMP98"},{"$f":"IF(ISERROR(ORÇAMENTO.BancoRef),\"(abra o arquivo 'Referência \"&Excel_BuiltIn_Database&\".xlsm)\",IF(OR($C375<>\"S\",ORÇAMENTO.CodBarra=\"\"),\"(Sem Código)\",IF(ISERROR(MATCH($AE375,INDIRECT(ORÇAMENTO.BancoRef),0)),\"(Código não identificado nas referências)\",MATCH($AE375,INDIRECT(ORÇAMENTO.BancoRef),0))))","v":100},{"$f":"ROUND(IF(DESONERACAO=\"sim\",REFERENCIA.Desonerado,REFERENCIA.NaoDesonerado),2)","v":105.64},0.25290000000000001,null,null,null,null,264.72000000000003,{"$f":"ROUND(ORÇAMENTO.CustoUnitario*(1+$AH375),2)","v":132.36000000000001}]
["S",2,"S",0,{"$f":"IF($C376=1,OFFSET(E376,-1,0)+MAX(1,COUNTIF(QCI!$A$13:$A$36,OFFSET(ORÇAMENTO!E376,-1,0))),OFFSET(E376,-1,0))","v":17},1,0,0,48,0,{"$f":"IF(OR($C376=\"S\",$C376=0),0,MATCH(OFFSET($D376,0,$C376)+IF($C376<>1,1,COUNTIF(QCI!$A$13:$A$36,ORÇAMENTO!E376)),OFFSET($D376,1,$C376,ROW($C$472)-ROW($C376)),0))","v":0},"F","Serviço","Serviço","17.1.0.48.","Composição","COMP99",{"$f":"IF($C376=\"S\",REFERENCIA.Descricao,\"(digite a descrição aqui)\")","v":"DISJUNTOR TERMOMAGNETICO TRIPOLAR 160 A, PADRÃO DIN (EUROPEU - LINHA BRANCA),65KA"},{"$f":"REFERENCIA.Unidade","v":"UN"},{"$f":"OFFSET(CÁLCULO!H$15,ROW($T376)-ROW(T$15),0)","v":1},293.8,"BDI 1",{"$f":"IF($C376=\"S\",ROUND(IF(TIPOORCAMENTO=\"Proposto\",ORÇAMENTO.CustoUnitario*(1+$AH376),ORÇAMENTO.PrecoUnitarioLicitado),15-13*$AF$10),0)","v":368.1},{"$f":"IF($C376=\"S\",IF(OR(Import.TipoArredondamento<>\"TransfereGOV\",ACOMPANHAMENTO=\"BM\"),VTOTAL1,SUM(OFFSET(CÁLCULO!$AI$15,ROW($X376)-ROW($X$15),1):OFFSET(CÁLCULO!$BB$15,ROW($X376)-ROW($X$15),-1))),IF($C376=0,0,ROUND(SomaAgrup,15-13*$AF$11)))","v":368.1},"RA","RA",{"$f":"IF($C376=\"S\",IF($Z376=\"CP\",$X376,IF($Z376=\"RA\",(($X376)*QCI!$AA$3),0)),SomaAgrup)","v":31.853056298371165},{"$f":"IF($C376=\"S\",IF($Z376=\"OU\",ROUND($X376,2),0),SomaAgrup)","v":0},{"$f":"IF($N376=\"\",\" \",\nIF(AND($C376<>\"S\",OR($R376=\"\",$R376=\"(digite a descrição aqui)\")),\"DESCRIÇÃO\",\nIF(AND($C376=\"S\",OR($Q376<>\"\",$T376>0,$U376>0),$P376=\"\"),\"FONTE\",\nIF(AND($C376=\"S\",$P376<>\"\",OR($T376>0,$U376>0),$Q376=\"\"),\"CÓDIGO\",\nIF(AND($C376=\"S\",$P376<>\"\",$Q376<>\"\",$R376=\"(Código não identificado nas referências)\"),\"CÓDIGO N/ID\",\nIF(AND($C376=\"S\",OR($R376=\"\",$R376=\"(digite a descrição aqui)\"),OR($Q376<>\"\",$T376>0,$U376>0)),\"DESCRIÇÃO\",\nIF(AND($C376=\"S\",$P376<>\"\",$Q376<>\"\",$S376=\"\"),\"UNIDADE\",\nIF(AND($C376=\"S\",$P376<>\"\",$Q376<>\"\",$U376=0),\"SEM CUSTO\",\nIF(AND(TIPOORCAMENTO=\"Licitado\",$AL376=0,$AN376>0),\"SEM PREÇO\",\nIF(AND($C376=\"S\",$P376<>\"\",$Q376<>\"\",$U376>0,AND($V376<>\"BDI 1\",$V376<>\"BDI 2\",$V376<>\"BDI 3\")),IF(ISNUMBER($V376),\"JUSTIFICAR BDI\",\"BDI\"),\nIF(OR(AND(import.recurso=\"OGU\",TIPOORCAMENTO=\"Proposto\",LEFT($O$8,5)<>\"(N/D:\",$AG376<>\"\",ORÇAMENTO.CustoUnitario>$AG376),AND(TIPOORCAMENTO=\"LICITADO\",ORÇAMENTO.PrecoUnitarioLicitado>$AN376)),\"ACIMA REF.\",\nIF(AND($C376=\"S\",$P376<>\"\",$Q376<>\"\",$T376=0,$U376>0),\"QUANT.\",\nIF(AND(Import.TipoArredondamento=\"TransfereGOV\",$L376=\"F\",$C376=\"S\",LEN($Q376)>13),\"Código >13\",\nIF(AND(Import.TipoArredondamento=\"TransfereGOV\",$L376=\"F\",$C376<>\"S\",LEN($R376)>100),\"Descrição >100\",\nIF(AND(Import.TipoArredondamento=\"TransfereGOV\",$L376=\"F\",$C376=\"S\",LEN($R376)>500),\"Descrição >500\",\nIF(AND(Import.TipoArredondamento=\"TransfereGOV\",$L376=\"F\",$C376=\"S\",LEFT(TRIM(UPPER($P376)),6)<>\"SINAPI\",ISNA(VLOOKUP(TRIM(UPPER($S376)),ListaTgov.Unidades,1,FALSE))),\"Unid. Não Disp\",\n\" \"))))))))))))))))","v":" "},{"$f":"IF(C376<=CRONO.NivelExibicao,MAX($AD$15:OFFSET(AD376,-1,0))+IF($C376<>1,1,MAX(1,COUNTIF(QCI!$A$13:$A$36,OFFSET($E376,-1,0)))),\"\")","v":""},{"$f":"IF(AND($C376=\"S\",ORÇAMENTO.CodBarra<>\"\"),IF(ORÇAMENTO.Fonte=\"\",ORÇAMENTO.CodBarra,CONCATENATE(ORÇAMENTO.Fonte,\" \",ORÇAMENTO.CodBarra)))","v":"Composição COMP99"},{"$f":"IF(ISERROR(ORÇAMENTO.BancoRef),\"(abra o arquivo 'Referência \"&Excel_BuiltIn_Database&\".xlsm)\",IF(OR($C376<>\"S\",ORÇAMENTO.CodBarra=\"\"),\"(Sem Código)\",IF(ISERROR(MATCH($AE376,INDIRECT(ORÇAMENTO.BancoRef),0)),\"(Código não identificado nas referências)\",MATCH($AE376,INDIRECT(ORÇAMENTO.BancoRef),0))))","v":101},{"$f":"ROUND(IF(DESONERACAO=\"sim\",REFERENCIA.Desonerado,REFERENCIA.NaoDesonerado),2)","v":293.8},0.25290000000000001,null,null,null,null,368.1,{"$f":"ROUND(ORÇAMENTO.CustoUnitario*(1+$AH376),2)","v":368.1}]
["S",2,"S",0,{"$f":"IF($C377=1,OFFSET(E377,-1,0)+MAX(1,COUNTIF(QCI!$A$13:$A$36,OFFSET(ORÇAMENTO!E377,-1,0))),OFFSET(E377,-1,0))","v":17},1,0,0,49,0,{"$f":"IF(OR($C377=\"S\",$C377=0),0,MATCH(OFFSET($D377,0,$C377)+IF($C377<>1,1,COUNTIF(QCI!$A$13:$A$36,ORÇAMENTO!E377)),OFFSET($D377,1,$C377,ROW($C$472)-ROW($C377)),0))","v":0},"F","Serviço","Serviço","17.1.0.49.","Composição","COMP100",{"$f":"IF($C377=\"S\",REFERENCIA.Descricao,\"(digite a descrição aqui)\")","v":"DISPOSITIVO PROTETOR DE SURTO 220V OU 127V, 20 KA, TRIFASICO"},{"$f":"REFERENCIA.Unidade","v":"UN"},{"$f":"OFFSET(CÁLCULO!H$15,ROW($T377)-ROW(T$15),0)","v":14},427.88,"BDI 1",{"$f":"IF($C377=\"S\",ROUND(IF(TIPOORCAMENTO=\"Proposto\",ORÇAMENTO.CustoUnitario*(1+$AH377),ORÇAMENTO.PrecoUnitarioLicitado),15-13*$AF$10),0)","v":536.09},{"$f":"IF($C377=\"S\",IF(OR(Import.TipoArredondamento<>\"TransfereGOV\",ACOMPANHAMENTO=\"BM\"),VTOTAL1,SUM(OFFSET(CÁLCULO!$AI$15,ROW($X377)-ROW($X$15),1):OFFSET(CÁLCULO!$BB$15,ROW($X377)-ROW($X$15),-1))),IF($C377=0,0,ROUND(SomaAgrup,15-13*$AF$11)))","v":7505.26},"RA","RA",{"$f":"IF($C377=\"S\",IF($Z377=\"CP\",$X377,IF($Z377=\"RA\",(($X377)*QCI!$AA$3),0)),SomaAgrup)","v":649.45794434640902},{"$f":"IF($C377=\"S\",IF($Z377=\"OU\",ROUND($X377,2),0),SomaAgrup)","v":0},{"$f":"IF($N377=\"\",\" \",\nIF(AND($C377<>\"S\",OR($R377=\"\",$R377=\"(digite a descrição aqui)\")),\"DESCRIÇÃO\",\nIF(AND($C377=\"S\",OR($Q377<>\"\",$T377>0,$U377>0),$P377=\"\"),\"FONTE\",\nIF(AND($C377=\"S\",$P377<>\"\",OR($T377>0,$U377>0),$Q377=\"\"),\"CÓDIGO\",\nIF(AND($C377=\"S\",$P377<>\"\",$Q377<>\"\",$R377=\"(Código não identificado nas referências)\"),\"CÓDIGO N/ID\",\nIF(AND($C377=\"S\",OR($R377=\"\",$R377=\"(digite a descrição aqui)\"),OR($Q377<>\"\",$T377>0,$U377>0)),\"DESCRIÇÃO\",\nIF(AND($C377=\"S\",$P377<>\"\",$Q377<>\"\",$S377=\"\"),\"UNIDADE\",\nIF(AND($C377=\"S\",$P377<>\"\",$Q377<>\"\",$U377=0),\"SEM CUSTO\",\nIF(AND(TIPOORCAMENTO=\"Licitado\",$AL377=0,$AN377>0),\"SEM PREÇO\",\nIF(AND($C377=\"S\",$P377<>\"\",$Q377<>\"\",$U377>0,AND($V377<>\"BDI 1\",$V377<>\"BDI 2\",$V377<>\"BDI 3\")),IF(ISNUMBER($V377),\"JUSTIFICAR BDI\",\"BDI\"),\nIF(OR(AND(import.recurso=\"OGU\",TIPOORCAMENTO=\"Proposto\",LEFT($O$8,5)<>\"(N/D:\",$AG377<>\"\",ORÇAMENTO.CustoUnitario>$AG377),AND(TIPOORCAMENTO=\"LICITADO\",ORÇAMENTO.PrecoUnitarioLicitado>$AN377)),\"ACIMA REF.\",\nIF(AND($C377=\"S\",$P377<>\"\",$Q377<>\"\",$T377=0,$U377>0),\"QUANT.\",\nIF(AND(Import.TipoArredondamento=\"TransfereGOV\",$L377=\"F\",$C377=\"S\",LEN($Q377)>13),\"Código >13\",\nIF(AND(Import.TipoArredondamento=\"TransfereGOV\",$L377=\"F\",$C377<>\"S\",LEN($R377)>100),\"Descrição >100\",\nIF(AND(Import.TipoArredondamento=\"TransfereGOV\",$L377=\"F\",$C377=\"S\",LEN($R377)>500),\"Descrição >500\",\nIF(AND(Import.TipoArredondamento=\"TransfereGOV\",$L377=\"F\",$C377=\"S\",LEFT(TRIM(UPPER($P377)),6)<>\"SINAPI\",ISNA(VLOOKUP(TRIM(UPPER($S377)),ListaTgov.Unidades,1,FALSE))),\"Unid. Não Disp\",\n\" \"))))))))))))))))","v":" "},{"$f":"IF(C377<=CRONO.NivelExibicao,MAX($AD$15:OFFSET(AD377,-1,0))+IF($C377<>1,1,MAX(1,COUNTIF(QCI!$A$13:$A$36,OFFSET($E377,-1,0)))),\"\")","v":""},{"$f":"IF(AND($C377=\"S\",ORÇAMENTO.CodBarra<>\"\"),IF(ORÇAMENTO.Fonte=\"\",ORÇAMENTO.CodBarra,CONCATENATE(ORÇAMENTO.Fonte,\" \",ORÇAMENTO.CodBarra)))","v":"Composição COMP100"},{"$f":"IF(ISERROR(ORÇAMENTO.BancoRef),\"(abra o arquivo 'Referência \"&Excel_BuiltIn_Database&\".xlsm)\",IF(OR($C377<>\"S\",ORÇAMENTO.CodBarra=\"\"),\"(Sem Código)\",IF(ISERROR(MATCH($AE377,INDIRECT(ORÇAMENTO.BancoRef),0)),\"(Código não identificado nas referências)\",MATCH($AE377,INDIRECT(ORÇAMENTO.BancoRef),0))))","v":102},{"$f":"ROUND(IF(DESONERACAO=\"sim\",REFERENCIA.Desonerado,REFERENCIA.NaoDesonerado),2)","v":427.88},0.25290000000000001,null,null,null,null,7505.26,{"$f":"ROUND(ORÇAMENTO.CustoUnitario*(1+$AH377),2)","v":536.09}]
["S",2,"S",0,{"$f":"IF($C378=1,OFFSET(E378,-1,0)+MAX(1,COUNTIF(QCI!$A$13:$A$36,OFFSET(ORÇAMENTO!E378,-1,0))),OFFSET(E378,-1,0))","v":17},1,0,0,50,0,{"$f":"IF(OR($C378=\"S\",$C378=0),0,MATCH(OFFSET($D378,0,$C378)+IF($C378<>1,1,COUNTIF(QCI!$A$13:$A$36,ORÇAMENTO!E378)),OFFSET($D378,1,$C378,ROW($C$472)-ROW($C378)),0))","v":0},"F","Serviço","Serviço","17.1.0.50.","Composição","COMP101",{"$f":"IF($C378=\"S\",REFERENCIA.Descricao,\"(digite a descrição aqui)\")","v":"DISPOSITIVO DE PROTEÇÃO CONTRA SURTO, 1 POLO, SUPORTABILIDADE &LT;= 4 KV, UN ATÉ 240V/415V, IIMP = 60 KA, CURVA DE ENSAIO 10/350µS - CLASSE 1"},{"$f":"REFERENCIA.Unidade","v":"UN"},{"$f":"OFFSET(CÁLCULO!H$15,ROW($T378)-ROW(T$15),0)","v":4},533.80999999999995,"BDI 1",{"$f":"IF($C378=\"S\",ROUND(IF(TIPOORCAMENTO=\"Proposto\",ORÇAMENTO.CustoUnitario*(1+$AH378),ORÇAMENTO.PrecoUnitarioLicitado),15-13*$AF$10),0)","v":668.81},{"$f":"IF($C378=\"S\",IF(OR(Import.TipoArredondamento<>\"TransfereGOV\",ACOMPANHAMENTO=\"BM\"),VTOTAL1,SUM(OFFSET(CÁLCULO!$AI$15,ROW($X378)-ROW($X$15),1):OFFSET(CÁLCULO!$BB$15,ROW($X378)-ROW($X$15),-1))),IF($C378=0,0,ROUND(SomaAgrup,15-13*$AF$11)))","v":2675.24},"RA","RA",{"$f":"IF($C378=\"S\",IF($Z378=\"CP\",$X378,IF($Z378=\"RA\",(($X378)*QCI!$AA$3),0)),SomaAgrup)","v":231.49842524220176},{"$f":"IF($C378=\"S\",IF($Z378=\"OU\",ROUND($X378,2),0),SomaAgrup)","v":0},{"$f":"IF($N378=\"\",\" \",\nIF(AND($C378<>\"S\",OR($R378=\"\",$R378=\"(digite a descrição aqui)\")),\"DESCRIÇÃO\",\nIF(AND($C378=\"S\",OR($Q378<>\"\",$T378>0,$U378>0),$P378=\"\"),\"FONTE\",\nIF(AND($C378=\"S\",$P378<>\"\",OR($T378>0,$U378>0),$Q378=\"\"),\"CÓDIGO\",\nIF(AND($C378=\"S\",$P378<>\"\",$Q378<>\"\",$R378=\"(Código não identificado nas referências)\"),\"CÓDIGO N/ID\",\nIF(AND($C378=\"S\",OR($R378=\"\",$R378=\"(digite a descrição aqui)\"),OR($Q378<>\"\",$T378>0,$U378>0)),\"DESCRIÇÃO\",\nIF(AND($C378=\"S\",$P378<>\"\",$Q378<>\"\",$S378=\"\"),\"UNIDADE\",\nIF(AND($C378=\"S\",$P378<>\"\",$Q378<>\"\",$U378=0),\"SEM CUSTO\",\nIF(AND(TIPOORCAMENTO=\"Licitado\",$AL378=0,$AN378>0),\"SEM PREÇO\",\nIF(AND($C378=\"S\",$P378<>\"\",$Q378<>\"\",$U378>0,AND($V378<>\"BDI 1\",$V378<>\"BDI 2\",$V378<>\"BDI 3\")),IF(ISNUMBER($V378),\"JUSTIFICAR BDI\",\"BDI\"),\nIF(OR(AND(import.recurso=\"OGU\",TIPOORCAMENTO=\"Proposto\",LEFT($O$8,5)<>\"(N/D:\",$AG378<>\"\",ORÇAMENTO.CustoUnitario>$AG378),AND(TIPOORCAMENTO=\"LICITADO\",ORÇAMENTO.PrecoUnitarioLicitado>$AN378)),\"ACIMA REF.\",\nIF(AND($C378=\"S\",$P378<>\"\",$Q378<>\"\",$T378=0,$U378>0),\"QUANT.\",\nIF(AND(Import.TipoArredondamento=\"TransfereGOV\",$L378=\"F\",$C378=\"S\",LEN($Q378)>13),\"Código >13\",\nIF(AND(Import.TipoArredondamento=\"TransfereGOV\",$L378=\"F\",$C378<>\"S\",LEN($R378)>100),\"Descrição >100\",\nIF(AND(Import.TipoArredondamento=\"TransfereGOV\",$L378=\"F\",$C378=\"S\",LEN($R378)>500),\"Descrição >500\",\nIF(AND(Import.TipoArredondamento=\"TransfereGOV\",$L378=\"F\",$C378=\"S\",LEFT(TRIM(UPPER($P378)),6)<>\"SINAPI\",ISNA(VLOOKUP(TRIM(UPPER($S378)),ListaTgov.Unidades,1,FALSE))),\"Unid. Não Disp\",\n\" \"))))))))))))))))","v":" "},{"$f":"IF(C378<=CRONO.NivelExibicao,MAX($AD$15:OFFSET(AD378,-1,0))+IF($C378<>1,1,MAX(1,COUNTIF(QCI!$A$13:$A$36,OFFSET($E378,-1,0)))),\"\")","v":""},{"$f":"IF(AND($C378=\"S\",ORÇAMENTO.CodBarra<>\"\"),IF(ORÇAMENTO.Fonte=\"\",ORÇAMENTO.CodBarra,CONCATENATE(ORÇAMENTO.Fonte,\" \",ORÇAMENTO.CodBarra)))","v":"Composição COMP101"},{"$f":"IF(ISERROR(ORÇAMENTO.BancoRef),\"(abra o arquivo 'Referência \"&Excel_BuiltIn_Database&\".xlsm)\",IF(OR($C378<>\"S\",ORÇAMENTO.CodBarra=\"\"),\"(Sem Código)\",IF(ISERROR(MATCH($AE378,INDIRECT(ORÇAMENTO.BancoRef),0)),\"(Código não identificado nas referências)\",MATCH($AE378,INDIRECT(ORÇAMENTO.BancoRef),0))))","v":103},{"$f":"ROUND(IF(DESONERACAO=\"sim\",REFERENCIA.Desonerado,REFERENCIA.NaoDesonerado),2)","v":533.80999999999995},0.25290000000000001,null,null,null,null,2675.24,{"$f":"ROUND(ORÇAMENTO.CustoUnitario*(1+$AH378),2)","v":668.81}]
["S",2,"S",0,{"$f":"IF($C379=1,OFFSET(E379,-1,0)+MAX(1,COUNTIF(QCI!$A$13:$A$36,OFFSET(ORÇAMENTO!E379,-1,0))),OFFSET(E379,-1,0))","v":17},1,0,0,51,0,{"$f":"IF(OR($C379=\"S\",$C379=0),0,MATCH(OFFSET($D379,0,$C379)+IF($C379<>1,1,COUNTIF(QCI!$A$13:$A$36,ORÇAMENTO!E379)),OFFSET($D379,1,$C379,ROW($C$472)-ROW($C379)),0))","v":0},"F","Serviço","Serviço","17.1.0.51.","Composição","COMP102",{"$f":"IF($C379=\"S\",REFERENCIA.Descricao,\"(digite a descrição aqui)\")","v":"DISPOSITIVO DIF.RESIDUAL DR ALTA SENS. TETRAP.100A"},{"$f":"REFERENCIA.Unidade","v":"UN"},{"$f":"OFFSET(CÁLCULO!H$15,ROW($T379)-ROW(T$15),0)","v":1},318.08,"BDI 1",{"$f":"IF($C379=\"S\",ROUND(IF(TIPOORCAMENTO=\"Proposto\",ORÇAMENTO.CustoUnitario*(1+$AH379),ORÇAMENTO.PrecoUnitarioLicitado),15-13*$AF$10),0)","v":398.52},{"$f":"IF($C379=\"S\",IF(OR(Import.TipoArredondamento<>\"TransfereGOV\",ACOMPANHAMENTO=\"BM\"),VTOTAL1,SUM(OFFSET(CÁLCULO!$AI$15,ROW($X379)-ROW($X$15),1):OFFSET(CÁLCULO!$BB$15,ROW($X379)-ROW($X$15),-1))),IF($C379=0,0,ROUND(SomaAgrup,15-13*$AF$11)))","v":398.52},"RA","RA",{"$f":"IF($C379=\"S\",IF($Z379=\"CP\",$X379,IF($Z379=\"RA\",(($X379)*QCI!$AA$3),0)),SomaAgrup)","v":34.485411562148535},{"$f":"IF($C379=\"S\",IF($Z379=\"OU\",ROUND($X379,2),0),SomaAgrup)","v":0},{"$f":"IF($N379=\"\",\" \",\nIF(AND($C379<>\"S\",OR($R379=\"\",$R379=\"(digite a descrição aqui)\")),\"DESCRIÇÃO\",\nIF(AND($C379=\"S\",OR($Q379<>\"\",$T379>0,$U379>0),$P379=\"\"),\"FONTE\",\nIF(AND($C379=\"S\",$P379<>\"\",OR($T379>0,$U379>0),$Q379=\"\"),\"CÓDIGO\",\nIF(AND($C379=\"S\",$P379<>\"\",$Q379<>\"\",$R379=\"(Código não identificado nas referências)\"),\"CÓDIGO N/ID\",\nIF(AND($C379=\"S\",OR($R379=\"\",$R379=\"(digite a descrição aqui)\"),OR($Q379<>\"\",$T379>0,$U379>0)),\"DESCRIÇÃO\",\nIF(AND($C379=\"S\",$P379<>\"\",$Q379<>\"\",$S379=\"\"),\"UNIDADE\",\nIF(AND($C379=\"S\",$P379<>\"\",$Q379<>\"\",$U379=0),\"SEM CUSTO\",\nIF(AND(TIPOORCAMENTO=\"Licitado\",$AL379=0,$AN379>0),\"SEM PREÇO\",\nIF(AND($C379=\"S\",$P379<>\"\",$Q379<>\"\",$U379>0,AND($V379<>\"BDI 1\",$V379<>\"BDI 2\",$V379<>\"BDI 3\")),IF(ISNUMBER($V379),\"JUSTIFICAR BDI\",\"BDI\"),\nIF(OR(AND(import.recurso=\"OGU\",TIPOORCAMENTO=\"Proposto\",LEFT($O$8,5)<>\"(N/D:\",$AG379<>\"\",ORÇAMENTO.CustoUnitario>$AG379),AND(TIPOORCAMENTO=\"LICITADO\",ORÇAMENTO.PrecoUnitarioLicitado>$AN379)),\"ACIMA REF.\",\nIF(AND($C379=\"S\",$P379<>\"\",$Q379<>\"\",$T379=0,$U379>0),\"QUANT.\",\nIF(AND(Import.TipoArredondamento=\"TransfereGOV\",$L379=\"F\",$C379=\"S\",LEN($Q379)>13),\"Código >13\",\nIF(AND(Import.TipoArredondamento=\"TransfereGOV\",$L379=\"F\",$C379<>\"S\",LEN($R379)>100),\"Descrição >100\",\nIF(AND(Import.TipoArredondamento=\"TransfereGOV\",$L379=\"F\",$C379=\"S\",LEN($R379)>500),\"Descrição >500\",\nIF(AND(Import.TipoArredondamento=\"TransfereGOV\",$L379=\"F\",$C379=\"S\",LEFT(TRIM(UPPER($P379)),6)<>\"SINAPI\",ISNA(VLOOKUP(TRIM(UPPER($S379)),ListaTgov.Unidades,1,FALSE))),\"Unid. Não Disp\",\n\" \"))))))))))))))))","v":" "},{"$f":"IF(C379<=CRONO.NivelExibicao,MAX($AD$15:OFFSET(AD379,-1,0))+IF($C379<>1,1,MAX(1,COUNTIF(QCI!$A$13:$A$36,OFFSET($E379,-1,0)))),\"\")","v":""},{"$f":"IF(AND($C379=\"S\",ORÇAMENTO.CodBarra<>\"\"),IF(ORÇAMENTO.Fonte=\"\",ORÇAMENTO.CodBarra,CONCATENATE(ORÇAMENTO.Fonte,\" \",ORÇAMENTO.CodBarra)))","v":"Composição COMP102"},{"$f":"IF(ISERROR(ORÇAMENTO.BancoRef),\"(abra o arquivo 'Referência \"&Excel_BuiltIn_Database&\".xlsm)\",IF(OR($C379<>\"S\",ORÇAMENTO.CodBarra=\"\"),\"(Sem Código)\",IF(ISERROR(MATCH($AE379,INDIRECT(ORÇAMENTO.BancoRef),0)),\"(Código não identificado nas referências)\",MATCH($AE379,INDIRECT(ORÇAMENTO.BancoRef),0))))","v":104},{"$f":"ROUND(IF(DESONERACAO=\"sim\",REFERENCIA.Desonerado,REFERENCIA.NaoDesonerado),2)","v":318.08},0.25290000000000001,null,null,null,null,398.52,{"$f":"ROUND(ORÇAMENTO.CustoUnitario*(1+$AH379),2)","v":398.52}]
["S",2,"S",0,{"$f":"IF($C380=1,OFFSET(E380,-1,0)+MAX(1,COUNTIF(QCI!$A$13:$A$36,OFFSET(ORÇAMENTO!E380,-1,0))),OFFSET(E380,-1,0))","v":17},1,0,0,52,0,{"$f":"IF(OR($C380=\"S\",$C380=0),0,MATCH(OFFSET($D380,0,$C380)+IF($C380<>1,1,COUNTIF(QCI!$A$13:$A$36,ORÇAMENTO!E380)),OFFSET($D380,1,$C380,ROW($C$472)-ROW($C380)),0))","v":0},"F","Serviço","Serviço","17.1.0.52.","Composição","COMP103",{"$f":"IF($C380=\"S\",REFERENCIA.Descricao,\"(digite a descrição aqui)\")","v":"DISPOSITIVO DR TETRAPOLAR 100 A, TIPO AC, 30MA"},{"$f":"REFERENCIA.Unidade","v":"UN"},{"$f":"OFFSET(CÁLCULO!H$15,ROW($T380)-ROW(T$15),0)","v":2},427.14,"BDI 1",{"$f":"IF($C380=\"S\",ROUND(IF(TIPOORCAMENTO=\"Proposto\",ORÇAMENTO.CustoUnitario*(1+$AH380),ORÇAMENTO.PrecoUnitarioLicitado),15-13*$AF$10),0)","v":535.16},{"$f":"IF($C380=\"S\",IF(OR(Import.TipoArredondamento<>\"TransfereGOV\",ACOMPANHAMENTO=\"BM\"),VTOTAL1,SUM(OFFSET(CÁLCULO!$AI$15,ROW($X380)-ROW($X$15),1):OFFSET(CÁLCULO!$BB$15,ROW($X380)-ROW($X$15),-1))),IF($C380=0,0,ROUND(SomaAgrup,15-13*$AF$11)))","v":1070.32},"RA","RA",{"$f":"IF($C380=\"S\",IF($Z380=\"CP\",$X380,IF($Z380=\"RA\",(($X380)*QCI!$AA$3),0)),SomaAgrup)","v":92.618753646489054},{"$f":"IF($C380=\"S\",IF($Z380=\"OU\",ROUND($X380,2),0),SomaAgrup)","v":0},{"$f":"IF($N380=\"\",\" \",\nIF(AND($C380<>\"S\",OR($R380=\"\",$R380=\"(digite a descrição aqui)\")),\"DESCRIÇÃO\",\nIF(AND($C380=\"S\",OR($Q380<>\"\",$T380>0,$U380>0),$P380=\"\"),\"FONTE\",\nIF(AND($C380=\"S\",$P380<>\"\",OR($T380>0,$U380>0),$Q380=\"\"),\"CÓDIGO\",\nIF(AND($C380=\"S\",$P380<>\"\",$Q380<>\"\",$R380=\"(Código não identificado nas referências)\"),\"CÓDIGO N/ID\",\nIF(AND($C380=\"S\",OR($R380=\"\",$R380=\"(digite a descrição aqui)\"),OR($Q380<>\"\",$T380>0,$U380>0)),\"DESCRIÇÃO\",\nIF(AND($C380=\"S\",$P380<>\"\",$Q380<>\"\",$S380=\"\"),\"UNIDADE\",\nIF(AND($C380=\"S\",$P380<>\"\",$Q380<>\"\",$U380=0),\"SEM CUSTO\",\nIF(AND(TIPOORCAMENTO=\"Licitado\",$AL380=0,$AN380>0),\"SEM PREÇO\",\nIF(AND($C380=\"S\",$P380<>\"\",$Q380<>\"\",$U380>0,AND($V380<>\"BDI 1\",$V380<>\"BDI 2\",$V380<>\"BDI 3\")),IF(ISNUMBER($V380),\"JUSTIFICAR BDI\",\"BDI\"),\nIF(OR(AND(import.recurso=\"OGU\",TIPOORCAMENTO=\"Proposto\",LEFT($O$8,5)<>\"(N/D:\",$AG380<>\"\",ORÇAMENTO.CustoUnitario>$AG380),AND(TIPOORCAMENTO=\"LICITADO\",ORÇAMENTO.PrecoUnitarioLicitado>$AN380)),\"ACIMA REF.\",\nIF(AND($C380=\"S\",$P380<>\"\",$Q380<>\"\",$T380=0,$U380>0),\"QUANT.\",\nIF(AND(Import.TipoArredondamento=\"TransfereGOV\",$L380=\"F\",$C380=\"S\",LEN($Q380)>13),\"Código >13\",\nIF(AND(Import.TipoArredondamento=\"TransfereGOV\",$L380=\"F\",$C380<>\"S\",LEN($R380)>100),\"Descrição >100\",\nIF(AND(Import.TipoArredondamento=\"TransfereGOV\",$L380=\"F\",$C380=\"S\",LEN($R380)>500),\"Descrição >500\",\nIF(AND(Import.TipoArredondamento=\"TransfereGOV\",$L380=\"F\",$C380=\"S\",LEFT(TRIM(UPPER($P380)),6)<>\"SINAPI\",ISNA(VLOOKUP(TRIM(UPPER($S380)),ListaTgov.Unidades,1,FALSE))),\"Unid. Não Disp\",\n\" \"))))))))))))))))","v":" "},{"$f":"IF(C380<=CRONO.NivelExibicao,MAX($AD$15:OFFSET(AD380,-1,0))+IF($C380<>1,1,MAX(1,COUNTIF(QCI!$A$13:$A$36,OFFSET($E380,-1,0)))),\"\")","v":""},{"$f":"IF(AND($C380=\"S\",ORÇAMENTO.CodBarra<>\"\"),IF(ORÇAMENTO.Fonte=\"\",ORÇAMENTO.CodBarra,CONCATENATE(ORÇAMENTO.Fonte,\" \",ORÇAMENTO.CodBarra)))","v":"Composição COMP103"},{"$f":"IF(ISERROR(ORÇAMENTO.BancoRef),\"(abra o arquivo 'Referência \"&Excel_BuiltIn_Database&\".xlsm)\",IF(OR($C380<>\"S\",ORÇAMENTO.CodBarra=\"\"),\"(Sem Código)\",IF(ISERROR(MATCH($AE380,INDIRECT(ORÇAMENTO.BancoRef),0)),\"(Código não identificado nas referências)\",MATCH($AE380,INDIRECT(ORÇAMENTO.BancoRef),0))))","v":105},{"$f":"ROUND(IF(DESONERACAO=\"sim\",REFERENCIA.Desonerado,REFERENCIA.NaoDesonerado),2)","v":427.14},0.25290000000000001,null,null,null,null,1070.32,{"$f":"ROUND(ORÇAMENTO.CustoUnitario*(1+$AH380),2)","v":535.16}]
["S",2,"S",0,{"$f":"IF($C381=1,OFFSET(E381,-1,0)+MAX(1,COUNTIF(QCI!$A$13:$A$36,OFFSET(ORÇAMENTO!E381,-1,0))),OFFSET(E381,-1,0))","v":17},1,0,0,53,0,{"$f":"IF(OR($C381=\"S\",$C381=0),0,MATCH(OFFSET($D381,0,$C381)+IF($C381<>1,1,COUNTIF(QCI!$A$13:$A$36,ORÇAMENTO!E381)),OFFSET($D381,1,$C381,ROW($C$472)-ROW($C381)),0))","v":0},"F","Serviço","Serviço","17.1.0.53.","Composição","COMP104",{"$f":"IF($C381=\"S\",REFERENCIA.Descricao,\"(digite a descrição aqui)\")","v":"SAIDA HORIZONTAL PARA ELETROCALHA 1 1/4\""},{"$f":"REFERENCIA.Unidade","v":"UN"},{"$f":"OFFSET(CÁLCULO!H$15,ROW($T381)-ROW(T$15),0)","v":3},12.14,"BDI 1",{"$f":"IF($C381=\"S\",ROUND(IF(TIPOORCAMENTO=\"Proposto\",ORÇAMENTO.CustoUnitario*(1+$AH381),ORÇAMENTO.PrecoUnitarioLicitado),15-13*$AF$10),0)","v":15.21},{"$f":"IF($C381=\"S\",IF(OR(Import.TipoArredondamento<>\"TransfereGOV\",ACOMPANHAMENTO=\"BM\"),VTOTAL1,SUM(OFFSET(CÁLCULO!$AI$15,ROW($X381)-ROW($X$15),1):OFFSET(CÁLCULO!$BB$15,ROW($X381)-ROW($X$15),-1))),IF($C381=0,0,ROUND(SomaAgrup,15-13*$AF$11)))","v":45.63},"RA","RA",{"$f":"IF($C381=\"S\",IF($Z381=\"CP\",$X381,IF($Z381=\"RA\",(($X381)*QCI!$AA$3),0)),SomaAgrup)","v":3.9485328956660588},{"$f":"IF($C381=\"S\",IF($Z381=\"OU\",ROUND($X381,2),0),SomaAgrup)","v":0},{"$f":"IF($N381=\"\",\" \",\nIF(AND($C381<>\"S\",OR($R381=\"\",$R381=\"(digite a descrição aqui)\")),\"DESCRIÇÃO\",\nIF(AND($C381=\"S\",OR($Q381<>\"\",$T381>0,$U381>0),$P381=\"\"),\"FONTE\",\nIF(AND($C381=\"S\",$P381<>\"\",OR($T381>0,$U381>0),$Q381=\"\"),\"CÓDIGO\",\nIF(AND($C381=\"S\",$P381<>\"\",$Q381<>\"\",$R381=\"(Código não identificado nas referências)\"),\"CÓDIGO N/ID\",\nIF(AND($C381=\"S\",OR($R381=\"\",$R381=\"(digite a descrição aqui)\"),OR($Q381<>\"\",$T381>0,$U381>0)),\"DESCRIÇÃO\",\nIF(AND($C381=\"S\",$P381<>\"\",$Q381<>\"\",$S381=\"\"),\"UNIDADE\",\nIF(AND($C381=\"S\",$P381<>\"\",$Q381<>\"\",$U381=0),\"SEM CUSTO\",\nIF(AND(TIPOORCAMENTO=\"Licitado\",$AL381=0,$AN381>0),\"SEM PREÇO\",\nIF(AND($C381=\"S\",$P381<>\"\",$Q381<>\"\",$U381>0,AND($V381<>\"BDI 1\",$V381<>\"BDI 2\",$V381<>\"BDI 3\")),IF(ISNUMBER($V381),\"JUSTIFICAR BDI\",\"BDI\"),\nIF(OR(AND(import.recurso=\"OGU\",TIPOORCAMENTO=\"Proposto\",LEFT($O$8,5)<>\"(N/D:\",$AG381<>\"\",ORÇAMENTO.CustoUnitario>$AG381),AND(TIPOORCAMENTO=\"LICITADO\",ORÇAMENTO.PrecoUnitarioLicitado>$AN381)),\"ACIMA REF.\",\nIF(AND($C381=\"S\",$P381<>\"\",$Q381<>\"\",$T381=0,$U381>0),\"QUANT.\",\nIF(AND(Import.TipoArredondamento=\"TransfereGOV\",$L381=\"F\",$C381=\"S\",LEN($Q381)>13),\"Código >13\",\nIF(AND(Import.TipoArredondamento=\"TransfereGOV\",$L381=\"F\",$C381<>\"S\",LEN($R381)>100),\"Descrição >100\",\nIF(AND(Import.TipoArredondamento=\"TransfereGOV\",$L381=\"F\",$C381=\"S\",LEN($R381)>500),\"Descrição >500\",\nIF(AND(Import.TipoArredondamento=\"TransfereGOV\",$L381=\"F\",$C381=\"S\",LEFT(TRIM(UPPER($P381)),6)<>\"SINAPI\",ISNA(VLOOKUP(TRIM(UPPER($S381)),ListaTgov.Unidades,1,FALSE))),\"Unid. Não Disp\",\n\" \"))))))))))))))))","v":" "},{"$f":"IF(C381<=CRONO.NivelExibicao,MAX($AD$15:OFFSET(AD381,-1,0))+IF($C381<>1,1,MAX(1,COUNTIF(QCI!$A$13:$A$36,OFFSET($E381,-1,0)))),\"\")","v":""},{"$f":"IF(AND($C381=\"S\",ORÇAMENTO.CodBarra<>\"\"),IF(ORÇAMENTO.Fonte=\"\",ORÇAMENTO.CodBarra,CONCATENATE(ORÇAMENTO.Fonte,\" \",ORÇAMENTO.CodBarra)))","v":"Composição COMP104"},{"$f":"IF(ISERROR(ORÇAMENTO.BancoRef),\"(abra o arquivo 'Referência \"&Excel_BuiltIn_Database&\".xlsm)\",IF(OR($C381<>\"S\",ORÇAMENTO.CodBarra=\"\"),\"(Sem Código)\",IF(ISERROR(MATCH($AE381,INDIRECT(ORÇAMENTO.BancoRef),0)),\"(Código não identificado nas referências)\",MATCH($AE381,INDIRECT(ORÇAMENTO.BancoRef),0))))","v":106},{"$f":"ROUND(IF(DESONERACAO=\"sim\",REFERENCIA.Desonerado,REFERENCIA.NaoDesonerado),2)","v":12.14},0.25290000000000001,null,null,null,null,45.63,{"$f":"ROUND(ORÇAMENTO.CustoUnitario*(1+$AH381),2)","v":15.21}]
["S",2,"S",0,{"$f":"IF($C382=1,OFFSET(E382,-1,0)+MAX(1,COUNTIF(QCI!$A$13:$A$36,OFFSET(ORÇAMENTO!E382,-1,0))),OFFSET(E382,-1,0))","v":17},1,0,0,54,0,{"$f":"IF(OR($C382=\"S\",$C382=0),0,MATCH(OFFSET($D382,0,$C382)+IF($C382<>1,1,COUNTIF(QCI!$A$13:$A$36,ORÇAMENTO!E382)),OFFSET($D382,1,$C382,ROW($C$472)-ROW($C382)),0))","v":0},"F","Serviço","Serviço","17.1.0.54.","Composição","COMP105",{"$f":"IF($C382=\"S\",REFERENCIA.Descricao,\"(digite a descrição aqui)\")","v":"CURVA VERTICAL EXTERNA PARA ELETROCALHA 100X50mm"},{"$f":"REFERENCIA.Unidade","v":"UN"},{"$f":"OFFSET(CÁLCULO!H$15,ROW($T382)-ROW(T$15),0)","v":1},47.82,"BDI 1",{"$f":"IF($C382=\"S\",ROUND(IF(TIPOORCAMENTO=\"Proposto\",ORÇAMENTO.CustoUnitario*(1+$AH382),ORÇAMENTO.PrecoUnitarioLicitado),15-13*$AF$10),0)","v":59.91},{"$f":"IF($C382=\"S\",IF(OR(Import.TipoArredondamento<>\"TransfereGOV\",ACOMPANHAMENTO=\"BM\"),VTOTAL1,SUM(OFFSET(CÁLCULO!$AI$15,ROW($X382)-ROW($X$15),1):OFFSET(CÁLCULO!$BB$15,ROW($X382)-ROW($X$15),-1))),IF($C382=0,0,ROUND(SomaAgrup,15-13*$AF$11)))","v":59.91},"RA","RA",{"$f":"IF($C382=\"S\",IF($Z382=\"CP\",$X382,IF($Z382=\"RA\",(($X382)*QCI!$AA$3),0)),SomaAgrup)","v":5.1842341831986314},{"$f":"IF($C382=\"S\",IF($Z382=\"OU\",ROUND($X382,2),0),SomaAgrup)","v":0},{"$f":"IF($N382=\"\",\" \",\nIF(AND($C382<>\"S\",OR($R382=\"\",$R382=\"(digite a descrição aqui)\")),\"DESCRIÇÃO\",\nIF(AND($C382=\"S\",OR($Q382<>\"\",$T382>0,$U382>0),$P382=\"\"),\"FONTE\",\nIF(AND($C382=\"S\",$P382<>\"\",OR($T382>0,$U382>0),$Q382=\"\"),\"CÓDIGO\",\nIF(AND($C382=\"S\",$P382<>\"\",$Q382<>\"\",$R382=\"(Código não identificado nas referências)\"),\"CÓDIGO N/ID\",\nIF(AND($C382=\"S\",OR($R382=\"\",$R382=\"(digite a descrição aqui)\"),OR($Q382<>\"\",$T382>0,$U382>0)),\"DESCRIÇÃO\",\nIF(AND($C382=\"S\",$P382<>\"\",$Q382<>\"\",$S382=\"\"),\"UNIDADE\",\nIF(AND($C382=\"S\",$P382<>\"\",$Q382<>\"\",$U382=0),\"SEM CUSTO\",\nIF(AND(TIPOORCAMENTO=\"Licitado\",$AL382=0,$AN382>0),\"SEM PREÇO\",\nIF(AND($C382=\"S\",$P382<>\"\",$Q382<>\"\",$U382>0,AND($V382<>\"BDI 1\",$V382<>\"BDI 2\",$V382<>\"BDI 3\")),IF(ISNUMBER($V382),\"JUSTIFICAR BDI\",\"BDI\"),\nIF(OR(AND(import.recurso=\"OGU\",TIPOORCAMENTO=\"Proposto\",LEFT($O$8,5)<>\"(N/D:\",$AG382<>\"\",ORÇAMENTO.CustoUnitario>$AG382),AND(TIPOORCAMENTO=\"LICITADO\",ORÇAMENTO.PrecoUnitarioLicitado>$AN382)),\"ACIMA REF.\",\nIF(AND($C382=\"S\",$P382<>\"\",$Q382<>\"\",$T382=0,$U382>0),\"QUANT.\",\nIF(AND(Import.TipoArredondamento=\"TransfereGOV\",$L382=\"F\",$C382=\"S\",LEN($Q382)>13),\"Código >13\",\nIF(AND(Import.TipoArredondamento=\"TransfereGOV\",$L382=\"F\",$C382<>\"S\",LEN($R382)>100),\"Descrição >100\",\nIF(AND(Import.TipoArredondamento=\"TransfereGOV\",$L382=\"F\",$C382=\"S\",LEN($R382)>500),\"Descrição >500\",\nIF(AND(Import.TipoArredondamento=\"TransfereGOV\",$L382=\"F\",$C382=\"S\",LEFT(TRIM(UPPER($P382)),6)<>\"SINAPI\",ISNA(VLOOKUP(TRIM(UPPER($S382)),ListaTgov.Unidades,1,FALSE))),\"Unid. Não Disp\",\n\" \"))))))))))))))))","v":" "},{"$f":"IF(C382<=CRONO.NivelExibicao,MAX($AD$15:OFFSET(AD382,-1,0))+IF($C382<>1,1,MAX(1,COUNTIF(QCI!$A$13:$A$36,OFFSET($E382,-1,0)))),\"\")","v":""},{"$f":"IF(AND($C382=\"S\",ORÇAMENTO.CodBarra<>\"\"),IF(ORÇAMENTO.Fonte=\"\",ORÇAMENTO.CodBarra,CONCATENATE(ORÇAMENTO.Fonte,\" \",ORÇAMENTO.CodBarra)))","v":"Composição COMP105"},{"$f":"IF(ISERROR(ORÇAMENTO.BancoRef),\"(abra o arquivo 'Referência \"&Excel_BuiltIn_Database&\".xlsm)\",IF(OR($C382<>\"S\",ORÇAMENTO.CodBarra=\"\"),\"(Sem Código)\",IF(ISERROR(MATCH($AE382,INDIRECT(ORÇAMENTO.BancoRef),0)),\"(Código não identificado nas referências)\",MATCH($AE382,INDIRECT(ORÇAMENTO.BancoRef),0))))","v":107},{"$f":"ROUND(IF(DESONERACAO=\"sim\",REFERENCIA.Desonerado,REFERENCIA.NaoDesonerado),2)","v":47.82},0.25290000000000001,null,null,null,null,59.91,{"$f":"ROUND(ORÇAMENTO.CustoUnitario*(1+$AH382),2)","v":59.91}]
["S",2,"S",0,{"$f":"IF($C383=1,OFFSET(E383,-1,0)+MAX(1,COUNTIF(QCI!$A$13:$A$36,OFFSET(ORÇAMENTO!E383,-1,0))),OFFSET(E383,-1,0))","v":17},1,0,0,55,0,{"$f":"IF(OR($C383=\"S\",$C383=0),0,MATCH(OFFSET($D383,0,$C383)+IF($C383<>1,1,COUNTIF(QCI!$A$13:$A$36,ORÇAMENTO!E383)),OFFSET($D383,1,$C383,ROW($C$472)-ROW($C383)),0))","v":0},"F","Serviço","Serviço","17.1.0.55.","Composição","COMP106",{"$f":"IF($C383=\"S\",REFERENCIA.Descricao,\"(digite a descrição aqui)\")","v":"ELETROCALHA PERFURADA TIPO \"U\" 100X50 CHAPA 20 SEM TAMPA"},{"$f":"REFERENCIA.Unidade","v":"M"},{"$f":"OFFSET(CÁLCULO!H$15,ROW($T383)-ROW(T$15),0)","v":29.4},46.76,"BDI 1",{"$f":"IF($C383=\"S\",ROUND(IF(TIPOORCAMENTO=\"Proposto\",ORÇAMENTO.CustoUnitario*(1+$AH383),ORÇAMENTO.PrecoUnitarioLicitado),15-13*$AF$10),0)","v":58.59},{"$f":"IF($C383=\"S\",IF(OR(Import.TipoArredondamento<>\"TransfereGOV\",ACOMPANHAMENTO=\"BM\"),VTOTAL1,SUM(OFFSET(CÁLCULO!$AI$15,ROW($X383)-ROW($X$15),1):OFFSET(CÁLCULO!$BB$15,ROW($X383)-ROW($X$15),-1))),IF($C383=0,0,ROUND(SomaAgrup,15-13*$AF$11)))","v":1722.55},"RA","RA",{"$f":"IF($C383=\"S\",IF($Z383=\"CP\",$X383,IF($Z383=\"RA\",(($X383)*QCI!$AA$3),0)),SomaAgrup)","v":149.05863115120687},{"$f":"IF($C383=\"S\",IF($Z383=\"OU\",ROUND($X383,2),0),SomaAgrup)","v":0},{"$f":"IF($N383=\"\",\" \",\nIF(AND($C383<>\"S\",OR($R383=\"\",$R383=\"(digite a descrição aqui)\")),\"DESCRIÇÃO\",\nIF(AND($C383=\"S\",OR($Q383<>\"\",$T383>0,$U383>0),$P383=\"\"),\"FONTE\",\nIF(AND($C383=\"S\",$P383<>\"\",OR($T383>0,$U383>0),$Q383=\"\"),\"CÓDIGO\",\nIF(AND($C383=\"S\",$P383<>\"\",$Q383<>\"\",$R383=\"(Código não identificado nas referências)\"),\"CÓDIGO N/ID\",\nIF(AND($C383=\"S\",OR($R383=\"\",$R383=\"(digite a descrição aqui)\"),OR($Q383<>\"\",$T383>0,$U383>0)),\"DESCRIÇÃO\",\nIF(AND($C383=\"S\",$P383<>\"\",$Q383<>\"\",$S383=\"\"),\"UNIDADE\",\nIF(AND($C383=\"S\",$P383<>\"\",$Q383<>\"\",$U383=0),\"SEM CUSTO\",\nIF(AND(TIPOORCAMENTO=\"Licitado\",$AL383=0,$AN383>0),\"SEM PREÇO\",\nIF(AND($C383=\"S\",$P383<>\"\",$Q383<>\"\",$U383>0,AND($V383<>\"BDI 1\",$V383<>\"BDI 2\",$V383<>\"BDI 3\")),IF(ISNUMBER($V383),\"JUSTIFICAR BDI\",\"BDI\"),\nIF(OR(AND(import.recurso=\"OGU\",TIPOORCAMENTO=\"Proposto\",LEFT($O$8,5)<>\"(N/D:\",$AG383<>\"\",ORÇAMENTO.CustoUnitario>$AG383),AND(TIPOORCAMENTO=\"LICITADO\",ORÇAMENTO.PrecoUnitarioLicitado>$AN383)),\"ACIMA REF.\",\nIF(AND($C383=\"S\",$P383<>\"\",$Q383<>\"\",$T383=0,$U383>0),\"QUANT.\",\nIF(AND(Import.TipoArredondamento=\"TransfereGOV\",$L383=\"F\",$C383=\"S\",LEN($Q383)>13),\"Código >13\",\nIF(AND(Import.TipoArredondamento=\"TransfereGOV\",$L383=\"F\",$C383<>\"S\",LEN($R383)>100),\"Descrição >100\",\nIF(AND(Import.TipoArredondamento=\"TransfereGOV\",$L383=\"F\",$C383=\"S\",LEN($R383)>500),\"Descrição >500\",\nIF(AND(Import.TipoArredondamento=\"TransfereGOV\",$L383=\"F\",$C383=\"S\",LEFT(TRIM(UPPER($P383)),6)<>\"SINAPI\",ISNA(VLOOKUP(TRIM(UPPER($S383)),ListaTgov.Unidades,1,FALSE))),\"Unid. Não Disp\",\n\" \"))))))))))))))))","v":" "},{"$f":"IF(C383<=CRONO.NivelExibicao,MAX($AD$15:OFFSET(AD383,-1,0))+IF($C383<>1,1,MAX(1,COUNTIF(QCI!$A$13:$A$36,OFFSET($E383,-1,0)))),\"\")","v":""},{"$f":"IF(AND($C383=\"S\",ORÇAMENTO.CodBarra<>\"\"),IF(ORÇAMENTO.Fonte=\"\",ORÇAMENTO.CodBarra,CONCATENATE(ORÇAMENTO.Fonte,\" \",ORÇAMENTO.CodBarra)))","v":"Composição COMP106"},{"$f":"IF(ISERROR(ORÇAMENTO.BancoRef),\"(abra o arquivo 'Referência \"&Excel_BuiltIn_Database&\".xlsm)\",IF(OR($C383<>\"S\",ORÇAMENTO.CodBarra=\"\"),\"(Sem Código)\",IF(ISERROR(MATCH($AE383,INDIRECT(ORÇAMENTO.BancoRef),0)),\"(Código não identificado nas referências)\",MATCH($AE383,INDIRECT(ORÇAMENTO.BancoRef),0))))","v":108},{"$f":"ROUND(IF(DESONERACAO=\"sim\",REFERENCIA.Desonerado,REFERENCIA.NaoDesonerado),2)","v":46.76},0.25290000000000001,null,null,null,null,1722.55,{"$f":"ROUND(ORÇAMENTO.CustoUnitario*(1+$AH383),2)","v":58.59}]
["S",2,"S",0,{"$f":"IF($C384=1,OFFSET(E384,-1,0)+MAX(1,COUNTIF(QCI!$A$13:$A$36,OFFSET(ORÇAMENTO!E384,-1,0))),OFFSET(E384,-1,0))","v":17},1,0,0,56,0,{"$f":"IF(OR($C384=\"S\",$C384=0),0,MATCH(OFFSET($D384,0,$C384)+IF($C384<>1,1,COUNTIF(QCI!$A$13:$A$36,ORÇAMENTO!E384)),OFFSET($D384,1,$C384,ROW($C$472)-ROW($C384)),0))","v":0},"F","Serviço","Serviço","17.1.0.56.","Composição","COMP107",{"$f":"IF($C384=\"S\",REFERENCIA.Descricao,\"(digite a descrição aqui)\")","v":"SUPORTE VERTICAL  100 X 75 MM  PARA FIXAÇÃO DE ELETROCALHA METÁLICA"},{"$f":"REFERENCIA.Unidade","v":"UN"},{"$f":"OFFSET(CÁLCULO!H$15,ROW($T384)-ROW(T$15),0)","v":22},16.23,"BDI 1",{"$f":"IF($C384=\"S\",ROUND(IF(TIPOORCAMENTO=\"Proposto\",ORÇAMENTO.CustoUnitario*(1+$AH384),ORÇAMENTO.PrecoUnitarioLicitado),15-13*$AF$10),0)","v":20.329999999999998},{"$f":"IF($C384=\"S\",IF(OR(Import.TipoArredondamento<>\"TransfereGOV\",ACOMPANHAMENTO=\"BM\"),VTOTAL1,SUM(OFFSET(CÁLCULO!$AI$15,ROW($X384)-ROW($X$15),1):OFFSET(CÁLCULO!$BB$15,ROW($X384)-ROW($X$15),-1))),IF($C384=0,0,ROUND(SomaAgrup,15-13*$AF$11)))","v":447.26},"RA","RA",{"$f":"IF($C384=\"S\",IF($Z384=\"CP\",$X384,IF($Z384=\"RA\",(($X384)*QCI!$AA$3),0)),SomaAgrup)","v":38.703064276037722},{"$f":"IF($C384=\"S\",IF($Z384=\"OU\",ROUND($X384,2),0),SomaAgrup)","v":0},{"$f":"IF($N384=\"\",\" \",\nIF(AND($C384<>\"S\",OR($R384=\"\",$R384=\"(digite a descrição aqui)\")),\"DESCRIÇÃO\",\nIF(AND($C384=\"S\",OR($Q384<>\"\",$T384>0,$U384>0),$P384=\"\"),\"FONTE\",\nIF(AND($C384=\"S\",$P384<>\"\",OR($T384>0,$U384>0),$Q384=\"\"),\"CÓDIGO\",\nIF(AND($C384=\"S\",$P384<>\"\",$Q384<>\"\",$R384=\"(Código não identificado nas referências)\"),\"CÓDIGO N/ID\",\nIF(AND($C384=\"S\",OR($R384=\"\",$R384=\"(digite a descrição aqui)\"),OR($Q384<>\"\",$T384>0,$U384>0)),\"DESCRIÇÃO\",\nIF(AND($C384=\"S\",$P384<>\"\",$Q384<>\"\",$S384=\"\"),\"UNIDADE\",\nIF(AND($C384=\"S\",$P384<>\"\",$Q384<>\"\",$U384=0),\"SEM CUSTO\",\nIF(AND(TIPOORCAMENTO=\"Licitado\",$AL384=0,$AN384>0),\"SEM PREÇO\",\nIF(AND($C384=\"S\",$P384<>\"\",$Q384<>\"\",$U384>0,AND($V384<>\"BDI 1\",$V384<>\"BDI 2\",$V384<>\"BDI 3\")),IF(ISNUMBER($V384),\"JUSTIFICAR BDI\",\"BDI\"),\nIF(OR(AND(import.recurso=\"OGU\",TIPOORCAMENTO=\"Proposto\",LEFT($O$8,5)<>\"(N/D:\",$AG384<>\"\",ORÇAMENTO.CustoUnitario>$AG384),AND(TIPOORCAMENTO=\"LICITADO\",ORÇAMENTO.PrecoUnitarioLicitado>$AN384)),\"ACIMA REF.\",\nIF(AND($C384=\"S\",$P384<>\"\",$Q384<>\"\",$T384=0,$U384>0),\"QUANT.\",\nIF(AND(Import.TipoArredondamento=\"TransfereGOV\",$L384=\"F\",$C384=\"S\",LEN($Q384)>13),\"Código >13\",\nIF(AND(Import.TipoArredondamento=\"TransfereGOV\",$L384=\"F\",$C384<>\"S\",LEN($R384)>100),\"Descrição >100\",\nIF(AND(Import.TipoArredondamento=\"TransfereGOV\",$L384=\"F\",$C384=\"S\",LEN($R384)>500),\"Descrição >500\",\nIF(AND(Import.TipoArredondamento=\"TransfereGOV\",$L384=\"F\",$C384=\"S\",LEFT(TRIM(UPPER($P384)),6)<>\"SINAPI\",ISNA(VLOOKUP(TRIM(UPPER($S384)),ListaTgov.Unidades,1,FALSE))),\"Unid. Não Disp\",\n\" \"))))))))))))))))","v":" "},{"$f":"IF(C384<=CRONO.NivelExibicao,MAX($AD$15:OFFSET(AD384,-1,0))+IF($C384<>1,1,MAX(1,COUNTIF(QCI!$A$13:$A$36,OFFSET($E384,-1,0)))),\"\")","v":""},{"$f":"IF(AND($C384=\"S\",ORÇAMENTO.CodBarra<>\"\"),IF(ORÇAMENTO.Fonte=\"\",ORÇAMENTO.CodBarra,CONCATENATE(ORÇAMENTO.Fonte,\" \",ORÇAMENTO.CodBarra)))","v":"Composição COMP107"},{"$f":"IF(ISERROR(ORÇAMENTO.BancoRef),\"(abra o arquivo 'Referência \"&Excel_BuiltIn_Database&\".xlsm)\",IF(OR($C384<>\"S\",ORÇAMENTO.CodBarra=\"\"),\"(Sem Código)\",IF(ISERROR(MATCH($AE384,INDIRECT(ORÇAMENTO.BancoRef),0)),\"(Código não identificado nas referências)\",MATCH($AE384,INDIRECT(ORÇAMENTO.BancoRef),0))))","v":109},{"$f":"ROUND(IF(DESONERACAO=\"sim\",REFERENCIA.Desonerado,REFERENCIA.NaoDesonerado),2)","v":16.23},0.25290000000000001,null,null,null,null,447.26,{"$f":"ROUND(ORÇAMENTO.CustoUnitario*(1+$AH384),2)","v":20.329999999999998}]
["S",2,"S",0,{"$f":"IF($C385=1,OFFSET(E385,-1,0)+MAX(1,COUNTIF(QCI!$A$13:$A$36,OFFSET(ORÇAMENTO!E385,-1,0))),OFFSET(E385,-1,0))","v":17},1,0,0,57,0,{"$f":"IF(OR($C385=\"S\",$C385=0),0,MATCH(OFFSET($D385,0,$C385)+IF($C385<>1,1,COUNTIF(QCI!$A$13:$A$36,ORÇAMENTO!E385)),OFFSET($D385,1,$C385,ROW($C$472)-ROW($C385)),0))","v":0},"F","Serviço","Serviço","17.1.0.57.","Composição","COMP108",{"$f":"IF($C385=\"S\",REFERENCIA.Descricao,\"(digite a descrição aqui)\")","v":"TALA PLANA PERFURADA 50MM PARA ELETROCALHA METÁLICA"},{"$f":"REFERENCIA.Unidade","v":"UN"},{"$f":"OFFSET(CÁLCULO!H$15,ROW($T385)-ROW(T$15),0)","v":26},6.09,"BDI 1",{"$f":"IF($C385=\"S\",ROUND(IF(TIPOORCAMENTO=\"Proposto\",ORÇAMENTO.CustoUnitario*(1+$AH385),ORÇAMENTO.PrecoUnitarioLicitado),15-13*$AF$10),0)","v":7.63},{"$f":"IF($C385=\"S\",IF(OR(Import.TipoArredondamento<>\"TransfereGOV\",ACOMPANHAMENTO=\"BM\"),VTOTAL1,SUM(OFFSET(CÁLCULO!$AI$15,ROW($X385)-ROW($X$15),1):OFFSET(CÁLCULO!$BB$15,ROW($X385)-ROW($X$15),-1))),IF($C385=0,0,ROUND(SomaAgrup,15-13*$AF$11)))","v":198.38},"RA","RA",{"$f":"IF($C385=\"S\",IF($Z385=\"CP\",$X385,IF($Z385=\"RA\",(($X385)*QCI!$AA$3),0)),SomaAgrup)","v":17.166556121898591},{"$f":"IF($C385=\"S\",IF($Z385=\"OU\",ROUND($X385,2),0),SomaAgrup)","v":0},{"$f":"IF($N385=\"\",\" \",\nIF(AND($C385<>\"S\",OR($R385=\"\",$R385=\"(digite a descrição aqui)\")),\"DESCRIÇÃO\",\nIF(AND($C385=\"S\",OR($Q385<>\"\",$T385>0,$U385>0),$P385=\"\"),\"FONTE\",\nIF(AND($C385=\"S\",$P385<>\"\",OR($T385>0,$U385>0),$Q385=\"\"),\"CÓDIGO\",\nIF(AND($C385=\"S\",$P385<>\"\",$Q385<>\"\",$R385=\"(Código não identificado nas referências)\"),\"CÓDIGO N/ID\",\nIF(AND($C385=\"S\",OR($R385=\"\",$R385=\"(digite a descrição aqui)\"),OR($Q385<>\"\",$T385>0,$U385>0)),\"DESCRIÇÃO\",\nIF(AND($C385=\"S\",$P385<>\"\",$Q385<>\"\",$S385=\"\"),\"UNIDADE\",\nIF(AND($C385=\"S\",$P385<>\"\",$Q385<>\"\",$U385=0),\"SEM CUSTO\",\nIF(AND(TIPOORCAMENTO=\"Licitado\",$AL385=0,$AN385>0),\"SEM PREÇO\",\nIF(AND($C385=\"S\",$P385<>\"\",$Q385<>\"\",$U385>0,AND($V385<>\"BDI 1\",$V385<>\"BDI 2\",$V385<>\"BDI 3\")),IF(ISNUMBER($V385),\"JUSTIFICAR BDI\",\"BDI\"),\nIF(OR(AND(import.recurso=\"OGU\",TIPOORCAMENTO=\"Proposto\",LEFT($O$8,5)<>\"(N/D:\",$AG385<>\"\",ORÇAMENTO.CustoUnitario>$AG385),AND(TIPOORCAMENTO=\"LICITADO\",ORÇAMENTO.PrecoUnitarioLicitado>$AN385)),\"ACIMA REF.\",\nIF(AND($C385=\"S\",$P385<>\"\",$Q385<>\"\",$T385=0,$U385>0),\"QUANT.\",\nIF(AND(Import.TipoArredondamento=\"TransfereGOV\",$L385=\"F\",$C385=\"S\",LEN($Q385)>13),\"Código >13\",\nIF(AND(Import.TipoArredondamento=\"TransfereGOV\",$L385=\"F\",$C385<>\"S\",LEN($R385)>100),\"Descrição >100\",\nIF(AND(Import.TipoArredondamento=\"TransfereGOV\",$L385=\"F\",$C385=\"S\",LEN($R385)>500),\"Descrição >500\",\nIF(AND(Import.TipoArredondamento=\"TransfereGOV\",$L385=\"F\",$C385=\"S\",LEFT(TRIM(UPPER($P385)),6)<>\"SINAPI\",ISNA(VLOOKUP(TRIM(UPPER($S385)),ListaTgov.Unidades,1,FALSE))),\"Unid. Não Disp\",\n\" \"))))))))))))))))","v":" "},{"$f":"IF(C385<=CRONO.NivelExibicao,MAX($AD$15:OFFSET(AD385,-1,0))+IF($C385<>1,1,MAX(1,COUNTIF(QCI!$A$13:$A$36,OFFSET($E385,-1,0)))),\"\")","v":""},{"$f":"IF(AND($C385=\"S\",ORÇAMENTO.CodBarra<>\"\"),IF(ORÇAMENTO.Fonte=\"\",ORÇAMENTO.CodBarra,CONCATENATE(ORÇAMENTO.Fonte,\" \",ORÇAMENTO.CodBarra)))","v":"Composição COMP108"},{"$f":"IF(ISERROR(ORÇAMENTO.BancoRef),\"(abra o arquivo 'Referência \"&Excel_BuiltIn_Database&\".xlsm)\",IF(OR($C385<>\"S\",ORÇAMENTO.CodBarra=\"\"),\"(Sem Código)\",IF(ISERROR(MATCH($AE385,INDIRECT(ORÇAMENTO.BancoRef),0)),\"(Código não identificado nas referências)\",MATCH($AE385,INDIRECT(ORÇAMENTO.BancoRef),0))))","v":110},{"$f":"ROUND(IF(DESONERACAO=\"sim\",REFERENCIA.Desonerado,REFERENCIA.NaoDesonerado),2)","v":6.09},0.25290000000000001,null,null,null,null,198.38,{"$f":"ROUND(ORÇAMENTO.CustoUnitario*(1+$AH385),2)","v":7.63}]
["S",2,"S",0,{"$f":"IF($C386=1,OFFSET(E386,-1,0)+MAX(1,COUNTIF(QCI!$A$13:$A$36,OFFSET(ORÇAMENTO!E386,-1,0))),OFFSET(E386,-1,0))","v":17},1,0,0,58,0,{"$f":"IF(OR($C386=\"S\",$C386=0),0,MATCH(OFFSET($D386,0,$C386)+IF($C386<>1,1,COUNTIF(QCI!$A$13:$A$36,ORÇAMENTO!E386)),OFFSET($D386,1,$C386,ROW($C$472)-ROW($C386)),0))","v":0},"F","Serviço","Serviço","17.1.0.58.","Composição","COMP109",{"$f":"IF($C386=\"S\",REFERENCIA.Descricao,\"(digite a descrição aqui)\")","v":"TERMINAL PARA ELETROCALHA 100X50CM"},{"$f":"REFERENCIA.Unidade","v":"UN"},{"$f":"OFFSET(CÁLCULO!H$15,ROW($T386)-ROW(T$15),0)","v":1},25.06,"BDI 1",{"$f":"IF($C386=\"S\",ROUND(IF(TIPOORCAMENTO=\"Proposto\",ORÇAMENTO.CustoUnitario*(1+$AH386),ORÇAMENTO.PrecoUnitarioLicitado),15-13*$AF$10),0)","v":31.4},{"$f":"IF($C386=\"S\",IF(OR(Import.TipoArredondamento<>\"TransfereGOV\",ACOMPANHAMENTO=\"BM\"),VTOTAL1,SUM(OFFSET(CÁLCULO!$AI$15,ROW($X386)-ROW($X$15),1):OFFSET(CÁLCULO!$BB$15,ROW($X386)-ROW($X$15),-1))),IF($C386=0,0,ROUND(SomaAgrup,15-13*$AF$11)))","v":31.4},"RA","RA",{"$f":"IF($C386=\"S\",IF($Z386=\"CP\",$X386,IF($Z386=\"RA\",(($X386)*QCI!$AA$3),0)),SomaAgrup)","v":2.7171582933139216},{"$f":"IF($C386=\"S\",IF($Z386=\"OU\",ROUND($X386,2),0),SomaAgrup)","v":0},{"$f":"IF($N386=\"\",\" \",\nIF(AND($C386<>\"S\",OR($R386=\"\",$R386=\"(digite a descrição aqui)\")),\"DESCRIÇÃO\",\nIF(AND($C386=\"S\",OR($Q386<>\"\",$T386>0,$U386>0),$P386=\"\"),\"FONTE\",\nIF(AND($C386=\"S\",$P386<>\"\",OR($T386>0,$U386>0),$Q386=\"\"),\"CÓDIGO\",\nIF(AND($C386=\"S\",$P386<>\"\",$Q386<>\"\",$R386=\"(Código não identificado nas referências)\"),\"CÓDIGO N/ID\",\nIF(AND($C386=\"S\",OR($R386=\"\",$R386=\"(digite a descrição aqui)\"),OR($Q386<>\"\",$T386>0,$U386>0)),\"DESCRIÇÃO\",\nIF(AND($C386=\"S\",$P386<>\"\",$Q386<>\"\",$S386=\"\"),\"UNIDADE\",\nIF(AND($C386=\"S\",$P386<>\"\",$Q386<>\"\",$U386=0),\"SEM CUSTO\",\nIF(AND(TIPOORCAMENTO=\"Licitado\",$AL386=0,$AN386>0),\"SEM PREÇO\",\nIF(AND($C386=\"S\",$P386<>\"\",$Q386<>\"\",$U386>0,AND($V386<>\"BDI 1\",$V386<>\"BDI 2\",$V386<>\"BDI 3\")),IF(ISNUMBER($V386),\"JUSTIFICAR BDI\",\"BDI\"),\nIF(OR(AND(import.recurso=\"OGU\",TIPOORCAMENTO=\"Proposto\",LEFT($O$8,5)<>\"(N/D:\",$AG386<>\"\",ORÇAMENTO.CustoUnitario>$AG386),AND(TIPOORCAMENTO=\"LICITADO\",ORÇAMENTO.PrecoUnitarioLicitado>$AN386)),\"ACIMA REF.\",\nIF(AND($C386=\"S\",$P386<>\"\",$Q386<>\"\",$T386=0,$U386>0),\"QUANT.\",\nIF(AND(Import.TipoArredondamento=\"TransfereGOV\",$L386=\"F\",$C386=\"S\",LEN($Q386)>13),\"Código >13\",\nIF(AND(Import.TipoArredondamento=\"TransfereGOV\",$L386=\"F\",$C386<>\"S\",LEN($R386)>100),\"Descrição >100\",\nIF(AND(Import.TipoArredondamento=\"TransfereGOV\",$L386=\"F\",$C386=\"S\",LEN($R386)>500),\"Descrição >500\",\nIF(AND(Import.TipoArredondamento=\"TransfereGOV\",$L386=\"F\",$C386=\"S\",LEFT(TRIM(UPPER($P386)),6)<>\"SINAPI\",ISNA(VLOOKUP(TRIM(UPPER($S386)),ListaTgov.Unidades,1,FALSE))),\"Unid. Não Disp\",\n\" \"))))))))))))))))","v":" "},{"$f":"IF(C386<=CRONO.NivelExibicao,MAX($AD$15:OFFSET(AD386,-1,0))+IF($C386<>1,1,MAX(1,COUNTIF(QCI!$A$13:$A$36,OFFSET($E386,-1,0)))),\"\")","v":""},{"$f":"IF(AND($C386=\"S\",ORÇAMENTO.CodBarra<>\"\"),IF(ORÇAMENTO.Fonte=\"\",ORÇAMENTO.CodBarra,CONCATENATE(ORÇAMENTO.Fonte,\" \",ORÇAMENTO.CodBarra)))","v":"Composição COMP109"},{"$f":"IF(ISERROR(ORÇAMENTO.BancoRef),\"(abra o arquivo 'Referência \"&Excel_BuiltIn_Database&\".xlsm)\",IF(OR($C386<>\"S\",ORÇAMENTO.CodBarra=\"\"),\"(Sem Código)\",IF(ISERROR(MATCH($AE386,INDIRECT(ORÇAMENTO.BancoRef),0)),\"(Código não identificado nas referências)\",MATCH($AE386,INDIRECT(ORÇAMENTO.BancoRef),0))))","v":111},{"$f":"ROUND(IF(DESONERACAO=\"sim\",REFERENCIA.Desonerado,REFERENCIA.NaoDesonerado),2)","v":25.06},0.25290000000000001,null,null,null,null,31.4,{"$f":"ROUND(ORÇAMENTO.CustoUnitario*(1+$AH386),2)","v":31.4}]
["S",2,"S",0,{"$f":"IF($C387=1,OFFSET(E387,-1,0)+MAX(1,COUNTIF(QCI!$A$13:$A$36,OFFSET(ORÇAMENTO!E387,-1,0))),OFFSET(E387,-1,0))","v":17},1,0,0,59,0,{"$f":"IF(OR($C387=\"S\",$C387=0),0,MATCH(OFFSET($D387,0,$C387)+IF($C387<>1,1,COUNTIF(QCI!$A$13:$A$36,ORÇAMENTO!E387)),OFFSET($D387,1,$C387,ROW($C$472)-ROW($C387)),0))","v":0},"F","Serviço","Serviço","17.1.0.59.","SINAPI","91837",{"$f":"IF($C387=\"S\",REFERENCIA.Descricao,\"(digite a descrição aqui)\")","v":"ELETRODUTO FLEXÍVEL CORRUGADO REFORÇADO, PVC, DN 32 MM (1\"), PARA CIRCUITOS TERMINAIS, INSTALADO EM FORRO - FORNECIMENTO E INSTALAÇÃO. AF_03/2023"},{"$f":"REFERENCIA.Unidade","v":"M"},{"$f":"OFFSET(CÁLCULO!H$15,ROW($T387)-ROW(T$15),0)","v":113.6},24.08,"BDI 1",{"$f":"IF($C387=\"S\",ROUND(IF(TIPOORCAMENTO=\"Proposto\",ORÇAMENTO.CustoUnitario*(1+$AH387),ORÇAMENTO.PrecoUnitarioLicitado),15-13*$AF$10),0)","v":30.17},{"$f":"IF($C387=\"S\",IF(OR(Import.TipoArredondamento<>\"TransfereGOV\",ACOMPANHAMENTO=\"BM\"),VTOTAL1,SUM(OFFSET(CÁLCULO!$AI$15,ROW($X387)-ROW($X$15),1):OFFSET(CÁLCULO!$BB$15,ROW($X387)-ROW($X$15),-1))),IF($C387=0,0,ROUND(SomaAgrup,15-13*$AF$11)))","v":3427.31},"RA","RA",{"$f":"IF($C387=\"S\",IF($Z387=\"CP\",$X387,IF($Z387=\"RA\",(($X387)*QCI!$AA$3),0)),SomaAgrup)","v":296.57782771521454},{"$f":"IF($C387=\"S\",IF($Z387=\"OU\",ROUND($X387,2),0),SomaAgrup)","v":0},{"$f":"IF($N387=\"\",\" \",\nIF(AND($C387<>\"S\",OR($R387=\"\",$R387=\"(digite a descrição aqui)\")),\"DESCRIÇÃO\",\nIF(AND($C387=\"S\",OR($Q387<>\"\",$T387>0,$U387>0),$P387=\"\"),\"FONTE\",\nIF(AND($C387=\"S\",$P387<>\"\",OR($T387>0,$U387>0),$Q387=\"\"),\"CÓDIGO\",\nIF(AND($C387=\"S\",$P387<>\"\",$Q387<>\"\",$R387=\"(Código não identificado nas referências)\"),\"CÓDIGO N/ID\",\nIF(AND($C387=\"S\",OR($R387=\"\",$R387=\"(digite a descrição aqui)\"),OR($Q387<>\"\",$T387>0,$U387>0)),\"DESCRIÇÃO\",\nIF(AND($C387=\"S\",$P387<>\"\",$Q387<>\"\",$S387=\"\"),\"UNIDADE\",\nIF(AND($C387=\"S\",$P387<>\"\",$Q387<>\"\",$U387=0),\"SEM CUSTO\",\nIF(AND(TIPOORCAMENTO=\"Licitado\",$AL387=0,$AN387>0),\"SEM PREÇO\",\nIF(AND($C387=\"S\",$P387<>\"\",$Q387<>\"\",$U387>0,AND($V387<>\"BDI 1\",$V387<>\"BDI 2\",$V387<>\"BDI 3\")),IF(ISNUMBER($V387),\"JUSTIFICAR BDI\",\"BDI\"),\nIF(OR(AND(import.recurso=\"OGU\",TIPOORCAMENTO=\"Proposto\",LEFT($O$8,5)<>\"(N/D:\",$AG387<>\"\",ORÇAMENTO.CustoUnitario>$AG387),AND(TIPOORCAMENTO=\"LICITADO\",ORÇAMENTO.PrecoUnitarioLicitado>$AN387)),\"ACIMA REF.\",\nIF(AND($C387=\"S\",$P387<>\"\",$Q387<>\"\",$T387=0,$U387>0),\"QUANT.\",\nIF(AND(Import.TipoArredondamento=\"TransfereGOV\",$L387=\"F\",$C387=\"S\",LEN($Q387)>13),\"Código >13\",\nIF(AND(Import.TipoArredondamento=\"TransfereGOV\",$L387=\"F\",$C387<>\"S\",LEN($R387)>100),\"Descrição >100\",\nIF(AND(Import.TipoArredondamento=\"TransfereGOV\",$L387=\"F\",$C387=\"S\",LEN($R387)>500),\"Descrição >500\",\nIF(AND(Import.TipoArredondamento=\"TransfereGOV\",$L387=\"F\",$C387=\"S\",LEFT(TRIM(UPPER($P387)),6)<>\"SINAPI\",ISNA(VLOOKUP(TRIM(UPPER($S387)),ListaTgov.Unidades,1,FALSE))),\"Unid. Não Disp\",\n\" \"))))))))))))))))","v":" "},{"$f":"IF(C387<=CRONO.NivelExibicao,MAX($AD$15:OFFSET(AD387,-1,0))+IF($C387<>1,1,MAX(1,COUNTIF(QCI!$A$13:$A$36,OFFSET($E387,-1,0)))),\"\")","v":""},{"$f":"IF(AND($C387=\"S\",ORÇAMENTO.CodBarra<>\"\"),IF(ORÇAMENTO.Fonte=\"\",ORÇAMENTO.CodBarra,CONCATENATE(ORÇAMENTO.Fonte,\" \",ORÇAMENTO.CodBarra)))","v":"SINAPI 91837"},{"$f":"IF(ISERROR(ORÇAMENTO.BancoRef),\"(abra o arquivo 'Referência \"&Excel_BuiltIn_Database&\".xlsm)\",IF(OR($C387<>\"S\",ORÇAMENTO.CodBarra=\"\"),\"(Sem Código)\",IF(ISERROR(MATCH($AE387,INDIRECT(ORÇAMENTO.BancoRef),0)),\"(Código não identificado nas referências)\",MATCH($AE387,INDIRECT(ORÇAMENTO.BancoRef),0))))","v":10702},{"$f":"ROUND(IF(DESONERACAO=\"sim\",REFERENCIA.Desonerado,REFERENCIA.NaoDesonerado),2)","v":24.08},0.25290000000000001,null,null,null,null,3427.31,{"$f":"ROUND(ORÇAMENTO.CustoUnitario*(1+$AH387),2)","v":30.17}]
["S",2,"S",0,{"$f":"IF($C388=1,OFFSET(E388,-1,0)+MAX(1,COUNTIF(QCI!$A$13:$A$36,OFFSET(ORÇAMENTO!E388,-1,0))),OFFSET(E388,-1,0))","v":17},1,0,0,60,0,{"$f":"IF(OR($C388=\"S\",$C388=0),0,MATCH(OFFSET($D388,0,$C388)+IF($C388<>1,1,COUNTIF(QCI!$A$13:$A$36,ORÇAMENTO!E388)),OFFSET($D388,1,$C388,ROW($C$472)-ROW($C388)),0))","v":0},"F","Serviço","Serviço","17.1.0.60.","SINAPI","91835",{"$f":"IF($C388=\"S\",REFERENCIA.Descricao,\"(digite a descrição aqui)\")","v":"ELETRODUTO FLEXÍVEL CORRUGADO REFORÇADO, PVC, DN 25 MM (3/4\"), PARA CIRCUITOS TERMINAIS, INSTALADO EM FORRO - FORNECIMENTO E INSTALAÇÃO. AF_03/2023"},{"$f":"REFERENCIA.Unidade","v":"M"},{"$f":"OFFSET(CÁLCULO!H$15,ROW($T388)-ROW(T$15),0)","v":1099.5999999999999},19.100000000000001,"BDI 1",{"$f":"IF($C388=\"S\",ROUND(IF(TIPOORCAMENTO=\"Proposto\",ORÇAMENTO.CustoUnitario*(1+$AH388),ORÇAMENTO.PrecoUnitarioLicitado),15-13*$AF$10),0)","v":23.93},{"$f":"IF($C388=\"S\",IF(OR(Import.TipoArredondamento<>\"TransfereGOV\",ACOMPANHAMENTO=\"BM\"),VTOTAL1,SUM(OFFSET(CÁLCULO!$AI$15,ROW($X388)-ROW($X$15),1):OFFSET(CÁLCULO!$BB$15,ROW($X388)-ROW($X$15),-1))),IF($C388=0,0,ROUND(SomaAgrup,15-13*$AF$11)))","v":26313.43},"RA","RA",{"$f":"IF($C388=\"S\",IF($Z388=\"CP\",$X388,IF($Z388=\"RA\",(($X388)*QCI!$AA$3),0)),SomaAgrup)","v":2276.9985525488964},{"$f":"IF($C388=\"S\",IF($Z388=\"OU\",ROUND($X388,2),0),SomaAgrup)","v":0},{"$f":"IF($N388=\"\",\" \",\nIF(AND($C388<>\"S\",OR($R388=\"\",$R388=\"(digite a descrição aqui)\")),\"DESCRIÇÃO\",\nIF(AND($C388=\"S\",OR($Q388<>\"\",$T388>0,$U388>0),$P388=\"\"),\"FONTE\",\nIF(AND($C388=\"S\",$P388<>\"\",OR($T388>0,$U388>0),$Q388=\"\"),\"CÓDIGO\",\nIF(AND($C388=\"S\",$P388<>\"\",$Q388<>\"\",$R388=\"(Código não identificado nas referências)\"),\"CÓDIGO N/ID\",\nIF(AND($C388=\"S\",OR($R388=\"\",$R388=\"(digite a descrição aqui)\"),OR($Q388<>\"\",$T388>0,$U388>0)),\"DESCRIÇÃO\",\nIF(AND($C388=\"S\",$P388<>\"\",$Q388<>\"\",$S388=\"\"),\"UNIDADE\",\nIF(AND($C388=\"S\",$P388<>\"\",$Q388<>\"\",$U388=0),\"SEM CUSTO\",\nIF(AND(TIPOORCAMENTO=\"Licitado\",$AL388=0,$AN388>0),\"SEM PREÇO\",\nIF(AND($C388=\"S\",$P388<>\"\",$Q388<>\"\",$U388>0,AND($V388<>\"BDI 1\",$V388<>\"BDI 2\",$V388<>\"BDI 3\")),IF(ISNUMBER($V388),\"JUSTIFICAR BDI\",\"BDI\"),\nIF(OR(AND(import.recurso=\"OGU\",TIPOORCAMENTO=\"Proposto\",LEFT($O$8,5)<>\"(N/D:\",$AG388<>\"\",ORÇAMENTO.CustoUnitario>$AG388),AND(TIPOORCAMENTO=\"LICITADO\",ORÇAMENTO.PrecoUnitarioLicitado>$AN388)),\"ACIMA REF.\",\nIF(AND($C388=\"S\",$P388<>\"\",$Q388<>\"\",$T388=0,$U388>0),\"QUANT.\",\nIF(AND(Import.TipoArredondamento=\"TransfereGOV\",$L388=\"F\",$C388=\"S\",LEN($Q388)>13),\"Código >13\",\nIF(AND(Import.TipoArredondamento=\"TransfereGOV\",$L388=\"F\",$C388<>\"S\",LEN($R388)>100),\"Descrição >100\",\nIF(AND(Import.TipoArredondamento=\"TransfereGOV\",$L388=\"F\",$C388=\"S\",LEN($R388)>500),\"Descrição >500\",\nIF(AND(Import.TipoArredondamento=\"TransfereGOV\",$L388=\"F\",$C388=\"S\",LEFT(TRIM(UPPER($P388)),6)<>\"SINAPI\",ISNA(VLOOKUP(TRIM(UPPER($S388)),ListaTgov.Unidades,1,FALSE))),\"Unid. Não Disp\",\n\" \"))))))))))))))))","v":" "},{"$f":"IF(C388<=CRONO.NivelExibicao,MAX($AD$15:OFFSET(AD388,-1,0))+IF($C388<>1,1,MAX(1,COUNTIF(QCI!$A$13:$A$36,OFFSET($E388,-1,0)))),\"\")","v":""},{"$f":"IF(AND($C388=\"S\",ORÇAMENTO.CodBarra<>\"\"),IF(ORÇAMENTO.Fonte=\"\",ORÇAMENTO.CodBarra,CONCATENATE(ORÇAMENTO.Fonte,\" \",ORÇAMENTO.CodBarra)))","v":"SINAPI 91835"},{"$f":"IF(ISERROR(ORÇAMENTO.BancoRef),\"(abra o arquivo 'Referência \"&Excel_BuiltIn_Database&\".xlsm)\",IF(OR($C388<>\"S\",ORÇAMENTO.CodBarra=\"\"),\"(Sem Código)\",IF(ISERROR(MATCH($AE388,INDIRECT(ORÇAMENTO.BancoRef),0)),\"(Código não identificado nas referências)\",MATCH($AE388,INDIRECT(ORÇAMENTO.BancoRef),0))))","v":10699},{"$f":"ROUND(IF(DESONERACAO=\"sim\",REFERENCIA.Desonerado,REFERENCIA.NaoDesonerado),2)","v":19.100000000000001},0.25290000000000001,null,null,null,null,26313.43,{"$f":"ROUND(ORÇAMENTO.CustoUnitario*(1+$AH388),2)","v":23.93}]
["S",2,"S",0,{"$f":"IF($C389=1,OFFSET(E389,-1,0)+MAX(1,COUNTIF(QCI!$A$13:$A$36,OFFSET(ORÇAMENTO!E389,-1,0))),OFFSET(E389,-1,0))","v":17},1,0,0,61,0,{"$f":"IF(OR($C389=\"S\",$C389=0),0,MATCH(OFFSET($D389,0,$C389)+IF($C389<>1,1,COUNTIF(QCI!$A$13:$A$36,ORÇAMENTO!E389)),OFFSET($D389,1,$C389,ROW($C$472)-ROW($C389)),0))","v":0},"F","Serviço","Serviço","17.1.0.61.","SINAPI","93008",{"$f":"IF($C389=\"S\",REFERENCIA.Descricao,\"(digite a descrição aqui)\")","v":"ELETRODUTO RÍGIDO ROSCÁVEL, PVC, DN 50 MM (1 1/2\"), PARA REDE ENTERRADA DE DISTRIBUIÇÃO DE ENERGIA ELÉTRICA - FORNECIMENTO E INSTALAÇÃO. AF_12/2021"},{"$f":"REFERENCIA.Unidade","v":"M"},{"$f":"OFFSET(CÁLCULO!H$15,ROW($T389)-ROW(T$15),0)","v":42.9},18.93,"BDI 1",{"$f":"IF($C389=\"S\",ROUND(IF(TIPOORCAMENTO=\"Proposto\",ORÇAMENTO.CustoUnitario*(1+$AH389),ORÇAMENTO.PrecoUnitarioLicitado),15-13*$AF$10),0)","v":23.72},{"$f":"IF($C389=\"S\",IF(OR(Import.TipoArredondamento<>\"TransfereGOV\",ACOMPANHAMENTO=\"BM\"),VTOTAL1,SUM(OFFSET(CÁLCULO!$AI$15,ROW($X389)-ROW($X$15),1):OFFSET(CÁLCULO!$BB$15,ROW($X389)-ROW($X$15),-1))),IF($C389=0,0,ROUND(SomaAgrup,15-13*$AF$11)))","v":1017.59},"RA","RA",{"$f":"IF($C389=\"S\",IF($Z389=\"CP\",$X389,IF($Z389=\"RA\",(($X389)*QCI!$AA$3),0)),SomaAgrup)","v":88.055831455201073},{"$f":"IF($C389=\"S\",IF($Z389=\"OU\",ROUND($X389,2),0),SomaAgrup)","v":0},{"$f":"IF($N389=\"\",\" \",\nIF(AND($C389<>\"S\",OR($R389=\"\",$R389=\"(digite a descrição aqui)\")),\"DESCRIÇÃO\",\nIF(AND($C389=\"S\",OR($Q389<>\"\",$T389>0,$U389>0),$P389=\"\"),\"FONTE\",\nIF(AND($C389=\"S\",$P389<>\"\",OR($T389>0,$U389>0),$Q389=\"\"),\"CÓDIGO\",\nIF(AND($C389=\"S\",$P389<>\"\",$Q389<>\"\",$R389=\"(Código não identificado nas referências)\"),\"CÓDIGO N/ID\",\nIF(AND($C389=\"S\",OR($R389=\"\",$R389=\"(digite a descrição aqui)\"),OR($Q389<>\"\",$T389>0,$U389>0)),\"DESCRIÇÃO\",\nIF(AND($C389=\"S\",$P389<>\"\",$Q389<>\"\",$S389=\"\"),\"UNIDADE\",\nIF(AND($C389=\"S\",$P389<>\"\",$Q389<>\"\",$U389=0),\"SEM CUSTO\",\nIF(AND(TIPOORCAMENTO=\"Licitado\",$AL389=0,$AN389>0),\"SEM PREÇO\",\nIF(AND($C389=\"S\",$P389<>\"\",$Q389<>\"\",$U389>0,AND($V389<>\"BDI 1\",$V389<>\"BDI 2\",$V389<>\"BDI 3\")),IF(ISNUMBER($V389),\"JUSTIFICAR BDI\",\"BDI\"),\nIF(OR(AND(import.recurso=\"OGU\",TIPOORCAMENTO=\"Proposto\",LEFT($O$8,5)<>\"(N/D:\",$AG389<>\"\",ORÇAMENTO.CustoUnitario>$AG389),AND(TIPOORCAMENTO=\"LICITADO\",ORÇAMENTO.PrecoUnitarioLicitado>$AN389)),\"ACIMA REF.\",\nIF(AND($C389=\"S\",$P389<>\"\",$Q389<>\"\",$T389=0,$U389>0),\"QUANT.\",\nIF(AND(Import.TipoArredondamento=\"TransfereGOV\",$L389=\"F\",$C389=\"S\",LEN($Q389)>13),\"Código >13\",\nIF(AND(Import.TipoArredondamento=\"TransfereGOV\",$L389=\"F\",$C389<>\"S\",LEN($R389)>100),\"Descrição >100\",\nIF(AND(Import.TipoArredondamento=\"TransfereGOV\",$L389=\"F\",$C389=\"S\",LEN($R389)>500),\"Descrição >500\",\nIF(AND(Import.TipoArredondamento=\"TransfereGOV\",$L389=\"F\",$C389=\"S\",LEFT(TRIM(UPPER($P389)),6)<>\"SINAPI\",ISNA(VLOOKUP(TRIM(UPPER($S389)),ListaTgov.Unidades,1,FALSE))),\"Unid. Não Disp\",\n\" \"))))))))))))))))","v":" "},{"$f":"IF(C389<=CRONO.NivelExibicao,MAX($AD$15:OFFSET(AD389,-1,0))+IF($C389<>1,1,MAX(1,COUNTIF(QCI!$A$13:$A$36,OFFSET($E389,-1,0)))),\"\")","v":""},{"$f":"IF(AND($C389=\"S\",ORÇAMENTO.CodBarra<>\"\"),IF(ORÇAMENTO.Fonte=\"\",ORÇAMENTO.CodBarra,CONCATENATE(ORÇAMENTO.Fonte,\" \",ORÇAMENTO.CodBarra)))","v":"SINAPI 93008"},{"$f":"IF(ISERROR(ORÇAMENTO.BancoRef),\"(abra o arquivo 'Referência \"&Excel_BuiltIn_Database&\".xlsm)\",IF(OR($C389<>\"S\",ORÇAMENTO.CodBarra=\"\"),\"(Sem Código)\",IF(ISERROR(MATCH($AE389,INDIRECT(ORÇAMENTO.BancoRef),0)),\"(Código não identificado nas referências)\",MATCH($AE389,INDIRECT(ORÇAMENTO.BancoRef),0))))","v":14874},{"$f":"ROUND(IF(DESONERACAO=\"sim\",REFERENCIA.Desonerado,REFERENCIA.NaoDesonerado),2)","v":18.93},0.25290000000000001,null,null,null,null,1017.59,{"$f":"ROUND(ORÇAMENTO.CustoUnitario*(1+$AH389),2)","v":23.72}]
[{"$f":"CHOOSE(1+LOG(1+2*(ORÇAMENTO.Nivel=\"Meta\")+4*(ORÇAMENTO.Nivel=\"Nível 2\")+8*(ORÇAMENTO.Nivel=\"Nível 3\")+16*(ORÇAMENTO.Nivel=\"Nível 4\")+32*(ORÇAMENTO.Nivel=\"Serviço\"),2),0,1,2,3,4,\"S\")","v":"S"},2,"S",0,{"$f":"IF($C390=1,OFFSET(E390,-1,0)+MAX(1,COUNTIF(QCI!$A$13:$A$36,OFFSET(ORÇAMENTO!E390,-1,0))),OFFSET(E390,-1,0))","v":17},1,0,0,62,0,{"$f":"IF(OR($C390=\"S\",$C390=0),0,MATCH(OFFSET($D390,0,$C390)+IF($C390<>1,1,COUNTIF(QCI!$A$13:$A$36,ORÇAMENTO!E390)),OFFSET($D390,1,$C390,ROW($C$472)-ROW($C390)),0))","v":0},"F","Serviço","Serviço","17.1.0.62.","SINAPI","91865",{"$f":"IF($C390=\"S\",REFERENCIA.Descricao,\"(digite a descrição aqui)\")","v":"ELETRODUTO RÍGIDO ROSCÁVEL, PVC, DN 40 MM (1 1/4\"), PARA CIRCUITOS TERMINAIS, INSTALADO EM FORRO - FORNECIMENTO E INSTALAÇÃO. AF_03/2023"},{"$f":"REFERENCIA.Unidade","v":"M"},{"$f":"OFFSET(CÁLCULO!H$15,ROW($T390)-ROW(T$15),0)","v":133.19999999999999},19.47,"BDI 1",{"$f":"IF($C390=\"S\",ROUND(IF(TIPOORCAMENTO=\"Proposto\",ORÇAMENTO.CustoUnitario*(1+$AH390),ORÇAMENTO.PrecoUnitarioLicitado),15-13*$AF$10),0)","v":24.39},{"$f":"IF($C390=\"S\",IF(OR(Import.TipoArredondamento<>\"TransfereGOV\",ACOMPANHAMENTO=\"BM\"),VTOTAL1,SUM(OFFSET(CÁLCULO!$AI$15,ROW($X390)-ROW($X$15),1):OFFSET(CÁLCULO!$BB$15,ROW($X390)-ROW($X$15),-1))),IF($C390=0,0,ROUND(SomaAgrup,15-13*$AF$11)))","v":3248.75},"RA","RA",{"$f":"IF($C390=\"S\",IF($Z390=\"CP\",$X390,IF($Z390=\"RA\",(($X390)*QCI!$AA$3),0)),SomaAgrup)","v":281.12636959884082},{"$f":"IF($C390=\"S\",IF($Z390=\"OU\",ROUND($X390,2),0),SomaAgrup)","v":0},{"$f":"IF($N390=\"\",\" \",\nIF(AND($C390<>\"S\",OR($R390=\"\",$R390=\"(digite a descrição aqui)\")),\"DESCRIÇÃO\",\nIF(AND($C390=\"S\",OR($Q390<>\"\",$T390>0,$U390>0),$P390=\"\"),\"FONTE\",\nIF(AND($C390=\"S\",$P390<>\"\",OR($T390>0,$U390>0),$Q390=\"\"),\"CÓDIGO\",\nIF(AND($C390=\"S\",$P390<>\"\",$Q390<>\"\",$R390=\"(Código não identificado nas referências)\"),\"CÓDIGO N/ID\",\nIF(AND($C390=\"S\",OR($R390=\"\",$R390=\"(digite a descrição aqui)\"),OR($Q390<>\"\",$T390>0,$U390>0)),\"DESCRIÇÃO\",\nIF(AND($C390=\"S\",$P390<>\"\",$Q390<>\"\",$S390=\"\"),\"UNIDADE\",\nIF(AND($C390=\"S\",$P390<>\"\",$Q390<>\"\",$U390=0),\"SEM CUSTO\",\nIF(AND(TIPOORCAMENTO=\"Licitado\",$AL390=0,$AN390>0),\"SEM PREÇO\",\nIF(AND($C390=\"S\",$P390<>\"\",$Q390<>\"\",$U390>0,AND($V390<>\"BDI 1\",$V390<>\"BDI 2\",$V390<>\"BDI 3\")),IF(ISNUMBER($V390),\"JUSTIFICAR BDI\",\"BDI\"),\nIF(OR(AND(import.recurso=\"OGU\",TIPOORCAMENTO=\"Proposto\",LEFT($O$8,5)<>\"(N/D:\",$AG390<>\"\",ORÇAMENTO.CustoUnitario>$AG390),AND(TIPOORCAMENTO=\"LICITADO\",ORÇAMENTO.PrecoUnitarioLicitado>$AN390)),\"ACIMA REF.\",\nIF(AND($C390=\"S\",$P390<>\"\",$Q390<>\"\",$T390=0,$U390>0),\"QUANT.\",\nIF(AND(Import.TipoArredondamento=\"TransfereGOV\",$L390=\"F\",$C390=\"S\",LEN($Q390)>13),\"Código >13\",\nIF(AND(Import.TipoArredondamento=\"TransfereGOV\",$L390=\"F\",$C390<>\"S\",LEN($R390)>100),\"Descrição >100\",\nIF(AND(Import.TipoArredondamento=\"TransfereGOV\",$L390=\"F\",$C390=\"S\",LEN($R390)>500),\"Descrição >500\",\nIF(AND(Import.TipoArredondamento=\"TransfereGOV\",$L390=\"F\",$C390=\"S\",LEFT(TRIM(UPPER($P390)),6)<>\"SINAPI\",ISNA(VLOOKUP(TRIM(UPPER($S390)),ListaTgov.Unidades,1,FALSE))),\"Unid. Não Disp\",\n\" \"))))))))))))))))","v":" "},{"$f":"IF(C390<=CRONO.NivelExibicao,MAX($AD$15:OFFSET(AD390,-1,0))+IF($C390<>1,1,MAX(1,COUNTIF(QCI!$A$13:$A$36,OFFSET($E390,-1,0)))),\"\")","v":""},{"$f":"IF(AND($C390=\"S\",ORÇAMENTO.CodBarra<>\"\"),IF(ORÇAMENTO.Fonte=\"\",ORÇAMENTO.CodBarra,CONCATENATE(ORÇAMENTO.Fonte,\" \",ORÇAMENTO.CodBarra)))","v":"SINAPI 91865"},{"$f":"IF(ISERROR(ORÇAMENTO.BancoRef),\"(abra o arquivo 'Referência \"&Excel_BuiltIn_Database&\".xlsm)\",IF(OR($C390<>\"S\",ORÇAMENTO.CodBarra=\"\"),\"(Sem Código)\",IF(ISERROR(MATCH($AE390,INDIRECT(ORÇAMENTO.BancoRef),0)),\"(Código não identificado nas referências)\",MATCH($AE390,INDIRECT(ORÇAMENTO.BancoRef),0))))","v":10732},{"$f":"ROUND(IF(DESONERACAO=\"sim\",REFERENCIA.Desonerado,REFERENCIA.NaoDesonerado),2)","v":19.47},{"$f":"ROUND(IF(ISNUMBER(ORÇAMENTO.OpcaoBDI),ORÇAMENTO.OpcaoBDI,IF(LEFT(ORÇAMENTO.OpcaoBDI,3)=\"BDI\",HLOOKUP(ORÇAMENTO.OpcaoBDI,$F$4:$H$5,2,FALSE),0)),15-11*$AF$9)","v":0.25290000000000001},null,null,null,null,3248.75,{"$f":"ROUND(ORÇAMENTO.CustoUnitario*(1+$AH390),2)","v":24.39}]
[{"$f":"CHOOSE(1+LOG(1+2*(ORÇAMENTO.Nivel=\"Meta\")+4*(ORÇAMENTO.Nivel=\"Nível 2\")+8*(ORÇAMENTO.Nivel=\"Nível 3\")+16*(ORÇAMENTO.Nivel=\"Nível 4\")+32*(ORÇAMENTO.Nivel=\"Serviço\"),2),0,1,2,3,4,\"S\")","v":"S"},2,"S",0,{"$f":"IF($C391=1,OFFSET(E391,-1,0)+MAX(1,COUNTIF(QCI!$A$13:$A$36,OFFSET(ORÇAMENTO!E391,-1,0))),OFFSET(E391,-1,0))","v":17},1,0,0,63,0,{"$f":"IF(OR($C391=\"S\",$C391=0),0,MATCH(OFFSET($D391,0,$C391)+IF($C391<>1,1,COUNTIF(QCI!$A$13:$A$36,ORÇAMENTO!E391)),OFFSET($D391,1,$C391,ROW($C$472)-ROW($C391)),0))","v":0},"F","Serviço","Serviço","17.1.0.63.","SINAPI","93009",{"$f":"IF($C391=\"S\",REFERENCIA.Descricao,\"(digite a descrição aqui)\")","v":"ELETRODUTO RÍGIDO ROSCÁVEL, PVC, DN 60 MM (2\"), PARA REDE ENTERRADA DE DISTRIBUIÇÃO DE ENERGIA ELÉTRICA - FORNECIMENTO E INSTALAÇÃO. AF_12/2021"},{"$f":"REFERENCIA.Unidade","v":"M"},{"$f":"OFFSET(CÁLCULO!H$15,ROW($T391)-ROW(T$15),0)","v":41.4},28.1,"BDI 1",{"$f":"IF($C391=\"S\",ROUND(IF(TIPOORCAMENTO=\"Proposto\",ORÇAMENTO.CustoUnitario*(1+$AH391),ORÇAMENTO.PrecoUnitarioLicitado),15-13*$AF$10),0)","v":35.21},{"$f":"IF($C391=\"S\",IF(OR(Import.TipoArredondamento<>\"TransfereGOV\",ACOMPANHAMENTO=\"BM\"),VTOTAL1,SUM(OFFSET(CÁLCULO!$AI$15,ROW($X391)-ROW($X$15),1):OFFSET(CÁLCULO!$BB$15,ROW($X391)-ROW($X$15),-1))),IF($C391=0,0,ROUND(SomaAgrup,15-13*$AF$11)))","v":1457.69},"RA","RA",{"$f":"IF($C391=\"S\",IF($Z391=\"CP\",$X391,IF($Z391=\"RA\",(($X391)*QCI!$AA$3),0)),SomaAgrup)","v":126.13931441340033},{"$f":"IF($C391=\"S\",IF($Z391=\"OU\",ROUND($X391,2),0),SomaAgrup)","v":0},{"$f":"IF($N391=\"\",\" \",\nIF(AND($C391<>\"S\",OR($R391=\"\",$R391=\"(digite a descrição aqui)\")),\"DESCRIÇÃO\",\nIF(AND($C391=\"S\",OR($Q391<>\"\",$T391>0,$U391>0),$P391=\"\"),\"FONTE\",\nIF(AND($C391=\"S\",$P391<>\"\",OR($T391>0,$U391>0),$Q391=\"\"),\"CÓDIGO\",\nIF(AND($C391=\"S\",$P391<>\"\",$Q391<>\"\",$R391=\"(Código não identificado nas referências)\"),\"CÓDIGO N/ID\",\nIF(AND($C391=\"S\",OR($R391=\"\",$R391=\"(digite a descrição aqui)\"),OR($Q391<>\"\",$T391>0,$U391>0)),\"DESCRIÇÃO\",\nIF(AND($C391=\"S\",$P391<>\"\",$Q391<>\"\",$S391=\"\"),\"UNIDADE\",\nIF(AND($C391=\"S\",$P391<>\"\",$Q391<>\"\",$U391=0),\"SEM CUSTO\",\nIF(AND(TIPOORCAMENTO=\"Licitado\",$AL391=0,$AN391>0),\"SEM PREÇO\",\nIF(AND($C391=\"S\",$P391<>\"\",$Q391<>\"\",$U391>0,AND($V391<>\"BDI 1\",$V391<>\"BDI 2\",$V391<>\"BDI 3\")),IF(ISNUMBER($V391),\"JUSTIFICAR BDI\",\"BDI\"),\nIF(OR(AND(import.recurso=\"OGU\",TIPOORCAMENTO=\"Proposto\",LEFT($O$8,5)<>\"(N/D:\",$AG391<>\"\",ORÇAMENTO.CustoUnitario>$AG391),AND(TIPOORCAMENTO=\"LICITADO\",ORÇAMENTO.PrecoUnitarioLicitado>$AN391)),\"ACIMA REF.\",\nIF(AND($C391=\"S\",$P391<>\"\",$Q391<>\"\",$T391=0,$U391>0),\"QUANT.\",\nIF(AND(Import.TipoArredondamento=\"TransfereGOV\",$L391=\"F\",$C391=\"S\",LEN($Q391)>13),\"Código >13\",\nIF(AND(Import.TipoArredondamento=\"TransfereGOV\",$L391=\"F\",$C391<>\"S\",LEN($R391)>100),\"Descrição >100\",\nIF(AND(Import.TipoArredondamento=\"TransfereGOV\",$L391=\"F\",$C391=\"S\",LEN($R391)>500),\"Descrição >500\",\nIF(AND(Import.TipoArredondamento=\"TransfereGOV\",$L391=\"F\",$C391=\"S\",LEFT(TRIM(UPPER($P391)),6)<>\"SINAPI\",ISNA(VLOOKUP(TRIM(UPPER($S391)),ListaTgov.Unidades,1,FALSE))),\"Unid. Não Disp\",\n\" \"))))))))))))))))","v":" "},{"$f":"IF(C391<=CRONO.NivelExibicao,MAX($AD$15:OFFSET(AD391,-1,0))+IF($C391<>1,1,MAX(1,COUNTIF(QCI!$A$13:$A$36,OFFSET($E391,-1,0)))),\"\")","v":""},{"$f":"IF(AND($C391=\"S\",ORÇAMENTO.CodBarra<>\"\"),IF(ORÇAMENTO.Fonte=\"\",ORÇAMENTO.CodBarra,CONCATENATE(ORÇAMENTO.Fonte,\" \",ORÇAMENTO.CodBarra)))","v":"SINAPI 93009"},{"$f":"IF(ISERROR(ORÇAMENTO.BancoRef),\"(abra o arquivo 'Referência \"&Excel_BuiltIn_Database&\".xlsm)\",IF(OR($C391<>\"S\",ORÇAMENTO.CodBarra=\"\"),\"(Sem Código)\",IF(ISERROR(MATCH($AE391,INDIRECT(ORÇAMENTO.BancoRef),0)),\"(Código não identificado nas referências)\",MATCH($AE391,INDIRECT(ORÇAMENTO.BancoRef),0))))","v":14875},{"$f":"ROUND(IF(DESONERACAO=\"sim\",REFERENCIA.Desonerado,REFERENCIA.NaoDesonerado),2)","v":28.1},{"$f":"ROUND(IF(ISNUMBER(ORÇAMENTO.OpcaoBDI),ORÇAMENTO.OpcaoBDI,IF(LEFT(ORÇAMENTO.OpcaoBDI,3)=\"BDI\",HLOOKUP(ORÇAMENTO.OpcaoBDI,$F$4:$H$5,2,FALSE),0)),15-11*$AF$9)","v":0.25290000000000001},null,null,null,null,1457.69,{"$f":"ROUND(ORÇAMENTO.CustoUnitario*(1+$AH391),2)","v":35.21}]
["S",2,"S",0,{"$f":"IF($C392=1,OFFSET(E392,-1,0)+MAX(1,COUNTIF(QCI!$A$13:$A$36,OFFSET(ORÇAMENTO!E392,-1,0))),OFFSET(E392,-1,0))","v":17},1,0,0,64,0,{"$f":"IF(OR($C392=\"S\",$C392=0),0,MATCH(OFFSET($D392,0,$C392)+IF($C392<>1,1,COUNTIF(QCI!$A$13:$A$36,ORÇAMENTO!E392)),OFFSET($D392,1,$C392,ROW($C$472)-ROW($C392)),0))","v":0},"F","Serviço","Serviço","17.1.0.64.","Composição","COMP110",{"$f":"IF($C392=\"S\",REFERENCIA.Descricao,\"(digite a descrição aqui)\")","v":"ELETRODUTO GALVANIZADO CONFORME NBR13057 -  1 1/4´ COM ACESSÓRIOS"},{"$f":"REFERENCIA.Unidade","v":"M"},{"$f":"OFFSET(CÁLCULO!H$15,ROW($T392)-ROW(T$15),0)","v":1},70.59,"BDI 1",{"$f":"IF($C392=\"S\",ROUND(IF(TIPOORCAMENTO=\"Proposto\",ORÇAMENTO.CustoUnitario*(1+$AH392),ORÇAMENTO.PrecoUnitarioLicitado),15-13*$AF$10),0)","v":88.44},{"$f":"IF($C392=\"S\",IF(OR(Import.TipoArredondamento<>\"TransfereGOV\",ACOMPANHAMENTO=\"BM\"),VTOTAL1,SUM(OFFSET(CÁLCULO!$AI$15,ROW($X392)-ROW($X$15),1):OFFSET(CÁLCULO!$BB$15,ROW($X392)-ROW($X$15),-1))),IF($C392=0,0,ROUND(SomaAgrup,15-13*$AF$11)))","v":88.44},"RA","RA",{"$f":"IF($C392=\"S\",IF($Z392=\"CP\",$X392,IF($Z392=\"RA\",(($X392)*QCI!$AA$3),0)),SomaAgrup)","v":7.6530407471555169},{"$f":"IF($C392=\"S\",IF($Z392=\"OU\",ROUND($X392,2),0),SomaAgrup)","v":0},{"$f":"IF($N392=\"\",\" \",\nIF(AND($C392<>\"S\",OR($R392=\"\",$R392=\"(digite a descrição aqui)\")),\"DESCRIÇÃO\",\nIF(AND($C392=\"S\",OR($Q392<>\"\",$T392>0,$U392>0),$P392=\"\"),\"FONTE\",\nIF(AND($C392=\"S\",$P392<>\"\",OR($T392>0,$U392>0),$Q392=\"\"),\"CÓDIGO\",\nIF(AND($C392=\"S\",$P392<>\"\",$Q392<>\"\",$R392=\"(Código não identificado nas referências)\"),\"CÓDIGO N/ID\",\nIF(AND($C392=\"S\",OR($R392=\"\",$R392=\"(digite a descrição aqui)\"),OR($Q392<>\"\",$T392>0,$U392>0)),\"DESCRIÇÃO\",\nIF(AND($C392=\"S\",$P392<>\"\",$Q392<>\"\",$S392=\"\"),\"UNIDADE\",\nIF(AND($C392=\"S\",$P392<>\"\",$Q392<>\"\",$U392=0),\"SEM CUSTO\",\nIF(AND(TIPOORCAMENTO=\"Licitado\",$AL392=0,$AN392>0),\"SEM PREÇO\",\nIF(AND($C392=\"S\",$P392<>\"\",$Q392<>\"\",$U392>0,AND($V392<>\"BDI 1\",$V392<>\"BDI 2\",$V392<>\"BDI 3\")),IF(ISNUMBER($V392),\"JUSTIFICAR BDI\",\"BDI\"),\nIF(OR(AND(import.recurso=\"OGU\",TIPOORCAMENTO=\"Proposto\",LEFT($O$8,5)<>\"(N/D:\",$AG392<>\"\",ORÇAMENTO.CustoUnitario>$AG392),AND(TIPOORCAMENTO=\"LICITADO\",ORÇAMENTO.PrecoUnitarioLicitado>$AN392)),\"ACIMA REF.\",\nIF(AND($C392=\"S\",$P392<>\"\",$Q392<>\"\",$T392=0,$U392>0),\"QUANT.\",\nIF(AND(Import.TipoArredondamento=\"TransfereGOV\",$L392=\"F\",$C392=\"S\",LEN($Q392)>13),\"Código >13\",\nIF(AND(Import.TipoArredondamento=\"TransfereGOV\",$L392=\"F\",$C392<>\"S\",LEN($R392)>100),\"Descrição >100\",\nIF(AND(Import.TipoArredondamento=\"TransfereGOV\",$L392=\"F\",$C392=\"S\",LEN($R392)>500),\"Descrição >500\",\nIF(AND(Import.TipoArredondamento=\"TransfereGOV\",$L392=\"F\",$C392=\"S\",LEFT(TRIM(UPPER($P392)),6)<>\"SINAPI\",ISNA(VLOOKUP(TRIM(UPPER($S392)),ListaTgov.Unidades,1,FALSE))),\"Unid. Não Disp\",\n\" \"))))))))))))))))","v":" "},{"$f":"IF(C392<=CRONO.NivelExibicao,MAX($AD$15:OFFSET(AD392,-1,0))+IF($C392<>1,1,MAX(1,COUNTIF(QCI!$A$13:$A$36,OFFSET($E392,-1,0)))),\"\")","v":""},{"$f":"IF(AND($C392=\"S\",ORÇAMENTO.CodBarra<>\"\"),IF(ORÇAMENTO.Fonte=\"\",ORÇAMENTO.CodBarra,CONCATENATE(ORÇAMENTO.Fonte,\" \",ORÇAMENTO.CodBarra)))","v":"Composição COMP110"},{"$f":"IF(ISERROR(ORÇAMENTO.BancoRef),\"(abra o arquivo 'Referência \"&Excel_BuiltIn_Database&\".xlsm)\",IF(OR($C392<>\"S\",ORÇAMENTO.CodBarra=\"\"),\"(Sem Código)\",IF(ISERROR(MATCH($AE392,INDIRECT(ORÇAMENTO.BancoRef),0)),\"(Código não identificado nas referências)\",MATCH($AE392,INDIRECT(ORÇAMENTO.BancoRef),0))))","v":112},{"$f":"ROUND(IF(DESONERACAO=\"sim\",REFERENCIA.Desonerado,REFERENCIA.NaoDesonerado),2)","v":70.59},0.25290000000000001,null,null,null,null,88.44,{"$f":"ROUND(ORÇAMENTO.CustoUnitario*(1+$AH392),2)","v":88.44}]
["S",2,"S",0,{"$f":"IF($C393=1,OFFSET(E393,-1,0)+MAX(1,COUNTIF(QCI!$A$13:$A$36,OFFSET(ORÇAMENTO!E393,-1,0))),OFFSET(E393,-1,0))","v":17},1,0,0,65,0,{"$f":"IF(OR($C393=\"S\",$C393=0),0,MATCH(OFFSET($D393,0,$C393)+IF($C393<>1,1,COUNTIF(QCI!$A$13:$A$36,ORÇAMENTO!E393)),OFFSET($D393,1,$C393,ROW($C$472)-ROW($C393)),0))","v":0},"F","Serviço","Serviço","17.1.0.65.","Composição","COMP111",{"$f":"IF($C393=\"S\",REFERENCIA.Descricao,\"(digite a descrição aqui)\")","v":"BLOCO AUTÔNOMO DE ILUMINAÇÃO DE EMERGÊNCIA LED, COM AUTONOMIA MÍNIMA DE 3 HORAS, FLUXO LUMINOSO DE 2.000 ATÉ 3.000 LÚMENS, EQUIPADO COM 2 FARÓIS"},{"$f":"REFERENCIA.Unidade","v":"UN"},{"$f":"OFFSET(CÁLCULO!H$15,ROW($T393)-ROW(T$15),0)","v":29},228.4,"BDI 1",{"$f":"IF($C393=\"S\",ROUND(IF(TIPOORCAMENTO=\"Proposto\",ORÇAMENTO.CustoUnitario*(1+$AH393),ORÇAMENTO.PrecoUnitarioLicitado),15-13*$AF$10),0)","v":286.16000000000003},{"$f":"IF($C393=\"S\",IF(OR(Import.TipoArredondamento<>\"TransfereGOV\",ACOMPANHAMENTO=\"BM\"),VTOTAL1,SUM(OFFSET(CÁLCULO!$AI$15,ROW($X393)-ROW($X$15),1):OFFSET(CÁLCULO!$BB$15,ROW($X393)-ROW($X$15),-1))),IF($C393=0,0,ROUND(SomaAgrup,15-13*$AF$11)))","v":8298.64},"RA","RA",{"$f":"IF($C393=\"S\",IF($Z393=\"CP\",$X393,IF($Z393=\"RA\",(($X393)*QCI!$AA$3),0)),SomaAgrup)","v":718.11205411549815},{"$f":"IF($C393=\"S\",IF($Z393=\"OU\",ROUND($X393,2),0),SomaAgrup)","v":0},{"$f":"IF($N393=\"\",\" \",\nIF(AND($C393<>\"S\",OR($R393=\"\",$R393=\"(digite a descrição aqui)\")),\"DESCRIÇÃO\",\nIF(AND($C393=\"S\",OR($Q393<>\"\",$T393>0,$U393>0),$P393=\"\"),\"FONTE\",\nIF(AND($C393=\"S\",$P393<>\"\",OR($T393>0,$U393>0),$Q393=\"\"),\"CÓDIGO\",\nIF(AND($C393=\"S\",$P393<>\"\",$Q393<>\"\",$R393=\"(Código não identificado nas referências)\"),\"CÓDIGO N/ID\",\nIF(AND($C393=\"S\",OR($R393=\"\",$R393=\"(digite a descrição aqui)\"),OR($Q393<>\"\",$T393>0,$U393>0)),\"DESCRIÇÃO\",\nIF(AND($C393=\"S\",$P393<>\"\",$Q393<>\"\",$S393=\"\"),\"UNIDADE\",\nIF(AND($C393=\"S\",$P393<>\"\",$Q393<>\"\",$U393=0),\"SEM CUSTO\",\nIF(AND(TIPOORCAMENTO=\"Licitado\",$AL393=0,$AN393>0),\"SEM PREÇO\",\nIF(AND($C393=\"S\",$P393<>\"\",$Q393<>\"\",$U393>0,AND($V393<>\"BDI 1\",$V393<>\"BDI 2\",$V393<>\"BDI 3\")),IF(ISNUMBER($V393),\"JUSTIFICAR BDI\",\"BDI\"),\nIF(OR(AND(import.recurso=\"OGU\",TIPOORCAMENTO=\"Proposto\",LEFT($O$8,5)<>\"(N/D:\",$AG393<>\"\",ORÇAMENTO.CustoUnitario>$AG393),AND(TIPOORCAMENTO=\"LICITADO\",ORÇAMENTO.PrecoUnitarioLicitado>$AN393)),\"ACIMA REF.\",\nIF(AND($C393=\"S\",$P393<>\"\",$Q393<>\"\",$T393=0,$U393>0),\"QUANT.\",\nIF(AND(Import.TipoArredondamento=\"TransfereGOV\",$L393=\"F\",$C393=\"S\",LEN($Q393)>13),\"Código >13\",\nIF(AND(Import.TipoArredondamento=\"TransfereGOV\",$L393=\"F\",$C393<>\"S\",LEN($R393)>100),\"Descrição >100\",\nIF(AND(Import.TipoArredondamento=\"TransfereGOV\",$L393=\"F\",$C393=\"S\",LEN($R393)>500),\"Descrição >500\",\nIF(AND(Import.TipoArredondamento=\"TransfereGOV\",$L393=\"F\",$C393=\"S\",LEFT(TRIM(UPPER($P393)),6)<>\"SINAPI\",ISNA(VLOOKUP(TRIM(UPPER($S393)),ListaTgov.Unidades,1,FALSE))),\"Unid. Não Disp\",\n\" \"))))))))))))))))","v":" "},{"$f":"IF(C393<=CRONO.NivelExibicao,MAX($AD$15:OFFSET(AD393,-1,0))+IF($C393<>1,1,MAX(1,COUNTIF(QCI!$A$13:$A$36,OFFSET($E393,-1,0)))),\"\")","v":""},{"$f":"IF(AND($C393=\"S\",ORÇAMENTO.CodBarra<>\"\"),IF(ORÇAMENTO.Fonte=\"\",ORÇAMENTO.CodBarra,CONCATENATE(ORÇAMENTO.Fonte,\" \",ORÇAMENTO.CodBarra)))","v":"Composição COMP111"},{"$f":"IF(ISERROR(ORÇAMENTO.BancoRef),\"(abra o arquivo 'Referência \"&Excel_BuiltIn_Database&\".xlsm)\",IF(OR($C393<>\"S\",ORÇAMENTO.CodBarra=\"\"),\"(Sem Código)\",IF(ISERROR(MATCH($AE393,INDIRECT(ORÇAMENTO.BancoRef),0)),\"(Código não identificado nas referências)\",MATCH($AE393,INDIRECT(ORÇAMENTO.BancoRef),0))))","v":113},{"$f":"ROUND(IF(DESONERACAO=\"sim\",REFERENCIA.Desonerado,REFERENCIA.NaoDesonerado),2)","v":228.4},0.25290000000000001,null,null,null,null,8298.64,{"$f":"ROUND(ORÇAMENTO.CustoUnitario*(1+$AH393),2)","v":286.16000000000003}]
["S",2,"S",0,{"$f":"IF($C394=1,OFFSET(E394,-1,0)+MAX(1,COUNTIF(QCI!$A$13:$A$36,OFFSET(ORÇAMENTO!E394,-1,0))),OFFSET(E394,-1,0))","v":17},1,0,0,66,0,{"$f":"IF(OR($C394=\"S\",$C394=0),0,MATCH(OFFSET($D394,0,$C394)+IF($C394<>1,1,COUNTIF(QCI!$A$13:$A$36,ORÇAMENTO!E394)),OFFSET($D394,1,$C394,ROW($C$472)-ROW($C394)),0))","v":0},"F","Serviço","Serviço","17.1.0.66.","Composição","COMP112",{"$f":"IF($C394=\"S\",REFERENCIA.Descricao,\"(digite a descrição aqui)\")","v":"SOQUETE OU BOCAL DE PORCELANA E27 DE TEMPO, REF.MT-2233, MARCA DECORLUX OU SIMILAR"},{"$f":"REFERENCIA.Unidade","v":"UN"},{"$f":"OFFSET(CÁLCULO!H$15,ROW($T394)-ROW(T$15),0)","v":92},{"$f":"AG394","v":13.94},"BDI 1",{"$f":"IF($C394=\"S\",ROUND(IF(TIPOORCAMENTO=\"Proposto\",ORÇAMENTO.CustoUnitario*(1+$AH394),ORÇAMENTO.PrecoUnitarioLicitado),15-13*$AF$10),0)","v":17.47},{"$f":"IF($C394=\"S\",IF(OR(Import.TipoArredondamento<>\"TransfereGOV\",ACOMPANHAMENTO=\"BM\"),VTOTAL1,SUM(OFFSET(CÁLCULO!$AI$15,ROW($X394)-ROW($X$15),1):OFFSET(CÁLCULO!$BB$15,ROW($X394)-ROW($X$15),-1))),IF($C394=0,0,ROUND(SomaAgrup,15-13*$AF$11)))","v":1607.24},"RA","RA",{"$f":"IF($C394=\"S\",IF($Z394=\"CP\",$X394,IF($Z394=\"RA\",(($X394)*QCI!$AA$3),0)),SomaAgrup)","v":139.08042978808496},{"$f":"IF($C394=\"S\",IF($Z394=\"OU\",ROUND($X394,2),0),SomaAgrup)","v":0},{"$f":"IF($N394=\"\",\" \",\nIF(AND($C394<>\"S\",OR($R394=\"\",$R394=\"(digite a descrição aqui)\")),\"DESCRIÇÃO\",\nIF(AND($C394=\"S\",OR($Q394<>\"\",$T394>0,$U394>0),$P394=\"\"),\"FONTE\",\nIF(AND($C394=\"S\",$P394<>\"\",OR($T394>0,$U394>0),$Q394=\"\"),\"CÓDIGO\",\nIF(AND($C394=\"S\",$P394<>\"\",$Q394<>\"\",$R394=\"(Código não identificado nas referências)\"),\"CÓDIGO N/ID\",\nIF(AND($C394=\"S\",OR($R394=\"\",$R394=\"(digite a descrição aqui)\"),OR($Q394<>\"\",$T394>0,$U394>0)),\"DESCRIÇÃO\",\nIF(AND($C394=\"S\",$P394<>\"\",$Q394<>\"\",$S394=\"\"),\"UNIDADE\",\nIF(AND($C394=\"S\",$P394<>\"\",$Q394<>\"\",$U394=0),\"SEM CUSTO\",\nIF(AND(TIPOORCAMENTO=\"Licitado\",$AL394=0,$AN394>0),\"SEM PREÇO\",\nIF(AND($C394=\"S\",$P394<>\"\",$Q394<>\"\",$U394>0,AND($V394<>\"BDI 1\",$V394<>\"BDI 2\",$V394<>\"BDI 3\")),IF(ISNUMBER($V394),\"JUSTIFICAR BDI\",\"BDI\"),\nIF(OR(AND(import.recurso=\"OGU\",TIPOORCAMENTO=\"Proposto\",LEFT($O$8,5)<>\"(N/D:\",$AG394<>\"\",ORÇAMENTO.CustoUnitario>$AG394),AND(TIPOORCAMENTO=\"LICITADO\",ORÇAMENTO.PrecoUnitarioLicitado>$AN394)),\"ACIMA REF.\",\nIF(AND($C394=\"S\",$P394<>\"\",$Q394<>\"\",$T394=0,$U394>0),\"QUANT.\",\nIF(AND(Import.TipoArredondamento=\"TransfereGOV\",$L394=\"F\",$C394=\"S\",LEN($Q394)>13),\"Código >13\",\nIF(AND(Import.TipoArredondamento=\"TransfereGOV\",$L394=\"F\",$C394<>\"S\",LEN($R394)>100),\"Descrição >100\",\nIF(AND(Import.TipoArredondamento=\"TransfereGOV\",$L394=\"F\",$C394=\"S\",LEN($R394)>500),\"Descrição >500\",\nIF(AND(Import.TipoArredondamento=\"TransfereGOV\",$L394=\"F\",$C394=\"S\",LEFT(TRIM(UPPER($P394)),6)<>\"SINAPI\",ISNA(VLOOKUP(TRIM(UPPER($S394)),ListaTgov.Unidades,1,FALSE))),\"Unid. Não Disp\",\n\" \"))))))))))))))))","v":" "},{"$f":"IF(C394<=CRONO.NivelExibicao,MAX($AD$15:OFFSET(AD394,-1,0))+IF($C394<>1,1,MAX(1,COUNTIF(QCI!$A$13:$A$36,OFFSET($E394,-1,0)))),\"\")","v":""},{"$f":"IF(AND($C394=\"S\",ORÇAMENTO.CodBarra<>\"\"),IF(ORÇAMENTO.Fonte=\"\",ORÇAMENTO.CodBarra,CONCATENATE(ORÇAMENTO.Fonte,\" \",ORÇAMENTO.CodBarra)))","v":"Composição COMP112"},{"$f":"IF(ISERROR(ORÇAMENTO.BancoRef),\"(abra o arquivo 'Referência \"&Excel_BuiltIn_Database&\".xlsm)\",IF(OR($C394<>\"S\",ORÇAMENTO.CodBarra=\"\"),\"(Sem Código)\",IF(ISERROR(MATCH($AE394,INDIRECT(ORÇAMENTO.BancoRef),0)),\"(Código não identificado nas referências)\",MATCH($AE394,INDIRECT(ORÇAMENTO.BancoRef),0))))","v":114},{"$f":"ROUND(IF(DESONERACAO=\"sim\",REFERENCIA.Desonerado,REFERENCIA.NaoDesonerado),2)","v":13.94},0.25290000000000001,null,null,null,null,1607.24,{"$f":"ROUND(ORÇAMENTO.CustoUnitario*(1+$AH394),2)","v":17.47}]
["S",2,"S",0,{"$f":"IF($C395=1,OFFSET(E395,-1,0)+MAX(1,COUNTIF(QCI!$A$13:$A$36,OFFSET(ORÇAMENTO!E395,-1,0))),OFFSET(E395,-1,0))","v":17},1,0,0,67,0,{"$f":"IF(OR($C395=\"S\",$C395=0),0,MATCH(OFFSET($D395,0,$C395)+IF($C395<>1,1,COUNTIF(QCI!$A$13:$A$36,ORÇAMENTO!E395)),OFFSET($D395,1,$C395,ROW($C$472)-ROW($C395)),0))","v":0},"F","Serviço","Serviço","17.1.0.67.","SINAPI","101538",{"$f":"IF($C395=\"S\",REFERENCIA.Descricao,\"(digite a descrição aqui)\")","v":"ARMAÇÃO SECUNDÁRIA, COM 1 ESTRIBO E 1 ISOLADOR - FORNECIMENTO E INSTALAÇÃO. AF_07/2020"},{"$f":"REFERENCIA.Unidade","v":"UN"},{"$f":"OFFSET(CÁLCULO!H$15,ROW($T395)-ROW(T$15),0)","v":2},42.11,"BDI 1",{"$f":"IF($C395=\"S\",ROUND(IF(TIPOORCAMENTO=\"Proposto\",ORÇAMENTO.CustoUnitario*(1+$AH395),ORÇAMENTO.PrecoUnitarioLicitado),15-13*$AF$10),0)","v":52.76},{"$f":"IF($C395=\"S\",IF(OR(Import.TipoArredondamento<>\"TransfereGOV\",ACOMPANHAMENTO=\"BM\"),VTOTAL1,SUM(OFFSET(CÁLCULO!$AI$15,ROW($X395)-ROW($X$15),1):OFFSET(CÁLCULO!$BB$15,ROW($X395)-ROW($X$15),-1))),IF($C395=0,0,ROUND(SomaAgrup,15-13*$AF$11)))","v":105.52},"RA","RA",{"$f":"IF($C395=\"S\",IF($Z395=\"CP\",$X395,IF($Z395=\"RA\",(($X395)*QCI!$AA$3),0)),SomaAgrup)","v":9.1310364047925159},{"$f":"IF($C395=\"S\",IF($Z395=\"OU\",ROUND($X395,2),0),SomaAgrup)","v":0},{"$f":"IF($N395=\"\",\" \",\nIF(AND($C395<>\"S\",OR($R395=\"\",$R395=\"(digite a descrição aqui)\")),\"DESCRIÇÃO\",\nIF(AND($C395=\"S\",OR($Q395<>\"\",$T395>0,$U395>0),$P395=\"\"),\"FONTE\",\nIF(AND($C395=\"S\",$P395<>\"\",OR($T395>0,$U395>0),$Q395=\"\"),\"CÓDIGO\",\nIF(AND($C395=\"S\",$P395<>\"\",$Q395<>\"\",$R395=\"(Código não identificado nas referências)\"),\"CÓDIGO N/ID\",\nIF(AND($C395=\"S\",OR($R395=\"\",$R395=\"(digite a descrição aqui)\"),OR($Q395<>\"\",$T395>0,$U395>0)),\"DESCRIÇÃO\",\nIF(AND($C395=\"S\",$P395<>\"\",$Q395<>\"\",$S395=\"\"),\"UNIDADE\",\nIF(AND($C395=\"S\",$P395<>\"\",$Q395<>\"\",$U395=0),\"SEM CUSTO\",\nIF(AND(TIPOORCAMENTO=\"Licitado\",$AL395=0,$AN395>0),\"SEM PREÇO\",\nIF(AND($C395=\"S\",$P395<>\"\",$Q395<>\"\",$U395>0,AND($V395<>\"BDI 1\",$V395<>\"BDI 2\",$V395<>\"BDI 3\")),IF(ISNUMBER($V395),\"JUSTIFICAR BDI\",\"BDI\"),\nIF(OR(AND(import.recurso=\"OGU\",TIPOORCAMENTO=\"Proposto\",LEFT($O$8,5)<>\"(N/D:\",$AG395<>\"\",ORÇAMENTO.CustoUnitario>$AG395),AND(TIPOORCAMENTO=\"LICITADO\",ORÇAMENTO.PrecoUnitarioLicitado>$AN395)),\"ACIMA REF.\",\nIF(AND($C395=\"S\",$P395<>\"\",$Q395<>\"\",$T395=0,$U395>0),\"QUANT.\",\nIF(AND(Import.TipoArredondamento=\"TransfereGOV\",$L395=\"F\",$C395=\"S\",LEN($Q395)>13),\"Código >13\",\nIF(AND(Import.TipoArredondamento=\"TransfereGOV\",$L395=\"F\",$C395<>\"S\",LEN($R395)>100),\"Descrição >100\",\nIF(AND(Import.TipoArredondamento=\"TransfereGOV\",$L395=\"F\",$C395=\"S\",LEN($R395)>500),\"Descrição >500\",\nIF(AND(Import.TipoArredondamento=\"TransfereGOV\",$L395=\"F\",$C395=\"S\",LEFT(TRIM(UPPER($P395)),6)<>\"SINAPI\",ISNA(VLOOKUP(TRIM(UPPER($S395)),ListaTgov.Unidades,1,FALSE))),\"Unid. Não Disp\",\n\" \"))))))))))))))))","v":" "},{"$f":"IF(C395<=CRONO.NivelExibicao,MAX($AD$15:OFFSET(AD395,-1,0))+IF($C395<>1,1,MAX(1,COUNTIF(QCI!$A$13:$A$36,OFFSET($E395,-1,0)))),\"\")","v":""},{"$f":"IF(AND($C395=\"S\",ORÇAMENTO.CodBarra<>\"\"),IF(ORÇAMENTO.Fonte=\"\",ORÇAMENTO.CodBarra,CONCATENATE(ORÇAMENTO.Fonte,\" \",ORÇAMENTO.CodBarra)))","v":"SINAPI 101538"},{"$f":"IF(ISERROR(ORÇAMENTO.BancoRef),\"(abra o arquivo 'Referência \"&Excel_BuiltIn_Database&\".xlsm)\",IF(OR($C395<>\"S\",ORÇAMENTO.CodBarra=\"\"),\"(Sem Código)\",IF(ISERROR(MATCH($AE395,INDIRECT(ORÇAMENTO.BancoRef),0)),\"(Código não identificado nas referências)\",MATCH($AE395,INDIRECT(ORÇAMENTO.BancoRef),0))))","v":11015},{"$f":"ROUND(IF(DESONERACAO=\"sim\",REFERENCIA.Desonerado,REFERENCIA.NaoDesonerado),2)","v":42.11},0.25290000000000001,null,null,null,null,105.52,{"$f":"ROUND(ORÇAMENTO.CustoUnitario*(1+$AH395),2)","v":52.76}]
["S",2,"S",0,{"$f":"IF($C396=1,OFFSET(E396,-1,0)+MAX(1,COUNTIF(QCI!$A$13:$A$36,OFFSET(ORÇAMENTO!E396,-1,0))),OFFSET(E396,-1,0))","v":17},1,0,0,68,0,{"$f":"IF(OR($C396=\"S\",$C396=0),0,MATCH(OFFSET($D396,0,$C396)+IF($C396<>1,1,COUNTIF(QCI!$A$13:$A$36,ORÇAMENTO!E396)),OFFSET($D396,1,$C396,ROW($C$472)-ROW($C396)),0))","v":0},"F","Serviço","Serviço","17.1.0.68.","SINAPI","97359",{"$f":"IF($C396=\"S\",REFERENCIA.Descricao,\"(digite a descrição aqui)\")","v":"QUADRO DE MEDIÇÃO GERAL DE ENERGIA COM 8 MEDIDORES - FORNECIMENTO E INSTALAÇÃO. AF_07/2025"},{"$f":"REFERENCIA.Unidade","v":"UN"},{"$f":"OFFSET(CÁLCULO!H$15,ROW($T396)-ROW(T$15),0)","v":1},3872.67,"BDI 1",{"$f":"IF($C396=\"S\",ROUND(IF(TIPOORCAMENTO=\"Proposto\",ORÇAMENTO.CustoUnitario*(1+$AH396),ORÇAMENTO.PrecoUnitarioLicitado),15-13*$AF$10),0)","v":4852.07},{"$f":"IF($C396=\"S\",IF(OR(Import.TipoArredondamento<>\"TransfereGOV\",ACOMPANHAMENTO=\"BM\"),VTOTAL1,SUM(OFFSET(CÁLCULO!$AI$15,ROW($X396)-ROW($X$15),1):OFFSET(CÁLCULO!$BB$15,ROW($X396)-ROW($X$15),-1))),IF($C396=0,0,ROUND(SomaAgrup,15-13*$AF$11)))","v":4852.07},"RA","RA",{"$f":"IF($C396=\"S\",IF($Z396=\"CP\",$X396,IF($Z396=\"RA\",(($X396)*QCI!$AA$3),0)),SomaAgrup)","v":419.86758726877957},{"$f":"IF($C396=\"S\",IF($Z396=\"OU\",ROUND($X396,2),0),SomaAgrup)","v":0},{"$f":"IF($N396=\"\",\" \",\nIF(AND($C396<>\"S\",OR($R396=\"\",$R396=\"(digite a descrição aqui)\")),\"DESCRIÇÃO\",\nIF(AND($C396=\"S\",OR($Q396<>\"\",$T396>0,$U396>0),$P396=\"\"),\"FONTE\",\nIF(AND($C396=\"S\",$P396<>\"\",OR($T396>0,$U396>0),$Q396=\"\"),\"CÓDIGO\",\nIF(AND($C396=\"S\",$P396<>\"\",$Q396<>\"\",$R396=\"(Código não identificado nas referências)\"),\"CÓDIGO N/ID\",\nIF(AND($C396=\"S\",OR($R396=\"\",$R396=\"(digite a descrição aqui)\"),OR($Q396<>\"\",$T396>0,$U396>0)),\"DESCRIÇÃO\",\nIF(AND($C396=\"S\",$P396<>\"\",$Q396<>\"\",$S396=\"\"),\"UNIDADE\",\nIF(AND($C396=\"S\",$P396<>\"\",$Q396<>\"\",$U396=0),\"SEM CUSTO\",\nIF(AND(TIPOORCAMENTO=\"Licitado\",$AL396=0,$AN396>0),\"SEM PREÇO\",\nIF(AND($C396=\"S\",$P396<>\"\",$Q396<>\"\",$U396>0,AND($V396<>\"BDI 1\",$V396<>\"BDI 2\",$V396<>\"BDI 3\")),IF(ISNUMBER($V396),\"JUSTIFICAR BDI\",\"BDI\"),\nIF(OR(AND(import.recurso=\"OGU\",TIPOORCAMENTO=\"Proposto\",LEFT($O$8,5)<>\"(N/D:\",$AG396<>\"\",ORÇAMENTO.CustoUnitario>$AG396),AND(TIPOORCAMENTO=\"LICITADO\",ORÇAMENTO.PrecoUnitarioLicitado>$AN396)),\"ACIMA REF.\",\nIF(AND($C396=\"S\",$P396<>\"\",$Q396<>\"\",$T396=0,$U396>0),\"QUANT.\",\nIF(AND(Import.TipoArredondamento=\"TransfereGOV\",$L396=\"F\",$C396=\"S\",LEN($Q396)>13),\"Código >13\",\nIF(AND(Import.TipoArredondamento=\"TransfereGOV\",$L396=\"F\",$C396<>\"S\",LEN($R396)>100),\"Descrição >100\",\nIF(AND(Import.TipoArredondamento=\"TransfereGOV\",$L396=\"F\",$C396=\"S\",LEN($R396)>500),\"Descrição >500\",\nIF(AND(Import.TipoArredondamento=\"TransfereGOV\",$L396=\"F\",$C396=\"S\",LEFT(TRIM(UPPER($P396)),6)<>\"SINAPI\",ISNA(VLOOKUP(TRIM(UPPER($S396)),ListaTgov.Unidades,1,FALSE))),\"Unid. Não Disp\",\n\" \"))))))))))))))))","v":" "},{"$f":"IF(C396<=CRONO.NivelExibicao,MAX($AD$15:OFFSET(AD396,-1,0))+IF($C396<>1,1,MAX(1,COUNTIF(QCI!$A$13:$A$36,OFFSET($E396,-1,0)))),\"\")","v":""},{"$f":"IF(AND($C396=\"S\",ORÇAMENTO.CodBarra<>\"\"),IF(ORÇAMENTO.Fonte=\"\",ORÇAMENTO.CodBarra,CONCATENATE(ORÇAMENTO.Fonte,\" \",ORÇAMENTO.CodBarra)))","v":"SINAPI 97359"},{"$f":"IF(ISERROR(ORÇAMENTO.BancoRef),\"(abra o arquivo 'Referência \"&Excel_BuiltIn_Database&\".xlsm)\",IF(OR($C396<>\"S\",ORÇAMENTO.CodBarra=\"\"),\"(Sem Código)\",IF(ISERROR(MATCH($AE396,INDIRECT(ORÇAMENTO.BancoRef),0)),\"(Código não identificado nas referências)\",MATCH($AE396,INDIRECT(ORÇAMENTO.BancoRef),0))))","v":11007},{"$f":"ROUND(IF(DESONERACAO=\"sim\",REFERENCIA.Desonerado,REFERENCIA.NaoDesonerado),2)","v":3872.67},0.25290000000000001,null,null,null,null,4852.07,{"$f":"ROUND(ORÇAMENTO.CustoUnitario*(1+$AH396),2)","v":4852.07}]
["S",2,"S",0,{"$f":"IF($C397=1,OFFSET(E397,-1,0)+MAX(1,COUNTIF(QCI!$A$13:$A$36,OFFSET(ORÇAMENTO!E397,-1,0))),OFFSET(E397,-1,0))","v":17},1,0,0,69,0,{"$f":"IF(OR($C397=\"S\",$C397=0),0,MATCH(OFFSET($D397,0,$C397)+IF($C397<>1,1,COUNTIF(QCI!$A$13:$A$36,ORÇAMENTO!E397)),OFFSET($D397,1,$C397,ROW($C$472)-ROW($C397)),0))","v":0},"F","Serviço","Serviço","17.1.0.69.","Composição","COMP113",{"$f":"IF($C397=\"S\",REFERENCIA.Descricao,\"(digite a descrição aqui)\")","v":"BARRAMENTO PENTE 12 POLOS BIFASICO 63A FORCELINE"},{"$f":"REFERENCIA.Unidade","v":"UN"},{"$f":"OFFSET(CÁLCULO!H$15,ROW($T397)-ROW(T$15),0)","v":1},52.4,"BDI 1",{"$f":"IF($C397=\"S\",ROUND(IF(TIPOORCAMENTO=\"Proposto\",ORÇAMENTO.CustoUnitario*(1+$AH397),ORÇAMENTO.PrecoUnitarioLicitado),15-13*$AF$10),0)","v":65.650000000000006},{"$f":"IF($C397=\"S\",IF(OR(Import.TipoArredondamento<>\"TransfereGOV\",ACOMPANHAMENTO=\"BM\"),VTOTAL1,SUM(OFFSET(CÁLCULO!$AI$15,ROW($X397)-ROW($X$15),1):OFFSET(CÁLCULO!$BB$15,ROW($X397)-ROW($X$15),-1))),IF($C397=0,0,ROUND(SomaAgrup,15-13*$AF$11)))","v":65.650000000000006},"RA","RA",{"$f":"IF($C397=\"S\",IF($Z397=\"CP\",$X397,IF($Z397=\"RA\",(($X397)*QCI!$AA$3),0)),SomaAgrup)","v":5.6809376419127062},{"$f":"IF($C397=\"S\",IF($Z397=\"OU\",ROUND($X397,2),0),SomaAgrup)","v":0},{"$f":"IF($N397=\"\",\" \",\nIF(AND($C397<>\"S\",OR($R397=\"\",$R397=\"(digite a descrição aqui)\")),\"DESCRIÇÃO\",\nIF(AND($C397=\"S\",OR($Q397<>\"\",$T397>0,$U397>0),$P397=\"\"),\"FONTE\",\nIF(AND($C397=\"S\",$P397<>\"\",OR($T397>0,$U397>0),$Q397=\"\"),\"CÓDIGO\",\nIF(AND($C397=\"S\",$P397<>\"\",$Q397<>\"\",$R397=\"(Código não identificado nas referências)\"),\"CÓDIGO N/ID\",\nIF(AND($C397=\"S\",OR($R397=\"\",$R397=\"(digite a descrição aqui)\"),OR($Q397<>\"\",$T397>0,$U397>0)),\"DESCRIÇÃO\",\nIF(AND($C397=\"S\",$P397<>\"\",$Q397<>\"\",$S397=\"\"),\"UNIDADE\",\nIF(AND($C397=\"S\",$P397<>\"\",$Q397<>\"\",$U397=0),\"SEM CUSTO\",\nIF(AND(TIPOORCAMENTO=\"Licitado\",$AL397=0,$AN397>0),\"SEM PREÇO\",\nIF(AND($C397=\"S\",$P397<>\"\",$Q397<>\"\",$U397>0,AND($V397<>\"BDI 1\",$V397<>\"BDI 2\",$V397<>\"BDI 3\")),IF(ISNUMBER($V397),\"JUSTIFICAR BDI\",\"BDI\"),\nIF(OR(AND(import.recurso=\"OGU\",TIPOORCAMENTO=\"Proposto\",LEFT($O$8,5)<>\"(N/D:\",$AG397<>\"\",ORÇAMENTO.CustoUnitario>$AG397),AND(TIPOORCAMENTO=\"LICITADO\",ORÇAMENTO.PrecoUnitarioLicitado>$AN397)),\"ACIMA REF.\",\nIF(AND($C397=\"S\",$P397<>\"\",$Q397<>\"\",$T397=0,$U397>0),\"QUANT.\",\nIF(AND(Import.TipoArredondamento=\"TransfereGOV\",$L397=\"F\",$C397=\"S\",LEN($Q397)>13),\"Código >13\",\nIF(AND(Import.TipoArredondamento=\"TransfereGOV\",$L397=\"F\",$C397<>\"S\",LEN($R397)>100),\"Descrição >100\",\nIF(AND(Import.TipoArredondamento=\"TransfereGOV\",$L397=\"F\",$C397=\"S\",LEN($R397)>500),\"Descrição >500\",\nIF(AND(Import.TipoArredondamento=\"TransfereGOV\",$L397=\"F\",$C397=\"S\",LEFT(TRIM(UPPER($P397)),6)<>\"SINAPI\",ISNA(VLOOKUP(TRIM(UPPER($S397)),ListaTgov.Unidades,1,FALSE))),\"Unid. Não Disp\",\n\" \"))))))))))))))))","v":" "},{"$f":"IF(C397<=CRONO.NivelExibicao,MAX($AD$15:OFFSET(AD397,-1,0))+IF($C397<>1,1,MAX(1,COUNTIF(QCI!$A$13:$A$36,OFFSET($E397,-1,0)))),\"\")","v":""},{"$f":"IF(AND($C397=\"S\",ORÇAMENTO.CodBarra<>\"\"),IF(ORÇAMENTO.Fonte=\"\",ORÇAMENTO.CodBarra,CONCATENATE(ORÇAMENTO.Fonte,\" \",ORÇAMENTO.CodBarra)))","v":"Composição COMP113"},{"$f":"IF(ISERROR(ORÇAMENTO.BancoRef),\"(abra o arquivo 'Referência \"&Excel_BuiltIn_Database&\".xlsm)\",IF(OR($C397<>\"S\",ORÇAMENTO.CodBarra=\"\"),\"(Sem Código)\",IF(ISERROR(MATCH($AE397,INDIRECT(ORÇAMENTO.BancoRef),0)),\"(Código não identificado nas referências)\",MATCH($AE397,INDIRECT(ORÇAMENTO.BancoRef),0))))","v":115},{"$f":"ROUND(IF(DESONERACAO=\"sim\",REFERENCIA.Desonerado,REFERENCIA.NaoDesonerado),2)","v":52.4},0.25290000000000001,null,null,null,null,65.650000000000006,{"$f":"ROUND(ORÇAMENTO.CustoUnitario*(1+$AH397),2)","v":65.650000000000006}]
[{"$f":"CHOOSE(1+LOG(1+2*(ORÇAMENTO.Nivel=\"Meta\")+4*(ORÇAMENTO.Nivel=\"Nível 2\")+8*(ORÇAMENTO.Nivel=\"Nível 3\")+16*(ORÇAMENTO.Nivel=\"Nível 4\")+32*(ORÇAMENTO.Nivel=\"Serviço\"),2),0,1,2,3,4,\"S\")","v":"S"},2,"S",0,{"$f":"IF($C398=1,OFFSET(E398,-1,0)+MAX(1,COUNTIF(QCI!$A$13:$A$36,OFFSET(ORÇAMENTO!E398,-1,0))),OFFSET(E398,-1,0))","v":17},1,0,0,70,0,{"$f":"IF(OR($C398=\"S\",$C398=0),0,MATCH(OFFSET($D398,0,$C398)+IF($C398<>1,1,COUNTIF(QCI!$A$13:$A$36,ORÇAMENTO!E398)),OFFSET($D398,1,$C398,ROW($C$472)-ROW($C398)),0))","v":0},"F","Serviço","Serviço","17.1.0.70.","Composição","COMP114",{"$f":"IF($C398=\"S\",REFERENCIA.Descricao,\"(digite a descrição aqui)\")","v":"BARRAMENTO BIFASICO 34 POLOS 100A COM NEUTRO E TERRA"},{"$f":"REFERENCIA.Unidade","v":"UN"},{"$f":"OFFSET(CÁLCULO!H$15,ROW($T398)-ROW(T$15),0)","v":1},334.17,"BDI 1",{"$f":"IF($C398=\"S\",ROUND(IF(TIPOORCAMENTO=\"Proposto\",ORÇAMENTO.CustoUnitario*(1+$AH398),ORÇAMENTO.PrecoUnitarioLicitado),15-13*$AF$10),0)","v":418.68},{"$f":"IF($C398=\"S\",IF(OR(Import.TipoArredondamento<>\"TransfereGOV\",ACOMPANHAMENTO=\"BM\"),VTOTAL1,SUM(OFFSET(CÁLCULO!$AI$15,ROW($X398)-ROW($X$15),1):OFFSET(CÁLCULO!$BB$15,ROW($X398)-ROW($X$15),-1))),IF($C398=0,0,ROUND(SomaAgrup,15-13*$AF$11)))","v":418.68},"RA","RA",{"$f":"IF($C398=\"S\",IF($Z398=\"CP\",$X398,IF($Z398=\"RA\",(($X398)*QCI!$AA$3),0)),SomaAgrup)","v":36.229931026900402},{"$f":"IF($C398=\"S\",IF($Z398=\"OU\",ROUND($X398,2),0),SomaAgrup)","v":0},{"$f":"IF($N398=\"\",\" \",\nIF(AND($C398<>\"S\",OR($R398=\"\",$R398=\"(digite a descrição aqui)\")),\"DESCRIÇÃO\",\nIF(AND($C398=\"S\",OR($Q398<>\"\",$T398>0,$U398>0),$P398=\"\"),\"FONTE\",\nIF(AND($C398=\"S\",$P398<>\"\",OR($T398>0,$U398>0),$Q398=\"\"),\"CÓDIGO\",\nIF(AND($C398=\"S\",$P398<>\"\",$Q398<>\"\",$R398=\"(Código não identificado nas referências)\"),\"CÓDIGO N/ID\",\nIF(AND($C398=\"S\",OR($R398=\"\",$R398=\"(digite a descrição aqui)\"),OR($Q398<>\"\",$T398>0,$U398>0)),\"DESCRIÇÃO\",\nIF(AND($C398=\"S\",$P398<>\"\",$Q398<>\"\",$S398=\"\"),\"UNIDADE\",\nIF(AND($C398=\"S\",$P398<>\"\",$Q398<>\"\",$U398=0),\"SEM CUSTO\",\nIF(AND(TIPOORCAMENTO=\"Licitado\",$AL398=0,$AN398>0),\"SEM PREÇO\",\nIF(AND($C398=\"S\",$P398<>\"\",$Q398<>\"\",$U398>0,AND($V398<>\"BDI 1\",$V398<>\"BDI 2\",$V398<>\"BDI 3\")),IF(ISNUMBER($V398),\"JUSTIFICAR BDI\",\"BDI\"),\nIF(OR(AND(import.recurso=\"OGU\",TIPOORCAMENTO=\"Proposto\",LEFT($O$8,5)<>\"(N/D:\",$AG398<>\"\",ORÇAMENTO.CustoUnitario>$AG398),AND(TIPOORCAMENTO=\"LICITADO\",ORÇAMENTO.PrecoUnitarioLicitado>$AN398)),\"ACIMA REF.\",\nIF(AND($C398=\"S\",$P398<>\"\",$Q398<>\"\",$T398=0,$U398>0),\"QUANT.\",\nIF(AND(Import.TipoArredondamento=\"TransfereGOV\",$L398=\"F\",$C398=\"S\",LEN($Q398)>13),\"Código >13\",\nIF(AND(Import.TipoArredondamento=\"TransfereGOV\",$L398=\"F\",$C398<>\"S\",LEN($R398)>100),\"Descrição >100\",\nIF(AND(Import.TipoArredondamento=\"TransfereGOV\",$L398=\"F\",$C398=\"S\",LEN($R398)>500),\"Descrição >500\",\nIF(AND(Import.TipoArredondamento=\"TransfereGOV\",$L398=\"F\",$C398=\"S\",LEFT(TRIM(UPPER($P398)),6)<>\"SINAPI\",ISNA(VLOOKUP(TRIM(UPPER($S398)),ListaTgov.Unidades,1,FALSE))),\"Unid. Não Disp\",\n\" \"))))))))))))))))","v":" "},{"$f":"IF(C398<=CRONO.NivelExibicao,MAX($AD$15:OFFSET(AD398,-1,0))+IF($C398<>1,1,MAX(1,COUNTIF(QCI!$A$13:$A$36,OFFSET($E398,-1,0)))),\"\")","v":""},{"$f":"IF(AND($C398=\"S\",ORÇAMENTO.CodBarra<>\"\"),IF(ORÇAMENTO.Fonte=\"\",ORÇAMENTO.CodBarra,CONCATENATE(ORÇAMENTO.Fonte,\" \",ORÇAMENTO.CodBarra)))","v":"Composição COMP114"},{"$f":"IF(ISERROR(ORÇAMENTO.BancoRef),\"(abra o arquivo 'Referência \"&Excel_BuiltIn_Database&\".xlsm)\",IF(OR($C398<>\"S\",ORÇAMENTO.CodBarra=\"\"),\"(Sem Código)\",IF(ISERROR(MATCH($AE398,INDIRECT(ORÇAMENTO.BancoRef),0)),\"(Código não identificado nas referências)\",MATCH($AE398,INDIRECT(ORÇAMENTO.BancoRef),0))))","v":116},{"$f":"ROUND(IF(DESONERACAO=\"sim\",REFERENCIA.Desonerado,REFERENCIA.NaoDesonerado),2)","v":334.17},{"$f":"ROUND(IF(ISNUMBER(ORÇAMENTO.OpcaoBDI),ORÇAMENTO.OpcaoBDI,IF(LEFT(ORÇAMENTO.OpcaoBDI,3)=\"BDI\",HLOOKUP(ORÇAMENTO.OpcaoBDI,$F$4:$H$5,2,FALSE),0)),15-11*$AF$9)","v":0.25290000000000001},null,null,null,null,418.68,{"$f":"ROUND(ORÇAMENTO.CustoUnitario*(1+$AH398),2)","v":418.68}]
["S",2,"S",0,{"$f":"IF($C399=1,OFFSET(E399,-1,0)+MAX(1,COUNTIF(QCI!$A$13:$A$36,OFFSET(ORÇAMENTO!E399,-1,0))),OFFSET(E399,-1,0))","v":17},1,0,0,71,0,{"$f":"IF(OR($C399=\"S\",$C399=0),0,MATCH(OFFSET($D399,0,$C399)+IF($C399<>1,1,COUNTIF(QCI!$A$13:$A$36,ORÇAMENTO!E399)),OFFSET($D399,1,$C399,ROW($C$472)-ROW($C399)),0))","v":0},"F","Serviço","Serviço","17.1.0.71.","Composição","COMP115",{"$f":"IF($C399=\"S\",REFERENCIA.Descricao,\"(digite a descrição aqui)\")","v":"BARRAMENTO TRIFASICO PARA ATA 57 DISJUNTORES DIN STECK"},{"$f":"REFERENCIA.Unidade","v":"UN"},{"$f":"OFFSET(CÁLCULO!H$15,ROW($T399)-ROW(T$15),0)","v":2},355.23,"BDI 1",{"$f":"IF($C399=\"S\",ROUND(IF(TIPOORCAMENTO=\"Proposto\",ORÇAMENTO.CustoUnitario*(1+$AH399),ORÇAMENTO.PrecoUnitarioLicitado),15-13*$AF$10),0)","v":445.07},{"$f":"IF($C399=\"S\",IF(OR(Import.TipoArredondamento<>\"TransfereGOV\",ACOMPANHAMENTO=\"BM\"),VTOTAL1,SUM(OFFSET(CÁLCULO!$AI$15,ROW($X399)-ROW($X$15),1):OFFSET(CÁLCULO!$BB$15,ROW($X399)-ROW($X$15),-1))),IF($C399=0,0,ROUND(SomaAgrup,15-13*$AF$11)))","v":890.14},"RA","RA",{"$f":"IF($C399=\"S\",IF($Z399=\"CP\",$X399,IF($Z399=\"RA\",(($X399)*QCI!$AA$3),0)),SomaAgrup)","v":77.027110930269245},{"$f":"IF($C399=\"S\",IF($Z399=\"OU\",ROUND($X399,2),0),SomaAgrup)","v":0},{"$f":"IF($N399=\"\",\" \",\nIF(AND($C399<>\"S\",OR($R399=\"\",$R399=\"(digite a descrição aqui)\")),\"DESCRIÇÃO\",\nIF(AND($C399=\"S\",OR($Q399<>\"\",$T399>0,$U399>0),$P399=\"\"),\"FONTE\",\nIF(AND($C399=\"S\",$P399<>\"\",OR($T399>0,$U399>0),$Q399=\"\"),\"CÓDIGO\",\nIF(AND($C399=\"S\",$P399<>\"\",$Q399<>\"\",$R399=\"(Código não identificado nas referências)\"),\"CÓDIGO N/ID\",\nIF(AND($C399=\"S\",OR($R399=\"\",$R399=\"(digite a descrição aqui)\"),OR($Q399<>\"\",$T399>0,$U399>0)),\"DESCRIÇÃO\",\nIF(AND($C399=\"S\",$P399<>\"\",$Q399<>\"\",$S399=\"\"),\"UNIDADE\",\nIF(AND($C399=\"S\",$P399<>\"\",$Q399<>\"\",$U399=0),\"SEM CUSTO\",\nIF(AND(TIPOORCAMENTO=\"Licitado\",$AL399=0,$AN399>0),\"SEM PREÇO\",\nIF(AND($C399=\"S\",$P399<>\"\",$Q399<>\"\",$U399>0,AND($V399<>\"BDI 1\",$V399<>\"BDI 2\",$V399<>\"BDI 3\")),IF(ISNUMBER($V399),\"JUSTIFICAR BDI\",\"BDI\"),\nIF(OR(AND(import.recurso=\"OGU\",TIPOORCAMENTO=\"Proposto\",LEFT($O$8,5)<>\"(N/D:\",$AG399<>\"\",ORÇAMENTO.CustoUnitario>$AG399),AND(TIPOORCAMENTO=\"LICITADO\",ORÇAMENTO.PrecoUnitarioLicitado>$AN399)),\"ACIMA REF.\",\nIF(AND($C399=\"S\",$P399<>\"\",$Q399<>\"\",$T399=0,$U399>0),\"QUANT.\",\nIF(AND(Import.TipoArredondamento=\"TransfereGOV\",$L399=\"F\",$C399=\"S\",LEN($Q399)>13),\"Código >13\",\nIF(AND(Import.TipoArredondamento=\"TransfereGOV\",$L399=\"F\",$C399<>\"S\",LEN($R399)>100),\"Descrição >100\",\nIF(AND(Import.TipoArredondamento=\"TransfereGOV\",$L399=\"F\",$C399=\"S\",LEN($R399)>500),\"Descrição >500\",\nIF(AND(Import.TipoArredondamento=\"TransfereGOV\",$L399=\"F\",$C399=\"S\",LEFT(TRIM(UPPER($P399)),6)<>\"SINAPI\",ISNA(VLOOKUP(TRIM(UPPER($S399)),ListaTgov.Unidades,1,FALSE))),\"Unid. Não Disp\",\n\" \"))))))))))))))))","v":" "},{"$f":"IF(C399<=CRONO.NivelExibicao,MAX($AD$15:OFFSET(AD399,-1,0))+IF($C399<>1,1,MAX(1,COUNTIF(QCI!$A$13:$A$36,OFFSET($E399,-1,0)))),\"\")","v":""},{"$f":"IF(AND($C399=\"S\",ORÇAMENTO.CodBarra<>\"\"),IF(ORÇAMENTO.Fonte=\"\",ORÇAMENTO.CodBarra,CONCATENATE(ORÇAMENTO.Fonte,\" \",ORÇAMENTO.CodBarra)))","v":"Composição COMP115"},{"$f":"IF(ISERROR(ORÇAMENTO.BancoRef),\"(abra o arquivo 'Referência \"&Excel_BuiltIn_Database&\".xlsm)\",IF(OR($C399<>\"S\",ORÇAMENTO.CodBarra=\"\"),\"(Sem Código)\",IF(ISERROR(MATCH($AE399,INDIRECT(ORÇAMENTO.BancoRef),0)),\"(Código não identificado nas referências)\",MATCH($AE399,INDIRECT(ORÇAMENTO.BancoRef),0))))","v":117},{"$f":"ROUND(IF(DESONERACAO=\"sim\",REFERENCIA.Desonerado,REFERENCIA.NaoDesonerado),2)","v":355.23},0.25290000000000001,null,null,null,null,890.14,{"$f":"ROUND(ORÇAMENTO.CustoUnitario*(1+$AH399),2)","v":445.07}]
[2,2,2,6,{"$f":"IF($C400=1,OFFSET(E400,-1,0)+MAX(1,COUNTIF(QCI!$A$13:$A$36,OFFSET(ORÇAMENTO!E400,-1,0))),OFFSET(E400,-1,0))","v":17},2,0,0,0,{"$f":"IF(OR($C400=\"S\",$C400=0),0,MATCH(0,OFFSET($D400,1,$C400,ROW($C$472)-ROW($C400)),0))","v":20},{"$f":"IF(OR($C400=\"S\",$C400=0),0,MATCH(OFFSET($D400,0,$C400)+IF($C400<>1,1,COUNTIF(QCI!$A$13:$A$36,ORÇAMENTO!E400)),OFFSET($D400,1,$C400,ROW($C$472)-ROW($C400)),0))","v":6},"F","Nível 2","Nível 2","17.2.","SINAPI",null,{"$f":"IF($C400=\"S\",REFERENCIA.Descricao,\"ILUMINAÇÃO\")","v":"ILUMINAÇÃO"},{"$f":"REFERENCIA.Unidade","v":"-"},{"$f":"OFFSET(CÁLCULO!H$15,ROW($T400)-ROW(T$15),0)","v":0},null,"BDI 1",{"$f":"IF($C400=\"S\",ROUND(IF(TIPOORCAMENTO=\"Proposto\",ORÇAMENTO.CustoUnitario*(1+$AH400),ORÇAMENTO.PrecoUnitarioLicitado),15-13*$AF$10),0)","v":0},{"$f":"IF($C400=\"S\",IF(OR(Import.TipoArredondamento<>\"TransfereGOV\",ACOMPANHAMENTO=\"BM\"),VTOTAL1,SUM(OFFSET(CÁLCULO!$AI$15,ROW($X400)-ROW($X$15),1):OFFSET(CÁLCULO!$BB$15,ROW($X400)-ROW($X$15),-1))),IF($C400=0,0,ROUND(SomaAgrup,15-13*$AF$11)))","v":31820.58},"RA","",{"$f":"IF($C400=\"S\",IF($Z400=\"CP\",$X400,IF($Z400=\"RA\",(($X400)*QCI!$AA$3),0)),SomaAgrup)","v":2753.5526383776787},{"$f":"IF($C400=\"S\",IF($Z400=\"OU\",ROUND($X400,2),0),SomaAgrup)","v":0},{"$f":"IF($N400=\"\",\" \",\nIF(AND($C400<>\"S\",OR($R400=\"\",$R400=\"(digite a descrição aqui)\")),\"DESCRIÇÃO\",\nIF(AND($C400=\"S\",OR($Q400<>\"\",$T400>0,$U400>0),$P400=\"\"),\"FONTE\",\nIF(AND($C400=\"S\",$P400<>\"\",OR($T400>0,$U400>0),$Q400=\"\"),\"CÓDIGO\",\nIF(AND($C400=\"S\",$P400<>\"\",$Q400<>\"\",$R400=\"(Código não identificado nas referências)\"),\"CÓDIGO N/ID\",\nIF(AND($C400=\"S\",OR($R400=\"\",$R400=\"(digite a descrição aqui)\"),OR($Q400<>\"\",$T400>0,$U400>0)),\"DESCRIÇÃO\",\nIF(AND($C400=\"S\",$P400<>\"\",$Q400<>\"\",$S400=\"\"),\"UNIDADE\",\nIF(AND($C400=\"S\",$P400<>\"\",$Q400<>\"\",$U400=0),\"SEM CUSTO\",\nIF(AND(TIPOORCAMENTO=\"Licitado\",$AL400=0,$AN400>0),\"SEM PREÇO\",\nIF(AND($C400=\"S\",$P400<>\"\",$Q400<>\"\",$U400>0,AND($V400<>\"BDI 1\",$V400<>\"BDI 2\",$V400<>\"BDI 3\")),IF(ISNUMBER($V400),\"JUSTIFICAR BDI\",\"BDI\"),\nIF(OR(AND(import.recurso=\"OGU\",TIPOORCAMENTO=\"Proposto\",LEFT($O$8,5)<>\"(N/D:\",$AG400<>\"\",ORÇAMENTO.CustoUnitario>$AG400),AND(TIPOORCAMENTO=\"LICITADO\",ORÇAMENTO.PrecoUnitarioLicitado>$AN400)),\"ACIMA REF.\",\nIF(AND($C400=\"S\",$P400<>\"\",$Q400<>\"\",$T400=0,$U400>0),\"QUANT.\",\nIF(AND(Import.TipoArredondamento=\"TransfereGOV\",$L400=\"F\",$C400=\"S\",LEN($Q400)>13),\"Código >13\",\nIF(AND(Import.TipoArredondamento=\"TransfereGOV\",$L400=\"F\",$C400<>\"S\",LEN($R400)>100),\"Descrição >100\",\nIF(AND(Import.TipoArredondamento=\"TransfereGOV\",$L400=\"F\",$C400=\"S\",LEN($R400)>500),\"Descrição >500\",\nIF(AND(Import.TipoArredondamento=\"TransfereGOV\",$L400=\"F\",$C400=\"S\",LEFT(TRIM(UPPER($P400)),6)<>\"SINAPI\",ISNA(VLOOKUP(TRIM(UPPER($S400)),ListaTgov.Unidades,1,FALSE))),\"Unid. Não Disp\",\n\" \"))))))))))))))))","v":" "},{"$f":"IF(C400<=CRONO.NivelExibicao,MAX($AD$15:OFFSET(AD400,-1,0))+IF($C400<>1,1,MAX(1,COUNTIF(QCI!$A$13:$A$36,OFFSET($E400,-1,0)))),\"\")","v":57},{"$f":"IF(AND($C400=\"S\",ORÇAMENTO.CodBarra<>\"\"),IF(ORÇAMENTO.Fonte=\"\",ORÇAMENTO.CodBarra,CONCATENATE(ORÇAMENTO.Fonte,\" \",ORÇAMENTO.CodBarra)))","v":false},{"$f":"IF(ISERROR(ORÇAMENTO.BancoRef),\"(abra o arquivo 'Referência \"&Excel_BuiltIn_Database&\".xlsm)\",IF(OR($C400<>\"S\",ORÇAMENTO.CodBarra=\"\"),\"(Sem Código)\",IF(ISERROR(MATCH($AE400,INDIRECT(ORÇAMENTO.BancoRef),0)),\"(Código não identificado nas referências)\",MATCH($AE400,INDIRECT(ORÇAMENTO.BancoRef),0))))","v":"(Sem Código)"},{"$f":"ROUND(IF(DESONERACAO=\"sim\",REFERENCIA.Desonerado,REFERENCIA.NaoDesonerado),2)","v":0},0.25290000000000001,null,null,null,null,31820.58,{"$f":"ROUND(ORÇAMENTO.CustoUnitario*(1+$AH400),2)","v":0}]
["S",2,"S",0,{"$f":"IF($C401=1,OFFSET(E401,-1,0)+MAX(1,COUNTIF(QCI!$A$13:$A$36,OFFSET(ORÇAMENTO!E401,-1,0))),OFFSET(E401,-1,0))","v":17},2,0,0,1,0,{"$f":"IF(OR($C401=\"S\",$C401=0),0,MATCH(OFFSET($D401,0,$C401)+IF($C401<>1,1,COUNTIF(QCI!$A$13:$A$36,ORÇAMENTO!E401)),OFFSET($D401,1,$C401,ROW($C$472)-ROW($C401)),0))","v":0},"F","Serviço","Serviço","17.2.0.1.","SINAPI","97607",{"$f":"IF($C401=\"S\",REFERENCIA.Descricao,\"(digite a descrição aqui)\")","v":"LUMINÁRIA ARANDELA TIPO TARTARUGA, DE SOBREPOR, COM 1 LÂMPADA LED DE 6 W, SEM REATOR - FORNECIMENTO E INSTALAÇÃO. AF_09/2024"},{"$f":"REFERENCIA.Unidade","v":"UN"},{"$f":"OFFSET(CÁLCULO!H$15,ROW($T401)-ROW(T$15),0)","v":18},{"$f":"AG401","v":99.26},"BDI 1",{"$f":"IF($C401=\"S\",ROUND(IF(TIPOORCAMENTO=\"Proposto\",ORÇAMENTO.CustoUnitario*(1+$AH401),ORÇAMENTO.PrecoUnitarioLicitado),15-13*$AF$10),0)","v":124.36},{"$f":"IF($C401=\"S\",IF(OR(Import.TipoArredondamento<>\"TransfereGOV\",ACOMPANHAMENTO=\"BM\"),VTOTAL1,SUM(OFFSET(CÁLCULO!$AI$15,ROW($X401)-ROW($X$15),1):OFFSET(CÁLCULO!$BB$15,ROW($X401)-ROW($X$15),-1))),IF($C401=0,0,ROUND(SomaAgrup,15-13*$AF$11)))","v":2238.48},"RA","RA",{"$f":"IF($C401=\"S\",IF($Z401=\"CP\",$X401,IF($Z401=\"RA\",(($X401)*QCI!$AA$3),0)),SomaAgrup)","v":193.70396485405564},{"$f":"IF($C401=\"S\",IF($Z401=\"OU\",ROUND($X401,2),0),SomaAgrup)","v":0},{"$f":"IF($N401=\"\",\" \",\nIF(AND($C401<>\"S\",OR($R401=\"\",$R401=\"(digite a descrição aqui)\")),\"DESCRIÇÃO\",\nIF(AND($C401=\"S\",OR($Q401<>\"\",$T401>0,$U401>0),$P401=\"\"),\"FONTE\",\nIF(AND($C401=\"S\",$P401<>\"\",OR($T401>0,$U401>0),$Q401=\"\"),\"CÓDIGO\",\nIF(AND($C401=\"S\",$P401<>\"\",$Q401<>\"\",$R401=\"(Código não identificado nas referências)\"),\"CÓDIGO N/ID\",\nIF(AND($C401=\"S\",OR($R401=\"\",$R401=\"(digite a descrição aqui)\"),OR($Q401<>\"\",$T401>0,$U401>0)),\"DESCRIÇÃO\",\nIF(AND($C401=\"S\",$P401<>\"\",$Q401<>\"\",$S401=\"\"),\"UNIDADE\",\nIF(AND($C401=\"S\",$P401<>\"\",$Q401<>\"\",$U401=0),\"SEM CUSTO\",\nIF(AND(TIPOORCAMENTO=\"Licitado\",$AL401=0,$AN401>0),\"SEM PREÇO\",\nIF(AND($C401=\"S\",$P401<>\"\",$Q401<>\"\",$U401>0,AND($V401<>\"BDI 1\",$V401<>\"BDI 2\",$V401<>\"BDI 3\")),IF(ISNUMBER($V401),\"JUSTIFICAR BDI\",\"BDI\"),\nIF(OR(AND(import.recurso=\"OGU\",TIPOORCAMENTO=\"Proposto\",LEFT($O$8,5)<>\"(N/D:\",$AG401<>\"\",ORÇAMENTO.CustoUnitario>$AG401),AND(TIPOORCAMENTO=\"LICITADO\",ORÇAMENTO.PrecoUnitarioLicitado>$AN401)),\"ACIMA REF.\",\nIF(AND($C401=\"S\",$P401<>\"\",$Q401<>\"\",$T401=0,$U401>0),\"QUANT.\",\nIF(AND(Import.TipoArredondamento=\"TransfereGOV\",$L401=\"F\",$C401=\"S\",LEN($Q401)>13),\"Código >13\",\nIF(AND(Import.TipoArredondamento=\"TransfereGOV\",$L401=\"F\",$C401<>\"S\",LEN($R401)>100),\"Descrição >100\",\nIF(AND(Import.TipoArredondamento=\"TransfereGOV\",$L401=\"F\",$C401=\"S\",LEN($R401)>500),\"Descrição >500\",\nIF(AND(Import.TipoArredondamento=\"TransfereGOV\",$L401=\"F\",$C401=\"S\",LEFT(TRIM(UPPER($P401)),6)<>\"SINAPI\",ISNA(VLOOKUP(TRIM(UPPER($S401)),ListaTgov.Unidades,1,FALSE))),\"Unid. Não Disp\",\n\" \"))))))))))))))))","v":" "},{"$f":"IF(C401<=CRONO.NivelExibicao,MAX($AD$15:OFFSET(AD401,-1,0))+IF($C401<>1,1,MAX(1,COUNTIF(QCI!$A$13:$A$36,OFFSET($E401,-1,0)))),\"\")","v":""},{"$f":"IF(AND($C401=\"S\",ORÇAMENTO.CodBarra<>\"\"),IF(ORÇAMENTO.Fonte=\"\",ORÇAMENTO.CodBarra,CONCATENATE(ORÇAMENTO.Fonte,\" \",ORÇAMENTO.CodBarra)))","v":"SINAPI 97607"},{"$f":"IF(ISERROR(ORÇAMENTO.BancoRef),\"(abra o arquivo 'Referência \"&Excel_BuiltIn_Database&\".xlsm)\",IF(OR($C401<>\"S\",ORÇAMENTO.CodBarra=\"\"),\"(Sem Código)\",IF(ISERROR(MATCH($AE401,INDIRECT(ORÇAMENTO.BancoRef),0)),\"(Código não identificado nas referências)\",MATCH($AE401,INDIRECT(ORÇAMENTO.BancoRef),0))))","v":10567},{"$f":"ROUND(IF(DESONERACAO=\"sim\",REFERENCIA.Desonerado,REFERENCIA.NaoDesonerado),2)","v":99.26},0.25290000000000001,null,null,null,null,2238.48,{"$f":"ROUND(ORÇAMENTO.CustoUnitario*(1+$AH401),2)","v":124.36}]
["S",{"$f":"IF(OR(C402=\"s\",C402=0),OFFSET(B402,-1,0),C402)","v":2},{"$f":"IF(OFFSET(C402,-1,0)=\"L\",1,IF(OFFSET(C402,-1,0)=1,2,IF(OR(A402=\"s\",A402=0),\"S\",IF(AND(OFFSET(C402,-1,0)=2,A402=4),3,IF(AND(OR(OFFSET(C402,-1,0)=\"s\",OFFSET(C402,-1,0)=0),A402<>\"s\",A402>OFFSET(B402,-1,0)),OFFSET(B402,-1,0),A402)))))","v":"S"},{"$f":"IF(OR(C402=\"S\",C402=0),0,IF(ISERROR(K402),J402,SMALL(J402:K402,1)))","v":0},{"$f":"IF($C402=1,OFFSET(E402,-1,0)+MAX(1,COUNTIF(QCI!$A$13:$A$36,OFFSET(ORÇAMENTO!E402,-1,0))),OFFSET(E402,-1,0))","v":17},{"$f":"IF($C402=1,0,IF($C402=2,OFFSET(F402,-1,0)+1,OFFSET(F402,-1,0)))","v":2},{"$f":"IF(AND($C402<=2,$C402<>0),0,IF($C402=3,OFFSET(G402,-1,0)+1,OFFSET(G402,-1,0)))","v":0},{"$f":"IF(AND($C402<=3,$C402<>0),0,IF($C402=4,OFFSET(H402,-1,0)+1,OFFSET(H402,-1,0)))","v":0},{"$f":"IF(AND($C402<=4,$C402<>0),0,IF(AND($C402=\"S\",$X402>0),OFFSET(I402,-1,0)+1,OFFSET(I402,-1,0)))","v":2},0,{"$f":"IF(OR($C402=\"S\",$C402=0),0,MATCH(OFFSET($D402,0,$C402)+IF($C402<>1,1,COUNTIF(QCI!$A$13:$A$36,ORÇAMENTO!E402)),OFFSET($D402,1,$C402,ROW($C$472)-ROW($C402)),0))","v":0},{"$f":"IF(OR($X402>0,$C402=1,$C402=2,$C402=3,$C402=4),\"F\",\"\")","v":"F"},"Serviço",{"$f":"CHOOSE(1+LOG(1+2*(C402=1)+4*(C402=2)+8*(C402=3)+16*(C402=4)+32*(C402=\"S\"),2),\"\",\"Meta\",\"Nível 2\",\"Nível 3\",\"Nível 4\",\"Serviço\")","v":"Serviço"},{"$f":"IF(OR($C402=0,$L402=\"\"),\"-\",CONCATENATE(E402&\".\",IF(AND($A$5>=2,$C402>=2),F402&\".\",\"\"),IF(AND($A$5>=3,$C402>=3),G402&\".\",\"\"),IF(AND($A$5>=4,$C402>=4),H402&\".\",\"\"),IF($C402=\"S\",I402&\".\",\"\")))","v":"17.2.0.2."},"Composição","COMP116",{"$f":"IF($C402=\"S\",REFERENCIA.Descricao,\"(digite a descrição aqui)\")","v":"LUMINÁRIA LED RETANGULAR DE SOBREPOR COM DIFUSOR TRANSLÚCIDO, 4000 K, FLUXO LUMINOSO DE 3690 A 4800 LM, POTÊNCIA DE 35 W A 41 W"},{"$f":"REFERENCIA.Unidade","v":"UN"},{"$f":"OFFSET(CÁLCULO!H$15,ROW($T402)-ROW(T$15),0)","v":25},{"$f":"AG402","v":339.44},"BDI 1",{"$f":"IF($C402=\"S\",ROUND(IF(TIPOORCAMENTO=\"Proposto\",ORÇAMENTO.CustoUnitario*(1+$AH402),ORÇAMENTO.PrecoUnitarioLicitado),15-13*$AF$10),0)","v":425.28},{"$f":"IF($C402=\"S\",IF(OR(Import.TipoArredondamento<>\"TransfereGOV\",ACOMPANHAMENTO=\"BM\"),VTOTAL1,SUM(OFFSET(CÁLCULO!$AI$15,ROW($X402)-ROW($X$15),1):OFFSET(CÁLCULO!$BB$15,ROW($X402)-ROW($X$15),-1))),IF($C402=0,0,ROUND(SomaAgrup,15-13*$AF$11)))","v":10632},"RA",{"$f":"IF(AND($C402=\"S\",$X402>0),IF(ISBLANK($Y402),\"RA\",LEFT($Y402,2)),\"\")","v":"RA"},{"$f":"IF($C402=\"S\",IF($Z402=\"CP\",$X402,IF($Z402=\"RA\",(($X402)*QCI!$AA$3),0)),SomaAgrup)","v":920.02633676794949},{"$f":"IF($C402=\"S\",IF($Z402=\"OU\",ROUND($X402,2),0),SomaAgrup)","v":0},{"$f":"IF($N402=\"\",\" \",\nIF(AND($C402<>\"S\",OR($R402=\"\",$R402=\"(digite a descrição aqui)\")),\"DESCRIÇÃO\",\nIF(AND($C402=\"S\",OR($Q402<>\"\",$T402>0,$U402>0),$P402=\"\"),\"FONTE\",\nIF(AND($C402=\"S\",$P402<>\"\",OR($T402>0,$U402>0),$Q402=\"\"),\"CÓDIGO\",\nIF(AND($C402=\"S\",$P402<>\"\",$Q402<>\"\",$R402=\"(Código não identificado nas referências)\"),\"CÓDIGO N/ID\",\nIF(AND($C402=\"S\",OR($R402=\"\",$R402=\"(digite a descrição aqui)\"),OR($Q402<>\"\",$T402>0,$U402>0)),\"DESCRIÇÃO\",\nIF(AND($C402=\"S\",$P402<>\"\",$Q402<>\"\",$S402=\"\"),\"UNIDADE\",\nIF(AND($C402=\"S\",$P402<>\"\",$Q402<>\"\",$U402=0),\"SEM CUSTO\",\nIF(AND(TIPOORCAMENTO=\"Licitado\",$AL402=0,$AN402>0),\"SEM PREÇO\",\nIF(AND($C402=\"S\",$P402<>\"\",$Q402<>\"\",$U402>0,AND($V402<>\"BDI 1\",$V402<>\"BDI 2\",$V402<>\"BDI 3\")),IF(ISNUMBER($V402),\"JUSTIFICAR BDI\",\"BDI\"),\nIF(OR(AND(import.recurso=\"OGU\",TIPOORCAMENTO=\"Proposto\",LEFT($O$8,5)<>\"(N/D:\",$AG402<>\"\",ORÇAMENTO.CustoUnitario>$AG402),AND(TIPOORCAMENTO=\"LICITADO\",ORÇAMENTO.PrecoUnitarioLicitado>$AN402)),\"ACIMA REF.\",\nIF(AND($C402=\"S\",$P402<>\"\",$Q402<>\"\",$T402=0,$U402>0),\"QUANT.\",\nIF(AND(Import.TipoArredondamento=\"TransfereGOV\",$L402=\"F\",$C402=\"S\",LEN($Q402)>13),\"Código >13\",\nIF(AND(Import.TipoArredondamento=\"TransfereGOV\",$L402=\"F\",$C402<>\"S\",LEN($R402)>100),\"Descrição >100\",\nIF(AND(Import.TipoArredondamento=\"TransfereGOV\",$L402=\"F\",$C402=\"S\",LEN($R402)>500),\"Descrição >500\",\nIF(AND(Import.TipoArredondamento=\"TransfereGOV\",$L402=\"F\",$C402=\"S\",LEFT(TRIM(UPPER($P402)),6)<>\"SINAPI\",ISNA(VLOOKUP(TRIM(UPPER($S402)),ListaTgov.Unidades,1,FALSE))),\"Unid. Não Disp\",\n\" \"))))))))))))))))","v":" "},{"$f":"IF(C402<=CRONO.NivelExibicao,MAX($AD$15:OFFSET(AD402,-1,0))+IF($C402<>1,1,MAX(1,COUNTIF(QCI!$A$13:$A$36,OFFSET($E402,-1,0)))),\"\")","v":""},{"$f":"IF(AND($C402=\"S\",ORÇAMENTO.CodBarra<>\"\"),IF(ORÇAMENTO.Fonte=\"\",ORÇAMENTO.CodBarra,CONCATENATE(ORÇAMENTO.Fonte,\" \",ORÇAMENTO.CodBarra)))","v":"Composição COMP116"},{"$f":"IF(ISERROR(ORÇAMENTO.BancoRef),\"(abra o arquivo 'Referência \"&Excel_BuiltIn_Database&\".xlsm)\",IF(OR($C402<>\"S\",ORÇAMENTO.CodBarra=\"\"),\"(Sem Código)\",IF(ISERROR(MATCH($AE402,INDIRECT(ORÇAMENTO.BancoRef),0)),\"(Código não identificado nas referências)\",MATCH($AE402,INDIRECT(ORÇAMENTO.BancoRef),0))))","v":118},{"$f":"ROUND(IF(DESONERACAO=\"sim\",REFERENCIA.Desonerado,REFERENCIA.NaoDesonerado),2)","v":339.44},0.25290000000000001,null,null,null,null,{"$f":"$X402","v":10632},{"$f":"ROUND(ORÇAMENTO.CustoUnitario*(1+$AH402),2)","v":425.28}]
["S",2,"S",0,{"$f":"IF($C403=1,OFFSET(E403,-1,0)+MAX(1,COUNTIF(QCI!$A$13:$A$36,OFFSET(ORÇAMENTO!E403,-1,0))),OFFSET(E403,-1,0))","v":17},2,0,0,3,0,{"$f":"IF(OR($C403=\"S\",$C403=0),0,MATCH(OFFSET($D403,0,$C403)+IF($C403<>1,1,COUNTIF(QCI!$A$13:$A$36,ORÇAMENTO!E403)),OFFSET($D403,1,$C403,ROW($C$472)-ROW($C403)),0))","v":0},"F","Serviço","Serviço","17.2.0.3.","Composição","COMP117",{"$f":"IF($C403=\"S\",REFERENCIA.Descricao,\"(digite a descrição aqui)\")","v":"LUMINARIA DE EMBUTIR PLAFON 18W LED BRANCO FRIO 22,5x22,5"},{"$f":"REFERENCIA.Unidade","v":"UN"},{"$f":"OFFSET(CÁLCULO!H$15,ROW($T403)-ROW(T$15),0)","v":10},86.13,"BDI 1",{"$f":"IF($C403=\"S\",ROUND(IF(TIPOORCAMENTO=\"Proposto\",ORÇAMENTO.CustoUnitario*(1+$AH403),ORÇAMENTO.PrecoUnitarioLicitado),15-13*$AF$10),0)","v":107.91},{"$f":"IF($C403=\"S\",IF(OR(Import.TipoArredondamento<>\"TransfereGOV\",ACOMPANHAMENTO=\"BM\"),VTOTAL1,SUM(OFFSET(CÁLCULO!$AI$15,ROW($X403)-ROW($X$15),1):OFFSET(CÁLCULO!$BB$15,ROW($X403)-ROW($X$15),-1))),IF($C403=0,0,ROUND(SomaAgrup,15-13*$AF$11)))","v":1079.0999999999999},"RA","RA",{"$f":"IF($C403=\"S\",IF($Z403=\"CP\",$X403,IF($Z403=\"RA\",(($X403)*QCI!$AA$3),0)),SomaAgrup)","v":93.378519564173644},{"$f":"IF($C403=\"S\",IF($Z403=\"OU\",ROUND($X403,2),0),SomaAgrup)","v":0},{"$f":"IF($N403=\"\",\" \",\nIF(AND($C403<>\"S\",OR($R403=\"\",$R403=\"(digite a descrição aqui)\")),\"DESCRIÇÃO\",\nIF(AND($C403=\"S\",OR($Q403<>\"\",$T403>0,$U403>0),$P403=\"\"),\"FONTE\",\nIF(AND($C403=\"S\",$P403<>\"\",OR($T403>0,$U403>0),$Q403=\"\"),\"CÓDIGO\",\nIF(AND($C403=\"S\",$P403<>\"\",$Q403<>\"\",$R403=\"(Código não identificado nas referências)\"),\"CÓDIGO N/ID\",\nIF(AND($C403=\"S\",OR($R403=\"\",$R403=\"(digite a descrição aqui)\"),OR($Q403<>\"\",$T403>0,$U403>0)),\"DESCRIÇÃO\",\nIF(AND($C403=\"S\",$P403<>\"\",$Q403<>\"\",$S403=\"\"),\"UNIDADE\",\nIF(AND($C403=\"S\",$P403<>\"\",$Q403<>\"\",$U403=0),\"SEM CUSTO\",\nIF(AND(TIPOORCAMENTO=\"Licitado\",$AL403=0,$AN403>0),\"SEM PREÇO\",\nIF(AND($C403=\"S\",$P403<>\"\",$Q403<>\"\",$U403>0,AND($V403<>\"BDI 1\",$V403<>\"BDI 2\",$V403<>\"BDI 3\")),IF(ISNUMBER($V403),\"JUSTIFICAR BDI\",\"BDI\"),\nIF(OR(AND(import.recurso=\"OGU\",TIPOORCAMENTO=\"Proposto\",LEFT($O$8,5)<>\"(N/D:\",$AG403<>\"\",ORÇAMENTO.CustoUnitario>$AG403),AND(TIPOORCAMENTO=\"LICITADO\",ORÇAMENTO.PrecoUnitarioLicitado>$AN403)),\"ACIMA REF.\",\nIF(AND($C403=\"S\",$P403<>\"\",$Q403<>\"\",$T403=0,$U403>0),\"QUANT.\",\nIF(AND(Import.TipoArredondamento=\"TransfereGOV\",$L403=\"F\",$C403=\"S\",LEN($Q403)>13),\"Código >13\",\nIF(AND(Import.TipoArredondamento=\"TransfereGOV\",$L403=\"F\",$C403<>\"S\",LEN($R403)>100),\"Descrição >100\",\nIF(AND(Import.TipoArredondamento=\"TransfereGOV\",$L403=\"F\",$C403=\"S\",LEN($R403)>500),\"Descrição >500\",\nIF(AND(Import.TipoArredondamento=\"TransfereGOV\",$L403=\"F\",$C403=\"S\",LEFT(TRIM(UPPER($P403)),6)<>\"SINAPI\",ISNA(VLOOKUP(TRIM(UPPER($S403)),ListaTgov.Unidades,1,FALSE))),\"Unid. Não Disp\",\n\" \"))))))))))))))))","v":" "},{"$f":"IF(C403<=CRONO.NivelExibicao,MAX($AD$15:OFFSET(AD403,-1,0))+IF($C403<>1,1,MAX(1,COUNTIF(QCI!$A$13:$A$36,OFFSET($E403,-1,0)))),\"\")","v":""},{"$f":"IF(AND($C403=\"S\",ORÇAMENTO.CodBarra<>\"\"),IF(ORÇAMENTO.Fonte=\"\",ORÇAMENTO.CodBarra,CONCATENATE(ORÇAMENTO.Fonte,\" \",ORÇAMENTO.CodBarra)))","v":"Composição COMP117"},{"$f":"IF(ISERROR(ORÇAMENTO.BancoRef),\"(abra o arquivo 'Referência \"&Excel_BuiltIn_Database&\".xlsm)\",IF(OR($C403<>\"S\",ORÇAMENTO.CodBarra=\"\"),\"(Sem Código)\",IF(ISERROR(MATCH($AE403,INDIRECT(ORÇAMENTO.BancoRef),0)),\"(Código não identificado nas referências)\",MATCH($AE403,INDIRECT(ORÇAMENTO.BancoRef),0))))","v":120},{"$f":"ROUND(IF(DESONERACAO=\"sim\",REFERENCIA.Desonerado,REFERENCIA.NaoDesonerado),2)","v":86.13},0.25290000000000001,null,null,null,null,1079.0999999999999,{"$f":"ROUND(ORÇAMENTO.CustoUnitario*(1+$AH403),2)","v":107.91}]
["S",2,"S",0,{"$f":"IF($C404=1,OFFSET(E404,-1,0)+MAX(1,COUNTIF(QCI!$A$13:$A$36,OFFSET(ORÇAMENTO!E404,-1,0))),OFFSET(E404,-1,0))","v":17},2,0,0,4,0,{"$f":"IF(OR($C404=\"S\",$C404=0),0,MATCH(OFFSET($D404,0,$C404)+IF($C404<>1,1,COUNTIF(QCI!$A$13:$A$36,ORÇAMENTO!E404)),OFFSET($D404,1,$C404,ROW($C$472)-ROW($C404)),0))","v":0},"F","Serviço","Serviço","17.2.0.4.","Composição","COMP118",{"$f":"IF($C404=\"S\",REFERENCIA.Descricao,\"(digite a descrição aqui)\")","v":"LUMINÁRIA PLAFON (SOBREPOR) 40 X 40 - 36 W - 6000K - G- LIGHT OU SIMILAR"},{"$f":"REFERENCIA.Unidade","v":"UN"},{"$f":"OFFSET(CÁLCULO!H$15,ROW($T404)-ROW(T$15),0)","v":50},230.85,"BDI 1",{"$f":"IF($C404=\"S\",ROUND(IF(TIPOORCAMENTO=\"Proposto\",ORÇAMENTO.CustoUnitario*(1+$AH404),ORÇAMENTO.PrecoUnitarioLicitado),15-13*$AF$10),0)","v":289.23},{"$f":"IF($C404=\"S\",IF(OR(Import.TipoArredondamento<>\"TransfereGOV\",ACOMPANHAMENTO=\"BM\"),VTOTAL1,SUM(OFFSET(CÁLCULO!$AI$15,ROW($X404)-ROW($X$15),1):OFFSET(CÁLCULO!$BB$15,ROW($X404)-ROW($X$15),-1))),IF($C404=0,0,ROUND(SomaAgrup,15-13*$AF$11)))","v":14461.5},"RA","RA",{"$f":"IF($C404=\"S\",IF($Z404=\"CP\",$X404,IF($Z404=\"RA\",(($X404)*QCI!$AA$3),0)),SomaAgrup)","v":1251.4071547375565},{"$f":"IF($C404=\"S\",IF($Z404=\"OU\",ROUND($X404,2),0),SomaAgrup)","v":0},{"$f":"IF($N404=\"\",\" \",\nIF(AND($C404<>\"S\",OR($R404=\"\",$R404=\"(digite a descrição aqui)\")),\"DESCRIÇÃO\",\nIF(AND($C404=\"S\",OR($Q404<>\"\",$T404>0,$U404>0),$P404=\"\"),\"FONTE\",\nIF(AND($C404=\"S\",$P404<>\"\",OR($T404>0,$U404>0),$Q404=\"\"),\"CÓDIGO\",\nIF(AND($C404=\"S\",$P404<>\"\",$Q404<>\"\",$R404=\"(Código não identificado nas referências)\"),\"CÓDIGO N/ID\",\nIF(AND($C404=\"S\",OR($R404=\"\",$R404=\"(digite a descrição aqui)\"),OR($Q404<>\"\",$T404>0,$U404>0)),\"DESCRIÇÃO\",\nIF(AND($C404=\"S\",$P404<>\"\",$Q404<>\"\",$S404=\"\"),\"UNIDADE\",\nIF(AND($C404=\"S\",$P404<>\"\",$Q404<>\"\",$U404=0),\"SEM CUSTO\",\nIF(AND(TIPOORCAMENTO=\"Licitado\",$AL404=0,$AN404>0),\"SEM PREÇO\",\nIF(AND($C404=\"S\",$P404<>\"\",$Q404<>\"\",$U404>0,AND($V404<>\"BDI 1\",$V404<>\"BDI 2\",$V404<>\"BDI 3\")),IF(ISNUMBER($V404),\"JUSTIFICAR BDI\",\"BDI\"),\nIF(OR(AND(import.recurso=\"OGU\",TIPOORCAMENTO=\"Proposto\",LEFT($O$8,5)<>\"(N/D:\",$AG404<>\"\",ORÇAMENTO.CustoUnitario>$AG404),AND(TIPOORCAMENTO=\"LICITADO\",ORÇAMENTO.PrecoUnitarioLicitado>$AN404)),\"ACIMA REF.\",\nIF(AND($C404=\"S\",$P404<>\"\",$Q404<>\"\",$T404=0,$U404>0),\"QUANT.\",\nIF(AND(Import.TipoArredondamento=\"TransfereGOV\",$L404=\"F\",$C404=\"S\",LEN($Q404)>13),\"Código >13\",\nIF(AND(Import.TipoArredondamento=\"TransfereGOV\",$L404=\"F\",$C404<>\"S\",LEN($R404)>100),\"Descrição >100\",\nIF(AND(Import.TipoArredondamento=\"TransfereGOV\",$L404=\"F\",$C404=\"S\",LEN($R404)>500),\"Descrição >500\",\nIF(AND(Import.TipoArredondamento=\"TransfereGOV\",$L404=\"F\",$C404=\"S\",LEFT(TRIM(UPPER($P404)),6)<>\"SINAPI\",ISNA(VLOOKUP(TRIM(UPPER($S404)),ListaTgov.Unidades,1,FALSE))),\"Unid. Não Disp\",\n\" \"))))))))))))))))","v":" "},{"$f":"IF(C404<=CRONO.NivelExibicao,MAX($AD$15:OFFSET(AD404,-1,0))+IF($C404<>1,1,MAX(1,COUNTIF(QCI!$A$13:$A$36,OFFSET($E404,-1,0)))),\"\")","v":""},{"$f":"IF(AND($C404=\"S\",ORÇAMENTO.CodBarra<>\"\"),IF(ORÇAMENTO.Fonte=\"\",ORÇAMENTO.CodBarra,CONCATENATE(ORÇAMENTO.Fonte,\" \",ORÇAMENTO.CodBarra)))","v":"Composição COMP118"},{"$f":"IF(ISERROR(ORÇAMENTO.BancoRef),\"(abra o arquivo 'Referência \"&Excel_BuiltIn_Database&\".xlsm)\",IF(OR($C404<>\"S\",ORÇAMENTO.CodBarra=\"\"),\"(Sem Código)\",IF(ISERROR(MATCH($AE404,INDIRECT(ORÇAMENTO.BancoRef),0)),\"(Código não identificado nas referências)\",MATCH($AE404,INDIRECT(ORÇAMENTO.BancoRef),0))))","v":119},{"$f":"ROUND(IF(DESONERACAO=\"sim\",REFERENCIA.Desonerado,REFERENCIA.NaoDesonerado),2)","v":230.85},0.25290000000000001,null,null,null,null,14461.5,{"$f":"ROUND(ORÇAMENTO.CustoUnitario*(1+$AH404),2)","v":289.23}]
["S",2,"S",0,{"$f":"IF($C405=1,OFFSET(E405,-1,0)+MAX(1,COUNTIF(QCI!$A$13:$A$36,OFFSET(ORÇAMENTO!E405,-1,0))),OFFSET(E405,-1,0))","v":17},2,0,0,5,0,{"$f":"IF(OR($C405=\"S\",$C405=0),0,MATCH(OFFSET($D405,0,$C405)+IF($C405<>1,1,COUNTIF(QCI!$A$13:$A$36,ORÇAMENTO!E405)),OFFSET($D405,1,$C405,ROW($C$472)-ROW($C405)),0))","v":0},"F","Serviço","Serviço","17.2.0.5.","Composição","COMP119",{"$f":"IF($C405=\"S\",REFERENCIA.Descricao,\"(digite a descrição aqui)\")","v":"LUMINARIA COLUNA/PISO CUPULA REDONDA TECIDO, BASE/HASTE ACO"},{"$f":"REFERENCIA.Unidade","v":"UN"},{"$f":"OFFSET(CÁLCULO!H$15,ROW($T405)-ROW(T$15),0)","v":6},453.55,"BDI 1",{"$f":"IF($C405=\"S\",ROUND(IF(TIPOORCAMENTO=\"Proposto\",ORÇAMENTO.CustoUnitario*(1+$AH405),ORÇAMENTO.PrecoUnitarioLicitado),15-13*$AF$10),0)","v":568.25},{"$f":"IF($C405=\"S\",IF(OR(Import.TipoArredondamento<>\"TransfereGOV\",ACOMPANHAMENTO=\"BM\"),VTOTAL1,SUM(OFFSET(CÁLCULO!$AI$15,ROW($X405)-ROW($X$15),1):OFFSET(CÁLCULO!$BB$15,ROW($X405)-ROW($X$15),-1))),IF($C405=0,0,ROUND(SomaAgrup,15-13*$AF$11)))","v":3409.5},"RA","RA",{"$f":"IF($C405=\"S\",IF($Z405=\"CP\",$X405,IF($Z405=\"RA\",(($X405)*QCI!$AA$3),0)),SomaAgrup)","v":295.03666245394317},{"$f":"IF($C405=\"S\",IF($Z405=\"OU\",ROUND($X405,2),0),SomaAgrup)","v":0},{"$f":"IF($N405=\"\",\" \",\nIF(AND($C405<>\"S\",OR($R405=\"\",$R405=\"(digite a descrição aqui)\")),\"DESCRIÇÃO\",\nIF(AND($C405=\"S\",OR($Q405<>\"\",$T405>0,$U405>0),$P405=\"\"),\"FONTE\",\nIF(AND($C405=\"S\",$P405<>\"\",OR($T405>0,$U405>0),$Q405=\"\"),\"CÓDIGO\",\nIF(AND($C405=\"S\",$P405<>\"\",$Q405<>\"\",$R405=\"(Código não identificado nas referências)\"),\"CÓDIGO N/ID\",\nIF(AND($C405=\"S\",OR($R405=\"\",$R405=\"(digite a descrição aqui)\"),OR($Q405<>\"\",$T405>0,$U405>0)),\"DESCRIÇÃO\",\nIF(AND($C405=\"S\",$P405<>\"\",$Q405<>\"\",$S405=\"\"),\"UNIDADE\",\nIF(AND($C405=\"S\",$P405<>\"\",$Q405<>\"\",$U405=0),\"SEM CUSTO\",\nIF(AND(TIPOORCAMENTO=\"Licitado\",$AL405=0,$AN405>0),\"SEM PREÇO\",\nIF(AND($C405=\"S\",$P405<>\"\",$Q405<>\"\",$U405>0,AND($V405<>\"BDI 1\",$V405<>\"BDI 2\",$V405<>\"BDI 3\")),IF(ISNUMBER($V405),\"JUSTIFICAR BDI\",\"BDI\"),\nIF(OR(AND(import.recurso=\"OGU\",TIPOORCAMENTO=\"Proposto\",LEFT($O$8,5)<>\"(N/D:\",$AG405<>\"\",ORÇAMENTO.CustoUnitario>$AG405),AND(TIPOORCAMENTO=\"LICITADO\",ORÇAMENTO.PrecoUnitarioLicitado>$AN405)),\"ACIMA REF.\",\nIF(AND($C405=\"S\",$P405<>\"\",$Q405<>\"\",$T405=0,$U405>0),\"QUANT.\",\nIF(AND(Import.TipoArredondamento=\"TransfereGOV\",$L405=\"F\",$C405=\"S\",LEN($Q405)>13),\"Código >13\",\nIF(AND(Import.TipoArredondamento=\"TransfereGOV\",$L405=\"F\",$C405<>\"S\",LEN($R405)>100),\"Descrição >100\",\nIF(AND(Import.TipoArredondamento=\"TransfereGOV\",$L405=\"F\",$C405=\"S\",LEN($R405)>500),\"Descrição >500\",\nIF(AND(Import.TipoArredondamento=\"TransfereGOV\",$L405=\"F\",$C405=\"S\",LEFT(TRIM(UPPER($P405)),6)<>\"SINAPI\",ISNA(VLOOKUP(TRIM(UPPER($S405)),ListaTgov.Unidades,1,FALSE))),\"Unid. Não Disp\",\n\" \"))))))))))))))))","v":" "},{"$f":"IF(C405<=CRONO.NivelExibicao,MAX($AD$15:OFFSET(AD405,-1,0))+IF($C405<>1,1,MAX(1,COUNTIF(QCI!$A$13:$A$36,OFFSET($E405,-1,0)))),\"\")","v":""},{"$f":"IF(AND($C405=\"S\",ORÇAMENTO.CodBarra<>\"\"),IF(ORÇAMENTO.Fonte=\"\",ORÇAMENTO.CodBarra,CONCATENATE(ORÇAMENTO.Fonte,\" \",ORÇAMENTO.CodBarra)))","v":"Composição COMP119"},{"$f":"IF(ISERROR(ORÇAMENTO.BancoRef),\"(abra o arquivo 'Referência \"&Excel_BuiltIn_Database&\".xlsm)\",IF(OR($C405<>\"S\",ORÇAMENTO.CodBarra=\"\"),\"(Sem Código)\",IF(ISERROR(MATCH($AE405,INDIRECT(ORÇAMENTO.BancoRef),0)),\"(Código não identificado nas referências)\",MATCH($AE405,INDIRECT(ORÇAMENTO.BancoRef),0))))","v":121},{"$f":"ROUND(IF(DESONERACAO=\"sim\",REFERENCIA.Desonerado,REFERENCIA.NaoDesonerado),2)","v":453.55},0.25290000000000001,null,null,null,null,3409.5,{"$f":"ROUND(ORÇAMENTO.CustoUnitario*(1+$AH405),2)","v":568.25}]
[2,2,2,14,{"$f":"IF($C406=1,OFFSET(E406,-1,0)+MAX(1,COUNTIF(QCI!$A$13:$A$36,OFFSET(ORÇAMENTO!E406,-1,0))),OFFSET(E406,-1,0))","v":17},3,0,0,0,14,{"$f":"IF(OR($C406=\"S\",$C406=0),0,MATCH(OFFSET($D406,0,$C406)+IF($C406<>1,1,COUNTIF(QCI!$A$13:$A$36,ORÇAMENTO!E406)),OFFSET($D406,1,$C406,ROW($C$472)-ROW($C406)),0))","v":{"$error":"#N/A"}},"F","Nível 2","Nível 2","17.3.","SINAPI",null,{"$f":"IF($C406=\"S\",REFERENCIA.Descricao,\"SPDA\")","v":"SPDA"},{"$f":"REFERENCIA.Unidade","v":"-"},{"$f":"OFFSET(CÁLCULO!H$15,ROW($T406)-ROW(T$15),0)","v":0},null,"BDI 1",{"$f":"IF($C406=\"S\",ROUND(IF(TIPOORCAMENTO=\"Proposto\",ORÇAMENTO.CustoUnitario*(1+$AH406),ORÇAMENTO.PrecoUnitarioLicitado),15-13*$AF$10),0)","v":0},{"$f":"IF($C406=\"S\",IF(OR(Import.TipoArredondamento<>\"TransfereGOV\",ACOMPANHAMENTO=\"BM\"),VTOTAL1,SUM(OFFSET(CÁLCULO!$AI$15,ROW($X406)-ROW($X$15),1):OFFSET(CÁLCULO!$BB$15,ROW($X406)-ROW($X$15),-1))),IF($C406=0,0,ROUND(SomaAgrup,15-13*$AF$11)))","v":39170.44},"RA","",{"$f":"IF($C406=\"S\",IF($Z406=\"CP\",$X406,IF($Z406=\"RA\",(($X406)*QCI!$AA$3),0)),SomaAgrup)","v":3389.5632451832917},{"$f":"IF($C406=\"S\",IF($Z406=\"OU\",ROUND($X406,2),0),SomaAgrup)","v":0},{"$f":"IF($N406=\"\",\" \",\nIF(AND($C406<>\"S\",OR($R406=\"\",$R406=\"(digite a descrição aqui)\")),\"DESCRIÇÃO\",\nIF(AND($C406=\"S\",OR($Q406<>\"\",$T406>0,$U406>0),$P406=\"\"),\"FONTE\",\nIF(AND($C406=\"S\",$P406<>\"\",OR($T406>0,$U406>0),$Q406=\"\"),\"CÓDIGO\",\nIF(AND($C406=\"S\",$P406<>\"\",$Q406<>\"\",$R406=\"(Código não identificado nas referências)\"),\"CÓDIGO N/ID\",\nIF(AND($C406=\"S\",OR($R406=\"\",$R406=\"(digite a descrição aqui)\"),OR($Q406<>\"\",$T406>0,$U406>0)),\"DESCRIÇÃO\",\nIF(AND($C406=\"S\",$P406<>\"\",$Q406<>\"\",$S406=\"\"),\"UNIDADE\",\nIF(AND($C406=\"S\",$P406<>\"\",$Q406<>\"\",$U406=0),\"SEM CUSTO\",\nIF(AND(TIPOORCAMENTO=\"Licitado\",$AL406=0,$AN406>0),\"SEM PREÇO\",\nIF(AND($C406=\"S\",$P406<>\"\",$Q406<>\"\",$U406>0,AND($V406<>\"BDI 1\",$V406<>\"BDI 2\",$V406<>\"BDI 3\")),IF(ISNUMBER($V406),\"JUSTIFICAR BDI\",\"BDI\"),\nIF(OR(AND(import.recurso=\"OGU\",TIPOORCAMENTO=\"Proposto\",LEFT($O$8,5)<>\"(N/D:\",$AG406<>\"\",ORÇAMENTO.CustoUnitario>$AG406),AND(TIPOORCAMENTO=\"LICITADO\",ORÇAMENTO.PrecoUnitarioLicitado>$AN406)),\"ACIMA REF.\",\nIF(AND($C406=\"S\",$P406<>\"\",$Q406<>\"\",$T406=0,$U406>0),\"QUANT.\",\nIF(AND(Import.TipoArredondamento=\"TransfereGOV\",$L406=\"F\",$C406=\"S\",LEN($Q406)>13),\"Código >13\",\nIF(AND(Import.TipoArredondamento=\"TransfereGOV\",$L406=\"F\",$C406<>\"S\",LEN($R406)>100),\"Descrição >100\",\nIF(AND(Import.TipoArredondamento=\"TransfereGOV\",$L406=\"F\",$C406=\"S\",LEN($R406)>500),\"Descrição >500\",\nIF(AND(Import.TipoArredondamento=\"TransfereGOV\",$L406=\"F\",$C406=\"S\",LEFT(TRIM(UPPER($P406)),6)<>\"SINAPI\",ISNA(VLOOKUP(TRIM(UPPER($S406)),ListaTgov.Unidades,1,FALSE))),\"Unid. Não Disp\",\n\" \"))))))))))))))))","v":" "},{"$f":"IF(C406<=CRONO.NivelExibicao,MAX($AD$15:OFFSET(AD406,-1,0))+IF($C406<>1,1,MAX(1,COUNTIF(QCI!$A$13:$A$36,OFFSET($E406,-1,0)))),\"\")","v":58},{"$f":"IF(AND($C406=\"S\",ORÇAMENTO.CodBarra<>\"\"),IF(ORÇAMENTO.Fonte=\"\",ORÇAMENTO.CodBarra,CONCATENATE(ORÇAMENTO.Fonte,\" \",ORÇAMENTO.CodBarra)))","v":false},{"$f":"IF(ISERROR(ORÇAMENTO.BancoRef),\"(abra o arquivo 'Referência \"&Excel_BuiltIn_Database&\".xlsm)\",IF(OR($C406<>\"S\",ORÇAMENTO.CodBarra=\"\"),\"(Sem Código)\",IF(ISERROR(MATCH($AE406,INDIRECT(ORÇAMENTO.BancoRef),0)),\"(Código não identificado nas referências)\",MATCH($AE406,INDIRECT(ORÇAMENTO.BancoRef),0))))","v":"(Sem Código)"},{"$f":"ROUND(IF(DESONERACAO=\"sim\",REFERENCIA.Desonerado,REFERENCIA.NaoDesonerado),2)","v":0},0.25290000000000001,null,null,null,null,39170.44,{"$f":"ROUND(ORÇAMENTO.CustoUnitario*(1+$AH406),2)","v":0}]
["S",2,"S",0,{"$f":"IF($C407=1,OFFSET(E407,-1,0)+MAX(1,COUNTIF(QCI!$A$13:$A$36,OFFSET(ORÇAMENTO!E407,-1,0))),OFFSET(E407,-1,0))","v":17},3,0,0,1,0,{"$f":"IF(OR($C407=\"S\",$C407=0),0,MATCH(OFFSET($D407,0,$C407)+IF($C407<>1,1,COUNTIF(QCI!$A$13:$A$36,ORÇAMENTO!E407)),OFFSET($D407,1,$C407,ROW($C$472)-ROW($C407)),0))","v":0},"F","Serviço","Serviço","17.3.0.1.","Composição","COMP120",{"$f":"IF($C407=\"S\",REFERENCIA.Descricao,\"(digite a descrição aqui)\")","v":"CAIXA DE EQUIPOTENCIALIZAÇÃO EM AÇO 200X200X90MM, PARA EMBUTIR COM TAMPA, COM9 TERMINAIS, REF:TEL-901 OU SIMILAR (SPDA)"},{"$f":"REFERENCIA.Unidade","v":"UN"},{"$f":"OFFSET(CÁLCULO!H$15,ROW($T407)-ROW(T$15),0)","v":1},{"$f":"AG407","v":400.07},"BDI 1",{"$f":"IF($C407=\"S\",ROUND(IF(TIPOORCAMENTO=\"Proposto\",ORÇAMENTO.CustoUnitario*(1+$AH407),ORÇAMENTO.PrecoUnitarioLicitado),15-13*$AF$10),0)","v":501.25},{"$f":"IF($C407=\"S\",IF(OR(Import.TipoArredondamento<>\"TransfereGOV\",ACOMPANHAMENTO=\"BM\"),VTOTAL1,SUM(OFFSET(CÁLCULO!$AI$15,ROW($X407)-ROW($X$15),1):OFFSET(CÁLCULO!$BB$15,ROW($X407)-ROW($X$15),-1))),IF($C407=0,0,ROUND(SomaAgrup,15-13*$AF$11)))","v":501.25},"RA","RA",{"$f":"IF($C407=\"S\",IF($Z407=\"CP\",$X407,IF($Z407=\"RA\",(($X407)*QCI!$AA$3),0)),SomaAgrup)","v":43.37501893387271},{"$f":"IF($C407=\"S\",IF($Z407=\"OU\",ROUND($X407,2),0),SomaAgrup)","v":0},{"$f":"IF($N407=\"\",\" \",\nIF(AND($C407<>\"S\",OR($R407=\"\",$R407=\"(digite a descrição aqui)\")),\"DESCRIÇÃO\",\nIF(AND($C407=\"S\",OR($Q407<>\"\",$T407>0,$U407>0),$P407=\"\"),\"FONTE\",\nIF(AND($C407=\"S\",$P407<>\"\",OR($T407>0,$U407>0),$Q407=\"\"),\"CÓDIGO\",\nIF(AND($C407=\"S\",$P407<>\"\",$Q407<>\"\",$R407=\"(Código não identificado nas referências)\"),\"CÓDIGO N/ID\",\nIF(AND($C407=\"S\",OR($R407=\"\",$R407=\"(digite a descrição aqui)\"),OR($Q407<>\"\",$T407>0,$U407>0)),\"DESCRIÇÃO\",\nIF(AND($C407=\"S\",$P407<>\"\",$Q407<>\"\",$S407=\"\"),\"UNIDADE\",\nIF(AND($C407=\"S\",$P407<>\"\",$Q407<>\"\",$U407=0),\"SEM CUSTO\",\nIF(AND(TIPOORCAMENTO=\"Licitado\",$AL407=0,$AN407>0),\"SEM PREÇO\",\nIF(AND($C407=\"S\",$P407<>\"\",$Q407<>\"\",$U407>0,AND($V407<>\"BDI 1\",$V407<>\"BDI 2\",$V407<>\"BDI 3\")),IF(ISNUMBER($V407),\"JUSTIFICAR BDI\",\"BDI\"),\nIF(OR(AND(import.recurso=\"OGU\",TIPOORCAMENTO=\"Proposto\",LEFT($O$8,5)<>\"(N/D:\",$AG407<>\"\",ORÇAMENTO.CustoUnitario>$AG407),AND(TIPOORCAMENTO=\"LICITADO\",ORÇAMENTO.PrecoUnitarioLicitado>$AN407)),\"ACIMA REF.\",\nIF(AND($C407=\"S\",$P407<>\"\",$Q407<>\"\",$T407=0,$U407>0),\"QUANT.\",\nIF(AND(Import.TipoArredondamento=\"TransfereGOV\",$L407=\"F\",$C407=\"S\",LEN($Q407)>13),\"Código >13\",\nIF(AND(Import.TipoArredondamento=\"TransfereGOV\",$L407=\"F\",$C407<>\"S\",LEN($R407)>100),\"Descrição >100\",\nIF(AND(Import.TipoArredondamento=\"TransfereGOV\",$L407=\"F\",$C407=\"S\",LEN($R407)>500),\"Descrição >500\",\nIF(AND(Import.TipoArredondamento=\"TransfereGOV\",$L407=\"F\",$C407=\"S\",LEFT(TRIM(UPPER($P407)),6)<>\"SINAPI\",ISNA(VLOOKUP(TRIM(UPPER($S407)),ListaTgov.Unidades,1,FALSE))),\"Unid. Não Disp\",\n\" \"))))))))))))))))","v":" "},{"$f":"IF(C407<=CRONO.NivelExibicao,MAX($AD$15:OFFSET(AD407,-1,0))+IF($C407<>1,1,MAX(1,COUNTIF(QCI!$A$13:$A$36,OFFSET($E407,-1,0)))),\"\")","v":""},{"$f":"IF(AND($C407=\"S\",ORÇAMENTO.CodBarra<>\"\"),IF(ORÇAMENTO.Fonte=\"\",ORÇAMENTO.CodBarra,CONCATENATE(ORÇAMENTO.Fonte,\" \",ORÇAMENTO.CodBarra)))","v":"Composição COMP120"},{"$f":"IF(ISERROR(ORÇAMENTO.BancoRef),\"(abra o arquivo 'Referência \"&Excel_BuiltIn_Database&\".xlsm)\",IF(OR($C407<>\"S\",ORÇAMENTO.CodBarra=\"\"),\"(Sem Código)\",IF(ISERROR(MATCH($AE407,INDIRECT(ORÇAMENTO.BancoRef),0)),\"(Código não identificado nas referências)\",MATCH($AE407,INDIRECT(ORÇAMENTO.BancoRef),0))))","v":122},{"$f":"ROUND(IF(DESONERACAO=\"sim\",REFERENCIA.Desonerado,REFERENCIA.NaoDesonerado),2)","v":400.07},0.25290000000000001,null,null,null,null,501.25,{"$f":"ROUND(ORÇAMENTO.CustoUnitario*(1+$AH407),2)","v":501.25}]
["S",2,"S",0,{"$f":"IF($C408=1,OFFSET(E408,-1,0)+MAX(1,COUNTIF(QCI!$A$13:$A$36,OFFSET(ORÇAMENTO!E408,-1,0))),OFFSET(E408,-1,0))","v":17},3,0,0,2,0,{"$f":"IF(OR($C408=\"S\",$C408=0),0,MATCH(OFFSET($D408,0,$C408)+IF($C408<>1,1,COUNTIF(QCI!$A$13:$A$36,ORÇAMENTO!E408)),OFFSET($D408,1,$C408,ROW($C$472)-ROW($C408)),0))","v":0},"F","Serviço","Serviço","17.3.0.2.","SINAPI","101801",{"$f":"IF($C408=\"S\",REFERENCIA.Descricao,\"(digite a descrição aqui)\")","v":"CAIXA COM GRELHA RETANGULAR DE FERRO FUNDIDO, EM ALVENARIA COM BLOCOS DE CONCRETO, DIMENSÕES INTERNAS: 0,30 X 1,00 X 1,00. AF_12/2020"},{"$f":"REFERENCIA.Unidade","v":"UN"},{"$f":"OFFSET(CÁLCULO!H$15,ROW($T408)-ROW(T$15),0)","v":9},{"$f":"AG408","v":1029.98},"BDI 1",{"$f":"IF($C408=\"S\",ROUND(IF(TIPOORCAMENTO=\"Proposto\",ORÇAMENTO.CustoUnitario*(1+$AH408),ORÇAMENTO.PrecoUnitarioLicitado),15-13*$AF$10),0)","v":1290.46},{"$f":"IF($C408=\"S\",IF(OR(Import.TipoArredondamento<>\"TransfereGOV\",ACOMPANHAMENTO=\"BM\"),VTOTAL1,SUM(OFFSET(CÁLCULO!$AI$15,ROW($X408)-ROW($X$15),1):OFFSET(CÁLCULO!$BB$15,ROW($X408)-ROW($X$15),-1))),IF($C408=0,0,ROUND(SomaAgrup,15-13*$AF$11)))","v":11614.14},"RA","RA",{"$f":"IF($C408=\"S\",IF($Z408=\"CP\",$X408,IF($Z408=\"RA\",(($X408)*QCI!$AA$3),0)),SomaAgrup)","v":1005.0145484302212},{"$f":"IF($C408=\"S\",IF($Z408=\"OU\",ROUND($X408,2),0),SomaAgrup)","v":0},{"$f":"IF($N408=\"\",\" \",\nIF(AND($C408<>\"S\",OR($R408=\"\",$R408=\"(digite a descrição aqui)\")),\"DESCRIÇÃO\",\nIF(AND($C408=\"S\",OR($Q408<>\"\",$T408>0,$U408>0),$P408=\"\"),\"FONTE\",\nIF(AND($C408=\"S\",$P408<>\"\",OR($T408>0,$U408>0),$Q408=\"\"),\"CÓDIGO\",\nIF(AND($C408=\"S\",$P408<>\"\",$Q408<>\"\",$R408=\"(Código não identificado nas referências)\"),\"CÓDIGO N/ID\",\nIF(AND($C408=\"S\",OR($R408=\"\",$R408=\"(digite a descrição aqui)\"),OR($Q408<>\"\",$T408>0,$U408>0)),\"DESCRIÇÃO\",\nIF(AND($C408=\"S\",$P408<>\"\",$Q408<>\"\",$S408=\"\"),\"UNIDADE\",\nIF(AND($C408=\"S\",$P408<>\"\",$Q408<>\"\",$U408=0),\"SEM CUSTO\",\nIF(AND(TIPOORCAMENTO=\"Licitado\",$AL408=0,$AN408>0),\"SEM PREÇO\",\nIF(AND($C408=\"S\",$P408<>\"\",$Q408<>\"\",$U408>0,AND($V408<>\"BDI 1\",$V408<>\"BDI 2\",$V408<>\"BDI 3\")),IF(ISNUMBER($V408),\"JUSTIFICAR BDI\",\"BDI\"),\nIF(OR(AND(import.recurso=\"OGU\",TIPOORCAMENTO=\"Proposto\",LEFT($O$8,5)<>\"(N/D:\",$AG408<>\"\",ORÇAMENTO.CustoUnitario>$AG408),AND(TIPOORCAMENTO=\"LICITADO\",ORÇAMENTO.PrecoUnitarioLicitado>$AN408)),\"ACIMA REF.\",\nIF(AND($C408=\"S\",$P408<>\"\",$Q408<>\"\",$T408=0,$U408>0),\"QUANT.\",\nIF(AND(Import.TipoArredondamento=\"TransfereGOV\",$L408=\"F\",$C408=\"S\",LEN($Q408)>13),\"Código >13\",\nIF(AND(Import.TipoArredondamento=\"TransfereGOV\",$L408=\"F\",$C408<>\"S\",LEN($R408)>100),\"Descrição >100\",\nIF(AND(Import.TipoArredondamento=\"TransfereGOV\",$L408=\"F\",$C408=\"S\",LEN($R408)>500),\"Descrição >500\",\nIF(AND(Import.TipoArredondamento=\"TransfereGOV\",$L408=\"F\",$C408=\"S\",LEFT(TRIM(UPPER($P408)),6)<>\"SINAPI\",ISNA(VLOOKUP(TRIM(UPPER($S408)),ListaTgov.Unidades,1,FALSE))),\"Unid. Não Disp\",\n\" \"))))))))))))))))","v":" "},{"$f":"IF(C408<=CRONO.NivelExibicao,MAX($AD$15:OFFSET(AD408,-1,0))+IF($C408<>1,1,MAX(1,COUNTIF(QCI!$A$13:$A$36,OFFSET($E408,-1,0)))),\"\")","v":""},{"$f":"IF(AND($C408=\"S\",ORÇAMENTO.CodBarra<>\"\"),IF(ORÇAMENTO.Fonte=\"\",ORÇAMENTO.CodBarra,CONCATENATE(ORÇAMENTO.Fonte,\" \",ORÇAMENTO.CodBarra)))","v":"SINAPI 101801"},{"$f":"IF(ISERROR(ORÇAMENTO.BancoRef),\"(abra o arquivo 'Referência \"&Excel_BuiltIn_Database&\".xlsm)\",IF(OR($C408<>\"S\",ORÇAMENTO.CodBarra=\"\"),\"(Sem Código)\",IF(ISERROR(MATCH($AE408,INDIRECT(ORÇAMENTO.BancoRef),0)),\"(Código não identificado nas referências)\",MATCH($AE408,INDIRECT(ORÇAMENTO.BancoRef),0))))","v":7373},{"$f":"ROUND(IF(DESONERACAO=\"sim\",REFERENCIA.Desonerado,REFERENCIA.NaoDesonerado),2)","v":1029.98},0.25290000000000001,null,null,null,null,11614.14,{"$f":"ROUND(ORÇAMENTO.CustoUnitario*(1+$AH408),2)","v":1290.46}]
["S",2,"S",0,{"$f":"IF($C409=1,OFFSET(E409,-1,0)+MAX(1,COUNTIF(QCI!$A$13:$A$36,OFFSET(ORÇAMENTO!E409,-1,0))),OFFSET(E409,-1,0))","v":17},3,0,0,3,0,{"$f":"IF(OR($C409=\"S\",$C409=0),0,MATCH(OFFSET($D409,0,$C409)+IF($C409<>1,1,COUNTIF(QCI!$A$13:$A$36,ORÇAMENTO!E409)),OFFSET($D409,1,$C409,ROW($C$472)-ROW($C409)),0))","v":0},"F","Serviço","Serviço","17.3.0.3.","SINAPI","98111",{"$f":"IF($C409=\"S\",REFERENCIA.Descricao,\"(digite a descrição aqui)\")","v":"CAIXA DE INSPEÇÃO PARA ATERRAMENTO, CIRCULAR, EM POLIETILENO, DIÂMETRO INTERNO = 0,3 M. AF_12/2020"},{"$f":"REFERENCIA.Unidade","v":"UN"},{"$f":"OFFSET(CÁLCULO!H$15,ROW($T409)-ROW(T$15),0)","v":9},57.04,"BDI 1",{"$f":"IF($C409=\"S\",ROUND(IF(TIPOORCAMENTO=\"Proposto\",ORÇAMENTO.CustoUnitario*(1+$AH409),ORÇAMENTO.PrecoUnitarioLicitado),15-13*$AF$10),0)","v":71.47},{"$f":"IF($C409=\"S\",IF(OR(Import.TipoArredondamento<>\"TransfereGOV\",ACOMPANHAMENTO=\"BM\"),VTOTAL1,SUM(OFFSET(CÁLCULO!$AI$15,ROW($X409)-ROW($X$15),1):OFFSET(CÁLCULO!$BB$15,ROW($X409)-ROW($X$15),-1))),IF($C409=0,0,ROUND(SomaAgrup,15-13*$AF$11)))","v":643.23},"RA","RA",{"$f":"IF($C409=\"S\",IF($Z409=\"CP\",$X409,IF($Z409=\"RA\",(($X409)*QCI!$AA$3),0)),SomaAgrup)","v":55.661074172239296},{"$f":"IF($C409=\"S\",IF($Z409=\"OU\",ROUND($X409,2),0),SomaAgrup)","v":0},{"$f":"IF($N409=\"\",\" \",\nIF(AND($C409<>\"S\",OR($R409=\"\",$R409=\"(digite a descrição aqui)\")),\"DESCRIÇÃO\",\nIF(AND($C409=\"S\",OR($Q409<>\"\",$T409>0,$U409>0),$P409=\"\"),\"FONTE\",\nIF(AND($C409=\"S\",$P409<>\"\",OR($T409>0,$U409>0),$Q409=\"\"),\"CÓDIGO\",\nIF(AND($C409=\"S\",$P409<>\"\",$Q409<>\"\",$R409=\"(Código não identificado nas referências)\"),\"CÓDIGO N/ID\",\nIF(AND($C409=\"S\",OR($R409=\"\",$R409=\"(digite a descrição aqui)\"),OR($Q409<>\"\",$T409>0,$U409>0)),\"DESCRIÇÃO\",\nIF(AND($C409=\"S\",$P409<>\"\",$Q409<>\"\",$S409=\"\"),\"UNIDADE\",\nIF(AND($C409=\"S\",$P409<>\"\",$Q409<>\"\",$U409=0),\"SEM CUSTO\",\nIF(AND(TIPOORCAMENTO=\"Licitado\",$AL409=0,$AN409>0),\"SEM PREÇO\",\nIF(AND($C409=\"S\",$P409<>\"\",$Q409<>\"\",$U409>0,AND($V409<>\"BDI 1\",$V409<>\"BDI 2\",$V409<>\"BDI 3\")),IF(ISNUMBER($V409),\"JUSTIFICAR BDI\",\"BDI\"),\nIF(OR(AND(import.recurso=\"OGU\",TIPOORCAMENTO=\"Proposto\",LEFT($O$8,5)<>\"(N/D:\",$AG409<>\"\",ORÇAMENTO.CustoUnitario>$AG409),AND(TIPOORCAMENTO=\"LICITADO\",ORÇAMENTO.PrecoUnitarioLicitado>$AN409)),\"ACIMA REF.\",\nIF(AND($C409=\"S\",$P409<>\"\",$Q409<>\"\",$T409=0,$U409>0),\"QUANT.\",\nIF(AND(Import.TipoArredondamento=\"TransfereGOV\",$L409=\"F\",$C409=\"S\",LEN($Q409)>13),\"Código >13\",\nIF(AND(Import.TipoArredondamento=\"TransfereGOV\",$L409=\"F\",$C409<>\"S\",LEN($R409)>100),\"Descrição >100\",\nIF(AND(Import.TipoArredondamento=\"TransfereGOV\",$L409=\"F\",$C409=\"S\",LEN($R409)>500),\"Descrição >500\",\nIF(AND(Import.TipoArredondamento=\"TransfereGOV\",$L409=\"F\",$C409=\"S\",LEFT(TRIM(UPPER($P409)),6)<>\"SINAPI\",ISNA(VLOOKUP(TRIM(UPPER($S409)),ListaTgov.Unidades,1,FALSE))),\"Unid. Não Disp\",\n\" \"))))))))))))))))","v":" "},{"$f":"IF(C409<=CRONO.NivelExibicao,MAX($AD$15:OFFSET(AD409,-1,0))+IF($C409<>1,1,MAX(1,COUNTIF(QCI!$A$13:$A$36,OFFSET($E409,-1,0)))),\"\")","v":""},{"$f":"IF(AND($C409=\"S\",ORÇAMENTO.CodBarra<>\"\"),IF(ORÇAMENTO.Fonte=\"\",ORÇAMENTO.CodBarra,CONCATENATE(ORÇAMENTO.Fonte,\" \",ORÇAMENTO.CodBarra)))","v":"SINAPI 98111"},{"$f":"IF(ISERROR(ORÇAMENTO.BancoRef),\"(abra o arquivo 'Referência \"&Excel_BuiltIn_Database&\".xlsm)\",IF(OR($C409<>\"S\",ORÇAMENTO.CodBarra=\"\"),\"(Sem Código)\",IF(ISERROR(MATCH($AE409,INDIRECT(ORÇAMENTO.BancoRef),0)),\"(Código não identificado nas referências)\",MATCH($AE409,INDIRECT(ORÇAMENTO.BancoRef),0))))","v":7383},{"$f":"ROUND(IF(DESONERACAO=\"sim\",REFERENCIA.Desonerado,REFERENCIA.NaoDesonerado),2)","v":57.04},0.25290000000000001,null,null,null,null,643.23,{"$f":"ROUND(ORÇAMENTO.CustoUnitario*(1+$AH409),2)","v":71.47}]
["S",2,"S",0,{"$f":"IF($C410=1,OFFSET(E410,-1,0)+MAX(1,COUNTIF(QCI!$A$13:$A$36,OFFSET(ORÇAMENTO!E410,-1,0))),OFFSET(E410,-1,0))","v":17},3,0,0,4,0,{"$f":"IF(OR($C410=\"S\",$C410=0),0,MATCH(OFFSET($D410,0,$C410)+IF($C410<>1,1,COUNTIF(QCI!$A$13:$A$36,ORÇAMENTO!E410)),OFFSET($D410,1,$C410,ROW($C$472)-ROW($C410)),0))","v":0},"F","Serviço","Serviço","17.3.0.4.","SINAPI","96986",{"$f":"IF($C410=\"S\",REFERENCIA.Descricao,\"(digite a descrição aqui)\")","v":"HASTE DE ATERRAMENTO, DIÂMETRO 3/4\", COM 3 METROS - FORNECIMENTO E INSTALAÇÃO. AF_08/2023"},{"$f":"REFERENCIA.Unidade","v":"UN"},{"$f":"OFFSET(CÁLCULO!H$15,ROW($T410)-ROW(T$15),0)","v":9},156.54,"BDI 1",{"$f":"IF($C410=\"S\",ROUND(IF(TIPOORCAMENTO=\"Proposto\",ORÇAMENTO.CustoUnitario*(1+$AH410),ORÇAMENTO.PrecoUnitarioLicitado),15-13*$AF$10),0)","v":196.13},{"$f":"IF($C410=\"S\",IF(OR(Import.TipoArredondamento<>\"TransfereGOV\",ACOMPANHAMENTO=\"BM\"),VTOTAL1,SUM(OFFSET(CÁLCULO!$AI$15,ROW($X410)-ROW($X$15),1):OFFSET(CÁLCULO!$BB$15,ROW($X410)-ROW($X$15),-1))),IF($C410=0,0,ROUND(SomaAgrup,15-13*$AF$11)))","v":1765.17},"RA","RA",{"$f":"IF($C410=\"S\",IF($Z410=\"CP\",$X410,IF($Z410=\"RA\",(($X410)*QCI!$AA$3),0)),SomaAgrup)","v":152.74669759901067},{"$f":"IF($C410=\"S\",IF($Z410=\"OU\",ROUND($X410,2),0),SomaAgrup)","v":0},{"$f":"IF($N410=\"\",\" \",\nIF(AND($C410<>\"S\",OR($R410=\"\",$R410=\"(digite a descrição aqui)\")),\"DESCRIÇÃO\",\nIF(AND($C410=\"S\",OR($Q410<>\"\",$T410>0,$U410>0),$P410=\"\"),\"FONTE\",\nIF(AND($C410=\"S\",$P410<>\"\",OR($T410>0,$U410>0),$Q410=\"\"),\"CÓDIGO\",\nIF(AND($C410=\"S\",$P410<>\"\",$Q410<>\"\",$R410=\"(Código não identificado nas referências)\"),\"CÓDIGO N/ID\",\nIF(AND($C410=\"S\",OR($R410=\"\",$R410=\"(digite a descrição aqui)\"),OR($Q410<>\"\",$T410>0,$U410>0)),\"DESCRIÇÃO\",\nIF(AND($C410=\"S\",$P410<>\"\",$Q410<>\"\",$S410=\"\"),\"UNIDADE\",\nIF(AND($C410=\"S\",$P410<>\"\",$Q410<>\"\",$U410=0),\"SEM CUSTO\",\nIF(AND(TIPOORCAMENTO=\"Licitado\",$AL410=0,$AN410>0),\"SEM PREÇO\",\nIF(AND($C410=\"S\",$P410<>\"\",$Q410<>\"\",$U410>0,AND($V410<>\"BDI 1\",$V410<>\"BDI 2\",$V410<>\"BDI 3\")),IF(ISNUMBER($V410),\"JUSTIFICAR BDI\",\"BDI\"),\nIF(OR(AND(import.recurso=\"OGU\",TIPOORCAMENTO=\"Proposto\",LEFT($O$8,5)<>\"(N/D:\",$AG410<>\"\",ORÇAMENTO.CustoUnitario>$AG410),AND(TIPOORCAMENTO=\"LICITADO\",ORÇAMENTO.PrecoUnitarioLicitado>$AN410)),\"ACIMA REF.\",\nIF(AND($C410=\"S\",$P410<>\"\",$Q410<>\"\",$T410=0,$U410>0),\"QUANT.\",\nIF(AND(Import.TipoArredondamento=\"TransfereGOV\",$L410=\"F\",$C410=\"S\",LEN($Q410)>13),\"Código >13\",\nIF(AND(Import.TipoArredondamento=\"TransfereGOV\",$L410=\"F\",$C410<>\"S\",LEN($R410)>100),\"Descrição >100\",\nIF(AND(Import.TipoArredondamento=\"TransfereGOV\",$L410=\"F\",$C410=\"S\",LEN($R410)>500),\"Descrição >500\",\nIF(AND(Import.TipoArredondamento=\"TransfereGOV\",$L410=\"F\",$C410=\"S\",LEFT(TRIM(UPPER($P410)),6)<>\"SINAPI\",ISNA(VLOOKUP(TRIM(UPPER($S410)),ListaTgov.Unidades,1,FALSE))),\"Unid. Não Disp\",\n\" \"))))))))))))))))","v":" "},{"$f":"IF(C410<=CRONO.NivelExibicao,MAX($AD$15:OFFSET(AD410,-1,0))+IF($C410<>1,1,MAX(1,COUNTIF(QCI!$A$13:$A$36,OFFSET($E410,-1,0)))),\"\")","v":""},{"$f":"IF(AND($C410=\"S\",ORÇAMENTO.CodBarra<>\"\"),IF(ORÇAMENTO.Fonte=\"\",ORÇAMENTO.CodBarra,CONCATENATE(ORÇAMENTO.Fonte,\" \",ORÇAMENTO.CodBarra)))","v":"SINAPI 96986"},{"$f":"IF(ISERROR(ORÇAMENTO.BancoRef),\"(abra o arquivo 'Referência \"&Excel_BuiltIn_Database&\".xlsm)\",IF(OR($C410<>\"S\",ORÇAMENTO.CodBarra=\"\"),\"(Sem Código)\",IF(ISERROR(MATCH($AE410,INDIRECT(ORÇAMENTO.BancoRef),0)),\"(Código não identificado nas referências)\",MATCH($AE410,INDIRECT(ORÇAMENTO.BancoRef),0))))","v":15228},{"$f":"ROUND(IF(DESONERACAO=\"sim\",REFERENCIA.Desonerado,REFERENCIA.NaoDesonerado),2)","v":156.54},0.25290000000000001,null,null,null,null,1765.17,{"$f":"ROUND(ORÇAMENTO.CustoUnitario*(1+$AH410),2)","v":196.13}]
["S",2,"S",0,{"$f":"IF($C411=1,OFFSET(E411,-1,0)+MAX(1,COUNTIF(QCI!$A$13:$A$36,OFFSET(ORÇAMENTO!E411,-1,0))),OFFSET(E411,-1,0))","v":17},3,0,0,5,0,{"$f":"IF(OR($C411=\"S\",$C411=0),0,MATCH(OFFSET($D411,0,$C411)+IF($C411<>1,1,COUNTIF(QCI!$A$13:$A$36,ORÇAMENTO!E411)),OFFSET($D411,1,$C411,ROW($C$472)-ROW($C411)),0))","v":0},"F","Serviço","Serviço","17.3.0.5.","SINAPI","96989",{"$f":"IF($C411=\"S\",REFERENCIA.Descricao,\"(digite a descrição aqui)\")","v":"CAPTOR TIPO FRANKLIN PARA SPDA - FORNECIMENTO E INSTALAÇÃO. AF_08/2023"},{"$f":"REFERENCIA.Unidade","v":"UN"},{"$f":"OFFSET(CÁLCULO!H$15,ROW($T411)-ROW(T$15),0)","v":1},127.99,"BDI 1",{"$f":"IF($C411=\"S\",ROUND(IF(TIPOORCAMENTO=\"Proposto\",ORÇAMENTO.CustoUnitario*(1+$AH411),ORÇAMENTO.PrecoUnitarioLicitado),15-13*$AF$10),0)","v":160.36000000000001},{"$f":"IF($C411=\"S\",IF(OR(Import.TipoArredondamento<>\"TransfereGOV\",ACOMPANHAMENTO=\"BM\"),VTOTAL1,SUM(OFFSET(CÁLCULO!$AI$15,ROW($X411)-ROW($X$15),1):OFFSET(CÁLCULO!$BB$15,ROW($X411)-ROW($X$15),-1))),IF($C411=0,0,ROUND(SomaAgrup,15-13*$AF$11)))","v":160.36000000000001},"RA","RA",{"$f":"IF($C411=\"S\",IF($Z411=\"CP\",$X411,IF($Z411=\"RA\",(($X411)*QCI!$AA$3),0)),SomaAgrup)","v":13.876544710694921},{"$f":"IF($C411=\"S\",IF($Z411=\"OU\",ROUND($X411,2),0),SomaAgrup)","v":0},{"$f":"IF($N411=\"\",\" \",\nIF(AND($C411<>\"S\",OR($R411=\"\",$R411=\"(digite a descrição aqui)\")),\"DESCRIÇÃO\",\nIF(AND($C411=\"S\",OR($Q411<>\"\",$T411>0,$U411>0),$P411=\"\"),\"FONTE\",\nIF(AND($C411=\"S\",$P411<>\"\",OR($T411>0,$U411>0),$Q411=\"\"),\"CÓDIGO\",\nIF(AND($C411=\"S\",$P411<>\"\",$Q411<>\"\",$R411=\"(Código não identificado nas referências)\"),\"CÓDIGO N/ID\",\nIF(AND($C411=\"S\",OR($R411=\"\",$R411=\"(digite a descrição aqui)\"),OR($Q411<>\"\",$T411>0,$U411>0)),\"DESCRIÇÃO\",\nIF(AND($C411=\"S\",$P411<>\"\",$Q411<>\"\",$S411=\"\"),\"UNIDADE\",\nIF(AND($C411=\"S\",$P411<>\"\",$Q411<>\"\",$U411=0),\"SEM CUSTO\",\nIF(AND(TIPOORCAMENTO=\"Licitado\",$AL411=0,$AN411>0),\"SEM PREÇO\",\nIF(AND($C411=\"S\",$P411<>\"\",$Q411<>\"\",$U411>0,AND($V411<>\"BDI 1\",$V411<>\"BDI 2\",$V411<>\"BDI 3\")),IF(ISNUMBER($V411),\"JUSTIFICAR BDI\",\"BDI\"),\nIF(OR(AND(import.recurso=\"OGU\",TIPOORCAMENTO=\"Proposto\",LEFT($O$8,5)<>\"(N/D:\",$AG411<>\"\",ORÇAMENTO.CustoUnitario>$AG411),AND(TIPOORCAMENTO=\"LICITADO\",ORÇAMENTO.PrecoUnitarioLicitado>$AN411)),\"ACIMA REF.\",\nIF(AND($C411=\"S\",$P411<>\"\",$Q411<>\"\",$T411=0,$U411>0),\"QUANT.\",\nIF(AND(Import.TipoArredondamento=\"TransfereGOV\",$L411=\"F\",$C411=\"S\",LEN($Q411)>13),\"Código >13\",\nIF(AND(Import.TipoArredondamento=\"TransfereGOV\",$L411=\"F\",$C411<>\"S\",LEN($R411)>100),\"Descrição >100\",\nIF(AND(Import.TipoArredondamento=\"TransfereGOV\",$L411=\"F\",$C411=\"S\",LEN($R411)>500),\"Descrição >500\",\nIF(AND(Import.TipoArredondamento=\"TransfereGOV\",$L411=\"F\",$C411=\"S\",LEFT(TRIM(UPPER($P411)),6)<>\"SINAPI\",ISNA(VLOOKUP(TRIM(UPPER($S411)),ListaTgov.Unidades,1,FALSE))),\"Unid. Não Disp\",\n\" \"))))))))))))))))","v":" "},{"$f":"IF(C411<=CRONO.NivelExibicao,MAX($AD$15:OFFSET(AD411,-1,0))+IF($C411<>1,1,MAX(1,COUNTIF(QCI!$A$13:$A$36,OFFSET($E411,-1,0)))),\"\")","v":""},{"$f":"IF(AND($C411=\"S\",ORÇAMENTO.CodBarra<>\"\"),IF(ORÇAMENTO.Fonte=\"\",ORÇAMENTO.CodBarra,CONCATENATE(ORÇAMENTO.Fonte,\" \",ORÇAMENTO.CodBarra)))","v":"SINAPI 96989"},{"$f":"IF(ISERROR(ORÇAMENTO.BancoRef),\"(abra o arquivo 'Referência \"&Excel_BuiltIn_Database&\".xlsm)\",IF(OR($C411<>\"S\",ORÇAMENTO.CodBarra=\"\"),\"(Sem Código)\",IF(ISERROR(MATCH($AE411,INDIRECT(ORÇAMENTO.BancoRef),0)),\"(Código não identificado nas referências)\",MATCH($AE411,INDIRECT(ORÇAMENTO.BancoRef),0))))","v":15202},{"$f":"ROUND(IF(DESONERACAO=\"sim\",REFERENCIA.Desonerado,REFERENCIA.NaoDesonerado),2)","v":127.99},0.25290000000000001,null,null,null,null,160.36000000000001,{"$f":"ROUND(ORÇAMENTO.CustoUnitario*(1+$AH411),2)","v":160.36000000000001}]
["S",2,"S",0,{"$f":"IF($C412=1,OFFSET(E412,-1,0)+MAX(1,COUNTIF(QCI!$A$13:$A$36,OFFSET(ORÇAMENTO!E412,-1,0))),OFFSET(E412,-1,0))","v":17},3,0,0,6,0,{"$f":"IF(OR($C412=\"S\",$C412=0),0,MATCH(OFFSET($D412,0,$C412)+IF($C412<>1,1,COUNTIF(QCI!$A$13:$A$36,ORÇAMENTO!E412)),OFFSET($D412,1,$C412,ROW($C$472)-ROW($C412)),0))","v":0},"F","Serviço","Serviço","17.3.0.6.","SINAPI","96988",{"$f":"IF($C412=\"S\",REFERENCIA.Descricao,\"(digite a descrição aqui)\")","v":"MASTRO 1 ½\", COM 3 METROS, PARA SPDA - FORNECIMENTO E INSTALAÇÃO. AF_08/2023"},{"$f":"REFERENCIA.Unidade","v":"UN"},{"$f":"OFFSET(CÁLCULO!H$15,ROW($T412)-ROW(T$15),0)","v":2},152.91999999999999,"BDI 1",{"$f":"IF($C412=\"S\",ROUND(IF(TIPOORCAMENTO=\"Proposto\",ORÇAMENTO.CustoUnitario*(1+$AH412),ORÇAMENTO.PrecoUnitarioLicitado),15-13*$AF$10),0)","v":191.59},{"$f":"IF($C412=\"S\",IF(OR(Import.TipoArredondamento<>\"TransfereGOV\",ACOMPANHAMENTO=\"BM\"),VTOTAL1,SUM(OFFSET(CÁLCULO!$AI$15,ROW($X412)-ROW($X$15),1):OFFSET(CÁLCULO!$BB$15,ROW($X412)-ROW($X$15),-1))),IF($C412=0,0,ROUND(SomaAgrup,15-13*$AF$11)))","v":383.18},"RA","RA",{"$f":"IF($C412=\"S\",IF($Z412=\"CP\",$X412,IF($Z412=\"RA\",(($X412)*QCI!$AA$3),0)),SomaAgrup)","v":33.157984548790715},{"$f":"IF($C412=\"S\",IF($Z412=\"OU\",ROUND($X412,2),0),SomaAgrup)","v":0},{"$f":"IF($N412=\"\",\" \",\nIF(AND($C412<>\"S\",OR($R412=\"\",$R412=\"(digite a descrição aqui)\")),\"DESCRIÇÃO\",\nIF(AND($C412=\"S\",OR($Q412<>\"\",$T412>0,$U412>0),$P412=\"\"),\"FONTE\",\nIF(AND($C412=\"S\",$P412<>\"\",OR($T412>0,$U412>0),$Q412=\"\"),\"CÓDIGO\",\nIF(AND($C412=\"S\",$P412<>\"\",$Q412<>\"\",$R412=\"(Código não identificado nas referências)\"),\"CÓDIGO N/ID\",\nIF(AND($C412=\"S\",OR($R412=\"\",$R412=\"(digite a descrição aqui)\"),OR($Q412<>\"\",$T412>0,$U412>0)),\"DESCRIÇÃO\",\nIF(AND($C412=\"S\",$P412<>\"\",$Q412<>\"\",$S412=\"\"),\"UNIDADE\",\nIF(AND($C412=\"S\",$P412<>\"\",$Q412<>\"\",$U412=0),\"SEM CUSTO\",\nIF(AND(TIPOORCAMENTO=\"Licitado\",$AL412=0,$AN412>0),\"SEM PREÇO\",\nIF(AND($C412=\"S\",$P412<>\"\",$Q412<>\"\",$U412>0,AND($V412<>\"BDI 1\",$V412<>\"BDI 2\",$V412<>\"BDI 3\")),IF(ISNUMBER($V412),\"JUSTIFICAR BDI\",\"BDI\"),\nIF(OR(AND(import.recurso=\"OGU\",TIPOORCAMENTO=\"Proposto\",LEFT($O$8,5)<>\"(N/D:\",$AG412<>\"\",ORÇAMENTO.CustoUnitario>$AG412),AND(TIPOORCAMENTO=\"LICITADO\",ORÇAMENTO.PrecoUnitarioLicitado>$AN412)),\"ACIMA REF.\",\nIF(AND($C412=\"S\",$P412<>\"\",$Q412<>\"\",$T412=0,$U412>0),\"QUANT.\",\nIF(AND(Import.TipoArredondamento=\"TransfereGOV\",$L412=\"F\",$C412=\"S\",LEN($Q412)>13),\"Código >13\",\nIF(AND(Import.TipoArredondamento=\"TransfereGOV\",$L412=\"F\",$C412<>\"S\",LEN($R412)>100),\"Descrição >100\",\nIF(AND(Import.TipoArredondamento=\"TransfereGOV\",$L412=\"F\",$C412=\"S\",LEN($R412)>500),\"Descrição >500\",\nIF(AND(Import.TipoArredondamento=\"TransfereGOV\",$L412=\"F\",$C412=\"S\",LEFT(TRIM(UPPER($P412)),6)<>\"SINAPI\",ISNA(VLOOKUP(TRIM(UPPER($S412)),ListaTgov.Unidades,1,FALSE))),\"Unid. Não Disp\",\n\" \"))))))))))))))))","v":" "},{"$f":"IF(C412<=CRONO.NivelExibicao,MAX($AD$15:OFFSET(AD412,-1,0))+IF($C412<>1,1,MAX(1,COUNTIF(QCI!$A$13:$A$36,OFFSET($E412,-1,0)))),\"\")","v":""},{"$f":"IF(AND($C412=\"S\",ORÇAMENTO.CodBarra<>\"\"),IF(ORÇAMENTO.Fonte=\"\",ORÇAMENTO.CodBarra,CONCATENATE(ORÇAMENTO.Fonte,\" \",ORÇAMENTO.CodBarra)))","v":"SINAPI 96988"},{"$f":"IF(ISERROR(ORÇAMENTO.BancoRef),\"(abra o arquivo 'Referência \"&Excel_BuiltIn_Database&\".xlsm)\",IF(OR($C412<>\"S\",ORÇAMENTO.CodBarra=\"\"),\"(Sem Código)\",IF(ISERROR(MATCH($AE412,INDIRECT(ORÇAMENTO.BancoRef),0)),\"(Código não identificado nas referências)\",MATCH($AE412,INDIRECT(ORÇAMENTO.BancoRef),0))))","v":15230},{"$f":"ROUND(IF(DESONERACAO=\"sim\",REFERENCIA.Desonerado,REFERENCIA.NaoDesonerado),2)","v":152.91999999999999},0.25290000000000001,null,null,null,null,383.18,{"$f":"ROUND(ORÇAMENTO.CustoUnitario*(1+$AH412),2)","v":191.59}]
["S",2,"S",0,{"$f":"IF($C413=1,OFFSET(E413,-1,0)+MAX(1,COUNTIF(QCI!$A$13:$A$36,OFFSET(ORÇAMENTO!E413,-1,0))),OFFSET(E413,-1,0))","v":17},3,0,0,7,0,{"$f":"IF(OR($C413=\"S\",$C413=0),0,MATCH(OFFSET($D413,0,$C413)+IF($C413<>1,1,COUNTIF(QCI!$A$13:$A$36,ORÇAMENTO!E413)),OFFSET($D413,1,$C413,ROW($C$472)-ROW($C413)),0))","v":0},"F","Serviço","Serviço","17.3.0.7.","SINAPI","104746",{"$f":"IF($C413=\"S\",REFERENCIA.Descricao,\"(digite a descrição aqui)\")","v":"MINI CAPTOR PARA SPDA - FORNECIMENTO E INSTALAÇÃO. AF_08/2023"},{"$f":"REFERENCIA.Unidade","v":"UN"},{"$f":"OFFSET(CÁLCULO!H$15,ROW($T413)-ROW(T$15),0)","v":24},25.99,"BDI 1",{"$f":"IF($C413=\"S\",ROUND(IF(TIPOORCAMENTO=\"Proposto\",ORÇAMENTO.CustoUnitario*(1+$AH413),ORÇAMENTO.PrecoUnitarioLicitado),15-13*$AF$10),0)","v":32.56},{"$f":"IF($C413=\"S\",IF(OR(Import.TipoArredondamento<>\"TransfereGOV\",ACOMPANHAMENTO=\"BM\"),VTOTAL1,SUM(OFFSET(CÁLCULO!$AI$15,ROW($X413)-ROW($X$15),1):OFFSET(CÁLCULO!$BB$15,ROW($X413)-ROW($X$15),-1))),IF($C413=0,0,ROUND(SomaAgrup,15-13*$AF$11)))","v":781.44},"RA","RA",{"$f":"IF($C413=\"S\",IF($Z413=\"CP\",$X413,IF($Z413=\"RA\",(($X413)*QCI!$AA$3),0)),SomaAgrup)","v":67.620897348000994},{"$f":"IF($C413=\"S\",IF($Z413=\"OU\",ROUND($X413,2),0),SomaAgrup)","v":0},{"$f":"IF($N413=\"\",\" \",\nIF(AND($C413<>\"S\",OR($R413=\"\",$R413=\"(digite a descrição aqui)\")),\"DESCRIÇÃO\",\nIF(AND($C413=\"S\",OR($Q413<>\"\",$T413>0,$U413>0),$P413=\"\"),\"FONTE\",\nIF(AND($C413=\"S\",$P413<>\"\",OR($T413>0,$U413>0),$Q413=\"\"),\"CÓDIGO\",\nIF(AND($C413=\"S\",$P413<>\"\",$Q413<>\"\",$R413=\"(Código não identificado nas referências)\"),\"CÓDIGO N/ID\",\nIF(AND($C413=\"S\",OR($R413=\"\",$R413=\"(digite a descrição aqui)\"),OR($Q413<>\"\",$T413>0,$U413>0)),\"DESCRIÇÃO\",\nIF(AND($C413=\"S\",$P413<>\"\",$Q413<>\"\",$S413=\"\"),\"UNIDADE\",\nIF(AND($C413=\"S\",$P413<>\"\",$Q413<>\"\",$U413=0),\"SEM CUSTO\",\nIF(AND(TIPOORCAMENTO=\"Licitado\",$AL413=0,$AN413>0),\"SEM PREÇO\",\nIF(AND($C413=\"S\",$P413<>\"\",$Q413<>\"\",$U413>0,AND($V413<>\"BDI 1\",$V413<>\"BDI 2\",$V413<>\"BDI 3\")),IF(ISNUMBER($V413),\"JUSTIFICAR BDI\",\"BDI\"),\nIF(OR(AND(import.recurso=\"OGU\",TIPOORCAMENTO=\"Proposto\",LEFT($O$8,5)<>\"(N/D:\",$AG413<>\"\",ORÇAMENTO.CustoUnitario>$AG413),AND(TIPOORCAMENTO=\"LICITADO\",ORÇAMENTO.PrecoUnitarioLicitado>$AN413)),\"ACIMA REF.\",\nIF(AND($C413=\"S\",$P413<>\"\",$Q413<>\"\",$T413=0,$U413>0),\"QUANT.\",\nIF(AND(Import.TipoArredondamento=\"TransfereGOV\",$L413=\"F\",$C413=\"S\",LEN($Q413)>13),\"Código >13\",\nIF(AND(Import.TipoArredondamento=\"TransfereGOV\",$L413=\"F\",$C413<>\"S\",LEN($R413)>100),\"Descrição >100\",\nIF(AND(Import.TipoArredondamento=\"TransfereGOV\",$L413=\"F\",$C413=\"S\",LEN($R413)>500),\"Descrição >500\",\nIF(AND(Import.TipoArredondamento=\"TransfereGOV\",$L413=\"F\",$C413=\"S\",LEFT(TRIM(UPPER($P413)),6)<>\"SINAPI\",ISNA(VLOOKUP(TRIM(UPPER($S413)),ListaTgov.Unidades,1,FALSE))),\"Unid. Não Disp\",\n\" \"))))))))))))))))","v":" "},{"$f":"IF(C413<=CRONO.NivelExibicao,MAX($AD$15:OFFSET(AD413,-1,0))+IF($C413<>1,1,MAX(1,COUNTIF(QCI!$A$13:$A$36,OFFSET($E413,-1,0)))),\"\")","v":""},{"$f":"IF(AND($C413=\"S\",ORÇAMENTO.CodBarra<>\"\"),IF(ORÇAMENTO.Fonte=\"\",ORÇAMENTO.CodBarra,CONCATENATE(ORÇAMENTO.Fonte,\" \",ORÇAMENTO.CodBarra)))","v":"SINAPI 104746"},{"$f":"IF(ISERROR(ORÇAMENTO.BancoRef),\"(abra o arquivo 'Referência \"&Excel_BuiltIn_Database&\".xlsm)\",IF(OR($C413<>\"S\",ORÇAMENTO.CodBarra=\"\"),\"(Sem Código)\",IF(ISERROR(MATCH($AE413,INDIRECT(ORÇAMENTO.BancoRef),0)),\"(Código não identificado nas referências)\",MATCH($AE413,INDIRECT(ORÇAMENTO.BancoRef),0))))","v":15231},{"$f":"ROUND(IF(DESONERACAO=\"sim\",REFERENCIA.Desonerado,REFERENCIA.NaoDesonerado),2)","v":25.99},0.25290000000000001,null,null,null,null,781.44,{"$f":"ROUND(ORÇAMENTO.CustoUnitario*(1+$AH413),2)","v":32.56}]
["S",2,"S",0,{"$f":"IF($C414=1,OFFSET(E414,-1,0)+MAX(1,COUNTIF(QCI!$A$13:$A$36,OFFSET(ORÇAMENTO!E414,-1,0))),OFFSET(E414,-1,0))","v":17},3,0,0,8,0,{"$f":"IF(OR($C414=\"S\",$C414=0),0,MATCH(OFFSET($D414,0,$C414)+IF($C414<>1,1,COUNTIF(QCI!$A$13:$A$36,ORÇAMENTO!E414)),OFFSET($D414,1,$C414,ROW($C$472)-ROW($C414)),0))","v":0},"F","Serviço","Serviço","17.3.0.8.","SINAPI","96987",{"$f":"IF($C414=\"S\",REFERENCIA.Descricao,\"(digite a descrição aqui)\")","v":"BASE METÁLICA PARA MASTRO 1 ½\" PARA SPDA - FORNECIMENTO E INSTALAÇÃO. AF_08/2023"},{"$f":"REFERENCIA.Unidade","v":"UN"},{"$f":"OFFSET(CÁLCULO!H$15,ROW($T414)-ROW(T$15),0)","v":1},118.94,"BDI 1",{"$f":"IF($C414=\"S\",ROUND(IF(TIPOORCAMENTO=\"Proposto\",ORÇAMENTO.CustoUnitario*(1+$AH414),ORÇAMENTO.PrecoUnitarioLicitado),15-13*$AF$10),0)","v":149.02000000000001},{"$f":"IF($C414=\"S\",IF(OR(Import.TipoArredondamento<>\"TransfereGOV\",ACOMPANHAMENTO=\"BM\"),VTOTAL1,SUM(OFFSET(CÁLCULO!$AI$15,ROW($X414)-ROW($X$15),1):OFFSET(CÁLCULO!$BB$15,ROW($X414)-ROW($X$15),-1))),IF($C414=0,0,ROUND(SomaAgrup,15-13*$AF$11)))","v":149.02000000000001},"RA","RA",{"$f":"IF($C414=\"S\",IF($Z414=\"CP\",$X414,IF($Z414=\"RA\",(($X414)*QCI!$AA$3),0)),SomaAgrup)","v":12.895252511771995},{"$f":"IF($C414=\"S\",IF($Z414=\"OU\",ROUND($X414,2),0),SomaAgrup)","v":0},{"$f":"IF($N414=\"\",\" \",\nIF(AND($C414<>\"S\",OR($R414=\"\",$R414=\"(digite a descrição aqui)\")),\"DESCRIÇÃO\",\nIF(AND($C414=\"S\",OR($Q414<>\"\",$T414>0,$U414>0),$P414=\"\"),\"FONTE\",\nIF(AND($C414=\"S\",$P414<>\"\",OR($T414>0,$U414>0),$Q414=\"\"),\"CÓDIGO\",\nIF(AND($C414=\"S\",$P414<>\"\",$Q414<>\"\",$R414=\"(Código não identificado nas referências)\"),\"CÓDIGO N/ID\",\nIF(AND($C414=\"S\",OR($R414=\"\",$R414=\"(digite a descrição aqui)\"),OR($Q414<>\"\",$T414>0,$U414>0)),\"DESCRIÇÃO\",\nIF(AND($C414=\"S\",$P414<>\"\",$Q414<>\"\",$S414=\"\"),\"UNIDADE\",\nIF(AND($C414=\"S\",$P414<>\"\",$Q414<>\"\",$U414=0),\"SEM CUSTO\",\nIF(AND(TIPOORCAMENTO=\"Licitado\",$AL414=0,$AN414>0),\"SEM PREÇO\",\nIF(AND($C414=\"S\",$P414<>\"\",$Q414<>\"\",$U414>0,AND($V414<>\"BDI 1\",$V414<>\"BDI 2\",$V414<>\"BDI 3\")),IF(ISNUMBER($V414),\"JUSTIFICAR BDI\",\"BDI\"),\nIF(OR(AND(import.recurso=\"OGU\",TIPOORCAMENTO=\"Proposto\",LEFT($O$8,5)<>\"(N/D:\",$AG414<>\"\",ORÇAMENTO.CustoUnitario>$AG414),AND(TIPOORCAMENTO=\"LICITADO\",ORÇAMENTO.PrecoUnitarioLicitado>$AN414)),\"ACIMA REF.\",\nIF(AND($C414=\"S\",$P414<>\"\",$Q414<>\"\",$T414=0,$U414>0),\"QUANT.\",\nIF(AND(Import.TipoArredondamento=\"TransfereGOV\",$L414=\"F\",$C414=\"S\",LEN($Q414)>13),\"Código >13\",\nIF(AND(Import.TipoArredondamento=\"TransfereGOV\",$L414=\"F\",$C414<>\"S\",LEN($R414)>100),\"Descrição >100\",\nIF(AND(Import.TipoArredondamento=\"TransfereGOV\",$L414=\"F\",$C414=\"S\",LEN($R414)>500),\"Descrição >500\",\nIF(AND(Import.TipoArredondamento=\"TransfereGOV\",$L414=\"F\",$C414=\"S\",LEFT(TRIM(UPPER($P414)),6)<>\"SINAPI\",ISNA(VLOOKUP(TRIM(UPPER($S414)),ListaTgov.Unidades,1,FALSE))),\"Unid. Não Disp\",\n\" \"))))))))))))))))","v":" "},{"$f":"IF(C414<=CRONO.NivelExibicao,MAX($AD$15:OFFSET(AD414,-1,0))+IF($C414<>1,1,MAX(1,COUNTIF(QCI!$A$13:$A$36,OFFSET($E414,-1,0)))),\"\")","v":""},{"$f":"IF(AND($C414=\"S\",ORÇAMENTO.CodBarra<>\"\"),IF(ORÇAMENTO.Fonte=\"\",ORÇAMENTO.CodBarra,CONCATENATE(ORÇAMENTO.Fonte,\" \",ORÇAMENTO.CodBarra)))","v":"SINAPI 96987"},{"$f":"IF(ISERROR(ORÇAMENTO.BancoRef),\"(abra o arquivo 'Referência \"&Excel_BuiltIn_Database&\".xlsm)\",IF(OR($C414<>\"S\",ORÇAMENTO.CodBarra=\"\"),\"(Sem Código)\",IF(ISERROR(MATCH($AE414,INDIRECT(ORÇAMENTO.BancoRef),0)),\"(Código não identificado nas referências)\",MATCH($AE414,INDIRECT(ORÇAMENTO.BancoRef),0))))","v":15201},{"$f":"ROUND(IF(DESONERACAO=\"sim\",REFERENCIA.Desonerado,REFERENCIA.NaoDesonerado),2)","v":118.94},0.25290000000000001,null,null,null,null,149.02000000000001,{"$f":"ROUND(ORÇAMENTO.CustoUnitario*(1+$AH414),2)","v":149.02000000000001}]
["S",2,"S",0,{"$f":"IF($C415=1,OFFSET(E415,-1,0)+MAX(1,COUNTIF(QCI!$A$13:$A$36,OFFSET(ORÇAMENTO!E415,-1,0))),OFFSET(E415,-1,0))","v":17},3,0,0,9,0,{"$f":"IF(OR($C415=\"S\",$C415=0),0,MATCH(OFFSET($D415,0,$C415)+IF($C415<>1,1,COUNTIF(QCI!$A$13:$A$36,ORÇAMENTO!E415)),OFFSET($D415,1,$C415,ROW($C$472)-ROW($C415)),0))","v":0},"F","Serviço","Serviço","17.3.0.9.","SINAPI","101663",{"$f":"IF($C415=\"S\",REFERENCIA.Descricao,\"(digite a descrição aqui)\")","v":"ABRAÇADEIRA DE FIXAÇÃO DE BRAÇOS DE LUMINÁRIAS DE 2\" - FORNECIMENTO E INSTALAÇÃO. AF_02/2025"},{"$f":"REFERENCIA.Unidade","v":"UN"},{"$f":"OFFSET(CÁLCULO!H$15,ROW($T415)-ROW(T$15),0)","v":1},26.7,"BDI 1",{"$f":"IF($C415=\"S\",ROUND(IF(TIPOORCAMENTO=\"Proposto\",ORÇAMENTO.CustoUnitario*(1+$AH415),ORÇAMENTO.PrecoUnitarioLicitado),15-13*$AF$10),0)","v":33.450000000000003},{"$f":"IF($C415=\"S\",IF(OR(Import.TipoArredondamento<>\"TransfereGOV\",ACOMPANHAMENTO=\"BM\"),VTOTAL1,SUM(OFFSET(CÁLCULO!$AI$15,ROW($X415)-ROW($X$15),1):OFFSET(CÁLCULO!$BB$15,ROW($X415)-ROW($X$15),-1))),IF($C415=0,0,ROUND(SomaAgrup,15-13*$AF$11)))","v":33.450000000000003},"RA","RA",{"$f":"IF($C415=\"S\",IF($Z415=\"CP\",$X415,IF($Z415=\"RA\",(($X415)*QCI!$AA$3),0)),SomaAgrup)","v":2.8945523857118052},{"$f":"IF($C415=\"S\",IF($Z415=\"OU\",ROUND($X415,2),0),SomaAgrup)","v":0},{"$f":"IF($N415=\"\",\" \",\nIF(AND($C415<>\"S\",OR($R415=\"\",$R415=\"(digite a descrição aqui)\")),\"DESCRIÇÃO\",\nIF(AND($C415=\"S\",OR($Q415<>\"\",$T415>0,$U415>0),$P415=\"\"),\"FONTE\",\nIF(AND($C415=\"S\",$P415<>\"\",OR($T415>0,$U415>0),$Q415=\"\"),\"CÓDIGO\",\nIF(AND($C415=\"S\",$P415<>\"\",$Q415<>\"\",$R415=\"(Código não identificado nas referências)\"),\"CÓDIGO N/ID\",\nIF(AND($C415=\"S\",OR($R415=\"\",$R415=\"(digite a descrição aqui)\"),OR($Q415<>\"\",$T415>0,$U415>0)),\"DESCRIÇÃO\",\nIF(AND($C415=\"S\",$P415<>\"\",$Q415<>\"\",$S415=\"\"),\"UNIDADE\",\nIF(AND($C415=\"S\",$P415<>\"\",$Q415<>\"\",$U415=0),\"SEM CUSTO\",\nIF(AND(TIPOORCAMENTO=\"Licitado\",$AL415=0,$AN415>0),\"SEM PREÇO\",\nIF(AND($C415=\"S\",$P415<>\"\",$Q415<>\"\",$U415>0,AND($V415<>\"BDI 1\",$V415<>\"BDI 2\",$V415<>\"BDI 3\")),IF(ISNUMBER($V415),\"JUSTIFICAR BDI\",\"BDI\"),\nIF(OR(AND(import.recurso=\"OGU\",TIPOORCAMENTO=\"Proposto\",LEFT($O$8,5)<>\"(N/D:\",$AG415<>\"\",ORÇAMENTO.CustoUnitario>$AG415),AND(TIPOORCAMENTO=\"LICITADO\",ORÇAMENTO.PrecoUnitarioLicitado>$AN415)),\"ACIMA REF.\",\nIF(AND($C415=\"S\",$P415<>\"\",$Q415<>\"\",$T415=0,$U415>0),\"QUANT.\",\nIF(AND(Import.TipoArredondamento=\"TransfereGOV\",$L415=\"F\",$C415=\"S\",LEN($Q415)>13),\"Código >13\",\nIF(AND(Import.TipoArredondamento=\"TransfereGOV\",$L415=\"F\",$C415<>\"S\",LEN($R415)>100),\"Descrição >100\",\nIF(AND(Import.TipoArredondamento=\"TransfereGOV\",$L415=\"F\",$C415=\"S\",LEN($R415)>500),\"Descrição >500\",\nIF(AND(Import.TipoArredondamento=\"TransfereGOV\",$L415=\"F\",$C415=\"S\",LEFT(TRIM(UPPER($P415)),6)<>\"SINAPI\",ISNA(VLOOKUP(TRIM(UPPER($S415)),ListaTgov.Unidades,1,FALSE))),\"Unid. Não Disp\",\n\" \"))))))))))))))))","v":" "},{"$f":"IF(C415<=CRONO.NivelExibicao,MAX($AD$15:OFFSET(AD415,-1,0))+IF($C415<>1,1,MAX(1,COUNTIF(QCI!$A$13:$A$36,OFFSET($E415,-1,0)))),\"\")","v":""},{"$f":"IF(AND($C415=\"S\",ORÇAMENTO.CodBarra<>\"\"),IF(ORÇAMENTO.Fonte=\"\",ORÇAMENTO.CodBarra,CONCATENATE(ORÇAMENTO.Fonte,\" \",ORÇAMENTO.CodBarra)))","v":"SINAPI 101663"},{"$f":"IF(ISERROR(ORÇAMENTO.BancoRef),\"(abra o arquivo 'Referência \"&Excel_BuiltIn_Database&\".xlsm)\",IF(OR($C415<>\"S\",ORÇAMENTO.CodBarra=\"\"),\"(Sem Código)\",IF(ISERROR(MATCH($AE415,INDIRECT(ORÇAMENTO.BancoRef),0)),\"(Código não identificado nas referências)\",MATCH($AE415,INDIRECT(ORÇAMENTO.BancoRef),0))))","v":13554},{"$f":"ROUND(IF(DESONERACAO=\"sim\",REFERENCIA.Desonerado,REFERENCIA.NaoDesonerado),2)","v":26.7},0.25290000000000001,null,null,null,null,33.450000000000003,{"$f":"ROUND(ORÇAMENTO.CustoUnitario*(1+$AH415),2)","v":33.450000000000003}]
["S",2,"S",0,{"$f":"IF($C416=1,OFFSET(E416,-1,0)+MAX(1,COUNTIF(QCI!$A$13:$A$36,OFFSET(ORÇAMENTO!E416,-1,0))),OFFSET(E416,-1,0))","v":17},3,0,0,10,0,{"$f":"IF(OR($C416=\"S\",$C416=0),0,MATCH(OFFSET($D416,0,$C416)+IF($C416<>1,1,COUNTIF(QCI!$A$13:$A$36,ORÇAMENTO!E416)),OFFSET($D416,1,$C416,ROW($C$472)-ROW($C416)),0))","v":0},"F","Serviço","Serviço","17.3.0.10.","Composição","COMP121",{"$f":"IF($C416=\"S\",REFERENCIA.Descricao,\"(digite a descrição aqui)\")","v":"CABO DE COBRE NU MEIO DURO 7 FIOS 35MM2"},{"$f":"REFERENCIA.Unidade","v":"M"},{"$f":"OFFSET(CÁLCULO!H$15,ROW($T416)-ROW(T$15),0)","v":265},40.99,"BDI 1",{"$f":"IF($C416=\"S\",ROUND(IF(TIPOORCAMENTO=\"Proposto\",ORÇAMENTO.CustoUnitario*(1+$AH416),ORÇAMENTO.PrecoUnitarioLicitado),15-13*$AF$10),0)","v":51.36},{"$f":"IF($C416=\"S\",IF(OR(Import.TipoArredondamento<>\"TransfereGOV\",ACOMPANHAMENTO=\"BM\"),VTOTAL1,SUM(OFFSET(CÁLCULO!$AI$15,ROW($X416)-ROW($X$15),1):OFFSET(CÁLCULO!$BB$15,ROW($X416)-ROW($X$15),-1))),IF($C416=0,0,ROUND(SomaAgrup,15-13*$AF$11)))","v":13610.4},"RA","RA",{"$f":"IF($C416=\"S\",IF($Z416=\"CP\",$X416,IF($Z416=\"RA\",(($X416)*QCI!$AA$3),0)),SomaAgrup)","v":1177.758319596172},{"$f":"IF($C416=\"S\",IF($Z416=\"OU\",ROUND($X416,2),0),SomaAgrup)","v":0},{"$f":"IF($N416=\"\",\" \",\nIF(AND($C416<>\"S\",OR($R416=\"\",$R416=\"(digite a descrição aqui)\")),\"DESCRIÇÃO\",\nIF(AND($C416=\"S\",OR($Q416<>\"\",$T416>0,$U416>0),$P416=\"\"),\"FONTE\",\nIF(AND($C416=\"S\",$P416<>\"\",OR($T416>0,$U416>0),$Q416=\"\"),\"CÓDIGO\",\nIF(AND($C416=\"S\",$P416<>\"\",$Q416<>\"\",$R416=\"(Código não identificado nas referências)\"),\"CÓDIGO N/ID\",\nIF(AND($C416=\"S\",OR($R416=\"\",$R416=\"(digite a descrição aqui)\"),OR($Q416<>\"\",$T416>0,$U416>0)),\"DESCRIÇÃO\",\nIF(AND($C416=\"S\",$P416<>\"\",$Q416<>\"\",$S416=\"\"),\"UNIDADE\",\nIF(AND($C416=\"S\",$P416<>\"\",$Q416<>\"\",$U416=0),\"SEM CUSTO\",\nIF(AND(TIPOORCAMENTO=\"Licitado\",$AL416=0,$AN416>0),\"SEM PREÇO\",\nIF(AND($C416=\"S\",$P416<>\"\",$Q416<>\"\",$U416>0,AND($V416<>\"BDI 1\",$V416<>\"BDI 2\",$V416<>\"BDI 3\")),IF(ISNUMBER($V416),\"JUSTIFICAR BDI\",\"BDI\"),\nIF(OR(AND(import.recurso=\"OGU\",TIPOORCAMENTO=\"Proposto\",LEFT($O$8,5)<>\"(N/D:\",$AG416<>\"\",ORÇAMENTO.CustoUnitario>$AG416),AND(TIPOORCAMENTO=\"LICITADO\",ORÇAMENTO.PrecoUnitarioLicitado>$AN416)),\"ACIMA REF.\",\nIF(AND($C416=\"S\",$P416<>\"\",$Q416<>\"\",$T416=0,$U416>0),\"QUANT.\",\nIF(AND(Import.TipoArredondamento=\"TransfereGOV\",$L416=\"F\",$C416=\"S\",LEN($Q416)>13),\"Código >13\",\nIF(AND(Import.TipoArredondamento=\"TransfereGOV\",$L416=\"F\",$C416<>\"S\",LEN($R416)>100),\"Descrição >100\",\nIF(AND(Import.TipoArredondamento=\"TransfereGOV\",$L416=\"F\",$C416=\"S\",LEN($R416)>500),\"Descrição >500\",\nIF(AND(Import.TipoArredondamento=\"TransfereGOV\",$L416=\"F\",$C416=\"S\",LEFT(TRIM(UPPER($P416)),6)<>\"SINAPI\",ISNA(VLOOKUP(TRIM(UPPER($S416)),ListaTgov.Unidades,1,FALSE))),\"Unid. Não Disp\",\n\" \"))))))))))))))))","v":" "},{"$f":"IF(C416<=CRONO.NivelExibicao,MAX($AD$15:OFFSET(AD416,-1,0))+IF($C416<>1,1,MAX(1,COUNTIF(QCI!$A$13:$A$36,OFFSET($E416,-1,0)))),\"\")","v":""},{"$f":"IF(AND($C416=\"S\",ORÇAMENTO.CodBarra<>\"\"),IF(ORÇAMENTO.Fonte=\"\",ORÇAMENTO.CodBarra,CONCATENATE(ORÇAMENTO.Fonte,\" \",ORÇAMENTO.CodBarra)))","v":"Composição COMP121"},{"$f":"IF(ISERROR(ORÇAMENTO.BancoRef),\"(abra o arquivo 'Referência \"&Excel_BuiltIn_Database&\".xlsm)\",IF(OR($C416<>\"S\",ORÇAMENTO.CodBarra=\"\"),\"(Sem Código)\",IF(ISERROR(MATCH($AE416,INDIRECT(ORÇAMENTO.BancoRef),0)),\"(Código não identificado nas referências)\",MATCH($AE416,INDIRECT(ORÇAMENTO.BancoRef),0))))","v":123},{"$f":"ROUND(IF(DESONERACAO=\"sim\",REFERENCIA.Desonerado,REFERENCIA.NaoDesonerado),2)","v":40.99},0.25290000000000001,null,null,null,null,13610.4,{"$f":"ROUND(ORÇAMENTO.CustoUnitario*(1+$AH416),2)","v":51.36}]
["S",2,"S",0,{"$f":"IF($C417=1,OFFSET(E417,-1,0)+MAX(1,COUNTIF(QCI!$A$13:$A$36,OFFSET(ORÇAMENTO!E417,-1,0))),OFFSET(E417,-1,0))","v":17},3,0,0,11,0,{"$f":"IF(OR($C417=\"S\",$C417=0),0,MATCH(OFFSET($D417,0,$C417)+IF($C417<>1,1,COUNTIF(QCI!$A$13:$A$36,ORÇAMENTO!E417)),OFFSET($D417,1,$C417,ROW($C$472)-ROW($C417)),0))","v":0},"F","Serviço","Serviço","17.3.0.11.","Composição","COMP122",{"$f":"IF($C417=\"S\",REFERENCIA.Descricao,\"(digite a descrição aqui)\")","v":"CABO DE COBRE NU MEIO DURO 7 FIOS 50MM2"},{"$f":"REFERENCIA.Unidade","v":"M"},{"$f":"OFFSET(CÁLCULO!H$15,ROW($T417)-ROW(T$15),0)","v":120},58.16,"BDI 1",{"$f":"IF($C417=\"S\",ROUND(IF(TIPOORCAMENTO=\"Proposto\",ORÇAMENTO.CustoUnitario*(1+$AH417),ORÇAMENTO.PrecoUnitarioLicitado),15-13*$AF$10),0)","v":72.87},{"$f":"IF($C417=\"S\",IF(OR(Import.TipoArredondamento<>\"TransfereGOV\",ACOMPANHAMENTO=\"BM\"),VTOTAL1,SUM(OFFSET(CÁLCULO!$AI$15,ROW($X417)-ROW($X$15),1):OFFSET(CÁLCULO!$BB$15,ROW($X417)-ROW($X$15),-1))),IF($C417=0,0,ROUND(SomaAgrup,15-13*$AF$11)))","v":8744.4},"RA","RA",{"$f":"IF($C417=\"S\",IF($Z417=\"CP\",$X417,IF($Z417=\"RA\",(($X417)*QCI!$AA$3),0)),SomaAgrup)","v":756.68531783612275},{"$f":"IF($C417=\"S\",IF($Z417=\"OU\",ROUND($X417,2),0),SomaAgrup)","v":0},{"$f":"IF($N417=\"\",\" \",\nIF(AND($C417<>\"S\",OR($R417=\"\",$R417=\"(digite a descrição aqui)\")),\"DESCRIÇÃO\",\nIF(AND($C417=\"S\",OR($Q417<>\"\",$T417>0,$U417>0),$P417=\"\"),\"FONTE\",\nIF(AND($C417=\"S\",$P417<>\"\",OR($T417>0,$U417>0),$Q417=\"\"),\"CÓDIGO\",\nIF(AND($C417=\"S\",$P417<>\"\",$Q417<>\"\",$R417=\"(Código não identificado nas referências)\"),\"CÓDIGO N/ID\",\nIF(AND($C417=\"S\",OR($R417=\"\",$R417=\"(digite a descrição aqui)\"),OR($Q417<>\"\",$T417>0,$U417>0)),\"DESCRIÇÃO\",\nIF(AND($C417=\"S\",$P417<>\"\",$Q417<>\"\",$S417=\"\"),\"UNIDADE\",\nIF(AND($C417=\"S\",$P417<>\"\",$Q417<>\"\",$U417=0),\"SEM CUSTO\",\nIF(AND(TIPOORCAMENTO=\"Licitado\",$AL417=0,$AN417>0),\"SEM PREÇO\",\nIF(AND($C417=\"S\",$P417<>\"\",$Q417<>\"\",$U417>0,AND($V417<>\"BDI 1\",$V417<>\"BDI 2\",$V417<>\"BDI 3\")),IF(ISNUMBER($V417),\"JUSTIFICAR BDI\",\"BDI\"),\nIF(OR(AND(import.recurso=\"OGU\",TIPOORCAMENTO=\"Proposto\",LEFT($O$8,5)<>\"(N/D:\",$AG417<>\"\",ORÇAMENTO.CustoUnitario>$AG417),AND(TIPOORCAMENTO=\"LICITADO\",ORÇAMENTO.PrecoUnitarioLicitado>$AN417)),\"ACIMA REF.\",\nIF(AND($C417=\"S\",$P417<>\"\",$Q417<>\"\",$T417=0,$U417>0),\"QUANT.\",\nIF(AND(Import.TipoArredondamento=\"TransfereGOV\",$L417=\"F\",$C417=\"S\",LEN($Q417)>13),\"Código >13\",\nIF(AND(Import.TipoArredondamento=\"TransfereGOV\",$L417=\"F\",$C417<>\"S\",LEN($R417)>100),\"Descrição >100\",\nIF(AND(Import.TipoArredondamento=\"TransfereGOV\",$L417=\"F\",$C417=\"S\",LEN($R417)>500),\"Descrição >500\",\nIF(AND(Import.TipoArredondamento=\"TransfereGOV\",$L417=\"F\",$C417=\"S\",LEFT(TRIM(UPPER($P417)),6)<>\"SINAPI\",ISNA(VLOOKUP(TRIM(UPPER($S417)),ListaTgov.Unidades,1,FALSE))),\"Unid. Não Disp\",\n\" \"))))))))))))))))","v":" "},{"$f":"IF(C417<=CRONO.NivelExibicao,MAX($AD$15:OFFSET(AD417,-1,0))+IF($C417<>1,1,MAX(1,COUNTIF(QCI!$A$13:$A$36,OFFSET($E417,-1,0)))),\"\")","v":""},{"$f":"IF(AND($C417=\"S\",ORÇAMENTO.CodBarra<>\"\"),IF(ORÇAMENTO.Fonte=\"\",ORÇAMENTO.CodBarra,CONCATENATE(ORÇAMENTO.Fonte,\" \",ORÇAMENTO.CodBarra)))","v":"Composição COMP122"},{"$f":"IF(ISERROR(ORÇAMENTO.BancoRef),\"(abra o arquivo 'Referência \"&Excel_BuiltIn_Database&\".xlsm)\",IF(OR($C417<>\"S\",ORÇAMENTO.CodBarra=\"\"),\"(Sem Código)\",IF(ISERROR(MATCH($AE417,INDIRECT(ORÇAMENTO.BancoRef),0)),\"(Código não identificado nas referências)\",MATCH($AE417,INDIRECT(ORÇAMENTO.BancoRef),0))))","v":124},{"$f":"ROUND(IF(DESONERACAO=\"sim\",REFERENCIA.Desonerado,REFERENCIA.NaoDesonerado),2)","v":58.16},0.25290000000000001,null,null,null,null,8744.4,{"$f":"ROUND(ORÇAMENTO.CustoUnitario*(1+$AH417),2)","v":72.87}]
["S",2,"S",0,{"$f":"IF($C418=1,OFFSET(E418,-1,0)+MAX(1,COUNTIF(QCI!$A$13:$A$36,OFFSET(ORÇAMENTO!E418,-1,0))),OFFSET(E418,-1,0))","v":17},3,0,0,12,0,{"$f":"IF(OR($C418=\"S\",$C418=0),0,MATCH(OFFSET($D418,0,$C418)+IF($C418<>1,1,COUNTIF(QCI!$A$13:$A$36,ORÇAMENTO!E418)),OFFSET($D418,1,$C418,ROW($C$472)-ROW($C418)),0))","v":0},"F","Serviço","Serviço","17.3.0.12.","SINAPI","96984",{"$f":"IF($C418=\"S\",REFERENCIA.Descricao,\"(digite a descrição aqui)\")","v":"ELETRODUTO PVC RÍGIDO, DIÂMETRO 40MM, COM 3 METROS, PARA SPDA - FORNECIMENTO E INSTALAÇÃO. AF_08/2023"},{"$f":"REFERENCIA.Unidade","v":"UN"},{"$f":"OFFSET(CÁLCULO!H$15,ROW($T418)-ROW(T$15),0)","v":10},58.67,"BDI 1",{"$f":"IF($C418=\"S\",ROUND(IF(TIPOORCAMENTO=\"Proposto\",ORÇAMENTO.CustoUnitario*(1+$AH418),ORÇAMENTO.PrecoUnitarioLicitado),15-13*$AF$10),0)","v":73.510000000000005},{"$f":"IF($C418=\"S\",IF(OR(Import.TipoArredondamento<>\"TransfereGOV\",ACOMPANHAMENTO=\"BM\"),VTOTAL1,SUM(OFFSET(CÁLCULO!$AI$15,ROW($X418)-ROW($X$15),1):OFFSET(CÁLCULO!$BB$15,ROW($X418)-ROW($X$15),-1))),IF($C418=0,0,ROUND(SomaAgrup,15-13*$AF$11)))","v":735.1},"RA","RA",{"$f":"IF($C418=\"S\",IF($Z418=\"CP\",$X418,IF($Z418=\"RA\",(($X418)*QCI!$AA$3),0)),SomaAgrup)","v":63.610925522772732},{"$f":"IF($C418=\"S\",IF($Z418=\"OU\",ROUND($X418,2),0),SomaAgrup)","v":0},{"$f":"IF($N418=\"\",\" \",\nIF(AND($C418<>\"S\",OR($R418=\"\",$R418=\"(digite a descrição aqui)\")),\"DESCRIÇÃO\",\nIF(AND($C418=\"S\",OR($Q418<>\"\",$T418>0,$U418>0),$P418=\"\"),\"FONTE\",\nIF(AND($C418=\"S\",$P418<>\"\",OR($T418>0,$U418>0),$Q418=\"\"),\"CÓDIGO\",\nIF(AND($C418=\"S\",$P418<>\"\",$Q418<>\"\",$R418=\"(Código não identificado nas referências)\"),\"CÓDIGO N/ID\",\nIF(AND($C418=\"S\",OR($R418=\"\",$R418=\"(digite a descrição aqui)\"),OR($Q418<>\"\",$T418>0,$U418>0)),\"DESCRIÇÃO\",\nIF(AND($C418=\"S\",$P418<>\"\",$Q418<>\"\",$S418=\"\"),\"UNIDADE\",\nIF(AND($C418=\"S\",$P418<>\"\",$Q418<>\"\",$U418=0),\"SEM CUSTO\",\nIF(AND(TIPOORCAMENTO=\"Licitado\",$AL418=0,$AN418>0),\"SEM PREÇO\",\nIF(AND($C418=\"S\",$P418<>\"\",$Q418<>\"\",$U418>0,AND($V418<>\"BDI 1\",$V418<>\"BDI 2\",$V418<>\"BDI 3\")),IF(ISNUMBER($V418),\"JUSTIFICAR BDI\",\"BDI\"),\nIF(OR(AND(import.recurso=\"OGU\",TIPOORCAMENTO=\"Proposto\",LEFT($O$8,5)<>\"(N/D:\",$AG418<>\"\",ORÇAMENTO.CustoUnitario>$AG418),AND(TIPOORCAMENTO=\"LICITADO\",ORÇAMENTO.PrecoUnitarioLicitado>$AN418)),\"ACIMA REF.\",\nIF(AND($C418=\"S\",$P418<>\"\",$Q418<>\"\",$T418=0,$U418>0),\"QUANT.\",\nIF(AND(Import.TipoArredondamento=\"TransfereGOV\",$L418=\"F\",$C418=\"S\",LEN($Q418)>13),\"Código >13\",\nIF(AND(Import.TipoArredondamento=\"TransfereGOV\",$L418=\"F\",$C418<>\"S\",LEN($R418)>100),\"Descrição >100\",\nIF(AND(Import.TipoArredondamento=\"TransfereGOV\",$L418=\"F\",$C418=\"S\",LEN($R418)>500),\"Descrição >500\",\nIF(AND(Import.TipoArredondamento=\"TransfereGOV\",$L418=\"F\",$C418=\"S\",LEFT(TRIM(UPPER($P418)),6)<>\"SINAPI\",ISNA(VLOOKUP(TRIM(UPPER($S418)),ListaTgov.Unidades,1,FALSE))),\"Unid. Não Disp\",\n\" \"))))))))))))))))","v":" "},{"$f":"IF(C418<=CRONO.NivelExibicao,MAX($AD$15:OFFSET(AD418,-1,0))+IF($C418<>1,1,MAX(1,COUNTIF(QCI!$A$13:$A$36,OFFSET($E418,-1,0)))),\"\")","v":""},{"$f":"IF(AND($C418=\"S\",ORÇAMENTO.CodBarra<>\"\"),IF(ORÇAMENTO.Fonte=\"\",ORÇAMENTO.CodBarra,CONCATENATE(ORÇAMENTO.Fonte,\" \",ORÇAMENTO.CodBarra)))","v":"SINAPI 96984"},{"$f":"IF(ISERROR(ORÇAMENTO.BancoRef),\"(abra o arquivo 'Referência \"&Excel_BuiltIn_Database&\".xlsm)\",IF(OR($C418<>\"S\",ORÇAMENTO.CodBarra=\"\"),\"(Sem Código)\",IF(ISERROR(MATCH($AE418,INDIRECT(ORÇAMENTO.BancoRef),0)),\"(Código não identificado nas referências)\",MATCH($AE418,INDIRECT(ORÇAMENTO.BancoRef),0))))","v":15226},{"$f":"ROUND(IF(DESONERACAO=\"sim\",REFERENCIA.Desonerado,REFERENCIA.NaoDesonerado),2)","v":58.67},0.25290000000000001,null,null,null,null,735.1,{"$f":"ROUND(ORÇAMENTO.CustoUnitario*(1+$AH418),2)","v":73.510000000000005}]
["S",2,"S",0,{"$f":"IF($C419=1,OFFSET(E419,-1,0)+MAX(1,COUNTIF(QCI!$A$13:$A$36,OFFSET(ORÇAMENTO!E419,-1,0))),OFFSET(E419,-1,0))","v":17},3,0,0,13,0,{"$f":"IF(OR($C419=\"S\",$C419=0),0,MATCH(OFFSET($D419,0,$C419)+IF($C419<>1,1,COUNTIF(QCI!$A$13:$A$36,ORÇAMENTO!E419)),OFFSET($D419,1,$C419,ROW($C$472)-ROW($C419)),0))","v":0},"F","Serviço","Serviço","17.3.0.13.","SINAPI","101548",{"$f":"IF($C419=\"S\",REFERENCIA.Descricao,\"(digite a descrição aqui)\")","v":"ISOLADOR, TIPO ROLDANA, PARA BAIXA TENSÃO - FORNECIMENTO E INSTALAÇÃO. AF_07/2020"},{"$f":"REFERENCIA.Unidade","v":"UN"},{"$f":"OFFSET(CÁLCULO!H$15,ROW($T419)-ROW(T$15),0)","v":5},7.87,"BDI 1",{"$f":"IF($C419=\"S\",ROUND(IF(TIPOORCAMENTO=\"Proposto\",ORÇAMENTO.CustoUnitario*(1+$AH419),ORÇAMENTO.PrecoUnitarioLicitado),15-13*$AF$10),0)","v":9.86},{"$f":"IF($C419=\"S\",IF(OR(Import.TipoArredondamento<>\"TransfereGOV\",ACOMPANHAMENTO=\"BM\"),VTOTAL1,SUM(OFFSET(CÁLCULO!$AI$15,ROW($X419)-ROW($X$15),1):OFFSET(CÁLCULO!$BB$15,ROW($X419)-ROW($X$15),-1))),IF($C419=0,0,ROUND(SomaAgrup,15-13*$AF$11)))","v":49.3},"RA","RA",{"$f":"IF($C419=\"S\",IF($Z419=\"CP\",$X419,IF($Z419=\"RA\",(($X419)*QCI!$AA$3),0)),SomaAgrup)","v":4.2661115879100739},{"$f":"IF($C419=\"S\",IF($Z419=\"OU\",ROUND($X419,2),0),SomaAgrup)","v":0},{"$f":"IF($N419=\"\",\" \",\nIF(AND($C419<>\"S\",OR($R419=\"\",$R419=\"(digite a descrição aqui)\")),\"DESCRIÇÃO\",\nIF(AND($C419=\"S\",OR($Q419<>\"\",$T419>0,$U419>0),$P419=\"\"),\"FONTE\",\nIF(AND($C419=\"S\",$P419<>\"\",OR($T419>0,$U419>0),$Q419=\"\"),\"CÓDIGO\",\nIF(AND($C419=\"S\",$P419<>\"\",$Q419<>\"\",$R419=\"(Código não identificado nas referências)\"),\"CÓDIGO N/ID\",\nIF(AND($C419=\"S\",OR($R419=\"\",$R419=\"(digite a descrição aqui)\"),OR($Q419<>\"\",$T419>0,$U419>0)),\"DESCRIÇÃO\",\nIF(AND($C419=\"S\",$P419<>\"\",$Q419<>\"\",$S419=\"\"),\"UNIDADE\",\nIF(AND($C419=\"S\",$P419<>\"\",$Q419<>\"\",$U419=0),\"SEM CUSTO\",\nIF(AND(TIPOORCAMENTO=\"Licitado\",$AL419=0,$AN419>0),\"SEM PREÇO\",\nIF(AND($C419=\"S\",$P419<>\"\",$Q419<>\"\",$U419>0,AND($V419<>\"BDI 1\",$V419<>\"BDI 2\",$V419<>\"BDI 3\")),IF(ISNUMBER($V419),\"JUSTIFICAR BDI\",\"BDI\"),\nIF(OR(AND(import.recurso=\"OGU\",TIPOORCAMENTO=\"Proposto\",LEFT($O$8,5)<>\"(N/D:\",$AG419<>\"\",ORÇAMENTO.CustoUnitario>$AG419),AND(TIPOORCAMENTO=\"LICITADO\",ORÇAMENTO.PrecoUnitarioLicitado>$AN419)),\"ACIMA REF.\",\nIF(AND($C419=\"S\",$P419<>\"\",$Q419<>\"\",$T419=0,$U419>0),\"QUANT.\",\nIF(AND(Import.TipoArredondamento=\"TransfereGOV\",$L419=\"F\",$C419=\"S\",LEN($Q419)>13),\"Código >13\",\nIF(AND(Import.TipoArredondamento=\"TransfereGOV\",$L419=\"F\",$C419<>\"S\",LEN($R419)>100),\"Descrição >100\",\nIF(AND(Import.TipoArredondamento=\"TransfereGOV\",$L419=\"F\",$C419=\"S\",LEN($R419)>500),\"Descrição >500\",\nIF(AND(Import.TipoArredondamento=\"TransfereGOV\",$L419=\"F\",$C419=\"S\",LEFT(TRIM(UPPER($P419)),6)<>\"SINAPI\",ISNA(VLOOKUP(TRIM(UPPER($S419)),ListaTgov.Unidades,1,FALSE))),\"Unid. Não Disp\",\n\" \"))))))))))))))))","v":" "},{"$f":"IF(C419<=CRONO.NivelExibicao,MAX($AD$15:OFFSET(AD419,-1,0))+IF($C419<>1,1,MAX(1,COUNTIF(QCI!$A$13:$A$36,OFFSET($E419,-1,0)))),\"\")","v":""},{"$f":"IF(AND($C419=\"S\",ORÇAMENTO.CodBarra<>\"\"),IF(ORÇAMENTO.Fonte=\"\",ORÇAMENTO.CodBarra,CONCATENATE(ORÇAMENTO.Fonte,\" \",ORÇAMENTO.CodBarra)))","v":"SINAPI 101548"},{"$f":"IF(ISERROR(ORÇAMENTO.BancoRef),\"(abra o arquivo 'Referência \"&Excel_BuiltIn_Database&\".xlsm)\",IF(OR($C419<>\"S\",ORÇAMENTO.CodBarra=\"\"),\"(Sem Código)\",IF(ISERROR(MATCH($AE419,INDIRECT(ORÇAMENTO.BancoRef),0)),\"(Código não identificado nas referências)\",MATCH($AE419,INDIRECT(ORÇAMENTO.BancoRef),0))))","v":11085},{"$f":"ROUND(IF(DESONERACAO=\"sim\",REFERENCIA.Desonerado,REFERENCIA.NaoDesonerado),2)","v":7.87},0.25290000000000001,null,null,null,null,49.3,{"$f":"ROUND(ORÇAMENTO.CustoUnitario*(1+$AH419),2)","v":9.86}]
[{"$f":"CHOOSE(1+LOG(1+2*(ORÇAMENTO.Nivel=\"Meta\")+4*(ORÇAMENTO.Nivel=\"Nível 2\")+8*(ORÇAMENTO.Nivel=\"Nível 3\")+16*(ORÇAMENTO.Nivel=\"Nível 4\")+32*(ORÇAMENTO.Nivel=\"Serviço\"),2),0,1,2,3,4,\"S\")","v":1},{"$f":"IF(OR(C420=\"s\",C420=0),OFFSET(B420,-1,0),C420)","v":1},{"$f":"IF(OFFSET(C420,-1,0)=\"L\",1,IF(OFFSET(C420,-1,0)=1,2,IF(OR(A420=\"s\",A420=0),\"S\",IF(AND(OFFSET(C420,-1,0)=2,A420=4),3,IF(AND(OR(OFFSET(C420,-1,0)=\"s\",OFFSET(C420,-1,0)=0),A420<>\"s\",A420>OFFSET(B420,-1,0)),OFFSET(B420,-1,0),A420)))))","v":1},{"$f":"IF(OR(C420=\"S\",C420=0),0,IF(ISERROR(K420),J420,SMALL(J420:K420,1)))","v":19},{"$f":"IF($C420=1,OFFSET(E420,-1,0)+MAX(1,COUNTIF(QCI!$A$13:$A$36,OFFSET(ORÇAMENTO!E420,-1,0))),OFFSET(E420,-1,0))","v":18},{"$f":"IF($C420=1,0,IF($C420=2,OFFSET(F420,-1,0)+1,OFFSET(F420,-1,0)))","v":0},{"$f":"IF(AND($C420<=2,$C420<>0),0,IF($C420=3,OFFSET(G420,-1,0)+1,OFFSET(G420,-1,0)))","v":0},{"$f":"IF(AND($C420<=3,$C420<>0),0,IF($C420=4,OFFSET(H420,-1,0)+1,OFFSET(H420,-1,0)))","v":0},{"$f":"IF(AND($C420<=4,$C420<>0),0,IF(AND($C420=\"S\",$X420>0),OFFSET(I420,-1,0)+1,OFFSET(I420,-1,0)))","v":0},{"$f":"IF(OR($C420=\"S\",$C420=0),0,MATCH(0,OFFSET($D420,1,$C420,ROW($C$472)-ROW($C420)),0))","v":52},{"$f":"IF(OR($C420=\"S\",$C420=0),0,MATCH(OFFSET($D420,0,$C420)+IF($C420<>1,1,COUNTIF(QCI!$A$13:$A$36,ORÇAMENTO!E420)),OFFSET($D420,1,$C420,ROW($C$472)-ROW($C420)),0))","v":19},{"$f":"IF(OR($X420>0,$C420=1,$C420=2,$C420=3,$C420=4),\"F\",\"\")","v":"F"},"Meta",{"$f":"CHOOSE(1+LOG(1+2*(C420=1)+4*(C420=2)+8*(C420=3)+16*(C420=4)+32*(C420=\"S\"),2),\"\",\"Meta\",\"Nível 2\",\"Nível 3\",\"Nível 4\",\"Serviço\")","v":"Meta"},{"$f":"IF(OR($C420=0,$L420=\"\"),\"-\",CONCATENATE(E420&\".\",IF(AND($A$5>=2,$C420>=2),F420&\".\",\"\"),IF(AND($A$5>=3,$C420>=3),G420&\".\",\"\"),IF(AND($A$5>=4,$C420>=4),H420&\".\",\"\"),IF($C420=\"S\",I420&\".\",\"\")))","v":"18."},"SINAPI",null,{"$f":"IF($C420=\"S\",REFERENCIA.Descricao,\"CLIMATIZAÇÃO\")","v":"CLIMATIZAÇÃO"},{"$f":"REFERENCIA.Unidade","v":"-"},{"$f":"OFFSET(CÁLCULO!H$15,ROW($T420)-ROW(T$15),0)","v":0},null,"BDI 1",{"$f":"IF($C420=\"S\",ROUND(IF(TIPOORCAMENTO=\"Proposto\",ORÇAMENTO.CustoUnitario*(1+$AH420),ORÇAMENTO.PrecoUnitarioLicitado),15-13*$AF$10),0)","v":0},{"$f":"IF($C420=\"S\",IF(OR(Import.TipoArredondamento<>\"TransfereGOV\",ACOMPANHAMENTO=\"BM\"),VTOTAL1,SUM(OFFSET(CÁLCULO!$AI$15,ROW($X420)-ROW($X$15),1):OFFSET(CÁLCULO!$BB$15,ROW($X420)-ROW($X$15),-1))),IF($C420=0,0,ROUND(SomaAgrup,15-13*$AF$11)))","v":120739.99},"RA",{"$f":"IF(AND($C420=\"S\",$X420>0),IF(ISBLANK($Y420),\"RA\",LEFT($Y420,2)),\"\")","v":""},{"$f":"IF($C420=\"S\",IF($Z420=\"CP\",$X420,IF($Z420=\"RA\",(($X420)*QCI!$AA$3),0)),SomaAgrup)","v":10448.078508380255},{"$f":"IF($C420=\"S\",IF($Z420=\"OU\",ROUND($X420,2),0),SomaAgrup)","v":0},{"$f":"IF($N420=\"\",\" \",\nIF(AND($C420<>\"S\",OR($R420=\"\",$R420=\"(digite a descrição aqui)\")),\"DESCRIÇÃO\",\nIF(AND($C420=\"S\",OR($Q420<>\"\",$T420>0,$U420>0),$P420=\"\"),\"FONTE\",\nIF(AND($C420=\"S\",$P420<>\"\",OR($T420>0,$U420>0),$Q420=\"\"),\"CÓDIGO\",\nIF(AND($C420=\"S\",$P420<>\"\",$Q420<>\"\",$R420=\"(Código não identificado nas referências)\"),\"CÓDIGO N/ID\",\nIF(AND($C420=\"S\",OR($R420=\"\",$R420=\"(digite a descrição aqui)\"),OR($Q420<>\"\",$T420>0,$U420>0)),\"DESCRIÇÃO\",\nIF(AND($C420=\"S\",$P420<>\"\",$Q420<>\"\",$S420=\"\"),\"UNIDADE\",\nIF(AND($C420=\"S\",$P420<>\"\",$Q420<>\"\",$U420=0),\"SEM CUSTO\",\nIF(AND(TIPOORCAMENTO=\"Licitado\",$AL420=0,$AN420>0),\"SEM PREÇO\",\nIF(AND($C420=\"S\",$P420<>\"\",$Q420<>\"\",$U420>0,AND($V420<>\"BDI 1\",$V420<>\"BDI 2\",$V420<>\"BDI 3\")),IF(ISNUMBER($V420),\"JUSTIFICAR BDI\",\"BDI\"),\nIF(OR(AND(import.recurso=\"OGU\",TIPOORCAMENTO=\"Proposto\",LEFT($O$8,5)<>\"(N/D:\",$AG420<>\"\",ORÇAMENTO.CustoUnitario>$AG420),AND(TIPOORCAMENTO=\"LICITADO\",ORÇAMENTO.PrecoUnitarioLicitado>$AN420)),\"ACIMA REF.\",\nIF(AND($C420=\"S\",$P420<>\"\",$Q420<>\"\",$T420=0,$U420>0),\"QUANT.\",\nIF(AND(Import.TipoArredondamento=\"TransfereGOV\",$L420=\"F\",$C420=\"S\",LEN($Q420)>13),\"Código >13\",\nIF(AND(Import.TipoArredondamento=\"TransfereGOV\",$L420=\"F\",$C420<>\"S\",LEN($R420)>100),\"Descrição >100\",\nIF(AND(Import.TipoArredondamento=\"TransfereGOV\",$L420=\"F\",$C420=\"S\",LEN($R420)>500),\"Descrição >500\",\nIF(AND(Import.TipoArredondamento=\"TransfereGOV\",$L420=\"F\",$C420=\"S\",LEFT(TRIM(UPPER($P420)),6)<>\"SINAPI\",ISNA(VLOOKUP(TRIM(UPPER($S420)),ListaTgov.Unidades,1,FALSE))),\"Unid. Não Disp\",\n\" \"))))))))))))))))","v":" "},{"$f":"IF(C420<=CRONO.NivelExibicao,MAX($AD$15:OFFSET(AD420,-1,0))+IF($C420<>1,1,MAX(1,COUNTIF(QCI!$A$13:$A$36,OFFSET($E420,-1,0)))),\"\")","v":59},{"$f":"IF(AND($C420=\"S\",ORÇAMENTO.CodBarra<>\"\"),IF(ORÇAMENTO.Fonte=\"\",ORÇAMENTO.CodBarra,CONCATENATE(ORÇAMENTO.Fonte,\" \",ORÇAMENTO.CodBarra)))","v":false},{"$f":"IF(ISERROR(ORÇAMENTO.BancoRef),\"(abra o arquivo 'Referência \"&Excel_BuiltIn_Database&\".xlsm)\",IF(OR($C420<>\"S\",ORÇAMENTO.CodBarra=\"\"),\"(Sem Código)\",IF(ISERROR(MATCH($AE420,INDIRECT(ORÇAMENTO.BancoRef),0)),\"(Código não identificado nas referências)\",MATCH($AE420,INDIRECT(ORÇAMENTO.BancoRef),0))))","v":"(Sem Código)"},{"$f":"ROUND(IF(DESONERACAO=\"sim\",REFERENCIA.Desonerado,REFERENCIA.NaoDesonerado),2)","v":0},{"$f":"ROUND(IF(ISNUMBER(ORÇAMENTO.OpcaoBDI),ORÇAMENTO.OpcaoBDI,IF(LEFT(ORÇAMENTO.OpcaoBDI,3)=\"BDI\",HLOOKUP(ORÇAMENTO.OpcaoBDI,$F$4:$H$5,2,FALSE),0)),15-11*$AF$9)","v":0.25290000000000001},null,null,null,null,{"$f":"$X420","v":120739.99},{"$f":"ROUND(ORÇAMENTO.CustoUnitario*(1+$AH420),2)","v":0}]
[2,2,2,13,{"$f":"IF($C421=1,OFFSET(E421,-1,0)+MAX(1,COUNTIF(QCI!$A$13:$A$36,OFFSET(ORÇAMENTO!E421,-1,0))),OFFSET(E421,-1,0))","v":18},1,0,0,0,18,{"$f":"IF(OR($C421=\"S\",$C421=0),0,MATCH(OFFSET($D421,0,$C421)+IF($C421<>1,1,COUNTIF(QCI!$A$13:$A$36,ORÇAMENTO!E421)),OFFSET($D421,1,$C421,ROW($C$472)-ROW($C421)),0))","v":13},"F","Nível 2","Nível 2","18.1.","SINAPI",null,{"$f":"IF($C421=\"S\",REFERENCIA.Descricao,\"INFRAESTRUTURA\")","v":"INFRAESTRUTURA"},{"$f":"REFERENCIA.Unidade","v":"-"},{"$f":"OFFSET(CÁLCULO!H$15,ROW($T421)-ROW(T$15),0)","v":0},null,"BDI 1",{"$f":"IF($C421=\"S\",ROUND(IF(TIPOORCAMENTO=\"Proposto\",ORÇAMENTO.CustoUnitario*(1+$AH421),ORÇAMENTO.PrecoUnitarioLicitado),15-13*$AF$10),0)","v":0},{"$f":"IF($C421=\"S\",IF(OR(Import.TipoArredondamento<>\"TransfereGOV\",ACOMPANHAMENTO=\"BM\"),VTOTAL1,SUM(OFFSET(CÁLCULO!$AI$15,ROW($X421)-ROW($X$15),1):OFFSET(CÁLCULO!$BB$15,ROW($X421)-ROW($X$15),-1))),IF($C421=0,0,ROUND(SomaAgrup,15-13*$AF$11)))","v":92217.27},"RA","",{"$f":"IF($C421=\"S\",IF($Z421=\"CP\",$X421,IF($Z421=\"RA\",(($X421)*QCI!$AA$3),0)),SomaAgrup)","v":7979.9019097856408},{"$f":"IF($C421=\"S\",IF($Z421=\"OU\",ROUND($X421,2),0),SomaAgrup)","v":0},{"$f":"IF($N421=\"\",\" \",\nIF(AND($C421<>\"S\",OR($R421=\"\",$R421=\"(digite a descrição aqui)\")),\"DESCRIÇÃO\",\nIF(AND($C421=\"S\",OR($Q421<>\"\",$T421>0,$U421>0),$P421=\"\"),\"FONTE\",\nIF(AND($C421=\"S\",$P421<>\"\",OR($T421>0,$U421>0),$Q421=\"\"),\"CÓDIGO\",\nIF(AND($C421=\"S\",$P421<>\"\",$Q421<>\"\",$R421=\"(Código não identificado nas referências)\"),\"CÓDIGO N/ID\",\nIF(AND($C421=\"S\",OR($R421=\"\",$R421=\"(digite a descrição aqui)\"),OR($Q421<>\"\",$T421>0,$U421>0)),\"DESCRIÇÃO\",\nIF(AND($C421=\"S\",$P421<>\"\",$Q421<>\"\",$S421=\"\"),\"UNIDADE\",\nIF(AND($C421=\"S\",$P421<>\"\",$Q421<>\"\",$U421=0),\"SEM CUSTO\",\nIF(AND(TIPOORCAMENTO=\"Licitado\",$AL421=0,$AN421>0),\"SEM PREÇO\",\nIF(AND($C421=\"S\",$P421<>\"\",$Q421<>\"\",$U421>0,AND($V421<>\"BDI 1\",$V421<>\"BDI 2\",$V421<>\"BDI 3\")),IF(ISNUMBER($V421),\"JUSTIFICAR BDI\",\"BDI\"),\nIF(OR(AND(import.recurso=\"OGU\",TIPOORCAMENTO=\"Proposto\",LEFT($O$8,5)<>\"(N/D:\",$AG421<>\"\",ORÇAMENTO.CustoUnitario>$AG421),AND(TIPOORCAMENTO=\"LICITADO\",ORÇAMENTO.PrecoUnitarioLicitado>$AN421)),\"ACIMA REF.\",\nIF(AND($C421=\"S\",$P421<>\"\",$Q421<>\"\",$T421=0,$U421>0),\"QUANT.\",\nIF(AND(Import.TipoArredondamento=\"TransfereGOV\",$L421=\"F\",$C421=\"S\",LEN($Q421)>13),\"Código >13\",\nIF(AND(Import.TipoArredondamento=\"TransfereGOV\",$L421=\"F\",$C421<>\"S\",LEN($R421)>100),\"Descrição >100\",\nIF(AND(Import.TipoArredondamento=\"TransfereGOV\",$L421=\"F\",$C421=\"S\",LEN($R421)>500),\"Descrição >500\",\nIF(AND(Import.TipoArredondamento=\"TransfereGOV\",$L421=\"F\",$C421=\"S\",LEFT(TRIM(UPPER($P421)),6)<>\"SINAPI\",ISNA(VLOOKUP(TRIM(UPPER($S421)),ListaTgov.Unidades,1,FALSE))),\"Unid. Não Disp\",\n\" \"))))))))))))))))","v":" "},{"$f":"IF(C421<=CRONO.NivelExibicao,MAX($AD$15:OFFSET(AD421,-1,0))+IF($C421<>1,1,MAX(1,COUNTIF(QCI!$A$13:$A$36,OFFSET($E421,-1,0)))),\"\")","v":60},{"$f":"IF(AND($C421=\"S\",ORÇAMENTO.CodBarra<>\"\"),IF(ORÇAMENTO.Fonte=\"\",ORÇAMENTO.CodBarra,CONCATENATE(ORÇAMENTO.Fonte,\" \",ORÇAMENTO.CodBarra)))","v":false},{"$f":"IF(ISERROR(ORÇAMENTO.BancoRef),\"(abra o arquivo 'Referência \"&Excel_BuiltIn_Database&\".xlsm)\",IF(OR($C421<>\"S\",ORÇAMENTO.CodBarra=\"\"),\"(Sem Código)\",IF(ISERROR(MATCH($AE421,INDIRECT(ORÇAMENTO.BancoRef),0)),\"(Código não identificado nas referências)\",MATCH($AE421,INDIRECT(ORÇAMENTO.BancoRef),0))))","v":"(Sem Código)"},{"$f":"ROUND(IF(DESONERACAO=\"sim\",REFERENCIA.Desonerado,REFERENCIA.NaoDesonerado),2)","v":0},0.25290000000000001,null,null,null,null,92217.27,{"$f":"ROUND(ORÇAMENTO.CustoUnitario*(1+$AH421),2)","v":0}]
["S",2,"S",0,{"$f":"IF($C422=1,OFFSET(E422,-1,0)+MAX(1,COUNTIF(QCI!$A$13:$A$36,OFFSET(ORÇAMENTO!E422,-1,0))),OFFSET(E422,-1,0))","v":18},1,0,0,1,0,{"$f":"IF(OR($C422=\"S\",$C422=0),0,MATCH(OFFSET($D422,0,$C422)+IF($C422<>1,1,COUNTIF(QCI!$A$13:$A$36,ORÇAMENTO!E422)),OFFSET($D422,1,$C422,ROW($C$472)-ROW($C422)),0))","v":0},"F","Serviço","Serviço","18.1.0.1.","Composição","COMP123",{"$f":"IF($C422=\"S\",REFERENCIA.Descricao,\"(digite a descrição aqui)\")","v":"TUBO EM COBRE FLEXÍVEL, DN 1/4\", COM ISOLAMENTO, INSTALADO EM RAMAL DE ALIMENTAÇÃO DE AR CONDICIONADO COM CONDENSADORA CENTRAL - FORNECIMENTO E INSTALAÇÃO. AF_12/2015"},{"$f":"REFERENCIA.Unidade","v":"M"},{"$f":"OFFSET(CÁLCULO!H$15,ROW($T422)-ROW(T$15),0)","v":98},{"$f":"AG422","v":28.93},"BDI 1",{"$f":"IF($C422=\"S\",ROUND(IF(TIPOORCAMENTO=\"Proposto\",ORÇAMENTO.CustoUnitario*(1+$AH422),ORÇAMENTO.PrecoUnitarioLicitado),15-13*$AF$10),0)","v":36.25},{"$f":"IF($C422=\"S\",IF(OR(Import.TipoArredondamento<>\"TransfereGOV\",ACOMPANHAMENTO=\"BM\"),VTOTAL1,SUM(OFFSET(CÁLCULO!$AI$15,ROW($X422)-ROW($X$15),1):OFFSET(CÁLCULO!$BB$15,ROW($X422)-ROW($X$15),-1))),IF($C422=0,0,ROUND(SomaAgrup,15-13*$AF$11)))","v":3552.5},"RA","RA",{"$f":"IF($C422=\"S\",IF($Z422=\"CP\",$X422,IF($Z422=\"RA\",(($X422)*QCI!$AA$3),0)),SomaAgrup)","v":307.41098206999067},{"$f":"IF($C422=\"S\",IF($Z422=\"OU\",ROUND($X422,2),0),SomaAgrup)","v":0},{"$f":"IF($N422=\"\",\" \",\nIF(AND($C422<>\"S\",OR($R422=\"\",$R422=\"(digite a descrição aqui)\")),\"DESCRIÇÃO\",\nIF(AND($C422=\"S\",OR($Q422<>\"\",$T422>0,$U422>0),$P422=\"\"),\"FONTE\",\nIF(AND($C422=\"S\",$P422<>\"\",OR($T422>0,$U422>0),$Q422=\"\"),\"CÓDIGO\",\nIF(AND($C422=\"S\",$P422<>\"\",$Q422<>\"\",$R422=\"(Código não identificado nas referências)\"),\"CÓDIGO N/ID\",\nIF(AND($C422=\"S\",OR($R422=\"\",$R422=\"(digite a descrição aqui)\"),OR($Q422<>\"\",$T422>0,$U422>0)),\"DESCRIÇÃO\",\nIF(AND($C422=\"S\",$P422<>\"\",$Q422<>\"\",$S422=\"\"),\"UNIDADE\",\nIF(AND($C422=\"S\",$P422<>\"\",$Q422<>\"\",$U422=0),\"SEM CUSTO\",\nIF(AND(TIPOORCAMENTO=\"Licitado\",$AL422=0,$AN422>0),\"SEM PREÇO\",\nIF(AND($C422=\"S\",$P422<>\"\",$Q422<>\"\",$U422>0,AND($V422<>\"BDI 1\",$V422<>\"BDI 2\",$V422<>\"BDI 3\")),IF(ISNUMBER($V422),\"JUSTIFICAR BDI\",\"BDI\"),\nIF(OR(AND(import.recurso=\"OGU\",TIPOORCAMENTO=\"Proposto\",LEFT($O$8,5)<>\"(N/D:\",$AG422<>\"\",ORÇAMENTO.CustoUnitario>$AG422),AND(TIPOORCAMENTO=\"LICITADO\",ORÇAMENTO.PrecoUnitarioLicitado>$AN422)),\"ACIMA REF.\",\nIF(AND($C422=\"S\",$P422<>\"\",$Q422<>\"\",$T422=0,$U422>0),\"QUANT.\",\nIF(AND(Import.TipoArredondamento=\"TransfereGOV\",$L422=\"F\",$C422=\"S\",LEN($Q422)>13),\"Código >13\",\nIF(AND(Import.TipoArredondamento=\"TransfereGOV\",$L422=\"F\",$C422<>\"S\",LEN($R422)>100),\"Descrição >100\",\nIF(AND(Import.TipoArredondamento=\"TransfereGOV\",$L422=\"F\",$C422=\"S\",LEN($R422)>500),\"Descrição >500\",\nIF(AND(Import.TipoArredondamento=\"TransfereGOV\",$L422=\"F\",$C422=\"S\",LEFT(TRIM(UPPER($P422)),6)<>\"SINAPI\",ISNA(VLOOKUP(TRIM(UPPER($S422)),ListaTgov.Unidades,1,FALSE))),\"Unid. Não Disp\",\n\" \"))))))))))))))))","v":" "},{"$f":"IF(C422<=CRONO.NivelExibicao,MAX($AD$15:OFFSET(AD422,-1,0))+IF($C422<>1,1,MAX(1,COUNTIF(QCI!$A$13:$A$36,OFFSET($E422,-1,0)))),\"\")","v":""},{"$f":"IF(AND($C422=\"S\",ORÇAMENTO.CodBarra<>\"\"),IF(ORÇAMENTO.Fonte=\"\",ORÇAMENTO.CodBarra,CONCATENATE(ORÇAMENTO.Fonte,\" \",ORÇAMENTO.CodBarra)))","v":"Composição COMP123"},{"$f":"IF(ISERROR(ORÇAMENTO.BancoRef),\"(abra o arquivo 'Referência \"&Excel_BuiltIn_Database&\".xlsm)\",IF(OR($C422<>\"S\",ORÇAMENTO.CodBarra=\"\"),\"(Sem Código)\",IF(ISERROR(MATCH($AE422,INDIRECT(ORÇAMENTO.BancoRef),0)),\"(Código não identificado nas referências)\",MATCH($AE422,INDIRECT(ORÇAMENTO.BancoRef),0))))","v":125},{"$f":"ROUND(IF(DESONERACAO=\"sim\",REFERENCIA.Desonerado,REFERENCIA.NaoDesonerado),2)","v":28.93},0.25290000000000001,null,null,null,null,3552.5,{"$f":"ROUND(ORÇAMENTO.CustoUnitario*(1+$AH422),2)","v":36.25}]
["S",2,"S",0,{"$f":"IF($C423=1,OFFSET(E423,-1,0)+MAX(1,COUNTIF(QCI!$A$13:$A$36,OFFSET(ORÇAMENTO!E423,-1,0))),OFFSET(E423,-1,0))","v":18},1,0,0,2,0,{"$f":"IF(OR($C423=\"S\",$C423=0),0,MATCH(OFFSET($D423,0,$C423)+IF($C423<>1,1,COUNTIF(QCI!$A$13:$A$36,ORÇAMENTO!E423)),OFFSET($D423,1,$C423,ROW($C$472)-ROW($C423)),0))","v":0},"F","Serviço","Serviço","18.1.0.2.","SINAPI","103290",{"$f":"IF($C423=\"S\",REFERENCIA.Descricao,\"(digite a descrição aqui)\")","v":"TUBO EM COBRE FLEXÍVEL, DN 3/8\", COM ISOLAMENTO, INSTALADO EM FORRO, PARA RAMAL DE ALIMENTAÇÃO DE AR CONDICIONADO, INCLUSO FIXADOR. AF_11/2021"},{"$f":"REFERENCIA.Unidade","v":"M"},{"$f":"OFFSET(CÁLCULO!H$15,ROW($T423)-ROW(T$15),0)","v":22},{"$f":"AG423","v":52.14},"BDI 1",{"$f":"IF($C423=\"S\",ROUND(IF(TIPOORCAMENTO=\"Proposto\",ORÇAMENTO.CustoUnitario*(1+$AH423),ORÇAMENTO.PrecoUnitarioLicitado),15-13*$AF$10),0)","v":65.33},{"$f":"IF($C423=\"S\",IF(OR(Import.TipoArredondamento<>\"TransfereGOV\",ACOMPANHAMENTO=\"BM\"),VTOTAL1,SUM(OFFSET(CÁLCULO!$AI$15,ROW($X423)-ROW($X$15),1):OFFSET(CÁLCULO!$BB$15,ROW($X423)-ROW($X$15),-1))),IF($C423=0,0,ROUND(SomaAgrup,15-13*$AF$11)))","v":1437.26},"RA","RA",{"$f":"IF($C423=\"S\",IF($Z423=\"CP\",$X423,IF($Z423=\"RA\",(($X423)*QCI!$AA$3),0)),SomaAgrup)","v":124.37143084867411},{"$f":"IF($C423=\"S\",IF($Z423=\"OU\",ROUND($X423,2),0),SomaAgrup)","v":0},{"$f":"IF($N423=\"\",\" \",\nIF(AND($C423<>\"S\",OR($R423=\"\",$R423=\"(digite a descrição aqui)\")),\"DESCRIÇÃO\",\nIF(AND($C423=\"S\",OR($Q423<>\"\",$T423>0,$U423>0),$P423=\"\"),\"FONTE\",\nIF(AND($C423=\"S\",$P423<>\"\",OR($T423>0,$U423>0),$Q423=\"\"),\"CÓDIGO\",\nIF(AND($C423=\"S\",$P423<>\"\",$Q423<>\"\",$R423=\"(Código não identificado nas referências)\"),\"CÓDIGO N/ID\",\nIF(AND($C423=\"S\",OR($R423=\"\",$R423=\"(digite a descrição aqui)\"),OR($Q423<>\"\",$T423>0,$U423>0)),\"DESCRIÇÃO\",\nIF(AND($C423=\"S\",$P423<>\"\",$Q423<>\"\",$S423=\"\"),\"UNIDADE\",\nIF(AND($C423=\"S\",$P423<>\"\",$Q423<>\"\",$U423=0),\"SEM CUSTO\",\nIF(AND(TIPOORCAMENTO=\"Licitado\",$AL423=0,$AN423>0),\"SEM PREÇO\",\nIF(AND($C423=\"S\",$P423<>\"\",$Q423<>\"\",$U423>0,AND($V423<>\"BDI 1\",$V423<>\"BDI 2\",$V423<>\"BDI 3\")),IF(ISNUMBER($V423),\"JUSTIFICAR BDI\",\"BDI\"),\nIF(OR(AND(import.recurso=\"OGU\",TIPOORCAMENTO=\"Proposto\",LEFT($O$8,5)<>\"(N/D:\",$AG423<>\"\",ORÇAMENTO.CustoUnitario>$AG423),AND(TIPOORCAMENTO=\"LICITADO\",ORÇAMENTO.PrecoUnitarioLicitado>$AN423)),\"ACIMA REF.\",\nIF(AND($C423=\"S\",$P423<>\"\",$Q423<>\"\",$T423=0,$U423>0),\"QUANT.\",\nIF(AND(Import.TipoArredondamento=\"TransfereGOV\",$L423=\"F\",$C423=\"S\",LEN($Q423)>13),\"Código >13\",\nIF(AND(Import.TipoArredondamento=\"TransfereGOV\",$L423=\"F\",$C423<>\"S\",LEN($R423)>100),\"Descrição >100\",\nIF(AND(Import.TipoArredondamento=\"TransfereGOV\",$L423=\"F\",$C423=\"S\",LEN($R423)>500),\"Descrição >500\",\nIF(AND(Import.TipoArredondamento=\"TransfereGOV\",$L423=\"F\",$C423=\"S\",LEFT(TRIM(UPPER($P423)),6)<>\"SINAPI\",ISNA(VLOOKUP(TRIM(UPPER($S423)),ListaTgov.Unidades,1,FALSE))),\"Unid. Não Disp\",\n\" \"))))))))))))))))","v":" "},{"$f":"IF(C423<=CRONO.NivelExibicao,MAX($AD$15:OFFSET(AD423,-1,0))+IF($C423<>1,1,MAX(1,COUNTIF(QCI!$A$13:$A$36,OFFSET($E423,-1,0)))),\"\")","v":""},{"$f":"IF(AND($C423=\"S\",ORÇAMENTO.CodBarra<>\"\"),IF(ORÇAMENTO.Fonte=\"\",ORÇAMENTO.CodBarra,CONCATENATE(ORÇAMENTO.Fonte,\" \",ORÇAMENTO.CodBarra)))","v":"SINAPI 103290"},{"$f":"IF(ISERROR(ORÇAMENTO.BancoRef),\"(abra o arquivo 'Referência \"&Excel_BuiltIn_Database&\".xlsm)\",IF(OR($C423<>\"S\",ORÇAMENTO.CodBarra=\"\"),\"(Sem Código)\",IF(ISERROR(MATCH($AE423,INDIRECT(ORÇAMENTO.BancoRef),0)),\"(Código não identificado nas referências)\",MATCH($AE423,INDIRECT(ORÇAMENTO.BancoRef),0))))","v":12633},{"$f":"ROUND(IF(DESONERACAO=\"sim\",REFERENCIA.Desonerado,REFERENCIA.NaoDesonerado),2)","v":52.14},0.25290000000000001,null,null,null,null,1437.26,{"$f":"ROUND(ORÇAMENTO.CustoUnitario*(1+$AH423),2)","v":65.33}]
["S",2,"S",0,{"$f":"IF($C424=1,OFFSET(E424,-1,0)+MAX(1,COUNTIF(QCI!$A$13:$A$36,OFFSET(ORÇAMENTO!E424,-1,0))),OFFSET(E424,-1,0))","v":18},1,0,0,3,0,{"$f":"IF(OR($C424=\"S\",$C424=0),0,MATCH(OFFSET($D424,0,$C424)+IF($C424<>1,1,COUNTIF(QCI!$A$13:$A$36,ORÇAMENTO!E424)),OFFSET($D424,1,$C424,ROW($C$472)-ROW($C424)),0))","v":0},"F","Serviço","Serviço","18.1.0.3.","SINAPI","103291",{"$f":"IF($C424=\"S\",REFERENCIA.Descricao,\"(digite a descrição aqui)\")","v":"TUBO EM COBRE FLEXÍVEL, DN 1/2\", COM ISOLAMENTO, INSTALADO EM FORRO, PARA RAMAL DE ALIMENTAÇÃO DE AR CONDICIONADO, INCLUSO FIXADOR. AF_11/2021"},{"$f":"REFERENCIA.Unidade","v":"M"},{"$f":"OFFSET(CÁLCULO!H$15,ROW($T424)-ROW(T$15),0)","v":84},65.430000000000007,"BDI 1",{"$f":"IF($C424=\"S\",ROUND(IF(TIPOORCAMENTO=\"Proposto\",ORÇAMENTO.CustoUnitario*(1+$AH424),ORÇAMENTO.PrecoUnitarioLicitado),15-13*$AF$10),0)","v":81.98},{"$f":"IF($C424=\"S\",IF(OR(Import.TipoArredondamento<>\"TransfereGOV\",ACOMPANHAMENTO=\"BM\"),VTOTAL1,SUM(OFFSET(CÁLCULO!$AI$15,ROW($X424)-ROW($X$15),1):OFFSET(CÁLCULO!$BB$15,ROW($X424)-ROW($X$15),-1))),IF($C424=0,0,ROUND(SomaAgrup,15-13*$AF$11)))","v":6886.32},"RA","RA",{"$f":"IF($C424=\"S\",IF($Z424=\"CP\",$X424,IF($Z424=\"RA\",(($X424)*QCI!$AA$3),0)),SomaAgrup)","v":595.89877383482565},{"$f":"IF($C424=\"S\",IF($Z424=\"OU\",ROUND($X424,2),0),SomaAgrup)","v":0},{"$f":"IF($N424=\"\",\" \",\nIF(AND($C424<>\"S\",OR($R424=\"\",$R424=\"(digite a descrição aqui)\")),\"DESCRIÇÃO\",\nIF(AND($C424=\"S\",OR($Q424<>\"\",$T424>0,$U424>0),$P424=\"\"),\"FONTE\",\nIF(AND($C424=\"S\",$P424<>\"\",OR($T424>0,$U424>0),$Q424=\"\"),\"CÓDIGO\",\nIF(AND($C424=\"S\",$P424<>\"\",$Q424<>\"\",$R424=\"(Código não identificado nas referências)\"),\"CÓDIGO N/ID\",\nIF(AND($C424=\"S\",OR($R424=\"\",$R424=\"(digite a descrição aqui)\"),OR($Q424<>\"\",$T424>0,$U424>0)),\"DESCRIÇÃO\",\nIF(AND($C424=\"S\",$P424<>\"\",$Q424<>\"\",$S424=\"\"),\"UNIDADE\",\nIF(AND($C424=\"S\",$P424<>\"\",$Q424<>\"\",$U424=0),\"SEM CUSTO\",\nIF(AND(TIPOORCAMENTO=\"Licitado\",$AL424=0,$AN424>0),\"SEM PREÇO\",\nIF(AND($C424=\"S\",$P424<>\"\",$Q424<>\"\",$U424>0,AND($V424<>\"BDI 1\",$V424<>\"BDI 2\",$V424<>\"BDI 3\")),IF(ISNUMBER($V424),\"JUSTIFICAR BDI\",\"BDI\"),\nIF(OR(AND(import.recurso=\"OGU\",TIPOORCAMENTO=\"Proposto\",LEFT($O$8,5)<>\"(N/D:\",$AG424<>\"\",ORÇAMENTO.CustoUnitario>$AG424),AND(TIPOORCAMENTO=\"LICITADO\",ORÇAMENTO.PrecoUnitarioLicitado>$AN424)),\"ACIMA REF.\",\nIF(AND($C424=\"S\",$P424<>\"\",$Q424<>\"\",$T424=0,$U424>0),\"QUANT.\",\nIF(AND(Import.TipoArredondamento=\"TransfereGOV\",$L424=\"F\",$C424=\"S\",LEN($Q424)>13),\"Código >13\",\nIF(AND(Import.TipoArredondamento=\"TransfereGOV\",$L424=\"F\",$C424<>\"S\",LEN($R424)>100),\"Descrição >100\",\nIF(AND(Import.TipoArredondamento=\"TransfereGOV\",$L424=\"F\",$C424=\"S\",LEN($R424)>500),\"Descrição >500\",\nIF(AND(Import.TipoArredondamento=\"TransfereGOV\",$L424=\"F\",$C424=\"S\",LEFT(TRIM(UPPER($P424)),6)<>\"SINAPI\",ISNA(VLOOKUP(TRIM(UPPER($S424)),ListaTgov.Unidades,1,FALSE))),\"Unid. Não Disp\",\n\" \"))))))))))))))))","v":" "},{"$f":"IF(C424<=CRONO.NivelExibicao,MAX($AD$15:OFFSET(AD424,-1,0))+IF($C424<>1,1,MAX(1,COUNTIF(QCI!$A$13:$A$36,OFFSET($E424,-1,0)))),\"\")","v":""},{"$f":"IF(AND($C424=\"S\",ORÇAMENTO.CodBarra<>\"\"),IF(ORÇAMENTO.Fonte=\"\",ORÇAMENTO.CodBarra,CONCATENATE(ORÇAMENTO.Fonte,\" \",ORÇAMENTO.CodBarra)))","v":"SINAPI 103291"},{"$f":"IF(ISERROR(ORÇAMENTO.BancoRef),\"(abra o arquivo 'Referência \"&Excel_BuiltIn_Database&\".xlsm)\",IF(OR($C424<>\"S\",ORÇAMENTO.CodBarra=\"\"),\"(Sem Código)\",IF(ISERROR(MATCH($AE424,INDIRECT(ORÇAMENTO.BancoRef),0)),\"(Código não identificado nas referências)\",MATCH($AE424,INDIRECT(ORÇAMENTO.BancoRef),0))))","v":12631},{"$f":"ROUND(IF(DESONERACAO=\"sim\",REFERENCIA.Desonerado,REFERENCIA.NaoDesonerado),2)","v":65.430000000000007},0.25290000000000001,null,null,null,null,6886.32,{"$f":"ROUND(ORÇAMENTO.CustoUnitario*(1+$AH424),2)","v":81.98}]
["S",2,"S",0,{"$f":"IF($C425=1,OFFSET(E425,-1,0)+MAX(1,COUNTIF(QCI!$A$13:$A$36,OFFSET(ORÇAMENTO!E425,-1,0))),OFFSET(E425,-1,0))","v":18},1,0,0,4,0,{"$f":"IF(OR($C425=\"S\",$C425=0),0,MATCH(OFFSET($D425,0,$C425)+IF($C425<>1,1,COUNTIF(QCI!$A$13:$A$36,ORÇAMENTO!E425)),OFFSET($D425,1,$C425,ROW($C$472)-ROW($C425)),0))","v":0},"F","Serviço","Serviço","18.1.0.4.","SINAPI","97330",{"$f":"IF($C425=\"S\",REFERENCIA.Descricao,\"(digite a descrição aqui)\")","v":"TUBO EM COBRE FLEXÍVEL, DN 5/8\", COM ISOLAMENTO, INSTALADO EM RAMAL DE ALIMENTAÇÃO DE AR-CONDICIONADO - FORNECIMENTO E INSTALAÇÃO. AF_07/2025"},{"$f":"REFERENCIA.Unidade","v":"M"},{"$f":"OFFSET(CÁLCULO!H$15,ROW($T425)-ROW(T$15),0)","v":8},74.930000000000007,"BDI 1",{"$f":"IF($C425=\"S\",ROUND(IF(TIPOORCAMENTO=\"Proposto\",ORÇAMENTO.CustoUnitario*(1+$AH425),ORÇAMENTO.PrecoUnitarioLicitado),15-13*$AF$10),0)","v":93.88},{"$f":"IF($C425=\"S\",IF(OR(Import.TipoArredondamento<>\"TransfereGOV\",ACOMPANHAMENTO=\"BM\"),VTOTAL1,SUM(OFFSET(CÁLCULO!$AI$15,ROW($X425)-ROW($X$15),1):OFFSET(CÁLCULO!$BB$15,ROW($X425)-ROW($X$15),-1))),IF($C425=0,0,ROUND(SomaAgrup,15-13*$AF$11)))","v":751.04},"RA","RA",{"$f":"IF($C425=\"S\",IF($Z425=\"CP\",$X425,IF($Z425=\"RA\",(($X425)*QCI!$AA$3),0)),SomaAgrup)","v":64.990272758295788},{"$f":"IF($C425=\"S\",IF($Z425=\"OU\",ROUND($X425,2),0),SomaAgrup)","v":0},{"$f":"IF($N425=\"\",\" \",\nIF(AND($C425<>\"S\",OR($R425=\"\",$R425=\"(digite a descrição aqui)\")),\"DESCRIÇÃO\",\nIF(AND($C425=\"S\",OR($Q425<>\"\",$T425>0,$U425>0),$P425=\"\"),\"FONTE\",\nIF(AND($C425=\"S\",$P425<>\"\",OR($T425>0,$U425>0),$Q425=\"\"),\"CÓDIGO\",\nIF(AND($C425=\"S\",$P425<>\"\",$Q425<>\"\",$R425=\"(Código não identificado nas referências)\"),\"CÓDIGO N/ID\",\nIF(AND($C425=\"S\",OR($R425=\"\",$R425=\"(digite a descrição aqui)\"),OR($Q425<>\"\",$T425>0,$U425>0)),\"DESCRIÇÃO\",\nIF(AND($C425=\"S\",$P425<>\"\",$Q425<>\"\",$S425=\"\"),\"UNIDADE\",\nIF(AND($C425=\"S\",$P425<>\"\",$Q425<>\"\",$U425=0),\"SEM CUSTO\",\nIF(AND(TIPOORCAMENTO=\"Licitado\",$AL425=0,$AN425>0),\"SEM PREÇO\",\nIF(AND($C425=\"S\",$P425<>\"\",$Q425<>\"\",$U425>0,AND($V425<>\"BDI 1\",$V425<>\"BDI 2\",$V425<>\"BDI 3\")),IF(ISNUMBER($V425),\"JUSTIFICAR BDI\",\"BDI\"),\nIF(OR(AND(import.recurso=\"OGU\",TIPOORCAMENTO=\"Proposto\",LEFT($O$8,5)<>\"(N/D:\",$AG425<>\"\",ORÇAMENTO.CustoUnitario>$AG425),AND(TIPOORCAMENTO=\"LICITADO\",ORÇAMENTO.PrecoUnitarioLicitado>$AN425)),\"ACIMA REF.\",\nIF(AND($C425=\"S\",$P425<>\"\",$Q425<>\"\",$T425=0,$U425>0),\"QUANT.\",\nIF(AND(Import.TipoArredondamento=\"TransfereGOV\",$L425=\"F\",$C425=\"S\",LEN($Q425)>13),\"Código >13\",\nIF(AND(Import.TipoArredondamento=\"TransfereGOV\",$L425=\"F\",$C425<>\"S\",LEN($R425)>100),\"Descrição >100\",\nIF(AND(Import.TipoArredondamento=\"TransfereGOV\",$L425=\"F\",$C425=\"S\",LEN($R425)>500),\"Descrição >500\",\nIF(AND(Import.TipoArredondamento=\"TransfereGOV\",$L425=\"F\",$C425=\"S\",LEFT(TRIM(UPPER($P425)),6)<>\"SINAPI\",ISNA(VLOOKUP(TRIM(UPPER($S425)),ListaTgov.Unidades,1,FALSE))),\"Unid. Não Disp\",\n\" \"))))))))))))))))","v":" "},{"$f":"IF(C425<=CRONO.NivelExibicao,MAX($AD$15:OFFSET(AD425,-1,0))+IF($C425<>1,1,MAX(1,COUNTIF(QCI!$A$13:$A$36,OFFSET($E425,-1,0)))),\"\")","v":""},{"$f":"IF(AND($C425=\"S\",ORÇAMENTO.CodBarra<>\"\"),IF(ORÇAMENTO.Fonte=\"\",ORÇAMENTO.CodBarra,CONCATENATE(ORÇAMENTO.Fonte,\" \",ORÇAMENTO.CodBarra)))","v":"SINAPI 97330"},{"$f":"IF(ISERROR(ORÇAMENTO.BancoRef),\"(abra o arquivo 'Referência \"&Excel_BuiltIn_Database&\".xlsm)\",IF(OR($C425<>\"S\",ORÇAMENTO.CodBarra=\"\"),\"(Sem Código)\",IF(ISERROR(MATCH($AE425,INDIRECT(ORÇAMENTO.BancoRef),0)),\"(Código não identificado nas referências)\",MATCH($AE425,INDIRECT(ORÇAMENTO.BancoRef),0))))","v":12649},{"$f":"ROUND(IF(DESONERACAO=\"sim\",REFERENCIA.Desonerado,REFERENCIA.NaoDesonerado),2)","v":74.930000000000007},0.25290000000000001,null,null,null,null,751.04,{"$f":"ROUND(ORÇAMENTO.CustoUnitario*(1+$AH425),2)","v":93.88}]
["S",2,"S",0,{"$f":"IF($C426=1,OFFSET(E426,-1,0)+MAX(1,COUNTIF(QCI!$A$13:$A$36,OFFSET(ORÇAMENTO!E426,-1,0))),OFFSET(E426,-1,0))","v":18},1,0,0,5,0,{"$f":"IF(OR($C426=\"S\",$C426=0),0,MATCH(OFFSET($D426,0,$C426)+IF($C426<>1,1,COUNTIF(QCI!$A$13:$A$36,ORÇAMENTO!E426)),OFFSET($D426,1,$C426,ROW($C$472)-ROW($C426)),0))","v":0},"F","Serviço","Serviço","18.1.0.5.","Composição","COMP124",{"$f":"IF($C426=\"S\",REFERENCIA.Descricao,\"(digite a descrição aqui)\")","v":"CABO DE COBRE PP CORDPLAST 4 X 2,5 MM2, 450/750V - FORNECIMENTO E INSTALAÇÃO"},{"$f":"REFERENCIA.Unidade","v":"M"},{"$f":"OFFSET(CÁLCULO!H$15,ROW($T426)-ROW(T$15),0)","v":128},16.510000000000002,"BDI 1",{"$f":"IF($C426=\"S\",ROUND(IF(TIPOORCAMENTO=\"Proposto\",ORÇAMENTO.CustoUnitario*(1+$AH426),ORÇAMENTO.PrecoUnitarioLicitado),15-13*$AF$10),0)","v":20.69},{"$f":"IF($C426=\"S\",IF(OR(Import.TipoArredondamento<>\"TransfereGOV\",ACOMPANHAMENTO=\"BM\"),VTOTAL1,SUM(OFFSET(CÁLCULO!$AI$15,ROW($X426)-ROW($X$15),1):OFFSET(CÁLCULO!$BB$15,ROW($X426)-ROW($X$15),-1))),IF($C426=0,0,ROUND(SomaAgrup,15-13*$AF$11)))","v":2648.32},"RA","RA",{"$f":"IF($C426=\"S\",IF($Z426=\"CP\",$X426,IF($Z426=\"RA\",(($X426)*QCI!$AA$3),0)),SomaAgrup)","v":229.16893794105493},{"$f":"IF($C426=\"S\",IF($Z426=\"OU\",ROUND($X426,2),0),SomaAgrup)","v":0},{"$f":"IF($N426=\"\",\" \",\nIF(AND($C426<>\"S\",OR($R426=\"\",$R426=\"(digite a descrição aqui)\")),\"DESCRIÇÃO\",\nIF(AND($C426=\"S\",OR($Q426<>\"\",$T426>0,$U426>0),$P426=\"\"),\"FONTE\",\nIF(AND($C426=\"S\",$P426<>\"\",OR($T426>0,$U426>0),$Q426=\"\"),\"CÓDIGO\",\nIF(AND($C426=\"S\",$P426<>\"\",$Q426<>\"\",$R426=\"(Código não identificado nas referências)\"),\"CÓDIGO N/ID\",\nIF(AND($C426=\"S\",OR($R426=\"\",$R426=\"(digite a descrição aqui)\"),OR($Q426<>\"\",$T426>0,$U426>0)),\"DESCRIÇÃO\",\nIF(AND($C426=\"S\",$P426<>\"\",$Q426<>\"\",$S426=\"\"),\"UNIDADE\",\nIF(AND($C426=\"S\",$P426<>\"\",$Q426<>\"\",$U426=0),\"SEM CUSTO\",\nIF(AND(TIPOORCAMENTO=\"Licitado\",$AL426=0,$AN426>0),\"SEM PREÇO\",\nIF(AND($C426=\"S\",$P426<>\"\",$Q426<>\"\",$U426>0,AND($V426<>\"BDI 1\",$V426<>\"BDI 2\",$V426<>\"BDI 3\")),IF(ISNUMBER($V426),\"JUSTIFICAR BDI\",\"BDI\"),\nIF(OR(AND(import.recurso=\"OGU\",TIPOORCAMENTO=\"Proposto\",LEFT($O$8,5)<>\"(N/D:\",$AG426<>\"\",ORÇAMENTO.CustoUnitario>$AG426),AND(TIPOORCAMENTO=\"LICITADO\",ORÇAMENTO.PrecoUnitarioLicitado>$AN426)),\"ACIMA REF.\",\nIF(AND($C426=\"S\",$P426<>\"\",$Q426<>\"\",$T426=0,$U426>0),\"QUANT.\",\nIF(AND(Import.TipoArredondamento=\"TransfereGOV\",$L426=\"F\",$C426=\"S\",LEN($Q426)>13),\"Código >13\",\nIF(AND(Import.TipoArredondamento=\"TransfereGOV\",$L426=\"F\",$C426<>\"S\",LEN($R426)>100),\"Descrição >100\",\nIF(AND(Import.TipoArredondamento=\"TransfereGOV\",$L426=\"F\",$C426=\"S\",LEN($R426)>500),\"Descrição >500\",\nIF(AND(Import.TipoArredondamento=\"TransfereGOV\",$L426=\"F\",$C426=\"S\",LEFT(TRIM(UPPER($P426)),6)<>\"SINAPI\",ISNA(VLOOKUP(TRIM(UPPER($S426)),ListaTgov.Unidades,1,FALSE))),\"Unid. Não Disp\",\n\" \"))))))))))))))))","v":" "},{"$f":"IF(C426<=CRONO.NivelExibicao,MAX($AD$15:OFFSET(AD426,-1,0))+IF($C426<>1,1,MAX(1,COUNTIF(QCI!$A$13:$A$36,OFFSET($E426,-1,0)))),\"\")","v":""},{"$f":"IF(AND($C426=\"S\",ORÇAMENTO.CodBarra<>\"\"),IF(ORÇAMENTO.Fonte=\"\",ORÇAMENTO.CodBarra,CONCATENATE(ORÇAMENTO.Fonte,\" \",ORÇAMENTO.CodBarra)))","v":"Composição COMP124"},{"$f":"IF(ISERROR(ORÇAMENTO.BancoRef),\"(abra o arquivo 'Referência \"&Excel_BuiltIn_Database&\".xlsm)\",IF(OR($C426<>\"S\",ORÇAMENTO.CodBarra=\"\"),\"(Sem Código)\",IF(ISERROR(MATCH($AE426,INDIRECT(ORÇAMENTO.BancoRef),0)),\"(Código não identificado nas referências)\",MATCH($AE426,INDIRECT(ORÇAMENTO.BancoRef),0))))","v":126},{"$f":"ROUND(IF(DESONERACAO=\"sim\",REFERENCIA.Desonerado,REFERENCIA.NaoDesonerado),2)","v":16.510000000000002},0.25290000000000001,null,null,null,null,2648.32,{"$f":"ROUND(ORÇAMENTO.CustoUnitario*(1+$AH426),2)","v":20.69}]
["S",2,"S",0,{"$f":"IF($C427=1,OFFSET(E427,-1,0)+MAX(1,COUNTIF(QCI!$A$13:$A$36,OFFSET(ORÇAMENTO!E427,-1,0))),OFFSET(E427,-1,0))","v":18},1,0,0,6,0,{"$f":"IF(OR($C427=\"S\",$C427=0),0,MATCH(OFFSET($D427,0,$C427)+IF($C427<>1,1,COUNTIF(QCI!$A$13:$A$36,ORÇAMENTO!E427)),OFFSET($D427,1,$C427,ROW($C$472)-ROW($C427)),0))","v":0},"F","Serviço","Serviço","18.1.0.6.","Composição","COMP125",{"$f":"IF($C427=\"S\",REFERENCIA.Descricao,\"(digite a descrição aqui)\")","v":"CAIXA PARA ENCAIXE E INSTALACAO APARELHO AR CONDICIONADO"},{"$f":"REFERENCIA.Unidade","v":"UN"},{"$f":"OFFSET(CÁLCULO!H$15,ROW($T427)-ROW(T$15),0)","v":16},885.61,"BDI 1",{"$f":"IF($C427=\"S\",ROUND(IF(TIPOORCAMENTO=\"Proposto\",ORÇAMENTO.CustoUnitario*(1+$AH427),ORÇAMENTO.PrecoUnitarioLicitado),15-13*$AF$10),0)","v":1109.58},{"$f":"IF($C427=\"S\",IF(OR(Import.TipoArredondamento<>\"TransfereGOV\",ACOMPANHAMENTO=\"BM\"),VTOTAL1,SUM(OFFSET(CÁLCULO!$AI$15,ROW($X427)-ROW($X$15),1):OFFSET(CÁLCULO!$BB$15,ROW($X427)-ROW($X$15),-1))),IF($C427=0,0,ROUND(SomaAgrup,15-13*$AF$11)))","v":17753.28},"RA","RA",{"$f":"IF($C427=\"S\",IF($Z427=\"CP\",$X427,IF($Z427=\"RA\",(($X427)*QCI!$AA$3),0)),SomaAgrup)","v":1536.2570696026808},{"$f":"IF($C427=\"S\",IF($Z427=\"OU\",ROUND($X427,2),0),SomaAgrup)","v":0},{"$f":"IF($N427=\"\",\" \",\nIF(AND($C427<>\"S\",OR($R427=\"\",$R427=\"(digite a descrição aqui)\")),\"DESCRIÇÃO\",\nIF(AND($C427=\"S\",OR($Q427<>\"\",$T427>0,$U427>0),$P427=\"\"),\"FONTE\",\nIF(AND($C427=\"S\",$P427<>\"\",OR($T427>0,$U427>0),$Q427=\"\"),\"CÓDIGO\",\nIF(AND($C427=\"S\",$P427<>\"\",$Q427<>\"\",$R427=\"(Código não identificado nas referências)\"),\"CÓDIGO N/ID\",\nIF(AND($C427=\"S\",OR($R427=\"\",$R427=\"(digite a descrição aqui)\"),OR($Q427<>\"\",$T427>0,$U427>0)),\"DESCRIÇÃO\",\nIF(AND($C427=\"S\",$P427<>\"\",$Q427<>\"\",$S427=\"\"),\"UNIDADE\",\nIF(AND($C427=\"S\",$P427<>\"\",$Q427<>\"\",$U427=0),\"SEM CUSTO\",\nIF(AND(TIPOORCAMENTO=\"Licitado\",$AL427=0,$AN427>0),\"SEM PREÇO\",\nIF(AND($C427=\"S\",$P427<>\"\",$Q427<>\"\",$U427>0,AND($V427<>\"BDI 1\",$V427<>\"BDI 2\",$V427<>\"BDI 3\")),IF(ISNUMBER($V427),\"JUSTIFICAR BDI\",\"BDI\"),\nIF(OR(AND(import.recurso=\"OGU\",TIPOORCAMENTO=\"Proposto\",LEFT($O$8,5)<>\"(N/D:\",$AG427<>\"\",ORÇAMENTO.CustoUnitario>$AG427),AND(TIPOORCAMENTO=\"LICITADO\",ORÇAMENTO.PrecoUnitarioLicitado>$AN427)),\"ACIMA REF.\",\nIF(AND($C427=\"S\",$P427<>\"\",$Q427<>\"\",$T427=0,$U427>0),\"QUANT.\",\nIF(AND(Import.TipoArredondamento=\"TransfereGOV\",$L427=\"F\",$C427=\"S\",LEN($Q427)>13),\"Código >13\",\nIF(AND(Import.TipoArredondamento=\"TransfereGOV\",$L427=\"F\",$C427<>\"S\",LEN($R427)>100),\"Descrição >100\",\nIF(AND(Import.TipoArredondamento=\"TransfereGOV\",$L427=\"F\",$C427=\"S\",LEN($R427)>500),\"Descrição >500\",\nIF(AND(Import.TipoArredondamento=\"TransfereGOV\",$L427=\"F\",$C427=\"S\",LEFT(TRIM(UPPER($P427)),6)<>\"SINAPI\",ISNA(VLOOKUP(TRIM(UPPER($S427)),ListaTgov.Unidades,1,FALSE))),\"Unid. Não Disp\",\n\" \"))))))))))))))))","v":" "},{"$f":"IF(C427<=CRONO.NivelExibicao,MAX($AD$15:OFFSET(AD427,-1,0))+IF($C427<>1,1,MAX(1,COUNTIF(QCI!$A$13:$A$36,OFFSET($E427,-1,0)))),\"\")","v":""},{"$f":"IF(AND($C427=\"S\",ORÇAMENTO.CodBarra<>\"\"),IF(ORÇAMENTO.Fonte=\"\",ORÇAMENTO.CodBarra,CONCATENATE(ORÇAMENTO.Fonte,\" \",ORÇAMENTO.CodBarra)))","v":"Composição COMP125"},{"$f":"IF(ISERROR(ORÇAMENTO.BancoRef),\"(abra o arquivo 'Referência \"&Excel_BuiltIn_Database&\".xlsm)\",IF(OR($C427<>\"S\",ORÇAMENTO.CodBarra=\"\"),\"(Sem Código)\",IF(ISERROR(MATCH($AE427,INDIRECT(ORÇAMENTO.BancoRef),0)),\"(Código não identificado nas referências)\",MATCH($AE427,INDIRECT(ORÇAMENTO.BancoRef),0))))","v":127},{"$f":"ROUND(IF(DESONERACAO=\"sim\",REFERENCIA.Desonerado,REFERENCIA.NaoDesonerado),2)","v":885.61},0.25290000000000001,null,null,null,null,17753.28,{"$f":"ROUND(ORÇAMENTO.CustoUnitario*(1+$AH427),2)","v":1109.58}]
["S",2,"S",0,{"$f":"IF($C428=1,OFFSET(E428,-1,0)+MAX(1,COUNTIF(QCI!$A$13:$A$36,OFFSET(ORÇAMENTO!E428,-1,0))),OFFSET(E428,-1,0))","v":18},1,0,0,7,0,{"$f":"IF(OR($C428=\"S\",$C428=0),0,MATCH(OFFSET($D428,0,$C428)+IF($C428<>1,1,COUNTIF(QCI!$A$13:$A$36,ORÇAMENTO!E428)),OFFSET($D428,1,$C428,ROW($C$472)-ROW($C428)),0))","v":0},"F","Serviço","Serviço","18.1.0.7.","Composição","COMP126",{"$f":"IF($C428=\"S\",REFERENCIA.Descricao,\"(digite a descrição aqui)\")","v":"DUTO PARA EXAUSTAO DE AR/VENTILACAO,CHAVETADO EM CHAPA DE AC O GALVANIZADO,NAS DIVERSAS BITOLAS,CONFORME ABNT NBR 16401,I NCLUSIVE SUPORTES PINTADOS,GRELHAS,DIFUSORES EM ALUMINIO EXT RUDADO E DEMAIS ITENS NECESSARIOS.FORNECIMENTO E COLOCACAO"},{"$f":"REFERENCIA.Unidade","v":"KG"},{"$f":"OFFSET(CÁLCULO!H$15,ROW($T428)-ROW(T$15),0)","v":636},65.7,"BDI 1",{"$f":"IF($C428=\"S\",ROUND(IF(TIPOORCAMENTO=\"Proposto\",ORÇAMENTO.CustoUnitario*(1+$AH428),ORÇAMENTO.PrecoUnitarioLicitado),15-13*$AF$10),0)","v":82.32},{"$f":"IF($C428=\"S\",IF(OR(Import.TipoArredondamento<>\"TransfereGOV\",ACOMPANHAMENTO=\"BM\"),VTOTAL1,SUM(OFFSET(CÁLCULO!$AI$15,ROW($X428)-ROW($X$15),1):OFFSET(CÁLCULO!$BB$15,ROW($X428)-ROW($X$15),-1))),IF($C428=0,0,ROUND(SomaAgrup,15-13*$AF$11)))","v":52355.519999999997},"RA","RA",{"$f":"IF($C428=\"S\",IF($Z428=\"CP\",$X428,IF($Z428=\"RA\",(($X428)*QCI!$AA$3),0)),SomaAgrup)","v":4530.5170499606011},{"$f":"IF($C428=\"S\",IF($Z428=\"OU\",ROUND($X428,2),0),SomaAgrup)","v":0},{"$f":"IF($N428=\"\",\" \",\nIF(AND($C428<>\"S\",OR($R428=\"\",$R428=\"(digite a descrição aqui)\")),\"DESCRIÇÃO\",\nIF(AND($C428=\"S\",OR($Q428<>\"\",$T428>0,$U428>0),$P428=\"\"),\"FONTE\",\nIF(AND($C428=\"S\",$P428<>\"\",OR($T428>0,$U428>0),$Q428=\"\"),\"CÓDIGO\",\nIF(AND($C428=\"S\",$P428<>\"\",$Q428<>\"\",$R428=\"(Código não identificado nas referências)\"),\"CÓDIGO N/ID\",\nIF(AND($C428=\"S\",OR($R428=\"\",$R428=\"(digite a descrição aqui)\"),OR($Q428<>\"\",$T428>0,$U428>0)),\"DESCRIÇÃO\",\nIF(AND($C428=\"S\",$P428<>\"\",$Q428<>\"\",$S428=\"\"),\"UNIDADE\",\nIF(AND($C428=\"S\",$P428<>\"\",$Q428<>\"\",$U428=0),\"SEM CUSTO\",\nIF(AND(TIPOORCAMENTO=\"Licitado\",$AL428=0,$AN428>0),\"SEM PREÇO\",\nIF(AND($C428=\"S\",$P428<>\"\",$Q428<>\"\",$U428>0,AND($V428<>\"BDI 1\",$V428<>\"BDI 2\",$V428<>\"BDI 3\")),IF(ISNUMBER($V428),\"JUSTIFICAR BDI\",\"BDI\"),\nIF(OR(AND(import.recurso=\"OGU\",TIPOORCAMENTO=\"Proposto\",LEFT($O$8,5)<>\"(N/D:\",$AG428<>\"\",ORÇAMENTO.CustoUnitario>$AG428),AND(TIPOORCAMENTO=\"LICITADO\",ORÇAMENTO.PrecoUnitarioLicitado>$AN428)),\"ACIMA REF.\",\nIF(AND($C428=\"S\",$P428<>\"\",$Q428<>\"\",$T428=0,$U428>0),\"QUANT.\",\nIF(AND(Import.TipoArredondamento=\"TransfereGOV\",$L428=\"F\",$C428=\"S\",LEN($Q428)>13),\"Código >13\",\nIF(AND(Import.TipoArredondamento=\"TransfereGOV\",$L428=\"F\",$C428<>\"S\",LEN($R428)>100),\"Descrição >100\",\nIF(AND(Import.TipoArredondamento=\"TransfereGOV\",$L428=\"F\",$C428=\"S\",LEN($R428)>500),\"Descrição >500\",\nIF(AND(Import.TipoArredondamento=\"TransfereGOV\",$L428=\"F\",$C428=\"S\",LEFT(TRIM(UPPER($P428)),6)<>\"SINAPI\",ISNA(VLOOKUP(TRIM(UPPER($S428)),ListaTgov.Unidades,1,FALSE))),\"Unid. Não Disp\",\n\" \"))))))))))))))))","v":" "},{"$f":"IF(C428<=CRONO.NivelExibicao,MAX($AD$15:OFFSET(AD428,-1,0))+IF($C428<>1,1,MAX(1,COUNTIF(QCI!$A$13:$A$36,OFFSET($E428,-1,0)))),\"\")","v":""},{"$f":"IF(AND($C428=\"S\",ORÇAMENTO.CodBarra<>\"\"),IF(ORÇAMENTO.Fonte=\"\",ORÇAMENTO.CodBarra,CONCATENATE(ORÇAMENTO.Fonte,\" \",ORÇAMENTO.CodBarra)))","v":"Composição COMP126"},{"$f":"IF(ISERROR(ORÇAMENTO.BancoRef),\"(abra o arquivo 'Referência \"&Excel_BuiltIn_Database&\".xlsm)\",IF(OR($C428<>\"S\",ORÇAMENTO.CodBarra=\"\"),\"(Sem Código)\",IF(ISERROR(MATCH($AE428,INDIRECT(ORÇAMENTO.BancoRef),0)),\"(Código não identificado nas referências)\",MATCH($AE428,INDIRECT(ORÇAMENTO.BancoRef),0))))","v":128},{"$f":"ROUND(IF(DESONERACAO=\"sim\",REFERENCIA.Desonerado,REFERENCIA.NaoDesonerado),2)","v":65.7},0.25290000000000001,null,null,null,null,52355.519999999997,{"$f":"ROUND(ORÇAMENTO.CustoUnitario*(1+$AH428),2)","v":82.32}]
["S",2,"S",0,{"$f":"IF($C429=1,OFFSET(E429,-1,0)+MAX(1,COUNTIF(QCI!$A$13:$A$36,OFFSET(ORÇAMENTO!E429,-1,0))),OFFSET(E429,-1,0))","v":18},1,0,0,8,0,{"$f":"IF(OR($C429=\"S\",$C429=0),0,MATCH(OFFSET($D429,0,$C429)+IF($C429<>1,1,COUNTIF(QCI!$A$13:$A$36,ORÇAMENTO!E429)),OFFSET($D429,1,$C429,ROW($C$472)-ROW($C429)),0))","v":0},"F","Serviço","Serviço","18.1.0.8.","Composição","COMP127",{"$f":"IF($C429=\"S\",REFERENCIA.Descricao,\"(digite a descrição aqui)\")","v":"DUTO FLEXIVEL DE ALUMINIO C/ ISOLAM. TERM.LA VIDRO 150MM 6\""},{"$f":"REFERENCIA.Unidade","v":"M"},{"$f":"OFFSET(CÁLCULO!H$15,ROW($T429)-ROW(T$15),0)","v":24},51.62,"BDI 1",{"$f":"IF($C429=\"S\",ROUND(IF(TIPOORCAMENTO=\"Proposto\",ORÇAMENTO.CustoUnitario*(1+$AH429),ORÇAMENTO.PrecoUnitarioLicitado),15-13*$AF$10),0)","v":64.67},{"$f":"IF($C429=\"S\",IF(OR(Import.TipoArredondamento<>\"TransfereGOV\",ACOMPANHAMENTO=\"BM\"),VTOTAL1,SUM(OFFSET(CÁLCULO!$AI$15,ROW($X429)-ROW($X$15),1):OFFSET(CÁLCULO!$BB$15,ROW($X429)-ROW($X$15),-1))),IF($C429=0,0,ROUND(SomaAgrup,15-13*$AF$11)))","v":1552.08},"RA","RA",{"$f":"IF($C429=\"S\",IF($Z429=\"CP\",$X429,IF($Z429=\"RA\",(($X429)*QCI!$AA$3),0)),SomaAgrup)","v":134.30723069702773},{"$f":"IF($C429=\"S\",IF($Z429=\"OU\",ROUND($X429,2),0),SomaAgrup)","v":0},{"$f":"IF($N429=\"\",\" \",\nIF(AND($C429<>\"S\",OR($R429=\"\",$R429=\"(digite a descrição aqui)\")),\"DESCRIÇÃO\",\nIF(AND($C429=\"S\",OR($Q429<>\"\",$T429>0,$U429>0),$P429=\"\"),\"FONTE\",\nIF(AND($C429=\"S\",$P429<>\"\",OR($T429>0,$U429>0),$Q429=\"\"),\"CÓDIGO\",\nIF(AND($C429=\"S\",$P429<>\"\",$Q429<>\"\",$R429=\"(Código não identificado nas referências)\"),\"CÓDIGO N/ID\",\nIF(AND($C429=\"S\",OR($R429=\"\",$R429=\"(digite a descrição aqui)\"),OR($Q429<>\"\",$T429>0,$U429>0)),\"DESCRIÇÃO\",\nIF(AND($C429=\"S\",$P429<>\"\",$Q429<>\"\",$S429=\"\"),\"UNIDADE\",\nIF(AND($C429=\"S\",$P429<>\"\",$Q429<>\"\",$U429=0),\"SEM CUSTO\",\nIF(AND(TIPOORCAMENTO=\"Licitado\",$AL429=0,$AN429>0),\"SEM PREÇO\",\nIF(AND($C429=\"S\",$P429<>\"\",$Q429<>\"\",$U429>0,AND($V429<>\"BDI 1\",$V429<>\"BDI 2\",$V429<>\"BDI 3\")),IF(ISNUMBER($V429),\"JUSTIFICAR BDI\",\"BDI\"),\nIF(OR(AND(import.recurso=\"OGU\",TIPOORCAMENTO=\"Proposto\",LEFT($O$8,5)<>\"(N/D:\",$AG429<>\"\",ORÇAMENTO.CustoUnitario>$AG429),AND(TIPOORCAMENTO=\"LICITADO\",ORÇAMENTO.PrecoUnitarioLicitado>$AN429)),\"ACIMA REF.\",\nIF(AND($C429=\"S\",$P429<>\"\",$Q429<>\"\",$T429=0,$U429>0),\"QUANT.\",\nIF(AND(Import.TipoArredondamento=\"TransfereGOV\",$L429=\"F\",$C429=\"S\",LEN($Q429)>13),\"Código >13\",\nIF(AND(Import.TipoArredondamento=\"TransfereGOV\",$L429=\"F\",$C429<>\"S\",LEN($R429)>100),\"Descrição >100\",\nIF(AND(Import.TipoArredondamento=\"TransfereGOV\",$L429=\"F\",$C429=\"S\",LEN($R429)>500),\"Descrição >500\",\nIF(AND(Import.TipoArredondamento=\"TransfereGOV\",$L429=\"F\",$C429=\"S\",LEFT(TRIM(UPPER($P429)),6)<>\"SINAPI\",ISNA(VLOOKUP(TRIM(UPPER($S429)),ListaTgov.Unidades,1,FALSE))),\"Unid. Não Disp\",\n\" \"))))))))))))))))","v":" "},{"$f":"IF(C429<=CRONO.NivelExibicao,MAX($AD$15:OFFSET(AD429,-1,0))+IF($C429<>1,1,MAX(1,COUNTIF(QCI!$A$13:$A$36,OFFSET($E429,-1,0)))),\"\")","v":""},{"$f":"IF(AND($C429=\"S\",ORÇAMENTO.CodBarra<>\"\"),IF(ORÇAMENTO.Fonte=\"\",ORÇAMENTO.CodBarra,CONCATENATE(ORÇAMENTO.Fonte,\" \",ORÇAMENTO.CodBarra)))","v":"Composição COMP127"},{"$f":"IF(ISERROR(ORÇAMENTO.BancoRef),\"(abra o arquivo 'Referência \"&Excel_BuiltIn_Database&\".xlsm)\",IF(OR($C429<>\"S\",ORÇAMENTO.CodBarra=\"\"),\"(Sem Código)\",IF(ISERROR(MATCH($AE429,INDIRECT(ORÇAMENTO.BancoRef),0)),\"(Código não identificado nas referências)\",MATCH($AE429,INDIRECT(ORÇAMENTO.BancoRef),0))))","v":129},{"$f":"ROUND(IF(DESONERACAO=\"sim\",REFERENCIA.Desonerado,REFERENCIA.NaoDesonerado),2)","v":51.62},0.25290000000000001,null,null,null,null,1552.08,{"$f":"ROUND(ORÇAMENTO.CustoUnitario*(1+$AH429),2)","v":64.67}]
["S",2,"S",0,{"$f":"IF($C430=1,OFFSET(E430,-1,0)+MAX(1,COUNTIF(QCI!$A$13:$A$36,OFFSET(ORÇAMENTO!E430,-1,0))),OFFSET(E430,-1,0))","v":18},1,0,0,9,0,{"$f":"IF(OR($C430=\"S\",$C430=0),0,MATCH(OFFSET($D430,0,$C430)+IF($C430<>1,1,COUNTIF(QCI!$A$13:$A$36,ORÇAMENTO!E430)),OFFSET($D430,1,$C430,ROW($C$472)-ROW($C430)),0))","v":0},"F","Serviço","Serviço","18.1.0.9.","Composição","COMP128",{"$f":"IF($C430=\"S\",REFERENCIA.Descricao,\"(digite a descrição aqui)\")","v":"DUTO FLEXIVEL DE ALUMINIO C/ ISOLAM. TERM.LA VIDRO 100MM 4\""},{"$f":"REFERENCIA.Unidade","v":"M"},{"$f":"OFFSET(CÁLCULO!H$15,ROW($T430)-ROW(T$15),0)","v":28},43.79,"BDI 1",{"$f":"IF($C430=\"S\",ROUND(IF(TIPOORCAMENTO=\"Proposto\",ORÇAMENTO.CustoUnitario*(1+$AH430),ORÇAMENTO.PrecoUnitarioLicitado),15-13*$AF$10),0)","v":54.86},{"$f":"IF($C430=\"S\",IF(OR(Import.TipoArredondamento<>\"TransfereGOV\",ACOMPANHAMENTO=\"BM\"),VTOTAL1,SUM(OFFSET(CÁLCULO!$AI$15,ROW($X430)-ROW($X$15),1):OFFSET(CÁLCULO!$BB$15,ROW($X430)-ROW($X$15),-1))),IF($C430=0,0,ROUND(SomaAgrup,15-13*$AF$11)))","v":1536.08},"RA","RA",{"$f":"IF($C430=\"S\",IF($Z430=\"CP\",$X430,IF($Z430=\"RA\",(($X430)*QCI!$AA$3),0)),SomaAgrup)","v":132.92269143928817},{"$f":"IF($C430=\"S\",IF($Z430=\"OU\",ROUND($X430,2),0),SomaAgrup)","v":0},{"$f":"IF($N430=\"\",\" \",\nIF(AND($C430<>\"S\",OR($R430=\"\",$R430=\"(digite a descrição aqui)\")),\"DESCRIÇÃO\",\nIF(AND($C430=\"S\",OR($Q430<>\"\",$T430>0,$U430>0),$P430=\"\"),\"FONTE\",\nIF(AND($C430=\"S\",$P430<>\"\",OR($T430>0,$U430>0),$Q430=\"\"),\"CÓDIGO\",\nIF(AND($C430=\"S\",$P430<>\"\",$Q430<>\"\",$R430=\"(Código não identificado nas referências)\"),\"CÓDIGO N/ID\",\nIF(AND($C430=\"S\",OR($R430=\"\",$R430=\"(digite a descrição aqui)\"),OR($Q430<>\"\",$T430>0,$U430>0)),\"DESCRIÇÃO\",\nIF(AND($C430=\"S\",$P430<>\"\",$Q430<>\"\",$S430=\"\"),\"UNIDADE\",\nIF(AND($C430=\"S\",$P430<>\"\",$Q430<>\"\",$U430=0),\"SEM CUSTO\",\nIF(AND(TIPOORCAMENTO=\"Licitado\",$AL430=0,$AN430>0),\"SEM PREÇO\",\nIF(AND($C430=\"S\",$P430<>\"\",$Q430<>\"\",$U430>0,AND($V430<>\"BDI 1\",$V430<>\"BDI 2\",$V430<>\"BDI 3\")),IF(ISNUMBER($V430),\"JUSTIFICAR BDI\",\"BDI\"),\nIF(OR(AND(import.recurso=\"OGU\",TIPOORCAMENTO=\"Proposto\",LEFT($O$8,5)<>\"(N/D:\",$AG430<>\"\",ORÇAMENTO.CustoUnitario>$AG430),AND(TIPOORCAMENTO=\"LICITADO\",ORÇAMENTO.PrecoUnitarioLicitado>$AN430)),\"ACIMA REF.\",\nIF(AND($C430=\"S\",$P430<>\"\",$Q430<>\"\",$T430=0,$U430>0),\"QUANT.\",\nIF(AND(Import.TipoArredondamento=\"TransfereGOV\",$L430=\"F\",$C430=\"S\",LEN($Q430)>13),\"Código >13\",\nIF(AND(Import.TipoArredondamento=\"TransfereGOV\",$L430=\"F\",$C430<>\"S\",LEN($R430)>100),\"Descrição >100\",\nIF(AND(Import.TipoArredondamento=\"TransfereGOV\",$L430=\"F\",$C430=\"S\",LEN($R430)>500),\"Descrição >500\",\nIF(AND(Import.TipoArredondamento=\"TransfereGOV\",$L430=\"F\",$C430=\"S\",LEFT(TRIM(UPPER($P430)),6)<>\"SINAPI\",ISNA(VLOOKUP(TRIM(UPPER($S430)),ListaTgov.Unidades,1,FALSE))),\"Unid. Não Disp\",\n\" \"))))))))))))))))","v":" "},{"$f":"IF(C430<=CRONO.NivelExibicao,MAX($AD$15:OFFSET(AD430,-1,0))+IF($C430<>1,1,MAX(1,COUNTIF(QCI!$A$13:$A$36,OFFSET($E430,-1,0)))),\"\")","v":""},{"$f":"IF(AND($C430=\"S\",ORÇAMENTO.CodBarra<>\"\"),IF(ORÇAMENTO.Fonte=\"\",ORÇAMENTO.CodBarra,CONCATENATE(ORÇAMENTO.Fonte,\" \",ORÇAMENTO.CodBarra)))","v":"Composição COMP128"},{"$f":"IF(ISERROR(ORÇAMENTO.BancoRef),\"(abra o arquivo 'Referência \"&Excel_BuiltIn_Database&\".xlsm)\",IF(OR($C430<>\"S\",ORÇAMENTO.CodBarra=\"\"),\"(Sem Código)\",IF(ISERROR(MATCH($AE430,INDIRECT(ORÇAMENTO.BancoRef),0)),\"(Código não identificado nas referências)\",MATCH($AE430,INDIRECT(ORÇAMENTO.BancoRef),0))))","v":130},{"$f":"ROUND(IF(DESONERACAO=\"sim\",REFERENCIA.Desonerado,REFERENCIA.NaoDesonerado),2)","v":43.79},0.25290000000000001,null,null,null,null,1536.08,{"$f":"ROUND(ORÇAMENTO.CustoUnitario*(1+$AH430),2)","v":54.86}]
["S",2,"S",0,{"$f":"IF($C431=1,OFFSET(E431,-1,0)+MAX(1,COUNTIF(QCI!$A$13:$A$36,OFFSET(ORÇAMENTO!E431,-1,0))),OFFSET(E431,-1,0))","v":18},1,0,0,10,0,{"$f":"IF(OR($C431=\"S\",$C431=0),0,MATCH(OFFSET($D431,0,$C431)+IF($C431<>1,1,COUNTIF(QCI!$A$13:$A$36,ORÇAMENTO!E431)),OFFSET($D431,1,$C431,ROW($C$472)-ROW($C431)),0))","v":0},"F","Serviço","Serviço","18.1.0.10.","Composição","COMP129",{"$f":"IF($C431=\"S\",REFERENCIA.Descricao,\"(digite a descrição aqui)\")","v":"BARRA ROSCADA BICROMATIZADA Ø 3/8\" X 3000MM"},{"$f":"REFERENCIA.Unidade","v":"UN"},{"$f":"OFFSET(CÁLCULO!H$15,ROW($T431)-ROW(T$15),0)","v":25.33},93.41,"BDI 1",{"$f":"IF($C431=\"S\",ROUND(IF(TIPOORCAMENTO=\"Proposto\",ORÇAMENTO.CustoUnitario*(1+$AH431),ORÇAMENTO.PrecoUnitarioLicitado),15-13*$AF$10),0)","v":117.03},{"$f":"IF($C431=\"S\",IF(OR(Import.TipoArredondamento<>\"TransfereGOV\",ACOMPANHAMENTO=\"BM\"),VTOTAL1,SUM(OFFSET(CÁLCULO!$AI$15,ROW($X431)-ROW($X$15),1):OFFSET(CÁLCULO!$BB$15,ROW($X431)-ROW($X$15),-1))),IF($C431=0,0,ROUND(SomaAgrup,15-13*$AF$11)))","v":2964.37},"RA","RA",{"$f":"IF($C431=\"S\",IF($Z431=\"CP\",$X431,IF($Z431=\"RA\",(($X431)*QCI!$AA$3),0)),SomaAgrup)","v":256.517914966592},{"$f":"IF($C431=\"S\",IF($Z431=\"OU\",ROUND($X431,2),0),SomaAgrup)","v":0},{"$f":"IF($N431=\"\",\" \",\nIF(AND($C431<>\"S\",OR($R431=\"\",$R431=\"(digite a descrição aqui)\")),\"DESCRIÇÃO\",\nIF(AND($C431=\"S\",OR($Q431<>\"\",$T431>0,$U431>0),$P431=\"\"),\"FONTE\",\nIF(AND($C431=\"S\",$P431<>\"\",OR($T431>0,$U431>0),$Q431=\"\"),\"CÓDIGO\",\nIF(AND($C431=\"S\",$P431<>\"\",$Q431<>\"\",$R431=\"(Código não identificado nas referências)\"),\"CÓDIGO N/ID\",\nIF(AND($C431=\"S\",OR($R431=\"\",$R431=\"(digite a descrição aqui)\"),OR($Q431<>\"\",$T431>0,$U431>0)),\"DESCRIÇÃO\",\nIF(AND($C431=\"S\",$P431<>\"\",$Q431<>\"\",$S431=\"\"),\"UNIDADE\",\nIF(AND($C431=\"S\",$P431<>\"\",$Q431<>\"\",$U431=0),\"SEM CUSTO\",\nIF(AND(TIPOORCAMENTO=\"Licitado\",$AL431=0,$AN431>0),\"SEM PREÇO\",\nIF(AND($C431=\"S\",$P431<>\"\",$Q431<>\"\",$U431>0,AND($V431<>\"BDI 1\",$V431<>\"BDI 2\",$V431<>\"BDI 3\")),IF(ISNUMBER($V431),\"JUSTIFICAR BDI\",\"BDI\"),\nIF(OR(AND(import.recurso=\"OGU\",TIPOORCAMENTO=\"Proposto\",LEFT($O$8,5)<>\"(N/D:\",$AG431<>\"\",ORÇAMENTO.CustoUnitario>$AG431),AND(TIPOORCAMENTO=\"LICITADO\",ORÇAMENTO.PrecoUnitarioLicitado>$AN431)),\"ACIMA REF.\",\nIF(AND($C431=\"S\",$P431<>\"\",$Q431<>\"\",$T431=0,$U431>0),\"QUANT.\",\nIF(AND(Import.TipoArredondamento=\"TransfereGOV\",$L431=\"F\",$C431=\"S\",LEN($Q431)>13),\"Código >13\",\nIF(AND(Import.TipoArredondamento=\"TransfereGOV\",$L431=\"F\",$C431<>\"S\",LEN($R431)>100),\"Descrição >100\",\nIF(AND(Import.TipoArredondamento=\"TransfereGOV\",$L431=\"F\",$C431=\"S\",LEN($R431)>500),\"Descrição >500\",\nIF(AND(Import.TipoArredondamento=\"TransfereGOV\",$L431=\"F\",$C431=\"S\",LEFT(TRIM(UPPER($P431)),6)<>\"SINAPI\",ISNA(VLOOKUP(TRIM(UPPER($S431)),ListaTgov.Unidades,1,FALSE))),\"Unid. Não Disp\",\n\" \"))))))))))))))))","v":" "},{"$f":"IF(C431<=CRONO.NivelExibicao,MAX($AD$15:OFFSET(AD431,-1,0))+IF($C431<>1,1,MAX(1,COUNTIF(QCI!$A$13:$A$36,OFFSET($E431,-1,0)))),\"\")","v":""},{"$f":"IF(AND($C431=\"S\",ORÇAMENTO.CodBarra<>\"\"),IF(ORÇAMENTO.Fonte=\"\",ORÇAMENTO.CodBarra,CONCATENATE(ORÇAMENTO.Fonte,\" \",ORÇAMENTO.CodBarra)))","v":"Composição COMP129"},{"$f":"IF(ISERROR(ORÇAMENTO.BancoRef),\"(abra o arquivo 'Referência \"&Excel_BuiltIn_Database&\".xlsm)\",IF(OR($C431<>\"S\",ORÇAMENTO.CodBarra=\"\"),\"(Sem Código)\",IF(ISERROR(MATCH($AE431,INDIRECT(ORÇAMENTO.BancoRef),0)),\"(Código não identificado nas referências)\",MATCH($AE431,INDIRECT(ORÇAMENTO.BancoRef),0))))","v":131},{"$f":"ROUND(IF(DESONERACAO=\"sim\",REFERENCIA.Desonerado,REFERENCIA.NaoDesonerado),2)","v":93.41},0.25290000000000001,null,null,null,null,2964.37,{"$f":"ROUND(ORÇAMENTO.CustoUnitario*(1+$AH431),2)","v":117.03}]
["S",2,"S",0,{"$f":"IF($C432=1,OFFSET(E432,-1,0)+MAX(1,COUNTIF(QCI!$A$13:$A$36,OFFSET(ORÇAMENTO!E432,-1,0))),OFFSET(E432,-1,0))","v":18},1,0,0,11,0,{"$f":"IF(OR($C432=\"S\",$C432=0),0,MATCH(OFFSET($D432,0,$C432)+IF($C432<>1,1,COUNTIF(QCI!$A$13:$A$36,ORÇAMENTO!E432)),OFFSET($D432,1,$C432,ROW($C$472)-ROW($C432)),0))","v":0},"F","Serviço","Serviço","18.1.0.11.","Composição","COMP130",{"$f":"IF($C432=\"S\",REFERENCIA.Descricao,\"(digite a descrição aqui)\")","v":"FORNECIMENTO E INSTALAÇÃO DE PORCA SEXTAVADA 3/8\" (REF VL 1.55 VALEMAM OU SIMILAR)"},{"$f":"REFERENCIA.Unidade","v":"UN"},{"$f":"OFFSET(CÁLCULO!H$15,ROW($T432)-ROW(T$15),0)","v":52},2.79,"BDI 1",{"$f":"IF($C432=\"S\",ROUND(IF(TIPOORCAMENTO=\"Proposto\",ORÇAMENTO.CustoUnitario*(1+$AH432),ORÇAMENTO.PrecoUnitarioLicitado),15-13*$AF$10),0)","v":3.5},{"$f":"IF($C432=\"S\",IF(OR(Import.TipoArredondamento<>\"TransfereGOV\",ACOMPANHAMENTO=\"BM\"),VTOTAL1,SUM(OFFSET(CÁLCULO!$AI$15,ROW($X432)-ROW($X$15),1):OFFSET(CÁLCULO!$BB$15,ROW($X432)-ROW($X$15),-1))),IF($C432=0,0,ROUND(SomaAgrup,15-13*$AF$11)))","v":182},"RA","RA",{"$f":"IF($C432=\"S\",IF($Z432=\"CP\",$X432,IF($Z432=\"RA\",(($X432)*QCI!$AA$3),0)),SomaAgrup)","v":15.749134056787698},{"$f":"IF($C432=\"S\",IF($Z432=\"OU\",ROUND($X432,2),0),SomaAgrup)","v":0},{"$f":"IF($N432=\"\",\" \",\nIF(AND($C432<>\"S\",OR($R432=\"\",$R432=\"(digite a descrição aqui)\")),\"DESCRIÇÃO\",\nIF(AND($C432=\"S\",OR($Q432<>\"\",$T432>0,$U432>0),$P432=\"\"),\"FONTE\",\nIF(AND($C432=\"S\",$P432<>\"\",OR($T432>0,$U432>0),$Q432=\"\"),\"CÓDIGO\",\nIF(AND($C432=\"S\",$P432<>\"\",$Q432<>\"\",$R432=\"(Código não identificado nas referências)\"),\"CÓDIGO N/ID\",\nIF(AND($C432=\"S\",OR($R432=\"\",$R432=\"(digite a descrição aqui)\"),OR($Q432<>\"\",$T432>0,$U432>0)),\"DESCRIÇÃO\",\nIF(AND($C432=\"S\",$P432<>\"\",$Q432<>\"\",$S432=\"\"),\"UNIDADE\",\nIF(AND($C432=\"S\",$P432<>\"\",$Q432<>\"\",$U432=0),\"SEM CUSTO\",\nIF(AND(TIPOORCAMENTO=\"Licitado\",$AL432=0,$AN432>0),\"SEM PREÇO\",\nIF(AND($C432=\"S\",$P432<>\"\",$Q432<>\"\",$U432>0,AND($V432<>\"BDI 1\",$V432<>\"BDI 2\",$V432<>\"BDI 3\")),IF(ISNUMBER($V432),\"JUSTIFICAR BDI\",\"BDI\"),\nIF(OR(AND(import.recurso=\"OGU\",TIPOORCAMENTO=\"Proposto\",LEFT($O$8,5)<>\"(N/D:\",$AG432<>\"\",ORÇAMENTO.CustoUnitario>$AG432),AND(TIPOORCAMENTO=\"LICITADO\",ORÇAMENTO.PrecoUnitarioLicitado>$AN432)),\"ACIMA REF.\",\nIF(AND($C432=\"S\",$P432<>\"\",$Q432<>\"\",$T432=0,$U432>0),\"QUANT.\",\nIF(AND(Import.TipoArredondamento=\"TransfereGOV\",$L432=\"F\",$C432=\"S\",LEN($Q432)>13),\"Código >13\",\nIF(AND(Import.TipoArredondamento=\"TransfereGOV\",$L432=\"F\",$C432<>\"S\",LEN($R432)>100),\"Descrição >100\",\nIF(AND(Import.TipoArredondamento=\"TransfereGOV\",$L432=\"F\",$C432=\"S\",LEN($R432)>500),\"Descrição >500\",\nIF(AND(Import.TipoArredondamento=\"TransfereGOV\",$L432=\"F\",$C432=\"S\",LEFT(TRIM(UPPER($P432)),6)<>\"SINAPI\",ISNA(VLOOKUP(TRIM(UPPER($S432)),ListaTgov.Unidades,1,FALSE))),\"Unid. Não Disp\",\n\" \"))))))))))))))))","v":" "},{"$f":"IF(C432<=CRONO.NivelExibicao,MAX($AD$15:OFFSET(AD432,-1,0))+IF($C432<>1,1,MAX(1,COUNTIF(QCI!$A$13:$A$36,OFFSET($E432,-1,0)))),\"\")","v":""},{"$f":"IF(AND($C432=\"S\",ORÇAMENTO.CodBarra<>\"\"),IF(ORÇAMENTO.Fonte=\"\",ORÇAMENTO.CodBarra,CONCATENATE(ORÇAMENTO.Fonte,\" \",ORÇAMENTO.CodBarra)))","v":"Composição COMP130"},{"$f":"IF(ISERROR(ORÇAMENTO.BancoRef),\"(abra o arquivo 'Referência \"&Excel_BuiltIn_Database&\".xlsm)\",IF(OR($C432<>\"S\",ORÇAMENTO.CodBarra=\"\"),\"(Sem Código)\",IF(ISERROR(MATCH($AE432,INDIRECT(ORÇAMENTO.BancoRef),0)),\"(Código não identificado nas referências)\",MATCH($AE432,INDIRECT(ORÇAMENTO.BancoRef),0))))","v":132},{"$f":"ROUND(IF(DESONERACAO=\"sim\",REFERENCIA.Desonerado,REFERENCIA.NaoDesonerado),2)","v":2.79},0.25290000000000001,null,null,null,null,182,{"$f":"ROUND(ORÇAMENTO.CustoUnitario*(1+$AH432),2)","v":3.5}]
["S",2,"S",0,{"$f":"IF($C433=1,OFFSET(E433,-1,0)+MAX(1,COUNTIF(QCI!$A$13:$A$36,OFFSET(ORÇAMENTO!E433,-1,0))),OFFSET(E433,-1,0))","v":18},1,0,0,12,0,{"$f":"IF(OR($C433=\"S\",$C433=0),0,MATCH(OFFSET($D433,0,$C433)+IF($C433<>1,1,COUNTIF(QCI!$A$13:$A$36,ORÇAMENTO!E433)),OFFSET($D433,1,$C433,ROW($C$472)-ROW($C433)),0))","v":0},"F","Serviço","Serviço","18.1.0.12.","SINAPI","90460",{"$f":"IF($C433=\"S\",REFERENCIA.Descricao,\"(digite a descrição aqui)\")","v":"SUPORTE PARA 2 TUBOS HORIZONTAIS, ESPAÇADO A CADA 56 CM, EM PERFILADO COM COMPRIMENTO DE 25 CM FIXADO EM LAJE, POR METRO DE TUBULAÇÃO FIXADA. AF_09/2023"},{"$f":"REFERENCIA.Unidade","v":"M"},{"$f":"OFFSET(CÁLCULO!H$15,ROW($T433)-ROW(T$15),0)","v":18},26.54,"BDI 1",{"$f":"IF($C433=\"S\",ROUND(IF(TIPOORCAMENTO=\"Proposto\",ORÇAMENTO.CustoUnitario*(1+$AH433),ORÇAMENTO.PrecoUnitarioLicitado),15-13*$AF$10),0)","v":33.25},{"$f":"IF($C433=\"S\",IF(OR(Import.TipoArredondamento<>\"TransfereGOV\",ACOMPANHAMENTO=\"BM\"),VTOTAL1,SUM(OFFSET(CÁLCULO!$AI$15,ROW($X433)-ROW($X$15),1):OFFSET(CÁLCULO!$BB$15,ROW($X433)-ROW($X$15),-1))),IF($C433=0,0,ROUND(SomaAgrup,15-13*$AF$11)))","v":598.5},"RA","RA",{"$f":"IF($C433=\"S\",IF($Z433=\"CP\",$X433,IF($Z433=\"RA\",(($X433)*QCI!$AA$3),0)),SomaAgrup)","v":51.790421609821088},{"$f":"IF($C433=\"S\",IF($Z433=\"OU\",ROUND($X433,2),0),SomaAgrup)","v":0},{"$f":"IF($N433=\"\",\" \",\nIF(AND($C433<>\"S\",OR($R433=\"\",$R433=\"(digite a descrição aqui)\")),\"DESCRIÇÃO\",\nIF(AND($C433=\"S\",OR($Q433<>\"\",$T433>0,$U433>0),$P433=\"\"),\"FONTE\",\nIF(AND($C433=\"S\",$P433<>\"\",OR($T433>0,$U433>0),$Q433=\"\"),\"CÓDIGO\",\nIF(AND($C433=\"S\",$P433<>\"\",$Q433<>\"\",$R433=\"(Código não identificado nas referências)\"),\"CÓDIGO N/ID\",\nIF(AND($C433=\"S\",OR($R433=\"\",$R433=\"(digite a descrição aqui)\"),OR($Q433<>\"\",$T433>0,$U433>0)),\"DESCRIÇÃO\",\nIF(AND($C433=\"S\",$P433<>\"\",$Q433<>\"\",$S433=\"\"),\"UNIDADE\",\nIF(AND($C433=\"S\",$P433<>\"\",$Q433<>\"\",$U433=0),\"SEM CUSTO\",\nIF(AND(TIPOORCAMENTO=\"Licitado\",$AL433=0,$AN433>0),\"SEM PREÇO\",\nIF(AND($C433=\"S\",$P433<>\"\",$Q433<>\"\",$U433>0,AND($V433<>\"BDI 1\",$V433<>\"BDI 2\",$V433<>\"BDI 3\")),IF(ISNUMBER($V433),\"JUSTIFICAR BDI\",\"BDI\"),\nIF(OR(AND(import.recurso=\"OGU\",TIPOORCAMENTO=\"Proposto\",LEFT($O$8,5)<>\"(N/D:\",$AG433<>\"\",ORÇAMENTO.CustoUnitario>$AG433),AND(TIPOORCAMENTO=\"LICITADO\",ORÇAMENTO.PrecoUnitarioLicitado>$AN433)),\"ACIMA REF.\",\nIF(AND($C433=\"S\",$P433<>\"\",$Q433<>\"\",$T433=0,$U433>0),\"QUANT.\",\nIF(AND(Import.TipoArredondamento=\"TransfereGOV\",$L433=\"F\",$C433=\"S\",LEN($Q433)>13),\"Código >13\",\nIF(AND(Import.TipoArredondamento=\"TransfereGOV\",$L433=\"F\",$C433<>\"S\",LEN($R433)>100),\"Descrição >100\",\nIF(AND(Import.TipoArredondamento=\"TransfereGOV\",$L433=\"F\",$C433=\"S\",LEN($R433)>500),\"Descrição >500\",\nIF(AND(Import.TipoArredondamento=\"TransfereGOV\",$L433=\"F\",$C433=\"S\",LEFT(TRIM(UPPER($P433)),6)<>\"SINAPI\",ISNA(VLOOKUP(TRIM(UPPER($S433)),ListaTgov.Unidades,1,FALSE))),\"Unid. Não Disp\",\n\" \"))))))))))))))))","v":" "},{"$f":"IF(C433<=CRONO.NivelExibicao,MAX($AD$15:OFFSET(AD433,-1,0))+IF($C433<>1,1,MAX(1,COUNTIF(QCI!$A$13:$A$36,OFFSET($E433,-1,0)))),\"\")","v":""},{"$f":"IF(AND($C433=\"S\",ORÇAMENTO.CodBarra<>\"\"),IF(ORÇAMENTO.Fonte=\"\",ORÇAMENTO.CodBarra,CONCATENATE(ORÇAMENTO.Fonte,\" \",ORÇAMENTO.CodBarra)))","v":"SINAPI 90460"},{"$f":"IF(ISERROR(ORÇAMENTO.BancoRef),\"(abra o arquivo 'Referência \"&Excel_BuiltIn_Database&\".xlsm)\",IF(OR($C433<>\"S\",ORÇAMENTO.CodBarra=\"\"),\"(Sem Código)\",IF(ISERROR(MATCH($AE433,INDIRECT(ORÇAMENTO.BancoRef),0)),\"(Código não identificado nas referências)\",MATCH($AE433,INDIRECT(ORÇAMENTO.BancoRef),0))))","v":14773},{"$f":"ROUND(IF(DESONERACAO=\"sim\",REFERENCIA.Desonerado,REFERENCIA.NaoDesonerado),2)","v":26.54},0.25290000000000001,null,null,null,null,598.5,{"$f":"ROUND(ORÇAMENTO.CustoUnitario*(1+$AH433),2)","v":33.25}]
[2,2,2,5,{"$f":"IF($C434=1,OFFSET(E434,-1,0)+MAX(1,COUNTIF(QCI!$A$13:$A$36,OFFSET(ORÇAMENTO!E434,-1,0))),OFFSET(E434,-1,0))","v":18},2,0,0,0,5,{"$f":"IF(OR($C434=\"S\",$C434=0),0,MATCH(OFFSET($D434,0,$C434)+IF($C434<>1,1,COUNTIF(QCI!$A$13:$A$36,ORÇAMENTO!E434)),OFFSET($D434,1,$C434,ROW($C$472)-ROW($C434)),0))","v":33},"F","Nível 2","Nível 2","18.2.","SINAPI",null,{"$f":"IF($C434=\"S\",REFERENCIA.Descricao,\"EQUIPAMENTOS\")","v":"EQUIPAMENTOS"},{"$f":"REFERENCIA.Unidade","v":"-"},{"$f":"OFFSET(CÁLCULO!H$15,ROW($T434)-ROW(T$15),0)","v":0},null,"BDI 1",{"$f":"IF($C434=\"S\",ROUND(IF(TIPOORCAMENTO=\"Proposto\",ORÇAMENTO.CustoUnitario*(1+$AH434),ORÇAMENTO.PrecoUnitarioLicitado),15-13*$AF$10),0)","v":0},{"$f":"IF($C434=\"S\",IF(OR(Import.TipoArredondamento<>\"TransfereGOV\",ACOMPANHAMENTO=\"BM\"),VTOTAL1,SUM(OFFSET(CÁLCULO!$AI$15,ROW($X434)-ROW($X$15),1):OFFSET(CÁLCULO!$BB$15,ROW($X434)-ROW($X$15),-1))),IF($C434=0,0,ROUND(SomaAgrup,15-13*$AF$11)))","v":28522.720000000001},"RA","",{"$f":"IF($C434=\"S\",IF($Z434=\"CP\",$X434,IF($Z434=\"RA\",(($X434)*QCI!$AA$3),0)),SomaAgrup)","v":2468.1765985946131},{"$f":"IF($C434=\"S\",IF($Z434=\"OU\",ROUND($X434,2),0),SomaAgrup)","v":0},{"$f":"IF($N434=\"\",\" \",\nIF(AND($C434<>\"S\",OR($R434=\"\",$R434=\"(digite a descrição aqui)\")),\"DESCRIÇÃO\",\nIF(AND($C434=\"S\",OR($Q434<>\"\",$T434>0,$U434>0),$P434=\"\"),\"FONTE\",\nIF(AND($C434=\"S\",$P434<>\"\",OR($T434>0,$U434>0),$Q434=\"\"),\"CÓDIGO\",\nIF(AND($C434=\"S\",$P434<>\"\",$Q434<>\"\",$R434=\"(Código não identificado nas referências)\"),\"CÓDIGO N/ID\",\nIF(AND($C434=\"S\",OR($R434=\"\",$R434=\"(digite a descrição aqui)\"),OR($Q434<>\"\",$T434>0,$U434>0)),\"DESCRIÇÃO\",\nIF(AND($C434=\"S\",$P434<>\"\",$Q434<>\"\",$S434=\"\"),\"UNIDADE\",\nIF(AND($C434=\"S\",$P434<>\"\",$Q434<>\"\",$U434=0),\"SEM CUSTO\",\nIF(AND(TIPOORCAMENTO=\"Licitado\",$AL434=0,$AN434>0),\"SEM PREÇO\",\nIF(AND($C434=\"S\",$P434<>\"\",$Q434<>\"\",$U434>0,AND($V434<>\"BDI 1\",$V434<>\"BDI 2\",$V434<>\"BDI 3\")),IF(ISNUMBER($V434),\"JUSTIFICAR BDI\",\"BDI\"),\nIF(OR(AND(import.recurso=\"OGU\",TIPOORCAMENTO=\"Proposto\",LEFT($O$8,5)<>\"(N/D:\",$AG434<>\"\",ORÇAMENTO.CustoUnitario>$AG434),AND(TIPOORCAMENTO=\"LICITADO\",ORÇAMENTO.PrecoUnitarioLicitado>$AN434)),\"ACIMA REF.\",\nIF(AND($C434=\"S\",$P434<>\"\",$Q434<>\"\",$T434=0,$U434>0),\"QUANT.\",\nIF(AND(Import.TipoArredondamento=\"TransfereGOV\",$L434=\"F\",$C434=\"S\",LEN($Q434)>13),\"Código >13\",\nIF(AND(Import.TipoArredondamento=\"TransfereGOV\",$L434=\"F\",$C434<>\"S\",LEN($R434)>100),\"Descrição >100\",\nIF(AND(Import.TipoArredondamento=\"TransfereGOV\",$L434=\"F\",$C434=\"S\",LEN($R434)>500),\"Descrição >500\",\nIF(AND(Import.TipoArredondamento=\"TransfereGOV\",$L434=\"F\",$C434=\"S\",LEFT(TRIM(UPPER($P434)),6)<>\"SINAPI\",ISNA(VLOOKUP(TRIM(UPPER($S434)),ListaTgov.Unidades,1,FALSE))),\"Unid. Não Disp\",\n\" \"))))))))))))))))","v":" "},{"$f":"IF(C434<=CRONO.NivelExibicao,MAX($AD$15:OFFSET(AD434,-1,0))+IF($C434<>1,1,MAX(1,COUNTIF(QCI!$A$13:$A$36,OFFSET($E434,-1,0)))),\"\")","v":61},{"$f":"IF(AND($C434=\"S\",ORÇAMENTO.CodBarra<>\"\"),IF(ORÇAMENTO.Fonte=\"\",ORÇAMENTO.CodBarra,CONCATENATE(ORÇAMENTO.Fonte,\" \",ORÇAMENTO.CodBarra)))","v":false},{"$f":"IF(ISERROR(ORÇAMENTO.BancoRef),\"(abra o arquivo 'Referência \"&Excel_BuiltIn_Database&\".xlsm)\",IF(OR($C434<>\"S\",ORÇAMENTO.CodBarra=\"\"),\"(Sem Código)\",IF(ISERROR(MATCH($AE434,INDIRECT(ORÇAMENTO.BancoRef),0)),\"(Código não identificado nas referências)\",MATCH($AE434,INDIRECT(ORÇAMENTO.BancoRef),0))))","v":"(Sem Código)"},{"$f":"ROUND(IF(DESONERACAO=\"sim\",REFERENCIA.Desonerado,REFERENCIA.NaoDesonerado),2)","v":0},0.25290000000000001,null,null,null,null,28522.720000000001,{"$f":"ROUND(ORÇAMENTO.CustoUnitario*(1+$AH434),2)","v":0}]
["S",2,"S",0,{"$f":"IF($C435=1,OFFSET(E435,-1,0)+MAX(1,COUNTIF(QCI!$A$13:$A$36,OFFSET(ORÇAMENTO!E435,-1,0))),OFFSET(E435,-1,0))","v":18},2,0,0,1,0,{"$f":"IF(OR($C435=\"S\",$C435=0),0,MATCH(OFFSET($D435,0,$C435)+IF($C435<>1,1,COUNTIF(QCI!$A$13:$A$36,ORÇAMENTO!E435)),OFFSET($D435,1,$C435,ROW($C$472)-ROW($C435)),0))","v":0},"F","Serviço","Serviço","18.2.0.1.","Composição","COMP131",{"$f":"IF($C435=\"S\",REFERENCIA.Descricao,\"(digite a descrição aqui)\")","v":"EXAUSTOR CENTRIFUGO SIROCO TRIFASICO EC5-TN-3"},{"$f":"REFERENCIA.Unidade","v":"UN"},{"$f":"OFFSET(CÁLCULO!H$15,ROW($T435)-ROW(T$15),0)","v":1},{"$f":"AG435","v":7569.36},"BDI 1",{"$f":"IF($C435=\"S\",ROUND(IF(TIPOORCAMENTO=\"Proposto\",ORÇAMENTO.CustoUnitario*(1+$AH435),ORÇAMENTO.PrecoUnitarioLicitado),15-13*$AF$10),0)","v":9483.65},{"$f":"IF($C435=\"S\",IF(OR(Import.TipoArredondamento<>\"TransfereGOV\",ACOMPANHAMENTO=\"BM\"),VTOTAL1,SUM(OFFSET(CÁLCULO!$AI$15,ROW($X435)-ROW($X$15),1):OFFSET(CÁLCULO!$BB$15,ROW($X435)-ROW($X$15),-1))),IF($C435=0,0,ROUND(SomaAgrup,15-13*$AF$11)))","v":9483.65},"RA","RA",{"$f":"IF($C435=\"S\",IF($Z435=\"CP\",$X435,IF($Z435=\"RA\",(($X435)*QCI!$AA$3),0)),SomaAgrup)","v":820.65535822887171},{"$f":"IF($C435=\"S\",IF($Z435=\"OU\",ROUND($X435,2),0),SomaAgrup)","v":0},{"$f":"IF($N435=\"\",\" \",\nIF(AND($C435<>\"S\",OR($R435=\"\",$R435=\"(digite a descrição aqui)\")),\"DESCRIÇÃO\",\nIF(AND($C435=\"S\",OR($Q435<>\"\",$T435>0,$U435>0),$P435=\"\"),\"FONTE\",\nIF(AND($C435=\"S\",$P435<>\"\",OR($T435>0,$U435>0),$Q435=\"\"),\"CÓDIGO\",\nIF(AND($C435=\"S\",$P435<>\"\",$Q435<>\"\",$R435=\"(Código não identificado nas referências)\"),\"CÓDIGO N/ID\",\nIF(AND($C435=\"S\",OR($R435=\"\",$R435=\"(digite a descrição aqui)\"),OR($Q435<>\"\",$T435>0,$U435>0)),\"DESCRIÇÃO\",\nIF(AND($C435=\"S\",$P435<>\"\",$Q435<>\"\",$S435=\"\"),\"UNIDADE\",\nIF(AND($C435=\"S\",$P435<>\"\",$Q435<>\"\",$U435=0),\"SEM CUSTO\",\nIF(AND(TIPOORCAMENTO=\"Licitado\",$AL435=0,$AN435>0),\"SEM PREÇO\",\nIF(AND($C435=\"S\",$P435<>\"\",$Q435<>\"\",$U435>0,AND($V435<>\"BDI 1\",$V435<>\"BDI 2\",$V435<>\"BDI 3\")),IF(ISNUMBER($V435),\"JUSTIFICAR BDI\",\"BDI\"),\nIF(OR(AND(import.recurso=\"OGU\",TIPOORCAMENTO=\"Proposto\",LEFT($O$8,5)<>\"(N/D:\",$AG435<>\"\",ORÇAMENTO.CustoUnitario>$AG435),AND(TIPOORCAMENTO=\"LICITADO\",ORÇAMENTO.PrecoUnitarioLicitado>$AN435)),\"ACIMA REF.\",\nIF(AND($C435=\"S\",$P435<>\"\",$Q435<>\"\",$T435=0,$U435>0),\"QUANT.\",\nIF(AND(Import.TipoArredondamento=\"TransfereGOV\",$L435=\"F\",$C435=\"S\",LEN($Q435)>13),\"Código >13\",\nIF(AND(Import.TipoArredondamento=\"TransfereGOV\",$L435=\"F\",$C435<>\"S\",LEN($R435)>100),\"Descrição >100\",\nIF(AND(Import.TipoArredondamento=\"TransfereGOV\",$L435=\"F\",$C435=\"S\",LEN($R435)>500),\"Descrição >500\",\nIF(AND(Import.TipoArredondamento=\"TransfereGOV\",$L435=\"F\",$C435=\"S\",LEFT(TRIM(UPPER($P435)),6)<>\"SINAPI\",ISNA(VLOOKUP(TRIM(UPPER($S435)),ListaTgov.Unidades,1,FALSE))),\"Unid. Não Disp\",\n\" \"))))))))))))))))","v":" "},{"$f":"IF(C435<=CRONO.NivelExibicao,MAX($AD$15:OFFSET(AD435,-1,0))+IF($C435<>1,1,MAX(1,COUNTIF(QCI!$A$13:$A$36,OFFSET($E435,-1,0)))),\"\")","v":""},{"$f":"IF(AND($C435=\"S\",ORÇAMENTO.CodBarra<>\"\"),IF(ORÇAMENTO.Fonte=\"\",ORÇAMENTO.CodBarra,CONCATENATE(ORÇAMENTO.Fonte,\" \",ORÇAMENTO.CodBarra)))","v":"Composição COMP131"},{"$f":"IF(ISERROR(ORÇAMENTO.BancoRef),\"(abra o arquivo 'Referência \"&Excel_BuiltIn_Database&\".xlsm)\",IF(OR($C435<>\"S\",ORÇAMENTO.CodBarra=\"\"),\"(Sem Código)\",IF(ISERROR(MATCH($AE435,INDIRECT(ORÇAMENTO.BancoRef),0)),\"(Código não identificado nas referências)\",MATCH($AE435,INDIRECT(ORÇAMENTO.BancoRef),0))))","v":133},{"$f":"ROUND(IF(DESONERACAO=\"sim\",REFERENCIA.Desonerado,REFERENCIA.NaoDesonerado),2)","v":7569.36},0.25290000000000001,null,null,null,null,9483.65,{"$f":"ROUND(ORÇAMENTO.CustoUnitario*(1+$AH435),2)","v":9483.65}]
["S",2,"S",0,{"$f":"IF($C436=1,OFFSET(E436,-1,0)+MAX(1,COUNTIF(QCI!$A$13:$A$36,OFFSET(ORÇAMENTO!E436,-1,0))),OFFSET(E436,-1,0))","v":18},2,0,0,2,0,{"$f":"IF(OR($C436=\"S\",$C436=0),0,MATCH(OFFSET($D436,0,$C436)+IF($C436<>1,1,COUNTIF(QCI!$A$13:$A$36,ORÇAMENTO!E436)),OFFSET($D436,1,$C436,ROW($C$472)-ROW($C436)),0))","v":0},"F","Serviço","Serviço","18.2.0.2.","Composição","COMP132",{"$f":"IF($C436=\"S\",REFERENCIA.Descricao,\"(digite a descrição aqui)\")","v":"EXAUSTOR CENTRIFUGO SIROCO TRIFASICO MOD: EC3-TN-1,5"},{"$f":"REFERENCIA.Unidade","v":"UN"},{"$f":"OFFSET(CÁLCULO!H$15,ROW($T436)-ROW(T$15),0)","v":1},{"$f":"AG436","v":5388.26},"BDI 1",{"$f":"IF($C436=\"S\",ROUND(IF(TIPOORCAMENTO=\"Proposto\",ORÇAMENTO.CustoUnitario*(1+$AH436),ORÇAMENTO.PrecoUnitarioLicitado),15-13*$AF$10),0)","v":6750.95},{"$f":"IF($C436=\"S\",IF(OR(Import.TipoArredondamento<>\"TransfereGOV\",ACOMPANHAMENTO=\"BM\"),VTOTAL1,SUM(OFFSET(CÁLCULO!$AI$15,ROW($X436)-ROW($X$15),1):OFFSET(CÁLCULO!$BB$15,ROW($X436)-ROW($X$15),-1))),IF($C436=0,0,ROUND(SomaAgrup,15-13*$AF$11)))","v":6750.95},"RA","RA",{"$f":"IF($C436=\"S\",IF($Z436=\"CP\",$X436,IF($Z436=\"RA\",(($X436)*QCI!$AA$3),0)),SomaAgrup)","v":584.18470637731264},{"$f":"IF($C436=\"S\",IF($Z436=\"OU\",ROUND($X436,2),0),SomaAgrup)","v":0},{"$f":"IF($N436=\"\",\" \",\nIF(AND($C436<>\"S\",OR($R436=\"\",$R436=\"(digite a descrição aqui)\")),\"DESCRIÇÃO\",\nIF(AND($C436=\"S\",OR($Q436<>\"\",$T436>0,$U436>0),$P436=\"\"),\"FONTE\",\nIF(AND($C436=\"S\",$P436<>\"\",OR($T436>0,$U436>0),$Q436=\"\"),\"CÓDIGO\",\nIF(AND($C436=\"S\",$P436<>\"\",$Q436<>\"\",$R436=\"(Código não identificado nas referências)\"),\"CÓDIGO N/ID\",\nIF(AND($C436=\"S\",OR($R436=\"\",$R436=\"(digite a descrição aqui)\"),OR($Q436<>\"\",$T436>0,$U436>0)),\"DESCRIÇÃO\",\nIF(AND($C436=\"S\",$P436<>\"\",$Q436<>\"\",$S436=\"\"),\"UNIDADE\",\nIF(AND($C436=\"S\",$P436<>\"\",$Q436<>\"\",$U436=0),\"SEM CUSTO\",\nIF(AND(TIPOORCAMENTO=\"Licitado\",$AL436=0,$AN436>0),\"SEM PREÇO\",\nIF(AND($C436=\"S\",$P436<>\"\",$Q436<>\"\",$U436>0,AND($V436<>\"BDI 1\",$V436<>\"BDI 2\",$V436<>\"BDI 3\")),IF(ISNUMBER($V436),\"JUSTIFICAR BDI\",\"BDI\"),\nIF(OR(AND(import.recurso=\"OGU\",TIPOORCAMENTO=\"Proposto\",LEFT($O$8,5)<>\"(N/D:\",$AG436<>\"\",ORÇAMENTO.CustoUnitario>$AG436),AND(TIPOORCAMENTO=\"LICITADO\",ORÇAMENTO.PrecoUnitarioLicitado>$AN436)),\"ACIMA REF.\",\nIF(AND($C436=\"S\",$P436<>\"\",$Q436<>\"\",$T436=0,$U436>0),\"QUANT.\",\nIF(AND(Import.TipoArredondamento=\"TransfereGOV\",$L436=\"F\",$C436=\"S\",LEN($Q436)>13),\"Código >13\",\nIF(AND(Import.TipoArredondamento=\"TransfereGOV\",$L436=\"F\",$C436<>\"S\",LEN($R436)>100),\"Descrição >100\",\nIF(AND(Import.TipoArredondamento=\"TransfereGOV\",$L436=\"F\",$C436=\"S\",LEN($R436)>500),\"Descrição >500\",\nIF(AND(Import.TipoArredondamento=\"TransfereGOV\",$L436=\"F\",$C436=\"S\",LEFT(TRIM(UPPER($P436)),6)<>\"SINAPI\",ISNA(VLOOKUP(TRIM(UPPER($S436)),ListaTgov.Unidades,1,FALSE))),\"Unid. Não Disp\",\n\" \"))))))))))))))))","v":" "},{"$f":"IF(C436<=CRONO.NivelExibicao,MAX($AD$15:OFFSET(AD436,-1,0))+IF($C436<>1,1,MAX(1,COUNTIF(QCI!$A$13:$A$36,OFFSET($E436,-1,0)))),\"\")","v":""},{"$f":"IF(AND($C436=\"S\",ORÇAMENTO.CodBarra<>\"\"),IF(ORÇAMENTO.Fonte=\"\",ORÇAMENTO.CodBarra,CONCATENATE(ORÇAMENTO.Fonte,\" \",ORÇAMENTO.CodBarra)))","v":"Composição COMP132"},{"$f":"IF(ISERROR(ORÇAMENTO.BancoRef),\"(abra o arquivo 'Referência \"&Excel_BuiltIn_Database&\".xlsm)\",IF(OR($C436<>\"S\",ORÇAMENTO.CodBarra=\"\"),\"(Sem Código)\",IF(ISERROR(MATCH($AE436,INDIRECT(ORÇAMENTO.BancoRef),0)),\"(Código não identificado nas referências)\",MATCH($AE436,INDIRECT(ORÇAMENTO.BancoRef),0))))","v":134},{"$f":"ROUND(IF(DESONERACAO=\"sim\",REFERENCIA.Desonerado,REFERENCIA.NaoDesonerado),2)","v":5388.26},0.25290000000000001,null,null,null,null,6750.95,{"$f":"ROUND(ORÇAMENTO.CustoUnitario*(1+$AH436),2)","v":6750.95}]
["S",2,"S",0,{"$f":"IF($C437=1,OFFSET(E437,-1,0)+MAX(1,COUNTIF(QCI!$A$13:$A$36,OFFSET(ORÇAMENTO!E437,-1,0))),OFFSET(E437,-1,0))","v":18},2,0,0,3,0,{"$f":"IF(OR($C437=\"S\",$C437=0),0,MATCH(OFFSET($D437,0,$C437)+IF($C437<>1,1,COUNTIF(QCI!$A$13:$A$36,ORÇAMENTO!E437)),OFFSET($D437,1,$C437,ROW($C$472)-ROW($C437)),0))","v":0},"F","Serviço","Serviço","18.2.0.3.","Composição","COMP133",{"$f":"IF($C437=\"S\",REFERENCIA.Descricao,\"(digite a descrição aqui)\")","v":"CAIXA DE VENTILACAO PARA FORRO CAB-250 - 220V - S&P"},{"$f":"REFERENCIA.Unidade","v":"UN"},{"$f":"OFFSET(CÁLCULO!H$15,ROW($T437)-ROW(T$15),0)","v":3},3182.89,"BDI 1",{"$f":"IF($C437=\"S\",ROUND(IF(TIPOORCAMENTO=\"Proposto\",ORÇAMENTO.CustoUnitario*(1+$AH437),ORÇAMENTO.PrecoUnitarioLicitado),15-13*$AF$10),0)","v":3987.84},{"$f":"IF($C437=\"S\",IF(OR(Import.TipoArredondamento<>\"TransfereGOV\",ACOMPANHAMENTO=\"BM\"),VTOTAL1,SUM(OFFSET(CÁLCULO!$AI$15,ROW($X437)-ROW($X$15),1):OFFSET(CÁLCULO!$BB$15,ROW($X437)-ROW($X$15),-1))),IF($C437=0,0,ROUND(SomaAgrup,15-13*$AF$11)))","v":11963.52},"RA","RA",{"$f":"IF($C437=\"S\",IF($Z437=\"CP\",$X437,IF($Z437=\"RA\",(($X437)*QCI!$AA$3),0)),SomaAgrup)","v":1035.2476937970373},{"$f":"IF($C437=\"S\",IF($Z437=\"OU\",ROUND($X437,2),0),SomaAgrup)","v":0},{"$f":"IF($N437=\"\",\" \",\nIF(AND($C437<>\"S\",OR($R437=\"\",$R437=\"(digite a descrição aqui)\")),\"DESCRIÇÃO\",\nIF(AND($C437=\"S\",OR($Q437<>\"\",$T437>0,$U437>0),$P437=\"\"),\"FONTE\",\nIF(AND($C437=\"S\",$P437<>\"\",OR($T437>0,$U437>0),$Q437=\"\"),\"CÓDIGO\",\nIF(AND($C437=\"S\",$P437<>\"\",$Q437<>\"\",$R437=\"(Código não identificado nas referências)\"),\"CÓDIGO N/ID\",\nIF(AND($C437=\"S\",OR($R437=\"\",$R437=\"(digite a descrição aqui)\"),OR($Q437<>\"\",$T437>0,$U437>0)),\"DESCRIÇÃO\",\nIF(AND($C437=\"S\",$P437<>\"\",$Q437<>\"\",$S437=\"\"),\"UNIDADE\",\nIF(AND($C437=\"S\",$P437<>\"\",$Q437<>\"\",$U437=0),\"SEM CUSTO\",\nIF(AND(TIPOORCAMENTO=\"Licitado\",$AL437=0,$AN437>0),\"SEM PREÇO\",\nIF(AND($C437=\"S\",$P437<>\"\",$Q437<>\"\",$U437>0,AND($V437<>\"BDI 1\",$V437<>\"BDI 2\",$V437<>\"BDI 3\")),IF(ISNUMBER($V437),\"JUSTIFICAR BDI\",\"BDI\"),\nIF(OR(AND(import.recurso=\"OGU\",TIPOORCAMENTO=\"Proposto\",LEFT($O$8,5)<>\"(N/D:\",$AG437<>\"\",ORÇAMENTO.CustoUnitario>$AG437),AND(TIPOORCAMENTO=\"LICITADO\",ORÇAMENTO.PrecoUnitarioLicitado>$AN437)),\"ACIMA REF.\",\nIF(AND($C437=\"S\",$P437<>\"\",$Q437<>\"\",$T437=0,$U437>0),\"QUANT.\",\nIF(AND(Import.TipoArredondamento=\"TransfereGOV\",$L437=\"F\",$C437=\"S\",LEN($Q437)>13),\"Código >13\",\nIF(AND(Import.TipoArredondamento=\"TransfereGOV\",$L437=\"F\",$C437<>\"S\",LEN($R437)>100),\"Descrição >100\",\nIF(AND(Import.TipoArredondamento=\"TransfereGOV\",$L437=\"F\",$C437=\"S\",LEN($R437)>500),\"Descrição >500\",\nIF(AND(Import.TipoArredondamento=\"TransfereGOV\",$L437=\"F\",$C437=\"S\",LEFT(TRIM(UPPER($P437)),6)<>\"SINAPI\",ISNA(VLOOKUP(TRIM(UPPER($S437)),ListaTgov.Unidades,1,FALSE))),\"Unid. Não Disp\",\n\" \"))))))))))))))))","v":" "},{"$f":"IF(C437<=CRONO.NivelExibicao,MAX($AD$15:OFFSET(AD437,-1,0))+IF($C437<>1,1,MAX(1,COUNTIF(QCI!$A$13:$A$36,OFFSET($E437,-1,0)))),\"\")","v":""},{"$f":"IF(AND($C437=\"S\",ORÇAMENTO.CodBarra<>\"\"),IF(ORÇAMENTO.Fonte=\"\",ORÇAMENTO.CodBarra,CONCATENATE(ORÇAMENTO.Fonte,\" \",ORÇAMENTO.CodBarra)))","v":"Composição COMP133"},{"$f":"IF(ISERROR(ORÇAMENTO.BancoRef),\"(abra o arquivo 'Referência \"&Excel_BuiltIn_Database&\".xlsm)\",IF(OR($C437<>\"S\",ORÇAMENTO.CodBarra=\"\"),\"(Sem Código)\",IF(ISERROR(MATCH($AE437,INDIRECT(ORÇAMENTO.BancoRef),0)),\"(Código não identificado nas referências)\",MATCH($AE437,INDIRECT(ORÇAMENTO.BancoRef),0))))","v":135},{"$f":"ROUND(IF(DESONERACAO=\"sim\",REFERENCIA.Desonerado,REFERENCIA.NaoDesonerado),2)","v":3182.89},0.25290000000000001,null,null,null,null,11963.52,{"$f":"ROUND(ORÇAMENTO.CustoUnitario*(1+$AH437),2)","v":3987.84}]
["S",2,"S",0,{"$f":"IF($C438=1,OFFSET(E438,-1,0)+MAX(1,COUNTIF(QCI!$A$13:$A$36,OFFSET(ORÇAMENTO!E438,-1,0))),OFFSET(E438,-1,0))","v":18},2,0,0,4,0,{"$f":"IF(OR($C438=\"S\",$C438=0),0,MATCH(OFFSET($D438,0,$C438)+IF($C438<>1,1,COUNTIF(QCI!$A$13:$A$36,ORÇAMENTO!E438)),OFFSET($D438,1,$C438,ROW($C$472)-ROW($C438)),0))","v":0},"F","Serviço","Serviço","18.2.0.4.","Composição","COMP134",{"$f":"IF($C438=\"S\",REFERENCIA.Descricao,\"(digite a descrição aqui)\")","v":"EXAUSTOR AXIAL MULTIVAC MODELO MURO 150A"},{"$f":"REFERENCIA.Unidade","v":"UN"},{"$f":"OFFSET(CÁLCULO!H$15,ROW($T438)-ROW(T$15),0)","v":1},259.08,"BDI 1",{"$f":"IF($C438=\"S\",ROUND(IF(TIPOORCAMENTO=\"Proposto\",ORÇAMENTO.CustoUnitario*(1+$AH438),ORÇAMENTO.PrecoUnitarioLicitado),15-13*$AF$10),0)","v":324.60000000000002},{"$f":"IF($C438=\"S\",IF(OR(Import.TipoArredondamento<>\"TransfereGOV\",ACOMPANHAMENTO=\"BM\"),VTOTAL1,SUM(OFFSET(CÁLCULO!$AI$15,ROW($X438)-ROW($X$15),1):OFFSET(CÁLCULO!$BB$15,ROW($X438)-ROW($X$15),-1))),IF($C438=0,0,ROUND(SomaAgrup,15-13*$AF$11)))","v":324.60000000000002},"RA","RA",{"$f":"IF($C438=\"S\",IF($Z438=\"CP\",$X438,IF($Z438=\"RA\",(($X438)*QCI!$AA$3),0)),SomaAgrup)","v":28.088840191391689},{"$f":"IF($C438=\"S\",IF($Z438=\"OU\",ROUND($X438,2),0),SomaAgrup)","v":0},{"$f":"IF($N438=\"\",\" \",\nIF(AND($C438<>\"S\",OR($R438=\"\",$R438=\"(digite a descrição aqui)\")),\"DESCRIÇÃO\",\nIF(AND($C438=\"S\",OR($Q438<>\"\",$T438>0,$U438>0),$P438=\"\"),\"FONTE\",\nIF(AND($C438=\"S\",$P438<>\"\",OR($T438>0,$U438>0),$Q438=\"\"),\"CÓDIGO\",\nIF(AND($C438=\"S\",$P438<>\"\",$Q438<>\"\",$R438=\"(Código não identificado nas referências)\"),\"CÓDIGO N/ID\",\nIF(AND($C438=\"S\",OR($R438=\"\",$R438=\"(digite a descrição aqui)\"),OR($Q438<>\"\",$T438>0,$U438>0)),\"DESCRIÇÃO\",\nIF(AND($C438=\"S\",$P438<>\"\",$Q438<>\"\",$S438=\"\"),\"UNIDADE\",\nIF(AND($C438=\"S\",$P438<>\"\",$Q438<>\"\",$U438=0),\"SEM CUSTO\",\nIF(AND(TIPOORCAMENTO=\"Licitado\",$AL438=0,$AN438>0),\"SEM PREÇO\",\nIF(AND($C438=\"S\",$P438<>\"\",$Q438<>\"\",$U438>0,AND($V438<>\"BDI 1\",$V438<>\"BDI 2\",$V438<>\"BDI 3\")),IF(ISNUMBER($V438),\"JUSTIFICAR BDI\",\"BDI\"),\nIF(OR(AND(import.recurso=\"OGU\",TIPOORCAMENTO=\"Proposto\",LEFT($O$8,5)<>\"(N/D:\",$AG438<>\"\",ORÇAMENTO.CustoUnitario>$AG438),AND(TIPOORCAMENTO=\"LICITADO\",ORÇAMENTO.PrecoUnitarioLicitado>$AN438)),\"ACIMA REF.\",\nIF(AND($C438=\"S\",$P438<>\"\",$Q438<>\"\",$T438=0,$U438>0),\"QUANT.\",\nIF(AND(Import.TipoArredondamento=\"TransfereGOV\",$L438=\"F\",$C438=\"S\",LEN($Q438)>13),\"Código >13\",\nIF(AND(Import.TipoArredondamento=\"TransfereGOV\",$L438=\"F\",$C438<>\"S\",LEN($R438)>100),\"Descrição >100\",\nIF(AND(Import.TipoArredondamento=\"TransfereGOV\",$L438=\"F\",$C438=\"S\",LEN($R438)>500),\"Descrição >500\",\nIF(AND(Import.TipoArredondamento=\"TransfereGOV\",$L438=\"F\",$C438=\"S\",LEFT(TRIM(UPPER($P438)),6)<>\"SINAPI\",ISNA(VLOOKUP(TRIM(UPPER($S438)),ListaTgov.Unidades,1,FALSE))),\"Unid. Não Disp\",\n\" \"))))))))))))))))","v":" "},{"$f":"IF(C438<=CRONO.NivelExibicao,MAX($AD$15:OFFSET(AD438,-1,0))+IF($C438<>1,1,MAX(1,COUNTIF(QCI!$A$13:$A$36,OFFSET($E438,-1,0)))),\"\")","v":""},{"$f":"IF(AND($C438=\"S\",ORÇAMENTO.CodBarra<>\"\"),IF(ORÇAMENTO.Fonte=\"\",ORÇAMENTO.CodBarra,CONCATENATE(ORÇAMENTO.Fonte,\" \",ORÇAMENTO.CodBarra)))","v":"Composição COMP134"},{"$f":"IF(ISERROR(ORÇAMENTO.BancoRef),\"(abra o arquivo 'Referência \"&Excel_BuiltIn_Database&\".xlsm)\",IF(OR($C438<>\"S\",ORÇAMENTO.CodBarra=\"\"),\"(Sem Código)\",IF(ISERROR(MATCH($AE438,INDIRECT(ORÇAMENTO.BancoRef),0)),\"(Código não identificado nas referências)\",MATCH($AE438,INDIRECT(ORÇAMENTO.BancoRef),0))))","v":136},{"$f":"ROUND(IF(DESONERACAO=\"sim\",REFERENCIA.Desonerado,REFERENCIA.NaoDesonerado),2)","v":259.08},0.25290000000000001,null,null,null,null,324.60000000000002,{"$f":"ROUND(ORÇAMENTO.CustoUnitario*(1+$AH438),2)","v":324.60000000000002}]
[1,1,1,10,{"$f":"IF($C439=1,OFFSET(E439,-1,0)+MAX(1,COUNTIF(QCI!$A$13:$A$36,OFFSET(ORÇAMENTO!E439,-1,0))),OFFSET(E439,-1,0))","v":19},0,0,0,0,33,{"$f":"IF(OR($C439=\"S\",$C439=0),0,MATCH(OFFSET($D439,0,$C439)+IF($C439<>1,1,COUNTIF(QCI!$A$13:$A$36,ORÇAMENTO!E439)),OFFSET($D439,1,$C439,ROW($C$472)-ROW($C439)),0))","v":10},"F","Meta","Meta","19.","SINAPI",null,{"$f":"IF($C439=\"S\",REFERENCIA.Descricao,\"DADOS E VOZ\")","v":"DADOS E VOZ"},{"$f":"REFERENCIA.Unidade","v":"-"},{"$f":"OFFSET(CÁLCULO!H$15,ROW($T439)-ROW(T$15),0)","v":0},null,"BDI 1",{"$f":"IF($C439=\"S\",ROUND(IF(TIPOORCAMENTO=\"Proposto\",ORÇAMENTO.CustoUnitario*(1+$AH439),ORÇAMENTO.PrecoUnitarioLicitado),15-13*$AF$10),0)","v":0},{"$f":"IF($C439=\"S\",IF(OR(Import.TipoArredondamento<>\"TransfereGOV\",ACOMPANHAMENTO=\"BM\"),VTOTAL1,SUM(OFFSET(CÁLCULO!$AI$15,ROW($X439)-ROW($X$15),1):OFFSET(CÁLCULO!$BB$15,ROW($X439)-ROW($X$15),-1))),IF($C439=0,0,ROUND(SomaAgrup,15-13*$AF$11)))","v":8861.8700000000008},"RA","",{"$f":"IF($C439=\"S\",IF($Z439=\"CP\",$X439,IF($Z439=\"RA\",(($X439)*QCI!$AA$3),0)),SomaAgrup)","v":766.85043199903953},{"$f":"IF($C439=\"S\",IF($Z439=\"OU\",ROUND($X439,2),0),SomaAgrup)","v":0},{"$f":"IF($N439=\"\",\" \",\nIF(AND($C439<>\"S\",OR($R439=\"\",$R439=\"(digite a descrição aqui)\")),\"DESCRIÇÃO\",\nIF(AND($C439=\"S\",OR($Q439<>\"\",$T439>0,$U439>0),$P439=\"\"),\"FONTE\",\nIF(AND($C439=\"S\",$P439<>\"\",OR($T439>0,$U439>0),$Q439=\"\"),\"CÓDIGO\",\nIF(AND($C439=\"S\",$P439<>\"\",$Q439<>\"\",$R439=\"(Código não identificado nas referências)\"),\"CÓDIGO N/ID\",\nIF(AND($C439=\"S\",OR($R439=\"\",$R439=\"(digite a descrição aqui)\"),OR($Q439<>\"\",$T439>0,$U439>0)),\"DESCRIÇÃO\",\nIF(AND($C439=\"S\",$P439<>\"\",$Q439<>\"\",$S439=\"\"),\"UNIDADE\",\nIF(AND($C439=\"S\",$P439<>\"\",$Q439<>\"\",$U439=0),\"SEM CUSTO\",\nIF(AND(TIPOORCAMENTO=\"Licitado\",$AL439=0,$AN439>0),\"SEM PREÇO\",\nIF(AND($C439=\"S\",$P439<>\"\",$Q439<>\"\",$U439>0,AND($V439<>\"BDI 1\",$V439<>\"BDI 2\",$V439<>\"BDI 3\")),IF(ISNUMBER($V439),\"JUSTIFICAR BDI\",\"BDI\"),\nIF(OR(AND(import.recurso=\"OGU\",TIPOORCAMENTO=\"Proposto\",LEFT($O$8,5)<>\"(N/D:\",$AG439<>\"\",ORÇAMENTO.CustoUnitario>$AG439),AND(TIPOORCAMENTO=\"LICITADO\",ORÇAMENTO.PrecoUnitarioLicitado>$AN439)),\"ACIMA REF.\",\nIF(AND($C439=\"S\",$P439<>\"\",$Q439<>\"\",$T439=0,$U439>0),\"QUANT.\",\nIF(AND(Import.TipoArredondamento=\"TransfereGOV\",$L439=\"F\",$C439=\"S\",LEN($Q439)>13),\"Código >13\",\nIF(AND(Import.TipoArredondamento=\"TransfereGOV\",$L439=\"F\",$C439<>\"S\",LEN($R439)>100),\"Descrição >100\",\nIF(AND(Import.TipoArredondamento=\"TransfereGOV\",$L439=\"F\",$C439=\"S\",LEN($R439)>500),\"Descrição >500\",\nIF(AND(Import.TipoArredondamento=\"TransfereGOV\",$L439=\"F\",$C439=\"S\",LEFT(TRIM(UPPER($P439)),6)<>\"SINAPI\",ISNA(VLOOKUP(TRIM(UPPER($S439)),ListaTgov.Unidades,1,FALSE))),\"Unid. Não Disp\",\n\" \"))))))))))))))))","v":" "},{"$f":"IF(C439<=CRONO.NivelExibicao,MAX($AD$15:OFFSET(AD439,-1,0))+IF($C439<>1,1,MAX(1,COUNTIF(QCI!$A$13:$A$36,OFFSET($E439,-1,0)))),\"\")","v":62},{"$f":"IF(AND($C439=\"S\",ORÇAMENTO.CodBarra<>\"\"),IF(ORÇAMENTO.Fonte=\"\",ORÇAMENTO.CodBarra,CONCATENATE(ORÇAMENTO.Fonte,\" \",ORÇAMENTO.CodBarra)))","v":false},{"$f":"IF(ISERROR(ORÇAMENTO.BancoRef),\"(abra o arquivo 'Referência \"&Excel_BuiltIn_Database&\".xlsm)\",IF(OR($C439<>\"S\",ORÇAMENTO.CodBarra=\"\"),\"(Sem Código)\",IF(ISERROR(MATCH($AE439,INDIRECT(ORÇAMENTO.BancoRef),0)),\"(Código não identificado nas referências)\",MATCH($AE439,INDIRECT(ORÇAMENTO.BancoRef),0))))","v":"(Sem Código)"},{"$f":"ROUND(IF(DESONERACAO=\"sim\",REFERENCIA.Desonerado,REFERENCIA.NaoDesonerado),2)","v":0},0.25290000000000001,null,null,null,null,8861.8700000000008,{"$f":"ROUND(ORÇAMENTO.CustoUnitario*(1+$AH439),2)","v":0}]
[2,2,2,9,{"$f":"IF($C440=1,OFFSET(E440,-1,0)+MAX(1,COUNTIF(QCI!$A$13:$A$36,OFFSET(ORÇAMENTO!E440,-1,0))),OFFSET(E440,-1,0))","v":19},1,0,0,0,9,{"$f":"IF(OR($C440=\"S\",$C440=0),0,MATCH(OFFSET($D440,0,$C440)+IF($C440<>1,1,COUNTIF(QCI!$A$13:$A$36,ORÇAMENTO!E440)),OFFSET($D440,1,$C440,ROW($C$472)-ROW($C440)),0))","v":25},"F","Nível 2","Nível 2","19.1.","SINAPI",null,{"$f":"IF($C440=\"S\",REFERENCIA.Descricao,\"ESTRUTURA E ESQUIPAMENTOS\")","v":"ESTRUTURA E ESQUIPAMENTOS"},{"$f":"REFERENCIA.Unidade","v":"-"},{"$f":"OFFSET(CÁLCULO!H$15,ROW($T440)-ROW(T$15),0)","v":0},null,"BDI 1",{"$f":"IF($C440=\"S\",ROUND(IF(TIPOORCAMENTO=\"Proposto\",ORÇAMENTO.CustoUnitario*(1+$AH440),ORÇAMENTO.PrecoUnitarioLicitado),15-13*$AF$10),0)","v":0},{"$f":"IF($C440=\"S\",IF(OR(Import.TipoArredondamento<>\"TransfereGOV\",ACOMPANHAMENTO=\"BM\"),VTOTAL1,SUM(OFFSET(CÁLCULO!$AI$15,ROW($X440)-ROW($X$15),1):OFFSET(CÁLCULO!$BB$15,ROW($X440)-ROW($X$15),-1))),IF($C440=0,0,ROUND(SomaAgrup,15-13*$AF$11)))","v":8861.8700000000008},"RA","",{"$f":"IF($C440=\"S\",IF($Z440=\"CP\",$X440,IF($Z440=\"RA\",(($X440)*QCI!$AA$3),0)),SomaAgrup)","v":766.85043199903953},{"$f":"IF($C440=\"S\",IF($Z440=\"OU\",ROUND($X440,2),0),SomaAgrup)","v":0},{"$f":"IF($N440=\"\",\" \",\nIF(AND($C440<>\"S\",OR($R440=\"\",$R440=\"(digite a descrição aqui)\")),\"DESCRIÇÃO\",\nIF(AND($C440=\"S\",OR($Q440<>\"\",$T440>0,$U440>0),$P440=\"\"),\"FONTE\",\nIF(AND($C440=\"S\",$P440<>\"\",OR($T440>0,$U440>0),$Q440=\"\"),\"CÓDIGO\",\nIF(AND($C440=\"S\",$P440<>\"\",$Q440<>\"\",$R440=\"(Código não identificado nas referências)\"),\"CÓDIGO N/ID\",\nIF(AND($C440=\"S\",OR($R440=\"\",$R440=\"(digite a descrição aqui)\"),OR($Q440<>\"\",$T440>0,$U440>0)),\"DESCRIÇÃO\",\nIF(AND($C440=\"S\",$P440<>\"\",$Q440<>\"\",$S440=\"\"),\"UNIDADE\",\nIF(AND($C440=\"S\",$P440<>\"\",$Q440<>\"\",$U440=0),\"SEM CUSTO\",\nIF(AND(TIPOORCAMENTO=\"Licitado\",$AL440=0,$AN440>0),\"SEM PREÇO\",\nIF(AND($C440=\"S\",$P440<>\"\",$Q440<>\"\",$U440>0,AND($V440<>\"BDI 1\",$V440<>\"BDI 2\",$V440<>\"BDI 3\")),IF(ISNUMBER($V440),\"JUSTIFICAR BDI\",\"BDI\"),\nIF(OR(AND(import.recurso=\"OGU\",TIPOORCAMENTO=\"Proposto\",LEFT($O$8,5)<>\"(N/D:\",$AG440<>\"\",ORÇAMENTO.CustoUnitario>$AG440),AND(TIPOORCAMENTO=\"LICITADO\",ORÇAMENTO.PrecoUnitarioLicitado>$AN440)),\"ACIMA REF.\",\nIF(AND($C440=\"S\",$P440<>\"\",$Q440<>\"\",$T440=0,$U440>0),\"QUANT.\",\nIF(AND(Import.TipoArredondamento=\"TransfereGOV\",$L440=\"F\",$C440=\"S\",LEN($Q440)>13),\"Código >13\",\nIF(AND(Import.TipoArredondamento=\"TransfereGOV\",$L440=\"F\",$C440<>\"S\",LEN($R440)>100),\"Descrição >100\",\nIF(AND(Import.TipoArredondamento=\"TransfereGOV\",$L440=\"F\",$C440=\"S\",LEN($R440)>500),\"Descrição >500\",\nIF(AND(Import.TipoArredondamento=\"TransfereGOV\",$L440=\"F\",$C440=\"S\",LEFT(TRIM(UPPER($P440)),6)<>\"SINAPI\",ISNA(VLOOKUP(TRIM(UPPER($S440)),ListaTgov.Unidades,1,FALSE))),\"Unid. Não Disp\",\n\" \"))))))))))))))))","v":" "},{"$f":"IF(C440<=CRONO.NivelExibicao,MAX($AD$15:OFFSET(AD440,-1,0))+IF($C440<>1,1,MAX(1,COUNTIF(QCI!$A$13:$A$36,OFFSET($E440,-1,0)))),\"\")","v":63},{"$f":"IF(AND($C440=\"S\",ORÇAMENTO.CodBarra<>\"\"),IF(ORÇAMENTO.Fonte=\"\",ORÇAMENTO.CodBarra,CONCATENATE(ORÇAMENTO.Fonte,\" \",ORÇAMENTO.CodBarra)))","v":false},{"$f":"IF(ISERROR(ORÇAMENTO.BancoRef),\"(abra o arquivo 'Referência \"&Excel_BuiltIn_Database&\".xlsm)\",IF(OR($C440<>\"S\",ORÇAMENTO.CodBarra=\"\"),\"(Sem Código)\",IF(ISERROR(MATCH($AE440,INDIRECT(ORÇAMENTO.BancoRef),0)),\"(Código não identificado nas referências)\",MATCH($AE440,INDIRECT(ORÇAMENTO.BancoRef),0))))","v":"(Sem Código)"},{"$f":"ROUND(IF(DESONERACAO=\"sim\",REFERENCIA.Desonerado,REFERENCIA.NaoDesonerado),2)","v":0},0.25290000000000001,null,null,null,null,8861.8700000000008,{"$f":"ROUND(ORÇAMENTO.CustoUnitario*(1+$AH440),2)","v":0}]
["S",2,"S",0,{"$f":"IF($C441=1,OFFSET(E441,-1,0)+MAX(1,COUNTIF(QCI!$A$13:$A$36,OFFSET(ORÇAMENTO!E441,-1,0))),OFFSET(E441,-1,0))","v":19},1,0,0,1,0,{"$f":"IF(OR($C441=\"S\",$C441=0),0,MATCH(OFFSET($D441,0,$C441)+IF($C441<>1,1,COUNTIF(QCI!$A$13:$A$36,ORÇAMENTO!E441)),OFFSET($D441,1,$C441,ROW($C$472)-ROW($C441)),0))","v":0},"F","Serviço","Serviço","19.1.0.1.","SINAPI","91940",{"$f":"IF($C441=\"S\",REFERENCIA.Descricao,\"(digite a descrição aqui)\")","v":"CAIXA RETANGULAR 4\" X 2\" MÉDIA (1,30 M DO PISO), PVC, INSTALADA EM PAREDE - FORNECIMENTO E INSTALAÇÃO. AF_03/2023"},{"$f":"REFERENCIA.Unidade","v":"UN"},{"$f":"OFFSET(CÁLCULO!H$15,ROW($T441)-ROW(T$15),0)","v":28},{"$f":"AG441","v":18.809999999999999},"BDI 1",{"$f":"IF($C441=\"S\",ROUND(IF(TIPOORCAMENTO=\"Proposto\",ORÇAMENTO.CustoUnitario*(1+$AH441),ORÇAMENTO.PrecoUnitarioLicitado),15-13*$AF$10),0)","v":23.57},{"$f":"IF($C441=\"S\",IF(OR(Import.TipoArredondamento<>\"TransfereGOV\",ACOMPANHAMENTO=\"BM\"),VTOTAL1,SUM(OFFSET(CÁLCULO!$AI$15,ROW($X441)-ROW($X$15),1):OFFSET(CÁLCULO!$BB$15,ROW($X441)-ROW($X$15),-1))),IF($C441=0,0,ROUND(SomaAgrup,15-13*$AF$11)))","v":659.96},"RA","RA",{"$f":"IF($C441=\"S\",IF($Z441=\"CP\",$X441,IF($Z441=\"RA\",(($X441)*QCI!$AA$3),0)),SomaAgrup)","v":57.108783033613243},{"$f":"IF($C441=\"S\",IF($Z441=\"OU\",ROUND($X441,2),0),SomaAgrup)","v":0},{"$f":"IF($N441=\"\",\" \",\nIF(AND($C441<>\"S\",OR($R441=\"\",$R441=\"(digite a descrição aqui)\")),\"DESCRIÇÃO\",\nIF(AND($C441=\"S\",OR($Q441<>\"\",$T441>0,$U441>0),$P441=\"\"),\"FONTE\",\nIF(AND($C441=\"S\",$P441<>\"\",OR($T441>0,$U441>0),$Q441=\"\"),\"CÓDIGO\",\nIF(AND($C441=\"S\",$P441<>\"\",$Q441<>\"\",$R441=\"(Código não identificado nas referências)\"),\"CÓDIGO N/ID\",\nIF(AND($C441=\"S\",OR($R441=\"\",$R441=\"(digite a descrição aqui)\"),OR($Q441<>\"\",$T441>0,$U441>0)),\"DESCRIÇÃO\",\nIF(AND($C441=\"S\",$P441<>\"\",$Q441<>\"\",$S441=\"\"),\"UNIDADE\",\nIF(AND($C441=\"S\",$P441<>\"\",$Q441<>\"\",$U441=0),\"SEM CUSTO\",\nIF(AND(TIPOORCAMENTO=\"Licitado\",$AL441=0,$AN441>0),\"SEM PREÇO\",\nIF(AND($C441=\"S\",$P441<>\"\",$Q441<>\"\",$U441>0,AND($V441<>\"BDI 1\",$V441<>\"BDI 2\",$V441<>\"BDI 3\")),IF(ISNUMBER($V441),\"JUSTIFICAR BDI\",\"BDI\"),\nIF(OR(AND(import.recurso=\"OGU\",TIPOORCAMENTO=\"Proposto\",LEFT($O$8,5)<>\"(N/D:\",$AG441<>\"\",ORÇAMENTO.CustoUnitario>$AG441),AND(TIPOORCAMENTO=\"LICITADO\",ORÇAMENTO.PrecoUnitarioLicitado>$AN441)),\"ACIMA REF.\",\nIF(AND($C441=\"S\",$P441<>\"\",$Q441<>\"\",$T441=0,$U441>0),\"QUANT.\",\nIF(AND(Import.TipoArredondamento=\"TransfereGOV\",$L441=\"F\",$C441=\"S\",LEN($Q441)>13),\"Código >13\",\nIF(AND(Import.TipoArredondamento=\"TransfereGOV\",$L441=\"F\",$C441<>\"S\",LEN($R441)>100),\"Descrição >100\",\nIF(AND(Import.TipoArredondamento=\"TransfereGOV\",$L441=\"F\",$C441=\"S\",LEN($R441)>500),\"Descrição >500\",\nIF(AND(Import.TipoArredondamento=\"TransfereGOV\",$L441=\"F\",$C441=\"S\",LEFT(TRIM(UPPER($P441)),6)<>\"SINAPI\",ISNA(VLOOKUP(TRIM(UPPER($S441)),ListaTgov.Unidades,1,FALSE))),\"Unid. Não Disp\",\n\" \"))))))))))))))))","v":" "},{"$f":"IF(C441<=CRONO.NivelExibicao,MAX($AD$15:OFFSET(AD441,-1,0))+IF($C441<>1,1,MAX(1,COUNTIF(QCI!$A$13:$A$36,OFFSET($E441,-1,0)))),\"\")","v":""},{"$f":"IF(AND($C441=\"S\",ORÇAMENTO.CodBarra<>\"\"),IF(ORÇAMENTO.Fonte=\"\",ORÇAMENTO.CodBarra,CONCATENATE(ORÇAMENTO.Fonte,\" \",ORÇAMENTO.CodBarra)))","v":"SINAPI 91940"},{"$f":"IF(ISERROR(ORÇAMENTO.BancoRef),\"(abra o arquivo 'Referência \"&Excel_BuiltIn_Database&\".xlsm)\",IF(OR($C441<>\"S\",ORÇAMENTO.CodBarra=\"\"),\"(Sem Código)\",IF(ISERROR(MATCH($AE441,INDIRECT(ORÇAMENTO.BancoRef),0)),\"(Código não identificado nas referências)\",MATCH($AE441,INDIRECT(ORÇAMENTO.BancoRef),0))))","v":10657},{"$f":"ROUND(IF(DESONERACAO=\"sim\",REFERENCIA.Desonerado,REFERENCIA.NaoDesonerado),2)","v":18.809999999999999},0.25290000000000001,null,null,null,null,659.96,{"$f":"ROUND(ORÇAMENTO.CustoUnitario*(1+$AH441),2)","v":23.57}]
["S",2,"S",0,{"$f":"IF($C442=1,OFFSET(E442,-1,0)+MAX(1,COUNTIF(QCI!$A$13:$A$36,OFFSET(ORÇAMENTO!E442,-1,0))),OFFSET(E442,-1,0))","v":19},1,0,0,2,0,{"$f":"IF(OR($C442=\"S\",$C442=0),0,MATCH(OFFSET($D442,0,$C442)+IF($C442<>1,1,COUNTIF(QCI!$A$13:$A$36,ORÇAMENTO!E442)),OFFSET($D442,1,$C442,ROW($C$472)-ROW($C442)),0))","v":0},"F","Serviço","Serviço","19.1.0.2.","Composição","COMP92",{"$f":"IF($C442=\"S\",REFERENCIA.Descricao,\"(digite a descrição aqui)\")","v":"CAIXA DE PASSAGEM DE ACO C/ TAMPA APARAFUSADA 302X302X120"},{"$f":"REFERENCIA.Unidade","v":"UN"},{"$f":"OFFSET(CÁLCULO!H$15,ROW($T442)-ROW(T$15),0)","v":4},{"$f":"AG442","v":249.18},"BDI 1",{"$f":"IF($C442=\"S\",ROUND(IF(TIPOORCAMENTO=\"Proposto\",ORÇAMENTO.CustoUnitario*(1+$AH442),ORÇAMENTO.PrecoUnitarioLicitado),15-13*$AF$10),0)","v":312.2},{"$f":"IF($C442=\"S\",IF(OR(Import.TipoArredondamento<>\"TransfereGOV\",ACOMPANHAMENTO=\"BM\"),VTOTAL1,SUM(OFFSET(CÁLCULO!$AI$15,ROW($X442)-ROW($X$15),1):OFFSET(CÁLCULO!$BB$15,ROW($X442)-ROW($X$15),-1))),IF($C442=0,0,ROUND(SomaAgrup,15-13*$AF$11)))","v":1248.8},"RA","RA",{"$f":"IF($C442=\"S\",IF($Z442=\"CP\",$X442,IF($Z442=\"RA\",(($X442)*QCI!$AA$3),0)),SomaAgrup)","v":108.06328906657404},{"$f":"IF($C442=\"S\",IF($Z442=\"OU\",ROUND($X442,2),0),SomaAgrup)","v":0},{"$f":"IF($N442=\"\",\" \",\nIF(AND($C442<>\"S\",OR($R442=\"\",$R442=\"(digite a descrição aqui)\")),\"DESCRIÇÃO\",\nIF(AND($C442=\"S\",OR($Q442<>\"\",$T442>0,$U442>0),$P442=\"\"),\"FONTE\",\nIF(AND($C442=\"S\",$P442<>\"\",OR($T442>0,$U442>0),$Q442=\"\"),\"CÓDIGO\",\nIF(AND($C442=\"S\",$P442<>\"\",$Q442<>\"\",$R442=\"(Código não identificado nas referências)\"),\"CÓDIGO N/ID\",\nIF(AND($C442=\"S\",OR($R442=\"\",$R442=\"(digite a descrição aqui)\"),OR($Q442<>\"\",$T442>0,$U442>0)),\"DESCRIÇÃO\",\nIF(AND($C442=\"S\",$P442<>\"\",$Q442<>\"\",$S442=\"\"),\"UNIDADE\",\nIF(AND($C442=\"S\",$P442<>\"\",$Q442<>\"\",$U442=0),\"SEM CUSTO\",\nIF(AND(TIPOORCAMENTO=\"Licitado\",$AL442=0,$AN442>0),\"SEM PREÇO\",\nIF(AND($C442=\"S\",$P442<>\"\",$Q442<>\"\",$U442>0,AND($V442<>\"BDI 1\",$V442<>\"BDI 2\",$V442<>\"BDI 3\")),IF(ISNUMBER($V442),\"JUSTIFICAR BDI\",\"BDI\"),\nIF(OR(AND(import.recurso=\"OGU\",TIPOORCAMENTO=\"Proposto\",LEFT($O$8,5)<>\"(N/D:\",$AG442<>\"\",ORÇAMENTO.CustoUnitario>$AG442),AND(TIPOORCAMENTO=\"LICITADO\",ORÇAMENTO.PrecoUnitarioLicitado>$AN442)),\"ACIMA REF.\",\nIF(AND($C442=\"S\",$P442<>\"\",$Q442<>\"\",$T442=0,$U442>0),\"QUANT.\",\nIF(AND(Import.TipoArredondamento=\"TransfereGOV\",$L442=\"F\",$C442=\"S\",LEN($Q442)>13),\"Código >13\",\nIF(AND(Import.TipoArredondamento=\"TransfereGOV\",$L442=\"F\",$C442<>\"S\",LEN($R442)>100),\"Descrição >100\",\nIF(AND(Import.TipoArredondamento=\"TransfereGOV\",$L442=\"F\",$C442=\"S\",LEN($R442)>500),\"Descrição >500\",\nIF(AND(Import.TipoArredondamento=\"TransfereGOV\",$L442=\"F\",$C442=\"S\",LEFT(TRIM(UPPER($P442)),6)<>\"SINAPI\",ISNA(VLOOKUP(TRIM(UPPER($S442)),ListaTgov.Unidades,1,FALSE))),\"Unid. Não Disp\",\n\" \"))))))))))))))))","v":" "},{"$f":"IF(C442<=CRONO.NivelExibicao,MAX($AD$15:OFFSET(AD442,-1,0))+IF($C442<>1,1,MAX(1,COUNTIF(QCI!$A$13:$A$36,OFFSET($E442,-1,0)))),\"\")","v":""},{"$f":"IF(AND($C442=\"S\",ORÇAMENTO.CodBarra<>\"\"),IF(ORÇAMENTO.Fonte=\"\",ORÇAMENTO.CodBarra,CONCATENATE(ORÇAMENTO.Fonte,\" \",ORÇAMENTO.CodBarra)))","v":"Composição COMP92"},{"$f":"IF(ISERROR(ORÇAMENTO.BancoRef),\"(abra o arquivo 'Referência \"&Excel_BuiltIn_Database&\".xlsm)\",IF(OR($C442<>\"S\",ORÇAMENTO.CodBarra=\"\"),\"(Sem Código)\",IF(ISERROR(MATCH($AE442,INDIRECT(ORÇAMENTO.BancoRef),0)),\"(Código não identificado nas referências)\",MATCH($AE442,INDIRECT(ORÇAMENTO.BancoRef),0))))","v":94},{"$f":"ROUND(IF(DESONERACAO=\"sim\",REFERENCIA.Desonerado,REFERENCIA.NaoDesonerado),2)","v":249.18},0.25290000000000001,null,null,null,null,1248.8,{"$f":"ROUND(ORÇAMENTO.CustoUnitario*(1+$AH442),2)","v":312.2}]
["S",2,"S",0,{"$f":"IF($C443=1,OFFSET(E443,-1,0)+MAX(1,COUNTIF(QCI!$A$13:$A$36,OFFSET(ORÇAMENTO!E443,-1,0))),OFFSET(E443,-1,0))","v":19},1,0,0,3,0,{"$f":"IF(OR($C443=\"S\",$C443=0),0,MATCH(OFFSET($D443,0,$C443)+IF($C443<>1,1,COUNTIF(QCI!$A$13:$A$36,ORÇAMENTO!E443)),OFFSET($D443,1,$C443,ROW($C$472)-ROW($C443)),0))","v":0},"F","Serviço","Serviço","19.1.0.3.","SINAPI","98307",{"$f":"IF($C443=\"S\",REFERENCIA.Descricao,\"(digite a descrição aqui)\")","v":"TOMADA DE REDE RJ45 - FORNECIMENTO E INSTALAÇÃO. AF_08/2025"},{"$f":"REFERENCIA.Unidade","v":"UN"},{"$f":"OFFSET(CÁLCULO!H$15,ROW($T443)-ROW(T$15),0)","v":18},{"$f":"AG443","v":53.18},"BDI 1",{"$f":"IF($C443=\"S\",ROUND(IF(TIPOORCAMENTO=\"Proposto\",ORÇAMENTO.CustoUnitario*(1+$AH443),ORÇAMENTO.PrecoUnitarioLicitado),15-13*$AF$10),0)","v":66.63},{"$f":"IF($C443=\"S\",IF(OR(Import.TipoArredondamento<>\"TransfereGOV\",ACOMPANHAMENTO=\"BM\"),VTOTAL1,SUM(OFFSET(CÁLCULO!$AI$15,ROW($X443)-ROW($X$15),1):OFFSET(CÁLCULO!$BB$15,ROW($X443)-ROW($X$15),-1))),IF($C443=0,0,ROUND(SomaAgrup,15-13*$AF$11)))","v":1199.3399999999999},"RA","RA",{"$f":"IF($C443=\"S\",IF($Z443=\"CP\",$X443,IF($Z443=\"RA\",(($X443)*QCI!$AA$3),0)),SomaAgrup)","v":103.78333208608657},{"$f":"IF($C443=\"S\",IF($Z443=\"OU\",ROUND($X443,2),0),SomaAgrup)","v":0},{"$f":"IF($N443=\"\",\" \",\nIF(AND($C443<>\"S\",OR($R443=\"\",$R443=\"(digite a descrição aqui)\")),\"DESCRIÇÃO\",\nIF(AND($C443=\"S\",OR($Q443<>\"\",$T443>0,$U443>0),$P443=\"\"),\"FONTE\",\nIF(AND($C443=\"S\",$P443<>\"\",OR($T443>0,$U443>0),$Q443=\"\"),\"CÓDIGO\",\nIF(AND($C443=\"S\",$P443<>\"\",$Q443<>\"\",$R443=\"(Código não identificado nas referências)\"),\"CÓDIGO N/ID\",\nIF(AND($C443=\"S\",OR($R443=\"\",$R443=\"(digite a descrição aqui)\"),OR($Q443<>\"\",$T443>0,$U443>0)),\"DESCRIÇÃO\",\nIF(AND($C443=\"S\",$P443<>\"\",$Q443<>\"\",$S443=\"\"),\"UNIDADE\",\nIF(AND($C443=\"S\",$P443<>\"\",$Q443<>\"\",$U443=0),\"SEM CUSTO\",\nIF(AND(TIPOORCAMENTO=\"Licitado\",$AL443=0,$AN443>0),\"SEM PREÇO\",\nIF(AND($C443=\"S\",$P443<>\"\",$Q443<>\"\",$U443>0,AND($V443<>\"BDI 1\",$V443<>\"BDI 2\",$V443<>\"BDI 3\")),IF(ISNUMBER($V443),\"JUSTIFICAR BDI\",\"BDI\"),\nIF(OR(AND(import.recurso=\"OGU\",TIPOORCAMENTO=\"Proposto\",LEFT($O$8,5)<>\"(N/D:\",$AG443<>\"\",ORÇAMENTO.CustoUnitario>$AG443),AND(TIPOORCAMENTO=\"LICITADO\",ORÇAMENTO.PrecoUnitarioLicitado>$AN443)),\"ACIMA REF.\",\nIF(AND($C443=\"S\",$P443<>\"\",$Q443<>\"\",$T443=0,$U443>0),\"QUANT.\",\nIF(AND(Import.TipoArredondamento=\"TransfereGOV\",$L443=\"F\",$C443=\"S\",LEN($Q443)>13),\"Código >13\",\nIF(AND(Import.TipoArredondamento=\"TransfereGOV\",$L443=\"F\",$C443<>\"S\",LEN($R443)>100),\"Descrição >100\",\nIF(AND(Import.TipoArredondamento=\"TransfereGOV\",$L443=\"F\",$C443=\"S\",LEN($R443)>500),\"Descrição >500\",\nIF(AND(Import.TipoArredondamento=\"TransfereGOV\",$L443=\"F\",$C443=\"S\",LEFT(TRIM(UPPER($P443)),6)<>\"SINAPI\",ISNA(VLOOKUP(TRIM(UPPER($S443)),ListaTgov.Unidades,1,FALSE))),\"Unid. Não Disp\",\n\" \"))))))))))))))))","v":" "},{"$f":"IF(C443<=CRONO.NivelExibicao,MAX($AD$15:OFFSET(AD443,-1,0))+IF($C443<>1,1,MAX(1,COUNTIF(QCI!$A$13:$A$36,OFFSET($E443,-1,0)))),\"\")","v":""},{"$f":"IF(AND($C443=\"S\",ORÇAMENTO.CodBarra<>\"\"),IF(ORÇAMENTO.Fonte=\"\",ORÇAMENTO.CodBarra,CONCATENATE(ORÇAMENTO.Fonte,\" \",ORÇAMENTO.CodBarra)))","v":"SINAPI 98307"},{"$f":"IF(ISERROR(ORÇAMENTO.BancoRef),\"(abra o arquivo 'Referência \"&Excel_BuiltIn_Database&\".xlsm)\",IF(OR($C443<>\"S\",ORÇAMENTO.CodBarra=\"\"),\"(Sem Código)\",IF(ISERROR(MATCH($AE443,INDIRECT(ORÇAMENTO.BancoRef),0)),\"(Código não identificado nas referências)\",MATCH($AE443,INDIRECT(ORÇAMENTO.BancoRef),0))))","v":14953},{"$f":"ROUND(IF(DESONERACAO=\"sim\",REFERENCIA.Desonerado,REFERENCIA.NaoDesonerado),2)","v":53.18},0.25290000000000001,null,null,null,null,1199.3399999999999,{"$f":"ROUND(ORÇAMENTO.CustoUnitario*(1+$AH443),2)","v":66.63}]
["S",2,"S",0,{"$f":"IF($C444=1,OFFSET(E444,-1,0)+MAX(1,COUNTIF(QCI!$A$13:$A$36,OFFSET(ORÇAMENTO!E444,-1,0))),OFFSET(E444,-1,0))","v":19},1,0,0,4,0,{"$f":"IF(OR($C444=\"S\",$C444=0),0,MATCH(OFFSET($D444,0,$C444)+IF($C444<>1,1,COUNTIF(QCI!$A$13:$A$36,ORÇAMENTO!E444)),OFFSET($D444,1,$C444,ROW($C$472)-ROW($C444)),0))","v":0},"F","Serviço","Serviço","19.1.0.4.","SINAPI","91837",{"$f":"IF($C444=\"S\",REFERENCIA.Descricao,\"(digite a descrição aqui)\")","v":"ELETRODUTO FLEXÍVEL CORRUGADO REFORÇADO, PVC, DN 32 MM (1\"), PARA CIRCUITOS TERMINAIS, INSTALADO EM FORRO - FORNECIMENTO E INSTALAÇÃO. AF_03/2023"},{"$f":"REFERENCIA.Unidade","v":"M"},{"$f":"OFFSET(CÁLCULO!H$15,ROW($T444)-ROW(T$15),0)","v":82},24.08,"BDI 1",{"$f":"IF($C444=\"S\",ROUND(IF(TIPOORCAMENTO=\"Proposto\",ORÇAMENTO.CustoUnitario*(1+$AH444),ORÇAMENTO.PrecoUnitarioLicitado),15-13*$AF$10),0)","v":30.17},{"$f":"IF($C444=\"S\",IF(OR(Import.TipoArredondamento<>\"TransfereGOV\",ACOMPANHAMENTO=\"BM\"),VTOTAL1,SUM(OFFSET(CÁLCULO!$AI$15,ROW($X444)-ROW($X$15),1):OFFSET(CÁLCULO!$BB$15,ROW($X444)-ROW($X$15),-1))),IF($C444=0,0,ROUND(SomaAgrup,15-13*$AF$11)))","v":2473.94},"RA","RA",{"$f":"IF($C444=\"S\",IF($Z444=\"CP\",$X444,IF($Z444=\"RA\",(($X444)*QCI!$AA$3),0)),SomaAgrup)","v":214.07919070576571},{"$f":"IF($C444=\"S\",IF($Z444=\"OU\",ROUND($X444,2),0),SomaAgrup)","v":0},{"$f":"IF($N444=\"\",\" \",\nIF(AND($C444<>\"S\",OR($R444=\"\",$R444=\"(digite a descrição aqui)\")),\"DESCRIÇÃO\",\nIF(AND($C444=\"S\",OR($Q444<>\"\",$T444>0,$U444>0),$P444=\"\"),\"FONTE\",\nIF(AND($C444=\"S\",$P444<>\"\",OR($T444>0,$U444>0),$Q444=\"\"),\"CÓDIGO\",\nIF(AND($C444=\"S\",$P444<>\"\",$Q444<>\"\",$R444=\"(Código não identificado nas referências)\"),\"CÓDIGO N/ID\",\nIF(AND($C444=\"S\",OR($R444=\"\",$R444=\"(digite a descrição aqui)\"),OR($Q444<>\"\",$T444>0,$U444>0)),\"DESCRIÇÃO\",\nIF(AND($C444=\"S\",$P444<>\"\",$Q444<>\"\",$S444=\"\"),\"UNIDADE\",\nIF(AND($C444=\"S\",$P444<>\"\",$Q444<>\"\",$U444=0),\"SEM CUSTO\",\nIF(AND(TIPOORCAMENTO=\"Licitado\",$AL444=0,$AN444>0),\"SEM PREÇO\",\nIF(AND($C444=\"S\",$P444<>\"\",$Q444<>\"\",$U444>0,AND($V444<>\"BDI 1\",$V444<>\"BDI 2\",$V444<>\"BDI 3\")),IF(ISNUMBER($V444),\"JUSTIFICAR BDI\",\"BDI\"),\nIF(OR(AND(import.recurso=\"OGU\",TIPOORCAMENTO=\"Proposto\",LEFT($O$8,5)<>\"(N/D:\",$AG444<>\"\",ORÇAMENTO.CustoUnitario>$AG444),AND(TIPOORCAMENTO=\"LICITADO\",ORÇAMENTO.PrecoUnitarioLicitado>$AN444)),\"ACIMA REF.\",\nIF(AND($C444=\"S\",$P444<>\"\",$Q444<>\"\",$T444=0,$U444>0),\"QUANT.\",\nIF(AND(Import.TipoArredondamento=\"TransfereGOV\",$L444=\"F\",$C444=\"S\",LEN($Q444)>13),\"Código >13\",\nIF(AND(Import.TipoArredondamento=\"TransfereGOV\",$L444=\"F\",$C444<>\"S\",LEN($R444)>100),\"Descrição >100\",\nIF(AND(Import.TipoArredondamento=\"TransfereGOV\",$L444=\"F\",$C444=\"S\",LEN($R444)>500),\"Descrição >500\",\nIF(AND(Import.TipoArredondamento=\"TransfereGOV\",$L444=\"F\",$C444=\"S\",LEFT(TRIM(UPPER($P444)),6)<>\"SINAPI\",ISNA(VLOOKUP(TRIM(UPPER($S444)),ListaTgov.Unidades,1,FALSE))),\"Unid. Não Disp\",\n\" \"))))))))))))))))","v":" "},{"$f":"IF(C444<=CRONO.NivelExibicao,MAX($AD$15:OFFSET(AD444,-1,0))+IF($C444<>1,1,MAX(1,COUNTIF(QCI!$A$13:$A$36,OFFSET($E444,-1,0)))),\"\")","v":""},{"$f":"IF(AND($C444=\"S\",ORÇAMENTO.CodBarra<>\"\"),IF(ORÇAMENTO.Fonte=\"\",ORÇAMENTO.CodBarra,CONCATENATE(ORÇAMENTO.Fonte,\" \",ORÇAMENTO.CodBarra)))","v":"SINAPI 91837"},{"$f":"IF(ISERROR(ORÇAMENTO.BancoRef),\"(abra o arquivo 'Referência \"&Excel_BuiltIn_Database&\".xlsm)\",IF(OR($C444<>\"S\",ORÇAMENTO.CodBarra=\"\"),\"(Sem Código)\",IF(ISERROR(MATCH($AE444,INDIRECT(ORÇAMENTO.BancoRef),0)),\"(Código não identificado nas referências)\",MATCH($AE444,INDIRECT(ORÇAMENTO.BancoRef),0))))","v":10702},{"$f":"ROUND(IF(DESONERACAO=\"sim\",REFERENCIA.Desonerado,REFERENCIA.NaoDesonerado),2)","v":24.08},0.25290000000000001,null,null,null,null,2473.94,{"$f":"ROUND(ORÇAMENTO.CustoUnitario*(1+$AH444),2)","v":30.17}]
["S",2,"S",0,{"$f":"IF($C445=1,OFFSET(E445,-1,0)+MAX(1,COUNTIF(QCI!$A$13:$A$36,OFFSET(ORÇAMENTO!E445,-1,0))),OFFSET(E445,-1,0))","v":19},1,0,0,5,0,{"$f":"IF(OR($C445=\"S\",$C445=0),0,MATCH(OFFSET($D445,0,$C445)+IF($C445<>1,1,COUNTIF(QCI!$A$13:$A$36,ORÇAMENTO!E445)),OFFSET($D445,1,$C445,ROW($C$472)-ROW($C445)),0))","v":0},"F","Serviço","Serviço","19.1.0.5.","SINAPI","91835",{"$f":"IF($C445=\"S\",REFERENCIA.Descricao,\"(digite a descrição aqui)\")","v":"ELETRODUTO FLEXÍVEL CORRUGADO REFORÇADO, PVC, DN 25 MM (3/4\"), PARA CIRCUITOS TERMINAIS, INSTALADO EM FORRO - FORNECIMENTO E INSTALAÇÃO. AF_03/2023"},{"$f":"REFERENCIA.Unidade","v":"M"},{"$f":"OFFSET(CÁLCULO!H$15,ROW($T445)-ROW(T$15),0)","v":55.7},19.100000000000001,"BDI 1",{"$f":"IF($C445=\"S\",ROUND(IF(TIPOORCAMENTO=\"Proposto\",ORÇAMENTO.CustoUnitario*(1+$AH445),ORÇAMENTO.PrecoUnitarioLicitado),15-13*$AF$10),0)","v":23.93},{"$f":"IF($C445=\"S\",IF(OR(Import.TipoArredondamento<>\"TransfereGOV\",ACOMPANHAMENTO=\"BM\"),VTOTAL1,SUM(OFFSET(CÁLCULO!$AI$15,ROW($X445)-ROW($X$15),1):OFFSET(CÁLCULO!$BB$15,ROW($X445)-ROW($X$15),-1))),IF($C445=0,0,ROUND(SomaAgrup,15-13*$AF$11)))","v":1332.9},"RA","RA",{"$f":"IF($C445=\"S\",IF($Z445=\"CP\",$X445,IF($Z445=\"RA\",(($X445)*QCI!$AA$3),0)),SomaAgrup)","v":115.34077354006772},{"$f":"IF($C445=\"S\",IF($Z445=\"OU\",ROUND($X445,2),0),SomaAgrup)","v":0},{"$f":"IF($N445=\"\",\" \",\nIF(AND($C445<>\"S\",OR($R445=\"\",$R445=\"(digite a descrição aqui)\")),\"DESCRIÇÃO\",\nIF(AND($C445=\"S\",OR($Q445<>\"\",$T445>0,$U445>0),$P445=\"\"),\"FONTE\",\nIF(AND($C445=\"S\",$P445<>\"\",OR($T445>0,$U445>0),$Q445=\"\"),\"CÓDIGO\",\nIF(AND($C445=\"S\",$P445<>\"\",$Q445<>\"\",$R445=\"(Código não identificado nas referências)\"),\"CÓDIGO N/ID\",\nIF(AND($C445=\"S\",OR($R445=\"\",$R445=\"(digite a descrição aqui)\"),OR($Q445<>\"\",$T445>0,$U445>0)),\"DESCRIÇÃO\",\nIF(AND($C445=\"S\",$P445<>\"\",$Q445<>\"\",$S445=\"\"),\"UNIDADE\",\nIF(AND($C445=\"S\",$P445<>\"\",$Q445<>\"\",$U445=0),\"SEM CUSTO\",\nIF(AND(TIPOORCAMENTO=\"Licitado\",$AL445=0,$AN445>0),\"SEM PREÇO\",\nIF(AND($C445=\"S\",$P445<>\"\",$Q445<>\"\",$U445>0,AND($V445<>\"BDI 1\",$V445<>\"BDI 2\",$V445<>\"BDI 3\")),IF(ISNUMBER($V445),\"JUSTIFICAR BDI\",\"BDI\"),\nIF(OR(AND(import.recurso=\"OGU\",TIPOORCAMENTO=\"Proposto\",LEFT($O$8,5)<>\"(N/D:\",$AG445<>\"\",ORÇAMENTO.CustoUnitario>$AG445),AND(TIPOORCAMENTO=\"LICITADO\",ORÇAMENTO.PrecoUnitarioLicitado>$AN445)),\"ACIMA REF.\",\nIF(AND($C445=\"S\",$P445<>\"\",$Q445<>\"\",$T445=0,$U445>0),\"QUANT.\",\nIF(AND(Import.TipoArredondamento=\"TransfereGOV\",$L445=\"F\",$C445=\"S\",LEN($Q445)>13),\"Código >13\",\nIF(AND(Import.TipoArredondamento=\"TransfereGOV\",$L445=\"F\",$C445<>\"S\",LEN($R445)>100),\"Descrição >100\",\nIF(AND(Import.TipoArredondamento=\"TransfereGOV\",$L445=\"F\",$C445=\"S\",LEN($R445)>500),\"Descrição >500\",\nIF(AND(Import.TipoArredondamento=\"TransfereGOV\",$L445=\"F\",$C445=\"S\",LEFT(TRIM(UPPER($P445)),6)<>\"SINAPI\",ISNA(VLOOKUP(TRIM(UPPER($S445)),ListaTgov.Unidades,1,FALSE))),\"Unid. Não Disp\",\n\" \"))))))))))))))))","v":" "},{"$f":"IF(C445<=CRONO.NivelExibicao,MAX($AD$15:OFFSET(AD445,-1,0))+IF($C445<>1,1,MAX(1,COUNTIF(QCI!$A$13:$A$36,OFFSET($E445,-1,0)))),\"\")","v":""},{"$f":"IF(AND($C445=\"S\",ORÇAMENTO.CodBarra<>\"\"),IF(ORÇAMENTO.Fonte=\"\",ORÇAMENTO.CodBarra,CONCATENATE(ORÇAMENTO.Fonte,\" \",ORÇAMENTO.CodBarra)))","v":"SINAPI 91835"},{"$f":"IF(ISERROR(ORÇAMENTO.BancoRef),\"(abra o arquivo 'Referência \"&Excel_BuiltIn_Database&\".xlsm)\",IF(OR($C445<>\"S\",ORÇAMENTO.CodBarra=\"\"),\"(Sem Código)\",IF(ISERROR(MATCH($AE445,INDIRECT(ORÇAMENTO.BancoRef),0)),\"(Código não identificado nas referências)\",MATCH($AE445,INDIRECT(ORÇAMENTO.BancoRef),0))))","v":10699},{"$f":"ROUND(IF(DESONERACAO=\"sim\",REFERENCIA.Desonerado,REFERENCIA.NaoDesonerado),2)","v":19.100000000000001},0.25290000000000001,null,null,null,null,1332.9,{"$f":"ROUND(ORÇAMENTO.CustoUnitario*(1+$AH445),2)","v":23.93}]
["S",2,"S",0,{"$f":"IF($C446=1,OFFSET(E446,-1,0)+MAX(1,COUNTIF(QCI!$A$13:$A$36,OFFSET(ORÇAMENTO!E446,-1,0))),OFFSET(E446,-1,0))","v":19},1,0,0,6,0,{"$f":"IF(OR($C446=\"S\",$C446=0),0,MATCH(OFFSET($D446,0,$C446)+IF($C446<>1,1,COUNTIF(QCI!$A$13:$A$36,ORÇAMENTO!E446)),OFFSET($D446,1,$C446,ROW($C$472)-ROW($C446)),0))","v":0},"F","Serviço","Serviço","19.1.0.6.","SINAPI","91865",{"$f":"IF($C446=\"S\",REFERENCIA.Descricao,\"(digite a descrição aqui)\")","v":"ELETRODUTO RÍGIDO ROSCÁVEL, PVC, DN 40 MM (1 1/4\"), PARA CIRCUITOS TERMINAIS, INSTALADO EM FORRO - FORNECIMENTO E INSTALAÇÃO. AF_03/2023"},{"$f":"REFERENCIA.Unidade","v":"M"},{"$f":"OFFSET(CÁLCULO!H$15,ROW($T446)-ROW(T$15),0)","v":44.8},19.47,"BDI 1",{"$f":"IF($C446=\"S\",ROUND(IF(TIPOORCAMENTO=\"Proposto\",ORÇAMENTO.CustoUnitario*(1+$AH446),ORÇAMENTO.PrecoUnitarioLicitado),15-13*$AF$10),0)","v":24.39},{"$f":"IF($C446=\"S\",IF(OR(Import.TipoArredondamento<>\"TransfereGOV\",ACOMPANHAMENTO=\"BM\"),VTOTAL1,SUM(OFFSET(CÁLCULO!$AI$15,ROW($X446)-ROW($X$15),1):OFFSET(CÁLCULO!$BB$15,ROW($X446)-ROW($X$15),-1))),IF($C446=0,0,ROUND(SomaAgrup,15-13*$AF$11)))","v":1092.67},"RA","RA",{"$f":"IF($C446=\"S\",IF($Z446=\"CP\",$X446,IF($Z446=\"RA\",(($X446)*QCI!$AA$3),0)),SomaAgrup)","v":94.552781922144035},{"$f":"IF($C446=\"S\",IF($Z446=\"OU\",ROUND($X446,2),0),SomaAgrup)","v":0},{"$f":"IF($N446=\"\",\" \",\nIF(AND($C446<>\"S\",OR($R446=\"\",$R446=\"(digite a descrição aqui)\")),\"DESCRIÇÃO\",\nIF(AND($C446=\"S\",OR($Q446<>\"\",$T446>0,$U446>0),$P446=\"\"),\"FONTE\",\nIF(AND($C446=\"S\",$P446<>\"\",OR($T446>0,$U446>0),$Q446=\"\"),\"CÓDIGO\",\nIF(AND($C446=\"S\",$P446<>\"\",$Q446<>\"\",$R446=\"(Código não identificado nas referências)\"),\"CÓDIGO N/ID\",\nIF(AND($C446=\"S\",OR($R446=\"\",$R446=\"(digite a descrição aqui)\"),OR($Q446<>\"\",$T446>0,$U446>0)),\"DESCRIÇÃO\",\nIF(AND($C446=\"S\",$P446<>\"\",$Q446<>\"\",$S446=\"\"),\"UNIDADE\",\nIF(AND($C446=\"S\",$P446<>\"\",$Q446<>\"\",$U446=0),\"SEM CUSTO\",\nIF(AND(TIPOORCAMENTO=\"Licitado\",$AL446=0,$AN446>0),\"SEM PREÇO\",\nIF(AND($C446=\"S\",$P446<>\"\",$Q446<>\"\",$U446>0,AND($V446<>\"BDI 1\",$V446<>\"BDI 2\",$V446<>\"BDI 3\")),IF(ISNUMBER($V446),\"JUSTIFICAR BDI\",\"BDI\"),\nIF(OR(AND(import.recurso=\"OGU\",TIPOORCAMENTO=\"Proposto\",LEFT($O$8,5)<>\"(N/D:\",$AG446<>\"\",ORÇAMENTO.CustoUnitario>$AG446),AND(TIPOORCAMENTO=\"LICITADO\",ORÇAMENTO.PrecoUnitarioLicitado>$AN446)),\"ACIMA REF.\",\nIF(AND($C446=\"S\",$P446<>\"\",$Q446<>\"\",$T446=0,$U446>0),\"QUANT.\",\nIF(AND(Import.TipoArredondamento=\"TransfereGOV\",$L446=\"F\",$C446=\"S\",LEN($Q446)>13),\"Código >13\",\nIF(AND(Import.TipoArredondamento=\"TransfereGOV\",$L446=\"F\",$C446<>\"S\",LEN($R446)>100),\"Descrição >100\",\nIF(AND(Import.TipoArredondamento=\"TransfereGOV\",$L446=\"F\",$C446=\"S\",LEN($R446)>500),\"Descrição >500\",\nIF(AND(Import.TipoArredondamento=\"TransfereGOV\",$L446=\"F\",$C446=\"S\",LEFT(TRIM(UPPER($P446)),6)<>\"SINAPI\",ISNA(VLOOKUP(TRIM(UPPER($S446)),ListaTgov.Unidades,1,FALSE))),\"Unid. Não Disp\",\n\" \"))))))))))))))))","v":" "},{"$f":"IF(C446<=CRONO.NivelExibicao,MAX($AD$15:OFFSET(AD446,-1,0))+IF($C446<>1,1,MAX(1,COUNTIF(QCI!$A$13:$A$36,OFFSET($E446,-1,0)))),\"\")","v":""},{"$f":"IF(AND($C446=\"S\",ORÇAMENTO.CodBarra<>\"\"),IF(ORÇAMENTO.Fonte=\"\",ORÇAMENTO.CodBarra,CONCATENATE(ORÇAMENTO.Fonte,\" \",ORÇAMENTO.CodBarra)))","v":"SINAPI 91865"},{"$f":"IF(ISERROR(ORÇAMENTO.BancoRef),\"(abra o arquivo 'Referência \"&Excel_BuiltIn_Database&\".xlsm)\",IF(OR($C446<>\"S\",ORÇAMENTO.CodBarra=\"\"),\"(Sem Código)\",IF(ISERROR(MATCH($AE446,INDIRECT(ORÇAMENTO.BancoRef),0)),\"(Código não identificado nas referências)\",MATCH($AE446,INDIRECT(ORÇAMENTO.BancoRef),0))))","v":10732},{"$f":"ROUND(IF(DESONERACAO=\"sim\",REFERENCIA.Desonerado,REFERENCIA.NaoDesonerado),2)","v":19.47},0.25290000000000001,null,null,null,null,1092.67,{"$f":"ROUND(ORÇAMENTO.CustoUnitario*(1+$AH446),2)","v":24.39}]
["S",2,"S",0,{"$f":"IF($C447=1,OFFSET(E447,-1,0)+MAX(1,COUNTIF(QCI!$A$13:$A$36,OFFSET(ORÇAMENTO!E447,-1,0))),OFFSET(E447,-1,0))","v":19},1,0,0,7,0,{"$f":"IF(OR($C447=\"S\",$C447=0),0,MATCH(OFFSET($D447,0,$C447)+IF($C447<>1,1,COUNTIF(QCI!$A$13:$A$36,ORÇAMENTO!E447)),OFFSET($D447,1,$C447,ROW($C$472)-ROW($C447)),0))","v":0},"F","Serviço","Serviço","19.1.0.7.","SINAPI","93009",{"$f":"IF($C447=\"S\",REFERENCIA.Descricao,\"(digite a descrição aqui)\")","v":"ELETRODUTO RÍGIDO ROSCÁVEL, PVC, DN 60 MM (2\"), PARA REDE ENTERRADA DE DISTRIBUIÇÃO DE ENERGIA ELÉTRICA - FORNECIMENTO E INSTALAÇÃO. AF_12/2021"},{"$f":"REFERENCIA.Unidade","v":"M"},{"$f":"OFFSET(CÁLCULO!H$15,ROW($T447)-ROW(T$15),0)","v":16},28.1,"BDI 1",{"$f":"IF($C447=\"S\",ROUND(IF(TIPOORCAMENTO=\"Proposto\",ORÇAMENTO.CustoUnitario*(1+$AH447),ORÇAMENTO.PrecoUnitarioLicitado),15-13*$AF$10),0)","v":35.21},{"$f":"IF($C447=\"S\",IF(OR(Import.TipoArredondamento<>\"TransfereGOV\",ACOMPANHAMENTO=\"BM\"),VTOTAL1,SUM(OFFSET(CÁLCULO!$AI$15,ROW($X447)-ROW($X$15),1):OFFSET(CÁLCULO!$BB$15,ROW($X447)-ROW($X$15),-1))),IF($C447=0,0,ROUND(SomaAgrup,15-13*$AF$11)))","v":563.36},"RA","RA",{"$f":"IF($C447=\"S\",IF($Z447=\"CP\",$X447,IF($Z447=\"RA\",(($X447)*QCI!$AA$3),0)),SomaAgrup)","v":48.749627265010538},{"$f":"IF($C447=\"S\",IF($Z447=\"OU\",ROUND($X447,2),0),SomaAgrup)","v":0},{"$f":"IF($N447=\"\",\" \",\nIF(AND($C447<>\"S\",OR($R447=\"\",$R447=\"(digite a descrição aqui)\")),\"DESCRIÇÃO\",\nIF(AND($C447=\"S\",OR($Q447<>\"\",$T447>0,$U447>0),$P447=\"\"),\"FONTE\",\nIF(AND($C447=\"S\",$P447<>\"\",OR($T447>0,$U447>0),$Q447=\"\"),\"CÓDIGO\",\nIF(AND($C447=\"S\",$P447<>\"\",$Q447<>\"\",$R447=\"(Código não identificado nas referências)\"),\"CÓDIGO N/ID\",\nIF(AND($C447=\"S\",OR($R447=\"\",$R447=\"(digite a descrição aqui)\"),OR($Q447<>\"\",$T447>0,$U447>0)),\"DESCRIÇÃO\",\nIF(AND($C447=\"S\",$P447<>\"\",$Q447<>\"\",$S447=\"\"),\"UNIDADE\",\nIF(AND($C447=\"S\",$P447<>\"\",$Q447<>\"\",$U447=0),\"SEM CUSTO\",\nIF(AND(TIPOORCAMENTO=\"Licitado\",$AL447=0,$AN447>0),\"SEM PREÇO\",\nIF(AND($C447=\"S\",$P447<>\"\",$Q447<>\"\",$U447>0,AND($V447<>\"BDI 1\",$V447<>\"BDI 2\",$V447<>\"BDI 3\")),IF(ISNUMBER($V447),\"JUSTIFICAR BDI\",\"BDI\"),\nIF(OR(AND(import.recurso=\"OGU\",TIPOORCAMENTO=\"Proposto\",LEFT($O$8,5)<>\"(N/D:\",$AG447<>\"\",ORÇAMENTO.CustoUnitario>$AG447),AND(TIPOORCAMENTO=\"LICITADO\",ORÇAMENTO.PrecoUnitarioLicitado>$AN447)),\"ACIMA REF.\",\nIF(AND($C447=\"S\",$P447<>\"\",$Q447<>\"\",$T447=0,$U447>0),\"QUANT.\",\nIF(AND(Import.TipoArredondamento=\"TransfereGOV\",$L447=\"F\",$C447=\"S\",LEN($Q447)>13),\"Código >13\",\nIF(AND(Import.TipoArredondamento=\"TransfereGOV\",$L447=\"F\",$C447<>\"S\",LEN($R447)>100),\"Descrição >100\",\nIF(AND(Import.TipoArredondamento=\"TransfereGOV\",$L447=\"F\",$C447=\"S\",LEN($R447)>500),\"Descrição >500\",\nIF(AND(Import.TipoArredondamento=\"TransfereGOV\",$L447=\"F\",$C447=\"S\",LEFT(TRIM(UPPER($P447)),6)<>\"SINAPI\",ISNA(VLOOKUP(TRIM(UPPER($S447)),ListaTgov.Unidades,1,FALSE))),\"Unid. Não Disp\",\n\" \"))))))))))))))))","v":" "},{"$f":"IF(C447<=CRONO.NivelExibicao,MAX($AD$15:OFFSET(AD447,-1,0))+IF($C447<>1,1,MAX(1,COUNTIF(QCI!$A$13:$A$36,OFFSET($E447,-1,0)))),\"\")","v":""},{"$f":"IF(AND($C447=\"S\",ORÇAMENTO.CodBarra<>\"\"),IF(ORÇAMENTO.Fonte=\"\",ORÇAMENTO.CodBarra,CONCATENATE(ORÇAMENTO.Fonte,\" \",ORÇAMENTO.CodBarra)))","v":"SINAPI 93009"},{"$f":"IF(ISERROR(ORÇAMENTO.BancoRef),\"(abra o arquivo 'Referência \"&Excel_BuiltIn_Database&\".xlsm)\",IF(OR($C447<>\"S\",ORÇAMENTO.CodBarra=\"\"),\"(Sem Código)\",IF(ISERROR(MATCH($AE447,INDIRECT(ORÇAMENTO.BancoRef),0)),\"(Código não identificado nas referências)\",MATCH($AE447,INDIRECT(ORÇAMENTO.BancoRef),0))))","v":14875},{"$f":"ROUND(IF(DESONERACAO=\"sim\",REFERENCIA.Desonerado,REFERENCIA.NaoDesonerado),2)","v":28.1},0.25290000000000001,null,null,null,null,563.36,{"$f":"ROUND(ORÇAMENTO.CustoUnitario*(1+$AH447),2)","v":35.21}]
["S",2,"S",0,{"$f":"IF($C448=1,OFFSET(E448,-1,0)+MAX(1,COUNTIF(QCI!$A$13:$A$36,OFFSET(ORÇAMENTO!E448,-1,0))),OFFSET(E448,-1,0))","v":19},1,0,0,8,0,{"$f":"IF(OR($C448=\"S\",$C448=0),0,MATCH(OFFSET($D448,0,$C448)+IF($C448<>1,1,COUNTIF(QCI!$A$13:$A$36,ORÇAMENTO!E448)),OFFSET($D448,1,$C448,ROW($C$472)-ROW($C448)),0))","v":0},"F","Serviço","Serviço","19.1.0.8.","Composição","COMP135",{"$f":"IF($C448=\"S\",REFERENCIA.Descricao,\"(digite a descrição aqui)\")","v":"TOMADA PARA TV, TIPO PINO JACK, COM PLACA"},{"$f":"REFERENCIA.Unidade","v":"UN"},{"$f":"OFFSET(CÁLCULO!H$15,ROW($T448)-ROW(T$15),0)","v":10},23.22,"BDI 1",{"$f":"IF($C448=\"S\",ROUND(IF(TIPOORCAMENTO=\"Proposto\",ORÇAMENTO.CustoUnitario*(1+$AH448),ORÇAMENTO.PrecoUnitarioLicitado),15-13*$AF$10),0)","v":29.09},{"$f":"IF($C448=\"S\",IF(OR(Import.TipoArredondamento<>\"TransfereGOV\",ACOMPANHAMENTO=\"BM\"),VTOTAL1,SUM(OFFSET(CÁLCULO!$AI$15,ROW($X448)-ROW($X$15),1):OFFSET(CÁLCULO!$BB$15,ROW($X448)-ROW($X$15),-1))),IF($C448=0,0,ROUND(SomaAgrup,15-13*$AF$11)))","v":290.89999999999998},"RA","RA",{"$f":"IF($C448=\"S\",IF($Z448=\"CP\",$X448,IF($Z448=\"RA\",(($X448)*QCI!$AA$3),0)),SomaAgrup)","v":25.172654379777697},{"$f":"IF($C448=\"S\",IF($Z448=\"OU\",ROUND($X448,2),0),SomaAgrup)","v":0},{"$f":"IF($N448=\"\",\" \",\nIF(AND($C448<>\"S\",OR($R448=\"\",$R448=\"(digite a descrição aqui)\")),\"DESCRIÇÃO\",\nIF(AND($C448=\"S\",OR($Q448<>\"\",$T448>0,$U448>0),$P448=\"\"),\"FONTE\",\nIF(AND($C448=\"S\",$P448<>\"\",OR($T448>0,$U448>0),$Q448=\"\"),\"CÓDIGO\",\nIF(AND($C448=\"S\",$P448<>\"\",$Q448<>\"\",$R448=\"(Código não identificado nas referências)\"),\"CÓDIGO N/ID\",\nIF(AND($C448=\"S\",OR($R448=\"\",$R448=\"(digite a descrição aqui)\"),OR($Q448<>\"\",$T448>0,$U448>0)),\"DESCRIÇÃO\",\nIF(AND($C448=\"S\",$P448<>\"\",$Q448<>\"\",$S448=\"\"),\"UNIDADE\",\nIF(AND($C448=\"S\",$P448<>\"\",$Q448<>\"\",$U448=0),\"SEM CUSTO\",\nIF(AND(TIPOORCAMENTO=\"Licitado\",$AL448=0,$AN448>0),\"SEM PREÇO\",\nIF(AND($C448=\"S\",$P448<>\"\",$Q448<>\"\",$U448>0,AND($V448<>\"BDI 1\",$V448<>\"BDI 2\",$V448<>\"BDI 3\")),IF(ISNUMBER($V448),\"JUSTIFICAR BDI\",\"BDI\"),\nIF(OR(AND(import.recurso=\"OGU\",TIPOORCAMENTO=\"Proposto\",LEFT($O$8,5)<>\"(N/D:\",$AG448<>\"\",ORÇAMENTO.CustoUnitario>$AG448),AND(TIPOORCAMENTO=\"LICITADO\",ORÇAMENTO.PrecoUnitarioLicitado>$AN448)),\"ACIMA REF.\",\nIF(AND($C448=\"S\",$P448<>\"\",$Q448<>\"\",$T448=0,$U448>0),\"QUANT.\",\nIF(AND(Import.TipoArredondamento=\"TransfereGOV\",$L448=\"F\",$C448=\"S\",LEN($Q448)>13),\"Código >13\",\nIF(AND(Import.TipoArredondamento=\"TransfereGOV\",$L448=\"F\",$C448<>\"S\",LEN($R448)>100),\"Descrição >100\",\nIF(AND(Import.TipoArredondamento=\"TransfereGOV\",$L448=\"F\",$C448=\"S\",LEN($R448)>500),\"Descrição >500\",\nIF(AND(Import.TipoArredondamento=\"TransfereGOV\",$L448=\"F\",$C448=\"S\",LEFT(TRIM(UPPER($P448)),6)<>\"SINAPI\",ISNA(VLOOKUP(TRIM(UPPER($S448)),ListaTgov.Unidades,1,FALSE))),\"Unid. Não Disp\",\n\" \"))))))))))))))))","v":" "},{"$f":"IF(C448<=CRONO.NivelExibicao,MAX($AD$15:OFFSET(AD448,-1,0))+IF($C448<>1,1,MAX(1,COUNTIF(QCI!$A$13:$A$36,OFFSET($E448,-1,0)))),\"\")","v":""},{"$f":"IF(AND($C448=\"S\",ORÇAMENTO.CodBarra<>\"\"),IF(ORÇAMENTO.Fonte=\"\",ORÇAMENTO.CodBarra,CONCATENATE(ORÇAMENTO.Fonte,\" \",ORÇAMENTO.CodBarra)))","v":"Composição COMP135"},{"$f":"IF(ISERROR(ORÇAMENTO.BancoRef),\"(abra o arquivo 'Referência \"&Excel_BuiltIn_Database&\".xlsm)\",IF(OR($C448<>\"S\",ORÇAMENTO.CodBarra=\"\"),\"(Sem Código)\",IF(ISERROR(MATCH($AE448,INDIRECT(ORÇAMENTO.BancoRef),0)),\"(Código não identificado nas referências)\",MATCH($AE448,INDIRECT(ORÇAMENTO.BancoRef),0))))","v":137},{"$f":"ROUND(IF(DESONERACAO=\"sim\",REFERENCIA.Desonerado,REFERENCIA.NaoDesonerado),2)","v":23.22},0.25290000000000001,null,null,null,null,290.89999999999998,{"$f":"ROUND(ORÇAMENTO.CustoUnitario*(1+$AH448),2)","v":29.09}]
[1,1,1,13,{"$f":"IF($C449=1,OFFSET(E449,-1,0)+MAX(1,COUNTIF(QCI!$A$13:$A$36,OFFSET(ORÇAMENTO!E449,-1,0))),OFFSET(E449,-1,0))","v":20},0,0,0,0,23,{"$f":"IF(OR($C449=\"S\",$C449=0),0,MATCH(OFFSET($D449,0,$C449)+IF($C449<>1,1,COUNTIF(QCI!$A$13:$A$36,ORÇAMENTO!E449)),OFFSET($D449,1,$C449,ROW($C$472)-ROW($C449)),0))","v":13},"F","Meta","Meta","20.","SINAPI",null,{"$f":"IF($C449=\"S\",REFERENCIA.Descricao,\"GASES MEDICINAIS\")","v":"GASES MEDICINAIS"},{"$f":"REFERENCIA.Unidade","v":"-"},{"$f":"OFFSET(CÁLCULO!H$15,ROW($T449)-ROW(T$15),0)","v":0},null,"BDI 1",{"$f":"IF($C449=\"S\",ROUND(IF(TIPOORCAMENTO=\"Proposto\",ORÇAMENTO.CustoUnitario*(1+$AH449),ORÇAMENTO.PrecoUnitarioLicitado),15-13*$AF$10),0)","v":0},{"$f":"IF($C449=\"S\",IF(OR(Import.TipoArredondamento<>\"TransfereGOV\",ACOMPANHAMENTO=\"BM\"),VTOTAL1,SUM(OFFSET(CÁLCULO!$AI$15,ROW($X449)-ROW($X$15),1):OFFSET(CÁLCULO!$BB$15,ROW($X449)-ROW($X$15),-1))),IF($C449=0,0,ROUND(SomaAgrup,15-13*$AF$11)))","v":16518.04},"RA","",{"$f":"IF($C449=\"S\",IF($Z449=\"CP\",$X449,IF($Z449=\"RA\",(($X449)*QCI!$AA$3),0)),SomaAgrup)","v":1429.367177557041},{"$f":"IF($C449=\"S\",IF($Z449=\"OU\",ROUND($X449,2),0),SomaAgrup)","v":0},{"$f":"IF($N449=\"\",\" \",\nIF(AND($C449<>\"S\",OR($R449=\"\",$R449=\"(digite a descrição aqui)\")),\"DESCRIÇÃO\",\nIF(AND($C449=\"S\",OR($Q449<>\"\",$T449>0,$U449>0),$P449=\"\"),\"FONTE\",\nIF(AND($C449=\"S\",$P449<>\"\",OR($T449>0,$U449>0),$Q449=\"\"),\"CÓDIGO\",\nIF(AND($C449=\"S\",$P449<>\"\",$Q449<>\"\",$R449=\"(Código não identificado nas referências)\"),\"CÓDIGO N/ID\",\nIF(AND($C449=\"S\",OR($R449=\"\",$R449=\"(digite a descrição aqui)\"),OR($Q449<>\"\",$T449>0,$U449>0)),\"DESCRIÇÃO\",\nIF(AND($C449=\"S\",$P449<>\"\",$Q449<>\"\",$S449=\"\"),\"UNIDADE\",\nIF(AND($C449=\"S\",$P449<>\"\",$Q449<>\"\",$U449=0),\"SEM CUSTO\",\nIF(AND(TIPOORCAMENTO=\"Licitado\",$AL449=0,$AN449>0),\"SEM PREÇO\",\nIF(AND($C449=\"S\",$P449<>\"\",$Q449<>\"\",$U449>0,AND($V449<>\"BDI 1\",$V449<>\"BDI 2\",$V449<>\"BDI 3\")),IF(ISNUMBER($V449),\"JUSTIFICAR BDI\",\"BDI\"),\nIF(OR(AND(import.recurso=\"OGU\",TIPOORCAMENTO=\"Proposto\",LEFT($O$8,5)<>\"(N/D:\",$AG449<>\"\",ORÇAMENTO.CustoUnitario>$AG449),AND(TIPOORCAMENTO=\"LICITADO\",ORÇAMENTO.PrecoUnitarioLicitado>$AN449)),\"ACIMA REF.\",\nIF(AND($C449=\"S\",$P449<>\"\",$Q449<>\"\",$T449=0,$U449>0),\"QUANT.\",\nIF(AND(Import.TipoArredondamento=\"TransfereGOV\",$L449=\"F\",$C449=\"S\",LEN($Q449)>13),\"Código >13\",\nIF(AND(Import.TipoArredondamento=\"TransfereGOV\",$L449=\"F\",$C449<>\"S\",LEN($R449)>100),\"Descrição >100\",\nIF(AND(Import.TipoArredondamento=\"TransfereGOV\",$L449=\"F\",$C449=\"S\",LEN($R449)>500),\"Descrição >500\",\nIF(AND(Import.TipoArredondamento=\"TransfereGOV\",$L449=\"F\",$C449=\"S\",LEFT(TRIM(UPPER($P449)),6)<>\"SINAPI\",ISNA(VLOOKUP(TRIM(UPPER($S449)),ListaTgov.Unidades,1,FALSE))),\"Unid. Não Disp\",\n\" \"))))))))))))))))","v":" "},{"$f":"IF(C449<=CRONO.NivelExibicao,MAX($AD$15:OFFSET(AD449,-1,0))+IF($C449<>1,1,MAX(1,COUNTIF(QCI!$A$13:$A$36,OFFSET($E449,-1,0)))),\"\")","v":64},{"$f":"IF(AND($C449=\"S\",ORÇAMENTO.CodBarra<>\"\"),IF(ORÇAMENTO.Fonte=\"\",ORÇAMENTO.CodBarra,CONCATENATE(ORÇAMENTO.Fonte,\" \",ORÇAMENTO.CodBarra)))","v":false},{"$f":"IF(ISERROR(ORÇAMENTO.BancoRef),\"(abra o arquivo 'Referência \"&Excel_BuiltIn_Database&\".xlsm)\",IF(OR($C449<>\"S\",ORÇAMENTO.CodBarra=\"\"),\"(Sem Código)\",IF(ISERROR(MATCH($AE449,INDIRECT(ORÇAMENTO.BancoRef),0)),\"(Código não identificado nas referências)\",MATCH($AE449,INDIRECT(ORÇAMENTO.BancoRef),0))))","v":"(Sem Código)"},{"$f":"ROUND(IF(DESONERACAO=\"sim\",REFERENCIA.Desonerado,REFERENCIA.NaoDesonerado),2)","v":0},0.25290000000000001,null,null,null,null,16518.04,{"$f":"ROUND(ORÇAMENTO.CustoUnitario*(1+$AH449),2)","v":0}]
[2,2,2,12,{"$f":"IF($C450=1,OFFSET(E450,-1,0)+MAX(1,COUNTIF(QCI!$A$13:$A$36,OFFSET(ORÇAMENTO!E450,-1,0))),OFFSET(E450,-1,0))","v":20},1,0,0,0,12,{"$f":"IF(OR($C450=\"S\",$C450=0),0,MATCH(OFFSET($D450,0,$C450)+IF($C450<>1,1,COUNTIF(QCI!$A$13:$A$36,ORÇAMENTO!E450)),OFFSET($D450,1,$C450,ROW($C$472)-ROW($C450)),0))","v":15},"F","Nível 2","Nível 2","20.1.","SINAPI",null,{"$f":"IF($C450=\"S\",REFERENCIA.Descricao,\"ESTRUTURA E ESQUIPAMENTOS\")","v":"ESTRUTURA E ESQUIPAMENTOS"},{"$f":"REFERENCIA.Unidade","v":"-"},{"$f":"OFFSET(CÁLCULO!H$15,ROW($T450)-ROW(T$15),0)","v":0},null,"BDI 1",{"$f":"IF($C450=\"S\",ROUND(IF(TIPOORCAMENTO=\"Proposto\",ORÇAMENTO.CustoUnitario*(1+$AH450),ORÇAMENTO.PrecoUnitarioLicitado),15-13*$AF$10),0)","v":0},{"$f":"IF($C450=\"S\",IF(OR(Import.TipoArredondamento<>\"TransfereGOV\",ACOMPANHAMENTO=\"BM\"),VTOTAL1,SUM(OFFSET(CÁLCULO!$AI$15,ROW($X450)-ROW($X$15),1):OFFSET(CÁLCULO!$BB$15,ROW($X450)-ROW($X$15),-1))),IF($C450=0,0,ROUND(SomaAgrup,15-13*$AF$11)))","v":16518.04},"RA","",{"$f":"IF($C450=\"S\",IF($Z450=\"CP\",$X450,IF($Z450=\"RA\",(($X450)*QCI!$AA$3),0)),SomaAgrup)","v":1429.367177557041},{"$f":"IF($C450=\"S\",IF($Z450=\"OU\",ROUND($X450,2),0),SomaAgrup)","v":0},{"$f":"IF($N450=\"\",\" \",\nIF(AND($C450<>\"S\",OR($R450=\"\",$R450=\"(digite a descrição aqui)\")),\"DESCRIÇÃO\",\nIF(AND($C450=\"S\",OR($Q450<>\"\",$T450>0,$U450>0),$P450=\"\"),\"FONTE\",\nIF(AND($C450=\"S\",$P450<>\"\",OR($T450>0,$U450>0),$Q450=\"\"),\"CÓDIGO\",\nIF(AND($C450=\"S\",$P450<>\"\",$Q450<>\"\",$R450=\"(Código não identificado nas referências)\"),\"CÓDIGO N/ID\",\nIF(AND($C450=\"S\",OR($R450=\"\",$R450=\"(digite a descrição aqui)\"),OR($Q450<>\"\",$T450>0,$U450>0)),\"DESCRIÇÃO\",\nIF(AND($C450=\"S\",$P450<>\"\",$Q450<>\"\",$S450=\"\"),\"UNIDADE\",\nIF(AND($C450=\"S\",$P450<>\"\",$Q450<>\"\",$U450=0),\"SEM CUSTO\",\nIF(AND(TIPOORCAMENTO=\"Licitado\",$AL450=0,$AN450>0),\"SEM PREÇO\",\nIF(AND($C450=\"S\",$P450<>\"\",$Q450<>\"\",$U450>0,AND($V450<>\"BDI 1\",$V450<>\"BDI 2\",$V450<>\"BDI 3\")),IF(ISNUMBER($V450),\"JUSTIFICAR BDI\",\"BDI\"),\nIF(OR(AND(import.recurso=\"OGU\",TIPOORCAMENTO=\"Proposto\",LEFT($O$8,5)<>\"(N/D:\",$AG450<>\"\",ORÇAMENTO.CustoUnitario>$AG450),AND(TIPOORCAMENTO=\"LICITADO\",ORÇAMENTO.PrecoUnitarioLicitado>$AN450)),\"ACIMA REF.\",\nIF(AND($C450=\"S\",$P450<>\"\",$Q450<>\"\",$T450=0,$U450>0),\"QUANT.\",\nIF(AND(Import.TipoArredondamento=\"TransfereGOV\",$L450=\"F\",$C450=\"S\",LEN($Q450)>13),\"Código >13\",\nIF(AND(Import.TipoArredondamento=\"TransfereGOV\",$L450=\"F\",$C450<>\"S\",LEN($R450)>100),\"Descrição >100\",\nIF(AND(Import.TipoArredondamento=\"TransfereGOV\",$L450=\"F\",$C450=\"S\",LEN($R450)>500),\"Descrição >500\",\nIF(AND(Import.TipoArredondamento=\"TransfereGOV\",$L450=\"F\",$C450=\"S\",LEFT(TRIM(UPPER($P450)),6)<>\"SINAPI\",ISNA(VLOOKUP(TRIM(UPPER($S450)),ListaTgov.Unidades,1,FALSE))),\"Unid. Não Disp\",\n\" \"))))))))))))))))","v":" "},{"$f":"IF(C450<=CRONO.NivelExibicao,MAX($AD$15:OFFSET(AD450,-1,0))+IF($C450<>1,1,MAX(1,COUNTIF(QCI!$A$13:$A$36,OFFSET($E450,-1,0)))),\"\")","v":65},{"$f":"IF(AND($C450=\"S\",ORÇAMENTO.CodBarra<>\"\"),IF(ORÇAMENTO.Fonte=\"\",ORÇAMENTO.CodBarra,CONCATENATE(ORÇAMENTO.Fonte,\" \",ORÇAMENTO.CodBarra)))","v":false},{"$f":"IF(ISERROR(ORÇAMENTO.BancoRef),\"(abra o arquivo 'Referência \"&Excel_BuiltIn_Database&\".xlsm)\",IF(OR($C450<>\"S\",ORÇAMENTO.CodBarra=\"\"),\"(Sem Código)\",IF(ISERROR(MATCH($AE450,INDIRECT(ORÇAMENTO.BancoRef),0)),\"(Código não identificado nas referências)\",MATCH($AE450,INDIRECT(ORÇAMENTO.BancoRef),0))))","v":"(Sem Código)"},{"$f":"ROUND(IF(DESONERACAO=\"sim\",REFERENCIA.Desonerado,REFERENCIA.NaoDesonerado),2)","v":0},0.25290000000000001,null,null,null,null,16518.04,{"$f":"ROUND(ORÇAMENTO.CustoUnitario*(1+$AH450),2)","v":0}]
["S",2,"S",0,{"$f":"IF($C451=1,OFFSET(E451,-1,0)+MAX(1,COUNTIF(QCI!$A$13:$A$36,OFFSET(ORÇAMENTO!E451,-1,0))),OFFSET(E451,-1,0))","v":20},1,0,0,1,0,{"$f":"IF(OR($C451=\"S\",$C451=0),0,MATCH(OFFSET($D451,0,$C451)+IF($C451<>1,1,COUNTIF(QCI!$A$13:$A$36,ORÇAMENTO!E451)),OFFSET($D451,1,$C451,ROW($C$472)-ROW($C451)),0))","v":0},"F","Serviço","Serviço","20.1.0.1.","SINAPI","103835",{"$f":"IF($C451=\"S\",REFERENCIA.Descricao,\"(digite a descrição aqui)\")","v":"TUBO EM COBRE RÍGIDO, DN 15 MM, CLASSE A, SEM ISOLAMENTO, INSTALADO EM RAMAL E SUB-RAMAL DE GÁS MEDICINAL - FORNECIMENTO E INSTALAÇÃO. AF_04/2022"},{"$f":"REFERENCIA.Unidade","v":"M"},{"$f":"OFFSET(CÁLCULO!H$15,ROW($T451)-ROW(T$15),0)","v":100},{"$f":"AG451","v":66.319999999999993},"BDI 1",{"$f":"IF($C451=\"S\",ROUND(IF(TIPOORCAMENTO=\"Proposto\",ORÇAMENTO.CustoUnitario*(1+$AH451),ORÇAMENTO.PrecoUnitarioLicitado),15-13*$AF$10),0)","v":83.09},{"$f":"IF($C451=\"S\",IF(OR(Import.TipoArredondamento<>\"TransfereGOV\",ACOMPANHAMENTO=\"BM\"),VTOTAL1,SUM(OFFSET(CÁLCULO!$AI$15,ROW($X451)-ROW($X$15),1):OFFSET(CÁLCULO!$BB$15,ROW($X451)-ROW($X$15),-1))),IF($C451=0,0,ROUND(SomaAgrup,15-13*$AF$11)))","v":8309},"RA","RA",{"$f":"IF($C451=\"S\",IF($Z451=\"CP\",$X451,IF($Z451=\"RA\",(($X451)*QCI!$AA$3),0)),SomaAgrup)","v":719.00854328488458},{"$f":"IF($C451=\"S\",IF($Z451=\"OU\",ROUND($X451,2),0),SomaAgrup)","v":0},{"$f":"IF($N451=\"\",\" \",\nIF(AND($C451<>\"S\",OR($R451=\"\",$R451=\"(digite a descrição aqui)\")),\"DESCRIÇÃO\",\nIF(AND($C451=\"S\",OR($Q451<>\"\",$T451>0,$U451>0),$P451=\"\"),\"FONTE\",\nIF(AND($C451=\"S\",$P451<>\"\",OR($T451>0,$U451>0),$Q451=\"\"),\"CÓDIGO\",\nIF(AND($C451=\"S\",$P451<>\"\",$Q451<>\"\",$R451=\"(Código não identificado nas referências)\"),\"CÓDIGO N/ID\",\nIF(AND($C451=\"S\",OR($R451=\"\",$R451=\"(digite a descrição aqui)\"),OR($Q451<>\"\",$T451>0,$U451>0)),\"DESCRIÇÃO\",\nIF(AND($C451=\"S\",$P451<>\"\",$Q451<>\"\",$S451=\"\"),\"UNIDADE\",\nIF(AND($C451=\"S\",$P451<>\"\",$Q451<>\"\",$U451=0),\"SEM CUSTO\",\nIF(AND(TIPOORCAMENTO=\"Licitado\",$AL451=0,$AN451>0),\"SEM PREÇO\",\nIF(AND($C451=\"S\",$P451<>\"\",$Q451<>\"\",$U451>0,AND($V451<>\"BDI 1\",$V451<>\"BDI 2\",$V451<>\"BDI 3\")),IF(ISNUMBER($V451),\"JUSTIFICAR BDI\",\"BDI\"),\nIF(OR(AND(import.recurso=\"OGU\",TIPOORCAMENTO=\"Proposto\",LEFT($O$8,5)<>\"(N/D:\",$AG451<>\"\",ORÇAMENTO.CustoUnitario>$AG451),AND(TIPOORCAMENTO=\"LICITADO\",ORÇAMENTO.PrecoUnitarioLicitado>$AN451)),\"ACIMA REF.\",\nIF(AND($C451=\"S\",$P451<>\"\",$Q451<>\"\",$T451=0,$U451>0),\"QUANT.\",\nIF(AND(Import.TipoArredondamento=\"TransfereGOV\",$L451=\"F\",$C451=\"S\",LEN($Q451)>13),\"Código >13\",\nIF(AND(Import.TipoArredondamento=\"TransfereGOV\",$L451=\"F\",$C451<>\"S\",LEN($R451)>100),\"Descrição >100\",\nIF(AND(Import.TipoArredondamento=\"TransfereGOV\",$L451=\"F\",$C451=\"S\",LEN($R451)>500),\"Descrição >500\",\nIF(AND(Import.TipoArredondamento=\"TransfereGOV\",$L451=\"F\",$C451=\"S\",LEFT(TRIM(UPPER($P451)),6)<>\"SINAPI\",ISNA(VLOOKUP(TRIM(UPPER($S451)),ListaTgov.Unidades,1,FALSE))),\"Unid. Não Disp\",\n\" \"))))))))))))))))","v":" "},{"$f":"IF(C451<=CRONO.NivelExibicao,MAX($AD$15:OFFSET(AD451,-1,0))+IF($C451<>1,1,MAX(1,COUNTIF(QCI!$A$13:$A$36,OFFSET($E451,-1,0)))),\"\")","v":""},{"$f":"IF(AND($C451=\"S\",ORÇAMENTO.CodBarra<>\"\"),IF(ORÇAMENTO.Fonte=\"\",ORÇAMENTO.CodBarra,CONCATENATE(ORÇAMENTO.Fonte,\" \",ORÇAMENTO.CodBarra)))","v":"SINAPI 103835"},{"$f":"IF(ISERROR(ORÇAMENTO.BancoRef),\"(abra o arquivo 'Referência \"&Excel_BuiltIn_Database&\".xlsm)\",IF(OR($C451<>\"S\",ORÇAMENTO.CodBarra=\"\"),\"(Sem Código)\",IF(ISERROR(MATCH($AE451,INDIRECT(ORÇAMENTO.BancoRef),0)),\"(Código não identificado nas referências)\",MATCH($AE451,INDIRECT(ORÇAMENTO.BancoRef),0))))","v":12845},{"$f":"ROUND(IF(DESONERACAO=\"sim\",REFERENCIA.Desonerado,REFERENCIA.NaoDesonerado),2)","v":66.319999999999993},0.25290000000000001,null,null,null,null,8309,{"$f":"ROUND(ORÇAMENTO.CustoUnitario*(1+$AH451),2)","v":83.09}]
["S",2,"S",0,{"$f":"IF($C452=1,OFFSET(E452,-1,0)+MAX(1,COUNTIF(QCI!$A$13:$A$36,OFFSET(ORÇAMENTO!E452,-1,0))),OFFSET(E452,-1,0))","v":20},1,0,0,2,0,{"$f":"IF(OR($C452=\"S\",$C452=0),0,MATCH(OFFSET($D452,0,$C452)+IF($C452<>1,1,COUNTIF(QCI!$A$13:$A$36,ORÇAMENTO!E452)),OFFSET($D452,1,$C452,ROW($C$472)-ROW($C452)),0))","v":0},"F","Serviço","Serviço","20.1.0.2.","SINAPI","103865",{"$f":"IF($C452=\"S\",REFERENCIA.Descricao,\"(digite a descrição aqui)\")","v":"TÊ EM COBRE, DN 15 MM, SEM ANEL DE SOLDA, INSTALADO EM RAMAL E SUB-RAMAL DE GÁS MEDICINAL - FORNECIMENTO E INSTALAÇÃO. AF_04/2022"},{"$f":"REFERENCIA.Unidade","v":"UN"},{"$f":"OFFSET(CÁLCULO!H$15,ROW($T452)-ROW(T$15),0)","v":10},{"$f":"AG452","v":24.44},"BDI 1",{"$f":"IF($C452=\"S\",ROUND(IF(TIPOORCAMENTO=\"Proposto\",ORÇAMENTO.CustoUnitario*(1+$AH452),ORÇAMENTO.PrecoUnitarioLicitado),15-13*$AF$10),0)","v":30.62},{"$f":"IF($C452=\"S\",IF(OR(Import.TipoArredondamento<>\"TransfereGOV\",ACOMPANHAMENTO=\"BM\"),VTOTAL1,SUM(OFFSET(CÁLCULO!$AI$15,ROW($X452)-ROW($X$15),1):OFFSET(CÁLCULO!$BB$15,ROW($X452)-ROW($X$15),-1))),IF($C452=0,0,ROUND(SomaAgrup,15-13*$AF$11)))","v":306.2},"RA","RA",{"$f":"IF($C452=\"S\",IF($Z452=\"CP\",$X452,IF($Z452=\"RA\",(($X452)*QCI!$AA$3),0)),SomaAgrup)","v":26.496620044991172},{"$f":"IF($C452=\"S\",IF($Z452=\"OU\",ROUND($X452,2),0),SomaAgrup)","v":0},{"$f":"IF($N452=\"\",\" \",\nIF(AND($C452<>\"S\",OR($R452=\"\",$R452=\"(digite a descrição aqui)\")),\"DESCRIÇÃO\",\nIF(AND($C452=\"S\",OR($Q452<>\"\",$T452>0,$U452>0),$P452=\"\"),\"FONTE\",\nIF(AND($C452=\"S\",$P452<>\"\",OR($T452>0,$U452>0),$Q452=\"\"),\"CÓDIGO\",\nIF(AND($C452=\"S\",$P452<>\"\",$Q452<>\"\",$R452=\"(Código não identificado nas referências)\"),\"CÓDIGO N/ID\",\nIF(AND($C452=\"S\",OR($R452=\"\",$R452=\"(digite a descrição aqui)\"),OR($Q452<>\"\",$T452>0,$U452>0)),\"DESCRIÇÃO\",\nIF(AND($C452=\"S\",$P452<>\"\",$Q452<>\"\",$S452=\"\"),\"UNIDADE\",\nIF(AND($C452=\"S\",$P452<>\"\",$Q452<>\"\",$U452=0),\"SEM CUSTO\",\nIF(AND(TIPOORCAMENTO=\"Licitado\",$AL452=0,$AN452>0),\"SEM PREÇO\",\nIF(AND($C452=\"S\",$P452<>\"\",$Q452<>\"\",$U452>0,AND($V452<>\"BDI 1\",$V452<>\"BDI 2\",$V452<>\"BDI 3\")),IF(ISNUMBER($V452),\"JUSTIFICAR BDI\",\"BDI\"),\nIF(OR(AND(import.recurso=\"OGU\",TIPOORCAMENTO=\"Proposto\",LEFT($O$8,5)<>\"(N/D:\",$AG452<>\"\",ORÇAMENTO.CustoUnitario>$AG452),AND(TIPOORCAMENTO=\"LICITADO\",ORÇAMENTO.PrecoUnitarioLicitado>$AN452)),\"ACIMA REF.\",\nIF(AND($C452=\"S\",$P452<>\"\",$Q452<>\"\",$T452=0,$U452>0),\"QUANT.\",\nIF(AND(Import.TipoArredondamento=\"TransfereGOV\",$L452=\"F\",$C452=\"S\",LEN($Q452)>13),\"Código >13\",\nIF(AND(Import.TipoArredondamento=\"TransfereGOV\",$L452=\"F\",$C452<>\"S\",LEN($R452)>100),\"Descrição >100\",\nIF(AND(Import.TipoArredondamento=\"TransfereGOV\",$L452=\"F\",$C452=\"S\",LEN($R452)>500),\"Descrição >500\",\nIF(AND(Import.TipoArredondamento=\"TransfereGOV\",$L452=\"F\",$C452=\"S\",LEFT(TRIM(UPPER($P452)),6)<>\"SINAPI\",ISNA(VLOOKUP(TRIM(UPPER($S452)),ListaTgov.Unidades,1,FALSE))),\"Unid. Não Disp\",\n\" \"))))))))))))))))","v":" "},{"$f":"IF(C452<=CRONO.NivelExibicao,MAX($AD$15:OFFSET(AD452,-1,0))+IF($C452<>1,1,MAX(1,COUNTIF(QCI!$A$13:$A$36,OFFSET($E452,-1,0)))),\"\")","v":""},{"$f":"IF(AND($C452=\"S\",ORÇAMENTO.CodBarra<>\"\"),IF(ORÇAMENTO.Fonte=\"\",ORÇAMENTO.CodBarra,CONCATENATE(ORÇAMENTO.Fonte,\" \",ORÇAMENTO.CodBarra)))","v":"SINAPI 103865"},{"$f":"IF(ISERROR(ORÇAMENTO.BancoRef),\"(abra o arquivo 'Referência \"&Excel_BuiltIn_Database&\".xlsm)\",IF(OR($C452<>\"S\",ORÇAMENTO.CodBarra=\"\"),\"(Sem Código)\",IF(ISERROR(MATCH($AE452,INDIRECT(ORÇAMENTO.BancoRef),0)),\"(Código não identificado nas referências)\",MATCH($AE452,INDIRECT(ORÇAMENTO.BancoRef),0))))","v":12889},{"$f":"ROUND(IF(DESONERACAO=\"sim\",REFERENCIA.Desonerado,REFERENCIA.NaoDesonerado),2)","v":24.44},0.25290000000000001,null,null,null,null,306.2,{"$f":"ROUND(ORÇAMENTO.CustoUnitario*(1+$AH452),2)","v":30.62}]
["S",2,"S",0,{"$f":"IF($C453=1,OFFSET(E453,-1,0)+MAX(1,COUNTIF(QCI!$A$13:$A$36,OFFSET(ORÇAMENTO!E453,-1,0))),OFFSET(E453,-1,0))","v":20},1,0,0,3,0,{"$f":"IF(OR($C453=\"S\",$C453=0),0,MATCH(OFFSET($D453,0,$C453)+IF($C453<>1,1,COUNTIF(QCI!$A$13:$A$36,ORÇAMENTO!E453)),OFFSET($D453,1,$C453,ROW($C$472)-ROW($C453)),0))","v":0},"F","Serviço","Serviço","20.1.0.3.","SINAPI","103838",{"$f":"IF($C453=\"S\",REFERENCIA.Descricao,\"(digite a descrição aqui)\")","v":"COTOVELO EM COBRE, DN 15 MM, 90 GRAUS, SEM ANEL DE SOLDA, INSTALADO EM RAMAL E SUB-RAMAL DE GÁS MEDICINAL - FORNECIMENTO E INSTALAÇÃO. AF_04/2022"},{"$f":"REFERENCIA.Unidade","v":"UN"},{"$f":"OFFSET(CÁLCULO!H$15,ROW($T453)-ROW(T$15),0)","v":50},18.07,"BDI 1",{"$f":"IF($C453=\"S\",ROUND(IF(TIPOORCAMENTO=\"Proposto\",ORÇAMENTO.CustoUnitario*(1+$AH453),ORÇAMENTO.PrecoUnitarioLicitado),15-13*$AF$10),0)","v":22.64},{"$f":"IF($C453=\"S\",IF(OR(Import.TipoArredondamento<>\"TransfereGOV\",ACOMPANHAMENTO=\"BM\"),VTOTAL1,SUM(OFFSET(CÁLCULO!$AI$15,ROW($X453)-ROW($X$15),1):OFFSET(CÁLCULO!$BB$15,ROW($X453)-ROW($X$15),-1))),IF($C453=0,0,ROUND(SomaAgrup,15-13*$AF$11)))","v":1132},"RA","RA",{"$f":"IF($C453=\"S\",IF($Z453=\"CP\",$X453,IF($Z453=\"RA\",(($X453)*QCI!$AA$3),0)),SomaAgrup)","v":97.956152485075137},{"$f":"IF($C453=\"S\",IF($Z453=\"OU\",ROUND($X453,2),0),SomaAgrup)","v":0},{"$f":"IF($N453=\"\",\" \",\nIF(AND($C453<>\"S\",OR($R453=\"\",$R453=\"(digite a descrição aqui)\")),\"DESCRIÇÃO\",\nIF(AND($C453=\"S\",OR($Q453<>\"\",$T453>0,$U453>0),$P453=\"\"),\"FONTE\",\nIF(AND($C453=\"S\",$P453<>\"\",OR($T453>0,$U453>0),$Q453=\"\"),\"CÓDIGO\",\nIF(AND($C453=\"S\",$P453<>\"\",$Q453<>\"\",$R453=\"(Código não identificado nas referências)\"),\"CÓDIGO N/ID\",\nIF(AND($C453=\"S\",OR($R453=\"\",$R453=\"(digite a descrição aqui)\"),OR($Q453<>\"\",$T453>0,$U453>0)),\"DESCRIÇÃO\",\nIF(AND($C453=\"S\",$P453<>\"\",$Q453<>\"\",$S453=\"\"),\"UNIDADE\",\nIF(AND($C453=\"S\",$P453<>\"\",$Q453<>\"\",$U453=0),\"SEM CUSTO\",\nIF(AND(TIPOORCAMENTO=\"Licitado\",$AL453=0,$AN453>0),\"SEM PREÇO\",\nIF(AND($C453=\"S\",$P453<>\"\",$Q453<>\"\",$U453>0,AND($V453<>\"BDI 1\",$V453<>\"BDI 2\",$V453<>\"BDI 3\")),IF(ISNUMBER($V453),\"JUSTIFICAR BDI\",\"BDI\"),\nIF(OR(AND(import.recurso=\"OGU\",TIPOORCAMENTO=\"Proposto\",LEFT($O$8,5)<>\"(N/D:\",$AG453<>\"\",ORÇAMENTO.CustoUnitario>$AG453),AND(TIPOORCAMENTO=\"LICITADO\",ORÇAMENTO.PrecoUnitarioLicitado>$AN453)),\"ACIMA REF.\",\nIF(AND($C453=\"S\",$P453<>\"\",$Q453<>\"\",$T453=0,$U453>0),\"QUANT.\",\nIF(AND(Import.TipoArredondamento=\"TransfereGOV\",$L453=\"F\",$C453=\"S\",LEN($Q453)>13),\"Código >13\",\nIF(AND(Import.TipoArredondamento=\"TransfereGOV\",$L453=\"F\",$C453<>\"S\",LEN($R453)>100),\"Descrição >100\",\nIF(AND(Import.TipoArredondamento=\"TransfereGOV\",$L453=\"F\",$C453=\"S\",LEN($R453)>500),\"Descrição >500\",\nIF(AND(Import.TipoArredondamento=\"TransfereGOV\",$L453=\"F\",$C453=\"S\",LEFT(TRIM(UPPER($P453)),6)<>\"SINAPI\",ISNA(VLOOKUP(TRIM(UPPER($S453)),ListaTgov.Unidades,1,FALSE))),\"Unid. Não Disp\",\n\" \"))))))))))))))))","v":" "},{"$f":"IF(C453<=CRONO.NivelExibicao,MAX($AD$15:OFFSET(AD453,-1,0))+IF($C453<>1,1,MAX(1,COUNTIF(QCI!$A$13:$A$36,OFFSET($E453,-1,0)))),\"\")","v":""},{"$f":"IF(AND($C453=\"S\",ORÇAMENTO.CodBarra<>\"\"),IF(ORÇAMENTO.Fonte=\"\",ORÇAMENTO.CodBarra,CONCATENATE(ORÇAMENTO.Fonte,\" \",ORÇAMENTO.CodBarra)))","v":"SINAPI 103838"},{"$f":"IF(ISERROR(ORÇAMENTO.BancoRef),\"(abra o arquivo 'Referência \"&Excel_BuiltIn_Database&\".xlsm)\",IF(OR($C453<>\"S\",ORÇAMENTO.CodBarra=\"\"),\"(Sem Código)\",IF(ISERROR(MATCH($AE453,INDIRECT(ORÇAMENTO.BancoRef),0)),\"(Código não identificado nas referências)\",MATCH($AE453,INDIRECT(ORÇAMENTO.BancoRef),0))))","v":12711},{"$f":"ROUND(IF(DESONERACAO=\"sim\",REFERENCIA.Desonerado,REFERENCIA.NaoDesonerado),2)","v":18.07},0.25290000000000001,null,null,null,null,1132,{"$f":"ROUND(ORÇAMENTO.CustoUnitario*(1+$AH453),2)","v":22.64}]
["S",2,"S",0,{"$f":"IF($C454=1,OFFSET(E454,-1,0)+MAX(1,COUNTIF(QCI!$A$13:$A$36,OFFSET(ORÇAMENTO!E454,-1,0))),OFFSET(E454,-1,0))","v":20},1,0,0,4,0,{"$f":"IF(OR($C454=\"S\",$C454=0),0,MATCH(OFFSET($D454,0,$C454)+IF($C454<>1,1,COUNTIF(QCI!$A$13:$A$36,ORÇAMENTO!E454)),OFFSET($D454,1,$C454,ROW($C$472)-ROW($C454)),0))","v":0},"F","Serviço","Serviço","20.1.0.4.","SINAPI","103847",{"$f":"IF($C454=\"S\",REFERENCIA.Descricao,\"(digite a descrição aqui)\")","v":"LUVA EM COBRE, DN 15 MM, SEM ANEL DE SOLDA, INSTALADO EM RAMAL E SUB-RAMAL DE GÁS MEDICINAL - FORNECIMENTO E INSTALAÇÃO. AF_04/2022"},{"$f":"REFERENCIA.Unidade","v":"UN"},{"$f":"OFFSET(CÁLCULO!H$15,ROW($T454)-ROW(T$15),0)","v":10},11.8,"BDI 1",{"$f":"IF($C454=\"S\",ROUND(IF(TIPOORCAMENTO=\"Proposto\",ORÇAMENTO.CustoUnitario*(1+$AH454),ORÇAMENTO.PrecoUnitarioLicitado),15-13*$AF$10),0)","v":14.78},{"$f":"IF($C454=\"S\",IF(OR(Import.TipoArredondamento<>\"TransfereGOV\",ACOMPANHAMENTO=\"BM\"),VTOTAL1,SUM(OFFSET(CÁLCULO!$AI$15,ROW($X454)-ROW($X$15),1):OFFSET(CÁLCULO!$BB$15,ROW($X454)-ROW($X$15),-1))),IF($C454=0,0,ROUND(SomaAgrup,15-13*$AF$11)))","v":147.80000000000001},"RA","RA",{"$f":"IF($C454=\"S\",IF($Z454=\"CP\",$X454,IF($Z454=\"RA\",(($X454)*QCI!$AA$3),0)),SomaAgrup)","v":12.789681393369351},{"$f":"IF($C454=\"S\",IF($Z454=\"OU\",ROUND($X454,2),0),SomaAgrup)","v":0},{"$f":"IF($N454=\"\",\" \",\nIF(AND($C454<>\"S\",OR($R454=\"\",$R454=\"(digite a descrição aqui)\")),\"DESCRIÇÃO\",\nIF(AND($C454=\"S\",OR($Q454<>\"\",$T454>0,$U454>0),$P454=\"\"),\"FONTE\",\nIF(AND($C454=\"S\",$P454<>\"\",OR($T454>0,$U454>0),$Q454=\"\"),\"CÓDIGO\",\nIF(AND($C454=\"S\",$P454<>\"\",$Q454<>\"\",$R454=\"(Código não identificado nas referências)\"),\"CÓDIGO N/ID\",\nIF(AND($C454=\"S\",OR($R454=\"\",$R454=\"(digite a descrição aqui)\"),OR($Q454<>\"\",$T454>0,$U454>0)),\"DESCRIÇÃO\",\nIF(AND($C454=\"S\",$P454<>\"\",$Q454<>\"\",$S454=\"\"),\"UNIDADE\",\nIF(AND($C454=\"S\",$P454<>\"\",$Q454<>\"\",$U454=0),\"SEM CUSTO\",\nIF(AND(TIPOORCAMENTO=\"Licitado\",$AL454=0,$AN454>0),\"SEM PREÇO\",\nIF(AND($C454=\"S\",$P454<>\"\",$Q454<>\"\",$U454>0,AND($V454<>\"BDI 1\",$V454<>\"BDI 2\",$V454<>\"BDI 3\")),IF(ISNUMBER($V454),\"JUSTIFICAR BDI\",\"BDI\"),\nIF(OR(AND(import.recurso=\"OGU\",TIPOORCAMENTO=\"Proposto\",LEFT($O$8,5)<>\"(N/D:\",$AG454<>\"\",ORÇAMENTO.CustoUnitario>$AG454),AND(TIPOORCAMENTO=\"LICITADO\",ORÇAMENTO.PrecoUnitarioLicitado>$AN454)),\"ACIMA REF.\",\nIF(AND($C454=\"S\",$P454<>\"\",$Q454<>\"\",$T454=0,$U454>0),\"QUANT.\",\nIF(AND(Import.TipoArredondamento=\"TransfereGOV\",$L454=\"F\",$C454=\"S\",LEN($Q454)>13),\"Código >13\",\nIF(AND(Import.TipoArredondamento=\"TransfereGOV\",$L454=\"F\",$C454<>\"S\",LEN($R454)>100),\"Descrição >100\",\nIF(AND(Import.TipoArredondamento=\"TransfereGOV\",$L454=\"F\",$C454=\"S\",LEN($R454)>500),\"Descrição >500\",\nIF(AND(Import.TipoArredondamento=\"TransfereGOV\",$L454=\"F\",$C454=\"S\",LEFT(TRIM(UPPER($P454)),6)<>\"SINAPI\",ISNA(VLOOKUP(TRIM(UPPER($S454)),ListaTgov.Unidades,1,FALSE))),\"Unid. Não Disp\",\n\" \"))))))))))))))))","v":" "},{"$f":"IF(C454<=CRONO.NivelExibicao,MAX($AD$15:OFFSET(AD454,-1,0))+IF($C454<>1,1,MAX(1,COUNTIF(QCI!$A$13:$A$36,OFFSET($E454,-1,0)))),\"\")","v":""},{"$f":"IF(AND($C454=\"S\",ORÇAMENTO.CodBarra<>\"\"),IF(ORÇAMENTO.Fonte=\"\",ORÇAMENTO.CodBarra,CONCATENATE(ORÇAMENTO.Fonte,\" \",ORÇAMENTO.CodBarra)))","v":"SINAPI 103847"},{"$f":"IF(ISERROR(ORÇAMENTO.BancoRef),\"(abra o arquivo 'Referência \"&Excel_BuiltIn_Database&\".xlsm)\",IF(OR($C454<>\"S\",ORÇAMENTO.CodBarra=\"\"),\"(Sem Código)\",IF(ISERROR(MATCH($AE454,INDIRECT(ORÇAMENTO.BancoRef),0)),\"(Código não identificado nas referências)\",MATCH($AE454,INDIRECT(ORÇAMENTO.BancoRef),0))))","v":12791},{"$f":"ROUND(IF(DESONERACAO=\"sim\",REFERENCIA.Desonerado,REFERENCIA.NaoDesonerado),2)","v":11.8},0.25290000000000001,null,null,null,null,147.80000000000001,{"$f":"ROUND(ORÇAMENTO.CustoUnitario*(1+$AH454),2)","v":14.78}]
["S",2,"S",0,{"$f":"IF($C455=1,OFFSET(E455,-1,0)+MAX(1,COUNTIF(QCI!$A$13:$A$36,OFFSET(ORÇAMENTO!E455,-1,0))),OFFSET(E455,-1,0))","v":20},1,0,0,5,0,{"$f":"IF(OR($C455=\"S\",$C455=0),0,MATCH(OFFSET($D455,0,$C455)+IF($C455<>1,1,COUNTIF(QCI!$A$13:$A$36,ORÇAMENTO!E455)),OFFSET($D455,1,$C455,ROW($C$472)-ROW($C455)),0))","v":0},"F","Serviço","Serviço","20.1.0.5.","Composição","COMP136",{"$f":"IF($C455=\"S\",REFERENCIA.Descricao,\"(digite a descrição aqui)\")","v":"POSTO DE CONSUMO DE O2 OU AR VÁCUO OU N2O"},{"$f":"REFERENCIA.Unidade","v":"UN"},{"$f":"OFFSET(CÁLCULO!H$15,ROW($T455)-ROW(T$15),0)","v":8},198.95,"BDI 1",{"$f":"IF($C455=\"S\",ROUND(IF(TIPOORCAMENTO=\"Proposto\",ORÇAMENTO.CustoUnitario*(1+$AH455),ORÇAMENTO.PrecoUnitarioLicitado),15-13*$AF$10),0)","v":249.26},{"$f":"IF($C455=\"S\",IF(OR(Import.TipoArredondamento<>\"TransfereGOV\",ACOMPANHAMENTO=\"BM\"),VTOTAL1,SUM(OFFSET(CÁLCULO!$AI$15,ROW($X455)-ROW($X$15),1):OFFSET(CÁLCULO!$BB$15,ROW($X455)-ROW($X$15),-1))),IF($C455=0,0,ROUND(SomaAgrup,15-13*$AF$11)))","v":1994.08},"RA","RA",{"$f":"IF($C455=\"S\",IF($Z455=\"CP\",$X455,IF($Z455=\"RA\",(($X455)*QCI!$AA$3),0)),SomaAgrup)","v":172.55512769208357},{"$f":"IF($C455=\"S\",IF($Z455=\"OU\",ROUND($X455,2),0),SomaAgrup)","v":0},{"$f":"IF($N455=\"\",\" \",\nIF(AND($C455<>\"S\",OR($R455=\"\",$R455=\"(digite a descrição aqui)\")),\"DESCRIÇÃO\",\nIF(AND($C455=\"S\",OR($Q455<>\"\",$T455>0,$U455>0),$P455=\"\"),\"FONTE\",\nIF(AND($C455=\"S\",$P455<>\"\",OR($T455>0,$U455>0),$Q455=\"\"),\"CÓDIGO\",\nIF(AND($C455=\"S\",$P455<>\"\",$Q455<>\"\",$R455=\"(Código não identificado nas referências)\"),\"CÓDIGO N/ID\",\nIF(AND($C455=\"S\",OR($R455=\"\",$R455=\"(digite a descrição aqui)\"),OR($Q455<>\"\",$T455>0,$U455>0)),\"DESCRIÇÃO\",\nIF(AND($C455=\"S\",$P455<>\"\",$Q455<>\"\",$S455=\"\"),\"UNIDADE\",\nIF(AND($C455=\"S\",$P455<>\"\",$Q455<>\"\",$U455=0),\"SEM CUSTO\",\nIF(AND(TIPOORCAMENTO=\"Licitado\",$AL455=0,$AN455>0),\"SEM PREÇO\",\nIF(AND($C455=\"S\",$P455<>\"\",$Q455<>\"\",$U455>0,AND($V455<>\"BDI 1\",$V455<>\"BDI 2\",$V455<>\"BDI 3\")),IF(ISNUMBER($V455),\"JUSTIFICAR BDI\",\"BDI\"),\nIF(OR(AND(import.recurso=\"OGU\",TIPOORCAMENTO=\"Proposto\",LEFT($O$8,5)<>\"(N/D:\",$AG455<>\"\",ORÇAMENTO.CustoUnitario>$AG455),AND(TIPOORCAMENTO=\"LICITADO\",ORÇAMENTO.PrecoUnitarioLicitado>$AN455)),\"ACIMA REF.\",\nIF(AND($C455=\"S\",$P455<>\"\",$Q455<>\"\",$T455=0,$U455>0),\"QUANT.\",\nIF(AND(Import.TipoArredondamento=\"TransfereGOV\",$L455=\"F\",$C455=\"S\",LEN($Q455)>13),\"Código >13\",\nIF(AND(Import.TipoArredondamento=\"TransfereGOV\",$L455=\"F\",$C455<>\"S\",LEN($R455)>100),\"Descrição >100\",\nIF(AND(Import.TipoArredondamento=\"TransfereGOV\",$L455=\"F\",$C455=\"S\",LEN($R455)>500),\"Descrição >500\",\nIF(AND(Import.TipoArredondamento=\"TransfereGOV\",$L455=\"F\",$C455=\"S\",LEFT(TRIM(UPPER($P455)),6)<>\"SINAPI\",ISNA(VLOOKUP(TRIM(UPPER($S455)),ListaTgov.Unidades,1,FALSE))),\"Unid. Não Disp\",\n\" \"))))))))))))))))","v":" "},{"$f":"IF(C455<=CRONO.NivelExibicao,MAX($AD$15:OFFSET(AD455,-1,0))+IF($C455<>1,1,MAX(1,COUNTIF(QCI!$A$13:$A$36,OFFSET($E455,-1,0)))),\"\")","v":""},{"$f":"IF(AND($C455=\"S\",ORÇAMENTO.CodBarra<>\"\"),IF(ORÇAMENTO.Fonte=\"\",ORÇAMENTO.CodBarra,CONCATENATE(ORÇAMENTO.Fonte,\" \",ORÇAMENTO.CodBarra)))","v":"Composição COMP136"},{"$f":"IF(ISERROR(ORÇAMENTO.BancoRef),\"(abra o arquivo 'Referência \"&Excel_BuiltIn_Database&\".xlsm)\",IF(OR($C455<>\"S\",ORÇAMENTO.CodBarra=\"\"),\"(Sem Código)\",IF(ISERROR(MATCH($AE455,INDIRECT(ORÇAMENTO.BancoRef),0)),\"(Código não identificado nas referências)\",MATCH($AE455,INDIRECT(ORÇAMENTO.BancoRef),0))))","v":138},{"$f":"ROUND(IF(DESONERACAO=\"sim\",REFERENCIA.Desonerado,REFERENCIA.NaoDesonerado),2)","v":198.95},0.25290000000000001,null,null,null,null,1994.08,{"$f":"ROUND(ORÇAMENTO.CustoUnitario*(1+$AH455),2)","v":249.26}]
["S",2,"S",0,{"$f":"IF($C456=1,OFFSET(E456,-1,0)+MAX(1,COUNTIF(QCI!$A$13:$A$36,OFFSET(ORÇAMENTO!E456,-1,0))),OFFSET(E456,-1,0))","v":20},1,0,0,6,0,{"$f":"IF(OR($C456=\"S\",$C456=0),0,MATCH(OFFSET($D456,0,$C456)+IF($C456<>1,1,COUNTIF(QCI!$A$13:$A$36,ORÇAMENTO!E456)),OFFSET($D456,1,$C456,ROW($C$472)-ROW($C456)),0))","v":0},"F","Serviço","Serviço","20.1.0.6.","Composição","COMP137",{"$f":"IF($C456=\"S\",REFERENCIA.Descricao,\"(digite a descrição aqui)\")","v":"CENTRAL MANIFOLD PARA CILINDROS 2 X 2 PARA OXIGÊNIO, AR COMPRIMIDO E ÓXIDO NITROSO COM SERPENTINA E SEM VÁLVULA DE ALTA PRESSÃO"},{"$f":"REFERENCIA.Unidade","v":"UN"},{"$f":"OFFSET(CÁLCULO!H$15,ROW($T456)-ROW(T$15),0)","v":1},1312.96,"BDI 1",{"$f":"IF($C456=\"S\",ROUND(IF(TIPOORCAMENTO=\"Proposto\",ORÇAMENTO.CustoUnitario*(1+$AH456),ORÇAMENTO.PrecoUnitarioLicitado),15-13*$AF$10),0)","v":1645.01},{"$f":"IF($C456=\"S\",IF(OR(Import.TipoArredondamento<>\"TransfereGOV\",ACOMPANHAMENTO=\"BM\"),VTOTAL1,SUM(OFFSET(CÁLCULO!$AI$15,ROW($X456)-ROW($X$15),1):OFFSET(CÁLCULO!$BB$15,ROW($X456)-ROW($X$15),-1))),IF($C456=0,0,ROUND(SomaAgrup,15-13*$AF$11)))","v":1645.01},"RA","RA",{"$f":"IF($C456=\"S\",IF($Z456=\"CP\",$X456,IF($Z456=\"RA\",(($X456)*QCI!$AA$3),0)),SomaAgrup)","v":142.34880777338643},{"$f":"IF($C456=\"S\",IF($Z456=\"OU\",ROUND($X456,2),0),SomaAgrup)","v":0},{"$f":"IF($N456=\"\",\" \",\nIF(AND($C456<>\"S\",OR($R456=\"\",$R456=\"(digite a descrição aqui)\")),\"DESCRIÇÃO\",\nIF(AND($C456=\"S\",OR($Q456<>\"\",$T456>0,$U456>0),$P456=\"\"),\"FONTE\",\nIF(AND($C456=\"S\",$P456<>\"\",OR($T456>0,$U456>0),$Q456=\"\"),\"CÓDIGO\",\nIF(AND($C456=\"S\",$P456<>\"\",$Q456<>\"\",$R456=\"(Código não identificado nas referências)\"),\"CÓDIGO N/ID\",\nIF(AND($C456=\"S\",OR($R456=\"\",$R456=\"(digite a descrição aqui)\"),OR($Q456<>\"\",$T456>0,$U456>0)),\"DESCRIÇÃO\",\nIF(AND($C456=\"S\",$P456<>\"\",$Q456<>\"\",$S456=\"\"),\"UNIDADE\",\nIF(AND($C456=\"S\",$P456<>\"\",$Q456<>\"\",$U456=0),\"SEM CUSTO\",\nIF(AND(TIPOORCAMENTO=\"Licitado\",$AL456=0,$AN456>0),\"SEM PREÇO\",\nIF(AND($C456=\"S\",$P456<>\"\",$Q456<>\"\",$U456>0,AND($V456<>\"BDI 1\",$V456<>\"BDI 2\",$V456<>\"BDI 3\")),IF(ISNUMBER($V456),\"JUSTIFICAR BDI\",\"BDI\"),\nIF(OR(AND(import.recurso=\"OGU\",TIPOORCAMENTO=\"Proposto\",LEFT($O$8,5)<>\"(N/D:\",$AG456<>\"\",ORÇAMENTO.CustoUnitario>$AG456),AND(TIPOORCAMENTO=\"LICITADO\",ORÇAMENTO.PrecoUnitarioLicitado>$AN456)),\"ACIMA REF.\",\nIF(AND($C456=\"S\",$P456<>\"\",$Q456<>\"\",$T456=0,$U456>0),\"QUANT.\",\nIF(AND(Import.TipoArredondamento=\"TransfereGOV\",$L456=\"F\",$C456=\"S\",LEN($Q456)>13),\"Código >13\",\nIF(AND(Import.TipoArredondamento=\"TransfereGOV\",$L456=\"F\",$C456<>\"S\",LEN($R456)>100),\"Descrição >100\",\nIF(AND(Import.TipoArredondamento=\"TransfereGOV\",$L456=\"F\",$C456=\"S\",LEN($R456)>500),\"Descrição >500\",\nIF(AND(Import.TipoArredondamento=\"TransfereGOV\",$L456=\"F\",$C456=\"S\",LEFT(TRIM(UPPER($P456)),6)<>\"SINAPI\",ISNA(VLOOKUP(TRIM(UPPER($S456)),ListaTgov.Unidades,1,FALSE))),\"Unid. Não Disp\",\n\" \"))))))))))))))))","v":" "},{"$f":"IF(C456<=CRONO.NivelExibicao,MAX($AD$15:OFFSET(AD456,-1,0))+IF($C456<>1,1,MAX(1,COUNTIF(QCI!$A$13:$A$36,OFFSET($E456,-1,0)))),\"\")","v":""},{"$f":"IF(AND($C456=\"S\",ORÇAMENTO.CodBarra<>\"\"),IF(ORÇAMENTO.Fonte=\"\",ORÇAMENTO.CodBarra,CONCATENATE(ORÇAMENTO.Fonte,\" \",ORÇAMENTO.CodBarra)))","v":"Composição COMP137"},{"$f":"IF(ISERROR(ORÇAMENTO.BancoRef),\"(abra o arquivo 'Referência \"&Excel_BuiltIn_Database&\".xlsm)\",IF(OR($C456<>\"S\",ORÇAMENTO.CodBarra=\"\"),\"(Sem Código)\",IF(ISERROR(MATCH($AE456,INDIRECT(ORÇAMENTO.BancoRef),0)),\"(Código não identificado nas referências)\",MATCH($AE456,INDIRECT(ORÇAMENTO.BancoRef),0))))","v":139},{"$f":"ROUND(IF(DESONERACAO=\"sim\",REFERENCIA.Desonerado,REFERENCIA.NaoDesonerado),2)","v":1312.96},0.25290000000000001,null,null,null,null,1645.01,{"$f":"ROUND(ORÇAMENTO.CustoUnitario*(1+$AH456),2)","v":1645.01}]
["S",2,"S",0,{"$f":"IF($C457=1,OFFSET(E457,-1,0)+MAX(1,COUNTIF(QCI!$A$13:$A$36,OFFSET(ORÇAMENTO!E457,-1,0))),OFFSET(E457,-1,0))","v":20},1,0,0,7,0,{"$f":"IF(OR($C457=\"S\",$C457=0),0,MATCH(OFFSET($D457,0,$C457)+IF($C457<>1,1,COUNTIF(QCI!$A$13:$A$36,ORÇAMENTO!E457)),OFFSET($D457,1,$C457,ROW($C$472)-ROW($C457)),0))","v":0},"F","Serviço","Serviço","20.1.0.7.","Composição","COMP138",{"$f":"IF($C457=\"S\",REFERENCIA.Descricao,\"(digite a descrição aqui)\")","v":"CENTRAL MANIFOLD PARA CILINDROS 1 X 1PARA OXIGÊNIO, AR COMPRIMIDO E ÓXIDO NITROSO COM SERPENTINA E SEM VÁLVULA DE ALTA PRESSÃO"},{"$f":"REFERENCIA.Unidade","v":"UN"},{"$f":"OFFSET(CÁLCULO!H$15,ROW($T457)-ROW(T$15),0)","v":1},869.62,"BDI 1",{"$f":"IF($C457=\"S\",ROUND(IF(TIPOORCAMENTO=\"Proposto\",ORÇAMENTO.CustoUnitario*(1+$AH457),ORÇAMENTO.PrecoUnitarioLicitado),15-13*$AF$10),0)","v":1089.55},{"$f":"IF($C457=\"S\",IF(OR(Import.TipoArredondamento<>\"TransfereGOV\",ACOMPANHAMENTO=\"BM\"),VTOTAL1,SUM(OFFSET(CÁLCULO!$AI$15,ROW($X457)-ROW($X$15),1):OFFSET(CÁLCULO!$BB$15,ROW($X457)-ROW($X$15),-1))),IF($C457=0,0,ROUND(SomaAgrup,15-13*$AF$11)))","v":1089.55},"RA","RA",{"$f":"IF($C457=\"S\",IF($Z457=\"CP\",$X457,IF($Z457=\"RA\",(($X457)*QCI!$AA$3),0)),SomaAgrup)","v":94.282796766884815},{"$f":"IF($C457=\"S\",IF($Z457=\"OU\",ROUND($X457,2),0),SomaAgrup)","v":0},{"$f":"IF($N457=\"\",\" \",\nIF(AND($C457<>\"S\",OR($R457=\"\",$R457=\"(digite a descrição aqui)\")),\"DESCRIÇÃO\",\nIF(AND($C457=\"S\",OR($Q457<>\"\",$T457>0,$U457>0),$P457=\"\"),\"FONTE\",\nIF(AND($C457=\"S\",$P457<>\"\",OR($T457>0,$U457>0),$Q457=\"\"),\"CÓDIGO\",\nIF(AND($C457=\"S\",$P457<>\"\",$Q457<>\"\",$R457=\"(Código não identificado nas referências)\"),\"CÓDIGO N/ID\",\nIF(AND($C457=\"S\",OR($R457=\"\",$R457=\"(digite a descrição aqui)\"),OR($Q457<>\"\",$T457>0,$U457>0)),\"DESCRIÇÃO\",\nIF(AND($C457=\"S\",$P457<>\"\",$Q457<>\"\",$S457=\"\"),\"UNIDADE\",\nIF(AND($C457=\"S\",$P457<>\"\",$Q457<>\"\",$U457=0),\"SEM CUSTO\",\nIF(AND(TIPOORCAMENTO=\"Licitado\",$AL457=0,$AN457>0),\"SEM PREÇO\",\nIF(AND($C457=\"S\",$P457<>\"\",$Q457<>\"\",$U457>0,AND($V457<>\"BDI 1\",$V457<>\"BDI 2\",$V457<>\"BDI 3\")),IF(ISNUMBER($V457),\"JUSTIFICAR BDI\",\"BDI\"),\nIF(OR(AND(import.recurso=\"OGU\",TIPOORCAMENTO=\"Proposto\",LEFT($O$8,5)<>\"(N/D:\",$AG457<>\"\",ORÇAMENTO.CustoUnitario>$AG457),AND(TIPOORCAMENTO=\"LICITADO\",ORÇAMENTO.PrecoUnitarioLicitado>$AN457)),\"ACIMA REF.\",\nIF(AND($C457=\"S\",$P457<>\"\",$Q457<>\"\",$T457=0,$U457>0),\"QUANT.\",\nIF(AND(Import.TipoArredondamento=\"TransfereGOV\",$L457=\"F\",$C457=\"S\",LEN($Q457)>13),\"Código >13\",\nIF(AND(Import.TipoArredondamento=\"TransfereGOV\",$L457=\"F\",$C457<>\"S\",LEN($R457)>100),\"Descrição >100\",\nIF(AND(Import.TipoArredondamento=\"TransfereGOV\",$L457=\"F\",$C457=\"S\",LEN($R457)>500),\"Descrição >500\",\nIF(AND(Import.TipoArredondamento=\"TransfereGOV\",$L457=\"F\",$C457=\"S\",LEFT(TRIM(UPPER($P457)),6)<>\"SINAPI\",ISNA(VLOOKUP(TRIM(UPPER($S457)),ListaTgov.Unidades,1,FALSE))),\"Unid. Não Disp\",\n\" \"))))))))))))))))","v":" "},{"$f":"IF(C457<=CRONO.NivelExibicao,MAX($AD$15:OFFSET(AD457,-1,0))+IF($C457<>1,1,MAX(1,COUNTIF(QCI!$A$13:$A$36,OFFSET($E457,-1,0)))),\"\")","v":""},{"$f":"IF(AND($C457=\"S\",ORÇAMENTO.CodBarra<>\"\"),IF(ORÇAMENTO.Fonte=\"\",ORÇAMENTO.CodBarra,CONCATENATE(ORÇAMENTO.Fonte,\" \",ORÇAMENTO.CodBarra)))","v":"Composição COMP138"},{"$f":"IF(ISERROR(ORÇAMENTO.BancoRef),\"(abra o arquivo 'Referência \"&Excel_BuiltIn_Database&\".xlsm)\",IF(OR($C457<>\"S\",ORÇAMENTO.CodBarra=\"\"),\"(Sem Código)\",IF(ISERROR(MATCH($AE457,INDIRECT(ORÇAMENTO.BancoRef),0)),\"(Código não identificado nas referências)\",MATCH($AE457,INDIRECT(ORÇAMENTO.BancoRef),0))))","v":140},{"$f":"ROUND(IF(DESONERACAO=\"sim\",REFERENCIA.Desonerado,REFERENCIA.NaoDesonerado),2)","v":869.62},0.25290000000000001,null,null,null,null,1089.55,{"$f":"ROUND(ORÇAMENTO.CustoUnitario*(1+$AH457),2)","v":1089.55}]
["S",2,"S",0,{"$f":"IF($C458=1,OFFSET(E458,-1,0)+MAX(1,COUNTIF(QCI!$A$13:$A$36,OFFSET(ORÇAMENTO!E458,-1,0))),OFFSET(E458,-1,0))","v":20},1,0,0,8,0,{"$f":"IF(OR($C458=\"S\",$C458=0),0,MATCH(OFFSET($D458,0,$C458)+IF($C458<>1,1,COUNTIF(QCI!$A$13:$A$36,ORÇAMENTO!E458)),OFFSET($D458,1,$C458,ROW($C$472)-ROW($C458)),0))","v":0},"F","Serviço","Serviço","20.1.0.8.","SINAPI","97330",{"$f":"IF($C458=\"S\",REFERENCIA.Descricao,\"(digite a descrição aqui)\")","v":"TUBO EM COBRE FLEXÍVEL, DN 5/8\", COM ISOLAMENTO, INSTALADO EM RAMAL DE ALIMENTAÇÃO DE AR-CONDICIONADO - FORNECIMENTO E INSTALAÇÃO. AF_07/2025"},{"$f":"REFERENCIA.Unidade","v":"M"},{"$f":"OFFSET(CÁLCULO!H$15,ROW($T458)-ROW(T$15),0)","v":6},74.930000000000007,"BDI 1",{"$f":"IF($C458=\"S\",ROUND(IF(TIPOORCAMENTO=\"Proposto\",ORÇAMENTO.CustoUnitario*(1+$AH458),ORÇAMENTO.PrecoUnitarioLicitado),15-13*$AF$10),0)","v":93.88},{"$f":"IF($C458=\"S\",IF(OR(Import.TipoArredondamento<>\"TransfereGOV\",ACOMPANHAMENTO=\"BM\"),VTOTAL1,SUM(OFFSET(CÁLCULO!$AI$15,ROW($X458)-ROW($X$15),1):OFFSET(CÁLCULO!$BB$15,ROW($X458)-ROW($X$15),-1))),IF($C458=0,0,ROUND(SomaAgrup,15-13*$AF$11)))","v":563.28},"RA","RA",{"$f":"IF($C458=\"S\",IF($Z458=\"CP\",$X458,IF($Z458=\"RA\",(($X458)*QCI!$AA$3),0)),SomaAgrup)","v":48.742704568721834},{"$f":"IF($C458=\"S\",IF($Z458=\"OU\",ROUND($X458,2),0),SomaAgrup)","v":0},{"$f":"IF($N458=\"\",\" \",\nIF(AND($C458<>\"S\",OR($R458=\"\",$R458=\"(digite a descrição aqui)\")),\"DESCRIÇÃO\",\nIF(AND($C458=\"S\",OR($Q458<>\"\",$T458>0,$U458>0),$P458=\"\"),\"FONTE\",\nIF(AND($C458=\"S\",$P458<>\"\",OR($T458>0,$U458>0),$Q458=\"\"),\"CÓDIGO\",\nIF(AND($C458=\"S\",$P458<>\"\",$Q458<>\"\",$R458=\"(Código não identificado nas referências)\"),\"CÓDIGO N/ID\",\nIF(AND($C458=\"S\",OR($R458=\"\",$R458=\"(digite a descrição aqui)\"),OR($Q458<>\"\",$T458>0,$U458>0)),\"DESCRIÇÃO\",\nIF(AND($C458=\"S\",$P458<>\"\",$Q458<>\"\",$S458=\"\"),\"UNIDADE\",\nIF(AND($C458=\"S\",$P458<>\"\",$Q458<>\"\",$U458=0),\"SEM CUSTO\",\nIF(AND(TIPOORCAMENTO=\"Licitado\",$AL458=0,$AN458>0),\"SEM PREÇO\",\nIF(AND($C458=\"S\",$P458<>\"\",$Q458<>\"\",$U458>0,AND($V458<>\"BDI 1\",$V458<>\"BDI 2\",$V458<>\"BDI 3\")),IF(ISNUMBER($V458),\"JUSTIFICAR BDI\",\"BDI\"),\nIF(OR(AND(import.recurso=\"OGU\",TIPOORCAMENTO=\"Proposto\",LEFT($O$8,5)<>\"(N/D:\",$AG458<>\"\",ORÇAMENTO.CustoUnitario>$AG458),AND(TIPOORCAMENTO=\"LICITADO\",ORÇAMENTO.PrecoUnitarioLicitado>$AN458)),\"ACIMA REF.\",\nIF(AND($C458=\"S\",$P458<>\"\",$Q458<>\"\",$T458=0,$U458>0),\"QUANT.\",\nIF(AND(Import.TipoArredondamento=\"TransfereGOV\",$L458=\"F\",$C458=\"S\",LEN($Q458)>13),\"Código >13\",\nIF(AND(Import.TipoArredondamento=\"TransfereGOV\",$L458=\"F\",$C458<>\"S\",LEN($R458)>100),\"Descrição >100\",\nIF(AND(Import.TipoArredondamento=\"TransfereGOV\",$L458=\"F\",$C458=\"S\",LEN($R458)>500),\"Descrição >500\",\nIF(AND(Import.TipoArredondamento=\"TransfereGOV\",$L458=\"F\",$C458=\"S\",LEFT(TRIM(UPPER($P458)),6)<>\"SINAPI\",ISNA(VLOOKUP(TRIM(UPPER($S458)),ListaTgov.Unidades,1,FALSE))),\"Unid. Não Disp\",\n\" \"))))))))))))))))","v":" "},{"$f":"IF(C458<=CRONO.NivelExibicao,MAX($AD$15:OFFSET(AD458,-1,0))+IF($C458<>1,1,MAX(1,COUNTIF(QCI!$A$13:$A$36,OFFSET($E458,-1,0)))),\"\")","v":""},{"$f":"IF(AND($C458=\"S\",ORÇAMENTO.CodBarra<>\"\"),IF(ORÇAMENTO.Fonte=\"\",ORÇAMENTO.CodBarra,CONCATENATE(ORÇAMENTO.Fonte,\" \",ORÇAMENTO.CodBarra)))","v":"SINAPI 97330"},{"$f":"IF(ISERROR(ORÇAMENTO.BancoRef),\"(abra o arquivo 'Referência \"&Excel_BuiltIn_Database&\".xlsm)\",IF(OR($C458<>\"S\",ORÇAMENTO.CodBarra=\"\"),\"(Sem Código)\",IF(ISERROR(MATCH($AE458,INDIRECT(ORÇAMENTO.BancoRef),0)),\"(Código não identificado nas referências)\",MATCH($AE458,INDIRECT(ORÇAMENTO.BancoRef),0))))","v":12649},{"$f":"ROUND(IF(DESONERACAO=\"sim\",REFERENCIA.Desonerado,REFERENCIA.NaoDesonerado),2)","v":74.930000000000007},0.25290000000000001,null,null,null,null,563.28,{"$f":"ROUND(ORÇAMENTO.CustoUnitario*(1+$AH458),2)","v":93.88}]
["S",2,"S",0,{"$f":"IF($C459=1,OFFSET(E459,-1,0)+MAX(1,COUNTIF(QCI!$A$13:$A$36,OFFSET(ORÇAMENTO!E459,-1,0))),OFFSET(E459,-1,0))","v":20},1,0,0,9,0,{"$f":"IF(OR($C459=\"S\",$C459=0),0,MATCH(OFFSET($D459,0,$C459)+IF($C459<>1,1,COUNTIF(QCI!$A$13:$A$36,ORÇAMENTO!E459)),OFFSET($D459,1,$C459,ROW($C$472)-ROW($C459)),0))","v":0},"F","Serviço","Serviço","20.1.0.9.","Composição","COMP139",{"$f":"IF($C459=\"S\",REFERENCIA.Descricao,\"(digite a descrição aqui)\")","v":"CORRENTE GALVANIZADA"},{"$f":"REFERENCIA.Unidade","v":"M"},{"$f":"OFFSET(CÁLCULO!H$15,ROW($T459)-ROW(T$15),0)","v":4},26.47,"BDI 1",{"$f":"IF($C459=\"S\",ROUND(IF(TIPOORCAMENTO=\"Proposto\",ORÇAMENTO.CustoUnitario*(1+$AH459),ORÇAMENTO.PrecoUnitarioLicitado),15-13*$AF$10),0)","v":33.159999999999997},{"$f":"IF($C459=\"S\",IF(OR(Import.TipoArredondamento<>\"TransfereGOV\",ACOMPANHAMENTO=\"BM\"),VTOTAL1,SUM(OFFSET(CÁLCULO!$AI$15,ROW($X459)-ROW($X$15),1):OFFSET(CÁLCULO!$BB$15,ROW($X459)-ROW($X$15),-1))),IF($C459=0,0,ROUND(SomaAgrup,15-13*$AF$11)))","v":132.63999999999999},"RA","RA",{"$f":"IF($C459=\"S\",IF($Z459=\"CP\",$X459,IF($Z459=\"RA\",(($X459)*QCI!$AA$3),0)),SomaAgrup)","v":11.4778304466611},{"$f":"IF($C459=\"S\",IF($Z459=\"OU\",ROUND($X459,2),0),SomaAgrup)","v":0},{"$f":"IF($N459=\"\",\" \",\nIF(AND($C459<>\"S\",OR($R459=\"\",$R459=\"(digite a descrição aqui)\")),\"DESCRIÇÃO\",\nIF(AND($C459=\"S\",OR($Q459<>\"\",$T459>0,$U459>0),$P459=\"\"),\"FONTE\",\nIF(AND($C459=\"S\",$P459<>\"\",OR($T459>0,$U459>0),$Q459=\"\"),\"CÓDIGO\",\nIF(AND($C459=\"S\",$P459<>\"\",$Q459<>\"\",$R459=\"(Código não identificado nas referências)\"),\"CÓDIGO N/ID\",\nIF(AND($C459=\"S\",OR($R459=\"\",$R459=\"(digite a descrição aqui)\"),OR($Q459<>\"\",$T459>0,$U459>0)),\"DESCRIÇÃO\",\nIF(AND($C459=\"S\",$P459<>\"\",$Q459<>\"\",$S459=\"\"),\"UNIDADE\",\nIF(AND($C459=\"S\",$P459<>\"\",$Q459<>\"\",$U459=0),\"SEM CUSTO\",\nIF(AND(TIPOORCAMENTO=\"Licitado\",$AL459=0,$AN459>0),\"SEM PREÇO\",\nIF(AND($C459=\"S\",$P459<>\"\",$Q459<>\"\",$U459>0,AND($V459<>\"BDI 1\",$V459<>\"BDI 2\",$V459<>\"BDI 3\")),IF(ISNUMBER($V459),\"JUSTIFICAR BDI\",\"BDI\"),\nIF(OR(AND(import.recurso=\"OGU\",TIPOORCAMENTO=\"Proposto\",LEFT($O$8,5)<>\"(N/D:\",$AG459<>\"\",ORÇAMENTO.CustoUnitario>$AG459),AND(TIPOORCAMENTO=\"LICITADO\",ORÇAMENTO.PrecoUnitarioLicitado>$AN459)),\"ACIMA REF.\",\nIF(AND($C459=\"S\",$P459<>\"\",$Q459<>\"\",$T459=0,$U459>0),\"QUANT.\",\nIF(AND(Import.TipoArredondamento=\"TransfereGOV\",$L459=\"F\",$C459=\"S\",LEN($Q459)>13),\"Código >13\",\nIF(AND(Import.TipoArredondamento=\"TransfereGOV\",$L459=\"F\",$C459<>\"S\",LEN($R459)>100),\"Descrição >100\",\nIF(AND(Import.TipoArredondamento=\"TransfereGOV\",$L459=\"F\",$C459=\"S\",LEN($R459)>500),\"Descrição >500\",\nIF(AND(Import.TipoArredondamento=\"TransfereGOV\",$L459=\"F\",$C459=\"S\",LEFT(TRIM(UPPER($P459)),6)<>\"SINAPI\",ISNA(VLOOKUP(TRIM(UPPER($S459)),ListaTgov.Unidades,1,FALSE))),\"Unid. Não Disp\",\n\" \"))))))))))))))))","v":" "},{"$f":"IF(C459<=CRONO.NivelExibicao,MAX($AD$15:OFFSET(AD459,-1,0))+IF($C459<>1,1,MAX(1,COUNTIF(QCI!$A$13:$A$36,OFFSET($E459,-1,0)))),\"\")","v":""},{"$f":"IF(AND($C459=\"S\",ORÇAMENTO.CodBarra<>\"\"),IF(ORÇAMENTO.Fonte=\"\",ORÇAMENTO.CodBarra,CONCATENATE(ORÇAMENTO.Fonte,\" \",ORÇAMENTO.CodBarra)))","v":"Composição COMP139"},{"$f":"IF(ISERROR(ORÇAMENTO.BancoRef),\"(abra o arquivo 'Referência \"&Excel_BuiltIn_Database&\".xlsm)\",IF(OR($C459<>\"S\",ORÇAMENTO.CodBarra=\"\"),\"(Sem Código)\",IF(ISERROR(MATCH($AE459,INDIRECT(ORÇAMENTO.BancoRef),0)),\"(Código não identificado nas referências)\",MATCH($AE459,INDIRECT(ORÇAMENTO.BancoRef),0))))","v":141},{"$f":"ROUND(IF(DESONERACAO=\"sim\",REFERENCIA.Desonerado,REFERENCIA.NaoDesonerado),2)","v":26.47},0.25290000000000001,null,null,null,null,132.63999999999999,{"$f":"ROUND(ORÇAMENTO.CustoUnitario*(1+$AH459),2)","v":33.159999999999997}]
["S",2,"S",0,{"$f":"IF($C460=1,OFFSET(E460,-1,0)+MAX(1,COUNTIF(QCI!$A$13:$A$36,OFFSET(ORÇAMENTO!E460,-1,0))),OFFSET(E460,-1,0))","v":20},1,0,0,10,0,{"$f":"IF(OR($C460=\"S\",$C460=0),0,MATCH(OFFSET($D460,0,$C460)+IF($C460<>1,1,COUNTIF(QCI!$A$13:$A$36,ORÇAMENTO!E460)),OFFSET($D460,1,$C460,ROW($C$472)-ROW($C460)),0))","v":0},"F","Serviço","Serviço","20.1.0.10.","SINAPI","100862",{"$f":"IF($C460=\"S\",REFERENCIA.Descricao,\"(digite a descrição aqui)\")","v":"SUPORTE MÃO FRANCESA EM ACO, ABAS IGUAIS 40 CM, CAPACIDADE MINIMA 70 KG, BRANCO - FORNECIMENTO E INSTALAÇÃO. AF_01/2020"},{"$f":"REFERENCIA.Unidade","v":"UN"},{"$f":"OFFSET(CÁLCULO!H$15,ROW($T460)-ROW(T$15),0)","v":8},38.44,"BDI 1",{"$f":"IF($C460=\"S\",ROUND(IF(TIPOORCAMENTO=\"Proposto\",ORÇAMENTO.CustoUnitario*(1+$AH460),ORÇAMENTO.PrecoUnitarioLicitado),15-13*$AF$10),0)","v":48.16},{"$f":"IF($C460=\"S\",IF(OR(Import.TipoArredondamento<>\"TransfereGOV\",ACOMPANHAMENTO=\"BM\"),VTOTAL1,SUM(OFFSET(CÁLCULO!$AI$15,ROW($X460)-ROW($X$15),1):OFFSET(CÁLCULO!$BB$15,ROW($X460)-ROW($X$15),-1))),IF($C460=0,0,ROUND(SomaAgrup,15-13*$AF$11)))","v":385.28},"RA","RA",{"$f":"IF($C460=\"S\",IF($Z460=\"CP\",$X460,IF($Z460=\"RA\",(($X460)*QCI!$AA$3),0)),SomaAgrup)","v":33.339705326369035},{"$f":"IF($C460=\"S\",IF($Z460=\"OU\",ROUND($X460,2),0),SomaAgrup)","v":0},{"$f":"IF($N460=\"\",\" \",\nIF(AND($C460<>\"S\",OR($R460=\"\",$R460=\"(digite a descrição aqui)\")),\"DESCRIÇÃO\",\nIF(AND($C460=\"S\",OR($Q460<>\"\",$T460>0,$U460>0),$P460=\"\"),\"FONTE\",\nIF(AND($C460=\"S\",$P460<>\"\",OR($T460>0,$U460>0),$Q460=\"\"),\"CÓDIGO\",\nIF(AND($C460=\"S\",$P460<>\"\",$Q460<>\"\",$R460=\"(Código não identificado nas referências)\"),\"CÓDIGO N/ID\",\nIF(AND($C460=\"S\",OR($R460=\"\",$R460=\"(digite a descrição aqui)\"),OR($Q460<>\"\",$T460>0,$U460>0)),\"DESCRIÇÃO\",\nIF(AND($C460=\"S\",$P460<>\"\",$Q460<>\"\",$S460=\"\"),\"UNIDADE\",\nIF(AND($C460=\"S\",$P460<>\"\",$Q460<>\"\",$U460=0),\"SEM CUSTO\",\nIF(AND(TIPOORCAMENTO=\"Licitado\",$AL460=0,$AN460>0),\"SEM PREÇO\",\nIF(AND($C460=\"S\",$P460<>\"\",$Q460<>\"\",$U460>0,AND($V460<>\"BDI 1\",$V460<>\"BDI 2\",$V460<>\"BDI 3\")),IF(ISNUMBER($V460),\"JUSTIFICAR BDI\",\"BDI\"),\nIF(OR(AND(import.recurso=\"OGU\",TIPOORCAMENTO=\"Proposto\",LEFT($O$8,5)<>\"(N/D:\",$AG460<>\"\",ORÇAMENTO.CustoUnitario>$AG460),AND(TIPOORCAMENTO=\"LICITADO\",ORÇAMENTO.PrecoUnitarioLicitado>$AN460)),\"ACIMA REF.\",\nIF(AND($C460=\"S\",$P460<>\"\",$Q460<>\"\",$T460=0,$U460>0),\"QUANT.\",\nIF(AND(Import.TipoArredondamento=\"TransfereGOV\",$L460=\"F\",$C460=\"S\",LEN($Q460)>13),\"Código >13\",\nIF(AND(Import.TipoArredondamento=\"TransfereGOV\",$L460=\"F\",$C460<>\"S\",LEN($R460)>100),\"Descrição >100\",\nIF(AND(Import.TipoArredondamento=\"TransfereGOV\",$L460=\"F\",$C460=\"S\",LEN($R460)>500),\"Descrição >500\",\nIF(AND(Import.TipoArredondamento=\"TransfereGOV\",$L460=\"F\",$C460=\"S\",LEFT(TRIM(UPPER($P460)),6)<>\"SINAPI\",ISNA(VLOOKUP(TRIM(UPPER($S460)),ListaTgov.Unidades,1,FALSE))),\"Unid. Não Disp\",\n\" \"))))))))))))))))","v":" "},{"$f":"IF(C460<=CRONO.NivelExibicao,MAX($AD$15:OFFSET(AD460,-1,0))+IF($C460<>1,1,MAX(1,COUNTIF(QCI!$A$13:$A$36,OFFSET($E460,-1,0)))),\"\")","v":""},{"$f":"IF(AND($C460=\"S\",ORÇAMENTO.CodBarra<>\"\"),IF(ORÇAMENTO.Fonte=\"\",ORÇAMENTO.CodBarra,CONCATENATE(ORÇAMENTO.Fonte,\" \",ORÇAMENTO.CodBarra)))","v":"SINAPI 100862"},{"$f":"IF(ISERROR(ORÇAMENTO.BancoRef),\"(abra o arquivo 'Referência \"&Excel_BuiltIn_Database&\".xlsm)\",IF(OR($C460<>\"S\",ORÇAMENTO.CodBarra=\"\"),\"(Sem Código)\",IF(ISERROR(MATCH($AE460,INDIRECT(ORÇAMENTO.BancoRef),0)),\"(Código não identificado nas referências)\",MATCH($AE460,INDIRECT(ORÇAMENTO.BancoRef),0))))","v":13513},{"$f":"ROUND(IF(DESONERACAO=\"sim\",REFERENCIA.Desonerado,REFERENCIA.NaoDesonerado),2)","v":38.44},0.25290000000000001,null,null,null,null,385.28,{"$f":"ROUND(ORÇAMENTO.CustoUnitario*(1+$AH460),2)","v":48.16}]
["S",2,"S",0,{"$f":"IF($C461=1,OFFSET(E461,-1,0)+MAX(1,COUNTIF(QCI!$A$13:$A$36,OFFSET(ORÇAMENTO!E461,-1,0))),OFFSET(E461,-1,0))","v":20},1,0,0,11,0,{"$f":"IF(OR($C461=\"S\",$C461=0),0,MATCH(OFFSET($D461,0,$C461)+IF($C461<>1,1,COUNTIF(QCI!$A$13:$A$36,ORÇAMENTO!E461)),OFFSET($D461,1,$C461,ROW($C$472)-ROW($C461)),0))","v":0},"F","Serviço","Serviço","20.1.0.11.","SINAPI","91179",{"$f":"IF($C461=\"S\",REFERENCIA.Descricao,\"(digite a descrição aqui)\")","v":"FIXAÇÃO DE TUBOS HORIZONTAIS DE PVC ÁGUA/PVC ESGOTO/PVC PLUVIAL/CPVC/PPR/COBRE OU AÇO, DIÂMETROS MENORES OU IGUAIS A 40 MM, COM ABRAÇADEIRA METÁLICA RÍGIDA TIPO D COM PARAFUSO DE FIXAÇÃO 1 1/4\", FIXADA DIRETAMENTE NA LAJE OU PAREDE. AF_09/2023"},{"$f":"REFERENCIA.Unidade","v":"M"},{"$f":"OFFSET(CÁLCULO!H$15,ROW($T461)-ROW(T$15),0)","v":40},16.23,"BDI 1",{"$f":"IF($C461=\"S\",ROUND(IF(TIPOORCAMENTO=\"Proposto\",ORÇAMENTO.CustoUnitario*(1+$AH461),ORÇAMENTO.PrecoUnitarioLicitado),15-13*$AF$10),0)","v":20.329999999999998},{"$f":"IF($C461=\"S\",IF(OR(Import.TipoArredondamento<>\"TransfereGOV\",ACOMPANHAMENTO=\"BM\"),VTOTAL1,SUM(OFFSET(CÁLCULO!$AI$15,ROW($X461)-ROW($X$15),1):OFFSET(CÁLCULO!$BB$15,ROW($X461)-ROW($X$15),-1))),IF($C461=0,0,ROUND(SomaAgrup,15-13*$AF$11)))","v":813.2},"RA","RA",{"$f":"IF($C461=\"S\",IF($Z461=\"CP\",$X461,IF($Z461=\"RA\",(($X461)*QCI!$AA$3),0)),SomaAgrup)","v":70.369207774614054},{"$f":"IF($C461=\"S\",IF($Z461=\"OU\",ROUND($X461,2),0),SomaAgrup)","v":0},{"$f":"IF($N461=\"\",\" \",\nIF(AND($C461<>\"S\",OR($R461=\"\",$R461=\"(digite a descrição aqui)\")),\"DESCRIÇÃO\",\nIF(AND($C461=\"S\",OR($Q461<>\"\",$T461>0,$U461>0),$P461=\"\"),\"FONTE\",\nIF(AND($C461=\"S\",$P461<>\"\",OR($T461>0,$U461>0),$Q461=\"\"),\"CÓDIGO\",\nIF(AND($C461=\"S\",$P461<>\"\",$Q461<>\"\",$R461=\"(Código não identificado nas referências)\"),\"CÓDIGO N/ID\",\nIF(AND($C461=\"S\",OR($R461=\"\",$R461=\"(digite a descrição aqui)\"),OR($Q461<>\"\",$T461>0,$U461>0)),\"DESCRIÇÃO\",\nIF(AND($C461=\"S\",$P461<>\"\",$Q461<>\"\",$S461=\"\"),\"UNIDADE\",\nIF(AND($C461=\"S\",$P461<>\"\",$Q461<>\"\",$U461=0),\"SEM CUSTO\",\nIF(AND(TIPOORCAMENTO=\"Licitado\",$AL461=0,$AN461>0),\"SEM PREÇO\",\nIF(AND($C461=\"S\",$P461<>\"\",$Q461<>\"\",$U461>0,AND($V461<>\"BDI 1\",$V461<>\"BDI 2\",$V461<>\"BDI 3\")),IF(ISNUMBER($V461),\"JUSTIFICAR BDI\",\"BDI\"),\nIF(OR(AND(import.recurso=\"OGU\",TIPOORCAMENTO=\"Proposto\",LEFT($O$8,5)<>\"(N/D:\",$AG461<>\"\",ORÇAMENTO.CustoUnitario>$AG461),AND(TIPOORCAMENTO=\"LICITADO\",ORÇAMENTO.PrecoUnitarioLicitado>$AN461)),\"ACIMA REF.\",\nIF(AND($C461=\"S\",$P461<>\"\",$Q461<>\"\",$T461=0,$U461>0),\"QUANT.\",\nIF(AND(Import.TipoArredondamento=\"TransfereGOV\",$L461=\"F\",$C461=\"S\",LEN($Q461)>13),\"Código >13\",\nIF(AND(Import.TipoArredondamento=\"TransfereGOV\",$L461=\"F\",$C461<>\"S\",LEN($R461)>100),\"Descrição >100\",\nIF(AND(Import.TipoArredondamento=\"TransfereGOV\",$L461=\"F\",$C461=\"S\",LEN($R461)>500),\"Descrição >500\",\nIF(AND(Import.TipoArredondamento=\"TransfereGOV\",$L461=\"F\",$C461=\"S\",LEFT(TRIM(UPPER($P461)),6)<>\"SINAPI\",ISNA(VLOOKUP(TRIM(UPPER($S461)),ListaTgov.Unidades,1,FALSE))),\"Unid. Não Disp\",\n\" \"))))))))))))))))","v":" "},{"$f":"IF(C461<=CRONO.NivelExibicao,MAX($AD$15:OFFSET(AD461,-1,0))+IF($C461<>1,1,MAX(1,COUNTIF(QCI!$A$13:$A$36,OFFSET($E461,-1,0)))),\"\")","v":""},{"$f":"IF(AND($C461=\"S\",ORÇAMENTO.CodBarra<>\"\"),IF(ORÇAMENTO.Fonte=\"\",ORÇAMENTO.CodBarra,CONCATENATE(ORÇAMENTO.Fonte,\" \",ORÇAMENTO.CodBarra)))","v":"SINAPI 91179"},{"$f":"IF(ISERROR(ORÇAMENTO.BancoRef),\"(abra o arquivo 'Referência \"&Excel_BuiltIn_Database&\".xlsm)\",IF(OR($C461<>\"S\",ORÇAMENTO.CodBarra=\"\"),\"(Sem Código)\",IF(ISERROR(MATCH($AE461,INDIRECT(ORÇAMENTO.BancoRef),0)),\"(Código não identificado nas referências)\",MATCH($AE461,INDIRECT(ORÇAMENTO.BancoRef),0))))","v":14720},{"$f":"ROUND(IF(DESONERACAO=\"sim\",REFERENCIA.Desonerado,REFERENCIA.NaoDesonerado),2)","v":16.23},0.25290000000000001,null,null,null,null,813.2,{"$f":"ROUND(ORÇAMENTO.CustoUnitario*(1+$AH461),2)","v":20.329999999999998}]
[1,1,1,7,{"$f":"IF($C462=1,OFFSET(E462,-1,0)+MAX(1,COUNTIF(QCI!$A$13:$A$36,OFFSET(ORÇAMENTO!E462,-1,0))),OFFSET(E462,-1,0))","v":21},0,0,0,0,10,{"$f":"IF(OR($C462=\"S\",$C462=0),0,MATCH(OFFSET($D462,0,$C462)+IF($C462<>1,1,COUNTIF(QCI!$A$13:$A$36,ORÇAMENTO!E462)),OFFSET($D462,1,$C462,ROW($C$472)-ROW($C462)),0))","v":7},"F","Meta","Meta","21.","SINAPI",null,{"$f":"IF($C462=\"S\",REFERENCIA.Descricao,\"URBANIZAÇÃO\")","v":"URBANIZAÇÃO"},{"$f":"REFERENCIA.Unidade","v":"-"},{"$f":"OFFSET(CÁLCULO!H$15,ROW($T462)-ROW(T$15),0)","v":0},null,"BDI 1",{"$f":"IF($C462=\"S\",ROUND(IF(TIPOORCAMENTO=\"Proposto\",ORÇAMENTO.CustoUnitario*(1+$AH462),ORÇAMENTO.PrecoUnitarioLicitado),15-13*$AF$10),0)","v":0},{"$f":"IF($C462=\"S\",IF(OR(Import.TipoArredondamento<>\"TransfereGOV\",ACOMPANHAMENTO=\"BM\"),VTOTAL1,SUM(OFFSET(CÁLCULO!$AI$15,ROW($X462)-ROW($X$15),1):OFFSET(CÁLCULO!$BB$15,ROW($X462)-ROW($X$15),-1))),IF($C462=0,0,ROUND(SomaAgrup,15-13*$AF$11)))","v":5688.97},"RA","",{"$f":"IF($C462=\"S\",IF($Z462=\"CP\",$X462,IF($Z462=\"RA\",(($X462)*QCI!$AA$3),0)),SomaAgrup)","v":492.2876438189204},{"$f":"IF($C462=\"S\",IF($Z462=\"OU\",ROUND($X462,2),0),SomaAgrup)","v":0},{"$f":"IF($N462=\"\",\" \",\nIF(AND($C462<>\"S\",OR($R462=\"\",$R462=\"(digite a descrição aqui)\")),\"DESCRIÇÃO\",\nIF(AND($C462=\"S\",OR($Q462<>\"\",$T462>0,$U462>0),$P462=\"\"),\"FONTE\",\nIF(AND($C462=\"S\",$P462<>\"\",OR($T462>0,$U462>0),$Q462=\"\"),\"CÓDIGO\",\nIF(AND($C462=\"S\",$P462<>\"\",$Q462<>\"\",$R462=\"(Código não identificado nas referências)\"),\"CÓDIGO N/ID\",\nIF(AND($C462=\"S\",OR($R462=\"\",$R462=\"(digite a descrição aqui)\"),OR($Q462<>\"\",$T462>0,$U462>0)),\"DESCRIÇÃO\",\nIF(AND($C462=\"S\",$P462<>\"\",$Q462<>\"\",$S462=\"\"),\"UNIDADE\",\nIF(AND($C462=\"S\",$P462<>\"\",$Q462<>\"\",$U462=0),\"SEM CUSTO\",\nIF(AND(TIPOORCAMENTO=\"Licitado\",$AL462=0,$AN462>0),\"SEM PREÇO\",\nIF(AND($C462=\"S\",$P462<>\"\",$Q462<>\"\",$U462>0,AND($V462<>\"BDI 1\",$V462<>\"BDI 2\",$V462<>\"BDI 3\")),IF(ISNUMBER($V462),\"JUSTIFICAR BDI\",\"BDI\"),\nIF(OR(AND(import.recurso=\"OGU\",TIPOORCAMENTO=\"Proposto\",LEFT($O$8,5)<>\"(N/D:\",$AG462<>\"\",ORÇAMENTO.CustoUnitario>$AG462),AND(TIPOORCAMENTO=\"LICITADO\",ORÇAMENTO.PrecoUnitarioLicitado>$AN462)),\"ACIMA REF.\",\nIF(AND($C462=\"S\",$P462<>\"\",$Q462<>\"\",$T462=0,$U462>0),\"QUANT.\",\nIF(AND(Import.TipoArredondamento=\"TransfereGOV\",$L462=\"F\",$C462=\"S\",LEN($Q462)>13),\"Código >13\",\nIF(AND(Import.TipoArredondamento=\"TransfereGOV\",$L462=\"F\",$C462<>\"S\",LEN($R462)>100),\"Descrição >100\",\nIF(AND(Import.TipoArredondamento=\"TransfereGOV\",$L462=\"F\",$C462=\"S\",LEN($R462)>500),\"Descrição >500\",\nIF(AND(Import.TipoArredondamento=\"TransfereGOV\",$L462=\"F\",$C462=\"S\",LEFT(TRIM(UPPER($P462)),6)<>\"SINAPI\",ISNA(VLOOKUP(TRIM(UPPER($S462)),ListaTgov.Unidades,1,FALSE))),\"Unid. Não Disp\",\n\" \"))))))))))))))))","v":" "},{"$f":"IF(C462<=CRONO.NivelExibicao,MAX($AD$15:OFFSET(AD462,-1,0))+IF($C462<>1,1,MAX(1,COUNTIF(QCI!$A$13:$A$36,OFFSET($E462,-1,0)))),\"\")","v":66},{"$f":"IF(AND($C462=\"S\",ORÇAMENTO.CodBarra<>\"\"),IF(ORÇAMENTO.Fonte=\"\",ORÇAMENTO.CodBarra,CONCATENATE(ORÇAMENTO.Fonte,\" \",ORÇAMENTO.CodBarra)))","v":false},{"$f":"IF(ISERROR(ORÇAMENTO.BancoRef),\"(abra o arquivo 'Referência \"&Excel_BuiltIn_Database&\".xlsm)\",IF(OR($C462<>\"S\",ORÇAMENTO.CodBarra=\"\"),\"(Sem Código)\",IF(ISERROR(MATCH($AE462,INDIRECT(ORÇAMENTO.BancoRef),0)),\"(Código não identificado nas referências)\",MATCH($AE462,INDIRECT(ORÇAMENTO.BancoRef),0))))","v":"(Sem Código)"},{"$f":"ROUND(IF(DESONERACAO=\"sim\",REFERENCIA.Desonerado,REFERENCIA.NaoDesonerado),2)","v":0},0.25290000000000001,null,null,null,null,5688.97,{"$f":"ROUND(ORÇAMENTO.CustoUnitario*(1+$AH462),2)","v":0}]
[2,2,2,2,{"$f":"IF($C463=1,OFFSET(E463,-1,0)+MAX(1,COUNTIF(QCI!$A$13:$A$36,OFFSET(ORÇAMENTO!E463,-1,0))),OFFSET(E463,-1,0))","v":21},1,0,0,0,6,{"$f":"IF(OR($C463=\"S\",$C463=0),0,MATCH(OFFSET($D463,0,$C463)+IF($C463<>1,1,COUNTIF(QCI!$A$13:$A$36,ORÇAMENTO!E463)),OFFSET($D463,1,$C463,ROW($C$472)-ROW($C463)),0))","v":2},"F","Nível 2","Nível 2","21.1.","SINAPI",null,{"$f":"IF($C463=\"S\",REFERENCIA.Descricao,\"PAVIMENTAÇÃO E ACESSIBILIDADE\")","v":"PAVIMENTAÇÃO E ACESSIBILIDADE"},{"$f":"REFERENCIA.Unidade","v":"-"},{"$f":"OFFSET(CÁLCULO!H$15,ROW($T463)-ROW(T$15),0)","v":0},null,"BDI 1",{"$f":"IF($C463=\"S\",ROUND(IF(TIPOORCAMENTO=\"Proposto\",ORÇAMENTO.CustoUnitario*(1+$AH463),ORÇAMENTO.PrecoUnitarioLicitado),15-13*$AF$10),0)","v":0},{"$f":"IF($C463=\"S\",IF(OR(Import.TipoArredondamento<>\"TransfereGOV\",ACOMPANHAMENTO=\"BM\"),VTOTAL1,SUM(OFFSET(CÁLCULO!$AI$15,ROW($X463)-ROW($X$15),1):OFFSET(CÁLCULO!$BB$15,ROW($X463)-ROW($X$15),-1))),IF($C463=0,0,ROUND(SomaAgrup,15-13*$AF$11)))","v":2854.53},"RA","",{"$f":"IF($C463=\"S\",IF($Z463=\"CP\",$X463,IF($Z463=\"RA\",(($X463)*QCI!$AA$3),0)),SomaAgrup)","v":247.01305296220985},{"$f":"IF($C463=\"S\",IF($Z463=\"OU\",ROUND($X463,2),0),SomaAgrup)","v":0},{"$f":"IF($N463=\"\",\" \",\nIF(AND($C463<>\"S\",OR($R463=\"\",$R463=\"(digite a descrição aqui)\")),\"DESCRIÇÃO\",\nIF(AND($C463=\"S\",OR($Q463<>\"\",$T463>0,$U463>0),$P463=\"\"),\"FONTE\",\nIF(AND($C463=\"S\",$P463<>\"\",OR($T463>0,$U463>0),$Q463=\"\"),\"CÓDIGO\",\nIF(AND($C463=\"S\",$P463<>\"\",$Q463<>\"\",$R463=\"(Código não identificado nas referências)\"),\"CÓDIGO N/ID\",\nIF(AND($C463=\"S\",OR($R463=\"\",$R463=\"(digite a descrição aqui)\"),OR($Q463<>\"\",$T463>0,$U463>0)),\"DESCRIÇÃO\",\nIF(AND($C463=\"S\",$P463<>\"\",$Q463<>\"\",$S463=\"\"),\"UNIDADE\",\nIF(AND($C463=\"S\",$P463<>\"\",$Q463<>\"\",$U463=0),\"SEM CUSTO\",\nIF(AND(TIPOORCAMENTO=\"Licitado\",$AL463=0,$AN463>0),\"SEM PREÇO\",\nIF(AND($C463=\"S\",$P463<>\"\",$Q463<>\"\",$U463>0,AND($V463<>\"BDI 1\",$V463<>\"BDI 2\",$V463<>\"BDI 3\")),IF(ISNUMBER($V463),\"JUSTIFICAR BDI\",\"BDI\"),\nIF(OR(AND(import.recurso=\"OGU\",TIPOORCAMENTO=\"Proposto\",LEFT($O$8,5)<>\"(N/D:\",$AG463<>\"\",ORÇAMENTO.CustoUnitario>$AG463),AND(TIPOORCAMENTO=\"LICITADO\",ORÇAMENTO.PrecoUnitarioLicitado>$AN463)),\"ACIMA REF.\",\nIF(AND($C463=\"S\",$P463<>\"\",$Q463<>\"\",$T463=0,$U463>0),\"QUANT.\",\nIF(AND(Import.TipoArredondamento=\"TransfereGOV\",$L463=\"F\",$C463=\"S\",LEN($Q463)>13),\"Código >13\",\nIF(AND(Import.TipoArredondamento=\"TransfereGOV\",$L463=\"F\",$C463<>\"S\",LEN($R463)>100),\"Descrição >100\",\nIF(AND(Import.TipoArredondamento=\"TransfereGOV\",$L463=\"F\",$C463=\"S\",LEN($R463)>500),\"Descrição >500\",\nIF(AND(Import.TipoArredondamento=\"TransfereGOV\",$L463=\"F\",$C463=\"S\",LEFT(TRIM(UPPER($P463)),6)<>\"SINAPI\",ISNA(VLOOKUP(TRIM(UPPER($S463)),ListaTgov.Unidades,1,FALSE))),\"Unid. Não Disp\",\n\" \"))))))))))))))))","v":" "},{"$f":"IF(C463<=CRONO.NivelExibicao,MAX($AD$15:OFFSET(AD463,-1,0))+IF($C463<>1,1,MAX(1,COUNTIF(QCI!$A$13:$A$36,OFFSET($E463,-1,0)))),\"\")","v":67},{"$f":"IF(AND($C463=\"S\",ORÇAMENTO.CodBarra<>\"\"),IF(ORÇAMENTO.Fonte=\"\",ORÇAMENTO.CodBarra,CONCATENATE(ORÇAMENTO.Fonte,\" \",ORÇAMENTO.CodBarra)))","v":false},{"$f":"IF(ISERROR(ORÇAMENTO.BancoRef),\"(abra o arquivo 'Referência \"&Excel_BuiltIn_Database&\".xlsm)\",IF(OR($C463<>\"S\",ORÇAMENTO.CodBarra=\"\"),\"(Sem Código)\",IF(ISERROR(MATCH($AE463,INDIRECT(ORÇAMENTO.BancoRef),0)),\"(Código não identificado nas referências)\",MATCH($AE463,INDIRECT(ORÇAMENTO.BancoRef),0))))","v":"(Sem Código)"},{"$f":"ROUND(IF(DESONERACAO=\"sim\",REFERENCIA.Desonerado,REFERENCIA.NaoDesonerado),2)","v":0},0.25290000000000001,null,null,null,null,2854.53,{"$f":"ROUND(ORÇAMENTO.CustoUnitario*(1+$AH463),2)","v":0}]
["S",2,"S",0,{"$f":"IF($C464=1,OFFSET(E464,-1,0)+MAX(1,COUNTIF(QCI!$A$13:$A$36,OFFSET(ORÇAMENTO!E464,-1,0))),OFFSET(E464,-1,0))","v":21},1,0,0,1,0,{"$f":"IF(OR($C464=\"S\",$C464=0),0,MATCH(OFFSET($D464,0,$C464)+IF($C464<>1,1,COUNTIF(QCI!$A$13:$A$36,ORÇAMENTO!E464)),OFFSET($D464,1,$C464,ROW($C$472)-ROW($C464)),0))","v":0},"F","Serviço","Serviço","21.1.0.1.","SINAPI","104658",{"$f":"IF($C464=\"S\",REFERENCIA.Descricao,\"(digite a descrição aqui)\")","v":"PISO PODOTÁTIL DE ALERTA OU DIRECIONAL, DE CONCRETO, ASSENTADO SOBRE ARGAMASSA. AF_03/2024"},{"$f":"REFERENCIA.Unidade","v":"M2"},{"$f":"OFFSET(CÁLCULO!H$15,ROW($T464)-ROW(T$15),0)","v":14.59},{"$f":"AG464","v":156.16},"BDI 1",{"$f":"IF($C464=\"S\",ROUND(IF(TIPOORCAMENTO=\"Proposto\",ORÇAMENTO.CustoUnitario*(1+$AH464),ORÇAMENTO.PrecoUnitarioLicitado),15-13*$AF$10),0)","v":195.65},{"$f":"IF($C464=\"S\",IF(OR(Import.TipoArredondamento<>\"TransfereGOV\",ACOMPANHAMENTO=\"BM\"),VTOTAL1,SUM(OFFSET(CÁLCULO!$AI$15,ROW($X464)-ROW($X$15),1):OFFSET(CÁLCULO!$BB$15,ROW($X464)-ROW($X$15),-1))),IF($C464=0,0,ROUND(SomaAgrup,15-13*$AF$11)))","v":2854.53},"RA","RA",{"$f":"IF($C464=\"S\",IF($Z464=\"CP\",$X464,IF($Z464=\"RA\",(($X464)*QCI!$AA$3),0)),SomaAgrup)","v":247.01305296220985},{"$f":"IF($C464=\"S\",IF($Z464=\"OU\",ROUND($X464,2),0),SomaAgrup)","v":0},{"$f":"IF($N464=\"\",\" \",\nIF(AND($C464<>\"S\",OR($R464=\"\",$R464=\"(digite a descrição aqui)\")),\"DESCRIÇÃO\",\nIF(AND($C464=\"S\",OR($Q464<>\"\",$T464>0,$U464>0),$P464=\"\"),\"FONTE\",\nIF(AND($C464=\"S\",$P464<>\"\",OR($T464>0,$U464>0),$Q464=\"\"),\"CÓDIGO\",\nIF(AND($C464=\"S\",$P464<>\"\",$Q464<>\"\",$R464=\"(Código não identificado nas referências)\"),\"CÓDIGO N/ID\",\nIF(AND($C464=\"S\",OR($R464=\"\",$R464=\"(digite a descrição aqui)\"),OR($Q464<>\"\",$T464>0,$U464>0)),\"DESCRIÇÃO\",\nIF(AND($C464=\"S\",$P464<>\"\",$Q464<>\"\",$S464=\"\"),\"UNIDADE\",\nIF(AND($C464=\"S\",$P464<>\"\",$Q464<>\"\",$U464=0),\"SEM CUSTO\",\nIF(AND(TIPOORCAMENTO=\"Licitado\",$AL464=0,$AN464>0),\"SEM PREÇO\",\nIF(AND($C464=\"S\",$P464<>\"\",$Q464<>\"\",$U464>0,AND($V464<>\"BDI 1\",$V464<>\"BDI 2\",$V464<>\"BDI 3\")),IF(ISNUMBER($V464),\"JUSTIFICAR BDI\",\"BDI\"),\nIF(OR(AND(import.recurso=\"OGU\",TIPOORCAMENTO=\"Proposto\",LEFT($O$8,5)<>\"(N/D:\",$AG464<>\"\",ORÇAMENTO.CustoUnitario>$AG464),AND(TIPOORCAMENTO=\"LICITADO\",ORÇAMENTO.PrecoUnitarioLicitado>$AN464)),\"ACIMA REF.\",\nIF(AND($C464=\"S\",$P464<>\"\",$Q464<>\"\",$T464=0,$U464>0),\"QUANT.\",\nIF(AND(Import.TipoArredondamento=\"TransfereGOV\",$L464=\"F\",$C464=\"S\",LEN($Q464)>13),\"Código >13\",\nIF(AND(Import.TipoArredondamento=\"TransfereGOV\",$L464=\"F\",$C464<>\"S\",LEN($R464)>100),\"Descrição >100\",\nIF(AND(Import.TipoArredondamento=\"TransfereGOV\",$L464=\"F\",$C464=\"S\",LEN($R464)>500),\"Descrição >500\",\nIF(AND(Import.TipoArredondamento=\"TransfereGOV\",$L464=\"F\",$C464=\"S\",LEFT(TRIM(UPPER($P464)),6)<>\"SINAPI\",ISNA(VLOOKUP(TRIM(UPPER($S464)),ListaTgov.Unidades,1,FALSE))),\"Unid. Não Disp\",\n\" \"))))))))))))))))","v":" "},{"$f":"IF(C464<=CRONO.NivelExibicao,MAX($AD$15:OFFSET(AD464,-1,0))+IF($C464<>1,1,MAX(1,COUNTIF(QCI!$A$13:$A$36,OFFSET($E464,-1,0)))),\"\")","v":""},{"$f":"IF(AND($C464=\"S\",ORÇAMENTO.CodBarra<>\"\"),IF(ORÇAMENTO.Fonte=\"\",ORÇAMENTO.CodBarra,CONCATENATE(ORÇAMENTO.Fonte,\" \",ORÇAMENTO.CodBarra)))","v":"SINAPI 104658"},{"$f":"IF(ISERROR(ORÇAMENTO.BancoRef),\"(abra o arquivo 'Referência \"&Excel_BuiltIn_Database&\".xlsm)\",IF(OR($C464<>\"S\",ORÇAMENTO.CodBarra=\"\"),\"(Sem Código)\",IF(ISERROR(MATCH($AE464,INDIRECT(ORÇAMENTO.BancoRef),0)),\"(Código não identificado nas referências)\",MATCH($AE464,INDIRECT(ORÇAMENTO.BancoRef),0))))","v":6283},{"$f":"ROUND(IF(DESONERACAO=\"sim\",REFERENCIA.Desonerado,REFERENCIA.NaoDesonerado),2)","v":156.16},0.25290000000000001,null,null,null,null,2854.53,{"$f":"ROUND(ORÇAMENTO.CustoUnitario*(1+$AH464),2)","v":195.65}]
[2,2,2,2,{"$f":"IF($C465=1,OFFSET(E465,-1,0)+MAX(1,COUNTIF(QCI!$A$13:$A$36,OFFSET(ORÇAMENTO!E465,-1,0))),OFFSET(E465,-1,0))","v":21},2,0,0,0,4,{"$f":"IF(OR($C465=\"S\",$C465=0),0,MATCH(OFFSET($D465,0,$C465)+IF($C465<>1,1,COUNTIF(QCI!$A$13:$A$36,ORÇAMENTO!E465)),OFFSET($D465,1,$C465,ROW($C$472)-ROW($C465)),0))","v":2},"F","Nível 2","Nível 2","21.2.","SINAPI",null,{"$f":"IF($C465=\"S\",REFERENCIA.Descricao,\"PAISAGISMO\")","v":"PAISAGISMO"},{"$f":"REFERENCIA.Unidade","v":"-"},{"$f":"OFFSET(CÁLCULO!H$15,ROW($T465)-ROW(T$15),0)","v":0},null,"BDI 1",{"$f":"IF($C465=\"S\",ROUND(IF(TIPOORCAMENTO=\"Proposto\",ORÇAMENTO.CustoUnitario*(1+$AH465),ORÇAMENTO.PrecoUnitarioLicitado),15-13*$AF$10),0)","v":0},{"$f":"IF($C465=\"S\",IF(OR(Import.TipoArredondamento<>\"TransfereGOV\",ACOMPANHAMENTO=\"BM\"),VTOTAL1,SUM(OFFSET(CÁLCULO!$AI$15,ROW($X465)-ROW($X$15),1):OFFSET(CÁLCULO!$BB$15,ROW($X465)-ROW($X$15),-1))),IF($C465=0,0,ROUND(SomaAgrup,15-13*$AF$11)))","v":1571.64},"RA","",{"$f":"IF($C465=\"S\",IF($Z465=\"CP\",$X465,IF($Z465=\"RA\",(($X465)*QCI!$AA$3),0)),SomaAgrup)","v":135.99982993961439},{"$f":"IF($C465=\"S\",IF($Z465=\"OU\",ROUND($X465,2),0),SomaAgrup)","v":0},{"$f":"IF($N465=\"\",\" \",\nIF(AND($C465<>\"S\",OR($R465=\"\",$R465=\"(digite a descrição aqui)\")),\"DESCRIÇÃO\",\nIF(AND($C465=\"S\",OR($Q465<>\"\",$T465>0,$U465>0),$P465=\"\"),\"FONTE\",\nIF(AND($C465=\"S\",$P465<>\"\",OR($T465>0,$U465>0),$Q465=\"\"),\"CÓDIGO\",\nIF(AND($C465=\"S\",$P465<>\"\",$Q465<>\"\",$R465=\"(Código não identificado nas referências)\"),\"CÓDIGO N/ID\",\nIF(AND($C465=\"S\",OR($R465=\"\",$R465=\"(digite a descrição aqui)\"),OR($Q465<>\"\",$T465>0,$U465>0)),\"DESCRIÇÃO\",\nIF(AND($C465=\"S\",$P465<>\"\",$Q465<>\"\",$S465=\"\"),\"UNIDADE\",\nIF(AND($C465=\"S\",$P465<>\"\",$Q465<>\"\",$U465=0),\"SEM CUSTO\",\nIF(AND(TIPOORCAMENTO=\"Licitado\",$AL465=0,$AN465>0),\"SEM PREÇO\",\nIF(AND($C465=\"S\",$P465<>\"\",$Q465<>\"\",$U465>0,AND($V465<>\"BDI 1\",$V465<>\"BDI 2\",$V465<>\"BDI 3\")),IF(ISNUMBER($V465),\"JUSTIFICAR BDI\",\"BDI\"),\nIF(OR(AND(import.recurso=\"OGU\",TIPOORCAMENTO=\"Proposto\",LEFT($O$8,5)<>\"(N/D:\",$AG465<>\"\",ORÇAMENTO.CustoUnitario>$AG465),AND(TIPOORCAMENTO=\"LICITADO\",ORÇAMENTO.PrecoUnitarioLicitado>$AN465)),\"ACIMA REF.\",\nIF(AND($C465=\"S\",$P465<>\"\",$Q465<>\"\",$T465=0,$U465>0),\"QUANT.\",\nIF(AND(Import.TipoArredondamento=\"TransfereGOV\",$L465=\"F\",$C465=\"S\",LEN($Q465)>13),\"Código >13\",\nIF(AND(Import.TipoArredondamento=\"TransfereGOV\",$L465=\"F\",$C465<>\"S\",LEN($R465)>100),\"Descrição >100\",\nIF(AND(Import.TipoArredondamento=\"TransfereGOV\",$L465=\"F\",$C465=\"S\",LEN($R465)>500),\"Descrição >500\",\nIF(AND(Import.TipoArredondamento=\"TransfereGOV\",$L465=\"F\",$C465=\"S\",LEFT(TRIM(UPPER($P465)),6)<>\"SINAPI\",ISNA(VLOOKUP(TRIM(UPPER($S465)),ListaTgov.Unidades,1,FALSE))),\"Unid. Não Disp\",\n\" \"))))))))))))))))","v":" "},{"$f":"IF(C465<=CRONO.NivelExibicao,MAX($AD$15:OFFSET(AD465,-1,0))+IF($C465<>1,1,MAX(1,COUNTIF(QCI!$A$13:$A$36,OFFSET($E465,-1,0)))),\"\")","v":68},{"$f":"IF(AND($C465=\"S\",ORÇAMENTO.CodBarra<>\"\"),IF(ORÇAMENTO.Fonte=\"\",ORÇAMENTO.CodBarra,CONCATENATE(ORÇAMENTO.Fonte,\" \",ORÇAMENTO.CodBarra)))","v":false},{"$f":"IF(ISERROR(ORÇAMENTO.BancoRef),\"(abra o arquivo 'Referência \"&Excel_BuiltIn_Database&\".xlsm)\",IF(OR($C465<>\"S\",ORÇAMENTO.CodBarra=\"\"),\"(Sem Código)\",IF(ISERROR(MATCH($AE465,INDIRECT(ORÇAMENTO.BancoRef),0)),\"(Código não identificado nas referências)\",MATCH($AE465,INDIRECT(ORÇAMENTO.BancoRef),0))))","v":"(Sem Código)"},{"$f":"ROUND(IF(DESONERACAO=\"sim\",REFERENCIA.Desonerado,REFERENCIA.NaoDesonerado),2)","v":0},0.25290000000000001,null,null,null,null,1571.64,{"$f":"ROUND(ORÇAMENTO.CustoUnitario*(1+$AH465),2)","v":0}]
["S",2,"S",0,{"$f":"IF($C466=1,OFFSET(E466,-1,0)+MAX(1,COUNTIF(QCI!$A$13:$A$36,OFFSET(ORÇAMENTO!E466,-1,0))),OFFSET(E466,-1,0))","v":21},2,0,0,1,0,{"$f":"IF(OR($C466=\"S\",$C466=0),0,MATCH(OFFSET($D466,0,$C466)+IF($C466<>1,1,COUNTIF(QCI!$A$13:$A$36,ORÇAMENTO!E466)),OFFSET($D466,1,$C466,ROW($C$472)-ROW($C466)),0))","v":0},"F","Serviço","Serviço","21.2.0.1.","SINAPI","103946",{"$f":"IF($C466=\"S\",REFERENCIA.Descricao,\"(digite a descrição aqui)\")","v":"PLANTIO DE GRAMA ESMERALDA OU SÃO CARLOS OU CURITIBANA, EM PLACAS. AF_07/2024"},{"$f":"REFERENCIA.Unidade","v":"M2"},{"$f":"OFFSET(CÁLCULO!H$15,ROW($T466)-ROW(T$15),0)","v":72.66},{"$f":"AG466","v":17.260000000000002},"BDI 1",{"$f":"IF($C466=\"S\",ROUND(IF(TIPOORCAMENTO=\"Proposto\",ORÇAMENTO.CustoUnitario*(1+$AH466),ORÇAMENTO.PrecoUnitarioLicitado),15-13*$AF$10),0)","v":21.63},{"$f":"IF($C466=\"S\",IF(OR(Import.TipoArredondamento<>\"TransfereGOV\",ACOMPANHAMENTO=\"BM\"),VTOTAL1,SUM(OFFSET(CÁLCULO!$AI$15,ROW($X466)-ROW($X$15),1):OFFSET(CÁLCULO!$BB$15,ROW($X466)-ROW($X$15),-1))),IF($C466=0,0,ROUND(SomaAgrup,15-13*$AF$11)))","v":1571.64},"RA","RA",{"$f":"IF($C466=\"S\",IF($Z466=\"CP\",$X466,IF($Z466=\"RA\",(($X466)*QCI!$AA$3),0)),SomaAgrup)","v":135.99982993961439},{"$f":"IF($C466=\"S\",IF($Z466=\"OU\",ROUND($X466,2),0),SomaAgrup)","v":0},{"$f":"IF($N466=\"\",\" \",\nIF(AND($C466<>\"S\",OR($R466=\"\",$R466=\"(digite a descrição aqui)\")),\"DESCRIÇÃO\",\nIF(AND($C466=\"S\",OR($Q466<>\"\",$T466>0,$U466>0),$P466=\"\"),\"FONTE\",\nIF(AND($C466=\"S\",$P466<>\"\",OR($T466>0,$U466>0),$Q466=\"\"),\"CÓDIGO\",\nIF(AND($C466=\"S\",$P466<>\"\",$Q466<>\"\",$R466=\"(Código não identificado nas referências)\"),\"CÓDIGO N/ID\",\nIF(AND($C466=\"S\",OR($R466=\"\",$R466=\"(digite a descrição aqui)\"),OR($Q466<>\"\",$T466>0,$U466>0)),\"DESCRIÇÃO\",\nIF(AND($C466=\"S\",$P466<>\"\",$Q466<>\"\",$S466=\"\"),\"UNIDADE\",\nIF(AND($C466=\"S\",$P466<>\"\",$Q466<>\"\",$U466=0),\"SEM CUSTO\",\nIF(AND(TIPOORCAMENTO=\"Licitado\",$AL466=0,$AN466>0),\"SEM PREÇO\",\nIF(AND($C466=\"S\",$P466<>\"\",$Q466<>\"\",$U466>0,AND($V466<>\"BDI 1\",$V466<>\"BDI 2\",$V466<>\"BDI 3\")),IF(ISNUMBER($V466),\"JUSTIFICAR BDI\",\"BDI\"),\nIF(OR(AND(import.recurso=\"OGU\",TIPOORCAMENTO=\"Proposto\",LEFT($O$8,5)<>\"(N/D:\",$AG466<>\"\",ORÇAMENTO.CustoUnitario>$AG466),AND(TIPOORCAMENTO=\"LICITADO\",ORÇAMENTO.PrecoUnitarioLicitado>$AN466)),\"ACIMA REF.\",\nIF(AND($C466=\"S\",$P466<>\"\",$Q466<>\"\",$T466=0,$U466>0),\"QUANT.\",\nIF(AND(Import.TipoArredondamento=\"TransfereGOV\",$L466=\"F\",$C466=\"S\",LEN($Q466)>13),\"Código >13\",\nIF(AND(Import.TipoArredondamento=\"TransfereGOV\",$L466=\"F\",$C466<>\"S\",LEN($R466)>100),\"Descrição >100\",\nIF(AND(Import.TipoArredondamento=\"TransfereGOV\",$L466=\"F\",$C466=\"S\",LEN($R466)>500),\"Descrição >500\",\nIF(AND(Import.TipoArredondamento=\"TransfereGOV\",$L466=\"F\",$C466=\"S\",LEFT(TRIM(UPPER($P466)),6)<>\"SINAPI\",ISNA(VLOOKUP(TRIM(UPPER($S466)),ListaTgov.Unidades,1,FALSE))),\"Unid. Não Disp\",\n\" \"))))))))))))))))","v":" "},{"$f":"IF(C466<=CRONO.NivelExibicao,MAX($AD$15:OFFSET(AD466,-1,0))+IF($C466<>1,1,MAX(1,COUNTIF(QCI!$A$13:$A$36,OFFSET($E466,-1,0)))),\"\")","v":""},{"$f":"IF(AND($C466=\"S\",ORÇAMENTO.CodBarra<>\"\"),IF(ORÇAMENTO.Fonte=\"\",ORÇAMENTO.CodBarra,CONCATENATE(ORÇAMENTO.Fonte,\" \",ORÇAMENTO.CodBarra)))","v":"SINAPI 103946"},{"$f":"IF(ISERROR(ORÇAMENTO.BancoRef),\"(abra o arquivo 'Referência \"&Excel_BuiltIn_Database&\".xlsm)\",IF(OR($C466<>\"S\",ORÇAMENTO.CodBarra=\"\"),\"(Sem Código)\",IF(ISERROR(MATCH($AE466,INDIRECT(ORÇAMENTO.BancoRef),0)),\"(Código não identificado nas referências)\",MATCH($AE466,INDIRECT(ORÇAMENTO.BancoRef),0))))","v":13789},{"$f":"ROUND(IF(DESONERACAO=\"sim\",REFERENCIA.Desonerado,REFERENCIA.NaoDesonerado),2)","v":17.260000000000002},0.25290000000000001,null,null,null,null,1571.64,{"$f":"ROUND(ORÇAMENTO.CustoUnitario*(1+$AH466),2)","v":21.63}]
[2,2,2,2,{"$f":"IF($C467=1,OFFSET(E467,-1,0)+MAX(1,COUNTIF(QCI!$A$13:$A$36,OFFSET(ORÇAMENTO!E467,-1,0))),OFFSET(E467,-1,0))","v":21},3,0,0,0,2,{"$f":"IF(OR($C467=\"S\",$C467=0),0,MATCH(OFFSET($D467,0,$C467)+IF($C467<>1,1,COUNTIF(QCI!$A$13:$A$36,ORÇAMENTO!E467)),OFFSET($D467,1,$C467,ROW($C$472)-ROW($C467)),0))","v":{"$error":"#N/A"}},"F","Nível 2","Nível 2","21.3.","SINAPI",null,{"$f":"IF($C467=\"S\",REFERENCIA.Descricao,\"SINALIZAÇÃO\")","v":"SINALIZAÇÃO"},{"$f":"REFERENCIA.Unidade","v":"-"},{"$f":"OFFSET(CÁLCULO!H$15,ROW($T467)-ROW(T$15),0)","v":0},null,"BDI 1",{"$f":"IF($C467=\"S\",ROUND(IF(TIPOORCAMENTO=\"Proposto\",ORÇAMENTO.CustoUnitario*(1+$AH467),ORÇAMENTO.PrecoUnitarioLicitado),15-13*$AF$10),0)","v":0},{"$f":"IF($C467=\"S\",IF(OR(Import.TipoArredondamento<>\"TransfereGOV\",ACOMPANHAMENTO=\"BM\"),VTOTAL1,SUM(OFFSET(CÁLCULO!$AI$15,ROW($X467)-ROW($X$15),1):OFFSET(CÁLCULO!$BB$15,ROW($X467)-ROW($X$15),-1))),IF($C467=0,0,ROUND(SomaAgrup,15-13*$AF$11)))","v":1262.8},"RA","",{"$f":"IF($C467=\"S\",IF($Z467=\"CP\",$X467,IF($Z467=\"RA\",(($X467)*QCI!$AA$3),0)),SomaAgrup)","v":109.27476091709617},{"$f":"IF($C467=\"S\",IF($Z467=\"OU\",ROUND($X467,2),0),SomaAgrup)","v":0},{"$f":"IF($N467=\"\",\" \",\nIF(AND($C467<>\"S\",OR($R467=\"\",$R467=\"(digite a descrição aqui)\")),\"DESCRIÇÃO\",\nIF(AND($C467=\"S\",OR($Q467<>\"\",$T467>0,$U467>0),$P467=\"\"),\"FONTE\",\nIF(AND($C467=\"S\",$P467<>\"\",OR($T467>0,$U467>0),$Q467=\"\"),\"CÓDIGO\",\nIF(AND($C467=\"S\",$P467<>\"\",$Q467<>\"\",$R467=\"(Código não identificado nas referências)\"),\"CÓDIGO N/ID\",\nIF(AND($C467=\"S\",OR($R467=\"\",$R467=\"(digite a descrição aqui)\"),OR($Q467<>\"\",$T467>0,$U467>0)),\"DESCRIÇÃO\",\nIF(AND($C467=\"S\",$P467<>\"\",$Q467<>\"\",$S467=\"\"),\"UNIDADE\",\nIF(AND($C467=\"S\",$P467<>\"\",$Q467<>\"\",$U467=0),\"SEM CUSTO\",\nIF(AND(TIPOORCAMENTO=\"Licitado\",$AL467=0,$AN467>0),\"SEM PREÇO\",\nIF(AND($C467=\"S\",$P467<>\"\",$Q467<>\"\",$U467>0,AND($V467<>\"BDI 1\",$V467<>\"BDI 2\",$V467<>\"BDI 3\")),IF(ISNUMBER($V467),\"JUSTIFICAR BDI\",\"BDI\"),\nIF(OR(AND(import.recurso=\"OGU\",TIPOORCAMENTO=\"Proposto\",LEFT($O$8,5)<>\"(N/D:\",$AG467<>\"\",ORÇAMENTO.CustoUnitario>$AG467),AND(TIPOORCAMENTO=\"LICITADO\",ORÇAMENTO.PrecoUnitarioLicitado>$AN467)),\"ACIMA REF.\",\nIF(AND($C467=\"S\",$P467<>\"\",$Q467<>\"\",$T467=0,$U467>0),\"QUANT.\",\nIF(AND(Import.TipoArredondamento=\"TransfereGOV\",$L467=\"F\",$C467=\"S\",LEN($Q467)>13),\"Código >13\",\nIF(AND(Import.TipoArredondamento=\"TransfereGOV\",$L467=\"F\",$C467<>\"S\",LEN($R467)>100),\"Descrição >100\",\nIF(AND(Import.TipoArredondamento=\"TransfereGOV\",$L467=\"F\",$C467=\"S\",LEN($R467)>500),\"Descrição >500\",\nIF(AND(Import.TipoArredondamento=\"TransfereGOV\",$L467=\"F\",$C467=\"S\",LEFT(TRIM(UPPER($P467)),6)<>\"SINAPI\",ISNA(VLOOKUP(TRIM(UPPER($S467)),ListaTgov.Unidades,1,FALSE))),\"Unid. Não Disp\",\n\" \"))))))))))))))))","v":" "},{"$f":"IF(C467<=CRONO.NivelExibicao,MAX($AD$15:OFFSET(AD467,-1,0))+IF($C467<>1,1,MAX(1,COUNTIF(QCI!$A$13:$A$36,OFFSET($E467,-1,0)))),\"\")","v":69},{"$f":"IF(AND($C467=\"S\",ORÇAMENTO.CodBarra<>\"\"),IF(ORÇAMENTO.Fonte=\"\",ORÇAMENTO.CodBarra,CONCATENATE(ORÇAMENTO.Fonte,\" \",ORÇAMENTO.CodBarra)))","v":false},{"$f":"IF(ISERROR(ORÇAMENTO.BancoRef),\"(abra o arquivo 'Referência \"&Excel_BuiltIn_Database&\".xlsm)\",IF(OR($C467<>\"S\",ORÇAMENTO.CodBarra=\"\"),\"(Sem Código)\",IF(ISERROR(MATCH($AE467,INDIRECT(ORÇAMENTO.BancoRef),0)),\"(Código não identificado nas referências)\",MATCH($AE467,INDIRECT(ORÇAMENTO.BancoRef),0))))","v":"(Sem Código)"},{"$f":"ROUND(IF(DESONERACAO=\"sim\",REFERENCIA.Desonerado,REFERENCIA.NaoDesonerado),2)","v":0},0.25290000000000001,null,null,null,null,1262.8,{"$f":"ROUND(ORÇAMENTO.CustoUnitario*(1+$AH467),2)","v":0}]
["S",2,"S",0,{"$f":"IF($C468=1,OFFSET(E468,-1,0)+MAX(1,COUNTIF(QCI!$A$13:$A$36,OFFSET(ORÇAMENTO!E468,-1,0))),OFFSET(E468,-1,0))","v":21},3,0,0,1,0,{"$f":"IF(OR($C468=\"S\",$C468=0),0,MATCH(OFFSET($D468,0,$C468)+IF($C468<>1,1,COUNTIF(QCI!$A$13:$A$36,ORÇAMENTO!E468)),OFFSET($D468,1,$C468,ROW($C$472)-ROW($C468)),0))","v":0},"F","Serviço","Serviço","21.3.0.1.","Composição","COMP140",{"$f":"IF($C468=\"S\",REFERENCIA.Descricao,\"(digite a descrição aqui)\")","v":"LETRA EM AÇO INOX ESCOVADO/POLIDO 20 X 20CM - INSTALADO"},{"$f":"REFERENCIA.Unidade","v":"UN"},{"$f":"OFFSET(CÁLCULO!H$15,ROW($T468)-ROW(T$15),0)","v":10},{"$f":"AG468","v":100.79},"BDI 1",{"$f":"IF($C468=\"S\",ROUND(IF(TIPOORCAMENTO=\"Proposto\",ORÇAMENTO.CustoUnitario*(1+$AH468),ORÇAMENTO.PrecoUnitarioLicitado),15-13*$AF$10),0)","v":126.28},{"$f":"IF($C468=\"S\",IF(OR(Import.TipoArredondamento<>\"TransfereGOV\",ACOMPANHAMENTO=\"BM\"),VTOTAL1,SUM(OFFSET(CÁLCULO!$AI$15,ROW($X468)-ROW($X$15),1):OFFSET(CÁLCULO!$BB$15,ROW($X468)-ROW($X$15),-1))),IF($C468=0,0,ROUND(SomaAgrup,15-13*$AF$11)))","v":1262.8},"RA","RA",{"$f":"IF($C468=\"S\",IF($Z468=\"CP\",$X468,IF($Z468=\"RA\",(($X468)*QCI!$AA$3),0)),SomaAgrup)","v":109.27476091709617},{"$f":"IF($C468=\"S\",IF($Z468=\"OU\",ROUND($X468,2),0),SomaAgrup)","v":0},{"$f":"IF($N468=\"\",\" \",\nIF(AND($C468<>\"S\",OR($R468=\"\",$R468=\"(digite a descrição aqui)\")),\"DESCRIÇÃO\",\nIF(AND($C468=\"S\",OR($Q468<>\"\",$T468>0,$U468>0),$P468=\"\"),\"FONTE\",\nIF(AND($C468=\"S\",$P468<>\"\",OR($T468>0,$U468>0),$Q468=\"\"),\"CÓDIGO\",\nIF(AND($C468=\"S\",$P468<>\"\",$Q468<>\"\",$R468=\"(Código não identificado nas referências)\"),\"CÓDIGO N/ID\",\nIF(AND($C468=\"S\",OR($R468=\"\",$R468=\"(digite a descrição aqui)\"),OR($Q468<>\"\",$T468>0,$U468>0)),\"DESCRIÇÃO\",\nIF(AND($C468=\"S\",$P468<>\"\",$Q468<>\"\",$S468=\"\"),\"UNIDADE\",\nIF(AND($C468=\"S\",$P468<>\"\",$Q468<>\"\",$U468=0),\"SEM CUSTO\",\nIF(AND(TIPOORCAMENTO=\"Licitado\",$AL468=0,$AN468>0),\"SEM PREÇO\",\nIF(AND($C468=\"S\",$P468<>\"\",$Q468<>\"\",$U468>0,AND($V468<>\"BDI 1\",$V468<>\"BDI 2\",$V468<>\"BDI 3\")),IF(ISNUMBER($V468),\"JUSTIFICAR BDI\",\"BDI\"),\nIF(OR(AND(import.recurso=\"OGU\",TIPOORCAMENTO=\"Proposto\",LEFT($O$8,5)<>\"(N/D:\",$AG468<>\"\",ORÇAMENTO.CustoUnitario>$AG468),AND(TIPOORCAMENTO=\"LICITADO\",ORÇAMENTO.PrecoUnitarioLicitado>$AN468)),\"ACIMA REF.\",\nIF(AND($C468=\"S\",$P468<>\"\",$Q468<>\"\",$T468=0,$U468>0),\"QUANT.\",\nIF(AND(Import.TipoArredondamento=\"TransfereGOV\",$L468=\"F\",$C468=\"S\",LEN($Q468)>13),\"Código >13\",\nIF(AND(Import.TipoArredondamento=\"TransfereGOV\",$L468=\"F\",$C468<>\"S\",LEN($R468)>100),\"Descrição >100\",\nIF(AND(Import.TipoArredondamento=\"TransfereGOV\",$L468=\"F\",$C468=\"S\",LEN($R468)>500),\"Descrição >500\",\nIF(AND(Import.TipoArredondamento=\"TransfereGOV\",$L468=\"F\",$C468=\"S\",LEFT(TRIM(UPPER($P468)),6)<>\"SINAPI\",ISNA(VLOOKUP(TRIM(UPPER($S468)),ListaTgov.Unidades,1,FALSE))),\"Unid. Não Disp\",\n\" \"))))))))))))))))","v":" "},{"$f":"IF(C468<=CRONO.NivelExibicao,MAX($AD$15:OFFSET(AD468,-1,0))+IF($C468<>1,1,MAX(1,COUNTIF(QCI!$A$13:$A$36,OFFSET($E468,-1,0)))),\"\")","v":""},{"$f":"IF(AND($C468=\"S\",ORÇAMENTO.CodBarra<>\"\"),IF(ORÇAMENTO.Fonte=\"\",ORÇAMENTO.CodBarra,CONCATENATE(ORÇAMENTO.Fonte,\" \",ORÇAMENTO.CodBarra)))","v":"Composição COMP140"},{"$f":"IF(ISERROR(ORÇAMENTO.BancoRef),\"(abra o arquivo 'Referência \"&Excel_BuiltIn_Database&\".xlsm)\",IF(OR($C468<>\"S\",ORÇAMENTO.CodBarra=\"\"),\"(Sem Código)\",IF(ISERROR(MATCH($AE468,INDIRECT(ORÇAMENTO.BancoRef),0)),\"(Código não identificado nas referências)\",MATCH($AE468,INDIRECT(ORÇAMENTO.BancoRef),0))))","v":142},{"$f":"ROUND(IF(DESONERACAO=\"sim\",REFERENCIA.Desonerado,REFERENCIA.NaoDesonerado),2)","v":100.79},0.25290000000000001,null,null,null,null,1262.8,{"$f":"ROUND(ORÇAMENTO.CustoUnitario*(1+$AH468),2)","v":126.28}]
[1,1,1,3,{"$f":"IF($C469=1,OFFSET(E469,-1,0)+MAX(1,COUNTIF(QCI!$A$13:$A$36,OFFSET(ORÇAMENTO!E469,-1,0))),OFFSET(E469,-1,0))","v":22},0,0,0,0,3,{"$f":"IF(OR($C469=\"S\",$C469=0),0,MATCH(OFFSET($D469,0,$C469)+IF($C469<>1,1,COUNTIF(QCI!$A$13:$A$36,ORÇAMENTO!E469)),OFFSET($D469,1,$C469,ROW($C$472)-ROW($C469)),0))","v":{"$error":"#N/A"}},"F","Meta","Meta","22.","SINAPI",null,{"$f":"IF($C469=\"S\",REFERENCIA.Descricao,\"SERVIÇOS COMPLEMENTARES\")","v":"SERVIÇOS COMPLEMENTARES"},{"$f":"REFERENCIA.Unidade","v":"-"},{"$f":"OFFSET(CÁLCULO!H$15,ROW($T469)-ROW(T$15),0)","v":0},null,"BDI 1",{"$f":"IF($C469=\"S\",ROUND(IF(TIPOORCAMENTO=\"Proposto\",ORÇAMENTO.CustoUnitario*(1+$AH469),ORÇAMENTO.PrecoUnitarioLicitado),15-13*$AF$10),0)","v":0},{"$f":"IF($C469=\"S\",IF(OR(Import.TipoArredondamento<>\"TransfereGOV\",ACOMPANHAMENTO=\"BM\"),VTOTAL1,SUM(OFFSET(CÁLCULO!$AI$15,ROW($X469)-ROW($X$15),1):OFFSET(CÁLCULO!$BB$15,ROW($X469)-ROW($X$15),-1))),IF($C469=0,0,ROUND(SomaAgrup,15-13*$AF$11)))","v":6521.02},"RA","",{"$f":"IF($C469=\"S\",IF($Z469=\"CP\",$X469,IF($Z469=\"RA\",(($X469)*QCI!$AA$3),0)),SomaAgrup)","v":564.28801190655895},{"$f":"IF($C469=\"S\",IF($Z469=\"OU\",ROUND($X469,2),0),SomaAgrup)","v":0},{"$f":"IF($N469=\"\",\" \",\nIF(AND($C469<>\"S\",OR($R469=\"\",$R469=\"(digite a descrição aqui)\")),\"DESCRIÇÃO\",\nIF(AND($C469=\"S\",OR($Q469<>\"\",$T469>0,$U469>0),$P469=\"\"),\"FONTE\",\nIF(AND($C469=\"S\",$P469<>\"\",OR($T469>0,$U469>0),$Q469=\"\"),\"CÓDIGO\",\nIF(AND($C469=\"S\",$P469<>\"\",$Q469<>\"\",$R469=\"(Código não identificado nas referências)\"),\"CÓDIGO N/ID\",\nIF(AND($C469=\"S\",OR($R469=\"\",$R469=\"(digite a descrição aqui)\"),OR($Q469<>\"\",$T469>0,$U469>0)),\"DESCRIÇÃO\",\nIF(AND($C469=\"S\",$P469<>\"\",$Q469<>\"\",$S469=\"\"),\"UNIDADE\",\nIF(AND($C469=\"S\",$P469<>\"\",$Q469<>\"\",$U469=0),\"SEM CUSTO\",\nIF(AND(TIPOORCAMENTO=\"Licitado\",$AL469=0,$AN469>0),\"SEM PREÇO\",\nIF(AND($C469=\"S\",$P469<>\"\",$Q469<>\"\",$U469>0,AND($V469<>\"BDI 1\",$V469<>\"BDI 2\",$V469<>\"BDI 3\")),IF(ISNUMBER($V469),\"JUSTIFICAR BDI\",\"BDI\"),\nIF(OR(AND(import.recurso=\"OGU\",TIPOORCAMENTO=\"Proposto\",LEFT($O$8,5)<>\"(N/D:\",$AG469<>\"\",ORÇAMENTO.CustoUnitario>$AG469),AND(TIPOORCAMENTO=\"LICITADO\",ORÇAMENTO.PrecoUnitarioLicitado>$AN469)),\"ACIMA REF.\",\nIF(AND($C469=\"S\",$P469<>\"\",$Q469<>\"\",$T469=0,$U469>0),\"QUANT.\",\nIF(AND(Import.TipoArredondamento=\"TransfereGOV\",$L469=\"F\",$C469=\"S\",LEN($Q469)>13),\"Código >13\",\nIF(AND(Import.TipoArredondamento=\"TransfereGOV\",$L469=\"F\",$C469<>\"S\",LEN($R469)>100),\"Descrição >100\",\nIF(AND(Import.TipoArredondamento=\"TransfereGOV\",$L469=\"F\",$C469=\"S\",LEN($R469)>500),\"Descrição >500\",\nIF(AND(Import.TipoArredondamento=\"TransfereGOV\",$L469=\"F\",$C469=\"S\",LEFT(TRIM(UPPER($P469)),6)<>\"SINAPI\",ISNA(VLOOKUP(TRIM(UPPER($S469)),ListaTgov.Unidades,1,FALSE))),\"Unid. Não Disp\",\n\" \"))))))))))))))))","v":" "},{"$f":"IF(C469<=CRONO.NivelExibicao,MAX($AD$15:OFFSET(AD469,-1,0))+IF($C469<>1,1,MAX(1,COUNTIF(QCI!$A$13:$A$36,OFFSET($E469,-1,0)))),\"\")","v":70},{"$f":"IF(AND($C469=\"S\",ORÇAMENTO.CodBarra<>\"\"),IF(ORÇAMENTO.Fonte=\"\",ORÇAMENTO.CodBarra,CONCATENATE(ORÇAMENTO.Fonte,\" \",ORÇAMENTO.CodBarra)))","v":false},{"$f":"IF(ISERROR(ORÇAMENTO.BancoRef),\"(abra o arquivo 'Referência \"&Excel_BuiltIn_Database&\".xlsm)\",IF(OR($C469<>\"S\",ORÇAMENTO.CodBarra=\"\"),\"(Sem Código)\",IF(ISERROR(MATCH($AE469,INDIRECT(ORÇAMENTO.BancoRef),0)),\"(Código não identificado nas referências)\",MATCH($AE469,INDIRECT(ORÇAMENTO.BancoRef),0))))","v":"(Sem Código)"},{"$f":"ROUND(IF(DESONERACAO=\"sim\",REFERENCIA.Desonerado,REFERENCIA.NaoDesonerado),2)","v":0},0.25290000000000001,null,null,null,null,6521.02,{"$f":"ROUND(ORÇAMENTO.CustoUnitario*(1+$AH469),2)","v":0}]
[2,2,2,2,{"$f":"IF($C470=1,OFFSET(E470,-1,0)+MAX(1,COUNTIF(QCI!$A$13:$A$36,OFFSET(ORÇAMENTO!E470,-1,0))),OFFSET(E470,-1,0))","v":22},1,0,0,0,2,{"$f":"IF(OR($C470=\"S\",$C470=0),0,MATCH(OFFSET($D470,0,$C470)+IF($C470<>1,1,COUNTIF(QCI!$A$13:$A$36,ORÇAMENTO!E470)),OFFSET($D470,1,$C470,ROW($C$472)-ROW($C470)),0))","v":{"$error":"#N/A"}},"F","Nível 2","Nível 2","22.1.","SINAPI",null,{"$f":"IF($C470=\"S\",REFERENCIA.Descricao,\"LIMPEZA FINAL DA OBRA\")","v":"LIMPEZA FINAL DA OBRA"},{"$f":"REFERENCIA.Unidade","v":"-"},{"$f":"OFFSET(CÁLCULO!H$15,ROW($T470)-ROW(T$15),0)","v":0},null,"BDI 1",{"$f":"IF($C470=\"S\",ROUND(IF(TIPOORCAMENTO=\"Proposto\",ORÇAMENTO.CustoUnitario*(1+$AH470),ORÇAMENTO.PrecoUnitarioLicitado),15-13*$AF$10),0)","v":0},{"$f":"IF($C470=\"S\",IF(OR(Import.TipoArredondamento<>\"TransfereGOV\",ACOMPANHAMENTO=\"BM\"),VTOTAL1,SUM(OFFSET(CÁLCULO!$AI$15,ROW($X470)-ROW($X$15),1):OFFSET(CÁLCULO!$BB$15,ROW($X470)-ROW($X$15),-1))),IF($C470=0,0,ROUND(SomaAgrup,15-13*$AF$11)))","v":6521.02},"RA","",{"$f":"IF($C470=\"S\",IF($Z470=\"CP\",$X470,IF($Z470=\"RA\",(($X470)*QCI!$AA$3),0)),SomaAgrup)","v":564.28801190655895},{"$f":"IF($C470=\"S\",IF($Z470=\"OU\",ROUND($X470,2),0),SomaAgrup)","v":0},{"$f":"IF($N470=\"\",\" \",\nIF(AND($C470<>\"S\",OR($R470=\"\",$R470=\"(digite a descrição aqui)\")),\"DESCRIÇÃO\",\nIF(AND($C470=\"S\",OR($Q470<>\"\",$T470>0,$U470>0),$P470=\"\"),\"FONTE\",\nIF(AND($C470=\"S\",$P470<>\"\",OR($T470>0,$U470>0),$Q470=\"\"),\"CÓDIGO\",\nIF(AND($C470=\"S\",$P470<>\"\",$Q470<>\"\",$R470=\"(Código não identificado nas referências)\"),\"CÓDIGO N/ID\",\nIF(AND($C470=\"S\",OR($R470=\"\",$R470=\"(digite a descrição aqui)\"),OR($Q470<>\"\",$T470>0,$U470>0)),\"DESCRIÇÃO\",\nIF(AND($C470=\"S\",$P470<>\"\",$Q470<>\"\",$S470=\"\"),\"UNIDADE\",\nIF(AND($C470=\"S\",$P470<>\"\",$Q470<>\"\",$U470=0),\"SEM CUSTO\",\nIF(AND(TIPOORCAMENTO=\"Licitado\",$AL470=0,$AN470>0),\"SEM PREÇO\",\nIF(AND($C470=\"S\",$P470<>\"\",$Q470<>\"\",$U470>0,AND($V470<>\"BDI 1\",$V470<>\"BDI 2\",$V470<>\"BDI 3\")),IF(ISNUMBER($V470),\"JUSTIFICAR BDI\",\"BDI\"),\nIF(OR(AND(import.recurso=\"OGU\",TIPOORCAMENTO=\"Proposto\",LEFT($O$8,5)<>\"(N/D:\",$AG470<>\"\",ORÇAMENTO.CustoUnitario>$AG470),AND(TIPOORCAMENTO=\"LICITADO\",ORÇAMENTO.PrecoUnitarioLicitado>$AN470)),\"ACIMA REF.\",\nIF(AND($C470=\"S\",$P470<>\"\",$Q470<>\"\",$T470=0,$U470>0),\"QUANT.\",\nIF(AND(Import.TipoArredondamento=\"TransfereGOV\",$L470=\"F\",$C470=\"S\",LEN($Q470)>13),\"Código >13\",\nIF(AND(Import.TipoArredondamento=\"TransfereGOV\",$L470=\"F\",$C470<>\"S\",LEN($R470)>100),\"Descrição >100\",\nIF(AND(Import.TipoArredondamento=\"TransfereGOV\",$L470=\"F\",$C470=\"S\",LEN($R470)>500),\"Descrição >500\",\nIF(AND(Import.TipoArredondamento=\"TransfereGOV\",$L470=\"F\",$C470=\"S\",LEFT(TRIM(UPPER($P470)),6)<>\"SINAPI\",ISNA(VLOOKUP(TRIM(UPPER($S470)),ListaTgov.Unidades,1,FALSE))),\"Unid. Não Disp\",\n\" \"))))))))))))))))","v":" "},{"$f":"IF(C470<=CRONO.NivelExibicao,MAX($AD$15:OFFSET(AD470,-1,0))+IF($C470<>1,1,MAX(1,COUNTIF(QCI!$A$13:$A$36,OFFSET($E470,-1,0)))),\"\")","v":71},{"$f":"IF(AND($C470=\"S\",ORÇAMENTO.CodBarra<>\"\"),IF(ORÇAMENTO.Fonte=\"\",ORÇAMENTO.CodBarra,CONCATENATE(ORÇAMENTO.Fonte,\" \",ORÇAMENTO.CodBarra)))","v":false},{"$f":"IF(ISERROR(ORÇAMENTO.BancoRef),\"(abra o arquivo 'Referência \"&Excel_BuiltIn_Database&\".xlsm)\",IF(OR($C470<>\"S\",ORÇAMENTO.CodBarra=\"\"),\"(Sem Código)\",IF(ISERROR(MATCH($AE470,INDIRECT(ORÇAMENTO.BancoRef),0)),\"(Código não identificado nas referências)\",MATCH($AE470,INDIRECT(ORÇAMENTO.BancoRef),0))))","v":"(Sem Código)"},{"$f":"ROUND(IF(DESONERACAO=\"sim\",REFERENCIA.Desonerado,REFERENCIA.NaoDesonerado),2)","v":0},0.25290000000000001,null,null,null,null,6521.02,{"$f":"ROUND(ORÇAMENTO.CustoUnitario*(1+$AH470),2)","v":0}]
["S",2,"S",0,{"$f":"IF($C471=1,OFFSET(E471,-1,0)+MAX(1,COUNTIF(QCI!$A$13:$A$36,OFFSET(ORÇAMENTO!E471,-1,0))),OFFSET(E471,-1,0))","v":22},1,0,0,1,0,{"$f":"IF(OR($C471=\"S\",$C471=0),0,MATCH(OFFSET($D471,0,$C471)+IF($C471<>1,1,COUNTIF(QCI!$A$13:$A$36,ORÇAMENTO!E471)),OFFSET($D471,1,$C471,ROW($C$472)-ROW($C471)),0))","v":0},"F","Serviço","Serviço","22.1.0.1.","Composição","COMP141",{"$f":"IF($C471=\"S\",REFERENCIA.Descricao,\"(digite a descrição aqui)\")","v":"LIMPEZA/REMOÇÃO DE TINTAS EM PISOS E REVESTIMENTOS"},"M2",{"$f":"OFFSET(CÁLCULO!H$15,ROW($T471)-ROW(T$15),0)","v":389.78},{"$f":"AG471","v":13.35},"BDI 1",{"$f":"IF($C471=\"S\",ROUND(IF(TIPOORCAMENTO=\"Proposto\",ORÇAMENTO.CustoUnitario*(1+$AH471),ORÇAMENTO.PrecoUnitarioLicitado),15-13*$AF$10),0)","v":16.73},{"$f":"IF($C471=\"S\",IF(OR(Import.TipoArredondamento<>\"TransfereGOV\",ACOMPANHAMENTO=\"BM\"),VTOTAL1,SUM(OFFSET(CÁLCULO!$AI$15,ROW($X471)-ROW($X$15),1):OFFSET(CÁLCULO!$BB$15,ROW($X471)-ROW($X$15),-1))),IF($C471=0,0,ROUND(SomaAgrup,15-13*$AF$11)))","v":6521.02},"RA","RA",{"$f":"IF($C471=\"S\",IF($Z471=\"CP\",$X471,IF($Z471=\"RA\",(($X471)*QCI!$AA$3),0)),SomaAgrup)","v":564.28801190655895},{"$f":"IF($C471=\"S\",IF($Z471=\"OU\",ROUND($X471,2),0),SomaAgrup)","v":0},{"$f":"IF($N471=\"\",\" \",\nIF(AND($C471<>\"S\",OR($R471=\"\",$R471=\"(digite a descrição aqui)\")),\"DESCRIÇÃO\",\nIF(AND($C471=\"S\",OR($Q471<>\"\",$T471>0,$U471>0),$P471=\"\"),\"FONTE\",\nIF(AND($C471=\"S\",$P471<>\"\",OR($T471>0,$U471>0),$Q471=\"\"),\"CÓDIGO\",\nIF(AND($C471=\"S\",$P471<>\"\",$Q471<>\"\",$R471=\"(Código não identificado nas referências)\"),\"CÓDIGO N/ID\",\nIF(AND($C471=\"S\",OR($R471=\"\",$R471=\"(digite a descrição aqui)\"),OR($Q471<>\"\",$T471>0,$U471>0)),\"DESCRIÇÃO\",\nIF(AND($C471=\"S\",$P471<>\"\",$Q471<>\"\",$S471=\"\"),\"UNIDADE\",\nIF(AND($C471=\"S\",$P471<>\"\",$Q471<>\"\",$U471=0),\"SEM CUSTO\",\nIF(AND(TIPOORCAMENTO=\"Licitado\",$AL471=0,$AN471>0),\"SEM PREÇO\",\nIF(AND($C471=\"S\",$P471<>\"\",$Q471<>\"\",$U471>0,AND($V471<>\"BDI 1\",$V471<>\"BDI 2\",$V471<>\"BDI 3\")),IF(ISNUMBER($V471),\"JUSTIFICAR BDI\",\"BDI\"),\nIF(OR(AND(import.recurso=\"OGU\",TIPOORCAMENTO=\"Proposto\",LEFT($O$8,5)<>\"(N/D:\",$AG471<>\"\",ORÇAMENTO.CustoUnitario>$AG471),AND(TIPOORCAMENTO=\"LICITADO\",ORÇAMENTO.PrecoUnitarioLicitado>$AN471)),\"ACIMA REF.\",\nIF(AND($C471=\"S\",$P471<>\"\",$Q471<>\"\",$T471=0,$U471>0),\"QUANT.\",\nIF(AND(Import.TipoArredondamento=\"TransfereGOV\",$L471=\"F\",$C471=\"S\",LEN($Q471)>13),\"Código >13\",\nIF(AND(Import.TipoArredondamento=\"TransfereGOV\",$L471=\"F\",$C471<>\"S\",LEN($R471)>100),\"Descrição >100\",\nIF(AND(Import.TipoArredondamento=\"TransfereGOV\",$L471=\"F\",$C471=\"S\",LEN($R471)>500),\"Descrição >500\",\nIF(AND(Import.TipoArredondamento=\"TransfereGOV\",$L471=\"F\",$C471=\"S\",LEFT(TRIM(UPPER($P471)),6)<>\"SINAPI\",ISNA(VLOOKUP(TRIM(UPPER($S471)),ListaTgov.Unidades,1,FALSE))),\"Unid. Não Disp\",\n\" \"))))))))))))))))","v":" "},{"$f":"IF(C471<=CRONO.NivelExibicao,MAX($AD$15:OFFSET(AD471,-1,0))+IF($C471<>1,1,MAX(1,COUNTIF(QCI!$A$13:$A$36,OFFSET($E471,-1,0)))),\"\")","v":""},{"$f":"IF(AND($C471=\"S\",ORÇAMENTO.CodBarra<>\"\"),IF(ORÇAMENTO.Fonte=\"\",ORÇAMENTO.CodBarra,CONCATENATE(ORÇAMENTO.Fonte,\" \",ORÇAMENTO.CodBarra)))","v":"Composição COMP141"},{"$f":"IF(ISERROR(ORÇAMENTO.BancoRef),\"(abra o arquivo 'Referência \"&Excel_BuiltIn_Database&\".xlsm)\",IF(OR($C471<>\"S\",ORÇAMENTO.CodBarra=\"\"),\"(Sem Código)\",IF(ISERROR(MATCH($AE471,INDIRECT(ORÇAMENTO.BancoRef),0)),\"(Código não identificado nas referências)\",MATCH($AE471,INDIRECT(ORÇAMENTO.BancoRef),0))))","v":143},{"$f":"ROUND(IF(DESONERACAO=\"sim\",REFERENCIA.Desonerado,REFERENCIA.NaoDesonerado),2)","v":13.35},0.25290000000000001,null,null,null,null,6521.02,{"$f":"ROUND(ORÇAMENTO.CustoUnitario*(1+$AH471),2)","v":16.73}]
[-1,null,-1,null,0,0,0,0,0,null,null,"F",null,null,null,null,null,null,null,null,null,null,null,null,null,null,null,null,{"$f":"IF($N472=\"\",\" \",\nIF(AND($C472<>\"S\",OR($R472=\"\",$R472=\"(digite a descrição aqui)\")),\"DESCRIÇÃO\",\nIF(AND($C472=\"S\",OR($Q472<>\"\",$T472>0,$U472>0),$P472=\"\"),\"FONTE\",\nIF(AND($C472=\"S\",$P472<>\"\",OR($T472>0,$U472>0),$Q472=\"\"),\"CÓDIGO\",\nIF(AND($C472=\"S\",$P472<>\"\",$Q472<>\"\",$R472=\"(Código não identificado nas referências)\"),\"CÓDIGO N/ID\",\nIF(AND($C472=\"S\",OR($R472=\"\",$R472=\"(digite a descrição aqui)\"),OR($Q472<>\"\",$T472>0,$U472>0)),\"DESCRIÇÃO\",\nIF(AND($C472=\"S\",$P472<>\"\",$Q472<>\"\",$S472=\"\"),\"UNIDADE\",\nIF(AND($C472=\"S\",$P472<>\"\",$Q472<>\"\",$U472=0),\"SEM CUSTO\",\nIF(AND(TIPOORCAMENTO=\"Licitado\",$AL472=0,$AN472>0),\"SEM PREÇO\",\nIF(AND($C472=\"S\",$P472<>\"\",$Q472<>\"\",$U472>0,AND($V472<>\"BDI 1\",$V472<>\"BDI 2\",$V472<>\"BDI 3\")),IF(ISNUMBER($V472),\"JUSTIFICAR BDI\",\"BDI\"),\nIF(OR(AND(import.recurso=\"OGU\",TIPOORCAMENTO=\"Proposto\",LEFT($O$8,5)<>\"(N/D:\",$AG472<>\"\",ORÇAMENTO.CustoUnitario>$AG472),AND(TIPOORCAMENTO=\"LICITADO\",ORÇAMENTO.PrecoUnitarioLicitado>$AN472)),\"ACIMA REF.\",\nIF(AND($C472=\"S\",$P472<>\"\",$Q472<>\"\",$T472=0,$U472>0),\"QUANT.\",\nIF(AND(Import.TipoArredondamento=\"TransfereGOV\",$L472=\"F\",$C472=\"S\",LEN($Q472)>13),\"Código >13\",\nIF(AND(Import.TipoArredondamento=\"TransfereGOV\",$L472=\"F\",$C472<>\"S\",LEN($R472)>100),\"Descrição >100\",\nIF(AND(Import.TipoArredondamento=\"TransfereGOV\",$L472=\"F\",$C472=\"S\",LEN($R472)>500),\"Descrição >500\",\nIF(AND(Import.TipoArredondamento=\"TransfereGOV\",$L472=\"F\",$C472=\"S\",LEFT(TRIM(UPPER($P472)),6)<>\"SINAPI\",ISNA(VLOOKUP(TRIM(UPPER($S472)),ListaTgov.Unidades,1,FALSE))),\"Unid. Não Disp\",\n\" \"))))))))))))))))","v":" "}]
[]
[]
[null,null,null,null,null,null,null,null,null,null,null,null,null,null,"Encargos sociais:",null,"Para elaboração deste orçamento, foram utilizados os encargos sociais do SINAPI para a Unidade da Federação indicada."]
[]
[null,null,null,null,null,null,null,null,null,null,null,null,null,null,"Observações:"]
[]
[]
[]
[]
[null,null,null,null,null,null,null,null,null,null,null,null,null,null,{"$f":"IF(AND($AF$7=FALSE,$AF$8=FALSE,$AF$9=FALSE,$AF$10=FALSE,$AF$11=FALSE),\"Não foi considerado arredondamento nos valores da planilha.\",CONCATENATE(\"Foi considerado arredondamento de duas casas decimais para \",IF($AF$7=TRUE,\"Quantidade; \",\"\"),IF($AF$8=TRUE,\"Custo Unitário; \",\"\"),IF($AF$9=TRUE,\"BDI; \",\"\"),IF($AF$10=TRUE,\"Preço Unitário; \",\"\"),IF($AF$11=TRUE,\"Preço Total.\",\"\")))","v":"Foi considerado arredondamento de duas casas decimais para Quantidade; Custo Unitário; BDI; Preço Unitário; Preço Total."}]
[null,null,null,null,null,null,null,null,null,null,null,null,null,null,"Siglas da Composição do Investimento: RA - Rateio proporcional entre Repasse e Contrapartida; RP - 100% Repasse; CP - 100% Contrapartida; OU - 100% Outros."]
[]
[null,null,null,null,null,null,null,null,null,null,null,null,null,null,{"$f":"Import.Município","v":"CARBONITA/MG"}]
[null,null,null,null,null,null,null,null,null,null,null,null,null,null,"Local",null,null,null,"Responsável Técnico"]
[null,null,null,null,null,null,null,null,null,null,null,null,null,null,null,null,null,null,"Nome:",{"$f":"Import.RespOrçamento","v":"JOSÉ EDUARDO RIBEIRO"}]
[null,null,null,null,null,null,null,null,null,null,null,null,null,null,{"$f":"DADOS!$C$25","v":"2025-12-09"},null,null,null,"CREA/CAU:","5070741588/SP"]
[null,null,null,null,null,null,null,null,null,null,null,null,null,null,"Data",null,null,null,"ART/RRT:","MG20254526204"]

{"sheet":"EVENTOS","index":5,"n_rows":45,"n_cols":26,"rows_kept":45,"cut":false,"hidden":false,"merged":[[9,23,11,23],[9,24,11,24],[7,2,7,3],[9,15,11,15],[9,16,11,16],[9,7,11,7],[9,8,11,8],[9,12,11,12],[9,13,11,13],[9,14,11,14],[9,18,11,18],[9,19,11,19],[9,20,11,20],[9,21,11,21],[9,22,11,22],[10,2,10,3],[4,5,4,12],[4,15,4,22],[9,4,11,4],[9,9,11,9],[9,10,11,10],[9,11,11,11],[9,17,11,17],[9,6,11,6]]}
[{"$f":"IF(D1=\"\",\"\",\"F\")","v":""},{"$f":"IF(OR(C1=\" \",D1=\"\"),\"\",CONCATENATE(C1,\". \",D1))","v":{"$error":"#REF!"}},{"$f":"IF(OR(ROW(C1)=ROW(EVENTOS.firstrow)+1,AND(OFFSET(C1,-1,0)<>\" \",OFFSET(C1,-1,1)<>\"\")),OFFSET(C1,-1,0)+1,\" \")","v":{"$error":"#REF!"}},null,{"$f":"IF(AUTOEVENTO=\"Manual\",ROUND(SUMPRODUCT((CÁLCULO!$M$15:$M$472=EVENTOS!$C1)*(OFFSET(CÁLCULO!$AI$15:$AI$472,0,E$13))),2),0)","v":{"$error":"#REF!"}},{"$f":"IF(AUTOEVENTO=\"Manual\",ROUND(SUMPRODUCT((CÁLCULO!$M$15:$M$472=EVENTOS!$C1)*(OFFSET(CÁLCULO!$AI$15,0,1):OFFSET(CÁLCULO!$BB$472,0,-1))),2),0)","v":{"$error":"#REF!"}},{"$f":"IF(AND(D1=0,F1>0),\"NOME\",\n IF(AND(D1<>0,$F$14>0,F1=0),\"VALOR\",\n IF(AND(Import.TipoArredondamento=\"TransfereGOV\",$A1=\"F\",LEN(D1)>100),\"Nome >100\",\"\")))","v":{"$error":"#REF!"}},{"$f":"IF(AUTOEVENTO=\"Manual\",ROUND(SUMPRODUCT((CÁLCULO!$M$15:$M$472=EVENTOS!$C1)*(OFFSET(CÁLCULO!$AI$15:$AI$472,0,H$13))),2),0)","v":{"$error":"#REF!"}},{"$f":"IF(AUTOEVENTO=\"Manual\",ROUND(SUMPRODUCT((CÁLCULO!$M$15:$M$472=EVENTOS!$C1)*(OFFSET(CÁLCULO!$AI$15:$AI$472,0,I$13))),2),0)","v":{"$error":"#REF!"}},{"$f":"IF(AUTOEVENTO=\"Manual\",ROUND(SUMPRODUCT((CÁLCULO!$M$15:$M$472=EVENTOS!$C1)*(OFFSET(CÁLCULO!$AI$15:$AI$472,0,J$13))),2),0)","v":{"$error":"#REF!"}},{"$f":"IF(AUTOEVENTO=\"Manual\",ROUND(SUMPRODUCT((CÁLCULO!$M$15:$M$472=EVENTOS!$C1)*(OFFSET(CÁLCULO!$AI$15:$AI$472,0,K$13))),2),0)","v":{"$error":"#REF!"}},{"$f":"IF(AUTOEVENTO=\"Manual\",ROUND(SUMPRODUCT((CÁLCULO!$M$15:$M$472=EVENTOS!$C1)*(OFFSET(CÁLCULO!$AI$15:$AI$472,0,L$13))),2),0)","v":{"$error":"#REF!"}},{"$f":"IF(AUTOEVENTO=\"Manual\",ROUND(SUMPRODUCT((CÁLCULO!$M$15:$M$472=EVENTOS!$C1)*(OFFSET(CÁLCULO!$AI$15:$AI$472,0,M$13))),2),0)","v":{"$error":"#REF!"}},{"$f":"IF(AUTOEVENTO=\"Manual\",ROUND(SUMPRODUCT((CÁLCULO!$M$15:$M$472=EVENTOS!$C1)*(OFFSET(CÁLCULO!$AI$15:$AI$472,0,N$13))),2),0)","v":{"$error":"#REF!"}},{"$f":"IF(AUTOEVENTO=\"Manual\",ROUND(SUMPRODUCT((CÁLCULO!$M$15:$M$472=EVENTOS!$C1)*(OFFSET(CÁLCULO!$AI$15:$AI$472,0,O$13))),2),0)","v":{"$error":"#REF!"}},{"$f":"IF(AUTOEVENTO=\"Manual\",ROUND(SUMPRODUCT((CÁLCULO!$M$15:$M$472=EVENTOS!$C1)*(OFFSET(CÁLCULO!$AI$15:$AI$472,0,P$13))),2),0)","v":{"$error":"#REF!"}},{"$f":"IF(AUTOEVENTO=\"Manual\",ROUND(SUMPRODUCT((CÁLCULO!$M$15:$M$472=EVENTOS!$C1)*(OFFSET(CÁLCULO!$AI$15:$AI$472,0,Q$13))),2),0)","v":{"$error":"#REF!"}},{"$f":"IF(AUTOEVENTO=\"Manual\",ROUND(SUMPRODUCT((CÁLCULO!$M$15:$M$472=EVENTOS!$C1)*(OFFSET(CÁLCULO!$AI$15:$AI$472,0,R$13))),2),0)","v":{"$error":"#REF!"}},{"$f":"IF(AUTOEVENTO=\"Manual\",ROUND(SUMPRODUCT((CÁLCULO!$M$15:$M$472=EVENTOS!$C1)*(OFFSET(CÁLCULO!$AI$15:$AI$472,0,S$13))),2),0)","v":{"$error":"#REF!"}},{"$f":"IF(AUTOEVENTO=\"Manual\",ROUND(SUMPRODUCT((CÁLCULO!$M$15:$M$472=EVENTOS!$C1)*(OFFSET(CÁLCULO!$AI$15:$AI$472,0,T$13))),2),0)","v":{"$error":"#REF!"}},{"$f":"IF(AUTOEVENTO=\"Manual\",ROUND(SUMPRODUCT((CÁLCULO!$M$15:$M$472=EVENTOS!$C1)*(OFFSET(CÁLCULO!$AI$15:$AI$472,0,U$13))),2),0)","v":{"$error":"#REF!"}},{"$f":"IF(AUTOEVENTO=\"Manual\",ROUND(SUMPRODUCT((CÁLCULO!$M$15:$M$472=EVENTOS!$C1)*(OFFSET(CÁLCULO!$AI$15:$AI$472,0,V$13))),2),0)","v":{"$error":"#REF!"}},{"$f":"IF(AUTOEVENTO=\"Manual\",ROUND(SUMPRODUCT((CÁLCULO!$M$15:$M$472=EVENTOS!$C1)*(OFFSET(CÁLCULO!$AI$15:$AI$472,0,W$13))),2),0)","v":{"$error":"#REF!"}},{"$f":"IF(AUTOEVENTO=\"Manual\",ROUND(SUMPRODUCT((CÁLCULO!$M$15:$M$472=EVENTOS!$C1)*(OFFSET(CÁLCULO!$AI$15:$AI$472,0,X$13))),2),0)","v":{"$error":"#REF!"}},{"$f":"IF(AUTOEVENTO=\"Manual\",ROUND(SUMPRODUCT((CÁLCULO!$M$15:$M$472=EVENTOS!$C1)*(OFFSET(CÁLCULO!$AI$15:$AI$472,0,Y$13))),2),0)","v":{"$error":"#REF!"}}]
[null,null,null,null,null,"AGRUPADORES DE EVENTOS",null,null,null,null,null,null,null,null,"Grau de Sigilo\n#PUBLICO",null,null,null,null,null,null,null,null,null,"Grau de Sigilo\n#PUBLICO"]
[]
[null,null,"PROPONENTE / TOMADOR",null,null,"APELIDO EMPREENDIMENTO",null,null,null,null,null,null,null,"Nº OPERAÇÃO","Nº TransfereGOV","APELIDO EMPREENDIMENTO",null,null,null,null,null,null,null,"Nº OPERAÇÃO","Nº TransfereGOV"]
[null,null,{"$f":"Import.Proponente","v":"PREFEITURA MUNICIPAL DE CARBONITA/MG"},null,null,{"$f":"Import.Apelido","v":"CONSTRUÇÃO DE UNIDADE BÁSICA DE SAÚDE"},null,null,null,null,null,null,null,{"$f":"Import.CR","v":"11855.2660001/25-001"},{"$f":"Import.SICONV","v":"36000010246/2025"},{"$f":"Import.Apelido","v":"CONSTRUÇÃO DE UNIDADE BÁSICA DE SAÚDE"},null,null,null,null,null,null,null,{"$f":"Import.CR","v":"11855.2660001/25-001"},{"$f":"Import.SICONV","v":"36000010246/2025"}," "]
[null,"Automática, conforme os agrupadores Nível 2 do Orçamento","1. Selecione abaixo a forma de definição dos agrupadores de eventos:",null,null,{"$f":"IF(AUTOEVENTO=\"MANUAL\",\n  IF(COUNTIF($G$15:$G$38,\"NOME\")>0,\"Falta preencher o nome do Título do Evento nº \"&INDEX($C$15:$C$38,MATCH(\"NOME\",$G$15:$G$38,0)),\n  IF(COUNTIF($G$15:$G$38,\"VALOR\")>0,\"Falta atribuir serviços ao Evento nº \"&INDEX($C$15:$C$38,MATCH(\"VALOR\",$G$15:$G$38,0))&\". Corrigir a atribuição dos eventos na aba CÁLCULO. Ou excluir linhas dos eventos não utilizados.\",\n  IF(ROUND($F$14,2)<>ROUND(ORÇAMENTO!$X$15,2),\"O valor total dos Eventos é diferente do valor total do Orçamento. Corrigir a atribuição dos eventos na aba CÁLCULO\",\n  IF(COUNTIF($G$15:$G$38,\"Nome >100\")>0,\"O tamanho do Título do Evento no TransfereGOV é limitado a 100 caracteres. Resuma o nome do Título do Evento nº \"&INDEX($C$15:$C$38,MATCH(\"Nome >100\",$G$15:$G$38,0)),\"\")))),\"\")","v":""}]
[null,"Automática, conforme os agrupadores Nível 3 do Orçamento"]
[null,"Automática, conforme os agrupadores Nível 4 do Orçamento","Definir Manualmente",null,null,{"$f":"IF(ACOMPANHAMENTO=\"BM\",\"\",\n IF(Import.Eventos.Nível=\"\",\"◄ Selecione a forma de definição dos agrupadores de eventos\",\n IF(Import.Eventos.Nível=\"\",\"◄ Selecione a forma de definição dos agrupadores de eventos\",\"\")))","v":""}]
[null,"Definir Manualmente"]
[null,null,{"$f":"COUNTIF($C$15:$C$38,\">0\")-1","v":21}," ",{"$f":"OFFSET(CÁLCULO!$P$12,0,EVENTOS!E$13)","v":"MÊS 1"}," ",null,{"$f":"OFFSET(CÁLCULO!$P$12,0,EVENTOS!H$13)","v":"MÊS 1"},{"$f":"OFFSET(CÁLCULO!$P$12,0,EVENTOS!I$13)","v":"MÊS 2"},{"$f":"OFFSET(CÁLCULO!$P$12,0,EVENTOS!J$13)","v":"MÊS 3"},{"$f":"OFFSET(CÁLCULO!$P$12,0,EVENTOS!K$13)","v":"MÊS 4"},{"$f":"OFFSET(CÁLCULO!$P$12,0,EVENTOS!L$13)","v":"MÊS 5"},{"$f":"OFFSET(CÁLCULO!$P$12,0,EVENTOS!M$13)","v":"MÊS 6"},{"$f":"OFFSET(CÁLCULO!$P$12,0,EVENTOS!N$13)","v":"MÊS 7"},{"$f":"OFFSET(CÁLCULO!$P$12,0,EVENTOS!O$13)","v":"MÊS 8"},{"$f":"OFFSET(CÁLCULO!$P$12,0,EVENTOS!P$13)","v":"MÊS 9"},{"$f":"OFFSET(CÁLCULO!$P$12,0,EVENTOS!Q$13)","v":"MÊS 10"},{"$f":"OFFSET(CÁLCULO!$P$12,0,EVENTOS!R$13)","v":"MÊS 11"},{"$f":"OFFSET(CÁLCULO!$P$12,0,EVENTOS!S$13)","v":"MÊS 12"},{"$f":"OFFSET(CÁLCULO!$P$12,0,EVENTOS!T$13)","v":"MÊS 13"},{"$f":"OFFSET(CÁLCULO!$P$12,0,EVENTOS!U$13)","v":"MÊS 14"},{"$f":"OFFSET(CÁLCULO!$P$12,0,EVENTOS!V$13)","v":"MÊS 15"},{"$f":"OFFSET(CÁLCULO!$P$12,0,EVENTOS!W$13)","v":"MÊS 16"},{"$f":"OFFSET(CÁLCULO!$P$12,0,EVENTOS!X$13)","v":"MÊS 17"},{"$f":"OFFSET(CÁLCULO!$P$12,0,EVENTOS!Y$13)","v":"MÊS 18"}]
["FILTRO",null,{"$f":"IF(ACOMPANHAMENTO=\"BM\",\"Foi selecionado na aba 'MENU' o acompanhamento por BM. Não há necessidade de definição de Eventos.\",IF(AND(Import.Eventos.Nível<>\"Definir Manualmente\",Import.Eventos.Nível<>\"\"),\"Foi selecionada a forma automática de definição dos agrupadores de eventos.\",\"\"))","v":""}]
["↓"]
[null,null,"Nº do Evento","Título do Evento",{"$f":"IF(NOT(ISNUMBER(OFFSET(E13,0,-1))),1,IF(OR(OFFSET(E13,0,-1)=0,OFFSET(E13,0,-1)+1>CÁLCULO.FrentesPreenchidas),0,OFFSET(E13,0,-1)+1))","v":1},"Valor Total dos Eventos (R$)",null,{"$f":"IF(NOT(ISNUMBER(OFFSET(H13,0,-1))),1,IF(OR(OFFSET(H13,0,-1)=0,OFFSET(H13,0,-1)+1>CÁLCULO.FrentesPreenchidas),0,OFFSET(H13,0,-1)+1))","v":1},2,3,4,5,6,7,8,9,10,11,12,13,14,15,16,17,18]
["F",null,null,"Total:",{"$f":"SUM(E$15:E$38)","v":44904.979999999996},{"$f":"SUM(F$15:F$38)","v":2189462.2800000003},null,{"$f":"SUM(H$15:H$38)","v":44904.979999999996},35123.259999999995,62702.570000000007,103324.23,10960.730000000001,18937.73,52309.120000000003,123975.29000000001,66136.52,46959.55,111154.51999999999,69291.990000000005,95636.67,194678.76000000004,294828.71999999997,575965.13,222452.37000000002,60120.14]
[{"$f":"IF(D15=\"\",\"\",\"F\")","v":""},{"$f":"IF(OR(C15=\" \",D15=\"\"),\"\",CONCATENATE(C15,\". \",D15))","v":""},{"$f":"IF(AdmLocal=\"Automática\",1,0)","v":0},{"$f":"IF(C15=1,\"Administração Local\",\"\")","v":""},{"$f":"IF($F$15=0,0,IF(E13=1,$F$15-SUM($I$15:$Z$15),ROUND(SUM(OFFSET(E15,1,0):OFFSET(E$38,-1,0))/SUM(OFFSET($F15,1,0):OFFSET($F$38,-1,0))*$F$15,2)))","v":0},{"$f":"IF($C$15=0,0,ROUND(SUMPRODUCT((CÁLCULO!$M$15:$M$472=EVENTOS!$C15)*(ORÇAMENTO!$X$15:'ORÇAMENTO'!$X$472)),2))","v":0},null,{"$f":"IF($F$15=0,0,IF(H13=1,$F$15-SUM($I$15:$Z$15),ROUND(SUM(OFFSET(H15,1,0):OFFSET(H$38,-1,0))/SUM(OFFSET($F15,1,0):OFFSET($F$38,-1,0))*$F$15,2)))","v":0},{"$f":"IF($F$15=0,0,IF(I13=1,$F$15-SUM($I$15:$Z$15),ROUND(SUM(OFFSET(I15,1,0):OFFSET(I$38,-1,0))/SUM(OFFSET($F15,1,0):OFFSET($F$38,-1,0))*$F$15,2)))","v":0},{"$f":"IF($F$15=0,0,IF(J13=1,$F$15-SUM($I$15:$Z$15),ROUND(SUM(OFFSET(J15,1,0):OFFSET(J$38,-1,0))/SUM(OFFSET($F15,1,0):OFFSET($F$38,-1,0))*$F$15,2)))","v":0},{"$f":"IF($F$15=0,0,IF(K13=1,$F$15-SUM($I$15:$Z$15),ROUND(SUM(OFFSET(K15,1,0):OFFSET(K$38,-1,0))/SUM(OFFSET($F15,1,0):OFFSET($F$38,-1,0))*$F$15,2)))","v":0},{"$f":"IF($F$15=0,0,IF(L13=1,$F$15-SUM($I$15:$Z$15),ROUND(SUM(OFFSET(L15,1,0):OFFSET(L$38,-1,0))/SUM(OFFSET($F15,1,0):OFFSET($F$38,-1,0))*$F$15,2)))","v":0},{"$f":"IF($F$15=0,0,IF(M13=1,$F$15-SUM($I$15:$Z$15),ROUND(SUM(OFFSET(M15,1,0):OFFSET(M$38,-1,0))/SUM(OFFSET($F15,1,0):OFFSET($F$38,-1,0))*$F$15,2)))","v":0},{"$f":"IF($F$15=0,0,IF(N13=1,$F$15-SUM($I$15:$Z$15),ROUND(SUM(OFFSET(N15,1,0):OFFSET(N$38,-1,0))/SUM(OFFSET($F15,1,0):OFFSET($F$38,-1,0))*$F$15,2)))","v":0},{"$f":"IF($F$15=0,0,IF(O13=1,$F$15-SUM($I$15:$Z$15),ROUND(SUM(OFFSET(O15,1,0):OFFSET(O$38,-1,0))/SUM(OFFSET($F15,1,0):OFFSET($F$38,-1,0))*$F$15,2)))","v":0},{"$f":"IF($F$15=0,0,IF(P13=1,$F$15-SUM($I$15:$Z$15),ROUND(SUM(OFFSET(P15,1,0):OFFSET(P$38,-1,0))/SUM(OFFSET($F15,1,0):OFFSET($F$38,-1,0))*$F$15,2)))","v":0},{"$f":"IF($F$15=0,0,IF(Q13=1,$F$15-SUM($I$15:$Z$15),ROUND(SUM(OFFSET(Q15,1,0):OFFSET(Q$38,-1,0))/SUM(OFFSET($F15,1,0):OFFSET($F$38,-1,0))*$F$15,2)))","v":0},{"$f":"IF($F$15=0,0,IF(R13=1,$F$15-SUM($I$15:$Z$15),ROUND(SUM(OFFSET(R15,1,0):OFFSET(R$38,-1,0))/SUM(OFFSET($F15,1,0):OFFSET($F$38,-1,0))*$F$15,2)))","v":0},{"$f":"IF($F$15=0,0,IF(S13=1,$F$15-SUM($I$15:$Z$15),ROUND(SUM(OFFSET(S15,1,0):OFFSET(S$38,-1,0))/SUM(OFFSET($F15,1,0):OFFSET($F$38,-1,0))*$F$15,2)))","v":0},{"$f":"IF($F$15=0,0,IF(T13=1,$F$15-SUM($I$15:$Z$15),ROUND(SUM(OFFSET(T15,1,0):OFFSET(T$38,-1,0))/SUM(OFFSET($F15,1,0):OFFSET($F$38,-1,0))*$F$15,2)))","v":0},{"$f":"IF($F$15=0,0,IF(U13=1,$F$15-SUM($I$15:$Z$15),ROUND(SUM(OFFSET(U15,1,0):OFFSET(U$38,-1,0))/SUM(OFFSET($F15,1,0):OFFSET($F$38,-1,0))*$F$15,2)))","v":0},{"$f":"IF($F$15=0,0,IF(V13=1,$F$15-SUM($I$15:$Z$15),ROUND(SUM(OFFSET(V15,1,0):OFFSET(V$38,-1,0))/SUM(OFFSET($F15,1,0):OFFSET($F$38,-1,0))*$F$15,2)))","v":0},{"$f":"IF($F$15=0,0,IF(W13=1,$F$15-SUM($I$15:$Z$15),ROUND(SUM(OFFSET(W15,1,0):OFFSET(W$38,-1,0))/SUM(OFFSET($F15,1,0):OFFSET($F$38,-1,0))*$F$15,2)))","v":0},{"$f":"IF($F$15=0,0,IF(X13=1,$F$15-SUM($I$15:$Z$15),ROUND(SUM(OFFSET(X15,1,0):OFFSET(X$38,-1,0))/SUM(OFFSET($F15,1,0):OFFSET($F$38,-1,0))*$F$15,2)))","v":0},{"$f":"IF($F$15=0,0,IF(Y13=1,$F$15-SUM($I$15:$Z$15),ROUND(SUM(OFFSET(Y15,1,0):OFFSET(Y$38,-1,0))/SUM(OFFSET($F15,1,0):OFFSET($F$38,-1,0))*$F$15,2)))","v":0}]
["F",{"$f":"IF(OR(C16=\" \",D16=\"\"),\"\",CONCATENATE(C16,\". \",D16))","v":"1. SERVIÇOS PRELIMINARES E INDIRETOS"},{"$f":"IF(OR(ROW(C16)=ROW(EVENTOS.firstrow)+1,AND(OFFSET(C16,-1,0)<>\" \",OFFSET(C16,-1,1)<>\"\")),OFFSET(C16,-1,0)+1,\" \")","v":1},"SERVIÇOS PRELIMINARES E INDIRETOS",{"$f":"IF(AUTOEVENTO=\"Manual\",ROUND(SUMPRODUCT((CÁLCULO!$M$15:$M$472=EVENTOS!$C16)*(OFFSET(CÁLCULO!$AI$15:$AI$472,0,E$13))),2),0)","v":18811.88},{"$f":"IF(AUTOEVENTO=\"Manual\",ROUND(SUMPRODUCT((CÁLCULO!$M$15:$M$472=EVENTOS!$C16)*(OFFSET(CÁLCULO!$AI$15,0,1):OFFSET(CÁLCULO!$BB$472,0,-1))),2),0)","v":106563.19},{"$f":"IF(AND(D16=0,F16>0),\"NOME\",\n IF(AND(D16<>0,$F$14>0,F16=0),\"VALOR\",\n IF(AND(Import.TipoArredondamento=\"TransfereGOV\",$A16=\"F\",LEN(D16)>100),\"Nome >100\",\"\")))","v":""},{"$f":"IF(AUTOEVENTO=\"Manual\",ROUND(SUMPRODUCT((CÁLCULO!$M$15:$M$472=EVENTOS!$C16)*(OFFSET(CÁLCULO!$AI$15:$AI$472,0,H$13))),2),0)","v":18811.88},{"$f":"IF(AUTOEVENTO=\"Manual\",ROUND(SUMPRODUCT((CÁLCULO!$M$15:$M$472=EVENTOS!$C16)*(OFFSET(CÁLCULO!$AI$15:$AI$472,0,I$13))),2),0)","v":11450.05},{"$f":"IF(AUTOEVENTO=\"Manual\",ROUND(SUMPRODUCT((CÁLCULO!$M$15:$M$472=EVENTOS!$C16)*(OFFSET(CÁLCULO!$AI$15:$AI$472,0,J$13))),2),0)","v":6186.05},{"$f":"IF(AUTOEVENTO=\"Manual\",ROUND(SUMPRODUCT((CÁLCULO!$M$15:$M$472=EVENTOS!$C16)*(OFFSET(CÁLCULO!$AI$15:$AI$472,0,K$13))),2),0)","v":6186.05},{"$f":"IF(AUTOEVENTO=\"Manual\",ROUND(SUMPRODUCT((CÁLCULO!$M$15:$M$472=EVENTOS!$C16)*(OFFSET(CÁLCULO!$AI$15:$AI$472,0,L$13))),2),0)","v":6186.05},{"$f":"IF(AUTOEVENTO=\"Manual\",ROUND(SUMPRODUCT((CÁLCULO!$M$15:$M$472=EVENTOS!$C16)*(OFFSET(CÁLCULO!$AI$15:$AI$472,0,M$13))),2),0)","v":4526.1499999999996},{"$f":"IF(AUTOEVENTO=\"Manual\",ROUND(SUMPRODUCT((CÁLCULO!$M$15:$M$472=EVENTOS!$C16)*(OFFSET(CÁLCULO!$AI$15:$AI$472,0,N$13))),2),0)","v":4511.68},{"$f":"IF(AUTOEVENTO=\"Manual\",ROUND(SUMPRODUCT((CÁLCULO!$M$15:$M$472=EVENTOS!$C16)*(OFFSET(CÁLCULO!$AI$15:$AI$472,0,O$13))),2),0)","v":4511.68},{"$f":"IF(AUTOEVENTO=\"Manual\",ROUND(SUMPRODUCT((CÁLCULO!$M$15:$M$472=EVENTOS!$C16)*(OFFSET(CÁLCULO!$AI$15:$AI$472,0,P$13))),2),0)","v":4511.68},{"$f":"IF(AUTOEVENTO=\"Manual\",ROUND(SUMPRODUCT((CÁLCULO!$M$15:$M$472=EVENTOS!$C16)*(OFFSET(CÁLCULO!$AI$15:$AI$472,0,Q$13))),2),0)","v":4511.68},{"$f":"IF(AUTOEVENTO=\"Manual\",ROUND(SUMPRODUCT((CÁLCULO!$M$15:$M$472=EVENTOS!$C16)*(OFFSET(CÁLCULO!$AI$15:$AI$472,0,R$13))),2),0)","v":4396.28},{"$f":"IF(AUTOEVENTO=\"Manual\",ROUND(SUMPRODUCT((CÁLCULO!$M$15:$M$472=EVENTOS!$C16)*(OFFSET(CÁLCULO!$AI$15:$AI$472,0,S$13))),2),0)","v":4396.28},{"$f":"IF(AUTOEVENTO=\"Manual\",ROUND(SUMPRODUCT((CÁLCULO!$M$15:$M$472=EVENTOS!$C16)*(OFFSET(CÁLCULO!$AI$15:$AI$472,0,T$13))),2),0)","v":4396.28},{"$f":"IF(AUTOEVENTO=\"Manual\",ROUND(SUMPRODUCT((CÁLCULO!$M$15:$M$472=EVENTOS!$C16)*(OFFSET(CÁLCULO!$AI$15:$AI$472,0,U$13))),2),0)","v":4396.28},{"$f":"IF(AUTOEVENTO=\"Manual\",ROUND(SUMPRODUCT((CÁLCULO!$M$15:$M$472=EVENTOS!$C16)*(OFFSET(CÁLCULO!$AI$15:$AI$472,0,V$13))),2),0)","v":4396.28},{"$f":"IF(AUTOEVENTO=\"Manual\",ROUND(SUMPRODUCT((CÁLCULO!$M$15:$M$472=EVENTOS!$C16)*(OFFSET(CÁLCULO!$AI$15:$AI$472,0,W$13))),2),0)","v":4396.28},{"$f":"IF(AUTOEVENTO=\"Manual\",ROUND(SUMPRODUCT((CÁLCULO!$M$15:$M$472=EVENTOS!$C16)*(OFFSET(CÁLCULO!$AI$15:$AI$472,0,X$13))),2),0)","v":4396.28},{"$f":"IF(AUTOEVENTO=\"Manual\",ROUND(SUMPRODUCT((CÁLCULO!$M$15:$M$472=EVENTOS!$C16)*(OFFSET(CÁLCULO!$AI$15:$AI$472,0,Y$13))),2),0)","v":4396.28}]
["F","2. ADMINISTRAÇÃO LOCAL DA OBRA",{"$f":"IF(OR(ROW(C17)=ROW(EVENTOS.firstrow)+1,AND(OFFSET(C17,-1,0)<>\" \",OFFSET(C17,-1,1)<>\"\")),OFFSET(C17,-1,0)+1,\" \")","v":2},"ADMINISTRAÇÃO LOCAL DA OBRA",{"$f":"IF(AUTOEVENTO=\"Manual\",ROUND(SUMPRODUCT((CÁLCULO!$M$15:$M$472=EVENTOS!$C17)*(OFFSET(CÁLCULO!$AI$15:$AI$472,0,E$13))),2),0)","v":3115.25},{"$f":"IF(AUTOEVENTO=\"Manual\",ROUND(SUMPRODUCT((CÁLCULO!$M$15:$M$472=EVENTOS!$C17)*(OFFSET(CÁLCULO!$AI$15,0,1):OFFSET(CÁLCULO!$BB$472,0,-1))),2),0)","v":51920.9},"",{"$f":"IF(AUTOEVENTO=\"Manual\",ROUND(SUMPRODUCT((CÁLCULO!$M$15:$M$472=EVENTOS!$C17)*(OFFSET(CÁLCULO!$AI$15:$AI$472,0,H$13))),2),0)","v":3115.25},{"$f":"IF(AUTOEVENTO=\"Manual\",ROUND(SUMPRODUCT((CÁLCULO!$M$15:$M$472=EVENTOS!$C17)*(OFFSET(CÁLCULO!$AI$15:$AI$472,0,I$13))),2),0)","v":3115.25},{"$f":"IF(AUTOEVENTO=\"Manual\",ROUND(SUMPRODUCT((CÁLCULO!$M$15:$M$472=EVENTOS!$C17)*(OFFSET(CÁLCULO!$AI$15:$AI$472,0,J$13))),2),0)","v":2855.65},{"$f":"IF(AUTOEVENTO=\"Manual\",ROUND(SUMPRODUCT((CÁLCULO!$M$15:$M$472=EVENTOS!$C17)*(OFFSET(CÁLCULO!$AI$15:$AI$472,0,K$13))),2),0)","v":2855.65},{"$f":"IF(AUTOEVENTO=\"Manual\",ROUND(SUMPRODUCT((CÁLCULO!$M$15:$M$472=EVENTOS!$C17)*(OFFSET(CÁLCULO!$AI$15:$AI$472,0,L$13))),2),0)","v":2855.65},{"$f":"IF(AUTOEVENTO=\"Manual\",ROUND(SUMPRODUCT((CÁLCULO!$M$15:$M$472=EVENTOS!$C17)*(OFFSET(CÁLCULO!$AI$15:$AI$472,0,M$13))),2),0)","v":2855.65},{"$f":"IF(AUTOEVENTO=\"Manual\",ROUND(SUMPRODUCT((CÁLCULO!$M$15:$M$472=EVENTOS!$C17)*(OFFSET(CÁLCULO!$AI$15:$AI$472,0,N$13))),2),0)","v":2855.65},{"$f":"IF(AUTOEVENTO=\"Manual\",ROUND(SUMPRODUCT((CÁLCULO!$M$15:$M$472=EVENTOS!$C17)*(OFFSET(CÁLCULO!$AI$15:$AI$472,0,O$13))),2),0)","v":2855.65},{"$f":"IF(AUTOEVENTO=\"Manual\",ROUND(SUMPRODUCT((CÁLCULO!$M$15:$M$472=EVENTOS!$C17)*(OFFSET(CÁLCULO!$AI$15:$AI$472,0,P$13))),2),0)","v":2855.65},{"$f":"IF(AUTOEVENTO=\"Manual\",ROUND(SUMPRODUCT((CÁLCULO!$M$15:$M$472=EVENTOS!$C17)*(OFFSET(CÁLCULO!$AI$15:$AI$472,0,Q$13))),2),0)","v":2855.65},{"$f":"IF(AUTOEVENTO=\"Manual\",ROUND(SUMPRODUCT((CÁLCULO!$M$15:$M$472=EVENTOS!$C17)*(OFFSET(CÁLCULO!$AI$15:$AI$472,0,R$13))),2),0)","v":2855.65},{"$f":"IF(AUTOEVENTO=\"Manual\",ROUND(SUMPRODUCT((CÁLCULO!$M$15:$M$472=EVENTOS!$C17)*(OFFSET(CÁLCULO!$AI$15:$AI$472,0,S$13))),2),0)","v":2855.65},{"$f":"IF(AUTOEVENTO=\"Manual\",ROUND(SUMPRODUCT((CÁLCULO!$M$15:$M$472=EVENTOS!$C17)*(OFFSET(CÁLCULO!$AI$15:$AI$472,0,T$13))),2),0)","v":2855.65},{"$f":"IF(AUTOEVENTO=\"Manual\",ROUND(SUMPRODUCT((CÁLCULO!$M$15:$M$472=EVENTOS!$C17)*(OFFSET(CÁLCULO!$AI$15:$AI$472,0,U$13))),2),0)","v":2855.65},{"$f":"IF(AUTOEVENTO=\"Manual\",ROUND(SUMPRODUCT((CÁLCULO!$M$15:$M$472=EVENTOS!$C17)*(OFFSET(CÁLCULO!$AI$15:$AI$472,0,V$13))),2),0)","v":2855.65},{"$f":"IF(AUTOEVENTO=\"Manual\",ROUND(SUMPRODUCT((CÁLCULO!$M$15:$M$472=EVENTOS!$C17)*(OFFSET(CÁLCULO!$AI$15:$AI$472,0,W$13))),2),0)","v":2855.65},{"$f":"IF(AUTOEVENTO=\"Manual\",ROUND(SUMPRODUCT((CÁLCULO!$M$15:$M$472=EVENTOS!$C17)*(OFFSET(CÁLCULO!$AI$15:$AI$472,0,X$13))),2),0)","v":2855.65},{"$f":"IF(AUTOEVENTO=\"Manual\",ROUND(SUMPRODUCT((CÁLCULO!$M$15:$M$472=EVENTOS!$C17)*(OFFSET(CÁLCULO!$AI$15:$AI$472,0,Y$13))),2),0)","v":2855.65}]
["F","3. FUNDAÇÃO",{"$f":"IF(OR(ROW(C18)=ROW(EVENTOS.firstrow)+1,AND(OFFSET(C18,-1,0)<>\" \",OFFSET(C18,-1,1)<>\"\")),OFFSET(C18,-1,0)+1,\" \")","v":3},"FUNDAÇÃO",{"$f":"IF(AUTOEVENTO=\"Manual\",ROUND(SUMPRODUCT((CÁLCULO!$M$15:$M$472=EVENTOS!$C18)*(OFFSET(CÁLCULO!$AI$15:$AI$472,0,E$13))),2),0)","v":22977.85},{"$f":"IF(AUTOEVENTO=\"Manual\",ROUND(SUMPRODUCT((CÁLCULO!$M$15:$M$472=EVENTOS!$C18)*(OFFSET(CÁLCULO!$AI$15,0,1):OFFSET(CÁLCULO!$BB$472,0,-1))),2),0)","v":214590.74},"",{"$f":"IF(AUTOEVENTO=\"Manual\",ROUND(SUMPRODUCT((CÁLCULO!$M$15:$M$472=EVENTOS!$C18)*(OFFSET(CÁLCULO!$AI$15:$AI$472,0,H$13))),2),0)","v":22977.85},{"$f":"IF(AUTOEVENTO=\"Manual\",ROUND(SUMPRODUCT((CÁLCULO!$M$15:$M$472=EVENTOS!$C18)*(OFFSET(CÁLCULO!$AI$15:$AI$472,0,I$13))),2),0)","v":20557.96},{"$f":"IF(AUTOEVENTO=\"Manual\",ROUND(SUMPRODUCT((CÁLCULO!$M$15:$M$472=EVENTOS!$C18)*(OFFSET(CÁLCULO!$AI$15:$AI$472,0,J$13))),2),0)","v":53660.87},{"$f":"IF(AUTOEVENTO=\"Manual\",ROUND(SUMPRODUCT((CÁLCULO!$M$15:$M$472=EVENTOS!$C18)*(OFFSET(CÁLCULO!$AI$15:$AI$472,0,K$13))),2),0)","v":94282.53},{"$f":"IF(AUTOEVENTO=\"Manual\",ROUND(SUMPRODUCT((CÁLCULO!$M$15:$M$472=EVENTOS!$C18)*(OFFSET(CÁLCULO!$AI$15:$AI$472,0,L$13))),2),0)","v":1919.03},{"$f":"IF(AUTOEVENTO=\"Manual\",ROUND(SUMPRODUCT((CÁLCULO!$M$15:$M$472=EVENTOS!$C18)*(OFFSET(CÁLCULO!$AI$15:$AI$472,0,M$13))),2),0)","v":11555.93},{"$f":"IF(AUTOEVENTO=\"Manual\",ROUND(SUMPRODUCT((CÁLCULO!$M$15:$M$472=EVENTOS!$C18)*(OFFSET(CÁLCULO!$AI$15:$AI$472,0,N$13))),2),0)","v":9636.57},{"$f":"IF(AUTOEVENTO=\"Manual\",ROUND(SUMPRODUCT((CÁLCULO!$M$15:$M$472=EVENTOS!$C18)*(OFFSET(CÁLCULO!$AI$15:$AI$472,0,O$13))),2),0)","v":0},{"$f":"IF(AUTOEVENTO=\"Manual\",ROUND(SUMPRODUCT((CÁLCULO!$M$15:$M$472=EVENTOS!$C18)*(OFFSET(CÁLCULO!$AI$15:$AI$472,0,P$13))),2),0)","v":0},{"$f":"IF(AUTOEVENTO=\"Manual\",ROUND(SUMPRODUCT((CÁLCULO!$M$15:$M$472=EVENTOS!$C18)*(OFFSET(CÁLCULO!$AI$15:$AI$472,0,Q$13))),2),0)","v":0},{"$f":"IF(AUTOEVENTO=\"Manual\",ROUND(SUMPRODUCT((CÁLCULO!$M$15:$M$472=EVENTOS!$C18)*(OFFSET(CÁLCULO!$AI$15:$AI$472,0,R$13))),2),0)","v":0},{"$f":"IF(AUTOEVENTO=\"Manual\",ROUND(SUMPRODUCT((CÁLCULO!$M$15:$M$472=EVENTOS!$C18)*(OFFSET(CÁLCULO!$AI$15:$AI$472,0,S$13))),2),0)","v":0},{"$f":"IF(AUTOEVENTO=\"Manual\",ROUND(SUMPRODUCT((CÁLCULO!$M$15:$M$472=EVENTOS!$C18)*(OFFSET(CÁLCULO!$AI$15:$AI$472,0,T$13))),2),0)","v":0},{"$f":"IF(AUTOEVENTO=\"Manual\",ROUND(SUMPRODUCT((CÁLCULO!$M$15:$M$472=EVENTOS!$C18)*(OFFSET(CÁLCULO!$AI$15:$AI$472,0,U$13))),2),0)","v":0},{"$f":"IF(AUTOEVENTO=\"Manual\",ROUND(SUMPRODUCT((CÁLCULO!$M$15:$M$472=EVENTOS!$C18)*(OFFSET(CÁLCULO!$AI$15:$AI$472,0,V$13))),2),0)","v":0},{"$f":"IF(AUTOEVENTO=\"Manual\",ROUND(SUMPRODUCT((CÁLCULO!$M$15:$M$472=EVENTOS!$C18)*(OFFSET(CÁLCULO!$AI$15:$AI$472,0,W$13))),2),0)","v":0},{"$f":"IF(AUTOEVENTO=\"Manual\",ROUND(SUMPRODUCT((CÁLCULO!$M$15:$M$472=EVENTOS!$C18)*(OFFSET(CÁLCULO!$AI$15:$AI$472,0,X$13))),2),0)","v":0},{"$f":"IF(AUTOEVENTO=\"Manual\",ROUND(SUMPRODUCT((CÁLCULO!$M$15:$M$472=EVENTOS!$C18)*(OFFSET(CÁLCULO!$AI$15:$AI$472,0,Y$13))),2),0)","v":0}]
["F","4. ESTRUTURA",{"$f":"IF(OR(ROW(C19)=ROW(EVENTOS.firstrow)+1,AND(OFFSET(C19,-1,0)<>\" \",OFFSET(C19,-1,1)<>\"\")),OFFSET(C19,-1,0)+1,\" \")","v":4},"ESTRUTURA",{"$f":"IF(AUTOEVENTO=\"Manual\",ROUND(SUMPRODUCT((CÁLCULO!$M$15:$M$472=EVENTOS!$C19)*(OFFSET(CÁLCULO!$AI$15:$AI$472,0,E$13))),2),0)","v":0},{"$f":"IF(AUTOEVENTO=\"Manual\",ROUND(SUMPRODUCT((CÁLCULO!$M$15:$M$472=EVENTOS!$C19)*(OFFSET(CÁLCULO!$AI$15,0,1):OFFSET(CÁLCULO!$BB$472,0,-1))),2),0)","v":380482.63},"",{"$f":"IF(AUTOEVENTO=\"Manual\",ROUND(SUMPRODUCT((CÁLCULO!$M$15:$M$472=EVENTOS!$C19)*(OFFSET(CÁLCULO!$AI$15:$AI$472,0,H$13))),2),0)","v":0},{"$f":"IF(AUTOEVENTO=\"Manual\",ROUND(SUMPRODUCT((CÁLCULO!$M$15:$M$472=EVENTOS!$C19)*(OFFSET(CÁLCULO!$AI$15:$AI$472,0,I$13))),2),0)","v":0},{"$f":"IF(AUTOEVENTO=\"Manual\",ROUND(SUMPRODUCT((CÁLCULO!$M$15:$M$472=EVENTOS!$C19)*(OFFSET(CÁLCULO!$AI$15:$AI$472,0,J$13))),2),0)","v":0},{"$f":"IF(AUTOEVENTO=\"Manual\",ROUND(SUMPRODUCT((CÁLCULO!$M$15:$M$472=EVENTOS!$C19)*(OFFSET(CÁLCULO!$AI$15:$AI$472,0,K$13))),2),0)","v":0},{"$f":"IF(AUTOEVENTO=\"Manual\",ROUND(SUMPRODUCT((CÁLCULO!$M$15:$M$472=EVENTOS!$C19)*(OFFSET(CÁLCULO!$AI$15:$AI$472,0,L$13))),2),0)","v":0},{"$f":"IF(AUTOEVENTO=\"Manual\",ROUND(SUMPRODUCT((CÁLCULO!$M$15:$M$472=EVENTOS!$C19)*(OFFSET(CÁLCULO!$AI$15:$AI$472,0,M$13))),2),0)","v":0},{"$f":"IF(AUTOEVENTO=\"Manual\",ROUND(SUMPRODUCT((CÁLCULO!$M$15:$M$472=EVENTOS!$C19)*(OFFSET(CÁLCULO!$AI$15:$AI$472,0,N$13))),2),0)","v":35305.22},{"$f":"IF(AUTOEVENTO=\"Manual\",ROUND(SUMPRODUCT((CÁLCULO!$M$15:$M$472=EVENTOS!$C19)*(OFFSET(CÁLCULO!$AI$15:$AI$472,0,O$13))),2),0)","v":116607.96},{"$f":"IF(AUTOEVENTO=\"Manual\",ROUND(SUMPRODUCT((CÁLCULO!$M$15:$M$472=EVENTOS!$C19)*(OFFSET(CÁLCULO!$AI$15:$AI$472,0,P$13))),2),0)","v":58769.19},{"$f":"IF(AUTOEVENTO=\"Manual\",ROUND(SUMPRODUCT((CÁLCULO!$M$15:$M$472=EVENTOS!$C19)*(OFFSET(CÁLCULO!$AI$15:$AI$472,0,Q$13))),2),0)","v":39592.22},{"$f":"IF(AUTOEVENTO=\"Manual\",ROUND(SUMPRODUCT((CÁLCULO!$M$15:$M$472=EVENTOS!$C19)*(OFFSET(CÁLCULO!$AI$15:$AI$472,0,R$13))),2),0)","v":103902.59},{"$f":"IF(AUTOEVENTO=\"Manual\",ROUND(SUMPRODUCT((CÁLCULO!$M$15:$M$472=EVENTOS!$C19)*(OFFSET(CÁLCULO!$AI$15:$AI$472,0,S$13))),2),0)","v":26305.45},{"$f":"IF(AUTOEVENTO=\"Manual\",ROUND(SUMPRODUCT((CÁLCULO!$M$15:$M$472=EVENTOS!$C19)*(OFFSET(CÁLCULO!$AI$15:$AI$472,0,T$13))),2),0)","v":0},{"$f":"IF(AUTOEVENTO=\"Manual\",ROUND(SUMPRODUCT((CÁLCULO!$M$15:$M$472=EVENTOS!$C19)*(OFFSET(CÁLCULO!$AI$15:$AI$472,0,U$13))),2),0)","v":0},{"$f":"IF(AUTOEVENTO=\"Manual\",ROUND(SUMPRODUCT((CÁLCULO!$M$15:$M$472=EVENTOS!$C19)*(OFFSET(CÁLCULO!$AI$15:$AI$472,0,V$13))),2),0)","v":0},{"$f":"IF(AUTOEVENTO=\"Manual\",ROUND(SUMPRODUCT((CÁLCULO!$M$15:$M$472=EVENTOS!$C19)*(OFFSET(CÁLCULO!$AI$15:$AI$472,0,W$13))),2),0)","v":0},{"$f":"IF(AUTOEVENTO=\"Manual\",ROUND(SUMPRODUCT((CÁLCULO!$M$15:$M$472=EVENTOS!$C19)*(OFFSET(CÁLCULO!$AI$15:$AI$472,0,X$13))),2),0)","v":0},{"$f":"IF(AUTOEVENTO=\"Manual\",ROUND(SUMPRODUCT((CÁLCULO!$M$15:$M$472=EVENTOS!$C19)*(OFFSET(CÁLCULO!$AI$15:$AI$472,0,Y$13))),2),0)","v":0}]
["F","5. ALVENARIA, VEDAÇÕES E DIVISÓRIAS",{"$f":"IF(OR(ROW(C20)=ROW(EVENTOS.firstrow)+1,AND(OFFSET(C20,-1,0)<>\" \",OFFSET(C20,-1,1)<>\"\")),OFFSET(C20,-1,0)+1,\" \")","v":5},"ALVENARIA, VEDAÇÕES E DIVISÓRIAS",{"$f":"IF(AUTOEVENTO=\"Manual\",ROUND(SUMPRODUCT((CÁLCULO!$M$15:$M$472=EVENTOS!$C20)*(OFFSET(CÁLCULO!$AI$15:$AI$472,0,E$13))),2),0)","v":0},{"$f":"IF(AUTOEVENTO=\"Manual\",ROUND(SUMPRODUCT((CÁLCULO!$M$15:$M$472=EVENTOS!$C20)*(OFFSET(CÁLCULO!$AI$15,0,1):OFFSET(CÁLCULO!$BB$472,0,-1))),2),0)","v":190710.44},"",{"$f":"IF(AUTOEVENTO=\"Manual\",ROUND(SUMPRODUCT((CÁLCULO!$M$15:$M$472=EVENTOS!$C20)*(OFFSET(CÁLCULO!$AI$15:$AI$472,0,H$13))),2),0)","v":0},{"$f":"IF(AUTOEVENTO=\"Manual\",ROUND(SUMPRODUCT((CÁLCULO!$M$15:$M$472=EVENTOS!$C20)*(OFFSET(CÁLCULO!$AI$15:$AI$472,0,I$13))),2),0)","v":0},{"$f":"IF(AUTOEVENTO=\"Manual\",ROUND(SUMPRODUCT((CÁLCULO!$M$15:$M$472=EVENTOS!$C20)*(OFFSET(CÁLCULO!$AI$15:$AI$472,0,J$13))),2),0)","v":0},{"$f":"IF(AUTOEVENTO=\"Manual\",ROUND(SUMPRODUCT((CÁLCULO!$M$15:$M$472=EVENTOS!$C20)*(OFFSET(CÁLCULO!$AI$15:$AI$472,0,K$13))),2),0)","v":0},{"$f":"IF(AUTOEVENTO=\"Manual\",ROUND(SUMPRODUCT((CÁLCULO!$M$15:$M$472=EVENTOS!$C20)*(OFFSET(CÁLCULO!$AI$15:$AI$472,0,L$13))),2),0)","v":0},{"$f":"IF(AUTOEVENTO=\"Manual\",ROUND(SUMPRODUCT((CÁLCULO!$M$15:$M$472=EVENTOS!$C20)*(OFFSET(CÁLCULO!$AI$15:$AI$472,0,M$13))),2),0)","v":0},{"$f":"IF(AUTOEVENTO=\"Manual\",ROUND(SUMPRODUCT((CÁLCULO!$M$15:$M$472=EVENTOS!$C20)*(OFFSET(CÁLCULO!$AI$15:$AI$472,0,N$13))),2),0)","v":0},{"$f":"IF(AUTOEVENTO=\"Manual\",ROUND(SUMPRODUCT((CÁLCULO!$M$15:$M$472=EVENTOS!$C20)*(OFFSET(CÁLCULO!$AI$15:$AI$472,0,O$13))),2),0)","v":0},{"$f":"IF(AUTOEVENTO=\"Manual\",ROUND(SUMPRODUCT((CÁLCULO!$M$15:$M$472=EVENTOS!$C20)*(OFFSET(CÁLCULO!$AI$15:$AI$472,0,P$13))),2),0)","v":0},{"$f":"IF(AUTOEVENTO=\"Manual\",ROUND(SUMPRODUCT((CÁLCULO!$M$15:$M$472=EVENTOS!$C20)*(OFFSET(CÁLCULO!$AI$15:$AI$472,0,Q$13))),2),0)","v":0},{"$f":"IF(AUTOEVENTO=\"Manual\",ROUND(SUMPRODUCT((CÁLCULO!$M$15:$M$472=EVENTOS!$C20)*(OFFSET(CÁLCULO!$AI$15:$AI$472,0,R$13))),2),0)","v":0},{"$f":"IF(AUTOEVENTO=\"Manual\",ROUND(SUMPRODUCT((CÁLCULO!$M$15:$M$472=EVENTOS!$C20)*(OFFSET(CÁLCULO!$AI$15:$AI$472,0,S$13))),2),0)","v":24797.88},{"$f":"IF(AUTOEVENTO=\"Manual\",ROUND(SUMPRODUCT((CÁLCULO!$M$15:$M$472=EVENTOS!$C20)*(OFFSET(CÁLCULO!$AI$15:$AI$472,0,T$13))),2),0)","v":77448.009999999995},{"$f":"IF(AUTOEVENTO=\"Manual\",ROUND(SUMPRODUCT((CÁLCULO!$M$15:$M$472=EVENTOS!$C20)*(OFFSET(CÁLCULO!$AI$15:$AI$472,0,U$13))),2),0)","v":88464.55},{"$f":"IF(AUTOEVENTO=\"Manual\",ROUND(SUMPRODUCT((CÁLCULO!$M$15:$M$472=EVENTOS!$C20)*(OFFSET(CÁLCULO!$AI$15:$AI$472,0,V$13))),2),0)","v":0},{"$f":"IF(AUTOEVENTO=\"Manual\",ROUND(SUMPRODUCT((CÁLCULO!$M$15:$M$472=EVENTOS!$C20)*(OFFSET(CÁLCULO!$AI$15:$AI$472,0,W$13))),2),0)","v":0},{"$f":"IF(AUTOEVENTO=\"Manual\",ROUND(SUMPRODUCT((CÁLCULO!$M$15:$M$472=EVENTOS!$C20)*(OFFSET(CÁLCULO!$AI$15:$AI$472,0,X$13))),2),0)","v":0},{"$f":"IF(AUTOEVENTO=\"Manual\",ROUND(SUMPRODUCT((CÁLCULO!$M$15:$M$472=EVENTOS!$C20)*(OFFSET(CÁLCULO!$AI$15:$AI$472,0,Y$13))),2),0)","v":0}]
["F","6. COBERTURA",{"$f":"IF(OR(ROW(C21)=ROW(EVENTOS.firstrow)+1,AND(OFFSET(C21,-1,0)<>\" \",OFFSET(C21,-1,1)<>\"\")),OFFSET(C21,-1,0)+1,\" \")","v":6},"COBERTURA",{"$f":"IF(AUTOEVENTO=\"Manual\",ROUND(SUMPRODUCT((CÁLCULO!$M$15:$M$472=EVENTOS!$C21)*(OFFSET(CÁLCULO!$AI$15:$AI$472,0,E$13))),2),0)","v":0},{"$f":"IF(AUTOEVENTO=\"Manual\",ROUND(SUMPRODUCT((CÁLCULO!$M$15:$M$472=EVENTOS!$C21)*(OFFSET(CÁLCULO!$AI$15,0,1):OFFSET(CÁLCULO!$BB$472,0,-1))),2),0)","v":81447},"",{"$f":"IF(AUTOEVENTO=\"Manual\",ROUND(SUMPRODUCT((CÁLCULO!$M$15:$M$472=EVENTOS!$C21)*(OFFSET(CÁLCULO!$AI$15:$AI$472,0,H$13))),2),0)","v":0},{"$f":"IF(AUTOEVENTO=\"Manual\",ROUND(SUMPRODUCT((CÁLCULO!$M$15:$M$472=EVENTOS!$C21)*(OFFSET(CÁLCULO!$AI$15:$AI$472,0,I$13))),2),0)","v":0},{"$f":"IF(AUTOEVENTO=\"Manual\",ROUND(SUMPRODUCT((CÁLCULO!$M$15:$M$472=EVENTOS!$C21)*(OFFSET(CÁLCULO!$AI$15:$AI$472,0,J$13))),2),0)","v":0},{"$f":"IF(AUTOEVENTO=\"Manual\",ROUND(SUMPRODUCT((CÁLCULO!$M$15:$M$472=EVENTOS!$C21)*(OFFSET(CÁLCULO!$AI$15:$AI$472,0,K$13))),2),0)","v":0},{"$f":"IF(AUTOEVENTO=\"Manual\",ROUND(SUMPRODUCT((CÁLCULO!$M$15:$M$472=EVENTOS!$C21)*(OFFSET(CÁLCULO!$AI$15:$AI$472,0,L$13))),2),0)","v":0},{"$f":"IF(AUTOEVENTO=\"Manual\",ROUND(SUMPRODUCT((CÁLCULO!$M$15:$M$472=EVENTOS!$C21)*(OFFSET(CÁLCULO!$AI$15:$AI$472,0,M$13))),2),0)","v":0},{"$f":"IF(AUTOEVENTO=\"Manual\",ROUND(SUMPRODUCT((CÁLCULO!$M$15:$M$472=EVENTOS!$C21)*(OFFSET(CÁLCULO!$AI$15:$AI$472,0,N$13))),2),0)","v":0},{"$f":"IF(AUTOEVENTO=\"Manual\",ROUND(SUMPRODUCT((CÁLCULO!$M$15:$M$472=EVENTOS!$C21)*(OFFSET(CÁLCULO!$AI$15:$AI$472,0,O$13))),2),0)","v":0},{"$f":"IF(AUTOEVENTO=\"Manual\",ROUND(SUMPRODUCT((CÁLCULO!$M$15:$M$472=EVENTOS!$C21)*(OFFSET(CÁLCULO!$AI$15:$AI$472,0,P$13))),2),0)","v":0},{"$f":"IF(AUTOEVENTO=\"Manual\",ROUND(SUMPRODUCT((CÁLCULO!$M$15:$M$472=EVENTOS!$C21)*(OFFSET(CÁLCULO!$AI$15:$AI$472,0,Q$13))),2),0)","v":0},{"$f":"IF(AUTOEVENTO=\"Manual\",ROUND(SUMPRODUCT((CÁLCULO!$M$15:$M$472=EVENTOS!$C21)*(OFFSET(CÁLCULO!$AI$15:$AI$472,0,R$13))),2),0)","v":0},{"$f":"IF(AUTOEVENTO=\"Manual\",ROUND(SUMPRODUCT((CÁLCULO!$M$15:$M$472=EVENTOS!$C21)*(OFFSET(CÁLCULO!$AI$15:$AI$472,0,S$13))),2),0)","v":10936.73},{"$f":"IF(AUTOEVENTO=\"Manual\",ROUND(SUMPRODUCT((CÁLCULO!$M$15:$M$472=EVENTOS!$C21)*(OFFSET(CÁLCULO!$AI$15:$AI$472,0,T$13))),2),0)","v":10936.73},{"$f":"IF(AUTOEVENTO=\"Manual\",ROUND(SUMPRODUCT((CÁLCULO!$M$15:$M$472=EVENTOS!$C21)*(OFFSET(CÁLCULO!$AI$15:$AI$472,0,U$13))),2),0)","v":17042.38},{"$f":"IF(AUTOEVENTO=\"Manual\",ROUND(SUMPRODUCT((CÁLCULO!$M$15:$M$472=EVENTOS!$C21)*(OFFSET(CÁLCULO!$AI$15:$AI$472,0,V$13))),2),0)","v":6105.01},{"$f":"IF(AUTOEVENTO=\"Manual\",ROUND(SUMPRODUCT((CÁLCULO!$M$15:$M$472=EVENTOS!$C21)*(OFFSET(CÁLCULO!$AI$15:$AI$472,0,W$13))),2),0)","v":36426.15},{"$f":"IF(AUTOEVENTO=\"Manual\",ROUND(SUMPRODUCT((CÁLCULO!$M$15:$M$472=EVENTOS!$C21)*(OFFSET(CÁLCULO!$AI$15:$AI$472,0,X$13))),2),0)","v":0},{"$f":"IF(AUTOEVENTO=\"Manual\",ROUND(SUMPRODUCT((CÁLCULO!$M$15:$M$472=EVENTOS!$C21)*(OFFSET(CÁLCULO!$AI$15:$AI$472,0,Y$13))),2),0)","v":0}]
["F","7. IMPERMEABILIZAÇÃO",{"$f":"IF(OR(ROW(C22)=ROW(EVENTOS.firstrow)+1,AND(OFFSET(C22,-1,0)<>\" \",OFFSET(C22,-1,1)<>\"\")),OFFSET(C22,-1,0)+1,\" \")","v":7},"IMPERMEABILIZAÇÃO",{"$f":"IF(AUTOEVENTO=\"Manual\",ROUND(SUMPRODUCT((CÁLCULO!$M$15:$M$472=EVENTOS!$C22)*(OFFSET(CÁLCULO!$AI$15:$AI$472,0,E$13))),2),0)","v":0},{"$f":"IF(AUTOEVENTO=\"Manual\",ROUND(SUMPRODUCT((CÁLCULO!$M$15:$M$472=EVENTOS!$C22)*(OFFSET(CÁLCULO!$AI$15,0,1):OFFSET(CÁLCULO!$BB$472,0,-1))),2),0)","v":11012.1},"",{"$f":"IF(AUTOEVENTO=\"Manual\",ROUND(SUMPRODUCT((CÁLCULO!$M$15:$M$472=EVENTOS!$C22)*(OFFSET(CÁLCULO!$AI$15:$AI$472,0,H$13))),2),0)","v":0},{"$f":"IF(AUTOEVENTO=\"Manual\",ROUND(SUMPRODUCT((CÁLCULO!$M$15:$M$472=EVENTOS!$C22)*(OFFSET(CÁLCULO!$AI$15:$AI$472,0,I$13))),2),0)","v":0},{"$f":"IF(AUTOEVENTO=\"Manual\",ROUND(SUMPRODUCT((CÁLCULO!$M$15:$M$472=EVENTOS!$C22)*(OFFSET(CÁLCULO!$AI$15:$AI$472,0,J$13))),2),0)","v":0},{"$f":"IF(AUTOEVENTO=\"Manual\",ROUND(SUMPRODUCT((CÁLCULO!$M$15:$M$472=EVENTOS!$C22)*(OFFSET(CÁLCULO!$AI$15:$AI$472,0,K$13))),2),0)","v":0},{"$f":"IF(AUTOEVENTO=\"Manual\",ROUND(SUMPRODUCT((CÁLCULO!$M$15:$M$472=EVENTOS!$C22)*(OFFSET(CÁLCULO!$AI$15:$AI$472,0,L$13))),2),0)","v":0},{"$f":"IF(AUTOEVENTO=\"Manual\",ROUND(SUMPRODUCT((CÁLCULO!$M$15:$M$472=EVENTOS!$C22)*(OFFSET(CÁLCULO!$AI$15:$AI$472,0,M$13))),2),0)","v":0},{"$f":"IF(AUTOEVENTO=\"Manual\",ROUND(SUMPRODUCT((CÁLCULO!$M$15:$M$472=EVENTOS!$C22)*(OFFSET(CÁLCULO!$AI$15:$AI$472,0,N$13))),2),0)","v":0},{"$f":"IF(AUTOEVENTO=\"Manual\",ROUND(SUMPRODUCT((CÁLCULO!$M$15:$M$472=EVENTOS!$C22)*(OFFSET(CÁLCULO!$AI$15:$AI$472,0,O$13))),2),0)","v":0},{"$f":"IF(AUTOEVENTO=\"Manual\",ROUND(SUMPRODUCT((CÁLCULO!$M$15:$M$472=EVENTOS!$C22)*(OFFSET(CÁLCULO!$AI$15:$AI$472,0,P$13))),2),0)","v":0},{"$f":"IF(AUTOEVENTO=\"Manual\",ROUND(SUMPRODUCT((CÁLCULO!$M$15:$M$472=EVENTOS!$C22)*(OFFSET(CÁLCULO!$AI$15:$AI$472,0,Q$13))),2),0)","v":0},{"$f":"IF(AUTOEVENTO=\"Manual\",ROUND(SUMPRODUCT((CÁLCULO!$M$15:$M$472=EVENTOS!$C22)*(OFFSET(CÁLCULO!$AI$15:$AI$472,0,R$13))),2),0)","v":0},{"$f":"IF(AUTOEVENTO=\"Manual\",ROUND(SUMPRODUCT((CÁLCULO!$M$15:$M$472=EVENTOS!$C22)*(OFFSET(CÁLCULO!$AI$15:$AI$472,0,S$13))),2),0)","v":0},{"$f":"IF(AUTOEVENTO=\"Manual\",ROUND(SUMPRODUCT((CÁLCULO!$M$15:$M$472=EVENTOS!$C22)*(OFFSET(CÁLCULO!$AI$15:$AI$472,0,T$13))),2),0)","v":0},{"$f":"IF(AUTOEVENTO=\"Manual\",ROUND(SUMPRODUCT((CÁLCULO!$M$15:$M$472=EVENTOS!$C22)*(OFFSET(CÁLCULO!$AI$15:$AI$472,0,U$13))),2),0)","v":0},{"$f":"IF(AUTOEVENTO=\"Manual\",ROUND(SUMPRODUCT((CÁLCULO!$M$15:$M$472=EVENTOS!$C22)*(OFFSET(CÁLCULO!$AI$15:$AI$472,0,V$13))),2),0)","v":0},{"$f":"IF(AUTOEVENTO=\"Manual\",ROUND(SUMPRODUCT((CÁLCULO!$M$15:$M$472=EVENTOS!$C22)*(OFFSET(CÁLCULO!$AI$15:$AI$472,0,W$13))),2),0)","v":11012.1},{"$f":"IF(AUTOEVENTO=\"Manual\",ROUND(SUMPRODUCT((CÁLCULO!$M$15:$M$472=EVENTOS!$C22)*(OFFSET(CÁLCULO!$AI$15:$AI$472,0,X$13))),2),0)","v":0},{"$f":"IF(AUTOEVENTO=\"Manual\",ROUND(SUMPRODUCT((CÁLCULO!$M$15:$M$472=EVENTOS!$C22)*(OFFSET(CÁLCULO!$AI$15:$AI$472,0,Y$13))),2),0)","v":0}]
["F","8. ESQUADRIAS",{"$f":"IF(OR(ROW(C23)=ROW(EVENTOS.firstrow)+1,AND(OFFSET(C23,-1,0)<>\" \",OFFSET(C23,-1,1)<>\"\")),OFFSET(C23,-1,0)+1,\" \")","v":8},"ESQUADRIAS",{"$f":"IF(AUTOEVENTO=\"Manual\",ROUND(SUMPRODUCT((CÁLCULO!$M$15:$M$472=EVENTOS!$C23)*(OFFSET(CÁLCULO!$AI$15:$AI$472,0,E$13))),2),0)","v":0},{"$f":"IF(AUTOEVENTO=\"Manual\",ROUND(SUMPRODUCT((CÁLCULO!$M$15:$M$472=EVENTOS!$C23)*(OFFSET(CÁLCULO!$AI$15,0,1):OFFSET(CÁLCULO!$BB$472,0,-1))),2),0)","v":207470.16},"",{"$f":"IF(AUTOEVENTO=\"Manual\",ROUND(SUMPRODUCT((CÁLCULO!$M$15:$M$472=EVENTOS!$C23)*(OFFSET(CÁLCULO!$AI$15:$AI$472,0,H$13))),2),0)","v":0},{"$f":"IF(AUTOEVENTO=\"Manual\",ROUND(SUMPRODUCT((CÁLCULO!$M$15:$M$472=EVENTOS!$C23)*(OFFSET(CÁLCULO!$AI$15:$AI$472,0,I$13))),2),0)","v":0},{"$f":"IF(AUTOEVENTO=\"Manual\",ROUND(SUMPRODUCT((CÁLCULO!$M$15:$M$472=EVENTOS!$C23)*(OFFSET(CÁLCULO!$AI$15:$AI$472,0,J$13))),2),0)","v":0},{"$f":"IF(AUTOEVENTO=\"Manual\",ROUND(SUMPRODUCT((CÁLCULO!$M$15:$M$472=EVENTOS!$C23)*(OFFSET(CÁLCULO!$AI$15:$AI$472,0,K$13))),2),0)","v":0},{"$f":"IF(AUTOEVENTO=\"Manual\",ROUND(SUMPRODUCT((CÁLCULO!$M$15:$M$472=EVENTOS!$C23)*(OFFSET(CÁLCULO!$AI$15:$AI$472,0,L$13))),2),0)","v":0},{"$f":"IF(AUTOEVENTO=\"Manual\",ROUND(SUMPRODUCT((CÁLCULO!$M$15:$M$472=EVENTOS!$C23)*(OFFSET(CÁLCULO!$AI$15:$AI$472,0,M$13))),2),0)","v":0},{"$f":"IF(AUTOEVENTO=\"Manual\",ROUND(SUMPRODUCT((CÁLCULO!$M$15:$M$472=EVENTOS!$C23)*(OFFSET(CÁLCULO!$AI$15:$AI$472,0,N$13))),2),0)","v":0},{"$f":"IF(AUTOEVENTO=\"Manual\",ROUND(SUMPRODUCT((CÁLCULO!$M$15:$M$472=EVENTOS!$C23)*(OFFSET(CÁLCULO!$AI$15:$AI$472,0,O$13))),2),0)","v":0},{"$f":"IF(AUTOEVENTO=\"Manual\",ROUND(SUMPRODUCT((CÁLCULO!$M$15:$M$472=EVENTOS!$C23)*(OFFSET(CÁLCULO!$AI$15:$AI$472,0,P$13))),2),0)","v":0},{"$f":"IF(AUTOEVENTO=\"Manual\",ROUND(SUMPRODUCT((CÁLCULO!$M$15:$M$472=EVENTOS!$C23)*(OFFSET(CÁLCULO!$AI$15:$AI$472,0,Q$13))),2),0)","v":0},{"$f":"IF(AUTOEVENTO=\"Manual\",ROUND(SUMPRODUCT((CÁLCULO!$M$15:$M$472=EVENTOS!$C23)*(OFFSET(CÁLCULO!$AI$15:$AI$472,0,R$13))),2),0)","v":0},{"$f":"IF(AUTOEVENTO=\"Manual\",ROUND(SUMPRODUCT((CÁLCULO!$M$15:$M$472=EVENTOS!$C23)*(OFFSET(CÁLCULO!$AI$15:$AI$472,0,S$13))),2),0)","v":0},{"$f":"IF(AUTOEVENTO=\"Manual\",ROUND(SUMPRODUCT((CÁLCULO!$M$15:$M$472=EVENTOS!$C23)*(OFFSET(CÁLCULO!$AI$15:$AI$472,0,T$13))),2),0)","v":0},{"$f":"IF(AUTOEVENTO=\"Manual\",ROUND(SUMPRODUCT((CÁLCULO!$M$15:$M$472=EVENTOS!$C23)*(OFFSET(CÁLCULO!$AI$15:$AI$472,0,U$13))),2),0)","v":53107.05},{"$f":"IF(AUTOEVENTO=\"Manual\",ROUND(SUMPRODUCT((CÁLCULO!$M$15:$M$472=EVENTOS!$C23)*(OFFSET(CÁLCULO!$AI$15:$AI$472,0,V$13))),2),0)","v":154363.10999999999},{"$f":"IF(AUTOEVENTO=\"Manual\",ROUND(SUMPRODUCT((CÁLCULO!$M$15:$M$472=EVENTOS!$C23)*(OFFSET(CÁLCULO!$AI$15:$AI$472,0,W$13))),2),0)","v":0},{"$f":"IF(AUTOEVENTO=\"Manual\",ROUND(SUMPRODUCT((CÁLCULO!$M$15:$M$472=EVENTOS!$C23)*(OFFSET(CÁLCULO!$AI$15:$AI$472,0,X$13))),2),0)","v":0},{"$f":"IF(AUTOEVENTO=\"Manual\",ROUND(SUMPRODUCT((CÁLCULO!$M$15:$M$472=EVENTOS!$C23)*(OFFSET(CÁLCULO!$AI$15:$AI$472,0,Y$13))),2),0)","v":0}]
["F","9. REVESTIMENTO DE PAREDE",{"$f":"IF(OR(ROW(C24)=ROW(EVENTOS.firstrow)+1,AND(OFFSET(C24,-1,0)<>\" \",OFFSET(C24,-1,1)<>\"\")),OFFSET(C24,-1,0)+1,\" \")","v":9},"REVESTIMENTO DE PAREDE",{"$f":"IF(AUTOEVENTO=\"Manual\",ROUND(SUMPRODUCT((CÁLCULO!$M$15:$M$472=EVENTOS!$C24)*(OFFSET(CÁLCULO!$AI$15:$AI$472,0,E$13))),2),0)","v":0},{"$f":"IF(AUTOEVENTO=\"Manual\",ROUND(SUMPRODUCT((CÁLCULO!$M$15:$M$472=EVENTOS!$C24)*(OFFSET(CÁLCULO!$AI$15,0,1):OFFSET(CÁLCULO!$BB$472,0,-1))),2),0)","v":72767.899999999994},"",{"$f":"IF(AUTOEVENTO=\"Manual\",ROUND(SUMPRODUCT((CÁLCULO!$M$15:$M$472=EVENTOS!$C24)*(OFFSET(CÁLCULO!$AI$15:$AI$472,0,H$13))),2),0)","v":0},{"$f":"IF(AUTOEVENTO=\"Manual\",ROUND(SUMPRODUCT((CÁLCULO!$M$15:$M$472=EVENTOS!$C24)*(OFFSET(CÁLCULO!$AI$15:$AI$472,0,I$13))),2),0)","v":0},{"$f":"IF(AUTOEVENTO=\"Manual\",ROUND(SUMPRODUCT((CÁLCULO!$M$15:$M$472=EVENTOS!$C24)*(OFFSET(CÁLCULO!$AI$15:$AI$472,0,J$13))),2),0)","v":0},{"$f":"IF(AUTOEVENTO=\"Manual\",ROUND(SUMPRODUCT((CÁLCULO!$M$15:$M$472=EVENTOS!$C24)*(OFFSET(CÁLCULO!$AI$15:$AI$472,0,K$13))),2),0)","v":0},{"$f":"IF(AUTOEVENTO=\"Manual\",ROUND(SUMPRODUCT((CÁLCULO!$M$15:$M$472=EVENTOS!$C24)*(OFFSET(CÁLCULO!$AI$15:$AI$472,0,L$13))),2),0)","v":0},{"$f":"IF(AUTOEVENTO=\"Manual\",ROUND(SUMPRODUCT((CÁLCULO!$M$15:$M$472=EVENTOS!$C24)*(OFFSET(CÁLCULO!$AI$15:$AI$472,0,M$13))),2),0)","v":0},{"$f":"IF(AUTOEVENTO=\"Manual\",ROUND(SUMPRODUCT((CÁLCULO!$M$15:$M$472=EVENTOS!$C24)*(OFFSET(CÁLCULO!$AI$15:$AI$472,0,N$13))),2),0)","v":0},{"$f":"IF(AUTOEVENTO=\"Manual\",ROUND(SUMPRODUCT((CÁLCULO!$M$15:$M$472=EVENTOS!$C24)*(OFFSET(CÁLCULO!$AI$15:$AI$472,0,O$13))),2),0)","v":0},{"$f":"IF(AUTOEVENTO=\"Manual\",ROUND(SUMPRODUCT((CÁLCULO!$M$15:$M$472=EVENTOS!$C24)*(OFFSET(CÁLCULO!$AI$15:$AI$472,0,P$13))),2),0)","v":0},{"$f":"IF(AUTOEVENTO=\"Manual\",ROUND(SUMPRODUCT((CÁLCULO!$M$15:$M$472=EVENTOS!$C24)*(OFFSET(CÁLCULO!$AI$15:$AI$472,0,Q$13))),2),0)","v":0},{"$f":"IF(AUTOEVENTO=\"Manual\",ROUND(SUMPRODUCT((CÁLCULO!$M$15:$M$472=EVENTOS!$C24)*(OFFSET(CÁLCULO!$AI$15:$AI$472,0,R$13))),2),0)","v":0},{"$f":"IF(AUTOEVENTO=\"Manual\",ROUND(SUMPRODUCT((CÁLCULO!$M$15:$M$472=EVENTOS!$C24)*(OFFSET(CÁLCULO!$AI$15:$AI$472,0,S$13))),2),0)","v":0},{"$f":"IF(AUTOEVENTO=\"Manual\",ROUND(SUMPRODUCT((CÁLCULO!$M$15:$M$472=EVENTOS!$C24)*(OFFSET(CÁLCULO!$AI$15:$AI$472,0,T$13))),2),0)","v":0},{"$f":"IF(AUTOEVENTO=\"Manual\",ROUND(SUMPRODUCT((CÁLCULO!$M$15:$M$472=EVENTOS!$C24)*(OFFSET(CÁLCULO!$AI$15:$AI$472,0,U$13))),2),0)","v":28812.85},{"$f":"IF(AUTOEVENTO=\"Manual\",ROUND(SUMPRODUCT((CÁLCULO!$M$15:$M$472=EVENTOS!$C24)*(OFFSET(CÁLCULO!$AI$15:$AI$472,0,V$13))),2),0)","v":31146.65},{"$f":"IF(AUTOEVENTO=\"Manual\",ROUND(SUMPRODUCT((CÁLCULO!$M$15:$M$472=EVENTOS!$C24)*(OFFSET(CÁLCULO!$AI$15:$AI$472,0,W$13))),2),0)","v":12808.4},{"$f":"IF(AUTOEVENTO=\"Manual\",ROUND(SUMPRODUCT((CÁLCULO!$M$15:$M$472=EVENTOS!$C24)*(OFFSET(CÁLCULO!$AI$15:$AI$472,0,X$13))),2),0)","v":0},{"$f":"IF(AUTOEVENTO=\"Manual\",ROUND(SUMPRODUCT((CÁLCULO!$M$15:$M$472=EVENTOS!$C24)*(OFFSET(CÁLCULO!$AI$15:$AI$472,0,Y$13))),2),0)","v":0}]
["F","10. REVESTIMENTO DE PISO INTERNO",{"$f":"IF(OR(ROW(C25)=ROW(EVENTOS.firstrow)+1,AND(OFFSET(C25,-1,0)<>\" \",OFFSET(C25,-1,1)<>\"\")),OFFSET(C25,-1,0)+1,\" \")","v":10},"REVESTIMENTO DE PISO INTERNO",{"$f":"IF(AUTOEVENTO=\"Manual\",ROUND(SUMPRODUCT((CÁLCULO!$M$15:$M$472=EVENTOS!$C25)*(OFFSET(CÁLCULO!$AI$15:$AI$472,0,E$13))),2),0)","v":0},{"$f":"IF(AUTOEVENTO=\"Manual\",ROUND(SUMPRODUCT((CÁLCULO!$M$15:$M$472=EVENTOS!$C25)*(OFFSET(CÁLCULO!$AI$15,0,1):OFFSET(CÁLCULO!$BB$472,0,-1))),2),0)","v":107066.62},"",{"$f":"IF(AUTOEVENTO=\"Manual\",ROUND(SUMPRODUCT((CÁLCULO!$M$15:$M$472=EVENTOS!$C25)*(OFFSET(CÁLCULO!$AI$15:$AI$472,0,H$13))),2),0)","v":0},{"$f":"IF(AUTOEVENTO=\"Manual\",ROUND(SUMPRODUCT((CÁLCULO!$M$15:$M$472=EVENTOS!$C25)*(OFFSET(CÁLCULO!$AI$15:$AI$472,0,I$13))),2),0)","v":0},{"$f":"IF(AUTOEVENTO=\"Manual\",ROUND(SUMPRODUCT((CÁLCULO!$M$15:$M$472=EVENTOS!$C25)*(OFFSET(CÁLCULO!$AI$15:$AI$472,0,J$13))),2),0)","v":0},{"$f":"IF(AUTOEVENTO=\"Manual\",ROUND(SUMPRODUCT((CÁLCULO!$M$15:$M$472=EVENTOS!$C25)*(OFFSET(CÁLCULO!$AI$15:$AI$472,0,K$13))),2),0)","v":0},{"$f":"IF(AUTOEVENTO=\"Manual\",ROUND(SUMPRODUCT((CÁLCULO!$M$15:$M$472=EVENTOS!$C25)*(OFFSET(CÁLCULO!$AI$15:$AI$472,0,L$13))),2),0)","v":0},{"$f":"IF(AUTOEVENTO=\"Manual\",ROUND(SUMPRODUCT((CÁLCULO!$M$15:$M$472=EVENTOS!$C25)*(OFFSET(CÁLCULO!$AI$15:$AI$472,0,M$13))),2),0)","v":0},{"$f":"IF(AUTOEVENTO=\"Manual\",ROUND(SUMPRODUCT((CÁLCULO!$M$15:$M$472=EVENTOS!$C25)*(OFFSET(CÁLCULO!$AI$15:$AI$472,0,N$13))),2),0)","v":0},{"$f":"IF(AUTOEVENTO=\"Manual\",ROUND(SUMPRODUCT((CÁLCULO!$M$15:$M$472=EVENTOS!$C25)*(OFFSET(CÁLCULO!$AI$15:$AI$472,0,O$13))),2),0)","v":0},{"$f":"IF(AUTOEVENTO=\"Manual\",ROUND(SUMPRODUCT((CÁLCULO!$M$15:$M$472=EVENTOS!$C25)*(OFFSET(CÁLCULO!$AI$15:$AI$472,0,P$13))),2),0)","v":0},{"$f":"IF(AUTOEVENTO=\"Manual\",ROUND(SUMPRODUCT((CÁLCULO!$M$15:$M$472=EVENTOS!$C25)*(OFFSET(CÁLCULO!$AI$15:$AI$472,0,Q$13))),2),0)","v":0},{"$f":"IF(AUTOEVENTO=\"Manual\",ROUND(SUMPRODUCT((CÁLCULO!$M$15:$M$472=EVENTOS!$C25)*(OFFSET(CÁLCULO!$AI$15:$AI$472,0,R$13))),2),0)","v":0},{"$f":"IF(AUTOEVENTO=\"Manual\",ROUND(SUMPRODUCT((CÁLCULO!$M$15:$M$472=EVENTOS!$C25)*(OFFSET(CÁLCULO!$AI$15:$AI$472,0,S$13))),2),0)","v":0},{"$f":"IF(AUTOEVENTO=\"Manual\",ROUND(SUMPRODUCT((CÁLCULO!$M$15:$M$472=EVENTOS!$C25)*(OFFSET(CÁLCULO!$AI$15:$AI$472,0,T$13))),2),0)","v":0},{"$f":"IF(AUTOEVENTO=\"Manual\",ROUND(SUMPRODUCT((CÁLCULO!$M$15:$M$472=EVENTOS!$C25)*(OFFSET(CÁLCULO!$AI$15:$AI$472,0,U$13))),2),0)","v":0},{"$f":"IF(AUTOEVENTO=\"Manual\",ROUND(SUMPRODUCT((CÁLCULO!$M$15:$M$472=EVENTOS!$C25)*(OFFSET(CÁLCULO!$AI$15:$AI$472,0,V$13))),2),0)","v":0},{"$f":"IF(AUTOEVENTO=\"Manual\",ROUND(SUMPRODUCT((CÁLCULO!$M$15:$M$472=EVENTOS!$C25)*(OFFSET(CÁLCULO!$AI$15:$AI$472,0,W$13))),2),0)","v":100417.69},{"$f":"IF(AUTOEVENTO=\"Manual\",ROUND(SUMPRODUCT((CÁLCULO!$M$15:$M$472=EVENTOS!$C25)*(OFFSET(CÁLCULO!$AI$15:$AI$472,0,X$13))),2),0)","v":6648.93},{"$f":"IF(AUTOEVENTO=\"Manual\",ROUND(SUMPRODUCT((CÁLCULO!$M$15:$M$472=EVENTOS!$C25)*(OFFSET(CÁLCULO!$AI$15:$AI$472,0,Y$13))),2),0)","v":0}]
["F","11. REVESTIMENTO DE PISO EXTERNO",{"$f":"IF(OR(ROW(C26)=ROW(EVENTOS.firstrow)+1,AND(OFFSET(C26,-1,0)<>\" \",OFFSET(C26,-1,1)<>\"\")),OFFSET(C26,-1,0)+1,\" \")","v":11},"REVESTIMENTO DE PISO EXTERNO",{"$f":"IF(AUTOEVENTO=\"Manual\",ROUND(SUMPRODUCT((CÁLCULO!$M$15:$M$472=EVENTOS!$C26)*(OFFSET(CÁLCULO!$AI$15:$AI$472,0,E$13))),2),0)","v":0},{"$f":"IF(AUTOEVENTO=\"Manual\",ROUND(SUMPRODUCT((CÁLCULO!$M$15:$M$472=EVENTOS!$C26)*(OFFSET(CÁLCULO!$AI$15,0,1):OFFSET(CÁLCULO!$BB$472,0,-1))),2),0)","v":18912.3},"",{"$f":"IF(AUTOEVENTO=\"Manual\",ROUND(SUMPRODUCT((CÁLCULO!$M$15:$M$472=EVENTOS!$C26)*(OFFSET(CÁLCULO!$AI$15:$AI$472,0,H$13))),2),0)","v":0},{"$f":"IF(AUTOEVENTO=\"Manual\",ROUND(SUMPRODUCT((CÁLCULO!$M$15:$M$472=EVENTOS!$C26)*(OFFSET(CÁLCULO!$AI$15:$AI$472,0,I$13))),2),0)","v":0},{"$f":"IF(AUTOEVENTO=\"Manual\",ROUND(SUMPRODUCT((CÁLCULO!$M$15:$M$472=EVENTOS!$C26)*(OFFSET(CÁLCULO!$AI$15:$AI$472,0,J$13))),2),0)","v":0},{"$f":"IF(AUTOEVENTO=\"Manual\",ROUND(SUMPRODUCT((CÁLCULO!$M$15:$M$472=EVENTOS!$C26)*(OFFSET(CÁLCULO!$AI$15:$AI$472,0,K$13))),2),0)","v":0},{"$f":"IF(AUTOEVENTO=\"Manual\",ROUND(SUMPRODUCT((CÁLCULO!$M$15:$M$472=EVENTOS!$C26)*(OFFSET(CÁLCULO!$AI$15:$AI$472,0,L$13))),2),0)","v":0},{"$f":"IF(AUTOEVENTO=\"Manual\",ROUND(SUMPRODUCT((CÁLCULO!$M$15:$M$472=EVENTOS!$C26)*(OFFSET(CÁLCULO!$AI$15:$AI$472,0,M$13))),2),0)","v":0},{"$f":"IF(AUTOEVENTO=\"Manual\",ROUND(SUMPRODUCT((CÁLCULO!$M$15:$M$472=EVENTOS!$C26)*(OFFSET(CÁLCULO!$AI$15:$AI$472,0,N$13))),2),0)","v":0},{"$f":"IF(AUTOEVENTO=\"Manual\",ROUND(SUMPRODUCT((CÁLCULO!$M$15:$M$472=EVENTOS!$C26)*(OFFSET(CÁLCULO!$AI$15:$AI$472,0,O$13))),2),0)","v":0},{"$f":"IF(AUTOEVENTO=\"Manual\",ROUND(SUMPRODUCT((CÁLCULO!$M$15:$M$472=EVENTOS!$C26)*(OFFSET(CÁLCULO!$AI$15:$AI$472,0,P$13))),2),0)","v":0},{"$f":"IF(AUTOEVENTO=\"Manual\",ROUND(SUMPRODUCT((CÁLCULO!$M$15:$M$472=EVENTOS!$C26)*(OFFSET(CÁLCULO!$AI$15:$AI$472,0,Q$13))),2),0)","v":0},{"$f":"IF(AUTOEVENTO=\"Manual\",ROUND(SUMPRODUCT((CÁLCULO!$M$15:$M$472=EVENTOS!$C26)*(OFFSET(CÁLCULO!$AI$15:$AI$472,0,R$13))),2),0)","v":0},{"$f":"IF(AUTOEVENTO=\"Manual\",ROUND(SUMPRODUCT((CÁLCULO!$M$15:$M$472=EVENTOS!$C26)*(OFFSET(CÁLCULO!$AI$15:$AI$472,0,S$13))),2),0)","v":0},{"$f":"IF(AUTOEVENTO=\"Manual\",ROUND(SUMPRODUCT((CÁLCULO!$M$15:$M$472=EVENTOS!$C26)*(OFFSET(CÁLCULO!$AI$15:$AI$472,0,T$13))),2),0)","v":0},{"$f":"IF(AUTOEVENTO=\"Manual\",ROUND(SUMPRODUCT((CÁLCULO!$M$15:$M$472=EVENTOS!$C26)*(OFFSET(CÁLCULO!$AI$15:$AI$472,0,U$13))),2),0)","v":0},{"$f":"IF(AUTOEVENTO=\"Manual\",ROUND(SUMPRODUCT((CÁLCULO!$M$15:$M$472=EVENTOS!$C26)*(OFFSET(CÁLCULO!$AI$15:$AI$472,0,V$13))),2),0)","v":0},{"$f":"IF(AUTOEVENTO=\"Manual\",ROUND(SUMPRODUCT((CÁLCULO!$M$15:$M$472=EVENTOS!$C26)*(OFFSET(CÁLCULO!$AI$15:$AI$472,0,W$13))),2),0)","v":0},{"$f":"IF(AUTOEVENTO=\"Manual\",ROUND(SUMPRODUCT((CÁLCULO!$M$15:$M$472=EVENTOS!$C26)*(OFFSET(CÁLCULO!$AI$15:$AI$472,0,X$13))),2),0)","v":18912.3},{"$f":"IF(AUTOEVENTO=\"Manual\",ROUND(SUMPRODUCT((CÁLCULO!$M$15:$M$472=EVENTOS!$C26)*(OFFSET(CÁLCULO!$AI$15:$AI$472,0,Y$13))),2),0)","v":0}]
["F","12. REVESTIMENTO DE TETO",{"$f":"IF(OR(ROW(C27)=ROW(EVENTOS.firstrow)+1,AND(OFFSET(C27,-1,0)<>\" \",OFFSET(C27,-1,1)<>\"\")),OFFSET(C27,-1,0)+1,\" \")","v":12},"REVESTIMENTO DE TETO",{"$f":"IF(AUTOEVENTO=\"Manual\",ROUND(SUMPRODUCT((CÁLCULO!$M$15:$M$472=EVENTOS!$C27)*(OFFSET(CÁLCULO!$AI$15:$AI$472,0,E$13))),2),0)","v":0},{"$f":"IF(AUTOEVENTO=\"Manual\",ROUND(SUMPRODUCT((CÁLCULO!$M$15:$M$472=EVENTOS!$C27)*(OFFSET(CÁLCULO!$AI$15,0,1):OFFSET(CÁLCULO!$BB$472,0,-1))),2),0)","v":31373.35},"",{"$f":"IF(AUTOEVENTO=\"Manual\",ROUND(SUMPRODUCT((CÁLCULO!$M$15:$M$472=EVENTOS!$C27)*(OFFSET(CÁLCULO!$AI$15:$AI$472,0,H$13))),2),0)","v":0},{"$f":"IF(AUTOEVENTO=\"Manual\",ROUND(SUMPRODUCT((CÁLCULO!$M$15:$M$472=EVENTOS!$C27)*(OFFSET(CÁLCULO!$AI$15:$AI$472,0,I$13))),2),0)","v":0},{"$f":"IF(AUTOEVENTO=\"Manual\",ROUND(SUMPRODUCT((CÁLCULO!$M$15:$M$472=EVENTOS!$C27)*(OFFSET(CÁLCULO!$AI$15:$AI$472,0,J$13))),2),0)","v":0},{"$f":"IF(AUTOEVENTO=\"Manual\",ROUND(SUMPRODUCT((CÁLCULO!$M$15:$M$472=EVENTOS!$C27)*(OFFSET(CÁLCULO!$AI$15:$AI$472,0,K$13))),2),0)","v":0},{"$f":"IF(AUTOEVENTO=\"Manual\",ROUND(SUMPRODUCT((CÁLCULO!$M$15:$M$472=EVENTOS!$C27)*(OFFSET(CÁLCULO!$AI$15:$AI$472,0,L$13))),2),0)","v":0},{"$f":"IF(AUTOEVENTO=\"Manual\",ROUND(SUMPRODUCT((CÁLCULO!$M$15:$M$472=EVENTOS!$C27)*(OFFSET(CÁLCULO!$AI$15:$AI$472,0,M$13))),2),0)","v":0},{"$f":"IF(AUTOEVENTO=\"Manual\",ROUND(SUMPRODUCT((CÁLCULO!$M$15:$M$472=EVENTOS!$C27)*(OFFSET(CÁLCULO!$AI$15:$AI$472,0,N$13))),2),0)","v":0},{"$f":"IF(AUTOEVENTO=\"Manual\",ROUND(SUMPRODUCT((CÁLCULO!$M$15:$M$472=EVENTOS!$C27)*(OFFSET(CÁLCULO!$AI$15:$AI$472,0,O$13))),2),0)","v":0},{"$f":"IF(AUTOEVENTO=\"Manual\",ROUND(SUMPRODUCT((CÁLCULO!$M$15:$M$472=EVENTOS!$C27)*(OFFSET(CÁLCULO!$AI$15:$AI$472,0,P$13))),2),0)","v":0},{"$f":"IF(AUTOEVENTO=\"Manual\",ROUND(SUMPRODUCT((CÁLCULO!$M$15:$M$472=EVENTOS!$C27)*(OFFSET(CÁLCULO!$AI$15:$AI$472,0,Q$13))),2),0)","v":0},{"$f":"IF(AUTOEVENTO=\"Manual\",ROUND(SUMPRODUCT((CÁLCULO!$M$15:$M$472=EVENTOS!$C27)*(OFFSET(CÁLCULO!$AI$15:$AI$472,0,R$13))),2),0)","v":0},{"$f":"IF(AUTOEVENTO=\"Manual\",ROUND(SUMPRODUCT((CÁLCULO!$M$15:$M$472=EVENTOS!$C27)*(OFFSET(CÁLCULO!$AI$15:$AI$472,0,S$13))),2),0)","v":0},{"$f":"IF(AUTOEVENTO=\"Manual\",ROUND(SUMPRODUCT((CÁLCULO!$M$15:$M$472=EVENTOS!$C27)*(OFFSET(CÁLCULO!$AI$15:$AI$472,0,T$13))),2),0)","v":0},{"$f":"IF(AUTOEVENTO=\"Manual\",ROUND(SUMPRODUCT((CÁLCULO!$M$15:$M$472=EVENTOS!$C27)*(OFFSET(CÁLCULO!$AI$15:$AI$472,0,U$13))),2),0)","v":0},{"$f":"IF(AUTOEVENTO=\"Manual\",ROUND(SUMPRODUCT((CÁLCULO!$M$15:$M$472=EVENTOS!$C27)*(OFFSET(CÁLCULO!$AI$15:$AI$472,0,V$13))),2),0)","v":0},{"$f":"IF(AUTOEVENTO=\"Manual\",ROUND(SUMPRODUCT((CÁLCULO!$M$15:$M$472=EVENTOS!$C27)*(OFFSET(CÁLCULO!$AI$15:$AI$472,0,W$13))),2),0)","v":223.32},{"$f":"IF(AUTOEVENTO=\"Manual\",ROUND(SUMPRODUCT((CÁLCULO!$M$15:$M$472=EVENTOS!$C27)*(OFFSET(CÁLCULO!$AI$15:$AI$472,0,X$13))),2),0)","v":31150.03},{"$f":"IF(AUTOEVENTO=\"Manual\",ROUND(SUMPRODUCT((CÁLCULO!$M$15:$M$472=EVENTOS!$C27)*(OFFSET(CÁLCULO!$AI$15:$AI$472,0,Y$13))),2),0)","v":0}]
["F","13. PINTURA",{"$f":"IF(OR(ROW(C28)=ROW(EVENTOS.firstrow)+1,AND(OFFSET(C28,-1,0)<>\" \",OFFSET(C28,-1,1)<>\"\")),OFFSET(C28,-1,0)+1,\" \")","v":13},"PINTURA",{"$f":"IF(AUTOEVENTO=\"Manual\",ROUND(SUMPRODUCT((CÁLCULO!$M$15:$M$472=EVENTOS!$C28)*(OFFSET(CÁLCULO!$AI$15:$AI$472,0,E$13))),2),0)","v":0},{"$f":"IF(AUTOEVENTO=\"Manual\",ROUND(SUMPRODUCT((CÁLCULO!$M$15:$M$472=EVENTOS!$C28)*(OFFSET(CÁLCULO!$AI$15,0,1):OFFSET(CÁLCULO!$BB$472,0,-1))),2),0)","v":78958.649999999994},"",{"$f":"IF(AUTOEVENTO=\"Manual\",ROUND(SUMPRODUCT((CÁLCULO!$M$15:$M$472=EVENTOS!$C28)*(OFFSET(CÁLCULO!$AI$15:$AI$472,0,H$13))),2),0)","v":0},{"$f":"IF(AUTOEVENTO=\"Manual\",ROUND(SUMPRODUCT((CÁLCULO!$M$15:$M$472=EVENTOS!$C28)*(OFFSET(CÁLCULO!$AI$15:$AI$472,0,I$13))),2),0)","v":0},{"$f":"IF(AUTOEVENTO=\"Manual\",ROUND(SUMPRODUCT((CÁLCULO!$M$15:$M$472=EVENTOS!$C28)*(OFFSET(CÁLCULO!$AI$15:$AI$472,0,J$13))),2),0)","v":0},{"$f":"IF(AUTOEVENTO=\"Manual\",ROUND(SUMPRODUCT((CÁLCULO!$M$15:$M$472=EVENTOS!$C28)*(OFFSET(CÁLCULO!$AI$15:$AI$472,0,K$13))),2),0)","v":0},{"$f":"IF(AUTOEVENTO=\"Manual\",ROUND(SUMPRODUCT((CÁLCULO!$M$15:$M$472=EVENTOS!$C28)*(OFFSET(CÁLCULO!$AI$15:$AI$472,0,L$13))),2),0)","v":0},{"$f":"IF(AUTOEVENTO=\"Manual\",ROUND(SUMPRODUCT((CÁLCULO!$M$15:$M$472=EVENTOS!$C28)*(OFFSET(CÁLCULO!$AI$15:$AI$472,0,M$13))),2),0)","v":0},{"$f":"IF(AUTOEVENTO=\"Manual\",ROUND(SUMPRODUCT((CÁLCULO!$M$15:$M$472=EVENTOS!$C28)*(OFFSET(CÁLCULO!$AI$15:$AI$472,0,N$13))),2),0)","v":0},{"$f":"IF(AUTOEVENTO=\"Manual\",ROUND(SUMPRODUCT((CÁLCULO!$M$15:$M$472=EVENTOS!$C28)*(OFFSET(CÁLCULO!$AI$15:$AI$472,0,O$13))),2),0)","v":0},{"$f":"IF(AUTOEVENTO=\"Manual\",ROUND(SUMPRODUCT((CÁLCULO!$M$15:$M$472=EVENTOS!$C28)*(OFFSET(CÁLCULO!$AI$15:$AI$472,0,P$13))),2),0)","v":0},{"$f":"IF(AUTOEVENTO=\"Manual\",ROUND(SUMPRODUCT((CÁLCULO!$M$15:$M$472=EVENTOS!$C28)*(OFFSET(CÁLCULO!$AI$15:$AI$472,0,Q$13))),2),0)","v":0},{"$f":"IF(AUTOEVENTO=\"Manual\",ROUND(SUMPRODUCT((CÁLCULO!$M$15:$M$472=EVENTOS!$C28)*(OFFSET(CÁLCULO!$AI$15:$AI$472,0,R$13))),2),0)","v":0},{"$f":"IF(AUTOEVENTO=\"Manual\",ROUND(SUMPRODUCT((CÁLCULO!$M$15:$M$472=EVENTOS!$C28)*(OFFSET(CÁLCULO!$AI$15:$AI$472,0,S$13))),2),0)","v":0},{"$f":"IF(AUTOEVENTO=\"Manual\",ROUND(SUMPRODUCT((CÁLCULO!$M$15:$M$472=EVENTOS!$C28)*(OFFSET(CÁLCULO!$AI$15:$AI$472,0,T$13))),2),0)","v":0},{"$f":"IF(AUTOEVENTO=\"Manual\",ROUND(SUMPRODUCT((CÁLCULO!$M$15:$M$472=EVENTOS!$C28)*(OFFSET(CÁLCULO!$AI$15:$AI$472,0,U$13))),2),0)","v":0},{"$f":"IF(AUTOEVENTO=\"Manual\",ROUND(SUMPRODUCT((CÁLCULO!$M$15:$M$472=EVENTOS!$C28)*(OFFSET(CÁLCULO!$AI$15:$AI$472,0,V$13))),2),0)","v":18762.939999999999},{"$f":"IF(AUTOEVENTO=\"Manual\",ROUND(SUMPRODUCT((CÁLCULO!$M$15:$M$472=EVENTOS!$C28)*(OFFSET(CÁLCULO!$AI$15:$AI$472,0,W$13))),2),0)","v":15277.81},{"$f":"IF(AUTOEVENTO=\"Manual\",ROUND(SUMPRODUCT((CÁLCULO!$M$15:$M$472=EVENTOS!$C28)*(OFFSET(CÁLCULO!$AI$15:$AI$472,0,X$13))),2),0)","v":29639.59},{"$f":"IF(AUTOEVENTO=\"Manual\",ROUND(SUMPRODUCT((CÁLCULO!$M$15:$M$472=EVENTOS!$C28)*(OFFSET(CÁLCULO!$AI$15:$AI$472,0,Y$13))),2),0)","v":15278.31}]
["F","14. MARMORARIA",{"$f":"IF(OR(ROW(C29)=ROW(EVENTOS.firstrow)+1,AND(OFFSET(C29,-1,0)<>\" \",OFFSET(C29,-1,1)<>\"\")),OFFSET(C29,-1,0)+1,\" \")","v":14},"MARMORARIA",{"$f":"IF(AUTOEVENTO=\"Manual\",ROUND(SUMPRODUCT((CÁLCULO!$M$15:$M$472=EVENTOS!$C29)*(OFFSET(CÁLCULO!$AI$15:$AI$472,0,E$13))),2),0)","v":0},{"$f":"IF(AUTOEVENTO=\"Manual\",ROUND(SUMPRODUCT((CÁLCULO!$M$15:$M$472=EVENTOS!$C29)*(OFFSET(CÁLCULO!$AI$15,0,1):OFFSET(CÁLCULO!$BB$472,0,-1))),2),0)","v":11292.26},"",{"$f":"IF(AUTOEVENTO=\"Manual\",ROUND(SUMPRODUCT((CÁLCULO!$M$15:$M$472=EVENTOS!$C29)*(OFFSET(CÁLCULO!$AI$15:$AI$472,0,H$13))),2),0)","v":0},{"$f":"IF(AUTOEVENTO=\"Manual\",ROUND(SUMPRODUCT((CÁLCULO!$M$15:$M$472=EVENTOS!$C29)*(OFFSET(CÁLCULO!$AI$15:$AI$472,0,I$13))),2),0)","v":0},{"$f":"IF(AUTOEVENTO=\"Manual\",ROUND(SUMPRODUCT((CÁLCULO!$M$15:$M$472=EVENTOS!$C29)*(OFFSET(CÁLCULO!$AI$15:$AI$472,0,J$13))),2),0)","v":0},{"$f":"IF(AUTOEVENTO=\"Manual\",ROUND(SUMPRODUCT((CÁLCULO!$M$15:$M$472=EVENTOS!$C29)*(OFFSET(CÁLCULO!$AI$15:$AI$472,0,K$13))),2),0)","v":0},{"$f":"IF(AUTOEVENTO=\"Manual\",ROUND(SUMPRODUCT((CÁLCULO!$M$15:$M$472=EVENTOS!$C29)*(OFFSET(CÁLCULO!$AI$15:$AI$472,0,L$13))),2),0)","v":0},{"$f":"IF(AUTOEVENTO=\"Manual\",ROUND(SUMPRODUCT((CÁLCULO!$M$15:$M$472=EVENTOS!$C29)*(OFFSET(CÁLCULO!$AI$15:$AI$472,0,M$13))),2),0)","v":0},{"$f":"IF(AUTOEVENTO=\"Manual\",ROUND(SUMPRODUCT((CÁLCULO!$M$15:$M$472=EVENTOS!$C29)*(OFFSET(CÁLCULO!$AI$15:$AI$472,0,N$13))),2),0)","v":0},{"$f":"IF(AUTOEVENTO=\"Manual\",ROUND(SUMPRODUCT((CÁLCULO!$M$15:$M$472=EVENTOS!$C29)*(OFFSET(CÁLCULO!$AI$15:$AI$472,0,O$13))),2),0)","v":0},{"$f":"IF(AUTOEVENTO=\"Manual\",ROUND(SUMPRODUCT((CÁLCULO!$M$15:$M$472=EVENTOS!$C29)*(OFFSET(CÁLCULO!$AI$15:$AI$472,0,P$13))),2),0)","v":0},{"$f":"IF(AUTOEVENTO=\"Manual\",ROUND(SUMPRODUCT((CÁLCULO!$M$15:$M$472=EVENTOS!$C29)*(OFFSET(CÁLCULO!$AI$15:$AI$472,0,Q$13))),2),0)","v":0},{"$f":"IF(AUTOEVENTO=\"Manual\",ROUND(SUMPRODUCT((CÁLCULO!$M$15:$M$472=EVENTOS!$C29)*(OFFSET(CÁLCULO!$AI$15:$AI$472,0,R$13))),2),0)","v":0},{"$f":"IF(AUTOEVENTO=\"Manual\",ROUND(SUMPRODUCT((CÁLCULO!$M$15:$M$472=EVENTOS!$C29)*(OFFSET(CÁLCULO!$AI$15:$AI$472,0,S$13))),2),0)","v":0},{"$f":"IF(AUTOEVENTO=\"Manual\",ROUND(SUMPRODUCT((CÁLCULO!$M$15:$M$472=EVENTOS!$C29)*(OFFSET(CÁLCULO!$AI$15:$AI$472,0,T$13))),2),0)","v":0},{"$f":"IF(AUTOEVENTO=\"Manual\",ROUND(SUMPRODUCT((CÁLCULO!$M$15:$M$472=EVENTOS!$C29)*(OFFSET(CÁLCULO!$AI$15:$AI$472,0,U$13))),2),0)","v":0},{"$f":"IF(AUTOEVENTO=\"Manual\",ROUND(SUMPRODUCT((CÁLCULO!$M$15:$M$472=EVENTOS!$C29)*(OFFSET(CÁLCULO!$AI$15:$AI$472,0,V$13))),2),0)","v":11292.26},{"$f":"IF(AUTOEVENTO=\"Manual\",ROUND(SUMPRODUCT((CÁLCULO!$M$15:$M$472=EVENTOS!$C29)*(OFFSET(CÁLCULO!$AI$15:$AI$472,0,W$13))),2),0)","v":0},{"$f":"IF(AUTOEVENTO=\"Manual\",ROUND(SUMPRODUCT((CÁLCULO!$M$15:$M$472=EVENTOS!$C29)*(OFFSET(CÁLCULO!$AI$15:$AI$472,0,X$13))),2),0)","v":0},{"$f":"IF(AUTOEVENTO=\"Manual\",ROUND(SUMPRODUCT((CÁLCULO!$M$15:$M$472=EVENTOS!$C29)*(OFFSET(CÁLCULO!$AI$15:$AI$472,0,Y$13))),2),0)","v":0}]
["F","15. LOUÇAS, METAIS E ACESSÓRIOS",{"$f":"IF(OR(ROW(C30)=ROW(EVENTOS.firstrow)+1,AND(OFFSET(C30,-1,0)<>\" \",OFFSET(C30,-1,1)<>\"\")),OFFSET(C30,-1,0)+1,\" \")","v":15},"LOUÇAS, METAIS E ACESSÓRIOS",{"$f":"IF(AUTOEVENTO=\"Manual\",ROUND(SUMPRODUCT((CÁLCULO!$M$15:$M$472=EVENTOS!$C30)*(OFFSET(CÁLCULO!$AI$15:$AI$472,0,E$13))),2),0)","v":0},{"$f":"IF(AUTOEVENTO=\"Manual\",ROUND(SUMPRODUCT((CÁLCULO!$M$15:$M$472=EVENTOS!$C30)*(OFFSET(CÁLCULO!$AI$15,0,1):OFFSET(CÁLCULO!$BB$472,0,-1))),2),0)","v":65906.820000000007},"",{"$f":"IF(AUTOEVENTO=\"Manual\",ROUND(SUMPRODUCT((CÁLCULO!$M$15:$M$472=EVENTOS!$C30)*(OFFSET(CÁLCULO!$AI$15:$AI$472,0,H$13))),2),0)","v":0},{"$f":"IF(AUTOEVENTO=\"Manual\",ROUND(SUMPRODUCT((CÁLCULO!$M$15:$M$472=EVENTOS!$C30)*(OFFSET(CÁLCULO!$AI$15:$AI$472,0,I$13))),2),0)","v":0},{"$f":"IF(AUTOEVENTO=\"Manual\",ROUND(SUMPRODUCT((CÁLCULO!$M$15:$M$472=EVENTOS!$C30)*(OFFSET(CÁLCULO!$AI$15:$AI$472,0,J$13))),2),0)","v":0},{"$f":"IF(AUTOEVENTO=\"Manual\",ROUND(SUMPRODUCT((CÁLCULO!$M$15:$M$472=EVENTOS!$C30)*(OFFSET(CÁLCULO!$AI$15:$AI$472,0,K$13))),2),0)","v":0},{"$f":"IF(AUTOEVENTO=\"Manual\",ROUND(SUMPRODUCT((CÁLCULO!$M$15:$M$472=EVENTOS!$C30)*(OFFSET(CÁLCULO!$AI$15:$AI$472,0,L$13))),2),0)","v":0},{"$f":"IF(AUTOEVENTO=\"Manual\",ROUND(SUMPRODUCT((CÁLCULO!$M$15:$M$472=EVENTOS!$C30)*(OFFSET(CÁLCULO!$AI$15:$AI$472,0,M$13))),2),0)","v":0},{"$f":"IF(AUTOEVENTO=\"Manual\",ROUND(SUMPRODUCT((CÁLCULO!$M$15:$M$472=EVENTOS!$C30)*(OFFSET(CÁLCULO!$AI$15:$AI$472,0,N$13))),2),0)","v":0},{"$f":"IF(AUTOEVENTO=\"Manual\",ROUND(SUMPRODUCT((CÁLCULO!$M$15:$M$472=EVENTOS!$C30)*(OFFSET(CÁLCULO!$AI$15:$AI$472,0,O$13))),2),0)","v":0},{"$f":"IF(AUTOEVENTO=\"Manual\",ROUND(SUMPRODUCT((CÁLCULO!$M$15:$M$472=EVENTOS!$C30)*(OFFSET(CÁLCULO!$AI$15:$AI$472,0,P$13))),2),0)","v":0},{"$f":"IF(AUTOEVENTO=\"Manual\",ROUND(SUMPRODUCT((CÁLCULO!$M$15:$M$472=EVENTOS!$C30)*(OFFSET(CÁLCULO!$AI$15:$AI$472,0,Q$13))),2),0)","v":0},{"$f":"IF(AUTOEVENTO=\"Manual\",ROUND(SUMPRODUCT((CÁLCULO!$M$15:$M$472=EVENTOS!$C30)*(OFFSET(CÁLCULO!$AI$15:$AI$472,0,R$13))),2),0)","v":0},{"$f":"IF(AUTOEVENTO=\"Manual\",ROUND(SUMPRODUCT((CÁLCULO!$M$15:$M$472=EVENTOS!$C30)*(OFFSET(CÁLCULO!$AI$15:$AI$472,0,S$13))),2),0)","v":0},{"$f":"IF(AUTOEVENTO=\"Manual\",ROUND(SUMPRODUCT((CÁLCULO!$M$15:$M$472=EVENTOS!$C30)*(OFFSET(CÁLCULO!$AI$15:$AI$472,0,T$13))),2),0)","v":0},{"$f":"IF(AUTOEVENTO=\"Manual\",ROUND(SUMPRODUCT((CÁLCULO!$M$15:$M$472=EVENTOS!$C30)*(OFFSET(CÁLCULO!$AI$15:$AI$472,0,U$13))),2),0)","v":0},{"$f":"IF(AUTOEVENTO=\"Manual\",ROUND(SUMPRODUCT((CÁLCULO!$M$15:$M$472=EVENTOS!$C30)*(OFFSET(CÁLCULO!$AI$15:$AI$472,0,V$13))),2),0)","v":65906.820000000007},{"$f":"IF(AUTOEVENTO=\"Manual\",ROUND(SUMPRODUCT((CÁLCULO!$M$15:$M$472=EVENTOS!$C30)*(OFFSET(CÁLCULO!$AI$15:$AI$472,0,W$13))),2),0)","v":0},{"$f":"IF(AUTOEVENTO=\"Manual\",ROUND(SUMPRODUCT((CÁLCULO!$M$15:$M$472=EVENTOS!$C30)*(OFFSET(CÁLCULO!$AI$15:$AI$472,0,X$13))),2),0)","v":0},{"$f":"IF(AUTOEVENTO=\"Manual\",ROUND(SUMPRODUCT((CÁLCULO!$M$15:$M$472=EVENTOS!$C30)*(OFFSET(CÁLCULO!$AI$15:$AI$472,0,Y$13))),2),0)","v":0}]
["F","16. INSTALAÇÕES HIDROSSANITÁRIAS",{"$f":"IF(OR(ROW(C31)=ROW(EVENTOS.firstrow)+1,AND(OFFSET(C31,-1,0)<>\" \",OFFSET(C31,-1,1)<>\"\")),OFFSET(C31,-1,0)+1,\" \")","v":16},"INSTALAÇÕES HIDROSSANITÁRIAS",{"$f":"IF(AUTOEVENTO=\"Manual\",ROUND(SUMPRODUCT((CÁLCULO!$M$15:$M$472=EVENTOS!$C31)*(OFFSET(CÁLCULO!$AI$15:$AI$472,0,E$13))),2),0)","v":0},{"$f":"IF(AUTOEVENTO=\"Manual\",ROUND(SUMPRODUCT((CÁLCULO!$M$15:$M$472=EVENTOS!$C31)*(OFFSET(CÁLCULO!$AI$15,0,1):OFFSET(CÁLCULO!$BB$472,0,-1))),2),0)","v":169991.67},"",{"$f":"IF(AUTOEVENTO=\"Manual\",ROUND(SUMPRODUCT((CÁLCULO!$M$15:$M$472=EVENTOS!$C31)*(OFFSET(CÁLCULO!$AI$15:$AI$472,0,H$13))),2),0)","v":0},{"$f":"IF(AUTOEVENTO=\"Manual\",ROUND(SUMPRODUCT((CÁLCULO!$M$15:$M$472=EVENTOS!$C31)*(OFFSET(CÁLCULO!$AI$15:$AI$472,0,I$13))),2),0)","v":0},{"$f":"IF(AUTOEVENTO=\"Manual\",ROUND(SUMPRODUCT((CÁLCULO!$M$15:$M$472=EVENTOS!$C31)*(OFFSET(CÁLCULO!$AI$15:$AI$472,0,J$13))),2),0)","v":0},{"$f":"IF(AUTOEVENTO=\"Manual\",ROUND(SUMPRODUCT((CÁLCULO!$M$15:$M$472=EVENTOS!$C31)*(OFFSET(CÁLCULO!$AI$15:$AI$472,0,K$13))),2),0)","v":0},{"$f":"IF(AUTOEVENTO=\"Manual\",ROUND(SUMPRODUCT((CÁLCULO!$M$15:$M$472=EVENTOS!$C31)*(OFFSET(CÁLCULO!$AI$15:$AI$472,0,L$13))),2),0)","v":0},{"$f":"IF(AUTOEVENTO=\"Manual\",ROUND(SUMPRODUCT((CÁLCULO!$M$15:$M$472=EVENTOS!$C31)*(OFFSET(CÁLCULO!$AI$15:$AI$472,0,M$13))),2),0)","v":0},{"$f":"IF(AUTOEVENTO=\"Manual\",ROUND(SUMPRODUCT((CÁLCULO!$M$15:$M$472=EVENTOS!$C31)*(OFFSET(CÁLCULO!$AI$15:$AI$472,0,N$13))),2),0)","v":0},{"$f":"IF(AUTOEVENTO=\"Manual\",ROUND(SUMPRODUCT((CÁLCULO!$M$15:$M$472=EVENTOS!$C31)*(OFFSET(CÁLCULO!$AI$15:$AI$472,0,O$13))),2),0)","v":0},{"$f":"IF(AUTOEVENTO=\"Manual\",ROUND(SUMPRODUCT((CÁLCULO!$M$15:$M$472=EVENTOS!$C31)*(OFFSET(CÁLCULO!$AI$15:$AI$472,0,P$13))),2),0)","v":0},{"$f":"IF(AUTOEVENTO=\"Manual\",ROUND(SUMPRODUCT((CÁLCULO!$M$15:$M$472=EVENTOS!$C31)*(OFFSET(CÁLCULO!$AI$15:$AI$472,0,Q$13))),2),0)","v":0},{"$f":"IF(AUTOEVENTO=\"Manual\",ROUND(SUMPRODUCT((CÁLCULO!$M$15:$M$472=EVENTOS!$C31)*(OFFSET(CÁLCULO!$AI$15:$AI$472,0,R$13))),2),0)","v":0},{"$f":"IF(AUTOEVENTO=\"Manual\",ROUND(SUMPRODUCT((CÁLCULO!$M$15:$M$472=EVENTOS!$C31)*(OFFSET(CÁLCULO!$AI$15:$AI$472,0,S$13))),2),0)","v":0},{"$f":"IF(AUTOEVENTO=\"Manual\",ROUND(SUMPRODUCT((CÁLCULO!$M$15:$M$472=EVENTOS!$C31)*(OFFSET(CÁLCULO!$AI$15:$AI$472,0,T$13))),2),0)","v":0},{"$f":"IF(AUTOEVENTO=\"Manual\",ROUND(SUMPRODUCT((CÁLCULO!$M$15:$M$472=EVENTOS!$C31)*(OFFSET(CÁLCULO!$AI$15:$AI$472,0,U$13))),2),0)","v":0},{"$f":"IF(AUTOEVENTO=\"Manual\",ROUND(SUMPRODUCT((CÁLCULO!$M$15:$M$472=EVENTOS!$C31)*(OFFSET(CÁLCULO!$AI$15:$AI$472,0,V$13))),2),0)","v":0},{"$f":"IF(AUTOEVENTO=\"Manual\",ROUND(SUMPRODUCT((CÁLCULO!$M$15:$M$472=EVENTOS!$C31)*(OFFSET(CÁLCULO!$AI$15:$AI$472,0,W$13))),2),0)","v":140655.82},{"$f":"IF(AUTOEVENTO=\"Manual\",ROUND(SUMPRODUCT((CÁLCULO!$M$15:$M$472=EVENTOS!$C31)*(OFFSET(CÁLCULO!$AI$15:$AI$472,0,X$13))),2),0)","v":29335.85},{"$f":"IF(AUTOEVENTO=\"Manual\",ROUND(SUMPRODUCT((CÁLCULO!$M$15:$M$472=EVENTOS!$C31)*(OFFSET(CÁLCULO!$AI$15:$AI$472,0,Y$13))),2),0)","v":0}]
["F","17. INSTALAÇÕES ELÉTRICAS",{"$f":"IF(OR(ROW(C32)=ROW(EVENTOS.firstrow)+1,AND(OFFSET(C32,-1,0)<>\" \",OFFSET(C32,-1,1)<>\"\")),OFFSET(C32,-1,0)+1,\" \")","v":17},"INSTALAÇÕES ELÉTRICAS",{"$f":"IF(AUTOEVENTO=\"Manual\",ROUND(SUMPRODUCT((CÁLCULO!$M$15:$M$472=EVENTOS!$C32)*(OFFSET(CÁLCULO!$AI$15:$AI$472,0,E$13))),2),0)","v":0},{"$f":"IF(AUTOEVENTO=\"Manual\",ROUND(SUMPRODUCT((CÁLCULO!$M$15:$M$472=EVENTOS!$C32)*(OFFSET(CÁLCULO!$AI$15,0,1):OFFSET(CÁLCULO!$BB$472,0,-1))),2),0)","v":230665.66},"",{"$f":"IF(AUTOEVENTO=\"Manual\",ROUND(SUMPRODUCT((CÁLCULO!$M$15:$M$472=EVENTOS!$C32)*(OFFSET(CÁLCULO!$AI$15:$AI$472,0,H$13))),2),0)","v":0},{"$f":"IF(AUTOEVENTO=\"Manual\",ROUND(SUMPRODUCT((CÁLCULO!$M$15:$M$472=EVENTOS!$C32)*(OFFSET(CÁLCULO!$AI$15:$AI$472,0,I$13))),2),0)","v":0},{"$f":"IF(AUTOEVENTO=\"Manual\",ROUND(SUMPRODUCT((CÁLCULO!$M$15:$M$472=EVENTOS!$C32)*(OFFSET(CÁLCULO!$AI$15:$AI$472,0,J$13))),2),0)","v":0},{"$f":"IF(AUTOEVENTO=\"Manual\",ROUND(SUMPRODUCT((CÁLCULO!$M$15:$M$472=EVENTOS!$C32)*(OFFSET(CÁLCULO!$AI$15:$AI$472,0,K$13))),2),0)","v":0},{"$f":"IF(AUTOEVENTO=\"Manual\",ROUND(SUMPRODUCT((CÁLCULO!$M$15:$M$472=EVENTOS!$C32)*(OFFSET(CÁLCULO!$AI$15:$AI$472,0,L$13))),2),0)","v":0},{"$f":"IF(AUTOEVENTO=\"Manual\",ROUND(SUMPRODUCT((CÁLCULO!$M$15:$M$472=EVENTOS!$C32)*(OFFSET(CÁLCULO!$AI$15:$AI$472,0,M$13))),2),0)","v":0},{"$f":"IF(AUTOEVENTO=\"Manual\",ROUND(SUMPRODUCT((CÁLCULO!$M$15:$M$472=EVENTOS!$C32)*(OFFSET(CÁLCULO!$AI$15:$AI$472,0,N$13))),2),0)","v":0},{"$f":"IF(AUTOEVENTO=\"Manual\",ROUND(SUMPRODUCT((CÁLCULO!$M$15:$M$472=EVENTOS!$C32)*(OFFSET(CÁLCULO!$AI$15:$AI$472,0,O$13))),2),0)","v":0},{"$f":"IF(AUTOEVENTO=\"Manual\",ROUND(SUMPRODUCT((CÁLCULO!$M$15:$M$472=EVENTOS!$C32)*(OFFSET(CÁLCULO!$AI$15:$AI$472,0,P$13))),2),0)","v":0},{"$f":"IF(AUTOEVENTO=\"Manual\",ROUND(SUMPRODUCT((CÁLCULO!$M$15:$M$472=EVENTOS!$C32)*(OFFSET(CÁLCULO!$AI$15:$AI$472,0,Q$13))),2),0)","v":0},{"$f":"IF(AUTOEVENTO=\"Manual\",ROUND(SUMPRODUCT((CÁLCULO!$M$15:$M$472=EVENTOS!$C32)*(OFFSET(CÁLCULO!$AI$15:$AI$472,0,R$13))),2),0)","v":0},{"$f":"IF(AUTOEVENTO=\"Manual\",ROUND(SUMPRODUCT((CÁLCULO!$M$15:$M$472=EVENTOS!$C32)*(OFFSET(CÁLCULO!$AI$15:$AI$472,0,S$13))),2),0)","v":0},{"$f":"IF(AUTOEVENTO=\"Manual\",ROUND(SUMPRODUCT((CÁLCULO!$M$15:$M$472=EVENTOS!$C32)*(OFFSET(CÁLCULO!$AI$15:$AI$472,0,T$13))),2),0)","v":0},{"$f":"IF(AUTOEVENTO=\"Manual\",ROUND(SUMPRODUCT((CÁLCULO!$M$15:$M$472=EVENTOS!$C32)*(OFFSET(CÁLCULO!$AI$15:$AI$472,0,U$13))),2),0)","v":0},{"$f":"IF(AUTOEVENTO=\"Manual\",ROUND(SUMPRODUCT((CÁLCULO!$M$15:$M$472=EVENTOS!$C32)*(OFFSET(CÁLCULO!$AI$15:$AI$472,0,V$13))),2),0)","v":0},{"$f":"IF(AUTOEVENTO=\"Manual\",ROUND(SUMPRODUCT((CÁLCULO!$M$15:$M$472=EVENTOS!$C32)*(OFFSET(CÁLCULO!$AI$15:$AI$472,0,W$13))),2),0)","v":159674.64000000001},{"$f":"IF(AUTOEVENTO=\"Manual\",ROUND(SUMPRODUCT((CÁLCULO!$M$15:$M$472=EVENTOS!$C32)*(OFFSET(CÁLCULO!$AI$15:$AI$472,0,X$13))),2),0)","v":70991.02},{"$f":"IF(AUTOEVENTO=\"Manual\",ROUND(SUMPRODUCT((CÁLCULO!$M$15:$M$472=EVENTOS!$C32)*(OFFSET(CÁLCULO!$AI$15:$AI$472,0,Y$13))),2),0)","v":0}]
["F","18. CLIMATIZAÇÃO",{"$f":"IF(OR(ROW(C33)=ROW(EVENTOS.firstrow)+1,AND(OFFSET(C33,-1,0)<>\" \",OFFSET(C33,-1,1)<>\"\")),OFFSET(C33,-1,0)+1,\" \")","v":18},"CLIMATIZAÇÃO",{"$f":"IF(AUTOEVENTO=\"Manual\",ROUND(SUMPRODUCT((CÁLCULO!$M$15:$M$472=EVENTOS!$C33)*(OFFSET(CÁLCULO!$AI$15:$AI$472,0,E$13))),2),0)","v":0},{"$f":"IF(AUTOEVENTO=\"Manual\",ROUND(SUMPRODUCT((CÁLCULO!$M$15:$M$472=EVENTOS!$C33)*(OFFSET(CÁLCULO!$AI$15,0,1):OFFSET(CÁLCULO!$BB$472,0,-1))),2),0)","v":120739.99},"",{"$f":"IF(AUTOEVENTO=\"Manual\",ROUND(SUMPRODUCT((CÁLCULO!$M$15:$M$472=EVENTOS!$C33)*(OFFSET(CÁLCULO!$AI$15:$AI$472,0,H$13))),2),0)","v":0},{"$f":"IF(AUTOEVENTO=\"Manual\",ROUND(SUMPRODUCT((CÁLCULO!$M$15:$M$472=EVENTOS!$C33)*(OFFSET(CÁLCULO!$AI$15:$AI$472,0,I$13))),2),0)","v":0},{"$f":"IF(AUTOEVENTO=\"Manual\",ROUND(SUMPRODUCT((CÁLCULO!$M$15:$M$472=EVENTOS!$C33)*(OFFSET(CÁLCULO!$AI$15:$AI$472,0,J$13))),2),0)","v":0},{"$f":"IF(AUTOEVENTO=\"Manual\",ROUND(SUMPRODUCT((CÁLCULO!$M$15:$M$472=EVENTOS!$C33)*(OFFSET(CÁLCULO!$AI$15:$AI$472,0,K$13))),2),0)","v":0},{"$f":"IF(AUTOEVENTO=\"Manual\",ROUND(SUMPRODUCT((CÁLCULO!$M$15:$M$472=EVENTOS!$C33)*(OFFSET(CÁLCULO!$AI$15:$AI$472,0,L$13))),2),0)","v":0},{"$f":"IF(AUTOEVENTO=\"Manual\",ROUND(SUMPRODUCT((CÁLCULO!$M$15:$M$472=EVENTOS!$C33)*(OFFSET(CÁLCULO!$AI$15:$AI$472,0,M$13))),2),0)","v":0},{"$f":"IF(AUTOEVENTO=\"Manual\",ROUND(SUMPRODUCT((CÁLCULO!$M$15:$M$472=EVENTOS!$C33)*(OFFSET(CÁLCULO!$AI$15:$AI$472,0,N$13))),2),0)","v":0},{"$f":"IF(AUTOEVENTO=\"Manual\",ROUND(SUMPRODUCT((CÁLCULO!$M$15:$M$472=EVENTOS!$C33)*(OFFSET(CÁLCULO!$AI$15:$AI$472,0,O$13))),2),0)","v":0},{"$f":"IF(AUTOEVENTO=\"Manual\",ROUND(SUMPRODUCT((CÁLCULO!$M$15:$M$472=EVENTOS!$C33)*(OFFSET(CÁLCULO!$AI$15:$AI$472,0,P$13))),2),0)","v":0},{"$f":"IF(AUTOEVENTO=\"Manual\",ROUND(SUMPRODUCT((CÁLCULO!$M$15:$M$472=EVENTOS!$C33)*(OFFSET(CÁLCULO!$AI$15:$AI$472,0,Q$13))),2),0)","v":0},{"$f":"IF(AUTOEVENTO=\"Manual\",ROUND(SUMPRODUCT((CÁLCULO!$M$15:$M$472=EVENTOS!$C33)*(OFFSET(CÁLCULO!$AI$15:$AI$472,0,R$13))),2),0)","v":0},{"$f":"IF(AUTOEVENTO=\"Manual\",ROUND(SUMPRODUCT((CÁLCULO!$M$15:$M$472=EVENTOS!$C33)*(OFFSET(CÁLCULO!$AI$15:$AI$472,0,S$13))),2),0)","v":0},{"$f":"IF(AUTOEVENTO=\"Manual\",ROUND(SUMPRODUCT((CÁLCULO!$M$15:$M$472=EVENTOS!$C33)*(OFFSET(CÁLCULO!$AI$15:$AI$472,0,T$13))),2),0)","v":0},{"$f":"IF(AUTOEVENTO=\"Manual\",ROUND(SUMPRODUCT((CÁLCULO!$M$15:$M$472=EVENTOS!$C33)*(OFFSET(CÁLCULO!$AI$15:$AI$472,0,U$13))),2),0)","v":0},{"$f":"IF(AUTOEVENTO=\"Manual\",ROUND(SUMPRODUCT((CÁLCULO!$M$15:$M$472=EVENTOS!$C33)*(OFFSET(CÁLCULO!$AI$15:$AI$472,0,V$13))),2),0)","v":0},{"$f":"IF(AUTOEVENTO=\"Manual\",ROUND(SUMPRODUCT((CÁLCULO!$M$15:$M$472=EVENTOS!$C33)*(OFFSET(CÁLCULO!$AI$15:$AI$472,0,W$13))),2),0)","v":92217.27},{"$f":"IF(AUTOEVENTO=\"Manual\",ROUND(SUMPRODUCT((CÁLCULO!$M$15:$M$472=EVENTOS!$C33)*(OFFSET(CÁLCULO!$AI$15:$AI$472,0,X$13))),2),0)","v":28522.720000000001},{"$f":"IF(AUTOEVENTO=\"Manual\",ROUND(SUMPRODUCT((CÁLCULO!$M$15:$M$472=EVENTOS!$C33)*(OFFSET(CÁLCULO!$AI$15:$AI$472,0,Y$13))),2),0)","v":0}]
["F","19. DADOS E VOZ",{"$f":"IF(OR(ROW(C34)=ROW(EVENTOS.firstrow)+1,AND(OFFSET(C34,-1,0)<>\" \",OFFSET(C34,-1,1)<>\"\")),OFFSET(C34,-1,0)+1,\" \")","v":19},"DADOS E VOZ",{"$f":"IF(AUTOEVENTO=\"Manual\",ROUND(SUMPRODUCT((CÁLCULO!$M$15:$M$472=EVENTOS!$C34)*(OFFSET(CÁLCULO!$AI$15:$AI$472,0,E$13))),2),0)","v":0},{"$f":"IF(AUTOEVENTO=\"Manual\",ROUND(SUMPRODUCT((CÁLCULO!$M$15:$M$472=EVENTOS!$C34)*(OFFSET(CÁLCULO!$AI$15,0,1):OFFSET(CÁLCULO!$BB$472,0,-1))),2),0)","v":8861.8700000000008},"",{"$f":"IF(AUTOEVENTO=\"Manual\",ROUND(SUMPRODUCT((CÁLCULO!$M$15:$M$472=EVENTOS!$C34)*(OFFSET(CÁLCULO!$AI$15:$AI$472,0,H$13))),2),0)","v":0},{"$f":"IF(AUTOEVENTO=\"Manual\",ROUND(SUMPRODUCT((CÁLCULO!$M$15:$M$472=EVENTOS!$C34)*(OFFSET(CÁLCULO!$AI$15:$AI$472,0,I$13))),2),0)","v":0},{"$f":"IF(AUTOEVENTO=\"Manual\",ROUND(SUMPRODUCT((CÁLCULO!$M$15:$M$472=EVENTOS!$C34)*(OFFSET(CÁLCULO!$AI$15:$AI$472,0,J$13))),2),0)","v":0},{"$f":"IF(AUTOEVENTO=\"Manual\",ROUND(SUMPRODUCT((CÁLCULO!$M$15:$M$472=EVENTOS!$C34)*(OFFSET(CÁLCULO!$AI$15:$AI$472,0,K$13))),2),0)","v":0},{"$f":"IF(AUTOEVENTO=\"Manual\",ROUND(SUMPRODUCT((CÁLCULO!$M$15:$M$472=EVENTOS!$C34)*(OFFSET(CÁLCULO!$AI$15:$AI$472,0,L$13))),2),0)","v":0},{"$f":"IF(AUTOEVENTO=\"Manual\",ROUND(SUMPRODUCT((CÁLCULO!$M$15:$M$472=EVENTOS!$C34)*(OFFSET(CÁLCULO!$AI$15:$AI$472,0,M$13))),2),0)","v":0},{"$f":"IF(AUTOEVENTO=\"Manual\",ROUND(SUMPRODUCT((CÁLCULO!$M$15:$M$472=EVENTOS!$C34)*(OFFSET(CÁLCULO!$AI$15:$AI$472,0,N$13))),2),0)","v":0},{"$f":"IF(AUTOEVENTO=\"Manual\",ROUND(SUMPRODUCT((CÁLCULO!$M$15:$M$472=EVENTOS!$C34)*(OFFSET(CÁLCULO!$AI$15:$AI$472,0,O$13))),2),0)","v":0},{"$f":"IF(AUTOEVENTO=\"Manual\",ROUND(SUMPRODUCT((CÁLCULO!$M$15:$M$472=EVENTOS!$C34)*(OFFSET(CÁLCULO!$AI$15:$AI$472,0,P$13))),2),0)","v":0},{"$f":"IF(AUTOEVENTO=\"Manual\",ROUND(SUMPRODUCT((CÁLCULO!$M$15:$M$472=EVENTOS!$C34)*(OFFSET(CÁLCULO!$AI$15:$AI$472,0,Q$13))),2),0)","v":0},{"$f":"IF(AUTOEVENTO=\"Manual\",ROUND(SUMPRODUCT((CÁLCULO!$M$15:$M$472=EVENTOS!$C34)*(OFFSET(CÁLCULO!$AI$15:$AI$472,0,R$13))),2),0)","v":0},{"$f":"IF(AUTOEVENTO=\"Manual\",ROUND(SUMPRODUCT((CÁLCULO!$M$15:$M$472=EVENTOS!$C34)*(OFFSET(CÁLCULO!$AI$15:$AI$472,0,S$13))),2),0)","v":0},{"$f":"IF(AUTOEVENTO=\"Manual\",ROUND(SUMPRODUCT((CÁLCULO!$M$15:$M$472=EVENTOS!$C34)*(OFFSET(CÁLCULO!$AI$15:$AI$472,0,T$13))),2),0)","v":0},{"$f":"IF(AUTOEVENTO=\"Manual\",ROUND(SUMPRODUCT((CÁLCULO!$M$15:$M$472=EVENTOS!$C34)*(OFFSET(CÁLCULO!$AI$15:$AI$472,0,U$13))),2),0)","v":0},{"$f":"IF(AUTOEVENTO=\"Manual\",ROUND(SUMPRODUCT((CÁLCULO!$M$15:$M$472=EVENTOS!$C34)*(OFFSET(CÁLCULO!$AI$15:$AI$472,0,V$13))),2),0)","v":0},{"$f":"IF(AUTOEVENTO=\"Manual\",ROUND(SUMPRODUCT((CÁLCULO!$M$15:$M$472=EVENTOS!$C34)*(OFFSET(CÁLCULO!$AI$15:$AI$472,0,W$13))),2),0)","v":0},{"$f":"IF(AUTOEVENTO=\"Manual\",ROUND(SUMPRODUCT((CÁLCULO!$M$15:$M$472=EVENTOS!$C34)*(OFFSET(CÁLCULO!$AI$15:$AI$472,0,X$13))),2),0)","v":0},{"$f":"IF(AUTOEVENTO=\"Manual\",ROUND(SUMPRODUCT((CÁLCULO!$M$15:$M$472=EVENTOS!$C34)*(OFFSET(CÁLCULO!$AI$15:$AI$472,0,Y$13))),2),0)","v":8861.8700000000008}]
["F","20. GASES MEDICINAIS",{"$f":"IF(OR(ROW(C35)=ROW(EVENTOS.firstrow)+1,AND(OFFSET(C35,-1,0)<>\" \",OFFSET(C35,-1,1)<>\"\")),OFFSET(C35,-1,0)+1,\" \")","v":20},"GASES MEDICINAIS",{"$f":"IF(AUTOEVENTO=\"Manual\",ROUND(SUMPRODUCT((CÁLCULO!$M$15:$M$472=EVENTOS!$C35)*(OFFSET(CÁLCULO!$AI$15:$AI$472,0,E$13))),2),0)","v":0},{"$f":"IF(AUTOEVENTO=\"Manual\",ROUND(SUMPRODUCT((CÁLCULO!$M$15:$M$472=EVENTOS!$C35)*(OFFSET(CÁLCULO!$AI$15,0,1):OFFSET(CÁLCULO!$BB$472,0,-1))),2),0)","v":16518.04},"",{"$f":"IF(AUTOEVENTO=\"Manual\",ROUND(SUMPRODUCT((CÁLCULO!$M$15:$M$472=EVENTOS!$C35)*(OFFSET(CÁLCULO!$AI$15:$AI$472,0,H$13))),2),0)","v":0},{"$f":"IF(AUTOEVENTO=\"Manual\",ROUND(SUMPRODUCT((CÁLCULO!$M$15:$M$472=EVENTOS!$C35)*(OFFSET(CÁLCULO!$AI$15:$AI$472,0,I$13))),2),0)","v":0},{"$f":"IF(AUTOEVENTO=\"Manual\",ROUND(SUMPRODUCT((CÁLCULO!$M$15:$M$472=EVENTOS!$C35)*(OFFSET(CÁLCULO!$AI$15:$AI$472,0,J$13))),2),0)","v":0},{"$f":"IF(AUTOEVENTO=\"Manual\",ROUND(SUMPRODUCT((CÁLCULO!$M$15:$M$472=EVENTOS!$C35)*(OFFSET(CÁLCULO!$AI$15:$AI$472,0,K$13))),2),0)","v":0},{"$f":"IF(AUTOEVENTO=\"Manual\",ROUND(SUMPRODUCT((CÁLCULO!$M$15:$M$472=EVENTOS!$C35)*(OFFSET(CÁLCULO!$AI$15:$AI$472,0,L$13))),2),0)","v":0},{"$f":"IF(AUTOEVENTO=\"Manual\",ROUND(SUMPRODUCT((CÁLCULO!$M$15:$M$472=EVENTOS!$C35)*(OFFSET(CÁLCULO!$AI$15:$AI$472,0,M$13))),2),0)","v":0},{"$f":"IF(AUTOEVENTO=\"Manual\",ROUND(SUMPRODUCT((CÁLCULO!$M$15:$M$472=EVENTOS!$C35)*(OFFSET(CÁLCULO!$AI$15:$AI$472,0,N$13))),2),0)","v":0},{"$f":"IF(AUTOEVENTO=\"Manual\",ROUND(SUMPRODUCT((CÁLCULO!$M$15:$M$472=EVENTOS!$C35)*(OFFSET(CÁLCULO!$AI$15:$AI$472,0,O$13))),2),0)","v":0},{"$f":"IF(AUTOEVENTO=\"Manual\",ROUND(SUMPRODUCT((CÁLCULO!$M$15:$M$472=EVENTOS!$C35)*(OFFSET(CÁLCULO!$AI$15:$AI$472,0,P$13))),2),0)","v":0},{"$f":"IF(AUTOEVENTO=\"Manual\",ROUND(SUMPRODUCT((CÁLCULO!$M$15:$M$472=EVENTOS!$C35)*(OFFSET(CÁLCULO!$AI$15:$AI$472,0,Q$13))),2),0)","v":0},{"$f":"IF(AUTOEVENTO=\"Manual\",ROUND(SUMPRODUCT((CÁLCULO!$M$15:$M$472=EVENTOS!$C35)*(OFFSET(CÁLCULO!$AI$15:$AI$472,0,R$13))),2),0)","v":0},{"$f":"IF(AUTOEVENTO=\"Manual\",ROUND(SUMPRODUCT((CÁLCULO!$M$15:$M$472=EVENTOS!$C35)*(OFFSET(CÁLCULO!$AI$15:$AI$472,0,S$13))),2),0)","v":0},{"$f":"IF(AUTOEVENTO=\"Manual\",ROUND(SUMPRODUCT((CÁLCULO!$M$15:$M$472=EVENTOS!$C35)*(OFFSET(CÁLCULO!$AI$15:$AI$472,0,T$13))),2),0)","v":0},{"$f":"IF(AUTOEVENTO=\"Manual\",ROUND(SUMPRODUCT((CÁLCULO!$M$15:$M$472=EVENTOS!$C35)*(OFFSET(CÁLCULO!$AI$15:$AI$472,0,U$13))),2),0)","v":0},{"$f":"IF(AUTOEVENTO=\"Manual\",ROUND(SUMPRODUCT((CÁLCULO!$M$15:$M$472=EVENTOS!$C35)*(OFFSET(CÁLCULO!$AI$15:$AI$472,0,V$13))),2),0)","v":0},{"$f":"IF(AUTOEVENTO=\"Manual\",ROUND(SUMPRODUCT((CÁLCULO!$M$15:$M$472=EVENTOS!$C35)*(OFFSET(CÁLCULO!$AI$15:$AI$472,0,W$13))),2),0)","v":0},{"$f":"IF(AUTOEVENTO=\"Manual\",ROUND(SUMPRODUCT((CÁLCULO!$M$15:$M$472=EVENTOS!$C35)*(OFFSET(CÁLCULO!$AI$15:$AI$472,0,X$13))),2),0)","v":0},{"$f":"IF(AUTOEVENTO=\"Manual\",ROUND(SUMPRODUCT((CÁLCULO!$M$15:$M$472=EVENTOS!$C35)*(OFFSET(CÁLCULO!$AI$15:$AI$472,0,Y$13))),2),0)","v":16518.04}]
["F","21. URBANIZAÇÃO",{"$f":"IF(OR(ROW(C36)=ROW(EVENTOS.firstrow)+1,AND(OFFSET(C36,-1,0)<>\" \",OFFSET(C36,-1,1)<>\"\")),OFFSET(C36,-1,0)+1,\" \")","v":21},"URBANIZAÇÃO",{"$f":"IF(AUTOEVENTO=\"Manual\",ROUND(SUMPRODUCT((CÁLCULO!$M$15:$M$472=EVENTOS!$C36)*(OFFSET(CÁLCULO!$AI$15:$AI$472,0,E$13))),2),0)","v":0},{"$f":"IF(AUTOEVENTO=\"Manual\",ROUND(SUMPRODUCT((CÁLCULO!$M$15:$M$472=EVENTOS!$C36)*(OFFSET(CÁLCULO!$AI$15,0,1):OFFSET(CÁLCULO!$BB$472,0,-1))),2),0)","v":5688.97},"",{"$f":"IF(AUTOEVENTO=\"Manual\",ROUND(SUMPRODUCT((CÁLCULO!$M$15:$M$472=EVENTOS!$C36)*(OFFSET(CÁLCULO!$AI$15:$AI$472,0,H$13))),2),0)","v":0},{"$f":"IF(AUTOEVENTO=\"Manual\",ROUND(SUMPRODUCT((CÁLCULO!$M$15:$M$472=EVENTOS!$C36)*(OFFSET(CÁLCULO!$AI$15:$AI$472,0,I$13))),2),0)","v":0},{"$f":"IF(AUTOEVENTO=\"Manual\",ROUND(SUMPRODUCT((CÁLCULO!$M$15:$M$472=EVENTOS!$C36)*(OFFSET(CÁLCULO!$AI$15:$AI$472,0,J$13))),2),0)","v":0},{"$f":"IF(AUTOEVENTO=\"Manual\",ROUND(SUMPRODUCT((CÁLCULO!$M$15:$M$472=EVENTOS!$C36)*(OFFSET(CÁLCULO!$AI$15:$AI$472,0,K$13))),2),0)","v":0},{"$f":"IF(AUTOEVENTO=\"Manual\",ROUND(SUMPRODUCT((CÁLCULO!$M$15:$M$472=EVENTOS!$C36)*(OFFSET(CÁLCULO!$AI$15:$AI$472,0,L$13))),2),0)","v":0},{"$f":"IF(AUTOEVENTO=\"Manual\",ROUND(SUMPRODUCT((CÁLCULO!$M$15:$M$472=EVENTOS!$C36)*(OFFSET(CÁLCULO!$AI$15:$AI$472,0,M$13))),2),0)","v":0},{"$f":"IF(AUTOEVENTO=\"Manual\",ROUND(SUMPRODUCT((CÁLCULO!$M$15:$M$472=EVENTOS!$C36)*(OFFSET(CÁLCULO!$AI$15:$AI$472,0,N$13))),2),0)","v":0},{"$f":"IF(AUTOEVENTO=\"Manual\",ROUND(SUMPRODUCT((CÁLCULO!$M$15:$M$472=EVENTOS!$C36)*(OFFSET(CÁLCULO!$AI$15:$AI$472,0,O$13))),2),0)","v":0},{"$f":"IF(AUTOEVENTO=\"Manual\",ROUND(SUMPRODUCT((CÁLCULO!$M$15:$M$472=EVENTOS!$C36)*(OFFSET(CÁLCULO!$AI$15:$AI$472,0,P$13))),2),0)","v":0},{"$f":"IF(AUTOEVENTO=\"Manual\",ROUND(SUMPRODUCT((CÁLCULO!$M$15:$M$472=EVENTOS!$C36)*(OFFSET(CÁLCULO!$AI$15:$AI$472,0,Q$13))),2),0)","v":0},{"$f":"IF(AUTOEVENTO=\"Manual\",ROUND(SUMPRODUCT((CÁLCULO!$M$15:$M$472=EVENTOS!$C36)*(OFFSET(CÁLCULO!$AI$15:$AI$472,0,R$13))),2),0)","v":0},{"$f":"IF(AUTOEVENTO=\"Manual\",ROUND(SUMPRODUCT((CÁLCULO!$M$15:$M$472=EVENTOS!$C36)*(OFFSET(CÁLCULO!$AI$15:$AI$472,0,S$13))),2),0)","v":0},{"$f":"IF(AUTOEVENTO=\"Manual\",ROUND(SUMPRODUCT((CÁLCULO!$M$15:$M$472=EVENTOS!$C36)*(OFFSET(CÁLCULO!$AI$15:$AI$472,0,T$13))),2),0)","v":0},{"$f":"IF(AUTOEVENTO=\"Manual\",ROUND(SUMPRODUCT((CÁLCULO!$M$15:$M$472=EVENTOS!$C36)*(OFFSET(CÁLCULO!$AI$15:$AI$472,0,U$13))),2),0)","v":0},{"$f":"IF(AUTOEVENTO=\"Manual\",ROUND(SUMPRODUCT((CÁLCULO!$M$15:$M$472=EVENTOS!$C36)*(OFFSET(CÁLCULO!$AI$15:$AI$472,0,V$13))),2),0)","v":0},{"$f":"IF(AUTOEVENTO=\"Manual\",ROUND(SUMPRODUCT((CÁLCULO!$M$15:$M$472=EVENTOS!$C36)*(OFFSET(CÁLCULO!$AI$15:$AI$472,0,W$13))),2),0)","v":0},{"$f":"IF(AUTOEVENTO=\"Manual\",ROUND(SUMPRODUCT((CÁLCULO!$M$15:$M$472=EVENTOS!$C36)*(OFFSET(CÁLCULO!$AI$15:$AI$472,0,X$13))),2),0)","v":0},{"$f":"IF(AUTOEVENTO=\"Manual\",ROUND(SUMPRODUCT((CÁLCULO!$M$15:$M$472=EVENTOS!$C36)*(OFFSET(CÁLCULO!$AI$15:$AI$472,0,Y$13))),2),0)","v":5688.97}]
["F","22. SERVIÇOS COMPLEMENTARES",{"$f":"IF(OR(ROW(C37)=ROW(EVENTOS.firstrow)+1,AND(OFFSET(C37,-1,0)<>\" \",OFFSET(C37,-1,1)<>\"\")),OFFSET(C37,-1,0)+1,\" \")","v":22},"SERVIÇOS COMPLEMENTARES",{"$f":"IF(AUTOEVENTO=\"Manual\",ROUND(SUMPRODUCT((CÁLCULO!$M$15:$M$472=EVENTOS!$C37)*(OFFSET(CÁLCULO!$AI$15:$AI$472,0,E$13))),2),0)","v":0},{"$f":"IF(AUTOEVENTO=\"Manual\",ROUND(SUMPRODUCT((CÁLCULO!$M$15:$M$472=EVENTOS!$C37)*(OFFSET(CÁLCULO!$AI$15,0,1):OFFSET(CÁLCULO!$BB$472,0,-1))),2),0)","v":6521.02},"",{"$f":"IF(AUTOEVENTO=\"Manual\",ROUND(SUMPRODUCT((CÁLCULO!$M$15:$M$472=EVENTOS!$C37)*(OFFSET(CÁLCULO!$AI$15:$AI$472,0,H$13))),2),0)","v":0},{"$f":"IF(AUTOEVENTO=\"Manual\",ROUND(SUMPRODUCT((CÁLCULO!$M$15:$M$472=EVENTOS!$C37)*(OFFSET(CÁLCULO!$AI$15:$AI$472,0,I$13))),2),0)","v":0},{"$f":"IF(AUTOEVENTO=\"Manual\",ROUND(SUMPRODUCT((CÁLCULO!$M$15:$M$472=EVENTOS!$C37)*(OFFSET(CÁLCULO!$AI$15:$AI$472,0,J$13))),2),0)","v":0},{"$f":"IF(AUTOEVENTO=\"Manual\",ROUND(SUMPRODUCT((CÁLCULO!$M$15:$M$472=EVENTOS!$C37)*(OFFSET(CÁLCULO!$AI$15:$AI$472,0,K$13))),2),0)","v":0},{"$f":"IF(AUTOEVENTO=\"Manual\",ROUND(SUMPRODUCT((CÁLCULO!$M$15:$M$472=EVENTOS!$C37)*(OFFSET(CÁLCULO!$AI$15:$AI$472,0,L$13))),2),0)","v":0},{"$f":"IF(AUTOEVENTO=\"Manual\",ROUND(SUMPRODUCT((CÁLCULO!$M$15:$M$472=EVENTOS!$C37)*(OFFSET(CÁLCULO!$AI$15:$AI$472,0,M$13))),2),0)","v":0},{"$f":"IF(AUTOEVENTO=\"Manual\",ROUND(SUMPRODUCT((CÁLCULO!$M$15:$M$472=EVENTOS!$C37)*(OFFSET(CÁLCULO!$AI$15:$AI$472,0,N$13))),2),0)","v":0},{"$f":"IF(AUTOEVENTO=\"Manual\",ROUND(SUMPRODUCT((CÁLCULO!$M$15:$M$472=EVENTOS!$C37)*(OFFSET(CÁLCULO!$AI$15:$AI$472,0,O$13))),2),0)","v":0},{"$f":"IF(AUTOEVENTO=\"Manual\",ROUND(SUMPRODUCT((CÁLCULO!$M$15:$M$472=EVENTOS!$C37)*(OFFSET(CÁLCULO!$AI$15:$AI$472,0,P$13))),2),0)","v":0},{"$f":"IF(AUTOEVENTO=\"Manual\",ROUND(SUMPRODUCT((CÁLCULO!$M$15:$M$472=EVENTOS!$C37)*(OFFSET(CÁLCULO!$AI$15:$AI$472,0,Q$13))),2),0)","v":0},{"$f":"IF(AUTOEVENTO=\"Manual\",ROUND(SUMPRODUCT((CÁLCULO!$M$15:$M$472=EVENTOS!$C37)*(OFFSET(CÁLCULO!$AI$15:$AI$472,0,R$13))),2),0)","v":0},{"$f":"IF(AUTOEVENTO=\"Manual\",ROUND(SUMPRODUCT((CÁLCULO!$M$15:$M$472=EVENTOS!$C37)*(OFFSET(CÁLCULO!$AI$15:$AI$472,0,S$13))),2),0)","v":0},{"$f":"IF(AUTOEVENTO=\"Manual\",ROUND(SUMPRODUCT((CÁLCULO!$M$15:$M$472=EVENTOS!$C37)*(OFFSET(CÁLCULO!$AI$15:$AI$472,0,T$13))),2),0)","v":0},{"$f":"IF(AUTOEVENTO=\"Manual\",ROUND(SUMPRODUCT((CÁLCULO!$M$15:$M$472=EVENTOS!$C37)*(OFFSET(CÁLCULO!$AI$15:$AI$472,0,U$13))),2),0)","v":0},{"$f":"IF(AUTOEVENTO=\"Manual\",ROUND(SUMPRODUCT((CÁLCULO!$M$15:$M$472=EVENTOS!$C37)*(OFFSET(CÁLCULO!$AI$15:$AI$472,0,V$13))),2),0)","v":0},{"$f":"IF(AUTOEVENTO=\"Manual\",ROUND(SUMPRODUCT((CÁLCULO!$M$15:$M$472=EVENTOS!$C37)*(OFFSET(CÁLCULO!$AI$15:$AI$472,0,W$13))),2),0)","v":0},{"$f":"IF(AUTOEVENTO=\"Manual\",ROUND(SUMPRODUCT((CÁLCULO!$M$15:$M$472=EVENTOS!$C37)*(OFFSET(CÁLCULO!$AI$15:$AI$472,0,X$13))),2),0)","v":0},{"$f":"IF(AUTOEVENTO=\"Manual\",ROUND(SUMPRODUCT((CÁLCULO!$M$15:$M$472=EVENTOS!$C37)*(OFFSET(CÁLCULO!$AI$15:$AI$472,0,Y$13))),2),0)","v":6521.02}]
["F"]
["F"]
["F"]
["F",null,null,{"$f":"Import.Município","v":"CARBONITA/MG"}]
["F",null,null,"Local",null,null,null,null,null,null,null,"Responsável Técnico",null,null,null,null,null,null,null,null,null,"Responsável Técnico"]
["F",null,null,null,null,null,null,null,null,null,null,{"$f":"OFFSET(Import.RespOrçamento,0,-1) & \" \" & Import.RespOrçamento","v":"Nome: JOSÉ EDUARDO RIBEIRO"},null,null,null,null,null,null,null,null,null,{"$f":"OFFSET(Import.RespOrçamento,0,-1) & \" \" & Import.RespOrçamento","v":"Nome: JOSÉ EDUARDO RIBEIRO"}]
["F",null,null,{"$f":"DADOS!$C$25","v":"2025-12-09"},null,null,null,null,null,null,null,"CREA/CAU: 5070741588/SP",null,null,null,null,null,null,null,null,null,"CREA/CAU: 5070741588/SP"]
["F",null,null,"Data",null,null,null,null,null,null,null,"ART/RRT: MG20254526204",null,null,null,null,null,null,null,null,null,"ART/RRT: MG20254526204"]

{"sheet":"CÁLCULO","index":6,"n_rows":480,"n_cols":91,"rows_kept":480,"cut":false,"hidden":false,"merged":[[5,32,5,33],[6,32,6,33],[8,26,8,27],[8,28,8,33],[9,26,9,27],[9,28,9,33],[5,5,5,7],[5,16,5,17],[5,24,5,25],[6,5,6,7],[6,16,6,17],[6,24,6,25],[14,4,14,7],[8,4,8,5],[8,6,8,7],[8,18,8,19],[8,20,8,25],[9,4,9,5],[9,6,9,7],[9,18,9,19],[9,20,9,25]]}
[null,null,null,null,null,null,null,null,null,null,null,null,{"$f":"SUM(OFFSET(CÁLCULO!$P$1,0,1):OFFSET(CÁLCULO!$AI$1,0,-1))","v":18},null,{"$f":"IF(OR(ACOMPANHAMENTO=\"BM\",N1=0,O12=\"\"),0,1)","v":0},".",{"$f":"IF(OR(ACOMPANHAMENTO=\"BM\",P1=0,Q12=\"\"),0,1)","v":1},{"$f":"IF(OR(ACOMPANHAMENTO=\"BM\",Q1=0,R12=\"\"),0,1)","v":1},{"$f":"IF(OR(ACOMPANHAMENTO=\"BM\",R1=0,S12=\"\"),0,1)","v":1},{"$f":"IF(OR(ACOMPANHAMENTO=\"BM\",S1=0,T12=\"\"),0,1)","v":1},{"$f":"IF(OR(ACOMPANHAMENTO=\"BM\",T1=0,U12=\"\"),0,1)","v":1},{"$f":"IF(OR(ACOMPANHAMENTO=\"BM\",U1=0,V12=\"\"),0,1)","v":1},{"$f":"IF(OR(ACOMPANHAMENTO=\"BM\",V1=0,W12=\"\"),0,1)","v":1},{"$f":"IF(OR(ACOMPANHAMENTO=\"BM\",W1=0,X12=\"\"),0,1)","v":1},{"$f":"IF(OR(ACOMPANHAMENTO=\"BM\",X1=0,Y12=\"\"),0,1)","v":1},{"$f":"IF(OR(ACOMPANHAMENTO=\"BM\",Y1=0,Z12=\"\"),0,1)","v":1},{"$f":"IF(OR(ACOMPANHAMENTO=\"BM\",Z1=0,AA12=\"\"),0,1)","v":1},{"$f":"IF(OR(ACOMPANHAMENTO=\"BM\",AA1=0,AB12=\"\"),0,1)","v":1},{"$f":"IF(OR(ACOMPANHAMENTO=\"BM\",AB1=0,AC12=\"\"),0,1)","v":1},{"$f":"IF(OR(ACOMPANHAMENTO=\"BM\",AC1=0,AD12=\"\"),0,1)","v":1},{"$f":"IF(OR(ACOMPANHAMENTO=\"BM\",AD1=0,AE12=\"\"),0,1)","v":1},{"$f":"IF(OR(ACOMPANHAMENTO=\"BM\",AE1=0,AF12=\"\"),0,1)","v":1},{"$f":"IF(OR(ACOMPANHAMENTO=\"BM\",AF1=0,AG12=\"\"),0,1)","v":1},{"$f":"IF(OR(ACOMPANHAMENTO=\"BM\",AG1=0,AH12=\"\"),0,1)","v":1},null,"Preços dos serviços por frente",null,null,null,null,null,null,null,null,null,null,null,null,null,null,null,null,null,null,"Mês do cronograma",null,null,null,null,null,null,null,null,null,null,null,null,null,null,null,null,null,null,"Número da Medição"]
[]
[]
[]
[]
[null,null,null,null,null,{"$f":"IF(ACOMPANHAMENTO=\"BM\",\"MEMÓRIA DE CÁLCULO\",\"PLQ - PLANILHA DE LEVANTAMENTO DE QUANTIDADES\")","v":"PLQ - PLANILHA DE LEVANTAMENTO DE QUANTIDADES"},null,null,null,null,null,null,null,null,null,null,"Grau de Sigilo",null,null,null,null,null,null,null,"Grau de Sigilo",null,null,null,null,null,null,null,"Grau de Sigilo"]
[null,null,null,null,null,{"$f":"IF(ACOMPANHAMENTO=\"BM\",\"\",\"Memória de Cálculo\")&\" - \"&import.recurso","v":"Memória de Cálculo - OGU"},null,null,null,null,null,null,null,null,null,null,"#PUBLICO",null,null,null,null,null,null,null,"#PUBLICO",null,null,null,null,null,null,null,"#PUBLICO"]
[]
[null,null,null,null,"APELIDO DO EMPREENDIMENTO",null,"Nº TransfereGOV",null,"Nº OPERAÇÃO",null,"PROPONENTE / TOMADOR",null,null,null,null,null,null,null,"Nº OPERAÇÃO",null,"PROPONENTE / TOMADOR",null,null,null,null,null,"Nº OPERAÇÃO",null,"PROPONENTE / TOMADOR"]
["AdmLocal",null,null,null,{"$f":"Import.Apelido","v":"CONSTRUÇÃO DE UNIDADE BÁSICA DE SAÚDE"},null,{"$f":"Import.TransfereGOV","v":"36000010246/2025"},null,{"$f":"Import.CR","v":"11855.2660001/25-001"},null,{"$f":"Import.Proponente","v":"PREFEITURA MUNICIPAL DE CARBONITA/MG"},null,null,null,null,null,null,null,{"$f":"Import.CR","v":"11855.2660001/25-001"},null,{"$f":"Import.Proponente","v":"PREFEITURA MUNICIPAL DE CARBONITA/MG"},null,null,null,null,null,{"$f":"Import.CR","v":"11855.2660001/25-001"},null,{"$f":"Import.Proponente","v":"P